{"text_format":"1","workbook":"xlsx","n_sheets":11,"sheets":["CAPA","ABC","DADOS","Gráfico1","ORC","CRO","CPU","COT","SETOP JANEIRO 2020","SINAPI MARÇO-2021","DIVERSAS"],"not_rendered":{"charts":2,"images":9,"macros":1,"external_links":0,"defined_names":19,"comments":0,"pivot_tables":0},"unopened":[{"sheet":"Gráfico1","index":3,"reason":"not_a_worksheet"}],"bounds":{"document_bytes":16777216,"sheet_cells":100000,"rows_first":2000,"rows_last":500,"rows_between":2000,"halvings":0,"cell_chars":16384,"cell_head_chars":4096},"cells_cut":0,"cells_raw":0,"read":"whole","date_system":"1900"}

{"sheet":"CAPA","index":0,"n_rows":0,"n_cols":0,"rows_kept":0,"cut":false,"hidden":false,"merged":[]}

{"sheet":"ABC","index":1,"n_rows":25,"n_cols":5,"rows_kept":25,"cut":false,"hidden":false,"merged":[]}
[]
[]
[]
[]
[null,null,null,null,1]
[null,null,null,null,2]
[null,null,null,null,321]
[null,null,null,null,312]
[null,null,1,4]
[null,null,4]
[5,3]
[null,34]
[null,54,3]
[null,null,54,3]
[null,null,43,5]
[null,null,null,5]
[null,null,5,43]
[null,null,5,43]
[345,43,5,35]
[5,5]
[null,5,4,5]
[null,null,435]
[null,53,34]
[null,5,34]
[null,null,5,53]

{"sheet":"DADOS","index":2,"n_rows":20,"n_cols":4,"rows_kept":20,"cut":false,"hidden":false,"merged":[]}
[]
[null,"DATA",null,"2021-04-29"]
[]
[null,"CLIENTE",null,"PREFEITURA MUNICIPAL DE POUSO ALEGRE"]
[]
[null,"REVISÃO",null,"R01"]
[]
[null,"PROJETO",null,"AVENIDA SÃO FRANCISCO INTERLIGAÇÃO COM AVENIDA NOROESTE"]
[]
[null,"BDI TIPO 1",null,0.24229999999999999]
[]
[null,"BDI TIPO 2"]
[]
[null,"REFERÊNCIA 1",null,"SINAPI"]
[]
[null,"DATA REF. 1",null,"2021-03-01"]
[]
[null,"REFERÊNCIA 2",null,"SETOP"]
[]
[null,"DATA REF. 2",null,"2021-01-01"]

{"sheet":"ORC","index":4,"n_rows":378,"n_cols":18,"rows_kept":378,"cut":false,"hidden":false,"merged":[[167,2,167,3],[167,6,167,7],[168,2,168,3],[168,6,168,7],[366,6,366,9],[364,2,364,3],[281,2,281,3],[281,6,281,7],[283,2,283,3],[283,6,283,7],[355,2,355,3],[355,6,355,7],[353,2,353,3],[353,6,353,7],[356,2,356,3],[342,2,342,3],[333,6,333,7],[329,2,329,3],[329,6,329,7],[330,2,330,3],[365,2,365,3],[365,6,365,7],[336,6,336,7],[331,2,331,3],[346,6,346,7],[347,2,347,3],[254,2,254,3],[225,6,225,7],[257,2,257,3],[340,2,340,3],[340,6,340,7],[205,2,205,3],[205,6,205,7],[206,2,206,3],[331,6,331,7],[321,6,321,7],[241,2,241,3],[241,6,241,7],[239,2,239,3],[239,6,239,7],[215,2,215,3],[215,6,215,7],[323,6,323,7],[227,2,227,3],[227,6,227,7],[264,2,264,3],[248,6,248,7],[273,2,273,3],[273,6,273,7],[217,2,217,3],[380,7,380,10],[376,7,376,10],[377,7,377,10],[370,15,370,16],[369,1,369,14],[369,15,369,16],[370,1,370,14],[368,15,368,16],[314,2,314,3],[314,6,314,7],[317,2,317,3],[317,6,317,7],[318,2,318,3],[318,6,318,7],[319,2,319,3],[319,6,319,7],[321,2,321,3],[356,6,356,7],[357,2,357,3],[357,6,357,7],[358,2,358,3],[358,6,358,7],[360,2,360,3],[360,6,360,7],[379,4,379,6],[379,7,379,10],[137,6,137,8],[139,6,139,7],[376,3,376,6],[368,1,368,14],[212,2,212,3],[212,6,212,7],[219,2,219,3],[219,6,219,7],[222,2,222,3],[222,6,222,7],[335,2,335,3],[335,6,335,7],[337,2,337,3],[337,6,337,7],[336,2,336,3],[366,2,366,3],[367,2,367,3],[362,2,362,3],[362,6,362,7],[346,2,346,3],[190,2,190,3],[231,2,231,3],[25,6,25,7],[25,2,25,3],[27,6,27,7],[28,6,28,7],[29,6,29,7],[31,6,31,7],[33,6,33,7],[183,6,183,7],[178,6,178,7],[119,2,119,3],[120,2,120,3],[126,2,126,3],[88,2,88,3],[88,6,88,7],[89,2,89,3],[89,6,89,7],[102,6,102,7],[103,6,103,7],[104,6,104,7],[182,6,182,7],[92,2,92,3],[92,6,92,7],[93,2,93,3],[49,2,49,3],[16,2,16,8],[19,2,19,3],[23,2,23,3],[22,2,22,3],[21,2,21,3],[19,6,19,7],[21,6,21,7],[22,6,22,7],[23,6,23,7],[49,6,49,7],[51,2,51,3],[28,2,28,3],[27,2,27,3],[31,2,31,3],[33,2,33,3],[35,2,35,3],[37,2,37,3],[40,6,40,7],[42,6,42,7],[43,6,43,7],[35,6,35,7],[37,6,37,7],[38,6,38,7],[39,6,39,7],[39,2,39,3],[40,2,40,3],[42,2,42,3],[38,2,38,3],[29,2,29,3],[43,2,43,3],[12,1,12,2],[12,3,12,4],[7,1,7,13],[8,1,8,3],[8,5,8,8],[9,1,11,4],[11,5,11,8],[14,1,14,16],[8,14,11,16],[13,1,13,2],[13,3,13,4],[59,2,59,3],[59,6,59,7],[60,2,60,3],[60,6,60,7],[61,2,61,3],[61,6,61,7],[68,2,68,3],[68,6,68,7],[44,6,44,7],[45,6,45,7],[54,2,54,3],[54,6,54,7],[55,2,55,3],[55,6,55,7],[56,2,56,3],[56,6,56,7],[44,2,44,3],[53,2,53,3],[53,6,53,7],[45,2,45,3],[46,2,46,3],[47,2,47,3],[46,6,46,7],[47,6,47,7],[82,2,82,3],[82,6,82,7],[62,2,62,3],[62,6,62,7],[64,2,64,3],[64,6,64,7],[70,2,70,3],[65,2,65,3],[65,6,65,7],[80,2,80,3],[81,2,81,3],[79,2,79,3],[79,6,79,7],[66,2,66,3],[66,6,66,7],[71,2,71,3],[71,6,71,7],[73,2,73,3],[73,6,73,7],[72,2,72,3],[77,2,77,3],[77,6,77,7],[80,6,80,7],[83,2,83,3],[83,6,83,7],[87,2,87,3],[87,6,87,7],[129,2,129,3],[129,6,129,7],[103,2,103,3],[104,2,104,3],[96,2,96,3],[96,6,96,7],[102,2,102,3],[85,2,85,3],[85,6,85,7],[90,2,90,3],[90,6,90,7],[91,2,91,3],[91,6,91,7],[93,6,93,7],[94,2,94,3],[94,6,94,7],[95,2,95,3],[113,6,113,7],[110,6,110,7],[108,2,108,3],[95,6,95,7],[154,2,154,3],[154,6,154,7],[106,6,106,7],[100,2,100,3],[100,6,100,7],[98,6,98,7],[123,6,123,7],[169,2,169,3],[169,6,169,7],[158,2,158,3],[119,6,119,7],[124,6,124,7],[116,6,116,7],[122,6,122,7],[161,2,161,3],[161,6,161,7],[162,2,162,3],[162,6,162,7],[163,2,163,3],[163,6,163,7],[131,6,131,7],[133,2,133,3],[133,6,133,7],[248,2,248,3],[225,2,225,3],[108,6,108,7],[127,6,127,7],[140,2,140,3],[140,6,140,7],[142,2,142,3],[142,6,142,7],[131,2,131,3],[182,2,182,3],[179,2,179,3],[231,6,231,7],[233,2,233,3],[127,2,127,3],[130,2,130,3],[130,6,130,7],[136,6,136,7],[137,2,137,3],[138,2,138,3],[138,6,138,7],[202,2,202,3],[147,2,147,3],[147,6,147,7],[187,2,187,3],[193,2,193,3],[193,6,193,7],[204,2,204,3],[204,6,204,7],[178,2,178,3],[179,6,179,7],[164,2,164,3],[164,6,164,7],[184,2,184,3],[187,6,187,7],[189,2,189,3],[189,6,189,7],[200,2,200,3],[200,6,200,7],[198,6,198,7],[186,2,186,3],[186,6,186,7],[185,2,185,3],[185,6,185,7],[197,6,197,7],[198,2,198,3],[191,6,191,7],[190,6,190,7],[191,2,191,3],[347,6,347,7],[348,2,348,3],[348,6,348,7],[297,2,297,3],[143,2,143,3],[143,6,143,7],[144,2,144,3],[144,6,144,7],[177,6,177,7],[171,2,171,3],[173,2,173,3],[173,6,173,7],[174,2,174,3],[174,6,174,7],[175,6,175,7],[177,2,177,3],[175,2,175,3],[156,2,156,3],[156,6,156,7],[183,2,183,3],[290,2,290,3],[290,6,290,7],[251,2,251,3],[251,6,251,7],[330,6,330,7],[328,2,328,3],[328,6,328,7],[327,6,327,7],[325,2,325,3],[313,2,313,3],[313,6,313,7],[312,2,312,3],[312,6,312,7],[323,2,323,3],[296,2,296,3],[296,6,296,7],[315,2,315,3],[315,6,315,7],[300,2,300,3],[300,6,300,7],[297,6,297,7],[304,2,304,3],[304,6,304,7],[306,2,306,3],[306,6,306,7],[235,2,235,3],[361,2,361,3],[361,6,361,7],[262,2,262,3],[262,6,262,7],[308,6,308,7],[310,2,310,3],[310,6,310,7],[344,2,344,3],[344,6,344,7],[325,6,325,7],[326,2,326,3],[326,6,326,7],[333,2,333,3],[292,2,292,3],[292,6,292,7],[294,2,294,3],[294,6,294,7],[327,2,327,3],[268,2,268,3],[268,6,268,7],[269,2,269,3],[276,6,276,7],[342,6,342,7],[197,2,197,3],[288,2,288,3],[288,6,288,7],[208,6,208,7],[275,2,275,3],[275,6,275,7],[279,2,279,3],[279,6,279,7],[271,2,271,3],[243,2,243,3],[271,6,271,7],[280,2,280,3],[280,6,280,7],[209,2,209,3],[209,6,209,7],[210,2,210,3],[210,6,210,7],[267,2,267,3],[267,6,267,7],[269,6,269,7],[276,2,276,3],[229,2,229,3],[229,6,229,7],[233,6,233,7],[350,6,350,8],[286,2,286,3],[286,6,286,7],[139,2,139,3],[136,2,136,3],[158,6,158,7],[149,2,149,3],[149,6,149,7],[151,2,151,3],[235,6,235,7],[277,2,277,3],[277,6,277,7],[246,2,246,3],[260,2,260,3],[260,6,260,7],[246,6,246,7],[151,6,151,7],[184,6,184,7],[217,6,217,7],[264,6,264,7],[206,6,206,7],[208,2,208,3],[196,2,196,3],[196,6,196,7]]}
[]
[1000,"a","ADMINISTRAÇAÕ DE OBRA",null,null,null,null,null,null,null,null,null,null,null,null,{"$f":"SUMIF(A:A,B2,P:P)","v":0},{"$f":"SUMIF(A:A,B2,Q:Q)","v":0}]
[null,"b"]
[{"$f":"LEFT(B4,SEARCH(\".\",B4)-1)","v":"c"},"c.",{"$f":"IF(K4=\"SINAPI\",VLOOKUP(J4,SINAPI,2,0),IF(K4=\"SETOP\",VLOOKUP(J4,SETOP,3,0),IF(K4=\"CPU\",VLOOKUP(J4,COMPOSIÇÃO,2,0),IF(K4=\"COTAÇÃO\",VLOOKUP(J4,COTAÇÃO,3,0),VLOOKUP(J4,DIVERSAS,2,0)))))","v":{"$error":"#N/A"}},null,null,null,null,null,null,null,null,{"$f":"IF(K4=\"SINAPI\",VLOOKUP(J4,SINAPI,3,0),IF(K4=\"SETOP\",VLOOKUP(J4,SETOP,4,0),IF(K4=\"CPU\",VLOOKUP(J4,COMPOSIÇÃO,10,0),IF(K4=\"COTAÇÃO\",VLOOKUP(J4,COTAÇÃO,12,0),VLOOKUP(J4,DIVERSAS,3,0)))))","v":{"$error":"#N/A"}},null,{"$f":"IF(K4=\"SINAPI\",VLOOKUP(J4,SINAPI,4,0),IF(K4=\"SETOP\",VLOOKUP(J4,SETOP,5,0),IF(K4=\"CPU\",VLOOKUP(J4,COMPOSIÇÃO,13,0),IF(K4=\"COTAÇÃO\",VLOOKUP(J4,COTAÇÃO,15,0),VLOOKUP(J4,DIVERSAS,4,0)))))","v":{"$error":"#N/A"}},{"$f":"ROUND(N4*(1+$D$14),2)","v":{"$error":"#N/A"}},{"$f":"ROUND(M4*N4,2)","v":{"$error":"#N/A"}},{"$f":"ROUND(O4*M4,2)","v":{"$error":"#N/A"}}]
[{"$f":"2000","v":2000}]
[]
[]
[null,{"$f":"\"ORÇAMENTO COM MEMORIAL DE CÁLCULO - \" &B10","v":"ORÇAMENTO COM MEMORIAL DE CÁLCULO - AVENIDA SÃO FRANCISCO INTERLIGAÇÃO COM AVENIDA NOROESTE"},null,null,null,null,null,null,null,null,null,null,null,null,null,"Revisão:",{"$f":"DADOS!D6","v":"R01"},"a"]
[null,"Projeto:",null,null,null,"Cliente:",null,null,null,null,null,null,null,null,"Responsável:"]
[null,{"$f":"DADOS!D8","v":"AVENIDA SÃO FRANCISCO INTERLIGAÇÃO COM AVENIDA NOROESTE"}]
[]
[]
[null,"Data: ",null,{"$f":"DADOS!D2","v":"2021-04-29"},null,null,null,null,null,null,null,null,null,null,{"$f":"DADOS!D14","v":"SINAPI"},{"$f":"DADOS!D16","v":"2021-03-01"}]
[null,"BDI",null,{"$f":"DADOS!D10","v":0.24229999999999999},null,null,null,null,null,null,null,null,null,null,{"$f":"DADOS!D18","v":"SETOP"},{"$f":"DADOS!D20","v":"2021-01-01"}]
[null,{"$f":"\"PROJETO EXECUTIVO - \"&B10","v":"PROJETO EXECUTIVO - AVENIDA SÃO FRANCISCO INTERLIGAÇÃO COM AVENIDA NOROESTE"}]
[]
[null,"ITEM","DESCRIÇÃO",null,null,null,null,null,null,"ITEM","REFERÊNCIA","UNID.","QUANT.","PREÇO UNIT.","PREÇO UNIT. COM BDI","TOTAL","TOTAL COM BDI"]
[1000,1,"ADMINISTRAÇAÕ DE OBRA",null,null,null,null,null,null,null,null,null,null,null,null,{"$f":"SUMIF(A:A,B18,P:P)","v":25743.119999999999},{"$f":"SUMIF(A:A,B18,Q:Q)","v":31979.35}]
[{"$f":"LEFT(B19)","v":"1"},"1.1",{"$f":"IF(K19=\"SINAPI\",VLOOKUP(J19,SINAPI,2,0),IF(K19=\"SETOP\",VLOOKUP(J19,SETOP,3,0),IF(K19=\"CPU\",VLOOKUP(J19,COMPOSIÇÃO,2,0),IF(K19=\"COTAÇÃO\",VLOOKUP(J19,COTAÇÃO,3,0),VLOOKUP(J19,DIVERSAS,2,0)))))","v":"FORNECIMENTO E COLOCAÇÃO DE PLACAS DE OBRAS EM CHAPA GALVANIZADA (4,00 X 2,00 M ) SÃO CONFECCIONADAS EM CHAPA GALVANIZADA 26. AS CHAPAS SERÃO AFIXADAS COM REBITES 410 E PARAFUSOS 3/8, EM UMA ESTRUTURA METÁLICA COM VIGA U 2\" ENRIJECIDA E METALON 20MMX20MM,334"},null,null,null,null,null,null,"ED-50154","SETOP",{"$f":"IF(K19=\"SINAPI\",VLOOKUP(J19,SINAPI,3,0),IF(K19=\"SETOP\",VLOOKUP(J19,SETOP,4,0),IF(K19=\"CPU\",VLOOKUP(J19,COMPOSIÇÃO,10,0),IF(K19=\"COTAÇÃO\",VLOOKUP(J19,COTAÇÃO,12,0),VLOOKUP(J19,DIVERSAS,3,0)))))","v":"U"},{"$f":"E20","v":1},{"$f":"IF(K19=\"SINAPI\",VLOOKUP(J19,SINAPI,4,0),IF(K19=\"SETOP\",VLOOKUP(J19,SETOP,5,0),IF(K19=\"CPU\",VLOOKUP(J19,COMPOSIÇÃO,13,0),IF(K19=\"COTAÇÃO\",VLOOKUP(J19,COTAÇÃO,15,0),VLOOKUP(J19,DIVERSAS,4,0)))))","v":1627.62},{"$f":"ROUND(N19*(1+$D$14),2)","v":2021.99},{"$f":"ROUND(M19*N19,2)","v":1627.62},{"$f":"ROUND(O19*M19,2)","v":2021.99}]
[2000,null,"Quantidade",null,1,{"$f":"L19","v":"U"}]
[{"$f":"LEFT(B21)","v":"1"},"1.2",{"$f":"IF(K21=\"SINAPI\",VLOOKUP(J21,SINAPI,2,0),IF(K21=\"SETOP\",VLOOKUP(J21,SETOP,3,0),IF(K21=\"CPU\",VLOOKUP(J21,COMPOSIÇÃO,2,0),IF(K21=\"COTAÇÃO\",VLOOKUP(J21,COTAÇÃO,3,0),VLOOKUP(J21,DIVERSAS,2,0)))))","v":"LOCAÇÃO DE CONTAINER COM ISOLAMENTO TÉRMICO, TIPO 3, PARA DEPÓSITO/FERRAMENTARIA DE OBRA, COM MEDIDAS REFERENCIAIS DE (6) METROS COMPRIMENTO, (2,3) METROS LARGURA E (2,5) METROS ALTURA ÚTIL INTERNA, INCLUSIVE LIGAÇÕES ELÉTRICAS INTERNAS, EXCLUSIVE MOBILIZAÇÃO/DESMOBILIZAÇÃO E LIGAÇÕES PROVISÓRIAS EXTERNAS"},null,null,null,null,null,null,"ED-16350","SETOP",{"$f":"IF(K21=\"SINAPI\",VLOOKUP(J21,SINAPI,3,0),IF(K21=\"SETOP\",VLOOKUP(J21,SETOP,4,0),IF(K21=\"CPU\",VLOOKUP(J21,COMPOSIÇÃO,10,0),IF(K21=\"COTAÇÃO\",VLOOKUP(J21,COTAÇÃO,12,0),VLOOKUP(J21,DIVERSAS,3,0)))))","v":"MÊS"},{"$f":"E24","v":2},{"$f":"IF(K21=\"SINAPI\",VLOOKUP(J21,SINAPI,4,0),IF(K21=\"SETOP\",VLOOKUP(J21,SETOP,5,0),IF(K21=\"CPU\",VLOOKUP(J21,COMPOSIÇÃO,13,0),IF(K21=\"COTAÇÃO\",VLOOKUP(J21,COTAÇÃO,15,0),VLOOKUP(J21,DIVERSAS,4,0)))))","v":613.29999999999995},{"$f":"ROUND(N21*(1+$D$14),2)","v":761.9},{"$f":"ROUND(M21*N21,2)","v":1226.5999999999999},{"$f":"ROUND(O21*M21,2)","v":1523.8}]
[2000,null,"Quantidade",null,1]
[2000,null,"Meses",null,2]
[2000,null,"TOTAL",null,{"$f":"E22*E23","v":2},{"$f":"L21","v":"MÊS"}]
[{"$f":"LEFT(B25)","v":"1"},"1.3",{"$f":"IF(K25=\"SINAPI\",VLOOKUP(J25,SINAPI,2,0),IF(K25=\"SETOP\",VLOOKUP(J25,SETOP,3,0),IF(K25=\"CPU\",VLOOKUP(J25,COMPOSIÇÃO,2,0),IF(K25=\"COTAÇÃO\",VLOOKUP(J25,COTAÇÃO,3,0),VLOOKUP(J25,DIVERSAS,2,0)))))","v":"MOBILIZAÇÃO E DESMOBILIZAÇÃO DE CONTAINER, INCLUSIVE INSTALAÇÃO E TRANSPORTE COM CAMINHÃO GUINDAUTO (MUNCK)"},null,null,null,null,null,null,"ED-50137","SETOP",{"$f":"IF(K25=\"SINAPI\",VLOOKUP(J25,SINAPI,3,0),IF(K25=\"SETOP\",VLOOKUP(J25,SETOP,4,0),IF(K25=\"CPU\",VLOOKUP(J25,COMPOSIÇÃO,10,0),IF(K25=\"COTAÇÃO\",VLOOKUP(J25,COTAÇÃO,12,0),VLOOKUP(J25,DIVERSAS,3,0)))))","v":"UN"},{"$f":"E26","v":1},{"$f":"IF(K25=\"SINAPI\",VLOOKUP(J25,SINAPI,4,0),IF(K25=\"SETOP\",VLOOKUP(J25,SETOP,5,0),IF(K25=\"CPU\",VLOOKUP(J25,COMPOSIÇÃO,13,0),IF(K25=\"COTAÇÃO\",VLOOKUP(J25,COTAÇÃO,15,0),VLOOKUP(J25,DIVERSAS,4,0)))))","v":680},{"$f":"ROUND(N25*(1+$D$14),2)","v":844.76},{"$f":"ROUND(M25*N25,2)","v":680},{"$f":"ROUND(O25*M25,2)","v":844.76}]
[2000,null,"Quantidade",null,1,{"$f":"L25","v":"UN"}]
["1","1.4",{"$f":"IF(K27=\"SINAPI\",VLOOKUP(J27,SINAPI,2,0),IF(K27=\"SETOP\",VLOOKUP(J27,SETOP,3,0),IF(K27=\"CPU\",VLOOKUP(J27,COMPOSIÇÃO,2,0),IF(K27=\"COTAÇÃO\",VLOOKUP(J27,COTAÇÃO,3,0),VLOOKUP(J27,DIVERSAS,2,0)))))","v":"BANHEIRO QUÍMICO 110 X 120 X 230 CM COM MANUTENÇÃO"},null,null,null,null,null,null,"ED-50155","SETOP",{"$f":"IF(K27=\"SINAPI\",VLOOKUP(J27,SINAPI,3,0),IF(K27=\"SETOP\",VLOOKUP(J27,SETOP,4,0),IF(K27=\"CPU\",VLOOKUP(J27,COMPOSIÇÃO,10,0),IF(K27=\"COTAÇÃO\",VLOOKUP(J27,COTAÇÃO,12,0),VLOOKUP(J27,DIVERSAS,3,0)))))","v":"MÊS"},{"$f":"E30","v":4},{"$f":"IF(K27=\"SINAPI\",VLOOKUP(J27,SINAPI,4,0),IF(K27=\"SETOP\",VLOOKUP(J27,SETOP,5,0),IF(K27=\"CPU\",VLOOKUP(J27,COMPOSIÇÃO,13,0),IF(K27=\"COTAÇÃO\",VLOOKUP(J27,COTAÇÃO,15,0),VLOOKUP(J27,DIVERSAS,4,0)))))","v":515},{"$f":"ROUND(N27*(1+$D$14),2)","v":639.78},{"$f":"ROUND(M27*N27,2)","v":2060},{"$f":"ROUND(O27*M27,2)","v":2559.12}]
[2000,null,"Quantidade",null,2]
[2000,null,"Meses",null,{"$f":"E23","v":2}]
[2000,null,"TOTAL",null,{"$f":"E28*E29","v":4},{"$f":"L27","v":"MÊS"}]
["1","1.5",{"$f":"IF(K31=\"SINAPI\",VLOOKUP(J31,SINAPI,2,0),IF(K31=\"SETOP\",VLOOKUP(J31,SETOP,3,0),IF(K31=\"CPU\",VLOOKUP(J31,COMPOSIÇÃO,2,0),IF(K31=\"COTAÇÃO\",VLOOKUP(J31,COTAÇÃO,3,0),VLOOKUP(J31,DIVERSAS,2,0)))))","v":"LIGAÇÃO DE ÁGUA PROVISÓRIA PARA CANTEIRO,  INCLUSIVE HIDRÔMETRO E CAVALETE PARA MEDIÇÃO DE ÁGUA - ENTRADA PRINCIPAL, EM AÇO GALVANIZADO DN 20MM (1/2\") - PADRÃO CONCESSIONÁRIA\n"},null,null,null,null,null,null,"ED-50150","SETOP",{"$f":"IF(K31=\"SINAPI\",VLOOKUP(J31,SINAPI,3,0),IF(K31=\"SETOP\",VLOOKUP(J31,SETOP,4,0),IF(K31=\"CPU\",VLOOKUP(J31,COMPOSIÇÃO,10,0),IF(K31=\"COTAÇÃO\",VLOOKUP(J31,COTAÇÃO,12,0),VLOOKUP(J31,DIVERSAS,3,0)))))","v":"UN"},{"$f":"E32","v":1},{"$f":"IF(K31=\"SINAPI\",VLOOKUP(J31,SINAPI,4,0),IF(K31=\"SETOP\",VLOOKUP(J31,SETOP,5,0),IF(K31=\"CPU\",VLOOKUP(J31,COMPOSIÇÃO,13,0),IF(K31=\"COTAÇÃO\",VLOOKUP(J31,COTAÇÃO,15,0),VLOOKUP(J31,DIVERSAS,4,0)))))","v":313.81},{"$f":"ROUND(N31*(1+$D$14),2)","v":389.85},{"$f":"ROUND(M31*N31,2)","v":313.81},{"$f":"ROUND(O31*M31,2)","v":389.85}]
[2000,null,"Quantidade",null,1,{"$f":"L31","v":"UN"}]
["1","1.6",{"$f":"IF(K33=\"SINAPI\",VLOOKUP(J33,SINAPI,2,0),IF(K33=\"SETOP\",VLOOKUP(J33,SETOP,3,0),IF(K33=\"CPU\",VLOOKUP(J33,COMPOSIÇÃO,2,0),IF(K33=\"COTAÇÃO\",VLOOKUP(J33,COTAÇÃO,3,0),VLOOKUP(J33,DIVERSAS,2,0)))))","v":"LIGAÇÃO PROVISÓRIA DE LUZ E FORÇA-PADRÃO PROVISÓRIO 30KVA"},null,null,null,null,null,null,"ED-50151","SETOP",{"$f":"IF(K33=\"SINAPI\",VLOOKUP(J33,SINAPI,3,0),IF(K33=\"SETOP\",VLOOKUP(J33,SETOP,4,0),IF(K33=\"CPU\",VLOOKUP(J33,COMPOSIÇÃO,10,0),IF(K33=\"COTAÇÃO\",VLOOKUP(J33,COTAÇÃO,12,0),VLOOKUP(J33,DIVERSAS,3,0)))))","v":"U"},{"$f":"E34","v":1},{"$f":"IF(K33=\"SINAPI\",VLOOKUP(J33,SINAPI,4,0),IF(K33=\"SETOP\",VLOOKUP(J33,SETOP,5,0),IF(K33=\"CPU\",VLOOKUP(J33,COMPOSIÇÃO,13,0),IF(K33=\"COTAÇÃO\",VLOOKUP(J33,COTAÇÃO,15,0),VLOOKUP(J33,DIVERSAS,4,0)))))","v":526.57000000000005},{"$f":"ROUND(N33*(1+$D$14),2)","v":654.16},{"$f":"ROUND(M33*N33,2)","v":526.57000000000005},{"$f":"ROUND(O33*M33,2)","v":654.16}]
[2000,null,"Quantidade",null,1,{"$f":"L33","v":"U"}]
["1","1.7",{"$f":"IF(K35=\"SINAPI\",VLOOKUP(J35,SINAPI,2,0),IF(K35=\"SETOP\",VLOOKUP(J35,SETOP,3,0),IF(K35=\"CPU\",VLOOKUP(J35,COMPOSIÇÃO,2,0),IF(K35=\"COTAÇÃO\",VLOOKUP(J35,COTAÇÃO,3,0),VLOOKUP(J35,DIVERSAS,2,0)))))","v":"CONE DE SINALIZACAO EM PVC RIGIDO COM FAIXA REFLETIVA, H = 70 / 76 CM"},null,null,null,null,null,null,13244,"SINAPI",{"$f":"IF(K35=\"SINAPI\",VLOOKUP(J35,SINAPI,3,0),IF(K35=\"SETOP\",VLOOKUP(J35,SETOP,4,0),IF(K35=\"CPU\",VLOOKUP(J35,COMPOSIÇÃO,10,0),IF(K35=\"COTAÇÃO\",VLOOKUP(J35,COTAÇÃO,12,0),VLOOKUP(J35,DIVERSAS,3,0)))))","v":"UN    "},{"$f":"E36","v":16},{"$f":"IF(K35=\"SINAPI\",VLOOKUP(J35,SINAPI,4,0),IF(K35=\"SETOP\",VLOOKUP(J35,SETOP,5,0),IF(K35=\"CPU\",VLOOKUP(J35,COMPOSIÇÃO,13,0),IF(K35=\"COTAÇÃO\",VLOOKUP(J35,COTAÇÃO,15,0),VLOOKUP(J35,DIVERSAS,4,0)))))","v":49.15},{"$f":"ROUND(N35*(1+$D$14),2)","v":61.06},{"$f":"ROUND(M35*N35,2)","v":786.4},{"$f":"ROUND(O35*M35,2)","v":976.96}]
[2000,null,"Quantidade",null,16,"U"]
["1","1.8",{"$f":"IF(K37=\"SINAPI\",VLOOKUP(J37,SINAPI,2,0),IF(K37=\"SETOP\",VLOOKUP(J37,SETOP,3,0),IF(K37=\"CPU\",VLOOKUP(J37,COMPOSIÇÃO,2,0),IF(K37=\"COTAÇÃO\",VLOOKUP(J37,COTAÇÃO,3,0),VLOOKUP(J37,DIVERSAS,2,0)))))","v":"TELA PLASTICA LARANJA, TIPO TAPUME PARA SINALIZACAO, MALHA RETANGULAR, ROLO 1.20 X 50 M (L X C)"},null,null,null,null,null,null,37524,"SINAPI",{"$f":"IF(K37=\"SINAPI\",VLOOKUP(J37,SINAPI,3,0),IF(K37=\"SETOP\",VLOOKUP(J37,SETOP,4,0),IF(K37=\"CPU\",VLOOKUP(J37,COMPOSIÇÃO,10,0),IF(K37=\"COTAÇÃO\",VLOOKUP(J37,COTAÇÃO,12,0),VLOOKUP(J37,DIVERSAS,3,0)))))","v":"M     "},{"$f":"E41","v":130},{"$f":"IF(K37=\"SINAPI\",VLOOKUP(J37,SINAPI,4,0),IF(K37=\"SETOP\",VLOOKUP(J37,SETOP,5,0),IF(K37=\"CPU\",VLOOKUP(J37,COMPOSIÇÃO,13,0),IF(K37=\"COTAÇÃO\",VLOOKUP(J37,COTAÇÃO,15,0),VLOOKUP(J37,DIVERSAS,4,0)))))","v":2.0099999999999998},{"$f":"ROUND(N37*(1+$D$14),2)","v":2.5},{"$f":"ROUND(M37*N37,2)","v":261.3},{"$f":"ROUND(O37*M37,2)","v":325}]
[2000,null,"Extensão da rede",null,130,"M"]
[2000,null,"Lados",null,2]
[2000,null,"Reaproveitamento",null,2,"vezes"]
[2000,null,"TOTAL",null,{"$f":"E38*E39/E40","v":130},{"$f":"L37","v":"M     "}]
["1","1.9",{"$f":"IF(K42=\"SINAPI\",VLOOKUP(J42,SINAPI,2,0),IF(K42=\"SETOP\",VLOOKUP(J42,SETOP,3,0),IF(K42=\"CPU\",VLOOKUP(J42,COMPOSIÇÃO,2,0),IF(K42=\"COTAÇÃO\",VLOOKUP(J42,COTAÇÃO,3,0),VLOOKUP(J42,DIVERSAS,2,0)))))","v":"ACO CA-50, 10,0 MM, VERGALHAO"},null,null,null,null,null,null,34,"SINAPI",{"$f":"IF(K42=\"SINAPI\",VLOOKUP(J42,SINAPI,3,0),IF(K42=\"SETOP\",VLOOKUP(J42,SETOP,4,0),IF(K42=\"CPU\",VLOOKUP(J42,COMPOSIÇÃO,10,0),IF(K42=\"COTAÇÃO\",VLOOKUP(J42,COTAÇÃO,12,0),VLOOKUP(J42,DIVERSAS,3,0)))))","v":"KG    "},{"$f":"E48","v":70.122},{"$f":"IF(K42=\"SINAPI\",VLOOKUP(J42,SINAPI,4,0),IF(K42=\"SETOP\",VLOOKUP(J42,SETOP,5,0),IF(K42=\"CPU\",VLOOKUP(J42,COMPOSIÇÃO,13,0),IF(K42=\"COTAÇÃO\",VLOOKUP(J42,COTAÇÃO,15,0),VLOOKUP(J42,DIVERSAS,4,0)))))","v":9.74},{"$f":"ROUND(N42*(1+$D$14),2)","v":12.1},{"$f":"ROUND(M42*N42,2)","v":682.99},{"$f":"ROUND(O42*M42,2)","v":848.48}]
[2000,null,"Extensão de tela",null,{"$f":"E41","v":130},"M",{"$f":"\"ITEM \"&B37","v":"ITEM 1.8"}]
[2000,null,"Espassamento dos vergalhões",null,1.5]
[2000,null,"Sub total (total de vergalhões)",null,{"$f":"ROUNDUP(E43/E44,0)","v":87},"U"]
[2000,null,"Altura de cada vergalhão",null,1.3,"M"]
[2000,null,"Peso do aço",null,0.62,"KG/M"]
[2000,null,"TOTAL",null,{"$f":"(E45*E46)*E47","v":70.122},"KG"]
[{"$f":"LEFT(B49)","v":"1"},"1.10",{"$f":"IF(K49=\"SINAPI\",VLOOKUP(J49,SINAPI,2,0),IF(K49=\"SETOP\",VLOOKUP(J49,SETOP,3,0),IF(K49=\"CPU\",VLOOKUP(J49,COMPOSIÇÃO,2,0),IF(K49=\"COTAÇÃO\",VLOOKUP(J49,COTAÇÃO,3,0),VLOOKUP(J49,DIVERSAS,2,0)))))","v":"PROTETOR/PONTEIRA PLASTICA PARA PONTA DE VERGALHAO DE ATE 1\", TIPO PROTETOR DE ESPERA"},null,null,null,null,null,null,39015,"SINAPI",{"$f":"IF(K49=\"SINAPI\",VLOOKUP(J49,SINAPI,3,0),IF(K49=\"SETOP\",VLOOKUP(J49,SETOP,4,0),IF(K49=\"CPU\",VLOOKUP(J49,COMPOSIÇÃO,10,0),IF(K49=\"COTAÇÃO\",VLOOKUP(J49,COTAÇÃO,12,0),VLOOKUP(J49,DIVERSAS,3,0)))))","v":"UN    "},{"$f":"E50","v":87},{"$f":"IF(K49=\"SINAPI\",VLOOKUP(J49,SINAPI,4,0),IF(K49=\"SETOP\",VLOOKUP(J49,SETOP,5,0),IF(K49=\"CPU\",VLOOKUP(J49,COMPOSIÇÃO,13,0),IF(K49=\"COTAÇÃO\",VLOOKUP(J49,COTAÇÃO,15,0),VLOOKUP(J49,DIVERSAS,4,0)))))","v":0.8},{"$f":"ROUND(N49*(1+$D$14),2)","v":0.99},{"$f":"ROUND(M49*N49,2)","v":69.599999999999994},{"$f":"ROUND(O49*M49,2)","v":86.13}]
[2000,null,"Quantidade de vergalhões",null,{"$f":"E45","v":87},{"$f":"L49","v":"UN    "}]
[{"$f":"LEFT(B51)","v":"1"},"1.11",{"$f":"IF(K51=\"SINAPI\",VLOOKUP(J51,SINAPI,2,0),IF(K51=\"SETOP\",VLOOKUP(J51,SETOP,3,0),IF(K51=\"CPU\",VLOOKUP(J51,COMPOSIÇÃO,2,0),IF(K51=\"COTAÇÃO\",VLOOKUP(J51,COTAÇÃO,3,0),VLOOKUP(J51,DIVERSAS,2,0)))))","v":"INSTALAÇÃO DAS SINALIZAÇÕES DE SEGURANÇA"},null,null,null,null,null,null,"DAC-1.1","CPU",{"$f":"IF(K51=\"SINAPI\",VLOOKUP(J51,SINAPI,3,0),IF(K51=\"SETOP\",VLOOKUP(J51,SETOP,4,0),IF(K51=\"CPU\",VLOOKUP(J51,COMPOSIÇÃO,10,0),IF(K51=\"COTAÇÃO\",VLOOKUP(J51,COTAÇÃO,12,0),VLOOKUP(J51,DIVERSAS,3,0)))))","v":"M     "},{"$f":"E52","v":130},{"$f":"IF(K51=\"SINAPI\",VLOOKUP(J51,SINAPI,4,0),IF(K51=\"SETOP\",VLOOKUP(J51,SETOP,5,0),IF(K51=\"CPU\",VLOOKUP(J51,COMPOSIÇÃO,13,0),IF(K51=\"COTAÇÃO\",VLOOKUP(J51,COTAÇÃO,15,0),VLOOKUP(J51,DIVERSAS,4,0)))))","v":1.5710000000000002},{"$f":"ROUND(N51*(1+$D$14),2)","v":1.95},{"$f":"ROUND(M51*N51,2)","v":204.23},{"$f":"ROUND(O51*M51,2)","v":253.5}]
[{"$f":"2000","v":2000},null,"Extensão da rede",null,{"$f":"E38","v":130},"M"]
[{"$f":"LEFT(B53)","v":"1"},"1.12",{"$f":"IF(K53=\"SINAPI\",VLOOKUP(J53,SINAPI,2,0),IF(K53=\"SETOP\",VLOOKUP(J53,SETOP,3,0),IF(K53=\"CPU\",VLOOKUP(J53,COMPOSIÇÃO,2,0),IF(K53=\"COTAÇÃO\",VLOOKUP(J53,COTAÇÃO,3,0),VLOOKUP(J53,DIVERSAS,2,0)))))","v":"VIGIA NOTURNO COM ENCARGOS COMPLEMENTARES"},null,null,null,null,null,null,88326,"SINAPI",{"$f":"IF(K53=\"SINAPI\",VLOOKUP(J53,SINAPI,3,0),IF(K53=\"SETOP\",VLOOKUP(J53,SETOP,4,0),IF(K53=\"CPU\",VLOOKUP(J53,COMPOSIÇÃO,10,0),IF(K53=\"COTAÇÃO\",VLOOKUP(J53,COTAÇÃO,12,0),VLOOKUP(J53,DIVERSAS,3,0)))))","v":"H"},{"$f":"E57","v":840},{"$f":"IF(K53=\"SINAPI\",VLOOKUP(J53,SINAPI,4,0),IF(K53=\"SETOP\",VLOOKUP(J53,SETOP,5,0),IF(K53=\"CPU\",VLOOKUP(J53,COMPOSIÇÃO,13,0),IF(K53=\"COTAÇÃO\",VLOOKUP(J53,COTAÇÃO,15,0),VLOOKUP(J53,DIVERSAS,4,0)))))","v":20.6},{"$f":"ROUND(N53*(1+$D$14),2)","v":25.59},{"$f":"ROUND(M53*N53,2)","v":17304},{"$f":"ROUND(O53*M53,2)","v":21495.599999999999}]
[{"$f":"2000","v":2000},null,"Horas por dia","HORAS",14]
[{"$f":"2000","v":2000},null,"Quantidade de dias no mês",null,30]
[{"$f":"2000","v":2000},null,"Quantidade de meses",null,{"$f":"E23","v":2}]
[2000,null,"Total",null,{"$f":"E54*E55*E56","v":840},{"$f":"L53","v":"H"}]
[1000,2,"SERVIÇOS PRELIMINARES",null,null,null,null,null,null,null,null,null,null,null,null,{"$f":"SUMIF(A:A,B58,P:P)","v":8967.2199999999993},{"$f":"SUMIF(A:A,B58,Q:Q)","v":11139.94}]
[{"$f":"LEFT(B59)","v":"2"},"2.1",{"$f":"IF(K59=\"SINAPI\",VLOOKUP(J59,SINAPI,2,0),IF(K59=\"SETOP\",VLOOKUP(J59,SETOP,3,0),IF(K59=\"CPU\",VLOOKUP(J59,COMPOSIÇÃO,2,0),IF(K59=\"COTAÇÃO\",VLOOKUP(J59,COTAÇÃO,3,0),VLOOKUP(J59,DIVERSAS,2,0)))))","v":"LOCAÇÃO TOPOGRÁFICA ACIMA DE 50 PONTOS"},null,null,null,null,null,null,"ED-50276","SETOP",{"$f":"IF(K59=\"SINAPI\",VLOOKUP(J59,SINAPI,3,0),IF(K59=\"SETOP\",VLOOKUP(J59,SETOP,4,0),IF(K59=\"CPU\",VLOOKUP(J59,COMPOSIÇÃO,10,0),IF(K59=\"COTAÇÃO\",VLOOKUP(J59,COTAÇÃO,12,0),VLOOKUP(J59,DIVERSAS,3,0)))))","v":"U"},{"$f":"E63","v":22},{"$f":"IF(K59=\"SINAPI\",VLOOKUP(J59,SINAPI,4,0),IF(K59=\"SETOP\",VLOOKUP(J59,SETOP,5,0),IF(K59=\"CPU\",VLOOKUP(J59,COMPOSIÇÃO,13,0),IF(K59=\"COTAÇÃO\",VLOOKUP(J59,COTAÇÃO,15,0),VLOOKUP(J59,DIVERSAS,4,0)))))","v":74},{"$f":"ROUND(N59*(1+$D$14),2)","v":91.93},{"$f":"ROUND(M59*N59,2)","v":1628},{"$f":"ROUND(O59*M59,2)","v":2022.46}]
[2000,null,"Quantidade de PV's",null,7,"U"]
[2000,null,"Quantidade de muro de ala",null,1,"U"]
[2000,null,"Quantidade de bocas de lobo",null,14,"U"]
[2000,null,"TOTAL",null,{"$f":"SUM(E60:E62)","v":22},{"$f":"L59","v":"U"}]
[{"$f":"LEFT(B64)","v":"2"},"2.2",{"$f":"IF(K64=\"SINAPI\",VLOOKUP(J64,SINAPI,2,0),IF(K64=\"SETOP\",VLOOKUP(J64,SETOP,3,0),IF(K64=\"CPU\",VLOOKUP(J64,COMPOSIÇÃO,2,0),IF(K64=\"COTAÇÃO\",VLOOKUP(J64,COTAÇÃO,3,0),VLOOKUP(J64,DIVERSAS,2,0)))))","v":"SERVIÇOS PRELIMINARES PARA LOCAÇÃO PELO MÉTODO DAS CRUZETAS"},null,null,null,null,null,null,"DAC-2.1","CPU",{"$f":"IF(K64=\"SINAPI\",VLOOKUP(J64,SINAPI,3,0),IF(K64=\"SETOP\",VLOOKUP(J64,SETOP,4,0),IF(K64=\"CPU\",VLOOKUP(J64,COMPOSIÇÃO,10,0),IF(K64=\"COTAÇÃO\",VLOOKUP(J64,COTAÇÃO,12,0),VLOOKUP(J64,DIVERSAS,3,0)))))","v":"U"},{"$f":"E67","v":8},{"$f":"IF(K64=\"SINAPI\",VLOOKUP(J64,SINAPI,4,0),IF(K64=\"SETOP\",VLOOKUP(J64,SETOP,5,0),IF(K64=\"CPU\",VLOOKUP(J64,COMPOSIÇÃO,13,0),IF(K64=\"COTAÇÃO\",VLOOKUP(J64,COTAÇÃO,15,0),VLOOKUP(J64,DIVERSAS,4,0)))))","v":376.09000000000003},{"$f":"ROUND(N64*(1+$D$14),2)","v":467.22},{"$f":"ROUND(M64*N64,2)","v":3008.72},{"$f":"ROUND(O64*M64,2)","v":3737.76}]
[2000,null,"Quantidade de PV's",null,{"$f":"E60","v":7},"U"]
[2000,null,"Quantidade de muro de ala",null,{"$f":"E61","v":1},"U"]
[2000,null,"TOTAL",null,{"$f":"SUM(E65:E66)","v":8},{"$f":"L64","v":"U"}]
[{"$f":"LEFT(B68)","v":"2"},"2.3",{"$f":"IF(K68=\"SINAPI\",VLOOKUP(J68,SINAPI,2,0),IF(K68=\"SETOP\",VLOOKUP(J68,SETOP,3,0),IF(K68=\"CPU\",VLOOKUP(J68,COMPOSIÇÃO,2,0),IF(K68=\"COTAÇÃO\",VLOOKUP(J68,COTAÇÃO,3,0),VLOOKUP(J68,DIVERSAS,2,0)))))","v":"EXECUÇÃO DA LOCAÇÃO PELO MÉTODO DA CRUZETA"},null,null,null,null,null,null,"DAC-2.2","CPU",{"$f":"IF(K68=\"SINAPI\",VLOOKUP(J68,SINAPI,3,0),IF(K68=\"SETOP\",VLOOKUP(J68,SETOP,4,0),IF(K68=\"CPU\",VLOOKUP(J68,COMPOSIÇÃO,10,0),IF(K68=\"COTAÇÃO\",VLOOKUP(J68,COTAÇÃO,12,0),VLOOKUP(J68,DIVERSAS,3,0)))))","v":"M"},{"$f":"E69","v":130},{"$f":"IF(K68=\"SINAPI\",VLOOKUP(J68,SINAPI,4,0),IF(K68=\"SETOP\",VLOOKUP(J68,SETOP,5,0),IF(K68=\"CPU\",VLOOKUP(J68,COMPOSIÇÃO,13,0),IF(K68=\"COTAÇÃO\",VLOOKUP(J68,COTAÇÃO,15,0),VLOOKUP(J68,DIVERSAS,4,0)))))","v":9.4499999999999993},{"$f":"ROUND(N68*(1+$D$14),2)","v":11.74},{"$f":"ROUND(M68*N68,2)","v":1228.5},{"$f":"ROUND(O68*M68,2)","v":1526.2}]
[2000,null,"Extensão da rede",null,{"$f":"E38","v":130},{"$f":"L68","v":"M"}]
[{"$f":"LEFT(B70,SEARCH(\".\",B70)-1)","v":"2"},"2.4",{"$f":"IF(K70=\"SINAPI\",VLOOKUP(J70,SINAPI,2,0),IF(K70=\"SETOP\",VLOOKUP(J70,SETOP,3,0),IF(K70=\"CPU\",VLOOKUP(J70,COMPOSIÇÃO,2,0),IF(K70=\"COTAÇÃO\",VLOOKUP(J70,COTAÇÃO,3,0),VLOOKUP(J70,DIVERSAS,2,0)))))","v":"TOPOGRAFO COM ENCARGOS COMPLEMENTARES"},null,null,null,null,null,null,90781,"SINAPI",{"$f":"IF(K70=\"SINAPI\",VLOOKUP(J70,SINAPI,3,0),IF(K70=\"SETOP\",VLOOKUP(J70,SETOP,4,0),IF(K70=\"CPU\",VLOOKUP(J70,COMPOSIÇÃO,10,0),IF(K70=\"COTAÇÃO\",VLOOKUP(J70,COTAÇÃO,12,0),VLOOKUP(J70,DIVERSAS,3,0)))))","v":"H"},{"$f":"E74","v":88},{"$f":"IF(K70=\"SINAPI\",VLOOKUP(J70,SINAPI,4,0),IF(K70=\"SETOP\",VLOOKUP(J70,SETOP,5,0),IF(K70=\"CPU\",VLOOKUP(J70,COMPOSIÇÃO,13,0),IF(K70=\"COTAÇÃO\",VLOOKUP(J70,COTAÇÃO,15,0),VLOOKUP(J70,DIVERSAS,4,0)))))","v":35.25},{"$f":"ROUND(N70*(1+$D$14),2)","v":43.79},{"$f":"ROUND(M70*N70,2)","v":3102},{"$f":"ROUND(O70*M70,2)","v":3853.52}]
[{"$f":"2000","v":2000},null,"Horas por dia","HORAS",2]
[2000,null,"Quantidade de dias no mês",null,22]
[{"$f":"2000","v":2000},null,"Quantidade de meses",null,2]
[2000,null,"Total",null,{"$f":"E71*E72*E73","v":88},{"$f":"L70","v":"H"}]
[1000,3,"MOVIMENTAÇÃO DE TERRA",null,null,null,null,null,null,null,null,null,null,null,null,{"$f":"SUMIF(A:A,B75,P:P)","v":74255.920000000013},{"$f":"SUMIF(A:A,B75,Q:Q)","v":92237.03}]
[null,"3.1","REMOÇÃO DO PAVIMENTO "]
[{"$f":"LEFT(B77)","v":"3"},"3.1.1",{"$f":"IF(K77=\"SINAPI\",VLOOKUP(J77,SINAPI,2,0),IF(K77=\"SETOP\",VLOOKUP(J77,SETOP,3,0),IF(K77=\"CPU\",VLOOKUP(J77,COMPOSIÇÃO,2,0),IF(K77=\"COTAÇÃO\",VLOOKUP(J77,COTAÇÃO,3,0),VLOOKUP(J77,DIVERSAS,2,0)))))","v":"LIMPEZA MECANIZADA DE CAMADA VEGETAL, VEGETAÇÃO E PEQUENAS ÁRVORES (DIÂMETRO DE TRONCO MENOR QUE 0,20 M), COM TRATOR DE ESTEIRAS.AF_05/2018"},null,null,null,null,null,null,98525,"SINAPI",{"$f":"IF(K77=\"SINAPI\",VLOOKUP(J77,SINAPI,3,0),IF(K77=\"SETOP\",VLOOKUP(J77,SETOP,4,0),IF(K77=\"CPU\",VLOOKUP(J77,COMPOSIÇÃO,10,0),IF(K77=\"COTAÇÃO\",VLOOKUP(J77,COTAÇÃO,12,0),VLOOKUP(J77,DIVERSAS,3,0)))))","v":"M2"},{"$f":"E78","v":2309.86},{"$f":"IF(K77=\"SINAPI\",VLOOKUP(J77,SINAPI,4,0),IF(K77=\"SETOP\",VLOOKUP(J77,SETOP,5,0),IF(K77=\"CPU\",VLOOKUP(J77,COMPOSIÇÃO,13,0),IF(K77=\"COTAÇÃO\",VLOOKUP(J77,COTAÇÃO,15,0),VLOOKUP(J77,DIVERSAS,4,0)))))","v":0.3},{"$f":"ROUND(N77*(1+$D$14),2)","v":0.37},{"$f":"ROUND(M77*N77,2)","v":692.96},{"$f":"ROUND(O77*M77,2)","v":854.65}]
[2000,null,"Área de limpeza vegetal",null,2309.86,"M2"]
[{"$f":"LEFT(B79)","v":"3"},"3.1.2",{"$f":"IF(K79=\"SINAPI\",VLOOKUP(J79,SINAPI,2,0),IF(K79=\"SETOP\",VLOOKUP(J79,SETOP,3,0),IF(K79=\"CPU\",VLOOKUP(J79,COMPOSIÇÃO,2,0),IF(K79=\"COTAÇÃO\",VLOOKUP(J79,COTAÇÃO,3,0),VLOOKUP(J79,DIVERSAS,2,0)))))","v":"REMOÇÃO E CARGA DE TODO PAVIMENTO EXISTENTE"},null,null,null,null,null,null,"RO-41211","SETOP",{"$f":"IF(K79=\"SINAPI\",VLOOKUP(J79,SINAPI,3,0),IF(K79=\"SETOP\",VLOOKUP(J79,SETOP,4,0),IF(K79=\"CPU\",VLOOKUP(J79,COMPOSIÇÃO,10,0),IF(K79=\"COTAÇÃO\",VLOOKUP(J79,COTAÇÃO,12,0),VLOOKUP(J79,DIVERSAS,3,0)))))","v":"M3"},{"$f":"E84","v":15.002000000000001},{"$f":"IF(K79=\"SINAPI\",VLOOKUP(J79,SINAPI,4,0),IF(K79=\"SETOP\",VLOOKUP(J79,SETOP,5,0),IF(K79=\"CPU\",VLOOKUP(J79,COMPOSIÇÃO,13,0),IF(K79=\"COTAÇÃO\",VLOOKUP(J79,COTAÇÃO,15,0),VLOOKUP(J79,DIVERSAS,4,0)))))","v":6.44},{"$f":"ROUND(N79*(1+$D$14),2)","v":8},{"$f":"ROUND(M79*N79,2)","v":96.61},{"$f":"ROUND(O79*M79,2)","v":120.02}]
[2000,null,"Pavimento em asfalto",null,346.25,"M2","Projeto de demolição"]
[{"$f":"2000","v":2000},null,"Área de demolição do asfalto para execução do sarjetão",null,{"$f":"13.05+15.75","v":28.8},"M2","Projeto de demolição"]
[{"$f":"2000","v":2000},null,"Subtotal(área de pavimento)",null,{"$f":"E80+E81","v":375.05},"M2"]
[2000,null,"Altura",null,0.04,"M"]
[2000,null,"TOTAL",null,{"$f":"E82*E83","v":15.002000000000001},"M3"]
[{"$f":"LEFT(B85)","v":"3"},"3.1.3",{"$f":"IF(K85=\"SINAPI\",VLOOKUP(J85,SINAPI,2,0),IF(K85=\"SETOP\",VLOOKUP(J85,SETOP,3,0),IF(K85=\"CPU\",VLOOKUP(J85,COMPOSIÇÃO,2,0),IF(K85=\"COTAÇÃO\",VLOOKUP(J85,COTAÇÃO,3,0),VLOOKUP(J85,DIVERSAS,2,0)))))","v":"REMOÇÃO DE BLOCOS SEXTAVADOS (BLOQUETES)"},null,null,null,null,null,null,"RO-42387","SETOP",{"$f":"IF(K85=\"SINAPI\",VLOOKUP(J85,SINAPI,3,0),IF(K85=\"SETOP\",VLOOKUP(J85,SETOP,4,0),IF(K85=\"CPU\",VLOOKUP(J85,COMPOSIÇÃO,10,0),IF(K85=\"COTAÇÃO\",VLOOKUP(J85,COTAÇÃO,12,0),VLOOKUP(J85,DIVERSAS,3,0)))))","v":"M2"},{"$f":"E86","v":19.2},{"$f":"IF(K85=\"SINAPI\",VLOOKUP(J85,SINAPI,4,0),IF(K85=\"SETOP\",VLOOKUP(J85,SETOP,5,0),IF(K85=\"CPU\",VLOOKUP(J85,COMPOSIÇÃO,13,0),IF(K85=\"COTAÇÃO\",VLOOKUP(J85,COTAÇÃO,15,0),VLOOKUP(J85,DIVERSAS,4,0)))))","v":9.5500000000000007},{"$f":"ROUND(N85*(1+$D$14),2)","v":11.86},{"$f":"ROUND(M85*N85,2)","v":183.36},{"$f":"ROUND(O85*M85,2)","v":227.71}]
[{"$f":"2000","v":2000},null,"Área  de bloquete a ser demolido para execução do sarjetão",null,19.2,"M2","Projeto de demolição"]
[{"$f":"LEFT(B87)","v":"3"},"3.1.4",{"$f":"IF(K87=\"SINAPI\",VLOOKUP(J87,SINAPI,2,0),IF(K87=\"SETOP\",VLOOKUP(J87,SETOP,3,0),IF(K87=\"CPU\",VLOOKUP(J87,COMPOSIÇÃO,2,0),IF(K87=\"COTAÇÃO\",VLOOKUP(J87,COTAÇÃO,3,0),VLOOKUP(J87,DIVERSAS,2,0)))))","v":"REMOÇÃO E CARGA DA CAMADA DE MATERIAL GRANULAR DO PAVIMENTO (BASE E/OU SUB-BASE)"},null,null,null,null,null,null,"RO-41773","SETOP",{"$f":"IF(K87=\"SINAPI\",VLOOKUP(J87,SINAPI,3,0),IF(K87=\"SETOP\",VLOOKUP(J87,SETOP,4,0),IF(K87=\"CPU\",VLOOKUP(J87,COMPOSIÇÃO,10,0),IF(K87=\"COTAÇÃO\",VLOOKUP(J87,COTAÇÃO,12,0),VLOOKUP(J87,DIVERSAS,3,0)))))","v":"M3"},{"$f":"E97","v":78.09},{"$f":"IF(K87=\"SINAPI\",VLOOKUP(J87,SINAPI,4,0),IF(K87=\"SETOP\",VLOOKUP(J87,SETOP,5,0),IF(K87=\"CPU\",VLOOKUP(J87,COMPOSIÇÃO,13,0),IF(K87=\"COTAÇÃO\",VLOOKUP(J87,COTAÇÃO,15,0),VLOOKUP(J87,DIVERSAS,4,0)))))","v":6.05},{"$f":"ROUND(N87*(1+$D$14),2)","v":7.52},{"$f":"ROUND(M87*N87,2)","v":472.44},{"$f":"ROUND(O87*M87,2)","v":587.24}]
[2000,null,"Pavimento em asfalto",null,{"$f":"E80","v":346.25},"M2","Projeto de demolição"]
[2000,null,"Altura",null,0.2,"M"]
[2000,null,"Sub total (volume do pavimento em asfalto)",null,{"$f":"E88*E89","v":69.25},"M3"]
[2000,null,"Área de demolição do asfalto para execução do sarjetão",null,{"$f":"E81","v":28.8},"M2","Projeto de demolição"]
[2000,null,"Altura",null,0.2,"M"]
[2000,null,"Sub total (volume do pavimento em asfalto)",null,{"$f":"E91*E92","v":5.7600000000000007},"M3"]
[2000,null,"Área  de bloquete a ser demolido para execução do sarjetão",null,{"$f":"E86","v":19.2},"M2","Projeto de demolição"]
[2000,null,"Altura",null,0.16,"M"]
[2000,null,"Sub total (volume do pavimento embloquete)",null,{"$f":"E94*E95","v":3.0720000000000001},"M3"]
[2000,null,"TOTAL",null,{"$f":"ROUNDUP(E90+E93+E96,2)","v":78.09},{"$f":"L87","v":"M3"}]
[{"$f":"LEFT(B98)","v":"3"},"3.1.5",{"$f":"IF(K98=\"SINAPI\",VLOOKUP(J98,SINAPI,2,0),IF(K98=\"SETOP\",VLOOKUP(J98,SETOP,3,0),IF(K98=\"CPU\",VLOOKUP(J98,COMPOSIÇÃO,2,0),IF(K98=\"COTAÇÃO\",VLOOKUP(J98,COTAÇÃO,3,0),VLOOKUP(J98,DIVERSAS,2,0)))))","v":"ESCAVAÇÃO, CARGA, DESCARGA, ESPALHAMENTO E TRANSPORTE DE MATERIAL DE 1ª CATEGORIA, COM CAMINHÃO. DISTÂNCIA MÉDIA DE TRANSPORTE  <= 200 M"},null,null,null,null,null,null,"RO-40148","SETOP",{"$f":"IF(K98=\"SINAPI\",VLOOKUP(J98,SINAPI,3,0),IF(K98=\"SETOP\",VLOOKUP(J98,SETOP,4,0),IF(K98=\"CPU\",VLOOKUP(J98,COMPOSIÇÃO,10,0),IF(K98=\"COTAÇÃO\",VLOOKUP(J98,COTAÇÃO,12,0),VLOOKUP(J98,DIVERSAS,3,0)))))","v":"M3"},{"$f":"E101","v":234.68},{"$f":"IF(K98=\"SINAPI\",VLOOKUP(J98,SINAPI,4,0),IF(K98=\"SETOP\",VLOOKUP(J98,SETOP,5,0),IF(K98=\"CPU\",VLOOKUP(J98,COMPOSIÇÃO,13,0),IF(K98=\"COTAÇÃO\",VLOOKUP(J98,COTAÇÃO,15,0),VLOOKUP(J98,DIVERSAS,4,0)))))","v":3.22},{"$f":"ROUND(N98*(1+$D$14),2)","v":4},{"$f":"ROUND(M98*N98,2)","v":755.67},{"$f":"ROUND(O98*M98,2)","v":938.72}]
[2000,null,null,"Área que receberá rachão",469.36,"M2"]
[2000,null,null,"Espessura",0.5,"M"]
[2000,null,"TOTAL",null,{"$f":"E99*E100","v":234.68},"M3"]
[{"$f":"LEFT(B102)","v":"3"},"3.1.6",{"$f":"IF(K102=\"SINAPI\",VLOOKUP(J102,SINAPI,2,0),IF(K102=\"SETOP\",VLOOKUP(J102,SETOP,3,0),IF(K102=\"CPU\",VLOOKUP(J102,COMPOSIÇÃO,2,0),IF(K102=\"COTAÇÃO\",VLOOKUP(J102,COTAÇÃO,3,0),VLOOKUP(J102,DIVERSAS,2,0)))))","v":"DEMOLIÇÃO DE SARJETA OU SARJETÃO DE CONCRETO"},null,null,null,null,null,null,"ED-48507","SETOP",{"$f":"IF(K102=\"SINAPI\",VLOOKUP(J102,SINAPI,3,0),IF(K102=\"SETOP\",VLOOKUP(J102,SETOP,4,0),IF(K102=\"CPU\",VLOOKUP(J102,COMPOSIÇÃO,10,0),IF(K102=\"COTAÇÃO\",VLOOKUP(J102,COTAÇÃO,12,0),VLOOKUP(J102,DIVERSAS,3,0)))))","v":"M2"},{"$f":"E105","v":22.85},{"$f":"IF(K102=\"SINAPI\",VLOOKUP(J102,SINAPI,4,0),IF(K102=\"SETOP\",VLOOKUP(J102,SETOP,5,0),IF(K102=\"CPU\",VLOOKUP(J102,COMPOSIÇÃO,13,0),IF(K102=\"COTAÇÃO\",VLOOKUP(J102,COTAÇÃO,15,0),VLOOKUP(J102,DIVERSAS,4,0)))))","v":12.85},{"$f":"ROUND(N102*(1+$D$14),2)","v":15.96},{"$f":"ROUND(M102*N102,2)","v":293.62},{"$f":"ROUND(O102*M102,2)","v":364.69}]
[{"$f":"2000","v":2000},null,"Comprimento total da sarjeta",null,45.7,"M"]
[{"$f":"2000","v":2000},null,"Largura",null,0.5,"M"]
[{"$f":"2000","v":2000},null,"TOTAL",null,{"$f":"E103*E104","v":22.85},{"$f":"L102","v":"M2"}]
[{"$f":"LEFT(B106)","v":"3"},"3.1.7",{"$f":"IF(K106=\"SINAPI\",VLOOKUP(J106,SINAPI,2,0),IF(K106=\"SETOP\",VLOOKUP(J106,SETOP,3,0),IF(K106=\"CPU\",VLOOKUP(J106,COMPOSIÇÃO,2,0),IF(K106=\"COTAÇÃO\",VLOOKUP(J106,COTAÇÃO,3,0),VLOOKUP(J106,DIVERSAS,2,0)))))","v":"CORTE RASO E RECORTE DE ÁRVORE COM DIÂMETRO DE TRONCO MAIOR OU IGUAL A 0,20 M E MENOR QUE 0,40 M.AF_05/2018"},null,null,null,null,null,null,98529,"SINAPI",{"$f":"IF(K106=\"SINAPI\",VLOOKUP(J106,SINAPI,3,0),IF(K106=\"SETOP\",VLOOKUP(J106,SETOP,4,0),IF(K106=\"CPU\",VLOOKUP(J106,COMPOSIÇÃO,10,0),IF(K106=\"COTAÇÃO\",VLOOKUP(J106,COTAÇÃO,12,0),VLOOKUP(J106,DIVERSAS,3,0)))))","v":"UN"},{"$f":"E109","v":142},{"$f":"IF(K106=\"SINAPI\",VLOOKUP(J106,SINAPI,4,0),IF(K106=\"SETOP\",VLOOKUP(J106,SETOP,5,0),IF(K106=\"CPU\",VLOOKUP(J106,COMPOSIÇÃO,13,0),IF(K106=\"COTAÇÃO\",VLOOKUP(J106,COTAÇÃO,15,0),VLOOKUP(J106,DIVERSAS,4,0)))))","v":57.17},{"$f":"ROUND(N106*(1+$D$14),2)","v":71.02},{"$f":"ROUND(M106*N106,2)","v":8118.14},{"$f":"ROUND(O106*M106,2)","v":10084.84}]
[2000,null,null,"Área da caçimba",564.1,"M2"]
[2000,null,null,"1 árvore a cada ",4,"M2"]
[2000,null,"Quantidade estimada de arvores",null,{"$f":"ROUNDUP(E107/E108,0)","v":142},"U"]
[{"$f":"LEFT(B110)","v":"3"},"3.1.8",{"$f":"IF(K110=\"SINAPI\",VLOOKUP(J110,SINAPI,2,0),IF(K110=\"SETOP\",VLOOKUP(J110,SETOP,3,0),IF(K110=\"CPU\",VLOOKUP(J110,COMPOSIÇÃO,2,0),IF(K110=\"COTAÇÃO\",VLOOKUP(J110,COTAÇÃO,3,0),VLOOKUP(J110,DIVERSAS,2,0)))))","v":"CARGA, MANOBRA E DESCARGA DE SOLOS E MATERIAIS GRANULARES EM CAMINHÃO BASCULANTE 10 M³ - CARGA COM ESCAVADEIRA HIDRÁULICA (CAÇAMBA DE 1,20 M³ / 155 HP) E DESCARGA LIVRE (UNIDADE: M3). AF_07/2020"},null,null,null,null,null,null,100978,"SINAPI",{"$f":"IF(K110=\"SINAPI\",VLOOKUP(J110,SINAPI,3,0),IF(K110=\"SETOP\",VLOOKUP(J110,SETOP,4,0),IF(K110=\"CPU\",VLOOKUP(J110,COMPOSIÇÃO,10,0),IF(K110=\"COTAÇÃO\",VLOOKUP(J110,COTAÇÃO,12,0),VLOOKUP(J110,DIVERSAS,3,0)))))","v":"M3"},{"$f":"E128","v":918.91280000000006},{"$f":"IF(K110=\"SINAPI\",VLOOKUP(J110,SINAPI,4,0),IF(K110=\"SETOP\",VLOOKUP(J110,SETOP,5,0),IF(K110=\"CPU\",VLOOKUP(J110,COMPOSIÇÃO,13,0),IF(K110=\"COTAÇÃO\",VLOOKUP(J110,COTAÇÃO,15,0),VLOOKUP(J110,DIVERSAS,4,0)))))","v":4.58},{"$f":"ROUND(N110*(1+$D$14),2)","v":5.69},{"$f":"ROUND(M110*N110,2)","v":4208.62},{"$f":"ROUND(O110*M110,2)","v":5228.6099999999997}]
[2000,null,null,"Quantidade de arvores",{"$f":"E109","v":142},"U",{"$f":"\"ITEM \"&B106","v":"ITEM 3.1.7"}]
[2000,null,null,"volume estimado ",1,"M3"]
[2000,null,null,"subtotal(volume de árvoes)",{"$f":"E111*E112","v":142},"M3"]
[2000,null,null,"área de limpeza da camada vegetal",{"$f":"E78","v":2309.86},"M2",{"$f":"\"ITEM \"&B77","v":"ITEM 3.1.1"}]
[2000,null,null,"Altura estimada",0.1,"M"]
[2000,null,null,"subtotal(volume de camada vegetal)",{"$f":"E114*E115","v":230.98600000000002},"M3"]
[2000,null,null,"Área do pavimento em bloquete",{"$f":"E86","v":19.2},"M2",{"$f":"\"ITEM \"&B85","v":"ITEM 3.1.3"}]
[2000,null,null,"Altura estimada",0.08,"M"]
[2000,null,null,"subtotal(volume de bloquete)",{"$f":"E117*E118","v":1.536},"M3"]
[{"$f":"2000","v":2000},null,"Área de sarjeta",null,{"$f":"E105","v":22.85},"M2",{"$f":"\"ITEM \"&B102","v":"ITEM 3.1.6"}]
[{"$f":"2000","v":2000},null,"Altura",null,0.2,"M"]
[{"$f":"2000","v":2000},null,null,"sub total(volume de sarjeta)",{"$f":"E121*E120","v":4.57},"M3"]
[2000,null,null,"Volume do pavimento em asfalto",{"$f":"E84","v":15.002000000000001},"M3",{"$f":"\"ITEM \"&B79","v":"ITEM 3.1.2"}]
[2000,null,null,"Volume escavado para rachão",{"$f":"E101","v":234.68},"M3",{"$f":"\"ITEM \"&B98","v":"ITEM 3.1.5"}]
[2000,null,null,"Volume da camada granular",{"$f":"(E96+E93+E90)","v":78.081999999999994},"M3",{"$f":"\"ITEM \"&B87","v":"ITEM 3.1.4"}]
[2000,null,null,"Volume total de material demolido",{"$f":"E123+E125+E122+E119+E116+E113+E124","v":706.85599999999999},"M3"]
[{"$f":"2000","v":2000},null,"Empolamento 30%",null,1.3]
[{"$f":"2000","v":2000},null,"TOTAL",null,{"$f":"E126*E127","v":918.91280000000006},{"$f":"L110","v":"M3"}]
[{"$f":"LEFT(B129)","v":"3"},"3.1.9",{"$f":"IF(K129=\"SINAPI\",VLOOKUP(J129,SINAPI,2,0),IF(K129=\"SETOP\",VLOOKUP(J129,SETOP,3,0),IF(K129=\"CPU\",VLOOKUP(J129,COMPOSIÇÃO,2,0),IF(K129=\"COTAÇÃO\",VLOOKUP(J129,COTAÇÃO,3,0),VLOOKUP(J129,DIVERSAS,2,0)))))","v":"TRANSPORTE COM CAMINHÃO BASCULANTE DE 10 M³, EM VIA URBANA PAVIMENTADA, DMT ATÉ 30 KM (UNIDADE: M3XKM). AF_07/2020"},null,null,null,null,null,null,95875,"SINAPI",{"$f":"IF(K129=\"SINAPI\",VLOOKUP(J129,SINAPI,3,0),IF(K129=\"SETOP\",VLOOKUP(J129,SETOP,4,0),IF(K129=\"CPU\",VLOOKUP(J129,COMPOSIÇÃO,10,0),IF(K129=\"COTAÇÃO\",VLOOKUP(J129,COTAÇÃO,12,0),VLOOKUP(J129,DIVERSAS,3,0)))))","v":"M3XKM"},{"$f":"E132","v":5237.8029600000009},{"$f":"IF(K129=\"SINAPI\",VLOOKUP(J129,SINAPI,4,0),IF(K129=\"SETOP\",VLOOKUP(J129,SETOP,5,0),IF(K129=\"CPU\",VLOOKUP(J129,COMPOSIÇÃO,13,0),IF(K129=\"COTAÇÃO\",VLOOKUP(J129,COTAÇÃO,15,0),VLOOKUP(J129,DIVERSAS,4,0)))))","v":1.61},{"$f":"ROUND(N129*(1+$D$14),2)","v":2},{"$f":"ROUND(M129*N129,2)","v":8432.86},{"$f":"ROUND(O129*M129,2)","v":10475.61}]
[2000,null,"Volume total de material demolido",null,{"$f":"E128","v":918.91280000000006},"M3"]
[2000,null,"DTM-Bota fora",null,5.7,"KM"]
[2000,null,"TOTAL",null,{"$f":"E130*E131","v":5237.8029600000009},{"$f":"L129","v":"M3XKM"}]
[{"$f":"LEFT(B133)","v":"3"},"3.1.10",{"$f":"IF(K133=\"SINAPI\",VLOOKUP(J133,SINAPI,2,0),IF(K133=\"SETOP\",VLOOKUP(J133,SETOP,3,0),IF(K133=\"CPU\",VLOOKUP(J133,COMPOSIÇÃO,2,0),IF(K133=\"COTAÇÃO\",VLOOKUP(J133,COTAÇÃO,3,0),VLOOKUP(J133,DIVERSAS,2,0)))))","v":"ESPALHAMENTO DE MATERIAL EM BOTA-FORA"},null,null,null,null,null,null,"RO-42263","SETOP",{"$f":"IF(K133=\"SINAPI\",VLOOKUP(J133,SINAPI,3,0),IF(K133=\"SETOP\",VLOOKUP(J133,SETOP,4,0),IF(K133=\"CPU\",VLOOKUP(J133,COMPOSIÇÃO,10,0),IF(K133=\"COTAÇÃO\",VLOOKUP(J133,COTAÇÃO,12,0),VLOOKUP(J133,DIVERSAS,3,0)))))","v":"M3"},{"$f":"E134","v":918.91280000000006},{"$f":"IF(K133=\"SINAPI\",VLOOKUP(J133,SINAPI,4,0),IF(K133=\"SETOP\",VLOOKUP(J133,SETOP,5,0),IF(K133=\"CPU\",VLOOKUP(J133,COMPOSIÇÃO,13,0),IF(K133=\"COTAÇÃO\",VLOOKUP(J133,COTAÇÃO,15,0),VLOOKUP(J133,DIVERSAS,4,0)))))","v":0.17},{"$f":"ROUND(N133*(1+$D$14),2)","v":0.21},{"$f":"ROUND(M133*N133,2)","v":156.22},{"$f":"ROUND(O133*M133,2)","v":192.97}]
[2000,null,"Volume do material",null,{"$f":"E128","v":918.91280000000006},"M3",{"$f":"\"ITEM \"&B110","v":"ITEM 3.1.8"}]
[null,"3.2","ESGOTAMENTO DE VALA"]
[{"$f":"LEFT(B136)","v":"3"},"3.2.1",{"$f":"IF(K136=\"SINAPI\",VLOOKUP(J136,SINAPI,2,0),IF(K136=\"SETOP\",VLOOKUP(J136,SETOP,3,0),IF(K136=\"CPU\",VLOOKUP(J136,COMPOSIÇÃO,2,0),IF(K136=\"COTAÇÃO\",VLOOKUP(J136,COTAÇÃO,3,0),VLOOKUP(J136,DIVERSAS,2,0)))))","v":"LOCACAO DE BOMBA SUBMERSIVEL PARA DRENAGEM E ESGOTAMENTO, MOTOR ELETRICO TRIFASICO, POTENCIA DE 1 CV, DIAMETRO DE RECALQUE DE 2\". FAIXA DE OPERACAO: Q=25 M3/H (+ OU - 1 M3/H) E AMT=2 M; Q=12 M3/H (+ OU - 2 M3/H) E AMT = 12 M (+ OU - 2 M)"},null,null,null,null,null,null,4084,"SINAPI",{"$f":"IF(K136=\"SINAPI\",VLOOKUP(J136,SINAPI,3,0),IF(K136=\"SETOP\",VLOOKUP(J136,SETOP,4,0),IF(K136=\"CPU\",VLOOKUP(J136,COMPOSIÇÃO,10,0),IF(K136=\"COTAÇÃO\",VLOOKUP(J136,COTAÇÃO,12,0),VLOOKUP(J136,DIVERSAS,3,0)))))","v":"H     "},{"$f":"E141","v":78},{"$f":"IF(K136=\"SINAPI\",VLOOKUP(J136,SINAPI,4,0),IF(K136=\"SETOP\",VLOOKUP(J136,SETOP,5,0),IF(K136=\"CPU\",VLOOKUP(J136,COMPOSIÇÃO,13,0),IF(K136=\"COTAÇÃO\",VLOOKUP(J136,COTAÇÃO,15,0),VLOOKUP(J136,DIVERSAS,4,0)))))","v":1.17},{"$f":"ROUND(N136*(1+$D$14),2)","v":1.45},{"$f":"ROUND(M136*N136,2)","v":91.26},{"$f":"ROUND(O136*M136,2)","v":113.1}]
[2000,null,"Extensão da rede",null,{"$f":"E38","v":130},"M"]
[2000,null,"Porcentagem considerada",null,30,"%","Para dias chuvosos"]
[2000,null,"Comprimento da rede que usará esgotamento",null,{"$f":"E137*(E138/100)","v":39},"M"]
[2000,null,"Tempo",null,2,"H/M"]
[2000,null,"TOTAL",null,{"$f":"E139*E140","v":78},{"$f":"L136","v":"H     "}]
[{"$f":"LEFT(B142)","v":"3"},"3.2.2",{"$f":"IF(K142=\"SINAPI\",VLOOKUP(J142,SINAPI,2,0),IF(K142=\"SETOP\",VLOOKUP(J142,SETOP,3,0),IF(K142=\"CPU\",VLOOKUP(J142,COMPOSIÇÃO,2,0),IF(K142=\"COTAÇÃO\",VLOOKUP(J142,COTAÇÃO,3,0),VLOOKUP(J142,DIVERSAS,2,0)))))","v":"GERADOR PARA BOMBA DE ESGOTAMENTO "},null,null,null,null,null,null,"DAC-3.1","CPU",{"$f":"IF(K142=\"SINAPI\",VLOOKUP(J142,SINAPI,3,0),IF(K142=\"SETOP\",VLOOKUP(J142,SETOP,4,0),IF(K142=\"CPU\",VLOOKUP(J142,COMPOSIÇÃO,10,0),IF(K142=\"COTAÇÃO\",VLOOKUP(J142,COTAÇÃO,12,0),VLOOKUP(J142,DIVERSAS,3,0)))))","v":"DIA"},{"$f":"E145","v":10},{"$f":"IF(K142=\"SINAPI\",VLOOKUP(J142,SINAPI,4,0),IF(K142=\"SETOP\",VLOOKUP(J142,SETOP,5,0),IF(K142=\"CPU\",VLOOKUP(J142,COMPOSIÇÃO,13,0),IF(K142=\"COTAÇÃO\",VLOOKUP(J142,COTAÇÃO,15,0),VLOOKUP(J142,DIVERSAS,4,0)))))","v":204.64},{"$f":"ROUND(N142*(1+$D$14),2)","v":254.22},{"$f":"ROUND(M142*N142,2)","v":2046.4},{"$f":"ROUND(O142*M142,2)","v":2542.1999999999998}]
[2000,null,"Total de uso da bomba ",null,{"$f":"E141","v":78},"H"]
[2000,null,"Tempo por dia",null,8,"H"]
[2000,null,"TOTAL",null,{"$f":"ROUNDUP(E143/E144,0)","v":10},"D"]
[null,"3.3","ESCAVAÇÃO MECÃNICA DE VALAS"]
[{"$f":"LEFT(B147)","v":"3"},"3.3.1",{"$f":"IF(K147=\"SINAPI\",VLOOKUP(J147,SINAPI,2,0),IF(K147=\"SETOP\",VLOOKUP(J147,SETOP,3,0),IF(K147=\"CPU\",VLOOKUP(J147,COMPOSIÇÃO,2,0),IF(K147=\"COTAÇÃO\",VLOOKUP(J147,COTAÇÃO,3,0),VLOOKUP(J147,DIVERSAS,2,0)))))","v":"ESCAVAÇÃO MECÂNICA DE VALAS COM DESCARGA LATERAL H <= 1,50 M"},null,null,null,null,null,null,"ED-51111","SETOP",{"$f":"IF(K147=\"SINAPI\",VLOOKUP(J147,SINAPI,3,0),IF(K147=\"SETOP\",VLOOKUP(J147,SETOP,4,0),IF(K147=\"CPU\",VLOOKUP(J147,COMPOSIÇÃO,10,0),IF(K147=\"COTAÇÃO\",VLOOKUP(J147,COTAÇÃO,12,0),VLOOKUP(J147,DIVERSAS,3,0)))))","v":"M3"},{"$f":"E148","v":489.4},{"$f":"IF(K147=\"SINAPI\",VLOOKUP(J147,SINAPI,4,0),IF(K147=\"SETOP\",VLOOKUP(J147,SETOP,5,0),IF(K147=\"CPU\",VLOOKUP(J147,COMPOSIÇÃO,13,0),IF(K147=\"COTAÇÃO\",VLOOKUP(J147,COTAÇÃO,15,0),VLOOKUP(J147,DIVERSAS,4,0)))))","v":4.45},{"$f":"ROUND(N147*(1+$D$14),2)","v":5.53},{"$f":"ROUND(M147*N147,2)","v":2177.83},{"$f":"ROUND(O147*M147,2)","v":2706.38}]
[2000,null,"Profundidade de vala até 1,50m",null,489.4,"M3"]
[{"$f":"LEFT(B149)","v":"3"},"3.3.2",{"$f":"IF(K149=\"SINAPI\",VLOOKUP(J149,SINAPI,2,0),IF(K149=\"SETOP\",VLOOKUP(J149,SETOP,3,0),IF(K149=\"CPU\",VLOOKUP(J149,COMPOSIÇÃO,2,0),IF(K149=\"COTAÇÃO\",VLOOKUP(J149,COTAÇÃO,3,0),VLOOKUP(J149,DIVERSAS,2,0)))))","v":"ESCAVAÇÃO MECÂNICA DE VALAS COM DESCARGA LATERAL 1,50 M < H <= 3,00 M"},null,null,null,null,null,null,"ED-51112","SETOP",{"$f":"IF(K149=\"SINAPI\",VLOOKUP(J149,SINAPI,3,0),IF(K149=\"SETOP\",VLOOKUP(J149,SETOP,4,0),IF(K149=\"CPU\",VLOOKUP(J149,COMPOSIÇÃO,10,0),IF(K149=\"COTAÇÃO\",VLOOKUP(J149,COTAÇÃO,12,0),VLOOKUP(J149,DIVERSAS,3,0)))))","v":"M3"},{"$f":"E150","v":180.23},{"$f":"IF(K149=\"SINAPI\",VLOOKUP(J149,SINAPI,4,0),IF(K149=\"SETOP\",VLOOKUP(J149,SETOP,5,0),IF(K149=\"CPU\",VLOOKUP(J149,COMPOSIÇÃO,13,0),IF(K149=\"COTAÇÃO\",VLOOKUP(J149,COTAÇÃO,15,0),VLOOKUP(J149,DIVERSAS,4,0)))))","v":5.33},{"$f":"ROUND(N149*(1+$D$14),2)","v":6.62},{"$f":"ROUND(M149*N149,2)","v":960.63},{"$f":"ROUND(O149*M149,2)","v":1193.1199999999999}]
[2000,null,"Profundidade de vala  de 1,50 até 3,00m",null,180.23,{"$f":"L149","v":"M3"}]
[{"$f":"LEFT(B151)","v":"3"},"3.3.3",{"$f":"IF(K151=\"SINAPI\",VLOOKUP(J151,SINAPI,2,0),IF(K151=\"SETOP\",VLOOKUP(J151,SETOP,3,0),IF(K151=\"CPU\",VLOOKUP(J151,COMPOSIÇÃO,2,0),IF(K151=\"COTAÇÃO\",VLOOKUP(J151,COTAÇÃO,3,0),VLOOKUP(J151,DIVERSAS,2,0)))))","v":"ESCAVAÇÃO MECÂNICA DE VALAS COM DESCARGA LATERAL 3,00 M < H <= 5,00 M"},null,null,null,null,null,null,"ED-51113","SETOP",{"$f":"IF(K151=\"SINAPI\",VLOOKUP(J151,SINAPI,3,0),IF(K151=\"SETOP\",VLOOKUP(J151,SETOP,4,0),IF(K151=\"CPU\",VLOOKUP(J151,COMPOSIÇÃO,10,0),IF(K151=\"COTAÇÃO\",VLOOKUP(J151,COTAÇÃO,12,0),VLOOKUP(J151,DIVERSAS,3,0)))))","v":"M3"},{"$f":"E152","v":0.28000000000000003},{"$f":"IF(K151=\"SINAPI\",VLOOKUP(J151,SINAPI,4,0),IF(K151=\"SETOP\",VLOOKUP(J151,SETOP,5,0),IF(K151=\"CPU\",VLOOKUP(J151,COMPOSIÇÃO,13,0),IF(K151=\"COTAÇÃO\",VLOOKUP(J151,COTAÇÃO,15,0),VLOOKUP(J151,DIVERSAS,4,0)))))","v":6.67},{"$f":"ROUND(N151*(1+$D$14),2)","v":8.2899999999999991},{"$f":"ROUND(M151*N151,2)","v":1.87},{"$f":"ROUND(O151*M151,2)","v":2.3199999999999998}]
[2000,null,"Profundidade de vala de 3,00 até 5,00m",null,0.28000000000000003,{"$f":"L151","v":"M3"}]
[null,"3.4","ATERRO/REATERRO DE VALAS SEM COMPACTAÇÃO"]
[{"$f":"LEFT(B154)","v":"3"},"3.4.1",{"$f":"IF(K154=\"SINAPI\",VLOOKUP(J154,SINAPI,2,0),IF(K154=\"SETOP\",VLOOKUP(J154,SETOP,3,0),IF(K154=\"CPU\",VLOOKUP(J154,COMPOSIÇÃO,2,0),IF(K154=\"COTAÇÃO\",VLOOKUP(J154,COTAÇÃO,3,0),VLOOKUP(J154,DIVERSAS,2,0)))))","v":"REATERRO MECANIZADO DE VALA COM RETROESCAVADEIRA (CAPACIDADE DA CAÇAMBA DA RETRO: 0,26 M³ / POTÊNCIA: 88 HP), LARGURA DE 0,8 A 1,5 M, PROFUNDIDADE ATÉ 1,5 M, COM SOLO DE 1ª CATEGORIA EM LOCAIS COM ALTO NÍVEL DE INTERFERÊNCIA. AF_04/2016"},null,null,null,null,null,null,93375,"SINAPI",{"$f":"IF(K154=\"SINAPI\",VLOOKUP(J154,SINAPI,3,0),IF(K154=\"SETOP\",VLOOKUP(J154,SETOP,4,0),IF(K154=\"CPU\",VLOOKUP(J154,COMPOSIÇÃO,10,0),IF(K154=\"COTAÇÃO\",VLOOKUP(J154,COTAÇÃO,12,0),VLOOKUP(J154,DIVERSAS,3,0)))))","v":"M3"},{"$f":"E155","v":420.65},{"$f":"IF(K154=\"SINAPI\",VLOOKUP(J154,SINAPI,4,0),IF(K154=\"SETOP\",VLOOKUP(J154,SETOP,5,0),IF(K154=\"CPU\",VLOOKUP(J154,COMPOSIÇÃO,13,0),IF(K154=\"COTAÇÃO\",VLOOKUP(J154,COTAÇÃO,15,0),VLOOKUP(J154,DIVERSAS,4,0)))))","v":16.63},{"$f":"ROUND(N154*(1+$D$14),2)","v":20.66},{"$f":"ROUND(M154*N154,2)","v":6995.41},{"$f":"ROUND(O154*M154,2)","v":8690.6299999999992}]
[2000,null,"Profundidade de vala até 1,50m",null,420.65,{"$f":"L154","v":"M3"}]
[{"$f":"LEFT(B156)","v":"3"},"3.4.2",{"$f":"IF(K156=\"SINAPI\",VLOOKUP(J156,SINAPI,2,0),IF(K156=\"SETOP\",VLOOKUP(J156,SETOP,3,0),IF(K156=\"CPU\",VLOOKUP(J156,COMPOSIÇÃO,2,0),IF(K156=\"COTAÇÃO\",VLOOKUP(J156,COTAÇÃO,3,0),VLOOKUP(J156,DIVERSAS,2,0)))))","v":"REATERRO MECANIZADO DE VALA COM RETROESCAVADEIRA (CAPACIDADE DA CAÇAMBA DA RETRO: 0,26 M³ / POTÊNCIA: 88 HP), LARGURA DE 0,8 A 1,5 M, PROFUNDIDADE DE 1,5 A 3,0 M, COM SOLO (SEM SUBSTITUIÇÃO) DE 1ª CATEGORIA EM LOCAIS COM ALTO NÍVEL DE INTERFERÊNCIA. AF_04/2016"},null,null,null,null,null,null,93377,"SINAPI",{"$f":"IF(K156=\"SINAPI\",VLOOKUP(J156,SINAPI,3,0),IF(K156=\"SETOP\",VLOOKUP(J156,SETOP,4,0),IF(K156=\"CPU\",VLOOKUP(J156,COMPOSIÇÃO,10,0),IF(K156=\"COTAÇÃO\",VLOOKUP(J156,COTAÇÃO,12,0),VLOOKUP(J156,DIVERSAS,3,0)))))","v":"M3"},{"$f":"E157","v":42.62},{"$f":"IF(K156=\"SINAPI\",VLOOKUP(J156,SINAPI,4,0),IF(K156=\"SETOP\",VLOOKUP(J156,SETOP,5,0),IF(K156=\"CPU\",VLOOKUP(J156,COMPOSIÇÃO,13,0),IF(K156=\"COTAÇÃO\",VLOOKUP(J156,COTAÇÃO,15,0),VLOOKUP(J156,DIVERSAS,4,0)))))","v":8.84},{"$f":"ROUND(N156*(1+$D$14),2)","v":10.98},{"$f":"ROUND(M156*N156,2)","v":376.76},{"$f":"ROUND(O156*M156,2)","v":467.97}]
[2000,null,"Profundidade de vala  de 1,50 até 3,00m",null,42.62,{"$f":"L156","v":"M3"}]
[{"$f":"LEFT(B158)","v":"3"},"3.4.3",{"$f":"IF(K158=\"SINAPI\",VLOOKUP(J158,SINAPI,2,0),IF(K158=\"SETOP\",VLOOKUP(J158,SETOP,3,0),IF(K158=\"CPU\",VLOOKUP(J158,COMPOSIÇÃO,2,0),IF(K158=\"COTAÇÃO\",VLOOKUP(J158,COTAÇÃO,3,0),VLOOKUP(J158,DIVERSAS,2,0)))))","v":"REATERRO MECANIZADO DE VALA COM ESCAVADEIRA HIDRÁULICA (CAPACIDADE DA CAÇAMBA: 0,8 M³ / POTÊNCIA: 111 HP), LARGURA DE 1,5 A 2,5 M, PROFUNDIDADE ATÉ 1,5 M, COM SOLO DE 1ª CATEGORIA EM LOCAIS COM ALTO NÍVEL DE INTERFERÊNCIA. AF_04/2016"},null,null,null,null,null,null,93360,"SINAPI",{"$f":"IF(K158=\"SINAPI\",VLOOKUP(J158,SINAPI,3,0),IF(K158=\"SETOP\",VLOOKUP(J158,SETOP,4,0),IF(K158=\"CPU\",VLOOKUP(J158,COMPOSIÇÃO,10,0),IF(K158=\"COTAÇÃO\",VLOOKUP(J158,COTAÇÃO,12,0),VLOOKUP(J158,DIVERSAS,3,0)))))","v":"M3"},{"$f":"E159","v":1.24},{"$f":"IF(K158=\"SINAPI\",VLOOKUP(J158,SINAPI,4,0),IF(K158=\"SETOP\",VLOOKUP(J158,SETOP,5,0),IF(K158=\"CPU\",VLOOKUP(J158,COMPOSIÇÃO,13,0),IF(K158=\"COTAÇÃO\",VLOOKUP(J158,COTAÇÃO,15,0),VLOOKUP(J158,DIVERSAS,4,0)))))","v":17.13},{"$f":"ROUND(N158*(1+$D$14),2)","v":21.28},{"$f":"ROUND(M158*N158,2)","v":21.24},{"$f":"ROUND(O158*M158,2)","v":26.39}]
[2000,null,"Profundidade de vala até 1,50m",null,1.24,{"$f":"L158","v":"M3"}]
[null,"3.5","COMPACTAÇÃO E APILOAMENTO"]
[{"$f":"LEFT(B161)","v":"3"},"3.5.1",{"$f":"IF(K161=\"SINAPI\",VLOOKUP(J161,SINAPI,2,0),IF(K161=\"SETOP\",VLOOKUP(J161,SETOP,3,0),IF(K161=\"CPU\",VLOOKUP(J161,COMPOSIÇÃO,2,0),IF(K161=\"COTAÇÃO\",VLOOKUP(J161,COTAÇÃO,3,0),VLOOKUP(J161,DIVERSAS,2,0)))))","v":"COMPACTAÇÃO DE ATERRO A 95% PROCTOR NORMAL"},null,null,null,null,null,null,"RO-40249","SETOP",{"$f":"IF(K161=\"SINAPI\",VLOOKUP(J161,SINAPI,3,0),IF(K161=\"SETOP\",VLOOKUP(J161,SETOP,4,0),IF(K161=\"CPU\",VLOOKUP(J161,COMPOSIÇÃO,10,0),IF(K161=\"COTAÇÃO\",VLOOKUP(J161,COTAÇÃO,12,0),VLOOKUP(J161,DIVERSAS,3,0)))))","v":"M3"},{"$f":"E165","v":464.51},{"$f":"IF(K161=\"SINAPI\",VLOOKUP(J161,SINAPI,4,0),IF(K161=\"SETOP\",VLOOKUP(J161,SETOP,5,0),IF(K161=\"CPU\",VLOOKUP(J161,COMPOSIÇÃO,13,0),IF(K161=\"COTAÇÃO\",VLOOKUP(J161,COTAÇÃO,15,0),VLOOKUP(J161,DIVERSAS,4,0)))))","v":2.6},{"$f":"ROUND(N161*(1+$D$14),2)","v":3.23},{"$f":"ROUND(M161*N161,2)","v":1207.73},{"$f":"ROUND(O161*M161,2)","v":1500.37}]
[2000,null,{"$f":"\"ITEM \"&B154","v":"ITEM 3.4.1"},null,{"$f":"M154","v":420.65},"M3"]
[2000,null,{"$f":"\"ITEM \"&B156","v":"ITEM 3.4.2"},null,{"$f":"M156","v":42.62},"M3"]
[2000,null,{"$f":"\"ITEM \"&B158","v":"ITEM 3.4.3"},null,{"$f":"M158","v":1.24},"M3"]
[2000,null,"TOTAL",null,{"$f":"SUM(E162:E164)","v":464.51},"M3"]
[null,"3.6","TROCA DO MATERIAL DE ATERRO"]
[{"$f":"LEFT(B167)","v":"3"},"3.6.1",{"$f":"IF(K167=\"SINAPI\",VLOOKUP(J167,SINAPI,2,0),IF(K167=\"SETOP\",VLOOKUP(J167,SETOP,3,0),IF(K167=\"CPU\",VLOOKUP(J167,COMPOSIÇÃO,2,0),IF(K167=\"COTAÇÃO\",VLOOKUP(J167,COTAÇÃO,3,0),VLOOKUP(J167,DIVERSAS,2,0)))))","v":"ARGILA OU BARRO PARA ATERRO/REATERRO (RETIRADO NA JAZIDA, SEM TRANSPORTE)"},null,null,null,null,null,null,6077,"SINAPI",{"$f":"IF(K167=\"SINAPI\",VLOOKUP(J167,SINAPI,3,0),IF(K167=\"SETOP\",VLOOKUP(J167,SETOP,4,0),IF(K167=\"CPU\",VLOOKUP(J167,COMPOSIÇÃO,10,0),IF(K167=\"COTAÇÃO\",VLOOKUP(J167,COTAÇÃO,12,0),VLOOKUP(J167,DIVERSAS,3,0)))))","v":"M3    "},{"$f":"E170","v":139.35299999999998},{"$f":"IF(K167=\"SINAPI\",VLOOKUP(J167,SINAPI,4,0),IF(K167=\"SETOP\",VLOOKUP(J167,SETOP,5,0),IF(K167=\"CPU\",VLOOKUP(J167,COMPOSIÇÃO,13,0),IF(K167=\"COTAÇÃO\",VLOOKUP(J167,COTAÇÃO,15,0),VLOOKUP(J167,DIVERSAS,4,0)))))","v":17.059999999999999},{"$f":"ROUND(N167*(1+$D$14),2)","v":21.19},{"$f":"ROUND(M167*N167,2)","v":2377.36},{"$f":"ROUND(O167*M167,2)","v":2952.89}]
[2000,null,"Volume total de reaterro",null,{"$f":"E155+E157+E159","v":464.51},"M3",{"$f":"\"ITEM \"&B153","v":"ITEM 3.4"}]
[2000,null,"Troca estimada do solo durante o aterro",null,30,"%"]
[2000,null,"TOTAL",null,{"$f":"E168*(E169/100)","v":139.35299999999998},"M3"]
[{"$f":"LEFT(B171,SEARCH(\".\",B171)-1)","v":"3"},"3.6.2",{"$f":"IF(K171=\"SINAPI\",VLOOKUP(J171,SINAPI,2,0),IF(K171=\"SETOP\",VLOOKUP(J171,SETOP,3,0),IF(K171=\"CPU\",VLOOKUP(J171,COMPOSIÇÃO,2,0),IF(K171=\"COTAÇÃO\",VLOOKUP(J171,COTAÇÃO,3,0),VLOOKUP(J171,DIVERSAS,2,0)))))","v":"ESCAVAÇÃO E CARGA DE MATERIAL DE JAZIDA (INCLUSIVE EXPURGO E CAPEAMENTO)"},null,null,null,null,null,null,"RO-41087","SETOP",{"$f":"IF(K171=\"SINAPI\",VLOOKUP(J171,SINAPI,3,0),IF(K171=\"SETOP\",VLOOKUP(J171,SETOP,4,0),IF(K171=\"CPU\",VLOOKUP(J171,COMPOSIÇÃO,10,0),IF(K171=\"COTAÇÃO\",VLOOKUP(J171,COTAÇÃO,12,0),VLOOKUP(J171,DIVERSAS,3,0)))))","v":"M3"},{"$f":"E172","v":181.15889999999999},{"$f":"IF(K171=\"SINAPI\",VLOOKUP(J171,SINAPI,4,0),IF(K171=\"SETOP\",VLOOKUP(J171,SETOP,5,0),IF(K171=\"CPU\",VLOOKUP(J171,COMPOSIÇÃO,13,0),IF(K171=\"COTAÇÃO\",VLOOKUP(J171,COTAÇÃO,15,0),VLOOKUP(J171,DIVERSAS,4,0)))))","v":5.53},{"$f":"ROUND(N171*(1+$D$14),2)","v":6.87},{"$f":"ROUND(M171*N171,2)","v":1001.81},{"$f":"ROUND(O171*M171,2)","v":1244.56}]
[{"$f":"2000","v":2000},null,"Volume de material de Jazida com empolamento de 30%",null,{"$f":"E170*1.3","v":181.15889999999999},"M3"]
[{"$f":"LEFT(B173)","v":"3"},"3.6.3",{"$f":"IF(K173=\"SINAPI\",VLOOKUP(J173,SINAPI,2,0),IF(K173=\"SETOP\",VLOOKUP(J173,SETOP,3,0),IF(K173=\"CPU\",VLOOKUP(J173,COMPOSIÇÃO,2,0),IF(K173=\"COTAÇÃO\",VLOOKUP(J173,COTAÇÃO,3,0),VLOOKUP(J173,DIVERSAS,2,0)))))","v":"CARGA, MANOBRA E DESCARGA DE SOLOS E MATERIAIS GRANULARES EM CAMINHÃO BASCULANTE 10 M³ - CARGA COM ESCAVADEIRA HIDRÁULICA (CAÇAMBA DE 1,20 M³ / 155 HP) E DESCARGA LIVRE (UNIDADE: M3). AF_07/2020"},null,null,null,null,null,null,100978,"SINAPI",{"$f":"IF(K173=\"SINAPI\",VLOOKUP(J173,SINAPI,3,0),IF(K173=\"SETOP\",VLOOKUP(J173,SETOP,4,0),IF(K173=\"CPU\",VLOOKUP(J173,COMPOSIÇÃO,10,0),IF(K173=\"COTAÇÃO\",VLOOKUP(J173,COTAÇÃO,12,0),VLOOKUP(J173,DIVERSAS,3,0)))))","v":"M3"},{"$f":"E176","v":181.15889999999999},{"$f":"IF(K173=\"SINAPI\",VLOOKUP(J173,SINAPI,4,0),IF(K173=\"SETOP\",VLOOKUP(J173,SETOP,5,0),IF(K173=\"CPU\",VLOOKUP(J173,COMPOSIÇÃO,13,0),IF(K173=\"COTAÇÃO\",VLOOKUP(J173,COTAÇÃO,15,0),VLOOKUP(J173,DIVERSAS,4,0)))))","v":4.58},{"$f":"ROUND(N173*(1+$D$14),2)","v":5.69},{"$f":"ROUND(M173*N173,2)","v":829.71},{"$f":"ROUND(O173*M173,2)","v":1030.79}]
[2000,null,"Volume de  solo",null,{"$f":"E170","v":139.35299999999998},"M3",{"$f":"\"ITEM \"&B167","v":"ITEM 3.6.1"}]
[2000,null,"Fator de empolamento",null,1.3]
[2000,null,"TOTAL",null,{"$f":"E174*E175","v":181.15889999999999},"M3"]
[{"$f":"LEFT(B177)","v":"3"},"3.6.4",{"$f":"IF(K177=\"SINAPI\",VLOOKUP(J177,SINAPI,2,0),IF(K177=\"SETOP\",VLOOKUP(J177,SETOP,3,0),IF(K177=\"CPU\",VLOOKUP(J177,COMPOSIÇÃO,2,0),IF(K177=\"COTAÇÃO\",VLOOKUP(J177,COTAÇÃO,3,0),VLOOKUP(J177,DIVERSAS,2,0)))))","v":"TRANSPORTE COM CAMINHÃO BASCULANTE DE 10 M³, EM VIA URBANA PAVIMENTADA, DMT ATÉ 30 KM (UNIDADE: M3XKM). AF_07/2020"},null,null,null,null,null,null,95875,"SINAPI",{"$f":"IF(K177=\"SINAPI\",VLOOKUP(J177,SINAPI,3,0),IF(K177=\"SETOP\",VLOOKUP(J177,SETOP,4,0),IF(K177=\"CPU\",VLOOKUP(J177,COMPOSIÇÃO,10,0),IF(K177=\"COTAÇÃO\",VLOOKUP(J177,COTAÇÃO,12,0),VLOOKUP(J177,DIVERSAS,3,0)))))","v":"M3XKM"},{"$f":"E180","v":1648.5459899999998},{"$f":"IF(K177=\"SINAPI\",VLOOKUP(J177,SINAPI,4,0),IF(K177=\"SETOP\",VLOOKUP(J177,SETOP,5,0),IF(K177=\"CPU\",VLOOKUP(J177,COMPOSIÇÃO,13,0),IF(K177=\"COTAÇÃO\",VLOOKUP(J177,COTAÇÃO,15,0),VLOOKUP(J177,DIVERSAS,4,0)))))","v":1.61},{"$f":"ROUND(N177*(1+$D$14),2)","v":2},{"$f":"ROUND(M177*N177,2)","v":2654.16},{"$f":"ROUND(O177*M177,2)","v":3297.09}]
[2000,null,"Volume total",null,{"$f":"E176","v":181.15889999999999},"M3",{"$f":"\"ITEM \"&B167","v":"ITEM 3.6.1"}]
[2000,null,"DTM-Britasul",null,9.1,"KM"]
[2000,null,"TOTAL",null,{"$f":"E178*E179","v":1648.5459899999998},{"$f":"L177","v":"M3XKM"}]
[null,"3.7","CARGA, DESCARGA E/OU TRANSPORTE DE MATERIAS"]
[{"$f":"LEFT(B182)","v":"3"},"3.7.1",{"$f":"IF(K182=\"SINAPI\",VLOOKUP(J182,SINAPI,2,0),IF(K182=\"SETOP\",VLOOKUP(J182,SETOP,3,0),IF(K182=\"CPU\",VLOOKUP(J182,COMPOSIÇÃO,2,0),IF(K182=\"COTAÇÃO\",VLOOKUP(J182,COTAÇÃO,3,0),VLOOKUP(J182,DIVERSAS,2,0)))))","v":"CARGA, MANOBRA E DESCARGA DE SOLOS E MATERIAIS GRANULARES EM CAMINHÃO BASCULANTE 10 M³ - CARGA COM ESCAVADEIRA HIDRÁULICA (CAÇAMBA DE 1,20 M³ / 155 HP) E DESCARGA LIVRE (UNIDADE: M3). AF_07/2020"},null,null,null,null,null,null,100978,"SINAPI",{"$f":"IF(K182=\"SINAPI\",VLOOKUP(J182,SINAPI,3,0),IF(K182=\"SETOP\",VLOOKUP(J182,SETOP,4,0),IF(K182=\"CPU\",VLOOKUP(J182,COMPOSIÇÃO,10,0),IF(K182=\"COTAÇÃO\",VLOOKUP(J182,COTAÇÃO,12,0),VLOOKUP(J182,DIVERSAS,3,0)))))","v":"M3"},{"$f":"E188","v":448.17889999999994},{"$f":"IF(K182=\"SINAPI\",VLOOKUP(J182,SINAPI,4,0),IF(K182=\"SETOP\",VLOOKUP(J182,SETOP,5,0),IF(K182=\"CPU\",VLOOKUP(J182,COMPOSIÇÃO,13,0),IF(K182=\"COTAÇÃO\",VLOOKUP(J182,COTAÇÃO,15,0),VLOOKUP(J182,DIVERSAS,4,0)))))","v":4.58},{"$f":"ROUND(N182*(1+$D$14),2)","v":5.69},{"$f":"ROUND(M182*N182,2)","v":2052.66},{"$f":"ROUND(O182*M182,2)","v":2550.14}]
[2000,null,"Volume total de corte",null,{"$f":"M147+M149+M151","v":669.91},"M3",{"$f":"\"ITEM \"&B146","v":"ITEM 3.3"}]
[2000,null,"Volume total de reaterro",null,{"$f":"M154+M156+M158","v":464.51},"M3",{"$f":"\"ITEM \"&B153","v":"ITEM 3.4"}]
[2000,null,"Volume de solo a ser trocado ",null,{"$f":"E170","v":139.35299999999998},"M3",{"$f":"\"ITEM \"&B167","v":"ITEM 3.6.1"}]
[2000,null,"Sub total (volume total de descarte)",null,{"$f":"E183-(E184-E185)","v":344.75299999999993},"M3"]
[2000,null,"Fator de empolamento",null,1.3]
[2000,null,"TOTAL",null,{"$f":"E186*E187","v":448.17889999999994},"M3"]
[{"$f":"LEFT(B189)","v":"3"},"3.7.2",{"$f":"IF(K189=\"SINAPI\",VLOOKUP(J189,SINAPI,2,0),IF(K189=\"SETOP\",VLOOKUP(J189,SETOP,3,0),IF(K189=\"CPU\",VLOOKUP(J189,COMPOSIÇÃO,2,0),IF(K189=\"COTAÇÃO\",VLOOKUP(J189,COTAÇÃO,3,0),VLOOKUP(J189,DIVERSAS,2,0)))))","v":"TRANSPORTE COM CAMINHÃO BASCULANTE DE 10 M³, EM VIA URBANA PAVIMENTADA, DMT ATÉ 30 KM (UNIDADE: M3XKM). AF_07/2020"},null,null,null,null,null,null,95875,"SINAPI",{"$f":"IF(K189=\"SINAPI\",VLOOKUP(J189,SINAPI,3,0),IF(K189=\"SETOP\",VLOOKUP(J189,SETOP,4,0),IF(K189=\"CPU\",VLOOKUP(J189,COMPOSIÇÃO,10,0),IF(K189=\"COTAÇÃO\",VLOOKUP(J189,COTAÇÃO,12,0),VLOOKUP(J189,DIVERSAS,3,0)))))","v":"M3XKM"},{"$f":"E192","v":2554.6197299999999},{"$f":"IF(K189=\"SINAPI\",VLOOKUP(J189,SINAPI,4,0),IF(K189=\"SETOP\",VLOOKUP(J189,SETOP,5,0),IF(K189=\"CPU\",VLOOKUP(J189,COMPOSIÇÃO,13,0),IF(K189=\"COTAÇÃO\",VLOOKUP(J189,COTAÇÃO,15,0),VLOOKUP(J189,DIVERSAS,4,0)))))","v":1.61},{"$f":"ROUND(N189*(1+$D$14),2)","v":2},{"$f":"ROUND(M189*N189,2)","v":4112.9399999999996},{"$f":"ROUND(O189*M189,2)","v":5109.24}]
[2000,null,"Volume total",null,{"$f":"E188","v":448.17889999999994},"M3",{"$f":"\"ITEM \"&B182","v":"ITEM 3.7.1"}]
[2000,null,"DTM-Bota fora",null,5.7,"KM"]
[2000,null,"TOTAL",null,{"$f":"E190*E191","v":2554.6197299999999},{"$f":"L189","v":"M3XKM"}]
[{"$f":"LEFT(B193)","v":"3"},"3.7.3",{"$f":"IF(K193=\"SINAPI\",VLOOKUP(J193,SINAPI,2,0),IF(K193=\"SETOP\",VLOOKUP(J193,SETOP,3,0),IF(K193=\"CPU\",VLOOKUP(J193,COMPOSIÇÃO,2,0),IF(K193=\"COTAÇÃO\",VLOOKUP(J193,COTAÇÃO,3,0),VLOOKUP(J193,DIVERSAS,2,0)))))","v":"ESPALHAMENTO DE MATERIAL EM BOTA-FORA"},null,null,null,null,null,null,"RO-42263","SETOP",{"$f":"IF(K193=\"SINAPI\",VLOOKUP(J193,SINAPI,3,0),IF(K193=\"SETOP\",VLOOKUP(J193,SETOP,4,0),IF(K193=\"CPU\",VLOOKUP(J193,COMPOSIÇÃO,10,0),IF(K193=\"COTAÇÃO\",VLOOKUP(J193,COTAÇÃO,12,0),VLOOKUP(J193,DIVERSAS,3,0)))))","v":"M3"},{"$f":"E194","v":448.17889999999994},{"$f":"IF(K193=\"SINAPI\",VLOOKUP(J193,SINAPI,4,0),IF(K193=\"SETOP\",VLOOKUP(J193,SETOP,5,0),IF(K193=\"CPU\",VLOOKUP(J193,COMPOSIÇÃO,13,0),IF(K193=\"COTAÇÃO\",VLOOKUP(J193,COTAÇÃO,15,0),VLOOKUP(J193,DIVERSAS,4,0)))))","v":0.17},{"$f":"ROUND(N193*(1+$D$14),2)","v":0.21},{"$f":"ROUND(M193*N193,2)","v":76.19},{"$f":"ROUND(O193*M193,2)","v":94.12}]
[{"$f":"2000","v":2000},null,"Volume do material",null,{"$f":"E188","v":448.17889999999994},"M3",{"$f":"\"ITEM \"&B182","v":"ITEM 3.7.1"}]
[null,"3.8","TERRAPLANAGEM"]
[{"$f":"LEFT(B196)","v":"3"},"3.8.1",{"$f":"IF(K196=\"SINAPI\",VLOOKUP(J196,SINAPI,2,0),IF(K196=\"SETOP\",VLOOKUP(J196,SETOP,3,0),IF(K196=\"CPU\",VLOOKUP(J196,COMPOSIÇÃO,2,0),IF(K196=\"COTAÇÃO\",VLOOKUP(J196,COTAÇÃO,3,0),VLOOKUP(J196,DIVERSAS,2,0)))))","v":"ESCAVAÇÃO, CARGA, DESCARGA, ESPALHAMENTO E TRANSPORTE DE MATERIAL DE 1ª CATEGORIA, COM CAMINHÃO. DISTÂNCIA MÉDIA DE TRANSPORTE  DE 201 A 400 M"},null,null,null,null,null,null,"RO-40149","SETOP",{"$f":"IF(K196=\"SINAPI\",VLOOKUP(J196,SINAPI,3,0),IF(K196=\"SETOP\",VLOOKUP(J196,SETOP,4,0),IF(K196=\"CPU\",VLOOKUP(J196,COMPOSIÇÃO,10,0),IF(K196=\"COTAÇÃO\",VLOOKUP(J196,COTAÇÃO,12,0),VLOOKUP(J196,DIVERSAS,3,0)))))","v":"M3"},{"$f":"E199","v":680.04300000000001},{"$f":"IF(K196=\"SINAPI\",VLOOKUP(J196,SINAPI,4,0),IF(K196=\"SETOP\",VLOOKUP(J196,SETOP,5,0),IF(K196=\"CPU\",VLOOKUP(J196,COMPOSIÇÃO,13,0),IF(K196=\"COTAÇÃO\",VLOOKUP(J196,COTAÇÃO,15,0),VLOOKUP(J196,DIVERSAS,4,0)))))","v":3.74},{"$f":"ROUND(N196*(1+$D$14),2)","v":4.6500000000000004},{"$f":"ROUND(M196*N196,2)","v":2543.36},{"$f":"ROUND(O196*M196,2)","v":3162.2}]
[2000,null,"Volume total de corte",null,523.11,"M3","Projeto de terraplenagem"]
[2000,null,"Fator de empolamento",null,1.3]
[2000,null,"TOTAL",null,{"$f":"E197*E198","v":680.04300000000001},"M3"]
[{"$f":"LEFT(B200)","v":"3"},"3.8.2",{"$f":"IF(K200=\"SINAPI\",VLOOKUP(J200,SINAPI,2,0),IF(K200=\"SETOP\",VLOOKUP(J200,SETOP,3,0),IF(K200=\"CPU\",VLOOKUP(J200,COMPOSIÇÃO,2,0),IF(K200=\"COTAÇÃO\",VLOOKUP(J200,COTAÇÃO,3,0),VLOOKUP(J200,DIVERSAS,2,0)))))","v":"ARGILA OU BARRO PARA ATERRO/REATERRO (RETIRADO NA JAZIDA, SEM TRANSPORTE)"},null,null,null,null,null,null,6077,"SINAPI",{"$f":"IF(K200=\"SINAPI\",VLOOKUP(J200,SINAPI,3,0),IF(K200=\"SETOP\",VLOOKUP(J200,SETOP,4,0),IF(K200=\"CPU\",VLOOKUP(J200,COMPOSIÇÃO,10,0),IF(K200=\"COTAÇÃO\",VLOOKUP(J200,COTAÇÃO,12,0),VLOOKUP(J200,DIVERSAS,3,0)))))","v":"M3    "},{"$f":"E201","v":301.29000000000002},{"$f":"IF(K200=\"SINAPI\",VLOOKUP(J200,SINAPI,4,0),IF(K200=\"SETOP\",VLOOKUP(J200,SETOP,5,0),IF(K200=\"CPU\",VLOOKUP(J200,COMPOSIÇÃO,13,0),IF(K200=\"COTAÇÃO\",VLOOKUP(J200,COTAÇÃO,15,0),VLOOKUP(J200,DIVERSAS,4,0)))))","v":17.059999999999999},{"$f":"ROUND(N200*(1+$D$14),2)","v":21.19},{"$f":"ROUND(M200*N200,2)","v":5140.01},{"$f":"ROUND(O200*M200,2)","v":6384.34}]
[2000,null,"Volume de solo para aterro",null,301.29000000000002,"M3","Projeto de terraplenagem"]
[{"$f":"LEFT(B202,SEARCH(\".\",B202)-1)","v":"3"},"3.8.3",{"$f":"IF(K202=\"SINAPI\",VLOOKUP(J202,SINAPI,2,0),IF(K202=\"SETOP\",VLOOKUP(J202,SETOP,3,0),IF(K202=\"CPU\",VLOOKUP(J202,COMPOSIÇÃO,2,0),IF(K202=\"COTAÇÃO\",VLOOKUP(J202,COTAÇÃO,3,0),VLOOKUP(J202,DIVERSAS,2,0)))))","v":"ESCAVAÇÃO E CARGA DE MATERIAL DE JAZIDA (INCLUSIVE EXPURGO E CAPEAMENTO)"},null,null,null,null,null,null,"RO-41087","SETOP",{"$f":"IF(K202=\"SINAPI\",VLOOKUP(J202,SINAPI,3,0),IF(K202=\"SETOP\",VLOOKUP(J202,SETOP,4,0),IF(K202=\"CPU\",VLOOKUP(J202,COMPOSIÇÃO,10,0),IF(K202=\"COTAÇÃO\",VLOOKUP(J202,COTAÇÃO,12,0),VLOOKUP(J202,DIVERSAS,3,0)))))","v":"M3"},{"$f":"E203","v":391.67700000000002},{"$f":"IF(K202=\"SINAPI\",VLOOKUP(J202,SINAPI,4,0),IF(K202=\"SETOP\",VLOOKUP(J202,SETOP,5,0),IF(K202=\"CPU\",VLOOKUP(J202,COMPOSIÇÃO,13,0),IF(K202=\"COTAÇÃO\",VLOOKUP(J202,COTAÇÃO,15,0),VLOOKUP(J202,DIVERSAS,4,0)))))","v":5.53},{"$f":"ROUND(N202*(1+$D$14),2)","v":6.87},{"$f":"ROUND(M202*N202,2)","v":2165.9699999999998},{"$f":"ROUND(O202*M202,2)","v":2690.82}]
[{"$f":"2000","v":2000},null,"Volume de materail de Jazida com empolamento de 30%",null,{"$f":"E201*1.3","v":391.67700000000002},"M3"]
[{"$f":"LEFT(B204)","v":"3"},"3.8.4",{"$f":"IF(K204=\"SINAPI\",VLOOKUP(J204,SINAPI,2,0),IF(K204=\"SETOP\",VLOOKUP(J204,SETOP,3,0),IF(K204=\"CPU\",VLOOKUP(J204,COMPOSIÇÃO,2,0),IF(K204=\"COTAÇÃO\",VLOOKUP(J204,COTAÇÃO,3,0),VLOOKUP(J204,DIVERSAS,2,0)))))","v":"CARGA, MANOBRA E DESCARGA DE SOLOS E MATERIAIS GRANULARES EM CAMINHÃO BASCULANTE 10 M³ - CARGA COM ESCAVADEIRA HIDRÁULICA (CAÇAMBA DE 1,20 M³ / 155 HP) E DESCARGA LIVRE (UNIDADE: M3). AF_07/2020"},null,null,null,null,null,null,100978,"SINAPI",{"$f":"IF(K204=\"SINAPI\",VLOOKUP(J204,SINAPI,3,0),IF(K204=\"SETOP\",VLOOKUP(J204,SETOP,4,0),IF(K204=\"CPU\",VLOOKUP(J204,COMPOSIÇÃO,10,0),IF(K204=\"COTAÇÃO\",VLOOKUP(J204,COTAÇÃO,12,0),VLOOKUP(J204,DIVERSAS,3,0)))))","v":"M3"},{"$f":"E207","v":391.67700000000002},{"$f":"IF(K204=\"SINAPI\",VLOOKUP(J204,SINAPI,4,0),IF(K204=\"SETOP\",VLOOKUP(J204,SETOP,5,0),IF(K204=\"CPU\",VLOOKUP(J204,COMPOSIÇÃO,13,0),IF(K204=\"COTAÇÃO\",VLOOKUP(J204,COTAÇÃO,15,0),VLOOKUP(J204,DIVERSAS,4,0)))))","v":4.58},{"$f":"ROUND(N204*(1+$D$14),2)","v":5.69},{"$f":"ROUND(M204*N204,2)","v":1793.88},{"$f":"ROUND(O204*M204,2)","v":2228.64}]
[2000,null,"Volume de  solo",null,{"$f":"E201","v":301.29000000000002},"M3",{"$f":"\"ITEM \"&B189","v":"ITEM 3.7.2"}]
[2000,null,"Fator de empolamento",null,1.3]
[2000,null,"TOTAL",null,{"$f":"E205*E206","v":391.67700000000002},"M3"]
[{"$f":"LEFT(B208)","v":"3"},"3.8.5",{"$f":"IF(K208=\"SINAPI\",VLOOKUP(J208,SINAPI,2,0),IF(K208=\"SETOP\",VLOOKUP(J208,SETOP,3,0),IF(K208=\"CPU\",VLOOKUP(J208,COMPOSIÇÃO,2,0),IF(K208=\"COTAÇÃO\",VLOOKUP(J208,COTAÇÃO,3,0),VLOOKUP(J208,DIVERSAS,2,0)))))","v":"TRANSPORTE COM CAMINHÃO BASCULANTE DE 10 M³, EM VIA URBANA PAVIMENTADA, DMT ATÉ 30 KM (UNIDADE: M3XKM). AF_07/2020"},null,null,null,null,null,null,95875,"SINAPI",{"$f":"IF(K208=\"SINAPI\",VLOOKUP(J208,SINAPI,3,0),IF(K208=\"SETOP\",VLOOKUP(J208,SETOP,4,0),IF(K208=\"CPU\",VLOOKUP(J208,COMPOSIÇÃO,10,0),IF(K208=\"COTAÇÃO\",VLOOKUP(J208,COTAÇÃO,12,0),VLOOKUP(J208,DIVERSAS,3,0)))))","v":"M3XKM"},{"$f":"E211","v":3564.2607000000003},{"$f":"IF(K208=\"SINAPI\",VLOOKUP(J208,SINAPI,4,0),IF(K208=\"SETOP\",VLOOKUP(J208,SETOP,5,0),IF(K208=\"CPU\",VLOOKUP(J208,COMPOSIÇÃO,13,0),IF(K208=\"COTAÇÃO\",VLOOKUP(J208,COTAÇÃO,15,0),VLOOKUP(J208,DIVERSAS,4,0)))))","v":1.61},{"$f":"ROUND(N208*(1+$D$14),2)","v":2},{"$f":"ROUND(M208*N208,2)","v":5738.46},{"$f":"ROUND(O208*M208,2)","v":7128.52}]
[2000,null,"Volume total",null,{"$f":"E207","v":391.67700000000002},"M3",{"$f":"\"ITEM \"&B200","v":"ITEM 3.8.2"}]
[2000,null,"DTM-Britasul",null,9.1,"KM"]
[2000,null,"TOTAL",null,{"$f":"E209*E210","v":3564.2607000000003},{"$f":"L208","v":"M3XKM"}]
[{"$f":"LEFT(B212)","v":"3"},"3.8.6",{"$f":"IF(K212=\"SINAPI\",VLOOKUP(J212,SINAPI,2,0),IF(K212=\"SETOP\",VLOOKUP(J212,SETOP,3,0),IF(K212=\"CPU\",VLOOKUP(J212,COMPOSIÇÃO,2,0),IF(K212=\"COTAÇÃO\",VLOOKUP(J212,COTAÇÃO,3,0),VLOOKUP(J212,DIVERSAS,2,0)))))","v":"EXECUÇÃO E COMPACTAÇÃO DE ATERRO COM SOLO PREDOMINANTEMENTE ARGILOSO - EXCLUSIVE SOLO, ESCAVAÇÃO, CARGA E TRANSPORTE. AF_11/2019"},null,null,null,null,null,null,96385,"SINAPI",{"$f":"IF(K212=\"SINAPI\",VLOOKUP(J212,SINAPI,3,0),IF(K212=\"SETOP\",VLOOKUP(J212,SETOP,4,0),IF(K212=\"CPU\",VLOOKUP(J212,COMPOSIÇÃO,10,0),IF(K212=\"COTAÇÃO\",VLOOKUP(J212,COTAÇÃO,12,0),VLOOKUP(J212,DIVERSAS,3,0)))))","v":"M3"},{"$f":"E213","v":824.4},{"$f":"IF(K212=\"SINAPI\",VLOOKUP(J212,SINAPI,4,0),IF(K212=\"SETOP\",VLOOKUP(J212,SETOP,5,0),IF(K212=\"CPU\",VLOOKUP(J212,COMPOSIÇÃO,13,0),IF(K212=\"COTAÇÃO\",VLOOKUP(J212,COTAÇÃO,15,0),VLOOKUP(J212,DIVERSAS,4,0)))))","v":7.86},{"$f":"ROUND(N212*(1+$D$14),2)","v":9.76},{"$f":"ROUND(M212*N212,2)","v":6479.78},{"$f":"ROUND(O212*M212,2)","v":8046.14}]
[2000,null,"Volume total",null,824.4,"M3","Projeto de terraplenagem"]
[1000,4,"ESCORAMENTO DE VALAS",null,null,null,null,null,null,null,null,null,null,null,null,{"$f":"SUMIF(A:A,B214,P:P)","v":35838.269999999997},{"$f":"SUMIF(A:A,B214,Q:Q)","v":44520.53}]
[{"$f":"LEFT(B215)","v":"4"},"4.1",{"$f":"IF(K215=\"SINAPI\",VLOOKUP(J215,SINAPI,2,0),IF(K215=\"SETOP\",VLOOKUP(J215,SETOP,3,0),IF(K215=\"CPU\",VLOOKUP(J215,COMPOSIÇÃO,2,0),IF(K215=\"COTAÇÃO\",VLOOKUP(J215,COTAÇÃO,3,0),VLOOKUP(J215,DIVERSAS,2,0)))))","v":"ESCORAMENTO DE VALA, TIPO PONTALETEAMENTO, COM PROFUNDIDADE DE 0 A 1,5 M, LARGURA MENOR QUE 1,5 M. AF_08/2020"},null,null,null,null,null,null,101570,"SINAPI",{"$f":"IF(K215=\"SINAPI\",VLOOKUP(J215,SINAPI,3,0),IF(K215=\"SETOP\",VLOOKUP(J215,SETOP,4,0),IF(K215=\"CPU\",VLOOKUP(J215,COMPOSIÇÃO,10,0),IF(K215=\"COTAÇÃO\",VLOOKUP(J215,COTAÇÃO,12,0),VLOOKUP(J215,DIVERSAS,3,0)))))","v":"M2"},{"$f":"E216","v":457.86},{"$f":"IF(K215=\"SINAPI\",VLOOKUP(J215,SINAPI,4,0),IF(K215=\"SETOP\",VLOOKUP(J215,SETOP,5,0),IF(K215=\"CPU\",VLOOKUP(J215,COMPOSIÇÃO,13,0),IF(K215=\"COTAÇÃO\",VLOOKUP(J215,COTAÇÃO,15,0),VLOOKUP(J215,DIVERSAS,4,0)))))","v":21.19},{"$f":"ROUND(N215*(1+$D$14),2)","v":26.32},{"$f":"ROUND(M215*N215,2)","v":9702.0499999999993},{"$f":"ROUND(O215*M215,2)","v":12050.88}]
[{"$f":"2000","v":2000},null,"Área das paredes dos ramais",null,457.86,"M2"]
[{"$f":"LEFT(B217)","v":"4"},"4.2",{"$f":"IF(K217=\"SINAPI\",VLOOKUP(J217,SINAPI,2,0),IF(K217=\"SETOP\",VLOOKUP(J217,SETOP,3,0),IF(K217=\"CPU\",VLOOKUP(J217,COMPOSIÇÃO,2,0),IF(K217=\"COTAÇÃO\",VLOOKUP(J217,COTAÇÃO,3,0),VLOOKUP(J217,DIVERSAS,2,0)))))","v":"ESCORAMENTO DE VALA TIPO CONTÍNUO EMPREGANDO PRANCHAS E LONGARINAS DE PEROBA"},null,null,null,null,null,null,"ED-51101","SETOP",{"$f":"IF(K217=\"SINAPI\",VLOOKUP(J217,SINAPI,3,0),IF(K217=\"SETOP\",VLOOKUP(J217,SETOP,4,0),IF(K217=\"CPU\",VLOOKUP(J217,COMPOSIÇÃO,10,0),IF(K217=\"COTAÇÃO\",VLOOKUP(J217,COTAÇÃO,12,0),VLOOKUP(J217,DIVERSAS,3,0)))))","v":"M2"},{"$f":"E218","v":194.7},{"$f":"IF(K217=\"SINAPI\",VLOOKUP(J217,SINAPI,4,0),IF(K217=\"SETOP\",VLOOKUP(J217,SETOP,5,0),IF(K217=\"CPU\",VLOOKUP(J217,COMPOSIÇÃO,13,0),IF(K217=\"COTAÇÃO\",VLOOKUP(J217,COTAÇÃO,15,0),VLOOKUP(J217,DIVERSAS,4,0)))))","v":61.05},{"$f":"ROUND(N217*(1+$D$14),2)","v":75.84},{"$f":"ROUND(M217*N217,2)","v":11886.44},{"$f":"ROUND(O217*M217,2)","v":14766.05}]
[{"$f":"2000","v":2000},null,"Área das paredes da rede entre 3,00 e 4,00m ",null,194.7,"M2"]
[{"$f":"LEFT(B219)","v":"4"},"4.3",{"$f":"IF(K219=\"SINAPI\",VLOOKUP(J219,SINAPI,2,0),IF(K219=\"SETOP\",VLOOKUP(J219,SETOP,3,0),IF(K219=\"CPU\",VLOOKUP(J219,COMPOSIÇÃO,2,0),IF(K219=\"COTAÇÃO\",VLOOKUP(J219,COTAÇÃO,3,0),VLOOKUP(J219,DIVERSAS,2,0)))))","v":"ESCORAMENTO DE VALA TIPO DESCONTÍNUO EMPREGANDO PRANCHAS E LONGARINAS DE PEROBA"},null,null,null,null,null,null,"ED-51102","SETOP",{"$f":"IF(K219=\"SINAPI\",VLOOKUP(J219,SINAPI,3,0),IF(K219=\"SETOP\",VLOOKUP(J219,SETOP,4,0),IF(K219=\"CPU\",VLOOKUP(J219,COMPOSIÇÃO,10,0),IF(K219=\"COTAÇÃO\",VLOOKUP(J219,COTAÇÃO,12,0),VLOOKUP(J219,DIVERSAS,3,0)))))","v":"M2"},{"$f":"E220","v":374.6},{"$f":"IF(K219=\"SINAPI\",VLOOKUP(J219,SINAPI,4,0),IF(K219=\"SETOP\",VLOOKUP(J219,SETOP,5,0),IF(K219=\"CPU\",VLOOKUP(J219,COMPOSIÇÃO,13,0),IF(K219=\"COTAÇÃO\",VLOOKUP(J219,COTAÇÃO,15,0),VLOOKUP(J219,DIVERSAS,4,0)))))","v":38.04},{"$f":"ROUND(N219*(1+$D$14),2)","v":47.26},{"$f":"ROUND(M219*N219,2)","v":14249.78},{"$f":"ROUND(O219*M219,2)","v":17703.599999999999}]
[{"$f":"2000","v":2000},null,"Área das paredes da rede até 3,00m",null,374.6,"M2"]
[1000,5,"PREPARAÇÃO DE FUNDO DE VALA",null,null,null,null,null,null,null,null,null,null,null,null,{"$f":"SUMIF(A:A,B221,P:P)","v":12473.93},{"$f":"SUMIF(A:A,B221,Q:Q)","v":15496.28}]
[{"$f":"LEFT(B222)","v":"5"},"5.1",{"$f":"IF(K222=\"SINAPI\",VLOOKUP(J222,SINAPI,2,0),IF(K222=\"SETOP\",VLOOKUP(J222,SETOP,3,0),IF(K222=\"CPU\",VLOOKUP(J222,COMPOSIÇÃO,2,0),IF(K222=\"COTAÇÃO\",VLOOKUP(J222,COTAÇÃO,3,0),VLOOKUP(J222,DIVERSAS,2,0)))))","v":"LASTRO DE CONCRETO MAGRO, INCLUSIVE TRANSPORTE, LANÇAMENTO E ADENSAMENTO "},null,null,null,null,null,null,"ED-49812","SETOP",{"$f":"IF(K222=\"SINAPI\",VLOOKUP(J222,SINAPI,3,0),IF(K222=\"SETOP\",VLOOKUP(J222,SETOP,4,0),IF(K222=\"CPU\",VLOOKUP(J222,COMPOSIÇÃO,10,0),IF(K222=\"COTAÇÃO\",VLOOKUP(J222,COTAÇÃO,12,0),VLOOKUP(J222,DIVERSAS,3,0)))))","v":"M3"},{"$f":"E223","v":34.119999999999997},{"$f":"IF(K222=\"SINAPI\",VLOOKUP(J222,SINAPI,4,0),IF(K222=\"SETOP\",VLOOKUP(J222,SETOP,5,0),IF(K222=\"CPU\",VLOOKUP(J222,COMPOSIÇÃO,13,0),IF(K222=\"COTAÇÃO\",VLOOKUP(J222,COTAÇÃO,15,0),VLOOKUP(J222,DIVERSAS,4,0)))))","v":365.59},{"$f":"ROUND(N222*(1+$D$14),2)","v":454.17},{"$f":"ROUND(M222*N222,2)","v":12473.93},{"$f":"ROUND(O222*M222,2)","v":15496.28}]
[{"$f":"2000","v":2000},null,"Volume de concreto para lastro",null,34.119999999999997,"M3"]
[1000,6,"ASSENTAMENTO DAS GALERIAS E DOS RAMAIS DE LIGAÇÃO",null,null,null,null,null,null,null,null,null,null,null,null,{"$f":"SUMIF(A:A,B224,P:P)","v":45705.11},{"$f":"SUMIF(A:A,B224,Q:Q)","v":56779.200000000004}]
[{"$f":"LEFT(B225)","v":"6"},"6.1",{"$f":"IF(K225=\"SINAPI\",VLOOKUP(J225,SINAPI,2,0),IF(K225=\"SETOP\",VLOOKUP(J225,SETOP,3,0),IF(K225=\"CPU\",VLOOKUP(J225,COMPOSIÇÃO,2,0),IF(K225=\"COTAÇÃO\",VLOOKUP(J225,COTAÇÃO,3,0),VLOOKUP(J225,DIVERSAS,2,0)))))","v":"TUBO DE CONCRETO ARMADO PARA AGUAS PLUVIAIS, CLASSE PA-2, COM ENCAIXE PONTA E BOLSA, DIAMETRO NOMINAL DE 500 MM"},null,null,null,null,null,null,7752,"SINAPI",{"$f":"IF(K225=\"SINAPI\",VLOOKUP(J225,SINAPI,3,0),IF(K225=\"SETOP\",VLOOKUP(J225,SETOP,4,0),IF(K225=\"CPU\",VLOOKUP(J225,COMPOSIÇÃO,10,0),IF(K225=\"COTAÇÃO\",VLOOKUP(J225,COTAÇÃO,12,0),VLOOKUP(J225,DIVERSAS,3,0)))))","v":"M     "},{"$f":"E226","v":124.71},{"$f":"IF(K225=\"SINAPI\",VLOOKUP(J225,SINAPI,4,0),IF(K225=\"SETOP\",VLOOKUP(J225,SETOP,5,0),IF(K225=\"CPU\",VLOOKUP(J225,COMPOSIÇÃO,13,0),IF(K225=\"COTAÇÃO\",VLOOKUP(J225,COTAÇÃO,15,0),VLOOKUP(J225,DIVERSAS,4,0)))))","v":95.67},{"$f":"ROUND(N225*(1+$D$14),2)","v":118.85},{"$f":"ROUND(M225*N225,2)","v":11931.01},{"$f":"ROUND(O225*M225,2)","v":14821.78}]
[{"$f":"2000","v":2000},null,"Extensão total",null,124.71,"M"]
[{"$f":"LEFT(B227)","v":"6"},"6.2",{"$f":"IF(K227=\"SINAPI\",VLOOKUP(J227,SINAPI,2,0),IF(K227=\"SETOP\",VLOOKUP(J227,SETOP,3,0),IF(K227=\"CPU\",VLOOKUP(J227,COMPOSIÇÃO,2,0),IF(K227=\"COTAÇÃO\",VLOOKUP(J227,COTAÇÃO,3,0),VLOOKUP(J227,DIVERSAS,2,0)))))","v":"ASSENTAMENTO DE TUBO DE CONCRETO PARA REDES COLETORAS DE ÁGUAS PLUVIAIS, DIÂMETRO DE 500 MM, JUNTA RÍGIDA, INSTALADO EM LOCAL COM ALTO NÍVEL DE INTERFERÊNCIAS (NÃO INCLUI FORNECIMENTO). AF_12/2015"},null,null,null,null,null,null,92822,"SINAPI",{"$f":"IF(K227=\"SINAPI\",VLOOKUP(J227,SINAPI,3,0),IF(K227=\"SETOP\",VLOOKUP(J227,SETOP,4,0),IF(K227=\"CPU\",VLOOKUP(J227,COMPOSIÇÃO,10,0),IF(K227=\"COTAÇÃO\",VLOOKUP(J227,COTAÇÃO,12,0),VLOOKUP(J227,DIVERSAS,3,0)))))","v":"M"},{"$f":"E228","v":124.71},{"$f":"IF(K227=\"SINAPI\",VLOOKUP(J227,SINAPI,4,0),IF(K227=\"SETOP\",VLOOKUP(J227,SETOP,5,0),IF(K227=\"CPU\",VLOOKUP(J227,COMPOSIÇÃO,13,0),IF(K227=\"COTAÇÃO\",VLOOKUP(J227,COTAÇÃO,15,0),VLOOKUP(J227,DIVERSAS,4,0)))))","v":58.53},{"$f":"ROUND(N227*(1+$D$14),2)","v":72.709999999999994},{"$f":"ROUND(M227*N227,2)","v":7299.28},{"$f":"ROUND(O227*M227,2)","v":9067.66}]
[{"$f":"2000","v":2000},null,"Extensão total",null,{"$f":"E226","v":124.71},"M"]
[{"$f":"LEFT(B229)","v":"6"},"6.3",{"$f":"IF(K229=\"SINAPI\",VLOOKUP(J229,SINAPI,2,0),IF(K229=\"SETOP\",VLOOKUP(J229,SETOP,3,0),IF(K229=\"CPU\",VLOOKUP(J229,COMPOSIÇÃO,2,0),IF(K229=\"COTAÇÃO\",VLOOKUP(J229,COTAÇÃO,3,0),VLOOKUP(J229,DIVERSAS,2,0)))))","v":"TUBO DE CONCRETO ARMADO PARA AGUAS PLUVIAIS, CLASSE PA-2, COM ENCAIXE PONTA E BOLSA, DIAMETRO NOMINAL DE 600 MM"},null,null,null,null,null,null,7762,"SINAPI",{"$f":"IF(K229=\"SINAPI\",VLOOKUP(J229,SINAPI,3,0),IF(K229=\"SETOP\",VLOOKUP(J229,SETOP,4,0),IF(K229=\"CPU\",VLOOKUP(J229,COMPOSIÇÃO,10,0),IF(K229=\"COTAÇÃO\",VLOOKUP(J229,COTAÇÃO,12,0),VLOOKUP(J229,DIVERSAS,3,0)))))","v":"M     "},{"$f":"E230","v":121},{"$f":"IF(K229=\"SINAPI\",VLOOKUP(J229,SINAPI,4,0),IF(K229=\"SETOP\",VLOOKUP(J229,SETOP,5,0),IF(K229=\"CPU\",VLOOKUP(J229,COMPOSIÇÃO,13,0),IF(K229=\"COTAÇÃO\",VLOOKUP(J229,COTAÇÃO,15,0),VLOOKUP(J229,DIVERSAS,4,0)))))","v":125.04},{"$f":"ROUND(N229*(1+$D$14),2)","v":155.34},{"$f":"ROUND(M229*N229,2)","v":15129.84},{"$f":"ROUND(O229*M229,2)","v":18796.14}]
[{"$f":"2000","v":2000},null,"Extensão total",null,121,"M"]
[{"$f":"LEFT(B231)","v":"6"},"6.4",{"$f":"IF(K231=\"SINAPI\",VLOOKUP(J231,SINAPI,2,0),IF(K231=\"SETOP\",VLOOKUP(J231,SETOP,3,0),IF(K231=\"CPU\",VLOOKUP(J231,COMPOSIÇÃO,2,0),IF(K231=\"COTAÇÃO\",VLOOKUP(J231,COTAÇÃO,3,0),VLOOKUP(J231,DIVERSAS,2,0)))))","v":"ASSENTAMENTO DE TUBO DE CONCRETO PARA REDES COLETORAS DE ÁGUAS PLUVIAIS, DIÂMETRO DE 600 MM, JUNTA RÍGIDA, INSTALADO EM LOCAL COM ALTO NÍVEL DE INTERFERÊNCIAS (NÃO INCLUI FORNECIMENTO). AF_12/2015"},null,null,null,null,null,null,92824,"SINAPI",{"$f":"IF(K231=\"SINAPI\",VLOOKUP(J231,SINAPI,3,0),IF(K231=\"SETOP\",VLOOKUP(J231,SETOP,4,0),IF(K231=\"CPU\",VLOOKUP(J231,COMPOSIÇÃO,10,0),IF(K231=\"COTAÇÃO\",VLOOKUP(J231,COTAÇÃO,12,0),VLOOKUP(J231,DIVERSAS,3,0)))))","v":"M"},{"$f":"E232","v":121},{"$f":"IF(K231=\"SINAPI\",VLOOKUP(J231,SINAPI,4,0),IF(K231=\"SETOP\",VLOOKUP(J231,SETOP,5,0),IF(K231=\"CPU\",VLOOKUP(J231,COMPOSIÇÃO,13,0),IF(K231=\"COTAÇÃO\",VLOOKUP(J231,COTAÇÃO,15,0),VLOOKUP(J231,DIVERSAS,4,0)))))","v":69.510000000000005},{"$f":"ROUND(N231*(1+$D$14),2)","v":86.35},{"$f":"ROUND(M231*N231,2)","v":8410.7099999999991},{"$f":"ROUND(O231*M231,2)","v":10448.35}]
[{"$f":"2000","v":2000},null,"Extensão total",null,{"$f":"E230","v":121},"M"]
[{"$f":"LEFT(B233)","v":"6"},"6.5",{"$f":"IF(K233=\"SINAPI\",VLOOKUP(J233,SINAPI,2,0),IF(K233=\"SETOP\",VLOOKUP(J233,SETOP,3,0),IF(K233=\"CPU\",VLOOKUP(J233,COMPOSIÇÃO,2,0),IF(K233=\"COTAÇÃO\",VLOOKUP(J233,COTAÇÃO,3,0),VLOOKUP(J233,DIVERSAS,2,0)))))","v":"TUBO DE CONCRETO ARMADO PARA AGUAS PLUVIAIS, CLASSE PA-2, COM ENCAIXE PONTA E BOLSA, DIAMETRO NOMINAL DE 800 MM"},null,null,null,null,null,null,7763,"SINAPI",{"$f":"IF(K233=\"SINAPI\",VLOOKUP(J233,SINAPI,3,0),IF(K233=\"SETOP\",VLOOKUP(J233,SETOP,4,0),IF(K233=\"CPU\",VLOOKUP(J233,COMPOSIÇÃO,10,0),IF(K233=\"COTAÇÃO\",VLOOKUP(J233,COTAÇÃO,12,0),VLOOKUP(J233,DIVERSAS,3,0)))))","v":"M     "},{"$f":"E234","v":9},{"$f":"IF(K233=\"SINAPI\",VLOOKUP(J233,SINAPI,4,0),IF(K233=\"SETOP\",VLOOKUP(J233,SETOP,5,0),IF(K233=\"CPU\",VLOOKUP(J233,COMPOSIÇÃO,13,0),IF(K233=\"COTAÇÃO\",VLOOKUP(J233,COTAÇÃO,15,0),VLOOKUP(J233,DIVERSAS,4,0)))))","v":233.13},{"$f":"ROUND(N233*(1+$D$14),2)","v":289.62},{"$f":"ROUND(M233*N233,2)","v":2098.17},{"$f":"ROUND(O233*M233,2)","v":2606.58}]
[{"$f":"2000","v":2000},null,"Extensão total",null,9,"M"]
[{"$f":"LEFT(B235)","v":"6"},"6.6",{"$f":"IF(K235=\"SINAPI\",VLOOKUP(J235,SINAPI,2,0),IF(K235=\"SETOP\",VLOOKUP(J235,SETOP,3,0),IF(K235=\"CPU\",VLOOKUP(J235,COMPOSIÇÃO,2,0),IF(K235=\"COTAÇÃO\",VLOOKUP(J235,COTAÇÃO,3,0),VLOOKUP(J235,DIVERSAS,2,0)))))","v":"ASSENTAMENTO DE TUBO DE CONCRETO PARA REDES COLETORAS DE ÁGUAS PLUVIAIS, DIÂMETRO DE 800 MM, JUNTA RÍGIDA, INSTALADO EM LOCAL COM ALTO NÍVEL DE INTERFERÊNCIAS (NÃO INCLUI FORNECIMENTO). AF_12/2015"},null,null,null,null,null,null,92826,"SINAPI",{"$f":"IF(K235=\"SINAPI\",VLOOKUP(J235,SINAPI,3,0),IF(K235=\"SETOP\",VLOOKUP(J235,SETOP,4,0),IF(K235=\"CPU\",VLOOKUP(J235,COMPOSIÇÃO,10,0),IF(K235=\"COTAÇÃO\",VLOOKUP(J235,COTAÇÃO,12,0),VLOOKUP(J235,DIVERSAS,3,0)))))","v":"M"},{"$f":"E236","v":9},{"$f":"IF(K235=\"SINAPI\",VLOOKUP(J235,SINAPI,4,0),IF(K235=\"SETOP\",VLOOKUP(J235,SETOP,5,0),IF(K235=\"CPU\",VLOOKUP(J235,COMPOSIÇÃO,13,0),IF(K235=\"COTAÇÃO\",VLOOKUP(J235,COTAÇÃO,15,0),VLOOKUP(J235,DIVERSAS,4,0)))))","v":92.9},{"$f":"ROUND(N235*(1+$D$14),2)","v":115.41},{"$f":"ROUND(M235*N235,2)","v":836.1},{"$f":"ROUND(O235*M235,2)","v":1038.69}]
[{"$f":"2000","v":2000},null,"Extensão total",null,{"$f":"E234","v":9},"M"]
[1000,7,"ESTRUTURA E DISPOSITIVOS HIDRÁULICOS ",null,null,null,null,null,null,null,null,null,null,null,null,{"$f":"SUMIF(A:A,B237,P:P)","v":196589.42},{"$f":"SUMIF(A:A,B237,Q:Q)","v":244219.49}]
[null,"7.1","POÇOS DE VISITA"]
[{"$f":"LEFT(B239)","v":"7"},"7.1.1",{"$f":"IF(K239=\"SINAPI\",VLOOKUP(J239,SINAPI,2,0),IF(K239=\"SETOP\",VLOOKUP(J239,SETOP,3,0),IF(K239=\"CPU\",VLOOKUP(J239,COMPOSIÇÃO,2,0),IF(K239=\"COTAÇÃO\",VLOOKUP(J239,COTAÇÃO,3,0),VLOOKUP(J239,DIVERSAS,2,0)))))","v":"POÇO DE VISITA - α (Ø 600 ÁTE 1000), INCLUINDO CIMBRAMENTO, CHAMINÉ E FORNECIMENTO DE TODOS OS MATERIAIS-PADRÃO DER-SP"},null,null,null,null,null,null,"DAC-7.1","CPU",{"$f":"IF(K239=\"SINAPI\",VLOOKUP(J239,SINAPI,3,0),IF(K239=\"SETOP\",VLOOKUP(J239,SETOP,4,0),IF(K239=\"CPU\",VLOOKUP(J239,COMPOSIÇÃO,10,0),IF(K239=\"COTAÇÃO\",VLOOKUP(J239,COTAÇÃO,12,0),VLOOKUP(J239,DIVERSAS,3,0)))))","v":"U"},{"$f":"E240","v":4},{"$f":"IF(K239=\"SINAPI\",VLOOKUP(J239,SINAPI,4,0),IF(K239=\"SETOP\",VLOOKUP(J239,SETOP,5,0),IF(K239=\"CPU\",VLOOKUP(J239,COMPOSIÇÃO,13,0),IF(K239=\"COTAÇÃO\",VLOOKUP(J239,COTAÇÃO,15,0),VLOOKUP(J239,DIVERSAS,4,0)))))","v":11386.061650006},{"$f":"ROUND(N239*(1+$D$14),2)","v":14144.9},{"$f":"ROUND(M239*N239,2)","v":45544.25},{"$f":"ROUND(O239*M239,2)","v":56579.6}]
[{"$f":"2000","v":2000},null,"Quantidade de PV-α (Ø 600 ÁTE 1000)",null,4,{"$f":"L239","v":"U"}]
[{"$f":"LEFT(B241)","v":"7"},"7.1.2",{"$f":"IF(K241=\"SINAPI\",VLOOKUP(J241,SINAPI,2,0),IF(K241=\"SETOP\",VLOOKUP(J241,SETOP,3,0),IF(K241=\"CPU\",VLOOKUP(J241,COMPOSIÇÃO,2,0),IF(K241=\"COTAÇÃO\",VLOOKUP(J241,COTAÇÃO,3,0),VLOOKUP(J241,DIVERSAS,2,0)))))","v":"POÇO DE VISITA - β (Ø 600 ÁTE 1000), INCLUINDO CIMBRAMENTO, CHAMINÉ, DISSIPADOR E FORNECIMENTO DE TODOS OS MATERIAIS-PADRÃO DER-SP"},null,null,null,null,null,null,"DAC-7.2","CPU",{"$f":"IF(K241=\"SINAPI\",VLOOKUP(J241,SINAPI,3,0),IF(K241=\"SETOP\",VLOOKUP(J241,SETOP,4,0),IF(K241=\"CPU\",VLOOKUP(J241,COMPOSIÇÃO,10,0),IF(K241=\"COTAÇÃO\",VLOOKUP(J241,COTAÇÃO,12,0),VLOOKUP(J241,DIVERSAS,3,0)))))","v":"U"},{"$f":"E242","v":3},{"$f":"IF(K241=\"SINAPI\",VLOOKUP(J241,SINAPI,4,0),IF(K241=\"SETOP\",VLOOKUP(J241,SETOP,5,0),IF(K241=\"CPU\",VLOOKUP(J241,COMPOSIÇÃO,13,0),IF(K241=\"COTAÇÃO\",VLOOKUP(J241,COTAÇÃO,15,0),VLOOKUP(J241,DIVERSAS,4,0)))))","v":19353.511287264999},{"$f":"ROUND(N241*(1+$D$14),2)","v":24042.87},{"$f":"ROUND(M241*N241,2)","v":58060.53},{"$f":"ROUND(O241*M241,2)","v":72128.61}]
[{"$f":"2000","v":2000},null,"Quantidade de PV-β (Ø 600 ÁTE 1000)",null,3,{"$f":"L241","v":"U"}]
[{"$f":"LEFT(B243,SEARCH(\".\",B243)-1)","v":"7"},"7.1.3",{"$f":"IF(K243=\"SINAPI\",VLOOKUP(J243,SINAPI,2,0),IF(K243=\"SETOP\",VLOOKUP(J243,SETOP,3,0),IF(K243=\"CPU\",VLOOKUP(J243,COMPOSIÇÃO,2,0),IF(K243=\"COTAÇÃO\",VLOOKUP(J243,COTAÇÃO,3,0),VLOOKUP(J243,DIVERSAS,2,0)))))","v":"TAMPÃO CIRCULAR EM FERRO FUNDIDO PARA POÇO DE VISITA, ARTICULADO COM DIÂMETRO DE 60CM, CLASSE 400, INCLUSIVE ASSENTAMENTO, EXCLUSIVE POÇO DE VISITA"},null,null,null,null,null,null,"ED-48666","SETOP",{"$f":"IF(K243=\"SINAPI\",VLOOKUP(J243,SINAPI,3,0),IF(K243=\"SETOP\",VLOOKUP(J243,SETOP,4,0),IF(K243=\"CPU\",VLOOKUP(J243,COMPOSIÇÃO,10,0),IF(K243=\"COTAÇÃO\",VLOOKUP(J243,COTAÇÃO,12,0),VLOOKUP(J243,DIVERSAS,3,0)))))","v":"UN"},{"$f":"E244","v":7},{"$f":"IF(K243=\"SINAPI\",VLOOKUP(J243,SINAPI,4,0),IF(K243=\"SETOP\",VLOOKUP(J243,SETOP,5,0),IF(K243=\"CPU\",VLOOKUP(J243,COMPOSIÇÃO,13,0),IF(K243=\"COTAÇÃO\",VLOOKUP(J243,COTAÇÃO,15,0),VLOOKUP(J243,DIVERSAS,4,0)))))","v":394.96},{"$f":"ROUND(N243*(1+$D$14),2)","v":490.66},{"$f":"ROUND(M243*N243,2)","v":2764.72},{"$f":"ROUND(O243*M243,2)","v":3434.62}]
[{"$f":"2000","v":2000},null,"Quantidade de poços de visita",null,{"$f":"E240+E242","v":7},{"$f":"L243","v":"UN"}]
[null,"7.2","BOCA DE LOBO"]
[{"$f":"LEFT(B246)","v":"7"},"7.2.1",{"$f":"IF(K246=\"SINAPI\",VLOOKUP(J246,SINAPI,2,0),IF(K246=\"SETOP\",VLOOKUP(J246,SETOP,3,0),IF(K246=\"CPU\",VLOOKUP(J246,COMPOSIÇÃO,2,0),IF(K246=\"COTAÇÃO\",VLOOKUP(J246,COTAÇÃO,3,0),VLOOKUP(J246,DIVERSAS,2,0)))))","v":"BOCA DE LOBO DUPLA TIPO A-FERRO FUNDIDO. INCLUSO QUADRO, GRELHA ,CANTONEIRA, ESCAVAÇÃO, REATERRO E BOTA-FORA"},null,null,null,null,null,null,"DAC-7.3","CPU",{"$f":"IF(K246=\"SINAPI\",VLOOKUP(J246,SINAPI,3,0),IF(K246=\"SETOP\",VLOOKUP(J246,SETOP,4,0),IF(K246=\"CPU\",VLOOKUP(J246,COMPOSIÇÃO,10,0),IF(K246=\"COTAÇÃO\",VLOOKUP(J246,COTAÇÃO,12,0),VLOOKUP(J246,DIVERSAS,3,0)))))","v":"U"},{"$f":"E247","v":10},{"$f":"IF(K246=\"SINAPI\",VLOOKUP(J246,SINAPI,4,0),IF(K246=\"SETOP\",VLOOKUP(J246,SETOP,5,0),IF(K246=\"CPU\",VLOOKUP(J246,COMPOSIÇÃO,13,0),IF(K246=\"COTAÇÃO\",VLOOKUP(J246,COTAÇÃO,15,0),VLOOKUP(J246,DIVERSAS,4,0)))))","v":2037.1247000000001},{"$f":"ROUND(N246*(1+$D$14),2)","v":2530.7199999999998},{"$f":"ROUND(M246*N246,2)","v":20371.25},{"$f":"ROUND(O246*M246,2)","v":25307.200000000001}]
[{"$f":"2000","v":2000},null,"Quantidade de BLCD",null,10,{"$f":"L246","v":"U"}]
[{"$f":"LEFT(B248)","v":"7"},"7.2.2",{"$f":"IF(K248=\"SINAPI\",VLOOKUP(J248,SINAPI,2,0),IF(K248=\"SETOP\",VLOOKUP(J248,SETOP,3,0),IF(K248=\"CPU\",VLOOKUP(J248,COMPOSIÇÃO,2,0),IF(K248=\"COTAÇÃO\",VLOOKUP(J248,COTAÇÃO,3,0),VLOOKUP(J248,DIVERSAS,2,0)))))","v":"BOCA DE LOBO TRIPLA TIPO A-FERRO FUNDIDO. INCLUSO QUADRO, GRELHA ,CANTONEIRA, ESCAVAÇÃO, REATERRO E BOTA-FORA"},null,null,null,null,null,null,"DAC-7.4","CPU",{"$f":"IF(K248=\"SINAPI\",VLOOKUP(J248,SINAPI,3,0),IF(K248=\"SETOP\",VLOOKUP(J248,SETOP,4,0),IF(K248=\"CPU\",VLOOKUP(J248,COMPOSIÇÃO,10,0),IF(K248=\"COTAÇÃO\",VLOOKUP(J248,COTAÇÃO,12,0),VLOOKUP(J248,DIVERSAS,3,0)))))","v":"U"},{"$f":"E249","v":4},{"$f":"IF(K248=\"SINAPI\",VLOOKUP(J248,SINAPI,4,0),IF(K248=\"SETOP\",VLOOKUP(J248,SETOP,5,0),IF(K248=\"CPU\",VLOOKUP(J248,COMPOSIÇÃO,13,0),IF(K248=\"COTAÇÃO\",VLOOKUP(J248,COTAÇÃO,15,0),VLOOKUP(J248,DIVERSAS,4,0)))))","v":3512.7162999999996},{"$f":"ROUND(N248*(1+$D$14),2)","v":4363.8500000000004},{"$f":"ROUND(M248*N248,2)","v":14050.87},{"$f":"ROUND(O248*M248,2)","v":17455.400000000001}]
[{"$f":"2000","v":2000},null,"Quantidade de BLCT",null,4,{"$f":"L248","v":"U"}]
[null,"7.3","MURO DE ALA "]
[{"$f":"LEFT(B251)","v":"7"},"7.3.1",{"$f":"IF(K251=\"SINAPI\",VLOOKUP(J251,SINAPI,2,0),IF(K251=\"SETOP\",VLOOKUP(J251,SETOP,3,0),IF(K251=\"CPU\",VLOOKUP(J251,COMPOSIÇÃO,2,0),IF(K251=\"COTAÇÃO\",VLOOKUP(J251,COTAÇÃO,3,0),VLOOKUP(J251,DIVERSAS,2,0)))))","v":"ALA DE REDE TUBULAR DN 800, EXCLUSIVE BOTA FORA"},null,null,null,null,null,null,"ED-48542","SETOP",{"$f":"IF(K251=\"SINAPI\",VLOOKUP(J251,SINAPI,3,0),IF(K251=\"SETOP\",VLOOKUP(J251,SETOP,4,0),IF(K251=\"CPU\",VLOOKUP(J251,COMPOSIÇÃO,10,0),IF(K251=\"COTAÇÃO\",VLOOKUP(J251,COTAÇÃO,12,0),VLOOKUP(J251,DIVERSAS,3,0)))))","v":"U"},{"$f":"E252","v":1},{"$f":"IF(K251=\"SINAPI\",VLOOKUP(J251,SINAPI,4,0),IF(K251=\"SETOP\",VLOOKUP(J251,SETOP,5,0),IF(K251=\"CPU\",VLOOKUP(J251,COMPOSIÇÃO,13,0),IF(K251=\"COTAÇÃO\",VLOOKUP(J251,COTAÇÃO,15,0),VLOOKUP(J251,DIVERSAS,4,0)))))","v":1101.5},{"$f":"ROUND(N251*(1+$D$14),2)","v":1368.39},{"$f":"ROUND(M251*N251,2)","v":1101.5},{"$f":"ROUND(O251*M251,2)","v":1368.39}]
[{"$f":"2000","v":2000},null,"Quantidade",null,1,{"$f":"L251","v":"U"}]
[null,"7.4","DISSIPADOR DE ENERGIA"]
[{"$f":"LEFT(B254)","v":"7"},"7.4.1",{"$f":"IF(K254=\"SINAPI\",VLOOKUP(J254,SINAPI,2,0),IF(K254=\"SETOP\",VLOOKUP(J254,SETOP,3,0),IF(K254=\"CPU\",VLOOKUP(J254,COMPOSIÇÃO,2,0),IF(K254=\"COTAÇÃO\",VLOOKUP(J254,COTAÇÃO,3,0),VLOOKUP(J254,DIVERSAS,2,0)))))","v":"DISSIPADOR DE ENERGIA PARA GALERIA DE DN 800, ENROCAMENTO DE PEDRA ARGAMASSADA"},null,null,null,null,null,null,"DAC-7.5","CPU",{"$f":"IF(K254=\"SINAPI\",VLOOKUP(J254,SINAPI,3,0),IF(K254=\"SETOP\",VLOOKUP(J254,SETOP,4,0),IF(K254=\"CPU\",VLOOKUP(J254,COMPOSIÇÃO,10,0),IF(K254=\"COTAÇÃO\",VLOOKUP(J254,COTAÇÃO,12,0),VLOOKUP(J254,DIVERSAS,3,0)))))","v":"U"},{"$f":"E255","v":1},{"$f":"IF(K254=\"SINAPI\",VLOOKUP(J254,SINAPI,4,0),IF(K254=\"SETOP\",VLOOKUP(J254,SETOP,5,0),IF(K254=\"CPU\",VLOOKUP(J254,COMPOSIÇÃO,13,0),IF(K254=\"COTAÇÃO\",VLOOKUP(J254,COTAÇÃO,15,0),VLOOKUP(J254,DIVERSAS,4,0)))))","v":1297.4564288000001},{"$f":"ROUND(N254*(1+$D$14),2)","v":1611.83},{"$f":"ROUND(M254*N254,2)","v":1297.46},{"$f":"ROUND(O254*M254,2)","v":1611.83}]
[{"$f":"2000","v":2000},null,"Quantidade",null,{"$f":"E252","v":1},{"$f":"L254","v":"U"},{"$f":"\"ITEM \"&B251","v":"ITEM 7.3.1"}]
[null,"7.5","DESCIDA D'ÁGUA TIPO DEGRAU"]
[{"$f":"LEFT(B257)","v":"7"},"7.5.1",{"$f":"IF(K257=\"SINAPI\",VLOOKUP(J257,SINAPI,2,0),IF(K257=\"SETOP\",VLOOKUP(J257,SETOP,3,0),IF(K257=\"CPU\",VLOOKUP(J257,COMPOSIÇÃO,2,0),IF(K257=\"COTAÇÃO\",VLOOKUP(J257,COTAÇÃO,3,0),VLOOKUP(J257,DIVERSAS,2,0)))))","v":"DESCIDA D'ÁGUA TIPO DEGRAU DN 800, INCLUSIVE APILOAMENTO E BOTA FORA"},null,null,null,null,null,null,"DAC-7.6","CPU",{"$f":"IF(K257=\"SINAPI\",VLOOKUP(J257,SINAPI,3,0),IF(K257=\"SETOP\",VLOOKUP(J257,SETOP,4,0),IF(K257=\"CPU\",VLOOKUP(J257,COMPOSIÇÃO,10,0),IF(K257=\"COTAÇÃO\",VLOOKUP(J257,COTAÇÃO,12,0),VLOOKUP(J257,DIVERSAS,3,0)))))","v":"M"},{"$f":"E258","v":13},{"$f":"IF(K257=\"SINAPI\",VLOOKUP(J257,SINAPI,4,0),IF(K257=\"SETOP\",VLOOKUP(J257,SETOP,5,0),IF(K257=\"CPU\",VLOOKUP(J257,COMPOSIÇÃO,13,0),IF(K257=\"COTAÇÃO\",VLOOKUP(J257,COTAÇÃO,15,0),VLOOKUP(J257,DIVERSAS,4,0)))))","v":849.91289999999992},{"$f":"ROUND(N257*(1+$D$14),2)","v":1055.8499999999999},{"$f":"ROUND(M257*N257,2)","v":11048.87},{"$f":"ROUND(O257*M257,2)","v":13726.05}]
[{"$f":"2000","v":2000},null,"Quantidade",null,13,{"$f":"L257","v":"M"}]
[null,"7.6","SARJETA E MEIO-FIO"]
[{"$f":"LEFT(B260)","v":"7"},"7.6.1",{"$f":"IF(K260=\"SINAPI\",VLOOKUP(J260,SINAPI,2,0),IF(K260=\"SETOP\",VLOOKUP(J260,SETOP,3,0),IF(K260=\"CPU\",VLOOKUP(J260,COMPOSIÇÃO,2,0),IF(K260=\"COTAÇÃO\",VLOOKUP(J260,COTAÇÃO,3,0),VLOOKUP(J260,DIVERSAS,2,0)))))","v":"SARJETA DE CONCRETO URBANO (SCU), TIPO 2, COM FCK 15 MPA, LARGURA DE 50CM COM INCLINAÇÃO DE 15%, ESP. 7CM, PADRÃO DEER-MG, EXCLUSIVE MEIO-FIO, INCLUSIVE ESCAVAÇÃO, APILAOMENTO E TRANSPORTE COM RETIRADA DO MATERIAL ESCAVADO (EM CAÇAMBA)"},null,null,null,null,null,null,"ED-14763","SETOP",{"$f":"IF(K260=\"SINAPI\",VLOOKUP(J260,SINAPI,3,0),IF(K260=\"SETOP\",VLOOKUP(J260,SETOP,4,0),IF(K260=\"CPU\",VLOOKUP(J260,COMPOSIÇÃO,10,0),IF(K260=\"COTAÇÃO\",VLOOKUP(J260,COTAÇÃO,12,0),VLOOKUP(J260,DIVERSAS,3,0)))))","v":"M"},{"$f":"E261","v":316.38},{"$f":"IF(K260=\"SINAPI\",VLOOKUP(J260,SINAPI,4,0),IF(K260=\"SETOP\",VLOOKUP(J260,SETOP,5,0),IF(K260=\"CPU\",VLOOKUP(J260,COMPOSIÇÃO,13,0),IF(K260=\"COTAÇÃO\",VLOOKUP(J260,COTAÇÃO,15,0),VLOOKUP(J260,DIVERSAS,4,0)))))","v":24.51},{"$f":"ROUND(N260*(1+$D$14),2)","v":30.45},{"$f":"ROUND(M260*N260,2)","v":7754.47},{"$f":"ROUND(O260*M260,2)","v":9633.77}]
[{"$f":"2000","v":2000},null,"Comprimento total de sarjeta ",null,316.38,{"$f":"L260","v":"M"},"Projeto de pavimentação"]
[{"$f":"LEFT(B262)","v":"7"},"7.6.2",{"$f":"IF(K262=\"SINAPI\",VLOOKUP(J262,SINAPI,2,0),IF(K262=\"SETOP\",VLOOKUP(J262,SETOP,3,0),IF(K262=\"CPU\",VLOOKUP(J262,COMPOSIÇÃO,2,0),IF(K262=\"COTAÇÃO\",VLOOKUP(J262,COTAÇÃO,3,0),VLOOKUP(J262,DIVERSAS,2,0)))))","v":"MEIO-FIO DE CONCRETO, TIPO DR.MF-01 (EXECUÇÃO, INCLUINDO ESCAVAÇÃO, FORNECIMENTO E TRANSPORTE DE TODOS OS MATERIAIS)"},null,null,null,null,null,null,"RO-40638","SETOP",{"$f":"IF(K262=\"SINAPI\",VLOOKUP(J262,SINAPI,3,0),IF(K262=\"SETOP\",VLOOKUP(J262,SETOP,4,0),IF(K262=\"CPU\",VLOOKUP(J262,COMPOSIÇÃO,10,0),IF(K262=\"COTAÇÃO\",VLOOKUP(J262,COTAÇÃO,12,0),VLOOKUP(J262,DIVERSAS,3,0)))))","v":"M"},{"$f":"E263","v":270.68},{"$f":"IF(K262=\"SINAPI\",VLOOKUP(J262,SINAPI,4,0),IF(K262=\"SETOP\",VLOOKUP(J262,SETOP,5,0),IF(K262=\"CPU\",VLOOKUP(J262,COMPOSIÇÃO,13,0),IF(K262=\"COTAÇÃO\",VLOOKUP(J262,COTAÇÃO,15,0),VLOOKUP(J262,DIVERSAS,4,0)))))","v":37.99},{"$f":"ROUND(N262*(1+$D$14),2)","v":47.19},{"$f":"ROUND(M262*N262,2)","v":10283.129999999999},{"$f":"ROUND(O262*M262,2)","v":12773.39}]
[{"$f":"2000","v":2000},null,"Comprimento total de meio-fio",null,270.68,{"$f":"L262","v":"M"},"Projeto de pavimentação"]
[{"$f":"LEFT(B264)","v":"7"},"7.6.3",{"$f":"IF(K264=\"SINAPI\",VLOOKUP(J264,SINAPI,2,0),IF(K264=\"SETOP\",VLOOKUP(J264,SETOP,3,0),IF(K264=\"CPU\",VLOOKUP(J264,COMPOSIÇÃO,2,0),IF(K264=\"COTAÇÃO\",VLOOKUP(J264,COTAÇÃO,3,0),VLOOKUP(J264,DIVERSAS,2,0)))))","v":"EXECUÇÃO DE SARJETÃO DE CONCRETO USINADO, MOLDADA  IN LOCO  EM TRECHO RETO, 100 CM BASE X 20 CM ALTURA. AF_06/2016"},null,null,null,null,null,null,94293,"SINAPI",{"$f":"IF(K264=\"SINAPI\",VLOOKUP(J264,SINAPI,3,0),IF(K264=\"SETOP\",VLOOKUP(J264,SETOP,4,0),IF(K264=\"CPU\",VLOOKUP(J264,COMPOSIÇÃO,10,0),IF(K264=\"COTAÇÃO\",VLOOKUP(J264,COTAÇÃO,12,0),VLOOKUP(J264,DIVERSAS,3,0)))))","v":"M"},{"$f":"E265","v":48},{"$f":"IF(K264=\"SINAPI\",VLOOKUP(J264,SINAPI,4,0),IF(K264=\"SETOP\",VLOOKUP(J264,SETOP,5,0),IF(K264=\"CPU\",VLOOKUP(J264,COMPOSIÇÃO,13,0),IF(K264=\"COTAÇÃO\",VLOOKUP(J264,COTAÇÃO,15,0),VLOOKUP(J264,DIVERSAS,4,0)))))","v":121.64},{"$f":"ROUND(N264*(1+$D$14),2)","v":151.11000000000001},{"$f":"ROUND(M264*N264,2)","v":5838.72},{"$f":"ROUND(O264*M264,2)","v":7253.28}]
[{"$f":"2000","v":2000},null,"Comprimento total de sarjetão",null,48,{"$f":"L264","v":"M"},"Projeto de drenagem"]
[null,"7.7","TERRAPLANAGEM DA BACIA DE ACUMULAÇÃO"]
[{"$f":"LEFT(B267)","v":"7"},"7.7.1",{"$f":"IF(K267=\"SINAPI\",VLOOKUP(J267,SINAPI,2,0),IF(K267=\"SETOP\",VLOOKUP(J267,SETOP,3,0),IF(K267=\"CPU\",VLOOKUP(J267,COMPOSIÇÃO,2,0),IF(K267=\"COTAÇÃO\",VLOOKUP(J267,COTAÇÃO,3,0),VLOOKUP(J267,DIVERSAS,2,0)))))","v":"ESCAVAÇÃO, CARGA, DESCARGA, ESPALHAMENTO E TRANSPORTE DE MATERIAL DE 1ª CATEGORIA, COM CAMINHÃO. DISTÂNCIA MÉDIA DE TRANSPORTE  DE 201 A 400 M"},null,null,null,null,null,null,"RO-40149","SETOP",{"$f":"IF(K267=\"SINAPI\",VLOOKUP(J267,SINAPI,3,0),IF(K267=\"SETOP\",VLOOKUP(J267,SETOP,4,0),IF(K267=\"CPU\",VLOOKUP(J267,COMPOSIÇÃO,10,0),IF(K267=\"COTAÇÃO\",VLOOKUP(J267,COTAÇÃO,12,0),VLOOKUP(J267,DIVERSAS,3,0)))))","v":"M3"},{"$f":"E270","v":463.84000000000003},{"$f":"IF(K267=\"SINAPI\",VLOOKUP(J267,SINAPI,4,0),IF(K267=\"SETOP\",VLOOKUP(J267,SETOP,5,0),IF(K267=\"CPU\",VLOOKUP(J267,COMPOSIÇÃO,13,0),IF(K267=\"COTAÇÃO\",VLOOKUP(J267,COTAÇÃO,15,0),VLOOKUP(J267,DIVERSAS,4,0)))))","v":3.74},{"$f":"ROUND(N267*(1+$D$14),2)","v":4.6500000000000004},{"$f":"ROUND(M267*N267,2)","v":1734.76},{"$f":"ROUND(O267*M267,2)","v":2156.86}]
[2000,null,"Volume total de corte para reaterro",null,356.8,"M3"]
[2000,null,"Fator de empolamento",null,1.3]
[2000,null,"TOTAL",null,{"$f":"E268*E269","v":463.84000000000003},"M3"]
[{"$f":"LEFT(B271)","v":"7"},"7.7.2",{"$f":"IF(K271=\"SINAPI\",VLOOKUP(J271,SINAPI,2,0),IF(K271=\"SETOP\",VLOOKUP(J271,SETOP,3,0),IF(K271=\"CPU\",VLOOKUP(J271,COMPOSIÇÃO,2,0),IF(K271=\"COTAÇÃO\",VLOOKUP(J271,COTAÇÃO,3,0),VLOOKUP(J271,DIVERSAS,2,0)))))","v":"EXECUÇÃO E COMPACTAÇÃO DE ATERRO COM SOLO PREDOMINANTEMENTE ARGILOSO - EXCLUSIVE SOLO, ESCAVAÇÃO, CARGA E TRANSPORTE. AF_11/2019"},null,null,null,null,null,null,96385,"SINAPI",{"$f":"IF(K271=\"SINAPI\",VLOOKUP(J271,SINAPI,3,0),IF(K271=\"SETOP\",VLOOKUP(J271,SETOP,4,0),IF(K271=\"CPU\",VLOOKUP(J271,COMPOSIÇÃO,10,0),IF(K271=\"COTAÇÃO\",VLOOKUP(J271,COTAÇÃO,12,0),VLOOKUP(J271,DIVERSAS,3,0)))))","v":"M3"},{"$f":"E272","v":356.8},{"$f":"IF(K271=\"SINAPI\",VLOOKUP(J271,SINAPI,4,0),IF(K271=\"SETOP\",VLOOKUP(J271,SETOP,5,0),IF(K271=\"CPU\",VLOOKUP(J271,COMPOSIÇÃO,13,0),IF(K271=\"COTAÇÃO\",VLOOKUP(J271,COTAÇÃO,15,0),VLOOKUP(J271,DIVERSAS,4,0)))))","v":7.86},{"$f":"ROUND(N271*(1+$D$14),2)","v":9.76},{"$f":"ROUND(M271*N271,2)","v":2804.45},{"$f":"ROUND(O271*M271,2)","v":3482.37}]
[2000,null,"Volume total",null,{"$f":"E268","v":356.8},"M3"]
[{"$f":"LEFT(B273)","v":"7"},"7.7.3",{"$f":"IF(K273=\"SINAPI\",VLOOKUP(J273,SINAPI,2,0),IF(K273=\"SETOP\",VLOOKUP(J273,SETOP,3,0),IF(K273=\"CPU\",VLOOKUP(J273,COMPOSIÇÃO,2,0),IF(K273=\"COTAÇÃO\",VLOOKUP(J273,COTAÇÃO,3,0),VLOOKUP(J273,DIVERSAS,2,0)))))","v":"ESCAVAÇÃO E CARGA MECANIZADA EM MATERIAL DE 1ª CATEGORIA"},null,null,null,null,null,null,"ED-51105","SETOP",{"$f":"IF(K273=\"SINAPI\",VLOOKUP(J273,SINAPI,3,0),IF(K273=\"SETOP\",VLOOKUP(J273,SETOP,4,0),IF(K273=\"CPU\",VLOOKUP(J273,COMPOSIÇÃO,10,0),IF(K273=\"COTAÇÃO\",VLOOKUP(J273,COTAÇÃO,12,0),VLOOKUP(J273,DIVERSAS,3,0)))))","v":"M3"},{"$f":"E274","v":356.8},{"$f":"IF(K273=\"SINAPI\",VLOOKUP(J273,SINAPI,4,0),IF(K273=\"SETOP\",VLOOKUP(J273,SETOP,5,0),IF(K273=\"CPU\",VLOOKUP(J273,COMPOSIÇÃO,13,0),IF(K273=\"COTAÇÃO\",VLOOKUP(J273,COTAÇÃO,15,0),VLOOKUP(J273,DIVERSAS,4,0)))))","v":3.3},{"$f":"ROUND(N273*(1+$D$14),2)","v":4.0999999999999996},{"$f":"ROUND(M273*N273,2)","v":1177.44},{"$f":"ROUND(O273*M273,2)","v":1462.88}]
[2000,null,"Volume total de corte para bota fora",null,356.8,"M3"]
[{"$f":"LEFT(B275)","v":"7"},"7.7.4",{"$f":"IF(K275=\"SINAPI\",VLOOKUP(J275,SINAPI,2,0),IF(K275=\"SETOP\",VLOOKUP(J275,SETOP,3,0),IF(K275=\"CPU\",VLOOKUP(J275,COMPOSIÇÃO,2,0),IF(K275=\"COTAÇÃO\",VLOOKUP(J275,COTAÇÃO,3,0),VLOOKUP(J275,DIVERSAS,2,0)))))","v":"CARGA, MANOBRA E DESCARGA DE SOLOS E MATERIAIS GRANULARES EM CAMINHÃO BASCULANTE 6 M³ - CARGA COM PÁ CARREGADEIRA (CAÇAMBA DE 1,7 A 2,8 M³ / 128 HP) E DESCARGA LIVRE (UNIDADE: M3). AF_07/2020"},null,null,null,null,null,null,100973,"SINAPI",{"$f":"IF(K275=\"SINAPI\",VLOOKUP(J275,SINAPI,3,0),IF(K275=\"SETOP\",VLOOKUP(J275,SETOP,4,0),IF(K275=\"CPU\",VLOOKUP(J275,COMPOSIÇÃO,10,0),IF(K275=\"COTAÇÃO\",VLOOKUP(J275,COTAÇÃO,12,0),VLOOKUP(J275,DIVERSAS,3,0)))))","v":"M3"},{"$f":"E278","v":463.84000000000003},{"$f":"IF(K275=\"SINAPI\",VLOOKUP(J275,SINAPI,4,0),IF(K275=\"SETOP\",VLOOKUP(J275,SETOP,5,0),IF(K275=\"CPU\",VLOOKUP(J275,COMPOSIÇÃO,13,0),IF(K275=\"COTAÇÃO\",VLOOKUP(J275,COTAÇÃO,15,0),VLOOKUP(J275,DIVERSAS,4,0)))))","v":6.25},{"$f":"ROUND(N275*(1+$D$14),2)","v":7.76},{"$f":"ROUND(M275*N275,2)","v":2899},{"$f":"ROUND(O275*M275,2)","v":3599.4}]
[2000,null,"Volume total",null,{"$f":"E274","v":356.8},"M3"]
[2000,null,"Fator de empolamento",null,1.3]
[2000,null,"TOTAL",null,{"$f":"E276*E277","v":463.84000000000003},"M3"]
[{"$f":"LEFT(B279)","v":"7"},"7.7.5",{"$f":"IF(K279=\"SINAPI\",VLOOKUP(J279,SINAPI,2,0),IF(K279=\"SETOP\",VLOOKUP(J279,SETOP,3,0),IF(K279=\"CPU\",VLOOKUP(J279,COMPOSIÇÃO,2,0),IF(K279=\"COTAÇÃO\",VLOOKUP(J279,COTAÇÃO,3,0),VLOOKUP(J279,DIVERSAS,2,0)))))","v":"TRANSPORTE COM CAMINHÃO BASCULANTE DE 10 M³, EM VIA URBANA PAVIMENTADA, DMT ATÉ 30 KM (UNIDADE: M3XKM). AF_07/2020"},null,null,null,null,null,null,95875,"SINAPI",{"$f":"IF(K279=\"SINAPI\",VLOOKUP(J279,SINAPI,3,0),IF(K279=\"SETOP\",VLOOKUP(J279,SETOP,4,0),IF(K279=\"CPU\",VLOOKUP(J279,COMPOSIÇÃO,10,0),IF(K279=\"COTAÇÃO\",VLOOKUP(J279,COTAÇÃO,12,0),VLOOKUP(J279,DIVERSAS,3,0)))))","v":"M3XKM"},{"$f":"E282","v":2365.5839999999998},{"$f":"IF(K279=\"SINAPI\",VLOOKUP(J279,SINAPI,4,0),IF(K279=\"SETOP\",VLOOKUP(J279,SETOP,5,0),IF(K279=\"CPU\",VLOOKUP(J279,COMPOSIÇÃO,13,0),IF(K279=\"COTAÇÃO\",VLOOKUP(J279,COTAÇÃO,15,0),VLOOKUP(J279,DIVERSAS,4,0)))))","v":1.61},{"$f":"ROUND(N279*(1+$D$14),2)","v":2},{"$f":"ROUND(M279*N279,2)","v":3808.59},{"$f":"ROUND(O279*M279,2)","v":4731.17}]
[2000,null,"Volume total",null,{"$f":"E278","v":463.84000000000003},"M3"]
[2000,null,"DTM-BOTA-FORA",null,5.0999999999999996,"KM"]
[2000,null,"TOTAL",null,{"$f":"E280*E281","v":2365.5839999999998},"KM"]
[{"$f":"LEFT(B283)","v":"7"},"7.7.6",{"$f":"IF(K283=\"SINAPI\",VLOOKUP(J283,SINAPI,2,0),IF(K283=\"SETOP\",VLOOKUP(J283,SETOP,3,0),IF(K283=\"CPU\",VLOOKUP(J283,COMPOSIÇÃO,2,0),IF(K283=\"COTAÇÃO\",VLOOKUP(J283,COTAÇÃO,3,0),VLOOKUP(J283,DIVERSAS,2,0)))))","v":"ESPALHAMENTO DE MATERIAL EM BOTA-FORA"},null,null,null,null,null,null,"RO-42263","SETOP",{"$f":"IF(K283=\"SINAPI\",VLOOKUP(J283,SINAPI,3,0),IF(K283=\"SETOP\",VLOOKUP(J283,SETOP,4,0),IF(K283=\"CPU\",VLOOKUP(J283,COMPOSIÇÃO,10,0),IF(K283=\"COTAÇÃO\",VLOOKUP(J283,COTAÇÃO,12,0),VLOOKUP(J283,DIVERSAS,3,0)))))","v":"M3"},{"$f":"E284","v":463.84000000000003},{"$f":"IF(K283=\"SINAPI\",VLOOKUP(J283,SINAPI,4,0),IF(K283=\"SETOP\",VLOOKUP(J283,SETOP,5,0),IF(K283=\"CPU\",VLOOKUP(J283,COMPOSIÇÃO,13,0),IF(K283=\"COTAÇÃO\",VLOOKUP(J283,COTAÇÃO,15,0),VLOOKUP(J283,DIVERSAS,4,0)))))","v":0.17},{"$f":"ROUND(N283*(1+$D$14),2)","v":0.21},{"$f":"ROUND(M283*N283,2)","v":78.849999999999994},{"$f":"ROUND(O283*M283,2)","v":97.41}]
[2000,null,"Volume total",null,{"$f":"E278","v":463.84000000000003},"M3"]
[null,"7.8","DRENO DE PAVIMENTO"]
[{"$f":"LEFT(B286)","v":"7"},"7.8.1",{"$f":"IF(K286=\"SINAPI\",VLOOKUP(J286,SINAPI,2,0),IF(K286=\"SETOP\",VLOOKUP(J286,SETOP,3,0),IF(K286=\"CPU\",VLOOKUP(J286,COMPOSIÇÃO,2,0),IF(K286=\"COTAÇÃO\",VLOOKUP(J286,COTAÇÃO,3,0),VLOOKUP(J286,DIVERSAS,2,0)))))","v":"FORNECIMENTO E ASSENTAMENTO DE TUBO PVC FLEXÍVEL CORRUGADO, PERFURADO, DN 100 MM (4\"), PARA DRENAGEM"},null,null,null,null,null,null,"ED-48689","SETOP",{"$f":"IF(K286=\"SINAPI\",VLOOKUP(J286,SINAPI,3,0),IF(K286=\"SETOP\",VLOOKUP(J286,SETOP,4,0),IF(K286=\"CPU\",VLOOKUP(J286,COMPOSIÇÃO,10,0),IF(K286=\"COTAÇÃO\",VLOOKUP(J286,COTAÇÃO,12,0),VLOOKUP(J286,DIVERSAS,3,0)))))","v":"M"},{"$f":"E287","v":95.75},{"$f":"IF(K286=\"SINAPI\",VLOOKUP(J286,SINAPI,4,0),IF(K286=\"SETOP\",VLOOKUP(J286,SETOP,5,0),IF(K286=\"CPU\",VLOOKUP(J286,COMPOSIÇÃO,13,0),IF(K286=\"COTAÇÃO\",VLOOKUP(J286,COTAÇÃO,15,0),VLOOKUP(J286,DIVERSAS,4,0)))))","v":15.84},{"$f":"ROUND(N286*(1+$D$14),2)","v":19.68},{"$f":"ROUND(M286*N286,2)","v":1516.68},{"$f":"ROUND(O286*M286,2)","v":1884.36}]
[{"$f":"2000","v":2000},null,"Comprimento",null,95.75,{"$f":"L286","v":"M"}]
[{"$f":"LEFT(B288)","v":"7"},"7.8.2",{"$f":"IF(K288=\"SINAPI\",VLOOKUP(J288,SINAPI,2,0),IF(K288=\"SETOP\",VLOOKUP(J288,SETOP,3,0),IF(K288=\"CPU\",VLOOKUP(J288,COMPOSIÇÃO,2,0),IF(K288=\"COTAÇÃO\",VLOOKUP(J288,COTAÇÃO,3,0),VLOOKUP(J288,DIVERSAS,2,0)))))","v":"FORNECIMENTO E ASSENTAMENTO DE TUBO PVC RÍGIDO, DRENAGEM/PLUVIAL, PBV - SÉRIE NORMAL, DN 100 MM (4\"), INCLUSIVE CONEXÕES"},null,null,null,null,null,null,"ED-48669","SETOP",{"$f":"IF(K288=\"SINAPI\",VLOOKUP(J288,SINAPI,3,0),IF(K288=\"SETOP\",VLOOKUP(J288,SETOP,4,0),IF(K288=\"CPU\",VLOOKUP(J288,COMPOSIÇÃO,10,0),IF(K288=\"COTAÇÃO\",VLOOKUP(J288,COTAÇÃO,12,0),VLOOKUP(J288,DIVERSAS,3,0)))))","v":"M"},{"$f":"E289","v":14.35},{"$f":"IF(K288=\"SINAPI\",VLOOKUP(J288,SINAPI,4,0),IF(K288=\"SETOP\",VLOOKUP(J288,SETOP,5,0),IF(K288=\"CPU\",VLOOKUP(J288,COMPOSIÇÃO,13,0),IF(K288=\"COTAÇÃO\",VLOOKUP(J288,COTAÇÃO,15,0),VLOOKUP(J288,DIVERSAS,4,0)))))","v":30.27},{"$f":"ROUND(N288*(1+$D$14),2)","v":37.6},{"$f":"ROUND(M288*N288,2)","v":434.37},{"$f":"ROUND(O288*M288,2)","v":539.55999999999995}]
[{"$f":"2000","v":2000},null,"Comprimento do tubo",null,14.35,{"$f":"L288","v":"M"}]
[{"$f":"LEFT(B290)","v":"7"},"7.8.3",{"$f":"IF(K290=\"SINAPI\",VLOOKUP(J290,SINAPI,2,0),IF(K290=\"SETOP\",VLOOKUP(J290,SETOP,3,0),IF(K290=\"CPU\",VLOOKUP(J290,COMPOSIÇÃO,2,0),IF(K290=\"COTAÇÃO\",VLOOKUP(J290,COTAÇÃO,3,0),VLOOKUP(J290,DIVERSAS,2,0)))))","v":"CAP PVC, SERIE R, DN 100 MM, PARA ESGOTO OU AGUAS PLUVIAIS PREDIAIS"},null,null,null,null,null,null,20088,"SINAPI",{"$f":"IF(K290=\"SINAPI\",VLOOKUP(J290,SINAPI,3,0),IF(K290=\"SETOP\",VLOOKUP(J290,SETOP,4,0),IF(K290=\"CPU\",VLOOKUP(J290,COMPOSIÇÃO,10,0),IF(K290=\"COTAÇÃO\",VLOOKUP(J290,COTAÇÃO,12,0),VLOOKUP(J290,DIVERSAS,3,0)))))","v":"UN    "},{"$f":"E291","v":2},{"$f":"IF(K290=\"SINAPI\",VLOOKUP(J290,SINAPI,4,0),IF(K290=\"SETOP\",VLOOKUP(J290,SETOP,5,0),IF(K290=\"CPU\",VLOOKUP(J290,COMPOSIÇÃO,13,0),IF(K290=\"COTAÇÃO\",VLOOKUP(J290,COTAÇÃO,15,0),VLOOKUP(J290,DIVERSAS,4,0)))))","v":17.13},{"$f":"ROUND(N290*(1+$D$14),2)","v":21.28},{"$f":"ROUND(M290*N290,2)","v":34.26},{"$f":"ROUND(O290*M290,2)","v":42.56}]
[{"$f":"2000","v":2000},null,"Quantidades",null,2,"U"]
[{"$f":"LEFT(B292)","v":"7"},"7.8.4",{"$f":"IF(K292=\"SINAPI\",VLOOKUP(J292,SINAPI,2,0),IF(K292=\"SETOP\",VLOOKUP(J292,SETOP,3,0),IF(K292=\"CPU\",VLOOKUP(J292,COMPOSIÇÃO,2,0),IF(K292=\"COTAÇÃO\",VLOOKUP(J292,COTAÇÃO,3,0),VLOOKUP(J292,DIVERSAS,2,0)))))","v":"CURVA 90 GRAUS, PVC, SERIE R, ÁGUA PLUVIAL, DN 100 MM, JUNTA ELÁSTICA, FORNECIDO E INSTALADO EM RAMAL DE ENCAMINHAMENTO. AF_12/2014"},null,null,null,null,null,null,95694,"SINAPI",{"$f":"IF(K292=\"SINAPI\",VLOOKUP(J292,SINAPI,3,0),IF(K292=\"SETOP\",VLOOKUP(J292,SETOP,4,0),IF(K292=\"CPU\",VLOOKUP(J292,COMPOSIÇÃO,10,0),IF(K292=\"COTAÇÃO\",VLOOKUP(J292,COTAÇÃO,12,0),VLOOKUP(J292,DIVERSAS,3,0)))))","v":"UN"},{"$f":"E293","v":1},{"$f":"IF(K292=\"SINAPI\",VLOOKUP(J292,SINAPI,4,0),IF(K292=\"SETOP\",VLOOKUP(J292,SETOP,5,0),IF(K292=\"CPU\",VLOOKUP(J292,COMPOSIÇÃO,13,0),IF(K292=\"COTAÇÃO\",VLOOKUP(J292,COTAÇÃO,15,0),VLOOKUP(J292,DIVERSAS,4,0)))))","v":72.599999999999994},{"$f":"ROUND(N292*(1+$D$14),2)","v":90.19},{"$f":"ROUND(M292*N292,2)","v":72.599999999999994},{"$f":"ROUND(O292*M292,2)","v":90.19}]
[{"$f":"2000","v":2000},null,"Quantidades",null,1,"U"]
[{"$f":"LEFT(B294)","v":"7"},"7.8.5",{"$f":"IF(K294=\"SINAPI\",VLOOKUP(J294,SINAPI,2,0),IF(K294=\"SETOP\",VLOOKUP(J294,SETOP,3,0),IF(K294=\"CPU\",VLOOKUP(J294,COMPOSIÇÃO,2,0),IF(K294=\"COTAÇÃO\",VLOOKUP(J294,COTAÇÃO,3,0),VLOOKUP(J294,DIVERSAS,2,0)))))","v":"TE, PVC, SERIE R, 100 X 100 MM, PARA ESGOTO OU AGUAS PLUVIAIS PREDIAIS"},null,null,null,null,null,null,20179,"SINAPI",{"$f":"IF(K294=\"SINAPI\",VLOOKUP(J294,SINAPI,3,0),IF(K294=\"SETOP\",VLOOKUP(J294,SETOP,4,0),IF(K294=\"CPU\",VLOOKUP(J294,COMPOSIÇÃO,10,0),IF(K294=\"COTAÇÃO\",VLOOKUP(J294,COTAÇÃO,12,0),VLOOKUP(J294,DIVERSAS,3,0)))))","v":"UN    "},{"$f":"E295","v":1},{"$f":"IF(K294=\"SINAPI\",VLOOKUP(J294,SINAPI,4,0),IF(K294=\"SETOP\",VLOOKUP(J294,SETOP,5,0),IF(K294=\"CPU\",VLOOKUP(J294,COMPOSIÇÃO,13,0),IF(K294=\"COTAÇÃO\",VLOOKUP(J294,COTAÇÃO,15,0),VLOOKUP(J294,DIVERSAS,4,0)))))","v":58.06},{"$f":"ROUND(N294*(1+$D$14),2)","v":72.13},{"$f":"ROUND(M294*N294,2)","v":58.06},{"$f":"ROUND(O294*M294,2)","v":72.13}]
[{"$f":"2000","v":2000},null,"Quantidades",null,1,"U"]
[{"$f":"LEFT(B296)","v":"7"},"7.8.6",{"$f":"IF(K296=\"SINAPI\",VLOOKUP(J296,SINAPI,2,0),IF(K296=\"SETOP\",VLOOKUP(J296,SETOP,3,0),IF(K296=\"CPU\",VLOOKUP(J296,COMPOSIÇÃO,2,0),IF(K296=\"COTAÇÃO\",VLOOKUP(J296,COTAÇÃO,3,0),VLOOKUP(J296,DIVERSAS,2,0)))))","v":"MANTA GEOTÊXTIL NÃO TECIDA, A/150, OP/15 OU SIMILAR, RESISTÊNCIA À TRAÇÃO DE 10 KN/M2 (EXECUÇÃO, INCLUINDO FORNECIMENTO, TRANSPORTE E COLOCAÇÃO)"},null,null,null,null,null,null,"RO-43310","SETOP",{"$f":"IF(K296=\"SINAPI\",VLOOKUP(J296,SINAPI,3,0),IF(K296=\"SETOP\",VLOOKUP(J296,SETOP,4,0),IF(K296=\"CPU\",VLOOKUP(J296,COMPOSIÇÃO,10,0),IF(K296=\"COTAÇÃO\",VLOOKUP(J296,COTAÇÃO,12,0),VLOOKUP(J296,DIVERSAS,3,0)))))","v":"M2"},{"$f":"E299","v":95.75},{"$f":"IF(K296=\"SINAPI\",VLOOKUP(J296,SINAPI,4,0),IF(K296=\"SETOP\",VLOOKUP(J296,SETOP,5,0),IF(K296=\"CPU\",VLOOKUP(J296,COMPOSIÇÃO,13,0),IF(K296=\"COTAÇÃO\",VLOOKUP(J296,COTAÇÃO,15,0),VLOOKUP(J296,DIVERSAS,4,0)))))","v":4.87},{"$f":"ROUND(N296*(1+$D$14),2)","v":6.05},{"$f":"ROUND(M296*N296,2)","v":466.3},{"$f":"ROUND(O296*M296,2)","v":579.29}]
[{"$f":"2000","v":2000},null,"Comprimento",null,95.75,"M"]
[{"$f":"2000","v":2000},null,"Largura",null,{"$f":"1","v":1},"M"]
[{"$f":"2000","v":2000},null,null,"Total",{"$f":"E297*E298","v":95.75},"M2"]
[{"$f":"LEFT(B300)","v":"7"},"7.8.7",{"$f":"IF(K300=\"SINAPI\",VLOOKUP(J300,SINAPI,2,0),IF(K300=\"SETOP\",VLOOKUP(J300,SETOP,3,0),IF(K300=\"CPU\",VLOOKUP(J300,COMPOSIÇÃO,2,0),IF(K300=\"COTAÇÃO\",VLOOKUP(J300,COTAÇÃO,3,0),VLOOKUP(J300,DIVERSAS,2,0)))))","v":"INSTALAÇÃO DO MATERIAL DRENANTE, BRITA 2- FORNECIMENTO E EXECUÇÃO"},null,null,null,null,null,null,"DAC-7.7","CPU",{"$f":"IF(K300=\"SINAPI\",VLOOKUP(J300,SINAPI,3,0),IF(K300=\"SETOP\",VLOOKUP(J300,SETOP,4,0),IF(K300=\"CPU\",VLOOKUP(J300,COMPOSIÇÃO,10,0),IF(K300=\"COTAÇÃO\",VLOOKUP(J300,COTAÇÃO,12,0),VLOOKUP(J300,DIVERSAS,3,0)))))","v":"M"},{"$f":"E301","v":95.75},{"$f":"IF(K300=\"SINAPI\",VLOOKUP(J300,SINAPI,4,0),IF(K300=\"SETOP\",VLOOKUP(J300,SETOP,5,0),IF(K300=\"CPU\",VLOOKUP(J300,COMPOSIÇÃO,13,0),IF(K300=\"COTAÇÃO\",VLOOKUP(J300,COTAÇÃO,15,0),VLOOKUP(J300,DIVERSAS,4,0)))))","v":35.386875500000002},{"$f":"ROUND(N300*(1+$D$14),2)","v":43.96},{"$f":"ROUND(M300*N300,2)","v":3388.29},{"$f":"ROUND(O300*M300,2)","v":4209.17}]
[{"$f":"2000","v":2000},null,"Comprimento",null,95.75,{"$f":"L300","v":"M"}]
[1000,8,"PAVIMENTAÇÃO",null,null,null,null,null,null,null,null,null,null,null,null,{"$f":"SUMIF(A:A,B302,P:P)","v":173468.16},{"$f":"SUMIF(A:A,B302,Q:Q)","v":215492.92}]
[null,"8.1","PAVIMENTO ASFÁLTICO"]
[{"$f":"LEFT(B304)","v":"8"},"8.1.1",{"$f":"IF(K304=\"SINAPI\",VLOOKUP(J304,SINAPI,2,0),IF(K304=\"SETOP\",VLOOKUP(J304,SETOP,3,0),IF(K304=\"CPU\",VLOOKUP(J304,COMPOSIÇÃO,2,0),IF(K304=\"COTAÇÃO\",VLOOKUP(J304,COTAÇÃO,3,0),VLOOKUP(J304,DIVERSAS,2,0)))))","v":"REGULARIZAÇÃO DO SUB-LEITO (PROCTOR NORMAL)"},null,null,null,null,null,null,"RO-41081","SETOP",{"$f":"IF(K304=\"SINAPI\",VLOOKUP(J304,SINAPI,3,0),IF(K304=\"SETOP\",VLOOKUP(J304,SETOP,4,0),IF(K304=\"CPU\",VLOOKUP(J304,COMPOSIÇÃO,10,0),IF(K304=\"COTAÇÃO\",VLOOKUP(J304,COTAÇÃO,12,0),VLOOKUP(J304,DIVERSAS,3,0)))))","v":"M2"},{"$f":"E305","v":1511.38},{"$f":"IF(K304=\"SINAPI\",VLOOKUP(J304,SINAPI,4,0),IF(K304=\"SETOP\",VLOOKUP(J304,SETOP,5,0),IF(K304=\"CPU\",VLOOKUP(J304,COMPOSIÇÃO,13,0),IF(K304=\"COTAÇÃO\",VLOOKUP(J304,COTAÇÃO,15,0),VLOOKUP(J304,DIVERSAS,4,0)))))","v":0.75},{"$f":"ROUND(N304*(1+$D$14),2)","v":0.93},{"$f":"ROUND(M304*N304,2)","v":1133.54},{"$f":"ROUND(O304*M304,2)","v":1405.58}]
[{"$f":"2000","v":2000},null,"Área de pavimento asfaltico",null,1511.38,"M2","Projeto de pavimentação"]
[{"$f":"LEFT(B306)","v":"8"},"8.1.2",{"$f":"IF(K306=\"SINAPI\",VLOOKUP(J306,SINAPI,2,0),IF(K306=\"SETOP\",VLOOKUP(J306,SETOP,3,0),IF(K306=\"CPU\",VLOOKUP(J306,COMPOSIÇÃO,2,0),IF(K306=\"COTAÇÃO\",VLOOKUP(J306,COTAÇÃO,3,0),VLOOKUP(J306,DIVERSAS,2,0)))))","v":"EXECUÇÃO E COMPACTAÇÃO DE BASE E OU SUB BASE COM BICA CORRIDA- EXCLUSIVE CARGA E TRANSPORTE"},null,null,null,null,null,null,"DAC-8.1","CPU",{"$f":"IF(K306=\"SINAPI\",VLOOKUP(J306,SINAPI,3,0),IF(K306=\"SETOP\",VLOOKUP(J306,SETOP,4,0),IF(K306=\"CPU\",VLOOKUP(J306,COMPOSIÇÃO,10,0),IF(K306=\"COTAÇÃO\",VLOOKUP(J306,COTAÇÃO,12,0),VLOOKUP(J306,DIVERSAS,3,0)))))","v":"M3"},{"$f":"E307","v":226.71},{"$f":"IF(K306=\"SINAPI\",VLOOKUP(J306,SINAPI,4,0),IF(K306=\"SETOP\",VLOOKUP(J306,SETOP,5,0),IF(K306=\"CPU\",VLOOKUP(J306,COMPOSIÇÃO,13,0),IF(K306=\"COTAÇÃO\",VLOOKUP(J306,COTAÇÃO,15,0),VLOOKUP(J306,DIVERSAS,4,0)))))","v":103.670407},{"$f":"ROUND(N306*(1+$D$14),2)","v":128.79},{"$f":"ROUND(M306*N306,2)","v":23503.119999999999},{"$f":"ROUND(O306*M306,2)","v":29197.98}]
[{"$f":"2000","v":2000},null,"Volume de bica corrida",null,226.71,"M3","Projeto de pavimentação"]
[{"$f":"LEFT(B308)","v":"8"},"8.1.3",{"$f":"IF(K308=\"SINAPI\",VLOOKUP(J308,SINAPI,2,0),IF(K308=\"SETOP\",VLOOKUP(J308,SETOP,3,0),IF(K308=\"CPU\",VLOOKUP(J308,COMPOSIÇÃO,2,0),IF(K308=\"COTAÇÃO\",VLOOKUP(J308,COTAÇÃO,3,0),VLOOKUP(J308,DIVERSAS,2,0)))))","v":"BASE DE SOLO-BRITA (40/60), MISTURA EM USINA, COMPACTAÇÃO 100% PROCTOR MODIFICADO, EXCLUSIVE ESCAVAÇÃO, CARGA E TRANSPORTE"},null,null,null,null,null,null,"DAC-8.3","CPU",{"$f":"IF(K308=\"SINAPI\",VLOOKUP(J308,SINAPI,3,0),IF(K308=\"SETOP\",VLOOKUP(J308,SETOP,4,0),IF(K308=\"CPU\",VLOOKUP(J308,COMPOSIÇÃO,10,0),IF(K308=\"COTAÇÃO\",VLOOKUP(J308,COTAÇÃO,12,0),VLOOKUP(J308,DIVERSAS,3,0)))))","v":"M3"},{"$f":"E309","v":226.71},{"$f":"IF(K308=\"SINAPI\",VLOOKUP(J308,SINAPI,4,0),IF(K308=\"SETOP\",VLOOKUP(J308,SETOP,5,0),IF(K308=\"CPU\",VLOOKUP(J308,COMPOSIÇÃO,13,0),IF(K308=\"COTAÇÃO\",VLOOKUP(J308,COTAÇÃO,15,0),VLOOKUP(J308,DIVERSAS,4,0)))))","v":81.593540284999975},{"$f":"ROUND(N308*(1+$D$14),2)","v":101.36},{"$f":"ROUND(M308*N308,2)","v":18498.07},{"$f":"ROUND(O308*M308,2)","v":22979.33}]
[2000,null,null,"Volume de solo brita para pavimento asfáltico",226.71,"M3","Projeto de pavimentação"]
[{"$f":"LEFT(B310)","v":"8"},"8.1.4",{"$f":"IF(K310=\"SINAPI\",VLOOKUP(J310,SINAPI,2,0),IF(K310=\"SETOP\",VLOOKUP(J310,SETOP,3,0),IF(K310=\"CPU\",VLOOKUP(J310,COMPOSIÇÃO,2,0),IF(K310=\"COTAÇÃO\",VLOOKUP(J310,COTAÇÃO,3,0),VLOOKUP(J310,DIVERSAS,2,0)))))","v":"EMASSAMENTO DE MATERIAL GRANULAR - RACHÃO"},null,null,null,null,null,null,"DAC-8.2","CPU",{"$f":"IF(K310=\"SINAPI\",VLOOKUP(J310,SINAPI,3,0),IF(K310=\"SETOP\",VLOOKUP(J310,SETOP,4,0),IF(K310=\"CPU\",VLOOKUP(J310,COMPOSIÇÃO,10,0),IF(K310=\"COTAÇÃO\",VLOOKUP(J310,COTAÇÃO,12,0),VLOOKUP(J310,DIVERSAS,3,0)))))","v":"M3"},{"$f":"E311","v":234.68},{"$f":"IF(K310=\"SINAPI\",VLOOKUP(J310,SINAPI,4,0),IF(K310=\"SETOP\",VLOOKUP(J310,SETOP,5,0),IF(K310=\"CPU\",VLOOKUP(J310,COMPOSIÇÃO,13,0),IF(K310=\"COTAÇÃO\",VLOOKUP(J310,COTAÇÃO,15,0),VLOOKUP(J310,DIVERSAS,4,0)))))","v":130.31900000000002},{"$f":"ROUND(N310*(1+$D$14),2)","v":161.9},{"$f":"ROUND(M310*N310,2)","v":30583.26},{"$f":"ROUND(O310*M310,2)","v":37994.69}]
[{"$f":"2000","v":2000},null,"Volume de rachão",null,234.68,"M3","Projeto de pavimentação"]
[{"$f":"LEFT(B312)","v":"8"},"8.1.5",{"$f":"IF(K312=\"SINAPI\",VLOOKUP(J312,SINAPI,2,0),IF(K312=\"SETOP\",VLOOKUP(J312,SETOP,3,0),IF(K312=\"CPU\",VLOOKUP(J312,COMPOSIÇÃO,2,0),IF(K312=\"COTAÇÃO\",VLOOKUP(J312,COTAÇÃO,3,0),VLOOKUP(J312,DIVERSAS,2,0)))))","v":"CARGA, MANOBRA E DESCARGA DE SOLOS E MATERIAIS GRANULARES EM CAMINHÃO BASCULANTE 10 M³ - CARGA COM ESCAVADEIRA HIDRÁULICA (CAÇAMBA DE 1,20 M³ / 155 HP) E DESCARGA LIVRE (UNIDADE: M3). AF_07/2020"},null,null,null,null,null,null,100978,"SINAPI",{"$f":"IF(K312=\"SINAPI\",VLOOKUP(J312,SINAPI,3,0),IF(K312=\"SETOP\",VLOOKUP(J312,SETOP,4,0),IF(K312=\"CPU\",VLOOKUP(J312,COMPOSIÇÃO,10,0),IF(K312=\"COTAÇÃO\",VLOOKUP(J312,COTAÇÃO,12,0),VLOOKUP(J312,DIVERSAS,3,0)))))","v":"M3"},{"$f":"E316","v":894.53},{"$f":"IF(K312=\"SINAPI\",VLOOKUP(J312,SINAPI,4,0),IF(K312=\"SETOP\",VLOOKUP(J312,SETOP,5,0),IF(K312=\"CPU\",VLOOKUP(J312,COMPOSIÇÃO,13,0),IF(K312=\"COTAÇÃO\",VLOOKUP(J312,COTAÇÃO,15,0),VLOOKUP(J312,DIVERSAS,4,0)))))","v":4.58},{"$f":"ROUND(N312*(1+$D$14),2)","v":5.69},{"$f":"ROUND(M312*N312,2)","v":4096.95},{"$f":"ROUND(O312*M312,2)","v":5089.88}]
[{"$f":"2000","v":2000},null,"Volume total  de BICA CORRIDA c/ empolamento de 30%",null,{"$f":"E307*1.3","v":294.72300000000001},{"$f":"L310","v":"M3"},{"$f":"\"ITEM \"&B306","v":"ITEM 8.1.2"}]
[{"$f":"2000","v":2000},null,"Volume total  de BASE SOLO c/ empolamento de 30%",null,{"$f":"E309*1.3","v":294.72300000000001},"M3",{"$f":"\"ITEM \"&B308","v":"ITEM 8.1.3"}]
[{"$f":"2000","v":2000},null,"Volume total  de RACHÃO c/ empolamento de 30%",null,{"$f":"E311*1.3","v":305.084},{"$f":"L312","v":"M3"},{"$f":"\"ITEM \"&B310","v":"ITEM 8.1.4"}]
[2000,null,"TOTAL",null,{"$f":"E313+E314+E315","v":894.53},"M3"]
[{"$f":"LEFT(B317)","v":"8"},"8.1.6",{"$f":"IF(K317=\"SINAPI\",VLOOKUP(J317,SINAPI,2,0),IF(K317=\"SETOP\",VLOOKUP(J317,SETOP,3,0),IF(K317=\"CPU\",VLOOKUP(J317,COMPOSIÇÃO,2,0),IF(K317=\"COTAÇÃO\",VLOOKUP(J317,COTAÇÃO,3,0),VLOOKUP(J317,DIVERSAS,2,0)))))","v":"TRANSPORTE COM CAMINHÃO BASCULANTE DE 10 M³, EM VIA URBANA PAVIMENTADA, DMT ATÉ 30 KM (UNIDADE: M3XKM). AF_07/2020"},null,null,null,null,null,null,95875,"SINAPI",{"$f":"IF(K317=\"SINAPI\",VLOOKUP(J317,SINAPI,3,0),IF(K317=\"SETOP\",VLOOKUP(J317,SETOP,4,0),IF(K317=\"CPU\",VLOOKUP(J317,COMPOSIÇÃO,10,0),IF(K317=\"COTAÇÃO\",VLOOKUP(J317,COTAÇÃO,12,0),VLOOKUP(J317,DIVERSAS,3,0)))))","v":"M3XKM"},{"$f":"E320","v":8140.222999999999},{"$f":"IF(K317=\"SINAPI\",VLOOKUP(J317,SINAPI,4,0),IF(K317=\"SETOP\",VLOOKUP(J317,SETOP,5,0),IF(K317=\"CPU\",VLOOKUP(J317,COMPOSIÇÃO,13,0),IF(K317=\"COTAÇÃO\",VLOOKUP(J317,COTAÇÃO,15,0),VLOOKUP(J317,DIVERSAS,4,0)))))","v":1.61},{"$f":"ROUND(N317*(1+$D$14),2)","v":2},{"$f":"ROUND(M317*N317,2)","v":13105.76},{"$f":"ROUND(O317*M317,2)","v":16280.45}]
[{"$f":"2000","v":2000},null,"Volume de transporte",null,{"$f":"E316","v":894.53},"M3",{"$f":"\"ITEM \"&B312","v":"ITEM 8.1.5"}]
[{"$f":"2000","v":2000},null,"DTM- BRITA SUL",null,9.1,"KM","Projeto de DTM"]
[2000,null,"TOTAL",null,{"$f":"E318*E319","v":8140.222999999999},{"$f":"L317","v":"M3XKM"}]
[{"$f":"LEFT(B321)","v":"8"},"8.1.7",{"$f":"IF(K321=\"SINAPI\",VLOOKUP(J321,SINAPI,2,0),IF(K321=\"SETOP\",VLOOKUP(J321,SETOP,3,0),IF(K321=\"CPU\",VLOOKUP(J321,COMPOSIÇÃO,2,0),IF(K321=\"COTAÇÃO\",VLOOKUP(J321,COTAÇÃO,3,0),VLOOKUP(J321,DIVERSAS,2,0)))))","v":"IMPRIMAÇÃO (EXECUÇÃO E FORNECIMENTO DO MATERIAL BETUMINOSO, EXCLUSIVE TRANSPORTE DO MATERIAL BETUMINOSO)"},null,null,null,null,null,null,"RO-51228","SETOP",{"$f":"IF(K321=\"SINAPI\",VLOOKUP(J321,SINAPI,3,0),IF(K321=\"SETOP\",VLOOKUP(J321,SETOP,4,0),IF(K321=\"CPU\",VLOOKUP(J321,COMPOSIÇÃO,10,0),IF(K321=\"COTAÇÃO\",VLOOKUP(J321,COTAÇÃO,12,0),VLOOKUP(J321,DIVERSAS,3,0)))))","v":"M2"},{"$f":"E322","v":1511.38},{"$f":"IF(K321=\"SINAPI\",VLOOKUP(J321,SINAPI,4,0),IF(K321=\"SETOP\",VLOOKUP(J321,SETOP,5,0),IF(K321=\"CPU\",VLOOKUP(J321,COMPOSIÇÃO,13,0),IF(K321=\"COTAÇÃO\",VLOOKUP(J321,COTAÇÃO,15,0),VLOOKUP(J321,DIVERSAS,4,0)))))","v":6.66},{"$f":"ROUND(N321*(1+$D$14),2)","v":8.27},{"$f":"ROUND(M321*N321,2)","v":10065.790000000001},{"$f":"ROUND(O321*M321,2)","v":12499.11}]
[{"$f":"2000","v":2000},null,"Área de pavimento asfaltico",null,1511.38,{"$f":"L321","v":"M2"},"Projeto de pavimentação"]
[{"$f":"LEFT(B323)","v":"8"},"8.1.8",{"$f":"IF(K323=\"SINAPI\",VLOOKUP(J323,SINAPI,2,0),IF(K323=\"SETOP\",VLOOKUP(J323,SETOP,3,0),IF(K323=\"CPU\",VLOOKUP(J323,COMPOSIÇÃO,2,0),IF(K323=\"COTAÇÃO\",VLOOKUP(J323,COTAÇÃO,3,0),VLOOKUP(J323,DIVERSAS,2,0)))))","v":"PINTURA DE LIGAÇÃO (EXECUÇÃO E FORNECIMENTO DO MATERIAL BETUMINOSO, EXCLUSIVE TRANSPORTE DO MATERIAL BETUMINOSO)"},null,null,null,null,null,null,"RO-51229","SETOP",{"$f":"IF(K323=\"SINAPI\",VLOOKUP(J323,SINAPI,3,0),IF(K323=\"SETOP\",VLOOKUP(J323,SETOP,4,0),IF(K323=\"CPU\",VLOOKUP(J323,COMPOSIÇÃO,10,0),IF(K323=\"COTAÇÃO\",VLOOKUP(J323,COTAÇÃO,12,0),VLOOKUP(J323,DIVERSAS,3,0)))))","v":"M2"},{"$f":"E324","v":1511.38},{"$f":"IF(K323=\"SINAPI\",VLOOKUP(J323,SINAPI,4,0),IF(K323=\"SETOP\",VLOOKUP(J323,SETOP,5,0),IF(K323=\"CPU\",VLOOKUP(J323,COMPOSIÇÃO,13,0),IF(K323=\"COTAÇÃO\",VLOOKUP(J323,COTAÇÃO,15,0),VLOOKUP(J323,DIVERSAS,4,0)))))","v":1.52},{"$f":"ROUND(N323*(1+$D$14),2)","v":1.89},{"$f":"ROUND(M323*N323,2)","v":2297.3000000000002},{"$f":"ROUND(O323*M323,2)","v":2856.51}]
[{"$f":"2000","v":2000},null,"Área de pavimento asfaltico",null,{"$f":"E322","v":1511.38},{"$f":"L323","v":"M2"},"Projeto de pavimentação"]
[{"$f":"LEFT(B325)","v":"8"},"8.1.9",{"$f":"IF(K325=\"SINAPI\",VLOOKUP(J325,SINAPI,2,0),IF(K325=\"SETOP\",VLOOKUP(J325,SETOP,3,0),IF(K325=\"CPU\",VLOOKUP(J325,COMPOSIÇÃO,2,0),IF(K325=\"COTAÇÃO\",VLOOKUP(J325,COTAÇÃO,3,0),VLOOKUP(J325,DIVERSAS,2,0)))))","v":"TRANSPORTE DE MATERIAL DE QUALQUER NATUREZA. DISTÂNCIA MÉDIA DE TRANSPORTE >= 50,10 KM"},null,null,null,null,null,null,"RO-41376","SETOP",{"$f":"IF(K325=\"SINAPI\",VLOOKUP(J325,SINAPI,3,0),IF(K325=\"SETOP\",VLOOKUP(J325,SETOP,4,0),IF(K325=\"CPU\",VLOOKUP(J325,COMPOSIÇÃO,10,0),IF(K325=\"COTAÇÃO\",VLOOKUP(J325,COTAÇÃO,12,0),VLOOKUP(J325,DIVERSAS,3,0)))))","v":"TXKM"},{"$f":"E332","v":606.36565599999994},{"$f":"IF(K325=\"SINAPI\",VLOOKUP(J325,SINAPI,4,0),IF(K325=\"SETOP\",VLOOKUP(J325,SETOP,5,0),IF(K325=\"CPU\",VLOOKUP(J325,COMPOSIÇÃO,13,0),IF(K325=\"COTAÇÃO\",VLOOKUP(J325,COTAÇÃO,15,0),VLOOKUP(J325,DIVERSAS,4,0)))))","v":0.46},{"$f":"ROUND(N325*(1+$D$14),2)","v":0.56999999999999995},{"$f":"ROUND(M325*N325,2)","v":278.93},{"$f":"ROUND(O325*M325,2)","v":345.63}]
[{"$f":"2000","v":2000},null,"Área de imprimação",null,{"$f":"E322","v":1511.38},"M2",{"$f":"\"ITEM \"&B321","v":"ITEM 8.1.7"}]
[{"$f":"2000","v":2000},null,"Consumo de imprimação",null,1.1999999999999999E-3,"T/M2"]
[{"$f":"2000","v":2000},null,"Área de ligante",null,{"$f":"E324","v":1511.38},"M2",{"$f":"\"ITEM \"&B323","v":"ITEM 8.1.8"}]
[{"$f":"2000","v":2000},null,"Consumo de ligante",null,5.0000000000000001E-4,"T/M2"]
[{"$f":"2000","v":2000},null,"Sub total (Volume de material)",null,{"$f":"E326*E327+E328*E329","v":2.5693459999999999},"T"]
[{"$f":"2000","v":2000},null,"DTM- Refinaria",null,236,"KM","Projeto de DTM"]
[2000,null,"TOTAL",null,{"$f":"E330*E331","v":606.36565599999994},{"$f":"L325","v":"TXKM"}]
["8","8.1.10",{"$f":"IF(K333=\"SINAPI\",VLOOKUP(J333,SINAPI,2,0),IF(K333=\"SETOP\",VLOOKUP(J333,SETOP,3,0),IF(K333=\"CPU\",VLOOKUP(J333,COMPOSIÇÃO,2,0),IF(K333=\"COTAÇÃO\",VLOOKUP(J333,COTAÇÃO,3,0),VLOOKUP(J333,DIVERSAS,2,0)))))","v":"EXECUÇÃO E APLICAÇÃO DE CONCRETO BETUMINOSO USINADO A QUENTE (CBUQ), MASSA COMERCIAL, INCLUINDO FORNECIMENTO E TRANSPORTE DOS AGREGADOS E MATERIAL BETUMINOSO, EXCLUSIVE TRANSPORTE DA MASSA ASFÁLTICA ATÉ A PISTA"},null,null,null,null,null,null,"ED-7623","SETOP",{"$f":"IF(K333=\"SINAPI\",VLOOKUP(J333,SINAPI,3,0),IF(K333=\"SETOP\",VLOOKUP(J333,SETOP,4,0),IF(K333=\"CPU\",VLOOKUP(J333,COMPOSIÇÃO,10,0),IF(K333=\"COTAÇÃO\",VLOOKUP(J333,COTAÇÃO,12,0),VLOOKUP(J333,DIVERSAS,3,0)))))","v":"M3"},{"$f":"E334","v":52.9},{"$f":"IF(K333=\"SINAPI\",VLOOKUP(J333,SINAPI,4,0),IF(K333=\"SETOP\",VLOOKUP(J333,SETOP,5,0),IF(K333=\"CPU\",VLOOKUP(J333,COMPOSIÇÃO,13,0),IF(K333=\"COTAÇÃO\",VLOOKUP(J333,COTAÇÃO,15,0),VLOOKUP(J333,DIVERSAS,4,0)))))","v":934.24},{"$f":"ROUND(N333*(1+$D$14),2)","v":1160.6099999999999},{"$f":"ROUND(M333*N333,2)","v":49421.3},{"$f":"ROUND(O333*M333,2)","v":61396.27}]
[{"$f":"2000","v":2000},null,"Volume de CBUQ",null,52.9,"M3","Projeto de pavimentação"]
[{"$f":"LEFT(B335)","v":"8"},"8.1.11",{"$f":"IF(K335=\"SINAPI\",VLOOKUP(J335,SINAPI,2,0),IF(K335=\"SETOP\",VLOOKUP(J335,SETOP,3,0),IF(K335=\"CPU\",VLOOKUP(J335,COMPOSIÇÃO,2,0),IF(K335=\"COTAÇÃO\",VLOOKUP(J335,COTAÇÃO,3,0),VLOOKUP(J335,DIVERSAS,2,0)))))","v":"TRANSPORTE DE CONCRETO BETUMINOSO USINADO A QUENTE. DISTÂNCIA MÉDIA DE TRANSPORTE <= 10,0 KM (VOLUME COMPACTADO)"},null,null,null,null,null,null,"RO-14031","SETOP",{"$f":"IF(K335=\"SINAPI\",VLOOKUP(J335,SINAPI,3,0),IF(K335=\"SETOP\",VLOOKUP(J335,SETOP,4,0),IF(K335=\"CPU\",VLOOKUP(J335,COMPOSIÇÃO,10,0),IF(K335=\"COTAÇÃO\",VLOOKUP(J335,COTAÇÃO,12,0),VLOOKUP(J335,DIVERSAS,3,0)))))","v":"M3XKM"},{"$f":"E338","v":148.11999999999998},{"$f":"IF(K335=\"SINAPI\",VLOOKUP(J335,SINAPI,4,0),IF(K335=\"SETOP\",VLOOKUP(J335,SETOP,5,0),IF(K335=\"CPU\",VLOOKUP(J335,COMPOSIÇÃO,13,0),IF(K335=\"COTAÇÃO\",VLOOKUP(J335,COTAÇÃO,15,0),VLOOKUP(J335,DIVERSAS,4,0)))))","v":1.87},{"$f":"ROUND(N335*(1+$D$14),2)","v":2.3199999999999998},{"$f":"ROUND(M335*N335,2)","v":276.98},{"$f":"ROUND(O335*M335,2)","v":343.64}]
[{"$f":"2000","v":2000},null,"Volume de CBUQ",null,{"$f":"E334","v":52.9},"M3",{"$f":"\"ITEM \"&B333","v":"ITEM 8.1.10"}]
[{"$f":"2000","v":2000},null,"DTM- Usina de asfalto",null,2.8,"KM","Projeto de DTM"]
[2000,null,"TOTAL",null,{"$f":"E336*E337","v":148.11999999999998},{"$f":"L335","v":"M3XKM"}]
[null,"8.2","PAVIMENTO EM BLOQUETE"]
[{"$f":"LEFT(B340)","v":"8"},"8.2.1",{"$f":"IF(K340=\"SINAPI\",VLOOKUP(J340,SINAPI,2,0),IF(K340=\"SETOP\",VLOOKUP(J340,SETOP,3,0),IF(K340=\"CPU\",VLOOKUP(J340,COMPOSIÇÃO,2,0),IF(K340=\"COTAÇÃO\",VLOOKUP(J340,COTAÇÃO,3,0),VLOOKUP(J340,DIVERSAS,2,0)))))","v":"REGULARIZAÇÃO DO SUB-LEITO (PROCTOR NORMAL)"},null,null,null,null,null,null,"RO-41081","SETOP",{"$f":"IF(K340=\"SINAPI\",VLOOKUP(J340,SINAPI,3,0),IF(K340=\"SETOP\",VLOOKUP(J340,SETOP,4,0),IF(K340=\"CPU\",VLOOKUP(J340,COMPOSIÇÃO,10,0),IF(K340=\"COTAÇÃO\",VLOOKUP(J340,COTAÇÃO,12,0),VLOOKUP(J340,DIVERSAS,3,0)))))","v":"M2"},{"$f":"E341","v":318.93},{"$f":"IF(K340=\"SINAPI\",VLOOKUP(J340,SINAPI,4,0),IF(K340=\"SETOP\",VLOOKUP(J340,SETOP,5,0),IF(K340=\"CPU\",VLOOKUP(J340,COMPOSIÇÃO,13,0),IF(K340=\"COTAÇÃO\",VLOOKUP(J340,COTAÇÃO,15,0),VLOOKUP(J340,DIVERSAS,4,0)))))","v":0.75},{"$f":"ROUND(N340*(1+$D$14),2)","v":0.93},{"$f":"ROUND(M340*N340,2)","v":239.2},{"$f":"ROUND(O340*M340,2)","v":296.60000000000002}]
[{"$f":"2000","v":2000},null,"Área total a ser bloquetada",null,318.93,{"$f":"L340","v":"M2"},"Projeto de pavimentação"]
[{"$f":"LEFT(B342)","v":"8"},"8.2.2",{"$f":"IF(K342=\"SINAPI\",VLOOKUP(J342,SINAPI,2,0),IF(K342=\"SETOP\",VLOOKUP(J342,SETOP,3,0),IF(K342=\"CPU\",VLOOKUP(J342,COMPOSIÇÃO,2,0),IF(K342=\"COTAÇÃO\",VLOOKUP(J342,COTAÇÃO,3,0),VLOOKUP(J342,DIVERSAS,2,0)))))","v":"BASE DE SOLO-BRITA (40/60), MISTURA EM USINA, COMPACTAÇÃO 100% PROCTOR MODIFICADO, EXCLUSIVE ESCAVAÇÃO, CARGA E TRANSPORTE"},null,null,null,null,null,null,"DAC-8.3","CPU",{"$f":"IF(K342=\"SINAPI\",VLOOKUP(J342,SINAPI,3,0),IF(K342=\"SETOP\",VLOOKUP(J342,SETOP,4,0),IF(K342=\"CPU\",VLOOKUP(J342,COMPOSIÇÃO,10,0),IF(K342=\"COTAÇÃO\",VLOOKUP(J342,COTAÇÃO,12,0),VLOOKUP(J342,DIVERSAS,3,0)))))","v":"M3"},{"$f":"E343","v":47.84},{"$f":"IF(K342=\"SINAPI\",VLOOKUP(J342,SINAPI,4,0),IF(K342=\"SETOP\",VLOOKUP(J342,SETOP,5,0),IF(K342=\"CPU\",VLOOKUP(J342,COMPOSIÇÃO,13,0),IF(K342=\"COTAÇÃO\",VLOOKUP(J342,COTAÇÃO,15,0),VLOOKUP(J342,DIVERSAS,4,0)))))","v":81.593540284999975},{"$f":"ROUND(N342*(1+$D$14),2)","v":101.36},{"$f":"ROUND(M342*N342,2)","v":3903.43},{"$f":"ROUND(O342*M342,2)","v":4849.0600000000004}]
[{"$f":"2000","v":2000},null,"Volume de solo base",null,47.84,"M3","Projeto de pavimentação"]
[{"$f":"LEFT(B344)","v":"8"},"8.2.3",{"$f":"IF(K344=\"SINAPI\",VLOOKUP(J344,SINAPI,2,0),IF(K344=\"SETOP\",VLOOKUP(J344,SETOP,3,0),IF(K344=\"CPU\",VLOOKUP(J344,COMPOSIÇÃO,2,0),IF(K344=\"COTAÇÃO\",VLOOKUP(J344,COTAÇÃO,3,0),VLOOKUP(J344,DIVERSAS,2,0)))))","v":"CARGA, MANOBRA E DESCARGA DE SOLOS E MATERIAIS GRANULARES EM CAMINHÃO BASCULANTE 10 M³ - CARGA COM ESCAVADEIRA HIDRÁULICA (CAÇAMBA DE 1,20 M³ / 155 HP) E DESCARGA LIVRE (UNIDADE: M3). AF_07/2020"},null,null,null,null,null,null,100978,"SINAPI",{"$f":"IF(K344=\"SINAPI\",VLOOKUP(J344,SINAPI,3,0),IF(K344=\"SETOP\",VLOOKUP(J344,SETOP,4,0),IF(K344=\"CPU\",VLOOKUP(J344,COMPOSIÇÃO,10,0),IF(K344=\"COTAÇÃO\",VLOOKUP(J344,COTAÇÃO,12,0),VLOOKUP(J344,DIVERSAS,3,0)))))","v":"M3"},{"$f":"E345","v":62.192000000000007},{"$f":"IF(K344=\"SINAPI\",VLOOKUP(J344,SINAPI,4,0),IF(K344=\"SETOP\",VLOOKUP(J344,SETOP,5,0),IF(K344=\"CPU\",VLOOKUP(J344,COMPOSIÇÃO,13,0),IF(K344=\"COTAÇÃO\",VLOOKUP(J344,COTAÇÃO,15,0),VLOOKUP(J344,DIVERSAS,4,0)))))","v":4.58},{"$f":"ROUND(N344*(1+$D$14),2)","v":5.69},{"$f":"ROUND(M344*N344,2)","v":284.83999999999997},{"$f":"ROUND(O344*M344,2)","v":353.87}]
[{"$f":"2000","v":2000},null,"Volume total  de BASE SOLO c/ empolamento de 30%",null,{"$f":"E343*1.3","v":62.192000000000007},"M3",{"$f":"\"ITEM \"&B342","v":"ITEM 8.2.2"}]
[{"$f":"LEFT(B346)","v":"8"},"8.2.4",{"$f":"IF(K346=\"SINAPI\",VLOOKUP(J346,SINAPI,2,0),IF(K346=\"SETOP\",VLOOKUP(J346,SETOP,3,0),IF(K346=\"CPU\",VLOOKUP(J346,COMPOSIÇÃO,2,0),IF(K346=\"COTAÇÃO\",VLOOKUP(J346,COTAÇÃO,3,0),VLOOKUP(J346,DIVERSAS,2,0)))))","v":"TRANSPORTE COM CAMINHÃO BASCULANTE DE 10 M³, EM VIA URBANA PAVIMENTADA, DMT ATÉ 30 KM (UNIDADE: M3XKM). AF_07/2020"},null,null,null,null,null,null,95875,"SINAPI",{"$f":"IF(K346=\"SINAPI\",VLOOKUP(J346,SINAPI,3,0),IF(K346=\"SETOP\",VLOOKUP(J346,SETOP,4,0),IF(K346=\"CPU\",VLOOKUP(J346,COMPOSIÇÃO,10,0),IF(K346=\"COTAÇÃO\",VLOOKUP(J346,COTAÇÃO,12,0),VLOOKUP(J346,DIVERSAS,3,0)))))","v":"M3XKM"},{"$f":"E349","v":565.94720000000007},{"$f":"IF(K346=\"SINAPI\",VLOOKUP(J346,SINAPI,4,0),IF(K346=\"SETOP\",VLOOKUP(J346,SETOP,5,0),IF(K346=\"CPU\",VLOOKUP(J346,COMPOSIÇÃO,13,0),IF(K346=\"COTAÇÃO\",VLOOKUP(J346,COTAÇÃO,15,0),VLOOKUP(J346,DIVERSAS,4,0)))))","v":1.61},{"$f":"ROUND(N346*(1+$D$14),2)","v":2},{"$f":"ROUND(M346*N346,2)","v":911.17},{"$f":"ROUND(O346*M346,2)","v":1131.8900000000001}]
[{"$f":"2000","v":2000},null,"Volume de transporte",null,{"$f":"E345","v":62.192000000000007},"M3",{"$f":"\"ITEM \"&B344","v":"ITEM 8.2.3"}]
[{"$f":"2000","v":2000},null,"DTM- BRITA SUL",null,9.1,"KM","Projeto de DTM"]
[2000,null,"TOTAL",null,{"$f":"E347*E348","v":565.94720000000007},{"$f":"L346","v":"M3XKM"}]
[{"$f":"LEFT(B350)","v":"8"},"8.2.5",{"$f":"IF(K350=\"SINAPI\",VLOOKUP(J350,SINAPI,2,0),IF(K350=\"SETOP\",VLOOKUP(J350,SETOP,3,0),IF(K350=\"CPU\",VLOOKUP(J350,COMPOSIÇÃO,2,0),IF(K350=\"COTAÇÃO\",VLOOKUP(J350,COTAÇÃO,3,0),VLOOKUP(J350,DIVERSAS,2,0)))))","v":"EXECUÇÃO DE CALÇAMENTO EM BLOQUETE - E = 8 CM - FCK = 35 MPA, INCLUINDO FORNECIMENTO E TRANSPORTE DE TODOS OS MATERIAIS, COLCHÃO DE ASSENTAMENTO E = 6 CM"},null,null,null,null,null,null,"ED-50416","SETOP",{"$f":"IF(K350=\"SINAPI\",VLOOKUP(J350,SINAPI,3,0),IF(K350=\"SETOP\",VLOOKUP(J350,SETOP,4,0),IF(K350=\"CPU\",VLOOKUP(J350,COMPOSIÇÃO,10,0),IF(K350=\"COTAÇÃO\",VLOOKUP(J350,COTAÇÃO,12,0),VLOOKUP(J350,DIVERSAS,3,0)))))","v":"M2"},{"$f":"E351","v":318.93},{"$f":"IF(K350=\"SINAPI\",VLOOKUP(J350,SINAPI,4,0),IF(K350=\"SETOP\",VLOOKUP(J350,SETOP,5,0),IF(K350=\"CPU\",VLOOKUP(J350,COMPOSIÇÃO,13,0),IF(K350=\"COTAÇÃO\",VLOOKUP(J350,COTAÇÃO,15,0),VLOOKUP(J350,DIVERSAS,4,0)))))","v":46.62},{"$f":"ROUND(N350*(1+$D$14),2)","v":57.92},{"$f":"ROUND(M350*N350,2)","v":14868.52},{"$f":"ROUND(O350*M350,2)","v":18472.43}]
[2000,null,null,"Área de bloquete",318.93,"M2","Projeto de pavimentação"]
[1000,9,"LIMPEZA DIÁRIA DA OBRA ",null,null,null,null,null,null,null,null,null,null,null,null,{"$f":"SUMIF(A:A,B352,P:P)","v":15944.480000000001},{"$f":"SUMIF(A:A,B352,Q:Q)","v":19807.75}]
[9,"9.1",{"$f":"IF(K353=\"SINAPI\",VLOOKUP(J353,SINAPI,2,0),IF(K353=\"SETOP\",VLOOKUP(J353,SETOP,3,0),IF(K353=\"CPU\",VLOOKUP(J353,COMPOSIÇÃO,2,0),IF(K353=\"COTAÇÃO\",VLOOKUP(J353,COTAÇÃO,3,0),VLOOKUP(J353,DIVERSAS,2,0)))))","v":"LIMPEZA PERMANENTE DA OBRA - 01 SERVENTE X 8 HORAS DIÁRIAS"},null,null,null,null,null,null,"ED-50269","SETOP",{"$f":"IF(K353=\"SINAPI\",VLOOKUP(J353,SINAPI,3,0),IF(K353=\"SETOP\",VLOOKUP(J353,SETOP,4,0),IF(K353=\"CPU\",VLOOKUP(J353,COMPOSIÇÃO,10,0),IF(K353=\"COTAÇÃO\",VLOOKUP(J353,COTAÇÃO,12,0),VLOOKUP(J353,DIVERSAS,3,0)))))","v":"MÊS"},{"$f":"E354","v":2},{"$f":"IF(K353=\"SINAPI\",VLOOKUP(J353,SINAPI,4,0),IF(K353=\"SETOP\",VLOOKUP(J353,SETOP,5,0),IF(K353=\"CPU\",VLOOKUP(J353,COMPOSIÇÃO,13,0),IF(K353=\"COTAÇÃO\",VLOOKUP(J353,COTAÇÃO,15,0),VLOOKUP(J353,DIVERSAS,4,0)))))","v":3102},{"$f":"ROUND(N353*(1+$D$14),2)","v":3853.61},{"$f":"ROUND(M353*N353,2)","v":6204},{"$f":"ROUND(O353*M353,2)","v":7707.22}]
[{"$f":"2000","v":2000},null,"Quantidade de meses",null,{"$f":"E23","v":2},{"$f":"L353","v":"MÊS"}]
[{"$f":"LEFT(B355,SEARCH(\".\",B355)-1)","v":"9"},"9.2",{"$f":"IF(K355=\"SINAPI\",VLOOKUP(J355,SINAPI,2,0),IF(K355=\"SETOP\",VLOOKUP(J355,SETOP,3,0),IF(K355=\"CPU\",VLOOKUP(J355,COMPOSIÇÃO,2,0),IF(K355=\"COTAÇÃO\",VLOOKUP(J355,COTAÇÃO,3,0),VLOOKUP(J355,DIVERSAS,2,0)))))","v":"CARGA, MANOBRA E DESCARGA DE SOLOS E MATERIAIS GRANULARES EM CAMINHÃO BASCULANTE 10 M³ - CARGA COM ESCAVADEIRA HIDRÁULICA (CAÇAMBA DE 1,20 M³ / 155 HP) E DESCARGA LIVRE (UNIDADE: M3). AF_07/2020"},null,null,null,null,null,null,100978,"SINAPI",{"$f":"IF(K355=\"SINAPI\",VLOOKUP(J355,SINAPI,3,0),IF(K355=\"SETOP\",VLOOKUP(J355,SETOP,4,0),IF(K355=\"CPU\",VLOOKUP(J355,COMPOSIÇÃO,10,0),IF(K355=\"COTAÇÃO\",VLOOKUP(J355,COTAÇÃO,12,0),VLOOKUP(J355,DIVERSAS,3,0)))))","v":"M3"},{"$f":"E359","v":35.200000000000003},{"$f":"IF(K355=\"SINAPI\",VLOOKUP(J355,SINAPI,4,0),IF(K355=\"SETOP\",VLOOKUP(J355,SETOP,5,0),IF(K355=\"CPU\",VLOOKUP(J355,COMPOSIÇÃO,13,0),IF(K355=\"COTAÇÃO\",VLOOKUP(J355,COTAÇÃO,15,0),VLOOKUP(J355,DIVERSAS,4,0)))))","v":4.58},{"$f":"ROUND(N355*(1+$D$14),2)","v":5.69},{"$f":"ROUND(M355*N355,2)","v":161.22},{"$f":"ROUND(O355*M355,2)","v":200.29}]
[{"$f":"2000","v":2000},null,"Volume diario de entulho",null,0.8,"M3"]
[{"$f":"2000","v":2000},null,"Dias no mês",null,22]
[{"$f":"2000","v":2000},null,"Meses",null,{"$f":"E354","v":2}]
[2000,null,"TOTAL",null,{"$f":"E356*E357*E358","v":35.200000000000003},{"$f":"L355","v":"M3"}]
[{"$f":"LEFT(B360,SEARCH(\".\",B360)-1)","v":"9"},"9.3",{"$f":"IF(K360=\"SINAPI\",VLOOKUP(J360,SINAPI,2,0),IF(K360=\"SETOP\",VLOOKUP(J360,SETOP,3,0),IF(K360=\"CPU\",VLOOKUP(J360,COMPOSIÇÃO,2,0),IF(K360=\"COTAÇÃO\",VLOOKUP(J360,COTAÇÃO,3,0),VLOOKUP(J360,DIVERSAS,2,0)))))","v":"TRANSPORTE COM CAMINHÃO BASCULANTE DE 10 M³, EM VIA URBANA PAVIMENTADA, DMT ATÉ 30 KM (UNIDADE: M3XKM). AF_07/2020"},null,null,null,null,null,null,95875,"SINAPI",{"$f":"IF(K360=\"SINAPI\",VLOOKUP(J360,SINAPI,3,0),IF(K360=\"SETOP\",VLOOKUP(J360,SETOP,4,0),IF(K360=\"CPU\",VLOOKUP(J360,COMPOSIÇÃO,10,0),IF(K360=\"COTAÇÃO\",VLOOKUP(J360,COTAÇÃO,12,0),VLOOKUP(J360,DIVERSAS,3,0)))))","v":"M3XKM"},{"$f":"E363","v":380.16000000000008},{"$f":"IF(K360=\"SINAPI\",VLOOKUP(J360,SINAPI,4,0),IF(K360=\"SETOP\",VLOOKUP(J360,SETOP,5,0),IF(K360=\"CPU\",VLOOKUP(J360,COMPOSIÇÃO,13,0),IF(K360=\"COTAÇÃO\",VLOOKUP(J360,COTAÇÃO,15,0),VLOOKUP(J360,DIVERSAS,4,0)))))","v":1.61},{"$f":"ROUND(N360*(1+$D$14),2)","v":2},{"$f":"ROUND(M360*N360,2)","v":612.05999999999995},{"$f":"ROUND(O360*M360,2)","v":760.32}]
[{"$f":"2000","v":2000},null,"Volume de transporte",null,{"$f":"E359","v":35.200000000000003},"M3"]
[{"$f":"2000","v":2000},null,"DTM- Bota fora",null,10.8,"KM"]
[{"$f":"2000","v":2000},null,"TOTAL",null,{"$f":"E361*E362","v":380.16000000000008},{"$f":"L360","v":"M3XKM"}]
[{"$f":"LEFT(B364,SEARCH(\".\",B364)-1)","v":"9"},"9.4",{"$f":"IF(K364=\"SINAPI\",VLOOKUP(J364,SINAPI,2,0),IF(K364=\"SETOP\",VLOOKUP(J364,SETOP,3,0),IF(K364=\"CPU\",VLOOKUP(J364,COMPOSIÇÃO,2,0),IF(K364=\"COTAÇÃO\",VLOOKUP(J364,COTAÇÃO,3,0),VLOOKUP(J364,DIVERSAS,2,0)))))","v":"RETROESCAVADEIRA SOBRE RODAS COM CARREGADEIRA, TRAÇÃO 4X2, POTÊNCIA LÍQ. 79 HP, CAÇAMBA CARREG. CAP. MÍN. 1 M3, CAÇAMBA RETRO CAP. 0,20 M3, PESO OPERACIONAL MÍN. 6.570 KG, PROFUNDIDADE ESCAVAÇÃO MÁX. 4,37 M - CHP DIURNO. AF_06/2014"},null,null,null,null,null,null,5680,"SINAPI",{"$f":"IF(K364=\"SINAPI\",VLOOKUP(J364,SINAPI,3,0),IF(K364=\"SETOP\",VLOOKUP(J364,SETOP,4,0),IF(K364=\"CPU\",VLOOKUP(J364,COMPOSIÇÃO,10,0),IF(K364=\"COTAÇÃO\",VLOOKUP(J364,COTAÇÃO,12,0),VLOOKUP(J364,DIVERSAS,3,0)))))","v":"CHP"},{"$f":"E368","v":88},{"$f":"IF(K364=\"SINAPI\",VLOOKUP(J364,SINAPI,4,0),IF(K364=\"SETOP\",VLOOKUP(J364,SETOP,5,0),IF(K364=\"CPU\",VLOOKUP(J364,COMPOSIÇÃO,13,0),IF(K364=\"COTAÇÃO\",VLOOKUP(J364,COTAÇÃO,15,0),VLOOKUP(J364,DIVERSAS,4,0)))))","v":101.9},{"$f":"ROUND(N364*(1+$D$14),2)","v":126.59},{"$f":"ROUND(M364*N364,2)","v":8967.2000000000007},{"$f":"ROUND(O364*M364,2)","v":11139.92}]
[{"$f":"2000","v":2000},null,"Quantidade de meses",null,{"$f":"E354","v":2},"MÊS"]
[{"$f":"2000","v":2000},null,"Dias no mês",null,22]
[{"$f":"2000","v":2000},null,"Quantidade de horas no mês",null,2,"H"]
[{"$f":"2000","v":2000},null,"TOTAL",null,{"$f":"E365*E366*E367","v":88},"H"]
[null,"TOTAL INCLUINDO ADMINISTRAÇÃO",null,null,null,null,null,null,null,null,null,null,null,null,null,{"$f":"SUMIF(A:A,1000,P:P)","v":588985.63}]
[null,{"$f":"\"BDI - \"&(D14*100) &\" %\"","v":"BDI - 24,23 %"},null,null,null,null,null,null,null,null,null,null,null,null,null,{"$f":"P371-P369","v":142686.85999999999}]
[null,"TOTAL GERAL",null,null,null,null,null,null,null,null,null,null,null,null,null,{"$f":"SUMIF(A:A,1000,Q:Q)","v":731672.49}]
[]
[]
[]
[]
[]
[null,null,null,"RESPONSÁVEL TÉCNICO:",null,null,null,"Flávia Cristina Barbosa"]
[null,null,null,null,null,null,null,"CREA: MG 187.842/D"]

{"sheet":"CRO","index":5,"n_rows":35,"n_cols":10,"rows_kept":35,"cut":false,"hidden":false,"merged":[[1,8,1,9],[5,3,5,6],[6,3,6,6],[1,1,1,7],[2,9,4,9],[5,1,5,2],[6,1,6,2],[2,1,2,6],[3,1,4,6],[25,1,26,1],[19,1,20,1],[21,1,22,1],[17,1,18,1],[13,2,14,5],[15,2,16,5],[17,2,18,5],[19,2,20,5],[11,1,12,1],[33,4,33,6],[7,1,7,9],[8,2,8,5],[9,1,10,1],[9,2,10,5],[11,2,12,5],[23,2,24,5],[25,2,26,5],[21,2,22,5],[29,5,29,6],[31,5,31,6],[13,1,14,1],[15,1,16,1],[23,1,24,1],[27,1,28,8]]}
[]
[null,{"$f":"\"CRONOGRAMA FÍSICO-FINANCEIRO DE OBRA- \" &B4","v":"CRONOGRAMA FÍSICO-FINANCEIRO DE OBRA- AVENIDA SÃO FRANCISCO INTERLIGAÇÃO COM AVENIDA NOROESTE"},null,null,null,null,null,null,{"$f":"ORC!Q8","v":"R01"}]
[null,"Projeto:",null,null,null,null,null,"Cliente:",null,"Projetista:"]
[null,{"$f":"ORC!B10","v":"AVENIDA SÃO FRANCISCO INTERLIGAÇÃO COM AVENIDA NOROESTE"}]
[]
[null,"Data:",null,{"$f":"DADOS!D2","v":"2021-04-29"}]
[null,"BDI:",null,{"$f":"ORC!D14","v":0.24229999999999999}]
[]
[null,"ITEM","SERVIÇOS",null,null,null,"UNIDADE","1ª ETAPA   PERÍODO:            30 DIAS ","2ª ETAPA   PERÍODO:            30 DIAS ","TOTAL POR ETAPA                                (% / R$)"]
[null,1,{"$f":"VLOOKUP(B10,ORC,2,0)","v":"ADMINISTRAÇAÕ DE OBRA"},null,null,null,"%",0.5,0.5,{"$f":"J11/$J$29","v":4.3707191997884184E-2}]
[null,null,null,null,null,null,"R$",{"$f":"$J11*H10","v":15989.674999999999},{"$f":"$J11*I10","v":15989.674999999999},{"$f":"VLOOKUP($B10,ORC,16,0)","v":31979.35}]
[null,2,{"$f":"VLOOKUP(B12,ORC,2,0)","v":"SERVIÇOS PRELIMINARES"},null,null,null,"%",0.5,0.5,{"$f":"J13/$J$29","v":1.5225309345715593E-2}]
[null,null,null,null,null,null,"R$",{"$f":"$J13*H12","v":5569.97},{"$f":"$J13*I12","v":5569.97},{"$f":"VLOOKUP($B12,ORC,16,0)","v":11139.94}]
[null,3,{"$f":"VLOOKUP(B14,ORC,2,0)","v":"MOVIMENTAÇÃO DE TERRA"},null,null,null,"%",0.5,0.5,{"$f":"J15/$J$29","v":0.12606327456701288}]
[null,null,null,null,null,null,"R$",{"$f":"$J15*H14","v":46118.514999999999},{"$f":"$J15*I14","v":46118.514999999999},{"$f":"VLOOKUP($B14,ORC,16,0)","v":92237.03}]
[null,4,{"$f":"VLOOKUP(B16,ORC,2,0)","v":"ESCORAMENTO DE VALAS"},null,null,null,"%",0.5,0.5,{"$f":"J17/$J$29","v":6.0847620497526143E-2}]
[null,null,null,null,null,null,"R$",{"$f":"$J17*H16","v":22260.264999999999},{"$f":"$J17*I16","v":22260.264999999999},{"$f":"VLOOKUP($B16,ORC,16,0)","v":44520.53}]
[null,5,{"$f":"VLOOKUP(B18,ORC,2,0)","v":"PREPARAÇÃO DE FUNDO DE VALA"},null,null,null,"%",0.5,0.5,{"$f":"J19/$J$29","v":2.1179257402447915E-2}]
[null,null,null,null,null,null,"R$",{"$f":"$J19*H18","v":7748.14},{"$f":"$J19*I18","v":7748.14},{"$f":"VLOOKUP($B18,ORC,16,0)","v":15496.28}]
[null,6,{"$f":"VLOOKUP(B20,ORC,2,0)","v":"ASSENTAMENTO DAS GALERIAS E DOS RAMAIS DE LIGAÇÃO"},null,null,null,"%",0.5,0.5,{"$f":"J21/$J$29","v":7.7601933619234467E-2}]
[null,null,null,null,null,null,"R$",{"$f":"$J21*H20","v":28389.600000000002},{"$f":"$J21*I20","v":28389.600000000002},{"$f":"VLOOKUP($B20,ORC,16,0)","v":56779.200000000004}]
[null,7,{"$f":"VLOOKUP(B22,ORC,2,0)","v":"ESTRUTURA E DISPOSITIVOS HIDRÁULICOS "},null,null,null,"%",0.5,0.5,{"$f":"J23/$J$29","v":0.33378252338009862}]
[null,null,null,null,null,null,"R$",{"$f":"$J23*H22","v":122109.745},{"$f":"$J23*I22","v":122109.745},{"$f":"VLOOKUP($B22,ORC,16,0)","v":244219.49}]
[null,8,{"$f":"VLOOKUP(B24,ORC,2,0)","v":"PAVIMENTAÇÃO"},null,null,null,"%",0.5,0.5,{"$f":"J25/$J$29","v":0.29452100898313122}]
[null,null,null,null,null,null,"R$",{"$f":"$J25*H24","v":107746.46},{"$f":"$J25*I24","v":107746.46},{"$f":"VLOOKUP($B24,ORC,16,0)","v":215492.92}]
[null,9,{"$f":"VLOOKUP(B26,ORC,2,0)","v":"LIMPEZA DIÁRIA DA OBRA "},null,null,null,"%",0.5,0.5,{"$f":"J27/$J$29","v":2.7071880206948874E-2}]
[null,null,null,null,null,null,"R$",{"$f":"$J27*H26","v":9903.875},{"$f":"$J27*I26","v":9903.875},{"$f":"VLOOKUP($B26,ORC,16,0)","v":19807.75}]
[null,"TOTAL",null,null,null,null,null,null,null,{"$f":"J29/$J$29","v":1}]
[null,null,null,null,null,null,null,null,null,{"$f":"J11+J21+J23+J27+J13+J15+J17+J19+J25","v":731672.49000000011}]
[]
[]
[]
[]
[null,null,null,null,"RESPONSÁVEL TÉCNICO:",null,null,{"$f":"ORC!H377","v":"Flávia Cristina Barbosa"}]
[null,null,null,null,null,null,null,{"$f":"ORC!H378","v":"CREA: MG 187.842/D"}]

{"sheet":"CPU","index":6,"n_rows":143,"n_cols":13,"rows_kept":143,"cut":false,"hidden":false,"merged":[[108,1,108,7],[109,1,109,7],[110,1,110,7],[21,1,21,7],[30,1,30,7],[34,1,34,7],[40,1,40,7],[41,1,41,7],[42,1,42,7],[69,1,69,7],[70,1,70,7],[72,1,72,7],[93,1,93,7],[89,1,89,7],[90,1,90,7],[91,1,91,7],[92,1,92,7],[46,1,46,7],[95,1,95,7],[96,1,96,7],[94,1,94,7],[82,1,82,7],[78,1,78,7],[79,1,79,7],[141,3,141,5],[141,6,141,9],[142,6,142,9],[24,1,24,7],[25,1,25,7],[26,1,26,7],[27,1,27,7],[28,1,28,7],[32,1,32,7],[31,1,31,7],[35,1,35,7],[36,1,36,7],[37,1,37,7],[105,1,105,7],[67,1,67,7],[106,1,106,7],[115,1,115,7],[116,1,116,7],[113,1,113,7],[114,1,114,7],[111,1,111,7],[112,1,112,7],[107,1,107,7],[87,1,87,7],[1,0,1,10],[2,11,5,12],[6,0,6,1],[6,2,6,3],[7,0,7,1],[7,2,7,3],[2,0,2,2],[2,4,2,7],[3,0,5,3],[5,4,5,7],[54,1,54,7],[52,1,52,7],[53,1,53,7],[55,1,55,7],[60,1,60,7],[61,1,61,7],[59,1,59,7],[71,1,71,7],[8,0,8,12],[10,1,10,7],[23,1,23,7],[22,1,22,7],[19,1,19,7],[20,1,20,7],[11,1,11,7],[12,1,12,7],[13,1,13,7],[14,1,14,7],[15,1,15,7],[16,1,16,7],[17,1,17,7],[81,1,81,7],[43,1,43,7],[86,1,86,7],[44,1,44,7],[45,1,45,7],[47,1,47,7],[73,1,73,7],[74,1,74,7],[75,1,75,7],[76,1,76,7],[77,1,77,7],[83,1,83,7],[84,1,84,7],[85,1,85,7],[57,1,57,7],[58,1,58,7],[66,1,66,7],[49,1,49,7],[65,1,65,7],[63,1,63,7],[64,1,64,7],[50,1,50,7],[51,1,51,7],[62,1,62,7],[101,1,101,7],[102,1,102,7],[103,1,103,7],[140,6,140,9],[38,10,38,12],[98,1,98,7],[131,1,131,7],[132,1,132,7],[133,1,133,7],[134,1,134,7],[122,1,122,7],[123,1,123,7],[124,1,124,7],[125,1,125,7],[126,1,126,7],[127,1,127,7],[128,1,128,7],[129,1,129,7],[130,1,130,7],[118,1,118,7],[119,1,119,7],[120,1,120,7],[99,1,99,7],[100,1,100,7]]}
[]
[{"$f":"\"COMPOSIÇÕES - \" &A4","v":"COMPOSIÇÕES - AVENIDA SÃO FRANCISCO INTERLIGAÇÃO COM AVENIDA NOROESTE"},null,null,null,null,null,null,null,null,null,null,"Revisão:",{"$f":"ORC!Q8","v":"R01"}]
["Projeto:",null,null,null,"Cliente:",null,null,null,null,null,null,"Responsável:"]
[{"$f":"ORC!B10","v":"AVENIDA SÃO FRANCISCO INTERLIGAÇÃO COM AVENIDA NOROESTE"}]
[]
[]
["Data:",null,{"$f":"ORC!D13","v":"2021-04-29"},null,null,null,null,null,null,null,null,{"$f":"ORC!O13","v":"SINAPI"},{"$f":"ORC!P13","v":"2021-03-01"}]
["BDI",null,{"$f":"ORC!D14","v":0.24229999999999999},null,null,null,null,null,null,null,null,{"$f":"ORC!O14","v":"SETOP"},{"$f":"ORC!P14","v":"2021-01-01"}]
[{"$f":"\"PROJETO EXECUTIVO - \"&A4","v":"PROJETO EXECUTIVO - AVENIDA SÃO FRANCISCO INTERLIGAÇÃO COM AVENIDA NOROESTE"}]
[]
["CÓDIGO","DESCRIÇÃO",null,null,null,null,null,null,"REFERÊNCIA","UNID.","COEFICIENTE","PREÇO UNIT.","TOTAL"]
[0,"DIVERSOS"]
["DAC-0.1","CIMBRAMENTO-ESCORAMENTO DE FORMAS DE H=3,00 A 3,50M, COM MADEIRA 3A QUALIDADE, NÃO APARELHADA, APROVEITAMENTO TABUAS 3X E PRUMOS 4X",null,null,null,null,null,null,"CPU","U",1,null,{"$f":"SUM(M14:M18)","v":27.987971699999996}]
[4448,{"$f":"IF(I14=\"SINAPI\",VLOOKUP(A14,SINAPI,2,0),IF(I14=\"SETOP\",VLOOKUP(A14,SETOP,3,0),IF(I14=\"CPU\",VLOOKUP(A14,COMPOSIÇÃO,2,0),VLOOKUP(A14,COTAÇÃO,3,0))))","v":"VIGA *7,5 X 15 CM EM PINUS, MISTA OU EQUIVALENTE DA REGIAO - BRUTA"},null,null,null,null,null,null,"SINAPI",{"$f":"IF(I14=\"SINAPI\",VLOOKUP(A14,SINAPI,3,0),IF(I14=\"SETOP\",VLOOKUP(A14,SETOP,4,0),IF(I14=\"CPU\",VLOOKUP(A14,COMPOSIÇÃO,10,0),VLOOKUP(A14,COTAÇÃO,12,0))))","v":"M     "},0.17874999999999999,{"$f":"IF(I14=\"SINAPI\",VLOOKUP(A14,SINAPI,4,0),IF(I14=\"SETOP\",VLOOKUP(A14,SETOP,5,0),IF(I14=\"CPU\",VLOOKUP(A14,COMPOSIÇÃO,13,0),VLOOKUP(A14,COTAÇÃO,15,0))))","v":14.67},{"$f":"K14*L14","v":2.6222624999999997}]
[5075,"PREGO DE ACO POLIDO COM CABECA 18 X 30 (2 3/4 X 10)",null,null,null,null,null,null,"SINAPI","KG    ",7.8E-2,15.26,{"$f":"K15*L15","v":1.19028}]
[6189,"TABUA NAO APARELHADA *2,5 X 30* CM, EM MACARANDUBA, ANGELIM OU EQUIVALENTE DA REGIAO - BRUTA",null,null,null,null,null,null,"SINAPI","M     ",0.377,34.65,13.063049999999999]
[88262,{"$f":"IF(I17=\"SINAPI\",VLOOKUP(A17,SINAPI,2,0),IF(I17=\"SETOP\",VLOOKUP(A17,SETOP,3,0),IF(I17=\"CPU\",VLOOKUP(A17,COMPOSIÇÃO,2,0),VLOOKUP(A17,COTAÇÃO,3,0))))","v":"CARPINTEIRO DE FORMAS COM ENCARGOS COMPLEMENTARES"},null,null,null,null,null,null,"SINAPI",{"$f":"IF(I17=\"SINAPI\",VLOOKUP(A17,SINAPI,3,0),IF(I17=\"SETOP\",VLOOKUP(A17,SETOP,4,0),IF(I17=\"CPU\",VLOOKUP(A17,COMPOSIÇÃO,10,0),VLOOKUP(A17,COTAÇÃO,12,0))))","v":"H"},0.377,{"$f":"IF(I17=\"SINAPI\",VLOOKUP(A17,SINAPI,4,0),IF(I17=\"SETOP\",VLOOKUP(A17,SETOP,5,0),IF(I17=\"CPU\",VLOOKUP(A17,COMPOSIÇÃO,13,0),VLOOKUP(A17,COTAÇÃO,15,0))))","v":21.87},{"$f":"K17*L17","v":8.2449899999999996}]
[88316,"SERVENTE COM ENCARGOS COMPLEMENTARES",null,null,null,null,null,null,"SINAPI","H",0.18251999999999999,15.71,2.8673891999999999]
[]
[1,{"$f":"VLOOKUP(A20,ORC,2,3)","v":"ADMINISTRAÇAÕ DE OBRA"}]
["DAC-1.1","INSTALAÇÃO DAS SINALIZAÇÕES DE SEGURANÇA",null,null,null,null,null,null,"CPU","M     ",1,null,{"$f":"SUM(M22:XFD22)","v":1.5710000000000002}]
[88316,{"$f":"IF(I22=\"SINAPI\",VLOOKUP(A22,SINAPI,2,0),IF(I22=\"SETOP\",VLOOKUP(A22,SETOP,3,0),IF(I22=\"CPU\",VLOOKUP(A22,COMPOSIÇÃO,2,0),VLOOKUP(A22,COTAÇÃO,3,0))))","v":"SERVENTE COM ENCARGOS COMPLEMENTARES"},null,null,null,null,null,null,"SINAPI",{"$f":"IF(I22=\"SINAPI\",VLOOKUP(A22,SINAPI,3,0),IF(I22=\"SETOP\",VLOOKUP(A22,SETOP,4,0),IF(I22=\"CPU\",VLOOKUP(A22,COMPOSIÇÃO,10,0),VLOOKUP(A22,COTAÇÃO,12,0))))","v":"H"},0.1,{"$f":"IF(I22=\"SINAPI\",VLOOKUP(A22,SINAPI,4,0),IF(I22=\"SETOP\",VLOOKUP(A22,SETOP,5,0),IF(I22=\"CPU\",VLOOKUP(A22,COMPOSIÇÃO,13,0),VLOOKUP(A22,COTAÇÃO,15,0))))","v":15.71},{"$f":"K22*L22","v":1.5710000000000002}]
[2,{"$f":"VLOOKUP(A23,ORC,2,3)","v":"SERVIÇOS PRELIMINARES"}]
["DAC-2.1","SERVIÇOS PRELIMINARES PARA LOCAÇÃO PELO MÉTODO DAS CRUZETAS",null,null,null,null,null,null,"CPU","U",1,null,{"$f":"SUM(M25:M29)","v":376.09000000000003}]
[7592,{"$f":"IF(I25=\"SINAPI\",VLOOKUP(A25,SINAPI,2,0),IF(I25=\"SETOP\",VLOOKUP(A25,SETOP,3,0),IF(I25=\"CPU\",VLOOKUP(A25,COMPOSIÇÃO,2,0),VLOOKUP(A25,COTAÇÃO,3,0))))","v":"TOPOGRAFO"},null,null,null,null,null,null,"SINAPI",{"$f":"IF(I25=\"SINAPI\",VLOOKUP(A25,SINAPI,3,0),IF(I25=\"SETOP\",VLOOKUP(A25,SETOP,4,0),IF(I25=\"CPU\",VLOOKUP(A25,COMPOSIÇÃO,10,0),VLOOKUP(A25,COTAÇÃO,12,0))))","v":"H     "},1,{"$f":"IF(I25=\"SINAPI\",VLOOKUP(A25,SINAPI,4,0),IF(I25=\"SETOP\",VLOOKUP(A25,SETOP,5,0),IF(I25=\"CPU\",VLOOKUP(A25,COMPOSIÇÃO,13,0),VLOOKUP(A25,COTAÇÃO,15,0))))","v":33.869999999999997},{"$f":"K25*L25","v":33.869999999999997}]
[20206,"SARRAFO APARELHADO *2 X 10* CM, EM MACARANDUBA, ANGELIM OU EQUIVALENTE DA REGIAO",null,null,null,null,null,null,"SINAPI","M     ",12,11.55,{"$f":"K26*L26","v":138.60000000000002}]
[4491,"PONTALETE *7,5 X 7,5* CM EM PINUS, MISTA OU EQUIVALENTE DA REGIAO - BRUTA",null,null,null,null,null,null,"SINAPI","M     ",30,5.54,166.2]
[88262,{"$f":"IF(I28=\"SINAPI\",VLOOKUP(A28,SINAPI,2,0),IF(I28=\"SETOP\",VLOOKUP(A28,SETOP,3,0),IF(I28=\"CPU\",VLOOKUP(A28,COMPOSIÇÃO,2,0),VLOOKUP(A28,COTAÇÃO,3,0))))","v":"CARPINTEIRO DE FORMAS COM ENCARGOS COMPLEMENTARES"},null,null,null,null,null,null,"SINAPI",{"$f":"IF(I28=\"SINAPI\",VLOOKUP(A28,SINAPI,3,0),IF(I28=\"SETOP\",VLOOKUP(A28,SETOP,4,0),IF(I28=\"CPU\",VLOOKUP(A28,COMPOSIÇÃO,10,0),VLOOKUP(A28,COTAÇÃO,12,0))))","v":"H"},1,{"$f":"IF(I28=\"SINAPI\",VLOOKUP(A28,SINAPI,4,0),IF(I28=\"SETOP\",VLOOKUP(A28,SETOP,5,0),IF(I28=\"CPU\",VLOOKUP(A28,COMPOSIÇÃO,13,0),VLOOKUP(A28,COTAÇÃO,15,0))))","v":21.87},21.87]
[5073,"PREGO DE ACO POLIDO COM CABECA 17 X 24 (2 1/4 X 11)",null,null,null,null,null,null,"SINAPI","KG    ",1,15.55,15.55]
[]
["DAC-2.2","EXECUÇÃO DA LOCAÇÃO PELO MÉTODO DA CRUZETA",null,null,null,null,null,null,"CPU","M",1,null,{"$f":"SUM(M32:M33)","v":9.4499999999999993}]
[88309,{"$f":"IF(I32=\"SINAPI\",VLOOKUP(A32,SINAPI,2,0),IF(I32=\"SETOP\",VLOOKUP(A32,SETOP,3,0),IF(I32=\"CPU\",VLOOKUP(A32,COMPOSIÇÃO,2,0),VLOOKUP(A32,COTAÇÃO,3,0))))","v":"PEDREIRO COM ENCARGOS COMPLEMENTARES"},null,null,null,null,null,null,"SINAPI",{"$f":"IF(I32=\"SINAPI\",VLOOKUP(A32,SINAPI,3,0),IF(I32=\"SETOP\",VLOOKUP(A32,SETOP,4,0),IF(I32=\"CPU\",VLOOKUP(A32,COMPOSIÇÃO,10,0),VLOOKUP(A32,COTAÇÃO,12,0))))","v":"H"},0.25,{"$f":"IF(I32=\"SINAPI\",VLOOKUP(A32,SINAPI,4,0),IF(I32=\"SETOP\",VLOOKUP(A32,SETOP,5,0),IF(I32=\"CPU\",VLOOKUP(A32,COMPOSIÇÃO,13,0),VLOOKUP(A32,COTAÇÃO,15,0))))","v":22.09},{"$f":"K32*L32","v":5.5225}]
[88316,{"$f":"IF(I33=\"SINAPI\",VLOOKUP(A33,SINAPI,2,0),IF(I33=\"SETOP\",VLOOKUP(A33,SETOP,3,0),IF(I33=\"CPU\",VLOOKUP(A33,COMPOSIÇÃO,2,0),VLOOKUP(A33,COTAÇÃO,3,0))))","v":"SERVENTE COM ENCARGOS COMPLEMENTARES"},null,null,null,null,null,null,"SINAPI",{"$f":"IF(I33=\"SINAPI\",VLOOKUP(A33,SINAPI,3,0),IF(I33=\"SETOP\",VLOOKUP(A33,SETOP,4,0),IF(I33=\"CPU\",VLOOKUP(A33,COMPOSIÇÃO,10,0),VLOOKUP(A33,COTAÇÃO,12,0))))","v":"H"},0.25,{"$f":"IF(I33=\"SINAPI\",VLOOKUP(A33,SINAPI,4,0),IF(I33=\"SETOP\",VLOOKUP(A33,SETOP,5,0),IF(I33=\"CPU\",VLOOKUP(A33,COMPOSIÇÃO,13,0),VLOOKUP(A33,COTAÇÃO,15,0))))","v":15.71},{"$f":"K33*L33","v":3.9275000000000002}]
[]
[3,{"$f":"VLOOKUP(A35,ORC,2,3)","v":"MOVIMENTAÇÃO DE TERRA"}]
["DAC-3.1","GERADOR PARA BOMBA DE ESGOTAMENTO ",null,null,null,null,null,null,"CPU","DIA",1,null,{"$f":"SUM(M37:M38)","v":204.64}]
[{"$f":"COT!A10","v":"COT-195"},{"$f":"IF(I37=\"SINAPI\",VLOOKUP(A37,SINAPI,2,0),IF(I37=\"SETOP\",VLOOKUP(A37,SETOP,3,0),IF(I37=\"CPU\",VLOOKUP(A37,COMPOSIÇÃO,2,0),VLOOKUP(A37,COTAÇÃO,3,0))))","v":"LOCAÇÃO DE GERADOR PARA BOMBA DE ESGOTAMENTO COM POTÊNCIA DE 1C-COM TRANSPORTE ATÉ O LOCAL DA OBRA (QUALQUER MUDANÇA DO GERADOR SERÁ POR CONTA DA EXECUTORA), NÃO INCLUI O COMBUSTIVEL"},null,null,null,null,null,null,"COTAÇÃO",{"$f":"IF(I37=\"SINAPI\",VLOOKUP(A37,SINAPI,3,0),IF(I37=\"SETOP\",VLOOKUP(A37,SETOP,4,0),IF(I37=\"CPU\",VLOOKUP(A37,COMPOSIÇÃO,10,0),VLOOKUP(A37,COTAÇÃO,12,0))))","v":"D"},1,{"$f":"IF(I37=\"SINAPI\",VLOOKUP(A37,SINAPI,4,0),IF(I37=\"SETOP\",VLOOKUP(A37,SETOP,5,0),IF(I37=\"CPU\",VLOOKUP(A37,COMPOSIÇÃO,13,0),VLOOKUP(A37,COTAÇÃO,15,0))))","v":120},{"$f":"K37*L37","v":120}]
[{"$f":"COT!A13","v":"COT-623"},{"$f":"IF(I38=\"SINAPI\",VLOOKUP(A38,SINAPI,2,0),IF(I38=\"SETOP\",VLOOKUP(A38,SETOP,3,0),IF(I38=\"CPU\",VLOOKUP(A38,COMPOSIÇÃO,2,0),VLOOKUP(A38,COTAÇÃO,3,0))))","v":"COMBUSTIVEL PARA GERADOR"},null,null,null,null,null,null,"COTAÇÃO",{"$f":"IF(I38=\"SINAPI\",VLOOKUP(A38,SINAPI,3,0),IF(I38=\"SETOP\",VLOOKUP(A38,SETOP,4,0),IF(I38=\"CPU\",VLOOKUP(A38,COMPOSIÇÃO,10,0),VLOOKUP(A38,COTAÇÃO,12,0))))","v":"U"},16,{"$f":"IF(I38=\"SINAPI\",VLOOKUP(A38,SINAPI,4,0),IF(I38=\"SETOP\",VLOOKUP(A38,SETOP,5,0),IF(I38=\"CPU\",VLOOKUP(A38,COMPOSIÇÃO,13,0),VLOOKUP(A38,COTAÇÃO,15,0))))","v":5.29},{"$f":"K38*L38","v":84.64}]
[null,null,null,null,null,null,null,null,null,null,"*CONSIDEROU-SE 8 HORAS POR DIA E 2 LITROS POR HORA"]
[]
[7,{"$f":"VLOOKUP(A41,ORC,2,3)","v":"ESTRUTURA E DISPOSITIVOS HIDRÁULICOS "}]
["DAC-7.1","POÇO DE VISITA - α (Ø 600 ÁTE 1000), INCLUINDO CIMBRAMENTO, CHAMINÉ E FORNECIMENTO DE TODOS OS MATERIAIS-PADRÃO DER-SP",null,null,null,null,null,null,"CPU","U",1,null,{"$f":"SUM(M43:M48)","v":11386.061650006}]
["ED-49787",{"$f":"IF(I43=\"SINAPI\",VLOOKUP(A43,SINAPI,2,0),IF(I43=\"SETOP\",VLOOKUP(A43,SETOP,3,0),IF(I43=\"CPU\",VLOOKUP(A43,COMPOSIÇÃO,2,0),VLOOKUP(A43,COTAÇÃO,3,0))))","v":"FORNECIMENTO DE CONCRETO ESTRUTURAL, PREPARADO EM OBRA COM BETONEIRA, COM FCK 25 MPA, INCLUSIVE LANÇAMENTO, ADENSAMENTO E ACABAMENTO (FUNDAÇÃO)"},null,null,null,null,null,null,"SETOP",{"$f":"IF(I43=\"SINAPI\",VLOOKUP(A43,SINAPI,3,0),IF(I43=\"SETOP\",VLOOKUP(A43,SETOP,4,0),IF(I43=\"CPU\",VLOOKUP(A43,COMPOSIÇÃO,10,0),VLOOKUP(A43,COTAÇÃO,12,0))))","v":"M3"},5.27,{"$f":"IF(I43=\"SINAPI\",VLOOKUP(A43,SINAPI,4,0),IF(I43=\"SETOP\",VLOOKUP(A43,SETOP,5,0),IF(I43=\"CPU\",VLOOKUP(A43,COMPOSIÇÃO,13,0),VLOOKUP(A43,COTAÇÃO,15,0))))","v":491.75},{"$f":"K43*L43","v":2591.5224999999996}]
["ED-49810","FORMA E DESFORMA DE TÁBUA E SARRAFO, REAPROVEITAMENTO (3X) (FUNDAÇÃO)",null,null,null,null,null,null,"SETOP","M2",44.57,40.56,{"$f":"K44*L44","v":1807.7592000000002}]
["ED-49782","FORNECIMENTO DE CONCRETO NÃO ESTRUTURAL, PREPARADO EM OBRA COM BETONEIRA, COM FCK 10 MPA, INCLUSIVE LANÇAMENTO, ADENSAMENTO E ACABAMENTO (FUNDAÇÃO)\n",null,null,null,null,null,null,"SETOP","M3",0.2,435.78,87.156000000000006]
["ED-49786","FORNECIMENTO DE CONCRETO ESTRUTURAL, PREPARADO EM OBRA COM BETONEIRA, COM FCK 20 MPA, INCLUSIVE LANÇAMENTO, ADENSAMENTO E ACABAMENTO (FUNDAÇÃO)",null,null,null,null,null,null,"SETOP","M3",0.47,477.06,224.2182]
["DAC-0.1","CIMBRAMENTO-ESCORAMENTO DE FORMAS DE H=3,00 A 3,50M, COM MADEIRA 3A QUALIDADE, NÃO APARELHADA, APROVEITAMENTO TABUAS 3X E PRUMOS 4X",null,null,null,null,null,null,"CPU","U",3.18,27.987971699999996,{"$f":"K47*L47","v":89.001750005999995}]
["ED-48298","CORTE, DOBRA E MONTAGEM DE AÇO CA-50/60",null,null,null,null,null,null,"SETOP","KG",535.48,12.3,6586.4040000000005]
[]
["DAC-7.2","POÇO DE VISITA - β (Ø 600 ÁTE 1000), INCLUINDO CIMBRAMENTO, CHAMINÉ, DISSIPADOR E FORNECIMENTO DE TODOS OS MATERIAIS-PADRÃO DER-SP",null,null,null,null,null,null,"CPU","U",1,null,{"$f":"SUM(M51:M56)","v":19353.511287264999}]
["ED-49787",{"$f":"IF(I51=\"SINAPI\",VLOOKUP(A51,SINAPI,2,0),IF(I51=\"SETOP\",VLOOKUP(A51,SETOP,3,0),IF(I51=\"CPU\",VLOOKUP(A51,COMPOSIÇÃO,2,0),VLOOKUP(A51,COTAÇÃO,3,0))))","v":"FORNECIMENTO DE CONCRETO ESTRUTURAL, PREPARADO EM OBRA COM BETONEIRA, COM FCK 25 MPA, INCLUSIVE LANÇAMENTO, ADENSAMENTO E ACABAMENTO (FUNDAÇÃO)"},null,null,null,null,null,null,"SETOP",{"$f":"IF(I51=\"SINAPI\",VLOOKUP(A51,SINAPI,3,0),IF(I51=\"SETOP\",VLOOKUP(A51,SETOP,4,0),IF(I51=\"CPU\",VLOOKUP(A51,COMPOSIÇÃO,10,0),VLOOKUP(A51,COTAÇÃO,12,0))))","v":"M3"},7.09,{"$f":"IF(I51=\"SINAPI\",VLOOKUP(A51,SINAPI,4,0),IF(I51=\"SETOP\",VLOOKUP(A51,SETOP,5,0),IF(I51=\"CPU\",VLOOKUP(A51,COMPOSIÇÃO,13,0),VLOOKUP(A51,COTAÇÃO,15,0))))","v":491.75},3486.5074999999997]
["ED-8571","FORMA E DESFORMA DE COMPENSADO PLASTIFICADO, ESP. 12MM, REAPROVEITAMENTO (3X) (FUNDAÇÃO)",null,null,null,null,null,null,"SETOP","M2",59.54,41.86,2492.3444]
["ED-49782","FORNECIMENTO DE CONCRETO NÃO ESTRUTURAL, PREPARADO EM OBRA COM BETONEIRA, COM FCK 10 MPA, INCLUSIVE LANÇAMENTO, ADENSAMENTO E ACABAMENTO (FUNDAÇÃO)\n",null,null,null,null,null,null,"SETOP","M3",0.2,435.78,87.156000000000006]
["ED-49786","FORNECIMENTO DE CONCRETO ESTRUTURAL, PREPARADO EM OBRA COM BETONEIRA, COM FCK 20 MPA, INCLUSIVE LANÇAMENTO, ADENSAMENTO E ACABAMENTO (FUNDAÇÃO)",null,null,null,null,null,null,"SETOP","M3",5.68,477.06,2709.7008000000001]
["DAC-0.1","CIMBRAMENTO-ESCORAMENTO DE FORMAS DE H=3,00 A 3,50M, COM MADEIRA 3A QUALIDADE, NÃO APARELHADA, APROVEITAMENTO TABUAS 3X E PRUMOS 4X",null,null,null,null,null,null,"CPU","U",0.45,27.987971699999996,12.594587264999998]
["ED-48298","CORTE, DOBRA E MONTAGEM DE AÇO CA-50/60",null,null,null,null,null,null,"SETOP","KG",858.96,12.3,10565.208000000001]
[]
["DAC-7.3","BOCA DE LOBO DUPLA TIPO A-FERRO FUNDIDO. INCLUSO QUADRO, GRELHA ,CANTONEIRA, ESCAVAÇÃO, REATERRO E BOTA-FORA",null,null,null,null,null,null,"CPU","U",1,null,{"$f":"SUM(M59:M68)","v":2037.1247000000001}]
["MATED-12826","CONJUNTO QUADRO E GRELHA DE FERRO FUNDIDO P=199 KG PARA BOCA DE LOBO",null,null,null,null,null,null,"SETOP","U",1,995,995]
["MATED-12823","CANTONEIRA PARA BOCA DE LOBO EM FºFº",null,null,null,null,null,null,"SETOP","U",1,344,{"$f":"K60*L60","v":344}]
["ED-48228",{"$f":"IF(I61=\"SINAPI\",VLOOKUP(A61,SINAPI,2,0),IF(I61=\"SETOP\",VLOOKUP(A61,SETOP,3,0),IF(I61=\"CPU\",VLOOKUP(A61,COMPOSIÇÃO,2,0),VLOOKUP(A61,COTAÇÃO,3,0))))","v":"ALVENARIA DE VEDAÇÃO COM TIJOLO MACIÇO REQUEIMADO, ESP. 20CM, PARA REVESTIMENTO, INCLUSIVE ARGAMASSA PARA ASSENTAMENTO"},null,null,null,null,null,null,"SETOP",{"$f":"IF(I61=\"SINAPI\",VLOOKUP(A61,SINAPI,3,0),IF(I61=\"SETOP\",VLOOKUP(A61,SETOP,4,0),IF(I61=\"CPU\",VLOOKUP(A61,COMPOSIÇÃO,10,0),VLOOKUP(A61,COTAÇÃO,12,0))))","v":"M2"},3.72,{"$f":"IF(I61=\"SINAPI\",VLOOKUP(A61,SINAPI,4,0),IF(I61=\"SETOP\",VLOOKUP(A61,SETOP,5,0),IF(I61=\"CPU\",VLOOKUP(A61,COMPOSIÇÃO,13,0),VLOOKUP(A61,COTAÇÃO,15,0))))","v":90.2},335.54400000000004]
["RO-41762","ARGAMASSA DE CIMENTO E AREIA TRAÇO 1:3 (EXECUÇÃO, INCLUINDO FORNECIMENTO E TRANSPORTE DE TODOS OS MATERIAIS)",null,null,null,null,null,null,"SETOP","M3",0.06,433.53,26.011799999999997]
["ED-49618","FORNECIMENTO DE CONCRETO ESTRUTURAL, PREPARADO EM OBRA, COM FCK 20 MPA, INCLUSIVE LANÇAMENTO, ADENSAMENTO E ACABAMENTO",null,null,null,null,null,null,"SETOP","M3",0.21,493.55,103.6455]
["ED-51107","ESCAVAÇÃO MANUAL DE VALAS H <= 1,50 M",null,null,null,null,null,null,"SETOP","M3",1.68,47.94,80.539199999999994]
["ED-49810","FORMA E DESFORMA DE TÁBUA E SARRAFO, REAPROVEITAMENTO (3X) (FUNDAÇÃO)",null,null,null,null,null,null,"SETOP","M2",0.22,40.56,8.9232000000000014]
["ED-50381","PEDREIRO COM ENCARGOS COMPLEMENTARES",null,null,null,null,null,null,"SETOP","HORA",2.5,19.63,49.074999999999996]
["ED-50367","SERVENTE COM ENCARGOS COMPLEMENTARES",null,null,null,null,null,null,"SETOP","HORA",2.5,14.1,35.25]
["ED-51130","TRANSPORTE DE MATERIAL DE QUALQUER NATUREZA EM CAMINHÃO DMT > 5 KM (DENTRO DO PERÍMETRO URBANO)",null,null,null,null,null,null,"SETOP","M3XKM",{"$f":"K64*11","v":18.48},3.2,59.136000000000003]
[]
["DAC-7.4","BOCA DE LOBO TRIPLA TIPO A-FERRO FUNDIDO. INCLUSO QUADRO, GRELHA ,CANTONEIRA, ESCAVAÇÃO, REATERRO E BOTA-FORA",null,null,null,null,null,null,"CPU","U",1,null,{"$f":"SUM(M71:M80)","v":3512.7162999999996}]
["MATED-12826","CONJUNTO QUADRO E GRELHA DE FERRO FUNDIDO P=199 KG PARA BOCA DE LOBO",null,null,null,null,null,null,"SETOP","U",2,995,{"$f":"K71*L71","v":1990}]
["MATED-12823","CANTONEIRA PARA BOCA DE LOBO EM FºFº",null,null,null,null,null,null,"SETOP","U",1,344,344]
["ED-48228",{"$f":"IF(I73=\"SINAPI\",VLOOKUP(A73,SINAPI,2,0),IF(I73=\"SETOP\",VLOOKUP(A73,SETOP,3,0),IF(I73=\"CPU\",VLOOKUP(A73,COMPOSIÇÃO,2,0),VLOOKUP(A73,COTAÇÃO,3,0))))","v":"ALVENARIA DE VEDAÇÃO COM TIJOLO MACIÇO REQUEIMADO, ESP. 20CM, PARA REVESTIMENTO, INCLUSIVE ARGAMASSA PARA ASSENTAMENTO"},null,null,null,null,null,null,"SETOP",{"$f":"IF(I73=\"SINAPI\",VLOOKUP(A73,SINAPI,3,0),IF(I73=\"SETOP\",VLOOKUP(A73,SETOP,4,0),IF(I73=\"CPU\",VLOOKUP(A73,COMPOSIÇÃO,10,0),VLOOKUP(A73,COTAÇÃO,12,0))))","v":"M2"},6.12,{"$f":"IF(I73=\"SINAPI\",VLOOKUP(A73,SINAPI,4,0),IF(I73=\"SETOP\",VLOOKUP(A73,SETOP,5,0),IF(I73=\"CPU\",VLOOKUP(A73,COMPOSIÇÃO,13,0),VLOOKUP(A73,COTAÇÃO,15,0))))","v":90.2},552.024]
["RO-41762","ARGAMASSA DE CIMENTO E AREIA TRAÇO 1:3 (EXECUÇÃO, INCLUINDO FORNECIMENTO E TRANSPORTE DE TODOS OS MATERIAIS)",null,null,null,null,null,null,"SETOP","M3",0.11,433.53,47.688299999999998]
["ED-49618","FORNECIMENTO DE CONCRETO ESTRUTURAL, PREPARADO EM OBRA, COM FCK 20 MPA, INCLUSIVE LANÇAMENTO, ADENSAMENTO E ACABAMENTO",null,null,null,null,null,null,"SETOP","M3",0.4,493.55,197.42000000000002]
["ED-51107","ESCAVAÇÃO MANUAL DE VALAS H <= 1,50 M",null,null,null,null,null,null,"SETOP","M3",3.19,47.94,152.92859999999999]
["ED-49810","FORMA E DESFORMA DE TÁBUA E SARRAFO, REAPROVEITAMENTO (3X) (FUNDAÇÃO)",null,null,null,null,null,null,"SETOP","M2",0.79,40.56,32.042400000000001]
["ED-50381","PEDREIRO COM ENCARGOS COMPLEMENTARES",null,null,null,null,null,null,"SETOP","HORA",2.5,19.63,49.074999999999996]
["ED-50367","SERVENTE COM ENCARGOS COMPLEMENTARES",null,null,null,null,null,null,"SETOP","HORA",2.5,14.1,35.25]
["ED-51130","TRANSPORTE DE MATERIAL DE QUALQUER NATUREZA EM CAMINHÃO DMT > 5 KM (DENTRO DO PERÍMETRO URBANO)",null,null,null,null,null,null,"SETOP","M3XKM",{"$f":"K76*11","v":35.089999999999996},3.2,112.288]
[]
["DAC-7.5","DISSIPADOR DE ENERGIA PARA GALERIA DE DN 800, ENROCAMENTO DE PEDRA ARGAMASSADA",null,null,null,null,null,null,"CPU","U",1,null,{"$f":"SUM(M83:M88)","v":1297.4564288000001}]
["RO-41762",{"$f":"IF(I83=\"SINAPI\",VLOOKUP(A83,SINAPI,2,0),IF(I83=\"SETOP\",VLOOKUP(A83,SETOP,3,0),IF(I83=\"CPU\",VLOOKUP(A83,COMPOSIÇÃO,2,0),VLOOKUP(A83,COTAÇÃO,3,0))))","v":"ARGAMASSA DE CIMENTO E AREIA TRAÇO 1:3 (EXECUÇÃO, INCLUINDO FORNECIMENTO E TRANSPORTE DE TODOS OS MATERIAIS)"},null,null,null,null,null,null,"SETOP",{"$f":"IF(I83=\"SINAPI\",VLOOKUP(A83,SINAPI,3,0),IF(I83=\"SETOP\",VLOOKUP(A83,SETOP,4,0),IF(I83=\"CPU\",VLOOKUP(A83,COMPOSIÇÃO,10,0),VLOOKUP(A83,COTAÇÃO,12,0))))","v":"M3"},{"$f":"((1.2+2.96)*(3*0.8)*0.3+(0.3*0.3*(1.2+2.96)))*0.3","v":1.0108800000000002},{"$f":"IF(I83=\"SINAPI\",VLOOKUP(A83,SINAPI,4,0),IF(I83=\"SETOP\",VLOOKUP(A83,SETOP,5,0),IF(I83=\"CPU\",VLOOKUP(A83,COMPOSIÇÃO,13,0),VLOOKUP(A83,COTAÇÃO,15,0))))","v":433.53},{"$f":"K83*L83","v":438.24680640000008}]
["ED-14560","LASTRO DE SEIXO, INCLUSIVE LANÇAMENTO E ESPALHAMENTO MANUAL",null,null,null,null,null,null,"SETOP","M3",{"$f":"((1.2+2.96)*(3*0.8)*0.3+(0.3*0.3*(1.2+2.96)))*0.7","v":2.3587200000000004},115.43,272.26704960000006]
["ED-49810","FORMA E DESFORMA DE TÁBUA E SARRAFO, REAPROVEITAMENTO (3X) (FUNDAÇÃO)",null,null,null,null,null,null,"SETOP","M2",{"$f":"(2*(1.2+2.96+3*0.8)*0.3)+(2*(1.2+2.96+0.3)*0.3)","v":6.6120000000000001},40.56,268.18272000000002]
["ED-50381","PEDREIRO COM ENCARGOS COMPLEMENTARES",null,null,null,null,null,null,"SETOP","HORA",8,19.63,157.04]
["ED-50367","SERVENTE COM ENCARGOS COMPLEMENTARES",null,null,null,null,null,null,"SETOP","HORA",8,14.1,112.8]
[95877,"TRANSPORTE COM CAMINHÃO BASCULANTE DE 18 M³, EM VIA URBANA PAVIMENTADA, DMT ATÉ 30 KM (UNIDADE: M3XKM). AF_07/2020",null,null,null,null,null,null,"SINAPI","M3XKM",{"$f":"(K84)*17","v":40.098240000000004},1.22,48.919852800000001]
[]
["DAC-7.6","DESCIDA D'ÁGUA TIPO DEGRAU DN 800, INCLUSIVE APILOAMENTO E BOTA FORA",null,null,null,null,null,null,"CPU","M",1,null,{"$f":"SUM(M91:M97)","v":849.91289999999992}]
["ED-49786",{"$f":"IF(I91=\"SINAPI\",VLOOKUP(A91,SINAPI,2,0),IF(I91=\"SETOP\",VLOOKUP(A91,SETOP,3,0),IF(I91=\"CPU\",VLOOKUP(A91,COMPOSIÇÃO,2,0),VLOOKUP(A91,COTAÇÃO,3,0))))","v":"FORNECIMENTO DE CONCRETO ESTRUTURAL, PREPARADO EM OBRA COM BETONEIRA, COM FCK 20 MPA, INCLUSIVE LANÇAMENTO, ADENSAMENTO E ACABAMENTO (FUNDAÇÃO)"},null,null,null,null,null,null,"SETOP",{"$f":"IF(I91=\"SINAPI\",VLOOKUP(A91,SINAPI,3,0),IF(I91=\"SETOP\",VLOOKUP(A91,SETOP,4,0),IF(I91=\"CPU\",VLOOKUP(A91,COMPOSIÇÃO,10,0),VLOOKUP(A91,COTAÇÃO,12,0))))","v":"M3"},0.94,{"$f":"IF(I91=\"SINAPI\",VLOOKUP(A91,SINAPI,4,0),IF(I91=\"SETOP\",VLOOKUP(A91,SETOP,5,0),IF(I91=\"CPU\",VLOOKUP(A91,COMPOSIÇÃO,13,0),VLOOKUP(A91,COTAÇÃO,15,0))))","v":477.06},{"$f":"K91*L91","v":448.43639999999999}]
["ED-8571","FORMA E DESFORMA DE COMPENSADO PLASTIFICADO, ESP. 12MM, REAPROVEITAMENTO (3X) (FUNDAÇÃO)",null,null,null,null,null,null,"SETOP","M2",4.6500000000000004,41.86,194.649]
["ED-49782","FORNECIMENTO DE CONCRETO NÃO ESTRUTURAL, PREPARADO EM OBRA COM BETONEIRA, COM FCK 10 MPA, INCLUSIVE LANÇAMENTO, ADENSAMENTO E ACABAMENTO (FUNDAÇÃO)\n",null,null,null,null,null,null,"SETOP","M3",0.19,435.78,82.798199999999994]
["ED-48298","CORTE, DOBRA E MONTAGEM DE AÇO CA-50/60",null,null,null,null,null,null,"SETOP","KG",1.3,12.3,15.990000000000002]
["RO-40239",{"$f":"IF(I95=\"SINAPI\",VLOOKUP(A95,SINAPI,2,0),IF(I95=\"SETOP\",VLOOKUP(A95,SETOP,3,0),IF(I95=\"CPU\",VLOOKUP(A95,COMPOSIÇÃO,2,0),VLOOKUP(A95,COTAÇÃO,3,0))))","v":"APILOAMENTO DE FUNDO DE VALAS"},null,null,null,null,null,null,"SETOP",{"$f":"IF(I95=\"SINAPI\",VLOOKUP(A95,SINAPI,3,0),IF(I95=\"SETOP\",VLOOKUP(A95,SETOP,4,0),IF(I95=\"CPU\",VLOOKUP(A95,COMPOSIÇÃO,10,0),VLOOKUP(A95,COTAÇÃO,12,0))))","v":"M2"},1.17,{"$f":"IF(I95=\"SINAPI\",VLOOKUP(A95,SINAPI,4,0),IF(I95=\"SETOP\",VLOOKUP(A95,SETOP,5,0),IF(I95=\"CPU\",VLOOKUP(A95,COMPOSIÇÃO,13,0),VLOOKUP(A95,COTAÇÃO,15,0))))","v":2.97},{"$f":"K95*L95","v":3.4748999999999999}]
["ED-51107","ESCAVAÇÃO MANUAL DE VALAS H <= 1,50 M",null,null,null,null,null,null,"SETOP","M3",1.58,47.94,75.745199999999997]
["ED-51130","TRANSPORTE DE MATERIAL DE QUALQUER NATUREZA EM CAMINHÃO DMT > 5 KM (DENTRO DO PERÍMETRO URBANO)",null,null,null,null,null,null,"SETOP","M3XKM",{"$f":"K96*5.7","v":9.0060000000000002},3.2,28.819200000000002]
[]
["DAC-7.7","INSTALAÇÃO DO MATERIAL DRENANTE, BRITA 2- FORNECIMENTO E EXECUÇÃO",null,null,null,null,null,null,"CPU","M",1,null,{"$f":"SUM(M100:M104)","v":35.386875500000002}]
[88316,{"$f":"IF(I100=\"SINAPI\",VLOOKUP(A100,SINAPI,2,0),IF(I100=\"SETOP\",VLOOKUP(A100,SETOP,3,0),IF(I100=\"CPU\",VLOOKUP(A100,COMPOSIÇÃO,2,0),VLOOKUP(A100,COTAÇÃO,3,0))))","v":"SERVENTE COM ENCARGOS COMPLEMENTARES"},null,null,null,null,null,null,"SINAPI",{"$f":"IF(I100=\"SINAPI\",VLOOKUP(A100,SINAPI,3,0),IF(I100=\"SETOP\",VLOOKUP(A100,SETOP,4,0),IF(I100=\"CPU\",VLOOKUP(A100,COMPOSIÇÃO,10,0),VLOOKUP(A100,COTAÇÃO,12,0))))","v":"H"},2,{"$f":"IF(I100=\"SINAPI\",VLOOKUP(A100,SINAPI,4,0),IF(I100=\"SETOP\",VLOOKUP(A100,SETOP,5,0),IF(I100=\"CPU\",VLOOKUP(A100,COMPOSIÇÃO,13,0),VLOOKUP(A100,COTAÇÃO,15,0))))","v":15.71},{"$f":"K100*L100","v":31.42}]
[4718,"PEDRA BRITADA N. 2 (19 A 38 MM) POSTO PEDREIRA/FORNECEDOR, SEM FRETE",null,null,null,null,null,null,"SINAPI","M3    ",3.5000000000000003E-2,81.150000000000006,2.8402500000000006]
["RO-41087",{"$f":"IF(I102=\"SINAPI\",VLOOKUP(A102,SINAPI,2,0),IF(I102=\"SETOP\",VLOOKUP(A102,SETOP,3,0),IF(I102=\"CPU\",VLOOKUP(A102,COMPOSIÇÃO,2,0),VLOOKUP(A102,COTAÇÃO,3,0))))","v":"ESCAVAÇÃO E CARGA DE MATERIAL DE JAZIDA (INCLUSIVE EXPURGO E CAPEAMENTO)"},null,null,null,null,null,null,"SETOP",{"$f":"IF(I102=\"SINAPI\",VLOOKUP(A102,SINAPI,3,0),IF(I102=\"SETOP\",VLOOKUP(A102,SETOP,4,0),IF(I102=\"CPU\",VLOOKUP(A102,COMPOSIÇÃO,10,0),VLOOKUP(A102,COTAÇÃO,12,0))))","v":"M3"},{"$f":"K101*1.3","v":4.5500000000000006E-2},{"$f":"IF(I102=\"SINAPI\",VLOOKUP(A102,SINAPI,4,0),IF(I102=\"SETOP\",VLOOKUP(A102,SETOP,5,0),IF(I102=\"CPU\",VLOOKUP(A102,COMPOSIÇÃO,13,0),VLOOKUP(A102,COTAÇÃO,15,0))))","v":5.53},{"$f":"K102*L102","v":0.25161500000000003}]
[100978,{"$f":"IF(I103=\"SINAPI\",VLOOKUP(A103,SINAPI,2,0),IF(I103=\"SETOP\",VLOOKUP(A103,SETOP,3,0),IF(I103=\"CPU\",VLOOKUP(A103,COMPOSIÇÃO,2,0),VLOOKUP(A103,COTAÇÃO,3,0))))","v":"CARGA, MANOBRA E DESCARGA DE SOLOS E MATERIAIS GRANULARES EM CAMINHÃO BASCULANTE 10 M³ - CARGA COM ESCAVADEIRA HIDRÁULICA (CAÇAMBA DE 1,20 M³ / 155 HP) E DESCARGA LIVRE (UNIDADE: M3). AF_07/2020"},null,null,null,null,null,null,"SINAPI",{"$f":"IF(I103=\"SINAPI\",VLOOKUP(A103,SINAPI,3,0),IF(I103=\"SETOP\",VLOOKUP(A103,SETOP,4,0),IF(I103=\"CPU\",VLOOKUP(A103,COMPOSIÇÃO,10,0),VLOOKUP(A103,COTAÇÃO,12,0))))","v":"M3"},{"$f":"K102","v":4.5500000000000006E-2},{"$f":"IF(I103=\"SINAPI\",VLOOKUP(A103,SINAPI,4,0),IF(I103=\"SETOP\",VLOOKUP(A103,SETOP,5,0),IF(I103=\"CPU\",VLOOKUP(A103,COMPOSIÇÃO,13,0),VLOOKUP(A103,COTAÇÃO,15,0))))","v":4.58},{"$f":"K103*L103","v":0.20839000000000002}]
[95875,{"$f":"IF(I104=\"SINAPI\",VLOOKUP(A104,SINAPI,2,0),IF(I104=\"SETOP\",VLOOKUP(A104,SETOP,3,0),IF(I104=\"CPU\",VLOOKUP(A104,COMPOSIÇÃO,2,0),VLOOKUP(A104,COTAÇÃO,3,0))))","v":"TRANSPORTE COM CAMINHÃO BASCULANTE DE 10 M³, EM VIA URBANA PAVIMENTADA, DMT ATÉ 30 KM (UNIDADE: M3XKM). AF_07/2020"},null,null,null,null,null,null,"SINAPI",{"$f":"IF(I104=\"SINAPI\",VLOOKUP(A104,SINAPI,3,0),IF(I104=\"SETOP\",VLOOKUP(A104,SETOP,4,0),IF(I104=\"CPU\",VLOOKUP(A104,COMPOSIÇÃO,10,0),VLOOKUP(A104,COTAÇÃO,12,0))))","v":"M3XKM"},{"$f":"K103*9.1","v":0.41405000000000003},{"$f":"IF(I104=\"SINAPI\",VLOOKUP(A104,SINAPI,4,0),IF(I104=\"SETOP\",VLOOKUP(A104,SETOP,5,0),IF(I104=\"CPU\",VLOOKUP(A104,COMPOSIÇÃO,13,0),VLOOKUP(A104,COTAÇÃO,15,0))))","v":1.61},{"$f":"K104*L104","v":0.66662050000000006}]
[]
[8,{"$f":"VLOOKUP(A106,ORC,2,3)","v":"PAVIMENTAÇÃO"}]
["DAC-8.1","EXECUÇÃO E COMPACTAÇÃO DE BASE E OU SUB BASE COM BICA CORRIDA- EXCLUSIVE CARGA E TRANSPORTE",null,null,null,null,null,null,"CPU","M3",1,null,{"$f":"SUM(M108:M117)","v":103.670407}]
[5684,{"$f":"IF(I108=\"SINAPI\",VLOOKUP(A108,SINAPI,2,0),IF(I108=\"SETOP\",VLOOKUP(A108,SETOP,3,0),IF(I108=\"CPU\",VLOOKUP(A108,COMPOSIÇÃO,2,0),VLOOKUP(A108,COTAÇÃO,3,0))))","v":"ROLO COMPACTADOR VIBRATÓRIO DE UM CILINDRO AÇO LISO, POTÊNCIA 80 HP, PESO OPERACIONAL MÁXIMO 8,1 T, IMPACTO DINÂMICO 16,15 / 9,5 T, LARGURA DE TRABALHO 1,68 M - CHP DIURNO. AF_06/2014"},null,null,null,null,null,null,"SINAPI",{"$f":"IF(I108=\"SINAPI\",VLOOKUP(A108,SINAPI,3,0),IF(I108=\"SETOP\",VLOOKUP(A108,SETOP,4,0),IF(I108=\"CPU\",VLOOKUP(A108,COMPOSIÇÃO,10,0),VLOOKUP(A108,COTAÇÃO,12,0))))","v":"CHP"},7.0000000000000001E-3,{"$f":"IF(I108=\"SINAPI\",VLOOKUP(A108,SINAPI,4,0),IF(I108=\"SETOP\",VLOOKUP(A108,SETOP,5,0),IF(I108=\"CPU\",VLOOKUP(A108,COMPOSIÇÃO,13,0),VLOOKUP(A108,COTAÇÃO,15,0))))","v":107.46},{"$f":"K108*L108","v":0.75222}]
[5685,"ROLO COMPACTADOR VIBRATÓRIO DE UM CILINDRO AÇO LISO, POTÊNCIA 80 HP, PESO OPERACIONAL MÁXIMO 8,1 T, IMPACTO DINÂMICO 16,15 / 9,5 T, LARGURA DE TRABALHO 1,68 M - CHI DIURNO. AF_06/2014",null,null,null,null,null,null,"SINAPI","CHI",8.3999999999999995E-3,42.74,0.359016]
[5901,"CAMINHÃO PIPA 10.000 L TRUCADO, PESO BRUTO TOTAL 23.000 KG, CARGA ÚTIL MÁXIMA 15.935 KG, DISTÂNCIA ENTRE EIXOS 4,8 M, POTÊNCIA 230 CV, INCLUSIVE TANQUE DE AÇO PARA TRANSPORTE DE ÁGUA - CHP DIURNO. AF_06/2014",null,null,null,null,null,null,"SINAPI","CHP",5.7999999999999996E-3,208.28,1.208024]
[5903,"CAMINHÃO PIPA 10.000 L TRUCADO, PESO BRUTO TOTAL 23.000 KG, CARGA ÚTIL MÁXIMA 15.935 KG, DISTÂNCIA ENTRE EIXOS 4,8 M, POTÊNCIA 230 CV, INCLUSIVE TANQUE DE AÇO PARA TRANSPORTE DE ÁGUA - CHI DIURNO. AF_06/2014",null,null,null,null,null,null,"SINAPI","CHI",1.03E-2,42.54,0.438162]
[5932,"MOTONIVELADORA POTÊNCIA BÁSICA LÍQUIDA (PRIMEIRA MARCHA) 125 HP, PESO BRUTO 13032 KG, LARGURA DA LÂMINA DE 3,7 M - CHP DIURNO. AF_06/2014",null,null,null,null,null,null,"SINAPI","CHP",7.7000000000000002E-3,169.88,1.308076]
[5934,"MOTONIVELADORA POTÊNCIA BÁSICA LÍQUIDA (PRIMEIRA MARCHA) 125 HP, PESO BRUTO 13032 KG, LARGURA DA LÂMINA DE 3,7 M - CHI DIURNO. AF_06/2014",null,null,null,null,null,null,"SINAPI","CHI",8.3999999999999995E-3,64.34,0.54045600000000005]
[88316,"SERVENTE COM ENCARGOS COMPLEMENTARES",null,null,null,null,null,null,"SINAPI","H",5.6300000000000003E-2,15.71,0.88447300000000006]
[4748,"PEDRA BRITADA OU BICA CORRIDA, NAO CLASSIFICADA (POSTO PEDREIRA/FORNECEDOR, SEM FRETE)",null,null,null,null,null,null,"SINAPI","M3    ",1.3,74.56,96.928000000000011]
[96463,"ROLO COMPACTADOR DE PNEUS, ESTATICO, PRESSAO VARIAVEL, POTENCIA 110 HP, PESO SEM/COM LASTRO 10,8/27 T, LARGURA DE ROLAGEM 2,30 M - CHP DIURNO. AF_06/2017",null,null,null,null,null,null,"SINAPI","CHP",3.8999999999999998E-3,142.4,0.55535999999999996]
[96464,"ROLO COMPACTADOR DE PNEUS, ESTATICO, PRESSAO VARIAVEL, POTENCIA 110 HP, PESO SEM/COM LASTRO 10,8/27 T, LARGURA DE ROLAGEM 2,30 M - CHI DIURNO. AF_06/2017",null,null,null,null,null,null,"SINAPI","CHI",1.2200000000000001E-2,57.1,0.69662000000000002]
[]
["DAC-8.2","EMASSAMENTO DE MATERIAL GRANULAR - RACHÃO",null,null,null,null,null,null,"CPU","M3",1,null,{"$f":"SUM(M120:M121)","v":130.31900000000002}]
[4730,{"$f":"IF(I120=\"SINAPI\",VLOOKUP(A120,SINAPI,2,0),IF(I120=\"SETOP\",VLOOKUP(A120,SETOP,3,0),IF(I120=\"CPU\",VLOOKUP(A120,COMPOSIÇÃO,2,0),VLOOKUP(A120,COTAÇÃO,3,0))))","v":"PEDRA DE MAO OU PEDRA RACHAO PARA ARRIMO/FUNDACAO (POSTO PEDREIRA/FORNECEDOR, SEM FRETE)"},null,null,null,null,null,null,"SINAPI",{"$f":"IF(I120=\"SINAPI\",VLOOKUP(A120,SINAPI,3,0),IF(I120=\"SETOP\",VLOOKUP(A120,SETOP,4,0),IF(I120=\"CPU\",VLOOKUP(A120,COMPOSIÇÃO,10,0),VLOOKUP(A120,COTAÇÃO,12,0))))","v":"M3    "},1.2,{"$f":"IF(I120=\"SINAPI\",VLOOKUP(A120,SINAPI,4,0),IF(I120=\"SETOP\",VLOOKUP(A120,SETOP,5,0),IF(I120=\"CPU\",VLOOKUP(A120,COMPOSIÇÃO,13,0),VLOOKUP(A120,COTAÇÃO,15,0))))","v":75.87},{"$f":"K120*L120","v":91.043999999999997}]
[88316,"SERVENTE COM ENCARGOS COMPLEMENTARES",null,null,null,null,null,null,"SINAPI","H",2.5,15.71,{"$f":"K121*L121","v":39.275000000000006}]
[]
["DAC-8.3","BASE DE SOLO-BRITA (40/60), MISTURA EM USINA, COMPACTAÇÃO 100% PROCTOR MODIFICADO, EXCLUSIVE ESCAVAÇÃO, CARGA E TRANSPORTE",null,null,null,null,null,null,"CPU","M3",1,null,{"$f":"SUM(M124:M135)","v":81.593540284999975}]
[4721,{"$f":"IF(I124=\"SINAPI\",VLOOKUP(A124,SINAPI,2,0),IF(I124=\"SETOP\",VLOOKUP(A124,SETOP,3,0),IF(I124=\"CPU\",VLOOKUP(A124,COMPOSIÇÃO,2,0),VLOOKUP(A124,COTAÇÃO,3,0))))","v":"PEDRA BRITADA N. 1 (9,5 a 19 MM) POSTO PEDREIRA/FORNECEDOR, SEM FRETE"},null,null,null,null,null,null,"SINAPI",{"$f":"IF(I124=\"SINAPI\",VLOOKUP(A124,SINAPI,3,0),IF(I124=\"SETOP\",VLOOKUP(A124,SETOP,4,0),IF(I124=\"CPU\",VLOOKUP(A124,COMPOSIÇÃO,10,0),VLOOKUP(A124,COTAÇÃO,12,0))))","v":"M3    "},0.88,{"$f":"IF(I124=\"SINAPI\",VLOOKUP(A124,SINAPI,4,0),IF(I124=\"SETOP\",VLOOKUP(A124,SETOP,5,0),IF(I124=\"CPU\",VLOOKUP(A124,COMPOSIÇÃO,13,0),VLOOKUP(A124,COTAÇÃO,15,0))))","v":80.72},{"$f":"K124*L124","v":71.033599999999993}]
[5684,"ROLO COMPACTADOR VIBRATÓRIO DE UM CILINDRO AÇO LISO, POTÊNCIA 80 HP, PESO OPERACIONAL MÁXIMO 8,1 T, IMPACTO DINÂMICO 16,15 / 9,5 T, LARGURA DE TRABALHO 1,68 M - CHP DIURNO. AF_06/2014",null,null,null,null,null,null,"SINAPI","CHP",1.3313999999999999E-2,107.46,{"$f":"K125*L125","v":1.4307224399999998}]
[5932,"MOTONIVELADORA POTÊNCIA BÁSICA LÍQUIDA (PRIMEIRA MARCHA) 125 HP, PESO BRUTO 13032 KG, LARGURA DA LÂMINA DE 3,7 M - CHP DIURNO. AF_06/2014",null,null,null,null,null,null,"SINAPI","CHP",2.3960000000000001E-3,169.88,0.40703248000000003]
[5934,"MOTONIVELADORA POTÊNCIA BÁSICA LÍQUIDA (PRIMEIRA MARCHA) 125 HP, PESO BRUTO 13032 KG, LARGURA DA LÂMINA DE 3,7 M - CHI DIURNO. AF_06/2014",null,null,null,null,null,null,"SINAPI","CHI",1.0917E-2,64.34,0.70239978000000003]
[5944,"PÁ CARREGADEIRA SOBRE RODAS, POTÊNCIA 197 HP, CAPACIDADE DA CAÇAMBA 2,5 A 3,5 M3, PESO OPERACIONAL 18338 KG - CHP DIURNO. AF_06/2014",null,null,null,null,null,null,"SINAPI","CHP",8.7869999999999997E-3,166.35,1.4617174499999999]
[5946,"PÁ CARREGADEIRA SOBRE RODAS, POTÊNCIA 197 HP, CAPACIDADE DA CAÇAMBA 2,5 A 3,5 M3, PESO OPERACIONAL 18338 KG - CHI DIURNO. AF_06/2014",null,null,null,null,null,null,"SINAPI","CHI",4.5269999999999998E-3,69.55,0.31485284999999996]
[6879,"ROLO COMPACTADOR DE PNEUS ESTÁTICO, PRESSÃO VARIÁVEL, POTÊNCIA 111 HP, PESO SEM/COM LASTRO 9,5 / 26 T, LARGURA DE TRABALHO 1,90 M - CHP DIURNO. AF_07/2014",null,null,null,null,null,null,"SINAPI","CHP",3.1949999999999999E-3,138.41999999999999,0.44225189999999998]
[6880,"ROLO COMPACTADOR DE PNEUS ESTÁTICO, PRESSÃO VARIÁVEL, POTÊNCIA 111 HP, PESO SEM/COM LASTRO 9,5 / 26 T, LARGURA DE TRABALHO 1,90 M - CHI DIURNO. AF_07/2014",null,null,null,null,null,null,"SINAPI","CHI",1.0118E-2,55.01,0.55659117999999996]
[73417,"GRUPO GERADOR ESTACIONÁRIO, MOTOR DIESEL POTÊNCIA 170 KVA - CHP DIURNO. AF_02/2016",null,null,null,null,null,null,"SINAPI","CHP",1.1050000000000001E-2,133.13999999999999,1.4711969999999999]
[88316,"SERVENTE COM ENCARGOS COMPLEMENTARES",null,null,null,null,null,null,"SINAPI","H",5.3225500000000002E-2,15.71,0.83617260500000012]
[95121,{"$f":"IF(I134=\"SINAPI\",VLOOKUP(A134,SINAPI,2,0),IF(I134=\"SETOP\",VLOOKUP(A134,SETOP,3,0),IF(I134=\"CPU\",VLOOKUP(A134,COMPOSIÇÃO,2,0),VLOOKUP(A134,COTAÇÃO,3,0))))","v":"USINA MISTURADORA DE SOLOS, CAPACIDADE DE 200 A 500 TON/H, POTENCIA 75KW - CHP DIURNO. AF_07/2016"},null,null,null,null,null,null,"SINAPI",{"$f":"IF(I134=\"SINAPI\",VLOOKUP(A134,SINAPI,3,0),IF(I134=\"SETOP\",VLOOKUP(A134,SETOP,4,0),IF(I134=\"CPU\",VLOOKUP(A134,COMPOSIÇÃO,10,0),VLOOKUP(A134,COTAÇÃO,12,0))))","v":"CHP"},1.1050000000000001E-2,239.23,2.6434915000000001]
[95122,"USINA MISTURADORA DE SOLOS, CAPACIDADE DE 200 A 500 TON/H, POTENCIA 75KW - CHI DIURNO. AF_07/2016",null,null,null,null,null,null,"SINAPI","CHI",2.2629999999999998E-3,129.69999999999999,0.29351109999999997]
[]
[]
[]
[]
[]
[]
[null,null,null,"RESPONSÁVEL TÉCNICO:",null,null,{"$f":"ORC!H377","v":"Flávia Cristina Barbosa"}]
[null,null,null,null,null,null,{"$f":"ORC!H378","v":"CREA: MG 187.842/D"}]

{"sheet":"COT","index":7,"n_rows":22,"n_cols":15,"rows_kept":22,"cut":false,"hidden":false,"merged":[[20,3,20,5],[20,6,20,9],[21,6,21,9],[2,0,2,2],[2,13,5,14],[3,0,5,3],[9,2,9,10],[11,3,11,8],[12,2,12,10],[14,3,14,8],[1,0,1,12],[8,0,8,16383],[6,0,6,1],[6,2,6,3],[7,0,7,1],[7,2,7,3],[2,4,7,12]]}
[]
[{"$f":"\"COTAÇÃO - \" &A4","v":"COTAÇÃO - AVENIDA SÃO FRANCISCO INTERLIGAÇÃO COM AVENIDA NOROESTE"},null,null,null,null,null,null,null,null,null,null,null,null,"Revisão:",{"$f":"ORC!Q8","v":"R01"}]
["Projeto:",null,null,null,"Cliente:",null,null,null,null,null,null,null,null,"Responsável:"]
[{"$f":"ORC!B10","v":"AVENIDA SÃO FRANCISCO INTERLIGAÇÃO COM AVENIDA NOROESTE"}]
[]
[]
["Data:",null,{"$f":"ORC!D13","v":"2021-04-29"},null,null,null,null,null,null,null,null,null,null,{"$f":"ORC!O13","v":"SINAPI"},{"$f":"ORC!P13","v":"2021-03-01"}]
["BDI",null,{"$f":"ORC!D14","v":0.24229999999999999},null,null,null,null,null,null,null,null,null,null,{"$f":"ORC!O14","v":"SETOP"},{"$f":"ORC!P14","v":"2021-01-01"}]
[{"$f":"\"PROJETO EXECUTIVO - \"&A4","v":"PROJETO EXECUTIVO - AVENIDA SÃO FRANCISCO INTERLIGAÇÃO COM AVENIDA NOROESTE"}]
["COT-195",null,"LOCAÇÃO DE GERADOR PARA BOMBA DE ESGOTAMENTO COM POTÊNCIA DE 1C-COM TRANSPORTE ATÉ O LOCAL DA OBRA (QUALQUER MUDANÇA DO GERADOR SERÁ POR CONTA DA EXECUTORA), NÃO INCLUI O COMBUSTIVEL",null,null,null,null,null,null,null,null,"D",null,null,{"$f":"MEDIAN(O12:O12)","v":120}]
[null,"EMPRESA","CIDADE","LINK",null,null,null,null,null,"CNPJ","CONTATO ","UNIDADE","VALOR","FRETE","TOTAL"]
[null,"A.F.D. SOUZA",null,null,null,null,null,null,null,"12.079.479/0001-82","(35) 9 9968-0052","D",120,0,{"$f":"ROUND(M12+N12,2)","v":120}]
["COT-623",null,"COMBUSTIVEL PARA GERADOR",null,null,null,null,null,null,null,null,"U",null,null,{"$f":"MEDIAN(O15:O15)","v":5.29}]
[null,"EMPRESA","CIDADE","LINK",null,null,null,null,null,"CNPJ","CONTATO ","L","VALOR","FRETE","TOTAL"]
[null,"Posto Dom Pedro- Urbano 2",null,null,null,null,null,null,null,null,"3425-6000","L",5.29,null,{"$f":"ROUND(M15+N15,2)","v":5.29}]
[]
[]
[]
[]
[]
[null,null,null,"RESPONSÁVEL TÉCNICO:",null,null,{"$f":"ORC!H377","v":"Flávia Cristina Barbosa"}]
[null,null,null,null,null,null,{"$f":"ORC!H378","v":"CREA: MG 187.842/D"}]

{"sheet":"SETOP JANEIRO 2020","index":8,"n_rows":4160,"n_cols":6,"rows_kept":4160,"cut":false,"hidden":false,"merged":[]}
[null,null,null,"SETOP JANEIRO DE 2020"]
[null,"CÓDIGO","SETOP","DESCRIÇÃO DO SERVIÇO","UNIDADE","CUSTO UNITÁRIO"]
[null,"RO-40091","-","VEÍCULO TIPO GOL 1.6, QUATRO PORTAS, OU SIMILAR, COM MOTORISTA","KM",2.08]
[null,"RO-40096","-","VEÍCULO TIPO GOL 1.6, QUATRO PORTAS, OU SIMILAR, SEM MOTORISTA","KM",1.1499999999999999]
[null,"RO-40102","-","VEÍCULO TIPO KOMBI OU SIMILAR COM MOTORISTA","KM",2.15]
[null,"RO-40103","-","VEÍCULO TIPO KOMBI OU SIMILAR, SEM MOTORISTA","KM",1.22]
[]
[]
[]
[]
[]
[]
[]
[]
[]
[]
[]
[]
[]
[]
[]
[]
[]
[]
[]
[]
[]
[]
[]
[]
[]
[]
[]
[]
[]
[]
[]
[]
[]
[]
[]
[]
[]
[null,"101 - TERRAPLENAGEM"]
[null,"RO-43333","OBR-VIA-005","DESMATAMENTO, DESTOCAMENTO E LIMPEZA DE ÁRVORES, ARBUSTOS E VEGETAÇÃO RASTEIRA. (EXECUÇÃO NA ESPESSURA DE ATÉ 30CM, INCLUINDO REMANEJAMENTO PARA FORA DA LINHA DE OFFSETS E ACERTO DO MATERIAL)","M2",0.28000000000000003]
[null,"RO-40108","-","CORTE DE ÁRVORE NATIVA COM MOTO-SERRA  0,15M =< Ø < 0,30M - ATÉ 1.000 UNIDADES","U",25.85]
[null,"RO-43419","-","CORTE DE ÁRVORE NATIVA COM MOTO-SERRA  0,15M =< Ø < 0,30M - ACIMA DE 1.000 UNIDADES","U",19.36]
[null,"RO-42488","-","CORTE DE ÁRVORE NATIVA COM MOTO-SERRA Ø >= 0,30M - ATÉ 1.000 UNIDADES","U",36.909999999999997]
[null,"RO-43420","-","CORTE DE ÁRVORE NATIVA COM MOTO-SERRA   Ø >= 0,30M - ACIMA DE 1.000 UNIDADES","U",27.65]
[null,"RO-40114","-","RASPAGEM E LIMPEZA DE VEGETAÇÃO COM REGULARIZAÇÃO DO TERRENO","M2",0.09]
[null,"RO-40118","-","REMOÇÃO, TRANSPORTE E ESPALHAMENTO DE SOLO MOLE. DISTÂNCIA MÉDIA DE TRANSPORTE  <= 200 M","M3",9.2100000000000009]
[null,"RO-40120","-","REMOÇÃO, TRANSPORTE E ESPALHAMENTO DE SOLO MOLE. DISTÂNCIA MÉDIA DE TRANSPORTE  DE 201 A 400 M","M3",9.76]
[null,"RO-40121","-","REMOÇÃO, TRANSPORTE E ESPALHAMENTO DE SOLO MOLE. DISTÂNCIA MÉDIA DE TRANSPORTE  DE 401 A 600 M","M3",10.31]
[null,"RO-40122","-","REMOÇÃO, TRANSPORTE E ESPALHAMENTO DE SOLO MOLE. DISTÂNCIA MÉDIA DE TRANSPORTE  DE 601 A 800 M","M3",11.1]
[null,"RO-40123","-","REMOÇÃO, TRANSPORTE E ESPALHAMENTO DE SOLO MOLE. DISTÂNCIA MÉDIA DE TRANSPORTE  DE 801 A 1.000 M","M3",11.56]
[null,"RO-40124","-","REMOÇÃO, TRANSPORTE E ESPALHAMENTO DE SOLO MOLE. DISTÂNCIA MÉDIA DE TRANSPORTE  DE 1.001 A 1.500 M","M3",11.89]
[null,"RO-40125","-","REMOÇÃO, TRANSPORTE E ESPALHAMENTO DE SOLO MOLE. DISTÂNCIA MÉDIA DE TRANSPORTE  DE 1.501 A 2.000 M","M3",13.39]
[null,"RO-40128","-","REMOÇÃO, TRANSPORTE E ESPALHAMENTO DE SOLO MOLE. DISTÂNCIA MÉDIA DE TRANSPORTE  DE 2.001 A 3.000 M","M3",15.02]
[null,"RO-43144","-","REMOÇÃO, TRANSPORTE E ESPALHAMENTO DE SOLO MOLE. DISTÂNCIA MÉDIA DE TRANSPORTE DE 3.001 A 4.000 M","M3",15.87]
[null,"RO-40129","-","ESCAVAÇÃO, CARGA, DESCARGA, ESPALHAMENTO E TRANSPORTE DE MATERIAL DE 1ª CATEGORIA, COM MOTOSCRAPER. DISTÂNCIA MÉDIA DE TRANSPORTE  <= 200 M","M3",4.57]
[null,"RO-40130","-","ESCAVAÇÃO, CARGA, DESCARGA, ESPALHAMENTO E TRANSPORTE DE MATERIAL DE 1ª CATEGORIA, COM MOTOSCRAPER. DISTÂNCIA MÉDIA DE TRANSPORTE  DE 201 A 400 M","M3",5.03]
[null,"RO-40131","-","ESCAVAÇÃO, CARGA, DESCARGA, ESPALHAMENTO E TRANSPORTE DE MATERIAL DE 1ª CATEGORIA, COM MOTOSCRAPER. DISTÂNCIA MÉDIA DE TRANSPORTE  DE 401 A 600 M","M3",5.95]
[null,"RO-40134","-","ESCAVAÇÃO, CARGA, DESCARGA, ESPALHAMENTO E TRANSPORTE DE MATERIAL DE 1ª CATEGORIA, COM MOTOSCRAPER. DISTÂNCIA MÉDIA DE TRANSPORTE  DE 601 A 800 M","M3",6.28]
[null,"RO-40135","-","ESCAVAÇÃO, CARGA, DESCARGA, ESPALHAMENTO E TRANSPORTE DE MATERIAL DE 1ª CATEGORIA, COM MOTOSCRAPER. DISTÂNCIA MÉDIA DE TRANSPORTE  DE 801 A 1.000 M","M3",7.01]
[null,"RO-40137","-","ESCAVAÇÃO, CARGA, DESCARGA, ESPALHAMENTO E TRANSPORTE DE MATERIAL DE  2ª CATEGORIA COM MOTOSCRAPER. DISTÂNCIA MÉDIA DE TRANSPORTE  DE 0 A 200 M","M3",6.18]
[null,"RO-40138","-","ESCAVAÇÃO, CARGA, DESCARGA, ESPALHAMENTO E TRANSPORTE DE MATERIAL DE  2ª CATEGORIA COM MOTOSCRAPER. DISTÂNCIA MÉDIA DE TRANSPORTE  DE 201 A 400 M","M3",7.06]
[null,"RO-40140","-","ESCAVAÇÃO, CARGA, DESCARGA, ESPALHAMENTO E TRANSPORTE DE MATERIAL DE  2ª CATEGORIA COM MOTOSCRAPER. DISTÂNCIA MÉDIA DE TRANSPORTE  DE 401 A 600 M","M3",7.56]
[null,"RO-40143","-","ESCAVAÇÃO, CARGA, DESCARGA, ESPALHAMENTO E TRANSPORTE DE MATERIAL DE  2ª CATEGORIA COM MOTOSCRAPER. DISTÂNCIA MÉDIA DE TRANSPORTE  DE 601 A 800 M","M3",8.39]
[null,"RO-40144","-","ESCAVAÇÃO, CARGA, DESCARGA, ESPALHAMENTO E TRANSPORTE DE MATERIAL DE  2ª CATEGORIA COM MOTOSCRAPER. DISTÂNCIA MÉDIA DE TRANSPORTE  DE 801 A 1.000 M","M3",8.7899999999999991]
[null,"RO-40148","-","ESCAVAÇÃO, CARGA, DESCARGA, ESPALHAMENTO E TRANSPORTE DE MATERIAL DE 1ª CATEGORIA, COM CAMINHÃO. DISTÂNCIA MÉDIA DE TRANSPORTE  <= 200 M","M3",3.22]
[null,"RO-40149","-","ESCAVAÇÃO, CARGA, DESCARGA, ESPALHAMENTO E TRANSPORTE DE MATERIAL DE 1ª CATEGORIA, COM CAMINHÃO. DISTÂNCIA MÉDIA DE TRANSPORTE  DE 201 A 400 M","M3",3.74]
[null,"RO-40150","-","ESCAVAÇÃO, CARGA, DESCARGA, ESPALHAMENTO E TRANSPORTE DE MATERIAL DE 1ª CATEGORIA, COM CAMINHÃO. DISTÂNCIA MÉDIA DE TRANSPORTE  DE 401 A 600 M","M3",3.99]
[null,"RO-40151","-","ESCAVAÇÃO, CARGA, DESCARGA, ESPALHAMENTO E TRANSPORTE DE MATERIAL DE 1ª CATEGORIA, COM CAMINHÃO. DISTÂNCIA MÉDIA DE TRANSPORTE  DE 601 A 800 M","M3",4.51]
[null,"RO-40152","-","ESCAVAÇÃO, CARGA, DESCARGA, ESPALHAMENTO E TRANSPORTE DE MATERIAL DE 1ª CATEGORIA, COM CAMINHÃO. DISTÂNCIA MÉDIA DE TRANSPORTE  DE 801 A 1.000 M","M3",4.67]
[null,"RO-40153","-","ESCAVAÇÃO, CARGA, DESCARGA, ESPALHAMENTO E TRANSPORTE DE MATERIAL DE 1ª CATEGORIA, COM CAMINHÃO. DISTÂNCIA MÉDIA DE TRANSPORTE  DE 1.001 A 1.200 M","M3",4.8600000000000003]
[null,"RO-40154","-","ESCAVAÇÃO, CARGA, DESCARGA, ESPALHAMENTO E TRANSPORTE DE MATERIAL DE 1ª CATEGORIA, COM CAMINHÃO. DISTÂNCIA MÉDIA DE TRANSPORTE  DE 1.201 A 1.400 M","M3",5.04]
[null,"RO-40155","-","ESCAVAÇÃO, CARGA, DESCARGA, ESPALHAMENTO E TRANSPORTE DE MATERIAL DE 1ª CATEGORIA, COM CAMINHÃO. DISTÂNCIA MÉDIA DE TRANSPORTE  DE 1.401 A 1.600 M","M3",5.44]
[null,"RO-40156","-","ESCAVAÇÃO, CARGA, DESCARGA, ESPALHAMENTO E TRANSPORTE DE MATERIAL DE 1ª CATEGORIA, COM CAMINHÃO. DISTÂNCIA MÉDIA DE TRANSPORTE  DE 1.601 A 1.800 M","M3",5.59]
[null,"RO-40157","-","ESCAVAÇÃO, CARGA, DESCARGA, ESPALHAMENTO E TRANSPORTE DE MATERIAL DE 1ª CATEGORIA, COM CAMINHÃO. DISTÂNCIA MÉDIA DE TRANSPORTE  DE 1.801 A 2.000 M","M3",5.73]
[null,"RO-40158","-","ESCAVAÇÃO, CARGA, DESCARGA, ESPALHAMENTO E TRANSPORTE DE MATERIAL DE 1ª CATEGORIA, COM CAMINHÃO. DISTÂNCIA MÉDIA DE TRANSPORTE  DE 2.001 A 2.500 M","M3",6]
[null,"RO-40159","-","ESCAVAÇÃO, CARGA, DESCARGA, ESPALHAMENTO E TRANSPORTE DE MATERIAL DE 1ª CATEGORIA, COM CAMINHÃO. DISTÂNCIA MÉDIA DE TRANSPORTE  DE 2.501 A 3.000 M","M3",6.47]
[null,"RO-40160","-","ESCAVAÇÃO, CARGA, DESCARGA, ESPALHAMENTO E TRANSPORTE DE MATERIAL DE 1ª CATEGORIA, COM CAMINHÃO. DISTÂNCIA MÉDIA DE TRANSPORTE  DE 3.001 A 4.000 M","M3",7.19]
[null,"RO-40162","-","ESCAVAÇÃO, CARGA, DESCARGA, ESPALHAMENTO E TRANSPORTE DE MATERIAL DE 2ª. CATEGORIA COM CAMINHÃO. DISTÂNCIA MÉDIA DE TRANSPORTE  <= 200 M","M3",4.09]
[null,"RO-40163","-","ESCAVAÇÃO, CARGA, DESCARGA, ESPALHAMENTO E TRANSPORTE DE MATERIAL DE 2ª. CATEGORIA COM CAMINHÃO. DISTÂNCIA MÉDIA DE TRANSPORTE  DE 201 A 400 M","M3",4.38]
[null,"RO-40164","-","ESCAVAÇÃO, CARGA, DESCARGA, ESPALHAMENTO E TRANSPORTE DE MATERIAL DE 2ª. CATEGORIA COM CAMINHÃO. DISTÂNCIA MÉDIA DE TRANSPORTE  DE 401 A 600 M","M3",4.99]
[null,"RO-40165","-","ESCAVAÇÃO, CARGA, DESCARGA, ESPALHAMENTO E TRANSPORTE DE MATERIAL DE 2ª. CATEGORIA COM CAMINHÃO. DISTÂNCIA MÉDIA DE TRANSPORTE  DE 601 A 800 M","M3",5.28]
[null,"RO-40166","-","ESCAVAÇÃO, CARGA, DESCARGA, ESPALHAMENTO E TRANSPORTE DE MATERIAL DE 2ª. CATEGORIA COM CAMINHÃO. DISTÂNCIA MÉDIA DE TRANSPORTE  DE 801 A 1.000 M","M3",5.45]
[null,"RO-40167","-","ESCAVAÇÃO, CARGA, DESCARGA, ESPALHAMENTO E TRANSPORTE DE MATERIAL DE 2ª. CATEGORIA COM CAMINHÃO. DISTÂNCIA MÉDIA DE TRANSPORTE  DE 1.001 A 1.200 M","M3",5.65]
[null,"RO-40168","-","ESCAVAÇÃO, CARGA, DESCARGA, ESPALHAMENTO E TRANSPORTE DE MATERIAL DE 2ª. CATEGORIA COM CAMINHÃO. DISTÂNCIA MÉDIA DE TRANSPORTE  DE 1.201 A 1.400 M","M3",6.17]
[null,"RO-40169","-","ESCAVAÇÃO, CARGA, DESCARGA, ESPALHAMENTO E TRANSPORTE DE MATERIAL DE 2ª. CATEGORIA COM CAMINHÃO. DISTÂNCIA MÉDIA DE TRANSPORTE  DE 1.401 A 1.600 M","M3",6.34]
[null,"RO-40170","-","ESCAVAÇÃO, CARGA, DESCARGA, ESPALHAMENTO E TRANSPORTE DE MATERIAL DE 2ª. CATEGORIA COM CAMINHÃO. DISTÂNCIA MÉDIA DE TRANSPORTE  DE 1.601 A 1.800 M","M3",6.5]
[null,"RO-40171","-","ESCAVAÇÃO, CARGA, DESCARGA, ESPALHAMENTO E TRANSPORTE DE MATERIAL DE 2ª. CATEGORIA COM CAMINHÃO. DISTÂNCIA MÉDIA DE TRANSPORTE  DE 1.801 A 2.000 M","M3",6.64]
[null,"RO-40172","-","ESCAVAÇÃO, CARGA, DESCARGA, ESPALHAMENTO E TRANSPORTE DE MATERIAL DE 2ª. CATEGORIA COM CAMINHÃO. DISTÂNCIA MÉDIA DE TRANSPORTE  DE 2.001 A 2.500 M","M3",7.26]
[null,"RO-40173","-","ESCAVAÇÃO, CARGA, DESCARGA, ESPALHAMENTO E TRANSPORTE DE MATERIAL DE 2ª. CATEGORIA COM CAMINHÃO. DISTÂNCIA MÉDIA DE TRANSPORTE  DE 2.501 A 3.000 M","M3",7.51]
[null,"RO-40174","-","ESCAVAÇÃO, CARGA, DESCARGA, ESPALHAMENTO E TRANSPORTE DE MATERIAL DE 2ª. CATEGORIA COM CAMINHÃO. DISTÂNCIA MÉDIA DE TRANSPORTE  DE 3.001 A 4.000 M","M3",8.01]
[null,"RO-40182","-","ESCAVAÇÃO, CARGA, DESCARGA, ESPALHAMENTO E TRANSPORTE DE MATERIAL DE 3ª CATEGORIA. DISTÂNCIA MÉDIA DE TRANSPORTE  <= 200 M","M3",25.54]
[null,"RO-40183","-","ESCAVAÇÃO, CARGA, DESCARGA, ESPALHAMENTO E TRANSPORTE DE MATERIAL DE 3ª CATEGORIA. DISTÂNCIA MÉDIA DE TRANSPORTE  DE 201 A 400 M","M3",25.86]
[null,"RO-40184","-","ESCAVAÇÃO, CARGA, DESCARGA, ESPALHAMENTO E TRANSPORTE DE MATERIAL DE 3ª CATEGORIA. DISTÂNCIA MÉDIA DE TRANSPORTE  DE 401 A 600 M","M3",26.16]
[null,"RO-40185","-","ESCAVAÇÃO, CARGA, DESCARGA, ESPALHAMENTO E TRANSPORTE DE MATERIAL DE 3ª CATEGORIA. DISTÂNCIA MÉDIA DE TRANSPORTE  DE 601 A 800 M","M3",26.49]
[null,"RO-41776","-","ESCAVAÇÃO, CARGA, DESCARGA, ESPALHAMENTO E TRANSPORTE DE MATERIAL DE 3ª CATEGORIA. DISTÂNCIA MÉDIA DE TRANSPORTE DE 801 A 1.000 M","M3",26.68]
[null,"RO-41777","-","ESCAVAÇÃO, CARGA, DESCARGA, ESPALHAMENTO E TRANSPORTE DE MATERIAL DE 3ª CATEGORIA. DISTÂNCIA MÉDIA DE TRANSPORTE  DE 1.001 A 1.200 M","M3",26.9]
[null,"RO-41778","-","ESCAVAÇÃO, CARGA, DESCARGA, ESPALHAMENTO E TRANSPORTE DE MATERIAL DE 3ª CATEGORIA. DISTÂNCIA MÉDIA DE TRANSPORTE DE 1.201 A 1.400 M","M3",27.72]
[null,"RO-41834","-","ESCAVAÇÃO, CARGA, DESCARGA, ESPALHAMENTO E TRANSPORTE DE MATERIAL DE 3ª CATEGORIA. DISTÂNCIA MÉDIA DE TRANSPORTE DE 1.401 A 1.600 M","M3",27.91]
[null,"RO-41835","-","ESCAVAÇÃO, CARGA, DESCARGA, ESPALHAMENTO E TRANSPORTE DE MATERIAL DE 3ª CATEGORIA. DISTÂNCIA MÉDIA DE TRANSPORTE DE 1.601 A 1.800 M","M3",28.08]
[null,"RO-41836","-","ESCAVAÇÃO, CARGA, DESCARGA, ESPALHAMENTO E TRANSPORTE DE MATERIAL DE 3ª CATEGORIA. DISTÂNCIA MÉDIA DE TRANSPORTE DE 1.801 A 2.000 M","M3",28.24]
[null,"RO-40186","-","ESCAVAÇÃO, CARGA, DESCARGA, ESPALHAMENTO E TRANSPORTE DE MATERIAL DE 3ª CATEGORIA. DISTÂNCIA MÉDIA DE TRANSPORTE DE 2.001 A 2.500 M","M3",28.57]
[null,"RO-42329","-","ESCAVAÇÃO, CARGA, DESCARGA, ESPALHAMENTO E TRANSPORTE DE MATERIAL DE 3ª. CATEGORIA . DISTÂNCIA MÉDIA DE TRANSPORTE  DE 2.501 A 3.000 M","M3",28.84]
[null,"RO-42330","-","ESCAVAÇÃO, CARGA, DESCARGA, ESPALHAMENTO E TRANSPORTE DE MATERIAL DE 3ª. CATEGORIA. DISTÂNCIA MÉDIA DE TRANSPORTE  DE 3.001 A 4.000 M","M3",30]
[null,"RO-40192","OBR-VIA-015","ESCAVAÇÃO E CARGA COM TRATOR E CARREGADEIRA (MATERIAL DE 1ª CATEGORIA)","M3",2.69]
[null,"RO-40194","-","ESCAVAÇÃO E TRANSPORTE COM TRATOR DE MATERIAL DE 1ª CATEGORIA.DISTÂNCIA MÉDIA DE TRANSPORTE <= 50 M","M3",1.86]
[null,"RO-40193","-","ESCAVAÇÃO E TRANSPORTE COM TRATOR  DE MATERIAL DE 2ª CATEGORIA.DISTÂNCIA MÉDIA DE TRANSPORTE <=50 M","M3",3.82]
[null,"RO-40198","OBR-VIA-025","CARGA, TRANSPORTE E DESCARGA DE MATERIAL DE 1ª CATEGORIA, COM CAMINHÃO. DISTÂNCIA MÉDIA DE TRANSPORTE <= 200 M","M3",2.83]
[null,"RO-40199","OBR-VIA-030","CARGA, TRANSPORTE E DESCARGA DE MATERIAL DE 1ª CATEGORIA, COM CAMINHÃO. DISTÂNCIA MÉDIA DE TRANSPORTE  DE 201 A 400 M","M3",3.27]
[null,"RO-40200","OBR-VIA-035","CARGA ,TRANSPORTE E DESCARGA DE MATERIAL DE 1ª CATEGORIA, COM CAMINHÃO. DISTÂNCIA MÉDIA DE TRANSPORTE 401 A 600 M","M3",3.48]
[null,"RO-40201","OBR-VIA-040","CARGA, TRANSPORTE E DESCARGA DE MATERIAL DE 1ª CATEGORIA, COM CAMINHÃO. DISTÂNCIA MÉDIA DE TRANSPORTE  DE 601 A 800 M","M3",3.72]
[null,"RO-40202","OBR-VIA-045","CARGA, TRANSPORTE E DESCARGA DE MATERIAL DE 1ª CATEGORIA, COM CAMINHÃO. DISTÂNCIA MÉDIA DE TRANSPORTE DE 801 A 1.000 M","M3",4.0599999999999996]
[null,"RO-43394","OBR-VIA-050","CARGA, TRANSPORTE E DESCARGA DE MATERIAL DE 1ª CATEGORIA, COM CAMINHÃO.DISTÂNCIA MÉDIA DE TRANSPORTE 1.001 A 1.200 M","M3",4.22]
[null,"RO-42767","OBR-VIA-055","CARGA, TRANSPORTE E DESCARGA DE MATERIAL DE 1ª CATEGORIA, COM CAMINHÃO.DISTÂNCIA MÉDIA DE TRANSPORTE DE 1.201 A 1.400 M","M3",4.37]
[null,"RO-43901","OBR-VIA-060","CARGA, TRANSPORTE E DESCARGA DE MATERIAL DE 1ª CATEGORIA, COM CAMINHÃO.DISTÂNCIA MÉDIA DE TRANSPORTE DE 1.401 A 1.600 M","M3",4.5]
[null,"RO-43902","OBR-VIA-065","CARGA, TRANSPORTE E DESCARGA DE MATERIAL DE 1ª CATEGORIA, COM CAMINHÃO.DISTÂNCIA MÉDIA DE TRANSPORTE DE 1.601 A 1.800 M","M3",4.84]
[null,"RO-43398","OBR-VIA-066","CARGA, TRANSPORTE E DESCARGA DE MATERIAL DE 1ª CATEGORIA, COM CAMINHÃO.DISTÂNCIA MÉDIA DE TRANSPORTE DE 1.801 A 2.000 M","M3",4.96]
[null,"RO-43681","-","CARGA, TRANSPORTE E DESCARGA DE MATERIAL DE 1ª CATEGORIA, COM CAMINHÃO. DISTÂNCIA MÉDIA DE TRANSPORTE DE 2.001 A 2.500 M","M3",5.19]
[null,"RO-43886","-","CARGA, TRANSPORTE E DESCARGA DE MATERIAL DE 1ª CATEGORIA, COM CAMINHÃO.DISTÂNCIA MÉDIA DE TRANSPORTE DE 2.501 A 3.000  M","M3",5.59]
[null,"RO-40210","OBR-VIA-070","REVESTIMENTO PRIMÁRIO (EXECUÇÃO, INCLUINDO ESCAVAÇÃO, CARGA, DESCARGA, ESPALHAMENTO E COMPACTAÇÃO DO MATERIAL)","M3",9.01]
[null,"RO-40211","OBR-VIA-075","ESCAVAÇÃO MANUAL DE VALAS EM SOLO, COM ALTURA DE 0 A 1,50 M","M3",49.57]
[null,"RO-40213","OBR-VIA-080","ESCAVAÇÃO MANUAL DE VALAS EM SOLO, COM ALTURA DE 1,50 M A 3,00 M","M3",62.6]
[null,"RO-40216","-","ESCAVAÇÃO MANUAL EM MATERIAL DE 1ª CATEGORIA COM ESGOTAMENTO DE ÀGUA","M3",59.18]
[null,"RO-40217","-","ESCAVAÇÃO EM MATERIAL DE 3ª CATEGORIA COM ESGOTAMENTO DE ÀGUA","M3",88.84]
[null,"RO-40215","-","ESCAVAÇÃO MECÂNICA DE VALAS EM MATERIAL DE 1ª E 2ª CATEGORIA (EXECUÇÃO, INCLUINDO REMOÇÃO PARA FORA DO LEITO ESTRADAL)","M3",6.84]
[null,"RO-40218","OBR-VIA-085","ESCAVAÇÃO MECÂNICA DE VALAS EM MATERIAL DE 1ª CATEGORIA (EXECUÇÃO, INCLUINDO REMOÇÃO PARA FORA DO LEITO ESTRADAL)","M3",5.95]
[null,"RO-40219","OBR-VIA-090","ESCAVAÇÃO MECÂNICA DE VALAS EM MATERIAL DE 2ª CATEGORIA (EXECUÇÃO, INCLUINDO REMOÇÃO PARA FORA DO LEITO ESTRADAL)","M3",7.57]
[null,"RO-40220","-","ESCAVAÇÃO MECÂNICA DE VALAS EM ROCHA (EXECUÇÃO, INCLUINDO REMOÇÃO PARA FORA DO LEITO ESTRADAL)","M3",80.650000000000006]
[null,"RO-40230","OBR-VIA-095","MURO DE ARRIMO EM GABIÃO CAIXA, TELA GALVANIZADA (EXECUÇÃO, INCLUINDO FORNECIMENTO DE TODOS OS MATERIAIS)","M3",344.1]
[null,"RO-40221","OBR-VIA-100","MURO DE ARRIMO EM GABIÃO CAIXA, TELA REVESTIDA COM PVC (EXECUÇÃO, INCLUINDO FORNECIMENTO DE TODOS OS MATERIAIS)","M3",361.73]
[null,"RO-40222","-","DEMOLIÇÃO DE MURO DE ARRIMO EM GABIÃO","M3",57.33]
[null,"RO-40231","OBR-VIA-105","GABIÃO TIPO COLCHÃO RENO ESPESSURA = 0,30 M, TELA  REVESTIDA COM  PVC (EXECUÇÃO, INCLUINDO FORNECIMENTO DE TODOS OS MATERIAIS)","M2",138.52000000000001]
[null,"RO-40229","-","ENROCAMENTO DE PEDRA DE MÃO JOGADA (EXECUÇÃO INCLUINDO O FORNECIMENTO DE TODOS OS MATERIAIS)","M3",85.03]
[null,"RO-40233","-","MURO DE ARRIMO EM RIP-RAP, COM ENCHIMENTO DE AREIA E CIMENTO. TRAÇO - 1:10 (EXECUÇÃO, INCLUINDO FORNECIMENTO E TRANSPORTE DE TODOS OS MATERIAIS)","M3",194.29]
[null,"RO-40232","-","MURO DE ARRIMO EM RIP-RAP (VEGETATIVO)","M3",168.65]
[null,"RO-40234","-","REATERRO E COMPACTAÇÃO MANUAL DE VALA","M3",28.4]
[null,"RO-40238","-","COMPACTAÇÃO MANUAL DE ATERROS","M3",20.03]
[null,"RO-40239","-","APILOAMENTO DE FUNDO DE VALAS","M2",2.97]
[null,"RO-40240","OBR-VIA-120","PATROLAMENTO (RECONFORMAÇÃO MECÂNICA DA PLATAFORMA)","M2",0.04]
[null,"RO-40242","-","ESCALONAMENTO DE TALUDES DE ATERRO","M3",4.04]
[null,"RO-40241","-","COMPACTAÇÃO DE BOTA-FORA A 80% PROCTOR NORMAL","M3",2.11]
[null,"RO-40249","-","COMPACTAÇÃO DE ATERRO A 95% PROCTOR NORMAL","M3",2.6]
[null,"RO-40251","-","COMPACTAÇÃO DE ATERRO A 100% PROCTOR NORMAL","M3",3.01]
[null,"RO-40253","-","COMPACTAÇÃO DE ATERRO A 100% PROCTOR INTERNORMAL (150%PROCTOR NORMAL)","M3",3.11]
[null,"RO-40252","-","COMPACTAÇÃO DE ATERRO A 100% DO PROCTOR INTERMEDIÁRIO","M3",3.2]
[null,"RO-40254","-","COMPACTAÇÃO DE ATERRO A 100% PROCTOR NORMAL COM INTERFERÊNCIA DE FILTRO VERTICAL","M3",4.3499999999999996]
[null,"RO-40255","-","COMPACTAÇÃO DE ATERRO A 100% PROCTOR NORMAL, COM INTERFERÊNCIA DE SOLO ENVELOPADO","M3",3.6]
[null,"RO-42263","-","ESPALHAMENTO DE MATERIAL EM BOTA-FORA","M3",0.17]
[]
[]
[]
[]
[]
[]
[]
[]
[]
[null,"102 - DRENAGEM"]
[null,"RO-40269","-","BUEIRO SIMPLES TUBULAR DE CONCRETO CLASSE CA-1. BSTC Ø 0,40 M - CORPO (EXECUÇÃO, INCLUINDO FORNECIMENTO E TRANSPORTE DE TODOS OS MATERIAIS E BERÇO, EXCLUSIVE ESCAVAÇÃO E COMPACTAÇÃO)","M",178.17]
[null,"RO-40270","-","BUEIRO SIMPLES TUBULAR DE CONCRETO, CLASSE CA-1. BSTC Ø 0,60 M - CORPO (EXECUÇÃO, INCLUINDO FORNECIMENTO E TRANSPORTE DE TODOS OS MATERIAIS E BERÇO, EXCLUSIVE ESCAVAÇÃO E COMPACTAÇÃO)","M",284.31]
[null,"RO-40271","-","BUEIRO SIMPLES TUBULAR DE CONCRETO, CLASSE CA-1. BSTC Ø 0,80 M - CORPO (EXECUÇÃO, INCLUINDO FORNECIMENTO E TRANSPORTE DE TODOS OS MATERIAIS E BERÇO, EXCLUSIVE ESCAVAÇÃO E COMPACTAÇÃO)","M",473.62]
[null,"RO-40272","-","BUEIRO SIMPLES TUBULAR DE CONCRETO, CLASSE CA-1. BSTC Ø 1,00 M - CORPO (EXECUÇÃO, INCLUINDO FORNECIMENTO E TRANSPORTE DE TODOS OS MATERIAIS E BERÇO, EXCLUSIVE ESCAVAÇÃO E COMPACTAÇÃO)","M",653.41]
[null,"RO-40273","-","BUEIRO SIMPLES TUBULAR DE CONCRETO, CLASSE CA-1. BSTC Ø 1,20 M - CORPO (EXECUÇÃO, INCLUINDO FORNECIMENTO E TRANSPORTE DE TODOS OS MATERIAIS E BERÇO, EXCLUSIVE ESCAVAÇÃO E COMPACTAÇÃO)","M",888.61]
[null,"RO-40274","-","BUEIRO SIMPLES TUBULAR DE CONCRETO, CLASSE CA-1. BSTC Ø 1,50 M - CORPO (EXECUÇÃO, INCLUINDO FORNECIMENTO E TRANSPORTE DE TODOS OS MATERIAIS E BERÇO, EXCLUSIVE ESCAVAÇÃO E COMPACTAÇÃO)","M",1378.45]
[null,"RO-40275","-","BUEIRO SIMPLES TUBULAR  DE CONCRETO, CLASSE CA-2.  BSTC Ø 0,40 M - CORPO (EXECUÇÃO, INCLUINDO FORNECIMENTO E TRANSPORTE DE TODOS OS MATERIAIS E BERÇO, EXCLUSIVE ESCAVAÇÃO E COMPACTAÇÃO)","M",189.67]
[null,"RO-40276","-","BUEIRO SIMPLES TUBULAR  DE CONCRETO, CLASSE CA-2.  BSTC Ø 0,60 M  - CORPO (EXECUÇÃO, INCLUINDO FORNECIMENTO E TRANSPORTE DE TODOS OS MATERIAIS E BERÇO, EXCLUSIVE ESCAVAÇÃO E COMPACTAÇÃO)","M",301.56]
[null,"RO-40277","-","BUEIRO SIMPLES TUBULAR  DE CONCRETO, CLASSE CA-2.  BSTC Ø 0,80 M  - CORPO (EXECUÇÃO, INCLUINDO FORNECIMENTO E TRANSPORTE DE TODOS OS MATERIAIS E BERÇO, EXCLUSIVE ESCAVAÇÃO E COMPACTAÇÃO)","M",508.12]
[null,"RO-40278","-","BUEIRO SIMPLES TUBULAR  DE CONCRETO, CLASSE CA-2.  BSTC Ø 1,00 M - CORPO (EXECUÇÃO, INCLUINDO FORNECIMENTO E TRANSPORTE DE TODOS OS MATERIAIS E BERÇO, EXCLUSIVE ESCAVAÇÃO E COMPACTAÇÃO)","M",693.66]
[null,"RO-40279","-","BUEIRO SIMPLES TUBULAR  DE CONCRETO, CLASSE CA-2.  BSTC Ø 1,20 M  - CORPO (EXECUÇÃO, INCLUINDO FORNECIMENTO E TRANSPORTE DE TODOS OS MATERIAIS E BERÇO, EXCLUSIVE ESCAVAÇÃO E COMPACTAÇÃO)","M",946.11]
[null,"RO-40280","-","BUEIRO SIMPLES TUBULAR  DE CONCRETO, CLASSE CA-2.  BSTC Ø 1,50 M  - CORPO (EXECUÇÃO, INCLUINDO FORNECIMENTO E TRANSPORTE DE TODOS OS MATERIAIS E BERÇO, EXCLUSIVE ESCAVAÇÃO E COMPACTAÇÃO)","M",1498.05]
[null,"RO-40281","-","BUEIRO SIMPLES TUBULAR DE CONCRETO, CLASSE CA-3. BSTC Ø 0,60 M - CORPO (EXECUÇÃO, INCLUINDO FORNECIMENTO E TRANSPORTE DE TODOS OS MATERIAIS E BERÇO, EXCLUSIVE ESCAVAÇÃO E COMPACTAÇÃO)","M",328.01]
[null,"RO-40282","-","BUEIRO SIMPLES TUBULAR DE CONCRETO, CLASSE CA-3. BSTC Ø 0,80 M - CORPO (EXECUÇÃO, INCLUINDO FORNECIMENTO E TRANSPORTE DE TODOS OS MATERIAIS E BERÇO, EXCLUSIVE ESCAVAÇÃO E COMPACTAÇÃO)","M",548.37]
[null,"RO-40283","-","BUEIRO SIMPLES TUBULAR DE CONCRETO, CLASSE CA-3. BSTC Ø 1,00 M - CORPO (EXECUÇÃO, INCLUINDO FORNECIMENTO E TRANSPORTE DE TODOS OS MATERIAIS E BERÇO, EXCLUSIVE ESCAVAÇÃO E COMPACTAÇÃO)","M",756.91]
[null,"RO-40284","-","BUEIRO SIMPLES TUBULAR DE CONCRETO, CLASSE CA-3. BSTC Ø 1,20 M - CORPO (EXECUÇÃO, INCLUINDO FORNECIMENTO E TRANSPORTE DE TODOS OS MATERIAIS E BERÇO, EXCLUSIVE ESCAVAÇÃO E COMPACTAÇÃO)","M",1026.6099999999999]
[null,"RO-40285","-","BUEIRO SIMPLES TUBULAR DE CONCRETO, CLASSE CA-3. BSTC Ø 1,50 M - CORPO (EXECUÇÃO, INCLUINDO FORNECIMENTO E TRANSPORTE DE TODOS OS MATERIAIS E BERÇO, EXCLUSIVE ESCAVAÇÃO E COMPACTAÇÃO)","M",1642.95]
[null,"RO-40286","-","BUEIRO SIMPLES TUBULAR DE CONCRETO, BSTC Ø 0,40 M - BOCA (EXECUÇÃO, INCLUINDO FORNECIMENTO E TRANSPORTE DE TODOS OS MATERIAIS, EXCLUSIVE ESCAVAÇÃO E COMPACTAÇÃO)","U",304.16000000000003]
[null,"RO-40287","-","BUEIRO SIMPLES TUBULAR DE CONCRETO, BSTC Ø 0,60 M - BOCA (EXECUÇÃO, INCLUINDO FORNECIMENTO E TRANSPORTE DE TODOS OS MATERIAIS, EXCLUSIVE ESCAVAÇÃO E COMPACTAÇÃO)","U",834.34]
[null,"RO-40288","-","BUEIRO SIMPLES TUBULAR DE CONCRETO, BSTC Ø 0,80 M - BOCA (EXECUÇÃO, INCLUINDO FORNECIMENTO E TRANSPORTE DE TODOS OS MATERIAIS, EXCLUSIVE ESCAVAÇÃO E COMPACTAÇÃO)","U",1413.52]
[null,"RO-41754","-","BUEIRO SIMPLES TUBULAR DE CONCRETO. BSTC Ø 1,00 M - BOCA (EXECUÇÃO, INCLUINDO FORNECIMENTO E TRANSPORTE DE TODOS OS MATERIAIS, EXCLUSIVE ESCAVAÇÃO E COMPACTAÇÃO)","U",2206.77]
[null,"RO-41783","-","BUEIRO SIMPLES TUBULAR DE CONCRETO. BSTC Ø 1,20 M - BOCA (EXECUÇÃO, INCLUINDO FORNECIMENTO E TRANSPORTE DE TODOS OS MATERIAIS, EXCLUSIVE ESCAVAÇÃO E COMPACTAÇÃO)","U",3225.77]
[null,"RO-42197","-","BUEIRO SIMPLES TUBULAR DE CONCRETO. BSTC Ø 1,50 M - BOCA (EXECUÇÃO, INCLUINDO FORNECIMENTO E TRANSPORTE DE TODOS OS MATERIAIS, EXCLUSIVE ESCAVAÇÃO E COMPACTAÇÃO)","U",5926.54]
[null,"RO-40292","-","BUEIRO DUPLO TUBULAR DE CONCRETO, CLASSE CA-1. BDTC Ø 0,60 M - CORPO (EXECUÇÃO, INCLUINDO FORNECIMENTO E TRANSPORTE DE TODOS OS MATERIAIS E BERÇO, EXCLUSIVE ESCAVAÇÃO E COMPACTAÇÃO)","M",535.1]
[null,"RO-40293","-","BUEIRO DUPLO TUBULAR DE CONCRETO, CLASSE CA-1. BDTC Ø 0,80 M - CORPO (EXECUÇÃO, INCLUINDO FORNECIMENTO E TRANSPORTE DE TODOS OS MATERIAIS E BERÇO, EXCLUSIVE ESCAVAÇÃO E COMPACTAÇÃO)","M",903.54]
[null,"RO-40294","-","BUEIRO DUPLO TUBULAR DE CONCRETO, CLASSE CA-1. BDTC Ø 1,00 M - CORPO (EXECUÇÃO, INCLUINDO FORNECIMENTO E TRANSPORTE DE TODOS OS MATERIAIS E BERÇO, EXCLUSIVE ESCAVAÇÃO E COMPACTAÇÃO)","M",1250.94]
[null,"RO-40295","-","BUEIRO DUPLO TUBULAR DE CONCRETO, CLASSE CA-1. BDTC Ø 1,20 M - CORPO (EXECUÇÃO, INCLUINDO FORNECIMENTO E TRANSPORTE DE TODOS OS MATERIAIS E BERÇO, EXCLUSIVE ESCAVAÇÃO E COMPACTAÇÃO)","M",1710.15]
[null,"RO-40296","-","BUEIRO DUPLO TUBULAR DE CONCRETO, CLASSE CA-1. BDTC Ø 1,50 M - CORPO (EXECUÇÃO, INCLUINDO FORNECIMENTO E TRANSPORTE DE TODOS OS MATERIAIS E BERÇO, EXCLUSIVE ESCAVAÇÃO E COMPACTAÇÃO)","M",2672.55]
[null,"RO-40297","-","BUEIRO DUPLO TUBULAR  DE CONCRETO, CLASSE CA-2.  BDTC Ø 0,60 M - CORPO (EXECUÇÃO, INCLUINDO FORNECIMENTO E TRANSPORTE DE TODOS OS MATERIAIS E BERÇO, EXCLUSIVE ESCAVAÇÃO E COMPACTAÇÃO)","M",569.6]
[null,"RO-40298","-","BUEIRO DUPLO TUBULAR  DE CONCRETO, CLASSE CA-2.  BDTC Ø 0,80 M - CORPO (EXECUÇÃO, INCLUINDO FORNECIMENTO E TRANSPORTE DE TODOS OS MATERIAIS E BERÇO, EXCLUSIVE ESCAVAÇÃO E COMPACTAÇÃO)","M",972.54]
[null,"RO-40299","-","BUEIRO DUPLO TUBULAR  DE CONCRETO, CLASSE CA-2.  BDTC Ø 1,00  M - CORPO (EXECUÇÃO, INCLUINDO FORNECIMENTO E TRANSPORTE DE TODOS OS MATERIAIS E BERÇO, EXCLUSIVE ESCAVAÇÃO E COMPACTAÇÃO)","M",1331.44]
[null,"RO-40300","-","BUEIRO DUPLO TUBULAR  DE CONCRETO, CLASSE CA-2.  BDTC Ø 1,20 M - CORPO (EXECUÇÃO, INCLUINDO FORNECIMENTO E TRANSPORTE DE TODOS OS MATERIAIS E BERÇO, EXCLUSIVE ESCAVAÇÃO E COMPACTAÇÃO)","M",1825.15]
[null,"RO-40301","-","BUEIRO DUPLO TUBULAR  DE CONCRETO, CLASSE CA-2.  BDTC Ø 1,50  M - CORPO (EXECUÇÃO, INCLUINDO FORNECIMENTO E TRANSPORTE DE TODOS OS MATERIAIS E BERÇO, EXCLUSIVE ESCAVAÇÃO E COMPACTAÇÃO)","M",2911.75]
[null,"RO-40302","-","BUEIRO DUPLO TUBULAR DE CONCRETO, CLASSE CA-3. BDTC Ø 0,60 M - CORPO (EXECUÇÃO, INCLUINDO FORNECIMENTO E TRANSPORTE DE TODOS OS MATERIAIS E BERÇO, EXCLUSIVE ESCAVAÇÃO E COMPACTAÇÃO)","M",622.5]
[null,"RO-40303","-","BUEIRO DUPLO TUBULAR DE CONCRETO, CLASSE CA-3. BDTC Ø 0,80 M - CORPO (EXECUÇÃO, INCLUINDO FORNECIMENTO E TRANSPORTE DE TODOS OS MATERIAIS E BERÇO, EXCLUSIVE ESCAVAÇÃO E COMPACTAÇÃO)","M",1053.04]
[null,"RO-40304","-","BUEIRO DUPLO TUBULAR DE CONCRETO, CLASSE CA-3. BDTC Ø 1,00 M - CORPO (EXECUÇÃO, INCLUINDO FORNECIMENTO E TRANSPORTE DE TODOS OS MATERIAIS E BERÇO, EXCLUSIVE ESCAVAÇÃO E COMPACTAÇÃO)","M",1457.94]
[null,"RO-40305","-","BUEIRO DUPLO TUBULAR DE CONCRETO, CLASSE CA-3. BDTC Ø 1,20 M - CORPO (EXECUÇÃO, INCLUINDO FORNECIMENTO E TRANSPORTE DE TODOS OS MATERIAIS E BERÇO, EXCLUSIVE ESCAVAÇÃO E COMPACTAÇÃO)","M",1986.15]
[null,"RO-40306","-","BUEIRO DUPLO TUBULAR DE CONCRETO, CLASSE CA-3. BDTC Ø 1,50 M - CORPO (EXECUÇÃO, INCLUINDO FORNECIMENTO E TRANSPORTE DE TODOS OS MATERIAIS E BERÇO, EXCLUSIVE ESCAVAÇÃO E COMPACTAÇÃO)","M",3201.55]
[null,"RO-40307","-","BUEIRO DUPLO TUBULAR DE CONCRETO, BDTC Ø 0,60 M - BOCA (EXECUÇÃO, INCLUINDO FORNECIMENTO E TRANSPORTE DE TODOS OS MATERIAIS, EXCLUSIVE ESCAVAÇÃO E COMPACTAÇÃO)","U",1247.57]
[null,"RO-40308","-","BUEIRO DUPLO TUBULAR DE CONCRETO, BDTC Ø 0,80 M - BOCA (EXECUÇÃO, INCLUINDO FORNECIMENTO E TRANSPORTE DE TODOS OS MATERIAIS, EXCLUSIVE ESCAVAÇÃO E COMPACTAÇÃO)","U",2042.67]
[null,"RO-40309","-","BUEIRO DUPLO TUBULAR DE CONCRETO, BDTC Ø 1,00 M - BOCA (EXECUÇÃO, INCLUINDO FORNECIMENTO E TRANSPORTE DE TODOS OS MATERIAIS, EXCLUSIVE ESCAVAÇÃO E COMPACTAÇÃO)","U",3089.52]
[null,"RO-40310","-","BUEIRO DUPLO TUBULAR DE CONCRETO, BDTC Ø 1,20 M - BOCA (EXECUÇÃO, INCLUINDO FORNECIMENTO E TRANSPORTE DE TODOS OS MATERIAIS, EXCLUSIVE ESCAVAÇÃO E COMPACTAÇÃO)","U",4528.5200000000004]
[null,"RO-40311","-","BUEIRO DUPLO TUBULAR DE CONCRETO, BDTC Ø 1,50 M - BOCA (EXECUÇÃO, INCLUINDO FORNECIMENTO E TRANSPORTE DE TODOS OS MATERIAIS, EXCLUSIVE ESCAVAÇÃO E COMPACTAÇÃO)","U",8125.14]
[null,"RO-40316","-","BUEIRO TRIPLO TUBULAR DE CONCRETO, CLASSE CA-1. BTTC Ø 0,60 M - CORPO (EXECUÇÃO, INCLUINDO FORNECIMENTO E TRANSPORTE DE TODOS OS MATERIAIS E BERÇO, EXCLUSIVE ESCAVAÇÃO E COMPACTAÇÃO)","M",785.74]
[null,"RO-40317","-","BUEIRO TRIPLO TUBULAR DE CONCRETO, CLASSE CA-1. BTTC Ø 0,80 M - CORPO (EXECUÇÃO, INCLUINDO FORNECIMENTO E TRANSPORTE DE TODOS OS MATERIAIS E BERÇO, EXCLUSIVE ESCAVAÇÃO E COMPACTAÇÃO)","M",1333.47]
[null,"RO-40318","-","BUEIRO TRIPLO TUBULAR DE CONCRETO, CLASSE CA-1. BTTC Ø 1,00 M - CORPO (EXECUÇÃO, INCLUINDO FORNECIMENTO E TRANSPORTE DE TODOS OS MATERIAIS E BERÇO, EXCLUSIVE ESCAVAÇÃO E COMPACTAÇÃO)","M",1848.68]
[null,"RO-40319","-","BUEIRO TRIPLO TUBULAR DE CONCRETO, CLASSE CA-1. BTTC Ø 1,20 M - CORPO (EXECUÇÃO, INCLUINDO FORNECIMENTO E TRANSPORTE DE TODOS OS MATERIAIS E BERÇO, EXCLUSIVE ESCAVAÇÃO E COMPACTAÇÃO)","M",2531.42]
[null,"RO-40320","-","BUEIRO TRIPLO TUBULAR DE CONCRETO, CLASSE CA-1. BTTC Ø 1,50 M - CORPO (EXECUÇÃO, INCLUINDO FORNECIMENTO E TRANSPORTE DE TODOS OS MATERIAIS E BERÇO, EXCLUSIVE ESCAVAÇÃO E COMPACTAÇÃO)","M",3966.65]
[null,"RO-40321","-","BUEIRO TRIPLO TUBULAR  DE CONCRETO, CLASSE CA-2.  BTTC Ø 0,60 M - CORPO (EXECUÇÃO, INCLUINDO FORNECIMENTO E TRANSPORTE DE TODOS OS MATERIAIS E BERÇO, EXCLUSIVE ESCAVAÇÃO E COMPACTAÇÃO)","M",837.49]
[null,"RO-40322","-","BUEIRO TRIPLO TUBULAR  DE CONCRETO, CLASSE CA-2.  BTTC Ø 0,80 M - CORPO (EXECUÇÃO, INCLUINDO FORNECIMENTO E TRANSPORTE DE TODOS OS MATERIAIS E BERÇO, EXCLUSIVE ESCAVAÇÃO E COMPACTAÇÃO)","M",1436.97]
[null,"RO-40323","-","BUEIRO TRIPLO TUBULAR  DE CONCRETO, CLASSE CA-2.  BTTC Ø 1,00 M - CORPO (EXECUÇÃO, INCLUINDO FORNECIMENTO E TRANSPORTE DE TODOS OS MATERIAIS E BERÇO, EXCLUSIVE ESCAVAÇÃO E COMPACTAÇÃO)","M",1969.43]
[null,"RO-40324","-","BUEIRO TRIPLO TUBULAR  DE CONCRETO, CLASSE CA-2.  BTTC Ø 1,20 M - CORPO (EXECUÇÃO, INCLUINDO FORNECIMENTO E TRANSPORTE DE TODOS OS MATERIAIS E BERÇO, EXCLUSIVE ESCAVAÇÃO E COMPACTAÇÃO)","M",2704.17]
[null,"RO-40325","-","BUEIRO TRIPLO TUBULAR  DE CONCRETO, CLASSE CA-2.  BTTC Ø 1,50 M - CORPO (EXECUÇÃO, INCLUINDO FORNECIMENTO E TRANSPORTE DE TODOS OS MATERIAIS E BERÇO, EXCLUSIVE ESCAVAÇÃO E COMPACTAÇÃO)","M",4325.45]
[null,"RO-40327","-","BUEIRO TRIPLO TUBULAR DE CONCRETO, CLASSE CA-3. BTTC Ø 0,80 M - CORPO (EXECUÇÃO, INCLUINDO FORNECIMENTO E TRANSPORTE DE TODOS OS MATERIAIS E BERÇO, EXCLUSIVE ESCAVAÇÃO E COMPACTAÇÃO)","M",1557.72]
[null,"RO-40328","-","BUEIRO TRIPLO TUBULAR DE CONCRETO, CLASSE CA-3. BTTC Ø 1,00 M - CORPO (EXECUÇÃO, INCLUINDO FORNECIMENTO E TRANSPORTE DE TODOS OS MATERIAIS E BERÇO, EXCLUSIVE ESCAVAÇÃO E COMPACTAÇÃO)","M",2159.1799999999998]
[null,"RO-40329","-","BUEIRO TRIPLO TUBULAR DE CONCRETO, CLASSE CA-3. BTTC Ø 1,20 M - CORPO (EXECUÇÃO, INCLUINDO FORNECIMENTO E TRANSPORTE DE TODOS OS MATERIAIS E BERÇO, EXCLUSIVE ESCAVAÇÃO E COMPACTAÇÃO)","M",2945.67]
[null,"RO-40330","-","BUEIRO TRIPLO TUBULAR DE CONCRETO, CLASSE CA-3. BTTC Ø 1,50 M - CORPO (EXECUÇÃO, INCLUINDO FORNECIMENTO E TRANSPORTE DE TODOS OS MATERIAIS E BERÇO, EXCLUSIVE ESCAVAÇÃO E COMPACTAÇÃO)","M",4760.1499999999996]
[null,"RO-40331","-","BUEIRO TRIPLO TUBULAR DE CONCRETO. BTTC Ø 0,60 M - BOCA (EXECUÇÃO, INCLUINDO FORNECIMENTO E TRANSPORTE DE TODOS OS MATERIAIS, EXCLUSIVE ESCAVAÇÃO E COMPACTAÇÃO)","U",1626.69]
[null,"RO-40332","-","BUEIRO TRIPLO TUBULAR DE CONCRETO. BTTC Ø 0,80 M - BOCA (EXECUÇÃO, INCLUINDO FORNECIMENTO E TRANSPORTE DE TODOS OS MATERIAIS, EXCLUSIVE ESCAVAÇÃO E COMPACTAÇÃO)","U",2635.97]
[null,"RO-40333","-","BUEIRO TRIPLO TUBULAR DE CONCRETO. BTTC Ø 1,00 M - BOCA (EXECUÇÃO, INCLUINDO FORNECIMENTO E TRANSPORTE DE TODOS OS MATERIAIS, EXCLUSIVE ESCAVAÇÃO E COMPACTAÇÃO)","U",3972.27]
[null,"RO-40334","-","BUEIRO TRIPLO TUBULAR DE CONCRETO. BTTC Ø 1,20 M - BOCA (EXECUÇÃO, INCLUINDO FORNECIMENTO E TRANSPORTE DE TODOS OS MATERIAIS, EXCLUSIVE ESCAVAÇÃO E COMPACTAÇÃO)","U",5830.76]
[null,"RO-40335","-","BUEIRO TRIPLO TUBULAR DE CONCRETO. BTTC Ø 1,50 M - BOCA (EXECUÇÃO, INCLUINDO FORNECIMENTO E TRANSPORTE DE TODOS OS MATERIAIS, EXCLUSIVE ESCAVAÇÃO E COMPACTAÇÃO)","U",10360.27]
[null,"RO-40342","-","GIGANTE DE SUSTENTAÇÃO PARA BUEIRO SIMPLES TUBULAR DE CONCRETO - BSTC Ø 0,60 M (EXECUÇÃO, INCLUINDO FORNECIMENTO E TRANSPORTE DE TODOS OS MATERIAIS,EXCLUSIVE ESCAVAÇÃO E COMPACTAÇÃO)","U",444.71]
[null,"RO-40343","-","GIGANTE DE SUSTENTAÇÃO PARA BUEIRO SIMPLES TUBULAR DE CONCRETO - BSTC Ø 0,80 M (EXECUÇÃO, INCLUINDO FORNECIMENTO E TRANSPORTE DE TODOS OS MATERIAIS,EXCLUSIVE ESCAVAÇÃO E COMPACTAÇÃO)","U",477.58]
[null,"RO-40344","-","GIGANTE DE SUSTENTAÇÃO PARA BUEIRO SIMPLES TUBULAR DE CONCRETO - BSTC Ø 1,00 M (EXECUÇÃO, INCLUINDO FORNECIMENTO E TRANSPORTE DE TODOS OS MATERIAIS,EXCLUSIVE ESCAVAÇÃO E COMPACTAÇÃO)","U",576.63]
[null,"RO-40345","-","GIGANTE DE SUSTENTAÇÃO PARA BUEIRO DUPLO TUBULAR DE CONCRETO - BDTC Ø 0,80 M (EXECUÇÃO, INCLUINDO FORNECIMENTO E TRANSPORTE DE TODOS OS MATERIAIS,EXCLUSIVE ESCAVAÇÃO E COMPACTAÇÃO)","U",900.47]
[null,"RO-40346","-","GIGANTE DE SUSTENTAÇÃO PARA BUEIRO TRIPLO TUBULAR DE CONCRETO - BTTC Ø 1,00 M (EXECUÇÃO, INCLUINDO FORNECIMENTO E TRANSPORTE DE TODOS OS MATERIAIS,EXCLUSIVE ESCAVAÇÃO E COMPACTAÇÃO)","U",1235.9000000000001]
[null,"RO-41040","-","REMOÇÃO DE BUEIRO SIMPLES TUBULAR DE CONCRETO. BSTC Ø 0,40 M - CORPO","M",31.62]
[null,"RO-41046","-","REMOÇÃO DE BUEIRO SIMPLES TUBULAR DE CONCRETO. BSTC Ø 0,40 M - BOCA","U",88.87]
[null,"RO-41041","-","REMOÇÃO DE BUEIRO SIMPLES TUBULAR DE CONCRETO. BSTC Ø 0,60 M - CORPO","M",62.32]
[null,"RO-41047","-","REMOÇÃO DE BUEIRO SIMPLES TUBULAR DE CONCRETO. BSTC Ø 0,60 M - BOCA","U",185.28]
[null,"RO-41042","-","REMOÇÃO DE BUEIRO SIMPLES TUBULAR DE CONCRETO. BSTC Ø 0,80 M - CORPO","M",98.99]
[null,"RO-41048","-","REMOÇÃO DE BUEIRO SIMPLES TUBULAR DE CONCRETO. BSTC Ø 0,80 M - BOCA","U",307.11]
[null,"RO-41043","-","REMOÇÃO DE BUEIRO SIMPLES TUBULAR DE CONCRETO. BSTC Ø 1,00 M - CORPO","M",142.57]
[null,"RO-41049","-","REMOÇÃO DE BUEIRO SIMPLES TUBULAR DE CONCRETO. BSTC Ø 1,00 M - BOCA","U",473.84]
[null,"RO-41044","-","REMOÇÃO DE BUEIRO SIMPLES TUBULAR DE CONCRETO. BSTC Ø 1,20 M - CORPO","M",190.99]
[null,"RO-41050","-","REMOÇÃO DE BUEIRO SIMPLES TUBULAR DE CONCRETO. BSTC Ø 1,20 M - BOCA","U",700.4]
[null,"RO-41045","-","REMOÇÃO DE BUEIRO SIMPLES TUBULAR DE CONCRETO. BSTC Ø 1,50 M - CORPO","M",264.11]
[null,"RO-41051","-","REMOÇÃO DE BUEIRO SIMPLES TUBULAR DE CONCRETO. BSTC Ø 1,50 M - BOCA","U",1320.12]
[null,"RO-41052","-","REMOÇÃO DE BUEIRO DUPLO TUBULAR DE CONCRETO. BDTC Ø 0,60 M - CORPO","M",111.25]
[null,"RO-41057","-","REMOÇÃO DE BUEIRO DUPLO TUBULAR DE CONCRETO. BDTC Ø 0,60 M - BOCA","U",273.02999999999997]
[null,"RO-41053","-","REMOÇÃO DE BUEIRO DUPLO TUBULAR DE CONCRETO. BDTC Ø 0,80 M - CORPO","M",176.93]
[null,"RO-41058","-","REMOÇÃO DE BUEIRO DUPLO TUBULAR DE CONCRETO. BDTC Ø 0,80 M - BOCA","U",439.62]
[null,"RO-41054","-","REMOÇÃO DE BUEIRO DUPLO TUBULAR DE CONCRETO. BDTC Ø 1,00 M - CORPO","M",260.8]
[null,"RO-41059","-","REMOÇÃO DE BUEIRO DUPLO TUBULAR DE CONCRETO. BDTC Ø 1.00 M - BOCA","U",657.88]
[null,"RO-41055","-","REMOÇÃO DE BUEIRO DUPLO TUBULAR DE CONCRETO. BDTC Ø 1,20 M - CORPO","M",348.58]
[null,"RO-41060","-","REMOÇÃO DE BUEIRO DUPLO TUBULAR DE CONCRETO. BDTC Ø 1,20 M - BOCA","U",983.05]
[null,"RO-41056","-","REMOÇÃO DE BUEIRO DUPLO TUBULAR DE CONCRETO. BDTC Ø 1,50 M - CORPO","M",486.56]
[null,"RO-41061","-","REMOÇÃO DE BUEIRO DUPLO TUBULAR DE CONCRETO. BDTC Ø 1,50 M - BOCA","U",1830.02]
[null,"RO-41062","-","REMOÇÃO DE BUEIRO TRIPLO TUBULAR DE CONCRETO. BTTC Ø 0,60 M - CORPO","M",166.82]
[null,"RO-41067","-","REMOÇÃO DE BUEIRO TRIPLO TUBULAR DE CONCRETO. BTTC Ø 0,60 M - BOCA","U",350.86]
[null,"RO-41063","-","REMOÇÃO DE BUEIRO TRIPLO TUBULAR DE CONCRETO. BTTC Ø 0,80 M - CORPO","M",265.17]
[null,"RO-41068","-","REMOÇÃO DE BUEIRO TRIPLO TUBULAR DE CONCRETO. BTTC Ø 0,80 M - BOCA","U",561.38]
[null,"RO-41064","-","REMOÇÃO DE BUEIRO TRIPLO TUBULAR DE CONCRETO. BTTC Ø 1,00 M - CORPO","M",391.02]
[null,"RO-41069","-","REMOÇÃO DE BUEIRO TRIPLO TUBULAR DE CONCRETO. BTTC Ø 1,00 M - BOCA","U",841.92]
[null,"RO-41065","-","REMOÇÃO DE BUEIRO TRIPLO TUBULAR DE CONCRETO. BTTC Ø 1,20 M - CORPO","M",524.15]
[null,"RO-41070","-","REMOÇÃO DE BUEIRO TRIPLO TUBULAR DE CONCRETO. BTTC Ø 1.20 M - BOCA","U",1265.7]
[null,"RO-41066","-","REMOÇÃO DE BUEIRO TRIPLO TUBULAR DE CONCRETO. BTTC Ø 1,50 M - CORPO","M",730.37]
[null,"RO-41071","-","REMOÇÃO DE BUEIRO TRIPLO TUBULAR DE CONCRETO. BTTC Ø 1,50 M - BOCA","U",2345.7600000000002]
[null,"RO-40354","-","BUEIRO SIMPLES CELULAR DE CONCRETO PADRÃO DER/MG. PARA ALTURA DE ATERRO DE 0 A 5,00 M. BSCC (1,00 X 1,00)M - CORPO (EXECUÇÃO, INCLUINDO FORNECIMENTO E TRANSPORTE DE TODOS OS MATERIAIS, EXCLUSIVE ESCAVAÇÃO E COMPACTAÇÃO)","M",1185.3699999999999]
[null,"RO-40392","-","BUEIRO SIMPLES CELULAR DE CONCRETO PADRÃO DER/MG. PARA ALTURA DE ATERRO DE 0 A 5,00 M. BSCC (1,00 X 1,00)M - BOCA (EXECUÇÃO, INCLUINDO FORNECIMENTO E TRANSPORTE DE TODOS OS MATERIAIS, EXCLUSIVE ESCAVAÇÃO E COMPACTAÇÃO)","U",1188.2]
[null,"RO-40355","-","BUEIRO SIMPLES CELULAR DE CONCRETO PADRÃO DER/MG. PARA ALTURA DE ATERRO DE 0 A 5,00 M. BSCC (1,00 X 1,50)M - CORPO (EXECUÇÃO, INCLUINDO FORNECIMENTO E TRANSPORTE DE TODOS OS MATERIAIS, EXCLUSIVE ESCAVAÇÃO E COMPACTAÇÃO)","M",1555.77]
[null,"RO-40393","-","BUEIRO SIMPLES CELULAR DE CONCRETO PADRÃO DER/MG. PARA ALTURA DE ATERRO DE 0 A 5,00 M. BSCC (1,00 X 1,50)M - BOCA (EXECUÇÃO, INCLUINDO FORNECIMENTO E TRANSPORTE DE TODOS OS MATERIAIS, EXCLUSIVE ESCAVAÇÃO E COMPACTAÇÃO)","U",2267.4699999999998]
[null,"RO-40356","-","BUEIRO SIMPLES CELULAR DE CONCRETO PADRÃO DER/MG. PARA ALTURA DE ATERRO DE 0 A 5,00 M. BSCC (1,00 X 2,00)M - CORPO (EXECUÇÃO, INCLUINDO FORNECIMENTO E TRANSPORTE DE TODOS OS MATERIAIS, EXCLUSIVE ESCAVAÇÃO E COMPACTAÇÃO)","M",2010]
[null,"RO-40394","-","BUEIRO SIMPLES CELULAR DE CONCRETO PADRÃO DER/MG. PARA ALTURA DE ATERRO DE 0 A 5,00 M. BSCC (1,00 X 2,00 M - BOCA (EXECUÇÃO, INCLUINDO FORNECIMENTO E TRANSPORTE DE TODOS OS MATERIAIS, EXCLUSIVE ESCAVAÇÃO E COMPACTAÇÃO)","U",3888.7]
[null,"RO-40357","-","BUEIRO SIMPLES CELULAR DE CONCRETO PADRÃO DER/MG. PARA ALTURA DE ATERRO DE 0 A 5,00 M. BSCC (1,50 X 1,00)M - CORPO (EXECUÇÃO, INCLUINDO FORNECIMENTO E TRANSPORTE DE TODOS OS MATERIAIS, EXCLUSIVE ESCAVAÇÃO E COMPACTAÇÃO)","M",1676.34]
[null,"RO-40395","-","BUEIRO SIMPLES CELULAR DE CONCRETO PADRÃO DER/MG. PARA ALTURA DE ATERRO DE 0 A 5,00 M. BSCC (1,50 X 1,00)M - BOCA (EXECUÇÃO, INCLUINDO FORNECIMENTO E TRANSPORTE DE TODOS OS MATERIAIS, EXCLUSIVE ESCAVAÇÃO E COMPACTAÇÃO)","U",1369.55]
[null,"RO-40358","-","BUEIRO SIMPLES CELULAR DE CONCRETO PADRÃO DER/MG. PARA ALTURA DE ATERRO DE 0 A 5,00 M. BSCC (1,50 X 1,50)M - CORPO (EXECUÇÃO, INCLUINDO FORNECIMENTO E TRANSPORTE DE TODOS OS MATERIAIS, EXCLUSIVE ESCAVAÇÃO E COMPACTAÇÃO)","M",2061.61]
[null,"RO-40396","-","BUEIRO SIMPLES CELULAR DE CONCRETO PADRÃO DER/MG. PARA ALTURA DE ATERRO DE 0 A 5,00 M. BSCC (1,50 X 1,50)M - BOCA (EXECUÇÃO, INCLUINDO FORNECIMENTO E TRANSPORTE DE TODOS OS MATERIAIS, EXCLUSIVE ESCAVAÇÃO E COMPACTAÇÃO)","U",2548.54]
[null,"RO-40359","-","BUEIRO SIMPLES CELULAR DE CONCRETO PADRÃO DER/MG. PARA ALTURA DE ATERRO DE 0 A 5,00 M. BSCC (1,50 X 2,00)M - CORPO (EXECUÇÃO, INCLUINDO FORNECIMENTO E TRANSPORTE DE TODOS OS MATERIAIS, EXCLUSIVE ESCAVAÇÃO E COMPACTAÇÃO)","M",2515.5]
[null,"RO-40397","-","BUEIRO SIMPLES CELULAR DE CONCRETO PADRÃO DER/MG. PARA ALTURA DE ATERRO DE 0 A 5,00 M. BSCC (1,50 X 2,00)M - BOCA (EXECUÇÃO, INCLUINDO FORNECIMENTO E TRANSPORTE DE TODOS OS MATERIAIS, EXCLUSIVE ESCAVAÇÃO E COMPACTAÇÃO)","U",4190.38]
[null,"RO-41796","-","BUEIRO SIMPLES CELULAR DE CONCRETO PADRÃO DER/MG. PARA ALTURA DE ATERRO DE 0 A 5,00 M. BSCC (2,00 X 1,00)M - CORPO (EXECUÇÃO, INCLUINDO FORNECIMENTO E TRANSPORTE DE TODOS OS MATERIAIS, EXCLUSIVE ESCAVAÇÃO E COMPACTAÇÃO)","M",2244.56]
[null,"RO-41797","-","BUEIRO SIMPLES CELULAR DE CONCRETO PADRÃO DER/MG. PARA ALTURA DE ATERRO DE 0 A 5,00 M. BSCC (2,00 X 1,00)M - BOCA (EXECUÇÃO, INCLUINDO FORNECIMENTO E TRANSPORTE DE TODOS OS MATERIAIS, EXCLUSIVE ESCAVAÇÃO E COMPACTAÇÃO)","U",1563.54]
[null,"RO-40360","-","BUEIRO SIMPLES CELULAR DE CONCRETO PADRÃO DER/MG. PARA ALTURA DE ATERRO DE 0 A 5,00 M. BSCC (2,00 X 1,50)M - CORPO (EXECUÇÃO, INCLUINDO FORNECIMENTO E TRANSPORTE DE TODOS OS MATERIAIS, EXCLUSIVE ESCAVAÇÃO E COMPACTAÇÃO)","M",2649.08]
[null,"RO-40398","-","BUEIRO SIMPLES CELULAR DE CONCRETO PADRÃO DER/MG. PARA ALTURA DE ATERRO DE 0 A 5,00 M. BSCC (2,00 X 1,50)M - BOCA (EXECUÇÃO, INCLUINDO FORNECIMENTO E TRANSPORTE DE TODOS OS MATERIAIS, EXCLUSIVE ESCAVAÇÃO E COMPACTAÇÃO)","U",2841.63]
[null,"RO-40361","-","BUEIRO SIMPLES CELULAR DE CONCRETO PADRÃO DER/MG. PARA ALTURA DE ATERRO DE 0 A 5,00 M. BSCC (2,00 X 2,00)M - CORPO (EXECUÇÃO, INCLUINDO FORNECIMENTO E TRANSPORTE DE TODOS OS MATERIAIS, EXCLUSIVE ESCAVAÇÃO E COMPACTAÇÃO)","M",3105.14]
[null,"RO-40399","-","BUEIRO SIMPLES CELULAR DE CONCRETO PADRÃO DER/MG. PARA ALTURA DE ATERRO DE 0 A 5,00 M. BSCC (2,00 X 2,00)M - BOCA (EXECUÇÃO, INCLUINDO FORNECIMENTO E TRANSPORTE DE TODOS OS MATERIAIS, EXCLUSIVE ESCAVAÇÃO E COMPACTAÇÃO)","U",4602.5200000000004]
[null,"RO-40362","-","BUEIRO SIMPLES CELULAR DE CONCRETO PADRÃO DER/MG. PARA ALTURA DE ATERRO DE 0 A 5,00 M. BSCC (2,00 X 2,50)M - CORPO (EXECUÇÃO, INCLUINDO FORNECIMENTO E TRANSPORTE DE TODOS OS MATERIAIS, EXCLUSIVE ESCAVAÇÃO E COMPACTAÇÃO)","M",3606.82]
[null,"RO-40400","-","BUEIRO SIMPLES CELULAR DE CONCRETO PADRÃO DER/MG. PARA ALTURA DE ATERRO DE 0 A 5,00 M. BSCC (2,00 X 2,50)M - BOCA (EXECUÇÃO, INCLUINDO FORNECIMENTO E TRANSPORTE DE TODOS OS MATERIAIS, EXCLUSIVE ESCAVAÇÃO E COMPACTAÇÃO)","U",6822.58]
[null,"RO-40363","-","BUEIRO SIMPLES CELULAR DE CONCRETO PADRÃO DER/MG. PARA ALTURA DE ATERRO DE 0 A 5,00 M. BSCC (2,00 X 3,00)M - CORPO (EXECUÇÃO, INCLUINDO FORNECIMENTO E TRANSPORTE DE TODOS OS MATERIAIS, EXCLUSIVE ESCAVAÇÃO E COMPACTAÇÃO)","M",4180.17]
[null,"RO-40401","-","BUEIRO SIMPLES CELULAR DE CONCRETO PADRÃO DER/MG. PARA ALTURA DE ATERRO DE 0 A 5,00 M. BSCC (2,00 X 3,00)M - BOCA (EXECUÇÃO, INCLUINDO FORNECIMENTO E TRANSPORTE DE TODOS OS MATERIAIS, EXCLUSIVE ESCAVAÇÃO E COMPACTAÇÃO)","U",9718.27]
[null,"RO-40366","-","BUEIRO SIMPLES CELULAR DE CONCRETO PADRÃO DER/MG. PARA ALTURA DE ATERRO DE 0 A 5,00 M. BSCC (2,50 X 2,00)M - CORPO (EXECUÇÃO, INCLUINDO FORNECIMENTO E TRANSPORTE DE TODOS OS MATERIAIS, EXCLUSIVE ESCAVAÇÃO E COMPACTAÇÃO)","M",3773.21]
[null,"RO-40404","-","BUEIRO SIMPLES CELULAR DE CONCRETO PADRÃO DER/MG. PARA ALTURA DE ATERRO DE 0 A 5,00 M. BSCC (2,50 X 2,00)M - BOCA (EXECUÇÃO, INCLUINDO FORNECIMENTO E TRANSPORTE DE TODOS OS MATERIAIS, EXCLUSIVE ESCAVAÇÃO E COMPACTAÇÃO)","U",4939.9799999999996]
[null,"RO-40367","-","BUEIRO SIMPLES CELULAR DE CONCRETO PADRÃO DER/MG. PARA ALTURA DE ATERRO DE 0 A 5,00 M. BSCC (2,50 X 2,50)M - CORPO (EXECUÇÃO, INCLUINDO FORNECIMENTO E TRANSPORTE DE TODOS OS MATERIAIS, EXCLUSIVE ESCAVAÇÃO E COMPACTAÇÃO)","M",4315.97]
[null,"RO-40405","-","BUEIRO SIMPLES CELULAR DE CONCRETO PADRÃO DER/MG. PARA ALTURA DE ATERRO DE 0 A 5,00 M. BSCC (2,50 X 2,50)M - BOCA (EXECUÇÃO, INCLUINDO FORNECIMENTO E TRANSPORTE DE TODOS OS MATERIAIS, EXCLUSIVE ESCAVAÇÃO E COMPACTAÇÃO)","U",7370.77]
[null,"RO-40368","-","BUEIRO SIMPLES CELULAR DE CONCRETO PADRÃO DER/MG. PARA ALTURA DE ATERRO DE 0 A 5,00 M. BSCC (2,50 X 3,00)M - CORPO (EXECUÇÃO, INCLUINDO FORNECIMENTO E TRANSPORTE DE TODOS OS MATERIAIS, EXCLUSIVE ESCAVAÇÃO E COMPACTAÇÃO)","M",4862.96]
[null,"RO-40406","-","BUEIRO SIMPLES CELULAR DE CONCRETO PADRÃO DER/MG. PARA ALTURA DE ATERRO DE 0 A 5,00 M. BSCC (2,50 X 3,00)M - BOCA (EXECUÇÃO, INCLUINDO FORNECIMENTO E TRANSPORTE DE TODOS OS MATERIAIS, EXCLUSIVE ESCAVAÇÃO E COMPACTAÇÃO)","U",10307.799999999999]
[null,"RO-40370","-","BUEIRO SIMPLES CELULAR DE CONCRETO PADRÃO DER/MG. PARA ALTURA DE ATERRO DE 0 A 5,00 M. BSCC (3,00 X 1,50)M - CORPO (EXECUÇÃO, INCLUINDO FORNECIMENTO E TRANSPORTE DE TODOS OS MATERIAIS, EXCLUSIVE ESCAVAÇÃO E COMPACTAÇÃO)","M",4135.68]
[null,"RO-40408","-","BUEIRO SIMPLES CELULAR DE CONCRETO PADRÃO DER/MG. PARA ALTURA DE ATERRO DE 0 A 5,00 M. BSCC (3,00 X 1,50)M - BOCA (EXECUÇÃO, INCLUINDO FORNECIMENTO E TRANSPORTE DE TODOS OS MATERIAIS, EXCLUSIVE ESCAVAÇÃO E COMPACTAÇÃO)","U",3417.85]
[null,"RO-40371","-","BUEIRO SIMPLES CELULAR DE CONCRETO PADRÃO DER/MG. PARA ALTURA DE ATERRO DE 0 A 5,00 M. BSCC (3,00 X 2,00)M - CORPO (EXECUÇÃO, INCLUINDO FORNECIMENTO E TRANSPORTE DE TODOS OS MATERIAIS, EXCLUSIVE ESCAVAÇÃO E COMPACTAÇÃO)","M",4619.75]
[null,"RO-40409","-","BUEIRO SIMPLES CELULAR DE CONCRETO PADRÃO DER/MG. PARA ALTURA DE ATERRO DE 0 A 5,00 M. BSCC (3,00 X 2,00)M - BOCA (EXECUÇÃO, INCLUINDO FORNECIMENTO E TRANSPORTE DE TODOS OS MATERIAIS, EXCLUSIVE ESCAVAÇÃO E COMPACTAÇÃO)","U",5402.54]
[null,"RO-40372","-","BUEIRO SIMPLES CELULAR DE CONCRETO PADRÃO DER/MG. PARA ALTURA DE ATERRO DE 0 A 5,00 M. BSCC (3,00 X 2,50)M - CORPO (EXECUÇÃO, INCLUINDO FORNECIMENTO E TRANSPORTE DE TODOS OS MATERIAIS, EXCLUSIVE ESCAVAÇÃO E COMPACTAÇÃO)","M",5107.01]
[null,"RO-40410","-","BUEIRO SIMPLES CELULAR DE CONCRETO PADRÃO DER/MG. PARA ALTURA DE ATERRO DE 0 A 5,00 M. BSCC (3,00 X 2,50)M - BOCA (EXECUÇÃO, INCLUINDO FORNECIMENTO E TRANSPORTE DE TODOS OS MATERIAIS, EXCLUSIVE ESCAVAÇÃO E COMPACTAÇÃO)","U",7852.85]
[null,"RO-40373","-","BUEIRO SIMPLES CELULAR DE CONCRETO PADRÃO DER/MG. PARA ALTURA DE ATERRO DE 0 A 5,00 M. BSCC (3,00 X 3,00)M - CORPO (EXECUÇÃO, INCLUINDO FORNECIMENTO E TRANSPORTE DE TODOS OS MATERIAIS, EXCLUSIVE ESCAVAÇÃO E COMPACTAÇÃO)","M",5666.18]
[null,"RO-40411","-","BUEIRO SIMPLES CELULAR DE CONCRETO PADRÃO DER/MG. PARA ALTURA DE ATERRO DE 0 A 5,00 M. BSCC (3,00 X 3,00)M - BOCA (EXECUÇÃO, INCLUINDO FORNECIMENTO E TRANSPORTE DE TODOS OS MATERIAIS, EXCLUSIVE ESCAVAÇÃO E COMPACTAÇÃO)","U",10888.25]
[null,"RO-43343","-","BUEIRO SIMPLES CELULAR DE CONCRETO PADRÃO DER/MG. PARA ALTURA DE ATERRO DE 0 A 5,00 M. BSCC (3,00 X 3,50)M - CORPO (EXECUÇÃO, INCLUINDO FORNECIMENTO E TRANSPORTE DE TODOS OS MATERIAIS, EXCLUSIVE ESCAVAÇÃO E COMPACTAÇÃO)","M",6271.81]
[null,"RO-40412","-","BUEIRO SIMPLES CELULAR DE CONCRETO PADRÃO DER/MG. PARA ALTURA DE ATERRO DE 0 A 5,00 M. BSCC (3,00 X 3,50)M - BOCA (EXECUÇÃO, INCLUINDO FORNECIMENTO E TRANSPORTE DE TODOS OS MATERIAIS, EXCLUSIVE ESCAVAÇÃO E COMPACTAÇÃO)","U",14581.33]
[null,"RO-40375","-","BUEIRO SIMPLES CELULAR DE CONCRETO PADRÃO DER/MG. PARA ALTURA DE ATERRO DE 0 A 5,00 M. BSCC (3,50 X 2,50)M - CORPO (EXECUÇÃO, INCLUINDO FORNECIMENTO E TRANSPORTE DE TODOS OS MATERIAIS, EXCLUSIVE ESCAVAÇÃO E COMPACTAÇÃO)","M",6002.79]
[null,"RO-40414","-","BUEIRO SIMPLES CELULAR DE CONCRETO PADRÃO DER/MG. PARA ALTURA DE ATERRO DE 0 A 5,00 M. BSCC (3,50 X 2,50)M - BOCA (EXECUÇÃO, INCLUINDO FORNECIMENTO E TRANSPORTE DE TODOS OS MATERIAIS, EXCLUSIVE ESCAVAÇÃO E COMPACTAÇÃO)","U",8331.77]
[null,"RO-40376","-","BUEIRO SIMPLES CELULAR DE CONCRETO PADRÃO DER/MG. PARA ALTURA DE ATERRO DE 0 A 5,00 M. BSCC (3,50 X 3,00)M - CORPO (EXECUÇÃO, INCLUINDO FORNECIMENTO E TRANSPORTE DE TODOS OS MATERIAIS, EXCLUSIVE ESCAVAÇÃO E COMPACTAÇÃO)","M",6548.5]
[null,"RO-40415","-","BUEIRO SIMPLES CELULAR DE CONCRETO PADRÃO DER/MG. PARA ALTURA DE ATERRO DE 0 A 5,00 M. BSCC (3,50 X 3,00)M - BOCA (EXECUÇÃO, INCLUINDO FORNECIMENTO E TRANSPORTE DE TODOS OS MATERIAIS, EXCLUSIVE ESCAVAÇÃO E COMPACTAÇÃO)","U",11506.47]
[null,"RO-40388","-","BUEIRO SIMPLES CELULAR DE CONCRETO PADRÃO DER/MG. PARA ALTURA DE ATERRO DE 0 A 5,00 M. BSCC (3,50 X 3,50)M - CORPO (EXECUÇÃO, INCLUINDO FORNECIMENTO E TRANSPORTE DE TODOS OS MATERIAIS, EXCLUSIVE ESCAVAÇÃO E COMPACTAÇÃO)","M",7158.72]
[null,"RO-40416","-","BUEIRO SIMPLES CELULAR DE CONCRETO PADRÃO DER/MG. PARA ALTURA DE ATERRO DE 0 A 5,00 M. BSCC (3,50 X 3,50)M - BOCA (EXECUÇÃO, INCLUINDO FORNECIMENTO E TRANSPORTE DE TODOS OS MATERIAIS, EXCLUSIVE ESCAVAÇÃO E COMPACTAÇÃO)","U",15308.99]
[null,"RO-40389","-","BUEIRO SIMPLES CELULAR DE CONCRETO PADRÃO DER/MG. PARA ALTURA DE ATERRO DE 0 A 5,00 M. BSCC (3,50 X 4,00)M - CORPO (EXECUÇÃO, INCLUINDO FORNECIMENTO E TRANSPORTE DE TODOS OS MATERIAIS, EXCLUSIVE ESCAVAÇÃO E COMPACTAÇÃO)","M",7932.81]
[null,"RO-40417","-","BUEIRO SIMPLES CELULAR DE CONCRETO PADRÃO DER/MG. PARA ALTURA DE ATERRO DE 0 A 5,00 M. BSCC (3,50 X 4,00)M - BOCA (EXECUÇÃO, INCLUINDO FORNECIMENTO E TRANSPORTE DE TODOS OS MATERIAIS, EXCLUSIVE ESCAVAÇÃO E COMPACTAÇÃO)","U",20086.18]
[null,"RO-40429","-","BUEIRO DUPLO CELULAR DE CONCRETO PADRÃO DER/MG. PARA ALTURA DE ATERRO DE 0 A 5,00 M. BDCC (1,00 X 1,00)M - CORPO (EXECUÇÃO, INCLUINDO FORNECIMENTO E TRANSPORTE DE TODOS OS MATERIAIS, EXCLUSIVE ESCAVAÇÃO E COMPACTAÇÃO)","M",1875.06]
[null,"RO-40453","-","BUEIRO DUPLO CELULAR DE CONCRETO PADRÃO DER/MG. PARA ALTURA DE ATERRO DE 0 A 5,00 M. BDCC (1,00 X 1,00)M - BOCA (EXECUÇÃO, INCLUINDO FORNECIMENTO E TRANSPORTE DE TODOS OS MATERIAIS, EXCLUSIVE ESCAVAÇÃO E COMPACTAÇÃO)","U",1188.2]
[null,"RO-40431","-","BUEIRO DUPLO CELULAR DE CONCRETO PADRÃO DER/MG. PARA ALTURA DE ATERRO DE 0 A 5,00 M. BDCC (1,50 X 2,00)M - CORPO (EXECUÇÃO, INCLUINDO FORNECIMENTO E TRANSPORTE DE TODOS OS MATERIAIS, EXCLUSIVE ESCAVAÇÃO E COMPACTAÇÃO)","M",3814.24]
[null,"RO-40455","-","BUEIRO DUPLO CELULAR DE CONCRETO PADRÃO DER/MG. PARA ALTURA DE ATERRO DE 0 A 5,00 M. BDCC (1,50 X 2,00)M - BOCA (EXECUÇÃO, INCLUINDO FORNECIMENTO E TRANSPORTE DE TODOS OS MATERIAIS, EXCLUSIVE ESCAVAÇÃO E COMPACTAÇÃO)","U",4190.38]
[null,"RO-40432","-","BUEIRO DUPLO CELULAR DE CONCRETO PADRÃO DER/MG. PARA ALTURA DE ATERRO DE 0 A 5,00 M. BDCC (2,00 X 1,50)M - CORPO (EXECUÇÃO, INCLUINDO FORNECIMENTO E TRANSPORTE DE TODOS OS MATERIAIS, EXCLUSIVE ESCAVAÇÃO E COMPACTAÇÃO)","M",4296.38]
[null,"RO-40456","-","BUEIRO DUPLO CELULAR DE CONCRETO PADRÃO DER/MG. PARA ALTURA DE ATERRO DE 0 A 5,00 M. BDCC (2,00 X 1,50)M - BOCA (EXECUÇÃO, INCLUINDO FORNECIMENTO E TRANSPORTE DE TODOS OS MATERIAIS, EXCLUSIVE ESCAVAÇÃO E COMPACTAÇÃO)","U",2841.63]
[null,"RO-40433","-","BUEIRO DUPLO CELULAR DE CONCRETO PADRÃO DER/MG. PARA ALTURA DE ATERRO DE 0 A 5,00 M. BDCC (2,00 X 2,00)M - CORPO (EXECUÇÃO, INCLUINDO FORNECIMENTO E TRANSPORTE DE TODOS OS MATERIAIS, EXCLUSIVE ESCAVAÇÃO E COMPACTAÇÃO)","M",4932.68]
[null,"RO-40457","-","BUEIRO DUPLO CELULAR DE CONCRETO PADRÃO DER/MG. PARA ALTURA DE ATERRO DE 0 A 5,00 M. BDCC (2,00 X 2,00)M - BOCA (EXECUÇÃO, INCLUINDO FORNECIMENTO E TRANSPORTE DE TODOS OS MATERIAIS, EXCLUSIVE ESCAVAÇÃO E COMPACTAÇÃO)","U",4602.5200000000004]
[null,"RO-40434","-","BUEIRO DUPLO CELULAR DE CONCRETO PADRÃO DER/MG. PARA ALTURA DE ATERRO DE 0 A 5,00 M. BDCC (2,00 X 2,50)M - CORPO (EXECUÇÃO, INCLUINDO FORNECIMENTO E TRANSPORTE DE TODOS OS MATERIAIS, EXCLUSIVE ESCAVAÇÃO E COMPACTAÇÃO)","M",5626.17]
[null,"RO-40458","-","BUEIRO DUPLO CELULAR DE CONCRETO PADRÃO DER/MG. PARA ALTURA DE ATERRO DE 0 A 5,00 M. BDCC (2,00 X 2,50)M - BOCA (EXECUÇÃO, INCLUINDO FORNECIMENTO E TRANSPORTE DE TODOS OS MATERIAIS, EXCLUSIVE ESCAVAÇÃO E COMPACTAÇÃO)","U",6822.58]
[null,"RO-40435","-","BUEIRO DUPLO CELULAR DE CONCRETO PADRÃO DER/MG. PARA ALTURA DE ATERRO DE 0 A 5,00 M. BDCC (2,00 X 3,00)M - CORPO (EXECUÇÃO, INCLUINDO FORNECIMENTO E TRANSPORTE DE TODOS OS MATERIAIS, EXCLUSIVE ESCAVAÇÃO E COMPACTAÇÃO)","M",6426.24]
[null,"RO-40459","-","BUEIRO DUPLO CELULAR DE CONCRETO PADRÃO DER/MG. PARA ALTURA DE ATERRO DE 0 A 5,00 M. BDCC (2,00 X 3,00)M - BOCA (EXECUÇÃO, INCLUINDO FORNECIMENTO E TRANSPORTE DE TODOS OS MATERIAIS, EXCLUSIVE ESCAVAÇÃO E COMPACTAÇÃO)","U",9718.27]
[null,"RO-40436","-","BUEIRO DUPLO CELULAR DE CONCRETO PADRÃO DER/MG. PARA ALTURA DE ATERRO DE 0 A 5,00 M. BDCC (2,50 X 1,50)M - CORPO (EXECUÇÃO, INCLUINDO FORNECIMENTO E TRANSPORTE DE TODOS OS MATERIAIS, EXCLUSIVE ESCAVAÇÃO E COMPACTAÇÃO)","M",5490.74]
[null,"RO-40460","-","BUEIRO DUPLO CELULAR DE CONCRETO PADRÃO DER/MG. PARA ALTURA DE ATERRO DE 0 A 5,00 M. BDCC (2,50 X 1,50)M - BOCA (EXECUÇÃO, INCLUINDO FORNECIMENTO E TRANSPORTE DE TODOS OS MATERIAIS, EXCLUSIVE ESCAVAÇÃO E COMPACTAÇÃO)","U",3153.97]
[null,"RO-40437","-","BUEIRO DUPLO CELULAR DE CONCRETO PADRÃO DER/MG. PARA ALTURA DE ATERRO DE 0 A 5,00 M. BDCC (2,50 X 2,00)M - CORPO (EXECUÇÃO, INCLUINDO FORNECIMENTO E TRANSPORTE DE TODOS OS MATERIAIS, EXCLUSIVE ESCAVAÇÃO E COMPACTAÇÃO)","M",6101.23]
[null,"RO-40461","-","BUEIRO DUPLO CELULAR DE CONCRETO PADRÃO DER/MG. PARA ALTURA DE ATERRO DE 0 A 5,00 M. BDCC (2,50 X 2,00)M - BOCA (EXECUÇÃO, INCLUINDO FORNECIMENTO E TRANSPORTE DE TODOS OS MATERIAIS, EXCLUSIVE ESCAVAÇÃO E COMPACTAÇÃO)","U",4939.9799999999996]
[null,"RO-40438","-","BUEIRO DUPLO CELULAR DE CONCRETO PADRÃO DER/MG. PARA ALTURA DE ATERRO DE 0 A 5,00 M. BDCC (2,50 X 2,50)M - CORPO (EXECUÇÃO, INCLUINDO FORNECIMENTO E TRANSPORTE DE TODOS OS MATERIAIS, EXCLUSIVE ESCAVAÇÃO E COMPACTAÇÃO)","M",6840.48]
[null,"RO-40462","-","BUEIRO DUPLO CELULAR DE CONCRETO PADRÃO DER/MG. PARA ALTURA DE ATERRO DE 0 A 5,00 M. BDCC (2,50 X 2,50)M - BOCA (EXECUÇÃO, INCLUINDO FORNECIMENTO E TRANSPORTE DE TODOS OS MATERIAIS, EXCLUSIVE ESCAVAÇÃO E COMPACTAÇÃO)","U",7370.77]
[null,"RO-40439","-","BUEIRO DUPLO CELULAR DE CONCRETO PADRÃO DER/MG. PARA ALTURA DE ATERRO DE 0 A 5,00 M. BDCC (2,50 X 3,00)M - CORPO (EXECUÇÃO, INCLUINDO FORNECIMENTO E TRANSPORTE DE TODOS OS MATERIAIS, EXCLUSIVE ESCAVAÇÃO E COMPACTAÇÃO)","M",7582.17]
[null,"RO-40463","-","BUEIRO DUPLO CELULAR DE CONCRETO PADRÃO DER/MG. PARA ALTURA DE ATERRO DE 0 A 5,00 M. BDCC (2,50 X 3,00)M - BOCA (EXECUÇÃO, INCLUINDO FORNECIMENTO E TRANSPORTE DE TODOS OS MATERIAIS, EXCLUSIVE ESCAVAÇÃO E COMPACTAÇÃO)","U",10307.799999999999]
[null,"RO-40440","-","BUEIRO DUPLO CELULAR DE CONCRETO PADRÃO DER/MG. PARA ALTURA DE ATERRO DE 0 A 5,00 M. BDCC (3,00 X 2,00)M - CORPO (EXECUÇÃO, INCLUINDO FORNECIMENTO E TRANSPORTE DE TODOS OS MATERIAIS, EXCLUSIVE ESCAVAÇÃO E COMPACTAÇÃO)","M",7520.44]
[null,"RO-40464","-","BUEIRO DUPLO CELULAR DE CONCRETO PADRÃO DER/MG. PARA ALTURA DE ATERRO DE 0 A 5,00 M. BDCC (3,00 X 2,00)M - BOCA (EXECUÇÃO, INCLUINDO FORNECIMENTO E TRANSPORTE DE TODOS OS MATERIAIS, EXCLUSIVE ESCAVAÇÃO E COMPACTAÇÃO)","U",5402.54]
[null,"RO-40441","-","BUEIRO DUPLO CELULAR DE CONCRETO PADRÃO DER/MG. PARA ALTURA DE ATERRO DE 0 A 5,00 M. BDCC (3,00 X 2,50)M - CORPO (EXECUÇÃO, INCLUINDO FORNECIMENTO E TRANSPORTE DE TODOS OS MATERIAIS, EXCLUSIVE ESCAVAÇÃO E COMPACTAÇÃO)","M",8166.89]
[null,"RO-40465","-","BUEIRO DUPLO CELULAR DE CONCRETO PADRÃO DER/MG. PARA ALTURA DE ATERRO DE 0 A 5,00 M. BDCC (3,00 X 2,50)M - BOCA (EXECUÇÃO, INCLUINDO FORNECIMENTO E TRANSPORTE DE TODOS OS MATERIAIS, EXCLUSIVE ESCAVAÇÃO E COMPACTAÇÃO)","U",7852.85]
[null,"RO-40442","-","BUEIRO DUPLO CELULAR DE CONCRETO PADRÃO DER/MG. PARA ALTURA DE ATERRO DE 0 A 5,00 M. BDCC (3,00 X 3,00)M - CORPO (EXECUÇÃO, INCLUINDO FORNECIMENTO E TRANSPORTE DE TODOS OS MATERIAIS, EXCLUSIVE ESCAVAÇÃO E COMPACTAÇÃO)","M",8903.33]
[null,"RO-40466","-","BUEIRO DUPLO CELULAR DE CONCRETO PADRÃO DER/MG. PARA ALTURA DE ATERRO DE 0 A 5,00 M. BDCC (3,00 X 3,00)M - BOCA (EXECUÇÃO, INCLUINDO FORNECIMENTO E TRANSPORTE DE TODOS OS MATERIAIS, EXCLUSIVE ESCAVAÇÃO E COMPACTAÇÃO)","U",10888.25]
[null,"RO-40443","-","BUEIRO DUPLO CELULAR DE CONCRETO PADRÃO DER/MG. PARA ALTURA DE ATERRO DE 0 A 5,00 M. BDCC (3,00 X 3,50)M - CORPO (EXECUÇÃO, INCLUINDO FORNECIMENTO E TRANSPORTE DE TODOS OS MATERIAIS, EXCLUSIVE ESCAVAÇÃO E COMPACTAÇÃO)","M",9748.3700000000008]
[null,"RO-40467","-","BUEIRO DUPLO CELULAR DE CONCRETO PADRÃO DER/MG. PARA ALTURA DE ATERRO DE 0 A 5,00 M. BDCC (3,00 X 3,50)M - BOCA (EXECUÇÃO, INCLUINDO FORNECIMENTO E TRANSPORTE DE TODOS OS MATERIAIS, EXCLUSIVE ESCAVAÇÃO E COMPACTAÇÃO)","U",14581.33]
[null,"RO-40444","-","BUEIRO DUPLO CELULAR DE CONCRETO PADRÃO DER/MG. PARA ALTURA DE ATERRO DE 0 A 5,00 M. BDCC (3,50 X 3,00)M - CORPO (EXECUÇÃO, INCLUINDO FORNECIMENTO E TRANSPORTE DE TODOS OS MATERIAIS, EXCLUSIVE ESCAVAÇÃO E COMPACTAÇÃO)","M",10398.16]
[null,"RO-40469","-","BUEIRO DUPLO CELULAR DE CONCRETO PADRÃO DER/MG. PARA ALTURA DE ATERRO DE 0 A 5,00 M. BDCC (3,50 X 3,00)M - BOCA (EXECUÇÃO, INCLUINDO FORNECIMENTO E TRANSPORTE DE TODOS OS MATERIAIS, EXCLUSIVE ESCAVAÇÃO E COMPACTAÇÃO)","U",11506.47]
[null,"RO-40445","-","BUEIRO DUPLO CELULAR DE CONCRETO PADRÃO DER/MG. PARA ALTURA DE ATERRO DE 0 A 5,00 M. BDCC (3,50 X 3,50)M - CORPO (EXECUÇÃO, INCLUINDO FORNECIMENTO E TRANSPORTE DE TODOS OS MATERIAIS, EXCLUSIVE ESCAVAÇÃO E COMPACTAÇÃO)","M",11211.99]
[null,"RO-41798","-","BUEIRO DUPLO CELULAR DE CONCRETO PADRÃO DER/MG. PARA ALTURA DE ATERRO DE 0 A 5,00 M. BDCC (3,50 X 3,50)M - BOCA (EXECUÇÃO, INCLUINDO FORNECIMENTO E TRANSPORTE DE TODOS OS MATERIAIS, EXCLUSIVE ESCAVAÇÃO E COMPACTAÇÃO)","U",15308.99]
[null,"RO-40447","-","BUEIRO DUPLO CELULAR DE CONCRETO PADRÃO DER/MG. PARA ALTURA DE ATERRO DE 0 A 5,00 M. BDCC (4,00 X 4,00)M - CORPO (EXECUÇÃO, INCLUINDO FORNECIMENTO E TRANSPORTE DE TODOS OS MATERIAIS, EXCLUSIVE ESCAVAÇÃO E COMPACTAÇÃO)","M",13861.85]
[null,"RO-40471","-","BUEIRO DUPLO CELULAR DE CONCRETO PADRÃO DER/MG. PARA ALTURA DE ATERRO DE 0 A 5,00 M. BDCC (4,00 X 4,00)M - BOCA (EXECUÇÃO, INCLUINDO FORNECIMENTO E TRANSPORTE DE TODOS OS MATERIAIS, EXCLUSIVE ESCAVAÇÃO E COMPACTAÇÃO)","U",20580.87]
[null,"RO-40483","-","BUEIRO TRIPLO CELULAR DE CONCRETO PADRÃO DER/MG. PARA ALTURA DE ATERRO DE 0 A 5,00 M.  BTCC (2,00 X 2,00)M - CORPO (EXECUÇÃO, INCLUINDO FORNECIMENTO E TRANSPORTE DE TODOS OS MATERIAIS, EXCLUSIVE ESCAVAÇÃO E COMPACTAÇÃO)","M",6914.37]
[null,"RO-40504","-","BUEIRO TRIPLO CELULAR DE CONCRETO PADRÃO DER/MG. PARA ALTURA DE ATERRO DE 0 A 5,00 M.  BTCC (2,00 X 2,00)M - BOCA (EXECUÇÃO, INCLUINDO FORNECIMENTO E TRANSPORTE DE TODOS OS MATERIAIS, EXCLUSIVE ESCAVAÇÃO E COMPACTAÇÃO)","U",4602.5200000000004]
[null,"RO-42271","-","BUEIRO TRIPLO CELULAR DE CONCRETO PADRÃO DER/MG. PARA ALTURA DE ATERRO DE 0 A 5,00 M.  BTCC (2,50 X 1,50)M - CORPO (EXECUÇÃO, INCLUINDO FORNECIMENTO E TRANSPORTE DE TODOS OS MATERIAIS, EXCLUSIVE ESCAVAÇÃO E COMPACTAÇÃO)","M",7864.41]
[null,"RO-42272","-","BUEIRO TRIPLO CELULAR DE CONCRETO PADRÃO DER/MG. PARA ALTURA DE ATERRO DE 0 A 5,00 M.  BTCC (2,50 X 1,50)M - BOCA (EXECUÇÃO, INCLUINDO FORNECIMENTO E TRANSPORTE DE TODOS OS MATERIAIS, EXCLUSIVE ESCAVAÇÃO E COMPACTAÇÃO)","U",3153.97]
[null,"RO-40494","-","BUEIRO TRIPLO CELULAR DE CONCRETO PADRÃO DER/MG. PARA ALTURA DE ATERRO DE 0 A 5,00 M.  BTCC (2,50 X 2,50)M - CORPO (EXECUÇÃO, INCLUINDO FORNECIMENTO E TRANSPORTE DE TODOS OS MATERIAIS, EXCLUSIVE ESCAVAÇÃO E COMPACTAÇÃO)","M",9569.17]
[null,"RO-40505","-","BUEIRO TRIPLO CELULAR DE CONCRETO PADRÃO DER/MG. PARA ALTURA DE ATERRO DE 0 A 5,00 M.  BTCC (2,50 X 2,50)M - BOCA (EXECUÇÃO, INCLUINDO FORNECIMENTO E TRANSPORTE DE TODOS OS MATERIAIS, EXCLUSIVE ESCAVAÇÃO E COMPACTAÇÃO)","U",7370.77]
[null,"RO-41799","-","BUEIRO TRIPLO CELULAR DE CONCRETO PADRÃO DER/MG. PARA ALTURA DE ATERRO DE 0 A 5,00 M.  BTCC (3,00 X2,00)M - CORPO (EXECUÇÃO, INCLUINDO FORNECIMENTO E TRANSPORTE DE TODOS OS MATERIAIS, EXCLUSIVE ESCAVAÇÃO E COMPACTAÇÃO)","M",10692.62]
[null,"RO-44766","-","BUEIRO TRIPLO CELULAR DE CONCRETO PADRÃO DER/MG PARA ALTURA DE ATERRO DE 0 A 5,00M. BTCC (3,00 X 2,00)M - BOCA (EXECUÇÃO, INCLUINDO FORNECIMENTO E TRANSPORTE DE TODOS OS MATERIAIS, EXCLUSIVE ESCAVAÇÃO E COMPACTAÇÃO)","U",5402.54]
[null,"RO-40485","-","BUEIRO TRIPLO CELULAR DE CONCRETO PADRÃO DER/MG. PARA ALTURA DE ATERRO DE 0 A 5,00 M.  BTCC (3,00 X 2,50)M - CORPO (EXECUÇÃO, INCLUINDO FORNECIMENTO E TRANSPORTE DE TODOS OS MATERIAIS, EXCLUSIVE ESCAVAÇÃO E COMPACTAÇÃO)","M",11505.95]
[null,"RO-40496","-","BUEIRO TRIPLO CELULAR DE CONCRETO PADRÃO DER/MG. PARA ALTURA DE ATERRO DE 0 A 5,00 M.  BTCC (3,00 X 2,50)M - BOCA (EXECUÇÃO, INCLUINDO FORNECIMENTO E TRANSPORTE DE TODOS OS MATERIAIS, EXCLUSIVE ESCAVAÇÃO E COMPACTAÇÃO)","U",7852.85]
[null,"RO-40486","-","BUEIRO TRIPLO CELULAR DE CONCRETO PADRÃO DER/MG. PARA ALTURA DE ATERRO DE 0 A 5,00 M.  BTCC (3,00 X 3,00)M - CORPO (EXECUÇÃO, INCLUINDO FORNECIMENTO E TRANSPORTE DE TODOS OS MATERIAIS, EXCLUSIVE ESCAVAÇÃO E COMPACTAÇÃO)","M",12420.77]
[null,"RO-40497","-","BUEIRO TRIPLO CELULAR DE CONCRETO PADRÃO DER/MG. PARA ALTURA DE ATERRO DE 0 A 5,00 M.  BTCC (3,00 X 3,00 M - BOCA (EXECUÇÃO, INCLUINDO FORNECIMENTO E TRANSPORTE DE TODOS OS MATERIAIS, EXCLUSIVE ESCAVAÇÃO E COMPACTAÇÃO)","U",10888.25]
[null,"RO-40487","-","BUEIRO TRIPLO CELULAR DE CONCRETO PADRÃO DER/MG. PARA ALTURA DE ATERRO DE 0 A 5,00 M.  BTCC (3,00 X 3,50)M - CORPO (EXECUÇÃO, INCLUINDO FORNECIMENTO E TRANSPORTE DE TODOS OS MATERIAIS, EXCLUSIVE ESCAVAÇÃO E COMPACTAÇÃO)","M",13481.68]
[null,"RO-40498","-","BUEIRO TRIPLO CELULAR DE CONCRETO PADRÃO DER/MG. PARA ALTURA DE ATERRO DE 0 A 5,00 M.  BTCC (3,00 X 3,50)M - BOCA (EXECUÇÃO, INCLUINDO FORNECIMENTO E TRANSPORTE DE TODOS OS MATERIAIS, EXCLUSIVE ESCAVAÇÃO E COMPACTAÇÃO)","U",14581.33]
[null,"RO-40492","-","BUEIRO TRIPLO CELULAR DE CONCRETO PADRÃO DER/MG. PARA ALTURA DE ATERRO DE 0 A 5,00 M.  BTCC (3,50 X 3,50)M - CORPO (EXECUÇÃO, INCLUINDO FORNECIMENTO E TRANSPORTE DE TODOS OS MATERIAIS, EXCLUSIVE ESCAVAÇÃO E COMPACTAÇÃO)","M",15605.18]
[null,"RO-40507","-","BUEIRO TRIPLO CELULAR DE CONCRETO PADRÃO DER/MG. PARA ALTURA DE ATERRO DE 0 A 5,00 M.  BTCC (3,50 X 3,50)M - BOCA (EXECUÇÃO, INCLUINDO FORNECIMENTO E TRANSPORTE DE TODOS OS MATERIAIS, EXCLUSIVE ESCAVAÇÃO E COMPACTAÇÃO)","U",15308.99]
[null,"RO-40500","-","BUEIRO TRIPLO CELULAR DE CONCRETO PADRÃO DER/MG. PARA ALTURA DE ATERRO DE 0 A 5,00 M.  BTCC (4,00 X 4,00)M - CORPO (EXECUÇÃO, INCLUINDO FORNECIMENTO E TRANSPORTE DE TODOS OS MATERIAIS, EXCLUSIVE ESCAVAÇÃO E COMPACTAÇÃO)","M",21788.28]
[null,"RO-40509","-","BUEIRO TRIPLO CELULAR DE CONCRETO PADRÃO DER/MG. PARA ALTURA DE ATERRO DE 0 A 5,00 M. BTCC (4,00 X 4,00)M - BOCA (EXECUÇÃO, INCLUINDO FORNECIMENTO E TRANSPORTE DE TODOS OS MATERIAIS, EXCLUSIVE ESCAVAÇÃO E COMPACTAÇÃO)","U",20580.87]
[null,"RO-40377","-","BUEIRO SIMPLES CELULAR DE CONCRETO PADRÃO DER/MG.  PARA ALTURA DE ATERRO DE 5,10 A 10,00 M. BSCC (1,50 X 1,50)M - CORPO (EXECUÇÃO, INCLUINDO FORNECIMENTO E TRANSPORTE DE TODOS OS MATERIAIS, EXCLUSIVE ESCAVAÇÃO E COMPACTAÇÃO)","M",2529.83]
[null,"RO-40418","-","BUEIRO SIMPLES CELULAR DE CONCRETO PADRÃO DER/MG.  PARA ALTURA DE ATERRO DE 5,10 A 10,00 M. BSCC (1,50 X 1,50)M - BOCA (EXECUÇÃO, INCLUINDO FORNECIMENTO E TRANSPORTE DE TODOS OS MATERIAIS, EXCLUSIVE ESCAVAÇÃO E COMPACTAÇÃO)","U",2970.6]
[null,"RO-40378","-","BUEIRO SIMPLES CELULAR DE CONCRETO PADRÃO DER/MG.  PARA ALTURA DE ATERRO DE 5,10 A 10,00 M. BSCC (2,00 X 1,50)M - CORPO (EXECUÇÃO, INCLUINDO FORNECIMENTO E TRANSPORTE DE TODOS OS MATERIAIS, EXCLUSIVE ESCAVAÇÃO E COMPACTAÇÃO)","M",3381.78]
[null,"RO-40419","-","BUEIRO SIMPLES CELULAR DE CONCRETO PADRÃO DER/MG.  PARA ALTURA DE ATERRO DE 5,10 A 10,00 M. BSCC (2,00 X 1,50)M - BOCA (EXECUÇÃO, INCLUINDO FORNECIMENTO E TRANSPORTE DE TODOS OS MATERIAIS, EXCLUSIVE ESCAVAÇÃO E COMPACTAÇÃO)","U",3491.8]
[null,"RO-40379","-","BUEIRO SIMPLES CELULAR DE CONCRETO PADRÃO DER/MG.  PARA ALTURA DE ATERRO DE 5,10 A 10,00 M. BSCC (2,00 X 2,00)M - CORPO (EXECUÇÃO, INCLUINDO FORNECIMENTO E TRANSPORTE DE TODOS OS MATERIAIS, EXCLUSIVE ESCAVAÇÃO E COMPACTAÇÃO)","M",3920.85]
[null,"RO-40420","-","BUEIRO SIMPLES CELULAR DE CONCRETO PADRÃO DER/MG.  PARA ALTURA DE ATERRO DE 5,10 A 10,00 M. BSCC (2,00 X 2,00)M - BOCA (EXECUÇÃO, INCLUINDO FORNECIMENTO E TRANSPORTE DE TODOS OS MATERIAIS, EXCLUSIVE ESCAVAÇÃO E COMPACTAÇÃO)","U",5490.59]
[null,"RO-40380","-","BUEIRO SIMPLES CELULAR DE CONCRETO PADRÃO DER/MG.  PARA ALTURA DE ATERRO DE 5,10 A 10,00 M. BSCC (2,00 X 2,50)M - CORPO (EXECUÇÃO, INCLUINDO FORNECIMENTO E TRANSPORTE DE TODOS OS MATERIAIS, EXCLUSIVE ESCAVAÇÃO E COMPACTAÇÃO)","M",4501.08]
[null,"RO-40421","-","BUEIRO SIMPLES CELULAR DE CONCRETO PADRÃO DER/MG.  PARA ALTURA DE ATERRO DE 5,10 A 10,00 M. BSCC (2,00 X 2,50)M - BOCA (EXECUÇÃO, INCLUINDO FORNECIMENTO E TRANSPORTE DE TODOS OS MATERIAIS, EXCLUSIVE ESCAVAÇÃO E COMPACTAÇÃO)","U",8096.09]
[null,"RO-40381","-","BUEIRO SIMPLES CELULAR DE CONCRETO PADRÃO DER/MG.  PARA ALTURA DE ATERRO DE 5,10 A 10,00 M. BSCC (2,00 X 3,00)M - CORPO (EXECUÇÃO, INCLUINDO FORNECIMENTO E TRANSPORTE DE TODOS OS MATERIAIS, EXCLUSIVE ESCAVAÇÃO E COMPACTAÇÃO)","M",5158.8900000000003]
[null,"RO-40422","-","BUEIRO SIMPLES CELULAR DE CONCRETO PADRÃO DER/MG.  PARA ALTURA DE ATERRO DE 5,10 A 10,00 M. BSCC (2,00 X 3,00)M - BOCA (EXECUÇÃO, INCLUINDO FORNECIMENTO E TRANSPORTE DE TODOS OS MATERIAIS, EXCLUSIVE ESCAVAÇÃO E COMPACTAÇÃO)","U",11314.84]
[null,"RO-40382","-","BUEIRO SIMPLES CELULAR DE CONCRETO PADRÃO DER/MG.  PARA ALTURA DE ATERRO DE 5,10 A 10,00 M. BSCC (2,50 X 2,00)M - CORPO (EXECUÇÃO, INCLUINDO FORNECIMENTO E TRANSPORTE DE TODOS OS MATERIAIS, EXCLUSIVE ESCAVAÇÃO E COMPACTAÇÃO)","M",4911.3100000000004]
[null,"RO-40423","-","BUEIRO SIMPLES CELULAR DE CONCRETO PADRÃO DER/MG.  PARA ALTURA DE ATERRO DE 5,10 A 10,00 M. BSCC (2,50 X 2,00)M - BOCA (EXECUÇÃO, INCLUINDO FORNECIMENTO E TRANSPORTE DE TODOS OS MATERIAIS, EXCLUSIVE ESCAVAÇÃO E COMPACTAÇÃO)","U",6182.77]
[null,"RO-40383","-","BUEIRO SIMPLES CELULAR DE CONCRETO PADRÃO DER/MG.  PARA ALTURA DE ATERRO DE 5,10 A 10,00 M. BSCC (2,50 X 2,50)M - CORPO (EXECUÇÃO, INCLUINDO FORNECIMENTO E TRANSPORTE DE TODOS OS MATERIAIS, EXCLUSIVE ESCAVAÇÃO E COMPACTAÇÃO)","M",5538.96]
[null,"RO-40424","-","BUEIRO SIMPLES CELULAR DE CONCRETO PADRÃO DER/MG.PARA ALTURA DE ATERRO DE 5,10 A 10,00 M.BSCC (2,50 X 2,50)M - BOCA (EXECUÇÃO, INCLUINDO FORNECIMENTO E TRANSPORTE DE TODOS OS MATERIAIS, EXCLUSIVE ESCAVAÇÃO E COMPACTAÇÃO)","U",8980.64]
[null,"RO-40384","-","BUEIRO SIMPLES CELULAR DE CONCRETO PADRÃO DER/MG.  PARA ALTURA DE ATERRO DE 5,10 A 10,00 M. BSCC (3,00 X 2,50)M - CORPO (EXECUÇÃO, INCLUINDO FORNECIMENTO E TRANSPORTE DE TODOS OS MATERIAIS, EXCLUSIVE ESCAVAÇÃO E COMPACTAÇÃO)","M",6711.32]
[null,"RO-40425","-","BUEIRO SIMPLES CELULAR DE CONCRETO PADRÃO DER/MG.  PARA ALTURA DE ATERRO DE 5,10 A 10,00 M. BSCC (3,00 X 2,50)M - BOCA (EXECUÇÃO, INCLUINDO FORNECIMENTO E TRANSPORTE DE TODOS OS MATERIAIS, EXCLUSIVE ESCAVAÇÃO E COMPACTAÇÃO)","U",9759.43]
[null,"RO-40385","-","BUEIRO SIMPLES CELULAR DE CONCRETO PADRÃO DER/MG.  PARA ALTURA DE ATERRO DE 5,10 A 10,00 M. BSCC (3,00 X 3,00)M - CORPO (EXECUÇÃO, INCLUINDO FORNECIMENTO E TRANSPORTE DE TODOS OS MATERIAIS, EXCLUSIVE ESCAVAÇÃO E COMPACTAÇÃO)","M",7425.64]
[null,"RO-40426","-","BUEIRO SIMPLES CELULAR DE CONCRETO PADRÃO DER/MG.  PARA ALTURA DE ATERRO DE 5,10 A 10,00 M. BSCC (3,00 X 3,00)M - BOCA (EXECUÇÃO, INCLUINDO FORNECIMENTO E TRANSPORTE DE TODOS OS MATERIAIS, EXCLUSIVE ESCAVAÇÃO E COMPACTAÇÃO)","U",13453.8]
[null,"RO-40448","-","BUEIRO DUPLO CELULAR DE CONCRETO PADRÃO DER/MG.  PARA ALTURA DE ATERRO DE 5,10 A 10,00 M. BDCC (2,50 X 2,00)M - CORPO (EXECUÇÃO, INCLUINDO FORNECIMENTO E TRANSPORTE DE TODOS OS MATERIAIS, EXCLUSIVE ESCAVAÇÃO E COMPACTAÇÃO)","M",7847.91]
[null,"RO-40472","-","BUEIRO DUPLO CELULAR DE CONCRETO PADRÃO DER/MG.  PARA ALTURA DE ATERRO DE 5,10 A 10,00 M. BDCC (2,50 X 2,00)M - BOCA (EXECUÇÃO, INCLUINDO FORNECIMENTO E TRANSPORTE DE TODOS OS MATERIAIS, EXCLUSIVE ESCAVAÇÃO E COMPACTAÇÃO)","U",6182.77]
[null,"RO-40450","-","BUEIRO DUPLO CELULAR DE CONCRETO PADRÃO DER/MG.  PARA ALTURA DE ATERRO DE 5,10 A 10,00 M. BDCC (3,00 X 2,00)M - CORPO (EXECUÇÃO, INCLUINDO FORNECIMENTO E TRANSPORTE DE TODOS OS MATERIAIS, EXCLUSIVE ESCAVAÇÃO E COMPACTAÇÃO)","M",9819.23]
[null,"RO-40474","-","BUEIRO DUPLO CELULAR DE CONCRETO PADRÃO DER/MG.  PARA ALTURA DE ATERRO DE 5,10 A 10,00 M. BDCC (3,00 X 2,00)M - BOCA (EXECUÇÃO, INCLUINDO FORNECIMENTO E TRANSPORTE DE TODOS OS MATERIAIS, EXCLUSIVE ESCAVAÇÃO E COMPACTAÇÃO)","U",6918.15]
[null,"RO-40451","-","BUEIRO DUPLO CELULAR DE CONCRETO PADRÃO DER/MG.  PARA ALTURA DE ATERRO DE 5,10 A 10,00 M. BDCC (3,00 X 3,00)M - CORPO (EXECUÇÃO, INCLUINDO FORNECIMENTO E TRANSPORTE DE TODOS OS MATERIAIS, EXCLUSIVE ESCAVAÇÃO E COMPACTAÇÃO)","M",11577.99]
[null,"RO-40475","-","BUEIRO DUPLO CELULAR DE CONCRETO PADRÃO DER/MG.  PARA ALTURA DE ATERRO DE 5,10 A 10,00 M. BDCC (3,00 X 3,00)M - BOCA (EXECUÇÃO, INCLUINDO FORNECIMENTO E TRANSPORTE DE TODOS OS MATERIAIS, EXCLUSIVE ESCAVAÇÃO E COMPACTAÇÃO)","U",13453.8]
[null,"RO-42820","-","BUEIRO TRIPLO CELULAR DE CONCRETO PADRÃO DER/MG. PARA ALTURA DE ATERRO DE 5,10 A 10,00 M. BTCC (3,50 X 2,50)M - CORPO (EXECUÇÃO, INCLUINDO FORNECIMENTO E TRANSPORTE DE TODOS OS MATERIAIS, EXCLUSIVE ESCAVAÇÃO E COMPACTAÇÃO)","M",18356.02]
[null,"RO-42821","-","BUEIRO TRIPLO CELULAR DE CONCRETO PADRÃO DER/MG. PARA ALTURA DE ATERRO DE 5,10 A 10,00 M. BTCC (3,50 X 2,50)M - BOCA (EXECUÇÃO, INCLUINDO FORNECIMENTO E TRANSPORTE DE TODOS OS MATERIAIS, EXCLUSIVE ESCAVAÇÃO E COMPACTAÇÃO)","U",10771.41]
[null,"RO-40452","-","BUEIRO DUPLO CELULAR DE CONCRETO PADRÃO DER/MG.  PARA ALTURA DE ATERRO DE 5,10 A 10,00 M. BDCC (3,50 X 3,50)M - CORPO (EXECUÇÃO, INCLUINDO FORNECIMENTO E TRANSPORTE DE TODOS OS MATERIAIS, EXCLUSIVE ESCAVAÇÃO E COMPACTAÇÃO)","M",14864.99]
[null,"RO-40476","-","BUEIRO DUPLO CELULAR DE CONCRETO PADRÃO DER/MG.  PARA ALTURA DE ATERRO DE 5,10 A 10,00 M. BDCC (3,50 X 3,50)M - BOCA (EXECUÇÃO, INCLUINDO FORNECIMENTO E TRANSPORTE DE TODOS OS MATERIAIS, EXCLUSIVE ESCAVAÇÃO E COMPACTAÇÃO)","U",19150.47]
[null,"RO-40488","-","BUEIRO TRIPLO CELULAR DE CONCRETO PADRÃO DER/MG.  PARA ALTURA DE ATERRO DE 5,10 A 10,00 M. BTCC (2,00 X 1,50)M - CORPO (EXECUÇÃO, INCLUINDO FORNECIMENTO E TRANSPORTE DE TODOS OS MATERIAIS, EXCLUSIVE ESCAVAÇÃO E COMPACTAÇÃO)","M",7674.18]
[null,"RO-40501","-","BUEIRO TRIPLO CELULAR DE CONCRETO PADRÃO DER/MG.  PARA ALTURA DE ATERRO DE 5,10 A 10,00 M. BTCC (2,00 X 1,50)M - BOCA (EXECUÇÃO, INCLUINDO FORNECIMENTO E TRANSPORTE DE TODOS OS MATERIAIS, EXCLUSIVE ESCAVAÇÃO E COMPACTAÇÃO)","U",3491.8]
[null,"RO-40478","-","BUEIRO TRIPLO CELULAR DE CONCRETO PADRÃO DER/MG.  PARA ALTURA DE ATERRO DE 5,10 A 10,00 M. BTCC (3,50 X 3,50)M - CORPO (EXECUÇÃO, INCLUINDO FORNECIMENTO E TRANSPORTE DE TODOS OS MATERIAIS, EXCLUSIVE ESCAVAÇÃO E COMPACTAÇÃO)","M",20800.53]
[null,"RO-40503","-","BUEIRO TRIPLO CELULAR DE CONCRETO PADRÃO DER/MG.  PARA ALTURA DE ATERRO DE 5,10 A 10,00 M. BTCC (3,50 X 3,50)M - BOCA (EXECUÇÃO, INCLUINDO FORNECIMENTO E TRANSPORTE DE TODOS OS MATERIAIS, EXCLUSIVE ESCAVAÇÃO E COMPACTAÇÃO)","U",19150.47]
[null,"RO-40519","-","VALETA DE PROTEÇÃO DE CORTE, TIPO DR.VP-01., TIPO 75/50 (EXECUÇÃO, INCLUINDO ESCAVAÇÃO)","M",16.2]
[null,"RO-40520","-","VALETA DE PROTEÇÃO DE CORTE, TIPO DR.VP-01., TIPO 75/60 (EXECUÇÃO, INCLUINDO ESCAVAÇÃO)","M",17.440000000000001]
[null,"RO-40521","-","VALETA DE PROTEÇÃO DE CORTE, TIPO DR.VP-01., TIPO 75/70 (EXECUÇÃO, INCLUINDO ESCAVAÇÃO)","M",18.68]
[null,"RO-40522","-","VALETA DE PROTEÇÃO DE CORTE, TIPO DR.VP-01., TIPO 85/60 (EXECUÇÃO, INCLUINDO ESCAVAÇÃO)","M",18.88]
[null,"RO-40523","-","VALETA DE PROTEÇÃO DE CORTE, TIPO DR.VP-01., TIPO 85/70 (EXECUÇÃO, INCLUINDO ESCAVAÇÃO)","M",20.12]
[null,"RO-40524","-","VALETA DE PROTEÇÃO DE CORTE, TIPO DR.VP-01., TIPO 85/80 (EXECUÇÃO, INCLUINDO ESCAVAÇÃO)","M",21.36]
[null,"RO-40525","-","VALETA DE PROTEÇÃO DE CORTE, TIPO DR.VP-01., TIPO 95/70 (EXECUÇÃO, INCLUINDO ESCAVAÇÃO)","M",21.56]
[null,"RO-40526","-","VALETA DE PROTEÇÃO DE CORTE, TIPO DR.VP-01., TIPO 95/80 (EXECUÇÃO, INCLUINDO ESCAVAÇÃO)","M",22.8]
[null,"RO-40527","-","VALETA DE PROTEÇÃO DE CORTE, TIPO DR.VP-01., TIPO 95/90 (EXECUÇÃO, INCLUINDO ESCAVAÇÃO)","M",24.04]
[null,"RO-40529","-","VALETA DE PROTEÇÃO DE CORTE, TIPO DR.VP-01., TIPO 105/80 (EXECUÇÃO, INCLUINDO ESCAVAÇÃO)","M",24.28]
[null,"RO-40530","-","VALETA DE PROTEÇÃO DE CORTE, TIPO DR.VP-01., TIPO 105/90 (EXECUÇÃO, INCLUINDO ESCAVAÇÃO)","M",25.52]
[null,"RO-40528","-","VALETA DE PROTEÇÃO DE CORTE, TIPO DR.VP-01., TIPO 105/100 (EXECUÇÃO, INCLUINDO ESCAVAÇÃO)","M",26.76]
[null,"RO-40532","-","VALETA DE PROTEÇÃO DE CORTE, TIPO DR.VP-01., TIPO 115/80 (EXECUÇÃO, INCLUINDO ESCAVAÇÃO)","M",25.82]
[null,"RO-40533","-","VALETA DE PROTEÇÃO DE CORTE, TIPO DR.VP-01., TIPO 115/90 (EXECUÇÃO, INCLUINDO ESCAVAÇÃO)","M",27.06]
[null,"RO-40531","-","VALETA DE PROTEÇÃO DE CORTE, TIPO DR.VP-01., TIPO 115/100 (EXECUÇÃO, INCLUINDO ESCAVAÇÃO)","M",28.3]
[null,"RO-40535","-","VALETA DE PROTEÇÃO DE CORTE, TIPO DR.VP-01., TIPO 125/90 (EXECUÇÃO, INCLUINDO ESCAVAÇÃO)","M",28.6]
[null,"RO-40534","-","VALETA DE PROTEÇÃO DE CORTE, TIPO DR.VP-01., TIPO 125/100 (EXECUÇÃO, INCLUINDO ESCAVAÇÃO)","M",29.84]
[null,"RO-40536","-","VALETA DE PROTEÇÃO DE CORTE, TIPO DR.VP-02., TIPO 75/50 (EXECUÇÃO, INCLUINDO ESCAVAÇÃO, FORNECIMENTO, TRANSPORTE E PLANTIO DA GRAMA)","M",25.98]
[null,"RO-40537","-","VALETA DE PROTEÇÃO DE CORTE, TIPO DR.VP-02., TIPO 75/60 (EXECUÇÃO, INCLUINDO ESCAVAÇÃO, FORNECIMENTO, TRANSPORTE E PLANTIO DA GRAMA)","M",27.59]
[null,"RO-40538","-","VALETA DE PROTEÇÃO DE CORTE, TIPO DR.VP-02., TIPO 75/70 (EXECUÇÃO, INCLUINDO ESCAVAÇÃO, FORNECIMENTO, TRANSPORTE E PLANTIO DA GRAMA)","M",29.45]
[null,"RO-40539","-","VALETA DE PROTEÇÃO DE CORTE, TIPO DR.VP-02., TIPO 85/60 (EXECUÇÃO, INCLUINDO ESCAVAÇÃO, FORNECIMENTO, TRANSPORTE E PLANTIO DA GRAMA)","M",29.27]
[null,"RO-40540","-","VALETA DE PROTEÇÃO DE CORTE, TIPO DR.VP-02., TIPO 85/70 (EXECUÇÃO, INCLUINDO ESCAVAÇÃO, FORNECIMENTO, TRANSPORTE E PLANTIO DA GRAMA)","M",31.01]
[null,"RO-40541","-","VALETA DE PROTEÇÃO DE CORTE, TIPO DR.VP-02., TIPO 85/80 (EXECUÇÃO, INCLUINDO ESCAVAÇÃO, FORNECIMENTO, TRANSPORTE E PLANTIO DA GRAMA)","M",32.869999999999997]
[null,"RO-40542","-","VALETA DE PROTEÇÃO DE CORTE, TIPO DR.VP-02., TIPO 95/70 (EXECUÇÃO, INCLUINDO ESCAVAÇÃO, FORNECIMENTO, TRANSPORTE E PLANTIO DA GRAMA)","M",32.57]
[null,"RO-40543","-","VALETA DE PROTEÇÃO DE CORTE, TIPO DR.VP-02., TIPO 95/80 (EXECUÇÃO, INCLUINDO ESCAVAÇÃO, FORNECIMENTO, TRANSPORTE E PLANTIO DA GRAMA)","M",34.31]
[null,"RO-40544","-","VALETA DE PROTEÇÃO DE CORTE, TIPO DR.VP-02., TIPO 95/90 (EXECUÇÃO, INCLUINDO ESCAVAÇÃO, FORNECIMENTO, TRANSPORTE E PLANTIO DA GRAMA)","M",36.11]
[null,"RO-40546","-","VALETA DE PROTEÇÃO DE CORTE, TIPO DR.VP-02., TIPO 105/80 (EXECUÇÃO, INCLUINDO ESCAVAÇÃO, FORNECIMENTO, TRANSPORTE E PLANTIO DA GRAMA)","M",35.909999999999997]
[null,"RO-40547","-","VALETA DE PROTEÇÃO DE CORTE, TIPO DR.VP-02., TIPO 105/90 (EXECUÇÃO, INCLUINDO ESCAVAÇÃO, FORNECIMENTO, TRANSPORTE E PLANTIO DA GRAMA)","M",37.590000000000003]
[null,"RO-40545","-","VALETA DE PROTEÇÃO DE CORTE, TIPO DR.VP-02., TIPO 105/100 (EXECUÇÃO, INCLUINDO ESCAVAÇÃO, FORNECIMENTO, TRANSPORTE E PLANTIO DA GRAMA)","M",39.44]
[null,"RO-40549","-","VALETA DE PROTEÇÃO DE CORTE, TIPO DR.VP-02., TIPO 115/80 (EXECUÇÃO, INCLUINDO ESCAVAÇÃO, FORNECIMENTO, TRANSPORTE E PLANTIO DA GRAMA)","M",37.700000000000003]
[null,"RO-40550","-","VALETA DE PROTEÇÃO DE CORTE, TIPO DR.VP-02., TIPO 115/90 (EXECUÇÃO, INCLUINDO ESCAVAÇÃO, FORNECIMENTO, TRANSPORTE E PLANTIO DA GRAMA)","M",39.31]
[null,"RO-40548","-","VALETA DE PROTEÇÃO DE CORTE, TIPO DR.VP-02., TIPO 115/100 (EXECUÇÃO, INCLUINDO ESCAVAÇÃO,FORNECIMENTO, TRANSPORTE E PLANTIO DA GRAMA)","M",41.05]
[null,"RO-40552","-","VALETA DE PROTEÇÃO DE CORTE, TIPO DR.VP-02., TIPO 125/90 (EXECUÇÃO, INCLUINDO ESCAVAÇÃO,FORNECIMENTO, TRANSPORTE E PLANTIO DA GRAMA)","M",41.22]
[null,"RO-40551","-","VALETA DE PROTEÇÃO DE CORTE, TIPO DR.VP-02., TIPO 125/100 (EXECUÇÃO, INCLUINDO ESCAVAÇÃO,FORNECIMENTO, TRANSPORTE E PLANTIO DA GRAMA)","M",42.83]
[null,"RO-40554","-","VALETA DE PROTEÇÃO DE CORTE, TIPO DR.VP-03., TIPO 75/50 (EXECUÇÃO, INCLUINDO ESCAVAÇÃO,FORNECIMENTO E TRANSPORTE DE TODOS OS MATERIAIS)","M",79.17]
[null,"RO-40555","-","VALETA DE PROTEÇÃO DE CORTE, TIPO DR.VP-03., TIPO 75/60 (EXECUÇÃO, INCLUINDO ESCAVAÇÃO,FORNECIMENTO E TRANSPORTE DE TODOS OS MATERIAIS)","M",83.18]
[null,"RO-40556","-","VALETA DE PROTEÇÃO DE CORTE, TIPO DR.VP-03., TIPO 75/70 (EXECUÇÃO, INCLUINDO ESCAVAÇÃO,FORNECIMENTO E TRANSPORTE DE TODOS OS MATERIAIS)","M",87.66]
[null,"RO-40557","-","VALETA DE PROTEÇÃO DE CORTE, TIPO DR.VP-03., TIPO 85/60 (EXECUÇÃO, INCLUINDO ESCAVAÇÃO,FORNECIMENTO E TRANSPORTE DE TODOS OS MATERIAIS)","M",85.09]
[null,"RO-40558","-","VALETA DE PROTEÇÃO DE CORTE, TIPO DR.VP-03., TIPO 85/70 (EXECUÇÃO, INCLUINDO ESCAVAÇÃO,FORNECIMENTO E TRANSPORTE DE TODOS OS MATERIAIS)","M",89.1]
[null,"RO-40559","-","VALETA DE PROTEÇÃO DE CORTE, TIPO DR.VP-03., TIPO 85/80 (EXECUÇÃO, INCLUINDO ESCAVAÇÃO,FORNECIMENTO E TRANSPORTE DE TODOS OS MATERIAIS)","M",93.57]
[null,"RO-40560","-","VALETA DE PROTEÇÃO DE CORTE, TIPO DR.VP-03., TIPO 95/70 (EXECUÇÃO, INCLUINDO ESCAVAÇÃO,FORNECIMENTO E TRANSPORTE DE TODOS OS MATERIAIS)","M",91]
[null,"RO-40561","-","VALETA DE PROTEÇÃO DE CORTE, TIPO DR.VP-03., TIPO 95/80 (EXECUÇÃO, INCLUINDO ESCAVAÇÃO,FORNECIMENTO E TRANSPORTE DE TODOS OS MATERIAIS)","M",94.56]
[null,"RO-40562","-","VALETA DE PROTEÇÃO DE CORTE, TIPO DR.VP-03., TIPO 95/90 (EXECUÇÃO, INCLUINDO ESCAVAÇÃO,FORNECIMENTO E TRANSPORTE DE TODOS OS MATERIAIS)","M",99.5]
[null,"RO-40564","-","VALETA DE PROTEÇÃO DE CORTE, TIPO DR.VP-03., TIPO 105/80 (EXECUÇÃO, INCLUINDO ESCAVAÇÃO,FORNECIMENTO E TRANSPORTE DE TODOS OS MATERIAIS)","M",96.96]
[null,"RO-40565","-","VALETA DE PROTEÇÃO DE CORTE, TIPO DR.VP-03., TIPO 105/90 (EXECUÇÃO, INCLUINDO ESCAVAÇÃO,FORNECIMENTO E TRANSPORTE DE TODOS OS MATERIAIS)","M",101.43]
[null,"RO-40563","-","VALETA DE PROTEÇÃO DE CORTE, TIPO DR.VP-03., TIPO 105/100 (EXECUÇÃO, INCLUINDO ESCAVAÇÃO,FORNECIMENTO E TRANSPORTE DE TODOS OS MATERIAIS)","M",105.91]
[null,"RO-40567","-","VALETA DE PROTEÇÃO DE CORTE, TIPO DR.VP-03., TIPO 115/80 (EXECUÇÃO, INCLUINDO ESCAVAÇÃO,FORNECIMENTO E TRANSPORTE DE TODOS OS MATERIAIS)","M",99.88]
[null,"RO-40568","-","VALETA DE PROTEÇÃO DE CORTE, TIPO DR.VP-03., TIPO 115/90 (EXECUÇÃO, INCLUINDO ESCAVAÇÃO,FORNECIMENTO E TRANSPORTE DE TODOS OS MATERIAIS)","M",102.97]
[null,"RO-40566","-","VALETA DE PROTEÇÃO DE CORTE, TIPO DR.VP-03., TIPO 115/100 (EXECUÇÃO, INCLUINDO ESCAVAÇÃO,FORNECIMENTO E TRANSPORTE DE TODOS OS MATERIAIS)","M",107]
[null,"RO-40570","-","VALETA DE PROTEÇÃO DE CORTE, TIPO DR.VP-03., TIPO 125/90 (EXECUÇÃO, INCLUINDO ESCAVAÇÃO,FORNECIMENTO E TRANSPORTE DE TODOS OS MATERIAIS)","M",106.37]
[null,"RO-40569","-","VALETA DE PROTEÇÃO DE CORTE, TIPO DR.VP-03., TIPO 125/100 (EXECUÇÃO, INCLUINDO ESCAVAÇÃO,FORNECIMENTO E TRANSPORTE DE TODOS OS MATERIAIS)","M",110.39]
[null,"RO-40514","-","VALETA DE PROTEÇÃO DE ATERRO TIPO DR.VPA (EXECUÇÃO, INCLUINDO ESCAVAÇÃO)","M",23.39]
[null,"RO-40571","-","SARJETA DE TERRA EM CORTE TIPO DR.SCT- X/Y. LARGURA = 50 CM TIPO 50/10 (EXECUÇÃO, INCLUINDO ESCAVAÇÃO)","M",1.23]
[null,"RO-40572","-","SARJETA DE TERRA EM CORTE TIPO DR.SCT- X/Y. LARGURA = 50 CM TIPO 50/15 (EXECUÇÃO, INCLUINDO ESCAVAÇÃO)","M",1.88]
[null,"RO-40573","-","SARJETA DE TERRA EM CORTE TIPO DR.SCT- X/Y. LARGURA = 60 CM TIPO 60/10 (EXECUÇÃO, INCLUINDO ESCAVAÇÃO)","M",1.48]
[null,"RO-40574","-","SARJETA DE TERRA EM CORTE TIPO DR.SCT- X/Y. LARGURA = 60 CM TIPO 60/15 (EXECUÇÃO, INCLUINDO ESCAVAÇÃO)","M",2.23]
[null,"RO-40575","-","SARJETA DE TERRA EM CORTE TIPO DR.SCT- X/Y. LARGURA = 60 CM TIPO 60/20 (EXECUÇÃO, INCLUINDO ESCAVAÇÃO)","M",2.97]
[null,"RO-40576","-","SARJETA DE TERRA EM CORTE TIPO DR.SCT- X/Y. LARGURA = 70 CM TIPO 70/10 (EXECUÇÃO, INCLUINDO ESCAVAÇÃO)","M",1.73]
[null,"RO-40577","-","SARJETA DE TERRA EM CORTE TIPO DR.SCT- X/Y. LARGURA = 70 CM TIPO 70/15 (EXECUÇÃO, INCLUINDO ESCAVAÇÃO)","M",2.62]
[null,"RO-40578","-","SARJETA DE TERRA EM CORTE TIPO DR.SCT- X/Y. LARGURA = 70 CM TIPO 70/20 (EXECUÇÃO, INCLUINDO ESCAVAÇÃO)","M",3.46]
[null,"RO-40579","-","SARJETA DE TERRA EM CORTE TIPO DR.SCT- X/Y. LARGURA = 80 CM TIPO 80/10 (EXECUÇÃO, INCLUINDO ESCAVAÇÃO)","M",1.98]
[null,"RO-40580","-","SARJETA DE TERRA EM CORTE TIPO DR.SCT- X/Y. LARGURA = 80 CM TIPO 80/15 (EXECUÇÃO, INCLUINDO ESCAVAÇÃO)","M",2.97]
[null,"RO-40581","-","SARJETA DE TERRA EM CORTE TIPO DR.SCT- X/Y. LARGURA = 80 CM TIPO 80/20 (EXECUÇÃO, INCLUINDO ESCAVAÇÃO)","M",3.96]
[null,"RO-40582","-","SARJETA DE TERRA EM CORTE TIPO DR.SCT- X/Y. LARGURA = 80 CM TIPO 80/25 (EXECUÇÃO, INCLUINDO ESCAVAÇÃO)","M",4.95]
[null,"RO-40583","-","SARJETA DE TERRA EM CORTE TIPO DR.SCT- X/Y. LARGURA = 90 CM TIPO 90/10 (EXECUÇÃO, INCLUINDO ESCAVAÇÃO)","M",2.23]
[null,"RO-40584","-","SARJETA DE TERRA EM CORTE TIPO DR.SCT- X/Y. LARGURA = 90 CM TIPO 90/15 (EXECUÇÃO, INCLUINDO ESCAVAÇÃO)","M",3.37]
[null,"RO-40585","-","SARJETA DE TERRA EM CORTE TIPO DR.SCT- X/Y. LARGURA = 90 CM TIPO 90/20 (EXECUÇÃO, INCLUINDO ESCAVAÇÃO)","M",4.46]
[null,"RO-40586","-","SARJETA DE TERRA EM CORTE TIPO DR.SCT- X/Y. LARGURA = 90 CM TIPO 90/25 (EXECUÇÃO, INCLUINDO ESCAVAÇÃO)","M",5.6]
[null,"RO-40587","-","SARJETA DE TERRA EM CORTE TIPO DR.SCT- X/Y. LARGURA = 100 CM TIPO 100/10 (EXECUÇÃO, INCLUINDO ESCAVAÇÃO)","M",2.4700000000000002]
[null,"RO-40588","-","SARJETA DE TERRA EM CORTE TIPO DR.SCT- X/Y. LARGURA = 100 CM TIPO 100/15 (EXECUÇÃO, INCLUINDO ESCAVAÇÃO)","M",3.71]
[null,"RO-40589","-","SARJETA DE TERRA EM CORTE TIPO DR.SCT- X/Y. LARGURA = 100 CM TIPO 100/20 (EXECUÇÃO, INCLUINDO ESCAVAÇÃO)","M",4.95]
[null,"RO-40590","-","SARJETA DE TERRA EM CORTE TIPO DR.SCT- X/Y. LARGURA = 100 CM TIPO 100/25 (EXECUÇÃO, INCLUINDO ESCAVAÇÃO)","M",6.19]
[null,"RO-40591","-","SARJETA DE GRAMA EM CORTE TIPO SGC-X/Y. LARGURA = 50 CM TIPO 50/10 (EXECUÇÃO, INCLUINDO ESCAVAÇÃO,FORNECIMENTO, TRANSPORTE E PLANTIO DA GRAMA)","M",4.75]
[null,"RO-40592","-","SARJETA DE GRAMA EM CORTE TIPO SGC-X/Y. LARGURA = 50 CM TIPO 50/15 (EXECUÇÃO, INCLUINDO ESCAVAÇÃO,FORNECIMENTO, TRANSPORTE E PLANTIO DA GRAMA)","M",5.71]
[null,"RO-40593","-","SARJETA DE GRAMA EM CORTE TIPO SGC-X/Y. LARGURA = 60 CM TIPO 60/10 (EXECUÇÃO, INCLUINDO ESCAVAÇÃO,FORNECIMENTO, TRANSPORTE E PLANTIO DA GRAMA)","M",5.68]
[null,"RO-40594","-","SARJETA DE GRAMA EM CORTE TIPO SGC-X/Y. LARGURA = 60 CM TIPO 60/15 (EXECUÇÃO, INCLUINDO ESCAVAÇÃO,FORNECIMENTO, TRANSPORTE E PLANTIO DA GRAMA)","M",6.62]
[null,"RO-40595","-","SARJETA DE GRAMA EM CORTE TIPO SGC-X/Y. LARGURA = 60 CM TIPO 60/20 (EXECUÇÃO, INCLUINDO ESCAVAÇÃO,FORNECIMENTO, TRANSPORTE E PLANTIO DA GRAMA)","M",7.55]
[null,"RO-40596","-","SARJETA DE GRAMA EM CORTE TIPO SGC-X/Y. LARGURA = 70 CM TIPO 70/10 (EXECUÇÃO, INCLUINDO ESCAVAÇÃO,FORNECIMENTO, TRANSPORTE E PLANTIO DA GRAMA)","M",6.55]
[null,"RO-40597","-","SARJETA DE GRAMA EM CORTE TIPO SGC-X/Y. LARGURA = 70 CM TIPO 70/15 (EXECUÇÃO, INCLUINDO ESCAVAÇÃO,FORNECIMENTO, TRANSPORTE E PLANTIO DA GRAMA)","M",7.63]
[null,"RO-40598","-","SARJETA DE GRAMA EM CORTE TIPO SGC-X/Y. LARGURA = 70 CM TIPO 70/20 (EXECUÇÃO, INCLUINDO ESCAVAÇÃO,FORNECIMENTO, TRANSPORTE E PLANTIO DA GRAMA)","M",8.7799999999999994]
[null,"RO-40599","-","SARJETA DE GRAMA EM CORTE TIPO SGC-X/Y. LARGURA = 80 CM TIPO 80/10 (EXECUÇÃO, INCLUINDO ESCAVAÇÃO,FORNECIMENTO, TRANSPORTE E PLANTIO DA GRAMA)","M",7.3]
[null,"RO-40600","-","SARJETA DE GRAMA EM CORTE TIPO SGC-X/Y. LARGURA = 80 CM TIPO 80/15 (EXECUÇÃO, INCLUINDO ESCAVAÇÃO,FORNECIMENTO, TRANSPORTE E PLANTIO DA GRAMA)","M",8.5399999999999991]
[null,"RO-40601","-","SARJETA DE GRAMA EM CORTE TIPO SGC-X/Y. LARGURA = 80 CM TIPO 80/20 (EXECUÇÃO, INCLUINDO ESCAVAÇÃO,FORNECIMENTO, TRANSPORTE E PLANTIO DA GRAMA)","M",9.77]
[null,"RO-40602","-","SARJETA DE GRAMA EM CORTE TIPO SGC-X/Y. LARGURA = 80 CM TIPO 80/25 (EXECUÇÃO, INCLUINDO ESCAVAÇÃO,FORNECIMENTO, TRANSPORTE E PLANTIO DA GRAMA)","M",11.07]
[null,"RO-40603","-","SARJETA DE GRAMA EM CORTE TIPO SGC-X/Y. LARGURA = 90 CM TIPO 90/10 (EXECUÇÃO, INCLUINDO ESCAVAÇÃO,FORNECIMENTO, TRANSPORTE E PLANTIO DA GRAMA)","M",8.11]
[null,"RO-40604","-","SARJETA DE GRAMA EM CORTE TIPO SGC-X/Y. LARGURA = 90 CM TIPO 90/15 (EXECUÇÃO, INCLUINDO ESCAVAÇÃO,FORNECIMENTO, TRANSPORTE E PLANTIO DA GRAMA)","M",9.6199999999999992]
[null,"RO-40605","-","SARJETA DE GRAMA EM CORTE TIPO SGC-X/Y. LARGURA = 90 CM TIPO 90/20 (EXECUÇÃO, INCLUINDO ESCAVAÇÃO,FORNECIMENTO, TRANSPORTE E PLANTIO DA GRAMA)","M",10.89]
[null,"RO-40606","-","SARJETA DE GRAMA EM CORTE TIPO SGC-X/Y. LARGURA = 90 CM TIPO 90/25 (EXECUÇÃO, INCLUINDO ESCAVAÇÃO,FORNECIMENTO, TRANSPORTE E PLANTIO DA GRAMA)","M",12.16]
[null,"RO-40607","-","SARJETA DE GRAMA EM CORTE TIPO SGC-X/Y. LARGURA = 100 CM TIPO 100/10 (EXECUÇÃO, INCLUINDO ESCAVAÇÃO,FORNECIMENTO, TRANSPORTE E PLANTIO DA GRAMA)","M",8.9]
[null,"RO-40608","-","SARJETA DE GRAMA EM CORTE TIPO SGC-X/Y. LARGURA = 100 CM TIPO 100/15 (EXECUÇÃO, INCLUINDO ESCAVAÇÃO,FORNECIMENTO, TRANSPORTE E PLANTIO DA GRAMA)","M",10.45]
[null,"RO-40609","-","SARJETA DE GRAMA EM CORTE TIPO SGC-X/Y. LARGURA = 100 CM TIPO 100/20 (EXECUÇÃO, INCLUINDO ESCAVAÇÃO,FORNECIMENTO, TRANSPORTE E PLANTIO DA GRAMA)","M",11.94]
[null,"RO-40610","-","SARJETA DE GRAMA EM CORTE TIPO SGC-X/Y. LARGURA = 100 CM TIPO 100/25 (EXECUÇÃO, INCLUINDO ESCAVAÇÃO,FORNECIMENTO, TRANSPORTE E PLANTIO DA GRAMA)","M",13.43]
[null,"RO-40613","-","SARJETA DE CONCRETO EM ATERRO, TIPO DR.SCA-X/Y. LARGURA = 60 CM TIPO 30/10 (EXECUÇÃO, INCLUINDO ESCAVAÇÃO,FORNECIMENTO, TRANSPORTE E PLANTIO DA GRAMA)","M",30.33]
[null,"RO-40614","-","SARJETA DE CONCRETO EM ATERRO, TIPO DR.SCA-X/Y. LARGURA = 60 CM TIPO 30/15 (EXECUÇÃO, INCLUINDO ESCAVAÇÃO,FORNECIMENTO, TRANSPORTE E PLANTIO DA GRAMA)","M",35.520000000000003]
[null,"RO-40615","-","SARJETA DE CONCRETO EM ATERRO, TIPO DR.SCA-X/Y. LARGURA = 60 CM TIPO 30/20 (EXECUÇÃO, INCLUINDO ESCAVAÇÃO, FORNECIMENTO E TRANSPORTE DE TODOS OS MATERIAIS)","M",41.22]
[null,"RO-40616","-","SARJETA DE CONCRETO EM ATERRO, TIPO DR.SCA-X/Y. LARGURA = 70 CM TIPO 40/10 (EXECUÇÃO, INCLUINDO ESCAVAÇÃO, FORNECIMENTO E TRANSPORTE DE TODOS OS MATERIAIS)","M",34.26]
[null,"RO-40617","-","SARJETA DE CONCRETO EM ATERRO, TIPO DR.SCA-X/Y. LARGURA = 70 CM TIPO 40/15 (EXECUÇÃO, INCLUINDO ESCAVAÇÃO, FORNECIMENTO E TRANSPORTE DE TODOS OS MATERIAIS)","M",39.83]
[null,"RO-40618","-","SARJETA DE CONCRETO EM ATERRO, TIPO DR.SCA-X/Y. LARGURA = 70 CM TIPO 40/20 (EXECUÇÃO, INCLUINDO ESCAVAÇÃO, FORNECIMENTO E TRANSPORTE DE TODOS OS MATERIAIS)","M",43.48]
[null,"RO-40619","-","SARJETA DE CONCRETO EM ATERRO, TIPO DR.SCA-X/Y. LARGURA = 70 CM TIPO 40/25 (EXECUÇÃO, INCLUINDO ESCAVAÇÃO, FORNECIMENTO E TRANSPORTE DE TODOS OS MATERIAIS)","M",50.15]
[null,"RO-40620","-","SARJETA DE CONCRETO EM ATERRO, TIPO DR.SCA-X/Y. LARGURA = 80 CM TIPO 50/10 (EXECUÇÃO, INCLUINDO ESCAVAÇÃO, FORNECIMENTO E TRANSPORTE DE TODOS OS MATERIAIS)","M",37.549999999999997]
[null,"RO-40621","-","SARJETA DE CONCRETO EM ATERRO, TIPO DR.SCA-X/Y. LARGURA = 80 CM TIPO 50/15 (EXECUÇÃO, INCLUINDO ESCAVAÇÃO, FORNECIMENTO E TRANSPORTE DE TODOS OS MATERIAIS)","M",42.08]
[null,"RO-40622","-","SARJETA DE CONCRETO EM ATERRO, TIPO DR.SCA-X/Y. LARGURA = 80 CM TIPO 50/20 (EXECUÇÃO, INCLUINDO ESCAVAÇÃO, FORNECIMENTO E TRANSPORTE DE TODOS OS MATERIAIS)","M",47.02]
[null,"RO-40623","-","SARJETA DE CONCRETO EM ATERRO, TIPO DR.SCA-X/Y. LARGURA = 80 CM TIPO 50/25 (EXECUÇÃO, INCLUINDO ESCAVAÇÃO, FORNECIMENTO E TRANSPORTE DE TODOS OS MATERIAIS)","M",52.87]
[null,"RO-40624","-","SARJETA DE CONCRETO EM ATERRO, TIPO DR.SCA-X/Y. LARGURA = 80 CM TIPO 50/30 (EXECUÇÃO, INCLUINDO ESCAVAÇÃO, FORNECIMENTO E TRANSPORTE DE TODOS OS MATERIAIS)","M",59.02]
[null,"RO-40625","-","SARJETA DE CONCRETO EM ATERRO, TIPO DR.SCA-X/Y. LARGURA = 90 CM TIPO 60/10 (EXECUÇÃO, INCLUINDO ESCAVAÇÃO, FORNECIMENTO E TRANSPORTE DE TODOS OS MATERIAIS)","M",40.82]
[null,"RO-40626","-","SARJETA DE CONCRETO EM ATERRO, TIPO DR.SCA-X/Y. LARGURA = 90 CM TIPO 60/15 (EXECUÇÃO, INCLUINDO ESCAVAÇÃO, FORNECIMENTO E TRANSPORTE DE TODOS OS MATERIAIS)","M",44.7]
[null,"RO-40627","-","SARJETA DE CONCRETO EM ATERRO, TIPO DR.SCA-X/Y. LARGURA = 90 CM TIPO 60/20 (EXECUÇÃO, INCLUINDO ESCAVAÇÃO, FORNECIMENTO E TRANSPORTE DE TODOS OS MATERIAIS)","M",50.59]
[null,"RO-40628","-","SARJETA DE CONCRETO EM ATERRO, TIPO DR.SCA-X/Y. LARGURA = 90 CM TIPO 60/25 (EXECUÇÃO, INCLUINDO ESCAVAÇÃO, FORNECIMENTO E TRANSPORTE DE TODOS OS MATERIAIS)","M",56.19]
[null,"RO-40629","-","SARJETA DE CONCRETO EM ATERRO, TIPO DR.SCA-X/Y. LARGURA = 90 CM TIPO 60/30 (EXECUÇÃO, INCLUINDO ESCAVAÇÃO, FORNECIMENTO E TRANSPORTE DE TODOS OS MATERIAIS)","M",62.34]
[null,"RO-40630","-","SARJETA DE CONCRETO EM ATERRO, TIPO DR.SCA-X/Y. LARGURA = 100 CM TIPO 70/10 (EXECUÇÃO, INCLUINDO ESCAVAÇÃO, FORNECIMENTO E TRANSPORTE DE TODOS OS MATERIAIS)","M",42.44]
[null,"RO-40631","-","SARJETA DE CONCRETO EM ATERRO, TIPO DR.SCA-X/Y. LARGURA = 100 CM TIPO 70/15 (EXECUÇÃO, INCLUINDO ESCAVAÇÃO, FORNECIMENTO E TRANSPORTE DE TODOS OS MATERIAIS)","M",47.27]
[null,"RO-40632","-","SARJETA DE CONCRETO EM ATERRO, TIPO DR.SCA-X/Y. LARGURA = 100 CM TIPO 70/20 (EXECUÇÃO, INCLUINDO ESCAVAÇÃO, FORNECIMENTO E TRANSPORTE DE TODOS OS MATERIAIS)","M",53.88]
[null,"RO-40633","-","SARJETA DE CONCRETO EM ATERRO, TIPO DR.SCA-X/Y. LARGURA = 100 CM TIPO 70/25 (EXECUÇÃO, INCLUINDO ESCAVAÇÃO, FORNECIMENTO E TRANSPORTE DE TODOS OS MATERIAIS)","M",59.58]
[null,"RO-40634","-","SARJETA DE CONCRETO EM ATERRO, TIPO DR.SCA-X/Y. LARGURA = 100 CM TIPO 70/30 (EXECUÇÃO, INCLUINDO ESCAVAÇÃO, FORNECIMENTO E TRANSPORTE DE TODOS OS MATERIAIS)","M",66.27]
[null,"RO-40647","-","SARJETA DE CONCRETO EM CORTE TIPO DR.SCC-X/Y. LARGURA = 50 CM TIPO 40/10 (EXECUÇÃO, INCLUINDO ESCAVAÇÃO, FORNECIMENTO E TRANSPORTE DE TODOS OS MATERIAIS)","M",31.2]
[null,"RO-40648","-","SARJETA DE CONCRETO EM CORTE TIPO DR.SCC-X/Y. LARGURA = 50 CM TIPO 40/15 (EXECUÇÃO, INCLUINDO ESCAVAÇÃO, FORNECIMENTO E TRANSPORTE DE TODOS OS MATERIAIS)","M",33.57]
[null,"RO-40649","-","SARJETA DE CONCRETO EM CORTE TIPO DR.SCC-X/Y. LARGURA = 60 CM TIPO 50/10 (EXECUÇÃO, INCLUINDO ESCAVAÇÃO, FORNECIMENTO E TRANSPORTE DE TODOS OS MATERIAIS)","M",35.19]
[null,"RO-40650","-","SARJETA DE CONCRETO EM CORTE TIPO DR.SCC-X/Y. LARGURA = 60 CM TIPO 50/15 (EXECUÇÃO, INCLUINDO ESCAVAÇÃO, FORNECIMENTO E TRANSPORTE DE TODOS OS MATERIAIS)","M",37.25]
[null,"RO-40651","-","SARJETA DE CONCRETO EM CORTE TIPO DR.SCC-X/Y. LARGURA = 60 CM TIPO 50/20 (EXECUÇÃO, INCLUINDO ESCAVAÇÃO, FORNECIMENTO E TRANSPORTE DE TODOS OS MATERIAIS)","M",39.71]
[null,"RO-40652","-","SARJETA DE CONCRETO EM CORTE TIPO DR.SCC-X/Y. LARGURA = 70 CM TIPO 60/10 (EXECUÇÃO, INCLUINDO ESCAVAÇÃO, FORNECIMENTO E TRANSPORTE DE TODOS OS MATERIAIS)","M",39.119999999999997]
[null,"RO-40653","-","SARJETA DE CONCRETO EM CORTE TIPO DR.SCC-X/Y. LARGURA = 70 CM TIPO 60/15 (EXECUÇÃO, INCLUINDO ESCAVAÇÃO, FORNECIMENTO E TRANSPORTE DE TODOS OS MATERIAIS)","M",40.869999999999997]
[null,"RO-40654","-","SARJETA DE CONCRETO EM CORTE TIPO DR.SCC-X/Y. LARGURA = 70 CM TIPO 60/20 (EXECUÇÃO, INCLUINDO ESCAVAÇÃO, FORNECIMENTO E TRANSPORTE DE TODOS OS MATERIAIS)","M",43.94]
[null,"RO-40655","-","SARJETA DE CONCRETO EM CORTE TIPO DR.SCC-X/Y. LARGURA = 70 CM TIPO 60/25 (EXECUÇÃO, INCLUINDO ESCAVAÇÃO, FORNECIMENTO E TRANSPORTE DE TODOS OS MATERIAIS)","M",46.55]
[null,"RO-40656","-","SARJETA DE CONCRETO EM CORTE TIPO DR.SCC-X/Y. LARGURA = 80 CM TIPO 70/10 (EXECUÇÃO, INCLUINDO ESCAVAÇÃO, FORNECIMENTO E TRANSPORTE DE TODOS OS MATERIAIS)","M",43.25]
[null,"RO-40657","-","SARJETA DE CONCRETO EM CORTE TIPO DR.SCC-X/Y. LARGURA = 80 CM TIPO 70/15 (EXECUÇÃO, INCLUINDO ESCAVAÇÃO, FORNECIMENTO E TRANSPORTE DE TODOS OS MATERIAIS)","M",44.19]
[null,"RO-40658","-","SARJETA DE CONCRETO EM CORTE TIPO DR.SCC-X/Y. LARGURA = 80 CM TIPO 70/20 (EXECUÇÃO, INCLUINDO ESCAVAÇÃO, FORNECIMENTO E TRANSPORTE DE TODOS OS MATERIAIS)","M",47.26]
[null,"RO-40659","-","SARJETA DE CONCRETO EM CORTE TIPO DR.SCC-X/Y. LARGURA = 80 CM TIPO 70/25 (EXECUÇÃO, INCLUINDO ESCAVAÇÃO, FORNECIMENTO E TRANSPORTE DE TODOS OS MATERIAIS)","M",50.42]
[null,"RO-40660","-","SARJETA DE CONCRETO EM CORTE TIPO DR.SCC-X/Y. LARGURA = 80 CM TIPO 70/30 (EXECUÇÃO, INCLUINDO ESCAVAÇÃO, FORNECIMENTO E TRANSPORTE DE TODOS OS MATERIAIS)","M",52.99]
[null,"RO-40661","-","SARJETA DE CONCRETO EM CORTE TIPO DR.SCC-X/Y. LARGURA = 90 CM TIPO 80/10 (EXECUÇÃO, INCLUINDO ESCAVAÇÃO, FORNECIMENTO E TRANSPORTE DE TODOS OS MATERIAIS)","M",46.79]
[null,"RO-40662","-","SARJETA DE CONCRETO EM CORTE TIPO DR.SCC-X/Y. LARGURA = 90 CM TIPO 80/15 (EXECUÇÃO, INCLUINDO ESCAVAÇÃO, FORNECIMENTO E TRANSPORTE DE TODOS OS MATERIAIS)","M",48.69]
[null,"RO-40663","-","SARJETA DE CONCRETO EM CORTE TIPO DR.SCC-X/Y. LARGURA = 90 CM TIPO 80/20 (EXECUÇÃO, INCLUINDO ESCAVAÇÃO, FORNECIMENTO E TRANSPORTE DE TODOS OS MATERIAIS)","M",51.55]
[null,"RO-40664","-","SARJETA DE CONCRETO EM CORTE TIPO DR.SCC-X/Y. LARGURA = 90 CM TIPO 80/25 (EXECUÇÃO, INCLUINDO ESCAVAÇÃO, FORNECIMENTO E TRANSPORTE DE TODOS OS MATERIAIS)","M",54.31]
[null,"RO-40665","-","SARJETA DE CONCRETO EM CORTE TIPO DR.SCC-X/Y. LARGURA = 90 CM TIPO 80/30 (EXECUÇÃO, INCLUINDO ESCAVAÇÃO, FORNECIMENTO E TRANSPORTE DE TODOS OS MATERIAIS)","M",57.16]
[null,"RO-40666","-","SARJETA DE CONCRETO EM CORTE TIPO DR.SCC-X/Y. LARGURA = 100 CM TIPO 90/10 (EXECUÇÃO, INCLUINDO ESCAVAÇÃO, FORNECIMENTO E TRANSPORTE DE TODOS OS MATERIAIS)","M",50.77]
[null,"RO-40667","-","SARJETA DE CONCRETO EM CORTE TIPO DR.SCC-X/Y. LARGURA = 100 CM TIPO 90/15 (EXECUÇÃO, INCLUINDO ESCAVAÇÃO, FORNECIMENTO E TRANSPORTE DE TODOS OS MATERIAIS)","M",53.32]
[null,"RO-40668","-","SARJETA DE CONCRETO EM CORTE TIPO DR.SCC-X/Y. LARGURA = 100 CM TIPO 90/20 (EXECUÇÃO, INCLUINDO ESCAVAÇÃO, FORNECIMENTO E TRANSPORTE DE TODOS OS MATERIAIS)","M",55.73]
[null,"RO-40669","-","SARJETA DE CONCRETO EM CORTE TIPO DR.SCC-X/Y. LARGURA = 100 CM TIPO 90/25 (EXECUÇÃO, INCLUINDO ESCAVAÇÃO, FORNECIMENTO E TRANSPORTE DE TODOS OS MATERIAIS)","M",58.59]
[null,"RO-40670","-","SARJETA DE CONCRETO EM CORTE TIPO DR.SCC-X/Y. LARGURA = 100 CM TIPO 90/30 (EXECUÇÃO, INCLUINDO ESCAVAÇÃO, FORNECIMENTO E TRANSPORTE DE TODOS OS MATERIAIS)","M",61.19]
[null,"RO-40638","-","MEIO-FIO DE CONCRETO, TIPO DR.MF-01 (EXECUÇÃO, INCLUINDO ESCAVAÇÃO, FORNECIMENTO E TRANSPORTE DE TODOS OS MATERIAIS)","M",37.99]
[null,"RO-40553","-","MURETA DE PROTEÇÃO,  TIPO DR.MP-01 (EXECUÇÃO,  FORNECIMENTO E TRANSPORTE DE TODOS OS MATERIAIS)","M",38.07]
[null,"RO-42379","-","BACIA DE ACUMULAÇÃO TIPO I (JUSANTE DE SAÍDAS D'ÁGUA E VALETAS DE PROTEÇÃO)","U",542.92999999999995]
[null,"RO-42380","-","BACIA DE ACUMULAÇÃO TIPO II (JUSANTE DE BUEIROS DE GREIDE)","U",821.74]
[null,"RO-42910","-","BACIA DE ACUMULAÇÃO TIPO I - A (JUSANTE DE SAÍDAS D'ÁGUA E VALETAS DE PROTEÇÃO)","U",528.26]
[null,"RO-42911","-","BACIA DE ACUMULAÇÃO TIPO II - A (JUSANTE DE BUEIROS DE GREIDE)","U",763.04]
[null,"RO-40925","-","DRENO DE TALVEGUE COM PEDRA DE MÃO, BRITA E AREIA, TIPO DR.DT (EXECUÇÃO, INCLUINDO FORNECIMENTO DE TODOS OS MATERIAIS, EXCETO TRANSPORTE DOS AGREGADOS E ESCAVAÇÃO)","M3",97.23]
[null,"RO-43467","-","DRENO DE TALVEGUE TIPO DR-DT COM PEDRA DE MÃO (EXECUÇÃO, INCLUINDO FORNECIMENTO DE TODOS OS MATERIAIS, EXCETO TRANSPORTE DOS AGREGADOS E ESCAVAÇÃO)","M3",86.54]
[null,"RO-40928","-","DRENO ESPINHA DE PEIXE DE AREIA, TIPO DR.EP-01 (EXECUÇÃO INCLUINDO  ESCAVAÇÃO ,FORNECIMENTO DE TODOS OS MATERIAIS, EXCETO TRANSPORTE DOS AGREGADOS)","M",11.65]
[null,"RO-40930","-","DRENO ESPINHA DE PEIXE DE BRITA, TIPO DR.EP-01 (EXECUÇÃO INCLUINDO  ESCAVAÇÃO ,FORNECIMENTO DE TODOS OS MATERIAIS, EXCETO TRANSPORTE DOS AGREGADOS)","M",12.55]
[null,"RO-40935","-","DRENO DE ALIVIO DE PAVIMENTO, TIPO DR.DA-01 (EXECUÇÃO INCLUINDO  ESCAVAÇÃO ,FORNECIMENTO DE TODOS OS MATERIAIS, EXCETO TRANSPORTE DOS AGREGADOS)","M",5.57]
[null,"RO-40955","-","DRENO VERTICAL DE BRITA (EXECUÇÃO INCLUINDO  ESCAVAÇÃO ,FORNECIMENTO DE TODOS OS MATERIAIS, EXCETO TRANSPORTE DOS AGREGADOS)","M3",87.02]
[null,"RO-40956","-","DRENO VERTICAL DE AREIA (EXECUÇÃO INCLUINDO  ESCAVAÇÃO ,FORNECIMENTO DE TODOS OS MATERIAIS, EXCETO TRANSPORTE DOS AGREGADOS)","M3",72.02]
[null,"RO-43118","-","COLCHÃO DRENANTE DE BRITA COM GEOTEXTIL NÃO TECIDO (EXECUÇÃO,  INCLUINDO  ESPALHAMENTO E FORNECIMENTO DE TODOS OS MATERIAIS, EXCETO TRANSPORTE DOS AGREGADOS)","M3",74.52]
[null,"RO-40988","-","COLCHÃO DRENANTE DE AREIA (EXECUÇÃO,  INCLUINDO  ESPALHAMENTO E FORNECIMENTO DE TODOS OS MATERIAIS, EXCETO TRANSPORTE DOS AGREGADOS)","M3",49.79]
[null,"RO-40942","-","DRENO PROFUNDO DE AREIA COM SELO, COM (1,50 X 0,40)M E TUBO DE PVC PERFURADO COM Ø 100MM, TIPO DPS-02 (EXECUÇÃO  INCLUINDO  ESCAVAÇÃO,  FORNECIMENTO DE TODOS OS MATERIAIS, EXCETO TRANSPORTE DOS AGREGADOS)","M",52.37]
[null,"RO-42808","-","DRENO PROFUNDO COM AREIA, SEM SELO, COM 1,50X0,40 M E TUBO DE POLIETILENO DE ALTA DENSIDADE PERFURADO, DE 100MM ENVOLVIDO EM MANTA GEOTÊXTIL NÃO TECIDA, TIPO DR.DP-02 (EXECUÇÃO  INCLUINDO  ESCAVAÇÃO , FORNECIMENTO DE TODOS OS MATERIAIS, EXCETO TRANSPORTE DOS AGREGADOS)","M",59.4]
[null,"RO-42935","-","DRENO PROFUNDO COM BRITA, COM SELO, COM 1,50X0,40 M ENVOLVIDO EM MANTA GEOTÊXTIL NÃO TECIDA, COM TUBO DE POLIETILENO DE ALTA DENSIDADE PERFURADO, DE 100MM TIPO DR.DPS-02 (EXECUÇÃO  INCLUINDO  ESCAVAÇÃO, FORNECIMENTO DE TODOS OS MATERIAIS, EXCETO TRANSPORTE DOS AGREGADOS)","M",68.150000000000006]
[null,"RO-42838","-","DRENO PROFUNDO COM BRITA, SEM SELO, COM 1,50X0,40 M ENVOLVIDO EM MANTA GEOTÊXTIL NÃO TECIDA, COM TUBO DE POLIETILENO DE ALTA DENSIDADE PERFURADO, DE 100MM TIPO DR.DP-02 (EXECUÇÃO  INCLUINDO  ESCAVAÇÃO, FORNECIMENTO DE TODOS OS MATERIAIS, EXCETO TRANSPORTE DOS AGREGADOS)","M",73.69]
[null,"RO-43276","-","DRENO PROFUNDO COM BRITA, SEM SELO, COM 1,50X0,60 M ENVOLVIDO EM MANTA GEOTÊXTIL NÃO TECIDA, COM TUBO DE POLIETILENO DE ALTA DENSIDADE PERFURADO, DE 100MM TIPO DR.DP-02 (EXECUÇÃO  INCLUINDO  ESCAVAÇÃO, FORNECIMENTO DE TODOS OS MATERIAIS, EXCETO TRANSPORTE DOS AGREGADOS)","M",104.43]
[null,"RO-40953","-","DRENO PROFUNDO DE CORTE EM ROCHA TIPO DR.DPR (EXECUÇÃO  INCLUINDO  ESCAVAÇÃO,  FORNECIMENTO DE TODOS OS MATERIAIS, EXCETO TRANSPORTE DOS AGREGADOS)","M",37.18]
[null,"RO-40984","-","TERMINAL DE DRENO DE ALIVIO, TIPO DR.DA-01 (EXECUÇÃO,  INCLUINDO  ESCAVAÇÃO,  FORNECIMENTO E TRANSPORTE DE TODOS OS MATERIAIS)","U",25.43]
[null,"RO-40974","-","TERMINAL DE DRENO PROFUNDO, TIPO DR.TDP (EXECUÇÃO,  INCLUINDO  ESCAVAÇÃO, FORNECIMENTO E TRANSPORTE DE TODOS OS MATERIAIS)","U",80.13]
[null,"RO-40975","-","TERMINAL DE DRENO PROFUNDO DE CORTE EM ROCHA PARA DR.DPR (EXECUÇÃO, INCLUINDO  ESCAVAÇÃO, FORNECIMENTO E TRANSPORTE  DE TODOS OS MATERIAIS)","U",139.77000000000001]
[null,"RO-40976","-","MANTA GEOTEXTIL TECIDA, 2004 OU SIMILAR, RESISTÊNCIA A TRAÇÃO DE 22 KN/M2 (EEXECUÇÃO, INCLUINDO FORNECIMENTO, TRANSPORTE E COLOCAÇÃO)","M2",3.13]
[null,"RO-40977","-","MANTA GEOTEXTIL TECIDA, 2008 OU SIMILAR, RESISTÊNCIA À TRAÇÃO DE 35 KN/M2. (EXECUÇÃO, INCLUINDO FORNECIMENTO, TRANSPORTE E COLOCAÇÃO)","M2",6.05]
[null,"RO-40978","-","MANTA GEOTEXTIL TECIDA, 2010A OU SIMILAR, RESISTÊNCIA A TRAÇÃO DE 42 KN/M2. (EXECUÇÃO, INCLUINDO FORNECIMENTO, TRANSPORTE E COLOCAÇÃO)","M2",6.78]
[null,"RO-43310","-","MANTA GEOTÊXTIL NÃO TECIDA, A/150, OP/15 OU SIMILAR, RESISTÊNCIA À TRAÇÃO DE 10 KN/M2 (EXECUÇÃO, INCLUINDO FORNECIMENTO, TRANSPORTE E COLOCAÇÃO)","M2",4.87]
[null,"RO-40980","-","MANTA GEOTÊXTIL NÃO TECIDA, A/180, OP/20 OU SIMILAR, RESISTÊNCIA À TRAÇÃO DE 12 KN/M2 (INCLUINDO FORNECIMENTO, TRANSPORTE E COLOCAÇÃO)","M2",3.26]
[null,"RO-40981","-","MANTA GEOTÊXTIL NÃO TECIDA, A/300, OP/30 OU SIMILAR, RESISTÊNCIA À TRAÇÃO DE 21 KN/M2 (EXECUÇÃO, INCLUINDO FORNECIMENTO, TRANSPORTE E COLOCAÇÃO)","M2",4.87]
[null,"RO-43147","-","MANTA GEOTÊXTIL NÃO TECIDA, OP/40 OU SIMILAR, RESISTÊNCIA À TRAÇÃO DE 27 KN/M2 (EXECUÇÃO, INCLUINDO FORNECIMENTO, TRANSPORTE E COLOCAÇÃO)","M2",6.99]
[null,"RO-40982","-","MANTA GEOTÊXTIL NÃO TECIDA, A/500, OP/60 OU SIMILAR, RESISTÊNCIA À TRAÇÃO DE 39 KN/M2 (EXECUÇÃO, INCLUINDO FORNECIMENTO, TRANSPORTE E COLOCAÇÃO)","M2",9.5500000000000007]
[null,"RO-41030","-","PASSAGEM DE GADO, TIPO OC.PG-01 - CORPO (EXECUÇÃO, INCLUINDO GUARDAD-CORPO, FORNECIMENTO E TRANSPORTE DE TODOS OS MATERIAIS, EXCLUSIVE ESCAVAÇÃO, COMPACTAÇÃO E FUNDAÇÃO PARA A PASSAGEM DE GADO)","M",3403.45]
[null,"RO-41031","-","PASSAGEM DE GADO, TIPO OC.PG-01 - BOCA (EXECUÇÃO, INCLUINDO GUARDAD-CORPO, FORNECIMENTO E TRANSPORTE DE TODOS OS MATERIAIS, EXCLUSIVE ESCAVAÇÃO, COMPACTAÇÃO E FUNDAÇÃO PARA A PASSAGEM DE GADO)","U",5350.49]
[null,"RO-41028","-","PASSAGEM DE GADO, TIPO OC.PG-03 - CORPO (EXECUÇÃO, INCLUINDO GUARDAD-CORPO, FORNECIMENTO E TRANSPORTE DE TODOS OS MATERIAIS, EXCLUSIVE ESCAVAÇÃO, COMPACTAÇÃO E FUNDAÇÃO PARA A PASSAGEM DE GADO)","M",5013.03]
[null,"RO-41029","-","PASSAGEM DE GADO, TIPO OC.PG-03 -  BOCA (EXECUÇÃO, INCLUINDO GUARDAD-CORPO, FORNECIMENTO E TRANSPORTE DE TODOS OS MATERIAIS, EXCLUSIVE ESCAVAÇÃO, COMPACTAÇÃO E FUNDAÇÃO PARA A PASSAGEM DE GADO)","U",8097.31]
[null,"RO-42920","-","PASSAGEM SOBRE SARJETA, TIPO OC.PS-01A COM LAJES DE LARGURA = 1,00M (EXECUÇÃO INCLUINDO ESCAVAÇÃO, FORNECIMENTO E TRANSPORTE DE TODOS OS MATERIAIS)","U",1191.1300000000001]
[null,"RO-41033","-","PASSAGEM SOBRE SARJETA, TIPO OC.PS-02A COM LAJES DE LARGURA = 2,00M (EXECUÇÃO INCLUINDO ESCAVAÇÃO, FORNECIMENTO E TRANSPORTE DE TODOS OS MATERIAIS)","U",1579.82]
[null,"RO-41037","-","ENROCAMENTO DE TALUDE, TIPO OC.ET-01 (EXECUÇÃO, INCLUINDO  FORNECIMENTO DE TODOS OS MATERIAIS, EXCLUI TRANSPORTE DO AGREGADO)","M3",137.15]
[]
[]
[]
[]
[]
[]
[]
[]
[]
[]
[]
[]
[]
[]
[]
[]
[]
[]
[]
[]
[null,"103 - PAVIMENTAÇÃO"]
[null,"RO-42650","-","FRESAGEM CONTÍNUA DE PAVIMENTO ASFÁLTICO (3CM)","M2",1.58]
[null,"RO-42643","-","FRESAGEM DESCONTÍNUA DE PAVIMENTO ASFÁLTICO (3CM)","M2",2.5]
[null,"RO-43833","-","RECICLAGEM E RECONFECÇÃO DO  PAVIMENTO COM ADIÇÃO DE 2% DE CIMENTO , COMPACTADA NA ENERGIA DO PROCTOR INTERMEDIÁRIO (EXECUÇÃO, COM REAPROVEITAMENTO DO MATERIAL, INCLUINDO FORNECIMENTO E TRANSPORTE DO CIMENTO)","M3",46.3]
[null,"RO-41079","-","RECICLAGEM E RECONFECÇÃO DO PAVIMENTO COM  ADIÇÃO DE 3% DE CIMENTO, COMPACTADA NA ENERGIA DO PROCTOR INTERMEDIÁRIO (EXECUÇÃO COM REAPROVEITAMENTO DO MATERIAL , INCLUINDO O FORNECIMENTO E TRANSPORTE DO CIMENTO)","M3",55.9]
[null,"RO-41081","OBR-VIA-125","REGULARIZAÇÃO DO SUB-LEITO (PROCTOR NORMAL)","M2",0.75]
[null,"RO-41083","OBR-VIA-131","REGULARIZAÇÃO DO SUB-LEITO (PROCTOR INTERNORMAL)","M2",0.79]
[null,"RO-41082","OBR-VIA-130","REGULARIZAÇÃO DO SUB-LEITO (PROCTOR INTERMEDIÁRIO)","M2",0.78]
[null,"RO-41087","-","ESCAVAÇÃO E CARGA DE MATERIAL DE JAZIDA (INCLUSIVE EXPURGO E CAPEAMENTO)","M3",5.53]
[null,"RO-41093","OBR-VIA-135","REFORÇO DO SUB-LEITO (EXECUÇÃO, INCLUINDO ESCAVAÇÃO, CARGA, DESCARGA, HOMOGENIZAÇÃO, UMIDECIMENTO, ESPALHAMENTO E COMPACTAÇÃO DO MATERIAL)","M3",10.029999999999999]
[null,"RO-41092","-","REFORÇO DO SUB-LEITO COM ADIÇÃO DE 3% DE CAL E COMPACTAÇÃO À 100% (EXECUÇÃO, INCLUINDO FORNRCIMENTO DA CAL, ESCAVAÇÃO, CARGA, DESCARGA, HOMOGENIZAÇÃO, UMIDECIMENTO, ESPALHAMENTO E COMPACTAÇÃO DO MATERIAL)","M3",21.64]
[null,"RO-43112","-","SUB-BASE, SEM MISTURA, COMPACTADA NA ENERGIA DO PROCTOR INTERMEDIÁRIO (EXECUÇÃO, INCLUINDO ESCAVAÇÃO, CARGA, DESCARGA, ESPALHAMENTO, UMIDECIMENTO E COMPACTAÇÃO DO MATERIAL; EXCLUI AQUISIÇÃO E TRANSPORTE DO MATERIAL)","M3",13.48]
[null,"RO-42280","-","SUB-BASE, SEM MISTURA, COMPACTADA NA ENERGIA DE PROCTOR INTERMODIFICADO (EXECUÇÃO, INCLUINDO ESCAVAÇÃO, CARGA, DESCARGA, ESPALHAMENTO, UMIDECIMENTO E COMPACTAÇÃO DO MATERIAL; EXCLUI AQUISIÇÃO E TRANSPORTE DO MATERIAL)","M3",13.84]
[null,"RO-43195","OBR-VIA-140","SUB-BASE, SEM MISTURA, COMPACTADO NA ENERGIA DO PROCTOR MODIFICADO (EXECUÇÃO, INCLUINDO ESCAVAÇÃO, CARGA, DESCARGA, ESPALHAMENTO, UMIDECIMENTO E COMPACTAÇÃO DO MATERIAL; EXCLUI AQUISIÇÃO E TRANSPORTE DO MATERIAL)","M3",14.23]
[null,"RO-41104","-","SUB-BASE DE SOLO, COM MISTURA NA PISTA, COMPACTADA NA ENERGIA DO PROCTOR INTERMEDIÁRIO (EXECUÇÃO, INCLUINDO ESCAVAÇÃO, CARGA E DESCARGA DO MATERIAL DE JAZIDA, ESPALHAMENTO, UMIDECIMENTO, HOMOGENIZAÇÃO E COMPACTAÇÃO DA MISTURA; EXCLUI AQUISIÇÃO E TRANSPORTE DO MATERIAL)","M3",14.62]
[null,"RO-41135","-","SUB-BASE DE SOLO, COM MISTURA NA PISTA, COMPACTADA NA ENERGIA DE PROCTOR INTERMODIFICADO (EXECUÇÃO, INCLUINDO ESCAVAÇÃO, CARGA E DESCARGA DO MATERIAL DE JAZIDA, ESPALHAMENTO, UMIDECIMENTO, HOMOGENIZAÇÃO E COMPACTAÇÃO DA MISTURA; EXCLUI AQUISIÇÃO E TRANSPORTE DO MATERIAL)","M3",15.08]
[null,"RO-43113","OBR-VIA-145","BASE DE SOLO SEM MISTURA, COMPACTADA NA ENERGIA DO PROCTOR INTERMEDIÁRIO (EXECUÇÃO, INCLUINDO ESCAVAÇÃO, CARGA, DESCARGA, ESPALHAMENTO, UMIDECIMENTO E COMPACTAÇÃO DO MATERIAL; EXCLUI AQUISIÇÃO E TRANSPORTE DO MATERIAL)","M3",13.48]
[null,"RO-42395","-","BASE DE SOLO SEM MISTURA, COMPACTADA NA ENERGIA DO PROCTOR INTERMODIFICADO (EXECUÇÃO, INCLUINDO ESCAVAÇÃO, CARGA, DESCARGA, ESPALHAMENTO, UMIDECIMENTO E COMPACTAÇÃO DO MATERIAL; EXCLUI AQUISIÇÃO E TRANSPORTE DO MATERIAL)","M3",13.84]
[null,"RO-41098","-","BASE DE SOLO SEM MISTURA, COMPACTADA NA ENERGIA DO PROCTOR MODIFICADO (EXECUÇÃO, INCLUINDO ESCAVAÇÃO, CARGA, DESCARGA, ESPALHAMENTO, UMIDECIMENTO E COMPACTAÇÃO DO MATERIAL; EXCLUI AQUISIÇÃO E TRANSPORTE DO MATERIAL)","M3",14.23]
[null,"RO-44242","-","BASE DE SOLO COM MISTURA NA PISTA, COMPACTADA NA ENERGIA DO PROCTOR INTERMODIFICADO (EXECUÇÃO, INCLUINDO ESCAVAÇÃO, CARGA E DESCARGA DO MATERIAL DE JAZIDA, ESPALHAMENTO, UMIDECIMENTO, HOMOGENIZAÇÃO E COMPACTAÇÃO DA MISTURA; EXCLUI AQUISIÇÃO E TRANSPORTE DO MATERIAL)","M3",15.08]
[null,"RO-42186","-","BASE DE SOLO COM MISTURA EM USINA, COMPACTADA NA ENERGIA DO PROCTOR INTERMEDIARIO (EXECUÇÃO, INCLUINDO ESCAVAÇÃO, CARGA, DESCARGA,  ESPALHAMENTO E COMPACTAÇÃO DA MISTURA; EXCLUI AQUISIÇÃO E TRANSPORTE DO MATERIAL E DA MISTURA)","M3",15.87]
[null,"RO-43164","-","BASE DE SOLO COM MISTURA EM USINA, COMPACTADA NA ENERGIA DO PROCTOR INTERMODIFICADO (EXECUÇÃO, INCLUINDO ESCAVAÇÃO, CARGA, DESCARGA,  ESPALHAMENTO E COMPACTAÇÃO DA MISTURA; EXCLUI AQUISIÇÃO E TRANSPORTE DO MATERIAL E DA MISTURA)","M3",16.13]
[null,"RO-41163","-","BASE, COM MISTURA NA PISTA, 80% DE SOLO E 20% DE ARGILA, COMPACTADA NA ENERGIA DO PROCTOR INTERMODIFICADO (EXECUÇÃO, INCLUINDO  ESCAVAÇÃO, CARGA E DESCARGA DO MATERIAL DE JAZIDA, ESPALHAMENTO, UMIDECIMENTO, HOMOGENIZAÇÃO E COMPACTAÇÃO DA MISTURA; EXCLUI ESCAVAÇÃO E CARGA DA ARGILA, AQUISIÇÃO DO SOLO E TRANSPORTE DOS MATERIAIS)","M3",13.71]
[null,"RO-43165","-","BASE, COM MISTURA EM USINA, 80% DE SOLO E 20% DE ARGILA, COMPACTADA NA ENERGIA DO PROCTOR INTERMODIFICADO (EXECUÇÃO, INCLUINDO ESCAVAÇÃO E CARGA DO MATERIAL DE JAZIDA; CARGA E DESCARGA, ESPALHAMENTO E COMPACTAÇÃO DA MISTURA; EXCLUI ESCAVAÇÃO E CARGA DA ARGILA, AQUISIÇÃO DO SOLO E TRANSPORTE DOS MATERIAIS E DA MISTURA)","M3",14.76]
[null,"RO-43170","-","BASE, COM MISTURA EM USINA, 80% DE SOLO E 20% DE ARGILA, COMPACTADA NA ENERGIA DO PROCTOR MODIFICADO (EXECUÇÃO, INCLUINDO ESCAVAÇÃO E CARGA DO MATERIAL DE JAZIDA; CARGA E DESCARGA, ESPALHAMENTO E COMPACTAÇÃO DA MISTURA; EXCLUI ESCAVAÇÃO E CARGA DA ARGILA, AQUISIÇÃO DO SOLO E TRANSPORTE DOS MATERIAIS E DA MISTURA)","M3",15.04]
[null,"RO-41144","-","BASE, COM MISTURA EM USINA, 70% DE SOLO E 30% DE BRITA, COMPACTADA NA ENERGIA DO PROCTOR INTERMEDIÁRIO (EXECUÇÃO, INCLUINDO FORNECIMENTO DA BRITA, ESCAVAÇÃO E CARGA DO MATERIAL DE JAZIDA; CARGA E DESCARGA, ESPALHAMENTO E COMPACTAÇÃO DA MISTURA; EXCLUI A AQUISIÇÃO DO SOLO E TRANSPORTE DOS MATERIAIS E DA MISTURA)","M3",34.71]
[null,"RO-41113","-","BASE, COM MISTURA NA PISTA, 67% DE SOLO E 33% DE BICA CORRIDA,  COMPACTADA NA ENERGIA DO PROCTOR INTERMEDIÁRIO (EXECUÇÃO, INCLUINDO FORNECIMENTO DA BICA CORRIDA, ESCAVAÇÃO E CARGA DO MATERIAL DE JAZIDA, ESPALHAMENTO, UMIDECIMENTO, HOMOGENIZAÇÃO E COMPACTAÇÃO DA MISTURA; EXCLUI A AQUISIÇÃO DO SOLO E TRANSPORTE DOS MATERIAIS)","M3",28.12]
[null,"RO-41138","-","BASE, COM MISTURA NA PISTA, DE SOLO-CIMENTO A 3% DE CIMENTO COMPACTADA NA ENERGIA DO PROCTOR INTERMEDIÁRIO (EXECUÇÃO, INCLUINDO FORNECIMENTO E TRANSPORTE DO CIMENTO, ESCAVAÇÃO E CARGA DO MATERIAL DE JAZIDA, ESPALHAMENTO, UMIDECIMENTO, HOMOGENEIZAÇÃO E COMPACTAÇÃO DA MISTURA;  EXCLUI A AQUISIÇÃO DO SOLO E TRANSPORTE DO MATERIAL)","M3",47.25]
[null,"RO-41137","-","BASE, COM MISTURA EM USINA, DE SOLO-CIMENTO A 3% DE CIMENTO COMPACTADA NA ENERGIA DO PROCTOR  MODIFICADO (EXECUÇÃO, INCLUINDO FORNECIMENTO E TRANSPORTE DO CIMENTO, ESCAVAÇÃO E CARGA DO MATERIAL DE JAZIDA,  CARGA E DESCARGA, ESPALHAMENTO E COMPACTAÇÃO DA MISTURA; EXCLUI A AQUISIÇÃO DO SOLO E TRANSPORTE DO MATERIAL E DA MISTURA)","M3",47.54]
[null,"RO-44461","-","BASE, COM MISTURA NA PISTA, DE BICA CORRIDA MELHORADA COM 2% DE CIMENTO, COMPACTADA NA ENERGIA DO PROCTOR MODIFICADO (EXECUÇÃO, INCLUINDO FORNECIMENTO E TRANSPORTE DO CIMENTO, FORNECIMENTO DA BICA CORRIDA, ESPALHAMENTO, UMIDECIMENTO, HOMOGENEIZAÇÃO E COMPACTAÇÃO DA MISTURA; EXCLUI O TRANSPORTE DA BICA CORRIDA)","M3",76.959999999999994]
[null,"RO-43836","-","BASE, COM MISTURA NA PISTA, DE BICA CORRIDA MELHORADA COM 2% DE CIMENTO, COMPACTADA NA ENERGIA DO PROCTOR INTERMEDIÁRIO (EXECUÇÃO, INCLUINDO FORNECIMENTO E TRANSPORTE DO CIMENTO, FORNECIMENTO DA BICA CORRIDA, ESPALHAMENTO, UMIDECIMENTO, HOMOGENEIZAÇÃO E COMPACTAÇÃO DA MISTURA; EXCLUI O TRANSPORTE DA BICA CORRIDA)","M3",75.62]
[null,"RO-41688","-","BASE, COM MISTURA EM USINA, DE BRITA GRADUADA TRATADA COM 1,5% DE CIMENTO, COMPACTADA NA ENERGIA DO PROCTOR INTERMODIFICADO (EXECUÇÃO, INCLUINDO FORNECIMENTO E TRANSPORTE DO CIMENTO, FORNECIMENTO DA BRITA, CARGA E DESCARGA, ESPALHAMENTO E COMPACTAÇÃO DA MISTURA; EXCLUI O TRANSPORTE DA BRITA E DA MISTURA)","M3",104.45]
[null,"RO-43859","-","BASE, COM MISTURA EM USINA, DE BRITA GRADUADA TRATADA COM 1,5% DE CIMENTO, COMPACTADA NA ENERGIA DO PROCTOR MODIFICADO (EXECUÇÃO, INCLUINDO FORNECIMENTO E TRANSPORTE DO CIMENTO, FORNECIMENTO DA BRITA, CARGA E DESCARGA, ESPALHAMENTO E COMPACTAÇÃO DA MISTURA; EXCLUI O TRANSPORTE DA BRITA E DA MISTURA)","M3",104.73]
[null,"RO-41164","-","IMPRIMAÇÃO SEM FORNECIMENTO DO MATERIAL BETUMINOSO (EXECUÇÃO, INCLUINDO TRANSPORTE DO MATERIAL BETUMINOSO DENTRO DO CANTEIRO DE OBRAS)","M2",0.26]
[null,"RO-51228","OBR-VIA-160","IMPRIMAÇÃO (EXECUÇÃO E FORNECIMENTO DO MATERIAL BETUMINOSO, EXCLUSIVE TRANSPORTE DO MATERIAL BETUMINOSO)","M2",6.66]
[null,"RO-41166","-","PINTURA DE LIGAÇÃO SEM FORNECIMENTO DO MATERIAL BETUMINOSO (EXECUÇÃO, INCLUINDO O TRANSPORTE DO MATERIAL BETUMINOSO DENTRO DO CANTEIRO DE OBRAS)","M2",0.18]
[null,"RO-51229","OBR-VIA-165","PINTURA DE LIGAÇÃO (EXECUÇÃO E FORNECIMENTO DO MATERIAL BETUMINOSO, EXCLUSIVE TRANSPORTE DO MATERIAL BETUMINOSO)","M2",1.52]
[null,"RO-41168","-","TRATAMENTO SUPERFICIAL SIMPLES COM BANHO DILUÍDO (EXECUÇÃO, INCLUINDO FORNECIMENTO E LIMPEZA DOS AGREGADOS)","M2",2.36]
[null,"RO-13320","-","TRATAMENTO SUPERFICIAL SIMPLES COM BANHO DILUÍDO (EXECUÇÃO, INCLUINDO FORNECIMENTO E LIMPEZA DOS AGREGADOS E FORNECIMENTO DO MATERIAL BETUMINOSO, EXCLUSIVE TRANSPORTE DO MATERIAL BETUMINOSO)","M2",6.43]
[null,"RO-43449","-","TRATAMENTO SUPERFICIAL DUPLO COM BANHO DILUÍDO (EXECUÇÃO, INCLUINDO FORNECIMENTO E LIMPEZA DOS AGREGADOS)","M2",4.05]
[null,"RO-13321","OBR-VIA-177","TRATAMENTO SUPERFICIAL DUPLO COM BANHO DILUÍDO E FORNECIMENTO DO MATERIAL BETUMINOSO (EXECUÇÃO, INCLUINDO FORNECIMENTO E LIMPEZA DOS AGREGADOS E FORNECIMENTO DO MATERIAL BETUMINOSO, EXCLUSIVE TRANSPORTE DO MATERIAL BETUMINOSO)","M2",10.51]
[null,"RO-42664","-","TRATAMENTO SUPERFICIAL DUPLO COM APLICAÇÃO DE EMULSÃO ASFÁLTICA MODIFICADA POR POLÍMERO (EXECUÇÃO, INCLUINDO FORNECIMENTO E LIMPEZA DOS AGREGADOS)","M2",3.95]
[null,"RO-41170","-","TRATAMENTO SUPERFICIAL TRIPLO COM BANHO DILUÍDO (EXECUÇÃO, INCLUINDO FORNECIMENTO E LIMPEZA DOS AGREGADOS E TRANSPORTE DO MATERIAL BETUMINOSO DENTRO DO CANTEIRO DE OBRAS)","M2",5.43]
[null,"RO-41171","-","TRATAMENTO ANTI-PÓ (EXECUÇÃO, INCLUINDO O FORNECIMENTO DA AREIA)","M2",0.73]
[null,"RO-41177","-","CONCRETO BETUMINOSO USINADO A QUENTE (FAIXA C) (EXECUÇÃO, INCLUINDO USINAGEM, APLICAÇÃO, ESPALHAMENTO E COMPACTAÇÃO, FORNECIMENTO DOS AGREGADOS; EXCLUI O FORNECIMENTO E TRANSPORTE DO MATERIAL BETUMINOSO, O TRANSPORTE DOS AGREGADOS E O TRANSPORTE DA USINA ATÉ A PISTA)","M3",214.89]
[null,"RO-14019","OBR-VIA-180","CONCRETO BETUMINOSO USINADO A QUENTE - CBUQ (EXECUÇÃO, INCLUINDO USINAGEM, APLICAÇÃO, ESPALHAMENTO E COMPACTAÇÃO, FORNECIMENTO DOS AGREGADOS E MATERIAL BETUMINOSO, EXCLUI TRANSPORTE DOS AGREGADOS E DO MATERIAL BETUMINOSO ATÉ USINA E DA MASSA PRONTA ATÉ A  PISTA)","M3",739.27]
[null,"RO-14020","-","CONCRETO BETUMINOSO USINADO A QUENTE - CBUQ (EXECUÇÃO, INCLUINDO USINAGEM, APLICAÇÃO, ESPALHAMENTO E COMPACTAÇÃO, FORNECIMENTO DOS AGREGADOS E MATERIAL BETUMINOSO, EXCLUI TRANSPORTE DOS AGREGADOS E DO MATERIAL BETUMINOSO ATÉ USINA E DA MASSA PRONTA ATÉ A PISTA)","T",308.02999999999997]
[null,"RO-43829","-","CONCRETO BETUMINOSO USINADO A QUENTE, MODIFICADO POR BORRACHA (FAIXA C) (EXECUÇÃO, INCLUINDO USINAGEM, APLICAÇÃO, ESPALHAMENTO E COMPACTAÇÃO, FORNECIMENTO DOS AGREGADOS; EXCLUI O FORNECIMENTO E TRANSPORTE DO MATERIAL BETUMINOSO, O TRANSPORTE DOS AGREGADOS E O TRANSPORTE DA USINA ATÉ A PISTA)","M3",227.44]
[null,"RO-42208","-","USINAGEM DE CONCRETO BETUMINOSO USINADO A QUENTE PARA REPERFILAMENTO  (FAIXA C) (EXECUÇÃO, INCLUINDO O FORNECIMENTO DOS AGREGADOS; EXCLUI O FORNECIMENTO E TRANSPORTE DO MATERIAL BETUMINOSO E O TRANSPORTE DOS AGREGADOS)","M3",176.3]
[null,"RO-41178","-","USINAGEM DE CONCRETO BETUMINOSO USINADO A QUENTE (FAIXA C) (EXECUÇÃO, INCLUINDO O FORNECIMENTO DOS AGREGADOS; EXCLUI O FORNECIMENTO E TRANSPORTE DO MATERIAL BETUMINOSO E O TRANSPORTE DOS AGREGADOS)","T",73.459999999999994]
[null,"RO-42649","-","MICRO-REVESTIMENTO ASFÁTICO A FRIO  COM ESPESSURA DE 12MM (EXECUÇÃO, INCLUINDO O FORNECIMENTO DE TODOS OS MATERIAIS, EXCETO A EMULSÃO)","M2",1.73]
[null,"RO-42831","-","MICRO-REVESTIMENTO ASFÁTICO A FRIO  (COM ESPESSURA DE 15MM (EXECUÇÃO, INCLUINDO O FORNECIMENTO DE TODOS OS MATERIAIS, EXCETO A EMULSÃO)","M2",2.23]
[null,"RO-43228","-","PRÉ-MISTURADO A FRIO (EXECUÇÃO, INCLUINDO O FORNECIMENTO DOS AGREGADOS, EXCLUI O TRANSPORTE DOS MATERIAIS, O FORNECIMENTO E TRANSPORTE DO MATERIAL BETUMINOSO)","M3",116.47]
[null,"RO-43402","-","USINAGEM DE PRÉ-MISTURADO A FRIO (EXECUÇÃO, INCLUINDO O FORNECIMENTO DOS AGREGADOS)","M3",85.39]
[null,"RO-14021","OBR-VIA-190","PRÉ-MISTURADO A FRIO - PMF (EXECUÇÃO, INCLUINDO USINAGEM, APLICAÇÃO, ESPALHAMENTO E COMPACTAÇÃO, FORNECIMENTO DOS AGREGADOS E MATERIAL BETUMINOSO, EXCLUI TRANSPORTE DOS AGREGADOS E DO MATERIAL BETUMINOSO ATÉ USINA E DA MASSA PRONTA ATÉ A PISTA)","M3",539.01]
[null,"RO-14022","-","PRÉ-MISTURADO A FRIO - PMF (EXECUÇÃO, INCLUINDO USINAGEM, APLICAÇÃO, ESPALHAMENTO E COMPACTAÇÃO, FORNECIMENTO DOS AGREGADOS E MATERIAL BETUMINOSO, EXCLUI TRANSPORTE DOS AGREGADOS E DO MATERIAL BETUMINOSO ATÉ USINA E DA MASSA PRONTA ATÉ A PISTA)","T",256.67]
[null,"RO-43327","-","LAMA ASFALTICA COM ESPESSURA DE 6,0 MM SEM FORNECIMENTO DO MATERIAL BETUMINOSO (EXECUÇÃO, INCLUINDO FORNECIMENTO DOS AGREGADOS E O TRANSPORTE DENTRO DO CANTEIRO DE OBRAS DO MATERIAL BETUMINOSO E DOS AGREGADOS)","M2",1.36]
[null,"RO-43422","-","LAMA ASFÁLTICA COM ESPESSURA DE 6,0 MM COM FORNECIMENTO DO MATERIAL BETUMINOSO (EXECUÇÃO, INCLUINDO FORNECIMENTO  E O TRANSPORTE DENTRO DO CANTEIRO DE OBRAS DOS AGREGADOS E DO MATERIAL BETUMINOSO)","M2",4.12]
[null,"RO-43326","-","LAMA ASFALTICA COM ESPESSURA DE 12,0 MM SEM FORNECIMENTO DO MATERIAL BETUMINOSO (EXECUÇÃO, INCLUINDO FORNECIMENTO DOS AGREGADOS E O TRANSPORTE DENTRO DO CANTEIRO DE OBRAS DO MATERIAL BETUMINOSO E DOS AGREGADOS)","M2",2.59]
[null,"RO-41204","-","LAMA ASFALTICA COM ESPESSURA DE 12,0 MM COM FORNECIMENTO DO MATERIAL BETUMINOSO (EXECUÇÃO, INCLUINDO FORNECIMENTO E  TRANSPORTE DENTRO DO CANTEIRO DE OBRAS  DOS AGREGADOS E DO MATERIAL BETUMINOSO)","M2",6.61]
[null,"RO-41207","-","REPERFILAMENTO DE PAVIMENTO (PARA CBUQ E PRÉ-MISTURADO A FRIO) (APLICAÇÃO COM MOTONIVELADORA, EXCLUI O FORNECIMENTO DA MASSA)","T",11.04]
[null,"RO-43971","OBR-VIA-200","PAVIMENTO DE ALVENARIA POLIÉDRICA COM 8,0 CM DE ESPESSURA (EXECUÇÃO, INCLUINDO O FORNECIMENTO DO MATERIAL DO COLCHÃO DE ASSENTAMENTO E DAS PEDRAS; EXCLUI OS TRANSPORTES DOS MATERIAIS)","M2",20.37]
[null,"RO-41208","OBR-VIA-205","PAVIMENTO DE PARALEPÍPEDO COM 10,0 CM DE ESPESSURA (EXECUÇÃO, INCLUINDO O FORNECIMENTO DO MATERIAL DO COLCHÃO DE ASSENTAMENTO E DAS PEDRAS; EXCLUI OS TRANSPORTES DOS MATERIAIS)","M2",35.119999999999997]
[null,"RO-41773","-","REMOÇÃO E CARGA DA CAMADA DE MATERIAL GRANULAR DO PAVIMENTO (BASE E/OU SUB-BASE)","M3",6.05]
[null,"RO-41209","-","REMOÇAO E CARGA DO REVESTIMENTO ASFALTICO EM TRATAMENTO SUPERFICIAL","M2",0.38]
[null,"RO-41212","-","REMOÇÃO E CARGA DO REVESTIMENTO ASFALTICO EM PRÉ-MISTURADO OU CONCRETO BETUMINOSO USINADO A QUENTE","M2",0.7]
[null,"RO-41211","-","REMOÇÃO E CARGA DE TODO PAVIMENTO EXISTENTE","M3",6.44]
[]
[]
[]
[]
[]
[]
[]
[]
[null,"105 - PAVIMENTAÇÃO CONCRETO"]
[null,"RO-43473","-","CORDÃO TRAPEZOIDAL DE CONCRETO NAS DIMENSÕES 15X12 CM E H=35 CM (FCK >=35 MPA) (EXECUÇÃO, INCLUINDO O FORNECIMENTO E TRANSPORTE DE TODOS OS MATERIAIS)","M",26.02]
[null,"RO-42387","-","REMOÇÃO DE BLOCOS SEXTAVADOS (BLOQUETES)","M2",9.5500000000000007]
[null,"RO-43415","-","REMOÇÃO MANUAL DE CALÇAMENTO INTERTRAVADO","M2",11.46]
[]
[]
[]
[]
[]
[]
[]
[]
[]
[]
[]
[]
[]
[]
[]
[]
[]
[]
[]
[]
[]
[]
[]
[]
[]
[]
[]
[]
[]
[]
[]
[]
[]
[]
[]
[]
[]
[null,"106 - SINALIZAÇÃO HORIZONTAL "]
[null,"RO-41228","OBR-VIA-230","TACHÃO REFLETIVO  TIPO SHTRG, COM CATADIÓPTRICO NAS DUAS FACES (EXECUÇÃO, INCLUINDO FORNECIMENTO, COLOCAÇÃO E TRANSPORTE DE TODOS OS MATERIAIS)","U",23.42]
[null,"RO-41229","OBR-VIA-225","TACHÃO REFLETIVO TIPO SHTRG, COM CATADIÓPTRICO EM APENAS UMA FACE (EXECUÇÃO, INCLUINDO FORNECIMENTO, COLOCAÇÃO E TRANSPORTE DE TODOS OS MATERIAIS)","U",22.14]
[null,"RO-41230","OBR-VIA-220","TACHA REFLETIVA TIPO SHTRP, COM CATADIÓPTRICO NAS DUAS FACES (EXECUÇÃO, INCLUINDO FORNECIMENTO, COLOCAÇÃO E TRANSPORTE DE TODOS OS MATERIAIS)","U",13.59]
[null,"RO-41231","OBR-VIA-235","TACHA REFLETIVA TIPO SHTRP, COM CATADIÓPTRICO EM APENAS UMA FACE (EXECUÇÃO, INCLUINDO FORNECIMENTO, COLOCAÇÃO E TRANSPORTE DE TODOS OS MATERIAIS)","U",11.1]
[null,"RO-43269","-","BANDA RUGOSA EM PRÉ-MISTURADO A FRIO COM FORNECIMENTO DO MATERIAL BETUMINOSO (EXECUÇÃO INCLUINDO O FORNECIMENTO E TRANSPORTE DOS AGREGADOS, MATERIAL BETUMINOSO E PINTURA DE LIGAÇÃO)","M3",829.11]
[null,"RO-42215","-","BANDA RUGOSA EM PRÉ-MISTURADO A FRIO SEM FORNECIMENTO DO MATERIAL BETUMINOSO (EXECUÇÃO, INCLUINDO O FORNECIMENTO DOS AGREGADOS E PINTURA  DE LIGAÇÃO)","M3",364.04]
[null,"RO-42399","-","BANDA RUGOSA EM CONCRETO BETUMINOSO USINADO A QUENTE COM  FORNECIMENTO DO MATERIAL BETUMINOSO (EXECUÇÃO, INCLUINDO O FORNECIMENTO E TRANSPORTE DOS AGREGADOS, MATERIAL BETUMINOSO E PINTURA  DE LIGAÇÃO)","M3",975.54]
[null,"RO-42198","OBR-VIA-240","LINHAS DE RESINA ACRILICA 0,6MM DE ESPESSURA E LARGURA  = 0,08M (EXECUÇÃO, INCLUSIVE PRÉ-MARCAÇÃO, FORNECIMENTO E TRANSPORTE DE TODOS OS MATERIAIS)","M",1.39]
[null,"RO-41237","OBR-VIA-245","LINHAS DE RESINA ACRILICA DE  0,6MM  DE ESPESSURA E LARGURA  = 0,10M (EXECUÇÃO, INCLUINDO PRÉ-MARCAÇÃO, FORNECIMENTO E TRANSPORTE DE TODOS OS MATERIAIS)","M",1.71]
[null,"RO-41239","OBR-VIA-250","LINHAS DE RESINA ACRILICA 0,6MM DE ESPESSURA E LARGURA  = 0,20M (EXECUÇÃO, INCLUSIVE PRÉ-MARCAÇÃO, FORNECIMENTO E TRANSPORTE DE TODOS OS MATERIAIS)","M",3.32]
[null,"RO-41240","OBR-VIA-255","LINHAS DE RESINA ACRILICA 0,6MM DE ESPESSURA E  LARGURA = 0,30M (EXECUÇÃO, INCLUSIVE PRÉ-MARCAÇÃO, FORNECIMENTO E TRANSPORTE DE TODOS OS MATERIAIS)","M",4.93]
[null,"RO-41243","OBR-VIA-260","LINHAS DE RESINA ACRILICA 0,6MM COM LARGURA > 0,30M (EXECUÇÃO, INCLUSIVE PRÉ-MARCAÇÃO, FORNECIMENTO E TRANSPORTE DE TODOS OS MATERIAIS)","M2",16.13]
[null,"RO-41779","OBR-VIA-265","SETAS, SIMBOLOS E DIZERES DE RESINA ACRÍLICA 0,6MM DE ESPESSURA (EXECUÇÃO, INCLUINDO PRÉ-MARCAÇÃO, FORNECIMENTO E TRANSPORTE DE TODOS OS MATERIAIS)","M2",24.19]
[null,"RO-41227","-","PRÉ-MARCAÇÃO PARA LINHAS DE SINALIZAÇÃO HORIZONTAL POR ALINHAMENTO (EXECUÇÃO, INCLUINDO FORNECIMENTO E TRANSPORTE DE TODOS OS MATERIAIS EIXO, BORDO ESQUERDO E BORDO DIREITO)","KM",102.75]
[]
[]
[]
[]
[]
[]
[]
[]
[]
[]
[]
[]
[]
[]
[]
[]
[]
[]
[]
[]
[]
[]
[]
[]
[]
[]
[]
[]
[]
[]
[]
[]
[]
[]
[]
[]
[null,"143 - SINALIZAÇÃO VERTICAL "]
[null,"RO-41841","-","PLACA DE AÇO CARBONO COM PELÍCULA REFLETIVA GRAU TÉCNICO TIPO I DA ABNT - PLACA CIRCULAR (EXECUÇÃO, INCLUINDO FORNECIMENTO E TRANSPORTE DE TODOS OS MATERIAIS, INCLUSIVE POSTE DE SUSTENTAÇÃO)","M2",333]
[null,"RO-41842","-","PLACA DE AÇO CARBONO COM PELÍCULA REFLETIVA GRAU TÉCNICO TIPO I DA ABNT - PLACA OCTOGONAL (EXECUÇÃO, INCLUINDO FORNECIMENTO E TRANSPORTE DE TODOS OS MATERIAIS, INCLUSIVE POSTE DE SUSTENTAÇÃO)","M2",312.87]
[null,"RO-41843","-","PLACA DE AÇO CARBONO COM PELÍCULA REFLETIVA GRAU TÉCNICO TIPO I DA ABNT - PLACA TRIANGULAR (EXECUÇÃO, INCLUINDO FORNECIMENTO E TRANSPORTE DE TODOS OS MATERIAIS, INCLUSIVE POSTE DE SUSTENTAÇÃO)","M2",298.3]
[null,"RO-41844","-","PLACA DE AÇO CARBONO COM PELÍCULA REFLETIVA GRAU TÉCNICO TIPO I DA ABNT - PLACA QUADRADA (EXECUÇÃO, INCLUINDO FORNECIMENTO E TRANSPORTE DE TODOS OS MATERIAIS, INCLUSIVE POSTE DE SUSTENTAÇÃO)","M2",322.52]
[null,"RO-42193","-","PLACA DE AÇO CARBONO COM PELÍCULA REFLETIVA GRAU TÉCNICO TIPO I DA ABNT - PLACA RETANGULAR (EXECUÇÃO, INCLUINDO FORNECIMENTO E TRANSPORTE DE TODOS OS MATERIAIS, INCLUSIVE POSTE DE SUSTENTAÇÃO)","M2",341.34]
[null,"RO-42196","-","PLACA DE AÇO CARBONO COM PELÍCULA REFLETIVA GRAU TÉCNICO TIPO I DA ABNT - MARCO QUILOMÉTRICO (EXECUÇÃO, INCLUINDO FORNECIMENTO E TRANSPORTE DE TODOS OS MATERIAIS, INCLUSIVE POSTE DE SUSTENTAÇÃO)","M2",341.34]
[null,"RO-42210","-","PLACA DE AÇO CARBONO COM PELÍCULA REFLETIVA GRAU TÉCNICO TIPO I DA ABNT - ESCUDO (EXECUÇÃO, INCLUINDO FORNECIMENTO E TRANSPORTE DE TODOS OS MATERIAIS, INCLUSIVE POSTE DE SUSTENTAÇÃO)","M2",341.34]
[null,"RO-42194","-","PLACA DE AÇO CARBONO COM PELÍCULA REFLETIVA GRAU TÉCNICO TIPO I DA ABNT - MARCADOR DE ALINHAMENTO (EXECUÇÃO, INCLUINDO FORNECIMENTO E TRANSPORTE DE TODOS OS MATERIAIS, INCLUSIVE POSTE DE SUSTENTAÇÃO)","M2",128.43]
[null,"RO-42195","-","PLACA DE AÇO CARBONO COM PELÍCULA REFLETIVA GRAU TÉCNICO TIPO I DA ABNT - MARCADOR DE PERIGO 0,30 X 0,90M (EXECUÇÃO, INCLUINDO FORNECIMENTO E TRANSPORTE DE TODOS OS MATERIAIS, INCLUSIVE POSTE DE SUSTENTAÇÃO)","M2",128.43]
[null,"RO-42977","-","PLACA DE AÇO CARBONO COM PELÍCULA REFLETIVA ALTA INTENSIDADE PRISMÁTICA TIPO III DA ABNT - PLACA CIRCULAR (EXECUÇÃO, INCLUINDO FORNECIMENTO E TRANSPORTE DE TODOS OS MATERIAIS, INCLUSIVE POSTES DE SUSTENTAÇÃO)","M2",377.68]
[null,"RO-42978","-","PLACA DE AÇO CARBONO COM PELÍCULA REFLETIVA ALTA INTENSIDADE PRISMÁTICA TIPO III DA ABNT - PLACA OCTOGONAL (EXECUÇÃO, INCLUINDO FORNECIMENTO E TRANSPORTE DE TODOS OS MATERIAIS, INCLUSIVE POSTES DE SUSTENTAÇÃO)","M2",350.12]
[null,"RO-42979","-","PLACA DE AÇO CARBONO COM PELÍCULA REFLETIVA ALTA INTENSIDADE PRISMÁTICA TIPO III DA ABNT - PLACA TRIANGULAR (EXECUÇÃO, INCLUINDO FORNECIMENTO E TRANSPORTE DE TODOS OS MATERIAIS, INCLUSIVE POSTES DE SUSTENTAÇÃO)","M2",336.42]
[null,"RO-42980","-","PLACA DE AÇO CARBONO COM PELÍCULA REFLETIVA ALTA INTENSIDADE PRISMÁTICA TIPO III DA ABNT - PLACA QUADRADA (EXECUÇÃO, INCLUINDO FORNECIMENTO E TRANSPORTE DE TODOS OS MATERIAIS, INCLUSIVE POSTES DE SUSTENTAÇÃO)","M2",363.34]
[null,"RO-42981","-","PLACA DE AÇO CARBONO COM PELÍCULA REFLETIVA ALTA INTENSIDADE PRISMÁTICA TIPO III DA ABNT - PLACA RETANGULAR (EXECUÇÃO, INCLUINDO FORNECIMENTO E TRANSPORTE DE TODOS OS MATERIAIS, INCLUSIVE POSTES DE SUSTENTAÇÃO)","M2",387.81]
[null,"RO-44586","-","PLACA DE AÇO CARBONO COM PELÍCULA REFLETIVA ALTA INTENSIDADE PRISMÁTICA TIPO III DA ABNT - MARCO QUILOMÉTRICO (EXECUÇÃO, INCLUINDO FORNECIMENTO E TRANSPORTE DE TODOS OS MATERIAIS, INCLUSIVE POSTES DE SUSTENTAÇÃO)","M2",387.81]
[null,"RO-42983","-","PLACA DE AÇO CARBONO COM PELÍCULA REFLETIVA ALTA INTENSIDADE PRISMÁTICA TIPO III DA ABNT - ESCUDO (EXECUÇÃO, INCLUINDO FORNECIMENTO E TRANSPORTE DE TODOS OS MATERIAIS, INCLUSIVE POSTES DE SUSTENTAÇÃO)","M2",387.81]
[null,"RO-44777","-","PLACA DE AÇO CARBONO COM PELÍCULA REFLETIVA ALTA INTENSIDADE PRISMÁTICA TIPO III DA ABNT  - MARCADOR DE ALINHAMENTO (EXECUÇÃO, INCLUINDO FORNECIMENTO E TRANSPORTE DE TODOS OS MATERIAIS, INCLUSIVE POSTES DE SUSTENTAÇÃO)","M2",145.49]
[null,"RO-44585","-","PLACA DE AÇO CARBONO COM PELÍCULA REFLETIVA ALTA INTENSIDADE PRISMÁTICA TIPO III DA ABNT - MARCADOR DE PERIGO 0,30X0,90 M (EXECUÇÃO, INCLUINDO FORNECIMENTO E TRANSPORTE DE TODOS OS MATERIAIS, INCLUSIVE POSTE DE SUSTENTAÇÃO)","M2",145.49]
[null,"RO-42878","-","PLACA DE AÇO CARBONO COM PELÍCULA REFLETIVA GRAU DIAMANTE TIPO X DA ABNT - PLACA CIRCULAR (EXECUÇÃO, INCLUINDO FORNECIMENTO E TRANSPORTE DE TODOS OS MATERIAIS, INCLUSIVE POSTE DE SUSTENTAÇÃO)","M2",667.09]
[null,"RO-42879","-","PLACA DE AÇO CARBONO COM PELÍCULA REFLETIVA GRAU DIAMANTE TIPO X DA ABNT - PLACA OCTOGONAL (EXECUÇÃO, INCLUINDO FORNECIMENTO E TRANSPORTE DE TODOS OS MATERIAIS, INCLUSIVE POSTES DE SUSTENTAÇÃO)","M2",591.29999999999995]
[null,"RO-42880","-","PLACA DE AÇO CARBONO COM PELÍCULA REFLETIVA GRAU DIAMANTE TIPO X DA ABNT - PLACA TRIANGULAR (EXECUÇÃO, INCLUINDO FORNECIMENTO E TRANSPORTE DE TODOS OS MATERIAIS, INCLUSIVE POSTE DE SUSTENTAÇÃO)","M2",583.41]
[null,"RO-42881","-","PLACA DE AÇO CARBONO COM PELÍCULA REFLETIVA GRAU DIAMANTE TIPO X DA ABNT - PLACA QUADRADA (EXECUÇÃO, INCLUINDO FORNECIMENTO E TRANSPORTE DE TODOS OS MATERIAIS, INCLUSIVE POSTE DE SUSTENTAÇÃO)","M2",627.67999999999995]
[null,"RO-42887","-","BALIZADOR DE LÂMINA FLEXIVEL DE PVC, TIPO SV-BLF (EXECUÇÃO, INCLUINDO FORNECIMENTO E TRANSPORTE DE TODOS  MATERIAIS)","U",16.3]
[null,"RO-42882","-","PLACA DE AÇO CARBONO COM PELÍCULA REFLETIVA GRAU DIAMANTE TIPO X DA ABNT - PLACA RETANGULAR (EXECUÇÃO, INCLUINDO FORNECIMENTO E TRANSPORTE DE TODOS OS MATERIAIS, INCLUSIVE POSTE DE SUSTENTAÇÃO)","M2",688.81]
[null,"RO-42885","-","PLACA DE AÇO CARBONO COM PELÍCULA REFLETIVA GRAU DIAMANTE TIPO X DA ABNT - MARCO QUILOMÉTRICO (EXECUÇÃO, INCLUINDO FORNECIMENTO TRANSPORTE DE TODOS  MATERIAIS, INCLUSIVE POSTE DE SUSTENTAÇÃO)","M2",688.81]
[null,"RO-42886","-","PLACA DE AÇO CARBONO COM PELÍCULA REFLETIVA GRAU DIAMANTE TIPO X DA ABNT - ESCUDO (EXECUÇÃO, INCLUINDO FORNECIMENTO TRANSPORTE DE TODOS  MATERIAIS, INCLUSIVE POSTE DE SUSTENTAÇÃO)","M2",688.81]
[null,"RO-42883","-","PLACA DE AÇO CARBONO COM PELÍCULA REFLETIVA GRAU DIAMANTE TIPO X DA ABNT, COM SUPORTE DE MADEIRA - MARCADOR DE ALINHAMENTO (EXECUÇÃO, INCLUINDO FORNECIMENTO TRANSPORTE DE TODOS  MATERIAIS, INCLUSIVE POSTE DE SUSTENTAÇÃO)","M2",256]
[null,"RO-42884","-","PLACA DE AÇO CARBONO COM PELÍCULA REFLETIVA GRAU DIAMANTE TIPO X DA ABNT - MARCADOR DE PERIGO 0,30 X 0,90 M (EXECUÇÃO, INCLUINDO FORNECIMENTO TRANSPORTE DE TODOS  MATERIAIS, INCLUSIVE POSTE DE SUSTENTAÇÃO)","M2",256]
[null,"RO-43226","-","COLOCAÇÃO DE PLACAS","M2",62.42]
[null,"RO-43014","-","REMOÇÃO DE PLACAS","U",12.83]
[null,"RO-42830","-","BRAÇO PROJETADO COM ALTURA MAIOR OU IGUAL À 5,50 METROS E VÃO DE 3,80 METROS (EXECUÇÃO, INCLUINDO INSTALAÇÃO, BASE DE CONCRETO, CHUMBADORES, COLOCAÇÃO DA PLACA,FORNECIMENTO E TRANSPORTE DOS  MATERIAIS)","U",1600.4]
[null,"RO-42829","-","BRAÇO PROJETADO COM ALTURA MAIOR OU IGUAL À 5,50 METROS E VÃO DE 4,80 METROS (EXECUÇÃO, INCLUINDO INSTALAÇÃO, BASE DE CONCRETO, CHUMBADORES, COLOCAÇÃO DA PLACA, FORNECIMENTO E TRANSPORTE DOS  MATERIAIS)","U",1961.95]
[]
[]
[]
[]
[]
[]
[]
[]
[]
[]
[]
[]
[]
[]
[]
[]
[]
[]
[]
[]
[]
[]
[]
[]
[]
[]
[]
[]
[]
[]
[]
[]
[]
[]
[null,"180 - OBRAS COMPLEMENTARES E MEIO AMBIENTE"]
[null,"RO-41278","-","CERCA DE ARAME FARPADO, TIPO OC.CA-01 (COM 4 FIOS E MOURÃO DE MADEIRA COM ESPAÇAMENTO DE 2,5 METROS) ((EXECUÇÃO, INCLUINDO ESCAVAÇÃO , FORNECIMENTO, ASSENTAMENTO E TRANSPORTE DE TODOS OS MATERIAIS)","M",14.14]
[null,"RO-41763","-","DEFENSA SINGELA SEMI-MALEÁVEL SV-DSM-02 (EXECUÇÃO, INCLUINDO FORNECIMENTO, COLOCAÇÃO E TRANSPORTE DE TODOS OS MATERIAIS)","M",262.01]
[null,"RO-42283","-","PASSEIO DE CONCRETO (FCK >= 11 MPA - ESPESSURA DE 6 CM) (EXECUÇÃO, INCLUINDO FORNECIMENTO E TRANSPORTE DE TODOS OS MATERIAIS)","M2",35.32]
[null,"RO-41396","-","CONFORMAÇÃO DAS CAIXAS DE EMPRÉSTIMOS E JAZIDAS (EXECUÇÃO, INCLUINDO REGULARIZAÇÃO, FORNECIMENTO E TRANSPORTE DE TODOS OS MATERIAIS)","M2",0.21]
[null,"RO-41399","-","CONFORMAÇÃO E PROTEÇÃO DOS LOCAIS DE BOTA FORA (EXECUÇÃO, INCLUINDO REGULARIZAÇÃO, FORNECIMENTO E TRANSPORTE DE TODOS OS MATERIAIS)","M2",0.21]
[null,"RO-41400","-","ESTOCAGEM DA CAMADA VEGETAL DE CAIXAS DE EMPRESTIMO E JAZIDAS","M2",0.14000000000000001]
[null,"RO-41401","-","REPOSIÇÃO DE CAMADA VEGETAL EM CAIXA DE EMPRÉSTIMO E JAZIDAS","M2",0.63]
[null,"RO-41402","-","REVESTIMENTO VEGETAL COM GRAMAS EM PLACAS (EXECUÇÃO, INCLUINDO FORNECIMENTO, UMIDECIMENTO, CORTE E CARGA DA GRAMA, ADUBAÇÃO E PLANTIO)","M2",6.19]
[null,"RO-41404","-","REVESTIMENTO VEGETAL COM SEMEADURA MANUAL (EXECUÇÃO, INCLUINDO FORNECIMENTO E TRANSPORTE DE TODOS OS MATERIAIS)","M2",1.73]
[null,"RO-41781","-","ARBORIZAÇÃO COM O FORNECIMENTO E TRANSPORTE DA MUDA ((EXECUÇÃO, INCLUINDO ESCAVAÇÃO, FORNECIMENTO E TRANSPORTE DA MUDA)","U",10.46]
[null,"RO-41732","-","TRANSPORTE DA GRAMA","M2*KM",0.05]
[null,"RO-41034","-","GUARDA-CORPO, TIPO OC.NJ-S1 (EXECUÇÃO INCLUINDO  FORNECIMENTO E TRANSPORTE DE TODOS OS MATERIAIS)","M",330.63]
[null,"RO-40989","-","BARREIRA SIMPLES DE CONCRETO ARMADO TIPO NEW JERSEY (EXECUÇÃO, INCLUINDO  FORNECIMENTO E TRANSPORTE DE TODOS OS MATERIAIS)","M",342.92]
[]
[]
[]
[]
[]
[]
[]
[]
[null,"107 - CONSERVAÇÃO"]
[null,"RO-41292","-","ROÇADA MANUAL LEVE (EXECUÇÃO, INCLUINDO REMOÇÃO DO MATERIAL ATÉ 5 KM)","HA",1442.84]
[null,"RO-41293","-","ROÇADA MANUAL PESADA (EXECUÇÃO, INCLUINDO REMOÇÃO DO MATERIAL ATÉ 5 KM)","HA",2067.34]
[null,"RO-41295","-","ROÇADA MECANIZADA (EXECUÇÃO, INCLUINDO REMOÇÃO DO MATERIAL ATÉ 5 KM)","HA",562.83000000000004]
[null,"RO-41296","-","CAPINA (EXECUÇÃO, INCLUINDO REMOÇÃO DO MATERIAL ATÉ 5 KM)","HA",5632]
[null,"RO-41388","OBR-VIA-295","ENCASCALHAMENTO (EXECUÇÃO, INCLUINDO ESCAVAÇÃO, CARGA E DESCARGA, UMIDECIMENTO E ESPALHAMENTO DO MATERIAL)","M3",6.66]
[null,"RO-43246","OBR-VIA-296","CONFORMAÇÃO DO LEITO ESTRADAL, INCLUSIVE UMIDECIMENTO","HA",588.04]
[null,"RO-41279","-","RECONFECÇÃO DE CERCA COM REAPROVEITAMENTO DE 70% DE MATERIAIS (EXECUÇÃO, INCLUINDO FORNECIMENTO, ASSENTAMENTO E TRANSPORTE DE TODOS OS MATERIAIS)","M",9.58]
[null,"RO-41288","-","REMANEJAMENTO DE CERCA, COM APROVEITAMENTO DO MATERIAL (EXECUÇÃO, INCLUINDO ESCAVAÇÃO E ASSENTAMENTO DE TODOS OS MATERIAIS)","M",11.95]
[null,"RO-41291","-","REMOÇÃO DE CERCAS","M",6.2]
[null,"RO-42216","-","MATA-BURRO EM TRILHOS TIPO OC.MB-01 (EXECUÇÃO, INCLUINDO ESCAVAÇÃO, FORNECIMENTO E TRANSPORTE DE TODOS OS MATERIAIS)","U",4745.47]
[null,"RO-42282","-","REMOÇÃO DE MATA-BURRO","U",363.46]
[null,"RO-41379","-","PORTEIRA TIPO OC.PT (EXECUÇÃO, INCLUINDO ESCAVAÇÃO , FORNECIMENTO, ASSENTAMENTO E TRANSPORTE DOS  MATERIAIS)","U",1028.8699999999999]
[null,"RO-41387","-","ARMAÇÃO DE AÇO TIPO CA-50 (EXECUÇÃO, INCLUINDO PREPARO, DOBRAGEM, COLOCAÇÃO NAS FORMAS E TRANSPORTE DE TODOS OS MATERIAIS)","KG",11.08]
[null,"RO-40989","-","BARREIRA SIMPLES DE CONCRETO ARMADO TIPO NEW JERSEY (EXECUÇÃO, INCLUINDO  FORNECIMENTO E TRANSPORTE DE TODOS OS MATERIAIS)","M",342.92]
[null,"RO-41297","-","LIMPEZA DE DISPOSITIVO DE DRENAGEM SUPERFICIAL (EXECUÇÃO, INCLUINDO CAPINA LATERAL NA LARGURA DE 0,20 M  E REMOÇÃO DE ENTULHO)","KM",567.39]
[null,"RO-41300","-","LIMPEZA DE BUEIROS (EXECUÇÃO, INCLUINDO REMOÇÃO DO MATERIAL PARA LOCAL ADEQUADO)","HXH",17.010000000000002]
[null,"RO-42874","-","LIMPEZA MECÂNICA DE BUEIROS POR HIDROJATEAMENTO, COM OBSTRUÇÃO MÉDIA - Ø 0,40M","M",26.65]
[null,"RO-42875","-","LIMPEZA MECÂNICA DE BUEIROS POR HIDROJATEAMENTO, COM OBSTRUÇÃO MÉDIA - Ø 0,60M","M",29.98]
[null,"RO-42876","-","LIMPEZA MECÂNICA DE BUEIROS POR HIDROJATEAMENTO, COM OBSTRUÇÃO MÉDIA - Ø 0,80M","M",35.979999999999997]
[null,"RO-42877","-","LIMPEZA MECÂNICA DE BUEIROS POR HIDROJATEAMENTO, COM OBSTRUÇÃO MÉDIA - Ø 1,00M","M",42.87]
[null,"RO-41316","-","CAIAÇÃO A DUAS DEMÃOS (EXECUÇÃO, INCLUINDO FORNECIMENTO E TRANSPORTE DE TODOS OS MATERIAIS)","M2",2.36]
[null,"RO-43273","-","TAPA BURACO - APLICAÇÃO DA MASSA (EXECUÇÃO, INCLUINDO PINTURA DE LIGAÇÃO)","M3",249.65]
[null,"RO-41321","-","USINAGEM DE PRÉ-MISTURADO A FRIO PARA TAPA-BURACO SEM FORNECIMENTO DO MATERIAL BETUMINOSO (EXECUÇÃO, INCLUINDO FORNECIMENTO DOS AGREGADOS, EXCLUI FORNECIMENTO E TRANSPORTE DO MATERIAL BETUMINOSO)","M3",85.39]
[null,"RO-41329","-","USINAGEM DE CONCRETO BETUMINOSO USINADO A QUENTE PARA TAPA-BURACO (EXECUÇÃO, INCLUINDO FORNECIMENTO DOS AGREGADOS, EXCLUI FORNECIMENTO E TRANSPORTE DO MATERIAL BETUMINOSO)","M3",146.65]
[null,"RO-44505","-","USINAGEM DE CBUQ PARA TAPA BURACO (EXECUÇÃO, INCLUINDO FORNECIMENTO E TRANSPORTE DOS AGREGADOS E DO MATERIAL BETUMINOSO)","M3",667.49]
[null,"RO-44638","-","TAPA-BURACO COM CONCRETO BETUMINOSO USINADO A QUENTE ((EXECUÇÃO INCLUINDO USINAGEM, PINTURA DE LIGAÇÃO, APLICAÇÃO DA MASSA, FORNECIMENTO E TRANSPORTE DOS AGREGADOS, EXCLUI FORNECIMENTO E TRANSPORTE DO MATERIAL BETUMINOSO)","M3",397.96]
[null,"RO-41320","-","TAPA-BURACO COM PMF COM FORNECIMENTO DO MATERIAL BETUMINOSO (EXECUÇÃO INCLUINDO USINAGEM, APLICAÇÃO DA MASSA, PINTURA DE LIGAÇÃO, FORNECIMENTO E TRANSPORTE DOS AGREGADOS E DO MATERIAL BETUMINOSO)","M3",800.11]
[null,"RO-43439","-","REMENDO SUPERFICIAL (EXECUÇÃO, INCLUINDO ESCAVAÇÃO E CARGA DO MATERIAL GRANULAR)","M2",23.64]
[null,"RO-41334","-","REMENDO PROFUNDO - RECOMPOSIÇÃO DA CAMADA GRANULAR (EXECUÇÃO, INCLUINDO REMOÇÃO DE CAMADA GRANULAR E REVESTIMENTO BETUMINOSO, TRANSPORTE PARA BOTA-FORA, FORNECIMENTO DO MATERIAL GRANULAR)","M3",152.88999999999999]
[null,"RO-41336","-","HORAS DE SERVENTE","HORA",13.03]
[null,"RO-41337","OBR-VIA-315","TRANSPORTE DE MATERIAL DE JAZIDA PARA CONSERVAÇÃO. DISTÂNCIA MÉDIA DE TRANSPORTE   <= 10,00 KM","M3XKM",1.24]
[null,"RO-41338","OBR-VIA-320","TRANSPORTE DE MATERIAL DE JAZIDA PARA CONSERVAÇÃO. DISTÂNCIA MÉDIA DE TRANSPORTE DE 10,10 A 15,00 KM","M3XKM",0.93]
[null,"RO-41339","OBR-VIA-325","TRANSPORTE DE MATERIAL DE JAZIDA PARA CONSERVAÇÃO. DISTÂNCIA MÉDIA DE TRANSPORTE DE 15,10 A 20,00 KM","M3XKM",0.9]
[null,"RO-41340","OBR-VIA-330","TRANSPORTE DE MATERIAL DE JAZIDA PARA CONSERVAÇÃO. DISTÂNCIA MÉDIA DE TRANSPORTE DE 20,10 A 25,00 KM","M3XKM",0.86]
[null,"RO-41341","OBR-VIA-335","TRANSPORTE DE MATERIAL DE JAZIDA PARA CONSERVAÇÃO. DISTÂNCIA MÉDIA DE TRANSPORTE DE 25,10 A 30,00 KM","M3XKM",0.85]
[null,"RO-41342","-","TRANSPORTE DE MATERIAL DE JAZIDA PARA CONSERVAÇÃO. DISTÂNCIA MÉDIA DE TRANSPORTE DE 30,10 A 40,00 KM","M3XKM",0.81]
[null,"RO-41343","OBR-VIA-336","TRANSPORTE DE MATERIAL DE JAZIDA PARA CONSERVAÇÃO. DISTÂNCIA MÉDIA DE TRANSPORTE DE 40,10 A 50,00 KM","M3XKM",0.8]
[null,"RO-41344","OBR-VIA-340","TRANSPORTE DE MATERIAL DE JAZIDA PARA CONSERVAÇÃO. DISTÂNCIA MÉDIA DE TRANSPORTE > 50,10 KM","M3XKM",0.75]
[null,"RO-41345","OBR-VIA-345","TRANSPORTE DE AGREGADOS PARA CONSERVAÇÃO. DISTÂNCIA MÉDIA DE TRANSPORTE <= 10,00 KM","M3XKM",1.17]
[null,"RO-41346","OBR-VIA-350","TRANSPORTE DE AGREGADOS PARA CONSERVAÇÃO. DISTÂNCIA MÉDIA DE TRANSPORTE DE 10,10 A 15,00 KM","M3XKM",0.87]
[null,"RO-41347","OBR-VIA-355","TRANSPORTE DE AGREGADOS PARA CONSERVAÇÃO. DISTÂNCIA MÉDIA DE TRANSPORTE DE 15,10 A 20,00 KM","M3XKM",0.85]
[null,"RO-41348","OBR-VIA-360","TRANSPORTE DE AGREGADOS PARA CONSERVAÇÃO. DISTÂNCIA MÉDIA DE TRANSPORTE DE 20,10 A 25,00 KM","M3XKM",0.8]
[null,"RO-41349","OBR-VIA-361","TRANSPORTE DE AGREGADOS PARA CONSERVAÇÃO. DISTÂNCIA MÉDIA DE TRANSPORTE DE 25,10 A 30,00 KM","M3XKM",0.8]
[null,"RO-41350","-","TRANSPORTE DE AGREGADOS PARA CONSERVAÇÃO. DISTÂNCIA MÉDIA DE TRANSPORTE DE 30,10 A 40,00 KM","M3XKM",0.76]
[null,"RO-41351","OBR-VIA-365","TRANSPORTE DE AGREGADOS PARA CONSERVAÇÃO. DISTÂNCIA MÉDIA DE TRANSPORTE DE 40,10 A 50,00 KM","M3XKM",0.75]
[null,"RO-41352","OBR-VIA-370","TRANSPORTE DE AGREGADOS PARA CONSERVAÇÃO. DISTÂNCIA MÉDIA DE TRANSPORTE > 50,10 KM","M3XKM",0.7]
[null,"RO-14023","OBR-VIA-375","TRANSPORTE DE PRÉ-MISTURADO A FRIO. DISTÂNCIA MÉDIA DE TRANSPORTE <= 10,0 KM (VOLUME COMPACTADO)","M3XKM",1.63]
[null,"RO-14024","OBR-VIA-380","TRANSPORTE DE PRÉ-MISTURADO A FRIO. DISTÂNCIA MÉDIA DE TRANSPORTE DE 10,10 A 15,00 KM (VOLUME COMPACTADO)","M3XKM",1.22]
[null,"RO-14025","OBR-VIA-385","TRANSPORTE DE PRÉ-MISTURADO A FRIO. DISTÂNCIA MÉDIA DE TRANSPORTE DE 15,10 A 20,00 KM (VOLUME COMPACTADO)","M3XKM",1.19]
[null,"RO-14026","OBR-VIA-390","TRANSPORTE DE PRÉ-MISTURADO A FRIO. DISTÂNCIA MÉDIA DE TRANSPORTE DE 20,10 A 25.00 KM (VOLUME COMPACTADO)","M3XKM",1.1299999999999999]
[null,"RO-14027","OBR-VIA-391","TRANSPORTE DE PRÉ-MISTURADO A FRIO. DISTÂNCIA MÉDIA DE TRANSPORTE DE 25,10 A 30,00 KM (VOLUME COMPACTADO)","M3XKM",1.1200000000000001]
[null,"RO-14028","-","TRANSPORTE DE PRÉ-MISTURADO A FRIO. DISTÂNCIA MÉDIA DE TRANSPORTE DE 30,10 A 40,00 KM (VOLUME COMPACTADO)","M3XKM",1.06]
[null,"RO-14029","OBR-VIA-400","TRANSPORTE DE PRÉ-MISTURADO A FRIO. DISTÂNCIA MÉDIA DE TRANSPORTE DE 40,10 A 50,00 KM (VOLUME COMPACTADO)","M3XKM",1.05]
[null,"RO-14030","OBR-VIA-405","TRANSPORTE DE PRÉ-MISTURADO A FRIO. DISTÂNCIA MÉDIA DE TRANSPORTE > 50,00 KM (VOLUME COMPACTADO)","M3XKM",0.98]
[null,"RO-14031","-","TRANSPORTE DE CONCRETO BETUMINOSO USINADO A QUENTE. DISTÂNCIA MÉDIA DE TRANSPORTE <= 10,0 KM (VOLUME COMPACTADO)","M3XKM",1.87]
[null,"RO-14032","-","TRANSPORTE DE CONCRETO BETUMINOSO USINADO A QUENTE. DISTÂNCIA MÉDIA DE TRANSPORTE DE 10,10 A 15,00 KM (VOLUME COMPACTADO)","M3XKM",1.39]
[null,"RO-14033","-","TRANSPORTE DE CONCRETO BETUMINOSO USINADO A QUENTE. DISTÂNCIA MÉDIA DE TRANSPORTE DE 15,10 A 20,00 KM (VOLUME COMPACTADO)","M3XKM",1.36]
[null,"RO-14034","-","TRANSPORTE DE CONCRETO BETUMINOSO USINADO A QUENTE. DISTÂNCIA MÉDIA DE TRANSPORTE DE 20,10 A 25,00 KM (VOLUME COMPACTADO)","M3XKM",1.29]
[null,"RO-14035","-","TRANSPORTE DE CONCRETO BETUMINOSO USINADO A QUENTE. DISTÂNCIA MÉDIA DE TRANSPORTE DE 25,10 A 30,00 KM (VOLUME COMPACTADO)","M3XKM",1.28]
[null,"RO-14036","-","TRANSPORTE DE CONCRETO BETUMINOSO USINADO A QUENTE. DISTÂNCIA MÉDIA DE TRANSPORTE DE 30,10 A 40,00 KM (VOLUME COMPACTADO)","M3XKM",1.22]
[null,"RO-14037","-","TRANSPORTE DE CONCRETO BETUMINOSO USINADO A QUENTE. DISTÂNCIA MÉDIA DE TRANSPORTE DE 40,10 A 50,00 KM (VOLUME COMPACTADO)","M3XKM",1.21]
[null,"RO-14038","-","TRANSPORTE DE CONCRETO BETUMINOSO USINADO A QUENTE. DISTÂNCIA MÉDIA DE TRANSPORTE > 50,00 KM (VOLUME COMPACTADO)","M3XKM",1.1200000000000001]
[null,"RO-41353","-","TRANSPORTE DE PRÉ-MISTURADO A FRIO. DISTÂNCIA MÉDIA DE TRANSPORTE <= 10,0 KM (DENSIDADE MATERIAL SOLTO)","M3XKM",1.32]
[null,"RO-41354","-","TRANSPORTE DE PRÉ-MISTURADO A FRIO. DISTÂNCIA MÉDIA DE TRANSPORTE DE 10,10 A 15,00 KM (DENSIDADE DE MATERIAL SOLTO)","M3*KM",0.98]
[null,"RO-41355","-","TRANSPORTE DE PRÉ-MISTURADO A FRIO. DISTÂNCIA MÉDIA DE TRANSPORTE DE 15,10 A 20,00 KM (DENSIDADE DE MATERIAL SOLTO)","M3XKM",0.96]
[null,"RO-41356","-","TRANSPORTE DE PRÉ-MISTURADO A FRIO. DISTÂNCIA MÉDIA DE TRANSPORTE DE 20,10 A 25.00 KM (DENSIDADE DE MATERIAL SOLTO)","M3*KM",0.91]
[null,"RO-41357","-","TRANSPORTE DE PRÉ-MISTURADO A FRIO. DISTÂNCIA MÉDIA DE TRANSPORTE DE 25,10 A 30,00 KM (DENSIDADE DE MATERIAL SOLTO)","M3XKM",0.9]
[null,"RO-41358","-","TRANSPORTE DE PRÉ-MISTURADO A FRIO. DISTÂNCIA MÉDIA DE TRANSPORTE DE 30,10 A 40,00 KM (DENSIDADE DE MATERIAL SOLTO)","M3XKM",0.86]
[null,"RO-41359","-","TRANSPORTE DE PRÉ-MISTURADO A FRIO. DISTÂNCIA MÉDIA DE TRANSPORTE DE 40,10 A 50,00 KM (DENSIDADE DE MATERIAL SOLTO)","M3XKM",0.85]
[null,"RO-41360","-","TRANSPORTE DE PRÉ-MISTURADO A FRIO. DISTÂNCIA MÉDIA DE TRANSPORTE > 50,00 KM (DENSIDADE DE MATERIAL SOLTO)","M3XKM",0.79]
[null,"RO-41361","-","TRANSPORTE DE CONCRETO BETUMINOSO USINADO A QUENTE. DISTÂNCIA MÉDIA DE TRANSPORTE <= 10,00 KM (DENSIDADE DE MATERIAL SOLTO)","M3XKM",1.32]
[null,"RO-41362","-","TRANSPORTE DE CONCRETO BETUMINOSO USINADO A QUENTE. DISTÂNCIA MÉDIA DE TRANSPORTE DE 10,10 A 15,00 KM (DENSIDADE DE MATERIAL SOLTO)","M3XKM",0.98]
[null,"RO-41363","-","TRANSPORTE DE CONCRETO BETUMINOSO USINADO A QUENTE. DISTÂNCIA MÉDIA DE TRANSPORTE DE 15,10 A 20,00 KM (DENSIDADE DE MATERIAL SOLTO)","M3XKM",0.96]
[null,"RO-41364","-","TRANSPORTE DE CONCRETO BETUMINOSO USINADO A QUENTE. DISTÂNCIA MÉDIA DE TRANSPORTE DE 20,10 A 25,00 KM (DENSIDADE DE MATERIAL SOLTO)","M3XKM",0.91]
[null,"RO-41365","-","TRANSPORTE DE CONCRETO BETUMINOSO USINADO A QUENTE. DISTÂNCIA MÉDIA DE TRANSPORTE DE 25,10 A 30,00 KM (DENSIDADE DE MATERIAL SOLTO)","M3XKM",0.9]
[null,"RO-41366","-","TRANSPORTE DE CONCRETO BETUMINOSO USINADO A QUENTE. DISTÂNCIA MÉDIA DE TRANSPORTE DE 30,10 A 40,00 KM (DENSIDADE DE MATERIAL SOLTO)","M3XKM",0.86]
[null,"RO-41367","-","TRANSPORTE DE CONCRETO BETUMINOSO USINADO A QUENTE. DISTÂNCIA MÉDIA DE TRANSPORTE DE 40,10 A 50,00 KM (DENSIDADE DE MATERIAL SOLTO)","M3XKM",0.85]
[null,"RO-41368","-","TRANSPORTE DE CONCRETO BETUMINOSO USINADO A QUENTE. DISTÂNCIA MÉDIA DE TRANSPORTE >= 50,10 KM (DENSIDADE DE MATERIAL SOLTO)","M3XKM",0.79]
[null,"RO-41369","OBR-VIA-410","TRANSPORTE DE MATERIAL DE QUALQUER NATUREZA. DISTÂNCIA MÉDIA DE TRANSPORTE <= 10,00 KM","TXKM",0.78]
[null,"RO-41370","OBR-VIA-415","TRANSPORTE DE MATERIAL DE QUALQUER NATUREZA. DISTÂNCIA MÉDIA DE TRANSPORTE DE 10,10 A 15,00 KM","TXKM",0.57999999999999996]
[null,"RO-41371","OBR-VIA-420","TRANSPORTE DE MATERIAL DE QUALQUER NATUREZA. DISTÂNCIA MÉDIA DE TRANSPORTE DE 15,10 A 20,00 KM","TXKM",0.56000000000000005]
[null,"RO-41372","OBR-VIA-425","TRANSPORTE DE MATERIAL DE QUALQUER NATUREZA. DISTÂNCIA MÉDIA DE TRANSPORTE DE 20,10 A 25,00 KM","TXKM",0.53]
[null,"RO-41373","OBR-VIA-426","TRANSPORTE DE MATERIAL DE QUALQUER NATUREZA. DISTÂNCIA MÉDIA DE TRANSPORTE DE 25,10 A 30,00 KM","TXKM",0.53]
[null,"RO-41374","-","TRANSPORTE DE MATERIAL DE QUALQUER NATUREZA. DISTÂNCIA MÉDIA DE TRANSPORTE DE 30,10 A 40,00 KM","TXKM",0.5]
[null,"RO-41375","OBR-VIA-430","TRANSPORTE DE MATERIAL DE QUALQUER NATUREZA. DISTÂNCIA MÉDIA DE TRANSPORTE DE 40,10 A 50,00 KM","TXKM",0.5]
[null,"RO-41376","OBR-VIA-435","TRANSPORTE DE MATERIAL DE QUALQUER NATUREZA. DISTÂNCIA MÉDIA DE TRANSPORTE >= 50,10 KM","TXKM",0.46]
[]
[]
[]
[]
[]
[null,"108 - OBRAS DE ARTE ESPECIAIS"]
[null,"RO-41596","-","MURO DE ARRIMO EM CONCRETO, TIPO OC.MA-01 (EXECUÇÃO, INCLUINDO FORNECIMENTO E TRANSPORTE DE TODOS OS MATERIAIS)","M3",535.77]
[null,"RO-41599","-","DEMOLIÇÃO DE CONCRETO SIMPLES","M3",116.84]
[null,"RO-43107","-","DEMOLIÇÃO MANUAL DE CONCRETO ARMADO","M3",167.38]
[null,"RO-41602","-","DEMOLIÇÃO MECÂNICA DE CONCRETO ARMADO","M3",135.34]
[null,"RO-42445","-","DEMOLIÇÃO DE GUARDA-CORPO, INCLUINDO A REMOÇÃO DO MATERIAL DEMOLIDO (EXECUÇÃO, INCLUINDO CARGA E TRANSPORTE DO MATERIAL DEMOLIDO)","M",48.37]
[null,"RO-42418","-","FORMAS PLANAS DE COMPENSADO COM REVESTIMENTO RESINADO (EXECUÇÃO, INCLUINDO DESFORMA,FORNECIMENTO E TRANSPORTE DE TODOS OS MATERIAIS)","M2",50.3]
[null,"RO-43247","-","ESCORAMENTO DESCONTÍNUO DE VALAS (EXECUÇÃO, INCLUINDO FORNECIMENTO E TRANSPORTE DE TODOS OS MATERIAIS)","M3",32.68]
[null,"RO-41762","-","ARGAMASSA DE CIMENTO E AREIA TRAÇO 1:3 (EXECUÇÃO, INCLUINDO FORNECIMENTO E TRANSPORTE DE TODOS OS MATERIAIS)","M3",433.53]
[null,"RO-41621","-","CONCRETO CICLÓPICO DE  CIMENTO PORTLAND COM 30% DE PEDRA DE MÃO, FCK >= 10 MPA (EXECUÇÃO, INCLUINDO O FORNECIMENTO E TRANSPORTE DOS AGREGADOS)","M3",294.74]
[null,"RO-41634","-","CONCRETO CICLÓPICO DE  CIMENTO PORTLAND COM 30% PEDRA DE MÃO, FCK = 13,5 MPA (EXECUÇÃO, INCLUINDO O FORNECIMENTO E TRANSPORTE DOS AGREGADOS)","M3",337.94]
[null,"RO-41626","-","CONCRETO CICLÓPICO DE CIMENTO PORTLAND COM 30% PEDRA DE MÃO, FCK= 15,0 MPA (EXECUÇÃO, INCLUINDO O FORNECIMENTO E TRANSPORTE DOS AGREGADOS)","M3",345.14]
[null,"RO-42415","-","CONCRETO MAGRO DE CIMENTO PORTLAND FCK >= 10,0 MPA (EXECUÇÃO, INCLUINDO O FORNECIMENTO E TRANSPORTE DOS AGREGADOS)","M3",325.89999999999998]
[null,"RO-41622","-","CONCRETO DE CIMENTO PORTLAND, FCK >= 11,0 MPA (EXECUÇÃO, INCLUINDO O FORNECIMENTO E TRANSPORTE DOS AGREGADOS)","M3",371.5]
[null,"RO-41623","-","CONCRETO DE CIMENTO PORTLAND, FCK >= 13,5 MPA (EXECUÇÃO, INCLUINDO O FORNECIMENTO E TRANSPORTE DOS AGREGADOS)","M3",393.1]
[null,"RO-41624","-","CONCRETO DE CIMENTO PORTLAND, FCK >= 15,0 MPA (EXECUÇÃO, INCLUINDO O FORNECIMENTO E TRANSPORTE DOS AGREGADOS)","M3",405.1]
[null,"RO-41625","-","CONCRETO DE CIMENTO PORTLAND, FCK >= 16,0 MPA (EXECUÇÃO, INCLUINDO O FORNECIMENTO E TRANSPORTE DOS AGREGADOS)","M3",411.34]
[null,"RO-41627","-","CONCRETO DE CIMENTO PORTLAND, FCK >= 18,0 MPA (EXECUÇÃO, INCLUINDO O FORNECIMENTO E TRANSPORTE DOS AGREGADOS)","M3",414.7]
[null,"RO-41628","-","CONCRETO DE CIMENTO PORTLAND FCK >= 20,0 MPA (EXECUÇÃO, INCLUINDO O FORNECIMENTO E TRANSPORTE DOS AGREGADOS)","M3",421.9]
[null,"RO-41630","-","CONCRETO DE CIMENTO PORTLAND, FCK >= 21,0 MPA (EXECUÇÃO, INCLUINDO O FORNECIMENTO E TRANSPORTE DOS AGREGADOS)","M3",424.54]
[null,"RO-41632","-","CONCRETO DE CIMENTO PORTLAND, FCK >= 25,0 MPA (EXECUÇÃO, INCLUINDO O FORNECIMENTO E TRANSPORTE DOS AGREGADOS)","M3",430.54]
[null,"RO-41633","-","CONCRETO DE CIMENTO PORTLAND, FCK >= 30,0 MPA (EXECUÇÃO, INCLUINDO O FORNECIMENTO E TRANSPORTE DOS AGREGADOS)","M3",443.5]
[null,"RO-44908","OBR-PON-005","ENSECADEIRA DE ESTACAS PRANCHA (EXECUÇÃO, INCLUINDO O FORNECIMENTO E TRANSPORTE DE TODOS OS MATERIAIS)","M2",243.98]
[null,"RO-42412","-","TUBULÃO A CÉU ABERTO, COM CAMISA DE CONCRETO PRÉ-MOLDADA COM DIAMETRO DE FUSTE Ø 1,20M EM SOLO (EXECUÇÃO, INCLUINDO ESCAVAÇÃO, EXCLUSIVE CONCRETO PARA CAMISA)","M",548.48]
[null,"RO-42442","-","TUBULÃO A CÉU ABERTO, COM CAMISA DE CONCRETO PRÉ-MOLDADA COM DIAMETRO DE FUSTE Ø 1,20M, EM ROCHA (EXECUÇÃO, INCLUINDO ESCAVAÇÃO, EXCLUSIVE CONCRETO PARA CAMISA)","M",931.03]
[null,"RO-42455","-","TUBULÃO A CÉU ABERTO, COM CAMISA DE CONCRETO PRÉ-MOLDADA COM DIÂMETRO DE FUSTE Ø 1,40M EM SOLO (EXECUÇÃO, INCLUINDO ESCAVAÇÃO, EXCLUSIVE CONCRETO PARA CAMISA)","M",746.35]
[null,"RO-42413","-","TUBULÃO COM AR COMPRIMIDO COM CAMISA DE CONCRETO PRÉ MOLDADA COM DIAMETRO DE FUSTE Ø 1,20M, EM SOLO (EXECUÇÃO, INCLUINDO ESCAVAÇÃO, EXCLUSIVE CONCRETO PARA CAMISA)","M",2645.82]
[null,"RO-43462","-","TUBULÃO COM AR COMPRIMIDO COM CAMISA DE CONCRETO PRÉ MOLDADA COM DIAMETRO DE FUSTE Ø 1,20M, EM ROCHA (EXECUÇÃO, INCLUINDO ESCAVAÇÃO, EXCLUSIVE CONCRETO PARA CAMISA)","M",4882.92]
[null,"RO-42811","-","TUBULÃO COM AR COMPRIMIDO COM CAMISA DE CONCRETO PRÉ MOLDADA COM DIAMETRO DE FUSTE Ø 1,40M, EM SOLO (EXECUÇÃO, INCLUINDO ESCAVAÇÃO, EXCLUSIVE CONCRETO PARA CAMISA)","M",3601.22]
[null,"RO-43871","-","TUBULÃO COM AR COMPRIMIDO COM CAMISA DE CONCRETO PRÉ MOLDADA COM DIAMETRO DE FUSTE Ø 1,40M, EM ROCHA (EXECUÇÃO, INCLUINDO ESCAVAÇÃO, EXCLUSIVE CONCRETO PARA CAMISA)","M",6646.12]
[null,"RO-43568","-","TUBULÃO COM AR COMPRIMIDO COM CAMISA DE CONCRETO PRÉ-MOLDADA COM DIÂMETRO DE FUSTE Ø 1,60M, EM SOLO (EXECUÇÃO, INCLUINDO ESCAVAÇÃO, EXCLUSIVE CONCRETO PARA CAMISA)","M",4703.53]
[null,"RO-41429","-","APICOAMENTO MANUAL EM CONCRETO","M2",34.65]
[null,"RO-41431","-","ESTRUTURA METÁLICA PARA ANDAIMES","M3",6.79]
[null,"RO-41432","-","PLATAFORMA DE MADEIRA PARA  ANDAIMES (EXECUÇÃO, INCLUINDO FORNECIMENTO E TRANSPORTE DE TODOS OS MATERIAIS)","M2",6.4]
[null,"RO-41614","-","FORMAS PLANAS DE MADEIRA DE PINHO DE 3ª (EXECUÇÃO, INCLUINDO DESFORMA,FORNECIMENTO E TRANSPORTE DE TODOS OS MATERIAIS)","M2",43.31]
[null,"RO-41435","-","DEMOLIÇÃO DE PAVIMENTO DE CONCRETO (EXECUÇÃO, INCLUINDO A REMOÇÃO DO MATERIAL DEMOLIDO)","M2",12.92]
[null,"RO-41443","OBR-PON-065","ANDAIME SUSPENSO COM PISO EM PRANCHAS DE MADEIRA (EXECUÇÃO, INCLUINDO O FORNECIMENTO E TRANSPORTE DOS MATERIAIS)","M2",66.84]
[null,"RO-43047","-","FURO EM CONCRETO Ø = 10,0 MM, PROFUNDIDADE = 10 CM","U",11.86]
[null,"RO-43456","-","FURO EM CONCRETO Ø = 10,0 MM, PROFUNDIDADE = 15 CM","U",15.16]
[null,"RO-42426","-","FURO EM CONCRETO Ø = 12,5 MM, PROFUNDIDADE = 10 CM","U",13.36]
[null,"RO-41453","-","FURO EM CONCRETO Ø = 12,5 MM, PROFUNDIDADE = 15 CM","U",15.81]
[null,"RO-41454","-","FURO EM CONCRETO Ø = 12,5 MM, PROFUNDIDADE = 20 CM","U",20.21]
[null,"RO-41455","-","FURO EM CONCRETO Ø = 12,5 MM, PROFUNDIDADE = 30 CM","U",29.31]
[null,"RO-41456","-","FURO EM CONCRETO Ø = 16,0 MM, PROFUNDIDADE = 15 CM","U",17.260000000000002]
[null,"RO-41457","-","FURO EM CONCRETO Ø = 16,0 MM, PROFUNDIDADE = 20 CM","U",20.69]
[null,"RO-41458","-","FURO EM CONCRETO Ø = 16,0 MM, PROFUNDIDADE = 30 CM","U",30.82]
[null,"RO-41459","-","FURO EM CONCRETO Ø = 16,0 MM, PROFUNDIDADE = 50 CM","U",42.27]
[null,"RO-41460","-","FURO EM CONCRETO Ø = 20,0 MM, PROFUNDIDADE = 15 CM","U",18.71]
[null,"RO-41461","-","FURO EM CONCRETO Ø = 20,0 MM, PROFUNDIDADE = 20 CM","U",22.55]
[null,"RO-41463","-","FURO EM CONCRETO Ø = 20,0 MM, PROFUNDIDADE = 30 CM","U",33.119999999999997]
[null,"RO-41464","-","FURO EM CONCRETO Ø = 20,0 MM, PROFUNDIDADE = 40 CM","U",43.43]
[null,"RO-41466","-","FURO EM CONCRETO Ø = 25,0 MM, PROFUNDIDADE = 15 CM","U",21.69]
[null,"RO-41465","-","FURO EM CONCRETO Ø = 25,0 MM, PROFUNDIDADE = 20 CM","U",25.04]
[null,"RO-41467","-","FURO EM CONCRETO Ø = 25,0 MM, PROFUNDIDADE = 30 CM","U",33.72]
[null,"RO-41469","-","FURO EM CONCRETO Ø = 25,0 MM, PROFUNDIDADE = 50 CM","U",60.35]
[null,"RO-41470","-","FURO EM CONCRETO Ø = 25,0 MM, PROFUNDIDADE = 80 CM","U",102.77]
[null,"RO-41473","-","FURO EM CONCRETO Ø = 32,0 MM, PROFUNDIDADE = 30 CM","U",39.39]
[null,"RO-41475","-","FURO EM CONCRETO Ø = 40,0 MM, PROFUNDIDADE = 30 CM","U",52.81]
[null,"RO-41476","-","FURO EM CONCRETO Ø = 50,0 MM, PROFUNDIDADE = 30 CM","U",62.87]
[null,"RO-41482","-","FURO EM CONCRETO Ø = 75 MM, PROFUNDIDADE = 15 CM","U",37.78]
[null,"RO-41479","-","FURO EM ROCHA Ø = 20,0 MM, PROFUNDIDADE = 40 MM","U",41.52]
[null,"RO-41648","-","FURO EM ROCHA Ø = 25,0 MM, PROFUNDIDADE = 50 MM","U",56.03]
[null,"RO-41481","-","FURO EM ROCHA Ø = 50,0 MM, PROFUNDIDADE = 30 MM","U",76.13]
[null,"RO-41493","-","CONCRETO ESTRUTURAL COM RESISTÊNCIA FCK >= 13,5 MPA (EXECUÇÃO, INCLUINDO O FORNECIMENTO DE TODOS OS MATERIAIS, EXCLUI O TRANSPORTE DOS AGREGADOS)","M3",363.05]
[null,"RO-41494","-","CONCRETO ESTRUTURAL COM RESISTÊNCIA FCK >= 15,0 MPA (EXECUÇÃO, INCLUINDO O FORNECIMENTO DE TODOS OS MATERIAIS, EXCLUI O TRANSPORTE DOS AGREGADOS)","M3",375.05]
[null,"RO-41495","-","CONCRETO ESTRUTURAL COM RESISTÊNCIA FCK >= 16,0 MPA (EXECUÇÃO, INCLUINDO O FORNECIMENTO DE TODOS OS MATERIAIS, EXCLUI O TRANSPORTE DOS AGREGADOS)","M3",381.29]
[null,"RO-41496","-","CONCRETO ESTRUTURAL COM RESISTÊNCIA FCK >= 18,0 MPA (EXECUÇÃO, INCLUINDO O FORNECIMENTO DE TODOS OS MATERIAIS, EXCLUI O TRANSPORTE DOS AGREGADOS)","M3",384.65]
[null,"RO-42416","-","CONCRETO ESTRUTURAL COM RESISTÊNCIA FCK >= 20,0 MPA (EXECUÇÃO, INCLUINDO O FORNECIMENTO DE TODOS OS MATERIAIS, EXCLUI O TRANSPORTE DOS AGREGADOS)","M3",391.85]
[null,"RO-45041","-","CONCRETO ESTRUTURAL COM RESISTÊNCIA FCK >= 21 MPA (EXECUÇÃO, INCLUINDO O FORNECIMENTO DE TODOS OS MATERIAIS, EXCLUI O TRANSPORTE DOS AGREGADOS)","M3",394.49]
[null,"RO-42417","-","CONCRETO ESTRUTURAL COM RESISTÊNCIA FCK >= 25,0 MPA (EXECUÇÃO, INCLUINDO O FORNECIMENTO DE TODOS OS MATERIAIS, EXCLUI O TRANSPORTE DOS AGREGADOS)","M3",400.49]
[null,"RO-42456","-","CONCRETO ESTRUTURAL COM RESISTÊNCIA FCK >= 30,0 MPA (EXECUÇÃO, INCLUINDO O FORNECIMENTO DE TODOS OS MATERIAIS, EXCLUI O TRANSPORTE DOS AGREGADOS)","M3",413.45]
[null,"RO-42467","-","CONCRETO MAGRO FCK >= 10,0 MPA (EXECUÇÃO, INCLUINDO O FORNECIMENTO DE TODOS OS MATERIAIS, EXCLUI O TRANSPORTE DOS AGREGADOS)","M3",281.45]
[null,"RO-41502","-","CONCRETO CICLÓPICO FCK > 13,5 MPA, COM 30% PEDRA DE MÃO (EXECUÇÃO, INCLUINDO O FORNECIMENTO DE TODOS OS MATERIAIS, EXCLUI O TRANSPORTE DOS AGREGADOS)","M3",287.42]
[null,"RO-41544","OBR-PON-015","CIMBRAMENTO: ESCORAMENTO EM MADEIRA (EXECUÇÃO, INCLUINDO O FORNECIMENTO E TRANSPORTE DE TODOS OS MATERIAIS)","M3",52.71]
[null,"RO-42285","-","ARMAÇÃO: AÇO CA-50 (EXECUÇÃO, INCLUINDO PREPARO, DOBRAGEM, COLOCAÇÃO NAS FORMAS E TRANSPORTE DE TODOS OS MATERIAIS)","KG",11.19]
[null,"RO-41552","-","ARMAÇÃO: AÇO CA-60 (EXECUÇÃO, INCLUINDO PREPARO, DOBRAGEM, COLOCAÇÃO NAS FORMAS E TRANSPORTE DE TODOS OS MATERIAIS)","KG",12.52]
[null,"RO-41651","-","PREENCHIMENTO DE FUROS COM SIKADUR 32 OU SIMILAR (EXECUÇÃO, INCLUINDO O FORNECIMENTO E TRANSPORTE DE TODOS OS MATERIAIS, EXCLUI EXECUÇÃO DO FURO)","KG",48.87]
[null,"RO-41653","-","PREENCHIMENTO DE FUROS COM INJEÇÃO DE EPOXI (SIKADUR - 43) (EXECUÇÃO, INCLUINDO O FORNECIMENTO DE TODOS OS MATERIAIS, EXCLUI EXECUÇÃO DO FURO)","KG",93.4]
[null,"RO-41652","-","TRATAMENTO DE TRINCAS FINAS (EXECUÇÃO, INCLUINDO O FORNECIMENTO E TRANSPORTE DE TODOS OS MATERIAIS)","M",42.46]
[null,"RO-42425","-","CONCRETO DE PAVIMENTAÇÃO COM FCK >= 25 MPA (EXECUÇÃO, INCLUINDO O FORNECIMENTO DE TODOS OS MATERIAIS, EXCLUI O TRANSPORTE DOS AGREGADOS)","M3",400.49]
[null,"RO-41575","-","MASTIQUE ELÁSTICO(TIPO VEDAFLEX OU SIMILAR) (EXECUÇÃO, INCLUINDO O FORNECIMENTO E TRANSPORTE DE TODOS OS MATERIAIS)","DM3",54.38]
[null,"RO-41582","OBR-PON-035","APARELHOS DE APOIO EM NEOPRENE FRETADO (EXECUÇÃO, INCLUINDO A APLICAÇÃO, FORNECIMENTO E TRANSPORTE DOS MATERIAIS)","DM3",77.319999999999993]
[null,"RO-41557","OBR-PON-010","FORMAS SUSPENSAS DE COMPENSADO RESINADO (EXECUÇÃO, INCLUINDO DESFORMA, FORNECIMENTO E TRANSPORTE DE TODOS OS MATERIAIS)","M2",84.64]
[null,"RO-41558","-","FORMA PLANA DE MADEIRIT (EXECUÇÃO, INCLUINDO DESFORMA, FORNECIMENTO E TRANSPORTE DE TODOS OS MATERIAIS)","M2",50.3]
[null,"RO-41559","-","FORMAS CURVAS DE MADEIRIT (EXECUÇÃO, INCLUINDO DESFORMA, FORNECIMENTO E TRANSPORTE DE TODOS OS MATERIAIS)","M2",61.94]
[null,"RO-41565","OBR-PON-030","JUNTAS DE PAVIMENTAÇÃO LONGITUDINAL E TRANSVERSAL (EXECUÇÃO, INCLUINDO O FORNECIMENTO E TRANSPORTE DE TODOS OS MATERIAIS)","M",9.02]
[null,"RO-41657","-","CANTONEIRA METÁLICA DE DIMENSÕES  2\"X2\"X5/16\" (EXECUÇÃO, INCLUINDO FORNECIMENTO E TRANSPORTE DE TODOS OS MATERIAIS)","M",78.400000000000006]
[null,"RO-41569","-","CANTONEIRA METÁLICA DE DIMENSÕES 3\" X 3\" X 3/8\" (EXECUÇÃO, INCLUINDO O FORNECIMENTO E TRANSPORTE DE TODOS OS MATERIAIS)","M",96.49]
[null,"RO-41570","-","CANTONEIRA METÁLICA DE DIMENSÕES 4\" X 4\" X 3/8\" (EXECUÇÃO, INCLUINDO O FORNECIMENTO E TRANSPORTE DE TODOS OS MATERIAIS)","M",123.32]
[null,"RO-41571","-","CANTONEIRA METÁLICA DE DIMENSÕES 4\" X 4\" X 1/2\" (EXECUÇÃO, INCLUINDO O FORNECIMENTO E TRANSPORTE DE TODOS OS MATERIAIS)","M",138.08000000000001]
[null,"RO-41578","-","LIMPEZA DE SUPERFÍCIE COM JATO DE AREIA E AGUA","M2",24.56]
[null,"RO-42430","-","LIMPEZA MANUAL E TRATAMENTO DE ARMADURA OXIDADA","M2",39.409999999999997]
[null,"RO-41581","-","LIMPEZA DE ARMADURA COM JATO DE AREIA E ÁGUA","M2",29.22]
[null,"RO-41584","-","DRENO DE PVC Ø = 50 MM, COMPRIMENTO UNITÁRIO = 30 CM (EXECUÇÃO, INCLUINDO O FORNECIMENTO E TRANSPORTE DE TODOS OS MATERIAIS)","U",14.47]
[null,"RO-42476","-","DRENO DE PVC Ø = 50 MM, COMPRIMENTO UNITÁRIO = 35 CM (EXECUÇÃO, INCLUINDO O FORNECIMENTO E TRANSPORTE DE TODOS OS MATERIAIS)","U",14.68]
[null,"RO-42994","-","DRENO DE PVC Ø = 50 MM, COMPRIMENTO UNITÁRIO = 40 CM (EXECUÇÃO, INCLUINDO O FORNECIMENTO E TRANSPORTE DE TODOS OS MATERIAIS)","U",14.89]
[null,"RO-41586","-","DRENO DE PVC Ø = 75 MM, COMPRIMENTO UNITÁRIO = 15 CM (EXECUÇÃO, INCLUINDO O FORNECIMENTO E TRANSPORTE DE TODOS OS MATERIAIS)","U",14.1]
[null,"RO-41587","-","DRENO DE PVC Ø = 75 MM, COMPRIMENTO UNITÁRIO = 30 CM (EXECUÇÃO, INCLUINDO O FORNECIMENTO E TRANSPORTE DE TODOS OS MATERIAIS)","U",15.02]
[null,"RO-41591","-","DRENO DE PVC Ø = 75 MM, COMPRIMENTO UNITÁRIO = 35 CM (EXECUÇÃO, INCLUINDO O FORNECIMENTO E TRANSPORTE DE TODOS OS MATERIAIS)","U",15.32]
[null,"RO-41592","-","DRENO DE PVC Ø = 75 MM, COMPRIMENTO UNITÁRIO = 40 CM (EXECUÇÃO, INCLUINDO O FORNECIMENTO E TRANSPORTE DE TODOS OS MATERIAIS)","U",15.63]
[null,"RO-41589","-","DRENO DE PVC Ø = 100 MM, COMPRIMENTO UNITÁRIO = 35 CM (EXECUÇÃO, INCLUINDO O FORNECIMENTO E TRANSPORTE DE TODOS OS MATERIAIS)","U",15.25]
[null,"RO-41588","-","DRENO DE PVC Ø = 100 MM, COMPRIMENTO UNITÁRIO = 40 CM (EXECUÇÃO, INCLUINDO O FORNECIMENTO E TRANSPORTE DE TODOS OS MATERIAIS)","U",15.55]
[null,"RO-41590","-","DRENO DE PVC Ø = 100 MM, COMPRIMENTO UNITÁRIO = 45 CM (EXECUÇÃO, INCLUINDO O FORNECIMENTO E TRANSPORTE DE TODOS OS MATERIAIS)","U",15.84]
[null,"RO-41594","-","DRENO DE PVC Ø = 100MM, COMPRIMENTO UNITÁRIO = 0,60M (EXECUÇÃO, INCLUINDO O FORNECIMENTO E TRANSPORTE DE TODOS OS MATERIAIS)","U",17.16]
[null,"RO-41593","-","CAIAÇÃO A TRÊS DEMÃOS (EXECUÇÃO, INCLUINDO O FORNECIMENTO E TRANSPORTE DE TODOS OS MATERIAIS)","M2",3.13]
[null,"RO-42424","-","GRADIL METÁLICO PADRÃO DER-MG (EXECUÇÃO, INCLUINDO O FORNECIMENTO E TRANSPORTE DE TODOS OS MATERIAIS)","M",119]
[]
[]
[]
[]
[]
[]
[]
[]
[]
[]
[]
[]
[]
[]
[]
[]
[]
[]
[]
[]
[]
[]
[]
[]
[]
[]
[]
[]
[]
[]
[]
[]
[]
[]
[null,"109 - ÍNDICE NACIONAL DE CONSTRUÇÃO CIVIL"]
[null,"RO-41664","-","ABRIGO SIMPLES DE PASSAGEIROS PRÉ-MOLDADO (EXECUÇÃO, INCLUINDO O FORNECIMENTO E TRANSPORTE E MONTAGEM)","U",2406.88]
[null,"RO-41665","-","ABRIGO DUPLO DE PASSAGEIROS PRÉ-MOLDADO (EXECUÇÃO, INCLUINDO O FORNECIMENTO,  TRANSPORTE E MONTAGEM)","U",4623.1400000000003]
[null,"RO-41662","-","REBOCO DE ARGAMASSA DE CIMENTO E AREIA, TRAÇO 1:5 (EXECUÇÃO, INCLUINDO O FORNECIMENTO E TRANSPORTE DE TODOS OS MATERIAIS)","M2",26.6]
[null,"RO-41661","-","CHAPISCO DE CIMENTO E AREIA, TRAÇO 1:3 (EXECUÇÃO, INCLUINDO O FORNECIMENTO E TRANSPORTE DE TODOS OS MATERIAIS)","M2",11.23]
[]
[null,"ED-48151","ABE-POC-005","ABERTURA MANUAL DE POÇO COM PROFUNDIDADE <= 2,00M, DIÂMETRO DE 1,20M, INCLUSIVE AFASTAMENTO DO MATERIAL ESCAVADO","M",125.24]
[null,"ED-48152","ABE-POC-010","ABERTURA MANUAL DE POÇO COM PROFUNDIDADE > 2,00M, DIÂMETRO DE 1,20M, INCLUSIVE AFASTAMENTO DO MATERIAL ESCAVADO","M",160.61000000000001]
[null,"ED-48145","ABE-FIL-005","FILTROS ANAERÓBICOS COM DIÂMETRO 250 CM E PROFUNDIDADE ÚTIL DE 160 CM, INSTALADOS, INCLUSIVE BOTA FORA DE MATERIAL ESCAVADO","U",3698.13]
[null,"ED-48146","ABE-FOS-005","FOSSA SÉPTICA PARA 1500 L/DIA, DE CONCRETO, INSTALADA (15 PESSOAS), INCLUSIVE BOTA FORA DE MATERIAL ESCAVADO","U",1111.54]
[null,"ED-48147","ABE-FOS-010","FOSSA SÉPTICA PARA 2250 L/DIA, DE CONCRETO, INSTALADA (30 PESSOAS), INCLUSIVE BOTA FORA DE MATERIAL ESCAVADO","U",1586.04]
[null,"ED-48148","ABE-FOS-015","FOSSA SÉPTICA PARA 3000 L/DIA, DE CONCRETO, INSTALADA (40 PESSOAS), INCLUSIVE BOTA FORA DE MATERIAL ESCAVADO","U",1808.65]
[null,"ED-48149","ABE-FOS-020","FOSSA SÉPTICA PARA 3750 L/DIA, DE CONCRETO, INSTALADA (100 PESSOAS), INCLUSIVE BOTA FORA DE MATERIAL ESCAVADO","U",2048.4499999999998]
[null,"ED-48154","ABE-REV-010","REVESTIMENTO DE CISTERNA COM 1/2 TIJOLO MACIÇO REQUEIMADO","U",475.18]
[null,"ED-48153","ABE-REV-005","REVESTIMENTO DE POÇO COM ANÉIS DE CONCRETO, D = 1,20 M","U",744.91]
[null,"9","-","302 - ACE-001  - ACESSÓRIOS"]
[null,"ED-48156","ACE-ASS-005","ASSENTO BRANCO PARA VASO","U",25.37]
[null,"ED-48157","ACE-ASS-015","ASSENTO PARA VASO PNE (NBR 9050)","U",104.44]
[null,"ED-48158","ACE-BAN-010","BANCO ARTICULADO EM AÇO INOX COM CANTOS ARREDONDADOS, PROFUNDIDADE MÍNIMA DE 0,45 M E COMPRIMENTO MÍNIMO DE 0,70 M, CONFORME NBR 9050","U",576.33000000000004]
[null,"ED-48159","ACE-BAN-015","BANCO ARTICULADO EM FÓRMICA COM CANTOS ARREDONDADOS E SUPERFÍCIE ANTIDERRAPANTE IMPERMEÁVEL, PROFUNDIDADE MÍNIMA DE 0,45 M E COMPRIMENTO MÍNIMO DE 0,70 M, PARA ESFORÇO DE 1,5 KN CONFORME NBR 9050","U",709.63]
[null,"ED-48165","ACE-BAR-030","BARRA DE APOIO EM AÇO INOX POLIDO EM \"L\", DN 1.1/4\" (31,75MM), PARA ACESSIBILIDADE (PMR/PCR), COMPRIMENTO 140CM, INSTALADO EM PAREDE, INCLUSIVE FORNECIMENTO, INSTALAÇÃO E ACESSÓRIOS PARA FIXAÇÃO","UN",264.45999999999998]
[null,"ED-48167","ACE-BAR-040","BARRA DE APOIO EM AÇO INOX POLIDO PARA LAVATÓRIO DE CANTO, DN 1.1/4\" (31,75MM), PARA ACESSIBILIDADE (PMR/PCR), INSTALADO EM PAREDE, INCLUSIVE FORNECIMENTO, INSTALAÇÃO E ACESSÓRIOS PARA FIXAÇÃO\n","UN",237.8]
[null,"ED-48161","ACE-BAR-010","BARRA DE APOIO EM AÇO INOX POLIDO RETA, DN 1.1/4\" (31,75MM), PARA ACESSIBILIDADE (PMR/PCR), COMPRIMENTO 100CM, INSTALADO EM PAREDE, INCLUSIVE FORNECIMENTO, INSTALAÇÃO E ACESSÓRIOS PARA FIXAÇÃO\n","UN",224.14]
[null,"ED-48166","ACE-BAR-035","BARRA DE APOIO EM AÇO INOX POLIDO RETA, DN 1.1/4\" (31,75MM), PARA ACESSIBILIDADE (PMR/PCR), COMPRIMENTO 120CM, INSTALADO EM PAREDE, INCLUSIVE FORNECIMENTO, INSTALAÇÃO E ACESSÓRIOS PARA FIXAÇÃO","UN",260.33999999999997]
[null,"ED-48163","ACE-BAR-020","BARRA DE APOIO EM AÇO INOX POLIDO RETA, DN 1.1/4\" (31,75MM), PARA ACESSIBILIDADE (PMR/PCR), COMPRIMENTO 40CM, INSTALADO EM PORTA/PAREDE, INCLUSIVE FORNECIMENTO, INSTALAÇÃO E ACESSÓRIOS PARA FIXAÇÃO","UN",99.2]
[null,"ED-48164","ACE-BAR-025","BARRA DE APOIO EM AÇO INOX POLIDO RETA, DN 1.1/4\" (31,75MM), PARA ACESSIBILIDADE (PMR/PCR), COMPRIMENTO 70CM, INSTALADO EM PAREDE, INCLUSIVE FORNECIMENTO, INSTALAÇÃO E ACESSÓRIOS PARA FIXAÇÃO\n","UN",202.51]
[null,"ED-48160","ACE-BAR-005","BARRA DE APOIO EM AÇO INOX POLIDO RETA, DN 1.1/4\" (31,75MM), PARA ACESSIBILIDADE (PMR/PCR), COMPRIMENTO 80CM, INSTALADO EM PAREDE, INCLUSIVE FORNECIMENTO, INSTALAÇÃO E ACESSÓRIOS PARA FIXAÇÃO","UN",214.75]
[null,"ED-48162","ACE-BAR-015","BARRA DE APOIO EM AÇO INOX POLIDO RETA, DN 1.1/4\" (31,75MM), PARA ACESSIBILIDADE (PMR/PCR), COMPRIMENTO 90CM, INSTALADO EM PAREDE, INCLUSIVE FORNECIMENTO, INSTALAÇÃO E ACESSÓRIOS PARA FIXAÇÃO","UN",224.14]
[null,"ED-48169","ACE-BEB-010","BEBEDOURO GEMINADO MG-F 80 INOX","U",679.85]
[null,"ED-48170","ACE-BEB-015","BEBEDOURO MF-F PINTADO","U",779.85]
[null,"ED-48171","ACE-BEB-020","BEBEDOURO MG-F INFANTIL INOX","U",739.85]
[null,"ED-48172","ACE-BEB-025","BEBEDOURO MG-F INFANTIL PINTADO","U",679.85]
[null,"ED-48174","ACE-CAB-005","CABIDE DE LOUÇA COM DOIS (2) GANCHOS, NA COR BRANCA, ASSENTAMENTO EM ARGAMASSA INDUSTRIALIZADA, INCLUSIVE REJUNTAMENTO E FORNECIMENTO","UN",24.46]
[null,"ED-48175","ACE-CAB-010","CABIDE EM TUBO DE AÇO GALVANIZADO D = 1/2\"","U",40.32]
[null,"ED-48176","ACE-CAB-015","CABIDE METÁLICO SIMPLES CROMADO, INCLUSIVE FIXAÇÃO","U",26.79]
[null,"ED-48180","ACE-PAP-010","DISPENSER EM AÇO INOX PARA PAPEL TOALHA 2 OU 3 FOLHAS","U",144.53]
[null,"ED-48182","ACE-PAP-020","DISPENSER EM PLÁSTICO PARA PAPEL TOALHA 2 OU 3 FOLHAS","U",37.22]
[null,"ED-48155","ACE-ALC-010","DISPENSER PARA GEL/ÁLCOOL COM RESERVATORIO 800 ML","U",49.53]
[null,"ED-48177","ACE-FIL-005","FILTRO AP-200 CURTO","U",145.47999999999999]
[null,"ED-48185","ACE-SAB-010","MEIA SABONETEIRA DE LOUÇA, NA COR BRANCA, ASSENTAMENTO COM ARGAMASSA INDUSTRIALIZADA, INCLUSIVE REJUNTAMENTO E FORNECIMENTO","UN",35.43]
[null,"ED-48179","ACE-PAP-005","PAPELEIRA DE LOUÇA COM ROLETE, NA COR BRANCA, ASSENTAMENTO COM ARGAMASSA INDUSTRIALIZADA, INCLUSIVE REJUNTAMENTO E FORNECIMENTO","UN",50.66]
[null,"ED-48181","ACE-PAP-015","PAPELEIRA METÁLICA CROMADA, INCLUSIVE FIXAÇÃO","U",47.4]
[null,"ED-48183","ACE-PAP-025","PAPELEIRA PLASTICA TIPO DISPENSER PARA PAPEL HIGIENICO ROLAO","U",37.22]
[null,"ED-48186","ACE-SAB-015","SABONETEIRA DE LOUÇA, NA COR BRANCA, ASSENTAMENTO COM ARGAMASSA INDUSTRIALIZADA, INCLUSIVE REJUNTAMENTO E FORNECIMENTO\n","UN",41.66]
[null,"ED-48184","ACE-SAB-005","SABONETEIRA EM AÇO INOX TIPO DISPENSER PARA SABONETE LIQUIDO COM RESERVATORIO 800 ML","U",159.04]
[null,"ED-48187","ACE-SAB-020","SABONETEIRA METÁLICA CROMADA, TIPO CONCHA, DE SOBREPOR","U",44.63]
[null,"ED-48189","ACE-SAB-030","SABONETEIRA PLASTICA TIPO DISPENSER PARA SABONETE LIQUIDO COM RESERVATORIO 1500 ML","U",61.67]
[null,"ED-48188","ACE-SAB-025","SABONETEIRA PLASTICA TIPO DISPENSER PARA SABONETE LIQUIDO COM RESERVATORIO 800 ML","U",50.81]
[null,"ED-48190","ACE-VAR-010","VARAL PANTOGRÁFICO","U",59.65]
[null,"10","-","303 - ALV-001  - ALVENARIAS E DIVISÕES"]
[null,"ED-48213","ALV-EST-010","ALVENARIA DE BLOCO DE CONCRETO CHEIO COM ARMAÇÃO, EM CONCRETO COM FCK 15MPA , ESP. 14CM, PARA REVESTIMENTO, INCLUSIVE ARGAMASSA PARA ASSENTAMENTO (DETALHE D - CADERNO SEDS)","M2",158.53]
[null,"ED-48214","ALV-EST-015","ALVENARIA DE BLOCO DE CONCRETO CHEIO COM ARMAÇÃO, EM CONCRETO COM FCK 15MPA , ESP. 19CM, PARA REVESTIMENTO, INCLUSIVE ARGAMASSA PARA ASSENTAMENTO (DETALHE D - CADERNO SEDS)","M2",184.75]
[null,"ED-48212","ALV-EST-005","ALVENARIA DE BLOCO DE CONCRETO CHEIO COM ARMAÇÃO, EM CONCRETO COM FCK 15MPA , ESP. 9CM, PARA REVESTIMENTO, INCLUSIVE ARGAMASSA PARA ASSENTAMENTO (DETALHE D - CADERNO SEDS)","M2",129.97]
[null,"ED-48219","ALV-EST-040","ALVENARIA DE BLOCO DE CONCRETO CHEIO SEM ARMAÇÃO, EM CONCRETO COM FCK DE 20MPA , ESP. 14CM, PARA REVESTIMENTO, INCLUSIVE ARGAMASSA PARA ASSENTAMENTO (DETALHE D - CADERNO SEDS)","M2",92.53]
[null,"ED-48220","ALV-EST-045","ALVENARIA DE BLOCO DE CONCRETO CHEIO SEM ARMAÇÃO, EM CONCRETO COM FCK DE 20MPA , ESP. 19CM, PARA REVESTIMENTO, INCLUSIVE ARGAMASSA PARA ASSENTAMENTO (DETALHE D - CADERNO SEDS)","M2",119.43]
[null,"ED-48218","ALV-EST-035","ALVENARIA DE BLOCO DE CONCRETO CHEIO SEM ARMAÇÃO, EM CONCRETO COM FCK DE 20MPA , ESP. 9CM, PARA REVESTIMENTO, INCLUSIVE ARGAMASSA PARA ASSENTAMENTO (DETALHE D - CADERNO SEDS)","M2",63.27]
[null,"ED-48216","ALV-EST-025","ALVENARIA DE BLOCO DE CONCRETO CHEIO SEM ARMAÇÃO, EM CONCRETO COM FCK 15MPA , ESP. 14CM, PARA REVESTIMENTO, INCLUSIVE ARGAMASSA PARA ASSENTAMENTO (DETALHE D - CADERNO SEDS)","M2",91.01]
[null,"ED-48217","ALV-EST-030","ALVENARIA DE BLOCO DE CONCRETO CHEIO SEM ARMAÇÃO, EM CONCRETO COM FCK 15MPA , ESP. 19CM, PARA REVESTIMENTO, INCLUSIVE ARGAMASSA PARA ASSENTAMENTO (DETALHE D - CADERNO SEDS)","M2",117.23]
[null,"ED-48215","ALV-EST-020","ALVENARIA DE BLOCO DE CONCRETO CHEIO SEM ARMAÇÃO, EM CONCRETO COM FCK 15MPA , ESP. 9CM, PARA REVESTIMENTO, INCLUSIVE ARGAMASSA PARA ASSENTAMENTO (DETALHE D - CADERNO SEDS)","M2",62.45]
[null,"ED-48208","ALV-COB-015","ALVENARIA DE ELEMENTO VAZADO,  COBOGÓ DE CONCRETO (20X40CM), ESP. 10CM, TIPO VENEZIANA COM ACABAMENTO APARENTE, INCLUSIVE ARGAMASSA PARA ASSENTAMENTO\n","M2",75.95]
[null,"ED-48207","ALV-COB-010","ALVENARIA DE ELEMENTO VAZADO,  COBOGÓ DE CONCRETO (20X40CM), ESP. 20CM, TIPO VENEZIANA COM ACABAMENTO APARENTE, INCLUSIVE ARGAMASSA PARA ASSENTAMENTO","M2",78.56]
[null,"ED-48206","ALV-COB-005","ALVENARIA DE ELEMENTO VAZADO, COBOGÓ CERÂMICO (18X18CM), ESP. 7CM, COM ACABAMENTO APARENTE, INCLUSIVE ARGAMASSA PARA ASSENTAMENTO","M2",68.44]
[null,"ED-48235","ALV-VID-010","ALVENARIA DE ELEMENTO VAZADO DE VIDRO,  BLOCO DE VIDRO (10X20CM), ESP. 10CM, TIPO CAPELA, INCLUSIVE ARGAMASSA PARA ASSENTAMENTO E REJUNTAMENTO\n","M2",1279.78]
[null,"ED-48236","ALV-VID-015","ALVENARIA DE ELEMENTO VAZADO DE VIDRO,  BLOCO DE VIDRO (10X20CM), ESP. 10CM, TIPO RIO, INCLUSIVE ARGAMASSA PARA ASSENTAMENTO E REJUNTAMENTO","M2",1233.27]
[null,"ED-48195","ALV-BLO-025","ALVENARIA DE VEDAÇÃO COM BLOCO DE CONCRETO, ESP. 14CM, COM ACABAMENTO APARENTE, INCLUSIVE ARGAMASSA PARA ASSENTAMENTO","M2",42.31]
[null,"ED-48192","ALV-BLO-010","ALVENARIA DE VEDAÇÃO COM BLOCO DE CONCRETO, ESP. 14CM, PARA REVESTIMENTO, INCLUSIVE ARGAMASSA PARA ASSENTAMENTO","M2",40.5]
[null,"ED-48196","ALV-BLO-030","ALVENARIA DE VEDAÇÃO COM BLOCO DE CONCRETO, ESP. 19CM, COM ACABAMENTO APARENTE, INCLUSIVE ARGAMASSA PARA ASSENTAMENTO","M2",50.14]
[null,"ED-48193","ALV-BLO-015","ALVENARIA DE VEDAÇÃO COM BLOCO DE CONCRETO, ESP. 19CM, PARA REVESTIMENTO, INCLUSIVE ARGAMASSA PARA ASSENTAMENTO","M2",59.62]
[null,"ED-48194","ALV-BLO-020","ALVENARIA DE VEDAÇÃO COM BLOCO DE CONCRETO, ESP. 9CM, COM ACABAMENTO APARENTE, INCLUSIVE ARGAMASSA PARA ASSENTAMENTO","M2",35.69]
[null,"ED-48191","ALV-BLO-005","ALVENARIA DE VEDAÇÃO COM BLOCO DE CONCRETO, ESP. 9CM, PARA REVESTIMENTO, INCLUSIVE ARGAMASSA PARA ASSENTAMENTO","M2",34.44]
[null,"ED-48234","ALV-VID-005","ALVENARIA DE VEDAÇÃO COM BLOCO DE VIDRO (19X19CM), ESP. 8CM, TIPO ONDULADO, INCLUSIVE ARGAMASSA PARA ASSENTAMENTO E REJUTAMENTO","M2",356.12]
[null,"ED-48203","ALV-CEL-005","ALVENARIA DE VEDAÇÃO COM BLOCOS DE CONCRETO CELULAR AUTOCLAVADO (CCA), ESP. 10CM, INCLUSIVE ARGAMASSA INDUSTRIALIZADA PARA ASSENTAMENTO","M2",48.12]
[null,"ED-48204","ALV-CEL-010","ALVENARIA DE VEDAÇÃO COM BLOCOS DE CONCRETO CELULAR AUTOCLAVADO (CCA), ESP. 15CM, INCLUSIVE ARGAMASSA INDUSTRIALIZADA PARA ASSENTAMENTO","M2",75.34]
[null,"ED-48205","ALV-CEL-015","ALVENARIA DE VEDAÇÃO COM BLOCOS DE CONCRETO CELULAR AUTOCLAVADO (CCA), ESP. 20CM, INCLUSIVE ARGAMASSA INDUSTRIALIZADA PARA ASSENTAMENTO","M2",94.78]
[null,"ED-48232","ALV-TIJ-030","ALVENARIA DE VEDAÇÃO COM TIJOLO CERÂMICO FURADO, ESP. 14CM, PARA REVESTIMENTO, INCLUSIVE ARGAMASSA PARA ASSENTAMENTO","M2",49.53]
[null,"ED-48233","ALV-TIJ-035","ALVENARIA DE VEDAÇÃO COM TIJOLO CERÂMICO FURADO, ESP. 19CM, PARA REVESTIMENTO, INCLUSIVE ARGAMASSA PARA ASSENTAMENTO","M2",59.77]
[null,"ED-48231","ALV-TIJ-025","ALVENARIA DE VEDAÇÃO COM TIJOLO CERÂMICO FURADO, ESP. 9CM, PARA REVESTIMENTO, INCLUSIVE ARGAMASSA PARA ASSENTAMENTO","M2",35.65]
[null,"ED-48222","ALV-LAM-005","ALVENARIA DE VEDAÇÃO COM TIJOLO CERÂMICO LAMINADO, 18 FUROS, ESP. 11CM, COM ACABAMENTO APARENTE, INCLUSIVE ARGAMASSA PARA ASSENTAMENTO","M2",82.94]
[null,"ED-48224","ALV-LAM-015","ALVENARIA DE VEDAÇÃO COM TIJOLO CERÂMICO LAMINADO, 18 FUROS, ESP. 23,5CM, COM ACABAMENTO APARENTE, INCLUSIVE ARGAMASSA PARA ASSENTAMENTO","M2",152.41999999999999]
[null,"ED-48221","ALV-LAM-003","ALVENARIA DE VEDAÇÃO COM TIJOLO CERÂMICO LAMINADO, 18 FUROS, ESP. 5,5CM, COM ACABAMENTO APARENTE, INCLUSIVE ARGAMASSA PARA ASSENTAMENTO","M2",50.22]
[null,"ED-48229","ALV-TIJ-015","ALVENARIA DE VEDAÇÃO COM TIJOLO MACIÇO REQUEIMADO, ESP. 10CM, COM ACABAMENTO APARENTE, INCLUSIVE ARGAMASSA PARA ASSENTAMENTO","M2",54.92]
[null,"ED-48227","ALV-TIJ-005","ALVENARIA DE VEDAÇÃO COM TIJOLO MACIÇO REQUEIMADO, ESP. 10CM, PARA REVESTIMENTO, INCLUSIVE ARGAMASSA PARA ASSENTAMENTO","M2",52.77]
[null,"ED-48230","ALV-TIJ-020","ALVENARIA DE VEDAÇÃO COM TIJOLO MACIÇO REQUEIMADO, ESP. 20CM, COM ACABAMENTO APARENTE, INCLUSIVE ARGAMASSA PARA ASSENTAMENTO","M2",94.19]
[null,"ED-48228","ALV-TIJ-010","ALVENARIA DE VEDAÇÃO COM TIJOLO MACIÇO REQUEIMADO, ESP. 20CM, PARA REVESTIMENTO, INCLUSIVE ARGAMASSA PARA ASSENTAMENTO","M2",90.2]
[null,"ED-48226","ALV-TIJ-003","ALVENARIA DE VEDAÇÃO COM TIJOLO MACIÇO REQUEIMADO, ESP. 5CM, PARA REVESTIMENTO, INCLUSIVE ARGAMASSA PARA ASSENTAMENTO","M2",40.119999999999997]
[null,"ED-48201","ALV-BLO-055","ALVENARIA ESTRUTURAL COM BLOCO DE CONCRETO, ESP. 14CM, (FBK 4,5MPA), COM ACABAMENTO APARENTE, INCLUSIVE ARGAMASSA PARA ASSENTAMENTO","M2",44.14]
[null,"ED-48198","ALV-BLO-040","ALVENARIA ESTRUTURAL COM BLOCO DE CONCRETO, ESP. 14CM, (FBK 4,5MPA), PARA REVESTIMENTO, INCLUSIVE ARGAMASSA PARA ASSENTAMENTO","M2",54.57]
[null,"ED-48202","ALV-BLO-060","ALVENARIA ESTRUTURAL COM BLOCO DE CONCRETO, ESP. 19CM, (FBK 4,5MPA), COM ACABAMENTO APARENTE, INCLUSIVE ARGAMASSA PARA ASSENTAMENTO","M2",51.39]
[null,"ED-48199","ALV-BLO-045","ALVENARIA ESTRUTURAL COM BLOCO DE CONCRETO, ESP. 19CM, (FBK 4,5MPA), PARA REVESTIMENTO, INCLUSIVE ARGAMASSA PARA ASSENTAMENTO","M2",64.22]
[null,"ED-48200","ALV-BLO-050","ALVENARIA ESTRUTURAL COM BLOCO DE CONCRETO, ESP. 9CM, (FBK 4,5MPA), COM ACABAMENTO APARENTE, INCLUSIVE ARGAMASSA PARA ASSENTAMENTO","M2",36.44]
[null,"ED-48197","ALV-BLO-035","ALVENARIA ESTRUTURAL COM BLOCO DE CONCRETO, ESP. 9CM, (FBK 4,5MPA), PARA REVESTIMENTO, INCLUSIVE ARGAMASSA PARA ASSENTAMENTO","M2",42.57]
[null,"ED-48210","ALV-DRY-010","PAREDE DE GESSO ACARTONADO (DRY-WALL), DIVISÃO ENTRE ÁREAS SECA E ÚMIDA DE UMA MESMA UNIDADE (ST/RU), ESP. 115 MM, INCLUSIVE MONTANTES, GUIAS E ACESSÓRIOS, EXCLUSIVE ISOLANTE TÉRMICO/ACÚSTICO","M2",84.96]
[null,"ED-48209","ALV-DRY-005","PAREDE DE GESSO ACARTONADO (DRY-WALL), DIVISÃO ENTRE ÁREAS SECAS DE UMA MESMA UNIDADE (ST/ST), ESP. 115 MM, INCLUSIVE MONTANTES, GUIAS E ACESSÓRIOS, EXCLUSIVE ISOLANTE TÉRMICO/ACÚSTICO","M2",74.22]
[null,"ED-48211","ALV-DRY-015","PAREDE DE GESSO ACARTONADO (DRY-WALL), DIVISÃO ENTRE ÁREAS UMIDAS DE UMA MESMA UNIDADE (RU/RU), ESP. 115 MM, INCLUSIVE MONTANTES, GUIAS E ACESSÓRIOS, EXCLUSIVE ISOLANTE TÉRMICO/ACÚSTICO","M2",95.7]
[null,"11","-","304 - AND-001  - ANDAIME"]
[null,"ED-48239","AND-BAN-010","BANDEJA SALVA-VIDAS PRIMÁRIA, DE MADEIRA - COM FORRO EM CHAPA COMPENSADA - LARGURA 2,50 M","M",248.22]
[null,"ED-48238","AND-BAN-005","BANDEJA SALVA-VIDAS PRIMÁRIA, DE MADEIRA - COM FORRO EM TÁBUA - LARGURA 2,50 M","M",281.73]
[null,"ED-48241","AND-BAN-020","BANDEJA SALVA-VIDAS SECUNDÁRIA, DE MADEIRA - COM FORRO EM CHAPA COMPENSADA - LARGURA 1,40 M","M",188.2]
[null,"ED-48240","AND-BAN-015","BANDEJA SALVA-VIDAS SECUNDÁRIA, DE MADEIRA - COM FORRO EM TÁBUA - LARGURA 1,40 M","M",189.45]
[null,"ED-48247","AND-FOR-005","CONSTRUÇÃO/MONTAGEM E DESMONTAGEM DE ANDAIME PARA REVESTIMENTO INTERNO DE FORROS","M2",8.2799999999999994]
[null,"ED-48243","AND-DUT-006","DUTO DE ENTULHO (ALUGUEL MENSAL), INCLUSIVE MONTAGEM/DESMONTAGEM","MXMÊS",41.23]
[null,"ED-14397","-","FORNECIMENTO DE ANDAIME EM CAVALETE METÁLICO PARA ALVENARIA, COM REAPROVEITAMENTO, INCLUSIVE  MONTAGEM/DESMONTAGEM ","M2",0.94]
[null,"ED-48237","AND-ALV-005","FORNECIMENTO DE ANDAIME EM MADEIRA PARA ALVENARIA, REAPROVEITAMENTO (6X), INCLUSIVE  MONTAGEM/DESMONTAGEM ","M2",6.45]
[null,"ED-9075","-","FORNECIMENTO DE ANDAIME METÁLICO PARA FACHADA (LOCAÇÃO), INCLUSIVE PISO METÁLICO E SAPATAS, EXCLUSIVE MONTAGEM E DESMONTAGEM","M2XMÊS",3.75]
[null,"ED-9076","-","FORNECIMENTO DE ANDAIME METÁLICO TUBULAR TIPO TORRE (LOCAÇÃO), INCLUSIVE RODÍZIOS, EXCLUSIVE MONTAGEM E DESMONTAGEM","MXMÊS",12]
[null,"ED-48246","AND-FAC-011","MONTAGEM E DESMONTAGEM DE ANDAIME METÁLICO PARA FACHADA COM PISO METÁLICO, EXCLUSIVE FORNECIMENTO DO ANDAIME E RODAPÉ/GUARDA-CORPO EM MADEIRA","M2",6.21]
[null,"ED-48245","AND-FAC-010","MONTAGEM E DESMONTAGEM DE ANDAIME METÁLICO PARA FACHADA COM PISO METÁLICO, INCLUSIVE RODAPÉ/GUARDA-CORPO EM MADEIRA, EXCLUSIVE FORNECIMENTO DO ANDAIME","M2",10.85]
[null,"ED-9077","-","MONTAGEM E DESMONTAGEM DE ANDAIME METÁLICO TUBULAR TIPO TORRE, EXCLUSIVE FORNECIMENTO DO ANDAIME","M",7.06]
[null,"ED-48249","AND-TEL-006","TELA DE PROTEÇÃO DE FACHADA INSTALADA EM ANDAIME FACHADEIRO","M2",4.59]
[null,"ED-48248","AND-TEL-005","TELA PARA PROTEÇÃO DE FACHADA EM POLIETILENO","M2",6.36]
[null,"12","-","305 - ARC-001  - AR COMPRIMIDO"]
[null,"ED-48250","ARC-CIL-010","CILINDRO DE PRESSÃO MÁXI,A 140 BAR, 3/4\" NPT","U",295.12]
[null,"ED-48251","ARC-COM-005","COMPRESSOR SL/100 - 120PSI -8,3 BAR 100 LIBRAS","U",2187.4]
[null,"ED-48256","ARC-FIL-015","FILTRO TIPO \"Y\" EM BRONZE, DIÂMETRO DE 1\" NPT","U",58.1]
[null,"ED-48258","ARC-FIL-025","FILTRO TIPO \"Y\" EM BRONZE, DIÂMETRO DE 1 1/2\" NPT","U",127.22]
[null,"ED-48257","ARC-FIL-020","FILTRO TIPO \"Y\" EM BRONZE, DIÂMETRO DE 1 1/4\" NPT","U",100.12]
[null,"ED-48254","ARC-FIL-005","FILTRO TIPO \"Y\" EM BRONZE, DIÂMETRO DE 1/2\" NPT","U",35.229999999999997]
[null,"ED-48259","ARC-FIL-030","FILTRO TIPO \"Y\" EM BRONZE, DIÂMETRO DE 2\" NPT","U",199.69]
[null,"ED-48255","ARC-FIL-010","FILTRO TIPO \"Y\" EM BRONZE, DIÂMETRO DE 3/4\" NPT","U",44.87]
[null,"ED-48262","ARC-MAN-020","MANÔMETRO DE PRESSÃO PARA AR COMPRIMIDO 15 A 600 MBAR, COM ROSCA, 1/2 NPT","U",445.74]
[null,"ED-48261","ARC-MAN-015","MANÔMETRO DE PRESSÃO PARA AR COMPRIMIDO 15 A 600 MBAR, COM ROSCA, 1/4 NPT","U",352.74]
[null,"ED-48253","ARC-COM-015","PRESSOSTATO PARA COMPRESSOR DE 125 A 175 PSI","U",94.91]
[null,"ED-48252","ARC-COM-010","PRESSOSTATO PARA COMPRESSOR DE 80 A 125 PSI","U",94.91]
[null,"ED-48290","ARC-VAL-095","VÁLVULA DE ALÍVIO E SEGURANÇA, DIÂMETRO DE 1\" NPT","U",920.06]
[null,"ED-48292","ARC-VAL-105","VÁLVULA DE ALÍVIO E SEGURANÇA, DIÂMETRO DE 1 1/2\" NPT","U",1544.06]
[null,"ED-48291","ARC-VAL-100","VÁLVULA DE ALÍVIO E SEGURANÇA, DIÂMETRO DE 1 1/4\" NPT","U",1309.06]
[null,"ED-48288","ARC-VAL-085","VÁLVULA DE ALÍVIO E SEGURANÇA, DIÂMETRO DE 1/2\" NPT","U",608.05999999999995]
[null,"ED-48293","ARC-VAL-110","VÁLVULA DE ALÍVIO E SEGURANÇA, DIÂMETRO DE 2\" NPT","U",2228.08]
[null,"ED-48294","ARC-VAL-115","VÁLVULA DE ALÍVIO E SEGURANÇA, DIÂMETRO DE 2 1/2\" NPT","U",4807.63]
[null,"ED-48289","ARC-VAL-090","VÁLVULA DE ALÍVIO E SEGURANÇA, DIÂMETRO DE 3/4\" NPT","U",768.06]
[null,"ED-48276","ARC-VAL-025","VÁLVULA DE ESFERA EM LATÃO, DIÂMETRO DE 1\" NPT","U",96.34]
[null,"ED-48278","ARC-VAL-035","VÁLVULA DE ESFERA EM LATÃO, DIÂMETRO DE 1 1/2\" NPT","U",161.78]
[null,"ED-48277","ARC-VAL-030","VÁLVULA DE ESFERA EM LATÃO, DIÂMETRO DE 1 1/4\" NPT","U",137.33000000000001]
[null,"ED-48274","ARC-VAL-015","VÁLVULA DE ESFERA EM LATÃO, DIÂMETRO DE 1/2\" NPT","U",51.34]
[null,"ED-48279","ARC-VAL-040","VÁLVULA DE ESFERA EM LATÃO, DIÂMETRO DE 2\" NPT","U",270.48]
[null,"ED-48280","ARC-VAL-045","VÁLVULA DE ESFERA EM LATÃO, DIÂMETRO DE 2 1/2\" NPT","U",288.06]
[null,"ED-48275","ARC-VAL-020","VÁLVULA DE ESFERA EM LATÃO, DIÂMETRO DE 3/4\" NPT","U",66.34]
[null,"ED-48283","ARC-VAL-060","VÁLVULA DE RETENÇÃO EM LATÃO, DIÂMETRO DE 1\" NPT","U",54.03]
[null,"ED-48285","ARC-VAL-070","VÁLVULA DE RETENÇÃO EM LATÃO, DIÂMETRO DE 1 1/2\" NPT","U",108.63]
[null,"ED-48284","ARC-VAL-065","VÁLVULA DE RETENÇÃO EM LATÃO, DIÂMETRO DE 1 1/4\" NPT","U",97.28]
[null,"ED-48281","ARC-VAL-050","VÁLVULA DE RETENÇÃO EM LATÃO, DIÂMETRO DE 1/2\" NPT","U",41.34]
[null,"ED-48286","ARC-VAL-075","VÁLVULA DE RETENÇÃO EM LATÃO, DIÂMETRO DE 2\" NPT","U",147.47]
[null,"ED-48287","ARC-VAL-080","VÁLVULA DE RETENÇÃO EM LATÃO, DIÂMETRO DE 2 1/2\" NPT","U",230.49]
[null,"ED-48282","ARC-VAL-055","VÁLVULA DE RETENÇÃO EM LATÃO, DIÂMETRO DE 3/4\" NPT","U",44.21]
[null,"ED-48273","ARC-VAL-010","VÁLVULA SOLENÓIDE 2/3 VIAS NF. AÇÃO DIRETA 1/2\" BSP","U",213.31]
[null,"ED-48272","ARC-VAL-005","VÁLVULA SOLENÓIDE 2/3 VIAS NF. AÇÃO DIRETA 3/8\" BSP","U",158.31]
[null,"13","-","306 - ARM-001  - ARMAÇÃO"]
[null,"ED-48299","ARM-TEL-005","ARMADURA DE TELA DE AÇO CA-60 B SOLDADA TIPO Q-138 (DIÂMETRO DO FIO: 4,20 MM / DIMENSÕES DA TRAMA: 100 X 100 MM / TIPO DA MALHA: QUADRANGULAR )","KG",17.38]
[null,"ED-48300","ARM-TEL-010","ARMADURA DE TELA DE AÇO CA-60 B SOLDADA TIPO Q-92 (DIÂMETRO DO FIO: 4,20 MM / DIMENSÕES DA TRAMA: 150 X 150 MM / TIPO DA MALHA: QUADRANGULAR)","KG",16.88]
[null,"ED-48296","ARM-AÇO-010","CORTE, DOBRA E MONTAGEM DE AÇO CA-50 DIÂMETRO (16,0MM A 25,0MM) ","KG",11.61]
[null,"ED-48295","ARM-AÇO-005","CORTE, DOBRA E MONTAGEM DE AÇO CA-50 DIÂMETRO (6,3MM A 12,5MM)","KG",12.45]
[null,"ED-48298","ARM-AÇO-020","CORTE, DOBRA E MONTAGEM DE AÇO CA-50/60","KG",12.3]
[null,"ED-48297","ARM-AÇO-015","CORTE, DOBRA E MONTAGEM DE AÇO CA-60 DIÂMETRO (4,2MM A 5,0MM)","KG",12.27]
[null,"15","-","308 - BAN-001  - BANCADA"]
[null,"ED-48337","BAN-AÇO-005","BANCADA EM AÇO INOXIDÁVEL","M2",1075.1199999999999]
[null,"ED-48338","BAN-ARD-005","BANCADA EM ARDÓSIA E = 3 CM, APOIADA EM ALVENARIA","M2",198.32]
[null,"ED-48339","BAN-ARD-010","BANCADA EM ARDÓSIA E = 3 CM, L = 55 CM, APOIADA EM CONSOLE DE METALON","M2",216.06]
[null,"ED-48341","BAN-CON-010","BANCADA EM CONCRETO, APOIADA EM CONSOLE DE METALON 20 X 30 MM","M2",236.06]
[null,"ED-48344","BAN-GRA-010","BANCADA EM GRANITO CINZA ANDORINHA E = 3 CM, APOIADA EM ALVENARIA","M2",295.35000000000002]
[null,"ED-48343","BAN-GRA-005","BANCADA EM GRANITO CINZA ANDORINHA E = 3 CM, APOIADA EM CONSOLE DE METALON 20 X 30 MM","M2",315.26]
[null,"ED-48346","BAN-GRA-020","BANCADA EM MÁRMORE BRANCO E = 3 CM, APOIADA EM ALVENARIA","M2",411.08]
[null,"ED-48345","BAN-GRA-015","BANCADA EM MÁRMORE BRANCO E = 3 CM, APOIADA EM CONSOLE DE METALON 20 X 30 MM","M2",422.38]
[null,"ED-48340","BAN-CON-005","BANCADA SIMPLES EM CONCRETO, APOIADA EM ALVENARIA","M2",223.07]
[null,"ED-48342","BAN-FUR-005","FURAÇÃO E COLAGEM DE BOJO","U",52.5]
[null,"ED-48348","BAN-ROD-010","RODABANCADA EM GRANITO CINZA ANDORINHA H = 10 CM, E = 2 CM","M",30]
[null,"ED-48347","BAN-ROD-005","RODABANCADA EM GRANITO CINZA ANDORINHA H = 7 CM, E = 2 CM","M",23.04]
[null,"ED-48350","BAN-ROD-020","RODABANCADA EM MÁRMORE BRANCO H = 10 CM, E = 2 CM","M",30.49]
[null,"ED-48349","BAN-ROD-015","RODABANCADA EM MÁRMORE BRANCO H = 7 CM, E = 2 CM","M",23.5]
[null,"ED-48351","BAN-TES-005","TESTEIRA EM GRANITO CINZA ANDORINHA","M",10.49]
[null,"ED-48352","BAN-TES-010","TESTEIRA EM MÁRMORE BRANCO","M",10.62]
[null,"16","-","309 - BAN-002  - BANCOS E MESAS"]
[null,"ED-15449","-","BANCO EM CONCRETO APARENTE, SEM ENCOSTO, POLIDO COM ACABAMENTO EM VERNIZ, ESP. 8CM, COMPRIMENTO 200CM, LARGURA 40CM, ALTURA 55CM, EXCLUSIVE FIXAÇÃO EM PISO","UN",234.14]
[null,"ED-15446","-","BANCO EM CONCRETO APARENTE, SEM ENCOSTO, POLIDO COM ACABAMENTO EM VERNIZ, ESP. 8CM, COMPRIMENTO 200CM, LARGURA 40CM, ALTURA 55CM, INCLUSIVE CORTE NO PISO PARA FIXAÇÃO COM CONCRETO NÃO ESTRUTURAL, PREPARADO EM OBRA COM BETONEIRA, COM FCK 15 MPA","UN",252.66]
[null,"ED-15450","-","BANCO EM CONCRETO APARENTE, TIPO-1, PADRÃO SEE-MG, SEM ENCOSTO, POLIDO COM ACABAMENTO EM VERNIZ, ESP. 5CM, COMPRIMENTO 130CM, LARGURA 40CM, ALTURA 45CM, EXCLUSIVE FIXAÇÃO EM PISO","UN",128.86000000000001]
[null,"ED-15447","-","BANCO EM CONCRETO APARENTE, TIPO-1, PADRÃO SEE-MG, SEM ENCOSTO, POLIDO COM ACABAMENTO EM VERNIZ, ESP. 5CM, COMPRIMENTO 130CM, LARGURA 40CM, ALTURA 45CM, INCLUSIVE CORTE NO PISO PARA FIXAÇÃO COM CONCRETO NÃO ESTRUTURAL, PREPARADO EM OBRA COM BETONEIRA, COM FCK 15 MPA","UN",146.75]
[null,"ED-15451","-","BANCO EM CONCRETO APARENTE, TIPO-2, PADRÃO SEE-MG, SEM ENCOSTO, POLIDO COM ACABAMENTO EM VERNIZ, ESP. 5CM, COMPRIMENTO 150CM, LARGURA 40CM, ALTURA 45CM, EXCLUSIVE FIXAÇÃO EM PISO","UN",146.16]
[null,"ED-15448","-","BANCO EM CONCRETO APARENTE, TIPO-2, PADRÃO SEE-MG, SEM ENCOSTO, POLIDO COM ACABAMENTO EM VERNIZ, ESP. 5CM, COMPRIMENTO 150CM, LARGURA 40CM, ALTURA 45CM, INCLUSIVE CORTE NO PISO PARA FIXAÇÃO COM CONCRETO NÃO ESTRUTURAL, PREPARADO EM OBRA COM BETONEIRA, COM FCK 15 MPA","UN",164.05]
[null,"ED-48355","BAN-INT-015","BANCO EM GRANITO ANDORINHA POLIDO 52 X 30 CM","U",31.78]
[null,"ED-48354","BAN-INT-010","BANCO INTERNO EM CONCRETO APARENTE, ALTURA 45 CM, LARGURA 30 CM","M",105.04]
[null,"ED-48353","BAN-INT-005","BANCO INTERNO EM CONCRETO E ALVENARIA, ACABAMENTO EM VERNIZ, E = 8 CM, L = 40 CM","M",150.80000000000001]
[null,"ED-48359","MES-ARD-005","CONJUNTO DE MESA E BANCOS DE ARDÓSIA","CJ",469.29]
[null,"ED-48360","MES-CON-005","CONJUNTO DE MESA E BANCOS DE CONCRETO PARA JOGOS (02 BANCOS EM ARCO COM D INTERNO = 130 CM E H = 43 CM E MESA COM D = 80 CM, E = 8 CM E H = 75 CM)","CJ",720.84]
[null,"17","-","310 - CAB-001  - CABEAMENTO ESTRUTURADO"]
[null,"ED-48362","CAB-ANI-005","ANILHA (MARCADOR) PARA IDENTIFICAÇÃO DE CABOS (# 16 MM2) - 500 UN","U",61.03]
[null,"ED-48361","CAB-ANI-010","ANILHA (MARCADOR) PARA IDENTIFICAÇÃO DE CABOS (# 6 MM2) - 500 UN","U",61.03]
[null,"ED-48364","CAB-CAB-010","CABO COAXIAL RG-59, IMPEDÂNCIA 75 OHM, CONDUTOR EM FIO DE COBRE NU, BLINDAGEM TRANÇA FORMADA POR FIOS DE COBRE MALHA 90%","M",5.0999999999999996]
[null,"ED-48363","CAB-CAB-005","CABO COAXIAL RG-59-75 OHMS","M",4.4400000000000004]
[null,"ED-48366","CAB-CAB-020","CABO TELEFÔNICO FORMADO POR CONDUTOR EM FIO SÓLIDO DE COBRE ELETROLÍTICO, RECOZIDO E ESTANHADO, 0,50 MM","M",12.26]
[null,"ED-48365","CAB-CAB-015","CABO UTP 4 PARES CATEGORIA 6 COM REVESTIMENTO EXTERNO NÃO PROPAGANTE A CHAMA","M",5.13]
[null,"ED-48367","CAB-CER-005","CERTIFICAÇÃO DE GARANTIA DE TRANSMISSÃO DE CABOS LÓGICOS - CATEGORIA 5E","U",13.37]
[null,"ED-48368","CAB-CER-010","CERTIFICAÇÃO DE GARANTIA DE TRANSMISSÃO DE CABOS LÓGICOS CAT. 5/6","U",13.37]
[null,"ED-48371","CAB-EST-005","ESTABILIZADOR 127V, 60HZ - 5,0KVA","U",685.05]
[null,"ED-48376","CAB-RACK-015","GAVETA DE VENTILAÇÃO COM 4 VENTILADORES PARA RACK 19\"","CJ",364.91]
[null,"ED-48377","CAB-RACK-020","ORGANIZADOR DE CABOS DE 1U PARA RACK 19\"","CJ",120.2]
[null,"ED-48372","CAB-PATCH-010","PATCH CORD RJ45/RJ45 UTP-4P METÁLICO CATEGORIA 6, PINAGEM T568A NA COR AZUL (VOZ), COMPRIMENTO 3 METROS","CJ",26.46]
[null,"ED-48373","CAB-PATCH-015","PATCH PANEL 24 POSIÇÕES, CATEGORIA COM GUIA TRASEIRO","CJ",1219.07]
[null,"ED-48374","CAB-PATCH-020","PATCH PANEL 48 POSIÇÕES, CATEGORIA COM GUIA TRASEIRO","CJ",1609.46]
[null,"ED-48375","CAB-RACK-010","RÉGUA COM 8 TOMADAS (2P+T), PARA FIXAÇÃO NO RACK DE 19\" (1U)","UN",68.62]
[null,"ED-48378","CAB-RACK-025","TAMPA CEGA DE 1U PARA RACK 19\"","CJ",9.3800000000000008]
[null,"ED-48381","CAB-TOM-015","TOMADA DUPLA PARA LÓGICA RJ45, 4\"X2\", EMBUTIR, COMPLETA","CJ",67.599999999999994]
[null,"ED-48382","CAB-TOM-020","TOMADA DUPLA PARA LÓGICA RJ45, 4\"X4\", EMBUTIR, COMPLETA","CJ",115.63]
[null,"ED-48383","CAB-TOM-025","TOMADA PARA LÓGICA COM CAIXA SISTEMA \"X\", APARENTE","CJ",52.55]
[null,"ED-48379","CAB-TOM-005","TOMADA PARA TELEFONE RJ 11 SEM PLACA PARA CAIXA 4\" X 2\"","U",32.03]
[null,"18","-","311 - CER-001  - CERCA DE MOURÃO CONCRETO"]
[null,"ED-48384","CER-MOU-005","CERCA DE MOURÃO H = 2,15 M - MOURÃO PRÉ-FABRICADO DE CONCRETO PONTA LISA A CADA 2,20 M E 7 FIOS DE ARAME FARPADO, EXCLUSIVE BASE","M",37.33]
[null,"ED-48385","CER-MOU-015","CERCA DE MOURÃO H = 2,80 M - MOURÃO PRÉ-FABRICADO DE CONCRETO PONTA VIRADA A CADA 2,20 M E 7 + 4 FIOS DE ARAME FARPADO, EXCLUSIVE BASE","M",50.68]
[null,"ED-48386","CER-MOU-020","CERCA DE MOURÃO H = 2,80 M - MOURÃO PRÉ-FABRICADO DE CONCRETO PONTA VIRADA A CADA 2,50 M, 3 FIOS DE ARAME FARPADO E TELA GALVANIZADA # 2\" FIO 12, INCLUSIVE FUNDAÇÃO","M",215.49]
[null,"19","-","312 - CIN-001  - CINTAMENTO E VERGAS"]
[null,"ED-48394","CIN-BLO-040","CINTA DE AMARRAÇÃO DE ALVENARIA COM BLOCO DE CONCRETO ESTRUTURAL, CANALETA TIPO \"J\", ESP. 14CM, (FBK 4,5MPA), COM ACABAMENTO APARENTE, INCLUSIVE ARGAMASSA PARA ASSENTAMENTO, EXCLUSIVE GRAUTE E ARMAÇÃO","M",12.03]
[null,"ED-48393","CIN-BLO-035","CINTA DE AMARRAÇÃO DE ALVENARIA COM BLOCO DE CONCRETO ESTRUTURAL, CANALETA TIPO \"J\", ESP. 14CM, (FBK 4,5MPA), PARA REVESTIMENTO, INCLUSIVE ARGAMASSA PARA ASSENTAMENTO, EXCLUSIVE GRAUTE E ARMAÇÃO","M",10.72]
[null,"ED-48391","CIN-BLO-025","CINTA DE AMARRAÇÃO DE ALVENARIA COM BLOCO DE CONCRETO ESTRUTURAL, CANALETA TIPO \"U\", ESP. 14CM, (FBK 4,5MPA), COM ACABAMENTO APARENTE, INCLUSIVE ARGAMASSA PARA ASSENTAMENTO, EXCLUSIVE GRAUTE E ARMAÇÃO","M",12.01]
[null,"ED-48388","CIN-BLO-010","CINTA DE AMARRAÇÃO DE ALVENARIA COM BLOCO DE CONCRETO ESTRUTURAL, CANALETA TIPO \"U\", ESP. 14CM, (FBK 4,5MPA), PARA REVESTIMENTO, INCLUSIVE ARGAMASSA PARA ASSENTAMENTO, EXCLUSIVE GRAUTE E ARMAÇÃO","M",13.81]
[null,"ED-48392","CIN-BLO-030","CINTA DE AMARRAÇÃO DE ALVENARIA COM BLOCO DE CONCRETO ESTRUTURAL, CANALETA TIPO \"U\", ESP. 19CM, (FBK 4,5MPA), COM ACABAMENTO APARENTE, INCLUSIVE ARGAMASSA PARA ASSENTAMENTO, EXCLUSIVE GRAUTE E ARMAÇÃO","M",15.05]
[null,"ED-48389","CIN-BLO-015","CINTA DE AMARRAÇÃO DE ALVENARIA COM BLOCO DE CONCRETO ESTRUTURAL, CANALETA TIPO \"U\", ESP. 19CM, (FBK 4,5MPA), PARA REVESTIMENTO, INCLUSIVE ARGAMASSA PARA ASSENTAMENTO, EXCLUSIVE GRAUTE E ARMAÇÃO","M",12.44]
[null,"ED-48390","CIN-BLO-020","CINTA DE AMARRAÇÃO DE ALVENARIA COM BLOCO DE CONCRETO ESTRUTURAL, CANALETA TIPO \"U\", ESP. 9CM, (FBK 4,5MPA), COM ACABAMENTO APARENTE, INCLUSIVE ARGAMASSA PARA ASSENTAMENTO, EXCLUSIVE GRAUTE E ARMAÇÃO","M",9.51]
[null,"ED-48387","CIN-BLO-005","CINTA DE AMARRAÇÃO DE ALVENARIA COM BLOCO DE CONCRETO ESTRUTURAL, CANALETA TIPO \"U\", ESP. 9CM, (FBK 4,5MPA), PARA REVESTIMENTO, INCLUSIVE ARGAMASSA PARA ASSENTAMENTO, EXCLUSIVE GRAUTE E ARMAÇÃO","M",9.32]
[null,"ED-9906","-","CONTRAVERGA EM CONCRETO ESTRUTURAL PARA VÃOS ACIMA DE 150CM, PREPARADO EM OBRA COM BETONEIRA, CONTROLE \"A\", COM FCK 20 MPA, MOLDADA IN LOCO, INCLUSIVE ARMAÇÃO","M3",2227.06]
[null,"ED-9903","-","CONTRAVERGA EM CONCRETO ESTRUTURAL PARA VÃOS DE ATÉ 150CM, PREPARADO EM OBRA COM BETONEIRA, CONTROLE \"A\", COM FCK 20 MPA, MOLDADA IN LOCO, INCLUSIVE ARMAÇÃO","M3",2014.39]
[null,"ED-8346","-","ENCUNHAMENTO DE ALVENARIA DE VEDAÇÃO COM ARGAMASSA, INCLUSIVE ADITIVO EXPANSOR PARA ENCUNHAMENTO","M",4.62]
[null,"ED-48397","CIN-ENC-015","ENCUNHAMENTO DE ALVENARIA DE VEDAÇÃO COM ESPUMA DE POLIURETANO EXPANSIVA","M",5.81]
[null,"ED-9907","-","VERGA EM CONCRETO ESTRUTURAL PARA VÃOS ACIMA DE 150CM, PREPARADO EM OBRA COM BETONEIRA, CONTROLE \"A\", COM FCK 20 MPA, MOLDADA IN LOCO, INCLUSIVE ARMAÇÃO","M3",2227.06]
[null,"ED-9904","-","VERGA EM CONCRETO ESTRUTURAL PARA VÃOS DE ATÉ 150CM, PREPARADO EM OBRA COM BETONEIRA, CONTROLE \"A\", COM FCK 20 MPA, MOLDADA IN LOCO, INCLUSIVE ARMAÇÃO","M3",2014.39]
[null,"20","-","313 - COB-001  - COBERTURAS"]
[null,"ED-48414","COB-ENG-040","CAIBRO DE MADEIRA EM PARAJU 7 X 4 CM","M",11.55]
[null,"ED-48421","COB-TEL-015","COBERTURA EM TELHA CERÂMICA COLONIAL CURVA, 26 UNID/M2","M2",73.75]
[null,"ED-48420","COB-TEL-010","COBERTURA EM TELHA CERÂMICA COLONIAL PLANA, 24 UNID/M2","M2",57.49]
[null,"ED-48419","COB-TEL-005","COBERTURA EM TELHA CERÂMICA FRANCESA","M2",47.45]
[null,"ED-48425","COB-TEL-030","COBERTURA EM TELHA DE FIBROCIMENTO ESTRUTURAL, ESP. 8MM, COM RECOBRIMENTO TRANSVERSAL E LONGITUDINAL, EXCLUSIVE CUMEEIRA, INCLUSIVE ACESSÓRIOS DE FIXAÇÃO E IÇAMENTO","M2",73.37]
[null,"ED-48423","COB-TEL-020","COBERTURA EM TELHA DE FIBROCIMENTO ONDULADA E = 5 MM","M2",25.92]
[null,"ED-48424","COB-TEL-025","COBERTURA EM TELHA DE FIBROCIMENTO ONDULADA E = 6 MM","M2",30.63]
[null,"ED-48426","COB-TEL-035","COBERTURA EM TELHA DE FIBROCIMENTO TIPO KALHETA, CANALETE 49","M2",96.1]
[null,"ED-48427","COB-TEL-040","COBERTURA EM TELHA DE FIBROCIMENTO TIPO KALHETÃO,CANALETE 90","M2",108.97]
[null,"ED-13852","-","COBERTURA EM TELHA METÁLICA GALVANIZADA ONDULADA, TIPO SIMPLES, ESP. 0,50MM, ACABAMENTO NATURAL, INCLUSIVE ACESSÓRIOS PARA FIXAÇÃO, FORNECIMENTO E INSTALAÇÃO","M2",51.44]
[null,"ED-48430","COB-TEL-055","COBERTURA EM TELHA METÁLICA GALVANIZADA TRAPEZOIDAL, DUPLA COM TRATAMENTO ANTI-CHAMA","M2",100.34]
[null,"ED-48429","COB-TEL-050","COBERTURA EM TELHA METÁLICA GALVANIZADA TRAPEZOIDAL, TIPO DUPLA TERMOACÚSTICA COM DUAS FACES TRAPEZOIDAIS, ESP. 0,43MM, PREENCHIMENTO EM POLIESTIRENO EXPANDIDO/ISOPOR COM ESP. 30MM, ACABAMENTO NATURAL, INCLUSIVE ACESSÓRIOS PARA FIXAÇÃO, FORNECIMENTO E INSTALAÇÃO","M2",116.08]
[null,"ED-48428","COB-TEL-045","COBERTURA EM TELHA METÁLICA GALVANIZADA TRAPEZOIDAL, TIPO SIMPLES, ESP. 0,50MM, ACABAMENTO NATURAL, INCLUSIVE ACESSÓRIOS PARA FIXAÇÃO, FORNECIMENTO E INSTALAÇÃO","M2",49.45]
[null,"ED-48432","COB-TEL-065","COBERTURA EM TELHA ONDULADA TRADICIONAL DE FIBRA VEGETAL COM BETUME ESP. = 3 MM - INCLINAÇÃO ACIMA DE 15º (FIXAÇÃO EM ESTRUTURA METÁLICA)","M2",50.92]
[null,"ED-48431","COB-TEL-060","COBERTURA EM TELHA ONDULADA TRADICIONAL DE FIBRA VEGETAL COM BETUME ESP. = 3 MM - INCLINAÇÃO DE 10º A 15º (FIXAÇÃO EM ESTRUTURA METÁLICA)","M2",53.59]
[null,"ED-48403","COB-CUM-020","COLOCAÇÃO DE CUMEEIRA DE FIBROCIMENTO PARA TELHA KALHETA, CANALETE 49","M",49.9]
[null,"ED-48404","COB-CUM-025","COLOCAÇÃO DE CUMEEIRA DE FIBROCIMENTO PARA TELHA KALHETÃO,CANALETE 90","M",74.08]
[null,"ED-48402","COB-CUM-015","COLOCAÇÃO DE CUMEEIRA GALVANIZADA TRAPEZOIDAL E = 0,50 MM, SIMPLES","M",31.46]
[null,"ED-48405","COB-CUM-030","COLOCAÇÃO DE CUMEEIRA ONDULADA DE FIBRA VEGETAL COM BETUME - TRADICIONAL","M",43.55]
[null,"ED-48416","COB-ESP-005","COLOCAÇÃO DE ESPIGÃO EM FIBROCIMENTO PARA TELHA ONDULADA","M",18.079999999999998]
[null,"ED-48417","COB-RUF-010","COLOCAÇÃO DE RUFO EM FIBROCIMENTO PARA TELHA ONDULADA","M",21.65]
[null,"ED-48418","COB-RUF-015","COLOCAÇÃO DE RUFO EM POLIETILENO PARA TELHA VEGETAL TRADICIONAL","M",32.11]
[null,"ED-48433","COB-TEL-071","COLOCAÇÃO DE VEDA ONDA EM POLIETILENO PARA TELHA ONDULADA","M2",12.24]
[null,"ED-48401","COB-CUM-010","CUMEEIRA NORMAL OU ARTICULADA DE FIBROCIMENTO PARA TELHA ONDULADA E = 6 OU 8 MM","M",40.090000000000003]
[null,"ED-48400","COB-CUM-005","CUMEEIRA PARA TELHA CERÂMICA, INCLUSIVE ASSENTAMENTO EM ARGAMASSA, TRAÇO 1:2:9 (CIMENTO, CAL E AREIA), PREPARO MECÂNICO","M",24.6]
[null,"ED-48406","COB-EMB-005","EMBOÇAMENTO DA ÚLTIMA FIADA DE TELHA CERÂMICA COM ARGAMASSA DE CIMENTO, CAL HIDRATADA E AREIA SEM PENEIRAR, NO TRAÇO 1:2:9","M",10.94]
[null,"ED-48408","COB-ENG-010","ENGRADAMENTO PARA TELHADO DE FIBROCIMENTO ONDULADA","M2",69.209999999999994]
[null,"ED-48409","COB-ENG-015","ENGRADAMENTO PARA TELHADO DE FIBROCIMENTO TIPO KALHETA, CANALETE 49","M2",22.63]
[null,"ED-48410","COB-ENG-020","ENGRADAMENTO PARA TELHADO DE FIBROCIMENTO TIPO KALHETÃO, CANALETE 90","M2",21.4]
[null,"ED-48407","COB-ENG-005","ENGRADAMENTO PARA TELHAS CERÂMICA OU CONCRETO EM MADEIRA PARAJU","M2",123.21]
[null,"ED-48412","COB-ENG-030","PEÇAS DE MADEIRA EM PARAJU 12 X 8 CM","M",32.880000000000003]
[null,"ED-48411","COB-ENG-025","PEÇAS DE MADEIRA EM PARAJU 15 X 8 CM","M",39.6]
[null,"ED-48413","COB-ENG-035","PEÇAS DE MADEIRA EM PARAJU 8 X 8 CM","M",22.77]
[null,"ED-48415","COB-ENG-045","RIPA EM MADEIRA EM 4 X 1,5 CM","M",8.3800000000000008]
[null,"ED-48422","COB-TEL-016","TELHA COLONIAL DE RESERVA","M2",19.260000000000002]
[null,"21","-","314 - DEM-001  - DEMOLIÇÕES E REMOÇÕES"]
[null,"ED-48436","DEM-ALV-010","DEMOLIÇÃO DE ALVENARIA DE TIJOLO CERÂMICO SEM APROVEITAMENTO DO MATERIAL, INCLUSIVE AFASTAMENTO","M3",96.37]
[null,"ED-48435","DEM-ALV-005","DEMOLIÇÃO DE ALVENARIA DE TIJOLO E BLOCO SEM APROVEITAMENTO DO MATERIAL, INCLUSIVE AFASTAMENTO","M3",88.34]
[null,"ED-48488","DEM-PIS-050","DEMOLIÇÃO DE CALÇADA PORTUGUESA, INCLUSIVE AFASTAMENTO","M2",14.45]
[null,"ED-48443","DEM-CON-020","DEMOLIÇÃO DE CONCRETO ARMADO - COM EQUIPAMENTO ELÉTRICO, INCLUSIVE AFASTAMENTO","M3",59.39]
[null,"ED-48445","DEM-CON-030","DEMOLIÇÃO DE CONCRETO ARMADO - COM EQUIPAMENTO PNEUMÁTICO, INCLUSIVE AFASTAMENTO","M3",136.04]
[null,"ED-48441","DEM-CON-010","DEMOLIÇÃO DE CONCRETO ARMADO-MANUAL, INCLUSIVE AFASTAMENTO","M3",257]
[null,"ED-48442","DEM-CON-015","DEMOLIÇÃO DE CONCRETO SIMPLES - COM EQUIPAMENTO ELÉTRICO, INCLUSIVE AFASTAMENTO","M3",35.31]
[null,"ED-48444","DEM-CON-025","DEMOLIÇÃO DE CONCRETO SIMPLES - COM EQUIPAMENTO PNEUMÁTICO, INCLUSIVE AFASTAMENTO","M3",74.75]
[null,"ED-48440","DEM-CON-005","DEMOLIÇÃO DE CONCRETO SIMPLES-MANUAL, INCLUSIVE AFASTAMENTO","M3",208.81]
[null,"ED-48447","DEM-CON-040","DEMOLIÇÃO DE CONSTRUÇÃO EM ALVENARIAS","M2",109.16]
[null,"ED-48452","DEM-DIV-015","DEMOLIÇÃO DE DIVISÓRIA DE ELEMENTOS VAZADOS (COBOGÓ, ETC ), INCLUSIVE AFASTAMENTO","M2",12.85]
[null,"ED-48453","DEM-DIV-020","DEMOLIÇÃO DE DIVISÓRIA DE LAMINADO, INCLUSIVE AFASTAMENTO","M2",16.059999999999999]
[null,"ED-8024","DEM-DIV-010","DEMOLIÇÃO DE DIVISÓRIA DE MADEIRA, INCLUSIVE AFASTAMENTO","M2",16.059999999999999]
[null,"ED-48450","DEM-DIV-005","DEMOLIÇÃO DE DIVISÓRIA DE PEDRAS (MÁRMORE, GRANITO, ARDÓSIA, MARMORITE), INCLUSIVE AFASTAMENTO","M2",37.1]
[null,"ED-48456","DEM-ENG-015","DEMOLIÇÃO DE ENGRADAMENTO DE TELHA CERÂMICA COLONIAL OU FRANCESA INCLUSIVE EMPILHAMENTO","M2",16.309999999999999]
[null,"ED-48457","DEM-ENG-020","DEMOLIÇÃO DE ENGRADAMENTO DE TELHA CERÂMICA PARA REAPROVEITAMENTO","M2",19.68]
[null,"ED-48454","DEM-ENG-005","DEMOLIÇÃO DE ENGRADAMENTO DE TELHA METÁLICA, PVC OU FIBROCIMENTO, INCLUSIVE EMPILHAMENTO","M2",14.19]
[null,"ED-48455","DEM-ENG-010","DEMOLIÇÃO DE ENGRADAMENTO DE TELHA TIPO CALHA DE FIBROCIMENTO, INCLUSIVE EMPILHAMENTO","M2",14.19]
[null,"ED-48504","DEM-REV-020","DEMOLIÇÃO DE FÓRMICA, INCLUSIVE AFASTAMENTO","M2",9.6300000000000008]
[null,"ED-48463","DEM-FOR-030","DEMOLIÇÃO DE FORRO DE GESSO INCLUSIVE AFASTAMENTO E EMPILHAMENTO","M2",13.64]
[null,"ED-48462","DEM-FOR-020","DEMOLIÇÃO DE FORRO DE PERFIS EXCLUSIVE ESTRUTURA DE SUSTENTAÇÃO COM AFASTAMENTO E EMPILHAMENTO","M2",14.45]
[null,"ED-48461","DEM-FOR-015","DEMOLIÇÃO DE FORRO DE PERFIS INCLUSIVE ESTRUTURA DE SUSTENTAÇÃO COM AFASTAMENTO E EMPILHAMENTO","M2",24.77]
[null,"ED-48460","DEM-FOR-010","DEMOLIÇÃO DE FORRO DE PLACAS EXCLUSIVE BARROTEAMENTO COM AFASTAMENTO E EMPILHAMENTO","M2",8.0299999999999994]
[null,"ED-48459","DEM-FOR-005","DEMOLIÇÃO DE FORRO DE PLACAS INCLUSIVE BARROTEAMENTO COM AFASTAMENTO E EMPILHAMENTO","M2",14.45]
[null,"ED-48464","DEM-FOR-035","DEMOLIÇÃO DE FORRO DE TABUAS DE PINHO INCLUSIVE AFASTAMENTO E EMPILHAMENTO","M2",14.45]
[null,"ED-48489","DEM-PIS-055","DEMOLIÇÃO DE PASSEIO OU LAJE DE CONCRETO COM EQUIPAMENTO, INCLUSIVE AFASTAMENTO","M2",12.48]
[null,"ED-48486","DEM-PIS-040","DEMOLIÇÃO DE PASSEIO OU LAJE DE CONCRETO COM EQUIPAMENTO PNEUMÁTICO, INCLUSIVE AFASTAMENTO","M2",7.18]
[null,"ED-48487","DEM-PIS-045","DEMOLIÇÃO DE PASSEIO OU LAJE DE CONCRETO MANUALMENTE, INCLUSIVE AFASTAMENTO","M2",22.48]
[null,"ED-48476","DEM-PAV-005","DEMOLIÇÃO DE PAVIMENTAÇÃO COM PRÉ-MOLDADO DE CONCRETO","M2",11.24]
[null,"ED-48491","DEM-PIS-065","DEMOLIÇÃO DE PAVIMENTO PARALELEPÍPEDO REJUNTADOS COM AREIA INCLUSIVE AFASTAMENTO E EMPILHAMENTO","M2",11.24]
[null,"ED-48480","DEM-PIS-010","DEMOLIÇÃO DE PISO CERÂMICO OU LADRILHO HIDRÁULICO, INCLUSIVE AFASTAMENTO","M2",11.4]
[null,"ED-48479","DEM-PIS-005","DEMOLIÇÃO DE PISO CIMENTADO OU CONTRAPISO DE ARGAMASSA ESPESSURA MÁXIMA DE 10CM, INCLUSIVE AFASTAMENTO","M2",12.85]
[null,"ED-48483","DEM-PIS-025","DEMOLIÇÃO DE PISO DE GRANILITE/MARMORITE, INCLUSIVE AFASTAMENTO","M2",16.54]
[null,"ED-48481","DEM-PIS-015","DEMOLIÇÃO DE PISO DE PEDRAS (MÁRMORE, GRANITO, ARDÓSIA, LAGOA SANTA, SÃO TOMÉ), INCLUSIVE AFASTAMENTO","M2",19.27]
[null,"ED-48485","DEM-PIS-035","DEMOLIÇÃO DE PISO DE TABUAS, INCLUSIVE AFASTAMENTO","M2",14.45]
[null,"ED-48484","DEM-PIS-030","DEMOLIÇÃO DE PISO DE TACO DE MADEIRA, INCLUSIVE AFASTAMENTO","M2",16.059999999999999]
[null,"ED-48482","DEM-PIS-020","DEMOLIÇÃO DE PISO VINÍLICO, INCLUSIVE AFASTAMENTO","M2",6.42]
[null,"ED-48501","DEM-REV-005","DEMOLIÇÃO DE REBOCO INCLUSIVE AFASTAMENTO","M2",11.24]
[null,"ED-48492","DEM-PIS-070","DEMOLIÇÃO DE REVESTIMENTO ASFÁLTICO COM EQUIPAMENTO PNEUMÁTICO, INCLUSIVE AFASTAMENTO","M2",7.64]
[null,"ED-48502","DEM-REV-010","DEMOLIÇÃO DE REVESTIMENTO CERÂMICO, AZULEJO OU LADRILHO HIDRÁULICO INCLUSIVE AFASTAMENTO","M2",12.85]
[null,"ED-48503","DEM-REV-015","DEMOLIÇÃO DE REVESTIMENTO DE PEDRA (MÁRMORE, GRANITO, ARDÓSIA, SÃO TOMÉ, ETC.), INCLUSIVE AFASTAMENTO","M2",19.27]
[null,"ED-48505","DEM-ROD-005","DEMOLIÇÃO DE RODAPÉ EM GERAL, INCLUSIVE ARGAMASSA DE ASSENTAMENTO","M",1.92]
[null,"ED-48507","DEM-SAR-005","DEMOLIÇÃO DE SARJETA OU SARJETÃO DE CONCRETO","M2",12.85]
[null,"ED-48490","DEM-PIS-060","DEMOLIÇÃO MANUAL DE ALVENARIA POLIÉDRICA, INCLUSIVE AFASTAMENTO","M2",11.24]
[null,"ED-48499","DEM-RED-005","DESMONTAGEM E RETIRADA DE REDES DE DUTOS DE AR CONDICIONADO","M",6.42]
[null,"ED-49515","ELE-REA-015","REATOR ELETRÔNICO, ALTO FATOR DE POTÊNCIA (A.F.P), PARTIDA RÁPIDA, PARA UMA (1) LÂMPADA TUBULAR, POTÊNCIA 32W, FORNECIMENTO E INSTALAÇÃO","UN",39.83]
[null,"ED-48434","DEM-ALA-005","REMOÇÃO DE ALAMBRADO METÁLICO, COM REAPROVEITAMENTO, INCLUSIVE AFASTAMENTO","M2",9.6300000000000008]
[null,"ED-48496","DEM-POR-025","REMOÇÃO DE ALISAR, INCLUSIVE AFASTAMENTO E EMPILHAMENTO","CJ",2.35]
[null,"ED-48437","DEM-BAN-005","REMOÇÃO DE BANCADA DE PEDRA (MÁRMORE, GRANITO, ARDÓSIA, MARMORITE, ETC.)","M2",37.1]
[null,"ED-48438","DEM-CAL-005","REMOÇÃO DE CALHA GALVANIZADA OU PVC, INCLUSIVE AFASTAMENTO","M",6.42]
[null,"ED-48439","DEM-CER-005","REMOÇÃO DE CERCA","M2",12.85]
[null,"ED-48449","DEM-CON-050","REMOÇÃO DE CONCERTINA D = 450 MM, 610 MM OU 730 MM - COM REAPROVEITAMENTO","M",1.97]
[null,"ED-48448","DEM-CON-045","REMOÇÃO DE CONCERTNA D = 450 MM, 610 MM OU 730 MM - COM POSSÍVEL REAPROVEITAMENTO","M",1.97]
[null,"ED-48446","DEM-CON-035","REMOÇÃO DE CONDUTOR DE CHAPA GALVANIZADA OU PVC, INCLUSIVE AFASTAMENTO","M",4.01]
[null,"ED-48458","DEM-FER-005","REMOÇÃO DE FERRAGENS (DOBRADIÇAS, FECHADURAS, MAÇANETAS)","U",11.56]
[null,"ED-48494","DEM-POR-015","REMOÇÃO DE FOLHA DE PORTA OU JANELA, INCLUSIVE AFASTAMENTO E EMPILHAMENTO","M2",6.42]
[null,"ED-48465","DEM-IMP-005","REMOÇÃO DE IMPERMEABILIZAÇÃO E PROTEÇÃO MECÂNICA","M2",32.92]
[null,"ED-48466","DEM-INT-005","REMOÇÃO DE INTERFONE","U",33.92]
[null,"ED-48467","DEM-LOU-005","REMOÇÃO DE LOUÇAS (LAVATÓRIO, BANHEIRA, PIA, VASO SANITÁRIO, TANQUE)","U",53.2]
[null,"ED-48468","DEM-LUM-005","REMOÇÃO DE LUMINÁRIA FLUORESCENTE","U",13.56]
[null,"ED-48469","DEM-LUM-010","REMOÇÃO DE LUMINÁRIA INCANDESCENTE","U",8.4700000000000006]
[null,"ED-48495","DEM-POR-020","REMOÇÃO DE MARCO, INCLUSIVE AFASTAMENTO E EMPILHAMENTO","U",11.14]
[null,"ED-48473","DEM-MFC-010","REMOÇÃO DE MEIO-FIO DE PEDRA(GNAISSE, BASALTO, ETC.) INCLUSIVE CARGA","M",20.07]
[null,"ED-48472","DEM-MFC-005","REMOÇÃO DE MEIO-FIO PRÉ-MOLDADO DE CONCRETO INCLUSIVE CARGA","M",8.0299999999999994]
[null,"ED-48470","DEM-MET-005","REMOÇÃO DE METAIS COMUNS (CONDUÍTE, SIFÃO, REGISTRO, TORNEIRAS)","U",12.33]
[null,"ED-48471","DEM-MET-010","REMOÇÃO DE METAIS ESPECIAIS (VÁLVULA DE DESCARGA, CAIXA SILENCIOSA)","U",12.94]
[null,"ED-48474","DEM-PAD-005","REMOÇÃO DE PADRÃO DA CEMIG","U",84.8]
[null,"ED-48475","DEM-PAD-010","REMOÇÃO DE PADRÃO DA COPASA","U",66.5]
[null,"ED-48493","DEM-POR-005","REMOÇÃO DE PORTA OU JANELA INCLUSIVE MARCO E ALISAR, INCLUSIVE AFASTAMENTO E EMPILHAMENTO","M2",9.6300000000000008]
[null,"ED-48497","DEM-POR-030","REMOÇÃO DE PORTA OU JANELA METÁLICA, INCLUSIVE AFASTAMENTO","M2",13.64]
[null,"ED-48498","DEM-QUA-005","REMOÇÃO DE QUADRO NEGRO , INCLUSIVE AFASTAMENTO","M2",20.55]
[null,"ED-48506","DEM-RUF-005","REMOÇÃO DE RUFO DE CHAPA GALVANIZADA, INCLUSIVE AFASTAMENTO","M",4.4800000000000004]
[null,"ED-48513","DEM-TEL-025","REMOÇÃO DE TELHA CERÂMICA COLONIAL OU FRANCESA, INCLUSIVE AFASTAMENTO E EMPILHAMENTO","M2",9.6300000000000008]
[null,"ED-48514","DEM-TEL-030","REMOÇÃO DE TELHA CERÂMICA COLONIAL OU FRANCESA PARA REAPROVEITAMENTO, INCLUSIVE AFASTAMENTO E EMPILHAMENTO","M2",16.059999999999999]
[null,"ED-48509","DEM-TEL-005","REMOÇÃO DE TELHA METÁLICA OU PVC, INCLUSIVE AFASTAMENTO E EMPILHAMENTO","M2",5.23]
[null,"ED-48511","DEM-TEL-015","REMOÇÃO DE TELHA ONDULADA DE FIBROCIMENTO, INCLUSIVE AFASTAMENTO E EMPILHAMENTO","M2",8.82]
[null,"ED-48512","DEM-TEL-020","REMOÇÃO DE TELHA ONDULADA FIBROCIMENTO PARA REAPROVEITAMENTO","M2",10.43]
[null,"ED-48510","DEM-TEL-010","REMOÇÃO DE TELHA TIPO CALHA DE FIBROCIMENTO, INCLUSIVE AFASTAMENTO E EMPILHAMENTO","M2",9.6300000000000008]
[null,"ED-48478","DEM-PEI-005","RETIRADA DE PEITORIL DE MÁRMORE OU GRANITO","M",5.64]
[null,"ED-48508","DEM-SOL-005","RETIRADA DE SOLEIRA DE MÁRMORE OU GRANITO","M",6.06]
[null,"ED-48515","DEM-TUB-005","RETIRADA DE TUBULAÇÕES EMBUTIDAS DAS REDE DE ÁGUA, ELÉTRICA, GASES, ETC.","M",11.8]
[null,"ED-48500","DEM-RED-010","RETIRADA DE TUBULAÇÕES EMBUTIDAS DE REDE DE ÁGUA, ELÉTRICA, GASES ETC., INCLUSIVE CORTES E DESVIOS","M",11.8]
[null,"ED-48516","DEM-VID-005","RETIRADA DE VIDRO DE ESQUADRIAS, INCLUSIVE LIMPEZA DO ENCAIXE","M2",2.11]
[null,"23","-","316 - DIV-001  - DIVISÓRIA EM PEDRA"]
[null,"ED-48532","DIV-PED-010","DIVISÓRIA EM ARDÓSIA E = 3 CM, INCLUSIVE FERRAGENS EM LATÃO CROMADO","M2",249.51]
[null,"ED-48535","DIV-PED-025","DIVISÓRIA EM ARDÓSIA E = 3 CM, INCLUSIVE PERFIS EM CHAPA 18","M2",182]
[null,"ED-48533","DIV-PED-015","DIVISÓRIA EM GRANITO CINZA ANDORINHA E = 3 CM, INCLUSIVE FERRAGENS EM LATÃO CROMADO","M2",541.04]
[null,"ED-48531","DIV-PED-005","DIVISÓRIA EM MÁRMORE BRANCO E = 3 CM, INCLUSIVE FERRAGENS EM LATÃO CROMADO","M2",477.84]
[null,"ED-48534","DIV-PED-020","DIVISÓRIA EM MARMORITE E = 3 CM, INCLUSIVE FERRAGENS EM LATÃO CROMADO","M2",365.77]
[null,"24","-","317 - DIV-002  - DIVISÓRIA DE MADEIRA"]
[null,"ED-48538","DIV-PAI-015","CONJUNTO DE FERRAGENS PARA CONFECÇÃO DE PORTA DE DIVISÓRIA","CJ",100]
[null,"ED-48536","DIV-PAI-005","DIVISÓRIA EM PAINEL REMOVÍVEL, NÚCLEO COMPENSADO NAVAL - P. AÇO TIPO C","M2",92.34]
[null,"ED-48537","DIV-PAI-010","DIVISÓRIA EM PAINEL REMOVÍVEL, NÚCLEO COMPENSADO NAVAL - P. ALUMÍNIO TIPO C","M2",92.34]
[null,"ED-49437","ELE-PAD-095","PADRÃO CEMIG SUBTERRÂNEO TIPO H1, CARGA INSTALADA ATÉ 5 KW,","U",1126.56]
[null,"25","-","318 - DRE-001  - DRENAGEM"]
[null,"ED-48611","DRE-GAL-005","ALA DE GALERIA CELULAR B = 1,20 M, EXCLUSIVE BOTA FORA","M",5231.45]
[null,"ED-48612","DRE-GAL-010","ALA DE GALERIA CELULAR B = 1,30 M, EXCLUSIVE BOTA FORA","M",5430.45]
[null,"ED-48613","DRE-GAL-015","ALA DE GALERIA CELULAR B = 1,40 M, EXCLUSIVE BOTA FORA","M",5629.04]
[null,"ED-48614","DRE-GAL-020","ALA DE GALERIA CELULAR B = 1,50 M, EXCLUSIVE BOTA FORA","M",5832.4]
[null,"ED-48615","DRE-GAL-025","ALA DE GALERIA CELULAR B = 1,60 M, EXCLUSIVE BOTA FORA","M",8893.44]
[null,"ED-48616","DRE-GAL-030","ALA DE GALERIA CELULAR B = 1,70 M, EXCLUSIVE BOTA FORA","M",9160.94]
[null,"ED-48617","DRE-GAL-035","ALA DE GALERIA CELULAR B = 1,80 M, EXCLUSIVE BOTA FORA","M",9417.92]
[null,"ED-48618","DRE-GAL-040","ALA DE GALERIA CELULAR B = 1,90 M, EXCLUSIVE BOTA FORA","M",9707.7000000000007]
[null,"ED-48619","DRE-GAL-045","ALA DE GALERIA CELULAR B = 2,00 M, EXCLUSIVE BOTA FORA","M",10045.299999999999]
[null,"ED-48620","DRE-GAL-050","ALA DE GALERIA CELULAR B = 2,10 M, EXCLUSIVE BOTA FORA","M",10401.99]
[null,"ED-48621","DRE-GAL-055","ALA DE GALERIA CELULAR B = 2,20 M, EXCLUSIVE BOTA FORA","M",10723.85]
[null,"ED-48622","DRE-GAL-060","ALA DE GALERIA CELULAR B = 2,30 M, EXCLUSIVE BOTA FORA","M",11150.99]
[null,"ED-48623","DRE-GAL-065","ALA DE GALERIA CELULAR B = 2,40 M, EXCLUSIVE BOTA FORA","M",11488.69]
[null,"ED-48624","DRE-GAL-070","ALA DE GALERIA CELULAR B = 2,50 M, EXCLUSIVE BOTA FORA","M",11843.36]
[null,"ED-48625","DRE-GAL-075","ALA DE GALERIA CELULAR B = 2,60 M, EXCLUSIVE BOTA FORA","M",12200.98]
[null,"ED-48626","DRE-GAL-080","ALA DE GALERIA CELULAR B = 2,70 M, EXCLUSIVE BOTA FORA","M",12484.73]
[null,"ED-48627","DRE-GAL-085","ALA DE GALERIA CELULAR B = 2,80 M, EXCLUSIVE BOTA FORA","M",12792.5]
[null,"ED-48628","DRE-GAL-090","ALA DE GALERIA CELULAR B = 2,90 M, EXCLUSIVE BOTA FORA","M",13073.23]
[null,"ED-48629","DRE-GAL-095","ALA DE GALERIA CELULAR B = 3,00 M, EXCLUSIVE BOTA FORA","M",13356.43]
[null,"ED-48544","DRE-ALA-030","ALA DE REDE TUBULAR DN 1000, EXCLUSIVE BOTA FORA","U",1303.05]
[null,"ED-48545","DRE-ALA-035","ALA DE REDE TUBULAR DN 1100, EXCLUSIVE BOTA FORA","U",1762.12]
[null,"ED-48546","DRE-ALA-040","ALA DE REDE TUBULAR DN 1200, EXCLUSIVE BOTA FORA","U",1873]
[null,"ED-48547","DRE-ALA-045","ALA DE REDE TUBULAR DN 1300, EXCLUSIVE BOTA FORA","U",2336.0500000000002]
[null,"ED-48548","DRE-ALA-050","ALA DE REDE TUBULAR DN 1500, EXCLUSIVE BOTA FORA","U",2602.3000000000002]
[null,"ED-48539","DRE-ALA-005","ALA DE REDE TUBULAR DN 500, EXCLUSIVE BOTA FORA","U",838.09]
[null,"ED-48540","DRE-ALA-010","ALA DE REDE TUBULAR DN 600, EXCLUSIVE BOTA FORA","U",934.13]
[null,"ED-48541","DRE-ALA-015","ALA DE REDE TUBULAR DN 700, EXCLUSIVE BOTA FORA","U",1015.85]
[null,"ED-48542","DRE-ALA-020","ALA DE REDE TUBULAR DN 800, EXCLUSIVE BOTA FORA","U",1101.5]
[null,"ED-48543","DRE-ALA-025","ALA DE REDE TUBULAR DN 900, EXCLUSIVE BOTA FORA","U",1197.42]
[null,"ED-48703","ELE-BLO-005","BLOCO BLI-10 PADRÃO TELEMAR","U",16.57]
[null,"ED-48551","DRE-BOC-015","BOCA DE LOBO DUPLA (TIPO B - CONCRETO), QUADRO, GRELHA E CANTONEIRA, INCLUSIVE ESCAVAÇÃO, REATERRO E BOTA-FORA","U",1452.23]
[null,"ED-48549","DRE-BOC-005","BOCA DE LOBO SIMPLES (TIPO A - FERRO FUNDIDO), QUADRO, GRELHA E CANTONEIRA, INCLUSIVE ESCAVAÇÃO, REATERRO E BOTA-FORA","U",1977.88]
[null,"ED-48550","DRE-BOC-010","BOCA DE LOBO SIMPLES (TIPO B - CONCRETO), QUADRO, GRELHA E CANTONEIRA, INCLUSIVE ESCAVAÇÃO, REATERRO E BOTA-FORA","U",826.7]
[null,"ED-48587","DRE-CXS-036","CAIXA DE AREIA 100 X 100 X 100 CM","U",968.79]
[null,"ED-48586","DRE-CXS-035","CAIXA DE AREIA 50 X 60 X 70 CM","U",413.59]
[null,"ED-48572","DRE-CXS-006","CAIXA DE CAPTAÇÃO E DRENAGEM TIPO A (100 X 100 X 120 CM), D = 500 MM A 1500MM, INCLUSIVE ESCAVAÇÃO, REATERRO E BOTA FORA","U",1104.83]
[null,"ED-48573","DRE-CXS-007","CAIXA DE CAPTAÇÃO E DRENAGEM TIPO A (120 X 120 X 150 CM), D = 500 MM A 1500MM, INCLUSIVE ESCAVAÇÃO, REATERRO E BOTA FORA","U",1527.43]
[null,"ED-48574","DRE-CXS-010","CAIXA DE CAPTAÇÃO E DRENAGEM TIPO B D = 500 MM","U",1227.42]
[null,"ED-48575","DRE-CXS-011","CAIXA DE CAPTAÇÃO E DRENAGEM TIPO B (100 X 100 X 120 CM), D = 500 MM A 1500MM, INCLUSIVE ESCAVAÇÃO, REATERRO E BOTA FORA","U",1403.58]
[null,"ED-48576","DRE-CXS-012","CAIXA DE CAPTAÇÃO E DRENAGEM TIPO B (120 X 120 X 150 CM), D = 500 MM A 1500MM, INCLUSIVE ESCAVAÇÃO, REATERRO E BOTA FORA","U",1932.05]
[null,"ED-48578","DRE-CXS-016","CAIXA DE CAPTAÇÃO E DRENAGEM TIPO C (100 X 100 X 120 CM), D = 500 MM A 1500MM, INCLUSIVE ESCAVAÇÃO, REATERRO E BOTA FORA","U",1079.01]
[null,"ED-48579","DRE-CXS-017","CAIXA DE CAPTAÇÃO E DRENAGEM TIPO C (120 X 120 X 150 CM), D = 500 MM A 1500MM, INCLUSIVE ESCAVAÇÃO, REATERRO E BOTA FORA","U",1571.32]
[null,"ED-48580","DRE-CXS-020","CAIXA DE CAPTAÇÃO E DRENAGEM TIPO D (D = 70 CM, H = 82 CM), D = 500 MM A 1500MM, INCLUSIVE ESCAVAÇÃO, REATERRO E BOTA FORA","U",556.37]
[null,"ED-48581","DRE-CXS-021","CAIXA DE CAPTAÇÃO E DRENAGEM TIPO D (D = 90 CM, H = 82 CM), D = 500 MM A 1500MM, INCLUSIVE ESCAVAÇÃO, REATERRO E BOTA FORA","U",813.64]
[null,"ED-48582","DRE-CXS-025","CAIXA DE CAPTAÇÃO E DRENAGEM TIPO E (100 X 100 X 120 CM), D = 500 MM A 1500MM, INCLUSIVE ESCAVAÇÃO, REATERRO E BOTA FORA","U",1072.06]
[null,"ED-48583","DRE-CXS-026","CAIXA DE CAPTAÇÃO E DRENAGEM TIPO E (120 X 120 X 150 CM), D = 500 MM A 1500MM, INCLUSIVE ESCAVAÇÃO, REATERRO E BOTA FORA","U",1528.17]
[null,"ED-48584","DRE-CXS-030","CAIXA DE CAPTAÇÃO E DRENAGEM TIPO F (100 X 100 X 120 CM), D = 500 MM A 1500MM, INCLUSIVE ESCAVAÇÃO, REATERRO E BOTA FORA","U",1360.66]
[null,"ED-48585","DRE-CXS-031","CAIXA DE CAPTAÇÃO E DRENAGEM TIPO F (120 X 120 X 150 CM), D = 500 MM A 1500MM, INCLUSIVE ESCAVAÇÃO, REATERRO E BOTA FORA","U",1922.64]
[null,"ED-48571","DRE-CXS-005","CAIXAS DE CAPTAÇÃO E DRENAGEM TIPO A D = 500 MM","U",956.91]
[null,"ED-48577","DRE-CXS-015","CAIXAS DE CAPTAÇÃO E DRENAGEM TIPO C D = 500 MM","U",1526.59]
[null,"ED-14720","-","CANALETA PARA DRENAGEM, EM CONCRETO COM FCK 15MPA, MOLDADA IN LOCO, SEÇÃO 15X15CM, FORMA EM CONTRA BARRANCO, EXCLUSIVE TAMPA, INCLUSIVE ESCAVAÇÃO, REATERRO COM TRANSPORTE E RETIRADA DO MATERIAL ESCAVADO (EM CAÇAMBA)","M",42.81]
[null,"ED-14740","-","CANALETA PARA DRENAGEM, EM CONCRETO COM FCK 15MPA, MOLDADA IN LOCO, SEÇÃO 15X15CM, FORMA EM MADEIRA, EXCLUSIVE TAMPA, INCLUSIVE ESCAVAÇÃO, REATERRO COM TRANSPORTE E RETIRADA DO MATERIAL ESCAVADO (EM CAÇAMBA)","M",76.5]
[null,"ED-14721","-","CANALETA PARA DRENAGEM, EM CONCRETO COM FCK 15MPA, MOLDADA IN LOCO, SEÇÃO 20X20CM, FORMA EM CONTRA BARRANCO, EXCLUSIVE TAMPA, INCLUSIVE ESCAVAÇÃO, REATERRO COM TRANSPORTE E RETIRADA DO MATERIAL ESCAVADO (EM CAÇAMBA)","M",54.9]
[null,"ED-14741","-","CANALETA PARA DRENAGEM, EM CONCRETO COM FCK 15MPA, MOLDADA IN LOCO, SEÇÃO 20X20CM, FORMA EM MADEIRA, EXCLUSIVE TAMPA, INCLUSIVE ESCAVAÇÃO, REATERRO COM TRANSPORTE E RETIRADA DO MATERIAL ESCAVADO (EM CAÇAMBA)","M",93.95]
[null,"ED-14725","-","CANALETA PARA DRENAGEM, EM CONCRETO COM FCK 15MPA, MOLDADA IN LOCO, SEÇÃO 30X20CM, FORMA EM CONTRA BARRANCO, COM GRELHA EM BARRA REDONDA DN 12,5MM (1/2\") E REQUADRO EM BARRA REDONDA DN 20MM (3/4\") COM UMA (1) DEMÃO DE FUNDO ANTICORROSIVO E DUAS (2) DEMÃOS DE PINTURA ESMALTE, INCLUSIVE ESCAVAÇÃO, REATERRO COM TRANSPORTE E RETIRADA DO MATERIAL ESCAVADO (EM CAÇAMBA)","M",171.05]
[null,"ED-14726","-","CANALETA PARA DRENAGEM, EM CONCRETO COM FCK 15MPA, MOLDADA IN LOCO, SEÇÃO 30X20CM, FORMA EM CONTRA BARRANCO, COM TAMPA EM CONCRETO  PARA TRÂNSITO DE PEDESTRE, INCLUSIVE ESCAVAÇÃO, REATERRO COM TRANSPORTE E RETIRADA DO MATERIAL ESCAVADO (EM CAÇAMBA)\n","M",106.66]
[null,"ED-14728","-","CANALETA PARA DRENAGEM, EM CONCRETO COM FCK 15MPA, MOLDADA IN LOCO, SEÇÃO 30X20CM, FORMA EM CONTRA BARRANCO, EXCLUSIVE TAMPA, INCLUSIVE ESCAVAÇÃO, REATERRO COM TRANSPORTE E RETIRADA DO MATERIAL ESCAVADO (EM CAÇAMBA)","M",72.41]
[null,"ED-14746","-","CANALETA PARA DRENAGEM, EM CONCRETO COM FCK 15MPA, MOLDADA IN LOCO, SEÇÃO 30X20CM, FORMA EM MADEIRA, COM GRELHA EM BARRA REDONDA DN 12,5MM (1/2\") E REQUADRO EM BARRA REDONDA DN 20MM (3/4\") COM UMA (1) DEMÃO DE FUNDO ANTICORROSIVO E DUAS (2) DEMÃOS DE PINTURA ESMALTE, INCLUSIVE ESCAVAÇÃO, REATERRO COM TRANSPORTE E RETIRADA DO MATERIAL ESCAVADO (EM CAÇAMBA)","M",220.85]
[null,"ED-14747","-","CANALETA PARA DRENAGEM, EM CONCRETO COM FCK 15MPA, MOLDADA IN LOCO, SEÇÃO 30X20CM, FORMA EM MADEIRA, COM TAMPA EM CONCRETO PARA TRÂNSITO DE PEDESTRE, INCLUSIVE ESCAVAÇÃO, REATERRO COM TRANSPORTE E RETIRADA DO MATERIAL ESCAVADO (EM CAÇAMBA)","M",156.46]
[null,"ED-14748","-","CANALETA PARA DRENAGEM, EM CONCRETO COM FCK 15MPA, MOLDADA IN LOCO, SEÇÃO 30X20CM, FORMA EM MADEIRA, EXCLUSIVE TAMPA, INCLUSIVE ESCAVAÇÃO, REATERRO COM TRANSPORTE E RETIRADA DO MATERIAL ESCAVADO (EM CAÇAMBA)","M",291.8]
[null,"ED-14718","-","CANALETA PARA DRENAGEM, EM CONCRETO COM FCK 15MPA, MOLDADA IN LOCO, SEÇÃO 30X30CM, FORMA EM CONTRA BARRANCO, COM GRELHA EM BARRA REDONDA DN 12,5MM (1/2\") E REQUADRO EM BARRA REDONDA DN 20MM (3/4\") COM UMA (1) DEMÃO DE FUNDO ANTICORROSIVO E DUAS (2) DEMÃOS DE PINTURA ESMALTE, INCLUSIVE ESCAVAÇÃO, REATERRO COM TRANSPORTE E RETIRADA DO MATERIAL ESCAVADO (EM CAÇAMBA)","M",178.77]
[null,"ED-14719","-","CANALETA PARA DRENAGEM, EM CONCRETO COM FCK 15MPA, MOLDADA IN LOCO, SEÇÃO 30X30CM, FORMA EM CONTRA BARRANCO, COM TAMPA EM CONCRETO  PARA TRÂNSITO DE PEDESTRE, INCLUSIVE ESCAVAÇÃO, REATERRO COM TRANSPORTE E RETIRADA DO MATERIAL ESCAVADO (EM CAÇAMBA)","M",114.38]
[null,"ED-14722","-","CANALETA PARA DRENAGEM, EM CONCRETO COM FCK 15MPA, MOLDADA IN LOCO, SEÇÃO 30X30CM, FORMA EM CONTRA BARRANCO, EXCLUSIVE TAMPA, INCLUSIVE ESCAVAÇÃO, REATERRO COM TRANSPORTE E RETIRADA DO MATERIAL ESCAVADO (EM CAÇAMBA)","M",80.13]
[null,"ED-14737","-","CANALETA PARA DRENAGEM, EM CONCRETO COM FCK 15MPA, MOLDADA IN LOCO, SEÇÃO 30X30CM, FORMA EM MADEIRA, COM GRELHA EM BARRA REDONDA DN 12,5MM (1/2\") E REQUADRO EM BARRA REDONDA DN 20MM (3/4\") COM UMA (1) DEMÃO DE FUNDO ANTICORROSIVO E DUAS (2) DEMÃOS DE PINTURA ESMALTE, INCLUSIVE ESCAVAÇÃO, REATERRO COM TRANSPORTE E RETIRADA DO MATERIAL ESCAVADO (EM CAÇAMBA)","M",228.57]
[null,"ED-14739","-","CANALETA PARA DRENAGEM, EM CONCRETO COM FCK 15MPA, MOLDADA IN LOCO, SEÇÃO 30X30CM, FORMA EM MADEIRA, COM TAMPA EM CONCRETO  PARA TRÂNSITO DE PEDESTRE, INCLUSIVE ESCAVAÇÃO, REATERRO COM TRANSPORTE E RETIRADA DO MATERIAL ESCAVADO (EM CAÇAMBA)","M",164.18]
[null,"ED-14742","-","CANALETA PARA DRENAGEM, EM CONCRETO COM FCK 15MPA, MOLDADA IN LOCO, SEÇÃO 30X30CM, FORMA EM MADEIRA, EXCLUSIVE TAMPA, INCLUSIVE ESCAVAÇÃO, REATERRO COM TRANSPORTE E RETIRADA DO MATERIAL ESCAVADO (EM CAÇAMBA)","M",129.93]
[null,"ED-14581","-","CANALETA PARA DRENAGEM, EM CONCRETO COM FCK 15MPA, MOLDADA IN LOCO, SEÇÃO 40X40CM, FORMA EM CONTRA BARRANCO, EXCLUSIVE TAMPA, INCLUSIVE ESCAVAÇÃO, REATERRO COM TRANSPORTE E RETIRADA DO MATERIAL ESCAVADO (EM CAÇAMBA)","M",180.63]
[null,"ED-14743","-","CANALETA PARA DRENAGEM, EM CONCRETO COM FCK 15MPA, MOLDADA IN LOCO, SEÇÃO 40X40CM, FORMA EM MADEIRA, EXCLUSIVE TAMPA, INCLUSIVE ESCAVAÇÃO, REATERRO COM TRANSPORTE E RETIRADA DO MATERIAL ESCAVADO (EM CAÇAMBA)","M",233.66]
[null,"ED-14723","-","CANALETA PARA DRENAGEM, EM CONCRETO COM FCK 15MPA, MOLDADA IN LOCO, SEÇÃO 60X60CM, FORMA EM CONTRA BARRANCO, EXCLUSIVE TAMPA, INCLUSIVE ESCAVAÇÃO, REATERRO COM TRANSPORTE E RETIRADA DO MATERIAL ESCAVADO (EM CAÇAMBA)","M",269.52]
[null,"ED-14744","-","CANALETA PARA DRENAGEM, EM CONCRETO COM FCK 15MPA, MOLDADA IN LOCO, SEÇÃO 60X60CM, FORMA EM MADEIRA, EXCLUSIVE TAMPA, INCLUSIVE ESCAVAÇÃO, REATERRO COM TRANSPORTE E RETIRADA DO MATERIAL ESCAVADO (EM CAÇAMBA)","M",358]
[null,"ED-14724","-","CANALETA PARA DRENAGEM, EM CONCRETO COM FCK 15MPA, MOLDADA IN LOCO, SEÇÃO 90X90CM, FORMA EM CONTRA BARRANCO, EXCLUSIVE TAMPA, INCLUSIVE ESCAVAÇÃO, REATERRO COM TRANSPORTE E RETIRADA DO MATERIAL ESCAVADO (EM CAÇAMBA)","M",524.48]
[null,"ED-14745","-","CANALETA PARA DRENAGEM, EM CONCRETO COM FCK 15MPA, MOLDADA IN LOCO, SEÇÃO 90X90CM, FORMA EM MADEIRA, EXCLUSIVE TAMPA, INCLUSIVE ESCAVAÇÃO, REATERRO COM TRANSPORTE E RETIRADA DO MATERIAL ESCAVADO (EM CAÇAMBA)","M",649.26]
[null,"ED-48552","DRE-CAN-005","CANALETA PARA DRENAGEM, PRÉ-MOLDADA, TIPO MEIA CANA, DIÂMETRO 30CM, EXCLUSIVE TAMPA, INCLUSIVE ASSENTAMENTO EM ARGAMASSA, TRAÇO 1:3 (CIMENTO E AREIA), ESCAVAÇÃO, TRANSPORTE E RETIRADA DO MATERIAL ESCAVADO (EM CAÇAMBA)","M",50.02]
[null,"ED-48553","DRE-CAN-010","CANALETA PARA DRENAGEM, PRÉ-MOLDADA, TIPO MEIA CANA, DIÂMETRO 40CM, EXCLUSIVE TAMPA, INCLUSIVE ASSENTAMENTO EM ARGAMASSA, TRAÇO 1:3 (CIMENTO E AREIA), ESCAVAÇÃO, TRANSPORTE E RETIRADA DO MATERIAL ESCAVADO (EM CAÇAMBA)","M",68.17]
[null,"ED-48554","DRE-CAN-015","CANALETA PARA DRENAGEM, PRÉ-MOLDADA, TIPO MEIA CANA, DIÂMETRO 50CM, EXCLUSIVE TAMPA, INCLUSIVE ASSENTAMENTO EM ARGAMASSA, TRAÇO 1:3 (CIMENTO E AREIA), ESCAVAÇÃO, TRANSPORTE E RETIRADA DO MATERIAL ESCAVADO (EM CAÇAMBA)","M",93.05]
[null,"ED-48555","DRE-CAN-020","CANALETA PARA DRENAGEM, PRÉ-MOLDADA, TIPO MEIA CANA, DIÂMETRO 60CM, EXCLUSIVE TAMPA, INCLUSIVE ASSENTAMENTO EM ARGAMASSA, TRAÇO 1:3 (CIMENTO E AREIA), ESCAVAÇÃO, TRANSPORTE E RETIRADA DO MATERIAL ESCAVADO (EM CAÇAMBA)","M",114.57]
[null,"ED-48562","DRE-CAN-060","CANALETA SANITÁRIA, SEÇÃO 5X8CM, EM ARGAMASSA, TRAÇO 1:3 (CIMENTO E AREIA) COM ADITIVO IMPERMEABILIZANTE, EXCLUSIVE TAMPA, INCLUSIVE CORTE NO PISO, TRANSPORTE E RETIRADA DO MATERIAL DEMOLIDO (EM CAÇAMBA)\n","M",20.41]
[null,"ED-48568","DRE-CHA-005","CHAMINÉ DE POÇO DE VISITA TIPO \"A\", EM ALVENARIA COM DEGRAUS DE AÇO CA-50","M",429.87]
[null,"ED-48569","DRE-CHA-010","CHAMINÉ DE POÇO DE VISITA TIPO \"B\", EM ANEL DE CONCRETO CA-1 COM DEGRAUS DE AÇO CA-50","M",236.62]
[null,"ED-48570","DRE-CON-005","CONCRETO PARA BERÇO DE REDE TUBULAR TRAÇO 1:3:6, INCLUSIVE LANÇAMENTO","M3",375.35]
[null,"ED-48603","DRE-DES-080","DESCIDA D´ÁGUA TIPO CALHA DN 1000, EXCLUSIVE BOTA FORA","M",620.57000000000005]
[null,"ED-48604","DRE-DES-085","DESCIDA D´ÁGUA TIPO CALHA DN 1100, EXCLUSIVE BOTA FORA","M",818.62]
[null,"ED-48605","DRE-DES-090","DESCIDA D´ÁGUA TIPO CALHA DN 1200, EXCLUSIVE BOTA FORA","M",895.62]
[null,"ED-48606","DRE-DES-095","DESCIDA D´ÁGUA TIPO CALHA DN 1300, EXCLUSIVE BOTA FORA","M",974.54]
[null,"ED-48607","DRE-DES-100","DESCIDA D´ÁGUA TIPO CALHA DN 1500, EXCLUSIVE BOTA FORA","M",1533.23]
[null,"ED-48598","DRE-DES-055","DESCIDA D´ÁGUA TIPO CALHA DN 500, EXCLUSIVE BOTA FORA","M",311.11]
[null,"ED-48599","DRE-DES-060","DESCIDA D´ÁGUA TIPO CALHA DN 600, EXCLUSIVE BOTA FORA","M",372.57]
[null,"ED-48600","DRE-DES-065","DESCIDA D´ÁGUA TIPO CALHA DN 700, EXCLUSIVE BOTA FORA","M",430.52]
[null,"ED-48601","DRE-DES-070","DESCIDA D´ÁGUA TIPO CALHA DN 800, EXCLUSIVE BOTA FORA","M",495.78]
[null,"ED-48602","DRE-DES-075","DESCIDA D´ÁGUA TIPO CALHA DN 900, EXCLUSIVE BOTA FORA","M",556.91]
[null,"ED-48593","DRE-DES-030","DESCIDA D´ÁGUA TIPO DEGRAU DN 1000, EXCLUSIVE BOTA FORA","M",809.81]
[null,"ED-48594","DRE-DES-035","DESCIDA D´ÁGUA TIPO DEGRAU DN 1100, EXCLUSIVE BOTA FORA","M",1023.62]
[null,"ED-48595","DRE-DES-040","DESCIDA D´ÁGUA TIPO DEGRAU DN 1200, EXCLUSIVE BOTA FORA","M",1103.9100000000001]
[null,"ED-48596","DRE-DES-045","DESCIDA D´ÁGUA TIPO DEGRAU DN 1300, EXCLUSIVE BOTA FORA","M",1186.51]
[null,"ED-48597","DRE-DES-050","DESCIDA D´ÁGUA TIPO DEGRAU DN 1500, EXCLUSIVE BOTA FORA","M",1682.19]
[null,"ED-48588","DRE-DES-005","DESCIDA D´ÁGUA TIPO DEGRAU DN 500, EXCLUSIVE BOTA FORA","M",476.7]
[null,"ED-48589","DRE-DES-010","DESCIDA D´ÁGUA TIPO DEGRAU DN 600, EXCLUSIVE BOTA FORA","M",541.83000000000004]
[null,"ED-48590","DRE-DES-015","DESCIDA D´ÁGUA TIPO DEGRAU DN 700, EXCLUSIVE BOTA FORA","M",604.34]
[null,"ED-48591","DRE-DES-020","DESCIDA D´ÁGUA TIPO DEGRAU DN 800, EXCLUSIVE BOTA FORA","M",672.66]
[null,"ED-48592","DRE-DES-025","DESCIDA D´ÁGUA TIPO DEGRAU DN 900, EXCLUSIVE BOTA FORA","M",738.33]
[null,"ED-48608","DRE-DRE-005","DRENO TIPO A, AREIA GROSSA, BRITA 2, TUBO CONCRETO POROSO D = 15 CM, L = 50 CM, INCLUSIVE ESCAVAÇÃO E BOTA FORA","M",93.13]
[null,"ED-48609","DRE-DRE-010","DRENO TIPO B, MANTA DRENANTE, BRITA 3, TUBO CONCRETO POROSO D = 15 CM, L = 50 CM, INCLUSIVE ESCAVAÇÃO E BOTA FORA","M",115.2]
[null,"ED-48610","DRE-FOR-005","FORMA PARA BERÇO EM TABUA, INCLUSIVE DESFORMA","M2",25.83]
[null,"ED-48684","DRE-TUB-085","FORNECIMENTO, ASSENTAMENTO E REJUNTAMENTO DE TUBO DE CONCRETO ARMADO PA1 D = 1000 MM","M",344.98]
[null,"ED-48685","DRE-TUB-090","FORNECIMENTO, ASSENTAMENTO E REJUNTAMENTO DE TUBO DE CONCRETO ARMADO PA1 D = 1200 MM","M",464.4]
[null,"ED-48686","DRE-TUB-095","FORNECIMENTO, ASSENTAMENTO E REJUNTAMENTO DE TUBO DE CONCRETO ARMADO PA1 D = 1500 MM","M",704.03]
[null,"ED-48679","DRE-TUB-060","FORNECIMENTO, ASSENTAMENTO E REJUNTAMENTO DE TUBO DE CONCRETO ARMADO PA1 D = 300 MM","M",50.14]
[null,"ED-48680","DRE-TUB-065","FORNECIMENTO, ASSENTAMENTO E REJUNTAMENTO DE TUBO DE CONCRETO ARMADO PA1 D = 400 MM","M",77.05]
[null,"ED-48681","DRE-TUB-070","FORNECIMENTO, ASSENTAMENTO E REJUNTAMENTO DE TUBO DE CONCRETO ARMADO PA1 D = 500 MM","M",106.34]
[null,"ED-48682","DRE-TUB-075","FORNECIMENTO, ASSENTAMENTO E REJUNTAMENTO DE TUBO DE CONCRETO ARMADO PA1 D = 600 MM","M",146.72]
[null,"ED-48683","DRE-TUB-080","FORNECIMENTO, ASSENTAMENTO E REJUNTAMENTO DE TUBO DE CONCRETO ARMADO PA1 D = 800 MM","M",243.07]
[null,"ED-48675","DRE-TUB-040","FORNECIMENTO, ASSENTAMENTO E REJUNTAMENTO DE TUBO DE CONCRETO SIMPLES PS1 D = 300 MM","M",62.04]
[null,"ED-48676","DRE-TUB-045","FORNECIMENTO, ASSENTAMENTO E REJUNTAMENTO DE TUBO DE CONCRETO SIMPLES PS1 D = 400 MM","M",86.12]
[null,"ED-48677","DRE-TUB-050","FORNECIMENTO, ASSENTAMENTO E REJUNTAMENTO DE TUBO DE CONCRETO SIMPLES PS1 D = 500 MM","M",118.68]
[null,"ED-48678","DRE-TUB-055","FORNECIMENTO, ASSENTAMENTO E REJUNTAMENTO DE TUBO DE CONCRETO SIMPLES PS1 D = 600 MM","M",149.87]
[null,"ED-48689","DRE-TUB-110","FORNECIMENTO E ASSENTAMENTO DE TUBO PVC FLEXÍVEL CORRUGADO, PERFURADO, DN 100 MM (4\"), PARA DRENAGEM","M",15.84]
[null,"ED-48688","DRE-TUB-105","FORNECIMENTO E ASSENTAMENTO DE TUBO PVC FLEXÍVEL CORRUGADO, PERFURADO, DN 65 MM (2.1/2\"), PARA DRENAGEM","M",11.32]
[null,"ED-48690","DRE-TUB-115","FORNECIMENTO E ASSENTAMENTO DE TUBO PVC RÍGIDO CORRUGADO, PERFURADO, DN 160 MM (6\"), PARA DRENAGEM","M",18.940000000000001]
[null,"ED-48669","DRE-TUB-015","FORNECIMENTO E ASSENTAMENTO DE TUBO PVC RÍGIDO, DRENAGEM/PLUVIAL, PBV - SÉRIE NORMAL, DN 100 MM (4\"), INCLUSIVE CONEXÕES","M",30.27]
[null,"ED-48670","DRE-TUB-020","FORNECIMENTO E ASSENTAMENTO DE TUBO PVC RÍGIDO, DRENAGEM/PLUVIAL, PBV - SÉRIE NORMAL, DN 150 MM (6\"), INCLUSIVE CONEXÕES","M",45.82]
[null,"ED-48671","DRE-TUB-025","FORNECIMENTO E ASSENTAMENTO DE TUBO PVC RÍGIDO, DRENAGEM/PLUVIAL, PBV - SÉRIE NORMAL, DN 200 MM (8\"), INCLUSIVE CONEXÕES","M",71.8]
[null,"ED-48667","DRE-TUB-005","FORNECIMENTO E ASSENTAMENTO DE TUBO PVC RÍGIDO, DRENAGEM/PLUVIAL, PBV - SÉRIE NORMAL, DN 50 MM (2\"), INCLUSIVE CONEXÕES","M",20.67]
[null,"ED-48668","DRE-TUB-010","FORNECIMENTO E ASSENTAMENTO DE TUBO PVC RÍGIDO, DRENAGEM/PLUVIAL, PBV - SÉRIE NORMAL, DN 75 MM (3\"), INCLUSIVE CONEXÕES","M",25.82]
[null,"ED-48664","DRE-SAR-020","GUIA DE MEIO-FIO (10X15X22)CM E SARJETA (30X10)CM COM INCLINAÇÃO DE 10%, EM CONCRETO COM FCK 15MPA, MOLDADA IN-LOCO, FORMA EM MADEIRA, INCLUSIVE ESCAVAÇÃO, APILOAMENTO E TRANSPORTE COM RETIRADA DO MATERIAL ESCAVADO (EM CAÇAMBA)","M",67.8]
[null,"ED-48665","DRE-SAR-025","MEIO-FIO COM SARJETA, EXECUTADO C/EXTRUSORA (SARJETA 30X8CM MEIO-FIO 15X10CM X H=23CM), INCLUI ESCAVAÇÃO E ACERTO FAIXA 0,45M","M",32.270000000000003]
[null,"ED-48636","DRE-POÇ-035","POÇO DE VISITA PARA REDE TUBULAR TIPO A DN 1000, EXCLUSIVE ESCAVAÇÃO, REATERRO E BOTA FORA","U",2055.48]
[null,"ED-48637","DRE-POÇ-040","POÇO DE VISITA PARA REDE TUBULAR TIPO A DN 1100, EXCLUSIVE ESCAVAÇÃO, REATERRO E BOTA FORA","U",2491.81]
[null,"ED-48638","DRE-POÇ-045","POÇO DE VISITA PARA REDE TUBULAR TIPO A DN 1200, EXCLUSIVE ESCAVAÇÃO, REATERRO E BOTA FORA","U",2678.4]
[null,"ED-48639","DRE-POÇ-050","POÇO DE VISITA PARA REDE TUBULAR TIPO A DN 1300, EXCLUSIVE ESCAVAÇÃO, REATERRO E BOTA FORA","U",2902.57]
[null,"ED-48640","DRE-POÇ-055","POÇO DE VISITA PARA REDE TUBULAR TIPO A DN 1500, EXCLUSIVE ESCAVAÇÃO, REATERRO E BOTA FORA","U",3358.79]
[null,"ED-48630","DRE-POÇ-005","POÇO DE VISITA PARA REDE TUBULAR TIPO A DN 500, EXCLUSIVE ESCAVAÇÃO, REATERRO E BOTA FORA","U",1415.11]
[null,"ED-48631","DRE-POÇ-010","POÇO DE VISITA PARA REDE TUBULAR TIPO A DN 600, EXCLUSIVE ESCAVAÇÃO, REATERRO E BOTA FORA","U",1484.08]
[null,"ED-48632","DRE-POÇ-015","POÇO DE VISITA PARA REDE TUBULAR TIPO A DN 700, EXCLUSIVE ESCAVAÇÃO, REATERRO E BOTA FORA","U",1539.95]
[null,"ED-48634","DRE-POÇ-025","POÇO DE VISITA PARA REDE TUBULAR TIPO A DN 800, EXCLUSIVE ESCAVAÇÃO, REATERRO E BOTA FORA","U",1733.43]
[null,"ED-48635","DRE-POÇ-030","POÇO DE VISITA PARA REDE TUBULAR TIPO A DN 900, EXCLUSIVE ESCAVAÇÃO, REATERRO E BOTA FORA","U",1887.62]
[null,"ED-48646","DRE-POÇ-085","POÇO DE VISITA PARA REDE TUBULAR TIPO B DN 1000, EXCLUSIVE ESCAVAÇÃO, REATERRO E BOTA FORA","U",2560.66]
[null,"ED-48647","DRE-POÇ-090","POÇO DE VISITA PARA REDE TUBULAR TIPO B DN 1100, EXCLUSIVE ESCAVAÇÃO, REATERRO E BOTA FORA","U",2787.66]
[null,"ED-48648","DRE-POÇ-095","POÇO DE VISITA PARA REDE TUBULAR TIPO B DN 1200, EXCLUSIVE ESCAVAÇÃO, REATERRO E BOTA FORA","U",3009.15]
[null,"ED-48649","DRE-POÇ-100","POÇO DE VISITA PARA REDE TUBULAR TIPO B DN 1300, EXCLUSIVE ESCAVAÇÃO, REATERRO E BOTA FORA","U",3254.24]
[null,"ED-48650","DRE-POÇ-105","POÇO DE VISITA PARA REDE TUBULAR TIPO B DN 1500, EXCLUSIVE ESCAVAÇÃO, REATERRO E BOTA FORA","U",3770.65]
[null,"ED-48641","DRE-POÇ-060","POÇO DE VISITA PARA REDE TUBULAR TIPO B DN 500, EXCLUSIVE ESCAVAÇÃO, REATERRO E BOTA FORA","U",1731.79]
[null,"ED-48642","DRE-POÇ-065","POÇO DE VISITA PARA REDE TUBULAR TIPO B DN 600, EXCLUSIVE ESCAVAÇÃO, REATERRO E BOTA FORA","U",1882.32]
[null,"ED-48643","DRE-POÇ-070","POÇO DE VISITA PARA REDE TUBULAR TIPO B DN 700, EXCLUSIVE ESCAVAÇÃO, REATERRO E BOTA FORA","U",1957.69]
[null,"ED-48644","DRE-POÇ-075","POÇO DE VISITA PARA REDE TUBULAR TIPO B DN 800, EXCLUSIVE ESCAVAÇÃO, REATERRO E BOTA FORA","U",2023.51]
[null,"ED-48645","DRE-POÇ-080","POÇO DE VISITA PARA REDE TUBULAR TIPO B DN 900, EXCLUSIVE ESCAVAÇÃO, REATERRO E BOTA FORA","U",2299.0300000000002]
[null,"ED-48656","DRE-POÇ-135","POÇO DE VISITA PARA REDE TUBULAR TIPO C DN 1000, EXCLUSIVE ESCAVAÇÃO, REATERRO E BOTA FORA","U",2933.16]
[null,"ED-48657","DRE-POÇ-140","POÇO DE VISITA PARA REDE TUBULAR TIPO C DN 1100, EXCLUSIVE ESCAVAÇÃO, REATERRO E BOTA FORA","U",3178.52]
[null,"ED-48658","DRE-POÇ-145","POÇO DE VISITA PARA REDE TUBULAR TIPO C DN 1200, EXCLUSIVE ESCAVAÇÃO, REATERRO E BOTA FORA","U",3418.39]
[null,"ED-48659","DRE-POÇ-150","POÇO DE VISITA PARA REDE TUBULAR TIPO C DN 1300, EXCLUSIVE ESCAVAÇÃO, REATERRO E BOTA FORA","U",3681.84]
[null,"ED-48660","DRE-POÇ-155","POÇO DE VISITA PARA REDE TUBULAR TIPO C DN 1500, EXCLUSIVE ESCAVAÇÃO, REATERRO E BOTA FORA","U",4234.9799999999996]
[null,"ED-48651","DRE-POÇ-110","POÇO DE VISITA PARA REDE TUBULAR TIPO C DN 500, EXCLUSIVE ESCAVAÇÃO, REATERRO E BOTA FORA","U",2130.84]
[null,"ED-48652","DRE-POÇ-115","POÇO DE VISITA PARA REDE TUBULAR TIPO C DN 600, EXCLUSIVE ESCAVAÇÃO, REATERRO E BOTA FORA","U",2210.56]
[null,"ED-48653","DRE-POÇ-120","POÇO DE VISITA PARA REDE TUBULAR TIPO C DN 700, EXCLUSIVE ESCAVAÇÃO, REATERRO E BOTA FORA","U",2285.9299999999998]
[null,"ED-48654","DRE-POÇ-125","POÇO DE VISITA PARA REDE TUBULAR TIPO C DN 800, EXCLUSIVE ESCAVAÇÃO, REATERRO E BOTA FORA","U",2459.19]
[null,"ED-48655","DRE-POÇ-130","POÇO DE VISITA PARA REDE TUBULAR TIPO C DN 900, EXCLUSIVE ESCAVAÇÃO, REATERRO E BOTA FORA","U",2653.16]
[null,"ED-14762","-","SARJETA DE CONCRETO URBANO (SCU), TIPO 1, COM FCK 15 MPA, LARGURA DE 50CM COM INCLINAÇÃO DE 3%, ESP. 7CM, PADRÃO DEER-MG, EXCLUSIVE MEIO-FIO, INCLUSIVE ESCAVAÇÃO, APILAOMENTO E TRANSPORTE COM RETIRADA DO MATERIAL ESCAVADO (EM CAÇAMBA)","M",23.32]
[null,"ED-14763","-","SARJETA DE CONCRETO URBANO (SCU), TIPO 2, COM FCK 15 MPA, LARGURA DE 50CM COM INCLINAÇÃO DE 15%, ESP. 7CM, PADRÃO DEER-MG, EXCLUSIVE MEIO-FIO, INCLUSIVE ESCAVAÇÃO, APILAOMENTO E TRANSPORTE COM RETIRADA DO MATERIAL ESCAVADO (EM CAÇAMBA)","M",24.51]
[null,"ED-14764","-","SARJETA DE CONCRETO URBANO (SCU), TIPO 3, COM FCK 15 MPA, LARGURA DE 50CM COM INCLINAÇÃO DE 25%, ESP. 7CM, PADRÃO DEER-MG, EXCLUSIVE MEIO-FIO, INCLUSIVE ESCAVAÇÃO, APILAOMENTO E TRANSPORTE COM RETIRADA DO MATERIAL ESCAVADO (EM CAÇAMBA)","M",25.02]
[null,"ED-48666","DRE-TAM-005","TAMPÃO CIRCULAR EM FERRO FUNDIDO PARA POÇO DE VISITA, ARTICULADO COM DIÂMETRO DE 60CM, CLASSE 400, INCLUSIVE ASSENTAMENTO, EXCLUSIVE POÇO DE VISITA","UN",394.96]
[null,"ED-48687","DRE-TUB-100","TUBO DE CONCRETO PARA DRENO SIMPLES OU POROSO, Ø 150 MM","M",42]
[null,"ED-48697","DRE-VAL-035","VALA DE INFILTRAÇÃO E DRENAGEM 100 X 300 X 100 CM, INCLUSIVE ESCAVAÇÃO E BOTA FORA","U",512.01]
[null,"ED-48691","DRE-VAL-005","VALA DE INFILTRAÇÃO E DRENAGEM 40 X 120 X 40 CM, INCLUSIVE ESCAVAÇÃO E BOTA FORA","U",130.93]
[null,"ED-48692","DRE-VAL-010","VALA DE INFILTRAÇÃO E DRENAGEM 50 X 150 X 50 CM, INCLUSIVE ESCAVAÇÃO E BOTA FORA","U",178.59]
[null,"ED-48693","DRE-VAL-015","VALA DE INFILTRAÇÃO E DRENAGEM 60 X 180 X 60 CM, INCLUSIVE ESCAVAÇÃO E BOTA FORA","U",232.59]
[null,"ED-48694","DRE-VAL-020","VALA DE INFILTRAÇÃO E DRENAGEM 70 X 210 X 70 CM, INCLUSIVE ESCAVAÇÃO E BOTA FORA","U",292.94]
[null,"ED-48695","DRE-VAL-025","VALA DE INFILTRAÇÃO E DRENAGEM 80 X 240 X 80 CM, INCLUSIVE ESCAVAÇÃO E BOTA FORA","U",359.61]
[null,"ED-48696","DRE-VAL-030","VALA DE INFILTRAÇÃO E DRENAGEM 90 X 270 X 90 CM, INCLUSIVE ESCAVAÇÃO E BOTA FORA","U",432.64]
[null,"26","-","ELE-001  - INSTALAÇÃO ELÉTRICA, TELEFÔNICA E CFTV"]
[null,"8394","-","CABOS E FIOS ELÉTRICOS"]
[null,"ED-48998","ELE-CAB-290","CABO DE COBRE FLEXÍVEL, CLASSE 5, ISOLAMENTO TIPO EPR/HEPR, NÃO HALOGENADO, ANTICHAMA, TERMOFIXO, UNIPOLAR, SEÇÃO 10 MM2, 90°C, 0,6/1KV","M",12.86]
[null,"ED-49019","ELE-CAB-325","CABO DE COBRE FLEXÍVEL, CLASSE 5, ISOLAMENTO TIPO EPR/HEPR, NÃO HALOGENADO, ANTICHAMA, TERMOFIXO, UNIPOLAR, SEÇÃO 120 MM2, 90°C, 0,6/1KV","M",115.98]
[null,"ED-48986","ELE-CAB-270","CABO DE COBRE FLEXÍVEL, CLASSE 5, ISOLAMENTO TIPO EPR/HEPR, NÃO HALOGENADO, ANTICHAMA, TERMOFIXO, UNIPOLAR, SEÇÃO 1,5 MM2, 90°C, 0,6/1KV","M",2.61]
[null,"ED-49022","ELE-CAB-330","CABO DE COBRE FLEXÍVEL, CLASSE 5, ISOLAMENTO TIPO EPR/HEPR, NÃO HALOGENADO, ANTICHAMA, TERMOFIXO, UNIPOLAR, SEÇÃO 150 MM2, 90°C, 0,6/1KV","M",144.63999999999999]
[null,"ED-49001","ELE-CAB-295","CABO DE COBRE FLEXÍVEL, CLASSE 5, ISOLAMENTO TIPO EPR/HEPR, NÃO HALOGENADO, ANTICHAMA, TERMOFIXO, UNIPOLAR, SEÇÃO 16 MM2, 90°C, 0,6/1KV","M",17.95]
[null,"ED-49025","ELE-CAB-335","CABO DE COBRE FLEXÍVEL, CLASSE 5, ISOLAMENTO TIPO EPR/HEPR, NÃO HALOGENADO, ANTICHAMA, TERMOFIXO, UNIPOLAR, SEÇÃO 185 MM2, 90°C, 0,6/1KV","M",176.9]
[null,"ED-49028","ELE-CAB-340","CABO DE COBRE FLEXÍVEL, CLASSE 5, ISOLAMENTO TIPO EPR/HEPR, NÃO HALOGENADO, ANTICHAMA, TERMOFIXO, UNIPOLAR, SEÇÃO 240 MM2, 90°C, 0,6/1KV","M",229.55]
[null,"ED-48989","ELE-CAB-275","CABO DE COBRE FLEXÍVEL, CLASSE 5, ISOLAMENTO TIPO EPR/HEPR, NÃO HALOGENADO, ANTICHAMA, TERMOFIXO, UNIPOLAR, SEÇÃO 2,5 MM2, 90°C, 0,6/1KV","M",4.18]
[null,"ED-49004","ELE-CAB-300","CABO DE COBRE FLEXÍVEL, CLASSE 5, ISOLAMENTO TIPO EPR/HEPR, NÃO HALOGENADO, ANTICHAMA, TERMOFIXO, UNIPOLAR, SEÇÃO 25 MM2, 90°C, 0,6/1KV","M",27.21]
[null,"ED-49031","ELE-CAB-345","CABO DE COBRE FLEXÍVEL, CLASSE 5, ISOLAMENTO TIPO EPR/HEPR, NÃO HALOGENADO, ANTICHAMA, TERMOFIXO, UNIPOLAR, SEÇÃO 300 MM2, 90°C, 0,6/1KV","M",279.94]
[null,"ED-49007","ELE-CAB-305","CABO DE COBRE FLEXÍVEL, CLASSE 5, ISOLAMENTO TIPO EPR/HEPR, NÃO HALOGENADO, ANTICHAMA, TERMOFIXO, UNIPOLAR, SEÇÃO 35 MM2, 90°C, 0,6/1KV","M",36.770000000000003]
[null,"ED-48992","ELE-CAB-280","CABO DE COBRE FLEXÍVEL, CLASSE 5, ISOLAMENTO TIPO EPR/HEPR, NÃO HALOGENADO, ANTICHAMA, TERMOFIXO, UNIPOLAR, SEÇÃO 4 MM2, 90°C, 0,6/1KV","M",5.82]
[null,"ED-49010","ELE-CAB-310","CABO DE COBRE FLEXÍVEL, CLASSE 5, ISOLAMENTO TIPO EPR/HEPR, NÃO HALOGENADO, ANTICHAMA, TERMOFIXO, UNIPOLAR, SEÇÃO 50 MM2, 90°C, 0,6/1KV","M",51.27]
[null,"ED-48995","ELE-CAB-285","CABO DE COBRE FLEXÍVEL, CLASSE 5, ISOLAMENTO TIPO EPR/HEPR, NÃO HALOGENADO, ANTICHAMA, TERMOFIXO, UNIPOLAR, SEÇÃO 6 MM2, 90°C, 0,6/1KV","M",8.69]
[null,"ED-49013","ELE-CAB-315","CABO DE COBRE FLEXÍVEL, CLASSE 5, ISOLAMENTO TIPO EPR/HEPR, NÃO HALOGENADO, ANTICHAMA, TERMOFIXO, UNIPOLAR, SEÇÃO 70 MM2, 90°C, 0,6/1KV","M",71.12]
[null,"ED-49016","ELE-CAB-320","CABO DE COBRE FLEXÍVEL, CLASSE 5, ISOLAMENTO TIPO EPR/HEPR, NÃO HALOGENADO, ANTICHAMA, TERMOFIXO, UNIPOLAR, SEÇÃO 95 MM2, 90°C, 0,6/1KV","M",92.42]
[null,"ED-48966","ELE-CAB-250","CABO DE COBRE FLEXÍVEL, CLASSE 5, ISOLAMENTO TIPO LSHF/ATOX, NÃO HALOGENADO, ANTICHAMA, TERMOPLÁSTICO, UNIPOLAR, SEÇÃO 10 MM2, 70°C, 450/750V","M",12.62]
[null,"ED-48946","ELE-CAB-230","CABO DE COBRE FLEXÍVEL, CLASSE 5, ISOLAMENTO TIPO LSHF/ATOX, NÃO HALOGENADO, ANTICHAMA, TERMOPLÁSTICO, UNIPOLAR, SEÇÃO 1,5 MM2, 70°C, 450/750V","M",2.5]
[null,"ED-48971","ELE-CAB-255","CABO DE COBRE FLEXÍVEL, CLASSE 5, ISOLAMENTO TIPO LSHF/ATOX, NÃO HALOGENADO, ANTICHAMA, TERMOPLÁSTICO, UNIPOLAR, SEÇÃO 16 MM2, 70°C, 450/750V","M",17.89]
[null,"ED-48951","ELE-CAB-235","CABO DE COBRE FLEXÍVEL, CLASSE 5, ISOLAMENTO TIPO LSHF/ATOX, NÃO HALOGENADO, ANTICHAMA, TERMOPLÁSTICO, UNIPOLAR, SEÇÃO 2,5 MM2, 70°C, 450/750V","M",4.08]
[null,"ED-48976","ELE-CAB-260","CABO DE COBRE FLEXÍVEL, CLASSE 5, ISOLAMENTO TIPO LSHF/ATOX, NÃO HALOGENADO, ANTICHAMA, TERMOPLÁSTICO, UNIPOLAR, SEÇÃO 25 MM2, 70°C, 450/750V","M",26.51]
[null,"ED-48981","ELE-CAB-265","CABO DE COBRE FLEXÍVEL, CLASSE 5, ISOLAMENTO TIPO LSHF/ATOX, NÃO HALOGENADO, ANTICHAMA, TERMOPLÁSTICO, UNIPOLAR, SEÇÃO 35 MM2, 70°C, 450/750V","M",35.799999999999997]
[null,"ED-48956","ELE-CAB-240","CABO DE COBRE FLEXÍVEL, CLASSE 5, ISOLAMENTO TIPO LSHF/ATOX, NÃO HALOGENADO, ANTICHAMA, TERMOPLÁSTICO, UNIPOLAR, SEÇÃO 4 MM2, 70°C, 450/750V","M",5.72]
[null,"ED-48961","ELE-CAB-245","CABO DE COBRE FLEXÍVEL, CLASSE 5, ISOLAMENTO TIPO LSHF/ATOX, NÃO HALOGENADO, ANTICHAMA, TERMOPLÁSTICO, UNIPOLAR, SEÇÃO 6 MM2, 70°C, 450/750V","M",8.18]
[null,"ED-49339","ELE-FIO-025","FIO RÍGIDO ISOLAÇÃO EM PVC 450/750V # 10 MM2","M",8.94]
[null,"ED-49335","ELE-FIO-005","FIO RÍGIDO ISOLAÇÃO EM PVC 450/750V # 1,5 MM2","M",4.1500000000000004]
[null,"ED-49336","ELE-FIO-010","FIO RÍGIDO ISOLAÇÃO EM PVC 450/750V # 2,5 MM2","M",4.83]
[null,"ED-49337","ELE-FIO-015","FIO RÍGIDO ISOLAÇÃO EM PVC 450/750V # 4 MM2","M",5.79]
[null,"ED-49338","ELE-FIO-020","FIO RÍGIDO ISOLAÇÃO EM PVC 450/750V # 6 MM2","M",6.86]
[null,"ED-17935","-","SONDAGEM DE ELETRODUTO/DUTOS COM ARAME GALVANIZADO, DIÂMETRO DO FIO 1,24MM, 18 BWG, INCLUSIVE FORNECIMENTO E INSTALAÇÃO","M",0.63]
[null,"8395","-","CABOS E FIOS PARA ATERRAMENTO"]
[null,"ED-49132","ELE-COR-010","CABO DE COBRE NÚ # 10 MM2, ENTERRADO, EXCLUSIVE ESCAVAÇÃO E REATERRO","M",12.44]
[null,"ED-49133","ELE-COR-015","CABO DE COBRE NÚ # 16 MM2, ENTERRADO, EXCLUSIVE ESCAVAÇÃO E REATERRO","M",18.7]
[null,"ED-49134","ELE-COR-020","CABO DE COBRE NÚ # 25 MM2, ENTERRADO, EXCLUSIVE ESCAVAÇÃO E REATERRO","M",26.21]
[null,"ED-49135","ELE-COR-025","CABO DE COBRE NÚ # 35 MM2, ENTERRADO, EXCLUSIVE ESCAVAÇÃO E REATERRO","M",36.409999999999997]
[null,"ED-49136","ELE-COR-030","CABO DE COBRE NÚ # 50 MM2, ENTERRADO, EXCLUSIVE ESCAVAÇÃO E REATERRO","M",50.4]
[null,"ED-49137","ELE-COR-035","CABO DE COBRE NÚ # 70 MM2, ENTERRADO, EXCLUSIVE ESCAVAÇÃO E REATERRO","M",64.92]
[null,"ED-49138","ELE-COR-040","CABO DE COBRE NÚ # 95 MM2, ENTERRADO, EXCLUSIVE ESCAVAÇÃO E REATERRO","M",92.74]
[null,"8396","-","CABOS E FIOS TELEFÔNICOS"]
[null,"ED-48936","ELE-CAB-180","CABO TELEFÔNICO CCE-APL-50.2","M",15.58]
[null,"ED-48937","ELE-CAB-185","CABO TELEFÔNICO CCE-APL-50.3","M",15.77]
[null,"ED-48938","ELE-CAB-190","CABO TELEFÔNICO CCE-APL-50.4","M",15.91]
[null,"ED-48939","ELE-CAB-195","CABO TELEFÔNICO CCE-APL-50.5","M",16.100000000000001]
[null,"ED-48940","ELE-CAB-200","CABO TELEFÔNICO CCE-APL-50.6","M",16.37]
[null,"ED-48931","ELE-CAB-155","CABO TELEFÔNICO CI 50.10","M",9.11]
[null,"ED-48935","ELE-CAB-175","CABO TELEFÔNICO CI 50.100","M",61.26]
[null,"ED-48932","ELE-CAB-160","CABO TELEFÔNICO CI 50.20","M",18.190000000000001]
[null,"ED-48933","ELE-CAB-165","CABO TELEFÔNICO CI 50.30","M",21.82]
[null,"ED-48934","ELE-CAB-170","CABO TELEFÔNICO CI 50.50","M",34.03]
[null,"ED-48941","ELE-CAB-205","CABO TELEFÔNICO CTP-APL-5N 50.10","M",33.57]
[null,"ED-48945","ELE-CAB-225","CABO TELEFÔNICO CTP-APL-5N 50.100","M",75.95]
[null,"ED-48942","ELE-CAB-210","CABO TELEFÔNICO CTP-APL-5N 50.20","M",37.75]
[null,"ED-48943","ELE-CAB-215","CABO TELEFÔNICO CTP-APL-5N 50.30","M",41.26]
[null,"ED-48944","ELE-CAB-220","CABO TELEFÔNICO CTP-APL-5N 50.50","M",42.29]
[null,"ED-49341","ELE-FIO-035","FIO TELEFÔNICO EXTERNO 2 X 100 - FE","M",3.22]
[null,"ED-49340","ELE-FIO-030","FIO TELEFÔNICO (FI) EM COBRE ELETROLÍTICO ESTANHADO DE SEÇÃO MACIÇA, ESP. 0,60MM (2X0,60MM), UM (1) PAR TORCIDO, ISOLAMENTO EM CLORETO DE POLIVINILA (PVC) - FORNECIMENTO E INSTALAÇÃO","M",2.42]
[null,"8397","-","CAIXA DE PASSAGEM E DISTRIBUIÇÃO PARA TELEFONIA"]
[null,"ED-49183","ELE-CXS-140","CAIXA DE DISTRIBUIÇÃO GERAL OU DERIVAÇÃO DG Nº3","UN",192.2]
[null,"ED-49184","ELE-CXS-145","CAIXA DE DISTRIBUIÇÃO GERAL OU DERIVAÇÃO DG Nº4","UN",272.37]
[null,"ED-49185","ELE-CXS-150","CAIXA DE DISTRIBUIÇÃO GERAL OU DERIVAÇÃO DG Nº5","UN",397.54]
[null,"ED-49186","ELE-CXS-155","CAIXA DE DISTRIBUIÇÃO GERAL OU DERIVAÇÃO DG Nº6","UN",805.97]
[null,"ED-49216","ELE-CXS-380","CAIXA DE PASSAGEM Nº 1 PADRÃO TELEBRÁS DIM. (10 X 10 X 5) CM EM CHAPA DE AÇO GALVANIZADO","UN",47.68]
[null,"ED-49177","ELE-CXS-129","CAIXA DE PASSAGEM Nº 1 PADRÃO TELEBRÁS DIM. (10 X 10 X 5) CM EM CHAPA DE AÇO GALVANIZADO","UN",47.68]
[null,"ED-49178","ELE-CXS-130","CAIXA DE PASSAGEM Nº 2 PADRÃO TELEBRÁS DIM. (20 X 20 X 12) CM EM CHAPA DE AÇO GALVANIZADO","UN",99.89]
[null,"ED-49217","ELE-CXS-385","CAIXA DE PASSAGEM Nº 2 PADRÃO TELEBRÁS DIM. (20 X 20 X 13,5) CM EM CHAPA DE AÇO GALVANIZADO - EMBUTIR, FECHO DE PLÁSTICO C/ FUNDO DE MADEIRA S/ FUNDO DE CHAPA","UN",99.89]
[null,"ED-49218","ELE-CXS-390","CAIXA DE PASSAGEM Nº 2 PADRÃO TELEBRÁS DIM. (20 X 20 X 15) CM EM CHAPA DE AÇO GALVANIZADO - SOBREPOR, FECHO DE PLÁSTICO C/ FUNDO DE MADEIRA S/ FUNDO DE CHAPA319","UN",116.9]
[null,"ED-49179","ELE-CXS-135","CAIXA DE PASSAGEM Nº 3 PADRÃO TELEBRÁS DIM. (40 X 40 X 12) CM EM CHAPA DE AÇO GALVANIZADO","UN",156.38999999999999]
[null,"ED-49219","ELE-CXS-395","CAIXA DE PASSAGEM Nº 3 PADRÃO TELEBRÁS DIM. (40 X 40 X 13,5) CM EM CHAPA DE AÇO GALVANIZADO - EMBUTIR, FECHO DE PLÁSTICO C/ FUNDO DE MADEIRA S/ FUNDO DE CHAPA","UN",156.38999999999999]
[null,"ED-49220","ELE-CXS-400","CAIXA DE PASSAGEM Nº 3 PADRÃO TELEBRÁS DIM. (40 X 40 X 15) CM EM CHAPA DE AÇO GALVANIZADO - SOBREPOR, FECHO DE PLÁSTICO C/ FUNDO DE MADEIRA S/ FUNDO DE CHAPA","UN",201.1]
[null,"ED-49180","ELE-CXS-136","CAIXA DE PASSAGEM Nº 4 PADRÃO TELEBRÁS DIM. (60 X 60 X 12) CM EM CHAPA DE AÇO GALVANIZADO","UN",234.09]
[null,"ED-49221","ELE-CXS-405","CAIXA DE PASSAGEM Nº 4 PADRÃO TELEBRÁS DIM. (60 X 60 X 13,5) CM EM CHAPA DE AÇO GALVANIZADO - EMBUTIR, FECHO DE PLÁSTICO C/ FUNDO DE MADEIRA S/ FUNDO DE CHAPA","UN",236.16]
[null,"ED-49222","ELE-CXS-410","CAIXA DE PASSAGEM Nº 4 PADRÃO TELEBRÁS DIM. (60 X 60 X 15) CM EM CHAPA DE AÇO GALVANIZADO - SOBREPOR, FECHO DE PLÁSTICO C/ FUNDO DE MADEIRA S/ FUNDO DE CHAPA","UN",343.49]
[null,"ED-49181","ELE-CXS-137","CAIXA DE PASSAGEM Nº 5 PADRÃO TELEBRÁS DIM. (80 X 80 X 12) CM EM CHAPA DE AÇO GALVANIZADO","UN",343.48]
[null,"ED-49223","ELE-CXS-415","CAIXA DE PASSAGEM Nº 5 PADRÃO TELEBRÁS DIM. (80 X 80 X 13,5) CM EM CHAPA DE AÇO GALVANIZADO - EMBUTIR, FECHO DE PLÁSTICO C/ FUNDO DE MADEIRA S/ FUNDO DE CHAPA","UN",345.55]
[null,"ED-49224","ELE-CXS-420","CAIXA DE PASSAGEM Nº 5 PADRÃO TELEBRÁS DIM. (80 X 80 X 15) CM EM CHAPA DE AÇO GALVANIZADO - SOBREPOR, FECHO DE PLÁSTICO C/ FUNDO DE MADEIRA S/ FUNDO DE CHAPA","UN",548.86]
[null,"ED-49182","ELE-CXS-138","CAIXA DE PASSAGEM Nº 6 PADRÃO TELEBRÁS DIM. (120 X 120 X 12) CM EM CHAPA DE AÇO GALVANIZADO","UN",652.33000000000004]
[null,"ED-49225","ELE-CXS-425","CAIXA DE PASSAGEM Nº 6 PADRÃO TELEBRÁS DIM. (120 X 120 X 13,5) CM EM CHAPA DE AÇO GALVANIZADO - EMBUTIR, FECHO DE PLÁSTICO C/ FUNDO DE MADEIRA S/ FUNDO DE CHAPA","UN",654.4]
[null,"ED-49226","ELE-CXS-430","CAIXA DE PASSAGEM Nº 6 PADRÃO TELEBRÁS DIM. (120 X 120 X 15) CM EM CHAPA DE AÇO GALVANIZADO - SOBREPOR, FECHO DE PLÁSTICO C/ FUNDO DE MADEIRA S/ FUNDO DE CHAPA","UN",794.9]
[null,"ED-49227","ELE-CXS-435","CAIXA DE PASSAGEM Nº 8 PADRÃO TELEBRÁS DIM. (150 X 150 X 17) CM EM CHAPA DE AÇO GALVANIZADO - EMBUTIR, FECHO DE PLÁSTICO C/ FUNDO DE MADEIRA S/ FUNDO DE CHAPA","UN",1485.38]
[null,"ED-49175","ELE-CXS-125","CAIXA SUBTERRÂNEA DE ENTRADA TELEFÔNICA TIPO R1, 60 X 35 X 50 CM","UN",479.76]
[null,"ED-49176","ELE-CXS-126","CAIXA SUBTERRÂNEA DE ENTRADA TELEFÔNICA TIPO R2, 107 X 52 X 50 CM","UN",876.19]
[null,"ED-49174","ELE-CXS-120","CAIXA SUBTERRÂNEA P20 20X20X20 CM - FERRO FUNDIDO - PADRAO TELEMAR","UN",282.66000000000003]
[null,"8398","-","CAIXAS DE LIGAÇÃO/PASSAGEM EM ALVENARIA"]
[null,"ED-49171","ELE-CXS-105","CAIXA DE PASSAGEM EM ALVENARIA E TAMPA DE CONCRETO, FUNDO DE BRITA, TIPO 1, 25 X 25 X 50 CM, INCLUSIVE ESCAVAÇÃO, REATERRO E BOTA-FORA","UN",98.22]
[null,"ED-49168","ELE-CXS-090","CAIXA DE PASSAGEM EM ALVENARIA E TAMPA DE CONCRETO, FUNDO DE BRITA, TIPO 1, 30 X 30 X 40 CM, INCLUSIVE ESCAVAÇÃO, REATERRO E BOTA-FORA","UN",98.99]
[null,"ED-49169","ELE-CXS-095","CAIXA DE PASSAGEM EM ALVENARIA E TAMPA DE CONCRETO, FUNDO DE BRITA, TIPO 1, 40 X 40 X 60 CM, INCLUSIVE ESCAVAÇÃO, REATERRO E BOTA-FORA","UN",170.95]
[null,"ED-49170","ELE-CXS-100","CAIXA DE PASSAGEM EM ALVENARIA E TAMPA DE CONCRETO, FUNDO DE BRITA, TIPO 1, 50 X 50 X 60 CM, INCLUSIVE ESCAVAÇÃO, REATERRO E BOTA-FORA","UN",214.06]
[null,"8399","-","CAIXAS DE LIGAÇÃO/PASSAGEM EM PVC"]
[null,"ED-16634","-","CAIXA DE LIGAÇÃO/PASSAGEM EM PVC RÍGIDO PARA ELETRODUTO COM SUPORTE PARA LAJOTA, OCTOGONAL COM FUNDO MÓVEL, DIMENSÕES 4\"X4\", EMBUTIDA EM LAJE PRÉ-MOLDADA - FORNECIMENTO E INSTALAÇÃO","UN",11.07]
[null,"ED-49187","ELE-CXS-160","CAIXA DE LIGAÇÃO/PASSAGEM EM PVC RÍGIDO PARA ELETRODUTO, DIMENSÕES 4\"X2\", EMBUTIDA EM ALVENARIA - FORNECIMENTO E INSTALAÇÃO","UN",7.2]
[null,"ED-49194","ELE-CXS-195","CAIXA DE LIGAÇÃO/PASSAGEM EM PVC RÍGIDO PARA ELETRODUTO, DIMENSÕES 4\"X2\", EMBUTIDA EM PAREDE DE GESSO ACARTONADO (DRY-WALL) - FORNECIMENTO E INSTALAÇÃO","UN",11.39]
[null,"ED-49188","ELE-CXS-165","CAIXA DE LIGAÇÃO/PASSAGEM EM PVC RÍGIDO PARA ELETRODUTO, DIMENSÕES 4\"X4\", EMBUTIDA EM ALVENARIA - FORNECIMENTO E INSTALAÇÃO","UN",9.61]
[null,"ED-49195","ELE-CXS-200","CAIXA DE LIGAÇÃO/PASSAGEM EM PVC RÍGIDO PARA ELETRODUTO, DIMENSÕES 4\"X4\", EMBUTIDA EM PAREDE DE GESSO ACARTONADO (DRY-WALL) - FORNECIMENTO E INSTALAÇÃO","UN",13.19]
[null,"ED-49191","ELE-CXS-180","CAIXA DE LIGAÇÃO/PASSAGEM EM PVC RÍGIDO PARA ELETRODUTO, OCTOGONAL COM ANEL DESLIZANTE, DIMENSÕES 3\"X3\", EMBUTIDA EM LAJE - FORNECIMENTO E INSTALAÇÃO\n","UN",8.08]
[null,"ED-49190","ELE-CXS-175","CAIXA DE LIGAÇÃO/PASSAGEM EM PVC RÍGIDO PARA ELETRODUTO, OCTOGONAL COM FUNDO FIXO REFORÇADO, DIMENSÕES 4\"X4\", EMBUTIDA EM LAJE - FORNECIMENTO E INSTALAÇÃO","UN",9.16]
[null,"ED-49189","ELE-CXS-170","CAIXA DE LIGAÇÃO/PASSAGEM EM PVC RÍGIDO PARA ELETRODUTO, OCTOGONAL COM FUNDO MÓVEL, DIMENSÕES 4\"X4\", EMBUTIDA EM LAJE - FORNECIMENTO E INSTALAÇÃO\n","UN",8.9499999999999993]
[null,"ED-49192","ELE-CXS-185","CAIXA DE LIGAÇÃO/PASSAGEM EM PVC RÍGIDO PARA ELETRODUTO ROSCÁVEL, DIMENSÕES 4\"X2\", EMBUTIDA EM ALVENARIA - FORNECIMENTO E INSTALAÇÃO\n","UN",7.66]
[null,"ED-49193","ELE-CXS-190","CAIXA DE LIGAÇÃO/PASSAGEM EM PVC RÍGIDO PARA ELETRODUTO ROSCÁVEL, DIMENSÕES 4\"X4\", EMBUTIDA EM ALVENARIA - FORNECIMENTO E INSTALAÇÃO\n","UN",10.48]
[null,"ED-49196","ELE-CXS-205","CAIXA ESTANQUE AQUATIC 4X2\"","UN",40.99]
[null,"ED-16638","-","PROLONGADOR PARA CAIXA DE LIGAÇÃO/PASSAGEM EM PVC RÍGIDO PARA ELETRODUTO, OCTOGONAL COM FUNDO MÓVEL, ALTURA 6CM, DIMENSÕES 4\"X4\", EMBUTIDO EM LAJE - FORNECIMENTO E INSTALAÇÃO","UN",7.22]
[null,"8400","-","CAIXAS DE LIGAÇÃO/PASSAGEM METÁLICAS"]
[null,"ED-49213","ELE-CXS-365","CAIXA DE PASSAGEM CP-N2 INCLUSIVE TAMPA","UN",56.03]
[null,"ED-49151","ELE-CXS-019","CAIXA DE PASSAGEM EM CHAPA DE AÇO COM TAMPA APARAFUSADA, SOBREPOR, 102 X 102 X 82 MM","UN",21.45]
[null,"ED-49152","ELE-CXS-020","CAIXA DE PASSAGEM EM CHAPA DE AÇO COM TAMPA APARAFUSADA, SOBREPOR, 152 X 152 X 82 MM","UN",39.61]
[null,"ED-49153","ELE-CXS-025","CAIXA DE PASSAGEM EM CHAPA DE AÇO COM TAMPA APARAFUSADA, SOBREPOR, 202 X 202 X 102 MM","UN",68.540000000000006]
[null,"ED-49154","ELE-CXS-026","CAIXA DE PASSAGEM EM CHAPA DE AÇO COM TAMPA APARAFUSADA, SOBREPOR, 252 X 252 X 102 MM","UN",76.349999999999994]
[null,"ED-49155","ELE-CXS-030","CAIXA DE PASSAGEM EM CHAPA DE AÇO COM TAMPA APARAFUSADA, SOBREPOR, 302 X 302 X 122 MM","UN",109.32]
[null,"ED-49156","ELE-CXS-031","CAIXA DE PASSAGEM EM CHAPA DE AÇO COM TAMPA APARAFUSADA, SOBREPOR, 352 X 352 X 122 MM","UN",89.21]
[null,"ED-49148","ELE-CXS-005","CAIXA DE PASSAGEM EM CHAPA DE AÇO, EMBUTIR 153 X 153 X 82 MM","UN",82.74]
[null,"ED-49149","ELE-CXS-010","CAIXA DE PASSAGEM EM CHAPA DE AÇO, EMBUTIR 230 X 230 X 102 MM","UN",96.93]
[null,"ED-49150","ELE-CXS-015","CAIXA DE PASSAGEM EM CHAPA DE AÇO, EMBUTIR 330 X 330 X 122 MM","UN",90.57]
[null,"ED-49198","ELE-CXS-209","CAIXA DE PASSAGEM PARA PISO DO TIPO \"ZA\" 28X28X40CM - GARAGEM","UN",279.82]
[null,"ED-49197","ELE-CXS-208","CAIXA DE PASSAGEM PARA PISO DO TIPO \"ZA\" 28X28X40CM - PASSEIO","UN",195.86]
[null,"ED-49200","ELE-CXS-211","CAIXA DE PASSAGEM PARA PISO DO TIPO \"ZB\" 52X44X70CM - GARAGEM","UN",967.01]
[null,"ED-49199","ELE-CXS-210","CAIXA DE PASSAGEM PARA PISO DO TIPO \"ZB\" 52X44X70CM - PASSEIO","UN",402.49]
[null,"ED-49202","ELE-CXS-213","CAIXA DE PASSAGEM PARA PISO DO TIPO \"ZC\" 77X67X90CM - GARAGEM","UN",1931.42]
[null,"ED-49201","ELE-CXS-212","CAIXA DE PASSAGEM PARA PISO DO TIPO \"ZC\" 77X67X90CM - PASSEIO","UN",1036.42]
[null,"ED-49164","ELE-CXS-070","CAIXA DE PASSAGEM PARA PISO, METÁLICA, TAMPA ANTIDERRAPANTE, 100 X 100 X 60 CM","UN",51.51]
[null,"ED-49165","ELE-CXS-075","CAIXA DE PASSAGEM PARA PISO, METÁLICA, TAMPA ANTIDERRAPANTE, 200 X 200 X 100 CM","UN",84.91]
[null,"ED-49166","ELE-CXS-080","CAIXA DE PASSAGEM PARA PISO, METÁLICA, TAMPA ANTIDERRAPANTE, 300 X 300 X 120 CM","UN",167.11]
[null,"ED-49167","ELE-CXS-085","CAIXA DE PASSAGEM PARA PISO, METÁLICA, TAMPA ANTIDERRAPANTE, 400 X 400 X 200 CM","UN",269.89]
[null,"ED-49214","ELE-CXS-370","CAIXA DE PASSAGEM 15 X 15 CM EM CHAPA DE FERRO COM TAMPA CEGA","UN",25.21]
[null,"ED-49215","ELE-CXS-375","CAIXA DE PASSAGEM 20 X 20 CM EM CHAPA DE FERRO COM TAMPA CEGA","UN",27.98]
[null,"8401","-","CAIXAS DE MEDIÇÃO - PADRÃO CEMIG"]
[null,"ED-49205","ELE-CXS-310","CAIXA PARA MEDIDOR POLIFÁSICO, COM VISOR PARA VIA PÚBLICA DIM. 46 X 35 X 21 CM, LVP. MED. DISJ., CONFORME PADRÕES CEMIG TIPO CM-14","UN",189.82]
[null,"ED-49203","ELE-CXS-225","CAIXA PARA MEDIDOR POLIFÁSICO, COM VISOR PARA VIA PÚBLICA DIM. 55 X 60 X 25 CM, LVP. M. IN. 200A, CONFORME PADRÕES CEMIG TIPO CM-3","UN",221.3]
[null,"ED-49204","ELE-CXS-240","CAIXA PARA MEDIDOR POLIFÁSICO, COM VISOR PARA VIA PÚBLICA DIM. 57 X 49 X 26 CM, MED. S/ DISJ., CONFORME PADRÕES CEMIG TIPO CM-3","UN",232.52]
[null,"ED-49208","ELE-CXS-336","CAIXA PARA MEDIDOR POLIFÁSICO CONFORME PADRÕES CEMIG TIPO CM-10","UN",1380.2]
[null,"ED-49206","ELE-CXS-330","CAIXA PARA MEDIDOR POLIFÁSICO CONFORME PADRÕES CEMIG TIPO CM-18","UN",3325.55]
[null,"ED-49212","ELE-CXS-346","CAIXA PARA MEDIDOR POLIFÁSICO CONFORME PADRÕES CEMIG TIPO CM-2","UN",248.88]
[null,"ED-49210","ELE-CXS-341","CAIXA PARA MEDIDOR POLIFÁSICO CONFORME PADRÕES CEMIG TIPO CM-4","UN",365.68]
[null,"ED-49211","ELE-CXS-345","CAIXA PARA MEDIDOR POLIFÁSICO, PARA DISJUNTOR 42 KA 1000A, CONFORME PADRÕES CEMIG TIPO CM-18","UN",5302.56]
[null,"ED-49207","ELE-CXS-335","CAIXA PARA MEDIDOR POLIFÁSICO, PARA DISJUNTOR 42 KA 450/600A, CONFORME PADRÕES CEMIG TIPO CM-18","UN",3409.14]
[null,"ED-49209","ELE-CXS-340","CAIXA PARA MEDIDOR POLIFÁSICO, PARA DISJUNTOR 42 KA 800A, CONFORME PADRÕES CEMIG TIPO CM-18","UN",4160.62]
[null,"8402","-","CANALETAS EM PVC"]
[null,"ED-49060","ELE-CAN-005","CANALETA EM PVC PARA INSTALAÇÃO ELÉTRICA APARENTE, INCLUSIVE CONEXÕES, DIMENSÕES 20 X 10 MM","M",7.16]
[null,"ED-49061","ELE-CAN-010","CANALETA EM PVC PARA INSTALAÇÃO ELÉTRICA APARENTE, INCLUSIVE CONEXÕES, DIMENSÕES 50 X 20 MM","M",15.53]
[null,"8403","-","CHAVE MAGNÉTICA"]
[null,"ED-49068","ELE-CHA-015","CHAVE MAGNÉTICA 110/220V, IN:2X 30A","UN",436.09]
[null,"ED-49066","ELE-CHA-005","CHAVE MAGNÉTICA 110/220V, IN:30 A","UN",286.76]
[null,"ED-49067","ELE-CHA-010","CHAVE MAGNÉTICA 110/220V, IN:50 A","UN",287.49]
[null,"8404","-","CONDULETE"]
[null,"ED-17955","-","CONDULETE DE ALUMÍNIO, TIPO \"B\", DIÂMETRO DE SAÍDA 1\" (25MM), EXCLUSIVE MÓDULO E PLACA, INCLUSIVE FIXAÇÃO","UN",24.66]
[null,"ED-17957","-","CONDULETE DE ALUMÍNIO, TIPO \"B\", DIÂMETRO DE SAÍDA 1.1/2\" (40MM), EXCLUSIVE MÓDULO E PLACA, INCLUSIVE FIXAÇÃO","UN",41.53]
[null,"ED-17956","-","CONDULETE DE ALUMÍNIO, TIPO \"B\", DIÂMETRO DE SAÍDA 1.1/4\" (32MM), EXCLUSIVE MÓDULO E PLACA, INCLUSIVE FIXAÇÃO","UN",33.799999999999997]
[null,"ED-17958","-","CONDULETE DE ALUMÍNIO, TIPO \"B\", DIÂMETRO DE SAÍDA 2\" (50MM), EXCLUSIVE MÓDULO E PLACA, INCLUSIVE FIXAÇÃO","UN",55.19]
[null,"ED-17954","-","CONDULETE DE ALUMÍNIO, TIPO \"B\", DIÂMETRO DE SAÍDA 3/4\" (20MM), EXCLUSIVE MÓDULO E PLACA, INCLUSIVE FIXAÇÃO","UN",21.69]
[null,"ED-3021","-","CONDULETE DE ALUMÍNIO, TIPO \"B\" OU \"E\", DIÂMETRO DE SAÍDA 1\" (25MM), EXCLUSIVE INSTALAÇÃO, MÓDULO E PLACA (FORNECIMENTO)","UN",11.41]
[null,"ED-2922","-","CONDULETE DE ALUMÍNIO, TIPO \"B\" OU \"E\", DIÂMETRO DE SAÍDA 1.1/2\" (40MM), EXCLUSIVE INSTALAÇÃO, MÓDULO E PLACA (FORNECIMENTO)","UN",28.28]
[null,"ED-2926","-","CONDULETE DE ALUMÍNIO, TIPO \"B\" OU \"E\", DIÂMETRO DE SAÍDA 1.1/4\" (32MM), EXCLUSIVE INSTALAÇÃO, MÓDULO E PLACA (FORNECIMENTO)","UN",20.55]
[null,"ED-2924","-","CONDULETE DE ALUMÍNIO, TIPO \"B\" OU \"E\", DIÂMETRO DE SAÍDA 2\" (50MM), EXCLUSIVE INSTALAÇÃO, MÓDULO E PLACA (FORNECIMENTO)","UN",41.94]
[null,"ED-2930","-","CONDULETE DE ALUMÍNIO, TIPO \"B\" OU \"E\", DIÂMETRO DE SAÍDA 3/4\" (20MM), EXCLUSIVE INSTALAÇÃO, MÓDULO E PLACA (FORNECIMENTO)","UN",8.44]
[null,"ED-49071","ELE-CON-015","CONDULETE DE ALUMÍNIO, TIPO \"C\", DIÂMETRO DE SAÍDA 1\" (25MM), EXCLUSIVE MÓDULO E PLACA, INCLUSIVE FIXAÇÃO","UN",26.68]
[null,"ED-49073","ELE-CON-017","CONDULETE DE ALUMÍNIO, TIPO \"C\", DIÂMETRO DE SAÍDA 1.1/2\" (40MM), EXCLUSIVE MÓDULO E PLACA, INCLUSIVE FIXAÇÃO","UN",46.14]
[null,"ED-49072","ELE-CON-016","CONDULETE DE ALUMÍNIO, TIPO \"C\", DIÂMETRO DE SAÍDA 1.1/4\" (32MM), EXCLUSIVE MÓDULO E PLACA, INCLUSIVE FIXAÇÃO","UN",37.81]
[null,"ED-49074","ELE-CON-018","CONDULETE DE ALUMÍNIO, TIPO \"C\", DIÂMETRO DE SAÍDA 2\" (50MM), EXCLUSIVE MÓDULO E PLACA, INCLUSIVE FIXAÇÃO","UN",61.3]
[null,"ED-49070","ELE-CON-010","CONDULETE DE ALUMÍNIO, TIPO \"C\", DIÂMETRO DE SAÍDA 3/4\" (20MM), EXCLUSIVE MÓDULO E PLACA, INCLUSIVE FIXAÇÃO","UN",23.35]
[null,"ED-2915","-","CONDULETE DE ALUMÍNIO, TIPO \"C\" OU \"LB\" OU \"LL\" OU \"LR\", DIÂMETRO DE SAÍDA 1\" (25MM), EXCLUSIVE INSTALAÇÃO, MÓDULO E PLACA (FORNECIMENTO)","UN",13.43]
[null,"ED-4121","-","CONDULETE DE ALUMÍNIO, TIPO \"C\" OU \"LB\" OU \"LL\" OU \"LR\", DIÂMETRO DE SAÍDA 1.1/2\" (40MM), EXCLUSIVE INSTALAÇÃO, MÓDULO E PLACA (FORNECIMENTO)","UN",32.89]
[null,"ED-2925","-","CONDULETE DE ALUMÍNIO, TIPO \"C\" OU \"LB\" OU \"LL\" OU \"LR\", DIÂMETRO DE SAÍDA 1.1/4\" (32MM), EXCLUSIVE INSTALAÇÃO, MÓDULO E PLACA (FORNECIMENTO)","UN",24.56]
[null,"ED-4498","-","CONDULETE DE ALUMÍNIO, TIPO \"C\" OU \"LB\" OU \"LL\" OU \"LR\", DIÂMETRO DE SAÍDA 2\" (50MM), EXCLUSIVE INSTALAÇÃO, MÓDULO E PLACA (FORNECIMENTO)","UN",48.05]
[null,"ED-2923","-","CONDULETE DE ALUMÍNIO, TIPO \"C\" OU \"LB\" OU \"LL\" OU \"LR\", DIÂMETRO DE SAÍDA 3/4\" (20MM), EXCLUSIVE INSTALAÇÃO, MÓDULO E PLACA (FORNECIMENTO)","UN",10.1]
[null,"ED-49080","ELE-CON-035","CONDULETE DE ALUMÍNIO, TIPO \"E\", DIÂMETRO DE SAÍDA 1\" (25MM), EXCLUSIVE MÓDULO E PLACA, INCLUSIVE FIXAÇÃO","UN",24.66]
[null,"ED-49082","ELE-CON-040","CONDULETE DE ALUMÍNIO, TIPO \"E\", DIÂMETRO DE SAÍDA 1.1/2\" (40MM), EXCLUSIVE MÓDULO E PLACA, INCLUSIVE FIXAÇÃO","UN",41.53]
[null,"ED-49081","ELE-CON-036","CONDULETE DE ALUMÍNIO, TIPO \"E\", DIÂMETRO DE SAÍDA 1.1/4\" (32MM), EXCLUSIVE MÓDULO E PLACA, INCLUSIVE FIXAÇÃO","UN",33.799999999999997]
[null,"ED-49083","ELE-CON-045","CONDULETE DE ALUMÍNIO, TIPO \"E\", DIÂMETRO DE SAÍDA 2\" (50MM), EXCLUSIVE MÓDULO E PLACA, INCLUSIVE FIXAÇÃO","UN",55.19]
[null,"ED-49079","ELE-CON-030","CONDULETE DE ALUMÍNIO, TIPO \"E\", DIÂMETRO DE SAÍDA 3/4\" (20MM), EXCLUSIVE MÓDULO E PLACA, INCLUSIVE FIXAÇÃO","UN",21.69]
[null,"ED-17960","-","CONDULETE DE ALUMÍNIO, TIPO \"LB\", DIÂMETRO DE SAÍDA 1\" (25MM), EXCLUSIVE MÓDULO E PLACA, INCLUSIVE FIXAÇÃO","UN",26.68]
[null,"ED-17962","-","CONDULETE DE ALUMÍNIO, TIPO \"LB\", DIÂMETRO DE SAÍDA 1.1/2\" (40MM), EXCLUSIVE MÓDULO E PLACA, INCLUSIVE FIXAÇÃO","UN",46.14]
[null,"ED-17961","-","CONDULETE DE ALUMÍNIO, TIPO \"LB\", DIÂMETRO DE SAÍDA 1.1/4\" (32MM), EXCLUSIVE MÓDULO E PLACA, INCLUSIVE FIXAÇÃO","UN",37.81]
[null,"ED-17963","-","CONDULETE DE ALUMÍNIO, TIPO \"LB\", DIÂMETRO DE SAÍDA 2\" (50MM), EXCLUSIVE MÓDULO E PLACA, INCLUSIVE FIXAÇÃO","UN",61.3]
[null,"ED-17959","-","CONDULETE DE ALUMÍNIO, TIPO \"LB\", DIÂMETRO DE SAÍDA 3/4\" (20MM), EXCLUSIVE MÓDULO E PLACA, INCLUSIVE FIXAÇÃO","UN",23.35]
[null,"ED-49122","ELE-CON-225","CONDULETE DE ALUMÍNIO, TIPO \"LL\", DIÂMETRO DE SAÍDA 1\" (25MM), EXCLUSIVE MÓDULO E PLACA, INCLUSIVE FIXAÇÃO","UN",26.68]
[null,"ED-49124","ELE-CON-235","CONDULETE DE ALUMÍNIO, TIPO \"LL\", DIÂMETRO DE SAÍDA 1.1/2\" (40MM), EXCLUSIVE MÓDULO E PLACA, INCLUSIVE FIXAÇÃO","UN",46.14]
[null,"ED-49123","ELE-CON-230","CONDULETE DE ALUMÍNIO, TIPO \"LL\", DIÂMETRO DE SAÍDA 1.1/4\" (32MM), EXCLUSIVE MÓDULO E PLACA, INCLUSIVE FIXAÇÃO","UN",37.81]
[null,"ED-49125","ELE-CON-240","CONDULETE DE ALUMÍNIO, TIPO \"LL\", DIÂMETRO DE SAÍDA 2\" (50MM), EXCLUSIVE MÓDULO E PLACA, INCLUSIVE FIXAÇÃO","UN",61.3]
[null,"ED-49121","ELE-CON-220","CONDULETE DE ALUMÍNIO, TIPO \"LL\", DIÂMETRO DE SAÍDA 3/4\" (20MM), EXCLUSIVE MÓDULO E PLACA, INCLUSIVE FIXAÇÃO","UN",23.35]
[null,"ED-49107","ELE-CON-150","CONDULETE DE ALUMÍNIO, TIPO \"LR\", DIÂMETRO DE SAÍDA 1\" (25MM), EXCLUSIVE MÓDULO E PLACA, INCLUSIVE FIXAÇÃO","UN",26.68]
[null,"ED-49109","ELE-CON-160","CONDULETE DE ALUMÍNIO, TIPO \"LR\", DIÂMETRO DE SAÍDA 1.1/2\" (40MM), EXCLUSIVE MÓDULO E PLACA, INCLUSIVE FIXAÇÃO","UN",46.14]
[null,"ED-49108","ELE-CON-155","CONDULETE DE ALUMÍNIO, TIPO \"LR\", DIÂMETRO DE SAÍDA 1.1/4\" (32MM), EXCLUSIVE MÓDULO E PLACA, INCLUSIVE FIXAÇÃO","UN",37.81]
[null,"ED-49110","ELE-CON-170","CONDULETE DE ALUMÍNIO, TIPO \"LR\", DIÂMETRO DE SAÍDA 2\" (50MM), EXCLUSIVE MÓDULO E PLACA, INCLUSIVE FIXAÇÃO","UN",61.3]
[null,"ED-49106","ELE-CON-145","CONDULETE DE ALUMÍNIO, TIPO \"LR\", DIÂMETRO DE SAÍDA 3/4\" (20MM), EXCLUSIVE MÓDULO E PLACA, INCLUSIVE FIXAÇÃO","UN",23.35]
[null,"ED-49089","ELE-CON-070","CONDULETE DE ALUMÍNIO, TIPO \"T\", DIÂMETRO DE SAÍDA 1\" (25MM), EXCLUSIVE MÓDULO E PLACA, INCLUSIVE FIXAÇÃO","UN",28.7]
[null,"ED-49091","ELE-CON-080","CONDULETE DE ALUMÍNIO, TIPO \"T\", DIÂMETRO DE SAÍDA 1.1/2\" (40MM), EXCLUSIVE MÓDULO E PLACA, INCLUSIVE FIXAÇÃO","UN",50.75]
[null,"ED-49090","ELE-CON-075","CONDULETE DE ALUMÍNIO, TIPO \"T\", DIÂMETRO DE SAÍDA 1.1/4\" (32MM), EXCLUSIVE MÓDULO E PLACA, INCLUSIVE FIXAÇÃO","UN",41.82]
[null,"ED-49092","ELE-CON-085","CONDULETE DE ALUMÍNIO, TIPO \"T\", DIÂMETRO DE SAÍDA 2\" (50MM), EXCLUSIVE MÓDULO E PLACA, INCLUSIVE FIXAÇÃO","UN",67.41]
[null,"ED-49088","ELE-CON-065","CONDULETE DE ALUMÍNIO, TIPO \"T\", DIÂMETRO DE SAÍDA 3/4\" (20MM), EXCLUSIVE MÓDULO E PLACA, INCLUSIVE FIXAÇÃO","UN",25.01]
[null,"ED-17969","-","CONDULETE DE ALUMÍNIO, TIPO \"T\" OU \"TB\", DIÂMETRO DE SAÍDA 1\" (25MM), EXCLUSIVE INSTALAÇÃO, MÓDULO E PLACA (FORNECIMENTO)","UN",15.45]
[null,"ED-17971","-","CONDULETE DE ALUMÍNIO, TIPO \"T\" OU \"TB\", DIÂMETRO DE SAÍDA 1.1/2\" (40MM), EXCLUSIVE INSTALAÇÃO, MÓDULO E PLACA (FORNECIMENTO)","UN",37.5]
[null,"ED-17970","-","CONDULETE DE ALUMÍNIO, TIPO \"T\" OU \"TB\", DIÂMETRO DE SAÍDA 1.1/4\" (32MM), EXCLUSIVE INSTALAÇÃO, MÓDULO E PLACA (FORNECIMENTO)","UN",28.57]
[null,"ED-17972","-","CONDULETE DE ALUMÍNIO, TIPO \"T\" OU \"TB\", DIÂMETRO DE SAÍDA 2\" (50MM), EXCLUSIVE INSTALAÇÃO, MÓDULO E PLACA (FORNECIMENTO)","UN",54.16]
[null,"ED-4499","-","CONDULETE DE ALUMÍNIO, TIPO \"T\" OU \"TB\", DIÂMETRO DE SAÍDA 3/4\" (20MM), EXCLUSIVE INSTALAÇÃO, MÓDULO E PLACA (FORNECIMENTO)\n","UN",11.76]
[null,"ED-17965","-","CONDULETE DE ALUMÍNIO, TIPO \"TB\", DIÂMETRO DE SAÍDA 1\" (25MM), EXCLUSIVE MÓDULO E PLACA, INCLUSIVE FIXAÇÃO","UN",28.7]
[null,"ED-17967","-","CONDULETE DE ALUMÍNIO, TIPO \"TB\", DIÂMETRO DE SAÍDA 1.1/2\" (40MM), EXCLUSIVE MÓDULO E PLACA, INCLUSIVE FIXAÇÃO","UN",50.75]
[null,"ED-17966","-","CONDULETE DE ALUMÍNIO, TIPO \"TB\", DIÂMETRO DE SAÍDA 1.1/4\" (32MM), EXCLUSIVE MÓDULO E PLACA, INCLUSIVE FIXAÇÃO","UN",41.82]
[null,"ED-17968","-","CONDULETE DE ALUMÍNIO, TIPO \"TB\", DIÂMETRO DE SAÍDA 2\" (50MM), EXCLUSIVE MÓDULO E PLACA, INCLUSIVE FIXAÇÃO","UN",67.41]
[null,"ED-17964","-","CONDULETE DE ALUMÍNIO, TIPO \"TB\", DIÂMETRO DE SAÍDA 3/4\" (20MM), EXCLUSIVE MÓDULO E PLACA, INCLUSIVE FIXAÇÃO","UN",25.01]
[null,"ED-17974","-","CONDULETE DE ALUMÍNIO, TIPO \"X\", DIÂMETRO DE SAÍDA 1\" (25MM), EXCLUSIVE INSTALAÇÃO, MÓDULO E PLACA (FORNECIMENTO)","UN",17.47]
[null,"ED-49098","ELE-CON-110","CONDULETE DE ALUMÍNIO, TIPO \"X\", DIÂMETRO DE SAÍDA 1\" (25MM), EXCLUSIVE MÓDULO E PLACA, INCLUSIVE FIXAÇÃO","UN",30.72]
[null,"ED-17976","-","CONDULETE DE ALUMÍNIO, TIPO \"X\", DIÂMETRO DE SAÍDA 1.1/2\" (40MM), EXCLUSIVE INSTALAÇÃO, MÓDULO E PLACA (FORNECIMENTO)","UN",42.11]
[null,"ED-49100","ELE-CON-120","CONDULETE DE ALUMÍNIO, TIPO \"X\", DIÂMETRO DE SAÍDA 1.1/2\" (40MM), EXCLUSIVE MÓDULO E PLACA, INCLUSIVE FIXAÇÃO","UN",55.36]
[null,"ED-17975","-","CONDULETE DE ALUMÍNIO, TIPO \"X\", DIÂMETRO DE SAÍDA 1.1/4\" (32MM), EXCLUSIVE INSTALAÇÃO, MÓDULO E PLACA (FORNECIMENTO)","UN",32.58]
[null,"ED-49099","ELE-CON-115","CONDULETE DE ALUMÍNIO, TIPO \"X\", DIÂMETRO DE SAÍDA 1.1/4\" (32MM), EXCLUSIVE MÓDULO E PLACA, INCLUSIVE FIXAÇÃO","UN",45.83]
[null,"ED-17977","-","CONDULETE DE ALUMÍNIO, TIPO \"X\", DIÂMETRO DE SAÍDA 2\" (50MM), EXCLUSIVE INSTALAÇÃO, MÓDULO E PLACA (FORNECIMENTO)","UN",60.27]
[null,"ED-49101","ELE-CON-125","CONDULETE DE ALUMÍNIO, TIPO \"X\", DIÂMETRO DE SAÍDA 2\" (50MM), EXCLUSIVE MÓDULO E PLACA, INCLUSIVE FIXAÇÃO","UN",73.52]
[null,"ED-17973","-","CONDULETE DE ALUMÍNIO, TIPO \"X\", DIÂMETRO DE SAÍDA 3/4\" (20MM), EXCLUSIVE INSTALAÇÃO, MÓDULO E PLACA (FORNECIMENTO)","UN",13.42]
[null,"ED-49097","ELE-CON-105","CONDULETE DE ALUMÍNIO, TIPO \"X\", DIÂMETRO DE SAÍDA 3/4\" (20MM), EXCLUSIVE MÓDULO E PLACA, INCLUSIVE FIXAÇÃO","UN",26.67]
[null,"ED-17991","-","PLACA CEGA PARA CONDULETE, COM DIÂMETRO DE SAÍDA 1\" (25MM), EXCLUSIVE CONDULETE","UN",4.4800000000000004]
[null,"ED-17993","-","PLACA CEGA PARA CONDULETE, COM DIÂMETRO DE SAÍDA 1.1/2\" (40MM), EXCLUSIVE CONDULETE","UN",8.6999999999999993]
[null,"ED-17992","-","PLACA CEGA PARA CONDULETE, COM DIÂMETRO DE SAÍDA 1.1/4\" (32MM), EXCLUSIVE CONDULETE","UN",7.83]
[null,"ED-17994","-","PLACA CEGA PARA CONDULETE, COM DIÂMETRO DE SAÍDA 2\" (50MM), EXCLUSIVE CONDULETE","UN",11.33]
[null,"ED-17990","-","PLACA CEGA PARA CONDULETE, COM DIÂMETRO DE SAÍDA 3/4\" (20MM), EXCLUSIVE CONDULETE","UN",3.64]
[null,"8405","-","CONECTOR"]
[null,"ED-49141","ELE-CPB-020","CONECTOR DE PRESSÃO BIMETÁLICO # 25MM","UN",4.8499999999999996]
[null,"ED-49142","ELE-CPB-025","CONECTOR DE PRESSÃO BIMETÁLICO # 35MM","UN",9.42]
[null,"ED-49143","ELE-CPB-030","CONECTOR DE PRESSÃO BIMETÁLICO # 50MM","UN",7.29]
[null,"ED-49139","ELE-CPB-010","CONECTOR DE PRESSÃO BIMETÁLICO #10MM","UN",4.8499999999999996]
[null,"ED-49140","ELE-CPB-015","CONECTOR DE PRESSÃO BIMETÁLICO #16MM","UN",4.8499999999999996]
[null,"ED-49146","ELE-CTP-015","CONECTOR TERMINAL DE PRESSÃO # 16 MM, INCLUSIVE PARAFUSO E PORCA","UN",3.97]
[null,"ED-49147","ELE-CTP-025","CONECTOR TERMINAL DE PRESSÃO # 35MM, INCLUSIVE PARAFUSO E PORCA","UN",4.91]
[null,"ED-49145","ELE-CTC-025","TERMINAL DE PRESSÃO EM CRUZ # 35 MM²","UN",3.84]
[null,"ED-48701","ELE-ATE-010","TERMINAL PARA ATERRAMENTO, COM PARAFUSO DE APERTO, ESTANHADO","UN",3]
[null,"8406","-","DISJUNTOR"]
[null,"ED-49248","ELE-DIS-028","DISJUNTOR BIPOLAR TERMOMAGNÉTICO 10KA, DE 100A","UN",64.209999999999994]
[null,"ED-49249","ELE-DIS-029","DISJUNTOR BIPOLAR TERMOMAGNÉTICO 10KA, DE 120A","UN",207.81]
[null,"ED-49250","ELE-DIS-030","DISJUNTOR BIPOLAR TERMOMAGNÉTICO 10KA, DE 125A","UN",207.81]
[null,"ED-49251","ELE-DIS-031","DISJUNTOR BIPOLAR TERMOMAGNÉTICO 10KA, DE 200A","UN",207.81]
[null,"ED-49240","ELE-DIS-020","DISJUNTOR BIPOLAR TERMOMAGNÉTICO 10KA, DE 25A","UN",52.88]
[null,"ED-49241","ELE-DIS-021","DISJUNTOR BIPOLAR TERMOMAGNÉTICO 10KA, DE 30A","UN",52.88]
[null,"ED-49242","ELE-DIS-022","DISJUNTOR BIPOLAR TERMOMAGNÉTICO 10KA, DE 35A","UN",52.88]
[null,"ED-49243","ELE-DIS-023","DISJUNTOR BIPOLAR TERMOMAGNÉTICO 10KA, DE 40A","UN",52.88]
[null,"ED-49244","ELE-DIS-024","DISJUNTOR BIPOLAR TERMOMAGNÉTICO 10KA, DE 50A","UN",52.88]
[null,"ED-49245","ELE-DIS-025","DISJUNTOR BIPOLAR TERMOMAGNÉTICO 10KA, DE 60A","UN",64.209999999999994]
[null,"ED-49246","ELE-DIS-026","DISJUNTOR BIPOLAR TERMOMAGNÉTICO 10KA, DE 70A","UN",64.209999999999994]
[null,"ED-49247","ELE-DIS-027","DISJUNTOR BIPOLAR TERMOMAGNÉTICO 10KA, DE 90A","UN",64.209999999999994]
[null,"ED-49268","ELE-DIS-060","DISJUNTOR BIPOLAR TERMOMAGNÉTICO 5KA, DE 10A","UN",41.75]
[null,"ED-49281","ELE-DIS-073","DISJUNTOR BIPOLAR TERMOMAGNÉTICO 5KA, DE 100A","UN",57.7]
[null,"ED-49269","ELE-DIS-061","DISJUNTOR BIPOLAR TERMOMAGNÉTICO 5KA, DE 15A","UN",41.75]
[null,"ED-49270","ELE-DIS-062","DISJUNTOR BIPOLAR TERMOMAGNÉTICO 5KA, DE 16A","UN",41.75]
[null,"ED-49271","ELE-DIS-063","DISJUNTOR BIPOLAR TERMOMAGNÉTICO 5KA, DE 20A","UN",41.75]
[null,"ED-49272","ELE-DIS-064","DISJUNTOR BIPOLAR TERMOMAGNÉTICO 5KA, DE 25A","UN",41.75]
[null,"ED-49273","ELE-DIS-065","DISJUNTOR BIPOLAR TERMOMAGNÉTICO 5KA, DE 30A","UN",41.75]
[null,"ED-49274","ELE-DIS-066","DISJUNTOR BIPOLAR TERMOMAGNÉTICO 5KA, DE 32A","UN",41.75]
[null,"ED-49275","ELE-DIS-067","DISJUNTOR BIPOLAR TERMOMAGNÉTICO 5KA, DE 35A","UN",41.75]
[null,"ED-49276","ELE-DIS-068","DISJUNTOR BIPOLAR TERMOMAGNÉTICO 5KA, DE 40A","UN",43.32]
[null,"ED-49277","ELE-DIS-069","DISJUNTOR BIPOLAR TERMOMAGNÉTICO 5KA, DE 50A","UN",43.32]
[null,"ED-49278","ELE-DIS-070","DISJUNTOR BIPOLAR TERMOMAGNÉTICO 5KA, DE 60A","UN",52.84]
[null,"ED-49279","ELE-DIS-071","DISJUNTOR BIPOLAR TERMOMAGNÉTICO 5KA, DE 70A","UN",57.7]
[null,"ED-49280","ELE-DIS-072","DISJUNTOR BIPOLAR TERMOMAGNÉTICO 5KA, DE 90A","UN",57.7]
[null,"ED-15114","-","DISJUNTOR DE PROTEÇÃO DIFERENCIAL RESIDUAL (DR), BIPOLAR, TIPO DIN, CORRENTE NOMINAL DE 25A, ALTA SENSIBILIDADE, CORRENTE DIFERENCIAL RESIDUAL NOMINAL COM ATUAÇÃO DE 30MA","UN",105.23]
[null,"ED-15115","-","DISJUNTOR DE PROTEÇÃO DIFERENCIAL RESIDUAL (DR), BIPOLAR, TIPO DIN, CORRENTE NOMINAL DE 40A, ALTA SENSIBILIDADE, CORRENTE DIFERENCIAL RESIDUAL NOMINAL COM ATUAÇÃO DE 30MA","UN",110.23]
[null,"ED-15116","-","DISJUNTOR DE PROTEÇÃO DIFERENCIAL RESIDUAL (DR), BIPOLAR, TIPO DIN, CORRENTE NOMINAL DE 63A, ALTA SENSIBILIDADE, CORRENTE DIFERENCIAL RESIDUAL NOMINAL COM ATUAÇÃO DE 30MA","UN",125.23]
[null,"ED-15117","-","DISJUNTOR DE PROTEÇÃO DIFERENCIAL RESIDUAL (DR), TETRAPOLAR, TIPO DIN, CORRENTE NOMINAL DE 63A, ALTA SENSIBILIDADE, CORRENTE DIFERENCIAL RESIDUAL NOMINAL COM ATUAÇÃO DE 30MA","UN",136.47]
[null,"ED-49228","ELE-DIS-005","DISJUNTOR MONOPOLAR TERMOMAGNÉTICO 5KA, DE 10A","UN",17.559999999999999]
[null,"ED-49229","ELE-DIS-006","DISJUNTOR MONOPOLAR TERMOMAGNÉTICO 5KA, DE 15A","UN",17.559999999999999]
[null,"ED-49230","ELE-DIS-007","DISJUNTOR MONOPOLAR TERMOMAGNÉTICO 5KA, DE 16A","UN",17.559999999999999]
[null,"ED-49231","ELE-DIS-008","DISJUNTOR MONOPOLAR TERMOMAGNÉTICO 5KA, DE 20A","UN",17.559999999999999]
[null,"ED-49232","ELE-DIS-009","DISJUNTOR MONOPOLAR TERMOMAGNÉTICO 5KA, DE 25A","UN",17.559999999999999]
[null,"ED-49233","ELE-DIS-010","DISJUNTOR MONOPOLAR TERMOMAGNÉTICO 5KA, DE 30A","UN",17.559999999999999]
[null,"ED-49234","ELE-DIS-011","DISJUNTOR MONOPOLAR TERMOMAGNÉTICO 5KA, DE 32A","UN",17.559999999999999]
[null,"ED-49235","ELE-DIS-012","DISJUNTOR MONOPOLAR TERMOMAGNÉTICO 5KA, DE 35A","UN",22.34]
[null,"ED-49236","ELE-DIS-013","DISJUNTOR MONOPOLAR TERMOMAGNÉTICO 5KA, DE 40A","UN",22.34]
[null,"ED-49237","ELE-DIS-014","DISJUNTOR MONOPOLAR TERMOMAGNÉTICO 5KA, DE 50A","UN",22.34]
[null,"ED-49238","ELE-DIS-015","DISJUNTOR MONOPOLAR TERMOMAGNÉTICO 5KA, DE 60A","UN",30.09]
[null,"ED-49239","ELE-DIS-016","DISJUNTOR MONOPOLAR TERMOMAGNÉTICO 5KA, DE 70A","UN",30.09]
[null,"ED-49294","ELE-DIS-090","DISJUNTOR TERMOMAGNÉTICO 150A PARA MEDIDOR","UN",271.49]
[null,"ED-49252","ELE-DIS-035","DISJUNTOR TRIPOLAR TERMOMAGNÉTICO 10KA, DE 10A","UN",76.709999999999994]
[null,"ED-49263","ELE-DIS-046","DISJUNTOR TRIPOLAR TERMOMAGNÉTICO 10KA, DE 100A","UN",97.69]
[null,"ED-49264","ELE-DIS-047","DISJUNTOR TRIPOLAR TERMOMAGNÉTICO 10KA, DE 120A","UN",271.49]
[null,"ED-49265","ELE-DIS-048","DISJUNTOR TRIPOLAR TERMOMAGNÉTICO 10KA, DE 125A","UN",271.49]
[null,"ED-49253","ELE-DIS-036","DISJUNTOR TRIPOLAR TERMOMAGNÉTICO 10KA, DE 15A","UN",76.709999999999994]
[null,"ED-49267","ELE-DIS-050","DISJUNTOR TRIPOLAR TERMOMAGNÉTICO 10KA, DE 175A","UN",271.49]
[null,"ED-49254","ELE-DIS-037","DISJUNTOR TRIPOLAR TERMOMAGNÉTICO 10KA, DE 20A","UN",76.709999999999994]
[null,"ED-49266","ELE-DIS-049","DISJUNTOR TRIPOLAR TERMOMAGNÉTICO 10KA, DE 200A","UN",286.66000000000003]
[null,"ED-49255","ELE-DIS-038","DISJUNTOR TRIPOLAR TERMOMAGNÉTICO 10KA, DE 25A","UN",76.709999999999994]
[null,"ED-49256","ELE-DIS-039","DISJUNTOR TRIPOLAR TERMOMAGNÉTICO 10KA, DE 30A","UN",76.709999999999994]
[null,"ED-49257","ELE-DIS-040","DISJUNTOR TRIPOLAR TERMOMAGNÉTICO 10KA, DE 35A","UN",76.709999999999994]
[null,"ED-49258","ELE-DIS-041","DISJUNTOR TRIPOLAR TERMOMAGNÉTICO 10KA, DE 40A","UN",76.709999999999994]
[null,"ED-49259","ELE-DIS-042","DISJUNTOR TRIPOLAR TERMOMAGNÉTICO 10KA, DE 50A","UN",76.709999999999994]
[null,"ED-49260","ELE-DIS-043","DISJUNTOR TRIPOLAR TERMOMAGNÉTICO 10KA, DE 60A","UN",97.69]
[null,"ED-49261","ELE-DIS-044","DISJUNTOR TRIPOLAR TERMOMAGNÉTICO 10KA, DE 70A","UN",97.69]
[null,"ED-49262","ELE-DIS-045","DISJUNTOR TRIPOLAR TERMOMAGNÉTICO 10KA, DE 90A","UN",97.69]
[null,"ED-49282","ELE-DIS-075","DISJUNTOR TRIPOLAR TERMOMAGNÉTICO 5KA, DE 10A","UN",75.56]
[null,"ED-49293","ELE-DIS-086","DISJUNTOR TRIPOLAR TERMOMAGNÉTICO 5KA, DE 100A","UN",89.02]
[null,"ED-49283","ELE-DIS-076","DISJUNTOR TRIPOLAR TERMOMAGNÉTICO 5KA, DE 15A","UN",75.56]
[null,"ED-49284","ELE-DIS-077","DISJUNTOR TRIPOLAR TERMOMAGNÉTICO 5KA, DE 20A","UN",75.56]
[null,"ED-49285","ELE-DIS-078","DISJUNTOR TRIPOLAR TERMOMAGNÉTICO 5KA, DE 25A","UN",75.56]
[null,"ED-49286","ELE-DIS-079","DISJUNTOR TRIPOLAR TERMOMAGNÉTICO 5KA, DE 30A","UN",75.56]
[null,"ED-49287","ELE-DIS-080","DISJUNTOR TRIPOLAR TERMOMAGNÉTICO 5KA, DE 35A","UN",75.56]
[null,"ED-49288","ELE-DIS-081","DISJUNTOR TRIPOLAR TERMOMAGNÉTICO 5KA, DE 40A","UN",75.56]
[null,"ED-49289","ELE-DIS-082","DISJUNTOR TRIPOLAR TERMOMAGNÉTICO 5KA, DE 50A","UN",89.02]
[null,"ED-49290","ELE-DIS-083","DISJUNTOR TRIPOLAR TERMOMAGNÉTICO 5KA, DE 60A","UN",89.02]
[null,"ED-49291","ELE-DIS-084","DISJUNTOR TRIPOLAR TERMOMAGNÉTICO 5KA, DE 70A","UN",89.02]
[null,"ED-49292","ELE-DIS-085","DISJUNTOR TRIPOLAR TERMOMAGNÉTICO 5KA, DE 90A","UN",89.02]
[null,"6354","-","DUTOS CORRUGADOS (PEAD)"]
[null,"ED-49298","ELE-DUT-020","DUTO CORRUGADO EM PEAD (POLIETILENO DE ALTA DENSIDADE), PARA PROTEÇÃO DE CABOS SUBTERRÂNEOS DN 100 MM (4\")","M",44.34]
[null,"ED-49299","ELE-DUT-025","DUTO CORRUGADO EM PEAD (POLIETILENO DE ALTA DENSIDADE), PARA PROTEÇÃO DE CABOS SUBTERRÂNEOS DN 125 MM (5\")","M",65.92]
[null,"ED-49300","ELE-DUT-030","DUTO CORRUGADO EM PEAD (POLIETILENO DE ALTA DENSIDADE), PARA PROTEÇÃO DE CABOS SUBTERRÂNEOS DN 150 MM (6\")","M",86.65]
[null,"ED-4155","-","DUTO CORRUGADO EM PEAD (POLIETILENO DE ALTA DENSIDADE), PARA PROTEÇÃO DE CABOS SUBTERRÂNEOS DN 30 MM (1.1/4\")","M",18.87]
[null,"ED-49295","ELE-DUT-005","DUTO CORRUGADO EM PEAD (POLIETILENO DE ALTA DENSIDADE), PARA PROTEÇÃO DE CABOS SUBTERRÂNEOS DN 40 MM (1.1/2\")","M",19.46]
[null,"ED-49296","ELE-DUT-010","DUTO CORRUGADO EM PEAD (POLIETILENO DE ALTA DENSIDADE), PARA PROTEÇÃO DE CABOS SUBTERRÂNEOS DN 50 MM (2\")","M",20.56]
[null,"ED-49297","ELE-DUT-015","DUTO CORRUGADO EM PEAD (POLIETILENO DE ALTA DENSIDADE), PARA PROTEÇÃO DE CABOS SUBTERRÂNEOS DN 75 MM (3\")","M",32.17]
[null,"6353","-","ELETRODUTOS FLEXÍVEIS"]
[null,"ED-49411","ELE-MAN-005","ELETRODUTO FLEXÍVEL CORRUGADO, PVC, ANTI-CHAMA, DN 16MM, APLICADO EM ALVENARIA, INCLUSIVE RASGO","M",5.8]
[null,"ED-49413","ELE-MAN-015","ELETRODUTO FLEXÍVEL CORRUGADO, PVC, ANTI-CHAMA, DN 20MM (1/2\"), APLICADO EM ALVENARIA, INCLUSIVE RASGO","M",6.02]
[null,"ED-49414","ELE-MAN-020","ELETRODUTO FLEXÍVEL CORRUGADO, PVC, ANTI-CHAMA, DN 25MM (3/4\"), APLICADO EM ALVENARIA, INCLUSIVE RASGO","M",6.47]
[null,"ED-7249","-","ELETRODUTO FLEXÍVEL, EM AÇO GALVANIZADO, REVESTIDO EXTERNAMENTE COM PVC PRETO (1\"), INCLUSIVE CONEXÕES, SUPORTES E FIXAÇÃO","M",10.67]
[null,"ED-7251","-","ELETRODUTO FLEXÍVEL, EM AÇO GALVANIZADO, REVESTIDO EXTERNAMENTE COM PVC PRETO (1.1/2\"), INCLUSIVE CONEXÕES, SUPORTES E FIXAÇÃO","M",18.66]
[null,"ED-7250","-","ELETRODUTO FLEXÍVEL, EM AÇO GALVANIZADO, REVESTIDO EXTERNAMENTE COM PVC PRETO (1.1/4\"), INCLUSIVE CONEXÕES, SUPORTES E FIXAÇÃO","M",16.170000000000002]
[null,"ED-7252","-","ELETRODUTO FLEXÍVEL, EM AÇO GALVANIZADO, REVESTIDO EXTERNAMENTE COM PVC PRETO (2\"), INCLUSIVE CONEXÕES, SUPORTES E FIXAÇÃO","M",25.44]
[null,"ED-7253","-","ELETRODUTO FLEXÍVEL, EM AÇO GALVANIZADO, REVESTIDO EXTERNAMENTE COM PVC PRETO (2.1/2\"), INCLUSIVE CONEXÕES, SUPORTES E FIXAÇÃO","M",37.51]
[null,"ED-7248","-","ELETRODUTO FLEXÍVEL, EM AÇO GALVANIZADO, REVESTIDO EXTERNAMENTE COM PVC PRETO (3/4\"), INCLUSIVE CONEXÕES, SUPORTES E FIXAÇÃO","M",8.41]
[null,"6352","-","ELETRODUTOS RÍGIDOS"]
[null,"ED-49316","ELE-ELE-050","ELETRODUTO DE AÇO GALVANIZADO LEVE, INCLUSIVE CONEXÕES, SUPORTES E FIXAÇÃO DN 15 (1/2\")","M",14.62]
[null,"ED-49317","ELE-ELE-055","ELETRODUTO DE AÇO GALVANIZADO LEVE, INCLUSIVE CONEXÕES, SUPORTES E FIXAÇÃO DN 20 (3/4\")","M",15.8]
[null,"ED-49318","ELE-ELE-060","ELETRODUTO DE AÇO GALVANIZADO LEVE, INCLUSIVE CONEXÕES, SUPORTES E FIXAÇÃO DN 25 (1\")","M",21.7]
[null,"ED-49324","ELE-ELE-090","ELETRODUTO DE AÇO GALVANIZADO MÉDIO, INCLUSIVE CONEXÕES, SUPORTES E FIXAÇÃO DN 100 (4\")","M",96.01]
[null,"ED-49319","ELE-ELE-065","ELETRODUTO DE AÇO GALVANIZADO MÉDIO, INCLUSIVE CONEXÕES, SUPORTES E FIXAÇÃO DN 32 (1.1/4\")","M",29.08]
[null,"ED-49320","ELE-ELE-070","ELETRODUTO DE AÇO GALVANIZADO MÉDIO, INCLUSIVE CONEXÕES, SUPORTES E FIXAÇÃO DN 40 (1.1/2\")","M",31.51]
[null,"ED-49321","ELE-ELE-075","ELETRODUTO DE AÇO GALVANIZADO MÉDIO, INCLUSIVE CONEXÕES, SUPORTES E FIXAÇÃO DN 50 (2\")","M",34.950000000000003]
[null,"ED-49322","ELE-ELE-080","ELETRODUTO DE AÇO GALVANIZADO MÉDIO, INCLUSIVE CONEXÕES, SUPORTES E FIXAÇÃO DN 65 (2.1/2\")","M",56.17]
[null,"ED-49323","ELE-ELE-085","ELETRODUTO DE AÇO GALVANIZADO MÉDIO, INCLUSIVE CONEXÕES, SUPORTES E FIXAÇÃO DN 80 (3\")","M",70.83]
[null,"ED-49333","ELE-ELE-135","ELETRODUTO DE AÇO GALVANIZADO PESADO, INCLUSIVE CONEXÕES, SUPORTES E FIXAÇÃO DN 100 (4\")","M",100.14]
[null,"ED-49325","ELE-ELE-095","ELETRODUTO DE AÇO GALVANIZADO PESADO, INCLUSIVE CONEXÕES, SUPORTES E FIXAÇÃO DN 15 (1/2\")","M",17.850000000000001]
[null,"ED-49326","ELE-ELE-100","ELETRODUTO DE AÇO GALVANIZADO PESADO, INCLUSIVE CONEXÕES, SUPORTES E FIXAÇÃO DN 20 (3/4\")","M",25.25]
[null,"ED-49327","ELE-ELE-105","ELETRODUTO DE AÇO GALVANIZADO PESADO, INCLUSIVE CONEXÕES, SUPORTES E FIXAÇÃO DN 25 (1\")","M",35.22]
[null,"ED-49328","ELE-ELE-110","ELETRODUTO DE AÇO GALVANIZADO PESADO, INCLUSIVE CONEXÕES, SUPORTES E FIXAÇÃO DN 32 (1.1/4\")","M",29.08]
[null,"ED-49329","ELE-ELE-115","ELETRODUTO DE AÇO GALVANIZADO PESADO, INCLUSIVE CONEXÕES, SUPORTES E FIXAÇÃO DN 40 (1.1/2\")","M",49.47]
[null,"ED-49330","ELE-ELE-120","ELETRODUTO DE AÇO GALVANIZADO PESADO, INCLUSIVE CONEXÕES, SUPORTES E FIXAÇÃO DN 50 (2\")","M",65.88]
[null,"ED-49331","ELE-ELE-125","ELETRODUTO DE AÇO GALVANIZADO PESADO, INCLUSIVE CONEXÕES, SUPORTES E FIXAÇÃO DN 65 (2.1/2\")","M",89.3]
[null,"ED-49332","ELE-ELE-130","ELETRODUTO DE AÇO GALVANIZADO PESADO, INCLUSIVE CONEXÕES, SUPORTES E FIXAÇÃO DN 80 (3\")","M",122.43]
[null,"ED-49315","ELE-ELE-045","ELETRODUTO DE PVC RÍGIDO ROSCÁVEL, DN 100 MM (4\"), INCLUSIVE CONEXÕES, SUPORTES E FIXAÇÃO","M",47.49]
[null,"ED-49307","ELE-ELE-005","ELETRODUTO DE PVC RÍGIDO ROSCÁVEL, DN 16 MM (1/2\"), INCLUSIVE CONEXÕES, SUPORTES E FIXAÇÃO","M",12.44]
[null,"ED-49308","ELE-ELE-010","ELETRODUTO DE PVC RÍGIDO ROSCÁVEL, DN 20 MM (3/4\"), INCLUSIVE CONEXÕES, SUPORTES E FIXAÇÃO","M",12.92]
[null,"ED-49309","ELE-ELE-015","ELETRODUTO DE PVC RÍGIDO ROSCÁVEL, DN 25 MM (1\"), INCLUSIVE CONEXÕES, SUPORTES E FIXAÇÃO","M",14.31]
[null,"ED-49310","ELE-ELE-020","ELETRODUTO DE PVC RÍGIDO ROSCÁVEL, DN 32 MM (1.1/4\"), INCLUSIVE CONEXÕES, SUPORTES E FIXAÇÃO","M",20.82]
[null,"ED-49311","ELE-ELE-025","ELETRODUTO DE PVC RÍGIDO ROSCÁVEL, DN 40 MM (1.1/2\"), INCLUSIVE CONEXÕES, SUPORTES E FIXAÇÃO","M",21.33]
[null,"ED-49312","ELE-ELE-030","ELETRODUTO DE PVC RÍGIDO ROSCÁVEL, DN 50 MM (2\"), INCLUSIVE CONEXÕES, SUPORTES E FIXAÇÃO","M",24.9]
[null,"ED-49313","ELE-ELE-035","ELETRODUTO DE PVC RÍGIDO ROSCÁVEL, DN 60 MM (2.1/2\"), INCLUSIVE CONEXÕES, SUPORTES E FIXAÇÃO","M",34.380000000000003]
[null,"ED-49314","ELE-ELE-040","ELETRODUTO DE PVC RÍGIDO ROSCÁVEL, DN 75 MM (3\"), INCLUSIVE CONEXÕES, SUPORTES E FIXAÇÃO","M",37.79]
[null,"8409","-","ENTRADA DE ENERGIA"]
[null,"ED-48698","ELE-ANE-005","ANEL GUIA PADRÃO TELEMAR AGS-1","UN",2.63]
[null,"ED-49440","ELE-PAD-110","ARMAÇÃO SECUNDARIA DE UM ESTRIBO","UN",31.22]
[null,"ED-49063","ELE-CBÇ-005","CABEÇOTE DE ALUMINIO 1\"","UN",3.6]
[null,"ED-49065","ELE-CBÇ-015","CABEÇOTE DE ALUMINIO 1 1/2\"","UN",5.93]
[null,"ED-49064","ELE-CBÇ-010","CABEÇOTE DE ALUMINIO 1 1/4\"","UN",4.78]
[null,"ED-49444","ELE-PAD-125","CINTA CIRCULAR EM ACO GALVANIZADO DE 150 MM DE DIAMETRO PARA FIXACAO DE CAIXA MEDICAO","UN",24.17]
[null,"ED-49445","ELE-PAD-135","HASTE Ø16 X 150 PARA ARMAÇÃO SECUNDÁRIA","UN",19.63]
[null,"ED-49443","ELE-PAD-120","ISOLADOR ROLDANA","UN",5.89]
[null,"ED-49442","ELE-PAD-115D","POSTE DE AÇO PARA ENTRADA DE ENERGIA H = 4,50 M","UN",1119.6400000000001]
[null,"ED-49441","ELE-PAD-115","POSTE DE AÇO PARA ENTRADA DE ENERGIA H = 7,00 M","UN",573.89]
[null,"8410","-","ENVELOPAMENTO DE DUTOS/ELETRODUTOS"]
[null,"ED-49334","ELE-ENV-005","ENVELOPE DE CONCRETO PARA PROTEÇÃO DE TUBOS DE PVC ENTERRADO - CONCRETO TIPO A FCK = 13,5 MPA","M3",439.24]
[null,"8411","-","ILUMINAÇÃO PÚBLICA/EXTERNA"]
[null,"ED-48704","ELE-BRÇ-005","ABRAÇADEIRA PARA POSTE","UN",2.78]
[null,"ED-49172","ELE-CXS-110","CAIXA ALVENARIA 70 X 70 X 50 CM PARA REFLETOR, COM GRADE, TIPO 1, INCLUSIVE ESCAVAÇÃO, REATERRO E BOTA-FORA","UN",465.57]
[null,"ED-49173","ELE-CXS-115","CAIXA ALVENARIA 90 X 90 X 65 CM PARA REFLETOR, COM GRADE, TIPO 2, INCLUSIVE ESCAVAÇÃO, REATERRO E BOTA-FORA","UN",705.71]
[null,"ED-49497","ELE-PRO-010","POSTE TELECÔNICO RETO, H = 9,00 M EM AÇO GALVANIZADO , (LIVRE)","UN",1641.14]
[null,"ED-49523","ELE-REL-005","RELÉ FOTOELÉTRICO, TENSÃO 120V COM CAPACIDADE DE CARGA 1200VA, INCLUSIVE BASE E INSTALAÇÃO\n","UN",32.17]
[null,"ED-49524","ELE-REL-010","RELÉ FOTOELÉTRICO, TENSÃO 220V COM CAPACIDADE DE CARGA 1800VA, INCLUSIVE BASE E INSTALAÇÃO","UN",36.1]
[null,"ED-49539","ELE-TPO-005","TAMPÃO DE ALUMÍNIO","UN",5.07]
[null,"ED-49439","ELE-PAD-105","TAMPÃO PARA POSTE DE AÇO","UN",9.9600000000000009]
[null,"8165","-","INTERRUPTORES, TOMADAS E MÓDULOS"]
[null,"ED-49056","ELE-CAM-005","BOTÃO DE CAMPAINHA, 1 TECL","UN",20.059999999999999]
[null,"ED-49058","ELE-CAM-011","CAMPAINHA DE EMBUTIR EM CAIXA 2X4\", DO TIPO CIGARRA, 127V","UN",45.13]
[null,"ED-49057","ELE-CAM-010","CAMPAINHA DE SOBREPOR (SINCRONSOM 117)","UN",63.62]
[null,"ED-15740","-","CONJUNTO DE DOIS (2) INTERRUPTORES BIPOLAR SIMPLES, CORRENTE 10A, TENSÃO 250V, (10A-250V), COM PLACA 4\"X2\" DE DOIS (2) POSTOS, INCLUSIVE FORNECIMENTO, INSTALAÇÃO, SUPORTE, MÓDULO E PLACA","UN",45.86]
[null,"ED-15783","-","CONJUNTO DE DOIS (2) INTERRUPTORES BIPOLAR SIMPLES, CORRENTE 10A, TENSÃO 250V, (10A-250V), COM PLACA 4\"X4\" DE DOIS (2) POSTOS, INCLUSIVE FORNECIMENTO, INSTALAÇÃO, SUPORTE, MÓDULO E PLACA","UN",49.33]
[null,"ED-15788","-","CONJUNTO DE DOIS (2) INTERRUPTORES BIPOLAR SIMPLES, CORRENTE 10A, TENSÃO 250V, (10A-250V) E DOIS (2) INTERRUPTORES PARALELOS, CORRENTE 10A, TENSÃO 250V, (10A-250V), COM PLACA 4\"X4\" DE QUATRO (4) POSTOS, INCLUSIVE FORNECIMENTO, INSTALAÇÃO, SUPORTE, MÓDULO E PLACA","UN",70.28]
[null,"ED-15747","-","CONJUNTO DE DOIS (2) INTERRUPTORES BIPOLAR SIMPLES, CORRENTE 10A, TENSÃO 250V, (10A-250V) E UM (1) INTERRUPTOR PARALELO, CORRENTE 10A, TENSÃO 250V, (10A-250V), COM PLACA 4\"X2\" DE TRÊS (3) POSTOS, INCLUSIVE FORNECIMENTO, INSTALAÇÃO, SUPORTE, MÓDULO E PLACA","UN",56.58]
[null,"ED-15773","-","CONJUNTO DE DOIS (2) INTERRUPTORES BIPOLAR SIMPLES, CORRENTE 10A, TENSÃO 250V, (10A-250V) E UMA (1) TOMADA PADRÃO, TRÊS (3) POLOS, CORRENTE 10A, TENSÃO 250V, (2P+T/10A-250V), COM PLACA 4\"X2\" DE TRÊS (3) POSTOS, INCLUSIVE FORNECIMENTO, INSTALAÇÃO, SUPORTE, MÓDULO E PLACA","UN",56.62]
[null,"ED-15776","-","CONJUNTO DE DOIS (2) INTERRUPTORES BIPOLAR SIMPLES, CORRENTE 10A, TENSÃO 250V, (10A-250V) E UMA (1) TOMADA PADRÃO, TRÊS (3) POLOS, CORRENTE 20A, TENSÃO 250V, (2P+T/20A-250V), COM PLACA 4\"X2\" DE TRÊS (3) POSTOS, INCLUSIVE FORNECIMENTO, INSTALAÇÃO, SUPORTE, MÓDULO E PLACA","UN",57.29]
[null,"ED-15772","-","CONJUNTO DE DOIS (2) INTERRUPTORES PARALELO, CORRENTE 10A, TENSÃO 250V, (10A-250V) E UMA (1) TOMADA PADRÃO, TRÊS (3) POLOS, CORRENTE 10A, TENSÃO 250V, (2P+T/10A-250V), COM PLACA 4\"X2\" DE TRÊS (3) POSTOS, INCLUSIVE FORNECIMENTO, INSTALAÇÃO, SUPORTE, MÓDULO E PLACA","UN",39.64]
[null,"ED-15775","-","CONJUNTO DE DOIS (2) INTERRUPTORES PARALELO, CORRENTE 10A, TENSÃO 250V, (10A-250V) E UMA (1) TOMADA PADRÃO, TRÊS (3) POLOS, CORRENTE 20A, TENSÃO 250V, (2P+T/20A-250V), COM PLACA 4\"X2\" DE TRÊS (3) POSTOS, INCLUSIVE FORNECIMENTO, INSTALAÇÃO, SUPORTE, MÓDULO E PLACA","UN",40.31]
[null,"ED-15745","-","CONJUNTO DE DOIS (2) INTERRUPTORES PARALELOS, CORRENTE 10A, TENSÃO 250V, (10A-250V), COM PLACA 4\"X2\" DE DOIS (2) POSTOS, INCLUSIVE FORNECIMENTO, INSTALAÇÃO, SUPORTE, MÓDULO E PLACA","UN",28.88]
[null,"ED-15739","-","CONJUNTO DE DOIS (2) INTERRUPTORES SIMPLES, CORRENTE 10A, TENSÃO 250V, (10A-250V), COM PLACA 4\"X2\" DE DOIS (2) POSTOS, INCLUSIVE FORNECIMENTO, INSTALAÇÃO, SUPORTE, MÓDULO E PLACA","UN",26.82]
[null,"ED-15782","-","CONJUNTO DE DOIS (2) INTERRUPTORES SIMPLES, CORRENTE 10A, TENSÃO 250V, (10A-250V), COM PLACA 4\"X4\" DE DOIS (2) POSTOS, INCLUSIVE FORNECIMENTO, INSTALAÇÃO, SUPORTE, MÓDULO E PLACA","UN",30.29]
[null,"ED-15787","-","CONJUNTO DE DOIS (2) INTERRUPTORES SIMPLES, CORRENTE 10A, TENSÃO 250V, (10A-250V) E DOIS (2) INTERRUPTORES PARALELOS, CORRENTE 10A, TENSÃO 250V, (10A-250V), COM PLACA 4\"X4\" DE QUATRO (4) POSTOS, INCLUSIVE FORNECIMENTO, INSTALAÇÃO, SUPORTE, MÓDULO E PLACA","UN",51.24]
[null,"ED-15746","-","CONJUNTO DE DOIS (2) INTERRUPTORES SIMPLES, CORRENTE 10A, TENSÃO 250V, (10A-250V) E UM (1) INTERRUPTOR PARALELO, CORRENTE 10A, TENSÃO 250V, (10A-250V), COM PLACA 4\"X2\" DE TRÊS (3) POSTOS, INCLUSIVE FORNECIMENTO, INSTALAÇÃO, SUPORTE, MÓDULO E PLACA","UN",37.54]
[null,"ED-15771","-","CONJUNTO DE DOIS (2) INTERRUPTORES SIMPLES, CORRENTE 10A, TENSÃO 250V, (10A-250V) E UMA (1) TOMADA PADRÃO, TRÊS (3) POLOS, CORRENTE 10A, TENSÃO 250V, (2P+T/10A-250V), COM PLACA 4\"X2\" DE TRÊS (3) POSTOS, INCLUSIVE FORNECIMENTO, INSTALAÇÃO, SUPORTE, MÓDULO E PLACA","UN",37.58]
[null,"ED-15774","-","CONJUNTO DE DOIS (2) INTERRUPTORES SIMPLES, CORRENTE 10A, TENSÃO 250V, (10A-250V) E UMA (1) TOMADA PADRÃO, TRÊS (3) POLOS, CORRENTE 20A, TENSÃO 250V, (2P+T/20A-250V), COM PLACA 4\"X2\" DE TRÊS (3) POSTOS, INCLUSIVE FORNECIMENTO, INSTALAÇÃO, SUPORTE, MÓDULO E PLACA","UN",38.25]
[null,"ED-15789","-","CONJUNTO DE DOIS (2) MÓDULOS COM FURO PARA SAÍDA DE FIO Ø 10MM, COM PLACA 4\"X4\" DE DOIS (2) POSTO, INCLUSIVE FORNECIMENTO, INSTALAÇÃO, SUPORTE, MÓDULO E PLACA","UN",14.05]
[null,"ED-15762","-","CONJUNTO DE DUAS (2) TOMADAS DE DADOS (CONECTOR RJ45 CAT.6E), COM PLACA 4\"X2\" DE DOIS (2) POSTOS, INCLUSIVE FORNECIMENTO, INSTALAÇÃO, SUPORTE, MÓDULO E PLACA","UN",50.16]
[null,"ED-15794","-","CONJUNTO DE DUAS (2) TOMADAS DE DADOS (CONECTOR RJ45 CAT.6E), COM PLACA 4\"X4\" DE DOIS (2) POSTOS, INCLUSIVE FORNECIMENTO, INSTALAÇÃO, SUPORTE, MÓDULO E PLACA","UN",53.63]
[null,"ED-15755","-","CONJUNTO DE DUAS (2) TOMADAS PADRÃO, TRÊS (3) POLOS, CORRENTE 10A, TENSÃO 250V, (2P+T/10A-250V), COM PLACA 4\"X2\" DE DOIS (2) POSTOS, INCLUSIVE FORNECIMENTO, INSTALAÇÃO, SUPORTE, MÓDULO E PLACA","UN",28.96]
[null,"ED-15790","-","CONJUNTO DE DUAS (2) TOMADAS PADRÃO, TRÊS (3) POLOS, CORRENTE 10A, TENSÃO 250V, (2P+T/10A-250V), COM PLACA 4\"X4\" DE DOIS (2) POSTOS, INCLUSIVE FORNECIMENTO, INSTALAÇÃO, SUPORTE, MÓDULO E PLACA","UN",32.43]
[null,"ED-15756","-","CONJUNTO DE DUAS (2) TOMADAS PADRÃO, TRÊS (3) POLOS, CORRENTE 20A, TENSÃO 250V, (2P+T/20A-250V), COM PLACA 4\"X2\" DE DOIS (2) POSTOS, INCLUSIVE FORNECIMENTO, INSTALAÇÃO, SUPORTE, MÓDULO E PLACA","UN",30.3]
[null,"ED-15791","-","CONJUNTO DE DUAS (2) TOMADAS PADRÃO, TRÊS (3) POLOS, CORRENTE 20A, TENSÃO 250V, (2P+T/20A-250V), COM PLACA 4\"X4\" DE DOIS (2) POSTOS, INCLUSIVE FORNECIMENTO, INSTALAÇÃO, SUPORTE, MÓDULO E PLACA","UN",33.770000000000003]
[null,"ED-15757","-","CONJUNTO DE DUAS (2) TOMADAS PADRÃO VERMELHA, USO ESPECÍFICO, TRÊS (3) POLOS, CORRENTE 20A, TENSÃO 250V, (2P+T/20A-250V), COM PLACA 4\"X2\" DE DOIS (2) POSTOS, INCLUSIVE FORNECIMENTO, INSTALAÇÃO, SUPORTE, MÓDULO E PLACA","UN",30.92]
[null,"ED-15793","-","CONJUNTO DE DUAS (2) TOMADAS PADRÃO VERMELHA, USO ESPECÍFICO, TRÊS (3) POLOS, CORRENTE 20A, TENSÃO 250V, (2P+T/20A-250V), COM PLACA 4\"X4\" DE DOIS (2) POSTOS, INCLUSIVE FORNECIMENTO, INSTALAÇÃO, SUPORTE, MÓDULO E PLACA","UN",34.39]
[null,"ED-15795","-","CONJUNTO DE DUAS (2) TOMADAS TELEFÔNICAS (CONECTOR RJ11), COM PLACA 4\"X4\" DE DOIS (2) POSTOS, INCLUSIVE FORNECIMENTO, INSTALAÇÃO, SUPORTE, MÓDULO E PLACA","UN",37.03]
[null,"ED-15759","-","CONJUNTO DE DUAS (2) TOMADAS USB (CONECTOR USB TIPO A), CORRENTE 1A, TENSÃO 5V, (1A-5V), COM PLACA 4\"X2\" DE DOIS (2) POSTOS, INCLUSIVE FORNECIMENTO, INSTALAÇÃO, SUPORTE, MÓDULO E PLACA","UN",79.760000000000005]
[null,"ED-15785","-","CONJUNTO DE QUATRO (4) INTERRUPTORES BIPOLAR SIMPLES, CORRENTE 10A, TENSÃO 250V, (10A-250V), COM PLACA 4\"X4\" DE QUATRO (4) POSTOS, INCLUSIVE FORNECIMENTO, INSTALAÇÃO, SUPORTE, MÓDULO E PLACA","UN",87.26]
[null,"ED-15784","-","CONJUNTO DE QUATRO (4) INTERRUPTORES SIMPLES, CORRENTE 10A, TENSÃO 250V, (10A-250V), COM PLACA 4\"X4\" DE QUATRO (4) POSTOS, INCLUSIVE FORNECIMENTO, INSTALAÇÃO, SUPORTE, MÓDULO E PLACA","UN",49.18]
[null,"ED-15786","-","CONJUNTO DE SEIS (6) INTERRUPTORES SIMPLES, CORRENTE 10A, TENSÃO 250V, (10A-250V), COM PLACA 4\"X4\" DE SEIS (6) POSTOS, INCLUSIVE FORNECIMENTO, INSTALAÇÃO, SUPORTE, MÓDULO E PLACA","UN",68.180000000000007]
[null,"ED-15742","-","CONJUNTO DE TRÊS (3) INTERRUPTORES BIPOLAR SIMPLES, CORRENTE 10A, TENSÃO 250V, (10A-250V), COM PLACA 4\"X2\" DE TRÊS (3) POSTOS, INCLUSIVE FORNECIMENTO, INSTALAÇÃO, SUPORTE, MÓDULO E PLACA","UN",65.069999999999993]
[null,"ED-15741","-","CONJUNTO DE TRÊS (3) INTERRUPTORES SIMPLES, CORRENTE 10A, TENSÃO 250V, (10A-250V), COM PLACA 4\"X2\" DE TRÊS (3) POSTOS, INCLUSIVE FORNECIMENTO, INSTALAÇÃO, SUPORTE, MÓDULO E PLACA","UN",36.51]
[null,"ED-15735","-","CONJUNTO DE UM (1) INTERRUPTOR BIPOLAR SIMPLES, CORRENTE 10A, TENSÃO 250V, (10A-250V), COM PLACA 4\"X2\" DE UM (1) POSTO, INCLUSIVE FORNECIMENTO, INSTALAÇÃO, SUPORTE, MÓDULO E PLACA","UN",26.51]
[null,"ED-15744","-","CONJUNTO DE UM (1) INTERRUPTOR BIPOLAR SIMPLES, CORRENTE 10A, TENSÃO 250V, (10A-250V) E UM (1) INTERRUPTOR PARALELO, CORRENTE 10A, TENSÃO 250V, (10A-250V), COM PLACA 4\"X2\" DE DOIS (2) POSTOS, INCLUSIVE FORNECIMENTO, INSTALAÇÃO, SUPORTE, MÓDULO E PLACA","UN",37.369999999999997]
[null,"ED-15767","-","CONJUNTO DE UM (1) INTERRUPTOR BIPOLAR SIMPLES, CORRENTE 10A, TENSÃO 250V, (10A-250V) E UMA (1) TOMADA PADRÃO, TRÊS (3) POLOS, CORRENTE 10A, TENSÃO 250V, (2P+T/10A-250V), COM PLACA 4\"X2\" DE DOIS (2) POSTOS, INCLUSIVE FORNECIMENTO, INSTALAÇÃO, SUPORTE, MÓDULO E PLACA","UN",37.409999999999997]
[null,"ED-15770","-","CONJUNTO DE UM (1) INTERRUPTOR BIPOLAR SIMPLES, CORRENTE 10A, TENSÃO 250V, (10A-250V) E UMA (1) TOMADA PADRÃO, TRÊS (3) POLOS, CORRENTE 20A, TENSÃO 250V, (2P+T/20A-250V), COM PLACA 4\"X2\" DE DOIS (2) POSTOS, INCLUSIVE FORNECIMENTO, INSTALAÇÃO, SUPORTE, MÓDULO E PLACA","UN",38.08]
[null,"ED-15737","-","CONJUNTO DE UM (1) INTERRUPTOR INTERMEDIÁRIO, CORRENTE 10A, TENSÃO 250V, (10A-250V), COM PLACA 4\"X2\" DE UM (1) POSTO, INCLUSIVE FORNECIMENTO, INSTALAÇÃO, SUPORTE, MÓDULO E PLACA","UN",29.21]
[null,"ED-15736","-","CONJUNTO DE UM (1) INTERRUPTOR PARALELO, CORRENTE 10A, TENSÃO 250V, (10A-250V), COM PLACA 4\"X2\" DE UM (1) POSTO, INCLUSIVE FORNECIMENTO, INSTALAÇÃO, SUPORTE, MÓDULO E PLACA","UN",18.02]
[null,"ED-15766","-","CONJUNTO DE UM (1) INTERRUPTOR PARALELO, CORRENTE 10A, TENSÃO 250V, (10A-250V) E UMA (1) TOMADA PADRÃO, TRÊS (3) POLOS, CORRENTE 10A, TENSÃO 250V, (2P+T/10A-250V), COM PLACA 4\"X2\" DE DOIS (2) POSTOS, INCLUSIVE FORNECIMENTO, INSTALAÇÃO, SUPORTE, MÓDULO E PLACA","UN",28.92]
[null,"ED-15769","-","CONJUNTO DE UM (1) INTERRUPTOR PARALELO, CORRENTE 10A, TENSÃO 250V, (10A-250V) E UMA (1) TOMADA PADRÃO, TRÊS (3) POLOS, CORRENTE 20A, TENSÃO 250V, (2P+T/20A-250V), COM PLACA 4\"X2\" DE DOIS (2) POSTOS, INCLUSIVE FORNECIMENTO, INSTALAÇÃO, SUPORTE, MÓDULO E PLACA","UN",29.59]
[null,"ED-15738","-","CONJUNTO DE UM (1) INTERRUPTOR PULSADOR (CAMPAINHA), CORRENTE 10A, TENSÃO 250V, (10A-250V), COM PLACA 4\"X2\" DE UM (1) POSTO, INCLUSIVE FORNECIMENTO, INSTALAÇÃO, SUPORTE, MÓDULO E PLACA","UN",17.62]
[null,"ED-15733","-","CONJUNTO DE UM (1) INTERRUPTOR SIMPLES, CORRENTE 10A, TENSÃO 250V, (10A-250V), COM PLACA 4\"X2\" DE UM (1) POSTO, INCLUSIVE FORNECIMENTO, INSTALAÇÃO, SUPORTE, MÓDULO E PLACA","UN",16.989999999999998]
[null,"ED-15743","-","CONJUNTO DE UM (1) INTERRUPTOR SIMPLES, CORRENTE 10A, TENSÃO 250V, (10A-250V) E UM (1) INTERRUPTOR PARALELO, CORRENTE 10A, TENSÃO 250V, (10A-250V), COM PLACA 4\"X2\" DE DOIS (2) POSTOS, INCLUSIVE FORNECIMENTO, INSTALAÇÃO, SUPORTE, MÓDULO E PLACA","UN",27.85]
[null,"ED-15765","-","CONJUNTO DE UM (1) INTERRUPTOR SIMPLES, CORRENTE 10A, TENSÃO 250V, (10A-250V) E UMA (1) TOMADA PADRÃO, TRÊS (3) POLOS, CORRENTE 10A, TENSÃO 250V, (2P+T/10A-250V), COM PLACA 4\"X2\" DE DOIS (2) POSTOS, INCLUSIVE FORNECIMENTO, INSTALAÇÃO, SUPORTE, MÓDULO E PLACA\n","UN",27.89]
[null,"ED-15768","-","CONJUNTO DE UM (1) INTERRUPTOR SIMPLES, CORRENTE 10A, TENSÃO 250V, (10A-250V) E UMA (1) TOMADA PADRÃO, TRÊS (3) POLOS, CORRENTE 20A, TENSÃO 250V, (2P+T/20A-250V), COM PLACA 4\"X2\" DE DOIS (2) POSTOS, INCLUSIVE FORNECIMENTO, INSTALAÇÃO, SUPORTE, MÓDULO E PLACA\n","UN",28.56]
[null,"ED-15778","-","CONJUNTO DE UM (1) INTERRUPTORES BIPOLAR SIMPLES, CORRENTE 10A, TENSÃO 250V, (10A-250V), UM (1) INTERRUPTOR PARALELO, CORRENTE 10A, TENSÃO 250V, (10A-250V) E UMA (1) TOMADA PADRÃO, TRÊS (3) POLOS, CORRENTE 10A, TENSÃO 250V, (2P+T/10A-250V), COM PLACA 4\"X2\" DE TRÊS (3) POSTOS, INCLUSIVE FORNECIMENTO, INSTALAÇÃO, SUPORTE, MÓDULO E PLACA\n","UN",48.13]
[null,"ED-15780","-","CONJUNTO DE UM (1) INTERRUPTORES BIPOLAR SIMPLES, CORRENTE 10A, TENSÃO 250V, (10A-250V), UM (1) INTERRUPTOR PARALELO, CORRENTE 10A, TENSÃO 250V, (10A-250V) E UMA (1) TOMADA PADRÃO, TRÊS (3) POLOS, CORRENTE 20A, TENSÃO 250V, (2P+T/20A-250V), COM PLACA 4\"X2\" DE TRÊS (3) POSTOS, INCLUSIVE FORNECIMENTO, INSTALAÇÃO, SUPORTE, MÓDULO E PLACA\n","UN",48.8]
[null,"ED-15777","-","CONJUNTO DE UM (1) INTERRUPTORES SIMPLES, CORRENTE 10A, TENSÃO 250V, (10A-250V), UM (1) INTERRUPTOR PARALELO, CORRENTE 10A, TENSÃO 250V, (10A-250V) E UMA (1) TOMADA PADRÃO, TRÊS (3) POLOS, CORRENTE 10A, TENSÃO 250V, (2P+T/10A-250V), COM PLACA 4\"X2\" DE TRÊS (3) POSTOS, INCLUSIVE FORNECIMENTO, INSTALAÇÃO, SUPORTE, MÓDULO E PLACA\n","UN",38.61]
[null,"ED-15779","-","CONJUNTO DE UM (1) INTERRUPTORES SIMPLES, CORRENTE 10A, TENSÃO 250V, (10A-250V), UM (1) INTERRUPTOR PARALELO, CORRENTE 10A, TENSÃO 250V, (10A-250V) E UMA (1) TOMADA PADRÃO, TRÊS (3) POLOS, CORRENTE 20A, TENSÃO 250V, (2P+T/20A-250V), COM PLACA 4\"X2\" DE TRÊS (3) POSTOS, INCLUSIVE FORNECIMENTO, INSTALAÇÃO, SUPORTE, MÓDULO E PLACA","UN",39.28]
[null,"ED-15763","-","CONJUNTO DE UM (1) MÓDULO COM FURO PARA SAÍDA DE FIO Ø10MM, COM PLACA 4\"X2\" DE UM (1) POSTO, INCLUSIVE FORNECIMENTO, INSTALAÇÃO, SUPORTE, MÓDULO E PLACA","UN",8.8699999999999992]
[null,"ED-15764","-","CONJUNTO DE UMA (1) PLACA CEGA 4\"X2\", INCLUSIVE FORNECIMENTO, INSTALAÇÃO, SUPORTE E PLACA","UN",7.46]
[null,"ED-15781","-","CONJUNTO DE UMA (1) PLACA CEGA 4\"X4\", INCLUSIVE FORNECIMENTO, INSTALAÇÃO, SUPORTE E PLACA","UN",11.66]
[null,"ED-15753","-","CONJUNTO DE UMA (1) TOMADA DE ANTENA (CONECTOR COAXIAL), COM PLACA 4\"X2\" DE UM (1) POSTO, INCLUSIVE FORNECIMENTO, INSTALAÇÃO, SUPORTE, MÓDULO E PLACA","UN",20.420000000000002]
[null,"ED-15752","-","CONJUNTO DE UMA (1) TOMADA DE DADOS (CONECTOR RJ45 CAT.6E), COM PLACA 4\"X2\" DE UM (1) POSTO, INCLUSIVE FORNECIMENTO, INSTALAÇÃO, SUPORTE, MÓDULO E PLACA","UN",28.66]
[null,"ED-15748","-","CONJUNTO DE UMA (1) TOMADA PADRÃO, TRÊS (3) POLOS, CORRENTE 10A, TENSÃO 250V, (2P+T/10A-250V), COM PLACA 4\"X2\" DE UM (1) POSTO, INCLUSIVE FORNECIMENTO, INSTALAÇÃO, SUPORTE, MÓDULO E PLACA","UN",18.059999999999999]
[null,"ED-15761","-","CONJUNTO DE UMA (1) TOMADA PADRÃO, TRÊS (3) POLOS, CORRENTE 10A, TENSÃO 250V, (2P+T/10A-250V) E UMA (1) TOMADA PADRÃO, TRÊS (3) POLOS, CORRENTE 20A, TENSÃO 250V, (2P+T/20A-250V), COM PLACA 4\"X2\" DE DOIS (2) POSTOS, INCLUSIVE FORNECIMENTO, INSTALAÇÃO, SUPORTE, MÓDULO E PLACA","UN",29.63]
[null,"ED-15792","-","CONJUNTO DE UMA (1) TOMADA PADRÃO, TRÊS (3) POLOS, CORRENTE 10A, TENSÃO 250V, (2P+T/10A-250V) E UMA (1) TOMADA PADRÃO, TRÊS (3) POLOS, CORRENTE 20A, TENSÃO 250V, (2P+T/20A-250V), COM PLACA 4\"X4\" DE DOIS (2) POSTOS, INCLUSIVE FORNECIMENTO, INSTALAÇÃO, SUPORTE, MÓDULO E PLACA","UN",33.1]
[null,"ED-15758","-","CONJUNTO DE UMA (1) TOMADA PADRÃO, TRÊS (3) POLOS, CORRENTE 10A, TENSÃO 250V, (2P+T/10A-250V) E UMA (1) TOMADA USB (CONECTOR USB TIPO A), CORRENTE 1A, TENSÃO 5V, (1A-5V), COM PLACA 4\"X2\" DE DOIS (2) POSTOS, INCLUSIVE FORNECIMENTO, INSTALAÇÃO, SUPORTE, MÓDULO E PLACA","UN",54.36]
[null,"ED-15796","-","CONJUNTO DE UMA (1) TOMADA PADRÃO, TRÊS (3) POLOS, CORRENTE 10A, TENSÃO 250V, (2P+T/10A-250V) E UMA (1) TOMADA USB (CONECTOR USB TIPO A), CORRENTE 1A, TENSÃO 5V, (1A-5V), COM PLACA 4\"X4\" DE DOIS (2) POSTOS, INCLUSIVE FORNECIMENTO, INSTALAÇÃO, SUPORTE, MÓDULO E PLACA","UN",57.83]
[null,"ED-15749","-","CONJUNTO DE UMA (1) TOMADA PADRÃO, TRÊS (3) POLOS, CORRENTE 20A, TENSÃO 250V, (2P+T/20A-250V), COM PLACA 4\"X2\" DE UM (1) POSTO, INCLUSIVE FORNECIMENTO, INSTALAÇÃO, SUPORTE, MÓDULO E PLACA","UN",18.73]
[null,"ED-15750","-","CONJUNTO DE UMA (1) TOMADA PADRÃO VERMELHA, USO ESPECÍFICO, TRÊS (3) POLOS, CORRENTE 20A, TENSÃO 250V, (2P+T/20A-250V), COM PLACA 4\"X2\" DE UM (1) POSTO, INCLUSIVE FORNECIMENTO, INSTALAÇÃO, SUPORTE, MÓDULO E PLACA","UN",19.04]
[null,"ED-15751","-","CONJUNTO DE UMA (1) TOMADA TELEFÔNICA (CONECTOR RJ11), COM PLACA 4\"X2\" DE UM (1) POSTO, INCLUSIVE FORNECIMENTO, INSTALAÇÃO, SUPORTE, MÓDULO E PLACA","UN",20.36]
[null,"ED-15760","-","CONJUNTO DE UMA (1) TOMADA TELEFÔNICA (CONECTOR RJ11) E UMA (1) TOMADA DE DADOS (CONECTOR RJ45 CAT.6E), COM PLACA 4\"X2\" DE DOIS (2) POSTOS, INCLUSIVE FORNECIMENTO, INSTALAÇÃO, SUPORTE, MÓDULO E PLACA","UN",45.9]
[null,"ED-15754","-","CONJUNTO DE UMA (1) TOMADA USB (CONECTOR USB TIPO A), CORRENTE 1A, TENSÃO 5V, (1A-5V), COM PLACA 4\"X2\" DE UM (1) POSTO, INCLUSIVE FORNECIMENTO, INSTALAÇÃO, SUPORTE, MÓDULO E PLACA","UN",43.46]
[null,"ED-49535","ELE-TOM-035","CONJUNTO DE 1 TOMADA + 1 INTERRUPTOR COM PLACA","CJ",28.95]
[null,"ED-49536","ELE-TOM-040","CONJUNTO DE 1 TOMADA + 1 INTERRUPTOR SEM PLACA","CJ",23.68]
[null,"ED-17985","-","CONJUNTO PARA CONDULETE DE 1\" (25MM) COM DUAS (2) TOMADA DE DADOS OU TELEFONIA (CONECTOR RJ45 CAT.6E OU RJ11) E PLACA DE DOIS (2) POSTOS, INCLUSIVE FORNECIMENTO, INSTALAÇÃO, SUPORTE, MÓDULO E PLACA, EXCLUSIVE CONDULETE","UN",43.79]
[null,"ED-17981","-","CONJUNTO PARA CONDULETE DE 1\" (25MM) COM UM (1) INTERRUPTOR PARALELO, CORRENTE 10A, TENSÃO 250V, (10A-250V) E PLACA DE UM (1) POSTO, INCLUSIVE FORNECIMENTO, INSTALAÇÃO, SUPORTE, MÓDULO E PLACA, EXCLUSIVE CONDULETE","UN",28.7]
[null,"ED-17980","-","CONJUNTO PARA CONDULETE DE 1\" (25MM) COM UM (1) INTERRUPTOR SIMPLES, CORRENTE 10A, TENSÃO 250V, (10A-250V) E PLACA DE UM (1) POSTO, INCLUSIVE FORNECIMENTO, INSTALAÇÃO, SUPORTE, MÓDULO E PLACA, EXCLUSIVE CONDULETE","UN",21.91]
[null,"ED-17983","-","CONJUNTO PARA CONDULETE DE 1\" (25MM) COM UMA (1) TOMADA DE DADOS OU TELEFONIA (CONECTOR RJ45 CAT.6E OU RJ11) E PLACA DE UM (1) POSTO, INCLUSIVE FORNECIMENTO, INSTALAÇÃO, SUPORTE, MÓDULO E PLACA, EXCLUSIVE CONDULETE","UN",28.29]
[null,"ED-17982","-","CONJUNTO PARA CONDULETE DE 1\" (25MM) COM UMA (1) TOMADA PADRÃO, TRÊS (3) POLOS, CORRENTE 10A, TENSÃO 250V, (2P+T/10A-250V) E PLACA DE UM (1) POSTO, INCLUSIVE FORNECIMENTO, INSTALAÇÃO, SUPORTE, MÓDULO E PLACA, EXCLUSIVE CONDULETE","UN",24.85]
[null,"ED-17984","-","CONJUNTO PARA CONDULETE DE 1\" (25MM) COM UMA (1) TOMADA PADRÃO, TRÊS (3) POLOS, CORRENTE 20A, TENSÃO 250V, (2P+T/20A-250V) E PLACA DE UM (1) POSTO, INCLUSIVE FORNECIMENTO, INSTALAÇÃO, SUPORTE, MÓDULO E PLACA, EXCLUSIVE CONDULETE","UN",30.3]
[null,"ED-17979","-","CONJUNTO PARA CONDULETE DE 3/4\" (20MM) COM DUAS (2) TOMADA DE DADOS OU TELEFONIA (CONECTOR RJ45 CAT.6E OU RJ11) E PLACA DE DOIS (2) POSTOS, INCLUSIVE FORNECIMENTO, INSTALAÇÃO, SUPORTE, MÓDULO E PLACA, EXCLUSIVE CONDULETE","UN",42.81]
[null,"ED-49115","ELE-CON-190","CONJUNTO PARA CONDULETE DE 3/4\" (20MM) COM UM (1) INTERRUPTOR PARALELO, CORRENTE 10A, TENSÃO 250V, (10A-250V) E PLACA DE UM (1) POSTO, INCLUSIVE FORNECIMENTO, INSTALAÇÃO, SUPORTE, MÓDULO E PLACA, EXCLUSIVE CONDULETE","UN",27.23]
[null,"ED-49114","ELE-CON-185","CONJUNTO PARA CONDULETE DE 3/4\" (20MM) COM UM (1) INTERRUPTOR SIMPLES, CORRENTE 10A, TENSÃO 250V, (10A-250V) E PLACA DE UM (1) POSTO, INCLUSIVE FORNECIMENTO, INSTALAÇÃO, SUPORTE, MÓDULO E PLACA, EXCLUSIVE CONDULETE","UN",20.440000000000001]
[null,"ED-49119","ELE-CON-210","CONJUNTO PARA CONDULETE DE 3/4\" (20MM) COM UMA (1) TOMADA DE DADOS OU TELEFONIA (CONECTOR RJ45 CAT.6E OU RJ11) E PLACA DE UM (1) POSTO, INCLUSIVE FORNECIMENTO, INSTALAÇÃO, SUPORTE, MÓDULO E PLACA, EXCLUSIVE CONDULETE","UN",26.3]
[null,"ED-49116","ELE-CON-195","CONJUNTO PARA CONDULETE DE 3/4\" (20MM) COM UMA (1) TOMADA PADRÃO, TRÊS (3) POLOS, CORRENTE 10A, TENSÃO 250V, (2P+T/10A-250V) E PLACA DE UM (1) POSTO, INCLUSIVE FORNECIMENTO, INSTALAÇÃO, SUPORTE, MÓDULO E PLACA, EXCLUSIVE CONDULETE","UN",23.3]
[null,"ED-17978","-","CONJUNTO PARA CONDULETE DE 3/4\" (20MM) COM UMA (1) TOMADA PADRÃO, TRÊS (3) POLOS, CORRENTE 20A, TENSÃO 250V, (2P+T/20A-250V) E PLACA DE UM (1) POSTO, INCLUSIVE FORNECIMENTO, INSTALAÇÃO, SUPORTE, MÓDULO E PLACA, EXCLUSIVE CONDULETE","UN",28.75]
[null,"ED-49355","ELE-INT-060","CONJUNTO 1 INTERRUPTOR PARALELO + 1 TOMADA 2P, UNIVERSAL, SEM PLACAS","CJ",34.31]
[null,"ED-49360","ELE-INT-085","CONJUNTO 1 INTERRUPTOR SIMPLES + 1 INTERRUPTOR PARALELO + 1TOMADA 2P, UNIVERSAL, RETANGULAR, SEM PLACA","CJ",31.76]
[null,"ED-49352","ELE-INT-030","CONJUNTO 1 INTERRUPTOR SIMPLES + 1 INTERRUPTOR PARALELO, COM PLACA","CJ",26.31]
[null,"ED-49357","ELE-INT-070","CONJUNTO 1 INTERRUPTOR SIMPLES + 2 INTERRUPTORES PARALELOS SEM PLACA","CJ",36.79]
[null,"ED-49361","ELE-INT-090","CONJUNTO 2 INTERRUPTORES PARALELOS + 1TOMADA 2P, UNIVERSAL, RETANGULAR, SEM PLACA","CJ",36.33]
[null,"ED-49353","ELE-INT-035","CONJUNTO 2 INTERRUPTORES PARALELOS COM PLACA","CJ",26.85]
[null,"ED-49356","ELE-INT-065","CONJUNTO 2 INTERRUPTORES SIMPLES + 1 INTERRUPTOR PARALELO, COM PLACAS","CJ",40.049999999999997]
[null,"ED-49359","ELE-INT-080","CONJUNTO 2 INTERRUPTORES SIMPLES + 1 TOMADA 2P UNIVERSAL RETANGULAR SEM PLACA","CJ",28.25]
[null,"ED-49351","ELE-INT-026","CONJUNTO 2 INTERRUPTORES SIMPLES COM PLACA","CJ",21.75]
[null,"ED-49350","ELE-INT-025","CONJUNTO 2 INTERRUPTORES SIMPLES SEM PLACA","CJ",21.35]
[null,"ED-49354","ELE-INT-040","CONJUNTO 2 TOMADAS RETANGULARES 2P UNIVERSAL SEM PLACAS","CJ",26.17]
[null,"ED-49358","ELE-INT-075","CONJUNTO 3 INTERRUPTORES PARALELOS, COM,PLACA","CJ",41.12]
[null,"ED-49363","ELE-INT-100","INTERRUPTOR , DUAS TECLAS PARALELO 10 A - 250 V","UN",29.59]
[null,"ED-49366","ELE-INT-115","INTERRUPTOR , DUAS TECLAS SIMPLES E UMA TECLA PARALELO 10 A - 250 V","UN",35.5]
[null,"ED-49362","ELE-INT-095","INTERRUPTOR , DUAS TECLAS SIMPLES 10 A - 250 V","UN",20.89]
[null,"ED-49367","ELE-INT-120","INTERRUPTOR , TRÊS TECLAS PARALELO 10 A - 250 V","UN",44.93]
[null,"ED-49368","ELE-INT-125","INTERRUPTOR , TRÊS TECLAS SIMPLES 10 A - 250 V","UN",30.32]
[null,"ED-49348","ELE-INT-021","INTERRUPTOR , UMA TECLA BIPOLAR PARALELA 20 A - 250 V","UN",37.4]
[null,"ED-49349","ELE-INT-022","INTERRUPTOR , UMA TECLA DUPLA BIPOLAR SIMPLES 10 A - 250 V","UN",28.1]
[null,"ED-49364","ELE-INT-105","INTERRUPTOR , UMA TECLA SIMPLES E DUAS TECLAS PARALELO 10 A - 250 V","UN",39.99]
[null,"ED-49365","ELE-INT-110","INTERRUPTOR , UMA TECLA SIMPLES E UMA TECLA PARALELO 10 A - 250 V","UN",25.08]
[null,"ED-49347","ELE-INT-020","INTERRUPTOR, BIPOLAR SIMPLES 10 A - 250 V, COM PLACA","UN",31.77]
[null,"ED-49345","ELE-INT-010","INTERRUPTOR, UMA TECLA PARALELO 10 A - 250 V, SEM PLACA","UN",13.99]
[null,"ED-49346","ELE-INT-015","INTERRUPTOR UMA TECLA SIMPLES 10 A - 250 V, COM PLACA","UN",13.14]
[null,"ED-49344","ELE-INT-005","INTERRUPTOR, UMA TECLA SIMPLES 10 A - 250 V, SEM PLACA","UN",9.75]
[null,"ED-5633","-","MÓDULO CEGO, INCLUSIVE FORNECIMENTO E INSTALAÇÃO, EXCLUSIVE PLACA E SUPORTE","UN",1.21]
[null,"ED-5634","-","MÓDULO COM FURO PARA SAÍDA DE FIO Ø 10MM, INCLUSIVE FORNECIMENTO E INSTALAÇÃO, EXCLUSIVE PLACA E SUPORTE","UN",1.26]
[null,"ED-15726","-","MÓDULO INTERRUPTOR BIPOLAR SIMPLES, CORRENTE 10A, TENSÃO 250V, (10A-250V), INCLUSIVE FORNECIMENTO E INSTALAÇÃO, EXCLUSIVE PLACA E SUPORTE","UN",18.899999999999999]
[null,"ED-15712","-","MÓDULO INTERRUPTOR INTERMEDIÁRIO, CORRENTE 10A, TENSÃO 250V, (10A-250V), INCLUSIVE FORNECIMENTO E INSTALAÇÃO, EXCLUSIVE PLACA E SUPORTE","UN",21.6]
[null,"ED-5616","-","MÓDULO INTERRUPTOR PARALELO, CORRENTE 10A, TENSÃO 250V, (10A-250V), INCLUSIVE FORNECIMENTO E INSTALAÇÃO, EXCLUSIVE PLACA E SUPORTE","UN",10.41]
[null,"ED-5615","-","MÓDULO INTERRUPTOR SIMPLES, CORRENTE 10A, TENSÃO 250V, (10A-250V), INCLUSIVE FORNECIMENTO E INSTALAÇÃO, EXCLUSIVE PLACA E SUPORTE","UN",9.3800000000000008]
[null,"ED-5632","-","MÓDULO PARA ANTENA (CONECTOR COAXIAL) PARA CABO COAXIAL DE 75 OHMS, INCLUSIVE FORNECIMENTO E INSTALAÇÃO, EXCLUSIVE PLACA E SUPORTE","UN",12.81]
[null,"ED-5630","-","MÓDULO PARA REDE (CONECTOR RJ45 CAT.5E), INCLUSIVE FORNECIMENTO E INSTALAÇÃO, EXCLUSIVE PLACA E SUPORTE","UN",20.81]
[null,"ED-5631","-","MÓDULO PARA REDE (CONECTOR RJ45 CAT.6E), INCLUSIVE FORNECIMENTO E INSTALAÇÃO, EXCLUSIVE PLACA E SUPORTE","UN",21.05]
[null,"ED-5629","-","MÓDULO PARA TELEFONE (CONECTOR RJ11), INCLUSIVE FORNECIMENTO E INSTALAÇÃO, EXCLUSIVE PLACA E SUPORTE","UN",12.75]
[null,"ED-5617","-","MÓDULO PULSADOR CAMPAINHA, CORRENTE 10A, TENSÃO 250V, (10A-250V), INCLUSIVE FORNECIMENTO E INSTALAÇÃO, EXCLUSIVE PLACA E SUPORTE","UN",10.01]
[null,"ED-5626","-","MÓDULO TOMADA PADRÃO, TRÊS (3) POLOS, CORRENTE 10A, TENSÃO 250V, (2P+T/10A-250V), INCLUSIVE FORNECIMENTO E INSTALAÇÃO, EXCLUSIVE PLACA E SUPORTE","UN",10.45]
[null,"ED-5627","-","MÓDULO TOMADA PADRÃO, TRÊS (3) POLOS, CORRENTE 20A, TENSÃO 250V, (2P+T/20A-250V), INCLUSIVE FORNECIMENTO E INSTALAÇÃO, EXCLUSIVE PLACA E SUPORTE","UN",11.12]
[null,"ED-15727","-","MÓDULO TOMADA PADRÃO VERMELHA, USO ESPECÍFICO, TRÊS (3) POLOS, CORRENTE 20A, TENSÃO 250V, (2P+T/20A-250V), INCLUSIVE FORNECIMENTO E INSTALAÇÃO, EXCLUSIVE PLACA E SUPORTE","UN",11.43]
[null,"ED-5628","-","MÓDULO TOMADA USB (CONECTOR USB TIPO A), CORRENTE 1A, TENSÃO 5V, (1A-5V), INCLUSIVE FORNECIMENTO E INSTALAÇÃO, EXCLUSIVE PLACA E SUPORTE\n","UN",35.85]
[null,"ED-49486","ELE-PLA-020","PLACA CEGA PARA CAIXA , 2\" X 4\"","UN",5.34]
[null,"ED-49487","ELE-PLA-025","PLACA CEGA PARA CAIXA , 4\" X 4\"","UN",10.11]
[null,"ED-49484","ELE-PLA-010","PLACA (ESPELHO) PARA CAIXA , 2\" X 4\"","UN",3.39]
[null,"ED-49483","ELE-PLA-005","PLACA (ESPELHO) PARA CAIXA , 3\" X 3\"","UN",4.9800000000000004]
[null,"ED-49485","ELE-PLA-015","PLACA (ESPELHO) PARA CAIXA , 4\" X 4\"","UN",5.85]
[null,"ED-49495","ELE-PLA-065","PLACA PARA CAIXA 2\" X 4\", COM FURO CENTRAL","UN",3.3]
[null,"ED-49488","ELE-PLA-030","PLACA PARA CAIXA 2\" X 4\" PARA SAÍDA DE FIO","UN",8.2799999999999994]
[null,"ED-49490","ELE-PLA-040","PLACA PARA CAIXA 2\" X 4\", 1 POSTO","UN",3.32]
[null,"ED-49494","ELE-PLA-060","PLACA PARA CAIXA 2\" X 4\", 3 POSTOS","UN",3.3]
[null,"ED-49491","ELE-PLA-045","PLACA PARA CAIXA 4\" X 4\", 1 + 1 POSTO","UN",6.23]
[null,"ED-49493","ELE-PLA-055","PLACA PARA CAIXA 4\" X 4\", 2 + 2 POSTOS REDONDOS","UN",6.23]
[null,"ED-49489","ELE-PLA-035","PLACA PARA CAIXA 4\" X 4\", 2 POSTOS REDONDOS","UN",5.27]
[null,"ED-49492","ELE-PLA-050","PLACA PARA CAIXA 4\" X 4\", 2 POSTOS SEPARADOS","UN",6.23]
[null,"ED-5618","-","PLACA 4\"X2\" CEGA, INCLUSIVE FORNECIMENTO E INSTALAÇÃO, EXCLUSIVE SUPORTE","UN",3.44]
[null,"ED-5621","-","PLACA 4\"X2\" PARA DOIS (2) MÓDULOS, INCLUSIVE FORNECIMENTO E INSTALAÇÃO, EXCLUSIVE SUPORTE E MÓDULO","UN",4.04]
[null,"ED-5622","-","PLACA 4\"X2\" PARA TRÊS (3) MÓDULOS, INCLUSIVE FORNECIMENTO E INSTALAÇÃO, EXCLUSIVE SUPORTE E MÓDULO","UN",4.3499999999999996]
[null,"ED-5620","-","PLACA 4\"X2\" PARA UM (1) MÓDULO, INCLUSIVE FORNECIMENTO E INSTALAÇÃO, EXCLUSIVE SUPORTE E MÓDULO","UN",3.59]
[null,"ED-5619","-","PLACA 4\"X4\" CEGA, INCLUSIVE FORNECIMENTO E INSTALAÇÃO, EXCLUSIVE SUPORTE","UN",5.47]
[null,"ED-5623","-","PLACA 4\"X4\" PARA DOIS (2) MÓDULOS, INCLUSIVE FORNECIMENTO E INSTALAÇÃO, EXCLUSIVE SUPORTE E MÓDULO","UN",5.34]
[null,"ED-5624","-","PLACA 4\"X4\" PARA QUATRO (4) MÓDULOS, INCLUSIVE FORNECIMENTO E INSTALAÇÃO, EXCLUSIVE SUPORTE E MÓDULO","UN",5.47]
[null,"ED-5625","-","PLACA 4\"X4\" PARA SEIS (6) MÓDULOS, INCLUSIVE FORNECIMENTO E INSTALAÇÃO, EXCLUSIVE SUPORTE E MÓDULO","UN",5.71]
[null,"ED-5614","-","SUPORTE PARA PLACA 4\"X2\" PARA TRÊS (3) MÓDULOS, INCLUSIVE PARAFUSOS PARA FIXAÇÃO, FORNECIMENTO E INSTALAÇÃO, EXCLUSIVE PLACA E MÓDULO","UN",4.0199999999999996]
[null,"ED-5613","-","SUPORTE PARA PLACA 4\"X4\" PARA SEIS (6) MÓDULOS, INCLUSIVE PARAFUSOS PARA FIXAÇÃO, FORNECIMENTO E INSTALAÇÃO, EXCLUSIVE PLACA E MÓDULO","UN",6.19]
[null,"ED-49533","ELE-TOM-025","TOMADA DUPLA - 2P + T - 20A COM PLACA","CJ",23.25]
[null,"ED-49534","ELE-TOM-030","TOMADA DUPLA - 2P + T - 20A SEM PLACA","CJ",22.45]
[null,"ED-49537","ELE-TOM-045","TOMADA PARA PINO JACK 1/4, SOM E TV COM PLACA 4\" X 2\"","UN",24.66]
[null,"ED-49538","ELE-TOM-050","TOMADA PARA TELEFONE, PADRÃO TELEBRÁS 4P SEM PLACA","UN",25.91]
[null,"ED-49529","ELE-TOM-005","TOMADA SIMPLES - 2P + T - 10A COM PLACA","UN",22.62]
[null,"ED-49530","ELE-TOM-010","TOMADA SIMPLES - 2P + T - 10A SEM PLACA","UN",18.61]
[null,"ED-49531","ELE-TOM-015","TOMADA SIMPLES - 2P + T - 20A COM PLACA","UN",22.62]
[null,"ED-49532","ELE-TOM-020","TOMADA SIMPLES - 2P + T - 20A SEM PLACA","UN",18.63]
[null,"8412","-","LÂMPADAS"]
[null,"ED-49371","ELE-LAM-025","LÂMPADA COMPACTADA ELETRÔNICA FLUORESCENTE, BASE E27, POTÊNCIA 11W, TENSÃO 110-127V, FORNECIMENTO E INSTALAÇÃO, EXCLUSIVE LUMINÁRIA","UN",10.63]
[null,"ED-49372","ELE-LAM-030","LÂMPADA COMPACTADA ELETRÔNICA FLUORESCENTE, BASE E27, POTÊNCIA 15W, TENSÃO 110-127V, FORNECIMENTO E INSTALAÇÃO, EXCLUSIVE LUMINÁRIA","UN",11]
[null,"ED-49373","ELE-LAM-035","LÂMPADA COMPACTADA ELETRÔNICA FLUORESCENTE, BASE E27, POTÊNCIA 20W, TENSÃO 110-127V, FORNECIMENTO E INSTALAÇÃO, EXCLUSIVE LUMINÁRIA","UN",12.65]
[null,"ED-49374","ELE-LAM-040","LÂMPADA COMPACTADA ELETRÔNICA FLUORESCENTE, BASE E27, POTÊNCIA 23W, TENSÃO 110-127V, FORNECIMENTO E INSTALAÇÃO, EXCLUSIVE LUMINÁRIA","UN",12.93]
[null,"ED-49370","ELE-LAM-020","LÂMPADA COMPACTADA ELETRÔNICA FLUORESCENTE, BASE E27, POTÊNCIA 9W, TENSÃO 110-127V, FORNECIMENTO E INSTALAÇÃO, EXCLUSIVE LUMINÁRIA","UN",10.71]
[null,"ED-13343","-","LÂMPADA LED, BASE E27, POTÊNCIA 15W, BULBO A65, TEMPERATURA DA COR 6500K, TENSÃO 110-127V, FORNECIMENTO E INSTALAÇÃO, EXCLUSIVE LUMINÁRIA","UN",16.690000000000001]
[null,"ED-13344","-","LÂMPADA LED, BASE E27, POTÊNCIA 20W, BULBO A70, TEMPERATURA DA COR 6500K, TENSÃO 110-127V, FORNECIMENTO E INSTALAÇÃO, EXCLUSIVE LUMINÁRIA","UN",30.01]
[null,"ED-13342","-","LÂMPADA LED, BASE E27, POTÊNCIA 9W, BULBO A60, TEMPERATURA DA COR 6500K, TENSÃO 110-127V, FORNECIMENTO E INSTALAÇÃO, EXCLUSIVE LUMINÁRIA","UN",11.91]
[null,"ED-49379","ELE-LAM-057","LÂMPADA MISTA DE 160W/220V","UN",22.06]
[null,"ED-49375","ELE-LAM-045","LÂMPADA TUBULAR FLUORESCENTE, BASE G13, POTÊNCIA 16W, FORNECIMENTO E INSTALAÇÃO, EXCLUSIVE REATOR E LUMINÁRIA","UN",10.210000000000001]
[null,"ED-49377","ELE-LAM-055","LÂMPADA TUBULAR FLUORESCENTE, BASE G13, POTÊNCIA 20W, FORNECIMENTO E INSTALAÇÃO, EXCLUSIVE REATOR E LUMINÁRIA\n","UN",10.34]
[null,"ED-49376","ELE-LAM-050","LÂMPADA TUBULAR FLUORESCENTE, BASE G13, POTÊNCIA 32W, FORNECIMENTO E INSTALAÇÃO, EXCLUSIVE REATOR E LUMINÁRIA","UN",10.54]
[null,"ED-49378","ELE-LAM-056","LÂMPADA TUBULAR FLUORESCENTE, BASE G13, POTÊNCIA 40W, FORNECIMENTO E INSTALAÇÃO, EXCLUSIVE REATOR E LUMINÁRIA","UN",10.34]
[null,"ED-9973","-","LÂMPADA TUBULAR LED, BASE G13, POTÊNCIA 18W, DIÂMETRO 26MM/T8, TEMPERATURA DA COR 6500K, FORNECIMENTO E INSTALAÇÃO, EXCLUSIVE LUMINÁRIA","UN",38.549999999999997]
[null,"ED-9974","-","LÂMPADA TUBULAR LED, BASE G13, POTÊNCIA 40W, DIÂMETRO 26MM/T8, TEMPERATURA DA COR 6500K, FORNECIMENTO E INSTALAÇÃO, EXCLUSIVE LUMINÁRIA","UN",64.540000000000006]
[null,"ED-9972","-","LÂMPADA TUBULAR LED, BASE G13, POTÊNCIA 9W, DIÂMETRO 26MM/T8, TEMPERATURA DA COR 6500K, FORNECIMENTO E INSTALAÇÃO, EXCLUSIVE LUMINÁRIA","UN",26.15]
[null,"ED-49380","ELE-LAM-060","RECEPTÁCULO DE PORCELANA PARA LÂMPADA COM ROSCA E-27, FORNECIMENTO E INSTALAÇÃO","UN",7.48]
[null,"8413","-","LUMINÁRIAS"]
[null,"ED-13345","-","LUMINÁRIA ARANDELA TIPO MEIA-LUA COMPLETA, DIÂMETRO 25 CM, PARA UMA (1) LÂMPADA LED, POTÊNCIA 15W, BULBO A65, FORNECIMENTO E INSTALAÇÃO, INCLUSIVE BASE E LÂMPADA","UN",57.12]
[null,"ED-13346","-","LUMINÁRIA ARANDELA TIPO MEIA-LUA COMPLETA, DIÂMETRO 25 CM, PARA UMA (1) LÂMPADA LED, POTÊNCIA 20W, BULBO A70, FORNECIMENTO E INSTALAÇÃO, INCLUSIVE BASE E LÂMPADA","UN",70.44]
[null,"ED-9955","-","LUMINÁRIA ARANDELA TIPO MEIA-LUA COMPLETA, DIÂMETRO 25 CM, PARA UMA (1) LÂMPADA LED, POTÊNCIA 9W, BULBO A60, FORNECIMENTO E INSTALAÇÃO, INCLUSIVE BASE E LÂMPADA","UN",52.34]
[null,"ED-9954","-","LUMINÁRIA ARANDELA TIPO MEIA-LUA, DIÂMETRO 25 CM, PARA UMA (1) LÂMPADA BASE E-27, FORNECIMENTO E INSTALAÇÃO, INCLUSIVE BASE, EXCLUSIVE LÂMPADA","UN",40.43]
[null,"ED-49405","ELE-LUM-053","LUMINÁRIA ARANDELA TIPO TARTARUGA BLINDADA COMPLETA, PARA UMA (1) LÂMPADA FLUORESCENTE COMPACTA 20W, FORNECIMENTO E INSTALAÇÃO, INCLUSIVE BASE E LÂMPADA","UN",77.19]
[null,"ED-49404","ELE-LUM-052","LUMINÁRIA ARANDELA TIPO TARTARUGA BLINDADA, PARA UMA (1) LÂMPADA BASE E-27, POTÊNCIA MÁXIMA 60W, FORNECIMENTO E INSTALAÇÃO, EXCLUSIVE BASE E LÂMPADA","UN",57.06]
[null,"ED-49403","ELE-LUM-051","LUMINÁRIA ARANDELA TIPO TARTARUGA COMPLETA, PARA UMA (1) LÂMPADA FLUORESCENTE COMPACTA 20W, FORNECIMENTO E INSTALAÇÃO, INCLUSIVE BASE E LÂMPADA","UN",53.33]
[null,"ED-49402","ELE-LUM-050","LUMINÁRIA ARANDELA TIPO TARTARUGA, PARA UMA (1) LÂMPADA BASE E-27, POTÊNCIA MÁXIMA 60W, FORNECIMENTO E INSTALAÇÃO, EXCLUSIVE BASE E LÂMPADA","UN",33.200000000000003]
[null,"ED-49387","ELE-LUM-011","LUMINÁRIA COMERCIAL CHANFRADA DE SOBREPOR COMPLETA, PARA DUAS (2) LÂMPADAS TUBULARES FLUORESCENTE 2X16W-ØT8, FORNECIMENTO E INSTALAÇÃO, INCLUSIVE BASE, REATOR E LÂMPADAS","UN",127.15]
[null,"ED-49393","ELE-LUM-026","LUMINÁRIA COMERCIAL CHANFRADA DE SOBREPOR COMPLETA, PARA DUAS (2) LÂMPADAS TUBULARES FLUORESCENTE 2X32W-ØT8, FORNECIMENTO E INSTALAÇÃO, INCLUSIVE BASE, REATOR E LÂMPADAS","UN",142.62]
[null,"ED-13338","-","LUMINÁRIA COMERCIAL CHANFRADA DE SOBREPOR COMPLETA, PARA DUAS (2) LÂMPADAS TUBULARES LED 2X18W-ØT8, TEMPERATURA DA COR 6500K, FORNECIMENTO E INSTALAÇÃO, INCLUSIVE BASE E LÂMPADAS","UN",163.07]
[null,"ED-13337","-","LUMINÁRIA COMERCIAL CHANFRADA DE SOBREPOR COMPLETA, PARA DUAS (2) LÂMPADAS TUBULARES LED 2X9W-ØT8, TEMPERATURA DA COR 6500K, FORNECIMENTO E INSTALAÇÃO, INCLUSIVE BASE E LÂMPADAS","UN",130.19]
[null,"ED-49389","ELE-LUM-016","LUMINÁRIA COMERCIAL CHANFRADA DE SOBREPOR COMPLETA, PARA QUATRO (4) LÂMPADAS TUBULARES FLUORESCENTE 4X16W-ØT8, FORNECIMENTO E INSTALAÇÃO, INCLUSIVE BASE, REATOR E LÂMPADAS","UN",221.45]
[null,"ED-49395","ELE-LUM-031","LUMINÁRIA COMERCIAL CHANFRADA DE SOBREPOR COMPLETA, PARA QUATRO (4) LÂMPADAS TUBULARES FLUORESCENTE 4X32W-ØT8, FORNECIMENTO E INSTALAÇÃO, INCLUSIVE BASE, REATOR E LÂMPADAS","UN",249.71]
[null,"ED-13340","-","LUMINÁRIA COMERCIAL CHANFRADA DE SOBREPOR COMPLETA, PARA QUATRO (4) LÂMPADAS TUBULARES LED 4X18W-ØT8, TEMPERATURA DA COR 6500K, FORNECIMENTO E INSTALAÇÃO, INCLUSIVE BASE E LÂMPADA","UN",290.61]
[null,"ED-13339","-","LUMINÁRIA COMERCIAL CHANFRADA DE SOBREPOR COMPLETA, PARA QUATRO (4) LÂMPADAS TUBULARES LED 4X9W-ØT8, TEMPERATURA DA COR 6500K, FORNECIMENTO E INSTALAÇÃO, INCLUSIVE BASE E LÂMPADAS","UN",227.53]
[null,"ED-49385","ELE-LUM-006","LUMINÁRIA COMERCIAL CHANFRADA DE SOBREPOR COMPLETA, PARA UMA (1) LÂMPADA TUBULAR FLUORESCENTE 1X16W-ØT8, FORNECIMENTO E INSTALAÇÃO, INCLUSIVE BASE, REATOR E LÂMPADA","UN",98.11]
[null,"ED-49391","ELE-LUM-021","LUMINÁRIA COMERCIAL CHANFRADA DE SOBREPOR COMPLETA, PARA UMA (1) LÂMPADA TUBULAR FLUORESCENTE 1X32W-ØT8, FORNECIMENTO E INSTALAÇÃO, INCLUSIVE BASE, REATOR E LÂMPADA","UN",114.95]
[null,"ED-13336","-","LUMINÁRIA COMERCIAL CHANFRADA DE SOBREPOR COMPLETA, PARA UMA (1) LÂMPADA TUBULAR LED 1X18W-ØT8, TEMPERATURA DA COR 6500K, FORNECIMENTO E INSTALAÇÃO, INCLUSIVE BASE E LÂMPADA","UN",103.13]
[null,"ED-13335","-","LUMINÁRIA COMERCIAL CHANFRADA DE SOBREPOR COMPLETA, PARA UMA (1) LÂMPADA TUBULAR LED 1X9W-ØT8, TEMPERATURA DA COR 6500K, FORNECIMENTO E INSTALAÇÃO, INCLUSIVE BASE E LÂMPADA","UN",86.82]
[null,"ED-49386","ELE-LUM-010","LUMINÁRIA COMERCIAL CHANFRADA DE SOBREPOR, PARA DUAS (2) LÂMPADAS TUBULARES FLUORESCENTE 2X16W-ØT8 OU 2X20W-ØT10 OU LED 2X9W-ØT8, FORNECIMENTO E INSTALAÇÃO, EXCLUSIVE BASE, REATOR E LÂMPADAS","UN",47.95]
[null,"ED-49392","ELE-LUM-025","LUMINÁRIA COMERCIAL CHANFRADA DE SOBREPOR, PARA DUAS (2) LÂMPADAS TUBULARES FLUORESCENTE 2X32W-ØT8 OU 2X40W-ØT10 OU LED 2X18W-ØT8, FORNECIMENTO E INSTALAÇÃO, EXCLUSIVE BASE, REATOR E LÂMPADAS","UN",56.03]
[null,"ED-49388","ELE-LUM-015","LUMINÁRIA COMERCIAL CHANFRADA DE SOBREPOR, PARA QUATRO (4) LÂMPADAS TUBULARES FLUORESCENTE 4X16W-ØT8 OU 4X20W-ØT10 OU LED 4X9W-ØT8, FORNECIMENTO E INSTALAÇÃO, EXCLUSIVE BASE, REATOR E LÂMPADAS","UN",63.05]
[null,"ED-49394","ELE-LUM-030","LUMINÁRIA COMERCIAL CHANFRADA DE SOBREPOR, PARA QUATRO (4) LÂMPADAS TUBULARES FLUORESCENTE 4X32W-ØT8 OU 4X40W-ØT10 OU LED 4X18W-ØT8, FORNECIMENTO E INSTALAÇÃO, EXCLUSIVE BASE, REATOR E LÂMPADAS","UN",76.53]
[null,"ED-49384","ELE-LUM-005","LUMINÁRIA COMERCIAL CHANFRADA DE SOBREPOR, PARA UMA (1) LÂMPADA TUBULAR FLUORESCENTE 1X16W-ØT8 OU 1X20W-ØT10 OU LED 1X9W-ØT8, FORNECIMENTO E INSTALAÇÃO, EXCLUSIVE BASE, REATOR E LÂMPADA","UN",45.7]
[null,"ED-49390","ELE-LUM-020","LUMINÁRIA COMERCIAL CHANFRADA DE SOBREPOR, PARA UMA (1) LÂMPADA TUBULAR FLUORESCENTE 1X32W-ØT8 OU 1X40W-ØT10 OU LED 1X18W-ØT8, FORNECIMENTO E INSTALAÇÃO, EXCLUSIVE BASE, REATOR E LÂMPADA","UN",49.61]
[null,"ED-13357","-","LUMINÁRIA PLAFON REDONDO DE VIDRO JATEADO REDONDO COMPLETA, DIÂMETRO 25 CM, PARA UMA (1) LÂMPADA LED, POTÊNCIA 15W, BULBO A65, FORNECIMENTO E INSTALAÇÃO, INCLUSIVE BASE E LÂMPADA","UN",51.02]
[null,"ED-13356","-","LUMINÁRIA PLAFON REDONDO DE VIDRO JATEADO REDONDO COMPLETA, DIÂMETRO 25 CM, PARA UMA (1) LÂMPADA LED, POTÊNCIA 9W, BULBO A60, FORNECIMENTO E INSTALAÇÃO, INCLUSIVE BASE E LÂMPADA","UN",46.24]
[null,"ED-13355","-","LUMINÁRIA PLAFON REDONDO DE VIDRO JATEADO REDONDO, DIÂMETRO 25 CM, PARA UMA (1) LÂMPADA BASE E-27, FORNECIMENTO E INSTALAÇÃO, INCLUSIVE BASE, EXCLUSIVE LÂMPADA","UN",34.33]
[null,"ED-49408","ELE-LUM-065","LUMINÁRIA REFLETORA PARA ILUMINAÇÃO PÚBLICA COM LÂMPADA VAPOR DE MERCÚRIO, 2 REFLETORES DE 250W EM POSTE DE CONCRETO COM 9 M DE ALTURA (COMPLETA)","UN",1666.48]
[null,"ED-49410","ELE-LUM-075","LUMINÁRIA REFLETORA PARA ILUMINAÇÃO PÚBLICA COM LÂMPADA VAPOR DE MERCÚRIO, 3 REFLETORES DE 400W EM POSTE DE CONCRETO COM 11 M DE ALTURA (COMPLETA)","UN",2516.64]
[null,"ED-49409","ELE-LUM-070","LUMINÁRIA REFLETORA PARA ILUMINAÇÃO PÚBLICA COM LÂMPADA VAPOR DE MERCÚRIO, 6 REFLETORES DE 400W EM POSTE DE CONCRETO COM 9 M DE ALTURA (COMPLETA)","UN",1693.1]
[null,"ED-49406","ELE-LUM-055","LUMINÁRIA REFLETORA PARA ILUMINAÇÃO PÚBLICA PARA LÂMPADA VAPOR DE MERCÚRIO, SÓDIO E METÁLICA, 1 PÉTALA, POSTE DE AÇO GALVANIZADO COM 10 M DE ALTURA LIVRE (COMPLETA)","UN",2083.42]
[null,"ED-49407","ELE-LUM-060","LUMINÁRIA REFLETORA PARA ILUMINAÇÃO PÚBLICA PARA LÂMPADA VAPOR DE MERCÚRIO, SÓDIO E METÁLICA, 2 PÉTALAS, POSTE DE AÇO GALVANIZADO COM 10 M DE ALTURA LIVRE (COMPLETA)","UN",2525.5500000000002]
[null,"ED-49401","ELE-LUM-046","LUMINÁRIA TIPO DROPS COM BASE SUPORTE GALVANIZADA E GLOBO LEITOSO COMPLETA, PARA UMA (1) LÂMPADA FLUORESCENTE COMPACTA DE 20W, FORNECIMENTO E INSTALAÇÃO, INCLUSIVE BASE E LÂMPADA","UN",67.510000000000005]
[null,"ED-13354","-","LUMINÁRIA TIPO DROPS COM BASE SUPORTE GALVANIZADA E GLOBO LEITOSO COMPLETA, PARA UMA (1) LÂMPADA LED, POTÊNCIA 15W, BULBO A65, FORNECIMENTO E INSTALAÇÃO, INCLUSIVE BASE E LÂMPADA","UN",71.55]
[null,"ED-13353","-","LUMINÁRIA TIPO DROPS COM BASE SUPORTE GALVANIZADA E GLOBO LEITOSO COMPLETA, PARA UMA (1) LÂMPADA LED, POTÊNCIA 9W, BULBO A60, FORNECIMENTO E INSTALAÇÃO, INCLUSIVE BASE E LÂMPADA","UN",66.77]
[null,"ED-49400","ELE-LUM-045","LUMINÁRIA TIPO DROPS COM BASE SUPORTE GALVANIZADA E GLOBO LEITOSO, PARA UMA (1) LÂMPADA BASE E-27, FORNECIMENTO E INSTALAÇÃO, EXCLUSIVE BASE E LÂMPADA","UN",47.38]
[null,"ED-49496","ELE-PRO-005","PROJETOR EXTERNO PARA LÂMPADA A VAPOR DE MERCÚRIO , DE IODETO METÁLICO OU DE SÓDIO, COM ÂNGULO REGULÁVEL, COM ALOJAMENTO PARA REATOR, COMPLETO","UN",424.27]
[null,"8414","-","MANGUEIRA FLEXÍVEL CORRUGADA"]
[null,"ED-17950","-","ELETRODUTO FLEXÍVEL CORRUGADO, PVC, ANTI-CHAMA, DN 16MM, APLICADO EM ALVENARIA, EXCLUSIVE RASGO\n","M",3.31]
[null,"ED-17951","-","ELETRODUTO FLEXÍVEL CORRUGADO, PVC, ANTI-CHAMA, DN 20MM (1/2\"), APLICADO EM ALVENARIA, EXCLUSIVE RASGO","M",3.53]
[null,"ED-17952","-","ELETRODUTO FLEXÍVEL CORRUGADO, PVC, ANTI-CHAMA, DN 25MM (3/4\"), APLICADO EM ALVENARIA, EXCLUSIVE RASGO","M",3.98]
[null,"ED-17953","-","ELETRODUTO FLEXÍVEL CORRUGADO, PVC, ANTI-CHAMA, DN 32MM (1\"), APLICADO EM ALVENARIA, EXCLUSIVE RASGO","M",4.8600000000000003]
[null,"ED-49415","ELE-MAN-025","ELETRODUTO FLEXÍVEL CORRUGADO, PVC, ANTI-CHAMA, DN 32MM (1\"), APLICADO EM ALVENARIA, INCLUSIVE RASGO","M",8.74]
[null,"8415","-","PADRÃO DE ENTRADA DE ENERGIA - PADRÃO CEMIG"]
[null,"ED-49419","ELE-PAD-005","PADRÃO CEMIG AÉREO TIPO D1, DEMANDA ATÉ 15 KA,TRIFÁSICO","UN",1128.3900000000001]
[null,"ED-49420","ELE-PAD-010","PADRÃO CEMIG AÉREO TIPO D2 ,15, 1 <= DEMANDA <= 23 KVA, TRIFÁSICO","UN",1457.4]
[null,"ED-49421","ELE-PAD-015","PADRÃO CEMIG AÉREO TIPO D3, 23, 1 <= DEMANDA <= 27 KVA, TRIFÁSICO","UN",1549.28]
[null,"ED-49422","ELE-PAD-020","PADRÃO CEMIG AÉREO TIPO D4, 27,1 <= DEMANDA <= 38 KVA, TRIFÁSICO","UN",1942.72]
[null,"ED-49423","ELE-PAD-025","PADRÃO CEMIG AÉREO TIPO D5, 38,1 <= DEMANDA <= 47 KVA, TRIFÁSICO","UN",2517.0700000000002]
[null,"ED-49424","ELE-PAD-030","PADRÃO CEMIG AÉREO TIPO D6, 47,1 <= DEMANDA <= 57 KVA, TRIFÁSICO","UN",3303.43]
[null,"ED-49425","ELE-PAD-035","PADRÃO CEMIG AÉREO TIPO D7, 57,1 <= DEMANDA <= 66 KVA, TRIFÁSICO","UN",3616.54]
[null,"ED-49426","ELE-PAD-040","PADRÃO CEMIG AÉREO TIPO D8, 66,1 <= DEMANDA <= 75 KVA, TRIFÁSICO","UN",3628.94]
[null,"ED-49427","ELE-PAD-045","PADRÃO CEMIG AÉREO TIPO H1, CARGA INSTALADA ATÉ 5 KW,","UN",1012.35]
[null,"ED-49428","ELE-PAD-050","PADRÃO CEMIG AÉREO TIPO H2, 5,1 <= CARGA INSTALADA <= 10 KW, BIFÁSICO","UN",1050.19]
[null,"ED-49429","ELE-PAD-055","PADRÃO CEMIG SUBTERRÂNEO TIPO C1 DEMANDA ATE 15 KVA, BIFÁSICO","UN",1286.6600000000001]
[null,"ED-49430","ELE-PAD-060","PADRÃO CEMIG SUBTERRÂNEO TIPO C2, 15,1 <= DEMANDA <= 23 KVA, TRIFÁSICO","UN",1575.53]
[null,"ED-49431","ELE-PAD-065","PADRÃO CEMIG SUBTERRÂNEO TIPO C3, 23,1 <= DEMANDA <= 27 KVA, TRIFÁSICO","UN",1827.92]
[null,"ED-49432","ELE-PAD-070","PADRÃO CEMIG SUBTERRÂNEO TIPO C4, 27,1 <= DEMANDA <= 38 KVA, TRIFÁSICO","UN",2289.1]
[null,"ED-49433","ELE-PAD-075","PADRÃO CEMIG SUBTERRÂNEO TIPO C5, 38,1 <= DEMANDA <= 47 KVA, TRIFÁSICO","UN",2637.51]
[null,"ED-49434","ELE-PAD-080","PADRÃO CEMIG SUBTERRÂNEO TIPO C6, 47,1 <= DEMANDA <= 57 KVA, TRIFÁSICO","UN",3506.45]
[null,"ED-49435","ELE-PAD-085","PADRÃO CEMIG SUBTERRÂNEO TIPO C7, 57,1 <= DEMANDA <= 66 KVA, TRIFÁSICO","UN",3804.41]
[null,"ED-49436","ELE-PAD-090","PADRÃO CEMIG SUBTERRÂNEO TIPO C8, 66,1 <= DEMANDA <= 75 KVA, TRIFÁSICO","UN",3874.87]
[null,"ED-49438","ELE-PAD-100","PADRÃO CEMIG SUBTERRÂNEO TIPO H2, 5, 1 <=,CARGA INSTALADA <= 10KW, BIFÁSICO","UN",1224.8599999999999]
[null,"8929","-","ELETROCALHA LISA"]
[null,"ED-19511","-","ELETROCALHA LISA (100X100)MM EM CHAPA DE AÇO GALVANIZADO #18, COM TRATAMENTO PRÉ-ZINCADO, INCLUSIVE TAMPA DE ENCAIXE, FIXAÇÃO SUPERIOR, CONEXÕES E ACESSÓRIOS","M",77.86]
[null,"ED-19510","-","ELETROCALHA LISA (100X50)MM EM CHAPA DE AÇO GALVANIZADO #18, COM TRATAMENTO PRÉ-ZINCADO, INCLUSIVE TAMPA DE ENCAIXE, FIXAÇÃO SUPERIOR, CONEXÕES E ACESSÓRIOS","M",63.51]
[null,"ED-19513","-","ELETROCALHA LISA (150X100)MM EM CHAPA DE AÇO GALVANIZADO #18, COM TRATAMENTO PRÉ-ZINCADO, INCLUSIVE TAMPA DE ENCAIXE, FIXAÇÃO SUPERIOR, CONEXÕES E ACESSÓRIOS","M",87.23]
[null,"ED-19512","-","ELETROCALHA LISA (150X50)MM EM CHAPA DE AÇO GALVANIZADO #18, COM TRATAMENTO PRÉ-ZINCADO, INCLUSIVE TAMPA DE ENCAIXE, FIXAÇÃO SUPERIOR, CONEXÕES E ACESSÓRIOS","M",72.599999999999994]
[null,"ED-19515","-","ELETROCALHA LISA (200X100)MM EM CHAPA DE AÇO GALVANIZADO #18, COM TRATAMENTO PRÉ-ZINCADO, INCLUSIVE TAMPA DE ENCAIXE, FIXAÇÃO SUPERIOR, CONEXÕES E ACESSÓRIOS","M",96.82]
[null,"ED-19514","-","ELETROCALHA LISA (200X50)MM EM CHAPA DE AÇO GALVANIZADO #18, COM TRATAMENTO PRÉ-ZINCADO, INCLUSIVE TAMPA DE ENCAIXE, FIXAÇÃO SUPERIOR, CONEXÕES E ACESSÓRIOS","M",82.61]
[null,"ED-19517","-","ELETROCALHA LISA (300X100)MM EM CHAPA DE AÇO GALVANIZADO #18, COM TRATAMENTO PRÉ-ZINCADO, INCLUSIVE TAMPA DE ENCAIXE, FIXAÇÃO SUPERIOR, CONEXÕES E ACESSÓRIOS","M",118.46]
[null,"ED-19516","-","ELETROCALHA LISA (300X50)MM EM CHAPA DE AÇO GALVANIZADO #18, COM TRATAMENTO PRÉ-ZINCADO, INCLUSIVE TAMPA DE ENCAIXE, FIXAÇÃO SUPERIOR, CONEXÕES E ACESSÓRIOS","M",103.9]
[null,"ED-19518","-","ELETROCALHA LISA (400X100)MM EM CHAPA DE AÇO GALVANIZADO #18, COM TRATAMENTO PRÉ-ZINCADO, INCLUSIVE TAMPA DE ENCAIXE, FIXAÇÃO SUPERIOR, CONEXÕES E ACESSÓRIOS","M",141.26]
[null,"8930","-","ELETROCALHA PERFURADA"]
[null,"ED-19520","-","ELETROCALHA PERFURADA (100X100)MM EM CHAPA DE AÇO GALVANIZADO #18, COM TRATAMENTO PRÉ-ZINCADO, INCLUSIVE TAMPA DE ENCAIXE, FIXAÇÃO SUPERIOR, CONEXÕES E ACESSÓRIOS","M",77.87]
[null,"ED-19519","-","ELETROCALHA PERFURADA (100X50)MM EM CHAPA DE AÇO GALVANIZADO #18, COM TRATAMENTO PRÉ-ZINCADO, INCLUSIVE TAMPA DE ENCAIXE, FIXAÇÃO SUPERIOR, CONEXÕES E ACESSÓRIOS","M",63.51]
[null,"ED-19522","-","ELETROCALHA PERFURADA (150X100)MM EM CHAPA DE AÇO GALVANIZADO #18, COM TRATAMENTO PRÉ-ZINCADO, INCLUSIVE TAMPA DE ENCAIXE, FIXAÇÃO SUPERIOR, CONEXÕES E ACESSÓRIOS","M",87.25]
[null,"ED-19521","-","ELETROCALHA PERFURADA (150X50)MM EM CHAPA DE AÇO GALVANIZADO #18, COM TRATAMENTO PRÉ-ZINCADO, INCLUSIVE TAMPA DE ENCAIXE, FIXAÇÃO SUPERIOR, CONEXÕES E ACESSÓRIOS","M",72.61]
[null,"ED-19524","-","ELETROCALHA PERFURADA (200X100)MM EM CHAPA DE AÇO GALVANIZADO #18, COM TRATAMENTO PRÉ-ZINCADO, INCLUSIVE TAMPA DE ENCAIXE, FIXAÇÃO SUPERIOR, CONEXÕES E ACESSÓRIOS","M",96.84]
[null,"ED-19523","-","ELETROCALHA PERFURADA (200X50)MM EM CHAPA DE AÇO GALVANIZADO #18, COM TRATAMENTO PRÉ-ZINCADO, INCLUSIVE TAMPA DE ENCAIXE, FIXAÇÃO SUPERIOR, CONEXÕES E ACESSÓRIOS","M",82.62]
[null,"ED-19526","-","ELETROCALHA PERFURADA (300X100)MM EM CHAPA DE AÇO GALVANIZADO #18, COM TRATAMENTO PRÉ-ZINCADO, INCLUSIVE TAMPA DE ENCAIXE, FIXAÇÃO SUPERIOR, CONEXÕES E ACESSÓRIOS","M",118.48]
[null,"ED-19525","-","ELETROCALHA PERFURADA (300X50)MM EM CHAPA DE AÇO GALVANIZADO #18, COM TRATAMENTO PRÉ-ZINCADO, INCLUSIVE TAMPA DE ENCAIXE, FIXAÇÃO SUPERIOR, CONEXÕES E ACESSÓRIOS","M",103.92]
[null,"ED-19527","-","ELETROCALHA PERFURADA (400X100)MM EM CHAPA DE AÇO GALVANIZADO #18, COM TRATAMENTO PRÉ-ZINCADO, INCLUSIVE TAMPA DE ENCAIXE, FIXAÇÃO SUPERIOR, CONEXÕES E ACESSÓRIOS","M",141.29]
[null,"8931","-","VERGALHÃO DE AÇO COM ROSCA TOTAL"]
[null,"ED-19508","-","FIXAÇÃO DE ELETROCALHA/LEITO HORIZONTAL COM LARGURA MAIOR QUE 200 MM E MENOR OU IGUAL A 400 MM EM LAJE, COM SUPORTE EM PERFILADO, INCLUSIVE PERFILADO, VERGALHÃO E ACESSÓRIOS, EXCLUSIVE ELETROCALHA/LEITO\n","M",9.7100000000000009]
[null,"ED-19507","-","FIXAÇÃO DE ELETROCALHA/LEITO HORIZONTAL COM LARGURA MENOR OU IGUAL A 200 MM EM LAJE, COM SUPORTE EM PERFILADO, INCLUSIVE PERFILADO, VERGALHÃO E ACESSÓRIOS, EXCLUSIVE ELETROCALHA/LEITO","M",8.81]
[null,"8416","-","PERFILADO LISO E PERFURADO"]
[null,"ED-49452","ELE-PER-035","BASE OU SAPATA, EM PERFILADO (38X38)MM, COM QUATRO (4) FUROS PARA FIXAÇÃO EXTERNA, EM CHAPA DE AÇO  COM TRATAMENTO PRÉ-ZINCADO, INCLUSIVE FIXAÇÃO","UN",11.95]
[null,"ED-49463","ELE-PER-090","CAIXA DE DERIVAÇÃO TIPO \"C\" PARA PERFILADO EM CHAPA DE AÇO  COM TRATAMENTO PRÉ-ZINCADO, INCLUSIVE TAMPA E FIXAÇÃO","UN",20.02]
[null,"ED-49464","ELE-PER-095","CAIXA DE DERIVAÇÃO TIPO \"I\" PARA PERFILADO EM CHAPA DE AÇO  COM TRATAMENTO PRÉ-ZINCADO, INCLUSIVE TAMPA E FIXAÇÃO\n","UN",20.02]
[null,"ED-49465","ELE-PER-100","CAIXA DE DERIVAÇÃO TIPO \"L\" PARA PERFILADO EM CHAPA DE AÇO  COM TRATAMENTO PRÉ-ZINCADO, INCLUSIVE TAMPA E FIXAÇÃO\n","UN",20.02]
[null,"ED-49466","ELE-PER-105","CAIXA DE DERIVAÇÃO TIPO \"T\" PARA PERFILADO EM CHAPA DE AÇO  COM TRATAMENTO PRÉ-ZINCADO, INCLUSIVE TAMPA E FIXAÇÃO\n","UN",20.02]
[null,"ED-49467","ELE-PER-110","CAIXA DE DERIVAÇÃO TIPO \"X\" PARA PERFILADO EM CHAPA DE AÇO  COM TRATAMENTO PRÉ-ZINCADO, INCLUSIVE TAMPA E FIXAÇÃO","UN",20.02]
[null,"ED-49462","ELE-PER-085","CAIXA PARA TOMADA FIXA PERFIL COM TAMPA E TOMADA UNIVERSAL PARA PERFILADO","UN",31.28]
[null,"ED-49456","ELE-PER-055","CANTONEIRA ZZ OU JUNÇÃO ANGULAR DUPLA ALTA EM CHAPA DE AÇO, PARA PERFILADO (38X38)MM, COM TRATAMENTO PRÉ-ZINCADO, INCLUSIVE FIXAÇÃO","UN",6.13]
[null,"ED-49453","ELE-PER-040","DERIVAÇÃO FINAL, EM PERFILADO, PARA ELETRODUTO (3/4\"), EM CHAPA DE AÇO  COM TRATAMENTO PRÉ-ZINCADO, INCLUSIVE FIXAÇÃO","UN",4.37]
[null,"ED-49454","ELE-PER-045","DERIVAÇÃO LATERAL DUPLA, EM PERFILADO, PARA ELETRODUTO (3/4\"), EM CHAPA DE AÇO  COM TRATAMENTO PRÉ-ZINCADO, INCLUSIVE FIXAÇÃO","UN",5.22]
[null,"ED-49455","ELE-PER-050","DERIVAÇÃO LATERAL SIMPLES, EM PERFILADO, PARA ELETRODUTO (3/4\"), EM CHAPA DE AÇO  COM TRATAMENTO PRÉ-ZINCADO, INCLUSIVE FIXAÇÃO","UN",5.2]
[null,"ED-19583","-","FIXAÇÃO DE PERFILADO HORIZONTAL, INCLUSIVE SUPORTE, VERGALHÃO E ACESSÓRIOS, EXCLUSIVE PERFILADO\n","M",7.32]
[null,"ED-49446","ELE-PER-005","PERFILADO LISO (38X19)MM EM CHAPA DE AÇO GALVANIZADO #18, COM TRATAMENTO PRÉ-ZINCADO, INCLUSIVE FIXAÇÃO SUPERIOR, CONEXÕES E ACESSÓRIOS, EXCLUSIVE TAMPA DE ENCAIXE","M",29.41]
[null,"ED-49447","ELE-PER-010","PERFILADO LISO (38X38)MM EM CHAPA DE AÇO GALVANIZADO #18, COM TRATAMENTO PRÉ-ZINCADO, INCLUSIVE FIXAÇÃO SUPERIOR, CONEXÕES E ACESSÓRIOS, EXCLUSIVE TAMPA DE ENCAIXE","M",31.34]
[null,"ED-49448","ELE-PER-015","PERFILADO LISO (38X38)MM EM CHAPA DE AÇO GALVANIZADO #18, COM TRATAMENTO PRÉ-ZINCADO, INCLUSIVE TAMPA DE ENCAIXE, FIXAÇÃO SUPERIOR, CONEXÕES E ACESSÓRIOS","M",33.020000000000003]
[null,"ED-49451","ELE-PER-030","PERFILADO PERFURADO (38X38)MM EM CHAPA DE AÇO GALVANIZADO #18, COM TRATAMENTO PRÉ-ZINCADO, INCLUSIVE FIXAÇÃO SUPERIOR, CONEXÕES E ACESSÓRIOS, EXCLUSIVE TAMPA DE ENCAIXE","M",29.08]
[null,"ED-49450","ELE-PER-025","PERFILADO PERFURADO (38X38)MM EM CHAPA DE AÇO GALVANIZADO #18, COM TRATAMENTO PRÉ-ZINCADO, INCLUSIVE TAMPA DE ENCAIXE, FIXAÇÃO SUPERIOR, CONEXÕES E ACESSÓRIOS","M",30.76]
[null,"ED-49457","ELE-PER-060","SUPORTE OU GANCHO DE LUMINÁRIA PARA PERFILADO (38X38)MM, TIPO CURTO, EM CHAPA DE AÇO COM TRATAMENTO PRÉ-ZINCADO, INCLUSIVE ACESSÓRIOS E FIXAÇÃO","UN",4.38]
[null,"ED-49458","ELE-PER-065","SUPORTE OU GANCHO DE LUMINÁRIA PARA PERFILADO (38X38)MM, TIPO LONGO, EM CHAPA DE AÇO COM TRATAMENTO PRÉ-ZINCADO, INCLUSIVE ACESSÓRIOS E FIXAÇÃO","UN",4.6500000000000004]
[null,"ED-49459","ELE-PER-070","SUPORTE OU GANCHO PARA PERFILADO, TIPO CURTO, EM CHAPA DE AÇO COM TRATAMENTO PRÉ-ZINCADO, COMPRIMENTO 100MM, INCLUSIVE ACESSÓRIOS E FIXAÇÃO","UN",3.44]
[null,"8417","-","QUADRO DE COMANDO"]
[null,"ED-49507","ELE-QUA-035","QUADRO DE COMANDO PARA BOMBA P = 0,5 CV, RECALQUE","UN",205.45]
[null,"ED-49509","ELE-QUA-045","QUADRO DE COMANDO PARA BOMBA P = 1,5 CV, RECALQUE","UN",217.15]
[null,"ED-49510","ELE-QUA-050","QUADRO DE COMANDO PARA BOMBA P = 2,0 CV, RECALQUE","UN",257.13]
[null,"ED-49511","ELE-QUA-055","QUADRO DE COMANDO PARA BOMBA P = 2,5 CV, RECALQUE","UN",260.33]
[null,"ED-49512","ELE-QUA-060","QUADRO DE COMANDO PARA BOMBA P = 3,0 CV, RECALQUE","UN",263.39999999999998]
[null,"8418","-","QUADRO DE DISTRIBUIÇÃO"]
[null,"ED-49508","ELE-QUA-040","QUADRO DE COMANDO PARA BOMBA P = 1,0 CV, RECALQUE","UN",213.62]
[null,"ED-49506","ELE-QUA-032","QUADRO DE DISTRIBUIÇÃO DE LUZ EM PVC DE EMBUTIR, ATÉ 16 DIVISÕES MODULARES, DIMENSÕES EXTERNAS 260 X 310 X 85 MM","UN",195.45]
[null,"ED-49505","ELE-QUA-031","QUADRO DE DISTRIBUIÇÃO DE LUZ EM PVC DE EMBUTIR, ATÉ 8 DIVISÕES MODULARES, DIMENSÕES EXTERNAS 160 X 240 X 89 MM","UN",171.79]
[null,"ED-49499","ELE-QUA-006","QUADRO DE DISTRIBUIÇÃO PARA 12 MÓDULOS COM BARRAMENTO E CHAVE","UN",160.22999999999999]
[null,"ED-49500","ELE-QUA-010","QUADRO DE DISTRIBUIÇÃO PARA 20 MÓDULOS COM BARRAMENTO 100 A","UN",228.57]
[null,"ED-49501","ELE-QUA-015","QUADRO DE DISTRIBUIÇÃO PARA 24 MÓDULOS COM BARRAMENTO 100 A","UN",308.38]
[null,"ED-49502","ELE-QUA-020","QUADRO DE DISTRIBUIÇÃO PARA 36 MÓDULOS COM BARRAMENTO 100 A","UN",395.51]
[null,"ED-49503","ELE-QUA-025","QUADRO DE DISTRIBUIÇÃO PARA 42 MÓDULOS COM BARRAMENTO 100 A","UN",685.61]
[null,"ED-49504","ELE-QUA-030","QUADRO DE DISTRIBUIÇÃO PARA 50 MÓDULOS COM BARRAMENTO 100 A","UN",923.13]
[null,"ED-49498","ELE-QUA-005","QUADRO DE DISTRIBUIÇÃO PARA 8 MÓDULOS COM BARRAMENTO E CHAVE","UN",125.32]
[null,"8419","-","REATOR ELETRÔNICO"]
[null,"ED-49514","ELE-REA-010","REATOR ELETRÔNICO, ALTO FATOR DE POTÊNCIA (A.F.P), PARTIDA RÁPIDA, PARA DUAS (2) LÂMPADAS TUBULARES, POTÊNCIA 16W, FORNECIMENTO E INSTALAÇÃO","UN",28.84]
[null,"ED-49518","ELE-REA-030","REATOR ELETRÔNICO, ALTO FATOR DE POTÊNCIA (A.F.P), PARTIDA RÁPIDA, PARA DUAS (2) LÂMPADAS TUBULARES, POTÊNCIA 20W, FORNECIMENTO E INSTALAÇÃO","UN",31.23]
[null,"ED-49516","ELE-REA-020","REATOR ELETRÔNICO, ALTO FATOR DE POTÊNCIA (A.F.P), PARTIDA RÁPIDA, PARA DUAS (2) LÂMPADAS TUBULARES, POTÊNCIA 32W, FORNECIMENTO E INSTALAÇÃO","UN",35.57]
[null,"ED-49520","ELE-REA-040","REATOR ELETRÔNICO, ALTO FATOR DE POTÊNCIA (A.F.P), PARTIDA RÁPIDA, PARA DUAS (2) LÂMPADAS TUBULARES, POTÊNCIA 40W, FORNECIMENTO E INSTALAÇÃO","UN",33.450000000000003]
[null,"ED-49513","ELE-REA-005","REATOR ELETRÔNICO, ALTO FATOR DE POTÊNCIA (A.F.P), PARTIDA RÁPIDA, PARA UMA (1) LÂMPADA TUBULAR, POTÊNCIA 16W, FORNECIMENTO E INSTALAÇÃO","UN",27.23]
[null,"ED-49517","ELE-REA-025","REATOR ELETRÔNICO, ALTO FATOR DE POTÊNCIA (A.F.P), PARTIDA RÁPIDA, PARA UMA (1) LÂMPADA TUBULAR, POTÊNCIA 20W, FORNECIMENTO E INSTALAÇÃO","UN",25.64]
[null,"ED-49519","ELE-REA-035","REATOR ELETRÔNICO, ALTO FATOR DE POTÊNCIA (A.F.P), PARTIDA RÁPIDA, PARA UMA (1) LÂMPADA TUBULAR, POTÊNCIA 40W, FORNECIMENTO E INSTALAÇÃO","UN",25.64]
[null,"ED-49383","ELE-LAM-080","STARTER PARA REATOR ELETROMAGNÉTICO, POTÊNCIA 20-40W, FORNECIMENTO E INSTALAÇÃO, EXCLUSIVE REATOR","UN",7.81]
[null,"8420","-","SIRENE"]
[null,"ED-49526","ELE-SIR-010","SIRENE DE ALTA POTÊNCIA, TIMBRE Ø 150MM, 100DCB","UN",391.03]
[null,"ED-49525","ELE-SIR-005","SIRENE PARA ALCANCE ATÉ 500 M REF. RT-10","UN",460.83]
[null,"8421","-","SOQUETE"]
[null,"ED-49382","ELE-LAM-075","SOQUETE PARA LÂMPADA FLUORESCENTE TUBULAR, BASE G13, COM SISTEMA DE ANTIVIBRATÓRIO E COM SUPORTE PARA STARTER, FORNECIMENTO E INSTALAÇÃO","UN",16.510000000000002]
[null,"ED-49381","ELE-LAM-070","SOQUETES PARA LÂMPADA FLUORESCENTE TUBULAR, BASE G13 (PAR), COM SISTEMA DE ANTIVIBRATÓRIO E SEM SUPORTE PARA STARTER, FORNECIMENTO E INSTALAÇÃO","UN",14.97]
[null,"8422","-","SUPRESSOR DE SURTO"]
[null,"ED-49528","ELE-SUP-010","SUPRESSOR DE SURTO PARA PROTEÇÃO DE CENTRAL DE TELECOMUNICAÇÕES","UN",228.55]
[null,"ED-49527","ELE-SUP-005","SUPRESSOR DE SURTO PARA PROTEÇÃO PRIMÁRIA EM QGD, ATÉ 1,5 KV - 5 KA","UN",237.62]
[null,"8423","-","VERGALHÃO DE AÇO COM ROSCA TOTAL"]
[null,"ED-49461","ELE-PER-080","VERGALHÃO DE AÇO COM ROSCA TOTAL PARA PERFILADO, DIÂMETRO 1/4\", INCLUSIVE FORNECIMENTO, FIXAÇÃO E INSTALAÇÃO\n","M",9.35]
[null,"ED-15650","-","VERGALHÃO DE AÇO COM ROSCA TOTAL PARA PERFILADO, DIÂMETRO 3/8\", INCLUSIVE FORNECIMENTO, FIXAÇÃO E INSTALAÇÃO","M",12.28]
[null,"ED-15970","-","VERGALHÃO DE AÇO COM ROSCA TOTAL PARA PERFILADO, DIÂMETRO 5/16\", INCLUSIVE FORNECIMENTO, FIXAÇÃO E INSTALAÇÃO","M",12.58]
[null,"27","-","320 - ENR-001  - ENROCAMENTO"]
[null,"ED-49541","ENR-PED-010","ENROCAMENTO COM PEDRA DE MÃO ARRUMADA, INCLUSIVE FORNECIMENTO","M3",163.38999999999999]
[null,"ED-49540","ENR-PED-005","ENROCAMENTO COM PEDRA DE MÃO JOGADA, INCLUSIVE FORNECIMENTO","M3",114.32]
[null,"ED-49543","ENS-AÇO-010","ENSAIO DE TRAÇÃO, DOBRAMENTO E VERIFICAÇÃO DE BITOLAS EM BARRAS DE AÇO ACIMA DE 1\"","U",63]
[null,"ED-49542","ENS-AÇO-005","ENSAIO DE TRAÇÃO, DOBRAMENTO E VERIFICAÇÃO DE BITOLAS EM BARRAS DE AÇO ATÉ 1\"","U",55]
[null,"28","-","321 - ENS-001  - ENSAIO DE CONCRETO E AÇO"]
[null,"ED-49545","ENS-CON-015","DETERMINAÇÃO E ANÁLISE DE RESULTADO DE RESISTÊNCIA A COMPRESSÃO DO CONCRETO MOLDADO","U",160]
[null,"ED-49556","ENS-SOL-040","ENSAIO DE COMPACTACAO - AMOSTRAS NAO TRABALHADAS - ENERGIA INTERMEDIARIA - SOLOS","U",145.12]
[null,"ED-49557","ENS-SOL-045","ENSAIO DE COMPACTACAO - AMOSTRAS NAO TRABALHADAS - ENERGIA MODIFICADA - SOLOS","U",190.16]
[null,"ED-49555","ENS-SOL-035","ENSAIO DE COMPACTACAO - AMOSTRAS NAO TRABALHADAS - ENERGIA NORMAL - SOLOS","U",95.08]
[null,"ED-49558","ENS-SOL-050","ENSAIO DE COMPACTACAO - AMOSTRAS TRABALHADAS - SOLOS","U",100.08]
[null,"ED-49544","ENS-CON-005","ENSAIO DE CONCRETO: CURA, FACEAMENTO, RUPTURA, EMISSÃO DE CERTIFICADOS - ATE 6 UNIDADES","U",96]
[null,"ED-49561","ENS-SOL-065","ENSAIO DE DENSIDADE REAL - SOLOS","U",45.03]
[null,"ED-49567","ENS-SOL-095","ENSAIO DE EXPANSIBILIDADE - SOLOS","U",72.56]
[null,"ED-49551","ENS-SOL-015","ENSAIO DE GRANULOMETRIA POR PENEIRAMENTO - SOLOS","U",80.06]
[null,"ED-49552","ENS-SOL-020","ENSAIO DE GRANULOMETRIA POR PENEIRAMENTO E SEDIMENTACAO - SOLOS","U",95.08]
[null,"ED-49553","ENS-SOL-025","ENSAIO DE LIMITE DE LIQUIDEZ - SOLOS","U",50.04]
[null,"ED-49554","ENS-SOL-030","ENSAIO DE LIMITE DE PLASTICIDADE - SOLOS","U",45.03]
[null,"ED-49562","ENS-SOL-070","ENSAIO DE MASSA ESPECIFICA - IN SITU - EMPREGO DO OLEO - SOLOS","U",55.04]
[null,"ED-49560","ENS-SOL-060","ENSAIO DE MASSA ESPECIFICA - IN SITU - METODO BALAO DE BORRACHA - SOLOS","U",40.03]
[null,"ED-49559","ENS-SOL-055","ENSAIO DE MASSA ESPECIFICA - IN SITU - METODO FRASCO DE AREIA - SOLOS","U",35.03]
[null,"ED-49566","ENS-SOL-090","ENSAIO DE RESILIENCIA - SOLOS","U",645.54999999999995]
[null,"ED-49546","ENS-CON-045","ENSAIO DE RESISTENCIA A COMPRESSAO SIMPLES - CONCRETO","U",90.07]
[null,"ED-49548","ENS-CON-055","ENSAIO DE RESISTENCIA A TRACAO NA FLEXAO DE CONCRETO","U",100.08]
[null,"ED-49547","ENS-CON-050","ENSAIO DE RESISTENCIA A TRACAO POR COMPRESSAO DIAMETRAL - CONCRETO","U",90.07]
[null,"ED-49565","ENS-SOL-085","ENSAIO DE TEOR DE UMIDADE - EM LABORATORIO - SOLOS","U",40.03]
[null,"ED-49563","ENS-SOL-075","ENSAIO DE TEOR DE UMIDADE - METODO EXPEDITO DO ALCOOL - SOLOS","U",30.02]
[null,"ED-49564","ENS-SOL-080","ENSAIO DE TEOR DE UMIDADE - PROCESSO SPEEDY - SOLOS E AGREGADOS MIUDOS","U",30.02]
[null,"ED-49550","ENS-SOL-010","ENSAIO DE TERRAPLENAGEM - CAMADA FINAL DO ATERRO","M3",1.19]
[null,"ED-49549","ENS-SOL-005","ENSAIOS DE TERRAPLENAGEM - CORPO DO ATERRO","M3",0.37]
[null,"ED-49568","ENS-SOL-100","PREPARACAO DE AMOSTRAS PARA ENSAIO DE CARACTERIZACAO - SOLOS","U",55.04]
[null,"29","-","322 - EQP-001  - EQUIPAMENTOS ESPORTIVOS"]
[null,"ED-49573","EQP-ESP-025","REDE DE PETECA COM MASTROS EM TUBO AÇO GALVANIZADO D = 76 MM","CJ",495]
[null,"ED-49572","EQP-ESP-020","REDE DE VÔLEI COM MASTRO EM TUBO GALVANIZADO SEM PEDESTAL","CJ",495]
[null,"ED-49571","EQP-ESP-015","REDE DE VÔLEI COM PEDESTAL PARA JUIZ","CJ",654]
[null,"ED-49574","EQP-ESP-030","TABELA DE BASQUETE EM POSTE METÁLICO E SUPORTE DE PISO","U",1329.31]
[null,"ED-49569","EQP-ESP-005","TRAVE DE GOL EM TUBO GALVANIZADO PARA QUADRA, INCLUSIVE REDE E PINTURA","U",611.25]
[null,"ED-49570","EQP-ESP-010","TRAVE DE GOL PARA CAMPO DE FUTEBOL , INCLUSIVE REDE E PINTURA","U",1552.75]
[null,"30","-","323 - EQP-002  - EQUIPAMENTOS PARA PLAYGROUND METÁLICOS"]
[null,"ED-15342","-","FORNECIMENTO E INSTALAÇÃO DE BALANÇO (REMA-REMA) METÁLICO COM SEIS LUGARES PARA PARQUE INFANTIL, FIXADO COM CONCRETO NÃO ESTRUTURAL, PREPARADO EM OBRA COM BETONEIRA, COM FCK 15 MPA , INCLUSIVE ESCAVAÇÃO E TRANSPORTE COM RETIRADA DO MATERIAL ESCAVADO (EM CAÇAMBA)\n","UN",2245.08]
[null,"ED-49578","EQP-PLA-020","FORNECIMENTO E INSTALAÇÃO DE BARRA FIXA METÁLICA PARA PARQUE INFANTIL OU ACADEMIA AO AR LIVRE, FIXADO COM CONCRETO NÃO ESTRUTURAL, PREPARADO EM OBRA COM BETONEIRA, COM FCK 15 MPA , INCLUSIVE ESCAVAÇÃO E TRANSPORTE COM RETIRADA DO MATERIAL ESCAVADO (EM CAÇAMBA)","UN",1032.3399999999999]
[null,"ED-49579","EQP-PLA-025","FORNECIMENTO E INSTALAÇÃO DE ESCADA HORIZONTAL METÁLICA PARA PARQUE INFANTIL, FIXADO COM CONCRETO NÃO ESTRUTURAL, PREPARADO EM OBRA COM BETONEIRA, COM FCK 15 MPA , INCLUSIVE ESCAVAÇÃO E TRANSPORTE COM RETIRADA DO MATERIAL ESCAVADO (EM CAÇAMBA)","UN",812.07]
[null,"ED-49575","EQP-PLA-005","FORNECIMENTO E INSTALAÇÃO DE ESCORREGADOR MÉDIO METÁLICO PARA PARQUE INFANTIL, FIXADO COM CONCRETO NÃO ESTRUTURAL, PREPARADO EM OBRA COM BETONEIRA, COM FCK 15 MPA , INCLUSIVE ESCAVAÇÃO E TRANSPORTE COM RETIRADA DO MATERIAL ESCAVADO (EM CAÇAMBA)\n","UN",1036.98]
[null,"ED-49580","EQP-PLA-030","FORNECIMENTO E INSTALAÇÃO DE ESPALDAR E BARRAS METÁLICAS PARA PARQUE INFANTIL OU ACADEMIA AO AR LIVRE, FIXADO COM CONCRETO NÃO ESTRUTURAL, PREPARADO EM OBRA COM BETONEIRA, COM FCK 15 MPA , INCLUSIVE ESCAVAÇÃO E TRANSPORTE COM RETIRADA DO MATERIAL ESCAVADO (EM CAÇAMBA)","UN",1032.3399999999999]
[null,"ED-49576","EQP-PLA-010","FORNECIMENTO E INSTALAÇÃO DE GANGORRA METÁLICA COM DOIS LUGARES PARA PARQUE INFANTIL, FIXADO COM CONCRETO NÃO ESTRUTURAL, PREPARADO EM OBRA COM BETONEIRA, COM FCK 15 MPA , INCLUSIVE ESCAVAÇÃO E TRANSPORTE COM RETIRADA DO MATERIAL ESCAVADO (EM CAÇAMBA)","UN",1028.8800000000001]
[null,"ED-49577","EQP-PLA-015","FORNECIMENTO E INSTALAÇÃO DE ZANGA BURRINHO METÁLICO COM DUAS PRANCHAS PARA PARQUE INFANTIL, FIXADO COM CONCRETO NÃO ESTRUTURAL, PREPARADO EM OBRA COM BETONEIRA, COM FCK 15 MPA , INCLUSIVE ESCAVAÇÃO E TRANSPORTE COM RETIRADA DO MATERIAL ESCAVADO (EM CAÇAMBA)","UN",983.98]
[null,"31","-","324 - ESQ-001  - ESQUADRIA DE MADEIRA"]
[null,"ED-49582","ESQ-BAT-005","BATE MACA DE MADEIRA DE LEI, INCLUSIVE APLICAÇÃO DE VERNIZ SINTÉTICO MARÍTIMO, DUAS (2) DEMÃOS, ACABAMENTO TIPO FOSCO","M",42.09]
[null,"ED-49584","ESQ-FOL-005","FOLHA DE PORTA MADEIRA DE LEI PRANCHETA PARA PINTURA L <= 60 CM, H <= 180 CM","U",132.93]
[null,"ED-49585","ESQ-FOL-010","FOLHA DE PORTA MADEIRA DE LEI PRANCHETA PARA PINTURA 60 X 210 CM","U",166.65]
[null,"ED-49586","ESQ-FOL-015","FOLHA DE PORTA MADEIRA DE LEI PRANCHETA PARA PINTURA 70 X 210 CM","U",168.82]
[null,"ED-49587","ESQ-FOL-020","FOLHA DE PORTA MADEIRA DE LEI PRANCHETA PARA PINTURA 80 X 210 CM","U",170.99]
[null,"ED-49588","ESQ-FOL-025","FOLHA DE PORTA MADEIRA DE LEI PRANCHETA PARA PINTURA 90 X 210 CM","U",180.78]
[null,"ED-7066","-","FORNECIMENTO DE VISOR 30X20 CM DE VIDRO EM CRISTAL INCOLOR FIXO E=4 MM COM MOLDURA DE MADEIRA, INSTALADO EM PORTA DE MADEIRA","UN",75.63]
[null,"ED-49589","ESQ-MAR-005","MARCO DE MADEIRA DE LEI PARA PINTURA, L = 14 CM, 60 X 210 CM","U",140.19]
[null,"ED-49590","ESQ-MAR-010","MARCO EM MADEIRA DE LEI PARA PINTURA, L = 14 CM, 70 X 210 CM","U",140.19]
[null,"ED-49591","ESQ-MAR-015","MARCO EM MADEIRA DE LEI PARA PINTURA, L = 14 CM, 80 X 210 CM","U",140.19]
[null,"ED-49592","ESQ-MAR-020","MARCO EM MADEIRA DE LEI PARA PINTURA, L = 14 CM, 90 X 210 CM","U",140.19]
[null,"ED-49600","ESQ-POR-040","PORTA DE ABRIR, MADEIRA DE LEI PRANCHETA PARA PINTURA COMPLETA 60 X 210 CM,COM FERRAGENS EM FERRO LATONADO","U",527.17999999999995]
[null,"ED-49601","ESQ-POR-045","PORTA DE ABRIR, MADEIRA DE LEI PRANCHETA PARA PINTURA COMPLETA 70 X 210 CM,COM FERRAGENS EM FERRO LATONADO","U",530.89]
[null,"ED-49602","ESQ-POR-050","PORTA DE ABRIR, MADEIRA DE LEI PRANCHETA PARA PINTURA COMPLETA 80 X 210 CM,COM FERRAGENS EM FERRO LATONADO","U",530.89]
[null,"ED-49603","ESQ-POR-055","PORTA DE ABRIR, MADEIRA DE LEI PRANCHETA PARA PINTURA COMPLETA 90 X 210 CM,COM FERRAGENS EM FERRO LATONADO","U",555.91999999999996]
[null,"ED-49610","ESQ-POR-082","PORTA DE MADEIRA DE LEI ESPECIAL 70 X 210 CM REVESTIDA COM CHUMBO 2MMPB (FACE INTERNA) E VISOR, PARA PINTURA, INCLUSIVE FERRAGENS","U",3462.48]
[null,"ED-49609","ESQ-POR-081","PORTA DE MADEIRA DE LEI ESPECIAL 80 X 210 CM REVESTIDA COM CHUMBO 2MMPB (FACE INTERNA) E VISOR , PARA PINTURA, INCLUSIVE FERRAGENS","U",3632.98]
[null,"ED-49608","ESQ-POR-080","PORTA DE MADEIRA DE LEI ESPECIAL 90 X 210 CM REVESTIDA COM CHUMBO 2MMPB (FACE INTERNA) E VISOR, PARA PINTURA, INCLUSIVE FERRAGENS","U",3803.48]
[null,"ED-49597","ESQ-POR-030","PORTA DE MADEIRA, TIPO PRANCHETA, COM MARCO FERRO \"L\" 1 1/4 X 1/8\", TARJETA E DOBRADIÇAS - 100 X 160 CM","U",304.06]
[null,"ED-49594","ESQ-POR-015","PORTA DE MADEIRA, TIPO PRANCHETA, COM MARCO FERRO \"L\" 1 1/4 X 1/8\", TARJETA E DOBRADIÇAS - 55 X 180 CM","U",267.04000000000002]
[null,"ED-49598","ESQ-POR-035","PORTA DE MADEIRA, TIPO PRANCHETA, COM MARCO FERRO \"L\" 1 1/4 X 1/8\", TARJETA LIVRE/OCUPADO E DOBRADIÇAS - 100 X 160 CM","U",322.06]
[null,"ED-49593","ESQ-POR-010","PORTA DE MADEIRA, TIPO PRANCHETA, COM MARCO FERRO \"L\" 1 1/4 X 1/8\", TARJETA LIVRE/OCUPADO E DOBRADIÇAS - 55 X 160 CM","U",285.04000000000002]
[null,"ED-49595","ESQ-POR-020","PORTA DE MADEIRA, TIPO PRANCHETA, COM MARCO FERRO \"L\" 1 1/4 X 1/8\", TARJETA LIVRE/OCUPADO E DOBRADIÇAS - 55 X 180 CM","U",285.04000000000002]
[null,"ED-49596","ESQ-POR-025","PORTA DE MADEIRA, TIPO PRANCHETA, COM MARCO FERRO \"L\" 1 1/4 X 1/8\", TARJETA LIVRE/OCUPADO E DOBRADIÇAS - 60 X 165 CM","U",287.93]
[null,"ED-49607","ESQ-POR-075","PORTA EM MADEIRA DE LEI ESPECIAL COMPLETA 60 X 210 CM, COM REVESTIMENTO EM LAMINADO MELAMÍNICO NAS DUAS FACES, INCLUSIVE FERRAGENS E MAÇANETA TIPO ALAVANCA","U",671.18]
[null,"ED-49606","ESQ-POR-070","PORTA EM MADEIRA DE LEI ESPECIAL COMPLETA 70 X 210 CM, COM REVESTIMENTO EM LAMINADO MELAMÍNICO NAS DUAS FACES, INCLUSIVE FERRAGENS E MAÇANETA TIPO ALAVANCA","U",674.89]
[null,"ED-49605","ESQ-POR-065","PORTA EM MADEIRA DE LEI ESPECIAL COMPLETA 80 X 210 CM, COM REVESTIMENTO EM LAMINADO MELAMÍNICO NAS DUAS FACES, INCLUSIVE FERRAGENS E MAÇANETA TIPO ALAVANCA","U",674.89]
[null,"ED-49604","ESQ-POR-060","PORTA EM MADEIRA DE LEI ESPECIAL COMPLETA 90 X 210 CM, PARA PINTURA, PARA P.N.E., COM PROTEÇÃO INFERIOR EM LAMINADO MELAMÍNICO, INCLUSIVE FERRAGENS E MAÇANETA TIPO ALAVANCA (P2)","U",564.82000000000005]
[null,"ED-49599","ESQ-POR-036","PORTA EM MADEIRA DE LEI REVESTIDA EM LAMINADO MELAMÍNICO, COM MARCO EM ALUMÍNIO ANODIZADO NATURAL, TARJETA LIVRE/OCUPADO E DOBRADIÇAS - 60 X 165 CM","U",436.4]
[null,"ED-49583","ESQ-BAT-010","PROTETOR DE PAREDE BATE MACA EM PVC RÍGIDO DE ALTO IMPACTO, BASE DE FIXAÇÃO, TERMINAIS DE ACABAMENTO E ADAPTADORES L = 200 MM","M",64.05]
[null,"ED-49611","ESQ-REG-005","RÉGUA PARA ALISARES DE 5 X 1 CM DE MADEIRA DE LEI PARA PINTURA COLOCADO","CJ",32.86]
[null,"ED-49612","ESQ-REG-010","RÉGUA PARA ALISARES DE 7 X 1 CM DE MADEIRA DE LEI PARA PINTURA COLOCADO","CJ",35.4]
[null,"32","-","325 - EST-001  - ESTRUTURA DE CONCRETO"]
[null,"ED-9058","-","APLICAÇÃO DE CONCRETO AUTO-ADENSÁVEL EM ESTRUTURA, INCLUSIVE ESPALHAMENTO, ADENSAMENTO E ACABAMENTO","M3",10.56]
[null,"ED-8398","-","FORMA E DESFORMA DE COMPENSADO PLASTIFICADO, ESP. 12MM, REAPROVEITAMENTO (3X), EXCLUSIVE ESCORAMENTO","M2",42.76]
[null,"ED-49647","EST-FOR-025","FORMA E DESFORMA DE COMPENSADO PLASTIFICADO, ESP. 12MM, REAPROVEITAMENTO (5X), EXCLUSIVE ESCORAMENTO","M2",31.66]
[null,"ED-49648","EST-FOR-030","FORMA E DESFORMA DE COMPENSADO PLASTIFICADO, ESP. 14MM, REAPROVEITAMENTO (5X), EXCLUSIVE ESCORAMENTO","M2",35.57]
[null,"ED-49644","EST-FOR-010","FORMA E DESFORMA DE COMPENSADO RESINADO, ESP. 10MM, REAPROVEITAMENTO (3X), EXCLUSIVE ESCORAMENTO","M2",39.07]
[null,"ED-49645","EST-FOR-015","FORMA E DESFORMA DE COMPENSADO RESINADO, ESP. 12MM, REAPROVEITAMENTO (3X), EXCLUSIVE ESCORAMENTO","M2",40.28]
[null,"ED-49646","EST-FOR-020","FORMA E DESFORMA DE COMPENSADO RESINADO, ESP. 14MM, REAPROVEITAMENTO (3X), EXCLUSIVE ESCORAMENTO","M2",40.93]
[null,"ED-49649","EST-FOR-031","FORMA E DESFORMA DE MADEIRA PARA ESTRUTURA EM CURVA COM TÁBUA, SARRAFO E COMPENSADO RESINADO NAVAL, ESP. 6MM, REAPROVEITAMENTO (2X), EXCLUSIVE ESCORAMENTO","M2",89.06]
[null,"ED-8457","-","FORMA E DESFORMA DE MADEIRA PARA ESTRUTURA EM CURVA COM TÁBUA, SARRAFO E COMPENSADO RESINADO NAVAL, ESP. 6MM, REAPROVEITAMENTO (3X), EXCLUSIVE ESCORAMENTO","M2",74.319999999999993]
[null,"ED-8458","-","FORMA E DESFORMA DE MADEIRA PARA ESTRUTURA EM CURVA COM TÁBUA, SARRAFO E COMPENSADO RESINADO NAVAL, ESP. 6MM, REAPROVEITAMENTO (5X), EXCLUSIVE ESCORAMENTO","M2",62.54]
[null,"ED-49643","EST-FOR-005","FORMA E DESFORMA DE TÁBUA E SARRAFO, REAPROVEITAMENTO (3X), EXCLUSIVE ESCORAMENTO","M2",40.909999999999997]
[null,"ED-8471","-","FORMA E DESFORMA DE TÁBUA E SARRAFO, REAPROVEITAMENTO (5X), EXCLUSIVE ESCORAMENTO","M2",32.869999999999997]
[null,"ED-15690","-","FORMA E DESFORMA PARA CORTINA DE CONCRETO OU PAREDE ESTRUTURAL (VIGA-PAREDE), ALTURA MÁXIMA DE 360CM, COM CHAPA DE COMPENSADO PLASTIFICADO, ESP. 18MM, REAPROVEITAMENTO (3X), INCLUSIVE TRAVAMENTO COM TIRANTES EM ARAME E ESCORA PARA PRUMO EM MADEIRA\n","M2",75.55]
[null,"ED-49618","EST-CON-030","FORNECIMENTO DE CONCRETO ESTRUTURAL, PREPARADO EM OBRA, COM FCK 20 MPA, INCLUSIVE LANÇAMENTO, ADENSAMENTO E ACABAMENTO","M3",493.55]
[null,"ED-49619","EST-CON-035","FORNECIMENTO DE CONCRETO ESTRUTURAL, PREPARADO EM OBRA, COM FCK 25 MPA, INCLUSIVE LANÇAMENTO, ADENSAMENTO E ACABAMENTO","M3",514.95000000000005]
[null,"ED-49620","EST-CON-040","FORNECIMENTO DE CONCRETO ESTRUTURAL, PREPARADO EM OBRA, COM FCK 30 MPA, INCLUSIVE LANÇAMENTO, ADENSAMENTO E ACABAMENTO","M3",547.04]
[null,"ED-49621","EST-CON-041","FORNECIMENTO DE CONCRETO ESTRUTURAL, PREPARADO EM OBRA, COM FCK 35 MPA, INCLUSIVE LANÇAMENTO, ADENSAMENTO E ACABAMENTO","M3",564.07000000000005]
[null,"ED-49622","EST-CON-045","FORNECIMENTO DE CONCRETO ESTRUTURAL, PREPARADO EM OBRA, COM FCK 40 MPA, INCLUSIVE LANÇAMENTO, ADENSAMENTO E ACABAMENTO","M3",593.32000000000005]
[null,"ED-9052","-","FORNECIMENTO DE CONCRETO ESTRUTURAL, USINADO BOMBEADO, AUTO-ADENSÁVEL, COM FCK 20 MPA, INCLUSIVE LANÇAMENTO E ACABAMENTO","M3",363.02]
[null,"ED-9053","-","FORNECIMENTO DE CONCRETO ESTRUTURAL, USINADO BOMBEADO, AUTO-ADENSÁVEL, COM FCK 25 MPA, INCLUSIVE LANÇAMENTO E ACABAMENTO","M3",374.67]
[null,"ED-9054","-","FORNECIMENTO DE CONCRETO ESTRUTURAL, USINADO BOMBEADO, AUTO-ADENSÁVEL, COM FCK 30 MPA, INCLUSIVE LANÇAMENTO E ACABAMENTO","M3",387.8]
[null,"ED-9055","-","FORNECIMENTO DE CONCRETO ESTRUTURAL, USINADO BOMBEADO, AUTO-ADENSÁVEL, COM FCK 35 MPA, INCLUSIVE LANÇAMENTO E ACABAMENTO","M3",403.95]
[null,"ED-9056","-","FORNECIMENTO DE CONCRETO ESTRUTURAL, USINADO BOMBEADO, AUTO-ADENSÁVEL, COM FCK 40 MPA, INCLUSIVE LANÇAMENTO E ACABAMENTO","M3",424]
[null,"ED-9057","-","FORNECIMENTO DE CONCRETO ESTRUTURAL, USINADO BOMBEADO, AUTO-ADENSÁVEL, COM FCK 45 MPA, INCLUSIVE LANÇAMENTO E ACABAMENTO","M3",435.01]
[null,"ED-49637","EST-CON-110","FORNECIMENTO DE CONCRETO ESTRUTURAL, USINADO BOMBEADO, COM FCK 20 MPA, INCLUSIVE LANÇAMENTO, ADENSAMENTO E ACABAMENTO","M3",342.73]
[null,"ED-49638","EST-CON-115","FORNECIMENTO DE CONCRETO ESTRUTURAL, USINADO BOMBEADO, COM FCK 25 MPA, INCLUSIVE LANÇAMENTO, ADENSAMENTO E ACABAMENTO","M3",354.83]
[null,"ED-49639","EST-CON-120","FORNECIMENTO DE CONCRETO ESTRUTURAL, USINADO BOMBEADO, COM FCK 30 MPA, INCLUSIVE LANÇAMENTO, ADENSAMENTO E ACABAMENTO","M3",368.88]
[null,"ED-49640","EST-CON-121","FORNECIMENTO DE CONCRETO ESTRUTURAL, USINADO BOMBEADO, COM FCK 35 MPA, INCLUSIVE LANÇAMENTO, ADENSAMENTO E ACABAMENTO","M3",394.4]
[null,"ED-49641","EST-CON-125","FORNECIMENTO DE CONCRETO ESTRUTURAL, USINADO BOMBEADO, COM FCK 40 MPA, INCLUSIVE LANÇAMENTO, ADENSAMENTO E ACABAMENTO","M3",407.43]
[null,"ED-49642","EST-CON-130","FORNECIMENTO DE CONCRETO ESTRUTURAL, USINADO BOMBEADO, COM FCK 45 MPA, INCLUSIVE LANÇAMENTO, ADENSAMENTO E ACABAMENTO","M3",415.63]
[null,"ED-49629","EST-CON-080","FORNECIMENTO DE CONCRETO ESTRUTURAL, USINADO, COM FCK 20 MPA, INCLUSIVE LANÇAMENTO, ADENSAMENTO E ACABAMENTO","M3",390.16]
[null,"ED-49630","EST-CON-085","FORNECIMENTO DE CONCRETO ESTRUTURAL, USINADO, COM FCK 25 MPA, INCLUSIVE LANÇAMENTO, ADENSAMENTO E ACABAMENTO","M3",404.6]
[null,"ED-49631","EST-CON-090","FORNECIMENTO DE CONCRETO ESTRUTURAL, USINADO, COM FCK 30 MPA, INCLUSIVE LANÇAMENTO, ADENSAMENTO E ACABAMENTO","M3",423.28]
[null,"ED-49632","EST-CON-091","FORNECIMENTO DE CONCRETO ESTRUTURAL, USINADO, COM FCK 35 MPA, INCLUSIVE LANÇAMENTO, ADENSAMENTO E ACABAMENTO","M3",433.05]
[null,"ED-49633","EST-CON-095","FORNECIMENTO DE CONCRETO ESTRUTURAL, USINADO, COM FCK 40 MPA, INCLUSIVE LANÇAMENTO, ADENSAMENTO E ACABAMENTO","M3",452.2]
[null,"ED-49634","EST-CON-096","FORNECIMENTO DE CONCRETO ESTRUTURAL, USINADO, COM FCK 45 MPA, INCLUSIVE LANÇAMENTO, ADENSAMENTO E ACABAMENTO","M3",467.58]
[null,"ED-49614","EST-CON-010","FORNECIMENTO DE CONCRETO NÃO ESTRUTURAL, PREPARADO EM OBRA COM BETONEIRA, COM FCK 10 MPA, INCLUSIVE LANÇAMENTO, ADENSAMENTO E ACABAMENTO","M3",459.58]
[null,"ED-49615","EST-CON-015","FORNECIMENTO DE CONCRETO NÃO ESTRUTURAL, PREPARADO EM OBRA COM BETONEIRA, COM FCK 13,5 MPA, INCLUSIVE LANÇAMENTO, ADENSAMENTO E ACABAMENTO","M3",474.89]
[null,"ED-49616","EST-CON-020","FORNECIMENTO DE CONCRETO NÃO ESTRUTURAL, PREPARADO EM OBRA COM BETONEIRA, COM FCK 15 MPA, INCLUSIVE LANÇAMENTO, ADENSAMENTO E ACABAMENTO","M3",480.74]
[null,"ED-49617","EST-CON-025","FORNECIMENTO DE CONCRETO NÃO ESTRUTURAL, PREPARADO EM OBRA COM BETONEIRA, COM FCK 18 MPA, INCLUSIVE LANÇAMENTO, ADENSAMENTO E ACABAMENTO","M3",492.67]
[null,"ED-49613","EST-CON-005","FORNECIMENTO DE CONCRETO NÃO ESTRUTURAL, PREPARADO EM OBRA COM BETONEIRA, COM FCK 9 MPA, INCLUSIVE LANÇAMENTO, ADENSAMENTO E ACABAMENTO","M3",455.41]
[null,"ED-49625","EST-CON-060","FORNECIMENTO DE CONCRETO NÃO ESTRUTURAL, USINADO, COM FCK 10 MPA, INCLUSIVE LANÇAMENTO, ADENSAMENTO E ACABAMENTO","M3",360.94]
[null,"ED-49627","EST-CON-070","FORNECIMENTO DE CONCRETO NÃO ESTRUTURAL, USINADO, COM FCK 15 MPA, INCLUSIVE LANÇAMENTO, ADENSAMENTO E ACABAMENTO","M3",374.59]
[null,"8747","-","FORMA E DESFORMA"]
[null,"ED-19652","-","FORMA E DESFORMA PARA LAJE NERVURADA COM CUBETA E ASSOALHO EM COMPENSADO PLASTIFICADO, ESP. 14MM, ALTURA DE (200 ATÉ 310)CM, REAPROVEITAMENTO (10X), INCLUSIVE CIMBRAMENTO","M2",36.6]
[null,"ED-19653","-","FORMA E DESFORMA PARA LAJE NERVURADA COM CUBETA E ASSOALHO EM COMPENSADO PLASTIFICADO, ESP. 14MM, ALTURA DE (311 ATÉ 450)CM, REAPROVEITAMENTO (10X), INCLUSIVE CIMBRAMENTO\n","M2",36.99]
[null,"8753","-","ESCORAMENTO"]
[null,"ED-19637","-","CIMBRAMENTO PARA LAJE PRÉ-MOLDADA COM ESCORAMENTO METÁLICO, TIPO \"A\", ALTURA DE (200 ATÉ 310)CM, INCLUSIVE DESCARGA, MONTAGEM, DESMONTAGEM E CARGA","M2",12.21]
[null,"ED-19638","-","CIMBRAMENTO PARA LAJE PRÉ-MOLDADA COM ESCORAMENTO METÁLICO, TIPO \"B\", ALTURA DE (311 ATÉ 450)CM, INCLUSIVE DESCARGA, MONTAGEM, DESMONTAGEM E CARGA","M2",12.6]
[null,"ED-19633","-","ESCORAMENTO METÁLICO PARA LAJE E VIGA EM CONCRETO ARMADO, TIPO \"A\", ALTURA DE (200 ATÉ 310)CM, INCLUSIVE DESCARGA, MONTAGEM, DESMONTAGEM E CARGA","M2",9.7200000000000006]
[null,"ED-19634","-","ESCORAMENTO METÁLICO PARA LAJE E VIGA EM CONCRETO ARMADO, TIPO \"B\", ALTURA DE (311 ATÉ 450)CM, INCLUSIVE DESCARGA, MONTAGEM, DESMONTAGEM E CARGA","M2",10.210000000000001]
[null,"33","-","326 - EST-002  - ESTRUTURA DE CONCRETO"]
[null,"ED-49655","EST-ANC-005","ANCORAGEM DE BARRAS DE AÇO , COM RESINA BASE DE POLIÉSTER","DM3",51.52]
[null,"ED-49660","EST-ESC-005","ESCARIFICAÇÃO MANUAL , CORTE DE CONCRETO ATÉ 3 CM DE PROFUNDIDADE","M2",141]
[null,"ED-49662","EST-GRO-010","FORNECIMENTO E APLICAÇÃO DE GROUT PARA ANCORAGENS, RECUPERAÇÕES ESTRUTURAIS E USO EM GERAL","M3",2100.67]
[null,"ED-49663","EST-GRO-015","GROUT - PREPARO COM ARGAMASSA DE CIMENTO, AREIA SEM PENEIRAR E PEDRISCO TRAÇO 1:3:2","M3",396.84]
[null,"ED-49661","EST-GRO-005","GROUT - PREPARO E LANÇAMENTO COM ARGAMASSA DE CIMENTO, CAL HIDRATADA, AREIA SEM PENEIRAR E PEDRICO TRAÇO 1:0,1:3:2","M3",610.30999999999995]
[null,"ED-49656","EST-ARM-005","LIXAMENTO MECANIZADO DA ARMADURA COM ESCOVA CIRCULAR","M",6.71]
[null,"ED-49657","EST-ARM-010","PROTEÇÃO DE ARMADURA CORROÍDA POR AÇÃO DE CLORETOS, COM TINTA DE ALTO TEOR DE ZINCO","M",3.93]
[null,"ED-49658","EST-ARM-015","REFORÇO ESTRUTURAL COM EMENDA POR SOLDA , PARA RECONSTITUIÇÃO DA SEÇÃO DA ARMADURA","U",9.39]
[null,"ED-49659","EST-ARM-020","REFORÇO ESTRUTURAL COM EMENDA POR TRANSPASSE , PARA RECONSTITUIÇÃO DA SEÇÃO DA ARMADURA","KG",14.87]
[null,"34","-","327 - EST-003  - ESTRUTURA METÁLICA"]
[null,"ED-49678","EST-MET-085","ESTRUTURA DE AÇO PARA COBERTURA DUAS ÁGUAS COM LANTERNIM, ESPAÇAMENTO ENTRE TESOURAS 4 M, VÃO 15 M","M2",196]
[null,"ED-49679","EST-MET-090","ESTRUTURA DE AÇO PARA COBERTURA DUAS ÁGUAS COM LANTERNIM, ESPAÇAMENTO ENTRE TESOURAS 5 M, VÃO 25 M","M2",224]
[null,"ED-49680","EST-MET-095","ESTRUTURA DE AÇO PARA COBERTURA DUAS ÁGUAS COM LANTERNIM, ESPAÇAMENTO ENTRE TESOURAS 5 M, VÃO 30 M","M2",252]
[null,"ED-49670","EST-MET-045","ESTRUTURA DE AÇO PARA COBERTURA EM ARCO , ESPAÇAMENTO ENTRE ARCOS 4 M, VÃO 15 M","M2",135.80000000000001]
[null,"ED-49671","EST-MET-050","ESTRUTURA DE AÇO PARA COBERTURA EM ARCO , ESPAÇAMENTO ENTRE ARCOS 5 M, VÃO 20 M","M2",144.19999999999999]
[null,"ED-49672","EST-MET-055","ESTRUTURA DE AÇO PARA COBERTURA EM ARCO , ESPAÇAMENTO ENTRE ARCOS 6 M, VÃO 25 M","M2",154]
[null,"ED-49673","EST-MET-060","ESTRUTURA DE AÇO PARA COBERTURA EM ARCO , ESPAÇAMENTO ENTRE ARCOS 6 M, VÃO 30 M","M2",159.6]
[null,"ED-49675","EST-MET-070","ESTRUTURA DE AÇO PARA COBERTURA EM SHED , ESPAÇAMENTO ENTRE TESOURAS 10 M, VÃO 20 M","M2",210]
[null,"ED-49676","EST-MET-075","ESTRUTURA DE AÇO PARA COBERTURA EM SHED , ESPAÇAMENTO ENTRE TESOURAS 10 M, VÃO 25 M","M2",224]
[null,"ED-49677","EST-MET-080","ESTRUTURA DE AÇO PARA COBERTURA EM SHED , ESPAÇAMENTO ENTRE TESOURAS 12 M, VÃO 30 M","M2",238]
[null,"ED-49674","EST-MET-065","ESTRUTURA DE AÇO PARA COBERTURA EM SHED , ESPAÇAMENTO ENTRE TESOURAS 7 M, VÃO 15","M2",196]
[null,"ED-49681","EST-MET-100","ESTRUTURA DE ALUMÍNIO EM DUAS ÁGUAS , ESPAÇAMENTO ENTRE TESOURAS DE 3 A 6 M, VÃO DE 20 M","M2",246.75]
[null,"ED-49682","EST-MET-105","ESTRUTURA DE ALUMÍNIO EM DUAS ÁGUAS , ESPAÇAMENTO ENTRE TESOURAS DE 3 A 6 M, VÃO DE 25 M","M2",271.42]
[null,"ED-49683","EST-MET-110","ESTRUTURA DE ALUMÍNIO EM DUAS ÁGUAS , ESPAÇAMENTO ENTRE TESOURAS DE 3 A 6 M, VÃO DE 30 M","M2",296.10000000000002]
[null,"ED-49684","EST-MET-115","ESTRUTURA DE ALUMÍNIO EM DUAS ÁGUAS , ESPAÇAMENTO ENTRE TESOURAS DE 3 A 6 M, VÃO DE 40 M","M2",337.22]
[null,"ED-49664","EST-MET-005","FORNECIMENTO, FABRICAÇÃO, TRANSPORTE E MONTAGEM DE ESTRUTURA METÁLICA EM PERFIS LAMINADOS, INCLUSIVE PINTURA PRIMER","KG",10.5]
[null,"ED-49665","EST-MET-010","FORNECIMENTO, FABRICAÇÃO, TRANSPORTE E MONTAGEM DE ESTRUTURA METÁLICA EM PERFIS SOLDADOS, INCLUSIVE PINTURA PRIMER","KG",10.5]
[null,"ED-49666","EST-MET-015","FORNECIMENTO, FABRICAÇÃO, TRANSPORTE E MONTAGEM DE ESTRUTURA METÁLICA EM PERFIS TUBULARES, INCLUSIVE PINTURA PRIMER","KG",10.5]
[null,"ED-49667","EST-MET-030","FORNECIMENTO, FABRICAÇÃO, TRANSPORTE E MONTAGEM DE ESTRUTURA METÁLICA PARA TELHADO DE QUADRA POLI ESPORTIVA EM AÇO SAC-41, PINTADA","M2",99.64]
[null,"ED-49669","EST-MET-040","FORNECIMENTO, FABRICAÇÃO, TRANSPORTE E MONTAGEM DE ESTRUTURA METÁLICA PARA TELHADO SOBRE LAJE PARA TELHAS CERÂMICAS, INCLUSIVE PINTURA PRIMER","M2",76.05]
[null,"ED-49668","EST-MET-035","FORNECIMENTO, FABRICAÇÃO, TRANSPORTE E MONTAGEM DE ESTRUTURA METÁLICA PARA TELHADO SOBRE LAJE PARA TELHAS METÁLICAS, INCLUSIVE PINTURA PRIMER","M2",50.7]
[null,"35","-","328 - FOR-001  - FORROS"]
[null,"ED-49691","FOR-MAD-015","CIMALHA DE MADEIRA PARA FORRO DE MADEIRA","M",12.7]
[null,"ED-49688","FOR-GES-020","COLOCAÇÃO DE MOLDURA DE GESSO","M",8.5]
[null,"ED-49692","FOR-MAD-020","EMPENAS DE MADEIRA (RÉGUAS)","M2",116.26]
[null,"ED-49687","FOR-GES-015","FORRO DE GESSO EM PLACAS ACARTONADAS - FGA","M2",33.450000000000003]
[null,"ED-49686","FOR-GES-010","FORRO DE GESSO EM PLACAS ACARTONADAS - FGE","M2",39.9]
[null,"ED-49685","FOR-GES-005","FORRO DE GESSO EM PLACAS 60 X 60 CM LISO","M2",30.22]
[null,"ED-49690","FOR-MAD-010","FORRO DE MADEIRA DE PINUS","M2",54.39]
[null,"ED-49689","FOR-MAD-005","FORRO DE MADEIRA EM ANGELIM","M2",70.23]
[null,"ED-49694","FOR-PVC-005","FORRO EM PVC BRANCO DE L = 10 CM","M2",41]
[null,"ED-49695","FOR-PVC-010","FORRO EM PVC BRANCO DE L = 20 CM","M2",41]
[null,"ED-52311","-","MANTA ISOLANTE PARA TELHADOS","M2",11.96]
[null,"36","-","329 - FRG-001  - FERRAGENS"]
[null,"ED-49697","FRG-DOB-010","DOBRADIÇA DE FERRO CROMADA 3\" X 2 1/2\"","U",9.2899999999999991]
[null,"ED-49698","FRG-DOB-015","DOBRADIÇA DE FERRO CROMADA 3 1/2\" X 2 1/2\"","U",9.07]
[null,"ED-49696","FRG-DOB-005","DOBRADIÇA DE FERRO CROMADO 3\" X 2\"","U",9.2899999999999991]
[null,"ED-49701","FRG-FEC-015","FECHADURA TIPO BANHEIRO (TRANQUETA), GRAU DE SEGURANÇA MÉDIO, MÁQUINA 40MM, ACABAMENTO COM ESPELHO CROMADO E MAÇANETA MODELO ALAVANCA EM ZAMAC, INCLUSIVE ACESSÓRIOS PARA FIXAÇÃO E UMA (1) CHAVE","U",185.65]
[null,"ED-49699","FRG-FEC-005","FECHADURA TIPO EXTERNA, GRAU DE SEGURANÇA MÉDIO, MÁQUINA 40MM, ACABAMENTO COM ESPELHO CROMADO E MAÇANETA MODELO ALAVANCA EM ZAMAC, INCLUSIVE ACESSÓRIOS PARA FIXAÇÃO E DUAS (2) CHAVES","U",236.65]
[null,"ED-49700","FRG-FEC-010","FECHADURA TIPO INTERNA (GORGE), GRAU DE SEGURANÇA MÉDIO, MÁQUINA 40MM, ACABAMENTO COM ESPELHO CROMADO E MAÇANETA MODELO ALAVANCA EM ZAMAC, INCLUSIVE ACESSÓRIOS PARA FIXAÇÃO E DUAS (2) CHAVES","U",185.65]
[null,"ED-49702","FRG-MOL-005","MOLA HIDRÁULICA NORMAL","U",132.36000000000001]
[null,"ED-49704","FRG-TAR-005","TARJETA CROMADA, INSTALADA PORTAS DE SANITÁRIOS","U",53.35]
[null,"ED-49705","FRG-TAR-010","TARJETA CROMADA, INSTALADA PORTAS DE SANITÁRIOS-LIVRE/OCUPADO","U",71.349999999999994]
[null,"37","-","FUN-001  - FUNDAÇÕES PROFUNDAS - EXCETO ARMAÇÃO"]
[null,"ED-49773","FUN-TRI-060","CORTE DE ESTACA TIPO TRILHO TR 25/32 DUPLO","U",140]
[null,"ED-49771","FUN-TRI-050","CORTE DE ESTACA TIPO TRILHO TR 25/32 SIMPLES","U",95]
[null,"ED-49774","FUN-TRI-065","CORTE DE ESTACA TIPO TRILHO TR 37/45/57 DUPLO","U",140]
[null,"ED-49772","FUN-TRI-055","CORTE DE ESTACA TIPO TRILHO TR 37/45/57 SIMPLES","U",95]
[null,"ED-49738","FUN-PRE-075","CORTE E PREPARO DE CABEÇA DE ESTACAS","U",40.15]
[null,"ED-49711","FUN-FRA-025","CRAVAÇÃO E CONCRETAGEM ESTACA TIPO FRANKI MOLDADA \"IN LOCO\" 130 TON D = 520 MM","M",261.47000000000003]
[null,"ED-49712","FUN-FRA-035","CRAVAÇÃO E CONCRETAGEM ESTACA TIPO FRANKI MOLDADA \"IN LOCO\" 170 TON D = 600 MM","M",339.58]
[null,"ED-49708","FUN-FRA-010","CRAVAÇÃO E CONCRETAGEM ESTACA TIPO FRANKI MOLDADA \"IN LOCO\" 55 TON D = 350 MM","M",159.35]
[null,"ED-49709","FUN-FRA-015","CRAVAÇÃO E CONCRETAGEM ESTACA TIPO FRANKI MOLDADA \"IN LOCO\" 70 TON D = 400 MM","M",184.85]
[null,"ED-49710","FUN-FRA-020","CRAVAÇÃO E CONCRETAGEM ESTACA TIPO FRANKI MOLDADA \"IN LOCO\" 95 TON D = 450 MM","M",228.24]
[null,"ED-49737","FUN-PRE-070","EMENDA DE ESTACA PRÉ MOLDADA ACIMA DE 95T","U",84.83]
[null,"ED-49735","FUN-PRE-060","EMENDA DE ESTACA PRÉ-MOLDADA ATÉ 65T","U",65]
[null,"ED-49736","FUN-PRE-065","EMENDA DE ESTACA PRÉ-MOLDADA DE 65T A 95T","U",74.5]
[null,"ED-49741","FUN-STR-010","ESCAVAÇÃO E CONCRETAGEM ESTACA TIPO STRAUSS MOLDADA \"IN LOCO\" D = 250 MM","M",83.32]
[null,"ED-49742","FUN-STR-015","ESCAVAÇÃO E CONCRETAGEM ESTACA TIPO STRAUSS MOLDADA \"IN LOCO\" D = 320 MM","M",92.37]
[null,"ED-49743","FUN-STR-016","ESCAVAÇÃO E CONCRETAGEM ESTACA TIPO STRAUSS MOLDADA \"IN LOCO\" D = 380 MM","M",112.04]
[null,"ED-49744","FUN-STR-020","ESCAVAÇÃO E CONCRETAGEM ESTACA TIPO STRAUSS MOLDADA \"IN LOCO\" D = 420 MM","M",119.73]
[null,"ED-49745","FUN-STR-025","ESCAVAÇÃO E CONCRETAGEM ESTACA TIPO STRAUSS MOLDADA \"IN LOCO\" D = 520 MM","M",159.49]
[null,"ED-49777","FUN-TUB-005","ESCAVAÇÃO MANUAL DE TUBULÃO A CÉU ABERTO","M3",234.82]
[null,"ED-49721","FUN-PRE-010","ESTACA PRÉ-MOLDADA DE CONCRETO ARMADO CRAVADA D = 180 MM/35T","M",97.64]
[null,"ED-49722","FUN-PRE-015","ESTACA PRÉ-MOLDADA DE CONCRETO ARMADO CRAVADA D = 230 MM/55T","M",119.64]
[null,"ED-49723","FUN-PRE-020","ESTACA PRÉ-MOLDADA DE CONCRETO ARMADO CRAVADA D = 260 MM/70T","M",137.04]
[null,"ED-49724","FUN-PRE-025","ESTACA PRÉ-MOLDADA DE CONCRETO ARMADO CRAVADA D = 330 MM/90T","M",154.13999999999999]
[null,"ED-49725","FUN-PRE-026","ESTACA PRÉ-MOLDADA DE CONCRETO ARMADO CRAVADA D = 380 MM/105T","M",162.94]
[null,"ED-49726","FUN-PRE-027","ESTACA PRÉ-MOLDADA DE CONCRETO ARMADO CRAVADA D = 420 MM/130T","M",181.64]
[null,"ED-49727","FUN-PRE-028","ESTACA PRÉ-MOLDADA DE CONCRETO ARMADO CRAVADA D = 500 MM/150T","M",234.64]
[null,"ED-49728","FUN-PRE-030","ESTACA PRÉ-MOLDADA DE CONCRETO ARMADO CRAVADA 15 X 15 CM/25T","M",89.81]
[null,"ED-49729","FUN-PRE-035","ESTACA PRÉ-MOLDADA DE CONCRETO ARMADO CRAVADA 17 X 17 CM/35T","M",94.21]
[null,"ED-49730","FUN-PRE-040","ESTACA PRÉ-MOLDADA DE CONCRETO ARMADO CRAVADA 20 X 20 CM/50T","M",105.21]
[null,"ED-49731","FUN-PRE-045","ESTACA PRÉ-MOLDADA DE CONCRETO ARMADO CRAVADA 21,5 X 21,5 CM/60T","M",111.81]
[null,"ED-49732","FUN-PRE-050","ESTACA PRÉ-MOLDADA DE CONCRETO ARMADO CRAVADA 23 X 23 CM/70T","M",124.37]
[null,"ED-49733","FUN-PRE-055","ESTACA PRÉ-MOLDADA DE CONCRETO ARMADO CRAVADA 25,5 X 25,5 CM/85T","M",140.87]
[null,"ED-49734","FUN-PRE-056","ESTACA PRÉ-MOLDADA DE CONCRETO ARMADO CRAVADA 28 X 28 CM/105T","M",158.13999999999999]
[null,"ED-49766","FUN-TRI-030","ESTACA TIPO TRILHO TR-25 DUPLO","M",225.8]
[null,"ED-49761","FUN-TRI-010","ESTACA TIPO TRILHO TR-25 SIMPLES","M",107.55]
[null,"ED-49767","FUN-TRI-035","ESTACA TIPO TRILHO TR-32 DUPLO","M",255.06]
[null,"ED-49762","FUN-TRI-015","ESTACA TIPO TRILHO TR-32 SIMPLES","M",122.18]
[null,"ED-49768","FUN-TRI-040","ESTACA TIPO TRILHO TR-37 DUPLO","M",275.95999999999998]
[null,"ED-49763","FUN-TRI-020","ESTACA TIPO TRILHO TR-37 SIMPLES","M",132.63]
[null,"ED-49769","FUN-TRI-045","ESTACA TIPO TRILHO TR-45 DUPLO","M",309.39999999999998]
[null,"ED-49764","FUN-TRI-025","ESTACA TIPO TRILHO TR-45 SIMPLES","M",149.35]
[null,"ED-49770","FUN-TRI-046","ESTACA TIPO TRILHO TR-57 DUPLO","M",359.56]
[null,"ED-49765","FUN-TRI-026","ESTACA TIPO TRILHO TR-57 SIMPLES","M",174.43]
[null,"ED-49715","FUN-HEL-010","EXECUÇÃO DE ESTACA TIPO HÉLICE CONTÍNUA D = 400 MM, EXCETO CONCRETO","M",40]
[null,"ED-49716","FUN-HEL-015","EXECUÇÃO DE ESTACA TIPO HÉLICE CONTÍNUA D = 500 MM, EXCETO CONCRETO","M",50]
[null,"ED-49717","FUN-HEL-020","EXECUÇÃO DE ESTACA TIPO HÉLICE CONTÍNUA D = 600 MM, EXCETO CONCRETO","M",60]
[null,"ED-49718","FUN-HEL-025","EXECUÇÃO DE ESTACA TIPO HÉLICE CONTÍNUA D = 800 MM, EXCETO CONCRETO","M",80]
[null,"ED-49750","FUN-TRA-025","MOBILIZAÇÃO E DESMOBILIZAÇÃO DE EQUIPAMENTO PARA BROCA TRADO DMT ATÉ 50 KM","VB",1000]
[null,"ED-49751","FUN-TRA-026","MOBILIZAÇÃO E DESMOBILIZAÇÃO DE EQUIPAMENTO PARA BROCA TRADO DMT DE 50,1 A 100 KM","VB",1500]
[null,"ED-49719","FUN-PRE-005","MOBILIZAÇÃO E DESMOBILIZAÇÃO DE EQUIPAMENTO PARA ESTACA CRAVADA DMT ATÉ 50 KM","VB",6500]
[null,"ED-49720","FUN-PRE-006","MOBILIZAÇÃO E DESMOBILIZAÇÃO DE EQUIPAMENTO PARA ESTACA CRAVADA DMT DE 50,1 A 100 KM","VB",9000]
[null,"ED-49739","FUN-STR-005","MOBILIZAÇÃO E DESMOBILIZAÇÃO DE EQUIPAMENTO PARA ESTACA STRAUSS DMT ATÉ 50 KM","VB",5000]
[null,"ED-49740","FUN-STR-006","MOBILIZAÇÃO E DESMOBILIZAÇÃO DE EQUIPAMENTO PARA ESTACA STRAUSS DMT DE 50,1 A 100 KM","VB",6500]
[null,"ED-49706","FUN-FRA-005","MOBILIZAÇÃO E DESMOBILIZAÇÃO DE EQUIPAMENTO PARA ESTACA TIPO FRANKI DMT ATÉ 50 KM","VB",10000]
[null,"ED-49707","FUN-FRA-006","MOBILIZAÇÃO E DESMOBILIZAÇÃO DE EQUIPAMENTO PARA ESTACA TIPO FRANKI DMT DE 50,1 A 100 KM","VB",13500]
[null,"ED-49713","FUN-HEL-005","MOBILIZAÇÃO E DESMOBILIZAÇÃO DE EQUIPAMENTO PARA ESTACA TIPO HÉLICE CONTÍNUA DMT ATÉ 50 KM","VB",9000]
[null,"ED-49714","FUN-HEL-006","MOBILIZAÇÃO E DESMOBILIZAÇÃO DE EQUIPAMENTO PARA ESTACA TIPO HÉLICE CONTÍNUA DMT DE 50,1 A 100 KM","VB",12000]
[null,"ED-49759","FUN-TRI-005","MOBILIZAÇÃO E DESMOBILIZAÇÃO DE EQUIPAMENTO PARA ESTACA TRILHO DMT ATÉ 50 KM","VB",6500]
[null,"ED-49760","FUN-TRI-006","MOBILIZAÇÃO E DESMOBILIZAÇÃO DE EQUIPAMENTO PARA ESTACA TRILHO DMT DE 50,1 A 100 KM","VB",9000]
[null,"ED-49746","FUN-TRA-005","PERFURAÇÃO DE ESTACA BROCA A TRADO MANUAL D = 150 MM","M",16.21]
[null,"ED-49747","FUN-TRA-010","PERFURAÇÃO DE ESTACA BROCA A TRADO MANUAL D = 200 MM","M",21.15]
[null,"ED-49748","FUN-TRA-015","PERFURAÇÃO DE ESTACA BROCA A TRADO MANUAL D = 250 MM","M",28.2]
[null,"ED-49749","FUN-TRA-020","PERFURAÇÃO DE ESTACA BROCA A TRADO MANUAL D = 300 MM","M",42.3]
[null,"ED-49752","FUN-TRA-030","PERFURAÇÃO DE ESTACA BROCA A TRADO MECANIZADO D = 250 MM","M",20]
[null,"ED-49753","FUN-TRA-035","PERFURAÇÃO DE ESTACA BROCA A TRADO MECANIZADO D = 300 MM","M",27.5]
[null,"ED-49754","FUN-TRA-040","PERFURAÇÃO DE ESTACA BROCA A TRADO MECANIZADO D = 350 MM","M",31.5]
[null,"ED-49755","FUN-TRA-045","PERFURAÇÃO DE ESTACA BROCA A TRADO MECANIZADO D = 400 MM","M",37.5]
[null,"ED-49756","FUN-TRA-050","PERFURAÇÃO DE ESTACA BROCA A TRADO MECANIZADO D = 450 MM","M",40]
[null,"ED-49757","FUN-TRA-055","PERFURAÇÃO DE ESTACA BROCA A TRADO MECANIZADO D = 500 MM","M",47.5]
[null,"ED-49776","FUN-TRI-075","SOLDA DE TOPO PERFIL METÁLICO DUPLO","U",230]
[null,"ED-49775","FUN-TRI-070","SOLDA DE TOPO PERFIL METÁLICO SIMPLES","U",165]
[null,"38","-","331 - FUN-002  - FUNDAÇÃO SUPERFICIAL"]
[null,"ED-49780","FUN-CON-015","CONCRETO CICLÓPICO, FCK 15 MPA,  PREPARADO EM OBRA COM BETONEIRA, COM 30% DE PEDRA DE MÃO, INCLUSIVE LANÇAMENTO, ADENSAMENTO E ACABAMENTO","M3",354.37]
[null,"ED-49779","FUN-CON-010","CONCRETO CICLÓPICO, TRAÇO 1:3:6,  PREPARADO EM OBRA COM BETONEIRA, COM 30% DE PEDRA DE MÃO, INCLUSIVE LANÇAMENTO, ADENSAMENTO E ACABAMENTO","M3",306.85000000000002]
[null,"ED-49778","FUN-CON-005","CONCRETO CICLÓPICO, TRAÇO 1:4:8,  PREPARADO EM OBRA COM BETONEIRA, COM 30% DE PEDRA DE MÃO, INCLUSIVE LANÇAMENTO, ADENSAMENTO E ACABAMENTO","M3",293.7]
[null,"ED-8571","-","FORMA E DESFORMA DE COMPENSADO PLASTIFICADO, ESP. 12MM, REAPROVEITAMENTO (3X) (FUNDAÇÃO)","M2",41.86]
[null,"ED-49811","FUN-FOR-010","FORMA E DESFORMA DE COMPENSADO RESINADO, ESP. 12MM, REAPROVEITAMENTO (3X) (FUNDAÇÃO)","M2",39.86]
[null,"ED-49810","FUN-FOR-005","FORMA E DESFORMA DE TÁBUA E SARRAFO, REAPROVEITAMENTO (3X) (FUNDAÇÃO)","M2",40.56]
[null,"ED-49786","FUN-CON-045","FORNECIMENTO DE CONCRETO ESTRUTURAL, PREPARADO EM OBRA COM BETONEIRA, COM FCK 20 MPA, INCLUSIVE LANÇAMENTO, ADENSAMENTO E ACABAMENTO (FUNDAÇÃO)","M3",477.06]
[null,"ED-49787","FUN-CON-050","FORNECIMENTO DE CONCRETO ESTRUTURAL, PREPARADO EM OBRA COM BETONEIRA, COM FCK 25 MPA, INCLUSIVE LANÇAMENTO, ADENSAMENTO E ACABAMENTO (FUNDAÇÃO)","M3",491.75]
[null,"ED-49788","FUN-CON-055","FORNECIMENTO DE CONCRETO ESTRUTURAL, PREPARADO EM OBRA COM BETONEIRA, COM FCK 30 MPA, INCLUSIVE LANÇAMENTO, ADENSAMENTO E ACABAMENTO (FUNDAÇÃO)","M3",523.24]
[null,"ED-49789","FUN-CON-056","FORNECIMENTO DE CONCRETO ESTRUTURAL, PREPARADO EM OBRA COM BETONEIRA, COM FCK 35 MPA, INCLUSIVE LANÇAMENTO, ADENSAMENTO E ACABAMENTO (FUNDAÇÃO)","M3",540.27]
[null,"ED-49790","FUN-CON-060","FORNECIMENTO DE CONCRETO ESTRUTURAL, PREPARADO EM OBRA COM BETONEIRA, COM FCK 40 MPA, INCLUSIVE LANÇAMENTO, ADENSAMENTO E ACABAMENTO (FUNDAÇÃO)","M3",569.52]
[null,"ED-49804","FUN-CON-130","FORNECIMENTO DE CONCRETO ESTRUTURAL, USINADO BOMBEADO, COM FCK 20 MPA, INCLUSIVE LANÇAMENTO, ADENSAMENTO E ACABAMENTO (FUNDAÇÃO)","M3",332.59]
[null,"ED-49809","FUN-CON-155","FORNECIMENTO DE CONCRETO ESTRUTURAL, USINADO BOMBEADO, COM FCK 20 MPA, SLUMP 20 +/- 2 (SLUMPFLOW 48 A 53 CM, COM AGREGADOS PEDRISCO E AREIA, CONSUMO MÍNIMO DE CIMENTO DE 400 KG/M3), INCLUSIVE LANÇAMENTO, ADENSAMENTO E ACABAMENTO (FUNDAÇÃO)","M3",366.17]
[null,"ED-49805","FUN-CON-135","FORNECIMENTO DE CONCRETO ESTRUTURAL, USINADO BOMBEADO, COM FCK 25 MPA, INCLUSIVE LANÇAMENTO, ADENSAMENTO E ACABAMENTO (FUNDAÇÃO)","M3",344.69]
[null,"ED-49806","FUN-CON-140","FORNECIMENTO DE CONCRETO ESTRUTURAL, USINADO BOMBEADO, COM FCK 30 MPA, INCLUSIVE LANÇAMENTO, ADENSAMENTO E ACABAMENTO (FUNDAÇÃO)","M3",358.74]
[null,"ED-49807","FUN-CON-141","FORNECIMENTO DE CONCRETO ESTRUTURAL, USINADO BOMBEADO, COM FCK 35 MPA, INCLUSIVE LANÇAMENTO, ADENSAMENTO E ACABAMENTO (FUNDAÇÃO)","M3",384.26]
[null,"ED-49808","FUN-CON-150","FORNECIMENTO DE CONCRETO ESTRUTURAL, USINADO BOMBEADO, COM FCK 40 MPA, INCLUSIVE LANÇAMENTO, ADENSAMENTO E ACABAMENTO (FUNDAÇÃO)","M3",397.29]
[null,"ED-49797","FUN-CON-095","FORNECIMENTO DE CONCRETO ESTRUTURAL, USINADO, COM FCK 20 MPA, INCLUSIVE LANÇAMENTO, ADENSAMENTO E ACABAMENTO (FUNDAÇÃO)","M3",366.36]
[null,"ED-49798","FUN-CON-100","FORNECIMENTO DE CONCRETO ESTRUTURAL, USINADO, COM FCK 25 MPA, INCLUSIVE LANÇAMENTO, ADENSAMENTO E ACABAMENTO (FUNDAÇÃO)","M3",380.8]
[null,"ED-49799","FUN-CON-105","FORNECIMENTO DE CONCRETO ESTRUTURAL, USINADO, COM FCK 30 MPA, INCLUSIVE LANÇAMENTO, ADENSAMENTO E ACABAMENTO (FUNDAÇÃO)","M3",399.48]
[null,"ED-49800","FUN-CON-106","FORNECIMENTO DE CONCRETO ESTRUTURAL, USINADO, COM FCK 35 MPA, INCLUSIVE LANÇAMENTO, ADENSAMENTO E ACABAMENTO (FUNDAÇÃO)","M3",409.25]
[null,"ED-49801","FUN-CON-110","FORNECIMENTO DE CONCRETO ESTRUTURAL, USINADO, COM FCK 40 MPA, INCLUSIVE LANÇAMENTO, ADENSAMENTO E ACABAMENTO (FUNDAÇÃO)","M3",428.4]
[null,"ED-49782","FUN-CON-025","FORNECIMENTO DE CONCRETO NÃO ESTRUTURAL, PREPARADO EM OBRA COM BETONEIRA, COM FCK 10 MPA, INCLUSIVE LANÇAMENTO, ADENSAMENTO E ACABAMENTO (FUNDAÇÃO)\n","M3",435.78]
[null,"ED-49783","FUN-CON-030","FORNECIMENTO DE CONCRETO NÃO ESTRUTURAL, PREPARADO EM OBRA COM BETONEIRA, COM FCK 13,5 MPA, INCLUSIVE LANÇAMENTO, ADENSAMENTO E ACABAMENTO (FUNDAÇÃO)","M3",451.09]
[null,"ED-49784","FUN-CON-035","FORNECIMENTO DE CONCRETO NÃO ESTRUTURAL, PREPARADO EM OBRA COM BETONEIRA, COM FCK 15 MPA, INCLUSIVE LANÇAMENTO, ADENSAMENTO E ACABAMENTO (FUNDAÇÃO)","M3",450.53]
[null,"ED-49785","FUN-CON-040","FORNECIMENTO DE CONCRETO NÃO ESTRUTURAL, PREPARADO EM OBRA COM BETONEIRA, COM FCK 18 MPA, INCLUSIVE LANÇAMENTO, ADENSAMENTO E ACABAMENTO (FUNDAÇÃO)","M3",468.87]
[null,"ED-49781","FUN-CON-020","FORNECIMENTO DE CONCRETO NÃO ESTRUTURAL, PREPARADO EM OBRA COM BETONEIRA, COM FCK 9 MPA, INCLUSIVE LANÇAMENTO, ADENSAMENTO E ACABAMENTO (FUNDAÇÃO)","M3",431.61]
[null,"ED-49793","FUN-CON-075","FORNECIMENTO DE CONCRETO NÃO ESTRUTURAL, USINADO, COM FCK 10 MPA, INCLUSIVE LANÇAMENTO, ADENSAMENTO E ACABAMENTO (FUNDAÇÃO)","M3",337.14]
[null,"ED-49795","FUN-CON-085","FORNECIMENTO DE CONCRETO NÃO ESTRUTURAL, USINADO, COM FCK 15 MPA, INCLUSIVE LANÇAMENTO, ADENSAMENTO E ACABAMENTO (FUNDAÇÃO)","M3",350.79]
[null,"ED-49814","FUN-LAS-015","LASTRO DE AREIA","M3",115.39]
[null,"ED-49813","FUN-LAS-010","LASTRO DE BRITA 2 OU 3 APILOADO MANUALMENTE","M3",107.25]
[null,"ED-49812","FUN-LAS-005","LASTRO DE CONCRETO MAGRO, INCLUSIVE TRANSPORTE, LANÇAMENTO E ADENSAMENTO ","M3",365.59]
[null,"39","-","332 - GAS-001  - INSTALAÇÃO DE GÁS"]
[null,"ED-49816","GAS-CAPS-005","CAPS FORJADO SOLDA SCH 40 S/COST A234 WPB 3/4\"","U",15.8]
[null,"ED-49817","GAS-CIL-005","CILINDRO DE AÇO COM GÁS GLP CAPACIDADE 45 KG","U",305.48]
[null,"ED-49818","GAS-COL-005","COLETOR MÓDULO CENTRAL","U",121.48]
[null,"ED-49819","GAS-COL-010","COLETOR MÓDULO II SIMPLES P-45","U",121.48]
[null,"ED-15716","-","DEPÓSITO PARA CILINDRO DE GÁS (GLP), INCLUSIVE ALVENARIA DE VEDAÇÃO COM ESP. 14CM, CHAPISCO COM ARGAMASSA (TRAÇO 1:3), ESP. 5MM, REBOCO COM ARGAMASSA (TRAÇO 1:2:8), ESP. 20MM, PINTURA ACRÍLICA EM DUAS (2) DEMÃOS, LAJE IMPERMEABILIZADA E PORTÃO EM TELA GALVANIZADA FIO 12 COM CADEADO, EXCLUSIVE CILINDROS - PADRÃO DER-MG","UN",1985.86]
[null,"ED-49821","GAS-MAN-005","MANGUEIRA PLÁSTICA PARA GÁS D = 3/8\" X 1,50 M","U",17.25]
[null,"ED-49822","GAS-NIP-005","NIPLE DE REDUÇÃO DE LATÃO 1/2\" NPT X 1/8\" NPT","U",11.11]
[null,"ED-49823","GAS-NIP-010","NIPLE DE REDUÇÃO DE LATÃO 1/2\" NPT X 3/8\" NPT","U",11.11]
[null,"ED-49824","GAS-NIP-015","NIPLE DUPLO FERRO MALEÁVEL 300# 1/2\" NPT","U",11.11]
[null,"ED-49825","GAS-PIG-005","PIG-TAIL DE BORRACHA P-45/P-90 - 500MM","U",20.09]
[null,"ED-49826","GAS-REG-005","REGISTRO BICO INJETOR D = 3/8\"","U",38.24]
[null,"ED-49827","GAS-REG-010","REGISTRO DE GÁS D = 1/2\"","U",47.2]
[null,"ED-49828","GAS-REG-015","REGISTRO DE LATÃO 1/2\" NPT X 1/2\" NPT","U",35.880000000000003]
[null,"ED-49829","GAS-REP-005","REGULADOR PRESSÃO ALIANÇA 76506/3 ENTRA 1/8\" - 7KG/H - EST. ÚNICO","U",105.37]
[null,"ED-49830","GAS-TAM-005","TAMPÃO (CAP) FERRO MALEÁVEL NPT 300# 1/2\"","U",15.45]
[null,"ED-49832","GAS-TUB-010","TUBO AÇO PRETO SCH-40, D = 1/2\" SEM COSTURA","M",34.450000000000003]
[null,"ED-49833","GAS-TUB-015","TUBO AÇO PRETO SCH-40, D = 3/4\" SEM COSTURA","M",42.57]
[null,"ED-49831","GAS-TUB-005","TUBO AÇO PRETO SCH-40, D = 3/8\" SEM COSTURA","M",29.79]
[null,"ED-49841","GAS-VAL-005","VÁLVULA DE ESFERA TRIPARTIDA COM ROSCA NPT, CLASSE 300LBS - 1/2\"","U",69.66]
[null,"ED-49842","GAS-VAL-010","VÁLVULA DE ESFERA TRIPARTIDA COM ROSCA NPT, CLASSE 300LBS - 3/4\"","U",76.58]
[null,"ED-49843","GAS-VAL-015","VÁLVULA DE REGISTRO PARA GÁS COM TÊ REVERSÍVEL PARA 2 BOTIJÕES","U",83.85]
[null,"40","-","333 - HID-001  - INSTALAÇÃO HIDRO-SANITÁRIA"]
[null,"ED-49938","HID-DES-005","CAIXA DE DESCARGA PLÁSTICA EXTERNA 12 LTS INSTALADA COM ACESSÓRIOS","U",123.13]
[null,"ED-16355","-","LOCAÇÃO DE CONTAINER COM ISOLAMENTO TÉRMICO, TIPO 8, PARA VESTIÁRIO DE OBRA COM OITO (8) BANCOS E CINCO (5) ARMÁRIOS, COM MEDIDAS REFERENCIAIS DE (6) METROS COMPRIMENTO, (2,3) METROS LARGURA E (2,5) METROS ALTURA ÚTIL INTERNA, INCLUSIVE LIGAÇÕES ELÉTRICAS INTERNAS, EXCLUSIVE MOBILIZAÇÃO/DESMOBILIZAÇÃO E LIGAÇÕES PROVISÓRIAS EXTERNAS","MÊS",553.70000000000005]
[null,"ED-49951","HID-MIT-005","MITRA PVC RÍGIDO (TERMINAL DE VENTILAÇÃO TIPO) 75 MM","U",6.67]
[null,"ED-49962","HID-RAL-025","RALO SEMI- HEMISFÉRICO TIPO ABACAXI D = 100 MM","U",34.049999999999997]
[null,"ED-49960","HID-RAL-015","RALO SEMI- HEMISFÉRICO TIPO ABACAXI D = 50 MM","U",27.17]
[null,"ED-49961","HID-RAL-020","RALO SEMI- HEMISFÉRICO TIPO ABACAXI D = 75 MM","U",32.369999999999997]
[null,"8424","-","BOMBAS DE RECALQUE"]
[null,"ED-49858","HID-BOM-005","BOMBA CENTRÍFUGA DE SUCÇÃO E RECALQUE 1/2 HP D = 2\"","UN",2665.61]
[null,"ED-49859","HID-BOM-010","BOMBA CENTRÍFUGA DE SUCÇÃO E RECALQUE 1/2 HP D = 3\"","UN",2946.53]
[null,"ED-49869","HID-BOM-050","CONJUNTO ELEVATÓRIO MOTOR-BOMBA (CENTRÍFUGA) DE 10 HP","UN",3120.52]
[null,"ED-49863","HID-BOM-024","CONJUNTO ELEVATÓRIO MOTOR-BOMBA (CENTRÍFUGA) DE 1/2 HP","UN",714.88]
[null,"ED-49862","HID-BOM-023","CONJUNTO ELEVATÓRIO MOTOR-BOMBA (CENTRÍFUGA) DE 1/3 HP","UN",686.32]
[null,"ED-49865","HID-BOM-030","CONJUNTO ELEVATÓRIO MOTOR-BOMBA (CENTRÍFUGA) DE 2 HP","UN",1278.68]
[null,"ED-49866","HID-BOM-035","CONJUNTO ELEVATÓRIO MOTOR-BOMBA (CENTRÍFUGA) DE 3 HP","UN",1093.0999999999999]
[null,"ED-49867","HID-BOM-040","CONJUNTO ELEVATÓRIO MOTOR-BOMBA (CENTRÍFUGA) DE 5 HP","UN",2117.89]
[null,"ED-49868","HID-BOM-045","CONJUNTO ELEVATÓRIO MOTOR-BOMBA (CENTRÍFUGA) DE 7,5 HP","UN",2565.64]
[null,"ED-49864","HID-BOM-025","CONJUNTO MOTO BOMBA 3/4\" CV MONOFÁSICA, CENTRÍFUGA, 1 ESTAGIO","UN",1196.8900000000001]
[null,"ED-49860","HID-BOM-015","MOTO-BOMBA 0,5 CV VM = 5M3/H 1 1/2\" R = 1 1/2\", TRIFÁSICA","UN",1226.8499999999999]
[null,"ED-49861","HID-BOM-020","MOTO-BOMBA 1 CV SUCÇÃO = 1 1/2\" R = 1 1/4\", VM = 5M3/H, HM = 16 M","UN",1334.76]
[null,"8425","-","CAIXAS DÁGUA E RESERVATÓRIOS"]
[null,"ED-49936","HID-DAG-015","CAIXA D´ÁGUA DE POLIETILENO, CAPACIDADE DE 1.000L, INCLUSIVE TAMPA, TORNEIRA DE BOIA, EXTRAVASOR, TUBO DE LIMPEZA E ACESSÓRIOS, EXCLUSIVE TUBULAÇÃO DE ENTRADA/SAÍDA DE ÁGUA","UN",584.45000000000005]
[null,"ED-49937","HID-DAG-020","CAIXA D´ÁGUA DE POLIETILENO, CAPACIDADE DE 1.500L, INCLUSIVE TAMPA, TORNEIRA DE BOIA, EXTRAVASOR, TUBO DE LIMPEZA E ACESSÓRIOS, EXCLUSIVE TUBULAÇÃO DE ENTRADA/SAÍDA DE ÁGUA","UN",1095.1500000000001]
[null,"ED-49934","HID-DAG-005","CAIXA D´ÁGUA DE POLIETILENO, CAPACIDADE DE 250L, INCLUSIVE TAMPA, TORNEIRA DE BOIA, EXTRAVASOR, TUBO DE LIMPEZA E ACESSÓRIOS, EXCLUSIVE TUBULAÇÃO DE ENTRADA/SAÍDA DE ÁGUA","UN",375.48]
[null,"ED-49935","HID-DAG-010","CAIXA D´ÁGUA DE POLIETILENO, CAPACIDADE DE 500L, INCLUSIVE TAMPA, TORNEIRA DE BOIA, EXTRAVASOR, TUBO DE LIMPEZA E ACESSÓRIOS, EXCLUSIVE TUBULAÇÃO DE ENTRADA/SAÍDA DE ÁGUA","UN",435.27]
[null,"8426","-","CAIXAS DE DRENAGEM/ESGOTO DE ALVENARIA E CONCRETO"]
[null,"ED-49931","HID-CXS-290","CAIXA DE DRENAGEM DE INSPEÇÃO/PASSAGEM EM ALVENARIA (100X100X50CM), REVESTIMENTO EM ARGAMASSA COM ADITIVO IMPERMEABILIZANTE, COM TAMPA EM GRELHA, INCLUSIVE ESCAVAÇÃO, REATERRO E TRANSPORTE E RETIRADA DO MATERIAL ESCAVADO (EM CAÇAMBA)","UN",867.63]
[null,"ED-49932","HID-CXS-295","CAIXA DE DRENAGEM DE INSPEÇÃO/PASSAGEM EM ALVENARIA (100X100X80CM), REVESTIMENTO EM ARGAMASSA COM ADITIVO IMPERMEABILIZANTE, COM TAMPA EM GRELHA, INCLUSIVE ESCAVAÇÃO, REATERRO E TRANSPORTE E RETIRADA DO MATERIAL ESCAVADO (EM CAÇAMBA)","UN",1563.48]
[null,"ED-49905","HID-CXS-150","CAIXA DE DRENAGEM DE INSPEÇÃO/PASSAGEM EM ALVENARIA (30X30X30CM), REVESTIMENTO EM ARGAMASSA COM ADITIVO IMPERMEABILIZANTE, COM TAMPA EM GRELHA, INCLUSIVE ESCAVAÇÃO, REATERRO E TRANSPORTE E RETIRADA DO MATERIAL ESCAVADO (EM CAÇAMBA)","UN",137.03]
[null,"ED-49906","HID-CXS-155","CAIXA DE DRENAGEM DE INSPEÇÃO/PASSAGEM EM ALVENARIA (30X30X40CM), REVESTIMENTO EM ARGAMASSA COM ADITIVO IMPERMEABILIZANTE, COM TAMPA EM GRELHA, INCLUSIVE ESCAVAÇÃO, REATERRO E TRANSPORTE E RETIRADA DO MATERIAL ESCAVADO (EM CAÇAMBA)","UN",151.74]
[null,"ED-49907","HID-CXS-160","CAIXA DE DRENAGEM DE INSPEÇÃO/PASSAGEM EM ALVENARIA (30X30X60CM), REVESTIMENTO EM ARGAMASSA COM ADITIVO IMPERMEABILIZANTE, COM TAMPA EM GRELHA, INCLUSIVE ESCAVAÇÃO, REATERRO E TRANSPORTE E RETIRADA DO MATERIAL ESCAVADO (EM CAÇAMBA)","UN",181.18]
[null,"ED-49908","HID-CXS-165","CAIXA DE DRENAGEM DE INSPEÇÃO/PASSAGEM EM ALVENARIA (40X40X40CM), REVESTIMENTO EM ARGAMASSA COM ADITIVO IMPERMEABILIZANTE, COM TAMPA EM GRELHA, INCLUSIVE ESCAVAÇÃO, REATERRO E TRANSPORTE E RETIRADA DO MATERIAL ESCAVADO (EM CAÇAMBA)","UN",215.89]
[null,"ED-49909","HID-CXS-170","CAIXA DE DRENAGEM DE INSPEÇÃO/PASSAGEM EM ALVENARIA (40X40X60CM), REVESTIMENTO EM ARGAMASSA COM ADITIVO IMPERMEABILIZANTE, COM TAMPA EM GRELHA, INCLUSIVE ESCAVAÇÃO, REATERRO E TRANSPORTE E RETIRADA DO MATERIAL ESCAVADO (EM CAÇAMBA)","UN",253.8]
[null,"ED-49910","HID-CXS-175","CAIXA DE DRENAGEM DE INSPEÇÃO/PASSAGEM EM ALVENARIA (40X40X80CM), REVESTIMENTO EM ARGAMASSA COM ADITIVO IMPERMEABILIZANTE, COM TAMPA EM GRELHA, INCLUSIVE ESCAVAÇÃO, REATERRO E TRANSPORTE E RETIRADA DO MATERIAL ESCAVADO (EM CAÇAMBA)","UN",291.68]
[null,"ED-49913","HID-CXS-190","CAIXA DE DRENAGEM DE INSPEÇÃO/PASSAGEM EM ALVENARIA (50X50X100CM), REVESTIMENTO EM ARGAMASSA COM ADITIVO IMPERMEABILIZANTE, COM TAMPA EM GRELHA, INCLUSIVE ESCAVAÇÃO, REATERRO E TRANSPORTE E RETIRADA DO MATERIAL ESCAVADO (EM CAÇAMBA)","UN",430.39]
[null,"ED-49911","HID-CXS-180","CAIXA DE DRENAGEM DE INSPEÇÃO/PASSAGEM EM ALVENARIA (50X50X40CM), REVESTIMENTO EM ARGAMASSA COM ADITIVO IMPERMEABILIZANTE, COM TAMPA EM GRELHA, INCLUSIVE ESCAVAÇÃO, REATERRO E TRANSPORTE E RETIRADA DO MATERIAL ESCAVADO (EM CAÇAMBA)","UN",290.51]
[null,"ED-49912","HID-CXS-185","CAIXA DE DRENAGEM DE INSPEÇÃO/PASSAGEM EM ALVENARIA (50X50X60CM), REVESTIMENTO EM ARGAMASSA COM ADITIVO IMPERMEABILIZANTE, COM TAMPA EM GRELHA, INCLUSIVE ESCAVAÇÃO, REATERRO E TRANSPORTE E RETIRADA DO MATERIAL ESCAVADO (EM CAÇAMBA)","UN",337.14]
[null,"ED-49917","HID-CXS-210","CAIXA DE DRENAGEM DE INSPEÇÃO/PASSAGEM EM ALVENARIA (60X60X100CM), REVESTIMENTO EM ARGAMASSA COM ADITIVO IMPERMEABILIZANTE, COM TAMPA EM GRELHA, INCLUSIVE ESCAVAÇÃO, REATERRO E TRANSPORTE E RETIRADA DO MATERIAL ESCAVADO (EM CAÇAMBA)","UN",542.51]
[null,"ED-49914","HID-CXS-195","CAIXA DE DRENAGEM DE INSPEÇÃO/PASSAGEM EM ALVENARIA (60X60X40CM), REVESTIMENTO EM ARGAMASSA COM ADITIVO IMPERMEABILIZANTE, COM TAMPA EM GRELHA, INCLUSIVE ESCAVAÇÃO, REATERRO E TRANSPORTE E RETIRADA DO MATERIAL ESCAVADO (EM CAÇAMBA)","UN",375.58]
[null,"ED-49915","HID-CXS-200","CAIXA DE DRENAGEM DE INSPEÇÃO/PASSAGEM EM ALVENARIA (60X60X60CM), REVESTIMENTO EM ARGAMASSA COM ADITIVO IMPERMEABILIZANTE, COM TAMPA EM GRELHA, INCLUSIVE ESCAVAÇÃO, REATERRO E TRANSPORTE E RETIRADA DO MATERIAL ESCAVADO (EM CAÇAMBA)","UN",431.22]
[null,"ED-49916","HID-CXS-205","CAIXA DE DRENAGEM DE INSPEÇÃO/PASSAGEM EM ALVENARIA (60X60X80CM), REVESTIMENTO EM ARGAMASSA COM ADITIVO IMPERMEABILIZANTE, COM TAMPA EM GRELHA, INCLUSIVE ESCAVAÇÃO, REATERRO E TRANSPORTE E RETIRADA DO MATERIAL ESCAVADO (EM CAÇAMBA)","UN",486.87]
[null,"ED-49921","HID-CXS-240","CAIXA DE DRENAGEM DE INSPEÇÃO/PASSAGEM EM ALVENARIA (70X70X110CM), REVESTIMENTO EM ARGAMASSA COM ADITIVO IMPERMEABILIZANTE, COM TAMPA EM GRELHA, INCLUSIVE ESCAVAÇÃO, REATERRO E TRANSPORTE E RETIRADA DO MATERIAL ESCAVADO (EM CAÇAMBA)","UN",698.39]
[null,"ED-49918","HID-CXS-215","CAIXA DE DRENAGEM DE INSPEÇÃO/PASSAGEM EM ALVENARIA (70X70X40CM), REVESTIMENTO EM ARGAMASSA COM ADITIVO IMPERMEABILIZANTE, COM TAMPA EM GRELHA, INCLUSIVE ESCAVAÇÃO, REATERRO E TRANSPORTE E RETIRADA DO MATERIAL ESCAVADO (EM CAÇAMBA)","UN",471.09]
[null,"ED-49919","HID-CXS-220","CAIXA DE DRENAGEM DE INSPEÇÃO/PASSAGEM EM ALVENARIA (70X70X60CM), REVESTIMENTO EM ARGAMASSA COM ADITIVO IMPERMEABILIZANTE, COM TAMPA EM GRELHA, INCLUSIVE ESCAVAÇÃO, REATERRO E TRANSPORTE E RETIRADA DO MATERIAL ESCAVADO (EM CAÇAMBA)","UN",536.03]
[null,"ED-49920","HID-CXS-230","CAIXA DE DRENAGEM DE INSPEÇÃO/PASSAGEM EM ALVENARIA (70X70X80CM), REVESTIMENTO EM ARGAMASSA COM ADITIVO IMPERMEABILIZANTE, COM TAMPA EM GRELHA, INCLUSIVE ESCAVAÇÃO, REATERRO E TRANSPORTE E RETIRADA DO MATERIAL ESCAVADO (EM CAÇAMBA)","UN",600.99]
[null,"ED-49925","HID-CXS-260","CAIXA DE DRENAGEM DE INSPEÇÃO/PASSAGEM EM ALVENARIA (80X80X100CM), REVESTIMENTO EM ARGAMASSA COM ADITIVO IMPERMEABILIZANTE, COM TAMPA EM GRELHA, INCLUSIVE ESCAVAÇÃO, REATERRO E TRANSPORTE E RETIRADA DO MATERIAL ESCAVADO (EM CAÇAMBA)","UN",800.62]
[null,"ED-49926","HID-CXS-265","CAIXA DE DRENAGEM DE INSPEÇÃO/PASSAGEM EM ALVENARIA (80X80X140CM), REVESTIMENTO EM ARGAMASSA COM ADITIVO IMPERMEABILIZANTE, COM TAMPA EM GRELHA, INCLUSIVE ESCAVAÇÃO, REATERRO E TRANSPORTE E RETIRADA DO MATERIAL ESCAVADO (EM CAÇAMBA)","UN",949.67]
[null,"ED-49922","HID-CXS-245","CAIXA DE DRENAGEM DE INSPEÇÃO/PASSAGEM EM ALVENARIA (80X80X40CM), REVESTIMENTO EM ARGAMASSA COM ADITIVO IMPERMEABILIZANTE, COM TAMPA EM GRELHA, INCLUSIVE ESCAVAÇÃO, REATERRO E TRANSPORTE E RETIRADA DO MATERIAL ESCAVADO (EM CAÇAMBA)","UN",577.05999999999995]
[null,"ED-49923","HID-CXS-250","CAIXA DE DRENAGEM DE INSPEÇÃO/PASSAGEM EM ALVENARIA (80X80X60CM), REVESTIMENTO EM ARGAMASSA COM ADITIVO IMPERMEABILIZANTE, COM TAMPA EM GRELHA, INCLUSIVE ESCAVAÇÃO, REATERRO E TRANSPORTE E RETIRADA DO MATERIAL ESCAVADO (EM CAÇAMBA)","UN",651.58000000000004]
[null,"ED-49924","HID-CXS-255","CAIXA DE DRENAGEM DE INSPEÇÃO/PASSAGEM EM ALVENARIA (80X80X80CM), REVESTIMENTO EM ARGAMASSA COM ADITIVO IMPERMEABILIZANTE, COM TAMPA EM GRELHA, INCLUSIVE ESCAVAÇÃO, REATERRO E TRANSPORTE E RETIRADA DO MATERIAL ESCAVADO (EM CAÇAMBA)","UN",726.1]
[null,"ED-49929","HID-CXS-280","CAIXA DE DRENAGEM DE INSPEÇÃO/PASSAGEM EM ALVENARIA (90X90X100CM), REVESTIMENTO EM ARGAMASSA COM ADITIVO IMPERMEABILIZANTE, COM TAMPA EM GRELHA, INCLUSIVE ESCAVAÇÃO, REATERRO E TRANSPORTE E RETIRADA DO MATERIAL ESCAVADO (EM CAÇAMBA)","UN",946.61]
[null,"ED-49930","HID-CXS-285","CAIXA DE DRENAGEM DE INSPEÇÃO/PASSAGEM EM ALVENARIA (90X90X140CM), REVESTIMENTO EM ARGAMASSA COM ADITIVO IMPERMEABILIZANTE, COM TAMPA EM GRELHA, INCLUSIVE ESCAVAÇÃO, REATERRO E TRANSPORTE E RETIRADA DO MATERIAL ESCAVADO (EM CAÇAMBA)","UN",1115.3800000000001]
[null,"ED-49927","HID-CXS-270","CAIXA DE DRENAGEM DE INSPEÇÃO/PASSAGEM EM ALVENARIA (90X90X60CM), REVESTIMENTO EM ARGAMASSA COM ADITIVO IMPERMEABILIZANTE, COM TAMPA EM GRELHA, INCLUSIVE ESCAVAÇÃO, REATERRO E TRANSPORTE E RETIRADA DO MATERIAL ESCAVADO (EM CAÇAMBA)","UN",777.86]
[null,"ED-49928","HID-CXS-275","CAIXA DE DRENAGEM DE INSPEÇÃO/PASSAGEM EM ALVENARIA (90X90X80CM), REVESTIMENTO EM ARGAMASSA COM ADITIVO IMPERMEABILIZANTE, COM TAMPA EM GRELHA, INCLUSIVE ESCAVAÇÃO, REATERRO E TRANSPORTE E RETIRADA DO MATERIAL ESCAVADO (EM CAÇAMBA)","UN",862.25]
[null,"ED-49903","HID-CXS-140","CAIXA DE ESGOTO DE INSPEÇÃO/PASSAGEM EM ALVENARIA (100X100X50CM), REVESTIMENTO EM ARGAMASSA COM ADITIVO IMPERMEABILIZANTE, COM TAMPA DE CONCRETO, INCLUSIVE ESCAVAÇÃO, REATERRO E TRANSPORTE E RETIRADA DO MATERIAL ESCAVADO (EM CAÇAMBA)","UN",501.75]
[null,"ED-49904","HID-CXS-145","CAIXA DE ESGOTO DE INSPEÇÃO/PASSAGEM EM ALVENARIA (100X100X80CM), REVESTIMENTO EM ARGAMASSA COM ADITIVO IMPERMEABILIZANTE, COM TAMPA DE CONCRETO, INCLUSIVE ESCAVAÇÃO, REATERRO E TRANSPORTE E RETIRADA DO MATERIAL ESCAVADO (EM CAÇAMBA)","UN",643.52]
[null,"ED-49870","HID-CXS-005","CAIXA DE ESGOTO DE INSPEÇÃO/PASSAGEM EM ALVENARIA (30X30X30CM), REVESTIMENTO EM ARGAMASSA COM ADITIVO IMPERMEABILIZANTE, COM TAMPA DE CONCRETO, INCLUSIVE ESCAVAÇÃO, REATERRO E TRANSPORTE E RETIRADA DO MATERIAL ESCAVADO (EM CAÇAMBA)\n","UN",86.55]
[null,"ED-49871","HID-CXS-010","CAIXA DE ESGOTO DE INSPEÇÃO/PASSAGEM EM ALVENARIA (30X30X40CM), REVESTIMENTO EM ARGAMASSA COM ADITIVO IMPERMEABILIZANTE, COM TAMPA DE CONCRETO, INCLUSIVE ESCAVAÇÃO, REATERRO E TRANSPORTE E RETIRADA DO MATERIAL ESCAVADO (EM CAÇAMBA)\n","UN",109.24]
[null,"ED-49872","HID-CXS-015","CAIXA DE ESGOTO DE INSPEÇÃO/PASSAGEM EM ALVENARIA (30X30X60CM), REVESTIMENTO EM ARGAMASSA COM ADITIVO IMPERMEABILIZANTE, COM TAMPA DE CONCRETO, INCLUSIVE ESCAVAÇÃO, REATERRO E TRANSPORTE E RETIRADA DO MATERIAL ESCAVADO (EM CAÇAMBA)\n","UN",130.69999999999999]
[null,"ED-49876","HID-CXS-031","CAIXA DE ESGOTO DE INSPEÇÃO/PASSAGEM EM ALVENARIA (40X40X100CM), REVESTIMENTO EM ARGAMASSA COM ADITIVO IMPERMEABILIZANTE, COM TAMPA DE CONCRETO, INCLUSIVE ESCAVAÇÃO, REATERRO E TRANSPORTE E RETIRADA DO MATERIAL ESCAVADO (EM CAÇAMBA)\n","UN",249.33]
[null,"ED-49873","HID-CXS-020","CAIXA DE ESGOTO DE INSPEÇÃO/PASSAGEM EM ALVENARIA (40X40X40CM), REVESTIMENTO EM ARGAMASSA COM ADITIVO IMPERMEABILIZANTE, COM TAMPA DE CONCRETO, INCLUSIVE ESCAVAÇÃO, REATERRO E TRANSPORTE E RETIRADA DO MATERIAL ESCAVADO (EM CAÇAMBA)","UN",135.65]
[null,"ED-49874","HID-CXS-025","CAIXA DE ESGOTO DE INSPEÇÃO/PASSAGEM EM ALVENARIA (40X40X60CM), REVESTIMENTO EM ARGAMASSA COM ADITIVO IMPERMEABILIZANTE, COM TAMPA DE CONCRETO, INCLUSIVE ESCAVAÇÃO, REATERRO E TRANSPORTE E RETIRADA DO MATERIAL ESCAVADO (EM CAÇAMBA)","UN",173.56]
[null,"ED-49875","HID-CXS-030","CAIXA DE ESGOTO DE INSPEÇÃO/PASSAGEM EM ALVENARIA (40X40X80CM), REVESTIMENTO EM ARGAMASSA COM ADITIVO IMPERMEABILIZANTE, COM TAMPA DE CONCRETO, INCLUSIVE ESCAVAÇÃO, REATERRO E TRANSPORTE E RETIRADA DO MATERIAL ESCAVADO (EM CAÇAMBA)","UN",211.45]
[null,"ED-49881","HID-CXS-050","CAIXA DE ESGOTO DE INSPEÇÃO/PASSAGEM EM ALVENARIA (50X50X100CM), REVESTIMENTO EM ARGAMASSA COM ADITIVO IMPERMEABILIZANTE, COM TAMPA DE CONCRETO, INCLUSIVE ESCAVAÇÃO, REATERRO E TRANSPORTE E RETIRADA DO MATERIAL ESCAVADO (EM CAÇAMBA)","UN",313.38]
[null,"ED-49877","HID-CXS-035","CAIXA DE ESGOTO DE INSPEÇÃO/PASSAGEM EM ALVENARIA (50X50X40CM), REVESTIMENTO EM ARGAMASSA COM ADITIVO IMPERMEABILIZANTE, COM TAMPA DE CONCRETO, INCLUSIVE ESCAVAÇÃO, REATERRO E TRANSPORTE E RETIRADA DO MATERIAL ESCAVADO (EM CAÇAMBA)","UN",173.49]
[null,"ED-49878","HID-CXS-036","CAIXA DE ESGOTO DE INSPEÇÃO/PASSAGEM EM ALVENARIA (50X50X45CM), REVESTIMENTO EM ARGAMASSA COM ADITIVO IMPERMEABILIZANTE, COM TAMPA DE CONCRETO, INCLUSIVE ESCAVAÇÃO, REATERRO E TRANSPORTE E RETIRADA DO MATERIAL ESCAVADO (EM CAÇAMBA)","UN",169.59]
[null,"ED-49879","HID-CXS-040","CAIXA DE ESGOTO DE INSPEÇÃO/PASSAGEM EM ALVENARIA (50X50X60CM), REVESTIMENTO EM ARGAMASSA COM ADITIVO IMPERMEABILIZANTE, COM TAMPA DE CONCRETO, INCLUSIVE ESCAVAÇÃO, REATERRO E TRANSPORTE E RETIRADA DO MATERIAL ESCAVADO (EM CAÇAMBA)","UN",220.13]
[null,"ED-49880","HID-CXS-045","CAIXA DE ESGOTO DE INSPEÇÃO/PASSAGEM EM ALVENARIA (50X50X80CM), REVESTIMENTO EM ARGAMASSA COM ADITIVO IMPERMEABILIZANTE, COM TAMPA DE CONCRETO, INCLUSIVE ESCAVAÇÃO, REATERRO E TRANSPORTE E RETIRADA DO MATERIAL ESCAVADO (EM CAÇAMBA)","UN",266.76]
[null,"ED-49889","HID-CXS-070","CAIXA DE ESGOTO DE INSPEÇÃO/PASSAGEM EM ALVENARIA (60X60X100CM), REVESTIMENTO EM ARGAMASSA COM ADITIVO IMPERMEABILIZANTE, COM TAMPA DE CONCRETO, INCLUSIVE ESCAVAÇÃO, REATERRO E TRANSPORTE E RETIRADA DO MATERIAL ESCAVADO (EM CAÇAMBA)","UN",381.81]
[null,"ED-49882","HID-CXS-055","CAIXA DE ESGOTO DE INSPEÇÃO/PASSAGEM EM ALVENARIA (60X60X40CM), REVESTIMENTO EM ARGAMASSA COM ADITIVO IMPERMEABILIZANTE, COM TAMPA DE CONCRETO, INCLUSIVE ESCAVAÇÃO, REATERRO E TRANSPORTE E RETIRADA DO MATERIAL ESCAVADO (EM CAÇAMBA)","UN",214.88]
[null,"ED-49883","HID-CXS-060","CAIXA DE ESGOTO DE INSPEÇÃO/PASSAGEM EM ALVENARIA (60X60X60CM), REVESTIMENTO EM ARGAMASSA COM ADITIVO IMPERMEABILIZANTE, COM TAMPA DE CONCRETO, INCLUSIVE ESCAVAÇÃO, REATERRO E TRANSPORTE E RETIRADA DO MATERIAL ESCAVADO (EM CAÇAMBA)","UN",270.52999999999997]
[null,"ED-49884","HID-CXS-061","CAIXA DE ESGOTO DE INSPEÇÃO/PASSAGEM EM ALVENARIA (60X60X65CM), REVESTIMENTO EM ARGAMASSA COM ADITIVO IMPERMEABILIZANTE, COM TAMPA DE CONCRETO, INCLUSIVE ESCAVAÇÃO, REATERRO E TRANSPORTE E RETIRADA DO MATERIAL ESCAVADO (EM CAÇAMBA)","UN",284.43]
[null,"ED-49885","HID-CXS-062","CAIXA DE ESGOTO DE INSPEÇÃO/PASSAGEM EM ALVENARIA (60X60X70CM), REVESTIMENTO EM ARGAMASSA COM ADITIVO IMPERMEABILIZANTE, COM TAMPA DE CONCRETO, INCLUSIVE ESCAVAÇÃO, REATERRO E TRANSPORTE E RETIRADA DO MATERIAL ESCAVADO (EM CAÇAMBA)","UN",296.39]
[null,"ED-49886","HID-CXS-063","CAIXA DE ESGOTO DE INSPEÇÃO/PASSAGEM EM ALVENARIA (60X60X75CM), REVESTIMENTO EM ARGAMASSA COM ADITIVO IMPERMEABILIZANTE, COM TAMPA DE CONCRETO, INCLUSIVE ESCAVAÇÃO, REATERRO E TRANSPORTE E RETIRADA DO MATERIAL ESCAVADO (EM CAÇAMBA)","UN",312.25]
[null,"ED-49887","HID-CXS-065","CAIXA DE ESGOTO DE INSPEÇÃO/PASSAGEM EM ALVENARIA (60X60X80CM), REVESTIMENTO EM ARGAMASSA COM ADITIVO IMPERMEABILIZANTE, COM TAMPA DE CONCRETO, INCLUSIVE ESCAVAÇÃO, REATERRO E TRANSPORTE E RETIRADA DO MATERIAL ESCAVADO (EM CAÇAMBA)","UN",326.16000000000003]
[null,"ED-49888","HID-CXS-066","CAIXA DE ESGOTO DE INSPEÇÃO/PASSAGEM EM ALVENARIA (60X60X85CM), REVESTIMENTO EM ARGAMASSA COM ADITIVO IMPERMEABILIZANTE, COM TAMPA DE CONCRETO, INCLUSIVE ESCAVAÇÃO, REATERRO E TRANSPORTE E RETIRADA DO MATERIAL ESCAVADO (EM CAÇAMBA)","UN",340.08]
[null,"ED-49893","HID-CXS-090","CAIXA DE ESGOTO DE INSPEÇÃO/PASSAGEM EM ALVENARIA (70X70X110CM), REVESTIMENTO EM ARGAMASSA COM ADITIVO IMPERMEABILIZANTE, COM TAMPA DE CONCRETO, INCLUSIVE ESCAVAÇÃO, REATERRO E TRANSPORTE E RETIRADA DO MATERIAL ESCAVADO (EM CAÇAMBA)","UN",498.85]
[null,"ED-49890","HID-CXS-075","CAIXA DE ESGOTO DE INSPEÇÃO/PASSAGEM EM ALVENARIA (70X70X40CM), REVESTIMENTO EM ARGAMASSA COM ADITIVO IMPERMEABILIZANTE, COM TAMPA DE CONCRETO, INCLUSIVE ESCAVAÇÃO, REATERRO E TRANSPORTE E RETIRADA DO MATERIAL ESCAVADO (EM CAÇAMBA)","UN",271.55]
[null,"ED-49891","HID-CXS-080","CAIXA DE ESGOTO DE INSPEÇÃO/PASSAGEM EM ALVENARIA (70X70X60CM), REVESTIMENTO EM ARGAMASSA COM ADITIVO IMPERMEABILIZANTE, COM TAMPA DE CONCRETO, INCLUSIVE ESCAVAÇÃO, REATERRO E TRANSPORTE E RETIRADA DO MATERIAL ESCAVADO (EM CAÇAMBA)","UN",336.49]
[null,"ED-49892","HID-CXS-085","CAIXA DE ESGOTO DE INSPEÇÃO/PASSAGEM EM ALVENARIA (70X70X80CM), REVESTIMENTO EM ARGAMASSA COM ADITIVO IMPERMEABILIZANTE, COM TAMPA DE CONCRETO, INCLUSIVE ESCAVAÇÃO, REATERRO E TRANSPORTE E RETIRADA DO MATERIAL ESCAVADO (EM CAÇAMBA)","UN",401.44]
[null,"ED-49897","HID-CXS-110","CAIXA DE ESGOTO DE INSPEÇÃO/PASSAGEM EM ALVENARIA (80X80X100CM), REVESTIMENTO EM ARGAMASSA COM ADITIVO IMPERMEABILIZANTE, COM TAMPA DE CONCRETO, INCLUSIVE ESCAVAÇÃO, REATERRO E TRANSPORTE E RETIRADA DO MATERIAL ESCAVADO (EM CAÇAMBA)","UN",545.84]
[null,"ED-49898","HID-CXS-115","CAIXA DE ESGOTO DE INSPEÇÃO/PASSAGEM EM ALVENARIA (80X80X140CM), REVESTIMENTO EM ARGAMASSA COM ADITIVO IMPERMEABILIZANTE, COM TAMPA DE CONCRETO, INCLUSIVE ESCAVAÇÃO, REATERRO E TRANSPORTE E RETIRADA DO MATERIAL ESCAVADO (EM CAÇAMBA)","UN",694.89]
[null,"ED-49894","HID-CXS-095","CAIXA DE ESGOTO DE INSPEÇÃO/PASSAGEM EM ALVENARIA (80X80X40CM), REVESTIMENTO EM ARGAMASSA COM ADITIVO IMPERMEABILIZANTE, COM TAMPA DE CONCRETO, INCLUSIVE ESCAVAÇÃO, REATERRO E TRANSPORTE E RETIRADA DO MATERIAL ESCAVADO (EM CAÇAMBA)","UN",322.27999999999997]
[null,"ED-49895","HID-CXS-100","CAIXA DE ESGOTO DE INSPEÇÃO/PASSAGEM EM ALVENARIA (80X80X60CM), REVESTIMENTO EM ARGAMASSA COM ADITIVO IMPERMEABILIZANTE, COM TAMPA DE CONCRETO, INCLUSIVE ESCAVAÇÃO, REATERRO E TRANSPORTE E RETIRADA DO MATERIAL ESCAVADO (EM CAÇAMBA)","UN",396.81]
[null,"ED-49896","HID-CXS-105","CAIXA DE ESGOTO DE INSPEÇÃO/PASSAGEM EM ALVENARIA (80X80X80CM), REVESTIMENTO EM ARGAMASSA COM ADITIVO IMPERMEABILIZANTE, COM TAMPA DE CONCRETO, INCLUSIVE ESCAVAÇÃO, REATERRO E TRANSPORTE E RETIRADA DO MATERIAL ESCAVADO (EM CAÇAMBA)","UN",471.32]
[null,"ED-49901","HID-CXS-130","CAIXA DE ESGOTO DE INSPEÇÃO/PASSAGEM EM ALVENARIA (90X90X100CM), REVESTIMENTO EM ARGAMASSA COM ADITIVO IMPERMEABILIZANTE, COM TAMPA DE CONCRETO, INCLUSIVE ESCAVAÇÃO, REATERRO E TRANSPORTE E RETIRADA DO MATERIAL ESCAVADO (EM CAÇAMBA)","UN",629.87]
[null,"ED-49902","HID-CXS-135","CAIXA DE ESGOTO DE INSPEÇÃO/PASSAGEM EM ALVENARIA (90X90X140CM), REVESTIMENTO EM ARGAMASSA COM ADITIVO IMPERMEABILIZANTE, COM TAMPA DE CONCRETO, INCLUSIVE ESCAVAÇÃO, REATERRO E TRANSPORTE E RETIRADA DO MATERIAL ESCAVADO (EM CAÇAMBA)","UN",798.63]
[null,"ED-49899","HID-CXS-120","CAIXA DE ESGOTO DE INSPEÇÃO/PASSAGEM EM ALVENARIA (90X90X60CM), REVESTIMENTO EM ARGAMASSA COM ADITIVO IMPERMEABILIZANTE, COM TAMPA DE CONCRETO, INCLUSIVE ESCAVAÇÃO, REATERRO E TRANSPORTE E RETIRADA DO MATERIAL ESCAVADO (EM CAÇAMBA)","UN",461.12]
[null,"ED-49900","HID-CXS-125","CAIXA DE ESGOTO DE INSPEÇÃO/PASSAGEM EM ALVENARIA (90X90X80CM), REVESTIMENTO EM ARGAMASSA COM ADITIVO IMPERMEABILIZANTE, COM TAMPA DE CONCRETO, INCLUSIVE ESCAVAÇÃO, REATERRO E TRANSPORTE E RETIRADA DO MATERIAL ESCAVADO (EM CAÇAMBA)","UN",545.5]
[null,"8427","-","CAIXAS DE GORDURA"]
[null,"ED-49940","HID-GOR-035","CAIXA DE GORDURA DUPLA (CGD), CIRCULAR, EM CONCRETO PRÉ-MOLDADO, CAPACIDADE DE 120L, INCLUSIVE ESCAVAÇÃO, REATERRO, TRANSPORTE E RETIRADA DO MATERIAL ESCAVADO (EM CAÇAMBA)","UN",90.16]
[null,"ED-49939","HID-GOR-030","CAIXA DE GORDURA SIMPLES (CGS), CIRCULAR, EM CONCRETO PRÉ-MOLDADO, CAPACIDADE DE 31L, INCLUSIVE ESCAVAÇÃO, REATERRO, TRANSPORTE E RETIRADA DO MATERIAL ESCAVADO (EM CAÇAMBA)","UN",60.1]
[null,"8428","-","CAIXAS SIFONADAS/RALO EM PVC"]
[null,"ED-49950","HID-INS-005","CAIXA DE INSPEÇÃO DE POLIETILENO , Ø 100 MM","UN",143.19999999999999]
[null,"ED-50006","HID-SEC-005","CAIXA SECA DE PVC RÍGIDO , 100 X 100 X 40 MM","UN",38.81]
[null,"ED-50009","HID-SIF-010","CAIXA SIFONADA EM PVC COM GRELHA QUADRADA/REDONDA 150 X 185 X 75 MM","UN",57.83]
[null,"ED-50007","HID-SIF-005","CAIXA SIFONADA EM PVC COM GRELHA QUADRADA150 X 150 X 50 MM","UN",53.56]
[null,"ED-50010","HID-SIF-011","CAIXA SIFONADA EM PVC COM GRELHA REDONDA 100 X 100 X 40 MM","UN",43.12]
[null,"ED-50011","HID-SIF-015","CAIXA SIFONADA EM PVC COM GRELHA REDONDA 100 X 100 X 50 MM","UN",44.03]
[null,"ED-50008","HID-SIF-006","CAIXA SIFONADA EM PVC COM GRELHA REDONDA 150 X 150 X 50 MM","UN",53.56]
[null,"ED-50014","HID-SIF-030","CAIXA SIFONADA EM PVC COM TAMPA CEGA 150 X 150 X 50 MM","UN",55.03]
[null,"ED-50015","HID-SIF-035","CAIXA SIFONADA EM PVC COM TAMPA CEGA 150 X 185 X 75 MM","UN",60.99]
[null,"ED-50012","HID-SIF-020","CAIXA SIFONADA EM PVC COM TAMPA CEGA 250 X 172 X 50 MM","UN",64.05]
[null,"ED-50013","HID-SIF-025","CAIXA SIFONADA EM PVC COM TAMPA CEGA 250 X 230 X 75 MM","UN",69.66]
[null,"ED-49955","HID-RAL-010","RALO SECO PVC CÔNICO 100 X 40 MM COM GRELHA QUADRADA","UN",23.95]
[null,"ED-49958","HID-RAL-013","RALO SECO PVC CÔNICO 100 X 40 MM COM GRELHA REDONDA","UN",23.95]
[null,"ED-49959","HID-RAL-014","RALO SECO PVC QUADRADO 100 X 53 X 40 MM COM GRELHA BRANCA","UN",19.09]
[null,"ED-49957","HID-RAL-012","RALO SIFONADO PVC CILINDRICO 100 X 70 X 40 MM COM GRELHA QUADRADA","UN",19.98]
[null,"ED-49956","HID-RAL-011","RALO SIFONADO PVC CILINDRÍCO 100 X 70 X 40 MM COM GRELHA REDONDA","UN",19.98]
[null,"ED-49952","HID-RAL-005","RALO SIFONADO PVC CÔNICO ALTURA REGULÁVEL 100 X 40 MM COM GRELHA METÁLICA","UN",43.16]
[null,"ED-49954","HID-RAL-007","RALO SIFONADO PVC CÔNICO 100 X 40 MM COM GRELHA REDONDA","UN",18.21]
[null,"ED-49953","HID-RAL-006","RALO SIFONADO PVC QUADRADO 100 X 53 X 40 MM COM GRELHA BRANCA","UN",20.37]
[null,"8429","-","GRELHAS/RALOS METÁLICOS"]
[null,"ED-49944","HID-GRE-011","GRELHA DE FERRO FUNDIDO 30 X 30 CM","UN",82.84]
[null,"ED-49942","HID-GRE-005","GRELHA FUNDIDA 571-C, 10 X 10 CM","UN",34.9]
[null,"ED-49943","HID-GRE-010","GRELHA FUNDIDA 571-C, 15 X 15 CM","UN",39.32]
[null,"ED-49945","HID-GRE-015","GRELHA/PORTA GRELHA AÇO INOX, FECHO GIRATÓRIO 100 X 100 MM","UN",25.09]
[null,"ED-49946","HID-GRE-020","GRELHA/PORTA GRELHA AÇO INOX, FECHO GIRATÓRIO 150 X 150 MM","UN",34.28]
[null,"8430","-","HIDRÔMETRO E CAVALETE"]
[null,"ED-15204","-","KIT CAVALETE PARA MEDIÇÃO DE ÁGUA, EMBUTIDO EM ALVENARIA, EM AÇO GALVANIZADO DN 20MM (1/2\") - PADRÃO CONCESSIONÁRIA LOCAL, EXCLUSIVE HIDRÔMETRO","UN",284.58]
[null,"ED-15205","-","KIT CAVALETE PARA MEDIÇÃO DE ÁGUA, EMBUTIDO EM ALVENARIA, EM AÇO GALVANIZADO DN 25MM (3/4\") - PADRÃO CONCESSIONÁRIA LOCAL, EXCLUSIVE HIDRÔMETRO","UN",319.66000000000003]
[null,"ED-15206","-","KIT CAVALETE PARA MEDIÇÃO DE ÁGUA, INSTALADO SOBRE PISO, EM AÇO GALVANIZADO DN 20MM (1/2\") - PADRÃO CONCESSIONÁRIA LOCAL, INCLUSIVE BASE EM CONCRETO DE 25 MPA PARA CAVALETE, EXCLUSIVE HIDRÔMETRO","UN",226.4]
[null,"ED-15207","-","KIT CAVALETE PARA MEDIÇÃO DE ÁGUA, INSTALADO SOBRE PISO, EM AÇO GALVANIZADO DN 25MM (3/4\") - PADRÃO CONCESSIONÁRIA LOCAL, INCLUSIVE BASE EM CONCRETO DE 25 MPA PARA CAVALETE, EXCLUSIVE HIDRÔMETRO","UN",264.11]
[null,"8431","-","REGISTROS E VÁLVULAS"]
[null,"ED-49999","HID-REG-095","REGISTRO DE ESFERA, TIPO PVC SOLDÁVEL DN 20MM (1/2\"), INCLUSIVE VOLANTE PARA ACIONAMENTO","UN",17]
[null,"ED-50000","HID-REG-100","REGISTRO DE ESFERA, TIPO PVC SOLDÁVEL DN 25MM (3/4\"), INCLUSIVE VOLANTE PARA ACIONAMENTO","UN",19.97]
[null,"ED-50001","HID-REG-105","REGISTRO DE ESFERA, TIPO PVC SOLDÁVEL DN 32MM (1\"), INCLUSIVE VOLANTE PARA ACIONAMENTO","UN",27.67]
[null,"ED-50002","HID-REG-110","REGISTRO DE ESFERA, TIPO PVC SOLDÁVEL DN 40MM (1.1/4\"), INCLUSIVE VOLANTE PARA ACIONAMENTO","UN",34.700000000000003]
[null,"ED-50003","HID-REG-120","REGISTRO DE ESFERA, TIPO PVC SOLDÁVEL DN 50MM (1.1/2\"), INCLUSIVE VOLANTE PARA ACIONAMENTO","UN",36.06]
[null,"ED-50004","HID-REG-125","REGISTRO DE ESFERA, TIPO PVC SOLDÁVEL DN 60MM (2\"), INCLUSIVE VOLANTE PARA ACIONAMENTO","UN",59.84]
[null,"ED-49991","HID-REG-080","REGISTRO DE GAVETA, TIPO BASE,  ROSCÁVEL 1\" (PARA TUBO SOLDÁVEL OU PPR DN 32MM/CPVC DN 28MM), INCLUSIVE ACABAMENTO (PADRÃO MÉDIO) E CANOPLA CROMADOS","UN",66.709999999999994]
[null,"ED-49992","HID-REG-081","REGISTRO DE GAVETA, TIPO BASE,  ROSCÁVEL 1\" (PARA TUBO SOLDÁVEL OU PPR DN 32MM/CPVC DN 28MM), INCLUSIVE ACABAMENTO (PADRÃO POPULAR) E CANOPLA CROMADOS","UN",60.13]
[null,"ED-49995","HID-REG-090","REGISTRO DE GAVETA, TIPO BASE,  ROSCÁVEL 1.1/2\" (PARA TUBO SOLDÁVEL OU PPR DN 50MM/CPVC DN 42MM), INCLUSIVE ACABAMENTO (PADRÃO MÉDIO) E CANOPLA CROMADOS","UN",112.76]
[null,"ED-49996","HID-REG-091","REGISTRO DE GAVETA, TIPO BASE,  ROSCÁVEL 1.1/2\" (PARA TUBO SOLDÁVEL OU PPR DN 50MM/CPVC DN 42MM), INCLUSIVE ACABAMENTO (PADRÃO POPULAR) E CANOPLA CROMADOS","UN",87.26]
[null,"ED-49993","HID-REG-085","REGISTRO DE GAVETA, TIPO BASE,  ROSCÁVEL 1.1/4\" (PARA TUBO SOLDÁVEL OU PPR DN 40MM/CPVC DN 35MM), INCLUSIVE ACABAMENTO (PADRÃO MÉDIO) E CANOPLA CROMADOS","UN",102.62]
[null,"ED-49994","HID-REG-086","REGISTRO DE GAVETA, TIPO BASE,  ROSCÁVEL 1.1/4\" (PARA TUBO SOLDÁVEL OU PPR DN 40MM/CPVC DN 35MM), INCLUSIVE ACABAMENTO (PADRÃO POPULAR) E CANOPLA CROMADOS","UN",76.14]
[null,"ED-49987","HID-REG-070","REGISTRO DE GAVETA, TIPO BASE,  ROSCÁVEL 1/2\" (PARA TUBO SOLDÁVEL OU PPR DN 20MM/CPVC DN 15MM), INCLUSIVE ACABAMENTO (PADRÃO MÉDIO) E CANOPLA CROMADOS","UN",50.33]
[null,"ED-49988","HID-REG-071","REGISTRO DE GAVETA, TIPO BASE,  ROSCÁVEL 1/2\" (PARA TUBO SOLDÁVEL OU PPR DN 20MM/CPVC DN 15MM), INCLUSIVE ACABAMENTO (PADRÃO POPULAR) E CANOPLA CROMADOS","UN",45.18]
[null,"ED-49989","HID-REG-075","REGISTRO DE GAVETA, TIPO BASE,  ROSCÁVEL 3/4\" (PARA TUBO SOLDÁVEL OU PPR DN 25MM/CPVC DN 22MM), INCLUSIVE ACABAMENTO (PADRÃO MÉDIO) E CANOPLA CROMADO","UN",54.85]
[null,"ED-49990","HID-REG-076","REGISTRO DE GAVETA, TIPO BASE,  ROSCÁVEL 3/4\" (PARA TUBO SOLDÁVEL OU PPR DN 25MM/CPVC DN 22MM), INCLUSIVE ACABAMENTO (PADRÃO POPULAR) E CANOPLA CROMADOS","UN",49.01]
[null,"ED-49974","HID-REG-026","REGISTRO DE GAVETA, TIPO BRUTO,  ROSCÁVEL 1\" (PARA TUBO SOLDÁVEL OU PPR DN 32MM/CPVC DN 28MM), INCLUSIVE VOLANTE PARA ACIONAMENTO","UN",38.299999999999997]
[null,"ED-49978","HID-REG-036","REGISTRO DE GAVETA, TIPO BRUTO,  ROSCÁVEL 1.1/2\" (PARA TUBO SOLDÁVEL OU PPR DN 50MM/CPVC DN 42MM), INCLUSIVE VOLANTE PARA ACIONAMENTO","UN",58.1]
[null,"ED-49976","HID-REG-031","REGISTRO DE GAVETA, TIPO BRUTO,  ROSCÁVEL 1.1/4\" (PARA TUBO SOLDÁVEL OU PPR DN 40MM/CPVC DN 35MM), INCLUSIVE VOLANTE PARA ACIONAMENTO","UN",46.19]
[null,"ED-49970","HID-REG-016","REGISTRO DE GAVETA, TIPO BRUTO,  ROSCÁVEL 1/2\" (PARA TUBO SOLDÁVEL OU PPR DN 20MM/CPVC DN 15MM), INCLUSIVE VOLANTE PARA ACIONAMENTO","UN",26.83]
[null,"ED-49980","HID-REG-041","REGISTRO DE GAVETA, TIPO BRUTO,  ROSCÁVEL 2\" (PARA TUBO SOLDÁVEL OU PPR DN 60MM/CPVC DN 54MM), INCLUSIVE VOLANTE PARA ACIONAMENTO","UN",72.78]
[null,"ED-49982","HID-REG-046","REGISTRO DE GAVETA, TIPO BRUTO,  ROSCÁVEL 2.1/2\" (PARA TUBO SOLDÁVEL OU PPR DN 75MM/CPVC DN 73MM), INCLUSIVE VOLANTE PARA ACIONAMENTO","UN",132.63999999999999]
[null,"ED-49984","HID-REG-050D","REGISTRO DE GAVETA, TIPO BRUTO,  ROSCÁVEL 3\" (PARA TUBO SOLDÁVEL OU PPR DN 85MM/CPVC DN 89MM), INCLUSIVE VOLANTE PARA ACIONAMENTO","UN",223.95]
[null,"ED-49972","HID-REG-021","REGISTRO DE GAVETA, TIPO BRUTO,  ROSCÁVEL 3/4\" (PARA TUBO SOLDÁVEL OU PPR DN 25MM/CPVC DN 22MM), INCLUSIVE VOLANTE PARA ACIONAMENTO","UN",27.58]
[null,"ED-49986","HID-REG-056","REGISTRO DE GAVETA, TIPO BRUTO,  ROSCÁVEL 4\" (PARA TUBO SOLDÁVEL OU PPR DN 110MM/CPVC DN 114MM), INCLUSIVE VOLANTE PARA ACIONAMENTO","UN",364.03]
[null,"ED-49967","-","REGISTRO DE PRESSÃO, TIPO BASE,  ROSCÁVEL 1\" (PARA TUBO SOLDÁVEL OU PPR DN 32MM/CPVC DN 28MM), INCLUSIVE ACABAMENTO (PADRÃO MÉDIO) E CANOPLA CROMADOS","UN",79.22]
[null,"ED-49968","-","REGISTRO DE PRESSÃO, TIPO BASE,  ROSCÁVEL 1\" (PARA TUBO SOLDÁVEL OU PPR DN 32MM/CPVC DN 28MM), INCLUSIVE ACABAMENTO (PADRÃO POPULAR) E CANOPLA CROMADOS","UN",72.78]
[null,"ED-49963","HID-REG-005","REGISTRO DE PRESSÃO, TIPO BASE,  ROSCÁVEL 1/2\" (PARA TUBO SOLDÁVEL OU PPR DN 20MM/CPVC DN 15MM), INCLUSIVE ACABAMENTO (PADRÃO MÉDIO) E CANOPLA CROMADOS","UN",51.35]
[null,"ED-49964","HID-REG-006","REGISTRO DE PRESSÃO, TIPO BASE,  ROSCÁVEL 1/2\" (PARA TUBO SOLDÁVEL OU PPR DN 20MM/CPVC DN 15MM), INCLUSIVE ACABAMENTO (PADRÃO POPULAR) E CANOPLA CROMADOS\n","UN",46.05]
[null,"ED-49965","HID-REG-010","REGISTRO DE PRESSÃO, TIPO BASE,  ROSCÁVEL 3/4\" (PARA TUBO SOLDÁVEL OU PPR DN 25MM/CPVC DN 22MM), INCLUSIVE ACABAMENTO (PADRÃO MÉDIO) E CANOPLA CROMADOS","UN",52.59]
[null,"ED-49966","HID-REG-011","REGISTRO DE PRESSÃO, TIPO BASE,  ROSCÁVEL 3/4\" (PARA TUBO SOLDÁVEL OU PPR DN 25MM/CPVC DN 22MM), INCLUSIVE ACABAMENTO (PADRÃO POPULAR) E CANOPLA CROMADOS","UN",47.11]
[null,"8432","-","TUBULAÇÃO DE AÇO GALVANIZADO"]
[null,"ED-50042","HID-TUB-105","FORNECIMENTO E ASSENTAMENTO DE TUBO DE AÇO GALVANIZADO COM COSTURA , INCLUSIVE CONEXÕES E SUPORTES, D = 1\"","M",75.84]
[null,"ED-50044","HID-TUB-115","FORNECIMENTO E ASSENTAMENTO DE TUBO DE AÇO GALVANIZADO COM COSTURA , INCLUSIVE CONEXÕES E SUPORTES, D = 1 1/2\"","M",97.56]
[null,"ED-50043","HID-TUB-110","FORNECIMENTO E ASSENTAMENTO DE TUBO DE AÇO GALVANIZADO COM COSTURA , INCLUSIVE CONEXÕES E SUPORTES, D = 1 1/4\"","M",92.37]
[null,"ED-50040","HID-TUB-095","FORNECIMENTO E ASSENTAMENTO DE TUBO DE AÇO GALVANIZADO COM COSTURA , INCLUSIVE CONEXÕES E SUPORTES, D = 1/2\"","M",49.22]
[null,"ED-50045","HID-TUB-120","FORNECIMENTO E ASSENTAMENTO DE TUBO DE AÇO GALVANIZADO COM COSTURA , INCLUSIVE CONEXÕES E SUPORTES, D = 2\"","M",115.73]
[null,"ED-50046","HID-TUB-125","FORNECIMENTO E ASSENTAMENTO DE TUBO DE AÇO GALVANIZADO COM COSTURA , INCLUSIVE CONEXÕES E SUPORTES, D = 2 1/2\"","M",160.68]
[null,"ED-50041","HID-TUB-100","FORNECIMENTO E ASSENTAMENTO DE TUBO DE AÇO GALVANIZADO COM COSTURA , INCLUSIVE CONEXÕES E SUPORTES, D = 3/4\"","M",61.93]
[null,"8433","-","TUBULAÇÃO DE COBRE"]
[null,"ED-50095","HID-TUB-445","FORNECIMENTO E ASSENTAMENTO DE TUBO DE COBRE CLASSE \"A\" SEM COSTURA SOLDÁVEL, INCLUSIVE CONEXÕES E SUPORTES, D = 104 MM (4\")","M",372.53]
[null,"ED-50087","HID-TUB-405","FORNECIMENTO E ASSENTAMENTO DE TUBO DE COBRE CLASSE \"A\" SEM COSTURA SOLDÁVEL, INCLUSIVE CONEXÕES E SUPORTES, D = 1/2\"","M",54.23]
[null,"ED-50088","HID-TUB-410","FORNECIMENTO E ASSENTAMENTO DE TUBO DE COBRE CLASSE \"A\" SEM COSTURA SOLDÁVEL, INCLUSIVE CONEXÕES E SUPORTES, D = 22 MM (3/4\")","M",74.819999999999993]
[null,"ED-50089","HID-TUB-415","FORNECIMENTO E ASSENTAMENTO DE TUBO DE COBRE CLASSE \"A\" SEM COSTURA SOLDÁVEL, INCLUSIVE CONEXÕES E SUPORTES, D = 28 MM (1\")","M",90.69]
[null,"ED-50090","HID-TUB-420","FORNECIMENTO E ASSENTAMENTO DE TUBO DE COBRE CLASSE \"A\" SEM COSTURA SOLDÁVEL, INCLUSIVE CONEXÕES E SUPORTES, D = 35 MM (1 1/4\")","M",127.33]
[null,"ED-50091","HID-TUB-425","FORNECIMENTO E ASSENTAMENTO DE TUBO DE COBRE CLASSE \"A\" SEM COSTURA SOLDÁVEL, INCLUSIVE CONEXÕES E SUPORTES, D = 42 MM (1 1/2\")","M",140.37]
[null,"ED-50092","HID-TUB-430","FORNECIMENTO E ASSENTAMENTO DE TUBO DE COBRE CLASSE \"A\" SEM COSTURA SOLDÁVEL, INCLUSIVE CONEXÕES E SUPORTES, D = 54 MM (2\")","M",197.71]
[null,"ED-50093","HID-TUB-435","FORNECIMENTO E ASSENTAMENTO DE TUBO DE COBRE CLASSE \"A\" SEM COSTURA SOLDÁVEL, INCLUSIVE CONEXÕES E SUPORTES, D = 66 MM (2 1/2\")","M",251.13]
[null,"ED-50094","HID-TUB-440","FORNECIMENTO E ASSENTAMENTO DE TUBO DE COBRE CLASSE \"A\" SEM COSTURA SOLDÁVEL, INCLUSIVE CONEXÕES E SUPORTES, D = 79 MM (3\")","M",259.60000000000002]
[null,"ED-50104","HID-TUB-490","FORNECIMENTO E ASSENTAMENTO DE TUBO DE COBRE CLASSE \"E\" SEM COSTURA SOLDÁVEL, INCLUSIVE CONEXÕES E SUPORTES, D = 104 MM (4\")","M",372.53]
[null,"ED-50096","HID-TUB-450","FORNECIMENTO E ASSENTAMENTO DE TUBO DE COBRE CLASSE \"E\" SEM COSTURA SOLDÁVEL, INCLUSIVE CONEXÕES E SUPORTES, D = 15 MM (1/2\")","M",41.64]
[null,"ED-50097","HID-TUB-455","FORNECIMENTO E ASSENTAMENTO DE TUBO DE COBRE CLASSE \"E\" SEM COSTURA SOLDÁVEL, INCLUSIVE CONEXÕES E SUPORTES, D = 22 MM (3/4\")","M",57.8]
[null,"ED-50098","HID-TUB-460","FORNECIMENTO E ASSENTAMENTO DE TUBO DE COBRE CLASSE \"E\" SEM COSTURA SOLDÁVEL, INCLUSIVE CONEXÕES E SUPORTES, D = 28 MM (1\")","M",70.19]
[null,"ED-50099","HID-TUB-465","FORNECIMENTO E ASSENTAMENTO DE TUBO DE COBRE CLASSE \"E\" SEM COSTURA SOLDÁVEL, INCLUSIVE CONEXÕES E SUPORTES, D = 35 MM (1 1/4\")","M",93.78]
[null,"ED-50100","HID-TUB-470","FORNECIMENTO E ASSENTAMENTO DE TUBO DE COBRE CLASSE \"E\" SEM COSTURA SOLDÁVEL, INCLUSIVE CONEXÕES E SUPORTES, D = 42 MM (1 1/2\")","M",111.47]
[null,"ED-50101","HID-TUB-475","FORNECIMENTO E ASSENTAMENTO DE TUBO DE COBRE CLASSE \"E\" SEM COSTURA SOLDÁVEL, INCLUSIVE CONEXÕES E SUPORTES, D = 54 MM (2\")","M",158.82]
[null,"ED-50102","HID-TUB-480","FORNECIMENTO E ASSENTAMENTO DE TUBO DE COBRE CLASSE \"E\" SEM COSTURA SOLDÁVEL, INCLUSIVE CONEXÕES E SUPORTES, D = 66 MM (2 1/2\")","M",214.51]
[null,"ED-50103","HID-TUB-485","FORNECIMENTO E ASSENTAMENTO DE TUBO DE COBRE CLASSE \"E\" SEM COSTURA SOLDÁVEL, INCLUSIVE CONEXÕES E SUPORTES, D = 79 MM (3\")","M",259.60000000000002]
[null,"8434","-","TUBULAÇÃO DE CPVC"]
[null,"ED-50120","HID-TUB-580","FORNECIMENTO E ASSENTAMENTO DE TUBO CPVC SOLDÁVEL, ÁGUA QUENTE, DN 114 MM (4\"), INCLUSIVE CONEXÕES","M",226.88]
[null,"ED-50112","HID-TUB-540","FORNECIMENTO E ASSENTAMENTO DE TUBO CPVC SOLDÁVEL, ÁGUA QUENTE, DN 15 MM (1/2\"), INCLUSIVE CONEXÕES","M",16.03]
[null,"ED-50113","HID-TUB-545","FORNECIMENTO E ASSENTAMENTO DE TUBO CPVC SOLDÁVEL, ÁGUA QUENTE, DN 22 MM (3/4\"), INCLUSIVE CONEXÕES","M",29.77]
[null,"ED-50114","HID-TUB-550","FORNECIMENTO E ASSENTAMENTO DE TUBO CPVC SOLDÁVEL, ÁGUA QUENTE, DN 28 MM (1\"), INCLUSIVE CONEXÕES","M",43.09]
[null,"ED-50115","HID-TUB-555","FORNECIMENTO E ASSENTAMENTO DE TUBO CPVC SOLDÁVEL, ÁGUA QUENTE, DN 35 MM (1.1/4\"), INCLUSIVE CONEXÕES","M",37.43]
[null,"ED-50116","HID-TUB-560","FORNECIMENTO E ASSENTAMENTO DE TUBO CPVC SOLDÁVEL, ÁGUA QUENTE, DN 42 MM (1.1/2\"), INCLUSIVE CONEXÕES","M",47.11]
[null,"ED-50117","HID-TUB-565","FORNECIMENTO E ASSENTAMENTO DE TUBO CPVC SOLDÁVEL, ÁGUA QUENTE, DN 54 MM (2\"), INCLUSIVE CONEXÕES","M",71.12]
[null,"ED-50118","HID-TUB-570","FORNECIMENTO E ASSENTAMENTO DE TUBO CPVC SOLDÁVEL, ÁGUA QUENTE, DN 73 MM (2.1/2\"), INCLUSIVE CONEXÕES","M",106.13]
[null,"ED-50119","HID-TUB-575","FORNECIMENTO E ASSENTAMENTO DE TUBO CPVC SOLDÁVEL, ÁGUA QUENTE, DN 89 MM (3\"), INCLUSIVE CONEXÕES","M",149.30000000000001]
[null,"8435","-","TUBULAÇÃO DE ESGOTO/DRENAGEM"]
[null,"ED-50105","HID-TUB-500","FORNECIMENTO E ASSENTAMENTO DE TUBO PVC RÍGIDO, COLETOR DE ESGOTO LISO (JEI), DN 100 MM (4\"), INCLUSIVE CONEXÕES","M",30.22]
[null,"ED-50106","HID-TUB-505","FORNECIMENTO E ASSENTAMENTO DE TUBO PVC RÍGIDO, COLETOR DE ESGOTO LISO (JEI), DN 150 MM (6\"), INCLUSIVE CONEXÕES","M",59.99]
[null,"ED-50107","HID-TUB-510","FORNECIMENTO E ASSENTAMENTO DE TUBO PVC RÍGIDO, COLETOR DE ESGOTO LISO (JEI), DN 200 MM (8\"), INCLUSIVE CONEXÕES","M",90.7]
[null,"ED-50108","HID-TUB-515","FORNECIMENTO E ASSENTAMENTO DE TUBO PVC RÍGIDO, COLETOR DE ESGOTO LISO (JEI), DN 250 MM (10\"), INCLUSIVE CONEXÕES","M",151.85]
[null,"ED-50109","HID-TUB-520","FORNECIMENTO E ASSENTAMENTO DE TUBO PVC RÍGIDO, COLETOR DE ESGOTO LISO (JEI), DN 300 MM (12\"), INCLUSIVE CONEXÕES","M",235.49]
[null,"ED-50110","HID-TUB-525","FORNECIMENTO E ASSENTAMENTO DE TUBO PVC RÍGIDO, COLETOR DE ESGOTO LISO (JEI), DN 350 MM (14\"), INCLUSIVE CONEXÕES","M",301.17]
[null,"ED-50111","HID-TUB-530","FORNECIMENTO E ASSENTAMENTO DE TUBO PVC RÍGIDO, COLETOR DE ESGOTO LISO (JEI), DN 400 MM (16\"), INCLUSIVE CONEXÕES","M",383.08]
[null,"ED-50034","HID-TUB-075","FORNECIMENTO E ASSENTAMENTO DE TUBO PVC RÍGIDO, ESGOTO, PB - SÉRIE NORMAL, DN 40MM (1.1/2\"), INCLUSIVE CONEXÕES","M",15.71]
[null,"ED-50035","HID-TUB-078","FORNECIMENTO E ASSENTAMENTO DE TUBO PVC RÍGIDO, ESGOTO, PB - SÉRIE REFORÇADO, DN 40MM (1.1/2\"), INCLUSIVE CONEXÕES","M",23.35]
[null,"ED-50029","HID-TUB-055","FORNECIMENTO E ASSENTAMENTO DE TUBO PVC RÍGIDO, ESGOTO, PBV - SÉRIE NORMAL, DN 100 MM (4\"), INCLUSIVE CONEXÕES","M",30.86]
[null,"ED-50030","HID-TUB-060","FORNECIMENTO E ASSENTAMENTO DE TUBO PVC RÍGIDO, ESGOTO, PBV - SÉRIE NORMAL, DN 150 MM (6\"), INCLUSIVE CONEXÕES","M",47.27]
[null,"ED-50031","HID-TUB-065","FORNECIMENTO E ASSENTAMENTO DE TUBO PVC RÍGIDO, ESGOTO, PBV - SÉRIE NORMAL, DN 200 MM (8\"), INCLUSIVE CONEXÕES","M",74.37]
[null,"ED-50027","HID-TUB-045","FORNECIMENTO E ASSENTAMENTO DE TUBO PVC RÍGIDO, ESGOTO, PBV - SÉRIE NORMAL, DN 50 MM (2\"), INCLUSIVE CONEXÕES","M",21.06]
[null,"ED-50028","HID-TUB-050","FORNECIMENTO E ASSENTAMENTO DE TUBO PVC RÍGIDO, ESGOTO, PBV - SÉRIE NORMAL, DN 75 MM (3\"), INCLUSIVE CONEXÕES","M",26.35]
[null,"ED-50038","HID-TUB-085","FORNECIMENTO E ASSENTAMENTO DE TUBO PVC RÍGIDO, ESGOTO, PBV - SÉRIE REFORÇADO, DN 100 MM (4\"), INCLUSIVE CONEXÕES","M",47.17]
[null,"ED-50039","HID-TUB-090","FORNECIMENTO E ASSENTAMENTO DE TUBO PVC RÍGIDO, ESGOTO, PBV - SÉRIE REFORÇADO, DN 150 MM (6\"), INCLUSIVE CONEXÕES","M",76.31]
[null,"ED-50036","HID-TUB-079","FORNECIMENTO E ASSENTAMENTO DE TUBO PVC RÍGIDO, ESGOTO, PBV - SÉRIE REFORÇADO, DN 50 MM (2\"), INCLUSIVE CONEXÕES","M",29.11]
[null,"ED-50037","HID-TUB-080","FORNECIMENTO E ASSENTAMENTO DE TUBO PVC RÍGIDO, ESGOTO, PBV - SÉRIE REFORÇADO, DN 75 MM (3\"), INCLUSIVE CONEXÕES","M",32.32]
[null,"ED-8847","-","FORNECIMENTO E ASSENTAMENTO DE TUBO PVC RÍGIDO, VENTILAÇÃO, PBV - SÉRIE NORMAL, DN 100 MM (4\"), INCLUSIVE CONEXÕES","M",23.76]
[null,"ED-8845","-","FORNECIMENTO E ASSENTAMENTO DE TUBO PVC RÍGIDO, VENTILAÇÃO, PBV - SÉRIE NORMAL, DN 50 MM (2\"), INCLUSIVE CONEXÕES","M",17.190000000000001]
[null,"ED-8846","-","FORNECIMENTO E ASSENTAMENTO DE TUBO PVC RÍGIDO, VENTILAÇÃO, PBV - SÉRIE NORMAL, DN 75 MM (3\"), INCLUSIVE CONEXÕES","M",22.02]
[null,"8436","-","TUBULAÇÃO DE PEX"]
[null,"ED-50121","HID-TUB-585","FORNECIMENTO E ASSENTAMENTO DE TUBO DE TUBOS DE POLIETILENO RETICULADO FLEXÍVEL (PEX), INCLUSIVE CONEXÕES METÁLICAS E SUPORTES, D = 16 MM (NBR 15939)","M",15.84]
[null,"ED-50122","HID-TUB-590","FORNECIMENTO E ASSENTAMENTO DE TUBO DE TUBOS DE POLIETILENO RETICULADO FLEXÍVEL (PEX), INCLUSIVE CONEXÕES METÁLICAS E SUPORTES, D = 20 MM (NBR 15939)","M",20.190000000000001]
[null,"ED-50123","HID-TUB-595","FORNECIMENTO E ASSENTAMENTO DE TUBO DE TUBOS DE POLIETILENO RETICULADO FLEXÍVEL (PEX), INCLUSIVE CONEXÕES METÁLICAS E SUPORTES, D = 25 MM (NBR 15939)","M",15.98]
[null,"ED-50124","HID-TUB-600","FORNECIMENTO E ASSENTAMENTO DE TUBO DE TUBOS DE POLIETILENO RETICULADO FLEXÍVEL (PEX), INCLUSIVE CONEXÕES METÁLICAS E SUPORTES, D = 32 MM (NBR 15939)","M",22.22]
[null,"8437","-","TUBULAÇÃO DE PPR"]
[null,"ED-50053","HID-TUB-190","FORNECIMENTO E ASSENTAMENTO DE TUBO DE POLIPROPILENO (PPR), PRESSÃO DE 12 GF/CM², INCLUSIVE CONEXÕES E SUPORTES, D = 20 MM (NBR 15813)","M",11.18]
[null,"ED-50061","HID-TUB-230","FORNECIMENTO E ASSENTAMENTO DE TUBO DE POLIPROPILENO (PPR), PRESSÃO DE 12 KGF/CM², INCLUSIVE CONEXÕES E SUPORTES, D = 110 MM (NBR 15813)","M",109.59]
[null,"ED-50054","HID-TUB-195","FORNECIMENTO E ASSENTAMENTO DE TUBO DE POLIPROPILENO (PPR), PRESSÃO DE 12 KGF/CM², INCLUSIVE CONEXÕES E SUPORTES, D = 25 MM (NBR 15813)","M",13.9]
[null,"ED-50055","HID-TUB-200","FORNECIMENTO E ASSENTAMENTO DE TUBO DE POLIPROPILENO (PPR), PRESSÃO DE 12 KGF/CM², INCLUSIVE CONEXÕES E SUPORTES, D = 32 MM (NBR 15813)","M",14.28]
[null,"ED-50056","HID-TUB-205","FORNECIMENTO E ASSENTAMENTO DE TUBO DE POLIPROPILENO (PPR), PRESSÃO DE 12 KGF/CM², INCLUSIVE CONEXÕES E SUPORTES, D = 40 MM (NBR 15813)","M",21.88]
[null,"ED-50057","HID-TUB-210","FORNECIMENTO E ASSENTAMENTO DE TUBO DE POLIPROPILENO (PPR), PRESSÃO DE 12 KGF/CM², INCLUSIVE CONEXÕES E SUPORTES, D = 50 MM (NBR 15813)","M",29.51]
[null,"ED-50058","HID-TUB-215","FORNECIMENTO E ASSENTAMENTO DE TUBO DE POLIPROPILENO (PPR), PRESSÃO DE 12 KGF/CM², INCLUSIVE CONEXÕES E SUPORTES, D = 63 MM (NBR 15813)","M",39.47]
[null,"ED-50059","HID-TUB-220","FORNECIMENTO E ASSENTAMENTO DE TUBO DE POLIPROPILENO (PPR), PRESSÃO DE 12 KGF/CM², INCLUSIVE CONEXÕES E SUPORTES, D = 75 MM (NBR 15813)","M",53.59]
[null,"ED-50060","HID-TUB-225","FORNECIMENTO E ASSENTAMENTO DE TUBO DE POLIPROPILENO (PPR), PRESSÃO DE 12 KGF/CM², INCLUSIVE CONEXÕES E SUPORTES, D = 90 MM (NBR 15813)","M",70.010000000000005]
[null,"ED-50069","HID-TUB-270","FORNECIMENTO E ASSENTAMENTO DE TUBO DE POLIPROPILENO (PPR), PRESSÃO DE 20 KGF/CM², INCLUSIVE CONEXÕES E SUPORTES, D = 110 MM (NBR 15813)","M",155.18]
[null,"ED-50062","HID-TUB-235","FORNECIMENTO E ASSENTAMENTO DE TUBO DE POLIPROPILENO (PPR), PRESSÃO DE 20 KGF/CM², INCLUSIVE CONEXÕES E SUPORTES, D = 25 MM (NBR 15813)","M",16.11]
[null,"ED-50063","HID-TUB-240","FORNECIMENTO E ASSENTAMENTO DE TUBO DE POLIPROPILENO (PPR), PRESSÃO DE 20 KGF/CM², INCLUSIVE CONEXÕES E SUPORTES, D = 32 MM (NBR 15813)","M",18.12]
[null,"ED-50064","HID-TUB-245","FORNECIMENTO E ASSENTAMENTO DE TUBO DE POLIPROPILENO (PPR), PRESSÃO DE 20 KGF/CM², INCLUSIVE CONEXÕES E SUPORTES, D = 40 MM (NBR 15813)","M",27.37]
[null,"ED-50065","HID-TUB-250","FORNECIMENTO E ASSENTAMENTO DE TUBO DE POLIPROPILENO (PPR), PRESSÃO DE 20 KGF/CM², INCLUSIVE CONEXÕES E SUPORTES, D = 50 MM (NBR 15813)","M",31.61]
[null,"ED-50066","HID-TUB-255","FORNECIMENTO E ASSENTAMENTO DE TUBO DE POLIPROPILENO (PPR), PRESSÃO DE 20 KGF/CM², INCLUSIVE CONEXÕES E SUPORTES, D = 63 MM (NBR 15813)","M",44.29]
[null,"ED-50067","HID-TUB-260","FORNECIMENTO E ASSENTAMENTO DE TUBO DE POLIPROPILENO (PPR), PRESSÃO DE 20 KGF/CM², INCLUSIVE CONEXÕES E SUPORTES, D = 75 MM (NBR 15813)","M",77.62]
[null,"ED-50068","HID-TUB-265","FORNECIMENTO E ASSENTAMENTO DE TUBO DE POLIPROPILENO (PPR), PRESSÃO DE 20 KGF/CM², INCLUSIVE CONEXÕES E SUPORTES, D = 90 MM (NBR 15813)","M",106.28]
[null,"ED-50077","HID-TUB-310","FORNECIMENTO E ASSENTAMENTO DE TUBO DE POLIPROPILENO (PPR), PRESSÃO DE 25 KGF/CM², INCLUSIVE CONEXÕES E SUPORTES, D = 110 MM (NBR 15813)","M",168.32]
[null,"ED-50070","HID-TUB-275","FORNECIMENTO E ASSENTAMENTO DE TUBO DE POLIPROPILENO (PPR), PRESSÃO DE 25 KGF/CM², INCLUSIVE CONEXÕES E SUPORTES, D = 25 MM (NBR 15813)","M",18.09]
[null,"ED-50071","HID-TUB-280","FORNECIMENTO E ASSENTAMENTO DE TUBO DE POLIPROPILENO (PPR), PRESSÃO DE 25 KGF/CM², INCLUSIVE CONEXÕES E SUPORTES, D = 32 MM (NBR 15813)","M",19.41]
[null,"ED-50072","HID-TUB-285","FORNECIMENTO E ASSENTAMENTO DE TUBO DE POLIPROPILENO (PPR), PRESSÃO DE 25 KGF/CM², INCLUSIVE CONEXÕES E SUPORTES, D = 40 MM (NBR 15813)","M",31.05]
[null,"ED-50073","HID-TUB-290","FORNECIMENTO E ASSENTAMENTO DE TUBO DE POLIPROPILENO (PPR), PRESSÃO DE 25 KGF/CM², INCLUSIVE CONEXÕES E SUPORTES, D = 50 MM (NBR 15813)","M",38.82]
[null,"ED-50074","HID-TUB-295","FORNECIMENTO E ASSENTAMENTO DE TUBO DE POLIPROPILENO (PPR), PRESSÃO DE 25 KGF/CM², INCLUSIVE CONEXÕES E SUPORTES, D = 63 MM (NBR 15813)","M",51.44]
[null,"ED-50075","HID-TUB-300","FORNECIMENTO E ASSENTAMENTO DE TUBO DE POLIPROPILENO (PPR), PRESSÃO DE 25 KGF/CM², INCLUSIVE CONEXÕES E SUPORTES, D = 75 MM (NBR 15813)","M",89.65]
[null,"ED-50076","HID-TUB-305","FORNECIMENTO E ASSENTAMENTO DE TUBO DE POLIPROPILENO (PPR), PRESSÃO DE 25 KGF/CM², INCLUSIVE CONEXÕES E SUPORTES, D = 90 MM (NBR 15813)","M",128.5]
[null,"8438","-","TUBULAÇÃO DE PVC ROSCÁVEL"]
[null,"ED-50080","HID-TUB-370","FORNECIMENTO E ASSENTAMENTO DE TUBO PVC RÍGIDO ROSCÁVEL, ÁGUA FRIA, DN 1\" (32 MM), INCLUSIVE CONEXÕES","M",25.37]
[null,"ED-50082","HID-TUB-380","FORNECIMENTO E ASSENTAMENTO DE TUBO PVC RÍGIDO ROSCÁVEL, ÁGUA FRIA, DN 1.1/2\" (50 MM), INCLUSIVE CONEXÕES","M",34.549999999999997]
[null,"ED-50081","HID-TUB-375","FORNECIMENTO E ASSENTAMENTO DE TUBO PVC RÍGIDO ROSCÁVEL, ÁGUA FRIA, DN 1.1/4\" (40 MM), INCLUSIVE CONEXÕES","M",29.8]
[null,"ED-50078","HID-TUB-360","FORNECIMENTO E ASSENTAMENTO DE TUBO PVC RÍGIDO ROSCÁVEL, ÁGUA FRIA, DN 1/2\" (20 MM), INCLUSIVE CONEXÕES ","M",16.899999999999999]
[null,"ED-50083","HID-TUB-385","FORNECIMENTO E ASSENTAMENTO DE TUBO PVC RÍGIDO ROSCÁVEL, ÁGUA FRIA, DN 2\" (60 MM), INCLUSIVE CONEXÕES","M",41.09]
[null,"ED-50084","HID-TUB-390","FORNECIMENTO E ASSENTAMENTO DE TUBO PVC RÍGIDO ROSCÁVEL, ÁGUA FRIA, DN 2.1/2\" (75 MM), INCLUSIVE CONEXÕES","M",60.06]
[null,"ED-50085","HID-TUB-395","FORNECIMENTO E ASSENTAMENTO DE TUBO PVC RÍGIDO ROSCÁVEL, ÁGUA FRIA, DN 3\" (85 MM), INCLUSIVE CONEXÕES","M",72.73]
[null,"ED-50079","HID-TUB-365","FORNECIMENTO E ASSENTAMENTO DE TUBO PVC RÍGIDO ROSCÁVEL, ÁGUA FRIA, DN 3/4\" (25 MM), INCLUSIVE CONEXÕES","M",20.07]
[null,"ED-50086","HID-TUB-400","FORNECIMENTO E ASSENTAMENTO DE TUBO PVC RÍGIDO ROSCÁVEL, ÁGUA FRIA, DN 4\" (110 MM), INCLUSIVE CONEXÕES","M",88.53]
[null,"8439","-","TUBULAÇÃO DE PVC SOLDÁVEL"]
[null,"ED-49844","HID-ADP-005","ADAPTADOR SOLDÁVEL DE PVC MARROM COM FLANGES E ANEL PARA CAIXA DÁGUA Ø 20 MM X 1/2\"","UN",13.06]
[null,"ED-49845","HID-ADP-010","ADAPTADOR SOLDÁVEL DE PVC MARROM COM FLANGES E ANEL PARA CAIXA DÁGUA Ø 25 MM X 3/4\"","UN",16]
[null,"ED-49846","HID-ADP-015","ADAPTADOR SOLDÁVEL DE PVC MARROM COM FLANGES E ANEL PARA CAIXA DÁGUA Ø 32 MM X 1\"","UN",19.38]
[null,"ED-49847","HID-ADP-020","ADAPTADOR SOLDÁVEL DE PVC MARROM COM FLANGES E ANEL PARA CAIXA DÁGUA Ø 40 MM X 1 1/4\"","UN",31.1]
[null,"ED-49848","HID-ADP-025","ADAPTADOR SOLDÁVEL DE PVC MARROM COM FLANGES E ANEL PARA CAIXA DÁGUA Ø 50 MM X 1 1/2\"","UN",35.28]
[null,"ED-49849","HID-ADP-030","ADAPTADOR SOLDÁVEL DE PVC MARROM COM FLANGES E ANEL PARA CAIXA DÁGUA Ø 60 MM X 2\"","UN",41.95]
[null,"ED-50026","HID-TUB-041","FORNECIMENTO E ASSENTAMENTO DE TUBO PVC RÍGIDO SOLDÁVEL, ÁGUA FRIA, DN 110 MM (4\"), INCLUSIVE CONEXÕES","M",100.12]
[null,"ED-50018","HID-TUB-005","FORNECIMENTO E ASSENTAMENTO DE TUBO PVC RÍGIDO SOLDÁVEL, ÁGUA FRIA, DN 20 MM (1/2\"), INCLUSIVE CONEXÕES","M",14.28]
[null,"ED-50019","HID-TUB-010","FORNECIMENTO E ASSENTAMENTO DE TUBO PVC RÍGIDO SOLDÁVEL, ÁGUA FRIA, DN 25 MM (3/4\") , INCLUSIVE CONEXÕES","M",16.7]
[null,"ED-50020","HID-TUB-015","FORNECIMENTO E ASSENTAMENTO DE TUBO PVC RÍGIDO SOLDÁVEL, ÁGUA FRIA, DN 32 MM (1\") , INCLUSIVE CONEXÕES","M",21.85]
[null,"ED-50021","HID-TUB-020","FORNECIMENTO E ASSENTAMENTO DE TUBO PVC RÍGIDO SOLDÁVEL, ÁGUA FRIA, DN 40 MM (1.1/4\"), INCLUSIVE CONEXÕES","M",26.44]
[null,"ED-50022","HID-TUB-025","FORNECIMENTO E ASSENTAMENTO DE TUBO PVC RÍGIDO SOLDÁVEL, ÁGUA FRIA, DN 50 MM (1.1/2\"), INCLUSIVE CONEXÕES","M",29.11]
[null,"ED-50023","HID-TUB-030","FORNECIMENTO E ASSENTAMENTO DE TUBO PVC RÍGIDO SOLDÁVEL, ÁGUA FRIA, DN 60 MM (2\"), INCLUSIVE CONEXÕES","M",38.14]
[null,"ED-50024","HID-TUB-035","FORNECIMENTO E ASSENTAMENTO DE TUBO PVC RÍGIDO SOLDÁVEL, ÁGUA FRIA, DN 75 MM (2.1/2\"), INCLUSIVE CONEXÕES","M",52.9]
[null,"ED-50025","HID-TUB-040","FORNECIMENTO E ASSENTAMENTO DE TUBO PVC RÍGIDO SOLDÁVEL, ÁGUA FRIA, DN 85 MM (3\"), INCLUSIVE CONEXÕES","M",62.64]
[null,"41","-","334 - IIO-001  - INSTALAÇÕES INICIAIS DA OBRA"]
[null,"ED-50125","IIO-ARE-070","ÁREA COBERTA EM TELHA FIBROCIMENTO PARA BANCAS - PADRÃO DEER-MG","M2",90.17]
[null,"ED-50155","IIO-SAN-005","BANHEIRO QUÍMICO 110 X 120 X 230 CM COM MANUTENÇÃO","MÊS",515]
[null,"ED-50135","IIO-BAR-046","BARRACÃO DE OBRA, EM CHAPA DE COMPENSADO RESINADO, INCLUSIVE  INSTALAÇÕES SANITÁRIAS E MOBILIÁRIO - PADRÃO DEER-MG","M2",397.84]
[null,"ED-50128","IIO-BAR-015","BARRACÃO DE OBRA PARA DEPÓSITO E FERRAMENTARIA TIPO-I, ÁREA INTERNA 14,52M2, EM CHAPA DE COMPENSADO RESINADO, INCLUSIVE MOBILIÁRIO (OBRA DE PEQUENO PORTE, EFETIVO ATÉ 30 HOMENS), PADRÃO DEER-MG","UN",5444.61]
[null,"ED-50129","IIO-BAR-020","BARRACÃO DE OBRA PARA DEPÓSITO E FERRAMENTARIA TIPO-II, ÁREA INTERNA 25,41M2, EM CHAPA DE COMPENSADO RESINADO, INCLUSIVE MOBILIÁRIO (OBRA DE MÉDIO PORTE, EFETIVO DE 30 A 60 HOMENS), PADRÃO DEER-MG","UN",9078.0400000000009]
[null,"ED-50148","IIO-ESC-015","BARRACÃO DE OBRA PARA ESCRITÓRIO DA EMPREITEIRA TIPO-I, ÁREA INTERNA 18,15M2, EM CHAPA DE COMPENSADO RESINADO, INCLUSIVE MOBILIÁRIO (OBRA DE PEQUENO A MÉDIO PORTE, EFETIVO ATÉ 60 HOMENS) - PADRÃO DEER-MG","UN",7067.48]
[null,"ED-50149","IIO-ESC-020","BARRACÃO DE OBRA PARA ESCRITÓRIO DA EMPREITEIRA TIPO-II, ÁREA INTERNA 21,78M2, EM CHAPA DE COMPENSADO RESINADO, INCLUSIVE MOBILIÁRIO (OBRA DE GRANDE PORTE, EFETIVO ACIMA 60 HOMENS) - PADRÃO DEER-MG","UN",8218.5300000000007]
[null,"ED-50146","IIO-ESC-005","BARRACÃO DE OBRA PARA ESCRITÓRIO DA FISCALIZAÇÃO TIPO-I, ÁREA INTERNA 18,15M2, EM CHAPA DE COMPENSADO RESINADO, INCLUSIVE MOBILIÁRIO (OBRA DE PEQUENO A MÉDIO PORTE, EFETIVO ATÉ 60 HOMENS) - PADRÃO DEER-MG","UN",7012.99]
[null,"ED-50147","IIO-ESC-010","BARRACÃO DE OBRA PARA ESCRITÓRIO DA FISCALIZAÇÃO TIPO-II, ÁREA INTERNA 21,78M2, EM CHAPA DE COMPENSADO RESINADO, INCLUSIVE MOBILIÁRIO (OBRA DE GRANDE PORTE, EFETIVO ACIMA 60 HOMENS) - PADRÃO DEER-MG","UN",8164.04]
[null,"ED-50130","IIO-BAR-025","BARRACÃO DE OBRA PARA INSTALAÇÃO SANITÁRIA TIPO-I, ÁREA INTERNA 14,52M2, EM CHAPA DE COMPENSADO RESINADO (OBRA DE PEQUENO PORTE, EFETIVO ATÉ 30 HOMENS), PADRÃO DEER-MG","UN",5988.41]
[null,"ED-50131","IIO-BAR-030","BARRACÃO DE OBRA PARA INSTALAÇÃO SANITÁRIA TIPO-II, ÁREA INTERNA 18,15M2, EM CHAPA DE COMPENSADO RESINADO (OBRA DE MÉDIO PORTE, EFETIVO DE 30 A 60 HOMENS), PADRÃO DEER-MG","UN",7606.21]
[null,"ED-50132","IIO-BAR-035","BARRACÃO DE OBRA PARA INSTALAÇÃO SANITÁRIA TIPO-III, ÁREA INTERNA 25,41M2, EM CHAPA DE COMPENSADO RESINADO (OBRA DE GRANDE PORTE, EFETIVO ACIMA DE 60 HOMENS), PADRÃO DEER-MG","UN",10818.33]
[null,"ED-50133","IIO-BAR-040","BARRACÃO DE OBRA PARA REFEITÓRIO TIPO-I, ÁREA INTERNA 18,15M2, EM CHAPA DE COMPENSADO RESINADO (OBRA DE MÉDIO PORTE, EFETIVO DE 30 A 60 HOMENS), PADRÃO DEER-MG","UN",6857.27]
[null,"ED-50134","IIO-BAR-045","BARRACÃO DE OBRA PARA REFEITÓRIO TIPO-II, ÁREA INTERNA 25,41M2, EM CHAPA DE COMPENSADO RESINADO (OBRA DE GRANDE PORTE, EFETIVO ACIMA DE 60 HOMENS), PADRÃO DEER-MG","UN",9306.18]
[null,"ED-50126","IIO-BAR-005","BARRACÃO DE OBRA PARA VESTIÁRIO TIPO-I, ÁREA INTERNA 25,41M2, EM CHAPA DE COMPENSADO RESINADO, INCLUSIVE MOBILIÁRIO (OBRA DE PEQUENO PORTE, EFETIVO ATÉ 30 HOMENS), PADRÃO DEER-MG","UN",9524.1200000000008]
[null,"ED-50127","IIO-BAR-010","BARRACÃO DE OBRA PARA VESTIÁRIO TIPO-II, ÁREA INTERNA 67,76M2, EM CHAPA DE COMPENSADO RESINADO, INCLUSIVE MOBILIÁRIO (OBRA DE MÉDIO PORTE, EFETIVO DE 30 A 60 HOMENS), PADRÃO DEER-MG","UN",18337.38]
[null,"ED-50136","IIO-CER-025","CERCA DE 5 FIOS DE ARAME FARPA DO E MOURÕES DE EUCALIPTO","M",27.22]
[null,"ED-50158","IIO-SIN-015","CONE EM PVC H = 75 CM","M",36.409999999999997]
[null,"ED-50157","IIO-SIN-010","FITA ZEBRADA AMARELA PARA SINALIZAÇÃO L = 7 M","M",2.76]
[null,"ED-16660","-","FORNECIMENTO E COLOCAÇÃO DE PLACA DE OBRA EM CHAPA GALVANIZADA #26, ESP. 0,45 MM, PLOTADA COM ADESIVO VINÍLICO, AFIXADA COM REBITES 4,8X40 MM, EM ESTRUTURA METÁLICA DE METALON 20X20 MM, ESP. 1,25 MM, INCLUSIVE SUPORTE EM EUCALIPTO AUTOCLAVADO PINTADO COM TINTA PVA DUAS (2) DEMÃOS","M2",184.07]
[null,"ED-50152","IIO-PLA-005","FORNECIMENTO E COLOCAÇÃO DE PLACA DE OBRA EM CHAPA GALVANIZADA (3,00 X 1,5 0 M) - EM CHAPA GALVANIZADA 0,26 AFIXADAS COM REBITES 540 E PARAFUSOS 3/8, EM ESTRUTURA METÁLICA VIGA U 2\" ENRIJECIDA COM METALON 20 X 20, SUPORTE EM EUCALIPTO AUTOCLAVADO PINTADAS","U",1099.6199999999999]
[null,"ED-50153","IIO-PLA-010","FORNECIMENTO E COLOCAÇÃO DE PLACA DE OBRA EM CHAPA GALVANIZADA (6,00 X 3,00 M) - EM CHAPA GALVANIZADA 0,26 AFIXADAS COM REBITES 540 E PARAFUSOS 3/8, EM ESTRUTURA METÁLICA VIGA U 2\" ENRIJECIDA COM METALON 20 X 20, SUPORTE EM EUCALIPTO AUTOCLAVADO PINTADAS","U",2719.62]
[null,"ED-50154","IIO-PLA-015","FORNECIMENTO E COLOCAÇÃO DE PLACAS DE OBRAS EM CHAPA GALVANIZADA (4,00 X 2,00 M ) SÃO CONFECCIONADAS EM CHAPA GALVANIZADA 26. AS CHAPAS SERÃO AFIXADAS COM REBITES 410 E PARAFUSOS 3/8, EM UMA ESTRUTURA METÁLICA COM VIGA U 2\" ENRIJECIDA E METALON 20MMX20MM,334","U",1627.62]
[null,"ED-16344","-","INSTALAÇÃO PROVISÓRIA DE CHUVEIRO ELÉTRICO, TENSÃO 127V/220V, EM CONTAINER (VESTIÁRIO DE OBRA)\n","UN",79.53]
[null,"ED-50150","IIO-LIG-005","LIGAÇÃO DE ÁGUA PROVISÓRIA PARA CANTEIRO,  INCLUSIVE HIDRÔMETRO E CAVALETE PARA MEDIÇÃO DE ÁGUA - ENTRADA PRINCIPAL, EM AÇO GALVANIZADO DN 20MM (1/2\") - PADRÃO CONCESSIONÁRIA\n","UN",313.81]
[null,"ED-16341","-","LIGAÇÃO PROVISÓRIA DE ÁGUA E ESGOTO PARA CONTAINER (ESCRITÓRIO DE OBRA)\n","UN",200.17]
[null,"ED-16343","-","LIGAÇÃO PROVISÓRIA DE ÁGUA E ESGOTO PARA CONTAINER (VESTIÁRIO DE OBRA), EXCLUSIVE CHUVEIRO ELÉTRICO\n","UN",241.97]
[null,"ED-16342","-","LIGAÇÃO PROVISÓRIA DE ENERGIA ELÉTRICA PARA CONTAINER\n","UN",288.39]
[null,"ED-50151","IIO-LIG-010","LIGAÇÃO PROVISÓRIA DE LUZ E FORÇA-PADRÃO PROVISÓRIO 30KVA","U",526.57000000000005]
[null,"ED-16356","-","LIGAÇÕES PROVISÓRIAS PARA CONTAINER TIPO 1 (CORRESPONDENTE AO CÓDIGO ED-16348)\n","UN",288.39]
[null,"ED-16357","-","LIGAÇÕES PROVISÓRIAS PARA CONTAINER TIPO 2 (CORRESPONDENTE AO CÓDIGO ED-16349)","UN",488.56]
[null,"ED-16358","-","LIGAÇÕES PROVISÓRIAS PARA CONTAINER TIPO 3 (CORRESPONDENTE AO CÓDIGO ED-16350)","UN",288.39]
[null,"ED-16359","-","LIGAÇÕES PROVISÓRIAS PARA CONTAINER TIPO 4 (CORRESPONDENTE AO CÓDIGO ED-16351)","UN",288.39]
[null,"ED-16360","-","LIGAÇÕES PROVISÓRIAS PARA CONTAINER TIPO 5 (CORRESPONDENTE AO CÓDIGO ED-16352)","UN",1087.07]
[null,"ED-16361","-","LIGAÇÕES PROVISÓRIAS PARA CONTAINER TIPO 6 (CORRESPONDENTE AO CÓDIGO ED-16353)","UN",530.36]
[null,"ED-16362","-","LIGAÇÕES PROVISÓRIAS PARA CONTAINER TIPO 7 (CORRESPONDENTE AO CÓDIGO ED-16354)","UN",848.48]
[null,"ED-16363","-","LIGAÇÕES PROVISÓRIAS PARA CONTAINER TIPO 8 (CORRESPONDENTE AO CÓDIGO ED-16355)","UN",288.39]
[null,"ED-16348","-","LOCAÇÃO DE CONTAINER COM ISOLAMENTO TÉRMICO, TIPO 1, PARA ESCRITÓRIO DE OBRA, COM MEDIDAS REFERENCIAIS DE (6) METROS COMPRIMENTO, (2,3) METROS LARGURA E (2,5) METROS ALTURA ÚTIL INTERNA, INCLUSIVE AR CONDICIONADO E LIGAÇÕES ELÉTRICAS INTERNAS, EXCLUSIVE MOBILIZAÇÃO/DESMOBILIZAÇÃO E LIGAÇÕES PROVISÓRIAS EXTERNAS","MÊS",622.57000000000005]
[null,"ED-16349","-","LOCAÇÃO DE CONTAINER COM ISOLAMENTO TÉRMICO, TIPO 2, PARA ESCRITÓRIO DE OBRA COM SANITÁRIO CONTENDO UM (1) VASO SANITÁRIO E UM (1) LAVATÓRIO, COM MEDIDAS REFERENCIAIS DE (6) METROS COMPRIMENTO, (2,3) METROS LARGURA E (2,5) METROS ALTURA ÚTIL INTERNA, INCLUSIVE AR CONDICIONADO E LIGAÇÕES ELÉTRICAS E HIDROSSANITÁRIAS INTERNAS, EXCLUSIVE MOBILIZAÇÃO/DESMOBILIZAÇÃO E LIGAÇÕES PROVISÓRIAS EXTERNAS","MÊS",758.21]
[null,"ED-16350","-","LOCAÇÃO DE CONTAINER COM ISOLAMENTO TÉRMICO, TIPO 3, PARA DEPÓSITO/FERRAMENTARIA DE OBRA, COM MEDIDAS REFERENCIAIS DE (6) METROS COMPRIMENTO, (2,3) METROS LARGURA E (2,5) METROS ALTURA ÚTIL INTERNA, INCLUSIVE LIGAÇÕES ELÉTRICAS INTERNAS, EXCLUSIVE MOBILIZAÇÃO/DESMOBILIZAÇÃO E LIGAÇÕES PROVISÓRIAS EXTERNAS","MÊS",613.29999999999995]
[null,"ED-16351","-","LOCAÇÃO DE CONTAINER COM ISOLAMENTO TÉRMICO, TIPO 4, PARA REFEITÓRIO DE OBRA, COM MEDIDAS REFERENCIAIS DE (6) METROS COMPRIMENTO, (2,3) METROS LARGURA E (2,5) METROS ALTURA ÚTIL INTERNA, INCLUSIVE LIGAÇÕES ELÉTRICAS INTERNAS, EXCLUSIVE MOBILIZAÇÃO/DESMOBILIZAÇÃO E LIGAÇÕES PROVISÓRIAS EXTERNAS","MÊS",555.76]
[null,"ED-16352","-","LOCAÇÃO DE CONTAINER COM ISOLAMENTO TÉRMICO, TIPO 5, PARA VESTIÁRIO DE OBRA COM SETE (7) CHUVEIROS E DOIS (2) LAVATÓRIOS, COM MEDIDAS REFERENCIAIS DE (6) METROS COMPRIMENTO, (2,3) METROS LARGURA E (2,5) METROS ALTURA ÚTIL INTERNA, INCLUSIVE LIGAÇÕES ELÉTRICAS E HIDROSSANITÁRIAS INTERNAS, EXCLUSIVE MOBILIZAÇÃO/DESMOBILIZAÇÃO E LIGAÇÕES PROVISÓRIAS EXTERNAS","MÊS",725.39]
[null,"ED-16353","-","LOCAÇÃO DE CONTAINER COM ISOLAMENTO TÉRMICO, TIPO 6, PARA VESTIÁRIO DE OBRA COM SETE (7) VASOS SANITÁRIOS, UM (1) MICTÓRIO E UM (1) LAVATÓRIO, COM MEDIDAS REFERENCIAIS DE (6) METROS COMPRIMENTO, (2,3) METROS LARGURA E (2,5) METROS ALTURA ÚTIL INTERNA, INCLUSIVE LIGAÇÕES ELÉTRICAS E HIDROSSANITÁRIAS INTERNAS, EXCLUSIVE MOBILIZAÇÃO/DESMOBILIZAÇÃO E LIGAÇÕES PROVISÓRIAS EXTERNAS","MÊS",725.39]
[null,"ED-16354","-","LOCAÇÃO DE CONTAINER COM ISOLAMENTO TÉRMICO, TIPO 7, PARA VESTIÁRIO DE OBRA COM QUATRO (4) CHUVEIROS, TRÊS (3) VASOS SANITÁRIOS, UM (1) MICTÓRIO E UM (1) LAVATÓRIO, COM MEDIDAS REFERENCIAIS DE (6) METROS COMPRIMENTO, (2,3) METROS LARGURA E (2,5) METROS ALTURA ÚTIL INTERNA, INCLUSIVE LIGAÇÕES ELÉTRICAS E HIDROSSANITÁRIAS INTERNAS, EXCLUSIVE MOBILIZAÇÃO/DESMOBILIZAÇÃO E LIGAÇÕES PROVISÓRIAS EXTERNAS","MÊS",725.39]
[null,"ED-50137","IIO-CON-005","MOBILIZAÇÃO E DESMOBILIZAÇÃO DE CONTAINER, INCLUSIVE INSTALAÇÃO E TRANSPORTE COM CAMINHÃO GUINDAUTO (MUNCK)","UN",680]
[null,"ED-50156","IIO-SIN-005","PROTEÇÃO COM FITA ZEBRADA AMARELA L = 7 M E PEÇA 7 X 7 CM","M",6.14]
[null,"ED-50166","IIO-TAP-040","REMANEJAMENTO DE TAPUME","M2",7.09]
[null,"ED-50163","IIO-TAP-026","TAPUME COM TELA DE POLIETILENO","M",11.85]
[null,"ED-50162","IIO-TAP-020","TAPUME DE CHAPA DE MADEIRA 6 MM 2,20 X 1,22 M, H = 2,20 M, ABERTURA E PORTÃO","M2",94.9]
[null,"ED-50165","IIO-TAP-035","TAPUME DE TELA GALVANIZAADA # 2, FIO 14 COM BASE DE CONCRETO","M2",54.59]
[null,"ED-50164","IIO-TAP-030","TAPUME DE TELA GALVANIZAADA # 2, FIO 14 COM FIXAÇÃO ENTERRADA","M2",56]
[null,"ED-50159","IIO-TAP-005","TAPUME EM CHAPA COMPENSADO DE 12 MM E PONTALETES H = 2,20 M","M",136.53]
[null,"ED-50160","IIO-TAP-010","TAPUME REMOVÍVEL DE COMPENSADO TIPO A, H = 2,20 M (PADRÃO DEER-MG - COM REMOÇÃO)","M",163.56]
[null,"ED-50161","IIO-TAP-015","TAPUME REMOVÍVEL DE COMPENSADO TIPO B, H = 2,20 M (PADRÃO DEER-MG - COM REMOÇÃO)","M",152.13999999999999]
[null,"42","-","335 - IMP-001  - IMPERMEABILIZAÇÕES E ISOLAMENTO"]
[null,"ED-13286","-","CAMADA DE REGULARIZAÇÃO COM ARGAMASSA, TRAÇO 1:3 (CIMENTO E AREIA), ESP. 15MM, APLICAÇÃO MANUAL, PREPARO MECÂNICO","M2",23.29]
[null,"ED-13287","-","CAMADA DE REGULARIZAÇÃO COM ARGAMASSA, TRAÇO 1:3 (CIMENTO E AREIA), ESP. 20MM, APLICAÇÃO MANUAL, PREPARO MECÂNICO","M2",25.73]
[null,"ED-13288","-","CAMADA DE REGULARIZAÇÃO COM ARGAMASSA, TRAÇO 1:3 (CIMENTO E AREIA), ESP. 25MM, APLICAÇÃO MANUAL, PREPARO MECÂNICO","M2",28.16]
[null,"ED-50170","IMP-CAM-005","CAMADA DE REGULARIZAÇÃO COM ARGAMASSA, TRAÇO 1:3 (CIMENTO E AREIA), ESP. 30MM, APLICAÇÃO MANUAL, PREPARO MECÂNICO","M2",30.59]
[null,"ED-13289","-","CAMADA DE REGULARIZAÇÃO COM ARGAMASSA, TRAÇO 1:4 (CIMENTO E AREIA), ESP. 15MM, APLICAÇÃO MANUAL, PREPARO MECÂNICO","M2",22.21]
[null,"ED-13290","-","CAMADA DE REGULARIZAÇÃO COM ARGAMASSA, TRAÇO 1:4 (CIMENTO E AREIA), ESP. 20MM, APLICAÇÃO MANUAL, PREPARO MECÂNICO","M2",24.29]
[null,"ED-13291","-","CAMADA DE REGULARIZAÇÃO COM ARGAMASSA, TRAÇO 1:4 (CIMENTO E AREIA), ESP. 25MM, APLICAÇÃO MANUAL, PREPARO MECÂNICO","M2",26.36]
[null,"ED-13292","-","CAMADA DE REGULARIZAÇÃO COM ARGAMASSA, TRAÇO 1:4 (CIMENTO E AREIA), ESP. 30MM, APLICAÇÃO MANUAL, PREPARO MECÂNICO","M2",28.43]
[null,"ED-50167","IMP-ARG-005","IMPERMEABILIZAÇÃO COM ARGAMASSA TRAÇO 1:3, E = 2,50 CM COM ADITIVO","M2",31.83]
[null,"ED-50168","IMP-ASF-005","IMPERMEABILIZAÇÃO COM MANTA ASFÁLTICA PRÉ-FABRICADA, E = 4 MM","M2",57.86]
[null,"ED-50169","IMP-ASF-010","IMPERMEABILIZAÇÃO COM MANTA ASFÁLTICA PRÉ-FABRICADA, E = 4 MM - ANTI-RAIZ","M2",57.86]
[null,"ED-50173","IMP-PAR-005","IMPERMEABILIZAÇÃO DE ALICERCE COM TINTA BETUMINOSA EM PAREDE DE 1 1/2 TIJOLO","M",8.75]
[null,"ED-50171","IMP-CRI-006","IMPERMEABILIZAÇÃO POR CRISTALIZAÇÃO","M2",21.04]
[null,"ED-50174","IMP-PIN-005","PINTURA COM EMULSÃO ASFÁLTICA, DUAS (2) DEMÃOS","M2",18.25]
[null,"ED-50175","IMP-PIN-010","PINTURA IMPERMEABILIZANTE COM ARGAMASSA POLIMÉRICA","M2",18.149999999999999]
[null,"ED-50176","IMP-PRO-005","PROTEÇÃO MECÂNICA COM ARGAMASSA, TRAÇO 1:3 (CIMENTO E AREIA), ESP. 15MM, APLICAÇÃO MANUAL, PREPARO MECÂNICO","M2",17.96]
[null,"ED-13279","-","PROTEÇÃO MECÂNICA COM ARGAMASSA, TRAÇO 1:3 (CIMENTO E AREIA), ESP. 20MM, APLICAÇÃO MANUAL, PREPARO MECÂNICO","M2",20.399999999999999]
[null,"ED-13280","-","PROTEÇÃO MECÂNICA COM ARGAMASSA, TRAÇO 1:3 (CIMENTO E AREIA), ESP. 25MM, APLICAÇÃO MANUAL, PREPARO MECÂNICO","M2",22.83]
[null,"ED-13281","-","PROTEÇÃO MECÂNICA COM ARGAMASSA, TRAÇO 1:3 (CIMENTO E AREIA), ESP. 30MM, APLICAÇÃO MANUAL, PREPARO MECÂNICO","M2",25.26]
[null,"ED-13282","-","PROTEÇÃO MECÂNICA COM ARGAMASSA, TRAÇO 1:4 (CIMENTO E AREIA), ESP. 15MM, APLICAÇÃO MANUAL, PREPARO MECÂNICO","M2",16.88]
[null,"ED-13283","-","PROTEÇÃO MECÂNICA COM ARGAMASSA, TRAÇO 1:4 (CIMENTO E AREIA), ESP. 20MM, APLICAÇÃO MANUAL, PREPARO MECÂNICO","M2",18.96]
[null,"ED-13284","-","PROTEÇÃO MECÂNICA COM ARGAMASSA, TRAÇO 1:4 (CIMENTO E AREIA), ESP. 25MM, APLICAÇÃO MANUAL, PREPARO MECÂNICO","M2",21.03]
[null,"ED-13285","-","PROTEÇÃO MECÂNICA COM ARGAMASSA, TRAÇO 1:4 (CIMENTO E AREIA), ESP. 30MM, APLICAÇÃO MANUAL, PREPARO MECÂNICO","M2",23.1]
[null,"43","-","336 - INC-001  - PREVENÇÃO E COMBATE A INCÊNDIO"]
[null,"ED-50178","INC-ABR-010","ABRIGO EM CHAPA TIPO EXTERNO 1 PORTA DE AÇO CARBONO, COMPLETO, VIDRO TRANSPARENTE, COM A INSCRIÇÃO \"INCÊNDIO\", SUPORTE BASCULANTE PARA MANGUEIRA PINTADO DE VERMELHO NAS DIMENSÕES 45 X 60 X 17 CM","U",233.77]
[null,"ED-50179","INC-ABR-015","ABRIGO EM CHAPA TIPO EXTERNO 1 PORTA DE AÇO CARBONO, COMPLETO, VIDRO TRANSPARENTE, COM A INSCRIÇÃO \"INCÊNDIO\", SUPORTE BASCULANTE PARA MANGUEIRA PINTADO DE VERMELHO NAS DIMENSÕES 75 X 30 X 25 CM","U",199.6]
[null,"ED-50177","INC-ABR-005","ABRIGO EM CHAPA TIPO EXTERNO 1 PORTA DE AÇO CARBONO, COMPLETO, VIDRO TRANSPARENTE, COM A INSCRIÇÃO \"INCÊNDIO\", SUPORTE BASCULANTE PARA MANGUEIRA PINTADO DE VERMELHO NAS DIMENSÕES 90 X 60 X 17 CM","U",305.77999999999997]
[null,"ED-50180","INC-ACI-005","ACIONADOR MANUAL DE ALARME DE INCÊNDIO","UN",109.73]
[null,"ED-50181","INC-ADP-005","ADAPTADOR EM LATAO P/ INSTALACAO PREDIAL DE COMBATE A INCENDIO ENGATE RAPIDO 1 1/2\" X ROSCA INTERNA 5 FIOS 2 1/2\"","U",50.47]
[null,"ED-50182","INC-ADP-006","ADAPTADOR EM LATAO P/ INSTALACAO PREDIAL DE COMBATE A INCENDIO ENGATE RAPIDO 2 1/2\" X ROSCA INTERNA 5 FIOS 2 1/2\"","U",59.81]
[null,"ED-50194","INC-EXT-020","BASE DECORATIVA PARA EXTINTORES","U",47.73]
[null,"ED-50218","INC-SPR-035","CANOPLA PARA SPRINKLER","U",6.09]
[null,"ED-50188","INC-CHA-005","CHAVE PARA CONEXÕES DE ENGATE RÁPIDO, (STORZ), 63 X 38 MM","U",15.25]
[null,"ED-50186","INC-BOM-025","CILINDRO DE PRESSÃO OU MOLA PNEUMÁTICA DE DIÂMETRO 150MM, COMPRIMENTO DE 1,20M COM GARRAS PARA FIXAÇÃO NA PAREDE","U",324.66000000000003]
[null,"ED-50183","INC-BOM-005","ELETROBOMBA MOTOR DE 3,0 CV, 220V, TRIFÁSICO COM CAPACIDADE DE VAZÃO DE 2501/MIN. A 18 MCA DE PRESSÃO","U",1045.52]
[null,"ED-50189","INC-ESG-005","ESGUICHO TIPO AGULHETA, JUNTA DE UNIÃO ENGATE RÁPIDO D = 38 MM","U",87.71]
[null,"ED-50190","INC-EXT-005","EXTINTOR DE GÁS CARBÔNICO 5-B:C, CAPACIDADE 6 KG","U",502.49]
[null,"ED-50191","INC-EXT-010","EXTINTOR DE INCÊNDIO ÁGUA PRESSURIZADA 2-A, CAPACIDADE 10 L","U",142.65]
[null,"ED-50193","INC-EXT-016","EXTINTOR DE INCÊNDIO TIPO PÓ QUÍMICO 2-A:20-B:C, CAPACIDADE 6 KG","U",154.04]
[null,"ED-50192","INC-EXT-015","EXTINTOR DE INCÊNDIO TIPO PÓ QUÍMICO 20-B:C, CAPACIDADE 6 KG","U",158.38999999999999]
[null,"ED-50195","INC-HID-005","HIDRANTE DE RECALQUE COMPLETO EM CAIXA DE ALVENARIA","U",590.61]
[null,"ED-50196","INC-LUM-005","LUMINÁRIA DE EMERGÊNCIA AUTÔNOMA IE-16 COM LÂMPADA DE 8 W","U",70.34]
[null,"ED-50197","INC-MAN-005","MANGUEIRA DE FIBRA SINTÉTICA E BORRACHA D = 38 MM, 15 M","U",243.12]
[null,"ED-50198","INC-MAN-020","MANÔMETRO WILLY, MOD. 2 1/2\", ESCALA DE LEITURA DE 0 A 100 PSI","U",60.87]
[null,"ED-50206","INC-PLA-040","PLACA FOTOLUMINESCENTE \"A2\" - TRIÂNGULO 300 MM (RISCO INCÊNDIO)","U",29.49]
[null,"ED-50199","INC-PLA-005","PLACA FOTOLUMINESCENTE \"E5\" - 300 X 300 MM","U",17.309999999999999]
[null,"ED-50200","INC-PLA-010","PLACA FOTOLUMINESCENTE \"E8\" - 300 X 300 MM","U",17.309999999999999]
[null,"ED-50207","INC-PLA-045","PLACA FOTOLUMINESCENTE \"P2\" - D = 300 MM (PROIBIDO PRODUZIR CHAMA)","U",17.309999999999999]
[null,"ED-50201","INC-PLA-015","PLACA FOTOLUMINESCENTE \"S1\" OU \"S2\"- 380 X 190 MM (SAÍDA - DIREITA)","U",19.27]
[null,"ED-50202","INC-PLA-020","PLACA FOTOLUMINESCENTE \"S1\" OU \"S2\"- 380 X 190 MM (SAÍDA - ESQUERDA)","U",19.27]
[null,"ED-50204","INC-PLA-030","PLACA FOTOLUMINESCENTE \"S10\" - 380 X 190 MM (SAÍDA ESCADA SOBE)","U",19.27]
[null,"ED-50205","INC-PLA-035","PLACA FOTOLUMINESCENTE \"S12\" - 380 X 190 MM (SAÍDA)","U",19.12]
[null,"ED-50203","INC-PLA-025","PLACA FOTOLUMINESCENTE \"S9\" - 380 X 190 MM (SAÍDA ESCADA DESCE)","U",19.27]
[null,"ED-50185","INC-BOM-015","PRESSOSTATO TELEMECANIQUE, MODELO XML B004 A2S11, COM ESCALA DE 3 A 58 PSI","U",889.63]
[null,"ED-50184","INC-BOM-010","QUADRO DE FORÇA PARA MOTOR DE 3,0 CV, 220V, TRIFÁSICO, CONTENDO DISPOSITIVO PARA PARTIDA MANUAL E AUTOMÁTICA ATRAVÉS DE PRESSOSTATO E SAÍDA PARA ALARME DE BOMBA EM FUNCIONAMENTO","U",429.99]
[null,"ED-50208","INC-REG-005","REGISTRO TIPO GLOBO ANGULAR, COM 45 GRAUS, DN 2.1/2\" (63 MM), PN16, EM LATÃO COM VOLANTE PARA HIDRANTE - FORNECIMENTO E INSTALAÇÃO","UN",152.57]
[null,"ED-50210","INC-REG-015","REGISTRO TIPO GLOBO, DN 1\" (25 MM), PN16, EM LATAO COM VOLANTE, EXTREMIDADES ROSCADAS  - FORNECIMENTO E INSTALAÇÃO","UN",130.69]
[null,"ED-50209","INC-REG-010","REGISTRO TIPO GLOBO, DN 1.1/2\" (15 MM), PN16, EM LATAO COM VOLANTE, EXTREMIDADES ROSCADAS  - FORNECIMENTO E INSTALAÇÃO","UN",233.17]
[null,"ED-50211","INC-REG-020","REGISTRO TIPO GLOBO, DN 2.1/2\" (63 MM), PN16, EM LATAO COM VOLANTE, EXTREMIDADES ROSCADAS  - FORNECIMENTO E INSTALAÇÃO","UN",516.20000000000005]
[null,"ED-50187","INC-BOM-030","SIRENE PARA ALARME DE BOMBA EM FUNCIONAMENTO, 220V","U",54.85]
[null,"ED-50215","INC-SPR-020","SPRINKLER PENDENTE 15 MM (1/2\") 141º C","U",108.79]
[null,"ED-50216","INC-SPR-025","SPRINKLER PENDENTE 15 MM (1/2\") 182º C","U",93.33]
[null,"ED-50217","INC-SPR-030","SPRINKLER PENDENTE 15 MM (1/2\") 227º C","U",95.36]
[null,"ED-50212","INC-SPR-005","SPRINKLER PENDENTE 15 MM (1/2\") 68º C","U",91.49]
[null,"ED-50213","INC-SPR-010","SPRINKLER PENDENTE 15 MM (1/2\") 79º C","U",94.77]
[null,"ED-50214","INC-SPR-015","SPRINKLER PENDENTE 15 MM (1/2\") 93º C","U",108.79]
[null,"44","-","337 - INST-001  - PONTOS DE INSTALAÇÕES"]
[null,"ED-50221","INST-AGU-005","PONTO DE EMBUTIR PARA ÁGUA FRIA EM TUBO DE PVC RÍGIDO SOLDÁVEL, DN 20MM (1/2\"), EMBUTIDO NA ALVENARIA COM DISTÂNCIA DE ATÉ CINCO (5) METROS DA TOMADA DE ÁGUA, INCLUSIVE CONEXÕES E FIXAÇÃO DO TUBO COM ENCHIMENTO DO RASGO NA ALVENARIA/CONCRETO COM ARGAMASSA\n","UN",92.9]
[null,"ED-50222","INST-AGU-010","PONTO DE EMBUTIR PARA ÁGUA FRIA EM TUBO PVC RÍGIDO ROSCÁVEL, DN 1/2\" (20MM), EMBUTIDO NA ALVENARIA COM DISTÂNCIA DE ATÉ CINCO (5) METROS DA TOMADA DE ÁGUA, INCLUSIVE CONEXÕES E FIXAÇÃO DO TUBO COM ENCHIMENTO DO RASGO NA ALVENARIA/CONCRETO COM ARGAMASSA","UN",106]
[null,"ED-50223","INST-ESG-005","PONTO DE EMBUTIR PARA ESGOTO EM TUBO PVC RÍGIDO, PB - SÉRIE NORMAL, DN 40MM (1.1/2\"), EMBUTIDO NA ALVENARIA/PISO, COM ALTURA (SAÍDA) DE 50CM DO PISO, COM DISTÂNCIA DE ATÉ CINCO (5) METROS DA RAMAL DE ESGOTO, EXCLUSIVE ESCAVAÇÃO, INCLUSIVE CONEXÕES E FIXAÇÃO DO TUBO COM ENCHIMENTO DO RASGO NA ALVENARIA/CONCRETO COM ARGAMASSA","UN",111.36]
[null,"ED-50225","INST-ESG-015","PONTO DE EMBUTIR PARA ESGOTO EM TUBO PVC RÍGIDO, PBV - SÉRIE NORMAL, DN 100MM (4\"), EMBUTIDO EM PISO COM DISTÂNCIA DE ATÉ CINCO (5) METROS DA RAMAL DE ESGOTO, INCLUSIVE CONEXÕES E FIXAÇÃO DO TUBO COM ENCHIMENTO DO RASGO NO CONCRETO COM ARGAMASSA","UN",221.8]
[null,"ED-50224","INST-ESG-010","PONTO DE EMBUTIR PARA ESGOTO EM TUBO PVC RÍGIDO, PBV - SÉRIE NORMAL, DN 50MM (2\"), EMBUTIDO EM PISO COM DISTÂNCIA DE ATÉ CINCO (5) METROS DA RAMAL DE ESGOTO, EXCLUSIVE ESCAVAÇÃO, INCLUSIVE CONEXÕES E FIXAÇÃO DO TUBO COM ENCHIMENTO DO RASGO NO CONCRETO COM ARGAMASSA","UN",154.9]
[null,"ED-50226","INST-GAS-005","PONTO DE EMBUTIR PARA GÁS EM TUBO DE AÇO GALVANIZADO COM COSTURA, DN 1/2\", EMBUTIDO NA ALVENARIA COM DISTÂNCIA DE ATÉ CINCO (5) METROS DO RAMAL DE ABASTECIMENTO, INCLUSIVE CONEXÕES E FIXAÇÃO DO TUBO COM ENCHIMENTO DO RASGO NA ALVENARIA/CONCRETO COM ARGAMASSA","UN",267.60000000000002]
[null,"ED-18181","-","PONTO DE EMBUTIR PARA GÁS EM TUBO DE COBRE CLASSE \"A\" SEM COSTURA SOLDÁVEL, DN 1/2\" (15MM), EMBUTIDO NA ALVENARIA COM DISTÂNCIA DE ATÉ CINCO (5) METROS DO RAMAL DE ABASTECIMENTO, INCLUSIVE CONEXÕES E FIXAÇÃO DO TUBO COM ENCHIMENTO DO RASGO NA ALVENARIA/CONCRETO COM ARGAMASSA","UN",267.60000000000002]
[null,"ED-50227","-","PONTO DE EMBUTIR PARA UM (1) INTERRUPTOR SIMPLES (10A-250V), COM PLACA 4\"X2\" DE UM (1) POSTO, COM ELETRODUTO FLEXÍVEL CORRUGADO, ANTI-CHAMA, DN 25MM (3/4\"), EMBUTIDO NA ALVENARIA E CABO DE COBRE FLEXÍVEL, CLASSE 5, ISOLAMENTO TIPO LSHF/ATOX, NÃO HALOGENADO, SEÇÃO 1,5MM2 (70°C-450/750V), COM DISTÂNCIA DE ATÉ DEZ (10) METROS DO PONTO DE DERIVAÇÃO, INCLUSIVE CAIXA DE LIGAÇÃO, SUPORTE E FIXAÇÃO DO ELETRODUTO COM ENCHIMENTO DO RASGO NA ALVENARIA/CONCRETO COM ARGAMASSA","UN",179.74]
[null,"ED-50228","INST-LUZ-005","PONTO DE EMBUTIR PARA UMA (1) LUMINÁRIA,COM ELETRODUTO DE PVC RÍGIDO ROSCÁVEL, DN 20MM (3/4\"), EMBUTIDO NA LAJE E CABO DE COBRE FLEXÍVEL, CLASSE 5, ISOLAMENTO TIPO LSHF/ATOX, NÃO HALOGENADO, SEÇÃO 1,5MM2 (70°C-450/750V), COM DISTÂNCIA DE ATÉ CINCO (5) METROS DO PONTO DE DERIVAÇÃO, EXCLUSIVE LUMINÁRIA, INCLUSIVE CAIXA DE LIGAÇÃO OCTOGONAL, SUPORTE E FIXAÇÃO DO ELETRODUTO","UN",100.05]
[null,"ED-17905","-","PONTO DE EMBUTIR PARA UMA (1) TOMADA PADRÃO, TRÊS (3) POLOS (2P+T/10A-250V), COM PLACA 4\"X2\" DE UM (1) POSTO, COM ELETRODUTO DE PVC RÍGIDO ROSCÁVEL, DN 20MM (3/4\"), EMBUTIDO NO PISO E CABO DE COBRE FLEXÍVEL, CLASSE 5, ISOLAMENTO TIPO LSHF/ATOX, NÃO HALOGENADO, SEÇÃO 2,5MM2 (70°C-450/750V), COM DISTÂNCIA DE ATÉ DEZ (10) METROS DO PONTO DE DERIVAÇÃO, INCLUSIVE CAIXA DE LIGAÇÃO, SUPORTE E FIXAÇÃO DO ELETRODUTO COM ENCHIMENTO DO RASGO NA ALVENARIA/CONCRETO COM ARGAMASSA","UN",298.63]
[null,"ED-50232","INST-TOM-005","PONTO DE EMBUTIR PARA UMA (1) TOMADA PADRÃO, TRÊS (3) POLOS (2P+T/10A-250V), COM PLACA 4\"X2\" DE UM (1) POSTO, COM ELETRODUTO FLEXÍVEL CORRUGADO, ANTI-CHAMA, DN 25MM (3/4\"), EMBUTIDO NA ALVENARIA E CABO DE COBRE FLEXÍVEL, CLASSE 5, ISOLAMENTO TIPO LSHF/ATOX, NÃO HALOGENADO, SEÇÃO 2,5MM2 (70°C-450/750V), COM DISTÂNCIA DE ATÉ DEZ (10) METROS DO PONTO DE DERIVAÇÃO, INCLUSIVE CAIXA DE LIGAÇÃO, SUPORTE E FIXAÇÃO DO ELETRODUTO COM ENCHIMENTO DO RASGO NA ALVENARIA/CONCRETO COM ARGAMASSA","UN",229.63]
[null,"ED-50231","INST-TEL-005","PONTO DE EMBUTIR PARA UMA (1) TOMADA TELEFÔNICA (CONECTOR RJ11), COM PLACA 4\"X2\" DE UM (1) POSTO, COM ELETRODUTO FLEXÍVEL CORRUGADO, ANTI-CHAMA, DN 25MM (3/4\"), EMBUTIDO NA ALVENARIA E FIO TELEFÔNICO (FI) EM COBRE ELETROLÍTICO ESTANHADO DE SEÇÃO MACIÇA, ESP. 0,60MM (2X0,60MM), COM DISTÂNCIA DE ATÉ DEZ (10) METROS DO PONTO DE DERIVAÇÃO, INCLUSIVE CAIXA DE LIGAÇÃO, SUPORTE E FIXAÇÃO DO ELETRODUTO COM ENCHIMENTO DO RASGO NA ALVENARIA/CONCRETO COM ARGAMASSA\n","UN",130.78]
[null,"ED-50229","INST-STVAL-005","PONTO DE EMBUTIR SECO, PARA UMA (1) PLACA CEGA 4\"X4\", COM ELETRODUTO DE PVC RÍGIDO ROSCÁVEL, DN 20MM (3/4\"), EMBUTIDO NO PISO E SONDA EM ARAME GALVANIZADO, DIÂMETRO DE 1,24MM (BWG 18), COM DISTÂNCIA DE ATÉ DEZ (10) METROS DO PONTO DE DERIVAÇÃO, INCLUSIVE CAIXA DE LIGAÇÃO, SUPORTE E FIXAÇÃO DO ELETRODUTO COM ENCHIMENTO DO RASGO NA ALVENARIA/CONCRETO COM ARGAMASSA\n","UN",175.05]
[null,"ED-50230","INST-STVAL-010","PONTO DE EMBUTIR SECO, PARA UMA (1) PLACA CEGA 4\"X4\", COM ELETRODUTO FLEXÍVEL CORRUGADO, ANTI-CHAMA, DN 25MM (3/4\"), EMBUTIDO NA ALVENARIA E SONDA EM ARAME GALVANIZADO, DIÂMETRO DE 1,24MM (BWG 18), COM DISTÂNCIA DE ATÉ DEZ (10) METROS DO PONTO DE DERIVAÇÃO, INCLUSIVE CAIXA DE LIGAÇÃO, SUPORTE E FIXAÇÃO DO ELETRODUTO COM ENCHIMENTO DO RASGO NA ALVENARIA/CONCRETO COM ARGAMASSA\n","UN",106.05]
[null,"ED-17903","-","PONTO DE SOBREPOR PARA UM (1) INTERRUPTOR SIMPLES (10A-250V), COM PLACA 4\"X2\" DE UM (1) POSTO, COM ELETRODUTO DE AÇO GALVANIZADO, CLASSE LEVE, DN 20MM (3/4\"), FIXADO NA ALVENARIA/TETO E CABO DE COBRE FLEXÍVEL, CLASSE 5, ISOLAMENTO TIPO LSHF/ATOX, NÃO HALOGENADO, SEÇÃO 2,5MM2 (70°C-450/750V), COM DISTÂNCIA DE ATÉ DEZ (10) METROS DO PONTO DE DERIVAÇÃO, INCLUSIVE FORNECIMENTO, INSTALAÇÃO, CONDULETE EM ALUMÍNIO, CONEXÕES, SUPORTE E FIXAÇÃO DO ELETRODUTO\n","UN",326.2]
[null,"ED-17906","-","PONTO DE SOBREPOR PARA UMA (1) TOMADA PADRÃO, TRÊS (3) POLOS (2P+T/10A-250V), COM PLACA 4\"X2\" DE UM (1) POSTO, COM ELETRODUTO DE AÇO GALVANIZADO, CLASSE LEVE, DN 20MM (3/4\"), FIXADO NA ALVENARIA/TETO E CABO DE COBRE FLEXÍVEL, CLASSE 5, ISOLAMENTO TIPO LSHF/ATOX, NÃO HALOGENADO, SEÇÃO 2,5MM2 (70°C-450/750V), COM DISTÂNCIA DE ATÉ DEZ (10) METROS DO PONTO DE DERIVAÇÃO, INCLUSIVE FORNECIMENTO, INSTALAÇÃO, CONDULETE EM ALUMÍNIO, CONEXÕES, SUPORTE E FIXAÇÃO DO ELETRODUTO","UN",329.06]
[null,"ED-17902","-","PONTO DE SOBREPOR PARA UMA (1) TOMADA TELEFÔNICA (CONECTOR RJ11), COM PLACA 4\"X2\" DE UM (1) POSTO, COM ELETRODUTO DE AÇO GALVANIZADO, CLASSE LEVE, DN 20MM (3/4\"), FIXADO NA ALVENARIA/TETO E FIO TELEFÔNICO (FI) EM COBRE ELETROLÍTICO ESTANHADO DE SEÇÃO MACIÇA, ESP. 0,60MM (2X0,60MM), COM DISTÂNCIA DE ATÉ DEZ (10) METROS DO PONTO DE DERIVAÇÃO, INCLUSIVE FORNECIMENTO, INSTALAÇÃO, CONDULETE EM ALUMÍNIO, CONEXÕES, SUPORTE E FIXAÇÃO DO ELETRODUTO","UN",232.36]
[null,"45","-","JUN-001  - JUNTA DE DILATAÇÃO/TRINCA"]
[null,"ED-8005","-","COSTURA DE TRINCA COM GRAMPO, BARRA DE AÇO CA-60 Ø4,2MM, COMPRIMENTO TOTAL 40CM, ESPAÇAMENTO DE 10CM, INCLUSIVE CORTE, DOBRA E ARGAMASSA, TRAÇO 1:4 (CIMENTO E AREIA), PREPARO MECÂNICO\n","M",30.79]
[null,"ED-8004","-","COSTURA DE TRINCA COM GRAMPO, BARRA DE AÇO CA-60 Ø4,2MM, COMPRIMENTO TOTAL 40CM, ESPAÇAMENTO DE 15CM, INCLUSIVE CORTE, DOBRA E ARGAMASSA, TRAÇO 1:4 (CIMENTO E AREIA), PREPARO MECÂNICO","M",20.52]
[null,"ED-8003","-","COSTURA DE TRINCA COM GRAMPO, BARRA DE AÇO CA-60 Ø4,2MM, COMPRIMENTO TOTAL 40CM, ESPAÇAMENTO DE 20CM, INCLUSIVE CORTE, DOBRA E ARGAMASSA, TRAÇO 1:4 (CIMENTO E AREIA), PREPARO MECÂNICO","M",16.760000000000002]
[null,"ED-50234","JUN-DIL-010","COSTURA DE TRINCA COM GRAMPO, BARRA DE AÇO CA-60 Ø4,2MM, COMPRIMENTO TOTAL 40CM, ESPAÇAMENTO DE 30CM, INCLUSIVE CORTE, DOBRA E ARGAMASSA, TRAÇO 1:4 (CIMENTO E AREIA), PREPARO MECÂNICO\n","M",11.9]
[null,"ED-50233","JUN-DIL-005","ENCHIMENTO DE JUNTA COM MASTIQUE E = 3 MM","M",22.57]
[null,"ED-50236","JUN-ENT-005","ENTELAMENTO CORRETIVO DE SUPERFÍCIE COM TRINCA POR RETRAÇÃO OU DILATAÇÃO, REVESTIDA COM ARGAMASSA DE CAL HIDRATADA E AREIA SEM PENEIRAR TRAÇO 1:3, LARGURA DA TELA = 15 CM","M",13.63]
[null,"ED-50237","JUN-ENT-010","ENTELAMENTO PREVENTIVO DE SUPERFÍCIE SUJEITA A TRINCA, LARGURA DA TELA ADESIVA 25 CM","M",2.82]
[null,"ED-8145","-","JUNTA DE DILATAÇÃO COM ISOPOR 20 MM, EXCLUSIVE SELANTE","M2",6.89]
[null,"ED-50240","JUN-ENT-025","TELA SOLDADA PARA PREVENÇÃO DE TRINCAS EM ALVENARIA/ESTRUTURA, LARGURA 10,5 CM","U",5.49]
[null,"ED-50241","JUN-ENT-030","TELA SOLDADA PARA PREVENÇÃO DE TRINCAS EM ALVENARIA/ESTRUTURA, LARGURA 12 CM","U",6.09]
[null,"ED-50238","JUN-ENT-015","TELA SOLDADA PARA PREVENÇÃO DE TRINCAS EM ALVENARIA/ESTRUTURA, LARGURA 6 CM","U",5.46]
[null,"ED-50239","JUN-ENT-020","TELA SOLDADA PARA PREVENÇÃO DE TRINCAS EM ALVENARIA/ESTRUTURA, LARGURA 7,5 CM","U",5.39]
[null,"ED-50235","JUN-DIL-015","TRATAMENTO DE JUNTA DE DILATAÇÃO COM ISOPOR,  ESP. 20 MM, PROFUNDIDADE DE 10-15CM, EXCLUSIVE SELANTE","M",0.87]
[null,"46","-","339 - LAJ-001  - LAJE PRÉ-MOLDADA"]
[null,"ED-50252","LAJ-REV-005","LAJE PRÉ-MOLDADA, A REVESTIR, INCLUSIVE CAPEAMENTO E = 4 CM, SC = 100 KG/M2, L = 3,00 M","M2",78.78]
[null,"ED-50253","LAJ-REV-010","LAJE PRÉ-MOLDADA, A REVESTIR, INCLUSIVE CAPEAMENTO E = 4 CM, SC = 100 KG/M2, L = 4,00 M","M2",95.23]
[null,"ED-50254","LAJ-REV-015","LAJE PRÉ-MOLDADA, A REVESTIR, INCLUSIVE CAPEAMENTO E = 4 CM, SC = 100 KG/M2, L = 5,00 M","M2",97.71]
[null,"ED-50255","LAJ-REV-020","LAJE PRÉ-MOLDADA, A REVESTIR, INCLUSIVE CAPEAMENTO E = 4 CM, SC = 200 KG/M2, L = 3,00 M","M2",85.55]
[null,"ED-50256","LAJ-REV-025","LAJE PRÉ-MOLDADA, A REVESTIR, INCLUSIVE CAPEAMENTO E = 4 CM, SC = 200 KG/M2, L = 4,00 M","M2",96.22]
[null,"ED-50257","LAJ-REV-030","LAJE PRÉ-MOLDADA, A REVESTIR, INCLUSIVE CAPEAMENTO E = 4 CM, SC = 200 KG/M2, L = 5,00 M","M2",100.18]
[null,"ED-50258","LAJ-REV-035","LAJE PRÉ-MOLDADA, A REVESTIR, INCLUSIVE CAPEAMENTO E = 4 CM, SC = 250 KG/M2, L = 5,00 M","M2",96.07]
[null,"ED-50259","LAJ-REV-040","LAJE PRÉ-MOLDADA, A REVESTIR, INCLUSIVE CAPEAMENTO E = 4 CM, SC = 300 KG/M2, L = 3,00 M","M2",79.91]
[null,"ED-50260","LAJ-REV-045","LAJE PRÉ-MOLDADA, A REVESTIR, INCLUSIVE CAPEAMENTO E = 4 CM, SC = 300 KG/M2, L = 4,00 M","M2",92.71]
[null,"ED-50261","LAJ-REV-050","LAJE PRÉ-MOLDADA, A REVESTIR, INCLUSIVE CAPEAMENTO E = 4 CM, SC = 300 KG/M2, L = 5,00 M","M2",98.38]
[null,"ED-50262","LAJ-REV-055","LAJE PRÉ-MOLDADA, A REVESTIR, INCLUSIVE CAPEAMENTO E = 4 CM, SC = 370 KG/M2","M2",91.34]
[null,"ED-50242","LAJ-APA-005","LAJE PRÉ-MOLDADA, APARENTE, INCLUSIVE CAPEAMENTO E = 4 CM, SC = 100 KG/M2, L = 3,00 M","M2",78.569999999999993]
[null,"ED-50243","LAJ-APA-010","LAJE PRÉ-MOLDADA, APARENTE, INCLUSIVE CAPEAMENTO E = 4 CM, SC = 100 KG/M2, L = 4,00 M","M2",91.17]
[null,"ED-50244","LAJ-APA-015","LAJE PRÉ-MOLDADA, APARENTE, INCLUSIVE CAPEAMENTO E = 4 CM, SC = 100 KG/M2, L = 5,00 M","M2",99.11]
[null,"ED-50245","LAJ-APA-020","LAJE PRÉ-MOLDADA, APARENTE, INCLUSIVE CAPEAMENTO E = 4 CM, SC = 200 KG/M2, L = 3,00 M","M2",81.72]
[null,"ED-50246","LAJ-APA-025","LAJE PRÉ-MOLDADA, APARENTE, INCLUSIVE CAPEAMENTO E = 4 CM, SC = 200 KG/M2, L = 4,00 M","M2",92.81]
[null,"ED-50247","LAJ-APA-030","LAJE PRÉ-MOLDADA, APARENTE, INCLUSIVE CAPEAMENTO E = 4 CM, SC = 200 KG/M2, L = 5,00 M","M2",100.16]
[null,"ED-50248","LAJ-APA-035","LAJE PRÉ-MOLDADA, APARENTE, INCLUSIVE CAPEAMENTO E = 4 CM, SC = 300 KG/M2, L = 3,00 M","M2",85.08]
[null,"ED-50249","LAJ-APA-040","LAJE PRÉ-MOLDADA, APARENTE, INCLUSIVE CAPEAMENTO E = 4 CM, SC = 300 KG/M2, L = 4,00 M","M2",96.59]
[null,"ED-50250","LAJ-APA-045","LAJE PRÉ-MOLDADA, APARENTE, INCLUSIVE CAPEAMENTO E = 4 CM, SC = 300 KG/M2, L = 5,00 M","M2",104.67]
[null,"47","-","340 - LIM-001  - LIMPEZA GERAL"]
[null,"ED-50265","LIM-FAC-005","LAVAGEM DE FACHADA COM HIDROJATEAMENTO","M2",3.84]
[null,"ED-50264","LIM-CER-005","LIMPEZA DE MATERIAL CERÂMICO","M2",6.5]
[null,"ED-50271","LIM-ROD-005","LIMPEZA DE RODAPÉ","M2",1.41]
[null,"ED-50272","LIM-VID-005","LIMPEZA DE VIDROS E ESPELHOS","M2",4.93]
[null,"ED-50263","LIM-CAL-005","LIMPEZA (DESOBSTRUÇÃO) DE CALHAS","M",5.64]
[null,"ED-50266","LIM-GER-005","LIMPEZA FINAL PARA ENTREGA DA OBRA","M2",4.82]
[null,"ED-50270","LIM-PER-010","LIMPEZA PERMANENTE DA OBRA - 01 SERVENTE X 4 HORAS DIÁRIAS","MÊS",1551]
[null,"ED-50269","LIM-PER-005","LIMPEZA PERMANENTE DA OBRA - 01 SERVENTE X 8 HORAS DIÁRIAS","MÊS",3102]
[null,"48","-","341 - LOC-001  - LOCAÇÃO DA OBRA"]
[null,"ED-50273","LOC-OBR-005","LOCAÇÃO DA OBRA (GABARITO)","M2",7.24]
[null,"ED-50276","LOC-TOP-015","LOCAÇÃO TOPOGRÁFICA ACIMA DE 50 PONTOS","U",74]
[null,"ED-50274","LOC-TOP-005","LOCAÇÃO TOPOGRÁFICA ATE 20 PONTOS","U",82]
[null,"ED-50275","LOC-TOP-010","LOCAÇÃO TOPOGRÁFICA DE 20 A 50 PONTOS","U",75]
[null,"49","-","342 - LOU-001  - LOUÇAS E METAIS"]
[null,"ED-50300","LOU-VAS-030","BACIA DE LOUÇA TURCA CONVENCIONAL, COR BRANCA, INCLUSIVE ACESSÓRIOS, FORNECIMENTO, INSTALAÇÃO E REJUNTAMENTO","U",436.83]
[null,"ED-50297","LOU-VAS-015","BACIA SANITÁRIA (VASO) DE LOUÇA COM CAIXA ACOPLADA, COR BRANCA, INCLUSIVE ACESSÓRIOS DE FIXAÇÃO/VEDAÇÃO, ENGATE FLEXÍVEL METÁLICO, FORNECIMENTO, INSTALAÇÃO E REJUNTAMENTO","U",407.89]
[null,"ED-50301","LOU-VAS-035","BACIA SANITÁRIA (VASO) DE LOUÇA CONVENCIONAL, ACESSÍVEL (PCR/PMR), COR BRANCA, COM INSTALAÇÃO DE SÓCULO NA BASE DA BACIA ACOMPANHANDO A PROJEÇÃO DA BASE, NÃO ULTRAPASSANDO ALTURA DE 5CM, ALTURA MÁXIMA DE 46CM (BACIA+ASSENTO), INCLUSIVE ACESSÓRIOS DE FIXAÇÃO/VEDAÇÃO, VÁLVULA DE DESCARGA METÁLICA COM ACIONAMENTO DUPLO, TUBO DE LIGAÇÃO DE LATÃO COM CANOPLA, FORNECIMENTO, INSTALAÇÃO E REJUNTAMENTO, EXCLUSIVE ASSENTO","U",446.65]
[null,"ED-50296","LOU-VAS-010","BACIA SANITÁRIA (VASO) DE LOUÇA CONVENCIONAL, COR BRANCA, INCLUSIVE ACESSÓRIOS DE FIXAÇÃO/VEDAÇÃO, FORNECIMENTO, INSTALAÇÃO E REJUNTAMENTO, EXCLUSIVE VÁLVULA DE DESCARGA E TUBO DE LIGAÇÃO","U",172.09]
[null,"ED-50298","LOU-VAS-020","BACIA SANITÁRIA (VASO) DE LOUÇA CONVENCIONAL, COR BRANCA, INCLUSIVE ACESSÓRIOS DE FIXAÇÃO/VEDAÇÃO, VÁLVULA DE DESCARGA METÁLICA COM ACIONAMENTO DUPLO, TUBO DE LIGAÇÃO DE LATÃO COM CANOPLA, FORNECIMENTO, INSTALAÇÃO E REJUNTAMENTO","U",428.02]
[null,"ED-9134","-","BACIA SANITÁRIA (VASO) DE LOUÇA CONVENCIONAL INFANTIL, COR BRANCA, INCLUSIVE ACESSÓRIOS DE FIXAÇÃO/VEDAÇÃO, FORNECIMENTO, INSTALAÇÃO E REJUNTAMENTO, EXCLUSIVE VÁLVULA DE DESCARGA E TUBO DE LIGAÇÃO","U",282.17]
[null,"ED-50299","LOU-VAS-025","BACIA SANITÁRIA (VASO) DE LOUÇA CONVENCIONAL INFANTIL, COR BRANCA, INCLUSIVE ACESSÓRIOS DE FIXAÇÃO/VEDAÇÃO, VÁLVULA DE DESCARGA METÁLICA COM ACIONAMENTO DUPLO, TUBO DE LIGAÇÃO DE LATÃO COM CANOPLA, FORNECIMENTO, INSTALAÇÃO E REJUNTAMENTO","U",538.1]
[null,"ED-50309","MET-BOL-005","BOLSA DE BORRACHA D = 1 1/2\"","U",12.39]
[null,"ED-50310","MET-CHU-005","BRAÇO PARA CHUVEIRO, COMPRIMENTO 40 CM, DIÂMETRO NOMINAL DE 1/2\" (20MM), INCLUSIVE ACABAMENTO","UN",17.55]
[null,"ED-50311","MET-CHU-015","CHUVEIRO COM ARTICULAÇÃO 517-C D = 1/2\"","U",119.39]
[null,"ED-50314","MET-CHU-030","CHUVEIRO ELÉTRICO COM RESISTÊNCIA BLINDADA","U",206.91]
[null,"ED-50313","MET-CHU-025","CHUVEIRO-ELÉTRICO CROMADO 1/2\"","U",60.18]
[null,"ED-50359","MET-VAS-005","COBRE BOLSA CROMADA PARA VASO","U",23.53]
[null,"ED-50279","LOU-CUB-005","CUBA DE LOUÇA BRANCA DE EMBUTIR, FORMATO OVAL, INCLUSIVE VÁLVULA DE ESCOAMENTO DE METAL COM ACABAMENTO CROMADO, SIFÃO DE METAL TIPO COPO COM ACABAMENTO CROMADO, FORNECIMENTO E INSTALAÇÃO","UN",224.45]
[null,"ED-50280","LOU-CUB-010","CUBA DE LOUÇA BRANCA DE SOBREPOR, FORMATO OVAL, INCLUSIVE VÁLVULA DE ESCOAMENTO DE METAL COM ACABAMENTO CROMADO, SIFÃO DE METAL TIPO COPO COM ACABAMENTO CROMADO, FORNECIMENTO E INSTALAÇÃO","UN",286.74]
[null,"ED-50277","LOU-BOJ-005","CUBA EM AÇO INOXIDÁVEL DE EMBUTIR, AISI 304, APLICAÇÃO PARA PIA (465X330X115MM), NÚMERO 1, ASSENTAMENTO EM BANCADA, INCLUSIVE VÁLVULA DE ESCOAMENTO DE METAL COM ACABAMENTO CROMADO, SIFÃO DE METAL TIPO COPO COM ACABAMENTO CROMADO, FORNECIMENTO E INSTALAÇÃO","UN",281.04000000000002]
[null,"ED-50278","LOU-BOJ-010","CUBA EM AÇO INOXIDÁVEL DE EMBUTIR, AISI 304, APLICAÇÃO PARA PIA (560X330X115MM), NÚMERO 2, ASSENTAMENTO EM BANCADA, INCLUSIVE VÁLVULA DE ESCOAMENTO DE METAL COM ACABAMENTO CROMADO, SIFÃO DE METAL TIPO COPO COM ACABAMENTO CROMADO, FORNECIMENTO E INSTALAÇÃO","UN",294.83999999999997]
[null,"ED-50287","LOU-TAN-005","CUBA EM AÇO INOXIDÁVEL DE EMBUTIR, AISI 304, APLICAÇÃO PARA TANQUE (600X600X400MM), ASSENTAMENTO EM BANCADA, INCLUSIVE VÁLVULA DE ESCOAMENTO DE METAL COM ACABAMENTO CROMADO, SIFÃO DE METAL TIPO COPO COM ACABAMENTO CROMADO, FORNECIMENTO E INSTALAÇÃO","UN",602.94000000000005]
[null,"ED-50288","LOU-TAN-010","CUBA EM AÇO INOXIDÁVEL DE SOBREPOR, AISI 304, APLICAÇÃO PARA TANQUE (630X515X260MM), ASSENTAMENTO EM BANCADA, INCLUSIVE VÁLVULA DE ESCOAMENTO DE METAL COM ACABAMENTO CROMADO, SIFÃO DE METAL TIPO COPO COM ACABAMENTO CROMADO, FORNECIMENTO E INSTALAÇÃO","UN",543.80999999999995]
[null,"ED-50316","MET-DUC-005","DUCHA HIGIÊNICA COM REGISTRO PARA CONTROLE DE FLUXO DE ÁGUA, DIÂMETRO 1/2\" (20MM), INCLUSIVE FORNECIMENTO E INSTALAÇÃO","UN",135.01]
[null,"ED-50320","MET-SIF-005","INSTALAÇÃO DE SIFÃO DE METAL PARA LAVATÓRIO, TIPO COPO COM ACABAMENTO CROMADO, DIÂMETRO (1\"X1.1/2\"), INCLUSIVE FORNECIMENTO","U",109.94]
[null,"ED-50321","MET-SIF-010","INSTALAÇÃO DE SIFÃO DE METAL PARA PIA, TIPO COPO COM ACABAMENTO CROMADO, DIÂMETRO (1.1/2\"X1.1/2\" OU 2\"), INCLUSIVE FORNECIMENTO","U",136.1]
[null,"ED-50349","MET-VAL-035","INSTALAÇÃO DE VÁLVULA DE ESCOAMENTO DE METAL PARA TANQUE,  DN (1.1/4\"), ACABAMENTO CROMADO, INCLUSIVE FORNECIMENTO","U",59.04]
[null,"ED-2552","-","LAVATÓRIO DE CANTO DE LOUÇA BRANCA SEM COLUNA, TAMANHO PEQUENO, INCLUSIVE ACESSÓRIOS DE FIXAÇÃO COM PARAFUSO CASTELO, VÁLVULA DE ESCOAMENTO DE METAL COM ACABAMENTO CROMADO, SIFÃO DE METAL TIPO COPO COM ACABAMENTO CROMADO, FORNECIMENTO, INSTALAÇÃO E REJUNTAMENTO, EXCLUSIVE TORNEIRA E ENGATE FLEXÍVEL","UN",304.52]
[null,"ED-50282","LOU-LAV-010","LAVATÓRIO DE LOUÇA BRANCA COM COLUNA, TAMANHO MÉDIO, INCLUSIVE ACESSÓRIOS DE FIXAÇÃO, VÁLVULA DE ESCOAMENTO DE METAL COM ACABAMENTO CROMADO, SIFÃO DE METAL TIPO COPO COM ACABAMENTO CROMADO, FORNECIMENTO, INSTALAÇÃO E REJUNTAMENTO, EXCLUSIVE TORNEIRA E ENGATE FLEXÍVEL","U",337.54]
[null,"ED-50283","LOU-LAV-015","LAVATÓRIO DE LOUÇA BRANCA SEM COLUNA, TAMANHO MÉDIO, INCLUSIVE ACESSÓRIOS DE FIXAÇÃO, VÁLVULA DE ESCOAMENTO DE METAL COM ACABAMENTO CROMADO, SIFÃO DE METAL TIPO COPO COM ACABAMENTO CROMADO, FORNECIMENTO, INSTALAÇÃO E REJUNTAMENTO, EXCLUSIVE TORNEIRA E ENGATE FLEXÍVEL","U",258.73]
[null,"ED-50281","LOU-LAV-005","LAVATÓRIO DE LOUÇA BRANCA SEM COLUNA, TAMANHO PEQUENO, INCLUSIVE ACESSÓRIOS DE FIXAÇÃO, VÁLVULA DE ESCOAMENTO DE METAL COM ACABAMENTO CROMADO, SIFÃO DE METAL TIPO COPO COM ACABAMENTO CROMADO, FORNECIMENTO, INSTALAÇÃO E REJUNTAMENTO, EXCLUSIVE TORNEIRA E ENGATE FLEXÍVEL","U",258.42]
[null,"ED-50317","MET-LIG-005","LIGAÇÃO FLEXÍVEL METÁLICA, DIÂMETRO 1/2\" (20MM), INCLUSIVE FORNECIMENTO E INSTALAÇÃO","UN",34.53]
[null,"ED-50318","MET-LIG-010","LIGAÇÃO PARA SAÍDA DE VASO SANITÁRIO PVC CROMADO","U",56.12]
[null,"ED-50285","LOU-MIC-010","MICTÓRIO COLETIVO, EM AÇO INOXIDÁVEL, TIPO AISI 304, CHAPA 22, COM DESENVOLVIMENTO DE 1 METRO, INCLUSIVE VÁLVULA DE ESCOAMENTO DE METAL NA COR CROMADA, SIFÃO DE METAL TIPO COPO NA COR CROMADA, FORNECIMENTO E INSTALAÇÃO","UN",917.34]
[null,"ED-50284","LOU-MIC-005","MICTÓRIO COLETIVO, EM AÇO INOXIDÁVEL, TIPO AISI 304, CHAPA 22, COM DESENVOLVIMENTO DE 1,4 METRO, INCLUSIVE VÁLVULA DE ESCOAMENTO DE METAL NA COR CROMADA, SIFÃO DE METAL TIPO COPO NA COR CROMADA, FORNECIMENTO E INSTALAÇÃO","UN",1193.18]
[null,"ED-50286","LOU-MIC-011","MICTÓRIO SIFONADO DE LOUÇA BRANCA, INCLUSIVE ENGATE FLEXÍVEL, EXCLUSIVE VÁLVULA DE DESCARGA","U",375.76]
[null,"ED-50319","MET-PAR-005","PARAFUSO CASTELO, NÚMERO 8, INCLUSIVE FORNECIMENTO COM ARRUELA E BUCHA DE NYLON\n","UN",3.44]
[null,"ED-50289","LOU-TAN-015","TANQUE DE LOUÇA BRANCA COM COLUNA, CAPACIDADE 22 LITROS, INCLUSIVE ACESSÓRIOS DE FIXAÇÃO, FORNECIMENTO, INSTALAÇÃO E REJUNTAMENTO, EXCLUSIVE TORNEIRA, VÁLVULA DE ESCOAMENTO E SIFÃO","U",327.93]
[null,"ED-50290","LOU-TAN-020","TANQUE DE LOUÇA BRANCA COM COLUNA, CAPACIDADE 22 LITROS, INCLUSIVE ACESSÓRIOS DE FIXAÇÃO, VÁLVULA DE ESCOAMENTO DE METAL COM ACABAMENTO CROMADO, SIFÃO DE METAL TIPO COPO COM ACABAMENTO CROMADO, FORNECIMENTO, INSTALAÇÃO E REJUNTAMENTO, EXCLUSIVE TORNEIRA","U",489.88]
[null,"ED-9156","-","TANQUE DE MÁRMORE SINTÉTICO DUPLO, CAPACIDADE 37 LITROS, INCLUSIVE ACESSÓRIOS DE FIXAÇÃO, VÁLVULA DE ESCOAMENTO DE METAL COM ACABAMENTO CROMADO, SIFÃO DE METAL TIPO COPO COM ACABAMENTO CROMADO, FORNECIMENTO E INSTALAÇÃO, EXCLUSIVE TORNEIRA","U",450.73]
[null,"ED-9155","-","TANQUE DE MÁRMORE SINTÉTICO SIMPLES, CAPACIDADE 20 LITROS, INCLUSIVE ACESSÓRIOS DE FIXAÇÃO, VÁLVULA DE ESCOAMENTO DE METAL COM ACABAMENTO CROMADO, SIFÃO DE METAL TIPO COPO COM ACABAMENTO CROMADO, FORNECIMENTO E INSTALAÇÃO, EXCLUSIVE TORNEIRA","U",349.72]
[null,"ED-50293","LOU-TAN-035","TANQUE DE POLIPROPILENO, CAPACIDADE 15 LITROS, INCLUSIVE ACESSÓRIOS DE FIXAÇÃO, VÁLVULA DE ESCOAMENTO DE PLÁSTICO (PVC) NA COR BRANCA, SIFÃO DE PLÁSTICO (PVC) TIPO COPO NA COR BRANCA, FORNECIMENTO E INSTALAÇÃO, EXCLUSIVE TORNEIRA","U",109.99]
[null,"ED-50294","LOU-TAN-040","TANQUE DE POLIPROPILENO, CAPACIDADE 24 LITROS, INCLUSIVE ACESSÓRIOS DE FIXAÇÃO, VÁLVULA DE ESCOAMENTO DE PLÁSTICO (PVC) NA COR BRANCA, SIFÃO DE PLÁSTICO (PVC) TIPO COPO NA COR BRANCA, FORNECIMENTO E INSTALAÇÃO, EXCLUSIVE TORNEIRA","U",133.6]
[null,"ED-50302","MET-BOI-005","TORNEIRA CHAVE BOIA AUTOMÁTICA PARA RESERVATÓRIO","U",75.569999999999993]
[null,"ED-50305","MET-BOI-020","TORNEIRA DE BOIA, TIPO ROSCÁVEL 1\", EXCLUSIVE ADAPTADOR SOLDÁVEL DE PVC COM FLANGES E ANEL PARA CAIXA DÁGUA","UN",70.23]
[null,"ED-50307","MET-BOI-022","TORNEIRA DE BOIA, TIPO ROSCÁVEL 1.1/2\", EXCLUSIVE ADAPTADOR SOLDÁVEL DE PVC COM FLANGES E ANEL PARA CAIXA DÁGUA","UN",93.74]
[null,"ED-50306","MET-BOI-021","TORNEIRA DE BOIA, TIPO ROSCÁVEL 1.1/4\", EXCLUSIVE ADAPTADOR SOLDÁVEL DE PVC COM FLANGES E ANEL PARA CAIXA DÁGUA","UN",141.69]
[null,"ED-50303","MET-BOI-010","TORNEIRA DE BOIA, TIPO ROSCÁVEL 1/2\", EXCLUSIVE ADAPTADOR SOLDÁVEL DE PVC COM FLANGES E ANEL PARA CAIXA DÁGUA\n","UN",38.409999999999997]
[null,"ED-50308","MET-BOI-023","TORNEIRA DE BOIA, TIPO ROSCÁVEL 2\", EXCLUSIVE ADAPTADOR SOLDÁVEL DE PVC COM FLANGES E ANEL PARA CAIXA DÁGUA","UN",111.48]
[null,"ED-50304","MET-BOI-015","TORNEIRA DE BOIA, TIPO ROSCÁVEL 3/4\", EXCLUSIVE ADAPTADOR SOLDÁVEL DE PVC COM FLANGES E ANEL PARA CAIXA DÁGUA","UN",29.57]
[null,"ED-50328","MET-TOR-025","TORNEIRA METÁLICA PARA BEBEDOURO, ACABAMENTO CROMADO, COM AREJADOR, APLICAÇÃO DE PAREDE, INCLUSIVE FORNECIMENTO E INSTALAÇÃO","U",92.19]
[null,"ED-50323","MET-TOR-010","TORNEIRA METÁLICA PARA IRRIGAÇÃO/JARDIM, ACABAMENTO CROMADO, APLICAÇÃO DE PAREDE, INCLUSIVE FORNECIMENTO E INSTALAÇÃO","U",34.229999999999997]
[null,"ED-50330","MET-TOR-035","TORNEIRA METÁLICA PARA LAVATÓRIO, ACABAMENTO CROMADO, COM AREJADOR, APLICAÇÃO DE MESA, INCLUSIVE ENGATE FLEXÍVEL METÁLICO, FORNECIMENTO E INSTALAÇÃO","U",98.25]
[null,"ED-50329","MET-TOR-030","TORNEIRA METÁLICA PARA LAVATÓRIO, FECHAMENTO AUTOMÁTICO, ACABAMENTO CROMADO, COM AREJADOR, APLICAÇÃO DE MESA, INCLUSIVE ENGATE FLEXÍVEL METÁLICO, FORNECIMENTO E INSTALAÇÃO","U",245.82]
[null,"ED-50326","MET-TOR-021","TORNEIRA METÁLICA PARA PIA, ACABAMENTO CROMADO, COM AREJADOR, APLICAÇÃO DE PAREDE, INCLUSIVE FORNECIMENTO E INSTALAÇÃO","U",65.69]
[null,"ED-50327","MET-TOR-022","TORNEIRA METÁLICA PARA PIA, ACABAMENTO CROMADO, SEM AREJADOR, APLICAÇÃO DE PAREDE, INCLUSIVE FORNECIMENTO E INSTALAÇÃ","U",56.69]
[null,"ED-50324","MET-TOR-015","TORNEIRA METÁLICA PARA PIA, BICA MÓVEL, ACABAMENTO CROMADO, COM AREJADOR, APLICAÇÃO DE MESA, INCLUSIVE ENGATE FLEXÍVEL METÁLICO, FORNECIMENTO E INSTALAÇÃO","U",154.83000000000001]
[null,"ED-50325","MET-TOR-020","TORNEIRA METÁLICA PARA PIA, BICA MÓVEL, ACABAMENTO CROMADO, COM AREJADOR, APLICAÇÃO DE PAREDE, INCLUSIVE FORNECIMENTO E INSTALAÇÃO","U",154.93]
[null,"ED-50331","MET-TOR-040","TORNEIRA METÁLICA PARA TANQUE, ACABAMENTO CROMADO, INCLUSIVE ENGATE FLEXÍVEL METÁLICO, FORNECIMENTO E INSTALAÇÃO","U",46.4]
[null,"ED-50332","MET-TUB-005","TUBO DE LIGAÇÃO DE ÁGUA PARA BACIA SANITÁRIA (VASO), DN 1.1/2\", COMPRIMENTO 20CM, INCLUSIVE CANOPLA, SPUD, FORNECIMENTO E INSTALAÇÃO","U",42.09]
[null,"ED-9135","-","TUBO DE LIGAÇÃO DE ÁGUA PARA BACIA SANITÁRIA (VASO), DN 1.1/2\", COMPRIMENTO 25CM, INCLUSIVE CANOPLA, SPUD, FORNECIMENTO E INSTALAÇÃO","U",33.5]
[null,"ED-50333","MET-TUB-010","TUBO LONGO DN 40MM (1.1/2\"), PARA CAIXA DE DESCARGA, INCLUSIVE FORNECIMENTO E INSTALAÇÃO","U",19.02]
[null,"ED-50334","MET-TUB-015","TUBO PARA VÁLVULA DE DESCARGA Nº. 18 COM ADAPTADOR D = 1 1/2\"","U",38.81]
[null,"ED-50335","MET-VAL-005","VÁLVULA AMERICANA PIA INOX 1 1/2\" X 3/4\"","U",59.34]
[null,"ED-50336","MET-VAL-010","VÁLVULA AMERICANA PIA INOX 4\" X 1 1/2\"","U",70.510000000000005]
[null,"ED-9133","-","VÁLVULA DE DESCARGA COM REGISTRO INTERNO, ACIONAMENTO DUPLO, DN 1.1/2\" (50MM), INCLUSIVE ACABAMENTO DA VÁLVULA","UN",222.43]
[null,"ED-50337","MET-VAL-015","VÁLVULA DE DESCARGA COM REGISTRO INTERNO, ACIONAMENTO SIMPLES, DN 1.1/2\" (50MM), INCLUSIVE ACABAMENTO DA VÁLVULA","UN",193.43]
[null,"ED-50346","MET-VAL-026","VÁLVULA DE RETENÇÃO DE PÉ COM CRIVO, D = 100 MM (4\")","U",639.01]
[null,"ED-50338","MET-VAL-018","VÁLVULA DE RETENÇÃO DE PÉ COM CRIVO, D = 15 MM (1/2\")","U",51.7]
[null,"ED-50339","MET-VAL-019","VÁLVULA DE RETENÇÃO DE PÉ COM CRIVO, D = 20 MM (3/4\")","U",66.47]
[null,"ED-50340","MET-VAL-020","VÁLVULA DE RETENÇÃO DE PÉ COM CRIVO D = 25 MM (1\")","U",73.959999999999994]
[null,"ED-50341","MET-VAL-021","VÁLVULA DE RETENÇÃO DE PÉ COM CRIVO, D = 32 MM (1 1/4\")","U",113.09]
[null,"ED-50342","MET-VAL-022","VÁLVULA DE RETENÇÃO DE PÉ COM CRIVO, D = 40 MM (1 1/2\")","U",119.1]
[null,"ED-50343","MET-VAL-023","VÁLVULA DE RETENÇÃO DE PÉ COM CRIVO, D = 50 MM (2\")","U",164.54]
[null,"ED-50344","MET-VAL-024","VÁLVULA DE RETENÇÃO DE PÉ COM CRIVO, D = 65 MM (2 1/2\")","U",283.16000000000003]
[null,"ED-50345","MET-VAL-025","VÁLVULA DE RETENÇÃO DE PÉ COM CRIVO, D = 80 MM (3\")","U",373.67]
[null,"ED-50358","MET-VAL-070","VÁLVULA DE RETENÇÃO HORIZONTAL OU VERTICAL, Ø 100 MM (4\")","U",800.86]
[null,"ED-50350","MET-VAL-038","VÁLVULA DE RETENÇÃO HORIZONTAL OU VERTICAL, Ø 15 MM (1/2\")","U",81.73]
[null,"ED-50351","MET-VAL-039","VÁLVULA DE RETENÇÃO HORIZONTAL OU VERTICAL, Ø 20 MM (3/4\")","U",95.24]
[null,"ED-50354","MET-VAL-050","VÁLVULA DE RETENÇÃO HORIZONTAL OU VERTICAL, Ø 25 MM (1\")","U",122.9]
[null,"ED-50352","MET-VAL-040","VÁLVULA DE RETENÇÃO HORIZONTAL OU VERTICAL, Ø 32 MM (1 1/4\")","U",185.34]
[null,"ED-50353","MET-VAL-045","VÁLVULA DE RETENÇÃO HORIZONTAL OU VERTICAL, Ø 40 MM (1 1/2\")","U",203.8]
[null,"ED-50355","MET-VAL-055","VÁLVULA DE RETENÇÃO HORIZONTAL OU VERTICAL, Ø 50 MM (2\")","U",273.95999999999998]
[null,"ED-50356","MET-VAL-060","VÁLVULA DE RETENÇÃO HORIZONTAL OU VERTICAL, Ø 65 MM (2 1/2\")","U",389.49]
[null,"ED-50357","MET-VAL-065","VÁLVULA DE RETENÇÃO HORIZONTAL OU VERTICAL, Ø 80 MM (3\")","U",523.04]
[null,"ED-50347","MET-VAL-029","VÁLVULA PARA LAVATÓRIO COM LADRÃO D = 2 1/4\" X 1\"","U",34.18]
[null,"ED-50348","MET-VAL-030","VÁLVULA PARA MICTÓRIO COM FECHAMENTO AUTOMÁTICO D = 1/2\"","U",75.42]
[null,"ED-50295","LOU-VAS-005","VASO SANITÁRIO ENVELOPADO","U",544.59]
[null,"50","-","MAO-001 - MÃO DE OBRA COM ENCARGOS COMPLEMENTARES"]
[null,"ED-50360","MAO-AJD-005","AJUDANTE DE ARMADOR COM ENCARGOS COMPLEMENTARES","HORA",14.82]
[null,"ED-50363","MAO-AJD-020","AJUDANTE DE BOMBEIRO/ENCANADOR COM ENCARGOS COMPLEMENTARES","HORA",14.59]
[null,"ED-50361","MAO-AJD-010","AJUDANTE DE CARPINTEIRO COM ENCARGOS COMPLEMENTARES","HORA",16.149999999999999]
[null,"ED-50362","MAO-AJD-015","AJUDANTE DE ELETRICISTA COM ENCARGOS COMPLEMENTARES","HORA",15.09]
[null,"ED-50365","MAO-AJD-030","AJUDANTE DE PINTOR COM ENCARGOS COMPLEMENTARES","HORA",14.1]
[null,"ED-50364","MAO-AJD-025","AJUDANTE DE TELHADISTA COM ENCARGOS COMPLEMENTARES","HORA",16.149999999999999]
[null,"ED-50366","MAO-AJD-035","AJUDANTE ESPECIALIZADO COM ENCARGOS COMPLEMENTARES","HORA",17.059999999999999]
[null,"ED-52306","-","AJUDANTE IMPERMEABILIZADOR COM ENCARGOS COMPLEMENTARES","HORA",14.1]
[null,"ED-50375","MAO-OFC-045","ARMADOR COM ENCARGOS COMPLEMENTARES","HORA",19.510000000000002]
[null,"ED-50369","MAO-OFC-005","AZULEJISTA COM ENCARGOS COMPLEMENTARES","HORA",21.45]
[null,"ED-50374","MAO-OFC-040","BOMBEIRO/ENCANADOR COM ENCARGOS COMPLEMENTARES","HORA",19.149999999999999]
[null,"ED-50370","MAO-OFC-010","CALCETEIRO COM ENCARGOS COMPLEMENTARES","HORA",14.85]
[null,"ED-50371","MAO-OFC-015","CARPINTEIRO DE ESQUADRIA COM ENCARGOS COMPLEMENTARES","HORA",17.57]
[null,"ED-50372","MAO-OFC-020","CARPINTEIRO DE FORMA COM ENCARGOS COMPLEMENTARES","HORA",19.43]
[null,"ED-50373","MAO-OFC-035","ELETRICISTA COM ENCARGOS COMPLEMENTARES","HORA",19.82]
[null,"ED-50387","MAO-OFC-110","ESTUCADOR COM ENCARGOS COMPLEMENTARES","HORA",20.28]
[null,"ED-50376","MAO-OFC-050","GESSEIRO COM ENCARGOS COMPLEMENTARES","HORA",19.510000000000002]
[null,"ED-50377","MAO-OFC-055","GRANITEIRO/MARMORISTA COM ENCARGOS COMPLEMENTARES","HORA",19.91]
[null,"ED-52307","-","IMPERMEABILIZADOR COM ENCARGOS COMPLEMENTARES","HORA",19.61]
[null,"ED-50378","MAO-OFC-060","JARDINEIRO COM ENCARGOS COMPLEMENTARES","HORA",18.96]
[null,"ED-50379","MAO-OFC-065","LADRILHISTA COM ENCARGOS COMPLEMENTARES","HORA",21.45]
[null,"ED-50388","MAO-OFC-115","MARCENEIRO COM ENCARGOS COMPLEMENTARES","HORA",19.809999999999999]
[null,"ED-50380","MAO-OFC-070","MONTADOR COM ENCARGOS COMPLEMENTARES","HORA",18.100000000000001]
[null,"ED-8501","-","OPERADOR DE BETONEIRA ESTACIONÁRIA COM ENCARGOS COMPLEMENTARES","HORA",16.36]
[null,"ED-50381","MAO-OFC-075","PEDREIRO COM ENCARGOS COMPLEMENTARES","HORA",19.63]
[null,"ED-50382","MAO-OFC-080","PINTOR COM ENCARGOS COMPLEMENTARES","HORA",20.63]
[null,"ED-50383","MAO-OFC-085","POCEIRO COM ENCARGOS COMPLEMENTARES","HORA",17.21]
[null,"ED-50384","MAO-OFC-090","RASPADOR COM ENCARGOS COMPLEMENTARES","HORA",22.96]
[null,"ED-7607","-","RASTELEIRO COM ENCARGOS COMPLEMENTARES","HORA",15.09]
[null,"ED-50368","MAO-AJD-045","REJUNTADOR COM ENCARGOS COMPLEMENTARES","HORA",14.1]
[null,"ED-7830","-","SERRALHEIRO COM ENCARGOS COMPLEMENTARES","HORA",19.53]
[null,"ED-50367","MAO-AJD-040","SERVENTE COM ENCARGOS COMPLEMENTARES","HORA",14.1]
[null,"ED-50385","MAO-OFC-100","TAQUEIRO COM ENCARGOS COMPLEMENTARES","HORA",22.96]
[null,"ED-50386","MAO-OFC-105","TELHADISTA COM ENCARGOS COMPLEMENTARES","HORA",21.33]
[null,"ED-9199","-","VIDRACEIRO COM ENCARGOS COMPLEMENTARES","HORA",16.63]
[null,"51","-","MOB-001  - MOBILIZAÇÃO E DESMOBILIZAÇÃO DE OBRA - para obras que exigem a utilização de grande quantidade de equipamentos e são executadas em locais distantes de centros urbanos "]
[null,"ED-50389","MOB-DES-005","OBRAS ATÉ O VALOR DE 1.000.000,00","%",2]
[null,"ED-50390","MOB-DES-010","OBRAS COM VALOR ENTRE 1.000.000,01 E 3.000.000,00","%",1.5]
[null,"ED-50391","MOB-DES-015","OBRAS COM VALORES ACIMA DE 3.000.000,01","%",1]
[null,"52","-","MOB-002  - MOBILIZAÇÃO E DESMOBILIZAÇÃO DE OBRA - para obras executadas em centros urbanos ou próximos de centros urbanos "]
[null,"ED-50392","MOB-DES-020","OBRAS ATÉ O VALOR DE 1.000.000,00","%",0.5]
[null,"ED-50393","MOB-DES-025","OBRAS COM VALOR ENTRE 1.000.000,01 E 3.000.000,00","%",0.3]
[null,"ED-50394","MOB-DES-030","OBRAS COM VALORES ACIMA DE 3.000.000,01","%",0.2]
[null,"53","-","346 - MUR-001  - MURO DE VEDAÇÃO DE CONCRETO PRÉ-MOLDADO"]
[null,"ED-50404","MUR-DEF-005","COLOCAÇÃO DE DEFENSAS SOBRE O MURO FERRO CANTONEIRA L - 1\" X 1/8\" COMPRIMENTO = 85 CM, ESPAÇAMENTO 1,50 M E 5 FIADAS DE ARAME FARPADO","M",19.05]
[null,"ED-50405","MUR-DEF-010","COLOCAÇÃO DE DEFENSAS SOBRE O MURO FERRO CANTONEIRA L - 1\" X 1/8\" COMPRIMENTO = 85 CM, ESPAÇAMENTO 1,50 M E 7 FIADAS DE ARAME FARPADO","M",21.31]
[null,"ED-50400","MUR-COL-005","COLUNA DE ALVENARIA A VISTA DE SUPORTE DO PORTÃO (PARA CAIXA DE MEDIÇÃO DE ENERGIA OU PARA PLACA DO NOME DO PRÉDIO) 1,70 X 2,30 M","U",945.62]
[null,"ED-50401","MUR-CON-005","CONCERTINA CLIPADA MODELO ESPIRAL HELICOIDAL DUPLA D = 450 MM","M",65.73]
[null,"ED-50402","MUR-CON-010","CONCERTINA CLIPADA MODELO ESPIRAL HELICOIDAL DUPLA D = 610 MM","M",68.73]
[null,"ED-50403","MUR-CON-015","CONCERTINA CLIPADA MODELO ESPIRAL HELICOIDAL DUPLA D = 730 MM","M",71.73]
[null,"ED-50409","MUR-TIJ-020","MURETA DE TIJOLO COMUM ESP. = 15CM, H = 105 CM, A REVESTIR","M",250.57]
[null,"ED-50410","MUR-TIJ-025","MURETA DE TIJOLO COMUM ESP. = 15CM, H = 130 CM, A REVESTIR","M",281.75]
[null,"ED-50399","MUR-CAL-010","MURO DE VEDAÇÃO DE CONCRETO PRÉ-MOLDADO TIPO CALHA V ALTURA LIVRE = 2,50 M, SAPATA CONCRETO 1:3:6, 30 X 50 CM","M",309.02]
[null,"ED-50395","MUR-BLO-005","MURO DIVISÓRIO EM BLOCO DE CONCRETO COM ACABAMENTO APARENTE, ESP.15CM, ALTURA DE 180CM, COM SAPATA EM CONCRETO ARMADO , DIMENSÃO (50X55)CM,  FORMA EM CONTRA BARRANCO, INCLUSIVE ESCAVAÇÃO COM TRANSPORTE E RETIRADA DO MATERIAL ESCAVADO (EM CAÇAMBA) E PINGADEIRA EM CONCRETO\n","M",301.70999999999998]
[null,"ED-50396","MUR-BLO-010","MURO DIVISÓRIO EM BLOCO DE CONCRETO COM ACABAMENTO APARENTE, ESP.15CM, ALTURA DE 220CM, COM SAPATA EM CONCRETO ARMADO , DIMENSÃO (50X55)CM,  FORMA EM CONTRA BARRANCO, INCLUSIVE ESCAVAÇÃO COM TRANSPORTE E RETIRADA DO MATERIAL ESCAVADO (EM CAÇAMBA) E PINGADEIRA EM CONCRETO","M",325.12]
[null,"ED-50397","MUR-BLO-015","MURO DIVISÓRIO EM BLOCO DE CONCRETO COM ACABAMENTO REVESTIDO, ESP.15CM, ALTURA DE 220CM, COM SAPATA EM CONCRETO ARMADO , DIMENSÃO (50X55)CM,  FORMA EM CONTRA BARRANCO, INCLUSIVE ESCAVAÇÃO COM TRANSPORTE E RETIRADA DO MATERIAL ESCAVADO (EM CAÇAMBA), PINGADEIRA EM CONCRETO, CHAPISCO/REBOCO COM ARGAMASSA (CIMENTO E AREIA) E PINTURA EM DUAS (2) DEMÃOS\n","M",509.72]
[null,"ED-50406","MUR-TIJ-005","MURO DIVISÓRIO TIJOLO FURADO E = 10 CM, REBOCADO E PINTADO A LATEX H = 1,80 M, INCLUSIVE SAPATA DE CONCRETO ARMADO FCK = 15 MPA, 50 X 55 CM","M",520.4]
[null,"ED-50408","MUR-TIJ-015","MURO DIVISÓRIO TIJOLO FURADO E = 10 CM, REBOCADO E PINTADO A LATEX H = 2,20 A 2,50 M, INCLUSIVE SAPATA DE CONCRETO ARMADO FCK = 15 MPA, 50 X 55 CM","M",717.62]
[null,"ED-50407","MUR-TIJ-010","MURO DIVISÓRIO TIJOLO FURADO E = 10 CM, REBOCADO E PINTADO A LATEX H = 2,20 M, INCLUSIVE SAPATA DE CONCRETO ARMADO FCK = 15 MPA, 50 X 55 CM","M",559.21]
[null,"54","-","347 - OBR-001  - OBRAS VIÁRIAS (PAVIMENTAÇÃO DE RUAS)"]
[null,"ED-50413","OBR-VIA-207","ALVENARIA POLIÉDRICA, RETIRADA E REASSENTAMENTO SOBRE COXIM DE AREIA","M2",20.68]
[null,"ED-50421","OBR-VIA-440","ASSENTAMENTO DE MATA-BURRO DE CONCRETO","U",704.18]
[null,"ED-50414","OBR-VIA-208","CALÇAMENTO EM BLOQUETE, RETIRADA E REASSENTAMENTO SOBRE COXIM DE AREIA","M2",24.68]
[null,"ED-50415","OBR-VIA-210","EXECUÇÃO DE CALÇAMENTO EM BLOQUETE - E = 6 CM - FCK = 25 MPA, INCLUINDO FORNECIMENTO E TRANSPORTE DE TODOS OS MATERIAIS, COLCHÃO DE ASSENTAMENTO E = 6 CM","M2",40.83]
[null,"ED-50416","OBR-VIA-215","EXECUÇÃO DE CALÇAMENTO EM BLOQUETE - E = 8 CM - FCK = 35 MPA, INCLUINDO FORNECIMENTO E TRANSPORTE DE TODOS OS MATERIAIS, COLCHÃO DE ASSENTAMENTO E = 6 CM","M2",46.62]
[null,"ED-7624","-","EXECUÇÃO E APLICAÇÃO DE CONCRETO ASFÁLTICO PRE-MISTURADO À FRIO (PMF), EM BETONEIRA, INCLUINDO FORNECIMENTO E TRANSPORTE DOS AGREGADOS E MATERIAL BETUMINOSO, INCLUSIVE TRANSPORTE DA MASSA ASFÁLTICA ATÉ A PISTA","M3",495.12]
[null,"ED-7623","-","EXECUÇÃO E APLICAÇÃO DE CONCRETO BETUMINOSO USINADO A QUENTE (CBUQ), MASSA COMERCIAL, INCLUINDO FORNECIMENTO E TRANSPORTE DOS AGREGADOS E MATERIAL BETUMINOSO, EXCLUSIVE TRANSPORTE DA MASSA ASFÁLTICA ATÉ A PISTA","M3",934.24]
[null,"ED-50411","ESS-SOL-050","GEOTÊXTIL NÃO TECIDO PARA ESTABILIZAÇÃO DE SOLOS","M2",7.7]
[null,"ED-50412","OBR-VIA-206","PARALELEPÍPEDO, RETIRADA E REASSENTAMENTO SOBRE COXIM DE AREIA","M2",28.39]
[null,"ED-50419","OBR-VIA-218","PISO DE CONCRETO PRÉ-MOLDADO INTERTRAVADO E = 10 CM - FCK = 35 MPA, INCLUINDO FORNECIMENTO E TRANSPORTE DE TODOS OS MATERIAIS, COLCHÃO DE ASSENTAMENTO E = 6 CM","M2",62.65]
[null,"ED-50420","OBR-VIA-219","PISO DE CONCRETO PRÉ-MOLDADO INTERTRAVADO E = 10 CM - FCK = 40 MPA, INCLUINDO FORNECIMENTO E TRANSPORTE DE TODOS OS MATERIAIS, COLCHÃO DE ASSENTAMENTO E = 6 CM","M2",62.65]
[null,"ED-50417","OBR-VIA-216","PISO DE CONCRETO PRÉ-MOLDADO INTERTRAVADO E = 6 CM - FCK = 35 MPA, INCLUINDO FORNECIMENTO E TRANSPORTE DE TODOS OS MATERIAIS, COLCHÃO DE ASSENTAMENTO E = 6 CM","M2",53.88]
[null,"ED-50418","OBR-VIA-217","PISO DE CONCRETO PRÉ-MOLDADO INTERTRAVADO E = 8 CM - FCK = 35 MPA, INCLUINDO FORNECIMENTO E TRANSPORTE DE TODOS OS MATERIAIS, COLCHÃO DE ASSENTAMENTO E = 6 CM","M2",59.73]
[null,"55","-","348 - OBR-002  - OBRAS DE ARTE ESPECIAIS - PONTES"]
[null,"ED-50423","OBR-PON-075","ENSECADEIRA INCLUSIVE RETIRADA DO MADEIRAMENTO , PAREDE DUPLA","M2",291.66000000000003]
[null,"ED-50422","OBR-PON-070","ENSECADEIRA INCLUSIVE RETIRADA DO MADEIRAMENTO , PAREDE SIMPLES","M2",116.78]
[null,"ED-50430","OBR-PON-110","FORNECIMENTO E APLICAÇÃO DE GROUT PARA ANCORAGENS (VIGA METÁLICA/TABULEIRO PRÉ MOLDADO)","M3",334.39]
[null,"ED-50429","OBR-PON-105","LANÇAMENTO DE TABULEIRO PRÉ MOLDADO","U",61.82]
[null,"ED-50428","OBR-PON-100","LANÇAMENTO DE VIGA METÁLICA - PONTE DE 08 METROS: 2.97 TONELADAS (2 VIGAS) - PONTE DE 10 METROS: 3.72 TONELADAS (2 VIGAS) - PONTE DE 12 METROS: 4.46 TONELADAS (2 VIGAS) - PONTE DE 15 METROS: 6.26 TONELADAS (2 VIGAS) - PONTE DE 18 METROS: 10.8 TONELADAS (3","KG",0.94]
[null,"ED-50427","OBR-PON-095","TRANSPORTE DE TABULEIROS DE CONCRETO - PONTE DE 08 METROS: 14.4 TONELADAS - PONTE DE 10 METROS: 16.8 TONELADAS - PONTE DE 12 METROS: 19.2 TONELADAS - PONTE DE 15 METROS: 24.0 TONELADAS - PONTE DE 18 METROS: 28.8 TONELADAS","TXKM",0.62]
[null,"ED-50426","OBR-PON-090","TRANSPORTE DE VIGAS METÁLICAS - PONTE DE 08 METROS: 2.97 TONELADAS (2 VIGAS) - PONTE DE 10 METROS: 3.72 TONELADAS (2 VIGAS) - PONTE DE 12 METROS: 4.46 TONELADAS (2 VIGAS) - PONTE DE 15 METROS: 6.26 TONELADAS (2 VIGAS) - PONTE DE 18 METROS: 10.8 TONELADAS","TXKM",0.62]
[null,"ED-50425","OBR-PON-085","TRAVESSIA DE CHAPA METÁLICA PARA VEÍCULOS","M2",353.67]
[null,"ED-50424","OBR-PON-080","TRAVESSIA DE MADEIRA PARA VEÍCULOS","M2",62.54]
[null,"56","-","349 - PAI-001  - PAISAGISMO"]
[null,"ED-50431","PAI-CER-005","CERCA EM FERRO, TRIANGULAR, PADRÃO PREFEITURA","U",75.959999999999994]
[null,"ED-50446","PAI-MUD-045","FORNECIMENTO DE ARBUSTO - BELA EMÍLIA","U",2]
[null,"ED-50447","PAI-MUD-050","FORNECIMENTO DE ARBUSTO - CAMARA","U",1.5]
[null,"ED-50441","PAI-MUD-020","FORNECIMENTO DE ÁRVORE - CÁSSIA MIMOSA","U",77]
[null,"ED-50439","PAI-MUD-010","FORNECIMENTO DE ÁRVORE - IPÊ ROSA","U",101.33]
[null,"ED-50442","PAI-MUD-025","FORNECIMENTO DE ÁRVORE - JACARANDÁ MIMOSO","U",72]
[null,"ED-50440","PAI-MUD-015","FORNECIMENTO DE ÁRVORE - PAU FERRO","U",79]
[null,"ED-50438","PAI-MUD-005","FORNECIMENTO DE ÁRVORE - SIBIPURUNA","U",101.33]
[null,"ED-50443","PAI-MUD-030","FORNECIMENTO DE FORRAÇÃO - ALCALYPHA","M2",2]
[null,"ED-50445","PAI-MUD-040","FORNECIMENTO DE FORRAÇÃO - CLOROFITO","M2",0.8]
[null,"ED-50444","PAI-MUD-035","FORNECIMENTO DE FORRAÇÃO - WEDELIA","M2",0.8]
[null,"ED-50448","PAI-MUD-055","FORNECIMENTO DE PALMEIRA - LICURI","U",40]
[null,"ED-50449","PAI-MUD-060","FORNECIMENTO DE PALMEIRA ARECA LUTESCENS","U",22.8]
[null,"ED-14560","-","LASTRO DE SEIXO, INCLUSIVE LANÇAMENTO E ESPALHAMENTO MANUAL","M3",115.43]
[null,"ED-50435","PAI-GRA-005","PLANTIO DE GRAMA BATATAIS EM PLACAS, INCLUSIVE TERRA VEGETAL E CONSERVAÇÃO POR 30 DIAS","M2",15.35]
[null,"ED-50437","PAI-GRA-015","PLANTIO DE GRAMA ESMERALDA EM PLACAS, INCLUSIVE TERRA VEGETAL E CONSERVAÇÃO POR 30 DIAS","M2",17.170000000000002]
[null,"ED-50436","PAI-GRA-010","PLANTIO DE GRAMA SÃO CARLOS EM PLACAS, INCLUSIVE TERRA VEGETAL E CONSERVAÇÃO POR 30 DIAS","M2",17.170000000000002]
[null,"ED-50433","PAI-COV-010","PLANTIO E PREPARO DE COVAS DE ARBUSTOS ORNAMENTAIS EM GERAL, EXCETO FORNECIMENTO DAS MUDAS","U",8.5299999999999994]
[null,"ED-50432","PAI-COV-005","PLANTIO E PREPARO DE COVAS DE ÁRVORES H MÍN. = 1,80 M COM COVA 60 X 60 X 60 CM, EXCETO FORNECIMENTO DAS MUDAS","U",9.48]
[null,"ED-50434","PAI-COV-015","PLANTIO E PREPARO DE COVAS DE FORRAÇÃO, EXCETO FORNECIMENTO DAS MUDAS","M2",22.75]
[null,"57","-","350 - PIN-001  - PINTURA"]
[null,"ED-50471","PIN-CER-005","APLICAÇÃO DE CERA EM  ESQUADRIAS DE MADEIRA, TRÊS (3) DEMÃOS, INCLUSIVE APLICAÇÃO DE SELADOR PARA MADEIRA","M2",17.899999999999999]
[null,"ED-50472","PIN-CER-010","APLICAÇÃO DE CERA EM  RODAPÉS COM ALTURA DE 10 CM, TRÊS (3) DEMÃOS, INCLUSIVE APLICAÇÃO DE SELADOR PARA MADEIRA","M",5.29]
[null,"ED-50481","PIN-EMA-015","EMASSAMENTO A ÓLEO SOBRE MADEIRA, UMA (1) DEMÃO, INCLUSIVE LIXAMENTO PARA PINTURA","M2",15.85]
[null,"ED-50482","PIN-EMA-020","EMASSAMENTO EM ESQUADRIA DE MADEIRA COM MASSA A ÓLEO, DUAS (2) DEMÃOS, INCLUSIVE LIXAMENTO PARA PINTURA  A ÓLEO OU ESMALTE","M2",23.13]
[null,"ED-50485","PIN-EMA-030","EMASSAMENTO EM FORRO DE GESSO COM MASSA ACRÍLICA, UMA (1) DEMÃO, INCLUSIVE LIXAMENTO PARA PINTURA","M2",12.78]
[null,"ED-50486","PIN-EMA-031","EMASSAMENTO EM FORRO DE GESSO COM MASSA CORRIDA (PVA), UMA (1) DEMÃO, INCLUSIVE LIXAMENTO PARA PINTURA","M2",11.03]
[null,"ED-50474","PIN-EMA-006","EMASSAMENTO EM PAREDE COM MASSA ACRÍLICA, DUAS (2) DEMÃOS, INCLUSIVE LIXAMENTO PARA PINTURA","M2",15.64]
[null,"ED-50473","PIN-EMA-005","EMASSAMENTO EM PAREDE COM MASSA ACRÍLICA, UMA (1) DEMÃO, INCLUSIVE LIXAMENTO PARA PINTURA","M2",10.25]
[null,"ED-50478","PIN-EMA-011","EMASSAMENTO EM PAREDE COM MASSA CORRIDA (PVA), DUAS (2) DEMÃOS, INCLUSIVE LIXAMENTO PARA PINTURA","M2",12.36]
[null,"ED-50477","PIN-EMA-010","EMASSAMENTO EM PAREDE COM MASSA CORRIDA (PVA), UMA (1) DEMÃO, INCLUSIVE LIXAMENTO PARA PINTURA","M2",8.61]
[null,"ED-50483","PIN-EMA-025","EMASSAMENTO EM PAREDE DE GESSO ACARTONADO (DRY-WALL) COM MASSA ACRÍLICA, UMA (1) DEMÃO, INCLUSIVE LIXAMENTO PARA PINTURA","M2",10.25]
[null,"ED-50484","PIN-EMA-026","EMASSAMENTO EM PAREDE DE GESSO ACARTONADO (DRY-WALL) COM MASSA CORRIDA (PVA), UMA (1) DEMÃO, INCLUSIVE LIXAMENTO PARA PINTURA","M2",8.61]
[null,"ED-50476","PIN-EMA-008","EMASSAMENTO EM TETO COM MASSA ACRÍLICA, DUAS (2) DEMÃOS, INCLUSIVE LIXAMENTO PARA PINTURA","M2",24.01]
[null,"ED-50475","PIN-EMA-007","EMASSAMENTO EM TETO COM MASSA ACRÍLICA, UMA (1) DEMÃO, INCLUSIVE LIXAMENTO PARA PINTURA","M2",16.53]
[null,"ED-50480","PIN-EMA-013","EMASSAMENTO EM TETO COM MASSA CORRIDA (PVA), DUAS (2) DEMÃOS, INCLUSIVE LIXAMENTO PARA PINTURA","M2",20.73]
[null,"ED-50479","PIN-EMA-012","EMASSAMENTO EM TETO COM MASSA CORRIDA (PVA), UMA (1) DEMÃO, INCLUSIVE LIXAMENTO PARA PINTURA","M2",14.89]
[null,"ED-50505","PIN-LIX-005","LIXAMENTO MANUAL EM PAREDE PARA REMOÇÃO DE TINTA","M2",2.4300000000000002]
[null,"ED-50507","PIN-LIX-010","LIXAMENTO MANUAL EM SUPERFÍCIE DE MADEIRA PARA REMOÇÃO DE TINTA","M2",3.55]
[null,"ED-50508","PIN-LIX-015","LIXAMENTO MANUAL EM SUPERFÍCIE METÁLICA PARA REMOÇÃO DE TINTA","M2",3.47]
[null,"ED-50506","PIN-LIX-006","LIXAMENTO MANUAL EM TETO PARA REMOÇÃO DE TINTA","M2",2.71]
[null,"ED-50517","PIN-SIL-005","PINTURA A BASE DE RESINA DE SILICONE EM CONCRETO OU ALVENARIA APARENTE, DUAS (2) DEMÃOS","M2",15.81]
[null,"ED-50451","PIN-ACR-005","PINTURA ACRÍLICA EM PAREDE, DUAS (2) DEMÃOS, EXCLUSIVE SELADOR ACRÍLICO E MASSA ACRÍLICA/CORRIDA (PVA)","M2",10.95]
[null,"ED-50455","PIN-ACR-015","PINTURA ACRÍLICA EM PAREDE, DUAS (2) DEMÃOS, INCLUSIVE UMA (1) DEMÃO DE MASSA CORRIDA (PVA), EXCLUSIVE SELADOR ACRÍLICO","M2",19.559999999999999]
[null,"ED-50453","PIN-ACR-010","PINTURA ACRÍLICA EM PAREDE, TRÊS (3) DEMÃOS, EXCLUSIVE SELADOR ACRÍLICO E MASSA ACRÍLICA/CORRIDA (PVA)","M2",14.39]
[null,"ED-50452","PIN-ACR-006","PINTURA ACRÍLICA EM TETO, DUAS (2) DEMÃOS, EXCLUSIVE SELADOR ACRÍLICO E MASSA ACRÍLICA/CORRIDA (PVA)","M2",12.07]
[null,"ED-50456","PIN-ACR-016","PINTURA ACRÍLICA EM TETO, DUAS (2) DEMÃOS, INCLUSIVE UMA (1) DEMÃO DE MASSA CORRIDA (PVA), EXCLUSIVE SELADOR ACRÍLICO","M2",26.96]
[null,"ED-50454","PIN-ACR-011","PINTURA ACRÍLICA EM TETO, TRÊS (3) DEMÃOS, EXCLUSIVE SELADOR ACRÍLICO E MASSA ACRÍLICA/CORRIDA (PVA)","M2",16.079999999999998]
[null,"ED-50460","PIN-ACR-030","PINTURA ACRÍLICA PARA PISO EM FAIXA DE DEMARCAÇÃO DE QUADRA, DUAS (2) DEMÃOS, FAIXA COM LARGURA DE 5 CM","M",3.18]
[null,"ED-50462","PIN-ACR-040","PINTURA ACRÍLICA PARA PISO EM FAIXA DE DEMARCAÇÃO DE QUADRA, QUATRO (4) DEMÃOS, FAIXA COM LARGURA DE 5 CM","M",4.1100000000000003]
[null,"ED-50459","PIN-ACR-025","PINTURA ACRÍLICA PARA PISO EM PASSEIO/SUPERFÍCIE CIMENTADA, DUAS (2) DEMÃOS","M2",9.92]
[null,"ED-50461","PIN-ACR-035","PINTURA ACRÍLICA PARA PISO EM QUADRAS ESPORTIVA, DUAS (2) DEMÃOS","M2",9.92]
[null,"ED-50463","PIN-ACR-045","PINTURA ACRÍLICA PARA PISO EM QUADRAS ESPORTIVA, QUATRO (4) DEMÃOS","M2",20.25]
[null,"ED-50532","PIN-ZAR-006","PINTURA ANTICORROSIVA A BASE DE OXIDO DE FERRO (ZARCÃO) EM ESQUADRIA E SUPERFÍCIE METÁLICA, UMA (1) DEMÃO","M2",8.73]
[null,"ED-50465","PIN-BOR-005","PINTURA COM  TINTA A BASE DE BORRACHA CLORADA EM FAIXAS DE DEMARCAÇÃO DE PISO, DUAS (2) DEMÃOS, FAIXA COM LARGURA DE 5 CM, APLICAÇÃO MECÂNICA","M",7.81]
[null,"ED-50468","PIN-BOR-020","PINTURA COM  TINTA A BASE DE BORRACHA CLORADA EM FAIXAS DE DEMARCAÇÃO DE QUADRA, DUAS (2) DEMÃOS, FAIXA COM LARGURA DE 5 CM, APLICAÇÃO MECÂNICA","M",7.81]
[null,"ED-50467","PIN-BOR-015","PINTURA COM  TINTA A BASE DE BORRACHA CLORADA EM REVESTIMENTO CIMENTÍCIO OU CONCRETO, DUAS (2) DEMÃOS","M2",22.74]
[null,"ED-50466","PIN-BOR-010","PINTURA COM  TINTA A BASE DE BORRACHA CLORADA EM TELHAS DE FIBROCIMENTO, DUAS (2) DEMÃOS","M2",36.270000000000003]
[null,"ED-50513","PIN-RES-005","PINTURA COM RESINA ACRÍLICA EM CONCRETO, DUAS (2) DEMÃOS, INCLUSIVE UMA (1) DEMÃO DE SELADOR ACRÍLICO","M2",24.49]
[null,"ED-50464","PIN-ACR-050","PINTURA COM RESINA ACRÍLICA EM PISOS CIMENTADOS, DUAS (2) DEMÃOS, INCLUSIVE LIMPEZA DA SUPERFÍCIE A SER APLICADO MATERIAL","M2",8.2200000000000006]
[null,"ED-9013","-","PINTURA COM TEXTURA ACRÍLICA COM DESEMPENADEIRA DE AÇO, EXCLUSIVE SELADOR ACRÍLICO/FUNDO PREPARADOR","M2",17.489999999999998]
[null,"ED-50519","PIN-TEX-010","PINTURA COM TEXTURA ACRÍLICA COM DESEMPENADEIRA DE AÇO, INCLUSIVE UMA (1) DEMÃO DE SELADOR ACRÍLICO","M2",20.100000000000001]
[null,"ED-50520","PIN-TEX-015","PINTURA COM TEXTURA ACRÍLICA COM ROLO, EXCLUSIVE SELADOR ACRÍLICO/FUNDO PREPARADOR","M2",14.63]
[null,"ED-50521","PIN-TEX-015D","PINTURA COM TEXTURA ACRÍLICA COM ROLO, INCLUSIVE UMA (1) DEMÃO DE SELADOR ACRÍLICO","M2",17.03]
[null,"ED-50525","PIN-VER-005","PINTURA COM VERNIZ ACRÍLICO EM ALVENARIA OU CONCRETO, DUAS (2) DEMÃOS, INCLUSIVE PREPARAÇÃO DA SUPERFÍCIE COM LIXAMENTO","M2",12.38]
[null,"ED-50530","PIN-VER-030","PINTURA COM VERNIZ POLIURETANO COM FILTRO SOLAR EM MADEIRA, DUAS (2) DEMÃOS, ACABAMENTO TIPO FOSCO","M2",20.149999999999999]
[null,"ED-9026","-","PINTURA COM VERNIZ SINTÉTICO MARÍTIMO EM BATE MACA DE MADEIRA SEM CORRIMÃO, COM LARGURA DE 15CM E ESP. 2CM, DUAS (2) DEMÃOS, ACABAMENTO TIPO FOSCO","M",5.57]
[null,"ED-50527","PIN-VER-015","PINTURA COM VERNIZ SINTÉTICO MARÍTIMO EM ESQUADRIAS DE MADEIRA, DUAS (2) DEMÃOS, ACABAMENTO TIPO ACETINADO (BRILHO SÚTIL)","M2",15.21]
[null,"ED-50526","PIN-VER-010","PINTURA COM VERNIZ SINTÉTICO MARÍTIMO EM ESQUADRIAS DE MADEIRA, DUAS (2) DEMÃOS, ACABAMENTO TIPO BRILHANTE","M2",15.21]
[null,"ED-50528","PIN-VER-020","PINTURA COM VERNIZ SINTÉTICO MARÍTIMO EM ESQUADRIAS DE MADEIRA, DUAS (2) DEMÃOS, ACABAMENTO TIPO FOSCO","M2",16.05]
[null,"ED-50531","PIN-VER-035","PINTURA COM VERNIZ SINTÉTICO MARÍTIMO EM RÉGUAS PARA FIXAÇÃO CARTAZES E PROTEÇÃO DE CARTEIRAS, COM LARGURA DE 10CM E ESP. 2CM, DUAS (2) DEMÃOS, ACABAMENTO TIPO FOSCO","M",5.0999999999999996]
[null,"ED-50470","PIN-CAI-010","PINTURA EM CAIAÇÃO PARA AMBIENTE EXTERNO,TRÊS (3) DEMÃOS, INCLUSIVE PIGMENTO E FIXADOR DE CAL","M2",9.8000000000000007]
[null,"ED-50469","PIN-CAI-005","PINTURA EM CAIAÇÃO PARA AMBIENTE INTERNO,TRÊS (3) DEMÃOS, INCLUSIVE PIGMENTO E FIXADOR DE CAL","M2",11.66]
[null,"ED-50490","PIN-EPO-020","PINTURA EPÓXI EM FAIXAS DE DEMARCAÇÃO DE PISO, DUAS (2) DEMÃOS, FAIXA COM LARGURA DE 5 CM","M",13.18]
[null,"ED-9917","-","PINTURA EPÓXI EM PAREDE, DUAS (2) DEMÃOS, EXCLUSIVE SELADOR ACRÍLICO E MASSA ACRÍLICA/CORRIDA (PVA)","M2",17.510000000000002]
[null,"ED-9919","-","PINTURA EPÓXI EM PAREDE, DUAS (2) DEMÃOS, INCLUSIVE UMA (1) DEMÃO DE MASSA ACRÍLICA, EXCLUSIVE SELADOR ACRÍLICO","M2",27.76]
[null,"ED-9918","-","PINTURA EPÓXI EM PAREDE, TRÊS (3) DEMÃOS, EXCLUSIVE SELADOR ACRÍLICO E MASSA ACRÍLICA/CORRIDA (PVA)","M2",24.23]
[null,"ED-9937","-","PINTURA EPÓXI EM PISO, DUAS (2) DEMÃOS, EXCLUSIVE PRIMER EPÓXI, INCLUSIVE LIMPEZA DA SUPERFÍCIE A SER APLICADO MATERIAL","M2",16.88]
[null,"ED-9934","-","PINTURA EPÓXI EM PISO, DUAS (2) DEMÃOS, INCLUSIVE UMA (1) DEMÃO DE PRIMER EPÓXI","M2",32.840000000000003]
[null,"ED-9933","-","PINTURA EPÓXI EM PISO, DUAS (2) DEMÃOS, INCLUSIVE UMA (1) DEMÃO DE PRIMER EPÓXI E PREPARAÇÃO DA SUPERFÍCIE COM ARGAMASSA AUTONIVELANTE, ESP.4MM","M2",65.16]
[null,"ED-50487","PIN-EPO-005","PINTURA EPÓXI EM SUPERFÍCIES DE AÇO CARBONO, DUAS (2) DEMÃOS","M2",19.46]
[null,"ED-50488","PIN-EPO-010","PINTURA EPÓXI EM SUPERFÍCIES DE AÇO CARBONO, DUAS (2) DEMÃOS, APLICAÇÃO MECÂNICA","M2",11.98]
[null,"ED-50493","PIN-ESM-015","PINTURA ESMALTE EM ESQUADRIA DE MADEIRA, DUAS (2) DEMÃOS, INCLUSIVE UMA (1) DEMÃO DE FUNDO NIVELADOR, EXCLUSIVE MASSA A ÓLEO","M2",17.62]
[null,"ED-50491","PIN-ESM-005","PINTURA ESMALTE EM ESQUADRIAS DE FERRO, DUAS (2) DEMÃOS, INCLUSIVE UMA (1) DEMÃO DE FUNDO ANTICORROSIVO","M2",24.47]
[null,"ED-50492","PIN-ESM-010","PINTURA ESMALTE EM ESTRUTURA DE AÇO CARBONO, DUAS (2) DEMÃOS, EXCLUSIVE FUNDO ANTICORROSIVO","M2",17.170000000000002]
[null,"ED-50497","PIN-ESM-035","PINTURA ESMALTE EM ESTRUTURA METÁLICA, DUAS (2) DEMÃOS, INCLUSIVE UMA (1) DEMÃO FUNDO ANTICORROSIVO","M2",25.86]
[null,"ED-50509","PIN-OLE-005","PINTURA ESMALTE EM SUPERFÍCIE DE CONCRETO/ALVENARIA, DUAS (2) DEMÃOS, EXCLUSIVE SELADOR ACRÍLICO E MASSA ACRÍLICA/CORRIDA (PVA)","M2",15.23]
[null,"ED-50510","PIN-OLE-015","PINTURA ESMALTE EM SUPERFÍCIE DE CONCRETO/ALVENARIA, TRÊS (3) DEMÃOS, EXCLUSIVE SELADOR ACRÍLICO E MASSA ACRÍLICA/CORRIDA (PVA)","M2",19.38]
[null,"ED-50496","PIN-ESM-030","PINTURA ESMALTE EM TUBO GALVANIZADO, DUAS (2) DEMÃOS, INCLUSIVE UMA (1) DEMÃO DE FUNDO ANTICORROSIVO","M",15.71]
[null,"ED-50495","PIN-ESM-025","PINTURA ESMALTE SINTÉTICO EM SUPERFÍCIES GALVANIZADAS, DUAS (2) DEMÃOS, INCLUSIVE UMA (1) DEMÃO DE FUNDO ANTICORROSIVO","M2",24.47]
[null,"ED-50498","PIN-LAT-005","PINTURA LÁTEX (PVA) EM PAREDE, DUAS (2) DEMÃOS, EXCLUSIVE SELADOR ACRÍLICO E MASSA ACRÍLICA/CORRIDA (PVA)\n","M2",9.14]
[null,"ED-50502","PIN-LAT-015","PINTURA LÁTEX (PVA) EM PAREDE, DUAS (2) DEMÃOS, INCLUSIVE UMA (1) DEMÃO DE MASSA CORRIDA (PVA), EXCLUSIVE SELADOR ACRÍLICO","M2",17.75]
[null,"ED-50500","PIN-LAT-010","PINTURA LÁTEX (PVA) EM PAREDE, TRÊS (3) DEMÃOS, EXCLUSIVE SELADOR ACRÍLICO E MASSA ACRÍLICA/CORRIDA (PVA)","M2",11.68]
[null,"ED-50504","PIN-LAT-020","PINTURA LÁTEX (PVA) EM RODAPÉ OU MOLDURAS (ALTURA DE 5 CM A 7C M), EXCLUSIVE SELADOR ACRÍLICO","M",4]
[null,"ED-16659","-","PINTURA LÁTEX (PVA) EM SUPERFÍCIE DE MADEIRA, DUAS (2) DEMÃOS, EXCLUSIVE SELADOR ACRÍLICO E MASSA ACRÍLICA/CORRIDA (PVA)","M2",9.14]
[null,"ED-50499","PIN-LAT-006","PINTURA LÁTEX (PVA) EM TETO, DUAS (2) DEMÃOS, EXCLUSIVE SELADOR ACRÍLICO E MASSA ACRÍLICA/CORRIDA (PVA)","M2",10.26]
[null,"ED-50503","PIN-LAT-016","PINTURA LÁTEX (PVA) EM TETO, DUAS (2) DEMÃOS, INCLUSIVE UMA (1) DEMÃO DE MASSA CORRIDA (PVA), EXCLUSIVE SELADOR ACRÍLICO","M2",25.15]
[null,"ED-50501","PIN-LAT-011","PINTURA LÁTEX (PVA) EM TETO, TRÊS (3) DEMÃOS, EXCLUSIVE SELADOR ACRÍLICO E MASSA ACRÍLICA/CORRIDA (PVA)","M2",13.37]
[null,"ED-50518","PIN-SIN-010","PINTURA PARA SINALIZAÇÃO DE VAGA DE ESTACIONAMENTO PARA PORTADORES DE NECESSIDADES ESPECIAIS SOBRE PAVIMENTAÇÃO URBANA","U",179.32]
[null,"ED-50512","PIN-PER-010","PINTURA PRESERVATIVA COM CUPINICIDA EM MADEIRA SECA, DUAS (2) DEMÃOS","M2",14.17]
[null,"ED-50511","PIN-PER-005","PINTURA PRESERVATIVA COM CUPINICIDA EM MADEIRA SECA, DUAS (2) DEMÃOS, INCLUSIVE DUAS (2) DEMÃOS DE VERNIZ SINTÉTICO MARÍTIMO, ACABAMENTO TIPO FOSCO","M2",19.91]
[null,"ED-50516","PIN-SEL-015","PREPARAÇÃO PARA EMASSAMENTO OU PINTURA (LÁTEX/ACRÍLICA) EM PAREDE DE GESSO ACARTONADO (DRY-WALL) E FORRO DE GESSO, INCLUSIVE UMA (1) DEMÃO DE SELADOR ACRÍLICO","M2",4.03]
[null,"ED-50514","PIN-SEL-005","PREPARAÇÃO PARA EMASSAMENTO OU PINTURA (LÁTEX/ACRÍLICA) EM PAREDE, INCLUSIVE UMA (1) DEMÃO DE SELADOR ACRÍLICO","M2",4.4800000000000004]
[null,"ED-50515","PIN-SEL-010","PREPARAÇÃO PARA EMASSAMENTO OU PINTURA (LÁTEX/ACRÍLICA) EM TETO, INCLUSIVE UMA (1) DEMÃO DE SELADOR ACRÍLICO","M2",5.63]
[null,"ED-9935","-","PREPARAÇÃO PARA PINTURA (EPÓXI) EM PISO, INCLUSIVE UMA (1) DEMÃO DE PRIMER EPÓXI","M2",15.96]
[null,"ED-50523","PIN-TRA-005","TRATAMENTO EM SUPERFÍCIE DE CONCRETO APARENTE, INCLUSIVE RASPAGEM, ESTUCAGEM E POLIMENTO COM DUAS (2) DEMÃOS DE RESINA ACRÍLICA","M2",34.340000000000003]
[null,"ED-50524","PIN-TRA-006","TRATAMENTO EM SUPERFÍCIE DE CONCRETO APARENTE, INCLUSIVE RASPAGEM, ESTUCAGEM E POLIMENTO COM DUAS (2) DEMÃOS DE VERNIZ ACRÍLICO","M2",34.21]
[null,"58","-","351 - PIS-001  - PISOS"]
[null,"ED-50533","PIS-API-005","APICOAMENTO DE PISO CIMENTADO - PROFUNDIDADE ATÉ 1 CM","M2",7.05]
[null,"ED-50574","PIS-FAI-005","APLICAÇÃO DE FAIXA/FITA ADESIVA ANTIDERRAPANTE, LARGURA 50MM, EM DEGRAUS DE ESCADA, INCLUSIVE FORNECIMENTO","M",16.79]
[null,"ED-50600","PIS-LON-005","APLICAÇÃO DE LONA PRETA, ESP. 150 MICRAS, INCLUSIVE FORNECIMENTO","M2",2.2799999999999998]
[null,"ED-50579","PIS-JUN-005","APLICAÇÃO DE SELANTE, MASTIQUE ELÁSTICO, EM JUNTA DE DILAÇÃO, DIMENSÃO 20X10 MM, FATOR DE FORMA 1:2, EXCLUSIVE DELIMITADOR DE PROFUNDIDADE","M",20.260000000000002]
[null,"ED-17869","-","APLICAÇÃO DE VERNIZ, COM ACABAMENTO BRILHANTE, EM PISO DE MADEIRA TIPO TÁBUA CORRIDA, DUAS (2) DEMÃOS, INCLUSIVE RASPAGEM E CALAFETAÇÃO","M2",38.6]
[null,"ED-17868","-","APLICAÇÃO DE VERNIZ, COM ACABAMENTO BRILHANTE, EM PISO DE MADEIRA TIPO TACÃO, DUAS (2) DEMÃOS, INCLUSIVE RASPAGEM E CALAFETAÇÃO","M2",38.79]
[null,"ED-17867","-","APLICAÇÃO DE VERNIZ, COM ACABAMENTO BRILHANTE, EM PISO DE MADEIRA TIPO TACO, DUAS (2) DEMÃOS, INCLUSIVE RASPAGEM E CALAFETAÇÃO","M2",39.71]
[null,"ED-17861","-","APLICAÇÃO DE VERNIZ EM PISO DE MADEIRA, UMA (1) DEMÃO, EXCLUSIVE RASPAGEM","M2",10.33]
[null,"ED-9936","-","ARGAMASSA INDUSTRIALIZADA AUTONIVELANTE, APLICADA EM PISO, ESP. 4MM, INCLUSIVE PREPARO MANUAL DA MISTURA","M2",32.32]
[null,"ED-17864","-","CALAFETAÇÃO DE PISO DE TÁBUA CORRIDA DE MADEIRA (10CMX100CM), EXCLUSIVE APLICAÇÃO DE VERNIZ/RESINA","M2",13.64]
[null,"ED-17863","-","CALAFETAÇÃO DE PISO DE TACÃO DE MADEIRA (10CMX40CM), EXCLUSIVE APLICAÇÃO DE VERNIZ/RESINA","M2",13.83]
[null,"ED-17862","-","CALAFETAÇÃO DE PISO DE TACO DE MADEIRA (7CMX14CM), EXCLUSIVE APLICAÇÃO DE VERNIZ/RESINA","M2",14.75]
[null,"ED-50566","PIS-CON-005","CONTRAPISO DESEMPENADO COM ARGAMASSA, TRAÇO 1:3 (CIMENTO E AREIA), ESP. 20MM","M2",25.28]
[null,"ED-50567","PIS-CON-010","CONTRAPISO DESEMPENADO COM ARGAMASSA, TRAÇO 1:3 (CIMENTO E AREIA), ESP. 25MM","M2",27.6]
[null,"ED-50568","PIS-CON-015","CONTRAPISO DESEMPENADO COM ARGAMASSA, TRAÇO 1:3 (CIMENTO E AREIA), ESP. 30MM","M2",29.93]
[null,"ED-50569","PIS-CON-020","CONTRAPISO DESEMPENADO COM ARGAMASSA, TRAÇO 1:3 (CIMENTO E AREIA), ESP. 50MM","M2",41.88]
[null,"ED-50537","PIS-ARD-020","DEGRAU DE PEDRA ARDÓSIA E = 20 MM, L = 30 CM, ASSENTADO COM ARGAMASSA DE CIMENTO E AREIA SEM PENEIRAR TRAÇO 1:4, INCLUSO ESPELHO E = 15 MM, H = 20 CM","M",104.99]
[null,"ED-50575","PIS-FAI-010","FAIXA/FRISO ANTIDERRAPANTE EM PEDRA, LARGURA 50MM, EM DEGRAU DE ESCADA, EXECUÇÃO MECÂNICA","M",8.3800000000000008]
[null,"ED-50593","PIS-LAJ-022","LAJE DE TRANSIÇÃO E = 10 CM, FCK = 15 MPA USINADO (MECANIZADO), INCLUSIVE TELA 0,97 KG/M2 E ACABAMENTO NIVEL ZERO","M2",88.68]
[null,"ED-50597","PIS-LAJ-026","LAJE DE TRANSIÇÃO E = 10 CM, FCK = 18 MPA USINADO (MECANIZADO), INCLUSIVE TELA 0,97 KG/M2 E ACABAMENTO NIVEL ZERO","M2",94.74]
[null,"ED-50594","PIS-LAJ-023","LAJE DE TRANSIÇÃO E = 11 CM, FCK = 15 MPA USINADO (MECANIZADO), INCLUSIVE TELA 0,97 KG/M2 E ACABAMENTO NIVEL ZERO","M2",97.89]
[null,"ED-50595","PIS-LAJ-024","LAJE DE TRANSIÇÃO E = 12 CM, FCK = 15 MPA USINADO (MECANIZADO), INCLUSIVE TELA 0,97 KG/M2 E ACABAMENTO NIVEL ZERO","M2",101.85]
[null,"ED-50598","PIS-LAJ-027","LAJE DE TRANSIÇÃO E = 12 CM, FCK = 18 MPA USINADO (MECANIZADO), INCLUSIVE TELA 0,97 KG/M2 E ACABAMENTO NIVEL ZERO","M2",102.83]
[null,"ED-50588","PIS-LAJ-005","LAJE DE TRANSIÇÃO E = 5 CM, SEM JUNTA, FCK = 10 MPA (MANUAL)","M2",37.54]
[null,"ED-50589","PIS-LAJ-010","LAJE DE TRANSIÇÃO E = 6 CM, SEM JUNTA, FCK = 10 MPA (MANUAL)","M2",41.78]
[null,"ED-50591","PIS-LAJ-020","LAJE DE TRANSIÇÃO E = 8 CM, FCK = 15 MPA USINADO (MECANIZADO), INCLUSIVE TELA 0,97 KG/M2 E ACABAMENTO NIVEL ZERO","M2",86.01]
[null,"ED-50596","PIS-LAJ-025","LAJE DE TRANSIÇÃO E = 8 CM, FCK = 18 MPA USINADO (MECANIZADO), INCLUSIVE TELA 0,97 KG/M2 E ACABAMENTO NIVEL ZERO","M2",86.66]
[null,"ED-50599","PIS-LAJ-028","LAJE DE TRANSIÇÃO E = 8 CM, FCK = 20 MPA USINADO (MECANIZADO), INCLUSIVE TELA 0,97 KG/M2 E ACABAMENTO NIVEL ZERO","M2",87.41]
[null,"ED-50590","PIS-LAJ-015","LAJE DE TRANSIÇÃO E = 8 CM, SEM JUNTA, FCK = 10 MPA (MANUAL)","M2",53.1]
[null,"ED-50592","PIS-LAJ-021","LAJE DE TRANSIÇÃO E = 9 CM, FCK = 15 MPA USINADO (MECANIZADO), INCLUSIVE TELA 0,97 KG/M2 E ACABAMENTO NIVEL ZERO","M2",89.96]
[null,"ED-50617","PIS-MIT-025","LIMPEZA E POLIMENTO DE PISO GRANILITE/MARMORITE, EXCLUSIVE RESINA","M2",23]
[null,"ED-50541","PIS-CER-005","PISO CERÂMICO VERMELHO NATURAL 24 X 5,2 CM, ASSENTADO COM ARGAMASSA PRÉ-FABRICADA, INCLUSIVE REJUNTAMENTO","M2",82.93]
[null,"ED-50563","PIS-CIM-100","PISO CIMENTADO COM ARGAMASSA, TRAÇO 1:3 (CIMENTO E AREIA), COM ADITIVO IMPERMEABILIZANTE, ESP. 25MM, ACABAMENTO DESEMPENADO E FELTRADO","M2",32.950000000000003]
[null,"ED-50547","PIS-CIM-015","PISO CIMENTADO COM ARGAMASSA, TRAÇO 1:3 (CIMENTO E AREIA), ESP. 25MM, ACABAMENTO DESEMPENADO E FELTRADO, MODULAÇÃO DE 100X100CM, INCLUSIVE JUNTA PLÁSTICA","M2",38.25]
[null,"ED-50545","PIS-CIM-005","PISO CIMENTADO COM ARGAMASSA, TRAÇO 1:3 (CIMENTO E AREIA), ESP. 25MM, ACABAMENTO DESEMPENADO E FELTRADO, MODULAÇÃO DE 200X200CM, INCLUSIVE JUNTA PLÁSTICA","M2",37.479999999999997]
[null,"ED-50549","PIS-CIM-025","PISO CIMENTADO COM ARGAMASSA, TRAÇO 1:3 (CIMENTO E AREIA), ESP. 25MM, ACABAMETNO DESEMPENADO E FELTRADO, MODULAÇÃO DE 60X60CM, INCLUSIVE JUNTA PLÁSTICA","M2",39.369999999999997]
[null,"ED-50548","PIS-CIM-020","PISO CIMENTADO COM ARGAMASSA, TRAÇO 1:3 (CIMENTO E AREIA), ESP. 30MM, ACABAMENTO DESEMPENADO E FELTRADO, MODULAÇÃO DE 100X100CM, INCLUSIVE JUNTA PLÁSTICA","M2",42.27]
[null,"ED-50546","PIS-CIM-010","PISO CIMENTADO COM ARGAMASSA, TRAÇO 1:3 (CIMENTO E AREIA), ESP. 30MM, ACABAMENTO DESEMPENADO E FELTRADO, MODULAÇÃO DE 200X200CM, INCLUSIVE JUNTA PLÁSTICA","M2",41.5]
[null,"ED-50550","PIS-CIM-030","PISO CIMENTADO COM ARGAMASSA, TRAÇO 1:3 (CIMENTO E AREIA), ESP. 30MM, ACABAMENTO DESEMPENADO E FELTRADO, MODULAÇÃO DE 60X60CM, INCLUSIVE JUNTA PLÁSTICA","M2",43.39]
[null,"ED-50551","PIS-CIM-035","PISO CIMENTADO COM ARGAMASSA, TRAÇO 1:3 (CIMENTO E AREIA), ESP. 50MM, ACABAMENTO DESEMPENADO E FELTRADO, MODULAÇÃO DE 100X100CM, INCLUSIVE JUNTA PLÁSTICA","M2",54.92]
[null,"ED-50564","PIS-CIM-105","PISO CIMENTADO COM PIGMENTAÇÃO COLORIDA, DESEMPENADO E FELTRADO COM ARGAMASSA, TRAÇO 1:3 (CIMENTO E AREIA), ESP. 30MM, ACABAMENTO DESEMPENADO E FELTRADO, SEM JUNTA DE DILATAÇÃO","M2",38.49]
[null,"ED-50552","PIS-CIM-040","PISO CIMENTADO NATADO COM ARGAMASSA, TRAÇO 1:3 (CIMENTO E AREIA), ESP. 20MM, ACABAMENTO QUEIMADO, SEM JUNTA DE DILATAÇÃO","M2",29.61]
[null,"ED-50558","PIS-CIM-075","PISO CIMENTADO NATADO COM ARGAMASSA, TRAÇO 1:3 (CIMENTO E AREIA), ESP. 25MM, ACABAMENTO QUEIMADO, MODULAÇÃO DE 100X100CM, INCLUSIVE JUNTA PLÁSTICA ","M2",40.07]
[null,"ED-50556","PIS-CIM-065","PISO CIMENTADO NATADO COM ARGAMASSA, TRAÇO 1:3 (CIMENTO E AREIA), ESP. 25MM, ACABAMENTO QUEIMADO, MODULAÇÃO DE 200X200CM, INCLUSIVE JUNTA PLÁSTICA ","M2",39.299999999999997]
[null,"ED-50560","PIS-CIM-085","PISO CIMENTADO NATADO COM ARGAMASSA, TRAÇO 1:3 (CIMENTO E AREIA), ESP. 25MM, ACABAMENTO QUEIMADO, MODULAÇÃO DE 60X60CM, INCLUSIVE JUNTA PLÁSTICA ","M2",41.19]
[null,"ED-50553","PIS-CIM-045","PISO CIMENTADO NATADO COM ARGAMASSA, TRAÇO 1:3 (CIMENTO E AREIA), ESP. 25MM, ACABAMENTO QUEIMADO, SEM JUNTA DE DILATAÇÃO","M2",31.93]
[null,"ED-50559","PIS-CIM-080","PISO CIMENTADO NATADO COM ARGAMASSA, TRAÇO 1:3 (CIMENTO E AREIA), ESP. 30MM, ACABAMENTO QUEIMADO, MODULAÇÃO DE 100X100CM, INCLUSIVE JUNTA PLÁSTICA ","M2",43.84]
[null,"ED-50557","PIS-CIM-070","PISO CIMENTADO NATADO COM ARGAMASSA, TRAÇO 1:3 (CIMENTO E AREIA), ESP. 30MM, ACABAMENTO QUEIMADO, MODULAÇÃO DE 200X200CM, INCLUSIVE JUNTA PLÁSTICA ","M2",43.07]
[null,"ED-50561","PIS-CIM-090","PISO CIMENTADO NATADO COM ARGAMASSA, TRAÇO 1:3 (CIMENTO E AREIA), ESP. 30MM, ACABAMENTO QUEIMADO, MODULAÇÃO DE 60X60CM, INCLUSIVE JUNTA PLÁSTICA ","M2",44.96]
[null,"ED-50554","PIS-CIM-050","PISO CIMENTADO NATADO COM ARGAMASSA, TRAÇO 1:3 (CIMENTO E AREIA), ESP. 30MM, ACABAMENTO QUEIMADO, SEM JUNTA DE DILATAÇÃO","M2",34.26]
[null,"ED-50562","PIS-CIM-095","PISO CIMENTADO NATADO COM ARGAMASSA, TRAÇO 1:3 (CIMENTO E AREIA), ESP. 50MM, ACABAMENTO QUEIMADO, MODULAÇÃO DE 60X60CM, INCLUSIVE JUNTA PLÁSTICA ","M2",57.68]
[null,"ED-50555","PIS-CIM-060","PISO CIMENTADO NATADO COM ARGAMASSA, TRAÇO 1:3 (CIMENTO E AREIA), ESP. 50MM, ACABAMENTO QUEIMADO, SEM JUNTA DE DILATAÇÃO","M2",47.6]
[null,"ED-50631","PIS-TIJ-005","PISO COM TIJOLO CERÂMICO MACIÇO PRENSADO, ASSENTAMENTO COM ARGAMASSA SECA, TRAÇO 1:4 (CIMENTO E AREIA), INCLUSIVE REJUNTAMENTO COM ARGAMASSA SECA DE TRAÇO 1:4 (CIMENTO E AREIA), FORNECIMENTO E INSTALAÇÃO","M2",54.08]
[null,"ED-50573","PIS-CON-035","PISO EM CONCRETO FCK = 20 MPA COM 25 KG DE DRAMIX/M3","M3",2323.06]
[null,"ED-9317","-","PISO EM CONCRETO, PREPARADO EM OBRA COM BETONEIRA, FCK 10MPA, SEM ARMAÇÃO, ACABAMENTO RÚSTICO, ESP. 5CM, INCLUSIVE FORNECIMENTO, LANÇAMENTO, ADENSAMENTO, SARRAFEAMENTO, EXCLUSIVE JUNTA DE DILATAÇÃO","M2",37.54]
[null,"ED-50571","PIS-CON-025","PISO EM CONCRETO, PREPARADO EM OBRA COM BETONEIRA, FCK 13,5MPA, SEM ARMAÇÃO, ACABAMENTO RÚSTICO, ESP. 8CM, INCLUSIVE FORNECIMENTO, LANÇAMENTO, ADENSAMENTO, SARRAFEAMENTO, EXCLUSIVE JUNTA DE DILATAÇÃO","M2",59.04]
[null,"ED-9320","-","PISO EM CONCRETO, USINADO CONVENCIONAL, FCK 15MPA, COM TELA SOLDADA NERVURADA TIPO Q-138, ACABAMENTO POLÍDO EM NÍVEL ZERO, ESP. 10CM, INCLUSIVE FORNECIMENTO, LANÇAMENTO, ADENSAMENTO, EXCLUSIVE JUNTA DE DILATAÇÃO","M2",87.74]
[null,"ED-9321","-","PISO EM CONCRETO, USINADO CONVENCIONAL, FCK 15MPA, COM TELA SOLDADA NERVURADA TIPO Q-138, ACABAMENTO POLÍDO EM NÍVEL ZERO, ESP. 12CM, INCLUSIVE FORNECIMENTO, LANÇAMENTO, ADENSAMENTO, EXCLUSIVE JUNTA DE DILATAÇÃO","M2",94.62]
[null,"ED-9319","-","PISO EM CONCRETO, USINADO CONVENCIONAL, FCK 15MPA, COM TELA SOLDADA NERVURADA TIPO Q-61, ACABAMENTO POLIDO EM NÍVEL ZERO, ESP. 5CM, INCLUSIVE FORNECIMENTO, LANÇAMENTO, ADENSAMENTO, EXCLUSIVE JUNTA DE DILATAÇÃO","M2",70.17]
[null,"ED-9318","-","PISO EM CONCRETO, USINADO CONVENCIONAL, FCK 15MPA, SEM ARMAÇÃO, ACABAMENTO RÚSTICO, ESP. 5CM, INCLUSIVE FORNECIMENTO, LANÇAMENTO, ADENSAMENTO, SARRAFEAMENTO, EXCLUSIVE JUNTA DE DILATAÇÃO","M2",41.09]
[null,"ED-50572","PIS-CON-030","PISO EM CONCRETO, USINADO CONVENCIONAL, FCK 30MPA, COM AÇO CA-50 DIÂMETRO 6,3MM MALHA 10X10CM, ACABAMENTO RÚSTICO, ESP. 15CM, INCLUSIVE FORNECIMENTO, LANÇAMENTO, ADENSAMENTO, EXCLUSIVE JUNTA DE DILATAÇÃO","M2",148.13999999999999]
[null,"ED-50616","PIS-MIT-020","PISO EM GRANILITE/MARMORITE, ESP. 8MM, ACABAMENTO LAVADO TIPO FULGET, COR NATURAL, MODULAÇÃO DE 1X1M, INCLUSO JUNTA PLÁSTICA","M2",64.709999999999994]
[null,"ED-50615","PIS-MIT-015","PISO EM GRANILITE/MARMORITE, ESP. 8MM, ACABAMENTO LAVADO TIPO FULGET, COR VERMELHA, MODULAÇÃO DE 1X1M, INCLUSO JUNTA PLÁSTICA","M2",64.709999999999994]
[null,"ED-50614","PIS-MIT-011","PISO EM GRANILITE/MARMORITE, ESP. 8MM, ACABAMENTO POLIDO, COR BRANCA, MODULAÇÃO DE 1X1M, INCLUSIVE JUNTA ALUMÍNIO, RESINA E POLIMENTO MECANIZADO","M2",99]
[null,"ED-50613","PIS-MIT-010","PISO EM GRANILITE/MARMORITE, ESP. 8MM, ACABAMENTO POLIDO, COR BRANCA, MODULAÇÃO DE 1X1M, INCLUSIVE JUNTA PLÁSTICA, RESINA E POLIMENTO MECANIZADO","M2",97.31]
[null,"ED-50612","PIS-MIT-006","PISO EM GRANILITE/MARMORITE, ESP. 8MM, ACABAMENTO POLIDO, COR CINZA, MODULAÇÃO DE 1X1M, INCLUSIVE JUNTA ALUMÍNIO, RESINA E POLIMENTO MECANIZADO","M2",79.400000000000006]
[null,"ED-50611","PIS-MIT-005","PISO EM GRANILITE/MARMORITE, ESP. 8MM, ACABAMENTO POLIDO, COR CINZA, MODULAÇÃO DE 1X1M, INCLUSIVE JUNTA PLÁSTICA, RESINA E POLIMENTO MECANIZADO","M2",77.709999999999994]
[null,"ED-50539","PIS-CAL-005","PISO EM PEDRA PORTUGUESA, INCLUSIVE FORNECIMENTO E PREPARO MECÂNICO DE ARGAMASSA SECA, TIPO FAROFA, PARA ASSENTAMENTO EM COLCHÃO DE AREIA E CIMENTO, ESP. 6CM, REJUNTAMENTO E ACABAMENTO","M2",86.34]
[null,"ED-50578","PIS-IAR-010","PISO INDUSTRIAL COM ARGAMASSA DE ALTA RESISTÊNCIA, COR BRANCA, ESP. 8MM, ACABAMENTO POLIDO, MODULAÇÃO  DE 1X1M, INCLUSIVE JUNTA PLÁSTICA E POLIMENTO MECANIZADO, EXCLUSIVE RESINA","M2",81.540000000000006]
[null,"ED-50577","PIS-IAR-005","PISO INDUSTRIAL COM ARGAMASSA DE ALTA RESISTÊNCIA, COR CINZA, ESP. 8MM, ACABAMENTO POLIDO, MODULAÇÃO  DE 1X1M, INCLUSIVE JUNTA PLÁSTICA E POLIMENTO MECANIZADO, EXCLUSIVE RESINA","M2",69.58]
[null,"ED-50629","PIS-TAT-017","PISO PODOTÁTIL DE BORRACHA, ALERTA, ESP. 12MM, COLORIDA, ASSENTAMENTO COM ARGAMASSA, TRAÇO 1:4 (CIMENTO E AREIA), INCLUSIVE FORNECIMENTO E INSTALAÇÃO","M2",191.26]
[null,"ED-50630","PIS-TAT-08","PISO PODOTÁTIL DE BORRACHA, ALERTA, ESP. 12MM, COR PRETA, ASSENTAMENTO COM ARGAMASSA, TRAÇO 1:4 (CIMENTO E AREIA), INCLUSIVE FORNECIMENTO E INSTALAÇÃO","M2",191.26]
[null,"ED-50627","PIS-TAT-015","PISO PODOTÁTIL DE BORRACHA, ALERTA, ESP. 5MM, COLORIDA, ASSENTAMENTO COM COLA DE CONTATO, INCLUSIVE FORNECIMENTO E INSTALAÇÃO","M2",125.03]
[null,"ED-50628","PIS-TAT-016","PISO PODOTÁTIL DE BORRACHA, ALERTA, ESP. 5MM, COR PRETA, ASSENTAMENTO COM COLA DE CONTATO, INCLUSIVE FORNECIMENTO E INSTALAÇÃO","M2",125.03]
[null,"ED-50626","PIS-TAT-008","PISO PODOTÁTIL DE BORRACHA, DIRECIONAL, ESP. 12MM, COLORIDA, ASSENTAMENTO COM ARGAMASSA, TRAÇO 1:4 (CIMENTO E AREIA), INCLUSIVE FORNECIMENTO E INSTALAÇÃO","M2",191.26]
[null,"ED-50625","PIS-TAT-007","PISO PODOTÁTIL DE BORRACHA, DIRECIONAL, ESP. 12MM, COR PRETA, ASSENTAMENTO COM ARGAMASSA, TRAÇO 1:4 (CIMENTO E AREIA), INCLUSIVE FORNECIMENTO E INSTALAÇÃO","M2",191.26]
[null,"ED-50624","PIS-TAT-006","PISO PODOTÁTIL DE BORRACHA, DIRECIONAL, ESP. 5MM, COLORIDA, ASSENTAMENTO COM COLA DE CONTATO, INCLUSIVE FORNECIMENTO E INSTALAÇÃO","M2",125.03]
[null,"ED-50623","PIS-TAT-005","PISO PODOTÁTIL DE BORRACHA, DIRECIONAL, ESP. 5MM, COR PRETA, ASSENTAMENTO COM COLA DE CONTATO, INCLUSIVE FORNECIMENTO E INSTALAÇÃO","M2",125.03]
[null,"ED-15226","-","PISO PODOTÁTIL DE CONCRETO, ALERTA, APLICADO EM PISO (20X20CM) COM JUNTA SECA, COR VERMELHO/AMARELO, ASSENTAMENTO COM ARGAMASSA INDUSTRIALIZADA, INCLUSIVE FORNECIMENTO E INSTALAÇÃO","M2",61.62]
[null,"ED-50586","PIS-LAD-035","PISO PODOTÁTIL DE CONCRETO, ALERTA, APLICADO EM PISO (40X40CM) COM JUNTA SECA, COR VERMELHO/AMARELO, ASSENTAMENTO COM ARGAMASSA INDUSTRIALIZADA, INCLUSIVE FORNECIMENTO E INSTALAÇÃO","M2",72.7]
[null,"ED-15227","-","PISO PODOTÁTIL DE CONCRETO, DIRECIONAL, APLICADO EM PISO (20X20CM) COM JUNTA SECA, COR VERMELHO/AMARELO, ASSENTAMENTO COM ARGAMASSA INDUSTRIALIZADA, INCLUSIVE FORNECIMENTO E INSTALAÇÃO","M2",61.62]
[null,"ED-50587","PIS-LAD-040","PISO PODOTÁTIL DE CONCRETO, DIRECIONAL, APLICADO EM PISO (40X40CM) COM JUNTA SECA, COR VERMELHO/AMARELO, ASSENTAMENTO COM ARGAMASSA INDUSTRIALIZADA, INCLUSIVE FORNECIMENTO E INSTALAÇÃO","M2",72.7]
[null,"ED-50538","PIS-BOR-005","PLACA DE BORRACHA 500 X 500 X 3,5 MM PASTILHADO PARA COLA PRETO","M2",48.02]
[null,"ED-50632","PIS-VIN-005","PLACA VINÍLICA 30 X 30 CM E = 2 MM","M2",51]
[null,"ED-50619","PIS-POL-010","POLIMENTO MECÂNICO DE PISO EM CONCRETO COM NIVELAMENTO A LASER (NÍVEL ZERO)","M2",14.5]
[null,"ED-17859","-","RASPAGEM EM PISO DE MADEIRA, EXCLUSIVE CALAFETAÇÃO","M2",4.3]
[null,"ED-50540","PIS-CAL-010","REMOÇÃO E REASSENTAMENTO DE CALÇADA PORTUGUESA","M2",27.31]
[null,"ED-50534","PIS-ARD-005","REVESTIMENTO COM ARDÓSIA APLICADO EM PISO (20X20CM), ESP. 1CM, ACABAMENTO NATURAL, ASSENTAMENTO COM ARGAMASSA INDUSTRIALIZADA, INCLUSIVE REJUNTAMENTO","M2",37.22]
[null,"ED-50535","PIS-ARD-010","REVESTIMENTO COM ARDÓSIA APLICADO EM PISO (30X30CM), ESP. 1CM, ACABAMENTO NATURAL, ASSENTAMENTO COM ARGAMASSA INDUSTRIALIZADA, INCLUSIVE REJUNTAMENTO","M2",37.96]
[null,"ED-50536","PIS-ARD-015","REVESTIMENTO COM ARDÓSIA APLICADO EM PISO (40X40CM), ESP. 1CM, ACABAMENTO NATURAL, ASSENTAMENTO COM ARGAMASSA INDUSTRIALIZADA, INCLUSIVE REJUNTAMENTO","M2",39.01]
[null,"ED-50544","PIS-CER-020","REVESTIMENTO COM CERÂMICA APLICADO EM PISO, ACABAMENTO ESMALTADO, AMBIENTE EXTERNO (ANTIDERRAPANTE), PADRÃO EXTRA, DIMENSÃO DA PEÇA ATÉ 2025 CM2, PEI IV, ASSENTAMENTO COM ARGAMASSA INDUSTRIALIZADA, INCLUSIVE REJUNTAMENTO","M2",55.81]
[null,"ED-50543","PIS-CER-015","REVESTIMENTO COM CERÂMICA APLICADO EM PISO, ACABAMENTO ESMALTADO, AMBIENTE EXTERNO (ANTIDERRAPANTE), PADRÃO EXTRA, DIMENSÃO DA PEÇA ATÉ 2025 CM2, PEI V, ASSENTAMENTO COM ARGAMASSA INDUSTRIALIZADA, INCLUSIVE REJUNTAMENTO","M2",53.26]
[null,"ED-50542","PIS-CER-010","REVESTIMENTO COM CERÂMICA APLICADO EM PISO, ACABAMENTO ESMALTADO, AMBIENTE INTERNO, PADRÃO EXTRA, DIMENSÃO DA PEÇA ATÉ 2025 CM2, PEI V, ASSENTAMENTO COM ARGAMASSA INDUSTRIALIZADA, INCLUSIVE REJUNTAMENTO","M2",70.56]
[null,"ED-50576","PIS-GRA-005","REVESTIMENTO COM GRANITO, CINZA ANDORINHA, APLICADO EM PISO, ESP. 2CM, DIMENSÃO DA PEÇA ATÉ 1600 CM2, ASSENTAMENTO COM ARGAMASSA INDUSTRIALIZADA, INCLUSIVE REJUNTAMENTO","M2",202.38]
[null,"ED-50582","PIS-LAD-015","REVESTIMENTO COM LADRILHO HIDRÁULICO APLICADO EM PISO (20X20CM) COM JUNTA SECA, COM DUAS (2) CORES, ASSENTAMENTO COM ARGAMASSA INDUSTRIALIZADA","M2",74.88]
[null,"ED-50581","PIS-LAD-010","REVESTIMENTO COM LADRILHO HIDRÁULICO APLICADO EM PISO (20X20CM) COM JUNTA SECA, COM UMA (1) COR, ASSENTAMENTO COM ARGAMASSA INDUSTRIALIZADA","M2",72.78]
[null,"ED-50580","PIS-LAD-005","REVESTIMENTO COM LADRILHO HIDRÁULICO APLICADO EM PISO (20X20CM) COM JUNTA SECA, NA COR NATURAL, ASSENTAMENTO COM ARGAMASSA INDUSTRIALIZADA","M2",55.46]
[null,"ED-50585","PIS-LAD-030","REVESTIMENTO COM LADRILHO HIDRÁULICO APLICADO EM PISO (25X25CM) COM JUNTA SECA, COM DUAS (2) CORES, ASSENTAMENTO COM ARGAMASSA INDUSTRIALIZADA","M2",81.709999999999994]
[null,"ED-50584","PIS-LAD-025","REVESTIMENTO COM LADRILHO HIDRÁULICO APLICADO EM PISO (25X25CM) COM JUNTA SECA, COM UMA (1) COR, ASSENTAMENTO COM ARGAMASSA INDUSTRIALIZADA","M2",76.459999999999994]
[null,"ED-50583","PIS-LAD-020","REVESTIMENTO COM LADRILHO HIDRÁULICO APLICADO EM PISO (25X25CM) COM JUNTA SECA, NA COR NATURAL, ASSENTAMENTO COM ARGAMASSA INDUSTRIALIZADA","M2",58.08]
[null,"ED-50609","PIS-MAR-005","REVESTIMENTO COM MÁRMORE BRANCO APLICADO EM PISO, ESP. 2CM, ASSENTAMENTO COM ARGAMASSA INDUSTRIALIZADA, INCLUSIVE REJUNTAMENTO","M2",185.43]
[null,"ED-50610","PIS-MAR-010","REVESTIMENTO COM MÁRMORE BRANCO APLICADO EM PISO, ESP. 3CM, ASSENTAMENTO COM ARGAMASSA INDUSTRIALIZADA, INCLUSIVE REJUNTAMENTO","M2",237.6]
[null,"ED-50621","PIS-SOC-005","SÓCULO COM ENCHIMENTO EM TIJOLOS MACIÇOS, ALTURA  DE 10CM À 12CM, INCLUSIVE ACABAMENTO FINAL EM ARGAMASSA, ESP. 20MM, APLICAÇÃO MANUAL","M2",57.99]
[null,"ED-50622","PIS-SOL-006","SOLEIRA DE MARMORITE, COR CIMENTO NATURAL, E = 3 CM","M2",75.290000000000006]
[null,"ED-50604","PIS-MAD-008","TACÃO DE MADEIRA IPÊ EXTRA 10 X 40 CM ASSENTADO COM COLA ESPECIAL A BASE DE PVA","M2",100.48]
[null,"ED-50602","PIS-MAD-006","TACO DE MADEIRA IPÊ EXTRA 7 X 21 CM ASSENTADO COM COLA ESPECIAL A BASE DE PVA","M2",85.04]
[null,"59","-","352 - PLA-001  - PLACAS"]
[null,"ED-50645","PLA-LAT-005","CHAPAS DE LATÃO PERFURADO PARA NUMERAÇÃO DE CHAVES","U",7.19]
[null,"ED-50641","PLA-ALU-040","CHAPINHA DE ALUMÍNIO, D = 3 CM COM NÚMERO IMPRESSO E IDENTIFICAÇÃO DE CHAVE","U",7.56]
[null,"ED-50642","PLA-ALU-045","PLACA DE ALUMÍNIO ANODIZADO 25 X 25 CM PARA IDENTIFICAÇÃO","U",42.21]
[null,"ED-50636","PLA-ALU-015","PLACA DE ALUMÍNIO FUNDIDO COM DENOMINAÇÃO DE CÔMODOS, 20 X 5 CM","U",46.27]
[null,"ED-50637","PLA-ALU-020","PLACA DE ALUMÍNIO FUNDIDO COM DENOMINAÇÃO DE CÔMODOS, 21 X 4 CM","U",44.58]
[null,"ED-50638","PLA-ALU-025","PLACA DE ALUMÍNIO FUNDIDO COM NOME DO PRÉDIO, AFIXADA EM PAREDE (0,39 M2)","U",741.8]
[null,"ED-50639","PLA-ALU-030","PLACA DE ALUMÍNIO FUNDIDO DE NUMERAÇÃO DE PORTAS, 3 X 3 CM","U",13.98]
[null,"ED-50640","PLA-ALU-035","PLACA DE ALUMÍNIO FUNDIDO DE NUMERAÇÃO DE PORTAS, 5 X 5 CM","U",13.98]
[null,"ED-50634","PLA-ALU-005","PLACA DE INAUGURAÇÃO EM ALUMÍNIO FUNDIDO, 60 X 40 CM","U",600.61]
[null,"ED-50635","PLA-ALU-010","PLACA DE INAUGURAÇÃO EM ALUMÍNIO FUNDIDO 85 X 50 CM","CJ",847.49]
[null,"ED-50643","PLA-ALU-050","PLACA EM ALUMÍNIO ANODIZADO 70 X 61 CM, FIXADA TUBO DE METALON","U",183.73]
[null,"ED-50644","PLA-ALU-055","PLACA EM ALUMÍNIO 15 X 15 CM, COM PICTOGRAMA EM PELÍCULA ADESIVA","U",54.21]
[null,"ED-50633","PLA-ACO-005","PLACA EM CHAPA DE AÇO ESCOVADO 25 X 12 CM, E = 1 MM","U",64.17]
[null,"60","-","353 - PLU-001  - ÁGUAS PLUVIAIS"]
[null,"ED-50671","PLU-DRE-005","BUZINOTE PARA LAJES - DRENO COM TUBO DE 2\" EMBUTIDO NO CONCRETO","M",26.44]
[null,"ED-50653","PLU-CAL-030","CALHA DE CHAPA GALVANIZADA Nº. 22 GSG, DESENVOLVIMENTO = 100 CM","M",98.29]
[null,"ED-50648","PLU-CAL-005","CALHA DE CHAPA GALVANIZADA Nº. 22 GSG, DESENVOLVIMENTO = 33 CM","M",51.7]
[null,"ED-50649","PLU-CAL-010","CALHA DE CHAPA GALVANIZADA Nº. 22 GSG, DESENVOLVIMENTO = 40 CM","M",62.29]
[null,"ED-50650","PLU-CAL-015","CALHA DE CHAPA GALVANIZADA Nº. 22 GSG, DESENVOLVIMENTO = 50 CM","M",67.69]
[null,"ED-50651","PLU-CAL-020","CALHA DE CHAPA GALVANIZADA Nº. 22 GSG, DESENVOLVIMENTO = 66 CM","M",76.400000000000006]
[null,"ED-50652","PLU-CAL-025","CALHA DE CHAPA GALVANIZADA Nº. 22 GSG, DESENVOLVIMENTO = 75 CM","M",81.39]
[null,"ED-50660","PLU-CAL-060","CALHA DE CHAPA GALVANIZADA Nº. 24 GSG, DESENVOLVIMENTO = 100 CM","M",88.39]
[null,"ED-50654","PLU-CAL-035","CALHA DE CHAPA GALVANIZADA Nº. 24 GSG, DESENVOLVIMENTO = 33 CM","M",48.43]
[null,"ED-50655","PLU-CAL-040","CALHA DE CHAPA GALVANIZADA Nº. 24 GSG, DESENVOLVIMENTO = 40 CM","M",58.29]
[null,"ED-50656","PLU-CAL-045","CALHA DE CHAPA GALVANIZADA Nº. 24 GSG, DESENVOLVIMENTO = 50 CM","M",62.74]
[null,"ED-50657","PLU-CAL-046","CALHA DE CHAPA GALVANIZADA Nº. 24 GSG, DESENVOLVIMENTO = 60 CM","M",64.77]
[null,"ED-50658","PLU-CAL-050","CALHA DE CHAPA GALVANIZADA Nº. 24 GSG, DESENVOLVIMENTO = 66 CM","M",69.87]
[null,"ED-50659","PLU-CAL-055","CALHA DE CHAPA GALVANIZADA Nº. 24 GSG, DESENVOLVIMENTO = 75 CM","M",73.88]
[null,"ED-50666","PLU-CAL-090","CALHA DE CHAPA GALVANIZADA Nº. 26 GSG, DESENVOLVIMENTO = 100 CM","M",79.48]
[null,"ED-50661","PLU-CAL-065","CALHA DE CHAPA GALVANIZADA Nº. 26 GSG, DESENVOLVIMENTO = 33 CM","M",45.48]
[null,"ED-50662","PLU-CAL-070","CALHA DE CHAPA GALVANIZADA Nº. 26 GSG, DESENVOLVIMENTO = 40 CM","M",54.72]
[null,"ED-50663","PLU-CAL-075","CALHA DE CHAPA GALVANIZADA Nº. 26 GSG, DESENVOLVIMENTO = 50 CM","M",58.29]
[null,"ED-50664","PLU-CAL-080","CALHA DE CHAPA GALVANIZADA Nº. 26 GSG, DESENVOLVIMENTO = 66 CM","M",63.98]
[null,"ED-50665","PLU-CAL-085","CALHA DE CHAPA GALVANIZADA Nº. 26 GSG, DESENVOLVIMENTO = 75 CM","M",67.2]
[null,"ED-50667","PLU-CHA-005","CHAPIM METÁLICO, COM PINGADEIRA, CHAPA GALVANIZADA Nº 24, DESENVOLVIMENTO = 35 CM","M",52.17]
[null,"ED-50668","PLU-CON-005","CONDUTOR DE AP DO TELHADO EM TUBO PVC ESGOTO, INCLUSIVE CONEXÕES E SUPORTES, 100 MM","M",64.27]
[null,"ED-50669","PLU-CON-006","CONDUTOR DE AP DO TELHADO EM TUBO PVC ESGOTO, INCLUSIVE CONEXÕES E SUPORTES, 75 MM","M",60.34]
[null,"ED-50670","PLU-CON-010","CONDUTOR EM AÇO GALVANIZADO 100 MM","M",196.48]
[null,"ED-50673","PLU-GRE-010","GRELHA HEMISFÉRICA DE FERRO FUNDIDO Ø 100 MM (4\")","U",32.6]
[null,"ED-50674","PLU-GRE-015","GRELHA HEMISFÉRICA DE FERRO FUNDIDO Ø 150 MM (6\")","U",49.58]
[null,"ED-50672","PLU-GRE-005","GRELHA HEMISFÉRICA DE FERRO FUNDIDO Ø 75 MM (3\")","U",30.57]
[null,"ED-50675","PLU-RUF-005","RUFO E CONTRA-RUFO DE CHAPA GALVANIZADA Nº. 24, DESENVOLVIMENTO = 15 CM","M",24.29]
[null,"ED-50676","PLU-RUF-010","RUFO E CONTRA-RUFO DE CHAPA GALVANIZADA Nº. 24, DESENVOLVIMENTO = 20 CM","M",26.52]
[null,"ED-50677","PLU-RUF-015","RUFO E CONTRA-RUFO DE CHAPA GALVANIZADA Nº. 24, DESENVOLVIMENTO = 25 CM","M",28.75]
[null,"ED-50678","PLU-RUF-020","RUFO E CONTRA-RUFO DE CHAPA GALVANIZADA Nº. 24, DESENVOLVIMENTO = 33 CM","M",32.31]
[null,"ED-50679","PLU-RUF-025","RUFO E CONTRA-RUFO DE CHAPA GALVANIZADA Nº. 24, DESENVOLVIMENTO = 50 CM","M",39.880000000000003]
[null,"ED-50680","PLU-RUF-030","RUFO E CONTRA-RUFO DE CHAPA GALVANIZADA Nº. 24, DESENVOLVIMENTO = 60 CM","M",44.34]
[null,"ED-50681","PLU-RUF-035","RUFO E CONTRA-RUFO DE CHAPA GALVANIZADA Nº. 24, DESENVOLVIMENTO = 70 CM","M",48.79]
[null,"ED-50682","PLU-RUF-040","RUFO E CONTRA-RUFO DE CHAPA GALVANIZADA Nº. 26, DESENVOLVIMENTO = 15 CM","M",22.95]
[null,"ED-50683","PLU-RUF-045","RUFO E CONTRA-RUFO DE CHAPA GALVANIZADA Nº. 26, DESENVOLVIMENTO = 20 CM","M",24.73]
[null,"ED-50684","PLU-RUF-050","RUFO E CONTRA-RUFO DE CHAPA GALVANIZADA Nº. 26, DESENVOLVIMENTO = 25 CM","M",26.52]
[null,"ED-50685","PLU-RUF-055","RUFO E CONTRA-RUFO DE CHAPA GALVANIZADA Nº. 26, DESENVOLVIMENTO = 33 CM","M",29.36]
[null,"61","-","354 - PRA-001  - PRATELEIRA"]
[null,"ED-50688","PRA-ARD-010","PRATELEIRA DE ARDÓSIA E = 2 CM APOIADA EM CONSOLE DE METALON 20 X 30 MM","M2",169.51]
[null,"ED-50687","PRA-ARD-005","PRATELEIRA DE ARDÓSIA E = 2 CM EMBUTIDA EM PAREDE","M2",162.27000000000001]
[null,"ED-50690","PRA-CON-010","PRATELEIRA DE CONCRETO, APOIADA EM CONSOLE DE METALON 20 X 30 MM","M2",187.73]
[null,"ED-50689","PRA-CON-005","PRATELEIRA DE CONCRETO PRÉ- MOLDADO E = 4 CM, APOIADA SOBRE ALVENARIA","M2",179.35]
[null,"ED-50692","PRA-GRA-010","PRATELEIRA DE GRANITO CINZA ANDORINHA, E = 2 CM, APOIADA EM CONSOLE DE METALON 20 X 30 MM","M2",209.25]
[null,"ED-50691","PRA-GRA-005","PRATELEIRA DE GRANITO CINZA ANDORINHA, E = 2 CM, APOIADA SOBRE ALVENARIA","M2",203.79]
[null,"ED-50693","PRA-MAD-005","PRATELEIRA DE MADEIRA ENVERNIZADA, EM CONSOLE DE METALON 20 X 30 MM","M2",152.13]
[null,"ED-50694","PRA-MAD-010","PRATELEIRA DE MADEIRA PINTADA DE ESMALTE, EM CONSOLE DE METALON 20 X 30 MM","M2",156.94999999999999]
[null,"ED-50696","PRA-MAR-010","PRATELEIRA DE MÁRMORE BRANCO E = 2 CM, APOIADA EM CONSOLE DE METALON 20 X 30 MM","M2",251.23]
[null,"ED-50695","PRA-MAR-005","PRATELEIRA DE MÁRMORE BRANCO E = 2 CM, APOIADA SOBRE ALVENARIA","M2",245.77]
[null,"62","-","355 - PRE-001  - PREPARO DO TERRENO"]
[null,"ED-50701","PRE-CAP-005","CAPINA MANUAL DO TERRENO, EXCLUSIVE RASTELAMENTO E QUEIMA","M2",0.93]
[null,"ED-50700","PRE-ARV-020","CORTE DE ÁRVORE NATIVA COM MOTO-SERRA Ø >= 0,30M - ACIMA DE 1.000 UNIDADES","U",27.26]
[null,"ED-50699","PRE-ARV-015","CORTE DE ÁRVORE NATIVA COM MOTO-SERRA Ø >= 0,30M - ATÉ 1.000 UNIDADES","U",31.87]
[null,"ED-50698","PRE-ARV-010","CORTE DE ÁRVORE NATIVA COM MOTO-SERRA 0,15M =< Ø < 0,30M - ACIMA DE 1.000 UNIDADES","U",19.920000000000002]
[null,"ED-50697","PRE-ARV-005","CORTE DE ÁRVORE NATIVA COM MOTO-SERRA 0,15M =< Ø < 0,30M - ATÉ 1.000 UNIDADES","U",24.52]
[null,"ED-50702","PRE-DES-005","DESMATAMENTO, DESTOCAMENTO E LIMPEZA INCLUSIVE TRANSPORTE ATÉ 50 M","M2",0.33]
[null,"ED-50703","PRE-LIM-005","LIMPEZA DO TERRENO, INCLUSIVE CAPINA, RASTELAMENTO COM AFASTAMENTO ATÉ 20M E QUEIMA CONTROLADA","M2",2.15]
[null,"ED-8143","-","RASTELAMENTO DE ÁREA COM AFASTAMENTO DE ATÉ 20 M","M2",1.1200000000000001]
[null,"63","-","RAS-001  - RASGO E ENCHIMENTO EM PAREDE"]
[null,"ED-50704","ENC-ALV-005","ENCHIMENTO DE RASGO EM ALVENARIA/CONCRETO COM ARGAMASSA, DIÂMETROS DE 15MM A 25MM (1/2\" A 1\"), INCLUSIVE ARGAMASSA, TRAÇO 1:2:8 (CIMENTO, CAL E AREIA), PREPARO MECÂNICO","M",1.81]
[null,"ED-50705","ENC-ALV-010","ENCHIMENTO DE RASGO EM ALVENARIA/CONCRETO COM ARGAMASSA, DIÂMETROS DE 32MM A 50MM (1.1/4\" A 2\"), INCLUSIVE ARGAMASSA, TRAÇO 1:2:8 (CIMENTO, CAL E AREIA), PREPARO MECÂNICO","M",2.31]
[null,"ED-50706","ENC-ALV-015","ENCHIMENTO DE RASGO EM ALVENARIA/CONCRETO COM ARGAMASSA, DIÂMETROS DE 65MM A 100MM (2.1/2\" A 4\"), INCLUSIVE ARGAMASSA, TRAÇO 1:2:8 (CIMENTO, CAL E AREIA), PREPARO MECÂNICO","M",3.77]
[null,"ED-50707","RAS-ALV-005","RASGO EM ALVENARIA PARA PASSAGEM DE ELETRODUTO/TUBULAÇÃO, DIÂMETROS DE 15MM A 25MM (1/2\" A 1\"), EXCLUSIVE ENCHIMENTO","M",2.4900000000000002]
[null,"ED-50708","RAS-ALV-010","RASGO EM ALVENARIA PARA PASSAGEM DE ELETRODUTO/TUBULAÇÃO, DIÂMETROS DE 32MM A 50MM (1.1/4\" A 2\"), EXCLUSIVE ENCHIMENTO","M",3.88]
[null,"ED-50709","RAS-ALV-015","RASGO EM ALVENARIA PARA PASSAGEM DE ELETRODUTO/TUBULAÇÃO, DIÂMETROS DE 65MM A 100MM (2.1/2\" A 4\"), EXCLUSIVE ENCHIMENTO\n","M",5]
[null,"ED-50710","RAS-ALV-020","RASGO EM CONCRETO PARA PASSAGEM DE ELETRODUTO/TUBULAÇÃO, DIÂMETROS DE 15MM A 25MM (1/2\" A 1\"), EXCLUSIVE ENCHIMENTO","M",7]
[null,"ED-50711","RAS-ALV-025","RASGO EM CONCRETO PARA PASSAGEM DE ELETRODUTO/TUBULAÇÃO, DIÂMETROS DE 32MM A 50MM (1.1/4\" A 2\"), EXCLUSIVE ENCHIMENTO","M",7.61]
[null,"ED-50712","RAS-ALV-030","RASGO EM CONCRETO PARA PASSAGEM DE ELETRODUTO/TUBULAÇÃO, DIÂMETROS DE 65MM A 100MM (2.1/2\" A 4\"), EXCLUSIVE ENCHIMENTO","M",9.73]
[null,"64","-","357 - REV-001  - REVESTIMENTOS"]
[null,"ED-17821","-","APLICAÇÃO DE REJUNTE CIMENTÍCIO COLORIDO INDUSTRIALIZADO PARA REVESTIMENTOS DE PAREDE/PISO COM JUNTAS DE ATÉ 1MM DE ESPESSURA","M2",3.69]
[null,"ED-50718","REV-AZU-015","APLICAÇÃO DE REJUNTE CIMENTÍCIO COLORIDO INDUSTRIALIZADO PARA REVESTIMENTOS DE PAREDE/PISO COM JUNTAS DE ATÉ 3MM DE ESPESSURA","M2",4.1399999999999997]
[null,"ED-17822","-","APLICAÇÃO DE REJUNTE COM CIMENTO BRANCO PARA REVESTIMENTOS DE PAREDE/PISO COM JUNTAS DE ATÉ 1MM DE ESPESSURA","M2",4.26]
[null,"ED-9122","-","APLICAÇÃO DE REJUNTE COM CIMENTO BRANCO PARA REVESTIMENTOS DE PAREDE/PISO COM JUNTAS DE ATÉ 3MM DE ESPESSURA","M2",5.85]
[null,"ED-17823","-","APLICAÇÃO DE REJUNTE EPÓXI PARA REVESTIMENTOS DE PAREDE/PISO COM JUNTAS DE ATÉ 1MM DE ESPESSURA","M2",7.01]
[null,"ED-17824","-","APLICAÇÃO DE REJUNTE EPÓXI PARA REVESTIMENTOS DE PAREDE/PISO COM JUNTAS DE ATÉ 3MM DE ESPESSURA","M2",13.1]
[null,"ED-50721","REV-CAN-010","CANTONEIRA DE ALUMÍNIO PARA ACABAMENTO DE QUINAS","M",17.29]
[null,"ED-50720","REV-CAN-005","CANTONEIRA DE PVC PARA ACABAMENTO DE QUINAS","M",18.02]
[null,"ED-50726","REV-CER-035","CERÂMICA DECORADA EM FAIXA 50 X 200 MM","M",27.62]
[null,"ED-50731","REV-CHA-020","CHAPISCO COM ARGAMASSA INDUSTRIALIZADA, ESP. 5MM, APLICADO EM ALVENARIA/ESTRUTURA DE CONCRETO COM DESEMPENADEIRA METÁLICA, PREPARO MECÂNICO","M2",11.63]
[null,"ED-50730","REV-CHA-015","CHAPISCO COM ARGAMASSA, TRAÇO 1:2:3 (CIMENTO, AREIA E PEDRISCO), APLICADO COM COLHER, ESP. 5MM, PREPARO MECÂNICO","M2",9.6199999999999992]
[null,"ED-50729","REV-CHA-010","CHAPISCO COM ARGAMASSA, TRAÇO 1:3 (CIMENTO E AREIA), ESP. 5MM, APLICADO EM ALVENARIA COM PENEIRA, PREPARO MECÂNICO","M2",9.17]
[null,"ED-50727","REV-CHA-005","CHAPISCO COM ARGAMASSA, TRAÇO 1:3 (CIMENTO E AREIA), ESP. 5MM, APLICADO EM ALVENARIA/ESTRUTURA DE CONCRETO COM COLHER, PREPARO MECÂNICO","M2",6.47]
[null,"ED-50728","REV-CHA-006","CHAPISCO COM ARGAMASSA, TRAÇO 1:3 (CIMENTO E AREIA), ESP. 5MM, APLICADO EM TETO COM COLHER, PREPARO MECÂNICO","M2",8.93]
[null,"ED-50732","REV-EMB-005","EMBOÇO COM ARGAMASSA, TRAÇO 1:6 (CIMENTO E AREIA), ESP. 20MM, APLICAÇÃO MANUAL, PREPARO MECÂNICO","M2",23.32]
[null,"ED-50725","REV-CER-021","FAIXA / FILETE / LISTELO EM CERAMICA, LISO OU CORDAO, BRANCO, *2 X 30* CM (L X C)","M",20.07]
[null,"ED-50734","REV-FRI-005","FRISO DE ALUMÍNIO ANODIZADO NATURAL 3/8\" (USO INTERNO)","M",16.8]
[null,"ED-50765","REV-VER-010","ISOLAMENTO TÉRMICO EM ARGAMASSA DE CIMENTO, AREIA E VERMICULITA, E = 4 CM","M2",21.61]
[null,"ED-50743","REV-LIT-005","LITOCERÂMICA DE 6,0 X 22,5 CM, ASSENTADO COM ARGAMASSA PRÉ-FABRICADA, INCLUSIVE REJUNTAMENTO","M2",71.459999999999994]
[null,"ED-9127","-","PREPARAÇÃO PARA APLICAÇÃO DE LAMINADO MELAMÍNICO EM PAREDE, INCLUSIVE UMA (1) DEMÃO DE COLA DE CONTATO","M2",8.52]
[null,"ED-50761","REV-REB-015","REBOCO COM ARGAMASSA, TRAÇO 1:2:8 (CIMENTO, CAL E AREIA), ESP. 20MM, APLICAÇÃO MANUAL, PREPARO MECÂNICO","M2",23.87]
[null,"ED-50760","REV-REB-010","REBOCO COM ARGAMASSA, TRAÇO 1:2:9 (CIMENTO, CAL E AREIA), COM ADITIVO IMPERMEABILIZANTE, ESP. 20MM, APLICAÇÃO MANUAL, PREPARO MECÂNICO","M2",28.92]
[null,"ED-50759","REV-REB-005","REBOCO COM ARGAMASSA, TRAÇO 1:7 (CIMENTO E AREIA), ESP. 20MM, APLICAÇÃO MANUAL, PREPARO MECÂNICO","M2",21.87]
[null,"ED-50714","REV-ARD-010","REVESTIMENTO COM ARDÓSIA APLICADO EM PAREDE (40X40CM), ESP. 1CM, ACABAMENTO NATURAL, ASSENTAMENTO COM ARGAMASSA INDUSTRIALIZADA, INCLUSIVE REJUNTAMENTO","M2",37.31]
[null,"ED-50719","REV-BAR-005","REVESTIMENTO COM ARGAMASSA BARITADA, ESP. 20MM, APLICAÇÃO MANUAL COM DESEMPENADEIRA, PREPARO MANUAL","M2",128.22999999999999]
[null,"ED-50762","REV-REB-020","REVESTIMENTO COM ARGAMASSA EM CAMADA ÚNICA, APLICADO EM PAREDE, TRAÇO 1:3 (CIMENTO E AREIA), ESP. 20MM, APLICAÇÃO MANUAL, PREPARO MECÂNICO","M2",22.26]
[null,"ED-50763","REV-REB-021","REVESTIMENTO COM ARGAMASSA EM CAMADA ÚNICA, APLICADO EM TETO, TRAÇO 1:3 (CIMENTO E AREIA), ESP. 20MM, APLICAÇÃO MANUAL, PREPARO MECÂNICO","M2",23.71]
[null,"ED-50715","REV-AZU-005","REVESTIMENTO COM AZULEJO BRANCO (15X15CM), EM DIAGONAL, ASSENTAMENTO COM ARGAMASSA INDUSTRIALIZADA, INCLUSIVE REJUNTAMENTO","M2",54.49]
[null,"ED-50716","REV-AZU-010","REVESTIMENTO COM AZULEJO BRANCO (15X15CM), JUNTA A PRUMO, ASSENTAMENTO COM ARGAMASSA INDUSTRIALIZADA, INCLUSIVE REJUNTAMENTO","M2",47.56]
[null,"ED-50717","REV-AZU-011","REVESTIMENTO COM AZULEJO BRANCO (20X20CM), JUNTA A PRUMO, ASSENTAMENTO COM ARGAMASSA INDUSTRIALIZADA, INCLUSIVE REJUNTAMENTO","M2",50.38]
[null,"ED-9081","-","REVESTIMENTO COM CERÂMICA APLICADO EM PAREDE, ACABAMENTO ESMALTADO, AMBIENTE INTERNO/EXTERNO, PADRÃO EXTRA, DIMENSÃO DA PEÇA ATÉ 2025 CM2, PEI III, ASSENTAMENTO COM ARGAMASSA INDUSTRIALIZADA, INCLUSIVE REJUNTAMENTO","M2",56.19]
[null,"ED-50722","REV-CER-005","REVESTIMENTO COM CERÂMICA APLICADO EM PISO, ACABAMENTO ESMALTADO, AMBIENTE INTERNO, PADRÃO COMERCIAL, DIMENSÃO DA PEÇA (10X10CM), PEI IV, ASSENTAMENTO COM ARGAMASSA INDUSTRIALIZADA, INCLUSIVE REJUNTAMENTO","M2",44.34]
[null,"ED-50723","REV-CER-010","REVESTIMENTO COM CERÂMICA APLICADO EM PISO, ACABAMENTO ESMALTADO, AMBIENTE INTERNO, PADRÃO COMERCIAL, DIMENSÃO DA PEÇA (10X20CM), PEI IV, ASSENTAMENTO COM ARGAMASSA INDUSTRIALIZADA, INCLUSIVE REJUNTAMENTO","M2",43.36]
[null,"ED-50724","REV-CER-015","REVESTIMENTO COM CERÂMICA APLICADO EM PISO, ACABAMENTO ESMALTADO, AMBIENTE INTERNO, PADRÃO EXTRA, DIMENSÃO DA PEÇA ATÉ 2025 CM2, PEI IV, ASSENTAMENTO COM ARGAMASSA INDUSTRIALIZADA, INCLUSIVE REJUNTAMENTO","M2",65.930000000000007]
[null,"ED-50737","REV-GRA-005","REVESTIMENTO COM GRANITO, CINZA ANDORINHA, APLICADO EM PAREDE, ESP. 2CM, ASSENTAMENTO COM ARGAMASSA INDUSTRIALIZADA, AMBIENTE INTERNO/EXTERNO, ALTURA MÁXIMA DE 3M PARA APLICAÇÃO DO GRANITO, INCLUSIVE REJUNTAMENTO","M2",210.71]
[null,"ED-50764","REV-REB-025","REVESTIMENTO COM IMPERMEABILIZANTE EM DUAS (2) CAMADAS SOBREPOSTAS DE ARGAMASSA, TRAÇO 1:3 (CIMENTO E AREIA) COM ADITIVO IMPERMEABILIZANTE, ESP. 20MM, INCLUSIVE PINTURA COM DUAS (2) DEMÃOS COM EMULSÃO ASFÁLTICA\n","M2",44.36]
[null,"ED-50739","REV-LAD-005","REVESTIMENTO COM LADRILHO HIDRÁULICO APLICADO EM PAREDE (20X20CM) COM JUNTA SECA, NA COR NATURAL, ASSENTAMENTO COM ARGAMASSA INDUSTRIALIZADA","M2",57.84]
[null,"ED-50740","REV-LAD-010","REVESTIMENTO COM LADRILHO HIDRÁULICO APLICADO EM PAREDE (25X25CM) COM JUNTA SECA, NA COR NATURAL, ASSENTAMENTO COM ARGAMASSA INDUSTRIALIZADA","M2",60.46]
[null,"ED-50744","REV-MAR-005","REVESTIMENTO COM MÁRMORE BRANCO APLICADO EM PAREDE, ESP. 2CM, ASSENTAMENTO COM ARGAMASSA INDUSTRIALIZADA, AMBIENTE INTERNO/EXTERNO, ALTURA MÁXIMA DE 3M PARA APLICAÇÃO DO MÁRMORE, INCLUSIVE REJUNTAMENTO","M2",188.88]
[null,"ED-50749","REV-PAS-005","REVESTIMENTO COM PASTILHA DE VIDRO (VIDROTIL), ASSENTADO COM ARGAMASSA PRÉ-FABRICADA, INCLUSIVE REJUNTAMENTO","M2",283.43]
[null,"ED-50750","REV-PAS-010","REVESTIMENTO COM PASTILHAS DE PORCELANA, ASSENTADO COM ARGAMASSA PRÉ-FABRICADA, INCLUSIVE REJUNTAMENTO","M2",189.81]
[null,"ED-50756","REV-PST-010","REVESTIMENTO COM PEDRA SÃO TOMÉ APLICADO EM PAREDE (40X40CM), ESP. 2CM, ACABAMENTO NATURAL, ASSENTAMENTO COM ARGAMASSA INDUSTRIALIZADA, AMBIENTE INTERNO/EXTERNO, ALTURA MÁXIMA DE 3M PARA APLICAÇÃO DA PEDRA, INCLUSIVE REJUNTAMENTO","M2",96.89]
[null,"ED-50753","REV-POR-011","REVESTIMENTO COM PORCELANATO APLICADO EM PISO, ACABAMENTO ESMALTADO ACETINADO, AMBIENTE INTERNO/EXTERNO, PADRÃO EXTRA, BORDA RETIFICADA, DIMENSÃO DA PEÇA (45X45CM), ASSENTAMENTO COM ARGAMASSA INDUSTRIALIZADA, INCLUSIVE REJUNTAMENTO","M2",73.709999999999994]
[null,"ED-50754","REV-POR-012","REVESTIMENTO COM PORCELANATO APLICADO EM PISO, ACABAMENTO POLÍDO, AMBIENTE INTERNO, PADRÃO EXTRA, BORDA RETIFICADA, DIMENSÃO DA PEÇA (60X60CM), ASSENTAMENTO COM ARGAMASSA INDUSTRIALIZADA, INCLUSIVE REJUNTAMENTO","M2",82.68]
[null,"ED-50736","REV-GES-010","REVESTIMENTO DE GESSO EM PAREDE, ESP. 5MM, APLICAÇÃO MANUAL (SARRAFAEADO)","M2",15.46]
[null,"ED-9066","-","REVESTIMENTO DE GESSO EM TETO, ESP. 5MM, APLICAÇÃO MANUAL (SARRAFAEADO)","M2",17.89]
[null,"ED-50742","REV-LAM-010","REVESTIMENTO EM LAMBRIS DE MADEIRA, LARGURA 10CM, INCLUSIVE BARROTEAMENTO","M2",98.26]
[null,"ED-9124","-","REVESTIMENTO EM LAMINADO MELAMÍNICO APLICADO EM PAREDE, ACABAMENTO FOSCO, ESP. 0,8MM, ASSENTAMENTO COM COLA DE CONTATO, INCLUSIVE LIXAMENTO E PREPARAÇÃO DA PAREDE PARA ASSENTAMENTO","M2",53.38]
[null,"ED-9125","-","REVESTIMENTO EM LAMINADO MELAMÍNICO APLICADO SOBRE SUPERFÍCIE DE MADEIRA, ACABAMENTO FOSCO, ESP. 0,8MM, ASSENTAMENTO COM COLA DE CONTATO, INCLUSIVE LIXAMENTO E PREPARAÇÃO SUPERFÍCIE PARA ASSENTAMENTO","M2",44.89]
[null,"ED-9071","-","REVESTIMENTO NATADO LISO, ESP. 5MM, APLICAÇÃO COM DESEMPENADEIRA METÁLICA, PREPARO MECÂNICO","M2",14.52]
[null,"ED-50746","REV-NAT-010","REVESTIMENTO NATADO LISO, ESP. 5MM, APLICAÇÃO COM DESEMPENADEIRA METÁLICA, PREPARO MECÂNICO, INCLUSIVE ARGAMASSA EM CAMADA ÚNICA, TRAÇO 1:3 (CIMENTO E AREIA), APLICADO EM PAREDE, ESP. 20MM, APLICAÇÃO MANUAL, PREPARO MECÂNICO","M2",36.78]
[null,"65","-","358 - ROD-001  - RODAPÉS"]
[null,"ED-50775","ROD-IAR-005","RODAPÉ COM ARGAMASSA DE ALTA RESISTÊNCIA INDUSTRIAL, ACABAMENTO POLIDO, COR CINZA, ALTURA 5CM, INCLUSIVE POLIMENTO","M",27.36]
[null,"ED-50776","ROD-IAR-010","RODAPÉ COM ARGAMASSA DE ALTA RESISTÊNCIA INDUSTRIAL, ACABAMENTO POLIDO, COR CINZA, ALTURA 7CM, INCLUSIVE POLIMENTO","M",27.5]
[null,"ED-50770","ROD-ARG-015","RODAPÉ COM ARGAMASSA, TRAÇO 1:3 (CIMENTO E AREIA), ESP. 2CM, ALTURA 10CM, DESEMPENADO/ALISADO COM COLHER","M",14.67]
[null,"ED-50768","ROD-ARG-005","RODAPÉ COM ARGAMASSA, TRAÇO 1:3 (CIMENTO E AREIA), ESP. 2CM, ALTURA 5CM, DESEMPENADO/ALISADO COM COLHER","M",12.57]
[null,"ED-50769","ROD-ARG-010","RODAPÉ COM ARGAMASSA, TRAÇO 1:3 (CIMENTO E AREIA), ESP. 2CM, ALTURA 7CM, DESEMPENADO/ALISADO COM COLHER","M",13.91]
[null,"ED-50771","ROD-CER-005","RODAPÉ COM REVESTIMENTO EM CERÂMICA ESMALTADA COMERCIAL, ALTURA 10CM, PEI IV, ASSENTAMENTO COM ARGAMASSA INDUSTRIALIZADA, INCLUSIVE REJUNTAMENTO","M",9.24]
[null,"ED-50774","ROD-GRA-015","RODAPÉ COM REVESTIMENTO EM GRANITO, CINZA ANDORINHA, ESP. 2CM, ALTURA 10CM, ASSENTAMENTO COM ARGAMASSA INDUSTRIALIZADA, INCLUSIVE REJUNTAMENTO","M",28.36]
[null,"ED-50773","ROD-GRA-010","RODAPÉ COM REVESTIMENTO EM GRANITO, CINZA ANDORINHA, ESP. 2CM, ALTURA 5CM, ASSENTAMENTO COM ARGAMASSA INDUSTRIALIZADA, INCLUSIVE REJUNTAMENTO","M",17.28]
[null,"ED-50772","ROD-GRA-005","RODAPÉ COM REVESTIMENTO EM GRANITO, CINZA ANDORINHA, ESP. 2CM, ALTURA 7CM, ASSENTAMENTO COM ARGAMASSA INDUSTRIALIZADA, INCLUSIVE REJUNTAMENTO\n","M",20.76]
[null,"ED-50780","ROD-MAR-015","RODAPÉ COM REVESTIMENTO EM MÁRMORE BRANCO, ESP. 2CM, ALTURA 10CM, ASSENTAMENTO COM ARGAMASSA INDUSTRIALIZADA, INCLUSIVE REJUNTAMENTO","M",28.06]
[null,"ED-50778","ROD-MAR-005","RODAPÉ COM REVESTIMENTO EM MÁRMORE BRANCO, ESP. 2CM, ALTURA 5CM, ASSENTAMENTO COM ARGAMASSA INDUSTRIALIZADA, INCLUSIVE REJUNTAMENTO","M",18.190000000000001]
[null,"ED-50779","ROD-MAR-010","RODAPÉ COM REVESTIMENTO EM MÁRMORE BRANCO, ESP. 2CM, ALTURA 7CM, ASSENTAMENTO COM ARGAMASSA INDUSTRIALIZADA, INCLUSIVE REJUNTAMENTO","M",20.99]
[null,"ED-50766","ROD-ARD-005","RODAPÉ COM REVESTIMENTO EM PEDRA ARDÓSIA, ESP. 7MM, ALTURA 5CM, ASSENTAMENTO COM ARGAMASSA INDUSTRIALIZADA, INCLUSIVE REJUNTAMENTO","M",7.83]
[null,"ED-50767","ROD-ARD-010","RODAPÉ COM REVESTIMENTO EM PEDRA ARDÓSIA, ESP. 7MM, ALTURA 7CM, ASSENTAMENTO COM ARGAMASSA INDUSTRIALIZADA, INCLUSIVE REJUNTAMENTO","M",8.0500000000000007]
[null,"ED-50786","ROD-MIT-021","RODAPÉ EM GRANILITE/MARMORITE, ACABAMENTO POLIDO, COR BRANCA, ALTURA 10CM, INCLUSIVE POLIMENTO","M",39.68]
[null,"ED-50784","ROD-MIT-015","RODAPÉ EM GRANILITE/MARMORITE, ACABAMENTO POLIDO, COR BRANCA, ALTURA 5CM, INCLUSIVE POLIMENTO","M",28.93]
[null,"ED-50785","ROD-MIT-010D","RODAPÉ EM GRANILITE/MARMORITE, ACABAMENTO POLIDO, COR BRANCA, ALTURA 7CM, INCLUSIVE POLIMENTO","M",33.24]
[null,"ED-50783","ROD-MIT-011","RODAPÉ EM GRANILITE/MARMORITE, ACABAMENTO POLIDO, COR CINZA, ALTURA 10CM, INCLUSIVE POLIMENTO","M",29.39]
[null,"ED-50781","ROD-MIT-005","RODAPÉ EM GRANILITE/MARMORITE, ACABAMENTO POLIDO, COR CINZA, ALTURA 5CM, INCLUSIVE POLIMENTO","M",23.79]
[null,"ED-50782","ROD-MIT-010","RODAPÉ EM GRANILITE/MARMORITE, ACABAMENTO POLIDO, COR CINZA, ALTURA 7CM, INCLUSIVE POLIMENTO","M",26.03]
[null,"ED-50777","ROD-MAD-005","RODAPÉ EM MADEIRA SUCUPIRA/IPÊ/CUMARÚ OU EQUIVALENTE DA REGIÃO, ESP. 2CM, ALTURA 7CM","M",14.29]
[null,"66","-","359 - SEDS-001  - PADRÃO SEDS"]
[null,"ED-50787","SEDS-ALA-005","ALAMBRADO PARA PENITENCIÁRIAS, COM TELA DE ARAME GALVANIZADO FIO 10 # 2\" FIXADA EM QUADROS DE TUBOS AÇO GALVANIZADO D = 3\", COM ESTICADOR D = 2\", H = 4,0 M, CONFORME DETALHE 24 SEDS (INCLUSIVE FUNDAÇÃO) - PADRÃO PENITENCIÁRIA","M",380.21]
[null,"ED-50788","SEDS-ANT-005","ANTEPARO METÁLICO PARA SETEIRAS DAS ALAS H = 50 CM - PADRÃO SEDS","U",134.80000000000001]
[null,"ED-50791","SEDS-COL-005","ASSENTAMENTO DE ESQUADRIA DE FERRO E CHAPA","M2",102.97]
[null,"ED-50825","SEDS-VAS-005","BACIA SANITÁRIA ENVELOPADO (VASO) DE LOUÇA CONVENCIONAL, COR BRANCA, INCLUSIVE ACESSÓRIOS DE FIXAÇÃO/VEDAÇÃO, TUBO DE LIGAÇÃO DE LATÃO COM CANOPLA, FORNECIMENTO E INSTALAÇÃO, EXCLUSIVE VÁLVULA DE DESCARGA - D2/SITUAÇÃO 01 - PADRÃO SEDS","U",324.98]
[null,"ED-50824","SEDS-TAN-005","BANCADA COM TANQUE EM CONCRETO 140 X 55 CM, (D12), EXCETO ALVENARIA, BARRADO EM AZULEJO E PINTURA - PADRÃO SEDS","U",1127.18]
[null,"ED-50789","SEDS-BEL-005","BELICHE SIMPLES, EXCETO ESCADA - PADRÃO SEDS","U",1950.48]
[null,"ED-50790","SEDS-CAM-005","CAMA INDIVIDUAL - D5-A - PADRÃO SEDS","U",711.25]
[null,"ED-50793","SEDS-ESC-005","ESCADA PARA BELICHE - PADRÃO SEDS","U",193.8]
[null,"ED-50809","SEDS-ESQ-080","ESQUADRIA METÁLICA PARA PASSA DOCUMENTOS - PADRÃO SEDS","U",419.23]
[null,"ED-50811","SEDS-ESQ-090","GRADE FIXA E PORTA DE ABRIR COM GRADE E CHAPA E TRANCA DE SEGURANÇA","M2",791.49]
[null,"ED-50813","SEDS-GRE-010","GRELHA EM AÇO INOX L = 20 CM - PADRÃO SEDS","M",480.53]
[null,"ED-50812","SEDS-GRE-005","GRELHA METÁLICA 20 X 20 CM - PADRÃO SEDS","U",64.180000000000007]
[null,"ED-50792","SEDS-COR-005","GUARDA-CORPO - PADRÃO SEDS","M",303.73]
[null,"ED-50798","SEDS-ESQ-025","JANELA BASCULANTE METÁLICA EM QUADRO CANTONEIRA 3/4\"X 3/4\" X 1/8\" COM TELA MOSQUITEIRO - PADRÃO SEDS","M2",482.97]
[null,"ED-50799","SEDS-ESQ-030","JANELA DE FERRO - PADRÃO SEDS","M2",388.13]
[null,"ED-50797","SEDS-ESQ-020","JANELA DE FERRO E METALON COM CHAPA E GRADE - PADRÃO SEDS","M2",547.97]
[null,"ED-50805","SEDS-ESQ-060","JANELA EM GRADE - PADRÃO SEDS","M2",362.97]
[null,"ED-50806","SEDS-ESQ-065","JANELA EM GRADE DE FERRO EM BARRAS TRANSVERSAIS DE FERRO CHATO SAE 1045 2\" X 5/16\" - PADRÃO SEDS","M2",322.97000000000003]
[null,"ED-50795","SEDS-ESQ-010","JANELA EM GRADE E TELA - PADRÃO SEDS","M2",332.97]
[null,"ED-50801","SEDS-ESQ-040","JANELA FIXA EM CHAPA - PADRÃO SEDS","M2",332.97]
[null,"ED-50810","SEDS-ESQ-085","JANELA TIPO VENEZIANA EM CHAPA 14 - PADRÃO SEDS","M2",489.54]
[null,"ED-50800","SEDS-ESQ-035","JANELA VENEZIANA FIXA EM CHAPA 14 - PADRÃO SEDS","M2",489.54]
[null,"ED-50814","SEDS-LAV-005","LAVATÓRIO DE ALVENARIA E CONCRETO 60 X 40 CM (D1) - PADRÃO SEDS","U",337.17]
[null,"ED-50815","SEDS-MAR-005","MARCO DE CONCRETO ARMADO JUNTO ÀS PORTAS DE CELA E/OU ALOJAMENTO - INCLUSO FORMA, DESFORMA, AÇO E CONCRETO FCK = 20 MPA","M3",1687.43]
[null,"ED-50817","SEDS-MES-010","MESA DE CABECEIRA EM CONCRETO, EXCETO BANCO DE CONCRETO E PINTURA - D6-A - PADRÃO SEDS","M",98.89]
[null,"ED-50816","SEDS-MES-005","MESA DE CABECEIRA EM CONCRETO, EXCETO PINTURA - D6 - PADRÃO SEDS","M",267.02]
[null,"ED-50818","SEDS-MUR-005","MURO DE SEGURANÇA EM BLOCO DE CONCRETO REVESTIDO E PINTADO COM TINTA ACRÍLICA E = 20 CM, H = 5,15 M, EXCLUSIVE FUNDAÇÃO (ESTACA E BLOCOS) - DET SEDS 23","M",1455.75]
[null,"ED-50802","SEDS-ESQ-045","PORTA DE ABRIR EM BARRAS TRANSVERSAIS DE FERRO CHATO SAE 1045 2\" X 5/16\" REVESTIDA EM CHAPA 14 SAE 1020 - PADRÃO SEDS","M2",902.97]
[null,"ED-50803","SEDS-ESQ-050","PORTA DE ABRIR EM FERRO E TELA FIO 6 - PADRÃO SEDS","M2",252.97]
[null,"ED-50807","SEDS-ESQ-070","PORTA DE ABRIR EM GRADE - PADRÃO SEDS","M2",582.97]
[null,"ED-50808","SEDS-ESQ-075","PORTA DE ABRIR EM GRADE E TELA - PADRÃO SEDS","M2",752.97]
[null,"ED-50794","SEDS-ESQ-005","PORTA DE ABRIR, 01 FOLHA, EM CHAPA 14 SAE 1020 - PADRÃO SEDS","M2",552.97]
[null,"ED-50796","SEDS-ESQ-015","PORTA DE ABRIR, 02 FOLHAS, EM CHAPA 14 SAE 1020 - PADRÃO SEDS","M2",552.97]
[null,"ED-50804","SEDS-ESQ-055","PORTA EM TELA ONDULADA ARTÍSTICA MALHA 30 X 30 CM, FIO 10 - PADRÃO SEDS","M2",352.97]
[null,"ED-50819","SEDS-PRA-005","PRATELEIRA DE CONCRETO, ACABAMENTO NATADO VERDE L = 40 CM - PADRÃO SEDS","M",158.41999999999999]
[null,"ED-50820","SEDS-PRA-010","PRATELEIRA DE CONCRETO COM DRAMIX, L = 40 CM COM APOIO EM METALON","M",157.55000000000001]
[null,"ED-50821","SEDS-SET-005","S1- SETEIRA EM CHAPA 95 X 12 CM - PADRÃO SEDS","U",181.08]
[null,"ED-50822","SEDS-SET-010","S2 - SETEIRA EM CHAPA 115 X 12 CM - PADRÀO SEDS","U",259.77]
[null,"ED-50823","SEDS-SET-015","S3 - JANELA DE GRADE DE SETEIRA FIXA 80 X 12 CM - PADRÃO SEDS","U",172.98]
[null,"67","-","360 - SEE-001  - PADRÃO SEE"]
[null,"ED-50832","SEE-ARM-005","AC-ARMÁRIO (71 X 52 X 350 CM) EM MADEIRA MACIÇA, COM PORTAS E PUXADORES, SOB BANCADA DO LABORATORIO COM PRATELEIRA, REVESTIDO EM LAMINADO MELAMÍNICO","CJ",560.9]
[null,"ED-50827","SEE-ALA-005","ALAMBRADO H = 3,20 M, TELA GALVANIZADA FIO 12, # 7,5 CM, TUBO FERRO 50 MM, PAREDE CHAPA 13, FIXADO EM FUNDAÇÃO DE CONCRETO FCK = 20 MPA, COM PROF. = 50 CM, INCLUSIVE UM PORTÃO (180 X 210 CM) E PINTURA","M",526.97]
[null,"ED-50828","SEE-ALA-010","ALAMBRADO H = 4,00 M, TELA GALVANIZADA FIO 12, # 7,5 CM, TUBO FERRO 50 MM, PAREDE CHAPA 13, FIXADO EM FUNDAÇÃO DE CONCRETO FCK = 20 MPA, COM PROF. = 50 CM, INCLUSIVE DOIS PORTÕES (180 X 210 CM E 90 X 210 CM) E PINTURA","M",573.91999999999996]
[null,"ED-50829","SEE-ALA-015","ALAMBRADO H = 6,00 M, TELA GALVANIZADA FIO 12, # 7,5 CM, TUBO FERRO 50 MM, PAREDE CHAPA 13, FIXADO EM FUNDAÇÃO DE CONCRETO FCK = 15 MPA, COM PROF. = 50 CM, INCLUSIVE UM PORTÃO (90 X 210 CM) E PINTURA","M",691.27]
[null,"ED-50831","SEE-ALÇ-010","ALÇAPÃO - EMPENA (60 CM X 100 CM) ESTRUTURA EM CHAPA METÁLICA, ASSENTADA. CONFORME PROJETO AMPLIAÇÃO ESQUADRIAS PADRÃO 5/2000","U",207.22]
[null,"ED-50830","SEE-ALÇ-005","ALÇAPÃO (85,50 CM X 65,70 CM) ESTRUTURA EM CHAPA METÁLICA, ASSENTADA. CONFORME PROJETO AMPLIAÇÃO ESQUADRIAS PADRÃO 5/2000","U",206.8]
[null,"ED-50835","SEE-ARM-020","ARMÁRIO PARA VASSOURAS - D.M.L.","U",164.4]
[null,"ED-50834","SEE-ARM-015","ARMÁRIO SOB BANCADA LABORATÓRIO (0,52X0,71X7,05)+(0,52X0,71X3,05) EM ESTRUTURA DE MADEIRA E PORTAS EM COMPENSADO 20 MM, REVESTIDO EM LAMINADO MELAMÍNICO NAS DUAS FACES, CONFORME DETALHES PROJETO PADRÃO DEER-MG","CJ",821.6]
[null,"ED-50837","SEE-ARQ-005","ARQUIBANCADA PADRÃO DE CONCRETO SEM SOLO, METRO DE CADA DEGRAU DE 90 X 40 CM, DESEMPENADO A FRESCO E DEGRAUS INTERMEDIÁRIO DE 10 EM 10 M (PARA MEDIÇÕES: MULTIPLICAR A EXTENSÃO PELO NÚMERO DE DEGRAUS) - (PADRÃO SEE)","M",47.19]
[null,"ED-50833","SEE-ARM-010","A1- ARMÁRIO COM PORTAS DE MADEIRA SOB BANCA, UM MÓDULO DE 80 X 110 CM, PRATELEIRA E MESA DE ARDOSIA POLIDA, E = 3 CM","CJ",435]
[null,"ED-50838","SEE-BAN-005","BANCADA DE LABORATÓRIO COMPLETA, INCLUSIVE ARMÁRIO EM COMPENSADO 20 MM, COM PORTA REVESTIDA EM LAMINADO MELAMÍNICO BRANCO NAS DUAS FACES, H = 75 CM, PRATELEIRA REVESTIDA, BANCADA L = 60 CM E RODABANCADA DE GRANITO CINZA ANDORINHA,","CJ",4636.76]
[null,"ED-50839","SEE-BAR-005","BARRAMENTO DE MADEIRA IPÊ PARA SALA DE AULA, L = 7 CM","M",14.96]
[null,"ED-15472","-","BEBEDOURO/LAVATÓRIO COLETIVO EM AÇO INOX AISI 304, APOIADO EM ALVENARIA COM REVESTIMENTO CERÂMICO, NAS DUAS FACES, INCLUSIVE VÁLVULA DE ESCOAMENTO DE METAL NA COR CROMADA, SIFÃO DE METAL TIPO COPO NA COR CROMADA, FORNECIMENTO E INSTALAÇÃO (PADRÃO ESCOLAR)","UN",2499.02]
[null,"ED-50859","SEE-FUN-005","BLOCO ARMADO EM CONCRETO 20 MPA, INCLUSIVE LASTRO 5 CM EM CONCRETO MAGRO 9 MPA, FORMAS LATERAIS E DESFORMA.","M3",2836.75]
[null,"ED-50860","SEE-FUN-010","CINTA ARMADA EM CONCRETO 20 MPA, INCLUSIVE LASTRO 5 CM EM CONCRETO MAGRO 9 MPA, FORMAS LATERAIS E DESFORMA.","M3",2836.75]
[null,"ED-50851","SEE-EST-050","CINTA DE CONCRETO ARMADO APARENTE (17X10CM), 20MPA, EM GUARDA-CORPO E PEITORIL, NAS CIRCULAÇÕES, INCLUSIVE FORMA E ARMAÇÃO","M3",1315.28]
[null,"ED-50844","SEE-EST-015","CINTA DE CONCRETO ARMADO (10 X 10 CM) 20 MPA, EM GUARDA- CORPO, INCLUSIVE FORMA E AÇO, NAS CIRCULAÇÕES","M3",1438.55]
[null,"ED-50840","SEE-ESQ-005","COMPENSADO PINTADO PARA FECHAMENTO BALCÃO SECRETARIA, INCLUSO CANTONEIRAS PARA FIXAÇÃO NA ALVENARIA E TAMPO. CONFORME DETALHE 33-D AGOSTO 2001 PROJETO PADRÃO DEER-MG","M2",90.37]
[null,"ED-50846","SEE-EST-025","ESCADA DE CONCRETO 20 MPA, APARENTE, ESPELHO = 16,3 CM, ARMAÇÃO, FORMA PLASTIFICADA, ESCORAMENTO E DESFORMA","M3",1952.45]
[null,"ED-50852","SEE-EST-055","ESCADA SOBRE O SOLO DEGRAUS APROXIMADAMENTE 50 X 16,5 CM","M2",111.02]
[null,"ED-50836","SEE-ARM-025","ESCANINHO","U",198]
[null,"ED-50854","SEE-FOS-005","FOSSA SÉPTICA TIPO A EM CONCRETO E ALVENARIA, CONFORME DETALHE 31 (PADRÃO PRÉDIOS ESCOLARES), INCLUSIVE POÇO ABSORVENTE E CAIXA, INCLUSIVE BOTA FORA DE MATERIAL ESCAVADO","U",10391.91]
[null,"ED-50855","SEE-FOS-010","FOSSA SÉPTICA TIPO B EM CONCRETO E ALVENARIA, CONFORME DETALHE 31 (PADRÃO PRÉDIOS ESCOLARES), INCLUSIVE POÇO ABSORVENTE E CAIXA, INCLUSIVE BOTA FORA DE MATERIAL ESCAVADO","U",12918.4]
[null,"ED-50856","SEE-FOS-015","FOSSA SÉPTICA TIPO C EM CONCRETO E ALVENARIA, CONFORME DETALHE 31 (PADRÃO PRÉDIOS ESCOLARES), INCLUSIVE POÇO ABSORVENTE E CAIXA, INCLUSIVE BOTA FORA DE MATERIAL ESCAVADO","U",14257.43]
[null,"ED-50857","SEE-FOS-020","FOSSA SÉPTICA TIPO D EM CONCRETO E ALVENARIA, CONFORME DETALHE 31 (PADRÃO PRÉDIOS ESCOLARES), INCLUSIVE POÇO ABSORVENTE E CAIXA, INCLUSIVE BOTA FORA DE MATERIAL ESCAVADO","U",15641.81]
[null,"ED-50858","SEE-FOS-025","FOSSA SÉPTICA TIPO E EM CONCRETO E ALVENARIA, CONFORME DETALHE 31 (PADRÃO PRÉDIOS ESCOLARES), INCLUSIVE POÇO ABSORVENTE E CAIXA, INCLUSIVE BOTA FORA DE MATERIAL ESCAVADO","U",16849.349999999999]
[null,"ED-50896","SEE-SER-055","GF1 - (340 X 145 CM ) GRADE FIXA PARA PROTEÇÃO DE JANELAS, EM BARRA DE FERRO QUADRADO DE 1/2\" E QUADRO DE FERRO CHATO DE 1/2\"X 1/8\", COLOCADA","U",1249.06]
[null,"ED-50897","SEE-SER-056","GF1 - (340 X 165 CM ) GRADE FIXA PARA PROTEÇÃO DE JANELAS, EM BARRA DE FERRO QUADRADO DE 1/2\" E QUADRO DE FERRO CHATO DE 1/2\"X 1/8\", COLOCADA","U",1421.34]
[null,"ED-50899","SEE-SER-061","GF2 - (340 X 105 CM ) GRADE FIXA PARA PROTEÇÃO DE JANELAS, EM BARRA DE FERRO QUADRADO DE 1/2\" E QUADRO DE FERRO CHATO DE 1/2\"X 1/8\", COLOCADA","U",904.49]
[null,"ED-50898","SEE-SER-060","GF2 - (340 X 165 CM ) GRADE FIXA PARA PROTEÇÃO DE JANELAS, EM BARRA DE FERRO QUADRADO DE 1/2\" E QUADRO DE FERRO CHATO DE 1/2\"X 1/8\", COLOCADA","U",1421.34]
[null,"ED-50900","SEE-SER-065","GF3 - (340 X 60 CM ) GRADE FIXA PARA PROTEÇÃO DE JANELAS, EM BARRA DE FERRO QUADRADO DE 1/2\" E QUADRO DE FERRO CHATO DE 1/2\"X 1/8\", COLOCADA","U",516.85]
[null,"ED-50901","SEE-SER-066","GF3 - (340 X 80 CM ) GRADE FIXA PARA PROTEÇÃO DE JANELAS, EM BARRA DE FERRO QUADRADO DE 1/2\" E QUADRO DE FERRO CHATO DE 1/2\"X 1/8\", COLOCADA","U",689.13]
[null,"ED-50902","SEE-SER-070","GF4 - (162,5 X 80 CM ) GRADE FIXA PARA PROTEÇÃO DE JANELAS, EM BARRA DE FERRO QUADRADO DE 1/2\" E QUADRO DE FERRO CHATO DE 1/2\"X 1/8\", COLOCADA","U",329.36]
[null,"ED-50904","SEE-SER-076","GF5 - (340 X 185 CM ) GRADE FIXA PARA PROTEÇÃO DE JANELAS, EM BARRA DE FERRO QUADRADO DE 1/2\" E QUADRO DE FERRO CHATO DE 1/2\"X 1/8\", COLOCADA","U",1593.63]
[null,"ED-50903","SEE-SER-075","GF5 - (340 X 40 CM ) GRADE FIXA PARA PROTEÇÃO DE JANELAS, EM BARRA DE FERRO QUADRADO DE 1/2\" E QUADRO DE FERRO CHATO DE 1/2\"X 1/8\", COLOCADA","U",344.56]
[null,"ED-50913","SEE-SER-150","GR - GRADE FIXA EM FERRO (180 X 158 CM) , COLOCADA","U",720.55]
[null,"ED-50912","SEE-SER-135","JANELA PERFIL CANTONEIRA BASCULANTE 0,60 X 0,60 M, CONFORME DETALHE PADRÃO ESCOLAR 4/98 VERSÃO 2005","U",128.84]
[null,"ED-50911","SEE-SER-130","JANELA PERFIL CANTONEIRA BASCULANTE 1,20 X 0,60 M, CONFORME DETALHE PADRÃO ESCOLAR 4/98 VERSÃO 2005","U",257.68]
[null,"ED-50882","SEE-SER-016","JB1 - (340 X 40 CM) BASCULANTE DE FERRO ASSENTADA COM PARAFUSOS E BUCHA, CONFORME DETALHE E ESPECIFICAÇÕES","U",472.31]
[null,"ED-50881","SEE-SER-015","JB1 - (345 X 40 CM) BASCULANTE DE FERRO ASSENTADA COM PARAFUSOS E BUCHA, CONFORME DETALHE E ESPECIFICAÇÕES","U",479.26]
[null,"ED-50884","SEE-SER-021","JB2 - (340 X 60 CM) BASCULANTE DE FERRO ASSENTADA COM PARAFUSOS E BUCHA,CONFORME DETALHE E ESPECIFICAÇÕES","U",708.47]
[null,"ED-50883","SEE-SER-020","JB2 - (345 X 60 CM) BASCULANTE DE FERRO ASSENTADA COM PARAFUSOS E BUCHA,CONFORME DETALHE E ESPECIFICAÇÕES","U",718.89]
[null,"ED-50886","SEE-SER-026","JB3 - (340 X 80 CM) BASCULANTE DE FERRO ASSENTADA COM PARAFUSOS E BUCHA,CONFORME DETALHE E ESPECIFICAÇÕES","U",944.62]
[null,"ED-50885","SEE-SER-025","JB3 - (345 X 80 CM) BASCULANTE DE FERRO ASSENTADA COM PARAFUSOS E BUCHA,CONFORME DETALHE E ESPECIFICAÇÕES","U",958.52]
[null,"ED-50887","SEE-SER-030","JB4 - (165 X 80 CM) BASCULANTE DE FERRO ASSENTADA COM PARAFUSOS E BUCHA,CONFORME DETALHE E ESPECIFICAÇÕES","U",468.84]
[null,"ED-50888","SEE-SER-035","JB5 - (172,5 X 40 CM) BASCULANTE DE FERRO ASSENTADA COM PARAFUSOS E BUCHA,CONFORME DETALHE E ESPECIFICAÇÕES","U",239.63]
[null,"ED-50889","SEE-SER-036","JB5 - (195 X 40 CM) BASCULANTE DE FERRO ASSENTADA COM PARAFUSOS E BUCHA,CONFORME DETALHE E ESPECIFICAÇÕES","U",270.88]
[null,"ED-50891","SEE-SER-041","JB6 - (210 X 40 CM) BASCULANTE DE FERRO ASSENTADA COM PARAFUSOS E BUCHA,CONFORME DETALHE E ESPECIFICAÇÕES","U",305.61]
[null,"ED-50890","SEE-SER-040","JB6 - (82,25 X 40 CM) BASCULANTE DE FERRO ASSENTADA COM PARAFUSOS E BUCHA,CONFORME DETALHE E ESPECIFICAÇÕES","U",114.25]
[null,"ED-50893","SEE-SER-046","JB7 - (162,5 X 40 CM) BASCULANTE DE FERRO ASSENTADA COM PARAFUSOS E BUCHA,CONFORME DETALHE E ESPECIFICAÇÕES","U",225.73]
[null,"ED-50892","SEE-SER-045","JB7 - (165 X 40 CM) BASCULANTE DE FERRO ASSENTADA COM PARAFUSOS E BUCHA,CONFORME DETALHE E ESPECIFICAÇÕES","U",229.21]
[null,"ED-50895","SEE-SER-051","JB8 - (130 X 40 CM) BASCULANTE DE FERRO ASSENTADA COM PARAFUSOS E BUCHA,CONFORME DETALHE E ESPECIFICAÇÕES","U",180.59]
[null,"ED-50894","SEE-SER-050","JB8 - (135 X 40 CM) BASCULANTE DE FERRO ASSENTADA COM PARAFUSOS E BUCHA,CONFORME DETALHE E ESPECIFICAÇÕES","U",187.53]
[null,"ED-50878","SEE-SER-006","JC1 - (340 X 145 CM) BASCULANTE DE FERRO ASSENTADA COM PARAFUSOS E BUCHA, CONFORME DETALHE E ESPECIFICAÇÕES","U",1712.13]
[null,"ED-50877","SEE-SER-005","JC1 - (345 X 145 CM) BASCULANTE DE FERRO ASSENTADA COM PARAFUSOS E BUCHA, CONFORME DETALHE E ESPECIFICAÇÕES","U",1737.31]
[null,"ED-50880","SEE-SER-011","JC2 - (340 X 165 CM) BASCULANTE DE FERRO ASSENTADA COM PARAFUSOS E BUCHA,CONFORME DETALHE E ESPECIFICAÇÕES","U",1948.29]
[null,"ED-50879","SEE-SER-010","JC2 - (345 X 165 CM) BASCULANTE DE FERRO ASSENTADA COM PARAFUSOS E BUCHA,CONFORME DETALHE E ESPECIFICAÇÕES","U",1976.94]
[null,"ED-50905","SEE-SER-080","JT - (150 X 75 CM) PAINEL FIXO EM TELA METÁLICA FIO 12 #5MM","U",269.70999999999998]
[null,"ED-50906","SEE-SER-081","JT - (150 X 80 CM) PAINEL FIXO EM TELA METÁLICA FIO 12 #5MM","U",287.7]
[null,"ED-50917","SEE-SER-170","J6 - (140 CM X 140 CM) GRADE FIXA DE FERRO ASSENTADA COM PARAFUSOS E BUCHA, CONFORME DETALHE E ESPECIFICAÇÕES","U",496.58]
[null,"ED-50918","SEE-SER-175","J9 - (140 CM X 175 CM) DE ABRIR, DUAS PORTAS, EM CHAPA METÁLICA DE FERRO ASSENTADA COM PARAFUSOS E BUCHA, CONFORME DETALHE E ESPECIFICAÇÕES","U",699.18]
[null,"ED-50847","SEE-EST-030","LAJE MACIÇA 15 CM DE CONCRETO 13,5 MPA COM ADITIVO IMPERMEABILIZANTE, ARMAÇÃO, FORMA , DESFORMA ( FUNDO CAIXA DÁGUA E COBERTURA)","M2",196.34]
[null,"ED-50848","SEE-EST-035","LAJE 10 CM MACIÇA DE CONCRETO 20 MPA, COM ARMAÇÃO, FORMA RESINADA, ESCORAMENTO E DESFORMA","M2",167.05]
[null,"ED-50849","SEE-EST-040","LAJE 8 CM MACIÇA DE CONCRETO 20MPA, COM ARMAÇÃO, FORMA RESINADA. ESCORAMENTO E DESFORMA","M2",142.41999999999999]
[null,"ED-50863","SEE-MAN-005","MANTA DE BORRACHA DE 5 MM NATURAL/COMUM PARA BANCADA","M2",18.489999999999998]
[null,"ED-50845","SEE-EST-020","PAREDE 15 CM CONCRETO 20 MPA COM ADITIVO IMPERMEABILIZANTE, ARMAÇÃO, FORMA, DESFORMA (PAREDE DA CAIXA DÁGUA)","M2",250.14]
[null,"ED-50907","SEE-SER-100","PG - (70 X 70 CM) PORTA COMPLETA, ESTRUTURA EM CHAPA, ASSENTADA , CONFORME DETALHES E ESPECIFICAÇÕES","U",172.23]
[null,"ED-50842","SEE-EST-005","PILAR EM CONCRETO APARENTE 20 MPA, INCLUSIVE ARMAÇÃO, FORMA PLASTIFICADA E DESFORMA","M3",2279.85]
[null,"ED-50843","SEE-EST-010","PILARETE DE CONCRETO 17 X 20 CM CONCRETO 20 MPA, APARENTE NA FACE EXTERNA , INCLUSIVE FORMA E AÇO, EM GUARDA - CORPO NAS CIRCULAÇÕES","M3",2232.36]
[null,"ED-50864","SEE-POÇ-005","POÇO ABSORVENTE DE D = 150 CM X 3 M, REVESTIDO EM ALVENARIA DE TIJOLO REQUEIMADO, FUNDO DE AREIA E BRITA E TAMPA EM LAJE ESP. = 8 CM, INCLUSIVE BOTA FORA DE MATERIAL ESCAVADO","U",2917.65]
[null,"ED-50915","SEE-SER-160","PORTA METÁLICA 70 X 210 CM , INCLUINDO FECHADURA TIPO EXTERNA E FERRAGENS, CONFORME DETALHE PADRÃO ESCOLAR 4/98 VERSÃO 2005","U",419.5]
[null,"ED-50916","SEE-SER-165","PORTA METÁLICA 80 X 210 CM , INCLUINDO FECHADURA TIPO EXTERNA E FERRAGENS, CONFORME DETALHE PADRÃO ESCOLAR 4/98 VERSÃO 2005","U",479.43]
[null,"ED-50909","SEE-SER-120","PORTA 1,00 X 2,10 CM, CONFORME DETALHE DE PROJETO","U",599.29]
[null,"ED-50914","SEE-SER-155","PV - (165 X 90 CM) PORTA COMPLETA, 2 FOLHAS, ESTRUTURA EM CHAPA, MARCO EM CHAPA DOBRADA, ASSENTADA , CONFORME DETALHES E ESPECIFICAÇÕES","U",235.38]
[null,"ED-50908","SEE-SER-110","PV1 - PORTA DE ABRIR VENEZIANA CHAPA DE ABRIR, (CANTINA), 150 X 130 X 90 CM","U",478.49]
[null,"ED-50841","SEE-ESQ-010","P8 (83 CM X 60 CM) PORTINHOLA EM COMPENSADO PINTADO COM TRINCO, CONFORME DETALHE 33-D AGOSTO 2001 PROJETO PADRÃO DEER-MG","M2",131.52000000000001]
[null,"ED-50871","SEE-QUA-026","QUADRO DE AVISO COMPLETO, COM PORTA DE ACRÍLICO 50 X 80 X 8 CM","U",738.79]
[null,"ED-50870","SEE-QUA-025","QUADRO DE AVISO COMPLETO, COM PORTA DE VIDRO 50 X 80 X 8 CM","U",638.79]
[null,"ED-50872","SEE-QUA-030","QUADRO DE AVISOS 80 X 40 CM, COMPLETO, COLOCADO","U",538.79]
[null,"ED-50874","SEE-QUA-036","QUADRO DE CHAVE DE MADEIRA 70 GANCHOS - PORTA COM ACRÍLICO, 40 X 60 CM","U",638.79]
[null,"ED-50873","SEE-QUA-035","QUADRO DE CHAVE DE MADEIRA 70 GANCHOS - PORTA COM VIDRO, 40 X 60 CM","U",538.79]
[null,"ED-50875","SEE-QUA-040","QUADRO DE CHAVES 50 X 46 CM","U",538.79]
[null,"ED-50910","SEE-SER-125","QUADRO METÁLICO 2,00 X 0,60 M EM TELA METÁLICA 1\", FIO # 10","U",287.7]
[null,"ED-50865","SEE-QUA-005","QUADRO PARA GIZ DE LAMINADO MELAMÍNICO COLOCADO 308 X 125 CM COM PORTA GIZ E MOLDURA, COM DOIS QUADROS PARA CARTAZES DE 127 X 125 CM","U",2176.38]
[null,"ED-50866","SEE-QUA-010","QUADRO PARA GIZ E CARTAZES - MOLDURA EM ALUMÍNIO","U",1557.59]
[null,"ED-50868","SEE-QUA-016","QUADRO PARA GIZ E CARTAZES, 310 X 131 CM - MOLDURA EM MADEIRA","U",1157.5899999999999]
[null,"ED-50867","SEE-QUA-015","QUADRO PARA GIZ E CARTAZES, 557 X 126 CM - MOLDURA EM MADEIRA","U",1757.59]
[null,"ED-50869","SEE-QUA-020","QUADRO PARA PINCEL ATÔMICO, EM CHAPA RESINADA (310 X 131 CM), COMPLETO","U",1157.5899999999999]
[null,"ED-50876","SEE-REG-005","RÉGUA DE 10 X 1,7 CM (PEROBA ROSA) CANTO BOLEADO","M",20.51]
[null,"ED-50919","SEE-TEL-005","TF- (350 X 72 CM) TELA FIXA SOLDADA ENTRE PILARETES METÁLICOS DE SUSTENTAÇÃO DAS TERÇAS EM PERFIL CANTONEIRA E TELA CORRUGADA","U",212.25]
[null,"ED-50850","SEE-EST-045","VIGA DE 0,21 A 0,35 M DE LARGURA EM CONCRETO 20MPA, APARENTE, ARMAÇÃO, FORMA PLASTIFICADA, ESCORAMENTO E DESFORMA","M3",1563.98]
[null,"68","-","361 - SER-001  - SERRALHERIA"]
[null,"ED-9100","-","ALAMBRADO PARA QUADRA ESPORTIVA, COM TELA DE ARAME GALVANIZADO FIO 12 # 2\", FIXADO EM QUADROS DE TUBOS DE AÇO CARBONO GALVANIZADO DN 50MM (2\")","M2",108.06]
[null,"ED-50921","SER-ALA-010","ALAMBRADO PARA QUADRA ESPORTIVA, COM TELA DE ARAME GALVANIZADO FIO 12 # 2\", FIXADO EM QUADROS DE TUBOS DE AÇO GALVANIZADO D = 2\", H = 1,00 M","M",131.32]
[null,"ED-50920","SER-ALA-005","ALAMBRADO PARA QUADRA ESPORTIVA, COM TELA DE ARAME GALVANIZADO FIO 12 # 2\", FIXADO EM QUADROS DE TUBOS DE AÇO GALVANIZADO D = 2\", H = 4,00 M","M",290.25]
[null,"ED-50922","SER-ALA-015","ALAMBRADO PARA QUADRA ESPORTIVA, COM TELA DE ARAME GALVANIZADO FIO 12 # 2\", FIXADO EM QUADROS DE TUBOS DE AÇO GALVANIZADO D = 2\", H = 6,00 M","M",407.6]
[null,"ED-50923","SER-ALÇ-005","ALÇAPÃO 60 X 60 CM COM COM QUADRO DE CANTONEIRA METÁLICA 1\"X 1/8\", TAMPA EM CANTONEIRA 7/8\"X 1/8\" E CHAPA METÁLICA ENRIJECIDA POR PERFIL \"T","U",184.36]
[null,"ED-50925","SER-ALÇ-015","ALÇAPÃO 70 X 70 CM COM COM QUADRO DE CANTONEIRA METÁLICA 1\"X 1/8\", TAMPA EM CANTONEIRA 7/8\"X 1/8\" E CHAPA METÁLICA ENRIJECIDA POR PERFIL \"T","U",213.55]
[null,"ED-50924","SER-ALÇ-010","ALÇAPÃO 80 X 80 CM COM COM QUADRO DE CANTONEIRA METÁLICA 1\"X 1/8\", TAMPA EM CANTONEIRA 7/8\"X 1/8\" E CHAPA METÁLICA ENRIJECIDA POR PERFIL \"T","U",222.93]
[null,"ED-50927","SER-ARM-005","ARMÁRIO EM CHAPA DOBRADA #14 COM PRATELEIRA INTERNA E SUPORTES DE METALON PARA TV E VÍDEO","U",323.31]
[null,"ED-50928","SER-ARM-010","ARMÁRIO PARA TV E VÍDEO","U",268.52]
[null,"ED-50933","SER-COL-015","ASSENTAMENTO DE GRADIS E PORTÕES","M2",65.239999999999995]
[null,"ED-50931","SER-COL-005","ASSENTAMENTO DE JANELAS METÁLICAS BASCULANTE OU FIXA","M2",73.12]
[null,"ED-50932","SER-COL-010","ASSENTAMENTO DE JANELAS METÁLICAS DE CORRER E MAXIM-AR","M2",116.67]
[null,"ED-50934","SER-COL-020","ASSENTAMENTO DE PORTA DE METÁLICA UMA (1) OU DUAS (2) FOLHAS","M2",45.38]
[null,"ED-50943","SER-COR-030","CORRIMÃO DUPLO EM TUBO DE AÇO INOX D = 1 1/2\" - FIXADO EM ALVENARIA","M",324.64999999999998]
[null,"ED-50937","SER-COR-007","CORRIMÃO DUPLO EM TUBO GALVANIZADO DIN 2440, D = 1 1/2\" - FIXADO EM ALVENARIA","M",107.42]
[null,"ED-50941","SER-COR-020","CORRIMÃO SIMPLES EM TUBO DE AÇO INOX D = 1 1/2\" - FIXADO EM ALVENARIA","M",171.28]
[null,"ED-50942","SER-COR-025","CORRIMÃO SIMPLES EM TUBO DE AÇO INOX D = 1 1/2\" - FIXADO EM PISO","M",167.91]
[null,"ED-50935","SER-COR-005","CORRIMÃO SIMPLES EM TUBO GALVANIZADO DIN 2440, D = 1 1/2\" - FIXADO EM ALVENARIA","M",91.28]
[null,"ED-50936","SER-COR-006","CORRIMÃO SIMPLES EM TUBO GALVANIZADO DIN 2440, D = 1 1/2\" - FIXADO EM PISO","M",82.16]
[null,"ED-50947","SER-DEG-005","DEGRAU DE ESCADA DE MARINHEIRO DE FERRO REDONDO DE 7/8\" ENGASTADO","U",45.46]
[null,"ED-50949","SER-ESC-010","ESCADA MARINHEIRO - TUBO GALVANIZADO D = 3/4\" E D = 1/2\"","M",163.22999999999999]
[null,"ED-50948","SER-ESC-005","ESCADA MARINHEIRO COM GRADIL PROTETOR - D = 3/4\"","M",362.76]
[null,"ED-50950","SER-FEC-005","FECHAMENTO DE EMPENA COM QUADRO EM PERFIL, CANTONEIRA 2\" X 2\", SOLDADO, E TELA FIO 12 MALHA 1/2\" (CONFORME DETALHE DE PRÉDIO ESCOLAR, INCLUSIVE PINTURA ESMALTE)","M2",193.13]
[null,"ED-50930","SER-CAI-006","FORNECIMENTO E ASSENTAMENTO DE CAIXILHO FIXO DE FERRO COM TELA CORRUGADA # 15 MM FIO 12","M2",224.92]
[null,"ED-50951","SER-GRA-005","FORNECIMENTO E ASSENTAMENTO DE GRADE FIXA DE FERRO, PARA PROTEÇÃO DE JANELAS","M2",253.36]
[null,"ED-50954","SER-JAN-005","FORNECIMENTO E ASSENTAMENTO DE JANELA BASCULANTE DE FERRO","M2",347.29]
[null,"ED-50957","SER-JAN-010","FORNECIMENTO E ASSENTAMENTO DE JANELA BASCULANTE EM METALON","M2",357.9]
[null,"ED-50961","SER-JAN-025","FORNECIMENTO E ASSENTAMENTO DE JANELA DE ALUMÍNIO, LINHA SUPREMA ACABAMENTO ANODIZADO, TIPO BASCULA COM CONTRAMARCO, INCLUSIVE FORNECIMENTO DE VIDRO LISO DE 4MM, FERRAGENS E ACESSÓRIOS","M2",396.22]
[null,"ED-50962","SER-JAN-030","FORNECIMENTO E ASSENTAMENTO DE JANELA DE ALUMÍNIO, LINHA SUPREMA ACABAMENTO ANODIZADO, TIPO CORRER COM CONTRAMARCO, INCLUSIVE FORNECIMENTO DE VIDRO LISO DE 4MM, FERRAGENS E ACESSÓRIOS","M2",411.4]
[null,"ED-50963","SER-JAN-035","FORNECIMENTO E ASSENTAMENTO DE JANELA DE ALUMÍNIO, LINHA SUPREMA ACABAMENTO ANODIZADO, TIPO CORRER, 2 FOLHAS COM CONTRAMARCO, INCLUSIVE FORNECIMENTO DE VIDRO LISO DE 4MM, FERRAGENS E ACESSÓRIOS","M2",411.4]
[null,"ED-50964","SER-JAN-040","FORNECIMENTO E ASSENTAMENTO DE JANELA DE ALUMÍNIO, LINHA SUPREMA ACABAMENTO ANODIZADO, TIPO MAXIM-AR COM CONTRAMARCO, INCLUSIVE FORNECIMENTO DE VIDRO LISO DE 4MM, FERRAGENS E ACESSÓRIOS","M2",414.44]
[null,"ED-50955","SER-JAN-006","FORNECIMENTO E ASSENTAMENTO DE JANELA DE CORRER EM FERRO","M2",401.83]
[null,"ED-50958","SER-JAN-015","FORNECIMENTO E ASSENTAMENTO DE JANELA DE CORRER EM METALON","M2",401.83]
[null,"ED-50956","SER-JAN-007","FORNECIMENTO E ASSENTAMENTO DE JANELA EM FERRO, TIPO MAXIM-AR, INCLUSIVE FERRAGENS E ACESSÓRIOS","M2",285.45999999999998]
[null,"ED-50959","SER-JAN-016","FORNECIMENTO E ASSENTAMENTO DE JANELA EM METALON, TIPO MAXIM-AR, INCLUSIVE FERRAGENS E ACESSÓRIOS","M2",285.45999999999998]
[null,"ED-50960","SER-JAN-020","FORNECIMENTO E ASSENTAMENTO DE JANELA VENEZIANA FIXAS METALON","M2",459.69]
[null,"ED-50965","SER-MAR-005","FORNECIMENTO E ASSENTAMENTO DE MARCO EM CHAPA METÁLICA","U",295]
[null,"ED-50969","SER-PAI-005","FORNECIMENTO E ASSENTAMENTO DE PAINEL FIXO EM TELA METÁLICA FIO 12 # 5 MM","M2",239.75]
[null,"ED-50970","SER-POR-005","FORNECIMENTO E ASSENTAMENTO DE PORTA AÇO DE ENROLAR, LÂMINA RAIADA COM LARGURA ÚTIL 100MM, CHAPA 24, ABERTURA MANUAL, COMPLETA, INCLUSIVE EIXO, MOLA, SOLEIRA, ETIQUETA, CAVALETE, GUIAS, FITAS E FECHADURAS LATERAIS - COMPLETA","M2",329.37]
[null,"ED-50991","SER-POR-095","FORNECIMENTO E ASSENTAMENTO DE PORTA DE ALUMÍNIO, LINHA SUPREMA ACABAMENTO ANODIZADO, TIPO CORRER, COM DUAS FOLHAS, INCLUSIVE FORNECIMENTO DE VIDRO LISO DE 4MM, FERRAGENS E ACESSÓRIOS","M2",437.17]
[null,"ED-13908","-","FORNECIMENTO E ASSENTAMENTO DE PORTA DE CORRER DUAS (2) FOLHAS, EM CHAPA GALVANIZADA LAMBRIL, MODELO ONDULADA, INCLUSIVE PERFIS PARA MARCO E PINTURA ANTICORROSIVA COM UMA (1) DEMÃO, EXCLUSIVE FECHADURA E ROLDANAS","M2",310.35000000000002]
[null,"ED-13888","-","FORNECIMENTO E ASSENTAMENTO DE PORTA DE CORRER UMA (1) FOLHA, EM CHAPA GALVANIZADA LAMBRIL, MODELO ONDULADA, INCLUSIVE PERFIS PARA MARCO E PINTURA ANTICORROSIVA COM UMA (1) DEMÃO, EXCLUSIVE FECHADURA E ROLDANAS","M2",294.66000000000003]
[null,"ED-7576","-","FORNECIMENTO E ASSENTAMENTO DE PORTA EM ALUMÍNIO, TIPO VENEZIANA, DE ABRIR, ACABAMENTO ANODIZADO NATURAL, INCLUSIVE FECHADURA E MARCO","M2",494.98]
[null,"ED-13926","-","FORNECIMENTO E INSTALAÇÃO DE FERRAGENS PARA PORTA DE CORRER COM DUAS (2) FOLHAS, BATENTE COM ALTURA MÁXIMA DE 2,3M, INCLUSIVE FECHADURA, MODELO BICO PAPAGAIO, ROLDANA INFERIOR E SUPERIOR, MODELO TIPO U, CAPACIDADE 360KG","UN",279.97000000000003]
[null,"ED-13911","-","FORNECIMENTO E INSTALAÇÃO DE FERRAGENS PARA PORTA DE CORRER COM UMA (1) FOLHA, BATENTE COM ALTURA MÁXIMA DE 2,3M, INCLUSIVE FECHADURA, MODELO BICO PAPAGAIO, ROLDANA INFERIOR E SUPERIOR, MODELO TIPO U, CAPACIDADE 360KG","UN",165.54]
[null,"ED-50953","SER-GRE-010","GRELHA PARA CAIXA DE HOLOFOTE REFLETOR EM PERFIL CHATO DE 25 X 3 MM, 45 X 45 CM","U",97.96]
[null,"ED-50939","SER-COR-011","GUARDA-CORPO EM AÇO GALVANIZADO DIN 2440, D = 2\", COM SUBDIVISÕES EM TUBO DE AÇO D = 1/2\", H = 1,05 M - COM CORRIMÃO DUPLO DE TUBO DE AÇO GALVANIZADO DE D = 1 1/2\"","M",513.73]
[null,"ED-50938","SER-COR-010","GUARDA-CORPO EM AÇO GALVANIZADO DIN 2440, D = 2\", COM SUBDIVISÕES EM TUBO DE AÇO D = 1/2\", H = 1,05 M - COM CORRIMÃO SIMPLES DE TUBO DE AÇO GALVANIZADO DE D = 1 1/2\"","M",428.73]
[null,"ED-50946","SER-COR-045","GUARDA-CORPO EM AÇO INOX D = 1 1/2\", COM SUBDIVISÕES EM TUBO DE AÇO INOX D = 1/2\", H = 1,05 M","M",423.73]
[null,"ED-50945","SER-COR-040","GUARDA-CORPO EM AÇO INOX D = 1 1/2\", COM SUBDIVISÕES EM TUBO DE AÇO INOX D = 1/2\", H = 1,05 M - COM CORRIMÃO DUPLO DE TUBO DE AÇO INOX D = 1 1/2\"","M",723.73]
[null,"ED-50944","SER-COR-035","GUARDA-CORPO EM AÇO INOX D = 1 1/2\", COM SUBDIVISÕES EM TUBO DE AÇO INOX D = 1/2\", H = 1,05 M - COM CORRIMÃO SIMPLES DE TUBO DE AÇO INOX D = 1 1/2\"","M",603.73]
[null,"ED-50940","SER-COR-015","GUARDA-CORPO EM TUBO GALVANIZADO DIN 2440 D = 2\", COM SUBDIVISÕES EM TUBO DE AÇO D = 1/2\", H = 1,05 M","M",352.18]
[null,"ED-50966","SER-MAS-005","MASTRO DE PÁTIO PARA BANDEIRA, EM TUBO GALVANIZADO 2\" - H = 6,00 M","U",482.7]
[null,"ED-50967","SER-MAS-010","MASTRO PARA FACHADA","U",232.36]
[null,"ED-50968","SER-MAS-015","MASTROS DE PÁTIO PARA BANDEIRAS (H = 2,00 M E 6,00 M E DE 1,00 M E 9,00 M)","CJ",1590.23]
[null,"ED-50971","SER-POR-010","PORTA COMPLETA, ESTRUTURA E MARCO EM CHAPA DOBRADA - 60 X 210 CM","U",317.17]
[null,"ED-50972","SER-POR-011","PORTA COMPLETA, ESTRUTURA E MARCO EM CHAPA DOBRADA - 70 X 210 CM","U",346.7]
[null,"ED-50973","SER-POR-015","PORTA COMPLETA, ESTRUTURA E MARCO EM CHAPA DOBRADA - 80 X 210 CM","U",376.23]
[null,"ED-50974","SER-POR-016","PORTA COMPLETA, ESTRUTURA E MARCO EM CHAPA DOBRADA - 80 X 210 CM, COM BARRA DE APOIO","U",475.43]
[null,"ED-50975","SER-POR-020","PORTA COMPLETA, ESTRUTURA E MARCO EM CHAPA DOBRADA - 90 X 210 CM","U",405.76]
[null,"ED-50988","SER-POR-080","PORTA CORTA-FOGO, COLOCAÇÃO E ACABAMENTO, DE ABRIR, UMA FOLHA COM DOBRADIÇA ESPECIAL, MOLA DE FECHAMENTO, FECHADURA, MAÇANETA E DEMAIS FERRAGENS DE ACABAMENTO, DIMENSÕES 0,80 X 2,10 M","U",831.4]
[null,"ED-50989","SER-POR-085","PORTA CORTA-FOGO, COLOCAÇÃO E ACABAMENTO, DE ABRIR, UMA FOLHA COM DOBRADIÇA ESPECIAL, MOLA DE FECHAMENTO, FECHADURA, MAÇANETA E DEMAIS FERRAGENS DE ACABAMENTO, DIMENSÕES 0,90 X 2,10 M","U",1072.54]
[null,"ED-50990","SER-POR-090","PORTA CORTA-FOGO, COLOCAÇÃO E ACABAMENTO, DE ABRIR, UMA FOLHA COM DOBRADIÇA ESPECIAL, MOLA DE FECHAMENTO, FECHADURA, MAÇANETA E DEMAIS FERRAGENS DE ACABAMENTO, DIMENSÕES 1,600 X 2,10 M","U",2263.25]
[null,"ED-50978","SER-POR-030","PORTA DE SANITÁRIO COMPLETA, COM BATENTES DE FERRO, ESTRUTURA EM METALON 20 X 30, FOLHA EM CHAPA GALVANIZADA Nº. 18, TRANQUETA E DOBRADIÇAS - 60 X 180 CM","U",294.01]
[null,"ED-50976","SER-POR-025","PORTA DE SANITÁRIO COMPLETA, COM BATENTES DE FERRO, ESTRUTURA EM METALON 20 X 30 MM, FOLHA EM CHAPA GALVANIZADA Nº. 18, TRANQUETA E DOBRADIÇAS - 60 X 150 CM","U",255.84]
[null,"ED-50977","SER-POR-026","PORTA DE SANITÁRIO COMPLETA, COM BATENTES DE FERRO, ESTRUTURA EM METALON 20 X 30 MM, FOLHA EM CHAPA GALVANIZADA Nº. 18, TRANQUETA E DOBRADIÇAS - 80 X 150 CM","U",289.45]
[null,"ED-50979","SER-POR-035","PORTA EM PERFIL E CHAPA METÁLICA","M2",285.38]
[null,"ED-50980","SER-POR-040","PORTA VENEZIANA EM CHAPA DOBRADA E METALON","M2",245.38]
[null,"ED-50981","SER-POR-045","PORTA VENEZIANA EM PERFIL E CHAPA METÁLICA","M2",285.38]
[null,"ED-50982","SER-POR-050","PORTÃO DE FERRO PADRÃO, EM CHAPA (TIPO LAMBRI), COLOCADO COM CADEADO","M2",265.24]
[null,"ED-50983","SER-POR-055","PORTÃO DE GRADE COLOCADO COM CADEADO","M2",245.24]
[null,"ED-50984","SER-POR-060","PORTÃO DE TUBO DE FERRO COLOCADO COM CADEADO","M2",285.24]
[null,"ED-50985","SER-POR-070","PORTÃO EM PERFIL E CHAPA METÁLICA COLOCADO COM CADEADO","M2",320.14]
[null,"ED-50987","SER-POR-076","PORTÃO EM TUBO GALVANIZADO 1 1/2\" COM TELA FIO 12 # 1/2\" E CADEADO","M2",345.24]
[null,"ED-50986","SER-POR-075","PORTÃO EM TUBO GALVANIZADO 2 1/2\" COM TELA FIO 12 # 1/2\"","M2",355.24]
[null,"ED-50929","SER-BAT-005","SEGREGADOR/BATE-RODAS PARA ESTACIONAMENTO ENGASTADO, EM TUBO GALVANIZADO, DN 3\" (75MM), ACABAMENTO EM PINTURA ESMALTE, INCLUSIVE ESCAVAÇÃO, CHUMBAMENTO, FORNECIMENTO DE CONCRETO E BOTA-FORA DO MATERIAL","UN",183.88]
[null,"ED-50992","SER-VED-005","VEDAÇÃO DE ESQUADRIAS METÁLICAS COM SILICONE PASTOSO","M",17.18]
[null,"69","-","362 - SOL-001  - SOLEIRAS E PEITORIS"]
[null,"ED-50993","PEI-ARD-006","PEITORIL DE ARDÓSIA E = 2 CM","M2",137.13999999999999]
[null,"ED-50994","PEI-CON-005","PEITORIL DE CONCRETO E = 3 CM, FCK >= 13,5 MPA, L = 20 CM","M",25.82]
[null,"ED-50995","PEI-CON-010","PEITORIL DE CONCRETO E = 3 CM, FCK >= 13,5 MPA, L = 25 CM","M",40.92]
[null,"ED-50997","PEI-GRA-005","PEITORIL DE GRANITO CINZA ANDORINHA E = 2 CM","M2",201.52]
[null,"ED-50998","PEI-GRA-010","PEITORIL DE GRANITO CINZA ANDORINHA E = 3 CM","M2",240.37]
[null,"ED-50999","PEI-MAR-005","PEITORIL DE MÁRMORE BRANCO E = 2 CM","M2",269.02999999999997]
[null,"ED-51000","PEI-MAR-010","PEITORIL DE MÁRMORE BRANCO E = 3 CM","M2",285.2]
[null,"ED-50996","PEI-CON-015","PEITORIL PRÉ-MOLDADO EM CONCRETO 18 MPA, INCLUSIVE GANCHO PARA FIXAÇÃO","M",38.99]
[null,"ED-51001","SOL-ARD-005","SOLEIRA DE ARDÓSIA E = 2 CM","M2",137.13999999999999]
[null,"ED-51002","SOL-GRA-005","SOLEIRA DE GRANITO CINZA ANDORINHA E = 2 CM","M2",204.28]
[null,"ED-51003","SOL-GRA-010","SOLEIRA DE GRANITO CINZA ANDORINHA E = 3 CM","M2",243.13]
[null,"ED-51004","SOL-MAR-005","SOLEIRA DE MÁRMORE BRANCO E = 2 CM","M2",269.02999999999997]
[null,"ED-51005","SOL-MAR-010","SOLEIRA DE MÁRMORE BRANCO E = 3 CM","M2",285.2]
[null,"70","-","363 - SON-001  - SONDAGEM"]
[null,"ED-51006","SON-SPT-005","MOBILIZAÇÃO E DESMOBILIZAÇÃO POR EQUIPAMENTO DE SONDAGEM A PERCUSSÃO D = 2 1/2\"","VB",700]
[null,"ED-51008","SON-SPT-015","MOBILIZAÇÃO E DESMOBILIZAÇÃO POR EQUIPAMENTO DE SONDAGEM A PERCUSSÃO D = 4\"","VB",1050]
[null,"ED-51007","SON-SPT-010","SONDAGEM A PERCUSSÃO D = 2 1/2\" COM MEDIDA DE SPT (FATURAMENTO MÍNIMO = 30 M)","M",75.62]
[null,"ED-51009","SON-SPT-020","SONDAGEM A PERCUSSÃO D = 4\" COM MEDIDA DE SPT (FATURAMENTO MÍNIMO = 30 M)","M",126.5]
[null,"71","-","364 - SPDA-001  - SISTEMA DE PREVENÇÃO CONTRA DESCARGAS"]
[null,"ED-51012","SPDA-ABR-020","ABRAÇADEIRA GUIA PARA MASTROS SIMPLES PARA DUAS DESCIDA 1 1/2\"","U",17.97]
[null,"ED-51013","SPDA-ABR-025","ABRAÇADEIRA GUIA PARA MASTROS SIMPLES PARA DUAS DESCIDA 2\"","U",17.97]
[null,"ED-51010","SPDA-ABR-010","ABRAÇADEIRA GUIA PARA MASTROS SIMPLES PARA UMA DESCIDA 1 1/2\"","U",11.36]
[null,"ED-51011","SPDA-ABR-015","ABRAÇADEIRA GUIA PARA MASTROS SIMPLES PARA UMA DESCIDA 2\"","U",11.86]
[null,"ED-51014","SPDA-ADV-005","ADESIVO EM POLIURETANO, PARA COLAGEM DE DISCO FIXADOR DE SUPORTES, BISNAGA DE 310ML, RENDIMENTO DE 20 FIXAÇÕES POR BISNAGA, EXCLUSIVE DISCO FIXADOR","UN",22.41]
[null,"ED-51016","SPDA-APA-010","APARELHO SINALIZADOR NOTURNO DE OBSTÁCULOS AÉREO, DUPLO, COM CÉLULA FOTOELÉTRICA, INCLUSIVE DUAS (2) LÂMPADAS LED, POTÊNCIA 9W, BULBO A60, E SUPORTE DE TOPO PARA MASTRO, EXCLUSIVE MASTRO","U",209.49]
[null,"ED-51015","SPDA-APA-005","APARELHO SINALIZADOR NOTURNO DE OBSTÁCULOS AÉREO, SIMPLES, COM CÉLULA FOTOELÉTRICA, INCLUSIVE UMA (1) LÂMPADA LED, POTÊNCIA 9W, BULBO A60, E SUPORTE DE TOPO PARA MASTRO, EXCLUSIVE MASTRO","U",120.28]
[null,"ED-48700","ELE-ATE-005","ATERRAMENTO COMPLETO, COM HASTES COPPERWELD 5/8\" X 2,40 M","U",100.19]
[null,"ED-51017","SPDA-ATE-005","ATERRAMENTO COMPLETO PARA PÁRA-RAIOS , COM HASTES DE COBRE COM ALMA DE AÇO TIPO \"COPPERWELD\"","U",740.81]
[null,"ED-51018","SPDA-BAR-005","BARRA CHATA DE ALUMÍNIO 3/4\" X 1/4\" X 3M","U",15.93]
[null,"ED-51019","SPDA-BAR-010","BARRA CHATA DE ALUMÍNIO 7/8\" X 1/8\" X 3M","U",23.97]
[null,"ED-51020","SPDA-BAR-015","BARRA CHATA DE COBRE 3/4\" X 3/16\" X 3M","U",71.72]
[null,"ED-13943","-","CABO DE ALUMÍNIO NU SEM ALMA 2/0 AWG 7 FIOSX3,50MM, PARA ELEMENTOS DE CAPTAÇÃO/ ANEL DE CINTAMENTO/ DESCIDA (SPDA), INCLUSIVE SUPORTE E ISOLADOR","M",14.48]
[null,"ED-13937","-","CABO DE ALUMÍNIO NU SEM ALMA 2/0 AWG 7 FIOSX3,50MM, PARA ELEMENTOS DE CAPTAÇÃO/ANEL DE CINTAMENTO (SPDA), INCLUSIVE PRESILHA DE FIXAÇÃO","M",11.85]
[null,"ED-13938","-","CABO DE COBRE NU #16MM2 - 7 FIOSX1,70MM, PARA ELEMENTOS  DE CAPTAÇÃO/ ANEL DE CINTAMENTO/ DESCIDA (SPDA), INCLUSIVE SUPORTE E ISOLADOR","M",22.97]
[null,"ED-13931","-","CABO DE COBRE NU #16MM2 - 7 FIOSX1,70MM, PARA ELEMENTOS DE CAPTAÇÃO/ANEL DE CINTAMENTO (SPDA), INCLUSIVE PRESILHA DE FIXAÇÃO","M",20.63]
[null,"ED-13939","-","CABO DE COBRE NU #25MM2 - 7 FIOSX2,06MM, PARA ELEMENTOS DE CAPTAÇÃO/ ANEL DE CINTAMENTO/ DESCIDA (SPDA), INCLUSIVE SUPORTE E ISOLADOR","M",30.33]
[null,"ED-13932","-","CABO DE COBRE NU #25MM2 - 7 FIOSX2,06MM, PARA ELEMENTOS DE CAPTAÇÃO/ANEL DE CINTAMENTO (SPDA), INCLUSIVE PRESILHA DE FIXAÇÃO","M",27.99]
[null,"ED-13940","-","CABO DE COBRE NU #35MM2 - 7 FIOSX2,50MM, PARA ELEMENTOS  DE CAPTAÇÃO/ ANEL DE CINTAMENTO/ DESCIDA (SPDA), INCLUSIVE SUPORTE E ISOLADOR","M",41.28]
[null,"ED-13934","-","CABO DE COBRE NU #35MM2 - 7 FIOSX2,50MM, PARA ELEMENTOS DE CAPTAÇÃO/ANEL DE CINTAMENTO (SPDA), INCLUSIVE PRESILHA DE FIXAÇÃO","M",38.96]
[null,"ED-13935","-","CABO DE COBRE NU #50 MM2 - 7 FIOSX3,00MM, PARA ELEMENTOS DE CAPTAÇÃO/ANEL DE CINTAMENTO (SPDA), INCLUSIVE PRESILHA DE FIXAÇÃO","M",52.69]
[null,"ED-13941","-","CABO DE COBRE NU #50MM2 - 7 FIOSX3,00MM, PARA ELEMENTOS  DE CAPTAÇÃO/ ANEL DE CINTAMENTO/ DESCIDA (SPDA), INCLUSIVE SUPORTE E ISOLADOR","M",55.01]
[null,"ED-51052","SPDA-CXS-005","CAIXA DE EQUALIZAÇÃO DE EMBUTIR COM SAIDAS NAS PARTES SUPERIOR E INFERIOR PARA ELETRODUTO DE 25MM (1\"), 20 X 20 X 14 MM, COM NOVE TERMINAIS","U",178.99]
[null,"ED-51053","SPDA-CXS-010","CAIXA DE EQUALIZAÇÃO PARA USO INTERNO COM 9 TERMINAIS 210X210X90MM EM AÇO","U",165.44]
[null,"ED-51054","SPDA-CXS-015","CAIXA DE EQUALIZAÇÃO PARA USO INTERNO E EXTERNO COM 9 TERMINAIS 380X320X175MM EM AÇO E ACABAMENTO EM EPOXI","U",246.98]
[null,"ED-51056","SPDA-CXS-025","CAIXA DE INSPEÇÃO EM CIMENTO AGREGADO 300X300 MM COM TAPA EM FERRO FUNDIDO","UN",113.94]
[null,"ED-51055","SPDA-CXS-020","CAIXA DE INSPEÇÃO EM PVC 300X300 MM COM TAMPA EM FERRO FUNDIDO","U",21.5]
[null,"ED-48702","ELE-ATE-015","CAIXA PRÉ MOLDADA PARA ATERRAMENTO COM TAMPA DE CONCRETO 25 X 25 X 50 CM, INCLUSIVE ESCAVAÇÃO E BOTA FORA","U",78.2]
[null,"ED-51038","SPDA-CAP-005","CAPTOR DE LATÃO CROMADO, COBRE CROMADO OU AÇO INOXIDÁVEL, TIPO FRANKLIN","U",94.44]
[null,"ED-51040","SPDA-CHA-010","CHAPA DE AÇO ESTANHADA PERFURADA - REFUGO DA CASA DA MOEDA, 2 X 1 M2","U",203.62]
[null,"ED-51039","SPDA-CHA-005","CHAPA ESTANHADA 45°","U",2.0699999999999998]
[null,"ED-51041","SPDA-CLIP-005","CLIPS GALVANIZADO 3/8\"","U",3.09]
[null,"ED-51047","SPDA-CON-025","CONECTOR CABO-HASTE EM BRONZE NATURAL PARA DOIS CABOS DE COBRE DE 16-70 MM²","U",18.78]
[null,"ED-51048","SPDA-CON-030","CONECTOR CABO-HASTE EM BRONZE NATURAL PARA UM CABO DE COBRE DE 16-70 MM²","U",17.45]
[null,"ED-51042","SPDA-COM-035","CONECTOR COM RABICHO EM LATÃO COM PORCA 3/8\" PARA CABOS 16 A 35MM²","U",14.96]
[null,"ED-51044","SPDA-CON-010","CONECTOR ESTRUTURAL COM REGULAGEM","U",24.23]
[null,"ED-51043","SPDA-CON-005","CONECTOR MINI-GAR","U",14.87]
[null,"ED-51045","SPDA-CON-015","CONECTOR SPLIT-BOLT 16 MM²","U",6.76]
[null,"ED-51046","SPDA-CON-020","CONECTOR SPLIT-BOLT 35 MM²","U",8.51]
[null,"ED-51033","SPDA-CAB-055","CORDOALHA EM AÇO GALVANIZADO 3/8\" SM COM 7 FIOS","M",28.89]
[null,"ED-51034","SPDA-CAB-060","CORDOALHA FLEXÍVEL DE COBRE ESTANHADO 25 X 100 MM COM 4 FUROS D = 11 MM","U",37.96]
[null,"ED-51035","SPDA-CAB-065","CORDOALHA FLEXÍVEL DE COBRE ESTANHADO 25 X 235 MM COM 4 FUROS D = 11 MM","U",38.69]
[null,"ED-51036","SPDA-CAB-070","CORDOALHA FLEXÍVEL DE COBRE ESTANHADO 25 X 300 MM COM 4 FUROS D = 11 MM","U",23.05]
[null,"ED-51037","SPDA-CAB-075","CORDOALHA FLEXÍVEL DE COBRE ESTANHADO 25 X 500 MM COM 4 FUROS D = 11 MM","U",48.66]
[null,"ED-51049","SPDA-CRV-005","CURVA DE ALUMÍNIO 3/4\" X 1/4\" X 300MM","U",5.9]
[null,"ED-51050","SPDA-CRV-010","CURVA DE ALUMÍNIO 7/8\" X 1/8\" X 300MM","U",4.0199999999999996]
[null,"ED-51051","SPDA-CRV-015","CURVA DE COBRE 3/4\" X 3/16\" X 300MM","U",19.91]
[null,"ED-51114","TER-ESC-070","ESCAVAÇÃO MECÂNICA DE VALAS COM DESCARGA LATERAL H > 5,00 M","M3",8]
[null,"ED-51057","SPDA-FIT-005","FITA METÁLICA ESTANHADA PERFURADA","U",59.33]
[null,"ED-51059","SPDA-FIT-015","FITA PERFURADA PARA EQUIPOTENCIALIZAÇÃO EM LATÃO NIQUELADO PARA USO EXTERNO 20 X 1,2 MM - FUROS DIAM. 7 MM","M",78.540000000000006]
[null,"ED-51058","SPDA-FIT-010","FITA PERFURADA PARA EQUIPOTENCIALIZAÇÃO EM LATÃO NIQUELADO PARA USO INTERNO 20 X 0,8 MM - FUROS DIAM. 7 MM","M",47.62]
[null,"ED-51060","SPDA-FIT-050","FITA SUBTERRÂNEA PARA ATERRAMENTO, LARGURA 75 MM","U",147.76]
[null,"ED-51063","SPDA-FIX-015","FIXADOR ÔMEGA EM LATÃO PARA CABOS DE 16 A 25 MM²","U",4.07]
[null,"ED-51064","SPDA-FIX-020","FIXADOR ÔMEGA EM LATÃO PARA CABOS DE 35 MM²","U",4.0599999999999996]
[null,"ED-51066","SPDA-FUZ-055","FUSÍVEL DIAZED RETARDADO 35A","U",4.3]
[null,"ED-51065","SPDA-FUZ-050","FUSÍVEL DIAZED RETARDADO 63A","U",19.059999999999999]
[null,"ED-49343","ELE-HAS-010","HASTE DE AÇO COBREADA PARA ATERRAMENTO DIÂMETRO 3/4\"X 2400 MM,CONFORME PADRÕES TELEBRÁS","U",64.55]
[null,"ED-49342","ELE-HAS-005","HASTE DE AÇO COBREADA PARA ATERRAMENTO DIÂMETRO 3/4\"X 3000 MM,CONFORME PADRÕES TELEBRÁS","U",73.77]
[null,"ED-51067","SPDA-HST-005","HASTE PARA ATERRAMENTO, ALTA CAMADA, 3/4\" X 3M","U",87.68]
[null,"ED-51068","SPDA-MAS-005","MASTRO SIMPLES DE FERRO GALVANIZADO PARA PÁRA-RAIOS, ALTURA DE 3 M, Ø 40 MM (1 1/2\") OU 50 MM (2\"), COMPLETO","U",651.79]
[null,"ED-51073","SPDA-PRF-005","PARA-RAIO DE LATAO CROMADO, COBRE CROMADO OU ACO INOXIDAVEL, TIPO FRANKLIN","U",90.51]
[null,"ED-51072","SPDA-PRE-015","PRESILHA PARA CABO DE ALUMÍNIO SEÇÃO TRANSVERSAL 70 MM2","U",0.36]
[null,"ED-51070","SPDA-PRE-005","PRESILHA PARA CABO DE COBRE SEÇÃO TRANSVERSAL 16 MM2","U",0.79]
[null,"ED-51071","SPDA-PRE-010","PRESILHA PARA CABO DE COBRE SEÇÃO TRANSVERSAL 35 MM2","U",0.83]
[null,"ED-51074","SPDA-PRO-005","PROTEÇÃO DA CORDOALHA DO PÁRA-RAIO COM TUBO DE PVC RÍGIDO, Ø 50 MM (2\"), COMPRIMENTO 3,00 M","U",82.94]
[null,"ED-51022","SPDA-BAR-025","RE-BAR 10MM X 3M COM 3 CLIPS PARA EMENDA 8-10MM","U",23.03]
[null,"ED-51023","SPDA-BAR-030","RE-BAR 3/8\" X 3,4M COM 3 CLIPS PARA EMENDA 8-10MM","U",23.03]
[null,"ED-51021","SPDA-BAR-020","RE-BAR 8MM X 4M COM 3 CLIPS PARA EMENDA 8-10MM","U",21.74]
[null,"ED-51077","SPDA-SOL-015","SOLDA EXOTÉRMICA ALICATE Z-201","U",71.17]
[null,"ED-51080","SPDA-SOL-030","SOLDA EXOTÉRMICA CARTUCHO N° 115","U",21.95]
[null,"ED-51076","SPDA-SOL-010","SOLDA EXOTÉRMICA CARTUCHO N° 90","U",22.61]
[null,"ED-51079","SPDA-SOL-025","SOLDA EXOTÉRMICA MOLDE HCL-3/4.50-5","U",162.87]
[null,"ED-51078","SPDA-SOL-020","SOLDA EXOTÉRMICA MOLDE HCL-5/8.50-5","U",162.87]
[null,"ED-51075","SPDA-SOL-005","SOLDA EXOTÉRMICA MOLDE SCI-50-3","U",136.94999999999999]
[null,"ED-51081","SPDA-TEL-005","TELA PARA EQUIPOTENCIALIZAÇÃO EM INOX","M",34.33]
[null,"ED-51084","SPDA-TER-016","TERMINAL A COMPRESSAO EM COBRE ESTANHADO 1 FURO PARA CABO 16 MM2","U",11.21]
[null,"ED-51083","SPDA-TER-015","TERMINAL A COMPRESSAO EM COBRE ESTANHADO 1 FURO PARA CABO 2,5 MM2","U",3.86]
[null,"ED-51085","SPDA-TER-020","TERMINAL A COMPRESSAO EM COBRE ESTANHADO 1 FURO PARA CABO 25 MM2","U",11.55]
[null,"ED-51086","SPDA-TER-025","TERMINAL A COMPRESSAO EM COBRE ESTANHADO 1 FURO PARA CABO 35 MM2","U",11.64]
[null,"ED-51087","SPDA-TER-030","TERMINAL A COMPRESSAO EM COBRE ESTANHADO 1 FURO PARA CABO 50 MM2","U",12.51]
[null,"ED-51088","SPDA-TER-035","TERMINAL A COMPRESSAO EM COBRE ESTANHADO 2 FUROS PARA CABO 16 MM2","U",11.8]
[null,"ED-51089","SPDA-TER-040","TERMINAL A COMPRESSAO EM COBRE ESTANHADO 2 FUROS PARA CABO 25 MM2","U",12.15]
[null,"ED-51090","SPDA-TER-045","TERMINAL A COMPRESSAO EM COBRE ESTANHADO 2 FUROS PARA CABO 35 MM2","U",12.8]
[null,"ED-51091","SPDA-TER-050","TERMINAL A COMPRESSAO EM COBRE ESTANHADO 2 FUROS PARA CABO 50 MM2","U",14.07]
[null,"ED-51082","SPDA-TER-010","TERMINAL AÉREO H = 25 CM, D = 3/8\"","U",9.33]
[null,"ED-51061","SPDA-FIX-005","TERMINAL FIXADOR UNIVERSAL DE SPDA ESTANHADO PARA CABOS DE 16 A 35 MM2","UN",15.46]
[null,"ED-51062","SPDA-FIX-010","TERMINAL FIXADOR UNIVERSAL DE SPDA ESTANHADO PARA CABOS DE 16 A 70 MM2","UN",16.75]
[null,"ED-51092","SPDA-VLC-005","VLC SLIM CLASSE 1 275V 12,5/60KA","U",84.59]
[null,"72","-","TER-001 - TERRAPLENAGEM/TRABALHOS EM TERRA"]
[null,"ED-51094","TER-API-010","APILOAMENTO DO FUNDO DE VALAS COM PLACA","M2",8.4600000000000009]
[null,"ED-51093","TER-API-005","APILOAMENTO DO FUNDO DE VALAS COM SOQUETE","M2",16.21]
[null,"ED-51096","TER-ATE-010","ATERRO COMPACTADO COM PLACA VIBRATÓRIA","M3",30.06]
[null,"ED-51098","TER-ATE-020","ATERRO COMPACTADO COM ROLO VIBRATÓRIO A 95% DO P.N.","M3",1.18]
[null,"ED-51095","TER-ATE-005","ATERRO COMPACTADO COM ROLO VIBRATÓRIO SEM GRAU DE COMPACTAÇÃO","M3",1.07]
[null,"ED-51097","TER-ATE-015","ATERRO COMPACTADO MANUAL, COM SOQUETE","M3",47.94]
[null,"ED-51099","TER-COM-005","COMPACTAÇÃO DE VALAS OU ÁREAS, MANUALMENTE A 95% DO PN, COM PLACA VIBRATÓRIA","M3",36.21]
[null,"ED-51100","TER-COR-005","CORTE E DESATERRO PARA REGULARIZAÇÃO E ARRASTAMENTO NIVELADO A CURTA DISTÂNCIA COM LÂMINA","M3",2.38]
[null,"ED-51105","TER-ESC-015","ESCAVAÇÃO E CARGA MECANIZADA EM MATERIAL DE 1ª CATEGORIA","M3",3.3]
[null,"ED-51106","TER-ESC-020","ESCAVAÇÃO E CARGA MECANIZADA EM MATERIAL DE 2ª CATEGORIA","M3",4.4000000000000004]
[null,"ED-51110","TER-ESC-050","ESCAVAÇÃO MANUAL DE TERRA (DESATERRO MANUAL)","M3",28.2]
[null,"ED-51107","TER-ESC-035","ESCAVAÇÃO MANUAL DE VALAS H <= 1,50 M","M3",47.94]
[null,"ED-51108","TER-ESC-040","ESCAVAÇÃO MANUAL DE VALAS 1,50 M < H <= 3,00 M","M3",63.45]
[null,"ED-51109","TER-ESC-045","ESCAVAÇÃO MANUAL DE VALAS 3,00 M < H <= 5,00 M","M3",84.6]
[null,"ED-51103","TER-ESC-005","ESCAVAÇÃO MECÂNICA COM TRATOR, INCLUSIVE TRANSPORTE ATÉ 50 M EM MATERIAL DE 1ª CATEGORIA","M3",2.56]
[null,"ED-51104","TER-ESC-010","ESCAVAÇÃO MECÂNICA COM TRATOR, INCLUSIVE TRANSPORTE ATÉ 50 M EM MATERIAL DE 2ª CATEGORIA","M3",3.63]
[null,"ED-51111","TER-ESC-055","ESCAVAÇÃO MECÂNICA DE VALAS COM DESCARGA LATERAL H <= 1,50 M","M3",4.45]
[null,"ED-51112","TER-ESC-060","ESCAVAÇÃO MECÂNICA DE VALAS COM DESCARGA LATERAL 1,50 M < H <= 3,00 M","M3",5.33]
[null,"ED-51113","TER-ESC-065","ESCAVAÇÃO MECÂNICA DE VALAS COM DESCARGA LATERAL 3,00 M < H <= 5,00 M","M3",6.67]
[null,"ED-51115","TER-ESC-075","ESCAVAÇÃO MECÂNICA DE VALAS COM DESCARGA SOBRE CAMINHÃO H <= 1,50 M","M3",3.6]
[null,"ED-51118","TER-ESC-090","ESCAVAÇÃO MECÂNICA DE VALAS COM DESCARGA SOBRE CAMINHÃO H > 5,00 M","M3",6.4]
[null,"ED-51116","TER-ESC-080","ESCAVAÇÃO MECÂNICA DE VALAS COM DESCARGA SOBRE CAMINHÃO 1,50 M < H <= 3,00 M","M3",4.26]
[null,"ED-51117","TER-ESC-085","ESCAVAÇÃO MECÂNICA DE VALAS COM DESCARGA SOBRE CAMINHÃO 3,00 M < H <= 5,00 M","M3",5.33]
[null,"ED-51119","TER-ESC-095","ESCAVAÇÃO MECÂNICA EM SOLO MOLE COM DESCARGA DIRETA SOBRE CAMINHÃO","M3",6.67]
[null,"ED-51101","TER-ECR-005","ESCORAMENTO DE VALA TIPO CONTÍNUO EMPREGANDO PRANCHAS E LONGARINAS DE PEROBA","M2",61.05]
[null,"ED-51102","TER-ECR-010","ESCORAMENTO DE VALA TIPO DESCONTÍNUO EMPREGANDO PRANCHAS E LONGARINAS DE PEROBA","M2",38.04]
[null,"ED-51121","TER-REA-010","REATERRO COMPACTADO DE VALA COM EQUIPAMENTO PLACA VIBRATÓRIA","M3",30.06]
[null,"ED-51120","TER-REA-005","REATERRO MANUAL DE VALA","M3",47.94]
[null,"ED-51123","TER-REG-010","REGULARIZAÇÃO E COMPACTAÇÃO DE TERRENO COM PLACA VIBRATÓRIA","M2",2.4700000000000002]
[null,"ED-51124","TER-REG-015","REGULARIZAÇÃO E COMPACTAÇÃO DE TERRENO COM ROLO VIBRATÓRIO","M2",1.2]
[null,"ED-51122","TER-REG-005","REGULARIZAÇÃO E COMPACTAÇÃO DE TERRENO MANUAL, COM SOQUETE","M2",6.81]
[null,"73","-","TRA-001 - TRANSPORTES"]
[null,"ED-51131","TRA-CAR-005","CARGA DE MATERIAL DE QUALQUER NATUREZA SOBRE CAMINHÃO - MANUAL","M3",28.2]
[null,"ED-51132","TRA-CAR-010","CARGA DE MATERIAL DE QUALQUER NATUREZA SOBRE CAMINHÃO - MECÂNICA","M3",1.38]
[null,"ED-51133","TRA-MAO-005","TRANSPORTE DE MATERIAL DE QUALQUER NATUREZA CARRINHO DE MÃO DMT <= 50 M","M3",28.2]
[null,"ED-51134","TRA-MAO-010","TRANSPORTE DE MATERIAL DE QUALQUER NATUREZA CARRINHO DE MÃO 50 M < DMT <= 100 M","M3",42.3]
[null,"ED-51127","TRA-CAM-005","TRANSPORTE DE MATERIAL DE QUALQUER NATUREZA EM CAMINHÃO DMT <= 1 KM (DENTRO DO PERÍMETRO URBANO)","M3",3.34]
[null,"ED-51130","TRA-CAM-020","TRANSPORTE DE MATERIAL DE QUALQUER NATUREZA EM CAMINHÃO DMT > 5 KM (DENTRO DO PERÍMETRO URBANO)","M3XKM",3.2]
[null,"ED-51128","TRA-CAM-010","TRANSPORTE DE MATERIAL DE QUALQUER NATUREZA EM CAMINHÃO 1 KM < DMT <= 2 KM (DENTRO DO PERÍMETRO URBANO)","M3",11.35]
[null,"ED-51129","TRA-CAM-015","TRANSPORTE DE MATERIAL DE QUALQUER NATUREZA EM CAMINHÃO 2 KM < DMT <= 5 KM (DENTRO DO PERÍMETRO URBANO)","M3XKM",3.33]
[null,"ED-51125","TRA-CAÇ-015","TRANSPORTE DE MATERIAL DEMOLIDO EM CAÇAMBA","M3",22]
[null,"ED-51126","TRA-CAÇ-016","TRANSPORTE DE MATERIAL DEMOLIDO EM CAÇAMBA (MUNICÍPIO: BELO HORIZONTE)","M3",39.4]
[null,"74","-","367 - URB-001  - URBANIZAÇÃO E OBRAS COMPLEMENTARES"]
[null,"ED-51137","URB-DRE-010","FORNECIMENTO E LANÇAMENTO DE AREIA EM DRENO E PÁTIO","M3",120.04]
[null,"ED-51136","URB-DRE-005","FORNECIMENTO E LANÇAMENTO DE BRITA EM DRENO E PÁTIO","M3",108.95]
[null,"ED-51138","URB-DRE-015","FORNECIMENTO E LANÇAMENTO DE CASCALHO EM DRENO E PÁTIO","M3",71.91]
[null,"ED-51135","URB-COR-005","GUIA DE CORDÃO BOLEADO, EM CONCRETO COM FCK 20MPA, PRÉ-MOLDADA, 10X10CM (ALTURA X LARGURA), INCLUSIVE UMA (1) FIADA DE BLOCO DE CONCRETO, ESP. 9CM, ESCAVAÇÃO, APILOAMENTO E TRANSPORTE COM RETIRADA DO MATERIAL ESCAVADO (EM CAÇAMBA)","M",27.85]
[null,"ED-51141","URB-MFC-015","GUIA DE MEIO-FIO, EM CONCRETO COM FCK 15MPA, MOLDADA IN-LOCO, SEÇÃO 15X45CM, FORMA EM MADEIRA, EXCLUSIVE SARJETA, INCLUSIVE ESCAVAÇÃO, APILOAMENTO E TRANSPORTE COM RETIRADA DO MATERIAL ESCAVADO (EM CAÇAMBA)","M",77.77]
[null,"ED-51139","URB-MFC-005","GUIA DE MEIO-FIO, EM CONCRETO COM FCK 20MPA, PRÉ-MOLDADA, MFC-01 PADRÃO DEER-MG, DIMENSÕES (12X16,7X35)CM, EXCLUSIVE SARJETA, INCLUSIVE ESCAVAÇÃO, APILOAMENTO E TRANSPORTE COM RETIRADA DO MATERIAL ESCAVADO (EM CAÇAMBA)","M",41.46]
[null,"ED-51140","URB-MFC-010","GUIA DE MEIO-FIO, EM CONCRETO COM FCK 20MPA, PRÉ-MOLDADA, MFC-03 PADRÃO DEER-MG, DIMENSÕES (12X18X45)CM, EXCLUSIVE SARJETA, INCLUSIVE ESCAVAÇÃO, APILOAMENTO E TRANSPORTE COM RETIRADA DO MATERIAL ESCAVADO (EM CAÇAMBA)","M",52.56]
[null,"ED-51147","URB-PAS-015","LANÇAMENTO E ESPALHAMENTO DE SOLO OU MATERIAL DE DEMOLIÇÃO EM ÁREA DE PASSEIO EXCLUSIVE APILOAMENTO","M3",16.21]
[null,"ED-51146","URB-PAS-010","PASSEIO/PAVIMENTO ECOLÓGICO INTERTRAVADOS E = 6 CM, INCLUSIVE COLCHÃO DE AREIA E = 6 CM","M2",58.15]
[null,"ED-51145","URB-PAS-006","PASSEIOS DE CONCRETO E = 6 CM, FCK = 10 MPA, JUNTA SECA","M2",42.25]
[null,"ED-51144","URB-PAS-005","PASSEIOS DE CONCRETO E = 8 CM, FCK = 15 MPA PADRÃO PREFEITURA","M2",49.61]
[null,"ED-51148","URB-RAM-005","RAMPA PARA ACESSO DE DEFICIENTE, EM CONCRETO SIMPLES FCK = 25 MPA, DESEMPENADA, COM PINTURA INDICATIVA, 02 DEMÃOS","U",296.94]
[null,"ED-51143","URB-MFG-005","REMOÇÃO E REASSENTAMENTO DE MEIO-FIO DE GNAISSE COM REAPROVEITAMENTO","M",40.85]
[null,"ED-51142","URB-MFC-020","REMOÇÃO E REASSENTAMENTO DE MEIO-FIO PRÉ-MOLDADO DE CONCRETO COM REAPROVEITAMENTO","M",27.48]
[null,"75","-","368 - VID-001  - VIDROS, ESPELHOS E ACESSÓRIOS"]
[null,"ED-51151","VID-ESP-010","ESPELHO COM MOLDURA EM ALUMÍNIO PARA PNE (60 X 90)CM","U",184.99]
[null,"ED-51152","VID-ESP-015","ESPELHO (40 X 60) CM, E = 4 MM, COLOCADO COM PARAFUSO FINESSON","U",76.38]
[null,"ED-51150","VID-ESP-005","ESPELHO (60 X 90) CM, E = 4 MM, COLOCADO COM PARAFUSO FINESSON","U",131.21]
[null,"ED-51149","VID-ARA-005","VIDRO ARAMADO E = 7 MM, COLOCADO","M2",190.06]
[null,"ED-51155","VID-LIS-005","VIDRO COMUM LISO INCOLOR, ESP. 3MM, INCLUSIVE FIXAÇÃO E VEDAÇÃO COM GUARNIÇÃO/GAXETA DE BORRACHA NEOPRENE, FORNECIMENTO E INSTALAÇÃO, EXCLUSIVE CAIXILHO/PERFIL","M2",76.16]
[null,"ED-51156","VID-LIS-010","VIDRO COMUM LISO INCOLOR, ESP. 4MM, INCLUSIVE FIXAÇÃO E VEDAÇÃO COM GUARNIÇÃO/GAXETA DE BORRACHA NEOPRENE, FORNECIMENTO E INSTALAÇÃO, EXCLUSIVE CAIXILHO/PERFIL","M2",92.54]
[null,"ED-51157","VID-LIS-015","VIDRO COMUM LISO INCOLOR, ESP. 6MM, INCLUSIVE FIXAÇÃO E VEDAÇÃO COM GUARNIÇÃO/GAXETA DE BORRACHA NEOPRENE, FORNECIMENTO E INSTALAÇÃO, EXCLUSIVE CAIXILHO/PERFIL","M2",122.3]
[null,"ED-51154","VID-FAN-010","VIDRO IMPRESSO (FANTASIA) TIPO CANELADO OU MARTELADO INCOLOR, ESP. 3MM OU 4MM, INCLUSIVE FIXAÇÃO E VEDAÇÃO COM GUARNIÇÃO/GAXETA DE BORRACHA NEOPRENE, FORNECIMENTO E INSTALAÇÃO, EXCLUSIVE CAIXILHO/PERFIL","M2",80.680000000000007]
[null,"ED-51153","VID-FAN-005","VIDRO IMPRESSO (FANTASIA) TIPO MINI-BOREAL, ESP. 3MM, INCLUSIVE FIXAÇÃO E VEDAÇÃO COM GUARNIÇÃO/GAXETA DE BORRACHA NEOPRENE, FORNECIMENTO E INSTALAÇÃO, EXCLUSIVE CAIXILHO/PERFIL","M2",74.03]
[null,"ED-51160","VID-TEM-015","VIDRO TEMPERADO INCOLOR, ESP. 10MM, INCLUSIVE FIXAÇÃO E VEDAÇÃO COM GUARNIÇÃO/GAXETA DE BORRACHA NEOPRENE, FORNECIMENTO E INSTALAÇÃO, EXCLUSIVE CAIXILHO/PERFIL","M2",208.73]
[null,"ED-51158","VID-TEM-005","VIDRO TEMPERADO INCOLOR, ESP. 6MM, INCLUSIVE FIXAÇÃO E VEDAÇÃO COM GUARNIÇÃO/GAXETA DE BORRACHA NEOPRENE, FORNECIMENTO E INSTALAÇÃO, EXCLUSIVE CAIXILHO/PERFIL","M2",133.32]
[null,"ED-51159","VID-TEM-010","VIDRO TEMPERADO INCOLOR, ESP. 8MM, INCLUSIVE FIXAÇÃO E VEDAÇÃO COM GUARNIÇÃO/GAXETA DE BORRACHA NEOPRENE, FORNECIMENTO E INSTALAÇÃO, EXCLUSIVE CAIXILHO/PERFIL","M2",166.48]
[]
[null,"ED-4164","CON-CON-015","ENGENHEIRO/ARQUITETO CONSULTOR ESPECIAL ","H",168.97]
[null,"ED-4165","CON-CON-030","ENGENHEIRO/ARQUITETO CONSULTOR ","H",147.85]
[null,"ED-4166","CON-COR-045","ENGENHEIRO/ARQUITETO COORDENADOR ","H",126.73]
[null,"ED-4167","CON-COR-060","ENGENHEIRO/ARQUITETO SENIOR ","H",109.84]
[null,"ED-4168","CON-COR-075","ENGENHEIRO/ARQUITETO INTERMEDIÁRIO ","H",97.15]
[null,"ED-4169","CON-COR-090","ENGENHEIRO/ARQUITETO JÚNIOR ","H",84.49]
[]
[null,null,"CRI-001","CRITÉRIOS P/ PAGAMENTO DE PRANCHAS DIFERENTE DE A1 (para uso exclusivo da Secretária de Estado de Transportes e Obras Públicas de Minas Gerais)"]
[null,"-","CRI-PRA-005","CRITÉRIOS P/ PAGAMENTO DE PRANCHAS - A0","% A1",170]
[null,"-","CRI-PRA-010","CRITÉRIOS P/ PAGAMENTO DE PRANCHAS - A1ALONGADO","% A1",130]
[null,"-","CRI-PRA-015","CRITÉRIOS P/ PAGAMENTO DE PRANCHAS - A2","% A1",50]
[null,"-","CRI-PRA-020","CRITÉRIOS P/ PAGAMENTO DE PRANCHAS - A3","% A1",25]
[]
[null,null,"DIA-001","DIÁRIAS (para uso exclusivo da Secretária de Estado de Transportes e Obras Públicas de Minas Gerais)"]
[null,"ED-4170","DIA-EQU-015","DIÁRIA DE EQUIPE COM PERNOITE ","UN",155.27000000000001]
[null,"ED-4171","DIA-EQU-030","DIÁRIA DE EQUIPE SEM PERNOITE ","UN",78.010000000000005]
[]
[null,null,"LEV-001","LEVANTAMENTOS PLANIALTIMÉTRICOS COM ESTAÇÃO TOTAL (para uso exclusivo da Secretária de Estado de Transportes e Obras Públicas de Minas Gerais)"]
[null,"ED-4172","LEV-PLA-020","LEVANTAMENTO PLANIALTIMÉTRICO E CADASTRAL -TERRENO ATÉ 2.000 M² ","UN",992.16]
[null,"ED-4173","LEV-PLA-035","LEVANTAMENTO PLANIALTIMÉTRICO E CADASTRAL -TERRENO DE 2.001 A 10.000 M² ","UN",2429.71]
[null,"ED-4175","LEV-PLA-050","LEVANTAMENTO PLANIALTIMÉTRICO E CADASTRAL -TERRENO DE 10.001 A 50.000 M² ","M2",0.27]
[null,"ED-4176","LEV-PLA-065","LEVANTAMENTO PLANIALTIMÉTRICO E CADASTRAL - TERRENO MAIOR QUE 50.001 M² ","M2",0.18]
[null,"ED-4177","LEV-PLA-080","DESLOCAMENTO INTERMUNICIPAL ","KM",0.91]
[]
[null,null,"PLAN-001","PLANILHA PARA PROJETOS (para uso exclusivo da Secretária de Estado de Transportes e Obras Públicas de Minas Gerais)"]
[null,"ED-4178","PLAN-PRO-185","PLANILHA ORÇAMENTÁRIA PARA PROJETOS DE IMPLANTAÇÃO DE EDIFICAÇÃO ÁREA ATÉ 6.000 m² ","M2",0.38]
[null,"ED-4179","PLAN-PRO-190","PLANILHA ORÇAMENTÁRIA PARA PROJETOS DE IMPLANTAÇÃO DE EDIFICAÇÃO - ÁREA DE 6.001 M2 ATÉ 7.000 M2","M2",0.34]
[null,"ED-4180","PLAN-PRO-195","PLANILHA ORÇAMENTÁRIA PARA PROJETOS DE IMPLANTAÇÃO DE EDIFICAÇÃO - ÁREA DE 7.001 M2 ATÉ 9.000 M2","M2",0.28999999999999998]
[null,"ED-4181","PLAN-PRO-200","PLANILHA ORÇAMENTÁRIA PARA PROJETOS DE IMPLANTAÇÃO DE EDIFICAÇÃO - ÁREA DE 9.001 M2 ATÉ 11.000 M2","M2",0.24]
[null,"ED-4182","PLAN-PRO-205","PLANILHA ORÇAMENTÁRIA PARA PROJETOS DE IMPLANTAÇÃO DE EDIFICAÇÃO - ÁREA DE 11.001 M2 ATÉ 13.000 M2","M2",0.19]
[null,"ED-4183","PLAN-PRO-210","PLANILHA ORÇAMENTÁRIA PARA PROJETOS DE IMPLANTAÇÃO DE EDIFICAÇÃO - ÁREA DE 13.001 M2 ATÉ 16.000 M2","M2",0.14000000000000001]
[null,"ED-4185","PLAN-PRO-215","PLANILHA ORÇAMENTÁRIA PARA PROJETOS DE IMPLANTAÇÃO DE EDIFICAÇÃO - ÁREA ACIMA DE 16.000 M2","M2",0.09]
[null,"ED-4186","PLAN-PRO-220","PLANILHA ORÇAMENTÁRIA PARA CONSTRUÇÕES NOVAS - AREA ATÉ 1.000 M2","M2",3.35]
[null,"ED-4187","PLAN-PRO-225","PLANILHA ORÇAMENTÁRIA PARA CONSTRUÇÕES NOVAS - AREA DE 1.001 M2 A 2.000 M2","M2",2.91]
[null,"ED-4189","PLAN-PRO-230","PLANILHA ORÇAMENTÁRIA PARA CONSTRUÇÕES NOVAS - AREA DE 2.001 M2 A 4.000 M2","M2",2.52]
[null,"ED-4190","PLAN-PRO-235","PLANILHA ORÇAMENTÁRIA PARA CONSTRUÇÕES NOVAS - AREA DE 4.001 M2 A 6.000 M2","M2",2.08]
[null,"ED-4191","PLAN-PRO-240","PLANILHA ORÇAMENTÁRIA PARA CONSTRUÇÕES NOVAS - AREA DE 6.001 M2 A 8.000 M2","M2",1.65]
[null,"ED-4192","PLAN-PRO-245","PLANILHA ORÇAMENTÁRIA PARA CONSTRUÇÕES NOVAS - AREA DE 8.001 M2 A 10.000 M2","M2",1.26]
[null,"ED-4194","PLAN-PRO-250","PLANILHA ORÇAMENTÁRIA PARA CONSTRUÇÕES NOVAS - AREA ACIMA DE 10.000 M2","M2",0.82]
[null,"ED-4037","PLAN-PRO-255","PLANILHA ORÇAMENTÁRIA PARA REFORMA E/OU AMPLIAÇÃO DE EDIFICAÇÕES EXISTENTES- AREA ATÉ 1.000 M2","M2",2.76]
[null,"ED-4065","PLAN-PRO-260","PLANILHA ORÇAMENTÁRIA PARA REFORMA E/OU AMPLIAÇÃO DE EDIFICAÇÕES EXISTENTES - AREA DE 1.001 M2 A 2.000 M2","M2",2.42]
[null,"ED-4200","PLAN-PRO-265","PLANILHA ORÇAMENTÁRIA PARA REFORMA E/OU AMPLIAÇÃO DE EDIFICAÇÕES EXISTENTES - AREA DE 2.001 M2 A 4.000 M2","M2",2.04]
[null,"ED-4201","PLAN-PRO-270","PLANILHA ORÇAMENTÁRIA PARA REFORMA E/OU AMPLIAÇÃO DE EDIFICAÇÕES EXISTENTES - AREA DE 4.001 M2 A 6.000 M2","M2",1.7]
[null,"ED-4203","PLAN-PRO-275","PLANILHA ORÇAMENTÁRIA PARA REFORMA E/OU AMPLIAÇÃO DE EDIFICAÇÕES EXISTENTES - AREA DE 6.001 M2 A 8.000 M2","M2",1.36]
[null,"ED-4204","PLAN-PRO-280","PLANILHA ORÇAMENTÁRIA PARA REFORMA E/OU AMPLIAÇÃO DE EDIFICAÇÕES EXISTENTES - AREA DE 8.001 M2 A 10.000 M2","M2",1.02]
[null,"ED-4205","PLAN-PRO-285","PLANILHA ORÇAMENTÁRIA PARA REFORMA E/OU AMPLIAÇÃO DE EDIFICAÇÕES EXISTENTES - AREA ACIMA DE 10.000 M2","M2",0.68]
[null,"ED-4207","PLAN-PRO-290","PLANILHA ORÇAMENTÁRIA PARA REFORMA E/OU AMPLIAÇÃO DE PATRIMÔNIOS HISTÓRICOS - AREA ATÉ 1.000 M2","M2",4.12]
[null,"ED-4208","PLAN-PRO-295","PLANILHA ORÇAMENTÁRIA PARA REFORMA E/OU AMPLIAÇÃO DE PATRIMÔNIOS HISTÓRICOS - AREA DE 1.001 M2 A 2.000 M2","M2",3.59]
[null,"ED-4209","PLAN-PRO-300","PLANILHA ORÇAMENTÁRIA PARA REFORMA E/OU AMPLIAÇÃO DE PATRIMÔNIOS HISTÓRICOS - AREA DE 2.001 M2 A 4.000 M2","M2",3.1]
[null,"ED-4210","PLAN-PRO-305","PLANILHA ORÇAMENTÁRIA PARA REFORMA E/OU AMPLIAÇÃO DE EDIFICAÇÕES EXISTENTES - AREA DE 4.001 M2 A 6.000 M2","M2",2.57]
[null,"ED-4211","PLAN-PRO-310","PLANILHA ORÇAMENTÁRIA PARA REFORMA E/OU AMPLIAÇÃO DE PATRIMÔNIOS HISTÓRICOS - AREA DE 6.001 M2 A 8.000 M2","M2",2.04]
[null,"ED-4212","PLAN-PRO-315","PLANILHA ORÇAMENTÁRIA PARA REFORMA E/OU AMPLIAÇÃO DE PATRIMÔNIOS HISTÓRICOS - AREA DE 8.001 M2 A 10.000 M2","M2",1.55]
[null,"ED-4213","PLAN-PRO-320","PLANILHA ORÇAMENTÁRIA PARA REFORMA E/OU AMPLIAÇÃO DE PATRIMÔNIOS HISTÓRICOS - AREA ACIMA DE 10.000 M2","M2",1.02]
[null,"ED-4214","PLAN-PRO-325","PLANILHA ORÇAMENTÁRIA PARA OBRAS DE INFRAESTRUTURA","M2",0.09]
[]
[null,null,"PROJ-001","PROJETOS DE EDIFICAÇÕES (para uso exclusivo da Secretária de Estado de Transportes e Obras Públicas de Minas Gerais)"]
[null,"ED-4215","PROJ-ANT-015","ANTEPROJETO DE EDIFICAÇÃO - AREA <= 600 m² ","UN",2513.7600000000002]
[null,"ED-4216","PROJ-ANT-030","ANTEPROJETO DE EDIFICAÇÃO - 600 m² < AREA <= 1.500 m² ","UN",4983.26]
[null,"ED-4217","PROJ-ANT-045","ANTEPROJETO DE EDIFICAÇÃO - 1.500 m² < AREA <= 3.000 m² ","UN",7474.72]
[null,"ED-4218","PROJ-ANT-060","ANTEPROJETO DE EDIFICAÇÃO - ÁREA > 3.000 m² ","UN",8917.66]
[null,"ED-4219","PROJ-ANT-075","ANTEPROJETO DE IMPLANTAÇÃO DE EDIFICAÇÃO PADRÃO COM ÁREA DE PROJEÇÃO < = 600 m² ","UN",1604.76]
[null,"ED-4220","PROJ-ANT-090","ANTEPROJETO DE IMPLANTAÇÃO DE EDIFICAÇÃO PADRÃO COM 600 m² < ÁREA DE PROJEÇÃO = 1.500 m² ","UN",2530.31]
[null,"ED-4221","PROJ-ANT-105","ANTEPROJETO DE IMPLANTAÇÃO DE EDIFICAÇÃO PADRÃO COM 1.500 < ÁREA DE PROJEÇÃO <= 3.000 m²","UN",4950.6099999999997]
[null,"ED-4222","PROJ-ANT-120","ANTEPROJETO DE IMPLANTAÇÃO DE EDIFICAÇÃO PADRÃO COM ÁREA DE PROJEÇÃO > 3.000 m² ","UN",7099.42]
[null,"ED-4018","PROJ-EXE-015","PROJETO EXECUTIVO DE ARQUITETURA ","PR A1",1141.72]
[null,"ED-4223","PROJ-EXE-030","DESENVOLVIMENTO E DETALHAMENTO DE PROJETO ARQUITETÔNICO ","PR A1",430.09]
[null,"ED-4224","PROJ-EXE-045","PROJETO EXECUTIVO DE TERRAPLENAGEM - PLANTA ","PR A1",692.25]
[null,"ED-4225","PROJ-EXE-060","PROJETO EXECUTIVO DE TERRAPLENAGEM - SEÇÕES ","PR A1",355.26]
[null,"ED-4050","PROJ-EXE-075","PROJETO EXECUTIVO DE DRENAGEM PLUVIAL ","PR A1",795.73]
[null,"ED-4019","PROJ-EXE-090","PROJETO EXECUTIVO DE ESTRUTURA DE CONCRETO ","PR A1",921.26]
[null,"ED-3335","PROJ-EXE-095","PROJETO EXECUTIVO DE ESTRUTURA METÁLICA ","PR A1",1393.74]
[null,"ED-4040","PROJ-EXE-120","PROJETO EXECUTIVO DE AR CONDICIONADO / VENTILAÇÃO / CLIMATIZAÇÃO ","PR A1",1064.22]
[null,"ED-4038","PROJ-EXE-135","PROJETO EXECUTIVO DE INSTALAÇÕES HIDRO SANITÁRIAS ","PR A1",999.19]
[null,"ED-4020","PROJ-EXE-150","PROJETO EXECUTIVO DE INSTALAÇÕES ELÉTRICAS ","PR A1",1076.9100000000001]
[null,"ED-4039","PROJ-EXE-165","PROJETO EXECUTIVO DE CABEAMENTO ESTRUTURADO ","PR A1",1190.69]
[null,"ED-4226","PROJ-EXE-180","PROJETO EXECUTIVO DE INFRAESTRUTURA DE CABEAMENTO ESTRUTURADO / CFTV / ALARME / SEGURANÇA / SONORIZAÇÃO ","PR A1",598.6]
[null,"ED-4041","PROJ-EXE-195","PROJETO EXECUTIVO DE SPDA ","PR A1",802.09]
[null,"ED-4046","PROJ-EXE-210","PROJETO EXECUTIVO DE PREVENÇÃO E COMBATE A INCÊNDIO ","PR A1",890.19]
[null,"ED-4048","PROJ-EXE-225","PROJETO EXECUTIVO DE PROGRAMAÇÃO VISUAL ","PR A1",776.3]
[null,"ED-4232","PROJ-EXE-240","DESENHO E CÓPIA DE PROJETOS ","PR A1",256.47000000000003]
[null,"ED-4233","PROJ-EXE-255","PROJETO DE LAYOUT ","PR A1",586.4]
[null,"ED-4043","PROJ-EXE-285","PROJETO EXECUTIVO LUMINOTÉCNICO ","PR A1",446.34]
[null,"ED-4051","PROJ-EXE-300","PROJETO EXECUTIVO DE ENGRADAMENTO METÁLICO ","PR A1",776.3]
[null,"ED-4234","PROJ-EXE-315","PROJETO EXECUTIVO DE IRRIGAÇÃO ","PR A1",979.76]
[null,"ED-4049","PROJ-EXE-330","PROJETO EXECUTIVO DE IMPERMEABILIZAÇÃO ","PR A1",1034.9000000000001]
[null,"ED-4044","PROJ-EXE-345","PROJETO EXECUTIVO DE PAISAGISMO ","PR A1",1028.51]
[null,"ED-4045","PROJ-EXE-360","PROJETO EXECUTIVO DE ACÚSTICA ","PR A1",999.19]
[null,"ED-4052","PROJ-EXE-375","PROJETO EXECUTIVO DE AQUECIMENTO SOLAR E REDE DE ÁGUA QUENTE ","PR A1",795.73]
[null,"ED-4235","PROJ-EXE-390","PROJETO EXECUTIVO DE INSTALAÇÕES FLUIDO MECÂNICAS ","PR A1",937.75]
[null,"ED-4053","PROJ-EXE-405","PROJETO EXECUTIVO DE GASES MEDICINAIS ","PR A1",937.75]
[null,"ED-3336","PROJ-EXE-420","PROJETO EXECUTIVO DE GLP ","PR A1",802.09]
[null,"ED-4236","PROJ-EXE-435","DESENVOLVIMENTO E DETALHAMENTO DE PROJETOS COMPLEMENTARES ","PR A1",388.05]
[null,"ED-4237","PROJ-EXE-450","APROVAÇÃO DE PROJETO NA PREFEITURA","UN",2272.21]
[null,"ED-4095","PROJ-EXE-465","APROVAÇÃO DE PROJETO NO CORPO DE BOMBEIROS","UN",2272.21]
[null,"ED-4241","PROJ-EXE-495","PERSPECTIVA COLORIDA 50 X 70 ","UN",1050.6199999999999]
[null,"ED-4242","PROJ-EXE-510","VISTA TRATADA COLORIDA 50 X 70 ","PR A1",603.70000000000005]
[null,"ED-4243","PROJ-EXE-525","PLANTA HUMANIZADA COLORIDA 50 X 70 ","PR A1",603.70000000000005]
[null,"ED-3334","PROJ-EXE-540","DESENHO DE CADASTRO DE CONSTRUÇÕES EXISTENTES ","PR A1",344.49]
[null,"ED-4054","PROJ-EXE-545","COMPATIBILIZAÇÃO DE PROJETOS COM ÁREA ATÉ 10.000 M2","M2",1.87]
[null,"ED-4244","PROJ-EXE-550","COMPATIBILIZAÇÃO DE PROJETOS COM ÁREA DE 10.001 M2 ATÉ 20.000 M2","M2",1.63]
[null,"ED-4245","PROJ-EXE-560","COMPATIBILIZAÇÃO DE PROJETOS COM ÁREA DE 20.001 M2 ATÉ 40.000 M2","M2",1.4]
[null,"ED-4246","PROJ-EXE-565","COMPATIBILIZAÇÃO DE PROJETOS COM ÁREA DE 40.001 M2 ATÉ 60.000 M2","M2",1.18]
[null,"ED-4247","PROJ-EXE-570","COMPATIBILIZAÇÃO DE PROJETOS COM ÁREA DE 60.001 M2 ATÉ 80.000 M2","M2",0.94]
[null,"ED-4248","PROJ-EXE-575","COMPATIBILIZAÇÃO DE PROJETOS COM ÁREA DE 80.001 M2 ATÉ 1000.000 M2","M2",0.72]
[null,"ED-4249","PROJ-EXE-580","COMPATIBILIZAÇÃO DE PROJETOS COM ACIMA DE 1000.000 M2","M2",0.48]
[null," ED-4021","PROJ-EXE-585","COORDENAÇÃO DE PROJETOS","%",6]
[]
[null,null,"SPT-001","SONDAGENS A PERCUSSÃO D = 2 1/2\", INCLUSIVE RELATÓRIO (para uso exclusivo da Secretária de Estado de Transportes e Obras Públicas de Minas Gerais)"]
[null,"ED-4250","SPT-DES-015","DESLOCAMENTO PARA SONDAGENS ","KM",1.51]
[null,"ED-4117","SPT-MOB-015","MOBILIZAÇÃO E INSTALAÇÃO ","UN",809]
[null,"ED-4118","SPT-SON-015","SONDAGEM A PERCUSSÃO ","M",75.62]
[]
[null,null,"VIS-001","VISTORIAS E CADASTROS (para uso exclusivo da Secretária de Estado de Transportes e Obras Públicas de Minas Gerais)"]
[null,"ED-4017","VIS-CAD-015","TÉCNICO DE NÍVEL SUPERIOR ","HH",84.49]
[null,"ED-4055","VIS-CAD-030","TÉCNICO DE NÍVEL MÉDIO ","HH",25.79]
[null,"ED-4177","VIS-CAD-045","DESLOCAMENTO INTERMUNICIPAL ","KM",0.91]
[null,"ED-4253","VIS-CAD-060","DIÁRIA COM PERNOITE ","UN",155.27000000000001]
[null,"ED-4254","VIS-CAD-075","DIÁRIA SEM PERNOITE ","UN",78.010000000000005]
[]
[null,null,"REL-OO1","RELATÓRIOS TÉCNICOS (para uso exclusivo da Secretária de Estado de Transportes e Obras Públicas de Minas Gerais)"]
[null,"ED-4255","REL-TEC-005","ESPECIFICAÇÃO DOS MATERIAIS COM MEMORIAL DESCRITIVO DE CADA AMBIENTE E EQUIPAMENTOS PARA PROJETOS DE IMPLANTAÇÃO DE EDIFICAÇÃO ÁREA ATÉ 6.000 M2 ","M2",0.17]
[null,"ED-4256","REL-TEC-010","ESPECIFICAÇÃO DOS MATERIAIS COM MEMORIAL DESCRITIVO DE CADA AMBIENTE E EQUIPAMENTOS PARA PROJETOS DE IMPLANTAÇÃO DE EDIFICAÇÃO - ÁREA DE 6.001 M2 ATÉ 7.000 M2","M2",0.15]
[null,"ED-4257","REL-TEC-015","ESPECIFICAÇÃO DOS MATERIAIS COM MEMORIAL DESCRITIVO DE CADA AMBIENTE E EQUIPAMENTOS PARA PROJETOS DE IMPLANTAÇÃO DE EDIFICAÇÃO - ÁREA DE 7.001 M2 ATÉ 9.000 M2","M2",0.13]
[null,"ED-4258","REL-TEC-020","ESPECIFICAÇÃO DOS MATERIAIS COM MEMORIAL DESCRITIVO DE CADA AMBIENTE E EQUIPAMENTOS PARA PROJETOS DE IMPLANTAÇÃO DE EDIFICAÇÃO - ÁREA DE 9.001 M2 ATÉ 11.000 M2","M2",0.11]
[null,"ED-4259","REL-TEC-025","ESPECIFICAÇÃO DOS MATERIAIS COM MEMORIAL DESCRITIVO DE CADA AMBIENTE E EQUIPAMENTOS PARA PROJETOS DE IMPLANTAÇÃO DE EDIFICAÇÃO - ÁREA DE 11.001 M2 ATÉ 13.000 M2","M2",0.09]
[null,"ED-4260","REL-TEC-030","ESPECIFICAÇÃO DOS MATERIAIS COM MEMORIAL DESCRITIVO DE CADA AMBIENTE E EQUIPAMENTOS PARA PROJETOS DE IMPLANTAÇÃO DE EDIFICAÇÃO - ÁREA DE 13.001 M2 ATÉ 16.000 M2","M2",7.0000000000000007E-2]
[null,"ED-4261","REL-TEC-035","ESPECIFICAÇÃO DOS MATERIAIS COM MEMORIAL DESCRITIVO DE CADA AMBIENTE E EQUIPAMENTOS PARA PROJETOS DE IMPLANTAÇÃO DE EDIFICAÇÃO - ÁREA ACIMA DE 16.000 M2","M2",0.05]
[null,"ED-5216","REL-TEC-040","ESPECIFICAÇÃO DOS MATERIAIS COM MEMORIAL DESCRITIVO DE CADA AMBIENTE E EQUIPAMENTOS PARA CONSTRUÇÕES NOVAS - AREA ATÉ 1.000 M2","M2",1.64]
[null,"ED-4263","REL-TEC-045","ESPECIFICAÇÃO DOS MATERIAIS COM MEMORIAL DESCRITIVO DE CADA AMBIENTE E EQUIPAMENTOS PARA CONSTRUÇÕES NOVAS - AREA DE 1.001 M2 A 2.000 M2","M2",1.44]
[null,"ED-4264","REL-TEC-050","ESPECIFICAÇÃO DOS MATERIAIS COM MEMORIAL DESCRITIVO DE CADA AMBIENTE E EQUIPAMENTOS PARA CONSTRUÇÕES NOVAS - AREA DE 2.001 M2 A 4.000 M2","M2",1.23]
[null,"ED-4265","REL-TEC-055","ESPECIFICAÇÃO DOS MATERIAIS COM MEMORIAL DESCRITIVO DE CADA AMBIENTE E EQUIPAMENTOS PARA CONSTRUÇÕES NOVAS - AREA DE 4.001 M2 A 6.000 M2","M2",1.02]
[null,"ED-4266","REL-TEC-060","ESPECIFICAÇÃO DOS MATERIAIS COM MEMORIAL DESCRITIVO DE CADA AMBIENTE E EQUIPAMENTOS PARA CONSTRUÇÕES NOVAS - AREA DE 6.001 M2 A 8.000 M2","M2",0.81]
[null,"ED-4267","REL-TEC-065","ESPECIFICAÇÃO DOS MATERIAIS COM MEMORIAL DESCRITIVO DE CADA AMBIENTE E EQUIPAMENTOS PARA CONSTRUÇÕES NOVAS - AREA DE 8.001 M2 A 10.000 M2","M2",0.61]
[null,"ED-4268","REL-TEC-070","ESPECIFICAÇÃO DOS MATERIAIS COM MEMORIAL DESCRITIVO DE CADA AMBIENTE E EQUIPAMENTOS PARA CONSTRUÇÕES NOVAS - AREA ACIMA DE 10.000 M2","M2",0.4]
[null,"ED-4269","REL-TEC-075","ESPECIFICAÇÃO DOS MATERIAIS COM MEMORIAL DESCRITIVO DE CADA AMBIENTE E EQUIPAMENTOS PARA REFORMA E/OU AMPLIAÇÃO DE EDIFICAÇÕES EXISTENTES- AREA ATÉ 1.000 M2","M2",1.34]
[null,"ED-4270","REL-TEC-080","ESPECIFICAÇÃO DOS MATERIAIS COM MEMORIAL DESCRITIVO DE CADA AMBIENTE E EQUIPAMENTOS PARA REFORMA E/OU AMPLIAÇÃO DE EDIFICAÇÕES EXISTENTES - AREA DE 1.001 M2 A 2.000 M2","M2",1.19]
[null,"ED-4271","REL-TEC-085","ESPECIFICAÇÃO DOS MATERIAIS COM MEMORIAL DESCRITIVO DE CADA AMBIENTE E EQUIPAMENTOS PARA REFORMA E/OU AMPLIAÇÃO DE EDIFICAÇÕES EXISTENTES - AREA DE 2.001 M2 A 4.000 M2","M2",1]
[null,"ED-4272","REL-TEC-090","ESPECIFICAÇÃO DOS MATERIAIS COM MEMORIAL DESCRITIVO DE CADA AMBIENTE E EQUIPAMENTOS PARA REFORMA E/OU AMPLIAÇÃO DE EDIFICAÇÕES EXISTENTES - AREA DE 4.001 M2 A 6.000 M2","M2",0.84]
[null,"ED-4273","REL-TEC-095","ESPECIFICAÇÃO DOS MATERIAIS COM MEMORIAL DESCRITIVO DE CADA AMBIENTE E EQUIPAMENTOS PARA REFORMA E/OU AMPLIAÇÃO DE EDIFICAÇÕES EXISTENTES - AREA DE 6.001 M2 A 8.000 M2","M2",0.68]
[null,"ED-4274","REL-TEC-100","ESPECIFICAÇÃO DOS MATERIAIS COM MEMORIAL DESCRITIVO DE CADA AMBIENTE E EQUIPAMENTOS PARA REFORMA E/OU AMPLIAÇÃO DE EDIFICAÇÕES EXISTENTES - AREA DE 8.001 M2 A 10.000 M2","M2",0.51]
[null,"ED-4275","REL-TEC-105","ESPECIFICAÇÃO DOS MATERIAIS COM MEMORIAL DESCRITIVO DE CADA AMBIENTE E EQUIPAMENTOS PARA REFORMA E/OU AMPLIAÇÃO DE EDIFICAÇÕES EXISTENTES - AREA ACIMA DE 10.000 M2","M2",0.34]
[null,"ED-4276","REL-TEC-110","ESPECIFICAÇÃO DOS MATERIAIS COM MEMORIAL DESCRITIVO DE CADA AMBIENTE E EQUIPAMENTOS PARA REFORMA E/OU AMPLIAÇÃO DE PATRIMÔNIOS HISTÓRICOS - AREA ATÉ 1.000 M2","M2",2.02]
[null,"ED-4278","REL-TEC-115","ESPECIFICAÇÃO DOS MATERIAIS COM MEMORIAL DESCRITIVO DE CADA AMBIENTE E EQUIPAMENTOS PARA REFORMA E/OU AMPLIAÇÃO DE PATRIMÔNIOS HISTÓRICOS - AREA DE 1.001 M2 A 2.000 M2","M2",1.75]
[null,"ED-4277","REL-TEC-120","ESPECIFICAÇÃO DOS MATERIAIS COM MEMORIAL DESCRITIVO DE CADA AMBIENTE E EQUIPAMENTOS PARA REFORMA E/OU AMPLIAÇÃO DE PATRIMÔNIOS HISTÓRICOS - AREA DE 2.001 M2 A 4.000 M2","M2",1.5]
[null,"ED-4279","REL-TEC-125","ESPECIFICAÇÃO DOS MATERIAIS COM MEMORIAL DESCRITIVO DE CADA AMBIENTE E EQUIPAMENTOS PARA REFORMA E/OU AMPLIAÇÃO DE EDIFICAÇÕES EXISTENTES - AREA DE 4.001 M2 A 6.000 M2","M2",1.26]
[null,"ED-4280","REL-TEC-130","ESPECIFICAÇÃO DOS MATERIAIS COM MEMORIAL DESCRITIVO DE CADA AMBIENTE E EQUIPAMENTOS PARA REFORMA E/OU AMPLIAÇÃO DE PATRIMÔNIOS HISTÓRICOS - AREA DE 6.001 M2 A 8.000 M2","M2",1]
[null,"ED-4281","REL-TEC-135","ESPECIFICAÇÃO DOS MATERIAIS COM MEMORIAL DESCRITIVO DE CADA AMBIENTE E EQUIPAMENTOS PARA REFORMA E/OU AMPLIAÇÃO DE PATRIMÔNIOS HISTÓRICOS - AREA DE 8.001 M2 A 10.000 M2","M2",0.75]
[null,"ED-4282","REL-TEC-140","ESPECIFICAÇÃO DOS MATERIAIS COM MEMORIAL DESCRITIVO DE CADA AMBIENTE E EQUIPAMENTOS PARA REFORMA E/OU AMPLIAÇÃO DE PATRIMÔNIOS HISTÓRICOS - AREA ACIMA DE 10.000 M2","M2",0.51]
[null,"ED-4283","REL-TEC-145","ESPECIFICAÇÃO DOS MATERIAIS COM MEMORIAL DESCRITIVO  PARA OBRAS DE INFRAESTRUTURA","M2",0.05]
[null,"ED-3123","REL-TEC-150","AS BUILT DE PROJETOS COM ÁREA ATÉ 10.000 M2","M2",0.65]
[null,"ED-4284","REL-TEC-155","AS BUILT DE PROJETOS COM ÁREA DE 10.001 M2 ATÉ 20.000 M2","M2",0.56999999999999995]
[null,"ED-4285","REL-TEC-160","AS BUILT DE PROJETOS COM ÁREA DE 20.001 M2 ATÉ 40.000 M2","M2",0.49]
[null,"ED-4286","REL-TEC-165","AS BUILT DE PROJETOS COM ÁREA DE 40.001 M2 ATÉ 60.000 M2","M2",0.41]
[null,"ED-4287","REL-TEC-170","AS BUILT DE PROJETOS COM ÁREA DE 60.001 M2 ATÉ 80.000 M2","M2",0.33]
[null,"ED-4288","REL-TEC-175","AS BUILT DE PROJETOS COM ÁREA DE 80.001 M2 ATÉ 1000.000 M2","M2",0.24]
[null,"ED-4289","REL-TEC-180","AS BUILT DE PROJETOS COM  ACIMA DE 1000.000 M2","M2",0.16]
[null,"ED-4290","REL-TEC-185","MANUAL DE USO, OPERAÇÃO E MANUTENÇÃO DAS EDIFICAÇÕES PARA CONSTRUÇÕES NOVAS - AREA ATÉ 1.000 M2","M2",0.48]
[null,"ED-4291","REL-TEC-190","MANUAL DE USO, OPERAÇÃO E MANUTENÇÃO DAS EDIFICAÇÕES PARA CONSTRUÇÕES NOVAS - AREA DE 1.001 M2 A 2.000 M2","M2",0.43]
[null,"ED-4292","REL-TEC-195","MANUAL DE USO, OPERAÇÃO E MANUTENÇÃO DAS EDIFICAÇÕES PARA CONSTRUÇÕES NOVAS - AREA DE 2.001 M2 A 4.000 M2","M2",0.38]
[null,"ED-4293","REL-TEC-200","MANUAL DE USO, OPERAÇÃO E MANUTENÇÃO DAS EDIFICAÇÕES PARA CONSTRUÇÕES NOVAS - AREA DE 4.001 M2 A 6.000 M2","M2",0.28999999999999998]
[null,"ED-4294","REL-TEC-205","MANUAL DE USO, OPERAÇÃO E MANUTENÇÃO DAS EDIFICAÇÕES PARA CONSTRUÇÕES NOVAS - AREA DE 6.001 M2 A 8.000 M2","M2",0.24]
[null,"ED-4295","REL-TEC-210","MANUAL DE USO, OPERAÇÃO E MANUTENÇÃO DAS EDIFICAÇÕES PARA CONSTRUÇÕES NOVAS - AREA DE 8.001 M2 A 10.000 M2","M2",0.19]
[null,"ED-4296","REL-TEC-215","MANUAL DE USO, OPERAÇÃO E MANUTENÇÃO DAS EDIFICAÇÕES PARA CONSTRUÇÕES NOVAS - AREA ACIMA DE 10.000 M2","M2",0.12]
[null,"ED-4297","REL-TEC-220"," MANUAL DE USO, OPERAÇÃO E MANUTENÇÃO DAS EDIFICAÇÕES PARA PARA REFORMA E/OU AMPLIAÇÃO DE EDIFICAÇÕES EXISTENTES- AREA ATÉ 1.000 M2","M2",0.41]
[null,"ED-4298","REL-TEC-225"," MANUAL DE USO, OPERAÇÃO E MANUTENÇÃO DAS EDIFICAÇÕES PARA PARA REFORMA E/OU AMPLIAÇÃO DE EDIFICAÇÕES EXISTENTES - AREA DE 1.001 M2 A 2.000 M2","M2",0.35]
[null,"ED-4299","REL-TEC-230"," MANUAL DE USO, OPERAÇÃO E MANUTENÇÃO DAS EDIFICAÇÕES PARA PARA REFORMA E/OU AMPLIAÇÃO DE EDIFICAÇÕES EXISTENTES - AREA DE 2.001 M2 A 4.000 M2","M2",0.31]
[null,"ED-4300","REL-TEC-235"," MANUAL DE USO, OPERAÇÃO E MANUTENÇÃO DAS EDIFICAÇÕES PARA PARA REFORMA E/OU AMPLIAÇÃO DE EDIFICAÇÕES EXISTENTES - AREA DE 4.001 M2 A 6.000 M2","M2",0.24]
[null,"ED-4301","REL-TEC-240"," MANUAL DE USO, OPERAÇÃO E MANUTENÇÃO DAS EDIFICAÇÕES PARA PARA REFORMA E/OU AMPLIAÇÃO DE EDIFICAÇÕES EXISTENTES - AREA DE 6.001 M2 A 8.000 M2","M2",0.19]
[null,"ED-4302","REL-TEC-245"," MANUAL DE USO, OPERAÇÃO E MANUTENÇÃO DAS EDIFICAÇÕES PARA PARA REFORMA E/OU AMPLIAÇÃO DE EDIFICAÇÕES EXISTENTES - AREA DE 8.001 M2 A 10.000 M2","M2",0.16]
[null,"ED-4303","REL-TEC-250"," MANUAL DE USO, OPERAÇÃO E MANUTENÇÃO DAS EDIFICAÇÕES PARA PARA REFORMA E/OU AMPLIAÇÃO DE EDIFICAÇÕES EXISTENTES - AREA ACIMA DE 10.000 M2","M2",0.1]
[null,"ED-4304","REL-TEC-255","MANUAL DE USO, OPERAÇÃO E MANUTENÇÃO DAS EDIFICAÇÕES PARA REFORMA E/OU AMPLIAÇÃO DE PATRIMÔNIOS HISTÓRICOS- AREA ATÉ 1.000 M2","M2",0.63]
[null,"ED-4305","REL-TEC-260","MANUAL DE USO, OPERAÇÃO E MANUTENÇÃO DAS EDIFICAÇÕES PARA REFORMA E/OU AMPLIAÇÃO DE PATRIMÔNIOS HISTÓRICOS - AREA DE 1.001 M2 A 2.000 M2","M2",0.53]
[null,"ED-4306","REL-TEC-265","MANUAL DE USO, OPERAÇÃO E MANUTENÇÃO DAS EDIFICAÇÕES PARA REFORMA E/OU AMPLIAÇÃO DE PATRIMÔNIOS HISTÓRICOS- AREA DE 2.001 M2 A 4.000 M2","M2",0.45]
[null,"ED-4307","REL-TEC-270","MANUAL DE USO, OPERAÇÃO E MANUTENÇÃO DAS EDIFICAÇÕES PARA REFORMA E/OU AMPLIAÇÃO DE PATRIMÔNIOS HISTÓRICOS - AREA DE 4.001 M2 A 6.000 M2","M2",0.38]
[null,"ED-4308","REL-TEC-275","MANUAL DE USO, OPERAÇÃO E MANUTENÇÃO DAS EDIFICAÇÕES PARA REFORMA E/OU AMPLIAÇÃO DE PATRIMÔNIOS HISTÓRICOS - AREA DE 6.001 M2 A 8.000 M2","M2",0.32]
[null,"ED-4309","REL-TEC-280","MANUAL DE USO, OPERAÇÃO E MANUTENÇÃO DAS EDIFICAÇÕES PARA REFORMA E/OU AMPLIAÇÃO DE PATRIMÔNIOS HISTÓRICOS - AREA DE 8.001 M2 A 10.000 M2","M2",0.23]
[null,"ED-4311","REL-TEC-285","MANUAL DE USO, OPERAÇÃO E MANUTENÇÃO DAS EDIFICAÇÕES PARA REFORMA E/OU AMPLIAÇÃO DE PATRIMÔNIOS HISTÓRICOS - AREA ACIMA DE 10.000 M2","M2",0.15]

{"sheet":"SINAPI MARÇO-2021","index":9,"n_rows":12091,"n_cols":4,"rows_kept":12091,"cut":false,"hidden":false,"merged":[]}
[null,"SINAPI FEVEREIRO DE 2021"]
["CÓDIGO","DESCRIÇÃO","UNIDADE","PREÇO"]
[1363,"!EM PROCESSO DE DESATIVACAO! CHAPA DE MADEIRA COMPENSADA DE PINUS, VIROLA OU EQUIVALENTE, DE *2,2 X 1,6* M, E = 6 MM","M2    ",18.350000000000001]
[1344,"!EM PROCESSO DE DESATIVACAO! CHAPA DE MADEIRA COMPENSADA PLASTIFICADA PARA FORMA DE CONCRETO, DE 2,20 x 1,10 M, E = 6 MM","UN    ",43.38]
[1342,"!EM PROCESSO DE DESATIVACAO! CHAPA DE MADEIRA COMPENSADA PLASTIFICADA PARA FORMA DE CONCRETO, DE 2,20 X 1,10 m, E = 14 MM","UN    ",76.680000000000007]
[1349,"!EM PROCESSO DE DESATIVACAO! CHAPA DE MADEIRA COMPENSADA PLASTIFICADA PARA FORMA DE CONCRETO, DE 2,20 X 1,10 M, E = 20 MM","UN    ",109.36]
[1350,"!EM PROCESSO DE DESATIVACAO! CHAPA DE MADEIRA COMPENSADA RESINADA PARA FORMA DE CONCRETO, DE *2,2 X 1,1* M, E = 10 MM","UN    ",49.87]
[1359,"!EM PROCESSO DE DESATIVACAO! CHAPA DE MADEIRA COMPENSADA RESINADA PARA FORMA DE CONCRETO, DE *2,2 X 1,1* M, E = 20 MM","UN    ",98.14]
[1351,"!EM PROCESSO DE DESATIVACAO! CHAPA DE MADEIRA COMPENSADA RESINADA PARA FORMA DE CONCRETO, DE *2,2 X 1,1* M, E = 6 MM","UN    ",31.62]
[2404,"!EM PROCESSO DE DESATIVACAO! DIVISORIA COLMEIA CEGA COM MONTANTE E RODAPE DE ALUMINIO ANODIZADO SIMPLES (SEM COLOCACAO)","M2    ",90.5]
[2418,"!EM PROCESSO DE DESATIVACAO! DOBRADICA EM ACO/FERRO, 3\" X 2 1/2\", E= 1,2 A 1,8 MM, SEM ANEL,  CROMADO OU ZINCADO, TAMPA BOLA, COM PARAFUSOS","UN    ",5.63]
[6086,"!EM PROCESSO DE DESATIVACAO! FUNDO SINTETICO NIVELADOR BRANCO FOSCO PARA MADEIRA","GL    ",72.099999999999994]
[3378,"!EM PROCESSO DE DESATIVACAO! HASTE DE ATERRAMENTO EM ACO COM 3,00 M DE COMPRIMENTO E DN = 3/4\", REVESTIDA COM BAIXA CAMADA DE COBRE, SEM CONECTOR","UN    ",58.57]
[3380,"!EM PROCESSO DE DESATIVACAO! HASTE DE ATERRAMENTO EM ACO COM 3,00 M DE COMPRIMENTO E DN = 5/8\", REVESTIDA COM BAIXA CAMADA DE COBRE, COM CONECTOR TIPO GRAMPO","UN    ",41]
[3379,"!EM PROCESSO DE DESATIVACAO! HASTE DE ATERRAMENTO EM ACO COM 3,00 M DE COMPRIMENTO E DN = 5/8\", REVESTIDA COM BAIXA CAMADA DE COBRE, SEM CONECTOR","UN    ",39.58]
[615,"!EM PROCESSO DE DESATIVACAO! JANELA BASCULANTE, ACO, COM BATENTE/REQUADRO, 60 X 80 CM (SEM VIDROS)","M2    ",387.12]
[606,"!EM PROCESSO DE DESATIVACAO! JANELA DE CORRER, ACO, BATENTE/REQUADRO DE 6 A 14 CM, QUADRICULADA, PINTURA ANTICORROSIVA, SEM VIDRO, BANDEIRA COM BASCULA, 4 FLS, 120  X 150 CM (A X L)","M2    ",608.12]
[11193,"!EM PROCESSO DE DESATIVACAO! JANELA DE CORRER, ACO, BATENTE/REQUADRO DE 6 A 14 CM, VENEZIANA, PINT ANTICORROSIVA, PINT ACABAMENTO, COM VIDRO, 6 FLS, 120  X 150 CM (A X L)","M2    ",616.58000000000004]
[11197,"!EM PROCESSO DE DESATIVACAO! JANELA DE CORRER, ACO, COM BATENTE/REQUADRO DE 6 A 14 CM, SEM DIVISAO, PINT ANTICORROSIVA, PINT ACABAMENTO, COM VIDRO, SEM BANDEIRA, 2 FLS, 120  X 150 CM (A X L)","UN    ",844.41]
[13382,"!EM PROCESSO DE DESATIVACAO! LUMINARIA FECHADA P/ ILUMINACAO PUBLICA, TIPO ABL 50/F OU EQUIV, P/ LAMPADA A VAPOR DE MERCURIO 400W","UN    ",276.22000000000003]
[4047,"!EM PROCESSO DE DESATIVACAO! MASSA CORRIDA PVA PARA PAREDES INTERNAS","GL    ",14.59]
[7344,"!EM PROCESSO DE DESATIVACAO! TINTA LATEX PVA PREMIUM, COR BRANCA","GL    ",59.6]
[40514,"!EM PROCESSO DE DESATIVACAO! VERNIZ POLIURETANO BRILHANTE PARA MADEIRA, SEM FILTRO SOLAR, USO INTERNO E EXTERNO","L     ",27.7]
[11199,"!EM PROCESSO DE DESATIVACAO!JANELA DE CORRER, ACO, BATENTE/REQUADRO DE 6 A 14 CM,  COM DIVISAO HORIZ , PINT ANTICORROSIVA, SEM VIDRO, BANDEIRA COM BASCULA, 4 FLS, 120  X 150 CM (A X L)","UN    ",872.6]
[4053,"!EM PROCESSO DE DESATIVACAO!MASSA A OLEO PARA MADEIRA","GL    ",55.58]
[4056,"!EM PROCESSO DE DESATIVACAO!MASSA ACRILICA PARA PAREDES INTERIOR/EXTERIOR","GL    ",29.22]
[21136,"!EM PROCESSO DESATIVACAO! ELETRODUTO EM ACO GALVANIZADO ELETROLITICO, LEVE, DIAMETRO 1\", PAREDE DE 0,90 MM","M     ",13.14]
[21128,"!EM PROCESSO DESATIVACAO! ELETRODUTO EM ACO GALVANIZADO ELETROLITICO, LEVE, DIAMETRO 3/4\", PAREDE DE 0,90 MM","M     ",10.17]
[21130,"!EM PROCESSO DESATIVACAO! ELETRODUTO EM ACO GALVANIZADO ELETROLITICO, SEMI-PESADO, DIAMETRO 1 1/2\", PAREDE DE 1,20 MM","M     ",25.68]
[21135,"!EM PROCESSO DESATIVACAO! ELETRODUTO EM ACO GALVANIZADO ELETROLITICO, SEMI-PESADO, DIAMETRO 1 1/4\", PAREDE DE 1,20 MM","M     ",25.28]
[38605,"ABERTURA PARA ENCAIXE DE CUBA OU LAVATORIO EM BANCADA DE MARMORE/ GRANITO OU OUTRO TIPO DE PEDRA NATURAL","UN    ",65.739999999999995]
[11270,"ABRACADEIRA DE LATAO PARA FIXACAO DE CABO PARA-RAIO, DIMENSOES 32 X 24 X 24 MM","UN    ",2.7]
[412,"ABRACADEIRA DE NYLON PARA AMARRACAO DE CABOS, COMPRIMENTO DE *230* X *7,6* MM","UN    ",0.82]
[414,"ABRACADEIRA DE NYLON PARA AMARRACAO DE CABOS, COMPRIMENTO DE 100 X 2,5 MM","UN    ",0.05]
[410,"ABRACADEIRA DE NYLON PARA AMARRACAO DE CABOS, COMPRIMENTO DE 150 X *3,6* MM","UN    ",0.12]
[411,"ABRACADEIRA DE NYLON PARA AMARRACAO DE CABOS, COMPRIMENTO DE 200 X *4,6* MM","UN    ",0.16]
[408,"ABRACADEIRA DE NYLON PARA AMARRACAO DE CABOS, COMPRIMENTO DE 390 X *4,6* MM","UN    ",0.79]
[39131,"ABRACADEIRA EM ACO PARA AMARRACAO DE ELETRODUTOS, TIPO D, COM 1 1/2\" E CUNHA DE FIXACAO","UN    ",1.22]
[394,"ABRACADEIRA EM ACO PARA AMARRACAO DE ELETRODUTOS, TIPO D, COM 1 1/2\" E PARAFUSO DE FIXACAO","UN    ",1.24]
[39130,"ABRACADEIRA EM ACO PARA AMARRACAO DE ELETRODUTOS, TIPO D, COM 1 1/4\" E CUNHA DE FIXACAO","UN    ",1.1100000000000001]
[395,"ABRACADEIRA EM ACO PARA AMARRACAO DE ELETRODUTOS, TIPO D, COM 1 1/4\" E PARAFUSO DE FIXACAO","UN    ",1.19]
[39127,"ABRACADEIRA EM ACO PARA AMARRACAO DE ELETRODUTOS, TIPO D, COM 1/2\" E CUNHA DE FIXACAO","UN    ",0.57999999999999996]
[392,"ABRACADEIRA EM ACO PARA AMARRACAO DE ELETRODUTOS, TIPO D, COM 1/2\" E PARAFUSO DE FIXACAO","UN    ",0.6]
[39129,"ABRACADEIRA EM ACO PARA AMARRACAO DE ELETRODUTOS, TIPO D, COM 1\" E CUNHA DE FIXACAO","UN    ",0.68]
[393,"ABRACADEIRA EM ACO PARA AMARRACAO DE ELETRODUTOS, TIPO D, COM 1\" E PARAFUSO DE FIXACAO","UN    ",0.72]
[39133,"ABRACADEIRA EM ACO PARA AMARRACAO DE ELETRODUTOS, TIPO D, COM 2 1/2\" E CUNHA DE FIXACAO","UN    ",1.6]
[397,"ABRACADEIRA EM ACO PARA AMARRACAO DE ELETRODUTOS, TIPO D, COM 2 1/2\" E PARAFUSO DE FIXACAO","UN    ",1.77]
[39132,"ABRACADEIRA EM ACO PARA AMARRACAO DE ELETRODUTOS, TIPO D, COM 2\" E CUNHA DE FIXACAO","UN    ",1.28]
[396,"ABRACADEIRA EM ACO PARA AMARRACAO DE ELETRODUTOS, TIPO D, COM 2\" E PARAFUSO DE FIXACAO","UN    ",1.37]
[39135,"ABRACADEIRA EM ACO PARA AMARRACAO DE ELETRODUTOS, TIPO D, COM 3 1/2\" E CUNHA DE FIXACAO","UN    ",2.57]
[39128,"ABRACADEIRA EM ACO PARA AMARRACAO DE ELETRODUTOS, TIPO D, COM 3/4\" E CUNHA DE FIXACAO","UN    ",0.64]
[400,"ABRACADEIRA EM ACO PARA AMARRACAO DE ELETRODUTOS, TIPO D, COM 3/4\" E PARAFUSO DE FIXACAO","UN    ",0.62]
[39125,"ABRACADEIRA EM ACO PARA AMARRACAO DE ELETRODUTOS, TIPO D, COM 3/8\" E PARAFUSO DE FIXACAO","UN    ",0.64]
[39134,"ABRACADEIRA EM ACO PARA AMARRACAO DE ELETRODUTOS, TIPO D, COM 3\" E CUNHA DE FIXACAO","UN    ",2.14]
[398,"ABRACADEIRA EM ACO PARA AMARRACAO DE ELETRODUTOS, TIPO D, COM 3\" E PARAFUSO DE FIXACAO","UN    ",1.97]
[39126,"ABRACADEIRA EM ACO PARA AMARRACAO DE ELETRODUTOS, TIPO D, COM 4\" E CUNHA DE FIXACAO","UN    ",2.89]
[399,"ABRACADEIRA EM ACO PARA AMARRACAO DE ELETRODUTOS, TIPO D, COM 4\" E PARAFUSO DE FIXACAO","UN    ",2.5499999999999998]
[39158,"ABRACADEIRA EM ACO PARA AMARRACAO DE ELETRODUTOS, TIPO ECONOMICA (GOTA), COM 8\"","UN    ",6.84]
[39141,"ABRACADEIRA EM ACO PARA AMARRACAO DE ELETRODUTOS, TIPO U SIMPLES, COM 1 1/2\"","UN    ",0.49]
[39140,"ABRACADEIRA EM ACO PARA AMARRACAO DE ELETRODUTOS, TIPO U SIMPLES, COM 1 1/4\"","UN    ",0.45]
[39137,"ABRACADEIRA EM ACO PARA AMARRACAO DE ELETRODUTOS, TIPO U SIMPLES, COM 1/2\"","UN    ",0.26]
[39139,"ABRACADEIRA EM ACO PARA AMARRACAO DE ELETRODUTOS, TIPO U SIMPLES, COM 1\"","UN    ",0.37]
[39143,"ABRACADEIRA EM ACO PARA AMARRACAO DE ELETRODUTOS, TIPO U SIMPLES, COM 2 1/2\"","UN    ",1.02]
[39142,"ABRACADEIRA EM ACO PARA AMARRACAO DE ELETRODUTOS, TIPO U SIMPLES, COM 2\"","UN    ",0.73]
[39138,"ABRACADEIRA EM ACO PARA AMARRACAO DE ELETRODUTOS, TIPO U SIMPLES, COM 3/4\"","UN    ",0.27]
[39136,"ABRACADEIRA EM ACO PARA AMARRACAO DE ELETRODUTOS, TIPO U SIMPLES, COM 3/8\"","UN    ",0.18]
[39144,"ABRACADEIRA EM ACO PARA AMARRACAO DE ELETRODUTOS, TIPO U SIMPLES, COM 3\"","UN    ",1.19]
[39145,"ABRACADEIRA EM ACO PARA AMARRACAO DE ELETRODUTOS, TIPO U SIMPLES, COM 4\"","UN    ",1.96]
[12615,"ABRACADEIRA PVC, PARA CALHA PLUVIAL, DIAMETRO ENTRE 80 E 100 MM, PARA DRENAGEM PREDIAL","UN    ",3.99]
[11927,"ABRACADEIRA, GALVANIZADA/ZINCADA, ROSCA SEM FIM, PARAFUSO INOX, LARGURA  FITA *12,6 A *14 MM, D = 2\" A 2 1/2\"","UN    ",8.06]
[11928,"ABRACADEIRA, GALVANIZADA/ZINCADA, ROSCA SEM FIM, PARAFUSO INOX, LARGURA  FITA *12,6 A *14 MM, D = 3\" A 3 3/4\"","UN    ",9.23]
[11929,"ABRACADEIRA, GALVANIZADA/ZINCADA, ROSCA SEM FIM, PARAFUSO INOX, LARGURA  FITA *12,6 A *14 MM, D = 4\" A 4 3/4\"","UN    ",14.28]
[36801,"ACABAMENTO CROMADO PARA REGISTRO PEQUENO, 1/2 \" OU 3/4 \"","UN    ",22.43]
[36246,"ACABAMENTO SIMPLES/CONVENCIONAL PARA FORRO PVC, TIPO \"U\" OU \"C\", COR BRANCA, COMPRIMENTO 6 M","M     ",3.96]
[37600,"ACESSORIO DE LIGACAO NAO ELETRICO PARA CARGAS EXPLOSIVAS, TUBO DE 6 M","UN    ",62.83]
[37599,"ACESSORIO INICIADOR NAO ELETRICO, TUBO DE 6 M, TEMPO DE RETARDO DE *160* MS","UN    ",58.48]
[1,"ACETILENO (RECARGA PARA CILINDRO DE CONJUNTO OXICORTE GRANDE)","KG    ",64.75]
[3,"ACIDO MURIATICO, DILUICAO 10% A 12% PARA USO EM LIMPEZA","L     ",6.16]
[43054,"ACO CA-25, 10,0 MM, OU 12,5 MM, OU 16,0 MM, OU 20,0 MM, OU 25,0 MM, VERGALHAO","KG    ",10.47]
[42402,"ACO CA-25, 16,0 MM, BARRA DE TRANSFERENCIA","KG    ",10]
[42403,"ACO CA-25, 20,0 MM, BARRA DE TRANSFERENCIA","KG    ",12.83]
[42404,"ACO CA-25, 25,0 MM, BARRA DE TRANSFERENCIA","KG    ",12.76]
[42405,"ACO CA-25, 32,0 MM, BARRA DE TRANSFERENCIA","KG    ",13.59]
[34341,"ACO CA-25, 32,0 MM, VERGALHAO","KG    ",11.8]
[43053,"ACO CA-25, 6,3 MM OU 8,0 MM, VERGALHAO","KG    ",9.35]
[43058,"ACO CA-50, 10,0 MM, OU 12,5 MM, OU 16,0 MM, OU 20,0 MM, DOBRADO E CORTADO","KG    ",9.6999999999999993]
[34,"ACO CA-50, 10,0 MM, VERGALHAO","KG    ",9.74]
[43055,"ACO CA-50, 12,5 MM OU 16,0 MM, VERGALHAO","KG    ",8.44]
[43056,"ACO CA-50, 20,0 MM OU 25,0 MM, VERGALHAO","KG    ",9.73]
[43057,"ACO CA-50, 32,0 MM, VERGALHAO","KG    ",10.69]
[34449,"ACO CA-50, 6,3 MM, DOBRADO E CORTADO","KG    ",11.43]
[32,"ACO CA-50, 6,3 MM, VERGALHAO","KG    ",10.28]
[33,"ACO CA-50, 8,0 MM, VERGALHAO","KG    ",10.34]
[43061,"ACO CA-60, 4,2 MM OU 5,0 MM, DOBRADO E CORTADO","KG    ",9.66]
[43059,"ACO CA-60, 4,2 MM, OU 5,0 MM, OU 6,0 MM, OU 7,0 MM, VERGALHAO","KG    ",9.2200000000000006]
[43062,"ACO CA-60, 6,0 MM OU 7,0 MM, DOBRADO E CORTADO","KG    ",10.220000000000001]
[43060,"ACO CA-60, 8,0 MM OU 9,5 MM, VERGALHAO","KG    ",8.0299999999999994]
[20063,"ACOPLAMENTO DE CONDUTOR PLUVIAL, EM PVC, DIAMETRO ENTRE 80 E 100 MM, PARA DRENAGEM PREDIAL","UN    ",3.97]
[40410,"ACOPLAMENTO RIGIDO EM FERRO FUNDIDO PARA SISTEMA DE TUBULACAO RANHURADA, DN 50 MM (2\")","UN    ",23.66]
[40411,"ACOPLAMENTO RIGIDO EM FERRO FUNDIDO PARA SISTEMA DE TUBULACAO RANHURADA, DN 65 MM (2 1/2\")","UN    ",25.67]
[40412,"ACOPLAMENTO RIGIDO EM FERRO FUNDIDO PARA SISTEMA DE TUBULACAO RANHURADA, DN 80 MM (3\")","UN    ",28.82]
[38838,"ADAPTADOR DE COBRE PARA TUBULACAO PEX, DN 16 X 15 MM","UN    ",9.66]
[38839,"ADAPTADOR DE COBRE PARA TUBULACAO PEX, DN 20 X 22 MM","UN    ",11.37]
[55,"ADAPTADOR DE COMPRESSAO EM POLIPROPILENO (PP), PARA TUBO EM PEAD, 20 MM X 1/2\", PARA LIGACAO PREDIAL DE AGUA (NTS 179)","UN    ",4.2]
[61,"ADAPTADOR DE COMPRESSAO EM POLIPROPILENO (PP), PARA TUBO EM PEAD, 20 MM X 3/4\", PARA LIGACAO PREDIAL DE AGUA (NTS 179)","UN    ",3.97]
[62,"ADAPTADOR DE COMPRESSAO EM POLIPROPILENO (PP), PARA TUBO EM PEAD, 32 MM X 1\", PARA LIGACAO PREDIAL DE AGUA (NTS 179)","UN    ",8.23]
[77,"ADAPTADOR PVC PARA SIFAO METALICO, SOLDAVEL, COM ANEL BORRACHA (JE), 40 MM X 1 1/2\"","UN    ",1.27]
[76,"ADAPTADOR PVC PARA SIFAO, ROSCAVEL, 40 MM X 1 1/4\"","UN    ",1.29]
[67,"ADAPTADOR PVC ROSCAVEL, COM FLANGES E ANEL DE VEDACAO, 1/2\", PARA CAIXA D' AGUA","UN    ",12.48]
[71,"ADAPTADOR PVC ROSCAVEL, COM FLANGES E ANEL DE VEDACAO, 1\", PARA CAIXA D' AGUA","UN    ",22.94]
[73,"ADAPTADOR PVC ROSCAVEL, COM FLANGES E ANEL DE VEDACAO, 3/4\", PARA CAIXA D' AGUA","UN    ",17.13]
[103,"ADAPTADOR PVC SOLDAVEL CURTO COM BOLSA E ROSCA, 110 MM X 4\", PARA AGUA FRIA","UN    ",50.95]
[107,"ADAPTADOR PVC SOLDAVEL CURTO COM BOLSA E ROSCA, 20 MM X 1/2\", PARA AGUA FRIA","UN    ",0.8]
[65,"ADAPTADOR PVC SOLDAVEL CURTO COM BOLSA E ROSCA, 25 MM X 3/4\", PARA AGUA FRIA","UN    ",0.98]
[108,"ADAPTADOR PVC SOLDAVEL CURTO COM BOLSA E ROSCA, 32 MM X 1\", PARA AGUA FRIA","UN    ",2.0299999999999998]
[110,"ADAPTADOR PVC SOLDAVEL CURTO COM BOLSA E ROSCA, 40 MM X 1 1/2\", PARA AGUA FRIA","UN    ",7.87]
[109,"ADAPTADOR PVC SOLDAVEL CURTO COM BOLSA E ROSCA, 40 MM X 1 1/4\", PARA AGUA FRIA","UN    ",3.88]
[111,"ADAPTADOR PVC SOLDAVEL CURTO COM BOLSA E ROSCA, 50 MM X 1 1/4\", PARA AGUA FRIA","UN    ",9.07]
[112,"ADAPTADOR PVC SOLDAVEL CURTO COM BOLSA E ROSCA, 50 MM X1 1/2\", PARA AGUA FRIA","UN    ",4.93]
[113,"ADAPTADOR PVC SOLDAVEL CURTO COM BOLSA E ROSCA, 60 MM X 2\", PARA AGUA FRIA","UN    ",13.4]
[104,"ADAPTADOR PVC SOLDAVEL CURTO COM BOLSA E ROSCA, 75 MM X 2 1/2\", PARA AGUA FRIA","UN    ",19.489999999999998]
[102,"ADAPTADOR PVC SOLDAVEL CURTO COM BOLSA E ROSCA, 85 MM X 3\", PARA AGUA FRIA","UN    ",32]
[95,"ADAPTADOR PVC SOLDAVEL, COM FLANGE E ANEL DE VEDACAO, 20 MM X 1/2\", PARA CAIXA D'AGUA","UN    ",10.83]
[96,"ADAPTADOR PVC SOLDAVEL, COM FLANGE E ANEL DE VEDACAO, 25 MM X 3/4\", PARA CAIXA D'AGUA","UN    ",12.46]
[97,"ADAPTADOR PVC SOLDAVEL, COM FLANGE E ANEL DE VEDACAO, 32 MM X 1\", PARA CAIXA D'AGUA","UN    ",16.18]
[98,"ADAPTADOR PVC SOLDAVEL, COM FLANGE E ANEL DE VEDACAO, 40 MM X 1 1/4\", PARA CAIXA D'AGUA","UN    ",21.8]
[99,"ADAPTADOR PVC SOLDAVEL, COM FLANGE E ANEL DE VEDACAO, 50 MM X 1 1/2\", PARA CAIXA D'AGUA","UN    ",26.44]
[100,"ADAPTADOR PVC SOLDAVEL, COM FLANGES E ANEL DE VEDACAO, 60 MM X 2\", PARA CAIXA D' AGUA","UN    ",36.89]
[75,"ADAPTADOR PVC SOLDAVEL, COM FLANGES LIVRES, 110 MM X 4\", PARA CAIXA D' AGUA","UN    ",384.48]
[114,"ADAPTADOR PVC SOLDAVEL, COM FLANGES LIVRES, 25 MM X 3/4\", PARA CAIXA D' AGUA","UN    ",14.01]
[68,"ADAPTADOR PVC SOLDAVEL, COM FLANGES LIVRES, 32 MM X 1\", PARA CAIXA D' AGUA","UN    ",21.42]
[86,"ADAPTADOR PVC SOLDAVEL, COM FLANGES LIVRES, 40 MM X 1  1/4\", PARA CAIXA D' AGUA","UN    ",39.83]
[66,"ADAPTADOR PVC SOLDAVEL, COM FLANGES LIVRES, 50 MM X 1  1/2\", PARA CAIXA D' AGUA","UN    ",39.97]
[69,"ADAPTADOR PVC SOLDAVEL, COM FLANGES LIVRES, 60 MM X 2\", PARA CAIXA D' AGUA","UN    ",61.09]
[83,"ADAPTADOR PVC SOLDAVEL, COM FLANGES LIVRES, 75 MM X 2  1/2\", PARA CAIXA D' AGUA","UN    ",195.12]
[74,"ADAPTADOR PVC SOLDAVEL, COM FLANGES LIVRES, 85 MM X 3\", PARA CAIXA D' AGUA","UN    ",272.41000000000003]
[106,"ADAPTADOR PVC SOLDAVEL, LONGO, COM FLANGE LIVRE,  110 MM X 4\", PARA CAIXA D' AGUA","UN    ",413.84]
[87,"ADAPTADOR PVC SOLDAVEL, LONGO, COM FLANGE LIVRE,  25 MM X 3/4\", PARA CAIXA D' AGUA","UN    ",19.670000000000002]
[88,"ADAPTADOR PVC SOLDAVEL, LONGO, COM FLANGE LIVRE,  32 MM X 1\", PARA CAIXA D' AGUA","UN    ",21.95]
[89,"ADAPTADOR PVC SOLDAVEL, LONGO, COM FLANGE LIVRE,  40 MM X 1 1/4\", PARA CAIXA D' AGUA","UN    ",32.46]
[90,"ADAPTADOR PVC SOLDAVEL, LONGO, COM FLANGE LIVRE,  50 MM X 1 1/2\", PARA CAIXA D' AGUA","UN    ",37.19]
[81,"ADAPTADOR PVC SOLDAVEL, LONGO, COM FLANGE LIVRE,  60 MM X 2\", PARA CAIXA D' AGUA","UN    ",63.61]
[82,"ADAPTADOR PVC SOLDAVEL, LONGO, COM FLANGE LIVRE,  75 MM X 2 1/2\", PARA CAIXA D' AGUA","UN    ",246.92]
[105,"ADAPTADOR PVC SOLDAVEL, LONGO, COM FLANGE LIVRE,  85 MM X 3\", PARA CAIXA D' AGUA","UN    ",289.08999999999997]
[60,"ADAPTADOR PVC, COM REGISTRO, PARA PEAD, 20 MM X 3/4\", PARA LIGACAO PREDIAL DE AGUA","UN    ",5.45]
[72,"ADAPTADOR PVC, ROSCAVEL, COM FLANGES E ANEL DE VEDACAO, 1 1/2\", PARA CAIXA D'AGUA","UN    ",38.880000000000003]
[70,"ADAPTADOR PVC, ROSCAVEL, COM FLANGES E ANEL DE VEDACAO, 1 1/4\", PARA CAIXA D' AGUA","UN    ",32.520000000000003]
[85,"ADAPTADOR PVC, ROSCAVEL, COM FLANGES E ANEL DE VEDACAO, 2\", PARA CAIXA D' AGUA","UN    ",47.19]
[84,"ADAPTADOR PVC, ROSCAVEL, PARA VALVULA PIA OU LAVATORIO, 40 MM","UN    ",0.54]
[37997,"ADAPTADOR, CPVC, SOLDAVEL, 15 MM, PARA AGUA QUENTE","UN    ",6.16]
[37998,"ADAPTADOR, CPVC, SOLDAVEL, 22 MM, PARA AGUA QUENTE","UN    ",6.39]
[10899,"ADAPTADOR, EM LATAO, ENGATE RAPIDO 2 1/2\" X ROSCA INTERNA 5 FIOS 2 1/2\",  PARA INSTALACAO PREDIAL DE COMBATE A INCENDIO","UN    ",55.19]
[10900,"ADAPTADOR, EM LATAO, ENGATE RAPIDO1 1/2\" X ROSCA INTERNA 5 FIOS 2 1/2\",  PARA INSTALACAO PREDIAL DE COMBATE A INCENDIO","UN    ",43.19]
[46,"ADAPTADOR, PVC PBA,  BOLSA/ROSCA, JE, DN 75 / DE  85 MM","UN    ",46.01]
[51,"ADAPTADOR, PVC PBA, A BOLSA DEFOFO, JE, DN 100 / DE 110 MM","UN    ",126.93]
[12863,"ADAPTADOR, PVC PBA, A BOLSA DEFOFO, JE, DN 50 / DE 60 MM","UN    ",29.24]
[50,"ADAPTADOR, PVC PBA, A BOLSA DEFOFO, JE, DN 75 / DE  85 MM","UN    ",66.28]
[47,"ADAPTADOR, PVC PBA, BOLSA/ROSCA, JE, DN 100 / DE 110 MM","UN    ",78.67]
[48,"ADAPTADOR, PVC PBA, BOLSA/ROSCA, JE, DN 50 / DE 60 MM","UN    ",20.52]
[52,"ADAPTADOR, PVC PBA, PONTA/ROSCA, JE, DN 50 / DE  60 MM","UN    ",15.59]
[43,"ADAPTADOR, PVC PBA, PONTA/ROSCA, JE, DN 75 / DE  85 MM","UN    ",52.62]
[4791,"ADESIVO ACRILICO/COLA DE CONTATO","KG    ",24.89]
[157,"ADESIVO ESTRUTURAL A BASE DE RESINA EPOXI PARA INJECAO EM TRINCAS, BICOMPONENTE, BAIXA VISCOSIDADE","KG    ",75.77]
[156,"ADESIVO ESTRUTURAL A BASE DE RESINA EPOXI, BICOMPONENTE, FLUIDO","KG    ",26.97]
[131,"ADESIVO ESTRUTURAL A BASE DE RESINA EPOXI, BICOMPONENTE, PASTOSO (TIXOTROPICO)","KG    ",23.07]
[39719,"ADESIVO LIQUIDO A BASE DE RESINAS PARA COLAGEM DE ESPUMA DE ISOLAMENTO TERMICO FLEXIVEL","L     ",76.89]
[21114,"ADESIVO PARA TUBOS CPVC, *75* G","UN    ",16.47]
[119,"ADESIVO PLASTICO PARA PVC, BISNAGA COM 75 GR","UN    ",6.5]
[20080,"ADESIVO PLASTICO PARA PVC, FRASCO COM 175 GR","UN    ",18.63]
[122,"ADESIVO PLASTICO PARA PVC, FRASCO COM 850 GR","UN    ",58.71]
[3410,"ADESIVO/COLA PARA EPS (ISOPOR) E OUTROS MATERIAIS","KG    ",14.71]
[124,"ADITIVO ACELERADOR DE PEGA E ENDURECIMENTO PARA ARGAMASSAS E CONCRETOS, LIQUIDO E ISENTO DE CLORETOS","L     ",8.89]
[7334,"ADITIVO ADESIVO LIQUIDO PARA ARGAMASSAS DE REVESTIMENTOS CIMENTICIOS","L     ",10.35]
[123,"ADITIVO IMPERMEABILIZANTE DE PEGA NORMAL PARA ARGAMASSAS E CONCRETOS SEM ARMACAO, LIQUIDO E ISENTO DE CLORETOS","L     ",3.64]
[127,"ADITIVO IMPERMEABILIZANTE DE PEGA ULTRARRAPIDA, LIQUIDO E ISENTO DE CLORETOS","L     ",8.69]
[41373,"ADITIVO LIQUIDO IMPERMEABILIZANTE CRISTALIZANTE","L     ",12.1]
[133,"ADITIVO LIQUIDO INCORPORADOR DE AR PARA CONCRETO E ARGAMASSA, LIQUIDO E ISENTO DE CLORETOS","L     ",3.61]
[43617,"ADITIVO PLASTIFICANTE E ESTABILIZADOR PARA ARGAMASSAS DE ASSENTAMENTO E REBOCO, LIQUIDO E ISENTO DE CLORETOS","L     ",4.03]
[132,"ADITIVO PLASTIFICANTE RETARDADOR DE PEGA E REDUTOR DE AGUA PARA CONCRETO, LIQUIDO E ISENTO DE CLORETOS","L     ",3.74]
[43618,"ADITIVO SUPERPLASTIFICANTE DE PEGA NORMAL PARA CONCRETO, LIQUIDO E ISENTO DE CLORETOS","KG    ",9.42]
[37476,"ADUELA/ GALERIA PRÃ\u0089-MOLDADA DE CONCRETO ARMADO, SEÃ\u0087Ã\u0083O RETANGULAR INTERNA DE 1,50 X 1,50 M (L X A), MÃ\u008dSULA DE 20X20CM, C = 1.00 M, EMÃ\u008dN = 15 CM, TB-45 E FCK DO CONCRETO = 30 MPA.","UN    ",2397.96]
[37478,"ADUELA/ GALERIA PRÃ\u0089-MOLDADA DE CONCRETO ARMADO, SEÃ\u0087Ã\u0083O RETANGULAR INTERNA DE 2,00 X 2,00 M (L X A), MÃ\u008dSULA DE 20X20CM, C = 1.00 M, EMÃ\u008dN = 15 CM, TB-45 E FCK DO CONCRETO = 30 MPA.","UN    ",3003.5]
[37477,"ADUELA/ GALERIA PRÃ\u0089-MOLDADA DE CONCRETO ARMADO, SEÃ\u0087Ã\u0083O RETANGULAR INTERNA DE 2,50 X 2,50 M (L X A), MÃ\u008dSULA DE 20X20CM, C = 1.00 M, EMÃ\u008dN = 15 CM, TB-45 E FCK DO CONCRETO = 30 MPA.","UN    ",4069.27]
[37479,"ADUELA/ GALERIA PRÃ\u0089-MOLDADA DE CONCRETO ARMADO, SEÃ\u0087Ã\u0083O RETANGULAR INTERNA DE 3,00 X 3,00 M (L X A), MÃ\u008dSULA DE 20X20CM, C = 1.00 M, EMÃ\u008dN = 20 CM, TB-45 E FCK DO CONCRETO = 30 MPA.","UN    ",4826.2]
[41632,"ADUELA/GALERIA DE CONCRETO ARMADO, SECAO RETANGULAR 2.00 X 1.00 M (L X A), C = 1.00 M, E = 20 CM","UN    ",2622.01]
[41634,"ADUELA/GALERIA DE CONCRETO ARMADO, SECAO RETANGULAR 2.00 X 1.50 M (L X A), C = 1.00 M, E = 20 CM","UN    ",2869.61]
[41633,"ADUELA/GALERIA DE CONCRETO ARMADO, SECAO RETANGULAR 2.50 X 1.00 M (L X A), C = 1.00 M, E = 20 CM","UN    ",3079.2]
[41635,"ADUELA/GALERIA DE CONCRETO ARMADO, SECAO RETANGULAR 2.50 X 1.50 M (L X A), C = 1.00 M, E = 20 CM","UN    ",3454.64]
[4319,"AFASTADOR PARA TELHA DE FIBROCIMENTO CANALETE 90 OU KALHETAO","UN    ",1.63]
[42409,"AGENTE DE CURA, PROTETOR DA EVAPORACAO DA AGUA DE HIDRATACAO DO CONCRETO","KG    ",5.93]
[40553,"AGREGADO RECICLADO, TIPO RACHAO RECICLADO CINZA, CLASSE A","M3    ",35.700000000000003]
[6114,"AJUDANTE DE ARMADOR","H     ",12.46]
[40912,"AJUDANTE DE ARMADOR (MENSALISTA)","MES   ",2212.73]
[247,"AJUDANTE DE ELETRICISTA","H     ",12.55]
[40919,"AJUDANTE DE ELETRICISTA (MENSALISTA)","MES   ",2231.35]
[25958,"AJUDANTE DE ESTRUTURAS METALICAS","H     ",14.41]
[40984,"AJUDANTE DE ESTRUTURAS METALICAS (MENSALISTA)","MES   ",2559.15]
[248,"AJUDANTE DE OPERACAO EM GERAL","H     ",12.89]
[41086,"AJUDANTE DE OPERACAO EM GERAL (MENSALISTA)","MES   ",2289.65]
[34466,"AJUDANTE DE PINTOR","H     ",12.89]
[41083,"AJUDANTE DE PINTOR (MENSALISTA)","MES   ",2289.65]
[252,"AJUDANTE DE SERRALHEIRO","H     ",13.36]
[40909,"AJUDANTE DE SERRALHEIRO (MENSALISTA)","MES   ",2373.37]
[242,"AJUDANTE ESPECIALIZADO","H     ",15.16]
[41085,"AJUDANTE ESPECIALIZADO (MENSALISTA)","MES   ",2693.52]
[427,"ALCA PREFORMADA DE CONTRA POSTE, EM ACO GALVANIZADO, PARA CABO 3/16\", COMPRIMENTO *860* MM","UN    ",5.7]
[417,"ALCA PREFORMADA DE DISTRIBUICAO, EM ACO GALVANIZADO, PARA CABO DE ALUMINIO DIAMETRO 16 A 25 MM","UN    ",2.69]
[11273,"ALCA PREFORMADA DE DISTRIBUICAO, EM ACO GALVANIZADO, PARA CONDUTORES DE ALUMINIO AWG 1/0 (CAA 6/1 OU CA 7 FIOS)","UN    ",8.34]
[11272,"ALCA PREFORMADA DE DISTRIBUICAO, EM ACO GALVANIZADO, PARA CONDUTORES DE ALUMINIO AWG 2 (CAA 6/1 OU CA 7 FIOS)","UN    ",5.03]
[11275,"ALCA PREFORMADA DE SERVICO, EM ACO GALVANIZADO, PARA CONDUTORES DE ALUMINIO AWG 4 (CAA 6/1)","UN    ",2.02]
[11274,"ALCA PREFORMADA DE SERVICO, EM ACO GALVANIZADO, PARA CONDUTORES DE ALUMINIO AWG 6 (CAA 6/1)","UN    ",1.54]
[38470,"ALICATE DE CORTE DIAGONAL 6 \" COM ISOLAMENTO","UN    ",25.13]
[38547,"ALICATE DE CRIMPAR RJ11, RJ12 E RJ45","UN    ",68.569999999999993]
[38469,"ALICATE DE PRESSAO PARA SOLDA DE CHAPA 18 \"","UN    ",73.73]
[38467,"ALICATE DE PRESSAO 11 \" PARA SOLDA, TIPO C","UN    ",41.49]
[38468,"ALICATE DE PRESSAO 11 \" PARA SOLDA, TIPO U","UN    ",45.65]
[38471,"ALICATE PARA ANEIS DE PISTAO, CAPACIDADE 50 A 100 MM","UN    ",59.29]
[37370,"ALIMENTACAO - HORISTA (COLETADO CAIXA)","H     ",1.03]
[40862,"ALIMENTACAO - MENSALISTA (COLETADO CAIXA)","MES   ",193.9]
[10658,"ALISADORA DE CONCRETO COM MOTOR A GASOLINA DE 5,5 HP, PESO COM MOTOR DE 78 KG, 4 PAS","UN    ",6880]
[253,"ALMOXARIFE","H     ",18.850000000000001]
[40809,"ALMOXARIFE (MENSALISTA)","MES   ",3347.21]
[42428,"ALONGADOR COM TRES ALTURAS, EM TUBO DE ACO CARBONO, PINTURA NO PROCESSO ELETROSTATICO - EQUIPAMENTO DE GINASTICA PARA ACADEMIA AO AR LIVRE / ACADEMIA DA TERCEIRA IDADE - ATI","UN    ",1800]
[583,"ALUMINIO ANODIZADO","KG    ",56.32]
[299,"ANEL BORRACHA DN 100 MM, PARA TUBO SERIE REFORCADA ESGOTO PREDIAL","UN    ",2.44]
[298,"ANEL BORRACHA DN 75 MM, PARA TUBO SERIE REFORCADA ESGOTO PREDIAL","UN    ",2.4500000000000002]
[295,"ANEL BORRACHA PARA TUBO ESGOTO PREDIAL DN 40 MM (NBR 5688)","UN    ",1.46]
[296,"ANEL BORRACHA PARA TUBO ESGOTO PREDIAL DN 50 MM (NBR 5688)","UN    ",1.52]
[297,"ANEL BORRACHA PARA TUBO ESGOTO PREDIAL DN 75 MM (NBR 5688)","UN    ",2.14]
[301,"ANEL BORRACHA PARA TUBO ESGOTO PREDIAL, DN 100 MM (NBR 5688)","UN    ",2.69]
[300,"ANEL BORRACHA, DN 150 MM, PARA TUBO SERIE REFORCADA ESGOTO PREDIAL","UN    ",11.3]
[20084,"ANEL BORRACHA, DN 40 MM, PARA TUBO SERIE REFORCADA ESGOTO PREDIAL","UN    ",1.46]
[20085,"ANEL BORRACHA, DN 50 MM, PARA TUBO SERIE REFORCADA ESGOTO PREDIAL","UN    ",1.35]
[311,"ANEL BORRACHA, PARA TUBO PVC DEFOFO, DN 100 MM (NBR 7665)","UN    ",8.74]
[318,"ANEL BORRACHA, PARA TUBO PVC DEFOFO, DN 150 MM (NBR 7665)","UN    ",15.32]
[319,"ANEL BORRACHA, PARA TUBO PVC DEFOFO, DN 200 MM (NBR 7665)","UN    ",28.93]
[320,"ANEL BORRACHA, PARA TUBO PVC DEFOFO, DN 250 MM (NBR 7665)","UN    ",91.98]
[314,"ANEL BORRACHA, PARA TUBO PVC DEFOFO, DN 300 MM (NBR 7665)","UN    ",141.29]
[303,"ANEL BORRACHA, PARA TUBO PVC, REDE COLETOR ESGOTO, DN 100 MM (NBR 7362)","UN    ",3.66]
[305,"ANEL BORRACHA, PARA TUBO PVC, REDE COLETOR ESGOTO, DN 150 MM (NBR 7362)","UN    ",9.56]
[306,"ANEL BORRACHA, PARA TUBO PVC, REDE COLETOR ESGOTO, DN 200 MM (NBR 7362)","UN    ",11.49]
[307,"ANEL BORRACHA, PARA TUBO PVC, REDE COLETOR ESGOTO, DN 250 MM (NBR 7362)","UN    ",22.68]
[309,"ANEL BORRACHA, PARA TUBO PVC, REDE COLETOR ESGOTO, DN 350 MM (NBR 7362)","UN    ",46.49]
[310,"ANEL BORRACHA, PARA TUBO PVC, REDE COLETOR ESGOTO, DN 400 MM (NBR 7362)","UN    ",58.96]
[328,"ANEL BORRACHA, PARA TUBO/CONEXAO PVC PBA, DN 100 MM, PARA REDE AGUA","UN    ",7.03]
[325,"ANEL BORRACHA, PARA TUBO/CONEXAO PVC PBA, DN 50 MM, PARA REDE AGUA","UN    ",2.73]
[20326,"ANEL BORRACHA, PARA TUBO/CONEXAO PVC PBA, DN 60 MM, PARA REDE AGUA","UN    ",7.3]
[329,"ANEL BORRACHA, PARA TUBO/CONEXAO PVC PBA, DN 75 MM, PARA REDE AGUA","UN    ",8.99]
[308,"ANEL BORRACHA, PARA TUBO, PVC REDE COLETOR ESGOTO, DN 300 MM (NBR 7362)","UN    ",30.29]
[39642,"ANEL DE BORRACHA PARA VEDACAO DE DUTO PEAD CORRUGADO PARA ELETRICA, DN 1 1/2\"","UN    ",1.84]
[39641,"ANEL DE BORRACHA PARA VEDACAO DE DUTO PEAD CORRUGADO PARA ELETRICA, DN 1 1/4\"","UN    ",1.28]
[39643,"ANEL DE BORRACHA PARA VEDACAO DE DUTO PEAD CORRUGADO PARA ELETRICA, DN 2\"","UN    ",5.1100000000000003]
[39644,"ANEL DE BORRACHA PARA VEDACAO DE DUTO PEAD CORRUGADO PARA ELETRICA, DN 3\"","UN    ",6.6]
[39645,"ANEL DE BORRACHA PARA VEDACAO DE DUTO PEAD CORRUGADO PARA ELETRICA, DN 4\"","UN    ",8.52]
[41610,"ANEL DE CONCRETO ARMADO COM FUNDO, PARA FOSSA E POCO 1,50 X *0,50* M","UN    ",444.88]
[41611,"ANEL DE CONCRETO ARMADO COM FUNDO, PARA FOSSA E POCO 2,00 X *0,50* M","UN    ",701.22]
[41612,"ANEL DE CONCRETO ARMADO COM FUNDO, PARA FOSSA E POCO 2,50 X *0,50* M","UN    ",984.61]
[41637,"ANEL DE CONCRETO ARMADO, COM FUROS/DRENO PARA SUMIDOURO, D = 0,80 M, H = 0,50 M","UN    ",92.04]
[41638,"ANEL DE CONCRETO ARMADO, COM FUROS/DRENO PARA SUMIDOURO, D = 1,00 M, H = 0,50M","UN    ",119.89]
[41639,"ANEL DE CONCRETO ARMADO, COM FUROS/DRENO PARA SUMIDOURO, D = 1,50 M, H = 0,50 M","UN    ",290.05]
[11789,"ANEL DE DISTRIBUICAO EM ACO GALVANIZADO PARA FIO FE-160","UN    ",0.76]
[20975,"ANEL DE EXPANSAO EM COBRE, ENGATE RAPIDO 1 1/2\", PARA EMPATACAO MANGUEIRA DE COMBATE A INCENDIO PREDIAL","UN    ",8.65]
[20976,"ANEL DE EXPANSAO EM COBRE, ENGATE RAPIDO 2 1/2\", PARA EMPATACAO MANGUEIRA DE COMBATE A INCENDIO PREDIAL","UN    ",13.07]
[40340,"ANEL DE VEDACAO/JUNTA ELASTICA, H = *16* MM, PARA TUBO DE CONCRETO DN 300 MM","UN    ",71.239999999999995]
[40341,"ANEL DE VEDACAO/JUNTA ELASTICA, H = *16* MM, PARA TUBO DE CONCRETO DN 400 MM","UN    ",84.35]
[40342,"ANEL DE VEDACAO/JUNTA ELASTICA, H = *16* MM, PARA TUBO DE CONCRETO DN 500 MM","UN    ",106.93]
[40343,"ANEL DE VEDACAO/JUNTA ELASTICA, H = *16* MM, PARA TUBO DE CONCRETO DN 600 MM","UN    ",131.19]
[40344,"ANEL DE VEDACAO/JUNTA ELASTICA, H = *18* MM, PARA TUBO DE CONCRETO DN 700 MM","UN    ",138.71]
[40345,"ANEL DE VEDACAO/JUNTA ELASTICA, H = *19* MM, PARA TUBO DE CONCRETO DN 800 MM","UN    ",173.19]
[40346,"ANEL DE VEDACAO/JUNTA ELASTICA, H = *19* MM, PARA TUBO DE CONCRETO DN 900 MM","UN    ",162.91999999999999]
[40347,"ANEL DE VEDACAO/JUNTA ELASTICA, H = *21* MM, PARA TUBO DE CONCRETO DN 1000 MM","UN    ",201.44]
[38840,"ANEL DESLIZANTE / TRADICIONAL, METALICO, PARA TUBO PEX, DN 16 MM","UN    ",2.7]
[38841,"ANEL DESLIZANTE / TRADICIONAL, METALICO, PARA TUBO PEX, DN 20 MM","UN    ",3]
[38842,"ANEL DESLIZANTE / TRADICIONAL, METALICO, PARA TUBO PEX, DN 25 MM","UN    ",5.93]
[38843,"ANEL DESLIZANTE / TRADICIONAL, METALICO, PARA TUBO PEX, DN 32 MM","UN    ",9.26]
[43424,"ANEL EM CONCRETO ARMADO, LISO,  PARA FOSSAS SEPTICAS E SUMIDOUROS, COM FUNDO, DIAMETRO INTERNO DE 1,20 M E ALTURA DE 0,50 M","UN    ",372.73]
[43426,"ANEL EM CONCRETO ARMADO, LISO, PARA FOSSAS SEPTICAS E SUMIDOUROS, COM FUNDO, DIAMETRO INTERNO DE 3,00 M E ALTURA DE 0,50 M","UN    ",1285.57]
[12565,"ANEL EM CONCRETO ARMADO, LISO, PARA FOSSAS SEPTICAS E SUMIDOUROS, SEM FUNDO, DIAMETRO INTERNO DE 2,00 M E ALTURA DE 0,50 M","UN    ",450.83]
[12567,"ANEL EM CONCRETO ARMADO, LISO, PARA FOSSAS SEPTICAS E SUMIDOUROS, SEM FUNDO, DIAMETRO INTERNO DE 2,50 M E ALTURA DE 0,50 M","UN    ",605.54]
[12568,"ANEL EM CONCRETO ARMADO, LISO, PARA FOSSAS SEPTICAS E SUMIDOUROS, SEM FUNDO, DIAMETRO INTERNO DE 3,00 M E ALTURA DE 0,50 M","UN    ",847.76]
[43441,"ANEL EM CONCRETO ARMADO, LISO, PARA POCOS DE INSPECAO, COM FUNDO, DIAMETRO INTERNO DE 0,60 M E ALTURA DE 0,50 M","UN    ",108.99]
[43423,"ANEL EM CONCRETO ARMADO, LISO, PARA POCOS DE INSPECAO, SEM FUNDO, DIAMETRO INTERNO DE 0,60 M E ALTURA DE 0,20 M","UN    ",50.86]
[12532,"ANEL EM CONCRETO ARMADO, LISO, PARA POCOS DE INSPECAO, SEM FUNDO, DIAMETRO INTERNO DE 0,60 M E ALTURA DE 0,50 M","UN    ",78.44]
[43444,"ANEL EM CONCRETO ARMADO, LISO, PARA POCOS DE VISITA, POCOS DE INSPECAO, FOSSAS SEPTICAS E SUMIDOUROS, COM FUNDO, DIAMETRO INTERNO DE 1,20 M E ALTURA DE 0,75 M","UN    ",263.41000000000003]
[12551,"ANEL EM CONCRETO ARMADO, LISO, PARA POCOS DE VISITA, POCOS DE INSPECAO, FOSSAS SEPTICAS E SUMIDOUROS, SEM FUNDO, DIAMETRO INTERNO DE 1,20 M E ALTURA DE 0,50 M","UN    ",187.93]
[43442,"ANEL EM CONCRETO ARMADO, LISO, PARA POCOS DE VISITAS, POCOS DE INSPECAO, FOSSAS SEPTICAS E SUMIDOUROS, COM FUNDO, DIAMETRO INTERNO DE 0,80 M E ALTURA DE 0,50 M","UN    ",145.33000000000001]
[43443,"ANEL EM CONCRETO ARMADO, LISO, PARA POCOS DE VISITAS, POCOS DE INSPECAO, FOSSAS SEPTICAS E SUMIDOUROS, COM FUNDO, DIAMETRO INTERNO DE 1,00 M E ALTURA DE 0,50 M","UN    ",190.74]
[12544,"ANEL EM CONCRETO ARMADO, LISO, PARA POCOS DE VISITAS, POCOS DE INSPECAO, FOSSAS SEPTICAS E SUMIDOUROS, SEM FUNDO, DIAMETRO INTERNO DE 0,80 M E ALTURA DE 0,50 M","UN    ",102.94]
[12547,"ANEL EM CONCRETO ARMADO, LISO, PARA POCOS DE VISITAS, POCOS DE INSPECAO, FOSSAS SEPTICAS E SUMIDOUROS, SEM FUNDO, DIAMETRO INTERNO DE 1,00 M E ALTURA DE 0,50 M","UN    ",138.44999999999999]
[43445,"ANEL EM CONCRETO ARMADO, LISO, PARA, POCOS DE VISITA, POCOS DE INSPECAO, FOSSAS SEPTICAS E SUMIDOUROS, COM FUNDO, DIAMETRO INTERNO DE 1,50 M E ALTURA DE 1,00 M","UN    ",363.32]
[12563,"ANEL EM CONCRETO ARMADO, LISO, PARA, POCOS DE VISITA, POCOS DE INSPECAO, FOSSAS SEPTICAS E SUMIDOUROS, SEM FUNDO, DIAMETRO INTERNO DE 1,50 M E ALTURA DE 0,50 M","UN    ",259.94]
[43425,"ANEL EM CONCRETO ARMADO, PERFURADO,  PARA FOSSAS SEPTICAS E SUMIDOUROS, SEM FUNDO, DIAMETRO INTERNO DE 1,20 M E ALTURA DE 0,50 M","UN    ",163.49]
[43446,"ANEL EM CONCRETO ARMADO, PERFURADO, PARA FOSSAS SEPTICAS E SUMIDOUROS, SEM FUNDO, DIAMETRO INTERNO DE 2,00 M E ALTURA DE 0,50 M","UN    ",345.16]
[43447,"ANEL EM CONCRETO ARMADO, PERFURADO, PARA FOSSAS SEPTICAS E SUMIDOUROS, SEM FUNDO, DIAMETRO INTERNO DE 2,50 M E ALTURA DE 0,50 M","UN    ",423.88]
[43448,"ANEL EM CONCRETO ARMADO, PERFURADO, PARA FOSSAS SEPTICAS E SUMIDOUROS, SEM FUNDO, DIAMETRO INTERNO DE 3,00 M E ALTURA DE 0,50 M","UN    ",593.42999999999995]
[13761,"APARELHO CORTE OXI-ACETILENO PARA SOLDA E CORTE CONTENDO MACARICO SOLDA, BICO DE CORTE, CILINDROS, REGULADORES, MANGUEIRAS E CARRINHO","UN    ",3653.48]
[12888,"APARELHO DE APOIO DE NEOPRENE FRETADO, 60 X 45 X 7,6 CM, COM FRETAGEM DE ACO DE 4 MM INTERCALADAS COM ELASTOMERO DE 11 MM E REVESTIMENTO FINAL COM ELASTOMERO DE 6 MM","DM3   ",96.72]
[12889,"APARELHO DE APOIO DE NEOPRENE SIMPLES/ NAO FRETADO, 100 X 100 CM, ESPESSURA 6,3 MM","DM3   ",63.16]
[4814,"APARELHO SINALIZADOR LUMINOSO COM LED, PARA SAIDA GARAGEM, COM 2 LENTES EM POLICARBONATO, BIVOLT (INCLUI SUPORTE DE FIXACAO)","UN    ",109.44]
[25967,"APOIO DO PORTA DENTE PARA FRESADORA DE ASFALTO","UN    ",1691.85]
[6122,"APONTADOR OU APROPRIADOR DE MAO DE OBRA","H     ",18.399999999999999]
[40810,"APONTADOR OU APROPRIADOR DE MAO DE OBRA (MENSALISTA)","MES   ",3267.5]
[21100,"AQUECEDOR DE AGUA A GAS GLP/GN COM CAPACIDADE DE ARMAZENAMENTO DE 50 A 80 L","UN    ",2008.36]
[11816,"AQUECEDOR DE AGUA ELETRICO  RESERVATORIO DE 100 L CILINDRICO EM COBRE, REFORCADO COM ACO CARBONO, MONOFASICO, TENSAO NOMINAL 220 V","UN    ",2141.5]
[11814,"AQUECEDOR DE AGUA ELETRICO  RESERVATORIO DE 500 L CILINDRICO EM COBRE, REFORCADO COM ACO CARBONO, MONOFASICO, TENSAO NOMINAL 220 V","UN    ",4661.5]
[14186,"AQUECEDOR DE AGUA ELETRICO  RESERVATORIO DE 500 L CILINDRICO EM COBRE, REFORCADO COM ACO CARBONO, TRIFASICO, TENSAO NOMINAL 220/380/400 V, POTENCIA 24 KW","UN    ",5853.15]
[14185,"AQUECEDOR DE AGUA ELETRICO  RESERVATORIO DE 700 L CILINDRICO EM COBRE, REFORCADO COM ACO CARBONO, MONOFASICO, TENSAO NOMINAL 220 V","UN    ",7582.11]
[11811,"AQUECEDOR DE AGUA ELETRICO HORIZONTAL, RESERVATORIO DE 200 L CILINDRICO EM COBRE, REFORCADO COM ACO CARBONO, MONOFASICO, TENSAO NOMINAL 220 V","UN    ",2899.11]
[26038,"AQUECEDOR DE OLEO BPF (FLUIDO) TERMICO, CAPACIDADE DE 300.000 KCAL/H","UN    ",229600.99]
[34482,"AQUECEDOR SOLAR  CAPACIDADE DO RESERVATORIO 800 L, INCLUI 8 PLACAS COLETORAS DE 1,42 M2","UN    ",4471.29]
[34469,"AQUECEDOR SOLAR CAPACIDADE DO RESERVATORIO 1000 L, INCLUI 10 PLACAS COLETORAS DE 1,42 M2","UN    ",6916.53]
[34472,"AQUECEDOR SOLAR CAPACIDADE DO RESERVATORIO 200 L, INCLUI 2 PLACAS COLETORAS DE 1,42 M2","UN    ",2128]
[34476,"AQUECEDOR SOLAR CAPACIDADE DO RESERVATORIO 400L, INCLUI 4 PLACAS COLETORAS DE 1,42 M2","UN    ",3607.26]
[34477,"AQUECEDOR SOLAR CAPACIDADE DO RESERVATORIO 600 L, INCLUI 6 PLACAS COLETORAS DE 1,42 M2","UN    ",4787.53]
[42425,"AR CONDICIONADO SPLIT INVERTER, HI-WALL (PAREDE), 12000 BTU/H, CICLO FRIO, 60HZ, CLASSIFICACAO A (SELO PROCEL), GAS HFC, CONTROLE S/FIO","UN    ",2148.15]
[42422,"AR CONDICIONADO SPLIT INVERTER, HI-WALL (PAREDE), 18000 BTU/H, CICLO FRIO, 60HZ, CLASSIFICACAO A (SELO PROCEL), GAS HFC, CONTROLE S/FIO","UN    ",3189]
[43184,"AR CONDICIONADO SPLIT INVERTER, HI-WALL (PAREDE), 24000 BTU/H, CICLO FRIO, 60HZ, CLASSIFICACAO A - SELO PROCEL, GAS HFC, CONTROLE S/FIO","UN    ",4407.5]
[42424,"AR CONDICIONADO SPLIT INVERTER, HI-WALL (PAREDE), 9000 BTU/H, CICLO FRIO, 60HZ, CLASSIFICACAO A (SELO PROCEL), GAS HFC, CONTROLE S/FIO","UN    ",1918.48]
[42421,"AR CONDICIONADO SPLIT INVERTER, PISO TETO, APRESENTANDO ENTRE 54000 E 58000 BTU/H, CICLO FRIO, 60HZ, CLASSIFICACAO ENERGETICA A OU B (SELO PROCEL), GAS HFC, CONTROLE S/FIO","UN    ",17467.59]
[42416,"AR CONDICIONADO SPLIT INVERTER, PISO TETO, 18000 BTU/H, CICLO FRIO, 60HZ, CLASSIFICACAO ENERGETICA A OU B (SELO PROCEL), GAS HFC, CONTROLE S/FIO","UN    ",8270.3700000000008]
[42417,"AR CONDICIONADO SPLIT INVERTER, PISO TETO, 24000 BTU/H, CICLO FRIO, 60HZ, CLASSIFICACAO ENERGETICA A OU B (SELO PROCEL), GAS HFC, CONTROLE S/FIO","UN    ",9271.76]
[42419,"AR CONDICIONADO SPLIT INVERTER, PISO TETO, 36000 BTU/H, CICLO FRIO, 60HZ, CLASSIFICACAO ENERGETICA A OU B (SELO PROCEL), GAS HFC, CONTROLE S/FIO","UN    ",10475.120000000001]
[42420,"AR CONDICIONADO SPLIT INVERTER, PISO TETO, 48000 BTU/H, CICLO FRIO, 60HZ, CLASSIFICACAO ENERGETICA A OU B (SELO PROCEL), GAS HFC, CONTROLE S/FIO","UN    ",14397.27]
[43195,"AR CONDICIONADO SPLIT ON/OFF, CASSETE (TETO), FRIO 4 VIAS 18000 BTUS/H, CLASSIFICACAO ENERGETICA C - SELO PROCEL, GAS HFC, CONTROLE S/ FIO","UN    ",5069.4799999999996]
[43196,"AR CONDICIONADO SPLIT ON/OFF, CASSETE (TETO), FRIO 4 VIAS 24000 BTUS/H, CLASSIFICACAO ENERGETICA C - SELO PROCEL, GAS HFC, CONTROLE S/ FIO","UN    ",6282.9]
[43198,"AR CONDICIONADO SPLIT ON/OFF, CASSETE (TETO), FRIO 4 VIAS 36000 BTUS/H, CLASSIFICACAO ENERGETICA C - SELO PROCEL, GAS HFC, CONTROLE S/ FIO","UN    ",9336.24]
[43199,"AR CONDICIONADO SPLIT ON/OFF, CASSETE (TETO), FRIO 4 VIAS 48000 BTUS/H, CLASSIFICACAO ENERGETICA C - SELO PROCEL, GAS HFC, CONTROLE S/ FIO","UN    ",9678.35]
[43200,"AR CONDICIONADO SPLIT ON/OFF, CASSETE (TETO), FRIO 4 VIAS 60000 BTUS/H, CLASSIFICACAO ENERGETICA C - SELO PROCEL, GAS HFC, CONTROLE S/ FIO","UN    ",11106.61]
[39556,"AR CONDICIONADO SPLIT ON/OFF, CASSETE (TETO), 18000 BTUS/H, CICLO QUENTE/FRIO, 60 HZ, CLASSIFICACAO ENERGETICA C - SELO PROCEL, GAS HFC, CONTROLE S/ FIO","UN    ",6066.1]
[39557,"AR CONDICIONADO SPLIT ON/OFF, CASSETE (TETO), 24000 BTUS/H, CICLO QUENTE/FRIO, 60 HZ, CLASSIFICACAO ENERGETICA C - SELO PROCEL, GAS HFC, CONTROLE S/ FIO","UN    ",6531.87]
[39559,"AR CONDICIONADO SPLIT ON/OFF, CASSETE (TETO), 36000 BTUS/H, CICLO QUENTE/FRIO, 60 HZ, CLASSIFICACAO ENERGETICA A - SELO PROCEL, GAS HFC, CONTROLE S/ FIO","UN    ",9652.84]
[39560,"AR CONDICIONADO SPLIT ON/OFF, CASSETE (TETO), 48000 BTUS/H, CICLO QUENTE/FRIO, 60 HZ, CLASSIFICACAO ENERGETICA A - SELO PROCEL, GAS HFC, CONTROLE S/ FIO","UN    ",11167.4]
[39561,"AR CONDICIONADO SPLIT ON/OFF, CASSETE (TETO), 60000 BTUS/H, CICLO QUENTE/FRIO, 60 HZ, CLASSIFICACAO ENERGETICA A - SELO PROCEL, GAS HFC, CONTROLE S/ FIO","UN    ",11682.53]
[43190,"AR CONDICIONADO SPLIT ON/OFF, HI-WALL (PAREDE), 12000 BTUS/H, CICLO FRIO, 60 HZ, CLASSIFICACAO ENERGETICA A - SELO PROCEL, GAS HFC, CONTROLE S/ FIO","UN    ",1724.03]
[39555,"AR CONDICIONADO SPLIT ON/OFF, HI-WALL (PAREDE), 12000 BTUS/H, CICLO QUENTE/FRIO, 60 HZ, CLASSIFICACAO ENERGETICA A - SELO PROCEL, GAS HFC, CONTROLE S/ FIO","UN    ",1864.96]
[43191,"AR CONDICIONADO SPLIT ON/OFF, HI-WALL (PAREDE), 18000 BTUS/H, CICLO FRIO, 60 HZ, CLASSIFICACAO ENERGETICA A - SELO PROCEL, GAS HFC, CONTROLE S/ FIO","UN    ",2480.65]
[39548,"AR CONDICIONADO SPLIT ON/OFF, HI-WALL (PAREDE), 18000 BTUS/H, CICLO QUENTE/FRIO, 60 HZ, CLASSIFICACAO ENERGETICA A - SELO PROCEL, GAS HFC, CONTROLE S/ FIO","UN    ",2766.31]
[43192,"AR CONDICIONADO SPLIT ON/OFF, HI-WALL (PAREDE), 24000 BTUS/H, CICLO FRIO, 60 HZ, CLASSIFICACAO ENERGETICA A - SELO PROCEL, GAS HFC, CONTROLE S/ FIO","UN    ",3249.43]
[39554,"AR CONDICIONADO SPLIT ON/OFF, HI-WALL (PAREDE), 24000 BTUS/H, CICLO QUENTE/FRIO, 60 HZ, CLASSIFICACAO ENERGETICA A - SELO PROCEL, GAS HFC, CONTROLE S/ FIO","UN    ",3658.03]
[43194,"AR CONDICIONADO SPLIT ON/OFF, HI-WALL (PAREDE), 9000 BTUS/H, CICLO FRIO, 60 HZ, CLASSIFICACAO ENERGETICA A - SELO PROCEL, GAS HFC, CONTROLE S/ FIO","UN    ",1476.92]
[39551,"AR CONDICIONADO SPLIT ON/OFF, HI-WALL (PAREDE), 9000 BTUS/H, CICLO QUENTE/FRIO, 60 HZ, CLASSIFICACAO ENERGETICA A - SELO PROCEL, GAS HFC, CONTROLE S/ FIO","UN    ",1626.25]
[43185,"AR CONDICIONADO SPLIT ON/OFF, PISO TETO, 18.000 BTU/H, CICLO FRIO, 60HZ, CLASSIFICACAO ENERGETICA C - SELO PROCEL, GAS HFC, CONTROLE S/FIO","UN    ",4621.5200000000004]
[43186,"AR CONDICIONADO SPLIT ON/OFF, PISO TETO, 24.000 BTU/H, CICLO FRIO, 60HZ, CLASSIFICACAO ENERGETICA C - SELO PROCEL, GAS HFC, CONTROLE S/FIO","UN    ",4874.7700000000004]
[43187,"AR CONDICIONADO SPLIT ON/OFF, PISO TETO, 36.000 BTU/H, CICLO FRIO, 60HZ, CLASSIFICACAO ENERGETICA C - SELO PROCEL, GAS HFC, CONTROLE S/FIO","UN    ",6468.87]
[43188,"AR CONDICIONADO SPLIT ON/OFF, PISO TETO, 48.000 BTU/H, CICLO FRIO, 60HZ, CLASSIFICACAO ENERGETICA C - SELO PROCEL, GAS HFC, CONTROLE S/FIO","UN    ",7837.89]
[43189,"AR CONDICIONADO SPLIT ON/OFF, PISO TETO, 60.000 BTU/H, CICLO FRIO, 60HZ, CLASSIFICACAO ENERGETICA C - SELO PROCEL, GAS HFC, CONTROLE S/FIO","UN    ",8816.32]
[39580,"AR-CONDICIONADO FRIO SPLITAO INVERTER 30 TR","UN    ",69476.25]
[39577,"AR-CONDICIONADO FRIO SPLITAO MODULAR 10 TR","UN    ",21745.919999999998]
[39578,"AR-CONDICIONADO FRIO SPLITAO MODULAR 15 TR","UN    ",28063.54]
[39579,"AR-CONDICIONADO FRIO SPLITAO MODULAR 20 TR","UN    ",40830.25]
[39826,"AR-CONDICIONADO SPLIT INVERTER, PISO TETO, 24000 BTU/H, QUENTE/FRIO, 60HZ, CLASSIFICACAO ENERGETICA A - SELO PROCEL, GAS HFC, CONTROLE S/FIO","UN    ",5014.7]
[10700,"ARADO REVERSIVEL COM 3 DISCOS DE 26\" X 6MM REBOCAVEL","UN    ",15740.6]
[346,"ARAME DE ACO OVALADO 15 X 17 ( 45,7 KG, 700 KGF), ROLO 1000 M","KG    ",26.06]
[3312,"ARAME DE AMARRACAO PARA GABIAO GALVANIZADO, DIAMETRO 2,2 MM","KG    ",21.12]
[339,"ARAME FARPADO GALVANIZADO, 14 BWG (2,11 MM), CLASSE 250","M     ",1.34]
[340,"ARAME FARPADO GALVANIZADO, 16 BWG (1,65 MM), CLASSE 250","M     ",1.21]
[43130,"ARAME GALVANIZADO 12 BWG, D = 2,76 MM (0,048 KG/M) OU 14 BWG, D = 2,11 MM (0,026 KG/M)","KG    ",22]
[344,"ARAME GALVANIZADO 16 BWG, D = 1,65MM (0,0166 KG/M)","KG    ",28.92]
[345,"ARAME GALVANIZADO 18 BWG, D = 1,24MM (0,009 KG/M)","KG    ",31.38]
[43131,"ARAME GALVANIZADO 6 BWG, D = 5,16 MM (0,157 KG/M), OU 8 BWG, D = 4,19 MM (0,101 KG/M), OU 10 BWG, D = 3,40 MM (0,0713 KG/M)","KG    ",25.55]
[3313,"ARAME PROTEGIDO COM POLIMERO PARA GABIAO, DIAMETRO 2,2 MM","KG    ",27.18]
[43132,"ARAME RECOZIDO 16 BWG, D = 1,65 MM (0,016 KG/M) OU 18 BWG, D = 1,25 MM (0,01 KG/M)","KG    ",22]
[369,"AREIA AMARELA, AREIA BARRADA OU ARENOSO (RETIRADA NO AREAL, SEM TRANSPORTE)","M3    ",69.650000000000006]
[366,"AREIA FINA - POSTO JAZIDA/FORNECEDOR (RETIRADO NA JAZIDA, SEM TRANSPORTE)","M3    ",69.17]
[367,"AREIA GROSSA - POSTO JAZIDA/FORNECEDOR (RETIRADO NA JAZIDA, SEM TRANSPORTE)","M3    ",61.67]
[370,"AREIA MEDIA - POSTO JAZIDA/FORNECEDOR (RETIRADO NA JAZIDA, SEM TRANSPORTE)","M3    ",69.17]
[368,"AREIA PARA ATERRO - POSTO JAZIDA/FORNECEDOR (RETIRADO NA JAZIDA, SEM TRANSPORTE)","M3    ",46.25]
[11075,"AREIA PARA LEITO FILTRANTE (0,42 A 1,68 MM) - POSTO JAZIDA/FORNECEDOR (RETIRADO NA JAZIDA, SEM TRANSPORTE)","M3    ",1009.84]
[1381,"ARGAMASSA COLANTE AC I PARA CERAMICAS","KG    ",0.48]
[34353,"ARGAMASSA COLANTE AC II","KG    ",0.89]
[37595,"ARGAMASSA COLANTE TIPO AC III","KG    ",1.47]
[37596,"ARGAMASSA COLANTE TIPO AC III E","KG    ",1.69]
[371,"ARGAMASSA INDUSTRIALIZADA MULTIUSO, PARA REVESTIMENTO INTERNO E EXTERNO E ASSENTAMENTO DE BLOCOS DIVERSOS","KG    ",0.52]
[37553,"ARGAMASSA INDUSTRIALIZADA PARA CHAPISCO COLANTE","KG    ",0.98]
[37552,"ARGAMASSA INDUSTRIALIZADA PARA CHAPISCO ROLADO","KG    ",1.57]
[36880,"ARGAMASSA PARA REVESTIMENTO DECORATIVO MONOCAMADA","KG    ",1.6]
[34355,"ARGAMASSA PISO SOBRE PISO","KG    ",1.38]
[130,"ARGAMASSA POLIMERICA DE REPARO ESTRUTURAL, BICOMPONENTE","KG    ",2.0699999999999998]
[135,"ARGAMASSA POLIMERICA IMPERMEABILIZANTE SEMIFLEXIVEL, BICOMPONENTE (MEMBRANA IMPERMEABILIZANTE ACRILICA)","KG    ",1.67]
[36886,"ARGAMASSA PRONTA PARA CONTRAPISO","KG    ",0.49]
[38546,"ARGAMASSA USINADA AUTOADENSAVEL E AUTONIVELANTE PARA CONTRAPISO, INCLUI BOMBEAMENTO","M3    ",326.3]
[34549,"ARGILA EXPANDIDA, GRANULOMETRIA 2215","M3    ",208.95]
[6081,"ARGILA OU BARRO PARA ATERRO/REATERRO (COM TRANSPORTE ATE 10 KM)","M3    ",29.6]
[6077,"ARGILA OU BARRO PARA ATERRO/REATERRO (RETIRADO NA JAZIDA, SEM TRANSPORTE)","M3    ",17.059999999999999]
[6079,"ARGILA, ARGILA VERMELHA OU ARGILA ARENOSA (RETIRADA NA JAZIDA, SEM TRANSPORTE)","M3    ",9.75]
[1091,"ARMACAO VERTICAL COM HASTE E CONTRA-PINO, EM CHAPA DE ACO GALVANIZADO 3/16\", COM 1 ESTRIBO E 1 ISOLADOR","UN    ",22.72]
[1094,"ARMACAO VERTICAL COM HASTE E CONTRA-PINO, EM CHAPA DE ACO GALVANIZADO 3/16\", COM 1 ESTRIBO, SEM ISOLADOR","UN    ",15.89]
[1095,"ARMACAO VERTICAL COM HASTE E CONTRA-PINO, EM CHAPA DE ACO GALVANIZADO 3/16\", COM 2 ESTRIBOS, E 2 ISOLADORES","UN    ",33.770000000000003]
[1092,"ARMACAO VERTICAL COM HASTE E CONTRA-PINO, EM CHAPA DE ACO GALVANIZADO 3/16\", COM 2 ESTRIBOS, SEM ISOLADOR","UN    ",26.13]
[1093,"ARMACAO VERTICAL COM HASTE E CONTRA-PINO, EM CHAPA DE ACO GALVANIZADO 3/16\", COM 3 ESTRIBOS E 3 ISOLADORES","UN    ",61.02]
[1090,"ARMACAO VERTICAL COM HASTE E CONTRA-PINO, EM CHAPA DE ACO GALVANIZADO 3/16\", COM 3 ESTRIBOS, SEM ISOLADOR","UN    ",43.69]
[1096,"ARMACAO VERTICAL COM HASTE E CONTRA-PINO, EM CHAPA DE ACO GALVANIZADO 3/16\", COM 4 ESTRIBOS E 4 ISOLADORES","UN    ",78.62]
[1097,"ARMACAO VERTICAL COM HASTE E CONTRA-PINO, EM CHAPA DE ACO GALVANIZADO 3/16\", COM 4 ESTRIBOS, SEM ISOLADOR","UN    ",66.739999999999995]
[378,"ARMADOR","H     ",17.84]
[40911,"ARMADOR (MENSALISTA)","MES   ",3171.82]
[33939,"ARQUITETO JUNIOR","H     ",67.19]
[40815,"ARQUITETO JUNIOR (MENSALISTA)","MES   ",11929.17]
[34760,"ARQUITETO PAISAGISTA","H     ",69.81]
[40935,"ARQUITETO PAISAGISTA (MENSALISTA)","MES   ",12394.95]
[33952,"ARQUITETO PLENO","H     ",95.44]
[40816,"ARQUITETO PLENO (MENSALISTA)","MES   ",16944.38]
[33953,"ARQUITETO SENIOR","H     ",126.19]
[40817,"ARQUITETO SENIOR (MENSALISTA)","MES   ",22401.98]
[13348,"ARRUELA  EM ACO GALVANIZADO, DIAMETRO EXTERNO = 35MM, ESPESSURA = 3MM, DIAMETRO DO FURO= 18MM","UN    ",0.9]
[39211,"ARRUELA EM ALUMINIO, COM ROSCA, DE  1 1/4\", PARA ELETRODUTO","UN    ",1.1100000000000001]
[39212,"ARRUELA EM ALUMINIO, COM ROSCA, DE 1 1/2\", PARA ELETRODUTO","UN    ",1.23]
[39208,"ARRUELA EM ALUMINIO, COM ROSCA, DE 1/2\", PARA ELETRODUTO","UN    ",0.34]
[39210,"ARRUELA EM ALUMINIO, COM ROSCA, DE 1\", PARA ELETRODUTO","UN    ",0.62]
[39214,"ARRUELA EM ALUMINIO, COM ROSCA, DE 2 1/2\", PARA ELETRODUTO","UN    ",2.29]
[39213,"ARRUELA EM ALUMINIO, COM ROSCA, DE 2\", PARA ELETRODUTO","UN    ",1.62]
[39209,"ARRUELA EM ALUMINIO, COM ROSCA, DE 3/4\", PARA ELETRODUTO","UN    ",0.4]
[39207,"ARRUELA EM ALUMINIO, COM ROSCA, DE 3/8\", PARA ELETRODUTO","UN    ",0.62]
[39215,"ARRUELA EM ALUMINIO, COM ROSCA, DE 3\", PARA ELETRODUTO","UN    ",4.18]
[39216,"ARRUELA EM ALUMINIO, COM ROSCA, DE 4\", PARA ELETRODUTO","UN    ",5.83]
[11267,"ARRUELA LISA, REDONDA, DE LATAO POLIDO, DIAMETRO NOMINAL 5/8\", DIAMETRO EXTERNO = 34 MM, DIAMETRO DO FURO = 17 MM, ESPESSURA = *2,5* MM","UN    ",0.79]
[379,"ARRUELA QUADRADA EM ACO GALVANIZADO, DIMENSAO = 38 MM, ESPESSURA = 3MM, DIAMETRO DO FURO= 18 MM","UN    ",0.79]
[41901,"ASFALTO DILUIDO DE PETROLEO CM-30 (COLETADO CAIXA NA ANP ACRESCIDO DE ICMS)","KG    ",4.87]
[510,"ASFALTO MODIFICADO TIPO I - NBR 9910 (ASFALTO OXIDADO PARA IMPERMEABILIZACAO, COEFICIENTE DE PENETRACAO 25-40)","KG    ",8.66]
[516,"ASFALTO MODIFICADO TIPO II - NBR 9910 (ASFALTO OXIDADO PARA IMPERMEABILIZACAO, COEFICIENTE DE PENETRACAO 20-35)","KG    ",10.26]
[509,"ASFALTO MODIFICADO TIPO III - NBR 9910 (ASFALTO OXIDADO PARA IMPERMEABILIZACAO, COEFICIENTE DE PENETRACAO 15-25)","KG    ",11.51]
[40331,"ASSENTADOR DE MANILHAS","H     ",19.45]
[40930,"ASSENTADOR DE MANILHAS (MENSALISTA)","MES   ",3455.41]
[11761,"ASSENTO  VASO SANITARIO INFANTIL EM PLASTICO BRANCO","UN    ",64.39]
[377,"ASSENTO SANITARIO DE PLASTICO, TIPO CONVENCIONAL","UN    ",30.26]
[7588,"AUTOMATICO DE BOIA SUPERIOR / INFERIOR, *15* A / 250 V","UN    ",44.75]
[34392,"AUXILIAR  DE ALMOXARIFE","H     ",14.43]
[40908,"AUXILIAR DE ALMOXARIFE (MENSALISTA)","MES   ",2564.79]
[34551,"AUXILIAR DE AZULEJISTA","H     ",13.02]
[41078,"AUXILIAR DE AZULEJISTA (MENSALISTA)","MES   ",2312.27]
[246,"AUXILIAR DE ENCANADOR OU BOMBEIRO HIDRAULICO","H     ",12.65]
[40927,"AUXILIAR DE ENCANADOR OU BOMBEIRO HIDRAULICO (MENSALISTA)","MES   ",2248.92]
[2350,"AUXILIAR DE ESCRITORIO","H     ",16.21]
[40812,"AUXILIAR DE ESCRITORIO (MENSALISTA)","MES   ",2881.7]
[245,"AUXILIAR DE LABORATORISTA DE SOLOS E DE CONCRETO","H     ",23.55]
[41090,"AUXILIAR DE LABORATORISTA DE SOLOS E DE CONCRETO (MENSALISTA)","MES   ",4181.6400000000003]
[251,"AUXILIAR DE MECANICO","H     ",15.63]
[40975,"AUXILIAR DE MECANICO (MENSALISTA)","MES   ",2777.47]
[6127,"AUXILIAR DE PEDREIRO","H     ",12.37]
[41072,"AUXILIAR DE PEDREIRO (MENSALISTA)","MES   ",2199.5]
[6121,"AUXILIAR DE SERVICOS GERAIS","H     ",12.57]
[41071,"AUXILIAR DE SERVICOS GERAIS (MENSALISTA)","MES   ",2234.29]
[244,"AUXILIAR DE TOPOGRAFO","H     ",13.83]
[41093,"AUXILIAR DE TOPOGRAFO (MENSALISTA)","MES   ",2456.14]
[532,"AUXILIAR TECNICO / ASSISTENTE DE ENGENHARIA","H     ",28.01]
[40931,"AUXILIAR TECNICO / ASSISTENTE DE ENGENHARIA (MENSALISTA)","MES   ",4976.32]
[36150,"AVENTAL DE SEGURANCA DE RASPA DE COURO 1,00 X 0,60 M","UN    ",32.07]
[4760,"AZULEJISTA OU LADRILHEIRO","H     ",20.010000000000002]
[41069,"AZULEJISTA OU LADRILHEIRO (MENSALISTA)","MES   ",3554.48]
[10422,"BACIA SANITARIA (VASO) COM CAIXA ACOPLADA, DE LOUCA BRANCA","UN    ",346.35]
[10420,"BACIA SANITARIA (VASO) CONVENCIONAL DE LOUCA BRANCA","UN    ",129.9]
[10421,"BACIA SANITARIA (VASO) CONVENCIONAL DE LOUCA COR","UN    ",173.85]
[36520,"BACIA SANITARIA (VASO) CONVENCIONAL PARA PCD SEM FURO FRONTAL, DE LOUCA BRANCA, SEM ASSENTO","UN    ",647.17999999999995]
[10,"BALDE PLASTICO CAPACIDADE *10* L","UN    ",8.68]
[4815,"BALDE VERMELHO PARA SINALIZACAO DE VIAS","UN    ",4.53]
[541,"BANCADA DE MARMORE SINTETICO COM UMA CUBA, 120 X *60* CM","UN    ",160.65]
[542,"BANCADA DE MARMORE SINTETICO COM UMA CUBA, 150 X *60* CM","UN    ",201.37]
[540,"BANCADA DE MARMORE SINTETICO COM UMA CUBA, 200 X *60* CM","UN    ",453.8]
[38364,"BANCADA/ BANCA EM GRANITO, POLIDO, TIPO ANDORINHA/ QUARTZ/ CASTELO/ CORUMBA OU OUTROS EQUIVALENTES DA REGIAO, COM CUBA INOX, FORMATO *120 X 60* CM, E=  *2* CM","UN    ",587]
[11692,"BANCADA/ BANCA EM MARMORE, POLIDO, BRANCO COMUM, E=  *3* CM","M2    ",222.52]
[1746,"BANCADA/BANCA/PIA DE ACO INOXIDAVEL (AISI 430) COM 1 CUBA CENTRAL, COM VALVULA, ESCORREDOR DUPLO, DE *0,55 X 1,20* M","UN    ",198.25]
[1748,"BANCADA/BANCA/PIA DE ACO INOXIDAVEL (AISI 430) COM 1 CUBA CENTRAL, COM VALVULA, ESCORREDOR DUPLO, DE *0,55 X 1,40* M","UN    ",263.62]
[1749,"BANCADA/BANCA/PIA DE ACO INOXIDAVEL (AISI 430) COM 1 CUBA CENTRAL, COM VALVULA, ESCORREDOR DUPLO, DE *0,55 X 1,80* M","UN    ",381.94]
[37412,"BANCADA/BANCA/PIA DE ACO INOXIDAVEL (AISI 430) COM 1 CUBA CENTRAL, COM VALVULA, LISA (SEM ESCORREDOR), DE *0,55 X 1,20* M","UN    ",193.79]
[1745,"BANCADA/BANCA/PIA DE ACO INOXIDAVEL (AISI 430) COM 1 CUBA CENTRAL, SEM VALVULA, ESCORREDOR DUPLO, DE *0,55 X 1,60* M","UN    ",230.44]
[1750,"BANCADA/BANCA/PIA DE ACO INOXIDAVEL (AISI 430) COM 2 CUBAS, COM VALVULAS, ESCORREDOR DUPLO, DE *0,55 X 2,00* M","UN    ",538.5]
[11687,"BANCADA/TAMPO ACO INOX (AISI 304), LARGURA 60 CM, COM RODABANCA (NAO INCLUI PES DE APOIO)","M     ",858]
[11689,"BANCADA/TAMPO ACO INOX (AISI 304), LARGURA 70 CM, COM RODABANCA (NAO INCLUI PES DE APOIO)","M     ",1075.03]
[11693,"BANCADA/TAMPO LISO (SEM CUBA) EM MARMORE SINTETICO","M2    ",178.12]
[36215,"BANCO ARTICULADO PARA BANHO, EM ACO INOX POLIDO, 70* CM X 45* CM","UN    ",758.17]
[42439,"BANCO COM ENCOSTO, 1,60M* DE COMPRIMENTO, EM TUBO DE ACO CARBONO E PINTURA NO PROCESSO ELETROSTATICO - PARA ACADEMIA AO AR LIVRE / ACADEMIA DA TERCEIRA IDADE - ATI","UN    ",957.34]
[38381,"BANDEJA DE PINTURA PARA ROLO 23 CM","UN    ",8.48]
[39621,"BARRA ANTIPANICO DUPLA, CEGA EM LADO OPOSTO, COR CINZA","PAR   ",850.33]
[39624,"BARRA ANTIPANICO DUPLA, PARA PORTA DE VIDRO, COR CINZA","PAR   ",938.01]
[39615,"BARRA ANTIPANICO SIMPLES, CEGA EM LADO OPOSTO, COR CINZA","UN    ",379.04]
[39620,"BARRA ANTIPANICO SIMPLES, COM FECHADURA LADO OPOSTO, COR CINZA","UN    ",578.9]
[39623,"BARRA ANTIPANICO SIMPLES, PARA PORTA DE VIDRO, COR CINZA","UN    ",620.04999999999995]
[36207,"BARRA DE APOIO EM \"L\", EM ACO INOX POLIDO 70 X 70 CM, DIAMETRO MINIMO 3 CM","UN    ",335.82]
[36209,"BARRA DE APOIO EM \"L\", EM ACO INOX POLIDO 80 X 80 CM, DIAMETRO MINIMO 3 CM","UN    ",385.4]
[36210,"BARRA DE APOIO LATERAL ARTICULADA, COM TRAVA, EM ACO INOX POLIDO, 70 CM, DIAMETRO MINIMO 3 CM","UN    ",416.99]
[36204,"BARRA DE APOIO RETA, EM ACO INOX POLIDO, COMPRIMENTO 60CM, DIAMETRO MINIMO 3 CM","UN    ",147.85]
[36205,"BARRA DE APOIO RETA, EM ACO INOX POLIDO, COMPRIMENTO 70CM, DIAMETRO MINIMO 3 CM","UN    ",164.2]
[36081,"BARRA DE APOIO RETA, EM ACO INOX POLIDO, COMPRIMENTO 80CM, DIAMETRO MINIMO 3 CM","UN    ",175.08]
[36206,"BARRA DE APOIO RETA, EM ACO INOX POLIDO, COMPRIMENTO 90 CM, DIAMETRO MINIMO 3 CM","UN    ",183.42]
[36218,"BARRA DE APOIO RETA, EM ALUMINIO, COMPRIMENTO 60CM, DIAMETRO MINIMO 3 CM","UN    ",121.99]
[36220,"BARRA DE APOIO RETA, EM ALUMINIO, COMPRIMENTO 70CM, DIAMETRO MINIMO 3 CM","UN    ",139.88999999999999]
[36080,"BARRA DE APOIO RETA, EM ALUMINIO, COMPRIMENTO 80 CM, DIAMETRO MINIMO 3 CM","UN    ",151.31]
[36223,"BARRA DE APOIO RETA, EM ALUMINIO, COMPRIMENTO 90 CM, DIAMETRO MINIMO 3 CM","UN    ",158.44]
[546,"BARRA DE FERRO CHATA, RETANGULAR (QUALQUER BITOLA)","KG    ",9.18]
[566,"BARRA DE FERRO CHATO, RETANGULAR, 19,05 MM X 3,17 MM (L X E), 0,47 KG/M","M     ",4.3499999999999996]
[565,"BARRA DE FERRO CHATO, RETANGULAR, 25,4 MM X 4,76 MM (L X E), 1,73 KG/M","M     ",15.88]
[555,"BARRA DE FERRO CHATO, RETANGULAR, 25,4 MM X 6,35 MM (L X E), 1,2265 KG/M","M     ",11.25]
[557,"BARRA DE FERRO CHATO, RETANGULAR, 38,1 MM X 12,7 MM (L X E), 3,79 KG/M","M     ",35.32]
[552,"BARRA DE FERRO CHATO, RETANGULAR, 38,1 MM X 6,35 MM (L X E), 1,89 KG/M","M     ",17.52]
[563,"BARRA DE FERRO CHATO, RETANGULAR, 38,1 MM X 9,53 MM (L X E), 2,84 KG/M","M     ",26.33]
[549,"BARRA DE FERRO CHATO, RETANGULAR, 50,8 MM X 12,7 MM (L X E), 5,06 KG/M","M     ",47.39]
[551,"BARRA DE FERRO CHATO, RETANGULAR, 50,8 MM X 25,4 MM (L X E), 10,12 KG/M","M     ",93.84]
[559,"BARRA DE FERRO CHATO, RETANGULAR, 50,8 MM X 6,35 MM (L X E), 2,53 KG/M","M     ",23.46]
[560,"BARRA DE FERRO CHATO, RETANGULAR, 50,8 MM X 7,94 MM (L X E), 3,162 KG/M","M     ",29.35]
[547,"BARRA DE FERRO CHATO, RETANGULAR, 50,8 MM X 9,53 MM (L X E), 3,79KG/M","M     ",35.14]
[38127,"BASE DE MISTURADOR MONOCOMANDO PARA CHUVEIRO","UN    ",392.88]
[38060,"BASE PARA MASTRO DE PARA-RAIOS DIAMETRO NOMINAL 1 1/2\"","UN    ",71.47]
[10956,"BASE PARA MASTRO DE PARA-RAIOS DIAMETRO NOMINAL 2\"","UN    ",74.25]
[39380,"BASE PARA RELE COM SUPORTE METALICO","UN    ",14.37]
[13374,"BASE UNIPOLAR PARA FUSIVEL NH1, CORRENTE NOMINAL DE 250 A, SEM CAPA","UN    ",98.86]
[37597,"BATE-ESTACAS POR GRAVIDADE, POTENCIA160 HP, PESO DO MARTELO ATE 3 TONELADAS","UN    ",389687.5]
[183,"BATENTE/ PORTAL/ ADUELA/ MARCO MACICO, E= *3 CM, L= *13 CM, *60 CM A 120* CM X *210 CM,  EM CEDRINHO/ ANGELIM COMERCIAL/ EUCALIPTO/ CURUPIXA/ PEROBA/ CUMARU OU EQUIVALENTE DA REGIAO (NAO INCLUI ALIZARES)","JG    ",150.80000000000001]
[184,"BATENTE/ PORTAL/ ADUELA/ MARCO MACICO, E= *3* CM, L= *13* CM, *60 CM A 120* CM X *210* CM, EM PINUS/ TAUARI/ VIROLA OU EQUIVALENTE DA REGIAO (NAO INCLUI ALIZARES)","JG    ",99.67]
[195,"BATENTE/ PORTAL/ ADUELA/ MARCO MACICO, E= *3* CM, L= *7* CM, *60 CM A 120* CM X *210* CM,  EM CEDRINHO/ ANGELIM COMERCIAL/ EUCALIPTO/ CURUPIXA/ PEROBA/ CUMARU OU EQUIVALENTE DA REGIAO (NAO INCLUI ALIZARES)","JG    ",122.5]
[194,"BATENTE/ PORTAL/ ADUELA/ MARCO MACICO, E= *3* CM, L= *7* CM, *60 CM A 120* CM X *210* CM, EM PINUS/ TAUARI/ VIROLA OU EQUIVALENTE DA REGIAO (NAO INCLUI ALIZARES)","JG    ",66.59]
[20001,"BATENTE/ PORTAL/ ADUELA/MARCO MACICO, E= *3* CM, L= *15* CM, *60 CM A 120* CM  X *210* CM, EM PINUS/ TAUARI/ VIROLA OU EQUIVALENTE DA REGIAO","JG    ",122.07]
[181,"BATENTE/ PORTAL/ADUELA/ MARCO MACICO, E= *3* CM, L= *15* CM, *60 CM A 120* CM  X *210* CM,  EM CEDRINHO/ ANGELIM COMERCIAL/  EUCALIPTO/ CURUPIXA/ PEROBA/ CUMARU OU EQUIVALENTE DA REGIAO (NAO INCLUI ALIZARES)","JG    ",165.16]
[39837,"BATENTE/PORTAL/ADUELA/MARCO, EM MDF/PVC WOOD/POLIESTIRENO OU MADEIRA LAMINADA, L = *9,0* CM COM GUARNICAO REGULAVEL 2 FACES = *35* MM, PRIMER","JG    ",264.81]
[10535,"BETONEIRA CAPACIDADE NOMINAL 400 L, CAPACIDADE DE MISTURA  280 L, MOTOR ELETRICO TRIFASICO 220/380 V POTENCIA 2 CV, SEM CARREGADOR","UN    ",4600]
[10537,"BETONEIRA CAPACIDADE NOMINAL 400 L, CAPACIDADE DE MISTURA 310 L, MOTOR A DIESEL POTENCIA 5 CV, SEM CARREGADOR","UN    ",6273.15]
[13891,"BETONEIRA CAPACIDADE NOMINAL 400 L, CAPACIDADE DE MISTURA 310 L, MOTOR A GASOLINA POTENCIA 5,5 CV, SEM CARREGADOR","UN    ",5753.89]
[25975,"BETONEIRA CAPACIDADE NOMINAL 600 L, CAPACIDADE DE MISTURA 440 L, MOTOR A GASOLINA POTENCIA 10 HP, COM CARREGADOR","UN    ",25027.11]
[36396,"BETONEIRA, CAPACIDADE NOMINAL 400 L, CAPACIDADE DE MISTURA 310L, MOTOR ELETRICO TRIFASICO 220/380V POTENCIA 2 CV, SEM CARREGADOR","UN    ",5262.71]
[36397,"BETONEIRA, CAPACIDADE NOMINAL 600 L, CAPACIDADE DE MISTURA  360L, MOTOR ELETRICO TRIFASICO 220/380V, POTENCIA 4CV, EXCLUSO CARREGADOR","UN    ",18711.86]
[36398,"BETONEIRA, CAPACIDADE NOMINAL 600 L, CAPACIDADE DE MISTURA 440 L, MOTOR A DIESEL POTENCIA 10 CV, COM CARREGADOR","UN    ",22742.71]
[647,"BLASTER, DINAMITADOR OU CABO DE FOGO","H     ",15.91]
[40920,"BLASTER, DINAMITADOR OU CABO DE FOGO (MENSALISTA)","MES   ",2826.45]
[38783,"BLOCO CERAMICO DE VEDACAO COM FUROS NA HORIZONTAL, 11,5 X 19 X 19 CM - 4,5 MPA (NBR 15270)","UN    ",0.87]
[37593,"BLOCO CERAMICO DE VEDACAO COM FUROS NA VERTICAL, 14 X 19 X 39 CM - 4,5 MPA (NBR 15270)","UN    ",2.15]
[37594,"BLOCO CERAMICO DE VEDACAO COM FUROS NA VERTICAL, 19 X 19 X 39 CM - 4,5 MPA (NBR 15270)","UN    ",2.68]
[37592,"BLOCO CERAMICO DE VEDACAO COM FUROS NA VERTICAL, 9 X 19 X 39 CM - 4,5 MPA (NBR 15270)","UN    ",1.69]
[7266,"BLOCO CERAMICO VAZADO PARA ALVENARIA DE VEDACAO, DE 9 X 19 X 19 CM (L X A X C)","MIL   ",655.16999999999996]
[7270,"BLOCO CERAMICO VAZADO PARA ALVENARIA DE VEDACAO, 4 FUROS, DE 9 X 9 X 19 CM (L X A X C)","UN    ",0.75]
[7267,"BLOCO CERAMICO VAZADO PARA ALVENARIA DE VEDACAO, 6 FUROS, DE 9 X 14 X 19 CM (L X A X C)","UN    ",0.59]
[7269,"BLOCO CERAMICO VAZADO PARA ALVENARIA DE VEDACAO, 6 FUROS, DE 9 X 9 X 19 CM (L X A X C)","UN    ",0.6]
[7271,"BLOCO CERAMICO VAZADO PARA ALVENARIA DE VEDACAO, 8 FUROS, DE 9 X 19 X 19 CM (L XA X C)","UN    ",0.65]
[7268,"BLOCO CERAMICO VAZADO PARA ALVENARIA DE VEDACAO, 8 FUROS, DE 9 X 19 X 29 CM (L X A X C)","UN    ",0.91]
[34556,"BLOCO DE CONCRETO ESTRUTURAL 14 X 19 X 29 CM, FBK 10 MPA (NBR 6136)","UN    ",2.86]
[37873,"BLOCO DE CONCRETO ESTRUTURAL 14 X 19 X 29 CM, FBK 12 MPA (NBR 6136)","UN    ",2.91]
[34564,"BLOCO DE CONCRETO ESTRUTURAL 14 X 19 X 29 CM, FBK 14 MPA (NBR 6136)","UN    ",3.05]
[34565,"BLOCO DE CONCRETO ESTRUTURAL 14 X 19 X 29 CM, FBK 16 MPA (NBR 6136)","UN    ",3.23]
[38590,"BLOCO DE CONCRETO ESTRUTURAL 14 X 19 X 29 CM, FBK 4,5 MPA (NBR 6136)","UN    ",2.39]
[34566,"BLOCO DE CONCRETO ESTRUTURAL 14 X 19 X 29 CM, FBK 6 MPA (NBR 6136)","UN    ",2.5099999999999998]
[34567,"BLOCO DE CONCRETO ESTRUTURAL 14 X 19 X 29 CM, FBK 8 MPA (NBR 6136)","UN    ",2.66]
[38591,"BLOCO DE CONCRETO ESTRUTURAL 14 X 19 X 34 CM, FBK 4,5 MPA (NBR 6136)","UN    ",2.41]
[34568,"BLOCO DE CONCRETO ESTRUTURAL 14 X 19 X 39 CM, FBK 10 MPA (NBR 6136)","UN    ",3.14]
[34569,"BLOCO DE CONCRETO ESTRUTURAL 14 X 19 X 39 CM, FBK 12 MPA (NBR 6136)","UN    ",3.23]
[34570,"BLOCO DE CONCRETO ESTRUTURAL 14 X 19 X 39 CM, FBK 14 MPA (NBR 6136)","UN    ",3.51]
[25070,"BLOCO DE CONCRETO ESTRUTURAL 14 X 19 X 39 CM, FBK 4,5 MPA (NBR 6136)","UN    ",2.64]
[34571,"BLOCO DE CONCRETO ESTRUTURAL 14 X 19 X 39 CM, FBK 6 MPA (NBR 6136)","UN    ",2.66]
[34573,"BLOCO DE CONCRETO ESTRUTURAL 14 X 19 X 39 CM, FBK 8 MPA (NBR 6136)","UN    ",2.8]
[37107,"BLOCO DE CONCRETO ESTRUTURAL 14 X 19 X 39, FCK 16 MPA (NBR 6136)","UN    ",3.7]
[34576,"BLOCO DE CONCRETO ESTRUTURAL 19 X 19 X 39 CM, FBK 10 MPA (NBR 6136)","UN    ",4.09]
[34577,"BLOCO DE CONCRETO ESTRUTURAL 19 X 19 X 39 CM, FBK 12 MPA (NBR 6136)","UN    ",4.26]
[34578,"BLOCO DE CONCRETO ESTRUTURAL 19 X 19 X 39 CM, FBK 14 MPA (NBR 6136)","UN    ",4.62]
[34579,"BLOCO DE CONCRETO ESTRUTURAL 19 X 19 X 39 CM, FBK 16 MPA (NBR 6136)","UN    ",4.93]
[25067,"BLOCO DE CONCRETO ESTRUTURAL 19 X 19 X 39 CM, FBK 4,5 MPA (NBR 6136)","UN    ",3.3]
[34580,"BLOCO DE CONCRETO ESTRUTURAL 19 X 19 X 39 CM, FBK 8 MPA (NBR 6136)","UN    ",3.68]
[25071,"BLOCO DE CONCRETO ESTRUTURAL 9 X 19 X 39 CM, FBK 4,5 MPA (NBR 6136)","UN    ",1.83]
[38395,"BLOCO DE ESPUMA MULTIUSO *23 X 13 X 8* CM","UN    ",7.08]
[34583,"BLOCO DE GESSO COMPACTO / MACICO, BRANCO, E = 10 CM, DIMENSOES *67 X 50* CM","M2    ",44.63]
[34584,"BLOCO DE GESSO VAZADO, BRANCO, E = *7* CM, DIMENSOES *67 X 50* CM","M2    ",24.98]
[709,"BLOCO DE POLIETILENO ALTA DENSIDADE, *27* X *30* X *100* CM, ACOMPANHADOS PLACAS  TERMINAIS  E LONGARINAS, PARA FUNDO DE FILTRO","M2    ",565.52]
[34599,"BLOCO DE VEDACAO CONCRETO APARENTE 9 X 19 X 39 CM (CLASSE C - NBR 6136)","UN    ",1.88]
[34592,"BLOCO DE VEDACAO CONCRETO 14 X 19 X 29 CM (CLASSE C - NBR 6136)","UN    ",2.1]
[37103,"BLOCO DE VEDACAO DE CONCRETO APARENTE 14 X 19 X 39 CM (CLASSE C - NBR 6136)","UN    ",2.4]
[34555,"BLOCO DE VEDACAO DE CONCRETO APARENTE 19 X 19 X 39 CM  (CLASSE C - NBR 6136)","UN    ",3.05]
[674,"BLOCO DE VEDACAO DE CONCRETO CELULAR AUTOCLAVADO 10 X 30 X 60 CM (E X A X C)","M2    ",53.34]
[34600,"BLOCO DE VEDACAO DE CONCRETO CELULAR AUTOCLAVADO 15 X 30 X 60 CM (E X A X C)","M2    ",78.349999999999994]
[652,"BLOCO DE VEDACAO DE CONCRETO CELULAR AUTOCLAVADO 20 X 30 X 60 CM (E X A X C)","M2    ",120.02]
[651,"BLOCO DE VEDACAO DE CONCRETO 14 X 19 X 39 CM (CLASSE C - NBR 6136)","UN    ",2.31]
[654,"BLOCO DE VEDACAO DE CONCRETO 19 X 19 X 39 CM (CLASSE C - NBR 6136)","UN    ",2.86]
[650,"BLOCO DE VEDACAO DE CONCRETO, 9 X 19 X 39 CM (CLASSE C - NBR 6136)","UN    ",1.85]
[716,"BLOCO DE VIDRO INCOLOR XADREZ, DE *20 X 20 X 10* CM","UN    ",15.95]
[715,"BLOCO DE VIDRO INCOLOR, CANELADO, DE *19 X 19 X 8* CM","UN    ",15.78]
[718,"BLOCO DE VIDRO/ELEMENTO VAZADO INCOLOR, VENEZIANA, DE *20 X 20 X 6* CM","UN    ",23.51]
[11981,"BLOCO DE VIDRO/ELEMENTO VAZADO, INCOLOR, VENEZIANA, *20 X 10 X 8* CM","UN    ",16.12]
[34586,"BLOCO ESTRUTURAL CERAMICO 14 X 19 X 29 CM, 6,0 MPA (NBR 15270)","UN    ",1.84]
[38603,"BLOCO ESTRUTURAL CERAMICO 14 X 19 X 34 CM, 6,0 MPA (NBR 15270)","UN    ",2.2200000000000002]
[34588,"BLOCO ESTRUTURAL CERAMICO 14 X 19 X 39 CM, 6,0 MPA (NBR 15270)","UN    ",2.4]
[34590,"BLOCO ESTRUTURAL CERAMICO 19 X 19 X 29 CM, 6,0 MPA (NBR 15270)","UN    ",2.19]
[34591,"BLOCO ESTRUTURAL CERAMICO 19 X 19 X 39 CM, 6,0 MPA (NBR 15270)","UN    ",2.97]
[41372,"BLOCO VEDACAO CONCRETO CELULAR AUTOCLAVADO 12,5 X 30 X 60 CM (E X A X C)","M2    ",74.86]
[41371,"BLOCO VEDACAO CONCRETO CELULAR AUTOCLAVADO 7,5 X 30 X 60 CM (E X A X C)","M2    ",44.25]
[40517,"BLOQUETE/PISO DE CONCRETO - MODELO BLOCO PISOGRAMA/CONCREGRAMA 2 FUROS, DIMENSOES APROX. DE 35 CM X 15 CM E ESPESSURA DE 7 CM (+/- 1 CM), COR NATURAL","M2    ",41.92]
[40515,"BLOQUETE/PISO DE CONCRETO - MODELO PISOGRAMA/CONCREGRAMA/PAVI-GRADE/GRAMEIRO, DIMENSOES APROXIMADAS DE 60 CM X 45 CM E ESPESSURA DE 8 CM (+/- 1 CM), COR NATURAL","M2    ",94.32]
[40529,"BLOQUETE/PISO INTERTRAVADO DE CONCRETO - MODELO ONDA/16 FACES/RETANGULAR/TIJOLINHO/PAVER/HOLANDES/PARALELEPIPEDO, *22 CM X *11 CM, E = 10 CM, RESISTENCIA DE 50 MPA (NBR 9781), COR NATURAL","M2    ",60.26]
[36170,"BLOQUETE/PISO INTERTRAVADO DE CONCRETO - MODELO ONDA/16 FACES/RETANGULAR/TIJOLINHO/PAVER/HOLANDES/PARALELEPIPEDO, *22 CM X 11* CM, E = 8 CM, RESISTENCIA DE 35 MPA (NBR 9781), COR NATURAL","M2    ",50]
[40524,"BLOQUETE/PISO INTERTRAVADO DE CONCRETO - MODELO ONDA/16 FACES/RETANGULAR/TIJOLINHO/PAVER/HOLANDES/PARALELEPIPEDO, 20 CM X 10 CM, E = 10 CM, RESISTENCIA DE 35 MPA (NBR 9781), COR NATURAL","M2    ",58.95]
[36156,"BLOQUETE/PISO INTERTRAVADO DE CONCRETO - MODELO ONDA/16 FACES/RETANGULAR/TIJOLINHO/PAVER/HOLANDES/PARALELEPIPEDO, 20 CM X 10 CM, E = 6 CM, RESISTENCIA DE 35 MPA (NBR 9781), COLORIDO","M2    ",45.85]
[36155,"BLOQUETE/PISO INTERTRAVADO DE CONCRETO - MODELO ONDA/16 FACES/RETANGULAR/TIJOLINHO/PAVER/HOLANDES/PARALELEPIPEDO, 20 CM X 10 CM, E = 6 CM, RESISTENCIA DE 35 MPA (NBR 9781), COR NATURAL","M2    ",39.58]
[36154,"BLOQUETE/PISO INTERTRAVADO DE CONCRETO - MODELO ONDA/16 FACES/RETANGULAR/TIJOLINHO/PAVER/HOLANDES/PARALELEPIPEDO, 20 CM X 10 CM, E = 8 CM, RESISTENCIA DE 35 MPA (NBR 9781), COLORIDO","M2    ",55.02]
[695,"BLOQUETE/PISO INTERTRAVADO DE CONCRETO - MODELO RAQUETE, *22 CM X 13,5* CM, E = 6 CM, RESISTENCIA DE 35 MPA (NBR 9781), COR NATURAL","M2    ",40.409999999999997]
[679,"BLOQUETE/PISO INTERTRAVADO DE CONCRETO - MODELO SEXTAVADO / HEXAGONAL, 25 CM X 25 CM, E = 10 CM, RESISTENCIA DE 35 MPA (NBR 9781), COR NATURAL","M2    ",60.26]
[711,"BLOQUETE/PISO INTERTRAVADO DE CONCRETO - MODELO SEXTAVADO / HEXAGONAL, 25 CM X 25 CM, E = 6 CM, RESISTENCIA DE 35 MPA (NBR 9781), COR NATURAL","M2    ",39.86]
[712,"BLOQUETE/PISO INTERTRAVADO DE CONCRETO - MODELO SEXTAVADO / HEXAGONAL, 25 CM X 25 CM, E = 8 CM, RESISTENCIA DE 35 MPA (NBR 9781), COR NATURAL","M2    ",50.21]
[12614,"BOCAL PVC, PARA CALHA PLUVIAL, DIAMETRO DA SAIDA ENTRE 80 E 100 MM, PARA DRENAGEM PREDIAL","UN    ",18.559999999999999]
[6140,"BOLSA DE LIGACAO EM PVC FLEXIVEL PARA VASO SANITARIO 1.1/2 \" (40 MM)","UN    ",3.53]
[38399,"BOLSA DE LONA PARA FERRAMENTAS *50 X 35 X 25* CM","UN    ",213.1]
[735,"BOMBA CENTRIFUGA  MOTOR ELETRICO TRIFASICO 1,48HP  DIAMETRO DE SUCCAO X ELEVACAO 1\" X 1\", 4 ESTAGIOS, DIAMETRO DOS ROTORES 3 X 107 MM + 1 X 100 MM, HM/Q: 10 M / 5,3 M3/H A 70 M / 1,8 M3/H","UN    ",2233.2800000000002]
[736,"BOMBA CENTRIFUGA  MOTOR ELETRICO TRIFASICO 2,96HP, DIAMETRO DE SUCCAO X ELEVACAO 1 1/2\" X 1 1/4\", DIAMETRO DO ROTOR 148 MM, HM/Q: 34 M / 14,80 M3/H A 40 M / 8,60 M3/H","UN    ",1877.79]
[729,"BOMBA CENTRIFUGA COM MOTOR ELETRICO MONOFASICO, POTENCIA 0,33 HP,  BOCAIS 1\" X 3/4\", DIAMETRO DO ROTOR 99 MM, HM/Q = 4 MCA / 8,5 M3/H A 18 MCA / 0,90 M3/H","UN    ",765.22]
[39925,"BOMBA CENTRIFUGA MONOESTAGIO COM MOTOR ELETRICO MONOFASICO, POTENCIA 15 HP,  DIAMETRO DO ROTOR *173* MM, HM/Q = *30* MCA / *90* M3/H A *45* MCA / *55* M3/H","UN    ",11057.36]
[731,"BOMBA CENTRIFUGA MOTOR ELETRICO MONOFASICO 0,49 HP  BOCAIS 1\" X 3/4\", DIAMETRO DO ROTOR 110 MM, HM/Q: 6 M / 8,3 M3/H A 20 M / 1,2 M3/H","UN    ",744.75]
[10575,"BOMBA CENTRIFUGA MOTOR ELETRICO MONOFASICO 0,50 CV DIAMETRO DE SUCCAO X ELEVACAO 3/4\" X 3/4\", MONOESTAGIO, DIAMETRO DOS ROTORES 114 MM, HM/Q: 2 M / 2,99 M3/H A 24 M / 0,71 M3/H","UN    ",1162.23]
[733,"BOMBA CENTRIFUGA MOTOR ELETRICO MONOFASICO 0,74HP  DIAMETRO DE SUCCAO X ELEVACAO 1 1/4\" X 1\", DIAMETRO DO ROTOR 120 MM, HM/Q: 8 M / 7,70 M3/H A 24 M / 2,80 M3/H","UN    ",1272.5]
[732,"BOMBA CENTRIFUGA MOTOR ELETRICO TRIFASICO 0,99HP  DIAMETRO DE SUCCAO X ELEVACAO 1\" X 1\", DIAMETRO DO ROTOR 145 MM, HM/Q: 14 M / 8,4 M3/H A 40 M / 0,60 M3/H","UN    ",1255.4000000000001]
[737,"BOMBA CENTRIFUGA MOTOR ELETRICO TRIFASICO 14,8 HP, DIAMETRO DE SUCCAO X ELEVACAO 2 1/2\" X 2\", DIAMETRO DO ROTOR 195 MM, HM/Q: 62 M / 55,5 M3/H A 80 M / 31,50 M3/H","UN    ",7039.9]
[738,"BOMBA CENTRIFUGA MOTOR ELETRICO TRIFASICO 5HP, DIAMETRO DE SUCCAO X ELEVACAO 2\" X 1 1/2\", DIAMETRO DO ROTOR 155 MM, HM/Q: 40 M / 20,40 M3/H A 46 M / 9,20 M3/H","UN    ",3264.35]
[740,"BOMBA CENTRIFUGA MOTOR ELETRICO TRIFASICO 9,86 DIAMETRO DE SUCCAO X ELEVACAO 1\" X 1\", 4 ESTAGIOS, DIAMETRO DOS ROTORES 4 X 146 MM, HM/Q: 85 M / 14,9 M3/H A 140 M / 4,2 M3/H","UN    ",6622.69]
[734,"BOMBA CENTRIFUGA,  MOTOR ELETRICO TRIFASICO 1,48HP  DIAMETRO DE SUCCAO X ELEVACAO 1 1/2\" X 1\", DIAMETRO DO ROTOR 117 MM, HM/Q: 10 M / 21,9 M3/H A 24 M / 6,1 M3/H","UN    ",1345.78]
[39008,"BOMBA DE PROJECAO DE CONCRETO SECO, POTENCIA 10 CV, VAZAO 3 M3/H","UN    ",56075.4]
[39009,"BOMBA DE PROJECAO DE CONCRETO SECO, POTENCIA 10 CV, VAZAO 6 M3/H","UN    ",60077.84]
[10587,"BOMBA SUBMERSA PARA POCOS TUBULARES PROFUNDOS DIAMETRO DE 4 POLEGADAS, ELETRICA, MONOFASICA, POTENCIA 0,49 HP, 13 ESTAGIOS, BOCAL DE DESCARGA DIAMETRO DE UMA POLEGADA E MEIA, HM/Q = 18 M / 1,90 M3/H A 85 M / 0,60 M3/H","UN    ",3070.37]
[759,"BOMBA SUBMERSA PARA POCOS TUBULARES PROFUNDOS DIAMETRO DE 4 POLEGADAS, ELETRICA, TRIFASICA, POTENCIA 1,97 HP, 20 ESTAGIOS, BOCAL DE DESCARGA DIAMETRO DE UMA POLEGADA E MEIA, HM/Q = 18 M / 5,40 M3/H A 164 M / 0,80 M3/H","UN    ",4414.59]
[761,"BOMBA SUBMERSA PARA POCOS TUBULARES PROFUNDOS DIAMETRO DE 4 POLEGADAS, ELETRICA, TRIFASICA, POTENCIA 5,42 HP, 15 ESTAGIOS, BOCAL DE DESCARGA DIAMETRO DE 2 POLEGADAS, HM/Q = 18 M / 18,10 M3/H A 121 M / 2,90 M3/H","UN    ",7483.1]
[750,"BOMBA SUBMERSA PARA POCOS TUBULARES PROFUNDOS DIAMETRO DE 4 POLEGADAS, ELETRICA, TRIFASICA, POTENCIA 5,42 HP, 29 ESTAGIOS, BOCAL DE DESCARGA DE UMA POLEGADA E MEIA, HM/Q = 18 M / 8,10 M3/H A 201 M / 3,2 M3/H","UN    ",7104.6]
[755,"BOMBA SUBMERSA PARA POCOS TUBULARES PROFUNDOS DIAMETRO DE 6 POLEGADAS, ELETRICA, TRIFASICA, POTENCIA 27,12 HP, 7 ESTAGIOS, BOCAL DE DESCARGA DIAMETRO DE 4 POLEGADAS, HM/Q = 13,9 M / 90 M3/H A 44,0 M / 25,0 M3/H","UN    ",29153.86]
[749,"BOMBA SUBMERSA PARA POCOS TUBULARES PROFUNDOS DIAMETRO DE 6 POLEGADAS, ELETRICA, TRIFASICA, POTENCIA 3,45 HP, 5 ESTAGIOS, BOCAL DE DESCARGA DIAMETRO DE 2 POLEGADAS, HM/Q = 68,5 M / 6,12 M3/H A 39,5 M / 14,04 M3/H","UN    ",10722.25]
[756,"BOMBA SUBMERSA PARA POCOS TUBULARES PROFUNDOS DIAMETRO DE 6 POLEGADAS, ELETRICA, TRIFASICA, POTENCIA 32 HP, 9 ESTAGIOS, BOCAL DE DESCARGA DIAMETRO DE 4 POLEGADAS, HM/Q = 114,0 M / 13,9 M3/H A 57,0 M / 25,0 M3/H","UN    ",31796.18]
[757,"BOMBA SUBMERSIVEL,  ELETRICA, TRIFASICA, POTENCIA 6 HP, DIAMETRO DO ROTOR 127 MM, BOCAL DE SAIDA DIAMETRO DE 3 POLEGADAS, HM/Q = 7 M / 66,90 M3/H A 26 M / 2,88 M3/H","UN    ",14437.5]
[10588,"BOMBA SUBMERSIVEL, ELETRICA, TRIFASICA, POTENCIA 0,98 HP, DIAMETRO DO ROTOR 142 MM SEMIABERTO, BOCAL DE SAIDA DIAMETRO DE 2 POLEGADAS, HM/Q = 2 M / 32 M3/H A 8 M / 16 M3/H","UN    ",3187.43]
[10592,"BOMBA SUBMERSIVEL, ELETRICA, TRIFASICA, POTENCIA 0,99 HP, DIAMETRO ROTOR 98 MM SEMIABERTO, BOCAL DE SAIDA DIAMETRO 2 POLEGADAS, HM/Q = 2 M / 28,90 M3/H A 14 M / 7 M3/H","UN    ",3850]
[10589,"BOMBA SUBMERSIVEL, ELETRICA, TRIFASICA, POTENCIA 1,97 HP, DIAMETRO DO ROTOR 144 MM SEMIABERTO, BOCAL DE SAIDA DIAMETRO DE 2 POLEGADAS, HM/Q = 2 M / 26,8 M3/H A 28 M / 4,6 M3/H","UN    ",5172.2299999999996]
[760,"BOMBA SUBMERSIVEL, ELETRICA, TRIFASICA, POTENCIA 13 HP, DIAMETRO DO ROTOR 170 MM, BOCAL DE SAIDA DIAMETRO DE 3 POLEGADAS, HM/Q = 11 M / 68,40 M3/H A 72 M / 3,6 M3/H","UN    ",28875]
[751,"BOMBA SUBMERSIVEL, ELETRICA, TRIFASICA, POTENCIA 2,96 HP, DIAMETRO DO ROTOR 144 MM SEMIABERTO, BOCAL DE SAIDA DIAMETRO DE DUAS POLEGADAS, HM/Q = 2 M / 38,8 M3/H A 28 M / 5 M3/H","UN    ",4547.8100000000004]
[754,"BOMBA SUBMERSIVEL, ELETRICA, TRIFASICA, POTENCIA 3,75 HP, DIAMETRO DO ROTOR 90 MM SEMIABERTO, BOCAL DE SAIDA DIAMETRO DE 2 POLEGADAS, HM/Q = 5 M / 61,2 M3/H A 25,5 M / 3,6 M3/H","UN    ",7218.75]
[14013,"BOMBA TRIPLEX COM MOTOR A DIESEL, NACIONAL, DIAMETRO DE SUCCAO DE 2 1/2''","UN    ",190233.35]
[39917,"BOMBA TRIPLEX, PARA INJECAO DE CALDA DE CIMENTO, VAZAO MAXIMA DE *100* LITROS/MINUTO, PRESSAO MAXIMA DE *70* BAR, POTENCIA DE 15 CV","UN    ",86135.86]
[38167,"BORBOLETA PARA JANELA TIPO GUILHOTINA, EM ZAMAC CROMADO","PAR   ",24.52]
[36145,"BOTA DE PVC PRETA, CANO MEDIO, SEM FORRO","PAR   ",31.1]
[12893,"BOTA DE SEGURANCA COM BIQUEIRA DE ACO E COLARINHO ACOLCHOADO","PAR   ",51.84]
[11685,"BRACO / CANO PARA CHUVEIRO ELETRICO, EM ALUMINIO, 30 CM X 1/2 \"","UN    ",20.56]
[11679,"BRACO OU HASTE COM CANOPLA PLASTICA, 1/2 \", PARA CHUVEIRO ELETRICO","UN    ",8.2100000000000009]
[11680,"BRACO OU HASTE COM CANOPLA PLASTICA, 1/2 \", PARA CHUVEIRO SIMPLES","UN    ",6.77]
[2512,"BRACO P/ LUMINARIA PUBLICA 1 X 1,50M ROMAGNOLE OU EQUIV","UN    ",27.62]
[4374,"BUCHA DE NYLON SEM ABA S10","UN    ",0.22]
[7568,"BUCHA DE NYLON SEM ABA S10, COM PARAFUSO DE 6,10 X 65 MM EM ACO ZINCADO COM ROSCA SOBERBA, CABECA CHATA E FENDA PHILLIPS","UN    ",0.36]
[7584,"BUCHA DE NYLON SEM ABA S12, COM PARAFUSO DE 5/16\" X 80 MM EM ACO ZINCADO COM ROSCA SOBERBA E CABECA SEXTAVADA","UN    ",0.56000000000000005]
[11945,"BUCHA DE NYLON SEM ABA S4","UN    ",0.03]
[11946,"BUCHA DE NYLON SEM ABA S5","UN    ",0.04]
[4375,"BUCHA DE NYLON SEM ABA S6","UN    ",0.06]
[11950,"BUCHA DE NYLON SEM ABA S6, COM PARAFUSO DE 4,20 X 40 MM EM ACO ZINCADO COM ROSCA SOBERBA, CABECA CHATA E FENDA PHILLIPS","UN    ",0.12]
[4376,"BUCHA DE NYLON SEM ABA S8","UN    ",0.11]
[7583,"BUCHA DE NYLON SEM ABA S8, COM PARAFUSO DE 4,80 X 50 MM EM ACO ZINCADO COM ROSCA SOBERBA, CABECA CHATA E FENDA PHILLIPS","UN    ",0.25]
[4350,"BUCHA DE NYLON, DIAMETRO DO FURO 8 MM, COMPRIMENTO 40 MM, COM PARAFUSO DE ROSCA SOBERBA, CABECA CHATA, FENDA SIMPLES, 4,8 X 50 MM","UN    ",0.66]
[39886,"BUCHA DE REDUCAO DE COBRE (REF 600-2) SEM ANEL DE SOLDA, PONTA X BOLSA, 22 X 15 MM","UN    ",4.24]
[39887,"BUCHA DE REDUCAO DE COBRE (REF 600-2) SEM ANEL DE SOLDA, PONTA X BOLSA, 28 X 22 MM","UN    ",6.37]
[39888,"BUCHA DE REDUCAO DE COBRE (REF 600-2) SEM ANEL DE SOLDA, PONTA X BOLSA, 35 X 28 MM","UN    ",14.57]
[39890,"BUCHA DE REDUCAO DE COBRE (REF 600-2) SEM ANEL DE SOLDA, PONTA X BOLSA, 42 X 35 MM","UN    ",24.86]
[39891,"BUCHA DE REDUCAO DE COBRE (REF 600-2) SEM ANEL DE SOLDA, PONTA X BOLSA, 54 X 42 MM","UN    ",35.06]
[39892,"BUCHA DE REDUCAO DE COBRE (REF 600-2) SEM ANEL DE SOLDA, PONTA X BOLSA, 66 X 54 MM","UN    ",109.28]
[790,"BUCHA DE REDUCAO DE FERRO GALVANIZADO, COM ROSCA BSP, DE 1 1/2\" X 1 1/4\"","UN    ",15.29]
[766,"BUCHA DE REDUCAO DE FERRO GALVANIZADO, COM ROSCA BSP, DE 1 1/2\" X 1/2\"","UN    ",15.29]
[791,"BUCHA DE REDUCAO DE FERRO GALVANIZADO, COM ROSCA BSP, DE 1 1/2\" X 1\"","UN    ",15.29]
[767,"BUCHA DE REDUCAO DE FERRO GALVANIZADO, COM ROSCA BSP, DE 1 1/2\" X 3/4\"","UN    ",15.29]
[768,"BUCHA DE REDUCAO DE FERRO GALVANIZADO, COM ROSCA BSP, DE 1 1/4\" X 1/2\"","UN    ",12]
[789,"BUCHA DE REDUCAO DE FERRO GALVANIZADO, COM ROSCA BSP, DE 1 1/4\" X 1\"","UN    ",11.75]
[769,"BUCHA DE REDUCAO DE FERRO GALVANIZADO, COM ROSCA BSP, DE 1 1/4\" X 3/4\"","UN    ",12]
[770,"BUCHA DE REDUCAO DE FERRO GALVANIZADO, COM ROSCA BSP, DE 1/2\" X 1/4\"","UN    ",4.24]
[12394,"BUCHA DE REDUCAO DE FERRO GALVANIZADO, COM ROSCA BSP, DE 1/2\" X 3/8\"","UN    ",4.24]
[764,"BUCHA DE REDUCAO DE FERRO GALVANIZADO, COM ROSCA BSP, DE 1\" X 1/2\"","UN    ",7.39]
[765,"BUCHA DE REDUCAO DE FERRO GALVANIZADO, COM ROSCA BSP, DE 1\" X 3/4\"","UN    ",7.39]
[787,"BUCHA DE REDUCAO DE FERRO GALVANIZADO, COM ROSCA BSP, DE 2 1/2\" X 1 1/2\"","UN    ",33.01]
[774,"BUCHA DE REDUCAO DE FERRO GALVANIZADO, COM ROSCA BSP, DE 2 1/2\" X 1 1/4\"","UN    ",33.01]
[773,"BUCHA DE REDUCAO DE FERRO GALVANIZADO, COM ROSCA BSP, DE 2 1/2\" X 1\"","UN    ",33.01]
[775,"BUCHA DE REDUCAO DE FERRO GALVANIZADO, COM ROSCA BSP, DE 2 1/2\" X 2\"","UN    ",33.01]
[788,"BUCHA DE REDUCAO DE FERRO GALVANIZADO, COM ROSCA BSP, DE 2\" X 1 1/2\"","UN    ",20.51]
[772,"BUCHA DE REDUCAO DE FERRO GALVANIZADO, COM ROSCA BSP, DE 2\" X 1 1/4\"","UN    ",20.51]
[771,"BUCHA DE REDUCAO DE FERRO GALVANIZADO, COM ROSCA BSP, DE 2\" X 1\"","UN    ",20.51]
[779,"BUCHA DE REDUCAO DE FERRO GALVANIZADO, COM ROSCA BSP, DE 3/4\" X 1/2\"","UN    ",5.0999999999999996]
[776,"BUCHA DE REDUCAO DE FERRO GALVANIZADO, COM ROSCA BSP, DE 3\" X 1 1/2\"","UN    ",48.66]
[777,"BUCHA DE REDUCAO DE FERRO GALVANIZADO, COM ROSCA BSP, DE 3\" X 1 1/4\"","UN    ",47.3]
[780,"BUCHA DE REDUCAO DE FERRO GALVANIZADO, COM ROSCA BSP, DE 3\" X 2 1/2\"","UN    ",47.54]
[778,"BUCHA DE REDUCAO DE FERRO GALVANIZADO, COM ROSCA BSP, DE 3\" X 2\"","UN    ",48.66]
[781,"BUCHA DE REDUCAO DE FERRO GALVANIZADO, COM ROSCA BSP, DE 4\" X 2 1/2\"","UN    ",89.91]
[786,"BUCHA DE REDUCAO DE FERRO GALVANIZADO, COM ROSCA BSP, DE 4\" X 2\"","UN    ",89.91]
[782,"BUCHA DE REDUCAO DE FERRO GALVANIZADO, COM ROSCA BSP, DE 4\" X 3\"","UN    ",89.91]
[783,"BUCHA DE REDUCAO DE FERRO GALVANIZADO, COM ROSCA BSP, DE 5\" X 4\"","UN    ",246.08]
[785,"BUCHA DE REDUCAO DE FERRO GALVANIZADO, COM ROSCA BSP, DE 6\" X 4\"","UN    ",260]
[784,"BUCHA DE REDUCAO DE FERRO GALVANIZADO, COM ROSCA BSP, DE 6\" X 5\"","UN    ",278.92]
[831,"BUCHA DE REDUCAO DE PVC, SOLDAVEL, CURTA, COM 110 X 85 MM, PARA AGUA FRIA PREDIAL","UN    ",83.39]
[828,"BUCHA DE REDUCAO DE PVC, SOLDAVEL, CURTA, COM 25 X 20 MM, PARA AGUA FRIA PREDIAL","UN    ",0.48]
[829,"BUCHA DE REDUCAO DE PVC, SOLDAVEL, CURTA, COM 32 X 25 MM, PARA AGUA FRIA PREDIAL","UN    ",1.01]
[812,"BUCHA DE REDUCAO DE PVC, SOLDAVEL, CURTA, COM 40 X 32 MM, PARA AGUA FRIA PREDIAL","UN    ",2.19]
[819,"BUCHA DE REDUCAO DE PVC, SOLDAVEL, CURTA, COM 50 X 40 MM, PARA AGUA FRIA PREDIAL","UN    ",3.6]
[818,"BUCHA DE REDUCAO DE PVC, SOLDAVEL, CURTA, COM 60 X 50 MM, PARA AGUA FRIA PREDIAL","UN    ",6.05]
[823,"BUCHA DE REDUCAO DE PVC, SOLDAVEL, CURTA, COM 75 X 60 MM, PARA AGUA FRIA PREDIAL","UN    ",18.239999999999998]
[830,"BUCHA DE REDUCAO DE PVC, SOLDAVEL, CURTA, COM 85 X 75 MM, PARA AGUA FRIA PREDIAL","UN    ",15.02]
[826,"BUCHA DE REDUCAO DE PVC, SOLDAVEL, LONGA, COM 110 X 60 MM, PARA AGUA FRIA PREDIAL","UN    ",46.77]
[827,"BUCHA DE REDUCAO DE PVC, SOLDAVEL, LONGA, COM 110 X 75 MM, PARA AGUA FRIA PREDIAL","UN    ",39.51]
[832,"BUCHA DE REDUCAO DE PVC, SOLDAVEL, LONGA, COM 32 X 20 MM, PARA AGUA FRIA PREDIAL","UN    ",2.73]
[833,"BUCHA DE REDUCAO DE PVC, SOLDAVEL, LONGA, COM 40 X 20 MM, PARA AGUA FRIA PREDIAL","UN    ",3.87]
[834,"BUCHA DE REDUCAO DE PVC, SOLDAVEL, LONGA, COM 40 X 25 MM, PARA AGUA FRIA PREDIAL","UN    ",4.25]
[825,"BUCHA DE REDUCAO DE PVC, SOLDAVEL, LONGA, COM 50 X 20 MM, PARA AGUA FRIA PREDIAL","UN    ",4.74]
[813,"BUCHA DE REDUCAO DE PVC, SOLDAVEL, LONGA, COM 50 X 25 MM, PARA AGUA FRIA PREDIAL","UN    ",4.66]
[820,"BUCHA DE REDUCAO DE PVC, SOLDAVEL, LONGA, COM 50 X 32 MM, PARA AGUA FRIA PREDIAL","UN    ",5.91]
[816,"BUCHA DE REDUCAO DE PVC, SOLDAVEL, LONGA, COM 60 X 25 MM, PARA AGUA FRIA PREDIAL","UN    ",10.07]
[814,"BUCHA DE REDUCAO DE PVC, SOLDAVEL, LONGA, COM 60 X 32 MM, PARA AGUA FRIA PREDIAL","UN    ",12.16]
[815,"BUCHA DE REDUCAO DE PVC, SOLDAVEL, LONGA, COM 60 X 40 MM, PARA AGUA FRIA PREDIAL","UN    ",13.14]
[822,"BUCHA DE REDUCAO DE PVC, SOLDAVEL, LONGA, COM 60 X 50 MM, PARA AGUA FRIA PREDIAL","UN    ",16.010000000000002]
[821,"BUCHA DE REDUCAO DE PVC, SOLDAVEL, LONGA, COM 75 X 50 MM, PARA AGUA FRIA PREDIAL","UN    ",18.71]
[817,"BUCHA DE REDUCAO DE PVC, SOLDAVEL, LONGA, COM 85 X 60 MM, PARA AGUA FRIA PREDIAL","UN    ",22.25]
[20086,"BUCHA DE REDUCAO DE PVC, SOLDAVEL, LONGA, 50 X 40 MM, PARA ESGOTO PREDIAL","UN    ",2.56]
[39191,"BUCHA DE REDUCAO EM ALUMINIO, COM ROSCA, DE 1 1/2\" X 1 1/4\", PARA ELETRODUTO","UN    ",13.02]
[39190,"BUCHA DE REDUCAO EM ALUMINIO, COM ROSCA, DE 1 1/2\" X 1\", PARA ELETRODUTO","UN    ",13.6]
[39189,"BUCHA DE REDUCAO EM ALUMINIO, COM ROSCA, DE 1 1/2\" X 3/4\", PARA ELETRODUTO","UN    ",14.39]
[39186,"BUCHA DE REDUCAO EM ALUMINIO, COM ROSCA, DE 1 1/4\" X 1/2\", PARA ELETRODUTO","UN    ",12.88]
[39188,"BUCHA DE REDUCAO EM ALUMINIO, COM ROSCA, DE 1 1/4\" X 1\", PARA ELETRODUTO","UN    ",10.59]
[39187,"BUCHA DE REDUCAO EM ALUMINIO, COM ROSCA, DE 1 1/4\" X 3/4\", PARA ELETRODUTO","UN    ",11.1]
[39184,"BUCHA DE REDUCAO EM ALUMINIO, COM ROSCA, DE 1\" X 1/2\", PARA ELETRODUTO","UN    ",4.18]
[39185,"BUCHA DE REDUCAO EM ALUMINIO, COM ROSCA, DE 1\" X 3/4\", PARA ELETRODUTO","UN    ",3.81]
[39198,"BUCHA DE REDUCAO EM ALUMINIO, COM ROSCA, DE 2 1/2\" X 1 1/2\", PARA ELETRODUTO","UN    ",42.71]
[39197,"BUCHA DE REDUCAO EM ALUMINIO, COM ROSCA, DE 2 1/2\" X 1 1/4\", PARA ELETRODUTO","UN    ",44.62]
[39196,"BUCHA DE REDUCAO EM ALUMINIO, COM ROSCA, DE 2 1/2\" X 1\", PARA ELETRODUTO","UN    ",46.01]
[39199,"BUCHA DE REDUCAO EM ALUMINIO, COM ROSCA, DE 2 1/2\" X 2\", PARA ELETRODUTO","UN    ",41.1]
[39195,"BUCHA DE REDUCAO EM ALUMINIO, COM ROSCA, DE 2\" X 1 1/2\", PARA ELETRODUTO","UN    ",23.72]
[39194,"BUCHA DE REDUCAO EM ALUMINIO, COM ROSCA, DE 2\" X 1 1/4\", PARA ELETRODUTO","UN    ",25.39]
[39193,"BUCHA DE REDUCAO EM ALUMINIO, COM ROSCA, DE 2\" X 1\", PARA ELETRODUTO","UN    ",27.83]
[39192,"BUCHA DE REDUCAO EM ALUMINIO, COM ROSCA, DE 2\" X 3/4\", PARA ELETRODUTO","UN    ",28.95]
[39920,"BUCHA DE REDUCAO EM ALUMINIO, COM ROSCA, DE 3/4\" X 1/2\",  PARA ELETRODUTO","UN    ",3.5]
[39201,"BUCHA DE REDUCAO EM ALUMINIO, COM ROSCA, DE 3\" X 1 1/2\", PARA ELETRODUTO","UN    ",51.07]
[39200,"BUCHA DE REDUCAO EM ALUMINIO, COM ROSCA, DE 3\" X 1 1/4\", PARA ELETRODUTO","UN    ",51.48]
[39203,"BUCHA DE REDUCAO EM ALUMINIO, COM ROSCA, DE 3\" X 2 1/2\", PARA ELETRODUTO","UN    ",41.56]
[39202,"BUCHA DE REDUCAO EM ALUMINIO, COM ROSCA, DE 3\" X 2\", PARA ELETRODUTO","UN    ",48.83]
[39205,"BUCHA DE REDUCAO EM ALUMINIO, COM ROSCA, DE 4\" X 2 1/2\", PARA ELETRODUTO","UN    ",81.459999999999994]
[39204,"BUCHA DE REDUCAO EM ALUMINIO, COM ROSCA, DE 4\" X 2\", PARA ELETRODUTO","UN    ",83.43]
[39206,"BUCHA DE REDUCAO EM ALUMINIO, COM ROSCA, DE 4\" X 3\", PARA ELETRODUTO","UN    ",79.150000000000006]
[797,"BUCHA DE REDUCAO PVC ROSCAVEL 1 1/2\" X 1\"","UN    ",8.6999999999999993]
[798,"BUCHA DE REDUCAO PVC ROSCAVEL 3/4\" X 1/2\"","UN    ",1.19]
[796,"BUCHA DE REDUCAO PVC ROSCAVEL, 1 1/2\" X 3/4\"","UN    ",8.34]
[799,"BUCHA DE REDUCAO PVC ROSCAVEL, 1\" X 1/2\"","UN    ",3.92]
[792,"BUCHA DE REDUCAO PVC ROSCAVEL, 1\" X 3/4\"","UN    ",3.98]
[804,"BUCHA DE REDUCAO PVC, ROSCAVEL,  2\"  X 1 1/2 \"","UN    ",19.760000000000002]
[793,"BUCHA DE REDUCAO PVC, ROSCAVEL, 1 1/2\"  X1 1/4 \"","UN    ",8.48]
[801,"BUCHA DE REDUCAO PVC, ROSCAVEL, 1 1/4\"  X 3/4 \"","UN    ",6.05]
[794,"BUCHA DE REDUCAO PVC, ROSCAVEL, 1 1/4\" X 1 \"","UN    ",6.25]
[802,"BUCHA DE REDUCAO PVC, ROSCAVEL, 2\"  X 1 \"","UN    ",17.43]
[803,"BUCHA DE REDUCAO PVC, ROSCAVEL, 2\"  X 1 1/4 \"","UN    ",15.2]
[38001,"BUCHA DE REDUCAO, CPVC, SOLDAVEL, 22 X 15 MM, PARA AGUA QUENTE","UN    ",1.01]
[38002,"BUCHA DE REDUCAO, CPVC, SOLDAVEL, 28 X 22 MM, PARA AGUA QUENTE","UN    ",1.88]
[38003,"BUCHA DE REDUCAO, CPVC, SOLDAVEL, 35 X 28 MM, PARA AGUA QUENTE","UN    ",22.56]
[38004,"BUCHA DE REDUCAO, CPVC, SOLDAVEL, 42 X 22 MM, PARA AGUA QUENTE","UN    ",30.17]
[36327,"BUCHA DE REDUCAO, PPR, DN 25 X 20 MM, PARA AGUA QUENTE PREDIAL","UN    ",1.29]
[38992,"BUCHA DE REDUCAO, PPR, DN 32 X 25 MM, PARA AGUA QUENTE E FRIA PREDIAL","UN    ",2.06]
[38993,"BUCHA DE REDUCAO, PPR, DN 40 X 25 MM, PARA AGUA QUENTE E FRIA PREDIAL","UN    ",5.89]
[38418,"BUCHA DE REDUCAO, PVC, LONGA, SERIE R, DN 50 X 40 MM, PARA ESGOTO OU AGUAS PLUVIAIS PREDIAIS","UN    ",7.44]
[39178,"BUCHA EM ALUMINIO, COM ROSCA, DE  1 1/2\", PARA ELETRODUTO","UN    ",1.4]
[39177,"BUCHA EM ALUMINIO, COM ROSCA, DE 1 1/4\", PARA ELETRODUTO","UN    ",1.27]
[39174,"BUCHA EM ALUMINIO, COM ROSCA, DE 1/2\", PARA ELETRODUTO","UN    ",0.63]
[39176,"BUCHA EM ALUMINIO, COM ROSCA, DE 1\", PARA ELETRODUTO","UN    ",0.83]
[39180,"BUCHA EM ALUMINIO, COM ROSCA, DE 2 1/2\", PARA ELETRODUTO","UN    ",3.82]
[39179,"BUCHA EM ALUMINIO, COM ROSCA, DE 2\", PARA ELETRODUTO","UN    ",3.38]
[39175,"BUCHA EM ALUMINIO, COM ROSCA, DE 3/4\", PARA ELETRODUTO","UN    ",0.77]
[39217,"BUCHA EM ALUMINIO, COM ROSCA, DE 3/8\", PARA ELETRODUTO","UN    ",0.6]
[39181,"BUCHA EM ALUMINIO, COM ROSCA, DE 3\", PARA ELETRODUTO","UN    ",5.12]
[39182,"BUCHA EM ALUMINIO, COM ROSCA, DE 4\", PARA ELETRODUTO","UN    ",7.21]
[12616,"CABECEIRA DIREITA OU ESQUERDA, PVC, PARA CALHA PLUVIAL, DIAMETRO ENTRE 119 E 170 MM, PARA DRENAGEM PREDIAL","UN    ",5.51]
[1049,"CABECOTE PARA ENTRADA DE LINHA DE ALIMENTACAO PARA ELETRODUTO, EM LIGA DE ALUMINIO COM ACABAMENTO ANTI CORROSIVO, COM FIXACAO POR ENCAIXE LISO DE 360 GRAUS, DE 1 1/2\"","UN    ",6.03]
[1099,"CABECOTE PARA ENTRADA DE LINHA DE ALIMENTACAO PARA ELETRODUTO, EM LIGA DE ALUMINIO COM ACABAMENTO ANTI CORROSIVO, COM FIXACAO POR ENCAIXE LISO DE 360 GRAUS, DE 1 1/4\"","UN    ",4.6100000000000003]
[39678,"CABECOTE PARA ENTRADA DE LINHA DE ALIMENTACAO PARA ELETRODUTO, EM LIGA DE ALUMINIO COM ACABAMENTO ANTI CORROSIVO, COM FIXACAO POR ENCAIXE LISO DE 360 GRAUS, DE 1/2\"","UN    ",1.86]
[1050,"CABECOTE PARA ENTRADA DE LINHA DE ALIMENTACAO PARA ELETRODUTO, EM LIGA DE ALUMINIO COM ACABAMENTO ANTI CORROSIVO, COM FIXACAO POR ENCAIXE LISO DE 360 GRAUS, DE 1\"","UN    ",3.16]
[1101,"CABECOTE PARA ENTRADA DE LINHA DE ALIMENTACAO PARA ELETRODUTO, EM LIGA DE ALUMINIO COM ACABAMENTO ANTI CORROSIVO, COM FIXACAO POR ENCAIXE LISO DE 360 GRAUS, DE 2 1/2\"","UN    ",19.899999999999999]
[1100,"CABECOTE PARA ENTRADA DE LINHA DE ALIMENTACAO PARA ELETRODUTO, EM LIGA DE ALUMINIO COM ACABAMENTO ANTI CORROSIVO, COM FIXACAO POR ENCAIXE LISO DE 360 GRAUS, DE 2\"","UN    ",10.27]
[39679,"CABECOTE PARA ENTRADA DE LINHA DE ALIMENTACAO PARA ELETRODUTO, EM LIGA DE ALUMINIO COM ACABAMENTO ANTI CORROSIVO, COM FIXACAO POR ENCAIXE LISO DE 360 GRAUS, DE 3 1/2\"","UN    ",39.67]
[1098,"CABECOTE PARA ENTRADA DE LINHA DE ALIMENTACAO PARA ELETRODUTO, EM LIGA DE ALUMINIO COM ACABAMENTO ANTI CORROSIVO, COM FIXACAO POR ENCAIXE LISO DE 360 GRAUS, DE 3/4\"","UN    ",2.46]
[1102,"CABECOTE PARA ENTRADA DE LINHA DE ALIMENTACAO PARA ELETRODUTO, EM LIGA DE ALUMINIO COM ACABAMENTO ANTI CORROSIVO, COM FIXACAO POR ENCAIXE LISO DE 360 GRAUS, DE 3\"","UN    ",29.68]
[1051,"CABECOTE PARA ENTRADA DE LINHA DE ALIMENTACAO PARA ELETRODUTO, EM LIGA DE ALUMINIO COM ACABAMENTO ANTI CORROSIVO, COM FIXACAO POR ENCAIXE LISO DE 360 GRAUS, DE 4\"","UN    ",43.14]
[37399,"CABIDE/GANCHO DE BANHEIRO SIMPLES EM METAL CROMADO","UN    ",16.829999999999998]
[41955,"CABO DE ACO GALVANIZADO, DIAMETRO 12,7 MM (1/2\"), COM ALMA DE ACO CABO INDEPENDENTE 6 X 25 F","KG    ",73.63]
[41953,"CABO DE ACO GALVANIZADO, DIAMETRO 12,7 MM (1/2\"), COM ALMA DE FIBRA 6 X 25 F","KG    ",70.27]
[41954,"CABO DE ACO GALVANIZADO, DIAMETRO 9,53 MM (3/8\"), COM ALMA DE FIBRA 6 X 25 F","KG    ",69.599999999999994]
[25004,"CABO DE ALUMINIO NU COM ALMA DE ACO, BITOLA 1/0 AWG","KG    ",20.5]
[25002,"CABO DE ALUMINIO NU COM ALMA DE ACO, BITOLA 2 AWG","KG    ",20.67]
[37409,"CABO DE ALUMINIO NU COM ALMA DE ACO, BITOLA 2/0 AWG","KG    ",20.329999999999998]
[841,"CABO DE ALUMINIO NU COM ALMA DE ACO, BITOLA 4 AWG","KG    ",21]
[25005,"CABO DE ALUMINIO NU SEM ALMA DE ACO, BITOLA 1/0 AWG","KG    ",23.02]
[25003,"CABO DE ALUMINIO NU SEM ALMA DE ACO, BITOLA 2 AWG","KG    ",24.59]
[37410,"CABO DE ALUMINIO NU SEM ALMA DE ACO, BITOLA 2/0 AWG","KG    ",23.02]
[842,"CABO DE ALUMINIO NU SEM ALMA DE ACO, BITOLA 4 AWG","KG    ",25.9]
[862,"CABO DE COBRE NU 10 MM2 MEIO-DURO","M     ",8.01]
[866,"CABO DE COBRE NU 120 MM2 MEIO-DURO","M     ",98.49]
[892,"CABO DE COBRE NU 150 MM2 MEIO-DURO","M     ",125.24]
[857,"CABO DE COBRE NU 16 MM2 MEIO-DURO","M     ",12.75]
[37404,"CABO DE COBRE NU 185 MM2 MEIO-DURO","M     ",150.6]
[868,"CABO DE COBRE NU 25 MM2 MEIO-DURO","M     ",19.690000000000001]
[870,"CABO DE COBRE NU 300 MM2 MEIO-DURO","M     ",259.52]
[863,"CABO DE COBRE NU 35 MM2 MEIO-DURO","M     ",27.2]
[867,"CABO DE COBRE NU 50 MM2 MEIO-DURO","M     ",37.89]
[891,"CABO DE COBRE NU 500 MM2 MEIO-DURO","M     ",435.83]
[864,"CABO DE COBRE NU 70 MM2 MEIO-DURO","M     ",53.38]
[865,"CABO DE COBRE NU 95 MM2 MEIO-DURO","M     ",75.180000000000007]
[1006,"CABO DE COBRE RIGIDO, CLASSE 2, ISOLACAO EM PVC, ANTI-CHAMA BWF-B, 1 CONDUTOR, 450/750 V, DIAMETRO 120 MM2","M     ",98.86]
[948,"CABO DE COBRE UNIPOLAR 10 MM2, BLINDADO, ISOLACAO 3,6/6 KV EPR, COBERTURA EM PVC","M     ",30.41]
[947,"CABO DE COBRE UNIPOLAR 16 MM2, BLINDADO, ISOLACAO 3,6/6 KV EPR, COBERTURA EM PVC","M     ",30.94]
[911,"CABO DE COBRE UNIPOLAR 16 MM2, BLINDADO, ISOLACAO 6/10 KV EPR, COBERTURA EM PVC","M     ",44.99]
[925,"CABO DE COBRE UNIPOLAR 25 MM2, BLINDADO, ISOLACAO 3,6/6 KV EPR, COBERTURA EM PVC","M     ",41.58]
[954,"CABO DE COBRE UNIPOLAR 25MM2, BLINDADO, ISOLACAO 6/10 KV EPR, COBERTURA EM PVC","M     ",45.94]
[901,"CABO DE COBRE UNIPOLAR 35 MM2, BLINDADO, ISOLACAO 12/20 KV EPR, COBERTURA EM PVC","M     ",49.17]
[926,"CABO DE COBRE UNIPOLAR 35 MM2, BLINDADO, ISOLACAO 3,6/6 KV EPR, COBERTURA EM PVC","M     ",51.96]
[912,"CABO DE COBRE UNIPOLAR 35 MM2, BLINDADO, ISOLACAO 6/10 KV EPR, COBERTURA EM PVC","M     ",52.28]
[955,"CABO DE COBRE UNIPOLAR 50 MM2, BLINDADO, ISOLACAO 12/20 KV EPR, COBERTURA EM PVC","M     ",62.4]
[946,"CABO DE COBRE UNIPOLAR 50 MM2, BLINDADO, ISOLACAO 3,6/6 KV EPR, COBERTURA EM PVC","M     ",70.16]
[953,"CABO DE COBRE UNIPOLAR 50 MM2, BLINDADO, ISOLACAO 6/10 KV EPR, COBERTURA EM PVC","M     ",63.84]
[902,"CABO DE COBRE UNIPOLAR 70 MM2, BLINDADO, ISOLACAO 12/20 KV EPR, COBERTURA EM PVC","M     ",77.61]
[927,"CABO DE COBRE UNIPOLAR 70 MM2, BLINDADO, ISOLACAO 3,6/6 KV EPR, COBERTURA EM PVC","M     ",75.23]
[913,"CABO DE COBRE UNIPOLAR 70 MM2, BLINDADO, ISOLACAO 6/10 KV EPR, COBERTURA EM PVC","M     ",83.97]
[903,"CABO DE COBRE UNIPOLAR 95 MM2, BLINDADO, ISOLACAO 12/20 KV EPR, COBERTURA EM PVC","M     ",95.02]
[945,"CABO DE COBRE UNIPOLAR 95 MM2, BLINDADO, ISOLACAO 3,6/6 KV EPR, COBERTURA EM PVC","M     ",100.52]
[914,"CABO DE COBRE UNIPOLAR 95 MM2, BLINDADO, ISOLACAO 6/10 KV EPR, COBERTURA EM PVC","M     ",102.98]
[993,"CABO DE COBRE, FLEXIVEL, CLASSE 4 OU 5, ISOLACAO EM PVC/A, ANTICHAMA BWF-B, COBERTURA PVC-ST1, ANTICHAMA BWF-B, 1 CONDUTOR, 0,6/1 KV, SECAO NOMINAL 1,5 MM2","M     ",2.12]
[1020,"CABO DE COBRE, FLEXIVEL, CLASSE 4 OU 5, ISOLACAO EM PVC/A, ANTICHAMA BWF-B, COBERTURA PVC-ST1, ANTICHAMA BWF-B, 1 CONDUTOR, 0,6/1 KV, SECAO NOMINAL 10 MM2","M     ",9.26]
[1017,"CABO DE COBRE, FLEXIVEL, CLASSE 4 OU 5, ISOLACAO EM PVC/A, ANTICHAMA BWF-B, COBERTURA PVC-ST1, ANTICHAMA BWF-B, 1 CONDUTOR, 0,6/1 KV, SECAO NOMINAL 120 MM2","M     ",101.84]
[999,"CABO DE COBRE, FLEXIVEL, CLASSE 4 OU 5, ISOLACAO EM PVC/A, ANTICHAMA BWF-B, COBERTURA PVC-ST1, ANTICHAMA BWF-B, 1 CONDUTOR, 0,6/1 KV, SECAO NOMINAL 150 MM2","M     ",126.19]
[995,"CABO DE COBRE, FLEXIVEL, CLASSE 4 OU 5, ISOLACAO EM PVC/A, ANTICHAMA BWF-B, COBERTURA PVC-ST1, ANTICHAMA BWF-B, 1 CONDUTOR, 0,6/1 KV, SECAO NOMINAL 16 MM2","M     ",14.21]
[1000,"CABO DE COBRE, FLEXIVEL, CLASSE 4 OU 5, ISOLACAO EM PVC/A, ANTICHAMA BWF-B, COBERTURA PVC-ST1, ANTICHAMA BWF-B, 1 CONDUTOR, 0,6/1 KV, SECAO NOMINAL 185 MM2","M     ",154.69]
[1022,"CABO DE COBRE, FLEXIVEL, CLASSE 4 OU 5, ISOLACAO EM PVC/A, ANTICHAMA BWF-B, COBERTURA PVC-ST1, ANTICHAMA BWF-B, 1 CONDUTOR, 0,6/1 KV, SECAO NOMINAL 2,5 MM2","M     ",2.94]
[1015,"CABO DE COBRE, FLEXIVEL, CLASSE 4 OU 5, ISOLACAO EM PVC/A, ANTICHAMA BWF-B, COBERTURA PVC-ST1, ANTICHAMA BWF-B, 1 CONDUTOR, 0,6/1 KV, SECAO NOMINAL 240 MM2","M     ",203.7]
[996,"CABO DE COBRE, FLEXIVEL, CLASSE 4 OU 5, ISOLACAO EM PVC/A, ANTICHAMA BWF-B, COBERTURA PVC-ST1, ANTICHAMA BWF-B, 1 CONDUTOR, 0,6/1 KV, SECAO NOMINAL 25 MM2","M     ",21.64]
[1001,"CABO DE COBRE, FLEXIVEL, CLASSE 4 OU 5, ISOLACAO EM PVC/A, ANTICHAMA BWF-B, COBERTURA PVC-ST1, ANTICHAMA BWF-B, 1 CONDUTOR, 0,6/1 KV, SECAO NOMINAL 300 MM2","M     ",254.93]
[1019,"CABO DE COBRE, FLEXIVEL, CLASSE 4 OU 5, ISOLACAO EM PVC/A, ANTICHAMA BWF-B, COBERTURA PVC-ST1, ANTICHAMA BWF-B, 1 CONDUTOR, 0,6/1 KV, SECAO NOMINAL 35 MM2","M     ",29.83]
[1021,"CABO DE COBRE, FLEXIVEL, CLASSE 4 OU 5, ISOLACAO EM PVC/A, ANTICHAMA BWF-B, COBERTURA PVC-ST1, ANTICHAMA BWF-B, 1 CONDUTOR, 0,6/1 KV, SECAO NOMINAL 4 MM2","M     ",4.2300000000000004]
[39249,"CABO DE COBRE, FLEXIVEL, CLASSE 4 OU 5, ISOLACAO EM PVC/A, ANTICHAMA BWF-B, COBERTURA PVC-ST1, ANTICHAMA BWF-B, 1 CONDUTOR, 0,6/1 KV, SECAO NOMINAL 400 MM2","M     ",332.55]
[1018,"CABO DE COBRE, FLEXIVEL, CLASSE 4 OU 5, ISOLACAO EM PVC/A, ANTICHAMA BWF-B, COBERTURA PVC-ST1, ANTICHAMA BWF-B, 1 CONDUTOR, 0,6/1 KV, SECAO NOMINAL 50 MM2","M     ",42.51]
[39250,"CABO DE COBRE, FLEXIVEL, CLASSE 4 OU 5, ISOLACAO EM PVC/A, ANTICHAMA BWF-B, COBERTURA PVC-ST1, ANTICHAMA BWF-B, 1 CONDUTOR, 0,6/1 KV, SECAO NOMINAL 500 MM2","M     ",427.19]
[994,"CABO DE COBRE, FLEXIVEL, CLASSE 4 OU 5, ISOLACAO EM PVC/A, ANTICHAMA BWF-B, COBERTURA PVC-ST1, ANTICHAMA BWF-B, 1 CONDUTOR, 0,6/1 KV, SECAO NOMINAL 6 MM2","M     ",5.78]
[977,"CABO DE COBRE, FLEXIVEL, CLASSE 4 OU 5, ISOLACAO EM PVC/A, ANTICHAMA BWF-B, COBERTURA PVC-ST1, ANTICHAMA BWF-B, 1 CONDUTOR, 0,6/1 KV, SECAO NOMINAL 70 MM2","M     ",58.89]
[998,"CABO DE COBRE, FLEXIVEL, CLASSE 4 OU 5, ISOLACAO EM PVC/A, ANTICHAMA BWF-B, COBERTURA PVC-ST1, ANTICHAMA BWF-B, 1 CONDUTOR, 0,6/1 KV, SECAO NOMINAL 95 MM2","M     ",78.239999999999995]
[39251,"CABO DE COBRE, FLEXIVEL, CLASSE 4 OU 5, ISOLACAO EM PVC/A, ANTICHAMA BWF-B, 1 CONDUTOR, 450/750 V, SECAO NOMINAL 0,5 MM2","M     ",0.56000000000000005]
[1011,"CABO DE COBRE, FLEXIVEL, CLASSE 4 OU 5, ISOLACAO EM PVC/A, ANTICHAMA BWF-B, 1 CONDUTOR, 450/750 V, SECAO NOMINAL 0,75 MM2","M     ",0.78]
[39252,"CABO DE COBRE, FLEXIVEL, CLASSE 4 OU 5, ISOLACAO EM PVC/A, ANTICHAMA BWF-B, 1 CONDUTOR, 450/750 V, SECAO NOMINAL 1,0 MM2","M     ",0.94]
[1013,"CABO DE COBRE, FLEXIVEL, CLASSE 4 OU 5, ISOLACAO EM PVC/A, ANTICHAMA BWF-B, 1 CONDUTOR, 450/750 V, SECAO NOMINAL 1,5 MM2","M     ",1.24]
[980,"CABO DE COBRE, FLEXIVEL, CLASSE 4 OU 5, ISOLACAO EM PVC/A, ANTICHAMA BWF-B, 1 CONDUTOR, 450/750 V, SECAO NOMINAL 10 MM2","M     ",8.49]
[39237,"CABO DE COBRE, FLEXIVEL, CLASSE 4 OU 5, ISOLACAO EM PVC/A, ANTICHAMA BWF-B, 1 CONDUTOR, 450/750 V, SECAO NOMINAL 120 MM2","M     ",100.78]
[39238,"CABO DE COBRE, FLEXIVEL, CLASSE 4 OU 5, ISOLACAO EM PVC/A, ANTICHAMA BWF-B, 1 CONDUTOR, 450/750 V, SECAO NOMINAL 150 MM2","M     ",125.82]
[979,"CABO DE COBRE, FLEXIVEL, CLASSE 4 OU 5, ISOLACAO EM PVC/A, ANTICHAMA BWF-B, 1 CONDUTOR, 450/750 V, SECAO NOMINAL 16 MM2","M     ",15.72]
[39239,"CABO DE COBRE, FLEXIVEL, CLASSE 4 OU 5, ISOLACAO EM PVC/A, ANTICHAMA BWF-B, 1 CONDUTOR, 450/750 V, SECAO NOMINAL 185 MM2","M     ",153.13]
[1014,"CABO DE COBRE, FLEXIVEL, CLASSE 4 OU 5, ISOLACAO EM PVC/A, ANTICHAMA BWF-B, 1 CONDUTOR, 450/750 V, SECAO NOMINAL 2,5 MM2","M     ",1.98]
[39240,"CABO DE COBRE, FLEXIVEL, CLASSE 4 OU 5, ISOLACAO EM PVC/A, ANTICHAMA BWF-B, 1 CONDUTOR, 450/750 V, SECAO NOMINAL 240 MM2","M     ",202.39]
[39232,"CABO DE COBRE, FLEXIVEL, CLASSE 4 OU 5, ISOLACAO EM PVC/A, ANTICHAMA BWF-B, 1 CONDUTOR, 450/750 V, SECAO NOMINAL 25 MM2","M     ",21.01]
[39233,"CABO DE COBRE, FLEXIVEL, CLASSE 4 OU 5, ISOLACAO EM PVC/A, ANTICHAMA BWF-B, 1 CONDUTOR, 450/750 V, SECAO NOMINAL 35 MM2","M     ",28.89]
[981,"CABO DE COBRE, FLEXIVEL, CLASSE 4 OU 5, ISOLACAO EM PVC/A, ANTICHAMA BWF-B, 1 CONDUTOR, 450/750 V, SECAO NOMINAL 4 MM2","M     ",3.55]
[39234,"CABO DE COBRE, FLEXIVEL, CLASSE 4 OU 5, ISOLACAO EM PVC/A, ANTICHAMA BWF-B, 1 CONDUTOR, 450/750 V, SECAO NOMINAL 50 MM2","M     ",42.4]
[982,"CABO DE COBRE, FLEXIVEL, CLASSE 4 OU 5, ISOLACAO EM PVC/A, ANTICHAMA BWF-B, 1 CONDUTOR, 450/750 V, SECAO NOMINAL 6 MM2","M     ",4.97]
[39235,"CABO DE COBRE, FLEXIVEL, CLASSE 4 OU 5, ISOLACAO EM PVC/A, ANTICHAMA BWF-B, 1 CONDUTOR, 450/750 V, SECAO NOMINAL 70 MM2","M     ",59.64]
[39236,"CABO DE COBRE, FLEXIVEL, CLASSE 4 OU 5, ISOLACAO EM PVC/A, ANTICHAMA BWF-B, 1 CONDUTOR, 450/750 V, SECAO NOMINAL 95 MM2","M     ",78.180000000000007]
[876,"CABO DE COBRE, RIGIDO, CLASSE 2, COMPACTADO, BLINDADO, ISOLACAO EM EPR OU XLPE, COBERTURA ANTICHAMA EM PVC, PEAD OU HFFR, 1 CONDUTOR, 20/35 KV, SECAO NOMINAL 120 MM2","M     ",201.83]
[877,"CABO DE COBRE, RIGIDO, CLASSE 2, COMPACTADO, BLINDADO, ISOLACAO EM EPR OU XLPE, COBERTURA ANTICHAMA EM PVC, PEAD OU HFFR, 1 CONDUTOR, 20/35 KV, SECAO NOMINAL 150 MM2","M     ",237.26]
[882,"CABO DE COBRE, RIGIDO, CLASSE 2, COMPACTADO, BLINDADO, ISOLACAO EM EPR OU XLPE, COBERTURA ANTICHAMA EM PVC, PEAD OU HFFR, 1 CONDUTOR, 20/35 KV, SECAO NOMINAL 185 MM2","M     ",258.54000000000002]
[878,"CABO DE COBRE, RIGIDO, CLASSE 2, COMPACTADO, BLINDADO, ISOLACAO EM EPR OU XLPE, COBERTURA ANTICHAMA EM PVC, PEAD OU HFFR, 1 CONDUTOR, 20/35 KV, SECAO NOMINAL 240 MM2","M     ",321.43]
[879,"CABO DE COBRE, RIGIDO, CLASSE 2, COMPACTADO, BLINDADO, ISOLACAO EM EPR OU XLPE, COBERTURA ANTICHAMA EM PVC, PEAD OU HFFR, 1 CONDUTOR, 20/35 KV, SECAO NOMINAL 300 MM2","M     ",378.85]
[880,"CABO DE COBRE, RIGIDO, CLASSE 2, COMPACTADO, BLINDADO, ISOLACAO EM EPR OU XLPE, COBERTURA ANTICHAMA EM PVC, PEAD OU HFFR, 1 CONDUTOR, 20/35 KV, SECAO NOMINAL 400 MM2","M     ",445.77]
[873,"CABO DE COBRE, RIGIDO, CLASSE 2, COMPACTADO, BLINDADO, ISOLACAO EM EPR OU XLPE, COBERTURA ANTICHAMA EM PVC, PEAD OU HFFR, 1 CONDUTOR, 20/35 KV, SECAO NOMINAL 50 MM2","M     ",135.54]
[881,"CABO DE COBRE, RIGIDO, CLASSE 2, COMPACTADO, BLINDADO, ISOLACAO EM EPR OU XLPE, COBERTURA ANTICHAMA EM PVC, PEAD OU HFFR, 1 CONDUTOR, 20/35 KV, SECAO NOMINAL 500 MM2","M     ",609.29]
[874,"CABO DE COBRE, RIGIDO, CLASSE 2, COMPACTADO, BLINDADO, ISOLACAO EM EPR OU XLPE, COBERTURA ANTICHAMA EM PVC, PEAD OU HFFR, 1 CONDUTOR, 20/35 KV, SECAO NOMINAL 70 MM2","M     ",160.85]
[875,"CABO DE COBRE, RIGIDO, CLASSE 2, COMPACTADO, BLINDADO, ISOLACAO EM EPR OU XLPE, COBERTURA ANTICHAMA EM PVC, PEAD OU HFFR, 1 CONDUTOR, 20/35 KV, SECAO NOMINAL 95 MM2","M     ",191.91]
[983,"CABO DE COBRE, RIGIDO, CLASSE 2, ISOLACAO EM PVC/A, ANTICHAMA BWF-B, 1 CONDUTOR, 450/750 V, SECAO NOMINAL 1,5 MM2","M     ",1.19]
[985,"CABO DE COBRE, RIGIDO, CLASSE 2, ISOLACAO EM PVC/A, ANTICHAMA BWF-B, 1 CONDUTOR, 450/750 V, SECAO NOMINAL 10 MM2","M     ",9]
[990,"CABO DE COBRE, RIGIDO, CLASSE 2, ISOLACAO EM PVC/A, ANTICHAMA BWF-B, 1 CONDUTOR, 450/750 V, SECAO NOMINAL 150 MM2","M     ",123.37]
[39241,"CABO DE COBRE, RIGIDO, CLASSE 2, ISOLACAO EM PVC/A, ANTICHAMA BWF-B, 1 CONDUTOR, 450/750 V, SECAO NOMINAL 16 MM2","M     ",14.09]
[1005,"CABO DE COBRE, RIGIDO, CLASSE 2, ISOLACAO EM PVC/A, ANTICHAMA BWF-B, 1 CONDUTOR, 450/750 V, SECAO NOMINAL 185 MM2","M     ",151.41999999999999]
[984,"CABO DE COBRE, RIGIDO, CLASSE 2, ISOLACAO EM PVC/A, ANTICHAMA BWF-B, 1 CONDUTOR, 450/750 V, SECAO NOMINAL 2,5 MM2","M     ",3.1]
[991,"CABO DE COBRE, RIGIDO, CLASSE 2, ISOLACAO EM PVC/A, ANTICHAMA BWF-B, 1 CONDUTOR, 450/750 V, SECAO NOMINAL 240 MM2","M     ",200.09]
[986,"CABO DE COBRE, RIGIDO, CLASSE 2, ISOLACAO EM PVC/A, ANTICHAMA BWF-B, 1 CONDUTOR, 450/750 V, SECAO NOMINAL 25 MM2","M     ",21.55]
[1024,"CABO DE COBRE, RIGIDO, CLASSE 2, ISOLACAO EM PVC/A, ANTICHAMA BWF-B, 1 CONDUTOR, 450/750 V, SECAO NOMINAL 300 MM2","M     ",247.64]
[987,"CABO DE COBRE, RIGIDO, CLASSE 2, ISOLACAO EM PVC/A, ANTICHAMA BWF-B, 1 CONDUTOR, 450/750 V, SECAO NOMINAL 35 MM2","M     ",29.29]
[1003,"CABO DE COBRE, RIGIDO, CLASSE 2, ISOLACAO EM PVC/A, ANTICHAMA BWF-B, 1 CONDUTOR, 450/750 V, SECAO NOMINAL 4 MM2","M     ",4.55]
[992,"CABO DE COBRE, RIGIDO, CLASSE 2, ISOLACAO EM PVC/A, ANTICHAMA BWF-B, 1 CONDUTOR, 450/750 V, SECAO NOMINAL 400 MM2","M     ",320.39999999999998]
[1007,"CABO DE COBRE, RIGIDO, CLASSE 2, ISOLACAO EM PVC/A, ANTICHAMA BWF-B, 1 CONDUTOR, 450/750 V, SECAO NOMINAL 50 MM2","M     ",41.54]
[39242,"CABO DE COBRE, RIGIDO, CLASSE 2, ISOLACAO EM PVC/A, ANTICHAMA BWF-B, 1 CONDUTOR, 450/750 V, SECAO NOMINAL 500 MM2","M     ",396.99]
[1008,"CABO DE COBRE, RIGIDO, CLASSE 2, ISOLACAO EM PVC/A, ANTICHAMA BWF-B, 1 CONDUTOR, 450/750 V, SECAO NOMINAL 6 MM2","M     ",5.17]
[988,"CABO DE COBRE, RIGIDO, CLASSE 2, ISOLACAO EM PVC/A, ANTICHAMA BWF-B, 1 CONDUTOR, 450/750 V, SECAO NOMINAL 70 MM2","M     ",57.39]
[989,"CABO DE COBRE, RIGIDO, CLASSE 2, ISOLACAO EM PVC/A, ANTICHAMA BWF-B, 1 CONDUTOR, 450/750 V, SECAO NOMINAL 95 MM2","M     ",77.739999999999995]
[39598,"CABO DE PAR TRANCADO UTP, 4 PARES, CATEGORIA 5E","M     ",1.25]
[39599,"CABO DE PAR TRANCADO UTP, 4 PARES, CATEGORIA 6","M     ",1.89]
[34602,"CABO FLEXIVEL PVC 750 V, 2 CONDUTORES DE 1,5 MM2","M     ",2.86]
[34603,"CABO FLEXIVEL PVC 750 V, 2 CONDUTORES DE 10,0 MM2","M     ",13.78]
[34607,"CABO FLEXIVEL PVC 750 V, 2 CONDUTORES DE 4,0 MM2","M     ",6.14]
[34609,"CABO FLEXIVEL PVC 750 V, 2 CONDUTORES DE 6,0 MM2","M     ",9.2200000000000006]
[34618,"CABO FLEXIVEL PVC 750 V, 3 CONDUTORES DE 1,5 MM2","M     ",3.8]
[34620,"CABO FLEXIVEL PVC 750 V, 3 CONDUTORES DE 10,0 MM2","M     ",19.02]
[34621,"CABO FLEXIVEL PVC 750 V, 3 CONDUTORES DE 4,0 MM2","M     ",8.82]
[34622,"CABO FLEXIVEL PVC 750 V, 3 CONDUTORES DE 6,0 MM2","M     ",12.5]
[34624,"CABO FLEXIVEL PVC 750 V, 4 CONDUTORES DE 1,5 MM2","M     ",4.8499999999999996]
[34626,"CABO FLEXIVEL PVC 750 V, 4 CONDUTORES DE 10,0 MM2","M     ",26.14]
[34627,"CABO FLEXIVEL PVC 750 V, 4 CONDUTORES DE 4,0 MM2","M     ",11.26]
[34629,"CABO FLEXIVEL PVC 750 V, 4 CONDUTORES DE 6,0 MM2","M     ",16.489999999999998]
[39257,"CABO MULTIPOLAR DE COBRE, FLEXIVEL, CLASSE 4 OU 5, ISOLACAO EM HEPR, COBERTURA EM PVC-ST2, ANTICHAMA BWF-B, 0,6/1 KV, 3 CONDUTORES DE 1,5 MM2","M     ",5.42]
[39261,"CABO MULTIPOLAR DE COBRE, FLEXIVEL, CLASSE 4 OU 5, ISOLACAO EM HEPR, COBERTURA EM PVC-ST2, ANTICHAMA BWF-B, 0,6/1 KV, 3 CONDUTORES DE 10 MM2","M     ",28.92]
[39268,"CABO MULTIPOLAR DE COBRE, FLEXIVEL, CLASSE 4 OU 5, ISOLACAO EM HEPR, COBERTURA EM PVC-ST2, ANTICHAMA BWF-B, 0,6/1 KV, 3 CONDUTORES DE 120 MM2","M     ",333.69]
[39262,"CABO MULTIPOLAR DE COBRE, FLEXIVEL, CLASSE 4 OU 5, ISOLACAO EM HEPR, COBERTURA EM PVC-ST2, ANTICHAMA BWF-B, 0,6/1 KV, 3 CONDUTORES DE 16 MM2","M     ",45.21]
[39258,"CABO MULTIPOLAR DE COBRE, FLEXIVEL, CLASSE 4 OU 5, ISOLACAO EM HEPR, COBERTURA EM PVC-ST2, ANTICHAMA BWF-B, 0,6/1 KV, 3 CONDUTORES DE 2,5 MM2","M     ",8.0399999999999991]
[39263,"CABO MULTIPOLAR DE COBRE, FLEXIVEL, CLASSE 4 OU 5, ISOLACAO EM HEPR, COBERTURA EM PVC-ST2, ANTICHAMA BWF-B, 0,6/1 KV, 3 CONDUTORES DE 25 MM2","M     ",69.959999999999994]
[39264,"CABO MULTIPOLAR DE COBRE, FLEXIVEL, CLASSE 4 OU 5, ISOLACAO EM HEPR, COBERTURA EM PVC-ST2, ANTICHAMA BWF-B, 0,6/1 KV, 3 CONDUTORES DE 35 MM2","M     ",94.74]
[39259,"CABO MULTIPOLAR DE COBRE, FLEXIVEL, CLASSE 4 OU 5, ISOLACAO EM HEPR, COBERTURA EM PVC-ST2, ANTICHAMA BWF-B, 0,6/1 KV, 3 CONDUTORES DE 4 MM2","M     ",12.25]
[39265,"CABO MULTIPOLAR DE COBRE, FLEXIVEL, CLASSE 4 OU 5, ISOLACAO EM HEPR, COBERTURA EM PVC-ST2, ANTICHAMA BWF-B, 0,6/1 KV, 3 CONDUTORES DE 50 MM2","M     ",139.55000000000001]
[39260,"CABO MULTIPOLAR DE COBRE, FLEXIVEL, CLASSE 4 OU 5, ISOLACAO EM HEPR, COBERTURA EM PVC-ST2, ANTICHAMA BWF-B, 0,6/1 KV, 3 CONDUTORES DE 6 MM2","M     ",17.440000000000001]
[39266,"CABO MULTIPOLAR DE COBRE, FLEXIVEL, CLASSE 4 OU 5, ISOLACAO EM HEPR, COBERTURA EM PVC-ST2, ANTICHAMA BWF-B, 0,6/1 KV, 3 CONDUTORES DE 70 MM2","M     ",195.82]
[39267,"CABO MULTIPOLAR DE COBRE, FLEXIVEL, CLASSE 4 OU 5, ISOLACAO EM HEPR, COBERTURA EM PVC-ST2, ANTICHAMA BWF-B, 0,6/1 KV, 3 CONDUTORES DE 95 MM2","M     ",256.69]
[11901,"CABO TELEFONICO CCI 50, 1 PAR, USO INTERNO, SEM BLINDAGEM","M     ",0.63]
[11902,"CABO TELEFONICO CCI 50, 2 PARES, USO INTERNO, SEM BLINDAGEM","M     ",1.1000000000000001]
[11903,"CABO TELEFONICO CCI 50, 3 PARES, USO INTERNO, SEM BLINDAGEM","M     ",1.69]
[11904,"CABO TELEFONICO CCI 50, 4 PARES, USO INTERNO, SEM BLINDAGEM","M     ",2.16]
[11905,"CABO TELEFONICO CCI 50, 5 PARES, USO INTERNO, SEM BLINDAGEM","M     ",2.9]
[11906,"CABO TELEFONICO CCI 50, 6 PARES, USO INTERNO, SEM BLINDAGEM","M     ",3.34]
[11919,"CABO TELEFONICO CI 50, 10 PARES, USO INTERNO","M     ",6.56]
[11920,"CABO TELEFONICO CI 50, 20 PARES, USO INTERNO","M     ",12.71]
[11924,"CABO TELEFONICO CI 50, 200 PARES, USO INTERNO","M     ",123.63]
[11921,"CABO TELEFONICO CI 50, 30 PARES, USO INTERNO","M     ",17.309999999999999]
[11922,"CABO TELEFONICO CI 50, 50 PARES, USO INTERNO","M     ",30.73]
[11923,"CABO TELEFONICO CI 50, 75 PARES, USO INTERNO","M     ",50.19]
[11916,"CABO TELEFONICO CTP - APL - 50, 10 PARES, USO EXTERNO","M     ",8.52]
[11914,"CABO TELEFONICO CTP - APL - 50, 100 PARES, USO EXTERNO","M     ",61.83]
[11917,"CABO TELEFONICO CTP - APL - 50, 20 PARES, USO EXTERNO","M     ",14.82]
[11918,"CABO TELEFONICO CTP - APL - 50, 30 PARES, USO EXTERNO","M     ",20.11]
[37734,"CACAMBA METALICA BASCULANTE COM CAPACIDADE DE 10 M3 (INCLUI MONTAGEM, NAO INCLUI CAMINHAO)","UN    ",49444.66]
[42251,"CACAMBA METALICA BASCULANTE COM CAPACIDADE DE 12 M3 (INCLUI MONTAGEM, NAO INCLUI CAMINHAO)","UN    ",56147.43]
[37733,"CACAMBA METALICA BASCULANTE COM CAPACIDADE DE 6 M3 (INCLUI MONTAGEM, NAO INCLUI CAMINHAO)","UN    ",37073.42]
[37735,"CACAMBA METALICA BASCULANTE COM CAPACIDADE DE 8 M3 (INCLUI MONTAGEM, NAO INCLUI CAMINHAO)","UN    ",44673.47]
[5090,"CADEADO SIMPLES, CORPO EM LATAO MACICO, COM LARGURA DE 25 MM E ALTURA DE APROX 25 MM, HASTE CEMENTADA (NAO LONGA), EM ACO TEMPERADO COM DIAMETRO DE APROX 5,0 MM, INCLUINDO 2 CHAVES","UN    ",18]
[5085,"CADEADO SIMPLES, CORPO EM LATAO MACICO, COM LARGURA DE 35 MM E ALTURA DE APROX 30 MM, HASTE CEMENTADA (NAO LONGA), EM ACO TEMPERADO COM DIAMETRO DE APROX 6,0 MM, INCLUINDO 2 CHAVES","UN    ",26.79]
[43603,"CADEADO SIMPLES, CORPO EM LATAO MACICO, COM LARGURA DE 50 MM E ALTURA DE APROX 40 MM, HASTE CEMENTADA EM ACO TEMPERADO COM DIAMETRO DE APROX 8,0 MM, INCLUINDO 2 CHAVES","UN    ",38.28]
[38374,"CADEIRA SUSPENSA MANUAL / BALANCIM INDIVIDUAL (NBR 14751)","UN    ",779.7]
[20209,"CAIBRO APARELHADO  *7,5 X 7,5* CM, EM MACARANDUBA, ANGELIM OU EQUIVALENTE DA REGIAO","M     ",34.29]
[20212,"CAIBRO APARELHADO *6 X 8* CM, EM MACARANDUBA, ANGELIM OU EQUIVALENTE DA REGIAO","M     ",28.71]
[4433,"CAIBRO NAO APARELHADO  *7,5 X 7,5* CM, EM MACARANDUBA, ANGELIM OU EQUIVALENTE DA REGIAO -  BRUTA","M     ",32.85]
[4430,"CAIBRO NAO APARELHADO *5 X 6* CM, EM MACARANDUBA, ANGELIM OU EQUIVALENTE DA REGIAO -  BRUTA","M     ",16.8]
[4400,"CAIBRO NAO APARELHADO,  *6 X 8* CM,  EM MACARANDUBA, ANGELIM OU EQUIVALENTE DA REGIAO -  BRUTA","M     ",26.74]
[2729,"CAIBRO ROLICO DE MADEIRA TRATADA, D = 4 A 7 CM, H = 3,00 M, EM EUCALIPTO OU EQUIVALENTE DA REGIAO","UN    ",21.02]
[4513,"CAIBRO 5 X 5 CM EM PINUS, MISTA OU EQUIVALENTE DA REGIAO - BRUTA","M     ",3.9]
[11871,"CAIXA D'AGUA DE FIBRA DE VIDRO, PARA 500 LITROS, COM TAMPA","UN    ",305]
[34636,"CAIXA D'AGUA EM POLIETILENO 1000 LITROS, COM TAMPA","UN    ",433.9]
[34639,"CAIXA D'AGUA EM POLIETILENO 1500 LITROS, COM TAMPA","UN    ",881.25]
[34640,"CAIXA D'AGUA EM POLIETILENO 2000 LITROS, COM TAMPA","UN    ",989.87]
[34637,"CAIXA D'AGUA EM POLIETILENO 500 LITROS, COM TAMPA","UN    ",249.12]
[34638,"CAIXA D'AGUA EM POLIETILENO 750 LITROS, COM TAMPA","UN    ",427.21]
[11868,"CAIXA D'AGUA FIBRA DE VIDRO PARA 1000 LITROS, COM TAMPA","UN    ",419.18]
[37106,"CAIXA D'AGUA FIBRA DE VIDRO PARA 10000 LITROS, COM TAMPA","UN    ",4048.81]
[11869,"CAIXA D'AGUA FIBRA DE VIDRO PARA 1500 LITROS, COM TAMPA","UN    ",680.11]
[37104,"CAIXA D'AGUA FIBRA DE VIDRO PARA 2000 LITROS, COM TAMPA","UN    ",876.71]
[37105,"CAIXA D'AGUA FIBRA DE VIDRO PARA 5000 LITROS, COM TAMPA","UN    ",1952.56]
[34641,"CAIXA DE ATERRAMENTO EM CONCRETO PRÃ\u0089-MOLDADO, DIAMETRO DE 0,30 M E ALTURA DE 0,35 M, SEM FUNDO E COM TAMPA","UN    ",67.2]
[43434,"CAIXA DE CONCRETO ARMADO PRE-MOLDADO, COM FUNDO E SEM TAMPA, DIMENSOES DE 0,30 X 0,30 X 0,30 M","UN    ",72.66]
[43435,"CAIXA DE CONCRETO ARMADO PRE-MOLDADO, COM FUNDO E SEM TAMPA, DIMENSOES DE 0,40 X 0,40 X 0,40 M","UN    ",133.22]
[43436,"CAIXA DE CONCRETO ARMADO PRE-MOLDADO, COM FUNDO E SEM TAMPA, DIMENSOES DE 0,60 X 0,60 X 0,50 M","UN    ",233.13]
[43437,"CAIXA DE CONCRETO ARMADO PRE-MOLDADO, COM FUNDO E SEM TAMPA, DIMENSOES DE 0,80 X 0,80 X 0,50 M","UN    ",422.67]
[43438,"CAIXA DE CONCRETO ARMADO PRE-MOLDADO, COM FUNDO E SEM TAMPA, DIMENSOES DE 1,00 X 1,00 X 0,50 M","UN    ",756.93]
[41627,"CAIXA DE CONCRETO ARMADO PRE-MOLDADO, COM FUNDO E TAMPA, DIMENSOES DE 0,30 X 0,30 X 0,30 M","UN    ",112.02]
[41628,"CAIXA DE CONCRETO ARMADO PRE-MOLDADO, COM FUNDO E TAMPA, DIMENSOES DE 0,40 X 0,40 X 0,40 M","UN    ",205.88]
[41629,"CAIXA DE CONCRETO ARMADO PRE-MOLDADO, COM FUNDO E TAMPA, DIMENSOES DE 0,60 X 0,60 X 0,50 M","UN    ",261.58999999999997]
[43429,"CAIXA DE CONCRETO ARMADO PRE-MOLDADO, SEM FUNDO, QUADRADA, DIMENSOES DE 0,30 X 0,30 X 0,30 M","UN    ",57.96]
[43430,"CAIXA DE CONCRETO ARMADO PRE-MOLDADO, SEM FUNDO, QUADRADA, DIMENSOES DE 0,40 X 0,40 X 0,40 M","UN    ",96.28]
[43431,"CAIXA DE CONCRETO ARMADO PRE-MOLDADO, SEM FUNDO, QUADRADA, DIMENSOES DE 0,60 X 0,60 X 0,50 M","UN    ",186.5]
[43432,"CAIXA DE CONCRETO ARMADO PRE-MOLDADO, SEM FUNDO, QUADRADA, DIMENSOES DE 0,80 X 0,80 X 0,50 M","UN    ",387.54]
[43433,"CAIXA DE CONCRETO ARMADO PRE-MOLDADO, SEM FUNDO, QUADRADA, DIMENSOES DE 1,00 X 1,00 X 0,50 M","UN    ",610.99]
[43094,"CAIXA DE DERIVACAO PARA MEDIDOR DE ENERGIA, COM BARRAMENTO MONOFASICO, EM POLICARBONATO / TERMOPLASTICO - MODULO (PADRAO CONCESSIONARIA LOCAL)","UN    ",154.30000000000001]
[43093,"CAIXA DE DERIVACAO PARA MEDIDOR DE ENERGIA, COM BARRAMENTO POLIFASICO, EM POLICARBONATO / TERMOPLASTICO - MODULO (PADRAO CONCESSIONARIA LOCAL)","UN    ",163.98]
[1030,"CAIXA DE DESCARGA DE PLASTICO EXTERNA, DE *9* L, PUXADOR FIO DE NYLON, NAO INCLUSO CANO, BOLSA, ENGATE","UN    ",40.6]
[11694,"CAIXA DE DESCARGA PLASTICA DE EMBUTIR COMPLETA, COM ESPELHO PLASTICO, CAPACIDADE 6 A 10 L, ACESSORIOS INCLUSOS","UN    ",897.47]
[11881,"CAIXA DE GORDURA CILINDRICA EM CONCRETO SIMPLES,  PRE-MOLDADA, COM DIAMETRO DE 40 CM E ALTURA DE 45 CM, COM TAMPA","UN    ",102.94]
[35277,"CAIXA DE GORDURA EM PVC, DIAMETRO MINIMO 300 MM, DIAMETRO DE SAIDA 100 MM, CAPACIDADE  APROXIMADA 18 LITROS, COM TAMPA","UN    ",477.88]
[10521,"CAIXA DE INCENDIO/ABRIGO PARA MANGUEIRA, DE EMBUTIR/INTERNA, COM 75 X 45 X 17 CM, EM CHAPA DE ACO, PORTA COM VENTILACAO, VISOR COM A INSCRICAO \"INCENDIO\", SUPORTE/CESTA INTERNA PARA A MANGUEIRA, PINTURA ELETROSTATICA VERMELHA","UN    ",169.43]
[10885,"CAIXA DE INCENDIO/ABRIGO PARA MANGUEIRA, DE EMBUTIR/INTERNA, COM 90 X 60 X 17 CM, EM CHAPA DE ACO, PORTA COM VENTILACAO, VISOR COM A INSCRICAO \"INCENDIO\", SUPORTE/CESTA INTERNA PARA A MANGUEIRA, PINTURA ELETROSTATICA VERMELHA","UN    ",214.31]
[20962,"CAIXA DE INCENDIO/ABRIGO PARA MANGUEIRA, DE SOBREPOR/EXTERNA, COM 75 X 45 X 17 CM, EM CHAPA DE ACO, PORTA COM VENTILACAO, VISOR COM A INSCRICAO \"INCENDIO\", SUPORTE/CESTA INTERNA PARA A MANGUEIRA, PINTURA ELETROSTATICA VERMELHA","UN    ",177.5]
[20963,"CAIXA DE INCENDIO/ABRIGO PARA MANGUEIRA, DE SOBREPOR/EXTERNA, COM 90 X 60 X 17 CM, EM CHAPA DE ACO, PORTA COM VENTILACAO, VISOR COM A INSCRICAO \"INCENDIO\", SUPORTE/CESTA INTERNA PARA A MANGUEIRA, PINTURA ELETROSTATICA VERMELHA","UN    ",216.83]
[2555,"CAIXA DE LUZ \"3 X 3\" EM ACO ESMALTADA","UN    ",1.73]
[2556,"CAIXA DE LUZ \"4 X 2\" EM ACO ESMALTADA","UN    ",1.79]
[2557,"CAIXA DE LUZ \"4 X 4\" EM ACO ESMALTADA","UN    ",3.8]
[10569,"CAIXA DE PASSAGEM / DERIVACAO / LUZ, OCTOGONAL 4 X4, EM ACO ESMALTADA, COM FUNDO MOVEL SIMPLES (FMS)","UN    ",3.8]
[39810,"CAIXA DE PASSAGEM ELETRICA DE PAREDE, DE EMBUTIR, EM PVC, COM TAMPA APARAFUSADA, DIMENSOES 120 X 120 X *75* MM","UN    ",20.82]
[39811,"CAIXA DE PASSAGEM ELETRICA DE PAREDE, DE EMBUTIR, EM PVC, COM TAMPA APARAFUSADA, DIMENSOES 150 X 150 X *75* MM","UN    ",25.47]
[39812,"CAIXA DE PASSAGEM ELETRICA DE PAREDE, DE EMBUTIR, EM PVC, COM TAMPA APARAFUSADA, DIMENSOES 200 X 200 X *90* MM","UN    ",41.88]
[43096,"CAIXA DE PASSAGEM ELETRICA DE PAREDE, DE EMBUTIR, EM TERMOPLASTICO / PVC, COM TAMPA APARAFUSADA, DIMENSOES 400 X 400 X *120* MM","UN    ",138.82]
[43102,"CAIXA DE PASSAGEM ELETRICA DE PAREDE, DE SOBREPOR, EM PVC, COM TAMPA APARAFUSADA, DIMENSOES 300 X 300 X *100* MM","UN    ",84.41]
[43103,"CAIXA DE PASSAGEM ELETRICA DE PAREDE, DE SOBREPOR, EM PVC, COM TAMPA APARAFUSADA, DIMENSOES, 400 X 400 X *120* MM","UN    ",124.3]
[43098,"CAIXA DE PASSAGEM ELETRICA DE PAREDE, DE SOBREPOR, EM TERMOPLASTICO / PVC, COM TAMPA APARAFUSA, DIMENSOES 200 X 200 X *100* MM","UN    ",47.02]
[43097,"CAIXA DE PASSAGEM ELETRICA DE PAREDE, DE SOBREPOR, EM TERMOPLASTICO / PVC, COM TAMPA APARAFUSADA, DIMENSOES, 150 X 150 X *100* MM","UN    ",27.86]
[43104,"CAIXA DE PASSAGEM ELETRICA, PARA PISO, EM PVC, DIMENSOES DE 3/4\" A 4\"","UN    ",329.55]
[39771,"CAIXA DE PASSAGEM METALICA DE SOBREPOR COM TAMPA PARAFUSADA, DIMENSOES 20 X 20 X 10 CM","UN    ",36.479999999999997]
[39772,"CAIXA DE PASSAGEM METALICA DE SOBREPOR COM TAMPA PARAFUSADA, DIMENSOES 30 X 30 X 10 CM","UN    ",71.7]
[39773,"CAIXA DE PASSAGEM METALICA DE SOBREPOR COM TAMPA PARAFUSADA, DIMENSOES 40 X 40 X 15 CM","UN    ",115.24]
[39774,"CAIXA DE PASSAGEM METALICA DE SOBREPOR COM TAMPA PARAFUSADA, DIMENSOES 50 X 50 X 15 CM","UN    ",172.37]
[39775,"CAIXA DE PASSAGEM METALICA DE SOBREPOR COM TAMPA PARAFUSADA, DIMENSOES 60 X 60 X 20 CM","UN    ",230.05]
[39776,"CAIXA DE PASSAGEM METALICA DE SOBREPOR COM TAMPA PARAFUSADA, DIMENSOES 70 X 70 X 20 CM","UN    ",278.01]
[39777,"CAIXA DE PASSAGEM METALICA DE SOBREPOR COM TAMPA PARAFUSADA, DIMENSOES 80 X 80 X 20 CM","UN    ",352.38]
[20254,"CAIXA DE PASSAGEM METALICA, DE SOBREPOR, COM TAMPA APARAFUSADA, DIMENSOES 15 X 15 X *10* CM","UN    ",25.58]
[20253,"CAIXA DE PASSAGEM METALICA, DE SOBREPOR, COM TAMPA APARAFUSADA, DIMENSOES 35 X 35 X *12* CM","UN    ",83.98]
[11247,"CAIXA DE PASSAGEM/ LUZ / TELEFONIA, DE EMBUTIR,  EM CHAPA DE ACO GALVANIZADO, DIMENSOES 150 X 150 X 15 CM (PADRAO CONCESSIONARIA LOCAL)","UN    ",1614.93]
[11250,"CAIXA DE PASSAGEM/ LUZ / TELEFONIA, DE EMBUTIR,  EM CHAPA DE ACO GALVANIZADO, DIMENSOES 20 X 20 X *12* CM (PADRAO CONCESSIONARIA LOCAL)","UN    ",69.53]
[11249,"CAIXA DE PASSAGEM/ LUZ / TELEFONIA, DE EMBUTIR,  EM CHAPA DE ACO GALVANIZADO, DIMENSOES 200 X 200 X 20 CM (PADRAO CONCESSIONARIA LOCAL)","UN    ",3154.53]
[11251,"CAIXA DE PASSAGEM/ LUZ / TELEFONIA, DE EMBUTIR,  EM CHAPA DE ACO GALVANIZADO, DIMENSOES 40 X 40 X *12* CM (PADRAO CONCESSIONARIA LOCAL)","UN    ",154]
[11253,"CAIXA DE PASSAGEM/ LUZ / TELEFONIA, DE EMBUTIR,  EM CHAPA DE ACO GALVANIZADO, DIMENSOES 60 X 60 X *12* CM (PADRAO CONCESSIONARIA LOCAL)","UN    ",255.19]
[11255,"CAIXA DE PASSAGEM/ LUZ / TELEFONIA, DE EMBUTIR,  EM CHAPA DE ACO GALVANIZADO, DIMENSOES 80 X 80 X *12* CM (PADRAO CONCESSIONARIA LOCAL)","UN    ",381.52]
[14055,"CAIXA DE PASSAGEM/ LUZ / TELEFONIA, DE EMBUTIR, EM CHAPA DE ACO GALVANIZADO, DIMENSOES 120 X 120 X *12* CM (PADRAO CONCESSIONARIA LOCAL)","UN    ",767.48]
[11256,"CAIXA DE PASSAGEM/ LUZ / TELEFONIA, DE SOBREPOR,  EM CHAPA DE ACO GALVANIZADO, DIMENSOES 80 X 80 X *12* CM (PADRAO CONCESSIONARIA LOCAL)","UN    ",477.89]
[1872,"CAIXA DE PASSAGEM, EM PVC, DE 4\" X 2\", PARA ELETRODUTO FLEXIVEL CORRUGADO","UN    ",2.2400000000000002]
[1873,"CAIXA DE PASSAGEM, EM PVC, DE 4\" X 4\", PARA ELETRODUTO FLEXIVEL CORRUGADO","UN    ",4.46]
[39693,"CAIXA DE PROTECAO EXTERNA PARA MEDIDOR HOROSAZONAL, DE BAIXA TENSAO, COM MODULO, EM CHAPA DE ACO (PADRAO DA CONCESSIONARIA LOCAL)","UN    ",3001.35]
[39692,"CAIXA DE PROTECAO PARA TRANSFORMADOR CORRENTE, EM CHAPA DE ACO 18 USG (PADRAO DA CONCESSIONARIA LOCAL)","UN    ",960.36]
[34643,"CAIXA INSPECAO EM POLIETILENO PARA ATERRAMENTO E PARA RAIOS DIAMETRO = 300 MM","UN    ",15.47]
[1062,"CAIXA INTERNA/EXTERNA DE MEDICAO PARA 1 MEDIDOR TRIFASICO, COM VISOR, EM CHAPA DE ACO 18 USG (PADRAO DA CONCESSIONARIA LOCAL)","UN    ",304.36]
[39686,"CAIXA INTERNA/EXTERNA DE MEDICAO PARA 4 MEDIDORES MONOFASICOS, COM VISOR, EM CHAPA DE ACO 18 USG (PADRAO DA CONCESSIONARIA LOCAL)","UN    ",492.82]
[43095,"CAIXA MODULAR PARA MEDIDOR DE ENERGIA AGRUPADA, EM POLICARBONATO /  TERMOPLASTICO, COM SUPORTE PARA DISJUNTOR (PADRAO DA CONCESSIONARIA LOCAL)","UN    ",91.48]
[1871,"CAIXA OCTOGONAL DE FUNDO MOVEL, EM PVC, DE 3\" X 3\", PARA ELETRODUTO FLEXIVEL CORRUGADO","UN    ",4.0199999999999996]
[12001,"CAIXA OCTOGONAL DE FUNDO MOVEL, EM PVC, DE 4\" X 4\", PARA ELETRODUTO FLEXIVEL CORRUGADO","UN    ",5.81]
[11882,"CAIXA PARA HIDROMETRO CONCRETO PRE MOLDADO, *0,24 M X 0,45 M X 0,30* M (L X C X A)","UN    ",73.87]
[1068,"CAIXA PARA MEDICAO COLETIVA TIPO L, PADRAO BIFASICO OU TRIFASICO, PARA ATE 4 MEDIDORES, SEM BARRAMENTO E COM PORTAS INFERIOR E SUPERIOR","UN    ",2007.55]
[39690,"CAIXA PARA MEDICAO COLETIVA TIPO M, PADRAO BIFASICO OU TRIFASICO, PARA ATE 8 MEDIDORES, SEM BARRAMENTO E COM PORTAS INFERIOR E SUPERIOR","UN    ",3368]
[39691,"CAIXA PARA MEDICAO COLETIVA TIPO N, PADRAO BIFASICO OU TRIFASICO, PARA ATE 12 MEDIDORES, SEM BARRAMENTO E COM PORTAS INFERIOR E SUPERIOR","UN    ",4236]
[39808,"CAIXA PARA MEDIDOR MONOFASICO, EM POLICARBONATO / TERMOPLASTICO, PARA ALOJAR 1 DISJUNTOR (PADRAO DA CONCESSIONARIA LOCAL)","UN    ",47.76]
[39809,"CAIXA PARA MEDIDOR POLIFASICO, EM POLICARBONATO / TERMOPLASTICO, PARA ALOJAR 1 DISJUNTOR (PADRAO DA CONCESSIONARIA LOCAL)","UN    ",113.28]
[43439,"CAIXA PRE-MOLDADA PARA BOCA DE LOBO, EM CONCRETO ARMADO, COM FCK DE 25 MPA, COM DIMENSOES 1,10 X 0,65 X 1,00 M (COMPRIMENTO X LARGURA X ALTURA)","UN    ",339.1]
[5103,"CAIXA SIFONADA PVC, 100 X 100 X 50 MM, COM GRELHA REDONDA BRANCA","UN    ",14.53]
[11712,"CAIXA SIFONADA PVC, 150 X 150 X 50 MM, COM GRELHA QUADRADA BRANCA (NBR 5688)","UN    ",33.85]
[11717,"CAIXA SIFONADA PVC, 150 X 150 X 50 MM, COM GRELHA REDONDA BRANCA","UN    ",36.78]
[11714,"CAIXA SIFONADA PVC, 150 X 185 X 75 MM, COM GRELHA QUADRADA BRANCA","UN    ",45.76]
[11880,"CAIXA SIFONADA PVC, 250 X 230 X 75 MM, COM TAMPA E PORTA TAMPA QUADRADA BRANCA","UN    ",94.65]
[1106,"CAL HIDRATADA CH-I PARA ARGAMASSAS","KG    ",0.65]
[11161,"CAL HIDRATADA PARA PINTURA","KG    ",1.08]
[1107,"CAL VIRGEM COMUM PARA ARGAMASSAS (NBR 6453)","KG    ",0.55000000000000004]
[25963,"CALCARIO DOLOMITICO A (POSTO PEDREIRA/FORNECEDOR, SEM FRETE)","KG    ",0.12]
[4759,"CALCETEIRO","H     ",12.5]
[41068,"CALCETEIRO  (MENSALISTA)","MES   ",2221.33]
[1108,"CALHA MOLDURA AMERICANA DE CHAPA DE ACO GALVANIZADA NUM 26, CORTE 33 CM","M     ",32.74]
[1117,"CALHA PARA AGUA FURTADA DE CHAPA DE ACO GALVANIZADA NUM 26, CORTE 40 CM","M     ",33]
[1118,"CALHA PARA AGUA FURTADA DE CHAPA DE ACO GALVANIZADA NUM 26, CORTE 50 CM","M     ",39]
[1110,"CALHA PLATIBANDA DE CHAPA DE ACO GALVANIZADA NUM 26, CORTE 45 CM","M     ",39]
[12618,"CALHA PLUVIAL DE PVC, DIAMETRO ENTRE 119 E 170 MM, COMPRIMENTO DE 3 M, PARA DRENAGEM PREDIAL","UN    ",44.27]
[40784,"CALHA QUADRADA DE CHAPA DE ACO GALVANIZADA NUM 24, CORTE 100 CM","M     ",107.56]
[40782,"CALHA QUADRADA DE CHAPA DE ACO GALVANIZADA NUM 24, CORTE 33 CM","M     ",42.21]
[40783,"CALHA QUADRADA DE CHAPA DE ACO GALVANIZADA NUM 24, CORTE 50 CM","M     ",54.98]
[1109,"CALHA QUADRADA DE CHAPA DE ACO GALVANIZADA NUM 26, CORTE 33 CM","M     ",32.74]
[1119,"CALHA QUADRADA DE CHAPA DE ACO GALVANIZADA NUM 28, CORTE 25 CM","M     ",21.1]
[13115,"CALHA/CANALETA DE CONCRETO SIMPLES, TIPO MEIA CANA, DIAMETRO DE 20 CM, PARA AGUA PLUVIAL","M     ",13.62]
[10541,"CALHA/CANALETA DE CONCRETO SIMPLES, TIPO MEIA CANA, DIAMETRO DE 30 CM, PARA AGUA PLUVIAL","M     ",16.64]
[10542,"CALHA/CANALETA DE CONCRETO SIMPLES, TIPO MEIA CANA, DIAMETRO DE 40 CM, PARA AGUA PLUVIAL","M     ",21.76]
[10543,"CALHA/CANALETA DE CONCRETO SIMPLES, TIPO MEIA CANA, DIAMETRO DE 50 CM, PARA AGUA PLUVIAL","M     ",35.31]
[10544,"CALHA/CANALETA DE CONCRETO SIMPLES, TIPO MEIA CANA, DIAMETRO DE 60 CM, PARA AGUA PLUVIAL","M     ",45.67]
[10545,"CALHA/CANALETA DE CONCRETO SIMPLES, TIPO MEIA CANA, DIAMETRO DE 80 CM, PARA AGUA PLUVIAL","M     ",85.36]
[38365,"CAMADA SEPARADORA DE FILME DE POLIETILENO 20 A 25 MICRA","M2    ",1.35]
[37745,"CAMINHAO TOCO, PESO BRUTO TOTAL 13000 KG, CARGA UTIL MAXIMA 7925 KG, DISTANCIA ENTRE EIXOS 4,80 M, POTENCIA 189 CV (INCLUI CABINE E CHASSI, NAO INCLUI CARROCERIA)","UN    ",291950]
[37754,"CAMINHAO TOCO, PESO BRUTO TOTAL 14300 KG, CARGA UTIL MAXIMA 9590 KG, DISTANCIA ENTRE EIXOS 4,76 M, POTENCIA 185 CV (INCLUI CABINE E CHASSI, NAO INCLUI CARROCERIA)","UN    ",304884.49]
[37748,"CAMINHAO TOCO, PESO BRUTO TOTAL 14300 KG, CARGA UTIL MAXIMA 9710 KG, DISTANCIA ENTRE EIXOS 3,56 M, POTENCIA 185 CV (INCLUI CABINE E CHASSI, NAO INCLUI CARROCERIA)","UN    ",310381.65000000002]
[37761,"CAMINHAO TOCO, PESO BRUTO TOTAL 16000 KG, CARGA UTIL MAXIMA DE 10685 KG, DISTANCIA ENTRE EIXOS 4,8M, POTENCIA 189 CV (INCLUI CABINE E CHASSI, NAO INCLUI CARROCERIA)","UN    ",256842.07]
[37757,"CAMINHAO TOCO, PESO BRUTO TOTAL 16000 KG, CARGA UTIL MAXIMA 10600 KG, DISTANCIA ENTRE EIXOS 4,80 M, POTENCIA 275 CV (INCLUI CABINE E CHASSI, NAO INCLUI CARROCERIA)","UN    ",357546.34]
[37759,"CAMINHAO TOCO, PESO BRUTO TOTAL 16000 KG, CARGA UTIL MAXIMA 10780 KG, DISTANCIA ENTRE EIXOS 3,56 M, POTENCIA 275 CV (INCLUI CABINE E CHASSI, NAO INCLUI CARROCERIA)","UN    ",358932.2]
[37766,"CAMINHAO TOCO, PESO BRUTO TOTAL 16000 KG, CARGA UTIL MAXIMA 11030 KG, DISTANCIA ENTRE EIXOS 3,56M, POTENCIA 186 CV (INCLUI CABINE E CHASSI, NAO INCLUI CARROCERIA)","UN    ",358932.17]
[37752,"CAMINHAO TOCO, PESO BRUTO TOTAL 16000 KG, CARGA UTIL MAXIMA 11130 KG, DISTANCIA ENTRE EIXOS 5,36 M, POTENCIA 185 CV (INCLUI CABINE E CHASSI, NAO INCLUI CARROCERIA)","UN    ",325487.28000000003]
[37760,"CAMINHAO TOCO, PESO BRUTO TOTAL 16000 KG, CARGA UTIL MAXIMA 13071 KG, DISTANCIA ENTRE EIXOS 4,80 M, POTENCIA 230 CV (INCLUI CABINE E CHASSI, NAO INCLUI CARROCERIA)","UN    ",342764.07]
[37765,"CAMINHAO TOCO, PESO BRUTO TOTAL 8250 KG, CARGA UTIL MAXIMA 5110 KG, DISTANCIA ENTRE EIXOS 4,30 M, POTENCIA 162 CV (INCLUI CABINE E CHASSI, NAO INCLUI CARROCERIA)","UN    ",239288.14]
[37746,"CAMINHAO TOCO, PESO BRUTO TOTAL 9000 KG, CARGA UTIL MAXIMA 5940 KG, DISTANCIA ENTRE EIXOS 3,69 M, POTENCIA 177 CV (INCLUI CABINE E CHASSI, NAO INCLUI CARROCERIA)","UN    ",262339.23]
[37750,"CAMINHAO TOCO, PESO BRUTO TOTAL 9600 KG, CARGA UTIL MAXIMA 6110 KG, DISTANCIA ENTRE EIXOS 3,70 M, POTENCIA 156 CV (INCLUI CABINE E CHASSI, NAO INCLUI CARROCERIA)","UN    ",261415.35]
[37753,"CAMINHAO TOCO, PESO BRUTO TOTAL 9600 KG, CARGA UTIL MAXIMA 6200 KG, DISTANCIA ENTRE EIXOS 3,10 M, POTENCIA 156 CV (INCLUI CABINE E CHASSI, NAO INCLUI CARROCERIA)","UN    ",260491.45]
[37756,"CAMINHAO TOCO, PESO BRUTO TOTAL 9700 KG, CARGA UTIL MAXIMA 6360 KG, DISTANCIA ENTRE EIXOS 4,30 M, POTENCIA 160 CV (INCLUI CABINE E CHASSI, NAO INCLUI CARROCERIA)","UN    ",256842.07]
[37755,"CAMINHAO TRUCADO, PESO BRUTO TOTAL 22000 KG, CARGA UTIL MAXIMA 15350 KG, DISTANCIA ENTRE EIXOS 5,17 M, POTENCIA 238 CV (INCLUI CABINE E CHASSI, NAO INCLUI CARROCERIA)","UN    ",373252.52]
[37758,"CAMINHAO TRUCADO, PESO BRUTO TOTAL 23000 KG, CARGA UTIL MAXIMA 15378 KG, DISTANCIA ENTRE EIXOS 4,80 M, POTENCIA 326 CV (INCLUI CABINE E CHASSI, NAO INCLUI CARROCERIA)","UN    ",421294.94]
[37747,"CAMINHAO TRUCADO, PESO BRUTO TOTAL 23000 KG, CARGA UTIL MAXIMA 15935 KG, DISTANCIA ENTRE EIXOS 4,80 M, POTENCIA 230 CV (INCLUI CABINE E CHASSI, NAO INCLUI CARROCERIA)","UN    ",379073.04]
[37767,"CAMINHAO TRUCADO, PESO BRUTO TOTAL 23000 KG, CARGA UTIL MAXIMA 15940 KG, DISTANCIA ENTRE EIXOS 3,60 M, POTENCIA 286 CV (INCLUI CABINE E CHASSI, NAO INCLUI CARROCERIA)","UN    ",400045.42]
[37751,"CAMINHAO TRUCADO, PESO BRUTO TOTAL 23000 KG, CARGA UTIL MAXIMA 16190 KG, DISTANCIA ENTRE EIXOS 3,60 M, POTENCIA 286 CV (INCLUI CABINE E CHASSI, NAO INCLUI CARROCERIA)","UN    ",400045.42]
[37749,"CAMINHAO TRUCADO, PESO BRUTO TOTAL 23000 KG, CARGA UTIL MAXIMA 16360 KG, CABINE ESTENDIDA, DISTANCIA ENTRE EIXOS 3,56 M, POTENCIA 275 CV (INCLUI CABINE E CHASSI, NAO INCLUI CARROCERIA)","UN    ",395425.95]
[1159,"CAMINHONETE COM MOTOR A DIESEL, POTENCIA *160* CV, CABINE DUPLA, 4X4","UN    ",189733.33]
[12114,"CAMPAINHA ALTA POTENCIA 110V / 220V, DIAMETRO 150 MM","UN    ",104.7]
[38106,"CAMPAINHA CIGARRA 127 V / 220 V (APENAS MODULO)","UN    ",14.23]
[38085,"CAMPAINHA CIGARRA 127 V / 220 V, CONJUNTO MONTADO PARA EMBUTIR 4\" X 2\" (PLACA + SUPORTE + MODULO)","UN    ",16.8]
[38599,"CANALETA DE CONCRETO ESTRUTURAL 14 X 19 X 29 CM, FBK 14 MPA (NBR 6136)","UN    ",3.56]
[38596,"CANALETA DE CONCRETO ESTRUTURAL 14 X 19 X 29 CM, FBK 4,5 MPA (NBR 6136)","UN    ",2.95]
[38600,"CANALETA DE CONCRETO ESTRUTURAL 14 X 19 X 39 CM, FBK 14 MPA (NBR 6136)","UN    ",3.77]
[38597,"CANALETA DE CONCRETO ESTRUTURAL 14 X 19 X 39 CM, FBK 4,5 MPA (NBR 6136)","UN    ",2.97]
[659,"CANALETA DE CONCRETO 14 X 19 X 19 CM (CLASSE C - NBR 6136)","UN    ",1.71]
[660,"CANALETA DE CONCRETO 19 X 19 X 19 CM (CLASSE C - NBR 6136)","UN    ",2.0499999999999998]
[658,"CANALETA DE CONCRETO 9 X 19 X 19 CM (CLASSE C - NBR 6136)","UN    ",1.1499999999999999]
[38548,"CANALETA ESTRUTURAL CERAMICA, 14 X 19 X 19 CM, 6,0 MPA (NBR 15270)","UN    ",1.6]
[34649,"CANALETA ESTRUTURAL CERAMICA, 14 X 19 X 29 CM, 6,0 MPA (NBR 15270)","UN    ",2.16]
[34655,"CANALETA ESTRUTURAL CERAMICA, 14 X 19 X 39 CM, 6,0 MPA (NBR 15270)","UN    ",2.86]
[40607,"CANOPLA ACABAMENTO CROMADO PARA INSTALACAO DE SPRINKLER, SOB FORRO, 15 MM","UN    ",7.08]
[569,"CANTONEIRA (ABAS IGUAIS) EM FERRO GALVANIZADO, 25,4 MM X 3,17 MM (L X E), 0,86 KG/M","KG    ",7.97]
[567,"CANTONEIRA (ABAS IGUAIS) EM FERRO GALVANIZADO, 25,4 MM X 3,17 MM (L X E), 1,27KG/M","M     ",11.64]
[574,"CANTONEIRA (ABAS IGUAIS) EM FERRO GALVANIZADO, 38,1 MM X 3,17 MM (L X E), 3,48 KG/M","M     ",30.6]
[568,"CANTONEIRA (ABAS IGUAIS) EM FERRO GALVANIZADO, 50,8 MM X 9,53 MM (L X E), 6,99 KG/M","M     ",64.489999999999995]
[585,"CANTONEIRA \"U\" ALUMINIO ABAS IGUAIS 1 \", E = 3/32 \"","KG    ",45.71]
[4777,"CANTONEIRA ACO ABAS IGUAIS (QUALQUER BITOLA), ESPESSURA ENTRE 1/8\" E 1/4\"","KG    ",7.74]
[587,"CANTONEIRA ALUMINIO ABAS DESIGUAIS 1\" X 3/4 \", E = 1/8 \"","KG    ",48.98]
[590,"CANTONEIRA ALUMINIO ABAS DESIGUAIS 2 1/2\" X 1/2 \", E = 3/16 \"","KG    ",47.34]
[592,"CANTONEIRA ALUMINIO ABAS IGUAIS 1 \", E = 1/8 \", 25,40 X 3,17 MM (0,408 KG/M)","KG    ",48.98]
[586,"CANTONEIRA ALUMINIO ABAS IGUAIS 1 \", E = 3 /16 \"","M     ",28.8]
[591,"CANTONEIRA ALUMINIO ABAS IGUAIS 1 1/2 \", E = 3/16 \"","KG    ",45.71]
[588,"CANTONEIRA ALUMINIO ABAS IGUAIS 1 1/4 \", E = 3/16 \"","M     ",45.55]
[589,"CANTONEIRA ALUMINIO ABAS IGUAIS 2 \", E = 1/4 \"","M     ",76.989999999999995]
[584,"CANTONEIRA ALUMINIO ABAS IGUAIS 2 \", E = 1/8 \"","M     ",48.65]
[1165,"CAP OU TAMPAO DE FERRO GALVANIZADO, COM ROSCA BSP, DE 1 1/2\"","UN    ",14.17]
[1164,"CAP OU TAMPAO DE FERRO GALVANIZADO, COM ROSCA BSP, DE 1 1/4\"","UN    ",11.47]
[1162,"CAP OU TAMPAO DE FERRO GALVANIZADO, COM ROSCA BSP, DE 1/2\"","UN    ",3.99]
[12395,"CAP OU TAMPAO DE FERRO GALVANIZADO, COM ROSCA BSP, DE 1/4\"","UN    ",3.87]
[1170,"CAP OU TAMPAO DE FERRO GALVANIZADO, COM ROSCA BSP, DE 1\"","UN    ",7.52]
[1169,"CAP OU TAMPAO DE FERRO GALVANIZADO, COM ROSCA BSP, DE 2 1/2\"","UN    ",36.92]
[1166,"CAP OU TAMPAO DE FERRO GALVANIZADO, COM ROSCA BSP, DE 2\"","UN    ",20.47]
[1163,"CAP OU TAMPAO DE FERRO GALVANIZADO, COM ROSCA BSP, DE 3/4\"","UN    ",5.16]
[12396,"CAP OU TAMPAO DE FERRO GALVANIZADO, COM ROSCA BSP, DE 3/8\"","UN    ",3.87]
[1168,"CAP OU TAMPAO DE FERRO GALVANIZADO, COM ROSCA BSP, DE 3\"","UN    ",52.63]
[1167,"CAP OU TAMPAO DE FERRO GALVANIZADO, COM ROSCA BSP, DE 4\"","UN    ",88.03]
[36331,"CAP PPR DN 20 MM, PARA AGUA QUENTE PREDIAL","UN    ",0.99]
[36346,"CAP PPR DN 25 MM, PARA AGUA QUENTE PREDIAL","UN    ",1.71]
[1210,"CAP PVC, ROSCAVEL, 1 1/2\",  AGUA FRIA PREDIAL","UN    ",13.47]
[1203,"CAP PVC, ROSCAVEL, 1 1/4\",  AGUA FRIA PREDIAL","UN    ",13.05]
[1197,"CAP PVC, ROSCAVEL, 1/2\", PARA AGUA FRIA PREDIAL","UN    ",1.67]
[1202,"CAP PVC, ROSCAVEL, 1\",  PARA AGUA FRIA PREDIAL","UN    ",4.49]
[1188,"CAP PVC, ROSCAVEL, 2 1/2\",  AGUA FRIA PREDIAL","UN    ",26.54]
[1211,"CAP PVC, ROSCAVEL, 2\",  AGUA FRIA PREDIAL","UN    ",13.7]
[1198,"CAP PVC, ROSCAVEL, 3/4\",  PARA AGUA FRIA PREDIAL","UN    ",2.4700000000000002]
[1199,"CAP PVC, ROSCAVEL, 3\",  AGUA FRIA PREDIAL","UN    ",34.67]
[20088,"CAP PVC, SERIE R, DN 100 MM, PARA ESGOTO OU AGUAS PLUVIAIS PREDIAIS","UN    ",17.13]
[20089,"CAP PVC, SERIE R, DN 150 MM, PARA ESGOTO OU AGUAS PLUVIAIS PREDIAIS","UN    ",81.66]
[20087,"CAP PVC, SERIE R, DN 75 MM, PARA ESGOTO OU AGUAS PLUVIAIS PREDIAIS","UN    ",12.34]
[1200,"CAP PVC, SOLDAVEL, DN 100 MM, SERIE NORMAL, PARA ESGOTO PREDIAL","UN    ",10.02]
[12909,"CAP PVC, SOLDAVEL, DN 50 MM, SERIE NORMAL, PARA ESGOTO PREDIAL","UN    ",4.54]
[12910,"CAP PVC, SOLDAVEL, DN 75 MM, SERIE NORMAL, PARA ESGOTO PREDIAL","UN    ",7.58]
[1184,"CAP PVC, SOLDAVEL, 110 MM, PARA AGUA FRIA PREDIAL","UN    ",85.23]
[1191,"CAP PVC, SOLDAVEL, 20 MM, PARA AGUA FRIA PREDIAL","UN    ",1.21]
[1185,"CAP PVC, SOLDAVEL, 25 MM, PARA AGUA FRIA PREDIAL","UN    ",1.38]
[1189,"CAP PVC, SOLDAVEL, 32 MM, PARA AGUA FRIA PREDIAL","UN    ",2.4]
[1193,"CAP PVC, SOLDAVEL, 40 MM, PARA AGUA FRIA PREDIAL","UN    ",4.62]
[1194,"CAP PVC, SOLDAVEL, 50 MM, PARA AGUA FRIA PREDIAL","UN    ",8.74]
[1195,"CAP PVC, SOLDAVEL, 60 MM, PARA AGUA FRIA PREDIAL","UN    ",13.14]
[1204,"CAP PVC, SOLDAVEL, 75 MM, PARA AGUA FRIA PREDIAL","UN    ",23.91]
[1205,"CAP PVC, SOLDAVEL, 85 MM, PARA AGUA FRIA PREDIAL","UN    ",56.71]
[1207,"CAP, PVC PBA, JE, DN 100 / DE 110 MM,  PARA REDE DE AGUA (NBR 10351)","UN    ",32.229999999999997]
[1206,"CAP, PVC PBA, JE, DN 50 / DE 60 MM,  PARA REDE DE AGUA (NBR 10351)","UN    ",8.08]
[1183,"CAP, PVC PBA, JE, DN 75 / DE 85 MM,  PARA REDE DE AGUA (NBR 10351)","UN    ",21.04]
[42685,"CAP, PVC, JE, OCRE, DN 150 MM (CONEXAO PARA TUBO COLETOR DE ESGOTO)","UN    ",66.88]
[42686,"CAP, PVC, JE, OCRE, DN 200 MM (CONEXAO PARA TUBO COLETOR DE ESGOTO)","UN    ",104.12]
[12894,"CAPA PARA CHUVA EM PVC COM FORRO DE POLIESTER, COM CAPUZ (AMARELA OU AZUL)","UN    ",14.04]
[12895,"CAPACETE DE SEGURANCA ABA FRONTAL COM SUSPENSAO DE POLIETILENO, SEM JUGULAR (CLASSE B)","UN    ",10.8]
[1631,"CAPACITOR TRIFASICO, POTENCIA 2,5 KVAR, TENSAO 220 V, FORNECIDO COM CAPA PROTETORA, RESISTOR INTERNO A UNIDADE CAPACITIVA","UN    ",313.58999999999997]
[1633,"CAPACITOR TRIFASICO, POTENCIA 5 KVAR, TENSAO 220 V, FORNECIDO COM CAPA PROTETORA, RESISTOR INTERNO A UNIDADE CAPACITIVA","UN    ",532.80999999999995]
[10818,"CAPIM BRAQUIARIA DECUMBENS/ BRAQUIARINHA, VC *70*% MINIMO","KG    ",25.46]
[39359,"CARENAGEM /TAMPA, EM PLASTICO, COR BRANCA, UTILIZADO EM KIT CHASSI METALICO PARA INSTALACAO HIDRAULICA DE CUBA SIMPLES SEM MAQUINA DE LAVAR ROUPA, LARGURA *355* MM X ALTURA *670* MM (COM FUROS E DEMAIS ENCAIXES)","UN    ",30.57]
[39360,"CARENAGEM /TAMPA, EM PLASTICO, COR BRANCA, UTILIZADO EM KIT CHASSI METALICO PARA INSTALACAO HIDRAULICA DE TANQUE COM MAQUINA DE LAVAR ROUPA, LARGURA *360* MM X ALTURA *470* MM (COM FUROS E DEMAIS ENCAIXES)","UN    ",27.79]
[10710,"CARPETE DE NYLON EM MANTA PARA TRAFEGO COMERCIAL PESADO, E = 6 A 7 MM (INSTALADO)","M2    ",126.5]
[10709,"CARPETE DE NYLON EM MANTA PARA TRAFEGO COMERCIAL PESADO, E = 9 A 10 MM (INSTALADO)","M2    ",155.41]
[39636,"CARPETE DE NYLON EM PLACAS 50 X 50 CM PARA TRAFEGO COMERCIAL PESADO, E = 6,5 MM (INSTALADO)","M2    ",158.69999999999999]
[10708,"CARPETE DE POLIESTER EM MANTA PARA TRAFEGO COMERCIAL PESADO, E = 4 A 5 MM (INSTALADO)","M2    ",48.97]
[39635,"CARPETE DE POLIPROPILENO EM MANTA PARA TRAFEGO COMERCIAL MEDIO, E = 5 A 6 MM (INSTALADO)","M2    ",83.37]
[6117,"CARPINTEIRO AUXILIAR","H     ",14.07]
[40913,"CARPINTEIRO AUXILIAR (MENSALISTA)","MES   ",2499.1]
[1214,"CARPINTEIRO DE ESQUADRIAS","H     ",15.7]
[40915,"CARPINTEIRO DE ESQUADRIAS (MENSALISTA)","MES   ",2789.69]
[1213,"CARPINTEIRO DE FORMAS","H     ",17.87]
[40914,"CARPINTEIRO DE FORMAS (MENSALISTA)","MES   ",3172.04]
[5091,"CARRANCA PARA JANELA VENEZIANA DE ABRIR, EM LATAO CROMADO, SIMPLES, PARA APARAFUSAR NA PAREDE","UN    ",17.57]
[14615,"CARRINHO COM 2 PNEUS PARA TRANSPORTAR TUBO CONCRETO, ALTURA ATE 1,0 M E DIAMETRO ATE 1000MM, COM ESTRUTURA EM PERFIL OU TUBO METALICO","UN    ",4074.89]
[2711,"CARRINHO DE MAO DE ACO CAPACIDADE 50 A 60 L, PNEU COM CAMARA","UN    ",172.45]
[37727,"CARROCERIA FIXA ABERTA DE MADEIRA PARA TRANSPORTE GERAL DE CARGA SECA DIMENSOES APROXIMADAS 2,25 X 4,10 X 0,50 M (INCLUI MONTAGEM, NAO INCLUI CAMINHAO)","UN    ",11525]
[37728,"CARROCERIA FIXA ABERTA DE MADEIRA PARA TRANSPORTE GERAL DE CARGA SECA DIMENSOES APROXIMADAS 2,5 X 5,5 X 0,50 M (INCLUI MONTAGEM, NAO INCLUI CAMINHAO)","UN    ",15635.31]
[37729,"CARROCERIA FIXA ABERTA DE MADEIRA PARA TRANSPORTE GERAL DE CARGA SECA DIMENSOES APROXIMADAS 2,5 X 6,00 X 0,50 M (INCLUI MONTAGEM, NAO INCLUI CAMINHAO)","UN    ",16924.82]
[37730,"CARROCERIA FIXA ABERTA DE MADEIRA PARA TRANSPORTE GERAL DE CARGA SECA DIMENSOES APROXIMADAS 2,5 X 6,5 X 0,50 M (INCLUI MONTAGEM, NAO INCLUI CAMINHAO)","UN    ",18214.330000000002]
[37731,"CARROCERIA FIXA ABERTA DE MADEIRA PARA TRANSPORTE GERAL DE CARGA SECA DIMENSOES APROXIMADAS 2,5 X 7,00 X 0,50 M (INCLUI MONTAGEM, NAO INCLUI CAMINHAO)","UN    ",19503.84]
[37732,"CARROCERIA FIXA ABERTA DE MADEIRA PARA TRANSPORTE GERAL DE CARGA SECA DIMENSOES APROXIMADAS 2,5 X 7,5 X 0,50 M (INCLUI MONTAGEM, NAO INCLUI CAMINHAO)","UN    ",22244.05]
[42250,"CARVAO ANTRACITO PARA FILTRO, GRAO VARIANDO DE 0,8 ATE 1,1 MM, COEFICIENTE DE UNIFORMIDADE MENOR QUE 1,7 MM","T     ",2169.52]
[42256,"CARVAO ANTRACITO PARA FILTRO, GRAO VARIANDO DE 0,8 ATE 1,1 MM, COEFICIENTE DE UNIFORMIDADE MENOR QUE 1,7 MM (DISTRIBUIDOR)","KG    ",6.1]
[4743,"CASCALHO DE CAVA","M3    ",47.07]
[4744,"CASCALHO DE RIO","M3    ",75.31]
[4745,"CASCALHO LAVADO","M3    ",90.32]
[36496,"CAVALETE PARA TALHA COM ESTRUTURA EM TUBO METALICO ALTURA MINIMA 3,2 M EQUIPADO COM RODAS DE BORRACHA PARA MOVIMENTACAO DE TUBOS DE CONCRETO NA CENTRAL DE PREMOLDADOS COM CAPACIDADE DE CARGA DE 3 TONELADAS","UN    ",10346.07]
[10630,"CAVALO MECANICO TRACAO 4X2, PESO BRUTO TOTAL COMBINADO 49000 KG, CAPACIDADE MAXIMA DE TRACAO *66000* KG, POTENCIA *360* CV (INCLUI CABINE E CHASSI, NAO INCLUI SEMIRREBOQUE)","UN    ",509218.77]
[37762,"CAVALO MECANICO TRACAO 4X2, PESO BRUTO TOTAL 16000 KG, CAPACIDADE MAXIMA DE TRACAO *36000* KG, DISTANCIA ENTRE EIXOS *3,56* M, POTENCIA *286* CV (INCLUI CABINE E CHASSI, NAO INCLUI SEMIRREBOQUE)","UN    ",436725.91]
[37763,"CAVALO MECANICO TRACAO 4X2, PESO BRUTO TOTAL 16000 KG, CAPACIDADE MAXIMA DE TRACAO *45000* KG, DISTANCIA ENTRE EIXOS *3,56* M, POTENCIA *330* CV (INCLUI CABINE E CHASSI, NAO INCLUI SEMIRREBOQUE)","UN    ",442030.2]
[41992,"CAVALO MECANICO TRACAO 4X2, PESO BRUTO TOTAL 16000 KG, CAPACIDADE MAXIMA DE TRACAO *80000* KG, POTENCIA *380* CV (INCLUI CABINE E CHASSI, NAO INCLUI SEMIRREBOQUE)","UN    ",502500]
[13215,"CAVALO MECANICO TRACAO 6X2, PESO BRUTO TOTAL COMBINADO 56000 KG, CAPACIDADE MAXIMA DE TRACAO *66000* KG, POTENCIA *360* CV (INCLUI CABINE E CHASSI, NAO INCLUI SEMIRREBOQUE)","UN    ",616190.12]
[4235,"CAVOUQUEIRO OU OPERADOR DE PERFURATRIZ / ROMPEDOR","H     ",14.86]
[40976,"CAVOUQUEIRO OU OPERADOR DE PERFURATRIZ / ROMPEDOR (MENSALISTA)","MES   ",2642.16]
[39013,"CENTRALIZADOR DE BARRA DE ACO (CHUMBADOR TIPO CARAMBOLA), PARA ACO ATE 20 MM","UN    ",1.22]
[43091,"CENTRO DE MEDICAO AGRUPADA, EM POLICARBONATO / PVC, COM 12 MEDIDORES E PROTECAO GERAL (INCLUI BARRAMENTO, DISJUNTORES E ACESSORIOS DE FIXACAO) (PADRAO CONCESSIONARIA LOCAL)","UN    ",3820.98]
[43092,"CENTRO DE MEDICAO AGRUPADA, EM POLICARBONATO / PVC, COM 16 MEDIDORES E PROTECAO GERAL (INCLUI BARRAMENTO, DISJUNTORES E ACESSORIOS DE FIXACAO) (PADRAO CONCESSIONARIA LOCAL)","UN    ",5094.6400000000003]
[43089,"CENTRO DE MEDICAO AGRUPADA, EM POLICARBONATO / PVC, COM 4 MEDIDORES E PROTECAO GERAL (INCLUI BARRAMENTO, DISJUNTORES E ACESSORIOS DE FIXACAO) (PADRAO CONCESSIONARIA LOCAL)","UN    ",887.88]
[43090,"CENTRO DE MEDICAO AGRUPADA, EM POLICARBONATO / PVC, COM 8 MEDIDORES E PROTECAO GERAL (INCLUI BARRAMENTO, DISJUNTORES E ACESSORIOS DE FIXACAO) (PADRAO CONCESSIONARIA LOCAL)","UN    ",1959.47]
[41967,"CERA  LIQUIDA","L     ",8.9600000000000009]
[12760,"CHAPA ACO INOX AISI 304 NUMERO 4 (E = 6 MM), ACABAMENTO NUMERO 1 (LAMINADO A QUENTE, FOSCO)","M2    ",1152.82]
[12759,"CHAPA ACO INOX AISI 304 NUMERO 9 (E = 4 MM), ACABAMENTO NUMERO 1 (LAMINADO A QUENTE, FOSCO)","M2    ",768.53]
[43105,"CHAPA DE ACO CARBONO GALVANIZADA, PERFURADA (GRADE FUROS) E = 1,5 MM, DIAMETRO DO FURO = 9,52 MM (FUROS ALTERNADOS HORIZ.)","KG    ",42.58]
[40424,"CHAPA DE ACO CARBONO LAMINADO A QUENTE, QUALIDADE ESTRUTURAL, BITOLA 3/16\", E =4,75 MM (37,29 KG/M2)","KG    ",10.81]
[1325,"CHAPA DE ACO FINA A FRIO BITOLA MSG 20, E = 0,90 MM (7,20 KG/M2)","KG    ",11.85]
[1327,"CHAPA DE ACO FINA A FRIO BITOLA MSG 24, E = 0,60 MM (4,80 KG/M2)","KG    ",12.62]
[1328,"CHAPA DE ACO FINA A FRIO BITOLA MSG 26, E = 0,45 MM (3,60 KG/M2)","KG    ",11.87]
[1321,"CHAPA DE ACO FINA A QUENTE BITOLA MSG 13, E = 2,25 MM (18,00 KG/M2)","KG    ",11]
[1318,"CHAPA DE ACO FINA A QUENTE BITOLA MSG 14, E = 2,00 MM (16,0 KG/M2)","KG    ",11.01]
[1322,"CHAPA DE ACO FINA A QUENTE BITOLA MSG 16, E = 1,50 MM (12,00 KG/M2)","KG    ",11.63]
[1323,"CHAPA DE ACO FINA A QUENTE BITOLA MSG 18, E = 1,20 MM (9,60 KG/M2)","KG    ",11.63]
[1319,"CHAPA DE ACO FINA A QUENTE BITOLA MSG 3/16 \", E = 4,75 MM (38,00 KG/M2)","KG    ",9.8000000000000007]
[11026,"CHAPA DE ACO GALVANIZADA BITOLA GSG 14, E = 1,95 MM (15,60 KG/M2)","KG    ",13.47]
[11027,"CHAPA DE ACO GALVANIZADA BITOLA GSG 16, E = 1,55 MM (12,40 KG/M2)","KG    ",14.03]
[11046,"CHAPA DE ACO GALVANIZADA BITOLA GSG 18, E = 1,25 MM (10,00 KG/M2)","KG    ",13.44]
[11047,"CHAPA DE ACO GALVANIZADA BITOLA GSG 19, E = 1,11 MM (8,88 KG/M2)","KG    ",14.65]
[43668,"CHAPA DE ACO GALVANIZADA BITOLA GSG 20, E = 0,95 MM (7,60 KG/M2)","KG    ",12.92]
[11049,"CHAPA DE ACO GALVANIZADA BITOLA GSG 22, E = 0,80 MM (6,40 KG/M2)","KG    ",14]
[43106,"CHAPA DE ACO GALVANIZADA BITOLA GSG 24, E = 0,64 (5,12 KG/M2)","KG    ",14.09]
[11051,"CHAPA DE ACO GALVANIZADA BITOLA GSG 26, E = 0,50 MM (4,00 KG/M2)","KG    ",14.7]
[11061,"CHAPA DE ACO GALVANIZADA BITOLA GSG 30, E = 0,35 MM (2,80 KG/M2)","KG    ",17.64]
[43667,"CHAPA DE ACO GROSSA, ASTM A36, E = 1 \" (25,40 MM) 199,18 KG/M2","KG    ",12.81]
[1333,"CHAPA DE ACO GROSSA, ASTM A36, E = 1/2 \" (12,70 MM) 99,59 KG/M2","KG    ",10.67]
[1330,"CHAPA DE ACO GROSSA, ASTM A36, E = 1/4 \" (6,35 MM) 49,79 KG/M2","KG    ",10.58]
[10957,"CHAPA DE ACO GROSSA, ASTM A36, E = 3/4 \" (19,05 MM) 149,39 KG/M2","KG    ",12.2]
[1332,"CHAPA DE ACO GROSSA, ASTM A36, E = 3/8 \" (9,53 MM) 74,69 KG/M2","KG    ",10.85]
[1334,"CHAPA DE ACO GROSSA, ASTM A36, E = 5/8 \" (15,88 MM) 124,49 KG/M2","KG    ",12.02]
[1335,"CHAPA DE ACO GROSSA, ASTM A36, E = 7/8 \" (22,23 MM) 174,28 KG/M2","KG    ",12.42]
[40425,"CHAPA DE ACO GROSSA, SAE 1020, BITOLA 1/4\", E = 6,35 MM (49,85 KG/M2)","KG    ",10.64]
[1337,"CHAPA DE ACO XADREZ PARA PISOS, E = 1/4 \" (6,30 MM) 54,53 KG/M2","KG    ",12.2]
[1338,"CHAPA DE LAMINADO MELAMINICO, LISO BRILHANTE, DE *1,25 X 3,08* M, E = 0,8 MM","M2    ",28.84]
[1340,"CHAPA DE LAMINADO MELAMINICO, LISO FOSCO, DE *1,25 X 3,08* M, E = 0,8 MM","M2    ",33.340000000000003]
[1341,"CHAPA DE LAMINADO MELAMINICO, TEXTURIZADO, DE *1,25 X 3,08* M, E = 0,8 MM","M2    ",32.11]
[11134,"CHAPA DE MADEIRA COMPENSADA NAVAL (COM COLA FENOLICA), E = 10 MM, DE *1,60 X 2,20* M","M2    ",40.86]
[11135,"CHAPA DE MADEIRA COMPENSADA NAVAL (COM COLA FENOLICA), E = 12 MM, DE *1,60 X 2,20* M","M2    ",49.81]
[11136,"CHAPA DE MADEIRA COMPENSADA NAVAL (COM COLA FENOLICA), E = 15 MM, DE *1,60 X 2,20* M","M2    ",53.88]
[34743,"CHAPA DE MADEIRA COMPENSADA NAVAL (COM COLA FENOLICA), E = 18 MM, DE *1,60 X 2,20* M","M2    ",68.59]
[11137,"CHAPA DE MADEIRA COMPENSADA NAVAL (COM COLA FENOLICA), E = 20 MM, DE *1,60 X 2,20* M","M2    ",76.48]
[34745,"CHAPA DE MADEIRA COMPENSADA NAVAL (COM COLA FENOLICA), E = 25 MM, DE *1,60 X 2,20* M","M2    ",87.16]
[34746,"CHAPA DE MADEIRA COMPENSADA NAVAL (COM COLA FENOLICA), E = 4 MM, DE *1,60 X 2,20* M","M2    ",22.45]
[1360,"CHAPA DE MADEIRA COMPENSADA NAVAL (COM COLA FENOLICA), E = 6 MM, DE *1,60 X 2,20* M","M2    ",27.73]
[1346,"CHAPA DE MADEIRA COMPENSADA PLASTIFICADA PARA FORMA DE CONCRETO, DE 2,20 x 1,10 M, E = 10 MM","M2    ",24.9]
[1345,"CHAPA DE MADEIRA COMPENSADA PLASTIFICADA PARA FORMA DE CONCRETO, DE 2,20 x 1,10 M, E = 18 MM","M2    ",40.340000000000003]
[1347,"CHAPA DE MADEIRA COMPENSADA PLASTIFICADA PARA FORMA DE CONCRETO, DE 2,20 X 1,10 M, E = 12 MM","M2    ",29.75]
[1355,"CHAPA DE MADEIRA COMPENSADA RESINADA PARA FORMA DE CONCRETO, DE *2,2 X 1,1* M, E = 14 MM","M2    ",29.23]
[1358,"CHAPA DE MADEIRA COMPENSADA RESINADA PARA FORMA DE CONCRETO, DE *2,2 X 1,1* M, E = 17 MM","M2    ",33.869999999999997]
[34659,"CHAPA DE MDF BRANCO LISO 1 FACE, E = 12 MM, DE *2,75 X 1,85* M","M2    ",38.31]
[34514,"CHAPA DE MDF BRANCO LISO 1 FACE, E = 15 MM, DE *2,75 X 1,85* M","M2    ",42.44]
[34660,"CHAPA DE MDF BRANCO LISO 1 FACE, E = 18 MM, DE *2,75 X 1,85* M","M2    ",53.86]
[34661,"CHAPA DE MDF BRANCO LISO 1 FACE, E = 25 MM, DE *2,75 X 1,85* M","M2    ",77.36]
[34667,"CHAPA DE MDF BRANCO LISO 1 FACE, E = 6 MM, DE *2,75 X 1,85* M","M2    ",28.01]
[34668,"CHAPA DE MDF BRANCO LISO 1 FACE, E = 9 MM, DE *2,75 X 1,85* M","M2    ",36.61]
[34741,"CHAPA DE MDF BRANCO LISO 2 FACES, E = 12 MM, DE *2,75 X 1,85* M","M2    ",40.28]
[34664,"CHAPA DE MDF BRANCO LISO 2 FACES, E = 15 MM, DE *2,75 X 1,85* M","M2    ",43.95]
[34665,"CHAPA DE MDF BRANCO LISO 2 FACES, E = 18 MM, DE *2,75 X 1,85* M","M2    ",54.56]
[34666,"CHAPA DE MDF BRANCO LISO 2 FACES, E = 25 MM, DE *2,75 X 1,85* M","M2    ",82.42]
[34669,"CHAPA DE MDF BRANCO LISO 2 FACES, E = 6 MM, DE *2,75 X 1,85* M","M2    ",30.22]
[34670,"CHAPA DE MDF BRANCO LISO 2 FACES, E = 9 MM, DE *2,75 X 1,85* M","M2    ",36.96]
[34671,"CHAPA DE MDF CRU, E = 12 MM, DE *2,75 X 1,85* M","M2    ",30.85]
[34672,"CHAPA DE MDF CRU, E = 15 MM, DE *2,75 X 1,85* M","M2    ",32.53]
[34673,"CHAPA DE MDF CRU, E = 18 MM, DE *2,75 X 1,85* M","M2    ",39.69]
[34674,"CHAPA DE MDF CRU, E = 20 MM, DE *2,75 X 1,85* M","M2    ",52.77]
[34675,"CHAPA DE MDF CRU, E = 25 MM, DE *2,75 X 1,85* M","M2    ",64.34]
[34676,"CHAPA DE MDF CRU, E = 6 MM, DE *2,75 X 1,85* M","M2    ",18.52]
[34677,"CHAPA DE MDF CRU, E = 9 MM, DE *2,75 X 1,85* M","M2    ",24.9]
[43126,"CHAPA EM ACO GALVANIZADO PARA STEEL DECK, COM NERVURAS TRAPEZOIDAIS, LARGURA UTIL DE 915 MM E ESPESSURA DE 0,80 MM","M2    ",106.18]
[43124,"CHAPA EM ACO GALVANIZADO PARA STEEL DECK, COM NERVURAS TRAPEZOIDAIS, LARGURA UTIL DE 915 MM E ESPESSURA DE 0,95 MM","M2    ",123.98]
[43125,"CHAPA EM ACO GALVANIZADO PARA STEEL DECK, COM NERVURAS TRAPEZOIDAIS, LARGURA UTIL DE 915 MM E ESPESSURA DE 1,25 MM","M2    ",160.79]
[40623,"CHAPA PARA EMENDA DE VIGA, EM ACO GROSSO, QUALIDADE ESTRUTURAL, BITOLA 3/16 \", E= 4,75 MM, 4 FUROS, LARGURA 45 MM, COMPRIMENTO 500 MM","PAR   ",118.75]
[43701,"CHAPA/BOBINA LISA EM ALUMINIO, LIGA 1.200 - H14, QUALQUER ESPESSURA, QUALQUER LARGURA","KG    ",44.27]
[12083,"CHAVE BLINDADA TRIPOLAR PARA MOTORES, DO TIPO FACA, COM PORTA FUSIVEL DO TIPO CARTUCHO, CORRENTE NOMINAL DE 100 A, TENSAO NOMINAL DE 250 V","UN    ",698.79]
[12081,"CHAVE BLINDADA TRIPOLAR PARA MOTORES, DO TIPO FACA, COM PORTA FUSIVEL DO TIPO CARTUCHO, CORRENTE NOMINAL DE 30 A, TENSAO NOMINAL DE 250 V","UN    ",236.31]
[12082,"CHAVE BLINDADA TRIPOLAR PARA MOTORES, DO TIPO FACA, COM PORTA FUSIVEL DO TIPO CARTUCHO, CORRENTE NOMINAL DE 60 A, TENSAO NOMINAL DE 250 V","UN    ",371.39]
[13354,"CHAVE DE PARTIDA DIRETA TRIFASICA, COM CAIXA TERMOPLASTICA, COM FUSIVEL DE 25 A, PARA MOTOR COM POTENCIA DE 7,5 CV E TENSAO DE 380 V","UN    ",554.67999999999995]
[14057,"CHAVE DE PARTIDA DIRETA TRIFASICA, COM CAIXA TERMOPLASTICA, COM FUSIVEL DE 35 A, PARA MOTOR COM POTENCIA DE 5 CV E TENSAO DE 220 V","UN    ",309.69]
[14058,"CHAVE DE PARTIDA DIRETA TRIFASICA, COM CAIXA TERMOPLASTICA, COM FUSIVEL DE 63 A, PARA MOTOR COM POTENCIA DE 10 CV E TENSAO DE 220 V","UN    ",488.52]
[20971,"CHAVE DUPLA PARA CONEXOES TIPO STORZ, ENGATE RAPIDO 1 1/2\" X 2 1/2\", EM LATAO, PARA INSTALACAO PREDIAL COMBATE A INCENDIO","UN    ",11.99]
[5047,"CHAVE FUSIVEL PARA REDES DE DISTRIBUICAO, TENSAO DE 15,0 KV, CORRENTE NOMINAL DO PORTA FUSIVEL DE 100 A, CAPACIDADE DE INTERRUPCAO SIMETRICA DE 7,10 KA, CAPACIDADE DE INTERRUPCAO ASSIMETRICA 10,00 KA","UN    ",332.83]
[13369,"CHAVE SECCIONADORA-FUSIVEL BLINDADA TRIPOLAR, ABERTURA COM CARGA, PARA FUSIVEL NH00, CORRENTE NOMINAL DE 160 A, TENSAO DE 500 V","UN    ",361.04]
[13370,"CHAVE SECCIONADORA-FUSIVEL BLINDADA TRIPOLAR, ABERTURA COM CARGA, PARA FUSIVEL NH01, CORRENTE NOMINAL DE 250 A, TENSAO DE 500 V","UN    ",500.48]
[13279,"CHUMBADOR DE ACO TIPO PARABOLT, * 5/8\" X 200* MM,  COM PORCA E ARRUELA","KG    ",21.52]
[11977,"CHUMBADOR DE ACO, DIAMETRO 1/2\", COMPRIMENTO 75 MM","UN    ",11.15]
[11975,"CHUMBADOR DE ACO, DIAMETRO 5/8\", COMPRIMENTO 6\", COM PORCA","UN    ",24.43]
[39746,"CHUMBADOR DE ACO, 1\" X 600 MM, PARA POSTES DE ACO COM BASE, INCLUSO PORCA E ARRUELA","UN    ",271.89999999999998]
[11976,"CHUMBADOR, DIAMETRO 1/4\" COM PARAFUSO 1/4\" X 40 MM","UN    ",1.25]
[1368,"CHUVEIRO COMUM EM PLASTICO BRANCO, COM CANO, 3 TEMPERATURAS, 5500 W (110/220 V)","UN    ",62.7]
[1367,"CHUVEIRO COMUM EM PLASTICO CROMADO, COM CANO, 4 TEMPERATURAS (110/220 V)","UN    ",202.81]
[7608,"CHUVEIRO PLASTICO BRANCO SIMPLES 5 '' PARA ACOPLAR EM HASTE 1/2 \", AGUA FRIA","UN    ",5.82]
[41900,"CIMENTO ASFALTICO DE PETROLEO A GRANEL (CAP) 30/45 (COLETADO CAIXA NA ANP ACRESCIDO DE ICMS)","KG    ",3.29]
[41899,"CIMENTO ASFALTICO DE PETROLEO A GRANEL (CAP) 50/70 (COLETADO CAIXA NA ANP ACRESCIDO DE ICMS)","T     ",3263.72]
[1380,"CIMENTO BRANCO","KG    ",1.79]
[1375,"CIMENTO IMPERMEABILIZANTE DE PEGA ULTRARRAPIDA PARA TAMPONAMENTOS","KG    ",8.57]
[1379,"CIMENTO PORTLAND COMPOSTO CP II-32","KG    ",0.56999999999999995]
[13284,"CIMENTO PORTLAND DE ALTO FORNO (AF) CP III-40","KG    ",0.56999999999999995]
[25974,"CIMENTO PORTLAND ESTRUTURAL BRANCO CPB-32","KG    ",2.15]
[34753,"CIMENTO PORTLAND POZOLANICO CP IV-32","KG    ",0.62]
[420,"CINTA CIRCULAR EM ACO GALVANIZADO DE 150 MM DE DIAMETRO PARA FIXACAO DE CAIXA MEDICAO, INCLUI PARAFUSOS E PORCAS","UN    ",23.69]
[12327,"CINTA CIRCULAR EM ACO GALVANIZADO DE 210 MM DE DIAMETRO PARA INSTALACAO DE TRANSFORMADOR EM POSTE DE CONCRETO","UN    ",28.22]
[36148,"CINTURAO DE SEGURANCA TIPO PARAQUEDISTA, FIVELA EM ACO, AJUSTE NO SUSPENSARIO, CINTURA E PERNAS","UN    ",51.84]
[12329,"COBRE ELETROLITICO EM BARRA OU CHAPA","KG    ",116.94]
[1339,"COLA A BASE DE RESINA SINTETICA PARA CHAPA DE LAMINADO MELAMINICO","KG    ",28.91]
[11849,"COLA BRANCA BASE PVA","L     ",17.09]
[37418,"COLAR DE TOMADA EM POLIPROPILENO, PP, COM PARAFUSOS, PARA PEAD, 63 X 1/2\" - LIGACAO PREDIAL DE AGUA","UN    ",16.71]
[37419,"COLAR DE TOMADA EM POLIPROPILENO, PP, COM PARAFUSOS, PARA PEAD, 63 X 3/4\" - LIGACAO PREDIAL DE AGUA","UN    ",17.16]
[1427,"COLAR TOMADA PVC, COM TRAVAS, SAIDA COM ROSCA, DE 110 MM X 1/2\" OU 110 MM X 3/4\", PARA LIGACAO PREDIAL DE AGUA","UN    ",18.95]
[1402,"COLAR TOMADA PVC, COM TRAVAS, SAIDA COM ROSCA, DE 32 MM X 1/2\" OU 32 MM X 3/4\", PARA LIGACAO PREDIAL DE AGUA","UN    ",6.56]
[1420,"COLAR TOMADA PVC, COM TRAVAS, SAIDA COM ROSCA, DE 40 MM X 1/2\" OU 40 MM X 3/4\", PARA LIGACAO PREDIAL DE AGUA","UN    ",8.43]
[1419,"COLAR TOMADA PVC, COM TRAVAS, SAIDA COM ROSCA, DE 50 MM X 1/2\" OU 50 MM X 3/4\", PARA LIGACAO PREDIAL DE AGUA","UN    ",10.19]
[1414,"COLAR TOMADA PVC, COM TRAVAS, SAIDA COM ROSCA, DE 60 MM X 1/2\" OU 60 MM X 3/4\", PARA LIGACAO PREDIAL DE AGUA","UN    ",9.9700000000000006]
[1413,"COLAR TOMADA PVC, COM TRAVAS, SAIDA COM ROSCA, DE 75 MM X 1/2\" OU 75 MM X 3/4\", PARA LIGACAO PREDIAL DE AGUA","UN    ",14.72]
[1412,"COLAR TOMADA PVC, COM TRAVAS, SAIDA COM ROSCA, DE 85 MM X 1/2\" OU 85 MM X 3/4\", PARA LIGACAO PREDIAL DE AGUA","UN    ",12.47]
[1411,"COLAR TOMADA PVC, COM TRAVAS, SAIDA ROSCAVEL COM BUCHA DE LATAO, DE 110 MM X 1/2\" OU 110 MM X 3/4\", PARA LIGACAO PREDIAL DE AGUA","UN    ",22.69]
[1406,"COLAR TOMADA PVC, COM TRAVAS, SAIDA ROSCAVEL COM BUCHA DE LATAO, DE 60 MM X 1/2\" OU 60 MM X 3/4\", PARA LIGACAO PREDIAL DE AGUA","UN    ",15.05]
[1407,"COLAR TOMADA PVC, COM TRAVAS, SAIDA ROSCAVEL COM BUCHA DE LATAO, DE 75 MM X 1/2\" OU 75 MM X 3/4\", PARA LIGACAO PREDIAL DE AGUA","UN    ",18.77]
[1404,"COLAR TOMADA PVC, COM TRAVAS, SAIDA ROSCAVEL COM BUCHA DE LATAO, DE 85 MM X 1/2\" OU 85 MM X 3/4\", PARA LIGACAO PREDIAL DE AGUA","UN    ",19.95]
[11281,"COMPACTADOR DE SOLO A PERCUSSAO (SOQUETE), COM MOTOR GASOLINA DE 4 TEMPOS, PESO ENTRE 55 E 65 KG, FORCA DE IMPACTO DE 1.000 A 1.500 KGF, FREQUENCIA DE 600 A 700 GOLPES POR MINUTO, VELOCIDADE DE TRABALHO ENTRE 10 E 15 M/MIN, POTENCIA ENTRE 2,00 E 3,00 HP","UN    ",10685]
[1442,"COMPACTADOR DE SOLO TIPO PLACA VIBRATORIA REVERSIVEL, A GASOLINA, 4 TEMPOS, PESO DE 125 A 150 KG, FORCA CENTRIFUGA DE 2500 A 2800 KGF, LARG. TRABALHO DE 400 A 450 MM, FREQ VIBRACAO DE 4300 A 4500 RPM, VELOC. TRABALHO DE 15 A 20 M/MIN, POT. DE 5,5 A 6,0 HP","UN    ",8969.9699999999993]
[13457,"COMPACTADOR DE SOLO TIPO PLACA VIBRATORIA REVERSIVEL, A GASOLINA, 4 TEMPOS, PESO DE 150 A 175 KG, FORCA CENTRIFUGA DE 2800 A 3100 KGF, LARG. TRABALHO DE 450 A 520 MM, FREQ VIBRACAO DE 4000 A 4300 RPM, VELOC. TRABALHO DE 15 A 20 M/MIN, POT. DE 6,0 A 7,0 HP","UN    ",7742.75]
[40699,"COMPACTADOR DE SOLO, TIPO PLACA VIBRATORIA NAO REVERSIVEL, COM MOTOR A GASOLINA DE 4 TEMPOS, PESO ENTRE 80 E 120 KG, FORCA CENTRIFUGA ENTRE 1300 E 2000 KGF, LARGURA DE TRABALHO ENTRE 400 E 500 MM, FREQUENCIA DE VIBRACAO ENTRE 4800 E 6000 RPM, VELOCIDADEDE TRABALHO ENTRE 20 E 30 M/MIN, POTENCIA ENTRE 5,0 E 6,0 HP","UN    ",5985.44]
[40701,"COMPACTADOR DE SOLO, TIPO PLACA VIBRATORIA REVERSIVEL, COM MOTOR A DIESEL, PESO ENTRE 700 E 820 KG, FORCA CENTRIFUGA ENTRE 6.200 E 10.000 KGF, LARGURA DE TRABALHO ENTRE 650 E 720 MM, FREQUENCIA DE VIBRACAO ENTRE 3.000 E 3.500 RPM, VELOCIDADE DE TRABALHOENTRE 25 E 30 M/MIN, POTENCIA ENTRE 13,0 E 15,0 HP","UN    ",105830.81]
[40700,"COMPACTADOR DE SOLO, TIPO PLACA VIBRATORIA REVERSIVEL, COM MOTOR A GASOLINA DE 4 TEMPOS, PESO ENTRE 160 E 265 KG, FORCA CENTRIFUGA ENTRE 2750 E 4000 KGF, LARGURA DE TRABALHO ENTRE 430 E 550 MM, FREQUENCIA DE VIBRACAO ENTRE 4000 E 5500 RPM, VELOCIDADE DETRABALHO ENTRE 20 E 25 M/MIN, POTENCIA ENTRE 7,5 E 9,0 HP","UN    ",13933.32]
[13458,"COMPACTADOR DE SOLOS DE PERCURSAO (SOQUETE) COM MOTOR A GASOLINA 4 TEMPOS DE 4 HP (4 CV)","UN    ",13240.1]
[36524,"COMPRESSOR DE AR ESTACIONARIO, VAZAO 620 PCM, PRESSAO EFETIVA DE TRABALHO 109 PSI, MOTOR ELETRICO, POTENCIA 127 CV","UN    ",108616.89]
[36526,"COMPRESSOR DE AR REBOCAVEL VAZAO 400 PCM, PRESSAO EFETIVA DE TRABALHO 102 PSI, MOTOR DIESEL, POTENCIA 110 CV","UN    ",87527.91]
[36523,"COMPRESSOR DE AR REBOCAVEL VAZAO 748 PCM, PRESSAO EFETIVA DE TRABALHO 102 PSI, MOTOR DIESEL, POTENCIA 210 CV","UN    ",187385.45]
[36527,"COMPRESSOR DE AR REBOCAVEL VAZAO 860 PCM, PRESSAO EFETIVA DE TRABALHO 102 PSI, MOTOR DIESEL, POTENCIA 250 CV","UN    ",203539.19]
[13803,"COMPRESSOR DE AR REBOCAVEL, VAZAO *89* PCM, PRESSAO EFETIVA DE TRABALHO *102* PSI, MOTOR DIESEL, POTENCIA *20* CV","UN    ",73598]
[38642,"COMPRESSOR DE AR REBOCAVEL, VAZAO 152 PCM, PRESSAO EFETIVA DE TRABALHO 102 PSI, MOTOR DIESEL, POTENCIA 31,5 KW","UN    ",47389.14]
[36522,"COMPRESSOR DE AR REBOCAVEL, VAZAO 189 PCM, PRESSAO EFETIVA DE TRABALHO 102 PSI, MOTOR DIESEL, POTENCIA 63 CV","UN    ",55113.01]
[36525,"COMPRESSOR DE AR REBOCAVEL, VAZAO 250 PCM, PRESSAO EFETIVA DE TRABALHO 102 PSI, MOTOR DIESEL, POTENCIA 81 CV","UN    ",73809.19]
[41991,"COMPRESSOR DE AR, VAZAO DE 10 PCM, RESERVATORIO 100 L, PRESSAO DE TRABALHO ENTRE 6,9 E 9,7 BAR,  POTENCIA 2 HP, TENSAO 110/220 V (COLETADO CAIXA)","UN    ",2727.35]
[34348,"CONCERTINA CLIPADA (DUPLA) EM ACO GALVANIZADO DE ALTA RESISTENCIA, COM ESPIRAL DE 300 MM, D = 2,76 MM","M     ",23.04]
[34347,"CONCERTINA SIMPLES EM ACO GALVANIZADO DE ALTA RESISTENCIA, COM ESPIRAL DE 300 MM, D = 2,76 MM","M     ",16.47]
[11146,"CONCRETO AUTOADENSAVEL (CAA) CLASSE DE RESISTENCIA C15, ESPALHAMENTO SF2, INCLUI SERVICO DE BOMBEAMENTO (NBR 15823)","M3    ",336.5]
[11147,"CONCRETO AUTOADENSAVEL (CAA) CLASSE DE RESISTENCIA C20, ESPALHAMENTO SF2, INCLUI SERVICO DE BOMBEAMENTO (NBR 15823)","M3    ",349.67]
[34872,"CONCRETO AUTOADENSAVEL (CAA) CLASSE DE RESISTENCIA C25, ESPALHAMENTO SF2, INCLUI SERVICO DE BOMBEAMENTO (NBR 15823)","M3    ",353.59]
[34491,"CONCRETO AUTOADENSAVEL (CAA) CLASSE DE RESISTENCIA C30, ESPALHAMENTO SF2, INCLUI SERVICO DE BOMBEAMENTO (NBR 15823)","M3    ",363.84]
[34770,"CONCRETO BETUMINOSO USINADO A QUENTE (CBUQ) PARA PAVIMENTACAO ASFALTICA, PADRAO DNIT, FAIXA C, COM CAP 30/45 - AQUISICAO POSTO USINA","T     ",378.13]
[1518,"CONCRETO BETUMINOSO USINADO A QUENTE (CBUQ) PARA PAVIMENTACAO ASFALTICA, PADRAO DNIT, FAIXA C, COM CAP 50/70 - AQUISICAO POSTO USINA","T     ",385.5]
[41965,"CONCRETO BETUMINOSO USINADO A QUENTE (CBUQ) PARA PAVIMENTACAO ASFALTICA, PADRAO DNIT, PARA BINDER, COM CAP 50/70 - AQUISICAO POSTO USINA","T     ",373.47]
[34492,"CONCRETO USINADO BOMBEAVEL, CLASSE DE RESISTENCIA C20, COM BRITA 0 E 1, SLUMP = 100 +/- 20 MM, EXCLUI SERVICO DE BOMBEAMENTO (NBR 8953)","M3    ",299.04000000000002]
[1524,"CONCRETO USINADO BOMBEAVEL, CLASSE DE RESISTENCIA C20, COM BRITA 0 E 1, SLUMP = 100 +/- 20 MM, INCLUI SERVICO DE BOMBEAMENTO (NBR 8953)","M3    ",322.85000000000002]
[38404,"CONCRETO USINADO BOMBEAVEL, CLASSE DE RESISTENCIA C20, COM BRITA 0 E 1, SLUMP = 130 +/- 20 MM, EXCLUI SERVICO DE BOMBEAMENTO (NBR 8953)","M3    ",309.75]
[39849,"CONCRETO USINADO BOMBEAVEL, CLASSE DE RESISTENCIA C20, COM BRITA 0 E 1, SLUMP = 190 +/- 20 MM, INCLUI SERVICO DE BOMBEAMENTO (NBR 8953)","M3    ",354.98]
[38464,"CONCRETO USINADO BOMBEAVEL, CLASSE DE RESISTENCIA C20, COM BRITA 0, SLUMP = 220 +/- 20 MM, INCLUI SERVICO DE BOMBEAMENTO (NBR 8953)","M3    ",360.13]
[34493,"CONCRETO USINADO BOMBEAVEL, CLASSE DE RESISTENCIA C25, COM BRITA 0 E 1, SLUMP = 100 +/- 20 MM, EXCLUI SERVICO DE BOMBEAMENTO (NBR 8953)","M3    ",307.47000000000003]
[1527,"CONCRETO USINADO BOMBEAVEL, CLASSE DE RESISTENCIA C25, COM BRITA 0 E 1, SLUMP = 100 +/- 20 MM, INCLUI SERVICO DE BOMBEAMENTO (NBR 8953)","M3    ",333.09]
[38405,"CONCRETO USINADO BOMBEAVEL, CLASSE DE RESISTENCIA C25, COM BRITA 0 E 1, SLUMP = 130 +/- 20 MM, EXCLUI SERVICO DE BOMBEAMENTO (NBR 8953)","M3    ",319.3]
[38408,"CONCRETO USINADO BOMBEAVEL, CLASSE DE RESISTENCIA C25, COM BRITA 0 E 1, SLUMP = 190 +/- 20 MM, EXCLUI SERVICO DE BOMBEAMENTO (NBR 8953)","M3    ",353.44]
[34494,"CONCRETO USINADO BOMBEAVEL, CLASSE DE RESISTENCIA C30, COM BRITA 0 E 1, SLUMP = 100 +/- 20 MM, EXCLUI SERVICO DE BOMBEAMENTO (NBR 8953)","M3    ",317.72000000000003]
[1525,"CONCRETO USINADO BOMBEAVEL, CLASSE DE RESISTENCIA C30, COM BRITA 0 E 1, SLUMP = 100 +/- 20 MM, INCLUI SERVICO DE BOMBEAMENTO (NBR 8953)","M3    ",343.34]
[38406,"CONCRETO USINADO BOMBEAVEL, CLASSE DE RESISTENCIA C30, COM BRITA 0 E 1, SLUMP = 130 +/- 20 MM, EXCLUI SERVICO DE BOMBEAMENTO (NBR 8953)","M3    ",337.16]
[38409,"CONCRETO USINADO BOMBEAVEL, CLASSE DE RESISTENCIA C30, COM BRITA 0 E 1, SLUMP = 190 +/- 20 MM, EXCLUI SERVICO DE BOMBEAMENTO (NBR 8953)","M3    ",355.85]
[43360,"CONCRETO USINADO BOMBEAVEL, CLASSE DE RESISTENCIA C30, COM BRITA 0 E 1, SLUMP = 220 +/- 30 MM, EXCLUI SERVICO DE BOMBEAMENTO (NBR 8953)","M3    ",371.05]
[34495,"CONCRETO USINADO BOMBEAVEL, CLASSE DE RESISTENCIA C35, COM BRITA 0 E 1, SLUMP = 100 +/- 20 MM, EXCLUI SERVICO DE BOMBEAMENTO (NBR 8953)","M3    ",327.97]
[11145,"CONCRETO USINADO BOMBEAVEL, CLASSE DE RESISTENCIA C35, COM BRITA 0 E 1, SLUMP = 100 +/- 20 MM, INCLUI SERVICO DE BOMBEAMENTO (NBR 8953)","M3    ",353.59]
[34496,"CONCRETO USINADO BOMBEAVEL, CLASSE DE RESISTENCIA C40, COM BRITA 0 E 1, SLUMP = 100 +/- 20 MM, EXCLUI SERVICO DE BOMBEAMENTO (NBR 8953)","M3    ",342.13]
[34479,"CONCRETO USINADO BOMBEAVEL, CLASSE DE RESISTENCIA C40, COM BRITA 0 E 1, SLUMP = 100 +/- 20 MM, INCLUI SERVICO DE BOMBEAMENTO (NBR 8953)","M3    ",363.84]
[34481,"CONCRETO USINADO BOMBEAVEL, CLASSE DE RESISTENCIA C45, COM BRITA 0 E 1, SLUMP = 100 +/- 20 MM, INCLUI SERVICO DE BOMBEAMENTO (NBR 8953)","M3    ",380.17]
[34483,"CONCRETO USINADO BOMBEAVEL, CLASSE DE RESISTENCIA C50, COM BRITA 0 E 1, SLUMP = 100 +/- 20 MM, INCLUI SERVICO DE BOMBEAMENTO (NBR 8953)","M3    ",406.19]
[34485,"CONCRETO USINADO BOMBEAVEL, CLASSE DE RESISTENCIA C60, COM BRITA 0 E 1, SLUMP = 100 +/- 20 MM, INCLUI SERVICO DE BOMBEAMENTO (NBR 8953)","M3    ",434.37]
[14041,"CONCRETO USINADO CONVENCIONAL (NAO BOMBEAVEL) CLASSE DE RESISTENCIA C10, COM BRITA 1 E 2, SLUMP = 80 MM +/- 10 MM (NBR 8953)","M3    ",282.36]
[1523,"CONCRETO USINADO CONVENCIONAL (NAO BOMBEAVEL) CLASSE DE RESISTENCIA C15, COM BRITA 1 E 2, SLUMP = 80 MM +/- 10 MM (NBR 8953)","M3    ",286.97000000000003]
[14052,"CONDULETE DE ALUMINIO TIPO B, PARA ELETRODUTO ROSCAVEL DE 1/2\", COM TAMPA CEGA","UN    ",8.34]
[14054,"CONDULETE DE ALUMINIO TIPO B, PARA ELETRODUTO ROSCAVEL DE 1\", COM TAMPA CEGA","UN    ",10.84]
[14053,"CONDULETE DE ALUMINIO TIPO B, PARA ELETRODUTO ROSCAVEL DE 3/4\", COM TAMPA CEGA","UN    ",8.4600000000000009]
[2558,"CONDULETE DE ALUMINIO TIPO C, PARA ELETRODUTO ROSCAVEL DE 1/2\", COM TAMPA CEGA","UN    ",6.37]
[2560,"CONDULETE DE ALUMINIO TIPO C, PARA ELETRODUTO ROSCAVEL DE 1\", COM TAMPA CEGA","UN    ",11.21]
[2559,"CONDULETE DE ALUMINIO TIPO C, PARA ELETRODUTO ROSCAVEL DE 3/4\", COM TAMPA CEGA","UN    ",8.9700000000000006]
[2592,"CONDULETE DE ALUMINIO TIPO C, PARA ELETRODUTO ROSCAVEL DE 4\", COM TAMPA CEGA","UN    ",148.69999999999999]
[2566,"CONDULETE DE ALUMINIO TIPO E, PARA ELETRODUTO ROSCAVEL DE 1  1/4\", COM TAMPA CEGA","UN    ",14.96]
[2589,"CONDULETE DE ALUMINIO TIPO E, PARA ELETRODUTO ROSCAVEL DE 1 1/2\", COM TAMPA CEGA","UN    ",19.89]
[2591,"CONDULETE DE ALUMINIO TIPO E, PARA ELETRODUTO ROSCAVEL DE 1/2\", COM TAMPA CEGA","UN    ",7.25]
[2590,"CONDULETE DE ALUMINIO TIPO E, PARA ELETRODUTO ROSCAVEL DE 1\", COM TAMPA CEGA","UN    ",12.2]
[2567,"CONDULETE DE ALUMINIO TIPO E, PARA ELETRODUTO ROSCAVEL DE 2\", COM TAMPA CEGA","UN    ",29.17]
[2565,"CONDULETE DE ALUMINIO TIPO E, PARA ELETRODUTO ROSCAVEL DE 3/4\", COM TAMPA CEGA","UN    ",7.26]
[2568,"CONDULETE DE ALUMINIO TIPO E, PARA ELETRODUTO ROSCAVEL DE 3\", COM TAMPA CEGA","UN    ",81.010000000000005]
[2594,"CONDULETE DE ALUMINIO TIPO E, PARA ELETRODUTO ROSCAVEL DE 4\", COM TAMPA CEGA","UN    ",134.97]
[2587,"CONDULETE DE ALUMINIO TIPO LR, PARA ELETRODUTO ROSCAVEL DE 1 1/2\", COM TAMPA CEGA","UN    ",23]
[2588,"CONDULETE DE ALUMINIO TIPO LR, PARA ELETRODUTO ROSCAVEL DE 1 1/4\", COM TAMPA CEGA","UN    ",18.27]
[2569,"CONDULETE DE ALUMINIO TIPO LR, PARA ELETRODUTO ROSCAVEL DE 1/2\", COM TAMPA CEGA","UN    ",7.04]
[2570,"CONDULETE DE ALUMINIO TIPO LR, PARA ELETRODUTO ROSCAVEL DE 1\", COM TAMPA CEGA","UN    ",11.8]
[2571,"CONDULETE DE ALUMINIO TIPO LR, PARA ELETRODUTO ROSCAVEL DE 2\", COM TAMPA CEGA","UN    ",35.03]
[2593,"CONDULETE DE ALUMINIO TIPO LR, PARA ELETRODUTO ROSCAVEL DE 3/4\", COM TAMPA CEGA","UN    ",7.5]
[2572,"CONDULETE DE ALUMINIO TIPO LR, PARA ELETRODUTO ROSCAVEL DE 3\", COM TAMPA CEGA","UN    ",103.6]
[2595,"CONDULETE DE ALUMINIO TIPO LR, PARA ELETRODUTO ROSCAVEL DE 4\", COM TAMPA CEGA","UN    ",161.63999999999999]
[2576,"CONDULETE DE ALUMINIO TIPO T, PARA ELETRODUTO ROSCAVEL DE 1 1/2\", COM TAMPA CEGA","UN    ",27.55]
[2575,"CONDULETE DE ALUMINIO TIPO T, PARA ELETRODUTO ROSCAVEL DE 1 1/4\", COM TAMPA CEGA","UN    ",20.71]
[2573,"CONDULETE DE ALUMINIO TIPO T, PARA ELETRODUTO ROSCAVEL DE 1/2\", COM TAMPA CEGA","UN    ",8.6]
[2586,"CONDULETE DE ALUMINIO TIPO T, PARA ELETRODUTO ROSCAVEL DE 1\", COM TAMPA CEGA","UN    ",13.94]
[2577,"CONDULETE DE ALUMINIO TIPO T, PARA ELETRODUTO ROSCAVEL DE 2\", COM TAMPA CEGA","UN    ",37.340000000000003]
[2574,"CONDULETE DE ALUMINIO TIPO T, PARA ELETRODUTO ROSCAVEL DE 3/4\", COM TAMPA CEGA","UN    ",8.66]
[2578,"CONDULETE DE ALUMINIO TIPO T, PARA ELETRODUTO ROSCAVEL DE 3\", COM TAMPA CEGA","UN    ",116.57]
[2585,"CONDULETE DE ALUMINIO TIPO T, PARA ELETRODUTO ROSCAVEL DE 4\", COM TAMPA CEGA","UN    ",159.97]
[12008,"CONDULETE DE ALUMINIO TIPO TB, PARA ELETRODUTO ROSCAVEL DE 3\", COM TAMPA CEGA","UN    ",85.83]
[2582,"CONDULETE DE ALUMINIO TIPO X, PARA ELETRODUTO ROSCAVEL DE 1 1/2\", COM TAMPA CEGA","UN    ",25.56]
[2597,"CONDULETE DE ALUMINIO TIPO X, PARA ELETRODUTO ROSCAVEL DE 1 1/4\", COM TAMPA CEGA","UN    ",21.9]
[2579,"CONDULETE DE ALUMINIO TIPO X, PARA ELETRODUTO ROSCAVEL DE 1/2\", COM TAMPA CEGA","UN    ",10.43]
[2581,"CONDULETE DE ALUMINIO TIPO X, PARA ELETRODUTO ROSCAVEL DE 1\", COM TAMPA CEGA","UN    ",13.34]
[2596,"CONDULETE DE ALUMINIO TIPO X, PARA ELETRODUTO ROSCAVEL DE 2\", COM TAMPA CEGA","UN    ",39.47]
[2580,"CONDULETE DE ALUMINIO TIPO X, PARA ELETRODUTO ROSCAVEL DE 3/4\", COM TAMPA CEGA","UN    ",11.43]
[2583,"CONDULETE DE ALUMINIO TIPO X, PARA ELETRODUTO ROSCAVEL DE 3\", COM TAMPA CEGA","UN    ",95.99]
[2584,"CONDULETE DE ALUMINIO TIPO X, PARA ELETRODUTO ROSCAVEL DE 4\", COM TAMPA CEGA","UN    ",159.80000000000001]
[12010,"CONDULETE EM PVC, TIPO \"B\", SEM TAMPA, DE 1/2\" OU 3/4\"","UN    ",9.44]
[39329,"CONDULETE EM PVC, TIPO \"B\", SEM TAMPA, DE 1\"","UN    ",9.8699999999999992]
[39330,"CONDULETE EM PVC, TIPO \"C\", SEM TAMPA, DE 1/2\"","UN    ",10.39]
[39332,"CONDULETE EM PVC, TIPO \"C\", SEM TAMPA, DE 1\"","UN    ",11.61]
[39331,"CONDULETE EM PVC, TIPO \"C\", SEM TAMPA, DE 3/4\"","UN    ",9.24]
[39333,"CONDULETE EM PVC, TIPO \"E\", SEM TAMPA, DE 1/2\"","UN    ",9.01]
[39335,"CONDULETE EM PVC, TIPO \"E\", SEM TAMPA, DE 1\"","UN    ",10.42]
[39334,"CONDULETE EM PVC, TIPO \"E\", SEM TAMPA, DE 3/4\"","UN    ",8.2899999999999991]
[12016,"CONDULETE EM PVC, TIPO \"LB\", SEM TAMPA, DE 1/2\" OU 3/4\"","UN    ",10.4]
[12015,"CONDULETE EM PVC, TIPO \"LB\", SEM TAMPA, DE 1\"","UN    ",12.11]
[12020,"CONDULETE EM PVC, TIPO \"LL\", SEM TAMPA, DE 1/2\" OU 3/4\"","UN    ",10.4]
[12019,"CONDULETE EM PVC, TIPO \"LL\", SEM TAMPA, DE 1\"","UN    ",12.11]
[39336,"CONDULETE EM PVC, TIPO \"LR\", SEM TAMPA, DE 1/2\"","UN    ",10.39]
[39338,"CONDULETE EM PVC, TIPO \"LR\", SEM TAMPA, DE 1\"","UN    ",11.61]
[39337,"CONDULETE EM PVC, TIPO \"LR\", SEM TAMPA, DE 3/4\"","UN    ",9.24]
[39341,"CONDULETE EM PVC, TIPO \"T\", SEM TAMPA, DE 1\"","UN    ",15.13]
[39340,"CONDULETE EM PVC, TIPO \"T\", SEM TAMPA, DE 3/4\"","UN    ",11.11]
[12025,"CONDULETE EM PVC, TIPO \"TB\", SEM TAMPA, DE 1/2\" OU 3/4\"","UN    ",11.47]
[39342,"CONDULETE EM PVC, TIPO \"TB\", SEM TAMPA, DE 1\"","UN    ",15.13]
[39343,"CONDULETE EM PVC, TIPO \"X\", SEM TAMPA, DE 1/2\"","UN    ",12.78]
[39345,"CONDULETE EM PVC, TIPO \"X\", SEM TAMPA, DE 1\"","UN    ",17.29]
[39344,"CONDULETE EM PVC, TIPO \"X\", SEM TAMPA, DE 3/4\"","UN    ",12.35]
[12623,"CONDUTOR PLUVIAL, PVC, CIRCULAR, DIAMETRO ENTRE 80 E 100 MM, PARA DRENAGEM PREDIAL","M     ",11.53]
[34498,"CONE DE SINALIZACAO EM PVC FLEXIVEL, H = 70 / 76 CM (NBR 15071)","UN    ",116.76]
[13244,"CONE DE SINALIZACAO EM PVC RIGIDO COM FAIXA REFLETIVA, H = 70 / 76 CM","UN    ",49.15]
[38998,"CONECTOR / ADAPTADOR FEMEA, COM INSERTO METALICO, PPR, DN 25 MM X 1/2\", PARA AGUA QUENTE E FRIA PREDIAL","UN    ",7.25]
[38999,"CONECTOR / ADAPTADOR FEMEA, COM INSERTO METALICO, PPR, DN 32 MM X 3/4\", PARA AGUA QUENTE E FRIA PREDIAL","UN    ",11.99]
[38996,"CONECTOR / ADAPTADOR MACHO, COM INSERTO METALICO, PPR, DN 25 MM X 1/2\", PARA AGUA QUENTE E FRIA PREDIAL","UN    ",10.47]
[38997,"CONECTOR / ADAPTADOR MACHO, COM INSERTO METALICO, PPR, DN 32 MM X 3/4\", PARA AGUA QUENTE E FRIA PREDIAL","UN    ",16.95]
[39862,"CONECTOR BRONZE/LATAO (REF 603) SEM ANEL DE SOLDA, BOLSA X ROSCA F, 15 MM X 1/2\"","UN    ",9.92]
[39863,"CONECTOR BRONZE/LATAO (REF 603) SEM ANEL DE SOLDA, BOLSA X ROSCA F, 22 MM X 1/2\"","UN    ",10.06]
[39864,"CONECTOR BRONZE/LATAO (REF 603) SEM ANEL DE SOLDA, BOLSA X ROSCA F, 22 MM X 3/4\"","UN    ",12.49]
[39865,"CONECTOR BRONZE/LATAO (REF 603) SEM ANEL DE SOLDA, BOLSA X ROSCA F, 28 MM X 1/2\"","UN    ",17.600000000000001]
[2517,"CONECTOR CURVO 90 GRAUS DE ALUMINIO, BITOLA 1 1/2\", PARA ADAPTAR ENTRADA DE ELETRODUTO METALICO FLEXIVEL EM QUADROS","UN    ",15.92]
[2522,"CONECTOR CURVO 90 GRAUS DE ALUMINIO, BITOLA 1 1/4\", PARA ADAPTAR ENTRADA DE ELETRODUTO METALICO FLEXIVEL EM QUADROS","UN    ",10.29]
[2548,"CONECTOR CURVO 90 GRAUS DE ALUMINIO, BITOLA 1/2\", PARA ADAPTAR ENTRADA DE ELETRODUTO METALICO FLEXIVEL EM QUADROS","UN    ",6.33]
[2516,"CONECTOR CURVO 90 GRAUS DE ALUMINIO, BITOLA 1\", PARA ADAPTAR ENTRADA DE ELETRODUTO METALICO FLEXIVEL EM QUADROS","UN    ",8.26]
[2518,"CONECTOR CURVO 90 GRAUS DE ALUMINIO, BITOLA 2 1/2\", PARA ADAPTAR ENTRADA DE ELETRODUTO METALICO FLEXIVEL EM QUADROS","UN    ",75.790000000000006]
[2521,"CONECTOR CURVO 90 GRAUS DE ALUMINIO, BITOLA 2\", PARA ADAPTAR ENTRADA DE ELETRODUTO METALICO FLEXIVEL EM QUADROS","UN    ",32.26]
[2515,"CONECTOR CURVO 90 GRAUS DE ALUMINIO, BITOLA 3/4\", PARA ADAPTAR ENTRADA DE ELETRODUTO METALICO FLEXIVEL EM QUADROS","UN    ",6.87]
[2519,"CONECTOR CURVO 90 GRAUS DE ALUMINIO, BITOLA 3\", PARA ADAPTAR ENTRADA DE ELETRODUTO METALICO FLEXIVEL EM QUADROS","UN    ",91.38]
[2520,"CONECTOR CURVO 90 GRAUS DE ALUMINIO, BITOLA 4\", PARA ADAPTAR ENTRADA DE ELETRODUTO METALICO FLEXIVEL EM QUADROS","UN    ",168.2]
[1602,"CONECTOR DE ALUMINIO TIPO PRENSA CABO, BITOLA 1 1/2\", PARA CABOS DE DIAMETRO DE 37 A 40 MM","UN    ",45.19]
[1601,"CONECTOR DE ALUMINIO TIPO PRENSA CABO, BITOLA 1 1/4\", PARA CABOS DE DIAMETRO DE 31 A 34 MM","UN    ",40.270000000000003]
[1598,"CONECTOR DE ALUMINIO TIPO PRENSA CABO, BITOLA 1/2\", PARA CABOS DE DIAMETRO DE 12,5 A 15 MM","UN    ",11.92]
[1600,"CONECTOR DE ALUMINIO TIPO PRENSA CABO, BITOLA 1\", PARA CABOS DE DIAMETRO DE 22,5 A 25 MM","UN    ",17.59]
[1603,"CONECTOR DE ALUMINIO TIPO PRENSA CABO, BITOLA 2\", PARA CABOS DE DIAMETRO DE 47,5 A 50 MM","UN    ",68.22]
[1599,"CONECTOR DE ALUMINIO TIPO PRENSA CABO, BITOLA 3/4\", PARA CABOS DE DIAMETRO DE 17,5 A 20 MM","UN    ",13.83]
[1597,"CONECTOR DE ALUMINIO TIPO PRENSA CABO, BITOLA 3/8\", PARA CABOS DE DIAMETRO DE 9 A 10 MM","UN    ",11.2]
[39600,"CONECTOR FEMEA RJ - 45, CATEGORIA 5 E","UN    ",10.68]
[39601,"CONECTOR FEMEA RJ - 45, CATEGORIA 6","UN    ",18.57]
[39602,"CONECTOR MACHO RJ - 45, CATEGORIA 5 E","UN    ",1.22]
[39603,"CONECTOR MACHO RJ - 45, CATEGORIA 6","UN    ",2.09]
[11821,"CONECTOR METALICO TIPO PARAFUSO FENDIDO (SPLIT BOLT), COM SEPARADOR DE CABOS BIMETALICOS, PARA CABOS ATE 25 MM2","UN    ",9.1999999999999993]
[1562,"CONECTOR METALICO TIPO PARAFUSO FENDIDO (SPLIT BOLT), COM SEPARADOR DE CABOS BIMETALICOS, PARA CABOS ATE 50 MM2","UN    ",15.07]
[1563,"CONECTOR METALICO TIPO PARAFUSO FENDIDO (SPLIT BOLT), COM SEPARADOR DE CABOS BIMETALICOS, PARA CABOS ATE 70 MM2","UN    ",20.23]
[11856,"CONECTOR METALICO TIPO PARAFUSO FENDIDO (SPLIT BOLT), PARA CABOS ATE 10 MM2","UN    ",6.03]
[11857,"CONECTOR METALICO TIPO PARAFUSO FENDIDO (SPLIT BOLT), PARA CABOS ATE 120 MM2","UN    ",31.73]
[11858,"CONECTOR METALICO TIPO PARAFUSO FENDIDO (SPLIT BOLT), PARA CABOS ATE 150 MM2","UN    ",39.39]
[1539,"CONECTOR METALICO TIPO PARAFUSO FENDIDO (SPLIT BOLT), PARA CABOS ATE 16 MM2","UN    ",7.08]
[11859,"CONECTOR METALICO TIPO PARAFUSO FENDIDO (SPLIT BOLT), PARA CABOS ATE 185 MM2","UN    ",53.59]
[1550,"CONECTOR METALICO TIPO PARAFUSO FENDIDO (SPLIT BOLT), PARA CABOS ATE 25 MM2","UN    ",7.47]
[11854,"CONECTOR METALICO TIPO PARAFUSO FENDIDO (SPLIT BOLT), PARA CABOS ATE 35 MM2","UN    ",9.34]
[11862,"CONECTOR METALICO TIPO PARAFUSO FENDIDO (SPLIT BOLT), PARA CABOS ATE 50 MM2","UN    ",13.1]
[11863,"CONECTOR METALICO TIPO PARAFUSO FENDIDO (SPLIT BOLT), PARA CABOS ATE 6 MM2","UN    ",5.29]
[11855,"CONECTOR METALICO TIPO PARAFUSO FENDIDO (SPLIT BOLT), PARA CABOS ATE 70 MM2","UN    ",19.559999999999999]
[11864,"CONECTOR METALICO TIPO PARAFUSO FENDIDO (SPLIT BOLT), PARA CABOS ATE 95 MM2","UN    ",29.57]
[2527,"CONECTOR RETO DE ALUMINIO PARA ELETRODUTO DE 1 1/2\", PARA ADAPTAR ENTRADA DE ELETRODUTO METALICO FLEXIVEL EM QUADROS","UN    ",5.7]
[2526,"CONECTOR RETO DE ALUMINIO PARA ELETRODUTO DE 1 1/4\", PARA ADAPTAR ENTRADA DE ELETRODUTO METALICO FLEXIVEL EM QUADROS","UN    ",3.65]
[2487,"CONECTOR RETO DE ALUMINIO PARA ELETRODUTO DE 1/2\", PARA ADAPTAR ENTRADA DE ELETRODUTO METALICO FLEXIVEL EM QUADROS","UN    ",1.24]
[2483,"CONECTOR RETO DE ALUMINIO PARA ELETRODUTO DE 1\", PARA ADAPTAR ENTRADA DE ELETRODUTO METALICO FLEXIVEL EM QUADROS","UN    ",2.6]
[2528,"CONECTOR RETO DE ALUMINIO PARA ELETRODUTO DE 2 1/2\", PARA ADAPTAR ENTRADA DE ELETRODUTO METALICO FLEXIVEL EM QUADROS","UN    ",14.34]
[2489,"CONECTOR RETO DE ALUMINIO PARA ELETRODUTO DE 2\", PARA ADAPTAR ENTRADA DE ELETRODUTO METALICO FLEXIVEL EM QUADROS","UN    ",6.31]
[2488,"CONECTOR RETO DE ALUMINIO PARA ELETRODUTO DE 3/4\", PARA ADAPTAR ENTRADA DE ELETRODUTO METALICO FLEXIVEL EM QUADROS","UN    ",1.46]
[2484,"CONECTOR RETO DE ALUMINIO PARA ELETRODUTO DE 3\", PARA ADAPTAR ENTRADA DE ELETRODUTO METALICO FLEXIVEL EM QUADROS","UN    ",20.83]
[2485,"CONECTOR RETO DE ALUMINIO PARA ELETRODUTO DE 4\", PARA ADAPTAR ENTRADA DE ELETRODUTO METALICO FLEXIVEL EM QUADROS","UN    ",32.64]
[38005,"CONECTOR, CPVC, SOLDAVEL, 15 MM X 1/2\", PARA AGUA QUENTE","UN    ",18.53]
[38006,"CONECTOR, CPVC, SOLDAVEL, 22 MM X 1/2\", PARA AGUA QUENTE","UN    ",22.74]
[38428,"CONECTOR, CPVC, SOLDAVEL, 22 MM X 3/4\", PARA AGUA QUENTE","UN    ",21.3]
[38007,"CONECTOR, CPVC, SOLDAVEL, 28 MM X 1\", PARA AGUA QUENTE","UN    ",34.799999999999997]
[38008,"CONECTOR, CPVC, SOLDAVEL, 35 MM X 1 1/4\", PARA AGUA QUENTE","UN    ",140.16999999999999]
[38009,"CONECTOR, CPVC, SOLDAVEL, 42 MM X 1 1/2\", PARA AGUA QUENTE","UN    ",171.31]
[39279,"CONEXAO FIXA, ROSCA FEMEA, EM PLASTICO, DN 16 MM X 1/2\", PARA CONEXAO COM CRIMPAGEM EM TUBO PEX","UN    ",13.59]
[38845,"CONEXAO FIXA, ROSCA FEMEA, EM PLASTICO, DN 16 MM X 3/4\", PARA CONEXAO COM CRIMPAGEM EM TUBO PEX","UN    ",19.66]
[39280,"CONEXAO FIXA, ROSCA FEMEA, EM PLASTICO, DN 20 MM X 1/2\", PARA CONEXAO COM CRIMPAGEM EM TUBO PEX","UN    ",17.62]
[39281,"CONEXAO FIXA, ROSCA FEMEA, EM PLASTICO, DN 20 MM X 3/4\", PARA CONEXAO COM CRIMPAGEM EM TUBO PEX","UN    ",23.2]
[38849,"CONEXAO FIXA, ROSCA FEMEA, EM PLASTICO, DN 25 MM X 1/2\", PARA CONEXAO COM CRIMPAGEM EM TUBO PEX","UN    ",19.87]
[39282,"CONEXAO FIXA, ROSCA FEMEA, EM PLASTICO, DN 25 MM X 3/4\", PARA CONEXAO COM CRIMPAGEM EM TUBO PEX","UN    ",23.75]
[38852,"CONEXAO FIXA, ROSCA FEMEA, EM PLASTICO, DN 32 MM X 3/4\", PARA CONEXAO COM CRIMPAGEM EM TUBO PEX","UN    ",32.31]
[38844,"CONEXAO FIXA, ROSCA FEMEA, METALICA, COM ANEL DESLIZANTE, DN 16 MM X 1/2\", PARA TUBO PEX","UN    ",9.93]
[38846,"CONEXAO FIXA, ROSCA FEMEA, METALICA, COM ANEL DESLIZANTE, DN 20 MM X 1/2\", PARA TUBO PEX","UN    ",10.86]
[38847,"CONEXAO FIXA, ROSCA FEMEA, METALICA, COM ANEL DESLIZANTE, DN 20 MM X 3/4\", PARA TUBO PEX","UN    ",13.36]
[38850,"CONEXAO FIXA, ROSCA FEMEA, METALICA, COM ANEL DESLIZANTE, DN 25 MM X 1\", PARA TUBO PEX","UN    ",18.57]
[38848,"CONEXAO FIXA, ROSCA FEMEA, METALICA, COM ANEL DESLIZANTE, DN 25 MM X 3/4\", PARA TUBO PEX","UN    ",15.53]
[38851,"CONEXAO FIXA, ROSCA FEMEA, METALICA, COM ANEL DESLIZANTE, DN 32 MM X 1\", PARA TUBO PEX","UN    ",28.24]
[38860,"CONEXAO FIXA, ROSCA MACHO, METALICA, PARA TUBO PEX, DN 16 MM X 1/2\"","UN    ",7.98]
[38861,"CONEXAO FIXA, ROSCA MACHO, METALICA, PARA TUBO PEX, DN 16 MM X 3/4\"","UN    ",10.74]
[38862,"CONEXAO FIXA, ROSCA MACHO, METALICA, PARA TUBO PEX, DN 20 MM X 1/2\"","UN    ",9.0500000000000007]
[38863,"CONEXAO FIXA, ROSCA MACHO, METALICA, PARA TUBO PEX, DN 20 MM X 3/4\"","UN    ",10.4]
[38865,"CONEXAO FIXA, ROSCA MACHO, METALICA, PARA TUBO PEX, DN 25 MM X 1/2\"","UN    ",14.12]
[38864,"CONEXAO FIXA, ROSCA MACHO, METALICA, PARA TUBO PEX, DN 25 MM X 1\"","UN    ",21.59]
[38866,"CONEXAO FIXA, ROSCA MACHO, METALICA, PARA TUBO PEX, DN 25 MM X 3/4\"","UN    ",15.2]
[38868,"CONEXAO FIXA, ROSCA MACHO, METALICA, PARA TUBO PEX, DN 32 MM X 1\"","UN    ",25.34]
[38853,"CONEXAO MOVEL, ROSCA FEMEA, METALICA, COM ANEL DESLIZANTE, PARA TUBO PEX, DN 16 MM X 1/2\"","UN    ",8.18]
[38854,"CONEXAO MOVEL, ROSCA FEMEA, METALICA, COM ANEL DESLIZANTE, PARA TUBO PEX, DN 16 MM X 3/4\"","UN    ",11.19]
[38855,"CONEXAO MOVEL, ROSCA FEMEA, METALICA, COM ANEL DESLIZANTE, PARA TUBO PEX, DN 20 MM X 1/2\"","UN    ",8.3000000000000007]
[38856,"CONEXAO MOVEL, ROSCA FEMEA, METALICA, COM ANEL DESLIZANTE, PARA TUBO PEX, DN 20 MM X 3/4\"","UN    ",13.33]
[38857,"CONEXAO MOVEL, ROSCA FEMEA, METALICA, COM ANEL DESLIZANTE, PARA TUBO PEX, DN 25 MM X 1\"","UN    ",17.63]
[38858,"CONEXAO MOVEL, ROSCA FEMEA, METALICA, COM ANEL DESLIZANTE, PARA TUBO PEX, DN 25 MM X 3/4\"","UN    ",16.03]
[38859,"CONEXAO MOVEL, ROSCA FEMEA, METALICA, COM ANEL DESLIZANTE, PARA TUBO PEX, DN 32 MM X 1\"","UN    ",25.96]
[3104,"CONJ. DE FERRAGENS PARA PORTA DE VIDRO TEMPERADO, EM ZAMAC CROMADO, CONTEMPLANDO: DOBRADICA INF.; DOBRADICA SUP.; PIVO PARA DOBRADICA INF.; PIVO PARA DOBRADICA SUP.; FECHADURA CENTRAL EM ZAMC CROMADO; CONTRA FECHADURA DE PRESSAO","CJ    ",112.82]
[1607,"CONJUNTO ARRUELAS DE VEDACAO 5/16\" PARA TELHA FIBROCIMENTO (UMA ARRUELA METALICA E UMA ARRUELA PVC - CONICAS)","CJ    ",0.24]
[38169,"CONJUNTO DE FERRAGENS PIVO, PARA PORTA PIVOTANTE DE ATE 100 KG, REGULAVEL COM ESFERA , CROMADO - SUPERIOR E INFERIOR - COMPLETO","CJ    ",71.14]
[6142,"CONJUNTO DE LIGACAO PARA BACIA SANITARIA AJUSTAVEL, EM PLASTICO BRANCO, COM TUBO, CANOPLA E ESPUDE","UN    ",7.68]
[11686,"CONJUNTO DE LIGACAO PARA BACIA SANITARIA EM PLASTICO BRANCO COM TUBO, CANOPLA E ANEL DE EXPANSAO (TUBO 1.1/2 '' X 20 CM)","UN    ",10.66]
[37598,"CONJUNTO MONTADO ESTOPIM COM ESPOLETA COMUM NUMERO 8, COM CABECA ACENDEDORA, 1,5 M","UN    ",22.83]
[25398,"CONJUNTO PARA FUTSAL COM TRAVES OFICIAIS DE 3,00 X 2,00 M EM TUBO DE ACO GALVANIZADO 3\" COM REQUADRO EM TUBO DE 1\", PINTURA EM PRIMER COM TINTA ESMALTE SINTETICO E REDES DE POLIETILENO FIO 4 MM","UN    ",3691.33]
[25399,"CONJUNTO PARA QUADRA DE  VOLEI COM POSTES EM TUBO DE ACO GALVANIZADO 3\", H = *255* CM, PINTURA EM TINTA ESMALTE SINTETICO, REDE DE NYLON COM 2 MM, MALHA 10 X 10 CM E ANTENAS OFICIAIS EM FIBRA DE VIDRO","UN    ",2240.96]
[43440,"CONJUNTO PRE-MOLDADO COMPOSTO POR GRELHA (0,99 X 0,45 M), QUADRO (1,10 X 0,52 M) E CANTONEIRA (1,10 X 0,35 M), EM CONCRETO ARMADO, COM FCK DE 21 MPA","UN    ",292.47000000000003]
[10667,"CONTAINER ALMOXARIFADO, DE *2,40* X *6,00* M, PADRAO SIMPLES, SEM REVESTIMENTO E SEM DIVISORIAS INTERNOS E SEM SANITARIO, PARA USO EM CANTEIRO DE OBRAS","UN    ",13115]
[1613,"CONTATOR TRIPOLAR, CORRENTE DE *110* A, TENSAO NOMINAL DE *500* V, CATEGORIA AC-2 E AC-3","UN    ",3147.35]
[1626,"CONTATOR TRIPOLAR, CORRENTE DE *185* A, TENSAO NOMINAL DE *500* V, CATEGORIA AC-2 E AC-3","UN    ",4707.25]
[1625,"CONTATOR TRIPOLAR, CORRENTE DE *22* A, TENSAO NOMINAL DE *500* V, CATEGORIA AC-2 E AC-3","UN    ",328.78]
[1622,"CONTATOR TRIPOLAR, CORRENTE DE *265* A, TENSAO NOMINAL DE *500* V, CATEGORIA AC-2 E AC-3","UN    ",10622.32]
[1620,"CONTATOR TRIPOLAR, CORRENTE DE *38* A, TENSAO NOMINAL DE *500* V, CATEGORIA AC-2 E AC-3","UN    ",692.59]
[1629,"CONTATOR TRIPOLAR, CORRENTE DE *500* A, TENSAO NOMINAL DE *500* V, CATEGORIA AC-2 E AC-3","UN    ",25852.21]
[1627,"CONTATOR TRIPOLAR, CORRENTE DE *65* A, TENSAO NOMINAL DE *500* V, CATEGORIA AC-2 E AC-3","UN    ",1323.87]
[1623,"CONTATOR TRIPOLAR, CORRENTE DE 12 A, TENSAO NOMINAL DE *500* V, CATEGORIA AC-2 E AC-3","UN    ",268.14]
[1619,"CONTATOR TRIPOLAR, CORRENTE DE 25 A, TENSAO NOMINAL DE *500* V, CATEGORIA AC-2 E AC-3","UN    ",368.84]
[1630,"CONTATOR TRIPOLAR, CORRENTE DE 250 A, TENSAO NOMINAL DE *500* V, PARA ACIONAMENTO DE CAPACITORES","UN    ",8120.99]
[1616,"CONTATOR TRIPOLAR, CORRENTE DE 300 A, TENSAO NOMINAL DE *500* V, CATEGORIA AC-2 E AC-3","UN    ",12490.22]
[1614,"CONTATOR TRIPOLAR, CORRENTE DE 32 A, TENSAO NOMINAL DE *500* V, CATEGORIA AC-2 E AC-3","UN    ",570.85]
[1617,"CONTATOR TRIPOLAR, CORRENTE DE 400 A, TENSAO NOMINAL DE *500* V, CATEGORIA AC-2 E AC-3","UN    ",14910.62]
[1621,"CONTATOR TRIPOLAR, CORRENTE DE 45 A, TENSAO NOMINAL DE *500* V, CATEGORIA AC-2 E AC-3","UN    ",1020.95]
[1624,"CONTATOR TRIPOLAR, CORRENTE DE 630 A, TENSAO NOMINAL DE *500* V, CATEGORIA AC-2 E AC-3","UN    ",36651.019999999997]
[1615,"CONTATOR TRIPOLAR, CORRENTE DE 75 A, TENSAO NOMINAL DE *500* V, CATEGORIA AC-2 E AC-3","UN    ",1917.18]
[1612,"CONTATOR TRIPOLAR, CORRENTE DE 9 A, TENSAO NOMINAL DE *500* V, CATEGORIA AC-2 E AC-3","UN    ",252.51]
[1618,"CONTATOR TRIPOLAR, CORRENTE DE 95 A, TENSAO NOMINAL DE *500* V, CATEGORIA AC-2 E AC-3","UN    ",2634.49]
[14211,"CONTRA-PORCA SEXTAVADA, DIAMETRO NOMINAL 1 3/8\", ALTURA 35 MM","UN    ",46.56]
[34500,"COORDENADOR / GERENTE DE OBRA","H     ",133.65]
[40934,"COORDENADOR / GERENTE DE OBRA (MENSALISTA)","MES   ",23724.14]
[38200,"CORDA DE POLIAMIDA 12 MM TIPO BOMBEIRO, PARA TRABALHO EM ALTURA","100M  ",460.97]
[39269,"CORDAO DE COBRE, FLEXIVEL, TORCIDO, CLASSE 4 OU 5, ISOLACAO EM PVC/D, 300 V, 2 CONDUTORES DE 0,5 MM2","M     ",1.19]
[11889,"CORDAO DE COBRE, FLEXIVEL, TORCIDO, CLASSE 4 OU 5, ISOLACAO EM PVC/D, 300 V, 2 CONDUTORES DE 0,75 MM2","M     ",1.66]
[39270,"CORDAO DE COBRE, FLEXIVEL, TORCIDO, CLASSE 4 OU 5, ISOLACAO EM PVC/D, 300 V, 2 CONDUTORES DE 1,0 MM2","M     ",1.98]
[11890,"CORDAO DE COBRE, FLEXIVEL, TORCIDO, CLASSE 4 OU 5, ISOLACAO EM PVC/D, 300 V, 2 CONDUTORES DE 1,5 MM2","M     ",2.58]
[11891,"CORDAO DE COBRE, FLEXIVEL, TORCIDO, CLASSE 4 OU 5, ISOLACAO EM PVC/D, 300 V, 2 CONDUTORES DE 2,5 MM2","M     ",4.25]
[11892,"CORDAO DE COBRE, FLEXIVEL, TORCIDO, CLASSE 4 OU 5, ISOLACAO EM PVC/D, 300 V, 2 CONDUTORES DE 4 MM2","M     ",6.56]
[37601,"CORDEL DETONANTE, NP 05 G/M","M     ",5.07]
[1634,"CORDEL DETONANTE, NP 10 G/M","M     ",5.24]
[5086,"CORRENTE DE ELO CURTO COMUM, SOLDADA, GALVANIZADA, ESPESSURA DO ELO = 1/2\" (12,5 MM)","KG    ",29.45]
[11280,"CORTADEIRA DE PISO DE CONCRETO E ASFALTO, PARA DISCO PADRAO DE DIAMETRO 350 MM (14\") OU 450 MM (18\") , MOTOR A GASOLINA, POTENCIA 13 HP, SEM DISCO","UN    ",10798.93]
[40519,"CORTADEIRA HIDRAULICA DE VERGALHAO, PARA ACO DE DIAMETRO ATE 50 MM, MOTOR ELETRICO TRIFASICO, POTENCIA DE 5,5 HP A 7,5 HP","UN    ",89022.7]
[39869,"COTOVELO BRONZE/LATAO (REF 707-3) SEM ANEL DE SOLDA, BOLSA X ROSCA F, 15MM X 1/2\"","UN    ",9.85]
[39870,"COTOVELO BRONZE/LATAO (REF 707-3) SEM ANEL DE SOLDA, BOLSA X ROSCA F, 22MM X 1/2\"","UN    ",15.07]
[39871,"COTOVELO BRONZE/LATAO (REF 707-3) SEM ANEL DE SOLDA, BOLSA X ROSCA F, 22MM X 3/4\"","UN    ",16.899999999999999]
[12722,"COTOVELO DE COBRE 90 GRAUS (REF 607) SEM ANEL DE SOLDA, BOLSA X BOLSA, 104 MM","UN    ",565.51]
[12714,"COTOVELO DE COBRE 90 GRAUS (REF 607) SEM ANEL DE SOLDA, BOLSA X BOLSA, 15 MM","UN    ",3.69]
[12715,"COTOVELO DE COBRE 90 GRAUS (REF 607) SEM ANEL DE SOLDA, BOLSA X BOLSA, 22 MM","UN    ",8.33]
[12716,"COTOVELO DE COBRE 90 GRAUS (REF 607) SEM ANEL DE SOLDA, BOLSA X BOLSA, 28 MM","UN    ",14.31]
[12717,"COTOVELO DE COBRE 90 GRAUS (REF 607) SEM ANEL DE SOLDA, BOLSA X BOLSA, 35 MM","UN    ",28.13]
[12718,"COTOVELO DE COBRE 90 GRAUS (REF 607) SEM ANEL DE SOLDA, BOLSA X BOLSA, 42 MM","UN    ",43.17]
[12719,"COTOVELO DE COBRE 90 GRAUS (REF 607) SEM ANEL DE SOLDA, BOLSA X BOLSA, 54 MM","UN    ",68.540000000000006]
[12720,"COTOVELO DE COBRE 90 GRAUS (REF 607) SEM ANEL DE SOLDA, BOLSA X BOLSA, 66 MM","UN    ",238.66]
[12721,"COTOVELO DE COBRE 90 GRAUS (REF 607) SEM ANEL DE SOLDA, BOLSA X BOLSA, 79 MM","UN    ",228.86]
[3468,"COTOVELO DE REDUCAO 90 GRAUS DE FERRO GALVANIZADO, COM ROSCA BSP, DE 1 1/2\" X 1\"","UN    ",31.35]
[3465,"COTOVELO DE REDUCAO 90 GRAUS DE FERRO GALVANIZADO, COM ROSCA BSP, DE 1 1/2\" X 3/4\"","UN    ",31.34]
[12403,"COTOVELO DE REDUCAO 90 GRAUS DE FERRO GALVANIZADO, COM ROSCA BSP, DE 1 1/4\" X 1\"","UN    ",22.34]
[3463,"COTOVELO DE REDUCAO 90 GRAUS DE FERRO GALVANIZADO, COM ROSCA BSP, DE 1\" X 1/2\"","UN    ",13.05]
[3464,"COTOVELO DE REDUCAO 90 GRAUS DE FERRO GALVANIZADO, COM ROSCA BSP, DE 1\" X 3/4\"","UN    ",13.05]
[3466,"COTOVELO DE REDUCAO 90 GRAUS DE FERRO GALVANIZADO, COM ROSCA BSP, DE 2 1/2\" X 2\"","UN    ",79.599999999999994]
[3467,"COTOVELO DE REDUCAO 90 GRAUS DE FERRO GALVANIZADO, COM ROSCA BSP, DE 2\" X 1 1/2\"","UN    ",44.95]
[3462,"COTOVELO DE REDUCAO 90 GRAUS DE FERRO GALVANIZADO, COM ROSCA BSP, DE 3/4\" X 1/2\"","UN    ",8.61]
[3446,"COTOVELO 45 GRAUS DE FERRO GALVANIZADO, COM ROSCA BSP, DE 1 1/2\"","UN    ",26.5]
[3445,"COTOVELO 45 GRAUS DE FERRO GALVANIZADO, COM ROSCA BSP, DE 1 1/4\"","UN    ",21.63]
[3441,"COTOVELO 45 GRAUS DE FERRO GALVANIZADO, COM ROSCA BSP, DE 1/2\"","UN    ",6.1]
[3444,"COTOVELO 45 GRAUS DE FERRO GALVANIZADO, COM ROSCA BSP, DE 1\"","UN    ",13.31]
[12402,"COTOVELO 45 GRAUS DE FERRO GALVANIZADO, COM ROSCA BSP, DE 2 1/2\"","UN    ",74.489999999999995]
[3447,"COTOVELO 45 GRAUS DE FERRO GALVANIZADO, COM ROSCA BSP, DE 2\"","UN    ",38.54]
[3442,"COTOVELO 45 GRAUS DE FERRO GALVANIZADO, COM ROSCA BSP, DE 3/4\"","UN    ",9.1300000000000008]
[3448,"COTOVELO 45 GRAUS DE FERRO GALVANIZADO, COM ROSCA BSP, DE 3\"","UN    ",108.91]
[3449,"COTOVELO 45 GRAUS DE FERRO GALVANIZADO, COM ROSCA BSP, DE 4\"","UN    ",190.84]
[37438,"COTOVELO 45 GRAUS, PEAD PE 100, DE 125 MM, PARA ELETROFUSAO","UN    ",177.3]
[37439,"COTOVELO 45 GRAUS, PEAD PE 100, DE 200 MM, PARA ELETROFUSAO","UN    ",1159.18]
[37435,"COTOVELO 45 GRAUS, PEAD PE 100, DE 32 MM, PARA ELETROFUSAO","UN    ",20.83]
[37436,"COTOVELO 45 GRAUS, PEAD PE 100, DE 40 MM, PARA ELETROFUSAO","UN    ",24.59]
[37437,"COTOVELO 45 GRAUS, PEAD PE 100, DE 63 MM, PARA ELETROFUSAO","UN    ",35.56]
[3473,"COTOVELO 90 GRAUS DE FERRO GALVANIZADO, COM ROSCA BSP MACHO/FEMEA, DE 1 1/2\"","UN    ",29.96]
[3474,"COTOVELO 90 GRAUS DE FERRO GALVANIZADO, COM ROSCA BSP MACHO/FEMEA, DE 1 1/4\"","UN    ",24.7]
[3450,"COTOVELO 90 GRAUS DE FERRO GALVANIZADO, COM ROSCA BSP MACHO/FEMEA, DE 1/2\"","UN    ",7.16]
[3443,"COTOVELO 90 GRAUS DE FERRO GALVANIZADO, COM ROSCA BSP MACHO/FEMEA, DE 1\"","UN    ",15.36]
[3453,"COTOVELO 90 GRAUS DE FERRO GALVANIZADO, COM ROSCA BSP MACHO/FEMEA, DE 2 1/2\"","UN    ",87.46]
[3452,"COTOVELO 90 GRAUS DE FERRO GALVANIZADO, COM ROSCA BSP MACHO/FEMEA, DE 2\"","UN    ",43.17]
[3451,"COTOVELO 90 GRAUS DE FERRO GALVANIZADO, COM ROSCA BSP MACHO/FEMEA, DE 3/4\"","UN    ",8.56]
[3454,"COTOVELO 90 GRAUS DE FERRO GALVANIZADO, COM ROSCA BSP MACHO/FEMEA, DE 3\"","UN    ",133.02000000000001]
[3458,"COTOVELO 90 GRAUS DE FERRO GALVANIZADO, COM ROSCA BSP, DE 1 1/2\"","UN    ",24.01]
[3457,"COTOVELO 90 GRAUS DE FERRO GALVANIZADO, COM ROSCA BSP, DE 1 1/4\"","UN    ",18.03]
[3455,"COTOVELO 90 GRAUS DE FERRO GALVANIZADO, COM ROSCA BSP, DE 1/2\"","UN    ",5.12]
[3472,"COTOVELO 90 GRAUS DE FERRO GALVANIZADO, COM ROSCA BSP, DE 1\"","UN    ",11.5]
[3470,"COTOVELO 90 GRAUS DE FERRO GALVANIZADO, COM ROSCA BSP, DE 2 1/2\"","UN    ",67.06]
[3471,"COTOVELO 90 GRAUS DE FERRO GALVANIZADO, COM ROSCA BSP, DE 2\"","UN    ",36.85]
[3456,"COTOVELO 90 GRAUS DE FERRO GALVANIZADO, COM ROSCA BSP, DE 3/4\"","UN    ",7.66]
[3459,"COTOVELO 90 GRAUS DE FERRO GALVANIZADO, COM ROSCA BSP, DE 3\"","UN    ",94.59]
[3469,"COTOVELO 90 GRAUS DE FERRO GALVANIZADO, COM ROSCA BSP, DE 4\"","UN    ",179.9]
[3460,"COTOVELO 90 GRAUS DE FERRO GALVANIZADO, COM ROSCA BSP, DE 5\"","UN    ",262.5]
[3461,"COTOVELO 90 GRAUS DE FERRO GALVANIZADO, COM ROSCA BSP, DE 6\"","UN    ",670.93]
[37433,"COTOVELO 90 GRAUS, PEAD PE 100, DE 125 MM, PARA ELETROFUSAO","UN    ",177.3]
[37430,"COTOVELO 90 GRAUS, PEAD PE 100, DE 20 MM, PARA ELETROFUSAO","UN    ",22.22]
[37434,"COTOVELO 90 GRAUS, PEAD PE 100, DE 200 MM, PARA ELETROFUSAO","UN    ",1653.15]
[37431,"COTOVELO 90 GRAUS, PEAD PE 100, DE 32 MM, PARA ELETROFUSAO","UN    ",30.14]
[37432,"COTOVELO 90 GRAUS, PEAD PE 100, DE 63 MM, PARA ELETROFUSAO","UN    ",55.59]
[37413,"COTOVELO/JOELHO COM ADAPTADOR, 90 GRAUS, EM POLIPROPILENO, PN 16, PARA TUBOS PEAD, 20 MM X 1/2\" - LIGACAO PREDIAL DE AGUA","UN    ",3.83]
[37414,"COTOVELO/JOELHO COM ADAPTADOR, 90 GRAUS, EM POLIPROPILENO, PN 16, PARA TUBOS PEAD, 20 MM X 3/4\" - LIGACAO PREDIAL DE AGUA","UN    ",4.34]
[37415,"COTOVELO/JOELHO COM ADAPTADOR, 90 GRAUS, EM POLIPROPILENO, PN 16, PARA TUBOS PEAD, 32 MM X 1\" - LIGACAO PREDIAL DE AGUA","UN    ",7.9]
[37416,"COTOVELO/JOELHO 90 GRAUS, EM POLIPROPILENO, PN 16, PARA TUBOS PEAD, 20 X 20 MM - LIGACAO PREDIAL DE AGUA","UN    ",3.58]
[37417,"COTOVELO/JOELHO 90 GRAUS, EM POLIPROPILENO, PN 16, PARA TUBOS PEAD, 32 X 32 MM - LIGACAO PREDIAL DE AGUA","UN    ",5.15]
[43590,"CREMONA RETANGULAR INJETADA LISA COM CHAVE, COM CASTANHA / ALCA, EM LATAO, COM ACABAMENTO CROMADO, DE SOBREPOR / EMBUTIR","UN    ",136.91999999999999]
[43589,"CREMONA RETANGULAR INJETADA LISA, COM CASTANHA / ALCA, EM LATAO, COM ACABAMENTO CROMADO, DE SOBREPOR / EMBUTIR","UN    ",24.77]
[34519,"CRUZETA DE CONCRETO LEVE, COMP. 2000 MM SECAO, 90 X 90 MM","UN    ",105.19]
[1649,"CRUZETA DE FERRO GALVANIZADO, COM ROSCA BSP, DE 1 1/2\"","UN    ",56.64]
[1653,"CRUZETA DE FERRO GALVANIZADO, COM ROSCA BSP, DE 1 1/4\"","UN    ",44.36]
[1647,"CRUZETA DE FERRO GALVANIZADO, COM ROSCA BSP, DE 1/2\"","UN    ",15.88]
[1648,"CRUZETA DE FERRO GALVANIZADO, COM ROSCA BSP, DE 1\"","UN    ",30.5]
[1651,"CRUZETA DE FERRO GALVANIZADO, COM ROSCA BSP, DE 2 1/2\"","UN    ",141.51]
[1650,"CRUZETA DE FERRO GALVANIZADO, COM ROSCA BSP, DE 2\"","UN    ",78.22]
[1654,"CRUZETA DE FERRO GALVANIZADO, COM ROSCA BSP, DE 3/4\"","UN    ",21.8]
[1652,"CRUZETA DE FERRO GALVANIZADO, COM ROSCA BSP, DE 3\"","UN    ",203.11]
[10510,"CRUZETA DE MADEIRA TRATADA, *90 X 115 X 2400* MM, EM EUCALIPTO OU EQUIVALENTE DA REGIAO","UN    ",108.84]
[1747,"CUBA ACO INOX (AISI 304) DE EMBUTIR COM VALVULA DE 3 1/2 \", DE *56 X 33 X 12* CM","UN    ",158.13999999999999]
[1744,"CUBA ACO INOX (AISI 304) DE EMBUTIR COM VALVULA 3 1/2 \", DE *40 X 34 X 12* CM","UN    ",109.53]
[1743,"CUBA ACO INOX (AISI 304) DE EMBUTIR COM VALVULA 3 1/2 \", DE *46 X 30 X 12* CM","UN    ",143.84]
[39640,"CUMEEIRA ARTICULADA (ABA INFERIOR) PARA TELHA ONDULADA DE FIBROCIMENTO E = 4 MM, ABA *330* MM, COMPRIMENTO 500 MM (SEM AMIANTO)","UN    ",6.28]
[11013,"CUMEEIRA ARTICULADA (ABA INTERNA INFERIOR OU EXTERNA SUPERIOR) PARA TELHA ESTRUTURAL DE FIBROCIMENTO, 1 ABA, E = 6 MM (SEM AMIANTO)","UN    ",12.94]
[11017,"CUMEEIRA ARTICULADA (ABA SUPERIOR) PARA TELHA ONDULADA DE FIBROCIMENTO E = 4 MM, ABA *330* MM, COMPRIMENTO 500 MM (SEM AMIANTO)","UN    ",5.52]
[20236,"CUMEEIRA ARTICULADA (PAR) PARA TELHA ONDULADA DE FIBROCIMENTO, E = 6 MM, ABA 350 MM, COMPRIMENTO 1100 MM (SEM AMIANTO)","UN    ",24.31]
[7215,"CUMEEIRA NORMAL PARA TELHA ESTRUTURAL DE FIBROCIMENTO 1 ABA, E = 6 MM, COMPRIMENTO 608 MM (SEM AMIANTO)","UN    ",20.82]
[7216,"CUMEEIRA NORMAL PARA TELHA ESTRUTURAL DE FIBROCIMENTO 2 ABAS, E = 6 MM, DE 1050 X 935 MM (SEM AMIANTO)","UN    ",87.01]
[20235,"CUMEEIRA NORMAL PARA TELHA ONDULADA DE FIBROCIMENTO, E = 6 MM, ABA 300 MM, COMPRIMENTO 1100 MM (SEM AMIANTO)","UN    ",43.99]
[7181,"CUMEEIRA PARA TELHA CERAMICA, COMPRIMENTO DE *41* CM, RENDIMENTO DE *3* TELHAS/M","UN    ",3.76]
[40742,"CUMEEIRA PARA TELHA DE CONCRETO, PARA 2 AGUAS DE TELHADO, COR CINZA, RENDIMENTO DE *3* TELHAS/M","UN    ",6.92]
[7214,"CUMEEIRA SHED PARA TELHA ONDULADA DE FIBROCIMENTO, E = 6 MM, ABA 280 MM, COMPRIMENTO 1100 MM (SEM AMIANTO)","UN    ",29.81]
[7219,"CUMEEIRA UNIVERSAL PARA TELHA ONDULADA DE FIBROCIMENTO, E = 6 MM, ABA 210 MM, COMPRIMENTO 1100 MM (SEM AMIANTO)","UN    ",30.85]
[37972,"CURVA CPVC, 90 GRAUS, SOLDAVEL, 22 MM, PARA AGUA QUENTE","UN    ",6.63]
[37973,"CURVA CPVC, 90 GRAUS, SOLDAVEL, 28 MM, PARA AGUA QUENTE","UN    ",10.62]
[37971,"CURVA CPVC, 90 GRAUS, SOLDAVEL,15 MM, PARA AGUA QUENTE","UN    ",3.98]
[20094,"CURVA CURTA PVC, PB, JE, 45 GRAUS, DN 100 MM, PARA REDE COLETORA ESGOTO (NBR 10569)","UN    ",21.61]
[20095,"CURVA CURTA PVC, PB, JE, 90 GRAUS, DN 100 MM, PARA REDE COLETORA ESGOTO (NBR 10569)","UN    ",27.53]
[1954,"CURVA DE PVC 45 GRAUS, SOLDAVEL, 110 MM, PARA AGUA FRIA PREDIAL (NBR 5648)","UN    ",152.02000000000001]
[1926,"CURVA DE PVC 45 GRAUS, SOLDAVEL, 20 MM, PARA AGUA FRIA PREDIAL (NBR 5648)","UN    ",2.0099999999999998]
[1927,"CURVA DE PVC 45 GRAUS, SOLDAVEL, 25 MM, PARA AGUA FRIA PREDIAL (NBR 5648)","UN    ",2.65]
[1923,"CURVA DE PVC 45 GRAUS, SOLDAVEL, 32 MM, PARA AGUA FRIA PREDIAL (NBR 5648)","UN    ",4.34]
[1929,"CURVA DE PVC 45 GRAUS, SOLDAVEL, 40 MM, PARA AGUA FRIA PREDIAL (NBR 5648)","UN    ",7.1]
[1930,"CURVA DE PVC 45 GRAUS, SOLDAVEL, 50 MM, PARA AGUA FRIA PREDIAL (NBR 5648)","UN    ",13.77]
[1924,"CURVA DE PVC 45 GRAUS, SOLDAVEL, 60 MM, PARA AGUA FRIA PREDIAL (NBR 5648)","UN    ",23.73]
[1922,"CURVA DE PVC 45 GRAUS, SOLDAVEL, 75 MM, PARA AGUA FRIA PREDIAL (NBR 5648)","UN    ",35.24]
[1953,"CURVA DE PVC 45 GRAUS, SOLDAVEL, 85 MM, PARA AGUA FRIA PREDIAL (NBR 5648)","UN    ",61.59]
[1962,"CURVA DE PVC 90 GRAUS, SOLDAVEL, 110 MM, PARA AGUA FRIA PREDIAL (NBR 5648)","UN    ",201.51]
[1955,"CURVA DE PVC 90 GRAUS, SOLDAVEL, 20 MM, PARA AGUA FRIA PREDIAL (NBR 5648)","UN    ",2.66]
[1956,"CURVA DE PVC 90 GRAUS, SOLDAVEL, 25 MM, PARA AGUA FRIA PREDIAL (NBR 5648)","UN    ",3.43]
[1957,"CURVA DE PVC 90 GRAUS, SOLDAVEL, 32 MM, PARA AGUA FRIA PREDIAL (NBR 5648)","UN    ",7.81]
[1958,"CURVA DE PVC 90 GRAUS, SOLDAVEL, 40 MM, PARA AGUA FRIA PREDIAL (NBR 5648)","UN    ",13.87]
[1959,"CURVA DE PVC 90 GRAUS, SOLDAVEL, 50 MM, PARA AGUA FRIA PREDIAL (NBR 5648)","UN    ",16.899999999999999]
[1925,"CURVA DE PVC 90 GRAUS, SOLDAVEL, 60 MM, PARA AGUA FRIA PREDIAL (NBR 5648)","UN    ",41.78]
[1960,"CURVA DE PVC 90 GRAUS, SOLDAVEL, 75 MM, PARA AGUA FRIA PREDIAL (NBR 5648)","UN    ",59.4]
[1961,"CURVA DE PVC 90 GRAUS, SOLDAVEL, 85 MM, PARA AGUA FRIA PREDIAL (NBR 5648)","UN    ",85.36]
[38426,"CURVA DE PVC, 45 GRAUS, SERIE R, DN 100 MM, PARA ESGOTO OU AGUAS PLUVIAIS PREDIAIS","UN    ",28.05]
[38423,"CURVA DE PVC, 90 GRAUS, SERIE R, DN 100 MM, PARA ESGOTO OU AGUAS PLUVIAIS PREDIAIS","UN    ",63.63]
[38421,"CURVA DE PVC, 90 GRAUS, SERIE R, DN 50 MM, PARA ESGOTO OU AGUAS PLUVIAIS PREDIAIS","UN    ",30.04]
[38422,"CURVA DE PVC, 90 GRAUS, SERIE R, DN 75 MM, PARA ESGOTO OU AGUAS PLUVIAIS PREDIAIS","UN    ",43.91]
[39866,"CURVA DE TRANSPOSICAO BRONZE/LATAO (REF 736) SEM ANEL DE SOLDA, BOLSA X BOLSA, 15 MM","UN    ",13.05]
[39867,"CURVA DE TRANSPOSICAO BRONZE/LATAO (REF 736) SEM ANEL DE SOLDA, BOLSA X BOLSA, 22 MM","UN    ",29.02]
[39868,"CURVA DE TRANSPOSICAO BRONZE/LATAO (REF 736) SEM ANEL DE SOLDA, BOLSA X BOLSA, 28 MM","UN    ",52.28]
[37999,"CURVA DE TRANSPOSICAO, CPVC, SOLDAVEL, 15 MM","UN    ",6.36]
[38000,"CURVA DE TRANSPOSICAO, CPVC, SOLDAVEL, 22 MM","UN    ",8.42]
[38129,"CURVA DE TRANSPOSICAO, PVC SOLDAVEL, 20 MM, PARA AGUA FRIA PREDIAL","UN    ",4.62]
[38025,"CURVA DE TRANSPOSICAO, PVC, SOLDAVEL, 25 MM, PARA AGUA FRIA PREDIAL","UN    ",7.71]
[38026,"CURVA DE TRANSPOSICAO, PVC, SOLDAVEL, 32 MM, PARA AGUA FRIA PREDIAL","UN    ",20.66]
[1858,"CURVA LONGA PVC, PB, JE, 45 GRAUS, DN 100 MM, PARA REDE COLETORA ESGOTO (NBR 10569)","UN    ",30.27]
[1844,"CURVA LONGA PVC, PB, JE, 45 GRAUS, DN 150 MM, PARA REDE COLETORA ESGOTO (NBR 10569)","UN    ",111.59]
[1863,"CURVA LONGA PVC, PB, JE, 90 GRAUS, DN 100 MM, PARA REDE COLETORA ESGOTO (NBR 10569)","UN    ",43.92]
[1865,"CURVA LONGA PVC, PB, JE, 90 GRAUS, DN 150 MM, PARA REDE COLETORA ESGOTO (NBR 10569)","UN    ",160.22999999999999]
[36355,"CURVA PPR 90 GRAUS, DN 20 MM, PARA AGUA QUENTE PREDIAL","UN    ",4.01]
[36356,"CURVA PPR 90 GRAUS, DN 25 MM, PARA AGUA QUENTE PREDIAL","UN    ",6.74]
[1932,"CURVA PVC CURTA 90 G, DN 50 MM, PARA ESGOTO PREDIAL","UN    ",10.84]
[1933,"CURVA PVC CURTA 90 GRAUS, DN 40 MM, PARA ESGOTO PREDIAL","UN    ",4.7699999999999996]
[1951,"CURVA PVC CURTA 90 GRAUS, DN 75 MM, PARA ESGOTO PREDIAL","UN    ",21.21]
[1966,"CURVA PVC CURTA 90 GRAUS, 100 MM, PARA ESGOTO PREDIAL","UN    ",24.4]
[1952,"CURVA PVC LEVE, 90 GRAUS, COM PONTA E BOLSA LISA, DN 150 MM","UN    ",91.62]
[20104,"CURVA PVC LEVE, 90 GRAUS, COM PONTA E BOLSA LISA, DN 250 MM","UN    ",677]
[20105,"CURVA PVC LEVE, 90 GRAUS, COM PONTA E BOLSA LISA, DN 300 MM","UN    ",1054.49]
[1965,"CURVA PVC LONGA 45 GRAUS, 100 MM, PARA ESGOTO PREDIAL","UN    ",49.46]
[10765,"CURVA PVC LONGA 45G, DN 50 MM, PARA ESGOTO PREDIAL","UN    ",12.5]
[10767,"CURVA PVC LONGA 45G, DN 75 MM, PARA ESGOTO PREDIAL","UN    ",40.96]
[1970,"CURVA PVC LONGA 90 GRAUS, 100 MM, PARA ESGOTO PREDIAL","UN    ",51.34]
[1967,"CURVA PVC LONGA 90 GRAUS, 40 MM, PARA ESGOTO PREDIAL","UN    ",5.71]
[1968,"CURVA PVC LONGA 90 GRAUS, 50 MM, PARA ESGOTO PREDIAL","UN    ",11.97]
[1969,"CURVA PVC LONGA 90 GRAUS, 75 MM, PARA ESGOTO PREDIAL","UN    ",35.21]
[1839,"CURVA PVC PBA, JE, PB, 22 GRAUS, DN 100 / DE 110 MM, PARA REDE AGUA (NBR 10351)","UN    ",135.82]
[1835,"CURVA PVC PBA, JE, PB, 22 GRAUS, DN 50 / DE 60 MM, PARA REDE AGUA (NBR 10351)","UN    ",28.87]
[1823,"CURVA PVC PBA, JE, PB, 22 GRAUS, DN 75 / DE 85 MM, PARA REDE AGUA (NBR 10351)","UN    ",55.83]
[1827,"CURVA PVC PBA, JE, PB, 45 GRAUS, DN 100 / DE 110 MM, PARA REDE AGUA (NBR 10351)","UN    ",134.5]
[1831,"CURVA PVC PBA, JE, PB, 45 GRAUS, DN 50 / DE 60 MM, PARA REDE AGUA (NBR 10351)","UN    ",29.36]
[1825,"CURVA PVC PBA, JE, PB, 45 GRAUS, DN 75 / DE 85 MM, PARA REDE AGUA (NBR 10351)","UN    ",72.459999999999994]
[1828,"CURVA PVC PBA, JE, PB, 90 GRAUS, DN 100 / DE 110 MM, PARA REDE AGUA (NBR 10351)","UN    ",164.13]
[1845,"CURVA PVC PBA, JE, PB, 90 GRAUS, DN 50 / DE 60 MM, PARA REDE AGUA (NBR 10351)","UN    ",36.79]
[1824,"CURVA PVC PBA, JE, PB, 90 GRAUS, DN 75 / DE 85 MM, PARA REDE AGUA (NBR 10351)","UN    ",86.86]
[1941,"CURVA PVC 90 GRAUS, ROSCAVEL, 1 1/2\",  AGUA FRIA PREDIAL","UN    ",29.78]
[1940,"CURVA PVC 90 GRAUS, ROSCAVEL, 1 1/4\",  AGUA FRIA PREDIAL","UN    ",22.51]
[1937,"CURVA PVC 90 GRAUS, ROSCAVEL, 1/2\",  AGUA FRIA PREDIAL","UN    ",4.67]
[1939,"CURVA PVC 90 GRAUS, ROSCAVEL, 1\",  AGUA FRIA PREDIAL","UN    ",9.25]
[1942,"CURVA PVC 90 GRAUS, ROSCAVEL, 2\",  AGUA FRIA PREDIAL","UN    ",42.5]
[1938,"CURVA PVC 90 GRAUS, ROSCAVEL, 3/4\",  AGUA FRIA PREDIAL","UN    ",5.92]
[42692,"CURVA PVC, BB, JE, 45 GRAUS, DN 200 MM, PARA TUBO CORRUGADO E/OU LISO, REDE COLETORA ESGOTO (NBR 10569)","UN    ",355.5]
[42693,"CURVA PVC, BB, JE, 45 GRAUS, DN 250 MM, PARA TUBO CORRUGADO E/OU LISO, REDE COLETORA ESGOTO (NBR 10569)","UN    ",584.78]
[42695,"CURVA PVC, BB, JE, 90 GRAUS, DN 200 MM, PARA TUBO CORRUGADO E/OU LISO, REDE COLETORA ESGOTO (NBR 10569)","UN    ",444.64]
[42694,"CURVA PVC, BB, JE, 90 GRAUS, DN 250 MM, PARA TUBO CORRUGADO E/OU LISO, REDE COLETORA ESGOTO (NBR 10569)","UN    ",657.35]
[20097,"CURVA PVC, SERIE R, 87.30 GRAUS, CURTA, 100 MM, PARA ESGOTO OU AGUAS PLUVIAIS PREDIAIS (PARA PE-DE-COLUNA)","UN    ",48.5]
[20098,"CURVA PVC, SERIE R, 87.30 GRAUS, CURTA, 150 MM, PARA ESGOTO OU AGUAS PLUVIAIS PREDIAIS (PARA PE-DE-COLUNA)","UN    ",163.53]
[20096,"CURVA PVC, SERIE R, 87.30 GRAUS, CURTA, 75 MM, PARA ESGOTO OU AGUAS PLUVIAIS PREDIAIS (PARA PE-DE-COLUNA)","UN    ",31.73]
[1964,"CURVA PVC, 45 GRAUS, CURTA, PB, DN 100 MM, PARA ESGOTO PREDIAL","UN    ",29.33]
[1880,"CURVA 135 GRAUS, DE PVC RIGIDO ROSCAVEL, DE 1\", PARA ELETRODUTO","UN    ",3.09]
[39274,"CURVA 135 GRAUS, DE PVC RIGIDO ROSCAVEL, DE 3/4\", PARA ELETRODUTO","UN    ",2.39]
[2628,"CURVA 135 GRAUS, PARA ELETRODUTO, EM ACO GALVANIZADO ELETROLITICO, DIAMETRO DE 100 MM (4\")","UN    ",219.71]
[2622,"CURVA 135 GRAUS, PARA ELETRODUTO, EM ACO GALVANIZADO ELETROLITICO, DIAMETRO DE 15 MM (1/2\")","UN    ",5.22]
[2623,"CURVA 135 GRAUS, PARA ELETRODUTO, EM ACO GALVANIZADO ELETROLITICO, DIAMETRO DE 20 MM (3/4\")","UN    ",6.28]
[2624,"CURVA 135 GRAUS, PARA ELETRODUTO, EM ACO GALVANIZADO ELETROLITICO, DIAMETRO DE 25 MM (1\")","UN    ",9.98]
[2625,"CURVA 135 GRAUS, PARA ELETRODUTO, EM ACO GALVANIZADO ELETROLITICO, DIAMETRO DE 32 MM (1 1/4\")","UN    ",21.08]
[2626,"CURVA 135 GRAUS, PARA ELETRODUTO, EM ACO GALVANIZADO ELETROLITICO, DIAMETRO DE 40 MM (1 1/2\")","UN    ",30.89]
[2630,"CURVA 135 GRAUS, PARA ELETRODUTO, EM ACO GALVANIZADO ELETROLITICO, DIAMETRO DE 50 MM (2\")","UN    ",46.98]
[2627,"CURVA 135 GRAUS, PARA ELETRODUTO, EM ACO GALVANIZADO ELETROLITICO, DIAMETRO DE 65 MM (2 1/2\")","UN    ",82.76]
[2629,"CURVA 135 GRAUS, PARA ELETRODUTO, EM ACO GALVANIZADO ELETROLITICO, DIAMETRO DE 80 MM (3\")","UN    ",111.93]
[12033,"CURVA 180 GRAUS, DE PVC RIGIDO ROSCAVEL, DE 1 1/2\", PARA ELETRODUTO","UN    ",9.86]
[40408,"CURVA 180 GRAUS, DE PVC RIGIDO ROSCAVEL, DE 1 1/4\", PARA ELETRODUTO","UN    ",6.48]
[40409,"CURVA 180 GRAUS, DE PVC RIGIDO ROSCAVEL, DE 1/2\", PARA ELETRODUTO","UN    ",2.29]
[39276,"CURVA 180 GRAUS, DE PVC RIGIDO ROSCAVEL, DE 1\", PARA ELETRODUTO","UN    ",5.84]
[39277,"CURVA 180 GRAUS, DE PVC RIGIDO ROSCAVEL, DE 2\", PARA ELETRODUTO","UN    ",15.76]
[12034,"CURVA 180 GRAUS, DE PVC RIGIDO ROSCAVEL, DE 3/4\", PARA ELETRODUTO","UN    ",4.46]
[39879,"CURVA 45 GRAUS DE COBRE (REF 606) SEM ANEL DE SOLDA, BOLSA X BOLSA, 15 MM","UN    ",3.67]
[39880,"CURVA 45 GRAUS DE COBRE (REF 606) SEM ANEL DE SOLDA, BOLSA X BOLSA, 22 MM","UN    ",8.1199999999999992]
[39881,"CURVA 45 GRAUS DE COBRE (REF 606) SEM ANEL DE SOLDA, BOLSA X BOLSA, 28 MM","UN    ",13.04]
[39882,"CURVA 45 GRAUS DE COBRE (REF 606) SEM ANEL DE SOLDA, BOLSA X BOLSA, 35 MM","UN    ",34.35]
[39883,"CURVA 45 GRAUS DE COBRE (REF 606) SEM ANEL DE SOLDA, BOLSA X BOLSA, 42 MM","UN    ",54.86]
[39884,"CURVA 45 GRAUS DE COBRE (REF 606) SEM ANEL DE SOLDA, BOLSA X BOLSA, 54 MM","UN    ",81.48]
[39885,"CURVA 45 GRAUS DE COBRE (REF 606) SEM ANEL DE SOLDA, BOLSA X BOLSA, 66 MM","UN    ",193.66]
[1777,"CURVA 45 GRAUS DE FERRO GALVANIZADO, COM ROSCA BSP FEMEA, DE 1 1/2\"","UN    ",61.07]
[1819,"CURVA 45 GRAUS DE FERRO GALVANIZADO, COM ROSCA BSP FEMEA, DE 1 1/4\"","UN    ",44.43]
[1775,"CURVA 45 GRAUS DE FERRO GALVANIZADO, COM ROSCA BSP FEMEA, DE 1/2\"","UN    ",13.29]
[1776,"CURVA 45 GRAUS DE FERRO GALVANIZADO, COM ROSCA BSP FEMEA, DE 1\"","UN    ",36.15]
[1778,"CURVA 45 GRAUS DE FERRO GALVANIZADO, COM ROSCA BSP FEMEA, DE 2 1/2\"","UN    ",147.82]
[1818,"CURVA 45 GRAUS DE FERRO GALVANIZADO, COM ROSCA BSP FEMEA, DE 2\"","UN    ",98.12]
[1820,"CURVA 45 GRAUS DE FERRO GALVANIZADO, COM ROSCA BSP FEMEA, DE 3/4\"","UN    ",19.190000000000001]
[1779,"CURVA 45 GRAUS DE FERRO GALVANIZADO, COM ROSCA BSP FEMEA, DE 3\"","UN    ",214.99]
[1780,"CURVA 45 GRAUS DE FERRO GALVANIZADO, COM ROSCA BSP FEMEA, DE 4\"","UN    ",443.21]
[1783,"CURVA 45 GRAUS DE FERRO GALVANIZADO, COM ROSCA BSP MACHO/FEMEA, DE 1 1/2\"","UN    ",46.86]
[1782,"CURVA 45 GRAUS DE FERRO GALVANIZADO, COM ROSCA BSP MACHO/FEMEA, DE 1 1/4\"","UN    ",37.049999999999997]
[1817,"CURVA 45 GRAUS DE FERRO GALVANIZADO, COM ROSCA BSP MACHO/FEMEA, DE 1/2\"","UN    ",11.04]
[1781,"CURVA 45 GRAUS DE FERRO GALVANIZADO, COM ROSCA BSP MACHO/FEMEA, DE 1\"","UN    ",24.14]
[1784,"CURVA 45 GRAUS DE FERRO GALVANIZADO, COM ROSCA BSP MACHO/FEMEA, DE 2 1/2\"","UN    ",132.32]
[1810,"CURVA 45 GRAUS DE FERRO GALVANIZADO, COM ROSCA BSP MACHO/FEMEA, DE 2\"","UN    ",73.39]
[1811,"CURVA 45 GRAUS DE FERRO GALVANIZADO, COM ROSCA BSP MACHO/FEMEA, DE 3/4\"","UN    ",15.88]
[1812,"CURVA 45 GRAUS DE FERRO GALVANIZADO, COM ROSCA BSP MACHO/FEMEA, DE 3\"","UN    ",185.28]
[40386,"CURVA 45 GRAUS EM ACO CARBONO, SOLDAVEL, PRESSAO 3.000 LBS, DN 1 1/2\"","UN    ",63.03]
[40384,"CURVA 45 GRAUS EM ACO CARBONO, SOLDAVEL, PRESSAO 3.000 LBS, DN 1 1/4\"","UN    ",43.15]
[40379,"CURVA 45 GRAUS EM ACO CARBONO, SOLDAVEL, PRESSAO 3.000 LBS, DN 1/2\"","UN    ",14.92]
[40423,"CURVA 45 GRAUS EM ACO CARBONO, SOLDAVEL, PRESSAO 3.000 LBS, DN 1\"","UN    ",28.23]
[40389,"CURVA 45 GRAUS EM ACO CARBONO, SOLDAVEL, PRESSAO 3.000 LBS, DN 2 1/2\"","UN    ",179.04]
[40388,"CURVA 45 GRAUS EM ACO CARBONO, SOLDAVEL, PRESSAO 3.000 LBS, DN 2\"","UN    ",89.62]
[40381,"CURVA 45 GRAUS EM ACO CARBONO, SOLDAVEL, PRESSAO 3.000 LBS, DN 3/4\"","UN    ",19.89]
[40391,"CURVA 45 GRAUS EM ACO CARBONO, SOLDAVEL, PRESSAO 3.000 LBS, DN 3\"","UN    ",464.71]
[40414,"CURVA 45 GRAUS RANHURADA EM FERRO FUNDIDO, DN 50 MM (2\")","UN    ",20.71]
[40416,"CURVA 45 GRAUS RANHURADA EM FERRO FUNDIDO, DN 65 MM (2 1/2\")","UN    ",28.63]
[40418,"CURVA 45 GRAUS RANHURADA EM FERRO FUNDIDO, DN 80 MM (3\")","UN    ",34.15]
[2609,"CURVA 45 GRAUS, PARA ELETRODUTO, EM ACO GALVANIZADO ELETROLITICO, DIAMETRO DE 20 MM (3/4\")","UN    ",4.9000000000000004]
[2634,"CURVA 45 GRAUS, PARA ELETRODUTO, EM ACO GALVANIZADO ELETROLITICO, DIAMETRO DE 25 MM (1\")","UN    ",6.44]
[2611,"CURVA 45 GRAUS, PARA ELETRODUTO, EM ACO GALVANIZADO ELETROLITICO, DIAMETRO DE 40 MM (1 1/2\")","UN    ",18.14]
[34359,"CURVA 90 GRAUS DE BARRA CHATA EM ALUMINIO 3/4 \" X 1/4 \" X 300 MM","UN    ",14.53]
[1789,"CURVA 90 GRAUS DE FERRO GALVANIZADO, COM ROSCA BSP FEMEA, DE 1 1/2\"","UN    ",58.61]
[1788,"CURVA 90 GRAUS DE FERRO GALVANIZADO, COM ROSCA BSP FEMEA, DE 1 1/4\"","UN    ",46.98]
[1786,"CURVA 90 GRAUS DE FERRO GALVANIZADO, COM ROSCA BSP FEMEA, DE 1/2\"","UN    ",11.66]
[1787,"CURVA 90 GRAUS DE FERRO GALVANIZADO, COM ROSCA BSP FEMEA, DE 1\"","UN    ",27.93]
[1791,"CURVA 90 GRAUS DE FERRO GALVANIZADO, COM ROSCA BSP FEMEA, DE 2 1/2\"","UN    ",169.4]
[1790,"CURVA 90 GRAUS DE FERRO GALVANIZADO, COM ROSCA BSP FEMEA, DE 2\"","UN    ",97.61]
[1813,"CURVA 90 GRAUS DE FERRO GALVANIZADO, COM ROSCA BSP FEMEA, DE 3/4\"","UN    ",18.510000000000002]
[1792,"CURVA 90 GRAUS DE FERRO GALVANIZADO, COM ROSCA BSP FEMEA, DE 3\"","UN    ",228.66]
[1793,"CURVA 90 GRAUS DE FERRO GALVANIZADO, COM ROSCA BSP FEMEA, DE 4\"","UN    ",462.05]
[1809,"CURVA 90 GRAUS DE FERRO GALVANIZADO, COM ROSCA BSP MACHO/FEMEA, DE 1 1/2\"","UN    ",54.95]
[1814,"CURVA 90 GRAUS DE FERRO GALVANIZADO, COM ROSCA BSP MACHO/FEMEA, DE 1 1/4\"","UN    ",45.14]
[1803,"CURVA 90 GRAUS DE FERRO GALVANIZADO, COM ROSCA BSP MACHO/FEMEA, DE 1/2\"","UN    ",11.41]
[1805,"CURVA 90 GRAUS DE FERRO GALVANIZADO, COM ROSCA BSP MACHO/FEMEA, DE 1\"","UN    ",26.2]
[1821,"CURVA 90 GRAUS DE FERRO GALVANIZADO, COM ROSCA BSP MACHO/FEMEA, DE 2 1/2\"","UN    ",154.77000000000001]
[1806,"CURVA 90 GRAUS DE FERRO GALVANIZADO, COM ROSCA BSP MACHO/FEMEA, DE 2\"","UN    ",92.12]
[1804,"CURVA 90 GRAUS DE FERRO GALVANIZADO, COM ROSCA BSP MACHO/FEMEA, DE 3/4\"","UN    ",16.239999999999998]
[1807,"CURVA 90 GRAUS DE FERRO GALVANIZADO, COM ROSCA BSP MACHO/FEMEA, DE 3\"","UN    ",221.34]
[1808,"CURVA 90 GRAUS DE FERRO GALVANIZADO, COM ROSCA BSP MACHO/FEMEA, DE 4\"","UN    ",443.76]
[1797,"CURVA 90 GRAUS DE FERRO GALVANIZADO, COM ROSCA BSP MACHO, DE 1 1/2\"","UN    ",66.55]
[1796,"CURVA 90 GRAUS DE FERRO GALVANIZADO, COM ROSCA BSP MACHO, DE 1 1/4\"","UN    ",51.05]
[1794,"CURVA 90 GRAUS DE FERRO GALVANIZADO, COM ROSCA BSP MACHO, DE 1/2\"","UN    ",12.19]
[1816,"CURVA 90 GRAUS DE FERRO GALVANIZADO, COM ROSCA BSP MACHO, DE 1\"","UN    ",27.48]
[1815,"CURVA 90 GRAUS DE FERRO GALVANIZADO, COM ROSCA BSP MACHO, DE 2 1/2\"","UN    ",211.02]
[1798,"CURVA 90 GRAUS DE FERRO GALVANIZADO, COM ROSCA BSP MACHO, DE 2\"","UN    ",94.42]
[1795,"CURVA 90 GRAUS DE FERRO GALVANIZADO, COM ROSCA BSP MACHO, DE 3/4\"","UN    ",16.88]
[1799,"CURVA 90 GRAUS DE FERRO GALVANIZADO, COM ROSCA BSP MACHO, DE 3\"","UN    ",274.83999999999997]
[1800,"CURVA 90 GRAUS DE FERRO GALVANIZADO, COM ROSCA BSP MACHO, DE 4\"","UN    ",524.71]
[1802,"CURVA 90 GRAUS DE FERRO GALVANIZADO, COM ROSCA BSP MACHO, DE 6\"","UN    ",1312.52]
[40385,"CURVA 90 GRAUS EM ACO CARBONO, RAIO CURTO, SOLDAVEL, PRESSAO 3.000 LBS, DN 1 1/2\"","UN    ",63.03]
[40383,"CURVA 90 GRAUS EM ACO CARBONO, RAIO CURTO, SOLDAVEL, PRESSAO 3.000 LBS, DN 1 1/4\"","UN    ",43.15]
[40378,"CURVA 90 GRAUS EM ACO CARBONO, RAIO CURTO, SOLDAVEL, PRESSAO 3.000 LBS, DN 1/2\"","UN    ",14.92]
[40382,"CURVA 90 GRAUS EM ACO CARBONO, RAIO CURTO, SOLDAVEL, PRESSAO 3.000 LBS, DN 1\"","UN    ",28.23]
[40422,"CURVA 90 GRAUS EM ACO CARBONO, RAIO CURTO, SOLDAVEL, PRESSAO 3.000 LBS, DN 2 1/2\"","UN    ",192.33]
[40387,"CURVA 90 GRAUS EM ACO CARBONO, RAIO CURTO, SOLDAVEL, PRESSAO 3.000 LBS, DN 2\"","UN    ",97.93]
[40380,"CURVA 90 GRAUS EM ACO CARBONO, RAIO CURTO, SOLDAVEL, PRESSAO 3.000 LBS, DN 3/4\"","UN    ",19.89]
[40390,"CURVA 90 GRAUS EM ACO CARBONO, RAIO CURTO, SOLDAVEL, PRESSAO 3.000 LBS, DN 3\"","UN    ",405.08]
[40413,"CURVA 90 GRAUS RANHURADA EM FERRO FUNDIDO, DN 50 MM (2\")","UN    ",22.5]
[40415,"CURVA 90 GRAUS RANHURADA EM FERRO FUNDIDO, DN 65 MM (2 1/2\")","UN    ",32.06]
[40417,"CURVA 90 GRAUS RANHURADA EM FERRO FUNDIDO, DN 80 MM (3\")","UN    ",37.82]
[39271,"CURVA 90 GRAUS, CURTA, DE PVC RIGIDO ROSCAVEL, DE 1/2\", PARA ELETRODUTO","UN    ",1.98]
[39273,"CURVA 90 GRAUS, CURTA, DE PVC RIGIDO ROSCAVEL, DE 1\", PARA ELETRODUTO","UN    ",3.37]
[39272,"CURVA 90 GRAUS, CURTA, DE PVC RIGIDO ROSCAVEL, DE 3/4\", PARA ELETRODUTO","UN    ",2.44]
[1875,"CURVA 90 GRAUS, LONGA, DE PVC RIGIDO ROSCAVEL, DE 1 1/2\", PARA ELETRODUTO","UN    ",5.39]
[1874,"CURVA 90 GRAUS, LONGA, DE PVC RIGIDO ROSCAVEL, DE 1 1/4\", PARA ELETRODUTO","UN    ",4.45]
[1870,"CURVA 90 GRAUS, LONGA, DE PVC RIGIDO ROSCAVEL, DE 1/2\", PARA ELETRODUTO","UN    ",2.57]
[1884,"CURVA 90 GRAUS, LONGA, DE PVC RIGIDO ROSCAVEL, DE 1\", PARA ELETRODUTO","UN    ",3.94]
[1887,"CURVA 90 GRAUS, LONGA, DE PVC RIGIDO ROSCAVEL, DE 2 1/2\", PARA ELETRODUTO","UN    ",22.34]
[1876,"CURVA 90 GRAUS, LONGA, DE PVC RIGIDO ROSCAVEL, DE 2\", PARA ELETRODUTO","UN    ",8.76]
[1879,"CURVA 90 GRAUS, LONGA, DE PVC RIGIDO ROSCAVEL, DE 3/4\", PARA ELETRODUTO","UN    ",2.6]
[1877,"CURVA 90 GRAUS, LONGA, DE PVC RIGIDO ROSCAVEL, DE 3\", PARA ELETRODUTO","UN    ",22.37]
[1878,"CURVA 90 GRAUS, LONGA, DE PVC RIGIDO ROSCAVEL, DE 4\", PARA ELETRODUTO","UN    ",44.95]
[2621,"CURVA 90 GRAUS, PARA ELETRODUTO, EM ACO GALVANIZADO ELETROLITICO, DIAMETRO DE 100 MM (4\")","UN    ",155.24]
[2616,"CURVA 90 GRAUS, PARA ELETRODUTO, EM ACO GALVANIZADO ELETROLITICO, DIAMETRO DE 15 MM (1/2\")","UN    ",4.3899999999999997]
[2633,"CURVA 90 GRAUS, PARA ELETRODUTO, EM ACO GALVANIZADO ELETROLITICO, DIAMETRO DE 20 MM (3/4\")","UN    ",4.97]
[2617,"CURVA 90 GRAUS, PARA ELETRODUTO, EM ACO GALVANIZADO ELETROLITICO, DIAMETRO DE 25 MM (1\")","UN    ",6.75]
[2618,"CURVA 90 GRAUS, PARA ELETRODUTO, EM ACO GALVANIZADO ELETROLITICO, DIAMETRO DE 32 MM (1 1/4\")","UN    ",15.37]
[2632,"CURVA 90 GRAUS, PARA ELETRODUTO, EM ACO GALVANIZADO ELETROLITICO, DIAMETRO DE 40 MM (1 1/2\")","UN    ",18.75]
[2631,"CURVA 90 GRAUS, PARA ELETRODUTO, EM ACO GALVANIZADO ELETROLITICO, DIAMETRO DE 50 MM (2\")","UN    ",27.53]
[2619,"CURVA 90 GRAUS, PARA ELETRODUTO, EM ACO GALVANIZADO ELETROLITICO, DIAMETRO DE 65 MM (2 1/2\")","UN    ",69.72]
[2620,"CURVA 90 GRAUS, PARA ELETRODUTO, EM ACO GALVANIZADO ELETROLITICO, DIAMETRO DE 80 MM (3\")","UN    ",91.53]
[25968,"DENTE PARA FRESADORA","UN    ",38.25]
[38369,"DESEMPENADEIRA DE ACO DENTADA 12 X *25* CM, DENTES 8 X 8 MM, CABO FECHADO DE MADEIRA","UN    ",17.260000000000002]
[38370,"DESEMPENADEIRA DE ACO LISA 12 X *25* CM COM CABO FECHADO DE MADEIRA","UN    ",17.260000000000002]
[38372,"DESEMPENADEIRA PLASTICA LISA *14 X 27* CM","UN    ",17.170000000000002]
[2357,"DESENHISTA COPISTA","H     ",40.33]
[40806,"DESENHISTA COPISTA (MENSALISTA)","MES   ",7161.85]
[2355,"DESENHISTA DETALHISTA","H     ",55.8]
[40805,"DESENHISTA DETALHISTA (MENSALISTA)","MES   ",9905.75]
[2358,"DESENHISTA PROJETISTA","H     ",55.22]
[40807,"DESENHISTA PROJETISTA (MENSALISTA)","MES   ",9803.85]
[2359,"DESENHISTA TECNICO AUXILIAR","H     ",49.1]
[40808,"DESENHISTA TECNICO AUXILIAR (MENSALISTA)","MES   ",8717.07]
[43144,"DESMOLDANTE PARA CONCRETO ESTAMPADO","KG    ",19.02]
[39397,"DESMOLDANTE PARA FORMAS METALICAS A BASE DE OLEO VEGETAL","L     ",8.67]
[2692,"DESMOLDANTE PROTETOR PARA FORMAS DE MADEIRA, DE BASE OLEOSA EMULSIONADA EM AGUA","L     ",3.49]
[5330,"DILUENTE EPOXI","L     ",45.25]
[26017,"DISCO DE BORRACHA PARA LIXADEIRA RIGIDO 7 \" COM ARRUELA CENTRAL","UN    ",33.020000000000003]
[25931,"DISCO DE CORTE DIAMANTADO SEGMENTADO DIAMETRO DE 180 MM PARA ESMERILHADEIRA 7 \"","UN    ",104.94]
[38140,"DISCO DE CORTE DIAMANTADO SEGMENTADO PARA CONCRETO, DIAMETRO DE 110 MM, FURO DE 20 MM","UN    ",25.45]
[13887,"DISCO DE CORTE DIAMANTADO SEGMENTADO PARA CONCRETO, DIAMETRO DE 350 MM, FURO DE 1 \" (14 X 1 \")","UN    ",602.54]
[26018,"DISCO DE CORTE PARA METAL COM DUAS TELAS 12 X 1/8 X 3/4 \" (300 X 3,2 X 19,05 MM)","UN    ",26.82]
[26019,"DISCO DE DESBASTE PARA METAL FERROSO EM GERAL, COM TRES TELAS,  9 X 1/4 X 7/8 \" (228,6 X 6,4 X 22,2 MM)","UN    ",25.33]
[26020,"DISCO DE LIXA PARA METAL, DIAMETRO = 180 MM, GRAO 120","UN    ",6.6]
[34544,"DISJUNTOR  TERMOMAGNETICO TRIPOLAR 3 X 400 A / ICC - 25 KA","UN    ",1968.08]
[34729,"DISJUNTOR TERMICO E MAGNETICO AJUSTAVEIS, TRIPOLAR DE 100 ATE 250A, CAPACIDADE DE INTERRUPCAO DE 35KA","UN    ",1548.2]
[34734,"DISJUNTOR TERMICO E MAGNETICO AJUSTAVEIS, TRIPOLAR DE 300 ATE 400A, CAPACIDADE DE INTERRUPCAO DE 35KA","UN    ",2397.1]
[34738,"DISJUNTOR TERMICO E MAGNETICO AJUSTAVEIS, TRIPOLAR DE 450 ATE 600A, CAPACIDADE DE INTERRUPCAO DE 35KA","UN    ",5600.39]
[2391,"DISJUNTOR TERMOMAGNETICO TRIPOLAR 125A","UN    ",455.49]
[2374,"DISJUNTOR TERMOMAGNETICO TRIPOLAR 150 A / 600 V, TIPO FXD / ICC - 35 KA","UN    ",516.75]
[2377,"DISJUNTOR TERMOMAGNETICO TRIPOLAR 200 A / 600 V, TIPO FXD / ICC - 35 KA","UN    ",725.2]
[2393,"DISJUNTOR TERMOMAGNETICO TRIPOLAR 250 A / 600 V, TIPO FXD","UN    ",1214.44]
[34705,"DISJUNTOR TERMOMAGNETICO TRIPOLAR 3  X 250 A/ICC - 25 KA","UN    ",1062.21]
[34707,"DISJUNTOR TERMOMAGNETICO TRIPOLAR 3 X 350 A/ICC - 25 KA","UN    ",1968.28]
[2378,"DISJUNTOR TERMOMAGNETICO TRIPOLAR 300 A / 600 V, TIPO JXD / ICC - 40 KA","UN    ",1668.2]
[2379,"DISJUNTOR TERMOMAGNETICO TRIPOLAR 400 A / 600 V, TIPO JXD / ICC - 40 KA","UN    ",1668.2]
[2376,"DISJUNTOR TERMOMAGNETICO TRIPOLAR 600 A / 600 V, TIPO LXD / ICC - 40 KA","UN    ",2747.51]
[2394,"DISJUNTOR TERMOMAGNETICO TRIPOLAR 800 A / 600 V, TIPO LMXD","UN    ",5873.68]
[34686,"DISJUNTOR TIPO DIN / IEC, MONOPOLAR DE 40  ATE 50A","UN    ",17.63]
[34616,"DISJUNTOR TIPO DIN/IEC, BIPOLAR DE 6 ATE 32A","UN    ",68.16]
[34623,"DISJUNTOR TIPO DIN/IEC, BIPOLAR 40 ATE 50A","UN    ",67.11]
[34628,"DISJUNTOR TIPO DIN/IEC, BIPOLAR 63 A","UN    ",96.13]
[34653,"DISJUNTOR TIPO DIN/IEC, MONOPOLAR DE 6  ATE  32A","UN    ",11.89]
[34688,"DISJUNTOR TIPO DIN/IEC, MONOPOLAR DE 63 A","UN    ",21.55]
[34709,"DISJUNTOR TIPO DIN/IEC, TRIPOLAR DE 10 ATE 50A","UN    ",83.51]
[34714,"DISJUNTOR TIPO DIN/IEC, TRIPOLAR 63 A","UN    ",99.74]
[2388,"DISJUNTOR TIPO NEMA, BIPOLAR 10  ATE  50 A, TENSAO MAXIMA 415 V","UN    ",82.88]
[34606,"DISJUNTOR TIPO NEMA, BIPOLAR 60 ATE 100A, TENSAO MAXIMA 415 V","UN    ",127.13]
[34689,"DISJUNTOR TIPO NEMA, MONOPOLAR DE 60 ATE 70A, TENSAO MAXIMA DE 240 V","UN    ",40.47]
[2370,"DISJUNTOR TIPO NEMA, MONOPOLAR 10 ATE 30A, TENSAO MAXIMA DE 240 V","UN    ",15.4]
[2386,"DISJUNTOR TIPO NEMA, MONOPOLAR 35  ATE  50 A, TENSAO MAXIMA DE 240 V","UN    ",25.83]
[2392,"DISJUNTOR TIPO NEMA, TRIPOLAR 10  ATE  50A, TENSAO MAXIMA DE 415 V","UN    ",103.38]
[2373,"DISJUNTOR TIPO NEMA, TRIPOLAR 60 ATE 100 A, TENSAO MAXIMA DE 415 V","UN    ",145.65]
[39465,"DISPOSITIVO DPS CLASSE II, 1 POLO, TENSAO MAXIMA DE 175 V, CORRENTE MAXIMA DE *20* KA (TIPO AC)","UN    ",88.97]
[39466,"DISPOSITIVO DPS CLASSE II, 1 POLO, TENSAO MAXIMA DE 175 V, CORRENTE MAXIMA DE *30* KA (TIPO AC)","UN    ",100.1]
[39467,"DISPOSITIVO DPS CLASSE II, 1 POLO, TENSAO MAXIMA DE 175 V, CORRENTE MAXIMA DE *45* KA (TIPO AC)","UN    ",128.04]
[39468,"DISPOSITIVO DPS CLASSE II, 1 POLO, TENSAO MAXIMA DE 175 V, CORRENTE MAXIMA DE *90* KA (TIPO AC)","UN    ",227.58]
[39469,"DISPOSITIVO DPS CLASSE II, 1 POLO, TENSAO MAXIMA DE 275 V, CORRENTE MAXIMA DE *20* KA (TIPO AC)","UN    ",92.7]
[39470,"DISPOSITIVO DPS CLASSE II, 1 POLO, TENSAO MAXIMA DE 275 V, CORRENTE MAXIMA DE *30* KA (TIPO AC)","UN    ",113.9]
[39471,"DISPOSITIVO DPS CLASSE II, 1 POLO, TENSAO MAXIMA DE 275 V, CORRENTE MAXIMA DE *45* KA (TIPO AC)","UN    ",136.88]
[39472,"DISPOSITIVO DPS CLASSE II, 1 POLO, TENSAO MAXIMA DE 275 V, CORRENTE MAXIMA DE *90* KA (TIPO AC)","UN    ",237.84]
[39473,"DISPOSITIVO DPS CLASSE II, 1 POLO, TENSAO MAXIMA DE 385 V, CORRENTE MAXIMA DE *20* KA (TIPO AC)","UN    ",153.63999999999999]
[39474,"DISPOSITIVO DPS CLASSE II, 1 POLO, TENSAO MAXIMA DE 385 V, CORRENTE MAXIMA DE *30* KA (TIPO AC)","UN    ",163.79]
[39475,"DISPOSITIVO DPS CLASSE II, 1 POLO, TENSAO MAXIMA DE 385 V, CORRENTE MAXIMA DE *45* KA (TIPO AC)","UN    ",185.84]
[39476,"DISPOSITIVO DPS CLASSE II, 1 POLO, TENSAO MAXIMA DE 385 V, CORRENTE MAXIMA DE *90* KA (TIPO AC)","UN    ",349.83]
[39477,"DISPOSITIVO DPS CLASSE II, 1 POLO, TENSAO MAXIMA DE 460 V, CORRENTE MAXIMA DE *20* KA (TIPO AC)","UN    ",171.41]
[39478,"DISPOSITIVO DPS CLASSE II, 1 POLO, TENSAO MAXIMA DE 460 V, CORRENTE MAXIMA DE *30* KA (TIPO AC)","UN    ",176.71]
[39479,"DISPOSITIVO DPS CLASSE II, 1 POLO, TENSAO MAXIMA DE 460 V, CORRENTE MAXIMA DE *45* KA (TIPO AC)","UN    ",208.2]
[39480,"DISPOSITIVO DPS CLASSE II, 1 POLO, TENSAO MAXIMA DE 460 V, CORRENTE MAXIMA DE *90* KA (TIPO AC)","UN    ",429.62]
[39459,"DISPOSITIVO DR, 2 POLOS, SENSIBILIDADE DE 30 MA, CORRENTE DE 100 A, TIPO AC","UN    ",364.64]
[39445,"DISPOSITIVO DR, 2 POLOS, SENSIBILIDADE DE 30 MA, CORRENTE DE 25 A, TIPO AC","UN    ",183.08]
[39446,"DISPOSITIVO DR, 2 POLOS, SENSIBILIDADE DE 30 MA, CORRENTE DE 40 A, TIPO AC","UN    ",186.34]
[39447,"DISPOSITIVO DR, 2 POLOS, SENSIBILIDADE DE 30 MA, CORRENTE DE 63 A, TIPO AC","UN    ",199.27]
[39448,"DISPOSITIVO DR, 2 POLOS, SENSIBILIDADE DE 30 MA, CORRENTE DE 80 A, TIPO AC","UN    ",339.8]
[39450,"DISPOSITIVO DR, 2 POLOS, SENSIBILIDADE DE 300 MA, CORRENTE DE 25 A, TIPO AC","UN    ",207.31]
[39451,"DISPOSITIVO DR, 2 POLOS, SENSIBILIDADE DE 300 MA, CORRENTE DE 40 A, TIPO AC","UN    ",226.12]
[39452,"DISPOSITIVO DR, 2 POLOS, SENSIBILIDADE DE 300 MA, CORRENTE DE 63 A, TIPO AC","UN    ",227.47]
[39523,"DISPOSITIVO DR, 2 POLOS, SENSIBILIDADE DE 300 MA, CORRENTE DE 80 A, TIPO  AC","UN    ",380.67]
[39449,"DISPOSITIVO DR, 4 POLOS, SENSIBILIDADE DE 30 MA, CORRENTE DE 100 A, TIPO AC","UN    ",421.56]
[39455,"DISPOSITIVO DR, 4 POLOS, SENSIBILIDADE DE 30 MA, CORRENTE DE 25 A, TIPO AC","UN    ",208.6]
[39456,"DISPOSITIVO DR, 4 POLOS, SENSIBILIDADE DE 30 MA, CORRENTE DE 40 A, TIPO AC","UN    ",208.75]
[39457,"DISPOSITIVO DR, 4 POLOS, SENSIBILIDADE DE 30 MA, CORRENTE DE 63 A, TIPO AC","UN    ",227.57]
[39458,"DISPOSITIVO DR, 4 POLOS, SENSIBILIDADE DE 30 MA, CORRENTE DE 80 A, TIPO AC","UN    ",424.67]
[39464,"DISPOSITIVO DR, 4 POLOS, SENSIBILIDADE DE 300 MA, CORRENTE DE 100 A, TIPO AC","UN    ",682.9]
[39460,"DISPOSITIVO DR, 4 POLOS, SENSIBILIDADE DE 300 MA, CORRENTE DE 25 A, TIPO AC","UN    ",259.01]
[39461,"DISPOSITIVO DR, 4 POLOS, SENSIBILIDADE DE 300 MA, CORRENTE DE 40 A, TIPO AC","UN    ",303.49]
[39462,"DISPOSITIVO DR, 4 POLOS, SENSIBILIDADE DE 300 MA, CORRENTE DE 63 A, TIPO AC","UN    ",292.49]
[39463,"DISPOSITIVO DR, 4 POLOS, SENSIBILIDADE DE 300 MA, CORRENTE DE 80 A, TIPO AC","UN    ",677.6]
[26039,"DISTRIBUIDOR DE AGREGADOS AUTOPROPELIDO, CAP 3 M3, A DIESEL, 6 CC, 176 CV","UN    ",282304.84999999998]
[2401,"DISTRIBUIDOR DE AGREGADOS REBOCAVEL, CAPACIDADE 1,9 M3, LARGURA DE TRABALHO 3,66 M","UN    ",64933.24]
[38870,"DISTRIBUIDOR METALICO, COM ROSCA, 2 SAIDAS, DN 1\" X 1/2\", PARA CONEXAO COM ANEL DESLIZANTE EM TUBO PEX","UN    ",46.47]
[38869,"DISTRIBUIDOR METALICO, COM ROSCA, 2 SAIDAS, DN 3/4\" X 1/2\", PARA CONEXAO COM ANEL DESLIZANTE EM TUBO PEX","UN    ",40.99]
[38872,"DISTRIBUIDOR METALICO, COM ROSCA, 3 SAIDAS, DN 1\" X 1/2\", PARA CONEXAO COM ANEL DESLIZANTE EM TUBO PEX","UN    ",63.47]
[38871,"DISTRIBUIDOR METALICO, COM ROSCA, 3 SAIDAS, DN 3/4\" X 1/2\", PARA CONEXAO COM ANEL DESLIZANTE EM TUBO PEX","UN    ",51.06]
[39283,"DISTRIBUIDOR, PLASTICO, 2 SAIDAS, DN 32 X 16 MM, PARA CONEXAO COM CRIMPAGEM EM TUBO PEX","UN    ",159.03]
[39284,"DISTRIBUIDOR, PLASTICO, 2 SAIDAS, DN 32 X 20 MM, PARA CONEXAO COM CRIMPAGEM EM TUBO PEX","UN    ",172.34]
[39285,"DISTRIBUIDOR, PLASTICO, 2 SAIDAS, DN 32 X 25 MM, PARA CONEXAO COM CRIMPAGEM EM TUBO PEX","UN    ",174.82]
[39286,"DISTRIBUIDOR, PLASTICO, 3 SAIDAS, DN 32 X 16 MM, PARA CONEXAO COM CRIMPAGEM EM TUBO PEX","UN    ",171.01]
[39287,"DISTRIBUIDOR, PLASTICO, 3 SAIDAS, DN 32 X 20 MM, PARA CONEXAO COM CRIMPAGEM EM TUBO PEX","UN    ",200.8]
[39288,"DISTRIBUIDOR, PLASTICO, 3 SAIDAS, DN 32 X 25 MM, PARA CONEXAO COM CRIMPAGEM EM TUBO PEX","UN    ",214.3]
[2414,"DIVISORIA (N2) PAINEL/VIDRO - PAINEL C/ MSO/COMEIA E=35MM - MONTANTE/RODAPE DUPLO ACO GALV PINTADO - COLOCADA","M2    ",102.13]
[2413,"DIVISORIA (N2) PAINEL/VIDRO - PAINEL C/ MSO/COMEIA E=35MM - PERFIS SIMPLES ACO GALV PINTADO - COLOCADA","M2    ",98.25]
[2405,"DIVISORIA (N2) PAINEL/VIDRO - PAINEL MSO/COMEIA E=35MM - MONTANTE/RODAPE DUPLO ALUMINIO ANOD NAT - COLOCADA","M2    ",114.36]
[13361,"DIVISORIA (N2) PAINEL/VIDRO - PAINEL MSO/COMEIA E=35MM - PERFIS SIMPLES ALUMINIO ANOD NAT - COLOCADA","M2    ",95.67]
[11987,"DIVISORIA (N2) PAINEL/VIDRO - PAINEL VERMICULITA E=35MM - PERFIS SIMPLES ALUMINIO ANOD NATURAL - COLOCADA","M2    ",255.98]
[2416,"DIVISORIA (N3) PAINEL/VIDRO/PAINEL MSO/COMEIA E=35MM - MONTANTE/RODAPE DUPLO ACO GALV PINTADO - COLOCADA","M2    ",113.25]
[2412,"DIVISORIA (N3) PAINEL/VIDRO/PAINEL MSO/COMEIA E=35MM - MONTANTE/RODAPE DUPLO ALUMINIO ANOD NAT - COLOCADA","M2    ",109.37]
[2411,"DIVISORIA (N3) PAINEL/VIDRO/PAINEL MSO/COMEIA E=35MM - PERFIS SIMPLES ACO GALV PINTADO - COLOCADA","M2    ",95.67]
[2406,"DIVISORIA (N3) PAINEL/VIDRO/PAINEL MSO/COMEIA E=35MM - PERFIS SIMPLES ALUMINIO ANOD NAT - COLOCADA","M2    ",93.08]
[10571,"DIVISORIA (N3) PAINEL/VIDRO/PAINEL VERMICULITA E=35MM - MONTANTE/RODAPE DUPLO ALUMINIO ANOD NATURAL - COLOCADA","M2    ",227.54]
[11985,"DIVISORIA (N3) PAINEL/VIDRO/PAINEL VERMICULITA E=35MM - MONTANTE/RODAPE PERFIL DUPLO ACO GALV PINTADO - COLOCADA","M2    ",219.78]
[2410,"DIVISORIA CEGA (N1) - PAINEL MSO/COMEIA E=35MM - MONTANTE/RODAPE DUPLO   ACO GALV PINTADO - COLOCADA","M2    ",96.96]
[2417,"DIVISORIA CEGA (N1) - PAINEL MSO/COMEIA E=35MM - MONTANTE/RODAPE DUPLO ALUMINIO ANOD NAT - COLOCADA","M2    ",103.42]
[2415,"DIVISORIA CEGA (N1) - PAINEL MSO/COMEIA E=35MM - PERFIS SIMPLES ACO GALV PINTADO   - COLOCADA","M2    ",82.74]
[13360,"DIVISORIA CEGA (N1) - PAINEL MSO/COMEIA E=35MM - PERFIS SIMPLES ALUMINIO ANOD NAT - COLOCADA","M2    ",82.74]
[11983,"DIVISORIA CEGA (N1) - PAINEL VERMICULITA E=35MM - MONTANTE/RODAPE PERFIS SIMPLES ACO GALV PINTADO - COLOCADA","M2    ",201.68]
[11986,"DIVISORIA CEGA (N1) - PAINEL VERMICULITA E=35MM - PERFIS SIMPLES ALUMINIO ANOD NATURAL - COLOCADA","M2    ",245.64]
[25976,"DIVISORIA EM GRANITO, COM DUAS FACES POLIDAS, TIPO ANDORINHA/ QUARTZ/ CASTELO/ CORUMBA OU OUTROS EQUIVALENTES DA REGIAO, E=  *3,0* CM","M2    ",468.42]
[10629,"DIVISORIA EM MARMORE, COM DUAS FACES POLIDAS, BRANCO COMUM, E=  *3,0* CM","M2    ",281.99]
[10698,"DIVISORIA, PLACA  PRE-MOLDADA EM GRANILITE, MARMORITE OU GRANITINA,  E = *3 CM","M2    ",158.78]
[40521,"DOBRADEIRA ELETROMECANICA DE VERGALHAO, PARA ACO DE DIAMETRO ATE 1 1/2 \"Â\u0094, MOTOR ELETRICO TRIFASICO, POTENCIA DE 3 HP ATE 5 HP","UN    ",94349.75]
[2432,"DOBRADICA EM ACO/FERRO, 3 1/2\" X  3\", E= 1,9  A 2 MM, COM ANEL,  CROMADO OU ZINCADO, TAMPA BOLA, COM PARAFUSOS","UN    ",12.13]
[2433,"DOBRADICA EM ACO/FERRO, 3\" X 2 1/2\", E= 1,2 A 1,8 MM, SEM ANEL,  CROMADO OU ZINCADO, TAMPA CHATA, COM PARAFUSOS","UN    ",4.1100000000000003]
[2420,"DOBRADICA EM ACO/FERRO, 3\" X 2 1/2\", E= 1,9 A 2 MM, SEM ANEL,  CROMADO OU ZINCADO, TAMPA BOLA, COM PARAFUSOS","UN    ",7.06]
[11447,"DOBRADICA EM LATAO, 3 \" X 2 1/2 \", E= 1,9 A 2 MM, COM ANEL, CROMADO, TAMPA BOLA, COM PARAFUSOS","UN    ",13.95]
[11451,"DOBRADICA TIPO VAI-E-VEM EM ACO/FERRO, TAMANHO 3'', GALVANIZADO, COM PARAFUSOS","UN    ",37.409999999999997]
[11116,"DOMOS INDIVIDUAL EM ACRILICO BRANCO *95 X 95* CM, SEM INSTALACAO","UN    ",496.91]
[38411,"DOSADOR DE AREIA, CAPACIDADE DE *26* LITROS","UN    ",1524.02]
[1370,"DUCHA HIGIENICA PLASTICA COM REGISTRO METALICO 1/2 \"","UN    ",85.38]
[38189,"DUCHA METALICA DE PAREDE, ARTICULAVEL, COM BRACO/CANO, SEM DESVIADOR","UN    ",192.76]
[38190,"DUCHA METALICA DE PAREDE, ARTICULAVEL, COM DESVIADOR E DUCHA MANUAL","UN    ",433.48]
[36516,"DUMPER COM CAPACIDADE DE CARGA DE 1700 KG, PARTIDA ELETRICA, MOTOR DIESEL COM POTENCIA DE 16 CV","UN    ",93726.62]
[34777,"ELEMENTO VAZADO CERAMICO DIAGONAL (TIPO FLOR/QUADRADO/XIS) 25 X 18 X 7 CM","UN    ",2.44]
[7272,"ELEMENTO VAZADO CERAMICO QUADRADO (RETO OU REDONDO), *7 A 9 X 20 X 20* CM (L X A X C)","UN    ",2.06]
[10605,"ELEMENTO VAZADO DE CONCRETO, QUADRICULADO, 1 FURO *10 X 10 X 10* CM","UN    ",3.24]
[10604,"ELEMENTO VAZADO DE CONCRETO, QUADRICULADO, 1 FURO *20 X 10 X 7* CM","UN    ",7.55]
[672,"ELEMENTO VAZADO DE CONCRETO, QUADRICULADO, 1 FURO *20 X 20 X 6,5* CM","UN    ",10.38]
[668,"ELEMENTO VAZADO DE CONCRETO, QUADRICULADO, 16 FUROS *29 X 29 X 6* CM","UN    ",12.53]
[10578,"ELEMENTO VAZADO DE CONCRETO, QUADRICULADO, 16 FUROS *33 X 33 X 10* CM","UN    ",14.59]
[666,"ELEMENTO VAZADO DE CONCRETO, QUADRICULADO, 16 FUROS *40 X 40 X 7* CM","UN    ",16.23]
[665,"ELEMENTO VAZADO DE CONCRETO, QUADRICULADO, 16 FUROS *50 X 50 X 7* CM","UN    ",21.7]
[10577,"ELEMENTO VAZADO DE CONCRETO, QUADRICULADO, 25 FUROS *50 X 50 X 5* CM","UN    ",19.25]
[10583,"ELEMENTO VAZADO DE CONCRETO, VENEZIANA *39 X 22 X 15* CM","UN    ",10]
[10579,"ELEMENTO VAZADO DE CONCRETO, VENEZIANA *39 X 29 X 10* CM","UN    ",17.43]
[10582,"ELEMENTO VAZADO DE CONCRETO, VENEZIANA *40 X 10 X 10* CM","UN    ",8.8000000000000007]
[2436,"ELETRICISTA","H     ",17.87]
[40918,"ELETRICISTA (MENSALISTA)","MES   ",3172.04]
[2439,"ELETRICISTA DE MANUTENCAO INDUSTRIAL","H     ",17.97]
[40923,"ELETRICISTA DE MANUTENCAO INDUSTRIAL (MENSALISTA)","MES   ",3193.56]
[10998,"ELETRODO REVESTIDO AWS - E-6010, DIAMETRO IGUAL A 4,00 MM","KG    ",40.03]
[11002,"ELETRODO REVESTIDO AWS - E6013, DIAMETRO IGUAL A 2,50 MM","KG    ",36.67]
[10999,"ELETRODO REVESTIDO AWS - E6013, DIAMETRO IGUAL A 4,00 MM","KG    ",35.229999999999997]
[10997,"ELETRODO REVESTIDO AWS - E7018, DIAMETRO IGUAL A 4,00 MM","KG    ",38.19]
[2685,"ELETRODUTO DE PVC RIGIDO ROSCAVEL DE 1 \", SEM LUVA","M     ",4.8600000000000003]
[2680,"ELETRODUTO DE PVC RIGIDO ROSCAVEL DE 1 1/2 \", SEM LUVA","M     ",7.12]
[2684,"ELETRODUTO DE PVC RIGIDO ROSCAVEL DE 1 1/4 \", SEM LUVA","M     ",6.47]
[2673,"ELETRODUTO DE PVC RIGIDO ROSCAVEL DE 1/2 \", SEM LUVA","M     ",2.5]
[2681,"ELETRODUTO DE PVC RIGIDO ROSCAVEL DE 2 \", SEM LUVA","M     ",11.63]
[2682,"ELETRODUTO DE PVC RIGIDO ROSCAVEL DE 2 1/2 \", SEM LUVA","M     ",16.97]
[2686,"ELETRODUTO DE PVC RIGIDO ROSCAVEL DE 3 \", SEM LUVA","M     ",21.28]
[2674,"ELETRODUTO DE PVC RIGIDO ROSCAVEL DE 3/4 \", SEM LUVA","M     ",3.11]
[2683,"ELETRODUTO DE PVC RIGIDO ROSCAVEL DE 4 \", SEM LUVA","M     ",33.54]
[2676,"ELETRODUTO DE PVC RIGIDO SOLDAVEL, CLASSE B, DE 20 MM","M     ",1.45]
[2678,"ELETRODUTO DE PVC RIGIDO SOLDAVEL, CLASSE B, DE 25 MM","M     ",1.82]
[2679,"ELETRODUTO DE PVC RIGIDO SOLDAVEL, CLASSE B, DE 32 MM","M     ",2.8]
[12070,"ELETRODUTO DE PVC RIGIDO SOLDAVEL, CLASSE B, DE 40 MM","M     ",3.9]
[2675,"ELETRODUTO DE PVC RIGIDO SOLDAVEL, CLASSE B, DE 50 MM","M     ",5.08]
[12067,"ELETRODUTO DE PVC RIGIDO SOLDAVEL, CLASSE B, DE 60 MM","M     ",6.89]
[40401,"ELETRODUTO FLEXIVEL PLANO EM PEAD, COR PRETA E LARANJA,  DIAMETRO 32 MM","M     ",2.16]
[40402,"ELETRODUTO FLEXIVEL PLANO EM PEAD, COR PRETA E LARANJA,  DIAMETRO 40 MM","M     ",2.78]
[40400,"ELETRODUTO FLEXIVEL PLANO EM PEAD, COR PRETA E LARANJA, DIAMETRO 25 MM","M     ",1.47]
[2504,"ELETRODUTO FLEXIVEL, EM ACO GALVANIZADO, REVESTIDO EXTERNAMENTE COM PVC PRETO, DIAMETRO EXTERNO DE 25 MM (3/4\"), TIPO SEALTUBO","M     ",11.28]
[2501,"ELETRODUTO FLEXIVEL, EM ACO GALVANIZADO, REVESTIDO EXTERNAMENTE COM PVC PRETO, DIAMETRO EXTERNO DE 32 MM (1\"), TIPO SEALTUBO","M     ",14.8]
[2502,"ELETRODUTO FLEXIVEL, EM ACO GALVANIZADO, REVESTIDO EXTERNAMENTE COM PVC PRETO, DIAMETRO EXTERNO DE 40 MM (1 1/4\"), TIPO SEALTUBO","M     ",22.33]
[2503,"ELETRODUTO FLEXIVEL, EM ACO GALVANIZADO, REVESTIDO EXTERNAMENTE COM PVC PRETO, DIAMETRO EXTERNO DE 50 MM( 1 1/2\"), TIPO SEALTUBO","M     ",28.74]
[2500,"ELETRODUTO FLEXIVEL, EM ACO GALVANIZADO, REVESTIDO EXTERNAMENTE COM PVC PRETO, DIAMETRO EXTERNO DE 60 MM (2\"), TIPO SEALTUBO","M     ",38.28]
[2505,"ELETRODUTO FLEXIVEL, EM ACO GALVANIZADO, REVESTIDO EXTERNAMENTE COM PVC PRETO, DIAMETRO EXTERNO DE 75 MM (2 1/2\"), TIPO SEALTUBO","M     ",59.65]
[12056,"ELETRODUTO FLEXIVEL, EM ACO, TIPO CONDUITE, DIAMETRO DE 1 1/2\"","M     ",24.1]
[12057,"ELETRODUTO FLEXIVEL, EM ACO, TIPO CONDUITE, DIAMETRO DE 1 1/4\"","M     ",20.47]
[12059,"ELETRODUTO FLEXIVEL, EM ACO, TIPO CONDUITE, DIAMETRO DE 1/2\"","M     ",7.18]
[12058,"ELETRODUTO FLEXIVEL, EM ACO, TIPO CONDUITE, DIAMETRO DE 1\"","M     ",12.76]
[12060,"ELETRODUTO FLEXIVEL, EM ACO, TIPO CONDUITE, DIAMETRO DE 2 1/2\"","M     ",53.19]
[12061,"ELETRODUTO FLEXIVEL, EM ACO, TIPO CONDUITE, DIAMETRO DE 2\"","M     ",32.479999999999997]
[12062,"ELETRODUTO FLEXIVEL, EM ACO, TIPO CONDUITE, DIAMETRO DE 3\"","M     ",59.9]
[21137,"ELETRODUTO METALICO FLEXIVEL REVESTIDO COM PVC PRETO, DIAMETRO EXTERNO DE 15 MM (3/8\"), TIPO COPEX","M     ",10.41]
[2687,"ELETRODUTO PVC FLEXIVEL CORRUGADO, COR AMARELA, DE 16 MM","M     ",1.27]
[2689,"ELETRODUTO PVC FLEXIVEL CORRUGADO, COR AMARELA, DE 20 MM","M     ",1.51]
[2688,"ELETRODUTO PVC FLEXIVEL CORRUGADO, COR AMARELA, DE 25 MM","M     ",1.63]
[2690,"ELETRODUTO PVC FLEXIVEL CORRUGADO, COR AMARELA, DE 32 MM","M     ",2.8]
[39243,"ELETRODUTO PVC FLEXIVEL CORRUGADO, REFORCADO, COR LARANJA, DE 20 MM, PARA LAJES E PISOS","M     ",1.84]
[39244,"ELETRODUTO PVC FLEXIVEL CORRUGADO, REFORCADO, COR LARANJA, DE 25 MM, PARA LAJES E PISOS","M     ",2.4900000000000002]
[39245,"ELETRODUTO PVC FLEXIVEL CORRUGADO, REFORCADO, COR LARANJA, DE 32 MM, PARA LAJES E PISOS","M     ",4.8]
[39254,"ELETRODUTO/CONDULETE DE PVC RIGIDO, LISO, COR CINZA, DE 1/2\", PARA INSTALACOES APARENTES (NBR 5410)","M     ",7.18]
[39255,"ELETRODUTO/CONDULETE DE PVC RIGIDO, LISO, COR CINZA, DE 1\", PARA INSTALACOES APARENTES (NBR 5410)","M     ",13.28]
[39253,"ELETRODUTO/CONDULETE DE PVC RIGIDO, LISO, COR CINZA, DE 3/4\", PARA INSTALACOES APARENTES (NBR 5410)","M     ",9.15]
[2446,"ELETRODUTO/DUTO PEAD FLEXIVEL PAREDE SIMPLES, CORRUGACAO HELICOIDAL, COR PRETA, SEM ROSCA, DE 2\",  PARA CABEAMENTO SUBTERRANEO (NBR 15715)","M     ",5.4]
[2442,"ELETRODUTO/DUTO PEAD FLEXIVEL PAREDE SIMPLES, CORRUGACAO HELICOIDAL, COR PRETA, SEM ROSCA, DE 3\",  PARA CABEAMENTO SUBTERRANEO (NBR 15715)","M     ",7.56]
[39246,"ELETRODUTODUTO PEAD FLEXIVEL PAREDE SIMPLES, CORRUGACAO HELICOIDAL, COR PRETA, SEM ROSCA, DE 1 1/2\",  PARA CABEAMENTO SUBTERRANEO (NBR 15715)","M     ",3.76]
[39247,"ELETRODUTODUTO PEAD FLEXIVEL PAREDE SIMPLES, CORRUGACAO HELICOIDAL, COR PRETA, SEM ROSCA, DE 1 1/4\",  PARA CABEAMENTO SUBTERRANEO (NBR 15715)","M     ",3.28]
[39248,"ELETRODUTODUTO PEAD FLEXIVEL PAREDE SIMPLES, CORRUGACAO HELICOIDAL, COR PRETA, SEM ROSCA, DE 4\",  PARA CABEAMENTO SUBTERRANEO (NBR 15715)","M     ",10.54]
[2438,"ELETROTECNICO","H     ",20.46]
[40922,"ELETROTECNICO (MENSALISTA)","MES   ",3634.63]
[36486,"ELEVADOR DE CARGA A CABO, CABINE SEMI FECHADA 2,0 X 1,5 X 2,0 M, CAPACIDADE DE CARGA 1000 KG, TORRE  2,38 X 2,21 X 15 M, GUINCHO DE EMBREAGEM, FREIO DE SEGURANCA, LIMITADOR DE VELOCIDADE E CANCELA","UN    ",43193.83]
[37777,"ELEVADOR DE CREMALHEIRA CABINE FECHADA 1,5 X 2,5 X 2,35 M (UMA POR TORRE), CAPACIDADE DE CARGA 1200 KG (15 PESSOAS), TORRE  24 M (16 MODULOS), FREIO DE SEGURANCA, LIMITADOR DE CARGA","UN    ",203355.73]
[12624,"EMENDA PARA CALHA PLUVIAL, PVC, DIAMETRO ENTRE 119 E 170 MM, PARA DRENAGEM PREDIAL","UN    ",11.07]
[517,"EMULSAO ASFALTICA ANIONICA","L     ",5.98]
[41904,"EMULSAO ASFALTICA CATIONICA RL-1C PARA USO EM PAVIMENTACAO ASFALTICA (COLETADO CAIXA NA ANP ACRESCIDO DE ICMS)","T     ",2384.08]
[41905,"EMULSAO ASFALTICA CATIONICA RR-1C PARA USO EM PAVIMENTACAO ASFALTICA (COLETADO CAIXA NA ANP ACRESCIDO DE ICMS)","KG    ",2.2799999999999998]
[41903,"EMULSAO ASFALTICA CATIONICA RR-2C PARA USO EM PAVIMENTACAO ASFALTICA (COLETADO CAIXA NA ANP ACRESCIDO DE ICMS)","KG    ",2.81]
[37534,"EMULSAO EXPLOSIVA EM CARTUCHOS DE 1\" X 12\", DENSIDADE 1.15 G/CM3, INICIACAO ESPOLETA N. 8 / CORDEL","KG    ",15.19]
[37535,"EMULSAO EXPLOSIVA EM CARTUCHOS DE 1\" X 24\", DENSIDADE 1.15 G/CM3, INICIACAO ESPOLETA N. 8 / CORDEL","KG    ",15.19]
[37533,"EMULSAO EXPLOSIVA EM CARTUCHOS DE 1\" X 8\", DENSIDADE 1.15 G/CM3, INICIACAO ESPOLETA N. 8 / CORDEL","KG    ",15.19]
[37537,"EMULSAO EXPLOSIVA EM CARTUCHOS DE 2 1/2\" X 24\", DENSIDADE 1.15 G/CM3, INICIACAO ESPOLETA N. 8 / CORDEL","KG    ",11.5]
[37536,"EMULSAO EXPLOSIVA EM CARTUCHOS DE 2 1/4\" X 24\", DENSIDADE 1.15 G/CM3, INICIACAO ESPOLETA N. 8 / CORDEL","KG    ",11.5]
[37532,"EMULSAO EXPLOSIVA EM CARTUCHOS DE 2\" X 24\", DENSIDADE 1.15 G/CM3, INICIACAO ESPOLETA N. 8 / CORDEL","KG    ",11.5]
[2696,"ENCANADOR OU BOMBEIRO HIDRAULICO","H     ",17.87]
[40928,"ENCANADOR OU BOMBEIRO HIDRAULICO (MENSALISTA)","MES   ",3172.04]
[4083,"ENCARREGADO GERAL DE OBRAS","H     ",43.59]
[40818,"ENCARREGADO GERAL DE OBRAS (MENSALISTA)","MES   ",7737.81]
[43146,"ENDURECEDOR MINERAL DE BASE CIMENTICIA PARA PISO DE CONCRETO","KG    ",4.4800000000000004]
[2705,"ENERGIA ELETRICA ATE 2000 KWH INDUSTRIAL, SEM DEMANDA","KW/H  ",0.99]
[14250,"ENERGIA ELETRICA COMERCIAL, BAIXA TENSAO, RELATIVA AO CONSUMO DE ATE 100 KWH, INCLUINDO ICMS, PIS/PASEP E COFINS","KW/H  ",1.01]
[11683,"ENGATE / RABICHO FLEXIVEL INOX 1/2 \" X 30 CM","UN    ",29.16]
[11684,"ENGATE / RABICHO FLEXIVEL INOX 1/2 \" X 40 CM","UN    ",31.92]
[6141,"ENGATE/RABICHO FLEXIVEL PLASTICO (PVC OU ABS) BRANCO 1/2 \" X 30 CM","UN    ",3.76]
[11681,"ENGATE/RABICHO FLEXIVEL PLASTICO (PVC OU ABS) BRANCO 1/2 \" X 40 CM","UN    ",6.7]
[2706,"ENGENHEIRO CIVIL DE OBRA JUNIOR","H     ",91.17]
[40811,"ENGENHEIRO CIVIL DE OBRA JUNIOR (MENSALISTA)","MES   ",16183.91]
[2707,"ENGENHEIRO CIVIL DE OBRA PLENO","H     ",103.77]
[40813,"ENGENHEIRO CIVIL DE OBRA PLENO (MENSALISTA)","MES   ",18420.61]
[2708,"ENGENHEIRO CIVIL DE OBRA SENIOR","H     ",141.85]
[40814,"ENGENHEIRO CIVIL DE OBRA SENIOR (MENSALISTA)","MES   ",25180.49]
[34779,"ENGENHEIRO CIVIL JUNIOR","H     ",92.5]
[40936,"ENGENHEIRO CIVIL JUNIOR (MENSALISTA)","MES   ",16420]
[34780,"ENGENHEIRO CIVIL PLENO","H     ",104.35]
[40937,"ENGENHEIRO CIVIL PLENO (MENSALISTA)","MES   ",18525]
[34782,"ENGENHEIRO CIVIL SENIOR","H     ",143.01]
[40938,"ENGENHEIRO CIVIL SENIOR (MENSALISTA)","MES   ",25386.76]
[34783,"ENGENHEIRO ELETRICISTA","H     ",91.28]
[40939,"ENGENHEIRO ELETRICISTA (MENSALISTA)","MES   ",16205.53]
[34785,"ENGENHEIRO SANITARISTA","H     ",71.42]
[40940,"ENGENHEIRO SANITARISTA (MENSALISTA)","MES   ",12678.82]
[38403,"ENXADA ESTREITA *25 X 23* CM COM CABO","UN    ",42.72]
[43482,"EPI - FAMILIA ALMOXARIFE - HORISTA (ENCARGOS COMPLEMENTARES - COLETADO CAIXA)","H     ",0.57999999999999996]
[43494,"EPI - FAMILIA ALMOXARIFE - MENSALISTA (ENCARGOS COMPLEMENTARES - COLETADO CAIXA)","MES   ",108.8]
[43483,"EPI - FAMILIA CARPINTEIRO DE FORMAS - HORISTA (ENCARGOS COMPLEMENTARES - COLETADO CAIXA)","H     ",1.05]
[43495,"EPI - FAMILIA CARPINTEIRO DE FORMAS - MENSALISTA (ENCARGOS COMPLEMENTARES - COLETADO CAIXA)","MES   ",197.14]
[43484,"EPI - FAMILIA ELETRICISTA - HORISTA (ENCARGOS COMPLEMENTARES - COLETADO CAIXA)","H     ",0.91]
[43496,"EPI - FAMILIA ELETRICISTA - MENSALISTA (ENCARGOS COMPLEMENTARES - COLETADO CAIXA)","MES   ",171.87]
[43485,"EPI - FAMILIA ENCANADOR - HORISTA (ENCARGOS COMPLEMENTARES - COLETADO CAIXA)","H     ",0.8]
[43497,"EPI - FAMILIA ENCANADOR - MENSALISTA (ENCARGOS COMPLEMENTARES - COLETADO CAIXA)","MES   ",151.31]
[43487,"EPI - FAMILIA ENCARREGADO GERAL - HORISTA (ENCARGOS COMPLEMENTARES - COLETADO CAIXA)","H     ",0.94]
[43499,"EPI - FAMILIA ENCARREGADO GERAL - MENSALISTA (ENCARGOS COMPLEMENTARES - COLETADO CAIXA)","MES   ",177.24]
[43486,"EPI - FAMILIA ENGENHEIRO CIVIL - HORISTA (ENCARGOS COMPLEMENTARES - COLETADO CAIXA)","H     ",0.55000000000000004]
[43498,"EPI - FAMILIA ENGENHEIRO CIVIL - MENSALISTA (ENCARGOS COMPLEMENTARES - COLETADO CAIXA)","MES   ",103.22]
[43488,"EPI - FAMILIA OPERADOR ESCAVADEIRA - HORISTA (ENCARGOS COMPLEMENTARES - COLETADO CAIXA)","H     ",0.63]
[43500,"EPI - FAMILIA OPERADOR ESCAVADEIRA - MENSALISTA (ENCARGOS COMPLEMENTARES - COLETADO CAIXA)","MES   ",119.49]
[43489,"EPI - FAMILIA PEDREIRO - HORISTA (ENCARGOS COMPLEMENTARES - COLETADO CAIXA)","H     ",0.95]
[43501,"EPI - FAMILIA PEDREIRO - MENSALISTA (ENCARGOS COMPLEMENTARES - COLETADO CAIXA)","MES   ",178.44]
[43490,"EPI - FAMILIA PINTOR - HORISTA (ENCARGOS COMPLEMENTARES - COLETADO CAIXA)","H     ",1.33]
[43502,"EPI - FAMILIA PINTOR - MENSALISTA (ENCARGOS COMPLEMENTARES - COLETADO CAIXA)","MES   ",250.26]
[43491,"EPI - FAMILIA SERVENTE - HORISTA (ENCARGOS COMPLEMENTARES - COLETADO CAIXA)","H     ",1.01]
[43503,"EPI - FAMILIA SERVENTE - MENSALISTA (ENCARGOS COMPLEMENTARES - COLETADO CAIXA)","MES   ",191.25]
[43492,"EPI - FAMILIA SOLDADOR - HORISTA (ENCARGOS COMPLEMENTARES - COLETADO CAIXA)","H     ",1.3]
[43504,"EPI - FAMILIA SOLDADOR - MENSALISTA (ENCARGOS COMPLEMENTARES - COLETADO CAIXA)","MES   ",244.54]
[43493,"EPI - FAMILIA TOPOGRAFO - HORISTA (ENCARGOS COMPLEMENTARES - COLETADO CAIXA)","H     ",0.52]
[43505,"EPI - FAMILIA TOPOGRAFO - MENSALISTA (ENCARGOS COMPLEMENTARES - COLETADO CAIXA)","MES   ",98.01]
[37774,"EQUIPAMENTO DE LIMPEZA COMBINADO (VACUO/ALTA PRESSAO) 95% VACUO, TANQUE 7000 L, BOMBA 140 KGF/CM2 66 L/MIN COM MOTOR INDEPENDENTE A DIESEL DE 60 CV (INCLUI MONTAGEM, NAO INCLUI CAMINHAO)","UN    ",229881.24]
[38630,"EQUIPAMENTO PARA DEMARCACAO DE FAIXAS DE TRAFEGO A FRIO, A SER MONTADO SOBRE CAMINHAO DE PBT MINIMO DE 9 T E DISTANCIA MINIMA ENTRE EIXOS DE 4,3 M, CAPACIDADE PARA 800 L DE TINTA (INCLUI MONTAGEM, NAO INCLUI CAMINHAO)","UN    ",1179511.71]
[38629,"EQUIPAMENTO PARA DEMARCACAO DE FAIXAS DE TRAFEGO A QUENTE, A SER MONTADO SOBRE CAMINHAO DE PBT MINIMO DE 17 T E DISTANCIA MINIMA ENTRE EIXOS DE 5,2 M, CAPACIDADE PARA 1.000 KG DE MATERIAL TERMOPLASTICO (INCLUI MONTAGEM, NAO INCLUI CAMINHAO E NEM COMPRESSOR DE AR)","UN    ",1755761.71]
[38476,"ESCADA DUPLA DE ABRIR EM ALUMINIO, MODELO PINTOR, 8 DEGRAUS","UN    ",321.07]
[38477,"ESCADA EXTENSIVEL EM ALUMINIO COM 6,00 M ESTENDIDA","UN    ",909.28]
[40635,"ESCAVADEIRA HIDRAULICA SOBRE ESTEIRA, COM GARRA GIRATORIA DE MANDIBULAS, PESO OPERACIONAL ENTRE 22,00 E 25,50 TON, POTENCIA LIQUIDA ENTRE 150 E 160 HP","UN    ",644891.5]
[36483,"ESCAVADEIRA HIDRAULICA SOBRE ESTEIRAS CACAMBA 0,40 A 1,20 M3, PESO OPERACIONAL 21,19 T, POTENCIA LIQUIDA 173 HP","UN    ",584375]
[14525,"ESCAVADEIRA HIDRAULICA SOBRE ESTEIRAS COM CACAMBA DE 1,20 M3, PESO OPERACIONAL 21 T, POTENCIA BRUTA 155 HP","UN    ",611875]
[36482,"ESCAVADEIRA HIDRAULICA SOBRE ESTEIRAS, CACAMBA  0,80 M3, PESO OPERACIONAL 17,8 T, POTENCIA LIQUIDA 110 HP","UN    ",524768.03]
[36408,"ESCAVADEIRA HIDRAULICA SOBRE ESTEIRAS, CACAMBA 0,4 A 1,70 M3, PESO OPERACIONAL 23,2 T, POTENCIA BRUTA 183 HP","UN    ",627000]
[2723,"ESCAVADEIRA HIDRAULICA SOBRE ESTEIRAS, CACAMBA 0,62M3, PESO OPERACIONAL 12,61T, POTENCIA LIQUIDA 95HP","UN    ",481250]
[36481,"ESCAVADEIRA HIDRAULICA SOBRE ESTEIRAS, CACAMBA 0,80 A 1,30 M3, PESO OPERACIONAL 22,18 T, POTENCIA LIQUIDA 170 HP","UN    ",574062.5]
[10685,"ESCAVADEIRA HIDRAULICA SOBRE ESTEIRAS, CACAMBA 0,80M3, PESO OPERACIONAL 17T, POTENCIA BRUTA 111HP","UN    ",550000]
[40636,"ESCAVADEIRA HIDRAULICA SOBRE ESTEIRAS, CAPACIDADE DA CACAMBA ENTRE 1,20 E 1,50 M3, PESO OPERACIONAL ENTRE 20,00 E 22,00 TON, POTENCIA LIQUIDA ENTRE 150 E 155 HP, EQUIPADA COM CLAMSHELL","UN    ",620829]
[4111,"ESCORA PRE-MOLDADA EM CONCRETO, *10 X 10* CM, H = 2,30M","UN    ",35.43]
[26021,"ESCOVA CIRCULAR EM ACO LATONADO, 6 X 1 \" (DIAMETRO X ESPESSURA), FURO DE 1 1/4 \", FIO ONDULADO *0,30* MM","UN    ",60.97]
[12,"ESCOVA DE ACO, COM CABO, *4  X 15* FILEIRAS DE CERDAS","UN    ",8.5]
[37554,"ESGUICHO JATO REGULAVEL, TIPO ELKHART, ENGATE RAPIDO 1 1/2\", PARA COMBATE A INCENDIO","UN    ",147.97]
[37555,"ESGUICHO JATO REGULAVEL, TIPO ELKHART, ENGATE RAPIDO 2 1/2\", PARA COMBATE A INCENDIO","UN    ",179.99]
[10902,"ESGUICHO TIPO JATO SOLIDO, EM LATAO, ENGATE RAPIDO 1 1/2\" X 13 MM, PARA MANGUEIRA EM INSTALACAO PREDIAL COMBATE A INCENDIO","UN    ",45.16]
[20965,"ESGUICHO TIPO JATO SOLIDO, EM LATAO, ENGATE RAPIDO 1 1/2\" X 16 MM, PARA MANGUEIRA EM INSTALACAO PREDIAL COMBATE A INCENDIO","UN    ",45.58]
[20966,"ESGUICHO TIPO JATO SOLIDO, EM LATAO, ENGATE RAPIDO 1 1/2\" X 19 MM, PARA MANGUEIRA EM INSTALACAO PREDIAL COMBATE A INCENDIO","UN    ",49.08]
[10903,"ESGUICHO TIPO JATO SOLIDO, EM LATAO, ENGATE RAPIDO 2 1/2\" X 13 MM, PARA MANGUEIRA EM INSTALACAO PREDIAL COMBATE A INCENDIO","UN    ",74.39]
[20967,"ESGUICHO TIPO JATO SOLIDO, EM LATAO, ENGATE RAPIDO 2 1/2\" X 16 MM, PARA MANGUEIRA EM INSTALACAO PREDIAL COMBATE A INCENDIO","UN    ",74.39]
[20968,"ESGUICHO TIPO JATO SOLIDO, EM LATAO, ENGATE RAPIDO 2 1/2\" X 19 MM, PARA MANGUEIRA EM INSTALACAO PREDIAL COMBATE A INCENDIO","UN    ",81.59]
[11359,"ESMERILHADEIRA ANGULAR ELETRICA, DIAMETRO DO DISCO 7 '' (180 MM), ROTACAO 8500 RPM, POTENCIA 2400 W","UN    ",781.65]
[39017,"ESPACADOR / DISTANCIADOR CIRCULAR COM ENTRADA LATERAL, EM PLASTICO, PARA VERGALHAO *4,2 A 12,5* MM, COBRIMENTO 20 MM","UN    ",0.18]
[39315,"ESPACADOR / DISTANCIADOR TIPO GARRA DUPLA, EM PLASTICO, COBRIMENTO *20* MM, PARA FERRAGENS DE LAJES E FUNDO DE VIGAS","UN    ",0.28999999999999998]
[39016,"ESPACADOR / DISTANCIADOR TIPO PINO EM PLASTICO, PARA VERGALHAO ATE 10 MM, PARA APOIO DE ARMADURA","UN    ",0.28999999999999998]
[40432,"ESPACADOR / SEPARADOR DE BARRA , METALICO, TIPO CARAMBOLA, PARA TIRANTES, 25 X 84 MM","UN    ",2.2799999999999998]
[39481,"ESPACADOR OU DISTANCIADOR, EM PLASTICO, TIPO APOIO DE CORDOALHA (CARANGUEJO), PARA ARMADURA NEGATIVA E PROTENSAO, COBRIMENTO 50 MM","UN    ",1.43]
[40433,"ESPACADOR/SEPARADOR DE CORDOALHA TIPO DISCO 12 FUROS DE 14 MM, PARA TIRANTES","UN    ",1.26]
[20219,"ESPARGIDOR DE ASFALTO PRESSURIZADO, REBOCAVEL, TANQUE DE 2500 L, PNEUMATICO,  COM MOTOR A GASOLINA 3,4HP","UN    ",83700]
[36484,"ESPARGIDOR DE ASFALTO PRESSURIZADO, TANQUE 6 M3 COM ISOLACAO TERMICA, AQUECIDO COM 2 MACARICOS, COM BARRA ESPARGIDORA 3,60 M, A SER MONTADO SOBRE CAMINHAO","UN    ",177679.85]
[38367,"ESPATULA DE ACO INOX COM CABO DE MADEIRA, LARGURA 8 CM","UN    ",17.25]
[38368,"ESPATULA DE PLASTICO LISA, LARGURA 10 CM","UN    ",6.67]
[38091,"ESPELHO / PLACA CEGA 4\" X 2\", PARA INSTALACAO DE TOMADAS E INTERRUPTORES","UN    ",1.87]
[38095,"ESPELHO / PLACA CEGA 4\" X 4\", PARA INSTALACAO DE TOMADAS E INTERRUPTORES","UN    ",3.96]
[38092,"ESPELHO / PLACA DE 1 POSTO 4\" X 2\", PARA INSTALACAO DE TOMADAS E INTERRUPTORES","UN    ",1.77]
[38093,"ESPELHO / PLACA DE 2 POSTOS 4\" X 2\", PARA INSTALACAO DE TOMADAS E INTERRUPTORES","UN    ",1.83]
[38096,"ESPELHO / PLACA DE 2 POSTOS 4\" X 4\", PARA INSTALACAO DE TOMADAS E INTERRUPTORES","UN    ",4.26]
[38094,"ESPELHO / PLACA DE 3 POSTOS 4\" X 2\", PARA INSTALACAO DE TOMADAS E INTERRUPTORES","UN    ",2.25]
[38097,"ESPELHO / PLACA DE 4 POSTOS 4\" X 4\", PARA INSTALACAO DE TOMADAS E INTERRUPTORES","UN    ",4.57]
[38098,"ESPELHO / PLACA DE 6 POSTOS 4\" X 4\", PARA INSTALACAO DE TOMADAS E INTERRUPTORES","UN    ",4.57]
[11186,"ESPELHO CRISTAL E = 4 MM","M2    ",343.99]
[11558,"ESPELHO, RETO OU CURVO, EM LATAO CROMADO, ESPESSURA ATE 6 MM, LARGURA *40*MM, ALTURA *180*MM - PARA FECHADURA DE EMBUTIR","PAR   ",12.9]
[11557,"ESPELHO, RETO OU CURVO, EM LATAO CROMADO, ESPESSURA MINIMA 6 MM, LARGURA *43*MM, ALTURA *230*MM - PARA FECHADURA DE EMBUTIR","PAR   ",32.659999999999997]
[2759,"ESPOLETA SIMPLES N 8.","UN    ",5.8]
[38124,"ESPUMA EXPANSIVA DE POLIURETANO, APLICACAO MANUAL - 500 ML","UN    ",24.4]
[38380,"ESQUADRO DE ACO 12 \" (300 MM), CABO DE ALUMINIO","UN    ",27.41]
[20059,"ESQUADRO INTERNO OU EXTERNO PARA CALHA PLUVIAL, PVC, DIAMETRO ENTRE 119 E 170 MM, PARA DRENAGEM PREDIAL","UN    ",15.71]
[42429,"ESQUI TRIPLO, EM TUBO DE ACO CARBONO, PINTURA NO PROCESSO ELETROSTATICO - EQUIPAMENTO DE GINASTICA PARA ACADEMIA AO AR LIVRE / ACADEMIA DA TERCEIRA IDADE - ATI","UN    ",4775.51]
[39616,"ESTABILIZADOR BIVOLT AUTOMATICO, 1000 VA","UN    ",479.9]
[39618,"ESTABILIZADOR BIVOLT AUTOMATICO, 1500 VA","UN    ",870.46]
[39619,"ESTABILIZADOR BIVOLT AUTOMATICO, 2000 VA","UN    ",1192.17]
[39613,"ESTABILIZADOR BIVOLT AUTOMATICO, 300 VA","UN    ",190.63]
[39614,"ESTABILIZADOR BIVOLT AUTOMATICO, 500 VA","UN    ",278.11]
[38538,"ESTACA PRE-MOLDADA MACICA DE CONCRETO VIBRADO ARMADO, PARA CARGA DE 25 T, SECAO QUADRADA DE *16 X 16*, COM ANEL METALICO INCORPORADO A PECA (SOMENTE FORNECIMENTO)","M     ",56]
[38539,"ESTACA PRE-MOLDADA MACICA DE CONCRETO VIBRADO ARMADO, PARA CARGA DE 50 T, SECAO QUADRADA, COM ANEL METALICO INCORPORADO A PECA (SOMENTE FORNECIMENTO)","M     ",76.150000000000006]
[38540,"ESTACA PRE-MOLDADA VAZADA DE CONCRETO CENTRIFUGADO, PARA CARGA DE 100 T, SECAO CIRCULAR, COM ANEL METALICO INCORPORADO A PECA (SOMENTE FORNECIMENTO)","M     ",195.16]
[38384,"ESTILETE DE METAL, LAMINA 18 MM","UN    ",17.3]
[13,"ESTOPA","KG    ",13.08]
[2762,"ESTOPIM SIMPLES","M     ",7.25]
[21142,"ESTRIBO COM PARAFUSO EM CHAPA DE FERRO FUNDIDO DE 2\" X 3/16\" X 35 CM, SECAO \"U\", PARA MADEIRAMENTO DE TELHADO","UN    ",29.93]
[4223,"ETANOL","L     ",4.08]
[37372,"EXAMES - HORISTA (COLETADO CAIXA)","H     ",0.55000000000000004]
[40863,"EXAMES - MENSALISTA (COLETADO CAIXA)","MES   ",103.7]
[38475,"EXTENSAO DE SOLDA 201 ACETILENO, E = *1,5 A 2,5* MM","UN    ",18.940000000000001]
[38474,"EXTENSAO DE SOLDA 201 GLP, E = *2,5 A 4,0* MM","UN    ",23.42]
[10886,"EXTINTOR DE INCENDIO PORTATIL COM CARGA DE AGUA PRESSURIZADA DE 10 L, CLASSE A","UN    ",131.25]
[10888,"EXTINTOR DE INCENDIO PORTATIL COM CARGA DE GAS CARBONICO CO2 DE 4 KG, CLASSE BC","UN    ",415.38]
[10889,"EXTINTOR DE INCENDIO PORTATIL COM CARGA DE GAS CARBONICO CO2 DE 6 KG, CLASSE BC","UN    ",450]
[10890,"EXTINTOR DE INCENDIO PORTATIL COM CARGA DE PO QUIMICO SECO (PQS) DE 12 KG, CLASSE BC","UN    ",207.69]
[10891,"EXTINTOR DE INCENDIO PORTATIL COM CARGA DE PO QUIMICO SECO (PQS) DE 4 KG, CLASSE BC","UN    ",126.92]
[10892,"EXTINTOR DE INCENDIO PORTATIL COM CARGA DE PO QUIMICO SECO (PQS) DE 6 KG, CLASSE BC","UN    ",150]
[20977,"EXTINTOR DE INCENDIO PORTATIL COM CARGA DE PO QUIMICO SECO (PQS) DE 8 KG, CLASSE BC","UN    ",178.84]
[3073,"EXTREMIDADE PVC PBA, BF, JE, DN 100/ DE 110 MM (NBR 10351)","UN    ",197.82]
[3068,"EXTREMIDADE PVC PBA, BF, JE, DN 50 / DE 60 MM (NBR 10351)","UN    ",39.549999999999997]
[3074,"EXTREMIDADE PVC PBA, BF, JE, DN 75/ DE 85 MM (NBR 10351)","UN    ",124.89]
[3076,"EXTREMIDADE PVC PBA, PF, JE, DN 100 / DE 110 MM (NBR 10351)","UN    ",162.63]
[3072,"EXTREMIDADE PVC PBA, PF, JE, DN 50/ DE 60 MM (NBR 10351)","UN    ",40.97]
[3075,"EXTREMIDADE PVC PBA, PF, JE, DN 75 / DE 85 MM (NBR 10351)","UN    ",102.77]
[10780,"EXTREMIDADE/TUBETE PARA HIDROMETRO PVC, COM ROSCA, CURTA, COM BUCHA LATAO, 1/2\"","UN    ",8.68]
[10781,"EXTREMIDADE/TUBETE PARA HIDROMETRO PVC, COM ROSCA, CURTA, COM BUCHA LATAO, 3/4\"","UN    ",13.93]
[20106,"EXTREMIDADE/TUBETE PARA HIDROMETRO PVC, COM ROSCA, CURTA, SEM BUCHA LATAO, 1/2\"","UN    ",4.59]
[20107,"EXTREMIDADE/TUBETE PARA HIDROMETRO PVC, COM ROSCA, CURTA, SEM BUCHA LATAO, 3/4\"","UN    ",5.26]
[20108,"EXTREMIDADE/TUBETE PARA HIDROMETRO PVC, COM ROSCA, LONGA, SEM BUCHA LATAO, 1/2\"","UN    ",6.94]
[20109,"EXTREMIDADE/TUBETE PARA HIDROMETRO PVC, COM ROSCA, LONGA, SEM BUCHA LATAO, 3/4\"","UN    ",8.68]
[43612,"FECHADRUA BICO DE PAPAGAIO PARA PORTA DE CORRER EXTERNA, EM ACO INOX COM ACABAMENTO CROMADO, MAQUINA COM 45 MM, INCLUINDO CHAVE TIPO CILINDRO","CJ    ",71.260000000000005]
[43613,"FECHADRUA BICO DE PAPAGAIO PARA PORTA DE CORRER INTERNA, EM ACO INOX COM ACABAMENTO CROMADO, MAQUINA COM 45 MM, INCLUINDO CHAVE TIPO BIPARTIDA","CJ    ",58.99]
[11480,"FECHADURA AUXILIAR DE SEGURANÃ\u0087A PARA PORTA EXTERNA, EM ACO INOX, BROCA DE 45 A 55 MM, LINGUETA COM 3 AVANCOS, INCLUINDO 2 CHAVES TIPO CILINDRO","CJ    ",90.53]
[11469,"FECHADURA DE EMBUTIR PARA GAVETA E MOVEIS DE MADEIRA, EM ACO INOX COM ACABAMENTO CROMADO, COM ABAS LATERAIS, CILINDRO COM 22 MM DE DIAMETRO, INCLUINDO CHAVE COM PERFIL METALICO E CAPA ESCAMOTEAVEL","UN    ",9.66]
[11468,"FECHADURA DE SOBREPOR PARA GAVETAS E ARMARIOS, EM ACO INOX COM ACABAMENTO CROMADO, COM CILINDRO DE APROX 20 MM","UN    ",9.67]
[11484,"FECHADURA DE SOBREPOR PARA PORTAO, EM ACO INOX COM ACABAMENTO CROMADO, CAIXA DE 100 MM, INCLUINDO CHAVE TIPO CILINDRO","UN    ",42.47]
[38155,"FECHADURA DE SOBREPOR PARA PORTAO, EM ACO INOX COM ACABAMENTO CROMADO, CAIXA DE 100 MM, INCLUINDO CHAVE TIPO TETRA","UN    ",65.94]
[11467,"FECHADURA DE SOBREPOR TIPO CAIXAO, EM FERRO COM ACABAMENTO RESINADO, SEM MACANETA, SEM CILINDRO, INCLUINDO CHAVE TIPO SIMPLES","UN    ",15.07]
[38153,"FECHADURA ESPELHO PARA PORTA DE BANHEIRO, EM ACO INOX (MAQUINA, TESTA E CONTRA-TESTA) E EM ZAMAC (MACANETA, LINGUETA E TRINCOS) COM ACABAMENTO CROMADO, MAQUINA DE 40 MM, INCLUINDO CHAVE TIPO TRANQUETA","CJ    ",38.49]
[43607,"FECHADURA ESPELHO PARA PORTA DE BANHEIRO, EM ACO INOX (MAQUINA, TESTA E CONTRA-TESTA) E EM ZAMAC (MACANETA, LINGUETA E TRINCOS) COM ACABAMENTO CROMADO, MAQUINA DE 55 MM, INCLUINDO CHAVE TIPO TRANQUETA","UN    ",72.8]
[3080,"FECHADURA ESPELHO PARA PORTA EXTERNA, EM ACO INOX (MAQUINA, TESTA E CONTRA-TESTA) E EM ZAMAC (MACANETA, LINGUETA E TRINCOS) COM ACABAMENTO CROMADO, MAQUINA DE 40 MM, INCLUINDO CHAVE TIPO CILINDRO","CJ    ",48.95]
[3081,"FECHADURA ESPELHO PARA PORTA EXTERNA, EM ACO INOX (MAQUINA, TESTA E CONTRA-TESTA) E EM ZAMAC (MACANETA, LINGUETA E TRINCOS) COM ACABAMENTO CROMADO, MAQUINA DE 55 MM, INCLUINDO CHAVE TIPO CILINDRO","CJ    ",96.84]
[3090,"FECHADURA ESPELHO PARA PORTA INTERNA, EM ACO INOX (MAQUINA, TESTA E CONTRA-TESTA) E EM ZAMAC (MACANETA, LINGUETA E TRINCOS) COM ACABAMENTO CROMADO, MAQUINA DE 40 MM, INCLUINDO CHAVE TIPO INTERNA","CJ    ",43.69]
[43611,"FECHADURA ESPELHO PARA PORTA INTERNA, EM ACO INOX (MAQUINA, TESTA E CONTRA-TESTA) E EM ZAMAC (MACANETA, LINGUETA E TRINCOS) COM ACABAMENTO CROMADO, MAQUINA DE 55 MM, INCLUINDO CHAVE TIPO INTERNA","CJ    ",72.5]
[3103,"FECHADURA PARA PORTA PIVOTANTE DE VIDRO TEMPERADO, EM ACO INOX COM ACABAMENTO CROMADO, RECORTE PADRAO SANTA MARINA, COM CILINDRO EM LATAO, INCLUINDO CHAVE TIPO CILINDRO","UN    ",36.22]
[3097,"FECHADURA ROSETA REDONDA PARA PORTA DE BANHEIRO, EM ACO INOX (MAQUINA, TESTA E CONTRA-TESTA) E EM ZAMAC (MACANETA, LINGUETA E TRINCOS) COM ACABAMENTO CROMADO, MAQUINA DE 40 MM, INCLUINDO CHAVE TIPO TRANQUETA","CJ    ",54.8]
[3099,"FECHADURA ROSETA REDONDA PARA PORTA DE BANHEIRO, EM ACO INOX (MAQUINA, TESTA E CONTRA-TESTA) E EM ZAMAC (MACANETA, LINGUETA E TRINCOS) COM ACABAMENTO CROMADO, MAQUINA DE 55 MM, INCLUINDO CHAVE TIPO TRANQUETA","CJ    ",87.75]
[38151,"FECHADURA ROSETA REDONDA PARA PORTA EXTERNA, EM ACO INOX (MAQUINA, TESTA E CONTRA-TESTA) E EM ZAMAC (MACANETA, LINGUETA E TRINCOS) COM ACABAMENTO CROMADO, MAQUINA DE 40 MM, INCLUINDO CHAVE TIPO CILINDRO","CJ    ",63.62]
[38152,"FECHADURA ROSETA REDONDA PARA PORTA EXTERNA, EM ACO INOX (MAQUINA, TESTA E CONTRA-TESTA) E EM ZAMAC (MACANETA, LINGUETA E TRINCOS) COM ACABAMENTO CROMADO, MAQUINA DE 55 MM, INCLUINDO CHAVE TIPO CILINDRO","CJ    ",102.63]
[43610,"FECHADURA ROSETA REDONDA PARA PORTA INTERNA, EM ACO INOX (MAQUINA, TESTA E CONTRA-TESTA) E EM ZAMAC (MACANETA, LINGUETA E TRINCOS) COM ACABAMENTO CROMADO, MAQUINA DE 40 MM, INCLUINDO CHAVE TIPO INTERNA","UN    ",54.38]
[3093,"FECHADURA ROSETA REDONDA PARA PORTA INTERNA, EM ACO INOX (MAQUINA, TESTA E CONTRA-TESTA) E EM ZAMAC (MACANETA, LINGUETA E TRINCOS) COM ACABAMENTO CROMADO, MAQUINA DE 55 MM, INCLUINDO CHAVE TIPO INTERNA","CJ    ",87.75]
[38165,"FECHO / FECHADURA COM PUXADOR CONCHA, COM TRANCA TIPO TRAVA, PARA JANELA / PORTA DE CORRER (INCLUI TESTA, FECHADURA, PUXADOR) - COMPLETA","CJ    ",62.07]
[38177,"FECHO / TRINCO TIPO AVIAO, EM ZAMAC CROMADO, *60* MM, PARA JANELAS - INCLUI PARAFUSOS","UN    ",18.440000000000001]
[11458,"FECHO DE SEGURANCA, TIPO BATOM, EM LATAO / ZAMAC, CROMADO, PARA PORTAS E JANELAS - INCLUI PARAFUSOS","UN    ",22.02]
[3108,"FECHO QUEBRA UNHA, EM LATAO COM ACABAMENTO CROMADO, DE EMBUTIR, COM COMANDO ALAVANCA, ALTURA DE DE 22 CM, LARGURA MINIMA DE 1,90 CM E ESPESSURA MINIMA DE 1,90 MM, PARA PORTAS E JANELAS (INCLUI PARAFUSOS)","UN    ",93.61]
[3105,"FECHO QUEBRA UNHA, EM LATAO COM ACABAMENTO CROMADO, DE EMBUTIR, COM COMANDO ALAVANCA, ALTURA DE DE 40 CM, LARGURA MINIMA DE 1,90 CM E ESPESSURA MINIMA DE 1,90 MM, PARA PORTAS E JANELAS (INCLUI PARAFUSOS)","UN    ",122.44]
[38178,"FECHO QUEBRA UNHA, EM LATAO COM ACABAMENTO CROMADO, DE EMBUTIR, COM COMANDO DESLIZANTE, ALTURA DE 12 CM, LARGURA MINIMA DE 1,90 CM E ESPESSURA MINIMA DE 1,90 MM","UN    ",20.29]
[43575,"FECHO QUEBRA UNHA, EM LATAO COM ACABAMENTO CROMADO, DE EMBUTIR, COM COMANDO DESLIZANTE, ALTURA DE 22 CM, LARGURA MINIMA DE 1,90 CM E ESPESSURA MINIMA DE 1,90 MM","UN    ",43.97]
[43577,"FECHO QUEBRA UNHA, EM LATAO COM ACABAMENTO CROMADO, DE EMBUTIR, COM COMANDO DESLIZANTE, ALTURA DE 40 CM, LARGURA MINIMA DE 1,90 CM E ESPESSURA MINIMA DE 1,90 MM","UN    ",76.45]
[42481,"FELTRO EM LA DE ROCHA, 1 FACE REVESTIDA COM PAPEL ALUMINIZADO, EM ROLO, DENSIDADE = 32 KG/M3, E=*50* MM (COLETADO CAIXA)","M2    ",15.81]
[43458,"FERRAMENTAS - FAMILIA ALMOXARIFE - HORISTA (ENCARGOS COMPLEMENTARES - COLETADO CAIXA)","H     ",0.04]
[43470,"FERRAMENTAS - FAMILIA ALMOXARIFE - MENSALISTA (ENCARGOS COMPLEMENTARES - COLETADO CAIXA)","MES   ",7.9]
[43459,"FERRAMENTAS - FAMILIA CARPINTEIRO DE FORMAS - HORISTA (ENCARGOS COMPLEMENTARES - COLETADO CAIXA)","H     ",0.38]
[43471,"FERRAMENTAS - FAMILIA CARPINTEIRO DE FORMAS - MENSALISTA (ENCARGOS COMPLEMENTARES - COLETADO CAIXA)","MES   ",71.44]
[43460,"FERRAMENTAS - FAMILIA ELETRICISTA - HORISTA (ENCARGOS COMPLEMENTARES - COLETADO CAIXA)","H     ",0.62]
[43472,"FERRAMENTAS - FAMILIA ELETRICISTA - MENSALISTA (ENCARGOS COMPLEMENTARES - COLETADO CAIXA)","MES   ",117.38]
[43461,"FERRAMENTAS - FAMILIA ENCANADOR - HORISTA (ENCARGOS COMPLEMENTARES - COLETADO CAIXA)","H     ",0.28000000000000003]
[43473,"FERRAMENTAS - FAMILIA ENCANADOR - MENSALISTA (ENCARGOS COMPLEMENTARES - COLETADO CAIXA)","MES   ",53.34]
[43463,"FERRAMENTAS - FAMILIA ENCARREGADO GERAL - HORISTA (ENCARGOS COMPLEMENTARES - COLETADO CAIXA)","H     ",0.08]
[43475,"FERRAMENTAS - FAMILIA ENCARREGADO GERAL - MENSALISTA (ENCARGOS COMPLEMENTARES - COLETADO CAIXA)","MES   ",14.97]
[43462,"FERRAMENTAS - FAMILIA ENGENHEIRO CIVIL - HORISTA (ENCARGOS COMPLEMENTARES - COLETADO CAIXA)","H     ",0.01]
[43474,"FERRAMENTAS - FAMILIA ENGENHEIRO CIVIL - MENSALISTA (ENCARGOS COMPLEMENTARES - COLETADO CAIXA)","MES   ",1.6]
[43464,"FERRAMENTAS - FAMILIA OPERADOR ESCAVADEIRA - HORISTA (ENCARGOS COMPLEMENTARES - COLETADO CAIXA)","H     ",0.01]
[43476,"FERRAMENTAS - FAMILIA OPERADOR ESCAVADEIRA - MENSALISTA (ENCARGOS COMPLEMENTARES - COLETADO CAIXA)","MES   ",0.01]
[43465,"FERRAMENTAS - FAMILIA PEDREIRO - HORISTA (ENCARGOS COMPLEMENTARES - COLETADO CAIXA)","H     ",0.57999999999999996]
[43477,"FERRAMENTAS - FAMILIA PEDREIRO - MENSALISTA (ENCARGOS COMPLEMENTARES - COLETADO CAIXA)","MES   ",110.22]
[43466,"FERRAMENTAS - FAMILIA PINTOR - HORISTA (ENCARGOS COMPLEMENTARES - COLETADO CAIXA)","H     ",1.27]
[43478,"FERRAMENTAS - FAMILIA PINTOR - MENSALISTA (ENCARGOS COMPLEMENTARES - COLETADO CAIXA)","MES   ",240.1]
[43467,"FERRAMENTAS - FAMILIA SERVENTE - HORISTA (ENCARGOS COMPLEMENTARES - COLETADO CAIXA)","H     ",0.41]
[43479,"FERRAMENTAS - FAMILIA SERVENTE - MENSALISTA (ENCARGOS COMPLEMENTARES - COLETADO CAIXA)","MES   ",76.97]
[43468,"FERRAMENTAS - FAMILIA SOLDADOR - HORISTA (ENCARGOS COMPLEMENTARES - COLETADO CAIXA)","H     ",0.89]
[43480,"FERRAMENTAS - FAMILIA SOLDADOR - MENSALISTA (ENCARGOS COMPLEMENTARES - COLETADO CAIXA)","MES   ",167.28]
[43469,"FERRAMENTAS - FAMILIA TOPOGRAFO - HORISTA (ENCARGOS COMPLEMENTARES - COLETADO CAIXA)","H     ",0.06]
[43481,"FERRAMENTAS - FAMILIA TOPOGRAFO - MENSALISTA (ENCARGOS COMPLEMENTARES - COLETADO CAIXA)","MES   ",10.78]
[3119,"FERROLHO COM FECHO / TRINCO REDONDO, EM ACO GALVANIZADO / ZINCADO, DE SOBREPOR, COM COMPRIMENTO DE 2\" E ESPESSURA MINIMA DA CHAPA DE 0,90 MM, PARA PORTAS E JANELAS","UN    ",2.38]
[3122,"FERROLHO COM FECHO / TRINCO REDONDO, EM ACO GALVANIZADO / ZINCADO, DE SOBREPOR, COM COMPRIMENTO DE 3\" A 4\" E ESPESSURA MINIMA DA CHAPA DE 0,90 MM","UN    ",4.8499999999999996]
[3121,"FERROLHO COM FECHO / TRINCO REDONDO, EM ACO GALVANIZADO / ZINCADO, DE SOBREPOR, COM COMPRIMENTO DE 5\" E ESPESSURA MINIMA DA CHAPA DE 0,90 MM","UN    ",5.5]
[3120,"FERROLHO COM FECHO / TRINCO REDONDO, EM ACO GALVANIZADO / ZINCADO, DE SOBREPOR, COM COMPRIMENTO DE 6\" E ESPESSURA MINIMA DA CHAPA DE 1,50 MM","UN    ",10.42]
[11455,"FERROLHO COM FECHO / TRINCO REDONDO, EM ACO GALVANIZADO / ZINCADO, DE SOBREPOR, COM COMPRIMENTO DE 8\" E ESPESSURA MINIMA DA CHAPA DE 1,50 MM","UN    ",15.07]
[11456,"FERROLHO COM FECHO /TRINCO REDONDO, EM ACO GALVANIZADO / ZINCADO, DE SOBREPOR, COM COMPRIMENTO DE 10\" A 12\" E ESPESSURA MINIMA DA CHAPA DE 1,50 MM","UN    ",18.02]
[3107,"FERROLHO COM FECHO CHATO E PORTA CADEADO , EM ACO GALVANIZADO / ZINCADO, DE SOBREPOR, COM COMPRIMENTO DE 3\" A 4\", CHAPA COM ESPESSURA MINIMA DE 0,90 MM E LARGURA MINIMA DE 3,20 CM (FECHO SIMPLES / LEVE) (INCLUI PARAFUSOS)","UN    ",7.6]
[43583,"FERROLHO COM FECHO CHATO E PORTA CADEADO , EM ACO GALVANIZADO / ZINCADO, DE SOBREPOR, COM COMPRIMENTO DE 3\" A 4\", CHAPA COM ESPESSURA MINIMA DE 1,70 MM E LARGURA MINIMA DE 5,00 CM (FECHO REFORCADO)","UN    ",8.57]
[43586,"FERROLHO COM FECHO CHATO E PORTA CADEADO , EM ACO GALVANIZADO / ZINCADO, DE SOBREPOR, COM COMPRIMENTO DE 5\", CHAPA COM ESPESSURA MINIMA DE 0,90 MM E LARGURA MINIMA DE 3,20 CM (FECHO SIMPLES)","UN    ",8.7799999999999994]
[11461,"FERROLHO COM FECHO CHATO E PORTA CADEADO , EM ACO GALVANIZADO / ZINCADO, DE SOBREPOR, COM COMPRIMENTO DE 5\", CHAPA COM ESPESSURA MINIMA DE 1,70 MM E LARGURA MINIMA DE 5,00 CM (FECHO REFORCADO)","UN    ",9.57]
[43587,"FERROLHO COM FECHO CHATO E PORTA CADEADO , EM ACO GALVANIZADO / ZINCADO, DE SOBREPOR, COM COMPRIMENTO DE 6\", CHAPA COM ESPESSURA MINIMA DE 0,90 MM E LARGURA MINIMA DE 3,80 CM (FECHO SIMPLES)","UN    ",11.04]
[3106,"FERROLHO COM FECHO CHATO E PORTA CADEADO , EM ACO GALVANIZADO / ZINCADO, DE SOBREPOR, COM COMPRIMENTO DE 6\", CHAPA COM ESPESSURA MINIMA DE 1,70 MM E LARGURA /MINIMA DE 5,00 CM (FECHO REFORCADO) (INCLUI PARAFUSOS)","UN    ",14.01]
[25951,"FERTILIZANTE NPK - 10:10:10","KG    ",2.2799999999999998]
[3123,"FERTILIZANTE NPK - 4: 14: 8","KG    ",2.13]
[38125,"FERTILIZANTE ORGANICO COMPOSTO, CLASSE A","KG    ",0.73]
[39014,"FIBRA DE ACO PARA REFORCO DO CONCRETO, SOLTA, TIPO A-I, FATOR DE FORMA *50* L / D, COMPRIMENTO DE *30* MM E RESISTENCIA A TRACAO DO ACO MAIOR 1000 MPA","KG    ",11.06]
[39365,"FILTRO ANAEROBIO, EM POLIETILENO DE ALTA DENSIDADE (PEAD), CAPACIDADE *1100* LITROS (NBR 13969)","UN    ",1166.49]
[39366,"FILTRO ANAEROBIO, EM POLIETILENO DE ALTA DENSIDADE (PEAD), CAPACIDADE *2800* LITROS (NBR 13969)","UN    ",2986.7]
[39367,"FILTRO ANAEROBIO, EM POLIETILENO DE ALTA DENSIDADE (PEAD), CAPACIDADE *5000* LITROS (NBR 13969)","UN    ",4082.27]
[37394,"FINCAPINO CURTO CALIBRE 22 VERMELHO, CARGA MEDIA (ACAO DIRETA)","CENTO ",52.85]
[14146,"FINCAPINO LONGO CALIBRE 22, CARGA FORTE (ACAO DIRETA)","CENTO ",85]
[38134,"FIO COBRE NU DE 150 A 500 MM2, PARA TENSOES DE ATE 600 V","KG    ",82.86]
[38132,"FIO COBRE NU DE 16 A 35 MM2, PARA TENSOES DE ATE 600 V","KG    ",84.51]
[38133,"FIO COBRE NU DE 50 A 120 MM2, PARA TENSOES DE ATE 600 V","KG    ",81.739999999999995]
[938,"FIO DE COBRE, SOLIDO, CLASSE 1, ISOLACAO EM PVC/A, ANTICHAMA BWF-B, 450/750V, SECAO NOMINAL 1,5 MM2","M     ",1.27]
[937,"FIO DE COBRE, SOLIDO, CLASSE 1, ISOLACAO EM PVC/A, ANTICHAMA BWF-B, 450/750V, SECAO NOMINAL 10 MM2","M     ",7.89]
[939,"FIO DE COBRE, SOLIDO, CLASSE 1, ISOLACAO EM PVC/A, ANTICHAMA BWF-B, 450/750V, SECAO NOMINAL 2,5 MM2","M     ",2.04]
[944,"FIO DE COBRE, SOLIDO, CLASSE 1, ISOLACAO EM PVC/A, ANTICHAMA BWF-B, 450/750V, SECAO NOMINAL 4 MM2","M     ",3.49]
[940,"FIO DE COBRE, SOLIDO, CLASSE 1, ISOLACAO EM PVC/A, ANTICHAMA BWF-B, 450/750V, SECAO NOMINAL 6 MM2","M     ",4.83]
[936,"FIO TELEFONICO EXTERNO (FE) EM ACO COBREADO, ISOLACAO EM PEAD OU PVC ANTI-CHAMA, 2 CONDUTORES","M     ",1.35]
[935,"FIO TELEFONICO INTERNO (FI) EM COBRE ESTANHADO, ISOLACAO EM PVC ANTICHAMA, 2 CONDUTORES DE 0,6 MM (NBR 9115:2005)","M     ",1.02]
[406,"FITA ACO INOX PARA CINTAR POSTE, L = 19 MM, E = 0,5 MM (ROLO DE 30M)","UN    ",68.33]
[42529,"FITA ADESIVA ALUMINIZADA, PARA INSTALACAO DE MANTAS DE SUBCOBERTURA,  L = *5* CM","M     ",1.05]
[39634,"FITA ADESIVA ANTICORROSIVA DE PVC FLEXIVEL, COR PRETA, PARA PROTECAO TUBULACAO, 50 MM X 30 M (L X C), E= *0,25* MM","M     ",6.86]
[39701,"FITA ADESIVA ASFALTICA ALUMINIZADA MULTIUSO, L = 10 CM, ROLO DE 10 M","UN    ",62.82]
[12815,"FITA CREPE ROLO DE 25 MM X 50 M","UN    ",7.62]
[407,"FITA DE ALUMINIO PARA PROTECAO DO CONDUTOR LARGURA 10 MM","KG    ",78.36]
[39431,"FITA DE PAPEL MICROPERFURADO, 50 X 150 MM, PARA TRATAMENTO DE JUNTAS DE CHAPA DE GESSO PARA DRYWALL","M     ",0.15]
[39432,"FITA DE PAPEL REFORCADA COM LAMINA DE METAL PARA REFORCO DE CANTOS DE CHAPA DE GESSO PARA DRYWALL","M     ",2.0299999999999998]
[20111,"FITA ISOLANTE ADESIVA ANTICHAMA, USO ATE 750 V, EM ROLO DE 19 MM X 20 M","UN    ",8.1999999999999993]
[21127,"FITA ISOLANTE ADESIVA ANTICHAMA, USO ATE 750 V, EM ROLO DE 19 MM X 5 M","UN    ",3.1]
[404,"FITA ISOLANTE DE BORRACHA AUTOFUSAO, USO ATE 69 KV (ALTA TENSAO)","M     ",1.1100000000000001]
[14151,"FITA METALICA GRAVADA, L = 17 MM, ROLO DE 25 M, CARGA RECOMENDADA = *120* KGF","UN    ",61.09]
[14153,"FITA METALICA PERFURADA, L = *18* MM, ROLO DE 30 M, CARGA RECOMENDADA = *30* KGF","UN    ",69.06]
[14152,"FITA METALICA PERFURADA, L = 17 MM, ROLO DE 30 M, CARGA RECOMENDADA = *19* KGF","UN    ",53.01]
[14154,"FITA METALICA PERFURADA, L = 25 MM, ROLO DE 30 M, CARGA RECOMENDADA = *222,5* KGF","UN    ",185.56]
[42015,"FITA PLASTICA ZEBRADA PARA DEMARCACAO DE AREAS, LARGURA = 7 CM, SEM ADESIVO (COLETADO CAIXA)","M     ",1.31]
[3146,"FITA VEDA ROSCA EM ROLOS DE 18 MM X 10 M (L X C)","UN    ",3.52]
[3143,"FITA VEDA ROSCA EM ROLOS DE 18 MM X 25 M (L X C)","UN    ",8]
[3148,"FITA VEDA ROSCA EM ROLOS DE 18 MM X 50 M (L X C)","UN    ",12.98]
[4310,"FIXADOR DE ABA AUTOTRAVANTE PARA TELHA DE FIBROCIMENTO, TIPO CANALETE 90 OU KALHETAO","UN    ",2.86]
[4311,"FIXADOR DE ABA SIMPLES PARA TELHA DE FIBROCIMENTO, TIPO CANALETA 49 OU KALHETA","UN    ",2.0099999999999998]
[4312,"FIXADOR DE ABA SIMPLES PARA TELHA DE FIBROCIMENTO, TIPO CANALETA 90 OU KALHETAO","UN    ",2.82]
[13261,"FLANELA *30 X 40* CM","UN    ",2.0099999999999998]
[3255,"FLANGE PVC, ROSCAVEL SEXTAVADO SEM FUROS 3/4\"","UN    ",8.5]
[3254,"FLANGE PVC, ROSCAVEL, SEXTAVADO, SEM FUROS 3\"","UN    ",137.99]
[3259,"FLANGE PVC, ROSCAVEL, SEXTAVADO, SEM FUROS, 1 1/2\"","UN    ",16.579999999999998]
[3258,"FLANGE PVC, ROSCAVEL, SEXTAVADO, SEM FUROS, 1 1/4\"","UN    ",10.02]
[3251,"FLANGE PVC, ROSCAVEL, SEXTAVADO, SEM FUROS, 1/2\"","UN    ",5.91]
[3256,"FLANGE PVC, ROSCAVEL, SEXTAVADO, SEM FUROS, 1\"","UN    ",11.19]
[3261,"FLANGE PVC, ROSCAVEL, SEXTAVADO, SEM FUROS, 2 1/2\"","UN    ",122.04]
[3260,"FLANGE PVC, ROSCAVEL, SEXTAVADO, SEM FUROS, 2\"","UN    ",20.96]
[3272,"FLANGE SEXTAVADO DE FERRO GALVANIZADO, COM ROSCA BSP, DE 1 1/2\"","UN    ",39.049999999999997]
[3265,"FLANGE SEXTAVADO DE FERRO GALVANIZADO, COM ROSCA BSP, DE 1 1/4\"","UN    ",31.03]
[3262,"FLANGE SEXTAVADO DE FERRO GALVANIZADO, COM ROSCA BSP, DE 1/2\"","UN    ",13.58]
[3264,"FLANGE SEXTAVADO DE FERRO GALVANIZADO, COM ROSCA BSP, DE 1\"","UN    ",22.31]
[3267,"FLANGE SEXTAVADO DE FERRO GALVANIZADO, COM ROSCA BSP, DE 2 1/2\"","UN    ",72.86]
[3266,"FLANGE SEXTAVADO DE FERRO GALVANIZADO, COM ROSCA BSP, DE 2\"","UN    ",46.36]
[3263,"FLANGE SEXTAVADO DE FERRO GALVANIZADO, COM ROSCA BSP, DE 3/4\"","UN    ",18.55]
[3268,"FLANGE SEXTAVADO DE FERRO GALVANIZADO, COM ROSCA BSP, DE 3\"","UN    ",98.51]
[3271,"FLANGE SEXTAVADO DE FERRO GALVANIZADO, COM ROSCA BSP, DE 4\"","UN    ",145.63999999999999]
[3270,"FLANGE SEXTAVADO DE FERRO GALVANIZADO, COM ROSCA BSP, DE 6\"","UN    ",244.69]
[3275,"FORRO COMPOSTO POR PAINEIS DE LA DE VIDRO, REVESTIDOS EM PVC MICROPERFURADO, DE *1250 X 625* MM, ESPESSURA 15 MM (COM COLOCACAO)","M2    ",118.01]
[39512,"FORRO DE FIBRA MINERAL EM PLACAS DE 1250 X 625 MM, E = 15 MM, BORDA RETA, COM PINTURA ANTIMOFO, APOIADO EM PERFIL DE ACO GALVANIZADO COM 24 MM DE BASE - INSTALADO","M2    ",110.96]
[39511,"FORRO DE FIBRA MINERAL EM PLACAS DE 625 X 625 MM, E = 15 MM, BORDA RETA, COM PINTURA ANTIMOFO, APOIADO EM PERFIL DE ACO GALVANIZADO COM 24 MM DE BASE - INSTALADO","M2    ",121.03]
[39513,"FORRO DE FIBRA MINERAL EM PLACAS DE 625 X 625 MM, E = 15/16 MM, BORDA REBAIXADA, COM PINTURA ANTIMOFO, APOIADO EM PERFIL DE ACO GALVANIZADO COM 24 MM DE BASE - INSTALADO","M2    ",129.81]
[3286,"FORRO DE MADEIRA CEDRINHO OU EQUIVALENTE DA REGIAO, ENCAIXE MACHO/FEMEA COM FRISO, *10 X 1* CM (SEM COLOCACAO)","M2    ",79.41]
[3287,"FORRO DE MADEIRA CUMARU/IPE CHAMPANHE OU EQUIVALENTE DA REGIAO, ENCAIXE MACHO/FEMEA COM FRISO, *10 X 1* CM (SEM COLOCACAO)","M2    ",120]
[3283,"FORRO DE MADEIRA PINUS OU EQUIVALENTE DA REGIAO, ENCAIXE MACHO/FEMEA COM FRISO, *10 X 1* CM (SEM COLOCACAO)","M2    ",25.2]
[11587,"FORRO DE PVC LISO, BRANCO, REGUA DE 10 CM, ESPESSURA DE 8 MM A 10 MM (COM COLOCACAO / SEM ESTRUTURA METALICA)","M2    ",80.92]
[36225,"FORRO DE PVC LISO, BRANCO, REGUA DE 20 CM, ESPESSURA DE 8 MM A 10 MM, COMPRIMENTO 6 M (SEM COLOCACAO)","M2    ",32.869999999999997]
[36230,"FORRO DE PVC, FRISADO, BRANCO, REGUA DE 10 CM, ESPESSURA DE 8 MM A 10 MM E COMPRIMENTO 6 M (SEM COLOCACAO)","M2    ",24.15]
[36238,"FORRO DE PVC, FRISADO, BRANCO, REGUA DE 20 CM, ESPESSURA DE 8 MM A 10 MM E COMPRIMENTO 6 M (SEM COLOCACAO)","M2    ",23.6]
[39363,"FOSSA SEPTICA, SEM FILTRO, PARA 15 A 30 CONTRIBUINTES, CILINDRICA, COM TAMPA, EM POLIETILENO DE ALTA DENSIDADE (PEAD), CAPACIDADE APROXIMADA DE 5500 LITROS (NBR 7229)","UN    ",4751.57]
[39361,"FOSSA SEPTICA, SEM FILTRO, PARA 4 A 7 CONTRIBUINTES, CILINDRICA,  COM TAMPA, EM POLIETILENO DE ALTA DENSIDADE (PEAD), CAPACIDADE APROXIMADA DE 1100 LITROS (NBR 7229)","UN    ",1221.83]
[39362,"FOSSA SEPTICA, SEM FILTRO, PARA 8 A 14 CONTRIBUINTES, CILINDRICA, COM TAMPA, EM POLIETILENO DE ALTA DENSIDADE (PEAD), CAPACIDADE APROXIMADA DE 3000 LITROS (NBR 7229)","UN    ",3759.89]
[39364,"FOSSA SEPTICA,SEM FILTRO, PARA 40 A 52 CONTRIBUINTES, CILINDRICA, COM TAMPA, EM POLIETILENO DE ALTA DENSIDADE (PEAD), CAPACIDADE APROXIMADA DE 10000 LITROS (NBR 7229)","UN    ",10860.73]
[14576,"FRESADORA DE ASFALTO A FRIO SOBRE ESTEIRAS, LARG. FRESAGEM 2,00 M, POT. 410 KW/550 HP","UN    ",4186460.85]
[13877,"FRESADORA DE ASFALTO A FRIO SOBRE RODAS, LARG. FRESAGEM 1,00 M, POT. 155 KW/208 HP","UN    ",1792161.45]
[7307,"FUNDO ANTICORROSIVO PARA METAIS FERROSOS (ZARCAO)","L     ",29.93]
[38122,"FUNDO PREPARADOR ACRILICO BASE AGUA","L     ",12.98]
[38633,"FURO PARA TORNEIRA OU OUTROS ACESSORIOS  EM BANCADA DE MARMORE/ GRANITO OU OUTRO TIPO DE PEDRA NATURAL","UN    ",9.86]
[12344,"FUSIVEL DIAZED 20 A TAMANHO DII, CAPACIDADE DE INTERRUPCAO DE 50 KA EM VCA E 8 KA EM VCC, TENSAO NOMIMNAL DE 500 V","UN    ",5.22]
[12343,"FUSIVEL DIAZED 35 A TAMANHO DIII, CAPACIDADE DE INTERRUPCAO DE 50 KA EM VCA E 8 KA EM VCC, TENSAO NOMIMNAL DE 500 V","UN    ",8.09]
[3295,"FUSIVEL NH *36* A 80 AMPERES, TAMANHO 00, CAPACIDADE DE INTERRUPCAO DE 120 KA, TENSAO NOMIMNAL DE 500 V","UN    ",28.25]
[3302,"FUSIVEL NH 100 A TAMANHO 00, CAPACIDADE DE INTERRUPCAO DE 120 KA, TENSAO NOMIMNAL DE 500 V","UN    ",29.53]
[3297,"FUSIVEL NH 125 A TAMANHO 00, CAPACIDADE DE INTERRUPCAO DE 120 KA, TENSAO NOMIMNAL DE 500 V","UN    ",31.53]
[3294,"FUSIVEL NH 160 A TAMANHO 00, CAPACIDADE DE INTERRUPCAO DE 120 KA, TENSAO NOMIMNAL DE 500 V","UN    ",32.01]
[3292,"FUSIVEL NH 20 A TAMANHO 000, CAPACIDADE DE INTERRUPCAO DE 120 KA, TENSAO NOMIMNAL DE 500 V","UN    ",30.07]
[3298,"FUSIVEL NH 200 A 250 AMPERES, TAMANHO 1, CAPACIDADE DE INTERRUPCAO DE 120 KA, TENSAO NOMIMNAL DE 500 V","UN    ",70.47]
[11596,"GABIAO  TIPO CAIXA, MALHA HEXAGONAL 8 X 10 CM (ZN/AL), FIO 2,7 MM, DIMENSOES 2,0 X 1,0 X 0,5 M (C X L X A)","UN    ",427.37]
[34802,"GABIAO MANTA (COLCHAO) MALHA HEXAGONAL 6 X 8 CM (ZN/AL REVESTIDO COM POLIMERO), DIMENSOES 4,0 X 2,0 X 0,17 M (C X L X A) FIO 2 MM","UN    ",1173.69]
[11588,"GABIAO MANTA (COLCHAO) MALHA HEXAGONAL 6 X 8 CM (ZN/AL REVESTIDO COM POLIMERO), FIO 2 MM, DIMENSOES 4,0 X 2,0 X 0,23 M (C X L X A)","UN    ",1266.23]
[34383,"GABIAO MANTA (COLCHAO) MALHA HEXAGONAL 6 X 8 CM (ZN/AL REVESTIDO COM POLIMERO), FIO 2 MM, DIMENSOES 4,0 X 2,0 X 0,3 M (C X L X A)","UN    ",1392.94]
[40451,"GABIAO MANTA (COLCHAO) MALHA HEXAGONAL 6 X 8 CM (ZN/AL REVESTIDO COM POLIMERO), FIO 2,0 MM, DIMENSOES 5,0 X 2,0 X 0,17 M (C X L X A)","M2    ",112.6]
[40453,"GABIAO MANTA (COLCHAO) MALHA HEXAGONAL 6 X 8 CM (ZN/AL REVESTIDO COM POLIMERO), FIO 2,0 MM, DIMENSOES 5,0 X 2,0 X 0,23 M (C X L X A)","M2    ",121.83]
[40452,"GABIAO MANTA (COLCHAO) MALHA HEXAGONAL 6 X 8 CM (ZN/AL REVESTIDO COM POLIMERO), FIO 2,0 MM, DIMENSOES 5,0 X 2,0 X 0,30 M (C X L X A)","M2    ",133.63]
[11594,"GABIAO SACO MALHA HEXAGONAL 8 X 10 CM (ZN/AL REVESTIDO COM POLIMERO),  FIO 2,4 MM, DIMENSOES 3,0 X 0,65 M","UN    ",403.58]
[3311,"GABIAO SACO MALHA HEXAGONAL 8 X 10 CM (ZN/AL REVESTIDO COM POLIMERO), FIO 2,4 MM, H = 0,65 M","M3    ",403.58]
[11599,"GABIAO SACO MALHA HEXAGONAL 8 X 10 CM (ZN/AL), FIO 2,7 MM, DIMENSOES 4,0 X 0,65 M","UN    ",536.72]
[11593,"GABIAO TIPO CAIXA MALHA HEXAGONAL 8 X 10 CM (ZN/AL REVESTIDO COM POLIMERO),  FIO 2,4 MM, DIMENSOES 2,0 X 1,0 X 1,0 M (C X L X A)","UN    ",752.44]
[3314,"GABIAO TIPO CAIXA MALHA HEXAGONAL 8 X 10 CM (ZN/AL REVESTIDO COM POLIMERO),  FIO 2,4 MM, H = 0,50 M","M3    ",538.15]
[11597,"GABIAO TIPO CAIXA MALHA HEXAGONAL 8 X 10 CM (ZN/AL), FIO 2,7 MM, DIMENSOES 2,0 X 1,0 X 1,0 M (C X L X A)","UN    ",625.79999999999995]
[3309,"GABIAO TIPO CAIXA MALHA HEXAGONAL 8 X 10 CM (ZN/AL), FIO 2,7 MM, H = 0,50 M","M3    ",427.37]
[34612,"GABIAO TIPO CAIXA PARA SOLO REFORCADO, MALHA HEXAGONAL DE DUPLA TORCAO 8 X 10 CM (ZN/AL REVESTIDO COM POLIMERO), FIO 2,7 MM, DIMENSOES 2,0 X 1,0 X 0,5 M, COM CAUDA DE 3,0 M","UN    ",774.01]
[34635,"GABIAO TIPO CAIXA PARA SOLO REFORCADO, MALHA HEXAGONAL DE DUPLA TORCAO 8 X 10 CM (ZN/AL REVESTIDO COM POLIMERO), FIO 2,7 MM, DIMENSOES 2,0 X 1,0 X 1,0 M, COM CAUDA DE 3,0 M","UN    ",995.34]
[34633,"GABIAO TIPO CAIXA PARA SOLO REFORCADO, MALHA HEXAGONAL DE DUPLA TORCAO 8 X 10 CM (ZN/AL REVESTIDO COM POLIMERO), FIO 2,7 MM, DIMENSOES 2,0 X 1,0 X 1,0 M, COM CAUDA DE 4,0 M","UN    ",1097.1300000000001]
[40440,"GABIAO TIPO CAIXA PARA SOLO REFORCADO, MALHA HEXAGONAL 8 X 10 CM (ZN/AL REVESTIDO COM POLIMERO), FIO 2,7 MM, DIMENSOES 2,0 X 1,0 X 0,5 M, COM CAUDA DE 4,0 M","M3    ",560.54]
[40441,"GABIAO TIPO CAIXA PARA SOLO REFORCADO, MALHA HEXAGONAL 8 X 10 CM (ZN/AL REVESTIDO COM POLIMERO), FIO 2,7 MM, DIMENSOES 2,0 X 1,0 X 1,0 M, COM CAUDA DE 4,0 M","M3    ",357.87]
[40449,"GABIAO TIPO CAIXA TRAPEZOIDAL, MALHA HEXAGONAL 10 X 12 CM (ZN/AL REVESTIDO COM POLIMERO) FIO 2,7 MM, FACE COM 65 GRAUS, COM GEOSSINTETICO, DIMENSOES 2,0 X 1,5 X 1,0 M (C X L X A)","M3    ",300.85000000000002]
[34800,"GABIAO TIPO CAIXA, MALHA HEXAGONAL 8 X 10 CM (ZN/AL REVESTIDO COM POLIMERO), FIO DE 2,4 MM, DIMENSOES 2,0 x 1,0 x 1,0 M (C X L X A)","M3    ",376.22]
[11592,"GABIAO TIPO CAIXA, MALHA HEXAGONAL 8 X 10 CM (ZN/AL REVESTIDO COM POLIMERO), FIO 2,4 MM, DIMENSOES 2,0 X 1,0 X 0,5 M (C X L X A)","UN    ",538.15]
[40438,"GABIAO TIPO CAIXA, MALHA HEXAGONAL 8 X 10 CM (ZN/AL), FIO DE 2,7 MM, DIMENSOES 2,0 X 1,0 X 1,0 M (C X L X A)","M3    ",250.64]
[40436,"GABIAO TIPO CAIXA, MALHA HEXAGONAL 8 X 10 CM (ZN/AL), FIO DE 2,7 MM, DIMENSOES 5,0 X 1,0 X 1,0 M (C X L X A)","M3    ",312.52999999999997]
[4315,"GANCHO CHATO EM FERRO GALVANIZADO,  L = 110 MM, RECOBRIMENTO = 100MM, SECAO 1/8 X 1/2\" (3 MM X 12 MM), PARA FIXAR TELHA DE FIBROCIMENTO ONDULADA","UN    ",2.0699999999999998]
[42482,"GANCHO L COM ROSCA, PARA FIXAR TELHA EM MADEIRA, 1/4\" X 350 MM (COLETADO CAIXA)","UN    ",2.76]
[402,"GANCHO OLHAL EM ACO GALVANIZADO, ESPESSURA 16MM, ABERTURA 21MM","UN    ",10.55]
[4226,"GAS DE COZINHA - GLP","KG    ",6.51]
[4222,"GASOLINA COMUM","L     ",5.67]
[34804,"GEOGRELHA TECIDA COM FILAMENTOS DE POLIESTER + PVC, RESISTENCIA LONGITUDINAL: 90 KN/M, RESISTENCIA TRANSVERSAL: 30 KN/M, ALONGAMENTO = 12 POR CENTO","M2    ",45.43]
[4013,"GEOTEXTIL NAO TECIDO AGULHADO DE FILAMENTOS CONTINUOS 100% POLIESTER, RESITENCIA A TRACAO = 09 KN/M","M2    ",4.43]
[4011,"GEOTEXTIL NAO TECIDO AGULHADO DE FILAMENTOS CONTINUOS 100% POLIESTER, RESITENCIA A TRACAO = 10 KN/M","M2    ",4.95]
[4021,"GEOTEXTIL NAO TECIDO AGULHADO DE FILAMENTOS CONTINUOS 100% POLIESTER, RESITENCIA A TRACAO = 14 KN/M","M2    ",6.17]
[4019,"GEOTEXTIL NAO TECIDO AGULHADO DE FILAMENTOS CONTINUOS 100% POLIESTER, RESITENCIA A TRACAO = 16 KN/M","M2    ",7.41]
[4012,"GEOTEXTIL NAO TECIDO AGULHADO DE FILAMENTOS CONTINUOS 100% POLIESTER, RESITENCIA A TRACAO = 21 KN/M","M2    ",9.93]
[4020,"GEOTEXTIL NAO TECIDO AGULHADO DE FILAMENTOS CONTINUOS 100% POLIESTER, RESITENCIA A TRACAO = 26 KN/M","M2    ",12.43]
[4018,"GEOTEXTIL NAO TECIDO AGULHADO DE FILAMENTOS CONTINUOS 100% POLIESTER, RESITENCIA A TRACAO = 31 KN/M","M2    ",14.89]
[36498,"GERADOR PORTATIL MONOFASICO, POTENCIA 5500 VA, MOTOR A GASOLINA, POTENCIA DO MOTOR 13 CV","UN    ",3837.49]
[12872,"GESSEIRO","H     ",17.84]
[41075,"GESSEIRO (MENSALISTA)","MES   ",3171.82]
[3315,"GESSO EM PO PARA REVESTIMENTOS/MOLDURAS/SANCAS E USO GERAL","KG    ",0.39]
[36870,"GESSO PROJETADO","KG    ",0.57999999999999996]
[5092,"GONZO DE EMBUTIR, EM LATAO / ZAMAC, *20 X 48* MM, PARA JANELA BASCULANTE / PIVOTANTE -  INCLUI PARAFUSOS","PAR   ",15.79]
[11462,"GONZO DE SOBREPOR, EM LATAO / ZAMAC, PARA JANELA PIVOTANTE - INCLUI PARAFUSOS","PAR   ",16.149999999999999]
[36529,"GRADE DE DISCOS COM CONTROLE REMOTO, REBOCAVEL, COM 24 DISCOS 24\" X 6 MM, COM PNEUS PARA TRANSPORTE","UN    ",43367.34]
[3318,"GRADE DE DISCOS MECANICA 20X24\" COM 20 DISCOS 24\" X 6MM  COM PNEUS PARA TRANSPORTE","UN    ",34000]
[3324,"GRAMA BATATAIS EM PLACAS, SEM PLANTIO","M2    ",5.53]
[3322,"GRAMA ESMERALDA OU SAO CARLOS OU CURITIBANA, EM PLACAS, SEM PLANTIO","M2    ",7.75]
[5076,"GRAMPO DE ACO POLIDO 1 \" X 9","KG    ",15.41]
[5077,"GRAMPO DE ACO POLIDO 7/8 \" X 9","KG    ",17.03]
[11837,"GRAMPO LINHA VIVA DE LATAO ESTANHADO, DIAMETRO DO CONDUTOR PRINCIPAL DE 10 A 120 MM2, DIAMETRO DA DERIVACAO DE 10 A 70 MM2","UN    ",40.35]
[38055,"GRAMPO METALICO TIPO OLHAL PARA HASTE DE ATERRAMENTO DE 1/2'', CONDUTOR DE *10* A 50 MM2","UN    ",3.66]
[415,"GRAMPO METALICO TIPO OLHAL PARA HASTE DE ATERRAMENTO DE 1'', CONDUTOR DE *10* A 50 MM2","UN    ",16.54]
[416,"GRAMPO METALICO TIPO OLHAL PARA HASTE DE ATERRAMENTO DE 3/4'', CONDUTOR DE *10* A 50 MM2","UN    ",6.05]
[425,"GRAMPO METALICO TIPO OLHAL PARA HASTE DE ATERRAMENTO DE 5/8'', CONDUTOR DE *10* A 50 MM2","UN    ",3.75]
[426,"GRAMPO METALICO TIPO U PARA HASTE DE ATERRAMENTO DE ATE 3/4'', CONDUTOR DE 10 A 25 MM2","UN    ",20.68]
[38056,"GRAMPO METALICO TIPO U PARA HASTE DE ATERRAMENTO DE ATE 5/8'', CONDUTOR DE 10 A 25 MM2","UN    ",20.190000000000001]
[1564,"GRAMPO PARALELO METALICO PARA CABO DE 6 A 50 MM2, COM 2 PARAFUSOS","UN    ",7.7]
[11032,"GRAMPO U DE 5/8 \" N8 EM FERRO GALVANIZADO","UN    ",11.69]
[36786,"GRANALHA DE ACO, ANGULAR (GRIT), PARA JATEAMENTO, PENEIRA 0,117 A 1,00 MM, (SAE G-40 A G-80)","SC25KG",142.68]
[36785,"GRANALHA DE ACO, ANGULAR (GRIT), PARA JATEAMENTO, PENEIRA 1,41 A 1,19 MM (SAE G16)","SC25KG",123.98]
[36782,"GRANALHA DE ACO, ESFERICA (SHOT), PARA JATEAMENTO, PENEIRA 0,40 A 1,00 MM (SAE S-170 A S-280)","SC25KG",147.99]
[25930,"GRANALHA DE ACO, ESFERICA (SHOT), PARA JATEAMENTO, PENEIRA 1,19 A 1,00 MM (SAE S390)","SC25KG",166.69]
[4824,"GRANILHA/ GRANA/ PEDRISCO OU AGREGADO EM MARMORE/ GRANITO/ QUARTZO E CALCARIO, PRETO, CINZA, PALHA OU BRANCO","KG    ",0.26]
[11795,"GRANITO PARA BANCADA, POLIDO, TIPO ANDORINHA/ QUARTZ/ CASTELO/ CORUMBA OU OUTROS EQUIVALENTES DA REGIAO, E=  *2,5* CM","M2    ",422.64]
[134,"GRAUTE CIMENTICIO PARA USO GERAL","KG    ",0.85]
[4229,"GRAXA LUBRIFICANTE","KG    ",27.16]
[11244,"GRELHA FOFO ARTICULADA, CARGA MAXIMA 1,5 T, *300 X 1000* MM, E= *15* MM","UN    ",151.63999999999999]
[11245,"GRELHA FOFO SIMPLES COM REQUADRO, CARGA MAXIMA  12,5 T, *300 X 1000* MM, E= *15* MM, AREA ESTACIONAMENTO CARRO PASSEIO","UN    ",209.74]
[11235,"GRELHA FOFO SIMPLES COM REQUADRO, CARGA MAXIMA 1,5 T, 150 X 1000 MM, E= *15* MM","UN    ",115.72]
[11236,"GRELHA FOFO SIMPLES COM REQUADRO, CARGA MAXIMA 1,5 T, 200 X 1000 MM, E= *15* MM","UN    ",147.06]
[11731,"GRELHA PVC BRANCA QUADRADA, 150 X 150 MM","UN    ",5.45]
[11732,"GRELHA PVC CROMADA REDONDA, 150 MM","UN    ",27.71]
[36494,"GRUA ASCENCIONAL, LANCA DE 30 M, CAPACIDADE DE 1,0 T A 30 M, ALTURA ATE 39 M","UN    ",443168.75]
[36493,"GRUA ASCENCIONAL, LANCA DE 42 M, CAPACIDADE DE 1,5 T A 30 M, ALTURA ATE 39 M","UN    ",502092.19]
[36492,"GRUA ASCENCIONAL, LANCA DE 50 M, CAPACIDADE DE 2,33 T A 30 M, ALTURA ATE 48 M","UN    ",932696.87]
[13333,"GRUPO DE SOLDAGEM C/ GERADOR A DIESEL 60 CV PARA SOLDA ELETRICA, SOBRE 04 RODAS, COM MOTOR 4 CILINDROS","UN    ",106269.13]
[13533,"GRUPO DE SOLDAGEM COM GERADOR A DIESEL 30 CV, PARA SOLDA ELETRICA, SOBRE DUAS RODAS","UN    ",94992.79]
[36499,"GRUPO GERADOR A GASOLINA, POTENCIA NOMINAL 2,2 KW, TENSAO DE SAIDA 110/220 V, MOTOR POTENCIA 6,5 HP","UN    ",2072.2399999999998]
[39585,"GRUPO GERADOR DIESEL, COM CARENAGEM, POTENCIA STANDART ENTRE 100 E 110 KVA, VELOCIDADE DE 1800 RPM, FREQUENCIA DE 60 HZ","UN    ",68617.97]
[39586,"GRUPO GERADOR DIESEL, COM CARENAGEM, POTENCIA STANDART ENTRE 140 E 150 KVA, VELOCIDADE DE 1800 RPM, FREQUENCIA DE 60 HZ","UN    ",80484.23]
[39587,"GRUPO GERADOR DIESEL, COM CARENAGEM, POTENCIA STANDART ENTRE 210 E 220 KVA, VELOCIDADE DE 1800 RPM, FREQUENCIA DE 60 HZ","UN    ",98025.68]
[39588,"GRUPO GERADOR DIESEL, COM CARENAGEM, POTENCIA STANDART ENTRE 250 E 260 KVA, VELOCIDADE DE 1800 RPM, FREQUENCIA DE 60 HZ","UN    ",113503.41]
[39584,"GRUPO GERADOR DIESEL, COM CARENAGEM, POTENCIA STANDART ENTRE 50 E 55 KVA, VELOCIDADE DE 1800 RPM, FREQUENCIA DE 60 HZ","UN    ",61106.11]
[39590,"GRUPO GERADOR DIESEL, SEM CARENAGEM, POTENCIA STANDART ENTRE 100 E 110 KVA, VELOCIDADE DE 1800 RPM, FREQUENCIA DE 60 HZ","UN    ",59640.88]
[39592,"GRUPO GERADOR DIESEL, SEM CARENAGEM, POTENCIA STANDART ENTRE 210 E 220 KVA, VELOCIDADE DE 1800 RPM, FREQUENCIA DE 60 HZ","UN    ",85705.39]
[39593,"GRUPO GERADOR DIESEL, SEM CARENAGEM, POTENCIA STANDART ENTRE 250 E 260 KVA, VELOCIDADE DE 1800 RPM, FREQUENCIA DE 60 HZ","UN    ",98025.68]
[14254,"GRUPO GERADOR DIESEL, SEM CARENAGEM, POTENCIA STANDART ENTRE 80 E 90 KVA, VELOCIDADE DE 1800 RPM, FREQUENCIA DE 60 HZ","UN    ",55719.86]
[25987,"GRUPO GERADOR ESTACIONARIO SILENCIADO, POTENCIA 50 KVA, MOTOR DIESEL","UN    ",46530.52]
[25019,"GRUPO GERADOR ESTACIONARIO, MOTOR DIESEL POTENCIA 170 KVA","UN    ",79758.52]
[36501,"GRUPO GERADOR ESTACIONARIO, POTENCIA 150 KVA, MOTOR DIESEL","UN    ",71012.570000000007]
[25986,"GRUPO GERADOR ESTACIONARIO, SILENCIADO, POTENCIA 180 KVA, MOTOR DIESEL","UN    ",85370.72]
[36500,"GRUPO GERADOR REBOCAVEL, POTENCIA *66* KVA, MOTOR A DIESEL","UN    ",50182.64]
[20017,"GUARNICAO/ ALIZAR/ VISTA MACICA, E= *1* CM, L= *4,5* CM, EM CEDRINHO/ ANGELIM COMERCIAL/  EUCALIPTO/ CURUPIXA/ PEROBA/ CUMARU OU EQUIVALENTE DA REGIAO","M     ",4.5599999999999996]
[20007,"GUARNICAO/ ALIZAR/ VISTA MACICA, E= *1* CM, L= *4,5* CM, EM PINUS/ TAUARI/ VIROLA OU EQUIVALENTE DA REGIAO","M     ",3.5]
[39836,"GUARNICAO/ALIZAR/VISTA, E = *1,3* CM, L = *5,0* CM HASTE REGULAVEL = *35* MM, EM MDF/PVC WOOD/ POLIESTIRENO OU MADEIRA LAMINADA, PRIMER BRANCO","JG    ",182.12]
[39830,"GUARNICAO/ALIZAR/VISTA, E = *1,3* CM, L = *7,0* CM, EM POLIESTIRENO, BRANCO","JG    ",207.7]
[39831,"GUARNICAO/ALIZAR/VISTA, E = *1,5* CM, L = *5,0* CM, EM POLIESTIRENO, BRANCO","JG    ",207.26]
[36888,"GUARNICAO/MOLDURA DE ACABAMENTO PARA ESQUADRIA DE ALUMINIO ANODIZADO NATURAL, PARA 1 FACE","M     ",7.48]
[40527,"GUINCHO DE ALAVANCA MANUAL, CAPACIDADE DE 1,6 T, COM 20 M DE CABO DE ACO (AQUISICAO)","UN    ",2659.72]
[36497,"GUINCHO DE ALAVANCA MANUAL, CAPACIDADE 3,2 T COM 20 M DE CABO DE ACO DIAMETRO 16,3 MM","UN    ",3036.36]
[36487,"GUINCHO ELETRICO DE COLUNA, CAPACIDADE 400 KG, COM MOTO FREIO, MOTOR TRIFASICO DE 1,25 CV","UN    ",5286.77]
[25952,"GUINDASTE HIDRAULICO AUTOPROPELIDO, COM LANCA TELESCOPICA 28,80 M, CAPACIDADE MAXIMA 30 T, POTENCIA 97 KW, TRACAO 4 X 4","UN    ",774948.69]
[25954,"GUINDASTE HIDRAULICO AUTOPROPELIDO, COM LANCA TELESCOPICA 40 M, CAPACIDADE MAXIMA 60 T, POTENCIA 260 KW, TRACAO 6 X 6","UN    ",1490285.94]
[25953,"GUINDASTE HIDRAULICO AUTOPROPELIDO, COM LANCA TELESCOPICA 50 M, CAPACIDADE MAXIMA 100 T, POTENCIA 350 KW, TRACAO 10 X 6","UN    ",2533486.09]
[37776,"GUINDAUTO HIDRAULICO, CAPACIDADE MAXIMA DE CARGA 10000 KG, MOMENTO MAXIMO DE CARGA 23 TM , ALCANCE MAXIMO HORIZONTAL 11,80 M, PARA MONTAGEM SOBRE CHASSI DE CAMINHAO PBT MINIMO 15000 KG (INCLUI MONTAGEM, NAO INCLUI CAMINHAO)","UN    ",155270.31]
[37775,"GUINDAUTO HIDRAULICO, CAPACIDADE MAXIMA DE CARGA 14340 KG, MOMENTO MAXIMO DE CARGA 42,3 TM, ALCANCE MAXIMO HORIZONTAL 16,80 M, PARA MONTAGEM SOBRE CHASSI DE CAMINHAO PBT MINIMO 23000 KG (INCLUI MONTAGEM, NAO INCLUI CAMINHAO)","UN    ",244562.5]
[36491,"GUINDAUTO HIDRAULICO, CAPACIDADE MAXIMA DE CARGA 30000 KG, MOMENTO MAXIMO DE CARGA 92,2 TM , ALCANCE MAXIMO HORIZONTAL  22,00 M, PARA MONTAGEM SOBRE CHASSI DE CAMINHAO PBT MINIMO 30000 KG (INCLUI MONTAGEM, NAO INCLUI CAMINHAO)","UN    ",905687.5]
[10712,"GUINDAUTO HIDRAULICO, CAPACIDADE MAXIMA DE CARGA 3300 KG, MOMENTO MAXIMO DE CARGA 5,8 TM , ALCANCE MAXIMO HORIZONTAL  7,60 M, PARA MONTAGEM SOBRE CHASSI DE CAMINHAO PBT MINIMO 8000 KG (INCLUI MONTAGEM, NAO INCLUI CAMINHAO)","UN    ",61140.62]
[3363,"GUINDAUTO HIDRAULICO, CAPACIDADE MAXIMA DE CARGA 6200 KG, MOMENTO MAXIMO DE CARGA 11,7 TM , ALCANCE MAXIMO HORIZONTAL  9,70 M, PARA MONTAGEM SOBRE CHASSI DE CAMINHAO PBT MINIMO 13000 KG (INCLUI MONTAGEM, NAO INCLUI CAMINHAO)","UN    ",86000]
[3365,"GUINDAUTO HIDRAULICO, CAPACIDADE MAXIMA DE CARGA 8500 KG, MOMENTO MAXIMO DE CARGA 30,4 TM , ALCANCE MAXIMO HORIZONTAL  14,30 M, PARA MONTAGEM SOBRE CHASSI DE CAMINHAO PBT MINIMO 23000 KG (INCLUI MONTAGEM, NAO INCLUI CAMINHAO)","UN    ",201025]
[7569,"HASTE ANCORA EM ACO GALVANIZADO, DIMENSOES 16 MM X 2000 MM","UN    ",49.28]
[34349,"HASTE DE ACO GALVANIZADO PARA FIXACAO DE CONCERTINA 2 \"/3 M","UN    ",28.21]
[11991,"HASTE DE ATERRAMENTO EM ACO GALVANIZADO TIPO CANTONEIRA COM 2,00 M DE COMPRIMENTO, 25 X 25 MM E CHAPA DE 3/16\"","UN    ",45.96]
[20062,"HASTE METALICA PARA FIXACAO DE CALHA PLUVIAL,  ZINCADA, DOBRADA 90 GRAUS","UN    ",13.75]
[11029,"HASTE RETA PARA GANCHO DE FERRO GALVANIZADO, COM ROSCA 1/4 \" X 30 CM PARA FIXACAO DE TELHA METALICA, INCLUI PORCA E ARRUELAS DE VEDACAO","CJ    ",1.79]
[4316,"HASTE RETA PARA GANCHO DE FERRO GALVANIZADO, COM ROSCA 1/4 \" X 40 CM PARA FIXACAO DE TELHA DE FIBROCIMENTO, INCLUI PORCA SEXTAVADA DE  ZINCO","UN    ",1.81]
[4313,"HASTE RETA PARA GANCHO DE FERRO GALVANIZADO, COM ROSCA 5/16\" X 35 CM PARA FIXACAO DE TELHA DE FIBROCIMENTO, INCLUI PORCA E ARRUELAS DE VEDACAO","CJ    ",2.6]
[4317,"HASTE RETA PARA GANCHO DE FERRO GALVANIZADO, COM ROSCA 5/16\" X 40 CM PARA FIXACAO DE TELHA DE FIBROCIMENTO, INCLUI PORCA SEXTAVADA DE  ZINCO","UN    ",2.96]
[4314,"HASTE RETA PARA GANCHO DE FERRO GALVANIZADO, COM ROSCA 5/16\" X 45 CM PARA FIXACAO DE TELHA DE FIBROCIMENTO, INCLUI PORCA E ARRUELAS DE VEDACAO","CJ    ",3.46]
[10921,"HIDRANTE DE COLUNA COMPLETO, EM FERRO FUNDIDO, DN = 100 MM, COM REGISTRO, CUNHA DE BORRACHA, CURVA DESSIMETRICA, EXTREMIDADE E TAMPAS (INCLUI KIT FIXACAO)","UN    ",4065]
[10922,"HIDRANTE DE COLUNA COMPLETO, EM FERRO FUNDIDO, DN = 75 MM, COM REGISTRO, CUNHA DE BORRACHA, CURVA DESSIMETRICA, EXTREMIDADE E TAMPAS (INCLUI KIT FIXACAO)","UN    ",3681.97]
[10923,"HIDRANTE SUBTERRANEO, EM FERRO FUNDIDO, COM CURVA CURTA E CAIXA, DN 75 MM","UN    ",2176.1999999999998]
[10924,"HIDRANTE SUBTERRANEO, EM FERRO FUNDIDO, COM CURVA LONGA E CAIXA, DN 75 MM","UN    ",2291.96]
[37772,"HIDROJATEADORA PARA DESOBSTRUCAO DE REDES E GALERIAS, TANQUE 7000 L, BOMBA TRIPLEX 120 KGF/CM2 128 L/MIN (INCLUI MONTAGEM, NAO INCLUI CAMINHAO)","UN    ",139524.93]
[37771,"HIDROJATEADORA PARA DESOBSTRUCAO DE REDES E GALERIAS, TANQUE 7000 L, BOMBA TRIPLEX 140 KGF/CM2 260 L/MIN ALIMENTADA POR MOTOR INDEPENDENTE A DIESEL POTENCIA 125 CV (INCLUI MONTAGEM, NAO INCLUI CAMINHAO)","UN    ",148432.29999999999]
[12770,"HIDROMETRO MULTIJATO, VAZAO MAXIMA DE 10,0 M3/H, DE 1\"","UN    ",986.69]
[12772,"HIDROMETRO MULTIJATO, VAZAO MAXIMA DE 20,0 M3/H, DE 1 1/2\"","UN    ",1639.85]
[12768,"HIDROMETRO MULTIJATO, VAZAO MAXIMA DE 30,0 M3/H, DE 2\"","UN    ",2306.91]
[12775,"HIDROMETRO MULTIJATO, VAZAO MAXIMA DE 7,0 M3/H, DE 1\"","UN    ",722.64]
[12769,"HIDROMETRO UNIJATO, VAZAO MAXIMA DE 1,5 M3/H, DE 1/2\"","UN    ",189]
[12773,"HIDROMETRO UNIJATO, VAZAO MAXIMA DE 3,0 M3/H, DE 1/2\"","UN    ",202.89]
[12774,"HIDROMETRO UNIJATO, VAZAO MAXIMA DE 5,0 M3/H, DE 3/4\"","UN    ",250.14]
[12776,"HIDROMETRO WOLTMANN, VAZAO MAXIMA DE 50,0 M3/H, DE 2\"","UN    ",3724.41]
[12777,"HIDROMETRO WOLTMANN, VAZAO MAXIMA DE 80,0 M3/H, DE 3\"","UN    ",4863.97]
[3391,"IGNITOR PARA LAMPADA DE VAPOR DE SODIO / VAPOR METALICO ATE 2000 W, TENSAO DE PULSO ENTRE 600 A 750 V","UN    ",23.71]
[3389,"IGNITOR PARA LAMPADA DE VAPOR DE SODIO / VAPOR METALICO ATE 400 W, TENSAO DE PULSO ENTRE 3000 A 4500 V","UN    ",12.3]
[3390,"IGNITOR PARA LAMPADA DE VAPOR DE SODIO / VAPOR METALICO ATE 400 W, TENSAO DE PULSO ENTRE 580 A 750 V","UN    ",13.84]
[12873,"IMPERMEABILIZADOR","H     ",17.84]
[41076,"IMPERMEABILIZADOR (MENSALISTA)","MES   ",3171.82]
[140,"IMPERMEABILIZANTE FLEXIVEL BRANCO DE BASE ACRILICA PARA COBERTURAS","KG    ",9.57]
[151,"IMPERMEABILIZANTE INCOLOR PARA TRATAMENTO DE FACHADAS E TELHAS, BASE SILICONE","L     ",14.12]
[7340,"IMUNIZANTE PARA MADEIRA, INCOLOR","L     ",19.32]
[2701,"INSTALADOR DE TUBULACOES (TUBOS/EQUIPAMENTOS)","H     ",21.73]
[40929,"INSTALADOR DE TUBULACOES (TUBOS/EQUIPAMENTOS) (MENSALISTA)","MES   ",3858.27]
[38114,"INTERRUPTOR BIPOLAR SIMPLES 10 A, 250 V (APENAS MODULO)","UN    ",13.75]
[38064,"INTERRUPTOR BIPOLAR 10A, 250V, CONJUNTO MONTADO PARA EMBUTIR 4\" X 2\" (PLACA + SUPORTE + MODULO)","UN    ",15.38]
[38115,"INTERRUPTOR INTERMEDIARIO 10 A, 250 V (APENAS MODULO)","UN    ",14.69]
[38065,"INTERRUPTOR INTERMEDIARIO 10A, 250V, CONJUNTO MONTADO PARA EMBUTIR 4\" X 2\" (PLACA + SUPORTE + MODULO)","UN    ",21.82]
[38078,"INTERRUPTOR PARALELO + TOMADA 2P+T 10A, 250V, CONJUNTO MONTADO PARA EMBUTIR 4\" X 2\" (PLACA + SUPORTE + MODULOS)","UN    ",12.73]
[38113,"INTERRUPTOR PARALELO 10A, 250V (APENAS MODULO)","UN    ",6.91]
[38063,"INTERRUPTOR PARALELO 10A, 250V, CONJUNTO MONTADO PARA EMBUTIR 4\" X 2\" (PLACA + SUPORTE + MODULO)","UN    ",7.42]
[38080,"INTERRUPTOR SIMPLES + INTERRUPTOR PARALELO + TOMADA 2P+T 10A, 250V, CONJUNTO MONTADO PARA EMBUTIR 4\" X 2\" (PLACA + SUPORTE + MODULOS)","UN    ",22.11]
[38069,"INTERRUPTOR SIMPLES + INTERRUPTOR PARALELO 10A, 250V, CONJUNTO MONTADO PARA EMBUTIR 4\" X 2\" (PLACA + SUPORTE + MODULOS)","UN    ",12.09]
[38077,"INTERRUPTOR SIMPLES + TOMADA 2P+T 10A, 250V, CONJUNTO MONTADO PARA EMBUTIR 4\" X 2\" (PLACA + SUPORTE + MODULOS)","UN    ",11.81]
[38073,"INTERRUPTOR SIMPLES + 2 INTERRUPTORES PARALELOS 10A, 250V, CONJUNTO MONTADO PARA EMBUTIR 4\" X 2\" (PLACA + SUPORTE + MODULOS)","UN    ",18]
[38112,"INTERRUPTOR SIMPLES 10A, 250V (APENAS MODULO)","UN    ",5.31]
[38062,"INTERRUPTOR SIMPLES 10A, 250V, CONJUNTO MONTADO PARA EMBUTIR 4\" X 2\" (PLACA + SUPORTE + MODULO)","UN    ",5.45]
[12128,"INTERRUPTOR SIMPLES 10A, 250V, CONJUNTO MONTADO PARA SOBREPOR 4\" X 2\" (CAIXA + MODULO)","UN    ",7.28]
[12129,"INTERRUPTOR SIMPLES 10A, 250V, CONJUNTO MONTADO PARA SOBREPOR 4\" X 2\" (CAIXA + 2 MODULOS)","UN    ",9.6300000000000008]
[38081,"INTERRUPTORES PARALELOS (2 MODULOS) + TOMADA 2P+T 10A, 250V, CONJUNTO MONTADO PARA EMBUTIR 4\" X 2\" (PLACA + SUPORTE + MODULOS)","UN    ",18.75]
[38070,"INTERRUPTORES PARALELOS (2 MODULOS) 10A, 250V, CONJUNTO MONTADO PARA EMBUTIR 4\" X 2\" (PLACA + SUPORTE + MODULOS)","UN    ",12.92]
[38074,"INTERRUPTORES PARALELOS (3 MODULOS) 10A, 250V, CONJUNTO MONTADO PARA EMBUTIR 4\" X 2\" (PLACA + SUPORTE + MODULO)","UN    ",19.649999999999999]
[38079,"INTERRUPTORES SIMPLES (2 MODULOS) + TOMADA 2P+T 10A, 250V, CONJUNTO MONTADO PARA EMBUTIR 4\" X 2\" (PLACA + SUPORTE + MODULOS)","UN    ",16.86]
[38072,"INTERRUPTORES SIMPLES (2 MODULOS) + 1 INTERRUPTOR PARALELO 10A, 250V, CONJUNTO MONTADO PARA EMBUTIR 4\" X 2\" (PLACA + SUPORTE + MODULOS)","UN    ",16.21]
[38068,"INTERRUPTORES SIMPLES (2 MODULOS) 10A, 250V, CONJUNTO MONTADO PARA EMBUTIR 4\" X 2\" (PLACA + SUPORTE + MODULOS)","UN    ",11.19]
[38071,"INTERRUPTORES SIMPLES (3 MODULOS) 10A, 250V, CONJUNTO MONTADO PARA EMBUTIR 4\" X 2\" (PLACA + SUPORTE + MODULOS)","UN    ",13.37]
[38412,"INVERSOR DE SOLDA MONOFASICO DE 160 A, POTENCIA DE 5400 W, TENSAO DE 220 V, TURBO VENTILADO, PROTECAO POR FUSIVEL TERMICO, PARA ELETRODOS DE 2,0 A 4,0 MM","UN    ",1390]
[3405,"ISOLADOR DE PORCELANA SUSPENSO, DISCO TIPO GARFO OLHAL, DIAMETRO DE 152 MM, PARA TENSAO DE *15* KV","UN    ",73.41]
[3394,"ISOLADOR DE PORCELANA, TIPO BUCHA, PARA TENSAO DE *15* KV","UN    ",387.5]
[3393,"ISOLADOR DE PORCELANA, TIPO BUCHA, PARA TENSAO DE *35* KV","UN    ",659.77]
[3406,"ISOLADOR DE PORCELANA, TIPO PINO MONOCORPO, PARA TENSAO DE *15* KV","UN    ",22.47]
[3395,"ISOLADOR DE PORCELANA, TIPO PINO MONOCORPO, PARA TENSAO DE *35* KV","UN    ",94.79]
[3398,"ISOLADOR DE PORCELANA, TIPO ROLDANA, DIMENSOES DE *72* X *72* MM, PARA USO EM BAIXA TENSAO","UN    ",4.5]
[34379,"JANELA BASCULANTE EM ALUMINIO, 100 X 100 CM (A X L), ACABAMENTO ACET OU BRILHANTE, BATENTE/REQUADRO DE 3 A 14 CM, COM VIDRO, SEM GUARNICAO/ALIZAR","UN    ",228.09]
[34377,"JANELA BASCULANTE EM ALUMINIO, 80 X 60 CM (A X L), ACABAMENTO ACET OU BRILHANTE, BATENTE/REQUADRO DE 3 A 14 CM, COM VIDRO, SEM GUARNICAO/ALIZAR","UN    ",169.42]
[40662,"JANELA BASCULANTE EM MADEIRA PINUS/ EUCALIPTO/ TAUARI/ VIROLA OU EQUIVALENTE DA REGIAO, *60 X 60*, CAIXA DO BATENTE/ MARCO E = *10* CM, 2 BASCULAS PARA VIDRO, COM FERRAGENS (SEM VIDRO, SEM GUARNICAO/ALIZAR E SEM ACABAMENTO)","UN    ",201.19]
[3437,"JANELA BASCULANTE EM MADEIRA PINUS/ EUCALIPTO/ TAUARI/ VIROLA OU EQUIVALENTE DA REGIAO, CAIXA DO BATENTE/ MARCO *10* CM, *2* FOLHAS BASCULANTES PARA VIDRO, COM FERRAGENS (SEM VIDRO, SEM GUARNICAO/ALIZAR E SEM ACABAMENTO)","M2    ",558.88]
[11190,"JANELA BASCULANTE, ACO, COM BATENTE/REQUADRO, 60 X 60 CM (SEM VIDROS)","UN    ",158]
[3428,"JANELA DE ABRIR EM MADEIRA IMBUIA/CEDRO ARANA/CEDRO ROSA OU EQUIVALENTE DA REGIAO, CAIXA DO BATENTE/MARCO *10* CM, 2 FOLHAS DE ABRIR TIPO VENEZIANA E 2 FOLHAS DE ABRIR PARA VIDRO, COM GUARNICAO/ALIZAR, COM FERRAGENS, (SEM VIDRO E SEM ACABAMENTO)","M2    ",829]
[3429,"JANELA DE ABRIR EM MADEIRA PINUS/EUCALIPTO/ TAUARI/ VIROLA OU EQUIVALENTE DA REGIAO, CAIXA DO BATENTE/MARCO *10* CM, 2 FOLHAS DE ABRIR TIPO VENEZIANA E 2 FOLHAS GUILHOTINA PARA VIDRO, COM FERRAGENS (SEM VIDRO,SEM GUARNICAO/ALIZAR E SEM ACABAMENTO)","M2    ",473.64]
[34370,"JANELA DE CORRER EM ALUMINIO, VENEZIANA, 120 X 120 CM (A X L), 3 FLS (2 VENEZIANAS E 1 VIDRO), SEM BANDEIRA, ACABAMENTO ACET OU BRILHANTE, BATENTE/REQUADRO DE 6 A 14 CM, COM VIDRO, SEM GUARNICAO/ALIZAR","UN    ",514.28]
[34372,"JANELA DE CORRER EM ALUMINIO, VENEZIANA, 120 X 150 CM (A X L), 6 FLS (4 VENEZIANAS E 2 VIDROS), SEM BANDEIRA, ACABAMENTO ACET OU BRILHANTE, BATENTE/REQUADRO DE 6 A 14 CM, COM VIDRO, SEM GUARNICAO/ALIZAR","UN    ",715.45]
[36896,"JANELA DE CORRER EM ALUMINIO, 100 X 120 CM (A X L), 2 FLS,  SEM BANDEIRA,  ACABAMENTO ACET OU BRILHANTE, BATENTE/REQUADRO DE 6 A 14 CM, COM VIDRO, SEM GUARNICAO","UN    ",295.08999999999997]
[34367,"JANELA DE CORRER EM ALUMINIO, 100 X 150 CM (A X L), 2 FLS,  SEM BANDEIRA,  ACABAMENTO ACET OU BRILHANTE, BATENTE/REQUADRO DE 6 A 14 CM, COM VIDRO, SEM GUARNICAO/ALIZAR","UN    ",346.62]
[36897,"JANELA DE CORRER EM ALUMINIO, 100 X 150 CM (A X L), 4 FLS, SEM BANDEIRA, ACABAMENTO ACET OU BRILHANTE, BATENTE/REQUADRO DE 6 A 14 CM, COM VIDRO, SEM GUARNICAO/ALIZAR","UN    ",408.74]
[597,"JANELA DE CORRER EM ALUMINIO, 100 X 150 CM (A X L), 4 FLS, SEM BANDEIRA, ACABAMENTO ACET OU BRILHANTE, COM VIDRO, COM GUARNICAO PARA 1 FACE","M2    ",301.91000000000003]
[34369,"JANELA DE CORRER EM ALUMINIO, 100 X 200 CM, 4 FLS,  BANDEIRA COM BASCULA,  ACABAMENTO ACET OU BRILHANTE, BATENTE/REQUADRO DE 6 A 14 CM, COM VIDRO, SEM GUARNICAO/ALIZAR","UN    ",484.28]
[34362,"JANELA DE CORRER EM ALUMINIO, 120 X 120 CM (A X L), 2 FLS, SEM BANDEIRA, ACABAMENTO ACET OU BRILHANTE,  BATENTE/REQUADRO DE 6 A 14 CM, COM VIDRO, SEM GUARNICAO/ALIZAR","UN    ",336.03]
[34364,"JANELA DE CORRER EM ALUMINIO, 120 X 150 CM (A X L), 4 FLS, BANDEIRA COM BASCULA,  ACABAMENTO ACET OU BRILHANTE, BATENTE/REQUADRO DE 6 A 14 CM, COM VIDRO, SEM GUARNICAO/ALIZAR","UN    ",473.69]
[40659,"JANELA DE 6 FOLHAS DE CORRER EM MADEIRA CEDRINHO/ ANGELIM COMERCIAL/ CURUPIXA/ CUMARU OU EQUIVALENTE DA REGIAO, CAIXA DO BATENTE/MARCO *10* CM, 2 FOLHAS DE CORRER VENEZIANA, 2 FOLHAS FIXAS VENEZIANA E 2 FOLHAS DE CORRER PARA VIDRO, COM FERRAGENS (SEM VIDRO, SEM ACABAMENTO E SEM GUARNICAO/ALIZAR)","M2    ",790.73]
[40660,"JANELA DE 6 FOLHAS DE CORRER EM MADEIRA IMBUIA/CEDRO ARANA/CEDRO ROSA OU EQUIVALENTE DA REGIAO, CAIXA DO BATENTE/MARCO *10* CM, 2 FOLHAS DE CORRER VENEZIANA, 2 FOLHAS FIXAS VENEZIANA E 2 FOLHAS DE CORRER PARA VIDRO, COM FERRAGENS (SEM VIDRO, SEM ACABAMENTO E SEM GUARNICAO/ALIZAR)","M2    ",1002.16]
[40661,"JANELA DE 6 FOLHAS DE CORRER EM MADEIRA PINUS/ EUCALIPTO/ TAUARI/ VIROLA OU  EQUIVALENTE DA REGIAO, CAIXA DO BATENTE/MARCO *10* CM, 2 FOLHAS DE CORRER VENEZIANA, 2 FOLHAS FIXAS VENEZIANA E 2 FOLHAS DE CORRER PARA VIDRO, COM FERRAGENS (SEM VIDRO, SEM ACABAMENTO E SEM GUARNICAO/ALIZAR)","M2    ",616.15]
[3421,"JANELA EM MADEIRA CEDRINHO/ ANGELIM COMERCIAL/ CURUPIXA/ CUMARU OU EQUIVALENTE DA REGIAO, CAIXA DO BATENTE/MARCO *10* CM, 2 FOLHAS DE ABRIR TIPO VENEZIANA E 2 FOLHAS GUILHOTINA PARA VIDRO, COM GUARNICAO/ALIZAR, COM FERRAGENS (SEM VIDRO E SEM ACABAMENTO)","M2    ",620.87]
[599,"JANELA FIXA EM ALUMINIO, 60  X 80 CM (A X L), BATENTE/REQUADRO DE 3 A 14 CM, COM VIDRO, SEM GUARNICAO/ALIZAR","M2    ",255.9]
[601,"JANELA MAXIM AR EM ALUMINIO, 80 X 60 CM (A X L), BATENTE/REQUADRO DE 4 A 14 CM, COM VIDRO, SEM GUARNICAO/ALIZAR","M2    ",345.22]
[34381,"JANELA MAXIM AR EM ALUMINIO, 80 X 60 CM (A X L), BATENTE/REQUADRO DE 4 A 14 CM, COM VIDRO, SEM GUARNICAO/ALIZAR","UN    ",172.95]
[3423,"JANELA MAXIM AR EM MADEIRA CEDRINHO/ ANGELIM COMERCIAL/ CURUPIXA/ CUMARU OU EQUIVALENTE DA REGIAO, CAIXA DO BATENTE/MARCO *10* CM, 1 FOLHA  PARA VIDRO, COM GUARNICAO/ALIZAR, COM FERRAGENS, (SEM VIDRO E SEM ACABAMENTO)","M2    ",875.57]
[34797,"JANELA MAXIMO AR, ACO, BATENTE / REQUADRO DE 6 A 14 CM, PINT ANTICORROSIVA, SEM VIDRO, COM GRADE, 1 FL, 60  X 80 CM (A X L)","UN    ",344.15]
[25964,"JARDINEIRO","H     ",17.29]
[41077,"JARDINEIRO (MENSALISTA)","MES   ",3070.21]
[20159,"JOELHO COM VISITA, PVC SERIE R, 90 GRAUS, 100 X 75 MM, PARA ESGOTO OU AGUAS PLUVIAIS PREDIAIS","UN    ",60.55]
[37963,"JOELHO CPVC, SOLDAVEL, 45 GRAUS, 15 MM, PARA AGUA QUENTE","UN    ",3.64]
[37964,"JOELHO CPVC, SOLDAVEL, 45 GRAUS, 22 MM, PARA AGUA QUENTE","UN    ",6.06]
[37965,"JOELHO CPVC, SOLDAVEL, 45 GRAUS, 28 MM, PARA AGUA QUENTE","UN    ",8.7899999999999991]
[37966,"JOELHO CPVC, SOLDAVEL, 45 GRAUS, 35 MM, PARA AGUA QUENTE","UN    ",15.93]
[37967,"JOELHO CPVC, SOLDAVEL, 45 GRAUS, 42 MM, PARA AGUA QUENTE","UN    ",25.54]
[37968,"JOELHO CPVC, SOLDAVEL, 45 GRAUS, 54 MM, PARA AGUA QUENTE","UN    ",56.01]
[37969,"JOELHO CPVC, SOLDAVEL, 45 GRAUS, 73 MM, PARA AGUA QUENTE","UN    ",149.63]
[37970,"JOELHO CPVC, SOLDAVEL, 45 GRAUS, 89 MM, PARA AGUA QUENTE","UN    ",174.56]
[21118,"JOELHO CPVC, SOLDAVEL, 90 GRAUS, 15 MM, PARA AGUA QUENTE","UN    ",2.75]
[37956,"JOELHO CPVC, SOLDAVEL, 90 GRAUS, 22 MM, PARA AGUA QUENTE","UN    ",4.3600000000000003]
[37957,"JOELHO CPVC, SOLDAVEL, 90 GRAUS, 28 MM, PARA AGUA QUENTE","UN    ",9.19]
[37958,"JOELHO CPVC, SOLDAVEL, 90 GRAUS, 35 MM, PARA AGUA QUENTE","UN    ",15.93]
[37959,"JOELHO CPVC, SOLDAVEL, 90 GRAUS, 42 MM, PARA AGUA QUENTE","UN    ",25.54]
[37960,"JOELHO CPVC, SOLDAVEL, 90 GRAUS, 54 MM, PARA AGUA QUENTE","UN    ",55]
[37961,"JOELHO CPVC, SOLDAVEL, 90 GRAUS, 73 MM, PARA AGUA QUENTE","UN    ",145.91999999999999]
[37962,"JOELHO CPVC, SOLDAVEL, 90 GRAUS, 89 MM, PARA AGUA QUENTE","UN    ",169.55]
[3533,"JOELHO DE REDUCAO, PVC SOLDAVEL, 90 GRAUS,  25 MM X 20 MM, PARA AGUA FRIA PREDIAL","UN    ",2.54]
[3538,"JOELHO DE REDUCAO, PVC SOLDAVEL, 90 GRAUS,  32 MM X 25 MM, PARA AGUA FRIA PREDIAL","UN    ",4.3899999999999997]
[3497,"JOELHO DE REDUCAO, PVC, ROSCAVEL COM BUCHA DE LATAO, 90 GRAUS,  3/4\" X 1/2\", PARA AGUA FRIA PREDIAL","UN    ",16.41]
[3498,"JOELHO DE REDUCAO, PVC, ROSCAVEL, 90 GRAUS, 1\" X 3/4\", PARA AGUA FRIA PREDIAL","UN    ",5.21]
[3496,"JOELHO DE REDUCAO, PVC, ROSCAVEL, 90 GRAUS, 3/4\" X 1/2\", PARA AGUA FRIA PREDIAL","UN    ",4.21]
[38429,"JOELHO DE TRANSICAO, CPVC, SOLDAVEL, 90 GRAUS, 15 MM X 1/2\", PARA AGUA QUENTE","UN    ",9.2899999999999991]
[38431,"JOELHO DE TRANSICAO, CPVC, SOLDAVEL, 90 GRAUS, 22 MM X 1/2\", PARA AGUA QUENTE","UN    ",14.71]
[38430,"JOELHO DE TRANSICAO, CPVC, SOLDAVEL, 90 GRAUS, 22 MM X 3/4\", PARA AGUA QUENTE","UN    ",18.8]
[36348,"JOELHO PPR 45 GRAUS, SOLDAVEL,  DN 20 MM, PARA AGUA QUENTE PREDIAL","UN    ",0.95]
[36349,"JOELHO PPR 45 GRAUS, SOLDAVEL, DN 25 MM, PARA AGUA QUENTE PREDIAL","UN    ",1.43]
[38433,"JOELHO PPR, 45 GRAUS, SOLDAVEL, DN 32 MM, PARA AGUA QUENTE PREDIAL","UN    ",2.65]
[38440,"JOELHO PPR, 90 GRAUS, SOLDAVEL, DN 110 MM, PARA AGUA QUENTE PREDIAL","UN    ",91.66]
[36359,"JOELHO PPR, 90 GRAUS, SOLDAVEL, DN 20 MM, PARA AGUA QUENTE PREDIAL","UN    ",1.1399999999999999]
[36360,"JOELHO PPR, 90 GRAUS, SOLDAVEL, DN 25 MM, PARA AGUA QUENTE PREDIAL","UN    ",1.76]
[38434,"JOELHO PPR, 90 GRAUS, SOLDAVEL, DN 32 MM, PARA AGUA QUENTE PREDIAL","UN    ",2.69]
[38435,"JOELHO PPR, 90 GRAUS, SOLDAVEL, DN 40 MM, PARA AGUA QUENTE PREDIAL","UN    ",5.1100000000000003]
[38436,"JOELHO PPR, 90 GRAUS, SOLDAVEL, DN 50 MM, PARA AGUA QUENTE PREDIAL","UN    ",10.56]
[38437,"JOELHO PPR, 90 GRAUS, SOLDAVEL, DN 63 MM, PARA AGUA QUENTE PREDIAL","UN    ",15.87]
[38438,"JOELHO PPR, 90 GRAUS, SOLDAVEL, DN 75 MM, PARA AGUA QUENTE PREDIAL","UN    ",40.090000000000003]
[38439,"JOELHO PPR, 90 GRAUS, SOLDAVEL, DN 90 MM, PARA AGUA QUENTE PREDIAL","UN    ",61.11]
[10836,"JOELHO PVC COM VISITA, 90 GRAUS, DN 100 X 50 MM, SERIE NORMAL, PARA ESGOTO PREDIAL","UN    ",21.22]
[20128,"JOELHO PVC LEVE, 45 GRAUS, DN 150 MM, PARA ESGOTO PREDIAL","UN    ",62.2]
[20131,"JOELHO PVC LEVE, 90 GRAUS, DN 150 MM, PARA ESGOTO PREDIAL","UN    ",56.78]
[3521,"JOELHO PVC,  SOLDAVEL COM ROSCA, 90 GRAUS, 20 MM X 1/2\", PARA AGUA FRIA PREDIAL","UN    ",2.21]
[3531,"JOELHO PVC,  SOLDAVEL COM ROSCA, 90 GRAUS, 25 MM X 1/2\", PARA AGUA FRIA PREDIAL","UN    ",2.5]
[3522,"JOELHO PVC,  SOLDAVEL COM ROSCA, 90 GRAUS, 25 MM X 3/4\", PARA AGUA FRIA PREDIAL","UN    ",3.72]
[3527,"JOELHO PVC,  SOLDAVEL COM ROSCA, 90 GRAUS, 32 MM X 3/4\", PARA AGUA FRIA PREDIAL","UN    ",12.81]
[10835,"JOELHO PVC, COM BOLSA E ANEL, 90 GRAUS, DN 40 X *38* MM, SERIE NORMAL, PARA ESGOTO PREDIAL","UN    ",4.4400000000000004]
[3475,"JOELHO PVC, ROSCAVEL, 45 GRAUS, 1/2\", PARA AGUA FRIA PREDIAL","UN    ",4.3]
[3485,"JOELHO PVC, ROSCAVEL, 45 GRAUS, 1\", PARA AGUA FRIA PREDIAL","UN    ",13.75]
[3534,"JOELHO PVC, ROSCAVEL, 45 GRAUS, 3/4\", PARA AGUA FRIA PREDIAL","UN    ",5.44]
[3543,"JOELHO PVC, ROSCAVEL, 90 GRAUS, 1/2\", PARA AGUA FRIA PREDIAL","UN    ",2.73]
[3482,"JOELHO PVC, ROSCAVEL, 90 GRAUS, 1\", PARA AGUA FRIA PREDIAL","UN    ",6.91]
[3505,"JOELHO PVC, ROSCAVEL, 90 GRAUS, 3/4\", PARA AGUA FRIA PREDIAL","UN    ",3.92]
[3516,"JOELHO PVC, SOLDAVEL, BB, 45 GRAUS, DN 40 MM, PARA ESGOTO PREDIAL","UN    ",1.1599999999999999]
[3517,"JOELHO PVC, SOLDAVEL, BB, 90 GRAUS, DN 40 MM, PARA ESGOTO PREDIAL","UN    ",4.05]
[3515,"JOELHO PVC, SOLDAVEL, COM BUCHA DE LATAO, 90 GRAUS, 20 MM X 1/2\", PARA AGUA FRIA PREDIAL","UN    ",6.35]
[20147,"JOELHO PVC, SOLDAVEL, COM BUCHA DE LATAO, 90 GRAUS, 25 MM X 1/2\", PARA AGUA FRIA PREDIAL","UN    ",6.83]
[3524,"JOELHO PVC, SOLDAVEL, COM BUCHA DE LATAO, 90 GRAUS, 25 MM X 3/4\", PARA AGUA FRIA PREDIAL","UN    ",8.1]
[3532,"JOELHO PVC, SOLDAVEL, COM BUCHA DE LATAO, 90 GRAUS, 32 MM X 3/4\", PARA AGUA FRIA PREDIAL","UN    ",14.82]
[3528,"JOELHO PVC, SOLDAVEL, PB, 45 GRAUS, DN 100 MM, PARA ESGOTO PREDIAL","UN    ",9.15]
[37952,"JOELHO PVC, SOLDAVEL, PB, 45 GRAUS, DN 150 MM, PARA ESGOTO PREDIAL","UN    ",65.22]
[37951,"JOELHO PVC, SOLDAVEL, PB, 45 GRAUS, DN 40 MM, PARA ESGOTO PREDIAL","UN    ",2.37]
[3518,"JOELHO PVC, SOLDAVEL, PB, 45 GRAUS, DN 50 MM, PARA ESGOTO PREDIAL","UN    ",3.47]
[3519,"JOELHO PVC, SOLDAVEL, PB, 45 GRAUS, DN 75 MM, PARA ESGOTO PREDIAL","UN    ",8.2200000000000006]
[3520,"JOELHO PVC, SOLDAVEL, PB, 90 GRAUS, DN 100 MM, PARA ESGOTO PREDIAL","UN    ",9.2100000000000009]
[37950,"JOELHO PVC, SOLDAVEL, PB, 90 GRAUS, DN 150 MM, PARA ESGOTO PREDIAL","UN    ",56.78]
[37949,"JOELHO PVC, SOLDAVEL, PB, 90 GRAUS, DN 40 MM, PARA ESGOTO PREDIAL","UN    ",2.08]
[3526,"JOELHO PVC, SOLDAVEL, PB, 90 GRAUS, DN 50 MM, PARA ESGOTO PREDIAL","UN    ",2.79]
[3509,"JOELHO PVC, SOLDAVEL, PB, 90 GRAUS, DN 75 MM, PARA ESGOTO PREDIAL","UN    ",7.25]
[3530,"JOELHO PVC, SOLDAVEL, 90 GRAUS, 110 MM, PARA AGUA FRIA PREDIAL","UN    ",255.18]
[3542,"JOELHO PVC, SOLDAVEL, 90 GRAUS, 20 MM, PARA AGUA FRIA PREDIAL","UN    ",0.59]
[3529,"JOELHO PVC, SOLDAVEL, 90 GRAUS, 25 MM, PARA AGUA FRIA PREDIAL","UN    ",0.82]
[3536,"JOELHO PVC, SOLDAVEL, 90 GRAUS, 32 MM, PARA AGUA FRIA PREDIAL","UN    ",2.44]
[3535,"JOELHO PVC, SOLDAVEL, 90 GRAUS, 40 MM, PARA AGUA FRIA PREDIAL","UN    ",5.79]
[3540,"JOELHO PVC, SOLDAVEL, 90 GRAUS, 50 MM, PARA AGUA FRIA PREDIAL","UN    ",6.27]
[3539,"JOELHO PVC, SOLDAVEL, 90 GRAUS, 60 MM, PARA AGUA FRIA PREDIAL","UN    ",27.22]
[3513,"JOELHO PVC, SOLDAVEL, 90 GRAUS, 85 MM, PARA AGUA FRIA PREDIAL","UN    ",120.96]
[3492,"JOELHO PVC, 45 GRAUS, ROSCAVEL,  1 1/2\", AGUA FRIA PREDIAL","UN    ",23.28]
[3491,"JOELHO PVC, 45 GRAUS, ROSCAVEL, 1 1/4\",  AGUA FRIA PREDIAL","UN    ",13.28]
[3493,"JOELHO PVC, 45 GRAUS, ROSCAVEL, 2\", AGUA FRIA PREDIAL","UN    ",31.83]
[12628,"JOELHO PVC, 60 GRAUS, DIAMETRO ENTRE 80 E 100 MM, PARA DRENAGEM PLUVIAL PREDIAL","UN    ",6.97]
[12629,"JOELHO PVC, 90 GRAUS, DIAMETRO ENTRE 80 E 100 MM, PARA DRENAGEM PLUVIAL PREDIAL","UN    ",7.56]
[3481,"JOELHO PVC, 90 GRAUS, ROSCAVEL, 1 1/2\",  AGUA FRIA PREDIAL","UN    ",16.13]
[3510,"JOELHO PVC, 90 GRAUS, ROSCAVEL, 1 1/4\", AGUA FRIA PREDIAL","UN    ",15.07]
[3508,"JOELHO PVC, 90 GRAUS, ROSCAVEL, 2\", AGUA FRIA PREDIAL","UN    ",39.4]
[38939,"JOELHO ROSCA FEMEA MOVEL, METALICO, PARA CONEXAO COM ANEL DESLIZANTE EM TUBO PEX, DN 16 MM X 1/2\"","UN    ",16.45]
[38940,"JOELHO ROSCA FEMEA MOVEL, METALICO, PARA CONEXAO COM ANEL DESLIZANTE EM TUBO PEX, DN 20 MM X 1/2\"","UN    ",25.12]
[38941,"JOELHO ROSCA FEMEA MOVEL, METALICO, PARA CONEXAO COM ANEL DESLIZANTE EM TUBO PEX, DN 20 MM X 3/4\"","UN    ",29.67]
[38942,"JOELHO ROSCA FEMEA MOVEL, METALICO, PARA CONEXAO COM ANEL DESLIZANTE EM TUBO PEX, DN 25 MM X 3/4\"","UN    ",33.24]
[38987,"JOELHO 45 GRAUS, PPR, SOLDAVEL, F/ F, DN 40 MM, PARA AQUA QUENTE E FRIA PREDIAL","UN    ",4.75]
[38988,"JOELHO 45 GRAUS, PPR, SOLDAVEL, F/ F, DN 50 MM, PARA AQUA QUENTE E FRIA PREDIAL","UN    ",11.05]
[38989,"JOELHO 45 GRAUS, PPR, SOLDAVEL, F/ F, DN 63 MM, PARA AQUA QUENTE E FRIA PREDIAL","UN    ",14.68]
[38990,"JOELHO 45 GRAUS, PPR, SOLDAVEL, F/ F, DN 75 MM, PARA AQUA QUENTE E FRIA PREDIAL","UN    ",38.700000000000003]
[38991,"JOELHO 45 GRAUS, PPR, SOLDAVEL, F/ F, DN 90 MM, PARA AQUA QUENTE E FRIA PREDIAL","UN    ",78.2]
[38913,"JOELHO 90 GRAUS, METALICO, PARA CONEXAO COM ANEL DESLIZANTE EM TUBO PEX, DN 16 MM","UN    ",15.27]
[38914,"JOELHO 90 GRAUS, METALICO, PARA CONEXAO COM ANEL DESLIZANTE EM TUBO PEX, DN 20 MM","UN    ",17.71]
[38915,"JOELHO 90 GRAUS, METALICO, PARA CONEXAO COM ANEL DESLIZANTE EM TUBO PEX, DN 25 MM","UN    ",30.75]
[38916,"JOELHO 90 GRAUS, METALICO, PARA CONEXAO COM ANEL DESLIZANTE EM TUBO PEX, DN 32 MM","UN    ",40.56]
[39300,"JOELHO 90 GRAUS, PLASTICO, PARA CONEXAO COM CRIMPAGEM EM TUBO PEX, DN 16 MM","UN    ",13.79]
[39301,"JOELHO 90 GRAUS, PLASTICO, PARA CONEXAO COM CRIMPAGEM EM TUBO PEX, DN 20 MM","UN    ",19.14]
[39302,"JOELHO 90 GRAUS, PLASTICO, PARA CONEXAO COM CRIMPAGEM EM TUBO PEX, DN 25 MM","UN    ",24.05]
[39303,"JOELHO 90 GRAUS, PLASTICO, PARA CONEXAO COM CRIMPAGEM EM TUBO PEX, DN 32 MM","UN    ",42.28]
[38923,"JOELHO 90 GRAUS, ROSCA FEMEA TERMINAL, METALICO, PARA CONEXAO COM ANEL DESLIZANTE EM TUBO PEX, DN 16 MM X 1/2\"","UN    ",13.47]
[38925,"JOELHO 90 GRAUS, ROSCA FEMEA TERMINAL, METALICO, PARA CONEXAO COM ANEL DESLIZANTE EM TUBO PEX, DN 20 MM X 1/2\"","UN    ",14.47]
[38926,"JOELHO 90 GRAUS, ROSCA FEMEA TERMINAL, METALICO, PARA CONEXAO COM ANEL DESLIZANTE EM TUBO PEX, DN 20 MM X 3/4\"","UN    ",20.67]
[38927,"JOELHO 90 GRAUS, ROSCA FEMEA TERMINAL, METALICO, PARA CONEXAO COM ANEL DESLIZANTE EM TUBO PEX, DN 25 MM X 3/4\"","UN    ",22.11]
[39304,"JOELHO 90 GRAUS, ROSCA FEMEA TERMINAL, PLASTICO, PARA CONEXAO COM CRIMPAGEM EM TUBO PEX, DN 16 MM X 1/2\"","UN    ",17.03]
[38924,"JOELHO 90 GRAUS, ROSCA FEMEA TERMINAL, PLASTICO, PARA CONEXAO COM CRIMPAGEM EM TUBO PEX, DN 16 MM X 3/4\"","UN    ",24.27]
[39305,"JOELHO 90 GRAUS, ROSCA FEMEA TERMINAL, PLASTICO, PARA CONEXAO COM CRIMPAGEM EM TUBO PEX, DN 20 MM X 1/2\"","UN    ",22.3]
[39306,"JOELHO 90 GRAUS, ROSCA FEMEA TERMINAL, PLASTICO, PARA CONEXAO COM CRIMPAGEM EM TUBO PEX, DN 20 MM X 3/4\"","UN    ",27.9]
[38928,"JOELHO 90 GRAUS, ROSCA FEMEA TERMINAL, PLASTICO, PARA CONEXAO COM CRIMPAGEM EM TUBO PEX, DN 25 MM X 1/2\"","UN    ",24.5]
[38929,"JOELHO 90 GRAUS, ROSCA FEMEA TERMINAL, PLASTICO, PARA CONEXAO COM CRIMPAGEM EM TUBO PEX, DN 25 MM X 1\"","UN    ",43.45]
[39307,"JOELHO 90 GRAUS, ROSCA FEMEA TERMINAL, PLASTICO, PARA CONEXAO COM CRIMPAGEM EM TUBO PEX, DN 25 MM X 3/4\"","UN    ",32.11]
[38930,"JOELHO 90 GRAUS, ROSCA FEMEA TERMINAL, PLASTICO, PARA CONEXAO COM CRIMPAGEM EM TUBO PEX, DN 32 MM X 1\"","UN    ",54.58]
[38931,"JOELHO 90 GRAUS, ROSCA MACHO TERMINAL, METALICO, PARA CONEXAO COM ANEL DESLIZANTE EM TUBO PEX, DN 16 MM X 1/2\"","UN    ",13.74]
[38932,"JOELHO 90 GRAUS, ROSCA MACHO TERMINAL, METALICO, PARA CONEXAO COM ANEL DESLIZANTE EM TUBO PEX, DN 20 MM X 1/2\"","UN    ",13.88]
[38934,"JOELHO 90 GRAUS, ROSCA MACHO TERMINAL, METALICO, PARA CONEXAO COM ANEL DESLIZANTE EM TUBO PEX, DN 20 MM X 3/4\"","UN    ",20.51]
[38935,"JOELHO 90 GRAUS, ROSCA MACHO TERMINAL, METALICO, PARA CONEXAO COM ANEL DESLIZANTE EM TUBO PEX, DN 25 MM X 3/4\"","UN    ",21.95]
[38936,"JOELHO 90 GRAUS, ROSCA MACHO TERMINAL, PLASTICO, PARA CONEXAO COM CRIMPAGEM EM TUBO PEX, DN 25 MM X 1/2\"","UN    ",23.51]
[38937,"JOELHO 90 GRAUS, ROSCA MACHO TERMINAL, PLASTICO, PARA CONEXAO COM CRIMPAGEM EM TUBO PEX, DN 25 MM X 1\"","UN    ",28.65]
[38938,"JOELHO 90 GRAUS, ROSCA MACHO TERMINAL, PLASTICO, PARA CONEXAO COM CRIMPAGEM EM TUBO PEX, DN 32 MM X 1\"","UN    ",42.6]
[3489,"JOELHO, PVC COM ROSCA E BUCHA LATAO, 90 GRAUS,  3/4\", PARA AGUA FRIA PREDIAL","UN    ",14.89]
[20151,"JOELHO, PVC SERIE R, 45 GRAUS, DN 100 MM, PARA ESGOTO OU AGUAS PLUVIAIS PREDIAIS","UN    ",25.57]
[20152,"JOELHO, PVC SERIE R, 45 GRAUS, DN 150 MM, PARA ESGOTO OU AGUAS PLUVIAIS PREDIAIS","UN    ",88.97]
[20148,"JOELHO, PVC SERIE R, 45 GRAUS, DN 40 MM, PARA ESGOTO OU AGUAS PLUVIAIS PREDIAIS","UN    ",5.08]
[20149,"JOELHO, PVC SERIE R, 45 GRAUS, DN 50 MM, PARA ESGOTO OU AGUAS PLUVIAIS PREDIAIS","UN    ",7.87]
[20150,"JOELHO, PVC SERIE R, 45 GRAUS, DN 75 MM, PARA ESGOTO OU AGUAS PLUVIAIS PREDIAIS","UN    ",18.36]
[20157,"JOELHO, PVC SERIE R, 90 GRAUS, DN 100 MM, PARA ESGOTO OU AGUAS PLUVIAIS PREDIAIS","UN    ",34.5]
[20158,"JOELHO, PVC SERIE R, 90 GRAUS, DN 150 MM, PARA ESGOTO OU AGUAS PLUVIAIS PREDIAIS","UN    ",114.61]
[20154,"JOELHO, PVC SERIE R, 90 GRAUS, DN 40 MM, PARA ESGOTO OU AGUAS PLUVIAIS PREDIAIS","UN    ",6.54]
[20155,"JOELHO, PVC SERIE R, 90 GRAUS, DN 50 MM, PARA ESGOTO OU AGUAS PLUVIAIS PREDIAIS","UN    ",9.7899999999999991]
[20156,"JOELHO, PVC SERIE R, 90 GRAUS, DN 75 MM, PARA ESGOTO OU AGUAS PLUVIAIS PREDIAIS","UN    ",22.03]
[3512,"JOELHO, PVC SOLDAVEL, 45 GRAUS, 110 MM, PARA AGUA FRIA PREDIAL","UN    ",233.36]
[3499,"JOELHO, PVC SOLDAVEL, 45 GRAUS, 20 MM, PARA AGUA FRIA PREDIAL","UN    ",0.99]
[3500,"JOELHO, PVC SOLDAVEL, 45 GRAUS, 25 MM, PARA AGUA FRIA PREDIAL","UN    ",1.67]
[3501,"JOELHO, PVC SOLDAVEL, 45 GRAUS, 32 MM, PARA AGUA FRIA PREDIAL","UN    ",4.84]
[3502,"JOELHO, PVC SOLDAVEL, 45 GRAUS, 40 MM, PARA AGUA FRIA PREDIAL","UN    ",6.89]
[3503,"JOELHO, PVC SOLDAVEL, 45 GRAUS, 50 MM, PARA AGUA FRIA PREDIAL","UN    ",8.25]
[3477,"JOELHO, PVC SOLDAVEL, 45 GRAUS, 60 MM, PARA AGUA FRIA PREDIAL","UN    ",31.94]
[3478,"JOELHO, PVC SOLDAVEL, 45 GRAUS, 75 MM, PARA AGUA FRIA PREDIAL","UN    ",73.400000000000006]
[3525,"JOELHO, PVC SOLDAVEL, 45 GRAUS, 85 MM, PARA AGUA FRIA PREDIAL","UN    ",87.08]
[3511,"JOELHO, PVC SOLDAVEL, 90 GRAUS, 75 MM, PARA AGUA FRIA PREDIAL","UN    ",102.18]
[38917,"JOELHO, ROSCA FEMEA, COM BASE FIXA, METALICO, PARA CONEXAO COM ANEL DESLIZANTE EM TUBO PEX, DN 16 MM X 1/2\"","UN    ",13.15]
[38919,"JOELHO, ROSCA FEMEA, COM BASE FIXA, METALICO, PARA CONEXAO COM ANEL DESLIZANTE EM TUBO PEX, DN 20 MM X 1/2\"","UN    ",19.559999999999999]
[38922,"JOELHO, ROSCA FEMEA, COM BASE FIXA, METALICO, PARA CONEXAO COM ANEL DESLIZANTE EM TUBO PEX, DN 25 MM X 3/4\"","UN    ",25.27]
[38921,"JOELHO, ROSCA FEMEA, COM BASE FIXA, PLASTICO, PARA CONEXAO COM CRIMPAGEM EM TUBO PEX, DN 25 MM X 1/2\"","UN    ",31.25]
[38918,"JOELHO, ROSCA FEMEA, COM BASE FIXA, PLASTICO, PARA CONEXAO POR CRIMPAGEM EM TUBO PEX, DN 16 MM X 3/4\"","UN    ",29.7]
[38920,"JOELHO, ROSCA FEMEA, COM BASE FIXA, PLASTICO, PARA CONEXAO POR CRIMPAGEM EM TUBO PEX, DN 20 MM X 3/4\"","UN    ",37.130000000000003]
[12032,"JOGO DE TRANQUETA E ROSETA QUADRADA DE SOBREPOR SEM FUROS, EM LATAO CROMADO, *50 X 50* MM, PARA FECHADURA DE PORTA DE BANHEIRO","JG    ",49.15]
[12030,"JOGO DE TRANQUETA E ROSETA REDONDA DE SOBREPOR SEM FUROS, EM LATAO CROMADO, DIAMETRO *50* MM, PARA FECHADURA DE PORTA DE BANHEIRO","JG    ",46.18]
[10908,"JUNCAO DE REDUCAO INVERTIDA, PVC SOLDAVEL, 100 X 50 MM, SERIE NORMAL PARA ESGOTO PREDIAL","UN    ",19.309999999999999]
[10909,"JUNCAO DE REDUCAO INVERTIDA, PVC SOLDAVEL, 100 X 75 MM, SERIE NORMAL PARA ESGOTO PREDIAL","UN    ",30.8]
[3669,"JUNCAO DE REDUCAO INVERTIDA, PVC SOLDAVEL, 75 X 50 MM, SERIE NORMAL PARA ESGOTO PREDIAL","UN    ",13.2]
[20138,"JUNCAO DE REDUCAO SIMPLES, COM BOLSA PARA ANEL, PVC LEVE,  150 X 100 MM, PARA ESGOTO PREDIAL","UN    ",65.58]
[20139,"JUNCAO DUPLA, PVC SERIE R, DN 100 X 100 X 100 MM, PARA ESGOTO OU AGUAS PLUVIAIS PREDIAIS","UN    ",110.17]
[3668,"JUNCAO DUPLA, PVC SOLDAVEL, DN 100 X 100 X 100 MM , SERIE NORMAL PARA ESGOTO PREDIAL","UN    ",43.68]
[3656,"JUNCAO DUPLA, PVC SOLDAVEL, DN 75 X 75 X 75 MM , SERIE NORMAL PARA ESGOTO PREDIAL","UN    ",21.65]
[10911,"JUNCAO INVERTIDA, PVC SOLDAVEL, 75 X 75 MM, SERIE NORMAL PARA ESGOTO PREDIAL","UN    ",24.03]
[3654,"JUNCAO PVC  ROSCAVEL, 45 GRAUS, 1/2\", PARA AGUA FRIA PREDIAL","UN    ",5.18]
[3664,"JUNCAO PVC  ROSCAVEL, 45 GRAUS, 3/4\", PARA AGUA FRIA PREDIAL","UN    ",6.43]
[3657,"JUNCAO PVC, 45 GRAUS, ROSCAVEL, 1 1/4\", AGUA FRIA PREDIAL","UN    ",6.93]
[12625,"JUNCAO PVC, 60 GRAUS, CIRCULAR,  DIAMETRO ENTRE 80 E 100 MM, PARA DRENAGEM PLUVIAL PREDIAL","UN    ",9.56]
[20136,"JUNCAO SIMPLES, PVC LEVE, 150 MM, PARA ESGOTO PREDIAL","UN    ",147.97999999999999]
[20144,"JUNCAO SIMPLES, PVC SERIE R, DN 100 X 100 MM, PARA ESGOTO OU AGUAS PLUVIAIS PREDIAIS","UN    ",65]
[20143,"JUNCAO SIMPLES, PVC SERIE R, DN 100 X 75 MM, PARA ESGOTO OU AGUAS PLUVIAIS PREDIAIS","UN    ",60.71]
[20145,"JUNCAO SIMPLES, PVC SERIE R, DN 150 X 100 MM, PARA ESGOTO OU AGUAS PLUVIAIS PREDIAIS","UN    ",172.28]
[20146,"JUNCAO SIMPLES, PVC SERIE R, DN 150 X 150 MM, PARA ESGOTO OU AGUAS PLUVIAIS PREDIAIS","UN    ",194.27]
[20140,"JUNCAO SIMPLES, PVC SERIE R, DN 40 X 40 MM, PARA ESGOTO OU AGUAS PLUVIAIS PREDIAIS","UN    ",7.74]
[20141,"JUNCAO SIMPLES, PVC SERIE R, DN 50 X 50 MM, PARA ESGOTO OU AGUAS PLUVIAIS PREDIAIS","UN    ",13.58]
[20142,"JUNCAO SIMPLES, PVC SERIE R, DN 75 X 75 MM, PARA ESGOTO OU AGUAS PLUVIAIS PREDIAIS","UN    ",41.54]
[3659,"JUNCAO SIMPLES, PVC, DN 100 X 50 MM, SERIE NORMAL PARA ESGOTO PREDIAL","UN    ",18.02]
[3660,"JUNCAO SIMPLES, PVC, DN 100 X 75 MM, SERIE NORMAL PARA ESGOTO PREDIAL","UN    ",25.97]
[3662,"JUNCAO SIMPLES, PVC, DN 50 X 50 MM, SERIE NORMAL PARA ESGOTO PREDIAL","UN    ",9.81]
[3661,"JUNCAO SIMPLES, PVC, DN 75 X 50 MM, SERIE NORMAL PARA ESGOTO PREDIAL","UN    ",14.44]
[3658,"JUNCAO SIMPLES, PVC, DN 75 X 75 MM, SERIE NORMAL PARA ESGOTO PREDIAL","UN    ",18.37]
[3670,"JUNCAO SIMPLES, PVC, 45 GRAUS, DN 100 X 100 MM, SERIE NORMAL PARA ESGOTO PREDIAL","UN    ",23.98]
[3666,"JUNCAO SIMPLES, PVC, 45 GRAUS, DN 40 X 40 MM, SERIE NORMAL PARA ESGOTO PREDIAL","UN    ",4.0599999999999996]
[14157,"JUNCAO 2 GARRAS PARA FITA PERFURADA","UN    ",1.58]
[3653,"JUNCAO, PVC, 45 GRAUS, JE, BBB, DN 100 MM, PARA REDE COLETORA DE ESGOTO (NBR 10569)","UN    ",89.51]
[3649,"JUNCAO, PVC, 45 GRAUS, JE, BBB, DN 150 MM, PARA REDE COLETORA DE ESGOTO (NBR 10569)","UN    ",185.41]
[42696,"JUNCAO, PVC, 45 GRAUS, JE, BBB, DN 150 MM, PARA TUBO CORRUGADO E/OU LISO, REDE COLETORA DE ESGOTO (NBR 10569)","UN    ",518.76]
[42697,"JUNCAO, PVC, 45 GRAUS, JE, BBB, DN 200 MM, PARA TUBO CORRUGADO E/OU LISO, REDE COLETORA DE ESGOTO (NBR 10569)","UN    ",781.27]
[42698,"JUNCAO, PVC, 45 GRAUS, JE, BBB, DN 250 MM, PARA TUBO CORRUGADO E/OU LISO, REDE COLETORA DE ESGOTO (NBR 10569)","UN    ",1088.28]
[39875,"JUNTA DE EXPANSAO BRONZE/LATAO (REF 900), PONTA X PONTA, 35 MM","UN    ",464.2]
[39876,"JUNTA DE EXPANSAO BRONZE/LATAO (REF 900), PONTA X PONTA, 42 MM","UN    ",581.17999999999995]
[39877,"JUNTA DE EXPANSAO BRONZE/LATAO (REF 900), PONTA X PONTA, 54 MM","UN    ",806.07]
[39878,"JUNTA DE EXPANSAO BRONZE/LATAO (REF 900), PONTA X PONTA, 66 MM","UN    ",1064.68]
[39872,"JUNTA DE EXPANSAO DE COBRE (REF 900), PONTA X PONTA, 15 MM","UN    ",318.33]
[39873,"JUNTA DE EXPANSAO DE COBRE (REF 900), PONTA X PONTA, 22 MM","UN    ",369.25]
[39874,"JUNTA DE EXPANSAO DE COBRE (REF 900), PONTA X PONTA, 28 MM","UN    ",405.57]
[3674,"JUNTA DILATACAO ELASTICA PARA CONCRETO (FUGENBAND) O-12, ATE 5 MCA","M     ",53.01]
[3681,"JUNTA DILATACAO ELASTICA PARA CONCRETO (FUGENBAND) O-22, ATE 30 MCA","M     ",78.87]
[3676,"JUNTA DILATACAO ELASTICA PARA CONCRETO (FUGENBAND) O-35/10, ATE 100 MCA","M     ",296.81]
[3679,"JUNTA DILATACAO ELASTICA PARA CONCRETO (FUGENBAND) O-35/6, ATE 100 MCA","M     ",245.56]
[3672,"JUNTA PLASTICA DE DILATACAO PARA PISOS, COR CINZA, 10 X 4,5 MM (ALTURA X ESPESSURA)","M     ",0.83]
[3671,"JUNTA PLASTICA DE DILATACAO PARA PISOS, COR CINZA, 17 X 3 MM (ALTURA X ESPESSURA)","M     ",0.79]
[3673,"JUNTA PLASTICA DE DILATACAO PARA PISOS, COR CINZA, 27 X 3 MM (ALTURA X ESPESSURA)","M     ",1.24]
[38394,"KIT ACESSORIOS PARA COMPRESSOR DE AR, 5 PECAS (PISTOLAS PINTURA, LIMPEZA E PULVERIZACAO, CALIBRADOR E MANGUEIRA)","UN    ",273.02999999999997]
[3729,"KIT CAVALETE, PVC, COM REGISTRO, PARA HIDROMETRO, BITOLAS 1/2\" OU 3/4\" - COMPLETO","UN    ",86.64]
[39357,"KIT CHASSI COZINHA, CUBA SIMPLES SEM MAQUINA LAVAR LOUCA PARA INSTALACAO PEX, QUADRO METALICO COM TRAVESSA COM FURO PARA ESGOTO DN 50 MM E FUROS SUPERIORES PARA AGUA, LARGURA *340* MM X ALTURA *650* MM, PARA CONEXAO COM ANEL DESLIZANTE (INCLUI TUBOS E CONEXOES PEX E TUBO E CONEXAO ESGOTO, NAO INCLUI CARENAGEM)","UN    ",119.45]
[39358,"KIT CHASSI COZINHA, CUBA SIMPLES SEM MAQUINA LAVAR LOUCA PARA INSTALACAO PEX, QUADRO METALICO COM TRAVESSA COM FURO PARA ESGOTO DN 50 MM E FUROS SUPERIORES PARA AGUA, LARGURA *340* MM X ALTURA *650* MM, PARA CONEXAO COM CRIMPAGEM (INCLUI TUBOS E CONEXOESPEX E TUBO E CONEXAO ESGOTO, NAO INCLUI CARENAGEM)","UN    ",130.97999999999999]
[39356,"KIT CHASSI TANQUE COM MAQUINA LAVAR ROUPA PARA INSTALACAO PEX, QUADRO METALICO COM TRAVESSA COM  FURO PARA ESGOTO DN 50 MM, FURO LATERAL PARA MAQUINA E FUROS SUPERIORES PARA AGUA, LARGURA *344* MM X ALTURA *442* MM, PARA CONEXAO COM CRIMPAGEM (INCLUI TUBOS E CONEXOES PEX E TUBO E CONEXAO ESGOTO, NAO INCLUI CARENAGEM)","UN    ",223.46]
[39355,"KIT CHASSI TANQUE COM MAQUINA LAVAR ROUPA PARA INSTALACAO PEX, QUADRO METALICO COM TRAVESSA COM FURO PARA ESGOTO DN 50 MM, FURO LATERAL PARA MAQUINA E FUROS SUPERIORES PARA AGUA, LARGURA *344* MM X ALTURA *442* MM, PARA CONEXAO COM ANEL DESLIZANTE (INCLUI TUBOS E CONEXOES PEX E TUBO E CONEXAO ESGOTO, NAO INCLUI CARENAGEM)","UN    ",192.29]
[39353,"KIT CHUVEIRO PARA INSTALACAO PEX, QUADRO METALICO COM 2 TRAVESSAS, SUPERIOR COM ESPERA PARA CHUVEIRO E INFERIOR COM 2 REGISTROS DE PRESSAO DE 1/2 \", LARGURA DE *390* MM X ALTURA DE *900* MM, PARA CONEXAO COM ANEL DESLIZANTE (INCLUI REGISTROS PRESSAO E TUBOS PEX COM CONEXOES, SEM REGISTRO GAVETA, NAO INCLUI CARENAGEM)","UN    ",263.7]
[39354,"KIT CHUVEIRO PARA INSTALACAO PEX, QUADRO METALICO COM 2 TRAVESSAS, SUPERIOR COM ESPERA PARA CHUVEIRO E INFERIOR COM 2 REGISTROS DE PRESSAO DE 1/2 \", LARGURA DE *390* MM X ALTURA DE *900* MM, PARA CONEXAO COM CRIMPAGEM (INCLUI REGISTROS PRESSAO E TUBOS PEX COM CONEXOES, SEM REGISTRO GAVETA, NAO INCLUI CARENAGEM)","UN    ",262.82]
[39398,"KIT DE ACESSORIOS PARA BANHEIRO EM METAL CROMADO, 5 PECAS","UN    ",65.319999999999993]
[13343,"KIT DE MATERIAIS PARA BRACADEIRA PARA FIXACAO EM POSTE CIRCULAR, CONTEM TRES FIXADORES E UM ROLO DE FITA DE 3 M EM ACO CARBONO","UN    ",46.36]
[12118,"KIT DE PROTECAO ARSTOP PARA AR CONDICIONADO, TOMADA PADRAO 2P+T 20 A, COM DISJUNTOR UNIPOLAR DIN 20A","UN    ",17.48]
[39482,"KIT PORTA PRONTA DE MADEIRA, FOLHA LEVE (NBR 15930) DE 600 X 2100 MM OU 700 X 2100 MM, DE 35 MM A 40 MM DE ESPESSURA, COM MARCO EM ACO, NUCLEO COLMEIA, CAPA LISA EM HDF, ACABAMENTO MELAMINICO BRANCO (INCLUI MARCO, ALIZARES, DOBRADICAS E FECHADURA)","UN    ",444.44]
[39486,"KIT PORTA PRONTA DE MADEIRA, FOLHA LEVE (NBR 15930) DE 600 X 2100 MM OU 700 X 2100 MM, DE 35 MM A 40 MM DE ESPESSURA, NUCLEO COLMEIA, ESTRUTURA USINADA PARA FECHADURA, CAPA LISA EM HDF, ACABAMENTO EM PRIMER PARA PINTURA (INCLUI MARCO, ALIZARES E DOBRADICAS)","UN    ",362.73]
[39484,"KIT PORTA PRONTA DE MADEIRA, FOLHA LEVE (NBR 15930) DE 800 X 2100 MM, DE 35 MM A 40 MM DE ESPESSURA, COM MARCO EM ACO, NUCLEO COLMEIA, CAPA LISA EM HDF, ACABAMENTO MELAMINICO BRANCO (INCLUI MARCO, ALIZARES, DOBRADICAS E FECHADURA)","UN    ",444.44]
[39488,"KIT PORTA PRONTA DE MADEIRA, FOLHA LEVE (NBR 15930) DE 800 X 2100 MM, DE 35 MM A 40 MM DE ESPESSURA, NUCLEO COLMEIA, ESTRUTURA USINADA PARA FECHADURA, CAPA LISA EM HDF, ACABAMENTO EM PRIMER PARA PINTURA (INCLUI MARCO, ALIZARES E DOBRADICAS)","UN    ",368.67]
[39485,"KIT PORTA PRONTA DE MADEIRA, FOLHA LEVE (NBR 15930) DE 900 X 2100 MM, DE 35 MM A 40 MM DE ESPESSURA, COM MARCO EM ACO, NUCLEO COLMEIA, CAPA LISA EM HDF, ACABAMENTO MELAMINICO BRANCO (INCLUI MARCO, ALIZARES, DOBRADICAS E FECHADURA)","UN    ",444.44]
[39489,"KIT PORTA PRONTA DE MADEIRA, FOLHA LEVE (NBR 15930) DE 900 X 2100 MM, DE 35 MM A 40 MM DE ESPESSURA, NUCLEO COLMEIA, ESTRUTURA USINADA PARA FECHADURA, CAPA LISA EM HDF, ACABAMENTO EM PRIMER PARA PINTURA (INCLUI MARCO, ALIZARES E DOBRADICAS)","UN    ",374.92]
[39490,"KIT PORTA PRONTA DE MADEIRA, FOLHA MEDIA (NBR 15930) DE 600 X 2100 MM OU 700 X 2100 MM, DE 35 MM A 40 MM DE ESPESSURA, NUCLEO SEMI-SOLIDO (SARRAFEADO), ESTRUTURA USINADA PARA FECHADURA, CAPA LISA EM HDF, ACABAMENTO MELAMINICO BRANCO (INCLUI MARCO, ALIZARES E DOBRADICAS)","UN    ",558.67999999999995]
[39494,"KIT PORTA PRONTA DE MADEIRA, FOLHA MEDIA (NBR 15930) DE 600 X 2100 MM, DE 35 MM A 40 MM DE ESPESSURA, NUCLEO SEMI-SOLIDO (SARRAFEADO), ESTRUTURA USINADA PARA FECHADURA, CAPA LISA EM HDF, ACABAMENTO EM PRIMER PARA PINTURA (INCLUI MARCO, ALIZARES E DOBRADICAS)","UN    ",401.18]
[39495,"KIT PORTA PRONTA DE MADEIRA, FOLHA MEDIA (NBR 15930) DE 700 X 2100 MM, DE 35 MM A 40 MM DE ESPESSURA, NUCLEO SEMI-SOLIDO (SARRAFEADO), ESTRUTURA USINADA PARA FECHADURA, CAPA LISA EM HDF, ACABAMENTO EM PRIMER PARA PINTURA (INCLUI MARCO, ALIZARES E DOBRADICAS)","UN    ",452.07]
[39496,"KIT PORTA PRONTA DE MADEIRA, FOLHA MEDIA (NBR 15930) DE 800 X 2100 MM, DE 35 MM A 40 MM DE ESPESSURA,  NUCLEO SEMI-SOLIDO (SARRAFEADO), ESTRUTURA USINADA PARA FECHADURA, CAPA LISA EM HDF, ACABAMENTO EM PRIMER PARA PINTURA (INCLUI MARCO, ALIZARES E DOBRADICAS)","UN    ",497.28]
[39492,"KIT PORTA PRONTA DE MADEIRA, FOLHA MEDIA (NBR 15930) DE 800 X 2100 MM, DE 35 MM A 40 MM DE ESPESSURA, NUCLEO SEMI-SOLIDO (SARRAFEADO), ESTRUTURA USINADA PARA FECHADURA, CAPA LISA EM HDF, ACABAMENTO MELAMINICO BRANCO (INCLUI MARCO, ALIZARES E DOBRADICAS)","UN    ",575.71]
[39497,"KIT PORTA PRONTA DE MADEIRA, FOLHA MEDIA (NBR 15930) DE 900 X 2100 MM, DE 35 MM A 40 MM DE ESPESSURA, NUCLEO SEMI-SOLIDO (SARRAFEADO), ESTRUTURA USINADA PARA FECHADURA, CAPA LISA EM HDF, ACABAMENTO EM PRIMER PARA PINTURA (INCLUI MARCO, ALIZARES E DOBRADICAS)","UN    ",520.02]
[39493,"KIT PORTA PRONTA DE MADEIRA, FOLHA MEDIA (NBR 15930) DE 900 X 2100 MM, DE 35 MM A 40 MM DE ESPESSURA, NUCLEO SEMI-SOLIDO (SARRAFEADO), ESTRUTURA USINADA PARA FECHADURA, CAPA LISA EM HDF, ACABAMENTO MELAMINICO BRANCO (INCLUI MARCO, ALIZARES E DOBRADICAS)","UN    ",617.51]
[39500,"KIT PORTA PRONTA DE MADEIRA, FOLHA PESADA (NBR 15930) DE 800 X 2100 MM, DE 40 MM  A 45 MM DE ESPESSURA, NUCLEO SOLIDO, CAPA LISA EM HDF, ACABAMENTO MELAMINICO BRANCO (INCLUI MARCO, ALIZARES, DOBRADICAS E FECHADURA EXTERNA)","UN    ",673.75]
[39498,"KIT PORTA PRONTA DE MADEIRA, FOLHA PESADA (NBR 15930) DE 800 X 2100 MM, DE 40 MM A 45 MM DE ESPESSURA , NUCLEO SOLIDO, ESTRUTURA USINADA PARA FECHADURA, CAPA LISA EM HDF, ACABAMENTO EM LAMINADO NATURAL COM VERNIZ (INCLUI MARCO, ALIZARES E DOBRADICAS)","UN    ",830.96]
[43628,"KIT PORTA PRONTA DE MADEIRA, FOLHA PESADA (NBR 15930) DE 800 X 2100 MM, DE 40 MM A 45 MM DE ESPESSURA, COM MARCO EM ACO, NUCLEO SOLIDO, CAPA LISA EM HDF, ACABAMENTO MELAMINICO BRANCO (INCLUI MARCO, ALIZARES, DOBRADICAS E FECHADURA)","UN    ",654.97]
[39501,"KIT PORTA PRONTA DE MADEIRA, FOLHA PESADA (NBR 15930) DE 900 X 2100 MM, DE 40 MM  A 45 MM DE ESPESSURA, NUCLEO SOLIDO, CAPA LISA EM HDF, ACABAMENTO MELAMINICO BRANCO (INCLUI MARCO, ALIZARES, DOBRADICAS E FECHADURA EXTERNA)","UN    ",692]
[39499,"KIT PORTA PRONTA DE MADEIRA, FOLHA PESADA (NBR 15930) DE 900 X 2100 MM, DE 40 MM A 45 MM DE ESPESSURA , NUCLEO SOLIDO, ESTRUTURA USINADA PARA FECHADURA, CAPA LISA EM HDF, ACABAMENTO EM LAMINADO NATURAL COM VERNIZ (INCLUI MARCO, ALIZARES E DOBRADICAS)","UN    ",842.76]
[43621,"KIT PORTA PRONTA DE MADEIRA, FOLHA PESADA (NBR 15930) DE 900 X 2100 MM, DE 40 MM A 45 MM DE ESPESSURA, COM MARCO EM ACO, NUCLEO SOLIDO, CAPA LISA EM HDF, ACABAMENTO MELAMINICO BRANCO (INCLUI MARCO, ALIZARES, DOBRADICAS E FECHADURA)","UN    ",695.91]
[3733,"LADRILHO HIDRAULICO, *20 x 20* CM, E= 2 CM, PADRAO COPACABANA, 2 CORES (PRETO E BRANCO)","M2    ",49.12]
[3731,"LADRILHO HIDRAULICO, *20 X 20* CM, E= 2 CM, DADOS, COR NATURAL","M2    ",45.6]
[38137,"LADRILHO HIDRAULICO, *20 X 20* CM, E= 2 CM, RAMPA, NATURAL","M2    ",45.87]
[38135,"LADRILHO HIDRAULICO, *20 X 20* CM, E= 2 CM, TATIL ALERTA OU DIRECIONAL, AMARELO","M2    ",58.14]
[38138,"LADRILHO HIDRAULICO, *30 X 30* CM, E= 2 CM, MILANO, NATURAL","M2    ",45.04]
[3736,"LAJE PRE-MOLDADA CONVENCIONAL (LAJOTAS + VIGOTAS) PARA FORRO, UNIDIRECIONAL, SOBRECARGA DE 100 KG/M2, VAO ATE 4,00 M (SEM COLOCACAO)","M2    ",52]
[3741,"LAJE PRE-MOLDADA CONVENCIONAL (LAJOTAS + VIGOTAS) PARA FORRO, UNIDIRECIONAL, SOBRECARGA DE 100 KG/M2, VAO ATE 4,50 M (SEM COLOCACAO)","M2    ",54.2]
[3745,"LAJE PRE-MOLDADA CONVENCIONAL (LAJOTAS + VIGOTAS) PARA FORRO, UNIDIRECIONAL, SOBRECARGA 100 KG/M2, VAO ATE 5,00 M (SEM COLOCACAO)","M2    ",58.44]
[3743,"LAJE PRE-MOLDADA CONVENCIONAL (LAJOTAS + VIGOTAS) PARA PISO, UNIDIRECIONAL, SOBRECARGA DE 200 KG/M2, VAO ATE 3,50 M (SEM COLOCACAO)","M2    ",54.01]
[3744,"LAJE PRE-MOLDADA CONVENCIONAL (LAJOTAS + VIGOTAS) PARA PISO, UNIDIRECIONAL, SOBRECARGA DE 200 KG/M2, VAO ATE 4,50 M (SEM COLOCACAO)","M2    ",59.45]
[3739,"LAJE PRE-MOLDADA CONVENCIONAL (LAJOTAS + VIGOTAS) PARA PISO, UNIDIRECIONAL, SOBRECARGA DE 200 KG/M2, VAO ATE 5,00 M (SEM COLOCACAO)","M2    ",62.48]
[3737,"LAJE PRE-MOLDADA CONVENCIONAL (LAJOTAS + VIGOTAS) PARA PISO, UNIDIRECIONAL, SOBRECARGA DE 350 KG/M2, VAO ATE 4,50 M (SEM COLOCACAO)","M2    ",65.5]
[3738,"LAJE PRE-MOLDADA CONVENCIONAL (LAJOTAS + VIGOTAS) PARA PISO, UNIDIRECIONAL, SOBRECARGA DE 350 KG/M2, VAO ATE 5,00 M (SEM COLOCACAO)","M2    ",75.58]
[3747,"LAJE PRE-MOLDADA CONVENCIONAL (LAJOTAS + VIGOTAS) PARA PISO, UNIDIRECIONAL, SOBRECARGA 350 KG/M2 VAO ATE 3,50 M (SEM COLOCACAO)","M2    ",59.45]
[11649,"LAJE PRE-MOLDADA DE TRANSICAO EXCENTRICA EM CONCRETO ARMADO, DN 1200 MM, FURO CIRCULAR DN 600 MM, ESPESSURA 12 CM","UN    ",431.31]
[11650,"LAJE PRE-MOLDADA DE TRANSICAO EXCENTRICA EM CONCRETO ARMADO, DN 1500 MM, FURO CIRCULAR DN 530 MM, ESPESSURA 15 CM","UN    ",735.15]
[3742,"LAJE PRE-MOLDADA TRELICADA (LAJOTAS + VIGOTAS) PARA FORRO, UNIDIRECIONAL, SOBRECARGA DE 100 KG/M2, VAO ATE 6,00 M (SEM COLOCACAO)","M2    ",78.400000000000006]
[3746,"LAJE PRE-MOLDADA TRELICADA (LAJOTAS + VIGOTAS) PARA PISO, UNIDIRECIONAL, SOBRECARGA DE 200 KG/M2, VAO ATE 6,00 M (SEM COLOCACAO)","M2    ",91.54]
[21106,"LAMBRI EM ALUMINIO, DE APROXIMADAMENTE 0,6 KG/M, COM APROXIMADAMENTE 168,0 MM DE LARGURA, 6,0 MM DE ALTURA E 6,0 M DE EXTENSAO","KG    ",43.76]
[3755,"LAMPADA DE LUZ MISTA 160 W, BASE E27 (220 V)","UN    ",23.75]
[3750,"LAMPADA DE LUZ MISTA 250 W, BASE E27 (220 V)","UN    ",31.94]
[3756,"LAMPADA DE LUZ MISTA 500 W, BASE E40 (220 V)","UN    ",59.69]
[39377,"LAMPADA FLUORESCENTE COMPACTA BRANCA 135 W, BASE E40 (127/220 V)","UN    ",176.81]
[38191,"LAMPADA FLUORESCENTE COMPACTA 2U BRANCA 15 W, BASE E27 (127/220 V)","UN    ",13.16]
[39381,"LAMPADA FLUORESCENTE COMPACTA 2U/3U BRANCA 9/10 W, BASE E27 (127/220 V)","UN    ",12.28]
[38780,"LAMPADA FLUORESCENTE COMPACTA 3U BRANCA 20 W, BASE E27 (127/220 V)","UN    ",15.02]
[38781,"LAMPADA FLUORESCENTE ESPIRAL BRANCA 45 W, BASE E27 (127/220 V)","UN    ",50.71]
[38192,"LAMPADA FLUORESCENTE ESPIRAL BRANCA 65 W, BASE E27 (127/220 V)","UN    ",91.76]
[3753,"LAMPADA FLUORESCENTE TUBULAR T10, DE 20 OU 40 W, BIVOLT","UN    ",8.0299999999999994]
[38782,"LAMPADA FLUORESCENTE TUBULAR T5 DE 14 W, BIVOLT","UN    ",10.46]
[38778,"LAMPADA FLUORESCENTE TUBULAR T8 DE 16/18 W, BIVOLT","UN    ",7.85]
[38779,"LAMPADA FLUORESCENTE TUBULAR T8 DE 32/36 W, BIVOLT","UN    ",8.32]
[39388,"LAMPADA LED TIPO DICROICA BIVOLT, LUZ BRANCA, 5 W (BASE GU10)","UN    ",12.17]
[39387,"LAMPADA LED TUBULAR BIVOLT 18/20 W, BASE G13","UN    ",18.98]
[39386,"LAMPADA LED TUBULAR BIVOLT 9/10 W, BASE G13","UN    ",13.23]
[38194,"LAMPADA LED 10 W BIVOLT BRANCA, FORMATO TRADICIONAL (BASE E27)","UN    ",9.9]
[38193,"LAMPADA LED 6 W BIVOLT BRANCA, FORMATO TRADICIONAL (BASE E27)","UN    ",8.6]
[12216,"LAMPADA VAPOR DE SODIO OVOIDE 150 W (BASE E40)","UN    ",45.89]
[3757,"LAMPADA VAPOR DE SODIO OVOIDE 250 W (BASE E40)","UN    ",53.06]
[3758,"LAMPADA VAPOR DE SODIO OVOIDE 400 W (BASE E40)","UN    ",61.87]
[12214,"LAMPADA VAPOR MERCURIO 125 W (BASE E27)","UN    ",21.18]
[3749,"LAMPADA VAPOR MERCURIO 250 W (BASE E40)","UN    ",37.76]
[3751,"LAMPADA VAPOR MERCURIO 400 W (BASE E40)","UN    ",51.53]
[39376,"LAMPADA VAPOR METALICO OVOIDE 150 W, BASE E27/E40","UN    ",43.44]
[3752,"LAMPADA VAPOR METALICO TUBULAR 400 W (BASE E40)","UN    ",85.01]
[746,"LAVADORA DE ALTA PRESSAO (LAVA-JATO) PARA AGUA FRIA, PRESSAO DE OPERACAO ENTRE 1400 E 1900 LIB/POL2, VAZAO MAXIMA ENTRE  400 E 700 L/H","UN    ",2490]
[36521,"LAVATORIO DE CANTO LOUCA BRANCA SUSPENSO *40 X 30* CM","UN    ",130.93]
[36794,"LAVATORIO LOUCA BRANCA COM COLUNA *44 X 35,5* CM","UN    ",133.47]
[10426,"LAVATORIO LOUCA BRANCA COM COLUNA *54 X 44* CM","UN    ",192.23]
[10425,"LAVATORIO LOUCA BRANCA SUSPENSO *40 X 30* CM","UN    ",84.77]
[10431,"LAVATORIO LOUCA COR COM COLUNA *54 X 44* CM","UN    ",210.89]
[10429,"LAVATORIO LOUCA COR SUSPENSO *40 X 30* CM","UN    ",101.1]
[20269,"LAVATORIO/CUBA DE EMBUTIR OVAL LOUCA BRANCA SEM LADRAO *50 X 35* CM","UN    ",83.32]
[20270,"LAVATORIO/CUBA DE EMBUTIR OVAL LOUCA COR SEM LADRAO *50 X 35* CM","UN    ",90.73]
[11696,"LAVATORIO/CUBA DE SOBREPOR OVAL PEQUENA LOUCA BRANCA SEM LADRAO *31 X 44*","UN    ",132.56]
[10427,"LAVATORIO/CUBA DE SOBREPOR RETANGULAR LOUCA BRANCA COM LADRAO *52 X 45* CM","UN    ",237.68]
[10428,"LAVATORIO/CUBA DE SOBREPOR RETANGULAR LOUCA COR COM LADRAO *52 X 45* CM","UN    ",241.23]
[2354,"LEITURISTA OU CADASTRISTA DE REDES DE AGUA E ESGOTO","H     ",16.059999999999999]
[40932,"LEITURISTA OU CADASTRISTA DE REDES DE AGUA E ESGOTO (MENSALISTA)","MES   ",2852.73]
[10853,"LETRA ACO INOX (AISI 304), CHAPA NUM. 22, RECORTADO, H= 20 CM (SEM RELEVO)","UN    ",80.75]
[5093,"LEVANTADOR DE JANELA GUILHOTINA, EM LATAO CROMADO","PAR   ",15.62]
[37768,"LIMPADORA A SUCCAO, TANQUE 12000 L, BASCULAMENTO HIDRAULICO, BOMBA 12 M3/MIN 95% VACUO (INCLUI MONTAGEM, NAO INCLUI CAMINHAO)","UN    ",120000]
[37773,"LIMPADORA DE SUCCAO TANQUE 7000 L, BOMBA 12 M3/MIN 95% VACUO (INCLUI MONTAGEM, NAO INCLUI CAMINHAO)","UN    ",101900.23]
[37769,"LIMPADORA DE SUCCAO, TANQUE 11000 L, BOMBA 340 M3/MIN (INCLUI MONTAGEM, NAO INCLUI CAMINHAO)","UN    ",170593.82]
[37770,"LIMPADORA DE SUCCAO, TANQUE 5500 L, BOMBA 60M3/MIN, VACUO 500 MBAR (INCLUI MONTAGEM, NAO INCLUI CAMINHAO)","UN    ",289524.93]
[38382,"LINHA DE PEDREIRO LISA 100 M","UN    ",9.93]
[38383,"LIXA D'AGUA EM FOLHA, GRAO 100","UN    ",1.86]
[3768,"LIXA EM FOLHA PARA FERRO, NUMERO 150","UN    ",2.68]
[3767,"LIXA EM FOLHA PARA PAREDE OU MADEIRA, NUMERO 120 (COR VERMELHA)","UN    ",0.63]
[13192,"LIXADEIRA ELETRICA ANGULAR PARA CONCRETO, POTENCIA 1.400 W, PRATO DIAMANTADO DE 5''","UN    ",4872.71]
[38413,"LIXADEIRA ELETRICA ANGULAR, PARA DISCO DE 7 \" (180 MM), POTENCIA DE 2.200 W, *5.000* RPM, 220 V","UN    ",805.87]
[42440,"LIXEIRA DUPLA, COM CAPACIDADE VOLUMETRICA DE 60L*, FABRICADA EM TUBO DE ACO CARBONO, CESTOS EM CHAPA DE ACO E PINTURA NO PROCESSO ELETROSTATICO - PARA ACADEMIA AO AR LIVRE / ACADEMIA DA TERCEIRA IDADE - ATI","UN    ",979.59]
[20193,"LOCACAO DE ANDAIME METALICO TIPO FACHADEIRO, LARGURA DE 1,20 M, ALTURA POR PECA DE 2,0 M, INCLUINDO SAPATAS E ITENS NECESSARIOS A INSTALACAO","M2XMES",4.66]
[10527,"LOCACAO DE ANDAIME METALICO TUBULAR DE ENCAIXE, TIPO DE TORRE, COM LARGURA DE 1 ATE 1,5 M E ALTURA DE *1,00* M (INCLUSO SAPATAS FIXAS OU RODIZIOS)","MXMES ",14]
[41805,"LOCACAO DE ANDAIME SUSPENSO OU BALANCIM MANUAL, CAPACIDADE DE CARGA TOTAL DE APROXIMADAMENTE 250 KG/M2, PLATAFORMA DE 1,50 M X 0,80 M (C X L), CABO DE 45 M","MES   ",380]
[40271,"LOCACAO DE APRUMADOR METALICO DE PILAR, COM ALTURA E ANGULO REGULAVEIS, EXTENSAO DE *1,50* A *2,80* M","MES   ",9.1]
[40287,"LOCACAO DE BARRA DE ANCORAGEM DE 0,80 A 1,20 M DE EXTENSAO, COM ROSCA DE 5/8\", INCLUINDO PORCA E FLANGE","MES   ",3.5]
[40295,"LOCACAO DE BOMBA MANUAL PARA TESTE HIDROSTATICO ATE 30 BAR","H     ",2.72]
[745,"LOCACAO DE BOMBA MANUAL PARA TESTE HIDROSTATICO ATE 60 BAR","H     ",2.88]
[4084,"LOCACAO DE BOMBA SUBMERSIVEL PARA DRENAGEM E ESGOTAMENTO, MOTOR ELETRICO TRIFASICO, POTENCIA DE 1 CV, DIAMETRO DE RECALQUE DE 2\". FAIXA DE OPERACAO: Q=25 M3/H (+ OU - 1 M3/H) E AMT=2 M; Q=12 M3/H (+ OU - 2 M3/H) E AMT = 12 M (+ OU - 2 M)","H     ",1.17]
[743,"LOCACAO DE BOMBA SUBMERSIVEL PARA DRENAGEM E ESGOTAMENTO, MOTOR ELETRICO TRIFASICO, POTENCIA DE 2 CV, DIAMETRO DE RECALQUE DE 2\". FAIXA DE OPERACAO: Q=35 M3/H (+ OU - 3 M3/H) E AMT=2 M; Q=13 M3/H (+ OU - 3 M3/H) E AMT = 17 M (+ OU - 3 M)","H     ",1.17]
[40293,"LOCACAO DE BOMBA SUBMERSIVEL PARA DRENAGEM E ESGOTAMENTO, MOTOR ELETRICO TRIFASICO, POTENCIA DE 2 CV, DIAMETRO DE RECALQUE DE 3\". FAIXA DE OPERACAO: Q=70 M3/H (+ OU - 2 M3/H) E AMT=2 M; Q=9,5 M3/H (+ OU - 3,5 M3/H) E AMT = 10 M (+ OU - 2 M)","H     ",1.4]
[40294,"LOCACAO DE BOMBA SUBMERSIVEL PARA DRENAGEM E ESGOTAMENTO, MOTOR ELETRICO TRIFASICO, POTENCIA DE 3 CV, DIAMETRO DE RECALQUE DE 2\". FAIXA DE OPERACAO: Q=84 M3/H (+ OU - 2,5 M3/H) E AMT=2 M; Q=9,1 M3/H (+ OU - 2 M3/H) E AMT = 12 M (+ OU - 2 M)","H     ",1.17]
[4085,"LOCACAO DE BOMBA SUBMERSIVEL PARA DRENAGEM E ESGOTAMENTO, MOTOR ELETRICO TRIFASICO, POTENCIA DE 4 CV, DIAMETRO DE RECALQUE DE 3\". FAIXA DE OPERACAO: Q=60 M3/H (+ OU - 1 M3/H) E AMT=2 M; Q=11 M3/H (+ OU - 1 M3/H) E AMT = 23 M (+ OU - 1 M)","H     ",1.63]
[10775,"LOCACAO DE CONTAINER 2,30  X  6,00 M, ALT. 2,50 M, COM 1 SANITARIO, PARA ESCRITORIO, COMPLETO, SEM DIVISORIAS INTERNAS","MES   ",545]
[10776,"LOCACAO DE CONTAINER 2,30  X  6,00 M, ALT. 2,50 M, PARA ESCRITORIO, SEM DIVISORIAS INTERNAS E SEM SANITARIO","MES   ",425.78]
[10779,"LOCACAO DE CONTAINER 2,30 X 4,30 M, ALT. 2,50 M, P/ SANITARIO, C/ 5 BACIAS, 1 LAVATORIO E 4 MICTORIOS","MES   ",681.25]
[10777,"LOCACAO DE CONTAINER 2,30 X 4,30 M, ALT. 2,50 M, PARA SANITARIO, COM 3 BACIAS, 4 CHUVEIROS, 1 LAVATORIO E 1 MICTORIO","MES   ",618.79999999999995]
[10778,"LOCACAO DE CONTAINER 2,30 X 6,00 M, ALT. 2,50 M,  PARA SANITARIO,  COM 4 BACIAS, 8 CHUVEIROS,1 LAVATORIO E 1 MICTORIO","MES   ",681.25]
[40339,"LOCACAO DE CRUZETA PARA ESCORA METALICA","MES   ",3.5]
[3355,"LOCACAO DE ELEVADOR DE CARGA A CABO, CABINE SEMI FECHADA *2,0* X *1,5* X *2,0* M, CAPACIDADE DE CARGA 1000 KG, TORRE  *2,38* X *2,21* X 15 M, GUINCHO DE EMBREAGEM, FREIO DE SEGURANCA, LIMITADOR DE VELOCIDADE E CANCELA","H     ",24.3]
[39814,"LOCACAO DE ELEVADOR DE CREMALHEIRA CABINE SIMPLES FECHADA 1,5 X 2,5 X 2,35 M (UMA POR TORRE), CAPACIDADE DE CARGA *1200* KG (15 PESSOAS), TORRE DE 24 M (16 MODULOS), 16 PARADAS, FREIO DE SEGURANCA, LIMITADOR DE CARGA","H     ",45.56]
[10749,"LOCACAO DE ESCORA METALICA TELESCOPICA, COM ALTURA REGULAVEL DE *1,80* A *3,20* M, COM CAPACIDADE DE CARGA DE NO MINIMO 1000 KGF (10 KN), INCLUSO TRIPE E FORCADO","MES   ",6.41]
[40290,"LOCACAO DE FORMA PLASTICA PARA LAJE NERVURADA, DIMENSOES *60* X *60* X *16* CM","MES   ",9.24]
[3346,"LOCACAO DE GRUPO GERADOR *80 A 125* KVA, MOTOR DIESEL, REBOCAVEL, ACIONAMENTO MANUAL","H     ",13.5]
[3348,"LOCACAO DE GRUPO GERADOR ACIMA DE * 125 ATE 180* KVA, MOTOR DIESEL, REBOCAVEL, ACIONAMENTO MANUAL","H     ",16.149999999999999]
[39833,"LOCACAO DE GRUPO GERADOR DE *260* KVA, DIESEL REBOCAVEL, ACIONAMENTO MANUAL","H     ",22.12]
[7252,"LOCACAO DE NIVEL OPTICO, COM PRECISAO DE 0,7 MM, AUMENTO DE 32X","H     ",1.58]
[4778,"LOCACAO DE PERFURATRIZ PNEUMATICA DE PESO MEDIO, * 18 * KG, PARA ROCHA","H     ",3.15]
[4780,"LOCACAO DE PERFURATRIZ PNEUMATICA DE PESO MEDIO, * 24 * KG, PARA ROCHA","H     ",3.41]
[10809,"LOCACAO DE TALHA ELETRICA 3 T, VELOCIDADE  2,1 M / MIN, POTENCIA 1,3 KW","H     ",0.59]
[10811,"LOCACAO DE TALHA MANUAL DE CORRENTE, CAPACIDADE DE 2 T COM ELEVACAO DE 3 M","H     ",0.51]
[7247,"LOCACAO DE TEODOLITO ELETRONICO, PRECISAO ANGULAR DE 5 A 7 SEGUNDOS, INCLUINDO TRIPE","H     ",1.58]
[40291,"LOCACAO DE TORRE METALICA COMPLETA PARA UMA CARGA DE 8 TF (80 KN)  E PE DIREITO DE 6 M, INCLUINDO MODULOS , DIAGONAIS, SAPATAS E FORCADOS","MES   ",488.38]
[40275,"LOCACAO DE VIGA SANDUICHE METALICA VAZADA PARA TRAVAMENTO DE PILARES, ALTURA DE *8* CM, LARGURA DE *6* CM E EXTENSAO DE 2 M","MES   ",14]
[42408,"LONA PLASTICA EXTRA FORTE PRETA, E = 200 MICRA","M2    ",1.56]
[3777,"LONA PLASTICA PESADA PRETA, E = 150 MICRA","M2    ",1.1299999999999999]
[3798,"LUMINARIA ABERTA P/ ILUMINACAO PUBLICA, TIPO X-57 PETERCO OU EQUIV","UN    ",59.19]
[38769,"LUMINARIA ARANDELA TIPO MEIA-LUA COM VIDRO FOSCO *30 X 15* CM, PARA 1 LAMPADA, BASE E27, POTENCIA MAXIMA 40/60 W (NAO INCLUI LAMPADA)","UN    ",46.22]
[39510,"LUMINARIA DE EMBUTIR EM CHAPA DE ACO PARA 2 LAMPADAS FLUORESCENTES DE 14 W COM REFLETOR E ALETAS EM ALUMINIO, COMPLETA (INCLUI REATOR E LAMPADAS)","UN    ",187.08]
[38776,"LUMINARIA DE EMBUTIR EM CHAPA DE ACO PARA 4 LAMPADAS FLUORESCENTES DE 14 W *60 X 60 CM* ALETADA (NAO INCLUI REATOR E LAMPADAS)","UN    ",198.55]
[38774,"LUMINARIA DE EMERGENCIA 30 LEDS, POTENCIA 2 W, BATERIA DE LITIO, AUTONOMIA DE 6 HORAS","UN    ",24.87]
[42247,"LUMINARIA DE LED PARA ILUMINACAO PUBLICA, DE 138 W ATE 180 W, INVOLUCRO EM ALUMINIO OU ACO INOX","UN    ",848.91]
[42248,"LUMINARIA DE LED PARA ILUMINACAO PUBLICA, DE 181 W ATE 239 W, INVOLUCRO EM ALUMINIO OU ACO INOX","UN    ",986.07]
[42249,"LUMINARIA DE LED PARA ILUMINACAO PUBLICA, DE 240 W ATE 350 W, INVOLUCRO EM ALUMINIO OU ACO INOX","UN    ",1633.58]
[42244,"LUMINARIA DE LED PARA ILUMINACAO PUBLICA, DE 33 W ATE 50 W, INVOLUCRO EM ALUMINIO OU ACO INOX","UN    ",255.12]
[42245,"LUMINARIA DE LED PARA ILUMINACAO PUBLICA, DE 51 W ATE 67 W, INVOLUCRO EM ALUMINIO OU ACO INOX","UN    ",470.77]
[42246,"LUMINARIA DE LED PARA ILUMINACAO PUBLICA, DE 68 W ATE 97 W, INVOLUCRO EM ALUMINIO OU ACO INOX","UN    ",521.12]
[42243,"LUMINARIA DE LED PARA ILUMINACAO PUBLICA, DE 98 W ATE 137 W, INVOLUCRO EM ALUMINIO OU ACO INOX","UN    ",628.37]
[38889,"LUMINARIA DE SOBREPOR EM CHAPA DE ACO COM ALETAS PLASTICAS, PARA 1 LAMPADA, BASE E27, POTENCIA MAXIMA 40/60 W (NAO INCLUI LAMPADA)","UN    ",35.43]
[38784,"LUMINARIA DE SOBREPOR EM CHAPA DE ACO COM ALETAS PLASTICAS, PARA 2 LAMPADAS, BASE E27, POTENCIA MAXIMA 40/60 W (NAO INCLUI LAMPADAS)","UN    ",47.4]
[3788,"LUMINARIA DE SOBREPOR EM CHAPA DE ACO PARA 1 LAMPADA FLUORESCENTE DE *18* W, ALETADA, COMPLETA (LAMPADA E REATOR INCLUSOS)","UN    ",49.39]
[12230,"LUMINARIA DE SOBREPOR EM CHAPA DE ACO PARA 1 LAMPADA FLUORESCENTE DE *18* W, PERFIL COMERCIAL (NAO INCLUI REATOR E LAMPADA)","UN    ",12.7]
[3780,"LUMINARIA DE SOBREPOR EM CHAPA DE ACO PARA 1 LAMPADA FLUORESCENTE DE *36* W, ALETADA, COMPLETA (LAMPADA E REATOR INCLUSOS)","UN    ",72.88]
[12231,"LUMINARIA DE SOBREPOR EM CHAPA DE ACO PARA 1 LAMPADA FLUORESCENTE DE *36* W, PERFIL COMERCIAL (NAO INCLUI REATOR E LAMPADA)","UN    ",21.13]
[3811,"LUMINARIA DE SOBREPOR EM CHAPA DE ACO PARA 2 LAMPADAS FLUORESCENTES DE *18* W, ALETADA, COMPLETA (LAMPADAS E REATOR INCLUSOS)","UN    ",68.45]
[12232,"LUMINARIA DE SOBREPOR EM CHAPA DE ACO PARA 2 LAMPADAS FLUORESCENTES DE *18* W, PERFIL COMERCIAL (NAO INCLUI REATOR E LAMPADAS)","UN    ",22.13]
[3799,"LUMINARIA DE SOBREPOR EM CHAPA DE ACO PARA 2 LAMPADAS FLUORESCENTES DE *36* W, ALETADA, COMPLETA (LAMPADAS E REATOR INCLUSOS)","UN    ",96.81]
[12239,"LUMINARIA DE SOBREPOR EM CHAPA DE ACO PARA 2 LAMPADAS FLUORESCENTES DE *36* W, PERFIL COMERCIAL (NAO INCLUI REATOR E LAMPADAS)","UN    ",28.98]
[38773,"LUMINARIA DE TETO PLAFON/PLAFONIER EM PLASTICO COM BASE E27, POTENCIA MAXIMA 60 W (NAO INCLUI LAMPADA)","UN    ",4.6500000000000004]
[12271,"LUMINARIA DUPLA P/SINALIZACAO, TIPO WETZEL AS-2/110 OU EQUIV","UN    ",259.22000000000003]
[38785,"LUMINARIA HERMETICA IP-65 PARA 2 DUAS LAMPADAS DE 14/16/18/20 W (NAO INCLUI REATOR E LAMPADAS)","UN    ",122.72]
[38786,"LUMINARIA HERMETICA IP-65 PARA 2 DUAS LAMPADAS DE 28/32/36/40 W (NAO INCLUI REATOR E LAMPADAS)","UN    ",151.16999999999999]
[39385,"LUMINARIA LED PLAFON REDONDO DE SOBREPOR BIVOLT 12/13 W,  D = *17* CM","UN    ",22.75]
[39389,"LUMINARIA LED REFLETOR RETANGULAR BIVOLT, LUZ BRANCA, 10 W","UN    ",24.68]
[39390,"LUMINARIA LED REFLETOR RETANGULAR BIVOLT, LUZ BRANCA, 30 W","UN    ",51.73]
[39391,"LUMINARIA LED REFLETOR RETANGULAR BIVOLT, LUZ BRANCA, 50 W","UN    ",58.08]
[3803,"LUMINARIA PLAFON REDONDO COM VIDRO FOSCO DIAMETRO *25* CM, PARA 1 LAMPADA, BASE E27, POTENCIA MAXIMA 40/60 W (NAO INCLUI LAMPADA)","UN    ",43.83]
[38770,"LUMINARIA PLAFON REDONDO COM VIDRO FOSCO DIAMETRO *30* CM, PARA 2 LAMPADAS, BASE E27, POTENCIA MAXIMA 40/60 W (NAO INCLUI LAMPADAS)","UN    ",50.75]
[12267,"LUMINARIA PROVA DE TEMPO PETERCO Y.31/1","UN    ",148.72999999999999]
[43265,"LUMINARIA SOLAR LED EXTERNA, TIPO ARANDELA DE PAREDE, EM ALUMINIO, 16 LEDS, LUZ BRANCA, *180* LUMENS, CAPACIDADE DE ILUMINACAO ATE 36 H, RETANGULAR, *13 X 9 X 7* (C X L X A), COM SENSOR DE MOVIMENTO / PRESENCA, BATERIA RECARREGAVEL COM LUZ SOLAR, RESISTENTE AO CALOR, A PROVA DE AGUA E POEIRA/ IMPERMEAVEL, IP65","UN    ",71.14]
[12266,"LUMINARIA SPOT DE SOBREPOR EM ALUMINIO COM ALETA PLASTICA PARA 1 LAMPADA, BASE E27, POTENCIA MAXIMA 40/60 W (NAO INCLUI LAMPADA)","UN    ",76.12]
[39378,"LUMINARIA SPOT DE SOBREPOR EM ALUMINIO COM ALETA PLASTICA PARA 2 LAMPADAS, BASE E27, POTENCIA MAXIMA 40/60 W (NAO INCLUI LAMPADA)","UN    ",53.97]
[43543,"LUMINARIA TIPO TARTARUGA A PROVA DE TEMPO, GASES, VAPOR E PO, EM ALUMINIO, COM GRADE, BASE E27, POTENCIA MAXIMA 100 W - REF Y 25/1 (NAO INCLUI LAMPADA)","UN    ",112.44]
[38775,"LUMINARIA TIPO TARTARUGA PARA AREA EXTERNA EM ALUMINIO, COM GRADE, PARA 1 LAMPADA, BASE E27, POTENCIA MAXIMA 40/60 W (NAO INCLUI LAMPADA)","UN    ",57.22]
[21119,"LUVA CPVC, SOLDAVEL, 15 MM, PARA AGUA QUENTE PREDIAL","UN    ",1.63]
[37974,"LUVA CPVC, SOLDAVEL, 22 MM, PARA AGUA QUENTE PREDIAL","UN    ",2.42]
[37975,"LUVA CPVC, SOLDAVEL, 28 MM, PARA AGUA QUENTE PREDIAL","UN    ",4.93]
[37976,"LUVA CPVC, SOLDAVEL, 35 MM, PARA AGUA QUENTE PREDIAL","UN    ",10.1]
[37977,"LUVA CPVC, SOLDAVEL, 42 MM, PARA AGUA QUENTE PREDIAL","UN    ",13.89]
[37978,"LUVA CPVC, SOLDAVEL, 54 MM, PARA AGUA QUENTE PREDIAL","UN    ",28.16]
[37979,"LUVA CPVC, SOLDAVEL, 73 MM, PARA AGUA QUENTE PREDIAL","UN    ",121]
[37980,"LUVA CPVC, SOLDAVEL, 89 MM, PARA AGUA QUENTE PREDIAL","UN    ",135.97999999999999]
[36147,"LUVA DE BORRACHA ISOLANTE PARA ALTA TENSAO, RESISTENTE A OZONIO, TENSAO DE ENSAIO 2,5 KV (PAR)","PAR   ",279.45999999999998]
[12731,"LUVA DE COBRE (REF 600) SEM ANEL DE SOLDA, BOLSA X BOLSA, 104 MM","UN    ",264.91000000000003]
[12723,"LUVA DE COBRE (REF 600) SEM ANEL DE SOLDA, BOLSA X BOLSA, 15 MM","UN    ",2.0499999999999998]
[12724,"LUVA DE COBRE (REF 600) SEM ANEL DE SOLDA, BOLSA X BOLSA, 22 MM","UN    ",3.94]
[12725,"LUVA DE COBRE (REF 600) SEM ANEL DE SOLDA, BOLSA X BOLSA, 28 MM","UN    ",7.92]
[12726,"LUVA DE COBRE (REF 600) SEM ANEL DE SOLDA, BOLSA X BOLSA, 35 MM","UN    ",17.47]
[12727,"LUVA DE COBRE (REF 600) SEM ANEL DE SOLDA, BOLSA X BOLSA, 42 MM","UN    ",22.16]
[12728,"LUVA DE COBRE (REF 600) SEM ANEL DE SOLDA, BOLSA X BOLSA, 54 MM","UN    ",36.200000000000003]
[12729,"LUVA DE COBRE (REF 600) SEM ANEL DE SOLDA, BOLSA X BOLSA, 66 MM","UN    ",118.66]
[12730,"LUVA DE COBRE (REF 600) SEM ANEL DE SOLDA, BOLSA X BOLSA, 79 MM","UN    ",181.67]
[3840,"LUVA DE CORRER DEFOFO, PVC, JE, DN 100 MM","UN    ",52]
[3838,"LUVA DE CORRER DEFOFO, PVC, JE, DN 150 MM","UN    ",114.77]
[3844,"LUVA DE CORRER DEFOFO, PVC, JE, DN 200 MM","UN    ",204.72]
[3839,"LUVA DE CORRER DEFOFO, PVC, JE, DN 250 MM","UN    ",372.89]
[3843,"LUVA DE CORRER DEFOFO, PVC, JE, DN 300 MM","UN    ",511.8]
[3900,"LUVA DE CORRER PARA TUBO ROSCAVEL, PVC, 1 1/2\", PARA AGUA FRIA PREDIAL","UN    ",46.74]
[3846,"LUVA DE CORRER PARA TUBO ROSCAVEL, PVC, 1/2\", PARA AGUA FRIA PREDIAL","UN    ",14.73]
[3886,"LUVA DE CORRER PARA TUBO ROSCAVEL, PVC, 3/4\", PARA AGUA FRIA PREDIAL","UN    ",15.51]
[3854,"LUVA DE CORRER PARA TUBO SOLDAVEL, PVC, 20 MM, PARA AGUA FRIA PREDIAL","UN    ",8.6199999999999992]
[3873,"LUVA DE CORRER PARA TUBO SOLDAVEL, PVC, 25 MM, PARA AGUA FRIA PREDIAL","UN    ",11.41]
[38021,"LUVA DE CORRER PARA TUBO SOLDAVEL, PVC, 32 MM, PARA AGUA FRIA PREDIAL","UN    ",27.29]
[3847,"LUVA DE CORRER PARA TUBO SOLDAVEL, PVC, 50 MM, PARA AGUA FRIA PREDIAL","UN    ",30.98]
[38022,"LUVA DE CORRER PARA TUBO SOLDAVEL, PVC, 60 MM, PARA AGUA FRIA PREDIAL","UN    ",48.39]
[3833,"LUVA DE CORRER PVC, JE, DN 100 MM, PARA REDE COLETORA DE ESGOTO (NBR 10569)","UN    ",18.78]
[3835,"LUVA DE CORRER PVC, JE, DN 150 MM, PARA REDE COLETORA DE ESGOTO (NBR 10569)","UN    ",61.16]
[3836,"LUVA DE CORRER PVC, JE, DN 200 MM, PARA REDE COLETORA DE ESGOTO (NBR 10569)","UN    ",131.63999999999999]
[3830,"LUVA DE CORRER PVC, JE, DN 250 MM, PARA REDE COLETORA DE ESGOTO (NBR 10569)","UN    ",215.23]
[3831,"LUVA DE CORRER PVC, JE, DN 300 MM, PARA REDE COLETORA DE ESGOTO (NBR 10569)","UN    ",359.79]
[37981,"LUVA DE CORRER, CPVC, SOLDAVEL, 15 MM, PARA AGUA QUENTE PREDIAL","UN    ",5.54]
[37982,"LUVA DE CORRER, CPVC, SOLDAVEL, 22 MM, PARA AGUA QUENTE PREDIAL","UN    ",8.42]
[37983,"LUVA DE CORRER, CPVC, SOLDAVEL, 28 MM, PARA AGUA QUENTE PREDIAL","UN    ",11.79]
[37984,"LUVA DE CORRER, CPVC, SOLDAVEL, 35 MM, PARA AGUA QUENTE PREDIAL","UN    ",20.36]
[37985,"LUVA DE CORRER, CPVC, SOLDAVEL, 42 MM, PARA AGUA QUENTE PREDIAL","UN    ",28.51]
[3826,"LUVA DE CORRER, PVC PBA, JE, DN 100 / DE 110 MM, PARA REDE AGUA (NBR 10351)","UN    ",51.6]
[3825,"LUVA DE CORRER, PVC PBA, JE, DN 50 / DE 60 MM, PARA REDE AGUA (NBR 10351)","UN    ",14.84]
[3827,"LUVA DE CORRER, PVC PBA, JE, DN 75 / DE 85 MM, PARA REDE AGUA (NBR 10351)","UN    ",32.42]
[20165,"LUVA DE CORRER, PVC SERIE R, 100 MM, PARA ESGOTO OU AGUAS PLUVIAIS PREDIAIS","UN    ",28.58]
[20166,"LUVA DE CORRER, PVC SERIE R, 150 MM, PARA ESGOTO OU AGUAS PLUVIAIS PREDIAIS","UN    ",92.37]
[20164,"LUVA DE CORRER, PVC SERIE R, 75 MM, PARA ESGOTO OU AGUAS PLUVIAIS PREDIAIS","UN    ",15.1]
[3893,"LUVA DE CORRER, PVC, DN 100 MM, PARA ESGOTO PREDIAL","UN    ",18.73]
[3848,"LUVA DE CORRER, PVC, DN 50 MM, PARA ESGOTO PREDIAL","UN    ",11.38]
[3895,"LUVA DE CORRER, PVC, DN 75 MM, PARA ESGOTO PREDIAL","UN    ",12.38]
[12404,"LUVA DE FERRO GALVANIZADO, COM ROSCA BSP MACHO/FEMEA, DE 3/4\"","UN    ",8.2200000000000006]
[3939,"LUVA DE FERRO GALVANIZADO, COM ROSCA BSP, DE 1 1/2\"","UN    ",16.940000000000001]
[3911,"LUVA DE FERRO GALVANIZADO, COM ROSCA BSP, DE 1 1/4\"","UN    ",13.84]
[3908,"LUVA DE FERRO GALVANIZADO, COM ROSCA BSP, DE 1/2\"","UN    ",4.47]
[3910,"LUVA DE FERRO GALVANIZADO, COM ROSCA BSP, DE 1\"","UN    ",9.9]
[3913,"LUVA DE FERRO GALVANIZADO, COM ROSCA BSP, DE 2 1/2\"","UN    ",47.32]
[3912,"LUVA DE FERRO GALVANIZADO, COM ROSCA BSP, DE 2\"","UN    ",25.94]
[3909,"LUVA DE FERRO GALVANIZADO, COM ROSCA BSP, DE 3/4\"","UN    ",6.09]
[3914,"LUVA DE FERRO GALVANIZADO, COM ROSCA BSP, DE 3\"","UN    ",71.39]
[3915,"LUVA DE FERRO GALVANIZADO, COM ROSCA BSP, DE 4\"","UN    ",112.58]
[3916,"LUVA DE FERRO GALVANIZADO, COM ROSCA BSP, DE 5\"","UN    ",205.1]
[3917,"LUVA DE FERRO GALVANIZADO, COM ROSCA BSP, DE 6\"","UN    ",338.29]
[1904,"LUVA DE PRESSAO, EM PVC, DE 20 MM, PARA ELETRODUTO FLEXIVEL","UN    ",0.89]
[1899,"LUVA DE PRESSAO, EM PVC, DE 25 MM, PARA ELETRODUTO FLEXIVEL","UN    ",1.01]
[1900,"LUVA DE PRESSAO, EM PVC, DE 32 MM, PARA ELETRODUTO FLEXIVEL","UN    ",1.63]
[12407,"LUVA DE REDUCAO DE FERRO GALVANIZADO, COM ROSCA BSP MACHO/FEMEA, DE 1 1/2\" X 1\"","UN    ",25.61]
[12408,"LUVA DE REDUCAO DE FERRO GALVANIZADO, COM ROSCA BSP MACHO/FEMEA, DE 1\" X 1/2\"","UN    ",14.45]
[12409,"LUVA DE REDUCAO DE FERRO GALVANIZADO, COM ROSCA BSP MACHO/FEMEA, DE 1\" X 3/4\"","UN    ",14.45]
[12410,"LUVA DE REDUCAO DE FERRO GALVANIZADO, COM ROSCA BSP MACHO/FEMEA, DE 3/4\" X 1/2\"","UN    ",9.9600000000000009]
[3936,"LUVA DE REDUCAO DE FERRO GALVANIZADO, COM ROSCA BSP, DE 1 1/2\" X 1 1/4\"","UN    ",17.989999999999998]
[3922,"LUVA DE REDUCAO DE FERRO GALVANIZADO, COM ROSCA BSP, DE 1 1/2\" X 1/2\"","UN    ",16.55]
[3924,"LUVA DE REDUCAO DE FERRO GALVANIZADO, COM ROSCA BSP, DE 1 1/2\" X 1\"","UN    ",17.989999999999998]
[3923,"LUVA DE REDUCAO DE FERRO GALVANIZADO, COM ROSCA BSP, DE 1 1/2\" X 3/4\"","UN    ",17.989999999999998]
[3937,"LUVA DE REDUCAO DE FERRO GALVANIZADO, COM ROSCA BSP, DE 1 1/4\" X 1/2\"","UN    ",14.84]
[3921,"LUVA DE REDUCAO DE FERRO GALVANIZADO, COM ROSCA BSP, DE 1 1/4\" X 1\"","UN    ",14.85]
[3920,"LUVA DE REDUCAO DE FERRO GALVANIZADO, COM ROSCA BSP, DE 1 1/4\" X 3/4\"","UN    ",14.84]
[3938,"LUVA DE REDUCAO DE FERRO GALVANIZADO, COM ROSCA BSP, DE 1\" X 1/2\"","UN    ",9.7899999999999991]
[3919,"LUVA DE REDUCAO DE FERRO GALVANIZADO, COM ROSCA BSP, DE 1\" X 3/4\"","UN    ",9.9700000000000006]
[3927,"LUVA DE REDUCAO DE FERRO GALVANIZADO, COM ROSCA BSP, DE 2 1/2\" X 1 1/2\"","UN    ",50.53]
[3928,"LUVA DE REDUCAO DE FERRO GALVANIZADO, COM ROSCA BSP, DE 2 1/2\" X 2\"","UN    ",50.53]
[3926,"LUVA DE REDUCAO DE FERRO GALVANIZADO, COM ROSCA BSP, DE 2\" X 1 1/2\"","UN    ",28.81]
[3935,"LUVA DE REDUCAO DE FERRO GALVANIZADO, COM ROSCA BSP, DE 2\" X 1 1/4\"","UN    ",28.81]
[3925,"LUVA DE REDUCAO DE FERRO GALVANIZADO, COM ROSCA BSP, DE 2\" X 1\"","UN    ",28.81]
[12406,"LUVA DE REDUCAO DE FERRO GALVANIZADO, COM ROSCA BSP, DE 3/4\" X 1/2\"","UN    ",7.07]
[3929,"LUVA DE REDUCAO DE FERRO GALVANIZADO, COM ROSCA BSP, DE 3\" X 1 1/2\"","UN    ",76.989999999999995]
[3931,"LUVA DE REDUCAO DE FERRO GALVANIZADO, COM ROSCA BSP, DE 3\" X 2 1/2\"","UN    ",76.989999999999995]
[3930,"LUVA DE REDUCAO DE FERRO GALVANIZADO, COM ROSCA BSP, DE 3\" X 2\"","UN    ",76.989999999999995]
[3932,"LUVA DE REDUCAO DE FERRO GALVANIZADO, COM ROSCA BSP, DE 4\" X 2 1/2\"","UN    ",132.94]
[3933,"LUVA DE REDUCAO DE FERRO GALVANIZADO, COM ROSCA BSP, DE 4\" X 2\"","UN    ",132.94]
[3934,"LUVA DE REDUCAO DE FERRO GALVANIZADO, COM ROSCA BSP, DE 4\" X 3\"","UN    ",132.94]
[40355,"LUVA DE REDUCAO EM ACO CARBONO, COM ENCAIXE PARA SOLDA DN SW, PRESSAO 3.000 LBS,  3/4 \" X 1/2\"","UN    ",8.94]
[40364,"LUVA DE REDUCAO EM ACO CARBONO, COM ENCAIXE PARA SOLDA DN SW, PRESSAO 3.000 LBS, DN 1 1/2\" X 1 1/4\"","UN    ",41.86]
[40361,"LUVA DE REDUCAO EM ACO CARBONO, COM ENCAIXE PARA SOLDA DN SW, PRESSAO 3.000 LBS, DN 1 1/4\"  X 1\"","UN    ",32.729999999999997]
[40358,"LUVA DE REDUCAO EM ACO CARBONO, COM ENCAIXE PARA SOLDA DN SW, PRESSAO 3.000 LBS, DN 1\" X 3/4\"","UN    ",12.48]
[40370,"LUVA DE REDUCAO EM ACO CARBONO, COM ENCAIXE PARA SOLDA DN SW, PRESSAO 3.000 LBS, DN 2 1/2\" X 2\"","UN    ",132.84]
[40367,"LUVA DE REDUCAO EM ACO CARBONO, COM ENCAIXE PARA SOLDA DN SW, PRESSAO 3.000 LBS, DN 2\" X 1 1/2\"","UN    ",66.02]
[40373,"LUVA DE REDUCAO EM ACO CARBONO, COM ENCAIXE PARA SOLDA DN SW, PRESSAO 3.000 LBS, DN 3\" X 2 1/2\"","UN    ",179.63]
[38947,"LUVA DE REDUCAO PARA TUBO PEX, METALICA, PARA CONEXAO COM ANEL DESLIZANTE, DN 20 X 16 MM","UN    ",7.73]
[38948,"LUVA DE REDUCAO PARA TUBO PEX, METALICA, PARA CONEXAO COM ANEL DESLIZANTE, DN 25 X 16 MM","UN    ",12.34]
[38949,"LUVA DE REDUCAO PARA TUBO PEX, METALICA, PARA CONEXAO COM ANEL DESLIZANTE, DN 25 X 20 MM","UN    ",13.69]
[38951,"LUVA DE REDUCAO PARA TUBO PEX, METALICA, PARA CONEXAO COM ANEL DESLIZANTE, DN 32 X 25 MM","UN    ",21.66]
[39312,"LUVA DE REDUCAO PARA TUBO PEX, PLASTICA, PARA CONEXAO COM CRIMPAGEM, DN 20 X 16 MM","UN    ",16.8]
[39313,"LUVA DE REDUCAO PARA TUBO PEX, PLASTICA, PARA CONEXAO COM CRIMPAGEM, DN 25 X 16 MM","UN    ",21.92]
[38950,"LUVA DE REDUCAO PARA TUBO PEX, PLASTICA, PARA CONEXAO COM CRIMPAGEM, DN 32 X 20 MM","UN    ",33]
[39314,"LUVA DE REDUCAO PARA TUBO PEX, PLASTICA, PARA CONEXAO COM CRIMPAGEM, DN 32 X 25 MM","UN    ",34.81]
[3907,"LUVA DE REDUCAO ROSCAVEL, PVC, 1\" X 3/4\", PARA AGUA FRIA PREDIAL","UN    ",4.84]
[3889,"LUVA DE REDUCAO ROSCAVEL, PVC, 3/4\" X 1/2\", PARA AGUA FRIA PREDIAL","UN    ",3.7]
[3868,"LUVA DE REDUCAO SOLDAVEL, PVC, 25 MM X 20 MM, PARA AGUA FRIA PREDIAL","UN    ",1.43]
[3869,"LUVA DE REDUCAO SOLDAVEL, PVC, 32 MM X 25 MM, PARA AGUA FRIA PREDIAL","UN    ",4.1100000000000003]
[3872,"LUVA DE REDUCAO SOLDAVEL, PVC, 40 MM X 32 MM, PARA AGUA FRIA PREDIAL","UN    ",4.99]
[3850,"LUVA DE REDUCAO SOLDAVEL, PVC, 60 MM X 50 MM, PARA AGUA FRIA PREDIAL","UN    ",12.87]
[38023,"LUVA DE REDUCAO, PVC, SOLDAVEL, 50 X 25 MM, PARA AGUA FRIA PREDIAL","UN    ",5.43]
[37986,"LUVA DE TRANSICAO DE CPVC X PVC, SOLDAVEL, 22 X 25 MM, PARA AGUA QUENTE","UN    ",1.9]
[37987,"LUVA DE TRANSICAO, CPVC, SOLDAVEL, 42 MM X 1 1/2\", PARA AGUA QUENTE","UN    ",142.30000000000001]
[37988,"LUVA DE TRANSICAO, CPVC, SOLDAVEL, 54 MM X 2\", PARA AGUA QUENTE PREDIAL","UN    ",232.11]
[21120,"LUVA DE TRANSICAO, CPVC, 15 MM X 1/2\", PARA AGUA QUENTE PREDIAL","UN    ",11.56]
[39318,"LUVA DE TRANSICAO, CPVC, 22 MM X 1/2\", PARA AGUA QUENTE","UN    ",9.5399999999999991]
[20162,"LUVA DUPLA, PVC LEVE, DN 150 MM","UN    ",19.850000000000001]
[40366,"LUVA EM ACO CARBONO, SOLDAVEL, PRESSAO 3.000 LBS, DN 1 1/2\"","UN    ",32.65]
[40363,"LUVA EM ACO CARBONO, SOLDAVEL, PRESSAO 3.000 LBS, DN 1 1/4\"","UN    ",25.54]
[40354,"LUVA EM ACO CARBONO, SOLDAVEL, PRESSAO 3.000 LBS, DN 1/2\"","UN    ",11.12]
[40360,"LUVA EM ACO CARBONO, SOLDAVEL, PRESSAO 3.000 LBS, DN 1\"","UN    ",16.739999999999998]
[40372,"LUVA EM ACO CARBONO, SOLDAVEL, PRESSAO 3.000 LBS, DN 2 1/2\"","UN    ",103.4]
[40369,"LUVA EM ACO CARBONO, SOLDAVEL, PRESSAO 3.000 LBS, DN 2\"","UN    ",51.46]
[40357,"LUVA EM ACO CARBONO, SOLDAVEL, PRESSAO 3.000 LBS, DN 3/4\"","UN    ",12.48]
[40375,"LUVA EM ACO CARBONO, SOLDAVEL, PRESSAO 3.000 LBS, DN 3\"","UN    ",139.97999999999999]
[1893,"LUVA EM PVC RIGIDO ROSCAVEL, DE 1 1/2\", PARA ELETRODUTO","UN    ",3.36]
[1902,"LUVA EM PVC RIGIDO ROSCAVEL, DE 1 1/4\", PARA ELETRODUTO","UN    ",2.4500000000000002]
[1901,"LUVA EM PVC RIGIDO ROSCAVEL, DE 1/2\", PARA ELETRODUTO","UN    ",0.76]
[1892,"LUVA EM PVC RIGIDO ROSCAVEL, DE 1\", PARA ELETRODUTO","UN    ",1.57]
[1907,"LUVA EM PVC RIGIDO ROSCAVEL, DE 2 1/2\", PARA ELETRODUTO","UN    ",10.83]
[1894,"LUVA EM PVC RIGIDO ROSCAVEL, DE 2\", PARA ELETRODUTO","UN    ",4.87]
[1891,"LUVA EM PVC RIGIDO ROSCAVEL, DE 3/4\", PARA ELETRODUTO","UN    ",1.1299999999999999]
[1896,"LUVA EM PVC RIGIDO ROSCAVEL, DE 3\", PARA ELETRODUTO","UN    ",14.54]
[1895,"LUVA EM PVC RIGIDO ROSCAVEL, DE 4\", PARA ELETRODUTO","UN    ",25.55]
[2641,"LUVA PARA ELETRODUTO, EM ACO GALVANIZADO ELETROLITICO, DIAMETRO DE 100 MM (4\")","UN    ",27.33]
[2636,"LUVA PARA ELETRODUTO, EM ACO GALVANIZADO ELETROLITICO, DIAMETRO DE 15 MM (1/2\")","UN    ",1.76]
[2637,"LUVA PARA ELETRODUTO, EM ACO GALVANIZADO ELETROLITICO, DIAMETRO DE 20 MM (3/4\")","UN    ",1.87]
[2638,"LUVA PARA ELETRODUTO, EM ACO GALVANIZADO ELETROLITICO, DIAMETRO DE 25 MM (1\")","UN    ",2.1800000000000002]
[2639,"LUVA PARA ELETRODUTO, EM ACO GALVANIZADO ELETROLITICO, DIAMETRO DE 32 MM (1 1/4\")","UN    ",3.86]
[2644,"LUVA PARA ELETRODUTO, EM ACO GALVANIZADO ELETROLITICO, DIAMETRO DE 40 MM (1 1/2\")","UN    ",5.59]
[2643,"LUVA PARA ELETRODUTO, EM ACO GALVANIZADO ELETROLITICO, DIAMETRO DE 50 MM (2\")","UN    ",7.79]
[2640,"LUVA PARA ELETRODUTO, EM ACO GALVANIZADO ELETROLITICO, DIAMETRO DE 65 MM (2 1/2\")","UN    ",11.37]
[2642,"LUVA PARA ELETRODUTO, EM ACO GALVANIZADO ELETROLITICO, DIAMETRO DE 80 MM (3\")","UN    ",17.32]
[38943,"LUVA PARA TUBO PEX, METALICO, PARA CONEXAO COM ANEL DESLIZANTE, DN 16 MM","UN    ",5.71]
[38944,"LUVA PARA TUBO PEX, METALICO, PARA CONEXAO COM ANEL DESLIZANTE, DN 20 MM","UN    ",8.83]
[38945,"LUVA PARA TUBO PEX, METALICO, PARA CONEXAO COM ANEL DESLIZANTE, DN 25 MM","UN    ",17.899999999999999]
[38946,"LUVA PARA TUBO PEX, METALICO, PARA CONEXAO COM ANEL DESLIZANTE, DN 32 MM","UN    ",26.69]
[39308,"LUVA PARA TUBO PEX, PLASTICA, PARA CONEXAO COM CRIMPAGEM, DN 16 MM","UN    ",11.64]
[39309,"LUVA PARA TUBO PEX, PLASTICA, PARA CONEXAO COM CRIMPAGEM, DN 20 MM","UN    ",16.829999999999998]
[39310,"LUVA PARA TUBO PEX, PLASTICA, PARA CONEXAO COM CRIMPAGEM, DN 25 MM","UN    ",25.51]
[39311,"LUVA PARA TUBO PEX, PLASTICA, PARA CONEXAO COM CRIMPAGEM, DN 32 MM","UN    ",38.340000000000003]
[39855,"LUVA PASSANTE DE COBRE (REF 601) SEM ANEL DE SOLDA, BOLSA 15 MM","UN    ",2.0699999999999998]
[39856,"LUVA PASSANTE DE COBRE (REF 601) SEM ANEL DE SOLDA, BOLSA 22 MM","UN    ",4.8899999999999997]
[39857,"LUVA PASSANTE DE COBRE (REF 601) SEM ANEL DE SOLDA, BOLSA 28 MM","UN    ",7.92]
[39858,"LUVA PASSANTE DE COBRE (REF 601) SEM ANEL DE SOLDA, BOLSA 35 MM","UN    ",17.57]
[39859,"LUVA PASSANTE DE COBRE (REF 601) SEM ANEL DE SOLDA, BOLSA 42 MM","UN    ",27.08]
[39860,"LUVA PASSANTE DE COBRE (REF 601) SEM ANEL DE SOLDA, BOLSA 54 MM","UN    ",41.56]
[39861,"LUVA PASSANTE DE COBRE (REF 601) SEM ANEL DE SOLDA, BOLSA 66 MM","UN    ",118.66]
[38447,"LUVA PPR, SOLDAVEL, DN 110 MM, PARA AGUA QUENTE PREDIAL","UN    ",65.97]
[36320,"LUVA PPR, SOLDAVEL, DN 20 MM, PARA AGUA QUENTE PREDIAL","UN    ",0.95]
[36324,"LUVA PPR, SOLDAVEL, DN 25 MM, PARA AGUA QUENTE PREDIAL","UN    ",1.45]
[38441,"LUVA PPR, SOLDAVEL, DN 32 MM, PARA AGUA QUENTE PREDIAL","UN    ",1.9]
[38442,"LUVA PPR, SOLDAVEL, DN 40 MM, PARA AGUA QUENTE PREDIAL","UN    ",4.83]
[38443,"LUVA PPR, SOLDAVEL, DN 50 MM, PARA AGUA QUENTE PREDIAL","UN    ",7.3]
[38444,"LUVA PPR, SOLDAVEL, DN 63 MM, PARA AGUA QUENTE PREDIAL","UN    ",10.87]
[38445,"LUVA PPR, SOLDAVEL, DN 75 MM, PARA AGUA QUENTE PREDIAL","UN    ",25.54]
[38446,"LUVA PPR, SOLDAVEL, DN 90 MM, PARA AGUA QUENTE PREDIAL","UN    ",41.23]
[3867,"LUVA PVC SOLDAVEL, 110 MM, PARA AGUA FRIA PREDIAL","UN    ",86.45]
[3861,"LUVA PVC SOLDAVEL, 20 MM, PARA AGUA FRIA PREDIAL","UN    ",0.72]
[3904,"LUVA PVC SOLDAVEL, 25 MM, PARA AGUA FRIA PREDIAL","UN    ",0.88]
[3903,"LUVA PVC SOLDAVEL, 32 MM, PARA AGUA FRIA PREDIAL","UN    ",2.15]
[3862,"LUVA PVC SOLDAVEL, 40 MM, PARA AGUA FRIA PREDIAL","UN    ",4.38]
[3863,"LUVA PVC SOLDAVEL, 50 MM, PARA AGUA FRIA PREDIAL","UN    ",5.14]
[3864,"LUVA PVC SOLDAVEL, 60 MM, PARA AGUA FRIA PREDIAL","UN    ",13.38]
[3865,"LUVA PVC SOLDAVEL, 75 MM, PARA AGUA FRIA PREDIAL","UN    ",23.29]
[3866,"LUVA PVC SOLDAVEL, 85 MM, PARA AGUA FRIA PREDIAL","UN    ",53.29]
[3902,"LUVA PVC, ROSCAVEL,  2 1/2\",  AGUA FRIA PREDIAL","UN    ",25.91]
[3878,"LUVA PVC, ROSCAVEL, 1 1/2\",  AGUA FRIA PREDIAL","UN    ",8.19]
[3877,"LUVA PVC, ROSCAVEL, 1 1/4\", AGUA FRIA PREDIAL","UN    ",7.48]
[3879,"LUVA PVC, ROSCAVEL, 2\",  AGUA FRIA PREDIAL","UN    ",16.52]
[3880,"LUVA PVC, ROSCAVEL, 3\", AGUA FRIA PREDIAL","UN    ",37.270000000000003]
[12892,"LUVA RASPA DE COURO, CANO CURTO (PUNHO *7* CM)","PAR   ",9.7200000000000006]
[3883,"LUVA ROSCAVEL, PVC, 1/2\", AGUA FRIA PREDIAL","UN    ",1.72]
[3876,"LUVA ROSCAVEL, PVC, 1\", AGUA FRIA PREDIAL","UN    ",4.3099999999999996]
[3884,"LUVA ROSCAVEL, PVC, 3/4\", AGUA FRIA PREDIAL","UN    ",2.58]
[3837,"LUVA SIMPLES, PVC PBA, JE, DN 100 / DE 110 MM, PARA REDE AGUA (NBR 10351)","UN    ",44.79]
[3845,"LUVA SIMPLES, PVC PBA, JE, DN 50 / DE 60 MM, PARA REDE AGUA (NBR 10351)","UN    ",16.36]
[11045,"LUVA SIMPLES, PVC PBA, JE, DN 75 / DE 85 MM, PARA REDE AGUA (NBR 10351)","UN    ",31.56]
[20170,"LUVA SIMPLES, PVC SERIE R, 100 MM, PARA ESGOTO OU AGUAS PLUVIAIS PREDIAIS","UN    ",16.09]
[20171,"LUVA SIMPLES, PVC SERIE R, 150 MM, PARA ESGOTO OU AGUAS PLUVIAIS PREDIAIS","UN    ",47.79]
[20167,"LUVA SIMPLES, PVC SERIE R, 40 MM, PARA ESGOTO OU AGUAS PLUVIAIS PREDIAIS","UN    ",5.97]
[20168,"LUVA SIMPLES, PVC SERIE R, 50 MM, PARA ESGOTO OU AGUAS PLUVIAIS PREDIAIS","UN    ",9.3699999999999992]
[20169,"LUVA SIMPLES, PVC SERIE R, 75 MM, PARA ESGOTO OU AGUAS PLUVIAIS PREDIAIS","UN    ",13.27]
[3899,"LUVA SIMPLES, PVC, SOLDAVEL, DN 100 MM, SERIE NORMAL, PARA ESGOTO PREDIAL","UN    ",7.02]
[38676,"LUVA SIMPLES, PVC, SOLDAVEL, DN 150 MM, SERIE NORMAL, PARA ESGOTO PREDIAL","UN    ",34.01]
[3897,"LUVA SIMPLES, PVC, SOLDAVEL, DN 40 MM, SERIE NORMAL, PARA ESGOTO PREDIAL","UN    ",1.48]
[3875,"LUVA SIMPLES, PVC, SOLDAVEL, DN 50 MM, SERIE NORMAL, PARA ESGOTO PREDIAL","UN    ",3.2]
[3898,"LUVA SIMPLES, PVC, SOLDAVEL, DN 75 MM, SERIE NORMAL, PARA ESGOTO PREDIAL","UN    ",6.06]
[3855,"LUVA SOLDAVEL COM BUCHA DE LATAO, PVC, 20 MM X 1/2\"","UN    ",5.72]
[3874,"LUVA SOLDAVEL COM BUCHA DE LATAO, PVC, 25 MM X 1/2\"","UN    ",6.07]
[3870,"LUVA SOLDAVEL COM BUCHA DE LATAO, PVC, 25 MM X 3/4\"","UN    ",7.54]
[38678,"LUVA SOLDAVEL COM BUCHA DE LATAO, PVC, 32 MM X 1\"","UN    ",20.52]
[3859,"LUVA SOLDAVEL COM ROSCA, PVC, 20 MM X 1/2\", PARA AGUA FRIA PREDIAL","UN    ",1.52]
[3856,"LUVA SOLDAVEL COM ROSCA, PVC, 25 MM X 1/2\", PARA AGUA FRIA PREDIAL","UN    ",1.93]
[3906,"LUVA SOLDAVEL COM ROSCA, PVC, 25 MM X 3/4\", PARA AGUA FRIA PREDIAL","UN    ",1.82]
[3860,"LUVA SOLDAVEL COM ROSCA, PVC, 32 MM X 1\", PARA AGUA FRIA PREDIAL","UN    ",5.97]
[3905,"LUVA SOLDAVEL COM ROSCA, PVC, 40 MM X 1 1/4\", PARA AGUA FRIA PREDIAL","UN    ",13.2]
[3871,"LUVA SOLDAVEL COM ROSCA, PVC, 50 MM X 1 1/2\", PARA AGUA FRIA PREDIAL","UN    ",27.41]
[37429,"LUVA, PEAD PE 100,  DE 400 MM, PARA ELETROFUSAO","UN    ",2035.36]
[37426,"LUVA, PEAD PE 100,  DE 63 MM, PARA ELETROFUSAO","UN    ",19.579999999999998]
[37427,"LUVA, PEAD PE 100, DE 125 MM, PARA ELETROFUSAO","UN    ",46.7]
[37424,"LUVA, PEAD PE 100, DE 20 MM, PARA ELETROFUSAO","UN    ",8.99]
[37428,"LUVA, PEAD PE 100, DE 200 MM, PARA ELETROFUSAO","UN    ",160.94999999999999]
[37425,"LUVA, PEAD PE 100, DE 32 MM, PARA ELETROFUSAO","UN    ",9.6999999999999993]
[11519,"MACANETA ALAVANCA RETA OCA, EM ZAMAC COM ACABAMENTO CROMADO, COMPRIMENTO APROX DE 15 CM","PAR   ",36.630000000000003]
[11520,"MACANETA ALAVANCA, RETA SIMPLES / OCA, CROMADA, COMPRIMENTO DE 10 A 16 CM, ACABAMENTO PADRAO POPULAR - SOMENTE MACANETAS","PAR   ",16.93]
[11518,"MACANETA BOLA, EM ZAMAC COM ACABAMENTO CROMADO, DIAMETRO DE APROX 2 1/2\"","PAR   ",61.58]
[38473,"MACARICO DE SOLDA 201 PARA EXTENSAO GLP OU ACETILENO","UN    ",78.83]
[4244,"MACARIQUEIRO","H     ",15.63]
[40977,"MACARIQUEIRO (MENSALISTA)","MES   ",2777.43]
[4115,"MADEIRA ROLICA TRATADA, D = 12 A 15 CM, H = 3,00 M, EM EUCALIPTO OU EQUIVALENTE DA REGIAO","M     ",20.57]
[4119,"MADEIRA ROLICA TRATADA, D = 16 A 20 CM, H = 6,00 M, EM EUCALIPTO OU EQUIVALENTE DA REGIAO","M     ",41.54]
[2794,"MADEIRA ROLICA TRATADA, D = 25 A 29 CM, H = 6,50 M, EM EUCALIPTO OU EQUIVALENTE DA REGIAO","M     ",110.2]
[2788,"MADEIRA ROLICA TRATADA, D = 30 A 34 CM, H = 6,50 M, EM EUCALIPTO OU EQUIVALENTE DA REGIAO","M     ",160.54]
[4006,"MADEIRA SERRADA EM PINUS, MISTA OU EQUIVALENTE DA REGIAO - BRUTA","M3    ",1247.46]
[36151,"MANGOTE DE SEGURANCA EM RASPA DE COURO","UN    ",21.6]
[37457,"MANGUEIRA CRISTAL PARA NIVEL, LISA, PVC TRANSPARENTE, 3/8\" X1,5 MM","M     ",2.59]
[37456,"MANGUEIRA CRISTAL PARA NIVEL, LISA, PVC TRANSPARENTE, 5/16\" X1 MM","M     ",1.36]
[37461,"MANGUEIRA CRISTAL TRANCADA, PVC COM REFORCO, COM PRESSAO DE TRABALHO (PT) 250 LBS/POL2, DE 3/4\" X *2,8* MM","M     ",9.6199999999999992]
[37460,"MANGUEIRA CRISTAL TRANCADA, PVC COM REFORCO, PRESSAO DE TRABALHO (PT) 250 LBS/POL2, DE 1\" X *3,4* MM","M     ",13.13]
[37458,"MANGUEIRA CRISTAL, LISA, PVC TRANSPARENTE, 1/2\" X 2 MM","M     ",3.85]
[37454,"MANGUEIRA CRISTAL, LISA, PVC TRANSPARENTE, 1/4\" X1 MM","M     ",1.01]
[37455,"MANGUEIRA CRISTAL, LISA, PVC TRANSPARENTE, 1/4\" X1,5 MM","M     ",1.7]
[37459,"MANGUEIRA CRISTAL, LISA, PVC TRANSPARENTE, 3/4\" X 2 MM","M     ",5.4]
[21029,"MANGUEIRA DE INCENDIO, TIPO 1, DE 1 1/2\", COMPRIMENTO = 15 M, TECIDO EM FIO DE POLIESTER E TUBO INTERNO EM BORRACHA SINTETICA, COM UNIOES ENGATE RAPIDO","UN    ",271.41000000000003]
[21030,"MANGUEIRA DE INCENDIO, TIPO 1, DE 1 1/2\", COMPRIMENTO = 20 M, TECIDO EM FIO DE POLIESTER E TUBO INTERNO EM BORRACHA SINTETICA, COM UNIOES ENGATE RAPIDO","UN    ",334.55]
[21031,"MANGUEIRA DE INCENDIO, TIPO 1, DE 1 1/2\", COMPRIMENTO = 25 M, TECIDO EM FIO DE POLIESTER E TUBO INTERNO EM BORRACHA SINTETICA, COM UNIOES ENGATE RAPIDO","UN    ",416.52]
[21032,"MANGUEIRA DE INCENDIO, TIPO 1, DE 1 1/2\", COMPRIMENTO = 30 M, TECIDO EM FIO DE POLIESTER E TUBO INTERNO EM BORRACHA SINTETICA, COM UNIOES ENGATE RAPIDO","UN    ",444.73]
[37527,"MANGUEIRA DE INCENDIO, TIPO 2, DE 1 1/2\", COMPRIMENTO = 15 M, TECIDO EM FIO DE POLIESTER E TUBO INTERNO EM BORRACHA SINTETICA, COM UNIOES ENGATE RAPIDO","UN    ",401.74]
[37528,"MANGUEIRA DE INCENDIO, TIPO 2, DE 1 1/2\", COMPRIMENTO = 20 M, TECIDO EM FIO DE POLIESTER E TUBO INTERNO EM BORRACHA SINTETICA, COM UNIOES","UN    ",478.99]
[37529,"MANGUEIRA DE INCENDIO, TIPO 2, DE 1 1/2\", COMPRIMENTO = 25 M, TECIDO EM FIO DE POLIESTER E TUBO INTERNO EM BORRACHA SINTETICA, COM UNIOES","UN    ",483.7]
[37530,"MANGUEIRA DE INCENDIO, TIPO 2, DE 1 1/2\", COMPRIMENTO = 30 M, TECIDO EM FIO DE POLIESTER E TUBO INTERNO EM BORRACHA SINTETICA, COM UNIOES","UN    ",631.49]
[21034,"MANGUEIRA DE INCENDIO, TIPO 2, DE 2 1/2\", COMPRIMENTO = 15 M, TECIDO EM FIO DE POLIESTER E TUBO INTERNO EM BORRACHA SINTETICA, COM UNIOES ENGATE RAPIDO","UN    ",538.78]
[37531,"MANGUEIRA DE INCENDIO, TIPO 2, DE 2 1/2\", COMPRIMENTO = 20 M, TECIDO EM FIO DE POLIESTER E TUBO INTERNO EM BORRACHA SINTETICA, COM UNIOES","UN    ",678.52]
[21036,"MANGUEIRA DE INCENDIO, TIPO 2, DE 2 1/2\", COMPRIMENTO = 25 M, TECIDO EM FIO DE POLIESTER E TUBO INTERNO EM BORRACHA SINTETICA, COM UNIOES ENGATE RAPIDO","UN    ",824.97]
[21037,"MANGUEIRA DE INCENDIO, TIPO 2, DE 2 1/2\", COMPRIMENTO = 30 M, TECIDO EM FIO DE POLIESTER E TUBO INTERNO EM BORRACHA SINTETICA, COM UNIOES ENGATE RAPIDO","UN    ",940.52]
[20185,"MANGUEIRA DE PVC FLEXIVEL,TIPO FLAT/ACHATADA, COR LARANJA, D = 1 1/2\" (40 MM), PARA CONDUCAO DE AGUA, SERVICOS LEVES E MEDIOS","M     ",15.64]
[20260,"MANGUEIRA PARA GAS - GLP, PVC, TRANCADA, DIAMETRO DE 3/8\", COMPRIMENTO DE 1M (NORMATIZADA)","UN    ",12.57]
[37523,"MANIPULADOR TELESCOPICO, POTENCIA DE 101 HP, CAPACIDADE DE CARGA DE 3.500 KG, ALTURA MAXIMA DE ELEVACAO DE 12 M","UN    ",451380.11]
[37515,"MANIPULADOR TELESCOPICO, POTENCIA DE 85 HP, CAPACIDADE DE CARGA DE 3.500 KG, ALTURA MAXIMA DE ELEVACAO DE 12,3 M","UN    ",401300]
[12899,"MANOMETRO COM CAIXA EM ACO PINTADO, ESCALA *10* KGF/CM2 (*10* BAR), DIAMETRO NOMINAL DE *63* MM, CONEXAO DE 1/4\"","UN    ",84.81]
[12898,"MANOMETRO COM CAIXA EM ACO PINTADO, ESCALA *10* KGF/CM2 (*10* BAR), DIAMETRO NOMINAL DE 100 MM, CONEXAO DE 1/2\"","UN    ",134.54]
[42528,"MANTA ALUMINIZADA NAS DUAS FACES, PARA SUBCOBERTURA,  E = *2* MM","M2    ",7.11]
[39696,"MANTA ALUMINIZADA 1 FACE PARA SUBCOBERTURA, E = *1* MM","M2    ",5]
[39700,"MANTA ANTIRRUIDO DE POLIESTER (PET) PARA CONTRAPISO E = *8* MM","M2    ",17.02]
[11621,"MANTA ASFALTICA ELASTOMERICA EM POLIESTER ALUMINIZADA 3 MM, TIPO III, CLASSE B (NBR 9952)","M2    ",33.86]
[4014,"MANTA ASFALTICA ELASTOMERICA EM POLIESTER 3 MM, TIPO III, CLASSE B, ACABAMENTO PP (NBR 9952)","M2    ",35.04]
[4015,"MANTA ASFALTICA ELASTOMERICA EM POLIESTER 4 MM, TIPO III, CLASSE B, ACABAMENTO PP (NBR 9952)","M2    ",43.03]
[4017,"MANTA ASFALTICA ELASTOMERICA EM POLIESTER 5 MM, TIPO III, CLASSE B, ACABAMENTO PP (NBR 9952)","M2    ",62.61]
[4016,"MANTA ASFALTICA ELASTOMERICA TIPO GLASS 3 MM, TIPO II, CLASSE C, ACABAMENTO PP (NBR 9952)","M2    ",24.73]
[39699,"MANTA DE BORRACHA ANTIRRUIDO 5 MM","M2    ",12.35]
[38544,"MANTA DE POLIETILENO EXPANDIDO (PEBD) ANTICHAMAS, E = 8 MM","M2    ",6.34]
[38545,"MANTA DE POLIETILENO EXPANDIDO (PEBD), E = 5 MM","M2    ",4.08]
[42527,"MANTA DE POLIETILENO EXPANDIDO, COM 1 FACE METALIZADA PARA SUBCOBERTURA,  E = *5* MM","M2    ",18.78]
[39323,"MANTA GEOTEXTIL TECIDO DE LAMINETES DE POLIPROPILENO, RESISTENCIA A TRACAO = *25* KN/M","M2    ",15.55]
[626,"MANTA LIQUIDA DE BASE ASFALTICA MODIFICADA COM A ADICAO DE ELASTOMEROS DILUIDOS EM SOLVENTE ORGANICO, APLICACAO A FRIO (MEMBRANA IMPERMEABILIZANTE ASFASTICA)","KG    ",12.78]
[25860,"MANTA TERMOPLASTICA, PEAD, GEOMEMBRANA LISA, E = 0,50 MM ( NBR 15352)","M2    ",10.27]
[25861,"MANTA TERMOPLASTICA, PEAD, GEOMEMBRANA LISA, E = 0,75 MM ( NBR 15352)","M2    ",15.5]
[25862,"MANTA TERMOPLASTICA, PEAD, GEOMEMBRANA LISA, E = 0,80 MM ( NBR 15352)","M2    ",16.45]
[25863,"MANTA TERMOPLASTICA, PEAD, GEOMEMBRANA LISA, E = 1,00 MM ( NBR 15352)","M2    ",20.56]
[25864,"MANTA TERMOPLASTICA, PEAD, GEOMEMBRANA LISA, E = 1,50 MM ( NBR 15352)","M2    ",30.84]
[25865,"MANTA TERMOPLASTICA, PEAD, GEOMEMBRANA LISA, E = 2,00 MM ( NBR 15352)","M2    ",41.31]
[25866,"MANTA TERMOPLASTICA, PEAD, GEOMEMBRANA LISA, E = 2,50 MM ( NBR 15352)","M2    ",51.3]
[25868,"MANTA TERMOPLASTICA, PEAD, GEOMEMBRANA TEXTURIZADA EM AMBAS AS FACES, E = 0,50 MM (NBR 15352)","M2    ",11.45]
[25869,"MANTA TERMOPLASTICA, PEAD, GEOMEMBRANA TEXTURIZADA EM AMBAS AS FACES, E = 0,75 MM (NBR 15352)","M2    ",16.16]
[25870,"MANTA TERMOPLASTICA, PEAD, GEOMEMBRANA TEXTURIZADA EM AMBAS AS FACES, E = 0,80 MM (NBR 15352)","M2    ",18.32]
[25871,"MANTA TERMOPLASTICA, PEAD, GEOMEMBRANA TEXTURIZADA EM AMBAS AS FACES, E = 1,00 MM (NBR 15352)","M2    ",22.49]
[25867,"MANTA TERMOPLASTICA, PEAD, GEOMEMBRANA TEXTURIZADA EM AMBAS AS FACES, E = 1,50 MM (NBR 15352)","M2    ",33.299999999999997]
[25872,"MANTA TERMOPLASTICA, PEAD, GEOMEMBRANA TEXTURIZADA EM AMBAS AS FACES, E = 2,00 MM (NBR 15352)","M2    ",45]
[25873,"MANTA TERMOPLASTICA, PEAD, GEOMEMBRANA TEXTURIZADA EM AMBAS AS FACES, E = 2,50 MM (NBR 15352)","M2    ",56.13]
[11479,"MAQUINA DE 40 MM PARA FECHADURA DE EMBUTIR EXTERNA, EM ACO INOX","UN    ",25.72]
[11481,"MAQUINA DE 40 MM PARA FECHADURA, PARA PORTA DE BANHEIRO, EM ACO INOX","UN    ",23.27]
[43609,"MAQUINA DE 40 MM PARA FECHADURA, PARA PORTA INTERNA, EM ACO INOX","UN    ",23.27]
[11478,"MAQUINA DE 55 MM PARA FECHADURA DE EMBUTIR EXTERNA, EM ACO INOX","UN    ",44.13]
[43608,"MAQUINA DE 55 MM PARA FECHADURA, PARA PORTA DE BANHEIRO, EM ACO INOX","UN    ",33.68]
[11476,"MAQUINA DE 55 MM PARA FECHADURA, PARA PORTA INTERNA, EM ACO INOX","UN    ",33.68]
[40637,"MAQUINA DEMARCADORA DE FAIXA DE TRAFEGO A FRIO, AUTOPROPELIDA, MOTOR DIESEL 38 HP","UN    ",572242.47]
[13836,"MAQUINA EXTRUSORA DE CONCRETO PARA GUIAS E SARJETAS, COM MOTOR A DIESEL DE 14 CV","UN    ",33448.839999999997]
[14534,"MAQUINA MANUAL TIPO PRENSA PARA PRODUCAO DE BLOCOS E PAVIMENTOS DE CONCRETO, COM MOTOR ELETRICO TRIFASICO PARA VIBRACAO, POTENCIA TOTAL INSTALADA DE 1,5 KW","UN    ",14002.57]
[14619,"MAQUINA PARA CORTE COM DISCO ABRASIVO DE DIAMETRO DE 18'' (450 MM), COM MOTOR ELETRICO TRIFASICO DE 10 CV","UN    ",13773.8]
[14535,"MAQUINA TIPO PRENSA HIDRAULICA, PARA FABRICACAO DE TUBOS DE CONCRETO PARA AGUAS PLUVIAIS, DN 200 A DN 600 MM X 1000 MM DE COMPRIMENTO, COM MOTOR PRINCIPAL DE 20 CV","UN    ",138976.87]
[39813,"MAQUINA TIPO VASO/TANQUE/JATO DE PRESSAO PORTATIL PARA JATEAMENTO, CONTROLE AUTOMATICO E REMOTO, CAMARA DE 1 SAIDA, 280 L, DIAM. *670* MM, BICO JATO CURTO VENTURI DE 5/16\", MANGUEIRA DE 1\" DE 10 M, COMPLETA (VALVULAS POP UP E DOSADORA, FUNDO CONICO ETC)","UN    ",21768.41]
[40403,"MAQUINA TRANSFORMADORA MONOFASICA PARA SOLDA ELETRICA, TENSAO DE 220 V, FREQUENCIA DE 60 HZ, FAIXA DE CORRENTE ENTRE 80 A (+/- 10 A) E 250 A, POTENCIA ENTRE 14,00 KVA E 15,0 KVA, CICLO DE TRABALHO ENTRE 10% E 20% A 250 A","UN    ",674.62]
[12868,"MARCENEIRO","H     ",18.25]
[40916,"MARCENEIRO (MENSALISTA)","MES   ",3242.26]
[4755,"MARMORISTA / GRANITEIRO","H     ",18.25]
[41067,"MARMORISTA / GRANITEIRO (MENSALISTA)","MES   ",3241.09]
[38463,"MARTELO DE SOLDADOR/PICADOR DE SOLDA","UN    ",19.149999999999999]
[40703,"MARTELO DEMOLIDOR ELETRICO, COM POTENCIA DE 2.000 W, FREQUENCIA DE 1.000 IMPACTOS POR MINUTO, FORÇA DE IMPACTO ENTRE 60 E 65 J, PESO DE 30 KG","UN    ",5720]
[14531,"MARTELO DEMOLIDOR PNEUMATICO MANUAL, COM REDUCAO DE VIBRACAO, PESO DE 21 KG","UN    ",10664.23]
[36533,"MARTELO DEMOLIDOR PNEUMATICO MANUAL, COM REDUCAO DE VIBRACAO, PESO DE 31,5 KG","UN    ",12271.81]
[11616,"MARTELO DEMOLIDOR PNEUMATICO MANUAL, PADRAO, PESO DE 32 KG","UN    ",11590.54]
[41898,"MARTELO DEMOLIDOR PNEUMATICO MANUAL, PESO  DE 28 KG, COM SILENCIADOR","UN    ",13040.93]
[13447,"MARTELO PERFURADOR PNEUMATICO MANUAL, DE SUPERFICIE, COM AVANCO DE COLUNA, PESO DE 22 KG","UN    ",23996.21]
[14529,"MARTELO PERFURADOR PNEUMATICO MANUAL, HASTE 25 X 75 MM, 21 KG","UN    ",13420.47]
[10747,"MARTELO PERFURADOR PNEUMATICO MANUAL, PESO DE 25 KG, COM SILENCIADOR","UN    ",13167.53]
[36141,"MASCARA DE SEGURANCA PARA SOLDA COM ESCUDO DE CELERON E CARNEIRA DE PLASTICO COM REGULAGEM","UN    ",29.16]
[39434,"MASSA DE REJUNTE EM PO PARA DRYWALL, A BASE DE GESSO, SECAGEM RAPIDA, PARA TRATAMENTO DE JUNTAS DE CHAPA DE GESSO (NECESSITA ADICAO DE AGUA)","KG    ",2.73]
[39433,"MASSA DE REJUNTE PRONTA PARA TRATAMENTO DE JUNTAS DE CHAPA DE GESSO PARA DRYWALL, SEM ADICAO DE AGUA","KG    ",1.96]
[4049,"MASSA EPOXI BICOMPONENTE (MASSA + CATALIZADOR)","L     ",45.7]
[38120,"MASSA EPOXI BICOMPONENTE PARA REPAROS","KG    ",90.95]
[38877,"MASSA PARA TEXTURA LISA DE BASE ACRILICA, USO INTERNO E EXTERNO","KG    ",5.9]
[34546,"MASSA PARA TEXTURA RUSTICA DE BASE ACRILICA, COR BRANCA, USO INTERNO E EXTERNO","KG    ",5.94]
[10498,"MASSA PARA VIDRO","KG    ",7.63]
[4823,"MASSA PLASTICA PARA MARMORE/GRANITO","KG    ",31.16]
[12357,"MASTRO SIMPLES GALVANIZADO DIAMETRO NOMINAL 1 1/2\", COMPRIMENTO 3 M","UN    ",163.80000000000001]
[12358,"MASTRO SIMPLES GALVANIZADO DIAMETRO NOMINAL 2\", COMPRIMENTO 3 M","UN    ",184.24]
[11079,"MATERIAL FILTRANTE (PEDREGULHO) 0,6 A 25,46 MM (POSTO PEDREIRA/FORNECEDOR, SEM FRETE)","M3    ",1681.36]
[11082,"MATERIAL FILTRANTE (PEDREGULHO) 38 A 25,4 MM (POSTO PEDREIRA/FORNECEDOR, SEM FRETE)","M3    ",1681.36]
[4058,"MECANICO DE EQUIPAMENTOS PESADOS","H     ",27.33]
[40974,"MECANICO DE EQUIPAMENTOS PESADOS (MENSALISTA)","MES   ",4855.01]
[34794,"MECANICO DE REFRIGERACAO","H     ",18.7]
[40925,"MECANICO DE REFRIGERACAO (MENSALISTA)","MES   ",3321.82]
[13741,"MEDIDOR DE NIVEL ESTATICO E DINAMICO PARA POCO, COMPRIMENTO DE 200 M","UN    ",2384.9499999999998]
[3288,"MEIA CANA DE MADEIRA CEDRINHO OU EQUIVALENTE DA REGIAO, ACABAMENTO PARA FORRO PAULISTA, *2,5 X 2,5* CM","M     ",6]
[13587,"MEIA CANA DE MADEIRA PINUS OU EQUIVALENTE DA REGIAO, ACABAMENTO PARA FORRO PAULISTA, *2,5 X 2,5* CM","M     ",3.62]
[38598,"MEIA CANALETA DE CONCRETO ESTRUTURAL 14 X 19 X 19 CM, FBK 14 MPA (NBR 6136)","UN    ",2.1]
[38595,"MEIA CANALETA DE CONCRETO ESTRUTURAL 14 X 19 X 19 CM, FBK 4,5 MPA (NBR 6136)","UN    ",1.78]
[38592,"MEIO BLOCO DE CONCRETO ESTRUTURAL 14 X 19 X 14 CM, FBK 14 MPA (NBR 6136)","UN    ",1.79]
[38588,"MEIO BLOCO DE CONCRETO ESTRUTURAL 14 X 19 X 14 CM, FBK 4,5 MPA (NBR 6136)","UN    ",1.44]
[38593,"MEIO BLOCO DE CONCRETO ESTRUTURAL 14 X 19 X 19 CM, FBK 14 MPA (NBR 6136)","UN    ",1.98]
[38589,"MEIO BLOCO DE CONCRETO ESTRUTURAL 14 X 19 X 19 CM, FBK 4,5 MPA (NBR 6136)","UN    ",1.51]
[38594,"MEIO BLOCO DE CONCRETO ESTRUTURAL 14 X 19 X 34 CM, FBK 14 MPA (NBR 6136)","UN    ",3.13]
[34773,"MEIO BLOCO DE VEDACAO DE CONCRETO APARENTE 14 X 19 X 19 CM  (CLASSE C - NBR 6136)","UN    ",1.48]
[34769,"MEIO BLOCO DE VEDACAO DE CONCRETO APARENTE 19 X 19 X 19 CM (CLASSE C - NBR 6136)","UN    ",1.83]
[34763,"MEIO BLOCO DE VEDACAO DE CONCRETO APARENTE 9  X 19 X 19 CM (CLASSE C - NBR 6136)","UN    ",1.1299999999999999]
[34774,"MEIO BLOCO DE VEDACAO DE CONCRETO 14 X 19 X 19 CM (CLASSE C - NBR 6136)","UN    ",1.4]
[34771,"MEIO BLOCO DE VEDACAO DE CONCRETO 19 X 19 X 19 CM (CLASSE C - NBR 6136)","UN    ",1.69]
[34764,"MEIO BLOCO DE VEDACAO DE CONCRETO 9 X 19 X 19 CM (CLASSE C - NBR 6136)","UN    ",1.1100000000000001]
[34788,"MEIO BLOCO ESTRUTURAL CERAMICO 14 X 19 X 14 CM, 6,0 MPA (NBR 15270)","UN    ",1.21]
[34781,"MEIO BLOCO ESTRUTURAL CERAMICO 14 X 19 X 19 CM, 6,0 MPA (NBR 15270)","UN    ",1.37]
[41682,"MEIO-FIO OU GUIA DE CONCRETO PRE MOLDADO, COMP 1 M, *30 X 10/12* CM (H X L1/L2)","UN    ",21.94]
[41683,"MEIO-FIO OU GUIA DE CONCRETO PRE MOLDADO, COMP 80 CM, *30 X 10/10* (H X L1/L2)","UN    ",16.14]
[41680,"MEIO-FIO OU GUIA DE CONCRETO PRE-MOLDADO, COMP *39* CM, *19 X 6,5/6,5* CM (H X L1/L2)","UN    ",8.69]
[41679,"MEIO-FIO OU GUIA DE CONCRETO PRE-MOLDADO, COMP 1 M, *20 X 12/15* CM (H X L1/L2)","UN    ",19.87]
[41681,"MEIO-FIO OU GUIA DE CONCRETO PRE-MOLDADO, COMP 80 CM, *25 X 08/08* CM (H X L1/L2)","UN    ",13.59]
[43386,"MEIO-FIO OU GUIA DE CONCRETO PRE-MOLDADO, TIPO CHAPEU PARA BOCA DE LOBO,  DIMENSOES *1,20* X 0,15 X 0,30 M","UN    ",31.04]
[4059,"MEIO-FIO OU GUIA DE CONCRETO, PRE-MOLDADO, COMP 1 M, *30 X 12/15* CM (H X L1/L2)","M     ",21.94]
[4062,"MEIO-FIO OU GUIA DE CONCRETO, PRE-MOLDADO, COMP 1 M, *30 X 15* CM (H X L)","UN    ",21.94]
[4061,"MEIO-FIO OU GUIA DE CONCRETO, PRE-MOLDADO, COMP 80 CM, *45 X 12/18* CM (H X L1/L2)","UN    ",27.32]
[41315,"MEMBRANA IMPERMEABILIZANTE A BASE DE POLIUREIA, BICOMPONENTE, APLICACAO A FRIO","KG    ",44.6]
[43148,"MEMBRANA IMPERMEABILIZANTE A BASE DE POLIURETANO","KG    ",30.27]
[43147,"MEMBRANA IMPERMEABILIZANTE ACRILICA MONOCOMPONENTE","KG    ",11.72]
[10608,"MESA VIBRATORIA COM DIMENSOES DE 2,0 X 1,0 M, COM MOTOR ELETRICO DE 2 POLOS E POTENCIA DE 3 CV","UN    ",4785]
[4069,"MESTRE DE OBRAS","H     ",66.16]
[40819,"MESTRE DE OBRAS (MENSALISTA)","MES   ",11744.05]
[34361,"METACAULIM DE ALTA REATIVIDADE/CAULIM CALCINADO","KG    ",8.5299999999999994]
[36512,"MICRO-TRATOR CORTADOR DE GRAMA COM LARGURA DO CORTE DE 107 CM, COM  2 LAMINAS E DESCARTE LATERAL","UN    ",13851.62]
[25972,"MICROESFERAS DE VIDRO PARA SINALIZACAO HORIZONTAL VIARIA, TIPO I-B (PREMIX) - NBR 16184","KG    ",9.99]
[25973,"MICROESFERAS DE VIDRO PARA SINALIZACAO HORIZONTAL VIARIA, TIPO II-A (DROP-ON) - NBR 16184","KG    ",9.99]
[11697,"MICTORIO COLETIVO ACO INOX (AISI 304), E = 0,8 MM, DE *100 X 40 X 30* CM (C X A X P)","UN    ",552.5]
[11698,"MICTORIO COLETIVO ACO INOX (AISI 304), E = 0,8 MM, DE *100 X 50 X 35* CM (C X A X P)","UN    ",659.1]
[11699,"MICTORIO INDIVIDUAL ACO INOX (AISI 304), E = 0,8 MM, DE *50  X 45  X 35* (C X A X P)","UN    ",728.46]
[10432,"MICTORIO SIFONADO LOUCA BRANCA SEM COMPLEMENTOS","UN    ",295.31]
[10430,"MICTORIO SIFONADO LOUCA COR SEM COMPLEMENTOS","UN    ",318.04000000000002]
[37514,"MINICARREGADEIRA SOBRE RODAS, POTENCIA LIQUIDA DE *47* HP, CAPACIDADE NOMINAL DE OPERACAO DE *646* KG","UN    ",255000]
[37519,"MINICARREGADEIRA SOBRE RODAS, POTENCIA LIQUIDA DE *72* HP, CAPACIDADE NOMINAL DE OPERACAO DE *1200* KG","UN    ",393539.81]
[37520,"MINIESCAVADEIRA SOBRE ESTEIRAS, POTENCIA LIQUIDA DE *30* HP, PESO OPERACIONAL DE *3.500* KG","UN    ",387088.34]
[37521,"MINIESCAVADEIRA SOBRE ESTEIRAS, POTENCIA LIQUIDA DE *42* HP, PESO OPERACIONAL DE *4.500* KG","UN    ",472247.78]
[37522,"MINIESCAVADEIRA SOBRE ESTEIRAS, POTENCIA LIQUIDA DE *42* HP, PESO OPERACIONAL DE *5.300* KG","UN    ",486455.72]
[21109,"MINUTERIA ELETRONICA COLETIVA COM POTENCIA MAXIMA RESISTIVA PARA LAMPADAS FLUORESCENTES DE *300* W ( 110 V ) / *600* W ( 110 V )","UN    ",31.97]
[36800,"MISTURADOR BASE PARA CHUVEIRO/BANHEIRA, 1/2 \" OU 3/4 \", SOLDAVEL OU ROSCAVEL","UN    ",86.33]
[11769,"MISTURADOR CROMADO DE MESA BICA BAIXA PARA LAVATORIO (REF 1875)","UN    ",211.56]
[36793,"MISTURADOR CROMADO DE PAREDE PARA LAVATORIO (REF 1178)","UN    ",342.53]
[37546,"MISTURADOR DE ARGAMASSA, EIXO HORIZONTAL, CAPACIDADE DE MISTURA 160 KG, MOTOR ELETRICO TRIFASICO 220/380 V, POTENCIA 3 CV","UN    ",11527.46]
[37544,"MISTURADOR DE ARGAMASSA, EIXO HORIZONTAL, CAPACIDADE DE MISTURA 300 KG, MOTOR ELETRICO TRIFASICO 220/380 V, POTENCIA 5 CV","UN    ",12192.23]
[37545,"MISTURADOR DE ARGAMASSA, EIXO HORIZONTAL, CAPACIDADE DE MISTURA 600 KG, MOTOR ELETRICO TRIFASICO 220/380 V, POTENCIA 7,5 CV","UN    ",14507.11]
[11771,"MISTURADOR DE PAREDE CROMADO PARA COZINHA BICA MOVEL COM AREJADOR (REF 1258)","UN    ",262.42]
[39919,"MISTURADOR DUPLO HORIZONTAL DE ALTA TURBULENCIA, CAPACIDADE / VOLUME 2 X 500 LITROS, MOTORES ELETRICOS MINIMO 5 CV CADA,  PARA NATA CIMENTO, ARGAMASSA E OUTROS","UN    ",57701.33]
[38385,"MISTURADOR MANUAL DE TINTAS PARA FURADEIRA, HASTE METALICA *60* CM, COM HELICE  (MEXEDOR DE TINTA)","UN    ",40.72]
[37587,"MISTURADOR MONOCOMANDO PARA CHUVEIRO, BASE BRUTA E ACABAMENTO CROMADO","UN    ",238.68]
[11561,"MOLA HIDRAULICA AEREA, PARA PORTAS DE ATE 1.100 MM E PESO DE ATE 85 KG, COM CORPO EM ALUMINIO E BRACO EM ACO, SEM BRACO DE PARADA","UN    ",208.43]
[43604,"MOLA HIDRAULICA AEREA, PARA PORTAS DE ATE 850 MM E PESO DE ATE 50 KG, COM CORPO EM ALUMINIO E BRACO EM ACO, SEM BRACO DE PARADA","UN    ",111.12]
[11560,"MOLA HIDRAULICA AEREA, PARA PORTAS DE ATE 950 MM E PESO DE ATE 65 KG, COM CORPO EM ALUMINIO E BRACO EM ACO, SEM BRACO DE PARADA","UN    ",160.88]
[11499,"MOLA HIDRAULICA DE PISO, PARA PORTAS DE ATE 1100 MM E PESO DE ATE 120 KG, COM CORPO EM ACO INOX","UN    ",608.01]
[34761,"MONTADOR DE ELETROELETRONICOS","H     ",16.190000000000001]
[40924,"MONTADOR DE ELETROELETRONICOS (MENSALISTA)","MES   ",2875.66]
[25957,"MONTADOR DE ESTRUTURAS METALICAS","H     ",19.48]
[40983,"MONTADOR DE ESTRUTURAS METALICAS (MENSALISTA)","MES   ",3457.71]
[2437,"MONTADOR DE MAQUINAS","H     ",19.52]
[40921,"MONTADOR DE MAQUINAS (MENSALISTA)","MES   ",3467.21]
[14252,"MOTOBOMBA AUTOESCORVANTE MOTOR A GASOLINA, POTENCIA 6,0HP, BOCAIS 3\" X 3\", HM/Q = 5 MCA / 24 M3/H A 52,5 MCA / 5,0 M3/H","UN    ",2532.08]
[730,"MOTOBOMBA AUTOESCORVANTE MOTOR ELETRICO TRIFASICO 7,4HP BOCA DIAMETRO DE SUCCAO X RECLAQUE: 2\"X2\", HM/ Q = 10 M / 73,5 M3/H A 28 M / 8,2 M3 /H","UN    ",6765.24]
[723,"MOTOBOMBA AUTOESCORVANTE POTENCIA 5,42 HP, BOCAIS SUCCAO X RECALQUE 2\" X 2\", A GASOLINA, DIAMETRO DO ROTOR 122 MM HM/Q = 6 MCA / 33,0 M3/H A 28 MCA / 8,0 M3/H","UN    ",3362.56]
[36502,"MOTOBOMBA CENTRIFUGA, MOTOR A GASOLINA, POTENCIA 5,42 HP, BOCAIS 1 1/2\" X 1\", DIAMETRO ROTOR 143 MM HM/Q = 6 MCA / 16,8 M3/H A 38 MCA / 6,6 M3/H","UN    ",3160.41]
[36503,"MOTOBOMBA TRASH (PARA AGUA SUJA) AUTO ESCORVANTE, MOTOR GASOLINA DE 6,41 HP, DIAMETROS DE SUCCAO X RECALQUE: 3\" X 3\", HM/Q: 10/60 A 23/0","UN    ",3897.15]
[4090,"MOTONIVELADORA POTENCIA BASICA LIQUIDA (PRIMEIRA MARCHA) 125 HP , PESO BRUTO 13843 KG, LARGURA DA LAMINA DE 3,7 M","UN    ",712500]
[13227,"MOTONIVELADORA POTENCIA BASICA LIQUIDA (PRIMEIRA MARCHA) 171 HP, PESO BRUTO 14768 KG, LARGURA DA LAMINA DE 3,7 M","UN    ",885370.09]
[10597,"MOTONIVELADORA POTENCIA BASICA LIQUIDA (PRIMEIRA MARCHA) 186 HP, PESO BRUTO 15785 KG, LARGURA DA LAMINA DE 4,3 M","UN    ",931966.24]
[39628,"MOTOR A DIESEL PARA VIBRADOR DE IMERSAO, DE *4,7* CV","UN    ",3854.78]
[39404,"MOTOR A GASOLINA PARA VIBRADOR DE IMERSAO, 4 TEMPOS, DE 5,5 CV","UN    ",1911.46]
[39402,"MOTOR ELETRICO PARA VIBRADOR DE IMERSAO, DE 2 CV, MONOFASICO, 110/220 V","UN    ",1574.68]
[39403,"MOTOR ELETRICO PARA VIBRADOR DE IMERSAO, DE 2 CV, TRIFASICO, 220/380 V","UN    ",1540.43]
[4093,"MOTORISTA DE CAMINHAO","H     ",19.84]
[10512,"MOTORISTA DE CAMINHAO (MENSALISTA)","MES   ",3524.04]
[20020,"MOTORISTA DE CAMINHAO-BASCULANTE","H     ",18.7]
[41038,"MOTORISTA DE CAMINHAO-BASCULANTE (MENSALISTA)","MES   ",3324.07]
[4094,"MOTORISTA DE CAMINHAO-CARRETA","H     ",26.49]
[40988,"MOTORISTA DE CAMINHAO-CARRETA (MENSALISTA)","MES   ",4706.1400000000003]
[4095,"MOTORISTA DE CARRO DE PASSEIO","H     ",17.93]
[40990,"MOTORISTA DE CARRO DE PASSEIO (MENSALISTA)","MES   ",3187.26]
[4097,"MOTORISTA DE ONIBUS / MICRO-ONIBUS","H     ",23.4]
[40994,"MOTORISTA DE ONIBUS / MICRO-ONIBUS (MENSALISTA)","MES   ",4156.96]
[4096,"MOTORISTA OPERADOR DE CAMINHAO COM MUNCK","H     ",20.46]
[40992,"MOTORISTA OPERADOR DE CAMINHAO COM MUNCK (MENSALISTA)","MES   ",3635.32]
[13955,"MOTOSSERRA PORTATIL COM MOTOR A GASOLINA DE *60* CC","UN    ",2408.98]
[4114,"MOURAO CONCRETO CURVO, SECAO \"T\", H = 2,80 M + CURVA COM 0,45 M, COM FUROS PARA FIOS","UN    ",50.29]
[36797,"MOURAO DE CONCRETO CURVO, *10 X 10* CM, H= *2,60* M + CURVA DE 0,40 M","UN    ",44.78]
[4107,"MOURAO DE CONCRETO RETO, SECAO QUADARA *10 X 10* CM, H= *2,30* M","UN    ",42.22]
[4102,"MOURAO DE CONCRETO RETO, SECAO QUADRADA, *10 X 10* CM, H= 3,00 M","UN    ",51.54]
[36799,"MOURAO DE CONCRETO RETO, TIPO ESTICADOR, *10 X 10* CM, H= 2,50 M","UN    ",43.46]
[2747,"MOURAO ROLICO DE MADEIRA TRATADA, D = 16 A 20 CM, H = 2,20 M, EM EUCALIPTO OU EQUIVALENTE DA REGIAO (PARA CERCA)","M     ",23.31]
[21138,"MOURAO ROLICO DE MADEIRA TRATADA, D = 8 A 11 CM, H = 2,20 M, EM EUCALIPTO OU EQUIVALENTE DA REGIAO (PARA CERCA)","M     ",7.39]
[10826,"MUDA DE ARBUSTO FLORIFERO, CLUSIA/GARDENIA/MOREIA BRANCA/ AZALEIA OU EQUIVALENTE DA REGIAO, H= *50 A 70* CM","UN    ",64.650000000000006]
[365,"MUDA DE ARBUSTO FOLHAGEM, SANSAO-DO-CAMPO OU EQUIVALENTE DA REGIAO, H= *50 A 70* CM","UN    ",40.08]
[38639,"MUDA DE ARBUSTO, BUXINHO, H= *50* M","UN    ",155.16999999999999]
[38640,"MUDA DE ARBUSTO, PINGO DE OURO/ VIOLETEIRA, H = *10 A 20* CM","UN    ",2.3199999999999998]
[358,"MUDA DE ARVORE ORNAMENTAL, OITI/AROEIRA SALSA/ANGICO/IPE/JACARANDA OU EQUIVALENTE  DA REGIAO, H= *1* M","UN    ",47.84]
[359,"MUDA DE ARVORE ORNAMENTAL, OITI/AROEIRA SALSA/ANGICO/IPE/JACARANDA OU EQUIVALENTE  DA REGIAO, H= *2* M","UN    ",98.27]
[38641,"MUDA DE PALMEIRA, ARECA, H= *1,50* CM","UN    ",96.98]
[360,"MUDA DE RASTEIRA/FORRACAO, AMENDOIM RASTEIRO/ONZE HORAS/AZULZINHA/IMPATIENS OU EQUIVALENTE DA REGIAO","UN    ",2.25]
[42430,"MULTIEXERCITADOR COM SEIS FUNCOES, EM TUBO DE ACO CARBONO, PINTURA NO PROCESSO ELETROSTATICO - EQUIPAMENTO DE GINASTICA PARA ACADEMIA AO AR LIVRE / ACADEMIA DA TERCEIRA IDADE - ATI","UN    ",5099.7700000000004]
[4214,"NIPEL PVC, ROSCAVEL, 1 1/2\",  AGUA FRIA PREDIAL","UN    ",10.25]
[4215,"NIPEL PVC, ROSCAVEL, 1 1/4\",  AGUA FRIA PREDIAL","UN    ",6.74]
[4210,"NIPEL PVC, ROSCAVEL, 1/2\",  AGUA FRIA PREDIAL","UN    ",1.1299999999999999]
[4212,"NIPEL PVC, ROSCAVEL, 1\",  AGUA FRIA PREDIAL","UN    ",3.25]
[4213,"NIPEL PVC, ROSCAVEL, 2\",  AGUA FRIA PREDIAL","UN    ",14.56]
[4211,"NIPEL PVC, ROSCAVEL, 3/4\",  AGUA FRIA PREDIAL","UN    ",1.63]
[4209,"NIPLE DE FERRO GALVANIZADO, COM ROSCA BSP, DE 1 1/2\"","UN    ",16.690000000000001]
[4180,"NIPLE DE FERRO GALVANIZADO, COM ROSCA BSP, DE 1 1/4\"","UN    ",12.56]
[4177,"NIPLE DE FERRO GALVANIZADO, COM ROSCA BSP, DE 1/2\"","UN    ",4.17]
[4179,"NIPLE DE FERRO GALVANIZADO, COM ROSCA BSP, DE 1\"","UN    ",8.5299999999999994]
[4208,"NIPLE DE FERRO GALVANIZADO, COM ROSCA BSP, DE 2 1/2\"","UN    ",39.729999999999997]
[4181,"NIPLE DE FERRO GALVANIZADO, COM ROSCA BSP, DE 2\"","UN    ",25.96]
[4178,"NIPLE DE FERRO GALVANIZADO, COM ROSCA BSP, DE 3/4\"","UN    ",5.78]
[4182,"NIPLE DE FERRO GALVANIZADO, COM ROSCA BSP, DE 3\"","UN    ",64.64]
[4183,"NIPLE DE FERRO GALVANIZADO, COM ROSCA BSP, DE 4\"","UN    ",104.06]
[4184,"NIPLE DE FERRO GALVANIZADO, COM ROSCA BSP, DE 5\"","UN    ",229.71]
[4185,"NIPLE DE FERRO GALVANIZADO, COM ROSCA BSP, DE 6\"","UN    ",381.68]
[4205,"NIPLE DE REDUCAO DE FERRO GALVANIZADO, COM ROSCA BSP, DE 1 1/2\" X 1 1/4\"","UN    ",22.04]
[4192,"NIPLE DE REDUCAO DE FERRO GALVANIZADO, COM ROSCA BSP, DE 1 1/2\" X 1\"","UN    ",22.04]
[4191,"NIPLE DE REDUCAO DE FERRO GALVANIZADO, COM ROSCA BSP, DE 1 1/2\" X 3/4\"","UN    ",22.04]
[4207,"NIPLE DE REDUCAO DE FERRO GALVANIZADO, COM ROSCA BSP, DE 1 1/4\" X 1/2\"","UN    ",17.73]
[4206,"NIPLE DE REDUCAO DE FERRO GALVANIZADO, COM ROSCA BSP, DE 1 1/4\" X 1\"","UN    ",17.22]
[4190,"NIPLE DE REDUCAO DE FERRO GALVANIZADO, COM ROSCA BSP, DE 1 1/4\" X 3/4\"","UN    ",17.22]
[4186,"NIPLE DE REDUCAO DE FERRO GALVANIZADO, COM ROSCA BSP, DE 1/2\" X 1/4\"","UN    ",5.09]
[4188,"NIPLE DE REDUCAO DE FERRO GALVANIZADO, COM ROSCA BSP, DE 1\" X 1/2\"","UN    ",10.39]
[4189,"NIPLE DE REDUCAO DE FERRO GALVANIZADO, COM ROSCA BSP, DE 1\" X 3/4\"","UN    ",10.39]
[4197,"NIPLE DE REDUCAO DE FERRO GALVANIZADO, COM ROSCA BSP, DE 2 1/2\" X 2\"","UN    ",55.04]
[4194,"NIPLE DE REDUCAO DE FERRO GALVANIZADO, COM ROSCA BSP, DE 2\" X 1 1/2\"","UN    ",33.25]
[4193,"NIPLE DE REDUCAO DE FERRO GALVANIZADO, COM ROSCA BSP, DE 2\" X 1 1/4\"","UN    ",33.25]
[4204,"NIPLE DE REDUCAO DE FERRO GALVANIZADO, COM ROSCA BSP, DE 2\" X 1\"","UN    ",33.25]
[4187,"NIPLE DE REDUCAO DE FERRO GALVANIZADO, COM ROSCA BSP, DE 3/4\" X 1/2\"","UN    ",6.63]
[4202,"NIPLE DE REDUCAO DE FERRO GALVANIZADO, COM ROSCA BSP, DE 3\" X 2 1/2\"","UN    ",100.51]
[4203,"NIPLE DE REDUCAO DE FERRO GALVANIZADO, COM ROSCA BSP, DE 3\" X 2\"","UN    ",88.77]
[40368,"NIPLE SEXTAVADO EM ACO CARBONO, COM ROSCA BSP, PRESSAO 3.000 LBS, DN 1 1/2\"","UN    ",40]
[40365,"NIPLE SEXTAVADO EM ACO CARBONO, COM ROSCA BSP, PRESSAO 3.000 LBS, DN 1 1/4\"","UN    ",26.99]
[40356,"NIPLE SEXTAVADO EM ACO CARBONO, COM ROSCA BSP, PRESSAO 3.000 LBS, DN 1/2\"","UN    ",9.2200000000000006]
[40362,"NIPLE SEXTAVADO EM ACO CARBONO, COM ROSCA BSP, PRESSAO 3.000 LBS, DN 1\"","UN    ",17.88]
[40374,"NIPLE SEXTAVADO EM ACO CARBONO, COM ROSCA BSP, PRESSAO 3.000 LBS, DN 2 1/2\"","UN    ",104.56]
[40371,"NIPLE SEXTAVADO EM ACO CARBONO, COM ROSCA BSP, PRESSAO 3.000 LBS, DN 2\"","UN    ",65.819999999999993]
[40359,"NIPLE SEXTAVADO EM ACO CARBONO, COM ROSCA BSP, PRESSAO 3.000 LBS, DN 3/4\"","UN    ",11.91]
[7595,"NIVELADOR","H     ",17.420000000000002]
[41094,"NIVELADOR (MENSALISTA)","MES   ",3094.1]
[39609,"NOBREAK TRIFASICO, DE 10 KVA FATOR DE POTENCIA DE 0,8, AUTONOMIA MINIMA DE 30 MINUTOS A PLENA CARGA","UN    ",66471.62]
[39610,"NOBREAK TRIFASICO, DE 15 KVA FATOR DE POTENCIA DE 0,8, AUTONOMIA MINIMA DE 30 MINUTOS A PLENA CARGA","UN    ",97027.82]
[39611,"NOBREAK TRIFASICO, DE 20 KVA FATOR DE POTENCIA DE 0,8, AUTONOMIA MINIMA DE 30 MINUTOS A PLENA CARGA","UN    ",117419.55]
[39612,"NOBREAK TRIFASICO, DE 25 KVA FATOR DE POTENCIA DE 0,8, AUTONOMIA MINIMA DE 30 MINUTOS A PLENA CARGA","UN    ",183940.37]
[39608,"NOBREAK TRIFASICO, DE 5 KVA FATOR DE POTENCIA DE 0,8, AUTONOMIA MINIMA DE 30 MINUTOS A PLENA CARGA","UN    ",53150]
[38175,"NUMERO / ALGARISMO PARA RESIDENCIA (FACHADA), EM ZAMAC, COM ALTURA DE APROX *45* MM, INCLUSIVE PARAFUSOS","UN    ",4.18]
[38176,"NUMERO / ALGARISMO PARA RESIDENCIA (FACHADA), EM ZAMAC, COM ALTURA DE APROX 125 MM, INCLUSIVE PARAFUSOS","UN    ",12.29]
[36152,"OCULOS DE SEGURANCA CONTRA IMPACTOS COM LENTE INCOLOR, ARMACAO NYLON, COM PROTECAO UVA E UVB","UN    ",4.21]
[11138,"OLEO COMBUSTIVEL BPF A GRANEL","L     ",2.75]
[5333,"OLEO DE LINHACA","L     ",23.25]
[4221,"OLEO DIESEL COMBUSTIVEL COMUM","L     ",4.2699999999999996]
[4227,"OLEO LUBRIFICANTE PARA MOTORES DE EQUIPAMENTOS PESADOS (CAMINHOES, TRATORES, RETROS E ETC)","L     ",18.5]
[38170,"OLHO MAGICO PARA PORTAS, EM LATAO, COM LENTE DE POLICARBONATO, ANGULO DE *200* GRAUS, ESPESSURA ENTRE *25 E 46* MM, INCLUINDO FECHO JANELA","UN    ",18.27]
[4252,"OPERADOR DE BATE-ESTACAS","H     ",24.6]
[40980,"OPERADOR DE BATE-ESTACAS (MENSALISTA)","MES   ",4370.17]
[4243,"OPERADOR DE BETONEIRA (CAMINHAO)","H     ",17.89]
[41031,"OPERADOR DE BETONEIRA (CAMINHAO) (MENSALISTA)","MES   ",3177.43]
[37666,"OPERADOR DE BETONEIRA ESTACIONARIA / MISTURADOR","H     ",17.27]
[40986,"OPERADOR DE BETONEIRA ESTACIONARIA / MISTURADOR (MENSALISTA)","MES   ",3066.32]
[4250,"OPERADOR DE COMPRESSOR DE AR OU COMPRESSORISTA","H     ",19.11]
[40978,"OPERADOR DE COMPRESSOR DE AR OU COMPRESSORISTA (MENSALISTA)","MES   ",3395.28]
[25960,"OPERADOR DE DEMARCADORA DE FAIXAS DE TRAFEGO","H     ",22.01]
[41043,"OPERADOR DE DEMARCADORA DE FAIXAS DE TRAFEGO (MENSALISTA)","MES   ",3910.67]
[4234,"OPERADOR DE ESCAVADEIRA","H     ",24.13]
[40987,"OPERADOR DE ESCAVADEIRA (MENSALISTA)","MES   ",4283.97]
[4253,"OPERADOR DE GUINCHO OU GUINCHEIRO","H     ",19.48]
[40981,"OPERADOR DE GUINCHO OU GUINCHEIRO (MENSALISTA)","MES   ",3457.71]
[4254,"OPERADOR DE GUINDASTE","H     ",18.170000000000002]
[41036,"OPERADOR DE GUINDASTE (MENSALISTA)","MES   ",3227.19]
[4251,"OPERADOR DE JATO ABRASIVO OU JATISTA","H     ",21.6]
[40979,"OPERADOR DE JATO ABRASIVO OU JATISTA (MENSALISTA)","MES   ",3835.12]
[4230,"OPERADOR DE MAQUINAS E TRATORES DIVERSOS (TERRAPLANAGEM)","H     ",20.57]
[40998,"OPERADOR DE MAQUINAS E TRATORES DIVERSOS (TERRAPLANAGEM) (MENSALISTA)","MES   ",3654.62]
[4257,"OPERADOR DE MARTELETE OU MARTELETEIRO","H     ",17.09]
[40982,"OPERADOR DE MARTELETE OU MARTELETEIRO (MENSALISTA)","MES   ",3035.09]
[4240,"OPERADOR DE MOTO SCRAPER","H     ",22.39]
[41026,"OPERADOR DE MOTO SCRAPER (MENSALISTA)","MES   ",3977.33]
[4239,"OPERADOR DE MOTONIVELADORA","H     ",27.48]
[41024,"OPERADOR DE MOTONIVELADORA (MENSALISTA)","MES   ",4879.45]
[4248,"OPERADOR DE PA CARREGADEIRA","H     ",24.02]
[41033,"OPERADOR DE PA CARREGADEIRA (MENSALISTA)","MES   ",4267.5600000000004]
[25959,"OPERADOR DE PAVIMENTADORA / MESA VIBROACABADORA","H     ",23.12]
[41040,"OPERADOR DE PAVIMENTADORA / MESA VIBROACABADORA (MENSALISTA)","MES   ",4106.21]
[4238,"OPERADOR DE ROLO COMPACTADOR","H     ",17.78]
[41012,"OPERADOR DE ROLO COMPACTADOR (MENSALISTA)","MES   ",3159.1]
[4237,"OPERADOR DE TRATOR - EXCLUSIVE AGROPECUARIA","H     ",21.62]
[41002,"OPERADOR DE TRATOR - EXCLUSIVE AGROPECUARIA (MENSALISTA)","MES   ",3841.9]
[4233,"OPERADOR DE USINA DE ASFALTO, DE SOLOS OU DE CONCRETO","H     ",19.86]
[41001,"OPERADOR DE USINA DE ASFALTO, DE SOLOS OU DE CONCRETO (MENSALISTA)","MES   ",3526.27]
[2,"OXIGENIO, RECARGA PARA CILINDRO DE CONJUNTO OXICORTE GRANDE","M3    ",14.19]
[36517,"PA CARREGADEIRA SOBRE RODAS, POTENCIA BRUTA *127* CV, CAPACIDADE DA CACAMBA DE 2,0 A 2,4 M3, PESO OPERACIONAL MAXIMO DE 10330 KG","UN    ",426240]
[4262,"PA CARREGADEIRA SOBRE RODAS, POTENCIA LIQUIDA 128 HP, CAPACIDADE DA CACAMBA DE 1,7 A 2,8 M3, PESO OPERACIONAL MAXIMO DE 11632 KG","UN    ",480000]
[4263,"PA CARREGADEIRA SOBRE RODAS, POTENCIA LIQUIDA 197 HP, CAPACIDADE DA CACAMBA DE 2,5 A 3,5 M3, PESO OPERACIONAL MAXIMO DE 18338 KG","UN    ",665599.96]
[36518,"PA CARREGADEIRA SOBRE RODAS, POTENCIA LIQUIDA 213 HP, CAPACIDADE DA CACAMBA DE 1,9 A 3,5 M3, PESO OPERACIONAL MAXIMO DE 19234 KG","UN    ",757759.96]
[14221,"PA CARREGADEIRA SOBRE RODAS, POTENCIA 152 HP, CAPACIDADE DA CACAMBA DE 1,53 A 2,30 M3, PESO OPERACIONAL MAXIMO DE 10216 KG","UN    ",442239.98]
[38402,"PA DE LIXO PLASTICA, CABO LONGO","UN    ",8.23]
[3412,"PAINEL DE LA DE VIDRO SEM REVESTIMENTO PSI 20, E = 25 MM, DE 1200 X 600 MM","M2    ",10.27]
[3413,"PAINEL DE LA DE VIDRO SEM REVESTIMENTO PSI 20, E = 50 MM, DE 1200 X 600 MM","M2    ",23.14]
[39744,"PAINEL DE LA DE VIDRO SEM REVESTIMENTO PSI 40, E = 25 MM, DE 1200 X 600 MM","M2    ",17.96]
[39745,"PAINEL DE LA DE VIDRO SEM REVESTIMENTO PSI 40, E = 50 MM, DE 1200 X 600 MM","M2    ",37.92]
[39637,"PAINEL ESTRUTURAL PARA LAJE SECA REVESTIDO EM PLACA CIMENTICIA, DE 1,20 X 2,50 M, E = 23 MM","M2    ",70.260000000000005]
[39638,"PAINEL ESTRUTURAL PARA LAJE SECA REVESTIDO EM PLACA CIMENTICIA, DE 1,20 X 2,50 M, E = 40 MM","M2    ",130.83000000000001]
[39639,"PAINEL ESTRUTURAL PARA LAJE SECA REVESTIDO EM PLACA CIMENTICIA, DE 1,20 X 2,50 M, E = 55 MM","M2    ",172.48]
[39517,"PAINEL TERMOISOLANTE PARA FECHAMENTOS VERTICAIS (INCLUI PARAFUSOS DE FIXACAO) REVESTIDO EM ACO GALVALUME, LARGURA UTIL DE 1100 MM, REVESTIMENTO COM ESPESSURA DE 0,50 MM, COM PRE-PINTURA NAS DUAS FACES, NUCLEO EM POLIURETANO (PUR) COM ESPESSURA 40/50 MM","M2    ",233.78]
[39518,"PAINEL TERMOISOLANTE PARA FECHAMENTOS VERTICAIS (INCLUI PARAFUSOS DE FIXACAO) REVESTIDO EM ACO GALVALUME, LARGURA UTIL DE 1100 MM, REVESTIMENTO COM ESPESSURA DE 0,50 MM, COM PRE-PINTURA NAS DUAS FACES, NUCLEO EM POLIURETANO (PUR) COM ESPESSURA 70/80 MM","M2    ",277.16000000000003]
[38366,"PAPEL KRAFT BETUMADO","M2    ",3.59]
[11703,"PAPELEIRA DE PAREDE EM METAL CROMADO SEM TAMPA","UN    ",25.42]
[37400,"PAPELEIRA PLASTICA TIPO DISPENSER PARA PAPEL HIGIENICO ROLAO","UN    ",41.06]
[25400,"PAR DE TABELAS DE BASQUETE EM COMPENSADO NAVAL DE *1,80 X 1,20* M, COM ARO DE METAL E REDE (SEM SUPORTE DE FIXACAO)","UN    ",1647.05]
[4276,"PARA-RAIOS DE DISTRIBUICAO, TENSAO NOMINAL 15 KV, CORRENTE NOMINAL DE DESCARGA 5 KA","UN    ",277.57]
[4273,"PARA-RAIOS DE DISTRIBUICAO, TENSAO NOMINAL 30 KV, CORRENTE NOMINAL DE DESCARGA 10 KA","UN    ",461.09]
[4274,"PARA-RAIOS TIPO FRANKLIN 350 MM, EM LATAO CROMADO, DUAS DESCIDAS, PARA PROTECAO DE EDIFICACOES CONTRA DESCARGAS ATMOSFERICAS","UN    ",106.92]
[39438,"PARAFUSO CABECA TROMBETA E PONTA AGULHA (GN55), COMPRIMENTO 55 MM, EM ACO FOSFATIZADO, PARA FIXAR CHAPA DE GESSO EM PERFIL DRYWALL METALICO MAXIMO 0,7 MM","UN    ",0.27]
[11963,"PARAFUSO DE ACO TIPO CHUMBADOR PARABOLT, DIAMETRO 1/2\", COMPRIMENTO 75 MM","UN    ",9.84]
[11964,"PARAFUSO DE ACO TIPO CHUMBADOR PARABOLT, DIAMETRO 3/8\", COMPRIMENTO 75 MM","UN    ",2.48]
[4379,"PARAFUSO DE ACO ZINCADO COM ROSCA SOBERBA, CABECA CHATA E FENDA SIMPLES, DIAMETRO 2,5 MM, COMPRIMENTO * 9,5 * MM","UN    ",0.05]
[4377,"PARAFUSO DE ACO ZINCADO COM ROSCA SOBERBA, CABECA CHATA E FENDA SIMPLES, DIAMETRO 4,2 MM, COMPRIMENTO * 32 * MM","UN    ",0.19]
[4356,"PARAFUSO DE ACO ZINCADO COM ROSCA SOBERBA, CABECA CHATA E FENDA SIMPLES, DIAMETRO 4,8 MM, COMPRIMENTO 45 MM","UN    ",0.27]
[13246,"PARAFUSO DE FERRO POLIDO, SEXTAVADO, COM ROSCA INTEIRA, DIAMETRO 5/16\", COMPRIMENTO 3/4\", COM PORCA E ARRUELA LISA LEVE","UN    ",0.46]
[4346,"PARAFUSO DE FERRO POLIDO, SEXTAVADO, COM ROSCA PARCIAL, DIAMETRO 5/8\", COMPRIMENTO 6\", COM PORCA E ARRUELA DE PRESSAO MEDIA","UN    ",10.54]
[11955,"PARAFUSO DE LATAO COM ACABAMENTO CROMADO PARA FIXAR PECA SANITARIA, INCLUI PORCA CEGA, ARRUELA E BUCHA DE NYLON TAMANHO S-10","UN    ",4.6100000000000003]
[11960,"PARAFUSO DE LATAO COM ROSCA SOBERBA, CABECA CHATA E FENDA SIMPLES, DIAMETRO 2,5 MM, COMPRIMENTO 12 MM","UN    ",0.15]
[4333,"PARAFUSO DE LATAO COM ROSCA SOBERBA, CABECA CHATA E FENDA SIMPLES, DIAMETRO 3,2 MM, COMPRIMENTO 16 MM","UN    ",0.27]
[4358,"PARAFUSO DE LATAO COM ROSCA SOBERBA, CABECA CHATA E FENDA SIMPLES, DIAMETRO 4,8 MM, COMPRIMENTO 65 MM","UN    ",2.11]
[39435,"PARAFUSO DRY WALL, EM ACO FOSFATIZADO, CABECA TROMBETA E PONTA AGULHA (TA), COMPRIMENTO 25 MM","UN    ",0.1]
[39436,"PARAFUSO DRY WALL, EM ACO FOSFATIZADO, CABECA TROMBETA E PONTA AGULHA (TA), COMPRIMENTO 35 MM","UN    ",0.18]
[39437,"PARAFUSO DRY WALL, EM ACO FOSFATIZADO, CABECA TROMBETA E PONTA AGULHA (TA), COMPRIMENTO 45 MM","UN    ",0.24]
[39439,"PARAFUSO DRY WALL, EM ACO FOSFATIZADO, CABECA TROMBETA E PONTA BROCA (TB), COMPRIMENTO 25 MM","UN    ",0.16]
[39440,"PARAFUSO DRY WALL, EM ACO FOSFATIZADO, CABECA TROMBETA E PONTA BROCA (TB), COMPRIMENTO 35 MM","UN    ",0.21]
[39441,"PARAFUSO DRY WALL, EM ACO FOSFATIZADO, CABECA TROMBETA E PONTA BROCA (TB), COMPRIMENTO 45 MM","UN    ",0.26]
[39442,"PARAFUSO DRY WALL, EM ACO ZINCADO, CABECA LENTILHA E PONTA AGULHA (LA), LARGURA 4,2 MM, COMPRIMENTO 13 MM","UN    ",0.19]
[39443,"PARAFUSO DRY WALL, EM ACO ZINCADO, CABECA LENTILHA E PONTA BROCA (LB), LARGURA 4,2 MM, COMPRIMENTO 13 MM","UN    ",0.25]
[4329,"PARAFUSO EM ACO GALVANIZADO, TIPO MAQUINA, SEXTAVADO, SEM PORCA, DIAMETRO 1/2\", COMPRIMENTO 2\"","UN    ",2.25]
[4383,"PARAFUSO FRANCES METRICO ZINCADO, DIAMETRO 12 MM, COMPRIMENTO 140MM, COM PORCA SEXTAVADA E ARRUELA DE PRESSAO MEDIA","UN    ",20.34]
[4344,"PARAFUSO FRANCES METRICO ZINCADO, DIAMETRO 12 MM, COMPRIMENTO 150 MM, COM PORCA SEXTAVADA E ARRUELA DE PRESSAO MEDIA","UN    ",21.32]
[436,"PARAFUSO FRANCES M16 EM ACO GALVANIZADO, COMPRIMENTO = 150 MM, DIAMETRO = 16 MM, CABECA ABAULADA","UN    ",6.7]
[442,"PARAFUSO FRANCES M16 EM ACO GALVANIZADO, COMPRIMENTO = 45 MM, DIAMETRO = 16 MM, CABECA ABAULADA","UN    ",3.96]
[11953,"PARAFUSO FRANCES ZINCADO, DIAMETRO 1/2'', COMPRIMENTO 2'', COM PORCA E ARRUELA","UN    ",3.38]
[4335,"PARAFUSO FRANCES ZINCADO, DIAMETRO 1/2\", COMPRIMENTO 12\", COM PORCA E ARRUELA LISA MEDIA","UN    ",14.32]
[4334,"PARAFUSO FRANCES ZINCADO, DIAMETRO 1/2\", COMPRIMENTO 15\", COM PORCA E ARRUELA LISA MEDIA","UN    ",19.64]
[4343,"PARAFUSO FRANCES ZINCADO, DIAMETRO 1/2\", COMPRIMENTO 4\", COM PORCA E ARRUELA","UN    ",4.83]
[430,"PARAFUSO M16 EM ACO GALVANIZADO, COMPRIMENTO = 125 MM, DIAMETRO = 16 MM, ROSCA MAQUINA, CABECA QUADRADA","UN    ",5.99]
[441,"PARAFUSO M16 EM ACO GALVANIZADO, COMPRIMENTO = 150 MM, DIAMETRO = 16 MM, ROSCA MAQUINA, CABECA QUADRADA","UN    ",6.6]
[431,"PARAFUSO M16 EM ACO GALVANIZADO, COMPRIMENTO = 200 MM, DIAMETRO = 16 MM, ROSCA MAQUINA, CABECA QUADRADA","UN    ",7.96]
[432,"PARAFUSO M16 EM ACO GALVANIZADO, COMPRIMENTO = 250 MM, DIAMETRO = 16 MM, ROSCA MAQUINA, CABECA QUADRADA","UN    ",8.7899999999999991]
[429,"PARAFUSO M16 EM ACO GALVANIZADO, COMPRIMENTO = 300 MM, DIAMETRO = 16 MM, ROSCA DUPLA","UN    ",11.85]
[439,"PARAFUSO M16 EM ACO GALVANIZADO, COMPRIMENTO = 300 MM, DIAMETRO = 16 MM, ROSCA MAQUINA, CABECA QUADRADA","UN    ",10.1]
[433,"PARAFUSO M16 EM ACO GALVANIZADO, COMPRIMENTO = 350 MM, DIAMETRO = 16 MM, ROSCA MAQUINA, CABECA QUADRADA","UN    ",11.79]
[437,"PARAFUSO M16 EM ACO GALVANIZADO, COMPRIMENTO = 400 MM, DIAMETRO = 16 MM, ROSCA DUPLA","UN    ",15.66]
[11790,"PARAFUSO M16 EM ACO GALVANIZADO, COMPRIMENTO = 450 MM, DIAMETRO = 16 MM, ROSCA MAQUINA, CABECA QUADRADA","UN    ",17.77]
[428,"PARAFUSO M16 EM ACO GALVANIZADO, COMPRIMENTO = 500 MM, DIAMETRO = 16 MM, ROSCA MAQUINA, COM CABECA SEXTAVADA E PORCA","UN    ",19.32]
[4384,"PARAFUSO NIQUELADO COM ACABAMENTO CROMADO PARA FIXAR PECA SANITARIA, INCLUI PORCA CEGA, ARRUELA E BUCHA DE NYLON TAMANHO S-10","UN    ",23.38]
[4351,"PARAFUSO NIQUELADO 3 1/2\" COM ACABAMENTO CROMADO PARA FIXAR PECA SANITARIA, INCLUI PORCA CEGA, ARRUELA E BUCHA DE NYLON TAMANHO S-8","UN    ",17.329999999999998]
[11054,"PARAFUSO ROSCA SOBERBA ZINCADO CABECA CHATA FENDA SIMPLES 3,2 X 20 MM (3/4 \")","UN    ",0.04]
[11055,"PARAFUSO ROSCA SOBERBA ZINCADO CABECA CHATA FENDA SIMPLES 3,5 X 25 MM (1 \")","UN    ",7.0000000000000007E-2]
[11056,"PARAFUSO ROSCA SOBERBA ZINCADO CABECA CHATA FENDA SIMPLES 3,8 X 30 MM (1.1/4 \")","UN    ",0.08]
[11057,"PARAFUSO ROSCA SOBERBA ZINCADO CABECA CHATA FENDA SIMPLES 4,8 X 40 MM (1.1/2 \")","UN    ",0.16]
[11059,"PARAFUSO ROSCA SOBERBA ZINCADO CABECA CHATA FENDA SIMPLES 5,5 X 50 MM (2 \")","UN    ",0.31]
[11058,"PARAFUSO ROSCA SOBERBA ZINCADO CABECA CHATA FENDA SIMPLES 5,5 X 65 MM (2.1/2 \")","UN    ",0.4]
[4380,"PARAFUSO ZINCADO ROSCA SOBERBA 5/16 \" X 120 MM PARA TELHA FIBROCIMENTO","UN    ",1.35]
[4299,"PARAFUSO ZINCADO ROSCA SOBERBA, CABECA SEXTAVADA, 5/16 \" X 110 MM, PARA FIXACAO DE TELHA EM MADEIRA","UN    ",1.27]
[4304,"PARAFUSO ZINCADO ROSCA SOBERBA, CABECA SEXTAVADA, 5/16 \" X 150 MM, PARA FIXACAO DE TELHA EM MADEIRA","UN    ",1.73]
[4305,"PARAFUSO ZINCADO ROSCA SOBERBA, CABECA SEXTAVADA, 5/16 \" X 180 MM, PARA FIXACAO DE TELHA EM MADEIRA","UN    ",2.0099999999999998]
[4306,"PARAFUSO ZINCADO ROSCA SOBERBA, CABECA SEXTAVADA, 5/16 \" X 200 MM, PARA FIXACAO DE TELHA EM MADEIRA","UN    ",2.33]
[4308,"PARAFUSO ZINCADO ROSCA SOBERBA, CABECA SEXTAVADA, 5/16 \" X 230 MM, PARA FIXACAO DE TELHA EM MADEIRA","UN    ",4.83]
[4302,"PARAFUSO ZINCADO ROSCA SOBERBA, CABECA SEXTAVADA, 5/16 \" X 250 MM, PARA FIXACAO DE TELHA EM MADEIRA","UN    ",3.62]
[4300,"PARAFUSO ZINCADO ROSCA SOBERBA, CABECA SEXTAVADA, 5/16 \" X 50 MM, PARA FIXACAO DE TELHA EM MADEIRA","UN    ",0.86]
[4301,"PARAFUSO ZINCADO ROSCA SOBERBA, CABECA SEXTAVADA, 5/16 \" X 85 MM, PARA FIXACAO DE TELHA EM MADEIRA","UN    ",1.05]
[4320,"PARAFUSO ZINCADO 5/16 \" X 250 MM PARA FIXACAO DE TELHA DE FIBROCIMENTO CANALETE 49, INCLUI BUCHA NYLON S-10","UN    ",3.2]
[4318,"PARAFUSO ZINCADO 5/16 \" X 85 MM PARA FIXACAO DE TELHA DE FIBROCIMENTO CANALETE 90, INCLUI BUCHA NYLON S-10","UN    ",1.56]
[40547,"PARAFUSO ZINCADO, AUTOBROCANTE, FLANGEADO, 4,2 MM X 19 MM","CENTO ",28.4]
[11962,"PARAFUSO ZINCADO, SEXTAVADO, COM ROSCA INTEIRA, DIAMETRO 1/4\", COMPRIMENTO 1/2\"","UN    ",0.23]
[4332,"PARAFUSO ZINCADO, SEXTAVADO, COM ROSCA INTEIRA, DIAMETRO 3/8\", COMPRIMENTO 2\"","UN    ",1.1299999999999999]
[4331,"PARAFUSO ZINCADO, SEXTAVADO, COM ROSCA INTEIRA, DIAMETRO 5/8\", COMPRIMENTO 2 1/4\"","UN    ",4.26]
[4336,"PARAFUSO ZINCADO, SEXTAVADO, COM ROSCA INTEIRA, DIAMETRO 5/8\", COMPRIMENTO 3\", COM PORCA E ARRUELA DE PRESSAO MEDIA","UN    ",5.45]
[13294,"PARAFUSO ZINCADO, SEXTAVADO, COM ROSCA SOBERBA, DIAMETRO 3/8\", COMPRIMENTO 80 MM","UN    ",1.56]
[11948,"PARAFUSO ZINCADO, SEXTAVADO, COM ROSCA SOBERBA, DIAMETRO 5/16\", COMPRIMENTO 40 MM","UN    ",0.7]
[4382,"PARAFUSO ZINCADO, SEXTAVADO, COM ROSCA SOBERBA, DIAMETRO 5/16\", COMPRIMENTO 80 MM","UN    ",1.17]
[4354,"PARAFUSO ZINCADO, SEXTAVADO, GRAU 5, ROSCA INTEIRA, DIAMETRO 1 1/2\", COMPRIMENTO 4\"","UN    ",48.91]
[40839,"PARAFUSO, ASTM A307 - GRAU A, SEXTAVADO, ZINCADO, DIAMETRO 3/8\" (9,52 MM), COMPRIMENTO 1 \" (25,4 MM)","CENTO ",117.69]
[40552,"PARAFUSO, AUTO ATARRACHANTE, CABECA CHATA, FENDA SIMPLES, 1/4\u0094 (6,35 MM) X 25 MM","CENTO ",48.7]
[40549,"PARAFUSO, COMUM, ASTM A307, SEXTAVADO, DIAMETRO 1/2\" (12,7 MM), COMPRIMENTO 1\" (25,4 MM)","CENTO ",192.77]
[4385,"PARALELEPIPEDO GRANITICO OU BASALTICO, PARA PAVIMENTACAO, SEM FRETE (VARIACAO REGIONAL DE PECAS POR M2)","MIL   ",3012.52]
[20078,"PASTA LUBRIFICANTE PARA TUBOS E CONEXOES COM JUNTA ELASTICA (USO EM PVC, ACO, POLIETILENO E OUTROS) ( DE *400* G)","UN    ",21.5]
[20079,"PASTA LUBRIFICANTE PARA TUBOS E CONEXOES COM JUNTA ELASTICA (USO EM PVC, ACO, POLIETILENO E OUTROS) (POTE DE 3.500* G)","UN    ",134.08000000000001]
[39897,"PASTA PARA SOLDA DE TUBOS E CONEXOES DE COBRE (EMBALAGEM COM 250 G)","UN    ",38.090000000000003]
[118,"PASTA VEDA JUNTAS/ROSCA, LATA DE *500* G, PARA INSTALACOES DE GAS E OUTROS","UN    ",81.27]
[4396,"PASTILHA CERAMICA/PORCELANA, REVEST INT/EXT E  PISCINA, CORES BRANCA OU FRIAS, *2,5 X 2,5* CM","M2    ",198.1]
[36881,"PASTILHA CERAMICA/PORCELANA, REVEST INT/EXT E  PISCINA, CORES FRIAS *5 X 5* CM","M2    ",177.02]
[36882,"PASTILHA CERAMICA/PORCELANA, REVEST INT/EXT E  PISCINA, CORES QUENTES *5 X 5* CM","M2    ",206.52]
[4397,"PASTILHA CERAMICA/PORCELANA, REVEST INT/EXT E  PISCINA, CORES QUENTES, *2,5 X 2,5* CM","M2    ",321.24]
[4751,"PASTILHEIRO","H     ",20.010000000000002]
[41066,"PASTILHEIRO (MENSALISTA)","MES   ",3556.15]
[39604,"PATCH CORD, CATEGORIA 5 E, EXTENSAO DE 1,50 M","UN    ",10.55]
[39605,"PATCH CORD, CATEGORIA 5 E, EXTENSAO DE 2,50 M","UN    ",14.64]
[39606,"PATCH CORD, CATEGORIA 6, EXTENSAO DE 1,50 M","UN    ",18.59]
[39607,"PATCH CORD, CATEGORIA 6, EXTENSAO DE 2,50 M","UN    ",21.33]
[39594,"PATCH PANEL, 24 PORTAS, CATEGORIA 5E, COM RACKS DE 19\" E 1 U DE ALTURA","UN    ",201.94]
[39596,"PATCH PANEL, 24 PORTAS, CATEGORIA 6, COM RACKS DE 19\" E 1 U DE ALTURA","UN    ",351.97]
[39595,"PATCH PANEL, 48 PORTAS, CATEGORIA 5E, COM RACKS DE 19\" E 2 U DE ALTURA","UN    ",295.45]
[39597,"PATCH PANEL, 48 PORTAS, CATEGORIA 6, COM RACKS DE 19\" E 2 U DE ALTURA","UN    ",474.65]
[10731,"PEDRA ARDOSIA, CINZA, *40 X 40* CM, E= *1 CM","M2    ",16.899999999999999]
[4704,"PEDRA ARDOSIA, CINZA, 20  X  40 CM,  E=  *1 CM","M2    ",15.25]
[10730,"PEDRA ARDOSIA, CINZA, 30  X  30,  E= *1 CM","M2    ",16.34]
[4729,"PEDRA BRITADA GRADUADA, CLASSIFICADA (POSTO PEDREIRA/FORNECEDOR, SEM FRETE)","M3    ",81.33]
[4720,"PEDRA BRITADA N. 0, OU PEDRISCO (4,8 A 9,5 MM) POSTO PEDREIRA/FORNECEDOR, SEM FRETE","M3    ",93.2]
[4721,"PEDRA BRITADA N. 1 (9,5 a 19 MM) POSTO PEDREIRA/FORNECEDOR, SEM FRETE","M3    ",80.72]
[4718,"PEDRA BRITADA N. 2 (19 A 38 MM) POSTO PEDREIRA/FORNECEDOR, SEM FRETE","M3    ",81.150000000000006]
[4722,"PEDRA BRITADA N. 3 (38 A 50 MM) POSTO PEDREIRA/FORNECEDOR, SEM FRETE","M3    ",76.25]
[4723,"PEDRA BRITADA N. 4 (50 A 76 MM) POSTO PEDREIRA/FORNECEDOR, SEM FRETE","M3    ",75.59]
[4727,"PEDRA BRITADA N. 5 (76 A 100 MM) POSTO PEDREIRA/FORNECEDOR, SEM FRETE","M3    ",69.19]
[4748,"PEDRA BRITADA OU BICA CORRIDA, NAO CLASSIFICADA (POSTO PEDREIRA/FORNECEDOR, SEM FRETE)","M3    ",74.56]
[4730,"PEDRA DE MAO OU PEDRA RACHAO PARA ARRIMO/FUNDACAO (POSTO PEDREIRA/FORNECEDOR, SEM FRETE)","M3    ",75.87]
[13186,"PEDRA GRANITICA OU BASALTICA IRREGULAR, FAIXA GRANULOMETRICA 100 A 150 MM PARA PAVIMENTACAO OU CALCAMENTO POLIEDRICO, POSTO PEDREIRA / FORNECEDOR (SEM FRETE)","M3    ",59.77]
[10737,"PEDRA GRANITICA OU BASALTO, CACO, RETALHO, CAVACO, TIPO MIRACEMA, MADEIRA, PADUANA, RACHINHA, SANTA ISABEL OU OUTRAS SIMILARES, E=  *1,0 A *2,0 CM","M2    ",53.11]
[10734,"PEDRA GRANITICA, SERRADA, TIPO MIRACEMA, MADEIRA, PADUANA, RACHINHA, SANTA ISABEL OU OUTRAS SIMILARES, *11,5 X  *23 CM, E=  *1,0 A *2,0 CM","M2    ",31.59]
[4708,"PEDRA PORTUGUESA  OU PETIT PAVE, BRANCA OU PRETA","M2    ",61.28]
[4712,"PEDRA QUARTZITO OU CALCARIO LAMINADO, CACO, TIPO CARIRI, ITACOLOMI, LAGOA SANTA, LUMINARIA, PIRENOPOLIS, SAO TOME OU OUTRAS SIMILARES DA REGIAO, E=  *1,5 A *2,5 CM","M2    ",29.95]
[4710,"PEDRA QUARTZITO OU CALCARIO LAMINADO, SERRADA, TIPO CARIRI, ITACOLOMI, LAGOA SANTA, LUMINARIA, PIRENOPOLIS, SAO TOME OU OUTRAS SIMILARES DA REGIAO, *20 X *40 CM, E=  *1,5 A *2,5 CM","M2    ",96.07]
[4746,"PEDREGULHO OU PICARRA DE JAZIDA, AO NATURAL, PARA BASE DE PAVIMENTACAO (RETIRADO NA JAZIDA, SEM TRANSPORTE)","M3    ",56.67]
[4750,"PEDREIRO","H     ",17.87]
[41065,"PEDREIRO (MENSALISTA)","MES   ",3172.04]
[34747,"PEITORIL EM MARMORE, POLIDO, BRANCO COMUM, L= *15* CM, E=  *2,0* CM, COM PINGADEIRA","M     ",43.68]
[4826,"PEITORIL EM MARMORE, POLIDO, BRANCO COMUM, L= *15* CM, E=  *3* CM, CORTE RETO","M     ",46.97]
[41975,"PEITORIL PRE-MOLDADO EM GRANILITE, MARMORITE OU GRANITINA, L = *15* CM","M2    ",72.17]
[4825,"PEITORIL/ SOLEIRA EM MARMORE, POLIDO, BRANCO COMUM, L= *25* CM, E=  *3* CM, CORTE RETO","M     ",65.02]
[34744,"PELICULA REFLETIVA, GT 7 ANOS PARA SINALIZACAO VERTICAL","M2    ",31.15]
[39430,"PENDURAL OU PRESILHA REGULADORA, EM ACO GALVANIZADO, COM CORPO, MOLA E REBITE, PARA PERFIL TIPO CANALETA DE ESTRUTURA EM FORROS DRYWALL","UN    ",1.86]
[39573,"PENDURAL OU REGULADOR, COM MOLA, EM ACO GALVANIZADO, PARA PERFIL TIPO T CLICADO DE FORROS REMOVIVEL","UN    ",1.83]
[38410,"PENEIRA ROTATIVA COM MOTOR ELETRICO TRIFASICO DE 2 CV, CILINDRO DE 1 M X 0,60 M, COM FUROS DE 3,17 MM","UN    ",13498.49]
[41596,"PERFIL \"H\" DE ACO LAMINADO, \"HP\" 250 X 62,0","KG    ",10.52]
[41598,"PERFIL \"H\" DE ACO LAMINADO, \"HP\" 310 X 79,0","KG    ",10.52]
[41594,"PERFIL \"H\" DE ACO LAMINADO, \"W\" 200 X 35,9","KG    ",10.69]
[43663,"PERFIL \"I\" DE ACO LAMINADO, ABAS INCLINADAS, \"I\" 102 X 12,7","KG    ",8.81]
[4766,"PERFIL \"I\" DE ACO LAMINADO, ABAS INCLINADAS, \"I\" 152 X 22","KG    ",8.2899999999999991]
[43664,"PERFIL \"I\" DE ACO LAMINADO, ABAS INCLINADAS, \"I\" 203 X 34,3","KG    ",8.85]
[43082,"PERFIL \"I\" DE ACO LAMINADO, ABAS PARALELAS, \"W\", QUALQUER BITOLA","KG    ",9.65]
[43665,"PERFIL \"U\" DE ACO LAMINADO, \"U\" 102 X 9,3","KG    ",8.2899999999999991]
[10966,"PERFIL \"U\" DE ACO LAMINADO, \"U\" 152 X 15,6","KG    ",8.81]
[43692,"PERFIL \"U\" EM CHAPA ACO DOBRADA, E = 3,04 MM, H = 20 CM, ABAS = 5 CM (4,47 KG/M)","KG    ",8.81]
[43083,"PERFIL \"U\" ENRIJECIDO DE ACO GALVANIZADO, DOBRADO, 150 X 60 X 20 MM, E = 3,00 MM OU 200 X 75 X 25 MM, E = 3,75 MM","KG    ",8.36]
[40535,"PERFIL \"U\" SIMPLES DE ACO GALVANIZADO DOBRADO 75 X *40* MM, E = 2,65 MM","KG    ",8.36]
[39427,"PERFIL CANALETA, FORMATO C, EM ACO ZINCADO, PARA ESTRUTURA FORRO DRYWALL, E = 0,5 MM, *46 X 18* (L X H), COMPRIMENTO 3 M","M     ",4.95]
[39424,"PERFIL CANTONEIRA L, LISA, EM ACO, 25 X 30 MM, E = 0,5 MM, PARA ESTRUTURA DRYWALL","M     ",2.94]
[39425,"PERFIL CANTONEIRA L, PERFURADA, EM ACO, 23 X 23 MM, E = 0,5 MM, PARA ESTRUTURA DRYWALL","M     ",2.9]
[40664,"PERFIL CARTOLA DE ACO GALVANIZADO, *20 X 30 X 10* MM, E =  0,8 MM","KG    ",17.149999999999999]
[34360,"PERFIL DE ALUMINIO ANODIZADO","KG    ",57.14]
[20259,"PERFIL DE BORRACHA EPDM MACICO *12 X 15* MM PARA ESQUADRIAS","M     ",7.9]
[14077,"PERFIL ELASTOMERICO PRE-FORMADO EM EPMD, PARA JUNTA DE DILATACAO DE PISOS COM POUCA SOLICITACAO, 15 MM DE LARGURA, MOVIMENTACAO DE *11 A 19* MM","M     ",120.91]
[3678,"PERFIL ELASTOMERICO PRE-FORMADO EM EPMD, PARA JUNTA DE DILATACAO DE USO GERAL EM MEDIAS SOLICITACOES, 8 MM DE LARGURA, MOVIMENTACAO DE *5 A 11* MM","M     ",54.65]
[39418,"PERFIL GUIA, FORMATO U, EM ACO ZINCADO, PARA ESTRUTURA PAREDE DRYWALL, E = 0,5 MM, 48  X 3000 MM (L X C)","M     ",5.52]
[39419,"PERFIL GUIA, FORMATO U, EM ACO ZINCADO, PARA ESTRUTURA PAREDE DRYWALL, E = 0,5 MM, 70 X 3000 MM (L X C)","M     ",6.72]
[39420,"PERFIL GUIA, FORMATO U, EM ACO ZINCADO, PARA ESTRUTURA PAREDE DRYWALL, E = 0,5 MM, 90 X 3000 MM (L X C)","M     ",7.42]
[39571,"PERFIL LONGARINA (PRINCIPAL), T CLICADO, EM ACO, BRANCO, PARA FORRO REMOVIVEL, 24 X 3750 MM (L X C)","M     ",4.4800000000000004]
[39421,"PERFIL MONTANTE, FORMATO C, EM ACO ZINCADO, PARA ESTRUTURA PAREDE DRYWALL, E = 0,5 MM, 48 X 3000 MM (L X C)","M     ",6.53]
[39422,"PERFIL MONTANTE, FORMATO C, EM ACO ZINCADO, PARA ESTRUTURA PAREDE DRYWALL, E = 0,5 MM, 70 X 3000 MM (L X C)","M     ",7.63]
[39423,"PERFIL MONTANTE, FORMATO C, EM ACO ZINCADO, PARA ESTRUTURA PAREDE DRYWALL, E = 0,5 MM, 90 X 3000 MM (L X C)","M     ",8.86]
[39426,"PERFIL RODAPE DE IMPERMEABILIZACAO, FORMATO L, EM ACO ZINCADO, PARA ESTRUTURA DRYWALL, E = 0,5 MM, 220 X 3000 MM (H X C)","M     ",19.91]
[39429,"PERFIL TABICA ABERTA, PERFURADA, FORMATO Z, EM ACO GALVANIZADO NATURAL, LARGURA APROXIMADA 40 MM, PARA ESTRUTURA FORRO DRYWALL","M     ",6.28]
[39428,"PERFIL TABICA FECHADA, LISA, FORMATO Z, EM ACO GALVANIZADO NATURAL, LARGURA TOTAL NA HORIZONTAL *40* MM, PARA ESTRUTURA FORRO DRYWALL","M     ",4.8]
[39572,"PERFIL TIPO CANTONEIRA EM L, EM ACO GALVANIZADO, BRANCO, PARA FORRO REMOVIVEL, *23* X 3000 MM (L X C)","M     ",4.1500000000000004]
[39570,"PERFIL TRAVESSA (SECUNDARIO), T CLICADO, EM ACO GALVANIZADO , BRANCO, PARA FORRO REMOVIVEL, 24 X 1250 MM (L X C)","M     ",4.41]
[39569,"PERFIL TRAVESSA (SECUNDARIO), T CLICADO, EM ACO GALVANIZADO, BRANCO, PARA FORRO REMOVIVEL, 24 X 625 MM (L X C)","M     ",4.3499999999999996]
[11552,"PERFIL U DE ABAS IGUAIS, EM ALUMINIO, 1/2\" (1,27 X 1,27 CM), PARA PORTA OU JANELA DE CORRER","M     ",6.44]
[40598,"PERFIL UDC (\"U\" DOBRADO DE CHAPA) SIMPLES DE ACO LAMINADO, GALVANIZADO, ASTM A36, 127 X 50 MM, E= 3 MM","KG    ",8.15]
[39029,"PERFILADO PERFURADO DUPLO 38 X 76 MM, CHAPA 22","M     ",14.06]
[39028,"PERFILADO PERFURADO SIMPLES 38 X 38 MM, CHAPA 22","M     ",8.18]
[39328,"PERFILADO PERFURADO 19 X 38 MM, CHAPA 22","M     ",4.5]
[38541,"PERFURATRIZ COM TORRE METALICA PARA EXECUCAO DE ESTACA HELICE CONTINUA, PROFUNDIDADE MAXIMA DE 30 M, DIAMETRO MAXIMO DE 800 MM, POTENCIA INSTALADA DE 268 HP, MESA ROTATIVA COM TORQUE MAXIMO DE 170 KNM","UN    ",2699342.08]
[38542,"PERFURATRIZ COM TORRE METALICA PARA EXECUCAO DE ESTACA HELICE CONTINUA, PROFUNDIDADE MAXIMA DE 32 M, DIAMETRO MAXIMO DE 1000 MM, POTENCIA INSTALADA DE 350 HP, MESA ROTATIVA COM TORQUE MAXIMO DE 263 KNM","UN    ",4197368.3899999997]
[38543,"PERFURATRIZ HIDRAULICA COM TRADO CURTO ACOPLADO, PROFUNDIDADE MAXIMA DE 20 M, DIAMETRO MAXIMO DE 1500 MM, POTENCIA INSTALADA DE 137 HP, MESA ROTATIVA COM TORQUE MAXIMO DE 30 KNM (INCLUI MONTAGEM, NAO INCLUI CAMINHAO)","UN    ",1027631.6]
[40406,"PERFURATRIZ MANUAL, TORQUE MAXIMO 55 KGF.M, POTENCIA 5 CV, COM DIAMETRO MAXIMO 8 1/2\" (INCLUI SUPORTE/CHASSI TIPO MESA)","UN    ",38519.81]
[40789,"PERFURATRIZ MANUAL, TORQUE MAXIMO 83 N.M, POTENCIA 5 CV, COM DIAMETRO MAXIMO 4\" (NAO INCLUI SUPORTE / CHASSI)","UN    ",5551.1]
[40791,"PERFURATRIZ MANUAL, TORQUE MAXIMO 83 N.M, POTENCIA 5 CV, COM DIAMETRO MAXIMO 4\", PARA SOLO GRAMPEADO (INCLUI SUPORTE OU CHASSI TIPO MESA)","UN    ",17377.36]
[11651,"PERFURATRIZ PNEUMATICA MANUAL DE PESO MEDIO, 18KG, COMPRIMENTO DE CURSO DE 6 M, DIAMETRO DO PISTAO DE 5,5 CM","UN    ",9503.92]
[42002,"PERFURATRIZ ROTATIVA SOBRE ESTEIRA, TORQUE MAXIMO 2500 KGM, POTENCIA 110 HP, MOTOR DIESEL  (COLETADO CAIXA)","UN    ",880141.13]
[40435,"PERFURATRIZ SOBRE ESTEIRA, TORQUE MAXIMO DE 600 KGF, POTENCIA ENTRE 50 E 60 HP, DIAMETRO MAXIMO DE 10\"","UN    ",563750]
[39012,"PERFURATRIZ SOBRE ESTEIRA, TORQUE MAXIMO 600 KGF, PESO MEDIO 1000 KG, POTENCIA 20 HP, DIAMETRO MAXIMO 10\"","UN    ",588195.18999999994]
[13617,"PICAPE CABINE SIMPLES COM MOTOR 1.6 FLEX, CAMBIO MANUAL, POTENCIA 101/104 CV, 2 PORTAS","UN    ",57862.27]
[35274,"PILAR QUADRADO NAO APARELHADO *10 X 10* CM, EM MACARANDUBA, ANGELIM OU EQUIVALENTE DA REGIAO - BRUTA","M     ",63.94]
[35275,"PILAR QUADRADO NAO APARELHADO *15 X 15* CM, EM MACARANDUBA, ANGELIM OU EQUIVALENTE DA REGIAO - BRUTA","M     ",135.72]
[35276,"PILAR QUADRADO NAO APARELHADO *20 X 20* CM, EM MACARANDUBA, ANGELIM OU EQUIVALENTE DA REGIAO - BRUTA","M     ",236.14]
[38386,"PINCEL CHATO (TRINCHA) CERDAS GRIS 1.1/2 \" (38 MM)","UN    ",4.37]
[11091,"PINGADEIRA PLASTICA PARA TELHA DE FIBROCIMENTO CANALETE 49/KALHETA OU CANALETE 90/KALHETAO","UN    ",1.55]
[37586,"PINO DE ACO COM ARRUELA CONICA, DIAMETRO ARRUELA = *23* MM E COMP HASTE = *27* MM (ACAO INDIRETA)","CENTO ",58.38]
[37395,"PINO DE ACO COM FURO, HASTE = 27 MM (ACAO DIRETA)","CENTO ",50.2]
[14147,"PINO DE ACO COM ROSCA 1/4 \", COMPRIMENTO DA HASTE = 30 MM E ROSCA = 20 MM (ACAO DIRETA)","CENTO ",66.59]
[37396,"PINO DE ACO LISO 1/4 \", HASTE = *36,5* MM (ACAO DIRETA)","CENTO ",41.07]
[37397,"PINO DE ACO LISO 1/4 \", HASTE = *53* MM (ACAO DIRETA)","CENTO ",43.03]
[43606,"PINO GUIA RETO, EM LATAO, CHAPA COM 3 MM DE ESPESSURA E GUIA COM ROLETE DE 9 MM","UN    ",7.72]
[444,"PINO ROSCA EXTERNA, EM ACO GALVANIZADO, PARA ISOLADOR DE 15KV, DIAMETRO 25 MM, COMPRIMENTO *290* MM","UN    ",20.9]
[445,"PINO ROSCA EXTERNA, EM ACO GALVANIZADO, PARA ISOLADOR DE 25KV, DIAMETRO 35MM, COMPRIMENTO *320* MM","UN    ",28.61]
[4783,"PINTOR","H     ",17.87]
[41079,"PINTOR (MENSALISTA)","MES   ",3172.04]
[12874,"PINTOR DE LETREIROS","H     ",17.87]
[41082,"PINTOR DE LETREIROS (MENSALISTA)","MES   ",3172.04]
[4785,"PINTOR PARA TINTA EPOXI","H     ",19.2]
[41081,"PINTOR PARA TINTA EPOXI (MENSALISTA)","MES   ",3411.86]
[4801,"PISO DE BORRACHA CANELADO EM PLACAS 50 X 50 CM, E = *3,5* MM, PARA COLA","M2    ",58.86]
[4794,"PISO DE BORRACHA ESPORTIVO EM PLACAS 50 X 50 CM, E = 15 MM, PARA ARGAMASSA, PRETO","M2    ",268.10000000000002]
[4796,"PISO DE BORRACHA FRISADO OU PASTILHADO, PRETO, EM PLACAS 50 X 50 CM, E = 7 MM, PARA ARGAMASSA","M2    ",162.84]
[4800,"PISO DE BORRACHA PASTILHADO EM PLACAS 50 X 50 CM, E = *3,5* MM, PARA COLA, PRETO","M2    ",44.78]
[4795,"PISO DE BORRACHA PASTILHADO EM PLACAS 50 X 50 CM, E = 15 MM, PARA ARGAMASSA, PRETO","M2    ",260.98]
[39694,"PISO ELEVADO COM 2 PLACAS DE ACO COM ENCHIMENTO DE CONCRETO CELULAR, INCLUSO BASE/HASTE/CRUZETAS, 60 X 60 CM, H = *28* CM, RESISTENCIA CARGA CONCENTRADA 496 KG (COM COLOCACAO)","M2    ",379.31]
[1292,"PISO EM CERAMICA ESMALTADA EXTRA, PEI MAIOR OU IGUAL A 4, FORMATO MAIOR QUE 2025 CM2","M2    ",55.73]
[1287,"PISO EM CERAMICA ESMALTADA EXTRA, PEI MAIOR OU IGUAL A 4, FORMATO MENOR OU IGUAL A 2025 CM2","M2    ",27.34]
[1297,"PISO EM CERAMICA ESMALTADA, COMERCIAL (PADRAO POPULAR), PEI MAIOR OU IGUAL A 3, FORMATO MENOR OU IGUAL A  2025 CM2","M2    ",22.68]
[4786,"PISO EM GRANILITE, MARMORITE OU GRANITINA, AGREGADO COR PRETO, CINZA, PALHA OU BRANCO, E=  *8* MM (INCLUSO EXECUCAO)","M2    ",83]
[10840,"PISO EM GRANITO, POLIDO, TIPO AMENDOA/ AMARELO CAPRI/ AMARELO DOURADO CARIOCA OU OUTROS EQUIVALENTES DA REGIAO, FORMATO MENOR OU IGUAL A 3025 CM2, E=  *2* CM","M2    ",280]
[10841,"PISO EM GRANITO, POLIDO, TIPO ANDORINHA/ QUARTZ/ CASTELO/ CORUMBA OU OUTROS EQUIVALENTES DA REGIAO, FORMATO MENOR OU IGUAL A 3025 CM2, E=  *2* CM","M2    ",211.32]
[25980,"PISO EM GRANITO, POLIDO, TIPO MARFIM, DALLAS, CARAVELAS OU OUTROS EQUIVALENTES DA REGIAO, FORMATO MENOR OU IGUAL A 3025 CM2, E=  *2* CM","M2    ",270.02]
[10842,"PISO EM GRANITO, POLIDO, TIPO PRETO SAO GABRIEL/ TIJUCA OU OUTROS EQUIVALENTES DA REGIAO, FORMATO MENOR OU IGUAL A 3025 CM2, E=  *2* CM","M2    ",305.24]
[21108,"PISO EM PORCELANATO RETIFICADO EXTRA, FORMATO MENOR OU IGUAL A 2025 CM2","M2    ",74.28]
[38180,"PISO EM REGUA VINILICA SEMIFLEXIVEL, ENCAIXE CLICADO, E = 4 MM (SEM COLOCACAO)","M2    ",131.1]
[40648,"PISO EPOXI AUTONIVELANTE, ESPESSURA *4* MM (INCLUSO EXECUCAO)","M2    ",159.36000000000001]
[40649,"PISO EPOXI MULTILAYER, ESPESSURA *2* MM (INCLUSO EXECUCAO)","M2    ",92.82]
[40650,"PISO FULGET (GRANITO LAVADO) EM PLACAS DE *40 X 40* CM (SEM COLOCACAO)","M2    ",119.52]
[40651,"PISO FULGET (GRANITO LAVADO) EM PLACAS DE *75 X 75* CM (SEM COLOCACAO)","M2    ",220.44]
[40652,"PISO FULGET (GRANITO LAVADO) MOLDADO IN LOCO (INCLUSO EXECUCAO)","M2    ",118.19]
[40647,"PISO INDUSTRIAL EM CONCRETO ARMADO DE ACABAMENTO POLIDO, ESPESSURA 12 CM (CIMENTO QUEIMADO) (INCLUSO EXECUCAO)","M2    ",130.13999999999999]
[40653,"PISO KORODUR (INCLUSO EXECUCAO)","M2    ",99.6]
[36178,"PISO PODOTATIL DE CONCRETO - DIRECIONAL E ALERTA, *40 X 40 X 2,5* CM","UN    ",10.48]
[38195,"PISO PORCELANATO, BORDA RETA, EXTRA, FORMATO MAIOR QUE 2025 CM2","M2    ",87.73]
[38181,"PISO TATIL ALERTA OU DIRECIONAL, DE BORRACHA, COLORIDO, 25 X 25 CM, E = 5 MM, PARA COLA","M2    ",178.98]
[38182,"PISO TATIL DE ALERTA OU DIRECIONAL DE BORRACHA, PRETO, 25 X 25 CM, E = 5 MM, PARA COLA","M2    ",170.48]
[38186,"PISO TATIL DE ALERTA OU DIRECIONAL, DE BORRACHA, COLORIDO, 25 X 25 CM, E = 12 MM, PARA ARGAMASSA","M2    ",443.15]
[38185,"PISO TATIL DE ALERTA OU DIRECIONAL, DE BORRACHA, PRETO, 25 X 25 CM, E = 12 MM, PARA ARGAMASSA","M2    ",394.56]
[40654,"PISO URETANO, VERSAO REVESTIMENTO AUTONIVELANTE, ESPESSURA VARIÁVEL DE 3 A 4 MM (INCLUSO EXECUCAO)","M2    ",154.71]
[25981,"PISO/ REVESTIMENTO EM GRANITO, POLIDO, TIPO ANDORINHA/ QUARTZ/ CASTELO/ CORUMBA OU OUTROS EQUIVALENTES DA REGIAO, FORMATO MAIOR OU IGUAL A 3025 CM2, E = *2* CM","M2    ",223.06]
[4822,"PISO/ REVESTIMENTO EM MARMORE, POLIDO, BRANCO COMUM, FORMATO MAIOR OU IGUAL A 3025 CM2, E = *2* CM","M2    ",179.98]
[4818,"PISO/ REVESTIMENTO EM MARMORE, POLIDO, BRANCO COMUM, FORMATO MENOR OU IGUAL A 3025 CM2, E = *2* CM","M2    ",185]
[39567,"PLACA / CHAPA DE GESSO ACARTONADO, ACABAMENTO VINILICO LISO EM UMA DAS FACES, COR BRANCA, BORDA QUADRADA, E = 9,5 MM, *625 X 1250* MM (L X C), PARA FORRO REMOVIVEL","M2    ",32.549999999999997]
[39566,"PLACA / CHAPA DE GESSO ACARTONADO, ACABAMENTO VINILICO LISO EM UMA DAS FACES, COR BRANCA, BORDA QUADRADA, E = 9,5 MM, *625 X 625* MM (L X C), PARA FORRO REMOVIVEL","M2    ",37.6]
[39416,"PLACA / CHAPA DE GESSO ACARTONADO, RESISTENTE A UMIDADE (RU), COR VERDE, E = 12,5 MM, 1200 X 1800 MM (L X C)","M2    ",19.64]
[39417,"PLACA / CHAPA DE GESSO ACARTONADO, RESISTENTE A UMIDADE (RU), COR VERDE, E = 12,5 MM, 1200 X 2400 MM (L X C)","M2    ",20.59]
[39414,"PLACA / CHAPA DE GESSO ACARTONADO, RESISTENTE AO FOGO (RF), COR ROSA, E = 12,5 MM, 1200 X 1800 MM (L X C)","M2    ",18.440000000000001]
[39415,"PLACA / CHAPA DE GESSO ACARTONADO, RESISTENTE AO FOGO (RF), COR ROSA, E = 12,5 MM, 1200 X 2400 MM (L X C)","M2    ",19.55]
[39412,"PLACA / CHAPA DE GESSO ACARTONADO, STANDARD (ST), COR BRANCA, E = 12,5 MM, 1200 X 1800 MM (L X C)","M2    ",13.89]
[39413,"PLACA / CHAPA DE GESSO ACARTONADO, STANDARD (ST), COR BRANCA, E = 12,5 MM, 1200 X 2400 MM (L X C)","M2    ",13.75]
[11062,"PLACA CIMENTICIA LISA E = 10 MM, DE 1,20 X 3,00 M (SEM AMIANTO)","M2    ",50.24]
[11063,"PLACA CIMENTICIA LISA E = 6 MM, DE 1,20 X 3,00 M (SEM AMIANTO)","M2    ",48.64]
[13521,"PLACA DE ACO ESMALTADA PARA  IDENTIFICACAO DE RUA, *45 CM X 20* CM","UN    ",110.55]
[10851,"PLACA DE ACRILICO TRANSPARENTE ADESIVADA PARA SINALIZACAO DE PORTAS, BORDA POLIDA, DE *25 X 8*, E = 6 MM (NAO INCLUI ACESSORIOS PARA FIXACAO)","UN    ",48.94]
[39515,"PLACA DE FIBRA MINERAL PARA FORRO, DE 1250 X 625 MM, E = 15 MM, BORDA RETA, COM PINTURA ANTIMOFO (NAO INCLUI PERFIS)","UN    ",51.4]
[39516,"PLACA DE FIBRA MINERAL PARA FORRO, DE 625 X 625 MM, E = 15 MM, BORDA REBAIXADA PARA PERFIL 24 MM, COM PINTURA ANTIMOFO (NAO INCLUI PERFIS)","UN    ",43.33]
[39514,"PLACA DE FIBRA MINERAL PARA FORRO, DE 625 X 625 MM, E = 15 MM, BORDA RETA, COM PINTURA ANTIMOFO (NAO INCLUI PERFIS)","UN    ",26.96]
[4812,"PLACA DE GESSO PARA FORRO, *60 X 60* CM, ESPESSURA DE 12 MM (SEM COLOCACAO)","M2    ",8.99]
[10849,"PLACA DE INAUGURACAO EM BRONZE *35X 50*CM","UN    ",1608.01]
[10848,"PLACA DE INAUGURACAO METALICA, *40* CM X *60* CM","UN    ",1010.03]
[4813,"PLACA DE OBRA (PARA CONSTRUCAO CIVIL) EM CHAPA GALVANIZADA *N. 22*, ADESIVADA, DE *2,0 X 1,125* M","M2    ",335]
[37560,"PLACA DE SINALIZACAO DE SEGURANCA CONTRA INCENDIO - ALERTA, TRIANGULAR, BASE DE *30* CM, EM PVC *2* MM ANTI-CHAMAS (SIMBOLOS, CORES E PICTOGRAMAS CONFORME NBR 13434)","UN    ",44.11]
[37557,"PLACA DE SINALIZACAO DE SEGURANCA CONTRA INCENDIO, FOTOLUMINESCENTE, QUADRADA, *14 X 14* CM, EM PVC *2* MM ANTI-CHAMAS (SIMBOLOS, CORES E PICTOGRAMAS CONFORME NBR 13434)","UN    ",13.39]
[37556,"PLACA DE SINALIZACAO DE SEGURANCA CONTRA INCENDIO, FOTOLUMINESCENTE, QUADRADA, *20 X 20* CM, EM PVC *2* MM ANTI-CHAMAS (SIMBOLOS, CORES E PICTOGRAMAS CONFORME NBR 13434)","UN    ",25.92]
[37559,"PLACA DE SINALIZACAO DE SEGURANCA CONTRA INCENDIO, FOTOLUMINESCENTE, RETANGULAR, *12 X 40* CM, EM PVC *2* MM ANTI-CHAMAS (SIMBOLOS, CORES E PICTOGRAMAS CONFORME NBR 13434)","UN    ",31.79]
[37539,"PLACA DE SINALIZACAO DE SEGURANCA CONTRA INCENDIO, FOTOLUMINESCENTE, RETANGULAR, *13 X 26* CM, EM PVC *2* MM ANTI-CHAMAS (SIMBOLOS, CORES E PICTOGRAMAS CONFORME NBR 13434)","UN    ",22.41]
[37558,"PLACA DE SINALIZACAO DE SEGURANCA CONTRA INCENDIO, FOTOLUMINESCENTE, RETANGULAR, *20 X 40* CM, EM PVC *2* MM ANTI-CHAMAS (SIMBOLOS, CORES E PICTOGRAMAS CONFORME NBR 13434)","UN    ",41.78]
[34723,"PLACA DE SINALIZACAO EM CHAPA DE ACO NUM 16 COM PINTURA REFLETIVA","M2    ",773.85]
[34721,"PLACA DE SINALIZACAO EM CHAPA DE ALUMINIO COM PINTURA REFLETIVA, E = 2 MM","M2    ",964.8]
[4309,"PLACA DE VENTILACAO PARA TELHA DE FIBROCIMENTO CANALETE 49 KALHETA","UN    ",6.95]
[4307,"PLACA DE VENTILACAO PARA TELHA DE FIBROCIMENTO, CANALETE 90 OU KALHETAO","UN    ",11.89]
[10850,"PLACA NUMERACAO RESIDENCIAL EM CHAPA GALVANIZADA ESMALTADA 12 X 18 CM","UN    ",50.25]
[42438,"PLACA ORIENTATIVA SOBRE EXERCÍCIOS, 2,00M X 1,00M, EM TUBO DE ACO CARBONO, PINTURA NO PROCESSO ELETROSTATICO - PARA ACADEMIA AO AR LIVRE / ACADEMIA DA TERCEIRA IDADE - ATI","UN    ",1657.13]
[4792,"PLACA VINILICA SEMIFLEXIVEL PARA PISOS, E = 3,2 MM, 30 X 30 CM (SEM COLOCACAO)","M2    ",125.85]
[4790,"PLACA VINILICA SEMIFLEXIVEL PARA REVESTIMENTO DE PISOS E PAREDES, E = 2 MM (SEM COLOCACAO)","M2    ",75.67]
[40671,"PLACA/PISO DE CONCRETO POROSO/ PAVIMENTO PERMEAVEL/BLOCO DRENANTE DE CONCRETO, 40 CM X 40 CM, E = 6 CM, COR NATURAL","M2    ",68.78]
[7552,"PLACA/TAMPA CEGA EM LATAO ESCOVADO PARA CONDULETE EM LIGA DE ALUMINIO 4 X 4\"","UN    ",25.42]
[4893,"PLUG OU BUJAO DE FERRO GALVANIZADO, DE 1 1/2\"","UN    ",10.41]
[4894,"PLUG OU BUJAO DE FERRO GALVANIZADO, DE 1 1/4\"","UN    ",8.93]
[4888,"PLUG OU BUJAO DE FERRO GALVANIZADO, DE 1/2\"","UN    ",3.04]
[4890,"PLUG OU BUJAO DE FERRO GALVANIZADO, DE 1\"","UN    ",5.72]
[12411,"PLUG OU BUJAO DE FERRO GALVANIZADO, DE 2 1/2\"","UN    ",30.79]
[4891,"PLUG OU BUJAO DE FERRO GALVANIZADO, DE 2\"","UN    ",15.39]
[4889,"PLUG OU BUJAO DE FERRO GALVANIZADO, DE 3/4\"","UN    ",4.1100000000000003]
[4892,"PLUG OU BUJAO DE FERRO GALVANIZADO, DE 3\"","UN    ",43.11]
[12412,"PLUG OU BUJAO DE FERRO GALVANIZADO, DE 4\"","UN    ",80.13]
[11073,"PLUG PVC P/ ESG PREDIAL  75MM","UN    ",6.04]
[11071,"PLUG PVC P/ ESG PREDIAL 100MM","UN    ",9.7899999999999991]
[11072,"PLUG PVC P/ ESG PREDIAL 50MM","UN    ",3.42]
[4895,"PLUG PVC ROSCAVEL,  1/2\",  AGUA FRIA PREDIAL (NBR 5648)","UN    ",0.61]
[4907,"PLUG PVC,  JE, DN 100 MM, PARA REDE COLETORA ESGOTO (NBR 10569)","UN    ",26.18]
[4902,"PLUG PVC, JE, DN 150 MM, PARA REDE COLETORA ESGOTO (NBR 10569)","UN    ",59.27]
[4908,"PLUG PVC, JE, DN 200 MM, PARA REDE COLETORA ESGOTO (NBR 10569)","UN    ",120.35]
[4909,"PLUG PVC, JE, DN 250 MM, PARA REDE COLETORA ESGOTO (NBR 10569)","UN    ",232.42]
[4903,"PLUG PVC, JE, DN 350 MM, PARA REDE COLETORA ESGOTO (NBR 10569)","UN    ",683.42]
[4897,"PLUG PVC, ROSCAVEL 1\", PARA AGUA FRIA PREDIAL","UN    ",2.58]
[4896,"PLUG PVC, ROSCAVEL 3/4\", PARA  AGUA FRIA PREDIAL","UN    ",0.92]
[4900,"PLUG PVC, ROSCAVEL, 1 1/2\",  AGUA FRIA PREDIAL","UN    ",7.69]
[4898,"PLUG PVC, ROSCAVEL, 1 1/4\",  AGUA FRIA PREDIAL","UN    ",2.88]
[4899,"PLUG PVC, ROSCAVEL, 2\",  AGUA FRIA PREDIAL","UN    ",10.56]
[11096,"PO DE MARMORE (POSTO PEDREIRA/FORNECEDOR, SEM FRETE)","KG    ",0.41]
[4741,"PO DE PEDRA (POSTO PEDREIRA/FORNECEDOR, SEM FRETE)","M3    ",76.25]
[4752,"POCEIRO / ESCAVADOR DE VALAS E TUBULOES","H     ",18.170000000000002]
[41091,"POCEIRO / ESCAVADOR DE VALAS E TUBULOES (MENSALISTA)","MES   ",3227.19]
[13954,"POLIDORA DE PISO (POLITRIZ) ELETRICA, MOTOR MONOFASICO DE 4 HP, PESO DE 100 KG, DIAMETRO DO TRABALHO DE 450 MM","UN    ",6328.18]
[3411,"POLIESTIRENO EXPANDIDO/EPS (ISOPOR), PEROLAS, PARA CONCRETO LEVE","KG    ",28.85]
[39995,"POLIESTIRENO EXPANDIDO/EPS (ISOPOR), TIPO 2F, BLOCO","M3    ",221.96]
[11615,"POLIESTIRENO EXPANDIDO/EPS (ISOPOR), TIPO 2F, PLACA, ISOLAMENTO TERMOACUSTICO, E = 10 MM, 1000 X 500 MM","M2    ",1.88]
[3408,"POLIESTIRENO EXPANDIDO/EPS (ISOPOR), TIPO 2F, PLACA, ISOLAMENTO TERMOACUSTICO, E = 20 MM, 1000 X 500 MM","M2    ",5]
[3409,"POLIESTIRENO EXPANDIDO/EPS (ISOPOR), TIPO 2F, PLACA, ISOLAMENTO TERMOACUSTICO, E = 50 MM, 1000 X 500 MM","M2    ",12.5]
[11427,"POLVORA NEGRA","KG    ",76.66]
[4491,"PONTALETE *7,5 X 7,5* CM EM PINUS, MISTA OU EQUIVALENTE DA REGIAO - BRUTA","M     ",5.54]
[2745,"PONTALETE ROLIÇO SEM TRATAMENTO, D = 8 A 11 CM, H = 3 M, EM EUCALIPTO OU EQUIVALENTE DA REGIAO - BRUTA (PARA ESCORAMENTO)","M     ",2.72]
[14439,"PONTALETE ROLIÇO SEM TRATAMENTO, D = 8 A 11 CM, H = 6 M, EM EUCALIPTO OU EQUIVALENTE DA REGIAO - BRUTA (PARA ESCORAMENTO)","M     ",3.37]
[26022,"PONTEIRO PARA MARTELO ROMPEDOR, DIAMETRO = *28* MM, COMPRIMENTO = *520* MM, ENCAIXE SEXTAVADO","UN    ",169.33]
[421,"PORCA OLHAL EM ACO GALVANIZADO, DIAMETRO NOMINAL DE 16 MM","UN    ",11.67]
[12362,"PORCA OLHAL EM ACO GALVANIZADO, ESPESSURA 16MM, ABERTURA 21MM","UN    ",11.36]
[14148,"PORCA UNIAO/JUNCAO ZINCADA SEXTAVADA 1/4 \", CHAVE 7/16 \", COMPRIMENTO = 25 MM","UN    ",1.1299999999999999]
[4341,"PORCA ZINCADA, QUADRADA, DIAMETRO 3/8\"","UN    ",1.05]
[4337,"PORCA ZINCADA, QUADRADA, DIAMETRO 5/8\"","UN    ",2.66]
[4339,"PORCA ZINCADA, SEXTAVADA, DIAMETRO 1/2\"","UN    ",0.56000000000000005]
[39997,"PORCA ZINCADA, SEXTAVADA, DIAMETRO 1/4\"","UN    ",0.31]
[11971,"PORCA ZINCADA, SEXTAVADA, DIAMETRO 1\"","UN    ",4.4000000000000004]
[4342,"PORCA ZINCADA, SEXTAVADA, DIAMETRO 3/8\"","UN    ",0.23]
[4330,"PORCA ZINCADA, SEXTAVADA, DIAMETRO 5/16\"","UN    ",0.15]
[4340,"PORCA ZINCADA, SEXTAVADA, DIAMETRO 5/8\"","UN    ",1.23]
[5088,"PORTA CADEADO EM ACO GALVANIZADO, COMPRIMENTO DE 3  1/2\"","UN    ",6.03]
[11154,"PORTA CORTA-FOGO PARA SAIDA DE EMERGENCIA, COM FECHADURA, VAO LUZ DE 90 X 210 CM, CLASSE P-90 (NBR 11742)","UN    ",800.8]
[4989,"PORTA DE ABRIR / GIRO, DE MADEIRA FOLHA MEDIA (NBR 15930) DE 1000 X 2100 MM, DE 35 MM A 40 MM DE ESPESSURA, NUCLEO SEMI-SOLIDO (SARRAFEADO), CAPA LISA EM HDF, ACABAMENTO EM LAMINADO NATURAL PARA VERNIZ","UN    ",234.89]
[4982,"PORTA DE ABRIR / GIRO, DE MADEIRA FOLHA MEDIA (NBR 15930) DE 1000 X 2100 MM, DE 35 MM A 40 MM DE ESPESSURA, NUCLEO SEMI-SOLIDO (SARRAFEADO), CAPA LISA EM HDF, ACABAMENTO EM PRIMER PARA PINTURA","UN    ",220.32]
[4962,"PORTA DE ABRIR / GIRO, DE MADEIRA FOLHA MEDIA (NBR 15930) DE 700 X 2100 MM, DE 35 MM A 40 MM DE ESPESSURA, NUCLEO SEMI-SOLIDO (SARRAFEADO), CAPA FRISADA EM HDF, ACABAMENTO MELAMINICO EM PADRAO MADEIRA","UN    ",173.75]
[4981,"PORTA DE ABRIR / GIRO, DE MADEIRA FOLHA MEDIA (NBR 15930) DE 700 X 2100 MM, DE 35 MM A 40 MM DE ESPESSURA, NUCLEO SEMI-SOLIDO (SARRAFEADO), CAPA LISA EM HDF, ACABAMENTO EM LAMINADO NATURAL PARA VERNIZ","UN    ",154.68]
[4964,"PORTA DE ABRIR / GIRO, DE MADEIRA FOLHA MEDIA (NBR 15930) DE 800 X 2100 MM, DE 35 MM A 40 MM DE ESPESSURA, NUCLEO SEMI-SOLIDO (SARRAFEADO), CAPA FRISADA EM HDF, ACABAMENTO MELAMINICO EM PADRAO MADEIRA","UN    ",196.23]
[4992,"PORTA DE ABRIR / GIRO, DE MADEIRA FOLHA MEDIA (NBR 15930) DE 800 X 2100 MM, DE 35 MM A 40 MM DE ESPESSURA, NUCLEO SEMI-SOLIDO (SARRAFEADO), CAPA LISA EM HDF, ACABAMENTO EM LAMINADO NATURAL PARA VERNIZ","UN    ",191.68]
[4987,"PORTA DE ABRIR / GIRO, DE MADEIRA FOLHA MEDIA (NBR 15930) DE 900 X 2100 MM, DE 35 MM A 40 MM DE ESPESSURA, NUCLEO SEMI-SOLIDO (SARRAFEADO), CAPA LISA EM HDF, ACABAMENTO EM LAMINADO NATURAL PARA VERNIZ","UN    ",219.3]
[39021,"PORTA DE ABRIR EM ACO COM DIVISAO HORIZONTAL  PARA VIDROS, COM FUNDO ANTICORROSIVO/PRIMER DE PROTECAO, SEM GUARNICAO/ALIZAR/VISTA, VIDROS NAO INCLUSOS, 87 X 210 CM","UN    ",360.2]
[39022,"PORTA DE ABRIR EM ACO TIPO VENEZIANA, COM FUNDO ANTICORROSIVO / PRIMER DE PROTECAO, SEM GUARNICAO/ALIZAR/VISTA, 87 X 210 CM","UN    ",445.46]
[39024,"PORTA DE ABRIR EM ALUMINIO COM DIVISAO HORIZONTAL  PARA VIDROS,  ACABAMENTO ANODIZADO NATURAL, VIDROS INCLUSOS, SEM GUARNICAO/ALIZAR/VISTA , 87 X 210 CM","UN    ",712.87]
[4914,"PORTA DE ABRIR EM ALUMINIO COM LAMBRI HORIZONTAL/LAMINADA, ACABAMENTO ANODIZADO NATURAL, SEM GUARNICAO/ALIZAR/VISTA","M2    ",578.01]
[4917,"PORTA DE ABRIR EM ALUMINIO TIPO VENEZIANA, ACABAMENTO ANODIZADO NATURAL, SEM GUARNICAO/ALIZAR/VISTA","M2    ",399.18]
[39025,"PORTA DE ABRIR EM ALUMINIO TIPO VENEZIANA, ACABAMENTO ANODIZADO NATURAL, SEM GUARNICAO/ALIZAR/VISTA, 87 X 210 CM","UN    ",730.97]
[4930,"PORTA DE ABRIR EM GRADIL COM BARRA CHATA 3 CM X 1/4\", COM REQUADRO E GUARNICAO - COMPLETO - ACABAMENTO NATURAL","M2    ",387.11]
[4922,"PORTA DE CORRER EM ALUMINIO, DUAS FOLHAS MOVEIS COM VIDRO, FECHADURA E PUXADOR EMBUTIDO, ACABAMENTO ANODIZADO NATURAL, SEM GUARNICAO/ALIZAR/VISTA","M2    ",370.27]
[4911,"PORTA DE ENROLAR MANUAL COMPLETA, ARTICULADA RAIADA LARGA, EM ACO GALVANIZADO NATURAL, CHAPA NUMERO 24 (SEM INSTALACAO)","M2    ",392]
[37518,"PORTA DE ENROLAR MANUAL COMPLETA, PERFIL MEIA CANA CEGA, EM ACO GALVANIZADO COM PINTURA ELETROSTATICA, CHAPA NUMERO 24 \" (SEM INSTALACAO)","M2    ",637]
[4910,"PORTA DE ENROLAR MANUAL COMPLETA, PERFIL MEIA CANA CEGA, EM ACO GALVANIZADO NATURAL, CHAPA NUMERO 24 (SEM INSTALACAO)","M2    ",537]
[4943,"PORTA DE ENROLAR MANUAL COMPLETA, PERFIL MEIA CANA VAZADA TIJOLINHO, EM ACO GALVANIZADO NATURAL, CHAPA NUMERO 24 (SEM INSTALACAO)","M2    ",799.99]
[5002,"PORTA DE MADEIRA QUADRICULADA PARA VIDRO, DE CORRER (EUCALIPTO OU EQUIVALENTE REGIONAL), E = *3,5* CM","M2    ",505.92]
[4977,"PORTA DE MADEIRA TIPO VENEZIANA (EUCALIPTO OU EQUIVALENTE REGIONAL), E = *3,5* CM","M2    ",341.52]
[5028,"PORTA DE MADEIRA-DE-LEI QUADRICULADA PARA VIDRO, DE CORRER (ANGELIM OU EQUIVALENTE REGIONAL), E = *3,5* CM","M2    ",835.64]
[4998,"PORTA DE MADEIRA-DE-LEI TIPO MEXICANA SEM EMENDA (ANGELIM OU EQUIVALENTE REGIONAL), E = *3,5* CM","M2    ",694.02]
[4969,"PORTA DE MADEIRA-DE-LEI TIPO VENEZIANA (ANGELIM OU EQUIVALENTE REGIONAL), E = *3,5* CM","M2    ",483.01]
[11364,"PORTA DE MADEIRA, FOLHA LEVE (NBR 15930) DE 600 X 2100 MM, DE 35 MM A 40 MM DE ESPESSURA, NUCLEO COLMEIA, CAPA LISA EM HDF, ACABAMENTO EM PRIMER PARA PINTURA","UN    ",132.88]
[11365,"PORTA DE MADEIRA, FOLHA LEVE (NBR 15930) DE 700 X 2100 MM, DE 35 MM A 40 MM DE ESPESSURA, NUCLEO COLMEIA, CAPA LISA EM HDF, ACABAMENTO EM PRIMER PARA PINTURA","UN    ",137.9]
[11366,"PORTA DE MADEIRA, FOLHA LEVE (NBR 15930) DE 800 X 2100 MM, DE 35 MM A 40 MM DE ESPESSURA, NUCLEO COLMEIA, CAPA LISA EM HDF, ACABAMENTO EM PRIMER PARA PINTURA","UN    ",146.59]
[43777,"PORTA DE MADEIRA, FOLHA LEVE (NBR 15930), DE 600 X 2100 MM, E = 35 MM, NUCLEO COLMEIA, CAPA LISA EM HDF, ACABAMENTO MELAMINICO EM PADRAO MADEIRA","UN    ",172.19]
[20322,"PORTA DE MADEIRA, FOLHA MEDIA (NBR 15930) DE 600 X 2100 MM, DE 35 MM A 40 MM DE ESPESSURA, NUCLEO SEMI-SOLIDO (SARRAFEADO), CAPA FRISADA EM HDF, ACABAMENTO MELAMINICO EM PADRAO MADEIRA","UN    ",159.84]
[10553,"PORTA DE MADEIRA, FOLHA MEDIA (NBR 15930) DE 600 X 2100 MM, DE 35 MM A 40 MM DE ESPESSURA, NUCLEO SEMI-SOLIDO (SARRAFEADO), CAPA LISA EM HDF, ACABAMENTO EM PRIMER PARA PINTURA","UN    ",145.13999999999999]
[5020,"PORTA DE MADEIRA, FOLHA MEDIA (NBR 15930) DE 600 X 2100 MM, DE 35 MM A 40 MM DE ESPESSURA, NUCLEO SEMI-SOLIDO (SARRAFEADO), CAPA LISA EM HDF, ACABAMENTO LAMINADO NATURAL PARA VERNIZ","UN    ",153.02000000000001]
[10554,"PORTA DE MADEIRA, FOLHA MEDIA (NBR 15930) DE 700 X 2100 MM, DE 35 MM A 40 MM DE ESPESSURA, NUCLEO SEMI-SOLIDO (SARRAFEADO), CAPA LISA EM HDF, ACABAMENTO EM PRIMER PARA PINTURA","UN    ",146.41999999999999]
[10555,"PORTA DE MADEIRA, FOLHA MEDIA (NBR 15930) DE 800 X 2100 MM, DE 35 MM A 40 MM DE ESPESSURA, NUCLEO SEMI-SOLIDO (SARRAFEADO), CAPA LISA EM HDF, ACABAMENTO EM PRIMER PARA PINTURA","UN    ",159.68]
[10556,"PORTA DE MADEIRA, FOLHA MEDIA (NBR 15930) DE 900 X 2100 MM, DE 35 MM A 40 MM DE ESPESSURA, NUCLEO SEMI-SOLIDO (SARRAFEADO), CAPA LISA EM HDF, ACABAMENTO EM PRIMER PARA PINTURA","UN    ",212.31]
[39502,"PORTA DE MADEIRA, FOLHA PESADA (NBR 15930) DE 800 X 2100 MM, DE 40 MM A 45 MM DE ESPESSURA, NUCLEO SOLIDO, CAPA LISA EM HDF, ACABAMENTO EM LAMINADO NATURAL PARA VERNIZ","UN    ",298.13]
[39504,"PORTA DE MADEIRA, FOLHA PESADA (NBR 15930) DE 800 X 2100 MM, DE 40 MM A 45 MM DE ESPESSURA, NUCLEO SOLIDO, CAPA LISA EM HDF, ACABAMENTO EM PRIMER PARA PINTURA","UN    ",329.68]
[39503,"PORTA DE MADEIRA, FOLHA PESADA (NBR 15930) DE 900 X 2100 MM, DE 40 MM A 45 MM DE ESPESSURA, NUCLEO SOLIDO, CAPA LISA EM HDF, ACABAMENTO EM LAMINADO NATURAL PARA VERNIZ","UN    ",346.98]
[39505,"PORTA DE MADEIRA, FOLHA PESADA (NBR 15930) DE 900 X 2100 MM, DE 40 MM A 45 MM DE ESPESSURA, NUCLEO SOLIDO, CAPA LISA EM HDF, ACABAMENTO EM PRIMER PARA PINTURA","UN    ",373.92]
[25969,"PORTA DENTE PARA FRESADORA","UN    ",360.15]
[4944,"PORTA GRADE DE ENROLAR MANUAL COMPLETA, PERFIL TUBULAR TIJOLINHO 3/4 \", EM ACO GALVANIZADO NATURAL (SEM INSTALACAO)","M2    ",1195.99]
[21102,"PORTA TOALHA BANHO EM METAL CROMADO, TIPO BARRA","UN    ",30.24]
[21101,"PORTA TOALHA ROSTO EM METAL CROMADO, TIPO ARGOLA","UN    ",19.420000000000002]
[34713,"PORTA VIDRO TEMPERADO INCOLOR, 2 FOLHAS DE CORRER, E = 10 MM (SEM FERRAGENS E SEM COLOCACAO)","M2    ",241.73]
[4947,"PORTAO BASCULANTE MANUAL EM ACO GALVANIZADO NATURAL, TIPO LAMBRIL COM REQUADRO/BATENTE, CHAPA NUMERO 26, INCLUI FECHADURA (SEM INSTALACAO)","M2    ",497.47]
[37563,"PORTAO BASCULANTE, MANUAL, EM CHAPA TIPO LAMBRIL QUADRADO, COM REQUADRO, ACABAMENTO NATURAL","M2    ",381.97]
[4948,"PORTAO DE ABRIR EM GRADIL DE METALON REDONDO DE 3/4\"  VERTICAL, COM REQUADRO, ACABAMENTO NATURAL - COMPLETO","M2    ",346.66]
[37561,"PORTAO DE CORRER EM CHAPA TIPO PAINEL LAMBRIL QUADRADO, COM PORTA SOCIAL COMPLETA INCLUIDA, COM REQUADRO, ACABAMENTO NATURAL, COM TRILHOS E ROLDANAS","M2    ",713.05]
[37562,"PORTAO DE CORRER EM GRADIL FIXO DE BARRA DE FERRO CHATA DE 3 X 1/4\" NA VERTICAL, SEM REQUADRO, ACABAMENTO NATURAL, COM TRILHOS E ROLDANAS","M2    ",457.35]
[14164,"POSTE CONICO CONTINUO EM ACO GALVANIZADO, CURVO, BRACO DUPLO, ENGASTADO,  H = 9 M, DIAMETRO INFERIOR = *135* MM","UN    ",1666.21]
[14163,"POSTE CONICO CONTINUO EM ACO GALVANIZADO, CURVO, BRACO DUPLO, FLANGEADO,  H = 9 M, DIAMETRO INFERIOR = *135* MM","UN    ",1893.75]
[5051,"POSTE CONICO CONTINUO EM ACO GALVANIZADO, CURVO, BRACO SIMPLES, ENGASTADO,  H = 9 M, DIAMETRO INFERIOR = *135* MM","UN    ",1610.61]
[14162,"POSTE CONICO CONTINUO EM ACO GALVANIZADO, CURVO, BRACO SIMPLES, FLANGEADO,  H = 9 M, DIAMETRO INFERIOR = *135* MM","UN    ",1608.27]
[5052,"POSTE CONICO CONTINUO EM ACO GALVANIZADO, CURVO, BRACO SIMPLES, FLANGEADO, H = 7 M, DIAMETRO INFERIOR = *125* MM","UN    ",1200]
[14166,"POSTE CONICO CONTINUO EM ACO GALVANIZADO, RETO, ENGASTADO,  H = 7 M, DIAMETRO INFERIOR = *125* MM","UN    ",1215.23]
[14165,"POSTE CONICO CONTINUO EM ACO GALVANIZADO, RETO, ENGASTADO,  H = 9 M, DIAMETRO INFERIOR = *145* MM","UN    ",1683.54]
[5050,"POSTE CONICO CONTINUO EM ACO GALVANIZADO, RETO, FLANGEADO,  H = 3 M, DIAMETRO INFERIOR = *95* MM","UN    ",414.36]
[12378,"POSTE CONICO CONTINUO EM ACO GALVANIZADO, RETO, FLANGEADO, H = 6 M, DIAMETRO INFERIOR = *90* CM","UN    ",984.91]
[12366,"POSTE DE CONCRETO CIRCULAR, 150 KG, H = 10 M (NBR 8451)","UN    ",791.02]
[5045,"POSTE DE CONCRETO CIRCULAR, 200 KG, H = 11 M (NBR 8451)","UN    ",1101.54]
[5044,"POSTE DE CONCRETO CIRCULAR, 200 KG, H = 9 M (NBR 8451)","UN    ",777.15]
[5055,"POSTE DE CONCRETO CIRCULAR, 300 KG, H = 11 M (NBR 8451)","UN    ",1104.9000000000001]
[5053,"POSTE DE CONCRETO CIRCULAR, 300 KG, H = 9 M (NBR 8451)","UN    ",859.98]
[5035,"POSTE DE CONCRETO CIRCULAR, 400 KG, H = 11 M (NBR 8451)","UN    ",1406.04]
[5036,"POSTE DE CONCRETO CIRCULAR, 400 KG, H = 14 M (NBR 8451)","UN    ",2347.15]
[5059,"POSTE DE CONCRETO CIRCULAR, 400 KG, H = 9 M (NBR 8451)","UN    ",1099.6500000000001]
[5057,"POSTE DE CONCRETO DUPLO T, TIPO B, 300 KG, H = 10 M (NBR 8451)","UN    ",945.61]
[5033,"POSTE DE CONCRETO DUPLO T, TIPO B, 300 KG, H = 9 M (NBR 8451)","UN    ",785]
[5038,"POSTE DE CONCRETO DUPLO T, TIPO D, 200 KG, H = 9 M (NBR 8451)","UN    ",639.77]
[12372,"POSTE DE CONCRETO DUPLO T, 200 KG, H = 11 M (NBR 8451)","UN    ",843.09]
[13339,"POSTE DE CONCRETO DUPLO T, 300 KG, H = 12 M (NBR 8451)","UN    ",1253.3399999999999]
[12373,"POSTE DE CONCRETO DUPLO T, 400 KG,H = 12 M (NBR 8451)","UN    ",1312.52]
[12388,"POSTE DECORATIVO PARA JARDIM EM ACO TUBULAR, SEM LUMINARIA, H = *2,5* M","UN    ",245.27]
[34695,"POSTE PADRAO SUBTERRANEO 100 A, H = 2,5 M","UN    ",902.75]
[34692,"POSTE PADRAO SUBTERRANEO 200 A, H = 2,5 M","UN    ",2166.6]
[2731,"POSTE ROLICO DE MADEIRA TRATADA, D = 20 A 25 CM, H = 12,00 M, EM EUCALIPTO OU EQUIVALENTE DA REGIAO","M     ",77.650000000000006]
[26028,"POZOLANA DE CLASSE C","T     ",177.27]
[11844,"PRANCHA  APARELHADA *4 X 30* CM, EM MACARANDUBA, ANGELIM OU EQUIVALENTE DA REGIAO","M     ",66.959999999999994]
[4465,"PRANCHA NAO APARELHADA  *6 X 25* CM, EM MACARANDUBA, ANGELIM OU EQUIVALENTE DA REGIAO -  BRUTA","M     ",55.64]
[35273,"PRANCHA NAO APARELHADA  *6 X 30* CM, EM MACARANDUBA, ANGELIM OU EQUIVALENTE DA REGIAO - BRUTA","M     ",66.73]
[4470,"PRANCHA NAO APARELHADA  *6 X 40* CM, EM MACARANDUBA, ANGELIM OU EQUIVALENTE DA REGIAO -  BRUTA","M     ",154.01]
[20208,"PRANCHAO  APARELHADO *8 X 30* CM, EM MACARANDUBA, ANGELIM OU EQUIVALENTE DA REGIAO","M     ",138.6]
[20204,"PRANCHAO APARELHADO *7,5 X 23* CM, EM MACARANDUBA, ANGELIM OU EQUIVALENTE DA REGIAO","M     ",102.67]
[4437,"PRANCHAO NAO APARELHADO  *7,5 X 23* CM, EM MACARANDUBA, ANGELIM OU EQUIVALENTE DA REGIAO - BRUTA","M     ",115.5]
[14580,"PRANCHAO NAO APARELHADO *8 X 30* CM, EM MACARANDUBA, ANGELIM OU EQUIVALENTE DA REGIAO - BRUTA","M     ",115.5]
[40304,"PREGO DE ACO POLIDO COM CABECA DUPLA 17 X 27 (2 1/2 X 11)","KG    ",18.829999999999998]
[5065,"PREGO DE ACO POLIDO COM CABECA 10 X 10 (7/8 X 17)","KG    ",29.02]
[5072,"PREGO DE ACO POLIDO COM CABECA 10 X 11 (1 X 17)","KG    ",26.85]
[5066,"PREGO DE ACO POLIDO COM CABECA 12 X 12","KG    ",20.100000000000001]
[5063,"PREGO DE ACO POLIDO COM CABECA 14 X 18 (1 1/2 X 14)","KG    ",18.2]
[20247,"PREGO DE ACO POLIDO COM CABECA 15 X 15 (1 1/4 X 13)","KG    ",16.89]
[5074,"PREGO DE ACO POLIDO COM CABECA 15 X 18 (1 1/2 X 13)","KG    ",17.09]
[5067,"PREGO DE ACO POLIDO COM CABECA 16 X 24 (2 1/4 X 12)","KG    ",16.260000000000002]
[5078,"PREGO DE ACO POLIDO COM CABECA 16 X 27 (2 1/2 X 12)","KG    ",16.079999999999998]
[5068,"PREGO DE ACO POLIDO COM CABECA 17 X 21 (2 X 11)","KG    ",15.26]
[5073,"PREGO DE ACO POLIDO COM CABECA 17 X 24 (2 1/4 X 11)","KG    ",15.55]
[5069,"PREGO DE ACO POLIDO COM CABECA 17 X 27 (2 1/2 X 11)","KG    ",15.55]
[5070,"PREGO DE ACO POLIDO COM CABECA 17 X 30 (2 3/4 X 11)","KG    ",15.72]
[5071,"PREGO DE ACO POLIDO COM CABECA 18 X 24 (2 1/4 X 10)","KG    ",15.26]
[5061,"PREGO DE ACO POLIDO COM CABECA 18 X 27 (2 1/2 X 10)","KG    ",15]
[5075,"PREGO DE ACO POLIDO COM CABECA 18 X 30 (2 3/4 X 10)","KG    ",15.26]
[39027,"PREGO DE ACO POLIDO COM CABECA 19  X 36 (3 1/4  X  9)","KG    ",15.24]
[5062,"PREGO DE ACO POLIDO COM CABECA 19 X 33 (3 X 9)","KG    ",15.46]
[40568,"PREGO DE ACO POLIDO COM CABECA 22 X 48 (4 1/4 X 5)","KG    ",15.37]
[39026,"PREGO DE ACO POLIDO SEM CABECA 15 X 15 (1 1/4 X 13)","KG    ",17.16]
[42431,"PRESSAO DE PERNAS TRIPLO, EM TUBO DE ACO CARBONO, PINTURA NO PROCESSO ELETROSTATICO - EQUIPAMENTO DE GINASTICA PARA ACADEMIA AO AR LIVRE / ACADEMIA DA TERCEIRA IDADE - ATI","UN    ",3137]
[11149,"PRIMER EPOXI","GL    ",216.45]
[511,"PRIMER PARA MANTA ASFALTICA A BASE DE ASFALTO MODIFICADO DILUIDO EM SOLVENTE, APLICACAO A FRIO","L     ",12.68]
[11174,"PRIMER UNIVERSAL, FUNDO ANTICORROSIVO TIPO ZARCAO","18L   ",614.54999999999995]
[37540,"PROJETOR DE ARGAMASSA, CAPACIDADE DE PROJECAO 1,5 M3/H, ALCANCE DA PROJECAO 30 ATE 60 M, MOTOR ELETRICO TRIFASICO","UN    ",75004.56]
[37548,"PROJETOR DE ARGAMASSA, CAPACIDADE DE PROJECAO 2,0 M3/H, ALCANCE DA PROJECAO ATE 50 M, MOTOR ELETRICO TRIFASICO","UN    ",99418.16]
[39828,"PROJETOR PNEUMATICO DE ARGAMASSA PARA CHAPISCO E REBOCO COM RECIPIENTE ACOPLADO, TIPO CANEQUNHA, COM VOLUME DE 1,50 L, SEM COMPRESSOR","UN    ",596.41]
[12273,"PROJETOR RETANGULAR FECHADO PARA LAMPADA VAPOR DE MERCURIO/SODIO 250 W A 500 W, CABECEIRAS EM ALUMINIO FUNDIDO, CORPO EM ALUMINIO ANODIZADO, PARA LAMPADA E40 FECHAMENTO EM VIDRO TEMPERADO.","UN    ",76.489999999999995]
[38392,"PROLONGADOR/EXTENSOR PARA ROLO DE PINTURA 3 M","UN    ",48.2]
[11735,"PROLONGAMENTO PVC PARA CAIXA SIFONADA  100 MM X 200 MM (NBR 5688)","UN    ",4.99]
[11737,"PROLONGAMENTO PVC PARA CAIXA SIFONADA, 150 MM X 150 MM (NBR 5688)","UN    ",6.67]
[11738,"PROLONGAMENTO PVC PARA CAIXA SIFONADA, 150 MM X 200 MM (NBR 5688)","UN    ",10.84]
[36143,"PROTETOR AUDITIVO TIPO CONCHA COM ABAFADOR DE RUIDOS, ATENUACAO ACIMA DE 22 DB","UN    ",22.14]
[36142,"PROTETOR AUDITIVO TIPO PLUG DE INSERCAO COM CORDAO, ATENUACAO SUPERIOR A 15 DB","UN    ",1.62]
[36146,"PROTETOR SOLAR FPS 30, EMBALAGEM 2 LITROS","UN    ",183.6]
[39015,"PROTETOR/PONTEIRA PLASTICA PARA PONTA DE VERGALHAO DE ATE 1\", TIPO PROTETOR DE ESPERA","UN    ",0.8]
[38377,"PRUMO DE CENTRO EM ACO *400* G","UN    ",34.67]
[38376,"PRUMO DE PAREDE EM ACO 700 A 750 G","UN    ",39.53]
[38116,"PULSADOR CAMPAINHA 10A, 250V (APENAS MODULO)","UN    ",4.45]
[38066,"PULSADOR CAMPAINHA 10A, 250V, CONJUNTO MONTADO PARA EMBUTIR 4\" X 2\" (PLACA + SUPORTE + MODULO)","UN    ",7.34]
[38117,"PULSADOR MINUTERIA 10A, 250V (APENAS MODULO)","UN    ",7.57]
[38067,"PULSADOR MINUTERIA 10A, 250V, CONJUNTO MONTADO PARA EMBUTIR 4\" X 2\" (PLACA + SUPORTE + MODULO)","UN    ",10.34]
[41757,"PULVERIZADOR DE TINTA ELETRICO / MAQUINA DE PINTURA AIRLESS, VAZAO *2* L/MIN (COLETADO CAIXA)","UN    ",4064.26]
[11522,"PUXADOR DE EMBUTIR TIPO CONCHA, COM FURO PARA CHAVE, EM LATAO CROMADO,  COMPRIMENTO DE APROX *100* MM E LARGURA DE APROX *40* MM","UN    ",11.68]
[43600,"PUXADOR TIPO ALCA, EM ZAMAC CROMADO, COM COMPRIMENTO DE APROX 150 MM, COM ROSETA PARA PORTAS DE MADEIRAS, INCLUINDO PARAFUSOS","UN    ",46.82]
[5080,"PUXADOR TIPO ALCA, EM ZAMAC CROMADO, COM ROSETAS, COMPRIMENTO DE APROX *100* MM, PARA PORTAS E JANELAS DE MADEIRA, INCLUINDO PARAFUSOS","UN    ",18.25]
[38168,"PUXADOR TUBULAR RETO DUPLO, EM ALUMINIO CROMADO, COMPRIMENTO DE APROX 400 MM E DIAMETRO DE 25 MM (1\")","UN    ",127.46]
[43601,"PUXADOR TUBULAR RETO SIMPLES, EM ALUMINIO CROMADO, COM COMPRIMENTO DE APROX 400 MM E DIAMETRO DE 25 MM","UN    ",63.73]
[13393,"QUADRO DE DISTRIBUICAO COM BARRAMENTO TRIFASICO, DE EMBUTIR, EM CHAPA DE ACO GALVANIZADO, PARA 12 DISJUNTORES DIN, 100 A","UN    ",406.73]
[13395,"QUADRO DE DISTRIBUICAO COM BARRAMENTO TRIFASICO, DE EMBUTIR, EM CHAPA DE ACO GALVANIZADO, PARA 18 DISJUNTORES DIN, 100 A, INCLUINDO BARRAMENTO","UN    ",569.99]
[12039,"QUADRO DE DISTRIBUICAO COM BARRAMENTO TRIFASICO, DE EMBUTIR, EM CHAPA DE ACO GALVANIZADO, PARA 24 DISJUNTORES DIN, 100 A","UN    ",599.01]
[13396,"QUADRO DE DISTRIBUICAO COM BARRAMENTO TRIFASICO, DE EMBUTIR, EM CHAPA DE ACO GALVANIZADO, PARA 28 DISJUNTORES DIN, 100 A","UN    ",841.27]
[12041,"QUADRO DE DISTRIBUICAO COM BARRAMENTO TRIFASICO, DE EMBUTIR, EM CHAPA DE ACO GALVANIZADO, PARA 30 DISJUNTORES DIN, 150 A","UN    ",686.94]
[12043,"QUADRO DE DISTRIBUICAO COM BARRAMENTO TRIFASICO, DE EMBUTIR, EM CHAPA DE ACO GALVANIZADO, PARA 30 DISJUNTORES DIN, 225 A","UN    ",1450.37]
[39762,"QUADRO DE DISTRIBUICAO COM BARRAMENTO TRIFASICO, DE EMBUTIR, EM CHAPA DE ACO GALVANIZADO, PARA 36 DISJUNTORES DIN, 100 A","UN    ",690.42]
[12042,"QUADRO DE DISTRIBUICAO COM BARRAMENTO TRIFASICO, DE EMBUTIR, EM CHAPA DE ACO GALVANIZADO, PARA 40 DISJUNTORES DIN, 100 A","UN    ",1007.98]
[39763,"QUADRO DE DISTRIBUICAO COM BARRAMENTO TRIFASICO, DE EMBUTIR, EM CHAPA DE ACO GALVANIZADO, PARA 48 DISJUNTORES DIN, 100 A","UN    ",1179.72]
[39760,"QUADRO DE DISTRIBUICAO COM BARRAMENTO TRIFASICO, DE SOBREPOR, EM CHAPA DE ACO GALVANIZADO, PARA *42* DISJUNTORES DIN, 100 A","UN    ",1175.83]
[39756,"QUADRO DE DISTRIBUICAO COM BARRAMENTO TRIFASICO, DE SOBREPOR, EM CHAPA DE ACO GALVANIZADO, PARA 12 DISJUNTORES DIN, 100 A","UN    ",422.2]
[12038,"QUADRO DE DISTRIBUICAO COM BARRAMENTO TRIFASICO, DE SOBREPOR, EM CHAPA DE ACO GALVANIZADO, PARA 18 DISJUNTORES DIN, 100 A","UN    ",527.54999999999995]
[39757,"QUADRO DE DISTRIBUICAO COM BARRAMENTO TRIFASICO, DE SOBREPOR, EM CHAPA DE ACO GALVANIZADO, PARA 28 DISJUNTORES DIN, 100 A","UN    ",487.81]
[39758,"QUADRO DE DISTRIBUICAO COM BARRAMENTO TRIFASICO, DE SOBREPOR, EM CHAPA DE ACO GALVANIZADO, PARA 30 DISJUNTORES DIN, 100 A","UN    ",710.93]
[39759,"QUADRO DE DISTRIBUICAO COM BARRAMENTO TRIFASICO, DE SOBREPOR, EM CHAPA DE ACO GALVANIZADO, PARA 36 DISJUNTORES DIN, 100 A","UN    ",877.99]
[39761,"QUADRO DE DISTRIBUICAO COM BARRAMENTO TRIFASICO, DE SOBREPOR, EM CHAPA DE ACO GALVANIZADO, PARA 48 DISJUNTORES DIN, 100 A","UN    ",1055.3699999999999]
[39805,"QUADRO DE DISTRIBUICAO, EM PVC, DE EMBUTIR, COM BARRAMENTO TERRA / NEUTRO, PARA 12 DISJUNTORES NEMA OU 16 DISJUNTORES DIN","UN    ",86.92]
[39806,"QUADRO DE DISTRIBUICAO, EM PVC, DE EMBUTIR, COM BARRAMENTO TERRA / NEUTRO, PARA 18 DISJUNTORES NEMA OU 24 DISJUNTORES DIN","UN    ",161.05000000000001]
[39807,"QUADRO DE DISTRIBUICAO, EM PVC, DE EMBUTIR, COM BARRAMENTO TERRA / NEUTRO, PARA 27 DISJUNTORES NEMA OU 36 DISJUNTORES DIN","UN    ",349.03]
[43100,"QUADRO DE DISTRIBUICAO, EM PVC, DE EMBUTIR, COM BARRAMENTO TERRA / NEUTRO, PARA 48 DISJUNTORES DIN","UN    ",272.86]
[39804,"QUADRO DE DISTRIBUICAO, EM PVC, DE EMBUTIR, COM BARRAMENTO TERRA / NEUTRO, PARA 6 DISJUNTORES NEMA OU 8 DISJUNTORES DIN","UN    ",51.04]
[39796,"QUADRO DE DISTRIBUICAO, SEM BARRAMENTO, EM PVC, DE EMBUTIR, PARA 12 DISJUNTORES NEMA OU 16 DISJUNTORES DIN","UN    ",52.86]
[39797,"QUADRO DE DISTRIBUICAO, SEM BARRAMENTO, EM PVC, DE EMBUTIR, PARA 18 DISJUNTORES NEMA OU 24 DISJUNTORES DIN","UN    ",82.99]
[39798,"QUADRO DE DISTRIBUICAO, SEM BARRAMENTO, EM PVC, DE EMBUTIR, PARA 27 DISJUNTORES NEMA OU 36 DISJUNTORES DIN","UN    ",142.35]
[39794,"QUADRO DE DISTRIBUICAO, SEM BARRAMENTO, EM PVC, DE EMBUTIR, PARA 3 DISJUNTORES NEMA OU 4 DISJUNTORES DIN","UN    ",22.44]
[39795,"QUADRO DE DISTRIBUICAO, SEM BARRAMENTO, EM PVC, DE EMBUTIR, PARA 6 DISJUNTORES NEMA OU 8 DISJUNTORES DIN","UN    ",35.450000000000003]
[39799,"QUADRO DE DISTRIBUICAO, SEM BARRAMENTO, EM PVC, DE SOBREPOR,  PARA 3 DISJUNTORES NEMA OU 4 DISJUNTORES DIN","UN    ",26.15]
[39801,"QUADRO DE DISTRIBUICAO, SEM BARRAMENTO, EM PVC, DE SOBREPOR, PARA 12 DISJUNTORES NEMA OU 16 DISJUNTORES DIN","UN    ",74.86]
[39802,"QUADRO DE DISTRIBUICAO, SEM BARRAMENTO, EM PVC, DE SOBREPOR, PARA 18 DISJUNTORES NEMA OU 24 DISJUNTORES DIN","UN    ",109.73]
[39803,"QUADRO DE DISTRIBUICAO, SEM BARRAMENTO, EM PVC, DE SOBREPOR, PARA 27 DISJUNTORES NEMA OU 36 DISJUNTORES DIN","UN    ",153.08000000000001]
[39800,"QUADRO DE DISTRIBUICAO, SEM BARRAMENTO, EM PVC, DE SOBREPOR, PARA 6 DISJUNTORES NEMA OU 8 DISJUNTORES DIN","UN    ",44.55]
[21059,"RALO FOFO COM REQUADRO, QUADRADO 150 X 150 MM","UN    ",33.26]
[11234,"RALO FOFO COM REQUADRO, QUADRADO 200 X 200 MM","UN    ",50.14]
[21060,"RALO FOFO COM REQUADRO, QUADRADO 250 X 250 MM","UN    ",61.71]
[21061,"RALO FOFO COM REQUADRO, QUADRADO 300 X 300 MM","UN    ",77.14]
[21062,"RALO FOFO COM REQUADRO, QUADRADO 400 X 400 MM","UN    ",121.5]
[11708,"RALO FOFO SEMIESFERICO, 100 MM, PARA LAJES/ CALHAS","UN    ",13.25]
[11709,"RALO FOFO SEMIESFERICO, 150 MM, PARA LAJES/ CALHAS","UN    ",31.14]
[11710,"RALO FOFO SEMIESFERICO, 200 MM, PARA LAJES/ CALHAS","UN    ",71.599999999999994]
[11707,"RALO FOFO SEMIESFERICO, 75 MM, PARA LAJES/ CALHAS","UN    ",9.93]
[11739,"RALO SECO PVC CONICO, 100 X 40 MM,  COM GRELHA REDONDA BRANCA","UN    ",7.26]
[11711,"RALO SECO PVC CONICO, 100 X 40 MM, COM GRELHA QUADRADA","UN    ",10.64]
[5102,"RALO SECO PVC QUADRADO, 100 X 100 X 53 MM, SAIDA 40 MM, COM GRELHA BRANCA","UN    ",10.29]
[11741,"RALO SIFONADO PVC CILINDRICO, 100 X 40 MM,  COM GRELHA REDONDA BRANCA","UN    ",7.49]
[11743,"RALO SIFONADO PVC REDONDO CONICO, 100 X 40 MM, COM GRELHA  BRANCA REDONDA","UN    ",6.8]
[11745,"RALO SIFONADO PVC, QUADRADO, 100 X 100 X 53 MM, SAIDA 40 MM, COM GRELHA BRANCA","UN    ",9.66]
[25961,"RASTELEIRO","H     ",15.63]
[40985,"RASTELEIRO (MENSALISTA)","MES   ",2777.47]
[1088,"REATOR ELETRONICO BIVOLT PARA 1 LAMPADA FLUORESCENTE DE 18/20 W","UN    ",20.32]
[1087,"REATOR ELETRONICO BIVOLT PARA 1 LAMPADA FLUORESCENTE DE 36/40 W","UN    ",25.38]
[38777,"REATOR ELETRONICO BIVOLT PARA 2 LAMPADAS FLUORESCENTES DE 14 W","UN    ",50.55]
[1086,"REATOR ELETRONICO BIVOLT PARA 2 LAMPADAS FLUORESCENTES DE 18/20 W","UN    ",26.68]
[1079,"REATOR ELETRONICO BIVOLT PARA 2 LAMPADAS FLUORESCENTES DE 36/40 W","UN    ",27.58]
[39374,"REATOR INTERNO/INTEGRADO PARA LAMPADA VAPOR METALICO 400 W, ALTO FATOR DE POTENCIA","UN    ",104.31]
[1082,"REATOR P/ LAMPADA VAPOR DE SODIO 250W USO EXT","UN    ",173.38]
[12316,"REATOR P/ 1 LAMPADA VAPOR DE MERCURIO 125W USO EXT","UN    ",79.459999999999994]
[12317,"REATOR P/ 1 LAMPADA VAPOR DE MERCURIO 250W USO EXT","UN    ",94.76]
[12318,"REATOR P/ 1 LAMPADA VAPOR DE MERCURIO 400W USO EXT","UN    ",109.17]
[5104,"REBITE DE ALUMINIO VAZADO DE REPUXO, 3,2 X 8 MM (1KG = 1025 UNIDADES)","KG    ",93.15]
[26023,"REBOLO ABRASIVO RETO DE USO GERAL GRAO 36, DE 6 X 1 \" (DIAMETRO X ALTURA)","UN    ",60.15]
[2710,"REBOLO ABRASIVO RETO DE USO GERAL GRAO 36, DE 6 X 3/4 \" (DIAMETRO X ALTURA)","UN    ",48.04]
[14575,"RECICLADORA DE ASFALTO A FRIO SOBRE RODAS, LARG. FRESAGEM 2,00 M, POT. 315 KW/422 HP","UN    ",3637767.15]
[20034,"REDUCAO EXCENTRICA PVC NBR 10569 P/REDE COLET ESG PB JE 150 X 100MM","UN    ",85.62]
[20036,"REDUCAO EXCENTRICA PVC NBR 10569 P/REDE COLET ESG PB JE 200 X 150MM","UN    ",164.7]
[20037,"REDUCAO EXCENTRICA PVC NBR 10569 P/REDE COLET ESG PB JE 250 X 200MM","UN    ",310.66000000000003]
[20043,"REDUCAO EXCENTRICA PVC P/ ESG PREDIAL DN 100 X 50MM","UN    ",8.2200000000000006]
[20044,"REDUCAO EXCENTRICA PVC P/ ESG PREDIAL DN 100 X 75MM","UN    ",9.6]
[20042,"REDUCAO EXCENTRICA PVC P/ ESG PREDIAL DN 75 X 50MM","UN    ",6.96]
[20046,"REDUCAO EXCENTRICA PVC, SERIE R, DN 100 X 75 MM, PARA ESGOTO OU AGUAS PLUVIAIS PREDIAIS","UN    ",20.38]
[20047,"REDUCAO EXCENTRICA PVC, SERIE R, DN 150 X 100 MM, PARA ESGOTO OU AGUAS PLUVIAIS PREDIAIS","UN    ",55.68]
[20045,"REDUCAO EXCENTRICA PVC, SERIE R, DN 75 X 50 MM, PARA ESGOTO OU AGUAS PLUVIAIS PREDIAIS","UN    ",8.3800000000000008]
[20972,"REDUCAO FIXA TIPO STORZ, ENGATE RAPIDO 2.1/2\" X 1.1/2\", EM LATAO, PARA INSTALACAO PREDIAL COMBATE A INCENDIO PREDIAL","UN    ",89.99]
[20032,"REDUCAO PVC PBA, JE, BB, DN 75 X 50 / DE 85 X 60 MM, PARA REDE DE AGUA","UN    ",63.86]
[11321,"REDUCAO PVC PBA, JE, PB, DN 100 X 50 / DE 110 X 60 MM, PARA REDE DE AGUA","UN    ",29.11]
[11323,"REDUCAO PVC PBA, JE, PB, DN 100 X 75 / DE 110 X 85 MM, PARA REDE DE AGUA","UN    ",33.479999999999997]
[20327,"REDUCAO PVC PBA, JE, PB, DN 75 X 50 / DE 85 X 60 MM, PARA REDE DE AGUA","UN    ",19]
[25966,"REDUTOR TIPO THINNER PARA ACABAMENTO","L     ",20.57]
[13390,"REFLETOR REDONDO EM ALUMINIO ANODIZADO PARA LAMPADA VAPOR DE MERCURIO/SODIO, CORPO EM ALUMINIO COM PINTURA EPOXI, PARA LAMPADA E-27 DE 300 W, COM SUPORTE REDONDO E ALCA REGULAVEL PARA FIXACAO.","UN    ",100.28]
[6034,"REGISTRO DE ESFERA DE PASSEIO, PVC PARA POLIETILENO, 20 MM","UN    ",10.93]
[6036,"REGISTRO DE ESFERA PVC, COM BORBOLETA, COM ROSCA EXTERNA, DE 1/2\"","UN    ",14.89]
[6031,"REGISTRO DE ESFERA PVC, COM BORBOLETA, COM ROSCA EXTERNA, DE 3/4\"","UN    ",17.5]
[6029,"REGISTRO DE ESFERA PVC, COM CABECA QUADRADA, COM ROSCA EXTERNA, 1/2\"","UN    ",17.68]
[6033,"REGISTRO DE ESFERA PVC, COM CABECA QUADRADA, COM ROSCA EXTERNA, 3/4\"","UN    ",23.31]
[11672,"REGISTRO DE ESFERA, PVC, COM VOLANTE, VS, ROSCAVEL, DN 1 1/2\", COM CORPO DIVIDIDO","UN    ",50.7]
[11669,"REGISTRO DE ESFERA, PVC, COM VOLANTE, VS, ROSCAVEL, DN 1 1/4\", COM CORPO DIVIDIDO","UN    ",48.29]
[11670,"REGISTRO DE ESFERA, PVC, COM VOLANTE, VS, ROSCAVEL, DN 1/2\", COM CORPO DIVIDIDO","UN    ",18.5]
[20055,"REGISTRO DE ESFERA, PVC, COM VOLANTE, VS, ROSCAVEL, DN 1\", COM CORPO DIVIDIDO","UN    ",36.159999999999997]
[11671,"REGISTRO DE ESFERA, PVC, COM VOLANTE, VS, ROSCAVEL, DN 2\", COM CORPO DIVIDIDO","UN    ",77.599999999999994]
[6032,"REGISTRO DE ESFERA, PVC, COM VOLANTE, VS, ROSCAVEL, DN 3/4\", COM CORPO DIVIDIDO","UN    ",22.16]
[11673,"REGISTRO DE ESFERA, PVC, COM VOLANTE, VS, SOLDAVEL, DN 20 MM, COM CORPO DIVIDIDO","UN    ",17.45]
[11674,"REGISTRO DE ESFERA, PVC, COM VOLANTE, VS, SOLDAVEL, DN 25 MM, COM CORPO DIVIDIDO","UN    ",22.47]
[11675,"REGISTRO DE ESFERA, PVC, COM VOLANTE, VS, SOLDAVEL, DN 32 MM, COM CORPO DIVIDIDO","UN    ",35.68]
[11676,"REGISTRO DE ESFERA, PVC, COM VOLANTE, VS, SOLDAVEL, DN 40 MM, COM CORPO DIVIDIDO","UN    ",47.72]
[11677,"REGISTRO DE ESFERA, PVC, COM VOLANTE, VS, SOLDAVEL, DN 50 MM, COM CORPO DIVIDIDO","UN    ",49.29]
[11678,"REGISTRO DE ESFERA, PVC, COM VOLANTE, VS, SOLDAVEL, DN 60 MM, COM CORPO DIVIDIDO","UN    ",90.27]
[6038,"REGISTRO DE PRESSAO PVC, ROSCAVEL, VOLANTE SIMPLES, DE 1/2\"","UN    ",5.72]
[11718,"REGISTRO DE PRESSAO PVC, ROSCAVEL, VOLANTE SIMPLES, DE 3/4\"","UN    ",16.329999999999998]
[6037,"REGISTRO DE PRESSAO PVC, SOLDAVEL, VOLANTE SIMPLES, DE 20 MM","UN    ",11.91]
[11719,"REGISTRO DE PRESSAO PVC, SOLDAVEL, VOLANTE SIMPLES, DE 25 MM","UN    ",13.25]
[6019,"REGISTRO GAVETA BRUTO EM LATAO FORJADO, BITOLA 1 \" (REF 1509)","UN    ",49.79]
[6010,"REGISTRO GAVETA BRUTO EM LATAO FORJADO, BITOLA 1 1/2 \" (REF 1509)","UN    ",85.67]
[6017,"REGISTRO GAVETA BRUTO EM LATAO FORJADO, BITOLA 1 1/4 \" (REF 1509)","UN    ",67.86]
[6020,"REGISTRO GAVETA BRUTO EM LATAO FORJADO, BITOLA 1/2 \" (REF 1509)","UN    ",29.9]
[6028,"REGISTRO GAVETA BRUTO EM LATAO FORJADO, BITOLA 2 \" (REF 1509)","UN    ",119.33]
[6011,"REGISTRO GAVETA BRUTO EM LATAO FORJADO, BITOLA 2 1/2 \" (REF 1509)","UN    ",247.49]
[6012,"REGISTRO GAVETA BRUTO EM LATAO FORJADO, BITOLA 3 \" (REF 1509)","UN    ",299.63]
[6016,"REGISTRO GAVETA BRUTO EM LATAO FORJADO, BITOLA 3/4 \" (REF 1509)","UN    ",31.54]
[6027,"REGISTRO GAVETA BRUTO EM LATAO FORJADO, BITOLA 4 \" (REF 1509)","UN    ",624.33000000000004]
[6013,"REGISTRO GAVETA COM ACABAMENTO E CANOPLA CROMADOS, SIMPLES, BITOLA 1 \" (REF 1509)","UN    ",94.21]
[6015,"REGISTRO GAVETA COM ACABAMENTO E CANOPLA CROMADOS, SIMPLES, BITOLA 1 1/2 \" (REF 1509)","UN    ",137]
[6014,"REGISTRO GAVETA COM ACABAMENTO E CANOPLA CROMADOS, SIMPLES, BITOLA 1 1/4 \" (REF 1509)","UN    ",130.97999999999999]
[6006,"REGISTRO GAVETA COM ACABAMENTO E CANOPLA CROMADOS, SIMPLES, BITOLA 1/2 \" (REF 1509)","UN    ",68.22]
[6005,"REGISTRO GAVETA COM ACABAMENTO E CANOPLA CROMADOS, SIMPLES, BITOLA 3/4 \" (REF 1509)","UN    ",76.959999999999994]
[11756,"REGISTRO OU REGULADOR DE GAS COZINHA, VAZAO DE 2 KG/H, 2,8 KPA","UN    ",36.75]
[10904,"REGISTRO OU VALVULA GLOBO ANGULAR EM LATAO, PARA HIDRANTES EM INSTALACAO PREDIAL DE INCENDIO, 45 GRAUS, DIAMETRO DE 2 1/2\", COM VOLANTE, CLASSE DE PRESSAO DE ATE 200 PSI","UN    ",126]
[11752,"REGISTRO PRESSAO BRUTO EM LATAO FORJADO, BITOLA 1/2 \" (REF 1400)","UN    ",21.19]
[11753,"REGISTRO PRESSAO BRUTO EM LATAO FORJADO, BITOLA 3/4 \" (REF 1400)","UN    ",25.3]
[6021,"REGISTRO PRESSAO COM ACABAMENTO E CANOPLA CROMADA, SIMPLES, BITOLA 1/2 \" (REF 1416)","UN    ",70.22]
[6024,"REGISTRO PRESSAO COM ACABAMENTO E CANOPLA CROMADA, SIMPLES, BITOLA 3/4 \" (REF 1416)","UN    ",72.58]
[38379,"REGUA DE ALUMINIO PARA PEDREIRO 2 X 1 \"","M     ",46.38]
[13897,"REGUA VIBRADORA DUPLA PARA CONCRETO A GASOLINA 5,5 HP, PESO DE 60 KG, COMPRIMENTO 4 M","UN    ",5771.3]
[10640,"REGUA VIBRATORIA DE CONCRETO TRELICADA, EQUIPADA COM MOTOR A GASOLINA DE 9 HP","UN    ",12499.42]
[11086,"REJEITO DE MINERIO DE FERRO PARA PAVIMENTACAO (POSTO PEDREIRA/FORNECEDOR, SEM FRETE)","M3    ",72.959999999999994]
[34357,"REJUNTE CIMENTICIO, QUALQUER COR","KG    ",2.81]
[37329,"REJUNTE EPOXI, QUALQUER COR","KG    ",59.36]
[2510,"RELE FOTOELETRICO INTERNO E EXTERNO BIVOLT 1000 W, DE CONECTOR, SEM BASE","UN    ",25.11]
[12359,"RELE TERMICO BIMETAL PARA USO EM MOTORES TRIFASICOS, TENSAO 380 V, POTENCIA ATE 15 CV, CORRENTE NOMINAL MAXIMA 22 A","UN    ",272.95]
[5320,"REMOVEDOR DE TINTA OLEO/ESMALTE VERNIZ","L     ",41.14]
[7353,"RESINA ACRILICA BASE AGUA - COR BRANCA","L     ",22.18]
[36144,"RESPIRADOR DESCARTAVEL SEM VALVULA DE EXALACAO, PFF 1","UN    ",1.2]
[10518,"RETARDO PARA CORDEL DETONANTE","UN    ",70.08]
[36530,"RETROESCAVADEIRA SOBRE RODAS COM CARREGADEIRA, TRACAO 4 X 2, POTENCIA LIQUIDA 79 HP, PESO OPERACIONAL MINIMO DE 6570 KG, CAPACIDADE DA CARREGADEIRA DE 1,00 M3 E DA  RETROESCAVADEIRA MINIMA DE 0,20 M3, PROFUNDIDADE DE ESCAVACAO MAXIMA DE 4,37 M","UN    ",294517.31]
[6046,"RETROESCAVADEIRA SOBRE RODAS COM CARREGADEIRA, TRACAO 4 X 4, POTENCIA LIQUIDA 72 HP, PESO OPERACIONAL MINIMO DE 7140 KG, CAPACIDADE MINIMA DA CARREGADEIRA DE 0,79 M3 E DA RETROESCAVADEIRA MINIMA DE 0,18 M3, PROFUNDIDADE DE ESCAVACAO MAXIMA DE 4,50 M","UN    ",319450]
[36531,"RETROESCAVADEIRA SOBRE RODAS COM CARREGADEIRA, TRACAO 4 X 4, POTENCIA LIQUIDA 88 HP, PESO OPERACIONAL MINIMO DE 6674 KG, CAPACIDADE DA CARREGADEIRA DE 1,00 M3 E DA  RETROESCAVADEIRA MINIMA DE 0,26 M3, PROFUNDIDADE DE ESCAVACAO MAXIMA DE 4,37 M","UN    ",331137.17]
[34684,"REVESTIMENTO DE PAREDE EM GRANILITE, MARMORITE OU GRANITINA - ESP = 5 MM (INCLUSO EXECUCAO)","M2    ",196.31]
[34683,"REVESTIMENTO DE PAREDE EM GRANILITE, MARMORITE OU GRANITINA COLORIDO - ESP = 5 MM (INCLUSO EXECUCAO)","M2    ",122.69]
[533,"REVESTIMENTO EM CERAMICA ESMALTADA COMERCIAL, PEI MENOR OU IGUAL A 3, FORMATO MENOR OU IGUAL A 2025 CM2","M2    ",12.92]
[10515,"REVESTIMENTO EM CERAMICA ESMALTADA EXTRA, PEI MAIOR OU IGUAL 4, FORMATO MAIOR A 2025 CM2","M2    ",33.33]
[536,"REVESTIMENTO EM CERAMICA ESMALTADA EXTRA, PEI MENOR OU IGUAL A 3, FORMATO MENOR OU IGUAL A 2025 CM2","M2    ",21.9]
[153,"REVESTIMENTO EPOXI DE ALTA RESISTENCIA QUIMICA, ISENTO DE SOLVENTES, BICOMPONENTE","L     ",49.09]
[34682,"REVESTIMENTO PARA ESCADA EM GRANILITE, MARMORITE OU GRANITINA ESP = 8 MM (INCLUSO EXECUCAO)","M2    ",93.82]
[20205,"RIPA  APARELHADA *1,5 X 5* CM, EM MACARANDUBA, ANGELIM OU EQUIVALENTE DA REGIAO","M     ",4.28]
[4412,"RIPA NAO APARELHADA  *1 X 3* CM, EM MACARANDUBA, ANGELIM OU EQUIVALENTE DA REGIAO - BRUTA","M     ",2.56]
[4408,"RIPA NAO APARELHADA,  *1,5 X 5* CM, EM MACARANDUBA, ANGELIM OU EQUIVALENTE DA REGIAO -  BRUTA","M     ",3.2]
[10559,"ROCADEIRA COSTAL COM MOTOR A GASOLINA DE *32* CC","UN    ",2458.5]
[10664,"ROCADEIRA DESLOCAVEL, LARGURA DE TRABALHO DE 1,3 M","UN    ",6681.67]
[36250,"RODAFORRO EM PVC, PARA FORRO DE PVC, COMPRIMENTO 6 M","M     ",4.49]
[10857,"RODAPE ARDOSIA, CINZA, 10 CM, E= *1CM","M     ",6.58]
[4803,"RODAPE DE BORRACHA LISO, H = 70 MM, E = *2* MM, PARA ARGAMASSA, PRETO","M     ",23.93]
[6186,"RODAPE DE MADEIRA MACICA CUMARU/IPE CHAMPANHE OU EQUIVALENTE DA REGIAO, *1,5 X 7 CM","M     ",11.66]
[4829,"RODAPE EM MARMORE, POLIDO, BRANCO COMUM, L= *7* CM, E=  *2* CM, CORTE RETO","M     ",22.02]
[39829,"RODAPE EM POLIESTIRENO, BRANCO, H = *5* CM, E = *1,5* CM","M     ",25.48]
[20231,"RODAPE OU RODABANCADA EM GRANITO, POLIDO, TIPO ANDORINHA/ QUARTZ/ CASTELO/ CORUMBA OU OUTROS EQUIVALENTES DA REGIAO, H= 10 CM, E=  *2,0* CM","M     ",41.67]
[4804,"RODAPE PLANO PARA PISO VINILICO, H = 5 CM","M     ",18.37]
[34680,"RODAPE PRE-MOLDADO DE GRANILITE, MARMORITE OU GRANITINA L = 10 CM","M     ",28.86]
[11573,"RODIZIO TIPO NAPOLEAO PARA JANELAS DE CORRER, EM ZAMAC, COMPRIMENTO DE APROX 60 CM, COM ROLAMENTO EM ACO","UN    ",5.23]
[38401,"RODO PARA CHAO 40 CM COM CABO","UN    ",9.7899999999999991]
[11575,"ROLDANA CONCAVA DUPLA, 4 RODAS, EM ZAMAC COM CHAPA DE LATAO, ROLAMENTOS EM ACO, PARA PORTAS E JANELAS DE CORRER","UN    ",50.41]
[38179,"ROLDANA CONCAVA DUPLA, 4 RODAS, PARA PORTA DE CORRER, EM ZAMAC COM CHAPA DE ACO,  ROLAMENTO INTERNO BLINDADO DE ACO REVESTIDO EM NYLON","UN    ",41.68]
[20256,"ROLDANA PLASTICA COM PREGO, TAMANHO 30 X 30 MM, PARA INSTALACAO ELETRICA APARENTE","UN    ",0.34]
[14511,"ROLO COMPACTADOR DE PNEUS, ESTATICO, PRESSAO VARIAVEL, POTENCIA 110 HP, PESO SEM/COM LASTRO 10,8/27 T, LARGURA DE ROLAGEM 2,30 M","UN    ",595829.15]
[10642,"ROLO COMPACTADOR DE PNEUS, ESTATICO, PRESSAO VARIAVEL, POTENCIA 111 HP, PESO SEM/COM LASTRO 9,5/26,0 T, LARGURA DE ROLAGEM 1,90 M","UN    ",561300]
[14489,"ROLO COMPACTADOR PE DE CARNEIRO VIBRATORIO, POTENCIA 125 HP, PESO OPERACIONAL SEM/COM LASTRO 11,95/13,30 T, IMPACTO DINAMICO 38,5/22,5 T, LARGURA DE TRABALHO 2,15 M","UN    ",497862.65]
[14513,"ROLO COMPACTADOR PE DE CARNEIRO VIBRATORIO, POTENCIA 80 HP, PESO OPERACIONAL SEM/COM LASTRO 7,4/8,8 T, LARGURA DE TRABALHO 1,68 M","UN    ",373408.81]
[13600,"ROLO COMPACTADOR VIBRATORIO DE UM CILINDRO LISO DE ACO, POTENCIA 125 HP, PESO SEM/COM LASTRO 10,75/12,92 T, IMPACTO DINAMICO 31,5/18,5 T, LARGURA TRABALHO 2,15 M","UN    ",481802.51]
[10646,"ROLO COMPACTADOR VIBRATORIO DE UM CILINDRO, ACO LISO, POTENCIA 80 HP, PESO OPERACIONAL MAXIMO 8,1 T, IMPACTO DINAMICO 16,15/9,5 T, LARGURA TRABALHO 1,68 M","UN    ",359151.67]
[6070,"ROLO COMPACTADOR VIBRATORIO PE DE CARNEIRO, COM CONTROLE REMOTO POR RADIO, POTENCIA  12,5 KW, PESO OPERACIONAL DE 1,675 T, LARGURA DE TRABALHO 0,85 M","UN    ",490736.56]
[6069,"ROLO COMPACTADOR VIBRATORIO REBOCAVEL, CILINDRO DE ACO LISO, POTENCIA DE TRACAO DE 65 CV, PESO DE 4,7 T, IMPACTO DINAMICO TOTAL DE 18,3 T, LARGURA DO ROLO 1,67 M","UN    ",108411.1]
[14626,"ROLO COMPACTADOR VIBRATORIO TANDEM, ACO LISO, POTENCIA 125 HP, PESO SEM/COM LASTRO 10,20/11,65 T, LARGURA DE TRABALHO 1,73 M","UN    ",537244.30000000005]
[6067,"ROLO COMPACTADOR VIBRATORIO TANDEM, ACO LISO, POTENCIA 58 CV, PESO SEM/COM LASTRO 6,5/9,4 T, LARGURA DE TRABALHO 1,20 M","UN    ",441021.43]
[38393,"ROLO DE ESPUMA POLIESTER 23 CM (SEM CABO)","UN    ",13.5]
[38390,"ROLO DE LA DE CARNEIRO 23 CM (SEM CABO)","UN    ",29.94]
[36532,"ROMPEDOR ELETRICO PESO 26 KG, POTENCIA OPERACIONAL DE 2,5 KW","UN    ",14862.65]
[11578,"ROSETA QUADRADA, SEM FUROS, EM ACO INOX POLIDO, LARGURA APROXIMADA DE 50 MM, PARA FECHADURA DE PORTA - PARAFUSOS INCLUIDOS","UN    ",10.88]
[11577,"ROSETA REDONDA DE SOBREPOR, SEM FUROS, EM ACO INOX POLIDO, DIAMETRO APROXIMADO DE 50 MM, PARA FECHADURA DE PORTA - PARAFUSOS INCLUIDOS","UN    ",10.39]
[42432,"ROTACAO DIAGONAL DUPLA, APARELHO TRIPLO, EM TUBO DE ACO CARBONO, PINTURA NO PROCESSO ELETROSTATICO - EQUIPAMENTO DE GINASTICA PARA ACADEMIA AO AR LIVRE / ACADEMIA DA TERCEIRA IDADE - ATI","UN    ",1921.77]
[42437,"ROTACAO VERTICAL DUPLO, EM TUBO DE ACO CARBONO, PINTURA NO PROCESSO ELETROSTATICO - EQUIPAMENTO DE GINASTICA PARA ACADEMIA AO AR LIVRE / ACADEMIA DA TERCEIRA IDADE - ATI","UN    ",1461.06]
[1116,"RUFO EXTERNO DE CHAPA DE ACO GALVANIZADA NUM 26, CORTE 25 CM","M     ",23.37]
[1115,"RUFO EXTERNO DE CHAPA DE ACO GALVANIZADA NUM 26, CORTE 28 CM","M     ",28]
[1113,"RUFO EXTERNO/INTERNO DE CHAPA DE ACO GALVANIZADA NUM 26, CORTE 33 CM","M     ",32.74]
[1114,"RUFO INTERNO DE CHAPA DE ACO GALVANIZADA NUM 26, CORTE 50 CM","M     ",39]
[40873,"RUFO INTERNO/EXTERNO DE CHAPA DE ACO GALVANIZADA NUM 24, CORTE 25 CM","M     ",30.52]
[20214,"RUFO PARA TELHA ESTRUTURAL DE FIBROCIMENTO 1 ABA (SEM AMIANTO)","UN    ",33.020000000000003]
[11064,"RUFO PARA TELHA ESTRUTURAL DE FIBROCIMENTO 2 ABAS, COMPRIMENTO DE 1031 MM (SEM AMIANTO)","UN    ",14]
[7237,"RUFO PARA TELHA ONDULADA DE FIBROCIMENTO, E = 6 MM, ABA *260* MM, COMPRIMENTO 1100 MM (SEM AMIANTO)","UN    ",19.100000000000001]
[11757,"SABONETEIRA DE PAREDE EM METAL CROMADO","UN    ",24.78]
[11758,"SABONETEIRA PLASTICA TIPO DISPENSER PARA SABONETE LIQUIDO COM RESERVATORIO 800 A 1500 ML","UN    ",39.44]
[37526,"SACO DE RAFIA PARA ENTULHO, NOVO, LISO (SEM CLICHE), *60 x 90* CM","UN    ",2.66]
[6076,"SAIBRO PARA ARGAMASSA (COLETADO NO COMERCIO)","M3    ",55.72]
[13109,"SAPATA DE PVC ADITIVADO NERVURADO D = 6\"","UN    ",254.43]
[13110,"SAPATA DE PVC ADITIVADO NERVURADO D = 8\"","UN    ",334.84]
[7581,"SAPATILHA EM ACO GALVANIZADO PARA CABOS COM DIAMETRO NOMINAL ATE 5/8\"","UN    ",2.99]
[4509,"SARRAFO *2,5 X 10* CM EM PINUS, MISTA OU EQUIVALENTE DA REGIAO - BRUTA","M     ",2.81]
[4512,"SARRAFO *2,5 X 5* CM EM PINUS, MISTA OU EQUIVALENTE DA REGIAO - BRUTA","M     ",1.34]
[4517,"SARRAFO *2,5 X 7,5* CM EM PINUS, MISTA OU EQUIVALENTE DA REGIAO - BRUTA","M     ",1.94]
[20206,"SARRAFO APARELHADO *2 X 10* CM, EM MACARANDUBA, ANGELIM OU EQUIVALENTE DA REGIAO","M     ",11.55]
[4460,"SARRAFO NAO APARELHADO *2,5 X 10* CM, EM MACARANDUBA, ANGELIM OU EQUIVALENTE DA REGIAO -  BRUTA","M     ",11.85]
[4417,"SARRAFO NAO APARELHADO *2,5 X 7* CM, EM MACARANDUBA, ANGELIM OU EQUIVALENTE DA REGIAO -  BRUTA","M     ",9.14]
[4415,"SARRAFO NAO APARELHADO 2,5 X 5 CM, EM MACARANDUBA, ANGELIM OU EQUIVALENTE DA REGIAO -  BRUTA","M     ",6.35]
[37373,"SEGURO - HORISTA (COLETADO CAIXA)","H     ",0.06]
[40864,"SEGURO - MENSALISTA (COLETADO CAIXA)","MES   ",11.13]
[4734,"SEIXO ROLADO PARA APLICACAO EM CONCRETO (POSTO PEDREIRA/FORNECEDOR, SEM FRETE)","M3    ",103.83]
[6085,"SELADOR ACRILICO PAREDES INTERNAS/EXTERNAS","L     ",7.73]
[38396,"SELADOR HORIZONTAL PARA FITA DE ACO 1 \"","UN    ",323.35000000000002]
[6090,"SELADOR PVA PAREDES INTERNAS","L     ",14.69]
[11622,"SELANTE A BASE DE ALCATRAO E POLIURETANO PARA JUNTAS HORIZONTAIS","KG    ",36.99]
[43143,"SELANTE ACRILICO PARA TRATAMENTO / ACABAMENTO SUPERFICIAL DE CONCRETO ESTAMPADO, APARENTE, PEDRAS E OUTROS","L     ",13.97]
[7317,"SELANTE DE BASE ASFALTICA PARA VEDACAO","KG    ",26.93]
[142,"SELANTE ELASTICO MONOCOMPONENTE A BASE DE POLIURETANO (PU) PARA JUNTAS DIVERSAS","310ML ",17.45]
[43142,"SELANTE MONOCOMPONENTE A BASE DE SILICONE DE BAIXO MODULO, PARA JUNTAS DE PAVIMENTACAO","L     ",79.290000000000006]
[38123,"SELANTE TIPO VEDA CALHA PARA METAL E FIBROCIMENTO","KG    ",54.55]
[42701,"SELIM COMPACTO EM PVC, SEM TRAVA,  DN 150 X 100 MM, PARA REDE COLETORA ESGOTO (NBR 10569)","UN    ",39.82]
[42702,"SELIM COMPACTO EM PVC, SEM TRAVA,  DN 200 X 100 MM, PARA REDE COLETORA ESGOTO (NBR 10569)","UN    ",70.75]
[37955,"SELIM COMPACTO EM PVC, SEM TRAVAS,  DN 300 X 100 MM, PARA REDE COLETORA ESGOTO (NBR 10569)","UN    ",91.7]
[42699,"SELIM PVC, COM TRAVA, JE, 90 GRAUS,  DN 125 X 100 MM OU 150 X 100 MM, PARA REDE COLETORA ESGOTO (NBR 10569)","UN    ",24.32]
[42700,"SELIM PVC, SOLDAVEL, SEM TRAVA, JE, 90 GRAUS,  DN 200 X 100 MM, PARA REDE COLETORA ESGOTO (NBR 10569)","UN    ",69.34]
[37743,"SEMIRREBOQUE COM DOIS EIXOS EM TANDEM TIPO BASCULANTE COM CACAMBA METALICA 14 M3  (INCLUI MONTAGEM, NAO INCLUI CAVALO MECANICO)","UN    ",143941.6]
[37744,"SEMIRREBOQUE COM TRES EIXOS EM TANDEM TIPO BASCULANTE COM CACAMBA METALICA 18 M3 (INCLUI MONTAGEM, NAO INCLUI CAVALO MECANICO)","UN    ",169248.25]
[37741,"SEMIRREBOQUE COM TRES EIXOS, PARA TRANSPORTE DE CARGA SECA, DIMENSOES APROXIMADAS 2,60 X 12,50 X 0,50 M (NAO INCLUI CAVALO MECANICO)","UN    ",130885.31]
[39396,"SENSOR DE PRESENCA BIVOLT COM FOTOCELULA PARA QUALQUER TIPO DE LAMPADA, POTENCIA MAXIMA *1000* W, USO EXTERNO","UN    ",49.18]
[39392,"SENSOR DE PRESENCA BIVOLT DE PAREDE COM FOTOCELULA PARA QUALQUER TIPO DE LAMPADA POTENCIA MAXIMA *1000* W, USO INTERNO","UN    ",55.48]
[39393,"SENSOR DE PRESENCA BIVOLT DE PAREDE SEM FOTOCELULA PARA QUALQUER TIPO DE LAMPADA POTENCIA MAXIMA *1000* W, USO INTERNO","UN    ",34.31]
[39394,"SENSOR DE PRESENCA BIVOLT DE TETO COM FOTOCELULA PARA QUALQUER TIPO DE LAMPADA POTENCIA MAXIMA *1000* W, USO INTERNO","UN    ",38.619999999999997]
[39395,"SENSOR DE PRESENCA BIVOLT DE TETO SEM FOTOCELULA PARA QUALQUER TIPO DE LAMPADA POTENCIA MAXIMA *900* W, USO INTERNO","UN    ",35.909999999999997]
[14618,"SERRA CIRCULAR DE BANCADA COM MOTOR ELETRICO, POTENCIA DE *1600* W, PARA DISCO DE DIAMETRO DE 10\" (250 MM)","UN    ",1176.17]
[40269,"SERRA CIRCULAR DE BANCADA, MODELO PICA-PAU, DIAMETRO DE 350 MM. CARACTERISTICAS DO MOTOR: TRIFASICO, POTENCIA DE 5 HP, FREQUENCIA DE 60 HZ","UN    ",4738.7]
[6110,"SERRALHEIRO","H     ",17.87]
[40910,"SERRALHEIRO (MENSALISTA)","MES   ",3172.04]
[6111,"SERVENTE DE OBRAS","H     ",11.69]
[41084,"SERVENTE DE OBRAS (MENSALISTA)","MES   ",2075.34]
[25950,"SERVICO DE BOMBEAMENTO DE CONCRETO COM CONSUMO MINIMO DE 40 M3","M3    ",30.74]
[38637,"SIFAO EM METAL CROMADO PARA PIA AMERICANA, 1.1/2 X 1.1/2 \"","UN    ",159.83000000000001]
[6150,"SIFAO EM METAL CROMADO PARA PIA AMERICANA, 1.1/2 X 2 \"","UN    ",161.78]
[6136,"SIFAO EM METAL CROMADO PARA PIA OU LAVATORIO, 1 X 1.1/2 \"","UN    ",127.17]
[38638,"SIFAO EM METAL CROMADO PARA TANQUE, 1.1/4 X 1.1/2 \"","UN    ",134.68]
[20262,"SIFAO PLASTICO EXTENSIVEL UNIVERSAL, TIPO COPO","UN    ",14.42]
[6148,"SIFAO PLASTICO FLEXIVEL SAIDA VERTICAL PARA COLUNA LAVATORIO, 1 X 1.1/2 \"","UN    ",8.35]
[6145,"SIFAO PLASTICO TIPO COPO PARA PIA AMERICANA 1.1/2 X 1.1/2 \"","UN    ",14.99]
[6149,"SIFAO PLASTICO TIPO COPO PARA PIA OU LAVATORIO, 1 X 1.1/2 \"","UN    ",14.13]
[6146,"SIFAO PLASTICO TIPO COPO PARA TANQUE, 1.1/4 X 1.1/2 \"","UN    ",15]
[26026,"SILICA ATIVA PARA ADICAO EM CONCRETO E ARGAMASSA","KG    ",1.46]
[39961,"SILICONE ACETICO USO GERAL INCOLOR 280 G","UN    ",11.53]
[42433,"SIMULADOR DE CAMINHADA TRIPLO, EM TUBO DE ACO CARBONO, PINTURA NO PROCESSO ELETROSTATICO - EQUIPAMENTO DE GINASTICA PARA ACADEMIA AO AR LIVRE / ACADEMIA DA TERCEIRA IDADE - ATI","UN    ",3795.91]
[42434,"SIMULADOR DE CAVALGADA TRIPLO, EM TUBO DE ACO CARBONO, PINTURA NO PROCESSO ELETROSTATICO - EQUIPAMENTO DE GINASTICA PARA ACADEMIA AO AR LIVRE / ACADEMIA DA TERCEIRA IDADE - ATI","UN    ",4102.04]
[42435,"SIMULADOR DE REMO INDIVIDUAL, EM TUBO DE ACO CARBONO, PINTURA NO PROCESSO ELETROSTATICO - EQUIPAMENTO DE GINASTICA PARA ACADEMIA AO AR LIVRE / ACADEMIA DA TERCEIRA IDADE - ATI","UN    ",2045.53]
[38061,"SINALIZADOR NOTURNO SIMPLES PARA PARA-RAIOS, SEM RELE FOTOELETRICO","UN    ",57.76]
[20250,"SISAL EM FIBRA","KG    ",12]
[39965,"SISTEMA DE FORMAS MANUSEAVEIS DE ALUMINIO, PARA BLOCO RESID. COM PAREDES DE CONCRETO MOLDADAS IN LOCO, BLOCO COM 4 PAV. E 4 UNIDADES POR PAV., UNIDADE HABITACIONALCOM 48 M2 E 2 QUARTOS; TELHA DE FIBROCIMENTO (COLETADO CAIXA)","M2    ",1771.67]
[39964,"SISTEMA DE FORMAS MANUSEAVEIS DE ALUMINIO, PARA EDIF. RESID. UNIFAMILIAR COM PAREDES DE CONCRETO MOLDADAS IN LOCO, UNIDADE HABITACIONAL TERREA COM 38 M2, COM SALA, CIRCULACAO, 2 QUARTOS, BANHEIRO, COZINHA E TANQUE EXTERNO (SEM COBERTURA) (COLETADO CAIXA)","M2    ",1427.31]
[13388,"SOLDA EM BARRA DE ESTANHO-CHUMBO 50/50","KG    ",185.85]
[39914,"SOLDA EM VARETA FOSCOPER, D = *2,5* MM  X COMPRIMENTO 500 MM","KG    ",180.1]
[12732,"SOLDA ESTANHO/COBRE PARA CONEXOES DE COBRE, FIO 2,5 MM, CARRETEL 500 GR (SEM CHUMBO)","UN    ",207.81]
[6160,"SOLDADOR","H     ",17.87]
[41087,"SOLDADOR (MENSALISTA)","MES   ",3172.04]
[6166,"SOLDADOR ELETRICO (PARA SOLDA A SER TESTADA COM RAIOS \"X\")","H     ",21.26]
[41088,"SOLDADOR ELETRICO (PARA SOLDA A SER TESTADA COM RAIOS \"X\") (MENSALISTA)","MES   ",3773.77]
[20232,"SOLEIRA EM GRANITO, POLIDO, TIPO ANDORINHA/ QUARTZ/ CASTELO/ CORUMBA OU OUTROS EQUIVALENTES DA REGIAO, L= *15* CM, E=  *2,0* CM","M     ",58.99]
[10856,"SOLEIRA PRE-MOLDADA EM GRANILITE, MARMORITE OU GRANITINA, L = *15 CM","M     ",79.39]
[4828,"SOLEIRA/ PEITORIL EM MARMORE, POLIDO, BRANCO COMUM, L= *15* CM, E=  *2* CM,  CORTE RETO","M     ",32.869999999999997]
[20249,"SOLEIRA/ TABEIRA EM MARMORE, POLIDO, BRANCO COMUM, L= 5 CM, E=  *2,0* CM","M     ",18]
[11609,"SOLUCAO ASFALTICA ELASTOMERICA PARA IMPRIMACAO, APLICACAO A FRIO","L     ",6.14]
[20083,"SOLUCAO LIMPADORA PARA PVC, FRASCO COM 1000 CM3","UN    ",50.99]
[20082,"SOLUCAO LIMPADORA PARA PVC, FRASCO COM 200 CM3","UN    ",19.86]
[5318,"SOLVENTE DILUENTE A BASE DE AGUARRAS","L     ",15.3]
[10691,"SOLVENTE PARA COLA (PARA LAMINADO MELAMINICO) A BASE DE RESINA SINTETICA","L     ",38.630000000000003]
[12295,"SOQUETE DE BAQUELITE BASE E27, PARA LAMPADAS","UN    ",2.91]
[12296,"SOQUETE DE PORCELANA BASE E27, FIXO DE TETO, PARA LAMPADAS","UN    ",3.76]
[12294,"SOQUETE DE PORCELANA BASE E27, PARA USO AO TEMPO, PARA LAMPADAS","UN    ",9.0399999999999991]
[14543,"SOQUETE DE PVC / TERMOPLASTICO BASE E27, COM CHAVE, PARA LAMPADAS","UN    ",6.45]
[13329,"SOQUETE DE PVC / TERMOPLASTICO BASE E27, COM RABICHO, PARA LAMPADAS","UN    ",3.79]
[21044,"SPRINKLER TIPO PENDENTE, 68 GRAUS CELSIUS (BULBO VERMELHO), ACABAMENTO CROMADO, 1/2\" - 15 MM","UN    ",44.3]
[21045,"SPRINKLER TIPO PENDENTE, 68 GRAUS CELSIUS (BULBO VERMELHO), ACABAMENTO CROMADO, 3/4\" - 20 MM","UN    ",60.67]
[21040,"SPRINKLER TIPO PENDENTE, 68 GRAUS CELSIUS (BULBO VERMELHO), ACABAMENTO NATURAL, 1/2\" - 15 MM","UN    ",43.35]
[21041,"SPRINKLER TIPO PENDENTE, 68 GRAUS CELSIUS (BULBO VERMELHO), ACABAMENTO NATURAL, 3/4\" - 20 MM","UN    ",52.33]
[21047,"SPRINKLER TIPO PENDENTE, 79 GRAUS CELSIUS (BULBO AMARELO), ACABAMENTO CROMADO, 3/4\" - 20 MM","UN    ",65.31]
[21043,"SPRINKLER TIPO PENDENTE, 79 GRAUS CELSIUS (BULBO AMARELO), ACABAMENTO NATURAL, 3/4\" - 20 MM","UN    ",63.59]
[21042,"SPRINKLER TIPO PENDENTE, 79 GRAUS CELSIUS (BULBO AMARELO,) ACABAMENTO NATURAL OU CROMADO, 1/2\" - 15 MM","UN    ",50.34]
[14149,"SUPORTE \"Y\" PARA FITA PERFURADA","CENTO ",236.96]
[38099,"SUPORTE DE FIXACAO PARA ESPELHO / PLACA 4\" X 2\", PARA 3 MODULOS, PARA INSTALACAO DE TOMADAS E INTERRUPTORES (SOMENTE SUPORTE)","UN    ",1.1599999999999999]
[38100,"SUPORTE DE FIXACAO PARA ESPELHO / PLACA 4\" X 4\", PARA 6 MODULOS, PARA INSTALACAO DE TOMADAS E INTERRUPTORES (SOMENTE SUPORTE)","UN    ",1.91]
[20061,"SUPORTE DE PVC PARA CALHA PLUVIAL, DIAMETRO ENTRE 119 E 170 MM, PARA DRENAGEM PREDIAL","UN    ",3.17]
[7576,"SUPORTE EM ACO GALVANIZADO PARA TRANSFORMADOR PARA POSTE DUPLO T 185 X 95 MM, CHAPA DE 5/16\"","UN    ",123.07]
[3384,"SUPORTE GUIA SIMPLES COM ROLDANA EM POLIPROPILENO PARA CHUMBAR, H = 20 CM","UN    ",4.6900000000000004]
[7572,"SUPORTE ISOLADOR REFORCADO DIAMETRO NOMINAL 5/16\", COM ROSCA SOBERBA E BUCHA","UN    ",9.24]
[3396,"SUPORTE ISOLADOR SIMPLES DIAMETRO NOMINAL 5/16\", COM ROSCA SOBERBA E BUCHA","UN    ",6.54]
[37590,"SUPORTE MAO-FRANCESA EM ACO, ABAS IGUAIS 30 CM, CAPACIDADE MINIMA 60 KG, BRANCO","UN    ",16.27]
[37591,"SUPORTE MAO-FRANCESA EM ACO, ABAS IGUAIS 40 CM, CAPACIDADE MINIMA 70 KG, BRANCO","UN    ",19.559999999999999]
[12626,"SUPORTE METALICO PARA CALHA PLUVIAL,  ZINCADO, DOBRADO, DIAMETRO ENTRE 119 E 170 MM, PARA DRENAGEM PREDIAL","UN    ",15.21]
[11033,"SUPORTE PARA CALHA DE 150 MM EM FERRO GALVANIZADO","UN    ",6.65]
[390,"SUPORTE PARA TUBO DIAMETRO NOMINAL 2\", COM ROSCA MECANICA","UN    ",13.14]
[42436,"SURF DUPLO, EM TUBO DE ACO CARBONO, PINTURA NO PROCESSO ELETROSTATICO - EQUIPAMENTO DE GINASTICA PARA ACADEMIA AO AR LIVRE / ACADEMIA DA TERCEIRA IDADE - ATI","UN    ",2141.09]
[6193,"TABUA  NAO  APARELHADA  *2,5 X 20* CM, EM MACARANDUBA, ANGELIM OU EQUIVALENTE DA REGIAO - BRUTA","M     ",23.74]
[6194,"TABUA *2,5 X 15 CM EM PINUS, MISTA OU EQUIVALENTE DA REGIAO - BRUTA","M     ",3.95]
[10567,"TABUA *2,5 X 23* CM EM PINUS, MISTA OU EQUIVALENTE DA REGIAO - BRUTA","M     ",6.26]
[6212,"TABUA *2,5 X 30 CM EM PINUS, MISTA OU EQUIVALENTE DA REGIAO - BRUTA","M     ",9.19]
[3993,"TABUA APARELHADA *2,5 X 15* CM, EM MACARANDUBA, ANGELIM OU EQUIVALENTE DA REGIAO","M2    ",23.01]
[3990,"TABUA APARELHADA *2,5 X 25* CM, EM MACARANDUBA, ANGELIM OU EQUIVALENTE DA REGIAO","M     ",28.87]
[3992,"TABUA APARELHADA *2,5 X 30* CM, EM MACARANDUBA, ANGELIM OU EQUIVALENTE DA REGIAO","M     ",38.979999999999997]
[6178,"TABUA DE  MADEIRA PARA PISO, CUMARU/IPE CHAMPANHE OU EQUIVALENTE DA REGIAO, ENCAIXE MACHO/FEMEA, *10 X 2* CM","M2    ",194.58]
[6180,"TABUA DE  MADEIRA PARA PISO, CUMARU/IPE CHAMPANHE OU EQUIVALENTE DA REGIAO, ENCAIXE MACHO/FEMEA, *15 X 2* CM","M2    ",210]
[6182,"TABUA DE  MADEIRA PARA PISO, IPE (CERNE) OU EQUIVALENTE DA REGIAO, ENCAIXE MACHO/FEMEA, *20 X 2* CM","M2    ",260.66000000000003]
[43614,"TABUA NAO APARELHADA *2,5 X 15* CM, EM MACARANDUBA, ANGELIM OU EQUIVALENTE DA REGIAO - BRUTA","M     ",19.5]
[6189,"TABUA NAO APARELHADA *2,5 X 30* CM, EM MACARANDUBA, ANGELIM OU EQUIVALENTE DA REGIAO - BRUTA","M     ",34.65]
[6214,"TACO DE MADEIRA PARA PISO, IPE (CERNE) OU EQUIVALENTE DA REGIAO, 7 X 42 CM, E = 2 CM","M2    ",121.88]
[36153,"TALABARTE DE SEGURANCA, 2 MOSQUETOES TRAVA DUPLA *53* MM DE ABERTURA, COM ABSORVEDOR DE ENERGIA","UN    ",144.44999999999999]
[10740,"TALHA ELETRICA 3 T, VELOCIDADE  2,1 M / MIN, POTENCIA 1,3 KW","UN    ",11788.23]
[13914,"TALHA MANUAL DE CORRENTE, CAPACIDADE DE 1 T COM ELEVACAO DE 3 M","UN    ",852.92]
[10742,"TALHA MANUAL DE CORRENTE, CAPACIDADE DE 2 T COM ELEVACAO DE 3 M","UN    ",1244]
[38465,"TALHADEIRA COM PUNHO DE PROTECAO *20 X 250* MM","UN    ",19.52]
[7543,"TAMPA CEGA EM PVC PARA CONDULETE 4 X 2\"","UN    ",5.0599999999999996]
[43427,"TAMPA DE CONCRETO ARMADO PARA FOSSA SEPTICA, DIAMETRO NOMINAL DE 3,00 M E ESPESSURA MINIMA DE 100 MM","UN    ",1168.0899999999999]
[41613,"TAMPA DE CONCRETO ARMADO PARA FOSSA, D = *0,90* M, E = 0,05 M","UN    ",75.08]
[41614,"TAMPA DE CONCRETO ARMADO PARA FOSSA, D = *1,10* M, E = 0,05 M","UN    ",95.67]
[41615,"TAMPA DE CONCRETO ARMADO PARA FOSSA, D = *1,35* M, E = 0,05 M","UN    ",147.87]
[41616,"TAMPA DE CONCRETO ARMADO PARA FOSSA, D = 1,50 M, E = 0,05 M","UN    ",220.94]
[41617,"TAMPA DE CONCRETO ARMADO PARA FOSSA, D = 2,00 M, E = 0,05 M","UN    ",439.32]
[41618,"TAMPA DE CONCRETO ARMADO PARA FOSSA, D = 2,50 M, E = 0,05 M","UN    ",808.76]
[43428,"TAMPA DE CONCRETO ARMADO PARA POCO DE INSPECAO, COM FURO E TAMPINHA, DIAMETRO NOMINAL DE 3,00 M E ESPESSURA MINIMA DE 100 MM","UN    ",1420.61]
[41619,"TAMPA DE CONCRETO ARMADO PARA POCO, COM  FURO E TAMPINHA, D = *0,90* M, E = 0,05 M","UN    ",92.04]
[41620,"TAMPA DE CONCRETO ARMADO PARA POCO, COM  FURO E TAMPINHA, D = *1,10* M, E = 0,05 M","UN    ",116.26]
[41622,"TAMPA DE CONCRETO ARMADO PARA POCO, COM  FURO E TAMPINHA, D = *1,35* M, E = 0,05 M","UN    ",201.64]
[41623,"TAMPA DE CONCRETO ARMADO PARA POCO, COM  FURO E TAMPINHA, D = 1,50 M, E = 0,05 M","UN    ",310.02999999999997]
[41624,"TAMPA DE CONCRETO ARMADO PARA POCO, COM  FURO E TAMPINHA, D = 2,00 M, E = 0,05 M","UN    ",581.32000000000005]
[41625,"TAMPA DE CONCRETO ARMADO PARA POCO, COM  FURO E TAMPINHA, D = 2,50 M, E = 0,05 M","UN    ",894.39]
[39352,"TAMPA PARA CONDULETE, EM PVC, PARA TOMADA HEXAGONAL","UN    ",3.12]
[39346,"TAMPA PARA CONDULETE, EM PVC, PARA 1 INTERRUPTOR","UN    ",3.12]
[39350,"TAMPA PARA CONDULETE, EM PVC, PARA 1 MODULO RJ","UN    ",3.36]
[39351,"TAMPA PARA CONDULETE, EM PVC, PARA 2 MODULOS RJ","UN    ",3.89]
[38952,"TAMPAO / CAP, ROSCA FEMEA, METALICO, PARA TUBO PEX, DN 1/2\"","UN    ",3.6]
[38953,"TAMPAO / CAP, ROSCA FEMEA, METALICO, PARA TUBO PEX, DN 3/4\"","UN    ",5.67]
[38835,"TAMPAO / CAP, ROSCA MACHO, PARA TUBO PEX, DN 1/2\"","UN    ",5.09]
[38837,"TAMPAO / CAP, ROSCA MACHO, PARA TUBO PEX, DN 1\"","UN    ",13.24]
[38836,"TAMPAO / CAP, ROSCA MACHO, PARA TUBO PEX, DN 3/4\"","UN    ",7.33]
[2666,"TAMPAO / TERMINAL / PLUG, D = 1 1/4\" , PARA DUTO CORRUGADO PEAD (CABEAMENTO SUBTERRANEO)","UN    ",5.45]
[2668,"TAMPAO / TERMINAL / PLUG, D = 2\" , PARA DUTO CORRUGADO PEAD (CABEAMENTO SUBTERRANEO)","UN    ",6.22]
[2664,"TAMPAO / TERMINAL / PLUG, D = 3\" , PARA DUTO CORRUGADO PEAD (CABEAMENTO SUBTERRANEO)","UN    ",9.18]
[2662,"TAMPAO / TERMINAL / PLUG, D = 4\" , PARA DUTO CORRUGADO PEAD (CABEAMENTO SUBTERRANEO)","UN    ",11.26]
[20964,"TAMPAO COM CORRENTE, EM LATAO, ENGATE RAPIDO 1 1/2\", PARA INSTALACAO PREDIAL DE COMBATE A INCENDIO","UN    ",49.19]
[10905,"TAMPAO COM CORRENTE, EM LATAO, ENGATE RAPIDO 2 1/2\", PARA INSTALACAO PREDIAL DE COMBATE A INCENDIO","UN    ",65.989999999999995]
[42703,"TAMPAO COMPLETO PARA TIL, EM PVC, OCRE, DN 100 MM, PARA REDE COLETORA DE ESGOTO","UN    ",77.92]
[42704,"TAMPAO COMPLETO PARA TIL, EM PVC, OCRE, DN 150 MM, PARA REDE COLETORA DE ESGOTO","UN    ",119.62]
[42705,"TAMPAO COMPLETO PARA TIL, EM PVC, OCRE, DN 200 MM, PARA REDE COLETORA DE ESGOTO","UN    ",152.62]
[42706,"TAMPAO COMPLETO PARA TIL, EM PVC, OCRE, DN 250 MM, PARA REDE COLETORA DE ESGOTO","UN    ",189.01]
[11289,"TAMPAO FOFO ARTICULADO P/ REGISTRO, CLASSE A15 CARGA MAX 1,5 T, *200 X 200* MM","UN    ",54]
[11241,"TAMPAO FOFO ARTICULADO P/ REGISTRO, CLASSE A15 CARGA MAXIMA 1,5 T, *400 X 400* MM","UN    ",135]
[11301,"TAMPAO FOFO ARTICULADO, CLASSE B125 CARGA MAX 12,5 T, REDONDO TAMPA 600 MM, REDE PLUVIAL/ESGOTO","UN    ",342.34]
[21090,"TAMPAO FOFO ARTICULADO, CLASSE D400 CARGA MAX 40 T, REDONDO TAMPA *600 MM, REDE PLUVIAL/ESGOTO","UN    ",419.48]
[14112,"TAMPAO FOFO SIMPLES COM BASE, CLASSE A15 CARGA MAX 1,5 T, *400 X 600* MM, REDE TELEFONE","UN    ",175.02]
[11315,"TAMPAO FOFO SIMPLES COM BASE, CLASSE A15 CARGA MAX 1,5 T, 300 X 300 MM, REDE PLUVIAL/ESGOTO","UN    ",81.96]
[11292,"TAMPAO FOFO SIMPLES COM BASE, CLASSE A15 CARGA MAX 1,5 T, 300 X 400 MM","UN    ",191.9]
[21071,"TAMPAO FOFO SIMPLES COM BASE, CLASSE A15 CARGA MAX 1,5 T, 400 X 400 MM, REDE PLUVIAL/ESGOTO/ELETRICA","UN    ",125.36]
[11293,"TAMPAO FOFO SIMPLES COM BASE, CLASSE A15 CARGA MAX 1,5 T, 400 X 500 MM, COM INSCRICAO INCENDIO","UN    ",212.15]
[11316,"TAMPAO FOFO SIMPLES COM BASE, CLASSE B125 CARGA MAX 12,5 T, REDONDO TAMPA 500 MM, REDE PLUVIAL/ESGOTO","UN    ",270.01]
[6243,"TAMPAO FOFO SIMPLES COM BASE, CLASSE B125 CARGA MAX 12,5 T, REDONDO TAMPA 600 MM, REDE PLUVIAL/ESGOTO","UN    ",311]
[21079,"TAMPAO FOFO SIMPLES COM BASE, CLASSE D400 CARGA MAX 40 T, REDONDO TAMPA 500 MM, REDE PLUVIAL/ESGOTO","UN    ",370.78]
[6240,"TAMPAO FOFO SIMPLES COM BASE, CLASSE D400 CARGA MAX 40 T, REDONDO TAMPA 600 MM, REDE PLUVIAL/ESGOTO","UN    ",411.77]
[11296,"TAMPAO FOFO SIMPLES COM BASE, CLASSE D400 CARGA MAX 40 T, REDONDO TAMPA 900 MM, REDE PLUVIAL/ESGOTO","UN    ",1311.98]
[11299,"TAMPAO FOFO SIMPLES, CLASSE A15 CARGA MAX 1,5 T, *550 X 1100* MM, REDE TELEFONE","UN    ",444.07]
[11066,"TAMPAO PARA TELHA ESTRUTURAL DE FIBROCIMENTO 1 ABA, DE 370 X 155 X 76 MM (SEM AMIANTO)","UN    ",11.62]
[11065,"TAMPAO PARA TELHA ESTRUTURAL DE FIBROCIMENTO 2 ABAS, DE 787 X 215 X 60 MM (SEM AMIANTO)","UN    ",13.32]
[11688,"TANQUE ACO INOXIDAVEL (ACO 304) COM ESFREGADOR E VALVULA, DE *50 X 40 X 22* CM","UN    ",395.59]
[37736,"TANQUE DE ACO CARBONO NAO REVESTIDO, PARA TRANSPORTE DE AGUA COM CAPACIDADE DE 10 M3, COM BOMBA CENTRIFUGA POR TOMADA DE FORCA, VAZAO MAXIMA *75* M3/H (INCLUI MONTAGEM, NAO INCLUI CAMINHAO)","UN    ",63000]
[37739,"TANQUE DE ACO PARA TRANSPORTE DE AGUA COM CAPACIDADE DE 14 M3 (INCLUI MONTAGEM, NAO INCLUI CAMINHAO)","UN    ",77538.45]
[37740,"TANQUE DE ACO PARA TRANSPORTE DE AGUA COM CAPACIDADE DE 4 M3 (INCLUI MONTAGEM, NAO INCLUI CAMINHAO)","UN    ",44247.48]
[37738,"TANQUE DE ACO PARA TRANSPORTE DE AGUA COM CAPACIDADE DE 6 M3 (INCLUI MONTAGEM, NAO INCLUI CAMINHAO)","UN    ",52570.23]
[37737,"TANQUE DE ACO PARA TRANSPORTE DE AGUA COM CAPACIDADE DE 8 M3 (INCLUI MONTAGEM, NAO INCLUI CAMINHAO)","UN    ",41824.410000000003]
[25014,"TANQUE DE ASFALTO ESTACIONARIO COM MACARICO, CAPACIDADE 20.000 L","UN    ",87599.49]
[25013,"TANQUE DE ASFALTO ESTACIONARIO COM SERPENTINA, CAPACIDADE 20.000 L","UN    ",91813.54]
[14405,"TANQUE DE ASFALTO ESTACIONARIO COM SERPENTINA, CAPACIDADE 30.000 L","UN    ",107774.24]
[36790,"TANQUE DUPLO EM MARMORE SINTETICO COM CUBA LISA E ESFREGADOR, *110 X 60* CM","UN    ",241.88]
[20271,"TANQUE LOUCA BRANCA COM COLUNA *30* L","UN    ",567.16999999999996]
[10423,"TANQUE LOUCA BRANCA SUSPENSO *20* L","UN    ",351.77]
[37589,"TANQUE SIMPLES EM MARMORE SINTETICO COM COLUNA, CAPACIDADE *22* L, *60 X 46* CM","UN    ",296.36]
[11690,"TANQUE SIMPLES EM MARMORE SINTETICO DE FIXAR NA PAREDE, CAPACIDADE *22* L, *60 X 46* CM","UN    ",157.43]
[20234,"TANQUE SIMPLES EM MARMORE SINTETICO SUSPENSO, CAPACIDADE *38* L, *60 X 60* CM","UN    ",199.23]
[4763,"TAQUEADOR OU TAQUEIRO","H     ",21.92]
[41070,"TAQUEADOR OU TAQUEIRO (MENSALISTA)","MES   ",3892.55]
[14583,"TARIFA \"A\" ENTRE  0 E 20M3 FORNECIMENTO D'AGUA","M3    ",19.11]
[11457,"TARJETA LIVRE / OCUPADO PARA PORTA DE BANHEIRO, CORPO EM ZAMAC E ESPELHO EM LATAO","UN    ",41.21]
[21121,"TE CPVC, SOLDAVEL, 90 GRAUS, 15 MM, PARA AGUA QUENTE PREDIAL","UN    ",3.12]
[38010,"TE CPVC, SOLDAVEL, 90 GRAUS, 22 MM, PARA AGUA QUENTE PREDIAL","UN    ",5.0999999999999996]
[38011,"TE CPVC, SOLDAVEL, 90 GRAUS, 28 MM, PARA AGUA QUENTE PREDIAL","UN    ",9.41]
[38012,"TE CPVC, SOLDAVEL, 90 GRAUS, 35 MM, PARA AGUA QUENTE PREDIAL","UN    ",32.15]
[38013,"TE CPVC, SOLDAVEL, 90 GRAUS, 42 MM, PARA AGUA QUENTE PREDIAL","UN    ",41.74]
[38014,"TE CPVC, SOLDAVEL, 90 GRAUS, 54 MM, PARA AGUA QUENTE PREDIAL","UN    ",67.930000000000007]
[38015,"TE CPVC, SOLDAVEL, 90 GRAUS, 73 MM, PARA AGUA QUENTE PREDIAL","UN    ",164.03]
[38016,"TE CPVC, SOLDAVEL, 90 GRAUS, 89 MM, PARA AGUA QUENTE PREDIAL","UN    ",199.58]
[12741,"TE DE COBRE (REF 611) SEM ANEL DE SOLDA, BOLSA X BOLSA X BOLSA, 104 MM","UN    ",997.86]
[12733,"TE DE COBRE (REF 611) SEM ANEL DE SOLDA, BOLSA X BOLSA X BOLSA, 15 MM","UN    ",5.0199999999999996]
[12734,"TE DE COBRE (REF 611) SEM ANEL DE SOLDA, BOLSA X BOLSA X BOLSA, 22 MM","UN    ",10.7]
[12735,"TE DE COBRE (REF 611) SEM ANEL DE SOLDA, BOLSA X BOLSA X BOLSA, 28 MM","UN    ",17.600000000000001]
[12736,"TE DE COBRE (REF 611) SEM ANEL DE SOLDA, BOLSA X BOLSA X BOLSA, 35 MM","UN    ",40.24]
[12737,"TE DE COBRE (REF 611) SEM ANEL DE SOLDA, BOLSA X BOLSA X BOLSA, 42 MM","UN    ",51.85]
[12738,"TE DE COBRE (REF 611) SEM ANEL DE SOLDA, BOLSA X BOLSA X BOLSA, 54 MM","UN    ",102.47]
[12739,"TE DE COBRE (REF 611) SEM ANEL DE SOLDA, BOLSA X BOLSA X BOLSA, 66 MM","UN    ",291.7]
[12740,"TE DE COBRE (REF 611) SEM ANEL DE SOLDA, BOLSA X BOLSA X BOLSA, 79 MM","UN    ",456.38]
[6297,"TE DE FERRO GALVANIZADO, DE 1 1/2\"","UN    ",30.93]
[6296,"TE DE FERRO GALVANIZADO, DE 1 1/4\"","UN    ",24.41]
[6294,"TE DE FERRO GALVANIZADO, DE 1/2\"","UN    ",6.96]
[6323,"TE DE FERRO GALVANIZADO, DE 1\"","UN    ",15.95]
[6299,"TE DE FERRO GALVANIZADO, DE 2 1/2\"","UN    ",93.03]
[6298,"TE DE FERRO GALVANIZADO, DE 2\"","UN    ",48.99]
[6295,"TE DE FERRO GALVANIZADO, DE 3/4\"","UN    ",9.91]
[6322,"TE DE FERRO GALVANIZADO, DE 3\"","UN    ",124.6]
[6300,"TE DE FERRO GALVANIZADO, DE 4\"","UN    ",229.72]
[6321,"TE DE FERRO GALVANIZADO, DE 5\"","UN    ",328.14]
[6301,"TE DE FERRO GALVANIZADO, DE 6\"","UN    ",769.13]
[7105,"TE DE INSPECAO, PVC,  100 X 75 MM, SERIE NORMAL PARA ESGOTO PREDIAL","UN    ",44.32]
[20183,"TE DE INSPECAO, PVC, SERIE R, 100 X 75 MM, PARA ESGOTO OU AGUAS PLUVIAIS PREDIAIS","UN    ",58.35]
[38448,"TE DE INSPECAO, PVC, SERIE R, 150 X 100 MM, PARA ESGOTO OU AGUAS PLUVIAIS PREDIAIS","UN    ",274.18]
[20182,"TE DE INSPECAO, PVC, SERIE R, 75 X 75 MM, PARA ESGOTO OU AGUAS PLUVIAIS PREDIAIS","UN    ",33.31]
[7119,"TE DE REDUCAO COM ROSCA, PVC, 90 GRAUS, 1 X 3/4\", PARA AGUA FRIA PREDIAL","UN    ",10.75]
[7120,"TE DE REDUCAO COM ROSCA, PVC, 90 GRAUS, 3/4 X 1/2\", PARA AGUA FRIA PREDIAL","UN    ",7.37]
[6319,"TE DE REDUCAO DE FERRO GALVANIZADO, COM ROSCA BSP, DE 1 1/2\" X 1\"","UN    ",36.340000000000003]
[6304,"TE DE REDUCAO DE FERRO GALVANIZADO, COM ROSCA BSP, DE 1 1/2\" X 3/4\"","UN    ",36.340000000000003]
[21116,"TE DE REDUCAO DE FERRO GALVANIZADO, COM ROSCA BSP, DE 1 1/4\" X 3/4\"","UN    ",27.52]
[6320,"TE DE REDUCAO DE FERRO GALVANIZADO, COM ROSCA BSP, DE 1\" X 1/2\"","UN    ",18.71]
[6303,"TE DE REDUCAO DE FERRO GALVANIZADO, COM ROSCA BSP, DE 1\" X 3/4\"","UN    ",18.71]
[6308,"TE DE REDUCAO DE FERRO GALVANIZADO, COM ROSCA BSP, DE 2 1/2\" X 1 1/2\"","UN    ",100.55]
[6317,"TE DE REDUCAO DE FERRO GALVANIZADO, COM ROSCA BSP, DE 2 1/2\" X 1 1/4\"","UN    ",100.55]
[6307,"TE DE REDUCAO DE FERRO GALVANIZADO, COM ROSCA BSP, DE 2 1/2\" X 1\"","UN    ",100.55]
[6309,"TE DE REDUCAO DE FERRO GALVANIZADO, COM ROSCA BSP, DE 2 1/2\" X 2\"","UN    ",103.47]
[6318,"TE DE REDUCAO DE FERRO GALVANIZADO, COM ROSCA BSP, DE 2\" X 1 1/2\"","UN    ",54.24]
[6306,"TE DE REDUCAO DE FERRO GALVANIZADO, COM ROSCA BSP, DE 2\" X 1 1/4\"","UN    ",54.24]
[6305,"TE DE REDUCAO DE FERRO GALVANIZADO, COM ROSCA BSP, DE 2\" X 1\"","UN    ",54.24]
[6302,"TE DE REDUCAO DE FERRO GALVANIZADO, COM ROSCA BSP, DE 3/4\" X 1/2\"","UN    ",11.5]
[6312,"TE DE REDUCAO DE FERRO GALVANIZADO, COM ROSCA BSP, DE 3\" X 1 1/2\"","UN    ",144.63999999999999]
[6311,"TE DE REDUCAO DE FERRO GALVANIZADO, COM ROSCA BSP, DE 3\" X 1 1/4\"","UN    ",144.63999999999999]
[6310,"TE DE REDUCAO DE FERRO GALVANIZADO, COM ROSCA BSP, DE 3\" X 1\"","UN    ",144.63999999999999]
[6314,"TE DE REDUCAO DE FERRO GALVANIZADO, COM ROSCA BSP, DE 3\" X 2 1/2\"","UN    ",144.63999999999999]
[6313,"TE DE REDUCAO DE FERRO GALVANIZADO, COM ROSCA BSP, DE 3\" X 2\"","UN    ",144.63999999999999]
[6315,"TE DE REDUCAO DE FERRO GALVANIZADO, COM ROSCA BSP, DE 4\" X 2\"","UN    ",273.86]
[6316,"TE DE REDUCAO DE FERRO GALVANIZADO, COM ROSCA BSP, DE 4\" X 3\"","UN    ",273.86]
[38878,"TE DE REDUCAO METALICO, PARA CONEXAO COM ANEL DESLIZANTE EM TUBO PEX, DN 16 X 20 X 16 MM","UN    ",18.63]
[38879,"TE DE REDUCAO METALICO, PARA CONEXAO COM ANEL DESLIZANTE EM TUBO PEX, DN 16 X 25 X 16 MM","UN    ",34.92]
[38881,"TE DE REDUCAO METALICO, PARA CONEXAO COM ANEL DESLIZANTE EM TUBO PEX, DN 20 X 16 X 16 MM","UN    ",18.27]
[38880,"TE DE REDUCAO METALICO, PARA CONEXAO COM ANEL DESLIZANTE EM TUBO PEX, DN 20 X 16 X 20 MM","UN    ",19.149999999999999]
[38882,"TE DE REDUCAO METALICO, PARA CONEXAO COM ANEL DESLIZANTE EM TUBO PEX, DN 20 X 20 X 16 MM","UN    ",19.829999999999998]
[38883,"TE DE REDUCAO METALICO, PARA CONEXAO COM ANEL DESLIZANTE EM TUBO PEX, DN 20 X 25 X 20 MM","UN    ",29.33]
[38884,"TE DE REDUCAO METALICO, PARA CONEXAO COM ANEL DESLIZANTE EM TUBO PEX, DN 25 X 16 X 16 MM","UN    ",31.84]
[38885,"TE DE REDUCAO METALICO, PARA CONEXAO COM ANEL DESLIZANTE EM TUBO PEX, DN 25 X 16 X 20 MM","UN    ",30.8]
[38886,"TE DE REDUCAO METALICO, PARA CONEXAO COM ANEL DESLIZANTE EM TUBO PEX, DN 25 X 16 X 25 MM","UN    ",33.24]
[38887,"TE DE REDUCAO METALICO, PARA CONEXAO COM ANEL DESLIZANTE EM TUBO PEX, DN 25 X 20 X 20 MM","UN    ",29.85]
[38888,"TE DE REDUCAO METALICO, PARA CONEXAO COM ANEL DESLIZANTE EM TUBO PEX, DN 25 X 20 X 25 MM","UN    ",35.49]
[38890,"TE DE REDUCAO METALICO, PARA CONEXAO COM ANEL DESLIZANTE EM TUBO PEX, DN 25 X 32 X 25 MM","UN    ",52.75]
[38893,"TE DE REDUCAO METALICO, PARA CONEXAO COM ANEL DESLIZANTE EM TUBO PEX, DN 32 X 20 X 32 MM","UN    ",42.42]
[38894,"TE DE REDUCAO METALICO, PARA CONEXAO COM ANEL DESLIZANTE EM TUBO PEX, DN 32 X 25 X 25 MM","UN    ",53.88]
[38896,"TE DE REDUCAO METALICO, PARA CONEXAO COM ANEL DESLIZANTE EM TUBO PEX, DN 32 X 25 X 32 MM","UN    ",54.94]
[39324,"TE DE REDUCAO, CPVC, 22 X 15 MM, PARA AGUA QUENTE PREDIAL","UN    ",6.91]
[39325,"TE DE REDUCAO, CPVC, 28 X 22 MM, PARA AGUA QUENTE PREDIAL","UN    ",10.46]
[39326,"TE DE REDUCAO, CPVC, 35 X 28 MM, PARA AGUA QUENTE PREDIAL","UN    ",26.94]
[39327,"TE DE REDUCAO, CPVC, 42 X 35 MM, PARA AGUA QUENTE PREDIAL","UN    ",40.81]
[20176,"TE DE REDUCAO, PVC LEVE, CURTO, 90 GRAUS, COM BOLSA PARA ANEL, 150 X 100 MM, PARA ESGOTO","UN    ",50.28]
[11378,"TE DE REDUCAO, PVC PBA, BBB, JE, DN 100 X 50 / DE 110 X 60 MM, PARA REDE AGUA (NBR 10351)","UN    ",91.07]
[11379,"TE DE REDUCAO, PVC PBA, BBB, JE, DN 100 X 75 / DE 110 X 85 MM, PARA REDE AGUA (NBR 10351)","UN    ",76.95]
[11493,"TE DE REDUCAO, PVC PBA, BBB, JE, DN 75 X 50 / DE 85 X 60 MM, PARA REDE AGUA (NBR 10351)","UN    ",44.38]
[42717,"TE DE REDUCAO, PVC, BBB, JE, 90 GRAUS, DN 200 X 150 MM, PARA TUBO CORRUGADO E/OU LISO, REDE COLETORA ESGOTO (NBR 10569)","UN    ",463.71]
[42718,"TE DE REDUCAO, PVC, BBB, JE, 90 GRAUS, DN 250 X 150 MM, PARA TUBO CORRUGADO E/OU LISO, REDE COLETORA ESGOTO (NBR 10569)","UN    ",514.82000000000005]
[7106,"TE DE REDUCAO, PVC, SOLDAVEL, 90 GRAUS, 110 MM X 60 MM, PARA AGUA FRIA PREDIAL","UN    ",174.82]
[7104,"TE DE REDUCAO, PVC, SOLDAVEL, 90 GRAUS, 25 MM X 20 MM, PARA AGUA FRIA PREDIAL","UN    ",3.64]
[7136,"TE DE REDUCAO, PVC, SOLDAVEL, 90 GRAUS, 32 MM X 25 MM, PARA AGUA FRIA PREDIAL","UN    ",6.85]
[7128,"TE DE REDUCAO, PVC, SOLDAVEL, 90 GRAUS, 40 MM X 32 MM, PARA AGUA FRIA PREDIAL","UN    ",11.23]
[7108,"TE DE REDUCAO, PVC, SOLDAVEL, 90 GRAUS, 50 MM X 20 MM, PARA AGUA FRIA PREDIAL","UN    ",12.01]
[7129,"TE DE REDUCAO, PVC, SOLDAVEL, 90 GRAUS, 50 MM X 25 MM, PARA AGUA FRIA PREDIAL","UN    ",9.99]
[7130,"TE DE REDUCAO, PVC, SOLDAVEL, 90 GRAUS, 50 MM X 32 MM, PARA AGUA FRIA PREDIAL","UN    ",16.29]
[7131,"TE DE REDUCAO, PVC, SOLDAVEL, 90 GRAUS, 50 MM X 40 MM, PARA AGUA FRIA PREDIAL","UN    ",19.98]
[7132,"TE DE REDUCAO, PVC, SOLDAVEL, 90 GRAUS, 75 MM X 50 MM, PARA AGUA FRIA PREDIAL","UN    ",55.48]
[7133,"TE DE REDUCAO, PVC, SOLDAVEL, 90 GRAUS, 85 MM X 60 MM, PARA AGUA FRIA PREDIAL","UN    ",86.17]
[37420,"TE DE SERVICO INTEGRADO, EM POLIPROPILENO (PP), PARA TUBOS EM PEAD/PVC, 60 X 20 MM - LIGACAO PREDIAL DE AGUA","UN    ",40.33]
[37421,"TE DE SERVICO INTEGRADO, EM POLIPROPILENO (PP), PARA TUBOS EM PEAD/PVC, 60 X 32 MM - LIGACAO PREDIAL DE AGUA","UN    ",55.12]
[37422,"TE DE SERVICO INTEGRADO, EM POLIPROPILENO (PP), PARA TUBOS EM PEAD, 63 X 20 MM - LIGACAO PREDIAL DE AGUA","UN    ",51.59]
[37443,"TE DE SERVICO, PEAD PE 100, DE 125 X 20 MM, PARA ELETROFUSAO","UN    ",146.13]
[37444,"TE DE SERVICO, PEAD PE 100, DE 125 X 32 MM, PARA ELETROFUSAO","UN    ",148.61000000000001]
[37445,"TE DE SERVICO, PEAD PE 100, DE 125 X 63 MM, PARA ELETROFUSAO","UN    ",225.25]
[37446,"TE DE SERVICO, PEAD PE 100, DE 200 X 20 MM, PARA ELETROFUSAO","UN    ",245.56]
[37447,"TE DE SERVICO, PEAD PE 100, DE 200 X 32 MM, PARA ELETROFUSAO","UN    ",249.4]
[37448,"TE DE SERVICO, PEAD PE 100, DE 200 X 63 MM, PARA ELETROFUSAO","UN    ",342.1]
[37440,"TE DE SERVICO, PEAD PE 100, DE 63 X 20 MM, PARA ELETROFUSAO","UN    ",115.99]
[37441,"TE DE SERVICO, PEAD PE 100, DE 63 X 32 MM, PARA ELETROFUSAO","UN    ",115.99]
[37442,"TE DE SERVICO, PEAD PE 100, DE 63 X 63 MM, PARA ELETROFUSAO","UN    ",139.69999999999999]
[38017,"TE DE TRANSICAO, CPVC, SOLDAVEL, 15 MM X 1/2\", PARA AGUA QUENTE","UN    ",9.83]
[38018,"TE DE TRANSICAO, CPVC, SOLDAVEL, 22 MM X 1/2\", PARA AGUA QUENTE","UN    ",10.85]
[39895,"TE DUPLA CURVA BRONZE/LATAO (REF 764) SEM ANEL DE SOLDA, ROSCA F X BOLSA X ROSCA F, 1/2\" X 15 X 1/2\"","UN    ",36.25]
[39896,"TE DUPLA CURVA BRONZE/LATAO (REF 764) SEM ANEL DE SOLDA, ROSCA F X BOLSA X ROSCA F, 3/4\" X 22 X 3/4\"","UN    ",53.13]
[38873,"TE METALICO, PARA CONEXAO COM ANEL DESLIZANTE EM TUBO PEX, DN 16 MM","UN    ",16.52]
[38874,"TE METALICO, PARA CONEXAO COM ANEL DESLIZANTE EM TUBO PEX, DN 20 MM","UN    ",20.09]
[38875,"TE METALICO, PARA CONEXAO COM ANEL DESLIZANTE EM TUBO PEX, DN 25 MM","UN    ",35.51]
[38876,"TE METALICO, PARA CONEXAO COM ANEL DESLIZANTE EM TUBO PEX, DN 32 MM","UN    ",47.78]
[39000,"TE MISTURADOR COM INSERTO METALICO, FEMEA, PPR, DN 25 MM X 3/4\", PARA AGUA QUENTE E FRIA PREDIAL","UN    ",21.14]
[38674,"TE MISTURADOR DE TRANSICAO, CPVC, COM ROSCA, 22 MM X 3/4\", PARA AGUA QUENTE","UN    ",34.18]
[38911,"TE MISTURADOR METALICO, PARA CONEXAO COM ANEL DESLIZANTE EM TUBO PEX, DN 16 MM X 1/2\"","UN    ",59.25]
[38912,"TE MISTURADOR METALICO, PARA CONEXAO COM ANEL DESLIZANTE EM TUBO PEX, DN 20 MM X 3/4\"","UN    ",75.3]
[38019,"TE MISTURADOR, CPVC, SOLDAVEL, 15 MM, PARA AGUA QUENTE","UN    ",8.57]
[38020,"TE MISTURADOR, CPVC, SOLDAVEL, 22 MM, PARA AGUA QUENTE","UN    ",10.85]
[38454,"TE MISTURADOR, PPR, F M M, DN 20 X 20 MM, PARA AGUA QUENTE PREDIAL","UN    ",3.86]
[38455,"TE MISTURADOR, PPR, F M M, DN 25 X 25 MM, PARA AGUA QUENTE PREDIAL","UN    ",3.53]
[38462,"TE NORMAL, PPR, SOLDAVEL, 90 GRAUS, DN 110 X 110 X 110 MM, PARA AGUA QUENTE PREDIAL","UN    ",99.72]
[36362,"TE NORMAL, PPR, SOLDAVEL, 90 GRAUS, DN 20 X 20 X 20 MM, PARA AGUA QUENTE PREDIAL","UN    ",1.52]
[36298,"TE NORMAL, PPR, SOLDAVEL, 90 GRAUS, DN 25 X 25 X 25 MM, PARA AGUA QUENTE PREDIAL","UN    ",2.25]
[38456,"TE NORMAL, PPR, SOLDAVEL, 90 GRAUS, DN 32 X 32 X 32 MM, PARA AGUA QUENTE PREDIAL","UN    ",3.67]
[38457,"TE NORMAL, PPR, SOLDAVEL, 90 GRAUS, DN 40 X 40 X 40 MM, PARA AGUA QUENTE PREDIAL","UN    ",8.27]
[38458,"TE NORMAL, PPR, SOLDAVEL, 90 GRAUS, DN 50 X 50 X 50 MM, PARA AGUA QUENTE PREDIAL","UN    ",11.08]
[38459,"TE NORMAL, PPR, SOLDAVEL, 90 GRAUS, DN 63 X 63 X 63 MM, PARA AGUA QUENTE PREDIAL","UN    ",19.559999999999999]
[38460,"TE NORMAL, PPR, SOLDAVEL, 90 GRAUS, DN 75 X 75 X 75 MM, PARA AGUA QUENTE PREDIAL","UN    ",40.85]
[38461,"TE NORMAL, PPR, SOLDAVEL, 90 GRAUS, DN 90 X 90 X 90 MM, PARA AGUA QUENTE PREDIAL","UN    ",62.31]
[7094,"TE PVC ROSCAVEL 90 GRAUS, 1\", PARA  AGUA FRIA PREDIAL","UN    ",12.59]
[7116,"TE PVC SOLDAVEL, BBB, 90 GRAUS, DN 40 MM, PARA ESGOTO SECUNDARIO PREDIAL","UN    ",3.76]
[7118,"TE PVC, ROSCAVEL, 90 GRAUS, 1 1/2\", AGUA FRIA PREDIAL","UN    ",27.8]
[7117,"TE PVC, ROSCAVEL, 90 GRAUS, 1 1/4\", AGUA FRIA PREDIAL","UN    ",24.71]
[7098,"TE PVC, ROSCAVEL, 90 GRAUS, 1/2\",  AGUA FRIA PREDIAL","UN    ",3.44]
[7110,"TE PVC, ROSCAVEL, 90 GRAUS, 2\",  AGUA FRIA PREDIAL","UN    ",60.45]
[7123,"TE PVC, ROSCAVEL, 90 GRAUS, 3/4\", AGUA FRIA PREDIAL","UN    ",4.43]
[7121,"TE PVC, SOLDAVEL, COM BUCHA DE LATAO NA BOLSA CENTRAL, 90 GRAUS, 20 MM X 1/2\", PARA AGUA FRIA PREDIAL","UN    ",10.92]
[7137,"TE PVC, SOLDAVEL, COM BUCHA DE LATAO NA BOLSA CENTRAL, 90 GRAUS, 25 MM X 1/2\", PARA AGUA FRIA PREDIAL","UN    ",9.83]
[7122,"TE PVC, SOLDAVEL, COM BUCHA DE LATAO NA BOLSA CENTRAL, 90 GRAUS, 25 MM X 3/4\", PARA AGUA FRIA PREDIAL","UN    ",12.29]
[7114,"TE PVC, SOLDAVEL, COM BUCHA DE LATAO NA BOLSA CENTRAL, 90 GRAUS, 32 MM X 3/4\", PARA AGUA FRIA PREDIAL","UN    ",18.940000000000001]
[7109,"TE PVC, SOLDAVEL, COM ROSCA NA BOLSA CENTRAL, 90 GRAUS, 20 MM X 1/2\", PARA AGUA FRIA PREDIAL","UN    ",3.32]
[7135,"TE PVC, SOLDAVEL, COM ROSCA NA BOLSA CENTRAL, 90 GRAUS, 25 MM X 1/2\", PARA AGUA FRIA PREDIAL","UN    ",5.18]
[37947,"TE PVC, SOLDAVEL, COM ROSCA NA BOLSA CENTRAL, 90 GRAUS, 25 MM X 3/4\", PARA AGUA FRIA PREDIAL","UN    ",5.24]
[7103,"TE PVC, SOLDAVEL, COM ROSCA NA BOLSA CENTRAL, 90 GRAUS, 32 MM X 3/4\", PARA AGUA FRIA PREDIAL","UN    ",12.02]
[40419,"TE RANHURADO EM FERRO FUNDIDO, DN 50 (2\")","UN    ",36.85]
[40420,"TE RANHURADO EM FERRO FUNDIDO, DN 65 (2 1/2\")","UN    ",53.77]
[40421,"TE RANHURADO EM FERRO FUNDIDO, DN 80 (3\")","UN    ",57.24]
[7126,"TE REDUCAO PVC, ROSCAVEL, 90 GRAUS,  1.1/2\" X 3/4\",  AGUA FRIA PREDIAL","UN    ",25.22]
[38905,"TE ROSCA FEMEA, METALICO, PARA CONEXAO COM ANEL DESLIZANTE EM TUBO PEX, DN 16 MM X 1/2\"","UN    ",18.57]
[38907,"TE ROSCA FEMEA, METALICO, PARA CONEXAO COM ANEL DESLIZANTE EM TUBO PEX, DN 20 MM X 1/2\"","UN    ",19.75]
[38908,"TE ROSCA FEMEA, METALICO, PARA CONEXAO COM ANEL DESLIZANTE EM TUBO PEX, DN 20 MM X 3/4\"","UN    ",22.23]
[38909,"TE ROSCA FEMEA, METALICO, PARA CONEXAO COM ANEL DESLIZANTE EM TUBO PEX, DN 25 MM X 1/2\"","UN    ",31.96]
[38910,"TE ROSCA FEMEA, METALICO, PARA CONEXAO COM ANEL DESLIZANTE EM TUBO PEX, DN 25 MM X 3/4\"","UN    ",34.51]
[38897,"TE ROSCA MACHO, METALICO, PARA CONEXAO COM ANEL DESLIZANTE EM TUBO PEX, DN 16 MM X 1/2\"","UN    ",18.64]
[38899,"TE ROSCA MACHO, METALICO, PARA CONEXAO COM ANEL DESLIZANTE EM TUBO PEX, DN 20 MM X 1/2\"","UN    ",20.97]
[38900,"TE ROSCA MACHO, METALICO, PARA CONEXAO COM ANEL DESLIZANTE EM TUBO PEX, DN 20 MM X 3/4\"","UN    ",21.86]
[38901,"TE ROSCA MACHO, METALICO, PARA CONEXAO COM ANEL DESLIZANTE EM TUBO PEX, DN 25 MM X 3/4\"","UN    ",35.770000000000003]
[38904,"TE ROSCA MACHO, METALICO, PARA CONEXAO COM ANEL DESLIZANTE EM TUBO PEX, DN 32 MM X 1\"","UN    ",58.1]
[38903,"TE ROSCA MACHO, METALICO, PARA CONEXAO COM ANEL DESLIZANTE EM TUBO PEX, DN 32 MM X 3/4\"","UN    ",57.74]
[7091,"TE SANITARIO, PVC, DN 100 X 100 MM, SERIE NORMAL, PARA ESGOTO PREDIAL","UN    ",17.7]
[11655,"TE SANITARIO, PVC, DN 100 X 50 MM, SERIE NORMAL, PARA ESGOTO PREDIAL","UN    ",16.91]
[11656,"TE SANITARIO, PVC, DN 100 X 75 MM, SERIE NORMAL PARA ESGOTO PREDIAL","UN    ",17.68]
[37948,"TE SANITARIO, PVC, DN 40 X 40 MM, SERIE NORMAL, PARA ESGOTO PREDIAL","UN    ",3.58]
[7097,"TE SANITARIO, PVC, DN 50 X 50 MM, SERIE NORMAL, PARA ESGOTO PREDIAL","UN    ",7.86]
[11657,"TE SANITARIO, PVC, DN 75 X 50 MM, SERIE NORMAL PARA ESGOTO PREDIAL","UN    ",15.41]
[11658,"TE SANITARIO, PVC, DN 75 X 75 MM, SERIE NORMAL PARA ESGOTO PREDIAL","UN    ",15.7]
[7146,"TE SOLDAVEL, PVC, 90 GRAUS, 110 MM, PARA AGUA FRIA PREDIAL (NBR 5648)","UN    ",187.22]
[7138,"TE SOLDAVEL, PVC, 90 GRAUS, 20 MM, PARA AGUA FRIA PREDIAL (NBR 5648)","UN    ",1.06]
[7139,"TE SOLDAVEL, PVC, 90 GRAUS, 25 MM, PARA AGUA FRIA PREDIAL (NBR 5648)","UN    ",1.39]
[7140,"TE SOLDAVEL, PVC, 90 GRAUS, 32 MM, PARA AGUA FRIA PREDIAL (NBR 5648)","UN    ",4.62]
[7141,"TE SOLDAVEL, PVC, 90 GRAUS, 40 MM, PARA AGUA FRIA PREDIAL (NBR 5648)","UN    ",10.1]
[7143,"TE SOLDAVEL, PVC, 90 GRAUS, 60 MM, PARA AGUA FRIA PREDIAL (NBR 5648)","UN    ",33.65]
[7144,"TE SOLDAVEL, PVC, 90 GRAUS, 75 MM, PARA AGUA FRIA PREDIAL (NBR 5648)","UN    ",67.31]
[7145,"TE SOLDAVEL, PVC, 90 GRAUS, 85 MM, PARA AGUA FRIA PREDIAL (NBR 5648)","UN    ",110.39]
[7142,"TE SOLDAVEL, PVC, 90 GRAUS,50 MM, PARA AGUA FRIA PREDIAL (NBR 5648)","UN    ",11.29]
[3593,"TE 45 GRAUS DE FERRO GALVANIZADO, COM ROSCA BSP, DE 1 1/2\"","UN    ",67.13]
[3588,"TE 45 GRAUS DE FERRO GALVANIZADO, COM ROSCA BSP, DE 1 1/4\"","UN    ",51.74]
[3585,"TE 45 GRAUS DE FERRO GALVANIZADO, COM ROSCA BSP, DE 1/2\"","UN    ",15.98]
[3587,"TE 45 GRAUS DE FERRO GALVANIZADO, COM ROSCA BSP, DE 1\"","UN    ",32.11]
[3590,"TE 45 GRAUS DE FERRO GALVANIZADO, COM ROSCA BSP, DE 2 1/2\"","UN    ",190.61]
[3589,"TE 45 GRAUS DE FERRO GALVANIZADO, COM ROSCA BSP, DE 2\"","UN    ",102.31]
[3586,"TE 45 GRAUS DE FERRO GALVANIZADO, COM ROSCA BSP, DE 3/4\"","UN    ",20.93]
[3592,"TE 45 GRAUS DE FERRO GALVANIZADO, COM ROSCA BSP, DE 3\"","UN    ",301.3]
[3591,"TE 45 GRAUS DE FERRO GALVANIZADO, COM ROSCA BSP, DE 4\"","UN    ",482.99]
[40396,"TE 90 GRAUS EM ACO CARBONO, SOLDAVEL, PRESSAO 3.000 LBS, DN 1 1/2\"","UN    ",92.92]
[40395,"TE 90 GRAUS EM ACO CARBONO, SOLDAVEL, PRESSAO 3.000 LBS, DN 1 1/4\"","UN    ",71.31]
[40392,"TE 90 GRAUS EM ACO CARBONO, SOLDAVEL, PRESSAO 3.000 LBS, DN 1/2\"","UN    ",22.94]
[40394,"TE 90 GRAUS EM ACO CARBONO, SOLDAVEL, PRESSAO 3.000 LBS, DN 1\"","UN    ",46.43]
[40398,"TE 90 GRAUS EM ACO CARBONO, SOLDAVEL, PRESSAO 3.000 LBS, DN 2 1/2\"","UN    ",298.12]
[40397,"TE 90 GRAUS EM ACO CARBONO, SOLDAVEL, PRESSAO 3.000 LBS, DN 2\"","UN    ",152.66999999999999]
[40393,"TE 90 GRAUS EM ACO CARBONO, SOLDAVEL, PRESSAO 3.000 LBS, DN 3/4\"","UN    ",29.55]
[40399,"TE 90 GRAUS EM ACO CARBONO, SOLDAVEL, PRESSAO 3.000 LBS, DN 3\"","UN    ",487.72]
[39322,"TE, PLASTICO, DN 16 MM, PARA CONEXAO COM CRIMPAGEM EM TUBO PEX","UN    ",22.52]
[39289,"TE, PLASTICO, DN 20 MM, PARA CONEXAO COM CRIMPAGEM EM TUBO PEX","UN    ",26.98]
[39290,"TE, PLASTICO, DN 25 MM, PARA CONEXAO COM CRIMPAGEM EM TUBO PEX","UN    ",45.79]
[39291,"TE, PLASTICO, DN 32 MM, PARA CONEXAO COM CRIMPAGEM EM TUBO PEX","UN    ",68.56]
[20174,"TE, PVC LEVE, CURTO, 90 GRAUS, 150 MM, PARA ESGOTO","UN    ",43.13]
[41892,"TE, PVC PBA, BBB, 90 GRAUS, DN 100 / DE 110 MM, PARA REDE  AGUA (NBR 10351)","UN    ",114.6]
[7048,"TE, PVC PBA, BBB, 90 GRAUS, DN 50 / DE 60 MM, PARA REDE AGUA (NBR 10351)","UN    ",24.73]
[7088,"TE, PVC PBA, BBB, 90 GRAUS, DN 75 / DE 85 MM, PARA REDE AGUA (NBR 10351)","UN    ",54.09]
[20179,"TE, PVC, SERIE R, 100 X 100 MM, PARA ESGOTO OU AGUAS PLUVIAIS PREDIAIS","UN    ",58.06]
[20178,"TE, PVC, SERIE R, 100 X 75 MM, PARA ESGOTO OU AGUAS PLUVIAIS PREDIAIS","UN    ",51.31]
[20180,"TE, PVC, SERIE R, 150 X 100 MM, PARA ESGOTO OU AGUAS PLUVIAIS PREDIAIS","UN    ",94.29]
[20181,"TE, PVC, SERIE R, 150 X 150 MM, PARA ESGOTO OU AGUAS PLUVIAIS PREDIAIS","UN    ",139.87]
[20177,"TE, PVC, SERIE R, 75 X 75 MM, PARA ESGOTO OU AGUAS PLUVIAIS PREDIAIS","UN    ",33.630000000000003]
[7082,"TE, PVC, 90 GRAUS, BBB, JE, DN 100 MM, PARA REDE COLETORA ESGOTO (NBR 10569)","UN    ",49.95]
[42707,"TE, PVC, 90 GRAUS, BBB, JE, DN 100 MM, PARA TUBO CORRUGADO E/OU LISO, REDE COLETORA ESGOTO (NBR 10569","UN    ",135.65]
[7069,"TE, PVC, 90 GRAUS, BBB, JE, DN 150 MM, PARA REDE COLETORA ESGOTO (NBR 10569)","UN    ",110.86]
[42708,"TE, PVC, 90 GRAUS, BBB, JE, DN 150 MM, PARA TUBO CORRUGADO E/OU LISO, REDE COLETORA ESGOTO (NBR 10569)","UN    ",356.06]
[7070,"TE, PVC, 90 GRAUS, BBB, JE, DN 200 MM, PARA REDE COLETORA ESGOTO (NBR 10569)","UN    ",158.75]
[42709,"TE, PVC, 90 GRAUS, BBB, JE, DN 200 MM, PARA TUBO CORRUGADO E/OU LISO, REDE COLETORA ESGOTO (NBR 10569)","UN    ",532.5]
[42710,"TE, PVC, 90 GRAUS, BBB, JE, DN 250 MM, PARA TUBO CORRUGADO E/OU LISO, REDE COLETORA ESGOTO (NBR 10569)","UN    ",1530.68]
[42716,"TE, PVC, 90 GRAUS, BBB, JE, DN 300 MM, PARA TUBO CORRUGADO E/OU LISO, REDE COLETORA ESGOTO (NBR 10569)","UN    ",1905.2]
[20172,"TE, PVC, 90 GRAUS, BBP, JE, DN 100 MM, PARA REDE COLETORA ESGOTO (NBR 10569)","UN    ",36.630000000000003]
[40945,"TECNICO DE EDIFICACOES","H     ",32.299999999999997]
[40946,"TECNICO DE EDIFICACOES (MENSALISTA)","MES   ",5735.68]
[7153,"TECNICO EM LABORATORIO E CAMPO DE CONSTRUCAO CIVIL","H     ",29.32]
[41089,"TECNICO EM LABORATORIO E CAMPO DE CONSTRUCAO CIVIL (MENSALISTA)","MES   ",5207.37]
[40943,"TECNICO EM SEGURANCA DO TRABALHO","H     ",28.06]
[40944,"TECNICO EM SEGURANCA DO TRABALHO (MENSALISTA)","MES   ",4980.95]
[6175,"TECNICO EM SONDAGEM","H     ",33.270000000000003]
[41092,"TECNICO EM SONDAGEM (MENSALISTA)","MES   ",5906.93]
[37712,"TELA ARAME GALVANIZADO REVESTIDO COM POLIMERO, MALHA HEXAGONAL DUPLA TORCAO, 8 X 10 CM (ZN/AL REVESTIDO COM POLIMERO), FIO *2,4* MM","M2    ",61.49]
[34547,"TELA DE ACO SOLDADA GALVANIZADA/ZINCADA PARA ALVENARIA, FIO  D = *1,20 A 1,70* MM, MALHA 15 X 15 MM, (C X L) *50 X 12* CM","M     ",5.93]
[34548,"TELA DE ACO SOLDADA GALVANIZADA/ZINCADA PARA ALVENARIA, FIO  D = *1,20 A 1,70* MM, MALHA 15 X 15 MM, (C X L) *50 X 17,5* CM","M     ",9.73]
[34558,"TELA DE ACO SOLDADA GALVANIZADA/ZINCADA PARA ALVENARIA, FIO D = *1,20 A 1,70* MM, MALHA 15 X 15 MM, (C X L) *50 X 10,5* CM","M     ",4.82]
[34550,"TELA DE ACO SOLDADA GALVANIZADA/ZINCADA PARA ALVENARIA, FIO D = *1,20 A 1,70* MM, MALHA 15 X 15 MM, (C X L) *50 X 6* CM","M     ",2.56]
[34557,"TELA DE ACO SOLDADA GALVANIZADA/ZINCADA PARA ALVENARIA, FIO D = *1,20 A 1,70* MM, MALHA 15 X 15 MM, (C X L) *50 X 7,5* CM","M     ",3.75]
[37411,"TELA DE ACO SOLDADA GALVANIZADA/ZINCADA PARA ALVENARIA, FIO D = *1,24 MM, MALHA 25 X 25 MM","M2    ",27.46]
[39508,"TELA DE ACO SOLDADA NERVURADA, CA-60, L-159, (1,69 KG/M2), DIAMETRO DO FIO = 4,5 MM, LARGURA = 2,45 M, ESPACAMENTO DA MALHA = 30 X 10 CM","M2    ",15.42]
[39507,"TELA DE ACO SOLDADA NERVURADA, CA-60, Q-113, (1,8 KG/M2), DIAMETRO DO FIO = 3,8 MM, LARGURA = 2,45 M, ESPACAMENTO DA MALHA = 10 X 10 CM","M2    ",23.01]
[7155,"TELA DE ACO SOLDADA NERVURADA, CA-60, Q-138, (2,20 KG/M2), DIAMETRO DO FIO = 4,2 MM, LARGURA = 2,45 M, ESPACAMENTO DA MALHA = 10  X 10 CM","M2    ",29.54]
[42406,"TELA DE ACO SOLDADA NERVURADA, CA-60, Q-159, (2,52 KG/M2), DIAMETRO DO FIO = 4,5 MM, LARGURA =  2,45 M, ESPACAMENTO DA MALHA = 10 X 10 CM","M2    ",33.869999999999997]
[7156,"TELA DE ACO SOLDADA NERVURADA, CA-60, Q-196, (3,11 KG/M2), DIAMETRO DO FIO = 5,0 MM, LARGURA = 2,45 M, ESPACAMENTO DA MALHA = 10 X 10 CM","M2    ",42.38]
[43127,"TELA DE ACO SOLDADA NERVURADA, CA-60, Q-283 (4,48 KG/M2), DIAMETRO DO FIO = 6,0 MM, LARGURA = 2,45 X 6,00 M DE COMPRIMENTO, ESPACAMENTO DA MALHA = 10 X 10 CM","M2    ",60.65]
[10917,"TELA DE ACO SOLDADA NERVURADA, CA-60, Q-61, (0,97 KG/M2), DIAMETRO DO FIO = 3,4 MM, LARGURA = 2,45 M, ESPACAMENTO DA MALHA = 15 X 15 CM","M2    ",12.8]
[21141,"TELA DE ACO SOLDADA NERVURADA, CA-60, Q-92, (1,48 KG/M2), DIAMETRO DO FIO = 4,2 MM, LARGURA = 2,45 X 60 M DE COMPRIMENTO, ESPACAMENTO DA MALHA = 15  X 15 CM","M2    ",19.82]
[39509,"TELA DE ACO SOLDADA NERVURADA, CA-60, T-196, (2,11 KG/M2), DIAMETRO DO FIO = 5,0 MM, LARGURA = 2,45 M, ESPACAMENTO DA MALHA = 30 X 10 CM","M2    ",19.059999999999999]
[25988,"TELA DE ANIAGEM (JUTA)","M2    ",10.77]
[7167,"TELA DE ARAME GALVANIZADA QUADRANGULAR / LOSANGULAR, FIO 2,11 MM (14 BWG), MALHA 5 X 5 CM, H = 2 M","M2    ",30.38]
[10928,"TELA DE ARAME GALVANIZADA QUADRANGULAR / LOSANGULAR, FIO 2,11 MM (14 BWG), MALHA 8 X 8 CM, H = 2 M","M2    ",17.46]
[10933,"TELA DE ARAME GALVANIZADA QUADRANGULAR / LOSANGULAR, FIO 2,77 MM (12 BWG), MALHA 10 X 10 CM, H = 2 M","M2    ",26.33]
[7158,"TELA DE ARAME GALVANIZADA QUADRANGULAR / LOSANGULAR, FIO 2,77 MM (12 BWG), MALHA 5 X 5 CM, H = 2 M","M2    ",44.66]
[10927,"TELA DE ARAME GALVANIZADA QUADRANGULAR / LOSANGULAR, FIO 2,77 MM (12 BWG), MALHA 8 X 8 CM, H = 2 M","M2    ",28.56]
[7162,"TELA DE ARAME GALVANIZADA QUADRANGULAR / LOSANGULAR, FIO 3,4 MM (10 BWG), MALHA 5 X 5 CM, H = 2 M","M2    ",69.89]
[10932,"TELA DE ARAME GALVANIZADA QUADRANGULAR / LOSANGULAR, FIO 4,19 MM (8 BWG), MALHA 5 X 5 CM, H = 2 M","M2    ",121.56]
[10937,"TELA DE ARAME GALVANIZADA REVESTIDA EM PVC, QUADRANGULAR / LOSANGULAR, FIO 2,11 MM (14 BWG), BITOLA FINAL = *2,8* MM, MALHA *8 X 8* CM, H = 2 M","M2    ",31.24]
[10935,"TELA DE ARAME GALVANIZADA REVESTIDA EM PVC, QUADRANGULAR / LOSANGULAR, FIO 2,77 MM (12 BWG), BITOLA FINAL = *3,8* MM, MALHA 7,5 X 7,5 CM, H = 2 M","M2    ",54.19]
[10931,"TELA DE ARAME GALVANIZADA, HEXAGONAL, FIO 0,56 MM (24 BWG), MALHA 1/2\", H = 1 M","M2    ",15.24]
[7164,"TELA DE ARAME ONDULADA, FIO *2,77* MM (12 BWG), MALHA 5 X 5 CM, H = 2 M","M2    ",50.44]
[36887,"TELA DE FIBRA DE VIDRO, ACABAMENTO ANTI-ALCALINO, MALHA 10 X 10 MM","M2    ",14.77]
[34630,"TELA EM MALHA HEXAGONAL DE DUPLA TORCAO 8 X 10 CM (ZN/AL REVESTIDO COM POLIMERO), FIO 2,7 MM, COM GEOMANTA OU BIOMANTA, DIMENSOES 4,0 X 2,0 X 0,6 M, COM INCLINACAO DE 70 GRAUS, PARA SOLO REFORCADO","UN    ",999.44]
[7161,"TELA EM METAL PARA ESTUQUE (DEPLOYE)","M2    ",6.28]
[7170,"TELA FACHADEIRA EM POLIETILENO, ROLO DE 3 X 100 M (L X C), COR BRANCA, SEM LOGOMARCA - PARA PROTECAO DE OBRAS","M2    ",2.09]
[37524,"TELA PLASTICA LARANJA, TIPO TAPUME PARA SINALIZACAO, MALHA RETANGULAR, ROLO 1.20 X 50 M (L X C)","M     ",2.0099999999999998]
[37525,"TELA PLASTICA TECIDA LISTRADA BRANCA E LARANJA, TIPO GUARDA CORPO, EM POLIETILENO MONOFILADO, ROLO 1,20 X 50 M (L X C)","M     ",2.4]
[36789,"TELHA CERAMICA TIPO AMERICANA, COMPRIMENTO DE *45* CM, RENDIMENTO DE *12* TELHAS/M2","UN    ",2.2400000000000002]
[7173,"TELHA DE BARRO / CERAMICA, NAO ESMALTADA, TIPO COLONIAL, CANAL, PLAN, PAULISTA, COMPRIMENTO DE *44 A 50* CM, RENDIMENTO DE COBERTURA DE *26* TELHAS/M2","MIL   ",1453]
[7175,"TELHA DE BARRO / CERAMICA, NAO ESMALTADA, TIPO ROMANA, AMERICANA, PORTUGUESA, FRANCESA, COMPRIMENTO DE *41* CM,  RENDIMENTO DE *16* TELHAS/M2","UN    ",1.64]
[40741,"TELHA DE CONCRETO TIPO CLASSICA, COR CINZA, COMPRIMENTO DE *42* CM,  RENDIMENTO DE *10* TELHAS/M2","UN    ",1.91]
[7184,"TELHA DE FIBRA DE VIDRO ONDULADA INCOLOR, E = 0,6 MM, DE *0,50 X 2,44* M","M2    ",31.15]
[34458,"TELHA DE FIBROCIMENTO E = 6 MM, DE 3,00 X 1,06 M (SEM AMIANTO)","UN    ",112.18]
[34464,"TELHA DE FIBROCIMENTO E = 6 MM, DE 4,10 X 1,06 M (SEM AMIANTO)","UN    ",150.5]
[34468,"TELHA DE FIBROCIMENTO E = 6 MM, DE 4,60 X 1,06 M (SEM AMIANTO)","UN    ",173.69]
[34473,"TELHA DE FIBROCIMENTO E = 8 MM, DE 3,00 X 1,06 M (SEM AMIANTO)","UN    ",142.05000000000001]
[34480,"TELHA DE FIBROCIMENTO E = 8 MM, DE 4,10 X 1,06 M (SEM AMIANTO)","UN    ",193.71]
[34486,"TELHA DE FIBROCIMENTO E = 8 MM, DE 4,60 X 1,06 M (SEM AMIANTO)","UN    ",216.96]
[7202,"TELHA DE FIBROCIMENTO E= 8 MM, DE *3,70 X 1,06* M (SEM AMIANTO)","M2    ",44.46]
[7190,"TELHA DE FIBROCIMENTO ONDULADA E = 4 MM, DE 1,22 X 0,50 M (SEM AMIANTO)","UN    ",7.63]
[34417,"TELHA DE FIBROCIMENTO ONDULADA E = 4 MM, DE 2,13 X 0,50 M (SEM AMIANTO)","UN    ",13.26]
[7191,"TELHA DE FIBROCIMENTO ONDULADA E = 4 MM, DE 2,44 X 0,50 M (SEM AMIANTO)","UN    ",15.36]
[7213,"TELHA DE FIBROCIMENTO ONDULADA E = 4 MM, DE 2,44 X 0,50 M (SEM AMIANTO)","M2    ",12.59]
[7195,"TELHA DE FIBROCIMENTO ONDULADA E = 6 MM, DE 1,53 X 1,10 M (SEM AMIANTO)","UN    ",36.61]
[7186,"TELHA DE FIBROCIMENTO ONDULADA E = 6 MM, DE 1,83 X 1,10 M (SEM AMIANTO)","UN    ",43.8]
[7194,"TELHA DE FIBROCIMENTO ONDULADA E = 6 MM, DE 2,44 X 1,10 M (SEM AMIANTO)","M2    ",21.72]
[7207,"TELHA DE FIBROCIMENTO ONDULADA E = 6 MM, DE 2,44 X 1,10 M (SEM AMIANTO)","UN    ",58.29]
[7197,"TELHA DE FIBROCIMENTO ONDULADA E = 6 MM, DE 3,66 X 1,10 M (SEM AMIANTO)","UN    ",87.58]
[7192,"TELHA DE FIBROCIMENTO ONDULADA E = 8 MM, DE 1,53 X 1,10 M (SEM AMIANTO)","UN    ",48.17]
[7193,"TELHA DE FIBROCIMENTO ONDULADA E = 8 MM, DE 1,83 X 1,10 M (SEM AMIANTO)","UN    ",57.5]
[7189,"TELHA DE FIBROCIMENTO ONDULADA E = 8 MM, DE 2,44 X 1,10 M (SEM AMIANTO)","UN    ",80.760000000000005]
[7198,"TELHA DE FIBROCIMENTO ONDULADA E = 8 MM, DE 3,66 X 1,10 M (SEM AMIANTO)","M2    ",30.06]
[34402,"TELHA DE FIBROCIMENTO ONDULADA E = 8 MM, DE 3,66 X 1,10 M (SEM AMIANTO)","UN    ",121.06]
[7245,"TELHA DE VIDRO TIPO FRANCESA, *39 X 23* CM","UN    ",38.630000000000003]
[34425,"TELHA ESTRUTURAL DE FIBROCIMENTO 1 ABA, DE 0,52 X 2,00 M (SEM AMIANTO)","UN    ",74.86]
[7223,"TELHA ESTRUTURAL DE FIBROCIMENTO 1 ABA, DE 0,52 X 2,50 M (SEM AMIANTO)","UN    ",87.24]
[7234,"TELHA ESTRUTURAL DE FIBROCIMENTO 1 ABA, DE 0,52 X 3,60 M (SEM AMIANTO)","UN    ",125.84]
[7224,"TELHA ESTRUTURAL DE FIBROCIMENTO 1 ABA, DE 0,52 X 4,00 M (SEM AMIANTO)","UN    ",138.99]
[7221,"TELHA ESTRUTURAL DE FIBROCIMENTO 1 ABA, DE 0,52 X 4,50 M (SEM AMIANTO)","M2    ",67.58]
[7210,"TELHA ESTRUTURAL DE FIBROCIMENTO 1 ABA, DE 0,52 X 4,50 M (SEM AMIANTO)","UN    ",158.15]
[7225,"TELHA ESTRUTURAL DE FIBROCIMENTO 1 ABA, DE 0,52 X 5,00 M (SEM AMIANTO)","UN    ",175.73]
[7226,"TELHA ESTRUTURAL DE FIBROCIMENTO 1 ABA, DE 0,52 X 5,50 M (SEM AMIANTO)","UN    ",193.38]
[7236,"TELHA ESTRUTURAL DE FIBROCIMENTO 1 ABA, DE 0,52 X 6,00 M (SEM AMIANTO)","UN    ",210.9]
[7227,"TELHA ESTRUTURAL DE FIBROCIMENTO 1 ABA, DE 0,52 X 6,50 M (SEM AMIANTO)","UN    ",228.48]
[7212,"TELHA ESTRUTURAL DE FIBROCIMENTO 1 ABA, DE 0,52 X 7,20 M (SEM AMIANTO)","UN    ",252.99]
[7229,"TELHA ESTRUTURAL DE FIBROCIMENTO 2 ABAS, DE 1,00 X 3,00 M (SEM AMIANTO)","UN    ",167.3]
[7230,"TELHA ESTRUTURAL DE FIBROCIMENTO 2 ABAS, DE 1,00 X 4,60 M (SEM AMIANTO)","UN    ",266.60000000000002]
[7231,"TELHA ESTRUTURAL DE FIBROCIMENTO 2 ABAS, DE 1,00 X 6,00 M (SEM AMIANTO)","UN    ",350.13]
[7220,"TELHA ESTRUTURAL DE FIBROCIMENTO 2 ABAS, DE 1,00 X 7,40 M (SEM AMIANTO)","UN    ",430.45]
[34447,"TELHA ESTRUTURAL DE FIBROCIMENTO 2 ABAS, DE 1,00 X 8,20 M (SEM AMIANTO)","UN    ",479.1]
[7233,"TELHA ESTRUTURAL DE FIBROCIMENTO 2 ABAS, DE 1,00 X 9,20 M (SEM AMIANTO)","UN    ",536.38]
[40740,"TELHA GALVALUME COM ISOLAMENTO TERMOACUSTICO EM ESPUMA RIGIDA DE POLIURETANO (PU) INJETADO, ESPESSURA DE 30 MM, DENSIDADE DE 35 KG/M3, COM DUAS FACES TRAPEZOIDAIS, ACABAMENTO NATURAL (NAO INCLUI ACESSORIOS DE FIXACAO)","M2    ",167.99]
[25007,"TELHA ONDULADA EM ACO ZINCADO, ALTURA DE 17 MM, ESPESSURA DE 0,50 MM, LARGURA UTIL DE APROXIMADAMENTE 985 MM, SEM PINTURA","M2    ",48.07]
[43071,"TELHA TERMOISOLANTE REVESTIDA EM ACO GALVALUME, FACE SUPERIOR TRAPEZOIDAL E FACE INFERIOR PLANA (NAO INCLUI ACESSORIOS DE FIXACAO), REVEST COM ESPESSURA DE 0,50 MM, COM PRE-PINTURA DE COR BRANCA NAS DUAS FACES, NUCLEO EM POLIIOCIANURATO (PIR) COM ESPESSURA DE 50 MM","M2    ",189.16]
[39520,"TELHA TERMOISOLANTE REVESTIDA EM ACO GALVANIZADO, FACE SUPERIOR EM TELHA TRAPEZOIDAL E FACE INFERIOR EM CHAPA PLANA (SEM ACESSORIOS DE FIXACAO), REVESTIMENTO COM ESPESSURA DE 0,50 MM COM PRE-PINTURA NAS DUAS FACES, NUCLEO EM POLIESTIRENO (EPS) DE 30 MM","M2    ",154.32]
[39521,"TELHA TERMOISOLANTE REVESTIDA EM ACO GALVANIZADO, FACE SUPERIOR EM TELHA TRAPEZOIDAL E FACE INFERIOR EM CHAPA PLANA (SEM ACESSORIOS DE FIXACAO), REVESTIMENTO COM ESPESSURA DE 0,50 MM COM PRE-PINTURA NAS DUAS FACES, NUCLEO EM POLIESTIRENO (EPS) DE 50 MM","M2    ",159.36000000000001]
[39522,"TELHA TERMOISOLANTE REVESTIDA EM ACO GALVANIZADO, FACES SUPERIOR E INFERIOR EM TELHA TRAPEZOIDAL (SEM ACESSORIOS DE FIXACAO), REVESTIMENTO COM ESPESSURA DE 0,50 MM COM PRE-PINTURA NAS DUAS FACES, NUCLEO EM POLIESTIRENO (EPS) DE 50 MM","M2    ",164.56]
[7243,"TELHA TRAPEZOIDAL EM ACO ZINCADO, SEM PINTURA, ALTURA DE APROXIMADAMENTE 40 MM, ESPESSURA DE 0,50 MM E LARGURA UTIL DE 980 MM","M2    ",50.23]
[11067,"TELHA TRAPEZOIDAL EM ALUMINIO, ALTURA DE *38* MM E ESPESSURA DE 0,5 MM (LARGURA TOTAL DE 1056 MM E COMPRIMENTO DE 5000 MM)","UN    ",445.7]
[11068,"TELHA TRAPEZOIDAL EM ALUMINIO, ALTURA DE *38* MM E ESPESSURA DE 0,7 MM (LARGURA TOTAL DE 1056 MM E COMPRIMENTO DE 5000 MM)","UN    ",563.07000000000005]
[7246,"TELHA VIDRO TIPO CANAL OU COLONIAL, C = 46 A 50 CM","UN    ",35.94]
[12869,"TELHADOR","H     ",20.03]
[41097,"TELHADOR  (MENSALISTA)","MES   ",3557.38]
[1574,"TERMINAL A COMPRESSAO EM COBRE ESTANHADO PARA CABO 10 MM2, 1 FURO E 1 COMPRESSAO, PARA PARAFUSO DE FIXACAO M6","UN    ",1.54]
[1581,"TERMINAL A COMPRESSAO EM COBRE ESTANHADO PARA CABO 120 MM2, 1 FURO E 1 COMPRESSAO, PARA PARAFUSO DE FIXACAO M12","UN    ",10.67]
[1575,"TERMINAL A COMPRESSAO EM COBRE ESTANHADO PARA CABO 16 MM2, 1 FURO E 1 COMPRESSAO, PARA PARAFUSO DE FIXACAO M6","UN    ",1.82]
[1570,"TERMINAL A COMPRESSAO EM COBRE ESTANHADO PARA CABO 2,5 MM2, 1 FURO E 1 COMPRESSAO, PARA PARAFUSO DE FIXACAO M5","UN    ",0.92]
[1576,"TERMINAL A COMPRESSAO EM COBRE ESTANHADO PARA CABO 25 MM2, 1 FURO E 1 COMPRESSAO, PARA PARAFUSO DE FIXACAO M8","UN    ",2.5299999999999998]
[1577,"TERMINAL A COMPRESSAO EM COBRE ESTANHADO PARA CABO 35 MM2, 1 FURO E 1 COMPRESSAO, PARA PARAFUSO DE FIXACAO M8","UN    ",2.85]
[1571,"TERMINAL A COMPRESSAO EM COBRE ESTANHADO PARA CABO 4 MM2, 1 FURO E 1 COMPRESSAO, PARA PARAFUSO DE FIXACAO M5","UN    ",1.19]
[1578,"TERMINAL A COMPRESSAO EM COBRE ESTANHADO PARA CABO 50 MM2, 1 FURO E 1 COMPRESSAO, PARA PARAFUSO DE FIXACAO M8","UN    ",4.9400000000000004]
[1573,"TERMINAL A COMPRESSAO EM COBRE ESTANHADO PARA CABO 6 MM2, 1 FURO E 1 COMPRESSAO, PARA PARAFUSO DE FIXACAO M6","UN    ",1.42]
[1579,"TERMINAL A COMPRESSAO EM COBRE ESTANHADO PARA CABO 70 MM2, 1 FURO E 1 COMPRESSAO, PARA PARAFUSO DE FIXACAO M10","UN    ",6.16]
[1580,"TERMINAL A COMPRESSAO EM COBRE ESTANHADO PARA CABO 95 MM2, 1 FURO E 1 COMPRESSAO, PARA PARAFUSO DE FIXACAO M12","UN    ",7.59]
[7571,"TERMINAL AEREO EM ACO GALVANIZADO DN 5/16\", COMPRIMENTO DE 350MM, COM BASE DE FIXACAO HORIZONTAL","UN    ",11.26]
[39321,"TERMINAL DE VENTILACAO, 100 MM, SERIE NORMAL, ESGOTO PREDIAL","UN    ",19.48]
[39319,"TERMINAL DE VENTILACAO, 50 MM, SERIE NORMAL, ESGOTO PREDIAL","UN    ",7.61]
[39320,"TERMINAL DE VENTILACAO, 75 MM, SERIE NORMAL, ESGOTO PREDIAL","UN    ",12.65]
[1591,"TERMINAL METALICO A PRESSAO PARA 1 CABO DE 120 MM2, COM 1 FURO DE FIXACAO","UN    ",23.54]
[1547,"TERMINAL METALICO A PRESSAO PARA 1 CABO DE 150 A 185 MM2, COM 2 FUROS PARA FIXACAO","UN    ",123.36]
[38196,"TERMINAL METALICO A PRESSAO PARA 1 CABO DE 150 MM2, COM 1 FURO DE FIXACAO","UN    ",24.02]
[1543,"TERMINAL METALICO A PRESSAO PARA 1 CABO DE 16 A 25 MM2, COM 2 FUROS PARA FIXACAO","UN    ",25.53]
[1585,"TERMINAL METALICO A PRESSAO PARA 1 CABO DE 16 MM2, COM 1 FURO DE FIXACAO","UN    ",4.9400000000000004]
[1593,"TERMINAL METALICO A PRESSAO PARA 1 CABO DE 185 MM2, COM 1 FURO DE FIXACAO","UN    ",26.26]
[11838,"TERMINAL METALICO A PRESSAO PARA 1 CABO DE 240 MM2, COM 1 FURO DE FIXACAO","UN    ",34.64]
[1594,"TERMINAL METALICO A PRESSAO PARA 1 CABO DE 25 A 35 MM2, COM 2 FUROS PARA FIXACAO","UN    ",35.020000000000003]
[1586,"TERMINAL METALICO A PRESSAO PARA 1 CABO DE 25 MM2, COM 1 FURO DE FIXACAO","UN    ",6.26]
[11839,"TERMINAL METALICO A PRESSAO PARA 1 CABO DE 300 MM2, COM 1 FURO DE FIXACAO","UN    ",50.41]
[1587,"TERMINAL METALICO A PRESSAO PARA 1 CABO DE 35 MM2, COM 1 FURO DE FIXACAO","UN    ",6.37]
[1545,"TERMINAL METALICO A PRESSAO PARA 1 CABO DE 50 A 70 MM2, COM 2 FUROS PARA FIXACAO","UN    ",60.49]
[1588,"TERMINAL METALICO A PRESSAO PARA 1 CABO DE 50 MM2, COM 1 FURO DE FIXACAO","UN    ",8.74]
[1535,"TERMINAL METALICO A PRESSAO PARA 1 CABO DE 6 A 10 MM2, COM 1 FURO DE FIXACAO","UN    ",5.04]
[1589,"TERMINAL METALICO A PRESSAO PARA 1 CABO DE 70 MM2, COM 1 FURO DE FIXACAO","UN    ",9.02]
[1546,"TERMINAL METALICO A PRESSAO PARA 1 CABO DE 95 A 120 MM2, COM 2 FUROS PARA FIXACAO","UN    ",102.08]
[1590,"TERMINAL METALICO A PRESSAO PARA 1 CABO DE 95 MM2, COM 1 FURO DE FIXACAO","UN    ",15.88]
[1542,"TERMINAL METALICO A PRESSAO 1 CABO, PARA CABOS DE 4 A 10 MM2, COM 2 FUROS PARA FIXACAO","UN    ",21.03]
[38415,"TERMOFUSORA PARA TUBOS E CONEXOES EM PPR COM DIAMETROS DE 20 A 63 MM, POTENCIA DE 800 W, TENSAO 220 V","UN    ",872.18]
[38414,"TERMOFUSORA PARA TUBOS E CONEXOES EM PPR COM DIAMETROS DE 75 A 110 MM, POTENCIA DE *1100* W, TENSAO 220 V","UN    ",1224.1099999999999]
[38128,"TERRA VEGETAL (ENSACADA)","KG    ",0.43]
[7253,"TERRA VEGETAL (GRANEL)","M3    ",92.14]
[43781,"TESTE","CX    ",64.75]
[4806,"TESTEIRA ANTIDERRAPANTE PARA PISO VINILICO *5 X 2,5* CM, E = 2 MM","M     ",13.89]
[34401,"TIJOLO CERAMICO LAMINADO 5,5 X 11 X 23 CM (L X A X C)","UN    ",1.56]
[7260,"TIJOLO CERAMICO MACICO APARENTE *6 X 12 X 24* CM (L X A X C)","UN    ",1.38]
[7256,"TIJOLO CERAMICO MACICO APARENTE 2 FUROS, *6,5 X 10 X 20* CM (L X A X C)","UN    ",1.37]
[7258,"TIJOLO CERAMICO MACICO COMUM *5 X 10 X 20* CM (L X A X C)","UN    ",0.56000000000000005]
[34400,"TIJOLO CERAMICO REFRATARIO 2,5 X 11,4 X 22,9 CM (L X A X C)","UN    ",2.4]
[10617,"TIJOLO CERAMICO REFRATARIO 6,3 X 11,4 X 22,9 CM (L X A X C)","UN    ",4.5999999999999996]
[7274,"TIL PARA LIGACAO PREDIAL, EM PVC, JE, BBB, DN 100 X 100 MM, PARA REDE COLETORA ESGOTO (NBR 10569)","UN    ",44.08]
[11663,"TIL TUBO QUEDA, EM PVC, JE, BBB, DN 100 X 100 MM, PARA REDE COLETORA DE ESGOTO (NBR 10569)","UN    ",362.62]
[154,"TINTA / REVESTIMENTO A BASE DE RESINA EPOXI COM ALCATRAO, BICOMPONENTE","L     ",36.9]
[38121,"TINTA A BASE DE RESINA ACRILICA EMULSIONADA EM AGUA, PARA SINALIZACAO HORIZONTAL VIARIA (NBR 13699)","L     ",13.96]
[7343,"TINTA A BASE DE RESINA ACRILICA, PARA SINALIZACAO HORIZONTAL VIARIA (NBR 11862)","L     ",14.14]
[43776,"TINTA A OLEO BRILHANTE, PARA MADEIRAS E METAIS","L     ",19.32]
[7350,"TINTA ACRILICA PARA CERAMICA","L     ",22.78]
[7348,"TINTA ACRILICA PREMIUM PARA PISO","L     ",12.78]
[7356,"TINTA ACRILICA PREMIUM, COR BRANCO FOSCO","L     ",19.149999999999999]
[7313,"TINTA ASFALTICA IMPERMEABILIZANTE DILUIDA EM SOLVENTE, PARA MATERIAIS CIMENTICIOS, METAL E MADEIRA","L     ",14.22]
[7319,"TINTA ASFALTICA IMPERMEABILIZANTE DISPERSA EM AGUA, PARA MATERIAIS CIMENTICIOS","L     ",8.14]
[38119,"TINTA BORRACHA CLORADA, ACABAMENTO SEMIBRILHO, BRANCA","L     ",79.17]
[7314,"TINTA BORRACHA CLORADA, ACABAMENTO SEMIBRILHO, CORES VIVAS","L     ",85.32]
[38131,"TINTA BORRACHA, CLORADA, ACABAMENTO SEMIBRILHO, PRETA","L     ",79.88]
[7304,"TINTA EPOXI BASE AGUA PREMIUM, BRANCA","L     ",57.25]
[43649,"TINTA ESMALTE BASE AGUA PREMIUM ACETINADO","L     ",29.61]
[43650,"TINTA ESMALTE BASE AGUA PREMIUM BRILHANTE","L     ",27.98]
[7311,"TINTA ESMALTE SINTETICO PREMIUM ACETINADO","L     ",28.66]
[7292,"TINTA ESMALTE SINTETICO PREMIUM BRILHANTE","L     ",27.75]
[7293,"TINTA ESMALTE SINTETICO PREMIUM DE DUPLA ACAO GRAFITE FOSCO PARA SUPERFICIES METALICAS FERROSAS","L     ",30.7]
[7306,"TINTA ESMALTE SINTETICO PREMIUM DE EFEITO PROTETOR DE SUPERFICIE METALICA ALUMINIO","L     ",33.880000000000003]
[7288,"TINTA ESMALTE SINTETICO PREMIUM FOSCO","L     ",28.13]
[43625,"TINTA ESMALTE SINTETICO STANDARD ACETINADO","L     ",22.71]
[43647,"TINTA ESMALTE SINTETICO STANDARD BRILHANTE","L     ",20.63]
[43648,"TINTA ESMALTE SINTETICO STANDARD FOSCO","L     ",19.91]
[35693,"TINTA LATEX ACRILICA ECONOMICA, COR BRANCA","L     ",8.7799999999999994]
[35692,"TINTA LATEX ACRILICA STANDARD, COR BRANCA","L     ",13.08]
[7342,"TINTA MINERAL IMPERMEAVEL EM PO, BRANCA","KG    ",1.56]
[39574,"TIRANTE COM ELO, EM ARAME GALVANIZADO RIGIDO, NUMERO 10, COMPRIMENTO 2000 MM, PARA PENDURAL DE FORRO REMOVIVEL","UN    ",4.18]
[11060,"TIRANTE EM FERRO GALVANIZADO PARA CONTRAVENTAMENTO DE TELHA CANALETE 90, 1/4 \" X 400 MM","UN    ",39.409999999999997]
[37401,"TOALHEIRO PLASTICO TIPO DISPENSER PARA PAPEL TOALHA INTERFOLHADO","UN    ",41.06]
[7525,"TOMADA INDUSTRIAL DE EMBUTIR 3P+T 30 A, 440 V, COM TRAVA, COM PLACA","UN    ",34.96]
[7524,"TOMADA INDUSTRIAL DE EMBUTIR 3P+T 30 A, 440 V, COM TRAVA, SEM PLACA","UN    ",32.94]
[38105,"TOMADA PARA ANTENA DE TV, CABO COAXIAL DE 9 MM (APENAS MODULO)","UN    ",8.4600000000000009]
[38084,"TOMADA PARA ANTENA DE TV, CABO COAXIAL DE 9 MM, CONJUNTO MONTADO PARA EMBUTIR 4\" X 2\" (PLACA + SUPORTE + MODULO)","UN    ",12.02]
[38103,"TOMADA RJ11, 2 FIOS (APENAS MODULO)","UN    ",12.7]
[38082,"TOMADA RJ11, 2 FIOS, CONJUNTO MONTADO PARA EMBUTIR 4\" X 2\" (PLACA + SUPORTE + MODULO)","UN    ",15.65]
[38104,"TOMADA RJ45, 8 FIOS, CAT 5E (APENAS MODULO)","UN    ",24.87]
[38083,"TOMADA RJ45, 8 FIOS, CAT 5E, CONJUNTO MONTADO PARA EMBUTIR 4\" X 2\" (PLACA + SUPORTE + MODULO)","UN    ",27.62]
[38101,"TOMADA 2P+T 10A, 250V  (APENAS MODULO)","UN    ",6.04]
[7528,"TOMADA 2P+T 10A, 250V, CONJUNTO MONTADO PARA EMBUTIR 4\" X 2\" (PLACA + SUPORTE + MODULO)","UN    ",7.1]
[12147,"TOMADA 2P+T 10A, 250V, CONJUNTO MONTADO PARA SOBREPOR 4\" X 2\" (CAIXA + MODULO)","UN    ",10.82]
[38075,"TOMADA 2P+T 20A 250V, CONJUNTO MONTADO PARA EMBUTIR 4\" X 2\" (PLACA + SUPORTE + MODULO)","UN    ",12.3]
[38102,"TOMADA 2P+T 20A, 250V  (APENAS MODULO)","UN    ",7.73]
[38076,"TOMADAS (2 MODULOS) 2P+T 10A, 250V, CONJUNTO MONTADO PARA EMBUTIR 4\" X 2\" (PLACA + SUPORTE + MODULOS)","UN    ",13.78]
[7592,"TOPOGRAFO","H     ",33.869999999999997]
[40820,"TOPOGRAFO (MENSALISTA)","MES   ",6012.8]
[11762,"TORNEIRA CROMADA COM BICO PARA JARDIM/TANQUE 1/2 \" OU 3/4 \" (REF 1153)","UN    ",59.01]
[13418,"TORNEIRA CROMADA CURTA SEM BICO PARA TANQUE, PADRAO POPULAR, 1/2 \" OU 3/4 \" (REF 1140)","UN    ",16.489999999999998]
[13984,"TORNEIRA CROMADA CURTA SEM BICO PARA USO GERAL  1/2 \" OU 3/4 \" (REF 1152)","UN    ",41.24]
[11772,"TORNEIRA CROMADA DE MESA PARA COZINHA BICA MOVEL COM AREJADOR 1/2 \" OU 3/4 \" (REF 1167)","UN    ",100.15]
[36795,"TORNEIRA CROMADA DE MESA PARA LAVATORIO COM SENSOR DE PRESENCA","UN    ",644.14]
[36796,"TORNEIRA CROMADA DE MESA PARA LAVATORIO TEMPORIZADA PRESSAO BICA BAIXA","UN    ",165.85]
[36791,"TORNEIRA CROMADA DE MESA PARA LAVATORIO, BICA ALTA (REF 1195)","UN    ",85.45]
[13415,"TORNEIRA CROMADA DE MESA PARA LAVATORIO, PADRAO POPULAR, 1/2 \" OU 3/4 \" (REF 1193)","UN    ",49.67]
[36792,"TORNEIRA CROMADA DE PAREDE LONGA PARA LAVATORIO (REF 1178)","UN    ",163.34]
[11773,"TORNEIRA CROMADA DE PAREDE PARA COZINHA BICA MOVEL COM AREJADOR 1/2 \" OU 3/4 \" (REF 1168)","UN    ",95.61]
[11775,"TORNEIRA CROMADA DE PAREDE PARA COZINHA COM AREJADOR 1/2 \" OU 3/4 \" (REF 1157)","UN    ",99.84]
[13983,"TORNEIRA CROMADA DE PAREDE PARA COZINHA COM AREJADOR, PADRAO POPULAR, 1/2 \" OU 3/4 \" (REF 1159)","UN    ",51.01]
[13416,"TORNEIRA CROMADA DE PAREDE PARA COZINHA SEM AREJADOR, PADRAO POPULAR, 1/2 \" OU 3/4 \" (REF 1158)","UN    ",41.13]
[13417,"TORNEIRA CROMADA SEM BICO PARA TANQUE 1/2 \" OU 3/4 \" (REF 1143)","UN    ",36.28]
[7604,"TORNEIRA CROMADA SEM BICO PARA TANQUE, PADRAO POPULAR, 1/2 \" OU 3/4 \" (REF 1126)","UN    ",15.71]
[11763,"TORNEIRA DE BOIA CONVENCIONAL PARA CAIXA D'AGUA, 1.1/2\", COM HASTE E TORNEIRA METALICOS E BALAO PLASTICO","UN    ",68.47]
[11764,"TORNEIRA DE BOIA CONVENCIONAL PARA CAIXA D'AGUA, 1.1/4\", COM HASTE E TORNEIRA METALICOS E BALAO PLASTICO","UN    ",73.14]
[11829,"TORNEIRA DE BOIA CONVENCIONAL PARA CAIXA D'AGUA, 1/2\", COM HASTE E TORNEIRA METALICOS E BALAO PLASTICO","UN    ",17.53]
[11825,"TORNEIRA DE BOIA CONVENCIONAL PARA CAIXA D'AGUA, 1\", COM HASTE E TORNEIRA METALICOS E BALAO PLASTICO","UN    ",30.05]
[11767,"TORNEIRA DE BOIA CONVENCIONAL PARA CAIXA D'AGUA, 2\", COM HASTE E TORNEIRA METALICOS E BALAO PLASTICO","UN    ",121.4]
[11830,"TORNEIRA DE BOIA CONVENCIONAL PARA CAIXA D'AGUA, 3/4\", COM HASTE E TORNEIRA METALICOS E BALAO PLASTICO","UN    ",18.940000000000001]
[11766,"TORNEIRA DE BOIA VAZAO TOTAL PARA CAIXA D'AGUA, 1/2\", COM HASTE E TORNEIRA METALICOS E BALAO PLASTICO","UN    ",33.67]
[11765,"TORNEIRA DE BOIA VAZAO TOTAL PARA CAIXA D'AGUA, 1\", COM HASTE E TORNEIRA METALICOS E BALAO PLASTICO","UN    ",45.85]
[11824,"TORNEIRA DE BOIA VAZAO TOTAL PARA CAIXA D'AGUA, 3/4\", COM HASTE E TORNEIRA METALICOS E BALAO PLASTICO","UN    ",34.729999999999997]
[11777,"TORNEIRA ELETRICA DE PAREDE, BICA ALTA, PARA COZINHA, 5500 W (110/220 V)","UN    ",135.96]
[7602,"TORNEIRA METAL AMARELO COM BICO PARA JARDIM, PADRAO POPULAR, 1/2 \" OU 3/4 \" (REF 1128)","UN    ",15.58]
[7603,"TORNEIRA METAL AMARELO CURTA SEM BICO PARA TANQUE, PADRAO POPULAR, 1/2 \" OU 3/4 \" (REF 1120)","UN    ",15.1]
[11826,"TORNEIRA METALICA DE BOIA CONVENCIONAL PARA CAIXA D'AGUA, 1/2 \", COM HASTE, TORNEIRA E BALAO METALICOS","UN    ",29.17]
[7606,"TORNEIRA METALICA DE BOIA CONVENCIONAL PARA CAIXA D'AGUA, 3/4 \", COM HASTE, TORNEIRA E BALAO METALICOS","UN    ",30.39]
[40329,"TORNEIRA PLASTICA DE BOIA CONVENCIONAL PARA CAIXA DE AGUA, 3/4 \", COM HASTE METALICA E COM TORNEIRA E BALAO PLASTICOS (PADRAO POPULAR)","UN    ",14.7]
[11823,"TORNEIRA PLASTICA DE BOIA PARA CAIXA DE DESCARGA,  1/2\", BALAO E TORNEIRA PLASTICOS, COM HASTE METALICA","UN    ",6.35]
[11822,"TORNEIRA PLASTICA DE MESA, BICA MOVEL, PARA COZINHA 1/2 \"","UN    ",39.14]
[11831,"TORNEIRA PLASTICA PARA TANQUE 1/2 \" OU 3/4 \" COM BICO PARA MANGUEIRA","UN    ",29.72]
[7613,"TRANSFORMADOR TRIFASICO DE DISTRIBUICAO, POTENCIA DE 1000 KVA, TENSAO NOMINAL DE 15 KV, TENSAO SECUNDARIA DE 220/127V, EM OLEO ISOLANTE TIPO MINERAL","UN    ",69965.22]
[7619,"TRANSFORMADOR TRIFASICO DE DISTRIBUICAO, POTENCIA DE 112,5 KVA, TENSAO NOMINAL DE 15 KV, TENSAO SECUNDARIA DE 220/127V, EM OLEO ISOLANTE TIPO MINERAL","UN    ",10815.12]
[12076,"TRANSFORMADOR TRIFASICO DE DISTRIBUICAO, POTENCIA DE 15 KVA, TENSAO NOMINAL DE 15 KV, TENSAO SECUNDARIA DE 220/127V, EM OLEO ISOLANTE TIPO MINERAL","UN    ",4961.0600000000004]
[7614,"TRANSFORMADOR TRIFASICO DE DISTRIBUICAO, POTENCIA DE 150 KVA, TENSAO NOMINAL DE 15 KV, TENSAO SECUNDARIA DE 220/127V, EM OLEO ISOLANTE TIPO MINERAL","UN    ",13640.45]
[7618,"TRANSFORMADOR TRIFASICO DE DISTRIBUICAO, POTENCIA DE 1500 KVA, TENSAO NOMINAL DE 15 KV, TENSAO SECUNDARIA DE 220/127V, EM OLEO ISOLANTE TIPO MINERAL","UN    ",88468.58]
[7620,"TRANSFORMADOR TRIFASICO DE DISTRIBUICAO, POTENCIA DE 225 KVA, TENSAO NOMINAL DE 15 KV, TENSAO SECUNDARIA DE 220/127V, EM OLEO ISOLANTE TIPO MINERAL","UN    ",19135.54]
[7610,"TRANSFORMADOR TRIFASICO DE DISTRIBUICAO, POTENCIA DE 30 KVA, TENSAO NOMINAL DE 15 KV, TENSAO SECUNDARIA DE 220/127V, EM OLEO ISOLANTE TIPO MINERAL","UN    ",6059.58]
[7615,"TRANSFORMADOR TRIFASICO DE DISTRIBUICAO, POTENCIA DE 300 KVA, TENSAO NOMINAL DE 15 KV, TENSAO SECUNDARIA DE 220/127V, EM OLEO ISOLANTE TIPO MINERAL","UN    ",22324.799999999999]
[7617,"TRANSFORMADOR TRIFASICO DE DISTRIBUICAO, POTENCIA DE 45 KVA, TENSAO NOMINAL DE 15 KV, TENSAO SECUNDARIA DE 220/127V, EM OLEO ISOLANTE TIPO MINERAL","UN    ",6768.31]
[7616,"TRANSFORMADOR TRIFASICO DE DISTRIBUICAO, POTENCIA DE 500 KVA, TENSAO NOMINAL DE 15 KV, TENSAO SECUNDARIA DE 220/127V, EM OLEO ISOLANTE TIPO MINERAL","UN    ",36430.53]
[7611,"TRANSFORMADOR TRIFASICO DE DISTRIBUICAO, POTENCIA DE 75 KVA, TENSAO NOMINAL DE 15 KV, TENSAO SECUNDARIA DE 220/127V, EM OLEO ISOLANTE TIPO MINERAL","UN    ",8752.74]
[7612,"TRANSFORMADOR TRIFASICO DE DISTRIBUICAO, POTENCIA DE 750 KVA, TENSAO NOMINAL DE 15 KV, TENSAO SECUNDARIA DE 220/127V, EM OLEO ISOLANTE TIPO MINERAL","UN    ",49970.7]
[37371,"TRANSPORTE - HORISTA (COLETADO CAIXA)","H     ",0.79]
[40861,"TRANSPORTE - MENSALISTA (COLETADO CAIXA)","MES   ",148.93]
[36510,"TRATOR DE ESTEIRAS, POTENCIA BRUTA DE 133 HP, PESO OPERACIONAL DE 14 T, COM LAMINA COM CAPACIDADE DE 3,00 M3","UN    ",764912.85]
[25020,"TRATOR DE ESTEIRAS, POTENCIA BRUTA DE 347 HP, PESO OPERACIONAL DE 38,5 T, COM ESCARIFICADOR E LAMINA COM CAPACIDADE DE 4,70M3","UN    ",3151171.83]
[7622,"TRATOR DE ESTEIRAS, POTENCIA DE 100 HP, PESO OPERACIONAL DE 9,4 T, COM LAMINA COM CAPACIDADE DE 2,19 M3","UN    ",742077.26]
[7624,"TRATOR DE ESTEIRAS, POTENCIA DE 150 HP, PESO OPERACIONAL DE 16,7 T, COM RODA MOTRIZ ELEVADA E LAMINA COM CONTATO DE 3,18M3","UN    ",962025.05]
[7625,"TRATOR DE ESTEIRAS, POTENCIA DE 170 HP, PESO OPERACIONAL DE 19 T, COM LAMINA COM CAPACIDADE DE 5,2 M3","UN    ",956141.01]
[7623,"TRATOR DE ESTEIRAS, POTENCIA DE 347 HP, PESO OPERACIONAL DE 38,5 T, COM LAMINA COM CAPACIDADE DE 8,70M3","UN    ",3151171.83]
[36508,"TRATOR DE ESTEIRAS, POTENCIA NO VOLANTE DE 200 HP, PESO OPERACIONAL DE 20,1 T, COM RODA MOTRIZ ELEVADA E LAMINA COM CAPACIDADE DE 3,89 M3","UN    ",1417207.01]
[36509,"TRATOR DE ESTEIRAS, POTENCIA 125 HP, PESO OPERACIONAL DE 12,9 T, COM LAMINA COM CAPACIDADE DE 2,7 M3","UN    ",776680.72]
[13238,"TRATOR DE PNEUS COM POTENCIA DE 105 CV, TRACAO 4 X 4, PESO COM LASTRO DE 5775 KG","UN    ",209018.67]
[36511,"TRATOR DE PNEUS COM POTENCIA DE 122 CV, TRACAO 4 X 4, PESO COM LASTRO DE 4510 KG","UN    ",242196.24]
[36515,"TRATOR DE PNEUS COM POTENCIA DE 15 CV, PESO COM LASTRO DE 1160 KG","UN    ",71331.759999999995]
[10598,"TRATOR DE PNEUS COM POTENCIA DE 50 CV, TRACAO 4 X 2, PESO COM LASTRO DE 2714 KG","UN    ",115675.24]
[7640,"TRATOR DE PNEUS COM POTENCIA DE 85 CV, TRACAO 4 X 4, PESO COM LASTRO DE 4675 KG","UN    ",177500]
[36513,"TRATOR DE PNEUS COM POTENCIA DE 85 CV, TURBO,  PESO COM LASTRO DE 4900 KG","UN    ",170988.89]
[36514,"TRATOR DE PNEUS COM POTENCIA DE 95 CV, TRACAO 4 X 4, PESO MAXIMO DE 5225 KG","UN    ",190771.01]
[11572,"TRAVA / PRENDEDOR DE PORTA, EM LATAO CROMADO, MONTADO EM PISO","UN    ",28.01]
[36149,"TRAVA-QUEDAS EM ACO PARA CORDA DE 12 MM, EXTENSOR DE 25 X 300 MM, COM MOSQUETAO TIPO GANCHO TRAVA DUPLA","UN    ",126.9]
[42407,"TRELICA NERVURADA (ESPACADOR), ALTURA = 120,0 MM, DIAMETRO DOS BANZOS INFERIORES E SUPERIOR = 6,0 MM, DIAMETRO DA DIAGONAL = 4,2 MM","M     ",9.67]
[11581,"TRILHO PANTOGRAFICO CONCAVO, TIPO U, EM ALUMINIO, COM DIMENSOES DE APROX *35 X 35* MM, PARA ROLDANA DE PORTA DE CORRER","M     ",18.489999999999998]
[43605,"TRILHO PANTOGRAFICO RETO, EM ALUMINIO, TIPO U, COM DIMENSOES DE *38 X 38* MM PARA PORTA DE CORRER","UN    ",37.83]
[11580,"TRILHO QUADRADO FRIZADO PARA RODIZIO (VERGALHAO MACICO), EM ALUMINIO, COM DIMENSOES DE *6 X 6* MM","M     ",7.42]
[10743,"TROLEY MANUAL CAPACIDADE 1 T","UN    ",688.69]
[39848,"TUBO / MANGUEIRA PRETA EM POLIETILENO, LINHA PESADA OU REFORCADA, TIPO ESPAGUETE, PARA INJECAO DE CALDA DE CIMENTO, D = 1/2\", ESPESSURA 1,5 MM","M     ",1.39]
[20999,"TUBO ACO CARBONO COM COSTURA, NBR 5580, CLASSE L, DN = 15 MM, E = 2,25 MM, 1,06 KG/M","M     ",15.34]
[21001,"TUBO ACO CARBONO COM COSTURA, NBR 5580, CLASSE L, DN = 25 MM, E = 2,65 MM, 2,02 KG/M","M     ",28.63]
[21003,"TUBO ACO CARBONO COM COSTURA, NBR 5580, CLASSE L, DN = 40 MM, E = 3,0 MM, 3,34 KG/M","M     ",47.05]
[21006,"TUBO ACO CARBONO COM COSTURA, NBR 5580, CLASSE L, DN = 80 MM, E = 3,35 MM, 7,07 KG/M","M     ",99.84]
[21019,"TUBO ACO CARBONO COM COSTURA, NBR 5580, CLASSE M, DN = 25 MM, E = 3,35 MM, *2,50* KG//M","M     ",34.71]
[21021,"TUBO ACO CARBONO COM COSTURA, NBR 5580, CLASSE M, DN = 40 MM, E = 3,35 MM, *3,71* KG//M","M     ",54.86]
[21024,"TUBO ACO CARBONO COM COSTURA, NBR 5580, CLASSE M, DN = 80 MM, E = 4,05 MM, *8,47* KG/M","M     ",117.55]
[40624,"TUBO ACO CARBONO SEM COSTURA 1 1/2\", E= *3,68 MM, SCHEDULE 40, 4,05 KG/M","M     ",87.61]
[42575,"TUBO ACO CARBONO SEM COSTURA 1 1/4\", E= *3,56 MM, SCHEDULE 40, *3,38* KG/M","M     ",80.400000000000006]
[13127,"TUBO ACO CARBONO SEM COSTURA 1/2\", E= *2,77 MM, SCHEDULE 40, *1,27 KG/M","M     ",39.08]
[13137,"TUBO ACO CARBONO SEM COSTURA 1/2\", E= *3,73 MM, SCHEDULE 80, *1,62 KG/M","M     ",51.85]
[42574,"TUBO ACO CARBONO SEM COSTURA 1\", E= *3,38 MM, SCHEDULE 40, *2,50* KG/M","M     ",59.99]
[20989,"TUBO ACO CARBONO SEM COSTURA 14\", E= *11,13 MM, SCHEDULE 40, *94,55 KG/M","M     ",1857.8]
[21147,"TUBO ACO CARBONO SEM COSTURA 2 1/2\", E = 5,16 MM, SCHEDULE 40 (8,62 KG/M)","M     ",174.19]
[21148,"TUBO ACO CARBONO SEM COSTURA 2\", E= *3,91* MM, SCHEDULE 40, *5,43* KG/M","M     ",107.51]
[20984,"TUBO ACO CARBONO SEM COSTURA 20\", E= *12,70 MM, SCHEDULE 30, *154,97 KG/M","M     ",3564.75]
[13042,"TUBO ACO CARBONO SEM COSTURA 20\", E= *6,35 MM,  SCHEDULE 10, *78,46 KG/M","M     ",1975.4]
[21150,"TUBO ACO CARBONO SEM COSTURA 3/4\", E= *2,87 MM, SCHEDULE 40, *1,69 KG/M","M     ",53.31]
[13141,"TUBO ACO CARBONO SEM COSTURA 3/4\", E= *3,91 MM, SCHEDULE 80, *2,19 KG/M.","M     ",67.16]
[42576,"TUBO ACO CARBONO SEM COSTURA 3\", E= *5,49 MM, SCHEDULE 40, *11,28* KG/M","M     ",219.3]
[21151,"TUBO ACO CARBONO SEM COSTURA 4\", E= *6,02 MM, SCHEDULE 40, *16,06 KG/M","M     ",319.08999999999997]
[13142,"TUBO ACO CARBONO SEM COSTURA 4\", E= *8,56 MM, SCHEDULE 80, *22,31 KG/M","M     ",456.16]
[42577,"TUBO ACO CARBONO SEM COSTURA 5\", E= *6,55 MM, SCHEDULE 40, *21,75* KG/M","M     ",500.53]
[20994,"TUBO ACO CARBONO SEM COSTURA 6\", E= *10,97 MM, SCHEDULE 80, *42,56 KG/M","M     ",860.07]
[7672,"TUBO ACO CARBONO SEM COSTURA 6\", E= 7,11 MM,  SCHEDULE 40, *28,26 KG/M","M     ",563.44000000000005]
[20995,"TUBO ACO CARBONO SEM COSTURA 8\", E= *12,70 MM, SCHEDULE 80, *64,64 KG/M","M     ",1130.29]
[7690,"TUBO ACO CARBONO SEM COSTURA 8\", E= *6,35 MM,  SCHEDULE 20, *33,27 KG/M","M     ",653.72]
[20980,"TUBO ACO CARBONO SEM COSTURA 8\", E= *7,04 MM, SCHEDULE 30, *36,75 KG/M","M     ",713.15]
[7661,"TUBO ACO CARBONO SEM COSTURA 8\", E= *8,18 MM, SCHEDULE 40, *42,55 KG/M","M     ",848.35]
[21016,"TUBO ACO GALVANIZADO COM COSTURA, CLASSE LEVE, DN 100 MM ( 4\"),  E = 3,75 MM,  *10,55* KG/M (NBR 5580)","M     ",161.97999999999999]
[21008,"TUBO ACO GALVANIZADO COM COSTURA, CLASSE LEVE, DN 15 MM ( 1/2\"),  E = 2,25 MM,  *1,2* KG/M (NBR 5580)","M     ",18.920000000000002]
[21009,"TUBO ACO GALVANIZADO COM COSTURA, CLASSE LEVE, DN 20 MM ( 3/4\"),  E = 2,25 MM,  *1,3* KG/M (NBR 5580)","M     ",24.64]
[21010,"TUBO ACO GALVANIZADO COM COSTURA, CLASSE LEVE, DN 25 MM ( 1\"),  E = 2,65 MM,  *2,11* KG/M (NBR 5580)","M     ",33.08]
[21011,"TUBO ACO GALVANIZADO COM COSTURA, CLASSE LEVE, DN 32 MM ( 1 1/4\"),  E = 2,65 MM,  *2,71* KG/M (NBR 5580)","M     ",48.21]
[21012,"TUBO ACO GALVANIZADO COM COSTURA, CLASSE LEVE, DN 40 MM ( 1 1/2\"),  E = 3,00 MM,  *3,48* KG/M (NBR 5580)","M     ",53.28]
[21013,"TUBO ACO GALVANIZADO COM COSTURA, CLASSE LEVE, DN 50 MM ( 2\"),  E = 3,00 MM,  *4,40* KG/M (NBR 5580)","M     ",69.53]
[21014,"TUBO ACO GALVANIZADO COM COSTURA, CLASSE LEVE, DN 65 MM ( 2 1/2\"),  E = 3,35 MM, * 6,23* KG/M (NBR 5580)","M     ",97.28]
[21015,"TUBO ACO GALVANIZADO COM COSTURA, CLASSE LEVE, DN 80 MM ( 3\"),  E = 3,35 MM, *7,32* KG/M (NBR 5580)","M     ",111.76]
[7697,"TUBO ACO GALVANIZADO COM COSTURA, CLASSE MEDIA, DN 1.1/2\", E = *3,25* MM, PESO *3,61* KG/M (NBR 5580)","M     ",53.33]
[7698,"TUBO ACO GALVANIZADO COM COSTURA, CLASSE MEDIA, DN 1.1/4\", E = *3,25* MM, PESO *3,14* KG/M (NBR 5580)","M     ",45.91]
[7691,"TUBO ACO GALVANIZADO COM COSTURA, CLASSE MEDIA, DN 1/2\", E = *2,65* MM, PESO *1,22* KG/M (NBR 5580)","M     ",19.399999999999999]
[40626,"TUBO ACO GALVANIZADO COM COSTURA, CLASSE MEDIA, DN 1\", E = 3,38 MM, PESO 2,50 KG/M (NBR 5580)","M     ",36.4]
[7701,"TUBO ACO GALVANIZADO COM COSTURA, CLASSE MEDIA, DN 2.1/2\", E = *3,65* MM, PESO *6,51* KG/M (NBR 5580)","M     ",95.44]
[7696,"TUBO ACO GALVANIZADO COM COSTURA, CLASSE MEDIA, DN 2\", E = *3,65* MM, PESO *5,10* KG/M (NBR 5580)","M     ",76.91]
[7700,"TUBO ACO GALVANIZADO COM COSTURA, CLASSE MEDIA, DN 3/4\", E = *2,65* MM, PESO *1,58* KG/M (NBR 5580)","M     ",24.53]
[7694,"TUBO ACO GALVANIZADO COM COSTURA, CLASSE MEDIA, DN 3\", E = *4,05* MM, PESO *8,47* KG/M (NBR 5580)","M     ",128.43]
[7693,"TUBO ACO GALVANIZADO COM COSTURA, CLASSE MEDIA, DN 4\", E = 4,50* MM, PESO 12,10* KG/M (NBR 5580)","M     ",176.88]
[7692,"TUBO ACO GALVANIZADO COM COSTURA, CLASSE MEDIA, DN 5\", E = *5,40* MM, PESO *17,80* KG/M (NBR 5580)","M     ",264.82]
[7695,"TUBO ACO GALVANIZADO COM COSTURA, CLASSE MEDIA, DN 6\", E = 4,85* MM, PESO 19,68* KG/M (NBR 5580)","M     ",287.2]
[13356,"TUBO ACO INDUSTRIAL DN 2\" (50,8 MM) E=1,50MM, PESO= 1,8237 KG/M","M     ",20.82]
[36365,"TUBO COLETOR DE ESGOTO PVC, JEI, DN 100 MM (NBR  7362)","M     ",26.97]
[41930,"TUBO COLETOR DE ESGOTO PVC, JEI, DN 200 MM (NBR 7362)","M     ",87.31]
[41931,"TUBO COLETOR DE ESGOTO PVC, JEI, DN 250 MM (NBR 7362)","M     ",148.87]
[41932,"TUBO COLETOR DE ESGOTO PVC, JEI, DN 300 MM (NBR 7362)","M     ",240.46]
[41933,"TUBO COLETOR DE ESGOTO PVC, JEI, DN 350 MM (NBR 7362)","M     ",297.81]
[41934,"TUBO COLETOR DE ESGOTO PVC, JEI, DN 400 MM (NBR 7362)","M     ",385.74]
[41936,"TUBO COLETOR DE ESGOTO, PVC, JEI, DN 150 MM  (NBR 7362)","M     ",58.16]
[41785,"TUBO CORRUGADO PEAD, PAREDE DUPLA, INTERNA LISA, JEI, DN/DI *1000* MM, PARA SANEAMENTO","M     ",1537.66]
[41781,"TUBO CORRUGADO PEAD, PAREDE DUPLA, INTERNA LISA, JEI, DN/DI *400* MM, PARA SANEAMENTO","M     ",438.4]
[41783,"TUBO CORRUGADO PEAD, PAREDE DUPLA, INTERNA LISA, JEI, DN/DI *800* MM, PARA SANEAMENTO","M     ",1156.8699999999999]
[41786,"TUBO CORRUGADO PEAD, PAREDE DUPLA, INTERNA LISA, JEI, DN/DI 1200 MM, PARA SANEAMENTO","M     ",2413.35]
[41779,"TUBO CORRUGADO PEAD, PAREDE DUPLA, INTERNA LISA, JEI, DN/DI 250 MM, PARA SANEAMENTO","M     ",168.14]
[41780,"TUBO CORRUGADO PEAD, PAREDE DUPLA, INTERNA LISA, JEI, DN/DI 300 MM, PARA SANEAMENTO","M     ",198.86]
[41782,"TUBO CORRUGADO PEAD, PAREDE DUPLA, INTERNA LISA, JEI, DN/DI 600 MM, PARA SANEAMENTO","M     ",819.78]
[38130,"TUBO CPVC SOLDAVEL, 35 MM, AGUA QUENTE PREDIAL (NBR 15884)","M     ",31.75]
[21123,"TUBO CPVC, SOLDAVEL, 15 MM, AGUA QUENTE PREDIAL (NBR 15884)","M     ",9.01]
[21124,"TUBO CPVC, SOLDAVEL, 22 MM, AGUA QUENTE PREDIAL (NBR 15884)","M     ",15.97]
[21125,"TUBO CPVC, SOLDAVEL, 28 MM, AGUA QUENTE PREDIAL (NBR 15884)","M     ",25.64]
[38028,"TUBO CPVC, SOLDAVEL, 42 MM, AGUA QUENTE PREDIAL (NBR 15884)","M     ",43.51]
[38029,"TUBO CPVC, SOLDAVEL, 54 MM, AGUA QUENTE PREDIAL (NBR 15884)","M     ",66.33]
[38030,"TUBO CPVC, SOLDAVEL, 73 MM, AGUA QUENTE PREDIAL (NBR 15884)","M     ",101.88]
[38031,"TUBO CPVC, SOLDAVEL, 89 MM, AGUA QUENTE PREDIAL (NBR 15884)","M     ",161.44]
[39735,"TUBO DE BORRACHA ELASTOMERICA FLEXIVEL, PRETA, PARA ISOLAMENTO TERMICO DE TUBULACAO, DN 1 1/8\" (28 MM), E= 32 MM, COEFICIENTE DE CONDUTIVIDADE TERMICA 0,036W/mK, VAPOR DE AGUA MAIOR OU IGUAL A 10.000","M     ",84.01]
[39734,"TUBO DE BORRACHA ELASTOMERICA FLEXIVEL, PRETA, PARA ISOLAMENTO TERMICO DE TUBULACAO, DN 1 3/8\" (35 MM), E= 32 MM, COEFICIENTE DE CONDUTIVIDADE TERMICA 0,036W/mK, VAPOR DE AGUA MAIOR OU IGUAL A 10.000","M     ",99.64]
[39736,"TUBO DE BORRACHA ELASTOMERICA FLEXIVEL, PRETA, PARA ISOLAMENTO TERMICO DE TUBULACAO, DN 1 5/8\" (42 MM), E= 32 MM, COEFICIENTE DE CONDUTIVIDADE TERMICA 0,036W/mK, VAPOR DE AGUA MAIOR OU IGUAL A 10.000","M     ",113.72]
[39737,"TUBO DE BORRACHA ELASTOMERICA FLEXIVEL, PRETA, PARA ISOLAMENTO TERMICO DE TUBULACAO, DN 1/2\" (12 MM), E= 19 MM, COEFICIENTE DE CONDUTIVIDADE TERMICA 0,036W/mK, VAPOR DE AGUA MAIOR OU IGUAL A 10.000","M     ",15.29]
[39738,"TUBO DE BORRACHA ELASTOMERICA FLEXIVEL, PRETA, PARA ISOLAMENTO TERMICO DE TUBULACAO, DN 1/4\" (6 MM), E= 9 MM, COEFICIENTE DE CONDUTIVIDADE TERMICA 0,036W/mK, VAPOR DE AGUA MAIOR OU IGUAL A 10.000","M     ",5.53]
[39739,"TUBO DE BORRACHA ELASTOMERICA FLEXIVEL, PRETA, PARA ISOLAMENTO TERMICO DE TUBULACAO, DN 1\" (25 MM), E= 32 MM, COEFICIENTE DE CONDUTIVIDADE TERMICA 0,036W/mK, VAPOR DE AGUA MAIOR OU IGUAL A 10.000","M     ",78.64]
[39733,"TUBO DE BORRACHA ELASTOMERICA FLEXIVEL, PRETA, PARA ISOLAMENTO TERMICO DE TUBULACAO, DN 2 1/8\" (54 MM), E= 32 MM, COEFICIENTE DE CONDUTIVIDADE TERMICA 0,036W/mK, VAPOR DE AGUA MAIOR OU IGUAL A 10.000","M     ",136.09]
[39854,"TUBO DE BORRACHA ELASTOMERICA FLEXIVEL, PRETA, PARA ISOLAMENTO TERMICO DE TUBULACAO, DN 2 5/8\" (*64* MM), E= *32* MM, COEFICIENTE DE CONDUTIVIDADE TERMICA 0,036W/MK, VAPOR DE AGUA MAIOR OU IGUAL A 10.000","M     ",138.02000000000001]
[39740,"TUBO DE BORRACHA ELASTOMERICA FLEXIVEL, PRETA, PARA ISOLAMENTO TERMICO DE TUBULACAO, DN 3/4\" (18 MM), E= 32 MM, COEFICIENTE DE CONDUTIVIDADE TERMICA 0,036W/mK, VAPOR DE AGUA MAIOR OU IGUAL A 10.000","M     ",75.52]
[39741,"TUBO DE BORRACHA ELASTOMERICA FLEXIVEL, PRETA, PARA ISOLAMENTO TERMICO DE TUBULACAO, DN 3/8\" (10 MM), E= 19 MM, COEFICIENTE DE CONDUTIVIDADE TERMICA 0,036W/mK, VAPOR DE AGUA MAIOR OU IGUAL A 10.000","M     ",13.91]
[39853,"TUBO DE BORRACHA ELASTOMERICA FLEXIVEL, PRETA, PARA ISOLAMENTO TERMICO DE TUBULACAO, DN 5/8\" (15 MM), E= 19 MM, COEFICIENTE DE CONDUTIVIDADE TERMICA 0,036W/MK, VAPOR DE AGUA MAIOR OU IGUAL A 10.000","M     ",18.28]
[39742,"TUBO DE BORRACHA ELASTOMERICA FLEXIVEL, PRETA, PARA ISOLAMENTO TERMICO DE TUBULACAO, DN 7/8\" (22 MM), E= 32 MM, COEFICIENTE DE CONDUTIVIDADE TERMICA 0,036W/mK, VAPOR DE AGUA MAIOR OU IGUAL A 10.000","M     ",60.7]
[39749,"TUBO DE COBRE CLASSE \"A\", DN = 1 \" (28 MM), PARA INSTALACOES DE MEDIA PRESSAO PARA GASES COMBUSTIVEIS E MEDICINAIS","M     ",70.05]
[39751,"TUBO DE COBRE CLASSE \"A\", DN = 1 1/2 \" (42 MM), PARA INSTALACOES DE MEDIA PRESSAO PARA GASES COMBUSTIVEIS E MEDICINAIS","M     ",127.28]
[39750,"TUBO DE COBRE CLASSE \"A\", DN = 1 1/4 \" (35 MM), PARA INSTALACOES DE MEDIA PRESSAO PARA GASES COMBUSTIVEIS E MEDICINAIS","M     ",105.79]
[39747,"TUBO DE COBRE CLASSE \"A\", DN = 1/2 \" (15 MM), PARA INSTALACOES DE MEDIA PRESSAO PARA GASES COMBUSTIVEIS E MEDICINAIS","M     ",34.03]
[39753,"TUBO DE COBRE CLASSE \"A\", DN = 2 1/2 \" (66 MM), PARA INSTALACOES DE MEDIA PRESSAO PARA GASES COMBUSTIVEIS E MEDICINAIS","M     ",234.3]
[39754,"TUBO DE COBRE CLASSE \"A\", DN = 3 \" (79 MM), PARA INSTALACOES DE MEDIA PRESSAO PARA GASES COMBUSTIVEIS E MEDICINAIS","M     ",345.19]
[39748,"TUBO DE COBRE CLASSE \"A\", DN = 3/4 \" (22 MM), PARA INSTALACOES DE MEDIA PRESSAO PARA GASES COMBUSTIVEIS E MEDICINAIS","M     ",55.06]
[39755,"TUBO DE COBRE CLASSE \"A\", DN = 4 \" (104 MM), PARA INSTALACOES DE MEDIA PRESSAO PARA GASES COMBUSTIVEIS E MEDICINAIS","M     ",523.39]
[12742,"TUBO DE COBRE CLASSE \"E\", DN = 104 MM, PARA INSTALACAO HIDRAULICA PREDIAL","M     ",414.43]
[12713,"TUBO DE COBRE CLASSE \"E\", DN = 15 MM, PARA INSTALACAO HIDRAULICA PREDIAL","M     ",21.98]
[12743,"TUBO DE COBRE CLASSE \"E\", DN = 22 MM, PARA INSTALACAO HIDRAULICA PREDIAL","M     ",37.81]
[12744,"TUBO DE COBRE CLASSE \"E\", DN = 28 MM, PARA INSTALACAO HIDRAULICA PREDIAL","M     ",47.98]
[12745,"TUBO DE COBRE CLASSE \"E\", DN = 35 MM, PARA INSTALACAO HIDRAULICA PREDIAL","M     ",69.680000000000007]
[12746,"TUBO DE COBRE CLASSE \"E\", DN = 42 MM, PARA INSTALACAO HIDRAULICA PREDIAL","M     ",94.1]
[12747,"TUBO DE COBRE CLASSE \"E\", DN = 54 MM, PARA INSTALACAO HIDRAULICA PREDIAL","M     ",136.47]
[12748,"TUBO DE COBRE CLASSE \"E\", DN = 66 MM, PARA INSTALACAO HIDRAULICA PREDIAL","M     ",192.26]
[12749,"TUBO DE COBRE CLASSE \"E\", DN = 79 MM, PARA INSTALACAO HIDRAULICA PREDIAL","M     ",281.05]
[39726,"TUBO DE COBRE CLASSE \"I\", DN = 1 \" (28 MM), PARA INSTALACOES INDUSTRIAIS DE ALTA PRESSAO E VAPOR","M     ",92.31]
[39728,"TUBO DE COBRE CLASSE \"I\", DN = 1 1/2 \" (42 MM), PARA INSTALACOES INDUSTRIAIS DE ALTA PRESSAO E VAPOR","M     ",162.24]
[39727,"TUBO DE COBRE CLASSE \"I\", DN = 1 1/4 \" (35 MM), PARA INSTALACOES INDUSTRIAIS DE ALTA PRESSAO E VAPOR","M     ",133.52000000000001]
[39724,"TUBO DE COBRE CLASSE \"I\", DN = 1/2 \" (15 MM), PARA INSTALACOES INDUSTRIAIS DE ALTA PRESSAO E VAPOR","M     ",40.880000000000003]
[39729,"TUBO DE COBRE CLASSE \"I\", DN = 2 \" (54 MM), PARA INSTALACOES INDUSTRIAIS DE ALTA PRESSAO E VAPOR","M     ",224.68]
[39730,"TUBO DE COBRE CLASSE \"I\", DN = 2 1/2 \" (66 MM), PARA INSTALACOES INDUSTRIAIS DE ALTA PRESSAO E VAPOR","M     ",291.51]
[39731,"TUBO DE COBRE CLASSE \"I\", DN = 3 \" (79 MM), PARA INSTALACOES INDUSTRIAIS DE ALTA PRESSAO E VAPOR","M     ",431.75]
[39725,"TUBO DE COBRE CLASSE \"I\", DN = 3/4 \" (22 MM), PARA INSTALACOES INDUSTRIAIS DE ALTA PRESSAO E VAPOR","M     ",66.63]
[39732,"TUBO DE COBRE CLASSE \"I\", DN = 4\" (104 MM), PARA INSTALACOES INDUSTRIAIS DE ALTA PRESSAO E VAPOR","M     ",635.51]
[39660,"TUBO DE COBRE FLEXIVEL, D = 1/2 \", E = 0,79 MM, PARA AR-CONDICIONADO/ INSTALACOES GAS RESIDENCIAIS E COMERCIAIS","M     ",28.96]
[39662,"TUBO DE COBRE FLEXIVEL, D = 1/4 \", E = 0,79 MM, PARA AR-CONDICIONADO/ INSTALACOES GAS RESIDENCIAIS E COMERCIAIS","M     ",13.88]
[39661,"TUBO DE COBRE FLEXIVEL, D = 3/16 \", E = 0,79 MM, PARA AR-CONDICIONADO/ INSTALACOES GAS RESIDENCIAIS E COMERCIAIS","M     ",9.4600000000000009]
[39666,"TUBO DE COBRE FLEXIVEL, D = 3/4 \", E = 0,79 MM, PARA AR-CONDICIONADO/ INSTALACOES GAS RESIDENCIAIS E COMERCIAIS","M     ",43.56]
[39664,"TUBO DE COBRE FLEXIVEL, D = 3/8 \", E = 0,79 MM, PARA AR-CONDICIONADO/ INSTALACOES GAS RESIDENCIAIS E COMERCIAIS","M     ",21.35]
[39663,"TUBO DE COBRE FLEXIVEL, D = 5/16 \", E = 0,79 MM, PARA AR-CONDICIONADO/ INSTALACOES GAS RESIDENCIAIS E COMERCIAIS","M     ",17.07]
[39665,"TUBO DE COBRE FLEXIVEL, D = 5/8 \", E = 0,79 MM, PARA AR-CONDICIONADO/ INSTALACOES GAS RESIDENCIAIS E COMERCIAIS","M     ",36.020000000000003]
[39752,"TUBO DE COBRE, CLASSE \"A\", DN = 2\" (54 MM), PARA INSTALACOES DE MEDIA PRESSAO PARA GASES COMBUSTIVEIS E MEDICINAIS","M     ",181.11]
[7725,"TUBO DE CONCRETO ARMADO PARA AGUAS PLUVIAIS, CLASSE PA-1, COM ENCAIXE PONTA E BOLSA, DIAMETRO NOMINAL DE = 600 MM","M     ",144.12]
[7753,"TUBO DE CONCRETO ARMADO PARA AGUAS PLUVIAIS, CLASSE PA-1, COM ENCAIXE PONTA E BOLSA, DIAMETRO NOMINAL DE 1000 MM","M     ",280.97000000000003]
[13256,"TUBO DE CONCRETO ARMADO PARA AGUAS PLUVIAIS, CLASSE PA-1, COM ENCAIXE PONTA E BOLSA, DIAMETRO NOMINAL DE 1100 MM","M     ",393.6]
[7757,"TUBO DE CONCRETO ARMADO PARA AGUAS PLUVIAIS, CLASSE PA-1, COM ENCAIXE PONTA E BOLSA, DIAMETRO NOMINAL DE 1200 MM","M     ",419.64]
[7758,"TUBO DE CONCRETO ARMADO PARA AGUAS PLUVIAIS, CLASSE PA-1, COM ENCAIXE PONTA E BOLSA, DIAMETRO NOMINAL DE 1500 MM","M     ",607.96]
[7759,"TUBO DE CONCRETO ARMADO PARA AGUAS PLUVIAIS, CLASSE PA-1, COM ENCAIXE PONTA E BOLSA, DIAMETRO NOMINAL DE 2000 MM","M     ",1684.67]
[40334,"TUBO DE CONCRETO ARMADO PARA AGUAS PLUVIAIS, CLASSE PA-1, COM ENCAIXE PONTA E BOLSA, DIAMETRO NOMINAL DE 300 MM","M     ",66]
[7745,"TUBO DE CONCRETO ARMADO PARA AGUAS PLUVIAIS, CLASSE PA-1, COM ENCAIXE PONTA E BOLSA, DIAMETRO NOMINAL DE 400 MM","M     ",74.48]
[7714,"TUBO DE CONCRETO ARMADO PARA AGUAS PLUVIAIS, CLASSE PA-1, COM ENCAIXE PONTA E BOLSA, DIAMETRO NOMINAL DE 500 MM","M     ",89.01]
[7742,"TUBO DE CONCRETO ARMADO PARA AGUAS PLUVIAIS, CLASSE PA-1, COM ENCAIXE PONTA E BOLSA, DIAMETRO NOMINAL DE 700 MM","M     ",196.43]
[7750,"TUBO DE CONCRETO ARMADO PARA AGUAS PLUVIAIS, CLASSE PA-1, COM ENCAIXE PONTA E BOLSA, DIAMETRO NOMINAL DE 800 MM","M     ",239.79]
[7756,"TUBO DE CONCRETO ARMADO PARA AGUAS PLUVIAIS, CLASSE PA-1, COM ENCAIXE PONTA E BOLSA, DIAMETRO NOMINAL DE 900 MM","M     ",275.52]
[7765,"TUBO DE CONCRETO ARMADO PARA AGUAS PLUVIAIS, CLASSE PA-2, COM ENCAIXE PONTA E BOLSA, DIAMETRO NOMINAL DE 1000 MM","M     ",308.82]
[12569,"TUBO DE CONCRETO ARMADO PARA AGUAS PLUVIAIS, CLASSE PA-2, COM ENCAIXE PONTA E BOLSA, DIAMETRO NOMINAL DE 1100 MM","M     ",426.3]
[7766,"TUBO DE CONCRETO ARMADO PARA AGUAS PLUVIAIS, CLASSE PA-2, COM ENCAIXE PONTA E BOLSA, DIAMETRO NOMINAL DE 1200 MM","M     ",452.94]
[7767,"TUBO DE CONCRETO ARMADO PARA AGUAS PLUVIAIS, CLASSE PA-2, COM ENCAIXE PONTA E BOLSA, DIAMETRO NOMINAL DE 1500 MM","M     ",650.35]
[7727,"TUBO DE CONCRETO ARMADO PARA AGUAS PLUVIAIS, CLASSE PA-2, COM ENCAIXE PONTA E BOLSA, DIAMETRO NOMINAL DE 2000 MM","M     ",1889.3]
[7760,"TUBO DE CONCRETO ARMADO PARA AGUAS PLUVIAIS, CLASSE PA-2, COM ENCAIXE PONTA E BOLSA, DIAMETRO NOMINAL DE 300 MM","M     ",75.08]
[7761,"TUBO DE CONCRETO ARMADO PARA AGUAS PLUVIAIS, CLASSE PA-2, COM ENCAIXE PONTA E BOLSA, DIAMETRO NOMINAL DE 400 MM","M     ",78.72]
[7752,"TUBO DE CONCRETO ARMADO PARA AGUAS PLUVIAIS, CLASSE PA-2, COM ENCAIXE PONTA E BOLSA, DIAMETRO NOMINAL DE 500 MM","M     ",95.67]
[7762,"TUBO DE CONCRETO ARMADO PARA AGUAS PLUVIAIS, CLASSE PA-2, COM ENCAIXE PONTA E BOLSA, DIAMETRO NOMINAL DE 600 MM","M     ",125.04]
[7722,"TUBO DE CONCRETO ARMADO PARA AGUAS PLUVIAIS, CLASSE PA-2, COM ENCAIXE PONTA E BOLSA, DIAMETRO NOMINAL DE 700 MM","M     ",191.35]
[7763,"TUBO DE CONCRETO ARMADO PARA AGUAS PLUVIAIS, CLASSE PA-2, COM ENCAIXE PONTA E BOLSA, DIAMETRO NOMINAL DE 800 MM","M     ",233.13]
[7764,"TUBO DE CONCRETO ARMADO PARA AGUAS PLUVIAIS, CLASSE PA-2, COM ENCAIXE PONTA E BOLSA, DIAMETRO NOMINAL DE 900 MM","M     ",278.55]
[12572,"TUBO DE CONCRETO ARMADO PARA AGUAS PLUVIAIS, CLASSE PA-3, COM ENCAIXE PONTA E BOLSA, DIAMETRO NOMINAL DE 1000 MM","M     ",393.6]
[12573,"TUBO DE CONCRETO ARMADO PARA AGUAS PLUVIAIS, CLASSE PA-3, COM ENCAIXE PONTA E BOLSA, DIAMETRO NOMINAL DE 1100 MM","M     ",517.74]
[12574,"TUBO DE CONCRETO ARMADO PARA AGUAS PLUVIAIS, CLASSE PA-3, COM ENCAIXE PONTA E BOLSA, DIAMETRO NOMINAL DE 1200 MM","M     ",626.01]
[12575,"TUBO DE CONCRETO ARMADO PARA AGUAS PLUVIAIS, CLASSE PA-3, COM ENCAIXE PONTA E BOLSA, DIAMETRO NOMINAL DE 1500 MM","M     ",950.7]
[12576,"TUBO DE CONCRETO ARMADO PARA AGUAS PLUVIAIS, CLASSE PA-3, COM ENCAIXE PONTA E BOLSA, DIAMETRO NOMINAL DE 400 MM","M     ",115.05]
[12577,"TUBO DE CONCRETO ARMADO PARA AGUAS PLUVIAIS, CLASSE PA-3, COM ENCAIXE PONTA E BOLSA, DIAMETRO NOMINAL DE 500 MM","M     ",155.01]
[12578,"TUBO DE CONCRETO ARMADO PARA AGUAS PLUVIAIS, CLASSE PA-3, COM ENCAIXE PONTA E BOLSA, DIAMETRO NOMINAL DE 600 MM","M     ",187.71]
[12579,"TUBO DE CONCRETO ARMADO PARA AGUAS PLUVIAIS, CLASSE PA-3, COM ENCAIXE PONTA E BOLSA, DIAMETRO NOMINAL DE 700 MM","M     ",323.36]
[12580,"TUBO DE CONCRETO ARMADO PARA AGUAS PLUVIAIS, CLASSE PA-3, COM ENCAIXE PONTA E BOLSA, DIAMETRO NOMINAL DE 800 MM","M     ",336.92]
[12581,"TUBO DE CONCRETO ARMADO PARA AGUAS PLUVIAIS, CLASSE PA-3, COM ENCAIXE PONTA E BOLSA, DIAMETRO NOMINAL DE 900 MM","M     ",360.9]
[7720,"TUBO DE CONCRETO ARMADO PARA ESGOTO SANITARIO, CLASSE EA-2, COM ENCAIXE PONTA E BOLSA, COM JUNTA ELASTICA, DIAMETRO NOMINAL DE 1000 MM","M     ",564.36]
[40335,"TUBO DE CONCRETO ARMADO PARA ESGOTO SANITARIO, CLASSE EA-2, COM ENCAIXE PONTA E BOLSA, COM JUNTA ELASTICA, DIAMETRO NOMINAL DE 300 MM","M     ",118.08]
[7740,"TUBO DE CONCRETO ARMADO PARA ESGOTO SANITARIO, CLASSE EA-2, COM ENCAIXE PONTA E BOLSA, COM JUNTA ELASTICA, DIAMETRO NOMINAL DE 400 MM","M     ",121.1]
[7741,"TUBO DE CONCRETO ARMADO PARA ESGOTO SANITARIO, CLASSE EA-2, COM ENCAIXE PONTA E BOLSA, COM JUNTA ELASTICA, DIAMETRO NOMINAL DE 500 MM","M     ",224.05]
[7774,"TUBO DE CONCRETO ARMADO PARA ESGOTO SANITARIO, CLASSE EA-2, COM ENCAIXE PONTA E BOLSA, COM JUNTA ELASTICA, DIAMETRO NOMINAL DE 600 MM","M     ",274.91000000000003]
[7744,"TUBO DE CONCRETO ARMADO PARA ESGOTO SANITARIO, CLASSE EA-2, COM ENCAIXE PONTA E BOLSA, COM JUNTA ELASTICA, DIAMETRO NOMINAL DE 700 MM","M     ",359.08]
[7773,"TUBO DE CONCRETO ARMADO PARA ESGOTO SANITARIO, CLASSE EA-2, COM ENCAIXE PONTA E BOLSA, COM JUNTA ELASTICA, DIAMETRO NOMINAL DE 800 MM","M     ",367.02]
[7754,"TUBO DE CONCRETO ARMADO PARA ESGOTO SANITARIO, CLASSE EA-2, COM ENCAIXE PONTA E BOLSA, COM JUNTA ELASTICA, DIAMETRO NOMINAL DE 900 MM","M     ",556.49]
[7735,"TUBO DE CONCRETO ARMADO PARA ESGOTO SANITARIO, CLASSE EA-3, COM ENCAIXE PONTA E BOLSA, COM JUNTA ELASTICA, DIAMETRO NOMINAL DE 1000 MM","M     ",720.6]
[7755,"TUBO DE CONCRETO ARMADO PARA ESGOTO SANITARIO, CLASSE EA-3, COM ENCAIXE PONTA E BOLSA, COM JUNTA ELASTICA, DIAMETRO NOMINAL DE 400 MM","M     ",142.9]
[7776,"TUBO DE CONCRETO ARMADO PARA ESGOTO SANITARIO, CLASSE EA-3, COM ENCAIXE PONTA E BOLSA, COM JUNTA ELASTICA, DIAMETRO NOMINAL DE 500 MM","M     ",297.92]
[7743,"TUBO DE CONCRETO ARMADO PARA ESGOTO SANITARIO, CLASSE EA-3, COM ENCAIXE PONTA E BOLSA, COM JUNTA ELASTICA, DIAMETRO NOMINAL DE 600 MM","M     ",315.48]
[7733,"TUBO DE CONCRETO ARMADO PARA ESGOTO SANITARIO, CLASSE EA-3, COM ENCAIXE PONTA E BOLSA, COM JUNTA ELASTICA, DIAMETRO NOMINAL DE 700 MM","M     ",411.77]
[7775,"TUBO DE CONCRETO ARMADO PARA ESGOTO SANITARIO, CLASSE EA-3, COM ENCAIXE PONTA E BOLSA, COM JUNTA ELASTICA, DIAMETRO NOMINAL DE 800 MM","M     ",451.13]
[7734,"TUBO DE CONCRETO ARMADO PARA ESGOTO SANITARIO, CLASSE EA-3, COM ENCAIXE PONTA E BOLSA, COM JUNTA ELASTICA, DIAMETRO NOMINAL DE 900 MM","M     ",638.85]
[37449,"TUBO DE CONCRETO SIMPLES PARA AGUAS PLUVIAIS, CLASSE PS1, COM ENCAIXE MACHO E FEMEA, DIAMETRO NOMINAL DE 200 MM","M     ",19.97]
[37450,"TUBO DE CONCRETO SIMPLES PARA AGUAS PLUVIAIS, CLASSE PS1, COM ENCAIXE MACHO E FEMEA, DIAMETRO NOMINAL DE 300 MM","M     ",27.96]
[37451,"TUBO DE CONCRETO SIMPLES PARA AGUAS PLUVIAIS, CLASSE PS1, COM ENCAIXE MACHO E FEMEA, DIAMETRO NOMINAL DE 400 MM","M     ",39.04]
[37452,"TUBO DE CONCRETO SIMPLES PARA AGUAS PLUVIAIS, CLASSE PS1, COM ENCAIXE MACHO E FEMEA, DIAMETRO NOMINAL DE 500 MM","M     ",56.75]
[37453,"TUBO DE CONCRETO SIMPLES PARA AGUAS PLUVIAIS, CLASSE PS1, COM ENCAIXE MACHO E FEMEA, DIAMETRO NOMINAL DE 600 MM","M     ",65.36]
[7778,"TUBO DE CONCRETO SIMPLES PARA AGUAS PLUVIAIS, CLASSE PS1, COM ENCAIXE PONTA E BOLSA, DIAMETRO NOMINAL DE 200 MM","M     ",24.51]
[7796,"TUBO DE CONCRETO SIMPLES PARA AGUAS PLUVIAIS, CLASSE PS1, COM ENCAIXE PONTA E BOLSA, DIAMETRO NOMINAL DE 300 MM","M     ",33.6]
[7781,"TUBO DE CONCRETO SIMPLES PARA AGUAS PLUVIAIS, CLASSE PS1, COM ENCAIXE PONTA E BOLSA, DIAMETRO NOMINAL DE 400 MM","M     ",39.700000000000003]
[7795,"TUBO DE CONCRETO SIMPLES PARA AGUAS PLUVIAIS, CLASSE PS1, COM ENCAIXE PONTA E BOLSA, DIAMETRO NOMINAL DE 500 MM","M     ",59.09]
[7791,"TUBO DE CONCRETO SIMPLES PARA AGUAS PLUVIAIS, CLASSE PS1, COM ENCAIXE PONTA E BOLSA, DIAMETRO NOMINAL DE 600 MM","M     ",70.739999999999995]
[7783,"TUBO DE CONCRETO SIMPLES PARA AGUAS PLUVIAIS, CLASSE PS2, COM ENCAIXE PONTA E BOLSA, DIAMETRO NOMINAL DE 200 MM","M     ",25.06]
[7790,"TUBO DE CONCRETO SIMPLES PARA AGUAS PLUVIAIS, CLASSE PS2, COM ENCAIXE PONTA E BOLSA, DIAMETRO NOMINAL DE 300 MM","M     ",39.5]
[7785,"TUBO DE CONCRETO SIMPLES PARA AGUAS PLUVIAIS, CLASSE PS2, COM ENCAIXE PONTA E BOLSA, DIAMETRO NOMINAL DE 400 MM","M     ",43.58]
[7792,"TUBO DE CONCRETO SIMPLES PARA AGUAS PLUVIAIS, CLASSE PS2, COM ENCAIXE PONTA E BOLSA, DIAMETRO NOMINAL DE 500 MM","M     ",61.81]
[7793,"TUBO DE CONCRETO SIMPLES PARA AGUAS PLUVIAIS, CLASSE PS2, COM ENCAIXE PONTA E BOLSA, DIAMETRO NOMINAL DE 600 MM","M     ",73.010000000000005]
[13159,"TUBO DE CONCRETO SIMPLES PARA ESGOTO SANITARIO, CLASSE ES, COM ENCAIXE PONTA E BOLSA, COM JUNTA ELASTICA, DIAMETRO NOMINAL DE 400 MM","M     ",63.56]
[13168,"TUBO DE CONCRETO SIMPLES PARA ESGOTO SANITARIO, CLASSE ES, COM ENCAIXE PONTA E BOLSA, COM JUNTA ELASTICA, DIAMETRO NOMINAL DE 500 MM","M     ",77.180000000000007]
[13173,"TUBO DE CONCRETO SIMPLES PARA ESGOTO SANITARIO, CLASSE ES, COM ENCAIXE PONTA E BOLSA, COM JUNTA ELASTICA, DIAMETRO NOMINAL DE 600 MM","M     ",104.43]
[12583,"TUBO DE CONCRETO SIMPLES POROSO PARA DRENAGEM (DRENO POROSO), COM ENCAIXE MACHO E FEMEA, DIAMETRO NOMINAL DE 200 MM","M     ",20.88]
[12584,"TUBO DE CONCRETO SIMPLES POROSO PARA DRENAGEM (DRENO POROSO), COM ENCAIXE MACHO E FEMEA, DIAMETRO NOMINAL DE 300 MM","M     ",27.24]
[12613,"TUBO DE DESCARGA PVC, PARA LIGACAO CAIXA DE DESCARGA - EMBUTIR, 40 MM X 150 CM","UN    ",18.48]
[1031,"TUBO DE DESCIDA EXTERNO DE PVC PARA CAIXA DE DESCARGA EXTERNA ALTA - 40 MM X 1,60 M","UN    ",12.3]
[39707,"TUBO DE ESPUMA DE POLIETILENO EXPANDIDO FLEXIVEL PARA ISOLAMENTO TERMICO DE TUBULACAO DE AR CONDICIONADO, AGUA QUENTE,  DN 1 1/2\", E= 10 MM","M     ",3.35]
[39708,"TUBO DE ESPUMA DE POLIETILENO EXPANDIDO FLEXIVEL PARA ISOLAMENTO TERMICO DE TUBULACAO DE AR CONDICIONADO, AGUA QUENTE,  DN 1 1/4\", E= 10 MM","M     ",3.25]
[39710,"TUBO DE ESPUMA DE POLIETILENO EXPANDIDO FLEXIVEL PARA ISOLAMENTO TERMICO DE TUBULACAO DE AR CONDICIONADO, AGUA QUENTE,  DN 1 1/8\", E= 10 MM","M     ",2.29]
[39709,"TUBO DE ESPUMA DE POLIETILENO EXPANDIDO FLEXIVEL PARA ISOLAMENTO TERMICO DE TUBULACAO DE AR CONDICIONADO, AGUA QUENTE,  DN 1 3/8\", E= 10 MM","M     ",3.17]
[39711,"TUBO DE ESPUMA DE POLIETILENO EXPANDIDO FLEXIVEL PARA ISOLAMENTO TERMICO DE TUBULACAO DE AR CONDICIONADO, AGUA QUENTE,  DN 1 5/8\", E= 10 MM","M     ",3.56]
[39712,"TUBO DE ESPUMA DE POLIETILENO EXPANDIDO FLEXIVEL PARA ISOLAMENTO TERMICO DE TUBULACAO DE AR CONDICIONADO, AGUA QUENTE,  DN 1/2\", E= 10 MM","M     ",1.25]
[39713,"TUBO DE ESPUMA DE POLIETILENO EXPANDIDO FLEXIVEL PARA ISOLAMENTO TERMICO DE TUBULACAO DE AR CONDICIONADO, AGUA QUENTE,  DN 1/4\", E= 10 MM","M     ",0.98]
[39714,"TUBO DE ESPUMA DE POLIETILENO EXPANDIDO FLEXIVEL PARA ISOLAMENTO TERMICO DE TUBULACAO DE AR CONDICIONADO, AGUA QUENTE,  DN 1\", E= 10 MM","M     ",2.2599999999999998]
[39715,"TUBO DE ESPUMA DE POLIETILENO EXPANDIDO FLEXIVEL PARA ISOLAMENTO TERMICO DE TUBULACAO DE AR CONDICIONADO, AGUA QUENTE,  DN 3/4\", E= 10 MM","M     ",1.61]
[39716,"TUBO DE ESPUMA DE POLIETILENO EXPANDIDO FLEXIVEL PARA ISOLAMENTO TERMICO DE TUBULACAO DE AR CONDICIONADO, AGUA QUENTE,  DN 3/8\", E= 10 MM","M     ",1.22]
[39718,"TUBO DE ESPUMA DE POLIETILENO EXPANDIDO FLEXIVEL PARA ISOLAMENTO TERMICO DE TUBULACAO DE AR CONDICIONADO, AGUA QUENTE,  DN 7/8\", E= 10 MM","M     ",2.08]
[9813,"TUBO DE POLIETILENO DE ALTA DENSIDADE (PEAD), PE-80, DE = 20 MM X 2,3 MM DE PAREDE, PARA LIGACAO DE AGUA PREDIAL (NBR 15561)","M     ",3.97]
[9815,"TUBO DE POLIETILENO DE ALTA DENSIDADE (PEAD), PE-80, DE = 32 MM X 3,0 MM DE PAREDE, PARA LIGACAO DE AGUA PREDIAL (NBR 15561)","M     ",7.84]
[25876,"TUBO DE POLIETILENO DE ALTA DENSIDADE, PEAD, PE-80, DE = 1000 MM X 38,5 MM PAREDE, ( SDR 26 - PN 05 ) PARA REDE DE AGUA OU ESGOTO (NBR 15561)","M     ",3901.18]
[25888,"TUBO DE POLIETILENO DE ALTA DENSIDADE, PEAD, PE-80, DE = 110 MM X 10,0 MM PAREDE, ( SDR 11 - PN 12,5 ) PARA REDE DE AGUA OU ESGOTO (NBR 15561)","M     ",95.61]
[25874,"TUBO DE POLIETILENO DE ALTA DENSIDADE, PEAD, PE-80, DE = 1200 MM X 37,2 MM PAREDE ( SDR 32,25 - PN 04 ) PARA REDE DE AGUA OU ESGOTO (NBR 15561)","M     ",6842.09]
[25877,"TUBO DE POLIETILENO DE ALTA DENSIDADE, PEAD, PE-80, DE = 1400 MM X 42,9 MM PAREDE, (SDR 32,25 - PN 04 ) PARA REDE DE AGUA OU ESGOTO (NBR 15561)","M     ",9336.2900000000009]
[25878,"TUBO DE POLIETILENO DE ALTA DENSIDADE, PEAD, PE-80, DE = 160 MM X 14,6 MM PAREDE, (SDR 11 - PN 12,5 ) PARA REDE DE AGUA OU ESGOTO (NBR 15561)","M     ",205.23]
[25879,"TUBO DE POLIETILENO DE ALTA DENSIDADE, PEAD, PE-80, DE = 1600 MM X 49,0 MM PAREDE, ( SDR 32,25 - PN 04 ) PARA REDE DE AGUA OU ESGOTO (NBR 15561)","M     ",8856.58]
[25887,"TUBO DE POLIETILENO DE ALTA DENSIDADE, PEAD, PE-80, DE = 900 MM X 34,7 MM PAREDE, ( SDR 26 - PN 05 ) PARA REDE DE AGUA OU ESGOTO (NBR 15561)","M     ",3538.35]
[25880,"TUBO DE POLIETILENO DE ALTA DENSIDADE, PEAD, PE-80, DE= 200 MM X 18,2 MM PAREDE, ( SDR 11 - PN 12,5 ) PARA REDE DE AGUA OU ESGOTO (NBR 15561)","M     ",319.93]
[25881,"TUBO DE POLIETILENO DE ALTA DENSIDADE, PEAD, PE-80, DE= 315 MM X 28,7 MM PAREDE, ( SDR 11 - PN 12,5 ) PARA REDE DE AGUA OU ESGOTO (NBR 15561)","M     ",783.92]
[25882,"TUBO DE POLIETILENO DE ALTA DENSIDADE, PEAD, PE-80, DE= 400 MM X 36,4 MM PAREDE, ( SDR 11 - PN 12,5 ) PARA REDE DE AGUA OU ESGOTO (NBR 15561)","M     ",1262.6099999999999]
[25883,"TUBO DE POLIETILENO DE ALTA DENSIDADE, PEAD, PE-80, DE= 50 MM X 4,6 MM PAREDE, (SDR 11 - PN 12,5) PARA REDE DE AGUA OU ESGOTO (NBR 15561)","M     ",20.37]
[25884,"TUBO DE POLIETILENO DE ALTA DENSIDADE, PEAD, PE-80, DE= 500 MM X 45,5 MM PAREDE, ( SDR 11 - PN 12,5 ) PARA REDE DE AGUA OU ESGOTO (NBR 15561)","M     ",2216.6799999999998]
[25885,"TUBO DE POLIETILENO DE ALTA DENSIDADE, PEAD, PE-80, DE= 630 MM X 57,3 MM PAREDE (SDR 11 - PN 12,5 ) PARA REDE DE AGUA OU ESGOTO (NBR 15561)","M     ",3296.83]
[25889,"TUBO DE POLIETILENO DE ALTA DENSIDADE, PEAD, PE-80, DE= 730 MM X 34,1 MM PAREDE, ( SDR 21 - PN 06 ) PARA REDE DE AGUA OU ESGOTO (NBR 15561)","M     ",1653.27]
[25886,"TUBO DE POLIETILENO DE ALTA DENSIDADE, PEAD, PE-80, DE= 75 MM X 6,9 MM PAREDE, ( SRD 11 - PN 12,5 ) PARA REDE DE AGUA OU ESGOTO (NBR 15561)","M     ",45.55]
[25875,"TUBO DE POLIETILENO DE ALTA DENSIDADE, PEAD, PE-80, DE= 800 MM X 30,8 MM PAREDE, ( SDR 26 - PN 05 ) PARA REDE DE AGUA OU ESGOTO (NBR 15561)","M     ",2156.9699999999998]
[9876,"TUBO DE PVC, PBL, TIPO LEVE, DN = 125 MM,  PARA VENTILACAO","M     ",24.86]
[9877,"TUBO DE PVC, PBL, TIPO LEVE, DN = 250 MM,  PARA VENTILACAO","M     ",87.07]
[9878,"TUBO DE PVC, PBL, TIPO LEVE, DN = 300 MM,  PARA VENTILACAO","M     ",113.42]
[9879,"TUBO DE PVC, PBL, TIPO LEVE, DN = 400 MM,  PARA VENTILACAO","M     ",270.70999999999998]
[42001,"TUBO DE REVESTIMENTO, EM ACO, CORPO SCHEDULE 40, PONTEIRA SCHEDULE 80, ROSQUEAVEL E SEGMENTADO PARA PERFURACAO,  DIAMETRO 6'' (200 MM) (COLETADO CAIXA)","M     ",750.79]
[41986,"TUBO DE REVESTIMENTO, EM ACO, CORPO SCHEDULE 40, PONTEIRA SCHEDULE 80, ROSQUEAVEL E SEGMENTADO PARA PERFURACAO, DIAMETRO 10'' (310 MM)","M     ",3362.34]
[43422,"TUBO DE REVESTIMENTO, EM ACO, CORPO SCHEDULE 40, PONTEIRA SCHEDULE 80, ROSQUEAVEL E SEGMENTADO PARA PERFURACAO, DIAMETRO 12\" (320 MM)","M     ",4123.58]
[41987,"TUBO DE REVESTIMENTO, EM ACO, CORPO SCHEDULE 40, PONTEIRA SCHEDULE 80, ROSQUEAVEL E SEGMENTADO PARA PERFURACAO, DIAMETRO 14'' (400 MM)","M     ",4779.58]
[41988,"TUBO DE REVESTIMENTO, EM ACO, CORPO SCHEDULE 40, PONTEIRA SCHEDULE 80, ROSQUEAVEL E SEGMENTADO PARA PERFURACAO, DIAMETRO 16'' (450 MM)","M     ",6313.14]
[41697,"TUBO DE REVESTIMENTO, EM ACO, CORPO SCHEDULE 40, PONTEIRA SCHEDULE 80, ROSQUEAVEL E SEGMENTADO PARA PERFURACAO, DIAMETRO 4'' (450 MM)","M     ",1118.98]
[41985,"TUBO DE REVESTIMENTO, EM ACO, CORPO SCHEDULE 40, PONTEIRA SCHEDULE 80, ROSQUEAVEL E SEGMENTADO PARA PERFURACAO, DIAMETRO 6'' (200 MM)","M     ",1558.45]
[41699,"TUBO DE REVESTIMENTO, EM ACO, CORPO SCHEDULE 40, PONTEIRA SCHEDULE 80, ROSQUEAVEL E SEGMENTADO PARA PERFURACAO, DIAMETRO 8'' (450 MM)","M     ",2219.15]
[38053,"TUBO DRENO, CORRUGADO, ESPIRALADO, FLEXIVEL, PERFURADO, EM POLIETILENO DE ALTA DENSIDADE (PEAD), DN *160* MM, (6\") PARA DRENAGEM - EM BARRA (NORMA DNIT 093/2006 - EM)","M     ",19.079999999999998]
[38054,"TUBO DRENO, CORRUGADO, ESPIRALADO, FLEXIVEL, PERFURADO, EM POLIETILENO DE ALTA DENSIDADE (PEAD), DN *200* MM, (8\") PARA DRENAGEM - EM BARRA (NORMA DNIT 093/2006 - EM)","M     ",32.799999999999997]
[38052,"TUBO DRENO, CORRUGADO, ESPIRALADO, FLEXIVEL, PERFURADO, EM POLIETILENO DE ALTA DENSIDADE (PEAD), DN 100 MM, (4\") PARA DRENAGEM - EM ROLO (NORMA DNIT 093/2006 - E.M)","M     ",9.24]
[38051,"TUBO DRENO, CORRUGADO, ESPIRALADO, FLEXIVEL, PERFURADO, EM POLIETILENO DE ALTA DENSIDADE (PEAD), DN 65 MM, (2 1/2\") PARA DRENAGEM - EM ROLO (NORMA DNIT 093/2006 - EM)","M     ",5.76]
[38787,"TUBO MONOCAMADA PEX, DN 16 MM","M     ",5.29]
[38825,"TUBO MONOCAMADA PEX, DN 20 MM","M     ",6.93]
[38826,"TUBO MONOCAMADA PEX, DN 25 MM","M     ",10.27]
[38827,"TUBO MONOCAMADA PEX, DN 32 MM","M     ",16.5]
[38830,"TUBO MULTICAMADA PEX, DN *26* MM, PARA INSTALACOES A GAS (AMARELO)","M     ",23.1]
[38828,"TUBO MULTICAMADA PEX, DN 16 MM, PARA INSTALACOES A GAS (AMARELO)","M     ",10.19]
[38829,"TUBO MULTICAMADA PEX, DN 20 MM, PARA INSTALACOES A GAS (AMARELO)","M     ",16.690000000000001]
[38831,"TUBO MULTICAMADA PEX, DN 32 MM, PARA INSTALACOES A GAS (AMARELO)","M     ",32.22]
[36274,"TUBO PPR PN 20, DN 20 MM, PARA AGUA QUENTE PREDIAL","M     ",4.71]
[36278,"TUBO PPR PN 20, DN 25 MM, PARA AGUA QUENTE PREDIAL","M     ",6.39]
[38977,"TUBO PPR, CLASSE PN 12, DN 110 MM","M     ",97.23]
[38971,"TUBO PPR, CLASSE PN 12, DN 32 MM","M     ",8.01]
[38972,"TUBO PPR, CLASSE PN 12, DN 40 MM","M     ",12.2]
[38973,"TUBO PPR, CLASSE PN 12, DN 50 MM","M     ",16.14]
[38974,"TUBO PPR, CLASSE PN 12, DN 63 MM","M     ",23.53]
[38975,"TUBO PPR, CLASSE PN 12, DN 75 MM","M     ",39.22]
[38976,"TUBO PPR, CLASSE PN 12, DN 90 MM","M     ",55]
[38986,"TUBO PPR, CLASSE PN 25, DN 110 MM, PARA AGUA QUENTE E FRIA PREDIAL","M     ",110.69]
[38978,"TUBO PPR, CLASSE PN 25, DN 20 MM, PARA AGUA QUENTE E FRIA PREDIAL","M     ",4.71]
[38979,"TUBO PPR, CLASSE PN 25, DN 25 MM, PARA AGUA QUENTE E FRIA PREDIAL","M     ",6.39]
[38980,"TUBO PPR, CLASSE PN 25, DN 32 MM, PARA AGUA QUENTE E FRIA PREDIAL","M     ",10.68]
[38981,"TUBO PPR, CLASSE PN 25, DN 40 MM, PARA AGUA QUENTE E FRIA PREDIAL","M     ",14.79]
[38982,"TUBO PPR, CLASSE PN 25, DN 50 MM, PARA AGUA QUENTE E FRIA PREDIAL","M     ",21.52]
[38983,"TUBO PPR, CLASSE PN 25, DN 63 MM, PARA AGUA QUENTE E FRIA PREDIAL","M     ",28.53]
[38984,"TUBO PPR, CLASSE PN 25, DN 75 MM, PARA AGUA QUENTE E FRIA PREDIAL","M     ",55.04]
[38985,"TUBO PPR, CLASSE PN 25, DN 90 MM, PARA AGUA QUENTE E FRIA PREDIAL","M     ",81.48]
[9836,"TUBO PVC  SERIE NORMAL, DN 100 MM, PARA ESGOTO  PREDIAL (NBR 5688)","M     ",16.21]
[20065,"TUBO PVC  SERIE NORMAL, DN 150 MM, PARA ESGOTO  PREDIAL (NBR 5688)","M     ",41.47]
[9835,"TUBO PVC  SERIE NORMAL, DN 40 MM, PARA ESGOTO  PREDIAL (NBR 5688)","M     ",5.84]
[38032,"TUBO PVC CORRUGADO, PAREDE DUPLA, JE, DN 150 MM, REDE COLETORA ESGOTO","M     ",45.09]
[38033,"TUBO PVC CORRUGADO, PAREDE DUPLA, JE, DN 200 MM, REDE COLETORA ESGOTO","M     ",73.790000000000006]
[38034,"TUBO PVC CORRUGADO, PAREDE DUPLA, JE, DN 250 MM, REDE COLETORA ESGOTO","M     ",122.07]
[38035,"TUBO PVC CORRUGADO, PAREDE DUPLA, JE, DN 300 MM, REDE COLETORA ESGOTO","M     ",170.1]
[38036,"TUBO PVC CORRUGADO, PAREDE DUPLA, JE, DN 350 MM, REDE COLETORA ESGOTO","M     ",240.02]
[38037,"TUBO PVC CORRUGADO, PAREDE DUPLA, JE, DN 400 MM, REDE COLETORA ESGOTO","M     ",278.3]
[9850,"TUBO PVC DE REVESTIMENTO GEOMECANICO NERVURADO REFORCADO, DN = 150 MM, COMPRIMENTO = 2 M","M     ",138.75]
[9853,"TUBO PVC DE REVESTIMENTO GEOMECANICO NERVURADO REFORCADO, DN = 200 MM, COMPRIMENTO = 2 M","M     ",246.74]
[9854,"TUBO PVC DE REVESTIMENTO GEOMECANICO NERVURADO STANDARD, DN = 154 MM, COMPRIMENTO = 2 M","M     ",108.11]
[9851,"TUBO PVC DE REVESTIMENTO GEOMECANICO NERVURADO STANDARD, DN = 206 MM, COMPRIMENTO = 2 M","M     ",187.46]
[9855,"TUBO PVC DE REVESTIMENTO GEOMECANICO NERVURADO STANDARD, DN = 250 MM, COMPRIMENTO = 2 M","M     ",313.55]
[9825,"TUBO PVC DEFOFO, JEI, 1 MPA, DN 100 MM, PARA REDE DE AGUA (NBR 7665)","M     ",46.44]
[9828,"TUBO PVC DEFOFO, JEI, 1 MPA, DN 150 MM, PARA REDE DE  AGUA (NBR 7665)","M     ",124.98]
[9829,"TUBO PVC DEFOFO, JEI, 1 MPA, DN 200 MM, PARA REDE DE AGUA (NBR 7665)","M     ",211.81]
[9826,"TUBO PVC DEFOFO, JEI, 1 MPA, DN 250 MM, PARA REDE DE AGUA (NBR 7665)","M     ",322.45]
[9827,"TUBO PVC DEFOFO, JEI, 1 MPA, DN 300 MM, PARA REDE DE AGUA (NBR 7665)","M     ",457.89]
[36374,"TUBO PVC PBA JEI, CLASSE 12, DN 100 MM, PARA REDE DE AGUA (NBR 5647)","M     ",55.66]
[36084,"TUBO PVC PBA JEI, CLASSE 12, DN 50 MM, PARA REDE DE AGUA (NBR 5647)","M     ",16.489999999999998]
[36373,"TUBO PVC PBA JEI, CLASSE 12, DN 75 MM, PARA REDE DE AGUA (NBR 5647)","M     ",34.24]
[36377,"TUBO PVC PBA JEI, CLASSE 15, DN 100 MM, PARA REDE DE AGUA (NBR 5647)","M     ",66.77]
[36375,"TUBO PVC PBA JEI, CLASSE 15, DN 50 MM, PARA REDE DE AGUA (NBR 5647)","M     ",20.350000000000001]
[36376,"TUBO PVC PBA JEI, CLASSE 15, DN 75 MM, PARA REDE DE AGUA (NBR 5647)","M     ",39.96]
[36380,"TUBO PVC PBA JEI, CLASSE 20, DN 100 MM, PARA REDE DE AGUA (NBR 5647)","M     ",83.49]
[36378,"TUBO PVC PBA JEI, CLASSE 20, DN 50 MM, PARA REDE DE AGUA (NBR 5647)","M     ",25.01]
[36379,"TUBO PVC PBA JEI, CLASSE 20, DN 75 MM, PARA REDE DE AGUA (NBR 5647)","M     ",50.43]
[9859,"TUBO PVC ROSCAVEL, 3/4\",  AGUA FRIA PREDIAL","M     ",11.19]
[9838,"TUBO PVC SERIE NORMAL, DN 50 MM, PARA ESGOTO PREDIAL (NBR 5688)","M     ",9.9499999999999993]
[9837,"TUBO PVC SERIE NORMAL, DN 75 MM, PARA ESGOTO PREDIAL (NBR 5688)","M     ",14.37]
[9833,"TUBO PVC, FLEXIVEL, CORRUGADO, PERFURADO, DN 110 MM, PARA DRENAGEM, SISTEMA IRRIGACAO","M     ",10.72]
[9830,"TUBO PVC, FLEXIVEL, CORRUGADO, PERFURADO, DN 65 MM, PARA DRENAGEM, SISTEMA IRRIGACAO","M     ",5.74]
[9834,"TUBO PVC, RIGIDO, CORRUGADO, PERFURADO, DN 150 MM, PARA DRENAGEM, SISTEMA IRRIGACAO","M     ",29.85]
[9863,"TUBO PVC, ROSCAVEL,  2 1/2\", AGUA FRIA PREDIAL","M     ",80.739999999999995]
[9860,"TUBO PVC, ROSCAVEL,  2\", PARA AGUA FRIA PREDIAL","M     ",51.83]
[9862,"TUBO PVC, ROSCAVEL, 1 1/2\",  AGUA FRIA PREDIAL","M     ",36.58]
[9861,"TUBO PVC, ROSCAVEL, 1 1/4\", AGUA FRIA PREDIAL","M     ",29.4]
[9856,"TUBO PVC, ROSCAVEL, 1/2\", AGUA FRIA PREDIAL","M     ",7.9]
[9866,"TUBO PVC, ROSCAVEL, 1\", AGUA FRIA PREDIAL","M     ",21.71]
[9857,"TUBO PVC, ROSCAVEL, 3\", AGUA FRIA PREDIAL","M     ",104.42]
[9864,"TUBO PVC, ROSCAVEL, 4\",  AGUA FRIA PREDIAL","M     ",126.06]
[9865,"TUBO PVC, ROSCAVEL, 5\",  AGUA FRIA PREDIAL","M     ",181.3]
[9858,"TUBO PVC, ROSCAVEL, 6\",  AGUA FRIA PREDIAL","M     ",190.07]
[9841,"TUBO PVC, SERIE R, DN 100 MM, PARA ESGOTO OU AGUAS PLUVIAIS PREDIAIS (NBR 5688)","M     ",40]
[9840,"TUBO PVC, SERIE R, DN 150 MM, PARA ESGOTO OU AGUAS PLUVIAIS PREDIAIS (NBR 5688)","M     ",81.31]
[20067,"TUBO PVC, SERIE R, DN 40 MM, PARA ESGOTO OU AGUAS PLUVIAIS PREDIAIS (NBR 5688)","M     ",13.97]
[20068,"TUBO PVC, SERIE R, DN 50 MM, PARA ESGOTO OU AGUAS PLUVIAIS PREDIAIS (NBR 5688)","M     ",17.420000000000002]
[9839,"TUBO PVC, SERIE R, DN 75 MM, PARA ESGOTO OU AGUAS PLUVIAIS PREDIAIS (NBR 5688)","M     ",22.84]
[9870,"TUBO PVC, SOLDAVEL, DN 110 MM, AGUA FRIA (NBR-5648)","M     ",88.04]
[9867,"TUBO PVC, SOLDAVEL, DN 20 MM, AGUA FRIA (NBR-5648)","M     ",3.23]
[9868,"TUBO PVC, SOLDAVEL, DN 25 MM, AGUA FRIA (NBR-5648)","M     ",4.1500000000000004]
[9869,"TUBO PVC, SOLDAVEL, DN 32 MM, AGUA FRIA (NBR-5648)","M     ",9.32]
[9874,"TUBO PVC, SOLDAVEL, DN 40 MM, AGUA FRIA (NBR-5648)","M     ",13.57]
[9875,"TUBO PVC, SOLDAVEL, DN 50 MM, PARA AGUA FRIA (NBR-5648)","M     ",15.54]
[9873,"TUBO PVC, SOLDAVEL, DN 60 MM, AGUA FRIA (NBR-5648)","M     ",26.22]
[9871,"TUBO PVC, SOLDAVEL, DN 75 MM, AGUA FRIA (NBR-5648)","M     ",43.92]
[9872,"TUBO PVC, SOLDAVEL, DN 85 MM, AGUA FRIA (NBR-5648)","M     ",54.88]
[7667,"TUBO 26\" EM CHAPA PRETA, E= 3/16\", 147 KG/6 M","M     ",3173.41]
[7660,"TUBO 30\" EM CHAPA PRETA, E= 1/4\", 175 KG/6 M","M     ",4045.35]
[7676,"TUBO 30\" EM CHAPA PRETA, E= 3/8\", 177 KG/6 M","M     ",4091.58]
[12426,"UNIAO COM ASSENTO CONICO DE BRONZE, DIAMETRO 1/2\"","UN    ",33.54]
[12425,"UNIAO COM ASSENTO CONICO DE BRONZE, DIAMETRO 1\"","UN    ",46.08]
[12427,"UNIAO COM ASSENTO CONICO DE BRONZE, DIAMETRO 2 1/2\"","UN    ",191.27]
[12428,"UNIAO COM ASSENTO CONICO DE BRONZE, DIAMETRO 2'","UN    ",122.77]
[12430,"UNIAO COM ASSENTO CONICO DE BRONZE, DIAMETRO 3/4\"","UN    ",41.12]
[12429,"UNIAO COM ASSENTO CONICO DE BRONZE, DIAMETRO 3\"","UN    ",309.29000000000002]
[12431,"UNIAO COM ASSENTO CONICO DE BRONZE, DIAMETRO 4\"","UN    ",526.36]
[12432,"UNIAO COM ASSENTO CONICO DE FERRO LONGO (MACHO-FEMEA), DIAMETRO 1 1/2\"","UN    ",108.26]
[12434,"UNIAO COM ASSENTO CONICO DE FERRO LONGO (MACHO-FEMEA), DIAMETRO 1/2\"","UN    ",35.28]
[12433,"UNIAO COM ASSENTO CONICO DE FERRO LONGO (MACHO-FEMEA), DIAMETRO 1\"","UN    ",68.91]
[12435,"UNIAO COM ASSENTO CONICO DE FERRO LONGO (MACHO-FEMEA), DIAMETRO 2 1/2\"","UN    ",213.28]
[12437,"UNIAO COM ASSENTO CONICO DE FERRO LONGO (MACHO-FEMEA), DIAMETRO 2\"","UN    ",172.25]
[12439,"UNIAO COM ASSENTO CONICO DE FERRO LONGO (MACHO-FEMEA), DIAMETRO 3/4\"","UN    ",55.28]
[12438,"UNIAO COM ASSENTO CONICO DE FERRO LONGO (MACHO-FEMEA), DIAMETRO 3'","UN    ",311.72000000000003]
[12436,"UNIAO COM ASSENTO CONICO DE FERRO LONGO (MACHO-FEMEA), DIAMETRO 4\"","UN    ",393.77]
[36357,"UNIAO COM FLANGE PPR, DN 40 MM, PARA AGUA QUENTE PREDIAL","UN    ",83.79]
[12424,"UNIAO DE FERRO GALVANIZADO, COM ASSENTO CONICO DE BRONZE, DE 1 1/2\"","UN    ",70.95]
[12440,"UNIAO DE FERRO GALVANIZADO, COM ASSENTO CONICO DE BRONZE, DE 1 1/4\"","UN    ",68.58]
[9884,"UNIAO DE FERRO GALVANIZADO, COM ROSCA BSP, COM ASSENTO PLANO, DE 1 1/2\"","UN    ",51.16]
[9888,"UNIAO DE FERRO GALVANIZADO, COM ROSCA BSP, COM ASSENTO PLANO, DE 1 1/4\"","UN    ",41.1]
[9883,"UNIAO DE FERRO GALVANIZADO, COM ROSCA BSP, COM ASSENTO PLANO, DE 1/2\"","UN    ",17.93]
[9886,"UNIAO DE FERRO GALVANIZADO, COM ROSCA BSP, COM ASSENTO PLANO, DE 1\"","UN    ",24.57]
[9889,"UNIAO DE FERRO GALVANIZADO, COM ROSCA BSP, COM ASSENTO PLANO, DE 2 1/2\"","UN    ",124.46]
[9887,"UNIAO DE FERRO GALVANIZADO, COM ROSCA BSP, COM ASSENTO PLANO, DE 2\"","UN    ",75.22]
[9885,"UNIAO DE FERRO GALVANIZADO, COM ROSCA BSP, COM ASSENTO PLANO, DE 3/4\"","UN    ",23.75]
[9890,"UNIAO DE FERRO GALVANIZADO, COM ROSCA BSP, COM ASSENTO PLANO, DE 3\"","UN    ",192.82]
[9891,"UNIAO DE FERRO GALVANIZADO, COM ROSCA BSP, COM ASSENTO PLANO, DE 4\"","UN    ",270.68]
[39292,"UNIAO DE REDUCAO METALICA, PARA CONEXAO COM ANEL DESLIZANTE EM TUBO PEX, DN 20 X 16 MM","UN    ",10.44]
[39293,"UNIAO DE REDUCAO METALICA, PARA CONEXAO COM ANEL DESLIZANTE EM TUBO PEX, DN 25 X 16 MM","UN    ",16.84]
[39294,"UNIAO DE REDUCAO METALICA, PARA CONEXAO COM ANEL DESLIZANTE EM TUBO PEX, DN 25 X 20 MM","UN    ",16.84]
[39295,"UNIAO DE REDUCAO METALICA, PARA CONEXAO COM ANEL DESLIZANTE EM TUBO PEX, DN 32 X 25 MM","UN    ",28.72]
[36313,"UNIAO DUPLA PPR DN 20 MM, PARA AGUA QUENTE PREDIAL","UN    ",19.86]
[36316,"UNIAO DUPLA PPR DN 25 MM, PARA AGUA QUENTE PREDIAL","UN    ",24.09]
[64,"UNIAO EM POLIPROPILENO (PP), PARA TUBO EM PEAD, 20 MM - LIGACAO PREDIAL DE AGUA","UN    ",4.79]
[37423,"UNIAO EM POLIPROPILENO (PP), PARA TUBO EM PEAD, 32 MM - LIGACAO PREDIAL DE AGUA","UN    ",11.84]
[39296,"UNIAO METALICA, PARA CONEXAO COM ANEL DESLIZANTE EM TUBO PEX, DN 16 MM","UN    ",8.06]
[39297,"UNIAO METALICA, PARA CONEXAO COM ANEL DESLIZANTE EM TUBO PEX, DN 20 MM","UN    ",11.53]
[39298,"UNIAO METALICA, PARA CONEXAO COM ANEL DESLIZANTE EM TUBO PEX, DN 25 MM","UN    ",20.309999999999999]
[39299,"UNIAO METALICA, PARA CONEXAO COM ANEL DESLIZANTE EM TUBO PEX, DN 32 MM","UN    ",34.56]
[9892,"UNIAO PVC, ROSCAVEL 1/2\",  AGUA FRIA PREDIAL","UN    ",7.05]
[9893,"UNIAO PVC, ROSCAVEL 2\",  AGUA FRIA PREDIAL","UN    ",95.76]
[9901,"UNIAO PVC, ROSCAVEL, 1 1/2\",  AGUA FRIA PREDIAL","UN    ",42.5]
[9896,"UNIAO PVC, ROSCAVEL, 1 1/4\",  AGUA FRIA PREDIAL","UN    ",38.299999999999997]
[9900,"UNIAO PVC, ROSCAVEL, 1\",  AGUA FRIA PREDIAL","UN    ",23.24]
[9898,"UNIAO PVC, ROSCAVEL, 2 1/2\",  AGUA FRIA PREDIAL","UN    ",196.92]
[9899,"UNIAO PVC, ROSCAVEL, 3/4\",  AGUA FRIA PREDIAL","UN    ",12.69]
[9902,"UNIAO PVC, ROSCAVEL, 3\",  AGUA FRIA PREDIAL","UN    ",249.36]
[9908,"UNIAO PVC, SOLDAVEL, 110 MM,  PARA AGUA FRIA PREDIAL","UN    ",497.2]
[9905,"UNIAO PVC, SOLDAVEL, 20 MM,  PARA AGUA FRIA PREDIAL","UN    ",8.31]
[9906,"UNIAO PVC, SOLDAVEL, 25 MM,  PARA AGUA FRIA PREDIAL","UN    ",9.9499999999999993]
[9895,"UNIAO PVC, SOLDAVEL, 32 MM,  PARA AGUA FRIA PREDIAL","UN    ",16.329999999999998]
[9894,"UNIAO PVC, SOLDAVEL, 40 MM,  PARA AGUA FRIA PREDIAL","UN    ",31.82]
[9897,"UNIAO PVC, SOLDAVEL, 50 MM,  PARA AGUA FRIA PREDIAL","UN    ",34.450000000000003]
[9910,"UNIAO PVC, SOLDAVEL, 60 MM,  PARA AGUA FRIA PREDIAL","UN    ",86.71]
[9909,"UNIAO PVC, SOLDAVEL, 75 MM,  PARA AGUA FRIA PREDIAL","UN    ",174.97]
[9907,"UNIAO PVC, SOLDAVEL, 85 MM,  PARA AGUA FRIA PREDIAL","UN    ",269.02999999999997]
[20973,"UNIAO TIPO STORZ, COM EMPATACAO INTERNA TIPO ANEL DE EXPANSAO, ENGATE RAPIDO 1 1/2\", PARA MANGUEIRA DE COMBATE A INCENDIO PREDIAL","UN    ",77.16]
[20974,"UNIAO TIPO STORZ, COM EMPATACAO INTERNA TIPO ANEL DE EXPANSAO, ENGATE RAPIDO 2 1/2\", PARA MANGUEIRA DE COMBATE A INCENDIO PREDIAL","UN    ",110.39]
[37989,"UNIAO, CPVC, SOLDAVEL, 15 MM, PARA AGUA QUENTE PREDIAL","UN    ",11.17]
[37990,"UNIAO, CPVC, SOLDAVEL, 22 MM, PARA AGUA QUENTE PREDIAL","UN    ",12.98]
[37991,"UNIAO, CPVC, SOLDAVEL, 28 MM, PARA AGUA QUENTE PREDIAL","UN    ",20.53]
[37992,"UNIAO, CPVC, SOLDAVEL, 35 MM, PARA AGUA QUENTE PREDIAL","UN    ",31.36]
[37993,"UNIAO, CPVC, SOLDAVEL, 42 MM, PARA AGUA QUENTE PREDIAL","UN    ",46.55]
[37994,"UNIAO, CPVC, SOLDAVEL, 54 MM, PARA AGUA QUENTE PREDIAL","UN    ",111.85]
[37995,"UNIAO, CPVC, SOLDAVEL, 73 MM, PARA AGUA QUENTE PREDIAL","UN    ",162.34]
[37996,"UNIAO, CPVC, SOLDAVEL, 89 MM, PARA AGUA QUENTE PREDIAL","UN    ",239.37]
[13883,"USINA DE ASFALTO A FRIO, CAPACIDADE DE 30 A 40 T/H, ELETRICA, POTENCIA DE 30 CV","UN    ",91260.9]
[38604,"USINA DE ASFALTO A FRIO, CAPACIDADE DE 40 A 60 T/H, ELETRICA, POTENCIA DE 30 CV","UN    ",113664.24]
[10601,"USINA DE ASFALTO A QUENTE, FIXA, TIPO CONTRA FLUXO, CAPACIDADE DE 100 A 140 T/H, POTENCIA DE 280 KW, COM MISTURADOR EXTERNO ROTATIVO","UN    ",2210996.16]
[26034,"USINA DE ASFALTO, GRAVIMETRICA, CAPACIDADE DE 150 T/H, POTENCIA DE 400 KW","UN    ",5821474.8600000003]
[13894,"USINA DE CONCRETO FIXA, CAPACIDADE NOMINAL DE 40 M3/H, SEM SILO","UN    ",392649.25]
[13895,"USINA DE CONCRETO FIXA, CAPACIDADE NOMINAL DE 60 M3/H, SEM SILO","UN    ",527982.35]
[13892,"USINA DE CONCRETO FIXA, CAPACIDADE NOMINAL DE 80 M3/H, SEM SILO","UN    ",647029.46]
[9914,"USINA DE CONCRETO FIXA, CAPACIDADE NOMINAL DE 90 A 120 M3/H, SEM SILO","UN    ",700000]
[36485,"USINA DE LAMA ASFALTICA, PROD 30 A 50 T/H, SILO DE AGREGADO 7 M3, RESERVATORIOS PARA EMULSAO E AGUA DE 2,3 M3 CADA, MISTURADOR TIPO PUGG-MILL A SER MONTADO SOBRE CAMINHAO","UN    ",480074.8]
[9912,"USINA DE MISTURAS ASFALTICAS A QUENTE, MOVEL, TIPO CONTRA FLUXO, CAPACIDADE DE 40 A 80 T/H","UN    ",1800000]
[9921,"USINA MISTURADORA DE SOLOS,  DOSADORES TRIPLOS, CALHA VIBRATORIA CAPACIDADE DE 200 A 500 T/H, POTENCIA DE 75 KW","UN    ",928525.14]
[21112,"VALVULA DE DESCARGA EM METAL CROMADO PARA MICTORIO COM ACIONAMENTO POR PRESSAO E FECHAMENTO AUTOMATICO","UN    ",191.96]
[10228,"VALVULA DE DESCARGA METALICA, BASE 1 1/2 \" E ACABAMENTO METALICO CROMADO","UN    ",223]
[11781,"VALVULA DE DESCARGA METALICA, BASE 1 1/4 \" E ACABAMENTO METALICO CROMADO","UN    ",180.65]
[11746,"VALVULA DE ESFERA BRUTA EM BRONZE, BITOLA 1 \" (REF 1552-B)","UN    ",69.86]
[11751,"VALVULA DE ESFERA BRUTA EM BRONZE, BITOLA 1 1/2 \" (REF 1552-B)","UN    ",125.47]
[11750,"VALVULA DE ESFERA BRUTA EM BRONZE, BITOLA 1 1/4 \" (REF 1552-B)","UN    ",104.13]
[11748,"VALVULA DE ESFERA BRUTA EM BRONZE, BITOLA 1/2 \" (REF 1552-B)","UN    ",44.83]
[11747,"VALVULA DE ESFERA BRUTA EM BRONZE, BITOLA 2 \" (REF 1552-B)","UN    ",193.48]
[11749,"VALVULA DE ESFERA BRUTA EM BRONZE, BITOLA 3/4 \" (REF 1552-B)","UN    ",51.75]
[10236,"VALVULA DE RETENCAO DE BRONZE, PE COM CRIVOS, EXTREMIDADE COM ROSCA, DE 1 1/2\", PARA FUNDO DE POCO","UN    ",74.92]
[10233,"VALVULA DE RETENCAO DE BRONZE, PE COM CRIVOS, EXTREMIDADE COM ROSCA, DE 1 1/4\", PARA FUNDO DE POCO","UN    ",70.209999999999994]
[10234,"VALVULA DE RETENCAO DE BRONZE, PE COM CRIVOS, EXTREMIDADE COM ROSCA, DE 1\", PARA FUNDO DE POCO","UN    ",44.23]
[10231,"VALVULA DE RETENCAO DE BRONZE, PE COM CRIVOS, EXTREMIDADE COM ROSCA, DE 2 1/2\", PARA FUNDO DE POCO","UN    ",202.82]
[10232,"VALVULA DE RETENCAO DE BRONZE, PE COM CRIVOS, EXTREMIDADE COM ROSCA, DE 2\", PARA FUNDO DE POCO","UN    ",113.49]
[10229,"VALVULA DE RETENCAO DE BRONZE, PE COM CRIVOS, EXTREMIDADE COM ROSCA, DE 3/4\", PARA FUNDO DE POCO","UN    ",40]
[10235,"VALVULA DE RETENCAO DE BRONZE, PE COM CRIVOS, EXTREMIDADE COM ROSCA, DE 3\", PARA FUNDO DE POCO","UN    ",278.05]
[10230,"VALVULA DE RETENCAO DE BRONZE, PE COM CRIVOS, EXTREMIDADE COM ROSCA, DE 4\", PARA FUNDO DE POCO","UN    ",489.33]
[10409,"VALVULA DE RETENCAO HORIZONTAL, DE BRONZE (PN-25), 1 1/2\", 400 PSI, TAMPA DE PORCA DE UNIAO, EXTREMIDADES COM ROSCA","UN    ",145.37]
[10411,"VALVULA DE RETENCAO HORIZONTAL, DE BRONZE (PN-25), 1 1/4\", 400 PSI, TAMPA DE PORCA DE UNIAO, EXTREMIDADES COM ROSCA","UN    ",130.08000000000001]
[10404,"VALVULA DE RETENCAO HORIZONTAL, DE BRONZE (PN-25), 1/2\", 400 PSI, TAMPA DE PORCA DE UNIAO, EXTREMIDADES COM ROSCA","UN    ",52.75]
[10410,"VALVULA DE RETENCAO HORIZONTAL, DE BRONZE (PN-25), 1\", 400 PSI, TAMPA DE PORCA DE UNIAO, EXTREMIDADES COM ROSCA","UN    ",86.89]
[10405,"VALVULA DE RETENCAO HORIZONTAL, DE BRONZE (PN-25), 2 1/2\", 400 PSI, TAMPA DE PORCA DE UNIAO, EXTREMIDADES COM ROSCA","UN    ",291.26]
[10408,"VALVULA DE RETENCAO HORIZONTAL, DE BRONZE (PN-25), 2\", 400 PSI, TAMPA DE PORCA DE UNIAO, EXTREMIDADES COM ROSCA","UN    ",203.67]
[10412,"VALVULA DE RETENCAO HORIZONTAL, DE BRONZE (PN-25), 3/4\", 400 PSI, TAMPA DE PORCA DE UNIAO, EXTREMIDADES COM ROSCA","UN    ",63.93]
[10406,"VALVULA DE RETENCAO HORIZONTAL, DE BRONZE (PN-25), 3\", 400 PSI, TAMPA DE PORCA DE UNIAO, EXTREMIDADES COM ROSCA","UN    ",402.29]
[10407,"VALVULA DE RETENCAO HORIZONTAL, DE BRONZE (PN-25), 4\", 400 PSI, TAMPA DE PORCA DE UNIAO, EXTREMIDADES COM ROSCA","UN    ",623.96]
[10416,"VALVULA DE RETENCAO VERTICAL, DE BRONZE (PN-16), 1 1/2\", 200 PSI, EXTREMIDADES COM ROSCA","UN    ",77.39]
[10419,"VALVULA DE RETENCAO VERTICAL, DE BRONZE (PN-16), 1 1/4\", 200 PSI, EXTREMIDADES COM ROSCA","UN    ",67.180000000000007]
[21092,"VALVULA DE RETENCAO VERTICAL, DE BRONZE (PN-16), 1/2\", 200 PSI, EXTREMIDADES COM ROSCA","UN    ",38.4]
[10418,"VALVULA DE RETENCAO VERTICAL, DE BRONZE (PN-16), 1\", 200 PSI, EXTREMIDADES COM ROSCA","UN    ",44.78]
[12657,"VALVULA DE RETENCAO VERTICAL, DE BRONZE (PN-16), 2 1/2\", 200 PSI, EXTREMIDADES COM ROSCA","UN    ",180.7]
[10417,"VALVULA DE RETENCAO VERTICAL, DE BRONZE (PN-16), 2\", 200 PSI, EXTREMIDADES COM ROSCA","UN    ",112.76]
[10413,"VALVULA DE RETENCAO VERTICAL, DE BRONZE (PN-16), 3/4\", 200 PSI, EXTREMIDADES COM ROSCA","UN    ",40.98]
[10414,"VALVULA DE RETENCAO VERTICAL, DE BRONZE (PN-16), 3\", 200 PSI, EXTREMIDADES COM ROSCA","UN    ",246.76]
[10415,"VALVULA DE RETENCAO VERTICAL, DE BRONZE (PN-16), 4\", 200 PSI, EXTREMIDADES COM ROSCA","UN    ",428.26]
[38643,"VALVULA EM METAL CROMADO PARA LAVATORIO, 1 \" SEM LADRAO","UN    ",31.79]
[6157,"VALVULA EM METAL CROMADO PARA PIA AMERICANA 3.1/2 X 1.1/2 \"","UN    ",43.43]
[37588,"VALVULA EM METAL CROMADO PARA TANQUE, 1.1/2 \" SEM LADRAO","UN    ",22.44]
[6152,"VALVULA EM PLASTICO BRANCO COM SAIDA LISA PARA TANQUE 1.1/4 \" X 1.1/2 \"","UN    ",3.21]
[6158,"VALVULA EM PLASTICO BRANCO PARA LAVATORIO 1 \", SEM UNHO, COM LADRAO","UN    ",3.87]
[6153,"VALVULA EM PLASTICO BRANCO PARA TANQUE OU LAVATORIO 1 \", SEM UNHO E SEM LADRAO","UN    ",3]
[6156,"VALVULA EM PLASTICO BRANCO PARA TANQUE 1.1/4 \" X 1.1/2 \", SEM UNHO E SEM LADRAO","UN    ",3.8]
[6154,"VALVULA EM PLASTICO CROMADO PARA LAVATORIO 1 \", SEM UNHO, COM LADRAO","UN    ",7.18]
[6155,"VALVULA EM PLASTICO CROMADO TIPO AMERICANA PARA PIA DE COZINHA 3.1/2 \" X 1.1/2 \", SEM ADAPTADOR","UN    ",14.87]
[43595,"VARA FINA PARA CREMONA, EM FERRO ZINCADO BRANCO, COM DIAMETRO DE APROX 10 MM E COMPRIMENTO DE 1,20 M","UN    ",16.75]
[43596,"VARA FINA PARA CREMONA, EM FERRO ZINCADO BRANCO, COM DIAMETRO DE APROX 10 MM E COMPRIMENTO DE 1,50 M","UN    ",19.36]
[38108,"VARIADOR DE LUMINOSIDADE ROTATIVO (DIMMER) 127 V, 300 W (APENAS MODULO)","UN    ",36.97]
[38087,"VARIADOR DE LUMINOSIDADE ROTATIVO (DIMMER) 127V, 300W, CONJUNTO MONTADO PARA EMBUTIR 4\" X 2\" (PLACA + SUPORTE + MODULO)","UN    ",47.56]
[38109,"VARIADOR DE LUMINOSIDADE ROTATIVO (DIMMER) 220 V, 600 W (APENAS MODULO)","UN    ",59.09]
[38088,"VARIADOR DE LUMINOSIDADE ROTATIVO (DIMMER) 220V, 600W, CONJUNTO MONTADO PARA EMBUTIR 4\" X 2\" (PLACA + SUPORTE + MODULO)","UN    ",62.14]
[38110,"VARIADOR DE VELOCIDADE PARA VENTILADOR 127 V, 150 W (APENAS MODULO)","UN    ",22.73]
[38089,"VARIADOR DE VELOCIDADE PARA VENTILADOR 127V, 150W + 2 INTERRUPTORES PARALELOS, PARA REVERSAO E LAMPADA, CONJUNTO MONTADO PARA EMBUTIR 4\" X 2\" (PLACA + SUPORTE + MODULOS)","UN    ",39.61]
[38111,"VARIADOR DE VELOCIDADE PARA VENTILADOR 220 V, 250 W (APENAS MODULO)","UN    ",25.42]
[38090,"VARIADOR DE VELOCIDADE PARA VENTILADOR 220V, 250W + 2 INTERRUPTORES PARALELOS, PARA REVERSAO E LAMPADA, CONJUNTO MONTADO PARA EMBUTIR 4\" X 2\" (PLACA + SUPORTE + MODULOS)","UN    ",40.94]
[11786,"VASO SANITARIO SIFONADO INFANTIL LOUCA BRANCA","UN    ",292.58]
[13726,"VASSOURA MECANICA REBOCAVEL COM ESCOVA CILINDRICA LARGURA UTIL DE VARRIMENTO = 2,44M","UN    ",45969.38]
[38400,"VASSOURA 40 CM COM CABO","UN    ",13.7]
[12627,"VEDACAO DE CALHA, EM BORRACHA COR PRETA, MEDIDA ENTRE 119 E 170 MM, PARA DRENAGEM PLUVIAL PREDIAL","UN    ",0.43]
[6138,"VEDACAO PVC, 100 MM, PARA SAIDA VASO SANITARIO","UN    ",2.29]
[39996,"VERGALHAO ZINCADO ROSCA TOTAL, 1/4 \" (6,3 MM)","M     ",3.14]
[10478,"VERNIZ POLIURETANO BRILHANTE PARA MADEIRA, COM FILTRO SOLAR, USO INTERNO E EXTERNO","L     ",31.27]
[10475,"VERNIZ SINTETICO BRILHANTE PARA MADEIRA TIPO COPAL, USO INTERNO","L     ",27.51]
[10481,"VERNIZ SINTETICO BRILHANTE PARA MADEIRA, COM FILTRO SOLAR, USO INTERNO E EXTERNO (BASE SOLVENTE)","L     ",30]
[4031,"VEU DE VIDRO/VEU DE SUPERFICIE 30 A 35 G/M2","M2    ",21.58]
[4030,"VEU POLIESTER","M2    ",4.59]
[39399,"VIBRADOR DE IMERSAO, COM PONTEIRA DE *35* MM, MANGOTE DE 5 M, SEM MOTOR","UN    ",1256.0999999999999]
[39400,"VIBRADOR DE IMERSAO, COM PONTEIRA DE *45* MM, MANGOTE DE 5 M, SEM MOTOR.","UN    ",1365.33]
[39401,"VIBRADOR DE IMERSAO, COM PONTEIRA DE *60* MM, MANGOTE DE 5 M, SEM MOTOR.","UN    ",1531.57]
[11652,"VIBRADOR DE IMERSAO, DIAMETRO DA PONTEIRA DE *35* MM, COM MOTOR 4 TEMPOS A GASOLINA DE 5,5 HP (5,5 CV)","UN    ",3295]
[13896,"VIBRADOR DE IMERSAO, DIAMETRO DA PONTEIRA DE *45* MM, COM MOTOR ELETRICO TRIFASICO DE 2 HP (2 CV)","UN    ",2955.9]
[13475,"VIBRADOR DE IMERSAO, DIAMETRO DA PONTEIRA DE *45* MM, COM MOTOR 4 TEMPOS A GASOLINA DE 5,5 HP (5,5 CV)","UN    ",3600.64]
[25971,"VIBROACABADORA DE ASFALTO SOBRE ESTEIRAS, LARG. PAVIM. MAX. 8,00 M, POT. 100 KW/ 134 HP, CAP. 600 T/ H","UN    ",2919833.7]
[25970,"VIBROACABADORA DE ASFALTO SOBRE ESTEIRAS, LARG. PAVIM. 2,13 M A 4,55 M, POT. 74 KW/ 100 HP, CAP. 400 T/ H","UN    ",1229216.1000000001]
[13476,"VIBROACABADORA DE ASFALTO SOBRE ESTEIRAS, LARG. PAVIM. 2,60 M A 5,75 M, POT. 110 HP, CAP. 450 T/ H","UN    ",1238123.55]
[10488,"VIBROACABADORA DE ASFALTO SOBRE ESTEIRAS, LARG. PAVIMENT. 1,90 A 5,3 M, POT. 78 KW/105 HP, CAP. 450 T/H","UN    ",1500000]
[13606,"VIBROACABADORA DE ASFALTO SOBRE RODAS, LARGURA DE PAVIMENTACAO DE 1,70 A 4,20 M, POTENCIA 78 KW/105 HP, CAPACIDADE 300 T/H","UN    ",1328978.55]
[10489,"VIDRACEIRO","H     ",14.5]
[41073,"VIDRACEIRO (MENSALISTA)","MES   ",2574.52]
[34391,"VIDRO COMUM LAMINADO LISO INCOLOR DUPLO, ESPESSURA TOTAL 8 MM (CADA CAMADA DE 4 MM) - COLOCADO","M2    ",574.38]
[10496,"VIDRO COMUM LAMINADO, LISO, INCOLOR, DUPLO, ESPESSURA TOTAL 6 MM (CADA CAMADA E= 3 MM) - COLOCADO","M2    ",500]
[10497,"VIDRO COMUM LAMINADO, LISO, INCOLOR, TRIPLO, ESPESSURA TOTAL 12 MM (CADA CAMADA E=  4 MM) - COLOCADO","M2    ",1299.99]
[10504,"VIDRO COMUM LAMINADO, LISO, INCOLOR, TRIPLO, ESPESSURA TOTAL 15 MM (CADA CAMADA E = 5 MM) - COLOCADO","M2    ",1520]
[34390,"VIDRO CRISTAL COLORIDO, 10 MM, PINTADO NA COR BRANCA","M2    ",448]
[34389,"VIDRO CRISTAL COLORIDO, 4 MM, PINTADO NA COR BRANCA","M2    ",140]
[34388,"VIDRO CRISTAL COLORIDO, 6 MM, PINTADO NA COR BRANCA","M2    ",198.97]
[34387,"VIDRO CRISTAL COLORIDO, 8 MM, PINTADO NA COR BRANCA","M2    ",323]
[11188,"VIDRO LISO FUME E = 4MM - SEM COLOCACAO","M2    ",160]
[11189,"VIDRO LISO FUME E = 6MM - SEM COLOCACAO","M2    ",240]
[21107,"VIDRO LISO FUME, E = 5 MM - SEM COLOCACAO","M2    ",172.71]
[34386,"VIDRO LISO INCOLOR 10 MM - SEM COLOCACAO","M2    ",299.99]
[10490,"VIDRO LISO INCOLOR 2 A 3 MM - SEM COLOCACAO","M2    ",90]
[10492,"VIDRO LISO INCOLOR 4MM - SEM COLOCACAO","M2    ",119.99]
[10493,"VIDRO LISO INCOLOR 5MM - SEM COLOCACAO","M2    ",140]
[10491,"VIDRO LISO INCOLOR 6 MM - SEM COLOCACAO","M2    ",170]
[34385,"VIDRO LISO INCOLOR 8MM  -  SEM COLOCACAO","M2    ",248]
[10499,"VIDRO MARTELADO OU CANELADO, 4 MM - SEM COLOCACAO","M2    ",99.99]
[34384,"VIDRO PLANO ARAMADO E = 6 MM - SEM COLOCACAO","M2    ",299.99]
[11185,"VIDRO PLANO ARMADO E = 7MM - SEM COLOCACAO","M2    ",309.99]
[10507,"VIDRO TEMPERADO INCOLOR E = 10 MM, SEM COLOCACAO","M2    ",235.76]
[10505,"VIDRO TEMPERADO INCOLOR E = 6 MM, SEM COLOCACAO","M2    ",139.11000000000001]
[10506,"VIDRO TEMPERADO INCOLOR E = 8 MM, SEM COLOCACAO","M2    ",181.6]
[5031,"VIDRO TEMPERADO INCOLOR PARA PORTA DE ABRIR, E = 10 MM (SEM FERRAGENS E SEM COLOCACAO)","M2    ",255]
[10502,"VIDRO TEMPERADO VERDE E = 10 MM, SEM COLOCACAO","M2    ",297.13]
[10501,"VIDRO TEMPERADO VERDE E = 6 MM, SEM COLOCACAO","M2    ",167.87]
[10503,"VIDRO TEMPERADO VERDE E = 8 MM, SEM COLOCACAO","M2    ",226.79]
[4500,"VIGA *7,5 X 10* CM EM PINUS, MISTA OU EQUIVALENTE DA REGIAO - BRUTA","M     ",10.68]
[4448,"VIGA *7,5 X 15 CM EM PINUS, MISTA OU EQUIVALENTE DA REGIAO - BRUTA","M     ",14.67]
[20213,"VIGA APARELHADA  *6 X 12* CM, EM MACARANDUBA, ANGELIM OU EQUIVALENTE DA REGIAO","M     ",32.47]
[20211,"VIGA APARELHADA *6 X 16* CM, EM MACARANDUBA, ANGELIM OU EQUIVALENTE DA REGIAO","M     ",42.99]
[40270,"VIGA DE ESCORAMAENTO H20, DE MADEIRA, PESO DE 5,00 A 5,20 KG/M, COM EXTREMIDADES PLASTICAS","M     ",69.08]
[4425,"VIGA NAO APARELHADA  *6 X 12* CM, EM MACARANDUBA, ANGELIM OU EQUIVALENTE DA REGIAO - BRUTA","M     ",35.53]
[4472,"VIGA NAO APARELHADA *6 X 16* CM, EM MACARANDUBA, ANGELIM OU EQUIVALENTE DA REGIAO -  BRUTA","M     ",44.39]
[35272,"VIGA NAO APARELHADA *6 X 20* CM, EM MACARANDUBA, ANGELIM OU EQUIVALENTE DA REGIAO - BRUTA","M     ",64.17]
[4481,"VIGA NAO APARELHADA *8 X 16* CM EM MACARANDUBA, ANGELIM OU EQUIVALENTE DA REGIAO -  BRUTA","M     ",68.680000000000007]
[34345,"VIGIA DIURNO","H     ",12.18]
[41096,"VIGIA DIURNO (MENSALISTA)","MES   ",2163.65]
[41776,"VIGIA NOTURNO, HORA EFETIVAMENTE TRABALHADA DE 22 H AS 5 H (COM ADICIONAL NOTURNO)","H     ",16.690000000000001]
[""]
["TOTAL DE INSUMOS : 5236"]
[]
[97141,"ASSENTAMENTO DE TUBO DE FERRO FUNDIDO PARA REDE DE ÁGUA, DN 80 MM, JUNTA ELÁSTICA, INSTALADO EM LOCAL COM NÍVEL ALTO DE INTERFERÊNCIAS (NÃO INCLUI FORNECIMENTO). AF_11/2017","M",6.95]
[97142,"ASSENTAMENTO DE TUBO DE FERRO FUNDIDO PARA REDE DE ÁGUA, DN 100 MM, JUNTA ELÁSTICA, INSTALADO EM LOCAL COM NÍVEL ALTO DE INTERFERÊNCIAS (NÃO INCLUI FORNECIMENTO). AF_11/2017","M",7.75]
[97143,"ASSENTAMENTO DE TUBO DE FERRO FUNDIDO PARA REDE DE ÁGUA, DN 150 MM, JUNTA ELÁSTICA, INSTALADO EM LOCAL COM NÍVEL ALTO DE INTERFERÊNCIAS (NÃO INCLUI FORNECIMENTO). AF_11/2017","M",9.74]
[97144,"ASSENTAMENTO DE TUBO DE FERRO FUNDIDO PARA REDE DE ÁGUA, DN 200 MM, JUNTA ELÁSTICA, INSTALADO EM LOCAL COM NÍVEL ALTO DE INTERFERÊNCIAS (NÃO INCLUI FORNECIMENTO). AF_11/2017","M",11.7]
[97145,"ASSENTAMENTO DE TUBO DE FERRO FUNDIDO PARA REDE DE ÁGUA, DN 250 MM, JUNTA ELÁSTICA, INSTALADO EM LOCAL COM NÍVEL ALTO DE INTERFERÊNCIAS (NÃO INCLUI FORNECIMENTO). AF_11/2017","M",13.72]
[97146,"ASSENTAMENTO DE TUBO DE FERRO FUNDIDO PARA REDE DE ÁGUA, DN 300 MM, JUNTA ELÁSTICA, INSTALADO EM LOCAL COM NÍVEL ALTO DE INTERFERÊNCIAS (NÃO INCLUI FORNECIMENTO). AF_11/2017","M",15.71]
[97147,"ASSENTAMENTO DE TUBO DE FERRO FUNDIDO PARA REDE DE ÁGUA, DN 350 MM, JUNTA ELÁSTICA, INSTALADO EM LOCAL COM NÍVEL ALTO DE INTERFERÊNCIAS (NÃO INCLUI FORNECIMENTO). AF_11/2017","M",17.71]
[97148,"ASSENTAMENTO DE TUBO DE FERRO FUNDIDO PARA REDE DE ÁGUA, DN 400 MM, JUNTA ELÁSTICA, INSTALADO EM LOCAL COM NÍVEL ALTO DE INTERFERÊNCIAS (NÃO INCLUI FORNECIMENTO). AF_11/2017","M",19.71]
[97149,"ASSENTAMENTO DE TUBO DE FERRO FUNDIDO PARA REDE DE ÁGUA, DN 450 MM, JUNTA ELÁSTICA, INSTALADO EM LOCAL COM NÍVEL ALTO DE INTERFERÊNCIAS (NÃO INCLUI FORNECIMENTO). AF_11/2017","M",21.74]
[97150,"ASSENTAMENTO DE TUBO DE FERRO FUNDIDO PARA REDE DE ÁGUA, DN 500 MM, JUNTA ELÁSTICA, INSTALADO EM LOCAL COM NÍVEL ALTO DE INTERFERÊNCIAS (NÃO INCLUI FORNECIMENTO). AF_11/2017","M",26.29]
[97151,"ASSENTAMENTO DE TUBO DE FERRO FUNDIDO PARA REDE DE ÁGUA, DN 600 MM, JUNTA ELÁSTICA, INSTALADO EM LOCAL COM NÍVEL ALTO DE INTERFERÊNCIAS (NÃO INCLUI FORNECIMENTO). AF_11/2017","M",30.69]
[97152,"ASSENTAMENTO DE TUBO DE FERRO FUNDIDO PARA REDE DE ÁGUA, DN 700 MM, JUNTA ELÁSTICA, INSTALADO EM LOCAL COM NÍVEL ALTO DE INTERFERÊNCIAS (NÃO INCLUI FORNECIMENTO). AF_11/2017","M",34.89]
[97153,"ASSENTAMENTO DE TUBO DE FERRO FUNDIDO PARA REDE DE ÁGUA, DN 800 MM, JUNTA ELÁSTICA, INSTALADO EM LOCAL COM NÍVEL ALTO DE INTERFERÊNCIAS (NÃO INCLUI FORNECIMENTO). AF_11/2017","M",39.21]
[97154,"ASSENTAMENTO DE TUBO DE FERRO FUNDIDO PARA REDE DE ÁGUA, DN 900 MM, JUNTA ELÁSTICA, INSTALADO EM LOCAL COM NÍVEL ALTO DE INTERFERÊNCIAS (NÃO INCLUI FORNECIMENTO). AF_11/2017","M",43.55]
[97155,"ASSENTAMENTO DE TUBO DE FERRO FUNDIDO PARA REDE DE ÁGUA, DN 1000 MM, JUNTA ELÁSTICA, INSTALADO EM LOCAL COM NÍVEL ALTO DE INTERFERÊNCIAS (NÃO INCLUI FORNECIMENTO). AF_11/2017","M",47.91]
[97156,"ASSENTAMENTO DE TUBO DE FERRO FUNDIDO PARA REDE DE ÁGUA, DN 1200 MM, JUNTA ELÁSTICA, INSTALADO EM LOCAL COM NÍVEL ALTO DE INTERFERÊNCIAS (NÃO INCLUI FORNECIMENTO). AF_11/2017","M",56.95]
[97157,"ASSENTAMENTO DE TUBO DE FERRO FUNDIDO PARA REDE DE ÁGUA, DN 80 MM, JUNTA ELÁSTICA, INSTALADO EM LOCAL COM NÍVEL BAIXO DE INTERFERÊNCIAS (NÃO INCLUI FORNECIMENTO). AF_11/2017","M",4.1900000000000004]
[97158,"ASSENTAMENTO DE TUBO DE FERRO FUNDIDO PARA REDE DE ÁGUA, DN 100 MM, JUNTA ELÁSTICA, INSTALADO EM LOCAL COM NÍVEL BAIXO DE INTERFERÊNCIAS (NÃO INCLUI FORNECIMENTO). AF_11/2017","M",4.67]
[97159,"ASSENTAMENTO DE TUBO DE FERRO FUNDIDO PARA REDE DE ÁGUA, DN 150 MM, JUNTA ELÁSTICA, INSTALADO EM LOCAL COM NÍVEL BAIXO DE INTERFERÊNCIAS (NÃO INCLUI FORNECIMENTO). AF_11/2017","M",5.88]
[97160,"ASSENTAMENTO DE TUBO DE FERRO FUNDIDO PARA REDE DE ÁGUA, DN 200 MM, JUNTA ELÁSTICA, INSTALADO EM LOCAL COM NÍVEL BAIXO DE INTERFERÊNCIAS (NÃO INCLUI FORNECIMENTO). AF_11/2017","M",7.08]
[97161,"ASSENTAMENTO DE TUBO DE FERRO FUNDIDO PARA REDE DE ÁGUA, DN 250 MM, JUNTA ELÁSTICA, INSTALADO EM LOCAL COM NÍVEL BAIXO DE INTERFERÊNCIAS (NÃO INCLUI FORNECIMENTO). AF_11/2017","M",8.32]
[97162,"ASSENTAMENTO DE TUBO DE FERRO FUNDIDO PARA REDE DE ÁGUA, DN 300 MM, JUNTA ELÁSTICA, INSTALADO EM LOCAL COM NÍVEL BAIXO DE INTERFERÊNCIAS (NÃO INCLUI FORNECIMENTO). AF_11/2017","M",9.5299999999999994]
[97163,"ASSENTAMENTO DE TUBO DE FERRO FUNDIDO PARA REDE DE ÁGUA, DN 350 MM, JUNTA ELÁSTICA, INSTALADO EM LOCAL COM NÍVEL BAIXO DE INTERFERÊNCIAS (NÃO INCLUI FORNECIMENTO). AF_11/2017","M",10.76]
[97164,"ASSENTAMENTO DE TUBO DE FERRO FUNDIDO PARA REDE DE ÁGUA, DN 400 MM, JUNTA ELÁSTICA, INSTALADO EM LOCAL COM NÍVEL BAIXO DE INTERFERÊNCIAS (NÃO INCLUI FORNECIMENTO). AF_11/2017","M",11.98]
[97165,"ASSENTAMENTO DE TUBO DE FERRO FUNDIDO PARA REDE DE ÁGUA, DN 450 MM, JUNTA ELÁSTICA, INSTALADO EM LOCAL COM NÍVEL BAIXO DE INTERFERÊNCIAS (NÃO INCLUI FORNECIMENTO). AF_11/2017","M",13.23]
[97166,"ASSENTAMENTO DE TUBO DE FERRO FUNDIDO PARA REDE DE ÁGUA, DN 500 MM, JUNTA ELÁSTICA, INSTALADO EM LOCAL COM NÍVEL BAIXO DE INTERFERÊNCIAS (NÃO INCLUI FORNECIMENTO). AF_11/2017","M",16.02]
[97167,"ASSENTAMENTO DE TUBO DE FERRO FUNDIDO PARA REDE DE ÁGUA, DN 600 MM, JUNTA ELÁSTICA, INSTALADO EM LOCAL COM NÍVEL BAIXO DE INTERFERÊNCIAS (NÃO INCLUI FORNECIMENTO). AF_11/2017","M",18.72]
[97168,"ASSENTAMENTO DE TUBO DE FERRO FUNDIDO PARA REDE DE ÁGUA, DN 700 MM, JUNTA ELÁSTICA, INSTALADO EM LOCAL COM NÍVEL BAIXO DE INTERFERÊNCIAS (NÃO INCLUI FORNECIMENTO). AF_11/2017","M",21.23]
[97169,"ASSENTAMENTO DE TUBO DE FERRO FUNDIDO PARA REDE DE ÁGUA, DN 800 MM, JUNTA ELÁSTICA, INSTALADO EM LOCAL COM NÍVEL BAIXO DE INTERFERÊNCIAS (NÃO INCLUI FORNECIMENTO). AF_11/2017","M",23.86]
[97170,"ASSENTAMENTO DE TUBO DE FERRO FUNDIDO PARA REDE DE ÁGUA, DN 900 MM, JUNTA ELÁSTICA, INSTALADO EM LOCAL COM NÍVEL BAIXO DE INTERFERÊNCIAS (NÃO INCLUI FORNECIMENTO). AF_11/2017","M",26.5]
[97171,"ASSENTAMENTO DE TUBO DE FERRO FUNDIDO PARA REDE DE ÁGUA, DN 1000 MM, JUNTA ELÁSTICA, INSTALADO EM LOCAL COM NÍVEL BAIXO DE INTERFERÊNCIAS (NÃO INCLUI FORNECIMENTO). AF_11/2017","M",29.17]
[97172,"ASSENTAMENTO DE TUBO DE FERRO FUNDIDO PARA REDE DE ÁGUA, DN 1200 MM, JUNTA ELÁSTICA, INSTALADO EM LOCAL COM NÍVEL BAIXO DE INTERFERÊNCIAS (NÃO INCLUI FORNECIMENTO). AF_11/2017","M",34.83]
[97173,"ASSENTAMENTO DE TUBO DE AÇO CARBONO PARA REDE DE ÁGUA, DN 600 MM (24\u0092\u0092), JUNTA SOLDADA, INSTALADO EM LOCAL COM NÍVEL ALTO DE INTERFERÊNCIAS (NÃO INCLUI FORNECIMENTO). AF_11/2017","M",31.55]
[97174,"ASSENTAMENTO DE TUBO DE AÇO CARBONO PARA REDE DE ÁGUA, DN 700 MM (28\u0092\u0092), JUNTA SOLDADA, INSTALADO EM LOCAL COM NÍVEL ALTO DE INTERFERÊNCIAS (NÃO INCLUI FORNECIMENTO). AF_11/2017","M",36.520000000000003]
[97175,"ASSENTAMENTO DE TUBO DE AÇO CARBONO PARA REDE DE ÁGUA, DN 800 MM (32\u0092\u0092), JUNTA SOLDADA, INSTALADO EM LOCAL COM NÍVEL ALTO DE INTERFERÊNCIAS (NÃO INCLUI FORNECIMENTO). AF_11/2017","M",41.48]
[97176,"ASSENTAMENTO DE TUBO DE AÇO CARBONO PARA REDE DE ÁGUA, DN 900 MM (36\u0092\u0092), JUNTA SOLDADA, INSTALADO EM LOCAL COM NÍVEL ALTO DE INTERFERÊNCIAS (NÃO INCLUI FORNECIMENTO). AF_11/2017","M",46.45]
[97177,"ASSENTAMENTO DE TUBO DE AÇO CARBONO PARA REDE DE ÁGUA, DN 1000 MM (40\u0092\u0092) OU DN 1100 MM (44\u0092\u0092), JUNTA SOLDADA, INSTALADO EM LOCAL COM NÍVEL ALTO DE INTERFERÊNCIAS (NÃO INCLUI FORNECIMENTO). AF_11/2017","M",56.38]
[97178,"ASSENTAMENTO DE TUBO DE AÇO CARBONO PARA REDE DE ÁGUA, DN 1200 MM (48\u0092\u0092) OU DN 1300 MM (52\u0092\u0092), JUNTA SOLDADA, INSTALADO EM LOCAL COM NÍVEL ALTO DE INTERFERÊNCIAS (NÃO INCLUI FORNECIMENTO). AF_11/2017","M",66.319999999999993]
[97179,"ASSENTAMENTO DE TUBO DE AÇO CARBONO PARA REDE DE ÁGUA, DN 1400 MM (56'') OU DN 1500 MM (60\u0092\u0092), JUNTA SOLDADA, INSTALADO EM LOCAL COM NÍVEL ALTO DE INTERFERÊNCIAS (NÃO INCLUI FORNECIMENTO). AF_11/2017","M",76.25]
[97180,"ASSENTAMENTO DE TUBO DE AÇO CARBONO PARA REDE DE ÁGUA, DN 1600 MM (64\u0092\u0092) OU DN 1700 MM (68\u0092\u0092), JUNTA SOLDADA, INSTALADO EM LOCAL COM NÍVEL ALTO DE INTERFERÊNCIAS (NÃO INCLUI FORNECIMENTO). AF_11/2017","M",86.2]
[97181,"ASSENTAMENTO DE TUBO DE AÇO CARBONO PARA REDE DE ÁGUA, DN 1800 MM (72\u0092\u0092) OU DN 1900 MM (76\u0092\u0092), JUNTA SOLDADA, INSTALADO EM LOCAL COM NÍVEL ALTO DE INTERFERÊNCIAS (NÃO INCLUI FORNECIMENTO). AF_11/2017","M",99.13]
[97182,"ASSENTAMENTO DE TUBO DE AÇO CARBONO PARA REDE DE ÁGUA, DN 2000 MM (80\u0092\u0092) OU DN 2100 MM (84\u0092\u0092), JUNTA SOLDADA, INSTALADO EM LOCAL COM NÍVEL ALTO DE INTERFERÊNCIAS (NÃO INCLUI FORNECIMENTO). AF_11/2017","M",109.4]
[97183,"ASSENTAMENTO DE TUBO DE AÇO CARBONO PARA REDE DE ÁGUA, DN 600 MM (24\u0092\u0092), JUNTA SOLDADA, INSTALADO EM LOCAL COM NÍVEL BAIXO DE INTERFERÊNCIAS (NÃO INCLUI FORNECIMENTO). AF_11/2017","M",26.12]
[97184,"ASSENTAMENTO DE TUBO DE AÇO CARBONO PARA REDE DE ÁGUA, DN 700 MM (28\u0092\u0092), JUNTA SOLDADA, INSTALADO EM LOCAL COM NÍVEL BAIXO DE INTERFERÊNCIAS (NÃO INCLUI FORNECIMENTO). AF_11/2017","M",30.3]
[97185,"ASSENTAMENTO DE TUBO DE AÇO CARBONO PARA REDE DE ÁGUA, DN 800 MM (32\u0092\u0092), JUNTA SOLDADA, INSTALADO EM LOCAL COM NÍVEL BAIXO DE INTERFERÊNCIAS (NÃO INCLUI FORNECIMENTO). AF_11/2017","M",34.46]
[97186,"ASSENTAMENTO DE TUBO DE AÇO CARBONO PARA REDE DE ÁGUA, DN 900 MM (36\u0092\u0092), JUNTA SOLDADA, INSTALADO EM LOCAL COM NÍVEL BAIXO DE INTERFERÊNCIAS (NÃO INCLUI FORNECIMENTO). AF_11/2017","M",38.64]
[97187,"ASSENTAMENTO DE TUBO DE AÇO CARBONO PARA REDE DE ÁGUA, DN 1000 MM (40  ) OU DN 1100 MM (44  ), JUNTA SOLDADA, INSTALADO EM LOCAL COM NÍVEL BAIXO DE INTERFERÊNCIAS (NÃO INCLUI FORNECIMENTO). AF_11/2017","M",47]
[97188,"ASSENTAMENTO DE TUBO DE AÇO CARBONO PARA REDE DE ÁGUA, DN 1200 MM (48\u0092\u0092) OU DN 1300 MM (52\u0092\u0092), JUNTA SOLDADA, INSTALADO EM LOCAL COM NÍVEL BAIXO DE INTERFERÊNCIAS (NÃO INCLUI FORNECIMENTO). AF_11/2017","M",55.35]
[97189,"ASSENTAMENTO DE TUBO DE AÇO CARBONO PARA REDE DE ÁGUA, DN 1400 MM (56'') OU DN 1500 MM (60\u0092\u0092), JUNTA SOLDADA, INSTALADO EM LOCAL COM NÍVEL BAIXO DE INTERFERÊNCIAS (NÃO INCLUI FORNECIMENTO). AF_11/2017","M",63.71]
[97190,"ASSENTAMENTO DE TUBO DE AÇO CARBONO PARA REDE DE ÁGUA, DN 1600 MM (64\u0092\u0092) OU DN 1700 MM (68\u0092\u0092), JUNTA SOLDADA, INSTALADO EM LOCAL COM NÍVEL BAIXO DE INTERFERÊNCIAS (NÃO INCLUI FORNECIMENTO). AF_11/2017","M",72.069999999999993]
[97191,"ASSENTAMENTO DE TUBO DE AÇO CARBONO PARA REDE DE ÁGUA, DN 1800 MM (72\u0092\u0092) OU DN 1900 MM (76\u0092\u0092), JUNTA SOLDADA, INSTALADO EM LOCAL COM NÍVEL BAIXO DE INTERFERÊNCIAS (NÃO INCLUI FORNECIMENTO). AF_11/2017","M",82.67]
[97192,"ASSENTAMENTO DE TUBO DE AÇO CARBONO PARA REDE DE ÁGUA, DN 2000 MM (80\u0092\u0092) OU DN 2100 MM (84\u0092\u0092), JUNTA SOLDADA, INSTALADO EM LOCAL COM NÍVEL BAIXO DE INTERFERÊNCIAS (NÃO INCLUI FORNECIMENTO). AF_11/2017","M",91.28]
[90694,"TUBO DE PVC PARA REDE COLETORA DE ESGOTO DE PAREDE MACIÇA, DN 100 MM, JUNTA ELÁSTICA - FORNECIMENTO E ASSENTAMENTO. AF_01/2021","M",31.42]
[90695,"TUBO DE PVC PARA REDE COLETORA DE ESGOTO DE PAREDE MACIÇA, DN 150 MM, JUNTA ELÁSTICA  - FORNECIMENTO E ASSENTAMENTO. AF_01/2021","M",64.790000000000006]
[90696,"TUBO DE PVC PARA REDE COLETORA DE ESGOTO DE PAREDE MACIÇA, DN 200 MM, JUNTA ELÁSTICA - FORNECIMENTO E ASSENTAMENTO. AF_01/2021","M",95.97]
[90697,"TUBO DE PVC PARA REDE COLETORA DE ESGOTO DE PAREDE MACIÇA, DN 250 MM, JUNTA ELÁSTICA  - FORNECIMENTO E ASSENTAMENTO. AF_01/2021","M",161.22999999999999]
[90698,"TUBO DE PVC PARA REDE COLETORA DE ESGOTO DE PAREDE MACIÇA, DN 300 MM, JUNTA ELÁSTICA,  FORNECIMENTO E ASSENTAMENTO. AF_01/2021","M",258.02999999999997]
[90699,"TUBO DE PVC PARA REDE COLETORA DE ESGOTO DE PAREDE MACIÇA, DN 350 MM, JUNTA ELÁSTICA  - FORNECIMENTO E ASSENTAMENTO. AF_01/2021","M",318.87]
[90700,"TUBO DE PVC PARA REDE COLETORA DE ESGOTO DE PAREDE MACIÇA, DN 400 MM, JUNTA ELÁSTICA  FORNECIMENTO E ASSENTAMENTO. AF_01/2021","M",413.03]
[90701,"TUBO DE PVC CORRUGADO DE DUPLA PAREDE PARA REDE COLETORA DE ESGOTO, DN 150 MM, JUNTA ELÁSTICA - FORNECIMENTO E ASSENTAMENTO. AF_01/2021","M",53.05]
[90702,"TUBO DE PVC CORRUGADO DE DUPLA PAREDE PARA REDE COLETORA DE ESGOTO, DN 200 MM, JUNTA ELÁSTICA - FORNECIMENTO E ASSENTAMENTO. AF_01/2021","M",84.07]
[90703,"TUBO DE PVC CORRUGADO DE DUPLA PAREDE PARA REDE COLETORA DE ESGOTO, DN 250 MM, JUNTA ELÁSTICA - FORNECIMENTO E ASSENTAMENTO. AF_01/2021","M",137.22]
[90704,"TUBO DE PVC CORRUGADO DE DUPLA PAREDE PARA REDE COLETORA DE ESGOTO, DN 300 MM, JUNTA ELÁSTICA - FORNECIMENTO E ASSENTAMENTO. AF_01/2021","M",189.49]
[90705,"TUBO DE PVC CORRUGADO DE DUPLA PAREDE PARA REDE COLETORA DE ESGOTO, DN 350 MM, JUNTA ELÁSTICA - FORNECIMENTO E ASSENTAMENTO. AF_01/2021","M",266.19]
[90706,"TUBO DE PVC CORRUGADO DE DUPLA PAREDE PARA REDE COLETORA DE ESGOTO, DN 400 MM, JUNTA ELÁSTICA - FORNECIMENTO E ASSENTAMENTO. AF_01/2021","M",310.7]
[90708,"TUBO DE PEAD CORRUGADO DE DUPLA PAREDE PARA REDE COLETORA DE ESGOTO, DN 600 MM, JUNTA ELÁSTICA INTEGRADA - FORNECIMENTO E ASSENTAMENTO. AF_01/2021","M",875.06]
[90724,"JUNTA ARGAMASSADA ENTRE TUBO DN 100 MM E O POÇO DE VISITA/ CAIXA DE CONCRETO OU ALVENARIA EM REDES DE ESGOTO. AF_01/2021","UN",20.41]
[90725,"JUNTA ARGAMASSADA ENTRE TUBO DN 150 MM E O POÇO DE VISITA/ CAIXA DE CONCRETO OU ALVENARIA EM REDES DE ESGOTO. AF_01/2021","UN",25.08]
[90726,"JUNTA ARGAMASSADA ENTRE TUBO DN 200 MM E O POÇO/ CAIXA DE CONCRETO OU ALVENARIA EM REDES DE ESGOTO. AF_01/2021","UN",29.82]
[90727,"JUNTA ARGAMASSADA ENTRE TUBO DN 250 MM E O POÇO DE VISITA/ CAIXA DE CONCRETO OU ALVENARIA EM REDES DE ESGOTO. AF_01/2021","UN",34.51]
[90728,"JUNTA ARGAMASSADA ENTRE TUBO DN 300 MM E O POÇO DE VISITA/ CAIXA DE CONCRETO OU ALVENARIA EM REDES DE ESGOTO. AF_01/2021","UN",39.19]
[90729,"JUNTA ARGAMASSADA ENTRE TUBO DN 350 MM E O POÇO DE VISITA/ CAIXA DE CONCRETO OU ALVENARIA EM REDES DE ESGOTO. AF_01/2021","UN",43.88]
[90730,"JUNTA ARGAMASSADA ENTRE TUBO DN 400 MM E O POÇO DE VISITA/ CAIXA DE CONCRETO OU ALVENARIA EM REDES DE ESGOTO. AF_01/2021","UN",48.57]
[90731,"JUNTA ARGAMASSADA ENTRE TUBO DN 450 MM E O POÇO DE VISITA/ CAIXA DE CONCRETO OU ALVENARIA EM REDES DE ESGOTO. AF_01/2021","UN",53.25]
[90732,"JUNTA ARGAMASSADA ENTRE TUBO DN 600 MM E O POÇO DE VISITA/ CAIXA DE CONCRETO OU ALVENARIA EM REDES DE ESGOTO. AF_01/2021","UN",67.3]
[90733,"ASSENTAMENTO DE TUBO DE PVC PARA REDE COLETORA DE ESGOTO DE PAREDE MACIÇA, DN 100 MM, JUNTA ELÁSTICA (NÃO INCLUI FORNECIMENTO). AF_01/2021","M",2.89]
[90734,"ASSENTAMENTO DE TUBO DE PVC PARA REDE COLETORA DE ESGOTO DE PAREDE MACIÇA, DN 150 MM, JUNTA ELÁSTICA,  (NÃO INCLUI FORNECIMENTO). AF_01/2021","M",3.42]
[90735,"ASSENTAMENTO DE TUBO DE PVC PARA REDE COLETORA DE ESGOTO DE PAREDE MACIÇA, DN 200 MM, JUNTA ELÁSTICA (NÃO INCLUI FORNECIMENTO). AF_01/2021","M",3.95]
[90736,"ASSENTAMENTO DE TUBO DE PVC PARA REDE COLETORA DE ESGOTO DE PAREDE MACIÇA, DN 250 MM, JUNTA ELÁSTICA (NÃO INCLUI FORNECIMENTO). AF_01/2021","M",4.4800000000000004]
[90737,"ASSENTAMENTO DE TUBO DE PVC PARA REDE COLETORA DE ESGOTO DE PAREDE MACIÇA, DN 300 MM, JUNTA ELÁSTICA  (NÃO INCLUI FORNECIMENTO). AF_01/2021","M",5.0199999999999996]
[90738,"ASSENTAMENTO DE TUBO DE PVC PARA REDE COLETORA DE ESGOTO DE PAREDE MACIÇA, DN 350 MM, JUNTA ELÁSTICA (NÃO INCLUI FORNECIMENTO). AF_01/2021","M",5.55]
[90739,"ASSENTAMENTO DE TUBO DE PVC PARA REDE COLETORA DE ESGOTO DE PAREDE MACIÇA, DN 400 MM, JUNTA ELÁSTICA (NÃO INCLUI FORNECIMENTO). AF_01/2021","M",7.3]
[90740,"ASSENTAMENTO DE TUBO DE PVC CORRUGADO DE DUPLA PAREDE PARA REDE COLETORA DE ESGOTO, DN 150 MM, JUNTA ELÁSTICA (NÃO INCLUI FORNECIMENTO). AF_01/2021","M",3.81]
[90741,"ASSENTAMENTO DE TUBO DE PVC CORRUGADO DE DUPLA PAREDE PARA REDE COLETORA DE ESGOTO, DN 200 MM, JUNTA ELÁSTICA (NÃO INCLUI FORNECIMENTO). AF_01/2021","M",4.34]
[90742,"ASSENTAMENTO DE TUBO DE PVC CORRUGADO DE DUPLA PAREDE PARA REDE COLETORA DE ESGOTO, DN 250 MM, JUNTA ELÁSTICA (NÃO INCLUI FORNECIMENTO). AF_01/2021","M",4.87]
[90743,"ASSENTAMENTO DE TUBO DE PVC CORRUGADO DE DUPLA PAREDE PARA REDE COLETORA DE ESGOTO, DN 300 MM, JUNTA ELÁSTICA (NÃO INCLUI FORNECIMENTO). AF_01/2021","M",5.41]
[90744,"ASSENTAMENTO DE TUBO DE PVC CORRUGADO DE DUPLA PAREDE PARA REDE COLETORA DE ESGOTO, DN 350 MM, JUNTA ELÁSTICA (NÃO INCLUI FORNECIMENTO). AF_01/2021","M",5.94]
[90745,"ASSENTAMENTO DE TUBO DE PVC CORRUGADO DE DUPLA PAREDE PARA REDE COLETORA DE ESGOTO, DN 400 MM, JUNTA ELÁSTICA  (NÃO INCLUI FORNECIMENTO). AF_01/2021","M",8.14]
[90746,"ASSENTAMENTO DE TUBO DE PEAD CORRUGADO DE DUPLA PAREDE PARA REDE COLETORA DE ESGOTO, DN 450 MM, JUNTA ELÁSTICA INTEGRADA (NÃO INCLUI FORNECIMENTO). AF_01/2021","M",3.11]
[90747,"ASSENTAMENTO DE TUBO DE PEAD CORRUGADO DE DUPLA PAREDE PARA REDE COLETORA DE ESGOTO, DN 600 MM, JUNTA ELÁSTICA INTEGRADA (NÃO INCLUI FORNECIMENTO). AF_01/2021","M",12.81]
[94869,"TUBO DE PEAD CORRUGADO DE DUPLA PAREDE PARA REDE COLETORA DE ESGOTO, DN 250 MM, JUNTA ELÁSTICA INTEGRADA - FORNECIMENTO E ASSENTAMENTO. AF_01/2021","M",178.11]
[94870,"ASSENTAMENTO DE TUBO DE PEAD CORRUGADO DE DUPLA PAREDE PARA REDE COLETORA DE ESGOTO, DN 250 MM, JUNTA ELÁSTICA INTEGRADA (NÃO INCLUI FORNECIMENTO). AF_01/2021","M",0.76]
[94871,"TUBO DE PEAD CORRUGADO DE DUPLA PAREDE PARA REDE COLETORA DE ESGOTO, DN 300 MM, JUNTA ELÁSTICA INTEGRADA - FORNECIMENTO E ASSENTAMENTO. AF_01/2021","M",211.02]
[94872,"ASSENTAMENTO DE TUBO DE PEAD CORRUGADO DE DUPLA PAREDE PARA REDE COLETORA DE ESGOTO, DN 300 MM, JUNTA ELÁSTICA INTEGRADA  (NÃO INCLUI FORNECIMENTO). AF_01/2021","M",1.33]
[94875,"TUBO DE PEAD CORRUGADO DE DUPLA PAREDE PARA REDE COLETORA DE ESGOTO, DN 800 MM, JUNTA ELÁSTICA INTEGRADA - FORNECIMENTO E ASSENTAMENTO. AF_01/2021","M",1236.3399999999999]
[94876,"ASSENTAMENTO DE TUBO DE PEAD CORRUGADO DE DUPLA PAREDE PARA REDE COLETORA DE ESGOTO, DN 800 MM, JUNTA ELÁSTICA INTEGRADA  (NÃO INCLUI FORNECIMENTO). AF_01/2021","M",19.39]
[94878,"ASSENTAMENTO DE TUBO DE PEAD CORRUGADO DE DUPLA PAREDE PARA REDE COLETORA DE ESGOTO, DN 900 MM, JUNTA ELÁSTICA INTEGRADA, INSTALADO EM LOCAL COM NÍVEL BAIXO DE INTERFERÊNCIAS (NÃO INCLUI FORNECIMENTO). AF_06/2016","M",22.77]
[94879,"TUBO DE PEAD CORRUGADO DE DUPLA PAREDE PARA REDE COLETORA DE ESGOTO, DN 1000 MM, JUNTA ELÁSTICA INTEGRADA, INSTALADO EM LOCAL COM NÍVEL BAIXO DE INTERFERÊNCIAS - FORNECIMENTO E ASSENTAMENTO. AF_06/2016","M",1646.88]
[94880,"ASSENTAMENTO DE TUBO DE PEAD CORRUGADO DE DUPLA PAREDE PARA REDE COLETORA DE ESGOTO, DN 1000 MM, JUNTA ELÁSTICA INTEGRADA, INSTALADO EM LOCAL COM NÍVEL BAIXO DE INTERFERÊNCIAS (NÃO INCLUI FORNECIMENTO). AF_06/2016","M",27.87]
[94881,"TUBO DE PEAD CORRUGADO DE DUPLA PAREDE PARA REDE COLETORA DE ESGOTO, DN 1200 MM, JUNTA ELÁSTICA INTEGRADA, INSTALADO EM LOCAL COM NÍVEL BAIXO DE INTERFERÊNCIAS - FORNECIMENTO E ASSENTAMENTO. AF_06/2016","M",2571.5500000000002]
[94882,"ASSENTAMENTO DE TUBO DE PEAD CORRUGADO DE DUPLA PAREDE PARA REDE COLETORA DE ESGOTO, DN 1200 MM, JUNTA ELÁSTICA INTEGRADA, INSTALADO EM LOCAL COM NÍVEL BAIXO DE INTERFERÊNCIAS (NÃO INCLUI FORNECIMENTO). AF_06/2016","M",33.07]
[94884,"ASSENTAMENTO DE TUBO DE PEAD CORRUGADO DE DUPLA PAREDE PARA REDE COLETORA DE ESGOTO, DN 1500 MM, JUNTA ELÁSTICA INTEGRADA, INSTALADO EM LOCAL COM NÍVEL BAIXO DE INTERFERÊNCIAS (NÃO INCLUI FORNECIMENTO). AF_06/2016","M",43.6]
[97121,"ASSENTAMENTO DE TUBO DE PVC PBA PARA REDE DE ÁGUA, DN 50 MM, JUNTA ELÁSTICA INTEGRADA, INSTALADO EM LOCAL COM NÍVEL ALTO DE INTERFERÊNCIAS (NÃO INCLUI FORNECIMENTO). AF_11/2017","M",1.71]
[97122,"ASSENTAMENTO DE TUBO DE PVC PBA PARA REDE DE ÁGUA, DN 75 MM, JUNTA ELÁSTICA INTEGRADA, INSTALADO EM LOCAL COM NÍVEL ALTO DE INTERFERÊNCIAS (NÃO INCLUI FORNECIMENTO). AF_11/2017","M",2.39]
[97123,"ASSENTAMENTO DE TUBO DE PVC PBA PARA REDE DE ÁGUA, DN 100 MM, JUNTA ELÁSTICA INTEGRADA, INSTALADO EM LOCAL COM NÍVEL ALTO DE INTERFERÊNCIAS (NÃO INCLUI FORNECIMENTO). AF_11/2017","M",3.02]
[97124,"ASSENTAMENTO DE TUBO DE PVC PBA PARA REDE DE ÁGUA, DN 50 MM, JUNTA ELÁSTICA INTEGRADA, INSTALADO EM LOCAL COM NÍVEL BAIXO DE INTERFERÊNCIAS (NÃO INCLUI FORNECIMENTO). AF_11/2017","M",0.75]
[97125,"ASSENTAMENTO DE TUBO DE PVC PBA PARA REDE DE ÁGUA, DN 75 MM, JUNTA ELÁSTICA INTEGRADA, INSTALADO EM LOCAL COM NÍVEL BAIXO DE INTERFERÊNCIAS (NÃO INCLUI FORNECIMENTO). AF_11/2017","M",1.07]
[97126,"ASSENTAMENTO DE TUBO DE PVC PBA PARA REDE DE ÁGUA, DN 100 MM, JUNTA ELÁSTICA INTEGRADA, INSTALADO EM LOCAL COM NÍVEL BAIXO DE INTERFERÊNCIAS (NÃO INCLUI FORNECIMENTO). AF_11/2017","M",1.36]
[102264,"TUBO DE PVC BRANCO PARA REDE COLETORA DE ESGOTO CONDOMINIAL DE PAREDE MACIÇA, DN 100 MM, JUNTA ELÁSTICA - FORNECIMENTO E ASSENTAMENTO. AF_01/2021","M",20.74]
[102265,"JUNTA ARGAMASSADA ENTRE TUBO DN 800 MM E O POÇO DE VISITA/ CAIXA DE CONCRETO OU ALVENARIA EM REDES DE ESGOTO. AF_01/2021","UN",86.05]
[102266,"JUNTA ARGAMASSADA ENTRE TUBO DN 900 MM E O POÇO DE VISITA/ CAIXA DE CONCRETO OU ALVENARIA EM REDES DE ESGOTO. AF_01/2021","UN",95.4]
[102267,"JUNTA ARGAMASSADA ENTRE TUBO DN 1000 MM E O POÇO DE VISITA/ CAIXA DE CONCRETO OU ALVENARIA EM REDES DE ESGOTO. AF_01/2021","UN",109.51]
[102268,"JUNTA ARGAMASSADA ENTRE TUBO DN 1200 MM E O POÇO DE VISITA/ CAIXA DE CONCRETO OU ALVENARIA EM REDES DE ESGOTO. AF_01/2021","UN",123.57]
[102269,"JUNTA ARGAMASSADA ENTRE TUBO DN 1500 MM E O POÇO DE VISITA/ CAIXA DE CONCRETO OU ALVENARIA EM REDES DE ESGOTO. AF_01/2021","UN",151.69]
[92833,"TUBO DE CONCRETO PARA REDES COLETORAS DE ESGOTO SANITÁRIO, DIÂMETRO DE 300 MM, JUNTA ELÁSTICA, INSTALADO EM LOCAL COM BAIXO NÍVEL DE INTERFERÊNCIAS - FORNECIMENTO E ASSENTAMENTO. AF_12/2015","M",164.33]
[92834,"ASSENTAMENTO DE TUBO DE CONCRETO PARA REDES COLETORAS DE ESGOTO SANITÁRIO, DIÂMETRO DE 300 MM, JUNTA ELÁSTICA, INSTALADO EM LOCAL COM BAIXO NÍVEL DE INTERFERÊNCIAS (NÃO INCLUI FORNECIMENTO). AF_12/2015","M",6.95]
[92835,"TUBO DE CONCRETO PARA REDES COLETORAS DE ESGOTO SANITÁRIO, DIÂMETRO DE 400 MM, JUNTA ELÁSTICA, INSTALADO EM LOCAL COM BAIXO NÍVEL DE INTERFERÊNCIAS - FORNECIMENTO E ASSENTAMENTO. AF_12/2015","M",175.97]
[92836,"ASSENTAMENTO DE TUBO DE CONCRETO PARA REDES COLETORAS DE ESGOTO SANITÁRIO, DIÂMETRO DE 400 MM, JUNTA ELÁSTICA, INSTALADO EM LOCAL COM BAIXO NÍVEL DE INTERFERÊNCIAS (NÃO INCLUI FORNECIMENTO). AF_12/2015","M",8.89]
[92837,"TUBO DE CONCRETO PARA REDES COLETORAS DE ESGOTO SANITÁRIO, DIÂMETRO DE 500 MM, JUNTA ELÁSTICA, INSTALADO EM LOCAL COM BAIXO NÍVEL DE INTERFERÊNCIAS - FORNECIMENTO E ASSENTAMENTO. AF_12/2015","M",295.10000000000002]
[92838,"ASSENTAMENTO DE TUBO DE CONCRETO PARA REDES COLETORAS DE ESGOTO SANITÁRIO, DIÂMETRO DE 500 MM, JUNTA ELÁSTICA, INSTALADO EM LOCAL COM BAIXO NÍVEL DE INTERFERÊNCIAS (NÃO INCLUI FORNECIMENTO). AF_12/2015","M",10.65]
[92839,"TUBO DE CONCRETO PARA REDES COLETORAS DE ESGOTO SANITÁRIO, DIÂMETRO DE 600 MM, JUNTA ELÁSTICA, INSTALADO EM LOCAL COM BAIXO NÍVEL DE INTERFERÊNCIAS - FORNECIMENTO E ASSENTAMENTO. AF_12/2015","M",361.62]
[92840,"ASSENTAMENTO DE TUBO DE CONCRETO PARA REDES COLETORAS DE ESGOTO SANITÁRIO, DIÂMETRO DE 600 MM, JUNTA ELÁSTICA, INSTALADO EM LOCAL COM BAIXO NÍVEL DE INTERFERÊNCIAS (NÃO INCLUI FORNECIMENTO). AF_12/2015","M",12.63]
[92841,"TUBO DE CONCRETO PARA REDES COLETORAS DE ESGOTO SANITÁRIO, DIÂMETRO DE 700 MM, JUNTA ELÁSTICA, INSTALADO EM LOCAL COM BAIXO NÍVEL DE INTERFERÊNCIAS - FORNECIMENTO E ASSENTAMENTO. AF_12/2015","M",453.93]
[92842,"ASSENTAMENTO DE TUBO DE CONCRETO PARA REDES COLETORAS DE ESGOTO SANITÁRIO, DIÂMETRO DE 700 MM, JUNTA ELÁSTICA, INSTALADO EM LOCAL COM BAIXO NÍVEL DE INTERFERÊNCIAS (NÃO INCLUI FORNECIMENTO). AF_12/2015","M",14.43]
[92843,"TUBO DE CONCRETO PARA REDES COLETORAS DE ESGOTO SANITÁRIO, DIÂMETRO DE 800 MM, JUNTA ELÁSTICA, INSTALADO EM LOCAL COM BAIXO NÍVEL DE INTERFERÊNCIAS - FORNECIMENTO E ASSENTAMENTO. AF_12/2015","M",481.03]
[92844,"ASSENTAMENTO DE TUBO DE CONCRETO PARA REDES COLETORAS DE ESGOTO SANITÁRIO, DIÂMETRO DE 800 MM, JUNTA ELÁSTICA, INSTALADO EM LOCAL COM BAIXO NÍVEL DE INTERFERÊNCIAS (NÃO INCLUI FORNECIMENTO). AF_12/2015","M",16.41]
[92845,"TUBO DE CONCRETO PARA REDES COLETORAS DE ESGOTO SANITÁRIO, DIÂMETRO DE 900 MM, JUNTA ELÁSTICA, INSTALADO EM LOCAL COM BAIXO NÍVEL DE INTERFERÊNCIAS - FORNECIMENTO E ASSENTAMENTO. AF_12/2015","M",672.82]
[92846,"ASSENTAMENTO DE TUBO DE CONCRETO PARA REDES COLETORAS DE ESGOTO SANITÁRIO, DIÂMETRO DE 900 MM, JUNTA ELÁSTICA, INSTALADO EM LOCAL COM BAIXO NÍVEL DE INTERFERÊNCIAS (NÃO INCLUI FORNECIMENTO). AF_12/2015","M",18.18]
[92847,"TUBO DE CONCRETO PARA REDES COLETORAS DE ESGOTO SANITÁRIO, DIÂMETRO DE 1000 MM, JUNTA ELÁSTICA, INSTALADO EM LOCAL COM BAIXO NÍVEL DE INTERFERÊNCIAS - FORNECIMENTO E ASSENTAMENTO. AF_12/2015","M",702.59]
[92848,"ASSENTAMENTO DE TUBO DE CONCRETO PARA REDES COLETORAS DE ESGOTO SANITÁRIO, DIÂMETRO DE 1000 MM, JUNTA ELÁSTICA, INSTALADO EM LOCAL COM BAIXO NÍVEL DE INTERFERÊNCIAS (NÃO INCLUI FORNECIMENTO). AF_12/2015","M",20.170000000000002]
[92849,"TUBO DE CONCRETO PARA REDES COLETORAS DE ESGOTO SANITÁRIO, DIÂMETRO DE 300 MM, JUNTA ELÁSTICA, INSTALADO EM LOCAL COM ALTO NÍVEL DE INTERFERÊNCIAS - FORNECIMENTO E ASSENTAMENTO. AF_12/2015","M",170.67]
[92850,"ASSENTAMENTO DE TUBO DE CONCRETO PARA REDES COLETORAS DE ESGOTO SANITÁRIO, DIÂMETRO DE 300 MM, JUNTA ELÁSTICA, INSTALADO EM LOCAL COM ALTO NÍVEL DE INTERFERÊNCIAS (NÃO INCLUI FORNECIMENTO). AF_12/2015","M",13.16]
[92851,"TUBO DE CONCRETO PARA REDES COLETORAS DE ESGOTO SANITÁRIO, DIÂMETRO DE 400 MM, JUNTA ELÁSTICA, INSTALADO EM LOCAL COM ALTO NÍVEL DE INTERFERÊNCIAS - FORNECIMENTO E ASSENTAMENTO. AF_12/2015","M",183.86]
[92852,"ASSENTAMENTO DE TUBO DE CONCRETO PARA REDES COLETORAS DE ESGOTO SANITÁRIO, DIÂMETRO DE 400 MM, JUNTA ELÁSTICA, INSTALADO EM LOCAL COM ALTO NÍVEL DE INTERFERÊNCIAS (NÃO INCLUI FORNECIMENTO). AF_12/2015","M",16.62]
[92853,"TUBO DE CONCRETO PARA REDES COLETORAS DE ESGOTO SANITÁRIO, DIÂMETRO DE 500 MM, JUNTA ELÁSTICA, INSTALADO EM LOCAL COM ALTO NÍVEL DE INTERFERÊNCIAS - FORNECIMENTO E ASSENTAMENTO. AF_12/2015","M",304.88]
[92854,"ASSENTAMENTO DE TUBO DE CONCRETO PARA REDES COLETORAS DE ESGOTO SANITÁRIO, DIÂMETRO DE 500 MM, JUNTA ELÁSTICA, INSTALADO EM LOCAL COM ALTO NÍVEL DE INTERFERÊNCIAS (NÃO INCLUI FORNECIMENTO). AF_12/2015","M",20.239999999999998]
[92855,"TUBO DE CONCRETO PARA REDES COLETORAS DE ESGOTO SANITÁRIO, DIÂMETRO DE 600 MM, JUNTA ELÁSTICA, INSTALADO EM LOCAL COM ALTO NÍVEL DE INTERFERÊNCIAS - FORNECIMENTO E ASSENTAMENTO. AF_12/2015","M",373.08]
[92856,"ASSENTAMENTO DE TUBO DE CONCRETO PARA REDES COLETORAS DE ESGOTO SANITÁRIO, DIÂMETRO DE 600 MM, JUNTA ELÁSTICA, INSTALADO EM LOCAL COM ALTO NÍVEL DE INTERFERÊNCIAS (NÃO INCLUI FORNECIMENTO). AF_12/2015","M",23.86]
[92857,"TUBO DE CONCRETO PARA REDES COLETORAS DE ESGOTO SANITÁRIO, DIÂMETRO DE 700 MM, JUNTA ELÁSTICA, INSTALADO EM LOCAL COM ALTO NÍVEL DE INTERFERÊNCIAS - FORNECIMENTO E ASSENTAMENTO. AF_12/2015","M",467.06]
[92858,"ASSENTAMENTO DE TUBO DE CONCRETO PARA REDES COLETORAS DE ESGOTO SANITÁRIO, DIÂMETRO DE 700 MM, JUNTA ELÁSTICA, INSTALADO EM LOCAL COM ALTO NÍVEL DE INTERFERÊNCIAS (NÃO INCLUI FORNECIMENTO). AF_12/2015","M",27.3]
[92859,"TUBO DE CONCRETO PARA REDES COLETORAS DE ESGOTO SANITÁRIO, DIÂMETRO DE 800 MM, JUNTA ELÁSTICA, INSTALADO EM LOCAL COM ALTO NÍVEL DE INTERFERÊNCIAS - FORNECIMENTO E ASSENTAMENTO. AF_12/2015","M",495.62]
[92860,"ASSENTAMENTO DE TUBO DE CONCRETO PARA REDES COLETORAS DE ESGOTO SANITÁRIO, DIÂMETRO DE 800 MM, JUNTA ELÁSTICA, INSTALADO EM LOCAL COM ALTO NÍVEL DE INTERFERÊNCIAS (NÃO INCLUI FORNECIMENTO). AF_12/2015","M",31]
[92861,"TUBO DE CONCRETO PARA REDES COLETORAS DE ESGOTO SANITÁRIO, DIÂMETRO DE 900 MM, JUNTA ELÁSTICA, INSTALADO EM LOCAL COM ALTO NÍVEL DE INTERFERÊNCIAS - FORNECIMENTO E ASSENTAMENTO. AF_12/2015","M",689.23]
[92862,"ASSENTAMENTO DE TUBO DE CONCRETO PARA REDES COLETORAS DE ESGOTO SANITÁRIO, DIÂMETRO DE 900 MM, JUNTA ELÁSTICA, INSTALADO EM LOCAL COM ALTO NÍVEL DE INTERFERÊNCIAS (NÃO INCLUI FORNECIMENTO). AF_12/2015","M",34.590000000000003]
[92863,"TUBO DE CONCRETO PARA REDES COLETORAS DE ESGOTO SANITÁRIO, DIÂMETRO DE 1000 MM, JUNTA ELÁSTICA, INSTALADO EM LOCAL COM ALTO NÍVEL DE INTERFERÊNCIAS - FORNECIMENTO E ASSENTAMENTO. AF_12/2015","M",721]
[92864,"ASSENTAMENTO DE TUBO DE CONCRETO PARA REDES COLETORAS DE ESGOTO SANITÁRIO, DIÂMETRO DE 1000 MM, JUNTA ELÁSTICA, INSTALADO EM LOCAL COM ALTO NÍVEL DE INTERFERÊNCIAS (NÃO INCLUI FORNECIMENTO). AF_12/2015","M",38.21]
[92210,"TUBO DE CONCRETO PARA REDES COLETORAS DE ÁGUAS PLUVIAIS, DIÂMETRO DE 400 MM, JUNTA RÍGIDA, INSTALADO EM LOCAL COM BAIXO NÍVEL DE INTERFERÊNCIAS - FORNECIMENTO E ASSENTAMENTO. AF_12/2015","M",116.92]
[92211,"TUBO DE CONCRETO PARA REDES COLETORAS DE ÁGUAS PLUVIAIS, DIÂMETRO DE 500 MM, JUNTA RÍGIDA, INSTALADO EM LOCAL COM BAIXO NÍVEL DE INTERFERÊNCIAS - FORNECIMENTO E ASSENTAMENTO. AF_12/2015","M",140.63]
[92212,"TUBO DE CONCRETO PARA REDES COLETORAS DE ÁGUAS PLUVIAIS, DIÂMETRO DE 600 MM, JUNTA RÍGIDA, INSTALADO EM LOCAL COM BAIXO NÍVEL DE INTERFERÊNCIAS - FORNECIMENTO E ASSENTAMENTO. AF_12/2015","M",206.73]
[92213,"TUBO DE CONCRETO PARA REDES COLETORAS DE ÁGUAS PLUVIAIS, DIÂMETRO DE 700 MM, JUNTA RÍGIDA, INSTALADO EM LOCAL COM BAIXO NÍVEL DE INTERFERÊNCIAS - FORNECIMENTO E ASSENTAMENTO. AF_12/2015","M",269.83]
[92214,"TUBO DE CONCRETO PARA REDES COLETORAS DE ÁGUAS PLUVIAIS, DIÂMETRO DE 800 MM, JUNTA RÍGIDA, INSTALADO EM LOCAL COM BAIXO NÍVEL DE INTERFERÊNCIAS - FORNECIMENTO E ASSENTAMENTO. AF_12/2015","M",325.29000000000002]
[92215,"TUBO DE CONCRETO PARA REDES COLETORAS DE ÁGUAS PLUVIAIS, DIÂMETRO DE 900 MM, JUNTA RÍGIDA, INSTALADO EM LOCAL COM BAIXO NÍVEL DE INTERFERÊNCIAS - FORNECIMENTO E ASSENTAMENTO. AF_12/2015","M",373.39]
[92216,"TUBO DE CONCRETO PARA REDES COLETORAS DE ÁGUAS PLUVIAIS, DIÂMETRO DE 1000 MM, JUNTA RÍGIDA, INSTALADO EM LOCAL COM BAIXO NÍVEL DE INTERFERÊNCIAS - FORNECIMENTO E ASSENTAMENTO. AF_12/2015","M",392]
[92219,"TUBO DE CONCRETO PARA REDES COLETORAS DE ÁGUAS PLUVIAIS, DIÂMETRO DE 400 MM, JUNTA RÍGIDA, INSTALADO EM LOCAL COM ALTO NÍVEL DE INTERFERÊNCIAS - FORNECIMENTO E ASSENTAMENTO. AF_12/2015","M",124.66]
[92220,"TUBO DE CONCRETO PARA REDES COLETORAS DE ÁGUAS PLUVIAIS, DIÂMETRO DE 500 MM, JUNTA RÍGIDA, INSTALADO EM LOCAL COM ALTO NÍVEL DE INTERFERÊNCIAS - FORNECIMENTO E ASSENTAMENTO. AF_12/2015","M",150.21]
[92221,"TUBO DE CONCRETO PARA REDES COLETORAS DE ÁGUAS PLUVIAIS, DIÂMETRO DE 600 MM, JUNTA RÍGIDA, INSTALADO EM LOCAL COM ALTO NÍVEL DE INTERFERÊNCIAS - FORNECIMENTO E ASSENTAMENTO. AF_12/2015","M",217.95]
[92222,"TUBO DE CONCRETO PARA REDES COLETORAS DE ÁGUAS PLUVIAIS, DIÂMETRO DE 700 MM, JUNTA RÍGIDA, INSTALADO EM LOCAL COM ALTO NÍVEL DE INTERFERÊNCIAS - FORNECIMENTO E ASSENTAMENTO. AF_12/2015","M",282.87]
[92223,"TUBO DE CONCRETO PARA REDES COLETORAS DE ÁGUAS PLUVIAIS, DIÂMETRO DE 800 MM, JUNTA RÍGIDA, INSTALADO EM LOCAL COM ALTO NÍVEL DE INTERFERÊNCIAS - FORNECIMENTO E ASSENTAMENTO. AF_12/2015","M",339.88]
[92224,"TUBO DE CONCRETO PARA REDES COLETORAS DE ÁGUAS PLUVIAIS, DIÂMETRO DE 900 MM, JUNTA RÍGIDA, INSTALADO EM LOCAL COM ALTO NÍVEL DE INTERFERÊNCIAS - FORNECIMENTO E ASSENTAMENTO. AF_12/2015","M",389.6]
[92226,"TUBO DE CONCRETO PARA REDES COLETORAS DE ÁGUAS PLUVIAIS, DIÂMETRO DE 1000 MM, JUNTA RÍGIDA, INSTALADO EM LOCAL COM ALTO NÍVEL DE INTERFERÊNCIAS - FORNECIMENTO E ASSENTAMENTO. AF_12/2015","M",410.12]
[92808,"ASSENTAMENTO DE TUBO DE CONCRETO PARA REDES COLETORAS DE ÁGUAS PLUVIAIS, DIÂMETRO DE 300 MM, JUNTA RÍGIDA, INSTALADO EM LOCAL COM BAIXO NÍVEL DE INTERFERÊNCIAS (NÃO INCLUI FORNECIMENTO). AF_12/2015","M",31.35]
[92809,"ASSENTAMENTO DE TUBO DE CONCRETO PARA REDES COLETORAS DE ÁGUAS PLUVIAIS, DIÂMETRO DE 400 MM, JUNTA RÍGIDA, INSTALADO EM LOCAL COM BAIXO NÍVEL DE INTERFERÊNCIAS (NÃO INCLUI FORNECIMENTO). AF_12/2015","M",40.21]
[92810,"ASSENTAMENTO DE TUBO DE CONCRETO PARA REDES COLETORAS DE ÁGUAS PLUVIAIS, DIÂMETRO DE 500 MM, JUNTA RÍGIDA, INSTALADO EM LOCAL COM BAIXO NÍVEL DE INTERFERÊNCIAS (NÃO INCLUI FORNECIMENTO). AF_12/2015","M",48.95]
[92811,"ASSENTAMENTO DE TUBO DE CONCRETO PARA REDES COLETORAS DE ÁGUAS PLUVIAIS, DIÂMETRO DE 600 MM, JUNTA RÍGIDA, INSTALADO EM LOCAL COM BAIXO NÍVEL DE INTERFERÊNCIAS (NÃO INCLUI FORNECIMENTO). AF_12/2015","M",58.29]
[92812,"ASSENTAMENTO DE TUBO DE CONCRETO PARA REDES COLETORAS DE ÁGUAS PLUVIAIS, DIÂMETRO DE 700 MM, JUNTA RÍGIDA, INSTALADO EM LOCAL COM BAIXO NÍVEL DE INTERFERÊNCIAS (NÃO INCLUI FORNECIMENTO). AF_12/2015","M",67.510000000000005]
[92813,"ASSENTAMENTO DE TUBO DE CONCRETO PARA REDES COLETORAS DE ÁGUAS PLUVIAIS, DIÂMETRO DE 800 MM, JUNTA RÍGIDA, INSTALADO EM LOCAL COM BAIXO NÍVEL DE INTERFERÊNCIAS (NÃO INCLUI FORNECIMENTO). AF_12/2015","M",78.31]
[92814,"ASSENTAMENTO DE TUBO DE CONCRETO PARA REDES COLETORAS DE ÁGUAS PLUVIAIS, DIÂMETRO DE 900 MM, JUNTA RÍGIDA, INSTALADO EM LOCAL COM BAIXO NÍVEL DE INTERFERÊNCIAS (NÃO INCLUI FORNECIMENTO). AF_12/2015","M",89.61]
[92815,"ASSENTAMENTO DE TUBO DE CONCRETO PARA REDES COLETORAS DE ÁGUAS PLUVIAIS, DIÂMETRO DE 1000 MM, JUNTA RÍGIDA, INSTALADO EM LOCAL COM BAIXO NÍVEL DE INTERFERÊNCIAS (NÃO INCLUI FORNECIMENTO). AF_12/2015","M",102.61]
[92816,"TUBO DE CONCRETO PARA REDES COLETORAS DE ÁGUAS PLUVIAIS, DIÂMETRO DE 1200 MM, JUNTA RÍGIDA, INSTALADO EM LOCAL COM BAIXO NÍVEL DE INTERFERÊNCIAS - FORNECIMENTO E ASSENTAMENTO. AF_12/2015","M",560.62]
[92817,"ASSENTAMENTO DE TUBO DE CONCRETO PARA REDES COLETORAS DE ÁGUAS PLUVIAIS, DIÂMETRO DE 1200 MM, JUNTA RÍGIDA, INSTALADO EM LOCAL COM BAIXO NÍVEL DE INTERFERÊNCIAS (NÃO INCLUI FORNECIMENTO). AF_12/2015","M",128.4]
[92818,"TUBO DE CONCRETO PARA REDES COLETORAS DE ÁGUAS PLUVIAIS, DIÂMETRO DE 1500 MM, JUNTA RÍGIDA, INSTALADO EM LOCAL COM BAIXO NÍVEL DE INTERFERÊNCIAS - FORNECIMENTO E ASSENTAMENTO. AF_12/2015","M",799.04]
[92819,"ASSENTAMENTO DE TUBO DE CONCRETO PARA REDES COLETORAS DE ÁGUAS PLUVIAIS, DIÂMETRO DE 1500 MM, JUNTA RÍGIDA, INSTALADO EM LOCAL COM BAIXO NÍVEL DE INTERFERÊNCIAS (NÃO INCLUI FORNECIMENTO). AF_12/2015","M",172.85]
[92820,"ASSENTAMENTO DE TUBO DE CONCRETO PARA REDES COLETORAS DE ÁGUAS PLUVIAIS, DIÂMETRO DE 300 MM, JUNTA RÍGIDA, INSTALADO EM LOCAL COM ALTO NÍVEL DE INTERFERÊNCIAS (NÃO INCLUI FORNECIMENTO). AF_12/2015","M",37.4]
[92821,"ASSENTAMENTO DE TUBO DE CONCRETO PARA REDES COLETORAS DE ÁGUAS PLUVIAIS, DIÂMETRO DE 400 MM, JUNTA RÍGIDA, INSTALADO EM LOCAL COM ALTO NÍVEL DE INTERFERÊNCIAS (NÃO INCLUI FORNECIMENTO). AF_12/2015","M",47.95]
[92822,"ASSENTAMENTO DE TUBO DE CONCRETO PARA REDES COLETORAS DE ÁGUAS PLUVIAIS, DIÂMETRO DE 500 MM, JUNTA RÍGIDA, INSTALADO EM LOCAL COM ALTO NÍVEL DE INTERFERÊNCIAS (NÃO INCLUI FORNECIMENTO). AF_12/2015","M",58.53]
[92824,"ASSENTAMENTO DE TUBO DE CONCRETO PARA REDES COLETORAS DE ÁGUAS PLUVIAIS, DIÂMETRO DE 600 MM, JUNTA RÍGIDA, INSTALADO EM LOCAL COM ALTO NÍVEL DE INTERFERÊNCIAS (NÃO INCLUI FORNECIMENTO). AF_12/2015","M",69.510000000000005]
[92825,"ASSENTAMENTO DE TUBO DE CONCRETO PARA REDES COLETORAS DE ÁGUAS PLUVIAIS, DIÂMETRO DE 700 MM, JUNTA RÍGIDA, INSTALADO EM LOCAL COM ALTO NÍVEL DE INTERFERÊNCIAS (NÃO INCLUI FORNECIMENTO). AF_12/2015","M",80.55]
[92826,"ASSENTAMENTO DE TUBO DE CONCRETO PARA REDES COLETORAS DE ÁGUAS PLUVIAIS, DIÂMETRO DE 800 MM, JUNTA RÍGIDA, INSTALADO EM LOCAL COM ALTO NÍVEL DE INTERFERÊNCIAS (NÃO INCLUI FORNECIMENTO). AF_12/2015","M",92.9]
[92827,"ASSENTAMENTO DE TUBO DE CONCRETO PARA REDES COLETORAS DE ÁGUAS PLUVIAIS, DIÂMETRO DE 900 MM, JUNTA RÍGIDA, INSTALADO EM LOCAL COM ALTO NÍVEL DE INTERFERÊNCIAS (NÃO INCLUI FORNECIMENTO). AF_12/2015","M",105.82]
[92828,"ASSENTAMENTO DE TUBO DE CONCRETO PARA REDES COLETORAS DE ÁGUAS PLUVIAIS, DIÂMETRO DE 1000 MM, JUNTA RÍGIDA, INSTALADO EM LOCAL COM ALTO NÍVEL DE INTERFERÊNCIAS (NÃO INCLUI FORNECIMENTO). AF_12/2015","M",120.73]
[92829,"TUBO DE CONCRETO PARA REDES COLETORAS DE ÁGUAS PLUVIAIS, DIÂMETRO DE 1200 MM, JUNTA RÍGIDA, INSTALADO EM LOCAL COM ALTO NÍVEL DE INTERFERÊNCIAS - FORNECIMENTO E ASSENTAMENTO. AF_12/2015","M",582.01]
[92830,"ASSENTAMENTO DE TUBO DE CONCRETO PARA REDES COLETORAS DE ÁGUAS PLUVIAIS, DIÂMETRO DE 1200 MM, JUNTA RÍGIDA, INSTALADO EM LOCAL COM ALTO NÍVEL DE INTERFERÊNCIAS (NÃO INCLUI FORNECIMENTO). AF_12/2015","M",149.79]
[92831,"TUBO DE CONCRETO PARA REDES COLETORAS DE ÁGUAS PLUVIAIS, DIÂMETRO DE 1500 MM, JUNTA RÍGIDA, INSTALADO EM LOCAL COM ALTO NÍVEL DE INTERFERÊNCIAS - FORNECIMENTO E ASSENTAMENTO. AF_12/2015","M",825.3]
[92832,"ASSENTAMENTO DE TUBO DE CONCRETO PARA REDES COLETORAS DE ÁGUAS PLUVIAIS, DIÂMETRO DE 1500 MM, JUNTA RÍGIDA, INSTALADO EM LOCAL COM ALTO NÍVEL DE INTERFERÊNCIAS (NÃO INCLUI FORNECIMENTO). AF_12/2015","M",199.11]
[95565,"TUBO DE CONCRETO PARA REDES COLETORAS DE ÁGUAS PLUVIAIS, DIÂMETRO DE 300MM, JUNTA RÍGIDA, INSTALADO EM LOCAL COM BAIXO NÍVEL DE INTERFERÊNCIAS - FORNECIMENTO E ASSENTAMENTO. AF_12/2015","M",99.96]
[95566,"TUBO DE CONCRETO PARA REDES COLETORAS DE ÁGUAS PLUVIAIS, DIÂMETRO DE 300MM, JUNTA RÍGIDA, INSTALADO EM LOCAL COM ALTO NÍVEL DE INTERFERÊNCIAS - FORNECIMENTO E ASSENTAMENTO. AF_12/2015","M",106.14]
[95567,"TUBO DE CONCRETO (SIMPLES) PARA REDES COLETORAS DE ÁGUAS PLUVIAIS, DIÂMETRO DE 300 MM, JUNTA RÍGIDA, INSTALADO EM LOCAL COM BAIXO NÍVEL DE INTERFERÊNCIAS - FORNECIMENTO E ASSENTAMENTO. AF_12/2015","M",66.58]
[95568,"TUBO DE CONCRETO (SIMPLES) PARA REDES COLETORAS DE ÁGUAS PLUVIAIS, DIÂMETRO DE 400 MM, JUNTA RÍGIDA, INSTALADO EM LOCAL COM BAIXO NÍVEL DE INTERFERÊNCIAS - FORNECIMENTO E ASSENTAMENTO. AF_12/2015","M",81.89]
[95569,"TUBO DE CONCRETO (SIMPLES) PARA REDES COLETORAS DE ÁGUAS PLUVIAIS, DIÂMETRO DE 500 MM, JUNTA RÍGIDA, INSTALADO EM LOCAL COM BAIXO NÍVEL DE INTERFERÊNCIAS - FORNECIMENTO E ASSENTAMENTO. AF_12/2015","M",110.77]
[95570,"TUBO DE CONCRETO (SIMPLES) PARA REDES COLETORAS DE ÁGUAS PLUVIAIS, DIÂMETRO DE 300 MM, JUNTA RÍGIDA, INSTALADO EM LOCAL COM ALTO NÍVEL DE INTERFERÊNCIAS - FORNECIMENTO E ASSENTAMENTO. AF_12/2015","M",72.760000000000005]
[95571,"TUBO DE CONCRETO (SIMPLES) PARA REDES COLETORAS DE ÁGUAS PLUVIAIS, DIÂMETRO DE 400 MM, JUNTA RÍGIDA, INSTALADO EM LOCAL COM ALTO NÍVEL DE INTERFERÊNCIAS - FORNECIMENTO E ASSENTAMENTO. AF_12/2015","M",89.8]
[95572,"TUBO DE CONCRETO (SIMPLES) PARA REDES COLETORAS DE ÁGUAS PLUVIAIS, DIÂMETRO DE 500 MM, JUNTA RÍGIDA, INSTALADO EM LOCAL COM ALTO NÍVEL DE INTERFERÊNCIAS - FORNECIMENTO E ASSENTAMENTO. AF_12/2015","M",120.55]
[97127,"ASSENTAMENTO DE TUBO DE PVC DEFOFO OU PRFV OU RPVC PARA REDE DE ÁGUA, DN 150 MM, JUNTA ELÁSTICA INTEGRADA, INSTALADO EM LOCAL COM NÍVEL ALTO DE INTERFERÊNCIAS (NÃO INCLUI FORNECIMENTO). AF_11/2017","M",4.34]
[97128,"ASSENTAMENTO DE TUBO DE PVC DEFOFO OU PRFV OU RPVC PARA REDE DE ÁGUA, DN 200 MM, JUNTA ELÁSTICA INTEGRADA, INSTALADO EM LOCAL COM NÍVEL ALTO DE INTERFERÊNCIAS (NÃO INCLUI FORNECIMENTO). AF_11/2017","M",8.56]
[97129,"ASSENTAMENTO DE TUBO DE PVC DEFOFO OU PRFV OU RPVC PARA REDE DE ÁGUA, DN 250 MM, JUNTA ELÁSTICA INTEGRADA, INSTALADO EM LOCAL COM NÍVEL ALTO DE INTERFERÊNCIAS (NÃO INCLUI FORNECIMENTO). AF_11/2017","M",10.54]
[97130,"ASSENTAMENTO DE TUBO DE PVC DEFOFO OU PRFV OU RPVC PARA REDE DE ÁGUA, DN 300 MM, JUNTA ELÁSTICA INTEGRADA, INSTALADO EM LOCAL COM NÍVEL ALTO DE INTERFERÊNCIAS (NÃO INCLUI FORNECIMENTO). AF_11/2017","M",12.52]
[97131,"ASSENTAMENTO DE TUBO DE PVC DEFOFO OU PRFV OU RPVC PARA REDE DE ÁGUA, DN 350 MM, JUNTA ELÁSTICA INTEGRADA, INSTALADO EM LOCAL COM NÍVEL ALTO DE INTERFERÊNCIAS (NÃO INCLUI FORNECIMENTO). AF_11/2017","M",14.47]
[97132,"ASSENTAMENTO DE TUBO DE PVC DEFOFO OU PRFV OU RPVC PARA REDE DE ÁGUA, DN 400 MM, JUNTA ELÁSTICA INTEGRADA, INSTALADO EM LOCAL COM NÍVEL ALTO DE INTERFERÊNCIAS (NÃO INCLUI FORNECIMENTO). AF_11/2017","M",16.43]
[97133,"ASSENTAMENTO DE TUBO DE PVC DEFOFO OU PRFV OU RPVC PARA REDE DE ÁGUA, DN 500 MM, JUNTA ELÁSTICA INTEGRADA, INSTALADO EM LOCAL COM NÍVEL ALTO DE INTERFERÊNCIAS (NÃO INCLUI FORNECIMENTO). AF_11/2017","M",20.37]
[97134,"ASSENTAMENTO DE TUBO DE PVC DEFOFO OU PRFV OU RPVC PARA REDE DE ÁGUA, DN 150 MM, JUNTA ELÁSTICA INTEGRADA, INSTALADO EM LOCAL COM NÍVEL BAIXO DE INTERFERÊNCIAS (NÃO INCLUI FORNECIMENTO). AF_11/2017","M",1.98]
[97135,"ASSENTAMENTO DE TUBO DE PVC DEFOFO OU PRFV OU RPVC PARA REDE DE ÁGUA, DN 200 MM, JUNTA ELÁSTICA INTEGRADA, INSTALADO EM LOCAL COM NÍVEL BAIXO DE INTERFERÊNCIAS (NÃO INCLUI FORNECIMENTO). AF_11/2017","M",4.29]
[97136,"ASSENTAMENTO DE TUBO DE PVC DEFOFO OU PRFV OU RPVC PARA REDE DE ÁGUA, DN 250 MM, JUNTA ELÁSTICA INTEGRADA, INSTALADO EM LOCAL COM NÍVEL BAIXO DE INTERFERÊNCIAS (NÃO INCLUI FORNECIMENTO). AF_11/2017","M",5.29]
[97137,"ASSENTAMENTO DE TUBO DE PVC DEFOFO OU PRFV OU RPVC PARA REDE DE ÁGUA, DN 300 MM, JUNTA ELÁSTICA INTEGRADA, INSTALADO EM LOCAL COM NÍVEL BAIXO DE INTERFERÊNCIAS (NÃO INCLUI FORNECIMENTO). AF_11/2017","M",6.29]
[97138,"ASSENTAMENTO DE TUBO DE PVC DEFOFO OU PRFV OU RPVC PARA REDE DE ÁGUA, DN 350 MM, JUNTA ELÁSTICA INTEGRADA, INSTALADO EM LOCAL COM NÍVEL BAIXO DE INTERFERÊNCIAS (NÃO INCLUI FORNECIMENTO). AF_11/2017","M",7.27]
[97139,"ASSENTAMENTO DE TUBO DE PVC DEFOFO OU PRFV OU RPVC PARA REDE DE ÁGUA, DN 400 MM, JUNTA ELÁSTICA INTEGRADA, INSTALADO EM LOCAL COM NÍVEL BAIXO DE INTERFERÊNCIAS (NÃO INCLUI FORNECIMENTO). AF_11/2017","M",8.26]
[97140,"ASSENTAMENTO DE TUBO DE PVC DEFOFO OU PRFV OU RPVC PARA REDE DE ÁGUA, DN 500 MM, JUNTA ELÁSTICA INTEGRADA, INSTALADO EM LOCAL COM NÍVEL BAIXO DE INTERFERÊNCIAS (NÃO INCLUI FORNECIMENTO). AF_11/2017","M",10.23]
[93206,"EXECUÇÃO DE ESCRITÓRIO EM CANTEIRO DE OBRA EM ALVENARIA, NÃO INCLUSO MOBILIÁRIO E EQUIPAMENTOS. AF_02/2016","M2",938.62]
[93207,"EXECUÇÃO DE ESCRITÓRIO EM CANTEIRO DE OBRA EM CHAPA DE MADEIRA COMPENSADA, NÃO INCLUSO MOBILIÁRIO E EQUIPAMENTOS. AF_02/2016","M2",1009.73]
[93208,"EXECUÇÃO DE ALMOXARIFADO EM CANTEIRO DE OBRA EM CHAPA DE MADEIRA COMPENSADA, INCLUSO PRATELEIRAS. AF_02/2016","M2",851.43]
[93209,"EXECUÇÃO DE ALMOXARIFADO EM CANTEIRO DE OBRA EM ALVENARIA, INCLUSO PRATELEIRAS. AF_02/2016","M2",800.47]
[93210,"EXECUÇÃO DE REFEITÓRIO EM CANTEIRO DE OBRA EM CHAPA DE MADEIRA COMPENSADA, NÃO INCLUSO MOBILIÁRIO E EQUIPAMENTOS. AF_02/2016","M2",527.23]
[93211,"EXECUÇÃO DE REFEITÓRIO EM CANTEIRO DE OBRA EM ALVENARIA, NÃO INCLUSO MOBILIÁRIO E EQUIPAMENTOS. AF_02/2016","M2",504.76]
[93212,"EXECUÇÃO DE SANITÁRIO E VESTIÁRIO EM CANTEIRO DE OBRA EM CHAPA DE MADEIRA COMPENSADA, NÃO INCLUSO MOBILIÁRIO. AF_02/2016","M2",896.72]
[93213,"EXECUÇÃO DE SANITÁRIO E VESTIÁRIO EM CANTEIRO DE OBRA EM ALVENARIA, NÃO INCLUSO MOBILIÁRIO. AF_02/2016","M2",846.02]
[93214,"EXECUÇÃO DE RESERVATÓRIO ELEVADO DE ÁGUA (1000 LITROS) EM CANTEIRO DE OBRA, APOIADO EM ESTRUTURA DE MADEIRA. AF_02/2016","UN",6260.95]
[93243,"EXECUÇÃO DE RESERVATÓRIO ELEVADO DE ÁGUA (2000 LITROS) EM CANTEIRO DE OBRA, APOIADO EM ESTRUTURA DE MADEIRA. AF_02/2016","UN",9568.7900000000009]
[93582,"EXECUÇÃO DE CENTRAL DE ARMADURA EM CANTEIRO DE OBRA, NÃO INCLUSO MOBILIÁRIO E EQUIPAMENTOS. AF_04/2016","M2",252.46]
[93583,"EXECUÇÃO DE CENTRAL DE FÔRMAS, PRODUÇÃO DE ARGAMASSA OU CONCRETO EM CANTEIRO DE OBRA, NÃO INCLUSO MOBILIÁRIO E EQUIPAMENTOS. AF_04/2016","M2",394.91]
[93584,"EXECUÇÃO DE DEPÓSITO EM CANTEIRO DE OBRA EM CHAPA DE MADEIRA COMPENSADA, NÃO INCLUSO MOBILIÁRIO. AF_04/2016","M2",830.14]
[93585,"EXECUÇÃO DE GUARITA EM CANTEIRO DE OBRA EM CHAPA DE MADEIRA COMPENSADA, NÃO INCLUSO MOBILIÁRIO. AF_04/2016","M2",1114.82]
[98441,"PAREDE DE MADEIRA COMPENSADA PARA CONSTRUÇÃO TEMPORÁRIA EM CHAPA SIMPLES, EXTERNA, COM ÁREA LÍQUIDA MAIOR OU IGUAL A 6 M², SEM VÃO. AF_05/2018","M2",151.44]
[98442,"PAREDE DE MADEIRA COMPENSADA PARA CONSTRUÇÃO TEMPORÁRIA EM CHAPA SIMPLES, EXTERNA, COM ÁREA LÍQUIDA MENOR QUE 6 M², SEM VÃO. AF_05/2018","M2",154.13999999999999]
[98443,"PAREDE DE MADEIRA COMPENSADA PARA CONSTRUÇÃO TEMPORÁRIA EM CHAPA SIMPLES, INTERNA, COM ÁREA LÍQUIDA MAIOR OU IGUAL A 6 M², SEM VÃO. AF_05/2018","M2",133.22]
[98444,"PAREDE DE MADEIRA COMPENSADA PARA CONSTRUÇÃO TEMPORÁRIA EM CHAPA SIMPLES, INTERNA, COM ÁREA LÍQUIDA MENOR QUE 6 M², SEM VÃO. AF_05/2018","M2",135.13999999999999]
[98445,"PAREDE DE MADEIRA COMPENSADA PARA CONSTRUÇÃO TEMPORÁRIA EM CHAPA SIMPLES, EXTERNA, COM ÁREA LÍQUIDA MAIOR OU IGUAL A 6 M², COM VÃO. AF_05/2018","M2",184.96]
[98446,"PAREDE DE MADEIRA COMPENSADA PARA CONSTRUÇÃO TEMPORÁRIA EM CHAPA SIMPLES, EXTERNA, COM ÁREA LÍQUIDA MENOR QUE 6 M², COM VÃO. AF_05/2018","M2",238.85]
[98447,"PAREDE DE MADEIRA COMPENSADA PARA CONSTRUÇÃO TEMPORÁRIA EM CHAPA SIMPLES, INTERNA, COM ÁREA LÍQUIDA MAIOR OU IGUAL A 6 M², COM VÃO. AF_05/2018","M2",159.38]
[98448,"PAREDE DE MADEIRA COMPENSADA PARA CONSTRUÇÃO TEMPORÁRIA EM CHAPA SIMPLES, INTERNA, COM ÁREA LÍQUIDA MENOR QUE 6 M², COM VÃO. AF_05/2018","M2",202.01]
[98449,"PAREDE DE MADEIRA COMPENSADA PARA CONSTRUÇÃO TEMPORÁRIA EM CHAPA DUPLA, EXTERNA, COM ÁREA LÍQUIDA MAIOR OU IGUAL A 6 M², SEM VÃO. AF_05/2018","M2",177.86]
[98450,"PAREDE DE MADEIRA COMPENSADA PARA CONSTRUÇÃO TEMPORÁRIA EM CHAPA DUPLA, EXTERNA, COM ÁREA LÍQUIDA MENOR QUE 6 M², SEM VÃO. AF_05/2018","M2",181.81]
[98451,"PAREDE DE MADEIRA COMPENSADA PARA CONSTRUÇÃO TEMPORÁRIA EM CHAPA DUPLA, INTERNA, COM ÁREA LÍQUIDA MAIOR OU IGUAL A 6 M², SEM VÃO. AF_05/2018","M2",157.30000000000001]
[98452,"PAREDE DE MADEIRA COMPENSADA PARA CONSTRUÇÃO TEMPORÁRIA EM CHAPA DUPLA, INTERNA, COM ÁREA LÍQUIDA MENOR QUE 6 M², SEM VÃO. AF_05/2018","M2",159.68]
[98453,"PAREDE DE MADEIRA COMPENSADA PARA CONSTRUÇÃO TEMPORÁRIA EM CHAPA DUPLA, EXTERNA, COM ÁREA LÍQUIDA MAIOR OU IGUAL A QUE 6 M², COM VÃO. AF_05/2018","M2",216.03]
[98454,"PAREDE DE MADEIRA COMPENSADA PARA CONSTRUÇÃO TEMPORÁRIA EM CHAPA DUPLA, EXTERNA, COM ÁREA LÍQUIDA MENOR QUE 6 M², COM VÃO. AF_05/2018","M2",281.25]
[98455,"PAREDE DE MADEIRA COMPENSADA PARA CONSTRUÇÃO TEMPORÁRIA EM CHAPA DUPLA, INTERNA, COM ÁREA LÍQUIDA MAIOR OU IGUAL A 6 M², COM VÃO. AF_05/2018","M2",188.12]
[98456,"PAREDE DE MADEIRA COMPENSADA PARA CONSTRUÇÃO TEMPORÁRIA EM CHAPA DUPLA, INTERNA, COM ÁREA LÍQUIDA MENOR QUE 6 M², COM VÃO. AF_05/2018","M2",241.31]
[98458,"TAPUME COM COMPENSADO DE MADEIRA. AF_05/2018","M2",146.75]
[98459,"TAPUME COM TELHA METÁLICA. AF_05/2018","M2",126.2]
[98460,"PISO PARA CONSTRUÇÃO TEMPORÁRIA EM MADEIRA, SEM REAPROVEITAMENTO. AF_05/2018","M2",160.49]
[98461,"ESTRUTURA DE MADEIRA PROVISÓRIA PARA SUPORTE DE CAIXA D ÁGUA ELEVADA DE 1000 LITROS. AF_05/2018_P","UN",5519.1]
[98462,"ESTRUTURA DE MADEIRA PROVISÓRIA PARA SUPORTE DE CAIXA D ÁGUA ELEVADA DE 3000 LITROS. AF_05/2018_P","UN",8261.61]
[5631,"ESCAVADEIRA HIDRÁULICA SOBRE ESTEIRAS, CAÇAMBA 0,80 M3, PESO OPERACIONAL 17 T, POTENCIA BRUTA 111 HP - CHP DIURNO. AF_06/2014","CHP",146.85]
[5678,"RETROESCAVADEIRA SOBRE RODAS COM CARREGADEIRA, TRAÇÃO 4X4, POTÊNCIA LÍQ. 88 HP, CAÇAMBA CARREG. CAP. MÍN. 1 M3, CAÇAMBA RETRO CAP. 0,26 M3, PESO OPERACIONAL MÍN. 6.674 KG, PROFUNDIDADE ESCAVAÇÃO MÁX. 4,37 M - CHP DIURNO. AF_06/2014","CHP",109.69]
[5680,"RETROESCAVADEIRA SOBRE RODAS COM CARREGADEIRA, TRAÇÃO 4X2, POTÊNCIA LÍQ. 79 HP, CAÇAMBA CARREG. CAP. MÍN. 1 M3, CAÇAMBA RETRO CAP. 0,20 M3, PESO OPERACIONAL MÍN. 6.570 KG, PROFUNDIDADE ESCAVAÇÃO MÁX. 4,37 M - CHP DIURNO. AF_06/2014","CHP",101.9]
[5684,"ROLO COMPACTADOR VIBRATÓRIO DE UM CILINDRO AÇO LISO, POTÊNCIA 80 HP, PESO OPERACIONAL MÁXIMO 8,1 T, IMPACTO DINÂMICO 16,15 / 9,5 T, LARGURA DE TRABALHO 1,68 M - CHP DIURNO. AF_06/2014","CHP",107.46]
[5689,"GRADE DE DISCO CONTROLE REMOTO REBOCÁVEL, COM 24 DISCOS 24 X 6 MM COM PNEUS PARA TRANSPORTE - CHP DIURNO. AF_06/2014","CHP",4.07]
[5795,"MARTELETE OU ROMPEDOR PNEUMÁTICO MANUAL, 28 KG, COM SILENCIADOR - CHP DIURNO. AF_07/2016","CHP",22.22]
[5811,"CAMINHÃO BASCULANTE 6 M3, PESO BRUTO TOTAL 16.000 KG, CARGA ÚTIL MÁXIMA 13.071 KG, DISTÂNCIA ENTRE EIXOS 4,80 M, POTÊNCIA 230 CV INCLUSIVE CAÇAMBA METÁLICA - CHP DIURNO. AF_06/2014","CHP",141.68]
[5823,"USINA DE CONCRETO FIXA, CAPACIDADE NOMINAL DE 90 A 120 M3/H, SEM SILO - CHP DIURNO. AF_07/2016","CHP",181.47]
[5824,"CAMINHÃO TOCO, PBT 16.000 KG, CARGA ÚTIL MÁX. 10.685 KG, DIST. ENTRE EIXOS 4,8 M, POTÊNCIA 189 CV, INCLUSIVE CARROCERIA FIXA ABERTA DE MADEIRA P/ TRANSPORTE GERAL DE CARGA SECA, DIMEN. APROX. 2,5 X 7,00 X 0,50 M - CHP DIURNO. AF_06/2014","CHP",136.07]
[5835,"VIBROACABADORA DE ASFALTO SOBRE ESTEIRAS, LARGURA DE PAVIMENTAÇÃO 1,90 M A 5,30 M, POTÊNCIA 105 HP CAPACIDADE 450 T/H - CHP DIURNO. AF_11/2014","CHP",257.10000000000002]
[5839,"VASSOURA MECÂNICA REBOCÁVEL COM ESCOVA CILÍNDRICA, LARGURA ÚTIL DE VARRIMENTO DE 2,44 M - CHP DIURNO. AF_06/2014","CHP",6.12]
[5843,"TRATOR DE PNEUS, POTÊNCIA 122 CV, TRAÇÃO 4X4, PESO COM LASTRO DE 4.510 KG - CHP DIURNO. AF_06/2014","CHP",176.34]
[5847,"TRATOR DE ESTEIRAS, POTÊNCIA 170 HP, PESO OPERACIONAL 19 T, CAÇAMBA 5,2 M3 - CHP DIURNO. AF_06/2014","CHP",190.27]
[5851,"TRATOR DE ESTEIRAS, POTÊNCIA 150 HP, PESO OPERACIONAL 16,7 T, COM RODA MOTRIZ ELEVADA E LÂMINA 3,18 M3 - CHP DIURNO. AF_06/2014","CHP",181.89]
[5855,"TRATOR DE ESTEIRAS, POTÊNCIA 347 HP, PESO OPERACIONAL 38,5 T, COM LÂMINA 8,70 M3 - CHP DIURNO. AF_06/2014","CHP",474.85]
[5863,"ROLO COMPACTADOR VIBRATÓRIO REBOCÁVEL, CILINDRO DE AÇO LISO, POTÊNCIA DE TRAÇÃO DE 65 CV, PESO 4,7 T, IMPACTO DINÂMICO 18,3 T, LARGURA DE TRABALHO 1,67 M - CHP DIURNO. AF_02/2016","CHP",13.8]
[5867,"ROLO COMPACTADOR VIBRATÓRIO TANDEM AÇO LISO, POTÊNCIA 58 HP, PESO SEM/COM LASTRO 6,5 / 9,4 T, LARGURA DE TRABALHO 1,2 M - CHP DIURNO. AF_06/2014","CHP",106.66]
[5875,"RETROESCAVADEIRA SOBRE RODAS COM CARREGADEIRA, TRAÇÃO 4X4, POTÊNCIA LÍQ. 72 HP, CAÇAMBA CARREG. CAP. MÍN. 0,79 M3, CAÇAMBA RETRO CAP. 0,18 M3, PESO OPERACIONAL MÍN. 7.140 KG, PROFUNDIDADE ESCAVAÇÃO MÁX. 4,50 M - CHP DIURNO. AF_06/2014","CHP",102.33]
[5879,"ROLO COMPACTADOR VIBRATÓRIO PÉ DE CARNEIRO, OPERADO POR CONTROLE REMOTO, POTÊNCIA 12,5 KW, PESO OPERACIONAL 1,675 T, LARGURA DE TRABALHO 0,85 M - CHP DIURNO. AF_02/2016","CHP",92]
[5882,"USINA DE LAMA ASFÁLTICA, PROD 30 A 50 T/H, SILO DE AGREGADO 7 M3, RESERVATÓRIOS PARA EMULSÃO E ÁGUA DE 2,3 M3 CADA, MISTURADOR TIPO PUG MILL A SER MONTADO SOBRE CAMINHÃO - CHP DIURNO. AF_10/2014","CHP",86.16]
[5890,"CAMINHÃO TOCO, PESO BRUTO TOTAL 14.300 KG, CARGA ÚTIL MÁXIMA 9590 KG, DISTÂNCIA ENTRE EIXOS 4,76 M, POTÊNCIA 185 CV (NÃO INCLUI CARROCERIA) - CHP DIURNO. AF_06/2014","CHP",137.44999999999999]
[5894,"CAMINHÃO TOCO, PESO BRUTO TOTAL 16.000 KG, CARGA ÚTIL MÁXIMA DE 10.685 KG, DISTÂNCIA ENTRE EIXOS 4,80 M, POTÊNCIA 189 CV EXCLUSIVE CARROCERIA - CHP DIURNO. AF_06/2014","CHP",133.97]
[5901,"CAMINHÃO PIPA 10.000 L TRUCADO, PESO BRUTO TOTAL 23.000 KG, CARGA ÚTIL MÁXIMA 15.935 KG, DISTÂNCIA ENTRE EIXOS 4,8 M, POTÊNCIA 230 CV, INCLUSIVE TANQUE DE AÇO PARA TRANSPORTE DE ÁGUA - CHP DIURNO. AF_06/2014","CHP",208.28]
[5909,"ESPARGIDOR DE ASFALTO PRESSURIZADO COM TANQUE DE 2500 L, REBOCÁVEL COM MOTOR A GASOLINA POTÊNCIA 3,4 HP - CHP DIURNO. AF_07/2014","CHP",25.28]
[5921,"GRADE DE DISCO REBOCÁVEL COM 20 DISCOS 24\" X 6 MM COM PNEUS PARA TRANSPORTE - CHP DIURNO. AF_06/2014","CHP",3.19]
[5928,"GUINDAUTO HIDRÁULICO, CAPACIDADE MÁXIMA DE CARGA 6200 KG, MOMENTO MÁXIMO DE CARGA 11,7 TM, ALCANCE MÁXIMO HORIZONTAL 9,70 M, INCLUSIVE CAMINHÃO TOCO PBT 16.000 KG, POTÊNCIA DE 189 CV - CHP DIURNO. AF_06/2014","CHP",173.78]
[5932,"MOTONIVELADORA POTÊNCIA BÁSICA LÍQUIDA (PRIMEIRA MARCHA) 125 HP, PESO BRUTO 13032 KG, LARGURA DA LÂMINA DE 3,7 M - CHP DIURNO. AF_06/2014","CHP",169.88]
[5940,"PÁ CARREGADEIRA SOBRE RODAS, POTÊNCIA LÍQUIDA 128 HP, CAPACIDADE DA CAÇAMBA 1,7 A 2,8 M3, PESO OPERACIONAL 11632 KG - CHP DIURNO. AF_06/2014","CHP",148.43]
[5944,"PÁ CARREGADEIRA SOBRE RODAS, POTÊNCIA 197 HP, CAPACIDADE DA CAÇAMBA 2,5 A 3,5 M3, PESO OPERACIONAL 18338 KG - CHP DIURNO. AF_06/2014","CHP",166.35]
[5953,"COMPRESSOR DE AR REBOCÁVEL, VAZÃO 189 PCM, PRESSÃO EFETIVA DE TRABALHO 102 PSI, MOTOR DIESEL, POTÊNCIA 63 CV - CHP DIURNO. AF_06/2015","CHP",40.64]
[6259,"CAMINHÃO PIPA 6.000 L, PESO BRUTO TOTAL 13.000 KG, DISTÂNCIA ENTRE EIXOS 4,80 M, POTÊNCIA 189 CV INCLUSIVE TANQUE DE AÇO PARA TRANSPORTE DE ÁGUA, CAPACIDADE 6 M3 - CHP DIURNO. AF_06/2014","CHP",173.21]
[6879,"ROLO COMPACTADOR DE PNEUS ESTÁTICO, PRESSÃO VARIÁVEL, POTÊNCIA 111 HP, PESO SEM/COM LASTRO 9,5 / 26 T, LARGURA DE TRABALHO 1,90 M - CHP DIURNO. AF_07/2014","CHP",138.41999999999999]
[7030,"TANQUE DE ASFALTO ESTACIONÁRIO COM SERPENTINA, CAPACIDADE 30.000 L - CHP DIURNO. AF_06/2014","CHP",163.72999999999999]
[7042,"MOTOBOMBA TRASH (PARA ÁGUA SUJA) AUTO ESCORVANTE, MOTOR GASOLINA DE 6,41 HP, DIÂMETROS DE SUCÇÃO X RECALQUE: 3\" X 3\", HM/Q = 10 MCA / 60 M3/H A 23 MCA / 0 M3/H - CHP DIURNO. AF_10/2014","CHP",9.99]
[7049,"ROLO COMPACTADOR PE DE CARNEIRO VIBRATORIO, POTENCIA 125 HP, PESO OPERACIONAL SEM/COM LASTRO 11,95 / 13,30 T, IMPACTO DINAMICO 38,5 / 22,5 T, LARGURA DE TRABALHO 2,15 M - CHP DIURNO. AF_06/2014","CHP",148.06]
[67826,"CAMINHÃO BASCULANTE 6 M3 TOCO, PESO BRUTO TOTAL 16.000 KG, CARGA ÚTIL MÁXIMA 11.130 KG, DISTÂNCIA ENTRE EIXOS 5,36 M, POTÊNCIA 185 CV, INCLUSIVE CAÇAMBA METÁLICA - CHP DIURNO. AF_06/2014","CHP",125.37]
[73417,"GRUPO GERADOR ESTACIONÁRIO, MOTOR DIESEL POTÊNCIA 170 KVA - CHP DIURNO. AF_02/2016","CHP",133.13999999999999]
[73436,"ROLO COMPACTADOR VIBRATÓRIO PÉ DE CARNEIRO PARA SOLOS, POTÊNCIA 80 HP, PESO OPERACIONAL SEM/COM LASTRO 7,4 / 8,8 T, LARGURA DE TRABALHO 1,68 M - CHP DIURNO. AF_02/2016","CHP",151.18]
[73467,"CAMINHÃO TOCO, PBT 14.300 KG, CARGA ÚTIL MÁX. 9.710 KG, DIST. ENTRE EIXOS 3,56 M, POTÊNCIA 185 CV, INCLUSIVE CARROCERIA FIXA ABERTA DE MADEIRA P/ TRANSPORTE GERAL DE CARGA SECA, DIMEN. APROX. 2,50 X 6,50 X 0,50 M - CHP DIURNO. AF_06/2014","CHP",116.78]
[73536,"MOTOBOMBA CENTRÍFUGA, MOTOR A GASOLINA, POTÊNCIA 5,42 HP, BOCAIS 1 1/2\" X 1\", DIÂMETRO ROTOR 143 MM HM/Q = 6 MCA / 16,8 M3/H A 38 MCA / 6,6 M3/H - CHP DIURNO. AF_06/2014","CHP",8.49]
[83362,"ESPARGIDOR DE ASFALTO PRESSURIZADO, TANQUE 6 M3 COM ISOLAÇÃO TÉRMICA, AQUECIDO COM 2 MAÇARICOS, COM BARRA ESPARGIDORA 3,60 M, MONTADO SOBRE CAMINHÃO  TOCO, PBT 14.300 KG, POTÊNCIA 185 CV - CHP DIURNO. AF_08/2015","CHP",209.29]
[83765,"GRUPO DE SOLDAGEM COM GERADOR A DIESEL 60 CV PARA SOLDA ELÉTRICA, SOBRE 04 RODAS, COM MOTOR 4 CILINDROS 600 A - CHP DIURNO. AF_02/2016","CHP",74.510000000000005]
[87445,"BETONEIRA CAPACIDADE NOMINAL 400 L, CAPACIDADE DE MISTURA 310 L, MOTOR A DIESEL POTÊNCIA 5,0 HP, SEM CARREGADOR - CHP DIURNO. AF_06/2014","CHP",3.84]
[88386,"MISTURADOR DE ARGAMASSA, EIXO HORIZONTAL, CAPACIDADE DE MISTURA 300 KG, MOTOR ELÉTRICO POTÊNCIA 5 CV - CHP DIURNO. AF_06/2014","CHP",4.93]
[88393,"MISTURADOR DE ARGAMASSA, EIXO HORIZONTAL, CAPACIDADE DE MISTURA 600 KG, MOTOR ELÉTRICO POTÊNCIA 7,5 CV - CHP DIURNO. AF_06/2014","CHP",6.83]
[88399,"MISTURADOR DE ARGAMASSA, EIXO HORIZONTAL, CAPACIDADE DE MISTURA 160 KG, MOTOR ELÉTRICO POTÊNCIA 3 CV - CHP DIURNO. AF_06/2014","CHP",3.59]
[88418,"PROJETOR DE ARGAMASSA, CAPACIDADE DE PROJEÇÃO 1,5 M3/H, ALCANCE DE 30 ATÉ 60 M, MOTOR ELÉTRICO POTÊNCIA 7,5 HP - CHP DIURNO. AF_06/2014","CHP",15.33]
[88433,"PROJETOR DE ARGAMASSA, CAPACIDADE DE PROJEÇÃO 2 M3/H, ALCANCE ATÉ 50 M, MOTOR ELÉTRICO POTÊNCIA 7,5 HP - CHP DIURNO. AF_06/2014","CHP",18.77]
[88830,"BETONEIRA CAPACIDADE NOMINAL DE 400 L, CAPACIDADE DE MISTURA 280 L, MOTOR ELÉTRICO TRIFÁSICO POTÊNCIA DE 2 CV, SEM CARREGADOR - CHP DIURNO. AF_10/2014","CHP",1.82]
[88843,"TRATOR DE ESTEIRAS, POTÊNCIA 125 HP, PESO OPERACIONAL 12,9 T, COM LÂMINA 2,7 M3 - CHP DIURNO. AF_10/2014","CHP",153.38]
[88907,"ESCAVADEIRA HIDRÁULICA SOBRE ESTEIRAS, CAÇAMBA 1,20 M3, PESO OPERACIONAL 21 T, POTÊNCIA BRUTA 155 HP - CHP DIURNO. AF_06/2014","CHP",173.3]
[89021,"BOMBA SUBMERSÍVEL ELÉTRICA TRIFÁSICA, POTÊNCIA 2,96 HP, Ø ROTOR 144 MM SEMI-ABERTO, BOCAL DE SAÍDA Ø 2\u0094, HM/Q = 2 MCA / 38,8 M3/H A 28 MCA / 5 M3/H - CHP DIURNO. AF_06/2014","CHP",2.52]
[89028,"TANQUE DE ASFALTO ESTACIONÁRIO COM MAÇARICO, CAPACIDADE 20.000 L - CHP DIURNO. AF_06/2014","CHP",151.22]
[89032,"TRATOR DE ESTEIRAS, POTÊNCIA 100 HP, PESO OPERACIONAL 9,4 T, COM LÂMINA 2,19 M3 - CHP DIURNO. AF_06/2014","CHP",138.94]
[89035,"TRATOR DE PNEUS, POTÊNCIA 85 CV, TRAÇÃO 4X4, PESO COM LASTRO DE 4.675 KG - CHP DIURNO. AF_06/2014","CHP",131.44999999999999]
[89225,"BETONEIRA CAPACIDADE NOMINAL DE 600 L, CAPACIDADE DE MISTURA 360 L, MOTOR ELÉTRICO TRIFÁSICO POTÊNCIA DE 4 CV, SEM CARREGADOR - CHP DIURNO. AF_11/2014","CHP",4.92]
[89234,"FRESADORA DE ASFALTO A FRIO SOBRE RODAS, LARGURA FRESAGEM DE 1,0 M, POTÊNCIA 208 HP - CHP DIURNO. AF_11/2014","CHP",391.81]
[89242,"FRESADORA DE ASFALTO A FRIO SOBRE RODAS, LARGURA FRESAGEM DE 2,0 M, POTÊNCIA 550 HP - CHP DIURNO. AF_11/2014","CHP",916.9]
[89250,"RECICLADORA DE ASFALTO A FRIO SOBRE RODAS, LARGURA FRESAGEM DE 2,0 M, POTÊNCIA 422 HP - CHP DIURNO. AF_11/2014","CHP",794.96]
[89257,"VIBROACABADORA DE ASFALTO SOBRE ESTEIRAS, LARGURA DE PAVIMENTAÇÃO 2,13 M A 4,55 M, POTÊNCIA 100 HP CAPACIDADE 400 T/H - CHP DIURNO. AF_11/2014","CHP",223.86]
[89272,"GUINDASTE HIDRÁULICO AUTOPROPELIDO, COM LANÇA TELESCÓPICA 28,80 M, CAPACIDADE MÁXIMA 30 T, POTÊNCIA 97 KW, TRAÇÃO 4 X 4 - CHP DIURNO. AF_11/2014","CHP",130.69]
[89278,"BETONEIRA CAPACIDADE NOMINAL DE 600 L, CAPACIDADE DE MISTURA 440 L, MOTOR A DIESEL POTÊNCIA 10 HP, COM CARREGADOR - CHP DIURNO. AF_11/2014","CHP",9.0399999999999991]
[89843,"BATE-ESTACAS POR GRAVIDADE, POTÊNCIA DE 160 HP, PESO DO MARTELO ATÉ 3 TONELADAS - CHP DIURNO. AF_11/2014","CHP",159.19999999999999]
[89876,"CAMINHÃO BASCULANTE 14 M3, COM CAVALO MECÂNICO DE CAPACIDADE MÁXIMA DE TRAÇÃO COMBINADO DE 36000 KG, POTÊNCIA 286 CV, INCLUSIVE SEMIREBOQUE COM CAÇAMBA METÁLICA - CHP DIURNO. AF_12/2014","CHP",220.37]
[89883,"CAMINHÃO BASCULANTE 18 M3, COM CAVALO MECÂNICO DE CAPACIDADE MÁXIMA DE TRAÇÃO COMBINADO DE 45000 KG, POTÊNCIA 330 CV, INCLUSIVE SEMIREBOQUE COM CAÇAMBA METÁLICA - CHP DIURNO. AF_12/2014","CHP",243.58]
[90586,"VIBRADOR DE IMERSÃO, DIÂMETRO DE PONTEIRA 45MM, MOTOR ELÉTRICO TRIFÁSICO POTÊNCIA DE 2 CV - CHP DIURNO. AF_06/2015","CHP",1.93]
[90625,"PERFURATRIZ MANUAL, TORQUE MÁXIMO 83 N.M, POTÊNCIA 5 CV, COM DIÂMETRO MÁXIMO 4\" - CHP DIURNO. AF_06/2015","CHP",5.72]
[90631,"PERFURATRIZ SOBRE ESTEIRA, TORQUE MÁXIMO 600 KGF, PESO MÉDIO 1000 KG, POTÊNCIA 20 HP, DIÂMETRO MÁXIMO 10\" - CHP DIURNO. AF_06/2015","CHP",111.4]
[90637,"MISTURADOR DUPLO HORIZONTAL DE ALTA TURBULÊNCIA, CAPACIDADE / VOLUME 2 X 500 LITROS, MOTORES ELÉTRICOS MÍNIMO 5 CV CADA, PARA NATA CIMENTO, ARGAMASSA E OUTROS - CHP DIURNO. AF_06/2015","CHP",14.34]
[90643,"BOMBA TRIPLEX, PARA INJEÇÃO DE NATA DE CIMENTO, VAZÃO MÁXIMA DE 100 LITROS/MINUTO, PRESSÃO MÁXIMA DE 70 BAR - CHP DIURNO. AF_06/2015","CHP",18.75]
[90650,"BOMBA CENTRÍFUGA MONOESTÁGIO COM MOTOR ELÉTRICO MONOFÁSICO, POTÊNCIA 15 HP, DIÂMETRO DO ROTOR 173 MM, HM/Q = 30 MCA / 90 M3/H A 45 MCA / 55 M3/H - CHP DIURNO. AF_06/2015","CHP",11.15]
[90656,"BOMBA DE PROJEÇÃO DE CONCRETO SECO, POTÊNCIA 10 CV, VAZÃO 3 M3/H - CHP DIURNO. AF_06/2015","CHP",14.24]
[90662,"BOMBA DE PROJEÇÃO DE CONCRETO SECO, POTÊNCIA 10 CV, VAZÃO 6 M3/H - CHP DIURNO. AF_06/2015","CHP",14.81]
[90668,"PROJETOR PNEUMÁTICO DE ARGAMASSA PARA CHAPISCO E REBOCO COM RECIPIENTE ACOPLADO, TIPO CANEQUINHA, COM COMPRESSOR DE AR REBOCÁVEL VAZÃO 89 PCM E MOTOR DIESEL DE 20 CV - CHP DIURNO. AF_06/2015","CHP",21.14]
[90674,"PERFURATRIZ COM TORRE METÁLICA PARA EXECUÇÃO DE ESTACA HÉLICE CONTÍNUA, PROFUNDIDADE MÁXIMA DE 30 M, DIÂMETRO MÁXIMO DE 800 MM, POTÊNCIA INSTALADA DE 268 HP, MESA ROTATIVA COM TORQUE MÁXIMO DE 170 KNM - CHP DIURNO. AF_06/2015","CHP",453.08]
[90680,"PERFURATRIZ HIDRÁULICA SOBRE CAMINHÃO COM TRADO CURTO ACOPLADO, PROFUNDIDADE MÁXIMA DE 20 M, DIÂMETRO MÁXIMO DE 1500 MM, POTÊNCIA INSTALADA DE 137 HP, MESA ROTATIVA COM TORQUE MÁXIMO DE 30 KNM - CHP DIURNO. AF_06/2015","CHP",271.76]
[90686,"MANIPULADOR TELESCÓPICO, POTÊNCIA DE 85 HP, CAPACIDADE DE CARGA DE 3.500 KG, ALTURA MÁXIMA DE ELEVAÇÃO DE 12,3 M - CHP DIURNO. AF_06/2015","CHP",124.64]
[90692,"MINICARREGADEIRA SOBRE RODAS, POTÊNCIA LÍQUIDA DE 47 HP, CAPACIDADE NOMINAL DE OPERAÇÃO DE 646 KG - CHP DIURNO. AF_06/2015","CHP",112.59]
[90964,"COMPRESSOR DE AR REBOCÁVEL, VAZÃO 89 PCM, PRESSÃO EFETIVA DE TRABALHO 102 PSI, MOTOR DIESEL, POTÊNCIA 20 CV - CHP DIURNO. AF_06/2015","CHP",20.03]
[90972,"COMPRESSOR DE AR REBOCAVEL, VAZÃO 250 PCM, PRESSAO DE TRABALHO 102 PSI, MOTOR A DIESEL POTÊNCIA 81 CV - CHP DIURNO. AF_06/2015","CHP",52.64]
[90979,"COMPRESSOR DE AR REBOCÁVEL, VAZÃO 748 PCM, PRESSÃO EFETIVA DE TRABALHO 102 PSI, MOTOR DIESEL, POTÊNCIA 210 CV - CHP DIURNO. AF_06/2015","CHP",136.06]
[90991,"ESCAVADEIRA HIDRÁULICA SOBRE ESTEIRAS, CAÇAMBA 0,80 M3, PESO OPERACIONAL 17,8 T, POTÊNCIA LÍQUIDA 110 HP - CHP DIURNO. AF_10/2014","CHP",143.04]
[90999,"COMPRESSOR DE AR REBOCAVEL, VAZÃO 400 PCM, PRESSAO DE TRABALHO 102 PSI, MOTOR A DIESEL POTÊNCIA 110 CV - CHP DIURNO. AF_06/2015","CHP",69.88]
[91031,"CAMINHÃO TRUCADO (C/ TERCEIRO EIXO) ELETRÔNICO - POTÊNCIA 231CV - PBT = 22000KG - DIST. ENTRE EIXOS 5170 MM - INCLUI CARROCERIA FIXA ABERTA DE MADEIRA - CHP DIURNO. AF_06/2015","CHP",167.09]
[91277,"PLACA VIBRATÓRIA REVERSÍVEL COM MOTOR 4 TEMPOS A GASOLINA, FORÇA CENTRÍFUGA DE 25 KN (2500 KGF), POTÊNCIA 5,5 CV - CHP DIURNO. AF_08/2015","CHP",9.17]
[91283,"CORTADORA DE PISO COM MOTOR 4 TEMPOS A GASOLINA, POTÊNCIA DE 13 HP, COM DISCO DE CORTE DIAMANTADO SEGMENTADO PARA CONCRETO, DIÂMETRO DE 350 MM, FURO DE 1\" (14 X 1\") - CHP DIURNO. AF_08/2015","CHP",20.94]
[91386,"CAMINHÃO BASCULANTE 10 M3, TRUCADO CABINE SIMPLES, PESO BRUTO TOTAL 23.000 KG, CARGA ÚTIL MÁXIMA 15.935 KG, DISTÂNCIA ENTRE EIXOS 4,80 M, POTÊNCIA 230 CV INCLUSIVE CAÇAMBA METÁLICA - CHP DIURNO. AF_06/2014","CHP",176.67]
[91533,"COMPACTADOR DE SOLOS DE PERCUSSÃO (SOQUETE) COM MOTOR A GASOLINA 4 TEMPOS, POTÊNCIA 4 CV - CHP DIURNO. AF_08/2015","CHP",31.31]
[91634,"GUINDAUTO HIDRÁULICO, CAPACIDADE MÁXIMA DE CARGA 6500 KG, MOMENTO MÁXIMO DE CARGA 5,8 TM, ALCANCE MÁXIMO HORIZONTAL 7,60 M, INCLUSIVE CAMINHÃO TOCO PBT 9.700 KG, POTÊNCIA DE 160 CV - CHP DIURNO. AF_08/2015","CHP",153.76]
[91645,"CAMINHÃO DE TRANSPORTE DE MATERIAL ASFÁLTICO 30.000 L, COM CAVALO MECÂNICO DE CAPACIDADE MÁXIMA DE TRAÇÃO COMBINADO DE 66.000 KG, POTÊNCIA 360 CV, INCLUSIVE TANQUE DE ASFALTO COM SERPENTINA - CHP DIURNO. AF_08/2015","CHP",323.18]
[91692,"SERRA CIRCULAR DE BANCADA COM MOTOR ELÉTRICO POTÊNCIA DE 5HP, COM COIFA PARA DISCO 10\" - CHP DIURNO. AF_08/2015","CHP",27.07]
[92043,"DISTRIBUIDOR DE AGREGADOS REBOCAVEL, CAPACIDADE 1,9 M³, LARGURA DE TRABALHO 3,66 M - CHP DIURNO. AF_11/2015","CHP",9.0500000000000007]
[92106,"CAMINHÃO PARA EQUIPAMENTO DE LIMPEZA A SUCÇÃO, COM CAMINHÃO TRUCADO DE PESO BRUTO TOTAL 23000 KG, CARGA ÚTIL MÁXIMA 15935 KG, DISTÂNCIA ENTRE EIXOS 4,80 M, POTÊNCIA 230 CV, INCLUSIVE LIMPADORA A SUCÇÃO, TANQUE 12000 L - CHP DIURNO. AF_11/2015","CHP",214.46]
[92112,"PENEIRA ROTATIVA COM MOTOR ELÉTRICO TRIFÁSICO DE 2 CV, CILINDRO DE 1 M X 0,60 M, COM FUROS DE 3,17 MM - CHP DIURNO. AF_11/2015","CHP",2.86]
[92118,"DOSADOR DE AREIA, CAPACIDADE DE 26 LITROS - CHP DIURNO. AF_11/2015","CHP",0.22]
[92138,"CAMINHONETE COM MOTOR A DIESEL, POTÊNCIA 180 CV, CABINE DUPLA, 4X4 - CHP DIURNO. AF_11/2015","CHP",71.8]
[92145,"CAMINHONETE CABINE SIMPLES COM MOTOR 1.6 FLEX, CÂMBIO MANUAL, POTÊNCIA 101/104 CV, 2 PORTAS - CHP DIURNO. AF_11/2015","CHP",65.83]
[92242,"CAMINHÃO DE TRANSPORTE DE MATERIAL ASFÁLTICO 20.000 L, COM CAVALO MECÂNICO DE CAPACIDADE MÁXIMA DE TRAÇÃO COMBINADO DE 45.000 KG, POTÊNCIA 330 CV, INCLUSIVE TANQUE DE ASFALTO COM MAÇARICO - CHP DIURNO. AF_12/2015","CHP",284.2]
[92716,"APARELHO PARA CORTE E SOLDA OXI-ACETILENO SOBRE RODAS, INCLUSIVE CILINDROS E MAÇARICOS - CHP DIURNO. AF_12/2015","CHP",26.33]
[92960,"MÁQUINA EXTRUSORA DE CONCRETO PARA GUIAS E SARJETAS, MOTOR A DIESEL, POTÊNCIA 14 CV - CHP DIURNO. AF_12/2015","CHP",11.34]
[92966,"MARTELO PERFURADOR PNEUMÁTICO MANUAL, HASTE 25 X 75 MM, 21 KG - CHP DIURNO. AF_12/2015","CHP",22.28]
[93224,"PERFURATRIZ COM TORRE METÁLICA PARA EXECUÇÃO DE ESTACA HÉLICE CONTÍNUA, PROFUNDIDADE MÁXIMA DE 32 M, DIÂMETRO MÁXIMO DE 1000 MM, POTÊNCIA INSTALADA DE 350 HP, MESA ROTATIVA COM TORQUE MÁXIMO DE 263 KNM - CHP DIURNO. AF_01/2016","CHP",670.06]
[93233,"BETONEIRA CAPACIDADE NOMINAL 400 L, CAPACIDADE DE MISTURA 310 L, MOTOR A GASOLINA POTÊNCIA 5,5 HP, SEM CARREGADOR - CHP DIURNO. AF_02/2016","CHP",8.9]
[93272,"GRUA ASCENSIONAL, LANCA DE 30 M, CAPACIDADE DE 1,0 T A 30 M, ALTURA ATE 39 M - CHP DIURNO. AF_03/2016","CHP",93.44]
[93281,"GUINCHO ELÉTRICO DE COLUNA, CAPACIDADE 400 KG, COM MOTO FREIO, MOTOR TRIFÁSICO DE 1,25 CV - CHP DIURNO. AF_03/2016","CHP",24.22]
[93287,"GUINDASTE HIDRÁULICO AUTOPROPELIDO, COM LANÇA TELESCÓPICA 40 M, CAPACIDADE MÁXIMA 60 T, POTÊNCIA 260 KW - CHP DIURNO. AF_03/2016","CHP",411.16]
[93402,"GUINDAUTO HIDRÁULICO, CAPACIDADE MÁXIMA DE CARGA 3300 KG, MOMENTO MÁXIMO DE CARGA 5,8 TM, ALCANCE MÁXIMO HORIZONTAL 7,60 M, INCLUSIVE CAMINHÃO TOCO PBT 16.000 KG, POTÊNCIA DE 189 CV - CHP DIURNO. AF_03/2016","CHP",171.1]
[93408,"MÁQUINA JATO DE PRESSAO PORTÁTIL, CAMARA DE 1 SAIDA, CAPACIDADE 280 L, DIAMETRO 670 MM, BICO DE JATO CURTO VENTURI DE 5/16'' , MANGUEIRA DE 1'' COM COMPRESSOR DE AR REBOCÁVEL 189 PCM E MOTOR DIESEL 63 CV - CHP DIURNO. AF_03/2016","CHP",71.47]
[93415,"GERADOR PORTÁTIL MONOFÁSICO, POTÊNCIA 5500 VA, MOTOR A GASOLINA, POTÊNCIA DO MOTOR 13 CV - CHP DIURNO. AF_03/2016","CHP",14.37]
[93421,"GRUPO GERADOR REBOCÁVEL, POTÊNCIA 66 KVA, MOTOR A DIESEL - CHP DIURNO. AF_03/2016","CHP",52.01]
[93427,"GRUPO GERADOR ESTACIONÁRIO, POTÊNCIA 150 KVA, MOTOR A DIESEL- CHP DIURNO. AF_03/2016","CHP",120.27]
[93433,"USINA DE MISTURA ASFÁLTICA À QUENTE, TIPO CONTRA FLUXO, PROD 40 A 80 TON/HORA - CHP DIURNO. AF_03/2016","CHP",2336.1799999999998]
[93439,"USINA DE ASFALTO À FRIO, CAPACIDADE DE 40 A 60 TON/HORA, ELÉTRICA POTÊNCIA 30 CV - CHP DIURNO. AF_03/2016","CHP",119.06]
[95121,"USINA MISTURADORA DE SOLOS, CAPACIDADE DE 200 A 500 TON/H, POTENCIA 75KW - CHP DIURNO. AF_07/2016","CHP",239.23]
[95127,"DISTRIBUIDOR DE AGREGADOS AUTOPROPELIDO, CAP 3 M3, A DIESEL, POTÊNCIA 176CV - CHP DIURNO. AF_07/2016","CHP",157.91999999999999]
[95133,"MÁQUINA DEMARCADORA DE FAIXA DE TRÁFEGO À FRIO, AUTOPROPELIDA, POTÊNCIA 38 HP - CHP DIURNO. AF_07/2016","CHP",118.12]
[95139,"TALHA MANUAL DE CORRENTE, CAPACIDADE DE 2 TON. COM ELEVAÇÃO DE 3 M - CHP DIURNO. AF_07/2016","CHP",7.0000000000000007E-2]
[95212,"GRUA ASCENCIONAL, LANCA DE 42 M, CAPACIDADE DE 1,5 T A 30 M, ALTURA ATE 39 M - CHP DIURNO. AF_08/2016","CHP",101.78]
[95218,"PULVERIZADOR DE TINTA ELÉTRICO/MÁQUINA DE PINTURA AIRLESS, VAZÃO 2 L/MIN - CHP DIURNO. AF_08/2016","CHP",24.22]
[95258,"MARTELO DEMOLIDOR PNEUMÁTICO MANUAL, 32 KG - CHP DIURNO. AF_09/2016","CHP",22]
[95264,"COMPACTADOR DE SOLOS DE PERCUSÃO (SOQUETE) COM MOTOR A GASOLINA, POTÊNCIA 3 CV - CHP DIURNO. AF_09/2016","CHP",5.77]
[95270,"RÉGUA VIBRATÓRIA DUPLA PARA CONCRETO, PESO DE 60KG, COMPRIMENTO 4 M, COM MOTOR A GASOLINA, POTÊNCIA 5,5 HP - CHP DIURNO. AF_09/2016","CHP",9.01]
[95276,"POLIDORA DE PISO (POLITRIZ), PESO DE 100KG, DIÂMETRO 450 MM, MOTOR ELÉTRICO, POTÊNCIA 4 HP - CHP DIURNO. AF_09/2016","CHP",3.26]
[95282,"DESEMPENADEIRA DE CONCRETO, PESO DE 75KG, 4 PÁS, MOTOR A GASOLINA, POTÊNCIA 5,5 HP - CHP DIURNO. AF_09/2016","CHP",8.99]
[95620,"PERFURATRIZ PNEUMATICA MANUAL DE PESO MEDIO, MARTELETE, 18KG, COMPRIMENTO MÁXIMO DE CURSO DE 6 M, DIAMETRO DO PISTAO DE 5,5 CM - CHP DIURNO. AF_11/2016","CHP",21.69]
[95631,"ROLO COMPACTADOR VIBRATORIO TANDEM, ACO LISO, POTENCIA 125 HP, PESO SEM/COM LASTRO 10,20/11,65 T, LARGURA DE TRABALHO 1,73 M - CHP DIURNO. AF_11/2016","CHP",153.08000000000001]
[95702,"PERFURATRIZ MANUAL, TORQUE MAXIMO 55 KGF.M, POTENCIA 5 CV, COM DIAMETRO MAXIMO 8 1/2\" - CHP DIURNO. AF_11/2016","CHP",32.72]
[95708,"PERFURATRIZ SOBRE ESTEIRA, TORQUE MÁXIMO 600 KGF, POTÊNCIA ENTRE 50 E 60 HP, DIÂMETRO MÁXIMO 10\u0094 - CHP DIURNO. AF_11/2016","CHP",130.25]
[95714,"ESCAVADEIRA HIDRAULICA SOBRE ESTEIRA, COM GARRA GIRATORIA DE MANDIBULAS, PESO OPERACIONAL ENTRE 22,00 E 25,50 TON, POTENCIA LIQUIDA ENTRE 150 E 160 HP - CHP DIURNO. AF_11/2016","CHP",177.71]
[95720,"ESCAVADEIRA HIDRAULICA SOBRE ESTEIRA, EQUIPADA COM CLAMSHELL, COM CAPACIDADE DA CAÇAMBA ENTRE 1,20 E 1,50 M3, PESO OPERACIONAL ENTRE 20,00 E 22,00 TON, POTENCIA LIQUIDA ENTRE 150 E 160 HP - CHP DIURNO. AF_11/2016","CHP",174.48]
[95872,"GRUPO GERADOR COM CARENAGEM, MOTOR DIESEL POTÊNCIA STANDART ENTRE 250 E 260 KVA - CHP DIURNO. AF_12/2016","CHP",204.28]
[96013,"TRATOR DE PNEUS COM POTÊNCIA DE 122 CV, TRAÇÃO 4X4, COM VASSOURA MECÂNICA ACOPLADA - CHP DIURNO. AF_02/2017","CHP",181.81]
[96020,"TRATOR DE PNEUS COM POTÊNCIA DE 122 CV, TRAÇÃO 4X4, COM GRADE DE DISCOS ACOPLADA - CHP DIURNO. AF_02/2017","CHP",181.49]
[96028,"TRATOR DE PNEUS COM POTÊNCIA DE 85 CV, TRAÇÃO 4X4, COM GRADE DE DISCOS ACOPLADA - CHP DIURNO. AF_02/2017","CHP",136.6]
[96035,"CAMINHÃO BASCULANTE 10 M3, TRUCADO, POTÊNCIA 230 CV, INCLUSIVE CAÇAMBA METÁLICA, COM DISTRIBUIDOR DE AGREGADOS ACOPLADO - CHP DIURNO. AF_02/2017","CHP",184.78]
[96157,"TRATOR DE PNEUS COM POTÊNCIA DE 85 CV, TRAÇÃO 4X4, COM VASSOURA MECÂNICA ACOPLADA - CHP DIURNO. AF_03/2017","CHP",136.91999999999999]
[96158,"MINICARREGADEIRA SOBRE RODAS POTENCIA 47HP CAPACIDADE OPERACAO 646 KG, COM VASSOURA MECÂNICA ACOPLADA - CHP DIURNO. AF_03/2017","CHP",121.22]
[96245,"MINIESCAVADEIRA SOBRE ESTEIRAS, POTENCIA LIQUIDA DE *30* HP, PESO OPERACIONAL DE *3.500* KG - CHP DIURNO. AF_04/2017","CHP",91.51]
[96303,"PERFURATRIZ ROTATIVA SOBRE ESTEIRA, TORQUE MAXIMO 2500 KGM, POTENCIA 110 HP, MOTOR DIESEL- CHP DIURNO. AF_05/2017","CHP",170.97]
[96309,"COMPRESSOR DE AR, VAZAO DE 10 PCM, RESERVATORIO 100 L, PRESSAO DE TRABALHO ENTRE 6,9 E 9,7 BAR, POTENCIA 2 HP, TENSAO 110/220 V - CHP DIURNO. AF_05/2017","CHP",1.59]
[96463,"ROLO COMPACTADOR DE PNEUS, ESTATICO, PRESSAO VARIAVEL, POTENCIA 110 HP, PESO SEM/COM LASTRO 10,8/27 T, LARGURA DE ROLAGEM 2,30 M - CHP DIURNO. AF_06/2017","CHP",142.4]
[98764,"INVERSOR DE SOLDA MONOFÁSICO DE 160 A, POTÊNCIA DE 5400 W, TENSÃO DE 220 V, PARA SOLDA COM ELETRODOS DE 2,0 A 4,0 MM E PROCESSO TIG - CHP DIURNO. AF_06/2018","CHP",4.75]
[99833,"LAVADORA DE ALTA PRESSAO (LAVA-JATO) PARA AGUA FRIA, PRESSAO DE OPERACAO ENTRE 1400 E 1900 LIB/POL2, VAZAO MAXIMA ENTRE 400 E 700 L/H - CHP DIURNO. AF_04/2019","CHP",1.55]
[100641,"USINA DE MISTURA ASFÁLTICA À QUENTE, TIPO CONTRA FLUXO, PROD 100 A 140 TON/HORA - CHP DIURNO. AF_12/2019","CHP",505.16]
[100647,"USINA DE ASFALTO, TIPO GRAVIMÉTRICA, PROD 150 TON/HORA - CHP DIURNO. AF_12/2019","CHP",1008.72]
[102275,"MARTELO DEMOLIDOR ELÉTRICO, COM POTÊNCIA DE 2.000 W, 1.000 IMPACTOS POR MINUTO, PESO DE 30 KG - CHP DIURNO. AF_01/2021","CHP",22.77]
[5632,"ESCAVADEIRA HIDRÁULICA SOBRE ESTEIRAS, CAÇAMBA 0,80 M3, PESO OPERACIONAL 17 T, POTENCIA BRUTA 111 HP - CHI DIURNO. AF_06/2014","CHI",62.37]
[5679,"RETROESCAVADEIRA SOBRE RODAS COM CARREGADEIRA, TRAÇÃO 4X4, POTÊNCIA LÍQ. 88 HP, CAÇAMBA CARREG. CAP. MÍN. 1 M3, CAÇAMBA RETRO CAP. 0,26 M3, PESO OPERACIONAL MÍN. 6.674 KG, PROFUNDIDADE ESCAVAÇÃO MÁX. 4,37 M - CHI DIURNO. AF_06/2014","CHI",48.44]
[5681,"RETROESCAVADEIRA SOBRE RODAS COM CARREGADEIRA, TRAÇÃO 4X2, POTÊNCIA LÍQ. 79 HP, CAÇAMBA CARREG. CAP. MÍN. 1 M3, CAÇAMBA RETRO CAP. 0,20 M3, PESO OPERACIONAL MÍN. 6.570 KG, PROFUNDIDADE ESCAVAÇÃO MÁX. 4,37 M - CHI DIURNO. AF_06/2014","CHI",46.11]
[5685,"ROLO COMPACTADOR VIBRATÓRIO DE UM CILINDRO AÇO LISO, POTÊNCIA 80 HP, PESO OPERACIONAL MÁXIMO 8,1 T, IMPACTO DINÂMICO 16,15 / 9,5 T, LARGURA DE TRABALHO 1,68 M - CHI DIURNO. AF_06/2014","CHI",42.74]
[5690,"GRADE DE DISCO CONTROLE REMOTO REBOCÁVEL, COM 24 DISCOS 24\u0094 X 6 MM COM PNEUS PARA TRANSPORTE - CHI DIURNO. AF_06/2014","CHI",2.5299999999999998]
[5806,"MOTOBOMBA CENTRÍFUGA, MOTOR A GASOLINA, POTÊNCIA 5,42 HP, BOCAIS 1 1/2\" X 1\", DIÂMETRO ROTOR 143 MM HM/Q = 6 MCA / 16,8 M3/H A 38 MCA / 6,6 M3/H - CHI DIURNO. AF_06/2014","CHI",0.22]
[5826,"CAMINHÃO TOCO, PBT 16.000 KG, CARGA ÚTIL MÁX. 10.685 KG, DIST. ENTRE EIXOS 4,8 M, POTÊNCIA 189 CV, INCLUSIVE CARROCERIA FIXA ABERTA DE MADEIRA P/ TRANSPORTE GERAL DE CARGA SECA, DIMEN. APROX. 2,5 X 7,00 X 0,50 M - CHI DIURNO. AF_06/2014","CHI",35.18]
[5829,"USINA DE CONCRETO FIXA, CAPACIDADE NOMINAL DE 90 A 120 M3/H, SEM SILO - CHI DIURNO. AF_07/2016","CHI",122.91]
[5837,"VIBROACABADORA DE ASFALTO SOBRE ESTEIRAS, LARGURA DE PAVIMENTAÇÃO 1,90 M A 5,30 M, POTÊNCIA 105 HP CAPACIDADE 450 T/H - CHI DIURNO. AF_11/2014","CHI",97.12]
[5841,"VASSOURA MECÂNICA REBOCÁVEL COM ESCOVA CILÍNDRICA, LARGURA ÚTIL DE VARRIMENTO DE 2,44 M - CHI DIURNO. AF_06/2014","CHI",2.91]
[5845,"TRATOR DE PNEUS, POTÊNCIA 122 CV, TRAÇÃO 4X4, PESO COM LASTRO DE 4.510 KG - CHI DIURNO. AF_06/2014","CHI",39.549999999999997]
[5849,"TRATOR DE ESTEIRAS, POTÊNCIA 170 HP, PESO OPERACIONAL 19 T, CAÇAMBA 5,2 M3 - CHI DIURNO. AF_06/2014","CHI",61.28]
[5853,"TRATOR DE ESTEIRAS, POTÊNCIA 150 HP, PESO OPERACIONAL 16,7 T, COM RODA MOTRIZ ELEVADA E LÂMINA 3,18 M3 - CHI DIURNO. AF_06/2014","CHI",61.5]
[5857,"TRATOR DE ESTEIRAS, POTÊNCIA 347 HP, PESO OPERACIONAL 38,5 T, COM LÂMINA 8,70 M3 - CHI DIURNO. AF_06/2014","CHI",144.91]
[5865,"ROLO COMPACTADOR VIBRATÓRIO REBOCÁVEL, CILINDRO DE AÇO LISO, POTÊNCIA DE TRAÇÃO DE 65 CV, PESO 4,7 T, IMPACTO DINÂMICO 18,3 T, LARGURA DE TRABALHO 1,67 M - CHI DIURNO. AF_02/2016","CHI",6.57]
[5869,"ROLO COMPACTADOR VIBRATÓRIO TANDEM AÇO LISO, POTÊNCIA 58 HP, PESO SEM/COM LASTRO 6,5 / 9,4 T, LARGURA DE TRABALHO 1,2 M - CHI DIURNO. AF_06/2014","CHI",47.71]
[5877,"RETROESCAVADEIRA SOBRE RODAS COM CARREGADEIRA, TRAÇÃO 4X4, POTÊNCIA LÍQ. 72 HP, CAÇAMBA CARREG. CAP. MÍN. 0,79 M3, CAÇAMBA RETRO CAP. 0,18 M3, PESO OPERACIONAL MÍN. 7.140 KG, PROFUNDIDADE ESCAVAÇÃO MÁX. 4,50 M - CHI DIURNO. AF_06/2014","CHI",47.69]
[5881,"ROLO COMPACTADOR VIBRATÓRIO PÉ DE CARNEIRO, OPERADO POR CONTROLE REMOTO, POTÊNCIA 12,5 KW, PESO OPERACIONAL 1,675 T, LARGURA DE TRABALHO 0,85 M - CHI DIURNO. AF_02/2016","CHI",50.73]
[5884,"USINA DE LAMA ASFÁLTICA, PROD 30 A 50 T/H, SILO DE AGREGADO 7 M3, RESERVATÓRIOS PARA EMULSÃO E ÁGUA DE 2,3 M3 CADA, MISTURADOR TIPO PUG MILL A SER MONTADO SOBRE CAMINHÃO - CHI DIURNO. AF_10/2014","CHI",35.619999999999997]
[5892,"CAMINHÃO TOCO, PESO BRUTO TOTAL 14.300 KG, CARGA ÚTIL MÁXIMA 9590 KG, DISTÂNCIA ENTRE EIXOS 4,76 M, POTÊNCIA 185 CV (NÃO INCLUI CARROCERIA) - CHI DIURNO. AF_06/2014","CHI",36.47]
[5896,"CAMINHÃO TOCO, PESO BRUTO TOTAL 16.000 KG, CARGA ÚTIL MÁXIMA DE 10.685 KG, DISTÂNCIA ENTRE EIXOS 4,80 M, POTÊNCIA 189 CV EXCLUSIVE CARROCERIA - CHI DIURNO. AF_06/2014","CHI",34.33]
[5903,"CAMINHÃO PIPA 10.000 L TRUCADO, PESO BRUTO TOTAL 23.000 KG, CARGA ÚTIL MÁXIMA 15.935 KG, DISTÂNCIA ENTRE EIXOS 4,8 M, POTÊNCIA 230 CV, INCLUSIVE TANQUE DE AÇO PARA TRANSPORTE DE ÁGUA - CHI DIURNO. AF_06/2014","CHI",42.54]
[5911,"ESPARGIDOR DE ASFALTO PRESSURIZADO COM TANQUE DE 2500 L, REBOCÁVEL COM MOTOR A GASOLINA POTÊNCIA 3,4 HP - CHI DIURNO. AF_07/2014","CHI",19.09]
[5923,"GRADE DE DISCO REBOCÁVEL COM 20 DISCOS 24\" X 6 MM COM PNEUS PARA TRANSPORTE - CHI DIURNO. AF_06/2014","CHI",1.98]
[5930,"GUINDAUTO HIDRÁULICO, CAPACIDADE MÁXIMA DE CARGA 6200 KG, MOMENTO MÁXIMO DE CARGA 11,7 TM, ALCANCE MÁXIMO HORIZONTAL 9,70 M, INCLUSIVE CAMINHÃO TOCO PBT 16.000 KG, POTÊNCIA DE 189 CV - CHI DIURNO. AF_06/2014","CHI",38.9]
[5934,"MOTONIVELADORA POTÊNCIA BÁSICA LÍQUIDA (PRIMEIRA MARCHA) 125 HP, PESO BRUTO 13032 KG, LARGURA DA LÂMINA DE 3,7 M - CHI DIURNO. AF_06/2014","CHI",64.34]
[5942,"PÁ CARREGADEIRA SOBRE RODAS, POTÊNCIA LÍQUIDA 128 HP, CAPACIDADE DA CAÇAMBA 1,7 A 2,8 M3, PESO OPERACIONAL 11632 KG - CHI DIURNO. AF_06/2014","CHI",57.75]
[5946,"PÁ CARREGADEIRA SOBRE RODAS, POTÊNCIA 197 HP, CAPACIDADE DA CAÇAMBA 2,5 A 3,5 M3, PESO OPERACIONAL 18338 KG - CHI DIURNO. AF_06/2014","CHI",69.55]
[5952,"MARTELETE OU ROMPEDOR PNEUMÁTICO MANUAL, 28 KG, COM SILENCIADOR - CHI DIURNO. AF_07/2016","CHI",21.18]
[5954,"COMPRESSOR DE AR REBOCÁVEL, VAZÃO 189 PCM, PRESSÃO EFETIVA DE TRABALHO 102 PSI, MOTOR DIESEL, POTÊNCIA 63 CV - CHI DIURNO. AF_06/2015","CHI",3.33]
[5961,"CAMINHÃO BASCULANTE 6 M3, PESO BRUTO TOTAL 16.000 KG, CARGA ÚTIL MÁXIMA 13.071 KG, DISTÂNCIA ENTRE EIXOS 4,80 M, POTÊNCIA 230 CV INCLUSIVE CAÇAMBA METÁLICA - CHI DIURNO. AF_06/2014","CHI",40.909999999999997]
[6260,"CAMINHÃO PIPA 6.000 L, PESO BRUTO TOTAL 13.000 KG, DISTÂNCIA ENTRE EIXOS 4,80 M, POTÊNCIA 189 CV INCLUSIVE TANQUE DE AÇO PARA TRANSPORTE DE ÁGUA, CAPACIDADE 6 M3 - CHI DIURNO. AF_06/2014","CHI",38.21]
[6880,"ROLO COMPACTADOR DE PNEUS ESTÁTICO, PRESSÃO VARIÁVEL, POTÊNCIA 111 HP, PESO SEM/COM LASTRO 9,5 / 26 T, LARGURA DE TRABALHO 1,90 M - CHI DIURNO. AF_07/2014","CHI",55.01]
[7031,"TANQUE DE ASFALTO ESTACIONÁRIO COM SERPENTINA, CAPACIDADE 30.000 L - CHI DIURNO. AF_06/2014","CHI",4.3]
[7043,"MOTOBOMBA TRASH (PARA ÁGUA SUJA) AUTO ESCORVANTE, MOTOR GASOLINA DE 6,41 HP, DIÂMETROS DE SUCÇÃO X RECALQUE: 3\" X 3\", HM/Q = 10 MCA / 60 M3/H A 23 MCA / 0 M3/H - CHI DIURNO. AF_10/2014","CHI",0.26]
[7050,"ROLO COMPACTADOR PE DE CARNEIRO VIBRATORIO, POTENCIA 125 HP, PESO OPERACIONAL SEM/COM LASTRO 11,95 / 13,30 T, IMPACTO DINAMICO 38,5 / 22,5 T, LARGURA DE TRABALHO 2,15 M - CHI DIURNO. AF_06/2014","CHI",51.16]
[67827,"CAMINHÃO BASCULANTE 6 M3 TOCO, PESO BRUTO TOTAL 16.000 KG, CARGA ÚTIL MÁXIMA 11.130 KG, DISTÂNCIA ENTRE EIXOS 5,36 M, POTÊNCIA 185 CV, INCLUSIVE CAÇAMBA METÁLICA - CHI DIURNO. AF_06/2014","CHI",40.03]
[73395,"GRUPO GERADOR ESTACIONÁRIO, MOTOR DIESEL POTÊNCIA 170 KVA - CHI DIURNO. AF_02/2016","CHI",3.76]
[83766,"GRUPO DE SOLDAGEM COM GERADOR A DIESEL 60 CV PARA SOLDA ELÉTRICA, SOBRE 04 RODAS, COM MOTOR 4 CILINDROS 600 A - CHI DIURNO. AF_02/2016","CHI",30.19]
[84013,"ESCAVADEIRA HIDRÁULICA SOBRE ESTEIRAS, CAÇAMBA 0,80 M3, PESO OPERACIONAL 17,8 T, POTÊNCIA LÍQUIDA 110 HP - CHI DIURNO. AF_10/2014","CHI",60.75]
[87446,"BETONEIRA CAPACIDADE NOMINAL 400 L, CAPACIDADE DE MISTURA 310 L, MOTOR A DIESEL POTÊNCIA 5,0 HP, SEM CARREGADOR - CHI DIURNO. AF_06/2014","CHI",0.44]
[88392,"MISTURADOR DE ARGAMASSA, EIXO HORIZONTAL, CAPACIDADE DE MISTURA 300 KG, MOTOR ELÉTRICO POTÊNCIA 5 CV - CHI DIURNO. AF_06/2014","CHI",0.87]
[88398,"MISTURADOR DE ARGAMASSA, EIXO HORIZONTAL, CAPACIDADE DE MISTURA 600 KG, MOTOR ELÉTRICO POTÊNCIA 7,5 CV - CHI DIURNO. AF_06/2014","CHI",1.03]
[88404,"MISTURADOR DE ARGAMASSA, EIXO HORIZONTAL, CAPACIDADE DE MISTURA 160 KG, MOTOR ELÉTRICO POTÊNCIA 3 CV - CHI DIURNO. AF_06/2014","CHI",0.81]
[88430,"PROJETOR DE ARGAMASSA, CAPACIDADE DE PROJEÇÃO 1,5 M3/H, ALCANCE DE 30 ATÉ 60 M, MOTOR ELÉTRICO POTÊNCIA 7,5 HP - CHI DIURNO. AF_06/2014","CHI",5.37]
[88438,"PROJETOR DE ARGAMASSA, CAPACIDADE DE PROJEÇÃO 2 M3/H, ALCANCE ATÉ 50 M, MOTOR ELÉTRICO POTÊNCIA 7,5 HP - CHI DIURNO. AF_06/2014","CHI",7.11]
[88831,"BETONEIRA CAPACIDADE NOMINAL DE 400 L, CAPACIDADE DE MISTURA 280 L, MOTOR ELÉTRICO TRIFÁSICO POTÊNCIA DE 2 CV, SEM CARREGADOR - CHI DIURNO. AF_10/2014","CHI",0.32]
[88844,"TRATOR DE ESTEIRAS, POTÊNCIA 125 HP, PESO OPERACIONAL 12,9 T, COM LÂMINA 2,7 M3 - CHI DIURNO. AF_10/2014","CHI",54.44]
[88908,"ESCAVADEIRA HIDRÁULICA SOBRE ESTEIRAS, CAÇAMBA 1,20 M3, PESO OPERACIONAL 21 T, POTÊNCIA BRUTA 155 HP - CHI DIURNO. AF_06/2014","CHI",66.3]
[89022,"BOMBA SUBMERSÍVEL ELÉTRICA TRIFÁSICA, POTÊNCIA 2,96 HP, Ø ROTOR 144 MM SEMI-ABERTO, BOCAL DE SAÍDA Ø 2\u0094, HM/Q = 2 MCA / 38,8 M3/H A 28 MCA / 5 M3/H - CHI DIURNO. AF_06/2014","CHI",0.32]
[89027,"TANQUE DE ASFALTO ESTACIONÁRIO COM MAÇARICO, CAPACIDADE 20.000 L - CHI DIURNO. AF_06/2014","CHI",3.49]
[89031,"TRATOR DE ESTEIRAS, POTÊNCIA 100 HP, PESO OPERACIONAL 9,4 T, COM LÂMINA 2,19 M3 - CHI DIURNO. AF_06/2014","CHI",53.12]
[89036,"TRATOR DE PNEUS, POTÊNCIA 85 CV, TRAÇÃO 4X4, PESO COM LASTRO DE 4.675 KG - CHI DIURNO. AF_06/2014","CHI",35.630000000000003]
[89218,"BATE-ESTACAS POR GRAVIDADE, POTÊNCIA DE 160 HP, PESO DO MARTELO ATÉ 3 TONELADAS - CHI DIURNO. AF_11/2014","CHI",76.22]
[89226,"BETONEIRA CAPACIDADE NOMINAL DE 600 L, CAPACIDADE DE MISTURA 360 L, MOTOR ELÉTRICO TRIFÁSICO POTÊNCIA DE 4 CV, SEM CARREGADOR - CHI DIURNO. AF_11/2014","CHI",1.33]
[89235,"FRESADORA DE ASFALTO A FRIO SOBRE RODAS, LARGURA FRESAGEM DE 1,0 M, POTÊNCIA 208 HP - CHI DIURNO. AF_11/2014","CHI",123.27]
[89243,"FRESADORA DE ASFALTO A FRIO SOBRE RODAS, LARGURA FRESAGEM DE 2,0 M, POTÊNCIA 550 HP - CHI DIURNO. AF_11/2014","CHI",252.79]
[89251,"RECICLADORA DE ASFALTO A FRIO SOBRE RODAS, LARGURA FRESAGEM DE 2,0 M, POTÊNCIA 422 HP - CHI DIURNO. AF_11/2014","CHI",223.11]
[89258,"VIBROACABADORA DE ASFALTO SOBRE ESTEIRAS, LARGURA DE PAVIMENTAÇÃO 2,13 M A 4,55 M, POTÊNCIA 100 HP, CAPACIDADE 400 T/H - CHI DIURNO. AF_11/2014","CHI",84.33]
[89273,"GUINDASTE HIDRÁULICO AUTOPROPELIDO, COM LANÇA TELESCÓPICA 28,80 M, CAPACIDADE MÁXIMA 30 T, POTÊNCIA 97 KW, TRAÇÃO 4 X 4 - CHI DIURNO. AF_11/2014","CHI",60.17]
[89279,"BETONEIRA CAPACIDADE NOMINAL DE 600 L, CAPACIDADE DE MISTURA 440 L, MOTOR A DIESEL POTÊNCIA 10 HP, COM CARREGADOR - CHI DIURNO. AF_11/2014","CHI",1.62]
[89877,"CAMINHÃO BASCULANTE 14 M3, COM CAVALO MECÂNICO DE CAPACIDADE MÁXIMA DE TRAÇÃO COMBINADO DE 36000 KG, POTÊNCIA 286 CV, INCLUSIVE SEMIREBOQUE COM CAÇAMBA METÁLICA - CHI DIURNO. AF_12/2014","CHI",51]
[89884,"CAMINHÃO BASCULANTE 18 M3, COM CAVALO MECÂNICO DE CAPACIDADE MÁXIMA DE TRAÇÃO COMBINADO DE 45000 KG, POTÊNCIA 330 CV, INCLUSIVE SEMIREBOQUE COM CAÇAMBA METÁLICA - CHI DIURNO. AF_12/2014","CHI",52.56]
[90587,"VIBRADOR DE IMERSÃO, DIÂMETRO DE PONTEIRA 45MM, MOTOR ELÉTRICO TRIFÁSICO POTÊNCIA DE 2 CV - CHI DIURNO. AF_06/2015","CHI",0.41]
[90626,"PERFURATRIZ MANUAL, TORQUE MÁXIMO 83 N.M, POTÊNCIA 5 CV, COM DIÂMETRO MÁXIMO 4\" - CHI DIURNO. AF_06/2015","CHI",1.24]
[90632,"PERFURATRIZ SOBRE ESTEIRA, TORQUE MÁXIMO 600 KGF, PESO MÉDIO 1000 KG, POTÊNCIA 20 HP, DIÂMETRO MÁXIMO 10\" - CHI DIURNO. AF_06/2015","CHI",59.62]
[90638,"MISTURADOR DUPLO HORIZONTAL DE ALTA TURBULÊNCIA, CAPACIDADE / VOLUME 2 X 500 LITROS, MOTORES ELÉTRICOS MÍNIMO 5 CV CADA, PARA NATA CIMENTO, ARGAMASSA E OUTROS - CHI DIURNO. AF_06/2015","CHI",4.12]
[90644,"BOMBA TRIPLEX, PARA INJEÇÃO DE NATA DE CIMENTO, VAZÃO MÁXIMA DE 100 LITROS/MINUTO, PRESSÃO MÁXIMA DE 70 BAR - CHI DIURNO. AF_06/2015","CHI",6.16]
[90651,"BOMBA CENTRÍFUGA MONOESTÁGIO COM MOTOR ELÉTRICO MONOFÁSICO, POTÊNCIA 15 HP, DIÂMETRO DO ROTOR 173 MM, HM/Q = 30 MCA / 90 M3/H A 45 MCA / 55 M3/H - CHI DIURNO. AF_06/2015","CHI",0.78]
[90657,"BOMBA DE PROJEÇÃO DE CONCRETO SECO, POTÊNCIA 10 CV, VAZÃO 3 M3/H - CHI DIURNO. AF_06/2015","CHI",4]
[90663,"BOMBA DE PROJEÇÃO DE CONCRETO SECO, POTÊNCIA 10 CV, VAZÃO 6 M3/H - CHI DIURNO. AF_06/2015","CHI",4.29]
[90669,"PROJETOR PNEUMÁTICO DE ARGAMASSA PARA CHAPISCO E REBOCO COM RECIPIENTE ACOPLADO, TIPO CANEQUINHA, COM COMPRESSOR DE AR REBOCÁVEL VAZÃO 89 PCM E MOTOR DIESEL DE 20 CV - CHI DIURNO. AF_06/2015","CHI",5.28]
[90675,"PERFURATRIZ COM TORRE METÁLICA PARA EXECUÇÃO DE ESTACA HÉLICE CONTÍNUA, PROFUNDIDADE MÁXIMA DE 30 M, DIÂMETRO MÁXIMO DE 800 MM, POTÊNCIA INSTALADA DE 268 HP, MESA ROTATIVA COM TORQUE MÁXIMO DE 170 KNM - CHI DIURNO. AF_06/2015","CHI",187.64]
[90681,"PERFURATRIZ HIDRÁULICA SOBRE CAMINHÃO COM TRADO CURTO ACOPLADO, PROFUNDIDADE MÁXIMA DE 20 M, DIÂMETRO MÁXIMO DE 1500 MM, POTÊNCIA INSTALADA DE 137 HP, MESA ROTATIVA COM TORQUE MÁXIMO DE 30 KNM - CHI DIURNO. AF_06/2015","CHI",112.88]
[90687,"MANIPULADOR TELESCÓPICO, POTÊNCIA DE 85 HP, CAPACIDADE DE CARGA DE 3.500 KG, ALTURA MÁXIMA DE ELEVAÇÃO DE 12,3 M - CHI DIURNO. AF_06/2015","CHI",55.95]
[90693,"MINICARREGADEIRA SOBRE RODAS, POTÊNCIA LÍQUIDA DE 47 HP, CAPACIDADE NOMINAL DE OPERAÇÃO DE 646 KG - CHI DIURNO. AF_06/2015","CHI",49.69]
[90965,"COMPRESSOR DE AR REBOCÁVEL, VAZÃO 89 PCM, PRESSÃO EFETIVA DE TRABALHO 102 PSI, MOTOR DIESEL, POTÊNCIA 20 CV - CHI DIURNO. AF_06/2015","CHI",4.46]
[90973,"COMPRESSOR DE AR REBOCAVEL, VAZÃO 250 PCM, PRESSAO DE TRABALHO 102 PSI, MOTOR A DIESEL POTÊNCIA 81 CV - CHI DIURNO. AF_06/2015","CHI",4.47]
[90982,"COMPRESSOR DE AR REBOCÁVEL, VAZÃO 748 PCM, PRESSÃO EFETIVA DE TRABALHO 102 PSI, MOTOR DIESEL, POTÊNCIA 210 CV - CHI DIURNO. AF_06/2015","CHI",11.36]
[91001,"COMPRESSOR DE AR REBOCAVEL, VAZÃO 400 PCM, PRESSAO DE TRABALHO 102 PSI, MOTOR A DIESEL POTÊNCIA 110 CV - CHI DIURNO. AF_06/2015","CHI",5.3]
[91032,"CAMINHÃO TRUCADO (C/ TERCEIRO EIXO) ELETRÔNICO - POTÊNCIA 231CV - PBT = 22000KG - DIST. ENTRE EIXOS 5170 MM - INCLUI CARROCERIA FIXA ABERTA DE MADEIRA - CHI DIURNO. AF_06/2015","CHI",40.299999999999997]
[91278,"PLACA VIBRATÓRIA REVERSÍVEL COM MOTOR 4 TEMPOS A GASOLINA, FORÇA CENTRÍFUGA DE 25 KN (2500 KGF), POTÊNCIA 5,5 CV - CHI DIURNO. AF_08/2015","CHI",0.53]
[91285,"CORTADORA DE PISO COM MOTOR 4 TEMPOS A GASOLINA, POTÊNCIA DE 13 HP, COM DISCO DE CORTE DIAMANTADO SEGMENTADO PARA CONCRETO, DIÂMETRO DE 350 MM, FURO DE 1\" (14 X 1\") - CHI DIURNO. AF_08/2015","CHI",0.8]
[91387,"CAMINHÃO BASCULANTE 10 M3, TRUCADO CABINE SIMPLES, PESO BRUTO TOTAL 23.000 KG, CARGA ÚTIL MÁXIMA 15.935 KG, DISTÂNCIA ENTRE EIXOS 4,80 M, POTÊNCIA 230 CV INCLUSIVE CAÇAMBA METÁLICA - CHI DIURNO. AF_06/2014","CHI",43.35]
[91395,"CAMINHÃO TOCO, PBT 14.300 KG, CARGA ÚTIL MÁX. 9.710 KG, DIST. ENTRE EIXOS 3,56 M, POTÊNCIA 185 CV, INCLUSIVE CARROCERIA FIXA ABERTA DE MADEIRA P/ TRANSPORTE GERAL DE CARGA SECA, DIMEN. APROX. 2,50 X 6,50 X 0,50 M - CHI DIURNO. AF_06/2014","CHI",37.51]
[91486,"ESPARGIDOR DE ASFALTO PRESSURIZADO, TANQUE 6 M3 COM ISOLAÇÃO TÉRMICA, AQUECIDO COM 2 MAÇARICOS, COM BARRA ESPARGIDORA 3,60 M, MONTADO SOBRE CAMINHÃO  TOCO, PBT 14.300 KG, POTÊNCIA 185 CV - CHI DIURNO. AF_08/2015","CHI",43.6]
[91534,"COMPACTADOR DE SOLOS DE PERCUSSÃO (SOQUETE) COM MOTOR A GASOLINA 4 TEMPOS, POTÊNCIA 4 CV - CHI DIURNO. AF_08/2015","CHI",24.59]
[91635,"GUINDAUTO HIDRÁULICO, CAPACIDADE MÁXIMA DE CARGA 6500 KG, MOMENTO MÁXIMO DE CARGA 5,8 TM, ALCANCE MÁXIMO HORIZONTAL 7,60 M, INCLUSIVE CAMINHÃO TOCO PBT 9.700 KG, POTÊNCIA DE 160 CV - CHI DIURNO. AF_08/2015","CHI",37.81]
[91646,"CAMINHÃO DE TRANSPORTE DE MATERIAL ASFÁLTICO 30.000 L, COM CAVALO MECÂNICO DE CAPACIDADE MÁXIMA DE TRAÇÃO COMBINADO DE 66.000 KG, POTÊNCIA 360 CV, INCLUSIVE TANQUE DE ASFALTO COM SERPENTINA - CHI DIURNO. AF_08/2015","CHI",61.69]
[91693,"SERRA CIRCULAR DE BANCADA COM MOTOR ELÉTRICO POTÊNCIA DE 5HP, COM COIFA PARA DISCO 10\" - CHI DIURNO. AF_08/2015","CHI",23.89]
[92044,"DISTRIBUIDOR DE AGREGADOS REBOCAVEL, CAPACIDADE 1,9 M³, LARGURA DE TRABALHO 3,66 M - CHI DIURNO. AF_11/2015","CHI",5.16]
[92107,"CAMINHÃO PARA EQUIPAMENTO DE LIMPEZA A SUCÇÃO COM CAMINHÃO TRUCADO DE PESO BRUTO TOTAL 23000 KG, CARGA ÚTIL MÁXIMA 15935 KG, DISTÂNCIA ENTRE EIXOS 4,80 M, POTÊNCIA 230 CV, INCLUSIVE LIMPADORA A SUCÇÃO, TANQUE 12000 L - CHI DIURNO. AF_11/2015","CHI",45.06]
[92113,"PENEIRA ROTATIVA COM MOTOR ELÉTRICO TRIFÁSICO DE 2 CV, CILINDRO DE 1 M X 0,60 M, COM FUROS DE 3,17 MM - CHI DIURNO. AF_11/2015","CHI",0.96]
[92119,"DOSADOR DE AREIA, CAPACIDADE DE 26 LITROS - CHI DIURNO. AF_11/2015","CHI",0.1]
[92139,"CAMINHONETE COM MOTOR A DIESEL, POTÊNCIA 180 CV, CABINE DUPLA, 4X4 - CHI DIURNO. AF_11/2015","CHI",32.159999999999997]
[92146,"CAMINHONETE CABINE SIMPLES COM MOTOR 1.6 FLEX, CÂMBIO MANUAL, POTÊNCIA 101/104 CV, 2 PORTAS - CHI DIURNO. AF_11/2015","CHI",24.43]
[92243,"CAMINHÃO DE TRANSPORTE DE MATERIAL ASFÁLTICO 20.000 L, COM CAVALO MECÂNICO DE CAPACIDADE MÁXIMA DE TRAÇÃO COMBINADO DE 45.000 KG, POTÊNCIA 330 CV, INCLUSIVE TANQUE DE ASFALTO COM MAÇARICO - CHI DIURNO. AF_12/2015","CHI",53.09]
[92717,"APARELHO PARA CORTE E SOLDA OXI-ACETILENO SOBRE RODAS, INCLUSIVE CILINDROS E MAÇARICOS - CHI DIURNO. AF_12/2015","CHI",0.25]
[92961,"MÁQUINA EXTRUSORA DE CONCRETO PARA GUIAS E SARJETAS, MOTOR A DIESEL, POTÊNCIA 14 CV - CHI DIURNO. AF_12/2015","CHI",2.39]
[92967,"MARTELO PERFURADOR PNEUMÁTICO MANUAL, HASTE 25 X 75 MM, 21 KG - CHI DIURNO. AF_12/2015","CHI",21.21]
[93225,"PERFURATRIZ COM TORRE METÁLICA PARA EXECUÇÃO DE ESTACA HÉLICE CONTÍNUA, PROFUNDIDADE MÁXIMA DE 32 M, DIÂMETRO MÁXIMO DE 1000 MM, POTÊNCIA INSTALADA DE 350 HP, MESA ROTATIVA COM TORQUE MÁXIMO DE 263 KNM - CHI DIURNO. AF_01/2016","CHI",278.57]
[93234,"BETONEIRA CAPACIDADE NOMINAL 400 L, CAPACIDADE DE MISTURA 310 L, MOTOR A GASOLINA POTÊNCIA 5,5 HP, SEM CARREGADOR - CHI DIURNO. AF_02/2016","CHI",0.4]
[93244,"ROLO COMPACTADOR VIBRATÓRIO PÉ DE CARNEIRO PARA SOLOS, POTÊNCIA 80 HP, PESO OPERACIONAL SEM/COM LASTRO 7,4 / 8,8 T, LARGURA DE TRABALHO 1,68 M - CHI DIURNO. AF_02/2016","CHI",43.61]
[93274,"GRUA ASCENSIONAL, LANÇA DE 30 M, CAPACIDADE DE 1,0 T A 30 M, ALTURA ATÉ 39 M - CHI DIURNO. AF_03/2016","CHI",53.17]
[93282,"GUINCHO ELÉTRICO DE COLUNA, CAPACIDADE 400 KG, COM MOTO FREIO, MOTOR TRIFÁSICO DE 1,25 CV - CHI DIURNO. AF_03/2016","CHI",23.14]
[93288,"GUINDASTE HIDRÁULICO AUTOPROPELIDO, COM LANÇA TELESCÓPICA 40 M, CAPACIDADE MÁXIMA 60 T, POTÊNCIA 260 KW - CHI DIURNO. AF_03/2016","CHI",96.55]
[93403,"GUINDAUTO HIDRÁULICO, CAPACIDADE MÁXIMA DE CARGA 3300 KG, MOMENTO MÁXIMO DE CARGA 5,8 TM, ALCANCE MÁXIMO HORIZONTAL 7,60 M, INCLUSIVE CAMINHÃO TOCO PBT 16.000 KG, POTÊNCIA DE 189 CV - CHI DIURNO. AF_03/2016","CHI",37.81]
[93409,"MÁQUINA JATO DE PRESSAO PORTÁTIL, CAMARA DE 1 SAIDA, CAPACIDADE 280 L, DIAMETRO 670 MM, BICO DE JATO CURTO VENTURI DE 5/16'' , MANGUEIRA DE 1'' COM COMPRESSOR DE AR REBOCÁVEL 189 PCM E MOTOR DIESEL 63 CV - CHI DIURNO. AF_03/2016","CHI",30.92]
[93416,"GERADOR PORTÁTIL MONOFÁSICO, POTÊNCIA 5500 VA, MOTOR A GASOLINA, POTÊNCIA DO MOTOR 13 CV - CHI DIURNO. AF_03/2016","CHI",0.17]
[93422,"GRUPO GERADOR REBOCÁVEL, POTÊNCIA 66 KVA, MOTOR A DIESEL - CHI DIURNO. AF_03/2016","CHI",2.36]
[93428,"GRUPO GERADOR ESTACIONÁRIO, POTÊNCIA 150 KVA, MOTOR A DIESEL- CHI DIURNO. AF_03/2016","CHI",3.35]
[93434,"USINA DE MISTURA ASFÁLTICA À QUENTE, TIPO CONTRA FLUXO, PROD 40 A 80 TON/HORA - CHI DIURNO. AF_03/2016","CHI",170.84]
[93440,"USINA DE ASFALTO À FRIO, CAPACIDADE DE 40 A 60 TON/HORA, ELÉTRICA POTÊNCIA 30 CV - CHI DIURNO. AF_03/2016","CHI",90.58]
[95122,"USINA MISTURADORA DE SOLOS, CAPACIDADE DE 200 A 500 TON/H, POTENCIA 75KW - CHI DIURNO. AF_07/2016","CHI",129.69999999999999]
[95128,"DISTRIBUIDOR DE AGREGADOS AUTOPROPELIDO, CAP 3 M3, A DIESEL, POTÊNCIA 176CV - CHI DIURNO. AF_07/2016","CHI",38.729999999999997]
[95140,"TALHA MANUAL DE CORRENTE, CAPACIDADE DE 2 TON. COM ELEVAÇÃO DE 3 M - CHI DIURNO. AF_07/2016","CHI",0.04]
[95213,"GRUA ASCENCIONAL, LANÇA DE 42 M, CAPACIDADE DE 1,5 T A 30 M, ALTURA ATÉ 39 M - CHI DIURNO. AF_08/2016","CHI",57.39]
[95219,"PULVERIZADOR DE TINTA ELÉTRICO/MÁQUINA DE PINTURA AIRLESS, VAZÃO 2 L/MIN - CHI DIURNO. AF_08/2016","CHI",23.4]
[95259,"MARTELO DEMOLIDOR PNEUMÁTICO MANUAL, 32 KG - CHI DIURNO. AF_09/2016","CHI",21.08]
[95265,"COMPACTADOR DE SOLOS DE PERCUSÃO (SOQUETE) COM MOTOR A GASOLINA, POTÊNCIA 3 CV - CHI DIURNO. AF_09/2016","CHI",0.64]
[95271,"RÉGUA VIBRATÓRIA DUPLA PARA CONCRETO, PESO DE 60KG, COMPRIMENTO 4 M, COM MOTOR A GASOLINA, POTÊNCIA 5,5 HP - CHI DIURNO. AF_09/2016","CHI",0.45]
[95277,"POLIDORA DE PISO (POLITRIZ), PESO DE 100KG, DIÂMETRO 450 MM, MOTOR ELÉTRICO, POTÊNCIA 4 HP - CHI DIURNO. AF_09/2016","CHI",0.44]
[95283,"DESEMPENADEIRA DE CONCRETO, PESO DE 75KG, 4 PÁS, MOTOR A GASOLINA, POTÊNCIA 5,5 HP - CHI DIURNO. AF_09/2016","CHI",0.49]
[95621,"PERFURATRIZ PNEUMATICA MANUAL DE PESO MEDIO, MARTELETE, 18KG, COMPRIMENTO MÁXIMO DE CURSO DE 6 M, DIAMETRO DO PISTAO DE 5,5 CM - CHI DIURNO. AF_11/2016","CHI",20.93]
[95632,"ROLO COMPACTADOR VIBRATORIO TANDEM, ACO LISO, POTENCIA 125 HP, PESO SEM/COM LASTRO 10,20/11,65 T, LARGURA DE TRABALHO 1,73 M - CHI DIURNO. AF_11/2016","CHI",53.55]
[95703,"PERFURATRIZ MANUAL, TORQUE MAXIMO 55 KGF.M, POTENCIA 5 CV, COM DIAMETRO MAXIMO 8 1/2\" - CHI DIURNO. AF_11/2016","CHI",26.55]
[95709,"PERFURATRIZ SOBRE ESTEIRA, TORQUE MÁXIMO 600 KGF, POTÊNCIA ENTRE 50 E 60 HP, DIÂMETRO MÁXIMO 10\u0094 - CHI DIURNO. AF_11/2016","CHI",58.12]
[95715,"ESCAVADEIRA HIDRAULICA SOBRE ESTEIRA, COM GARRA GIRATORIA DE MANDIBULAS, PESO OPERACIONAL ENTRE 22,00 E 25,50 TON, POTENCIA LIQUIDA ENTRE 150 E 160 HP - CHI DIURNO. AF_11/2016","CHI",68.400000000000006]
[95721,"ESCAVADEIRA HIDRAULICA SOBRE ESTEIRA, EQUIPADA COM CLAMSHELL, COM CAPACIDADE DA CAÇAMBA ENTRE 1,20 E 1,50 M3, PESO OPERACIONAL ENTRE 20,00 E 22,00 TON, POTENCIA LIQUIDA ENTRE 150 E 160 HP - CHI DIURNO. AF_11/2016","CHI",66.86]
[95873,"GRUPO GERADOR COM CARENAGEM, MOTOR DIESEL POTÊNCIA STANDART ENTRE 250 E 260 KVA - CHI DIURNO. AF_12/2016","CHI",5.35]
[96014,"TRATOR DE PNEUS COM POTÊNCIA DE 122 CV, TRAÇÃO 4X4, COM VASSOURA MECÂNICA ACOPLADA - CHI DIURNO. AF_02/2017","CHI",42.34]
[96021,"TRATOR DE PNEUS COM POTÊNCIA DE 122 CV, TRAÇÃO 4X4, COM GRADE DE DISCOS ACOPLADA - CHI DIURNO. AF_02/2017","CHI",42.18]
[96029,"TRATOR DE PNEUS COM POTÊNCIA DE 85 CV, TRAÇÃO 4X4, COM GRADE DE DISCOS ACOPLADA - CHI DIURNO. AF_02/2017","CHI",38.26]
[96036,"CAMINHÃO BASCULANTE 10 M3, TRUCADO, POTÊNCIA 230 CV, INCLUSIVE CAÇAMBA METÁLICA, COM DISTRIBUIDOR DE AGREGADOS ACOPLADO - CHI DIURNO. AF_02/2017","CHI",46.6]
[96155,"TRATOR DE PNEUS COM POTÊNCIA DE 85 CV, TRAÇÃO 4X4, COM VASSOURA MECÂNICA ACOPLADA - CHI DIURNO. AF_02/2017","CHI",38.42]
[96156,"MINICARREGADEIRA SOBRE RODAS POTENCIA 47HP CAPACIDADE OPERACAO 646 KG, COM VASSOURA MECÂNICA ACOPLADA - CHI DIURNO. AF_03/2017","CHI",53.73]
[96159,"MÁQUINA DEMARCADORA DE FAIXA DE TRÁFEGO À FRIO, AUTOPROPELIDA, POTÊNCIA 38 HP - CHI DIURNO. AF_07/2016","CHI",52.2]
[96246,"MINIESCAVADEIRA SOBRE ESTEIRAS, POTENCIA LIQUIDA DE *30* HP, PESO OPERACIONAL DE *3.500* KG - CHI DIURNO. AF_04/2017","CHI",52]
[96302,"PERFURATRIZ ROTATIVA SOBRE ESTEIRA, TORQUE MAXIMO 2500 KGM, POTENCIA 110 HP, MOTOR DIESEL - CHI DIURNO. AF_05/2017","CHI",77.22]
[96308,"COMPRESSOR DE AR, VAZAO DE 10 PCM, RESERVATORIO 100 L, PRESSAO DE TRABALHO ENTRE 6,9 E 9,7 BAR  POTENCIA 2 HP, TENSAO 110/220 V \u0096 CHI DIURNO. AF_05/2017","CHI",0.16]
[96464,"ROLO COMPACTADOR DE PNEUS, ESTATICO, PRESSAO VARIAVEL, POTENCIA 110 HP, PESO SEM/COM LASTRO 10,8/27 T, LARGURA DE ROLAGEM 2,30 M - CHI DIURNO. AF_06/2017","CHI",57.1]
[98765,"INVERSOR DE SOLDA MONOFÁSICO DE 160 A, POTÊNCIA DE 5400 W, TENSÃO DE 220 V, PARA SOLDA COM ELETRODOS DE 2,0 A 4,0 MM E PROCESSO TIG - CHI DIURNO. AF_06/2018","CHI",0.1]
[99834,"LAVADORA DE ALTA PRESSAO (LAVA-JATO) PARA AGUA FRIA, PRESSAO DE OPERACAO ENTRE 1400 E 1900 LIB/POL2, VAZAO MAXIMA ENTRE 400 E 700 L/H - CHI DIURNO. AF_04/2019","CHI",0.16]
[100642,"USINA DE MISTURA ASFÁLTICA À QUENTE, TIPO CONTRA FLUXO, PROD 100 A 140 TON/HORA - CHI DIURNO. AF_12/2019","CHI",127.38]
[100648,"USINA DE ASFALTO, TIPO GRAVIMÉTRICA, PROD 150 TON/HORA - CHI DIURNO. AF_12/2019","CHI",297.8]
[102274,"MARTELO DEMOLIDOR ELÉTRICO, COM POTÊNCIA DE 2.000 W, 1.000 IMPACTOS POR MINUTO, PESO DE 30 KG -  CHI DIURNO. AF_01/2021","CHI",20.81]
[5089,"ROLO COMPACTADOR VIBRATÓRIO PÉ DE CARNEIRO PARA SOLOS, POTÊNCIA 80 HP, PESO OPERACIONAL SEM/COM LASTRO 7,4 / 8,8 T, LARGURA DE TRABALHO 1,68 M - MANUTENÇÃO. AF_02/2016","H",24.9]
[5627,"ESCAVADEIRA HIDRÁULICA SOBRE ESTEIRAS, CAÇAMBA 0,80 M3, PESO OPERACIONAL 17 T, POTENCIA BRUTA 111 HP - DEPRECIAÇÃO. AF_06/2014","H",30.8]
[5628,"ESCAVADEIRA HIDRÁULICA SOBRE ESTEIRAS, CAÇAMBA 0,80 M3, PESO OPERACIONAL 17 T, POTENCIA BRUTA 111 HP - JUROS. AF_06/2014","H",4.18]
[5629,"ESCAVADEIRA HIDRÁULICA SOBRE ESTEIRAS, CAÇAMBA 0,80 M3, PESO OPERACIONAL 17 T, POTENCIA BRUTA 111 HP - MANUTENÇÃO. AF_06/2014","H",38.5]
[5630,"ESCAVADEIRA HIDRÁULICA SOBRE ESTEIRAS, CAÇAMBA 0,80 M3, PESO OPERACIONAL 17 T, POTENCIA BRUTA 111 HP - MATERIAIS NA OPERAÇÃO. AF_06/2014","H",45.98]
[5658,"GRADE DE DISCO CONTROLE REMOTO REBOCÁVEL, COM 24 DISCOS 24\u0094 X 6 MM COM PNEUS PARA TRANSPORTE - MANUTENÇÃO. AF_06/2014","H",1.54]
[5664,"RETROESCAVADEIRA SOBRE RODAS COM CARREGADEIRA, TRAÇÃO 4X4, POTÊNCIA LÍQ. 88 HP, CAÇAMBA CARREG. CAP. MÍN. 1 M3, CAÇAMBA RETRO CAP. 0,26 M3, PESO OPERACIONAL MÍN. 6.674 KG, PROFUNDIDADE ESCAVAÇÃO MÁX. 4,37 M - MANUTENÇÃO. AF_06/2014","H",23.17]
[5667,"RETROESCAVADEIRA SOBRE RODAS COM CARREGADEIRA, TRAÇÃO 4X2, POTÊNCIA LÍQ. 79 HP, CAÇAMBA CARREG. CAP. MÍN. 1 M3, CAÇAMBA RETRO CAP. 0,20 M3, PESO OPERACIONAL MÍN. 6.570 KG, PROFUNDIDADE ESCAVAÇÃO MÁX. 4,37 M - MANUTENÇÃO. AF_06/2014","H",20.61]
[5668,"RETROESCAVADEIRA SOBRE RODAS COM CARREGADEIRA, TRAÇÃO 4X2, POTÊNCIA LÍQ. 79 HP, CAÇAMBA CARREG. CAP. MÍN. 1 M3, CAÇAMBA RETRO CAP. 0,20 M3, PESO OPERACIONAL MÍN. 6.570 KG, PROFUNDIDADE ESCAVAÇÃO MÁX. 4,37 M - MATERIAIS NA OPERAÇÃO. AF_06/2014","H",35.18]
[5674,"ROLO COMPACTADOR VIBRATÓRIO DE UM CILINDRO AÇO LISO, POTÊNCIA 80 HP, PESO OPERACIONAL MÁXIMO 8,1 T, IMPACTO DINÂMICO 16,15 / 9,5 T, LARGURA DE TRABALHO 1,68 M - MANUTENÇÃO. AF_06/2014","H",23.95]
[5692,"MOTOBOMBA CENTRÍFUGA, MOTOR A GASOLINA, POTÊNCIA 5,42 HP, BOCAIS 1 1/2\" X 1\", DIÂMETRO ROTOR 143 MM HM/Q = 6 MCA / 16,8 M3/H A 38 MCA / 6,6 M3/H - MANUTENÇÃO. AF_06/2014","H",0.22]
[5693,"MOTOBOMBA CENTRÍFUGA, MOTOR A GASOLINA, POTÊNCIA 5,42 HP, BOCAIS 1 1/2\" X 1\", DIÂMETRO ROTOR 143 MM HM/Q = 6 MCA / 16,8 M3/H A 38 MCA / 6,6 M3/H - MATERIAIS NA OPERAÇÃO. AF_06/2014","H",8.0500000000000007]
[5695,"CAMINHÃO BASCULANTE 6 M3, PESO BRUTO TOTAL 16.000 KG, CARGA ÚTIL MÁXIMA 13.071 KG, DISTÂNCIA ENTRE EIXOS 4,80 M, POTÊNCIA 230 CV INCLUSIVE CAÇAMBA METÁLICA - MANUTENÇÃO. AF_06/2014","H",28.48]
[5703,"USINA DE CONCRETO FIXA, CAPACIDADE NOMINAL DE 90 A 120 M3/H, SEM SILO - MATERIAIS NA OPERAÇÃO. AF_07/2016","H",23.56]
[5705,"CAMINHÃO TOCO, PBT 16.000 KG, CARGA ÚTIL MÁX. 10.685 KG, DIST. ENTRE EIXOS 4,8 M, POTÊNCIA 189 CV, INCLUSIVE CARROCERIA FIXA ABERTA DE MADEIRA P/ TRANSPORTE GERAL DE CARGA SECA, DIMEN. APROX. 2,5 X 7,00 X 0,50 M - MANUTENÇÃO. AF_06/2014","H",17.760000000000002]
[5707,"USINA MISTURADORA DE SOLOS, CAPACIDADE DE 200 A 500 TON/H, POTENCIA 75KW - MANUTENÇÃO. AF_07/2016","H",46.42]
[5710,"VIBROACABADORA DE ASFALTO SOBRE ESTEIRAS, LARGURA DE PAVIMENTAÇÃO 1,90 M A 5,30 M, POTÊNCIA 105 HP CAPACIDADE 450 T/H - MANUTENÇÃO. AF_11/2014","H",96.45]
[5711,"VIBROACABADORA DE ASFALTO SOBRE ESTEIRAS, LARGURA DE PAVIMENTAÇÃO 1,90 M A 5,30 M, POTÊNCIA 105 HP CAPACIDADE 450 T/H - MATERIAIS NA OPERAÇÃO. AF_11/2014","H",63.53]
[5714,"TRATOR DE PNEUS, POTÊNCIA 85 CV, TRAÇÃO 4X4, PESO COM LASTRO DE 4.675 KG - MANUTENÇÃO. AF_06/2014","H",10.34]
[5715,"TRATOR DE PNEUS, POTÊNCIA 85 CV, TRAÇÃO 4X4, PESO COM LASTRO DE 4.675 KG - MATERIAIS NA OPERAÇÃO. AF_06/2014","H",85.48]
[5718,"TRATOR DE ESTEIRAS, POTÊNCIA 170 HP, PESO OPERACIONAL 19 T, CAÇAMBA 5,2 M3 - MATERIAIS NA OPERAÇÃO. AF_06/2014","H",75.83]
[5721,"TRATOR DE ESTEIRAS, POTÊNCIA 150 HP, PESO OPERACIONAL 16,7 T, COM RODA MOTRIZ ELEVADA E LÂMINA 3,18 M3 - MATERIAIS NA OPERAÇÃO. AF_06/2014","H",66.91]
[5722,"TRATOR DE ESTEIRAS, POTÊNCIA 347 HP, PESO OPERACIONAL 38,5 T, COM LÂMINA 8,70 M3 - MATERIAIS NA OPERAÇÃO. AF_06/2014","H",154.74]
[5724,"TRATOR DE ESTEIRAS, POTÊNCIA 100 HP, PESO OPERACIONAL 9,4 T, COM LÂMINA 2,19 M3 - MANUTENÇÃO. AF_06/2014","H",41.25]
[5727,"ROLO COMPACTADOR VIBRATÓRIO REBOCÁVEL, CILINDRO DE AÇO LISO, POTÊNCIA DE TRAÇÃO DE 65 CV, PESO 4,7 T, IMPACTO DINÂMICO 18,3 T, LARGURA DE TRABALHO 1,67 M - MANUTENÇÃO. AF_02/2016","H",7.23]
[5729,"ROLO COMPACTADOR VIBRATÓRIO TANDEM AÇO LISO, POTÊNCIA 58 HP, PESO SEM/COM LASTRO 6,5 / 9,4 T, LARGURA DE TRABALHO 1,2 M - MANUTENÇÃO. AF_06/2014","H",29.41]
[5730,"ROLO COMPACTADOR VIBRATÓRIO TANDEM AÇO LISO, POTÊNCIA 58 HP, PESO SEM/COM LASTRO 6,5 / 9,4 T, LARGURA DE TRABALHO 1,2 M - MATERIAIS NA OPERAÇÃO. AF_06/2014","H",29.54]
[5735,"RETROESCAVADEIRA SOBRE RODAS COM CARREGADEIRA, TRAÇÃO 4X4, POTÊNCIA LÍQ. 72 HP, CAÇAMBA CARREG. CAP. MÍN. 0,79 M3, CAÇAMBA RETRO CAP. 0,18 M3, PESO OPERACIONAL MÍN. 7.140 KG, PROFUNDIDADE ESCAVAÇÃO MÁX. 4,50 M - MANUTENÇÃO. AF_06/2014","H",22.36]
[5736,"RETROESCAVADEIRA SOBRE RODAS COM CARREGADEIRA, TRAÇÃO 4X4, POTÊNCIA LÍQ. 72 HP, CAÇAMBA CARREG. CAP. MÍN. 0,79 M3, CAÇAMBA RETRO CAP. 0,18 M3, PESO OPERACIONAL MÍN. 7.140 KG, PROFUNDIDADE ESCAVAÇÃO MÁX. 4,50 M - MATERIAIS NA OPERAÇÃO. AF_06/2014","H",32.28]
[5738,"ROLO COMPACTADOR VIBRATÓRIO PÉ DE CARNEIRO, OPERADO POR CONTROLE REMOTO, POTÊNCIA 12,5 KW, PESO OPERACIONAL 1,675 T, LARGURA DE TRABALHO 0,85 M - DEPRECIAÇÃO. AF_02/2016","H",26.15]
[5739,"ROLO COMPACTADOR VIBRATÓRIO PÉ DE CARNEIRO, OPERADO POR CONTROLE REMOTO, POTÊNCIA 12,5 KW, PESO OPERACIONAL 1,675 T, LARGURA DE TRABALHO 0,85 M - MANUTENÇÃO. AF_02/2016","H",32.729999999999997]
[5741,"USINA DE LAMA ASFÁLTICA, PROD 30 A 50 T/H, SILO DE AGREGADO 7 M3, RESERVATÓRIOS PARA EMULSÃO E ÁGUA DE 2,3 M3 CADA, MISTURADOR TIPO PUG MILL A SER MONTADO SOBRE CAMINHÃO - MANUTENÇÃO. AF_10/2014","H",30.86]
[5742,"USINA DE LAMA ASFÁLTICA, PROD 30 A 50 T/H, SILO DE AGREGADO 7 M3, RESERVATÓRIOS PARA EMULSÃO E ÁGUA DE 2,3 M3 CADA, MISTURADOR TIPO PUG MILL A SER MONTADO SOBRE CAMINHÃO - MATERIAIS NA OPERAÇÃO. AF_10/2014","H",19.68]
[5747,"CAMINHÃO PIPA 6.000 L, PESO BRUTO TOTAL 13.000 KG, DISTÂNCIA ENTRE EIXOS 4,80 M, POTÊNCIA 189 CV INCLUSIVE TANQUE DE AÇO PARA TRANSPORTE DE ÁGUA, CAPACIDADE 6 M3 - MATERIAIS NA OPERAÇÃO. AF_06/2014","H",112.85]
[5751,"CAMINHÃO TOCO, PESO BRUTO TOTAL 14.300 KG, CARGA ÚTIL MÁXIMA 9590 KG, DISTÂNCIA ENTRE EIXOS 4,76 M, POTÊNCIA 185 CV (NÃO INCLUI CARROCERIA) - MANUTENÇÃO. AF_06/2014","H",19.600000000000001]
[5754,"CAMINHÃO TOCO, PESO BRUTO TOTAL 16.000 KG, CARGA ÚTIL MÁXIMA DE 10.685 KG, DISTÂNCIA ENTRE EIXOS 4,80 M, POTÊNCIA 189 CV EXCLUSIVE CARROCERIA - MANUTENÇÃO. AF_06/2014","H",16.510000000000002]
[5763,"CAMINHÃO PIPA 10.000 L TRUCADO, PESO BRUTO TOTAL 23.000 KG, CARGA ÚTIL MÁXIMA 15.935 KG, DISTÂNCIA ENTRE EIXOS 4,8 M, POTÊNCIA 230 CV, INCLUSIVE TANQUE DE AÇO PARA TRANSPORTE DE ÁGUA - MANUTENÇÃO. AF_06/2014","H",28.42]
[5765,"ESPARGIDOR DE ASFALTO PRESSURIZADO COM TANQUE DE 2500 L, REBOCÁVEL COM MOTOR A GASOLINA POTÊNCIA 3,4 HP - MANUTENÇÃO. AF_07/2014","H",2.17]
[5766,"ESPARGIDOR DE ASFALTO PRESSURIZADO COM TANQUE DE 2500 L, REBOCÁVEL COM MOTOR A GASOLINA POTÊNCIA 3,4 HP - MATERIAIS NA OPERAÇÃO. AF_07/2014","H",4.0199999999999996]
[5779,"MOTONIVELADORA POTÊNCIA BÁSICA LÍQUIDA (PRIMEIRA MARCHA) 125 HP, PESO BRUTO 13032 KG, LARGURA DA LÂMINA DE 3,7 M - MANUTENÇÃO. AF_06/2014","H",45.81]
[5787,"PÁ CARREGADEIRA SOBRE RODAS, POTÊNCIA 197 HP, CAPACIDADE DA CAÇAMBA 2,5 A 3,5 M3, PESO OPERACIONAL 18338 KG - MATERIAIS NA OPERAÇÃO. AF_06/2014","H",50.21]
[5797,"COMPRESSOR DE AR REBOCÁVEL, VAZÃO 189 PCM, PRESSÃO EFETIVA DE TRABALHO 102 PSI, MOTOR DIESEL, POTÊNCIA 63 CV - MANUTENÇÃO. AF_06/2015","H",3.67]
[5800,"BOMBA SUBMERSÍVEL ELÉTRICA TRIFÁSICA, POTÊNCIA 2,96 HP, Ø ROTOR 144 MM SEMI-ABERTO, BOCAL DE SAÍDA Ø 2\u0094, HM/Q = 2 MCA / 38,8 M3/H A 28 MCA / 5 M3/H - MANUTENÇÃO. AF_06/2014","H",0.31]
[7032,"TANQUE DE ASFALTO ESTACIONÁRIO COM SERPENTINA, CAPACIDADE 30.000 L - DEPRECIAÇÃO. AF_06/2014","H",3.69]
[7033,"TANQUE DE ASFALTO ESTACIONÁRIO COM SERPENTINA, CAPACIDADE 30.000 L - JUROS. AF_06/2014","H",0.61]
[7034,"TANQUE DE ASFALTO ESTACIONÁRIO COM SERPENTINA, CAPACIDADE 30.000 L - MANUTENÇÃO. AF_06/2014","H",6.92]
[7035,"TANQUE DE ASFALTO ESTACIONÁRIO COM SERPENTINA, CAPACIDADE 30.000 L - MATERIAIS NA OPERAÇÃO. AF_06/2014","H",152.51]
[7038,"ROLO COMPACTADOR DE PNEUS ESTÁTICO, PRESSÃO VARIÁVEL, POTÊNCIA 111 HP, PESO SEM/COM LASTRO 9,5 / 26 T, LARGURA DE TRABALHO 1,90 M - DEPRECIAÇÃO. AF_07/2014","H",29.91]
[7039,"ROLO COMPACTADOR DE PNEUS ESTÁTICO, PRESSÃO VARIÁVEL, POTÊNCIA 111 HP, PESO SEM/COM LASTRO 9,5 / 26 T, LARGURA DE TRABALHO 1,90 M - JUROS. AF_07/2014","H",4.1500000000000004]
[7040,"ROLO COMPACTADOR DE PNEUS ESTÁTICO, PRESSÃO VARIÁVEL, POTÊNCIA 111 HP, PESO SEM/COM LASTRO 9,5 / 26 T, LARGURA DE TRABALHO 1,90 M - MANUTENÇÃO. AF_07/2014","H",37.43]
[7044,"MOTOBOMBA TRASH (PARA ÁGUA SUJA) AUTO ESCORVANTE, MOTOR GASOLINA DE 6,41 HP, DIÂMETROS DE SUCÇÃO X RECALQUE: 3\" X 3\", HM/Q = 10 MCA / 60 M3/H A 23 MCA / 0 M3/H - DEPRECIAÇÃO. AF_10/2014","H",0.24]
[7045,"MOTOBOMBA TRASH (PARA ÁGUA SUJA) AUTO ESCORVANTE, MOTOR GASOLINA DE 6,41 HP, DIÂMETROS DE SUCÇÃO X RECALQUE: 3\" X 3\", HM/Q = 10 MCA / 60 M3/H A 23 MCA / 0 M3/H - JUROS. AF_10/2014","H",0.02]
[7046,"MOTOBOMBA TRASH (PARA ÁGUA SUJA) AUTO ESCORVANTE, MOTOR GASOLINA DE 6,41 HP, DIÂMETROS DE SUCÇÃO X RECALQUE: 3\" X 3\", HM/Q = 10 MCA / 60 M3/H A 23 MCA / 0 M3/H - MANUTENÇÃO. AF_10/2014","H",0.27]
[7047,"MOTOBOMBA TRASH (PARA ÁGUA SUJA) AUTO ESCORVANTE, MOTOR GASOLINA DE 6,41 HP, DIÂMETROS DE SUCÇÃO X RECALQUE: 3\" X 3\", HM/Q = 10 MCA / 60 M3/H A 23 MCA / 0 M3/H - MATERIAIS NA OPERAÇÃO. AF_10/2014","H",9.4600000000000009]
[7051,"ROLO COMPACTADOR PE DE CARNEIRO VIBRATORIO, POTENCIA 125 HP, PESO OPERACIONAL SEM/COM LASTRO 11,95 / 13,30 T, IMPACTO DINAMICO 38,5 / 22,5 T, LARGURA DE TRABALHO 2,15 M - DEPRECIAÇÃO. AF_06/2014","H",26.53]
[7052,"ROLO COMPACTADOR PE DE CARNEIRO VIBRATORIO, POTENCIA 125 HP, PESO OPERACIONAL SEM/COM LASTRO 11,95 / 13,30 T, IMPACTO DINAMICO 38,5 / 22,5 T, LARGURA DE TRABALHO 2,15 M - JUROS. AF_06/2014","H",3.68]
[7053,"ROLO COMPACTADOR PE DE CARNEIRO VIBRATORIO, POTENCIA 125 HP, PESO OPERACIONAL SEM/COM LASTRO 11,95 / 13,30 T, IMPACTO DINAMICO 38,5 / 22,5 T, LARGURA DE TRABALHO 2,15 M - MANUTENÇÃO. AF_06/2014","H",33.200000000000003]
[7054,"ROLO COMPACTADOR PE DE CARNEIRO VIBRATORIO, POTENCIA 125 HP, PESO OPERACIONAL SEM/COM LASTRO 11,95 / 13,30 T, IMPACTO DINAMICO 38,5 / 22,5 T, LARGURA DE TRABALHO 2,15 M - MATERIAIS NA OPERAÇÃO. AF_06/2014","H",63.7]
[7058,"CAMINHÃO BASCULANTE 6 M3 TOCO, PESO BRUTO TOTAL 16.000 KG, CARGA ÚTIL MÁXIMA 11.130 KG, DISTÂNCIA ENTRE EIXOS 5,36 M, POTÊNCIA 185 CV, INCLUSIVE CAÇAMBA METÁLICA - DEPRECIAÇÃO. AF_06/2014","H",14.49]
[7059,"CAMINHÃO BASCULANTE 6 M3 TOCO, PESO BRUTO TOTAL 16.000 KG, CARGA ÚTIL MÁXIMA 11.130 KG, DISTÂNCIA ENTRE EIXOS 5,36 M, POTÊNCIA 185 CV, INCLUSIVE CAÇAMBA METÁLICA - JUROS. AF_06/2014","H",2.67]
[7060,"CAMINHÃO BASCULANTE 6 M3 TOCO, PESO BRUTO TOTAL 16.000 KG, CARGA ÚTIL MÁXIMA 11.130 KG, DISTÂNCIA ENTRE EIXOS 5,36 M, POTÊNCIA 185 CV, INCLUSIVE CAÇAMBA METÁLICA - MANUTENÇÃO. AF_06/2014","H",27.19]
[7061,"CAMINHÃO BASCULANTE 6 M3 TOCO, PESO BRUTO TOTAL 16.000 KG, CARGA ÚTIL MÁXIMA 11.130 KG, DISTÂNCIA ENTRE EIXOS 5,36 M, POTÊNCIA 185 CV, INCLUSIVE CAÇAMBA METÁLICA - MATERIAIS NA OPERAÇÃO. AF_06/2014","H",58.15]
[7063,"TRATOR DE PNEUS, POTÊNCIA 122 CV, TRAÇÃO 4X4, PESO COM LASTRO DE 4.510 KG - DEPRECIAÇÃO. AF_06/2014","H",12.9]
[7064,"TRATOR DE PNEUS, POTÊNCIA 122 CV, TRAÇÃO 4X4, PESO COM LASTRO DE 4.510 KG - JUROS. AF_06/2014","H",1.79]
[7065,"TRATOR DE PNEUS, POTÊNCIA 122 CV, TRAÇÃO 4X4, PESO COM LASTRO DE 4.510 KG - MANUTENÇÃO. AF_06/2014","H",14.12]
[7066,"TRATOR DE PNEUS, POTÊNCIA 122 CV, TRAÇÃO 4X4, PESO COM LASTRO DE 4.510 KG - MATERIAIS NA OPERAÇÃO. AF_06/2014","H",122.67]
[53786,"RETROESCAVADEIRA SOBRE RODAS COM CARREGADEIRA, TRAÇÃO 4X4, POTÊNCIA LÍQ. 88 HP, CAÇAMBA CARREG. CAP. MÍN. 1 M3, CAÇAMBA RETRO CAP. 0,26 M3, PESO OPERACIONAL MÍN. 6.674 KG, PROFUNDIDADE ESCAVAÇÃO MÁX. 4,37 M - MATERIAIS NA OPERAÇÃO. AF_06/2014","H",38.08]
[53788,"ROLO COMPACTADOR VIBRATÓRIO DE UM CILINDRO AÇO LISO, POTÊNCIA 80 HP, PESO OPERACIONAL MÁXIMO 8,1 T, IMPACTO DINÂMICO 16,15 / 9,5 T, LARGURA DE TRABALHO 1,68 M - MATERIAIS NA OPERAÇÃO. AF_06/2014","H",40.770000000000003]
[53792,"CAMINHÃO BASCULANTE 6 M3, PESO BRUTO TOTAL 16.000 KG, CARGA ÚTIL MÁXIMA 13.071 KG, DISTÂNCIA ENTRE EIXOS 4,80 M, POTÊNCIA 230 CV INCLUSIVE CAÇAMBA METÁLICA - MATERIAIS NA OPERAÇÃO. AF_06/2014","H",72.290000000000006]
[53794,"USINA DE CONCRETO FIXA, CAPACIDADE NOMINAL DE 90 A 120 M3/H, SEM SILO - MANUTENÇÃO. AF_07/2016","H",35]
[53797,"CAMINHÃO TOCO, PBT 16.000 KG, CARGA ÚTIL MÁX. 10.685 KG, DIST. ENTRE EIXOS 4,8 M, POTÊNCIA 189 CV, INCLUSIVE CARROCERIA FIXA ABERTA DE MADEIRA P/ TRANSPORTE GERAL DE CARGA SECA, DIMEN. APROX. 2,5 X 7,00 X 0,50 M - MATERIAIS NA OPERAÇÃO. AF_06/2014","H",83.13]
[53804,"VASSOURA MECÂNICA REBOCÁVEL COM ESCOVA CILÍNDRICA, LARGURA ÚTIL DE VARRIMENTO DE 2,44 M - MANUTENÇÃO. AF_06/2014","H",3.21]
[53806,"TRATOR DE ESTEIRAS, POTÊNCIA 170 HP, PESO OPERACIONAL 19 T, CAÇAMBA 5,2 M3 - MANUTENÇÃO. AF_06/2014","H",53.16]
[53810,"TRATOR DE ESTEIRAS, POTÊNCIA 150 HP, PESO OPERACIONAL 16,7 T, COM RODA MOTRIZ ELEVADA E LÂMINA 3,18 M3 - MANUTENÇÃO. AF_06/2014","H",53.48]
[53814,"TRATOR DE ESTEIRAS, POTÊNCIA 347 HP, PESO OPERACIONAL 38,5 T, COM LÂMINA 8,70 M3 - MANUTENÇÃO. AF_06/2014","H",175.2]
[53817,"TRATOR DE ESTEIRAS, POTÊNCIA 100 HP, PESO OPERACIONAL 9,4 T, COM LÂMINA 2,19 M3 - MATERIAIS NA OPERAÇÃO. AF_06/2014","H",44.57]
[53818,"ROLO COMPACTADOR VIBRATÓRIO REBOCÁVEL, CILINDRO DE AÇO LISO, POTÊNCIA DE TRAÇÃO DE 65 CV, PESO 4,7 T, IMPACTO DINÂMICO 18,3 T, LARGURA DE TRABALHO 1,67 M - DEPRECIAÇÃO. AF_02/2016","H",5.77]
[53827,"CAMINHÃO TOCO, PESO BRUTO TOTAL 14.300 KG, CARGA ÚTIL MÁXIMA 9590 KG, DISTÂNCIA ENTRE EIXOS 4,76 M, POTÊNCIA 185 CV (NÃO INCLUI CARROCERIA) - MATERIAIS NA OPERAÇÃO. AF_06/2014","H",81.38]
[53829,"CAMINHÃO TOCO, PESO BRUTO TOTAL 16.000 KG, CARGA ÚTIL MÁXIMA DE 10.685 KG, DISTÂNCIA ENTRE EIXOS 4,80 M, POTÊNCIA 189 CV EXCLUSIVE CARROCERIA - MATERIAIS NA OPERAÇÃO. AF_06/2014","H",83.13]
[53831,"CAMINHÃO PIPA 10.000 L TRUCADO, PESO BRUTO TOTAL 23.000 KG, CARGA ÚTIL MÁXIMA 15.935 KG, DISTÂNCIA ENTRE EIXOS 4,8 M, POTÊNCIA 230 CV, INCLUSIVE TANQUE DE AÇO PARA TRANSPORTE DE ÁGUA - MATERIAIS NA OPERAÇÃO. AF_06/2014","H",137.32]
[53840,"GRADE DE DISCO REBOCÁVEL COM 20 DISCOS 24\" X 6 MM COM PNEUS PARA TRANSPORTE - DEPRECIAÇÃO. AF_06/2014","H",1.74]
[53841,"GRADE DE DISCO REBOCÁVEL COM 20 DISCOS 24\" X 6 MM COM PNEUS PARA TRANSPORTE - MANUTENÇÃO. AF_06/2014","H",1.21]
[53849,"MOTONIVELADORA POTÊNCIA BÁSICA LÍQUIDA (PRIMEIRA MARCHA) 125 HP, PESO BRUTO 13032 KG, LARGURA DA LÂMINA DE 3,7 M - MATERIAIS NA OPERAÇÃO. AF_06/2014","H",59.73]
[53857,"PÁ CARREGADEIRA SOBRE RODAS, POTÊNCIA LÍQUIDA 128 HP, CAPACIDADE DA CAÇAMBA 1,7 A 2,8 M3, PESO OPERACIONAL 11632 KG - MANUTENÇÃO. AF_06/2014","H",33.6]
[53858,"PÁ CARREGADEIRA SOBRE RODAS, POTÊNCIA LÍQUIDA 128 HP, CAPACIDADE DA CAÇAMBA 1,7 A 2,8 M3, PESO OPERACIONAL 11632 KG - MATERIAIS NA OPERAÇÃO. AF_06/2014","H",57.08]
[53861,"PÁ CARREGADEIRA SOBRE RODAS, POTÊNCIA 197 HP, CAPACIDADE DA CAÇAMBA 2,5 A 3,5 M3, PESO OPERACIONAL 18338 KG - MANUTENÇÃO. AF_06/2014","H",46.59]
[53863,"MARTELETE OU ROMPEDOR PNEUMÁTICO MANUAL, 28 KG, COM SILENCIADOR - MANUTENÇÃO. AF_07/2016","H",1.04]
[53865,"COMPRESSOR DE AR REBOCÁVEL, VAZÃO 189 PCM, PRESSÃO EFETIVA DE TRABALHO 102 PSI, MOTOR DIESEL, POTÊNCIA 63 CV - MATERIAIS NA OPERAÇÃO. AF_06/2015","H",33.64]
[53866,"BOMBA SUBMERSÍVEL ELÉTRICA TRIFÁSICA, POTÊNCIA 2,96 HP, Ø ROTOR 144 MM SEMI-ABERTO, BOCAL DE SAÍDA Ø 2\u0094, HM/Q = 2 MCA / 38,8 M3/H A 28 MCA / 5 M3/H - MATERIAIS NA OPERAÇÃO. AF_06/2014","H",1.89]
[53882,"CAMINHÃO PIPA 6.000 L, PESO BRUTO TOTAL 13.000 KG, DISTÂNCIA ENTRE EIXOS 4,80 M, POTÊNCIA 189 CV INCLUSIVE TANQUE DE AÇO PARA TRANSPORTE DE ÁGUA, CAPACIDADE 6 M3 - MANUTENÇÃO. AF_06/2014","H",22.15]
[55263,"ROLO COMPACTADOR DE PNEUS ESTÁTICO, PRESSÃO VARIÁVEL, POTÊNCIA 111 HP, PESO SEM/COM LASTRO 9,5 / 26 T, LARGURA DE TRABALHO 1,90 M - MATERIAIS NA OPERAÇÃO. AF_07/2014","H",45.98]
[73303,"GRUPO GERADOR ESTACIONÁRIO, MOTOR DIESEL POTÊNCIA 170 KVA - DEPRECIAÇÃO. AF_02/2016","H",3.19]
[73307,"GRUPO GERADOR ESTACIONÁRIO, MOTOR DIESEL POTÊNCIA 170 KVA - MANUTENÇÃO. AF_02/2016","H",2.84]
[73309,"ROLO COMPACTADOR VIBRATÓRIO PÉ DE CARNEIRO PARA SOLOS, POTÊNCIA 80 HP, PESO OPERACIONAL SEM/COM LASTRO 7,4 / 8,8 T, LARGURA DE TRABALHO 1,68 M - DEPRECIAÇÃO. AF_02/2016","H",19.899999999999999]
[73311,"GRUPO GERADOR ESTACIONÁRIO, MOTOR DIESEL POTÊNCIA 170 KVA - MATERIAIS NA OPERAÇÃO. AF_02/2016","H",127.11]
[73313,"ROLO COMPACTADOR VIBRATÓRIO PÉ DE CARNEIRO PARA SOLOS, POTÊNCIA 80 HP, PESO OPERACIONAL SEM/COM LASTRO 7,4 / 8,8 T, LARGURA DE TRABALHO 1,68 M - JUROS. AF_02/2016","H",2.76]
[73315,"ROLO COMPACTADOR VIBRATÓRIO PÉ DE CARNEIRO PARA SOLOS, POTÊNCIA 80 HP, PESO OPERACIONAL SEM/COM LASTRO 7,4 / 8,8 T, LARGURA DE TRABALHO 1,68 M - MATERIAIS NA OPERAÇÃO. AF_02/2016","H",40.770000000000003]
[73335,"CAMINHÃO TOCO, PBT 14.300 KG, CARGA ÚTIL MÁX. 9.710 KG, DIST. ENTRE EIXOS 3,56 M, POTÊNCIA 185 CV, INCLUSIVE CARROCERIA FIXA ABERTA DE MADEIRA P/ TRANSPORTE GERAL DE CARGA SECA, DIMEN. APROX. 2,50 X 6,50 X 0,50 M - MANUTENÇÃO. AF_06/2014","H",21.12]
[73340,"CAMINHÃO TOCO, PBT 14.300 KG, CARGA ÚTIL MÁX. 9.710 KG, DIST. ENTRE EIXOS 3,56 M, POTÊNCIA 185 CV, INCLUSIVE CARROCERIA FIXA ABERTA DE MADEIRA P/ TRANSPORTE GERAL DE CARGA SECA, DIMEN. APROX. 2,50 X 6,50 X 0,50 M - MATERIAIS NA OPERAÇÃO. AF_06/2014","H",58.15]
[83361,"ESPARGIDOR DE ASFALTO PRESSURIZADO, TANQUE 6 M3 COM ISOLAÇÃO TÉRMICA, AQUECIDO COM 2 MAÇARICOS, COM BARRA ESPARGIDORA 3,60 M, MONTADO SOBRE CAMINHÃO  TOCO, PBT 14.300 KG, POTÊNCIA 185 CV - MANUTENÇÃO. AF_08/2015","H",12.53]
[83761,"GRUPO DE SOLDAGEM COM GERADOR A DIESEL 60 CV PARA SOLDA ELÉTRICA, SOBRE 04 RODAS, COM MOTOR 4 CILINDROS 600 A - DEPRECIAÇÃO. AF_02/2016","H",6.8]
[83762,"GRUPO DE SOLDAGEM COM GERADOR A DIESEL 60 CV PARA SOLDA ELÉTRICA, SOBRE 04 RODAS, COM MOTOR 4 CILINDROS 600 A - MANUTENÇÃO. AF_02/2016","H",8.5]
[83763,"GRUPO DE SOLDAGEM COM GERADOR A DIESEL 60 CV PARA SOLDA ELÉTRICA, SOBRE 04 RODAS, COM MOTOR 4 CILINDROS 600 A - MATERIAIS NA OPERAÇÃO. AF_02/2016","H",35.82]
[83764,"GRUPO DE SOLDAGEM COM GERADOR A DIESEL 60 CV PARA SOLDA ELÉTRICA, SOBRE 04 RODAS, COM MOTOR 4 CILINDROS 600 A - JUROS. AF_02/2016","H",0.76]
[87026,"GRADE DE DISCO REBOCÁVEL COM 20 DISCOS 24\" X 6 MM COM PNEUS PARA TRANSPORTE - JUROS. AF_06/2014","H",0.24]
[87441,"BETONEIRA CAPACIDADE NOMINAL 400 L, CAPACIDADE DE MISTURA 310 L, MOTOR A DIESEL POTÊNCIA 5,0 HP, SEM CARREGADOR - DEPRECIAÇÃO. AF_06/2014","H",0.4]
[87442,"BETONEIRA CAPACIDADE NOMINAL 400 L, CAPACIDADE DE MISTURA 310 L, MOTOR A DIESEL POTÊNCIA 5,0 HP, SEM CARREGADOR - JUROS. AF_06/2014","H",0.04]
[87443,"BETONEIRA CAPACIDADE NOMINAL 400 L, CAPACIDADE DE MISTURA 310 L, MOTOR A DIESEL POTÊNCIA 5,0 HP, SEM CARREGADOR - MANUTENÇÃO. AF_06/2014","H",0.37]
[87444,"BETONEIRA CAPACIDADE NOMINAL 400 L, CAPACIDADE DE MISTURA 310 L, MOTOR A DIESEL POTÊNCIA 5,0 HP, SEM CARREGADOR - MATERIAIS NA OPERAÇÃO. AF_06/2014","H",3.03]
[88387,"MISTURADOR DE ARGAMASSA, EIXO HORIZONTAL, CAPACIDADE DE MISTURA 300 KG, MOTOR ELÉTRICO POTÊNCIA 5 CV - DEPRECIAÇÃO. AF_06/2014","H",0.78]
[88389,"MISTURADOR DE ARGAMASSA, EIXO HORIZONTAL, CAPACIDADE DE MISTURA 300 KG, MOTOR ELÉTRICO POTÊNCIA 5 CV - JUROS. AF_06/2014","H",0.09]
[88390,"MISTURADOR DE ARGAMASSA, EIXO HORIZONTAL, CAPACIDADE DE MISTURA 300 KG, MOTOR ELÉTRICO POTÊNCIA 5 CV - MANUTENÇÃO. AF_06/2014","H",0.97]
[88391,"MISTURADOR DE ARGAMASSA, EIXO HORIZONTAL, CAPACIDADE DE MISTURA 300 KG, MOTOR ELÉTRICO POTÊNCIA 5 CV - MATERIAIS NA OPERAÇÃO. AF_06/2014","H",3.09]
[88394,"MISTURADOR DE ARGAMASSA, EIXO HORIZONTAL, CAPACIDADE DE MISTURA 600 KG, MOTOR ELÉTRICO POTÊNCIA 7,5 CV - DEPRECIAÇÃO. AF_06/2014","H",0.92]
[88395,"MISTURADOR DE ARGAMASSA, EIXO HORIZONTAL, CAPACIDADE DE MISTURA 600 KG, MOTOR ELÉTRICO POTÊNCIA 7,5 CV - JUROS. AF_06/2014","H",0.11]
[88396,"MISTURADOR DE ARGAMASSA, EIXO HORIZONTAL, CAPACIDADE DE MISTURA 600 KG, MOTOR ELÉTRICO POTÊNCIA 7,5 CV - MANUTENÇÃO. AF_06/2014","H",1.1599999999999999]
[88397,"MISTURADOR DE ARGAMASSA, EIXO HORIZONTAL, CAPACIDADE DE MISTURA 600 KG, MOTOR ELÉTRICO POTÊNCIA 7,5 CV - MATERIAIS NA OPERAÇÃO. AF_06/2014","H",4.6399999999999997]
[88400,"MISTURADOR DE ARGAMASSA, EIXO HORIZONTAL, CAPACIDADE DE MISTURA 160 KG, MOTOR ELÉTRICO POTÊNCIA 3 CV - DEPRECIAÇÃO. AF_06/2014","H",0.73]
[88401,"MISTURADOR DE ARGAMASSA, EIXO HORIZONTAL, CAPACIDADE DE MISTURA 160 KG, MOTOR ELÉTRICO POTÊNCIA 3 CV - JUROS. AF_06/2014","H",0.08]
[88402,"MISTURADOR DE ARGAMASSA, EIXO HORIZONTAL, CAPACIDADE DE MISTURA 160 KG, MOTOR ELÉTRICO POTÊNCIA 3 CV - MANUTENÇÃO. AF_06/2014","H",0.92]
[88403,"MISTURADOR DE ARGAMASSA, EIXO HORIZONTAL, CAPACIDADE DE MISTURA 160 KG, MOTOR ELÉTRICO POTÊNCIA 3 CV - MATERIAIS NA OPERAÇÃO. AF_06/2014","H",1.86]
[88419,"PROJETOR DE ARGAMASSA, CAPACIDADE DE PROJEÇÃO 1,5 M3/H, ALCANCE DE 30 ATÉ 60 M, MOTOR ELÉTRICO POTÊNCIA 7,5 HP - DEPRECIAÇÃO. AF_06/2014","H",4.8]
[88422,"PROJETOR DE ARGAMASSA, CAPACIDADE DE PROJEÇÃO 1,5 M3/H, ALCANCE DE 30 ATÉ 60 M, MOTOR ELÉTRICO POTÊNCIA 7,5 HP - JUROS. AF_06/2014","H",0.56999999999999995]
[88425,"PROJETOR DE ARGAMASSA, CAPACIDADE DE PROJEÇÃO 1,5 M3/H, ALCANCE DE 30 ATÉ 60 M, MOTOR ELÉTRICO POTÊNCIA 7,5 HP - MANUTENÇÃO. AF_06/2014","H",5.25]
[88427,"PROJETOR DE ARGAMASSA, CAPACIDADE DE PROJEÇÃO 1,5 M3/H, ALCANCE DE 30 ATÉ 60 M, MOTOR ELÉTRICO POTÊNCIA 7,5 HP - MATERIAIS NA OPERAÇÃO. AF_06/2014","H",4.71]
[88434,"PROJETOR DE ARGAMASSA, CAPACIDADE DE PROJEÇÃO 2 M3/H, ALCANCE ATÉ 50 M, MOTOR ELÉTRICO POTÊNCIA 7,5 HP - DEPRECIAÇÃO. AF_06/2014","H",6.36]
[88435,"PROJETOR DE ARGAMASSA, CAPACIDADE DE PROJEÇÃO 2 M3/H, ALCANCE ATÉ 50 M, MOTOR ELÉTRICO POTÊNCIA 7,5 HP - JUROS. AF_06/2014","H",0.75]
[88436,"PROJETOR DE ARGAMASSA, CAPACIDADE DE PROJEÇÃO 2 M3/H, ALCANCE ATÉ 50 M, MOTOR ELÉTRICO POTÊNCIA 7,5 HP - MANUTENÇÃO. AF_06/2014","H",6.95]
[88437,"PROJETOR DE ARGAMASSA, CAPACIDADE DE PROJEÇÃO 2 M3/H, ALCANCE ATÉ 50 M, MOTOR ELÉTRICO POTÊNCIA 7,5 HP - MATERIAIS NA OPERAÇÃO. AF_06/2014","H",4.71]
[88569,"ESPARGIDOR DE ASFALTO PRESSURIZADO COM TANQUE DE 2500 L, REBOCÁVEL COM MOTOR A GASOLINA POTÊNCIA 3,4 HP - DEPRECIAÇÃO. AF_07/2014","H",2.78]
[88570,"ESPARGIDOR DE ASFALTO PRESSURIZADO COM TANQUE DE 2500 L, REBOCÁVEL COM MOTOR A GASOLINA POTÊNCIA 3,4 HP - JUROS. AF_07/2014","H",0.6]
[88826,"BETONEIRA CAPACIDADE NOMINAL DE 400 L, CAPACIDADE DE MISTURA 280 L, MOTOR ELÉTRICO TRIFÁSICO POTÊNCIA DE 2 CV, SEM CARREGADOR - DEPRECIAÇÃO. AF_10/2014","H",0.28999999999999998]
[88827,"BETONEIRA CAPACIDADE NOMINAL DE 400 L, CAPACIDADE DE MISTURA 280 L, MOTOR ELÉTRICO TRIFÁSICO POTÊNCIA DE 2 CV, SEM CARREGADOR - JUROS. AF_10/2014","H",0.03]
[88828,"BETONEIRA CAPACIDADE NOMINAL DE 400 L, CAPACIDADE DE MISTURA 280 L, MOTOR ELÉTRICO TRIFÁSICO POTÊNCIA DE 2 CV, SEM CARREGADOR - MANUTENÇÃO. AF_10/2014","H",0.27]
[88829,"BETONEIRA CAPACIDADE NOMINAL DE 400 L, CAPACIDADE DE MISTURA 280 L, MOTOR ELÉTRICO TRIFÁSICO POTÊNCIA DE 2 CV, SEM CARREGADOR - MATERIAIS NA OPERAÇÃO. AF_10/2014","H",1.23]
[88832,"ESCAVADEIRA HIDRÁULICA SOBRE ESTEIRAS, CAÇAMBA 0,80 M3, PESO OPERACIONAL 17,8 T, POTÊNCIA LÍQUIDA 110 HP - DEPRECIAÇÃO. AF_10/2014","H",29.38]
[88834,"ESCAVADEIRA HIDRÁULICA SOBRE ESTEIRAS, CAÇAMBA 0,80 M3, PESO OPERACIONAL 17,8 T, POTÊNCIA LÍQUIDA 110 HP - JUROS. AF_10/2014","H",3.98]
[88835,"ESCAVADEIRA HIDRÁULICA SOBRE ESTEIRAS, CAÇAMBA 0,80 M3, PESO OPERACIONAL 17,8 T, POTÊNCIA LÍQUIDA 110 HP - MANUTENÇÃO. AF_10/2014","H",36.729999999999997]
[88836,"ESCAVADEIRA HIDRÁULICA SOBRE ESTEIRAS, CAÇAMBA 0,80 M3, PESO OPERACIONAL 17,8 T, POTÊNCIA LÍQUIDA 110 HP - MATERIAIS NA OPERAÇÃO. AF_10/2014","H",45.56]
[88839,"TRATOR DE ESTEIRAS, POTÊNCIA 125 HP, PESO OPERACIONAL 12,9 T, COM LÂMINA 2,7 M3 - DEPRECIAÇÃO. AF_10/2014","H",24.15]
[88840,"TRATOR DE ESTEIRAS, POTÊNCIA 125 HP, PESO OPERACIONAL 12,9 T, COM LÂMINA 2,7 M3 - JUROS. AF_10/2014","H",5.43]
[88841,"TRATOR DE ESTEIRAS, POTÊNCIA 125 HP, PESO OPERACIONAL 12,9 T, COM LÂMINA 2,7 M3 - MANUTENÇÃO. AF_10/2014","H",43.18]
[88842,"TRATOR DE ESTEIRAS, POTÊNCIA 125 HP, PESO OPERACIONAL 12,9 T, COM LÂMINA 2,7 M3 - MATERIAIS NA OPERAÇÃO. AF_10/2014","H",55.76]
[88847,"USINA DE LAMA ASFÁLTICA, PROD 30 A 50 T/H, SILO DE AGREGADO 7 M3, RESERVATÓRIOS PARA EMULSÃO E ÁGUA DE 2,3 M3 CADA, MISTURADOR TIPO PUG MILL A SER MONTADO SOBRE CAMINHÃO - DEPRECIAÇÃO. AF_10/2014","H",16.46]
[88848,"USINA DE LAMA ASFÁLTICA, PROD 30 A 50 T/H, SILO DE AGREGADO 7 M3, RESERVATÓRIOS PARA EMULSÃO E ÁGUA DE 2,3 M3 CADA, MISTURADOR TIPO PUG MILL A SER MONTADO SOBRE CAMINHÃO - JUROS. AF_10/2014","H",3.45]
[88853,"MOTOBOMBA CENTRÍFUGA, MOTOR A GASOLINA, POTÊNCIA 5,42 HP, BOCAIS 1 1/2\" X 1\", DIÂMETRO ROTOR 143 MM HM/Q = 6 MCA / 16,8 M3/H A 38 MCA / 6,6 M3/H - DEPRECIAÇÃO. AF_06/2014","H",0.2]
[88854,"MOTOBOMBA CENTRÍFUGA, MOTOR A GASOLINA, POTÊNCIA 5,42 HP, BOCAIS 1 1/2\" X 1\", DIÂMETRO ROTOR 143 MM HM/Q = 6 MCA / 16,8 M3/H A 38 MCA / 6,6 M3/H - JUROS. AF_06/2014","H",0.02]
[88855,"GRADE DE DISCO CONTROLE REMOTO REBOCÁVEL, COM 24 DISCOS 24\u0094 X 6 MM COM PNEUS PARA TRANSPORTE - DEPRECIAÇÃO. AF_06/2014","H",2.2200000000000002]
[88856,"GRADE DE DISCO CONTROLE REMOTO REBOCÁVEL, COM 24 DISCOS 24\u0094 X 6 MM COM PNEUS PARA TRANSPORTE - JUROS. AF_06/2014","H",0.31]
[88857,"RETROESCAVADEIRA SOBRE RODAS COM CARREGADEIRA, TRAÇÃO 4X4, POTÊNCIA LÍQ. 88 HP, CAÇAMBA CARREG. CAP. MÍN. 1 M3, CAÇAMBA RETRO CAP. 0,26 M3, PESO OPERACIONAL MÍN. 6.674 KG, PROFUNDIDADE ESCAVAÇÃO MÁX. 4,37 M - DEPRECIAÇÃO. AF_06/2014","H",18.54]
[88858,"RETROESCAVADEIRA SOBRE RODAS COM CARREGADEIRA, TRAÇÃO 4X4, POTÊNCIA LÍQ. 88 HP, CAÇAMBA CARREG. CAP. MÍN. 1 M3, CAÇAMBA RETRO CAP. 0,26 M3, PESO OPERACIONAL MÍN. 6.674 KG, PROFUNDIDADE ESCAVAÇÃO MÁX. 4,37 M - JUROS. AF_06/2014","H",2.5099999999999998]
[88859,"RETROESCAVADEIRA SOBRE RODAS COM CARREGADEIRA, TRAÇÃO 4X2, POTÊNCIA LÍQ. 79 HP, CAÇAMBA CARREG. CAP. MÍN. 1 M3, CAÇAMBA RETRO CAP. 0,20 M3, PESO OPERACIONAL MÍN. 6.570 KG, PROFUNDIDADE ESCAVAÇÃO MÁX. 4,37 M - DEPRECIAÇÃO. AF_06/2014","H",16.489999999999998]
[88860,"RETROESCAVADEIRA SOBRE RODAS COM CARREGADEIRA, TRAÇÃO 4X2, POTÊNCIA LÍQ. 79 HP, CAÇAMBA CARREG. CAP. MÍN. 1 M3, CAÇAMBA RETRO CAP. 0,20 M3, PESO OPERACIONAL MÍN. 6.570 KG, PROFUNDIDADE ESCAVAÇÃO MÁX. 4,37 M - JUROS. AF_06/2014","H",2.23]
[88900,"ESCAVADEIRA HIDRÁULICA SOBRE ESTEIRAS, CAÇAMBA 1,20 M3, PESO OPERACIONAL 21 T, POTÊNCIA BRUTA 155 HP - DEPRECIAÇÃO. AF_06/2014","H",34.26]
[88902,"ESCAVADEIRA HIDRÁULICA SOBRE ESTEIRAS, CAÇAMBA 1,20 M3, PESO OPERACIONAL 21 T, POTÊNCIA BRUTA 155 HP - JUROS. AF_06/2014","H",4.6500000000000004]
[88903,"ESCAVADEIRA HIDRÁULICA SOBRE ESTEIRAS, CAÇAMBA 1,20 M3, PESO OPERACIONAL 21 T, POTÊNCIA BRUTA 155 HP - MANUTENÇÃO. AF_06/2014","H",42.83]
[88904,"ESCAVADEIRA HIDRÁULICA SOBRE ESTEIRAS, CAÇAMBA 1,20 M3, PESO OPERACIONAL 21 T, POTÊNCIA BRUTA 155 HP - MATERIAIS NA OPERAÇÃO. AF_06/2014","H",64.17]
[89009,"TRATOR DE ESTEIRAS, POTÊNCIA 150 HP, PESO OPERACIONAL 16,7 T, COM RODA MOTRIZ ELEVADA E LÂMINA 3,18 M3 - DEPRECIAÇÃO. AF_06/2014","H",29.91]
[89010,"TRATOR DE ESTEIRAS, POTÊNCIA 150 HP, PESO OPERACIONAL 16,7 T, COM RODA MOTRIZ ELEVADA E LÂMINA 3,18 M3 - JUROS. AF_06/2014","H",6.73]
[89011,"RETROESCAVADEIRA SOBRE RODAS COM CARREGADEIRA, TRAÇÃO 4X4, POTÊNCIA LÍQ. 72 HP, CAÇAMBA CARREG. CAP. MÍN. 0,79 M3, CAÇAMBA RETRO CAP. 0,18 M3, PESO OPERACIONAL MÍN. 7.140 KG, PROFUNDIDADE ESCAVAÇÃO MÁX. 4,50 M - DEPRECIAÇÃO. AF_06/2014","H",17.88]
[89012,"RETROESCAVADEIRA SOBRE RODAS COM CARREGADEIRA, TRAÇÃO 4X4, POTÊNCIA LÍQ. 72 HP, CAÇAMBA CARREG. CAP. MÍN. 0,79 M3, CAÇAMBA RETRO CAP. 0,18 M3, PESO OPERACIONAL MÍN. 7.140 KG, PROFUNDIDADE ESCAVAÇÃO MÁX. 4,50 M - JUROS. AF_06/2014","H",2.42]
[89013,"TRATOR DE ESTEIRAS, POTÊNCIA 347 HP, PESO OPERACIONAL 38,5 T, COM LÂMINA 8,70 M3 - DEPRECIAÇÃO. AF_06/2014","H",98]
[89014,"TRATOR DE ESTEIRAS, POTÊNCIA 347 HP, PESO OPERACIONAL 38,5 T, COM LÂMINA 8,70 M3 - JUROS. AF_06/2014","H",22.05]
[89015,"VASSOURA MECÂNICA REBOCÁVEL COM ESCOVA CILÍNDRICA, LARGURA ÚTIL DE VARRIMENTO DE 2,44 M - DEPRECIAÇÃO. AF_06/2014","H",2.57]
[89016,"VASSOURA MECÂNICA REBOCÁVEL COM ESCOVA CILÍNDRICA, LARGURA ÚTIL DE VARRIMENTO DE 2,44 M - JUROS. AF_06/2014","H",0.34]
[89017,"TRATOR DE ESTEIRAS, POTÊNCIA 170 HP, PESO OPERACIONAL 19 T, CAÇAMBA 5,2 M3 - DEPRECIAÇÃO. AF_06/2014","H",29.73]
[89018,"TRATOR DE ESTEIRAS, POTÊNCIA 170 HP, PESO OPERACIONAL 19 T, CAÇAMBA 5,2 M3 - JUROS. AF_06/2014","H",6.69]
[89019,"BOMBA SUBMERSÍVEL ELÉTRICA TRIFÁSICA, POTÊNCIA 2,96 HP, Ø ROTOR 144 MM SEMI-ABERTO, BOCAL DE SAÍDA Ø 2\u0094, HM/Q = 2 MCA / 38,8 M3/H A 28 MCA / 5 M3/H - DEPRECIAÇÃO. AF_06/2014","H",0.28999999999999998]
[89020,"BOMBA SUBMERSÍVEL ELÉTRICA TRIFÁSICA, POTÊNCIA 2,96 HP, Ø ROTOR 144 MM SEMI-ABERTO, BOCAL DE SAÍDA Ø 2\u0094, HM/Q = 2 MCA / 38,8 M3/H A 28 MCA / 5 M3/H - JUROS. AF_06/2014","H",0.03]
[89023,"TANQUE DE ASFALTO ESTACIONÁRIO COM MAÇARICO, CAPACIDADE 20.000 L - DEPRECIAÇÃO. AF_06/2014","H",3]
[89024,"TANQUE DE ASFALTO ESTACIONÁRIO COM MAÇARICO, CAPACIDADE 20.000 L - JUROS. AF_06/2014","H",0.49]
[89025,"TANQUE DE ASFALTO ESTACIONÁRIO COM MAÇARICO, CAPACIDADE 20.000 L - MANUTENÇÃO. AF_06/2014","H",5.63]
[89026,"TANQUE DE ASFALTO ESTACIONÁRIO COM MAÇARICO, CAPACIDADE 20.000 L - MATERIAIS NA OPERAÇÃO. AF_06/2014","H",142.1]
[89029,"TRATOR DE ESTEIRAS, POTÊNCIA 100 HP, PESO OPERACIONAL 9,4 T, COM LÂMINA 2,19 M3 - DEPRECIAÇÃO. AF_06/2014","H",23.07]
[89030,"TRATOR DE ESTEIRAS, POTÊNCIA 100 HP, PESO OPERACIONAL 9,4 T, COM LÂMINA 2,19 M3 - JUROS. AF_06/2014","H",5.19]
[89033,"TRATOR DE PNEUS, POTÊNCIA 85 CV, TRAÇÃO 4X4, PESO COM LASTRO DE 4.675 KG - DEPRECIAÇÃO. AF_06/2014","H",9.4600000000000009]
[89034,"TRATOR DE PNEUS, POTÊNCIA 85 CV, TRAÇÃO 4X4, PESO COM LASTRO DE 4.675 KG - JUROS. AF_06/2014","H",1.31]
[89128,"PÁ CARREGADEIRA SOBRE RODAS, POTÊNCIA LÍQUIDA 128 HP, CAPACIDADE DA CAÇAMBA 1,7 A 2,8 M3, PESO OPERACIONAL 11632 KG - DEPRECIAÇÃO. AF_06/2014","H",26.88]
[89129,"PÁ CARREGADEIRA SOBRE RODAS, POTÊNCIA LÍQUIDA 128 HP, CAPACIDADE DA CAÇAMBA 1,7 A 2,8 M3, PESO OPERACIONAL 11632 KG - JUROS. AF_06/2014","H",3.64]
[89130,"PÁ CARREGADEIRA SOBRE RODAS, POTÊNCIA 197 HP, CAPACIDADE DA CAÇAMBA 2,5 A 3,5 M3, PESO OPERACIONAL 18338 KG - DEPRECIAÇÃO. AF_06/2014","H",37.270000000000003]
[89131,"PÁ CARREGADEIRA SOBRE RODAS, POTÊNCIA 197 HP, CAPACIDADE DA CAÇAMBA 2,5 A 3,5 M3, PESO OPERACIONAL 18338 KG - JUROS. AF_06/2014","H",5.05]
[89210,"ROLO COMPACTADOR VIBRATÓRIO DE UM CILINDRO AÇO LISO, POTÊNCIA 80 HP, PESO OPERACIONAL MÁXIMO 8,1 T, IMPACTO DINÂMICO 16,15 / 9,5 T, LARGURA DE TRABALHO 1,68 M - DEPRECIAÇÃO. AF_06/2014","H",19.14]
[89211,"ROLO COMPACTADOR VIBRATÓRIO DE UM CILINDRO AÇO LISO, POTÊNCIA 80 HP, PESO OPERACIONAL MÁXIMO 8,1 T, IMPACTO DINÂMICO 16,15 / 9,5 T, LARGURA DE TRABALHO 1,68 M - JUROS. AF_06/2014","H",2.65]
[89212,"BATE-ESTACAS POR GRAVIDADE, POTÊNCIA DE 160 HP, PESO DO MARTELO ATÉ 3 TONELADAS - DEPRECIAÇÃO. AF_11/2014","H",17.8]
[89213,"BATE-ESTACAS POR GRAVIDADE, POTÊNCIA DE 160 HP, PESO DO MARTELO ATÉ 3 TONELADAS - JUROS. AF_11/2014","H",2.8]
[89214,"BATE-ESTACAS POR GRAVIDADE, POTÊNCIA DE 160 HP, PESO DO MARTELO ATÉ 3 TONELADAS - MANUTENÇÃO. AF_11/2014","H",16.71]
[89215,"BATE-ESTACAS POR GRAVIDADE, POTÊNCIA DE 160 HP, PESO DO MARTELO ATÉ 3 TONELADAS - MATERIAIS NA OPERAÇÃO. AF_11/2014","H",66.27]
[89221,"BETONEIRA CAPACIDADE NOMINAL DE 600 L, CAPACIDADE DE MISTURA 360 L, MOTOR ELÉTRICO TRIFÁSICO POTÊNCIA DE 4 CV, SEM CARREGADOR - DEPRECIAÇÃO. AF_11/2014","H",1.19]
[89222,"BETONEIRA CAPACIDADE NOMINAL DE 600 L, CAPACIDADE DE MISTURA 360 L, MOTOR ELÉTRICO TRIFÁSICO POTÊNCIA DE 4 CV, SEM CARREGADOR - JUROS. AF_11/2014","H",0.14000000000000001]
[89223,"BETONEIRA CAPACIDADE NOMINAL DE 600 L, CAPACIDADE DE MISTURA 360 L, MOTOR ELÉTRICO TRIFÁSICO POTÊNCIA DE 4 CV, SEM CARREGADOR - MANUTENÇÃO. AF_11/2014","H",1.1200000000000001]
[89224,"BETONEIRA CAPACIDADE NOMINAL DE 600 L, CAPACIDADE DE MISTURA 360 L, MOTOR ELÉTRICO TRIFÁSICO POTÊNCIA DE 4 CV, SEM CARREGADOR - MATERIAIS NA OPERAÇÃO. AF_11/2014","H",2.4700000000000002]
[89228,"MOTONIVELADORA POTÊNCIA BÁSICA LÍQUIDA (PRIMEIRA MARCHA) 125 HP, PESO BRUTO 13032 KG, LARGURA DA LÂMINA DE 3,7 M - DEPRECIAÇÃO. AF_06/2014","H",28.5]
[89229,"MOTONIVELADORA POTÊNCIA BÁSICA LÍQUIDA (PRIMEIRA MARCHA) 125 HP, PESO BRUTO 13032 KG, LARGURA DA LÂMINA DE 3,7 M - JUROS. AF_06/2014","H",5.13]
[89230,"FRESADORA DE ASFALTO A FRIO SOBRE RODAS, LARGURA FRESAGEM DE 1,0 M, POTÊNCIA 208 HP - DEPRECIAÇÃO. AF_11/2014","H",83.69]
[89231,"FRESADORA DE ASFALTO A FRIO SOBRE RODAS, LARGURA FRESAGEM DE 1,0 M, POTÊNCIA 208 HP - JUROS. AF_11/2014","H",13.26]
[89232,"FRESADORA DE ASFALTO A FRIO SOBRE RODAS, LARGURA FRESAGEM DE 1,0 M, POTÊNCIA 208 HP - MANUTENÇÃO. AF_11/2014","H",149.28]
[89233,"FRESADORA DE ASFALTO A FRIO SOBRE RODAS, LARGURA FRESAGEM DE 1,0 M, POTÊNCIA 208 HP - MATERIAIS NA OPERAÇÃO. AF_11/2014","H",119.26]
[89236,"FRESADORA DE ASFALTO A FRIO SOBRE RODAS, LARGURA FRESAGEM DE 2,0 M, POTÊNCIA 550 HP - DEPRECIAÇÃO. AF_11/2014","H",195.5]
[89237,"FRESADORA DE ASFALTO A FRIO SOBRE RODAS, LARGURA FRESAGEM DE 2,0 M, POTÊNCIA 550 HP - JUROS. AF_11/2014","H",30.97]
[89238,"FRESADORA DE ASFALTO A FRIO SOBRE RODAS, LARGURA FRESAGEM DE 2,0 M, POTÊNCIA 550 HP - MANUTENÇÃO. AF_11/2014","H",348.73]
[89239,"FRESADORA DE ASFALTO A FRIO SOBRE RODAS, LARGURA FRESAGEM DE 2,0 M, POTÊNCIA 550 HP - MATERIAIS NA OPERAÇÃO. AF_11/2014","H",315.38]
[89240,"VIBROACABADORA DE ASFALTO SOBRE ESTEIRAS, LARGURA DE PAVIMENTAÇÃO 1,90 M A 5,30 M, POTÊNCIA 105 HP CAPACIDADE 450 T/H - DEPRECIAÇÃO. AF_11/2014","H",60]
[89241,"VIBROACABADORA DE ASFALTO SOBRE ESTEIRAS, LARGURA DE PAVIMENTAÇÃO 1,90 M A 5,30 M, POTÊNCIA 105 HP CAPACIDADE 450 T/H - JUROS. AF_11/2014","H",10.8]
[89246,"RECICLADORA DE ASFALTO A FRIO SOBRE RODAS, LARGURA FRESAGEM DE 2,0 M, POTÊNCIA 422 HP - DEPRECIAÇÃO. AF_11/2014","H",169.88]
[89247,"RECICLADORA DE ASFALTO A FRIO SOBRE RODAS, LARGURA FRESAGEM DE 2,0 M, POTÊNCIA 422 HP - JUROS. AF_11/2014","H",26.91]
[89248,"RECICLADORA DE ASFALTO A FRIO SOBRE RODAS, LARGURA FRESAGEM DE 2,0 M, POTÊNCIA 422 HP - MANUTENÇÃO. AF_11/2014","H",303.02]
[89249,"RECICLADORA DE ASFALTO A FRIO SOBRE RODAS, LARGURA FRESAGEM DE 2,0 M, POTÊNCIA 422 HP - MATERIAIS NA OPERAÇÃO. AF_11/2014","H",268.83]
[89253,"VIBROACABADORA DE ASFALTO SOBRE ESTEIRAS, LARGURA DE PAVIMENTAÇÃO 2,13 M A 4,55 M, POTÊNCIA 100 HP, CAPACIDADE 400 T/H - DEPRECIAÇÃO. AF_11/2014","H",49.16]
[89254,"VIBROACABADORA DE ASFALTO SOBRE ESTEIRAS, LARGURA DE PAVIMENTAÇÃO 2,13 M A 4,55 M, POTÊNCIA 100 HP, CAPACIDADE 400 T/H - JUROS. AF_11/2014","H",8.85]
[89255,"VIBROACABADORA DE ASFALTO SOBRE ESTEIRAS, LARGURA DE PAVIMENTAÇÃO 2,13 M A 4,55 M, POTÊNCIA 100 HP, CAPACIDADE 400 T/H - MANUTENÇÃO. AF_11/2014","H",79.03]
[89256,"VIBROACABADORA DE ASFALTO SOBRE ESTEIRAS, LARGURA DE PAVIMENTAÇÃO 2,13 M A 4,55 M, POTÊNCIA 100 HP, CAPACIDADE 400 T/H - MATERIAIS NA OPERAÇÃO. AF_11/2014","H",60.5]
[89259,"GUINDAUTO HIDRÁULICO, CAPACIDADE MÁXIMA DE CARGA 6200 KG, MOMENTO MÁXIMO DE CARGA 11,7 TM, ALCANCE MÁXIMO HORIZONTAL 9,70 M, INCLUSIVE CAMINHÃO TOCO PBT 16.000 KG, POTÊNCIA DE 189 CV - DEPRECIAÇÃO. AF_06/2014","H",11.74]
[89260,"GUINDAUTO HIDRÁULICO, CAPACIDADE MÁXIMA DE CARGA 6200 KG, MOMENTO MÁXIMO DE CARGA 11,7 TM, ALCANCE MÁXIMO HORIZONTAL 9,70 M, INCLUSIVE CAMINHÃO TOCO PBT 16.000 KG, POTÊNCIA DE 189 CV - JUROS. AF_06/2014","H",2.4500000000000002]
[89262,"GUINDAUTO HIDRÁULICO, CAPACIDADE MÁXIMA DE CARGA 6200 KG, MOMENTO MÁXIMO DE CARGA 11,7 TM, ALCANCE MÁXIMO HORIZONTAL 9,70 M, INCLUSIVE CAMINHÃO TOCO PBT 16.000 KG, POTÊNCIA DE 189 CV - MANUTENÇÃO. AF_06/2014","H",22.03]
[89264,"CAMINHÃO TOCO, PBT 16.000 KG, CARGA ÚTIL MÁX. 10.685 KG, DIST. ENTRE EIXOS 4,8 M, POTÊNCIA 189 CV, INCLUSIVE CARROCERIA FIXA ABERTA DE MADEIRA P/ TRANSPORTE GERAL DE CARGA SECA, DIMEN. APROX. 2,5 X 7,00 X 0,50 M - DEPRECIAÇÃO. AF_06/2014","H",9.4600000000000009]
[89265,"CAMINHÃO TOCO, PBT 16.000 KG, CARGA ÚTIL MÁX. 10.685 KG, DIST. ENTRE EIXOS 4,8 M, POTÊNCIA 189 CV, INCLUSIVE CARROCERIA FIXA ABERTA DE MADEIRA P/ TRANSPORTE GERAL DE CARGA SECA, DIMEN. APROX. 2,5 X 7,00 X 0,50 M - JUROS. AF_06/2014","H",1.98]
[89266,"CAMINHÃO TOCO, PBT 16.000 KG, CARGA ÚTIL MÁX. 10.685 KG, DIST. ENTRE EIXOS 4,8 M, POTÊNCIA 189 CV, INCLUSIVE CARROCERIA FIXA ABERTA DE MADEIRA P/ TRANSPORTE GERAL DE CARGA SECA, DIMEN. APROX. 2,5 X 7,00 X 0,50 M - IMPOSTOS E SEGUROS. AF_06/2014","H",0.76]
[89267,"GUINDASTE HIDRÁULICO AUTOPROPELIDO, COM LANÇA TELESCÓPICA 28,80 M, CAPACIDADE MÁXIMA 30 T, POTÊNCIA 97 KW, TRAÇÃO 4 X 4 - DEPRECIAÇÃO. AF_11/2014","H",30.99]
[89268,"GUINDASTE HIDRÁULICO AUTOPROPELIDO, COM LANÇA TELESCÓPICA 28,80 M, CAPACIDADE MÁXIMA 30 T, POTÊNCIA 97 KW, TRAÇÃO 4 X 4 - JUROS. AF_11/2014","H",5.57]
[89269,"GUINDASTE HIDRÁULICO AUTOPROPELIDO, COM LANÇA TELESCÓPICA 28,80 M, CAPACIDADE MÁXIMA 30 T, POTÊNCIA 97 KW, TRAÇÃO 4 X 4 - IMPOSTOS E SEGUROS. AF_11/2014","H",2.16]
[89270,"GUINDASTE HIDRÁULICO AUTOPROPELIDO, COM LANÇA TELESCÓPICA 28,80 M, CAPACIDADE MÁXIMA 30 T, POTÊNCIA 97 KW, TRAÇÃO 4 X 4 - MANUTENÇÃO. AF_11/2014","H",49.82]
[89271,"GUINDASTE HIDRÁULICO AUTOPROPELIDO, COM LANÇA TELESCÓPICA 28,80 M, CAPACIDADE MÁXIMA 30 T, POTÊNCIA 97 KW, TRAÇÃO 4 X 4 - MATERIAIS NA OPERAÇÃO. AF_11/2014","H",20.7]
[89274,"BETONEIRA CAPACIDADE NOMINAL DE 600 L, CAPACIDADE DE MISTURA 440 L, MOTOR A DIESEL POTÊNCIA 10 HP, COM CARREGADOR - DEPRECIAÇÃO. AF_11/2014","H",1.45]
[89275,"BETONEIRA CAPACIDADE NOMINAL DE 600 L, CAPACIDADE DE MISTURA 440 L, MOTOR A DIESEL POTÊNCIA 10 HP, COM CARREGADOR - JUROS. AF_11/2014","H",0.17]
[89276,"BETONEIRA CAPACIDADE NOMINAL DE 600 L, CAPACIDADE DE MISTURA 440 L, MOTOR A DIESEL POTÊNCIA 10 HP, COM CARREGADOR - MANUTENÇÃO. AF_11/2014","H",1.36]
[89277,"BETONEIRA CAPACIDADE NOMINAL DE 600 L, CAPACIDADE DE MISTURA 440 L, MOTOR A DIESEL POTÊNCIA 10 HP, COM CARREGADOR - MATERIAIS NA OPERAÇÃO. AF_11/2014","H",6.06]
[89280,"ROLO COMPACTADOR VIBRATÓRIO TANDEM AÇO LISO, POTÊNCIA 58 HP, PESO SEM/COM LASTRO 6,5 / 9,4 T, LARGURA DE TRABALHO 1,2 M - DEPRECIAÇÃO. AF_06/2014","H",23.5]
[89281,"ROLO COMPACTADOR VIBRATÓRIO TANDEM AÇO LISO, POTÊNCIA 58 HP, PESO SEM/COM LASTRO 6,5 / 9,4 T, LARGURA DE TRABALHO 1,2 M - JUROS. AF_06/2014","H",3.26]
[89870,"CAMINHÃO BASCULANTE 14 M3, COM CAVALO MECÂNICO DE CAPACIDADE MÁXIMA DE TRAÇÃO COMBINADO DE 36000 KG, POTÊNCIA 286 CV, INCLUSIVE SEMIREBOQUE COM CAÇAMBA METÁLICA - DEPRECIAÇÃO. AF_12/2014","H",23.21]
[89871,"CAMINHÃO BASCULANTE 14 M3, COM CAVALO MECÂNICO DE CAPACIDADE MÁXIMA DE TRAÇÃO COMBINADO DE 36000 KG, POTÊNCIA 286 CV, INCLUSIVE SEMIREBOQUE COM CAÇAMBA METÁLICA - JUROS. AF_12/2014","H",4.29]
[89872,"CAMINHÃO BASCULANTE 14 M3, COM CAVALO MECÂNICO DE CAPACIDADE MÁXIMA DE TRAÇÃO COMBINADO DE 36000 KG, POTÊNCIA 286 CV, INCLUSIVE SEMIREBOQUE COM CAÇAMBA METÁLICA - IMPOSTOS E SEGUROS. AF_12/2014","H",1.67]
[89873,"CAMINHÃO BASCULANTE 14 M3, COM CAVALO MECÂNICO DE CAPACIDADE MÁXIMA DE TRAÇÃO COMBINADO DE 36000 KG, POTÊNCIA 286 CV, INCLUSIVE SEMIREBOQUE COM CAÇAMBA METÁLICA - MANUTENÇÃO. AF_12/2014","H",43.54]
[89874,"CAMINHÃO BASCULANTE 14 M3, COM CAVALO MECÂNICO DE CAPACIDADE MÁXIMA DE TRAÇÃO COMBINADO DE 36000 KG, POTÊNCIA 286 CV, INCLUSIVE SEMIREBOQUE COM CAÇAMBA METÁLICA - MATERIAIS NA OPERAÇÃO. AF_12/2014","H",125.83]
[89878,"CAMINHÃO BASCULANTE 18 M3, COM CAVALO MECÂNICO DE CAPACIDADE MÁXIMA DE TRAÇÃO COMBINADO DE 45000 KG, POTÊNCIA 330 CV, INCLUSIVE SEMIREBOQUE COM CAÇAMBA METÁLICA - DEPRECIAÇÃO. AF_12/2014","H",24.44]
[89879,"CAMINHÃO BASCULANTE 18 M3, COM CAVALO MECÂNICO DE CAPACIDADE MÁXIMA DE TRAÇÃO COMBINADO DE 45000 KG, POTÊNCIA 330 CV, INCLUSIVE SEMIREBOQUE COM CAÇAMBA METÁLICA - JUROS. AF_12/2014","H",4.5199999999999996]
[89880,"CAMINHÃO BASCULANTE 18 M3, COM CAVALO MECÂNICO DE CAPACIDADE MÁXIMA DE TRAÇÃO COMBINADO DE 45000 KG, POTÊNCIA 330 CV, INCLUSIVE SEMIREBOQUE COM CAÇAMBA METÁLICA - IMPOSTOS E SEGUROS. AF_12/2014","H",1.77]
[89881,"CAMINHÃO BASCULANTE 18 M3, COM CAVALO MECÂNICO DE CAPACIDADE MÁXIMA DE TRAÇÃO COMBINADO DE 45000 KG, POTÊNCIA 330 CV, INCLUSIVE SEMIREBOQUE COM CAÇAMBA METÁLICA - MANUTENÇÃO. AF_12/2014","H",45.84]
[89882,"CAMINHÃO BASCULANTE 18 M3, COM CAVALO MECÂNICO DE CAPACIDADE MÁXIMA DE TRAÇÃO COMBINADO DE 45000 KG, POTÊNCIA 330 CV, INCLUSIVE SEMIREBOQUE COM CAÇAMBA METÁLICA - MATERIAIS NA OPERAÇÃO. AF_12/2014","H",145.18]
[90582,"VIBRADOR DE IMERSÃO, DIÂMETRO DE PONTEIRA 45MM, MOTOR ELÉTRICO TRIFÁSICO POTÊNCIA DE 2 CV - DEPRECIAÇÃO. AF_06/2015","H",0.37]
[90583,"VIBRADOR DE IMERSÃO, DIÂMETRO DE PONTEIRA 45MM, MOTOR ELÉTRICO TRIFÁSICO POTÊNCIA DE 2 CV - JUROS. AF_06/2015","H",0.04]
[90584,"VIBRADOR DE IMERSÃO, DIÂMETRO DE PONTEIRA 45MM, MOTOR ELÉTRICO TRIFÁSICO POTÊNCIA DE 2 CV - MANUTENÇÃO. AF_06/2015","H",0.28999999999999998]
[90585,"VIBRADOR DE IMERSÃO, DIÂMETRO DE PONTEIRA 45MM, MOTOR ELÉTRICO TRIFÁSICO POTÊNCIA DE 2 CV - MATERIAIS NA OPERAÇÃO. AF_06/2015","H",1.23]
[90621,"PERFURATRIZ MANUAL, TORQUE MÁXIMO 83 N.M, POTÊNCIA 5 CV, COM DIÂMETRO MÁXIMO 4\" - DEPRECIAÇÃO. AF_06/2015","H",1.1100000000000001]
[90622,"PERFURATRIZ MANUAL, TORQUE MÁXIMO 83 N.M, POTÊNCIA 5 CV, COM DIÂMETRO MÁXIMO 4\" - JUROS. AF_06/2015","H",0.13]
[90623,"PERFURATRIZ MANUAL, TORQUE MÁXIMO 83 N.M, POTÊNCIA 5 CV, COM DIÂMETRO MÁXIMO 4\" - MANUTENÇÃO. AF_06/2015","H",1.39]
[90624,"PERFURATRIZ MANUAL, TORQUE MÁXIMO 83 N.M, POTÊNCIA 5 CV, COM DIÂMETRO MÁXIMO 4\" - MATERIAIS NA OPERAÇÃO. AF_06/2015","H",3.09]
[90627,"PERFURATRIZ SOBRE ESTEIRA, TORQUE MÁXIMO 600 KGF, PESO MÉDIO 1000 KG, POTÊNCIA 20 HP, DIÂMETRO MÁXIMO 10\" - DEPRECIAÇÃO. AF_06/2015","H",31.35]
[90628,"PERFURATRIZ SOBRE ESTEIRA, TORQUE MÁXIMO 600 KGF, PESO MÉDIO 1000 KG, POTÊNCIA 20 HP, DIÂMETRO MÁXIMO 10\" - JUROS. AF_06/2015","H",4.47]
[90629,"PERFURATRIZ SOBRE ESTEIRA, TORQUE MÁXIMO 600 KGF, PESO MÉDIO 1000 KG, POTÊNCIA 20 HP, DIÂMETRO MÁXIMO 10\" - MANUTENÇÃO. AF_06/2015","H",39.229999999999997]
[90630,"PERFURATRIZ SOBRE ESTEIRA, TORQUE MÁXIMO 600 KGF, PESO MÉDIO 1000 KG, POTÊNCIA 20 HP, DIÂMETRO MÁXIMO 10\" - MATERIAIS NA OPERAÇÃO. AF_06/2015","H",12.55]
[90633,"MISTURADOR DUPLO HORIZONTAL DE ALTA TURBULÊNCIA, CAPACIDADE / VOLUME 2 X 500 LITROS, MOTORES ELÉTRICOS MÍNIMO 5 CV CADA, PARA NATA CIMENTO, ARGAMASSA E OUTROS - DEPRECIAÇÃO. AF_06/2015","H",3.69]
[90634,"MISTURADOR DUPLO HORIZONTAL DE ALTA TURBULÊNCIA, CAPACIDADE / VOLUME 2 X 500 LITROS, MOTORES ELÉTRICOS MÍNIMO 5 CV CADA, PARA NATA CIMENTO, ARGAMASSA E OUTROS - JUROS. AF_06/2015","H",0.43]
[90635,"MISTURADOR DUPLO HORIZONTAL DE ALTA TURBULÊNCIA, CAPACIDADE / VOLUME 2 X 500 LITROS, MOTORES ELÉTRICOS MÍNIMO 5 CV CADA, PARA NATA CIMENTO, ARGAMASSA E OUTROS - MANUTENÇÃO. AF_06/2015","H",4.03]
[90636,"MISTURADOR DUPLO HORIZONTAL DE ALTA TURBULÊNCIA, CAPACIDADE / VOLUME 2 X 500 LITROS, MOTORES ELÉTRICOS MÍNIMO 5 CV CADA, PARA NATA CIMENTO, ARGAMASSA E OUTROS - MATERIAIS NA OPERAÇÃO. AF_06/2015","H",6.19]
[90639,"BOMBA TRIPLEX, PARA INJEÇÃO DE NATA DE CIMENTO, VAZÃO MÁXIMA DE 100 LITROS/MINUTO, PRESSÃO MÁXIMA DE 70 BAR - DEPRECIAÇÃO. AF_06/2015","H",5.51]
[90640,"BOMBA TRIPLEX, PARA INJEÇÃO DE NATA DE CIMENTO, VAZÃO MÁXIMA DE 100 LITROS/MINUTO, PRESSÃO MÁXIMA DE 70 BAR - JUROS. AF_06/2015","H",0.65]
[90641,"BOMBA TRIPLEX, PARA INJEÇÃO DE NATA DE CIMENTO, VAZÃO MÁXIMA DE 100 LITROS/MINUTO, PRESSÃO MÁXIMA DE 70 BAR - MANUTENÇÃO. AF_06/2015","H",6.02]
[90642,"BOMBA TRIPLEX, PARA INJEÇÃO DE NATA DE CIMENTO, VAZÃO MÁXIMA DE 100 LITROS/MINUTO, PRESSÃO MÁXIMA DE 70 BAR - MATERIAIS NA OPERAÇÃO. AF_06/2015","H",6.57]
[90646,"BOMBA CENTRÍFUGA MONOESTÁGIO COM MOTOR ELÉTRICO MONOFÁSICO, POTÊNCIA 15 HP, DIÂMETRO DO ROTOR 173 MM, HM/Q = 30 MCA / 90 M3/H A 45 MCA / 55 M3/H - DEPRECIAÇÃO. AF_06/2015","H",0.7]
[90647,"BOMBA CENTRÍFUGA MONOESTÁGIO COM MOTOR ELÉTRICO MONOFÁSICO, POTÊNCIA 15 HP, DIÂMETRO DO ROTOR 173 MM, HM/Q = 30 MCA / 90 M3/H A 45 MCA / 55 M3/H - JUROS. AF_06/2015","H",0.08]
[90648,"BOMBA CENTRÍFUGA MONOESTÁGIO COM MOTOR ELÉTRICO MONOFÁSICO, POTÊNCIA 15 HP, DIÂMETRO DO ROTOR 173 MM, HM/Q = 30 MCA / 90 M3/H A 45 MCA / 55 M3/H - MANUTENÇÃO. AF_06/2015","H",0.77]
[90649,"BOMBA CENTRÍFUGA MONOESTÁGIO COM MOTOR ELÉTRICO MONOFÁSICO, POTÊNCIA 15 HP, DIÂMETRO DO ROTOR 173 MM, HM/Q = 30 MCA / 90 M3/H A 45 MCA / 55 M3/H - MATERIAIS NA OPERAÇÃO. AF_06/2015","H",9.6]
[90652,"BOMBA DE PROJEÇÃO DE CONCRETO SECO, POTÊNCIA 10 CV, VAZÃO 3 M3/H - DEPRECIAÇÃO. AF_06/2015","H",3.58]
[90653,"BOMBA DE PROJEÇÃO DE CONCRETO SECO, POTÊNCIA 10 CV, VAZÃO 3 M3/H - JUROS. AF_06/2015","H",0.42]
[90654,"BOMBA DE PROJEÇÃO DE CONCRETO SECO, POTÊNCIA 10 CV, VAZÃO 3 M3/H - MANUTENÇÃO. AF_06/2015","H",3.92]
[90655,"BOMBA DE PROJEÇÃO DE CONCRETO SECO, POTÊNCIA 10 CV, VAZÃO 3 M3/H - MATERIAIS NA OPERAÇÃO. AF_06/2015","H",6.32]
[90658,"BOMBA DE PROJEÇÃO DE CONCRETO SECO, POTÊNCIA 10 CV, VAZÃO 6 M3/H - DEPRECIAÇÃO. AF_06/2015","H",3.84]
[90659,"BOMBA DE PROJEÇÃO DE CONCRETO SECO, POTÊNCIA 10 CV, VAZÃO 6 M3/H - JUROS. AF_06/2015","H",0.45]
[90660,"BOMBA DE PROJEÇÃO DE CONCRETO SECO, POTÊNCIA 10 CV, VAZÃO 6 M3/H - MANUTENÇÃO. AF_06/2015","H",4.2]
[90661,"BOMBA DE PROJEÇÃO DE CONCRETO SECO, POTÊNCIA 10 CV, VAZÃO 6 M3/H - MATERIAIS NA OPERAÇÃO. AF_06/2015","H",6.32]
[90664,"PROJETOR PNEUMÁTICO DE ARGAMASSA PARA CHAPISCO E REBOCO COM RECIPIENTE ACOPLADO, TIPO CANEQUINHA, COM COMPRESSOR DE AR REBOCÁVEL VAZÃO 89 PCM E MOTOR DIESEL DE 20 CV - DEPRECIAÇÃO. AF_06/2015","H",4.74]
[90665,"PROJETOR PNEUMÁTICO DE ARGAMASSA PARA CHAPISCO E REBOCO COM RECIPIENTE ACOPLADO, TIPO CANEQUINHA, COM COMPRESSOR DE AR REBOCÁVEL VAZÃO 89 PCM E MOTOR DIESEL DE 20 CV - JUROS. AF_06/2015","H",0.54]
[90666,"PROJETOR PNEUMÁTICO DE ARGAMASSA PARA CHAPISCO E REBOCO COM RECIPIENTE ACOPLADO, TIPO CANEQUINHA, COM COMPRESSOR DE AR REBOCÁVEL VAZÃO 89 PCM E MOTOR DIESEL DE 20 CV - MANUTENÇÃO. AF_06/2015","H",5.19]
[90667,"PROJETOR PNEUMÁTICO DE ARGAMASSA PARA CHAPISCO E REBOCO COM RECIPIENTE ACOPLADO, TIPO CANEQUINHA, COM COMPRESSOR DE AR REBOCÁVEL VAZÃO 89 PCM E MOTOR DIESEL DE 20 CV - MATERIAIS NA OPERAÇÃO. AF_06/2015","H",10.67]
[90670,"PERFURATRIZ COM TORRE METÁLICA PARA EXECUÇÃO DE ESTACA HÉLICE CONTÍNUA, PROFUNDIDADE MÁXIMA DE 30 M, DIÂMETRO MÁXIMO DE 800 MM, POTÊNCIA INSTALADA DE 268 HP, MESA ROTATIVA COM TORQUE MÁXIMO DE 170 KNM - DEPRECIAÇÃO. AF_06/2015","H",143.87]
[90671,"PERFURATRIZ COM TORRE METÁLICA PARA EXECUÇÃO DE ESTACA HÉLICE CONTÍNUA, PROFUNDIDADE MÁXIMA DE 30 M, DIÂMETRO MÁXIMO DE 800 MM, POTÊNCIA INSTALADA DE 268 HP, MESA ROTATIVA COM TORQUE MÁXIMO DE 170 KNM - JUROS. AF_06/2015","H",19.97]
[90672,"PERFURATRIZ COM TORRE METÁLICA PARA EXECUÇÃO DE ESTACA HÉLICE CONTÍNUA, PROFUNDIDADE MÁXIMA DE 30 M, DIÂMETRO MÁXIMO DE 800 MM, POTÊNCIA INSTALADA DE 268 HP, MESA ROTATIVA COM TORQUE MÁXIMO DE 170 KNM - MANUTENÇÃO. AF_06/2015","H",180.04]
[90673,"PERFURATRIZ COM TORRE METÁLICA PARA EXECUÇÃO DE ESTACA HÉLICE CONTÍNUA, PROFUNDIDADE MÁXIMA DE 30 M, DIÂMETRO MÁXIMO DE 800 MM, POTÊNCIA INSTALADA DE 268 HP, MESA ROTATIVA COM TORQUE MÁXIMO DE 170 KNM - MATERIAIS NA OPERAÇÃO. AF_06/2015","H",85.4]
[90676,"PERFURATRIZ HIDRÁULICA SOBRE CAMINHÃO COM TRADO CURTO ACOPLADO, PROFUNDIDADE MÁXIMA DE 20 M, DIÂMETRO MÁXIMO DE 1500 MM, POTÊNCIA INSTALADA DE 137 HP, MESA ROTATIVA COM TORQUE MÁXIMO DE 30 KNM - DEPRECIAÇÃO. AF_06/2015","H",74.66]
[90677,"PERFURATRIZ HIDRÁULICA SOBRE CAMINHÃO COM TRADO CURTO ACOPLADO, PROFUNDIDADE MÁXIMA DE 20 M, DIÂMETRO MÁXIMO DE 1500 MM, POTÊNCIA INSTALADA DE 137 HP, MESA ROTATIVA COM TORQUE MÁXIMO DE 30 KNM - JUROS. AF_06/2015","H",10.36]
[90678,"PERFURATRIZ HIDRÁULICA SOBRE CAMINHÃO COM TRADO CURTO ACOPLADO, PROFUNDIDADE MÁXIMA DE 20 M, DIÂMETRO MÁXIMO DE 1500 MM, POTÊNCIA INSTALADA DE 137 HP, MESA ROTATIVA COM TORQUE MÁXIMO DE 30 KNM - MANUTENÇÃO. AF_06/2015","H",93.43]
[90679,"PERFURATRIZ HIDRÁULICA SOBRE CAMINHÃO COM TRADO CURTO ACOPLADO, PROFUNDIDADE MÁXIMA DE 20 M, DIÂMETRO MÁXIMO DE 1500 MM, POTÊNCIA INSTALADA DE 137 HP, MESA ROTATIVA COM TORQUE MÁXIMO DE 30 KNM - MATERIAIS NA OPERAÇÃO. AF_06/2015","H",65.45]
[90682,"MANIPULADOR TELESCÓPICO, POTÊNCIA DE 85 HP, CAPACIDADE DE CARGA DE 3.500 KG, ALTURA MÁXIMA DE ELEVAÇÃO DE 12,3 M - DEPRECIAÇÃO. AF_06/2015","H",25.68]
[90683,"MANIPULADOR TELESCÓPICO, POTÊNCIA DE 85 HP, CAPACIDADE DE CARGA DE 3.500 KG, ALTURA MÁXIMA DE ELEVAÇÃO DE 12,3 M - JUROS. AF_06/2015","H",3.04]
[90684,"MANIPULADOR TELESCÓPICO, POTÊNCIA DE 85 HP, CAPACIDADE DE CARGA DE 3.500 KG, ALTURA MÁXIMA DE ELEVAÇÃO DE 12,3 M - MANUTENÇÃO. AF_06/2015","H",28.09]
[90685,"MANIPULADOR TELESCÓPICO, POTÊNCIA DE 85 HP, CAPACIDADE DE CARGA DE 3.500 KG, ALTURA MÁXIMA DE ELEVAÇÃO DE 12,3 M - MATERIAIS NA OPERAÇÃO. AF_06/2015","H",40.6]
[90688,"MINICARREGADEIRA SOBRE RODAS, POTÊNCIA LÍQUIDA DE 47 HP, CAPACIDADE NOMINAL DE OPERAÇÃO DE 646 KG - DEPRECIAÇÃO. AF_06/2015","H",20.399999999999999]
[90689,"MINICARREGADEIRA SOBRE RODAS, POTÊNCIA LÍQUIDA DE 47 HP, CAPACIDADE NOMINAL DE OPERAÇÃO DE 646 KG - JUROS. AF_06/2015","H",2.06]
[90690,"MINICARREGADEIRA SOBRE RODAS, POTÊNCIA LÍQUIDA DE 47 HP, CAPACIDADE NOMINAL DE OPERAÇÃO DE 646 KG - MANUTENÇÃO. AF_06/2015","H",25.5]
[90691,"MINICARREGADEIRA SOBRE RODAS, POTÊNCIA LÍQUIDA DE 47 HP, CAPACIDADE NOMINAL DE OPERAÇÃO DE 646 KG - MATERIAIS NA OPERAÇÃO. AF_06/2015","H",37.4]
[90957,"COMPRESSOR DE AR REBOCÁVEL, VAZÃO 189 PCM, PRESSÃO EFETIVA DE TRABALHO 102 PSI, MOTOR DIESEL, POTÊNCIA 63 CV - DEPRECIAÇÃO. AF_06/2015","H",2.93]
[90958,"COMPRESSOR DE AR REBOCÁVEL, VAZÃO 189 PCM, PRESSÃO EFETIVA DE TRABALHO 102 PSI, MOTOR DIESEL, POTÊNCIA 63 CV - JUROS. AF_06/2015","H",0.4]
[90960,"COMPRESSOR DE AR REBOCÁVEL, VAZÃO 89 PCM, PRESSÃO EFETIVA DE TRABALHO 102 PSI, MOTOR DIESEL, POTÊNCIA 20 CV - DEPRECIAÇÃO. AF_06/2015","H",3.92]
[90961,"COMPRESSOR DE AR REBOCÁVEL, VAZÃO 89 PCM, PRESSÃO EFETIVA DE TRABALHO 102 PSI, MOTOR DIESEL, POTÊNCIA 20 CV - JUROS. AF_06/2015","H",0.54]
[90962,"COMPRESSOR DE AR REBOCÁVEL, VAZÃO 89 PCM, PRESSÃO EFETIVA DE TRABALHO 102 PSI, MOTOR DIESEL, POTÊNCIA 20 CV - MANUTENÇÃO. AF_06/2015","H",4.9000000000000004]
[90963,"COMPRESSOR DE AR REBOCÁVEL, VAZÃO 89 PCM, PRESSÃO EFETIVA DE TRABALHO 102 PSI, MOTOR DIESEL, POTÊNCIA 20 CV - MATERIAIS NA OPERAÇÃO. AF_06/2015","H",10.67]
[90968,"COMPRESSOR DE AR REBOCAVEL, VAZÃO 250 PCM, PRESSAO DE TRABALHO 102 PSI, MOTOR A DIESEL POTÊNCIA 81 CV - DEPRECIAÇÃO. AF_06/2015","H",3.93]
[90969,"COMPRESSOR DE AR REBOCAVEL, VAZÃO 250 PCM, PRESSAO DE TRABALHO 102 PSI, MOTOR A DIESEL POTÊNCIA 81 CV - JUROS. AF_06/2015","H",0.54]
[90970,"COMPRESSOR DE AR REBOCAVEL, VAZÃO 250 PCM, PRESSAO DE TRABALHO 102 PSI, MOTOR A DIESEL POTÊNCIA 81 CV - MANUTENÇÃO. AF_06/2015","H",4.92]
[90971,"COMPRESSOR DE AR REBOCAVEL, VAZÃO 250 PCM, PRESSAO DE TRABALHO 102 PSI, MOTOR A DIESEL POTÊNCIA 81 CV - MATERIAIS NA OPERAÇÃO. AF_06/2015","H",43.25]
[90975,"COMPRESSOR DE AR REBOCÁVEL, VAZÃO 748 PCM, PRESSÃO EFETIVA DE TRABALHO 102 PSI, MOTOR DIESEL, POTÊNCIA 210 CV - DEPRECIAÇÃO. AF_06/2015","H",9.98]
[90976,"COMPRESSOR DE AR REBOCÁVEL, VAZÃO 748 PCM, PRESSÃO EFETIVA DE TRABALHO 102 PSI, MOTOR DIESEL, POTÊNCIA 210 CV - JUROS. AF_06/2015","H",1.38]
[90977,"COMPRESSOR DE AR REBOCÁVEL, VAZÃO 748 PCM, PRESSÃO EFETIVA DE TRABALHO 102 PSI, MOTOR DIESEL, POTÊNCIA 210 CV - MANUTENÇÃO. AF_06/2015","H",12.49]
[90978,"COMPRESSOR DE AR REBOCÁVEL, VAZÃO 748 PCM, PRESSÃO EFETIVA DE TRABALHO 102 PSI, MOTOR DIESEL, POTÊNCIA 210 CV - MATERIAIS NA OPERAÇÃO. AF_06/2015","H",112.21]
[90992,"COMPRESSOR DE AR REBOCAVEL, VAZÃO 400 PCM, PRESSAO DE TRABALHO 102 PSI, MOTOR A DIESEL POTÊNCIA 110 CV - DEPRECIAÇÃO. AF_06/2015","H",4.66]
[90993,"COMPRESSOR DE AR REBOCAVEL, VAZÃO 400 PCM, PRESSAO DE TRABALHO 102 PSI, MOTOR A DIESEL POTÊNCIA 110 CV - JUROS. AF_06/2015","H",0.64]
[90994,"COMPRESSOR DE AR REBOCAVEL, VAZÃO 400 PCM, PRESSAO DE TRABALHO 102 PSI, MOTOR A DIESEL POTÊNCIA 110 CV - MANUTENÇÃO. AF_06/2015","H",5.83]
[90995,"COMPRESSOR DE AR REBOCAVEL, VAZÃO 400 PCM, PRESSAO DE TRABALHO 102 PSI, MOTOR A DIESEL POTÊNCIA 110 CV - MATERIAIS NA OPERAÇÃO. AF_06/2015","H",58.75]
[91021,"PERFURATRIZ HIDRÁULICA SOBRE CAMINHÃO COM TRADO CURTO ACOPLADO, PROFUNDIDADE MÁXIMA DE 20 M, DIÂMETRO MÁXIMO DE 1500 MM, POTÊNCIA INSTALADA DE 137 HP, MESA ROTATIVA COM TORQUE MÁXIMO DE 30 KNM - IMPOSTOS E SEGUROS. AF_06/2015","H",4.0599999999999996]
[91026,"CAMINHÃO TRUCADO (C/ TERCEIRO EIXO) ELETRÔNICO - POTÊNCIA 231CV - PBT = 22000KG - DIST. ENTRE EIXOS 5170 MM - INCLUI CARROCERIA FIXA ABERTA DE MADEIRA - DEPRECIAÇÃO. AF_06/2015","H",13.42]
[91027,"CAMINHÃO TRUCADO (C/ TERCEIRO EIXO) ELETRÔNICO - POTÊNCIA 231CV - PBT = 22000KG - DIST. ENTRE EIXOS 5170 MM - INCLUI CARROCERIA FIXA ABERTA DE MADEIRA - JUROS. AF_06/2015","H",2.81]
[91028,"CAMINHÃO TRUCADO (C/ TERCEIRO EIXO) ELETRÔNICO - POTÊNCIA 231CV - PBT = 22000KG - DIST. ENTRE EIXOS 5170 MM - INCLUI CARROCERIA FIXA ABERTA DE MADEIRA - IMPOSTOS E SEGUROS. AF_06/2015","H",1.0900000000000001]
[91029,"CAMINHÃO TRUCADO (C/ TERCEIRO EIXO) ELETRÔNICO - POTÊNCIA 231CV - PBT = 22000KG - DIST. ENTRE EIXOS 5170 MM - INCLUI CARROCERIA FIXA ABERTA DE MADEIRA - MANUTENÇÃO. AF_06/2015","H",25.17]
[91030,"CAMINHÃO TRUCADO (C/ TERCEIRO EIXO) ELETRÔNICO - POTÊNCIA 231CV - PBT = 22000KG - DIST. ENTRE EIXOS 5170 MM - INCLUI CARROCERIA FIXA ABERTA DE MADEIRA - MATERIAIS NA OPERAÇÃO. AF_06/2015","H",101.62]
[91273,"PLACA VIBRATÓRIA REVERSÍVEL COM MOTOR 4 TEMPOS A GASOLINA, FORÇA CENTRÍFUGA DE 25 KN (2500 KGF), POTÊNCIA 5,5 CV - DEPRECIAÇÃO. AF_08/2015","H",0.47]
[91274,"PLACA VIBRATÓRIA REVERSÍVEL COM MOTOR 4 TEMPOS A GASOLINA, FORÇA CENTRÍFUGA DE 25 KN (2500 KGF), POTÊNCIA 5,5 CV - JUROS. AF_08/2015","H",0.06]
[91275,"PLACA VIBRATÓRIA REVERSÍVEL COM MOTOR 4 TEMPOS A GASOLINA, FORÇA CENTRÍFUGA DE 25 KN (2500 KGF), POTÊNCIA 5,5 CV - MANUTENÇÃO. AF_08/2015","H",0.59]
[91276,"PLACA VIBRATÓRIA REVERSÍVEL COM MOTOR 4 TEMPOS A GASOLINA, FORÇA CENTRÍFUGA DE 25 KN (2500 KGF), POTÊNCIA 5,5 CV - MATERIAIS NA OPERAÇÃO. AF_08/2015","H",8.0500000000000007]
[91279,"CORTADORA DE PISO COM MOTOR 4 TEMPOS A GASOLINA, POTÊNCIA DE 13 HP, COM DISCO DE CORTE DIAMANTADO SEGMENTADO PARA CONCRETO, DIÂMETRO DE 350 MM, FURO DE 1\" (14 X 1\") - DEPRECIAÇÃO. AF_08/2015","H",0.72]
[91280,"CORTADORA DE PISO COM MOTOR 4 TEMPOS A GASOLINA, POTÊNCIA DE 13 HP, COM DISCO DE CORTE DIAMANTADO SEGMENTADO PARA CONCRETO, DIÂMETRO DE 350 MM, FURO DE 1\" (14 X 1\") - JUROS. AF_08/2015","H",0.08]
[91281,"CORTADORA DE PISO COM MOTOR 4 TEMPOS A GASOLINA, POTÊNCIA DE 13 HP, COM DISCO DE CORTE DIAMANTADO SEGMENTADO PARA CONCRETO, DIÂMETRO DE 350 MM, FURO DE 1\" (14 X 1\") - MANUTENÇÃO. AF_08/2015","H",0.9]
[91282,"CORTADORA DE PISO COM MOTOR 4 TEMPOS A GASOLINA, POTÊNCIA DE 13 HP, COM DISCO DE CORTE DIAMANTADO SEGMENTADO PARA CONCRETO, DIÂMETRO DE 350 MM, FURO DE 1\" (14 X 1\") - MATERIAIS NA OPERAÇÃO. AF_08/2015","H",19.239999999999998]
[91354,"CAMINHÃO TOCO, PESO BRUTO TOTAL 14.300 KG, CARGA ÚTIL MÁXIMA 9590 KG, DISTÂNCIA ENTRE EIXOS 4,76 M, POTÊNCIA 185 CV (NÃO INCLUI CARROCERIA) - DEPRECIAÇÃO. AF_06/2014","H",10.45]
[91355,"CAMINHÃO TOCO, PESO BRUTO TOTAL 14.300 KG, CARGA ÚTIL MÁXIMA 9590 KG, DISTÂNCIA ENTRE EIXOS 4,76 M, POTÊNCIA 185 CV (NÃO INCLUI CARROCERIA) - JUROS. AF_06/2014","H",2.19]
[91356,"CAMINHÃO TOCO, PESO BRUTO TOTAL 14.300 KG, CARGA ÚTIL MÁXIMA 9590 KG, DISTÂNCIA ENTRE EIXOS 4,76 M, POTÊNCIA 185 CV (NÃO INCLUI CARROCERIA) - IMPOSTOS E SEGUROS. AF_06/2014","H",0.85]
[91359,"CAMINHÃO PIPA 6.000 L, PESO BRUTO TOTAL 13.000 KG, DISTÂNCIA ENTRE EIXOS 4,80 M, POTÊNCIA 189 CV INCLUSIVE TANQUE DE AÇO PARA TRANSPORTE DE ÁGUA, CAPACIDADE 6 M3 - DEPRECIAÇÃO. AF_06/2014","H",11.81]
[91360,"CAMINHÃO PIPA 6.000 L, PESO BRUTO TOTAL 13.000 KG, DISTÂNCIA ENTRE EIXOS 4,80 M, POTÊNCIA 189 CV INCLUSIVE TANQUE DE AÇO PARA TRANSPORTE DE ÁGUA, CAPACIDADE 6 M3 - JUROS. AF_06/2014","H",2.4700000000000002]
[91361,"CAMINHÃO PIPA 6.000 L, PESO BRUTO TOTAL 13.000 KG, DISTÂNCIA ENTRE EIXOS 4,80 M, POTÊNCIA 189 CV INCLUSIVE TANQUE DE AÇO PARA TRANSPORTE DE ÁGUA, CAPACIDADE 6 M3 - IMPOSTOS E SEGUROS. AF_06/2014","H",0.95]
[91367,"CAMINHÃO BASCULANTE 6 M3, PESO BRUTO TOTAL 16.000 KG, CARGA ÚTIL MÁXIMA 13.071 KG, DISTÂNCIA ENTRE EIXOS 4,80 M, POTÊNCIA 230 CV INCLUSIVE CAÇAMBA METÁLICA - DEPRECIAÇÃO. AF_06/2014","H",15.19]
[91368,"CAMINHÃO BASCULANTE 6 M3, PESO BRUTO TOTAL 16.000 KG, CARGA ÚTIL MÁXIMA 13.071 KG, DISTÂNCIA ENTRE EIXOS 4,80 M, POTÊNCIA 230 CV INCLUSIVE CAÇAMBA METÁLICA - JUROS. AF_06/2014","H",2.8]
[91369,"CAMINHÃO BASCULANTE 6 M3, PESO BRUTO TOTAL 16.000 KG, CARGA ÚTIL MÁXIMA 13.071 KG, DISTÂNCIA ENTRE EIXOS 4,80 M, POTÊNCIA 230 CV INCLUSIVE CAÇAMBA METÁLICA - IMPOSTOS E SEGUROS. AF_06/2014","H",1.0900000000000001]
[91375,"CAMINHÃO TOCO, PESO BRUTO TOTAL 16.000 KG, CARGA ÚTIL MÁXIMA DE 10.685 KG, DISTÂNCIA ENTRE EIXOS 4,80 M, POTÊNCIA 189 CV EXCLUSIVE CARROCERIA - DEPRECIAÇÃO. AF_06/2014","H",8.8000000000000007]
[91376,"CAMINHÃO TOCO, PESO BRUTO TOTAL 16.000 KG, CARGA ÚTIL MÁXIMA DE 10.685 KG, DISTÂNCIA ENTRE EIXOS 4,80 M, POTÊNCIA 189 CV EXCLUSIVE CARROCERIA - JUROS. AF_06/2014","H",1.84]
[91377,"CAMINHÃO TOCO, PESO BRUTO TOTAL 16.000 KG, CARGA ÚTIL MÁXIMA DE 10.685 KG, DISTÂNCIA ENTRE EIXOS 4,80 M, POTÊNCIA 189 CV EXCLUSIVE CARROCERIA - IMPOSTOS E SEGUROS. AF_06/2014","H",0.71]
[91380,"CAMINHÃO BASCULANTE 10 M3, TRUCADO CABINE SIMPLES, PESO BRUTO TOTAL 23.000 KG, CARGA ÚTIL MÁXIMA 15.935 KG, DISTÂNCIA ENTRE EIXOS 4,80 M, POTÊNCIA 230 CV INCLUSIVE CAÇAMBA METÁLICA - DEPRECIAÇÃO. AF_06/2014","H",17.13]
[91381,"CAMINHÃO BASCULANTE 10 M3, TRUCADO CABINE SIMPLES, PESO BRUTO TOTAL 23.000 KG, CARGA ÚTIL MÁXIMA 15.935 KG, DISTÂNCIA ENTRE EIXOS 4,80 M, POTÊNCIA 230 CV INCLUSIVE CAÇAMBA METÁLICA - JUROS. AF_06/2014","H",3.16]
[91382,"CAMINHÃO BASCULANTE 10 M3, TRUCADO CABINE SIMPLES, PESO BRUTO TOTAL 23.000 KG, CARGA ÚTIL MÁXIMA 15.935 KG, DISTÂNCIA ENTRE EIXOS 4,80 M, POTÊNCIA 230 CV INCLUSIVE CAÇAMBA METÁLICA - IMPOSTOS E SEGUROS. AF_06/2014","H",1.23]
[91383,"CAMINHÃO BASCULANTE 10 M3, TRUCADO CABINE SIMPLES, PESO BRUTO TOTAL 23.000 KG, CARGA ÚTIL MÁXIMA 15.935 KG, DISTÂNCIA ENTRE EIXOS 4,80 M, POTÊNCIA 230 CV INCLUSIVE CAÇAMBA METÁLICA - MANUTENÇÃO. AF_06/2014","H",32.130000000000003]
[91384,"CAMINHÃO BASCULANTE 10 M3, TRUCADO CABINE SIMPLES, PESO BRUTO TOTAL 23.000 KG, CARGA ÚTIL MÁXIMA 15.935 KG, DISTÂNCIA ENTRE EIXOS 4,80 M, POTÊNCIA 230 CV INCLUSIVE CAÇAMBA METÁLICA - MATERIAIS NA OPERAÇÃO. AF_06/2014","H",101.19]
[91390,"CAMINHÃO TOCO, PBT 14.300 KG, CARGA ÚTIL MÁX. 9.710 KG, DIST. ENTRE EIXOS 3,56 M, POTÊNCIA 185 CV, INCLUSIVE CARROCERIA FIXA ABERTA DE MADEIRA P/ TRANSPORTE GERAL DE CARGA SECA, DIMEN. APROX. 2,50 X 6,50 X 0,50 M - DEPRECIAÇÃO. AF_06/2014","H",11.26]
[91391,"CAMINHÃO TOCO, PBT 14.300 KG, CARGA ÚTIL MÁX. 9.710 KG, DIST. ENTRE EIXOS 3,56 M, POTÊNCIA 185 CV, INCLUSIVE CARROCERIA FIXA ABERTA DE MADEIRA P/ TRANSPORTE GERAL DE CARGA SECA, DIMEN. APROX. 2,50 X 6,50 X 0,50 M - JUROS. AF_06/2014","H",2.36]
[91392,"CAMINHÃO TOCO, PBT 14.300 KG, CARGA ÚTIL MÁX. 9.710 KG, DIST. ENTRE EIXOS 3,56 M, POTÊNCIA 185 CV, INCLUSIVE CARROCERIA FIXA ABERTA DE MADEIRA P/ TRANSPORTE GERAL DE CARGA SECA, DIMEN. APROX. 2,50 X 6,50 X 0,50 M - IMPOSTOS E SEGUROS. AF_06/2014","H",0.91]
[91396,"CAMINHÃO PIPA 10.000 L TRUCADO, PESO BRUTO TOTAL 23.000 KG, CARGA ÚTIL MÁXIMA 15.935 KG, DISTÂNCIA ENTRE EIXOS 4,8 M, POTÊNCIA 230 CV, INCLUSIVE TANQUE DE AÇO PARA TRANSPORTE DE ÁGUA - DEPRECIAÇÃO. AF_06/2014","H",15.16]
[91397,"CAMINHÃO PIPA 10.000 L TRUCADO, PESO BRUTO TOTAL 23.000 KG, CARGA ÚTIL MÁXIMA 15.935 KG, DISTÂNCIA ENTRE EIXOS 4,8 M, POTÊNCIA 230 CV, INCLUSIVE TANQUE DE AÇO PARA TRANSPORTE DE ÁGUA - JUROS. AF_06/2014","H",3.17]
[91398,"CAMINHÃO PIPA 10.000 L TRUCADO, PESO BRUTO TOTAL 23.000 KG, CARGA ÚTIL MÁXIMA 15.935 KG, DISTÂNCIA ENTRE EIXOS 4,8 M, POTÊNCIA 230 CV, INCLUSIVE TANQUE DE AÇO PARA TRANSPORTE DE ÁGUA - IMPOSTOS E SEGUROS. AF_06/2014","H",1.23]
[91402,"CAMINHÃO BASCULANTE 6 M3 TOCO, PESO BRUTO TOTAL 16.000 KG, CARGA ÚTIL MÁXIMA 11.130 KG, DISTÂNCIA ENTRE EIXOS 5,36 M, POTÊNCIA 185 CV, INCLUSIVE CAÇAMBA METÁLICA - IMPOSTOS E SEGUROS. AF_06/2014","H",1.04]
[91466,"GUINDAUTO HIDRÁULICO, CAPACIDADE MÁXIMA DE CARGA 6200 KG, MOMENTO MÁXIMO DE CARGA 11,7 TM, ALCANCE MÁXIMO HORIZONTAL 9,70 M, INCLUSIVE CAMINHÃO TOCO PBT 16.000 KG, POTÊNCIA DE 189 CV - IMPOSTOS E SEGUROS. AF_08/2015","H",0.95]
[91467,"GUINDAUTO HIDRÁULICO, CAPACIDADE MÁXIMA DE CARGA 6200 KG, MOMENTO MÁXIMO DE CARGA 11,7 TM, ALCANCE MÁXIMO HORIZONTAL 9,70 M, INCLUSIVE CAMINHÃO TOCO PBT 16.000 KG, POTÊNCIA DE 189 CV - MATERIAIS NA OPERAÇÃO. AF_08/2015","H",112.85]
[91468,"ESPARGIDOR DE ASFALTO PRESSURIZADO, TANQUE 6 M3 COM ISOLAÇÃO TÉRMICA, AQUECIDO COM 2 MAÇARICOS, COM BARRA ESPARGIDORA 3,60 M, MONTADO SOBRE CAMINHÃO  TOCO, PBT 14.300 KG, POTÊNCIA 185 CV - DEPRECIAÇÃO. AF_08/2015","H",16.059999999999999]
[91469,"ESPARGIDOR DE ASFALTO PRESSURIZADO, TANQUE 6 M3 COM ISOLAÇÃO TÉRMICA, AQUECIDO COM 2 MAÇARICOS, COM BARRA ESPARGIDORA 3,60 M, MONTADO SOBRE CAMINHÃO  TOCO, PBT 14.300 KG, POTÊNCIA 185 CV - JUROS. AF_08/2015","H",3.46]
[91484,"ESPARGIDOR DE ASFALTO PRESSURIZADO, TANQUE 6 M3 COM ISOLAÇÃO TÉRMICA, AQUECIDO COM 2 MAÇARICOS, COM BARRA ESPARGIDORA 3,60 M, MONTADO SOBRE CAMINHÃO  TOCO, PBT 14.300 KG, POTÊNCIA 185 CV - IMPOSTOS E SEGUROS. AF_08/2015","H",1.1000000000000001]
[91485,"ESPARGIDOR DE ASFALTO PRESSURIZADO, TANQUE 6 M3 COM ISOLAÇÃO TÉRMICA, AQUECIDO COM 2 MAÇARICOS, COM BARRA ESPARGIDORA 3,60 M, MONTADO SOBRE CAMINHÃO  TOCO, PBT 14.300 KG, POTÊNCIA 185 CV - MATERIAIS NA OPERAÇÃO. AF_08/2015","H",153.16]
[91529,"COMPACTADOR DE SOLOS DE PERCUSSÃO (SOQUETE) COM MOTOR A GASOLINA 4 TEMPOS, POTÊNCIA 4 CV - DEPRECIAÇÃO. AF_08/2015","H",0.7]
[91530,"COMPACTADOR DE SOLOS DE PERCUSSÃO (SOQUETE) COM MOTOR A GASOLINA 4 TEMPOS, POTÊNCIA 4 CV - JUROS. AF_08/2015","H",0.09]
[91531,"COMPACTADOR DE SOLOS DE PERCUSSÃO (SOQUETE) COM MOTOR A GASOLINA 4 TEMPOS, POTÊNCIA 4 CV - MANUTENÇÃO. AF_08/2015","H",0.88]
[91532,"COMPACTADOR DE SOLOS DE PERCUSSÃO (SOQUETE) COM MOTOR A GASOLINA 4 TEMPOS, POTÊNCIA 4 CV - MATERIAIS NA OPERAÇÃO. AF_08/2015","H",5.84]
[91629,"GUINDAUTO HIDRÁULICO, CAPACIDADE MÁXIMA DE CARGA 6500 KG, MOMENTO MÁXIMO DE CARGA 5,8 TM, ALCANCE MÁXIMO HORIZONTAL 7,60 M, INCLUSIVE CAMINHÃO TOCO PBT 9.700 KG, POTÊNCIA DE 160 CV - DEPRECIAÇÃO. AF_08/2015","H",10.89]
[91630,"GUINDAUTO HIDRÁULICO, CAPACIDADE MÁXIMA DE CARGA 6500 KG, MOMENTO MÁXIMO DE CARGA 5,8 TM, ALCANCE MÁXIMO HORIZONTAL 7,60 M, INCLUSIVE CAMINHÃO TOCO PBT 9.700 KG, POTÊNCIA DE 160 CV - JUROS. AF_08/2015","H",2.2799999999999998]
[91631,"GUINDAUTO HIDRÁULICO, CAPACIDADE MÁXIMA DE CARGA 6500 KG, MOMENTO MÁXIMO DE CARGA 5,8 TM, ALCANCE MÁXIMO HORIZONTAL 7,60 M, INCLUSIVE CAMINHÃO TOCO PBT 9.700 KG, POTÊNCIA DE 160 CV - IMPOSTOS E SEGUROS. AF_08/2015","H",0.88]
[91632,"GUINDAUTO HIDRÁULICO, CAPACIDADE MÁXIMA DE CARGA 6500 KG, MOMENTO MÁXIMO DE CARGA 5,8 TM, ALCANCE MÁXIMO HORIZONTAL 7,60 M, INCLUSIVE CAMINHÃO TOCO PBT 9.700 KG, POTÊNCIA DE 160 CV - MANUTENÇÃO. AF_08/2015","H",20.440000000000001]
[91633,"GUINDAUTO HIDRÁULICO, CAPACIDADE MÁXIMA DE CARGA 6500 KG, MOMENTO MÁXIMO DE CARGA 5,8 TM, ALCANCE MÁXIMO HORIZONTAL 7,60 M, INCLUSIVE CAMINHÃO TOCO PBT 9.700 KG, POTÊNCIA DE 160 CV - MATERIAIS NA OPERAÇÃO. AF_08/2015","H",95.51]
[91640,"CAMINHÃO DE TRANSPORTE DE MATERIAL ASFÁLTICO 30.000 L, COM CAVALO MECÂNICO DE CAPACIDADE MÁXIMA DE TRAÇÃO COMBINADO DE 66.000 KG, POTÊNCIA 360 CV, INCLUSIVE TANQUE DE ASFALTO COM SERPENTINA - DEPRECIAÇÃO. AF_08/2015","H",24.82]
[91641,"CAMINHÃO DE TRANSPORTE DE MATERIAL ASFÁLTICO 30.000 L, COM CAVALO MECÂNICO DE CAPACIDADE MÁXIMA DE TRAÇÃO COMBINADO DE 66.000 KG, POTÊNCIA 360 CV, INCLUSIVE TANQUE DE ASFALTO COM SERPENTINA - JUROS. AF_08/2015","H",5.2]
[91642,"CAMINHÃO DE TRANSPORTE DE MATERIAL ASFÁLTICO 30.000 L, COM CAVALO MECÂNICO DE CAPACIDADE MÁXIMA DE TRAÇÃO COMBINADO DE 66.000 KG, POTÊNCIA 360 CV, INCLUSIVE TANQUE DE ASFALTO COM SERPENTINA - IMPOSTOS E SEGUROS. AF_08/2015","H",2.02]
[91643,"CAMINHÃO DE TRANSPORTE DE MATERIAL ASFÁLTICO 30.000 L, COM CAVALO MECÂNICO DE CAPACIDADE MÁXIMA DE TRAÇÃO COMBINADO DE 66.000 KG, POTÊNCIA 360 CV, INCLUSIVE TANQUE DE ASFALTO COM SERPENTINA - MANUTENÇÃO. AF_08/2015","H",46.54]
[91644,"CAMINHÃO DE TRANSPORTE DE MATERIAL ASFÁLTICO 30.000 L, COM CAVALO MECÂNICO DE CAPACIDADE MÁXIMA DE TRAÇÃO COMBINADO DE 66.000 KG, POTÊNCIA 360 CV, INCLUSIVE TANQUE DE ASFALTO COM SERPENTINA - MATERIAIS NA OPERAÇÃO. AF_08/2015","H",214.95]
[91688,"SERRA CIRCULAR DE BANCADA COM MOTOR ELÉTRICO POTÊNCIA DE 5HP, COM COIFA PARA DISCO 10\" - DEPRECIAÇÃO. AF_08/2015","H",0.08]
[91689,"SERRA CIRCULAR DE BANCADA COM MOTOR ELÉTRICO POTÊNCIA DE 5HP, COM COIFA PARA DISCO 10\" - JUROS. AF_08/2015","H",0.01]
[91690,"SERRA CIRCULAR DE BANCADA COM MOTOR ELÉTRICO POTÊNCIA DE 5HP, COM COIFA PARA DISCO 10\" - MANUTENÇÃO. AF_08/2015","H",0.05]
[91691,"SERRA CIRCULAR DE BANCADA COM MOTOR ELÉTRICO POTÊNCIA DE 5HP, COM COIFA PARA DISCO 10\" - MATERIAIS NA OPERAÇÃO. AF_08/2015","H",3.13]
[92040,"DISTRIBUIDOR DE AGREGADOS REBOCAVEL, CAPACIDADE 1,9 M³, LARGURA DE TRABALHO 3,66 M - DEPRECIAÇÃO. AF_11/2015","H",4.67]
[92041,"DISTRIBUIDOR DE AGREGADOS REBOCAVEL, CAPACIDADE 1,9 M³, LARGURA DE TRABALHO 3,66 M - JUROS. AF_11/2015","H",0.49]
[92042,"DISTRIBUIDOR DE AGREGADOS REBOCAVEL, CAPACIDADE 1,9 M³, LARGURA DE TRABALHO 3,66 M - MANUTENÇÃO. AF_11/2015","H",3.89]
[92101,"CAMINHÃO PARA EQUIPAMENTO DE LIMPEZA A SUCÇÃO COM CAMINHÃO TRUCADO DE PESO BRUTO TOTAL 23000 KG, CARGA ÚTIL MÁXIMA 15935 KG, DISTÂNCIA ENTRE EIXOS 4,80 M, POTÊNCIA 230 CV, INCLUSIVE LIMPADORA A SUCÇÃO, TANQUE 12000 L - DEPRECIAÇÃO. AF_11/2015","H",17.11]
[92102,"CAMINHÃO PARA EQUIPAMENTO DE LIMPEZA A SUCÇÃO COM CAMINHÃO TRUCADO DE PESO BRUTO TOTAL 23000 KG, CARGA ÚTIL MÁXIMA 15935 KG, DISTÂNCIA ENTRE EIXOS 4,80 M, POTÊNCIA 230 CV, INCLUSIVE LIMPADORA A SUCÇÃO, TANQUE 12000 L - JUROS. AF_11/2015","H",3.58]
[92103,"CAMINHÃO PARA EQUIPAMENTO DE LIMPEZA A SUCÇÃO COM CAMINHÃO TRUCADO DE PESO BRUTO TOTAL 23000 KG, CARGA ÚTIL MÁXIMA 15935 KG, DISTÂNCIA ENTRE EIXOS 4,80 M, POTÊNCIA 230 CV, INCLUSIVE LIMPADORA A SUCÇÃO, TANQUE 12000 L - IMPOSTOS E SEGUROS. AF_11/2015","H",1.39]
[92104,"CAMINHÃO PARA EQUIPAMENTO DE LIMPEZA A SUCÇÃO COM CAMINHÃO TRUCADO DE PESO BRUTO TOTAL 23000 KG, CARGA ÚTIL MÁXIMA 15935 KG, DISTÂNCIA ENTRE EIXOS 4,80 M, POTÊNCIA 230 CV, INCLUSIVE LIMPADORA A SUCÇÃO, TANQUE 12000 L - MANUTENÇÃO. AF_11/2015","H",32.08]
[92105,"CAMINHÃO PARA EQUIPAMENTO DE LIMPEZA A SUCÇÃO COM CAMINHÃO TRUCADO DE PESO BRUTO TOTAL 23000 KG, CARGA ÚTIL MÁX. 15935 KG, DISTÂNCIA ENTRE EIXOS 4,80 M, POTÊNCIA 230 CV, INCLUSIVE LIMPADORA A SUCÇÃO, TANQUE 12000 L - MATERIAIS NA OPERAÇÃO. AF_11/2015","H",137.32]
[92108,"PENEIRA ROTATIVA COM MOTOR ELÉTRICO TRIFÁSICO DE 2 CV, CILINDRO DE 1 M X 0,60 M, COM FUROS DE 3,17 MM - DEPRECIAÇÃO. AF_11/2015","H",0.86]
[92109,"PENEIRA ROTATIVA COM MOTOR ELÉTRICO TRIFÁSICO DE 2 CV, CILINDRO DE 1 M X 0,60 M, COM FUROS DE 3,17 MM - JUROS. AF_11/2015","H",0.1]
[92110,"PENEIRA ROTATIVA COM MOTOR ELÉTRICO TRIFÁSICO DE 2 CV, CILINDRO DE 1 M X 0,60 M, COM FUROS DE 3,17 MM - MANUTENÇÃO. AF_11/2015","H",0.67]
[92111,"PENEIRA ROTATIVA COM MOTOR ELÉTRICO TRIFÁSICO DE 2 CV, CILINDRO DE 1 M X 0,60 M, COM FUROS DE 3,17 MM - MATERIAIS NA OPERAÇÃO. AF_11/2015","H",1.23]
[92114,"DOSADOR DE AREIA, CAPACIDADE DE 26 LITROS - DEPRECIAÇÃO. AF_11/2015","H",0.09]
[92115,"DOSADOR DE AREIA, CAPACIDADE DE 26 LITROS - JUROS. AF_11/2015","H",0.01]
[92116,"DOSADOR DE AREIA, CAPACIDADE DE 26 LITROS - MANUTENÇÃO. AF_11/2015","H",0.12]
[92133,"CAMINHONETE COM MOTOR A DIESEL, POTÊNCIA 180 CV, CABINE DUPLA, 4X4 - DEPRECIAÇÃO. AF_11/2015","H",9.1]
[92134,"CAMINHONETE COM MOTOR A DIESEL, POTÊNCIA 180 CV, CABINE DUPLA, 4X4 - JUROS. AF_11/2015","H",1.44]
[92135,"CAMINHONETE COM MOTOR A DIESEL, POTÊNCIA 180 CV, CABINE DUPLA, 4X4 - IMPOSTOS E SEGUROS. AF_11/2015","H",0.56000000000000005]
[92136,"CAMINHONETE COM MOTOR A DIESEL, POTÊNCIA 180 CV, CABINE DUPLA, 4X4 - MANUTENÇÃO. AF_11/2015","H",11.38]
[92137,"CAMINHONETE COM MOTOR A DIESEL, POTÊNCIA 180 CV, CABINE DUPLA, 4X4 - MATERIAIS NA OPERAÇÃO. AF_11/2015","H",28.26]
[92140,"CAMINHONETE CABINE SIMPLES COM MOTOR 1.6 FLEX, CÂMBIO MANUAL, POTÊNCIA 101/104 CV, 2 PORTAS - DEPRECIAÇÃO. AF_11/2015","H",2.77]
[92141,"CAMINHONETE CABINE SIMPLES COM MOTOR 1.6 FLEX, CÂMBIO MANUAL, POTÊNCIA 101/104 CV, 2 PORTAS - JUROS. AF_11/2015","H",0.43]
[92142,"CAMINHONETE CABINE SIMPLES COM MOTOR 1.6 FLEX, CÂMBIO MANUAL, POTÊNCIA 101/104 CV, 2 PORTAS - IMPOSTOS E SEGUROS. AF_11/2015","H",0.17]
[92143,"CAMINHONETE CABINE SIMPLES COM MOTOR 1.6 FLEX, CÂMBIO MANUAL, POTÊNCIA 101/104 CV, 2 PORTAS - MANUTENÇÃO. AF_11/2015","H",3.47]
[92144,"CAMINHONETE CABINE SIMPLES COM MOTOR 1.6 FLEX, CÂMBIO MANUAL, POTÊNCIA 101/104 CV, 2 PORTAS - MATERIAIS NA OPERAÇÃO. AF_11/2015","H",37.93]
[92237,"CAMINHÃO DE TRANSPORTE DE MATERIAL ASFÁLTICO 20.000 L, COM CAVALO MECÂNICO DE CAPACIDADE MÁXIMA DE TRAÇÃO COMBINADO DE 45.000 KG, POTÊNCIA 330 CV, INCLUSIVE TANQUE DE ASFALTO COM MAÇARICO - DEPRECIAÇÃO. AF_12/2015","H",18.16]
[92238,"CAMINHÃO DE TRANSPORTE DE MATERIAL ASFÁLTICO 20.000 L, COM CAVALO MECÂNICO DE CAPACIDADE MÁXIMA DE TRAÇÃO COMBINADO DE 45.000 KG, POTÊNCIA 330 CV, INCLUSIVE TANQUE DE ASFALTO COM MAÇARICO - JUROS. AF_12/2015","H",3.81]
[92239,"CAMINHÃO DE TRANSPORTE DE MATERIAL ASFÁLTICO 20.000 L, COM CAVALO MECÂNICO DE CAPACIDADE MÁXIMA DE TRAÇÃO COMBINADO DE 45.000 KG, POTÊNCIA 330 CV, INCLUSIVE TANQUE DE ASFALTO COM MAÇARICO - IMPOSTOS E SEGUROS. AF_12/2015","H",1.47]
[92240,"CAMINHÃO DE TRANSPORTE DE MATERIAL ASFÁLTICO 20.000 L, COM CAVALO MECÂNICO DE CAPACIDADE MÁXIMA DE TRAÇÃO COMBINADO DE 45.000 KG, POTÊNCIA 330 CV, INCLUSIVE TANQUE DE ASFALTO COM MAÇARICO - MANUTENÇÃO. AF_12/2015","H",34.049999999999997]
[92241,"CAMINHÃO DE TRANSPORTE DE MATERIAL ASFÁLTICO 20.000 L, COM CAVALO MECÂNICO DE CAPACIDADE MÁXIMA DE TRAÇÃO COMBINADO DE 45.000 KG, POTÊNCIA 330 CV, INCLUSIVE TANQUE DE ASFALTO COM MAÇARICO - MATERIAIS NA OPERAÇÃO. AF_12/2015","H",197.06]
[92712,"APARELHO PARA CORTE E SOLDA OXI-ACETILENO SOBRE RODAS, INCLUSIVE CILINDROS E MAÇARICOS - DEPRECIAÇÃO. AF_12/2015","H",0.23]
[92713,"APARELHO PARA CORTE E SOLDA OXI-ACETILENO SOBRE RODAS, INCLUSIVE CILINDROS E MAÇARICOS - JUROS. AF_12/2015","H",0.02]
[92714,"APARELHO PARA CORTE E SOLDA OXI-ACETILENO SOBRE RODAS, INCLUSIVE CILINDROS E MAÇARICOS - MANUTENÇÃO. AF_12/2015","H",0.28999999999999998]
[92715,"APARELHO PARA CORTE E SOLDA OXI-ACETILENO SOBRE RODAS, INCLUSIVE CILINDROS E MAÇARICOS - MATERIAIS NA OPERAÇÃO. AF_12/2015","H",25.79]
[92956,"MÁQUINA EXTRUSORA DE CONCRETO PARA GUIAS E SARJETAS, MOTOR A DIESEL, POTÊNCIA 14 CV - DEPRECIAÇÃO. AF_12/2015","H",2.14]
[92957,"MÁQUINA EXTRUSORA DE CONCRETO PARA GUIAS E SARJETAS, MOTOR A DIESEL, POTÊNCIA 14 CV - JUROS. AF_12/2015","H",0.25]
[92958,"MÁQUINA EXTRUSORA DE CONCRETO PARA GUIAS E SARJETAS, MOTOR A DIESEL, POTÊNCIA 14 CV - MANUTENÇÃO. AF_12/2015","H",2.34]
[92959,"MÁQUINA EXTRUSORA DE CONCRETO PARA GUIAS E SARJETAS, MOTOR A DIESEL, POTÊNCIA 14 CV - MATERIAIS NA OPERAÇÃO. AF_12/2015","H",6.61]
[92963,"MARTELO PERFURADOR PNEUMÁTICO MANUAL, HASTE 25 X 75 MM, 21 KG - DEPRECIAÇÃO. AF_12/2015","H",0.85]
[92964,"MARTELO PERFURADOR PNEUMÁTICO MANUAL, HASTE 25 X 75 MM, 21 KG - JUROS. AF_12/2015","H",0.1]
[92965,"MARTELO PERFURADOR PNEUMÁTICO MANUAL, HASTE 25 X 75 MM, 21 KG - MANUTENÇÃO. AF_12/2015","H",1.07]
[93220,"PERFURATRIZ COM TORRE METÁLICA PARA EXECUÇÃO DE ESTACA HÉLICE CONTÍNUA, PROFUNDIDADE MÁXIMA DE 32 M, DIÂMETRO MÁXIMO DE 1000 MM, POTÊNCIA INSTALADA DE 350 HP, MESA ROTATIVA COM TORQUE MÁXIMO DE 263 KNM - DEPRECIAÇÃO. AF_01/2016","H",223.71]
[93221,"PERFURATRIZ COM TORRE METÁLICA PARA EXECUÇÃO DE ESTACA HÉLICE CONTÍNUA, PROFUNDIDADE MÁXIMA DE 32 M, DIÂMETRO MÁXIMO DE 1000 MM, POTÊNCIA INSTALADA DE 350 HP, MESA ROTATIVA COM TORQUE MÁXIMO DE 263 KNM - JUROS. AF_01/2016","H",31.06]
[93222,"PERFURATRIZ COM TORRE METÁLICA PARA EXECUÇÃO DE ESTACA HÉLICE CONTÍNUA, PROFUNDIDADE MÁXIMA DE 32 M, DIÂMETRO MÁXIMO DE 1000 MM, POTÊNCIA INSTALADA DE 350 HP, MESA ROTATIVA COM TORQUE MÁXIMO DE 263 KNM - MANUTENÇÃO. AF_01/2016","H",279.95999999999998]
[93223,"PERFURATRIZ COM TORRE METÁLICA PARA EXECUÇÃO DE ESTACA HÉLICE CONTÍNUA, PROFUNDIDADE MÁXIMA DE 32 M, DIÂMETRO MÁXIMO DE 1000 MM, POTÊNCIA INSTALADA DE 350 HP, MESA ROTATIVA COM TORQUE MÁXIMO DE 263 KNM \u0096 MATERIAIS NA OPERAÇÃO. AF_01/2016","H",111.53]
[93229,"BETONEIRA CAPACIDADE NOMINAL 400 L, CAPACIDADE DE MISTURA 310 L, MOTOR A GASOLINA POTÊNCIA 5,5 HP, SEM CARREGADOR - DEPRECIAÇÃO. AF_02/2016","H",0.36]
[93230,"BETONEIRA CAPACIDADE NOMINAL 400 L, CAPACIDADE DE MISTURA 310 L, MOTOR A GASOLINA POTÊNCIA 5,5 HP, SEM CARREGADOR - JUROS. AF_02/2016","H",0.04]
[93231,"BETONEIRA CAPACIDADE NOMINAL 400 L, CAPACIDADE DE MISTURA 310 L, MOTOR A GASOLINA POTÊNCIA 5,5 HP, SEM CARREGADOR - MANUTENÇÃO. AF_02/2016","H",0.34]
[93232,"BETONEIRA CAPACIDADE NOMINAL 400 L, CAPACIDADE DE MISTURA 310 L, MOTOR A GASOLINA POTÊNCIA 5,5 HP, SEM CARREGADOR - MATERIAIS NA OPERAÇÃO. AF_02/2016","H",8.16]
[93235,"GRUPO GERADOR ESTACIONÁRIO, MOTOR DIESEL POTÊNCIA 170 KVA - JUROS. AF_02/2016","H",0.56999999999999995]
[93238,"ROLO COMPACTADOR VIBRATÓRIO REBOCÁVEL, CILINDRO DE AÇO LISO, POTÊNCIA DE TRAÇÃO DE 65 CV, PESO 4,7 T, IMPACTO DINÂMICO 18,3 T, LARGURA DE TRABALHO 1,67 M - JUROS. AF_02/2016","H",0.8]
[93239,"ROLO COMPACTADOR VIBRATÓRIO PÉ DE CARNEIRO, OPERADO POR CONTROLE REMOTO, POTÊNCIA 12,5 KW, PESO OPERACIONAL 1,675 T, LARGURA DE TRABALHO 0,85 M - JUROS. AF_02/2016","H",3.63]
[93240,"ROLO COMPACTADOR VIBRATÓRIO PÉ DE CARNEIRO, OPERADO POR CONTROLE REMOTO, POTÊNCIA 12,5 KW, PESO OPERACIONAL 1,675 T, LARGURA DE TRABALHO 0,85 M - MATERIAIS NA OPERAÇÃO. AF_02/2016","H",8.5399999999999991]
[93267,"GRUA ASCENCIONAL, LANÇA DE 30 M, CAPACIDADE DE 1,0 T A 30 M, ALTURA ATÉ 39 M \u0096 DEPRECIAÇÃO. AF_03/2016","H",28.36]
[93269,"GRUA ASCENCIONAL, LANÇA DE 30 M, CAPACIDADE DE 1,0 T A 30 M, ALTURA ATÉ 39 M   JUROS. AF_03/2016","H",3.36]
[93270,"GRUA ASCENCIONAL, LANÇA DE 30 M, CAPACIDADE DE 1,0 T A 30 M, ALTURA ATÉ 39 M   MANUTENÇÃO. AF_03/2016","H",31.02]
[93271,"GRUA ASCENCIONAL, LANÇA DE 30 M, CAPACIDADE DE 1,0 T A 30 M, ALTURA ATÉ 39 M   MATERIAIS NA OPERAÇÃO. AF_03/2016","H",9.25]
[93277,"GUINCHO ELÉTRICO DE COLUNA, CAPACIDADE 400 KG, COM MOTO FREIO, MOTOR TRIFÁSICO DE 1,25 CV - DEPRECIAÇÃO. AF_03/2016","H",0.33]
[93278,"GUINCHO ELÉTRICO DE COLUNA, CAPACIDADE 400 KG, COM MOTO FREIO, MOTOR TRIFÁSICO DE 1,25 CV - JUROS. AF_03/2016","H",0.04]
[93279,"GUINCHO ELÉTRICO DE COLUNA, CAPACIDADE 400 KG, COM MOTO FREIO, MOTOR TRIFÁSICO DE 1,25 CV - MANUTENÇÃO. AF_03/2016","H",0.31]
[93280,"GUINCHO ELÉTRICO DE COLUNA, CAPACIDADE 400 KG, COM MOTO FREIO, MOTOR TRIFÁSICO DE 1,25 CV - MATERIAIS NA OPERAÇÃO. AF_03/2016","H",0.77]
[93283,"GUINDASTE HIDRÁULICO AUTOPROPELIDO, COM LANÇA TELESCÓPICA 40 M, CAPACIDADE MÁXIMA 60 T, POTÊNCIA 260 KW - DEPRECIAÇÃO. AF_03/2016","H",59.61]
[93284,"GUINDASTE HIDRÁULICO AUTOPROPELIDO, COM LANÇA TELESCÓPICA 40 M, CAPACIDADE MÁXIMA 60 T, POTÊNCIA 260 KW - JUROS. AF_03/2016","H",11.32]
[93285,"GUINDASTE HIDRÁULICO AUTOPROPELIDO, COM LANÇA TELESCÓPICA 40 M, CAPACIDADE MÁXIMA 60 T, POTÊNCIA 260 KW - MANUTENÇÃO. AF_03/2016","H",95.82]
[93286,"GUINDASTE HIDRÁULICO AUTOPROPELIDO, COM LANÇA TELESCÓPICA 40 M, CAPACIDADE MÁXIMA 60 T, POTÊNCIA 260 KW - MATERIAIS NA OPERAÇÃO. AF_03/2016","H",218.79]
[93296,"GUINDASTE HIDRÁULICO AUTOPROPELIDO, COM LANÇA TELESCÓPICA 40 M, CAPACIDADE MÁXIMA 60 T, POTÊNCIA 260 KW - IMPOSTOS E SEGUROS. AF_03/2016","H",4.17]
[93397,"GUINDAUTO HIDRÁULICO, CAPACIDADE MÁXIMA DE CARGA 3300 KG, MOMENTO MÁXIMO DE CARGA 5,8 TM, ALCANCE MÁXIMO HORIZONTAL 7,60 M, INCLUSIVE CAMINHÃO TOCO PBT 16.000 KG, POTÊNCIA DE 189 CV - DEPRECIAÇÃO. AF_03/2016","H",10.89]
[93398,"GUINDAUTO HIDRÁULICO, CAPACIDADE MÁXIMA DE CARGA 3300 KG, MOMENTO MÁXIMO DE CARGA 5,8 TM, ALCANCE MÁXIMO HORIZONTAL 7,60 M, INCLUSIVE CAMINHÃO TOCO PBT 16.000 KG, POTÊNCIA DE 189 CV - JUROS. AF_03/2016","H",2.2799999999999998]
[93399,"GUINDAUTO HIDRÁULICO, CAPACIDADE MÁXIMA DE CARGA 3300 KG, MOMENTO MÁXIMO DE CARGA 5,8 TM, ALCANCE MÁXIMO HORIZONTAL 7,60 M, INCLUSIVE CAMINHÃO TOCO PBT 16.000 KG, POTÊNCIA DE 189 CV \u0096 IMPOSTOS E SEGUROS. AF_03/2016","H",0.88]
[93400,"GUINDAUTO HIDRÁULICO, CAPACIDADE MÁXIMA DE CARGA 3300 KG, MOMENTO MÁXIMO DE CARGA 5,8 TM, ALCANCE MÁXIMO HORIZONTAL 7,60 M, INCLUSIVE CAMINHÃO TOCO PBT 16.000 KG, POTÊNCIA DE 189 CV - MANUTENÇÃO. AF_03/2016","H",20.440000000000001]
[93401,"GUINDAUTO HIDRÁULICO, CAPACIDADE MÁXIMA DE CARGA 3300 KG, MOMENTO MÁXIMO DE CARGA 5,8 TM, ALCANCE MÁXIMO HORIZONTAL 7,60 M, INCLUSIVE CAMINHÃO TOCO PBT 16.000 KG, POTÊNCIA DE 189 CV - MATERIAIS NA OPERAÇÃO. AF_03/2016","H",112.85]
[93404,"MÁQUINA JATO DE PRESSAO PORTÁTIL, CAMARA DE 1 SAIDA, CAPACIDADE 280 L, DIAMETRO 670 MM, BICO DE JATO CURTO VENTURI DE 5/16'' , MANGUEIRA DE 1'' COM COMPRESSOR DE AR REBOCÁVEL 189 PCM E MOTOR DIESEL 63 CV - DEPRECIAÇÃO. AF_03/2016","H",5.52]
[93405,"MÁQUINA JATO DE PRESSAO PORTÁTIL, CAMARA DE 1 SAIDA, CAPACIDADE 280 L, DIAMETRO 670 MM, BICO DE JATO CURTO VENTURI DE 5/16'' , MANGUEIRA DE 1'' COM COMPRESSOR DE AR REBOCÁVEL 189 PCM E MOTOR DIESEL 63 CV - JUROS. AF_03/2016","H",0.56000000000000005]
[93406,"MÁQUINA JATO DE PRESSAO PORTÁTIL, CAMARA DE 1 SAIDA, CAPACIDADE 280 L, DIAMETRO 670 MM, BICO DE JATO CURTO VENTURI DE 5/16'' , MANGUEIRA DE 1'' COM COMPRESSOR DE AR REBOCÁVEL 189 PCM E MOTOR DIESEL 63 CV - MANUTENÇÃO. AF_03/2016","H",6.91]
[93407,"MÁQUINA JATO DE PRESSAO PORTÁTIL, CAMARA DE 1 SAIDA, CAPACIDADE 280 L, DIAMETRO 670 MM, BICO DE JATO CURTO VENTURI DE 5/16'' , MANGUEIRA DE 1'' COM COMPRESSOR DE AR REBOCÁVEL 189 PCM E MOTOR DIESEL 63 CV - MATERIAIS NA OPERAÇÃO. AF_03/2016","H",33.64]
[93411,"GERADOR PORTÁTIL MONOFÁSICO, POTÊNCIA 5500 VA, MOTOR A GASOLINA, POTÊNCIA DO MOTOR 13 CV - DEPRECIAÇÃO. AF_03/2016","H",0.15]
[93412,"GERADOR PORTÁTIL MONOFÁSICO, POTÊNCIA 5500 VA, MOTOR A GASOLINA, POTÊNCIA DO MOTOR 13 CV - JUROS. AF_03/2016","H",0.02]
[93413,"GERADOR PORTÁTIL MONOFÁSICO, POTÊNCIA 5500 VA, MOTOR A GASOLINA, POTÊNCIA DO MOTOR 13 CV - MANUTENÇÃO. AF_03/2016","H",0.13]
[93414,"GERADOR PORTÁTIL MONOFÁSICO, POTÊNCIA 5500 VA, MOTOR A GASOLINA, POTÊNCIA DO MOTOR 13 CV - MATERIAIS NA OPERAÇÃO. AF_03/2016","H",14.07]
[93417,"GRUPO GERADOR REBOCÁVEL, POTÊNCIA 66 KVA, MOTOR A DIESEL - DEPRECIAÇÃO. AF_03/2016","H",2]
[93418,"GRUPO GERADOR REBOCÁVEL, POTÊNCIA 66 KVA, MOTOR A DIESEL - JUROS. AF_03/2016","H",0.36]
[93419,"GRUPO GERADOR REBOCÁVEL, POTÊNCIA 66 KVA, MOTOR A DIESEL - MANUTENÇÃO. AF_03/2016","H",1.79]
[93420,"GRUPO GERADOR REBOCÁVEL, POTÊNCIA 66 KVA, MOTOR A DIESEL - MATERIAIS NA OPERAÇÃO. AF_03/2016","H",47.86]
[93423,"GRUPO GERADOR ESTACIONÁRIO, POTÊNCIA 150 KVA, MOTOR A DIESEL- DEPRECIAÇÃO. AF_03/2016","H",2.84]
[93424,"GRUPO GERADOR ESTACIONÁRIO, POTÊNCIA 150 KVA, MOTOR A DIESEL- JUROS. AF_03/2016","H",0.51]
[93425,"GRUPO GERADOR ESTACIONÁRIO, POTÊNCIA 150 KVA, MOTOR A DIESEL- MANUTENÇÃO. AF_03/2016","H",2.5299999999999998]
[93426,"GRUPO GERADOR ESTACIONÁRIO, POTÊNCIA 150 KVA, MOTOR A DIESEL- MATERIAIS NA OPERAÇÃO. AF_03/2016","H",114.39]
[93429,"USINA DE MISTURA ASFÁLTICA À QUENTE, TIPO CONTRA FLUXO, PROD 40 A 80 TON/HORA - DEPRECIAÇÃO. AF_03/2016","H",72]
[93430,"USINA DE MISTURA ASFÁLTICA À QUENTE, TIPO CONTRA FLUXO, PROD 40 A 80 TON/HORA - JUROS. AF_03/2016","H",12.96]
[93431,"USINA DE MISTURA ASFÁLTICA À QUENTE, TIPO CONTRA FLUXO, PROD 40 A 80 TON/HORA - MANUTENÇÃO. AF_03/2016","H",115.74]
[93432,"USINA DE MISTURA ASFÁLTICA À QUENTE, TIPO CONTRA FLUXO, PROD 40 A 80 TON/HORA - MATERIAIS NA OPERAÇÃO. AF_03/2016","H",2049.6]
[93435,"USINA DE ASFALTO À FRIO, CAPACIDADE DE 40 A 60 TON/HORA, ELÉTRICA POTÊNCIA 30 CV - DEPRECIAÇÃO. AF_03/2016","H",3.89]
[93436,"USINA DE ASFALTO À FRIO, CAPACIDADE DE 40 A 60 TON/HORA, ELÉTRICA POTÊNCIA 30 CV - JUROS. AF_03/2016","H",0.81]
[93437,"USINA DE ASFALTO À FRIO, CAPACIDADE DE 40 A 60 TON/HORA, ELÉTRICA POTÊNCIA 30 CV - MANUTENÇÃO. AF_03/2016","H",7.3]
[93438,"USINA DE ASFALTO À FRIO, CAPACIDADE DE 40 A 60 TON/HORA, ELÉTRICA POTÊNCIA 30 CV - MATERIAIS NA OPERAÇÃO. AF_03/2016","H",21.18]
[95114,"MARTELETE OU ROMPEDOR PNEUMÁTICO MANUAL, 28 KG, COM SILENCIADOR - DEPRECIAÇÃO. AF_07/2016","H",0.83]
[95115,"MARTELETE OU ROMPEDOR PNEUMÁTICO MANUAL, 28 KG, COM SILENCIADOR - JUROS. AF_07/2016","H",0.09]
[95116,"USINA DE CONCRETO FIXA, CAPACIDADE NOMINAL DE 90 A 120 M3/H, SEM SILO - DEPRECIAÇÃO. AF_07/2016","H",31.99]
[95117,"USINA DE CONCRETO FIXA, CAPACIDADE NOMINAL DE 90 A 120 M3/H, SEM SILO - JUROS. AF_07/2016","H",5.04]
[95118,"USINA MISTURADORA DE SOLOS, CAPACIDADE DE 200 A 500 TON/H, POTENCIA 75KW - DEPRECIAÇÃO. AF_07/2016","H",37.14]
[95119,"USINA MISTURADORA DE SOLOS, CAPACIDADE DE 200 A 500 TON/H, POTENCIA 75KW - JUROS. AF_07/2016","H",6.68]
[95120,"USINA MISTURADORA DE SOLOS, CAPACIDADE DE 200 A 500 TON/H, POTENCIA 75KW - MATERIAIS NA OPERAÇÃO. AF_07/2016","H",63.11]
[95123,"DISTRIBUIDOR DE AGREGADOS AUTOPROPELIDO, CAP 3 M3, A DIESEL, POTÊNCIA 176CV - DEPRECIAÇÃO. AF_07/2016","H",12.9]
[95124,"DISTRIBUIDOR DE AGREGADOS AUTOPROPELIDO, C/AP 3 M3, A DIESEL, POTÊNCIA 176CV - JUROS. AF_07/2016","H",2.0299999999999998]
[95125,"DISTRIBUIDOR DE AGREGADOS AUTOPROPELIDO, CAP 3 M3, A DIESEL, POTÊNCIA 176CV - MANUTENÇÃO. AF_07/2016","H",14.11]
[95126,"DISTRIBUIDOR DE AGREGADOS AUTOPROPELIDO, CAP 3 M3, A DIESEL, POTÊNCIA 176CV \u0096 MATERIAIS NA OPERAÇÃO. AF_07/2016","H",105.08]
[95129,"MÁQUINA DEMARCADORA DE FAIXA DE TRÁFEGO À FRIO, AUTOPROPELIDA, POTÊNCIA 38 HP - DEPRECIAÇÃO. AF_07/2016","H",22.88]
[95130,"MÁQUINA DEMARCADORA DE FAIXA DE TRÁFEGO À FRIO, AUTOPROPELIDA, POTÊNCIA 38 HP - JUROS. AF_07/2016","H",4.12]
[95131,"MÁQUINA DEMARCADORA DE FAIXA DE TRÁFEGO À FRIO, AUTOPROPELIDA, POTÊNCIA 38 HP - MANUTENÇÃO. AF_07/2016","H",42.91]
[95132,"MÁQUINA DEMARCADORA DE FAIXA DE TRÁFEGO À FRIO, AUTOPROPELIDA, POTÊNCIA 38 HP - MATERIAIS NA OPERAÇÃO. AF_07/2016","H",23.01]
[95136,"TALHA MANUAL DE CORRENTE, CAPACIDADE DE 2 TON. COM ELEVAÇÃO DE 3 M - DEPRECIAÇÃO. AF_07/2016","H",0.03]
[95137,"TALHA MANUAL DE CORRENTE, CAPACIDADE DE 2 TON. COM ELEVAÇÃO DE 3 M - JUROS. AF_07/2016","H",0.01]
[95138,"TALHA MANUAL DE CORRENTE, CAPACIDADE DE 2 TON. COM ELEVAÇÃO DE 3 M - MANUTENÇÃO. AF_07/2016","H",0.03]
[95208,"GRUA ASCENCIONAL, LANÇA DE 42 M, CAPACIDADE DE 1,5 T A 30 M, ALTURA ATÉ 39 M \u0096 DEPRECIAÇÃO. AF_08/2016","H",32.130000000000003]
[95209,"GRUA ASCENCIONAL, LANCA DE 42 M, CAPACIDADE DE 1,5 T A 30 M, ALTURA ATE 39 M \u0096 JUROS. AF_08/2016","H",3.81]
[95210,"GRUA ASCENCIONAL, LANCA DE 42 M, CAPACIDADE DE 1,5 T A 30 M, ALTURA ATE 39 M \u0096 MANUTENÇÃO. AF_08/2016","H",35.14]
[95211,"GRUA ASCENCIONAL, LANCA DE 42 M, CAPACIDADE DE 1,5 T A 30 M, ALTURA ATE 39 M \u0096 MATERIAIS NA OPERAÇÃO. AF_08/2016","H",9.25]
[95214,"PULVERIZADOR DE TINTA ELÉTRICO/MÁQUINA DE PINTURA AIRLESS, VAZÃO 2 L/MIN - DEPRECIAÇÃO. AF_08/2016","H",0.28999999999999998]
[95215,"PULVERIZADOR DE TINTA ELÉTRICO/MÁQUINA DE PINTURA AIRLESS, VAZÃO 2 L/MIN - JUROS. AF_08/2016","H",0.03]
[95216,"PULVERIZADOR DE TINTA ELÉTRICO/MÁQUINA DE PINTURA AIRLESS, VAZÃO 2 L/MIN - MANUTENÇÃO. AF_08/2016","H",0.2]
[95217,"PULVERIZADOR DE TINTA ELÉTRICO/MÁQUINA DE PINTURA AIRLESS, VAZÃO 2 L/MIN - MATERIAIS NA OPERAÇÃO. AF_08/2016","H",0.62]
[95255,"MARTELO DEMOLIDOR PNEUMÁTICO MANUAL, 32 KG - DEPRECIAÇÃO. AF_09/2016","H",0.74]
[95256,"MARTELO DEMOLIDOR PNEUMÁTICO MANUAL, 32 KG - JUROS. AF_09/2016","H",0.08]
[95257,"MARTELO DEMOLIDOR PNEUMÁTICO MANUAL, 32 KG - MANUTENÇÃO. AF_09/2016","H",0.92]
[95260,"COMPACTADOR DE SOLOS DE PERCUSÃO (SOQUETE) COM MOTOR A GASOLINA, POTÊNCIA 3 CV - DEPRECIAÇÃO. AF_09/2016","H",0.56000000000000005]
[95261,"COMPACTADOR DE SOLOS DE PERCUSÃO (SOQUETE) COM MOTOR A GASOLINA, POTÊNCIA 3 CV - JUROS. AF_09/2016","H",0.08]
[95262,"COMPACTADOR DE SOLOS DE PERCUSÃO (SOQUETE) COM MOTOR A GASOLINA, POTÊNCIA 3 CV - MANUTENÇÃO. AF_09/2016","H",0.77]
[95263,"COMPACTADOR DE SOLOS DE PERCUSÃO (SOQUETE) COM MOTOR A GASOLINA, POTÊNCIA 3 CV - MATERIAIS NA OPERAÇÃO. AF_09/2016","H",4.3600000000000003]
[95266,"RÉGUA VIBRATÓRIA DUPLA PARA CONCRETO, PESO DE 60KG, COMPRIMENTO 4 M, COM MOTOR A GASOLINA, POTÊNCIA 5,5 HP - DEPRECIAÇÃO. AF_09/2016","H",0.41]
[95267,"RÉGUA VIBRATÓRIA DUPLA PARA CONCRETO, PESO DE 60KG, COMPRIMENTO 4 M, COM MOTOR A GASOLINA, POTÊNCIA 5,5 HP - JUROS. AF_09/2016","H",0.04]
[95268,"RÉGUA VIBRATÓRIA DUPLA PARA CONCRETO, PESO DE 60KG, COMPRIMENTO 4 M, COM MOTOR A GASOLINA, POTÊNCIA 5,5 HP - MANUTENÇÃO. AF_09/2016","H",0.4]
[95269,"RÉGUA VIBRATÓRIA DUPLA PARA CONCRETO, PESO DE 60KG, COMPRIMENTO 4 M, COM MOTOR A GASOLINA, POTÊNCIA 5,5 HP \u0096 MATERIAIS NA OPERAÇÃO. AF_09/2016","H",8.16]
[95272,"POLIDORA DE PISO (POLITRIZ), PESO DE 100KG, DIÂMETRO 450 MM, MOTOR ELÉTRICO, POTÊNCIA 4 HP - DEPRECIAÇÃO. AF_09/2016","H",0.4]
[95273,"POLIDORA DE PISO (POLITRIZ), PESO DE 100KG, DIÂMETRO 450 MM, MOTOR ELÉTRICO, POTÊNCIA 4 HP - JUROS. AF_09/2016","H",0.04]
[95274,"POLIDORA DE PISO (POLITRIZ), PESO DE 100KG, DIÂMETRO 450 MM, MOTOR ELÉTRICO, POTÊNCIA 4 HP - MANUTENÇÃO. AF_09/2016","H",0.31]
[95275,"POLIDORA DE PISO (POLITRIZ), PESO DE 100KG, DIÂMETRO 450 MM, MOTOR ELÉTRICO, POTÊNCIA 4 HP \u0096 MATERIAIS NA OPERAÇÃO. AF_09/2016","H",2.5099999999999998]
[95278,"DESEMPENADEIRA DE CONCRETO, PESO DE 75KG, 4 PÁS, MOTOR A GASOLINA, POTÊNCIA 5,5 HP - DEPRECIAÇÃO. AF_09/2016","H",0.44]
[95279,"DESEMPENADEIRA DE CONCRETO, PESO DE 75KG, 4 PÁS, MOTOR A GASOLINA, POTÊNCIA 5,5 HP - JUROS. AF_09/2016","H",0.05]
[95280,"DESEMPENADEIRA DE CONCRETO, PESO DE 75KG, 4 PÁS, MOTOR A GASOLINA, POTÊNCIA 5,5 HP - MANUTENÇÃO. AF_09/2016","H",0.34]
[95281,"DESEMPENADEIRA DE CONCRETO, PESO DE 75KG, 4 PÁS, MOTOR A GASOLINA, POTÊNCIA 5,5 HP \u0096 MATERIAIS NA OPERAÇÃO. AF_09/2016","H",8.16]
[95617,"PERFURATRIZ PNEUMATICA MANUAL DE PESO MEDIO, MARTELETE, 18KG, COMPRIMENTO MÁXIMO DE CURSO DE 6 M, DIAMETRO DO PISTAO DE 5,5 CM - DEPRECIAÇÃO. AF_11/2016","H",0.6]
[95618,"PERFURATRIZ PNEUMATICA MANUAL DE PESO MEDIO, MARTELETE, 18KG, COMPRIMENTO MÁXIMO DE CURSO DE 6 M, DIAMETRO DO PISTAO DE 5,5 CM - JUROS. AF_11/2016","H",7.0000000000000007E-2]
[95619,"PERFURATRIZ PNEUMATICA MANUAL DE PESO MEDIO, MARTELETE, 18KG, COMPRIMENTO MÁXIMO DE CURSO DE 6 M, DIAMETRO DO PISTAO DE 5,5 CM - MANUTENÇÃO. AF_11/2016","H",0.76]
[95627,"ROLO COMPACTADOR VIBRATORIO TANDEM, ACO LISO, POTENCIA 125 HP, PESO SEM/COM LASTRO 10,20/11,65 T, LARGURA DE TRABALHO 1,73 M - DEPRECIAÇÃO. AF_11/2016","H",28.63]
[95628,"ROLO COMPACTADOR VIBRATORIO TANDEM, ACO LISO, POTENCIA 125 HP, PESO SEM/COM LASTRO 10,20/11,65 T, LARGURA DE TRABALHO 1,73 M - JUROS. AF_11/2016","H",3.97]
[95629,"ROLO COMPACTADOR VIBRATORIO TANDEM, ACO LISO, POTENCIA 125 HP, PESO SEM/COM LASTRO 10,20/11,65 T, LARGURA DE TRABALHO 1,73 M - MANUTENÇÃO. AF_11/2016","H",35.83]
[95630,"ROLO COMPACTADOR VIBRATORIO TANDEM, ACO LISO, POTENCIA 125 HP, PESO SEM/COM LASTRO 10,20/11,65 T, LARGURA DE TRABALHO 1,73 M - MATERIAIS NA OPERAÇÃO. AF_11/2016","H",63.7]
[95698,"PERFURATRIZ MANUAL, TORQUE MAXIMO 55 KGF.M, POTENCIA 5 CV, COM DIAMETRO MAXIMO 8 1/2\" - DEPRECIAÇÃO. AF_11/2016","H",2.46]
[95699,"PERFURATRIZ MANUAL, TORQUE MAXIMO 55 KGF.M, POTENCIA 5 CV, COM DIAMETRO MAXIMO 8 1/2\" - JUROS. AF_11/2016","H",0.28999999999999998]
[95700,"PERFURATRIZ MANUAL, TORQUE MAXIMO 55 KGF.M, POTENCIA 5 CV, COM DIAMETRO MAXIMO 8 1/2\" - MANUTENÇÃO. AF_11/2016","H",3.08]
[95701,"PERFURATRIZ MANUAL, TORQUE MAXIMO 55 KGF.M, POTENCIA 5 CV, COM DIAMETRO MAXIMO 8 1/2\" - MATERIAIS NA OPERAÇÃO. AF_11/2016","H",3.09]
[95704,"PERFURATRIZ SOBRE ESTEIRA, TORQUE MÁXIMO 600 KGF, POTÊNCIA ENTRE 50 E 60 HP, DIÂMETRO MÁXIMO 10\u0094 - DEPRECIAÇÃO. AF_11/2016","H",30.04]
[95705,"PERFURATRIZ SOBRE ESTEIRA, TORQUE MÁXIMO 600 KGF, POTÊNCIA ENTRE 50 E 60 HP, DIÂMETRO MÁXIMO 10\u0094 - JUROS. AF_11/2016","H",4.28]
[95706,"PERFURATRIZ SOBRE ESTEIRA, TORQUE MÁXIMO 600 KGF, POTÊNCIA ENTRE 50 E 60 HP, DIÂMETRO MÁXIMO 10\u0094 - MANUTENÇÃO. AF_11/2016","H",37.6]
[95707,"PERFURATRIZ SOBRE ESTEIRA, TORQUE MÁXIMO 600 KGF, POTÊNCIA ENTRE 50 E 60 HP, DIÂMETRO MÁXIMO 10\u0094 - MATERIAIS NA OPERAÇÃO. AF_11/2016","H",34.53]
[95710,"ESCAVADEIRA HIDRAULICA SOBRE ESTEIRA, COM GARRA GIRATORIA DE MANDIBULAS, PESO OPERACIONAL ENTRE 22,00 E 25,50 TON, POTENCIA LIQUIDA ENTRE 150 E 160 HP - DEPRECIAÇÃO. AF_11/2016","H",36.11]
[95711,"ESCAVADEIRA HIDRAULICA SOBRE ESTEIRA, COM GARRA GIRATORIA DE MANDIBULAS, PESO OPERACIONAL ENTRE 22,00 E 25,50 TON, POTENCIA LIQUIDA ENTRE 150 E 160 HP - JUROS. AF_11/2016","H",4.9000000000000004]
[95712,"ESCAVADEIRA HIDRAULICA SOBRE ESTEIRA, COM GARRA GIRATORIA DE MANDIBULAS, PESO OPERACIONAL ENTRE 22,00 E 25,50 TON, POTENCIA LIQUIDA ENTRE 150 E 160 HP - MANUTENÇÃO. AF_11/2016","H",45.14]
[95713,"ESCAVADEIRA HIDRAULICA SOBRE ESTEIRA, COM GARRA GIRATORIA DE MANDIBULAS, PESO OPERACIONAL ENTRE 22,00 E 25,50 TON, POTENCIA LIQUIDA ENTRE 150 E 160 HP - MATERIAIS NA OPERAÇÃO. AF_11/2016","H",64.17]
[95716,"ESCAVADEIRA HIDRAULICA SOBRE ESTEIRA, EQUIPADA COM CLAMSHELL, COM CAPACIDADE DA CAÇAMBA ENTRE 1,20 E 1,50 M3, PESO OPERACIONAL ENTRE 20,00 E 22,00 TON, POTENCIA LIQUIDA ENTRE 150 E 160 HP - DEPRECIAÇÃO. AF_11/2016","H",34.76]
[95717,"ESCAVADEIRA HIDRAULICA SOBRE ESTEIRA, EQUIPADA COM CLAMSHELL, COM CAPACIDADE DA CAÇAMBA ENTRE 1,20 E 1,50 M3, PESO OPERACIONAL ENTRE 20,00 E 22,00 TON, POTENCIA LIQUIDA ENTRE 150 E 160 HP - JUROS. AF_11/2016","H",4.71]
[95718,"ESCAVADEIRA HIDRAULICA SOBRE ESTEIRA, EQUIPADA COM CLAMSHELL, COM CAPACIDADE DA CAÇAMBA ENTRE 1,20 E 1,50 M3, PESO OPERACIONAL ENTRE 20,00 E 22,00 TON, POTENCIA LIQUIDA ENTRE 150 E 160 HP - MANUTENÇÃO. AF_11/2016","H",43.45]
[95719,"ESCAVADEIRA HIDRAULICA SOBRE ESTEIRA, EQUIPADA COM CLAMSHELL, COM CAPACIDADE DA CAÇAMBA ENTRE 1,20 E 1,50 M3, PESO OPERACIONAL ENTRE 20,00 E 22,00 TON, POTENCIA LIQUIDA ENTRE 150 E 160 HP - MATERIAIS NA OPERAÇÃO. AF_11/2016","H",64.17]
[95869,"GRUPO GERADOR COM CARENAGEM, MOTOR DIESEL POTÊNCIA STANDART ENTRE 250 E 260 KVA - JUROS. AF_12/2016","H",0.81]
[95870,"GRUPO GERADOR COM CARENAGEM, MOTOR DIESEL POTÊNCIA STANDART ENTRE 250 E 260 KVA - MANUTENÇÃO. AF_12/2016","H",4.05]
[95871,"GRUPO GERADOR COM CARENAGEM, MOTOR DIESEL POTÊNCIA STANDART ENTRE 250 E 260 KVA - MATERIAIS NA OPERAÇÃO. AF_12/2016","H",194.88]
[95874,"GRUPO GERADOR COM CARENAGEM, MOTOR DIESEL POTÊNCIA STANDART ENTRE 250 E 260 KVA - DEPRECIAÇÃO. AF_12/2016","H",4.54]
[96008,"TRATOR DE PNEUS COM POTÊNCIA DE 122 CV, TRAÇÃO 4X4, COM VASSOURA MECÂNICA ACOPLADA - DEPRECIAÇÃO. AF_02/2017","H",15.35]
[96009,"TRATOR DE PNEUS COM POTÊNCIA DE 122 CV, TRAÇÃO 4X4, COM VASSOURA MECÂNICA ACOPLADA - JUROS. AF_02/2017","H",2.13]
[96011,"TRATOR DE PNEUS COM POTÊNCIA DE 122 CV, TRAÇÃO 4X4, COM VASSOURA MECÂNICA ACOPLADA - MANUTENÇÃO. AF_02/2017","H",16.8]
[96012,"TRATOR DE PNEUS COM POTÊNCIA DE 122 CV, TRAÇÃO 4X4, COM VASSOURA MECÂNICA ACOPLADA - MATERIAIS NA OPERAÇÃO. AF_02/2017","H",122.67]
[96015,"TRATOR DE PNEUS COM POTÊNCIA DE 122 CV, TRAÇÃO 4X4, COM GRADE DE DISCOS ACOPLADA - DEPRECIAÇÃO. AF_02/2017","H",15.21]
[96016,"TRATOR DE PNEUS COM POTÊNCIA DE 122 CV, TRAÇÃO 4X4, COM GRADE DE DISCOS ACOPLADA - JUROS. AF_02/2017","H",2.11]
[96018,"TRATOR DE PNEUS COM POTÊNCIA DE 122 CV, TRAÇÃO 4X4, COM GRADE DE DISCOS ACOPLADA - MANUTENÇÃO. AF_02/2017","H",16.64]
[96019,"TRATOR DE PNEUS COM POTÊNCIA DE 122 CV, TRAÇÃO 4X4, COM GRADE DE DISCOS ACOPLADA - MATERIAIS NA OPERAÇÃO. AF_02/2017","H",122.67]
[96023,"TRATOR DE PNEUS COM POTÊNCIA DE 85 CV, TRAÇÃO 4X4, COM GRADE DE DISCOS ACOPLADA - DEPRECIAÇÃO. AF_02/2017","H",11.77]
[96024,"TRATOR DE PNEUS COM POTÊNCIA DE 85 CV, TRAÇÃO 4X4, COM GRADE DE DISCOS ACOPLADA - JUROS. AF_02/2017","H",1.63]
[96026,"TRATOR DE PNEUS COM POTÊNCIA DE 85 CV, TRAÇÃO 4X4, COM GRADE DE DISCOS ACOPLADA - MANUTENÇÃO. AF_02/2017","H",12.86]
[96027,"TRATOR DE PNEUS COM POTÊNCIA DE 85 CV, TRAÇÃO 4X4, COM GRADE DE DISCOS ACOPLADA - MATERIAIS NA OPERAÇÃO. AF_02/2017","H",85.48]
[96030,"CAMINHÃO BASCULANTE 10 M3, TRUCADO, POTÊNCIA 230 CV, INCLUSIVE CAÇAMBA METÁLICA, COM DISTRIBUIDOR DE AGREGADOS ACOPLADO - DEPRECIAÇÃO. AF_02/2017","H",19.72]
[96031,"CAMINHÃO BASCULANTE 10 M3, TRUCADO, POTÊNCIA 230 CV, INCLUSIVE CAÇAMBA METÁLICA, COM DISTRIBUIDOR DE AGREGADOS ACOPLADO - JUROS. AF_02/2017","H",3.64]
[96032,"CAMINHÃO BASCULANTE 10 M3, TRUCADO, POTÊNCIA 230 CV, INCLUSIVE CAÇAMBA METÁLICA, COM DISTRIBUIDOR DE AGREGADOS ACOPLADO - IMPOSTOS E SEGUROS. AF_02/2017","H",1.41]
[96033,"CAMINHÃO BASCULANTE 10 M3, TRUCADO, POTÊNCIA 230 CV, INCLUSIVE CAÇAMBA METÁLICA, COM DISTRIBUIDOR DE AGREGADOS ACOPLADO - MANUTENÇÃO. AF_02/2017","H",36.99]
[96034,"CAMINHÃO BASCULANTE 10 M3, TRUCADO, POTÊNCIA 230 CV, INCLUSIVE CAÇAMBA METÁLICA, COM DISTRIBUIDOR DE AGREGADOS ACOPLADO - MATERIAIS NA OPERAÇÃO. AF_02/2017","H",101.19]
[96053,"TRATOR DE PNEUS COM POTÊNCIA DE 85 CV, TRAÇÃO 4X4, COM VASSOURA MECÂNICA ACOPLADA - DEPRECIAÇÃO. AF_03/2017","H",11.91]
[96054,"MINICARREGADEIRA SOBRE RODAS POTENCIA 47HP CAPACIDADE OPERACAO 646 KG, COM VASSOURA MECÂNICA ACOPLADA - DEPRECIAÇÃO. AF_03/2017","H",24.07]
[96055,"TRATOR DE PNEUS COM POTÊNCIA DE 85 CV, TRAÇÃO 4X4, COM VASSOURA MECÂNICA ACOPLADA - JUROS. AF_03/2017","H",1.65]
[96056,"TRATOR DE PNEUS COM POTÊNCIA DE 85 CV, TRAÇÃO 4X4, COM VASSOURA MECÂNICA ACOPLADA - MANUTENÇÃO. AF_03/2017","H",13.02]
[96057,"TRATOR DE PNEUS COM POTÊNCIA DE 85 CV, TRAÇÃO 4X4, COM VASSOURA MECÂNICA ACOPLADA - MATERIAIS NA OPERAÇÃO. AF_03/2017","H",85.48]
[96060,"MINICARREGADEIRA SOBRE RODAS POTENCIA 47HP CAPACIDADE OPERACAO 646 KG, COM VASSOURA MECÂNICA ACOPLADA - JUROS. AF_03/2017","H",2.4300000000000002]
[96061,"MINICARREGADEIRA SOBRE RODAS POTENCIA 47HP CAPACIDADE OPERACAO 646 KG, COM VASSOURA MECÂNICA ACOPLADA - MANUTENÇÃO. AF_03/2017","H",30.09]
[96062,"MINICARREGADEIRA SOBRE RODAS POTENCIA 47HP CAPACIDADE OPERACAO 646 KG, COM VASSOURA MECÂNICA ACOPLADA - MATERIAIS NA OPERAÇÃO. AF_03/2017","H",37.4]
[96241,"MINIESCAVADEIRA SOBRE ESTEIRAS, POTENCIA LIQUIDA DE *30* HP, PESO OPERACIONAL DE *3.500* KG - DEPRECIACAO. AF_04/2017","H",21.67]
[96242,"MINIESCAVADEIRA SOBRE ESTEIRAS, POTENCIA LIQUIDA DE *30* HP, PESO OPERACIONAL DE *3.500* KG - JUROS. AF_04/2017","H",2.94]
[96243,"MINIESCAVADEIRA SOBRE ESTEIRAS, POTENCIA LIQUIDA DE *30* HP, PESO OPERACIONAL DE *3.500* KG - MANUTENCAO. AF_04/2017","H",27.09]
[96244,"MINIESCAVADEIRA SOBRE ESTEIRAS, POTENCIA LIQUIDA DE *30* HP, PESO OPERACIONAL DE *3.500* KG - MATERIAIS NA OPERACAO. AF_04/2017","H",12.42]
[96298,"PERFURATRIZ ROTATIVA SOBRE ESTEIRA, TORQUE MAXIMO 2500 KGM, POTENCIA 110 HP, MOTOR DIESEL - DEPRECIAÇÃO. AF_05/2017","H",46.91]
[96299,"PERFURATRIZ ROTATIVA SOBRE ESTEIRA, TORQUE MAXIMO 2500 KGM, POTENCIA 110 HP, MOTOR DIESEL - JUROS. AF_05/2017","H",6.51]
[96300,"PERFURATRIZ ROTATIVA SOBRE ESTEIRA, TORQUE MAXIMO 2500 KGM, POTENCIA 110 HP, MOTOR DIESEL - MANUTENÇÃO. AF_05/2017","H",58.7]
[96301,"PERFURATRIZ ROTATIVA SOBRE ESTEIRA, TORQUE MAXIMO 2500 KGM, POTENCIA 110 HP, MOTOR DIESEL - MATERIAIS NA OPERAÇÃO. AF_05/2017","H",35.049999999999997]
[96304,"COMPRESSOR DE AR, VAZAO DE 10 PCM, RESERVATORIO 100 L, PRESSAO DE TRABALHO ENTRE 6,9 E 9,7 BAR,  POTENCIA 2 HP, TENSAO 110/220 V - DEPRECIAÇÃO. AF_05/2017","H",0.14000000000000001]
[96305,"COMPRESSOR DE AR, VAZAO DE 10 PCM, RESERVATORIO 100 L, PRESSAO DE TRABALHO ENTRE 6,9 E 9,7 BAR,  POTENCIA 2 HP, TENSAO 110/220 V - JUROS. AF_05/2017","H",0.02]
[96306,"COMPRESSOR DE AR, VAZAO DE 10 PCM, RESERVATORIO 100 L, PRESSAO DE TRABALHO ENTRE 6,9 E 9,7 BAR,  POTENCIA 2 HP, TENSAO 110/220 V - MANUTENÇÃO. AF_05/2017","H",0.18]
[96307,"COMPRESSOR DE AR, VAZAO DE 10 PCM, RESERVATORIO 100 L, PRESSAO DE TRABALHO ENTRE 6,9 E 9,7 BAR, POTENCIA 2 HP, TENSAO 110/220 V - MATERIAIS NA OPERAÇÃO. AF_05/2017","H",1.25]
[96457,"ROLO COMPACTADOR DE PNEUS, ESTATICO, PRESSAO VARIAVEL, POTENCIA 110 HP, PESO SEM/COM LASTRO 10,8/27 T, LARGURA DE ROLAGEM 2,30 M - MATERIAIS NA OPERACAO. AF_06/2017","H",45.56]
[96458,"ROLO COMPACTADOR DE PNEUS, ESTATICO, PRESSAO VARIAVEL, POTENCIA 110 HP, PESO SEM/COM LASTRO 10,8/27 T, LARGURA DE ROLAGEM 2,30 M - MANUTENCAO. AF_06/2017","H",39.74]
[96459,"ROLO COMPACTADOR DE PNEUS, ESTATICO, PRESSAO VARIAVEL, POTENCIA 110 HP, PESO SEM/COM LASTRO 10,8/27 T, LARGURA DE ROLAGEM 2,30 M - JUROS. AF_06/2017","H",4.4000000000000004]
[96460,"ROLO COMPACTADOR DE PNEUS, ESTATICO, PRESSAO VARIAVEL, POTENCIA 110 HP, PESO SEM/COM LASTRO 10,8/27 T, LARGURA DE ROLAGEM 2,30 M - DEPRECIAÇÃO. AF_06/2017","H",31.75]
[98760,"INVERSOR DE SOLDA MONOFÁSICO DE 160 A, POTÊNCIA DE 5400 W, TENSÃO DE 220 V, PARA SOLDA COM ELETRODOS DE 2,0 A 4,0 MM E PROCESSO TIG - DEPRECIAÇÃO. AF_06/2018","H",0.08]
[98761,"INVERSOR DE SOLDA MONOFÁSICO DE 160 A, POTÊNCIA DE 5400 W, TENSÃO DE 220 V, PARA SOLDA COM ELETRODOS DE 2,0 A 4,0 MM E PROCESSO TIG - JUROS. AF_06/2018","H",0.02]
[98762,"INVERSOR DE SOLDA MONOFÁSICO DE 160 A, POTÊNCIA DE 5400 W, TENSÃO DE 220 V, PARA SOLDA COM ELETRODOS DE 2,0 A 4,0 MM E PROCESSO TIG - MANUTENÇÃO. AF_06/2018","H",0.11]
[98763,"INVERSOR DE SOLDA MONOFÁSICO DE 160 A, POTÊNCIA DE 5400 W, TENSÃO DE 220 V, PARA SOLDA COM ELETRODOS DE 2,0 A 4,0 MM E PROCESSO TIG - MATERIAIS NA OPERAÇÃO. AF_06/2018","H",4.54]
[99829,"LAVADORA DE ALTA PRESSAO (LAVA-JATO) PARA AGUA FRIA, PRESSAO DE OPERACAO ENTRE 1400 E 1900 LIB/POL2, VAZAO MAXIMA ENTRE 400 E 700 L/H - DEPRECIAÇÃO. AF_04/2019","H",0.15]
[99830,"LAVADORA DE ALTA PRESSAO (LAVA-JATO) PARA AGUA FRIA, PRESSAO DE OPERACAO ENTRE 1400 E 1900 LIB/POL2, VAZAO MAXIMA ENTRE 400 E 700 L/H - JUROS. AF_04/2019","H",0.01]
[99831,"LAVADORA DE ALTA PRESSAO (LAVA-JATO) PARA AGUA FRIA, PRESSAO DE OPERACAO ENTRE 1400 E 1900 LIB/POL2, VAZAO MAXIMA ENTRE 400 E 700 L/H - MANUTENÇÃO. AF_04/2019","H",0.22]
[99832,"LAVADORA DE ALTA PRESSAO (LAVA-JATO) PARA AGUA FRIA, PRESSAO DE OPERACAO ENTRE 1400 E 1900 LIB/POL2, VAZAO MAXIMA ENTRE 400 E 700 L/H - MATERIAIS NA OPERAÇÃO. AF_04/2019","H",1.17]
[100637,"USINA DE MISTURA ASFÁLTICA À QUENTE, TIPO CONTRA FLUXO, PROD 100 A 140 TON/HORA - DEPRECIAÇÃO. AF_12/2019","H",88.43]
[100638,"USINA DE MISTURA ASFÁLTICA À QUENTE, TIPO CONTRA FLUXO, PROD 100 A 140 TON/HORA - JUROS. AF_12/2019","H",15.91]
[100639,"USINA DE MISTURA ASFÁLTICA À QUENTE, TIPO CONTRA FLUXO, PROD 100 A 140 TON/HORA - MANUTENÇÃO. AF_12/2019","H",142.16]
[100640,"USINA DE MISTURA ASFÁLTICA À QUENTE, TIPO CONTRA FLUXO, PROD 100 A 140 TON/HORA - MATERIAIS NA OPERAÇÃO. AF_12/2019","H",235.62]
[100643,"USINA DE ASFALTO, TIPO GRAVIMÉTRICA, PROD 150 TON/HORA - DEPRECIAÇÃO. AF_12/2019","H",232.85]
[100644,"USINA DE ASFALTO, TIPO GRAVIMÉTRICA, PROD 150 TON/HORA - JUROS. AF_12/2019","H",41.91]
[100645,"USINA DE ASFALTO, TIPO GRAVIMÉTRICA, PROD 150 TON/HORA - MANUTENÇÃO. AF_12/2019","H",374.32]
[100646,"USINA DE ASFALTO, TIPO GRAVIMÉTRICA, PROD 150 TON/HORA - MATERIAIS NA OPERAÇÃO. AF_12/2019","H",336.6]
[102270,"MARTELO DEMOLIDOR ELÉTRICO, COM POTÊNCIA DE 2.000 W, 1.000 IMPACTOS POR MINUTO, PESO DE 30 KG - DEPRECIAÇÃO. AF_01/2021","H",0.43]
[102271,"MARTELO DEMOLIDOR ELÉTRICO, COM POTÊNCIA DE 2.000 W, 1.000 IMPACTOS POR MINUTO, PESO DE 30 KG - JUROS. AF_01/2021","H",0.12]
[102272,"MARTELO DEMOLIDOR ELÉTRICO, COM POTÊNCIA DE 2.000 W, 1.000 IMPACTOS POR MINUTO, PESO DE 30 KG - MANUTENÇÃO. AF_01/2021","H",0.28000000000000003]
[102273,"MARTELO DEMOLIDOR ELÉTRICO, COM POTÊNCIA DE 2.000 W, 1.000 IMPACTOS POR MINUTO, PESO DE 30 KG - MATERIAIS NA OPERAÇÃO. AF_01/2021","H",1.68]
[92259,"INSTALAÇÃO DE TESOURA (INTEIRA OU MEIA), BIAPOIADA, EM MADEIRA NÃO APARELHADA, PARA VÃOS MAIORES OU IGUAIS A 3,0 M E MENORES QUE 6,0 M, INCLUSO IÇAMENTO. AF_07/2019","UN",502.33]
[92260,"INSTALAÇÃO DE TESOURA (INTEIRA OU MEIA), BIAPOIADA, EM MADEIRA NÃO APARELHADA, PARA VÃOS MAIORES OU IGUAIS A 6,0 M E MENORES QUE 8,0 M, INCLUSO IÇAMENTO. AF_07/2019","UN",554.38]
[92261,"INSTALAÇÃO DE TESOURA (INTEIRA OU MEIA), BIAPOIADA, EM MADEIRA NÃO APARELHADA, PARA VÃOS MAIORES OU IGUAIS A 8,0 M E MENORES QUE 10,0 M, INCLUSO IÇAMENTO. AF_07/2019","UN",604.84]
[92262,"INSTALAÇÃO DE TESOURA (INTEIRA OU MEIA), BIAPOIADA, EM MADEIRA NÃO APARELHADA, PARA VÃOS MAIORES OU IGUAIS A 10,0 M E MENORES QUE 12,0 M, INCLUSO IÇAMENTO. AF_07/2019","UN",686.08]
[92539,"TRAMA DE MADEIRA COMPOSTA POR RIPAS, CAIBROS E TERÇAS PARA TELHADOS DE ATÉ 2 ÁGUAS PARA TELHA DE ENCAIXE DE CERÂMICA OU DE CONCRETO, INCLUSO TRANSPORTE VERTICAL. AF_07/2019","M2",86.95]
[92540,"TRAMA DE MADEIRA COMPOSTA POR RIPAS, CAIBROS E TERÇAS PARA TELHADOS DE MAIS QUE 2 ÁGUAS PARA TELHA DE ENCAIXE DE CERÂMICA OU DE CONCRETO, INCLUSO TRANSPORTE VERTICAL. AF_07/2019","M2",94.93]
[92541,"TRAMA DE MADEIRA COMPOSTA POR RIPAS, CAIBROS E TERÇAS PARA TELHADOS DE ATÉ 2 ÁGUAS PARA TELHA CERÂMICA CAPA-CANAL, INCLUSO TRANSPORTE VERTICAL. AF_07/2019","M2",94.29]
[92542,"TRAMA DE MADEIRA COMPOSTA POR RIPAS, CAIBROS E TERÇAS PARA TELHADOS DE MAIS QUE 2 ÁGUAS PARA TELHA CERÂMICA CAPA-CANAL, INCLUSO TRANSPORTE VERTICAL. AF_07/2019","M2",112.59]
[92543,"TRAMA DE MADEIRA COMPOSTA POR TERÇAS PARA TELHADOS DE ATÉ 2 ÁGUAS PARA TELHA ONDULADA DE FIBROCIMENTO, METÁLICA, PLÁSTICA OU TERMOACÚSTICA, INCLUSO TRANSPORTE VERTICAL. AF_07/2019","M2",26.98]
[92544,"TRAMA DE MADEIRA COMPOSTA POR TERÇAS PARA TELHADOS DE ATÉ 2 ÁGUAS PARA TELHA ESTRUTURAL DE FIBROCIMENTO, INCLUSO TRANSPORTE VERTICAL. AF_07/2019","M2",21.5]
[92545,"FABRICAÇÃO E INSTALAÇÃO DE TESOURA INTEIRA EM MADEIRA NÃO APARELHADA, VÃO DE 3 M, PARA TELHA CERÂMICA OU DE CONCRETO, INCLUSO IÇAMENTO. AF_07/2019","UN",1077.6500000000001]
[92546,"FABRICAÇÃO E INSTALAÇÃO DE TESOURA INTEIRA EM MADEIRA NÃO APARELHADA, VÃO DE 4 M, PARA TELHA CERÂMICA OU DE CONCRETO, INCLUSO IÇAMENTO. AF_07/2019","UN",1317.33]
[92547,"FABRICAÇÃO E INSTALAÇÃO DE TESOURA INTEIRA EM MADEIRA NÃO APARELHADA, VÃO DE 5 M, PARA TELHA CERÂMICA OU DE CONCRETO, INCLUSO IÇAMENTO. AF_07/2019","UN",1405.95]
[92548,"FABRICAÇÃO E INSTALAÇÃO DE TESOURA INTEIRA EM MADEIRA NÃO APARELHADA, VÃO DE 6 M, PARA TELHA CERÂMICA OU DE CONCRETO, INCLUSO IÇAMENTO. AF_07/2019","UN",1564.39]
[92549,"FABRICAÇÃO E INSTALAÇÃO DE TESOURA INTEIRA EM MADEIRA NÃO APARELHADA, VÃO DE 7 M, PARA TELHA CERÂMICA OU DE CONCRETO, INCLUSO IÇAMENTO. AF_07/2019","UN",1923.84]
[92550,"FABRICAÇÃO E INSTALAÇÃO DE TESOURA INTEIRA EM MADEIRA NÃO APARELHADA, VÃO DE 8 M, PARA TELHA CERÂMICA OU DE CONCRETO, INCLUSO IÇAMENTO. AF_07/2019","UN",2375.08]
[92551,"FABRICAÇÃO E INSTALAÇÃO DE TESOURA INTEIRA EM MADEIRA NÃO APARELHADA, VÃO DE 9 M, PARA TELHA CERÂMICA OU DE CONCRETO, INCLUSO IÇAMENTO. AF_07/2019","UN",2489.48]
[92552,"FABRICAÇÃO E INSTALAÇÃO DE TESOURA INTEIRA EM MADEIRA NÃO APARELHADA, VÃO DE 10 M, PARA TELHA CERÂMICA OU DE CONCRETO, INCLUSO IÇAMENTO. AF_07/2019","UN",2702.9]
[92553,"FABRICAÇÃO E INSTALAÇÃO DE TESOURA INTEIRA EM MADEIRA NÃO APARELHADA, VÃO DE 11 M, PARA TELHA CERÂMICA OU DE CONCRETO, INCLUSO IÇAMENTO. AF_07/2019","UN",3071.96]
[92554,"FABRICAÇÃO E INSTALAÇÃO DE TESOURA INTEIRA EM MADEIRA NÃO APARELHADA, VÃO DE 12 M, PARA TELHA CERÂMICA OU DE CONCRETO, INCLUSO IÇAMENTO. AF_07/2019","UN",3203.29]
[92555,"FABRICAÇÃO E INSTALAÇÃO DE TESOURA INTEIRA EM MADEIRA NÃO APARELHADA, VÃO DE 3 M, PARA TELHA ONDULADA DE FIBROCIMENTO, METÁLICA, PLÁSTICA OU TERMOACÚSTICA, INCLUSO IÇAMENTO. AF_07/2019","UN",1059.8900000000001]
[92556,"FABRICAÇÃO E INSTALAÇÃO DE TESOURA INTEIRA EM MADEIRA NÃO APARELHADA, VÃO DE 4 M, PARA TELHA ONDULADA DE FIBROCIMENTO, METÁLICA, PLÁSTICA OU TERMOACÚSTICA, INCLUSO IÇAMENTO. AF_07/2019","UN",1286.2]
[92557,"FABRICAÇÃO E INSTALAÇÃO DE TESOURA INTEIRA EM MADEIRA NÃO APARELHADA, VÃO DE 5 M, PARA TELHA ONDULADA DE FIBROCIMENTO, METÁLICA, PLÁSTICA OU TERMOACÚSTICA, INCLUSO IÇAMENTO. AF_07/2019","UN",1374.82]
[92558,"FABRICAÇÃO E INSTALAÇÃO DE TESOURA INTEIRA EM MADEIRA NÃO APARELHADA, VÃO DE 6 M, PARA TELHA ONDULADA DE FIBROCIMENTO, METÁLICA, PLÁSTICA OU TERMOACÚSTICA, INCLUSO IÇAMENTO. AF_07/2019","UN",1546.62]
[92559,"FABRICAÇÃO E INSTALAÇÃO DE TESOURA INTEIRA EM MADEIRA NÃO APARELHADA, VÃO DE 7 M, PARA TELHA ONDULADA DE FIBROCIMENTO, METÁLICA, PLÁSTICA OU TERMOACÚSTICA, INCLUSO IÇAMENTO. AF_07/2019","UN",1890.75]
[92560,"FABRICAÇÃO E INSTALAÇÃO DE TESOURA INTEIRA EM MADEIRA NÃO APARELHADA, VÃO DE 8 M, PARA TELHA ONDULADA DE FIBROCIMENTO, METÁLICA, PLÁSTICA OU TERMOACÚSTICA, INCLUSO IÇAMENTO. AF_07/2019","UN",2330.02]
[92561,"FABRICAÇÃO E INSTALAÇÃO DE TESOURA INTEIRA EM MADEIRA NÃO APARELHADA, VÃO DE 9 M, PARA TELHA ONDULADA DE FIBROCIMENTO, METÁLICA, PLÁSTICA OU TERMOACÚSTICA, INCLUSO IÇAMENTO. AF_07/2019","UN",2445.64]
[92562,"FABRICAÇÃO E INSTALAÇÃO DE TESOURA INTEIRA EM MADEIRA NÃO APARELHADA, VÃO DE 10 M, PARA TELHA ONDULADA DE FIBROCIMENTO, METÁLICA, PLÁSTICA OU TERMOACÚSTICA, INCLUSO IÇAMENTO. AF_07/2019","UN",2627.93]
[92563,"FABRICAÇÃO E INSTALAÇÃO DE TESOURA INTEIRA EM MADEIRA NÃO APARELHADA, VÃO DE 11 M, PARA TELHA ONDULADA DE FIBROCIMENTO, METÁLICA, PLÁSTICA OU TERMOACÚSTICA, INCLUSO IÇAMENTO. AF_07/2019","UN",2984.29]
[92564,"FABRICAÇÃO E INSTALAÇÃO DE TESOURA INTEIRA EM MADEIRA NÃO APARELHADA, VÃO DE 12 M, PARA TELHA ONDULADA DE FIBROCIMENTO, METÁLICA, PLÁSTICA OU TERMOACÚSTICA, INCLUSO IÇAMENTO. AF_07/2019","UN",3095.9]
[92565,"FABRICAÇÃO E INSTALAÇÃO DE ESTRUTURA PONTALETADA DE MADEIRA NÃO APARELHADA PARA TELHADOS COM ATÉ 2 ÁGUAS E PARA TELHA CERÂMICA OU DE CONCRETO, INCLUSO TRANSPORTE VERTICAL. AF_12/2015","M2",40.119999999999997]
[92566,"FABRICAÇÃO E INSTALAÇÃO DE ESTRUTURA PONTALETADA DE MADEIRA NÃO APARELHADA PARA TELHADOS COM ATÉ 2 ÁGUAS E PARA TELHA ONDULADA DE FIBROCIMENTO, METÁLICA, PLÁSTICA OU TERMOACÚSTICA, INCLUSO TRANSPORTE VERTICAL. AF_12/2015","M2",26.53]
[92567,"FABRICAÇÃO E INSTALAÇÃO DE ESTRUTURA PONTALETADA DE MADEIRA NÃO APARELHADA PARA TELHADOS COM MAIS QUE 2 ÁGUAS E PARA TELHA CERÂMICA OU DE CONCRETO, INCLUSO TRANSPORTE VERTICAL. AF_12/2015","M2",36.700000000000003]
[100379,"FABRICAÇÃO E INSTALAÇÃO DE PONTALETES DE MADEIRA NÃO APARELHADA PARA TELHADOS COM ATÉ 2 ÁGUAS E COM TELHA CERÂMICA OU DE CONCRETO EM EDIFÍCIO RESIDENCIAL TÉRREO, INCLUSO TRANSPORTE VERTICAL. AF_07/2019","M2",40.119999999999997]
[100380,"FABRICAÇÃO E INSTALAÇÃO DE PONTALETES DE MADEIRA NÃO APARELHADA PARA TELHADOS COM ATÉ 2 ÁGUAS E COM TELHA CERÂMICA OU DE CONCRETO EM EDIFÍCIO RESIDENCIAL DE MÚLTIPLOS PAVIMENTOS, INCLUSO TRANSPORTE VERTICAL. AF_07/2019","M2",51.85]
[100381,"FABRICAÇÃO E INSTALAÇÃO DE PONTALETES DE MADEIRA NÃO APARELHADA PARA TELHADOS COM ATÉ 2 ÁGUAS E COM TELHA CERÂMICA OU DE CONCRETO EM EDIFÍCIO INSTITUCIONAL TÉRREO, INCLUSO TRANSPORTE VERTICAL. AF_07/2019","M2",57.43]
[100383,"FABRICAÇÃO E INSTALAÇÃO DE PONTALETES DE MADEIRA NÃO APARELHADA PARA TELHADOS COM ATÉ 2 ÁGUAS E COM TELHA ONDULADA DE FIBROCIMENTO, ALUMÍNIO OU PLÁSTICA EM EDIFÍCIO RESIDENCIAL DE MÚLTIPLOS PAVIMENTOS, INCLUSO TRANSPORTE VERTICAL. AF_07/2019","M2",28.49]
[100384,"FABRICAÇÃO E INSTALAÇÃO DE PONTALETES DE MADEIRA NÃO APARELHADA PARA TELHADOS COM ATÉ 2 ÁGUAS E COM TELHA ONDULADA DE FIBROCIMENTO, ALUMÍNIO OU PLÁSTICA EM EDIFÍCIO INSTITUCIONAL TÉRREO, INCLUSO TRANSPORTE VERTICAL. AF_07/2019","M2",29.65]
[100385,"FABRICAÇÃO E INSTALAÇÃO DE PONTALETES DE MADEIRA NÃO APARELHADA PARA TELHADOS COM MAIS QUE 2 ÁGUAS E COM TELHA CERÂMICA OU DE CONCRETO EM EDIFÍCIO RESIDENCIAL TÉRREO, INCLUSO TRANSPORTE VERTICAL. AF_07/2019","M2",36.700000000000003]
[100386,"FABRICAÇÃO E INSTALAÇÃO DE PONTALETES DE MADEIRA NÃO APARELHADA PARA TELHADOS COM MAIS QUE 2 ÁGUAS E COM TELHA CERÂMICA OU DE CONCRETO EM EDIFÍCIO RESIDENCIAL DE MÚLTIPLOS PAVIMENTOS. AF_07/2019","M2",46.38]
[100387,"FABRICAÇÃO E INSTALAÇÃO DE PONTALETES DE MADEIRA NÃO APARELHADA PARA TELHADOS COM MAIS QUE 2 ÁGUAS E COM TELHA CERÂMICA OU DE CONCRETO EM EDIFÍCIO INSTITUCIONAL TÉRREO, INCLUSO TRANSPORTE VERTICAL. AF_07/2019","M2",57.13]
[100388,"RETIRADA E RECOLOCAÇÃO DE RIPA EM TELHADOS DE ATÉ 2 ÁGUAS COM TELHA CERÂMICA OU DE CONCRETO DE ENCAIXE, INCLUSO TRANSPORTE VERTICAL. AF_07/2019","M2",19.73]
[100389,"RETIRADA E RECOLOCAÇÃO DE CAIBRO EM TELHADOS DE ATÉ 2 ÁGUAS COM TELHA CERÂMICA OU DE CONCRETO DE ENCAIXE, INCLUSO TRANSPORTE VERTICAL. AF_07/2019","M2",16.55]
[100390,"RETIRADA E RECOLOCAÇÃO DE RIPA EM TELHADOS DE MAIS DE 2 ÁGUAS COM TELHA CERÂMICA OU DE CONCRETO DE ENCAIXE, INCLUSO TRANSPORTE VERTICAL. AF_07/2019","M2",22.83]
[100391,"RETIRADA E RECOLOCAÇÃO DE CAIBRO EM TELHADOS DE MAIS DE 2 ÁGUAS COM TELHA CERÂMICA OU DE CONCRETO DE ENCAIXE, INCLUSO TRANSPORTE VERTICAL. AF_07/2019","M2",18.54]
[100392,"RETIRADA E RECOLOCAÇÃO DE RIPA EM TELHADOS DE ATÉ 2 ÁGUAS COM TELHA CERÂMICA CAPA-CANAL, INCLUSO TRANSPORTE VERTICAL. AF_07/2019","M2",15.53]
[100393,"RETIRADA E RECOLOCAÇÃO DE CAIBRO EM TELHADOS DE ATÉ 2 ÁGUAS COM TELHA CERÂMICA CAPA-CANAL, INCLUSO TRANSPORTE VERTICAL. AF_07/2019","M2",18.98]
[100394,"RETIRADA E RECOLOCAÇÃO DE RIPA EM TELHADOS DE MAIS DE 2 ÁGUAS COM TELHA CERÂMICA CAPA-CANAL, INCLUSO TRANSPORTE VERTICAL. AF_07/2019","M2",17.95]
[100395,"RETIRADA E RECOLOCAÇÃO DE CAIBRO EM TELHADOS DE MAIS DE 2 ÁGUAS COM TELHA CERÂMICA CAPA-CANAL, INCLUSO TRANSPORTE VERTICAL. AF_07/2019","M2",22.1]
[94189,"TELHAMENTO COM TELHA DE CONCRETO DE ENCAIXE, COM ATÉ 2 ÁGUAS, INCLUSO TRANSPORTE VERTICAL. AF_07/2019","M2",26.2]
[94192,"TELHAMENTO COM TELHA DE CONCRETO DE ENCAIXE, COM MAIS DE 2 ÁGUAS, INCLUSO TRANSPORTE VERTICAL. AF_07/2019","M2",28.34]
[94195,"TELHAMENTO COM TELHA CERÂMICA DE ENCAIXE, TIPO PORTUGUESA, COM ATÉ 2 ÁGUAS, INCLUSO TRANSPORTE VERTICAL. AF_07/2019","M2",36.39]
[94198,"TELHAMENTO COM TELHA CERÂMICA DE ENCAIXE, TIPO PORTUGUESA, COM MAIS DE 2 ÁGUAS, INCLUSO TRANSPORTE VERTICAL. AF_07/2019","M2",39.22]
[94201,"TELHAMENTO COM TELHA CERÂMICA CAPA-CANAL, TIPO COLONIAL, COM ATÉ 2 ÁGUAS, INCLUSO TRANSPORTE VERTICAL. AF_07/2019","M2",51.49]
[94204,"TELHAMENTO COM TELHA CERÂMICA CAPA-CANAL, TIPO COLONIAL, COM MAIS DE 2 ÁGUAS, INCLUSO TRANSPORTE VERTICAL. AF_07/2019","M2",56.32]
[94224,"EMBOÇAMENTO COM ARGAMASSA TRAÇO 1:2:9 (CIMENTO, CAL E AREIA). AF_07/2019","M",20.89]
[94225,"ISOLAMENTO TERMOACÚSTICO COM LÃ MINERAL NA SUBCOBERTURA, INCLUSO TRANSPORTE VERTICAL. AF_07/2019","M2",18.37]
[94226,"SUBCOBERTURA COM MANTA PLÁSTICA REVESTIDA POR PELÍCULA DE ALUMÍNO, INCLUSO TRANSPORTE VERTICAL. AF_07/2019","M2",16.59]
[94232,"AMARRAÇÃO DE TELHAS CERÂMICAS OU DE CONCRETO. AF_07/2019","UN",2.59]
[94440,"TELHAMENTO COM TELHA CERÂMICA DE ENCAIXE, TIPO FRANCESA, COM ATÉ 2 ÁGUAS, INCLUSO TRANSPORTE VERTICAL. AF_07/2019","M2",36.39]
[94441,"TELHAMENTO COM TELHA CERÂMICA DE ENCAIXE, TIPO FRANCESA, COM MAIS DE 2 ÁGUAS, INCLUSO TRANSPORTE VERTICAL. AF_07/2019","M2",39.22]
[94442,"TELHAMENTO COM TELHA CERÂMICA DE ENCAIXE, TIPO ROMANA, COM ATÉ 2 ÁGUAS, INCLUSO TRANSPORTE VERTICAL. AF_07/2019","M2",36.39]
[94443,"TELHAMENTO COM TELHA CERÂMICA DE ENCAIXE, TIPO ROMANA, COM MAIS DE 2 ÁGUAS, INCLUSO TRANSPORTE VERTICAL. AF_07/2019","M2",39.22]
[94445,"TELHAMENTO COM TELHA CERÂMICA CAPA-CANAL, TIPO PLAN, COM ATÉ 2 ÁGUAS, INCLUSO TRANSPORTE VERTICAL. AF_07/2019","M2",51.49]
[94446,"TELHAMENTO COM TELHA CERÂMICA CAPA-CANAL, TIPO PLAN, COM MAIS DE 2 ÁGUAS, INCLUSO TRANSPORTE VERTICAL. AF_07/2019","M2",56.32]
[94447,"TELHAMENTO COM TELHA CERÂMICA CAPA-CANAL, TIPO PAULISTA, COM ATÉ 2 ÁGUAS, INCLUSO TRANSPORTE VERTICAL. AF_07/2019","M2",51.49]
[94448,"TELHAMENTO COM TELHA CERÂMICA CAPA-CANAL, TIPO PAULISTA, COM MAIS DE 2 ÁGUAS, INCLUSO TRANSPORTE VERTICAL. AF_07/2019","M2",56.32]
[94207,"TELHAMENTO COM TELHA ONDULADA DE FIBROCIMENTO E = 6 MM, COM RECOBRIMENTO LATERAL DE 1/4 DE ONDA PARA TELHADO COM INCLINAÇÃO MAIOR QUE 10°, COM ATÉ 2 ÁGUAS, INCLUSO IÇAMENTO. AF_07/2019","M2",37.96]
[94210,"TELHAMENTO COM TELHA ONDULADA DE FIBROCIMENTO E = 6 MM, COM RECOBRIMENTO LATERAL DE 1 1/4 DE ONDA PARA TELHADO COM INCLINAÇÃO MÁXIMA DE 10°, COM ATÉ 2 ÁGUAS, INCLUSO IÇAMENTO. AF_07/2019","M2",40.28]
[94218,"TELHAMENTO COM TELHA ESTRUTURAL DE FIBROCIMENTO E= 6 MM, COM ATÉ 2 ÁGUAS, INCLUSO IÇAMENTO. AF_07/2019","M2",81.03]
[94213,"TELHAMENTO COM TELHA DE AÇO/ALUMÍNIO E = 0,5 MM, COM ATÉ 2 ÁGUAS, INCLUSO IÇAMENTO. AF_07/2019","M2",69.73]
[94216,"TELHAMENTO COM TELHA METÁLICA TERMOACÚSTICA E = 30 MM, COM ATÉ 2 ÁGUAS, INCLUSO IÇAMENTO. AF_07/2019","M2",202.28]
[94219,"CUMEEIRA E ESPIGÃO PARA TELHA CERÂMICA EMBOÇADA COM ARGAMASSA TRAÇO 1:2:9 (CIMENTO, CAL E AREIA), PARA TELHADOS COM MAIS DE 2 ÁGUAS, INCLUSO TRANSPORTE VERTICAL. AF_07/2019","M",28.99]
[94220,"CUMEEIRA E ESPIGÃO PARA TELHA DE CONCRETO EMBOÇADA COM ARGAMASSA TRAÇO 1:2:9 (CIMENTO, CAL E AREIA), PARA TELHADOS COM MAIS DE 2 ÁGUAS, INCLUSO TRANSPORTE VERTICAL. AF_07/2019","M",38.47]
[94221,"CUMEEIRA PARA TELHA CERÂMICA EMBOÇADA COM ARGAMASSA TRAÇO 1:2:9 (CIMENTO, CAL E AREIA) PARA TELHADOS COM ATÉ 2 ÁGUAS, INCLUSO TRANSPORTE VERTICAL. AF_07/2019","M",23.39]
[94222,"CUMEEIRA PARA TELHA DE CONCRETO EMBOÇADA COM ARGAMASSA TRAÇO 1:2:9 (CIMENTO, CAL E AREIA) PARA TELHADOS COM ATÉ 2 ÁGUAS, INCLUSO TRANSPORTE VERTICAL. AF_07/2019","M",32.869999999999997]
[94223,"CUMEEIRA PARA TELHA DE FIBROCIMENTO ONDULADA E = 6 MM, INCLUSO ACESSÓRIOS DE FIXAÇÃO E IÇAMENTO. AF_07/2019","M",50.62]
[94451,"CUMEEIRA PARA TELHA DE FIBROCIMENTO ESTRUTURAL E = 6 MM, INCLUSO ACESSÓRIOS DE FIXAÇÃO E IÇAMENTO. AF_07/2019","M",108.46]
[100325,"CUMEEIRA SHED PARA TELHA ONDULADA DE FIBROCIMENTO, E = 6 MM, INCLUSO ACESSÓRIOS DE FIXAÇÃO E IÇAMENTO. AF_07/2019","M",48.81]
[100327,"RUFO EXTERNO/INTERNO EM CHAPA DE AÇO GALVANIZADO NÚMERO 26, CORTE DE 33 CM, INCLUSO IÇAMENTO. AF_07/2019","M",57.23]
[100328,"RETIRADA E RECOLOCAÇÃO DE  TELHA CERÂMICA DE ENCAIXE, COM ATÉ DUAS ÁGUAS, INCLUSO IÇAMENTO. AF_07/2019","M2",12.69]
[100329,"RETIRADA E RECOLOCAÇÃO DE  TELHA CERÂMICA DE ENCAIXE, COM MAIS DE DUAS ÁGUAS, INCLUSO IÇAMENTO. AF_07/2019","M2",15.55]
[100330,"RETIRADA E RECOLOCAÇÃO DE  TELHA CERÂMICA CAPA-CANAL, COM ATÉ DUAS ÁGUAS, INCLUSO IÇAMENTO. AF_07/2019","M2",17.260000000000002]
[100331,"RETIRADA E RECOLOCAÇÃO DE  TELHA CERÂMICA CAPA-CANAL, COM MAIS DE DUAS ÁGUAS, INCLUSO IÇAMENTO. AF_07/2019","M2",22.11]
[100434,"CALHA DE BEIRAL, SEMICIRCULAR DE PVC, DIAMETRO 125 MM, INCLUINDO CABECEIRAS, EMENDAS, BOCAIS, SUPORTES E VEDAÇÕES, EXCLUINDO CONDUTORES, INCLUSO TRANSPORTE VERTICAL. AF_07/2019","M",57.52]
[100435,"RUFO EM FIBROCIMENTO PARA TELHA ONDULADA E = 6 MM, ABA DE 26 CM, INCLUSO TRANSPORTE VERTICAL, EXCETO CONTRARRUFO. AF_07/2019","M",24.69]
[94227,"CALHA EM CHAPA DE AÇO GALVANIZADO NÚMERO 24, DESENVOLVIMENTO DE 33 CM, INCLUSO TRANSPORTE VERTICAL. AF_07/2019","M",66.14]
[94228,"CALHA EM CHAPA DE AÇO GALVANIZADO NÚMERO 24, DESENVOLVIMENTO DE 50 CM, INCLUSO TRANSPORTE VERTICAL. AF_07/2019","M",89.47]
[94229,"CALHA EM CHAPA DE AÇO GALVANIZADO NÚMERO 24, DESENVOLVIMENTO DE 100 CM, INCLUSO TRANSPORTE VERTICAL. AF_07/2019","M",173.63]
[94231,"RUFO EM CHAPA DE AÇO GALVANIZADO NÚMERO 24, CORTE DE 25 CM, INCLUSO TRANSPORTE VERTICAL. AF_07/2019","M",50.72]
[94449,"TELHAMENTO COM TELHA ONDULADA DE FIBRA DE VIDRO E = 0,6 MM, PARA TELHADO COM INCLINAÇÃO MAIOR QUE 10°, COM ATÉ 2 ÁGUAS, INCLUSO IÇAMENTO. AF_07/2019","M2",49.98]
[92255,"INSTALAÇÃO DE TESOURA (INTEIRA OU MEIA), EM AÇO, PARA VÃOS MAIORES OU IGUAIS A 3,0 M E MENORES QUE 6,0 M, INCLUSO IÇAMENTO. AF_07/2019","UN",172.06]
[92256,"INSTALAÇÃO DE TESOURA (INTEIRA OU MEIA), EM AÇO, PARA VÃOS MAIORES OU IGUAIS A 6,0 M E MENORES QUE 8,0 M, INCLUSO IÇAMENTO. AF_07/2019","UN",211.6]
[92257,"INSTALAÇÃO DE TESOURA (INTEIRA OU MEIA), EM AÇO, PARA VÃOS MAIORES OU IGUAIS A 8,0 M E MENORES QUE 10,0 M, INCLUSO IÇAMENTO. AF_07/2019","UN",250.56]
[92258,"INSTALAÇÃO DE TESOURA (INTEIRA OU MEIA), EM AÇO, PARA VÃOS MAIORES OU IGUAIS A 10,0 M E MENORES QUE 12,0 M, INCLUSO IÇAMENTO. AF_07/2019","UN",313.24]
[92568,"TRAMA DE AÇO COMPOSTA POR RIPAS, CAIBROS E TERÇAS PARA TELHADOS DE ATÉ 2 ÁGUAS PARA TELHA DE ENCAIXE DE CERÂMICA OU DE CONCRETO, INCLUSO TRANSPORTE VERTICAL. AF_07/2019","M2",119.32]
[92569,"TRAMA DE AÇO COMPOSTA POR RIPAS E CAIBROS PARA TELHADOS DE ATÉ 2 ÁGUAS PARA TELHA DE ENCAIXE DE CERÂMICA OU DE CONCRETO, INCLUSO TRANSPORTE VERTICAL. AF_07/2019","M2",66.25]
[92570,"TRAMA DE AÇO COMPOSTA POR RIPAS PARA TELHADOS DE ATÉ 2 ÁGUAS PARA TELHA DE ENCAIXE DE CERÂMICA OU DE CONCRETO, INCLUSO TRANSPORTE VERTICAL. AF_07/2019","M2",41.84]
[92571,"TRAMA DE AÇO COMPOSTA POR RIPAS, CAIBROS E TERÇAS PARA TELHADOS DE MAIS DE 2 ÁGUAS PARA TELHA DE ENCAIXE DE CERÂMICA OU DE CONCRETO, INCLUSO TRANSPORTE VERTICAL. AF_07/2019","M2",126.92]
[92572,"TRAMA DE AÇO COMPOSTA POR RIPAS E CAIBROS PARA TELHADOS DE MAIS DE 2 ÁGUAS PARA TELHA DE ENCAIXE DE CERÂMICA OU DE CONCRETO, INCLUSO TRANSPORTE VERTICAL. AF_07/2019","M2",75.88]
[92573,"TRAMA DE AÇO COMPOSTA POR RIPAS PARA TELHADOS DE MAIS DE 2 ÁGUAS PARA TELHA DE ENCAIXE DE CERÂMICA OU DE CONCRETO, INCLUSO TRANSPORTE VERTICAL, INCLUSO TRANSPORTE VERTICAL. AF_07/2019","M2",45.07]
[92574,"TRAMA DE AÇO COMPOSTA POR RIPAS, CAIBROS E TERÇAS PARA TELHADOS DE ATÉ 2 ÁGUAS PARA TELHA CERÂMICA CAPA-CANAL, INCLUSO TRANSPORTE VERTICAL. AF_07/2019","M2",121.23]
[92575,"TRAMA DE AÇO COMPOSTA POR RIPAS E CAIBROS PARA TELHADOS DE ATÉ 2 ÁGUAS PARA TELHA CERÂMICA CAPA-CANAL, INCLUSO TRANSPORTE VERTICAL. AF_07/2019","M2",60.69]
[92576,"TRAMA DE AÇO COMPOSTA POR RIPAS PARA TELHADOS DE ATÉ 2 ÁGUAS PARA TELHA CERÂMICA CAPA-CANAL, INCLUSO TRANSPORTE VERTICAL. AF_07/2019","M2",33.08]
[92577,"TRAMA DE AÇO COMPOSTA POR RIPAS, CAIBROS E TERÇAS PARA TELHADOS DE MAIS DE 2 ÁGUAS PARA TELHA CERÂMICA CAPA-CANAL, INCLUSO TRANSPORTE VERTICAL. AF_07/2019","M2",129.27000000000001]
[92578,"TRAMA DE AÇO COMPOSTA POR RIPAS E CAIBROS PARA TELHADOS DE MAIS DE 2 ÁGUAS PARA TELHA CERÂMICA CAPA-CANAL, INCLUSO TRANSPORTE VERTICAL. AF_07/2019","M2",65.150000000000006]
[92579,"TRAMA DE AÇO COMPOSTA POR RIPAS PARA TELHADOS DE MAIS DE 2 ÁGUAS PARA TELHA CERÂMICA CAPA-CANAL, INCLUSO TRANSPORTE VERTICAL. AF_07/2019","M2",35.67]
[92580,"TRAMA DE AÇO COMPOSTA POR TERÇAS PARA TELHADOS DE ATÉ 2 ÁGUAS PARA TELHA ONDULADA DE FIBROCIMENTO, METÁLICA, PLÁSTICA OU TERMOACÚSTICA, INCLUSO TRANSPORTE VERTICAL. AF_07/2019","M2",44.42]
[92581,"TRAMA DE AÇO COMPOSTA POR TERÇAS PARA TELHADOS DE ATÉ 2 ÁGUAS PARA TELHA ESTRUTURAL DE FIBROCIMENTO, INCLUSO TRANSPORTE VERTICAL. AF_07/2019","M2",46.32]
[92582,"FABRICAÇÃO E INSTALAÇÃO DE TESOURA INTEIRA EM AÇO, VÃO DE 3 M, PARA TELHA CERÂMICA OU DE CONCRETO, INCLUSO IÇAMENTO. AF_12/2015","UN",653.34]
[92584,"FABRICAÇÃO E INSTALAÇÃO DE TESOURA INTEIRA EM AÇO, VÃO DE 4 M, PARA TELHA CERÂMICA OU DE CONCRETO, INCLUSO IÇAMENTO. AF_12/2015","UN",765.29]
[92586,"FABRICAÇÃO E INSTALAÇÃO DE TESOURA INTEIRA EM AÇO, VÃO DE 5 M, PARA TELHA CERÂMICA OU DE CONCRETO, INCLUSO IÇAMENTO. AF_12/2015","UN",877.24]
[92588,"FABRICAÇÃO E INSTALAÇÃO DE TESOURA INTEIRA EM AÇO, VÃO DE 6 M, PARA TELHA CERÂMICA OU DE CONCRETO, INCLUSO IÇAMENTO. AF_12/2015","UN",1109.5899999999999]
[92590,"FABRICAÇÃO E INSTALAÇÃO DE TESOURA INTEIRA EM AÇO, VÃO DE 7 M, PARA TELHA CERÂMICA OU DE CONCRETO, INCLUSO IÇAMENTO. AF_12/2015","UN",1221.54]
[92592,"FABRICAÇÃO E INSTALAÇÃO DE TESOURA INTEIRA EM AÇO, VÃO DE 8 M, PARA TELHA CERÂMICA OU DE CONCRETO, INCLUSO IÇAMENTO. AF_12/2015","UN",1372.45]
[92593,"(COMPOSIÇÃO REPRESENTATIVA) FABRICAÇÃO E INSTALAÇÃO DE TESOURA INTEIRA EM AÇO, PARA VÃOS DE 3 A 12 M E PARA QUALQUER TIPO DE TELHA, INCLUSO IÇAMENTO. AF_12/2015","KG",10.4]
[92594,"FABRICAÇÃO E INSTALAÇÃO DE TESOURA INTEIRA EM AÇO, VÃO DE 9 M, PARA TELHA CERÂMICA OU DE CONCRETO, INCLUSO IÇAMENTO. AF_12/2015","UN",1593.6]
[92596,"FABRICAÇÃO E INSTALAÇÃO DE TESOURA INTEIRA EM AÇO, VÃO DE 10 M, PARA TELHA CERÂMICA OU DE CONCRETO, INCLUSO IÇAMENTO. AF_12/2015","UN",1773.02]
[92598,"FABRICAÇÃO E INSTALAÇÃO DE TESOURA INTEIRA EM AÇO, VÃO DE 11 M, PARA TELHA CERÂMICA OU DE CONCRETO, INCLUSO IÇAMENTO. AF_12/2015","UN",1884.97]
[92600,"FABRICAÇÃO E INSTALAÇÃO DE TESOURA INTEIRA EM AÇO, VÃO DE 12 M, PARA TELHA CERÂMICA OU DE CONCRETO, INCLUSO IÇAMENTO. AF_12/2015","UN",2025.25]
[92602,"FABRICAÇÃO E INSTALAÇÃO DE TESOURA INTEIRA EM AÇO, VÃO DE 3 M, PARA TELHA ONDULADA DE FIBROCIMENTO, METÁLICA, PLÁSTICA OU TERMOACÚSTICA, INCLUSO IÇAMENTO.. AF_12/2015","UN",653.34]
[92604,"FABRICAÇÃO E INSTALAÇÃO DE TESOURA INTEIRA EM AÇO, VÃO DE 4 M, PARA TELHA ONDULADA DE FIBROCIMENTO, METÁLICA, PLÁSTICA OU TERMOACÚSTICA, INCLUSO IÇAMENTO. AF_12/2015","UN",736.96]
[92606,"FABRICAÇÃO E INSTALAÇÃO DE TESOURA INTEIRA EM AÇO, VÃO DE 5 M, PARA TELHA ONDULADA DE FIBROCIMENTO, METÁLICA, PLÁSTICA OU TERMOACÚSTICA, INCLUSO IÇAMENTO. AF_12/2015","UN",848.91]
[92608,"FABRICAÇÃO E INSTALAÇÃO DE TESOURA INTEIRA EM AÇO, VÃO DE 6 M, PARA TELHA ONDULADA DE FIBROCIMENTO, METÁLICA, PLÁSTICA OU TERMOACÚSTICA, INCLUSO IÇAMENTO. AF_12/2015","UN",1052.94]
[92610,"FABRICAÇÃO E INSTALAÇÃO DE TESOURA INTEIRA EM AÇO, VÃO DE 7 M, PARA TELHA ONDULADA DE FIBROCIMENTO, METÁLICA, PLÁSTICA OU TERMOACÚSTICA, INCLUSO IÇAMENTO. AF_12/2015","UN",1164.8800000000001]
[92612,"FABRICAÇÃO E INSTALAÇÃO DE TESOURA INTEIRA EM AÇO, VÃO DE 8 M, PARA TELHA ONDULADA DE FIBROCIMENTO, METÁLICA, PLÁSTICA OU TERMOACÚSTICA, INCLUSO IÇAMENTO, INCLUSO IÇAMENTO. AF_12/2015","UN",1315.79]
[92614,"FABRICAÇÃO E INSTALAÇÃO DE TESOURA INTEIRA EM AÇO, VÃO DE 9 M, PARA TELHA ONDULADA DE FIBROCIMENTO, METÁLICA, PLÁSTICA OU TERMOACÚSTICA, INCLUSO IÇAMENTO. AF_12/2015","UN",1480.29]
[92616,"FABRICAÇÃO E INSTALAÇÃO DE TESOURA INTEIRA EM AÇO, VÃO DE 10 M, PARA TELHA ONDULADA DE FIBROCIMENTO, METÁLICA, PLÁSTICA OU TERMOACÚSTICA, INCLUSO IÇAMENTO. AF_12/2015","UN",1688.03]
[92618,"FABRICAÇÃO E INSTALAÇÃO DE TESOURA INTEIRA EM AÇO, VÃO DE 11 M, PARA TELHA ONDULADA DE FIBROCIMENTO, METÁLICA, PLÁSTICA OU TERMOACÚSTICA, INCLUSO IÇAMENTO. AF_12/2015","UN",1799.98]
[92620,"FABRICAÇÃO E INSTALAÇÃO DE TESOURA INTEIRA EM AÇO, VÃO DE 12 M, PARA TELHA ONDULADA DE FIBROCIMENTO, METÁLICA, PLÁSTICA OU TERMOACÚSTICA, INCLUSO IÇAMENTO. AF_12/2015","UN",1911.93]
[100357,"FABRICAÇÃO E INSTALAÇÃO DE MEIA TESOURA DE MADEIRA NÃO APARELHADA, COM VÃO DE 3 M, PARA TELHA CERÂMICA OU DE CONCRETO, INCLUSO IÇAMENTO. AF_07/2019","UN",1128.8399999999999]
[100358,"FABRICAÇÃO E INSTALAÇÃO DE MEIA TESOURA DE MADEIRA NÃO APARELHADA, COM VÃO DE 4 M, PARA TELHA CERÂMICA OU DE CONCRETO, INCLUSO IÇAMENTO. AF_07/2019","UN",1495.13]
[100359,"FABRICAÇÃO E INSTALAÇÃO DE MEIA TESOURA DE MADEIRA NÃO APARELHADA, COM VÃO DE 5 M, PARA TELHA CERÂMICA OU DE CONCRETO, INCLUSO IÇAMENTO. AF_07/2019","UN",1586.16]
[100360,"FABRICAÇÃO E INSTALAÇÃO DE MEIA TESOURA DE MADEIRA NÃO APARELHADA, COM VÃO DE 6 M, PARA TELHA CERÂMICA OU DE CONCRETO, INCLUSO IÇAMENTO. AF_07/2019","UN",1763.55]
[100361,"FABRICAÇÃO E INSTALAÇÃO DE MEIA TESOURA DE MADEIRA NÃO APARELHADA, COM VÃO DE 7 M, PARA TELHA CERÂMICA OU DE CONCRETO, INCLUSO IÇAMENTO. AF_07/2019","UN",2169.27]
[100362,"FABRICAÇÃO E INSTALAÇÃO DE MEIA TESOURA DE MADEIRA NÃO APARELHADA, COM VÃO DE 8 M, PARA TELHA CERÂMICA OU DE CONCRETO, INCLUSO IÇAMENTO. AF_07/2019","UN",2901.52]
[100363,"FABRICAÇÃO E INSTALAÇÃO DE MEIA TESOURA DE MADEIRA NÃO APARELHADA, COM VÃO DE 9 M, PARA TELHA CERÂMICA OU DE CONCRETO, INCLUSO IÇAMENTO. AF_07/2019","UN",3011.15]
[100364,"FABRICAÇÃO E INSTALAÇÃO DE MEIA TESOURA DE MADEIRA NÃO APARELHADA, COM VÃO DE 10 M, PARA TELHA CERÂMICA OU DE CONCRETO, INCLUSO IÇAMENTO. AF_07/2019","UN",3271.14]
[100365,"FABRICAÇÃO E INSTALAÇÃO DE MEIA TESOURA DE MADEIRA NÃO APARELHADA, COM VÃO DE 11 M, PARA TELHA CERÂMICA OU DE CONCRETO, INCLUSO IÇAMENTO. AF_07/2019","UN",3743]
[100366,"FABRICAÇÃO E INSTALAÇÃO DE MEIA TESOURA DE MADEIRA NÃO APARELHADA, COM VÃO DE 12 M, PARA TELHA CERÂMICA OU DE CONCRETO, INCLUSO IÇAMENTO. AF_07/2019","UN",4043.08]
[100367,"FABRICAÇÃO E INSTALAÇÃO DE MEIA TESOURA DE MADEIRA NÃO APARELHADA, COM VÃO DE 3 M, PARA TELHA ONDULADA DE FIBROCIMENTO, ALUMÍNIO, PLÁSTICA OU TERMOACÚSTICA, INCLUSO IÇAMENTO. AF_07/2019","UN",1093.31]
[100368,"FABRICAÇÃO E INSTALAÇÃO DE MEIA TESOURA DE MADEIRA NÃO APARELHADA, COM VÃO DE 4 M, PARA TELHA ONDULADA DE FIBROCIMENTO, ALUMÍNIO, PLÁSTICA OU TERMOACÚSTICA, INCLUSO IÇAMENTO. AF_07/2019","UN",1451.29]
[100369,"FABRICAÇÃO E INSTALAÇÃO DE MEIA TESOURA DE MADEIRA NÃO APARELHADA, COM VÃO DE 5 M, PARA TELHA ONDULADA DE FIBROCIMENTO, ALUMÍNIO, PLÁSTICA OU TERMOACÚSTICA, INCLUSO IÇAMENTO. AF_07/2019","UN",1542.32]
[100370,"FABRICAÇÃO E INSTALAÇÃO DE MEIA TESOURA DE MADEIRA NÃO APARELHADA, COM VÃO DE 6 M, PARA TELHA ONDULADA DE FIBROCIMENTO, ALUMÍNIO, PLÁSTICA OU TERMOACÚSTICA, INCLUSO IÇAMENTO. AF_07/2019","UN",1855.49]
[100371,"FABRICAÇÃO E INSTALAÇÃO DE MEIA TESOURA DE MADEIRA NÃO APARELHADA, COM VÃO DE 7 M, PARA TELHA ONDULADA DE FIBROCIMENTO, ALUMÍNIO, PLÁSTICA OU TERMOACÚSTICA, INCLUSO IÇAMENTO. AF_07/2019","UN",2052.36]
[100372,"FABRICAÇÃO E INSTALAÇÃO DE MEIA TESOURA DE MADEIRA NÃO APARELHADA, COM VÃO DE 8 M, PARA TELHA ONDULADA DE FIBROCIMENTO, ALUMÍNIO, PLÁSTICA OU TERMOACÚSTICA, INCLUSO IÇAMENTO. AF_07/2019","UN",2701.21]
[100373,"FABRICAÇÃO E INSTALAÇÃO DE MEIA TESOURA DE MADEIRA NÃO APARELHADA, COM VÃO DE 9 M, PARA TELHA ONDULADA DE FIBROCIMENTO, ALUMÍNIO, PLÁSTICA OU TERMOACÚSTICA, INCLUSO IÇAMENTO. AF_07/2019","UN",2811.68]
[100374,"FABRICAÇÃO E INSTALAÇÃO DE MEIA TESOURA DE MADEIRA NÃO APARELHADA, COM VÃO DE 10 M, PARA TELHA ONDULADA DE FIBROCIMENTO, ALUMÍNIO, PLÁSTICA OU TERMOACÚSTICA, INCLUSO IÇAMENTO. AF_07/2019","UN",3009.74]
[100375,"FABRICAÇÃO E INSTALAÇÃO DE MEIA TESOURA DE MADEIRA NÃO APARELHADA, COM VÃO DE 11 M, PARA TELHA ONDULADA DE FIBROCIMENTO, ALUMÍNIO, PLÁSTICA OU TERMOACÚSTICA, INCLUSO IÇAMENTO. AF_07/2019","UN",3351.97]
[100376,"FABRICAÇÃO E INSTALAÇÃO DE MEIA TESOURA DE MADEIRA NÃO APARELHADA, COM VÃO DE 12 M, PARA TELHA ONDULADA DE FIBROCIMENTO, ALUMÍNIO, PLÁSTICA OU TERMOACÚSTICA, INCLUSO IÇAMENTO. AF_07/2019","UN",3263.87]
[100377,"FABRICAÇÃO E INSTALAÇÃO DE TESOURA (INTEIRA OU MEIA) EM AÇO, VÃOS MAIORES OU IGUAIS A 3,0 M E MENORES OU IGUAL A 6,0 M, INCLUSO IÇAMENTO. AF_07/2019","KG",10.85]
[100378,"FABRICAÇÃO E INSTALAÇÃO DE TESOURA (INTEIRA OU MEIA) EM AÇO, VÃOS MAIORES QUE 6,0 M E MENORES QUE 12,0 M, INCLUSO IÇAMENTO. AF_07/2019","KG",10.1]
[100382,"FABRICAÇÃO E INSTALAÇÃO DE PONTALETES DE MADEIRA NÃO APARELHADA PARA TELHADOS COM ATÉ 2 ÁGUAS E COM TELHA ONDULADA DE FIBROCIMENTO, ALUMÍNIO OU PLÁSTICA EM EDIFÍCIO RESIDENCIAL TÉRREO, INCLUSO TRANSPORTE VERTICAL. AF_07/2019","M2",26.53]
[94444,"TELHAMENTO COM TELHA DE ENCAIXE, TIPO FRANCESA DE VIDRO, COM ATÉ 2 ÁGUAS, INCLUSO TRANSPORTE VERTICAL. AF_07/2019","M2",692.93]
["73881/1","EXECUCAO DE DRENO COM MANTA GEOTEXTIL 200 G/M2","M2",5.5]
["73883/2","EXECUCAO DE DRENO FRANCES COM BRITA NUM 2","M3",124.74]
[92743,"MURO DE GABIÃO, ENCHIMENTO COM PEDRA DE MÃO TIPO RACHÃO, DE GRAVIDADE, COM GAIOLAS DE COMPRIMENTO IGUAL A 2 M, PARA MUROS COM ALTURA MENOR OU IGUAL A 4 M \u0096 FORNECIMENTO E EXECUÇÃO. AF_12/2015","M3",524.41]
[92744,"MURO DE GABIÃO, ENCHIMENTO COM PEDRA DE MÃO TIPO RACHÃO, DE GRAVIDADE, COM GAIOLAS DE COMPRIMENTO IGUAL A 5 M, PARA MUROS COM ALTURA MENOR OU IGUAL A 4 M \u0096 FORNECIMENTO E EXECUÇÃO. AF_12/2015","M3",501.02]
[92745,"MURO DE GABIÃO, ENCHIMENTO COM PEDRA DE MÃO TIPO RACHÃO, DE GRAVIDADE, COM GAIOLAS DE COMPRIMENTO IGUAL A 2 M, PARA MUROS COM ALTURA MAIOR QUE 4 M E MENOR OU IGUAL A 6 M \u0096 FORNECIMENTO E EXECUÇÃO. AF_12/2015","M3",648.33000000000004]
[92746,"MURO DE GABIÃO, ENCHIMENTO COM PEDRA DE MÃO TIPO RACHÃO, DE GRAVIDADE, COM GAIOLAS DE COMPRIMENTO IGUAL A 5 M, PARA MUROS COM ALTURA MAIOR QUE 4 M E MENOR OU IGUAL A 6 M   FORNECIMENTO E EXECUÇÃO. AF_12/2015","M3",592.67999999999995]
[92747,"MURO DE GABIÃO, ENCHIMENTO COM PEDRA DE MÃO TIPO RACHÃO, DE GRAVIDADE, COM GAIOLAS DE COMPRIMENTO IGUAL A 2 M, PARA MUROS COM ALTURA MAIOR QUE 6 M E MENOR OU IGUAL A 10 M   FORNECIMENTO E EXECUÇÃO. AF_12/2015","M3",718.38]
[92748,"MURO DE GABIÃO, ENCHIMENTO COM PEDRA DE MÃO TIPO RACHÃO, DE GRAVIDADE, COM GAIOLAS DE COMPRIMENTO IGUAL A 5 M, PARA MUROS COM ALTURA MAIOR QUE 6 M E MENOR OU IGUAL A 10 M\u0096 FORNECIMENTO E EXECUÇÃO. AF_12/2015","M3",644.69000000000005]
[92749,"MURO DE GABIÃO, ENCHIMENTO COM PEDRA DE MÃO TIPO RACHÃO, COM SOLO REFORÇADO, PARA MUROS COM ALTURA MENOR OU IGUAL A 4 M   FORNECIMENTO E EXECUÇÃO. AF_12/2015","M3",747.26]
[92750,"MURO DE GABIÃO, ENCHIMENTO COM PEDRA DE MÃO TIPO RACHÃO, COM SOLO REFORÇADO, PARA MUROS COM ALTURA MAIOR QUE 4 M E MENOR OU IGUAL A 12 M   FORNECIMENTO E EXECUÇÃO. AF_12/2015","M3",1277.68]
[92751,"MURO DE GABIÃO, ENCHIMENTO COM PEDRA DE MÃO TIPO RACHÃO, COM SOLO REFORÇADO, PARA MUROS COM ALTURA MAIOR QUE 12 M E MENOR OU IGUAL A 20 M    FORNECIMENTO E EXECUÇÃO. AF_12/2015","M3",1585.33]
[92752,"MURO DE GABIÃO, ENCHIMENTO COM PEDRA DE MÃO TIPO RACHÃO, COM SOLO REFORÇADO, PARA MUROS COM ALTURA MAIOR QUE 20 M E MENOR OU IGUAL A 28 M   FORNECIMENTO E EXECUÇÃO. AF_12/2015","M3",1891.76]
[92753,"MURO DE GABIÃO, ENCHIMENTO COM RESÍDUO DE CONSTRUÇÃO E DEMOLIÇÃO, DE GRAVIDADE, COM GAIOLA TRAPEZOIDAL DE COMPRIMENTO IGUAL A 2 M, PARA MUROS COM ALTURA MENOR OU IGUAL A 2 M   FORNECIMENTO E EXECUÇÃO. AF_12/2015","M3",489.79]
[92754,"MURO DE GABIÃO, ENCHIMENTO COM RESÍDUO DE CONSTRUÇÃO E DEMOLIÇÃO, DE GRAVIDADE, COM GAIOLA TRAPEZOIDAL DE COMPRIMENTO IGUAL A 2 M, PARA MUROS COM ALTURA MAIOR QUE 2 M E MENOR OU IGUAL A 4 M    FORNECIMENTO E EXECUÇÃO. AF_12/2015","M3",446.32]
[92755,"PROTEÇÃO SUPERFICIAL DE CANAL EM GABIÃO TIPO COLCHÃO, ALTURA DE 17 CENTÍMETROS, ENCHIMENTO COM PEDRA DE MÃO TIPO RACHÃO - FORNECIMENTO E EXECUÇÃO. AF_12/2015","M2",188.85]
[92756,"PROTEÇÃO SUPERFICIAL DE CANAL EM GABIÃO TIPO COLCHÃO, ALTURA DE 23 CENTÍMETROS, ENCHIMENTO COM PEDRA DE MÃO TIPO RACHÃO - FORNECIMENTO E EXECUÇÃO. AF_12/2015","M2",214.7]
[92757,"PROTEÇÃO SUPERFICIAL DE CANAL EM GABIÃO TIPO COLCHÃO, ALTURA DE 30 CENTÍMETROS, ENCHIMENTO COM PEDRA DE MÃO TIPO RACHÃO - FORNECIMENTO E EXECUÇÃO. AF_12/2015","M2",246.08]
[92758,"PROTEÇÃO SUPERFICIAL DE CANAL EM GABIÃO TIPO SACO, DIÂMETRO DE 65 CENTÍMETROS, ENCHIMENTO MANUAL COM PEDRA DE MÃO TIPO RACHÃO - FORNECIMENTO E EXECUÇÃO. AF_12/2015","M3",589.16]
[91069,"EXECUÇÃO DE REVESTIMENTO DE CONCRETO PROJETADO COM ESPESSURA DE 7 CM, ARMADO COM TELA, INCLINAÇÃO MENOR QUE 90°, APLICAÇÃO CONTÍNUA, UTILIZANDO EQUIPAMENTO DE PROJEÇÃO COM 6 M³/H DE CAPACIDADE. AF_01/2016","M2",108.7]
[91070,"EXECUÇÃO DE REVESTIMENTO DE CONCRETO PROJETADO COM ESPESSURA DE 10 CM, ARMADO COM TELA, INCLINAÇÃO MENOR QUE 90°, APLICAÇÃO CONTÍNUA, UTILIZANDO EQUIPAMENTO DE PROJEÇÃO COM 6 M³/H DE CAPACIDADE. AF_01/2016","M2",118.81]
[91071,"EXECUÇÃO DE REVESTIMENTO DE CONCRETO PROJETADO COM ESPESSURA DE 7 CM, ARMADO COM TELA, INCLINAÇÃO DE 90°, APLICAÇÃO CONTÍNUA, UTILIZANDO EQUIPAMENTO DE PROJEÇÃO COM 6 M³/H DE CAPACIDADE. AF_01/2016","M2",145.34]
[91072,"EXECUÇÃO DE REVESTIMENTO DE CONCRETO PROJETADO COM ESPESSURA DE 10 CM, ARMADO COM TELA, INCLINAÇÃO DE 90°, APLICAÇÃO CONTÍNUA, UTILIZANDO EQUIPAMENTO DE PROJEÇÃO COM 6 M³/H DE CAPACIDADE. AF_01/2016","M2",155.38999999999999]
[91073,"EXECUÇÃO DE REVESTIMENTO DE CONCRETO PROJETADO COM ESPESSURA DE 7 CM, ARMADO COM TELA, INCLINAÇÃO MENOR QUE 90°, APLICAÇÃO CONTÍNUA, UTILIZANDO EQUIPAMENTO DE PROJEÇÃO COM 3 M³/H DE CAPACIDADE. AF_01/2016","M2",121.93]
[91074,"EXECUÇÃO DE REVESTIMENTO DE CONCRETO PROJETADO COM ESPESSURA DE 10 CM, ARMADO COM TELA, INCLINAÇÃO MENOR QUE 90°, APLICAÇÃO CONTÍNUA, UTILIZANDO EQUIPAMENTO DE PROJEÇÃO COM 3 M³/H DE CAPACIDADE. AF_01/2016","M2",133.38]
[91075,"EXECUÇÃO DE REVESTIMENTO DE CONCRETO PROJETADO COM ESPESSURA DE 7 CM, ARMADO COM TELA, INCLINAÇÃO DE 90°, APLICAÇÃO CONTÍNUA, UTILIZANDO EQUIPAMENTO DE PROJEÇÃO COM 3 M³/H DE CAPACIDADE. AF_01/2016","M2",160.93]
[91076,"EXECUÇÃO DE REVESTIMENTO DE CONCRETO PROJETADO COM ESPESSURA DE 10 CM, ARMADO COM TELA, INCLINAÇÃO DE 90°, APLICAÇÃO CONTÍNUA, UTILIZANDO EQUIPAMENTO DE PROJEÇÃO COM 3 M³/H DE CAPACIDADE. AF_01/2016","M2",172.38]
[91077,"EXECUÇÃO DE REVESTIMENTO DE CONCRETO PROJETADO COM ESPESSURA DE 7 CM, ARMADO COM FIBRAS DE AÇO, INCLINAÇÃO MENOR QUE 90°, APLICAÇÃO CONTÍNUA, UTILIZANDO EQUIPAMENTO DE PROJEÇÃO COM 6 M³/H DE CAPACIDADE. AF_01/2016","M2",119.44]
[91078,"EXECUÇÃO DE REVESTIMENTO DE CONCRETO PROJETADO COM ESPESSURA DE 10 CM, ARMADO COM FIBRAS DE AÇO, INCLINAÇÃO MENOR QUE 90°, APLICAÇÃO CONTÍNUA, UTILIZANDO EQUIPAMENTO DE PROJEÇÃO COM 6 M³/H DE CAPACIDADE. AF_01/2016","M2",140.44999999999999]
[91079,"EXECUÇÃO DE REVESTIMENTO DE CONCRETO PROJETADO COM ESPESSURA DE 7 CM, ARMADO COM FIBRAS DE AÇO, INCLINAÇÃO DE 90°, APLICAÇÃO CONTÍNUA, UTILIZANDO EQUIPAMENTO DE PROJEÇÃO COM 6 M³/H DE CAPACIDADE. AF_01/2016","M2",124.64]
[91080,"EXECUÇÃO DE REVESTIMENTO DE CONCRETO PROJETADO COM ESPESSURA DE 10 CM, ARMADO COM FIBRAS DE AÇO, INCLINAÇÃO DE 90°, APLICAÇÃO CONTÍNUA, UTILIZANDO EQUIPAMENTO DE PROJEÇÃO COM 6 M³/H DE CAPACIDADE. AF_01/2016","M2",145.44999999999999]
[91081,"EXECUÇÃO DE REVESTIMENTO DE CONCRETO PROJETADO COM ESPESSURA DE 7 CM, ARMADO COM FIBRAS DE AÇO, INCLINAÇÃO MENOR QUE 90°, APLICAÇÃO CONTÍNUA, UTILIZANDO EQUIPAMENTO DE PROJEÇÃO COM 3 M³/H DE CAPACIDADE. AF_01/2016","M2",134.16]
[91082,"EXECUÇÃO DE REVESTIMENTO DE CONCRETO PROJETADO COM ESPESSURA DE 10 CM, ARMADO COM FIBRAS DE AÇO, INCLINAÇÃO MENOR QUE 90°, APLICAÇÃO CONTÍNUA, UTILIZANDO EQUIPAMENTO DE PROJEÇÃO COM 3 M³/H DE CAPACIDADE. AF_01/2016","M2",156.34]
[91083,"EXECUÇÃO DE REVESTIMENTO DE CONCRETO PROJETADO COM ESPESSURA DE 7 CM, ARMADO COM FIBRAS DE AÇO, INCLINAÇÃO DE 90°, APLICAÇÃO CONTÍNUA, UTILIZANDO EQUIPAMENTO DE PROJEÇÃO COM 3 M³/H DE CAPACIDADE. AF_01/2016","M2",143.27000000000001]
[91084,"EXECUÇÃO DE REVESTIMENTO DE CONCRETO PROJETADO COM ESPESSURA DE 10 CM, ARMADO COM FIBRAS DE AÇO, INCLINAÇÃO DE 90°, APLICAÇÃO CONTÍNUA, UTILIZANDO EQUIPAMENTO DE PROJEÇÃO COM 3 M³/H DE CAPACIDADE. AF_01/2016","M2",165.26]
[91086,"EXECUÇÃO DE REVESTIMENTO DE CONCRETO PROJETADO COM ESPESSURA DE 7 CM, ARMADO COM TELA, INCLINAÇÃO MENOR QUE 90°, APLICAÇÃO DESCONTÍNUA, UTILIZANDO EQUIPAMENTO DE PROJEÇÃO COM 6 M³/H DE CAPACIDADE. AF_01/2016","M2",118.71]
[91087,"EXECUÇÃO DE REVESTIMENTO DE CONCRETO PROJETADO COM ESPESSURA DE 10 CM, ARMADO COM TELA, INCLINAÇÃO MENOR QUE 90°, APLICAÇÃO DESCONTÍNUA, UTILIZANDO EQUIPAMENTO DE PROJEÇÃO COM 6 M³/H DE CAPACIDADE. AF_01/2016","M2",129.09]
[91088,"EXECUÇÃO DE REVESTIMENTO DE CONCRETO PROJETADO COM ESPESSURA DE 7 CM, ARMADO COM TELA, INCLINAÇÃO DE 90°, APLICAÇÃO DESCONTÍNUA, UTILIZANDO EQUIPAMENTO DE PROJEÇÃO COM 6 M³/H DE CAPACIDADE. AF_01/2016","M2",156.61000000000001]
[91089,"EXECUÇÃO DE REVESTIMENTO DE CONCRETO PROJETADO COM ESPESSURA DE 10 CM, ARMADO COM TELA, INCLINAÇÃO DE 90°, APLICAÇÃO DESCONTÍNUA, UTILIZANDO EQUIPAMENTO DE PROJEÇÃO COM 6 M³/H DE CAPACIDADE. AF_01/2016","M2",167.13]
[91090,"EXECUÇÃO DE REVESTIMENTO DE CONCRETO PROJETADO COM ESPESSURA DE 7 CM, ARMADO COM TELA, INCLINAÇÃO MENOR QUE 90°, APLICAÇÃO DESCONTÍNUA, UTILIZANDO EQUIPAMENTO DE PROJEÇÃO COM 3 M³/H DE CAPACIDADE. AF_01/2016","M2",130.13999999999999]
[91091,"EXECUÇÃO DE REVESTIMENTO DE CONCRETO PROJETADO COM ESPESSURA DE 10 CM, ARMADO COM TELA, INCLINAÇÃO MENOR QUE 90°, APLICAÇÃO DESCONTÍNUA, UTILIZANDO EQUIPAMENTO DE PROJEÇÃO COM 3 M³/H DE CAPACIDADE. AF_01/2016","M2",142.06]
[91092,"EXECUÇÃO DE REVESTIMENTO DE CONCRETO PROJETADO COM ESPESSURA DE 7 CM, ARMADO COM TELA, INCLINAÇÃO DE 90°, APLICAÇÃO DESCONTÍNUA, UTILIZANDO EQUIPAMENTO DE PROJEÇÃO COM 3 M³/H DE CAPACIDADE. AF_01/2016","M2",169.99]
[91093,"EXECUÇÃO DE REVESTIMENTO DE CONCRETO PROJETADO COM ESPESSURA DE 10 CM, ARMADO COM TELA, INCLINAÇÃO DE 90°, APLICAÇÃO DESCONTÍNUA, UTILIZANDO EQUIPAMENTO DE PROJEÇÃO COM 3 M³/H DE CAPACIDADE. AF_01/2016","M2",182.19]
[91094,"EXECUÇÃO DE REVESTIMENTO DE CONCRETO PROJETADO COM ESPESSURA DE 7 CM, ARMADO COM FIBRAS DE AÇO, INCLINAÇÃO MENOR QUE 90°, APLICAÇÃO DESCONTÍNUA, UTILIZANDO EQUIPAMENTO DE PROJEÇÃO COM 6 M³/H DE CAPACIDADE. AF_01/2016","M2",125.25]
[91095,"EXECUÇÃO DE REVESTIMENTO DE CONCRETO PROJETADO COM ESPESSURA DE 10 CM, ARMADO COM FIBRAS DE AÇO, INCLINAÇÃO MENOR QUE 90°, APLICAÇÃO DESCONTÍNUA, UTILIZANDO EQUIPAMENTO DE PROJEÇÃO COM 6 M³/H DE CAPACIDADE. AF_01/2016","M2",146.63]
[91096,"EXECUÇÃO DE REVESTIMENTO DE CONCRETO PROJETADO COM ESPESSURA DE 7 CM, ARMADO COM FIBRAS DE AÇO, INCLINAÇÃO DE 90°, APLICAÇÃO DESCONTÍNUA, UTILIZANDO EQUIPAMENTO DE PROJEÇÃO COM 6 M³/H DE CAPACIDADE. AF_01/2016","M2",127.79]
[91097,"EXECUÇÃO DE REVESTIMENTO DE CONCRETO PROJETADO COM ESPESSURA DE 10 CM, ARMADO COM FIBRAS DE AÇO, INCLINAÇÃO DE 90°, APLICAÇÃO DESCONTÍNUA, UTILIZANDO EQUIPAMENTO DE PROJEÇÃO COM 6 M³/H DE CAPACIDADE. AF_01/2016","M2",148.99]
[91098,"EXECUÇÃO DE REVESTIMENTO DE CONCRETO PROJETADO COM ESPESSURA DE 7 CM, ARMADO COM FIBRAS DE AÇO, INCLINAÇÃO MENOR QUE 90°, APLICAÇÃO DESCONTÍNUA, UTILIZANDO EQUIPAMENTO DE PROJEÇÃO COM 3 M³/H DE CAPACIDADE. AF_01/2016","M2",139.81]
[91099,"EXECUÇÃO DE REVESTIMENTO DE CONCRETO PROJETADO COM ESPESSURA DE 10 CM, ARMADO COM FIBRAS DE AÇO, INCLINAÇÃO MENOR QUE 90°, APLICAÇÃO DESCONTÍNUA, UTILIZANDO EQUIPAMENTO DE PROJEÇÃO COM 3 M³/H DE CAPACIDADE. AF_01/2016","M2",162.49]
[91100,"EXECUÇÃO DE REVESTIMENTO DE CONCRETO PROJETADO COM ESPESSURA DE 7 CM, ARMADO COM FIBRAS DE AÇO, INCLINAÇÃO DE 90°, APLICAÇÃO DESCONTÍNUA, UTILIZANDO EQUIPAMENTO DE PROJEÇÃO COM 3 M³/H DE CAPACIDADE. AF_01/2016","M2",147.01]
[91101,"EXECUÇÃO DE REVESTIMENTO DE CONCRETO PROJETADO COM ESPESSURA DE 10 CM, ARMADO COM FIBRAS DE AÇO, INCLINAÇÃO DE 90°, APLICAÇÃO DESCONTÍNUA, UTILIZANDO EQUIPAMENTO DE PROJEÇÃO COM 3 M³/H DE CAPACIDADE. AF_01/2016","M2",169.56]
[93952,"EXECUÇÃO DE GRAMPO PARA SOLO GRAMPEADO COM COMPRIMENTO MENOR OU IGUAL A 4 M, DIÂMETRO DE 10 CM, PERFURAÇÃO COM EQUIPAMENTO MANUAL E ARMADURA COM DIÂMETRO DE 16 MM. AF_05/2016","M",196.83]
[93953,"EXECUÇÃO DE GRAMPO PARA SOLO GRAMPEADO COM COMPRIMENTO MAIOR QUE 4 M E MENOR OU IGUAL A 6 M, DIÂMETRO DE 10 CM, PERFURAÇÃO COM EQUIPAMENTO MANUAL E ARMADURA COM DIÂMETRO DE 16 MM. AF_05/2016","M",183.13]
[93954,"EXECUÇÃO DE GRAMPO PARA SOLO GRAMPEADO COM COMPRIMENTO MAIOR QUE 6 M E MENOR OU IGUAL A 8 M, DIÂMETRO DE 10 CM, PERFURAÇÃO COM EQUIPAMENTO MANUAL E ARMADURA COM DIÂMETRO DE 16 MM. AF_05/2016","M",174.97]
[93955,"EXECUÇÃO DE GRAMPO PARA SOLO GRAMPEADO COM COMPRIMENTO MAIOR QUE 8 M E MENOR OU IGUAL A 10 M, DIÂMETRO DE 10 CM, PERFURAÇÃO COM EQUIPAMENTO MANUAL E ARMADURA COM DIÂMETRO DE 16 MM. AF_05/2016","M",169.13]
[93956,"EXECUÇÃO DE GRAMPO PARA SOLO GRAMPEADO COM COMPRIMENTO MAIOR QUE 10 M, DIÂMETRO DE 10 CM, PERFURAÇÃO COM EQUIPAMENTO MANUAL E ARMADURA COM DIÂMETRO DE 16 MM. AF_05/2016","M",164.57]
[93957,"EXECUÇÃO DE GRAMPO PARA SOLO GRAMPEADO COM COMPRIMENTO MENOR OU IGUAL A 4 M, DIÂMETRO DE 10 CM, PERFURAÇÃO COM EQUIPAMENTO MANUAL E ARMADURA COM DIÂMETRO DE 20 MM. AF_05/2016","M",211.47]
[93958,"EXECUÇÃO DE GRAMPO PARA SOLO GRAMPEADO COM COMPRIMENTO MAIOR QUE 4 M E MENOR OU IGUAL A 6 M, DIÂMETRO DE 10 CM, PERFURAÇÃO COM EQUIPAMENTO MANUAL E ARMADURA COM DIÂMETRO DE 20 MM. AF_05/2016","M",196.95]
[93959,"EXECUÇÃO DE GRAMPO PARA SOLO GRAMPEADO COM COMPRIMENTO MAIOR QUE 6 M E MENOR OU IGUAL A 8 M, DIÂMETRO DE 10 CM, PERFURAÇÃO COM EQUIPAMENTO MANUAL E ARMADURA COM DIÂMETRO DE 20 MM. AF_05/2016","M",188.32]
[93960,"EXECUÇÃO DE GRAMPO PARA SOLO GRAMPEADO COM COMPRIMENTO MAIOR QUE 8 M E MENOR OU IGUAL A 10 M, DIÂMETRO DE 10 CM, PERFURAÇÃO COM EQUIPAMENTO MANUAL E ARMADURA COM DIÂMETRO DE 20 MM. AF_05/2016","M",182.26]
[93961,"EXECUÇÃO DE GRAMPO PARA SOLO GRAMPEADO COM COMPRIMENTO MAIOR QUE 10 M, DIÂMETRO DE 10 CM, PERFURAÇÃO COM EQUIPAMENTO MANUAL E ARMADURA COM DIÂMETRO DE 20 MM. AF_05/2016","M",177.52]
[93962,"EXECUÇÃO DE GRAMPO PARA SOLO GRAMPEADO COM COMPRIMENTO MENOR OU IGUAL A 4 M, DIÂMETRO DE 7 CM, PERFURAÇÃO COM EQUIPAMENTO MANUAL E ARMADURA COM DIÂMETRO DE 16 MM. AF_05/2016","M",185.85]
[93963,"EXECUÇÃO DE GRAMPO PARA SOLO GRAMPEADO COM COMPRIMENTO MAIOR QUE 4 E MENOR OU IGUAL A 6 M, DIÂMETRO DE 7 CM, PERFURAÇÃO COM EQUIPAMENTO MANUAL E ARMADURA COM DIÂMETRO DE 16 MM. AF_05/2016","M",172.21]
[93964,"EXECUÇÃO DE GRAMPO PARA SOLO GRAMPEADO COM COMPRIMENTO MAIOR QUE 6 M E MENOR OU IGUAL A 8 M, DIÂMETRO DE 7 CM, PERFURAÇÃO COM EQUIPAMENTO MANUAL E ARMADURA COM DIÂMETRO DE 16 MM. AF_05/2016","M",164.04]
[93965,"EXECUÇÃO DE GRAMPO PARA SOLO GRAMPEADO COM COMPRIMENTO MAIOR QUE 8 M E MENOR OU IGUAL A 10 M, DIÂMETRO DE 7 CM, PERFURAÇÃO COM EQUIPAMENTO MANUAL E ARMADURA COM DIÂMETRO DE 16 MM. AF_05/2016","M",155.91]
[93966,"EXECUÇÃO DE GRAMPO PARA SOLO GRAMPEADO COM COMPRIMENTO MAIOR QUE 10 M, DIÂMETRO DE 7 CM, PERFURAÇÃO COM EQUIPAMENTO MANUAL E ARMADURA COM DIÂMETRO DE 16 MM. AF_05/2016","M",153.75]
[93967,"EXECUÇÃO DE GRAMPO PARA SOLO GRAMPEADO COM COMPRIMENTO MENOR OU IGUAL A 4 M, DIÂMETRO DE 7 CM, PERFURAÇÃO COM EQUIPAMENTO MANUAL E ARMADURA COM DIÂMETRO DE 20 MM. AF_05/2016","M",200.49]
[93968,"EXECUÇÃO DE GRAMPO PARA SOLO GRAMPEADO COM COMPRIMENTO MAIOR QUE 4 E MENOR OU IGUAL A 6 M, DIÂMETRO DE 7 CM, PERFURAÇÃO COM EQUIPAMENTO MANUAL E ARMADURA COM DIÂMETRO DE 20 MM. AF_05/2016","M",186.01]
[93969,"EXECUÇÃO DE GRAMPO PARA SOLO GRAMPEADO COM COMPRIMENTO MAIOR QUE 6 M E MENOR OU IGUAL A 8 M, DIÂMETRO DE 7 CM, PERFURAÇÃO COM EQUIPAMENTO MANUAL E ARMADURA COM DIÂMETRO DE 20 MM. AF_05/2016","M",177.43]
[93970,"EXECUÇÃO DE GRAMPO PARA SOLO GRAMPEADO COM COMPRIMENTO MAIOR QUE 8 MENOR OU IGUAL A 10 M, DIÂMETRO DE 7 CM, PERFURAÇÃO COM EQUIPAMENTO MANUAL E ARMADURA COM DIÂMETRO DE 20 MM. AF_05/2016","M",171.41]
[93971,"EXECUÇÃO DE GRAMPO PARA SOLO GRAMPEADO COM COMPRIMENTO MAIOR QUE 10 M, DIÂMETRO DE 7 CM, PERFURAÇÃO COM EQUIPAMENTO MANUAL E ARMADURA COM DIÂMETRO DE 20 MM. AF_05/2016","M",162.13999999999999]
[95108,"EXECUÇÃO DE PROTEÇÃO DA CABEÇA DO TIRANTE COM USO DE FÔRMAS EM CHAPA COMPENSADA PLASTIFICADA DE MADEIRA E CONCRETO FCK =15 MPA. AF_07/2016","UN",24.9]
[100332,"CONTENÇÃO EM PERFIL PRANCHADO COM PRANCHÃO DE MADEIRA, PERFIS ESPAÇADOS A 1,5 M PARA 1 SUBSOLO. AF_07/2019","M2",750.89]
[100333,"CONTENÇÃO EM PERFIL PRANCHADO COM PRANCHÃO DE MADEIRA, PERFIS ESPAÇADOS A 1,5 M PARA 2 OU MAIS SUBSOLOS. AF_07/2019","M2",451.03]
[100334,"CONTENÇÃO EM PERFIL PRANCHADO COM PRANCHÃO DE MADEIRA, PERFIS ESPAÇADOS A 2 M PARA 1 SUBSOLO. AF_07/2019","M2",588.54999999999995]
[100335,"CONTENÇÃO EM PERFIL PRANCHADO COM PRANCHÃO DE MADEIRA, PERFIS ESPAÇADOS A 2 M PARA 2 OU MAIS SUBSOLOS. AF_07/2019","M2",363.66]
[100341,"FABRICAÇÃO, MONTAGEM E DESMONTAGEM DE FÔRMA PARA CORTINA DE CONTENÇÃO, EM CHAPA DE MADEIRA COMPENSADA PLASTIFICADA, E = 18 MM, 10 UTILIZAÇÕES. AF_07/2019","M2",25.75]
[100342,"ARMAÇÃO DE CORTINA DE CONTENÇÃO EM CONCRETO ARMADO, COM AÇO CA-50 DE 6,3 MM - MONTAGEM. AF_07/2019","KG",15.38]
[100343,"ARMAÇÃO DE CORTINA DE CONTENÇÃO EM CONCRETO ARMADO, COM AÇO CA-50 DE 8 MM - MONTAGEM. AF_07/2019","KG",14.67]
[100344,"ARMAÇÃO DE CORTINA DE CONTENÇÃO EM CONCRETO ARMADO, COM AÇO CA-50 DE 10 MM - MONTAGEM. AF_07/2019","KG",13.22]
[100345,"ARMAÇÃO DE CORTINA DE CONTENÇÃO EM CONCRETO ARMADO, COM AÇO CA-50 DE 12,5 MM - MONTAGEM. AF_07/2019","KG",11.22]
[100346,"ARMAÇÃO DE CORTINA DE CONTENÇÃO EM CONCRETO ARMADO, COM AÇO CA-50 DE 16 MM - MONTAGEM. AF_07/2019","KG",10.75]
[100347,"ARMAÇÃO DE CORTINA DE CONTENÇÃO EM CONCRETO ARMADO, COM AÇO CA-50 DE 20 MM - MONTAGEM. AF_07/2019","KG",12.18]
[100348,"ARMAÇÃO DE CORTINA DE CONTENÇÃO EM CONCRETO ARMADO, COM AÇO CA-50 DE 25 MM - MONTAGEM. AF_07/2019","KG",11.94]
[100349,"CONCRETAGEM DE CORTINA DE CONTENÇÃO, ATRAVÉS DE BOMBA  \u0096 LANÇAMENTO, ADENSAMENTO E ACABAMENTO. AF_07/2019","M3",402.94]
["73856/1","BOCA P/BUEIRO SIMPLES TUBULAR D=0,40M EM CONCRETO CICLOPICO, INCLINDO FORMAS, ESCAVACAO, REATERRO E MATERIAIS, EXCLUINDO MATERIAL REATERRO JAZIDA E TRANSPORTE","UN",948.95]
["73856/2","BOCA PARA BUEIRO SIMPLES TUBULAR, DIAMETRO =0,60M, EM CONCRETO CICLOPICO, INCLUINDO FORMAS, ESCAVACAO, REATERRO E MATERIAIS, EXCLUINDO MATERIAL REATERRO JAZIDA E TRANSPORTE.","UN",1527.88]
["73856/3","BOCA PARA BUEIRO SIMPLES TUBULAR, DIAMETRO =0,80M, EM CONCRETO CICLOPICO, INCLUINDO FORMAS, ESCAVACAO, REATERRO E MATERIAIS, EXCLUINDO MATERIAL REATERRO JAZIDA E TRANSPORTE.","UN",2256.14]
["73856/4","BOCA PARA BUEIRO SIMPLES TUBULAR, DIAMETRO =1,00M, EM CONCRETO CICLOPICO, INCLUINDO FORMAS, ESCAVACAO, REATERRO E MATERIAIS, EXCLUINDO MATERIAL REATERRO JAZIDA E TRANSPORTE.","UN",3140.72]
[83716,"GRELHA FF 30X90CM, 135KG, P/ CX RALO COM ASSENTAMENTO DE ARGAMASSA CIMENTO/AREIA 1:4 - FORNECIMENTO E INSTALAÇÃO","UN",310.86]
[97933,"CAIXA COM GRELHA SIMPLES RETANGULAR, EM CONCRETO PRÉ-MOLDADO, DIMENSÕES INTERNAS: 0,6X1,0X1,0 M. AF_12/2020","UN",686.22]
[97934,"CAIXA COM GRELHA DUPLA RETANGULAR, EM CONCRETO PRÉ-MOLDADO, DIMENSÕES INTERNAS: 0,6X2,2X1,0 M. AF_12/2020","UN",1641.55]
[97935,"CAIXA PARA BOCA DE LOBO SIMPLES RETANGULAR, EM CONCRETO PRÉ-MOLDADO, DIMENSÕES INTERNAS: 0,6X1,0X1,2 M. AF_12/2020","UN",590.16]
[97936,"CAIXA PARA BOCA DE LOBO DUPLA RETANGULAR, EM CONCRETO PRÉ-MOLDADO, DIMENSÕES INTERNAS: 0,6X2,2X1,2 M. AF_12/2020","UN",1498.08]
[97947,"CAIXA COM GRELHA SIMPLES RETANGULAR, EM ALVENARIA COM TIJOLOS CERÂMICOS MACIÇOS, DIMENSÕES INTERNAS: 0,5X1X1 M. AF_12/2020","UN",1351.93]
[97948,"CAIXA COM GRELHA DUPLA RETANGULAR, EM ALVENARIA COM TIJOLOS CERÂMICOS MACIÇOS, DIMENSÕES INTERNAS: 0,5X2,2X1 M. AF_12/2020","UN",2489.13]
[97949,"CAIXA PARA BOCA DE LOBO SIMPLES RETANGULAR, EM ALVENARIA COM TIJOLOS CERÂMICOS MACIÇOS, DIMENSÕES INTERNAS: 0,6X1X1,2 M. AF_12/2020","UN",1420.34]
[97950,"CAIXA PARA BOCA DE LOBO DUPLA RETANGULAR, EM ALVENARIA COM TIJOLOS CERÂMICOS MACIÇOS, DIMENSÕES INTERNAS: 0,6X2,2X1,2 M. AF_12/2020","UN",2506.81]
[97951,"CAIXA PARA BOCA DE LOBO COMBINADA COM GRELHA RETANGULAR, EM ALVENARIA COM TIJOLOS CERÂMICOS MACIÇOS, DIMENSÕES INTERNAS: 1,3X1X1,2 M. AF_12/2020","UN",2209.65]
[97952,"CAIXA PARA BOCA DE LOBO DUPLA COMBINADA COM GRELHA RETANGULAR, EM ALVENARIA COM TIJOLOS CERÂMICOS MACIÇOS, DIMENSÕES INTERNAS: 1,3X2,2X1,2 M. AF_12/2020","UN",3810.9]
[97953,"CAIXA COM GRELHA SIMPLES RETANGULAR, EM ALVENARIA COM BLOCOS DE CONCRETO, DIMENSÕES INTERNAS: 0,5X1X1 M. AF_12/2020","UN",945.95]
[97955,"CAIXA COM GRELHA DUPLA RETANGULAR, EM ALVENARIA COM BLOCOS DE CONCRETO, DIMENSÕES INTERNAS: 0,5X2,2X1 M. AF_12/2020","UN",2093.62]
[97956,"CAIXA PARA BOCA DE LOBO SIMPLES RETANGULAR, EM ALVENARIA COM BLOCOS DE CONCRETO, DIMENSÕES INTERNAS: 0,6X1X1,2 M. AF_12/2020","UN",1072.6500000000001]
[97957,"CAIXA PARA BOCA DE LOBO DUPLA RETANGULAR, EM ALVENARIA COM BLOCOS DE CONCRETO, DIMENSÕES INTERNAS: 0,6X2,2X1,2 M. AF_12/2020","UN",1969.73]
[97961,"CAIXA PARA BOCA DE LOBO COMBINADA COM GRELHA RETANGULAR, EM ALVENARIA COM BLOCOS DE CONCRETO, DIMENSÕES INTERNAS: 1,3X1X1,2 M. AF_12/2020","UN",1701.89]
[97973,"CAIXA PARA BOCA DE LOBO DUPLA COMBINADA COM GRELHA RETANGULAR, EM ALVENARIA COM BLOCOS DE CONCRETO, DIMENSÕES INTERNAS: 1,3X2,2X1,2 M. AF_12/2020","UN",3229.01]
[97974,"POÇO DE INSPEÇÃO CIRCULAR PARA ESGOTO, EM CONCRETO PRÉ-MOLDADO, DIÂMETRO INTERNO = 0,6 M, PROFUNDIDADE = 1 M, EXCLUINDO TAMPÃO. AF_12/2020","UN",326.08999999999997]
[97975,"POÇO DE INSPEÇÃO CIRCULAR PARA ESGOTO, EM CONCRETO PRÉ-MOLDADO, DIÂMETRO INTERNO = 0,6 M, PROFUNDIDADE = 1,5 M, EXCLUINDO TAMPÃO. AF_12/2020","UN",343.29]
[97976,"POÇO DE INSPEÇÃO CIRCULAR PARA ESGOTO, EM ALVENARIA COM TIJOLOS CERÂMICOS MACIÇOS, DIÂMETRO INTERNO = 0,6 M, PROFUNDIDADE = 1 M, EXCLUINDO TAMPÃO. AF_12/2020","UN",889.67]
[97977,"POÇO DE INSPEÇÃO CIRCULAR PARA ESGOTO, EM ALVENARIA COM TIJOLOS CERÂMICOS MACIÇOS, DIÂMETRO INTERNO = 0,6 M, PROFUNDIDADE = 1,5 M, EXCLUINDO TAMPÃO. AF_12/2020","UN",1238.93]
[97978,"BASE PARA POÇO DE VISITA CIRCULAR PARA ESGOTO, EM CONCRETO PRÉ-MOLDADO, DIÂMETRO INTERNO = 0,8 M, PROFUNDIDADE = 1,45 M, EXCLUINDO TAMPÃO. AF_12/2020","UN",665.52]
[97980,"BASE PARA POÇO DE VISITA CIRCULAR PARA  ESGOTO, EM ALVENARIA COM TIJOLOS CERÂMICOS MACIÇOS, DIÂMETRO INTERNO = 0,8 M, PROFUNDIDADE = 1,45 M, EXCLUINDO TAMPÃO. AF_12/2020","UN",1640.26]
[97981,"ACRÉSCIMO PARA POÇO DE VISITA CIRCULAR PARA ESGOTO, EM ALVENARIA COM TIJOLOS CERÂMICOS MACIÇOS, DIÂMETRO INTERNO = 0,8 M. AF_12/2020","M",923.87]
[97983,"ACRÉSCIMO PARA POÇO DE VISITA CIRCULAR PARA ESGOTO, EM CONCRETO PRÉ-MOLDADO, DIÂMETRO INTERNO = 1 M. AF_12/2020","M",336.84]
[97985,"ACRÉSCIMO PARA POÇO DE VISITA CIRCULAR PARA  ESGOTO, EM ALVENARIA COM TIJOLOS CERÂMICOS MACIÇOS, DIÂMETRO INTERNO = 1 M. AF_12/2020","M",1116.3900000000001]
[97987,"ACRÉSCIMO PARA POÇO DE VISITA CIRCULAR PARA ESGOTO, EM CONCRETO PRÉ-MOLDADO, DIÂMETRO INTERNO = 1,2 M. AF_12/2020","M",446.67]
[97988,"BASE PARA POÇO DE VISITA CIRCULAR PARA  ESGOTO, EM ALVENARIA COM TIJOLOS CERÂMICOS MACIÇOS, DIÂMETRO INTERNO = 1,2 M, PROFUNDIDADE = 1,45 M, EXCLUINDO TAMPÃO. AF_12/2020","UN",2422.5100000000002]
[97989,"ACRÉSCIMO PARA POÇO DE VISITA CIRCULAR PARA ESGOTO, EM ALVENARIA COM TIJOLOS CERÂMICOS MACIÇOS, DIÂMETRO INTERNO = 1,2 M. AF_12/2020","M",1308.93]
[97991,"ACRÉSCIMO PARA POÇO DE VISITA CIRCULAR PARA  ESGOTO, EM CONCRETO PRÉ-MOLDADO, DIÂMETRO INTERNO = 1,5 M. AF_12/2020","M",633.88]
[97992,"BASE PARA POÇO DE VISITA CIRCULAR PARA ESGOTO, EM ALVENARIA COM TIJOLOS CERÂMICOS MACIÇOS, DIÂMETRO INTERNO = 1,5 M, PROFUNDIDADE = 1,45 M, EXCLUINDO TAMPÃO. AF_12/2020","UN",3116.66]
[97993,"ACRÉSCIMO PARA POÇO DE VISITA CIRCULAR PARA  ESGOTO, EM ALVENARIA COM TIJOLOS CERÂMICOS MACIÇOS, DIÂMETRO INTERNO = 1,5 M. AF_12/2020","M",1597.7]
[97994,"BASE PARA POÇO DE VISITA RETANGULAR PARA  ESGOTO, EM ALVENARIA COM BLOCOS DE CONCRETO, DIMENSÕES INTERNAS = 1X1 M, PROFUNDIDADE = 1,45 M, EXCLUINDO TAMPÃO. AF_12/2020","UN",2020.03]
[97995,"ACRÉSCIMO PARA POÇO DE VISITA RETANGULAR PARA ESGOTO, EM ALVENARIA COM BLOCOS DE CONCRETO, DIMENSÕES INTERNAS = 1X1 M. AF_12/2020","M",943.91]
[97996,"BASE PARA POÇO DE VISITA RETANGULAR PARA ESGOTO, EM ALVENARIA COM BLOCOS DE CONCRETO, DIMENSÕES INTERNAS = 1X1,5 M, PROFUNDIDADE = 1,45 M, EXCLUINDO TAMPÃO. AF_12/2020","UN",2561.6999999999998]
[97997,"ACRÉSCIMO PARA POÇO DE VISITA RETANGULAR PARA ESGOTO, EM ALVENARIA COM BLOCOS DE CONCRETO, DIMENSÕES INTERNAS = 1X1,5 M. AF_12/2020","M",1126.98]
[97999,"ACRÉSCIMO PARA POÇO DE VISITA RETANGULAR PARA ESGOTO, EM ALVENARIA COM BLOCOS DE CONCRETO, DIMENSÕES INTERNAS = 1X2 M. AF_12/2020","M",1310.05]
[98001,"ACRÉSCIMO PARA POÇO DE VISITA RETANGULAR PARA ESGOTO, EM ALVENARIA COM BLOCOS DE CONCRETO, DIMENSÕES INTERNAS = 1X2,5 M. AF_12/2020","M",1493.13]
[98002,"BASE PARA POÇO DE VISITA RETANGULAR PARA ESGOTO, EM ALVENARIA COM BLOCOS DE CONCRETO, DIMENSÕES INTERNAS = 1X3 M, PROFUNDIDADE = 1,45 M, EXCLUINDO TAMPÃO. AF_12/2020","UN",4206.55]
[98003,"ACRÉSCIMO PARA POÇO DE VISITA RETANGULAR PARA ESGOTO, EM ALVENARIA COM BLOCOS DE CONCRETO, DIMENSÕES INTERNAS = 1X3 M. AF_12/2020","M",1676.26]
[98005,"ACRÉSCIMO PARA POÇO DE VISITA RETANGULAR PARA ESGOTO, EM ALVENARIA COM BLOCOS DE CONCRETO, DIMENSÕES INTERNAS = 1X3,5 M. AF_12/2020","M",1859.32]
[98006,"BASE PARA POÇO DE VISITA RETANGULAR PARA ESGOTO, EM ALVENARIA COM BLOCOS DE CONCRETO, DIMENSÕES INTERNAS = 1X4 M, PROFUNDIDADE = 1,45 M, EXCLUINDO TAMPÃO. AF_12/2020","UN",5289.35]
[98007,"ACRÉSCIMO PARA POÇO DE VISITA RETANGULAR PARA ESGOTO, EM ALVENARIA COM BLOCOS DE CONCRETO, DIMENSÕES INTERNAS = 1X4 M. AF_12/2020","M",2042.38]
[98008,"BASE PARA POÇO DE VISITA RETANGULAR PARA ESGOTO, EM ALVENARIA COM BLOCOS DE CONCRETO, DIMENSÕES INTERNAS = 1,5X1,5 M, PROFUNDIDADE = 1,45 M, EXCLUINDO TAMPÃO . AF_12/2020","UN",3182.32]
[98009,"ACRÉSCIMO PARA POÇO DE VISITA RETANGULAR PARA ESGOTO, EM ALVENARIA COM BLOCOS DE CONCRETO, DIMENSÕES INTERNAS = 1,5X1,5 M. AF_12/2020","M",1310.05]
[98010,"BASE PARA POÇO DE VISITA RETANGULAR PARA ESGOTO, EM ALVENARIA COM BLOCOS DE CONCRETO, DIMENSÕES INTERNAS = 1,5X2 M, PROFUNDIDADE = 1,45 M, EXCLUINDO TAMPÃO. AF_12/2020","UN",3882.33]
[98011,"ACRÉSCIMO PARA POÇO DE VISITA RETANGULAR PARA ESGOTO, EM ALVENARIA COM BLOCOS DE CONCRETO, DIMENSÕES INTERNAS = 1,5X2 M. AF_12/2020","M",1493.13]
[98012,"BASE PARA POÇO DE VISITA RETANGULAR PARA ESGOTO, EM ALVENARIA COM BLOCOS DE CONCRETO, DIMENSÕES INTERNAS = 1,5X2,5 M, PROFUNDIDADE = 1,45 M, EXCLUINDO TAMPÃO. AF_12/2020","UN",4566.26]
[98013,"ACRÉSCIMO PARA POÇO DE VISITA RETANGULAR PARA ESGOTO, EM ALVENARIA COM BLOCOS DE CONCRETO, DIMENSÕES INTERNAS = 1,5X2,5 M. AF_12/2020","M",1676.26]
[98014,"BASE PARA POÇO DE VISITA RETANGULAR PARA ESGOTO, EM ALVENARIA COM BLOCOS DE CONCRETO, DIMENSÕES INTERNAS = 1,5X3 M, PROFUNDIDADE = 1,45 M, EXCLUINDO TAMPÃO. AF_12/2020","UN",5250.19]
[98015,"ACRÉSCIMO PARA POÇO DE VISITA RETANGULAR PARA ESGOTO, EM ALVENARIA COM BLOCOS DE CONCRETO, DIMENSÕES INTERNAS = 1,5X3 M. AF_12/2020","M",1859.32]
[98016,"BASE PARA POÇO DE VISITA RETANGULAR PARA ESGOTO, EM ALVENARIA COM BLOCOS DE CONCRETO, DIMENSÕES INTERNAS = 1,5X3,5 M, PROFUNDIDADE = 1,45 M, EXCLUINDO TAMPÃO. AF_12/2020","UN",5937.14]
[98017,"ACRÉSCIMO PARA POÇO DE VISITA RETANGULAR PARA ESGOTO, EM ALVENARIA COM BLOCOS DE CONCRETO, DIMENSÕES INTERNAS = 1,5X3,5 M. AF_12/2020","M",2042.38]
[98018,"BASE PARA POÇO DE VISITA RETANGULAR PARA ESGOTO, EM ALVENARIA COM BLOCOS DE CONCRETO, DIMENSÕES INTERNAS = 1,5X4 M, PROFUNDIDADE = 1,45 M, EXCLUINDO TAMPÃO. AF_12/2020","UN",6618.11]
[98019,"ACRÉSCIMO PARA POÇO DE VISITA RETANGULAR PARA ESGOTO, EM ALVENARIA COM BLOCOS DE CONCRETO, DIMENSÕES INTERNAS = 1,5X4 M. AF_12/2020","M",2242.75]
[98020,"BASE PARA POÇO DE VISITA RETANGULAR PARA ESGOTO, EM ALVENARIA COM BLOCOS DE CONCRETO, DIMENSÕES INTERNAS = 2X2 M, PROFUNDIDADE = 1,45 M, EXCLUINDO TAMPÃO. AF_12/2020","UN",4696.1400000000003]
[98021,"ACRÉSCIMO PARA POÇO DE VISITA RETANGULAR PARA ESGOTO, EM ALVENARIA COM BLOCOS DE CONCRETO, DIMENSÕES INTERNAS = 2X2 M. AF_12/2020","M",1693.58]
[98022,"BASE PARA POÇO DE VISITA RETANGULAR PARA ESGOTO, EM ALVENARIA COM BLOCOS DE CONCRETO, DIMENSÕES INTERNAS = 2X2,5 M, PROFUNDIDADE = 1,45 M, EXCLUINDO TAMPÃO. AF_12/2020","UN",5516.9]
[98023,"ACRÉSCIMO PARA POÇO DE VISITA RETANGULAR PARA ESGOTO, EM ALVENARIA COM BLOCOS DE CONCRETO, DIMENSÕES INTERNAS = 2X2,5 M. AF_12/2020","M",1876.6]
[98024,"BASE PARA POÇO DE VISITA RETANGULAR PARA ESGOTO, EM ALVENARIA COM BLOCOS DE CONCRETO, DIMENSÕES INTERNAS = 2X3 M, PROFUNDIDADE = 1,45 M, EXCLUINDO TAMPÃO. AF_12/2020","UN",6368.09]
[98025,"ACRÉSCIMO PARA POÇO DE VISITA RETANGULAR PARA ESGOTO, EM ALVENARIA COM BLOCOS DE CONCRETO, DIMENSÕES INTERNAS = 2X3 M. AF_12/2020","M",2059.71]
[98026,"BASE PARA POÇO DE VISITA RETANGULAR PARA ESGOTO, EM ALVENARIA COM BLOCOS DE CONCRETO, DIMENSÕES INTERNAS = 2X3,5 M, PROFUNDIDADE = 1,45 M, EXCLUINDO TAMPÃO. AF_12/2020","UN",7188.27]
[98027,"ACRÉSCIMO PARA POÇO DE VISITA RETANGULAR PARA ESGOTO, EM ALVENARIA COM BLOCOS DE CONCRETO, DIMENSÕES INTERNAS = 2X3,5 M. AF_12/2020","M",2242.75]
[98028,"BASE PARA POÇO DE VISITA RETANGULAR PARA ESGOTO, EM ALVENARIA COM BLOCOS DE CONCRETO, DIMENSÕES INTERNAS = 2X4 M, PROFUNDIDADE = 1,45 M, EXCLUINDO TAMPÃO. AF_12/2020","UN",8008.53]
[98029,"ACRÉSCIMO PARA POÇO DE VISITA RETANGULAR PARA ESGOTO, EM ALVENARIA COM BLOCOS DE CONCRETO, DIMENSÕES INTERNAS = 2X4 M. AF_12/2020","M",2429.4299999999998]
[98030,"BASE PARA POÇO DE VISITA RETANGULAR PARA ESGOTO, EM ALVENARIA COM BLOCOS DE CONCRETO, DIMENSÕES INTERNAS = 2,5X2,5 M, PROFUNDIDADE = 1,45 M, EXCLUINDO TAMPÃO. AF_12/2020","UN",6509.85]
[98031,"ACRÉSCIMO PARA POÇO DE VISITA RETANGULAR PARA ESGOTO, EM ALVENARIA COM BLOCOS DE CONCRETO, DIMENSÕES INTERNAS = 2,5X2,5 M. AF_12/2020","M",2063.3200000000002]
[98032,"BASE PARA POÇO DE VISITA RETANGULAR PARA ESGOTO, EM ALVENARIA COM BLOCOS DE CONCRETO, DIMENSÕES INTERNAS = 2,5X3 M, PROFUNDIDADE = 1,45 M, EXCLUINDO TAMPÃO. AF_12/2020","UN",7494.39]
[98033,"ACRÉSCIMO PARA POÇO DE VISITA RETANGULAR PARA ESGOTO, EM ALVENARIA COM BLOCOS DE CONCRETO, DIMENSÕES INTERNAS = 2,5X3 M. AF_12/2020","M",2246.35]
[98034,"BASE PARA POÇO DE VISITA RETANGULAR PARA ESGOTO, EM ALVENARIA COM BLOCOS DE CONCRETO, DIMENSÕES INTERNAS = 2,5X3,5 M, PROFUNDIDADE = 1,45 M, EXCLUINDO TAMPÃO. AF_12/2020","UN",8478.94]
[98035,"ACRÉSCIMO PARA POÇO DE VISITA RETANGULAR PARA ESGOTO, EM ALVENARIA COM BLOCOS DE CONCRETO, DIMENSÕES INTERNAS = 2,5X3,5 M. AF_12/2020","M",2429.4299999999998]
[98036,"BASE PARA POÇO DE VISITA RETANGULAR PARA ESGOTO, EM ALVENARIA COM BLOCOS DE CONCRETO, DIMENSÕES INTERNAS = 2,5X4 M, PROFUNDIDADE = 1,45 M, EXCLUINDO TAMPÃO. AF_12/2020","UN",9463.4599999999991]
[98037,"ACRÉSCIMO PARA POÇO DE VISITA RETANGULAR PARA ESGOTO, EM ALVENARIA COM BLOCOS DE CONCRETO, DIMENSÕES INTERNAS = 2,5X4 M. AF_12/2020","M",2616.12]
[98038,"BASE PARA POÇO DE VISITA RETANGULAR PARA ESGOTO, EM ALVENARIA COM BLOCOS DE CONCRETO, DIMENSÕES INTERNAS = 3X3 M, PROFUNDIDADE = 1,45 M, EXCLUINDO TAMPÃO. AF_12/2020","UN",8653.64]
[98039,"ACRÉSCIMO PARA POÇO DE VISITA RETANGULAR PARA ESGOTO, EM ALVENARIA COM BLOCOS DE CONCRETO, DIMENSÕES INTERNAS = 3X3 M. AF_12/2020","M",2433.0500000000002]
[98040,"BASE PARA POÇO DE VISITA RETANGULAR PARA ESGOTO, EM ALVENARIA COM BLOCOS DE CONCRETO, DIMENSÕES INTERNAS = 3X3,5 M, PROFUNDIDADE = 1,45 M, EXCLUINDO TAMPÃO. AF_12/2020","UN",9784.9699999999993]
[98041,"ACRÉSCIMO PARA POÇO DE VISITA RETANGULAR PARA ESGOTO, EM ALVENARIA COM BLOCOS DE CONCRETO, DIMENSÕES INTERNAS = 3X3,5 M. AF_12/2020","M",2616.12]
[98042,"BASE PARA POÇO DE VISITA RETANGULAR PARA ESGOTO, EM ALVENARIA COM BLOCOS DE CONCRETO, DIMENSÕES INTERNAS = 3X4 M, PROFUNDIDADE = 1,45 M, EXCLUINDO TAMPÃO. AF_12/2020","UN",10916.34]
[98043,"ACRÉSCIMO PARA POÇO DE VISITA RETANGULAR PARA ESGOTO, EM ALVENARIA COM BLOCOS DE CONCRETO, DIMENSÕES INTERNAS = 3X4 M. AF_12/2020","M",2802.79]
[98044,"BASE PARA POÇO DE VISITA RETANGULAR PARA ESGOTO, EM ALVENARIA COM BLOCOS DE CONCRETO, DIMENSÕES INTERNAS = 3,5X3,5 M, PROFUNDIDADE = 1,45 M, EXCLUINDO TAMPÃO. AF_12/2020","UN",11082.85]
[98045,"ACRÉSCIMO PARA POÇO DE VISITA RETANGULAR PARA ESGOTO, EM ALVENARIA COM BLOCOS DE CONCRETO, DIMENSÕES INTERNAS = 3,5X3,5 M. AF_12/2020","M",2802.79]
[98046,"BASE PARA POÇO DE VISITA RETANGULAR PARA ESGOTO, EM ALVENARIA COM BLOCOS DE CONCRETO, DIMENSÕES INTERNAS = 3,5X4 M, PROFUNDIDADE = 1,45 M, EXCLUINDO TAMPÃO. AF_12/2020","UN",12369.18]
[98047,"ACRÉSCIMO PARA POÇO DE VISITA RETANGULAR PARA ESGOTO, EM ALVENARIA COM BLOCOS DE CONCRETO, DIMENSÕES INTERNAS = 3,5X4 M. AF_12/2020","M",2989.48]
[98048,"BASE PARA POÇO DE VISITA RETANGULAR PARA ESGOTO, EM ALVENARIA COM BLOCOS DE CONCRETO, DIMENSÕES INTERNAS = 4X4 M, PROFUNDIDADE = 1,45 M, EXCLUINDO TAMPÃO. AF_12/2020","UN",14397.31]
[98049,"ACRÉSCIMO PARA POÇO DE VISITA RETANGULAR PARA ESGOTO, EM ALVENARIA COM BLOCOS DE CONCRETO, DIMENSÕES INTERNAS = 4X4 M. AF_12/2020","M",3140.83]
[98050,"CHAMINÉ CIRCULAR PARA POÇO DE VISITA PARA ESGOTO, EM CONCRETO PRÉ-MOLDADO, DIÂMETRO INTERNO = 0,6 M. AF_12/2020","M",185.76]
[98051,"CHAMINÉ CIRCULAR PARA POÇO DE VISITA PARA ESGOTO, EM ALVENARIA COM TIJOLOS CERÂMICOS MACIÇOS, DIÂMETRO INTERNO = 0,6 M. AF_12/2020","M",739.14]
[98405,"BASE PARA POÇO DE VISITA CIRCULAR PARA  ESGOTO, EM ALVENARIA COM TIJOLOS CERÂMICOS MACIÇOS, DIÂMETRO INTERNO = 1 M, PROFUNDIDADE = 1,45 M, EXCLUINDO TAMPÃO. AF_12/2020","UN",2030.37]
[98406,"BASE PARA POÇO DE VISITA RETANGULAR PARA ESGOTO, EM ALVENARIA COM BLOCOS DE CONCRETO, DIMENSÕES INTERNAS = 1X3,5 M, PROFUNDIDADE = 1,45 M, EXCLUINDO TAMPÃO. AF_12/2020","UN",4750.63]
[98407,"BASE PARA POÇO DE VISITA RETANGULAR PARA ESGOTO, EM ALVENARIA COM BLOCOS DE CONCRETO, DIMENSÕES INTERNAS = 1X2 M, PROFUNDIDADE = 1,45 M, EXCLUINDO TAMPÃO. AF_12/2020","UN",3103.2]
[98408,"BASE PARA POÇO DE VISITA RETANGULAR PARA ESGOTO, EM ALVENARIA COM BLOCOS DE CONCRETO, DIMENSÕES INTERNAS = 1X2,5 M, PROFUNDIDADE = 1,45 M, EXCLUINDO TAMPÃO. AF_12/2020","UN",3644.82]
[98409,"ACRÉSCIMO PARA POÇO DE VISITA CIRCULAR PARA ESGOTO, EM CONCRETO PRÉ-MOLDADO, DIÂMETRO INTERNO = 0,8 M. AF_12/2020","M",256]
[98410,"BASE PARA POÇO DE VISITA CIRCULAR PARA ESGOTO, EM CONCRETO PRÉ-MOLDADO, DIÂMETRO INTERNO = 1 M, PROFUNDIDADE = 1,45 M, EXCLUINDO TAMPÃO. AF_12/2020","UN",870.92]
[98414,"BASE PARA POÇO DE VISITA CIRCULAR PARA  ESGOTO, EM CONCRETO PRÉ-MOLDADO, DIÂMETRO INTERNO = 1 M, PROFUNDIDADE = 1,45 M, EXCLUINDO TAMPÃO. AF_12/2020","UN",862.98]
[98415,"(COMPOSIÇÃO REPRESENTATIVA) POÇO DE VISITA CIRCULAR PARA ESGOTO, EM CONCRETO PRÉ-MOLDADO, DIÂMETRO INTERNO = 1,0 M, PROFUNDIDADE ATÉ 1,50 M, EXCLUINDO TAMPÃO. AF_04/2018","UN",1026.6300000000001]
[98416,"(COMPOSIÇÃO REPRESENTATIVA) POÇO DE VISITA CIRCULAR PARA ESGOTO, EM CONCRETO PRÉ-MOLDADO, DIÂMETRO INTERNO = 1,0 M, PROFUNDIDADE DE 1,50 A 2,00 M, EXCLUINDO TAMPÃO. AF_04/2018","UN",1031.4000000000001]
[98417,"(COMPOSIÇÃO REPRESENTATIVA) POÇO DE VISITA CIRCULAR PARA ESGOTO, EM CONCRETO PRÉ-MOLDADO, DIÂMETRO INTERNO = 1,0 M, PROFUNDIDADE DE 2,00 A 2,50 M, EXCLUINDO TAMPÃO. AF_04/2018","UN",1199.82]
[98418,"(COMPOSIÇÃO REPRESENTATIVA) POÇO DE VISITA CIRCULAR PARA ESGOTO, EM CONCRETO PRÉ-MOLDADO, DIÂMETRO INTERNO = 1,0 M, PROFUNDIDADE DE 2,50 A 3,00 M, EXCLUINDO TAMPÃO. AF_04/2018","UN",1292.7]
[98419,"(COMPOSIÇÃO REPRESENTATIVA) POÇO DE VISITA CIRCULAR PARA ESGOTO, EM CONCRETO PRÉ-MOLDADO, DIÂMETRO INTERNO = 1,0 M, PROFUNDIDADE DE 3,00 A 3,50 M, EXCLUINDO TAMPÃO. AF_04/2018","UN",1385.58]
[98420,"(COMPOSIÇÃO REPRESENTATIVA) POÇO DE VISITA CIRCULAR PARA ESGOTO, EM CONCRETO PRÉ-MOLDADO, DIÂMETRO INTERNO = 1,0 M, PROFUNDIDADE ATÉ 1,50 M, INCLUINDO TAMPÃO DE FERRO FUNDIDO, DIÂMETRO DE 60 CM. AF_04/2018","UN",1268.17]
[98421,"(COMPOSIÇÃO REPRESENTATIVA) POÇO DE VISITA CIRCULAR PARA ESGOTO, EM CONCRETO PRÉ-MOLDADO, DIÂMETRO INTERNO = 1,0 M, PROFUNDIDADE DE 1,50 A 2,00 M, INCLUINDO TAMPÃO DE FERRO FUNDIDO, DIÂMETRO DE 60 CM. AF_04/2018","UN",1436.59]
[98422,"(COMPOSIÇÃO REPRESENTATIVA) POÇO DE VISITA CIRCULAR PARA ESGOTO, EM CONCRETO PRÉ-MOLDADO, DIÂMETRO INTERNO = 1,0 M, PROFUNDIDADE DE 2,00 A 2,50 M, INCLUINDO TAMPÃO DE FERRO FUNDIDO, DIÂMETRO DE 60 CM. AF_04/2018","UN",1605.01]
[98423,"(COMPOSIÇÃO REPRESENTATIVA) POÇO DE VISITA CIRCULAR PARA ESGOTO, EM CONCRETO PRÉ-MOLDADO, DIÂMETRO INTERNO = 1,0 M, PROFUNDIDADE DE 2,50 A 3,00 M, INCLUINDO TAMPÃO DE FERRO FUNDIDO, DIÂMETRO DE 60 CM. AF_04/2018","UN",1697.89]
[98424,"(COMPOSIÇÃO REPRESENTATIVA) POÇO DE VISITA CIRCULAR PARA ESGOTO, EM CONCRETO PRÉ-MOLDADO, DIÂMETRO INTERNO = 1,0 M, PROFUNDIDADE DE 3,00 A 3,50 M, INCLUINDO TAMPÃO DE FERRO FUNDIDO, DIÂMETRO DE 60 CM. AF_04/2018","UN",1790.77]
[98425,"(COMPOSIÇÃO REPRESENTATIVA) POÇO DE VISITA CIRCULAR PARA ESGOTO, EM ALVENARIA COM TIJOLOS CERÂMICOS MACIÇOS, DIÂMETRO INTERNO = 1,2 M, PROFUNDIDADE ATÉ 1,50 M, EXCLUINDO TAMPÃO. AF_04/2018","UN",2422.5100000000002]
[98426,"(COMPOSIÇÃO REPRESENTATIVA) POÇO DE VISITA CIRCULAR PARA ESGOTO, EM ALVENARIA COM TIJOLOS CERÂMICOS MACIÇOS, DIÂMETRO INTERNO = 1,2 M, PROFUNDIDADE DE 1,50 A 2,00 M, EXCLUINDO TAMPÃO. AF_04/2018","UN",3076.97]
[98427,"(COMPOSIÇÃO REPRESENTATIVA) POÇO DE VISITA CIRCULAR PARA ESGOTO, EM ALVENARIA COM TIJOLOS CERÂMICOS MACIÇOS, DIÂMETRO INTERNO = 1,2 M, PROFUNDIDADE DE 2,00 A 2,50 M, EXCLUINDO TAMPÃO. AF_04/2018","UN",3731.44]
[98428,"(COMPOSIÇÃO REPRESENTATIVA) POÇO DE VISITA CIRCULAR PARA ESGOTO, EM ALVENARIA COM TIJOLOS CERÂMICOS MACIÇOS, DIÂMETRO INTERNO = 1,2 M, PROFUNDIDADE DE 2,50 A 3,00 M, EXCLUINDO TAMPÃO. AF_04/2018","UN",4101.01]
[98429,"(COMPOSIÇÃO REPRESENTATIVA) POÇO DE VISITA CIRCULAR PARA ESGOTO, EM ALVENARIA COM TIJOLOS CERÂMICOS MACIÇOS, DIÂMETRO INTERNO = 1,2 M, PROFUNDIDADE DE 3,00 A 3,50 M, EXCLUINDO TAMPÃO. AF_04/2018","UN",4470.58]
[98430,"(COMPOSIÇÃO REPRESENTATIVA) POÇO DE VISITA CIRCULAR PARA ESGOTO, EM ALVENARIA COM TIJOLOS CERÂMICOS MACIÇOS, DIÂMETRO INTERNO = 1,2 M, PROFUNDIDADE ATÉ 1,50 M, INCLUINDO TAMPÃO DE FERRO FUNDIDO, DIÂMETRO DE 60 CM. AF_04/2018","UN",2827.7]
[98431,"(COMPOSIÇÃO REPRESENTATIVA) POÇO DE VISITA CIRCULAR PARA ESGOTO, EM ALVENARIA COM TIJOLOS CERÂMICOS MACIÇOS, DIÂMETRO INTERNO = 1,2 M, PROFUNDIDADE DE 1,50 A 2,00 M, INCLUINDO TAMPÃO DE FERRO FUNDIDO, DIÂMETRO DE 60 CM. AF_04/2018","UN",3482.16]
[98432,"(COMPOSIÇÃO REPRESENTATIVA) POÇO DE VISITA CIRCULAR PARA ESGOTO, EM ALVENARIA COM TIJOLOS CERÂMICOS MACIÇOS, DIÂMETRO INTERNO = 1,2 M, PROFUNDIDADE DE 2,00 A 2,50 M, INCLUINDO TAMPÃO DE FERRO FUNDIDO, DIÂMETRO DE 60 CM. AF_04/2018","UN",4136.63]
[98433,"(COMPOSIÇÃO REPRESENTATIVA) POÇO DE VISITA CIRCULAR PARA ESGOTO, EM ALVENARIA COM TIJOLOS CERÂMICOS MACIÇOS, DIÂMETRO INTERNO = 1,2 M, PROFUNDIDADE DE 2,50 A 3,00 M, INCLUINDO TAMPÃO DE FERRO FUNDIDO, DIÂMETRO DE 60 CM. AF_04/2018","UN",4506.2]
[98434,"(COMPOSIÇÃO REPRESENTATIVA) POÇO DE VISITA CIRCULAR PARA ESGOTO, EM ALVENARIA COM TIJOLOS CERÂMICOS MACIÇOS, DIÂMETRO INTERNO = 1,2 M, PROFUNDIDADE DE 3,00 A 3,50 M, INCLUINDO TAMPÃO DE FERRO FUNDIDO, DIÂMETRO DE 60 CM. AF_04/2018","UN",4875.7700000000004]
[99240,"ACRÉSCIMO PARA POÇO DE VISITA CIRCULAR PARA DRENAGEM, EM CONCRETO PRÉ-MOLDADO, DIÂMETRO INTERNO = 1,2 M. AF_12/2020","M",444.86]
[99241,"ACRÉSCIMO PARA POÇO DE VISITA RETANGULAR PARA DRENAGEM, EM ALVENARIA COM BLOCOS DE CONCRETO, DIMENSÕES INTERNAS = 1,5X1,5 M. AF_12/2020","M",1272.06]
[99242,"BASE PARA POÇO DE VISITA CIRCULAR PARA DRENAGEM, EM ALVENARIA COM TIJOLOS CERÂMICOS MACIÇOS, DIÂMETRO INTERNO = 1,2 M, PROFUNDIDADE = 1,45 M, EXCLUINDO TAMPÃO. AF_12/2020","UN",2370.86]
[99243,"ACRÉSCIMO PARA POÇO DE VISITA CIRCULAR PARA DRENAGEM, EM ALVENARIA COM TIJOLOS CERÂMICOS MACIÇOS, DIÂMETRO INTERNO = 1,2 M. AF_12/2020","M",1260]
[99244,"BASE PARA POÇO DE VISITA RETANGULAR PARA DRENAGEM, EM ALVENARIA COM BLOCOS DE CONCRETO, DIMENSÕES INTERNAS = 1,5X2 M, PROFUNDIDADE = 1,45 M, EXCLUINDO TAMPÃO. AF_12/2020","UN",3820.27]
[99246,"ACRÉSCIMO PARA POÇO DE VISITA CIRCULAR PARA DRENAGEM, EM CONCRETO PRÉ-MOLDADO, DIÂMETRO INTERNO = 1,5 M. AF_12/2020","M",631.4]
[99247,"ACRÉSCIMO PARA POÇO DE VISITA RETANGULAR PARA DRENAGEM, EM ALVENARIA COM BLOCOS DE CONCRETO, DIMENSÕES INTERNAS = 1,5X2 M. AF_12/2020","M",1449.56]
[99248,"BASE PARA POÇO DE VISITA CIRCULAR PARA DRENAGEM, EM ALVENARIA COM TIJOLOS CERÂMICOS MACIÇOS, DIÂMETRO INTERNO = 1,5 M, PROFUNDIDADE = 1,45 M, EXCLUINDO TAMPÃO. AF_12/2020","UN",3568.83]
[99249,"ACRÉSCIMO PARA POÇO DE VISITA CIRCULAR PARA DRENAGEM, EM ALVENARIA COM TIJOLOS CERÂMICOS MACIÇOS, DIÂMETRO INTERNO = 1,5 M. AF_12/2020","M",1541.17]
[99252,"BASE PARA POÇO DE VISITA RETANGULAR PARA DRENAGEM, EM ALVENARIA COM BLOCOS DE CONCRETO, DIMENSÕES INTERNAS = 1X1 M, PROFUNDIDADE = 1,45 M, EXCLUINDO TAMPÃO. AF_12/2020","UN",1987.68]
[99254,"ACRÉSCIMO PARA POÇO DE VISITA RETANGULAR PARA DRENAGEM, EM ALVENARIA COM BLOCOS DE CONCRETO, DIMENSÕES INTERNAS = 1X1 M. AF_12/2020","M",917.1]
[99256,"BASE PARA POÇO DE VISITA RETANGULAR PARA DRENAGEM, EM ALVENARIA COM BLOCOS DE CONCRETO, DIMENSÕES INTERNAS = 1,5X2,5 M, PROFUNDIDADE = 1,45 M, EXCLUINDO TAMPÃO. AF_12/2020","UN",4500.9799999999996]
[99259,"BASE PARA POÇO DE VISITA RETANGULAR PARA DRENAGEM, EM ALVENARIA COM BLOCOS DE CONCRETO, DIMENSÕES INTERNAS = 1X1,5 M, PROFUNDIDADE = 1,45 M, EXCLUINDO TAMPÃO. AF_12/2020","UN",2520.41]
[99261,"ACRÉSCIMO PARA POÇO DE VISITA RETANGULAR PARA DRENAGEM, EM ALVENARIA COM BLOCOS DE CONCRETO, DIMENSÕES INTERNAS = 1X1,5 M. AF_12/2020","M",1094.58]
[99263,"ACRÉSCIMO PARA POÇO DE VISITA RETANGULAR PARA DRENAGEM, EM ALVENARIA COM BLOCOS DE CONCRETO, DIMENSÕES INTERNAS = 1,5X2,5 M. AF_12/2020","M",1627.1]
[99265,"BASE PARA POÇO DE VISITA RETANGULAR PARA DRENAGEM, EM ALVENARIA COM BLOCOS DE CONCRETO, DIMENSÕES INTERNAS = 1X2 M, PROFUNDIDADE = 1,45 M, EXCLUINDO TAMPÃO. AF_12/2020","UN",3052.97]
[99266,"ACRÉSCIMO PARA POÇO DE VISITA RETANGULAR PARA DRENAGEM, EM ALVENARIA COM BLOCOS DE CONCRETO, DIMENSÕES INTERNAS = 1X2 M. AF_12/2020","M",1272.06]
[99267,"BASE PARA POÇO DE VISITA RETANGULAR PARA DRENAGEM, EM ALVENARIA COM BLOCOS DE CONCRETO, DIMENSÕES INTERNAS = 1X2,5 M, PROFUNDIDADE = 1,45 M, EXCLUINDO TAMPÃO. AF_12/2020","UN",3587.17]
[99268,"POÇO DE INSPEÇÃO CIRCULAR PARA DRENAGEM, EM CONCRETO PRÉ-MOLDADO, DIÂMETRO INTERNO = 0,6 M, PROFUNDIDADE = 1 M, EXCLUINDO TAMPÃO. AF_12/2020","UN",323.77999999999997]
[99269,"ACRÉSCIMO PARA POÇO DE VISITA RETANGULAR PARA DRENAGEM, EM ALVENARIA COM BLOCOS DE CONCRETO, DIMENSÕES INTERNAS = 1X2,5 M. AF_12/2020","M",1449.56]
[99270,"POÇO DE INSPEÇÃO CIRCULAR PARA DRENAGEM, EM CONCRETO PRÉ-MOLDADO, DIÂMETRO INTERNO = 0,6 M, PROFUNDIDADE = 1,5 M, EXCLUINDO TAMPÃO. AF_12/2020","UN",433.95]
[99271,"BASE PARA POÇO DE VISITA RETANGULAR PARA DRENAGEM, EM ALVENARIA COM BLOCOS DE CONCRETO, DIMENSÕES INTERNAS = 1,5X3 M, PROFUNDIDADE = 1,45 M, EXCLUINDO TAMPÃO. AF_12/2020","UN",5165.75]
[99272,"POÇO DE INSPEÇÃO CIRCULAR PARA DRENAGEM, EM ALVENARIA COM TIJOLOS CERÂMICOS MACIÇOS, DIÂMETRO INTERNO = 0,6 M, PROFUNDIDADE = 1 M, EXCLUINDO TAMPÃO. AF_12/2020","UN",866.42]
[99273,"POÇO DE INSPEÇÃO CIRCULAR PARA DRENAGEM, EM ALVENARIA COM TIJOLOS CERÂMICOS MACIÇOS, DIÂMETRO INTERNO = 0,6 M, PROFUNDIDADE = 1,5 M, EXCLUINDO TAMPÃO. AF_12/2020","UN",1219.94]
[99274,"BASE PARA POÇO DE VISITA RETANGULAR PARA DRENAGEM, EM ALVENARIA COM BLOCOS DE CONCRETO, DIMENSÕES INTERNAS = 1X3 M, PROFUNDIDADE = 1,45 M, EXCLUINDO TAMPÃO. AF_12/2020","UN",4138.49]
[99275,"BASE PARA POÇO DE VISITA CIRCULAR PARA DRENAGEM, EM CONCRETO PRÉ-MOLDADO, DIÂMETRO INTERNO = 0,8 M, PROFUNDIDADE = 1,45 M, EXCLUINDO TAMPÃO. AF_12/2020","UN",660.98]
[99276,"ACRÉSCIMO PARA POÇO DE VISITA RETANGULAR PARA DRENAGEM, EM ALVENARIA COM BLOCOS DE CONCRETO, DIMENSÕES INTERNAS = 1,5X3 M. AF_12/2020","M",1804.57]
[99277,"ACRÉSCIMO PARA POÇO DE VISITA RETANGULAR PARA DRENAGEM, EM ALVENARIA COM BLOCOS DE CONCRETO, DIMENSÕES INTERNAS = 1X3 M. AF_12/2020","M",1627.1]
[99278,"ACRÉSCIMO PARA POÇO DE VISITA CIRCULAR PARA DRENAGEM, EM CONCRETO PRÉ-MOLDADO, DIÂMETRO INTERNO = 0,8 M. AF_12/2020","M",254.9]
[99279,"BASE PARA POÇO DE VISITA RETANGULAR PARA DRENAGEM, EM ALVENARIA COM BLOCOS DE CONCRETO, DIMENSÕES INTERNAS = 1X3,5 M, PROFUNDIDADE = 1,45 M, EXCLUINDO TAMPÃO. AF_12/2020","UN",4673.6400000000003]
[99280,"BASE PARA POÇO DE VISITA CIRCULAR PARA DRENAGEM, EM ALVENARIA COM TIJOLOS CERÂMICOS MACIÇOS, DIÂMETRO INTERNO = 0,8 M, PROFUNDIDADE = 1,45 M, EXCLUINDO TAMPÃO. AF_12/2020","UN",1599.52]
[99281,"ACRÉSCIMO PARA POÇO DE VISITA RETANGULAR PARA DRENAGEM, EM ALVENARIA COM BLOCOS DE CONCRETO, DIMENSÕES INTERNAS = 1X3,5 M. AF_12/2020","M",1804.57]
[99282,"ACRÉSCIMO PARA POÇO DE VISITA RETANGULAR PARA DRENAGEM, EM ALVENARIA COM BLOCOS DE CONCRETO, DIMENSÕES INTERNAS = 2,5X2,5 M. AF_12/2020","M",2000.96]
[99283,"ACRÉSCIMO PARA POÇO DE VISITA CIRCULAR PARA DRENAGEM, EM ALVENARIA COM TIJOLOS CERÂMICOS MACIÇOS, DIÂMETRO INTERNO = 0,8 M. AF_12/2020","M",885.09]
[99284,"BASE PARA POÇO DE VISITA RETANGULAR PARA DRENAGEM, EM ALVENARIA COM BLOCOS DE CONCRETO, DIMENSÕES INTERNAS = 1,5X3,5 M, PROFUNDIDADE = 1,45 M, EXCLUINDO TAMPÃO. AF_12/2020","UN",5838.57]
[99285,"BASE PARA POÇO DE VISITA CIRCULAR PARA DRENAGEM, EM CONCRETO PRÉ-MOLDADO, DIÂMETRO INTERNO = 1 M, PROFUNDIDADE = 1,45 M, EXCLUINDO TAMPÃO. AF_05/2018","UN",943.86]
[99286,"BASE PARA POÇO DE VISITA RETANGULAR PARA DRENAGEM, EM ALVENARIA COM BLOCOS DE CONCRETO, DIMENSÕES INTERNAS = 1X4 M, PROFUNDIDADE = 1,45 M, EXCLUINDO TAMPÃO. AF_12/2020","UN",5203.4399999999996]
[99287,"BASE PARA POÇO DE VISITA RETANGULAR PARA DRENAGEM, EM ALVENARIA COM BLOCOS DE CONCRETO, DIMENSÕES INTERNAS = 2,5X3 M, PROFUNDIDADE = 1,45 M, EXCLUINDO TAMPÃO. AF_12/2020","UN",7372.81]
[99288,"ACRÉSCIMO PARA POÇO DE VISITA CIRCULAR PARA DRENAGEM, EM CONCRETO PRÉ-MOLDADO, DIÂMETRO INTERNO = 1 M. AF_12/2020","M",397.19]
[99289,"ACRÉSCIMO PARA POÇO DE VISITA RETANGULAR PARA DRENAGEM, EM ALVENARIA COM BLOCOS DE CONCRETO, DIMENSÕES INTERNAS = 1X4 M. AF_12/2020","M",1941.49]
[99290,"BASE PARA POÇO DE VISITA RETANGULAR PARA DRENAGEM, EM ALVENARIA COM BLOCOS DE CONCRETO, DIMENSÕES INTERNAS = 1,5X1,5 M, PROFUNDIDADE = 1,45 M, EXCLUINDO TAMPÃO. AF_12/2020","UN",3131.46]
[99291,"ACRÉSCIMO PARA POÇO DE VISITA RETANGULAR PARA DRENAGEM, EM ALVENARIA COM BLOCOS DE CONCRETO, DIMENSÕES INTERNAS = 1,5X3,5 M. AF_12/2020","M",1982.05]
[99292,"BASE PARA POÇO DE VISITA CIRCULAR PARA DRENAGEM, EM ALVENARIA COM TIJOLOS CERÂMICOS MACIÇOS, DIÂMETRO INTERNO = 1 M, PROFUNDIDADE = 1,45 M, EXCLUINDO TAMPÃO. AF_12/2020","UN",1983.93]
[99293,"ACRÉSCIMO PARA POÇO DE VISITA CIRCULAR PARA DRENAGEM, EM ALVENARIA COM TIJOLOS CERÂMICOS MACIÇOS, DIÂMETRO INTERNO = 1 M. AF_12/2020","M",1072.54]
[99294,"BASE PARA POÇO DE VISITA RETANGULAR PARA DRENAGEM, EM ALVENARIA COM BLOCOS DE CONCRETO, DIMENSÕES INTERNAS = 1,5X4 M, PROFUNDIDADE = 1,45 M, EXCLUINDO TAMPÃO. AF_12/2020","UN",6442.64]
[99296,"ACRÉSCIMO PARA POÇO DE VISITA RETANGULAR PARA DRENAGEM, EM ALVENARIA COM BLOCOS DE CONCRETO, DIMENSÕES INTERNAS = 2,5X3 M. AF_12/2020","M",2178.41]
[99297,"ACRÉSCIMO PARA POÇO DE VISITA RETANGULAR PARA DRENAGEM, EM ALVENARIA COM BLOCOS DE CONCRETO, DIMENSÕES INTERNAS = 1,5X4 M. AF_12/2020","M",2175.15]
[99298,"BASE PARA POÇO DE VISITA RETANGULAR PARA DRENAGEM, EM ALVENARIA COM BLOCOS DE CONCRETO, DIMENSÕES INTERNAS = 2,5X3,5 M, PROFUNDIDADE = 1,45 M, EXCLUINDO TAMPÃO. AF_12/2020","UN",8340.86]
[99299,"ACRÉSCIMO PARA POÇO DE VISITA RETANGULAR PARA DRENAGEM, EM ALVENARIA COM BLOCOS DE CONCRETO, DIMENSÕES INTERNAS = 2,5X3,5 M. AF_12/2020","M",2355.89]
[99300,"BASE PARA POÇO DE VISITA RETANGULAR PARA DRENAGEM, EM ALVENARIA COM BLOCOS DE CONCRETO, DIMENSÕES INTERNAS = 2,5X4 M, PROFUNDIDADE = 1,45 M, EXCLUINDO TAMPÃO. AF_12/2020","UN",9309.0300000000007]
[99301,"BASE PARA POÇO DE VISITA RETANGULAR PARA DRENAGEM, EM ALVENARIA COM BLOCOS DE CONCRETO, DIMENSÕES INTERNAS = 2X2 M, PROFUNDIDADE = 1,45 M, EXCLUINDO TAMPÃO. AF_12/2020","UN",4625.58]
[99302,"ACRÉSCIMO PARA POÇO DE VISITA RETANGULAR PARA DRENAGEM, EM ALVENARIA COM BLOCOS DE CONCRETO, DIMENSÕES INTERNAS = 2,5X4 M. AF_12/2020","M",2536.65]
[99303,"BASE PARA POÇO DE VISITA RETANGULAR PARA DRENAGEM, EM ALVENARIA COM BLOCOS DE CONCRETO, DIMENSÕES INTERNAS = 3X3 M, PROFUNDIDADE = 1,45 M, EXCLUINDO TAMPÃO. AF_12/2020","UN",8512.44]
[99304,"ACRÉSCIMO PARA POÇO DE VISITA RETANGULAR PARA DRENAGEM, EM ALVENARIA COM BLOCOS DE CONCRETO, DIMENSÕES INTERNAS = 3X3 M. AF_12/2020","M",2359.16]
[99305,"BASE PARA POÇO DE VISITA RETANGULAR PARA DRENAGEM, EM ALVENARIA COM BLOCOS DE CONCRETO, DIMENSÕES INTERNAS = 3X3,5 M, PROFUNDIDADE = 1,45 M, EXCLUINDO TAMPÃO. AF_12/2020","UN",9625.0400000000009]
[99306,"ACRÉSCIMO PARA POÇO DE VISITA RETANGULAR PARA DRENAGEM, EM ALVENARIA COM BLOCOS DE CONCRETO, DIMENSÕES INTERNAS = 3X3,5 M. AF_12/2020","M",2536.65]
[99307,"ACRÉSCIMO PARA POÇO DE VISITA RETANGULAR PARA DRENAGEM, EM ALVENARIA COM BLOCOS DE CONCRETO, DIMENSÕES INTERNAS = 2X2 M. AF_12/2020","M",1704.82]
[99308,"BASE PARA POÇO DE VISITA RETANGULAR PARA DRENAGEM, EM ALVENARIA COM BLOCOS DE CONCRETO, DIMENSÕES INTERNAS = 3X4 M, PROFUNDIDADE = 1,45 M, EXCLUINDO TAMPÃO. AF_12/2020","UN",10732.76]
[99309,"ACRÉSCIMO PARA POÇO DE VISITA RETANGULAR PARA DRENAGEM, EM ALVENARIA COM BLOCOS DE CONCRETO, DIMENSÕES INTERNAS = 3X4 M. AF_12/2020","M",2717.38]
[99310,"BASE PARA POÇO DE VISITA RETANGULAR PARA DRENAGEM, EM ALVENARIA COM BLOCOS DE CONCRETO, DIMENSÕES INTERNAS = 3,5X3,5 M, PROFUNDIDADE = 1,45 M, EXCLUINDO TAMPÃO. AF_12/2020","UN",10910.53]
[99311,"ACRÉSCIMO PARA POÇO DE VISITA RETANGULAR PARA DRENAGEM, EM ALVENARIA COM BLOCOS DE CONCRETO, DIMENSÕES INTERNAS = 3,5X3,5 M. AF_12/2020","M",2717.38]
[99312,"BASE PARA POÇO DE VISITA RETANGULAR PARA DRENAGEM, EM ALVENARIA COM BLOCOS DE CONCRETO, DIMENSÕES INTERNAS = 2X2,5 M, PROFUNDIDADE = 1,45 M, EXCLUINDO TAMPÃO. AF_12/2020","UN",5428.12]
[99313,"BASE PARA POÇO DE VISITA RETANGULAR PARA DRENAGEM, EM ALVENARIA COM BLOCOS DE CONCRETO, DIMENSÕES INTERNAS = 3,5X4 M, PROFUNDIDADE = 1,45 M, EXCLUINDO TAMPÃO. AF_12/2020","UN",12166.25]
[99314,"ACRÉSCIMO PARA POÇO DE VISITA RETANGULAR PARA DRENAGEM, EM ALVENARIA COM BLOCOS DE CONCRETO, DIMENSÕES INTERNAS = 3,5X4 M. AF_12/2020","M",2898.14]
[99315,"BASE PARA POÇO DE VISITA RETANGULAR PARA DRENAGEM, EM ALVENARIA COM BLOCOS DE CONCRETO, DIMENSÕES INTERNAS = 4X4 M, PROFUNDIDADE = 1,45 M, EXCLUINDO TAMPÃO. AF_12/2020","UN",13594.96]
[99317,"ACRÉSCIMO PARA POÇO DE VISITA RETANGULAR PARA DRENAGEM, EM ALVENARIA COM BLOCOS DE CONCRETO, DIMENSÕES INTERNAS = 2X2,5 M. AF_12/2020","M",1820.17]
[99318,"CHAMINÉ CIRCULAR PARA POÇO DE VISITA PARA DRENAGEM, EM CONCRETO PRÉ-MOLDADO, DIÂMETRO INTERNO = 0,6 M. AF_12/2020","M",185.26]
[99319,"CHAMINÉ CIRCULAR PARA POÇO DE VISITA PARA DRENAGEM, EM ALVENARIA COM TIJOLOS CERÂMICOS MACIÇOS, DIÂMETRO INTERNO = 0,6 M. AF_12/2020","M",706.7]
[99320,"BASE PARA POÇO DE VISITA RETANGULAR PARA DRENAGEM, EM ALVENARIA COM BLOCOS DE CONCRETO, DIMENSÕES INTERNAS = 2X3 M, PROFUNDIDADE = 1,45 M, EXCLUINDO TAMPÃO. AF_12/2020","UN",6266.12]
[99321,"ACRÉSCIMO PARA POÇO DE VISITA RETANGULAR PARA DRENAGEM, EM ALVENARIA COM BLOCOS DE CONCRETO, DIMENSÕES INTERNAS = 2X3 M. AF_12/2020","M",1997.7]
[99322,"BASE PARA POÇO DE VISITA RETANGULAR PARA DRENAGEM, EM ALVENARIA COM BLOCOS DE CONCRETO, DIMENSÕES INTERNAS = 2X3,5 M, PROFUNDIDADE = 1,45 M, EXCLUINDO TAMPÃO. AF_12/2020","UN",7073.12]
[99323,"ACRÉSCIMO PARA POÇO DE VISITA RETANGULAR PARA DRENAGEM, EM ALVENARIA COM BLOCOS DE CONCRETO, DIMENSÕES INTERNAS = 2X3,5 M. AF_12/2020","M",2175.15]
[99324,"BASE PARA POÇO DE VISITA RETANGULAR PARA DRENAGEM, EM ALVENARIA COM BLOCOS DE CONCRETO, DIMENSÕES INTERNAS = 2X4 M, PROFUNDIDADE = 1,45 M, EXCLUINDO TAMPÃO. AF_12/2020","UN",7880.19]
[99325,"ACRÉSCIMO PARA POÇO DE VISITA RETANGULAR PARA DRENAGEM, EM ALVENARIA COM BLOCOS DE CONCRETO, DIMENSÕES INTERNAS = 2X4 M. AF_12/2020","M",2355.89]
[99326,"BASE PARA POÇO DE VISITA RETANGULAR PARA DRENAGEM, EM ALVENARIA COM BLOCOS DE CONCRETO, DIMENSÕES INTERNAS = 2,5X2,5 M, PROFUNDIDADE = 1,45 M, EXCLUINDO TAMPÃO. AF_12/2020","UN",6404.48]
[99327,"ACRÉSCIMO PARA POÇO DE VISITA RETANGULAR PARA DRENAGEM, EM ALVENARIA COM BLOCOS DE CONCRETO, DIMENSÕES INTERNAS = 4X4 M. AF_12/2020","M",3046.98]
[101800,"CAIXA COM GRELHA RETANGULAR DE FERRO FUNDIDO, EM ALVENARIA COM TIJOLOS CERÂMICOS MACIÇOS, DIMENSÕES INTERNAS: 0,30 X 1,00 X 1,00. AF_12/2020","UN",1053.28]
[101801,"CAIXA COM GRELHA RETANGULAR DE FERRO FUNDIDO, EM ALVENARIA COM BLOCOS DE CONCRETO, DIMENSÕES INTERNAS: 0,30 X 1,00 X 1,00. AF_12/2020","UN",763.88]
[101806,"CAIXA ENTERRADA DISTRIBUIDORA DE VAZÃO (SUMIDOUROS MÚLTIPLOS), RETANGULAR, EM ALVENARIA COM TIJOLOS MACIÇOS, DIMENSÕES INTERNAS: 0,60 X 0,60 X 0,50 M. AF_12/2020","UN",423.57]
[101807,"CAIXA ENTERRADA DISTRIBUIDORA DE VAZÃO (SUMIDOUROS MÚLTIPLOS), RETANGULAR, EM ALVENARIA COM BLOCOS DE CONCRETO, DIMENSÕES INTERNAS: 0,60 X 0,60 X 0,50 M. AF_12/2020","UN",370.38]
[101808,"CAIXA ENTERRADA DISTRIBUIDORA DE VAZÃO (SUMIDOUROS MÚLTIPLOS), RETANGULAR, EM CONCRETO PRÉ-MOLDADO, DIMENSÕES INTERNAS: 0,60 X 0,60 X 0,50 M. AF_12/2020","UN",340.97]
[101809,"BASE PARA POCO DE VISITA RETANGULAR PARA ESGOTO E DRENAGEM, EM CONCRETO ESTRUTURAL, DIMENSÕES INTERNAS DE 90X150 M, PROFUNDIDADE DE 1,25 M, EXCLUINDO TAMPÃO. AF_12/2020","UN",2478.91]
[102139,"BASE PARA POÇO DE VISITA CIRCULAR PARA  ESGOTO, EM CONCRETO PRÉ-MOLDADO, DIÂMETRO INTERNO = 1,2 M, PROFUNDIDADE = 1,45 M, EXCLUINDO TAMPÃO. AF_12/2020","UN",1204.71]
[102140,"BASE PARA POÇO DE VISITA CIRCULAR PARA DRENAGEM, EM ALVENARIA COM TIJOLOS CERÂMICOS MACIÇOS, DIÂMETRO INTERNO = 1 M, PROFUNDIDADE = 1,45 M, EXCLUINDO TAMPÃO. AF_12/2020","UN",1380.49]
[102141,"BASE PARA POÇO DE VISITA CIRCULAR PARA  ESGOTO, EM CONCRETO PRÉ-MOLDADO, DIÂMETRO INTERNO = 1,5 M, PROFUNDIDADE = 1,45 M, EXCLUINDO TAMPÃO. AF_12/2020","UN",1913.2]
[102142,"BASE PARA POÇO DE VISITA CIRCULAR PARA DRENAGEM, EM CONCRETO PRÉ-MOLDADO, DIÂMETRO INTERNO = 1,5 M, PROFUNDIDADE = 1,45 M, EXCLUINDO TAMPÃO. AF_12/2020","UN",1892.71]
[94263,"GUIA (MEIO-FIO) CONCRETO, MOLDADA  IN LOCO  EM TRECHO RETO COM EXTRUSORA, 13 CM BASE X 22 CM ALTURA. AF_06/2016","M",24.11]
[94264,"GUIA (MEIO-FIO) CONCRETO, MOLDADA  IN LOCO  EM TRECHO CURVO COM EXTRUSORA, 13 CM BASE X 22 CM ALTURA. AF_06/2016","M",26.94]
[94265,"GUIA (MEIO-FIO) CONCRETO, MOLDADA  IN LOCO  EM TRECHO RETO COM EXTRUSORA, 15 CM BASE X 30 CM ALTURA. AF_06/2016","M",31.05]
[94266,"GUIA (MEIO-FIO) CONCRETO, MOLDADA  IN LOCO  EM TRECHO CURVO COM EXTRUSORA, 15 CM BASE X 30 CM ALTURA. AF_06/2016","M",34.31]
[94267,"GUIA (MEIO-FIO) E SARJETA CONJUGADOS DE CONCRETO, MOLDADA  IN LOCO  EM TRECHO RETO COM EXTRUSORA, 45 CM BASE (15 CM BASE DA GUIA + 30 CM BASE DA SARJETA) X 22 CM ALTURA. AF_06/2016","M",36.67]
[94268,"GUIA (MEIO-FIO) E SARJETA CONJUGADOS DE CONCRETO, MOLDADA  IN LOCO  EM TRECHO CURVO COM EXTRUSORA, 45 CM BASE (15 CM BASE DA GUIA + 30 CM BASE DA SARJETA) X 22 CM ALTURA. AF_06/2016","M",40.25]
[94269,"GUIA (MEIO-FIO) E SARJETA CONJUGADOS DE CONCRETO, MOLDADA  IN LOCO  EM TRECHO RETO COM EXTRUSORA, 60 CM BASE (15 CM BASE DA GUIA + 45 CM BASE DA SARJETA) X 26 CM ALTURA. AF_06/2016","M",51.79]
[94270,"GUIA (MEIO-FIO) E SARJETA CONJUGADOS DE CONCRETO, MOLDADA IN LOCO  EM TRECHO CURVO COM EXTRUSORA, 60 CM BASE (15 CM BASE DA GUIA + 45 CM BASE DA SARJETA) X 26 CM ALTURA. AF_06/2016","M",56.79]
[94271,"GUIA (MEIO-FIO) E SARJETA CONJUGADOS DE CONCRETO, MOLDADA  IN LOCO  EM TRECHO RETO COM EXTRUSORA, 65 CM BASE (15 CM BASE DA GUIA + 50 CM BASE DA SARJETA) X 26 CM ALTURA. AF_06/2016","M",63.08]
[94272,"GUIA (MEIO-FIO) E SARJETA CONJUGADOS DE CONCRETO, MOLDADA  IN LOCO  EM TRECHO CURVO COM EXTRUSORA, 65 CM BASE (15 CM BASE DA GUIA + 50 CM BASE DA SARJETA) X 26 CM ALTURA. AF_06/2016","M",69.72]
[94273,"ASSENTAMENTO DE GUIA (MEIO-FIO) EM TRECHO RETO, CONFECCIONADA EM CONCRETO PRÉ-FABRICADO, DIMENSÕES 100X15X13X30 CM (COMPRIMENTO X BASE INFERIOR X BASE SUPERIOR X ALTURA), PARA VIAS URBANAS (USO VIÁRIO). AF_06/2016","M",38.36]
[94274,"ASSENTAMENTO DE GUIA (MEIO-FIO) EM TRECHO CURVO, CONFECCIONADA EM CONCRETO PRÉ-FABRICADO, DIMENSÕES 100X15X13X30 CM (COMPRIMENTO X BASE INFERIOR X BASE SUPERIOR X ALTURA), PARA VIAS URBANAS (USO VIÁRIO). AF_06/2016","M",41.72]
[94275,"ASSENTAMENTO DE GUIA (MEIO-FIO) EM TRECHO RETO, CONFECCIONADA EM CONCRETO PRÉ-FABRICADO, DIMENSÕES 100X15X13X20 CM (COMPRIMENTO X BASE INFERIOR X BASE SUPERIOR X ALTURA), PARA URBANIZAÇÃO INTERNA DE EMPREENDIMENTOS. AF_06/2016_P","M",36.6]
[94276,"ASSENTAMENTO DE GUIA (MEIO-FIO) EM TRECHO CURVO, CONFECCIONADA EM CONCRETO PRÉ-FABRICADO, DIMENSÕES 100X15X13X20 CM (COMPRIMENTO X BASE INFERIOR X BASE SUPERIOR X ALTURA), PARA URBANIZAÇÃO INTERNA DE EMPREENDIMENTOS. AF_06/2016_P","M",39.96]
[94281,"EXECUÇÃO DE SARJETA DE CONCRETO USINADO, MOLDADA  IN LOCO  EM TRECHO RETO, 30 CM BASE X 15 CM ALTURA. AF_06/2016","M",40.96]
[94282,"EXECUÇÃO DE SARJETA DE CONCRETO USINADO, MOLDADA  IN LOCO  EM TRECHO CURVO, 30 CM BASE X 15 CM ALTURA. AF_06/2016","M",51.2]
[94283,"EXECUÇÃO DE SARJETA DE CONCRETO USINADO, MOLDADA  IN LOCO  EM TRECHO RETO, 45 CM BASE X 15 CM ALTURA. AF_06/2016","M",51.37]
[94284,"EXECUÇÃO DE SARJETA DE CONCRETO USINADO, MOLDADA  IN LOCO  EM TRECHO CURVO, 45 CM BASE X 15 CM ALTURA. AF_06/2016","M",61.61]
[94285,"EXECUÇÃO DE SARJETA DE CONCRETO USINADO, MOLDADA  IN LOCO  EM TRECHO RETO, 60 CM BASE X 15 CM ALTURA. AF_06/2016","M",61.31]
[94286,"EXECUÇÃO DE SARJETA DE CONCRETO USINADO, MOLDADA  IN LOCO  EM TRECHO CURVO, 60 CM BASE X 15 CM ALTURA. AF_06/2016","M",71.55]
[94287,"EXECUÇÃO DE SARJETA DE CONCRETO USINADO, MOLDADA  IN LOCO  EM TRECHO RETO, 30 CM BASE X 10 CM ALTURA. AF_06/2016","M",32.15]
[94288,"EXECUÇÃO DE SARJETA DE CONCRETO USINADO, MOLDADA  IN LOCO  EM TRECHO CURVO, 30 CM BASE X 10 CM ALTURA. AF_06/2016","M",41.11]
[94289,"EXECUÇÃO DE SARJETA DE CONCRETO USINADO, MOLDADA  IN LOCO  EM TRECHO RETO, 45 CM BASE X 10 CM ALTURA. AF_06/2016","M",39.69]
[94290,"EXECUÇÃO DE SARJETA DE CONCRETO USINADO, MOLDADA  IN LOCO  EM TRECHO CURVO, 45 CM BASE X 10 CM ALTURA. AF_06/2016","M",48.64]
[94291,"EXECUÇÃO DE SARJETA DE CONCRETO USINADO, MOLDADA  IN LOCO  EM TRECHO RETO, 60 CM BASE X 10 CM ALTURA. AF_06/2016","M",46.78]
[94292,"EXECUÇÃO DE SARJETA DE CONCRETO USINADO, MOLDADA  IN LOCO  EM TRECHO CURVO, 60 CM BASE X 10 CM ALTURA. AF_06/2016","M",55.73]
[94293,"EXECUÇÃO DE SARJETÃO DE CONCRETO USINADO, MOLDADA  IN LOCO  EM TRECHO RETO, 100 CM BASE X 20 CM ALTURA. AF_06/2016","M",121.64]
[94294,"EXECUÇÃO DE ESCORAS DE CONCRETO PARA CONTENÇÃO DE GUIAS PRÉ-FABRICADAS. AF_06/2016","M",6.94]
[101570,"ESCORAMENTO DE VALA, TIPO PONTALETEAMENTO, COM PROFUNDIDADE DE 0 A 1,5 M, LARGURA MENOR QUE 1,5 M. AF_08/2020","M2",21.19]
[101571,"ESCORAMENTO DE VALA, TIPO PONTALETEAMENTO, COM PROFUNDIDADE DE 0 A 1,5 M, LARGURA MAIOR OU IGUAL A 1,5 M E MENOR QUE 2,5 M. AF_08/2020","M2",27.88]
[101572,"ESCORAMENTO DE VALA, TIPO PONTALETEAMENTO, COM PROFUNDIDADE DE 1,5 A 3,0 M, LARGURA MENOR QUE 1,5 M. AF_08/2020","M2",16.86]
[101573,"ESCORAMENTO DE VALA, TIPO PONTALETEAMENTO, COM PROFUNDIDADE DE 1,5 A 3,0 M, LARGURA MAIOR OU IGUAL A 1,5 M E MENOR QUE 2,5 M. AF_08/2020","M2",23.56]
[101574,"ESCORAMENTO DE VALA, TIPO PONTALETEAMENTO, COM PROFUNDIDADE DE 3,0 A 4,5 M, LARGURA MENOR QUE 1,5 M. AF_08/2020","M2",13.36]
[101575,"ESCORAMENTO DE VALA, TIPO PONTALETEAMENTO, COM PROFUNDIDADE DE 3,0 A 4,5 M, LARGURA MAIOR OU IGUAL A 1,5 M E MENOR QUE 2,5 M. AF_08/2020","M2",20.2]
[101576,"ESCORAMENTO DE VALA, TIPO DESCONTÍNUO, COM PROFUNDIDADE DE 0 A 1,5 M, LARGURA MENOR QUE 1,5 M. AF_08/2020","M2",41.25]
[101577,"ESCORAMENTO DE VALA, TIPO DESCONTÍNUO, COM PROFUNDIDADE DE 0 A 1,5 M, LARGURA MAIOR OU IGUAL A 1,5 M E MENOR QUE 2,5 M. AF_08/2020","M2",49.83]
[101578,"ESCORAMENTO DE VALA, TIPO DESCONTÍNUO, COM PROFUNDIDADE DE 1,5 M A 3,0 M, LARGURA MENOR QUE 1,5 M. AF_08/2020","M2",34.75]
[101579,"ESCORAMENTO DE VALA, TIPO DESCONTÍNUO, COM PROFUNDIDADE DE 1,5 A 3,0 M, LARGURA MAIOR OU IGUAL A 1,5 M E MENOR QUE 2,5 M. AF_08/2020","M2",43.33]
[101580,"ESCORAMENTO DE VALA, TIPO DESCONTÍNUO, COM PROFUNDIDADE DE 3,0 A 4,5 M, LARGURA MENOR QUE 1,5 M. AF_08/2020","M2",32.090000000000003]
[101581,"ESCORAMENTO DE VALA, TIPO DESCONTÍNUO, COM PROFUNDIDADE DE 3,0 A 4,5 M, LARGURA MAIOR OU IGUAL A 1,5 E MENOR QUE 2,5 M. AF_08/2020","M2",40.81]
[101582,"ESCORAMENTO DE VALA, TIPO CONTÍNUO, COM PROFUNDIDADE DE 0 A 1,5 M, LARGURA MENOR QUE 1,5 M. AF_08/2020","M2",68.37]
[101583,"ESCORAMENTO DE VALA, TIPO CONTÍNUO, COM PROFUNDIDADE DE 0 A 1,5 M, LARGURA MAIOR OU IGUAL A 1,5 M E MENOR QUE 2,5 M. AF_08/2020","M2",81.72]
[101584,"ESCORAMENTO DE VALA, TIPO CONTÍNUO, COM PROFUNDIDADE DE 1,5 M A 3,0 M, LARGURA MENOR QUE 1,5 M. AF_08/2020","M2",57.2]
[101585,"ESCORAMENTO DE VALA, TIPO CONTÍNUO, COM PROFUNDIDADE DE 1,5 A 3,0 M, LARGURA MAIOR OU IGUAL A 1,5 M E MENOR QUE 2,5 M. AF_08/2020","M2",70.540000000000006]
[101586,"ESCORAMENTO DE VALA, TIPO CONTÍNUO, COM PROFUNDIDADE DE 3,0 A 4,5 M, LARGURA MENOR QUE 1,5 M. AF_08/2020","M2",51.35]
[101587,"ESCORAMENTO DE VALA, TIPO CONTÍNUO, COM PROFUNDIDADE DE 3,0 A 4,5 M, LARGURA MAIOR OU IGUAL A 1,5 E MENOR QUE 2,5 M. AF_08/2020","M2",64.83]
[101588,"ESCORAMENTO DE VALA, TIPO CONTÍNUO COM PERFIL METÁLICO \"U\", COM PROFUNDIDADE DE 0 A 1,5 M, LARGURA MENOR QUE 1,5 M. AF_08/2020","M2",68.17]
[101589,"ESCORAMENTO DE VALA,TIPO CONTÍNUO COM PERFIL METÁLICO \"U\", COM PROFUNDIDADE DE 0 A 1,5 M, LARGURA MAIOR OU IGUAL A 1,5 E MENOR QUE 2,5 M. AF_08/2020","M2",98.34]
[101590,"ESCORAMENTO DE VALA, TIPO CONTÍNUO COM PERFIL METÁLICO \"U\", COM PROFUNDIDADE DE 1,5 A 3,0 M, LARGURA MENOR QUE 1,5 M. AF_08/2020","M2",52.16]
[101591,"ESCORAMENTO DE VALA, TIPO CONTÍNUO COM PERFIL METÁLICO \"U\", COM PROFUNDIDADE DE 1,5 A 3,0 M, LARGURA MAIOR OU IGUAL 1,5 M E MENOR QUE 2,5 M. AF_08/2020","M2",82.33]
[101592,"ESCORAMENTO DE VALA, TIPO CONTÍNUO COM PERFIL METÁLICO \"U\", COM PROFUNDIDADE DE 3,0 A 4,5 M, LARGURA MENOR QUE 1,5 M. AF_08/2020","M2",38.07]
[101593,"ESCORAMENTO DE VALA, TIPO CONTÍNUO COM PERFIL METÁLICO \"U\", COM PROFUNDIDADE DE 3,0 A 4,5 M, LARGURA MAIOR OU IGUAL A 1,5 M E MENOR QUE 2,5 M. AF_08/2020","M2",68.349999999999994]
[101600,"ESCORAMENTO DE VALA, TIPO BLINDAGEM, COM PROFUNDIDADE DE 0 A 1,5 M, LARGURA MENOR QUE 1,5 M - EXECUÇÃO, NÃO INCLUI MATERIAL. AF_08/2020","M2",12.33]
[101601,"ESCORAMENTO DE VALA, TIPO BLINDAGEM COM PROFUNDIDADE DE 0 A 1,5 M, LARGURA MAIOR OU IGUAL A 1,5 M E MENOR QUE 2,5 M - EXECUÇÃO, NÃO INCLUI MATERIAL. AF_08/2020","M2",18.27]
[101602,"ESCORAMENTO DE VALA, TIPO BLINDAGEM, COM PROFUNDIDADE DE 1,5 A 3,0 M, LARGURA MENOR QUE 1,5 M - EXECUÇÃO, NÃO INCLUI MATERIAL. AF_08/2020","M2",9.14]
[101603,"ESCORAMENTO DE VALA, TIPO BLINDAGEM, COM PROFUNDIDADE DE 1,5 A 3,0 M, LARGURA MAIOR OU IGUAL A 1,5 M E MENOR QUE 2,5 M - EXECUÇÃO, NÃO INCLUI MATERIAL. AF_08/2020","M2",15.08]
[101604,"ESCORAMENTO DE VALA, TIPO BLINDAGEM, COM PROFUNDIDADE DE 3,0 A 4,5 M, LARGURA MENOR QUE 1,5 M - EXECUÇÃO, NÃO INCLUI MATERIAL. AF_08/2020","M2",5.99]
[101605,"ESCORAMENTO DE VALA, TIPO BLINDAGEM, COM PROFUNDIDADE DE 3,0 A 4,5 M, LARGURA MAIOR OU IGUAL A 1,5 M E MENOR QUE 2,5 M - EXECUÇÃO, NÃO INCLUI MATERIAL. AF_08/2020","M2",11.91]
[90788,"KIT DE PORTA-PRONTA DE MADEIRA EM ACABAMENTO MELAMÍNICO BRANCO, FOLHA LEVE OU MÉDIA, 60X210CM, EXCLUSIVE FECHADURA, FIXAÇÃO COM PREENCHIMENTO PARCIAL DE ESPUMA EXPANSIVA - FORNECIMENTO E INSTALAÇÃO. AF_12/2019","UN",580.77]
[90789,"KIT DE PORTA-PRONTA DE MADEIRA EM ACABAMENTO MELAMÍNICO BRANCO, FOLHA LEVE OU MÉDIA, 70X210CM, EXCLUSIVE FECHADURA, FIXAÇÃO COM PREENCHIMENTO PARCIAL DE ESPUMA EXPANSIVA - FORNECIMENTO E INSTALAÇÃO. AF_12/2019","UN",582.09]
[90790,"KIT DE PORTA-PRONTA DE MADEIRA EM ACABAMENTO MELAMÍNICO BRANCO, FOLHA LEVE OU MÉDIA, 80X210CM, EXCLUSIVE FECHADURA, FIXAÇÃO COM PREENCHIMENTO PARCIAL DE ESPUMA EXPANSIVA - FORNECIMENTO E INSTALAÇÃO. AF_12/2019","UN",600.41999999999996]
[90791,"KIT DE PORTA-PRONTA DE MADEIRA EM ACABAMENTO MELAMÍNICO BRANCO, FOLHA PESADA OU SUPERPESADA, 80X210CM, FIXAÇÃO COM PREENCHIMENTO PARCIAL DE ESPUMA EXPANSIVA - FORNECIMENTO E INSTALAÇÃO. AF_12/2019","UN",703.85]
[90793,"KIT DE PORTA-PRONTA DE MADEIRA EM ACABAMENTO MELAMÍNICO BRANCO, FOLHA PESADA OU SUPERPESADA, 90X210CM, FIXAÇÃO COM PREENCHIMENTO TOTAL DE ESPUMA EXPANSIVA - FORNECIMENTO E INSTALAÇÃO. AF_12/2019","UN",745.96]
[90794,"KIT DE PORTA-PRONTA DE MADEIRA EM ACABAMENTO MELAMÍNICO BRANCO, FOLHA LEVE OU MÉDIA, E BATENTE METÁLICO, 60X210CM, FIXAÇÃO COM ARGAMASSA - FORNECIMENTO E INSTALAÇÃO. AF_12/2019","UN",507.63]
[90795,"KIT DE PORTA-PRONTA DE MADEIRA EM ACABAMENTO MELAMÍNICO BRANCO, FOLHA LEVE OU MÉDIA, E BATENTE METÁLICO, 70X210CM, FIXAÇÃO COM ARGAMASSA - FORNECIMENTO E INSTALAÇÃO. AF_12/2019","UN",513.47]
[90796,"KIT DE PORTA-PRONTA DE MADEIRA EM ACABAMENTO MELAMÍNICO BRANCO, FOLHA LEVE OU MÉDIA, E BATENTE METÁLICO, 80X210CM, FIXAÇÃO COM ARGAMASSA - FORNECIMENTO E INSTALAÇÃO. AF_12/2019","UN",519.29999999999995]
[90797,"KIT DE PORTA-PRONTA DE MADEIRA EM ACABAMENTO MELAMÍNICO BRANCO, FOLHA LEVE OU MÉDIA, E BATENTE METÁLICO, 90X210CM, FIXAÇÃO COM ARGAMASSA - FORNECIMENTO E INSTALAÇÃO. AF_12/2019","UN",525.14]
[90798,"KIT DE PORTA-PRONTA DE MADEIRA EM ACABAMENTO MELAMÍNICO BRANCO, FOLHA PESADA OU SUPERPESADA, E BATENTE METÁLICO, 80X210CM, FIXAÇÃO COM ARGAMASSA - FORNECIMENTO E INSTALAÇÃO. AF_12/2019","UN",756.91]
[90799,"KIT DE PORTA-PRONTA DE MADEIRA EM ACABAMENTO MELAMÍNICO BRANCO, FOLHA PESADA OU SUPERPESADA, E BATENTE METÁLICO, 90X210CM, FIXAÇÃO COM ARGAMASSA - FORNECIMENTO E INSTALAÇÃO. AF_12/2019","UN",781.71]
[90801,"BATENTE PARA PORTA DE MADEIRA, PADRÃO MÉDIO - FORNECIMENTO E MONTAGEM. AF_12/2019","UN",226.74]
[90806,"BATENTE PARA PORTA DE MADEIRA, FIXAÇÃO COM ARGAMASSA, PADRÃO MÉDIO - FORNECIMENTO E INSTALAÇÃO. AF_12/2019_P","UN",297.88]
[90820,"PORTA DE MADEIRA PARA PINTURA, SEMI-OCA (LEVE OU MÉDIA), 60X210CM, ESPESSURA DE 3,5CM, INCLUSO DOBRADIÇAS - FORNECIMENTO E INSTALAÇÃO. AF_12/2019","UN",218.26]
[90821,"PORTA DE MADEIRA PARA PINTURA, SEMI-OCA (LEVE OU MÉDIA), 70X210CM, ESPESSURA DE 3,5CM, INCLUSO DOBRADIÇAS - FORNECIMENTO E INSTALAÇÃO. AF_12/2019","UN",223.17]
[90822,"PORTA DE MADEIRA PARA PINTURA, SEMI-OCA (LEVE OU MÉDIA), 80X210CM, ESPESSURA DE 3,5CM, INCLUSO DOBRADIÇAS - FORNECIMENTO E INSTALAÇÃO. AF_12/2019","UN",240.07]
[90823,"PORTA DE MADEIRA PARA PINTURA, SEMI-OCA (LEVE OU MÉDIA), 90X210CM, ESPESSURA DE 3,5CM, INCLUSO DOBRADIÇAS - FORNECIMENTO E INSTALAÇÃO. AF_12/2019","UN",296.35000000000002]
[90824,"PORTA DE MADEIRA PARA PINTURA, SEMI-OCA (PESADA OU SUPERPESADA), 80X210CM, ESPESSURA DE 3,5CM, INCLUSO DOBRADIÇAS - FORNECIMENTO E INSTALAÇÃO. AF_12/2019","UN",426.59]
[90825,"PORTA DE MADEIRA, MACIÇA (PESADA OU SUPERPESADA), 90X210CM, ESPESSURA DE 3,5CM, INCLUSO DOBRADIÇAS - FORNECIMENTO E INSTALAÇÃO. AF_12/2019","UN",475.87]
[90830,"FECHADURA DE EMBUTIR COM CILINDRO, EXTERNA, COMPLETA, ACABAMENTO PADRÃO MÉDIO, INCLUSO EXECUÇÃO DE FURO - FORNECIMENTO E INSTALAÇÃO. AF_12/2019","UN",124.46]
[90831,"FECHADURA DE EMBUTIR PARA PORTA DE BANHEIRO, COMPLETA, ACABAMENTO PADRÃO MÉDIO, INCLUSO EXECUÇÃO DE FURO - FORNECIMENTO E INSTALAÇÃO. AF_12/2019","UN",108.9]
[90841,"KIT DE PORTA DE MADEIRA PARA PINTURA, SEMI-OCA (LEVE OU MÉDIA), PADRÃO MÉDIO, 60X210CM, ESPESSURA DE 3,5CM, ITENS INCLUSOS: DOBRADIÇAS, MONTAGEM E INSTALAÇÃO DO BATENTE, FECHADURA COM EXECUÇÃO DO FURO - FORNECIMENTO E INSTALAÇÃO. AF_12/2019","UN",694.83]
[90842,"KIT DE PORTA DE MADEIRA PARA PINTURA, SEMI-OCA (LEVE OU MÉDIA), PADRÃO MÉDIO, 70X210CM, ESPESSURA DE 3,5CM, ITENS INCLUSOS: DOBRADIÇAS, MONTAGEM E INSTALAÇÃO DO BATENTE, FECHADURA COM EXECUÇÃO DO FURO - FORNECIMENTO E INSTALAÇÃO. AF_12/2019","UN",701.19]
[90843,"KIT DE PORTA DE MADEIRA PARA PINTURA, SEMI-OCA (LEVE OU MÉDIA), PADRÃO MÉDIO, 80X210CM, ESPESSURA DE 3,5CM, ITENS INCLUSOS: DOBRADIÇAS, MONTAGEM E INSTALAÇÃO DO BATENTE, FECHADURA COM EXECUÇÃO DO FURO - FORNECIMENTO E INSTALAÇÃO. AF_12/2019","UN",735.11]
[90844,"KIT DE PORTA DE MADEIRA PARA PINTURA, SEMI-OCA (LEVE OU MÉDIA), PADRÃO MÉDIO, 90X210CM, ESPESSURA DE 3,5CM, ITENS INCLUSOS: DOBRADIÇAS, MONTAGEM E INSTALAÇÃO DO BATENTE, FECHADURA COM EXECUÇÃO DO FURO - FORNECIMENTO E INSTALAÇÃO. AF_12/2019","UN",792.84]
[90845,"KIT DE PORTA DE MADEIRA PARA PINTURA, SEMI-OCA (PESADA OU SUPERPESADA), PADRÃO MÉDIO, 80X210CM, ESPESSURA DE 3,5CM, ITENS INCLUSOS: DOBRADIÇAS, MONTAGEM E INSTALAÇÃO DO BATENTE, FECHADURA COM EXECUÇÃO DO FURO - FORNECIMENTO E INSTALAÇÃO. AF_12/2019","UN",921.63]
[90846,"KIT DE PORTA DE MADEIRA PARA PINTURA, SEMI-OCA (PESADA OU SUPERPESADA), PADRÃO MÉDIO, 90X210CM, ESPESSURA DE 3,5CM, ITENS INCLUSOS: DOBRADIÇAS, MONTAGEM E INSTALAÇÃO DO BATENTE, FECHADURA COM EXECUÇÃO DO FURO - FORNECIMENTO E INSTALAÇÃO. AF_12/2019","UN",972.36]
[90847,"KIT DE PORTA DE MADEIRA PARA PINTURA, SEMI-OCA (LEVE OU MÉDIA), PADRÃO MÉDIO, 60X210CM, ESPESSURA DE 3,5CM, ITENS INCLUSOS: DOBRADIÇAS, MONTAGEM E INSTALAÇÃO DO BATENTE, SEM FECHADURA - FORNECIMENTO E INSTALAÇÃO. AF_12/2019","UN",585.92999999999995]
[90848,"KIT DE PORTA DE MADEIRA PARA PINTURA, SEMI-OCA (LEVE OU MÉDIA), PADRÃO MÉDIO, 70X210CM, ESPESSURA DE 3,5CM, ITENS INCLUSOS: DOBRADIÇAS, MONTAGEM E INSTALAÇÃO DO BATENTE, SEM FECHADURA - FORNECIMENTO E INSTALAÇÃO. AF_12/2019","UN",592.29]
[90849,"KIT DE PORTA DE MADEIRA PARA PINTURA, SEMI-OCA (LEVE OU MÉDIA), PADRÃO MÉDIO, 80X210CM, ESPESSURA DE 3,5CM, ITENS INCLUSOS: DOBRADIÇAS, MONTAGEM E INSTALAÇÃO DO BATENTE, SEM FECHADURA - FORNECIMENTO E INSTALAÇÃO. AF_12/2019","UN",610.65]
[90850,"KIT DE PORTA DE MADEIRA PARA PINTURA, SEMI-OCA (LEVE OU MÉDIA), PADRÃO MÉDIO, 90X210CM, ESPESSURA DE 3,5CM, ITENS INCLUSOS: DOBRADIÇAS, MONTAGEM E INSTALAÇÃO DO BATENTE, SEM FECHADURA - FORNECIMENTO E INSTALAÇÃO. AF_12/2019","UN",668.38]
[90851,"KIT DE PORTA DE MADEIRA PARA PINTURA, SEMI-OCA (PESADA OU SUPERPESADA), PADRÃO MÉDIO, 80X210CM, ESPESSURA DE 3,5CM, ITENS INCLUSOS: DOBRADIÇAS, MONTAGEM E INSTALAÇÃO DO BATENTE, SEM FECHADURA - FORNECIMENTO E INSTALAÇÃO. AF_12/2019","UN",797.17]
[90852,"KIT DE PORTA DE MADEIRA PARA PINTURA, SEMI-OCA (PESADA OU SUPERPESADA), PADRÃO MÉDIO, 90X210CM, ESPESSURA DE 3,5CM, ITENS INCLUSOS: DOBRADIÇAS, MONTAGEM E INSTALAÇÃO DO BATENTE, SEM FECHADURA - FORNECIMENTO E INSTALAÇÃO. AF_12/2019","UN",847.9]
[91009,"PORTA DE MADEIRA PARA VERNIZ, SEMI-OCA (LEVE OU MÉDIA), 60X210CM, ESPESSURA DE 3,5CM, INCLUSO DOBRADIÇAS - FORNECIMENTO E INSTALAÇÃO. AF_12/2019","UN",226.14]
[91010,"PORTA DE MADEIRA PARA VERNIZ, SEMI-OCA (LEVE OU MÉDIA), 70X210CM, ESPESSURA DE 3,5CM, INCLUSO DOBRADIÇAS - FORNECIMENTO E INSTALAÇÃO. AF_12/2019","UN",231.43]
[91011,"PORTA DE MADEIRA PARA VERNIZ, SEMI-OCA (LEVE OU MÉDIA), 80X210CM, ESPESSURA DE 3,5CM, INCLUSO DOBRADIÇAS - FORNECIMENTO E INSTALAÇÃO. AF_12/2019","UN",272.07]
[91012,"PORTA DE MADEIRA PARA VERNIZ, SEMI-OCA (LEVE OU MÉDIA), 90X210CM, ESPESSURA DE 3,5CM, INCLUSO DOBRADIÇAS - FORNECIMENTO E INSTALAÇÃO. AF_12/2019","UN",303.33999999999997]
[91013,"KIT DE PORTA DE MADEIRA PARA VERNIZ, SEMI-OCA (LEVE OU MÉDIA), PADRÃO MÉDIO, 60X210CM, ESPESSURA DE 3,5CM, ITENS INCLUSOS: DOBRADIÇAS, MONTAGEM E INSTALAÇÃO DO BATENTE, SEM FECHADURA - FORNECIMENTO E INSTALAÇÃO. AF_12/2019","UN",593.80999999999995]
[91014,"KIT DE PORTA DE MADEIRA PARA VERNIZ, SEMI-OCA (LEVE OU MÉDIA), PADRÃO MÉDIO, 70X210CM, ESPESSURA DE 3,5CM, ITENS INCLUSOS: DOBRADIÇAS, MONTAGEM E INSTALAÇÃO DO BATENTE, SEM FECHADURA - FORNECIMENTO E INSTALAÇÃO. AF_12/2019","UN",600.54999999999995]
[91015,"KIT DE PORTA DE MADEIRA PARA VERNIZ, SEMI-OCA (LEVE OU MÉDIA), PADRÃO MÉDIO, 80X210CM, ESPESSURA DE 3,5CM, ITENS INCLUSOS: DOBRADIÇAS, MONTAGEM E INSTALAÇÃO DO BATENTE, SEM FECHADURA - FORNECIMENTO E INSTALAÇÃO. AF_12/2019","UN",642.65]
[91016,"KIT DE PORTA DE MADEIRA PARA VERNIZ, SEMI-OCA (LEVE OU MÉDIA), PADRÃO MÉDIO, 90X210CM, ESPESSURA DE 3,5CM, ITENS INCLUSOS: DOBRADIÇAS, MONTAGEM E INSTALAÇÃO DO BATENTE, SEM FECHADURA - FORNECIMENTO E INSTALAÇÃO. AF_12/2019","UN",675.37]
[91287,"BATENTE PARA PORTA DE MADEIRA, PADRÃO POPULAR - FORNECIMENTO E MONTAGEM. AF_12/2019","UN",175.9]
[91292,"BATENTE PARA PORTA DE MADEIRA, FIXAÇÃO COM ARGAMASSA, PADRÃO POPULAR. FORNECIMENTO E INSTALAÇÃO. AF_12/2019_P","UN",247.04]
[91295,"PORTA DE MADEIRA FRISADA, SEMI-OCA (LEVE OU MÉDIA), 60X210CM, ESPESSURA DE 3CM, INCLUSO DOBRADIÇAS - FORNECIMENTO E INSTALAÇÃO. AF_12/2019","UN",232.96]
[91296,"PORTA DE MADEIRA FRISADA, SEMI-OCA (LEVE OU MÉDIA), 70X210CM, ESPESSURA DE 3CM, INCLUSO DOBRADIÇAS - FORNECIMENTO E INSTALAÇÃO. AF_12/2019","UN",250.5]
[91297,"PORTA DE MADEIRA FRISADA, SEMI-OCA (LEVE OU MÉDIA), 80X210CM, ESPESSURA DE 3,5CM, INCLUSO DOBRADIÇAS - FORNECIMENTO E INSTALAÇÃO. AF_12/2019","UN",276.62]
[91298,"PORTA DE MADEIRA TIPO VENEZIANA, 80X210CM, ESPESSURA DE 3CM, INCLUSO DOBRADIÇAS - FORNECIMENTO E INSTALAÇÃO. AF_12/2019","UN",891.84]
[91299,"PORTA DE MADEIRA, TIPO MEXICANA, MACIÇA (PESADA OU SUPERPESADA), 80X210CM, ESPESSURA DE 3,5CM, INCLUSO DOBRADIÇAS - FORNECIMENTO E INSTALAÇÃO. AF_12/2019","UN",1262.8599999999999]
[91304,"FECHADURA DE EMBUTIR COM CILINDRO, EXTERNA, COMPLETA, ACABAMENTO PADRÃO POPULAR, INCLUSO EXECUÇÃO DE FURO - FORNECIMENTO E INSTALAÇÃO. AF_12/2019","UN",76.569999999999993]
[91305,"FECHADURA DE EMBUTIR PARA PORTA DE BANHEIRO, COMPLETA, ACABAMENTO PADRÃO POPULAR, INCLUSO EXECUÇÃO DE FURO - FORNECIMENTO E INSTALAÇÃO. AF_12/2019","UN",75.95]
[91306,"FECHADURA DE EMBUTIR PARA PORTAS INTERNAS, COMPLETA, ACABAMENTO PADRÃO MÉDIO, COM EXECUÇÃO DE FURO - FORNECIMENTO E INSTALAÇÃO. AF_12/2019","UN",108.9]
[91307,"FECHADURA DE EMBUTIR PARA PORTAS INTERNAS, COMPLETA, ACABAMENTO PADRÃO POPULAR, COM EXECUÇÃO DE FURO - FORNECIMENTO E INSTALAÇÃO. AF_12/2019","UN",64.84]
[91312,"KIT DE PORTA DE MADEIRA PARA PINTURA, SEMI-OCA (LEVE OU MÉDIA), PADRÃO POPULAR, 60X210CM, ESPESSURA DE 3,5CM, ITENS INCLUSOS: DOBRADIÇAS, MONTAGEM E INSTALAÇÃO DO BATENTE, FECHADURA COM EXECUÇÃO DO FURO - FORNECIMENTO E INSTALAÇÃO. AF_12/2019","UN",599.23]
[91313,"KIT DE PORTA DE MADEIRA PARA PINTURA, SEMI-OCA (LEVE OU MÉDIA), PADRÃO POPULAR, 70X210CM, ESPESSURA DE 3,5CM, ITENS INCLUSOS: DOBRADIÇAS, MONTAGEM E INSTALAÇÃO DO BATENTE, FECHADURA COM EXECUÇÃO DO FURO - FORNECIMENTO E INSTALAÇÃO. AF_12/2019","UN",594.24]
[91314,"KIT DE PORTA DE MADEIRA PARA PINTURA, SEMI-OCA (LEVE OU MÉDIA), PADRÃO POPULAR, 80X210CM, ESPESSURA DE 3,5CM, ITENS INCLUSOS: DOBRADIÇAS, MONTAGEM E INSTALAÇÃO DO BATENTE, FECHADURA COM EXECUÇÃO DO FURO - FORNECIMENTO E INSTALAÇÃO. AF_12/2019","UN",624.08000000000004]
[91315,"KIT DE PORTA DE MADEIRA PARA PINTURA, SEMI-OCA (LEVE OU MÉDIA), PADRÃO POPULAR, 90X210CM, ESPESSURA DE 3,5CM, ITENS INCLUSOS: DOBRADIÇAS, MONTAGEM E INSTALAÇÃO DO BATENTE, FECHADURA COM EXECUÇÃO DO FURO - FORNECIMENTO E INSTALAÇÃO. AF_12/2019","UN",681.56]
[91316,"KIT DE PORTA DE MADEIRA PARA PINTURA, SEMI-OCA (PESADA OU SUPERPESADA), PADRÃO POPULAR, 80X210CM, ESPESSURA DE 3,5CM, ITENS INCLUSOS: DOBRADIÇAS, MONTAGEM E INSTALAÇÃO DO BATENTE, FECHADURA COM EXECUÇÃO DO FURO - FORNECIMENTO E INSTALAÇÃO. AF_12/2019","UN",810.6]
[91317,"KIT DE PORTA DE MADEIRA PARA PINTURA, SEMI-OCA (PESADA OU SUPERPESADA), PADRÃO POPULAR, 90X210CM, ESPESSURA DE 3,5CM, ITENS INCLUSOS: DOBRADIÇAS, MONTAGEM E INSTALAÇÃO DO BATENTE, FECHADURA COM EXECUÇÃO DO FURO - FORNECIMENTO E INSTALAÇÃO. AF_12/2019","UN",861.08]
[91318,"KIT DE PORTA DE MADEIRA PARA PINTURA, SEMI-OCA (LEVE OU MÉDIA), PADRÃO POPULAR, 60X210CM, ESPESSURA DE 3,5CM, ITENS INCLUSOS: DOBRADIÇAS, MONTAGEM E INSTALAÇÃO DO BATENTE, SEM FECHADURA - FORNECIMENTO E INSTALAÇÃO. AF_12/2019","UN",523.28]
[91319,"KIT DE PORTA DE MADEIRA PARA PINTURA, SEMI-OCA (LEVE OU MÉDIA), PADRÃO POPULAR, 70X210CM, ESPESSURA DE 3,5CM, ITENS INCLUSOS: DOBRADIÇAS, MONTAGEM E INSTALAÇÃO DO BATENTE, SEM FECHADURA - FORNECIMENTO E INSTALAÇÃO. AF_12/2019","UN",529.4]
[91320,"KIT DE PORTA DE MADEIRA PARA PINTURA, SEMI-OCA (LEVE OU MÉDIA), PADRÃO POPULAR, 80X210CM, ESPESSURA DE 3,5CM, ITENS INCLUSOS: DOBRADIÇAS, MONTAGEM E INSTALAÇÃO DO BATENTE, SEM FECHADURA - FORNECIMENTO E INSTALAÇÃO. AF_12/2019","UN",547.51]
[91321,"KIT DE PORTA DE MADEIRA PARA PINTURA, SEMI-OCA (LEVE OU MÉDIA), PADRÃO POPULAR, 90X210CM, ESPESSURA DE 3,5CM, ITENS INCLUSOS: DOBRADIÇAS, MONTAGEM E INSTALAÇÃO DO BATENTE, SEM FECHADURA - FORNECIMENTO E INSTALAÇÃO. AF_12/2019","UN",604.99]
[91322,"KIT DE PORTA DE MADEIRA PARA PINTURA, SEMI-OCA (PESADA OU SUPERPESADA), PADRÃO POPULAR, 80X210CM, ESPESSURA DE 3,5CM, ITENS INCLUSOS: DOBRADIÇAS, MONTAGEM E INSTALAÇÃO DO BATENTE, SEM FECHADURA - FORNECIMENTO E INSTALAÇÃO. AF_12/2019","UN",734.03]
[91323,"KIT DE PORTA DE MADEIRA PARA PINTURA, SEMI-OCA (PESADA OU SUPERPESADA), PADRÃO POPULAR, 90X210CM, ESPESSURA DE 3,5CM, ITENS INCLUSOS: DOBRADIÇAS, MONTAGEM E INSTALAÇÃO DO BATENTE, SEM FECHADURA - FORNECIMENTO E INSTALAÇÃO. AF_12/2019","UN",784.51]
[91324,"KIT DE PORTA DE MADEIRA PARA VERNIZ, SEMI-OCA (LEVE OU MÉDIA), PADRÃO POPULAR, 60X210CM, ESPESSURA DE 3,5CM, ITENS INCLUSOS: DOBRADIÇAS, MONTAGEM E INSTALAÇÃO DO BATENTE, SEM FECHADURA - FORNECIMENTO E INSTALAÇÃO. AF_12/2019","UN",531.16]
[91325,"KIT DE PORTA DE MADEIRA PARA VERNIZ, SEMI-OCA (LEVE OU MÉDIA), PADRÃO POPULAR, 70X210CM, ESPESSURA DE 3,5CM, ITENS INCLUSOS: DOBRADIÇAS, MONTAGEM E INSTALAÇÃO DO BATENTE, SEM FECHADURA - FORNECIMENTO E INSTALAÇÃO. AF_12/2019","UN",537.66]
[91326,"KIT DE PORTA DE MADEIRA PARA VERNIZ, SEMI-OCA (LEVE OU MÉDIA), PADRÃO POPULAR, 80X210CM, ESPESSURA DE 3,5CM, ITENS INCLUSOS: DOBRADIÇAS, MONTAGEM E INSTALAÇÃO DO BATENTE, SEM FECHADURA - FORNECIMENTO E INSTALAÇÃO. AF_12/2019","UN",579.51]
[91327,"KIT DE PORTA DE MADEIRA PARA VERNIZ, SEMI-OCA (LEVE OU MÉDIA), PADRÃO POPULAR, 90X210CM, ESPESSURA DE 3,5CM, ITENS INCLUSOS: DOBRADIÇAS, MONTAGEM E INSTALAÇÃO DO BATENTE, SEM FECHADURA - FORNECIMENTO E INSTALAÇÃO. AF_12/2019","UN",611.98]
[91328,"KIT DE PORTA DE MADEIRA FRISADA, SEMI-OCA (LEVE OU MÉDIA), PADRÃO MÉDIO 60X210CM, ESPESSURA DE 3CM, ITENS INCLUSOS: DOBRADIÇAS, MONTAGEM E INSTALAÇÃO DO BATENTE, SEM FECHADURA - FORNECIMENTO E INSTALAÇÃO. AF_12/2019","UN",600.63]
[91329,"KIT DE PORTA DE MADEIRA FRISADA, SEMI-OCA (LEVE OU MÉDIA), PADRÃO POPULAR, 60X210CM, ESPESSURA DE 3CM, ITENS INCLUSOS: DOBRADIÇAS, MONTAGEM E INSTALAÇÃO DO BATENTE, SEM FECHADURA - FORNECIMENTO E INSTALAÇÃO. AF_12/2019","UN",537.98]
[91330,"KIT DE PORTA DE MADEIRA FRISADA, SEMI-OCA (LEVE OU MÉDIA), PADRÃO MÉDIO, 70X210CM, ESPESSURA DE 3CM, ITENS INCLUSOS: DOBRADIÇAS, MONTAGEM E INSTALAÇÃO DO BATENTE, SEM FECHADURA - FORNECIMENTO E INSTALAÇÃO. AF_12/2019","UN",619.62]
[91331,"KIT DE PORTA DE MADEIRA FRISADA, SEMI-OCA (LEVE OU MÉDIA), PADRÃO POPULAR, 70X210CM, ESPESSURA DE 3CM, ITENS INCLUSOS: DOBRADIÇAS, MONTAGEM E INSTALAÇÃO DO BATENTE, SEM FECHADURA - FORNECIMENTO E INSTALAÇÃO. AF_12/2019","UN",556.73]
[91332,"KIT DE PORTA DE MADEIRA FRISADA, SEMI-OCA (LEVE OU MÉDIA), PADRÃO MÉDIO, 80X210CM, ESPESSURA DE 3,5CM, ITENS INCLUSOS: DOBRADIÇAS, MONTAGEM E INSTALAÇÃO DO BATENTE, SEM FECHADURA - FORNECIMENTO E INSTALAÇÃO. AF_12/2019","UN",647.20000000000005]
[91333,"KIT DE PORTA DE MADEIRA FRISADA, SEMI-OCA (LEVE OU MÉDIA), PADRÃO POPULAR, 80X210CM, ESPESSURA DE 3,5CM, ITENS INCLUSOS: DOBRADIÇAS, MONTAGEM E INSTALAÇÃO DO BATENTE, SEM FECHADURA - FORNECIMENTO E INSTALAÇÃO. AF_12/2019","UN",584.05999999999995]
[91334,"KIT DE PORTA DE MADEIRA TIPO VENEZIANA, PADRÃO MÉDIO, 80X210CM, ESPESSURA DE 3CM, ITENS INCLUSOS: DOBRADIÇAS, MONTAGEM E INSTALAÇÃO DO BATENTE, SEM FECHADURA - FORNECIMENTO E INSTALAÇÃO. AF_12/2019","UN",1262.42]
[91335,"KIT DE PORTA DE MADEIRA TIPO VENEZIANA, PADRÃO POPULAR, 80X210CM, ESPESSURA DE 3CM, ITENS INCLUSOS: DOBRADIÇAS, MONTAGEM E INSTALAÇÃO DO BATENTE, SEM FECHADURA - FORNECIMENTO E INSTALAÇÃO. AF_12/2019","UN",1199.28]
[91336,"KIT DE PORTA DE MADEIRA TIPO MEXICANA, MACIÇA (PESADA OU SUPERPESADA), PADRÃO MÉDIO, 80X210CM, ESPESSURA DE 3CM, ITENS INCLUSOS: DOBRADIÇAS, MONTAGEM E INSTALAÇÃO DO BATENTE, SEM FECHADURA - FORNECIMENTO E INSTALAÇÃO. AF_12/2019","UN",1633.44]
[91337,"KIT DE PORTA DE MADEIRA TIPO MEXICANA, MACIÇA (PESADA OU SUPERPESADA), PADRÃO POPULAR, 80X210CM, ESPESSURA DE 3CM, ITENS INCLUSOS: DOBRADIÇAS, MONTAGEM E INSTALAÇÃO DO BATENTE, SEM FECHADURA - FORNECIMENTO E INSTALAÇÃO. AF_12/2019","UN",1570.3]
[100659,"ALIZAR DE 5X1,5CM PARA PORTA FIXADO COM PREGOS, PADRÃO MÉDIO - FORNECIMENTO E INSTALAÇÃO. AF_12/2019","M",7.27]
[100660,"ALIZAR DE 5X1,5CM PARA PORTA FIXADO COM PREGOS, PADRÃO POPULAR - FORNECIMENTO E INSTALAÇÃO. AF_12/2019","M",6.04]
[100675,"KIT DE PORTA-PRONTA DE MADEIRA EM ACABAMENTO MELAMÍNICO BRANCO, FOLHA LEVE OU MÉDIA, 90X210, EXCLUSIVE FECHADURA, FIXAÇÃO COM PREENCHIMENTO TOTAL DE ESPUMA EXPANSIVA - FORNECIMENTO E INSTALAÇÃO. AF_12/2019","UN",664.64]
[100676,"BATENTE PARA PORTA COM BANDEIRA, FIXAÇÃO COM PARAFUSO E BUCHA. AF_12/2019","UN",145.31]
[100678,"KIT DE PORTA DE MADEIRA PARA VERNIZ, SEMI-OCA (LEVE OU MÉDIA), PADRÃO MÉDIO, 60X210CM, ESPESSURA DE 3,5CM, ITENS INCLUSOS: DOBRADIÇAS, MONTAGEM E INSTALAÇÃO DE BATENTE, FECHADURA COM EXECUÇÃO DO FURO - FORNECIMENTO E INSTALAÇÃO. AF_12/2019","UN",702.71]
[100679,"KIT DE PORTA DE MADEIRA PARA VERNIZ, SEMI-OCA (LEVE OU MÉDIA), PADRÃO POPULAR, 60X210CM, ESPESSURA DE 3,5CM, ITENS INCLUSOS: DOBRADIÇAS, MONTAGEM E INSTALAÇÃO DE BATENTE, FECHADURA COM EXECUÇÃO DO FURO - FORNECIMENTO E INSTALAÇÃO. AF_12/2019","UN",607.11]
[100680,"KIT DE PORTA DE MADEIRA PARA VERNIZ, SEMI-OCA (LEVE OU MÉDIA), PADRÃO MÉDIO, 70X210CM, ESPESSURA DE 3,5CM, ITENS INCLUSOS: DOBRADIÇAS, MONTAGEM E INSTALAÇÃO DE BATENTE, FECHADURA COM EXECUÇÃO DO FURO - FORNECIMENTO E INSTALAÇÃO. AF_12/2019","UN",709.45]
[100681,"KIT DE PORTA DE MADEIRA FRISADA, SEMI-OCA (LEVE OU MÉDIA), PADRÃO MÉDIO, 70X210CM, ESPESSURA DE 3CM, ITENS INCLUSOS: DOBRADIÇAS, MONTAGEM E INSTALAÇÃO DE BATENTE, FECHADURA COM EXECUÇÃO DO FURO - FORNECIMENTO E INSTALAÇÃO. AF_12/2019","UN",728.52]
[100682,"KIT DE PORTA DE MADEIRA FRISADA, SEMI-OCA (LEVE OU MÉDIA), PADRÃO POPULAR, 70X210CM, ESPESSURA DE 3CM, ITENS INCLUSOS: DOBRADIÇAS, MONTAGEM E INSTALAÇÃO DE BATENTE, FECHADURA COM EXECUÇÃO DO FURO - FORNECIMENTO E INSTALAÇÃO. AF_12/2019","UN",621.57000000000005]
[100683,"KIT DE PORTA DE MADEIRA PARA VERNIZ, SEMI-OCA (LEVE OU MÉDIA), PADRÃO MÉDIO, 80X210CM, ESPESSURA DE 3,5CM, ITENS INCLUSOS: DOBRADIÇAS, MONTAGEM E INSTALAÇÃO DE BATENTE, FECHADURA COM EXECUÇÃO DO FURO - FORNECIMENTO E INSTALAÇÃO. AF_12/2019","UN",767.11]
[100684,"KIT DE PORTA DE MADEIRA PARA VERNIZ, SEMI-OCA (LEVE OU MÉDIA), PADRÃO POPULAR, 80X210CM, ESPESSURA DE 3,5CM, ITENS INCLUSOS: DOBRADIÇAS, MONTAGEM E INSTALAÇÃO DE BATENTE, FECHADURA COM EXECUÇÃO DO FURO - FORNECIMENTO E INSTALAÇÃO. AF_12/2019","UN",656.08]
[100685,"KIT DE PORTA DE MADEIRA PARA VERNIZ, SEMI-OCA (LEVE OU MÉDIA), PADRÃO MÉDIO, 90X210CM, ESPESSURA DE 3,5CM, ITENS INCLUSOS: DOBRADIÇAS, MONTAGEM E INSTALAÇÃO DE BATENTE, FECHADURA COM EXECUÇÃO DO FURO - FORNECIMENTO E INSTALAÇÃO. AF_12/2019","UN",799.83]
[100686,"KIT DE PORTA DE MADEIRA PARA VERNIZ, SEMI-OCA (LEVE OU MÉDIA), PADRÃO POPULAR, 90X210CM, ESPESSURA DE 3CM, ITENS INCLUSOS: DOBRADIÇAS, MONTAGEM E INSTALAÇÃO DE BATENTE, FECHADURA COM EXECUÇÃO DO FURO - FORNECIMENTO E INSTALAÇÃO. AF_12/2019","UN",688.55]
[100687,"KIT DE PORTA DE MADEIRA FRISADA, SEMI-OCA (LEVE OU MÉDIA), PADRÃO MÉDIO, 60X210CM, ESPESSURA DE 3,5CM, ITENS INCLUSOS: DOBRADIÇAS, MONTAGEM E INSTALAÇÃO DE BATENTE, FECHADURA COM EXECUÇÃO DO FURO - FORNECIMENTO E INSTALAÇÃO. AF_12/2019","UN",709.53]
[100688,"KIT DE PORTA DE MADEIRA FRISADA, SEMI-OCA (LEVE OU MÉDIA), PADRÃO POPULAR, 60X210CM, ESPESSURA DE 3CM, ITENS INCLUSOS: DOBRADIÇAS, MONTAGEM E INSTALAÇÃO DE BATENTE, FECHADURA COM EXECUÇÃO DO FURO - FORNECIMENTO E INSTALAÇÃO. AF_12/2019","UN",613.92999999999995]
[100689,"KIT DE PORTA DE MADEIRA FRISADA, SEMI-OCA (LEVE OU MÉDIA), PADRÃO MÉDIO, 80X210CM, ESPESSURA DE 3,5CM, ITENS INCLUSOS: DOBRADIÇAS, MONTAGEM E INSTALAÇÃO DE BATENTE, FECHADURA COM EXECUÇÃO DO FURO - FORNECIMENTO E INSTALAÇÃO. AF_12/2019","UN",771.66]
[100690,"KIT DE PORTA DE MADEIRA FRISADA, SEMI-OCA (LEVE OU MÉDIA), PADRÃO POPULAR, 80X210CM, ESPESSURA DE 3,5CM, ITENS INCLUSOS: DOBRADIÇAS, MONTAGEM E INSTALAÇÃO DE BATENTE, FECHADURA COM EXECUÇÃO DO FURO - FORNECIMENTO E INSTALAÇÃO. AF_12/2019","UN",660.63]
[100691,"KIT DE PORTA DE MADEIRA TIPO VENEZIANA, 80X210CM (ESPESSURA DE 3CM), PADRÃO MÉDIO, ITENS INCLUSOS: DOBRADIÇAS, MONTAGEM E INSTALAÇÃO DE BATENTE, FECHADURA COM EXECUÇÃO DO FURO - FORNECIMENTO E INSTALAÇÃO. AF_12/2019","UN",1386.88]
[100692,"KIT DE PORTA DE MADEIRA TIPO VENEZIANA, 80X210CM (ESPESSURA DE 3CM), PADRÃO POPULAR, ITENS INCLUSOS: DOBRADIÇAS, MONTAGEM E INSTALAÇÃO DE BATENTE, FECHADURA COM EXECUÇÃO DO FURO - FORNECIMENTO E INSTALAÇÃO. AF_12/2019","UN",1275.8499999999999]
[100693,"KIT DE PORTA DE MADEIRA TIPO MEXICANA, MACIÇA (PESADA OU SUPERPESADA), PADRÃO MÉDIO, 80X210CM, ESPESSURA DE 3,5CM, ITENS INCLUSOS: DOBRADIÇAS, MONTAGEM E INSTALAÇÃO DE BATENTE, FECHADURA COM EXECUÇÃO DO FURO - FORNECIMENTO E INSTALAÇÃO. AF_12/2019","UN",1757.9]
[100694,"KIT DE PORTA DE MADEIRA TIPO MEXICANA, MACIÇA (PESADA OU SUPERPESADA), PADRÃO POPULAR, 80X210CM, ESPESSURA DE 3,5CM, ITENS INCLUSOS: DOBRADIÇAS, MONTAGEM E INSTALAÇÃO DE BATENTE, FECHADURA COM EXECUÇÃO DO FURO - FORNECIMENTO E INSTALAÇÃO. AF_12/2019","UN",1646.87]
[100695,"RECOLOCAÇÃO DE FOLHAS DE PORTA DE MADEIRA LEVE OU MÉDIA DE 60CM DE LARGURA, CONSIDERANDO REAPROVEITAMENTO DO MATERIAL. AF_12/2019","UN",45.49]
[100696,"RECOLOCAÇÃO DE FOLHAS DE PORTA DE MADEIRA LEVE OU MÉDIA DE 70CM DE LARGURA, CONSIDERANDO REAPROVEITAMENTO DO MATERIAL. AF_12/2019","UN",50.58]
[100697,"RECOLOCAÇÃO DE FOLHAS DE PORTA DE MADEIRA LEVE OU MÉDIA DE 80CM DE LARGURA, CONSIDERANDO REAPROVEITAMENTO DO MATERIAL. AF_12/2019","UN",55.7]
[100698,"RECOLOCAÇÃO DE FOLHAS DE PORTA DE MADEIRA LEVE OU MÉDIA DE 90CM DE LARGURA, CONSIDERANDO REAPROVEITAMENTO DO MATERIAL. AF_12/2019","UN",60.81]
[100699,"RECOLOCAÇÃO DE FOLHAS DE PORTA DE MADEIRA PESADA OU SUPERPESADA DE 80CM DE LARGURA, CONSIDERANDO REAPROVEITAMENTO DO MATERIAL. AF_12/2019","UN",72.2]
[100700,"PORTA DE MADEIRA COMPENSADA LISA PARA PINTURA, 120X210X3,5CM, 2 FOLHAS, INCLUSO ADUELA 2A, ALIZAR 2A E DOBRADIÇAS. AF_12/2019","UN",598.46]
[100712,"KIT DE PORTA DE MADEIRA PARA VERNIZ, SEMI-OCA (LEVE OU MÉDIA), PADRÃO POPULAR, 70X210CM, ESPESSURA DE 3,5CM, ITENS INCLUSOS: DOBRADIÇAS, MONTAGEM E INSTALAÇÃO DE BATENTE, FECHADURA COM EXECUÇÃO DO FURO - FORNECIMENTO E INSTALAÇÃO. AF_12/2019","UN",602.5]
[100665,"JANELA DE MADEIRA - CEDRINHO/ANGELIM OU EQUIVALENTE DA REGIÃO - DE ABRIR COM 4 FOLHAS (2 VENEZIANAS E 2 GUILHOTINAS PARA VIDRO), COM BATENTE, ALIZAR E FERRAGENS. EXCLUSIVE VIDROS, ACABAMENTO E CONTRAMARCO. FORNECIMENTO E INSTALAÇÃO. AF_12/2019","M2",712.9]
[100666,"JANELA DE MADEIRA (PINUS/EUCALIPTO OU EQUIV.) DE ABRIR COM 4 FOLHAS (2 VENEZIANAS E 2 GUILHOTINAS PARA VIDRO), COM BATENTE, ALIZAR E FERRAGENS. EXCLUSIVE VIDROS, ACABAMENTO E CONTRAMARCO. FORNECIMENTO E INSTALAÇÃO. AF_12/2019","M2",565.66999999999996]
[100667,"JANELA DE MADEIRA (IMBUIA/CEDRO OU EQUIV.) DE ABRIR COM 4 FOLHAS (2 VENEZIANAS E 2 GUILHOTINAS PARA VIDRO), COM BATENTE, ALIZAR E FERRAGENS. EXCLUSIVE VIDROS, ACABAMENTO E CONTRAMARCO. FORNECIMENTO E INSTALAÇÃO. AF_12/2019","M2",921.03]
[100668,"JANELA DE MADEIRA (CEDRINHO/ANGELIM OU EQUIV.) TIPO MAXIM-AR, PARA VIDRO, COM BATENTE, ALIZAR E FERRAGENS. EXCLUSIVE VIDRO, ACABAMENTO E CONTRAMARCO. FORNECIMENTO E INSTALAÇÃO. AF_12/2019","M2",1109.69]
[100669,"JANELA DE MADEIRA (PINUS/EUCALIPTO OU EQUIV.) TIPO BASCULANTE COM 2 FOLHAS PARA VIDRO, COM BATENTE, ALIZAR E FERRAGENS. EXCLUSIVE VIDROS, ACABAMENTO E CONTRAMARCO. FORNECIMENTO E INSTALAÇÃO. AF_12/2019","M2",661.57]
[100670,"JANELA DE MADEIRA (CEDRINHO/ANGELIM OU EQUIV.) DE CORRER COM 6 FOLHAS (2 VENEZ. FIXAS, 2 VENEZ. DE CORRER E 2 DE CORRER PARA VIDRO), COM BATENTE, ALIZAR E FERRAGENS. EXCLUSIVE VIDROS, ACABAMENTO E CONTRAMARCO. FORNECIMENTO E INSTALAÇÃO. AF_12/2019","M2",884.58]
[100671,"JANELA DE MADEIRA (IMBUIA/CEDRO OU EQUIV) DE CORRER COM 6 FOLHAS (2 VENEZIANAS FIXAS, 2 VENEZIANAS DE CORRER E 2 DE CORRER PARA VIDRO), COM BATENTE, ALIZAR E FERRAGENS. EXCLUSIVE VIDROS, ACABAMENTO E CONTRAMARCO. FORNECIMENTO E INSTALAÇÃO. AF_12/2019","M2",1096.17]
[100672,"JANELA DE MADEIRA (PINUS/EUCALIPTO OU EQUIV.) DE CORRER COM 6 FOLHAS (2 VENEZ. FIXAS, 2 VENEZ. DE CORRER E 2 DE CORRER PARA VIDRO), COM BATENTE, ALIZAR E FERRAGENS. EXCLUSIVE VIDROS, ACABAMENTO E CONTRAMARCO. FORNECIMENTO EINSTALAÇÃO. AF_12/2019","M2",710.16]
[100701,"PORTA DE FERRO, DE ABRIR, TIPO GRADE COM CHAPA, COM GUARNIÇÕES. AF_12/2019","M2",406.29]
[94559,"JANELA DE AÇO TIPO BASCULANTE PARA VIDROS, COM BATENTE, FERRAGENS E PINTURA ANTICORROSIVA. EXCLUSIVE VIDROS, ACABAMENTO, ALIZAR E CONTRAMARCO. FORNECIMENTO E INSTALAÇÃO. AF_12/2019","M2",586.26]
[94560,"JANELA DE AÇO DE CORRER COM 2 FOLHAS PARA VIDRO, COM VIDROS, BATENTE, FERRAGENS E PINTURAS ANTICORROSIVA E DE ACABAMENTO. EXCLUSIVE ALIZAR E CONTRAMARCO. FORNECIMENTO E INSTALAÇÃO. AF_12/2019","M2",524.53]
[94562,"JANELA DE AÇO DE CORRER COM 4 FOLHAS PARA VIDRO, COM BATENTE, FERRAGENS E PINTURA ANTICORROSIVA. EXCLUSIVE VIDROS, ALIZAR E CONTRAMARCO. FORNECIMENTO E INSTALAÇÃO. AF_12/2019","M2",551.69000000000005]
[94563,"JANELA DE AÇO DE CORRER COM 6 FOLHAS (4 VENEZIANAS E 2 PARA VIDRO), COM VIDROS, BATENTE, FERRAGENS E PINTURAS ANTICORROSIVA E DE ACABAMENTO. EXCLUSIVE ALIZAR E CONTRAMARCO. FORNECIMENTO E INSTALAÇÃO. AF_12/2019","M2",692.57]
[94587,"CONTRAMARCO DE AÇO, FIXAÇÃO COM ARGAMASSA - FORNECIMENTO E INSTALAÇÃO. AF_12/2019","M",56.06]
[94588,"CONTRAMARCO DE AÇO, FIXAÇÃO COM PARAFUSO - FORNECIMENTO E INSTALAÇÃO. AF_12/2019","M",48.38]
[99837,"GUARDA-CORPO DE AÇO GALVANIZADO DE 1,10M, MONTANTES TUBULARES DE 1.1/4\" ESPAÇADOS DE 1,20M, TRAVESSA SUPERIOR DE 1.1/2\", GRADIL FORMADO POR TUBOS HORIZONTAIS DE 1\" E VERTICAIS DE 3/4\", FIXADO COM CHUMBADOR MECÂNICO. AF_04/2019_P","M",540.63]
[99839,"GUARDA-CORPO DE AÇO GALVANIZADO DE 1,10M DE ALTURA, MONTANTES TUBULARES DE 1.1/2\u0094 ESPAÇADOS DE 1,20M, TRAVESSA SUPERIOR DE 2\u0094, GRADIL FORMADO POR BARRAS CHATAS EM FERRO DE 32X4,8MM, FIXADO COM CHUMBADOR MECÂNICO. AF_04/2019_P","M",434.43]
[99841,"GUARDA-CORPO PANORÂMICO COM PERFIS DE ALUMÍNIO E VIDRO LAMINADO 8 MM, FIXADO COM CHUMBADOR MECÂNICO. AF_04/2019_P","M",950.23]
[99855,"CORRIMÃO SIMPLES, DIÂMETRO EXTERNO = 1 1/2\", EM AÇO GALVANIZADO. AF_04/2019_P","M",97.75]
[99857,"CORRIMÃO SIMPLES, DIÂMETRO EXTERNO = 1 1/2\", EM ALUMÍNIO. AF_04/2019_P","M",83.72]
[99861,"GRADIL EM FERRO FIXADO EM VÃOS DE JANELAS, FORMADO POR BARRAS CHATAS DE 25X4,8 MM. AF_04/2019","M2",519.69000000000005]
[99862,"GRADIL EM ALUMÍNIO FIXADO EM VÃOS DE JANELAS, FORMADO POR TUBOS DE 3/4\". AF_04/2019","M2",573.95000000000005]
[90838,"PORTA CORTA-FOGO 90X210X4CM - FORNECIMENTO E INSTALAÇÃO. AF_12/2019","UN",924.93]
[91338,"PORTA DE ALUMÍNIO DE ABRIR COM LAMBRI, COM GUARNIÇÃO, FIXAÇÃO COM PARAFUSOS - FORNECIMENTO E INSTALAÇÃO. AF_12/2019","M2",657.04]
[91341,"PORTA EM ALUMÍNIO DE ABRIR TIPO VENEZIANA COM GUARNIÇÃO, FIXAÇÃO COM PARAFUSOS - FORNECIMENTO E INSTALAÇÃO. AF_12/2019","M2",479.87]
[94805,"PORTA DE ALUMÍNIO DE ABRIR PARA VIDRO SEM GUARNIÇÃO, 87X210CM, FIXAÇÃO COM PARAFUSOS, INCLUSIVE VIDROS - FORNECIMENTO E INSTALAÇÃO. AF_12/2019","UN",763.65]
[94806,"PORTA EM AÇO DE ABRIR PARA VIDRO SEM GUARNIÇÃO, 87X210CM, FIXAÇÃO COM PARAFUSOS, EXCLUSIVE VIDROS - FORNECIMENTO E INSTALAÇÃO. AF_12/2019","UN",419.02]
[94807,"PORTA EM AÇO DE ABRIR TIPO VENEZIANA SEM GUARNIÇÃO, 87X210CM, FIXAÇÃO COM PARAFUSOS - FORNECIMENTO E INSTALAÇÃO. AF_12/2019","UN",505.74]
[100702,"PORTA DE CORRER DE ALUMÍNIO, COM DUAS FOLHAS PARA VIDRO, INCLUSO VIDRO LISO INCOLOR, FECHADURA E PUXADOR, SEM ALIZAR. AF_12/2019","M2",397.97]
[102188,"MOLA HIDRAULICA DE PISO PARA PORTA DE VIDRO TEMPERADO. AF_01/2021","UN",669.59]
[102189,"JOGO DE FERRAGENS CROMADAS PARA PORTA DE VIDRO TEMPERADO, UMA FOLHA COMPOSTO DE DOBRADICAS SUPERIOR E INFERIOR, TRINCO, FECHADURA, CONTRA FECHADURA COM CAPUCHINHO SEM MOLA E PUXADOR. AF_01/2021","UN",181.26]
[100703,"PUXADOR CENTRAL PARA ESQUADRIA DE MADEIRA. AF_12/2019","UN",27.39]
[100704,"PORTA CADEADO ZINCADO OXIDADO PRETO COM CADEADO DE AÇO INOX, LARGURA DE *50* MM. AF_12/2019","UN",58.94]
[100705,"TARJETA TIPO LIVRE/OCUPADO PARA PORTA DE BANHEIRO. AF_12/2019","UN",66.400000000000006]
[100706,"CREMONA EM LATÃO CROMADO OU POLIDO, COMPLETA. AF_12/2019","UN",57.44]
[100707,"FECHO DE EMBUTIR TIPO UNHA 22CM. AF_12/2019","UN",124.65]
[100708,"FECHO DE EMBUTIR TIPO UNHA 40CM. AF_12/2019","UN",156.87]
[100709,"DOBRADIÇA EM AÇO/FERRO, 3\" X 21/2\", E=1,9 A 2MM, SEN ANEL, CROMADO OU ZINCADO, TAMPA BOLA, COM PARAFUSOS. AF_12/2019","UN",32.31]
[100710,"DOBRADIÇA TIPO VAI E VEM EM LATÃO POLIDO 3\". AF_12/2019","UN",71.09]
[102151,"INSTALAÇÃO DE VIDRO LISO INCOLOR, E = 3 MM, EM ESQUADRIA DE MADEIRA, FIXADO COM BAGUETE. AF_01/2021","M2",118.95]
[102152,"INSTALAÇÃO DE VIDRO LISO, E = 4 MM, EM ESQUADRIA DE MADEIRA, FIXADO COM BAGUETE. AF_01/2021","M2",148.94]
[102153,"INSTALAÇÃO DE VIDRO LISO FUME, E = 4 MM, EM ESQUADRIA DE MADEIRA, FIXADO COM BAGUETE. AF_01/2021","M2",188.95]
[102154,"INSTALAÇÃO DE VIDRO LISO INCOLOR, E = 5 MM, EM ESQUADRIA DE MADEIRA, FIXADO COM BAGUETE. AF_01/2021","M2",163.25]
[102155,"INSTALAÇÃO DE VIDRO LISO FUME, E = 5 MM, EM ESQUADRIA DE MADEIRA, FIXADO COM BAGUETE. AF_01/2021","M2",195.96]
[102156,"INSTALAÇÃO DE VIDRO LISO INCOLOR, E = 6 MM, EM ESQUADRIA DE MADEIRA, FIXADO COM BAGUETE. AF_01/2021","M2",187.81]
[102157,"INSTALAÇÃO DE VIDRO LISO FUME, E = 6 MM, EM ESQUADRIA DE MADEIRA, FIXADO COM BAGUETE. AF_01/2021","M2",257.81]
[102158,"INSTALAÇÃO DE VIDRO LISO INCOLOR, E = 8 MM, EM ESQUADRIA DE MADEIRA, FIXADO COM BAGUETE. AF_01/2021","M2",261.22000000000003]
[102159,"INSTALAÇÃO DE VIDRO LISO INCOLOR, E = 10 MM, EM ESQUADRIA DE MADEIRA, FIXADO COM BAGUETE. AF_01/2021","M2",311.57]
[102160,"INSTALAÇÃO DE VIDRO IMPRESSO, E = 4 MM, EM ESQUADRIA DE MADEIRA, FIXADO COM BAGUETE. AF_01/2021","M2",128.94]
[102161,"INSTALAÇÃO DE VIDRO LISO INCOLOR, E = 3 MM, EM ESQUADRIA DE ALUMÍNIO OU PVC, FIXADO COM BAGUETE. AF_01/2021_P","M2",187.03]
[102162,"INSTALAÇÃO DE VIDRO LISO INCOLOR, E = 4 MM, EM ESQUADRIA DE ALUMÍNIO OU PVC, FIXADO COM BAGUETE. AF_01/2021_P","M2",217.02]
[102163,"INSTALAÇÃO DE VIDRO LISO FUME, E = 4 MM, EM ESQUADRIA DE ALUMÍNIO OU PVC, FIXADO COM BAGUETE. AF_01/2021_P","M2",257.02999999999997]
[102164,"INSTALAÇÃO DE VIDRO LISO INCOLOR, E = 5 MM, EM ESQUADRIA DE ALUMÍNIO OU PVC, FIXADO COM BAGUETE. AF_01/2021_P","M2",218.79]
[102165,"INSTALAÇÃO DE VIDRO LISO FUME, E = 5 MM, EM ESQUADRIA DE ALUMÍNIO OU PVC, FIXADO COM BAGUETE. AF_01/2021_P","M2",251.5]
[102166,"INSTALAÇÃO DE VIDRO LISO INCOLOR, E = 6 MM, EM ESQUADRIA DE ALUMÍNIO OU PVC, FIXADO COM BAGUETE. AF_01/2021_P","M2",230.83]
[102167,"INSTALAÇÃO DE VIDRO LISO FUME, E = 6 MM, EM ESQUADRIA DE ALUMÍNIO OU PVC, FIXADO COM BAGUETE. AF_01/2021_P","M2",300.83]
[102168,"INSTALAÇÃO DE VIDRO LISO INCOLOR, E = 8 MM, EM ESQUADRIA DE ALUMÍNIO OU PVC, FIXADO COM BAGUETE. AF_01/2021_P","M2",293.10000000000002]
[102169,"INSTALAÇÃO DE VIDRO LISO INCOLOR, E = 10 MM, EM ESQUADRIA DE ALUMÍNIO OU PVC, FIXADO COM BAGUETE. AF_01/2021_P","M2",339.33]
[102170,"INSTALAÇÃO DE VIDRO IMPRESSO, E = 4 MM, EM ESQUADRIA DE ALUMÍNIO OU PVC, FIXADO COM BAGUETE. AF_01/2021_P","M2",197.02]
[102171,"INSTALAÇÃO DE VIDRO ARAMADO, E = 6 MM, EM ESQUADRIA DE ALUMÍNIO OU PVC, FIXADO COM BAGUETE. AF_01/2021_P","M2",378.78]
[102172,"INSTALAÇÃO DE VIDRO ARAMADO, E = 7 MM, EM ESQUADRIA DE ALUMÍNIO OU PVC, FIXADO COM BAGUETE. AF_01/2021_P","M2",370.82]
[102176,"INSTALAÇÃO DE VIDRO LAMINADO, E = 8 MM (4+4), ENCAIXADO EM PERFIL U. AF_01/2021_P","M2",719.2]
[102177,"INSTALAÇÃO DE VIDRO LAMINADO, E = 12 MM (4+4+4), ENCAIXADO EM PERFIL U. AF_01/2021_P","M2",1428.26]
[102178,"INSTALAÇÃO DE VIDRO LAMINADO, E = 15 MM (5+5+5), ENCAIXADO EM PERFIL U. AF_01/2021_P","M2",1635.62]
[102179,"INSTALAÇÃO DE VIDRO TEMPERADO, E = 6 MM, ENCAIXADO EM PERFIL U. AF_01/2021_P","M2",258.82]
[102180,"INSTALAÇÃO DE VIDRO TEMPERADO, E = 8 MM, ENCAIXADO EM PERFIL U. AF_01/2021_P","M2",290.2]
[102181,"INSTALAÇÃO DE VIDRO TEMPERADO, E = 10 MM, ENCAIXADO EM PERFIL U. AF_01/2021_P","M2",334.99]
[102182,"PORTA PIVOTANTE DE VIDRO TEMPERADO, 90X210 CM, ESPESSURA 10 MM, INCLUSIVE ACESSÓRIOS. AF_01/2021","UN",659.83]
[102183,"PORTA PIVOTANTE DE VIDRO TEMPERADO, 2 FOLHAS DE 90X210 CM, ESPESSURA DE 10MM, INCLUSIVE ACESSÓRIOS. AF_01/2021","UN",1328.49]
[102184,"PORTA DE ABRIR COM MOLA HIDRÁULICA, EM VIDRO TEMPERADO, 90X210 CM, ESPESSURA 10 MM, INCLUSIVE ACESSÓRIOS. AF_01/2021","UN",1312.98]
[102185,"PORTA DE ABRIR COM MOLA HIDRÁULICA, EM VIDRO TEMPERADO, 2 FOLHAS DE 90X210 CM, ESPESSURA DD 10MM, INCLUSIVE ACESSÓRIOS. AF_01/2021","UN",2634.57]
[102190,"REMOÇÃO DE VIDRO LISO COMUM DE ESQUADRIA COM BAGUETE DE MADEIRA. AF_01/2021","M2",13.58]
[102191,"REMOÇÃO DE VIDRO LISO COMUM DE ESQUADRIA COM BAGUETE DE ALUMÍNIO OU PVC. AF_01/2021","M2",16.5]
[102192,"REMOÇÃO DE VIDRO TEMPERADO FIXADO EM PERFIL U. AF_01/2021","M2",11.77]
[94569,"JANELA DE ALUMÍNIO TIPO MAXIM-AR, COM VIDROS, BATENTE E FERRAGENS. EXCLUSIVE ALIZAR, ACABAMENTO E CONTRAMARCO. FORNECIMENTO E INSTALAÇÃO. AF_12/2019","M2",415.32]
[94570,"JANELA DE ALUMÍNIO DE CORRER COM 2 FOLHAS PARA VIDROS, COM VIDROS, BATENTE, ACABAMENTO COM ACETATO OU BRILHANTE E FERRAGENS. EXCLUSIVE ALIZAR E CONTRAMARCO. FORNECIMENTO E INSTALAÇÃO. AF_12/2019","M2",257.64]
[94572,"JANELA DE ALUMÍNIO DE CORRER COM 3 FOLHAS (2 VENEZIANAS E 1 PARA VIDRO), COM VIDROS, BATENTE E FERRAGENS. EXCLUSIVE ACABAMENTO, ALIZAR E CONTRAMARCO. FORNECIMENTO E INSTALAÇÃO. AF_12/2019","M2",386.68]
[94573,"JANELA DE ALUMÍNIO DE CORRER COM 4 FOLHAS PARA VIDROS, COM VIDROS, BATENTE, ACABAMENTO COM ACETATO OU BRILHANTE E FERRAGENS. EXCLUSIVE ALIZAR E CONTRAMARCO. FORNECIMENTO E INSTALAÇÃO. AF_12/2019","M2",299.94]
[94580,"JANELA DE ALUMÍNIO DE CORRER COM 6 FOLHAS (2 VENEZIANAS FIXAS, 2 VENEZIANAS DE CORRER E 2 PARA VIDRO), COM VIDROS, BATENTE, ACABAMENTO COM ACETATO OU BRILHANTE E FERRAGENS. EXCLUSIVE ALIZAR E CONTRAMARCO. FORNECIMENTO E INSTALAÇÃO. AF_12/2019","M2",438.64]
[100674,"JANELA FIXA DE ALUMÍNIO PARA VIDRO, COM VIDRO, BATENTE E FERRAGENS. EXCLUSIVE ACABAMENTO, ALIZAR E CONTRAMARCO. FORNECIMENTO E INSTALAÇÃO. AF_12/2019","M2",285.63]
[101096,"TUBULÃO A CÉU ABERTO, DIÂMETRO DO FUSTE DE 70CM, ESCAVAÇÃO MANUAL, SEM ALARGAMENTO DE BASE, CONCRETO FEITO EM OBRA E LANÇADO COM JERICA. AF_05/2020","M3",1115.6600000000001]
[101097,"TUBULÃO A CÉU ABERTO, DIÂMETRO DO FUSTE DE 80CM, ESCAVAÇÃO MANUAL, SEM ALARGAMENTO DE BASE, CONCRETO FEITO EM OBRA E LANÇADO COM JERICA. AF_05/2020","M3",1053.67]
[101098,"TUBULÃO A CÉU ABERTO, DIÂMETRO DO FUSTE DE 100CM, ESCAVAÇÃO MANUAL, SEM ALARGAMENTO DE BASE, CONCRETO FEITO EM OBRA E LANÇADO COM JERICA. AF_05/2020","M3",974.7]
[101099,"TUBULÃO A CÉU ABERTO, DIÂMETRO DO FUSTE DE 120CM, ESCAVAÇÃO MANUAL, SEM ALARGAMENTO DE BASE, CONCRETO FEITO EM OBRA E LANÇADO COM JERICA. AF_05/2020","M3",885.1]
[101100,"TUBULÃO A CÉU ABERTO, DIÂMETRO DO FUSTE DE 70CM, ESCAVAÇÃO MECÂNICA, SEM ALARGAMENTO DE BASE, CONCRETO FEITO EM OBRA E LANÇADO COM JERICA. AF_05/2020","M3",771.24]
[101101,"TUBULÃO A CÉU ABERTO, DIÂMETRO DO FUSTE DE 80CM, ESCAVAÇÃO MECÂNICA, SEM ALARGAMENTO DE BASE, CONCRETO FEITO EM OBRA E LANÇADO COM JERICA. AF_05/2020","M3",756.59]
[101102,"TUBULÃO A CÉU ABERTO, DIÂMETRO DO FUSTE DE 100CM, ESCAVAÇÃO MECÂNICA, SEM ALARGAMENTO DE BASE, CONCRETO FEITO EM OBRA E LANÇADO COM JERICA. AF_05/2020","M3",742.7]
[101103,"TUBULÃO A CÉU ABERTO, DIÂMETRO DO FUSTE DE 120CM, ESCAVAÇÃO MECÂNICA, SEM ALARGAMENTO DE BASE, CONCRETO FEITO EM OBRA E LANÇADO COM JERICA. AF_05/2020","M3",695.38]
[101104,"TUBULÃO A CÉU ABERTO, DIÂMETRO DO FUSTE DE 70CM, ESCAVAÇÃO MANUAL, SEM ALARGAMENTO DE BASE, CONCRETO USINADO E LANÇADO COM BOMBA OU DIRETAMENTE DO CAMINHÃO. AF_05/2020","M3",1033.6400000000001]
[101105,"TUBULÃO A CÉU ABERTO, DIÂMETRO DO FUSTE DE 80CM, ESCAVAÇÃO MANUAL, SEM ALARGAMENTO DE BASE, CONCRETO USINADO E LANÇADO COM BOMBA OU DIRETAMENTE DO CAMINHÃO. AF_05/2020","M3",973.13]
[101106,"TUBULÃO A CÉU ABERTO, DIÂMETRO DO FUSTE DE 100CM, ESCAVAÇÃO MANUAL, SEM ALARGAMENTO DE BASE, CONCRETO USINADO E LANÇADO COM BOMBA OU DIRETAMENTE DO CAMINHÃO. AF_05/2020","M3",896.7]
[101107,"TUBULÃO A CÉU ABERTO, DIÂMETRO DO FUSTE DE 120CM, ESCAVAÇÃO MANUAL, SEM ALARGAMENTO DE BASE, CONCRETO USINADO E LANÇADO COM BOMBA OU DIRETAMENTE DO CAMINHÃO. AF_05/2020","M3",810.09]
[101108,"TUBULÃO A CÉU ABERTO, DIÂMETRO DO FUSTE DE 70CM, ESCAVAÇÃO MECÂNICA, SEM ALARGAMENTO DE BASE, CONCRETO USINADO E LANÇADO COM BOMBA OU DIRETAMENTE DO CAMINHÃO. AF_05/2020","M3",683.13]
[101109,"TUBULÃO A CÉU ABERTO, DIÂMETRO DO FUSTE DE 80CM, ESCAVAÇÃO MECÂNICA, SEM ALARGAMENTO DE BASE, CONCRETO USINADO E LANÇADO COM BOMBA OU DIRETAMENTE DO CAMINHÃO. AF_05/2020","M3",670.3]
[101110,"TUBULÃO A CÉU ABERTO, DIÂMETRO DO FUSTE DE 100CM, ESCAVAÇÃO MECÂNICA, SEM ALARGAMENTO DE BASE, CONCRETO USINADO E LANÇADO COM BOMBA OU DIRETAMENTE DO CAMINHÃO. AF_05/2020","M3",659.62]
[101111,"TUBULÃO A CÉU ABERTO, DIÂMETRO DO FUSTE DE 120CM, ESCAVAÇÃO MECÂNICA, SEM ALARGAMENTO DE BASE, CONCRETO USINADO E LANÇADO COM BOMBA OU DIRETAMENTE DO CAMINHÃO. AF_05/2020","M3",615.98]
[101112,"ALARGAMENTO DE BASE DE TUBULÃO A CÉU ABERTO, ESCAVAÇÃO MANUAL, CONCRETO FEITO EM OBRA E LANÇADO COM JERICA. AF_05/2020","M3",729.4]
[101113,"ALARGAMENTO DE BASE DE TUBULÃO A CÉU ABERTO, ESCAVAÇÃO MANUAL, CONCRETO USINADO E LANÇADO COM BOMBA OU DIRETAMENTE DO CAMINHÃO. AF_05/2020","M3",649.52]
[95601,"ARRASAMENTO MECANICO DE ESTACA DE CONCRETO ARMADO, DIAMETROS DE ATÉ 40 CM. AF_11/2016","UN",18.670000000000002]
[95602,"ARRASAMENTO MECANICO DE ESTACA DE CONCRETO ARMADO, DIAMETROS DE 41 CM A 60 CM. AF_11/2016","UN",23.7]
[95603,"ARRASAMENTO MECANICO DE ESTACA DE CONCRETO ARMADO, DIAMETROS DE 61 CM A 80 CM. AF_11/2016","UN",31.12]
[95604,"ARRASAMENTO MECANICO DE ESTACA DE CONCRETO ARMADO, DIAMETROS DE 81 CM A 100 CM. AF_11/2016","UN",40.97]
[95605,"ARRASAMENTO MECANICO DE ESTACA DE CONCRETO ARMADO, DIAMETROS DE 101 CM A 150 CM. AF_11/2016","UN",64.22]
[95607,"ARRASAMENTO DE ESTACA METÁLICA, PERFIL LAMINADO TIPO \u0093I\u0094 FAMÍLIA 250. AF_11/2016","UN",5.96]
[95608,"ARRASAMENTO DE ESTACA METÁLICA, PERFIL LAMINADO TIPO \u0093H\u0094 FAMÍLIA 250. AF_11/2016","UN",6.88]
[95609,"ARRASAMENTO DE ESTACA METÁLICA, PERFIL LAMINADO TIPO \u0093H\u0094 FAMÍLIA 310. AF_11/2016","UN",7.66]
[100651,"ESTACA HÉLICE CONTÍNUA, DIÂMETRO DE 30 CM, INCLUSO CONCRETO FCK=30MPA E ARMADURA MÍNIMA (EXCLUSIVE MOBILIZAÇÃO, DESMOBILIZAÇÃO E BOMBEAMENTO). AF_12/2019","M",102.05]
[100652,"ESTACA HÉLICE CONTÍNUA , DIÂMETRO DE 50 CM, INCLUSO CONCRETO FCK=30MPA E ARMADURA MÍNIMA (EXCLUSIVE MOBILIZAÇÃO, DESMOBILIZAÇÃO E BOMBEAMENTO). AF_12/2019","M",187.61]
[100653,"ESTACA HÉLICE CONTÍNUA, DIÂMETRO DE 70 CM, INCLUSO CONCRETO FCK=30MPA E ARMADURA MÍNIMA (EXCLUSIVE MOBILIZAÇÃO, DESMOBILIZAÇÃO E BOMBEAMENTO). AF_12/2019","M",309.12]
[100654,"ESTACA HÉLICE CONTÍNUA, DIÂMETRO DE 80 CM, INCLUSO CONCRETO FCK=30MPA E ARMADURA MÍNIMA (EXCLUSIVE MOBILIZAÇÃO, DESMOBILIZAÇÃO E BOMBEAMENTO). AF_12/2019.","M",434.02]
[100655,"ESTACA HÉLICE CONTÍNUA, DIÂMETRO DE 90 CM, INCLUSO CONCRETO FCK=30MPA E ARMADURA MÍNIMA (EXCLUSIVE MOBILIZAÇÃO, DESMOBILIZAÇÃO E BOMBEAMENTO). AF_12/2019.","M",492.07]
[100656,"ESTACA PRÉ-MOLDADA DE CONCRETO, SEÇÃO QUADRADA, CAPACIDADE DE 25 TONELADAS, INCLUSO EMENDA (EXCLUSIVE MOBILIZAÇÃO E DESMOBILIZAÇÃO). AF_12/2019","M",83.76]
[100657,"ESTACA PRÉ-MOLDADA DE CONCRETO SEÇÃO QUADRADA, CAPACIDADE DE 50 TONELADAS, INCLUSO EMENDA (EXCLUSIVE MOBILIZAÇÃO E DESMOBILIZAÇÃO). AF_12/2019","M",107.69]
[100658,"ESTACA PRÉ-MOLDADA DE CONCRETO CENTRIFUGADO, SEÇÃO CIRCULAR, CAPACIDADE DE 100 TONELADAS, INCLUSO EMENDA (EXCLUSIVE MOBILIZAÇÃO E DESMOBILIZAÇÃO). AF_12/2019","M",245.32]
[100889,"ESTACA METÁLICA PARA FUNDAÇÃO, UTILIZANDO PERFIL LAMINADO HP250X62 (EXCLUSIVE MOBILIZAÇÃO E DESMOBILIZAÇÃO). AF_01/2020","KG",12.38]
[100890,"ESTACA METÁLICA PARA FUNDAÇÃO, UTILIZANDO PERFIL LAMINADO HP310X79 (EXCLUSIVE MOBILIZAÇÃO E DESMOBILIZAÇÃO). AF_01/2020","KG",12.24]
[100892,"ESTACA METÁLICA PARA CONTENÇÃO, UTILIZANDO PERFIL LAMINADO W250X32,7 (EXCLUSIVE MOBILIZAÇÃO E DESMOBILIZAÇÃO). AF_01/2020","KG",11.79]
[100893,"ESTACA METÁLICA PARA CONTENÇÃO, UTILIZANDO PERFIL LAMINADO W250X38,5 (EXCLUSIVE MOBILIZAÇÃO E DESMOBILIZAÇÃO). AF_01/2020","KG",11.65]
[100894,"ESTACA METÁLICA PARA CONTENÇÃO, UTILIZANDO PERFIL LAMINADO W250X44,8 (EXCLUSIVE MOBILIZAÇÃO E DESMOBILIZAÇÃO). AF_01/2020","KG",11.56]
[100896,"ESTACA ESCAVADA MECANICAMENTE, SEM FLUIDO ESTABILIZANTE, COM 25CM DE DIÂMETRO, CONCRETO LANÇADO POR CAMINHÃO BETONEIRA (EXCLUSIVE MOBILIZAÇÃO E DESMOBILIZAÇÃO). AF_01/2020","M",44.12]
[100897,"ESTACA ESCAVADA MECANICAMENTE, SEM FLUIDO ESTABILIZANTE, COM 40CM DE DIÂMETRO, CONCRETO LANÇADO POR CAMINHÃO BETONEIRA (EXCLUSIVE MOBILIZAÇÃO E DESMOBILIZAÇÃO). AF_01/2020","M",83.06]
[100898,"ESTACA ESCAVADA MECANICAMENTE, SEM FLUIDO ESTABILIZANTE, COM 60CM DE DIÂMETRO, CONCRETO LANÇADO POR CAMINHÃO BETONEIRA (EXCLUSIVE MOBILIZAÇÃO E DESMOBILIZAÇÃO). AF_01/2020","M",157.12]
[100899,"ESTACA ESCAVADA MECANICAMENTE, SEM FLUIDO ESTABILIZANTE, COM 25CM DE DIÂMETRO, CONCRETO LANÇADO MANUALMENTE (EXCLUSIVE MOBILIZAÇÃO E DESMOBILIZAÇÃO). AF_01/2020","M",62.07]
[100900,"ESTACA ESCAVADA MECANICAMENTE, SEM FLUIDO ESTABILIZANTE, COM 60CM DE DIÂMETRO, CONCRETO LANÇADO POR BOMBA LANÇA (EXCLUSIVE MOBILIZAÇÃO E DESMOBILIZAÇÃO). AF_01/2020","M",178.65]
[100929,"ESTACA RAÍZ, DIÂMETRO DE 20CM, SEM PRESENÇA DE ROCHA (EXCLUSIVE MOBILIZAÇÃO E DESMOBILIZAÇÃO). AF_03/2020","M",251.31]
[100930,"ESTACA RAÍZ, DIÂMETRO DE 31CM, SEM PRESENÇA DE ROCHA (EXCLUSIVE MOBILIZAÇÃO E DESMOBILIZAÇÃO). AF_03/2020","M",358.61]
[100931,"ESTACA RAÍZ, DIÂMETRO DE 40CM, SEM PRESENÇA DE ROCHA (EXCLUSIVE MOBILIZAÇÃO E DESMOBILIZAÇÃO). AF_03/2020","M",441.92]
[100932,"ESTACA RAÍZ, DIÂMETRO DE 45CM, SEM PRESENÇA DE ROCHA (EXCLUSIVE MOBILIZAÇÃO E DESMOBILIZAÇÃO). AF_03/2020","M",603.20000000000005]
[100933,"ESTACA RAÍZ, DIÂMETRO DE 20CM, PERFURADA EM ROCHA (EXCLUSIVE MOBILIZAÇÃO E DESMOBILIZAÇÃO). AF_03/2020","M",310.87]
[100934,"ESTACA RAÍZ, DIÂMETRO DE 31CM, PERFURADA EM ROCHA (EXCLUSIVE MOBILIZAÇÃO E DESMOBILIZAÇÃO). AF_03/2020","M",433.08]
[100935,"ESTACA RAÍZ, DIÂMETRO DE 40CM, PERFURADA EM ROCHA (EXCLUSIVE MOBILIZAÇÃO E DESMOBILIZAÇÃO). AF_03/2020","M",535.55999999999995]
[100936,"ESTACA RAÍZ, DIÂMETRO DE 45CM, PERFURADA EM ROCHA (EXCLUSIVE MOBILIZAÇÃO E DESMOBILIZAÇÃO). AF_03/2020","M",712.4]
[101173,"ESTACA BROCA DE CONCRETO, DIÂMETRO DE 20CM, ESCAVAÇÃO MANUAL COM TRADO CONCHA, COM ARMADURA DE ARRANQUE. AF_05/2020","M",51.21]
[101174,"ESTACA BROCA DE CONCRETO, DIÂMETRO DE 25CM, ESCAVAÇÃO MANUAL COM TRADO CONCHA, COM ARMADURA DE ARRANQUE. AF_05/2020","M",69.88]
[101175,"ESTACA BROCA DE CONCRETO, DIÂMETRO DE 30CM, ESCAVAÇÃO MANUAL COM TRADO CONCHA, COM ARMADURA DE ARRANQUE. AF_05/2020","M",95.36]
[101176,"ESTACA BROCA DE CONCRETO, DIÂMETRO DE 30CM, ESCAVAÇÃO MANUAL COM TRADO CONCHA, INTEIRAMENTE ARMADA. AF_05/2020","M",129.36000000000001]
[95240,"LASTRO DE CONCRETO MAGRO, APLICADO EM PISOS, LAJES SOBRE SOLO OU RADIERS, ESPESSURA DE 3 CM. AF_07/2016","M2",14.14]
[95241,"LASTRO DE CONCRETO MAGRO, APLICADO EM PISOS, LAJES SOBRE SOLO OU RADIERS, ESPESSURA DE 5 CM. AF_07/2016","M2",23.58]
[96616,"LASTRO DE CONCRETO MAGRO, APLICADO EM BLOCOS DE COROAMENTO OU SAPATAS. AF_08/2017","M3",492.36]
[96617,"LASTRO DE CONCRETO MAGRO, APLICADO EM BLOCOS DE COROAMENTO OU SAPATAS, ESPESSURA DE 3 CM. AF_08/2017","M2",14.75]
[96619,"LASTRO DE CONCRETO MAGRO, APLICADO EM BLOCOS DE COROAMENTO OU SAPATAS, ESPESSURA DE 5 CM. AF_08/2017","M2",24.61]
[96620,"LASTRO DE CONCRETO MAGRO, APLICADO EM PISOS, LAJES SOBRE SOLO OU RADIERS. AF_08/2017","M3",471.92]
[96621,"LASTRO COM MATERIAL GRANULAR, APLICAÇÃO EM BLOCOS DE COROAMENTO, ESPESSURA DE *5 CM*. AF_08/2017","M3",185.11]
[96622,"LASTRO COM MATERIAL GRANULAR, APLICADO EM PISOS OU LAJES SOBRE SOLO, ESPESSURA DE *5 CM*. AF_08/2017","M3",125.05]
[96623,"LASTRO COM MATERIAL GRANULAR, APLICADO EM BLOCOS DE COROAMENTO, ESPESSURA DE *10 CM*. AF_08/2017","M3",171.12]
[96624,"LASTRO COM MATERIAL GRANULAR (PEDRA BRITADA N.2), APLICADO EM PISOS OU LAJES SOBRE SOLO, ESPESSURA DE *10 CM*. AF_08/2017","M3",120.12]
[97082,"ESCAVAÇÃO MANUAL DE VIGA DE BORDA PARA RADIER. AF_09/2017","M3",45.62]
[97083,"COMPACTAÇÃO MECÂNICA DE SOLO PARA EXECUÇÃO DE RADIER, COM COMPACTADOR DE SOLOS A PERCUSSÃO. AF_09/2017","M2",2.54]
[97084,"COMPACTAÇÃO MECÂNICA DE SOLO PARA EXECUÇÃO DE RADIER, COM COMPACTADOR DE SOLOS TIPO PLACA VIBRATÓRIA. AF_09/2017","M2",0.52]
[97086,"FABRICAÇÃO, MONTAGEM E DESMONTAGEM DE FORMA PARA RADIER, EM MADEIRA SERRADA, 4 UTILIZAÇÕES. AF_09/2017","M2",113.92]
[97087,"CAMADA SEPARADORA PARA EXECUÇÃO DE RADIER, EM LONA PLÁSTICA. AF_09/2017","M2",1.99]
[97088,"ARMAÇÃO PARA EXECUÇÃO DE RADIER, COM USO DE TELA Q-92. AF_09/2017","KG",24.26]
[97089,"ARMAÇÃO PARA EXECUÇÃO DE RADIER, COM USO DE TELA Q-113. AF_09/2017","KG",22.2]
[97090,"ARMAÇÃO PARA EXECUÇÃO DE RADIER, COM USO DE TELA Q-138. AF_09/2017","KG",21.88]
[97091,"ARMAÇÃO PARA EXECUÇÃO DE RADIER, COM USO DE TELA Q-159. AF_09/2017","KG",21.23]
[97092,"ARMAÇÃO PARA EXECUÇÃO DE RADIER, COM USO DE TELA Q-196. AF_09/2017","KG",20.61]
[97093,"ARMAÇÃO PARA EXECUÇÃO DE RADIER, COM USO DE TELA Q-283. AF_09/2017","KG",19.38]
[97094,"CONCRETAGEM DE RADIER, PISO OU LAJE SOBRE SOLO, FCK 30 MPA, PARA ESPESSURA DE 10 CM - LANÇAMENTO, ADENSAMENTO E ACABAMENTO. AF_09/2017","M3",418.48]
[97095,"CONCRETAGEM DE RADIER, PISO OU LAJE SOBRE SOLO, FCK 30 MPA, PARA ESPESSURA DE 15 CM - LANÇAMENTO, ADENSAMENTO E ACABAMENTO. AF_09/2017","M3",392.78]
[97096,"CONCRETAGEM DE RADIER, PISO OU LAJE SOBRE SOLO, FCK 30 MPA, PARA ESPESSURA DE 20 CM - LANÇAMENTO, ADENSAMENTO E ACABAMENTO. AF_09/2017","M3",379.58]
[97097,"ACABAMENTO POLIDO PARA PISO DE CONCRETO ARMADO DE ALTA RESISTÊNCIA. AF_09/2017","M2",19.920000000000002]
[97101,"EXECUÇÃO DE RADIER, ESPESSURA DE 10 CM, FCK = 30 MPA, COM USO DE FORMAS EM MADEIRA SERRADA. AF_09/2017","M2",192.71]
[97102,"EXECUÇÃO DE RADIER, ESPESSURA DE 15 CM, FCK = 30 MPA, COM USO DE FORMAS EM MADEIRA SERRADA. AF_09/2017","M2",212.06]
[97103,"EXECUÇÃO DE RADIER, ESPESSURA DE 20 CM, FCK = 30 MPA, COM USO DE FORMAS EM MADEIRA SERRADA. AF_09/2017","M2",279.43]
[100322,"LASTRO COM MATERIAL GRANULAR (PEDRA BRITADA N.3), APLICADO EM PISOS OU LAJES SOBRE SOLO, ESPESSURA DE *10 CM*. AF_07/2019","M3",114.59]
[100323,"LASTRO COM MATERIAL GRANULAR (AREIA MÉDIA), APLICADO EM PISOS OU LAJES SOBRE SOLO, ESPESSURA DE *10 CM*. AF_07/2019","M3",106.59]
[100324,"LASTRO COM MATERIAL GRANULAR (PEDRA BRITADA N.1 E PEDRA BRITADA N.2), APLICADO EM PISOS OU LAJES SOBRE SOLO, ESPESSURA DE *10 CM*. AF_07/2019","M3",119.87]
[90996,"FORMAS MANUSEÁVEIS PARA PAREDES DE CONCRETO MOLDADAS IN LOCO, DE EDIFICAÇÕES DE MULTIPLOS PAVIMENTO, EM PLATIBANDA. AF_06/2015","M2",13.65]
[90997,"FORMAS MANUSEÁVEIS PARA PAREDES DE CONCRETO MOLDADAS IN LOCO, DE EDIFICAÇÕES DE MULTIPLOS PAVIMENTOS, EM FACES INTERNAS DE PAREDES. AF_06/2015","M2",18.350000000000001]
[90998,"FORMAS MANUSEÁVEIS PARA PAREDES DE CONCRETO MOLDADAS IN LOCO, DE EDIFICAÇÕES DE MULTIPLOS PAVIMENTOS, EM LAJES. AF_06/2015","M2",22.04]
[91000,"FORMAS MANUSEÁVEIS PARA PAREDES DE CONCRETO MOLDADAS IN LOCO, DE EDIFICAÇÕES DE MULTIPLOS PAVIMENTOS, EM PANOS DE FACHADA COM VÃOS. AF_06/2015","M2",16.95]
[91002,"FORMAS MANUSEÁVEIS PARA PAREDES DE CONCRETO MOLDADAS IN LOCO, DE EDIFICAÇÕES DE MULTIPLOS PAVIMENTOS, EM PANOS DE FACHADA SEM VÃOS. AF_06/2015","M2",15.63]
[91003,"FORMAS MANUSEÁVEIS PARA PAREDES DE CONCRETO MOLDADAS IN LOCO, DE EDIFICAÇÕES DE MULTIPLOS PAVIMENTOS, EM PANOS DE FACHADA COM VARANDAS. AF_06/2015","M2",18.02]
[91004,"FORMAS MANUSEÁVEIS PARA PAREDES DE CONCRETO MOLDADAS IN LOCO, DE EDIFICAÇÕES DE PAVIMENTO ÚNICO, EM FACES INTERNAS DE PAREDES. AF_06/2015","M2",14.05]
[91005,"FORMAS MANUSEÁVEIS PARA PAREDES DE CONCRETO MOLDADAS IN LOCO, DE EDIFICAÇÕES DE PAVIMENTO ÚNICO, EM LAJES. AF_06/2015","M2",16.8]
[91006,"FORMAS MANUSEÁVEIS PARA PAREDES DE CONCRETO MOLDADAS IN LOCO, DE EDIFICAÇÕES DE PAVIMENTO ÚNICO, EM PANOS DE FACHADA COM VÃOS. AF_06/2015","M2",13.01]
[91007,"FORMAS MANUSEÁVEIS PARA PAREDES DE CONCRETO MOLDADAS IN LOCO, DE EDIFICAÇÕES DE PAVIMENTO ÚNICO, EM PANOS DE FACHADA SEM VÃOS. AF_06/2015","M2",11.69]
[91008,"FORMAS MANUSEÁVEIS PARA PAREDES DE CONCRETO MOLDADAS IN LOCO, DE EDIFICAÇÕES DE PAVIMENTO ÚNICO, EM PANOS DE FACHADA COM VARANDA. AF_06/2015","M2",14.07]
[92263,"FABRICAÇÃO DE FÔRMA PARA PILARES E ESTRUTURAS SIMILARES, EM CHAPA DE MADEIRA COMPENSADA RESINADA, E = 17 MM. AF_09/2020","M2",117.05]
[92264,"FABRICAÇÃO DE FÔRMA PARA PILARES E ESTRUTURAS SIMILARES, EM CHAPA DE MADEIRA COMPENSADA PLASTIFICADA, E = 18 MM. AF_09/2020","M2",125.69]
[92265,"FABRICAÇÃO DE FÔRMA PARA VIGAS, EM CHAPA DE MADEIRA COMPENSADA RESINADA, E = 17 MM. AF_09/2020","M2",86.38]
[92266,"FABRICAÇÃO DE FÔRMA PARA VIGAS, EM CHAPA DE MADEIRA COMPENSADA PLASTIFICADA, E = 18 MM. AF_09/2020","M2",93.79]
[92267,"FABRICAÇÃO DE FÔRMA PARA LAJES, EM CHAPA DE MADEIRA COMPENSADA RESINADA, E = 17 MM. AF_09/2020","M2",36.39]
[92268,"FABRICAÇÃO DE FÔRMA PARA LAJES, EM CHAPA DE MADEIRA COMPENSADA PLASTIFICADA, E = 18 MM. AF_09/2020","M2",43.18]
[92269,"FABRICAÇÃO DE FÔRMA PARA PILARES E ESTRUTURAS SIMILARES, EM MADEIRA SERRADA, E=25 MM. AF_09/2020","M2",257.94]
[92270,"FABRICAÇÃO DE FÔRMA PARA VIGAS, COM MADEIRA SERRADA, E = 25 MM. AF_09/2020","M2",191.46]
[92271,"FABRICAÇÃO DE FÔRMA PARA LAJES, EM MADEIRA SERRADA, E=25 MM. AF_09/2020","M2",133.97999999999999]
[92272,"FABRICAÇÃO DE ESCORAS DE VIGA DO TIPO GARFO, EM MADEIRA. AF_09/2020","M",23.54]
[92273,"FABRICAÇÃO DE ESCORAS DO TIPO PONTALETE, EM MADEIRA, PARA PÉ-DIREITO SIMPLES. AF_09/2020","M",10.79]
[92409,"MONTAGEM E DESMONTAGEM DE FÔRMA DE PILARES RETANGULARES E ESTRUTURAS SIMILARES, PÉ-DIREITO SIMPLES, EM MADEIRA SERRADA, 1 UTILIZAÇÃO. AF_09/2020","M2",339.76]
[92411,"MONTAGEM E DESMONTAGEM DE FÔRMA DE PILARES RETANGULARES E ESTRUTURAS SIMILARES, PÉ-DIREITO SIMPLES, EM MADEIRA SERRADA, 2 UTILIZAÇÕES. AF_09/2020","M2",204.42]
[92413,"MONTAGEM E DESMONTAGEM DE FÔRMA DE PILARES RETANGULARES E ESTRUTURAS SIMILARES, PÉ-DIREITO SIMPLES, EM MADEIRA SERRADA, 4 UTILIZAÇÕES. AF_09/2020","M2",123.14]
[92415,"MONTAGEM E DESMONTAGEM DE FÔRMA DE PILARES RETANGULARES E ESTRUTURAS SIMILARES, PÉ-DIREITO SIMPLES, EM CHAPA DE MADEIRA COMPENSADA RESINADA, 2 UTILIZAÇÕES. AF_09/2020","M2",100.17]
[92417,"MONTAGEM E DESMONTAGEM DE FÔRMA DE PILARES RETANGULARES E ESTRUTURAS SIMILARES, PÉ-DIREITO DUPLO, EM CHAPA DE MADEIRA COMPENSADA RESINADA, 2 UTILIZAÇÕES. AF_09/2020","M2",118.49]
[92419,"MONTAGEM E DESMONTAGEM DE FÔRMA DE PILARES RETANGULARES E ESTRUTURAS SIMILARES, PÉ-DIREITO SIMPLES, EM CHAPA DE MADEIRA COMPENSADA RESINADA, 4 UTILIZAÇÕES. AF_09/2020","M2",62.98]
[92421,"MONTAGEM E DESMONTAGEM DE FÔRMA DE PILARES RETANGULARES E ESTRUTURAS SIMILARES, PÉ-DIREITO DUPLO, EM CHAPA DE MADEIRA COMPENSADA RESINADA, 4 UTILIZAÇÕES. AF_09/2020","M2",77.03]
[92423,"MONTAGEM E DESMONTAGEM DE FÔRMA DE PILARES RETANGULARES E ESTRUTURAS SIMILARES, PÉ-DIREITO SIMPLES, EM CHAPA DE MADEIRA COMPENSADA RESINADA, 6 UTILIZAÇÕES. AF_09/2020","M2",51.33]
[92425,"MONTAGEM E DESMONTAGEM DE FÔRMA DE PILARES RETANGULARES E ESTRUTURAS SIMILARES, PÉ-DIREITO DUPLO, EM CHAPA DE MADEIRA COMPENSADA RESINADA, 6 UTILIZAÇÕES. AF_09/2020","M2",63.55]
[92427,"MONTAGEM E DESMONTAGEM DE FÔRMA DE PILARES RETANGULARES E ESTRUTURAS SIMILARES, PÉ-DIREITO SIMPLES, EM CHAPA DE MADEIRA COMPENSADA RESINADA, 8 UTILIZAÇÕES. AF_09/2020","M2",45.43]
[92429,"MONTAGEM E DESMONTAGEM DE FÔRMA DE PILARES RETANGULARES E ESTRUTURAS SIMILARES, PÉ-DIREITO DUPLO, EM CHAPA DE MADEIRA COMPENSADA RESINADA, 8 UTILIZAÇÕES. AF_09/2020","M2",56.75]
[92431,"MONTAGEM E DESMONTAGEM DE FÔRMA DE PILARES RETANGULARES E ESTRUTURAS SIMILARES, PÉ-DIREITO SIMPLES, EM CHAPA DE MADEIRA COMPENSADA PLASTIFICADA, 10 UTILIZAÇÕES. AF_09/2020","M2",40.200000000000003]
[92433,"MONTAGEM E DESMONTAGEM DE FÔRMA DE PILARES RETANGULARES E ESTRUTURAS SIMILARES, PÉ-DIREITO DUPLO, EM CHAPA DE MADEIRA COMPENSADA PLASTIFICADA, 10 UTILIZAÇÕES. AF_09/2020","M2",50.95]
[92435,"MONTAGEM E DESMONTAGEM DE FÔRMA DE PILARES RETANGULARES E ESTRUTURAS SIMILARES, PÉ-DIREITO SIMPLES, EM CHAPA DE MADEIRA COMPENSADA PLASTIFICADA, 12 UTILIZAÇÕES. AF_09/2020","M2",38.25]
[92437,"MONTAGEM E DESMONTAGEM DE FÔRMA DE PILARES RETANGULARES E ESTRUTURAS SIMILARES, PÉ-DIREITO DUPLO, EM CHAPA DE MADEIRA COMPENSADA PLASTIFICADA, 12 UTILIZAÇÕES. AF_09/2020","M2",48.63]
[92439,"MONTAGEM E DESMONTAGEM DE FÔRMA DE PILARES RETANGULARES E ESTRUTURAS SIMILARES, PÉ-DIREITO SIMPLES, EM CHAPA DE MADEIRA COMPENSADA PLASTIFICADA, 14 UTILIZAÇÕES. AF_09/2020","M2",36.83]
[92441,"MONTAGEM E DESMONTAGEM DE FÔRMA DE PILARES RETANGULARES E ESTRUTURAS SIMILARES, PÉ-DIREITO DUPLO, EM CHAPA DE MADEIRA COMPENSADA PLASTIFICADA, 14 UTILIZAÇÕES. AF_09/2020","M2",46.96]
[92443,"MONTAGEM E DESMONTAGEM DE FÔRMA DE PILARES RETANGULARES E ESTRUTURAS SIMILARES, PÉ-DIREITO SIMPLES, EM CHAPA DE MADEIRA COMPENSADA PLASTIFICADA, 18 UTILIZAÇÕES. AF_09/2020","M2",33.9]
[92445,"MONTAGEM E DESMONTAGEM DE FÔRMA DE PILARES RETANGULARES E ESTRUTURAS SIMILARES, PÉ-DIREITO DUPLO, EM CHAPA DE MADEIRA COMPENSADA PLASTIFICADA, 18 UTILIZAÇÕES. AF_09/2020","M2",43.67]
[92446,"MONTAGEM E DESMONTAGEM DE FÔRMA DE VIGA, ESCORAMENTO COM PONTALETE DE MADEIRA, PÉ-DIREITO SIMPLES, EM MADEIRA SERRADA, 1 UTILIZAÇÃO. AF_09/2020","M2",298.86]
[92447,"MONTAGEM E DESMONTAGEM DE FÔRMA DE VIGA, ESCORAMENTO COM PONTALETE DE MADEIRA, PÉ-DIREITO SIMPLES, EM MADEIRA SERRADA, 2 UTILIZAÇÕES. AF_09/2020","M2",201.53]
[92448,"MONTAGEM E DESMONTAGEM DE FÔRMA DE VIGA, ESCORAMENTO COM PONTALETE DE MADEIRA, PÉ-DIREITO SIMPLES, EM MADEIRA SERRADA, 4 UTILIZAÇÕES. AF_09/2020","M2",152.01]
[92449,"MONTAGEM E DESMONTAGEM DE FÔRMA DE VIGA, ESCORAMENTO COM GARFO DE MADEIRA, PÉ-DIREITO DUPLO, EM CHAPA DE MADEIRA RESINADA, 2 UTILIZAÇÕES. AF_09/2020","M2",198.4]
[92450,"MONTAGEM E DESMONTAGEM DE FÔRMA DE VIGA, ESCORAMENTO METÁLICO, PÉ-DIREITO DUPLO, EM CHAPA DE MADEIRA RESINADA, 2 UTILIZAÇÕES. AF_09/2020","M2",236.31]
[92451,"MONTAGEM E DESMONTAGEM DE FÔRMA DE VIGA, ESCORAMENTO COM GARFO DE MADEIRA, PÉ-DIREITO SIMPLES, EM CHAPA DE MADEIRA RESINADA, 2 UTILIZAÇÕES. AF_09/2020","M2",136.77000000000001]
[92452,"MONTAGEM E DESMONTAGEM DE FÔRMA DE VIGA, ESCORAMENTO METÁLICO, PÉ-DIREITO SIMPLES, EM CHAPA DE MADEIRA RESINADA, 2 UTILIZAÇÕES. AF_09/2020","M2",121.22]
[92453,"MONTAGEM E DESMONTAGEM DE FÔRMA DE VIGA, ESCORAMENTO COM GARFO DE MADEIRA, PÉ-DIREITO DUPLO, EM CHAPA DE MADEIRA RESINADA, 4 UTILIZAÇÕES. AF_09/2020","M2",168.17]
[92454,"MONTAGEM E DESMONTAGEM DE FÔRMA DE VIGA, ESCORAMENTO METÁLICO, PÉ-DIREITO DUPLO, EM CHAPA DE MADEIRA RESINADA, 4 UTILIZAÇÕES. AF_09/2020","M2",213.96]
[92455,"MONTAGEM E DESMONTAGEM DE FÔRMA DE VIGA, ESCORAMENTO COM GARFO DE MADEIRA, PÉ-DIREITO SIMPLES, EM CHAPA DE MADEIRA RESINADA, 4 UTILIZAÇÕES. AF_09/2020","M2",111.25]
[92456,"MONTAGEM E DESMONTAGEM DE FÔRMA DE VIGA, ESCORAMENTO METÁLICO, PÉ-DIREITO SIMPLES, EM CHAPA DE MADEIRA RESINADA, 4 UTILIZAÇÕES. AF_09/2020","M2",98.83]
[92457,"MONTAGEM E DESMONTAGEM DE FÔRMA DE VIGA, ESCORAMENTO COM GARFO DE MADEIRA, PÉ-DIREITO DUPLO, EM CHAPA DE MADEIRA RESINADA, 6 UTILIZAÇÕES. AF_09/2020","M2",146.75]
[92458,"MONTAGEM E DESMONTAGEM DE FÔRMA DE VIGA, ESCORAMENTO METÁLICO, PÉ-DIREITO DUPLO, EM CHAPA DE MADEIRA RESINADA, 6 UTILIZAÇÕES. AF_12/2015","M2",199.68]
[92459,"MONTAGEM E DESMONTAGEM DE FÔRMA DE VIGA, ESCORAMENTO COM GARFO DE MADEIRA, PÉ-DIREITO SIMPLES, EM CHAPA DE MADEIRA RESINADA, 6 UTILIZAÇÕES. AF_09/2020","M2",94.97]
[92460,"MONTAGEM E DESMONTAGEM DE FÔRMA DE VIGA, ESCORAMENTO METÁLICO, PÉ-DIREITO SIMPLES, EM CHAPA DE MADEIRA RESINADA, 6 UTILIZAÇÕES. AF_09/2020","M2",81.06]
[92461,"MONTAGEM E DESMONTAGEM DE FÔRMA DE VIGA, ESCORAMENTO COM GARFO DE MADEIRA, PÉ-DIREITO DUPLO, EM CHAPA DE MADEIRA RESINADA, 8 UTILIZAÇÕES. AF_09/2020","M2",135.54]
[92462,"MONTAGEM E DESMONTAGEM DE FÔRMA DE VIGA, ESCORAMENTO METÁLICO, PÉ-DIREITO DUPLO, EM CHAPA DE MADEIRA RESINADA, 8 UTILIZAÇÕES. AF_09/2020","M2",190.57]
[92463,"MONTAGEM E DESMONTAGEM DE FÔRMA DE VIGA, ESCORAMENTO COM GARFO DE MADEIRA, PÉ-DIREITO SIMPLES, EM CHAPA DE MADEIRA RESINADA, 8 UTILIZAÇÕES. AF_09/2020","M2",86.24]
[92464,"MONTAGEM E DESMONTAGEM DE FÔRMA DE VIGA, ESCORAMENTO METÁLICO, PÉ-DIREITO SIMPLES, EM CHAPA DE MADEIRA RESINADA, 8 UTILIZAÇÕES. AF_09/2020","M2",76.209999999999994]
[92465,"MONTAGEM E DESMONTAGEM DE FÔRMA DE VIGA, ESCORAMENTO COM GARFO DE MADEIRA, PÉ-DIREITO DUPLO, EM CHAPA DE MADEIRA PLASTIFICADA, 10 UTILIZAÇÕES. AF_09/2020","M2",107.2]
[92466,"MONTAGEM E DESMONTAGEM DE FÔRMA DE VIGA, ESCORAMENTO METÁLICO, PÉ-DIREITO DUPLO, EM CHAPA DE MADEIRA PLASTIFICADA, 10 UTILIZAÇÕES. AF_09/2020","M2",182.1]
[92467,"MONTAGEM E DESMONTAGEM DE FÔRMA DE VIGA, ESCORAMENTO COM GARFO DE MADEIRA, PÉ-DIREITO SIMPLES, EM CHAPA DE MADEIRA PLASTIFICADA, 10 UTILIZAÇÕES. AF_09/2020","M2",69.180000000000007]
[92468,"MONTAGEM E DESMONTAGEM DE FÔRMA DE VIGA, ESCORAMENTO METÁLICO, PÉ-DIREITO SIMPLES, EM CHAPA DE MADEIRA PLASTIFICADA, 10 UTILIZAÇÕES. AF_09/2020","M2",68.14]
[92469,"MONTAGEM E DESMONTAGEM DE FÔRMA DE VIGA, ESCORAMENTO COM GARFO DE MADEIRA, PÉ-DIREITO DUPLO, EM CHAPA DE MADEIRA PLASTIFICADA, 12 UTILIZAÇÕES. AF_09/2020","M2",98.24]
[92470,"MONTAGEM E DESMONTAGEM DE FÔRMA DE VIGA, ESCORAMENTO METÁLICO, PÉ-DIREITO DUPLO, EM CHAPA DE MADEIRA PLASTIFICADA, 12 UTILIZAÇÕES. AF_09/2020","M2",177.23]
[92471,"MONTAGEM E DESMONTAGEM DE FÔRMA DE VIGA, ESCORAMENTO COM GARFO DE MADEIRA, PÉ-DIREITO SIMPLES, EM CHAPA DE MADEIRA PLASTIFICADA, 12 UTILIZAÇÕES. AF_09/2020","M2",63.52]
[92472,"MONTAGEM E DESMONTAGEM DE FÔRMA DE VIGA, ESCORAMENTO METÁLICO, PÉ-DIREITO SIMPLES, EM CHAPA DE MADEIRA PLASTIFICADA, 12 UTILIZAÇÕES. AF_09/2020","M2",63.96]
[92473,"MONTAGEM E DESMONTAGEM DE FÔRMA DE VIGA, ESCORAMENTO COM GARFO DE MADEIRA, PÉ-DIREITO DUPLO, EM CHAPA DE MADEIRA PLASTIFICADA, 14 UTILIZAÇÕES. AF_09/2020","M2",90.94]
[92474,"MONTAGEM E DESMONTAGEM DE FÔRMA DE VIGA, ESCORAMENTO METÁLICO, PÉ-DIREITO DUPLO, EM CHAPA DE MADEIRA PLASTIFICADA, 14 UTILIZAÇÕES. AF_09/2020","M2",172.98]
[92475,"MONTAGEM E DESMONTAGEM DE FÔRMA DE VIGA, ESCORAMENTO COM GARFO DE MADEIRA, PÉ-DIREITO SIMPLES, EM CHAPA DE MADEIRA PLASTIFICADA, 14 UTILIZAÇÕES. AF_09/2020","M2",58.87]
[92476,"MONTAGEM E DESMONTAGEM DE FÔRMA DE VIGA, ESCORAMENTO METÁLICO, PÉ-DIREITO SIMPLES, EM CHAPA DE MADEIRA PLASTIFICADA, 14 UTILIZAÇÕES. AF_09/2020","M2",60.37]
[92477,"MONTAGEM E DESMONTAGEM DE FÔRMA DE VIGA, ESCORAMENTO COM GARFO DE MADEIRA, PÉ-DIREITO DUPLO, EM CHAPA DE MADEIRA PLASTIFICADA, 18 UTILIZAÇÕES. AF_09/2020","M2",75.5]
[92478,"MONTAGEM E DESMONTAGEM DE FÔRMA DE VIGA, ESCORAMENTO METÁLICO, PÉ-DIREITO DUPLO, EM CHAPA DE MADEIRA PLASTIFICADA, 18 UTILIZAÇÕES. AF_09/2020","M2",164.74]
[92479,"MONTAGEM E DESMONTAGEM DE FÔRMA DE VIGA, ESCORAMENTO COM GARFO DE MADEIRA, PÉ-DIREITO SIMPLES, EM CHAPA DE MADEIRA PLASTIFICADA, 18 UTILIZAÇÕES. AF_09/2020","M2",49.05]
[92480,"MONTAGEM E DESMONTAGEM DE FÔRMA DE VIGA, ESCORAMENTO METÁLICO, PÉ-DIREITO SIMPLES, EM CHAPA DE MADEIRA PLASTIFICADA, 18 UTILIZAÇÕES. AF_09/2020","M2",53.3]
[92482,"MONTAGEM E DESMONTAGEM DE FÔRMA DE LAJE MACIÇA, PÉ-DIREITO SIMPLES, EM MADEIRA SERRADA, 1 UTILIZAÇÃO. AF_09/2020","M2",343.79]
[92484,"MONTAGEM E DESMONTAGEM DE FÔRMA DE LAJE MACIÇA, PÉ-DIREITO SIMPLES, EM MADEIRA SERRADA, 2 UTILIZAÇÕES. AF_09/2020","M2",233.22]
[92486,"MONTAGEM E DESMONTAGEM DE FÔRMA DE LAJE MACIÇA, PÉ-DIREITO SIMPLES, EM MADEIRA SERRADA, 4 UTILIZAÇÕES. AF_09/2020","M2",155.31]
[92488,"MONTAGEM E DESMONTAGEM DE FÔRMA DE LAJE NERVURADA COM CUBETA E ASSOALHO, PÉ-DIREITO DUPLO, EM CHAPA DE MADEIRA COMPENSADA RESINADA, 8 UTILIZAÇÕES. AF_09/2020","M2",73]
[92490,"MONTAGEM E DESMONTAGEM DE FÔRMA DE LAJE NERVURADA COM CUBETA E ASSOALHO, PÉ-DIREITO SIMPLES, EM CHAPA DE MADEIRA COMPENSADA RESINADA, 8 UTILIZAÇÕES. AF_09/2020","M2",42.47]
[92492,"MONTAGEM E DESMONTAGEM DE FÔRMA DE LAJE NERVURADA COM CUBETA E ASSOALHO, PÉ-DIREITO DUPLO, EM CHAPA DE MADEIRA COMPENSADA RESINADA, 10 UTILIZAÇÕES. AF_09/2020","M2",70.2]
[92494,"MONTAGEM E DESMONTAGEM DE FÔRMA DE LAJE NERVURADA COM CUBETA E ASSOALHO, PÉ-DIREITO SIMPLES, EM CHAPA DE MADEIRA COMPENSADA RESINADA, 10 UTILIZAÇÕES. AF_09/2020","M2",40.07]
[92496,"MONTAGEM E DESMONTAGEM DE FÔRMA DE LAJE NERVURADA COM CUBETA E ASSOALHO, PÉ-DIREITO DUPLO, EM CHAPA DE MADEIRA COMPENSADA RESINADA, 12 UTILIZAÇÕES. AF_09/2020","M2",68.31]
[92498,"MONTAGEM E DESMONTAGEM DE FÔRMA DE LAJE NERVURADA COM CUBETA E ASSOALHO, PÉ-DIREITO SIMPLES, EM CHAPA DE MADEIRA COMPENSADA RESINADA, 12 UTILIZAÇÕES. AF_09/2020","M2",38.46]
[92500,"MONTAGEM E DESMONTAGEM DE FÔRMA DE LAJE NERVURADA COM CUBETA E ASSOALHO, PÉ-DIREITO DUPLO, EM CHAPA DE MADEIRA COMPENSADA RESINADA, 14 UTILIZAÇÕES. AF_09/2020","M2",67.2]
[92502,"MONTAGEM E DESMONTAGEM DE FÔRMA DE LAJE NERVURADA COM CUBETA E ASSOALHO, PÉ-DIREITO SIMPLES, EM CHAPA DE MADEIRA COMPENSADA RESINADA, 14 UTILIZAÇÕES. AF_09/2020","M2",37.54]
[92504,"MONTAGEM E DESMONTAGEM DE FÔRMA DE LAJE NERVURADA COM CUBETA E ASSOALHO, PÉ-DIREITO DUPLO, EM CHAPA DE MADEIRA COMPENSADA RESINADA, 18 UTILIZAÇÕES. AF_09/2020","M2",43.41]
[92506,"MONTAGEM E DESMONTAGEM DE FÔRMA DE LAJE NERVURADA COM CUBETA E ASSOALHO, PÉ-DIREITO SIMPLES, EM CHAPA DE MADEIRA COMPENSADA RESINADA, 18 UTILIZAÇÕES. AF_09/2020","M2",35.99]
[92508,"MONTAGEM E DESMONTAGEM DE FÔRMA DE LAJE MACIÇA, PÉ-DIREITO DUPLO, EM CHAPA DE MADEIRA COMPENSADA RESINADA, 2 UTILIZAÇÕES. AF_09/2020","M2",77.41]
[92510,"MONTAGEM E DESMONTAGEM DE FÔRMA DE LAJE MACIÇA, PÉ-DIREITO SIMPLES, EM CHAPA DE MADEIRA COMPENSADA RESINADA, 2 UTILIZAÇÕES. AF_09/2020","M2",42.92]
[92512,"MONTAGEM E DESMONTAGEM DE FÔRMA DE LAJE MACIÇA, PÉ-DIREITO DUPLO, EM CHAPA DE MADEIRA COMPENSADA RESINADA, 4 UTILIZAÇÕES. AF_09/2020","M2",61.92]
[92514,"MONTAGEM E DESMONTAGEM DE FÔRMA DE LAJE MACIÇA, PÉ-DIREITO SIMPLES, EM CHAPA DE MADEIRA COMPENSADA RESINADA, 4 UTILIZAÇÕES. AF_09/2020","M2",30.33]
[92515,"MONTAGEM E DESMONTAGEM DE FÔRMA DE LAJE MACIÇA, PÉ-DIREITO DUPLO, EM CHAPA DE MADEIRA COMPENSADA RESINADA, 6 UTILIZAÇÕES. AF_09/2020","M2",55.41]
[92518,"MONTAGEM E DESMONTAGEM DE FÔRMA DE LAJE MACIÇA, PÉ-DIREITO SIMPLES, EM CHAPA DE MADEIRA COMPENSADA RESINADA, 6 UTILIZAÇÕES. AF_09/2020","M2",25.09]
[92520,"MONTAGEM E DESMONTAGEM DE FÔRMA DE LAJE MACIÇA, PÉ-DIREITO DUPLO, EM CHAPA DE MADEIRA COMPENSADA RESINADA, 8 UTILIZAÇÕES. AF_09/2020","M2",52.08]
[92522,"MONTAGEM E DESMONTAGEM DE FÔRMA DE LAJE MACIÇA, PÉ-DIREITO SIMPLES, EM CHAPA DE MADEIRA COMPENSADA RESINADA, 8 UTILIZAÇÕES. AF_09/2020","M2",22.4]
[92524,"MONTAGEM E DESMONTAGEM DE FÔRMA DE LAJE MACIÇA, PÉ-DIREITO DUPLO, EM CHAPA DE MADEIRA COMPENSADA PLASTIFICADA, 10 UTILIZAÇÕES. AF-09/2020","M2",49.93]
[92526,"MONTAGEM E DESMONTAGEM DE FÔRMA DE LAJE MACIÇA, PÉ-DIREITO SIMPLES, EM CHAPA DE MADEIRA COMPENSADA PLASTIFICADA, 10 UTILIZAÇÕES. AF_09/2020","M2",20.63]
[92528,"MONTAGEM E DESMONTAGEM DE FÔRMA DE LAJE MACIÇA, PÉ-DIREITO DUPLO, EM CHAPA DE MADEIRA COMPENSADA PLASTIFICADA, 12 UTILIZAÇÕES. AF_09/2020","M2",48.73]
[92530,"MONTAGEM E DESMONTAGEM DE FÔRMA DE LAJE MACIÇA, PÉ-DIREITO SIMPLES, EM CHAPA DE MADEIRA COMPENSADA PLASTIFICADA, 12 UTILIZAÇÕES. AF_09/2020","M2",19.66]
[92532,"MONTAGEM E DESMONTAGEM DE FÔRMA DE LAJE MACIÇA, PÉ-DIREITO DUPLO, EM CHAPA DE MADEIRA COMPENSADA PLASTIFICADA, 14 UTILIZAÇÕES. AF_09/2020","M2",47.8]
[92534,"MONTAGEM E DESMONTAGEM DE FÔRMA DE LAJE MACIÇA, PÉ-DIREITO SIMPLES, EM CHAPA DE MADEIRA COMPENSADA PLASTIFICADA, 14 UTILIZAÇÕES. AF_09/2020","M2",18.98]
[92536,"MONTAGEM E DESMONTAGEM DE FÔRMA DE LAJE MACIÇA, PÉ-DIREITO DUPLO, EM CHAPA DE MADEIRA COMPENSADA PLASTIFICADA, 18 UTILIZAÇÕES. AF_09/2020","M2",46.19]
[92538,"MONTAGEM E DESMONTAGEM DE FÔRMA DE LAJE MACIÇA, PÉ-DIREITO SIMPLES, EM CHAPA DE MADEIRA COMPENSADA PLASTIFICADA, 18 UTILIZAÇÕES. AF_09/2020","M2",17.579999999999998]
[96252,"FABRICAÇÃO DE FÔRMA PARA PILARES CIRCULARES, EM CHAPA DE MADEIRA COMPENSADA RESINADA. AF_06/2017","M2",201.86]
[96257,"MONTAGEM E DESMONTAGEM DE FÔRMA DE PILARES CIRCULARES, COM ÁREA MÉDIA DAS SEÇÕES MENOR OU IGUAL A 0,28 M², PÉ-DIREITO SIMPLES, EM MADEIRA, 2 UTILIZAÇÕES. AF_06/2017","M2",163.51]
[96258,"MONTAGEM E DESMONTAGEM DE FÔRMA DE PILARES CIRCULARES, COM ÁREA MÉDIA DAS SEÇÕES MAIOR QUE 0,28 M², PÉ-DIREITO SIMPLES, EM MADEIRA, 2 UTILIZAÇÕES. AF_06/2017","M2",153.77000000000001]
[96259,"MONTAGEM E DESMONTAGEM DE FÔRMA DE PILARES CIRCULARES, COM ÁREA MÉDIA DAS SEÇÕES MENOR OU IGUAL A 0,28 M², PÉ-DIREITO DUPLO, EM MADEIRA, 2 UTILIZAÇÕES. AF_06/2017","M2",183.18]
[96529,"FABRICAÇÃO, MONTAGEM E DESMONTAGEM DE FÔRMA PARA SAPATA, EM MADEIRA SERRADA, E=25 MM, 1 UTILIZAÇÃO. AF_06/2017","M2",333.81]
[96530,"FABRICAÇÃO, MONTAGEM E DESMONTAGEM DE FÔRMA PARA VIGA BALDRAME, EM MADEIRA SERRADA, E=25 MM, 1 UTILIZAÇÃO. AF_06/2017","M2",195.45]
[96531,"FABRICAÇÃO, MONTAGEM E DESMONTAGEM DE FÔRMA PARA BLOCO DE COROAMENTO, EM MADEIRA SERRADA, E=25 MM, 2 UTILIZAÇÕES. AF_06/2017","M2",129.04]
[96532,"FABRICAÇÃO, MONTAGEM E DESMONTAGEM DE FÔRMA PARA SAPATA, EM MADEIRA SERRADA, E=25 MM, 2 UTILIZAÇÕES. AF_06/2017","M2",204.84]
[96533,"FABRICAÇÃO, MONTAGEM E DESMONTAGEM DE FÔRMA PARA VIGA BALDRAME, EM MADEIRA SERRADA, E=25 MM, 2 UTILIZAÇÕES. AF_06/2017","M2",116.08]
[96534,"FABRICAÇÃO, MONTAGEM E DESMONTAGEM DE FÔRMA PARA BLOCO DE COROAMENTO, EM MADEIRA SERRADA, E=25 MM, 4 UTILIZAÇÕES. AF_06/2017","M2",85.34]
[96535,"FABRICAÇÃO, MONTAGEM E DESMONTAGEM DE FÔRMA PARA SAPATA, EM MADEIRA SERRADA, E=25 MM, 4 UTILIZAÇÕES. AF_06/2017","M2",137.68]
[96536,"FABRICAÇÃO, MONTAGEM E DESMONTAGEM DE FÔRMA PARA VIGA BALDRAME, EM MADEIRA SERRADA, E=25 MM, 4 UTILIZAÇÕES. AF_06/2017","M2",74.790000000000006]
[96537,"FABRICAÇÃO, MONTAGEM E DESMONTAGEM DE FÔRMA PARA BLOCO DE COROAMENTO, EM CHAPA DE MADEIRA COMPENSADA RESINADA, E=17 MM, 2 UTILIZAÇÕES. AF_06/2017","M2",162.24]
[96538,"FABRICAÇÃO, MONTAGEM E DESMONTAGEM DE FÔRMA PARA SAPATA, EM CHAPA DE MADEIRA COMPENSADA RESINADA, E=17 MM, 2 UTILIZAÇÕES. AF_06/2017","M2",210.13]
[96539,"FABRICAÇÃO, MONTAGEM E DESMONTAGEM DE FÔRMA PARA VIGA BALDRAME, EM CHAPA DE MADEIRA COMPENSADA RESINADA, E=17 MM, 2 UTILIZAÇÕES. AF_06/2017","M2",94.44]
[96540,"FABRICAÇÃO, MONTAGEM E DESMONTAGEM DE FÔRMA PARA BLOCO DE COROAMENTO, EM CHAPA DE MADEIRA COMPENSADA RESINADA, E=17 MM, 4 UTILIZAÇÕES. AF_06/2017","M2",111.53]
[96541,"FABRICAÇÃO, MONTAGEM E DESMONTAGEM DE FÔRMA PARA SAPATA, EM CHAPA DE MADEIRA COMPENSADA RESINADA, E=17 MM, 4 UTILIZAÇÕES. AF_06/2017","M2",149.97]
[96542,"FABRICAÇÃO, MONTAGEM E DESMONTAGEM DE FÔRMA PARA VIGA BALDRAME, EM CHAPA DE MADEIRA COMPENSADA RESINADA, E=17 MM, 4 UTILIZAÇÕES. AF_06/2017","M2",71.77]
[96543,"ARMAÇÃO DE BLOCO, VIGA BALDRAME E SAPATA UTILIZANDO AÇO CA-60 DE 5 MM - MONTAGEM. AF_06/2017","KG",17.91]
[97747,"MONTAGEM E DESMONTAGEM DE FÔRMA DE PILARES CIRCULARES, COM ÁREA MÉDIA DAS SEÇÕES MAIOR QUE 0,28 M², PÉ-DIREITO DUPLO, EM MADEIRA, 2 UTILIZAÇÕES.  AF_06/2017","M2",170.65]
[101791,"FABRICAÇÃO DE ESCORAS DO TIPO PONTALETE, EM MADEIRA, PARA PÉ-DIREITO DUPLO. AF_09/2020","M",17.850000000000001]
[101792,"ESCORAMENTO DE FÔRMAS DE LAJE EM MADEIRA NÃO APARELHADA, PÉ-DIREITO SIMPLES, INCLUSO TRAVAMENTO, 4 UTILIZAÇÕES. AF_09/2020","M3",13.86]
[101793,"ESCORAMENTO DE FÔRMAS DE LAJE EM MADEIRA NÃO APARELHADA, PÉ-DIREITO DUPLO, INCLUSO TRAVAMENTO, 4 UTILIZAÇÕES. AF_09/2020","M3",19.79]
[101969,"FABRICAÇÃO DE FÔRMA PARA ESCADAS, COM 2 LANCES EM \"U\" E LAJE PLANA, EM CHAPA DE MADEIRA COMPENSADA PLASTIFICADA, E=18 MM. AF_11/2020","M2",112.63]
[101971,"FABRICAÇÃO DE FÔRMA PARA ESCADAS, COM 2 LANCES EM \"U\" E LAJE PLANA, EM CHAPA DE MADEIRA COMPENSADA RESINADA, E= 17 MM. AF_11/2020","M2",104.88]
[101973,"FABRICAÇÃO DE FÔRMA PARA ESCADAS, COM 2 LANCES EM \"U\" E LAJE PLANA, EM MADEIRA SERRADA, E=25 MM. AF_11/2020","M2",235.13]
[101974,"MONTAGEM E DESMONTAGEM DE FÔRMA PARA ESCADAS, COM 2 LANCES EM \"U\" E LAJE PLANA, EM MADEIRA SERRADA, 1 UTILIZAÇÃO. AF_11/2020","M2",455.99]
[101975,"MONTAGEM E DESMONTAGEM DE FÔRMA PARA ESCADAS, COM 2 LANCES EM \"U\"  E LAJE PLANA, EM MADEIRA SERRADA, 2 UTILIZAÇÕES. AF_11/2020","M2",390.98]
[101977,"MONTAGEM E DESMONTAGEM DE FÔRMA PARA ESCADAS, COM 2 LANCES EM \"U\" E LAJE PLANA, EM CHAPA DE MADEIRA COMPENSADA RESINADA, 2 UTILIZAÇÕES. AF_11/2020","M2",218.14]
[101980,"MONTAGEM E DESMONTAGEM DE FÔRMA PARA ESCADAS, COM 2 LANCES EM \"U\" E LAJE PLANA, EM CHAPA DE MADEIRA COMPENSADA RESINADA, 4 UTILIZAÇÕES. AF_11/2020","M2",194.44]
[101981,"MONTAGEM E DESMONTAGEM DE FÔRMA PARA ESCADAS, COM 2 LANCES EM \"U\" E LAJE PLANA, EM CHAPA DE MADEIRA COMPENSADA PLASTIFICADA, 6 UTILIZAÇÕES. AF_11/2020","M2",154.36000000000001]
[101982,"MONTAGEM E DESMONTAGEM DE FÔRMA PARA ESCADAS, COM 2 LANCES EM \"U\" E LAJE PLANA, EM CHAPA DE MADEIRA COMPENSADA PLASTIFICADA, 8 UTILIZAÇÕES. AF_11/2020","M2",137.59]
[101983,"MONTAGEM E DESMONTAGEM DE FÔRMA PARA ESCADAS, COM 2 LANCES EM \"U\" E LAJE PLANA, EM CHAPA DE MADEIRA COMPENSADA PLASTIFICADA, 10 UTILIZAÇÕES. AF_11/2020","M2",127.08]
[101985,"FABRICAÇÃO DE FÔRMA PARA ESCADAS, COM 2 LANCES EM \"U\" E LAJE CASCATA, EM CHAPA DE MADEIRA COMPENSADA PLASTIFICADA, E=18 MM. AF_11/2020","M2",113.6]
[101986,"FABRICAÇÃO DE FÔRMA PARA ESCADAS, COM 2 LANCES EM \"U\" E LAJE CASCATA, EM CHAPA DE MADEIRA COMPENSADA RESINADA, E= 17 MM. AF_11/2020","M2",103.75]
[101987,"FABRICAÇÃO DE FÔRMA PARA ESCADAS, COM 2 LANCES EM \"U\" E LAJE CASCATA, EM MADEIRA SERRADA, E=25 MM. AF_11/2020","M2",283.51]
[101988,"FABRICAÇÃO DE FÔRMA PARA ESCADAS, COM 2 LANCES EM \"L\" E LAJE PLANA, EM CHAPA DE MADEIRA COMPENSADA PLASTIFICADA, E=18 MM. AF_11/2020","M2",118.82]
[101989,"FABRICAÇÃO DE FÔRMA PARA ESCADAS, COM 2 LANCES EM \"L\" E LAJE PLANA, EM CHAPA DE MADEIRA COMPENSADA RESINADA, E= 17 MM. AF_11/2020","M2",111.16]
[101990,"FABRICAÇÃO DE FÔRMA PARA ESCADAS, COM 2 LANCES EM \"L\" E LAJE PLANA, EM MADEIRA SERRADA, E=25 MM. AF_11/2020","M2",253.22]
[101991,"FABRICAÇÃO DE FÔRMA PARA ESCADAS, COM 2 LANCES EM \"L\" E LAJE CASCATA, EM CHAPA DE MADEIRA COMPENSADA PLASTIFICADA, E=18 MM. AF_11/2020","M2",115.74]
[101992,"FABRICAÇÃO DE FÔRMA PARA ESCADAS, COM 2 LANCES EM \"L\" E LAJE CASCATA, EM CHAPA DE MADEIRA COMPENSADA RESINADA, E= 17 MM. AF_11/2020","M2",106.32]
[101993,"FABRICAÇÃO DE FÔRMA PARA ESCADAS, COM 2 LANCES EM \"L\" E LAJE CASCATA, EM MADEIRA SERRADA, E=25 MM. AF_11/2020","M2",335.41]
[101994,"FABRICAÇÃO DE FÔRMA PARA ESCADAS, COM 1 LANCE E LAJE PLANA, EM CHAPA DE MADEIRA COMPENSADA PLASTIFICADA, E=18 MM. AF_11/2020","M2",124.1]
[101995,"FABRICAÇÃO DE FÔRMA PARA ESCADAS, COM 1 LANCE E LAJE PLANA, EM CHAPA DE MADEIRA COMPENSADA RESINADA, E= 17 MM. AF_11/2020","M2",115.5]
[101996,"FABRICAÇÃO DE FÔRMA PARA ESCADAS, COM 1 LANCE E LAJE PLANA, EM MADEIRA SERRADA, E=25 MM. AF_11/2020","M2",273.73]
[101997,"FABRICAÇÃO DE FÔRMA PARA ESCADAS, COM 1 LANCE E LAJE CASCATA, EM CHAPA DE MADEIRA COMPENSADA PLASTIFICADA, E=18 MM. AF_11/2020","M2",114.91]
[101998,"FABRICAÇÃO DE FÔRMA PARA ESCADAS, COM 1 LANCE E LAJE CASCATA, EM CHAPA DE MADEIRA COMPENSADA RESINADA, E= 17 MM. AF_11/2020","M2",105.28]
[101999,"FABRICAÇÃO DE FÔRMA PARA ESCADAS, COM 1 LANCE E LAJE CASCATA, EM MADEIRA SERRADA, E=25 MM. AF_11/2020","M2",360.66]
[102000,"MONTAGEM E DESMONTAGEM DE FÔRMA PARA ESCADAS, COM 2 LANCES EM \"U\" E LAJE CASCATA, EM MADEIRA SERRADA, 1 UTILIZAÇÃO. AF_11/2020","M2",486.49]
[102001,"MONTAGEM E DESMONTAGEM DE FÔRMA PARA ESCADAS, COM 2 LANCES EM \"U\" E LAJE CASCATA, EM MADEIRA SERRADA, 2 UTILIZAÇÕES. AF_11/2020","M2",424.05]
[102002,"MONTAGEM E DESMONTAGEM DE FÔRMA PARA ESCADAS, COM 2 LANCES EM \"U\" E LAJE CASCATA, EM CHAPA DE MADEIRA COMPENSADA RESINADA, 2 UTILIZAÇÕES. AF_11/2020","M2",216.57]
[102003,"MONTAGEM E DESMONTAGEM DE FÔRMA PARA ESCADAS, COM 2 LANCES EM \"U\" E LAJE CASCATA, EM CHAPA DE MADEIRA COMPENSADA RESINADA, 4 UTILIZAÇÕES. AF_11/2020","M2",193.75]
[102004,"MONTAGEM E DESMONTAGEM DE FÔRMA PARA ESCADAS, COM 2 LANCES EM \"U\" E LAJE CASCATA, EM CHAPA DE MADEIRA COMPENSADA PLASTIFICADA, 6 UTILIZAÇÕES. AF_11/2020","M2",153.35]
[102005,"MONTAGEM E DESMONTAGEM DE FÔRMA PARA ESCADAS, COM 2 LANCES EM \"U\" E LAJE CASCATA, EM CHAPA DE MADEIRA COMPENSADA PLASTIFICADA, 8 UTILIZAÇÕES. AF_11/2020","M2",136.47999999999999]
[102006,"MONTAGEM E DESMONTAGEM DE FÔRMA PARA ESCADAS, COM 2 LANCES EM \"U\" E LAJE CASCATA, EM CHAPA DE MADEIRA COMPENSADA PLASTIFICADA, 10 UTILIZAÇÕES. AF_11/2020","M2",125.91]
[102007,"MONTAGEM E DESMONTAGEM DE FÔRMA PARA ESCADAS, COM 2 LANCES EM \"L\" E LAJE PLANA, EM MADEIRA SERRADA, 1 UTILIZAÇÃO. AF_11/2020","M2",455.71]
[102008,"MONTAGEM E DESMONTAGEM DE FÔRMA PARA ESCADAS, COM 2 LANCES EM \"L\" E LAJE PLANA, EM MADEIRA SERRADA, 2 UTILIZAÇÕES. AF_11/2020","M2",383.04]
[102009,"MONTAGEM E DESMONTAGEM DE FÔRMA PARA ESCADAS, COM 2 LANCES EM \"L\" E LAJE PLANA, EM CHAPA DE MADEIRA COMPENSADA RESINADA, 2 UTILIZAÇÕES. AF_11/2020","M2",220.96]
[102010,"MONTAGEM E DESMONTAGEM DE FÔRMA PARA ESCADAS, COM 2 LANCES EM \"L\" E LAJE PLANA, EM CHAPA DE MADEIRA COMPENSADA RESINADA, 4 UTILIZAÇÕES. AF_11/2020","M2",195.71]
[102011,"MONTAGEM E DESMONTAGEM DE FÔRMA PARA ESCADAS, COM 2 LANCES EM \"L\" E LAJE PLANA, EM CHAPA DE MADEIRA COMPENSADA PLASTIFICADA, 6 UTILIZAÇÕES. AF_11/2020","M2",154.41]
[102012,"MONTAGEM E DESMONTAGEM DE FÔRMA PARA ESCADAS, COM 2 LANCES EM \"L\" E LAJE PLANA, EM CHAPA DE MADEIRA COMPENSADA PLASTIFICADA, 8 UTILIZAÇÕES. AF_11/2020","M2",136.96]
[102013,"MONTAGEM E DESMONTAGEM DE FÔRMA PARA ESCADAS, COM 2 LANCES EM \"L\" E LAJE PLANA, EM CHAPA DE MADEIRA COMPENSADA PLASTIFICADA, 10 UTILIZAÇÕES. AF_11/2020","M2",127.21]
[102014,"MONTAGEM E DESMONTAGEM DE FÔRMA PARA ESCADAS, COM 2 LANCES EM \"L\" E LAJE CASCATA, EM MADEIRA SERRADA, 1 UTILIZAÇÃO. AF_11/2020","M2",538.91]
[102015,"MONTAGEM E DESMONTAGEM DE FÔRMA PARA ESCADAS, COM 2 LANCES EM \"L\" E LAJE CASCATA, EM MADEIRA SERRADA, 2 UTILIZAÇÕES. AF_11/2020","M2",454.14]
[102016,"MONTAGEM E DESMONTAGEM DE FÔRMA PARA ESCADAS, COM 2 LANCES EM \"L\" E LAJE CASCATA, EM CHAPA DE MADEIRA COMPENSADA RESINADA, 2 UTILIZAÇÕES. AF_11/2020","M2",216.55]
[102017,"MONTAGEM E DESMONTAGEM DE FÔRMA PARA ESCADAS, COM 2 LANCES EM \"L\" E LAJE CASCATA, EM CHAPA DE MADEIRA COMPENSADA RESINADA, 4 UTILIZAÇÕES. AF_11/2020","M2",192.48]
[102036,"MONTAGEM E DESMONTAGEM DE FÔRMA PARA ESCADAS, COM 2 LANCES EM \"L\" E LAJE CASCATA, EM CHAPA DE MADEIRA COMPENSADA PLASTIFICADA, 6 UTILIZAÇÕES. AF_11/2020","M2",151.78]
[102037,"MONTAGEM E DESMONTAGEM DE FÔRMA PARA ESCADAS, COM 2 LANCES EM \"L\" E LAJE CASCATA, EM CHAPA DE MADEIRA COMPENSADA PLASTIFICADA, 8 UTILIZAÇÕES. AF_11/2020","M2",134.66999999999999]
[102038,"MONTAGEM E DESMONTAGEM DE FÔRMA PARA ESCADAS, COM 2 LANCES EM \"L\" E LAJE CASCATA, EM CHAPA DE MADEIRA COMPENSADA PLASTIFICADA, 10 UTILIZAÇÕES. AF_11/2020","M2",125.1]
[102039,"MONTAGEM E DESMONTAGEM DE FÔRMA PARA ESCADAS, COM 1 LANCE E LAJE PLANA, EM MADEIRA SERRADA, 1 UTILIZAÇÃO. AF_11/2020","M2",481.82]
[102040,"MONTAGEM E DESMONTAGEM DE FÔRMA PARA ESCADAS, COM 1 LANCE E LAJE PLANA, EM MADEIRA SERRADA, 2 UTILIZAÇÕES. AF_11/2020","M2",403.42]
[102041,"MONTAGEM E DESMONTAGEM DE FÔRMA PARA ESCADAS, COM 1 LANCE E LAJE PLANA, EM CHAPA DE MADEIRA COMPENSADA RESINADA, 2 UTILIZAÇÕES. AF_11/2020","M2",221.86]
[102042,"MONTAGEM E DESMONTAGEM DE FÔRMA PARA ESCADAS, COM 1 LANCE E LAJE PLANA, EM CHAPA DE MADEIRA COMPENSADA RESINADA, 4 UTILIZAÇÕES. AF_11/2020","M2",195.02]
[102043,"MONTAGEM E DESMONTAGEM DE FÔRMA PARA ESCADAS, COM 1 LANCE E LAJE PLANA, EM CHAPA DE MADEIRA COMPENSADA PLASTIFICADA, 6 UTILIZAÇÕES. AF_11/2020","M2",153.77000000000001]
[102044,"MONTAGEM E DESMONTAGEM DE FÔRMA PARA ESCADAS, COM 1 LANCE E LAJE PLANA, EM CHAPA DE MADEIRA COMPENSADA PLASTIFICADA, 8 UTILIZAÇÕES. AF_11/2020","M2",136.97999999999999]
[102045,"MONTAGEM E DESMONTAGEM DE FÔRMA PARA ESCADAS, COM 1 LANCE E LAJE PLANA, EM CHAPA DE MADEIRA COMPENSADA PLASTIFICADA, 10 UTILIZAÇÕES. AF_11/2020","M2",126.91]
[102046,"MONTAGEM E DESMONTAGEM DE FÔRMA PARA ESCADAS, COM 1 LANCE E LAJE CASCATA, EM MADEIRA SERRADA, 1 UTILIZAÇÃO. AF_11/2020","M2",555.91999999999996]
[102047,"MONTAGEM E DESMONTAGEM DE FÔRMA PARA ESCADAS, COM 1 LANCE E LAJE CASCATA, EM MADEIRA SERRADA, 2 UTILIZAÇÕES. AF_11/2020","M2",478.11]
[102048,"MONTAGEM E DESMONTAGEM DE FÔRMA PARA ESCADAS, COM 1 LANCE E LAJE CASCATA, EM CHAPA DE MADEIRA COMPENSADA RESINADA, 2 UTILIZAÇÕES. AF_11/2020","M2",213.13]
[102049,"MONTAGEM E DESMONTAGEM DE FÔRMA PARA ESCADAS, COM 1 LANCE E LAJE CASCATA, EM CHAPA DE MADEIRA COMPENSADA RESINADA, 4 UTILIZAÇÕES. AF_11/2020","M2",187.31]
[102050,"MONTAGEM E DESMONTAGEM DE FÔRMA PARA ESCADAS, COM 1 LANCE E LAJE CASCATA, EM CHAPA DE MADEIRA COMPENSADA PLASTIFICADA, 6 UTILIZAÇÕES. AF_11/2020","M2",148.06]
[102051,"MONTAGEM E DESMONTAGEM DE FÔRMA PARA ESCADAS, COM 1 LANCE E LAJE CASCATA, EM CHAPA DE MADEIRA COMPENSADA PLASTIFICADA, 8 UTILIZAÇÕES. AF_11/2020","M2",131.04]
[102052,"MONTAGEM E DESMONTAGEM DE FÔRMA PARA ESCADAS, COM 1 LANCE E LAJE CASCATA, EM CHAPA DE MADEIRA COMPENSADA PLASTIFICADA, 10 UTILIZAÇÕES. AF_11/2020","M2",121.52]
[102059,"MONTAGEM E DESMONTAGEM DE FÔRMA PARA ESCADA DUPLA COM 2 LANCES EM \"X\" E LAJE PLANA, EM MADEIRA SERRADA, 1 UTILIZAÇÃO. AF_11/2020","M2",448.03]
[102060,"MONTAGEM E DESMONTAGEM DE FÔRMA PARA ESCADA DUPLA COM 2 LANCES EM \"X\" E LAJE PLANA, EM MADEIRA SERRADA, 2 UTILIZAÇÕES. AF_11/2020","M2",378.61]
[102061,"MONTAGEM E DESMONTAGEM DE FÔRMA PARA ESCADA DUPLA COM 2 LANCES EM \"X\" E LAJE PLANA, EM CHAPA DE MADEIRA COMPENSADA RESINADA, 2 UTILIZAÇÕES. AF_11/2020","M2",203.12]
[102062,"MONTAGEM E DESMONTAGEM DE FÔRMA PARA ESCADA DUPLA COM 2 LANCES EM \"X\" E LAJE PLANA, EM CHAPA DE MADEIRA COMPENSADA RESINADA, 4 UTILIZAÇÕES. AF_11/2020","M2",182.14]
[102063,"MONTAGEM E DESMONTAGEM DE FÔRMA PARA ESCADA DUPLA COM 2 LANCES EM \"X\" E LAJE PLANA, EM CHAPA DE MADEIRA COMPENSADA PLASTIFICADA, 6 UTILIZAÇÕES. AF_11/2020","M2",142.27000000000001]
[102064,"MONTAGEM E DESMONTAGEM DE FÔRMA PARA ESCADA DUPLA COM 2 LANCES EM \"X\" E LAJE PLANA, EM CHAPA DE MADEIRA COMPENSADA PLASTIFICADA, 8 UTILIZAÇÕES. AF_11/2020","M2",125.43]
[102065,"MONTAGEM E DESMONTAGEM DE FÔRMA PARA ESCADA DUPLA COM 2 LANCES EM \"X\" E LAJE PLANA, EM CHAPA DE MADEIRA COMPENSADA PLASTIFICADA, 10 UTILIZAÇÕES. AF_11/2020","M2",116.04]
[102066,"MONTAGEM E DESMONTAGEM DE FÔRMA PARA ESCADA DUPLA COM 2 LANCES EM \"X\" E LAJE CASCATA, EM MADEIRA SERRADA, 1 UTILIZAÇÃO. AF_11/2020","M2",486.47]
[102067,"MONTAGEM E DESMONTAGEM DE FÔRMA PARA ESCADA DUPLA COM 2 LANCES EM \"X\" E LAJE CASCATA, EM MADEIRA SERRADA, 2 UTILIZAÇÕES. AF_11/2020","M2",420.83]
[102068,"MONTAGEM E DESMONTAGEM DE FÔRMA PARA ESCADA DUPLA COM 2 LANCES EM \"X\" E LAJE CASCATA, EM CHAPA DE MADEIRA COMPENSADA RESINADA, 2 UTILIZAÇÕES. AF_11/2020","M2",192.31]
[102069,"MONTAGEM E DESMONTAGEM DE FÔRMA PARA ESCADA DUPLA COM 2 LANCES EM \"X\" E LAJE CASCATA, EM CHAPA DE MADEIRA COMPENSADA RESINADA, 4 UTILIZAÇÕES. AF_11/2020","M2",172.51]
[102070,"MONTAGEM E DESMONTAGEM DE FÔRMA PARA ESCADA DUPLA COM 2 LANCES EM \"X\" E LAJE CASCATA, EM CHAPA DE MADEIRA COMPENSADA PLASTIFICADA, 6 UTILIZAÇÕES. AF_11/2020","M2",135.32]
[102071,"MONTAGEM E DESMONTAGEM DE FÔRMA PARA ESCADA DUPLA COM 2 LANCES EM \"X\" E LAJE CASCATA, EM CHAPA DE MADEIRA COMPENSADA PLASTIFICADA, 8 UTILIZAÇÕES. AF_11/2020","M2",119.67]
[102072,"MONTAGEM E DESMONTAGEM DE FÔRMA PARA ESCADA DUPLA COM 2 LANCES EM \"X\" E LAJE CASCATA, EM CHAPA DE MADEIRA COMPENSADA PLASTIFICADA, 10 UTILIZAÇÕES. AF_11/2020","M2",114.96]
[102073,"ESCADA EM CONCRETO ARMADO MOLDADO IN LOCO, FCK 20 MPA, COM 1 LANCE E LAJE PLANA, FÔRMA EM CHAPA DE MADEIRA COMPENSADA RESINADA. AF_11/2020","M3",2795.92]
[102074,"ESCADA EM CONCRETO ARMADO MOLDADO IN LOCO, FCK 20 MPA, COM 2 LANCES EM \"U\" E LAJE PLANA, FÔRMA EM CHAPA DE MADEIRA COMPENSADA RESINADA. AF_11/2020","M3",3522.49]
[102075,"ESCADA EM CONCRETO ARMADO MOLDADO IN LOCO, FCK 20 MPA, COM 2 LANCES EM \"L\" E LAJE PLANA, FÔRMA EM CHAPA DE MADEIRA COMPENSADA RESINADA. AF_11/2020","M3",3756.83]
[102076,"ESCADA EM CONCRETO ARMADO MOLDADO IN LOCO, FCK 20 MPA, COM 2 LANCES EM \"X\" E LAJE PLANA, FÔRMA EM CHAPA DE MADEIRA COMPENSADA RESINADA. AF_11/2020","M3",3823.5]
[102077,"ESCADA EM CONCRETO ARMADO MOLDADO IN LOCO, FCK 20 MPA, COM 1 LANCE E LAJE CASCATA, FÔRMA EM CHAPA DE MADEIRA COMPENSADA RESINADA. AF_11/2020","M3",4195.22]
[102078,"ESCADA EM CONCRETO ARMADO MOLDADO IN LOCO, FCK 20 MPA, COM 2 LANCES EM \"U\" E LAJE CASCATA, FÔRMA EM CHAPA DE MADEIRA COMPENSADA RESINADA. AF_11/2020","M3",4187.9799999999996]
[102079,"ESCADA EM CONCRETO ARMADO MOLDADO IN LOCO, FCK 20 MPA, COM 2 LANCES EM \"L\" E LAJE CASCATA, FÔRMA EM CHAPA DE MADEIRA COMPENSADA RESINADA. AF_11/2020","M3",4108.3100000000004]
[102080,"ESCADA EM CONCRETO ARMADO MOLDADO IN LOCO, FCK 20 MPA, COM 2 LANCES EM \"X\" E LAJE CASCATA, FÔRMA EM CHAPA DE MADEIRA COMPENSADA RESINADA. AF_11/2020","M3",3654.6]
[102086,"FABRICAÇÃO DE FÔRMA PARA ESCADA DUPLA COM 2 LANCES EM \"X\" E LAJE PLANA, EM CHAPA DE MADEIRA COMPENSADA PLASTIFICADA, E=18 MM. AF_11/2020","M2",119.77]
[102087,"FABRICAÇÃO DE FÔRMA PARA ESCADA DUPLA COM 2 LANCES EM \"X\" E LAJE PLANA, EM CHAPA DE MADEIRA COMPENSADA RESINADA, E= 17 MM. AF_11/2020","M2",111.73]
[102088,"FABRICAÇÃO DE FÔRMA PARA ESCADA DUPLA COM 2 LANCES EM \u0093X\u0094 E LAJE PLANA, EM MADEIRA SERRADA, E=25 MM. AF_11/2020","M2",253.4]
[102089,"FABRICAÇÃO DE FÔRMA PARA ESCADA DUPLA COM 2 LANCES EM \"X\" E LAJE CASCATA, EM CHAPA DE MADEIRA COMPENSADA PLASTIFICADA, E=18 MM. AF_11/2020","M2",108.96]
[102090,"FABRICAÇÃO DE FÔRMA PARA ESCADA DUPLA COM 2 LANCES EM \"X\" E LAJE CASCATA, EM CHAPA DE MADEIRA COMPENSADA RESINADA, E= 17 MM. AF_11/2020","M2",99.85]
[102091,"FABRICAÇÃO DE FÔRMA PARA ESCADA DUPLA COM 2 LANCES EM \u0093X\u0094 E LAJE CASCATA, EM MADEIRA SERRADA, E=25 MM. AF_11/2020","M2",302.08999999999997]
[89996,"ARMAÇÃO VERTICAL DE ALVENARIA ESTRUTURAL; DIÂMETRO DE 10,0 MM. AF_01/2015","KG",11.81]
[89997,"ARMAÇÃO VERTICAL DE ALVENARIA ESTRUTURAL; DIÂMETRO DE 12,5 MM. AF_01/2015","KG",9.77]
[89998,"ARMAÇÃO DE CINTA DE ALVENARIA ESTRUTURAL; DIÂMETRO DE 10,0 MM. AF_01/2015","KG",11.36]
[89999,"ARMAÇÃO DE VERGA E CONTRAVERGA DE ALVENARIA ESTRUTURAL; DIÂMETRO DE 8,0 MM. AF_01/2015","KG",15.37]
[90000,"ARMAÇÃO DE VERGA E CONTRAVERGA DE ALVENARIA ESTRUTURAL; DIÂMETRO DE 10,0 MM. AF_01/2015","KG",12.96]
[91593,"ARMAÇÃO DO SISTEMA DE PAREDES DE CONCRETO, EXECUTADA EM PAREDES DE EDIFICAÇÕES DE MÚLTIPLOS PAVIMENTOS, TELA Q-138. AF_06/2019","KG",15.18]
[91594,"ARMAÇÃO DO SISTEMA DE PAREDES DE CONCRETO, EXECUTADA EM PAREDES DE EDIFICAÇÕES TÉRREAS OU DE MÚLTIPLOS PAVIMENTOS, TELA Q-92. AF_06/2019","KG",15.52]
[91595,"ARMAÇÃO DO SISTEMA DE PAREDES DE CONCRETO, EXECUTADA EM PAREDES DE EDIFICAÇÕES TÉRREAS, TELA Q-61. AF_06/2019","KG",16.02]
[91596,"ARMAÇÃO DO SISTEMA DE PAREDES DE CONCRETO, EXECUTADA COMO ARMADURA POSITIVA DE LAJES, TELA Q-138. AF_06/2019","KG",15.44]
[91597,"ARMAÇÃO DO SISTEMA DE PAREDES DE CONCRETO, EXECUTADA COMO ARMADURA NEGATIVA DE LAJES, TELA T-196. AF_06/2019","KG",10.76]
[91598,"ARMAÇÃO DO SISTEMA DE PAREDES DE CONCRETO, EXECUTADA COMO ARMADURA POSITIVA DE LAJES, TELA Q-113. AF_06/2019","KG",14.99]
[91599,"ARMAÇÃO DO SISTEMA DE PAREDES DE CONCRETO, EXECUTADA COMO ARMADURA NEGATIVA DE LAJES, TELA L-159. AF_06/2019","KG",11.13]
[91600,"ARMAÇÃO DO SISTEMA DE PAREDES DE CONCRETO, EXECUTADA EM PLATIBANDAS, TELA Q-92. AF_06/2019","KG",17.54]
[91601,"ARMAÇÃO DO SISTEMA DE PAREDES DE CONCRETO, EXECUTADA COMO REFORÇO, VERGALHÃO DE 6,3 MM DE DIÂMETRO. AF_06/2019","KG",13.76]
[91602,"ARMAÇÃO DO SISTEMA DE PAREDES DE CONCRETO, EXECUTADA COMO REFORÇO, VERGALHÃO DE 8,0 MM DE DIÂMETRO. AF_06/2019","KG",12.98]
[91603,"ARMAÇÃO DO SISTEMA DE PAREDES DE CONCRETO, EXECUTADA COMO REFORÇO, VERGALHÃO DE 10,0 MM DE DIÂMETRO. AF_06/2019","KG",12.25]
[92759,"ARMAÇÃO DE PILAR OU VIGA DE UMA ESTRUTURA CONVENCIONAL DE CONCRETO ARMADO EM UM EDIFÍCIO DE MÚLTIPLOS PAVIMENTOS UTILIZANDO AÇO CA-60 DE 5,0 MM - MONTAGEM. AF_12/2015","KG",15.52]
[92760,"ARMAÇÃO DE PILAR OU VIGA DE UMA ESTRUTURA CONVENCIONAL DE CONCRETO ARMADO EM UM EDIFÍCIO DE MÚLTIPLOS PAVIMENTOS UTILIZANDO AÇO CA-50 DE 6,3 MM - MONTAGEM. AF_12/2015","KG",15.04]
[92761,"ARMAÇÃO DE PILAR OU VIGA DE UMA ESTRUTURA CONVENCIONAL DE CONCRETO ARMADO EM UM EDIFÍCIO DE MÚLTIPLOS PAVIMENTOS UTILIZANDO AÇO CA-50 DE 8,0 MM - MONTAGEM. AF_12/2015","KG",14.42]
[92762,"ARMAÇÃO DE PILAR OU VIGA DE UMA ESTRUTURA CONVENCIONAL DE CONCRETO ARMADO EM UM EDIFÍCIO DE MÚLTIPLOS PAVIMENTOS UTILIZANDO AÇO CA-50 DE 10,0 MM - MONTAGEM. AF_12/2015","KG",13.04]
[92763,"ARMAÇÃO DE PILAR OU VIGA DE UMA ESTRUTURA CONVENCIONAL DE CONCRETO ARMADO EM UM EDIFÍCIO DE MÚLTIPLOS PAVIMENTOS UTILIZANDO AÇO CA-50 DE 12,5 MM - MONTAGEM. AF_12/2015","KG",11.07]
[92764,"ARMAÇÃO DE PILAR OU VIGA DE UMA ESTRUTURA CONVENCIONAL DE CONCRETO ARMADO EM UM EDIFÍCIO DE MÚLTIPLOS PAVIMENTOS UTILIZANDO AÇO CA-50 DE 16,0 MM - MONTAGEM. AF_12/2015","KG",10.66]
[92765,"ARMAÇÃO DE PILAR OU VIGA DE UMA ESTRUTURA CONVENCIONAL DE CONCRETO ARMADO EM UM EDIFÍCIO DE MÚLTIPLOS PAVIMENTOS UTILIZANDO AÇO CA-50 DE 20,0 MM - MONTAGEM. AF_12/2015","KG",12.11]
[92766,"ARMAÇÃO DE PILAR OU VIGA DE UMA ESTRUTURA CONVENCIONAL DE CONCRETO ARMADO EM UM EDIFÍCIO DE MÚLTIPLOS PAVIMENTOS UTILIZANDO AÇO CA-50 DE 25,0 MM - MONTAGEM. AF_12/2015","KG",11.9]
[92767,"ARMAÇÃO DE LAJE DE UMA ESTRUTURA CONVENCIONAL DE CONCRETO ARMADO EM UM EDIFÍCIO DE MÚLTIPLOS PAVIMENTOS UTILIZANDO AÇO CA-60 DE 4,2 MM - MONTAGEM. AF_12/2015","KG",15.73]
[92768,"ARMAÇÃO DE LAJE DE UMA ESTRUTURA CONVENCIONAL DE CONCRETO ARMADO EM UM EDIFÍCIO DE MÚLTIPLOS PAVIMENTOS UTILIZANDO AÇO CA-60 DE 5,0 MM - MONTAGEM. AF_12/2015","KG",14.29]
[92769,"ARMAÇÃO DE LAJE DE UMA ESTRUTURA CONVENCIONAL DE CONCRETO ARMADO EM UM EDIFÍCIO DE MÚLTIPLOS PAVIMENTOS UTILIZANDO AÇO CA-50 DE 6,3 MM - MONTAGEM. AF_12/2015","KG",14.1]
[92770,"ARMAÇÃO DE LAJE DE UMA ESTRUTURA CONVENCIONAL DE CONCRETO ARMADO EM UM EDIFÍCIO DE MÚLTIPLOS PAVIMENTOS UTILIZANDO AÇO CA-50 DE 8,0 MM - MONTAGEM. AF_12/2015","KG",13.69]
[92771,"ARMAÇÃO DE LAJE DE UMA ESTRUTURA CONVENCIONAL DE CONCRETO ARMADO EM UM EDIFÍCIO DE MÚLTIPLOS PAVIMENTOS UTILIZANDO AÇO CA-50 DE 10,0 MM - MONTAGEM. AF_12/2015","KG",12.47]
[92772,"ARMAÇÃO DE LAJE DE UMA ESTRUTURA CONVENCIONAL DE CONCRETO ARMADO EM UM EDIFÍCIO DE MÚLTIPLOS PAVIMENTOS UTILIZANDO AÇO CA-50 DE 12,5 MM - MONTAGEM. AF_12/2015","KG",10.64]
[92773,"ARMAÇÃO DE LAJE DE UMA ESTRUTURA CONVENCIONAL DE CONCRETO ARMADO EM UM EDIFÍCIO DE MÚLTIPLOS PAVIMENTOS UTILIZANDO AÇO CA-50 DE 16,0 MM - MONTAGEM. AF_12/2015","KG",10.34]
[92774,"ARMAÇÃO DE LAJE DE UMA ESTRUTURA CONVENCIONAL DE CONCRETO ARMADO EM UM EDIFÍCIO DE MÚLTIPLOS PAVIMENTOS UTILIZANDO AÇO CA-50 DE 20,0 MM - MONTAGEM. AF_12/2015","KG",11.88]
[92775,"ARMAÇÃO DE PILAR OU VIGA DE UMA ESTRUTURA CONVENCIONAL DE CONCRETO ARMADO EM UMA EDIFICAÇÃO TÉRREA OU SOBRADO UTILIZANDO AÇO CA-60 DE 5,0 MM - MONTAGEM. AF_12/2015","KG",17.989999999999998]
[92776,"ARMAÇÃO DE PILAR OU VIGA DE UMA ESTRUTURA CONVENCIONAL DE CONCRETO ARMADO EM UMA EDIFICAÇÃO TÉRREA OU SOBRADO UTILIZANDO AÇO CA-50 DE 6,3 MM - MONTAGEM. AF_12/2015","KG",16.93]
[92777,"ARMAÇÃO DE PILAR OU VIGA DE UMA ESTRUTURA CONVENCIONAL DE CONCRETO ARMADO EM UMA EDIFICAÇÃO TÉRREA OU SOBRADO UTILIZANDO AÇO CA-50 DE 8,0 MM - MONTAGEM. AF_12/2015","KG",15.83]
[92778,"ARMAÇÃO DE PILAR OU VIGA DE UMA ESTRUTURA CONVENCIONAL DE CONCRETO ARMADO EM UMA EDIFICAÇÃO TÉRREA OU SOBRADO UTILIZANDO AÇO CA-50 DE 10,0 MM - MONTAGEM. AF_12/2015","KG",14.08]
[92779,"ARMAÇÃO DE PILAR OU VIGA DE UMA ESTRUTURA CONVENCIONAL DE CONCRETO ARMADO EM UMA EDIFICAÇÃO TÉRREA OU SOBRADO UTILIZANDO AÇO CA-50 DE 12,5 MM - MONTAGEM. AF_12/2015","KG",11.84]
[92780,"ARMAÇÃO DE PILAR OU VIGA DE UMA ESTRUTURA CONVENCIONAL DE CONCRETO ARMADO EM UMA EDIFICAÇÃO TÉRREA OU SOBRADO UTILIZANDO AÇO CA-50 DE 16,0 MM - MONTAGEM. AF_12/2015","KG",11.17]
[92781,"ARMAÇÃO DE PILAR OU VIGA DE UMA ESTRUTURA CONVENCIONAL DE CONCRETO ARMADO EM UMA EDIFICAÇÃO TÉRREA OU SOBRADO UTILIZANDO AÇO CA-50 DE 20,0 MM - MONTAGEM. AF_12/2015","KG",12.46]
[92782,"ARMAÇÃO DE PILAR OU VIGA DE UMA ESTRUTURA CONVENCIONAL DE CONCRETO ARMADO EM UMA EDIFICAÇÃO TÉRREA OU SOBRADO UTILIZANDO AÇO CA-50 DE 25,0 MM - MONTAGEM. AF_12/2015","KG",12.1]
[92783,"ARMAÇÃO DE LAJE DE UMA ESTRUTURA CONVENCIONAL DE CONCRETO ARMADO EM UMA EDIFICAÇÃO TÉRREA OU SOBRADO UTILIZANDO AÇO CA-60 DE 4,2 MM - MONTAGEM. AF_12/2015","KG",17.82]
[92784,"ARMAÇÃO DE LAJE DE UMA ESTRUTURA CONVENCIONAL DE CONCRETO ARMADO EM UMA EDIFICAÇÃO TÉRREA OU SOBRADO UTILIZANDO AÇO CA-60 DE 5,0 MM - MONTAGEM. AF_12/2015","KG",15.99]
[92785,"ARMAÇÃO DE LAJE DE UMA ESTRUTURA CONVENCIONAL DE CONCRETO ARMADO EM UMA EDIFICAÇÃO TÉRREA OU SOBRADO UTILIZANDO AÇO CA-50 DE 6,3 MM - MONTAGEM. AF_12/2015","KG",15.39]
[92786,"ARMAÇÃO DE LAJE DE UMA ESTRUTURA CONVENCIONAL DE CONCRETO ARMADO EM UMA EDIFICAÇÃO TÉRREA OU SOBRADO UTILIZANDO AÇO CA-50 DE 8,0 MM - MONTAGEM. AF_12/2015","KG",14.64]
[92787,"ARMAÇÃO DE LAJE DE UMA ESTRUTURA CONVENCIONAL DE CONCRETO ARMADO EM UMA EDIFICAÇÃO TÉRREA OU SOBRADO UTILIZANDO AÇO CA-50 DE 10,0 MM - MONTAGEM. AF_12/2015","KG",13.17]
[92788,"ARMAÇÃO DE LAJE DE UMA ESTRUTURA CONVENCIONAL DE CONCRETO ARMADO EM UMA EDIFICAÇÃO TÉRREA OU SOBRADO UTILIZANDO AÇO CA-50 DE 12,5 MM - MONTAGEM. AF_12/2015","KG",11.13]
[92789,"ARMAÇÃO DE LAJE DE UMA ESTRUTURA CONVENCIONAL DE CONCRETO ARMADO EM UMA EDIFICAÇÃO TÉRREA OU SOBRADO UTILIZANDO AÇO CA-50 DE 16,0 MM - MONTAGEM. AF_12/2015","KG",10.65]
[92790,"ARMAÇÃO DE LAJE DE UMA ESTRUTURA CONVENCIONAL DE CONCRETO ARMADO EM UMA EDIFICAÇÃO TÉRREA OU SOBRADO UTILIZANDO AÇO CA-50 DE 20,0 MM - MONTAGEM. AF_12/2015","KG",12.07]
[92791,"CORTE E DOBRA DE AÇO CA-60, DIÂMETRO DE 5,0 MM, UTILIZADO EM ESTRUTURAS DIVERSAS, EXCETO LAJES. AF_12/2015","KG",11.71]
[92792,"CORTE E DOBRA DE AÇO CA-50, DIÂMETRO DE 6,3 MM, UTILIZADO EM ESTRUTURAS DIVERSAS, EXCETO LAJES. AF_12/2015","KG",12]
[92793,"CORTE E DOBRA DE AÇO CA-50, DIÂMETRO DE 8,0 MM, UTILIZADO EM ESTRUTURAS DIVERSAS, EXCETO LAJES. AF_12/2015","KG",12.01]
[92794,"CORTE E DOBRA DE AÇO CA-50, DIÂMETRO DE 10,0 MM, UTILIZADO EM ESTRUTURAS DIVERSAS, EXCETO LAJES. AF_12/2015","KG",11.1]
[92795,"CORTE E DOBRA DE AÇO CA-50, DIÂMETRO DE 12,5 MM, UTILIZADO EM ESTRUTURAS DIVERSAS, EXCETO LAJES. AF_12/2015","KG",9.52]
[92796,"CORTE E DOBRA DE AÇO CA-50, DIÂMETRO DE 16,0 MM, UTILIZADO EM ESTRUTURAS DIVERSAS, EXCETO LAJES. AF_12/2015","KG",9.44]
[92797,"CORTE E DOBRA DE AÇO CA-50, DIÂMETRO DE 20,0 MM, UTILIZADO EM ESTRUTURAS DIVERSAS, EXCETO LAJES. AF_12/2015","KG",11.13]
[92798,"CORTE E DOBRA DE AÇO CA-50, DIÂMETRO DE 25,0 MM, UTILIZADO EM ESTRUTURAS DIVERSAS, EXCETO LAJES. AF_12/2015","KG",11.11]
[92799,"CORTE E DOBRA DE AÇO CA-60, DIÂMETRO DE 4,2 MM, UTILIZADO EM LAJE. AF_12/2015","KG",12.11]
[92800,"CORTE E DOBRA DE AÇO CA-60, DIÂMETRO DE 5,0 MM, UTILIZADO EM LAJE. AF_12/2015","KG",11.26]
[92801,"CORTE E DOBRA DE AÇO CA-50, DIÂMETRO DE 6,3 MM, UTILIZADO EM LAJE. AF_12/2015","KG",11.74]
[92802,"CORTE E DOBRA DE AÇO CA-50, DIÂMETRO DE 8,0 MM, UTILIZADO EM LAJE. AF_12/2015","KG",11.85]
[92803,"CORTE E DOBRA DE AÇO CA-50, DIÂMETRO DE 10,0 MM, UTILIZADO EM LAJE. AF_12/2015","KG",11.01]
[92804,"CORTE E DOBRA DE AÇO CA-50, DIÂMETRO DE 12,5 MM, UTILIZADO EM LAJE. AF_12/2015","KG",9.4700000000000006]
[92805,"CORTE E DOBRA DE AÇO CA-50, DIÂMETRO DE 16,0 MM, UTILIZADO EM LAJE. AF_12/2015","KG",9.41]
[92806,"CORTE E DOBRA DE AÇO CA-50, DIÂMETRO DE 20,0 MM, UTILIZADO EM LAJE. AF_12/2015","KG",11.11]
[92875,"CORTE E DOBRA DE AÇO CA-25, DIÂMETRO DE 6,3 MM. AF_12/2015","KG",11.01]
[92876,"CORTE E DOBRA DE AÇO CA-25, DIÂMETRO DE 8,0 MM. AF_12/2015","KG",10.91]
[92877,"CORTE E DOBRA DE AÇO CA-25, DIÂMETRO DE 10,0 MM. AF_12/2015","KG",11.91]
[92878,"CORTE E DOBRA DE AÇO CA-25, DIÂMETRO DE 12,5 MM. AF_12/2015","KG",11.78]
[92879,"CORTE E DOBRA DE AÇO CA-25, DIÂMETRO DE 16,0 MM. AF_12/2015","KG",11.7]
[92880,"CORTE E DOBRA DE AÇO CA-25, DIÂMETRO DE 20,0 MM. AF_12/2015","KG",11.97]
[92881,"CORTE E DOBRA DE AÇO CA-25, DIÂMETRO DE 25,0 MM. AF_12/2015","KG",11.95]
[92882,"ARMAÇÃO UTILIZANDO AÇO CA-25 DE 6,3 MM - MONTAGEM. AF_12/2015","KG",14.05]
[92883,"ARMAÇÃO UTILIZANDO AÇO CA-25 DE 8,0 MM - MONTAGEM. AF_12/2015","KG",13.32]
[92884,"ARMAÇÃO UTILIZANDO AÇO CA-25 DE 10,0 MM - MONTAGEM. AF_12/2015","KG",13.85]
[92885,"ARMAÇÃO UTILIZANDO AÇO CA-25 DE 12,5 MM - MONTAGEM. AF_12/2015","KG",13.33]
[92886,"ARMAÇÃO UTILIZANDO AÇO CA-25 DE 16,0 MM - MONTAGEM. AF_12/2015","KG",12.92]
[92887,"ARMAÇÃO UTILIZANDO AÇO CA-25 DE 20,0 MM - MONTAGEM. AF_12/2015","KG",12.95]
[92888,"ARMAÇÃO UTILIZANDO AÇO CA-25 DE 25,0 MM - MONTAGEM. AF_12/2015","KG",12.74]
[92915,"ARMAÇÃO DE ESTRUTURAS DE CONCRETO ARMADO, EXCETO VIGAS, PILARES, LAJES E FUNDAÇÕES, UTILIZANDO AÇO CA-60 DE 5,0 MM - MONTAGEM. AF_12/2015","KG",16.760000000000002]
[92916,"ARMAÇÃO DE ESTRUTURAS DE CONCRETO ARMADO, EXCETO VIGAS, PILARES, LAJES E FUNDAÇÕES, UTILIZANDO AÇO CA-50 DE 6,3 MM - MONTAGEM. AF_12/2015","KG",15.99]
[92917,"ARMAÇÃO DE ESTRUTURAS DE CONCRETO ARMADO, EXCETO VIGAS, PILARES, LAJES E FUNDAÇÕES, UTILIZANDO AÇO CA-50 DE 8,0 MM - MONTAGEM. AF_12/2015","KG",15.12]
[92919,"ARMAÇÃO DE ESTRUTURAS DE CONCRETO ARMADO, EXCETO VIGAS, PILARES, LAJES E FUNDAÇÕES, UTILIZANDO AÇO CA-50 DE 10,0 MM - MONTAGEM. AF_12/2015","KG",13.56]
[92921,"ARMAÇÃO DE ESTRUTURAS DE CONCRETO ARMADO, EXCETO VIGAS, PILARES, LAJES E FUNDAÇÕES, UTILIZANDO AÇO CA-50 DE 12,5 MM - MONTAGEM. AF_12/2015","KG",11.45]
[92922,"ARMAÇÃO DE ESTRUTURAS DE CONCRETO ARMADO, EXCETO VIGAS, PILARES, LAJES E FUNDAÇÕES, UTILIZANDO AÇO CA-50 DE 16,0 MM - MONTAGEM. AF_12/2015","KG",10.91]
[92923,"ARMAÇÃO DE ESTRUTURAS DE CONCRETO ARMADO, EXCETO VIGAS, PILARES, LAJES E FUNDAÇÕES, UTILIZANDO AÇO CA-50 DE 20,0 MM - MONTAGEM. AF_12/2015","KG",12.29]
[92924,"ARMAÇÃO DE ESTRUTURAS DE CONCRETO ARMADO, EXCETO VIGAS, PILARES, LAJES E FUNDAÇÕES, UTILIZANDO AÇO CA-50 DE 25,0 MM - MONTAGEM. AF_12/2015","KG",12]
[95445,"CORTE E DOBRA DE AÇO CA-60, DIÂMETRO DE 5,0 MM, UTILIZADO EM ESTRIBO CONTÍNUO HELICOIDAL. AF_10/2016","KG",9.83]
[95446,"CORTE E DOBRA DE AÇO CA-50, DIÂMETRO DE 6,3 MM, UTILIZADO EM ESTRIBO CONTÍNUO HELICOIDAL. AF_10/2016","KG",10.74]
[95448,"CORTE E DOBRA DE AÇO CA-50, DIÂMERO DE 32 MM, UTILIZADO EM ESTRUTURAS DIVERSAS, EXCETO LAJE. AF_10/2016","KG",12.2]
[95576,"MONTAGEM DE ARMADURA LONGITUDINAL/TRANSVERSAL DE ESTACAS DE SEÇÃO CIRCULAR, DIÂMETRO = 8,0 MM. AF_11/2016","KG",14.51]
[95577,"MONTAGEM DE ARMADURA LONGITUDINAL DE ESTACAS DE SEÇÃO CIRCULAR, DIÂMETRO = 10,0 MM. AF_11/2016","KG",13.2]
[95578,"MONTAGEM DE ARMADURA LONGITUDINAL/TRANSVERSAL DE ESTACAS DE SEÇÃO CIRCULAR, DIÂMETRO = 12,5 MM. AF_11/2016","KG",11.3]
[95579,"MONTAGEM DE ARMADURA LONGITUDINAL DE ESTACAS DE SEÇÃO CIRCULAR, DIÂMETRO = 16,0 MM. AF_11/2016","KG",10.92]
[95580,"MONTAGEM DE ARMADURA LONGITUDINAL DE ESTACAS DE SEÇÃO CIRCULAR, DIÂMETRO = 20,0 MM. AF_11/2016","KG",12.41]
[95581,"MONTAGEM DE ARMADURA LONGITUDINAL DE ESTACAS DE SEÇÃO CIRCULAR, DIÂMETRO = 25,0 MM. AF_11/2016","KG",12.22]
[95582,"MONTAGEM DE ARMADURA LONGITUDINAL DE ESTACAS DE SEÇÃO CIRCULAR, DIÂMETRO = 32,0 MM. AF_11/2016","KG",13.18]
[95583,"MONTAGEM DE ARMADURA TRANSVERSAL DE ESTACAS DE SEÇÃO CIRCULAR, DIÂMETRO = 5,0 MM. AF_11/2016","KG",16.899999999999999]
[95584,"MONTAGEM DE ARMADURA TRANSVERSAL DE ESTACAS DE SEÇÃO CIRCULAR, DIÂMETRO = 6,3 MM. AF_11/2016","KG",15.3]
[95585,"MONTAGEM DE ARMADURA LONGITUDINAL/TRANSVERSAL DE ESTACAS DE SEÇÃO RETANGULAR (BARRETE), DIÂMETRO = 8,0 MM. AF_11/2016","KG",14.94]
[95586,"MONTAGEM DE ARMADURA LONGITUDINAL DE ESTACAS DE SEÇÃO RETANGULAR (BARRETE), DIÂMETRO = 10,0 MM. AF_11/2016","KG",13.52]
[95587,"MONTAGEM DE ARMADURA LONGITUDINAL/TRANSVERSAL DE ESTACAS DE SEÇÃO RETANGULAR (BARRETE), DIÂMETRO = 12,5 MM. AF_11/2016","KG",11.58]
[95588,"MONTAGEM DE ARMADURA LONGITUDINAL DE ESTACAS DE SEÇÃO RETANGULAR (BARRETE), DIÂMETRO = 16,0 MM. AF_11/2016","KG",11.13]
[95589,"MONTAGEM DE ARMADURA LONGITUDINAL DE ESTACAS DE SEÇÃO RETANGULAR (BARRETE), DIÂMETRO = 20,0 MM. AF_11/2016","KG",12.59]
[95590,"MONTAGEM DE ARMADURA LONGITUDINAL DE ESTACAS DE SEÇÃO RETANGULAR (BARRETE), DIÂMETRO = 25,0 MM. AF_11/2016","KG",12.37]
[95591,"MONTAGEM DE ARMADURA LONGITUDINAL DE ESTACAS DE SEÇÃO RETANGULAR (BARRETE), DIÂMETRO = 32,0 MM. AF_11/2016","KG",13.27]
[95592,"MONTAGEM DE ARMADURA TRANSVERSAL DE ESTACAS DE SEÇÃO RETANGULAR (BARRETE), DIÂMETRO = 5,0 MM. AF_11/2016","KG",20.100000000000001]
[95593,"MONTAGEM DE ARMADURA TRANSVERSAL DE ESTACAS DE SEÇÃO RETANGULAR (BARRETE), DIÂMETRO = 6,3 MM. AF_11/2016","KG",17.37]
[95943,"ARMAÇÃO DE ESCADA, DE UMA ESTRUTURA CONVENCIONAL DE CONCRETO ARMADO UTILIZANDO AÇO CA-60 DE 5,0 MM - MONTAGEM. AF_11/2020","KG",20.97]
[95944,"ARMAÇÃO DE ESCADA, DE UMA ESTRUTURA CONVENCIONAL DE CONCRETO ARMADO UTILIZANDO AÇO CA-50 DE 6,3 MM - MONTAGEM. AF_11/2020","KG",19.71]
[95945,"ARMAÇÃO DE ESCADA, DE UMA ESTRUTURA CONVENCIONAL DE CONCRETO ARMADO UTILIZANDO AÇO CA-50 DE 8,0 MM - MONTAGEM. AF_11/2020","KG",16.8]
[95946,"ARMAÇÃO DE ESCADA, DE UMA ESTRUTURA CONVENCIONAL DE CONCRETO ARMADO UTILIZANDO AÇO CA-50 DE 10,0 MM - MONTAGEM. AF_11/2020","KG",13.93]
[95947,"ARMAÇÃO DE ESCADA, DE UMA ESTRUTURA CONVENCIONAL DE CONCRETO ARMADO UTILIZANDO AÇO CA-50 DE 12,5 MM - MONTAGEM. AF_11/2020","KG",11.1]
[95948,"ARMAÇÃO DE ESCADA, DE UMA ESTRUTURA CONVENCIONAL DE CONCRETO ARMADO UTILIZANDO AÇO CA-50 DE 16,0 MM - MONTAGEM. AF_11/2020","KG",10.14]
[96544,"ARMAÇÃO DE BLOCO, VIGA BALDRAME OU SAPATA UTILIZANDO AÇO CA-50 DE 6,3 MM - MONTAGEM. AF_06/2017","KG",16.87]
[96545,"ARMAÇÃO DE BLOCO, VIGA BALDRAME OU SAPATA UTILIZANDO AÇO CA-50 DE 8 MM - MONTAGEM. AF_06/2017","KG",15.83]
[96546,"ARMAÇÃO DE BLOCO, VIGA BALDRAME OU SAPATA UTILIZANDO AÇO CA-50 DE 10 MM - MONTAGEM. AF_06/2017","KG",14.15]
[96547,"ARMAÇÃO DE BLOCO, VIGA BALDRAME OU SAPATA UTILIZANDO AÇO CA-50 DE 12,5 MM - MONTAGEM. AF_06/2017","KG",11.97]
[96548,"ARMAÇÃO DE BLOCO, VIGA BALDRAME OU SAPATA UTILIZANDO AÇO CA-50 DE 16 MM - MONTAGEM. AF_06/2017","KG",11.36]
[96549,"ARMAÇÃO DE BLOCO, VIGA BALDRAME OU SAPATA UTILIZANDO AÇO CA-50 DE 20 MM - MONTAGEM. AF_06/2017","KG",12.69]
[96550,"ARMAÇÃO DE BLOCO, VIGA BALDRAME OU SAPATA UTILIZANDO AÇO CA-50 DE 25 MM - MONTAGEM. AF_06/2017","KG",12.38]
[100066,"ARMAÇÃO DO SISTEMA DE PAREDES DE CONCRETO, EXECUTADA COMO ARMADURA POSITIVA DE LAJES, TELA Q-196. AF_06/2019","KG",15.43]
[100067,"ARMAÇÃO DO SISTEMA DE PAREDES DE CONCRETO, EXECUTADA COMO REFORÇO, VERGALHÃO DE 5,0 MM DE DIÂMETRO. AF_06/2019","KG",13.11]
[100068,"ARMAÇÃO DO SISTEMA DE PAREDES DE CONCRETO, EXECUTADA COMO REFORÇO, VERGALHÃO DE 12,5 MM DE DIÂMETRO. AF_06/2019","KG",10.52]
[89993,"GRAUTEAMENTO VERTICAL EM ALVENARIA ESTRUTURAL. AF_01/2015","M3",700.27]
[89994,"GRAUTEAMENTO DE CINTA INTERMEDIÁRIA OU DE CONTRAVERGA EM ALVENARIA ESTRUTURAL. AF_01/2015","M3",588.42999999999995]
[89995,"GRAUTEAMENTO DE CINTA SUPERIOR OU DE VERGA EM ALVENARIA ESTRUTURAL. AF_01/2015","M3",671.67]
[90278,"GRAUTE FGK=15 MPA; TRAÇO 1:0,04:2,0:2,4 (CIMENTO/ CAL/ AREIA GROSSA/ BRITA 0) - PREPARO MECÂNICO COM BETONEIRA 400 L. AF_02/2015","M3",338.37]
[90279,"GRAUTE FGK=20 MPA; TRAÇO 1:0,04:1,6:1,9 (CIMENTO/ CAL/ AREIA GROSSA/ BRITA 0) - PREPARO MECÂNICO COM BETONEIRA 400 L. AF_02/2015","M3",358.57]
[90280,"GRAUTE FGK=25 MPA; TRAÇO 1:0,02:1,2:1,5 (CIMENTO/ CAL/ AREIA GROSSA/ BRITA 0) - PREPARO MECÂNICO COM BETONEIRA 400 L. AF_02/2015","M3",400.53]
[90281,"GRAUTE FGK=30 MPA; TRAÇO 1:0,02:0,8:1,1 (CIMENTO/ CAL/ AREIA GROSSA/ BRITA 0) - PREPARO MECÂNICO COM BETONEIRA 400 L. AF_02/2015","M3",456.67]
[90282,"GRAUTE FGK=15 MPA; TRAÇO 1:2,0:2,4 (CIMENTO/ AREIA GROSSA/ BRITA 0/ ADITIVO) - PREPARO MECÂNICO COM BETONEIRA 400 L. AF_02/2015","M3",341.43]
[90283,"GRAUTE FGK=20 MPA; TRAÇO 1:1,6:1,9 (CIMENTO/ AREIA GROSSA/ BRITA 0/ ADITIVO) - PREPARO MECÂNICO COM BETONEIRA 400 L. AF_02/2015","M3",362.48]
[90284,"GRAUTE FGK=25 MPA; TRAÇO 1:1,2:1,5 (CIMENTO/ AREIA GROSSA/ BRITA 0/ ADITIVO) - PREPARO MECÂNICO COM BETONEIRA 400 L. AF_02/2015","M3",404.83]
[90285,"GRAUTE FGK=30 MPA; TRAÇO 1:0,8:1,1 (CIMENTO/ AREIA GROSSA/ BRITA 0/ ADITIVO) - PREPARO MECÂNICO COM BETONEIRA 400 L. AF_02/2015","M3",463.01]
[90853,"CONCRETAGEM DE LAJES EM EDIFICAÇÕES UNIFAMILIARES FEITAS COM SISTEMA DE FÔRMAS MANUSEÁVEIS, COM CONCRETO USINADO BOMBEÁVEL FCK 20 MPA - LANÇAMENTO, ADENSAMENTO E ACABAMENTO. AF_06/2015","M3",423.15]
[90854,"CONCRETAGEM DE PAREDES EM EDIFICAÇÕES UNIFAMILIARES FEITAS COM SISTEMA DE FÔRMAS MANUSEÁVEIS, COM CONCRETO USINADO BOMBEÁVEL FCK 20 MPA - LANÇAMENTO, ADENSAMENTO E ACABAMENTO. AF_06/2015","M3",410.09]
[90855,"CONCRETAGEM DE PLATIBANDA EM EDIFICAÇÕES UNIFAMILIARES FEITAS COM SISTEMA DE FÔRMAS MANUSEÁVEIS, COM CONCRETO USINADO BOMBEÁVEL FCK 20 MPA - LANÇAMENTO, ADENSAMENTO E ACABAMENTO. AF_06/2015","M3",449.84]
[90856,"CONCRETAGEM DE LAJES EM EDIFICAÇÕES MULTIFAMILIARES FEITAS COM SISTEMA DE FÔRMAS MANUSEÁVEIS, COM CONCRETO USINADO BOMBEÁVEL FCK 20 MPA - LANÇAMENTO, ADENSAMENTO E ACABAMENTO. AF_06/2015","M3",426.95]
[90857,"CONCRETAGEM DE PAREDES EM EDIFICAÇÕES MULTIFAMILIARES FEITAS COM SISTEMA DE FÔRMAS MANUSEÁVEIS, COM CONCRETO USINADO BOMBEÁVEL FCK 20 MPA - LANÇAMENTO, ADENSAMENTO E ACABAMENTO. AF_06/2015","M3",412.63]
[90858,"CONCRETAGEM DE PLATIBANDA EM EDIFICAÇÕES MULTIFAMILIARES FEITAS COM SISTEMA DE FÔRMAS MANUSEÁVEIS, COM CONCRETO USINADO BOMBEÁVEL FCK 20 MPA - LANÇAMENTO, ADENSAMENTO E ACABAMENTO. AF_06/2015","M3",467.32]
[90859,"CONCRETAGEM DE PLATIBANDA EM EDIFICAÇÕES UNIFAMILIARES FEITAS COM SISTEMA DE FÔRMAS MANUSEÁVEIS, COM CONCRETO USINADO AUTOADENSÁVEL FCK 20 MPA - LANÇAMENTO E ACABAMENTO. AF_06/2015","M3",423.85]
[90860,"CONCRETAGEM DE PLATIBANDA EM EDIFICAÇÕES MULTIFAMILIARES FEITAS COM SISTEMA DE FÔRMAS MANUSEÁVEIS, COM CONCRETO USINADO AUTOADENSÁVEL FCK 20 MPA - LANÇAMENTO E ACABAMENTO. AF_06/2015","M3",429.11]
[90861,"CONCRETAGEM DE EDIFICAÇÕES (PAREDES E LAJES) FEITAS COM SISTEMA DE FÔRMAS MANUSEÁVEIS, COM CONCRETO USINADO BOMBEÁVEL FCK 20 MPA - LANÇAMENTO, ADENSAMENTO E ACABAMENTO. AF_06/2015","M3",416.58]
[90862,"CONCRETAGEM DE EDIFICAÇÕES (PAREDES E LAJES) FEITAS COM SISTEMA DE FÔRMAS MANUSEÁVEIS, COM CONCRETO USINADO AUTOADENSÁVEL FCK 20 MPA - LANÇAMENTO E ACABAMENTO. AF_06/2015","M3",398.18]
[92718,"CONCRETAGEM DE PILARES, FCK = 25 MPA,  COM USO DE BALDES EM EDIFICAÇÃO COM SEÇÃO MÉDIA DE PILARES MENOR OU IGUAL A 0,25 M² - LANÇAMENTO, ADENSAMENTO E ACABAMENTO. AF_12/2015","M3",509.04]
[92719,"CONCRETAGEM DE PILARES, FCK = 25 MPA, COM USO DE GRUA EM EDIFICAÇÃO COM SEÇÃO MÉDIA DE PILARES MENOR OU IGUAL A 0,25 M² - LANÇAMENTO, ADENSAMENTO E ACABAMENTO. AF_12/2015","M3",371.62]
[92720,"CONCRETAGEM DE PILARES, FCK = 25 MPA, COM USO DE BOMBA EM EDIFICAÇÃO COM SEÇÃO MÉDIA DE PILARES MENOR OU IGUAL A 0,25 M² - LANÇAMENTO, ADENSAMENTO E ACABAMENTO. AF_12/2015","M3",395.03]
[92721,"CONCRETAGEM DE PILARES, FCK = 25 MPA, COM USO DE GRUA EM EDIFICAÇÃO COM SEÇÃO MÉDIA DE PILARES MAIOR QUE 0,25 M² - LANÇAMENTO, ADENSAMENTO E ACABAMENTO. AF_12/2015","M3",363.21]
[92722,"CONCRETAGEM DE PILARES, FCK = 25 MPA, COM USO DE BOMBA EM EDIFICAÇÃO COM SEÇÃO MÉDIA DE PILARES MAIOR QUE 0,25 M² - LANÇAMENTO, ADENSAMENTO E ACABAMENTO. AF_12/2015","M3",391.58]
[92723,"CONCRETAGEM DE VIGAS E LAJES, FCK=20 MPA, PARA LAJES PREMOLDADAS COM USO DE BOMBA EM EDIFICAÇÃO COM ÁREA MÉDIA DE LAJES MENOR OU IGUAL A 20 M² - LANÇAMENTO, ADENSAMENTO E ACABAMENTO. AF_12/2015","M3",385.22]
[92724,"CONCRETAGEM DE VIGAS E LAJES, FCK=20 MPA, PARA LAJES PREMOLDADAS COM USO DE BOMBA EM EDIFICAÇÃO COM ÁREA MÉDIA DE LAJES MAIOR QUE 20 M² - LANÇAMENTO, ADENSAMENTO E ACABAMENTO. AF_12/2015","M3",382.11]
[92725,"CONCRETAGEM DE VIGAS E LAJES, FCK=20 MPA, PARA LAJES MACIÇAS OU NERVURADAS COM USO DE BOMBA EM EDIFICAÇÃO COM ÁREA MÉDIA DE LAJES MENOR OU IGUAL A 20 M² - LANÇAMENTO, ADENSAMENTO E ACABAMENTO. AF_12/2015","M3",380.8]
[92726,"CONCRETAGEM DE VIGAS E LAJES, FCK=20 MPA, PARA LAJES MACIÇAS OU NERVURADAS COM USO DE BOMBA EM EDIFICAÇÃO COM ÁREA MÉDIA DE LAJES MAIOR QUE 20 M² - LANÇAMENTO, ADENSAMENTO E ACABAMENTO. AF_12/2015","M3",378.59]
[92727,"CONCRETAGEM DE VIGAS E LAJES, FCK=20 MPA, PARA LAJES PREMOLDADAS COM JERICAS EM ELEVADOR DE CABO EM EDIFICAÇÃO DE MULTIPAVIMENTOS ATÉ 16 ANDARES, COM ÁREA MÉDIA DE LAJES MENOR OU IGUAL A 20 M² - LANÇAMENTO, ADENSAMENTO E ACABAMENTO. AF_12/2015","M3",447.82]
[92728,"CONCRETAGEM DE VIGAS E LAJES, FCK=20 MPA, PARA LAJES PREMOLDADAS COM JERICAS EM ELEVADOR DE CABO EM EDIFICAÇÃO DE MULTIPAVIMENTOS ATÉ 16 ANDARES, COM ÁREA MÉDIA DE LAJES MAIOR QUE 20 M² - LANÇAMENTO, ADENSAMENTO E ACABAMENTO. AF_12/2015","M3",426.15]
[92729,"CONCRETAGEM DE VIGAS E LAJES, FCK=20 MPA, PARA LAJES MACIÇAS OU NERVURADAS COM JERICAS EM ELEVADOR DE CABO EM EDIFICAÇÃO DE ATÉ 16 ANDARES, COM ÁREA MÉDIA DE LAJES MENOR OU IGUAL A 20 M² - LANÇAMENTO, ADENSAMENTO E ACABAMENTO. AF_12/2015","M3",416.96]
[92730,"CONCRETAGEM DE VIGAS E LAJES, FCK=20 MPA, PARA LAJES MACIÇAS OU NERVURADAS COM JERICAS EM ELEVADOR DE CABO EM EDIFICAÇÃO DE MULTIPAVIMENTOS ATÉ 16 ANDARES, COM ÁREA MÉDIA DE LAJES MAIOR QUE 20 M² - LANÇAMENTO, ADENSAMENTO E ACABAMENTO. AF_12/2015","M3",401.67]
[92731,"CONCRETAGEM DE VIGAS E LAJES, FCK=20 MPA, PARA LAJES PREMOLDADAS COM JERICAS EM CREMALHEIRA EM EDIFICAÇÃO DE MULTIPAVIMENTOS ATÉ 16 ANDARES, COM ÁREA MÉDIA DE LAJES MENOR OU IGUAL A 20 M² - LANÇAMENTO, ADENSAMENTO E ACABAMENTO. AF_12/2015","M3",419.07]
[92732,"CONCRETAGEM DE VIGAS E LAJES, FCK=20 MPA, PARA LAJES PREMOLDADAS COM JERICAS EM CREMALHEIRA EM EDIFICAÇÃO DE MULTIPAVIMENTOS ATÉ 16 ANDARES, COM ÁREA MÉDIA DE LAJES MAIOR QUE 20 M² - LANÇAMENTO, ADENSAMENTO E ACABAMENTO. AF_12/2015","M3",404.26]
[92733,"CONCRETAGEM DE VIGAS E LAJES, FCK=20 MPA, PARA LAJES MACIÇAS OU NERVURADAS COM JERICAS EM CREMALHEIRA EM EDIFICAÇÃO DE MULTIPAVIMENTOS ATÉ 16 ANDARES, COM ÁREA MÉDIA DE LAJES MENOR OU IGUAL A 20 M² - LANÇAMENTO, ADENSAMENTO E ACABAMENTO. AF_12/2015","M3",397.96]
[92734,"CONCRETAGEM DE VIGAS E LAJES, FCK=20 MPA, PARA LAJES MACIÇAS OU NERVURADAS COM JERICAS EM CREMALHEIRA EM EDIFICAÇÃO DE MULTIPAVIMENTOS ATÉ 16 ANDARES, COM ÁREA MÉDIA DE LAJES MAIOR QUE 20 M² - LANÇAMENTO, ADENSAMENTO E ACABAMENTO. AF_12/2015","M3",387.52]
[92735,"CONCRETAGEM DE VIGAS E LAJES, FCK=20 MPA, PARA LAJES PREMOLDADAS COM GRUA DE CAÇAMBA DE 350 L EM EDIFICAÇÃO DE MULTIPAVIMENTOS ATÉ 16 ANDARES, COM ÁREA MÉDIA DE LAJES MENOR OU IGUAL A 20 M² - LANÇAMENTO, ADENSAMENTO E ACABAMENTO. AF_12/2015","M3",396.01]
[92736,"CONCRETAGEM DE VIGAS E LAJES, FCK=20 MPA, PARA LAJES PREMOLDADAS COM GRUA DE CAÇAMBA DE 350 L EM EDIFICAÇÃO DE MULTIPAVIMENTOS ATÉ 16 ANDARES, COM ÁREA MÉDIA DE LAJES MAIOR QUE 20 M² - LANÇAMENTO, ADENSAMENTO E ACABAMENTO. AF_12/2015","M3",384.27]
[92739,"CONCRETAGEM DE VIGAS E LAJES, FCK=20 MPA, PARA LAJES MACIÇAS OU NERVURADAS COM GRUA DE CAÇAMBA DE 500 L EM EDIFICAÇÃO DE MULTIPAVIMENTOS ATÉ 16 ANDARES, COM ÁREA MÉDIA DE LAJES MENOR OU IGUAL A 20 M² - LANÇAMENTO, ADENSAMENTO E ACABAMENTO. AF_12/2015","M3",367.24]
[92740,"CONCRETAGEM DE VIGAS E LAJES, FCK=20 MPA, PARA LAJES MACIÇAS OU NERVURADAS COM GRUA DE CAÇAMBA DE 500 L EM EDIFICAÇÃO DE MULTIPAVIMENTOS ATÉ 16 ANDARES, COM ÁREA MÉDIA DE LAJES MAIOR QUE 20 M² - LANÇAMENTO, ADENSAMENTO E ACABAMENTO. AF_12/2015","M3",361.43]
[92741,"CONCRETAGEM DE VIGAS E LAJES, FCK=20 MPA, PARA QUALQUER TIPO DE LAJE COM BALDES EM EDIFICAÇÃO TÉRREA, COM ÁREA MÉDIA DE LAJES MENOR OU IGUAL A 20 M² - LANÇAMENTO, ADENSAMENTO E ACABAMENTO. AF_12/2015","M3",568.22]
[92742,"CONCRETAGEM DE VIGAS E LAJES, FCK=20 MPA, PARA QUALQUER TIPO DE LAJE COM BALDES EM EDIFICAÇÃO DE MULTIPAVIMENTOS ATÉ 04 ANDARES, COM ÁREA MÉDIA DE LAJES MENOR OU IGUAL A 20 M² - LANÇAMENTO, ADENSAMENTO E ACABAMENTO. AF_12/2015","M3",786.54]
[92873,"LANÇAMENTO COM USO DE BALDES, ADENSAMENTO E ACABAMENTO DE CONCRETO EM ESTRUTURAS. AF_12/2015","M3",169.91]
[92874,"LANÇAMENTO COM USO DE BOMBA, ADENSAMENTO E ACABAMENTO DE CONCRETO EM ESTRUTURAS. AF_12/2015","M3",27.64]
[94962,"CONCRETO MAGRO PARA LASTRO, TRAÇO 1:4,5:4,5 (CIMENTO/ AREIA MÉDIA/ BRITA 1)  - PREPARO MECÂNICO COM BETONEIRA 400 L. AF_07/2016","M3",293.32]
[94963,"CONCRETO FCK = 15MPA, TRAÇO 1:3,4:3,5 (CIMENTO/ AREIA MÉDIA/ BRITA 1)  - PREPARO MECÂNICO COM BETONEIRA 400 L. AF_07/2016","M3",326.29000000000002]
[94964,"CONCRETO FCK = 20MPA, TRAÇO 1:2,7:3 (CIMENTO/ AREIA MÉDIA/ BRITA 1)  - PREPARO MECÂNICO COM BETONEIRA 400 L. AF_07/2016","M3",357.93]
[94965,"CONCRETO FCK = 25MPA, TRAÇO 1:2,3:2,7 (CIMENTO/ AREIA MÉDIA/ BRITA 1)  - PREPARO MECÂNICO COM BETONEIRA 400 L. AF_07/2016","M3",372.28]
[94966,"CONCRETO FCK = 30MPA, TRAÇO 1:2,1:2,5 (CIMENTO/ AREIA MÉDIA/ BRITA 1)  - PREPARO MECÂNICO COM BETONEIRA 400 L. AF_07/2016","M3",385.51]
[94967,"CONCRETO FCK = 40MPA, TRAÇO 1:1,6:1,9 (CIMENTO/ AREIA MÉDIA/ BRITA 1)  - PREPARO MECÂNICO COM BETONEIRA 400 L. AF_07/2016","M3",440.93]
[94968,"CONCRETO MAGRO PARA LASTRO, TRAÇO 1:4,5:4,5 (CIMENTO/ AREIA MÉDIA/ BRITA 1)  - PREPARO MECÂNICO COM BETONEIRA 600 L. AF_07/2016","M3",290.74]
[94969,"CONCRETO FCK = 15MPA, TRAÇO 1:3,4:3,5 (CIMENTO/ AREIA MÉDIA/ BRITA 1)  - PREPARO MECÂNICO COM BETONEIRA 600 L. AF_07/2016","M3",321.08999999999997]
[94970,"CONCRETO FCK = 20MPA, TRAÇO 1:2,7:3 (CIMENTO/ AREIA MÉDIA/ BRITA 1)  - PREPARO MECÂNICO COM BETONEIRA 600 L. AF_07/2016","M3",347.78]
[94971,"CONCRETO FCK = 25MPA, TRAÇO 1:2,3:2,7 (CIMENTO/ AREIA MÉDIA/ BRITA 1)  - PREPARO MECÂNICO COM BETONEIRA 600 L. AF_07/2016","M3",367.07]
[94972,"CONCRETO FCK = 30MPA, TRAÇO 1:2,1:2,5 (CIMENTO/ AREIA MÉDIA/ BRITA 1)  - PREPARO MECÂNICO COM BETONEIRA 600 L. AF_07/2016","M3",380.12]
[94973,"CONCRETO FCK = 40MPA, TRAÇO 1:1,6:1,9 (CIMENTO/ AREIA MÉDIA/ BRITA 1)  - PREPARO MECÂNICO COM BETONEIRA 600 L. AF_07/2016","M3",434.23]
[94974,"CONCRETO MAGRO PARA LASTRO, TRAÇO 1:4,5:4,5 (CIMENTO/ AREIA MÉDIA/ BRITA 1)  - PREPARO MANUAL. AF_07/2016","M3",388.83]
[94975,"CONCRETO FCK = 15MPA, TRAÇO 1:3,4:3,5 (CIMENTO/ AREIA MÉDIA/ BRITA 1)  - PREPARO MANUAL. AF_07/2016","M3",419.83]
[96555,"CONCRETAGEM DE BLOCOS DE COROAMENTO E VIGAS BALDRAME, FCK 30 MPA, COM USO DE JERICA \u0096 LANÇAMENTO, ADENSAMENTO E ACABAMENTO. AF_06/2017","M3",529.28]
[96556,"CONCRETAGEM DE SAPATAS, FCK 30 MPA, COM USO DE JERICA \u0096 LANÇAMENTO, ADENSAMENTO E ACABAMENTO. AF_06/2017","M3",598.59]
[96557,"CONCRETAGEM DE BLOCOS DE COROAMENTO E VIGAS BALDRAMES, FCK 30 MPA, COM USO DE BOMBA \u0096 LANÇAMENTO, ADENSAMENTO E ACABAMENTO. AF_06/2017","M3",411.58]
[96558,"CONCRETAGEM DE SAPATAS, FCK 30 MPA, COM USO DE BOMBA \u0096 LANÇAMENTO, ADENSAMENTO E ACABAMENTO. AF_11/2016","M3",417.63]
[99235,"CONCRETAGEM DE EDIFICAÇÕES (PAREDES E LAJES) FEITAS COM SISTEMA DE FÔRMAS MANUSEÁVEIS, COM CONCRETO USINADO AUTOADENSÁVEL FCK 25 MPA - LANÇAMENTO E ACABAMENTO. AF_06/2015","M3",402.45]
[99431,"CONCRETAGEM DE LAJES EM EDIFICAÇÕES UNIFAMILIARES FEITAS COM SISTEMA DE FÔRMAS MANUSEÁVEIS, COM CONCRETO USINADO BOMBEÁVEL FCK 25 MPA - LANÇAMENTO, ADENSAMENTO E ACABAMENTO (EXCLUSIVE BOMBA LANÇA). AF_06/2015","M3",421.44]
[99432,"CONCRETAGEM DE PAREDES EM EDIFICAÇÕES UNIFAMILIARES FEITAS COM SISTEMA DE FÔRMAS MANUSEÁVEIS, COM CONCRETO USINADO BOMBEÁVEL FCK 25 MPA - LANÇAMENTO, ADENSAMENTO E ACABAMENTO (EXCLUSIVE BOMBA LANÇA). AF_06/2015","M3",408.43]
[99433,"CONCRETAGEM DE PLATIBANDA EM EDIFICAÇÕES UNIFAMILIARES FEITAS COM SISTEMA DE FÔRMAS MANUSEÁVEIS, COM CONCRETO USINADO BOMBEÁVEL FCK 25 MPA, - LANÇAMENTO, ADENSAMENTO E ACABAMENTO (EXCLUSIVE BOMBA LANÇA). AF_06/2015","M3",448.07]
[99434,"CONCRETAGEM DE LAJES EM EDIFICAÇÕES MULTIFAMILIARES FEITAS COM SISTEMA DE FÔRMAS MANUSEÁVEIS, COM CONCRETO USINADO BOMBEÁVEL FCK 25 MPA - LANÇAMENTO, ADENSAMENTO E ACABAMENTO (EXCLUSIVE BOMBA LANÇA). AF_06/2015","M3",425.24]
[99435,"CONCRETAGEM DE PAREDES EM EDIFICAÇÕES MULTIFAMILIARES FEITAS COM SISTEMA DE FÔRMAS MANUSEÁVEIS, COM CONCRETO USINADO BOMBEÁVEL FCK 25 MPA - LANÇAMENTO, ADENSAMENTO E ACABAMENTO (EXCLUSIVE BOMBA LANÇA). AF_06/2015","M3",410.97]
[99436,"CONCRETAGEM DE PLATIBANDA EM EDIFICAÇÕES MULTIFAMILIARES FEITAS COM SISTEMA DE FÔRMAS MANUSEÁVEIS, COM CONCRETO USINADO BOMBEÁVEL FCK 25 MPA - LANÇAMENTO, ADENSAMENTO E ACABAMENTO (EXCLUSIVE BOMBA LANÇA). AF_06/2015","M3",465.55]
[99437,"CONCRETAGEM DE PLATIBANDA EM EDIFICAÇÕES UNIFAMILIARES FEITAS COM SISTEMA DE FÔRMAS MANUSEÁVEIS, COM CONCRETO USINADO AUTOADENSÁVEL FCK 25 MPA - LANÇAMENTO E ACABAMENTO. AF_06/2015","M3",428.35]
[99438,"CONCRETAGEM DE PLATIBANDA EM EDIFICAÇÕES MULTIFAMILIARES FEITAS COM SISTEMA DE FÔRMAS MANUSEÁVEIS, COM CONCRETO USINADO AUTOADENSÁVEL FCK 25 MPA - LANÇAMENTO E ACABAMENTO. AF_06/2015","M3",433.61]
[99439,"CONCRETAGEM DE EDIFICAÇÕES (PAREDES E LAJES) FEITAS COM SISTEMA DE FÔRMAS MANUSEÁVEIS, COM CONCRETO USINADO BOMBEÁVEL FCK 25 MPA - LANÇAMENTO, ADENSAMENTO E ACABAMENTO (EXCLUSIVE BOMBA LANÇA). AF_06/2015","M3",414.9]
[101963,"LAJE PRÉ-MOLDADA UNIDIRECIONAL, BIAPOIADA, PARA PISO, ENCHIMENTO EM CERÂMICA, VIGOTA CONVENCIONAL, ALTURA TOTAL DA LAJE (ENCHIMENTO+CAPA) = (8+4). AF_11/2020","M2",168.5]
[101964,"LAJE PRÉ-MOLDADA UNIDIRECIONAL, BIAPOIADA, PARA FORRO, ENCHIMENTO EM CERÂMICA, VIGOTA CONVENCIONAL, ALTURA TOTAL DA LAJE (ENCHIMENTO+CAPA) = (8+3). AF_11/2020","M2",158.69999999999999]
[101165,"ALVENARIA DE EMBASAMENTO COM BLOCO ESTRUTURAL DE CONCRETO, DE 14X19X29CM E ARGAMASSA DE ASSENTAMENTO COM PREPARO EM BETONEIRA. AF_05/2020","M3",666.21]
[101166,"ALVENARIA DE EMBASAMENTO COM BLOCO ESTRUTURAL DE CERÂMICA, DE 14X19X29CM E ARGAMASSA DE ASSENTAMENTO COM PREPARO EM BETONEIRA. AF_05/2020","M3",526.82000000000005]
[98576,"TRATAMENTO DE JUNTA DE DILATAÇÃO COM MANTA ASFÁLTICA ADERIDA COM MAÇARICO. AF_06/2018","M",14.49]
[93182,"VERGA PRÉ-MOLDADA PARA JANELAS COM ATÉ 1,5 M DE VÃO. AF_03/2016","M",49.95]
[93183,"VERGA PRÉ-MOLDADA PARA JANELAS COM MAIS DE 1,5 M DE VÃO. AF_03/2016","M",64.150000000000006]
[93184,"VERGA PRÉ-MOLDADA PARA PORTAS COM ATÉ 1,5 M DE VÃO. AF_03/2016","M",36.68]
[93185,"VERGA PRÉ-MOLDADA PARA PORTAS COM MAIS DE 1,5 M DE VÃO. AF_03/2016","M",63.24]
[93186,"VERGA MOLDADA IN LOCO EM CONCRETO PARA JANELAS COM ATÉ 1,5 M DE VÃO. AF_03/2016","M",93.45]
[93187,"VERGA MOLDADA IN LOCO EM CONCRETO PARA JANELAS COM MAIS DE 1,5 M DE VÃO. AF_03/2016","M",107.48]
[93188,"VERGA MOLDADA IN LOCO EM CONCRETO PARA PORTAS COM ATÉ 1,5 M DE VÃO. AF_03/2016","M",84.6]
[93189,"VERGA MOLDADA IN LOCO EM CONCRETO PARA PORTAS COM MAIS DE 1,5 M DE VÃO. AF_03/2016","M",108.06]
[93190,"VERGA MOLDADA IN LOCO COM UTILIZAÇÃO DE BLOCOS CANALETA PARA JANELAS COM ATÉ 1,5 M DE VÃO. AF_03/2016","M",36.71]
[93191,"VERGA MOLDADA IN LOCO COM UTILIZAÇÃO DE BLOCOS CANALETA PARA JANELAS COM MAIS DE 1,5 M DE VÃO. AF_03/2016","M",39.25]
[93192,"VERGA MOLDADA IN LOCO COM UTILIZAÇÃO DE BLOCOS CANALETA PARA PORTAS COM ATÉ 1,5 M DE VÃO. AF_03/2016","M",39.42]
[93193,"VERGA MOLDADA IN LOCO COM UTILIZAÇÃO DE BLOCOS CANALETA PARA PORTAS COM MAIS DE 1,5 M DE VÃO. AF_03/2016","M",40.01]
[93194,"CONTRAVERGA PRÉ-MOLDADA PARA VÃOS DE ATÉ 1,5 M DE COMPRIMENTO. AF_03/2016","M",48.8]
[93195,"CONTRAVERGA PRÉ-MOLDADA PARA VÃOS DE MAIS DE 1,5 M DE COMPRIMENTO. AF_03/2016","M",59.79]
[93196,"CONTRAVERGA MOLDADA IN LOCO EM CONCRETO PARA VÃOS DE ATÉ 1,5 M DE COMPRIMENTO. AF_03/2016","M",91.5]
[93197,"CONTRAVERGA MOLDADA IN LOCO EM CONCRETO PARA VÃOS DE MAIS DE 1,5 M DE COMPRIMENTO. AF_03/2016","M",102.67]
[93198,"CONTRAVERGA MOLDADA IN LOCO COM UTILIZAÇÃO DE BLOCOS CANALETA PARA VÃOS DE ATÉ 1,5 M DE COMPRIMENTO. AF_03/2016","M",30.59]
[93199,"CONTRAVERGA MOLDADA IN LOCO COM UTILIZAÇÃO DE BLOCOS CANALETA PARA VÃOS DE MAIS DE 1,5 M DE COMPRIMENTO. AF_03/2016","M",30.1]
[93200,"FIXAÇÃO (ENCUNHAMENTO) DE ALVENARIA DE VEDAÇÃO COM ARGAMASSA APLICADA COM BISNAGA. AF_03/2016","M",2.4]
[93201,"FIXAÇÃO (ENCUNHAMENTO) DE ALVENARIA DE VEDAÇÃO COM ARGAMASSA APLICADA COM COLHER. AF_03/2016","M",5.0999999999999996]
[93202,"FIXAÇÃO (ENCUNHAMENTO) DE ALVENARIA DE VEDAÇÃO COM TIJOLO MACIÇO. AF_03/2016","M",21.58]
[93203,"FIXAÇÃO (ENCUNHAMENTO) DE ALVENARIA DE VEDAÇÃO COM ESPUMA DE POLIURETANO EXPANSIVA. AF_03/2016","M",11.99]
[93204,"CINTA DE AMARRAÇÃO DE ALVENARIA MOLDADA IN LOCO EM CONCRETO. AF_03/2016","M",64.98]
[93205,"CINTA DE AMARRAÇÃO DE ALVENARIA MOLDADA IN LOCO COM UTILIZAÇÃO DE BLOCOS CANALETA. AF_03/2016","M",30.77]
[95952,"(COMPOSIÇÃO REPRESENTATIVA) EXECUÇÃO DE ESTRUTURAS DE CONCRETO ARMADO CONVENCIONAL, PARA EDIFICAÇÃO HABITACIONAL MULTIFAMILIAR (PRÉDIO), FCK = 25 MPA. AF_01/2017","M3",1873.72]
[95953,"(COMPOSIÇÃO REPRESENTATIVA) EXECUÇÃO DE ESTRUTURAS DE CONCRETO ARMADO, PARA EDIFICAÇÃO HABITACIONAL UNIFAMILIAR COM DOIS PAVIMENTOS (CASA ISOLADA), FCK = 25 MPA. AF_01/2017","M3",3042.11]
[95954,"(COMPOSIÇÃO REPRESENTATIVA) EXECUÇÃO DE ESTRUTURAS DE CONCRETO ARMADO, PARA EDIFICAÇÃO HABITACIONAL UNIFAMILIAR COM DOIS PAVIMENTOS (CASA EM EMPREENDIMENTOS), FCK = 25 MPA. AF_01/2017","M3",2219.91]
[95955,"(COMPOSIÇÃO REPRESENTATIVA) EXECUÇÃO DE ESTRUTURAS DE CONCRETO ARMADO, PARA EDIFICAÇÃO HABITACIONAL UNIFAMILIAR TÉRREA (CASA ISOLADA), FCK = 25 MPA. AF_01/2017","M3",2780.6]
[95956,"(COMPOSIÇÃO REPRESENTATIVA) EXECUÇÃO DE ESTRUTURAS DE CONCRETO ARMADO, PARA EDIFICAÇÃO HABITACIONAL UNIFAMILIAR TÉRREA (CASA EM EMPREENDIMENTOS), FCK = 25 MPA. AF_01/2017","M3",2236.62]
[95957,"(COMPOSIÇÃO REPRESENTATIVA) EXECUÇÃO DE ESTRUTURAS DE CONCRETO ARMADO, PARA EDIFICAÇÃO INSTITUCIONAL TÉRREA, FCK = 25 MPA. AF_01/2017","M3",2851.8]
[95969,"(COMPOSIÇÃO REPRESENTATIVA) EXECUÇÃO DE ESCADA EM CONCRETO ARMADO, MOLDADA IN LOCO, FCK = 25 MPA. AF_02/2017","M3",2566.34]
[97733,"PEÇA RETANGULAR PRÉ-MOLDADA, VOLUME DE CONCRETO DE ATÉ 10 LITROS, TAXA DE AÇO APROXIMADA DE 30KG/M³. AF_01/2018","M3",2807.15]
[97734,"PEÇA RETANGULAR PRÉ-MOLDADA, VOLUME DE CONCRETO DE 10 A 30 LITROS, TAXA DE AÇO APROXIMADA DE 30KG/M³. AF_01/2018","M3",2403.6999999999998]
[97735,"PEÇA RETANGULAR PRÉ-MOLDADA, VOLUME DE CONCRETO DE 30 A 100 LITROS, TAXA DE AÇO APROXIMADA DE 30KG/M³. AF_01/2018","M3",2013.56]
[97736,"PEÇA RETANGULAR PRÉ-MOLDADA, VOLUME DE CONCRETO ACIMA DE 100 LITROS, TAXA DE AÇO APROXIMADA DE 30KG/M³. AF_01/2018","M3",1284.3]
[97737,"PEÇA RETANGULAR PRÉ-MOLDADA, VOLUME DE CONCRETO DE 30 A 70 LITROS , TAXA DE AÇO APROXIMADA DE 70KG/M³. AF_01/2018","M3",2901.68]
[97738,"PEÇA CIRCULAR PRÉ-MOLDADA, VOLUME DE CONCRETO DE 10 A 30 LITROS, TAXA DE FIBRA DE POLIPROPILENO APROXIMADA DE 6 KG/M³. AF_01/2018_P","M3",3679.36]
[97739,"PEÇA CIRCULAR PRÉ-MOLDADA, VOLUME DE CONCRETO DE 30 A 100 LITROS, TAXA DE AÇO APROXIMADA DE 30KG/M³. AF_01/2018","M3",2280.91]
[97740,"PEÇA CIRCULAR PRÉ-MOLDADA, VOLUME DE CONCRETO ACIMA DE 100 LITROS, TAXA DE AÇO APROXIMADA DE 30KG/M³. AF_01/2018","M3",1684.25]
[98615,"CONTENÇÃO EM CORTINA COM ESTACAS ESPAÇADAS COM 30 CM DE DIÂMETRO E PROFUNDIDADE MENOR OU IGUAL A 10 M. AF_06/2018","M2",95.54]
[98616,"CONTENÇÃO EM CORTINA COM ESTACAS ESPAÇADAS COM 30 CM DE DIÂMETRO E PROFUNDIDADE MAIOR QUE 10 M E MENOR OU IGUAL A 15 M. AF_06/2018","M2",73.75]
[98617,"CONTENÇÃO EM CORTINA COM ESTACAS ESPAÇADAS COM 30 CM DE DIÂMETRO E PROFUNDIDADE MAIOR QUE 15 M. AF_06/2018","M2",67.75]
[98618,"CONTENÇÃO EM CORTINA COM ESTACAS ESPAÇADAS COM 40 CM DE DIÂMETRO E PROFUNDIDADE MENOR OU IGUAL A 10 M. AF_06/2018","M2",93.22]
[98619,"CONTENÇÃO EM CORTINA COM ESTACAS ESPAÇADAS COM 40 CM DE DIÂMETRO E PROFUNDIDADE MAIOR QUE 10 M E MENOR OU IGUAL A 15 M. AF_06/2018","M2",84.13]
[98620,"CONTENÇÃO EM CORTINA COM ESTACAS ESPAÇADAS COM 40 CM DE DIÂMETRO E PROFUNDIDADE MAIOR QUE 15 M. AF_06/2018","M2",79.540000000000006]
[98621,"CONTENÇÃO EM CORTINA COM ESTACAS ESPAÇADAS COM 50 CM DE DIÂMETRO E PROFUNDIDADE MENOR OU IGUAL A 10 M. AF_06/2018","M2",104.75]
[98622,"CONTENÇÃO EM CORTINA COM ESTACAS ESPAÇADAS COM 50 CM DE DIÂMETRO E PROFUNDIDADE MAIOR QUE 10 M E MENOR OU IGUAL A 15 M. AF_06/2018","M2",97.44]
[98623,"CONTENÇÃO EM CORTINA COM ESTACAS ESPAÇADAS COM 50 CM DE DIÂMETRO E PROFUNDIDADE MAIOR QUE 15 M. AF_06/2018","M2",93.72]
[98624,"CONTENÇÃO EM CORTINA COM ESTACAS ESPAÇADAS COM 60 CM DE DIÂMETRO E PROFUNDIDADE MENOR OU IGUAL A 10 M. AF_06/2018","M2",117.52]
[98625,"CONTENÇÃO EM CORTINA COM ESTACAS ESPAÇADAS COM 60 CM DE DIÂMETRO E PROFUNDIDADE MAIOR QUE 10 M E MENOR OU IGUAL A 15 M. AF_06/2018","M2",111.35]
[98626,"CONTENÇÃO EM CORTINA COM ESTACAS ESPAÇADAS COM 60 CM DE DIÂMETRO E PROFUNDIDADE MAIOR QUE 15 M. AF_06/2018","M2",108.18]
[98655,"EXECUÇÃO DE MURETA GUIA PARA CONTENÇÃO/ FUNDAÇÃO COM 30 CM DE ESPESSURA. AF_06/2018","M",568.01]
[98656,"EXECUÇÃO DE MURETA GUIA PARA CONTENÇÃO/ FUNDAÇÃO COM 40 CM DE ESPESSURA. AF_06/2018","M",575.66999999999996]
[98657,"EXECUÇÃO DE MURETA GUIA PARA CONTENÇÃO/ FUNDAÇÃO COM 50 CM DE ESPESSURA. AF_06/2018","M",583.35]
[98658,"EXECUÇÃO DE MURETA GUIA PARA CONTENÇÃO/ FUNDAÇÃO COM 60 CM DE ESPESSURA. AF_06/2018","M",591.01]
[98659,"EXECUÇÃO DE MURETA GUIA PARA CONTENÇÃO/ FUNDAÇÃO COM 80 CM DE ESPESSURA. AF_06/2018","M",606.35]
[98746,"SOLDA DE TOPO EM CHAPA/PERFIL/TUBO DE AÇO CHANFRADO, ESPESSURA=1/4''. AF_06/2018","M",58.91]
[98749,"SOLDA DE TOPO EM CHAPA/PERFIL/TUBO DE AÇO CHANFRADO, ESPESSURA=5/16''. AF_06/2018","M",72.28]
[98750,"SOLDA DE TOPO EM CHAPA/PERFIL/TUBO DE AÇO CHANFRADO, ESPESSURA=3/8''. AF_06/2018","M",88.62]
[98751,"SOLDA DE TOPO EM CHAPA/PERFIL/TUBO DE AÇO CHANFRADO, ESPESSURA=1/2''. AF_06/2018","M",131.36000000000001]
[98752,"SOLDA DE TOPO EM CHAPA/PERFIL/TUBO DE AÇO CHANFRADO, ESPESSURA=5/8''. AF_06/2018","M",183.09]
[98753,"SOLDA DE TOPO EM CHAPA/PERFIL/TUBO DE AÇO CHANFRADO, ESPESSURA=3/4''. AF_06/2018","M",247.63]
[100763,"VIGA METÁLICA EM PERFIL LAMINADO OU SOLDADO EM AÇO ESTRUTURAL, COM CONEXÕES PARAFUSADAS, INCLUSOS MÃO DE OBRA, TRANSPORTE E IÇAMENTO UTILIZANDO GUINDASTE - FORNECIMENTO E INSTALAÇÃO. AF_01/2020_P","KG",14]
[100764,"VIGA METÁLICA EM PERFIL LAMINADO OU SOLDADO EM AÇO ESTRUTURAL, COM CONEXÕES SOLDADAS, INCLUSOS MÃO DE OBRA, TRANSPORTE E IÇAMENTO UTILIZANDO GUINDASTE - FORNECIMENTO E INSTALAÇÃO. AF_01/2020_P","KG",13.85]
[100765,"PILAR METÁLICO PERFIL LAMINADO/SOLDADO EM AÇO ESTRUTURAL, COM CONEXÕES PARAFUSADAS, INCLUSOS MÃO DE OBRA, TRANSPORTE E IÇAMENTO UTILIZANDO GUINDASTE - FORNECIMENTO E INSTALAÇÃO. AF_01/2020_P","KG",13.2]
[100766,"PILAR METÁLICO PERFIL LAMINADO OU SOLDADO EM AÇO ESTRUTURAL, COM CONEXÕES SOLDADAS, INCLUSOS MÃO DE OBRA, TRANSPORTE E IÇAMENTO UTILIZANDO GUINDASTE - FORNECIMENTO E INSTALAÇÃO. AF_01/2020","KG",13.42]
[100767,"CONTRAVENTAMENTO COM CANTONEIRAS DE AÇO, ABAS IGUAIS, COM CONEXÕES PARAFUSADAS, INCLUSOS MÃO DE OBRA, TRANSPORTE E IÇAMENTO UTILIZANDO TALHA MANUAL, PARA EDIFÍCIOS DE ATÉ 2 PAVIMENTOS - FORNECIMENTO E INSTALAÇÃO. AF_01/2020_P","KG",14.26]
[100768,"CONTRAVENTAMENTO COM CANTONEIRAS DE AÇO, ABAS IGUAIS, COM CONEXÕES SOLDADAS, INCLUSOS MÃO DE OBRA, TRANSPORTE E IÇAMENTO UTILIZANDO TALHA MANUAL, PARA EDIFÍCIOS DE ATÉ 2 PAVIMENTOS - FORNECIMENTO E INSTALAÇÃO. AF_01/2020","KG",20.58]
[100769,"CONTRAVENTAMENTO COM CANTONEIRAS DE AÇO, ABAS IGUAIS, COM CONEXÕES PARAFUSADAS, INCLUSOS MÃO DE OBRA, TRANSPORTE E IÇAMENTO UTILIZANDO GUINDASTE, PARA EDIFÍCIOS DE 3 A 5 PAVIMENTOS - FORNECIMENTO E INSTALAÇÃO. AF_01/2020_P","KG",19.97]
[100770,"CONTRAVENTAMENTO COM CANTONEIRAS DE AÇO, ABAS IGUAIS, COM CONEXÕES SOLDADAS, INCLUSOS MÃO DE OBRA, TRANSPORTE E IÇAMENTO UTILIZANDO GUINDASTE, PARA EDIFÍCIOS DE 3 A 5 PAVIMENTOS - FORNECIMENTO E INSTALAÇÃO. AF_01/2020","KG",19.3]
[100771,"CONTRAVENTAMENTO COM CANTONEIRAS DE AÇO, ABAS IGUAIS, COM CONEXÕES PARAFUSADAS, INCLUSOS MÃO DE OBRA, TRANSPORTE E IÇAMENTO UTILIZANDO GRUA, PARA EDIFÍCIOS DE 6 A 10 PAVIMENTOS - FORNECIMENTO E INSTALAÇÃO. AF_01/2020_P","KG",22.07]
[100772,"CONTRAVENTAMENTO COM CANTONEIRAS DE AÇO, ABAS IGUAIS, COM CONEXÕES SOLDADAS, INCLUSOS MÃO DE OBRA, TRANSPORTE E IÇAMENTO UTILIZANDO GRUA, PARA EDIFÍCIOS DE 6 A 10 PAVIMENTOS - FORNECIMENTO E INSTALAÇÃO. AF_01/2020","KG",13.74]
[100773,"ESTRUTURA TRELIÇADA DE COBERTURA, TIPO ARCO, COM LIGAÇÕES SOLDADAS, INCLUSOS PERFIS METÁLICOS, CHAPAS METÁLICAS, MÃO DE OBRA E TRANSPORTE COM GUINDASTE - FORNECIMENTO E INSTALAÇÃO. AF_01/2020_P","KG",17.18]
[100774,"ESTRUTURA TRELIÇADA DE COBERTURA, TIPO SHED, COM LIGAÇÕES SOLDADAS, INCLUSOS PERFIS METÁLICOS, CHAPAS METÁLICAS, MÃO DE OBRA E TRANSPORTE COM GUINDASTE - FORNECIMENTO E INSTALAÇÃO. AF_01/2020_P","KG",10.09]
[100775,"ESTRUTURA TRELIÇADA DE COBERTURA, TIPO FINK, COM LIGAÇÕES SOLDADAS, INCLUSOS PERFIS METÁLICOS, CHAPAS METÁLICAS, MÃO DE OBRA E TRANSPORTE COM GUINDASTE - FORNECIMENTO E INSTALAÇÃO. AF_01/2020_P","KG",11.92]
[100776,"ESTRUTURA TRELIÇADA DE COBERTURA, TIPO ARCO, COM LIGAÇÕES PARAFUSADAS, INCLUSOS PERFIS METÁLICOS, CHAPAS METÁLICAS, MÃO DE OBRA E TRANSPORTE COM GUINDASTE - FORNECIMENTO E INSTALAÇÃO. AF_01/2020_P","KG",17.29]
[100777,"ESTRUTURA TRELIÇADA DE COBERTURA, TIPO SHED, COM LIGAÇÕES PARAFUSADAS, INCLUSOS PERFIS METÁLICOS, CHAPAS METÁLICAS, MÃO DE OBRA E TRANSPORTE COM GUINDASTE - FORNECIMENTO E INSTALAÇÃO. AF_01/2020_P","KG",12.84]
[100778,"ESTRUTURA TRELIÇADA DE COBERTURA, TIPO FINK, COM LIGAÇÕES PARAFUSADAS, INCLUSOS PERFIS METÁLICOS, CHAPAS METÁLICAS, MÃO DE OBRA E TRANSPORTE COM GUINDASTE - FORNECIMENTO E INSTALAÇÃO. AF_01/2020_P","KG",8.7200000000000006]
[98560,"IMPERMEABILIZAÇÃO DE PISO COM ARGAMASSA DE CIMENTO E AREIA, COM ADITIVO IMPERMEABILIZANTE, E = 2CM. AF_06/2018","M2",38.33]
[98561,"IMPERMEABILIZAÇÃO DE PAREDES COM ARGAMASSA DE CIMENTO E AREIA, COM ADITIVO IMPERMEABILIZANTE, E = 2CM. AF_06/2018","M2",33.71]
[98562,"IMPERMEABILIZAÇÃO DE FLOREIRA OU VIGA BALDRAME COM ARGAMASSA DE CIMENTO E AREIA, COM ADITIVO IMPERMEABILIZANTE, E = 2 CM. AF_06/2018","M2",33.17]
[98555,"IMPERMEABILIZAÇÃO DE SUPERFÍCIE COM ARGAMASSA POLIMÉRICA / MEMBRANA ACRÍLICA, 3 DEMÃOS. AF_06/2018","M2",19.13]
[98556,"IMPERMEABILIZAÇÃO DE SUPERFÍCIE COM ARGAMASSA POLIMÉRICA / MEMBRANA ACRÍLICA, 4 DEMÃOS, REFORÇADA COM VÉU DE POLIÉSTER (MAV). AF_06/2018","M2",36.04]
[98558,"TRATAMENTO DE RALO OU PONTO EMERGENTE COM ARGAMASSA POLIMÉRICA / MEMBRANA ACRÍLICA REFORÇADO COM VÉU DE POLIÉSTER (MAV). AF_06/2018","UN",5.42]
[98559,"TRATAMENTO DE RODAPÉ COM VÉU DE POLIÉSTER. AF_06/2018","M",3.32]
[98546,"IMPERMEABILIZAÇÃO DE SUPERFÍCIE COM MANTA ASFÁLTICA, UMA CAMADA, INCLUSIVE APLICAÇÃO DE PRIMER ASFÁLTICO, E=3MM. AF_06/2018","M2",73.48]
[98547,"IMPERMEABILIZAÇÃO DE SUPERFÍCIE COM MANTA ASFÁLTICA, DUAS CAMADAS, INCLUSIVE APLICAÇÃO DE PRIMER ASFÁLTICO, E=3MM E E=4MM. AF_06/2018","M2",134.63]
[98553,"IMPERMEABILIZAÇÃO DE SUPERFÍCIE COM MEMBRANA À BASE DE POLIURETANO, 2 DEMÃOS. AF_06/2018","M2",72.87]
[98554,"IMPERMEABILIZAÇÃO DE SUPERFÍCIE COM MEMBRANA À BASE DE RESINA ACRÍLICA, 3 DEMÃOS. AF_06/2018","M2",29.04]
[98557,"IMPERMEABILIZAÇÃO DE SUPERFÍCIE COM EMULSÃO ASFÁLTICA, 2 DEMÃOS AF_06/2018","M2",30.09]
[98563,"PROTEÇÃO MECÂNICA DE SUPERFÍCIE HORIZONTAL COM ARGAMASSA DE CIMENTO E AREIA, TRAÇO 1:3, E=2CM. AF_06/2018","M2",26.74]
[98564,"PROTEÇÃO MECÂNICA DE SUPERFÍCIE VERTICAL COM ARGAMASSA DE CIMENTO E AREIA, TRAÇO 1:3, E=2CM. AF_06/2018","M2",42.54]
[98565,"PROTEÇÃO MECÂNICA DE SUPERFICIE HORIZONTAL COM ARGAMASSA DE CIMENTO E AREIA, TRAÇO 1:3, E=3CM. AF_06/2018","M2",38.700000000000003]
[98566,"PROTEÇÃO MECÂNICA DE SUPERFÍCIE VERTICAL COM ARGAMASSA DE CIMENTO E AREIA, TRAÇO 1:3, E=3CM. AF_06/2018","M2",54.5]
[98567,"PROTEÇÃO MECÂNICA DE SUPERFICIE HORIZONTAL COM ARGAMASSA DE CIMENTO E AREIA, TRAÇO 1:3, E=4CM. AF_06/2018","M2",50.09]
[98568,"PROTEÇÃO MECÂNICA DE SUPERFÍCIE VERTICAL COM ARGAMASSA DE CIMENTO E AREIA, TRAÇO 1:3, E=4CM. AF_06/2018","M2",65.88]
[98569,"PROTEÇÃO MECÂNICA DE SUPERFICIE HORIZONTAL COM ARGAMASSA DE CIMENTO E AREIA, TRAÇO 1:3, E=5CM. AF_06/2018","M2",62.03]
[98570,"PROTEÇÃO MECÂNICA DE SUPERFÍCIE VERTICAL COM ARGAMASSA DE CIMENTO E AREIA, TRAÇO 1:3, E=5CM. AF_06/2018","M2",77.849999999999994]
[98571,"PROTEÇÃO MECÂNICA DE SUPERFICIE HORIZONTAL COM CONCRETO 15 MPA, E=4CM. AF_06/2018","M2",30.11]
[98572,"PROTEÇÃO MECÂNICA DE SUPERFICIE HORIZONTAL COM CONCRETO 15 MPA, E=5CM. AF_06/2018","M2",37.229999999999997]
[98573,"PROTEÇÃO MECÂNICA DE SUPERFÍCIE VERTICAL COM CONCRETO 15 MPA, E=5CM. AF_06/2018","M2",52.69]
[91831,"ELETRODUTO FLEXÍVEL CORRUGADO, PVC, DN 20 MM (1/2\"), PARA CIRCUITOS TERMINAIS, INSTALADO EM FORRO - FORNECIMENTO E INSTALAÇÃO. AF_12/2015","M",5.84]
[91833,"ELETRODUTO FLEXÍVEL CORRUGADO REFORÇADO, PVC, DN 20 MM (1/2\"), PARA CIRCUITOS TERMINAIS, INSTALADO EM FORRO - FORNECIMENTO E INSTALAÇÃO. AF_12/2015","M",6.2]
[91834,"ELETRODUTO FLEXÍVEL CORRUGADO, PVC, DN 25 MM (3/4\"), PARA CIRCUITOS TERMINAIS, INSTALADO EM FORRO - FORNECIMENTO E INSTALAÇÃO. AF_12/2015","M",6.56]
[91835,"ELETRODUTO FLEXÍVEL CORRUGADO REFORÇADO, PVC, DN 25 MM (3/4\"), PARA CIRCUITOS TERMINAIS, INSTALADO EM FORRO - FORNECIMENTO E INSTALAÇÃO. AF_12/2015","M",7.5]
[91836,"ELETRODUTO FLEXÍVEL CORRUGADO, PVC, DN 32 MM (1\"), PARA CIRCUITOS TERMINAIS, INSTALADO EM FORRO - FORNECIMENTO E INSTALAÇÃO. AF_12/2015","M",8.6300000000000008]
[91837,"ELETRODUTO FLEXÍVEL CORRUGADO REFORÇADO, PVC, DN 32 MM (1\"), PARA CIRCUITOS TERMINAIS, INSTALADO EM FORRO - FORNECIMENTO E INSTALAÇÃO. AF_12/2015","M",10.83]
[91839,"ELETRODUTO FLEXÍVEL LISO, PEAD, DN 32 MM (1\"), PARA CIRCUITOS TERMINAIS, INSTALADO EM FORRO - FORNECIMENTO E INSTALAÇÃO. AF_12/2015","M",7.92]
[91840,"ELETRODUTO FLEXÍVEL CORRUGADO, PEAD, DN 40 MM (1 1/4\"), PARA CIRCUITOS TERMINAIS, INSTALADO EM FORRO - FORNECIMENTO E INSTALAÇÃO. AF_12/2015","M",10.050000000000001]
[91841,"ELETRODUTO FLEXÍVEL LISO, PEAD, DN 40 MM (1 1/4\"), PARA CIRCUITOS TERMINAIS, INSTALADO EM FORRO - FORNECIMENTO E INSTALAÇÃO. AF_12/2015","M",9.5]
[91842,"ELETRODUTO FLEXÍVEL CORRUGADO, PVC, DN 20 MM (1/2\"), PARA CIRCUITOS TERMINAIS, INSTALADO EM LAJE - FORNECIMENTO E INSTALAÇÃO. AF_12/2015","M",4.5]
[91843,"ELETRODUTO FLEXÍVEL CORRUGADO REFORÇADO, PVC, DN 20 MM (1/2\"), PARA CIRCUITOS TERMINAIS, INSTALADO EM LAJE - FORNECIMENTO E INSTALAÇÃO. AF_12/2015","M",4.8600000000000003]
[91844,"ELETRODUTO FLEXÍVEL CORRUGADO, PVC, DN 25 MM (3/4\"), PARA CIRCUITOS TERMINAIS, INSTALADO EM LAJE - FORNECIMENTO E INSTALAÇÃO. AF_12/2015","M",5.22]
[91845,"ELETRODUTO FLEXÍVEL CORRUGADO REFORÇADO, PVC, DN 25 MM (3/4\"), PARA CIRCUITOS TERMINAIS, INSTALADO EM LAJE - FORNECIMENTO E INSTALAÇÃO. AF_12/2015","M",6.16]
[91846,"ELETRODUTO FLEXÍVEL CORRUGADO, PVC, DN 32 MM (1\"), PARA CIRCUITOS TERMINAIS, INSTALADO EM LAJE - FORNECIMENTO E INSTALAÇÃO. AF_12/2015","M",7.3]
[91847,"ELETRODUTO FLEXÍVEL CORRUGADO REFORÇADO, PVC, DN 32 MM (1\"), PARA CIRCUITOS TERMINAIS, INSTALADO EM LAJE - FORNECIMENTO E INSTALAÇÃO. AF_12/2015","M",9.5]
[91849,"ELETRODUTO FLEXÍVEL LISO, PEAD, DN 32 MM (1\"), PARA CIRCUITOS TERMINAIS, INSTALADO EM LAJE - FORNECIMENTO E INSTALAÇÃO. AF_12/2015","M",6.59]
[91850,"ELETRODUTO FLEXÍVEL CORRUGADO, PEAD, DN 40 MM (1 1/4\"), PARA CIRCUITOS TERMINAIS, INSTALADO EM LAJE - FORNECIMENTO E INSTALAÇÃO. AF_12/2015","M",8.77]
[91851,"ELETRODUTO FLEXÍVEL LISO, PEAD, DN 40 MM (1 1/4\"), PARA CIRCUITOS TERMINAIS, INSTALADO EM LAJE - FORNECIMENTO E INSTALAÇÃO. AF_12/2015","M",8.2200000000000006]
[91852,"ELETRODUTO FLEXÍVEL CORRUGADO, PVC, DN 20 MM (1/2\"), PARA CIRCUITOS TERMINAIS, INSTALADO EM PAREDE - FORNECIMENTO E INSTALAÇÃO. AF_12/2015","M",6.57]
[91853,"ELETRODUTO FLEXÍVEL CORRUGADO REFORÇADO, PVC, DN 20 MM (1/2\"), PARA CIRCUITOS TERMINAIS, INSTALADO EM PAREDE - FORNECIMENTO E INSTALAÇÃO. AF_12/2015","M",6.91]
[91854,"ELETRODUTO FLEXÍVEL CORRUGADO, PVC, DN 25 MM (3/4\"), PARA CIRCUITOS TERMINAIS, INSTALADO EM PAREDE - FORNECIMENTO E INSTALAÇÃO. AF_12/2015","M",7.28]
[91855,"ELETRODUTO FLEXÍVEL CORRUGADO REFORÇADO, PVC, DN 25 MM (3/4\"), PARA CIRCUITOS TERMINAIS, INSTALADO EM PAREDE - FORNECIMENTO E INSTALAÇÃO. AF_12/2015","M",8.16]
[91856,"ELETRODUTO FLEXÍVEL CORRUGADO, PVC, DN 32 MM (1\"), PARA CIRCUITOS TERMINAIS, INSTALADO EM PAREDE - FORNECIMENTO E INSTALAÇÃO. AF_12/2015","M",9.25]
[91857,"ELETRODUTO FLEXÍVEL CORRUGADO REFORÇADO, PVC, DN 32 MM (1\"), PARA CIRCUITOS TERMINAIS, INSTALADO EM PAREDE - FORNECIMENTO E INSTALAÇÃO. AF_12/2015","M",11.29]
[91859,"ELETRODUTO FLEXÍVEL LISO, PEAD, DN 32 MM (1\"), PARA CIRCUITOS TERMINAIS, INSTALADO EM PAREDE - FORNECIMENTO E INSTALAÇÃO. AF_12/2015","M",8.6]
[91860,"ELETRODUTO FLEXÍVEL CORRUGADO, PEAD, DN 40 MM (1 1/4\"), PARA CIRCUITOS TERMINAIS, INSTALADO EM PAREDE - FORNECIMENTO E INSTALAÇÃO. AF_12/2015","M",10.68]
[91861,"ELETRODUTO FLEXÍVEL LISO, PEAD, DN 40 MM (1 1/4\"), PARA CIRCUITOS TERMINAIS, INSTALADO EM PAREDE - FORNECIMENTO E INSTALAÇÃO. AF_12/2015","M",10.17]
[91862,"ELETRODUTO RÍGIDO ROSCÁVEL, PVC, DN 20 MM (1/2\"), PARA CIRCUITOS TERMINAIS, INSTALADO EM FORRO - FORNECIMENTO E INSTALAÇÃO. AF_12/2015","M",7.11]
[91863,"ELETRODUTO RÍGIDO ROSCÁVEL, PVC, DN 25 MM (3/4\"), PARA CIRCUITOS TERMINAIS, INSTALADO EM FORRO - FORNECIMENTO E INSTALAÇÃO. AF_12/2015","M",8.4]
[91864,"ELETRODUTO RÍGIDO ROSCÁVEL, PVC, DN 32 MM (1\"), PARA CIRCUITOS TERMINAIS, INSTALADO EM FORRO - FORNECIMENTO E INSTALAÇÃO. AF_12/2015","M",11.12]
[91865,"ELETRODUTO RÍGIDO ROSCÁVEL, PVC, DN 40 MM (1 1/4\"), PARA CIRCUITOS TERMINAIS, INSTALADO EM FORRO - FORNECIMENTO E INSTALAÇÃO. AF_12/2015","M",13.84]
[91866,"ELETRODUTO RÍGIDO ROSCÁVEL, PVC, DN 20 MM (1/2\"), PARA CIRCUITOS TERMINAIS, INSTALADO EM LAJE - FORNECIMENTO E INSTALAÇÃO. AF_12/2015","M",5.89]
[91867,"ELETRODUTO RÍGIDO ROSCÁVEL, PVC, DN 25 MM (3/4\"), PARA CIRCUITOS TERMINAIS, INSTALADO EM LAJE - FORNECIMENTO E INSTALAÇÃO. AF_12/2015","M",7.17]
[91868,"ELETRODUTO RÍGIDO ROSCÁVEL, PVC, DN 32 MM (1\"), PARA CIRCUITOS TERMINAIS, INSTALADO EM LAJE - FORNECIMENTO E INSTALAÇÃO. AF_12/2015","M",9.9]
[91869,"ELETRODUTO RÍGIDO ROSCÁVEL, PVC, DN 40 MM (1 1/4\"), PARA CIRCUITOS TERMINAIS, INSTALADO EM LAJE - FORNECIMENTO E INSTALAÇÃO. AF_12/2015","M",12.64]
[91870,"ELETRODUTO RÍGIDO ROSCÁVEL, PVC, DN 20 MM (1/2\"), PARA CIRCUITOS TERMINAIS, INSTALADO EM PAREDE - FORNECIMENTO E INSTALAÇÃO. AF_12/2015","M",8.4700000000000006]
[91871,"ELETRODUTO RÍGIDO ROSCÁVEL, PVC, DN 25 MM (3/4\"), PARA CIRCUITOS TERMINAIS, INSTALADO EM PAREDE - FORNECIMENTO E INSTALAÇÃO. AF_12/2015","M",9.81]
[91872,"ELETRODUTO RÍGIDO ROSCÁVEL, PVC, DN 32 MM (1\"), PARA CIRCUITOS TERMINAIS, INSTALADO EM PAREDE - FORNECIMENTO E INSTALAÇÃO. AF_12/2015","M",12.52]
[91873,"ELETRODUTO RÍGIDO ROSCÁVEL, PVC, DN 40 MM (1 1/4\"), PARA CIRCUITOS TERMINAIS, INSTALADO EM PAREDE - FORNECIMENTO E INSTALAÇÃO. AF_12/2015","M",15.21]
[93008,"ELETRODUTO RÍGIDO ROSCÁVEL, PVC, DN 50 MM (1 1/2\") - FORNECIMENTO E INSTALAÇÃO. AF_12/2015","M",12.2]
[93009,"ELETRODUTO RÍGIDO ROSCÁVEL, PVC, DN 60 MM (2\") - FORNECIMENTO E INSTALAÇÃO. AF_12/2015","M",17.829999999999998]
[93010,"ELETRODUTO RÍGIDO ROSCÁVEL, PVC, DN 75 MM (2 1/2\") - FORNECIMENTO E INSTALAÇÃO. AF_12/2015","M",24.68]
[93011,"ELETRODUTO RÍGIDO ROSCÁVEL, PVC, DN 85 MM (3\") - FORNECIMENTO E INSTALAÇÃO. AF_12/2015","M",30.08]
[93012,"ELETRODUTO RÍGIDO ROSCÁVEL, PVC, DN 110 MM (4\") - FORNECIMENTO E INSTALAÇÃO. AF_12/2015","M",45.21]
[95726,"ELETRODUTO RÍGIDO SOLDÁVEL, PVC, DN 20 MM (½\u0092\u0092), APARENTE, INSTALADO EM TETO - FORNECIMENTO E INSTALAÇÃO. AF_11/2016_P","M",4.75]
[95727,"ELETRODUTO RÍGIDO SOLDÁVEL, PVC, DN 25 MM (3/4\u0092\u0092), APARENTE, INSTALADO EM TETO - FORNECIMENTO E INSTALAÇÃO. AF_11/2016_P","M",5.46]
[95728,"ELETRODUTO RÍGIDO SOLDÁVEL, PVC, DN 32 MM (1\u0092\u0092), APARENTE, INSTALADO EM TETO - FORNECIMENTO E INSTALAÇÃO. AF_11/2016_P","M",6.94]
[95729,"ELETRODUTO RÍGIDO SOLDÁVEL, PVC, DN 20 MM (½\u0092\u0092), APARENTE, INSTALADO EM PAREDE - FORNECIMENTO E INSTALAÇÃO. AF_11/2016_P","M",6.39]
[95730,"ELETRODUTO RÍGIDO SOLDÁVEL, PVC, DN 25 MM (3/4\u0092\u0092), APARENTE, INSTALADO EM PAREDE - FORNECIMENTO E INSTALAÇÃO. AF_11/2016_P","M",7.1]
[95731,"ELETRODUTO RÍGIDO SOLDÁVEL, PVC, DN 32 MM (1\u0092\u0092), APARENTE, INSTALADO EM PAREDE - FORNECIMENTO E INSTALAÇÃO. AF_11/2016_P","M",8.58]
[95732,"LUVA PARA ELETRODUTO, PVC, SOLDÁVEL, DN 20 MM (1/2\u0092\u0092), APARENTE, INSTALADA EM TETO - FORNECIMENTO E INSTALAÇÃO. AF_11/2016_P","UN",3.66]
[95745,"ELETRODUTO DE AÇO GALVANIZADO, CLASSE LEVE, DN 20 MM (3/4\u0092\u0092), APARENTE, INSTALADO EM TETO - FORNECIMENTO E INSTALAÇÃO. AF_11/2016_P","M",17.91]
[95746,"ELETRODUTO DE AÇO GALVANIZADO, CLASSE LEVE, DN 25 MM (1\u0092\u0092), APARENTE, INSTALADO EM TETO - FORNECIMENTO E INSTALAÇÃO. AF_11/2016_P","M",22.38]
[95747,"ELETRODUTO DE AÇO GALVANIZADO, CLASSE SEMI PESADO, DN 32 MM (1 1/4\u0092\u0092), APARENTE, INSTALADO EM TETO - FORNECIMENTO E INSTALAÇÃO. AF_11/2016_P","M",37.450000000000003]
[95748,"ELETRODUTO DE AÇO GALVANIZADO, CLASSE SEMI PESADO, DN 40 MM (1 1/2 ), APARENTE, INSTALADO EM TETO - FORNECIMENTO E INSTALAÇÃO. AF_11/2016_P","M",40.43]
[95749,"ELETRODUTO DE AÇO GALVANIZADO, CLASSE LEVE, DN 20 MM (3/4\u0092\u0092), APARENTE, INSTALADO EM PAREDE - FORNECIMENTO E INSTALAÇÃO. AF_11/2016_P","M",23.31]
[95750,"ELETRODUTO DE AÇO GALVANIZADO, CLASSE LEVE, DN 25 MM (1\u0092\u0092), APARENTE, INSTALADO EM PAREDE - FORNECIMENTO E INSTALAÇÃO. AF_11/2016_P","M",27.66]
[95751,"ELETRODUTO DE AÇO GALVANIZADO, CLASSE SEMI PESADO, DN 32 MM (1 1/4\u0092\u0092), APARENTE, INSTALADO EM PAREDE - FORNECIMENTO E INSTALAÇÃO. AF_11/2016_P","M",42.54]
[95752,"ELETRODUTO DE AÇO GALVANIZADO, CLASSE SEMI PESADO, DN 40 MM (1 1/2  ), APARENTE, INSTALADO EM PAREDE - FORNECIMENTO E INSTALAÇÃO. AF_11/2016_P","M",45.35]
[97667,"ELETRODUTO FLEXÍVEL CORRUGADO, PEAD, DN 50 (1 ½\u0094)  - FORNECIMENTO E INSTALAÇÃO. AF_04/2016","M",6.55]
[97668,"ELETRODUTO FLEXÍVEL CORRUGADO, PEAD, DN 63 (2\")  - FORNECIMENTO E INSTALAÇÃO. AF_04/2016","M",10.039999999999999]
[97669,"ELETRODUTO FLEXÍVEL CORRUGADO, PEAD, DN 90 (3\u0094) - FORNECIMENTO E INSTALAÇÃO. AF_04/2016","M",15.98]
[97670,"ELETRODUTO FLEXÍVEL CORRUGADO, PEAD, DN 100 (4\u0094) - FORNECIMENTO E INSTALAÇÃO. AF_04/2016","M",20.58]
[91874,"LUVA PARA ELETRODUTO, PVC, ROSCÁVEL, DN 20 MM (1/2\"), PARA CIRCUITOS TERMINAIS, INSTALADA EM FORRO - FORNECIMENTO E INSTALAÇÃO. AF_12/2015","UN",4]
[91875,"LUVA PARA ELETRODUTO, PVC, ROSCÁVEL, DN 25 MM (3/4\"), PARA CIRCUITOS TERMINAIS, INSTALADA EM FORRO - FORNECIMENTO E INSTALAÇÃO. AF_12/2015","UN",5.31]
[91876,"LUVA PARA ELETRODUTO, PVC, ROSCÁVEL, DN 32 MM (1\"), PARA CIRCUITOS TERMINAIS, INSTALADA EM FORRO - FORNECIMENTO E INSTALAÇÃO. AF_12/2015","UN",7]
[91877,"LUVA PARA ELETRODUTO, PVC, ROSCÁVEL, DN 40 MM (1 1/4\"), PARA CIRCUITOS TERMINAIS, INSTALADA EM FORRO - FORNECIMENTO E INSTALAÇÃO. AF_12/2015","UN",9.33]
[91878,"LUVA PARA ELETRODUTO, PVC, ROSCÁVEL, DN 20 MM (1/2\"), PARA CIRCUITOS TERMINAIS, INSTALADA EM LAJE - FORNECIMENTO E INSTALAÇÃO. AF_12/2015","UN",5.13]
[91879,"LUVA PARA ELETRODUTO, PVC, ROSCÁVEL, DN 25 MM (3/4\"), PARA CIRCUITOS TERMINAIS, INSTALADA EM LAJE - FORNECIMENTO E INSTALAÇÃO. AF_12/2015","UN",6.41]
[91880,"LUVA PARA ELETRODUTO, PVC, ROSCÁVEL, DN 32 MM (1\"), PARA CIRCUITOS TERMINAIS, INSTALADA EM LAJE - FORNECIMENTO E INSTALAÇÃO. AF_12/2015","UN",8.1300000000000008]
[91881,"LUVA PARA ELETRODUTO, PVC, ROSCÁVEL, DN 40 MM (1 1/4\"), PARA CIRCUITOS TERMINAIS, INSTALADA EM LAJE - FORNECIMENTO E INSTALAÇÃO. AF_12/2015","UN",10.47]
[91882,"LUVA PARA ELETRODUTO, PVC, ROSCÁVEL, DN 20 MM (1/2\"), PARA CIRCUITOS TERMINAIS, INSTALADA EM PAREDE - FORNECIMENTO E INSTALAÇÃO. AF_12/2015","UN",6.34]
[91884,"LUVA PARA ELETRODUTO, PVC, ROSCÁVEL, DN 25 MM (3/4\"), PARA CIRCUITOS TERMINAIS, INSTALADA EM PAREDE - FORNECIMENTO E INSTALAÇÃO. AF_12/2015","UN",7.34]
[91885,"LUVA PARA ELETRODUTO, PVC, ROSCÁVEL, DN 32 MM (1\"), PARA CIRCUITOS TERMINAIS, INSTALADA EM PAREDE - FORNECIMENTO E INSTALAÇÃO. AF_12/2015","UN",8.68]
[91886,"LUVA PARA ELETRODUTO, PVC, ROSCÁVEL, DN 40 MM (1 1/4\"), PARA CIRCUITOS TERMINAIS, INSTALADA EM PAREDE - FORNECIMENTO E INSTALAÇÃO. AF_12/2015","UN",10.58]
[91887,"CURVA 90 GRAUS PARA ELETRODUTO, PVC, ROSCÁVEL, DN 20 MM (1/2\"), PARA CIRCUITOS TERMINAIS, INSTALADA EM FORRO - FORNECIMENTO E INSTALAÇÃO. AF_12/2015","UN",7.45]
[91889,"CURVA 180 GRAUS PARA ELETRODUTO, PVC, ROSCÁVEL, DN 20 MM (1/2\"), PARA CIRCUITOS TERMINAIS, INSTALADA EM FORRO - FORNECIMENTO E INSTALAÇÃO. AF_12/2015","UN",7.17]
[91890,"CURVA 90 GRAUS PARA ELETRODUTO, PVC, ROSCÁVEL, DN 25 MM (3/4\"), PARA CIRCUITOS TERMINAIS, INSTALADA EM FORRO - FORNECIMENTO E INSTALAÇÃO. AF_12/2015","UN",8.85]
[91892,"CURVA 180 GRAUS PARA ELETRODUTO, PVC, ROSCÁVEL, DN 25 MM (3/4\"), PARA CIRCUITOS TERMINAIS, INSTALADA EM FORRO - FORNECIMENTO E INSTALAÇÃO. AF_12/2015","UN",10.71]
[91893,"CURVA 90 GRAUS PARA ELETRODUTO, PVC, ROSCÁVEL, DN 32 MM (1\"), PARA CIRCUITOS TERMINAIS, INSTALADA EM FORRO - FORNECIMENTO E INSTALAÇÃO. AF_12/2015","UN",12.11]
[91895,"CURVA 180 GRAUS PARA ELETRODUTO, PVC, ROSCÁVEL, DN 32 MM (1\"), PARA CIRCUITOS TERMINAIS, INSTALADA EM FORRO - FORNECIMENTO E INSTALAÇÃO. AF_12/2015","UN",14.01]
[91896,"CURVA 90 GRAUS PARA ELETRODUTO, PVC, ROSCÁVEL, DN 40 MM (1 1/4\"), PARA CIRCUITOS TERMINAIS, INSTALADA EM FORRO - FORNECIMENTO E INSTALAÇÃO. AF_12/2015","UN",14.77]
[91898,"CURVA 180 GRAUS PARA ELETRODUTO, PVC, ROSCÁVEL, DN 40 MM (1 1/4\"), PARA CIRCUITOS TERMINAIS, INSTALADA EM FORRO - FORNECIMENTO E INSTALAÇÃO. AF_12/2015","UN",16.8]
[91899,"CURVA 90 GRAUS PARA ELETRODUTO, PVC, ROSCÁVEL, DN 20 MM (1/2\"), PARA CIRCUITOS TERMINAIS, INSTALADA EM LAJE - FORNECIMENTO E INSTALAÇÃO. AF_12/2015","UN",9.1]
[91901,"CURVA 180 GRAUS PARA ELETRODUTO, PVC, ROSCÁVEL, DN 20 MM (1/2\"), PARA CIRCUITOS TERMINAIS, INSTALADA EM LAJE - FORNECIMENTO E INSTALAÇÃO. AF_12/2015","UN",8.82]
[91902,"CURVA 90 GRAUS PARA ELETRODUTO, PVC, ROSCÁVEL, DN 25 MM (3/4\"), PARA CIRCUITOS TERMINAIS, INSTALADA EM LAJE - FORNECIMENTO E INSTALAÇÃO. AF_12/2015","UN",10.5]
[91904,"CURVA 180 GRAUS PARA ELETRODUTO, PVC, ROSCÁVEL, DN 25 MM (3/4\"), PARA CIRCUITOS TERMINAIS, INSTALADA EM LAJE - FORNECIMENTO E INSTALAÇÃO. AF_12/2015","UN",12.36]
[91905,"CURVA 90 GRAUS PARA ELETRODUTO, PVC, ROSCÁVEL, DN 32 MM (1\"), PARA CIRCUITOS TERMINAIS, INSTALADA EM LAJE - FORNECIMENTO E INSTALAÇÃO. AF_12/2015","UN",13.75]
[91907,"CURVA 180 GRAUS PARA ELETRODUTO, PVC, ROSCÁVEL, DN 32 MM (1\u0094), PARA CIRCUITOS TERMINAIS, INSTALADA EM LAJE - FORNECIMENTO E INSTALAÇÃO. AF_12/2015","UN",15.65]
[91908,"CURVA 90 GRAUS PARA ELETRODUTO, PVC, ROSCÁVEL, DN 40 MM (1 1/4\"), PARA CIRCUITOS TERMINAIS, INSTALADA EM LAJE - FORNECIMENTO E INSTALAÇÃO. AF_12/2015","UN",16.45]
[91910,"CURVA 180 GRAUS PARA ELETRODUTO, PVC, ROSCÁVEL, DN 40 MM (1 1/4\"), PARA CIRCUITOS TERMINAIS, INSTALADA EM LAJE - FORNECIMENTO E INSTALAÇÃO. AF_12/2015","UN",18.48]
[91911,"CURVA 90 GRAUS PARA ELETRODUTO, PVC, ROSCÁVEL, DN 20 MM (1/2\"), PARA CIRCUITOS TERMINAIS, INSTALADA EM PAREDE - FORNECIMENTO E INSTALAÇÃO. AF_12/2015","UN",10.98]
[91913,"CURVA 180 GRAUS PARA ELETRODUTO, PVC, ROSCÁVEL, DN 20 MM (1/2\"), PARA CIRCUITOS TERMINAIS, INSTALADA EM PAREDE - FORNECIMENTO E INSTALAÇÃO. AF_12/2015","UN",10.7]
[91914,"CURVA 90 GRAUS PARA ELETRODUTO, PVC, ROSCÁVEL, DN 25 MM (3/4\"), PARA CIRCUITOS TERMINAIS, INSTALADA EM PAREDE - FORNECIMENTO E INSTALAÇÃO. AF_12/2015","UN",11.94]
[91916,"CURVA 180 GRAUS PARA ELETRODUTO, PVC, ROSCÁVEL, DN 25 MM (3/4\"), PARA CIRCUITOS TERMINAIS, INSTALADA EM PAREDE - FORNECIMENTO E INSTALAÇÃO. AF_12/2015","UN",13.8]
[91917,"CURVA 90 GRAUS PARA ELETRODUTO, PVC, ROSCÁVEL, DN 32 MM (1\"), PARA CIRCUITOS TERMINAIS, INSTALADA EM PAREDE - FORNECIMENTO E INSTALAÇÃO. AF_12/2015","UN",14.61]
[91919,"CURVA 180 GRAUS PARA ELETRODUTO, PVC, ROSCÁVEL, DN 32 MM (1\u0094), PARA CIRCUITOS TERMINAIS, INSTALADA EM PAREDE - FORNECIMENTO E INSTALAÇÃO. AF_12/2015","UN",16.510000000000002]
[91920,"CURVA 90 GRAUS PARA ELETRODUTO, PVC, ROSCÁVEL, DN 40 MM (1 1/4\"), PARA CIRCUITOS TERMINAIS, INSTALADA EM PAREDE - FORNECIMENTO E INSTALAÇÃO. AF_12/2015","UN",16.649999999999999]
[91922,"CURVA 180 GRAUS PARA ELETRODUTO, PVC, ROSCÁVEL, DN 40 MM (1 1/4\"), PARA CIRCUITOS TERMINAIS, INSTALADA EM PAREDE - FORNECIMENTO E INSTALAÇÃO. AF_12/2015","UN",18.68]
[93013,"LUVA PARA ELETRODUTO, PVC, ROSCÁVEL, DN 50 MM (1 1/2\") - FORNECIMENTO E INSTALAÇÃO. AF_12/2015","UN",12.12]
[93014,"LUVA PARA ELETRODUTO, PVC, ROSCÁVEL, DN 60 MM (2\") - FORNECIMENTO E INSTALAÇÃO. AF_12/2015","UN",14.96]
[93015,"LUVA PARA ELETRODUTO, PVC, ROSCÁVEL, DN 75 MM (2 1/2\") - FORNECIMENTO E INSTALAÇÃO. AF_12/2015","UN",22.87]
[93016,"LUVA PARA ELETRODUTO, PVC, ROSCÁVEL, DN 85 MM (3\") - FORNECIMENTO E INSTALAÇÃO. AF_12/2015","UN",27.91]
[93017,"LUVA PARA ELETRODUTO, PVC, ROSCÁVEL, DN 110 MM (4\") - FORNECIMENTO E INSTALAÇÃO. AF_12/2015","UN",42.21]
[93018,"CURVA 90 GRAUS PARA ELETRODUTO, PVC, ROSCÁVEL, DN 50 MM (1 1/2\") - FORNECIMENTO E INSTALAÇÃO. AF_12/2015","UN",18.53]
[93020,"CURVA 90 GRAUS PARA ELETRODUTO, PVC, ROSCÁVEL, DN 60 MM (2\") - FORNECIMENTO E INSTALAÇÃO. AF_12/2015","UN",23.9]
[93022,"CURVA 90 GRAUS PARA ELETRODUTO, PVC, ROSCÁVEL, DN 75 MM (2 1/2\") - FORNECIMENTO E INSTALAÇÃO. AF_12/2015","UN",40.450000000000003]
[93024,"CURVA 90 GRAUS PARA ELETRODUTO, PVC, ROSCÁVEL, DN 85 MM (3\") - FORNECIMENTO E INSTALAÇÃO. AF_12/2015","UN",42.43]
[93026,"CURVA 90 GRAUS PARA ELETRODUTO, PVC, ROSCÁVEL, DN 110 MM (4\") - FORNECIMENTO E INSTALAÇÃO. AF_12/2015","UN",69.95]
[95733,"LUVA PARA ELETRODUTO, PVC, SOLDÁVEL, DN 25 MM (3/4\u0092\u0092), APARENTE, INSTALADA EM TETO - FORNECIMENTO E INSTALAÇÃO. AF_11/2016_P","UN",4.8]
[95734,"LUVA PARA ELETRODUTO, PVC, SOLDÁVEL, DN 32 MM (1\u0092\u0092), APARENTE, INSTALADA EM TETO - FORNECIMENTO E INSTALAÇÃO. AF_11/2016_P","UN",6.4]
[95735,"LUVA PARA ELETRODUTO, PVC, SOLDÁVEL, DN 20 MM (1/2\u0092\u0092), APARENTE, INSTALADA EM PAREDE - FORNECIMENTO E INSTALAÇÃO. AF_11/2016_P","UN",5.39]
[95736,"LUVA PARA ELETRODUTO, PVC, SOLDÁVEL, DN 25 MM (3/4\u0092\u0092), APARENTE, INSTALADA EM PAREDE - FORNECIMENTO E INSTALAÇÃO. AF_11/2016_P","UN",6.33]
[95738,"LUVA PARA ELETRODUTO, PVC, SOLDÁVEL, DN 32 MM (1\u0092\u0092), APARENTE, INSTALADA EM PAREDE - FORNECIMENTO E INSTALAÇÃO. AF_11/2016_P","UN",7.63]
[95753,"LUVA DE EMENDA PARA ELETRODUTO, AÇO GALVANIZADO, DN 20 MM (3/4  ), APARENTE, INSTALADA EM TETO - FORNECIMENTO E INSTALAÇÃO. AF_11/2016_P","UN",5.99]
[95754,"LUVA DE EMENDA PARA ELETRODUTO, AÇO GALVANIZADO, DN 25 MM (1''), APARENTE, INSTALADA EM TETO - FORNECIMENTO E INSTALAÇÃO. AF_11/2016_P","UN",7.47]
[95755,"LUVA DE EMENDA PARA ELETRODUTO, AÇO GALVANIZADO, DN 32 MM (1 1/4''), APARENTE, INSTALADA EM TETO - FORNECIMENTO E INSTALAÇÃO. AF_11/2016_P","UN",10.78]
[95756,"LUVA DE EMENDA PARA ELETRODUTO, AÇO GALVANIZADO, DN 40 MM (1 1/2''), APARENTE, INSTALADA EM TETO - FORNECIMENTO E INSTALAÇÃO. AF_11/2016_P","UN",14.37]
[95757,"LUVA DE EMENDA PARA ELETRODUTO, AÇO GALVANIZADO, DN 20 MM (3/4''), APARENTE, INSTALADA EM PAREDE - FORNECIMENTO E INSTALAÇÃO. AF_11/2016_P","UN",9.01]
[95758,"LUVA DE EMENDA PARA ELETRODUTO, AÇO GALVANIZADO, DN 25 MM (1''), APARENTE, INSTALADA EM PAREDE - FORNECIMENTO E INSTALAÇÃO. AF_11/2016_P","UN",10.130000000000001]
[95759,"LUVA DE EMENDA PARA ELETRODUTO, AÇO GALVANIZADO, DN 32 MM (1 1/4''), APARENTE, INSTALADA EM PAREDE - FORNECIMENTO E INSTALAÇÃO. AF_11/2016_P","UN",12.94]
[95760,"LUVA DE EMENDA PARA ELETRODUTO, AÇO GALVANIZADO, DN 40 MM (1 1/2''), APARENTE, INSTALADA EM PAREDE - FORNECIMENTO E INSTALAÇÃO. AF_11/2016_P","UN",15.96]
[97559,"CURVA 135 GRAUS PARA ELETRODUTO, PVC, ROSCÁVEL, DN 25 MM (3/4\u0094), PARA CIRCUITOS TERMINAIS, INSTALADA EM FORRO - FORNECIMENTO E INSTALAÇÃO. AF_12/2015","UN",8.64]
[97562,"CURVA 135 GRAUS PARA ELETRODUTO, PVC, ROSCÁVEL, DN 25 MM (3/4\u0094), PARA CIRCUITOS TERMINAIS, INSTALADA EM LAJE - FORNECIMENTO E INSTALAÇÃO. AF_12/2015","UN",10.29]
[97564,"CURVA 135 GRAUS PARA ELETRODUTO, PVC, ROSCÁVEL, DN 25 MM (3/4\u0094), PARA CIRCUITOS TERMINAIS, INSTALADA EM PAREDE - FORNECIMENTO E INSTALAÇÃO. AF_12/2015","UN",11.73]
[91924,"CABO DE COBRE FLEXÍVEL ISOLADO, 1,5 MM², ANTI-CHAMA 450/750 V, PARA CIRCUITOS TERMINAIS - FORNECIMENTO E INSTALAÇÃO. AF_12/2015","M",2.42]
[91925,"CABO DE COBRE FLEXÍVEL ISOLADO, 1,5 MM², ANTI-CHAMA 0,6/1,0 KV, PARA CIRCUITOS TERMINAIS - FORNECIMENTO E INSTALAÇÃO. AF_12/2015","M",3.47]
[91926,"CABO DE COBRE FLEXÍVEL ISOLADO, 2,5 MM², ANTI-CHAMA 450/750 V, PARA CIRCUITOS TERMINAIS - FORNECIMENTO E INSTALAÇÃO. AF_12/2015","M",3.53]
[91927,"CABO DE COBRE FLEXÍVEL ISOLADO, 2,5 MM², ANTI-CHAMA 0,6/1,0 KV, PARA CIRCUITOS TERMINAIS - FORNECIMENTO E INSTALAÇÃO. AF_12/2015","M",4.67]
[91928,"CABO DE COBRE FLEXÍVEL ISOLADO, 4 MM², ANTI-CHAMA 450/750 V, PARA CIRCUITOS TERMINAIS - FORNECIMENTO E INSTALAÇÃO. AF_12/2015","M",5.8]
[91929,"CABO DE COBRE FLEXÍVEL ISOLADO, 4 MM², ANTI-CHAMA 0,6/1,0 KV, PARA CIRCUITOS TERMINAIS - FORNECIMENTO E INSTALAÇÃO. AF_12/2015","M",6.61]
[91930,"CABO DE COBRE FLEXÍVEL ISOLADO, 6 MM², ANTI-CHAMA 450/750 V, PARA CIRCUITOS TERMINAIS - FORNECIMENTO E INSTALAÇÃO. AF_12/2015","M",7.95]
[91931,"CABO DE COBRE FLEXÍVEL ISOLADO, 6 MM², ANTI-CHAMA 0,6/1,0 KV, PARA CIRCUITOS TERMINAIS - FORNECIMENTO E INSTALAÇÃO. AF_12/2015","M",8.91]
[91932,"CABO DE COBRE FLEXÍVEL ISOLADO, 10 MM², ANTI-CHAMA 450/750 V, PARA CIRCUITOS TERMINAIS - FORNECIMENTO E INSTALAÇÃO. AF_12/2015","M",13.12]
[91933,"CABO DE COBRE FLEXÍVEL ISOLADO, 10 MM², ANTI-CHAMA 0,6/1,0 KV, PARA CIRCUITOS TERMINAIS - FORNECIMENTO E INSTALAÇÃO. AF_12/2015","M",14.03]
[91934,"CABO DE COBRE FLEXÍVEL ISOLADO, 16 MM², ANTI-CHAMA 450/750 V, PARA CIRCUITOS TERMINAIS - FORNECIMENTO E INSTALAÇÃO. AF_12/2015","M",23.21]
[91935,"CABO DE COBRE FLEXÍVEL ISOLADO, 16 MM², ANTI-CHAMA 0,6/1,0 KV, PARA CIRCUITOS TERMINAIS - FORNECIMENTO E INSTALAÇÃO. AF_12/2015","M",21.41]
[92979,"CABO DE COBRE FLEXÍVEL ISOLADO, 10 MM², ANTI-CHAMA 450/750 V, PARA DISTRIBUIÇÃO - FORNECIMENTO E INSTALAÇÃO. AF_12/2015","M",9.09]
[92980,"CABO DE COBRE FLEXÍVEL ISOLADO, 10 MM², ANTI-CHAMA 0,6/1,0 KV, PARA DISTRIBUIÇÃO - FORNECIMENTO E INSTALAÇÃO. AF_12/2015","M",9.89]
[92981,"CABO DE COBRE FLEXÍVEL ISOLADO, 16 MM², ANTI-CHAMA 450/750 V, PARA DISTRIBUIÇÃO - FORNECIMENTO E INSTALAÇÃO. AF_12/2015","M",16.66]
[92982,"CABO DE COBRE FLEXÍVEL ISOLADO, 16 MM², ANTI-CHAMA 0,6/1,0 KV, PARA DISTRIBUIÇÃO - FORNECIMENTO E INSTALAÇÃO. AF_12/2015","M",15.11]
[92983,"CABO DE COBRE FLEXÍVEL ISOLADO, 25 MM², ANTI-CHAMA 450/750 V, PARA DISTRIBUIÇÃO - FORNECIMENTO E INSTALAÇÃO. AF_12/2015","M",23.83]
[92984,"CABO DE COBRE FLEXÍVEL ISOLADO, 25 MM², ANTI-CHAMA 0,6/1,0 KV, PARA DISTRIBUIÇÃO - FORNECIMENTO E INSTALAÇÃO. AF_12/2015","M",24.47]
[92985,"CABO DE COBRE FLEXÍVEL ISOLADO, 35 MM², ANTI-CHAMA 450/750 V, PARA DISTRIBUIÇÃO - FORNECIMENTO E INSTALAÇÃO. AF_12/2015","M",32.18]
[92986,"CABO DE COBRE FLEXÍVEL ISOLADO, 35 MM², ANTI-CHAMA 0,6/1,0 KV, PARA DISTRIBUIÇÃO - FORNECIMENTO E INSTALAÇÃO. AF_12/2015","M",33.130000000000003]
[92987,"CABO DE COBRE FLEXÍVEL ISOLADO, 50 MM², ANTI-CHAMA 450/750 V, PARA DISTRIBUIÇÃO - FORNECIMENTO E INSTALAÇÃO. AF_12/2015","M",46.45]
[92988,"CABO DE COBRE FLEXÍVEL ISOLADO, 50 MM², ANTI-CHAMA 0,6/1,0 KV, PARA DISTRIBUIÇÃO - FORNECIMENTO E INSTALAÇÃO. AF_12/2015","M",46.56]
[92989,"CABO DE COBRE FLEXÍVEL ISOLADO, 70 MM², ANTI-CHAMA 450/750 V, PARA DISTRIBUIÇÃO - FORNECIMENTO E INSTALAÇÃO. AF_12/2015","M",64.650000000000006]
[92990,"CABO DE COBRE FLEXÍVEL ISOLADO, 70 MM², ANTI-CHAMA 0,6/1,0 KV, PARA DISTRIBUIÇÃO - FORNECIMENTO E INSTALAÇÃO. AF_12/2015","M",63.89]
[92991,"CABO DE COBRE FLEXÍVEL ISOLADO, 95 MM², ANTI-CHAMA 450/750 V, PARA DISTRIBUIÇÃO - FORNECIMENTO E INSTALAÇÃO. AF_12/2015","M",84.37]
[92992,"CABO DE COBRE FLEXÍVEL ISOLADO, 95 MM², ANTI-CHAMA 0,6/1,0 KV, PARA DISTRIBUIÇÃO - FORNECIMENTO E INSTALAÇÃO. AF_12/2015","M",84.43]
[92993,"CABO DE COBRE FLEXÍVEL ISOLADO, 120 MM², ANTI-CHAMA 450/750 V, PARA DISTRIBUIÇÃO - FORNECIMENTO E INSTALAÇÃO. AF_12/2015","M",108.24]
[92994,"CABO DE COBRE FLEXÍVEL ISOLADO, 120 MM², ANTI-CHAMA 0,6/1,0 KV, PARA DISTRIBUIÇÃO - FORNECIMENTO E INSTALAÇÃO. AF_12/2015","M",109.31]
[92995,"CABO DE COBRE FLEXÍVEL ISOLADO, 150 MM², ANTI-CHAMA 450/750 V, PARA DISTRIBUIÇÃO - FORNECIMENTO E INSTALAÇÃO. AF_12/2015","M",134.72]
[92996,"CABO DE COBRE FLEXÍVEL ISOLADO, 150 MM², ANTI-CHAMA 0,6/1,0 KV, PARA DISTRIBUIÇÃO - FORNECIMENTO E INSTALAÇÃO. AF_12/2015","M",135.1]
[92997,"CABO DE COBRE FLEXÍVEL ISOLADO, 185 MM², ANTI-CHAMA 450/750 V, PARA DISTRIBUIÇÃO - FORNECIMENTO E INSTALAÇÃO. AF_12/2015","M",163.72999999999999]
[92998,"CABO DE COBRE FLEXÍVEL ISOLADO, 185 MM², ANTI-CHAMA 0,6/1,0 KV, PARA DISTRIBUIÇÃO - FORNECIMENTO E INSTALAÇÃO. AF_12/2015","M",165.32]
[92999,"CABO DE COBRE FLEXÍVEL ISOLADO, 240 MM², ANTI-CHAMA 450/750 V, PARA DISTRIBUIÇÃO - FORNECIMENTO E INSTALAÇÃO. AF_12/2015","M",215.72]
[93000,"CABO DE COBRE FLEXÍVEL ISOLADO, 240 MM², ANTI-CHAMA 0,6/1,0 KV, PARA DISTRIBUIÇÃO - FORNECIMENTO E INSTALAÇÃO. AF_12/2015","M",217.05]
[93001,"CABO DE COBRE RÍGIDO ISOLADO, 300 MM², ANTI-CHAMA 450/750 V, PARA DISTRIBUIÇÃO - FORNECIMENTO E INSTALAÇÃO. AF_12/2015","M",263.52999999999997]
[93002,"CABO DE COBRE FLEXÍVEL ISOLADO, 300 MM², ANTI-CHAMA 0,6/1,0 KV, PARA DISTRIBUIÇÃO - FORNECIMENTO E INSTALAÇÃO. AF_12/2015","M",270.93]
[101884,"CABO DE COBRE ISOLADO, 10 MM², ANTI-CHAMA 450/750 V, INSTALADO EM ELETROCALHA OU PERFILADO - FORNECIMENTO E INSTALAÇÃO. AF_10/2020","M",8.8800000000000008]
[101885,"CABO DE COBRE ISOLADO, 10 MM², ANTI-CHAMA 0,6/1 KV, INSTALADO EM ELETROCALHA OU PERFILADO - FORNECIMENTO E INSTALAÇÃO. AF_10/2020","M",9.68]
[101886,"CABO DE COBRE ISOLADO, 16 MM², ANTI-CHAMA 450/750 V, INSTALADO EM ELETROCALHA OU PERFILADO - FORNECIMENTO E INSTALAÇÃO. AF_10/2020","M",16.43]
[101887,"CABO DE COBRE ISOLADO, 16 MM², ANTI-CHAMA 0,6/1 KV, INSTALADO EM ELETROCALHA OU PERFILADO - FORNECIMENTO E INSTALAÇÃO. AF_10/2020","M",14.88]
[101888,"CABO DE COBRE ISOLADO, 25 MM², ANTI-CHAMA 450/750 V, INSTALADO EM ELETROCALHA OU PERFILADO - FORNECIMENTO E INSTALAÇÃO. AF_10/2020","M",22.06]
[101889,"CABO DE COBRE ISOLADO, 25 MM², ANTI-CHAMA 0,6/1 KV, INSTALADO EM ELETROCALHA OU PERFILADO - FORNECIMENTO E INSTALAÇÃO. AF_10/2020","M",22.71]
[91936,"CAIXA OCTOGONAL 4\" X 4\", PVC, INSTALADA EM LAJE - FORNECIMENTO E INSTALAÇÃO. AF_12/2015","UN",11.39]
[91937,"CAIXA OCTOGONAL 3\" X 3\", PVC, INSTALADA EM LAJE - FORNECIMENTO E INSTALAÇÃO. AF_12/2015","UN",9.6]
[91939,"CAIXA RETANGULAR 4\" X 2\" ALTA (2,00 M DO PISO), PVC, INSTALADA EM PAREDE - FORNECIMENTO E INSTALAÇÃO. AF_12/2015","UN",22.97]
[91940,"CAIXA RETANGULAR 4\" X 2\" MÉDIA (1,30 M DO PISO), PVC, INSTALADA EM PAREDE - FORNECIMENTO E INSTALAÇÃO. AF_12/2015","UN",12.32]
[91941,"CAIXA RETANGULAR 4\" X 2\" BAIXA (0,30 M DO PISO), PVC, INSTALADA EM PAREDE - FORNECIMENTO E INSTALAÇÃO. AF_12/2015","UN",8.34]
[91942,"CAIXA RETANGULAR 4\" X 4\" ALTA (2,00 M DO PISO), PVC, INSTALADA EM PAREDE - FORNECIMENTO E INSTALAÇÃO. AF_12/2015","UN",28.36]
[91943,"CAIXA RETANGULAR 4\" X 4\" MÉDIA (1,30 M DO PISO), PVC, INSTALADA EM PAREDE - FORNECIMENTO E INSTALAÇÃO. AF_12/2015","UN",16.11]
[91944,"CAIXA RETANGULAR 4\" X 4\" BAIXA (0,30 M DO PISO), PVC, INSTALADA EM PAREDE - FORNECIMENTO E INSTALAÇÃO. AF_12/2015","UN",11.53]
[92865,"CAIXA OCTOGONAL 4\" X 4\", METÁLICA, INSTALADA EM LAJE - FORNECIMENTO E INSTALAÇÃO. AF_12/2015","UN",9.3800000000000008]
[92866,"CAIXA SEXTAVADA 3\" X 3\", METÁLICA, INSTALADA EM LAJE - FORNECIMENTO E INSTALAÇÃO. AF_12/2015","UN",7.31]
[92867,"CAIXA RETANGULAR 4\" X 2\" ALTA (2,00 M DO PISO), METÁLICA, INSTALADA EM PAREDE - FORNECIMENTO E INSTALAÇÃO. AF_12/2015","UN",22.52]
[92868,"CAIXA RETANGULAR 4\" X 2\" MÉDIA (1,30 M DO PISO), METÁLICA, INSTALADA EM PAREDE - FORNECIMENTO E INSTALAÇÃO. AF_12/2015","UN",11.87]
[92869,"CAIXA RETANGULAR 4\" X 2\" BAIXA (0,30 M DO PISO), METÁLICA, INSTALADA EM PAREDE - FORNECIMENTO E INSTALAÇÃO. AF_12/2015","UN",7.89]
[92870,"CAIXA RETANGULAR 4\" X 4\" ALTA (2,00 M DO PISO), METÁLICA, INSTALADA EM PAREDE - FORNECIMENTO E INSTALAÇÃO. AF_12/2015","UN",27.7]
[92871,"CAIXA RETANGULAR 4\" X 4\" MÉDIA (1,30 M DO PISO), METÁLICA, INSTALADA EM PAREDE - FORNECIMENTO E INSTALAÇÃO. AF_12/2015","UN",15.45]
[92872,"CAIXA RETANGULAR 4\" X 4\" BAIXA (0,30 M DO PISO), METÁLICA, INSTALADA EM PAREDE - FORNECIMENTO E INSTALAÇÃO. AF_12/2015","UN",10.87]
[95777,"CONDULETE DE ALUMÍNIO, TIPO B, PARA ELETRODUTO DE AÇO GALVANIZADO DN 20 MM (3/4''), APARENTE - FORNECIMENTO E INSTALAÇÃO. AF_11/2016_P","UN",22.13]
[95778,"CONDULETE DE ALUMÍNIO, TIPO C, PARA ELETRODUTO DE AÇO GALVANIZADO DN 20 MM (3/4''), APARENTE - FORNECIMENTO E INSTALAÇÃO. AF_11/2016_P","UN",22.64]
[95779,"CONDULETE DE ALUMÍNIO, TIPO E, PARA ELETRODUTO DE AÇO GALVANIZADO DN 20 MM (3/4''), APARENTE - FORNECIMENTO E INSTALAÇÃO. AF_11/2016_P","UN",20.93]
[95780,"CONDULETE DE ALUMÍNIO, TIPO B, PARA ELETRODUTO DE AÇO GALVANIZADO DN 25 MM (1''), APARENTE - FORNECIMENTO E INSTALAÇÃO. AF_11/2016_P","UN",25.05]
[95781,"CONDULETE DE ALUMÍNIO, TIPO C, PARA ELETRODUTO DE AÇO GALVANIZADO DN 25 MM (1''), APARENTE - FORNECIMENTO E INSTALAÇÃO. AF_11/2016_P","UN",25.42]
[95782,"CONDULETE DE ALUMÍNIO, TIPO E, ELETRODUTO DE AÇO GALVANIZADO DN 25 MM (1''), APARENTE - FORNECIMENTO E INSTALAÇÃO. AF_11/2016_P","UN",26.41]
[95785,"CONDULETE DE ALUMÍNIO, TIPO E, PARA ELETRODUTO DE AÇO GALVANIZADO DN 32 MM (1 1/4''), APARENTE - FORNECIMENTO E INSTALAÇÃO. AF_11/2016_P","UN",29.91]
[95787,"CONDULETE DE ALUMÍNIO, TIPO LR, PARA ELETRODUTO DE AÇO GALVANIZADO DN 20 MM (3/4''), APARENTE - FORNECIMENTO E INSTALAÇÃO. AF_11/2016_P","UN",22.48]
[95789,"CONDULETE DE ALUMÍNIO, TIPO LR, PARA ELETRODUTO DE AÇO GALVANIZADO DN 25 MM (1''), APARENTE - FORNECIMENTO E INSTALAÇÃO. AF_11/2016_P","UN",27.6]
[95791,"CONDULETE DE ALUMÍNIO, TIPO LR, PARA ELETRODUTO DE AÇO GALVANIZADO DN 32 MM (1 1/4''), APARENTE - FORNECIMENTO E INSTALAÇÃO. AF_11/2016_P","UN",35.22]
[95795,"CONDULETE DE ALUMÍNIO, TIPO T, PARA ELETRODUTO DE AÇO GALVANIZADO DN 20 MM (3/4''), APARENTE - FORNECIMENTO E INSTALAÇÃO. AF_11/2016_P","UN",25.99]
[95796,"CONDULETE DE ALUMÍNIO, TIPO T, PARA ELETRODUTO DE AÇO GALVANIZADO DN 25 MM (1''), APARENTE - FORNECIMENTO E INSTALAÇÃO. AF_11/2016_P","UN",32.5]
[95797,"CONDULETE DE ALUMÍNIO, TIPO T, PARA ELETRODUTO DE AÇO GALVANIZADO DN 32 MM (1 1/4''), APARENTE - FORNECIMENTO E INSTALAÇÃO. AF_11/2016_P","UN",40.98]
[95801,"CONDULETE DE ALUMÍNIO, TIPO X, PARA ELETRODUTO DE AÇO GALVANIZADO DN 20 MM (3/4''), APARENTE - FORNECIMENTO E INSTALAÇÃO. AF_11/2016_P","UN",31.1]
[95802,"CONDULETE DE ALUMÍNIO, TIPO X, PARA ELETRODUTO DE AÇO GALVANIZADO DN 25 MM (1''), APARENTE - FORNECIMENTO E INSTALAÇÃO. AF_11/2016_P","UN",34.64]
[95803,"CONDULETE DE ALUMÍNIO, TIPO X, PARA ELETRODUTO DE AÇO GALVANIZADO DN 32 MM (1 1/4''), APARENTE - FORNECIMENTO E INSTALAÇÃO. AF_11/2016_P","UN",45.5]
[95804,"CONDULETE DE PVC, TIPO B, PARA ELETRODUTO DE PVC SOLDÁVEL DN 20 MM (1/2''), APARENTE - FORNECIMENTO E INSTALAÇÃO. AF_11/2016","UN",20.79]
[95805,"CONDULETE DE PVC, TIPO B, PARA ELETRODUTO DE PVC SOLDÁVEL DN 25 MM (3/4''), APARENTE - FORNECIMENTO E INSTALAÇÃO. AF_11/2016","UN",20.98]
[95806,"CONDULETE DE PVC, TIPO B, PARA ELETRODUTO DE PVC SOLDÁVEL DN 32 MM (1''), APARENTE - FORNECIMENTO E INSTALAÇÃO. AF_11/2016","UN",21.66]
[95807,"CONDULETE DE PVC, TIPO LL, PARA ELETRODUTO DE PVC SOLDÁVEL DN 20 MM (1/2''), APARENTE - FORNECIMENTO E INSTALAÇÃO. AF_11/2016","UN",23.87]
[95808,"CONDULETE DE PVC, TIPO LL, PARA ELETRODUTO DE PVC SOLDÁVEL DN 25 MM (3/4''), APARENTE - FORNECIMENTO E INSTALAÇÃO. AF_11/2016","UN",24.42]
[95809,"CONDULETE DE PVC, TIPO LL, PARA ELETRODUTO DE PVC SOLDÁVEL DN 32 MM (1''), APARENTE - FORNECIMENTO E INSTALAÇÃO. AF_11/2016","UN",26.91]
[95810,"CONDULETE DE PVC, TIPO LB, PARA ELETRODUTO DE PVC SOLDÁVEL DN 20 MM (1/2''), APARENTE - FORNECIMENTO E INSTALAÇÃO. AF_11/2016","UN",13.56]
[95811,"CONDULETE DE PVC, TIPO LB, PARA ELETRODUTO DE PVC SOLDÁVEL DN 25 MM (3/4''), APARENTE - FORNECIMENTO E INSTALAÇÃO. AF_11/2016","UN",14.12]
[95812,"CONDULETE DE PVC, TIPO LB, PARA ELETRODUTO DE PVC SOLDÁVEL DN 32 MM (1''), APARENTE - FORNECIMENTO E INSTALAÇÃO. AF_11/2016","UN",16.600000000000001]
[95813,"CONDULETE DE PVC, TIPO TB, PARA ELETRODUTO DE PVC SOLDÁVEL DN 20 MM (1/2''), APARENTE - FORNECIMENTO E INSTALAÇÃO. AF_11/2016","UN",16.22]
[95814,"CONDULETE DE PVC, TIPO TB, PARA ELETRODUTO DE PVC SOLDÁVEL DN 25 MM (3/4''), APARENTE - FORNECIMENTO E INSTALAÇÃO. AF_11/2016","UN",17.05]
[95815,"CONDULETE DE PVC, TIPO TB, PARA ELETRODUTO DE PVC SOLDÁVEL DN 32 MM (1''), APARENTE - FORNECIMENTO E INSTALAÇÃO. AF_11/2016","UN",21.87]
[95816,"CONDULETE DE PVC, TIPO X, PARA ELETRODUTO DE PVC SOLDÁVEL DN 20 MM (1/2''), APARENTE - FORNECIMENTO E INSTALAÇÃO. AF_11/2016","UN",29.43]
[95817,"CONDULETE DE PVC, TIPO X, PARA ELETRODUTO DE PVC SOLDÁVEL DN 25 MM (3/4''), APARENTE - FORNECIMENTO E INSTALAÇÃO. AF_11/2016","UN",30.1]
[95818,"CONDULETE DE PVC, TIPO X, PARA ELETRODUTO DE PVC SOLDÁVEL DN 32 MM (1''), APARENTE - FORNECIMENTO E INSTALAÇÃO. AF_11/2016","UN",36.590000000000003]
[97881,"CAIXA ENTERRADA ELÉTRICA RETANGULAR, EM CONCRETO PRÉ-MOLDADO, FUNDO COM BRITA, DIMENSÕES INTERNAS: 0,3X0,3X0,3 M. AF_12/2020","UN",93.66]
[97882,"CAIXA ENTERRADA ELÉTRICA RETANGULAR, EM CONCRETO PRÉ-MOLDADO, FUNDO COM BRITA, DIMENSÕES INTERNAS: 0,4X0,4X0,4 M. AF_12/2020","UN",145.44999999999999]
[97883,"CAIXA ENTERRADA ELÉTRICA RETANGULAR, EM CONCRETO PRÉ-MOLDADO, FUNDO COM BRITA, DIMENSÕES INTERNAS: 0,6X0,6X0,5 M. AF_12/2020","UN",279.32]
[97884,"CAIXA ENTERRADA ELÉTRICA RETANGULAR, EM CONCRETO PRÉ-MOLDADO, FUNDO COM BRITA, DIMENSÕES INTERNAS: 0,8X0,8X0,5 M. AF_12/2020","UN",533.29999999999995]
[97885,"CAIXA ENTERRADA ELÉTRICA RETANGULAR, EM CONCRETO PRÉ-MOLDADO, FUNDO COM BRITA, DIMENSÕES INTERNAS: 1X1X0,5 M. AF_12/2020","UN",823.17]
[97886,"CAIXA ENTERRADA ELÉTRICA RETANGULAR, EM ALVENARIA COM TIJOLOS CERÂMICOS MACIÇOS, FUNDO COM BRITA, DIMENSÕES INTERNAS: 0,3X0,3X0,3 M. AF_12/2020","UN",147.19999999999999]
[97887,"CAIXA ENTERRADA ELÉTRICA RETANGULAR, EM ALVENARIA COM TIJOLOS CERÂMICOS MACIÇOS, FUNDO COM BRITA, DIMENSÕES INTERNAS: 0,4X0,4X0,4 M. AF_12/2020","UN",232.71]
[97888,"CAIXA ENTERRADA ELÉTRICA RETANGULAR, EM ALVENARIA COM TIJOLOS CERÂMICOS MACIÇOS, FUNDO COM BRITA, DIMENSÕES INTERNAS: 0,6X0,6X0,6 M. AF_12/2020","UN",452.09]
[97889,"CAIXA ENTERRADA ELÉTRICA RETANGULAR, EM ALVENARIA COM TIJOLOS CERÂMICOS MACIÇOS, FUNDO COM BRITA, DIMENSÕES INTERNAS: 0,8X0,8X0,6 M. AF_12/2020","UN",600.65]
[97890,"CAIXA ENTERRADA ELÉTRICA RETANGULAR, EM ALVENARIA COM TIJOLOS CERÂMICOS MACIÇOS, FUNDO COM BRITA, DIMENSÕES INTERNAS: 1X1X0,6 M. AF_12/2020","UN",692.64]
[97891,"CAIXA ENTERRADA ELÉTRICA RETANGULAR, EM ALVENARIA COM BLOCOS DE CONCRETO, FUNDO COM BRITA, DIMENSÕES INTERNAS: 0,4X0,4X0,4 M. AF_12/2020","UN",164.95]
[97892,"CAIXA ENTERRADA ELÉTRICA RETANGULAR, EM ALVENARIA COM BLOCOS DE CONCRETO, FUNDO COM BRITA, DIMENSÕES INTERNAS: 0,6X0,6X0,6 M. AF_12/2020","UN",308.83]
[97893,"CAIXA ENTERRADA ELÉTRICA RETANGULAR, EM ALVENARIA COM BLOCOS DE CONCRETO, FUNDO COM BRITA, DIMENSÕES INTERNAS: 0,8X0,8X0,6 M. AF_12/2020","UN",417.96]
[97894,"CAIXA ENTERRADA ELÉTRICA RETANGULAR, EM ALVENARIA COM BLOCOS DE CONCRETO, FUNDO COM BRITA, DIMENSÕES INTERNAS: 1X1X0,6 M. AF_12/2020","UN",471.26]
[93653,"DISJUNTOR MONOPOLAR TIPO DIN, CORRENTE NOMINAL DE 10A - FORNECIMENTO E INSTALAÇÃO. AF_10/2020","UN",14.18]
[93654,"DISJUNTOR MONOPOLAR TIPO DIN, CORRENTE NOMINAL DE 16A - FORNECIMENTO E INSTALAÇÃO. AF_10/2020","UN",14.67]
[93655,"DISJUNTOR MONOPOLAR TIPO DIN, CORRENTE NOMINAL DE 20A - FORNECIMENTO E INSTALAÇÃO. AF_10/2020","UN",15.66]
[93656,"DISJUNTOR MONOPOLAR TIPO DIN, CORRENTE NOMINAL DE 25A - FORNECIMENTO E INSTALAÇÃO. AF_10/2020","UN",15.66]
[93657,"DISJUNTOR MONOPOLAR TIPO DIN, CORRENTE NOMINAL DE 32A - FORNECIMENTO E INSTALAÇÃO. AF_10/2020","UN",16.87]
[93658,"DISJUNTOR MONOPOLAR TIPO DIN, CORRENTE NOMINAL DE 40A - FORNECIMENTO E INSTALAÇÃO. AF_10/2020","UN",24.45]
[93659,"DISJUNTOR MONOPOLAR TIPO DIN, CORRENTE NOMINAL DE 50A - FORNECIMENTO E INSTALAÇÃO. AF_10/2020","UN",26.84]
[93660,"DISJUNTOR BIPOLAR TIPO DIN, CORRENTE NOMINAL DE 10A - FORNECIMENTO E INSTALAÇÃO. AF_10/2020","UN",72.739999999999995]
[93661,"DISJUNTOR BIPOLAR TIPO DIN, CORRENTE NOMINAL DE 16A - FORNECIMENTO E INSTALAÇÃO. AF_10/2020","UN",73.72]
[93662,"DISJUNTOR BIPOLAR TIPO DIN, CORRENTE NOMINAL DE 20A - FORNECIMENTO E INSTALAÇÃO. AF_10/2020","UN",75.72]
[93663,"DISJUNTOR BIPOLAR TIPO DIN, CORRENTE NOMINAL DE 25A - FORNECIMENTO E INSTALAÇÃO. AF_10/2020","UN",75.72]
[93664,"DISJUNTOR BIPOLAR TIPO DIN, CORRENTE NOMINAL DE 32A - FORNECIMENTO E INSTALAÇÃO. AF_10/2020","UN",78.12]
[93665,"DISJUNTOR BIPOLAR TIPO DIN, CORRENTE NOMINAL DE 40A - FORNECIMENTO E INSTALAÇÃO. AF_10/2020","UN",80.77]
[93666,"DISJUNTOR BIPOLAR TIPO DIN, CORRENTE NOMINAL DE 50A - FORNECIMENTO E INSTALAÇÃO. AF_10/2020","UN",85.55]
[93667,"DISJUNTOR TRIPOLAR TIPO DIN, CORRENTE NOMINAL DE 10A - FORNECIMENTO E INSTALAÇÃO. AF_10/2020","UN",90.39]
[93668,"DISJUNTOR TRIPOLAR TIPO DIN, CORRENTE NOMINAL DE 16A - FORNECIMENTO E INSTALAÇÃO. AF_10/2020","UN",91.85]
[93669,"DISJUNTOR TRIPOLAR TIPO DIN, CORRENTE NOMINAL DE 20A - FORNECIMENTO E INSTALAÇÃO. AF_10/2020","UN",94.85]
[93670,"DISJUNTOR TRIPOLAR TIPO DIN, CORRENTE NOMINAL DE 25A - FORNECIMENTO E INSTALAÇÃO. AF_10/2020","UN",94.85]
[93671,"DISJUNTOR TRIPOLAR TIPO DIN, CORRENTE NOMINAL DE 32A - FORNECIMENTO E INSTALAÇÃO. AF_10/2020","UN",98.46]
[93672,"DISJUNTOR TRIPOLAR TIPO DIN, CORRENTE NOMINAL DE 40A - FORNECIMENTO E INSTALAÇÃO. AF_10/2020","UN",104]
[93673,"DISJUNTOR TRIPOLAR TIPO DIN, CORRENTE NOMINAL DE 50A - FORNECIMENTO E INSTALAÇÃO. AF_10/2020","UN",111.18]
[97359,"QUADRO DE MEDIÇÃO GERAL DE ENERGIA COM 8 MEDIDORES - FORNECIMENTO E INSTALAÇÃO. AF_10/2020","UN",2102.7199999999998]
[97360,"QUADRO DE MEDIÇÃO GERAL DE ENERGIA COM 12 MEDIDORES - FORNECIMENTO E INSTALAÇÃO. AF_10/2020","UN",4035.86]
[97361,"QUADRO DE MEDIÇÃO GERAL DE ENERGIA COM 16 MEDIDORES - FORNECIMENTO E INSTALAÇÃO. AF_10/2020","UN",5381.15]
[97362,"QUADRO DE MEDIÇÃO GERAL DE ENERGIA PARA BARRAMENTO BLINDADO COM 4 MEDIDORES - FORNECIMENTO E INSTALAÇÃO. AF_10/2020","UN",2040.74]
[101875,"QUADRO DE DISTRIBUIÇÃO DE ENERGIA EM CHAPA DE AÇO GALVANIZADO, DE EMBUTIR, COM BARRAMENTO TRIFÁSICO, PARA 12 DISJUNTORES DIN 100A - FORNECIMENTO E INSTALAÇÃO. AF_10/2020","UN",431.18]
[101876,"QUADRO DE DISTRIBUIÇÃO DE ENERGIA EM PVC, DE EMBUTIR, SEM BARRAMENTO, PARA 6 DISJUNTORES - FORNECIMENTO E INSTALAÇÃO. AF_10/2020","UN",50.3]
[101877,"QUADRO DE DISTRIBUIÇÃO DE ENERGIA EM PVC, DE EMBUTIR, SEM BARRAMENTO, PARA 3 DISJUNTORES - FORNECIMENTO E INSTALAÇÃO. AF_10/2020","UN",35.46]
[101878,"QUADRO DE DISTRIBUIÇÃO DE ENERGIA EM CHAPA DE AÇO GALVANIZADO, DE SOBREPOR, COM BARRAMENTO TRIFÁSICO, PARA 18 DISJUNTORES DIN 100A - FORNECIMENTO E INSTALAÇÃO. AF_10/2020","UN",587.16]
[101879,"QUADRO DE DISTRIBUIÇÃO DE ENERGIA EM CHAPA DE AÇO GALVANIZADO, DE EMBUTIR, COM BARRAMENTO TRIFÁSICO, PARA 24 DISJUNTORES DIN 100A - FORNECIMENTO E INSTALAÇÃO. AF_10/2020","UN",626.86]
[101880,"QUADRO DE DISTRIBUIÇÃO DE ENERGIA EM CHAPA DE AÇO GALVANIZADO, DE EMBUTIR, COM BARRAMENTO TRIFÁSICO, PARA 30 DISJUNTORES DIN 150A - FORNECIMENTO E INSTALAÇÃO. AF_10/2020","UN",720.98]
[101881,"QUADRO DE DISTRIBUIÇÃO DE ENERGIA EM CHAPA DE AÇO GALVANIZADO, DE EMBUTIR, COM BARRAMENTO TRIFÁSICO, PARA 40 DISJUNTORES DIN 100A - FORNECIMENTO E INSTALAÇÃO. AF_10/2020","UN",1042.06]
[101882,"QUADRO DE DISTRIBUIÇÃO DE ENERGIA EM CHAPA DE AÇO GALVANIZADO, DE EMBUTIR, COM BARRAMENTO TRIFÁSICO, PARA 30 DISJUNTORES DIN 225A - FORNECIMENTO E INSTALAÇÃO. AF_10/2020","UN",1484.52]
[101883,"QUADRO DE DISTRIBUIÇÃO DE ENERGIA EM CHAPA DE AÇO GALVANIZADO, DE EMBUTIR, COM BARRAMENTO TRIFÁSICO, PARA 18 DISJUNTORES DIN 100A - FORNECIMENTO E INSTALAÇÃO. AF_10/2020","UN",597.30999999999995]
[101890,"DISJUNTOR MONOPOLAR TIPO NEMA, CORRENTE NOMINAL DE 10 ATÉ 30A - FORNECIMENTO E INSTALAÇÃO. AF_10/2020","UN",19.170000000000002]
[101891,"DISJUNTOR MONOPOLAR TIPO NEMA, CORRENTE NOMINAL DE 35 ATÉ 50A - FORNECIMENTO E INSTALAÇÃO. AF_10/2020","UN",32.65]
[101892,"DISJUNTOR BIPOLAR TIPO NEMA, CORRENTE NOMINAL DE 10 ATÉ 50A - FORNECIMENTO E INSTALAÇÃO. AF_10/2020","UN",90.44]
[101893,"DISJUNTOR TRIPOLAR TIPO NEMA, CORRENTE NOMINAL DE 10 ATÉ 50A - FORNECIMENTO E INSTALAÇÃO. AF_10/2020","UN",114.72]
[101894,"DISJUNTOR TRIPOLAR TIPO NEMA, CORRENTE NOMINAL DE 60 ATÉ 100A - FORNECIMENTO E INSTALAÇÃO. AF_10/2020","UN",183.88]
[101895,"DISJUNTOR TERMOMAGNÉTICO TRIPOLAR , CORRENTE NOMINAL DE 125A - FORNECIMENTO E INSTALAÇÃO. AF_10/2020","UN",522.09]
[101896,"DISJUNTOR TERMOMAGNÉTICO TRIPOLAR , CORRENTE NOMINAL DE 200A - FORNECIMENTO E INSTALAÇÃO. AF_10/2020","UN",799.75]
[101897,"DISJUNTOR TERMOMAGNÉTICO TRIPOLAR , CORRENTE NOMINAL DE 250A - FORNECIMENTO E INSTALAÇÃO. AF_10/2020","UN",1298.23]
[101898,"DISJUNTOR TERMOMAGNÉTICO TRIPOLAR , CORRENTE NOMINAL DE 400A - FORNECIMENTO E INSTALAÇÃO. AF_10/2020","UN",1751.99]
[101899,"DISJUNTOR TERMOMAGNÉTICO TRIPOLAR , CORRENTE NOMINAL DE 600A - FORNECIMENTO E INSTALAÇÃO. AF_10/2020","UN",2831.3]
[101900,"DISJUNTOR BAIXA TENSÃO TRIPOLAR A SECO  800A/600V - FORNECIMENTO E INSTALAÇÃO. AF_10/2020","UN",5957.47]
[101901,"CONTATOR TRIPOLAR I NOMINAL 12A - FORNECIMENTO E INSTALAÇÃO. AF_10/2020","UN",276.48]
[101902,"CONTATOR TRIPOLAR I NOMINAL 22A - FORNECIMENTO E INSTALAÇÃO. AF_10/2020","UN",340.12]
[101903,"CONTATOR TRIPOLAR I NOMINAL 38A - FORNECIMENTO E INSTALAÇÃO. AF_10/2020","UN",713.08]
[101904,"CONTATOR TRIPOLAR I NOMIMAL 95A - FORNECIMENTO E INSTALAÇÃO. AF_10/2020","UN",2672.72]
[101938,"CAIXA DE PROTEÇÃO PARA MEDIDOR MONOFÁSICO DE EMBUTIR - FORNECIMENTO E INSTALAÇÃO. AF_10/2020","UN",67.34]
[101946,"QUADRO DE MEDIÇÃO GERAL DE ENERGIA PARA 1 MEDIDOR DE SOBREPOR - FORNECIMENTO E INSTALAÇÃO. AF_10/2020","UN",107.85]
[91945,"SUPORTE PARAFUSADO COM PLACA DE ENCAIXE 4\" X 2\" ALTO (2,00 M DO PISO) PARA PONTO ELÉTRICO - FORNECIMENTO E INSTALAÇÃO. AF_12/2015","UN",7.46]
[91946,"SUPORTE PARAFUSADO COM PLACA DE ENCAIXE 4\" X 2\" MÉDIO (1,30 M DO PISO) PARA PONTO ELÉTRICO - FORNECIMENTO E INSTALAÇÃO. AF_12/2015","UN",6.17]
[91947,"SUPORTE PARAFUSADO COM PLACA DE ENCAIXE 4\" X 2\" BAIXO (0,30 M DO PISO) PARA PONTO ELÉTRICO - FORNECIMENTO E INSTALAÇÃO. AF_12/2015","UN",5.37]
[91949,"SUPORTE PARAFUSADO COM PLACA DE ENCAIXE 4\" X 4\" ALTO (2,00 M DO PISO) PARA PONTO ELÉTRICO - FORNECIMENTO E INSTALAÇÃO. AF_12/2015","UN",11.29]
[91950,"SUPORTE PARAFUSADO COM PLACA DE ENCAIXE 4\" X 4\" MÉDIO (1,30 M DO PISO) PARA PONTO ELÉTRICO - FORNECIMENTO E INSTALAÇÃO. AF_12/2015","UN",9.73]
[91951,"SUPORTE PARAFUSADO COM PLACA DE ENCAIXE 4\" X 4\" BAIXO (0,30 M DO PISO) PARA PONTO ELÉTRICO - FORNECIMENTO E INSTALAÇÃO. AF_12/2015","UN",8.7899999999999991]
[91952,"INTERRUPTOR SIMPLES (1 MÓDULO), 10A/250V, SEM SUPORTE E SEM PLACA - FORNECIMENTO E INSTALAÇÃO. AF_12/2015","UN",14.1]
[91953,"INTERRUPTOR SIMPLES (1 MÓDULO), 10A/250V, INCLUINDO SUPORTE E PLACA - FORNECIMENTO E INSTALAÇÃO. AF_12/2015","UN",20.27]
[91954,"INTERRUPTOR PARALELO (1 MÓDULO), 10A/250V, SEM SUPORTE E SEM PLACA - FORNECIMENTO E INSTALAÇÃO. AF_12/2015","UN",18.95]
[91955,"INTERRUPTOR PARALELO (1 MÓDULO), 10A/250V, INCLUINDO SUPORTE E PLACA - FORNECIMENTO E INSTALAÇÃO. AF_12/2015","UN",25.12]
[91956,"INTERRUPTOR SIMPLES (1 MÓDULO) COM INTERRUPTOR PARALELO (1 MÓDULO), 10A/250V, SEM SUPORTE E SEM PLACA - FORNECIMENTO E INSTALAÇÃO. AF_12/2015","UN",30.68]
[91957,"INTERRUPTOR SIMPLES (1 MÓDULO) COM INTERRUPTOR PARALELO (1 MÓDULO), 10A/250V, INCLUINDO SUPORTE E PLACA - FORNECIMENTO E INSTALAÇÃO. AF_12/2015","UN",36.85]
[91958,"INTERRUPTOR SIMPLES (2 MÓDULOS), 10A/250V, SEM SUPORTE E SEM PLACA - FORNECIMENTO E INSTALAÇÃO. AF_12/2015","UN",25.87]
[91959,"INTERRUPTOR SIMPLES (2 MÓDULOS), 10A/250V, INCLUINDO SUPORTE E PLACA - FORNECIMENTO E INSTALAÇÃO. AF_12/2015","UN",32.04]
[91960,"INTERRUPTOR PARALELO (2 MÓDULOS), 10A/250V, SEM SUPORTE E SEM PLACA - FORNECIMENTO E INSTALAÇÃO. AF_12/2015","UN",35.53]
[91961,"INTERRUPTOR PARALELO (2 MÓDULOS), 10A/250V, INCLUINDO SUPORTE E PLACA - FORNECIMENTO E INSTALAÇÃO. AF_12/2015","UN",41.7]
[91962,"INTERRUPTOR SIMPLES (1 MÓDULO) COM INTERRUPTOR PARALELO (2 MÓDULOS), 10A/250V, SEM SUPORTE E SEM PLACA - FORNECIMENTO E INSTALAÇÃO. AF_12/2015","UN",47.3]
[91963,"INTERRUPTOR SIMPLES (1 MÓDULO) COM INTERRUPTOR PARALELO (2 MÓDULOS), 10A/250V, INCLUINDO SUPORTE E PLACA - FORNECIMENTO E INSTALAÇÃO. AF_12/2015","UN",53.47]
[91964,"INTERRUPTOR SIMPLES (2 MÓDULOS) COM INTERRUPTOR PARALELO (1 MÓDULO), 10A/250V, SEM SUPORTE E SEM PLACA - FORNECIMENTO E INSTALAÇÃO. AF_12/2015","UN",42.45]
[91965,"INTERRUPTOR SIMPLES (2 MÓDULOS) COM INTERRUPTOR PARALELO (1 MÓDULO), 10A/250V, INCLUINDO SUPORTE E PLACA - FORNECIMENTO E INSTALAÇÃO. AF_12/2015","UN",48.62]
[91966,"INTERRUPTOR SIMPLES (3 MÓDULOS), 10A/250V, SEM SUPORTE E SEM PLACA - FORNECIMENTO E INSTALAÇÃO. AF_12/2015","UN",37.64]
[91967,"INTERRUPTOR SIMPLES (3 MÓDULOS), 10A/250V, INCLUINDO SUPORTE E PLACA - FORNECIMENTO E INSTALAÇÃO. AF_12/2015","UN",43.81]
[91968,"INTERRUPTOR PARALELO (3 MÓDULOS), 10A/250V, SEM SUPORTE E SEM PLACA - FORNECIMENTO E INSTALAÇÃO. AF_12/2015","UN",52.11]
[91969,"INTERRUPTOR PARALELO (3 MÓDULOS), 10A/250V, INCLUINDO SUPORTE E PLACA - FORNECIMENTO E INSTALAÇÃO. AF_12/2015","UN",58.28]
[91970,"INTERRUPTOR SIMPLES (3 MÓDULOS) COM INTERRUPTOR PARALELO (1 MÓDULO), 10A/250V, SEM SUPORTE E SEM PLACA - FORNECIMENTO E INSTALAÇÃO. AF_12/2015","UN",54.5]
[91971,"INTERRUPTOR SIMPLES (3 MÓDULOS) COM INTERRUPTOR PARALELO (1 MÓDULO), 10A/250V, INCLUINDO SUPORTE E PLACA - FORNECIMENTO E INSTALAÇÃO. AF_12/2015","UN",64.23]
[91972,"INTERRUPTOR SIMPLES (2 MÓDULOS) COM INTERRUPTOR PARALELO (2 MÓDULOS), 10A/250V, SEM SUPORTE E SEM PLACA - FORNECIMENTO E INSTALAÇÃO. AF_12/2015","UN",59.35]
[91973,"INTERRUPTOR SIMPLES (2 MÓDULOS) COM INTERRUPTOR PARALELO (2 MÓDULOS), 10A/250V, INCLUINDO SUPORTE E PLACA - FORNECIMENTO E INSTALAÇÃO. AF_12/2015","UN",69.08]
[91974,"INTERRUPTOR SIMPLES (4 MÓDULOS), 10A/250V, SEM SUPORTE E SEM PLACA - FORNECIMENTO E INSTALAÇÃO. AF_12/2015","UN",49.64]
[91975,"INTERRUPTOR SIMPLES (4 MÓDULOS), 10A/250V, INCLUINDO SUPORTE E PLACA - FORNECIMENTO E INSTALAÇÃO. AF_12/2015","UN",59.37]
[91976,"INTERRUPTOR SIMPLES (6 MÓDULOS), 10A/250V, SEM SUPORTE E SEM PLACA - FORNECIMENTO E INSTALAÇÃO. AF_12/2015","UN",73.260000000000005]
[91977,"INTERRUPTOR SIMPLES (6 MÓDULOS), 10A/250V, INCLUINDO SUPORTE E PLACA - FORNECIMENTO E INSTALAÇÃO. AF_12/2015","UN",82.99]
[91978,"INTERRUPTOR INTERMEDIÁRIO (1 MÓDULO), 10A/250V, SEM SUPORTE E SEM PLACA - FORNECIMENTO E INSTALAÇÃO. AF_09/2017","UN",29.94]
[91979,"INTERRUPTOR INTERMEDIÁRIO (1 MÓDULO), 10A/250V, INCLUINDO SUPORTE E PLACA - FORNECIMENTO E INSTALAÇÃO. AF_09/2017","UN",36.11]
[91980,"INTERRUPTOR BIPOLAR (1 MÓDULO), 10A/250V, SEM SUPORTE E SEM PLACA - FORNECIMENTO E INSTALAÇÃO. AF_09/2017","UN",29]
[91981,"INTERRUPTOR BIPOLAR (1 MÓDULO), 10A/250V, INCLUINDO SUPORTE E PLACA - FORNECIMENTO E INSTALAÇÃO. AF_09/2017","UN",35.17]
[91982,"DIMMER ROTATIVO (1 MÓDULO), 220V/600W, SEM SUPORTE E SEM PLACA - FORNECIMENTO E INSTALAÇÃO. AF_09/2017","UN",67.88]
[91983,"DIMMER ROTATIVO (1 MÓDULO), 220V/600W, INCLUINDO SUPORTE E PLACA - FORNECIMENTO E INSTALAÇÃO. AF_09/2017","UN",74.05]
[91984,"INTERRUPTOR PULSADOR CAMPAINHA (1 MÓDULO), 10A/250V, SEM SUPORTE E SEM PLACA - FORNECIMENTO E INSTALAÇÃO. AF_09/2017","UN",13.24]
[91985,"INTERRUPTOR PULSADOR CAMPAINHA (1 MÓDULO), 10A/250V, INCLUINDO SUPORTE E PLACA - FORNECIMENTO E INSTALAÇÃO. AF_09/2017","UN",19.41]
[91986,"CAMPAINHA CIGARRA (1 MÓDULO), 10A/250V, SEM SUPORTE E SEM PLACA - FORNECIMENTO E INSTALAÇÃO. AF_09/2017","UN",27.96]
[91987,"CAMPAINHA CIGARRA (1 MÓDULO), 10A/250V, INCLUINDO SUPORTE E PLACA - FORNECIMENTO E INSTALAÇÃO. AF_09/2017","UN",34.130000000000003]
[91988,"INTERRUPTOR PULSADOR MINUTERIA (1 MÓDULO), 10A/250V, SEM SUPORTE E SEM PLACA - FORNECIMENTO E INSTALAÇÃO. AF_09/2017","UN",16.36]
[91989,"INTERRUPTOR PULSADOR MINUTERIA (1 MÓDULO), 10A/250V, INCLUINDO SUPORTE E PLACA - FORNECIMENTO E INSTALAÇÃO. AF_09/2017","UN",22.53]
[91990,"TOMADA ALTA DE EMBUTIR (1 MÓDULO), 2P+T 10 A, SEM SUPORTE E SEM PLACA - FORNECIMENTO E INSTALAÇÃO. AF_12/2015","UN",25.45]
[91991,"TOMADA ALTA DE EMBUTIR (1 MÓDULO), 2P+T 20 A, SEM SUPORTE E SEM PLACA - FORNECIMENTO E INSTALAÇÃO. AF_12/2015","UN",27.14]
[91992,"TOMADA ALTA DE EMBUTIR (1 MÓDULO), 2P+T 10 A, INCLUINDO SUPORTE E PLACA - FORNECIMENTO E INSTALAÇÃO. AF_12/2015","UN",31.62]
[91993,"TOMADA ALTA DE EMBUTIR (1 MÓDULO), 2P+T 20 A, INCLUINDO SUPORTE E PLACA - FORNECIMENTO E INSTALAÇÃO. AF_12/2015","UN",33.31]
[91994,"TOMADA MÉDIA DE EMBUTIR (1 MÓDULO), 2P+T 10 A, SEM SUPORTE E SEM PLACA - FORNECIMENTO E INSTALAÇÃO. AF_12/2015","UN",18.079999999999998]
[91995,"TOMADA MÉDIA DE EMBUTIR (1 MÓDULO), 2P+T 20 A, SEM SUPORTE E SEM PLACA - FORNECIMENTO E INSTALAÇÃO. AF_12/2015","UN",19.77]
[91996,"TOMADA MÉDIA DE EMBUTIR (1 MÓDULO), 2P+T 10 A, INCLUINDO SUPORTE E PLACA - FORNECIMENTO E INSTALAÇÃO. AF_12/2015","UN",24.25]
[91997,"TOMADA MÉDIA DE EMBUTIR (1 MÓDULO), 2P+T 20 A, INCLUINDO SUPORTE E PLACA - FORNECIMENTO E INSTALAÇÃO. AF_12/2015","UN",25.94]
[91998,"TOMADA BAIXA DE EMBUTIR (1 MÓDULO), 2P+T 10 A, SEM SUPORTE E SEM PLACA - FORNECIMENTO E INSTALAÇÃO. AF_12/2015","UN",15.23]
[91999,"TOMADA BAIXA DE EMBUTIR (1 MÓDULO), 2P+T 20 A, SEM SUPORTE E SEM PLACA - FORNECIMENTO E INSTALAÇÃO. AF_12/2015","UN",16.920000000000002]
[92000,"TOMADA BAIXA DE EMBUTIR (1 MÓDULO), 2P+T 10 A, INCLUINDO SUPORTE E PLACA - FORNECIMENTO E INSTALAÇÃO. AF_12/2015","UN",21.4]
[92001,"TOMADA BAIXA DE EMBUTIR (1 MÓDULO), 2P+T 20 A, INCLUINDO SUPORTE E PLACA - FORNECIMENTO E INSTALAÇÃO. AF_12/2015","UN",23.09]
[92002,"TOMADA MÉDIA DE EMBUTIR (2 MÓDULOS), 2P+T 10 A, SEM SUPORTE E SEM PLACA - FORNECIMENTO E INSTALAÇÃO. AF_12/2015","UN",33.79]
[92003,"TOMADA MÉDIA DE EMBUTIR (2 MÓDULOS), 2P+T 20 A, SEM SUPORTE E SEM PLACA - FORNECIMENTO E INSTALAÇÃO. AF_12/2015","UN",37.17]
[92004,"TOMADA MÉDIA DE EMBUTIR (2 MÓDULOS), 2P+T 10 A, INCLUINDO SUPORTE E PLACA - FORNECIMENTO E INSTALAÇÃO. AF_12/2015","UN",39.96]
[92005,"TOMADA MÉDIA DE EMBUTIR (2 MÓDULOS), 2P+T 20 A, INCLUINDO SUPORTE E PLACA - FORNECIMENTO E INSTALAÇÃO. AF_12/2015","UN",43.34]
[92006,"TOMADA BAIXA DE EMBUTIR (2 MÓDULOS), 2P+T 10 A, SEM SUPORTE E SEM PLACA - FORNECIMENTO E INSTALAÇÃO. AF_12/2015","UN",28.08]
[92007,"TOMADA BAIXA DE EMBUTIR (2 MÓDULOS), 2P+T 20 A, SEM SUPORTE E SEM PLACA - FORNECIMENTO E INSTALAÇÃO. AF_12/2015","UN",31.46]
[92008,"TOMADA BAIXA DE EMBUTIR (2 MÓDULOS), 2P+T 10 A, INCLUINDO SUPORTE E PLACA - FORNECIMENTO E INSTALAÇÃO. AF_12/2015","UN",34.25]
[92009,"TOMADA BAIXA DE EMBUTIR (2 MÓDULOS), 2P+T 20 A, INCLUINDO SUPORTE E PLACA - FORNECIMENTO E INSTALAÇÃO. AF_12/2015","UN",37.630000000000003]
[92010,"TOMADA MÉDIA DE EMBUTIR (3 MÓDULOS), 2P+T 10 A, SEM SUPORTE E SEM PLACA - FORNECIMENTO E INSTALAÇÃO. AF_12/2015","UN",49.5]
[92011,"TOMADA MÉDIA DE EMBUTIR (3 MÓDULOS), 2P+T 20 A, SEM SUPORTE E SEM PLACA - FORNECIMENTO E INSTALAÇÃO. AF_12/2015","UN",54.57]
[92012,"TOMADA MÉDIA DE EMBUTIR (3 MÓDULOS), 2P+T 10 A, INCLUINDO SUPORTE E PLACA - FORNECIMENTO E INSTALAÇÃO. AF_12/2015","UN",55.67]
[92013,"TOMADA MÉDIA DE EMBUTIR (3 MÓDULOS), 2P+T 20 A, INCLUINDO SUPORTE E PLACA - FORNECIMENTO E INSTALAÇÃO. AF_12/2015","UN",60.74]
[92014,"TOMADA BAIXA DE EMBUTIR (3 MÓDULOS), 2P+T 10 A, SEM SUPORTE E SEM PLACA - FORNECIMENTO E INSTALAÇÃO. AF_12/2015","UN",40.93]
[92015,"TOMADA BAIXA DE EMBUTIR (3 MÓDULOS), 2P+T 20 A, SEM SUPORTE E SEM PLACA - FORNECIMENTO E INSTALAÇÃO. AF_12/2015","UN",46]
[92016,"TOMADA BAIXA DE EMBUTIR (3 MÓDULOS), 2P+T 10 A, INCLUINDO SUPORTE E PLACA - FORNECIMENTO E INSTALAÇÃO. AF_12/2015","UN",47.1]
[92017,"TOMADA BAIXA DE EMBUTIR (3 MÓDULOS), 2P+T 20 A, INCLUINDO SUPORTE E PLACA - FORNECIMENTO E INSTALAÇÃO. AF_12/2015","UN",52.17]
[92018,"TOMADA BAIXA DE EMBUTIR (4 MÓDULOS), 2P+T 10 A, SEM SUPORTE E SEM PLACA - FORNECIMENTO E INSTALAÇÃO. AF_12/2015","UN",54.17]
[92019,"TOMADA BAIXA DE EMBUTIR (4 MÓDULOS), 2P+T 10 A, INCLUINDO SUPORTE E PLACA - FORNECIMENTO E INSTALAÇÃO. AF_12/2015","UN",63.9]
[92020,"TOMADA BAIXA DE EMBUTIR (6 MÓDULOS), 2P+T 10 A, SEM SUPORTE E SEM PLACA - FORNECIMENTO E INSTALAÇÃO. AF_12/2015","UN",80.069999999999993]
[92021,"TOMADA BAIXA DE EMBUTIR (6 MÓDULOS), 2P+T 10 A, INCLUINDO SUPORTE E PLACA - FORNECIMENTO E INSTALAÇÃO. AF_12/2015","UN",89.8]
[92022,"INTERRUPTOR SIMPLES (1 MÓDULO) COM 1 TOMADA DE EMBUTIR 2P+T 10 A,  SEM SUPORTE E SEM PLACA - FORNECIMENTO E INSTALAÇÃO. AF_12/2015","UN",29.81]
[92023,"INTERRUPTOR SIMPLES (1 MÓDULO) COM 1 TOMADA DE EMBUTIR 2P+T 10 A,  INCLUINDO SUPORTE E PLACA - FORNECIMENTO E INSTALAÇÃO. AF_12/2015","UN",35.979999999999997]
[92024,"INTERRUPTOR SIMPLES (1 MÓDULO) COM 2 TOMADAS DE EMBUTIR 2P+T 10 A,  SEM SUPORTE E SEM PLACA - FORNECIMENTO E INSTALAÇÃO. AF_12/2015","UN",45.56]
[92025,"INTERRUPTOR SIMPLES (1 MÓDULO) COM 2 TOMADAS DE EMBUTIR 2P+T 10 A,  INCLUINDO SUPORTE E PLACA - FORNECIMENTO E INSTALAÇÃO. AF_12/2015","UN",51.73]
[92026,"INTERRUPTOR SIMPLES (2 MÓDULOS) COM 1 TOMADA DE EMBUTIR 2P+T 10 A,  SEM SUPORTE E SEM PLACA - FORNECIMENTO E INSTALAÇÃO. AF_12/2015","UN",41.58]
[92027,"INTERRUPTOR SIMPLES (2 MÓDULOS) COM 1 TOMADA DE EMBUTIR 2P+T 10 A,  INCLUINDO SUPORTE E PLACA - FORNECIMENTO E INSTALAÇÃO. AF_12/2015","UN",47.75]
[92028,"INTERRUPTOR PARALELO (1 MÓDULO) COM 1 TOMADA DE EMBUTIR 2P+T 10 A,  SEM SUPORTE E SEM PLACA - FORNECIMENTO E INSTALAÇÃO. AF_12/2015","UN",34.659999999999997]
[92029,"INTERRUPTOR PARALELO (1 MÓDULO) COM 1 TOMADA DE EMBUTIR 2P+T 10 A,  INCLUINDO SUPORTE E PLACA - FORNECIMENTO E INSTALAÇÃO. AF_12/2015","UN",40.83]
[92030,"INTERRUPTOR PARALELO (1 MÓDULO) COM 2 TOMADAS DE EMBUTIR 2P+T 10 A,  SEM SUPORTE E SEM PLACA - FORNECIMENTO E INSTALAÇÃO. AF_12/2015","UN",50.37]
[92031,"INTERRUPTOR PARALELO (1 MÓDULO) COM 2 TOMADAS DE EMBUTIR 2P+T 10 A,  INCLUINDO SUPORTE E PLACA - FORNECIMENTO E INSTALAÇÃO. AF_12/2015","UN",56.54]
[92032,"INTERRUPTOR PARALELO (2 MÓDULOS) COM 1 TOMADA DE EMBUTIR 2P+T 10 A,  SEM SUPORTE E SEM PLACA - FORNECIMENTO E INSTALAÇÃO. AF_12/2015","UN",51.24]
[92033,"INTERRUPTOR PARALELO (2 MÓDULOS) COM 1 TOMADA DE EMBUTIR 2P+T 10 A,  INCLUINDO SUPORTE E PLACA - FORNECIMENTO E INSTALAÇÃO. AF_12/2015","UN",57.41]
[92034,"INTERRUPTOR SIMPLES (1 MÓDULO), INTERRUPTOR PARALELO (1 MÓDULO) E 1 TOMADA DE EMBUTIR 2P+T 10 A,  SEM SUPORTE E SEM PLACA - FORNECIMENTO E INSTALAÇÃO. AF_12/2015","UN",46.43]
[92035,"INTERRUPTOR SIMPLES (1 MÓDULO), INTERRUPTOR PARALELO (1 MÓDULO) E 1 TOMADA DE EMBUTIR 2P+T 10 A,  INCLUINDO SUPORTE E PLACA - FORNECIMENTO E INSTALAÇÃO. AF_12/2015","UN",52.6]
[97583,"LUMINÁRIA TIPO CALHA, DE SOBREPOR, COM 1 LÂMPADA TUBULAR FLUORESCENTE DE 18 W, COM REATOR DE PARTIDA RÁPIDA - FORNECIMENTO E INSTALAÇÃO. AF_02/2020","UN",60.06]
[97584,"LUMINÁRIA TIPO CALHA, DE SOBREPOR, COM 1 LÂMPADA TUBULAR FLUORESCENTE DE 36 W, COM REATOR DE PARTIDA RÁPIDA - FORNECIMENTO E INSTALAÇÃO. AF_02/2020","UN",83.55]
[97585,"LUMINÁRIA TIPO CALHA, DE SOBREPOR, COM 2 LÂMPADAS TUBULARES FLUORESCENTES DE 18 W, COM REATOR DE PARTIDA RÁPIDA - FORNECIMENTO E INSTALAÇÃO. AF_02/2020","UN",80.59]
[97586,"LUMINÁRIA TIPO CALHA, DE SOBREPOR, COM 2 LÂMPADAS TUBULARES FLUORESCENTES DE 36 W, COM REATOR DE PARTIDA RÁPIDA - FORNECIMENTO E INSTALAÇÃO. AF_02/2020","UN",108.95]
[97587,"LUMINÁRIA TIPO CALHA, DE EMBUTIR, COM 2 LÂMPADAS FLUORESCENTES DE 14 W, COM REATOR DE PARTIDA RÁPIDA - FORNECIMENTO E INSTALAÇÃO. AF_02/2020","UN",197.48]
[97589,"LUMINÁRIA TIPO PLAFON EM PLÁSTICO, DE SOBREPOR, COM 1 LÂMPADA FLUORESCENTE DE 15 W, SEM REATOR - FORNECIMENTO E INSTALAÇÃO. AF_02/2020","UN",33.5]
[97590,"LUMINÁRIA TIPO PLAFON REDONDO COM VIDRO FOSCO, DE SOBREPOR, COM 1 LÂMPADA FLUORESCENTE DE 15 W, SEM REATOR - FORNECIMENTO E INSTALAÇÃO. AF_02/2020","UN",72.680000000000007]
[97591,"LUMINÁRIA TIPO PLAFON REDONDO COM VIDRO FOSCO, DE SOBREPOR, COM 2 LÂMPADAS FLUORESCENTES DE 15 W, SEM REATOR - FORNECIMENTO E INSTALAÇÃO. AF_02/2020","UN",97.35]
[97592,"LUMINÁRIA TIPO PLAFON, DE SOBREPOR, COM 1 LÂMPADA LED DE 12/13 W, SEM REATOR - FORNECIMENTO E INSTALAÇÃO. AF_02/2020","UN",38.44]
[97593,"LUMINÁRIA TIPO SPOT, DE SOBREPOR, COM 1 LÂMPADA FLUORESCENTE DE 15 W, SEM REATOR - FORNECIMENTO E INSTALAÇÃO. AF_02/2020","UN",102.43]
[97594,"LUMINÁRIA TIPO SPOT, DE SOBREPOR, COM 2 LÂMPADAS FLUORESCENTES DE 15 W, SEM REATOR - FORNECIMENTO E INSTALAÇÃO. AF_02/2020","UN",97.39]
[97595,"SENSOR DE PRESENÇA COM FOTOCÉLULA, FIXAÇÃO EM PAREDE - FORNECIMENTO E INSTALAÇÃO. AF_02/2020","UN",72.02]
[97596,"SENSOR DE PRESENÇA SEM FOTOCÉLULA, FIXAÇÃO EM PAREDE - FORNECIMENTO E INSTALAÇÃO. AF_02/2020","UN",50.85]
[97597,"SENSOR DE PRESENÇA COM FOTOCÉLULA, FIXAÇÃO EM TETO - FORNECIMENTO E INSTALAÇÃO. AF_02/2020","UN",49.63]
[97598,"SENSOR DE PRESENÇA SEM FOTOCÉLULA, FIXAÇÃO EM TETO - FORNECIMENTO E INSTALAÇÃO. AF_02/2020","UN",46.92]
[97599,"LUMINÁRIA DE EMERGÊNCIA, COM 30 LÂMPADAS LED DE 2 W, SEM REATOR - FORNECIMENTO E INSTALAÇÃO. AF_02/2020","UN",30.12]
[97609,"LÂMPADA COMPACTA DE LED 6 W, BASE E27 - FORNECIMENTO E INSTALAÇÃO. AF_02/2020","UN",16.36]
[97610,"LÂMPADA COMPACTA DE LED 10 W, BASE E27 - FORNECIMENTO E INSTALAÇÃO. AF_02/2020","UN",17.66]
[97611,"LÂMPADA COMPACTA FLUORESCENTE DE 15 W, BASE E27 - FORNECIMENTO E INSTALAÇÃO. AF_02/2020","UN",20.92]
[97612,"LÂMPADA COMPACTA FLUORESCENTE DE 20 W, BASE E27 - FORNECIMENTO E INSTALAÇÃO. AF_02/2020","UN",22.78]
[97613,"LÂMPADA COMPACTA DE VAPOR MERCURIO 125 W, BASE E27 - FORNECIMENTO E INSTALAÇÃO. AF_02/2020","UN",28.94]
[97614,"LÂMPADA COMPACTA DE VAPOR METÁLICO OVOIDE 150 W, BASE E27 - FORNECIMENTO E INSTALAÇÃO. AF_02/2020","UN",51.2]
[97615,"LÂMPADA TUBULAR FLUORESCENTE T8 DE 16/18 W, BASE G13 - FORNECIMENTO E INSTALAÇÃO. AF_02/2020_P","UN",41.24]
[97616,"LÂMPADA TUBULAR FLUORESCENTE T8 DE 32/36 W, BASE G13 - FORNECIMENTO E INSTALAÇÃO. AF_02/2020_P","UN",46.77]
[97617,"LÂMPADA TUBULAR FLUORESCENTE T10 DE 20/40 W, BASE G13 - FORNECIMENTO E INSTALAÇÃO. AF_02/2020_P","UN",46.48]
[97618,"LÂMPADA TUBULAR FLUORESCENTE T5 DE 14 W, BASE G13 - FORNECIMENTO E INSTALAÇÃO. AF_02/2020_P","UN",43.85]
[100902,"LÂMPADA TUBULAR LED DE 9/10 W, BASE G13 - FORNECIMENTO E INSTALAÇÃO. AF_02/2020_P","UN",26.3]
[100903,"LÂMPADA TUBULAR LED DE 18/20 W, BASE G13 - FORNECIMENTO E INSTALAÇÃO. AF_02/2020_P","UN",32.049999999999997]
[100904,"LUMINÁRIA TIPO CALHA, DE SOBREPOR, COM 1 LÂMPADA TUBULAR FLUORESCENTE DE 20 W, COM REATOR DE PARTIDA CONVENCIONAL - FORNECIMENTO E INSTALAÇÃO. AF_02/2020","UN",60.06]
[100905,"LUMINÁRIA DUPLA TIPO CALHA, DE SOBREPOR, COM 4 LÂMPADAS TUBULARES FLUORESCENTES DE 18 W,COM REATORES DE PARTIDA RÁPIDA - FORNECIMENTO E INSTALAÇÃO. AF_02/2020","UN",161.19]
[100906,"LUMINÁRIA DUPLA TIPO CALHA, DE SOBREPOR, COM 4 LÂMPADAS TUBULARES FLUORESCENTES DE 36 W, COM REATORES DE PARTIDA RÁPIDA -FORNECIMENTO E INSTALAÇÃO. AF_02/2020","UN",217.91]
[100919,"LÂMPADA FLUORESCENTE ESPIRAL BRANCA 45 W, BASE E27 - FORNECIMENTO E INSTALAÇÃO. AF_02/2020","UN",58.47]
[100920,"LÂMPADA FLUORESCENTE ESPIRAL BRANCA 65 W, BASE E27 - FORNECIMENTO E INSTALAÇÃO. AF_02/2020","UN",99.52]
[100921,"REATOR DE PARTIDA RÁPIDA PARA LÂMPADA FLUORESCENTE 2X40W - FORNECIMENTO E INSTALAÇÃO. AF_02/2020","UN",47.77]
[100922,"REATOR DE PARTIDA RÁPIDA PARA LÂMPADA FLUORESCENTE 1X20W - FORNECIMENTO E INSTALAÇÃO. AF_02/2020","UN",34.21]
[100923,"REATOR DE PARTIDA RÁPIDA PARA LÂMPADA FLUORESCENTE 1X40W - FORNECIMENTO E INSTALAÇÃO. AF_02/2020","UN",39.270000000000003]
[101489,"ENTRADA DE ENERGIA ELÉTRICA, AÉREA, MONOFÁSICA, COM CAIXA DE SOBREPOR, CABO DE 10 MM2 E DISJUNTOR DIN 50A (NÃO INCLUSO O POSTE DE CONCRETO). AF_07/2020_P","UN",1059.8]
[101490,"ENTRADA DE ENERGIA ELÉTRICA, AÉREA, MONOFÁSICA, COM CAIXA DE SOBREPOR, CABO DE 16 MM2 E DISJUNTOR DIN 50A (NÃO INCLUSO O POSTE DE CONCRETO). AF_07/2020_P","UN",1140.98]
[101491,"ENTRADA DE ENERGIA ELÉTRICA, AÉREA, MONOFÁSICA, COM CAIXA DE SOBREPOR, CABO DE 25 MM2 E DISJUNTOR DIN 50A (NÃO INCLUSO O POSTE DE CONCRETO). AF_07/2020_P","UN",1174.6400000000001]
[101492,"ENTRADA DE ENERGIA ELÉTRICA, AÉREA, MONOFÁSICA, COM CAIXA DE SOBREPOR, CABO DE 35 MM2 E DISJUNTOR DIN 50A (NÃO INCLUSO O POSTE DE CONCRETO). AF_07/2020_P","UN",1292.29]
[101493,"ENTRADA DE ENERGIA ELÉTRICA, AÉREA, MONOFÁSICA, COM CAIXA DE EMBUTIR, CABO DE 10 MM2 E DISJUNTOR DIN 50A (NÃO INCLUSO O POSTE DE CONCRETO). AF_07/2020_P","UN",1047.18]
[101494,"ENTRADA DE ENERGIA ELÉTRICA, AÉREA, MONOFÁSICA, COM CAIXA DE EMBUTIR, CABO DE 16 MM2 E DISJUNTOR DIN 50A (NÃO INCLUSO O POSTE DE CONCRETO). AF_07/2020_P","UN",1128.3599999999999]
[101495,"ENTRADA DE ENERGIA ELÉTRICA, AÉREA, MONOFÁSICA, COM CAIXA DE EMBUTIR, CABO DE 25 MM2 E DISJUNTOR DIN 50A (NÃO INCLUSO O POSTE DE CONCRETO). AF_07/2020_P","UN",1162.02]
[101496,"ENTRADA DE ENERGIA ELÉTRICA, AÉREA, MONOFÁSICA, COM CAIXA DE EMBUTIR, CABO DE 35 MM2 E DISJUNTOR DIN 50A (NÃO INCLUSO O POSTE DE CONCRETO). AF_07/2020_P","UN",1279.67]
[101497,"ENTRADA DE ENERGIA ELÉTRICA, AÉREA, BIFÁSICA, COM CAIXA DE SOBREPOR, CABO DE 10 MM2 E DISJUNTOR DIN 50A (NÃO INCLUSO O POSTE DE CONCRETO). AF_07/2020_P","UN",1263.29]
[101498,"ENTRADA DE ENERGIA ELÉTRICA, AÉREA, BIFÁSICA, COM CAIXA DE SOBREPOR, CABO DE 16 MM2 E DISJUNTOR DIN 50A (NÃO INCLUSO O POSTE DE CONCRETO). AF_07/2020_P","UN",1386.17]
[101499,"ENTRADA DE ENERGIA ELÉTRICA, AÉREA, BIFÁSICA, COM CAIXA DE SOBREPOR, CABO DE 25 MM2 E DISJUNTOR DIN 50A (NÃO INCLUSO O POSTE DE CONCRETO). AF_07/2020_P","UN",1437.12]
[101500,"ENTRADA DE ENERGIA ELÉTRICA, AÉREA, BIFÁSICA, COM CAIXA DE SOBREPOR, CABO DE 35 MM2 E DISJUNTOR DIN 50A (NÃO INCLUSO O POSTE DE CONCRETO). AF_07/2020_P","UN",1603.7]
[101501,"ENTRADA DE ENERGIA ELÉTRICA, AÉREA, BIFÁSICA, COM CAIXA DE EMBUTIR, CABO DE 10 MM2 E DISJUNTOR DIN 50A (NÃO INCLUSO O POSTE DE CONCRETO). AF_07/2020_P","UN",1256.3499999999999]
[101502,"ENTRADA DE ENERGIA ELÉTRICA, AÉREA, BIFÁSICA, COM CAIXA DE EMBUTIR, CABO DE 16 MM2 E DISJUNTOR DIN 50A (NÃO INCLUSO O POSTE DE CONCRETO). AF_07/2020_P","UN",1379.23]
[101503,"ENTRADA DE ENERGIA ELÉTRICA, AÉREA, BIFÁSICA, COM CAIXA DE EMBUTIR, CABO DE 25 MM2 E DISJUNTOR DIN 50A (NÃO INCLUSO O POSTE DE CONCRETO). AF_07/2020_P","UN",1430.18]
[101504,"ENTRADA DE ENERGIA ELÉTRICA, AÉREA, BIFÁSICA, COM CAIXA DE EMBUTIR, CABO DE 35 MM2 E DISJUNTOR DIN 50A (NÃO INCLUSO O POSTE DE CONCRETO). AF_07/2020_P","UN",1596.76]
[101505,"ENTRADA DE ENERGIA ELÉTRICA, AÉREA, TRIFÁSICA, COM CAIXA DE SOBREPOR, CABO DE 10 MM2 E DISJUNTOR DIN 50A (NÃO INCLUSO O POSTE DE CONCRETO). AF_07/2020_P","UN",1366.79]
[101506,"ENTRADA DE ENERGIA ELÉTRICA, AÉREA, TRIFÁSICA, COM CAIXA DE SOBREPOR, CABO DE 16 MM2 E DISJUNTOR DIN 50A (NÃO INCLUSO O POSTE DE CONCRETO). AF_07/2020_P","UN",1530.63]
[101507,"ENTRADA DE ENERGIA ELÉTRICA, AÉREA, TRIFÁSICA, COM CAIXA DE SOBREPOR, CABO DE 25 MM2 E DISJUNTOR DIN 50A (NÃO INCLUSO O POSTE DE CONCRETO). AF_07/2020_P","UN",1598.56]
[101508,"ENTRADA DE ENERGIA ELÉTRICA, AÉREA, TRIFÁSICA, COM CAIXA DE SOBREPOR, CABO DE 35 MM2 E DISJUNTOR DIN 50A (NÃO INCLUSO O POSTE DE CONCRETO). AF_07/2020_P","UN",1813.2]
[101509,"ENTRADA DE ENERGIA ELÉTRICA, AÉREA, TRIFÁSICA, COM CAIXA DE EMBUTIR, CABO DE 10 MM2 E DISJUNTOR DIN 50A (NÃO INCLUSO O POSTE DE CONCRETO). AF_07/2020","UN",1552.28]
[101510,"ENTRADA DE ENERGIA ELÉTRICA, AÉREA, TRIFÁSICA, COM CAIXA DE EMBUTIR, CABO DE 16 MM2 E DISJUNTOR DIN 50A (NÃO INCLUSO O POSTE DE CONCRETO). AF_07/2020","UN",1716.12]
[101511,"ENTRADA DE ENERGIA ELÉTRICA, AÉREA, TRIFÁSICA, COM CAIXA DE EMBUTIR, CABO DE 25 MM2 E DISJUNTOR DIN 50A (NÃO INCLUSO O POSTE DE CONCRETO). AF_07/2020","UN",1784.05]
[101512,"ENTRADA DE ENERGIA ELÉTRICA, AÉREA, TRIFÁSICA, COM CAIXA DE EMBUTIR, CABO DE 35 MM2 E DISJUNTOR DIN 50A (NÃO INCLUSO O POSTE DE CONCRETO). AF_07/2020","UN",1998.69]
[101513,"ENTRADA DE ENERGIA ELÉTRICA, SUBTERRÂNEA, MONOFÁSICA, COM CAIXA DE SOBREPOR, CABO DE 10 MM2 E DISJUNTOR DIN 50A (NÃO INCLUSA MURETA DE ALVENARIA). AF_07/2020_P","UN",589.46]
[101514,"ENTRADA DE ENERGIA ELÉTRICA, SUBTERRÂNEA, MONOFÁSICA, COM CAIXA DE SOBREPOR, CABO DE 16 MM2 E DISJUNTOR DIN 50A (NÃO INCLUSA MURETA DE ALVENARIA). AF_07/2020_P","UN",686.88]
[101515,"ENTRADA DE ENERGIA ELÉTRICA, SUBTERRÂNEA, MONOFÁSICA, COM CAIXA DE SOBREPOR, CABO DE 25 MM2 E DISJUNTOR DIN 50A (NÃO INCLUSA MURETA DE ALVENARIA). AF_07/2020_P","UN",727.27]
[101516,"ENTRADA DE ENERGIA ELÉTRICA, SUBTERRÂNEA, MONOFÁSICA, COM CAIXA DE SOBREPOR, CABO DE 35 MM2 E DISJUNTOR DIN 50A (NÃO INCLUSA MURETA DE ALVENARIA). AF_07/2020_P","UN",841.58]
[101517,"ENTRADA DE ENERGIA ELÉTRICA, SUBTERRÂNEA, MONOFÁSICA, COM CAIXA DE EMBUTIR, CABO DE 10 MM2 E DISJUNTOR DIN 50A (NÃO INCLUSA MURETA DE ALVENARIA). AF_07/2020_P","UN",576.83000000000004]
[101518,"ENTRADA DE ENERGIA ELÉTRICA, SUBTERRÂNEA, MONOFÁSICA, COM CAIXA DE EMBUTIR, CABO DE 16 MM2 E DISJUNTOR DIN 50A (NÃO INCLUSA MURETA DE ALVENARIA). AF_07/2020_P","UN",674.25]
[101519,"ENTRADA DE ENERGIA ELÉTRICA, SUBTERRÂNEA, MONOFÁSICA, COM CAIXA DE EMBUTIR, CABO DE 25 MM2 E DISJUNTOR DIN 50A (NÃO INCLUSA MURETA DE ALVENARIA). AF_07/2020_P","UN",714.64]
[101520,"ENTRADA DE ENERGIA ELÉTRICA, SUBTERRÂNEA, MONOFÁSICA, COM CAIXA DE EMBUTIR, CABO DE 35 MM2 E DISJUNTOR DIN 50A (NÃO INCLUSA MURETA DE ALVENARIA). AF_07/2020_P","UN",828.95]
[101521,"ENTRADA DE ENERGIA ELÉTRICA, SUBTERRÂNEA, BIFÁSICA, COM CAIXA DE SOBREPOR, CABO DE 10 MM2 E DISJUNTOR DIN 50A (NÃO INCLUSA MURETA DE ALVENARIA). AF_07/2020_P","UN",806.29]
[101522,"ENTRADA DE ENERGIA ELÉTRICA, SUBTERRÂNEA, BIFÁSICA, COM CAIXA DE SOBREPOR, CABO DE 16 MM2 E DISJUNTOR DIN 50A (NÃO INCLUSA MURETA DE ALVENARIA). AF_07/2020_P","UN",952.41]
[101523,"ENTRADA DE ENERGIA ELÉTRICA, SUBTERRÂNEA, BIFÁSICA, COM CAIXA DE SOBREPOR, CABO DE 25 MM2 E DISJUNTOR DIN 50A (NÃO INCLUSA MURETA DE ALVENARIA). AF_07/2020_P","UN",1013]
[101524,"ENTRADA DE ENERGIA ELÉTRICA, SUBTERRÂNEA, BIFÁSICA, COM CAIXA DE SOBREPOR, CABO DE 35 MM2 E DISJUNTOR DIN 50A (NÃO INCLUSA MURETA DE ALVENARIA). AF_07/2020_P","UN",1184.47]
[101525,"ENTRADA DE ENERGIA ELÉTRICA, SUBTERRÂNEA, BIFÁSICA, COM CAIXA DE EMBUTIR, CABO DE 10 MM2 E DISJUNTOR DIN 50A (NÃO INCLUSA MURETA DE ALVENARIA). AF_07/2020_P","UN",799.35]
[101526,"ENTRADA DE ENERGIA ELÉTRICA, SUBTERRÂNEA, BIFÁSICA, COM CAIXA DE EMBUTIR, CABO DE 16 MM2 E DISJUNTOR DIN 50A (NÃO INCLUSA MURETA DE ALVENARIA). AF_07/2020_P","UN",945.47]
[101527,"ENTRADA DE ENERGIA ELÉTRICA, SUBTERRÂNEA, BIFÁSICA, COM CAIXA DE EMBUTIR, CABO DE 25 MM2 E DISJUNTOR DIN 50A (NÃO INCLUSA MURETA DE ALVENARIA). AF_07/2020_P","UN",1006.06]
[101528,"ENTRADA DE ENERGIA ELÉTRICA, SUBTERRÂNEA, BIFÁSICA, COM CAIXA DE EMBUTIR, CABO DE 35 MM2 E DISJUNTOR DIN 50A (NÃO INCLUSA MURETA DE ALVENARIA). AF_07/2020_P","UN",1177.53]
[101529,"ENTRADA DE ENERGIA ELÉTRICA, SUBTERRÂNEA, TRIFÁSICA, COM CAIXA DE SOBREPOR, CABO DE 10 MM2 E DISJUNTOR DIN 50A (NÃO INCLUSA MURETA DE ALVENARIA). AF_07/2020_P","UN",924.52]
[101530,"ENTRADA DE ENERGIA ELÉTRICA, SUBTERRÂNEA, TRIFÁSICA, COM CAIXA DE SOBREPOR, CABO DE 16 MM2 E DISJUNTOR DIN 50A (NÃO INCLUSA MURETA DE ALVENARIA). AF_07/2020_P","UN",1119.3499999999999]
[101531,"ENTRADA DE ENERGIA ELÉTRICA, SUBTERRÂNEA, TRIFÁSICA, COM CAIXA DE SOBREPOR, CABO DE 25 MM2 E DISJUNTOR DIN 50A (NÃO INCLUSA MURETA DE ALVENARIA). AF_07/2020_P","UN",1200.1300000000001]
[101532,"ENTRADA DE ENERGIA ELÉTRICA, SUBTERRÂNEA, TRIFÁSICA, COM CAIXA DE SOBREPOR, CABO DE 35 MM2 E DISJUNTOR DIN 50A (NÃO INCLUSA MURETA DE ALVENARIA). AF_07/2020_P","UN",1428.76]
[101533,"ENTRADA DE ENERGIA ELÉTRICA, SUBTERRÂNEA, TRIFÁSICA, COM CAIXA DE EMBUTIR, CABO DE 10 MM2 E DISJUNTOR DIN 50A (NÃO INCLUSA MURETA DE ALVENARIA). AF_07/2020","UN",1110.01]
[101534,"ENTRADA DE ENERGIA ELÉTRICA, SUBTERRÂNEA, TRIFÁSICA, COM CAIXA DE EMBUTIR, CABO DE 16 MM2 E DISJUNTOR DIN 50A (NÃO INCLUSA MURETA DE ALVENARIA). AF_07/2020","UN",1304.8399999999999]
[101535,"ENTRADA DE ENERGIA ELÉTRICA, SUBTERRÂNEA, TRIFÁSICA, COM CAIXA DE EMBUTIR, CABO DE 25 MM2 E DISJUNTOR DIN 50A (NÃO INCLUSA MURETA DE ALVENARIA). AF_07/2020","UN",1385.62]
[101536,"ENTRADA DE ENERGIA ELÉTRICA, SUBTERRÂNEA, TRIFÁSICA, COM CAIXA DE EMBUTIR, CABO DE 35 MM2 E DISJUNTOR DIN 50A (NÃO INCLUSA MURETA DE ALVENARIA). AF_07/2020","UN",1614.25]
[101537,"APARELHO SINALIZADOR DE SAÍDA DE GARAGEM, COM CÉLULA FOTOELÉTRICA - FORNECIMENTO E INSTALAÇÃO. AF_07/2020","UN",141.63]
[101538,"ARMAÇÃO SECUNDÁRIA, COM 1 ESTRIBO E 1 ISOLADOR - FORNECIMENTO E INSTALAÇÃO. AF_07/2020","UN",34.450000000000003]
[101539,"ARMAÇÃO SECUNDÁRIA, COM 2 ESTRIBOS E 2 ISOLADORES - FORNECIMENTO E INSTALAÇÃO. AF_07/2020","UN",57.25]
[101540,"ARMAÇÃO SECUNDÁRIA, COM 3 ESTRIBOS E 3 ISOLADORES - FORNECIMENTO E INSTALAÇÃO. AF_07/2020","UN",96.25]
[101541,"ARMAÇÃO SECUNDÁRIA, COM 4 ESTRIBOS E 4 ISOLADORES - FORNECIMENTO E INSTALAÇÃO. AF_07/2020","UN",125.59]
[101542,"ARMAÇÃO SECUNDÁRIA, COM 1 ESTRIBO, SEM ISOLADOR - FORNECIMENTO E INSTALAÇÃO. AF_07/2020","UN",26.13]
[101543,"ARMAÇÃO SECUNDÁRIA, COM 2 ESTRIBOS, SEM ISOLADOR - FORNECIMENTO E INSTALAÇÃO. AF_07/2020","UN",46.62]
[101544,"ARMAÇÃO SECUNDÁRIA, COM 3 ESTRIBOS, SEM ISOLADOR - FORNECIMENTO E INSTALAÇÃO. AF_07/2020","UN",74.42]
[101545,"ARMAÇÃO SECUNDÁRIA, COM 4 ESTRIBOS, SEM ISOLADOR - FORNECIMENTO E INSTALAÇÃO. AF_07/2020","UN",107.73]
[101546,"ISOLADOR, TIPO PINO, PARA TENSÃO 15 KV - FORNECIMENTO E INSTALAÇÃO. AF_07/2020","UN",23.96]
[101547,"ISOLADOR, TIPO DISCO, PARA TENSÃO 15 KV - FORNECIMENTO E INSTALAÇÃO. AF_07/2020","UN",74.900000000000006]
[101548,"ISOLADOR, TIPO ROLDANA, PARA BAIXA TENSÃO - FORNECIMENTO E INSTALAÇÃO. AF_07/2020","UN",5.99]
[101549,"GRAMPO PARALELO METÁLICO, PARA REDES AÉREAS DE DISTRIBUIÇÃO DE ENERGIA ELÉTRICA DE BAIXA TENSÃO - FORNECIMENTO E INSTALAÇÃO. AF_07/2020","UN",12.53]
[101553,"ALÇA PREFORMADA DE DISTRIBUIÇÃO, EM  AÇO GALVANIZADO, AWG 1 - FORNECIMENTO E INSTALAÇÃO. AF_07/2020","UN",12.13]
[101554,"ALÇA PREFORMADA DE DISTRIBUIÇÃO, EM  AÇO GALVANIZADO, AWG 2 - FORNECIMENTO E INSTALAÇÃO. AF_07/2020","UN",8.82]
[101555,"ALÇA PREFORMADA DE DISTRIBUIÇÃO, EM  AÇO GALVANIZADO, AWG 4 - FORNECIMENTO E INSTALAÇÃO. AF_07/2020","UN",5.81]
[101556,"ALÇA PREFORMADA DE DISTRIBUIÇÃO, EM  AÇO GALVANIZADO, AWG 6 - FORNECIMENTO E INSTALAÇÃO. AF_07/2020","UN",5.33]
[101560,"CABO DE COBRE FLEXÍVEL ISOLADO, 10 MM², 0,6/1,0 KV, PARA REDE AÉREA DE DISTRIBUIÇÃO DE ENERGIA ELÉTRICA DE BAIXA TENSÃO - FORNECIMENTO E INSTALAÇÃO. AF_07/2020","M",9.69]
[101561,"CABO DE COBRE FLEXÍVEL ISOLADO, 16 MM², 0,6/1,0 KV, PARA REDE AÉREA DE DISTRIBUIÇÃO DE ENERGIA ELÉTRICA DE BAIXA TENSÃO - FORNECIMENTO E INSTALAÇÃO. AF_07/2020","M",14.83]
[101562,"CABO DE COBRE FLEXÍVEL ISOLADO, 25 MM², 0,6/1,0 KV, PARA REDE AÉREA DE DISTRIBUIÇÃO DE ENERGIA ELÉTRICA DE BAIXA TENSÃO - FORNECIMENTO E INSTALAÇÃO. AF_07/2020","M",22.56]
[101563,"CABO DE COBRE FLEXÍVEL ISOLADO, 35 MM², 0,6/1,0 KV, PARA REDE AÉREA DE DISTRIBUIÇÃO DE ENERGIA ELÉTRICA DE BAIXA TENSÃO - FORNECIMENTO E INSTALAÇÃO. AF_07/2020","M",31.08]
[101564,"CABO DE COBRE FLEXÍVEL ISOLADO, 50 MM², 0,6/1,0 KV, PARA REDE AÉREA DE DISTRIBUIÇÃO DE ENERGIA ELÉTRICA DE BAIXA TENSÃO - FORNECIMENTO E INSTALAÇÃO. AF_07/2020","M",44.27]
[101565,"CABO DE COBRE FLEXÍVEL ISOLADO, 70 MM², 0,6/1,0 KV, PARA REDE AÉREA DE DISTRIBUIÇÃO DE ENERGIA ELÉTRICA DE BAIXA TENSÃO - FORNECIMENTO E INSTALAÇÃO. AF_07/2020","M",61.31]
[101567,"CABO DE COBRE FLEXÍVEL ISOLADO, 95 MM², 0,6/1,0 KV, PARA REDE AÉREA DE DISTRIBUIÇÃO DE ENERGIA ELÉTRICA DE BAIXA TENSÃO - FORNECIMENTO E INSTALAÇÃO. AF_07/2020","M",81.44]
[101568,"CABO DE COBRE FLEXÍVEL ISOLADO, 120 MM², 0,6/1,0 KV, PARA REDE AÉREA DE DISTRIBUIÇÃO DE ENERGIA ELÉTRICA DE BAIXA TENSÃO - FORNECIMENTO E INSTALAÇÃO. AF_07/2020","M",105.99]
[101626,"REATOR PARA LÂMPADA VAPOR DE MERCÚRIO 400 W, USO EXTERNO - FORNECIMENTO E INSTALAÇÃO. AF_08/2020","UN",116.85]
[101627,"REATOR PARA LÂMPADA VAPOR DE SÓDIO 250 W, USO EXTERNO - FORNECIMENTO E INSTALAÇÃO. AF_08/2020","UN",181.06]
[101628,"REATOR PARA LÂMPADA VAPOR DE MERCÚRIO 125 W, USO EXTERNO - FORNECIMENTO E INSTALAÇÃO. AF_08/2020","UN",87.14]
[101629,"REATOR PARA LÂMPADA VAPOR DE MERCÚRIO 250 W, USO EXTERNO - FORNECIMENTO E INSTALAÇÃO. AF_08/2020","UN",102.44]
[101630,"SUBSTITUIÇÃO DE REATOR PARA ILUMINAÇÃO PÚBLICA (NÃO INCLUI FORNECIMENTO). AF_08/2020","UN",52.35]
[101631,"IGNITOR PARA PARTIDA LÂMPADA VAPOR SÓDIO / VAPOR METÁLICO ATÉ 400 W - FORNECIMENTO E INSTALAÇÃO. AF_08/2020","UN",19.96]
[101632,"RELÉ FOTOELÉTRICO PARA COMANDO DE ILUMINAÇÃO EXTERNA 1000 W - FORNECIMENTO E INSTALAÇÃO. AF_08/2020","UN",25.82]
[101633,"SUBSTITUIÇÃO DE RELÉ FOTOELÉTRICO PARA COMANDO DE ILUMINAÇÃO EXTERNA 1000 W - FORNECIMENTO E INSTALAÇÃO. AF_08/2020","UN",67.959999999999994]
[101636,"BRAÇO PARA ILUMINAÇÃO PÚBLICA, EM TUBO DE AÇO GALVANIZADO, COMPRIMENTO DE 1,50 M, PARA FIXAÇÃO EM POSTE DE CONCRETO - FORNECIMENTO E INSTALAÇÃO. AF_08/2020","UN",110.14]
[101637,"BRAÇO PARA ILUMINAÇÃO PÚBLICA, EM TUBO DE AÇO GALVANIZADO, COMPRIMENTO DE 1,50 M, PARA FIXAÇÃO EM POSTE METÁLICO - FORNECIMENTO E INSTALAÇÃO. AF_08/2020","UN",104.26]
[101640,"LÂMPADA VAPOR METÁLICO 400 W - FORNECIMENTO E INSTALAÇÃO. AF_08/2020","UN",86.08]
[101641,"LÂMPADA VAPOR METÁLICO 150 W - FORNECIMENTO E INSTALAÇÃO. AF_08/2020","UN",44.51]
[101642,"LÂMPADA VAPOR DE MERCÚRIO 125 W - FORNECIMENTO E INSTALAÇÃO. AF_08/2020","UN",22.25]
[101643,"LÂMPADA VAPOR DE MERCÚRIO 250 W - FORNECIMENTO E INSTALAÇÃO. AF_08/2020","UN",38.83]
[101644,"LÂMPADA VAPOR DE MERCÚRIO 400 W - FORNECIMENTO E INSTALAÇÃO. AF_08/2020","UN",52.6]
[101645,"LÂMPADA MISTA 160 W - FORNECIMENTO E INSTALAÇÃO. AF_08/2020","UN",24.82]
[101646,"LÂMPADA MISTA 250 W - FORNECIMENTO E INSTALAÇÃO. AF_08/2020","UN",33.01]
[101647,"LÂMPADA MISTA 500 W - FORNECIMENTO E INSTALAÇÃO. AF_08/2020","UN",60.76]
[101648,"LÂMPADA VAPOR DE SÓDIO 150 W - FORNECIMENTO E INSTALAÇÃO. AF_08/2020","UN",46.96]
[101649,"LÂMPADA VAPOR DE SÓDIO 250 W - FORNECIMENTO E INSTALAÇÃO. AF_08/2020","UN",54.13]
[101650,"LÂMPADA VAPOR DE SÓDIO 400 W - FORNECIMENTO E INSTALAÇÃO. AF_08/2020","UN",62.94]
[101651,"SUBSTITUIÇÃO DE LÂMPADA PARA ILUMINAÇÃO PÚBLICA (NÃO INCLUI FORNECIMENTO). AF_08/2020","UN",43.77]
[101652,"LUMINÁRIA FECHADA, PARA ILUMINAÇÃO PÚBLICA, PARA LÂMPADA DE VAPOR - FORNECIMENTO E INSTALAÇÃO (EXCLUSIVE LÂMPADA E REATOR). AF_08/2020","UN",349.47]
[101653,"LUMINÁRIA ABERTA PARA ILUMINAÇÃO PÚBLICA, PARA LÂMPADA VAPOR DE MERCÚRIO ATÉ 400 W E MISTA ATÉ 500 W, COM BRAÇO EM TUBO DE AÇO GALV 1\", COMPRIMENTO DE 1,50 M, PARA POSTE DE CONCRETO - FORNECIMENTO E INSTALAÇÃO (EXCLUSIVE LÂMPADA E REATOR). AF_08/2020","UN",201.1]
[101654,"LUMINÁRIA DE LED PARA ILUMINAÇÃO PÚBLICA, DE 33 W ATÉ 50 W - FORNECIMENTO E INSTALAÇÃO. AF_08/2020","UN",305.95]
[101655,"LUMINÁRIA DE LED PARA ILUMINAÇÃO PÚBLICA, DE 51 W ATÉ 67 W - FORNECIMENTO E INSTALAÇÃO. AF_08/2020","UN",521.6]
[101656,"LUMINÁRIA DE LED PARA ILUMINAÇÃO PÚBLICA, DE 68 W ATÉ 97 W - FORNECIMENTO E INSTALAÇÃO. AF_08/2020","UN",571.95000000000005]
[101657,"LUMINÁRIA DE LED PARA ILUMINAÇÃO PÚBLICA, DE 98 W ATÉ 137 W - FORNECIMENTO E INSTALAÇÃO. AF_08/2020","UN",679.2]
[101658,"LUMINÁRIA DE LED PARA ILUMINAÇÃO PÚBLICA, DE 138 W ATÉ 180 W - FORNECIMENTO E INSTALAÇÃO. AF_08/2020","UN",899.74]
[101659,"LUMINÁRIA DE LED PARA ILUMINAÇÃO PÚBLICA, DE 181 W ATÉ 239 W - FORNECIMENTO E INSTALAÇÃO. AF_08/2020","UN",1036.9000000000001]
[101660,"LUMINÁRIA DE LED PARA ILUMINAÇÃO PÚBLICA, DE 240 W ATÉ 350 W - FORNECIMENTO E INSTALAÇÃO. AF_08/2020","UN",1684.41]
[101661,"SUBSTITUIÇÃO DE LUMINÁRIA DE VAPOR DE MERCÚRIO/VAPOR DE SÓDIO POR LUMINÁRIA DE LED PARA ILUMINAÇÃO PÚBLICA (NÃO INCLUI FORNECIMENTO). AF_08/2020","UN",82.53]
[101662,"LUMINÁRIA FECHADA PARA ILUMINAÇÃO PÚBLICA, COM REATOR DE PARTIDA RÁPIDA, COM LÂMPADA VAPOR DE MERCÚRIO 250 W - FORNECIMENTO E INSTALAÇÃO. AF_08/2020","UN",490.76]
[101663,"ABRAÇADEIRA DE FIXAÇÃO DE BRAÇOS DE LUMINÁRIAS DE 2\" - FORNECIMENTO E INSTALAÇÃO. AF_08/2020","UN",22.43]
[101664,"ABRAÇADEIRA DE FIXAÇÃO DE BRAÇOS DE LUMINÁRIAS DE 3\" - FORNECIMENTO E INSTALAÇÃO. AF_08/2020","UN",23.6]
[101665,"ABRAÇADEIRA DE FIXAÇÃO DE BRAÇOS DE LUMINÁRIAS DE 4\" - FORNECIMENTO E INSTALAÇÃO. AF_08/2020","UN",28.65]
[101666,"REFLETOR RETANGULAR FECHADO, COM LÂMPADA VAPOR METÁLICO 400 W - FORNECIMENTO E INSTALAÇÃO. AF_08/2020","UN",293.83999999999997]
[102085,"LUMINÁRIA ESTANQUE COM PROTEÇÃO CONTRA ÁGUA, POEIRA OU IMPACTOS - FORNECIMENTO E INSTALAÇÃO. AF_08/2020","UN",138.65]
[100578,"ASSENTAMENTO DE POSTE DE CONCRETO COM COMPRIMENTO NOMINAL DE 9 M, CARGA NOMINAL MENOR OU IGUAL A 1000 DAN, ENGASTAMENTO SIMPLES COM 1,5 M DE SOLO (NÃO INCLUI FORNECIMENTO). AF_11/2019","UN",368.31]
[100579,"ASSENTAMENTO DE POSTE DE CONCRETO COM COMPRIMENTO NOMINAL DE 10 M, CARGA NOMINAL MENOR OU IGUAL A 1000 DAN, ENGASTAMENTO SIMPLES COM 1,6 M DE SOLO (NÃO INCLUI FORNECIMENTO). AF_11/2019","UN",404.04]
[100580,"ASSENTAMENTO DE POSTE DE CONCRETO COM COMPRIMENTO NOMINAL DE 10 M, CARGA NOMINAL MAIOR QUE 1000 DAN, ENGASTAMENTO SIMPLES COM 1,6 M DE SOLO (NÃO INCLUI FORNECIMENTO). AF_11/2019","UN",442.04]
[100581,"ASSENTAMENTO DE POSTE DE CONCRETO COM COMPRIMENTO NOMINAL DE 10,5 M, CARGA NOMINAL MENOR OU IGUAL A 1000 DAN, ENGASTAMENTO SIMPLES COM 1,65 M DE SOLO (NÃO INCLUI FORNECIMENTO). AF_11/2019","UN",421.77]
[100582,"ASSENTAMENTO DE POSTE DE CONCRETO COM COMPRIMENTO NOMINAL DE 10,5 M, CARGA NOMINAL MAIOR QUE 1000 DAN, ENGASTAMENTO SIMPLES COM 1,65 M DE SOLO (NÃO INCLUI FORNECIMENTO). AF_11/2019","UN",490.28]
[100583,"ASSENTAMENTO DE POSTE DE CONCRETO COM COMPRIMENTO NOMINAL DE 11 M, CARGA NOMINAL MENOR OU IGUAL A 1000 DAN, ENGASTAMENTO SIMPLES COM 1,7 M DE SOLO (NÃO INCLUI FORNECIMENTO). AF_11/2019","UN",440.7]
[100584,"ASSENTAMENTO DE POSTE DE CONCRETO COM COMPRIMENTO NOMINAL DE 11 M, CARGA NOMINAL MAIOR QUE 1000 DAN, ENGASTAMENTO SIMPLES COM 1,7 M DE SOLO (NÃO INCLUI FORNECIMENTO). AF_11/2019","UN",481.89]
[100585,"ASSENTAMENTO DE POSTE DE CONCRETO COM COMPRIMENTO NOMINAL DE 12 M, CARGA NOMINAL MENOR OU IGUAL A 1000 DAN, ENGASTAMENTO SIMPLES COM 1,8 M DE SOLO (NÃO INCLUI FORNECIMENTO). AF_11/2019","UN",477.56]
[100586,"ASSENTAMENTO DE POSTE DE CONCRETO COM COMPRIMENTO NOMINAL DE 12 M, CARGA NOMINAL MAIOR QUE 1000 DAN, ENGASTAMENTO SIMPLES COM 1,8 M DE SOLO (NÃO INCLUI FORNECIMENTO). AF_11/2019","UN",543.14]
[100587,"ASSENTAMENTO DE POSTE DE CONCRETO COM COMPRIMENTO NOMINAL DE 13 M, CARGA NOMINAL MENOR OU IGUAL A 1000 DAN, ENGASTAMENTO SIMPLES COM 1,9 M DE SOLO (NÃO INCLUI FORNECIMENTO). AF_11/2019","UN",515.72]
[100588,"ASSENTAMENTO DE POSTE DE CONCRETO COM COMPRIMENTO NOMINAL DE 13 M, CARGA NOMINAL MAIOR QUE 1000 DAN, ENGASTAMENTO SIMPLES COM 1,9 M DE SOLO (NÃO INCLUI FORNECIMENTO). AF_11/2019","UN",566.67999999999995]
[100589,"ASSENTAMENTO DE POSTE DE CONCRETO COM COMPRIMENTO NOMINAL DE 13,5 M, CARGA NOMINAL MENOR OU IGUAL A 1000 DAN, ENGASTAMENTO SIMPLES COM 1,95 M DE SOLO (NÃO INCLUI FORNECIMENTO). AF_11/2019","UN",570.24]
[100590,"ASSENTAMENTO DE POSTE DE CONCRETO COM COMPRIMENTO NOMINAL DE 13,5 M, CARGA NOMINAL MAIOR QUE 1000 DAN, ENGASTAMENTO SIMPLES COM 1,95 M DE SOLO (NÃO INCLUI FORNECIMENTO). AF_11/2019","UN",620.71]
[100591,"ASSENTAMENTO DE POSTE DE CONCRETO COM COMPRIMENTO NOMINAL DE 14 M, CARGA NOMINAL MENOR OU IGUAL A 1000 DAN, ENGASTAMENTO SIMPLES COM 2 M DE SOLO (NÃO INCLUI FORNECIMENTO). AF_11/2019","UN",567.17999999999995]
[100592,"ASSENTAMENTO DE POSTE DE CONCRETO COM COMPRIMENTO NOMINAL DE 14 M, CARGA NOMINAL MAIOR QUE 1000 DAN, ENGASTAMENTO SIMPLES COM 2 M DE SOLO (NÃO INCLUI FORNECIMENTO). AF_11/2019","UN",608.98]
[100593,"ASSENTAMENTO DE POSTE DE CONCRETO COM COMPRIMENTO NOMINAL DE 15 M, CARGA NOMINAL MENOR OU IGUAL A 1000 DAN, ENGASTAMENTO SIMPLES COM 2,1 M DE SOLO (NÃO INCLUI FORNECIMENTO). AF_11/2019","UN",607.62]
[100594,"ASSENTAMENTO DE POSTE DE CONCRETO COM COMPRIMENTO NOMINAL DE 15 M, CARGA NOMINAL MAIOR QUE 1000 DAN, ENGASTAMENTO SIMPLES COM 2,1 M DE SOLO (NÃO INCLUI FORNECIMENTO). AF_11/2019","UN",678.4]
[100595,"ASSENTAMENTO DE POSTE DE CONCRETO COM COMPRIMENTO NOMINAL DE 18 M, CARGA NOMINAL MENOR OU IGUAL A 1000 DAN, ENGASTAMENTO SIMPLES COM 2,4 M DE SOLO (NÃO INCLUI FORNECIMENTO). AF_11/2019","UN",728.95]
[100596,"ASSENTAMENTO DE POSTE DE CONCRETO COM COMPRIMENTO NOMINAL DE 18 M, CARGA NOMINAL MAIOR QUE 1000 DAN, ENGASTAMENTO SIMPLES COM 2,4 M DE SOLO (NÃO INCLUI FORNECIMENTO). AF_11/2019","UN",824.38]
[100597,"ASSENTAMENTO DE POSTE DE CONCRETO COM COMPRIMENTO NOMINAL DE 20 M, CARGA NOMINAL MENOR OU IGUAL A 1000 DAN, ENGASTAMENTO SIMPLES COM 2,6 M DE SOLO (NÃO INCLUI FORNECIMENTO). AF_11/2019","UN",842.33]
[100598,"ASSENTAMENTO DE POSTE DE CONCRETO COM COMPRIMENTO NOMINAL DE 20 M, CARGA NOMINAL MAIOR QUE 1000, ENGASTAMENTO SIMPLES COM 2,6 M DE SOLO (NÃO INCLUI FORNECIMENTO). AF_11/2019","UN",921]
[100599,"ASSENTAMENTO DE POSTE DE CONCRETO COM COMPRIMENTO NOMINAL DE 9 M, CARGA NOMINAL DE 150 DAN, ENGASTAMENTO BASE CONCRETADA COM 1 M DE CONCRETO E 0,5 M DE SOLO (NÃO INCLUI FORNECIMENTO). AF_11/2019","UN",382.82]
[100600,"ASSENTAMENTO DE POSTE DE CONCRETO COM COMPRIMENTO NOMINAL DE 9 M, CARGA NOMINAL DE 300 DAN, ENGASTAMENTO BASE CONCRETADA COM 1 M DE CONCRETO E 0,5 M DE SOLO (NÃO INCLUI FORNECIMENTO). AF_11/2019","UN",454.91]
[100601,"ASSENTAMENTO DE POSTE DE CONCRETO COM COMPRIMENTO NOMINAL DE 9 M, CARGA NOMINAL DE 400 DAN, ENGASTAMENTO BASE CONCRETADA COM 1 M DE CONCRETO E 0,5 M DE SOLO (NÃO INCLUI FORNECIMENTO). AF_11/2019","UN",577.33000000000004]
[100602,"ASSENTAMENTO DE POSTE DE CONCRETO COM COMPRIMENTO NOMINAL DE 9 M, CARGA NOMINAL DE 600 DAN, ENGASTAMENTO BASE CONCRETADA COM 1 M DE CONCRETO E 0,5 M DE SOLO (NÃO INCLUI FORNECIMENTO). AF_11/2019","UN",730.04]
[100603,"ASSENTAMENTO DE POSTE DE CONCRETO COM COMPRIMENTO NOMINAL DE 9 M, CARGA NOMINAL DE 1000 DAN, ENGASTAMENTO BASE CONCRETADA COM 1 M DE CONCRETO E 0,5 M DE SOLO (NÃO INCLUI FORNECIMENTO). AF_11/2019","UN",1122.6099999999999]
[100604,"ASSENTAMENTO DE POSTE DE CONCRETO COM COMPRIMENTO NOMINAL DE 10 M, CARGA NOMINAL DE 300 DAN, ENGASTAMENTO BASE CONCRETADA COM 1 M DE CONCRETO E 0,6 M DE SOLO (NÃO INCLUI FORNECIMENTO). AF_11/2019","UN",483.25]
[100605,"ASSENTAMENTO DE POSTE DE CONCRETO COM COMPRIMENTO NOMINAL DE 10 M, CARGA NOMINAL DE 600 DAN, ENGASTAMENTO BASE CONCRETADA COM 1 M DE CONCRETO E 0,6 M DE SOLO (NÃO INCLUI FORNECIMENTO). AF_11/2019","UN",765.34]
[100606,"ASSENTAMENTO DE POSTE DE CONCRETO COM COMPRIMENTO NOMINAL DE 10 M, CARGA NOMINAL DE 1000 DAN, ENGASTAMENTO BASE CONCRETADA COM 1 M DE CONCRETO E 0,6 M DE SOLO (NÃO INCLUI FORNECIMENTO). AF_11/2019","UN",1166.92]
[100607,"ASSENTAMENTO DE POSTE DE CONCRETO COM COMPRIMENTO NOMINAL DE 10,5 M, CARGA NOMINAL DE 300 DAN, ENGASTAMENTO BASE CONCRETADA COM 1 M DE CONCRETO E 0,65 M DE SOLO (NÃO INCLUI FORNECIMENTO). AF_11/2019","UN",496.75]
[100608,"ASSENTAMENTO DE POSTE DE CONCRETO COM COMPRIMENTO NOMINAL DE 10,5 M, CARGA NOMINAL DE 600 DAN, ENGASTAMENTO BASE CONCRETADA COM 1 M DE CONCRETO E 0,65 M DE SOLO (NÃO INCLUI FORNECIMENTO). AF_11/2019","UN",782.77]
[100609,"ASSENTAMENTO DE POSTE DE CONCRETO COM COMPRIMENTO NOMINAL DE 10,5 M, CARGA NOMINAL DE 1000 DAN, ENGASTAMENTO BASE CONCRETADA COM 1 M DE CONCRETO E 0,65 M DE SOLO (NÃO INCLUI FORNECIMENTO). AF_11/2019","UN",1190.56]
[100610,"ASSENTAMENTO DE POSTE DE CONCRETO COM COMPRIMENTO NOMINAL DE 11 M, CARGA NOMINAL DE 300 DAN, ENGASTAMENTO BASE CONCRETADA COM 1 M DE CONCRETO E 0,7 M DE SOLO (NÃO INCLUI FORNECIMENTO). AF_11/2019","UN",510.18]
[100611,"ASSENTAMENTO DE POSTE DE CONCRETO COM COMPRIMENTO NOMINAL DE 11 M, CARGA NOMINAL DE 400 DAN, ENGASTAMENTO BASE CONCRETADA COM 1 M DE CONCRETO E 0,7 M DE SOLO (NÃO INCLUI FORNECIMENTO). AF_11/2019","UN",638.76]
[100612,"ASSENTAMENTO DE POSTE DE CONCRETO COM COMPRIMENTO NOMINAL DE 11 M, CARGA NOMINAL DE 600 DAN, ENGASTAMENTO BASE CONCRETADA COM 1 M DE CONCRETO E 0,7 M DE SOLO (NÃO INCLUI FORNECIMENTO). AF_11/2019","UN",799.85]
[100613,"ASSENTAMENTO DE POSTE DE CONCRETO COM COMPRIMENTO NOMINAL DE 11 M, CARGA NOMINAL DE 1000 DAN, ENGASTAMENTO BASE CONCRETADA COM 1 M DE CONCRETO E 0,7 M DE SOLO (NÃO INCLUI FORNECIMENTO). AF_11/2019","UN",1213.68]
[100614,"ASSENTAMENTO DE POSTE DE CONCRETO COM COMPRIMENTO NOMINAL DE 12 M, CARGA NOMINAL DE 400 DAN, ENGASTAMENTO BASE CONCRETADA COM 1 M DE CONCRETO E 0,8 M DE SOLO (NÃO INCLUI FORNECIMENTO). AF_11/2019","UN",668.91]
[100615,"ASSENTAMENTO DE POSTE DE CONCRETO COM COMPRIMENTO NOMINAL DE 12 M, CARGA NOMINAL DE 600 DAN, ENGASTAMENTO BASE CONCRETADA COM 1 M DE CONCRETO E 0,8 M DE SOLO (NÃO INCLUI FORNECIMENTO). AF_11/2019","UN",833.74]
[100616,"ASSENTAMENTO DE POSTE DE CONCRETO COM COMPRIMENTO NOMINAL DE 12 M, CARGA NOMINAL DE 1000 DAN, ENGASTAMENTO BASE CONCRETADA COM 1 M DE CONCRETO E 0,8 M DE SOLO (NÃO INCLUI FORNECIMENTO). AF_11/2019","UN",1262.17]
[100617,"ASSENTAMENTO DE POSTE DE CONCRETO COM COMPRIMENTO NOMINAL DE 13 M, CARGA NOMINAL DE 600 DAN, ENGASTAMENTO BASE CONCRETADA COM 1 M DE CONCRETO E 0,9 M DE SOLO (NÃO INCLUI FORNECIMENTO). AF_11/2019","UN",867.48]
[100618,"ASSENTAMENTO DE POSTE DE CONCRETO COM COMPRIMENTO NOMINAL DE 13 M, CARGA NOMINAL DE 1000 DAN, ENGASTAMENTO BASE CONCRETADA COM 1 M DE CONCRETO E 0,9 M DE SOLO - SOMENTE INSTALAÇÃO, SEM FORNECIMENTO. AF_11/2019","UN",1314.83]
[100619,"POSTE DECORATIVO PARA JARDIM EM AÇO TUBULAR, H = *2,5* M, SEM LUMINÁRIA - FORNECIMENTO E INSTALAÇÃO. AF_11/2019","UN",491.84]
[100620,"POSTE DE AÇO CONICO CONTÍNUO CURVO SIMPLES, FLANGEADO, H=9M, INCLUSIVE LUMINÁRIA, SEM LÂMPADA - FORNECIMENTO E INSTALACAO. AF_11/2019","UN",3088.4]
[100621,"POSTE DE AÇO CONICO CONTÍNUO CURVO DUPLO, FLANGEADO, H=9M, INCLUSIVE LUMINÁRIAS, SEM LÂMPADAS - FORNECIMENTO E INSTALACAO. AF_11/2019","UN",3458.93]
[100622,"POSTE DE AÇO CONICO CONTÍNUO CURVO SIMPLES, ENGASTADO, H=9M, INCLUSIVE LUMINÁRIA, SEM LÂMPADA - FORNECIMENTO E INSTALACAO. AF_11/2019","UN",2034.26]
[100623,"POSTE DE AÇO CONICO CONTÍNUO CURVO DUPLO, ENGASTADO, H=9M, INCLUSIVE LUMINÁRIAS, SEM LÂMPADAS - FORNECIMENTO E INSTALACAO. AF_11/2019","UN",2174.88]
[97600,"REFLETOR EM ALUMÍNIO, DE SUPORTE E ALÇA, COM 1 LÂMPADA VAPOR DE MERCÚRIO DE 125 W, COM REATOR ALTO FATOR DE POTÊNCIA - FORNECIMENTO E INSTALAÇÃO. AF_02/2020","UN",237.97]
[97601,"REFLETOR EM ALUMÍNIO, DE SUPORTE E ALÇA, COM LÂMPADA VAPOR DE MERCÚRIO DE 250 W, COM REATOR ALTO FATOR DE POTÊNCIA - FORNECIMENTO E INSTALAÇÃO. AF_02/2020","UN",254.55]
[97605,"LUMINÁRIA ARANDELA TIPO MEIA LUA, DE SOBREPOR, COM 1 LÂMPADA LED DE 6 W, SEM REATOR - FORNECIMENTO E INSTALAÇÃO. AF_02/2020","UN",68.69]
[97606,"LUMINÁRIA ARANDELA TIPO MEIA LUA, DE SOBREPOR, COM 1 LÂMPADA FLUORESCENTE DE 15 W, SEM REATOR - FORNECIMENTO E INSTALAÇÃO. AF_02/2020","UN",73.25]
[97607,"LUMINÁRIA ARANDELA TIPO TARTARUGA, DE SOBREPOR, COM 1 LÂMPADA LED DE 6 W, SEM REATOR - FORNECIMENTO E INSTALAÇÃO. AF_02/2020","UN",81.99]
[97608,"LUMINÁRIA ARANDELA TIPO TARTARUGA, COM GRADE, DE SOBREPOR, COM 1 LÂMPADA FLUORESCENTE DE 15 W, SEM REATOR - FORNECIMENTO E INSTALAÇÃO. AF_02/2020","UN",86.55]
[102102,"TRANSFORMADOR DE DISTRIBUIÇÃO, 30 KVA, TRIFÁSICO, 60 HZ, CLASSE 15 KV, IMERSO EM ÓLEO MINERAL, INSTALAÇÃO EM POSTE (NÃO INCLUSO SUPORTE) - FORNECIMENTO E INSTALAÇÃO. AF_12/2020","UN",6427.61]
[102103,"TRANSFORMADOR DE DISTRIBUIÇÃO, 45 KVA, TRIFÁSICO, 60 HZ, CLASSE 15 KV, IMERSO EM ÓLEO MINERAL, INSTALAÇÃO EM POSTE (NÃO INCLUSO SUPORTE) - FORNECIMENTO E INSTALAÇÃO. AF_12/2020","UN",7145.66]
[102104,"TRANSFORMADOR DE DISTRIBUIÇÃO, 75 KVA, TRIFÁSICO, 60 HZ, CLASSE 15 KV, IMERSO EM ÓLEO MINERAL, INSTALAÇÃO EM POSTE (NÃO INCLUSO SUPORTE) - FORNECIMENTO E INSTALAÇÃO. AF_12/2020","UN",9146.06]
[102105,"TRANSFORMADOR DE DISTRIBUIÇÃO, 112,5 KVA, TRIFÁSICO, 60 HZ, CLASSE 15 KV, IMERSO EM ÓLEO MINERAL, INSTALAÇÃO EM POSTE (NÃO INCLUSO SUPORTE) - FORNECIMENTO E INSTALAÇÃO. AF_12/2020","UN",11224.44]
[102106,"TRANSFORMADOR DE DISTRIBUIÇÃO, 150 KVA, TRIFÁSICO, 60 HZ, CLASSE 15 KV, IMERSO EM ÓLEO MINERAL, INSTALAÇÃO EM POSTE (NÃO INCLUSO SUPORTE) - FORNECIMENTO E INSTALAÇÃO. AF_12/2020","UN",14059.09]
[102107,"TRANSFORMADOR DE DISTRIBUIÇÃO, 225 KVA, TRIFÁSICO, 60 HZ, CLASSE 15 KV, IMERSO EM ÓLEO MINERAL, INSTALAÇÃO EM POSTE (NÃO INCLUSO SUPORTE) - FORNECIMENTO E INSTALAÇÃO. AF_12/2020","UN",19588.82]
[102108,"TRANSFORMADOR DE DISTRIBUIÇÃO, 300 KVA, TRIFÁSICO, 60 HZ, CLASSE 15 KV, IMERSO EM ÓLEO MINERAL, INSTALAÇÃO EM POSTE (NÃO INCLUSO SUPORTE) - FORNECIMENTO E INSTALAÇÃO. AF_12/2020","UN",22799.4]
[102109,"SUPORTE PARA TRANSFORMADOR EM POSTE DE CONCRETO CIRCULAR - FORNECIMENTO E INSTALAÇÃO. AF_12/2020","UN",45.58]
[102110,"SUPORTE PARA TRANSFORMADOR EM POSTE DE CONCRETO DUPLO T - FORNECIMENTO E INSTALAÇÃO. AF_12/2020","UN",140.43]
[93128,"PONTO DE ILUMINAÇÃO RESIDENCIAL INCLUINDO INTERRUPTOR SIMPLES, CAIXA ELÉTRICA, ELETRODUTO, CABO, RASGO, QUEBRA E CHUMBAMENTO (EXCLUINDO LUMINÁRIA E LÂMPADA). AF_01/2016","UN",118.98]
[93137,"PONTO DE ILUMINAÇÃO RESIDENCIAL INCLUINDO INTERRUPTOR SIMPLES (2 MÓDULOS), CAIXA ELÉTRICA, ELETRODUTO, CABO, RASGO, QUEBRA E CHUMBAMENTO (EXCLUINDO LUMINÁRIA E LÂMPADA). AF_01/2016","UN",140.91999999999999]
[93138,"PONTO DE ILUMINAÇÃO RESIDENCIAL INCLUINDO INTERRUPTOR PARALELO, CAIXA ELÉTRICA, ELETRODUTO, CABO, RASGO, QUEBRA E CHUMBAMENTO (EXCLUINDO LUMINÁRIA E LÂMPADA). AF_01/2016","UN",134]
[93139,"PONTO DE ILUMINAÇÃO RESIDENCIAL INCLUINDO INTERRUPTOR PARALELO (2 MÓDULOS), CAIXA ELÉTRICA, ELETRODUTO, CABO, RASGO, QUEBRA E CHUMBAMENTO (EXCLUINDO LUMINÁRIA E LÂMPADA). AF_01/2016","UN",170.91]
[93140,"PONTO DE ILUMINAÇÃO RESIDENCIAL INCLUINDO INTERRUPTOR SIMPLES CONJUGADO COM PARALELO, CAIXA ELÉTRICA, ELETRODUTO, CABO, RASGO, QUEBRA E CHUMBAMENTO (EXCLUINDO LUMINÁRIA E LÂMPADA). AF_01/2016","UN",160.97]
[93141,"PONTO DE TOMADA RESIDENCIAL INCLUINDO TOMADA 10A/250V, CAIXA ELÉTRICA, ELETRODUTO, CABO, RASGO, QUEBRA E CHUMBAMENTO. AF_01/2016","UN",147.11000000000001]
[93142,"PONTO DE TOMADA RESIDENCIAL INCLUINDO TOMADA (2 MÓDULOS) 10A/250V, CAIXA ELÉTRICA, ELETRODUTO, CABO, RASGO, QUEBRA E CHUMBAMENTO. AF_01/2016","UN",162.82]
[93143,"PONTO DE TOMADA RESIDENCIAL INCLUINDO TOMADA 20A/250V, CAIXA ELÉTRICA, ELETRODUTO, CABO, RASGO, QUEBRA E CHUMBAMENTO. AF_01/2016","UN",148.80000000000001]
[93144,"PONTO DE UTILIZAÇÃO DE EQUIPAMENTOS ELÉTRICOS, RESIDENCIAL, INCLUINDO SUPORTE E PLACA, CAIXA ELÉTRICA, ELETRODUTO, CABO, RASGO, QUEBRA E CHUMBAMENTO. AF_01/2016","UN",199.25]
[93145,"PONTO DE ILUMINAÇÃO E TOMADA, RESIDENCIAL, INCLUINDO INTERRUPTOR SIMPLES E TOMADA 10A/250V, CAIXA ELÉTRICA, ELETRODUTO, CABO, RASGO, QUEBRA E CHUMBAMENTO (EXCLUINDO LUMINÁRIA E LÂMPADA). AF_01/2016","UN",179.16]
[93146,"PONTO DE ILUMINAÇÃO E TOMADA, RESIDENCIAL, INCLUINDO INTERRUPTOR PARALELO E TOMADA 10A/250V, CAIXA ELÉTRICA, ELETRODUTO, CABO, RASGO, QUEBRA E CHUMBAMENTO (EXCLUINDO LUMINÁRIA E LÂMPADA). AF_01/2016","UN",194.18]
[93147,"PONTO DE ILUMINAÇÃO E TOMADA, RESIDENCIAL, INCLUINDO INTERRUPTOR SIMPLES, INTERRUPTOR PARALELO E TOMADA 10A/250V, CAIXA ELÉTRICA, ELETRODUTO, CABO, RASGO, QUEBRA E CHUMBAMENTO (EXCLUINDO LUMINÁRIA E LÂMPADA). AF_01/2016","UN",221.19]
[96971,"CORDOALHA DE COBRE NU 16 MM², NÃO ENTERRADA, COM ISOLADOR - FORNECIMENTO E INSTALAÇÃO. AF_12/2017","M",28.19]
[96972,"CORDOALHA DE COBRE NU 25 MM², NÃO ENTERRADA, COM ISOLADOR - FORNECIMENTO E INSTALAÇÃO. AF_12/2017","M",38.99]
[96973,"CORDOALHA DE COBRE NU 35 MM², NÃO ENTERRADA, COM ISOLADOR - FORNECIMENTO E INSTALAÇÃO. AF_12/2017","M",49.53]
[96974,"CORDOALHA DE COBRE NU 50 MM², NÃO ENTERRADA, COM ISOLADOR - FORNECIMENTO E INSTALAÇÃO. AF_12/2017","M",63.56]
[96975,"CORDOALHA DE COBRE NU 70 MM², NÃO ENTERRADA, COM ISOLADOR - FORNECIMENTO E INSTALAÇÃO. AF_12/2017","M",82.47]
[96976,"CORDOALHA DE COBRE NU 95 MM², NÃO ENTERRADA, COM ISOLADOR - FORNECIMENTO E INSTALAÇÃO. AF_12/2017","M",107.78]
[96977,"CORDOALHA DE COBRE NU 50 MM², ENTERRADA, SEM ISOLADOR - FORNECIMENTO E INSTALAÇÃO. AF_12/2017","M",42.98]
[96978,"CORDOALHA DE COBRE NU 70 MM², ENTERRADA, SEM ISOLADOR - FORNECIMENTO E INSTALAÇÃO. AF_12/2017","M",60.29]
[96979,"CORDOALHA DE COBRE NU 95 MM², ENTERRADA, SEM ISOLADOR - FORNECIMENTO E INSTALAÇÃO. AF_12/2017","M",84.53]
[96984,"ELETRODUTO PVC 40MM (1 ¼ ) PARA SPDA - FORNECIMENTO E INSTALAÇÃO. AF_12/2017","UN",44.62]
[96985,"HASTE DE ATERRAMENTO 5/8  PARA SPDA - FORNECIMENTO E INSTALAÇÃO. AF_12/2017","UN",49.48]
[96986,"HASTE DE ATERRAMENTO 3/4  PARA SPDA - FORNECIMENTO E INSTALAÇÃO. AF_12/2017","UN",74.040000000000006]
[96987,"BASE METÁLICA PARA MASTRO 1 ½  PARA SPDA - FORNECIMENTO E INSTALAÇÃO. AF_12/2017","UN",115.8]
[96988,"MASTRO 1 ½  PARA SPDA - FORNECIMENTO E INSTALAÇÃO. AF_12/2017","UN",169.98]
[96989,"CAPTOR TIPO FRANKLIN PARA SPDA - FORNECIMENTO E INSTALAÇÃO. AF_12/2017","UN",111.85]
[98463,"SUPORTE ISOLADOR PARA CORDOALHA DE COBRE - FORNECIMENTO E INSTALAÇÃO. AF_12/2017","UN",22.15]
[96765,"ABRIGO PARA HIDRANTE, 90X60X17CM, COM REGISTRO GLOBO ANGULAR 45 GRAUS 2 1/2\", ADAPTADOR STORZ 2 1/2\", MANGUEIRA DE INCÊNDIO 20M, REDUÇÃO 2 1/2\" X 1 1/2\" E ESGUICHO EM LATÃO 1 1/2\" - FORNECIMENTO E INSTALAÇÃO. AF_10/2020","UN",1042.3399999999999]
[101905,"EXTINTOR DE INCÊNDIO PORTÁTIL COM CARGA DE ÁGUA PRESSURIZADA DE 10 L, CLASSE A - FORNECIMENTO E INSTALAÇÃO. AF_10/2020_P","UN",149.9]
[101906,"EXTINTOR DE INCÊNDIO PORTÁTIL COM CARGA DE CO2 DE 4 KG, CLASSE BC - FORNECIMENTO E INSTALAÇÃO. AF_10/2020_P","UN",434.03]
[101907,"EXTINTOR DE INCÊNDIO PORTÁTIL COM CARGA DE CO2 DE 6 KG, CLASSE BC - FORNECIMENTO E INSTALAÇÃO. AF_10/2020_P","UN",468.65]
[101908,"EXTINTOR DE INCÊNDIO PORTÁTIL COM CARGA DE PQS DE 4 KG, CLASSE BC - FORNECIMENTO E INSTALAÇÃO. AF_10/2020_P","UN",145.57]
[101909,"EXTINTOR DE INCÊNDIO PORTÁTIL COM CARGA DE PQS DE 6 KG, CLASSE BC - FORNECIMENTO E INSTALAÇÃO. AF_10/2020_P","UN",168.65]
[101910,"EXTINTOR DE INCÊNDIO PORTÁTIL COM CARGA DE PQS DE 8 KG, CLASSE BC - FORNECIMENTO E INSTALAÇÃO. AF_10/2020_P","UN",197.49]
[101911,"EXTINTOR DE INCÊNDIO PORTÁTIL COM CARGA DE PQS DE 12 KG, CLASSE BC - FORNECIMENTO E INSTALAÇÃO. AF_10/2020_P","UN",226.34]
[101912,"ABRIGO PARA HIDRANTE, 75X45X17CM, COM REGISTRO GLOBO ANGULAR 45 GRAUS 2 1/2\", ADAPTADOR STORZ 2 1/2\", MANGUEIRA DE INCÊNDIO 15M 2 1/2\" E ESGUICHO EM LATÃO 2 1/2\" - FORNECIMENTO E INSTALAÇÃO. AF_10/2020","UN",1027.83]
[101913,"CAIXA DE INCÊNDIO 45X75X17CM - FORNECIMENTO E INSTALAÇÃO. AF_10/2020","UN",346.98]
[101914,"CAIXA DE INCÊNDIO 60X90X17CM - FORNECIMENTO E INSTALAÇÃO. AF_10/2020","UN",279.54000000000002]
[101915,"CONJUNTO DE MANGUEIRA PARA COMBATE A INCÊNDIO EM FIBRA DE POLIESTER PURA, COM 1.1/2\", REVESTIDA INTERNAMENTE, COMPRIMENTO DE 15M - FORNECIMENTO E INSTALAÇÃO. AF_10/2020","UN",276.77]
[101916,"HIDRANTE SUBTERRÂNEO PREDIAL (COM CURVA LONGA E CAIXA), DN 75 MM - FORNECIMENTO E INSTALAÇÃO. AF_10/2020","UN",2463.58]
[101917,"MANÔMETRO 0 A 200 PSI (0 A 14 KGF/CM2), D = 50MM - FORNECIMENTO E INSTALAÇÃO. AF_10/2020","UN",116.8]
[98261,"CABO TELEFÔNICO CCI-50 1 PAR, INSTALADO EM ENTRADA DE EDIFICAÇÃO - FORNECIMENTO E INSTALAÇÃO. AF_11/2019","M",3.05]
[98262,"CABO TELEFÔNICO CCI-50 2 PARES, SEM BLINDAGEM, INSTALADO EM ENTRADA DE EDIFICAÇÃO - FORNECIMENTO E INSTALAÇÃO. AF_11/2019","M",3.64]
[98263,"CABO TELEFÔNICO CCI-50 3 PARES, SEM BLINDAGEM, INSTALADO EM ENTRADA DE EDIFICAÇÃO - FORNECIMENTO E INSTALAÇÃO. AF_11/2019","M",4.37]
[98264,"CABO TELEFÔNICO CCI-50 4 PARES, SEM BLINDAGEM, INSTALADO EM ENTRADA DE EDIFICAÇÃO - FORNECIMENTO E INSTALAÇÃO. AF_11/2019","M",4.93]
[98265,"CABO TELEFÔNICO CCI-50 5 PARES, SEM BLINDAGEM, INSTALADO EM ENTRADA DE EDIFICAÇÃO - FORNECIMENTO E INSTALAÇÃO. AF_11/2019","M",5.78]
[98266,"CABO TELEFÔNICO CCI-50 6 PARES, SEM BLINDAGEM, INSTALADO EM ENTRADA DE EDIFICAÇÃO - FORNECIMENTO E INSTALAÇÃO. AF_11/2019","M",6.27]
[98267,"CABO TELEFÔNICO CI-50 10 PARES INSTALADO EM ENTRADA DE EDIFICAÇÃO - FORNECIMENTO E INSTALAÇÃO. AF_11/2019","M",10.46]
[98268,"CABO TELEFÔNICO CI-50 20 PARES INSTALADO EM ENTRADA DE EDIFICAÇÃO - FORNECIMENTO E INSTALAÇÃO. AF_11/2019","M",17.41]
[98269,"CABO TELEFÔNICO CI-50 30 PARES INSTALADO EM ENTRADA DE EDIFICAÇÃO - FORNECIMENTO E INSTALAÇÃO. AF_11/2019","M",22.63]
[98270,"CABO TELEFÔNICO CI-50 50 PARES INSTALADO EM ENTRADA DE EDIFICAÇÃO - FORNECIMENTO E INSTALAÇÃO. AF_11/2019","M",37.21]
[98271,"CABO TELEFÔNICO CI-50 75 PARES INSTALADO EM ENTRADA DE EDIFICAÇÃO - FORNECIMENTO E INSTALAÇÃO. AF_11/2019","M",58.11]
[98272,"CABO TELEFÔNICO CI-50 200 PARES INSTALADO EM ENTRADA DE EDIFICAÇÃO - FORNECIMENTO E INSTALAÇÃO. AF_11/2019","M",137.22999999999999]
[98273,"CABO TELEFÔNICO CCI-50 4 PARES, SEM BLINDAGEM, INSTALADO EM PRUMADA - FORNECIMENTO E INSTALAÇÃO. AF_11/2019","M",2.58]
[98274,"CABO TELEFÔNICO CCI-50 5 PARES, SEM BLINDAGEM, INSTALADO EM PRUMADA - FORNECIMENTO E INSTALAÇÃO. AF_11/2019","M",3.42]
[98275,"CABO TELEFÔNICO CCI-50 6 PARES, SEM BLINDAGEM, INSTALADO EM PRUMADA - FORNECIMENTO E INSTALAÇÃO. AF_11/2019","M",3.92]
[98276,"CABO TELEFÔNICO CI-50 10 PARES INSTALADO EM PRUMADA - FORNECIMENTO E INSTALAÇÃO. AF_11/2019","M",8.11]
[98277,"CABO TELEFÔNICO CI-50 20 PARES INSTALADO EM PRUMADA - FORNECIMENTO E INSTALAÇÃO. AF_11/2019","M",15.04]
[98278,"CABO TELEFÔNICO CI-50 30 PARES INSTALADO EM PRUMADA - FORNECIMENTO E INSTALAÇÃO. AF_11/2019","M",20.28]
[98279,"CABO TELEFÔNICO CI-50 50 PARES INSTALADO EM PRUMADA - FORNECIMENTO E INSTALAÇÃO. AF_11/2019","M",34.840000000000003]
[98280,"CABO TELEFÔNICO CCI-50 1 PAR, SEM BLINDAGEM, INSTALADO EM DISTRIBUIÇÃO DE EDIFICAÇÃO RESIDENCIAL - FORNECIMENTO E INSTALAÇÃO. AF_11/2019","M",6.08]
[98281,"CABO TELEFÔNICO CCI-50 2 PARES, SEM BLINDAGEM, INSTALADO EM DISTRIBUIÇÃO DE EDIFICAÇÃO RESIDENCIAL - FORNECIMENTO E INSTALAÇÃO. AF_11/2019","M",6.68]
[98282,"CABO TELEFÔNICO CCI-50 3 PARES, SEM BLINDAGEM, INSTALADO EM DISTRIBUIÇÃO DE EDIFICAÇÃO RESIDENCIAL - FORNECIMENTO E INSTALAÇÃO. AF_11/2019","M",7.4]
[98283,"CABO TELEFÔNICO CCI-50 4 PARES, SEM BLINDAGEM, INSTALADO EM DISTRIBUIÇÃO DE EDIFICAÇÃO RESIDENCIAL - FORNECIMENTO E INSTALAÇÃO. AF_11/2019","M",7.97]
[98284,"CABO TELEFÔNICO CCI-50 5 PARES, SEM BLINDAGEM, INSTALADO EM DISTRIBUIÇÃO DE EDIFICAÇÃO RESIDENCIAL - FORNECIMENTO E INSTALAÇÃO. AF_11/2019","M",8.81]
[98285,"CABO TELEFÔNICO CCI-50 6 PARES, SEM BLINDAGEM, INSTALADO EM DISTRIBUIÇÃO DE EDIFICAÇÃO RESIDENCIAL - FORNECIMENTO E INSTALAÇÃO. AF_11/2019","M",9.31]
[98286,"CABO TELEFÔNICO CI-50 10 PARES INSTALADO EM DISTRIBUIÇÃO DE EDIFICAÇÃO RESIDENCIAL - FORNECIMENTO E INSTALAÇÃO. AF_11/2019","M",13.5]
[98287,"CABO TELEFÔNICO CCI-50 1 PAR, SEM BLINDAGEM, INSTALADO EM DISTRIBUIÇÃO DE EDIFICAÇÃO INSTITUCIONAL - FORNECIMENTO E INSTALAÇÃO. AF_11/2019","M",1.23]
[98288,"CABO TELEFÔNICO CCI-50 2 PARES, SEM BLINDAGEM, INSTALADO EM DISTRIBUIÇÃO DE EDIFICAÇÃO INSTITUCIONAL - FORNECIMENTO E INSTALAÇÃO. AF_11/2019","M",1.83]
[98289,"CABO TELEFÔNICO CCI-50 3 PARES, SEM BLINDAGEM, INSTALADO EM DISTRIBUIÇÃO DE EDIFICAÇÃO INSTITUCIONAL - FORNECIMENTO E INSTALAÇÃO. AF_11/2019","M",2.54]
[98290,"CABO TELEFÔNICO CCI-50 4 PARES, SEM BLINDAGEM, INSTALADO EM DISTRIBUIÇÃO DE EDIFICAÇÃO INSTITUCIONAL - FORNECIMENTO E INSTALAÇÃO. AF_11/2019","M",3.12]
[98291,"CABO TELEFÔNICO CCI-50 5 PARES, SEM BLINDAGEM, INSTALADO EM DISTRIBUIÇÃO DE EDIFICAÇÃO INSTITUCIONAL - FORNECIMENTO E INSTALAÇÃO. AF_11/2019","M",3.97]
[98292,"CABO TELEFÔNICO CCI-50 6 PARES, SEM BLINDAGEM, INSTALADO EM DISTRIBUIÇÃO DE EDIFICAÇÃO INSTITUCIONAL - FORNECIMENTO E INSTALAÇÃO. AF_11/2019","M",4.45]
[98293,"CABO TELEFÔNICO CI-50 10 PARES INSTALADO EM DISTRIBUIÇÃO DE EDIFICAÇÃO INSTITUCIONAL - FORNECIMENTO E INSTALAÇÃO. AF_11/2019","M",8.65]
[98400,"CABO TELEFÔNICO CTP-APL-50 10 PARES INSTALADO EM ENTRADA DE EDIFICAÇÃO - FORNECIMENTO E INSTALAÇÃO. AF_11/2019","M",12.52]
[98401,"CABO TELEFÔNICO CTP-APL-50 20 PARES INSTALADO EM ENTRADA DE EDIFICAÇÃO - FORNECIMENTO E INSTALAÇÃO. AF_11/2019","M",19.63]
[98402,"CABO TELEFÔNICO CTP-APL-50 30 PARES INSTALADO EM ENTRADA DE EDIFICAÇÃO - FORNECIMENTO E INSTALAÇÃO. AF_11/2019","M",25.57]
[100556,"CAIXA DE PASSAGEM PARA TELEFONE 15X15X10CM (SOBREPOR), FORNECIMENTO E INSTALACAO. AF_11/2019","UN",39.11]
[100557,"CAIXA DE PASSAGEM PARA TELEFONE 80X80X15CM (SOBREPOR) FORNECIMENTO E INSTALACAO. AF_11/2019","UN",518.35]
[100560,"QUADRO DE DISTRIBUIÇÃO PARA TELEFONE N.2, 20X20X12CM EM CHAPA METALICA, DE EMBUTIR, SEM ACESSORIOS, PADRÃO TELEBRAS, FORNECIMENTO E INSTALAÇÃO. AF_11/2019","UN",106.03]
[100561,"QUADRO DE DISTRIBUICAO PARA TELEFONE N.3, 40X40X12CM EM CHAPA METALICA, DE EMBUTIR, SEM ACESSORIOS, PADRAO TELEBRAS, FORNECIMENTO E INSTALAÇÃO. AF_11/2019","UN",198.5]
[100562,"QUADRO DE DISTRIBUICAO PARA TELEFONE N.4, 60X60X12CM EM CHAPA METALICA, DE EMBUTIR, SEM ACESSORIOS, PADRAO TELEBRAS, FORNECIMENTO E INSTALAÇÃO. AF_11/2019","UN",310.01]
[100563,"QUADRO DE DISTRIBUIÇÃO PARA TELEFONE N.5, 80X80X12CM EM CHAPA METALICA, SEM ACESSORIOS, PADRAO TELEBRAS, FORNECIMENTO E INSTALAÇÃO. AF_11/2019","UN",449.02]
[101795,"CAIXA ENTERRADA PARA INSTALAÇÕES TELEFÔNICAS TIPO R1, EM ALVENARIA COM BLOCOS DE CONCRETO, DIMENSÕES INTERNAS: 0,35X0,60X0,60 M, EXCLUINDO TAMPÃO. AF_12/2020","UN",433.04]
[101798,"TAMPA PARA CAIXA TIPO R1, EM FERRO FUNDIDO, DIMENSÕES INTERNAS: 0,40 X 0,60 M - FORNECIMENTO E INSTALAÇÃO. AF_12/2020","UN",211.6]
[101799,"TAMPA PARA CAIXA TIPO R2 E R3, EM FERRO FUNDIDO, DIMENSÕES INTERNAS: 0,55 X 1,10 M - FORNECIMENTO E INSTALAÇÃO. AF_12/2020","UN",504.41]
[98397,"PINTURA ANTICORROSIVA DE DUTO METÁLICO. AF_04/2018","M2",9.84]
[101936,"INSTALAÇÃO DE TUBOS E CONEXÕES, EM AÇO/FERRO GALVANIZADO, PARA O CENTRO DE MEDIÇÃO DE GÁS DE EDIFÍCIO RESIDENCIAL, COM 4 PAVIMENTOS, 16 UNIDADES HABITACIONAIS, DN 32 (1 1/4\u0094) - FORNECIMENTO E INSTALAÇÃO. AF_10/2020","UN",6709.81]
[101937,"INSTALAÇÃO DE TUBOS E CONEXÕES, EM AÇO/FERRO GALVANIZADO, PARA O CENTRO DE MEDIÇÃO DE GÁS DE EDIFÍCIO RESIDENCIAL, COM 4 PAVIMENTOS, 16 UNIDADES HABITACIONAIS, DN 50 (2\u0094) - FORNECIMENTO E INSTALAÇÃO. AF_10/2020","UN",12027.6]
[98294,"CABO ELETRÔNICO CATEGORIA 5E, INSTALADO EM EDIFICAÇÃO RESIDENCIAL - FORNECIMENTO E INSTALAÇÃO. AF_11/2019","M",1.96]
[98295,"CABO ELETRÔNICO CATEGORIA 5E, INSTALADO EM EDIFICAÇÃO INSTITUCIONAL - FORNECIMENTO E INSTALAÇÃO. AF_11/2019","M",1.41]
[98296,"CABO ELETRÔNICO CATEGORIA 6, INSTALADO EM EDIFICAÇÃO RESIDENCIAL - FORNECIMENTO E INSTALAÇÃO. AF_11/2019","M",3.02]
[98297,"CABO ELETRÔNICO CATEGORIA 6, INSTALADO EM EDIFICAÇÃO INSTITUCIONAL - FORNECIMENTO E INSTALAÇÃO. AF_11/2019","M",2.15]
[98301,"PATCH PANEL 24 PORTAS, CATEGORIA 5E - FORNECIMENTO E INSTALAÇÃO. AF_11/2019","UN",444.62]
[98302,"PATCH PANEL 24 PORTAS, CATEGORIA 6 - FORNECIMENTO E INSTALAÇÃO. AF_11/2019","UN",594.65]
[98304,"PATCH PANEL 48 PORTAS, CATEGORIA 6 - FORNECIMENTO E INSTALAÇÃO. AF_11/2019","UN",956.98]
[98307,"TOMADA DE REDE RJ45 - FORNECIMENTO E INSTALAÇÃO. AF_11/2019","UN",35.68]
[98308,"TOMADA PARA TELEFONE RJ11 - FORNECIMENTO E INSTALAÇÃO. AF_11/2019","UN",23.71]
[98593,"PATCH PANEL 48 PORTAS, CATEGORIA 5E - FORNECIMENTO E INSTALAÇÃO. AF_11/2019","UN",777.78]
[89355,"TUBO, PVC, SOLDÁVEL, DN 20MM, INSTALADO EM RAMAL OU SUB-RAMAL DE ÁGUA - FORNECIMENTO E INSTALAÇÃO. AF_12/2014","M",15.7]
[89356,"TUBO, PVC, SOLDÁVEL, DN 25MM, INSTALADO EM RAMAL OU SUB-RAMAL DE ÁGUA - FORNECIMENTO E INSTALAÇÃO. AF_12/2014","M",18.61]
[89357,"TUBO, PVC, SOLDÁVEL, DN 32MM, INSTALADO EM RAMAL OU SUB-RAMAL DE ÁGUA - FORNECIMENTO E INSTALAÇÃO. AF_12/2014","M",26.83]
[89401,"TUBO, PVC, SOLDÁVEL, DN 20MM, INSTALADO EM RAMAL DE DISTRIBUIÇÃO DE ÁGUA - FORNECIMENTO E INSTALAÇÃO. AF_12/2014","M",7.14]
[89402,"TUBO, PVC, SOLDÁVEL, DN 25MM, INSTALADO EM RAMAL DE DISTRIBUIÇÃO DE ÁGUA - FORNECIMENTO E INSTALAÇÃO. AF_12/2014","M",8.75]
[89403,"TUBO, PVC, SOLDÁVEL, DN 32MM, INSTALADO EM RAMAL DE DISTRIBUIÇÃO DE ÁGUA - FORNECIMENTO E INSTALAÇÃO. AF_12/2014","M",15.03]
[89446,"TUBO, PVC, SOLDÁVEL, DN 25MM, INSTALADO EM PRUMADA DE ÁGUA - FORNECIMENTO E INSTALAÇÃO. AF_12/2014","M",5]
[89447,"TUBO, PVC, SOLDÁVEL, DN 32MM, INSTALADO EM PRUMADA DE ÁGUA - FORNECIMENTO E INSTALAÇÃO. AF_12/2014","M",10.63]
[89448,"TUBO, PVC, SOLDÁVEL, DN 40MM, INSTALADO EM PRUMADA DE ÁGUA - FORNECIMENTO E INSTALAÇÃO. AF_12/2014","M",15.3]
[89449,"TUBO, PVC, SOLDÁVEL, DN 50MM, INSTALADO EM PRUMADA DE ÁGUA - FORNECIMENTO E INSTALAÇÃO. AF_12/2014","M",17.579999999999998]
[89450,"TUBO, PVC, SOLDÁVEL, DN 60MM, INSTALADO EM PRUMADA DE ÁGUA - FORNECIMENTO E INSTALAÇÃO. AF_12/2014","M",29.11]
[89451,"TUBO, PVC, SOLDÁVEL, DN 75MM, INSTALADO EM PRUMADA DE ÁGUA - FORNECIMENTO E INSTALAÇÃO. AF_12/2014","M",48.19]
[89452,"TUBO, PVC, SOLDÁVEL, DN 85MM, INSTALADO EM PRUMADA DE ÁGUA - FORNECIMENTO E INSTALAÇÃO. AF_12/2014","M",60.01]
[89508,"TUBO PVC, SÉRIE R, ÁGUA PLUVIAL, DN 40 MM, FORNECIDO E INSTALADO EM RAMAL DE ENCAMINHAMENTO. AF_12/2014","M",20.83]
[89509,"TUBO PVC, SÉRIE R, ÁGUA PLUVIAL, DN 50 MM, FORNECIDO E INSTALADO EM RAMAL DE ENCAMINHAMENTO. AF_12/2014","M",27.85]
[89511,"TUBO PVC, SÉRIE R, ÁGUA PLUVIAL, DN 75 MM, FORNECIDO E INSTALADO EM RAMAL DE ENCAMINHAMENTO. AF_12/2014","M",40.31]
[89512,"TUBO PVC, SÉRIE R, ÁGUA PLUVIAL, DN 100 MM, FORNECIDO E INSTALADO EM RAMAL DE ENCAMINHAMENTO. AF_12/2014","M",64.819999999999993]
[89576,"TUBO PVC, SÉRIE R, ÁGUA PLUVIAL, DN 75 MM, FORNECIDO E INSTALADO EM CONDUTORES VERTICAIS DE ÁGUAS PLUVIAIS. AF_12/2014","M",26.88]
[89578,"TUBO PVC, SÉRIE R, ÁGUA PLUVIAL, DN 100 MM, FORNECIDO E INSTALADO EM CONDUTORES VERTICAIS DE ÁGUAS PLUVIAIS. AF_12/2014","M",46.5]
[89580,"TUBO PVC, SÉRIE R, ÁGUA PLUVIAL, DN 150 MM, FORNECIDO E INSTALADO EM CONDUTORES VERTICAIS DE ÁGUAS PLUVIAIS. AF_12/2014","M",92.31]
[89633,"TUBO, CPVC, SOLDÁVEL, DN 15MM, INSTALADO EM RAMAL OU SUB-RAMAL DE ÁGUA - FORNECIMENTO E INSTALAÇÃO. AF_12/2014","M",19.7]
[89634,"TUBO, CPVC, SOLDÁVEL, DN 22MM, INSTALADO EM RAMAL OU SUB-RAMAL DE ÁGUA - FORNECIMENTO E INSTALAÇÃO. AF_12/2014","M",29.79]
[89635,"TUBO, CPVC, SOLDÁVEL, DN 28MM, INSTALADO EM RAMAL OU SUB-RAMAL DE ÁGUA - FORNECIMENTO E INSTALAÇÃO. AF_12/2014","M",42.36]
[89636,"TUBO, CPVC, SOLDÁVEL, DN 35MM, INSTALADO EM RAMAL OU SUB-RAMAL DE ÁGUA \u0096 FORNECIMENTO E INSTALAÇÃO. AF_12/2014","M",51.53]
[89711,"TUBO PVC, SERIE NORMAL, ESGOTO PREDIAL, DN 40 MM, FORNECIDO E INSTALADO EM RAMAL DE DESCARGA OU RAMAL DE ESGOTO SANITÁRIO. AF_12/2014","M",17.68]
[89712,"TUBO PVC, SERIE NORMAL, ESGOTO PREDIAL, DN 50 MM, FORNECIDO E INSTALADO EM RAMAL DE DESCARGA OU RAMAL DE ESGOTO SANITÁRIO. AF_12/2014","M",26.53]
[89713,"TUBO PVC, SERIE NORMAL, ESGOTO PREDIAL, DN 75 MM, FORNECIDO E INSTALADO EM RAMAL DE DESCARGA OU RAMAL DE ESGOTO SANITÁRIO. AF_12/2014","M",40.049999999999997]
[89714,"TUBO PVC, SERIE NORMAL, ESGOTO PREDIAL, DN 100 MM, FORNECIDO E INSTALADO EM RAMAL DE DESCARGA OU RAMAL DE ESGOTO SANITÁRIO. AF_12/2014","M",50.67]
[89716,"TUBO, CPVC, SOLDÁVEL, DN 22MM, INSTALADO EM RAMAL DE DISTRIBUIÇÃO DE ÁGUA - FORNECIMENTO E INSTALAÇÃO. AF_12/2014","M",20.84]
[89717,"TUBO, CPVC, SOLDÁVEL, DN 28MM, INSTALADO EM RAMAL DE DISTRIBUIÇÃO DE ÁGUA - FORNECIMENTO E INSTALAÇÃO. AF_12/2014","M",31.82]
[89770,"TUBO, CPVC, SOLDÁVEL, DN 35MM, INSTALADO EM PRUMADA DE ÁGUA \u0096 FORNECIMENTO E INSTALAÇÃO. AF_12/2014","M",34.47]
[89771,"TUBO, CPVC, SOLDÁVEL, DN 42MM, INSTALADO EM PRUMADA DE ÁGUA \u0096 FORNECIMENTO E INSTALAÇÃO. AF_12/2014","M",47.1]
[89773,"TUBO, CPVC, SOLDÁVEL, DN 73MM, INSTALADO EM PRUMADA DE ÁGUA \u0096 FORNECIMENTO E INSTALAÇÃO. AF_12/2014","M",109.63]
[89775,"TUBO, CPVC, SOLDÁVEL, DN 89MM, INSTALADO EM PRUMADA DE ÁGUA \u0096 FORNECIMENTO E INSTALAÇÃO. AF_12/2014","M",173.12]
[89798,"TUBO PVC, SERIE NORMAL, ESGOTO PREDIAL, DN 50 MM, FORNECIDO E INSTALADO EM PRUMADA DE ESGOTO SANITÁRIO OU VENTILAÇÃO. AF_12/2014","M",12.8]
[89799,"TUBO PVC, SERIE NORMAL, ESGOTO PREDIAL, DN 75 MM, FORNECIDO E INSTALADO EM PRUMADA DE ESGOTO SANITÁRIO OU VENTILAÇÃO. AF_12/2014","M",20.39]
[89800,"TUBO PVC, SERIE NORMAL, ESGOTO PREDIAL, DN 100 MM, FORNECIDO E INSTALADO EM PRUMADA DE ESGOTO SANITÁRIO OU VENTILAÇÃO. AF_12/2014","M",24.82]
[89848,"TUBO PVC, SERIE NORMAL, ESGOTO PREDIAL, DN 100 MM, FORNECIDO E INSTALADO EM SUBCOLETOR AÉREO DE ESGOTO SANITÁRIO. AF_12/2014","M",29.36]
[89849,"TUBO PVC, SERIE NORMAL, ESGOTO PREDIAL, DN 150 MM, FORNECIDO E INSTALADO EM SUBCOLETOR AÉREO DE ESGOTO SANITÁRIO. AF_12/2014","M",60.21]
[89865,"TUBO, PVC, SOLDÁVEL, DN 25MM, INSTALADO EM DRENO DE AR-CONDICIONADO - FORNECIMENTO E INSTALAÇÃO. AF_12/2014","M",11.66]
[91784,"(COMPOSIÇÃO REPRESENTATIVA) DO SERVIÇO DE INSTALAÇÃO DE TUBOS DE PVC, SOLDÁVEL, ÁGUA FRIA, DN 20 MM (INSTALADO EM RAMAL, SUB-RAMAL OU RAMAL DE DISTRIBUIÇÃO), INCLUSIVE CONEXÕES, CORTES E FIXAÇÕES, PARA PRÉDIOS. AF_10/2015","M",37.200000000000003]
[91785,"(COMPOSIÇÃO REPRESENTATIVA) DO SERVIÇO DE INSTALAÇÃO DE TUBOS DE PVC, SOLDÁVEL, ÁGUA FRIA, DN 25 MM (INSTALADO EM RAMAL, SUB-RAMAL, RAMAL DE DISTRIBUIÇÃO OU PRUMADA), INCLUSIVE CONEXÕES, CORTES E FIXAÇÕES, PARA PRÉDIOS. AF_10/2015","M",36.93]
[91786,"(COMPOSIÇÃO REPRESENTATIVA) DO SERVIÇO DE INSTALAÇÃO TUBOS DE PVC, SOLDÁVEL, ÁGUA FRIA, DN 32 MM (INSTALADO EM RAMAL, SUB-RAMAL, RAMAL DE DISTRIBUIÇÃO OU PRUMADA), INCLUSIVE CONEXÕES, CORTES E FIXAÇÕES, PARA PRÉDIOS. AF_10/2015","M",26.89]
[91787,"(COMPOSIÇÃO REPRESENTATIVA) DO SERVIÇO DE INSTALAÇÃO DE TUBOS DE PVC, SOLDÁVEL, ÁGUA FRIA, DN 40 MM (INSTALADO EM PRUMADA), INCLUSIVE CONEXÕES, CORTES E FIXAÇÕES, PARA PRÉDIOS. AF_10/2015","M",31.57]
[91788,"(COMPOSIÇÃO REPRESENTATIVA) DO SERVIÇO DE INSTALAÇÃO DE TUBOS DE PVC, SOLDÁVEL, ÁGUA FRIA, DN 50 MM (INSTALADO EM PRUMADA), INCLUSIVE CONEXÕES, CORTES E FIXAÇÕES, PARA PRÉDIOS. AF_10/2015","M",40.03]
[91789,"(COMPOSIÇÃO REPRESENTATIVA) DO SERVIÇO DE INSTALAÇÃO DE TUBOS DE PVC, SÉRIE R, ÁGUA PLUVIAL, DN 75 MM (INSTALADO EM RAMAL DE ENCAMINHAMENTO, OU CONDUTORES VERTICAIS), INCLUSIVE CONEXÕES, CORTE E FIXAÇÕES, PARA PRÉDIOS. AF_10/2015","M",46.36]
[91790,"(COMPOSIÇÃO REPRESENTATIVA) DO SERVIÇO DE INSTALAÇÃO DE TUBOS DE PVC, SÉRIE R, ÁGUA PLUVIAL, DN 100 MM (INSTALADO EM RAMAL DE ENCAMINHAMENTO, OU CONDUTORES VERTICAIS), INCLUSIVE CONEXÕES, CORTES E FIXAÇÕES, PARA PRÉDIOS. AF_10/2015","M",69.81]
[91791,"(COMPOSIÇÃO REPRESENTATIVA) DO SERVIÇO DE INSTALAÇÃO DE TUBOS DE PVC, SÉRIE R, ÁGUA PLUVIAL, DN 150 MM (INSTALADO EM CONDUTORES VERTICAIS), INCLUSIVE CONEXÕES, CORTES E FIXAÇÕES, PARA PRÉDIOS. AF_10/2015","M",97.78]
[91792,"(COMPOSIÇÃO REPRESENTATIVA) DO SERVIÇO DE INSTALAÇÃO DE TUBO DE PVC, SÉRIE NORMAL, ESGOTO PREDIAL, DN 40 MM (INSTALADO EM RAMAL DE DESCARGA OU RAMAL DE ESGOTO SANITÁRIO), INCLUSIVE CONEXÕES, CORTES E FIXAÇÕES, PARA PRÉDIOS. AF_10/2015","M",50.81]
[91793,"(COMPOSIÇÃO REPRESENTATIVA) DO SERVIÇO DE INSTALAÇÃO DE TUBO DE PVC, SÉRIE NORMAL, ESGOTO PREDIAL, DN 50 MM (INSTALADO EM RAMAL DE DESCARGA OU RAMAL DE ESGOTO SANITÁRIO), INCLUSIVE CONEXÕES, CORTES E FIXAÇÕES PARA, PRÉDIOS. AF_10/2015","M",76.92]
[91794,"(COMPOSIÇÃO REPRESENTATIVA) DO SERVIÇO DE INST. TUBO PVC, SÉRIE N, ESGOTO PREDIAL, DN 75 MM, (INST. EM RAMAL DE DESCARGA, RAMAL DE ESG. SANITÁRIO, PRUMADA DE ESG. SANITÁRIO OU VENTILAÇÃO), INCL. CONEXÕES, CORTES E FIXAÇÕES, P/ PRÉDIOS. AF_10/2015","M",38.94]
[91795,"(COMPOSIÇÃO REPRESENTATIVA) DO SERVIÇO DE INST. TUBO PVC, SÉRIE N, ESGOTO PREDIAL, 100 MM (INST. RAMAL DESCARGA, RAMAL DE ESG. SANIT., PRUMADA ESG. SANIT., VENTILAÇÃO OU SUB-COLETOR AÉREO), INCL. CONEXÕES E CORTES, FIXAÇÕES, P/ PRÉDIOS. AF_10/2015","M",64.06]
[91796,"(COMPOSIÇÃO REPRESENTATIVA) DO SERVIÇO DE INSTALAÇÃO DE TUBO DE PVC, SÉRIE NORMAL, ESGOTO PREDIAL, DN 150 MM (INSTALADO EM SUB-COLETOR AÉREO), INCLUSIVE CONEXÕES, CORTES E FIXAÇÕES, PARA PRÉDIOS. AF_10/2015","M",72.06]
[92275,"TUBO EM COBRE RÍGIDO, DN 22 MM, CLASSE E, SEM ISOLAMENTO, INSTALADO EM PRUMADA \u0096 FORNECIMENTO E INSTALAÇÃO. AF_12/2015","M",40.369999999999997]
[92276,"TUBO EM COBRE RÍGIDO, DN 28 MM, CLASSE E, SEM ISOLAMENTO, INSTALADO EM PRUMADA \u0096 FORNECIMENTO E INSTALAÇÃO. AF_12/2015","M",51.1]
[92277,"TUBO EM COBRE RÍGIDO, DN 35 MM, CLASSE E, SEM ISOLAMENTO, INSTALADO EM PRUMADA \u0096 FORNECIMENTO E INSTALAÇÃO. AF_12/2015","M",73.64]
[92278,"TUBO EM COBRE RÍGIDO, DN 42 MM, CLASSE E, SEM ISOLAMENTO, INSTALADO EM PRUMADA \u0096 FORNECIMENTO E INSTALAÇÃO. AF_12/2015","M",98.96]
[92279,"TUBO EM COBRE RÍGIDO, DN 54 MM, CLASSE E, SEM ISOLAMENTO, INSTALADO EM PRUMADA \u0096 FORNECIMENTO E INSTALAÇÃO. AF_12/2015","M",142.9]
[92280,"TUBO EM COBRE RÍGIDO, DN 66 MM, CLASSE E, SEM ISOLAMENTO, INSTALADO EM PRUMADA \u0096 FORNECIMENTO E INSTALAÇÃO. AF_12/2015","M",200.51]
[92281,"TUBO EM COBRE RÍGIDO, DN 22 MM, CLASSE E, COM ISOLAMENTO, INSTALADO EM PRUMADA \u0096 FORNECIMENTO E INSTALAÇÃO. AF_12/2015","M",118.32]
[92282,"TUBO EM COBRE RÍGIDO, DN 28 MM, CLASSE E, COM ISOLAMENTO, INSTALADO EM PRUMADA \u0096 FORNECIMENTO E INSTALAÇÃO. AF_12/2015","M",132.19]
[92283,"TUBO EM COBRE RÍGIDO, DN 35 MM, CLASSE E, COM ISOLAMENTO, INSTALADO EM PRUMADA \u0096 FORNECIMENTO E INSTALAÇÃO. AF_12/2015","M",176.17]
[92284,"TUBO EM COBRE RÍGIDO, DN 42 MM, CLASSE E, COM ISOLAMENTO, INSTALADO EM PRUMADA \u0096 FORNECIMENTO E INSTALAÇÃO. AF_12/2015","M",215.89]
[92285,"TUBO EM COBRE RÍGIDO, DN 54 MM, CLASSE E, COM ISOLAMENTO, INSTALADO EM PRUMADA \u0096 FORNECIMENTO E INSTALAÇÃO. AF_12/2015","M",282.64999999999998]
[92286,"TUBO EM COBRE RÍGIDO, DN 66 MM, CLASSE E, COM ISOLAMENTO, INSTALADO EM PRUMADA \u0096 FORNECIMENTO E INSTALAÇÃO. AF_12/2015","M",342.24]
[92305,"TUBO EM COBRE RÍGIDO, DN 15 MM, CLASSE E, SEM ISOLAMENTO, INSTALADO EM RAMAL DE DISTRIBUIÇÃO \u0096 FORNECIMENTO E INSTALAÇÃO. AF_12/2015","M",27.18]
[92306,"TUBO EM COBRE RÍGIDO, DN 22 MM, CLASSE E, SEM ISOLAMENTO, INSTALADO EM RAMAL DE DISTRIBUIÇÃO \u0096 FORNECIMENTO E INSTALAÇÃO. AF_12/2015","M",44.06]
[92307,"TUBO EM COBRE RÍGIDO, DN 28 MM, CLASSE E, SEM ISOLAMENTO, INSTALADO EM RAMAL DE DISTRIBUIÇÃO \u0096 FORNECIMENTO E INSTALAÇÃO. AF_12/2015","M",55.05]
[92308,"TUBO EM COBRE RÍGIDO, DN 15 MM, CLASSE E, COM ISOLAMENTO, INSTALADO EM RAMAL DE DISTRIBUIÇÃO \u0096 FORNECIMENTO E INSTALAÇÃO. AF_12/2015","M",45.44]
[92309,"TUBO EM COBRE RÍGIDO, DN 22 MM, CLASSE E, COM ISOLAMENTO, INSTALADO EM RAMAL DE DISTRIBUIÇÃO \u0096 FORNECIMENTO E INSTALAÇÃO. AF_12/2015","M",123.85]
[92310,"TUBO EM COBRE RÍGIDO, DN 28 MM, CLASSE E, COM ISOLAMENTO, INSTALADO EM RAMAL DE DISTRIBUIÇÃO \u0096 FORNECIMENTO E INSTALAÇÃO. AF_12/2015","M",138.02000000000001]
[92320,"TUBO EM COBRE RÍGIDO, DN 15 MM, CLASSE E, SEM ISOLAMENTO, INSTALADO EM RAMAL E SUB-RAMAL \u0096 FORNECIMENTO E INSTALAÇÃO. AF_12/2015","M",35.25]
[92321,"TUBO EM COBRE RÍGIDO, DN 22 MM, CLASSE E, SEM ISOLAMENTO, INSTALADO EM RAMAL E SUB-RAMAL \u0096 FORNECIMENTO E INSTALAÇÃO. AF_12/2015","M",57.93]
[92322,"TUBO EM COBRE RÍGIDO, DN 28 MM, CLASSE E, SEM ISOLAMENTO, INSTALADO EM RAMAL E SUB-RAMAL \u0096 FORNECIMENTO E INSTALAÇÃO. AF_12/2015","M",73.97]
[92323,"TUBO EM COBRE RÍGIDO, DN 15 MM, CLASSE E, COM ISOLAMENTO, INSTALADO EM RAMAL E SUB-RAMAL \u0096 FORNECIMENTO E INSTALAÇÃO. AF_12/2015","M",51.58]
[92324,"TUBO EM COBRE RÍGIDO, DN 22 MM, CLASSE E, COM ISOLAMENTO, INSTALADO EM RAMAL E SUB-RAMAL \u0096 FORNECIMENTO E INSTALAÇÃO. AF_12/2015","M",135.79]
[92325,"TUBO EM COBRE RÍGIDO, DN 28 MM, CLASSE E, COM ISOLAMENTO, INSTALADO EM RAMAL E SUB-RAMAL \u0096 FORNECIMENTO E INSTALAÇÃO. AF_12/2015","M",154.97999999999999]
[92335,"TUBO DE AÇO GALVANIZADO COM COSTURA, CLASSE MÉDIA, CONEXÃO RANHURADA, DN 50 (2\"), INSTALADO EM PRUMADAS - FORNECIMENTO E INSTALAÇÃO. AF_10/2020","M",89.96]
[92336,"TUBO DE AÇO GALVANIZADO COM COSTURA, CLASSE MÉDIA, CONEXÃO RANHURADA, DN 65 (2 1/2\"), INSTALADO EM PRUMADAS - FORNECIMENTO E INSTALAÇÃO. AF_10/2020","M",110.75]
[92337,"TUBO DE AÇO GALVANIZADO COM COSTURA, CLASSE MÉDIA, CONEXÃO RANHURADA, DN 80 (3\"), INSTALADO EM PRUMADAS - FORNECIMENTO E INSTALAÇÃO. AF_10/2020","M",146.54]
[92338,"TUBO DE AÇO PRETO SEM COSTURA, CONEXÃO SOLDADA, DN 50 (2\"), INSTALADO EM PRUMADAS - FORNECIMENTO E INSTALAÇÃO. AF_10/2020","M",134.57]
[92339,"TUBO DE AÇO PRETO SEM COSTURA, CONEXÃO SOLDADA, DN 65 (2 1/2\"), INSTALADO EM PRUMADAS - FORNECIMENTO E INSTALAÇÃO. AF_10/2020","M",206.34]
[92341,"TUBO DE AÇO GALVANIZADO COM COSTURA, CLASSE MÉDIA, DN 50 (2\"), CONEXÃO ROSQUEADA, INSTALADO EM PRUMADAS - FORNECIMENTO E INSTALAÇÃO. AF_10/2020","M",98.02]
[92342,"TUBO DE AÇO GALVANIZADO COM COSTURA, CLASSE MÉDIA, DN 65 (2 1/2\"), CONEXÃO ROSQUEADA, INSTALADO EM PRUMADAS - FORNECIMENTO E INSTALAÇÃO. AF_10/2020","M",118.87]
[92343,"TUBO DE AÇO GALVANIZADO COM COSTURA, CLASSE MÉDIA, DN 80 (3\"), CONEXÃO ROSQUEADA, INSTALADO EM PRUMADAS - FORNECIMENTO E INSTALAÇÃO. AF_10/2020","M",154.72999999999999]
[92359,"TUBO DE AÇO PRETO SEM COSTURA, CONEXÃO SOLDADA, DN 25 (1\"), INSTALADO EM REDE DE ALIMENTAÇÃO PARA HIDRANTE - FORNECIMENTO E INSTALAÇÃO. AF_10/2020","M",65.34]
[92360,"TUBO DE AÇO PRETO SEM COSTURA, CONEXÃO SOLDADA, DN 32 (1 1/4\"), INSTALADO EM REDE DE ALIMENTAÇÃO PARA HIDRANTE - FORNECIMENTO E INSTALAÇÃO. AF_10/2020","M",87.39]
[92361,"TUBO DE AÇO PRETO SEM COSTURA, CONEXÃO SOLDADA, DN 50 (2\"), INSTALADO EM REDE DE ALIMENTAÇÃO PARA HIDRANTE - FORNECIMENTO E INSTALAÇÃO. AF_10/2020","M",117.75]
[92362,"TUBO DE AÇO PRETO SEM COSTURA, CONEXÃO SOLDADA, DN 65 (2 1/2\"), INSTALADO EM REDE DE ALIMENTAÇÃO PARA HIDRANTE - FORNECIMENTO E INSTALAÇÃO. AF_10/2020","M",188.84]
[92364,"TUBO DE AÇO GALVANIZADO COM COSTURA, CLASSE MÉDIA, DN 32 (1 1/4\"), CONEXÃO ROSQUEADA, INSTALADO EM REDE DE ALIMENTAÇÃO PARA HIDRANTE - FORNECIMENTO E INSTALAÇÃO. AF_10/2020","M",54.44]
[92365,"TUBO DE AÇO GALVANIZADO COM COSTURA, CLASSE MÉDIA, DN 40 (1 1/2\"), CONEXÃO ROSQUEADA, INSTALADO EM REDE DE ALIMENTAÇÃO PARA HIDRANTE - FORNECIMENTO E INSTALAÇÃO. AF_10/2020","M",62.75]
[92366,"TUBO DE AÇO GALVANIZADO COM COSTURA, CLASSE MÉDIA, DN 50 (2\"), CONEXÃO ROSQUEADA, INSTALADO EM REDE DE ALIMENTAÇÃO PARA HIDRANTE - FORNECIMENTO E INSTALAÇÃO. AF_10/2020","M",88.04]
[92367,"TUBO DE AÇO GALVANIZADO COM COSTURA, CLASSE MÉDIA, DN 65 (2 1/2\"), CONEXÃO ROSQUEADA, INSTALADO EM REDE DE ALIMENTAÇÃO PARA HIDRANTE - FORNECIMENTO E INSTALAÇÃO. AF_10/2020","M",108.44]
[92368,"TUBO DE AÇO GALVANIZADO COM COSTURA, CLASSE MÉDIA, DN 80 (3\"), CONEXÃO ROSQUEADA, INSTALADO EM REDE DE ALIMENTAÇÃO PARA HIDRANTE - FORNECIMENTO E INSTALAÇÃO. AF_10/2020","M",143.88999999999999]
[92645,"TUBO DE AÇO PRETO SEM COSTURA, CONEXÃO SOLDADA, DN 25 (1\"), INSTALADO EM REDE DE ALIMENTAÇÃO PARA SPRINKLER - FORNECIMENTO E INSTALAÇÃO. AF_10/2020","M",68.37]
[92646,"TUBO DE AÇO PRETO SEM COSTURA, CONEXÃO SOLDADA, DN 32 (1 1/4\"), INSTALADO EM REDE DE ALIMENTAÇÃO PARA SPRINKLER - FORNECIMENTO E INSTALAÇÃO. AF_10/2020","M",90.42]
[92648,"TUBO DE AÇO PRETO SEM COSTURA, CONEXÃO SOLDADA, DN 40 (1 1/2\"), INSTALADO EM REDE DE ALIMENTAÇÃO PARA SPRINKLER - FORNECIMENTO E INSTALAÇÃO. AF_10/2020","M",98.88]
[92649,"TUBO DE AÇO PRETO SEM COSTURA, CONEXÃO SOLDADA, DN 50 (2\"), INSTALADO EM REDE DE ALIMENTAÇÃO PARA SPRINKLER - FORNECIMENTO E INSTALAÇÃO. AF_10/2020","M",120.77]
[92650,"TUBO DE AÇO PRETO SEM COSTURA, CONEXÃO SOLDADA, DN 65 (2 1/2\"), INSTALADO EM REDE DE ALIMENTAÇÃO PARA SPRINKLER - FORNECIMENTO E INSTALAÇÃO. AF_10/2020","M",191.86]
[92652,"TUBO DE AÇO GALVANIZADO COM COSTURA, CLASSE MÉDIA, CONEXÃO ROSQUEADA, DN 32 (1 1/4\"), INSTALADO EM REDE DE ALIMENTAÇÃO PARA SPRINKLER - FORNECIMENTO E INSTALAÇÃO. AF_10/2020","M",58.12]
[92653,"TUBO DE AÇO GALVANIZADO COM COSTURA, CLASSE MÉDIA, CONEXÃO ROSQUEADA, DN 40 (1 1/2\"), INSTALADO EM REDE DE ALIMENTAÇÃO PARA SPRINKLER - FORNECIMENTO E INSTALAÇÃO. AF_10/2020","M",66.459999999999994]
[92654,"TUBO DE AÇO GALVANIZADO COM COSTURA, CLASSE MÉDIA, CONEXÃO ROSQUEADA, DN 50 (2\"), INSTALADO EM REDE DE ALIMENTAÇÃO PARA SPRINKLER - FORNECIMENTO E INSTALAÇÃO. AF_10/2020","M",91.76]
[92655,"TUBO DE AÇO GALVANIZADO COM COSTURA, CLASSE MÉDIA, CONEXÃO ROSQUEADA, DN 65 (2 1/2\"), INSTALADO EM REDE DE ALIMENTAÇÃO PARA SPRINKLER - FORNECIMENTO E INSTALAÇÃO. AF_10/2020","M",112.24]
[92656,"TUBO DE AÇO GALVANIZADO COM COSTURA, CLASSE MÉDIA, CONEXÃO ROSQUEADA, DN 80 (3\"), INSTALADO EM REDE DE ALIMENTAÇÃO PARA SPRINKLER - FORNECIMENTO E INSTALAÇÃO. AF_10/2020","M",147.68]
[92687,"TUBO DE AÇO GALVANIZADO COM COSTURA, CLASSE MÉDIA, CONEXÃO ROSQUEADA, DN 15 (1/2\"), INSTALADO EM RAMAIS E SUB-RAMAIS DE GÁS - FORNECIMENTO E INSTALAÇÃO. AF_10/2020","M",26.7]
[92688,"TUBO DE AÇO GALVANIZADO COM COSTURA, CLASSE MÉDIA, CONEXÃO ROSQUEADA, DN 20 (3/4\"), INSTALADO EM RAMAIS E SUB-RAMAIS DE GÁS - FORNECIMENTO E INSTALAÇÃO. AF_10/2020","M",36.729999999999997]
[92689,"TUBO DE AÇO PRETO SEM COSTURA, CLASSE MÉDIA, CONEXÃO SOLDADA, DN 15 (1/2\"), INSTALADO EM RAMAIS E SUB-RAMAIS DE GÁS - FORNECIMENTO E INSTALAÇÃO. AF_10/2020","M",47.49]
[92690,"TUBO DE AÇO PRETO SEM COSTURA, CLASSE MÉDIA, CONEXÃO SOLDADA, DN 20 (3/4\"), INSTALADO EM RAMAIS E SUB-RAMAIS DE GÁS - FORNECIMENTO E INSTALAÇÃO. AF_10/2020","M",67.23]
[92691,"TUBO DE AÇO PRETO SEM COSTURA, CLASSE MÉDIA, CONEXÃO SOLDADA, DN 25 (1\"), INSTALADO EM RAMAIS  E SUB-RAMAIS DE GÁS - FORNECIMENTO E INSTALAÇÃO. AF_10/2020","M",85.44]
[94462,"TUBO DE AÇO GALVANIZADO COM COSTURA, CLASSE MÉDIA, DN 50 (2\u0094), CONEXÃO ROSQUEADA, INSTALADO EM RESERVAÇÃO DE ÁGUA DE EDIFICAÇÃO QUE POSSUA RESERVATÓRIO DE FIBRA/FIBROCIMENTO \u0096 FORNECIMENTO E INSTALAÇÃO. AF_06/2016","M",95.65]
[94463,"TUBO DE AÇO GALVANIZADO COM COSTURA, CLASSE MÉDIA, DN 65 (2 1/2\u0094), CONEXÃO ROSQUEADA, INSTALADO EM RESERVAÇÃO DE ÁGUA DE EDIFICAÇÃO QUE POSSUA RESERVATÓRIO DE FIBRA/FIBROCIMENTO \u0096 FORNECIMENTO E INSTALAÇÃO. AF_06/2016","M",113.41]
[94464,"TUBO DE AÇO GALVANIZADO COM COSTURA, CLASSE MÉDIA, DN 80 (3\u0094), CONEXÃO ROSQUEADA, INSTALADO EM RESERVAÇÃO DE ÁGUA DE EDIFICAÇÃO QUE POSSUA RESERVATÓRIO DE FIBRA/FIBROCIMENTO \u0096 FORNECIMENTO E INSTALAÇÃO. AF_06/2016","M",160.91999999999999]
[94602,"TUBO EM COBRE RÍGIDO, DN 54 MM, CLASSE E, SEM ISOLAMENTO, INSTALADO EM RESERVAÇÃO DE ÁGUA DE EDIFICAÇÃO QUE POSSUA RESERVATÓRIO DE FIBRA/FIBROCIMENTO \u0096 FORNECIMENTO E INSTALAÇÃO. AF_06/2016","M",155.77000000000001]
[94603,"TUBO EM COBRE RÍGIDO, DN 66 MM, CLASSE E, SEM ISOLAMENTO, INSTALADO EM RESERVAÇÃO DE ÁGUA DE EDIFICAÇÃO QUE POSSUA RESERVATÓRIO DE FIBRA/FIBROCIMENTO \u0096 FORNECIMENTO E INSTALAÇÃO. AF_06/2016","M",208.89]
[94604,"TUBO EM COBRE RÍGIDO, DN 79 MM, CLASSE E, SEM ISOLAMENTO, INSTALADO EM RESERVAÇÃO DE ÁGUA DE EDIFICAÇÃO QUE POSSUA RESERVATÓRIO DE FIBRA/FIBROCIMENTO \u0096 FORNECIMENTO E INSTALAÇÃO. AF_06/2016","M",285.02999999999997]
[94605,"TUBO EM COBRE RÍGIDO, DN 104 MM, CLASSE E, SEM ISOLAMENTO, INSTALADO EM RESERVAÇÃO DE ÁGUA DE EDIFICAÇÃO QUE POSSUA RESERVATÓRIO DE FIBRA/FIBROCIMENTO \u0096 FORNECIMENTO E INSTALAÇÃO. AF_06/2016","M",406.94]
[94648,"TUBO, PVC, SOLDÁVEL, DN  25 MM, INSTALADO EM RESERVAÇÃO DE ÁGUA DE EDIFICAÇÃO QUE POSSUA RESERVATÓRIO DE FIBRA/FIBROCIMENTO   FORNECIMENTO E INSTALAÇÃO. AF_06/2016","M",9.36]
[94649,"TUBO, PVC, SOLDÁVEL, DN 32 MM, INSTALADO EM RESERVAÇÃO DE ÁGUA DE EDIFICAÇÃO QUE POSSUA RESERVATÓRIO DE FIBRA/FIBROCIMENTO   FORNECIMENTO E INSTALAÇÃO. AF_06/2016","M",14.76]
[94650,"TUBO, PVC, SOLDÁVEL, DN 40 MM, INSTALADO EM RESERVAÇÃO DE ÁGUA DE EDIFICAÇÃO QUE POSSUA RESERVATÓRIO DE FIBRA/FIBROCIMENTO   FORNECIMENTO E INSTALAÇÃO. AF_06/2016","M",21.11]
[94651,"TUBO, PVC, SOLDÁVEL, DN 50 MM, INSTALADO EM RESERVAÇÃO DE ÁGUA DE EDIFICAÇÃO QUE POSSUA RESERVATÓRIO DE FIBRA/FIBROCIMENTO   FORNECIMENTO E INSTALAÇÃO. AF_06/2016","M",23.13]
[94652,"TUBO, PVC, SOLDÁVEL, DN 60 MM, INSTALADO EM RESERVAÇÃO DE ÁGUA DE EDIFICAÇÃO QUE POSSUA RESERVATÓRIO DE FIBRA/FIBROCIMENTO   FORNECIMENTO E INSTALAÇÃO. AF_06/2016","M",37.65]
[94653,"TUBO, PVC, SOLDÁVEL, DN 75 MM, INSTALADO EM RESERVAÇÃO DE ÁGUA DE EDIFICAÇÃO QUE POSSUA RESERVATÓRIO DE FIBRA/FIBROCIMENTO   FORNECIMENTO E INSTALAÇÃO. AF_06/2016","M",55.19]
[94654,"TUBO, PVC, SOLDÁVEL, DN 85 MM, INSTALADO EM RESERVAÇÃO DE ÁGUA DE EDIFICAÇÃO QUE POSSUA RESERVATÓRIO DE FIBRA/FIBROCIMENTO   FORNECIMENTO E INSTALAÇÃO. AF_06/2016","M",72.14]
[94655,"TUBO, PVC, SOLDÁVEL, DN 110 MM, INSTALADO EM RESERVAÇÃO DE ÁGUA DE EDIFICAÇÃO QUE POSSUA RESERVATÓRIO DE FIBRA/FIBROCIMENTO   FORNECIMENTO E INSTALAÇÃO. AF_06/2016","M",103.38]
[94716,"TUBO, CPVC, SOLDÁVEL, DN 22 MM, INSTALADO EM RESERVAÇÃO DE ÁGUA DE EDIFICAÇÃO QUE POSSUA RESERVATÓRIO DE FIBRA/FIBROCIMENTO \u0096 FORNECIMENTO E INSTALAÇÃO. AF_06/2016","M",21.09]
[94717,"TUBO, CPVC, SOLDÁVEL, DN 28 MM, INSTALADO EM RESERVAÇÃO DE ÁGUA DE EDIFICAÇÃO QUE POSSUA RESERVATÓRIO DE FIBRA/FIBROCIMENTO \u0096 FORNECIMENTO E INSTALAÇÃO. AF_06/2016","M",31.02]
[94718,"TUBO, CPVC, SOLDÁVEL, DN 35 MM, INSTALADO EM RESERVAÇÃO DE ÁGUA DE EDIFICAÇÃO QUE POSSUA RESERVATÓRIO DE FIBRA/FIBROCIMENTO \u0096 FORNECIMENTO E INSTALAÇÃO. AF_06/2016","M",38.369999999999997]
[94719,"TUBO, CPVC, SOLDÁVEL, DN 42 MM, INSTALADO EM RESERVAÇÃO DE ÁGUA DE EDIFICAÇÃO QUE POSSUA RESERVATÓRIO DE FIBRA/FIBROCIMENTO \u0096 FORNECIMENTO E INSTALAÇÃO. AF_06/2016","M",50.28]
[94720,"TUBO, CPVC, SOLDÁVEL, DN 54 MM, INSTALADO EM RESERVAÇÃO DE ÁGUA DE EDIFICAÇÃO QUE POSSUA RESERVATÓRIO DE FIBRA/FIBROCIMENTO \u0096 FORNECIMENTO E INSTALAÇÃO. AF_06/2016","M",75.89]
[94721,"TUBO, CPVC, SOLDÁVEL, DN 73 MM, INSTALADO EM RESERVAÇÃO DE ÁGUA DE EDIFICAÇÃO QUE POSSUA RESERVATÓRIO DE FIBRA/FIBROCIMENTO \u0096 FORNECIMENTO E INSTALAÇÃO. AF_06/2016","M",110.8]
[94722,"TUBO, CPVC, SOLDÁVEL, DN 89 MM, INSTALADO EM RESERVAÇÃO DE ÁGUA DE EDIFICAÇÃO QUE POSSUA RESERVATÓRIO DE FIBRA/FIBROCIMENTO \u0096 FORNECIMENTO E INSTALAÇÃO. AF_06/2016","M",193.08]
[95697,"TUBO DE AÇO PRETO SEM COSTURA, CONEXÃO SOLDADA, DN 40 (1 1/2\"), INSTALADO EM REDE DE ALIMENTAÇÃO PARA HIDRANTE - FORNECIMENTO E INSTALAÇÃO. AF_10/2020","M",95.85]
[96635,"TUBO, PPR, DN 25, CLASSE PN 20,  INSTALADO EM RAMAL OU SUB-RAMAL DE ÁGUA \u0096 FORNECIMENTO E INSTALAÇÃO. AF_06/2015","M",22.18]
[96636,"TUBO, PPR, DN 25, CLASSE PN 25 INSTALADO EM RAMAL OU SUB-RAMAL DE ÁGUA \u0096 FORNECIMENTO E INSTALAÇÃO. AF_06/2015","M",23.55]
[96644,"TUBO, PPR, DN 25, CLASSE PN 20,  INSTALADO EM RAMAL DE DISTRIBUIÇÃO DE ÁGUA \u0096 FORNECIMENTO E INSTALAÇÃO. AF_06/2015","M",13.8]
[96645,"TUBO, PPR, DN 32, CLASSE PN 12,  INSTALADO EM RAMAL DE DISTRIBUIÇÃO DE ÁGUA \u0096 FORNECIMENTO E INSTALAÇÃO. AF_06/2015","M",17.96]
[96646,"TUBO, PPR, DN 40, CLASSE PN 12,  INSTALADO EM RAMAL DE DISTRIBUIÇÃO DE ÁGUA \u0096 FORNECIMENTO E INSTALAÇÃO. AF_06/2015","M",27.93]
[96647,"TUBO, PPR, DN 25, CLASSE PN 25,  INSTALADO EM RAMAL DE DISTRIBUIÇÃO DE ÁGUA \u0096 FORNECIMENTO E INSTALAÇÃO. AF_06/2015","M",12.29]
[96648,"TUBO, PPR, DN 32, CLASSE PN 25,  INSTALADO EM RAMAL DE DISTRIBUIÇÃO DE ÁGUA \u0096 FORNECIMENTO E INSTALAÇÃO. AF_06/2015","M",22.66]
[96649,"TUBO, PPR, DN 40, CLASSE PN 25,  INSTALADO EM RAMAL DE DISTRIBUIÇÃO DE ÁGUA \u0096 FORNECIMENTO E INSTALAÇÃO. AF_06/2015","M",33.67]
[96668,"TUBO, PPR, DN 25, CLASSE PN 20,  INSTALADO EM PRUMADA DE ÁGUA \u0096 FORNECIMENTO E INSTALAÇÃO. AF_06/2015","M",7.96]
[96669,"TUBO, PPR, DN 32, CLASSE PN 12,  INSTALADO EM PRUMADA DE ÁGUA \u0096 FORNECIMENTO E INSTALAÇÃO. AF_06/2015","M",9.8800000000000008]
[96670,"TUBO, PPR, DN 40, CLASSE PN 12,  INSTALADO EM PRUMADA DE ÁGUA \u0096 FORNECIMENTO E INSTALAÇÃO. AF_06/2015","M",14.99]
[96671,"TUBO, PPR, DN 50, CLASSE PN 12,  INSTALADO EM PRUMADA DE ÁGUA \u0096 FORNECIMENTO E INSTALAÇÃO. AF_06/2015","M",20.13]
[96672,"TUBO, PPR, DN 63, CLASSE PN 12,  INSTALADO EM PRUMADA DE ÁGUA \u0096 FORNECIMENTO E INSTALAÇÃO. AF_06/2015","M",29.59]
[96673,"TUBO, PPR, DN 75, CLASSE PN 12,  INSTALADO EM PRUMADA DE ÁGUA \u0096 FORNECIMENTO E INSTALAÇÃO. AF_06/2015","M",48.08]
[96674,"TUBO, PPR, DN 90, CLASSE PN 12,  INSTALADO EM PRUMADA DE ÁGUA \u0096 FORNECIMENTO E INSTALAÇÃO. AF_06/2015","M",67.59]
[96675,"TUBO, PPR, DN 110, CLASSE PN 12,  INSTALADO EM PRUMADA DE ÁGUA \u0096 FORNECIMENTO E INSTALAÇÃO. AF_06/2015","M",116.88]
[96676,"TUBO, PPR, DN 25, CLASSE PN 25,  INSTALADO EM PRUMADA DE ÁGUA \u0096 FORNECIMENTO E INSTALAÇÃO. AF_06/2015","M",7.92]
[96677,"TUBO, PPR, DN 32, CLASSE PN 25,  INSTALADO EM PRUMADA DE ÁGUA \u0096 FORNECIMENTO E INSTALAÇÃO. AF_06/2015","M",13.03]
[96678,"TUBO, PPR, DN 40, CLASSE PN 25,  INSTALADO EM PRUMADA DE ÁGUA \u0096 FORNECIMENTO E INSTALAÇÃO. AF_06/2015","M",18.13]
[96679,"TUBO, PPR, DN 50, CLASSE PN 25,  INSTALADO EM PRUMADA DE ÁGUA \u0096 FORNECIMENTO E INSTALAÇÃO. AF_06/2015","M",26.47]
[96680,"TUBO, PPR, DN 63, CLASSE PN 25,  INSTALADO EM PRUMADA DE ÁGUA \u0096 FORNECIMENTO E INSTALAÇÃO. AF_06/2015","M",35.840000000000003]
[96681,"TUBO, PPR, DN 75, CLASSE PN 25,  INSTALADO EM PRUMADA DE ÁGUA \u0096 FORNECIMENTO E INSTALAÇÃO. AF_06/2015","M",66.23]
[96682,"TUBO, PPR, DN 90, CLASSE PN 25,  INSTALADO EM PRUMADA DE ÁGUA \u0096 FORNECIMENTO E INSTALAÇÃO. AF_06/2015","M",97.57]
[96683,"TUBO, PPR, DN 110, CLASSE PN 25,  INSTALADO EM PRUMADA DE ÁGUA \u0096 FORNECIMENTO E INSTALAÇÃO. AF_06/2015","M",133.87]
[96718,"TUBO, PPR, DN 20, CLASSE PN 20,  INSTALADO EM RESERVAÇÃO DE ÁGUA DE EDIFICAÇÃO QUE POSSUA RESERVATÓRIO DE FIBRA/FIBROCIMENTO \u0096 FORNECIMENTO E INSTALAÇÃO. AF_06/2016","M",5.0999999999999996]
[96719,"TUBO, PPR, DN 25, CLASSE PN 20,  INSTALADO EM RESERVAÇÃO DE ÁGUA DE EDIFICAÇÃO QUE POSSUA RESERVATÓRIO DE FIBRA/FIBROCIMENTO \u0096 FORNECIMENTO E INSTALAÇÃO. AF_06/2016","M",11.51]
[96720,"TUBO, PPR, DN 32, CLASSE PN 12,  INSTALADO EM RESERVAÇÃO DE ÁGUA DE EDIFICAÇÃO QUE POSSUA RESERVATÓRIO DE FIBRA/FIBROCIMENTO \u0096 FORNECIMENTO E INSTALAÇÃO. AF_06/2016","M",13.94]
[96721,"TUBO, PPR, DN 40, CLASSE PN 12,  INSTALADO EM RESERVAÇÃO DE ÁGUA DE EDIFICAÇÃO QUE POSSUA RESERVATÓRIO DE FIBRA/FIBROCIMENTO \u0096 FORNECIMENTO E INSTALAÇÃO. AF_06/2016","M",18.2]
[96722,"TUBO, PPR, DN 50, CLASSE PN 12,  INSTALADO EM RESERVAÇÃO DE ÁGUA DE EDIFICAÇÃO QUE POSSUA RESERVATÓRIO DE FIBRA/FIBROCIMENTO \u0096 FORNECIMENTO E INSTALAÇÃO. AF_06/2016","M",25.11]
[96723,"TUBO, PPR, DN 63, CLASSE PN 12,  INSTALADO EM RESERVAÇÃO DE ÁGUA DE EDIFICAÇÃO QUE POSSUA RESERVATÓRIO DE FIBRA/FIBROCIMENTO \u0096 FORNECIMENTO E INSTALAÇÃO. AF_06/2016","M",32.57]
[96724,"TUBO, PPR, DN 75, CLASSE PN 12,  INSTALADO EM RESERVAÇÃO DE ÁGUA DE EDIFICAÇÃO QUE POSSUA RESERVATÓRIO DE FIBRA/FIBROCIMENTO \u0096 FORNECIMENTO E INSTALAÇÃO. AF_06/2016","M",53.22]
[96725,"TUBO, PPR, DN 90, CLASSE PN 12,  INSTALADO EM RESERVAÇÃO DE ÁGUA DE EDIFICAÇÃO QUE POSSUA RESERVATÓRIO DE FIBRA/FIBROCIMENTO \u0096 FORNECIMENTO E INSTALAÇÃO. AF_06/2016","M",68.78]
[96726,"TUBO, PPR, DN 110, CLASSE PN 12,  INSTALADO EM RESERVAÇÃO DE ÁGUA DE EDIFICAÇÃO QUE POSSUA RESERVATÓRIO DE FIBRA/FIBROCIMENTO \u0096 FORNECIMENTO E INSTALAÇÃO. AF_06/2016","M",111.92]
[96727,"TUBO, PPR, DN 20, CLASSE PN 25,  INSTALADO EM RESERVAÇÃO DE ÁGUA DE EDIFICAÇÃO QUE POSSUA RESERVATÓRIO DE FIBRA/FIBROCIMENTO \u0096 FORNECIMENTO E INSTALAÇÃO. AF_06/2016","M",10.25]
[96728,"TUBO, PPR, DN 25, CLASSE PN 25,  INSTALADO EM RESERVAÇÃO DE ÁGUA DE EDIFICAÇÃO QUE POSSUA RESERVATÓRIO DE FIBRA/FIBROCIMENTO \u0096 FORNECIMENTO E INSTALAÇÃO. AF_06/2016","M",11.97]
[96729,"TUBO, PPR, DN 32, CLASSE PN 25,  INSTALADO EM RESERVAÇÃO DE ÁGUA DE EDIFICAÇÃO QUE POSSUA RESERVATÓRIO DE FIBRA/FIBROCIMENTO \u0096 FORNECIMENTO E INSTALAÇÃO. AF_06/2016","M",17.8]
[96730,"TUBO, PPR, DN 40, CLASSE PN 25,  INSTALADO EM RESERVAÇÃO DE ÁGUA DE EDIFICAÇÃO QUE POSSUA RESERVATÓRIO DE FIBRA/FIBROCIMENTO \u0096 FORNECIMENTO E INSTALAÇÃO. AF_06/2016","M",21.98]
[96731,"TUBO, PPR, DN 50, CLASSE PN 25,  INSTALADO EM RESERVAÇÃO DE ÁGUA DE EDIFICAÇÃO QUE POSSUA RESERVATÓRIO DE FIBRA/FIBROCIMENTO \u0096 FORNECIMENTO E INSTALAÇÃO. AF_06/2016","M",32.28]
[96732,"TUBO, PPR, DN 63, CLASSE PN 25,  INSTALADO EM RESERVAÇÃO DE ÁGUA DE EDIFICAÇÃO QUE POSSUA RESERVATÓRIO DE FIBRA/FIBROCIMENTO \u0096 FORNECIMENTO E INSTALAÇÃO. AF_06/2016","M",39.35]
[96733,"TUBO, PPR, DN 75, CLASSE PN 25,  INSTALADO EM RESERVAÇÃO DE ÁGUA DE EDIFICAÇÃO QUE POSSUA RESERVATÓRIO DE FIBRA/FIBROCIMENTO \u0096 FORNECIMENTO E INSTALAÇÃO. AF_06/2016","M",71.73]
[96734,"TUBO, PPR, DN 90, CLASSE PN 25,  INSTALADO EM RESERVAÇÃO DE ÁGUA DE EDIFICAÇÃO QUE POSSUA RESERVATÓRIO DE FIBRA/FIBROCIMENTO \u0096 FORNECIMENTO E INSTALAÇÃO. AF_06/2016","M",97.8]
[96735,"TUBO, PPR, DN 110, CLASSE PN 25,  INSTALADO EM RESERVAÇÃO DE ÁGUA DE EDIFICAÇÃO QUE POSSUA RESERVATÓRIO DE FIBRA/FIBROCIMENTO \u0096 FORNECIMENTO E INSTALAÇÃO. AF_06/2016","M",128.79]
[96794,"TUBO, PEX, MONOCAMADA, DN 16, INSTALADO EM RAMAL OU SUB-RAMAL DE ÁGUA \u0096 FORNECIMENTO E INSTALAÇÃO. AF_06/2015","M",7.92]
[96795,"TUBO, PEX, MONOCAMADA, DN 20, INSTALADO EM RAMAL OU SUB-RAMAL DE ÁGUA \u0096 FORNECIMENTO E INSTALAÇÃO. AF_06/2015","M",10.08]
[96796,"TUBO, PEX, MONOCAMADA, DN 25, INSTALADO EM RAMAL OU SUB-RAMAL DE ÁGUA \u0096 FORNECIMENTO E INSTALAÇÃO. AF_06/2015","M",14.16]
[96797,"TUBO, PEX, MONOCAMADA, DN 32, INSTALADO EM RAMAL OU SUB-RAMAL DE ÁGUA \u0096 FORNECIMENTO E INSTALAÇÃO. AF_06/2015","M",21.45]
[96798,"TUBO, PEX, MONOCAMADA, DN 16, INSTALADO EM RAMAL DE DISTRIBUIÇÃO DE ÁGUA \u0096 FORNECIMENTO E INSTALAÇÃO. AF_06/2015","M",8.0299999999999994]
[96799,"TUBO, PEX, MONOCAMADA, DN 20, INSTALADO EM RAMAL DE DISTRIBUIÇÃO DE ÁGUA \u0096 FORNECIMENTO E INSTALAÇÃO. AF_06/2015","M",10.75]
[96800,"TUBO, PEX, MONOCAMADA, DN 25, INSTALADO EM RAMAL DE DISTRIBUIÇÃO DE ÁGUA \u0096 FORNECIMENTO E INSTALAÇÃO. AF_06/2015","M",15.54]
[96801,"TUBO, PEX, MONOCAMADA, DN 32, INSTALADO EM RAMAL DE DISTRIBUIÇÃO DE ÁGUA \u0096 FORNECIMENTO E INSTALAÇÃO. AF_06/2015","M",23.82]
[97327,"TUBO EM COBRE FLEXÍVEL, DN 1/4\u0094, COM ISOLAMENTO, INSTALADO EM RAMAL DE ALIMENTAÇÃO DE AR CONDICIONADO COM CONDENSADORA INDIVIDUAL   FORNECIMENTO E INSTALAÇÃO. AF_12/2015","M",21.77]
[97328,"TUBO EM COBRE FLEXÍVEL, DN 3/8\", COM ISOLAMENTO, INSTALADO EM RAMAL DE ALIMENTAÇÃO DE AR CONDICIONADO COM CONDENSADORA INDIVIDUAL \u0096 FORNECIMENTO E INSTALAÇÃO. AF_12/2015","M",38.159999999999997]
[97329,"TUBO EM COBRE FLEXÍVEL, DN 1/2\", COM ISOLAMENTO, INSTALADO EM RAMAL DE ALIMENTAÇÃO DE AR CONDICIONADO COM CONDENSADORA INDIVIDUAL \u0096 FORNECIMENTO E INSTALAÇÃO. AF_12/2015","M",47.48]
[97330,"TUBO EM COBRE FLEXÍVEL, DN 5/8\", COM ISOLAMENTO, INSTALADO EM RAMAL DE ALIMENTAÇÃO DE AR CONDICIONADO COM CONDENSADORA INDIVIDUAL \u0096 FORNECIMENTO E INSTALAÇÃO. AF_12/2015","M",57.86]
[97331,"TUBO EM COBRE FLEXÍVEL, DN 1/4\", COM ISOLAMENTO, INSTALADO EM RAMAL DE ALIMENTAÇÃO DE AR CONDICIONADO COM CONDENSADORA CENTRAL \u0096 FORNECIMENTO E INSTALAÇÃO. AF_12/2015","M",22.04]
[97332,"TUBO EM COBRE FLEXÍVEL, DN 3/8\", COM ISOLAMENTO, INSTALADO EM RAMAL DE ALIMENTAÇÃO DE AR CONDICIONADO COM CONDENSADORA CENTRAL \u0096 FORNECIMENTO E INSTALAÇÃO. AF_12/2015","M",38.46]
[97333,"TUBO EM COBRE FLEXÍVEL, DN 1/2\", COM ISOLAMENTO, INSTALADO EM RAMAL DE ALIMENTAÇÃO DE AR CONDICIONADO COM CONDENSADORA CENTRAL \u0096 FORNECIMENTO E INSTALAÇÃO. AF_12/2015","M",47.86]
[97334,"TUBO EM COBRE FLEXÍVEL, DN 5/8\u0094, COM ISOLAMENTO, INSTALADO EM RAMAL DE ALIMENTAÇÃO DE AR CONDICIONADO COM CONDENSADORA CENTRAL   FORNECIMENTO E INSTALAÇÃO. AF_12/2015","M",58.28]
[97335,"TUBO EM COBRE RÍGIDO, DN 22 MM, CLASSE A, SEM ISOLAMENTO, INSTALADO EM PRUMADA \u0096 FORNECIMENTO E INSTALAÇÃO. AF_12/2015","M",57.99]
[97336,"TUBO EM COBRE RÍGIDO, DN 28 MM, CLASSE A, SEM ISOLAMENTO, INSTALADO EM PRUMADA \u0096 FORNECIMENTO E INSTALAÇÃO. AF_12/2015","M",73.63]
[97337,"TUBO EM COBRE RÍGIDO, DN 35 MM, CLASSE A, SEM ISOLAMENTO, INSTALADO EM PRUMADA \u0096 FORNECIMENTO E INSTALAÇÃO. AF_12/2015","M",110.51]
[97338,"TUBO EM COBRE RÍGIDO, DN 42 MM, CLASSE A, SEM ISOLAMENTO, INSTALADO EM PRUMADA \u0096 FORNECIMENTO E INSTALAÇÃO. AF_12/2015","M",132.84]
[97339,"TUBO EM COBRE RÍGIDO, DN 54 MM, CLASSE A, SEM ISOLAMENTO, INSTALADO EM PRUMADA \u0096 FORNECIMENTO E INSTALAÇÃO. AF_12/2015","M",142.9]
[97340,"TUBO EM COBRE RÍGIDO, DN 66 MM, CLASSE A, SEM ISOLAMENTO, INSTALADO EM PRUMADA \u0096 FORNECIMENTO E INSTALAÇÃO. AF_12/2015","M",143.54]
[97341,"TUBO EM COBRE RÍGIDO, DN 15 MM, CLASSE A, SEM ISOLAMENTO, INSTALADO EM RAMAL DE DISTRIBUIÇÃO \u0096 FORNECIMENTO E INSTALAÇÃO. AF_12/2015","M",39.479999999999997]
[97342,"TUBO EM COBRE RÍGIDO, DN 22 MM, CLASSE A, SEM ISOLAMENTO, INSTALADO EM RAMAL DE DISTRIBUIÇÃO\u0096 FORNECIMENTO E INSTALAÇÃO. AF_12/2015","M",61.68]
[97343,"TUBO EM COBRE RÍGIDO, DN 28 MM, CLASSE A, SEM ISOLAMENTO, INSTALADO EM RAMAL DE DISTRIBUIÇÃO\u0096 FORNECIMENTO E INSTALAÇÃO. AF_12/2015","M",77.58]
[97344,"TUBO EM COBRE RÍGIDO, DN 15 MM, CLASSE A, SEM ISOLAMENTO, INSTALADO EM RAMAL E SUB-RAMAL \u0096 FORNECIMENTO E INSTALAÇÃO. AF_12/2015","M",47.55]
[97345,"TUBO EM COBRE RÍGIDO, DN 22 MM, CLASSE A, SEM ISOLAMENTO, INSTALADO EM RAMAL E SUB-RAMAL \u0096 FORNECIMENTO E INSTALAÇÃO. AF_12/2015","M",75.55]
[97346,"TUBO EM COBRE RÍGIDO, DN 28 MM, CLASSE A, SEM ISOLAMENTO, INSTALADO EM RAMAL E SUB-RAMAL \u0096 FORNECIMENTO E INSTALAÇÃO. AF_12/2015","M",96.5]
[97347,"TUBO EM COBRE RÍGIDO, DN 22 MM, CLASSE I, SEM ISOLAMENTO, INSTALADO EM PRUMADA \u0096 FORNECIMENTO E INSTALAÇÃO. AF_12/2015","M",69.8]
[97348,"TUBO EM COBRE RÍGIDO, DN 28 MM, CLASSE I, SEM ISOLAMENTO, INSTALADO EM PRUMADA \u0096 FORNECIMENTO E INSTALAÇÃO. AF_12/2015","M",96.36]
[97349,"TUBO EM COBRE RÍGIDO, DN 35 MM, CLASSE I, SEM ISOLAMENTO, INSTALADO EM PRUMADA \u0096 FORNECIMENTO E INSTALAÇÃO. AF_12/2015","M",138.82]
[97350,"TUBO EM COBRE RÍGIDO, DN 42 MM, CLASSE I, SEM ISOLAMENTO, INSTALADO EM PRUMADA \u0096 FORNECIMENTO E INSTALAÇÃO. AF_12/2015","M",168.54]
[97351,"TUBO EM COBRE RÍGIDO, DN 54 MM, CLASSE I, SEM ISOLAMENTO, INSTALADO EM PRUMADA \u0096 FORNECIMENTO E INSTALAÇÃO. AF_12/2015","M",232.98]
[97352,"TUBO EM COBRE RÍGIDO, DN 66 MM, CLASSE I, SEM ISOLAMENTO, INSTALADO EM PRUMADA \u0096 FORNECIMENTO E INSTALAÇÃO. AF_12/2015","M",301.86]
[97353,"TUBO EM COBRE RÍGIDO, DN 15 MM, CLASSE I, SEM ISOLAMENTO, INSTALADO EM RAMAL DE DISTRIBUIÇÃO \u0096 FORNECIMENTO E INSTALAÇÃO. AF_12/2015","M",46.48]
[97354,"TUBO EM COBRE RÍGIDO, DN 22 MM, CLASSE I, SEM ISOLAMENTO, INSTALADO EM RAMAL DE DISTRIBUIÇÃO\u0096 FORNECIMENTO E INSTALAÇÃO. AF_12/2015","M",73.489999999999995]
[97355,"TUBO EM COBRE RÍGIDO, DN 28 MM, CLASSE I, SEM ISOLAMENTO, INSTALADO EM RAMAL DE DISTRIBUIÇÃO\u0096 FORNECIMENTO E INSTALAÇÃO. AF_12/2015","M",100.31]
[97356,"TUBO EM COBRE RÍGIDO, DN 15 MM, CLASSE I, SEM ISOLAMENTO, INSTALADO EM RAMAL E SUB-RAMAL \u0096 FORNECIMENTO E INSTALAÇÃO. AF_12/2015","M",54.55]
[97357,"TUBO EM COBRE RÍGIDO, DN 22 MM, CLASSE I, SEM ISOLAMENTO, INSTALADO EM RAMAL E SUB-RAMAL \u0096 FORNECIMENTO E INSTALAÇÃO. AF_12/2015","M",87.36]
[97358,"TUBO EM COBRE RÍGIDO, DN 28 MM, CLASSE I, SEM ISOLAMENTO, INSTALADO EM RAMAL E SUB-RAMAL \u0096 FORNECIMENTO E INSTALAÇÃO. AF_12/2015","M",119.23]
[97498,"TUBO DE AÇO GALVANIZADO COM COSTURA, CLASSE MÉDIA, DN 25 (1\"), CONEXÃO ROSQUEADA, INSTALADO EM REDE DE ALIMENTAÇÃO PARA HIDRANTE - FORNECIMENTO E INSTALAÇÃO. AF_10/2020","M",43.99]
[97535,"TUBO DE AÇO GALVANIZADO COM COSTURA, CLASSE MÉDIA, CONEXÃO ROSQUEADA, DN 25 (1\"), INSTALADO EM REDE DE ALIMENTAÇÃO PARA SPRINKLER - FORNECIMENTO E INSTALAÇÃO. AF_10/2020","M",47.66]
[97536,"TUBO DE AÇO GALVANIZADO COM COSTURA, CLASSE MÉDIA, CONEXÃO ROSQUEADA, DN 25 (1\"), INSTALADO EM RAMAIS  E SUB-RAMAIS DE GÁS - FORNECIMENTO E INSTALAÇÃO. AF_10/2020","M",56.12]
[100788,"KIT CAVALETE PARA GÁS - SEM MEDIDOR OU REGULADOR - ENTRADA INDIVIDUAL PRINCIPAL, EM AÇO GALVANIZADO DN 15 E 25 MM (1/2\" E 1\") - FORNECIMENTO E INSTALAÇÃO. AF_01/2020","UN",597.75]
[100791,"TUBO, PEX, MULTICAMADA, DN 16, INSTALADO EM IMPLANTAÇÃO DE INSTALAÇÕES DE GÁS - FORNECIMENTO E INSTALAÇÃO. AF_01/2020","M",16.440000000000001]
[100792,"TUBO, PEX, MULTICAMADA, DN 20, INSTALADO EM IMPLANTAÇÃO DE INSTALAÇÕES DE GÁS - FORNECIMENTO E INSTALAÇÃO. AF_01/2020","M",24.21]
[100793,"TUBO, PEX, MULTICAMADA, DN 26, INSTALADO EM IMPLANTAÇÃO DE INSTALAÇÕES DE GÁS - FORNECIMENTO E INSTALAÇÃO. AF_01/2020","M",32.15]
[100794,"TUBO, PEX, MULTICAMADA, DN 32, INSTALADO EM IMPLANTAÇÃO DE INSTALAÇÕES DE GÁS - FORNECIMENTO E INSTALAÇÃO. AF_01/2020","M",43.44]
[100803,"TUBO, PEX, MULTICAMADA, DN 16, INSTALADO EM RAMAL INTERNO DE INSTALAÇÕES DE GÁS - FORNECIMENTO E INSTALAÇÃO. AF_01/2020","M",15.65]
[100804,"TUBO, PEX, MULTICAMADA, DN 20, INSTALADO EM RAMAL INTERNO DE INSTALAÇÕES DE GÁS - FORNECIMENTO E INSTALAÇÃO. AF_01/2020","M",23.28]
[100805,"TUBO, PEX, MULTICAMADA, DN 26, INSTALADO EM RAMAL INTERNO DE INSTALAÇÕES DE GÁS - FORNECIMENTO E INSTALAÇÃO. AF_01/2020","M",31.04]
[100806,"TUBO, PEX, MULTICAMADA, DN 32, INSTALADO EM RAMAL INTERNO DE INSTALAÇÕES DE GÁS - FORNECIMENTO E INSTALAÇÃO. AF_01/2020","M",42.07]
[101918,"TUBO DE AÇO GALVANIZADO COM COSTURA, CLASSE MÉDIA, DN 100 (4\"), CONEXÃO ROSQUEADA, INSTALADO EM PRUMADAS - FORNECIMENTO E INSTALAÇÃO. AF_10/2020","M",207.34]
[101919,"UNIÃO, EM FERRO GALVANIZADO, 4\", CONEXÃO ROSQUEADA, INSTALADO EM PRUMADAS - FORNECIMENTO E INSTALAÇÃO. AF_10/2020","UN",303.36]
[101920,"LUVA, EM FERRO GALVANIZADO, 4\", CONEXÃO ROSQUEADA, INSTALADO EM PRUMADAS - FORNECIMENTO E INSTALAÇÃO. AF_10/2020","UN",145.26]
[101921,"LUVA DE REDUÇÃO, EM FERRO GALVANIZADO, 4\" X 2 1/2\", CONEXÃO ROSQUEADA, INSTALADO EM PRUMADAS - FORNECIMENTO E INSTALAÇÃO. AF_10/2020","UN",165.62]
[101922,"LUVA DE REDUÇÃO, EM FERRO GALVANIZADO, 4\" X 2\", CONEXÃO ROSQUEADA, INSTALADO EM PRUMADAS - FORNECIMENTO E INSTALAÇÃO. AF_10/2020","UN",165.62]
[101923,"LUVA DE REDUÇÃO, EM FERRO GALVANIZADO, 4\" X 3\", CONEXÃO ROSQUEADA, INSTALADO EM PRUMADAS - FORNECIMENTO E INSTALAÇÃO. AF_10/2020","UN",165.62]
[101924,"NIPLE, EM FERRO GALVANIZADO, 4\", CONEXÃO ROSQUEADA, INSTALADO EM PRUMADAS - FORNECIMENTO E INSTALAÇÃO. AF_10/2020","UN",136.74]
[101925,"JOELHO 90°, EM FERRO GALVANIZADO, 4\", CONEXÃO ROSQUEADA, INSTALADO EM PRUMADAS - FORNECIMENTO E INSTALAÇÃO. AF_10/2020","UN",228.49]
[101926,"TÊ, EM FERRO GALVANIZADO, 4\", CONEXÃO ROSQUEADA, INSTALADO EM PRUMADAS - FORNECIMENTO E INSTALAÇÃO. AF_10/2020","UN",294.66000000000003]
[101927,"TUBO DE AÇO GALVANIZADO COM COSTURA, CLASSE MÉDIA, DN 100 (4\"), CONEXÃO ROSQUEADA, INSTALADO EM REDE DE ALIMENTAÇÃO PARA HIDRANTE - FORNECIMENTO E INSTALAÇÃO. AF_10/2020","M",195.87]
[101928,"UNIÃO, EM FERRO GALVANIZADO, 4\", CONEXÃO ROSQUEADA, INSTALADO EM REDE DE ALIMENTAÇÃO PARA HIDRANTE - FORNECIMENTO E INSTALAÇÃO. AF_10/2020","UN",307.75]
[101929,"LUVA, EM FERRO GALVANIZADO, 4\", CONEXÃO ROSQUEADA, INSTALADO EM REDE DE ALIMENTAÇÃO PARA HIDRANTE - FORNECIMENTO E INSTALAÇÃO. AF_10/2020","UN",149.65]
[101930,"LUVA DE REDUÇÃO, EM FERRO GALVANIZADO, 4\" X 2 1/2\", CONEXÃO ROSQUEADA, INSTALADO EM REDE DE ALIMENTAÇÃO PARA HIDRANTE - FORNECIMENTO E INSTALAÇÃO. AF_10/2020","UN",170.01]
[101931,"LUVA DE REDUÇÃO, EM FERRO GALVANIZADO, 4\" X 2\", CONEXÃO ROSQUEADA, INSTALADO EM REDE DE ALIMENTAÇÃO PARA HIDRANTE - FORNECIMENTO E INSTALAÇÃO. AF_10/2020","UN",170.01]
[101932,"LUVA DE REDUÇÃO, EM FERRO GALVANIZADO, 4\" X 3\", CONEXÃO ROSQUEADA, INSTALADO EM REDE DE ALIMENTAÇÃO PARA HIDRANTE - FORNECIMENTO E INSTALAÇÃO. AF_10/2020","UN",170.01]
[101933,"NIPLE, EM FERRO GALVANIZADO, 4\", CONEXÃO ROSQUEADA, INSTALADO EM REDE DE ALIMENTAÇÃO PARA HIDRANTE - FORNECIMENTO E INSTALAÇÃO. AF_10/2020","UN",141.13]
[101934,"JOELHO 90°, EM FERRO GALVANIZADO, 4\", CONEXÃO ROSQUEADA, INSTALADO EM REDE DE ALIMENTAÇÃO PARA HIDRANTE - FORNECIMENTO E INSTALAÇÃO. AF_10/2020","UN",235.07]
[101935,"TÊ, EM FERRO GALVANIZADO, 4\", CONEXÃO ROSQUEADA, INSTALADO EM REDE DE ALIMENTAÇÃO PARA HIDRANTE - FORNECIMENTO E INSTALAÇÃO. AF_10/2020","UN",303.45]
[89358,"JOELHO 90 GRAUS, PVC, SOLDÁVEL, DN 20MM, INSTALADO EM RAMAL OU SUB-RAMAL DE ÁGUA - FORNECIMENTO E INSTALAÇÃO. AF_12/2014","UN",6.19]
[89359,"JOELHO 45 GRAUS, PVC, SOLDÁVEL, DN 20MM, INSTALADO EM RAMAL OU SUB-RAMAL DE ÁGUA - FORNECIMENTO E INSTALAÇÃO. AF_12/2014","UN",6.59]
[89360,"CURVA 90 GRAUS, PVC, SOLDÁVEL, DN 20MM, INSTALADO EM RAMAL OU SUB-RAMAL DE ÁGUA - FORNECIMENTO E INSTALAÇÃO. AF_12/2014","UN",8.26]
[89361,"CURVA 45 GRAUS, PVC, SOLDÁVEL, DN 20MM, INSTALADO EM RAMAL OU SUB-RAMAL DE ÁGUA - FORNECIMENTO E INSTALAÇÃO. AF_12/2014","UN",7.61]
[89362,"JOELHO 90 GRAUS, PVC, SOLDÁVEL, DN 25MM, INSTALADO EM RAMAL OU SUB-RAMAL DE ÁGUA - FORNECIMENTO E INSTALAÇÃO. AF_12/2014","UN",7.4]
[89363,"JOELHO 45 GRAUS, PVC, SOLDÁVEL, DN 25MM, INSTALADO EM RAMAL OU SUB-RAMAL DE ÁGUA - FORNECIMENTO E INSTALAÇÃO. AF_12/2014","UN",8.25]
[89364,"CURVA 90 GRAUS, PVC, SOLDÁVEL, DN 25MM, INSTALADO EM RAMAL OU SUB-RAMAL DE ÁGUA - FORNECIMENTO E INSTALAÇÃO. AF_12/2014","UN",10.01]
[89365,"CURVA 45 GRAUS, PVC, SOLDÁVEL, DN 25MM, INSTALADO EM RAMAL OU SUB-RAMAL DE ÁGUA - FORNECIMENTO E INSTALAÇÃO. AF_12/2014","UN",9.23]
[89366,"JOELHO 90 GRAUS COM BUCHA DE LATÃO, PVC, SOLDÁVEL, DN 25MM, X 3/4\u0094 INSTALADO EM RAMAL OU SUB-RAMAL DE ÁGUA - FORNECIMENTO E INSTALAÇÃO. AF_12/2014","UN",14.68]
[89367,"JOELHO 90 GRAUS, PVC, SOLDÁVEL, DN 32MM, INSTALADO EM RAMAL OU SUB-RAMAL DE ÁGUA - FORNECIMENTO E INSTALAÇÃO. AF_12/2014","UN",10.41]
[89368,"JOELHO 45 GRAUS, PVC, SOLDÁVEL, DN 32MM, INSTALADO EM RAMAL OU SUB-RAMAL DE ÁGUA - FORNECIMENTO E INSTALAÇÃO. AF_12/2014","UN",12.81]
[89369,"CURVA 90 GRAUS, PVC, SOLDÁVEL, DN 32MM, INSTALADO EM RAMAL OU SUB-RAMAL DE ÁGUA - FORNECIMENTO E INSTALAÇÃO. AF_12/2014","UN",15.78]
[89370,"CURVA 45 GRAUS, PVC, SOLDÁVEL, DN 32MM, INSTALADO EM RAMAL OU SUB-RAMAL DE ÁGUA - FORNECIMENTO E INSTALAÇÃO. AF_12/2014","UN",12.31]
[89371,"LUVA, PVC, SOLDÁVEL, DN 20MM, INSTALADO EM RAMAL OU SUB-RAMAL DE ÁGUA - FORNECIMENTO E INSTALAÇÃO. AF_12/2014","UN",4.6900000000000004]
[89372,"LUVA DE CORRER, PVC, SOLDÁVEL, DN 20MM, INSTALADO EM RAMAL OU SUB-RAMAL DE ÁGUA - FORNECIMENTO E INSTALAÇÃO. AF_12/2014","UN",12.59]
[89373,"LUVA DE REDUÇÃO, PVC, SOLDÁVEL, DN 25MM X 20MM, INSTALADO EM RAMAL OU SUB-RAMAL DE ÁGUA - FORNECIMENTO E INSTALAÇÃO. AF_12/2014","UN",5.4]
[89374,"LUVA COM BUCHA DE LATÃO, PVC, SOLDÁVEL, DN 20MM X 1/2\u0094, INSTALADO EM RAMAL OU SUB-RAMAL DE ÁGUA - FORNECIMENTO E INSTALAÇÃO. AF_12/2014","UN",9.69]
[89375,"UNIÃO, PVC, SOLDÁVEL, DN 20MM, INSTALADO EM RAMAL OU SUB-RAMAL DE ÁGUA - FORNECIMENTO E INSTALAÇÃO. AF_12/2014","UN",12.28]
[89376,"ADAPTADOR CURTO COM BOLSA E ROSCA PARA REGISTRO, PVC, SOLDÁVEL, DN 20MM X 1/2\u0094, INSTALADO EM RAMAL OU SUB-RAMAL DE ÁGUA - FORNECIMENTO E INSTALAÇÃO. AF_12/2014","UN",4.7699999999999996]
[89377,"CURVA DE TRANSPOSIÇÃO, PVC, SOLDÁVEL, DN 20MM, INSTALADO EM RAMAL OU SUB-RAMAL DE ÁGUA - FORNECIMENTO E INSTALAÇÃO. AF_12/2014","UN",8.59]
[89378,"LUVA, PVC, SOLDÁVEL, DN 25MM, INSTALADO EM RAMAL OU SUB-RAMAL DE ÁGUA - FORNECIMENTO E INSTALAÇÃO. AF_12/2014","UN",5.57]
[89379,"LUVA DE CORRER, PVC, SOLDÁVEL, DN 25MM, INSTALADO EM RAMAL OU SUB-RAMAL DE ÁGUA - FORNECIMENTO E INSTALAÇÃO. AF_12/2014","UN",16.100000000000001]
[89380,"LUVA DE REDUÇÃO, PVC, SOLDÁVEL, DN 32MM X 25MM, INSTALADO EM RAMAL OU SUB-RAMAL DE ÁGUA - FORNECIMENTO E INSTALAÇÃO. AF_12/2014","UN",8.8000000000000007]
[89381,"LUVA COM BUCHA DE LATÃO, PVC, SOLDÁVEL, DN 25MM X 3/4\u0094, INSTALADO EM RAMAL OU SUB-RAMAL DE ÁGUA - FORNECIMENTO E INSTALAÇÃO. AF_12/2014","UN",12.23]
[89382,"UNIÃO, PVC, SOLDÁVEL, DN 25MM, INSTALADO EM RAMAL OU SUB-RAMAL DE ÁGUA - FORNECIMENTO E INSTALAÇÃO. AF_12/2014","UN",14.64]
[89383,"ADAPTADOR CURTO COM BOLSA E ROSCA PARA REGISTRO, PVC, SOLDÁVEL, DN 25MM X 3/4\u0094, INSTALADO EM RAMAL OU SUB-RAMAL DE ÁGUA - FORNECIMENTO E INSTALAÇÃO. AF_12/2014","UN",5.67]
[89384,"CURVA DE TRANSPOSIÇÃO, PVC, SOLDÁVEL, DN 25MM, INSTALADO EM RAMAL OU SUB-RAMAL DE ÁGUA   FORNECIMENTO E INSTALAÇÃO. AF_12/2014","UN",12.4]
[89385,"LUVA SOLDÁVEL E COM ROSCA, PVC, SOLDÁVEL, DN 25MM X 3/4\u0094, INSTALADO EM RAMAL OU SUB-RAMAL DE ÁGUA - FORNECIMENTO E INSTALAÇÃO. AF_12/2014","UN",6.51]
[89386,"LUVA, PVC, SOLDÁVEL, DN 32MM, INSTALADO EM RAMAL OU SUB-RAMAL DE ÁGUA - FORNECIMENTO E INSTALAÇÃO. AF_12/2014","UN",7.85]
[89387,"LUVA DE CORRER, PVC, SOLDÁVEL, DN 32MM, INSTALADO EM RAMAL OU SUB-RAMAL DE ÁGUA   FORNECIMENTO E INSTALAÇÃO. AF_12/2014","UN",32.99]
[89388,"LUVA DE REDUÇÃO, PVC, SOLDÁVEL, DN 40MM X 32MM, INSTALADO EM RAMAL OU SUB-RAMAL DE ÁGUA - FORNECIMENTO E INSTALAÇÃO. AF_12/2014","UN",10.69]
[89389,"LUVA SOLDÁVEL E COM ROSCA, PVC, SOLDÁVEL, DN 32MM X 1\u0094, INSTALADO EM RAMAL OU SUB-RAMAL DE ÁGUA - FORNECIMENTO E INSTALAÇÃO. AF_12/2014","UN",11.67]
[89390,"UNIÃO, PVC, SOLDÁVEL, DN 32MM, INSTALADO EM RAMAL OU SUB-RAMAL DE ÁGUA - FORNECIMENTO E INSTALAÇÃO. AF_12/2014","UN",22.03]
[89391,"ADAPTADOR CURTO COM BOLSA E ROSCA PARA REGISTRO, PVC, SOLDÁVEL, DN 32MM X 1\u0094, INSTALADO EM RAMAL OU SUB-RAMAL DE ÁGUA - FORNECIMENTO E INSTALAÇÃO. AF_12/2014","UN",7.73]
[89392,"CURVA DE TRANSPOSIÇÃO, PVC, SOLDÁVEL, DN 32MM, INSTALADO EM RAMAL OU SUB-RAMAL DE ÁGUA   FORNECIMENTO E INSTALAÇÃO. AF_12/2014","UN",26.36]
[89393,"TE, PVC, SOLDÁVEL, DN 20MM, INSTALADO EM RAMAL OU SUB-RAMAL DE ÁGUA - FORNECIMENTO E INSTALAÇÃO. AF_12/2014","UN",8.66]
[89394,"TÊ COM BUCHA DE LATÃO NA BOLSA CENTRAL, PVC, SOLDÁVEL, DN 20MM X 1/2\u0094, INSTALADO EM RAMAL OU SUB-RAMAL DE ÁGUA - FORNECIMENTO E INSTALAÇÃO. AF_12/2014","UN",18.52]
[89395,"TE, PVC, SOLDÁVEL, DN 25MM, INSTALADO EM RAMAL OU SUB-RAMAL DE ÁGUA - FORNECIMENTO E INSTALAÇÃO. AF_12/2014","UN",10.35]
[89396,"TÊ COM BUCHA DE LATÃO NA BOLSA CENTRAL, PVC, SOLDÁVEL, DN 25MM X 1/2\u0094, INSTALADO EM RAMAL OU SUB-RAMAL DE ÁGUA - FORNECIMENTO E INSTALAÇÃO. AF_12/2014","UN",18.79]
[89397,"TÊ DE REDUÇÃO, PVC, SOLDÁVEL, DN 25MM X 20MM, INSTALADO EM RAMAL OU SUB-RAMAL DE ÁGUA - FORNECIMENTO E INSTALAÇÃO. AF_12/2014","UN",12.6]
[89398,"TE, PVC, SOLDÁVEL, DN 32MM, INSTALADO EM RAMAL OU SUB-RAMAL DE ÁGUA - FORNECIMENTO E INSTALAÇÃO. AF_12/2014","UN",15.48]
[89399,"TÊ COM BUCHA DE LATÃO NA BOLSA CENTRAL, PVC, SOLDÁVEL, DN 32MM X 3/4\u0094, INSTALADO EM RAMAL OU SUB-RAMAL DE ÁGUA - FORNECIMENTO E INSTALAÇÃO. AF_12/2014","UN",29.8]
[89400,"TÊ DE REDUÇÃO, PVC, SOLDÁVEL, DN 32MM X 25MM, INSTALADO EM RAMAL OU SUB-RAMAL DE ÁGUA - FORNECIMENTO E INSTALAÇÃO. AF_12/2014","UN",17.71]
[89404,"JOELHO 90 GRAUS, PVC, SOLDÁVEL, DN 20MM, INSTALADO EM RAMAL DE DISTRIBUIÇÃO DE ÁGUA - FORNECIMENTO E INSTALAÇÃO. AF_12/2014","UN",4.1900000000000004]
[89405,"JOELHO 45 GRAUS, PVC, SOLDÁVEL, DN 20MM, INSTALADO EM RAMAL DE DISTRIBUIÇÃO DE ÁGUA - FORNECIMENTO E INSTALAÇÃO. AF_12/2014","UN",4.59]
[89406,"CURVA 90 GRAUS, PVC, SOLDÁVEL, DN 20MM, INSTALADO EM RAMAL DE DISTRIBUIÇÃO DE ÁGUA - FORNECIMENTO E INSTALAÇÃO. AF_12/2014","UN",6.26]
[89407,"CURVA 45 GRAUS, PVC, SOLDÁVEL, DN 20MM, INSTALADO EM RAMAL DE DISTRIBUIÇÃO DE ÁGUA - FORNECIMENTO E INSTALAÇÃO. AF_12/2014","UN",5.61]
[89408,"JOELHO 90 GRAUS, PVC, SOLDÁVEL, DN 25MM, INSTALADO EM RAMAL DE DISTRIBUIÇÃO DE ÁGUA - FORNECIMENTO E INSTALAÇÃO. AF_12/2014","UN",5.08]
[89409,"JOELHO 45 GRAUS, PVC, SOLDÁVEL, DN 25MM, INSTALADO EM RAMAL DE DISTRIBUIÇÃO DE ÁGUA - FORNECIMENTO E INSTALAÇÃO. AF_12/2014","UN",5.93]
[89410,"CURVA 90 GRAUS, PVC, SOLDÁVEL, DN 25MM, INSTALADO EM RAMAL DE DISTRIBUIÇÃO DE ÁGUA - FORNECIMENTO E INSTALAÇÃO. AF_12/2014","UN",7.69]
[89411,"CURVA 45 GRAUS, PVC, SOLDÁVEL, DN 25MM, INSTALADO EM RAMAL DE DISTRIBUIÇÃO DE ÁGUA - FORNECIMENTO E INSTALAÇÃO. AF_12/2014","UN",6.91]
[89412,"JOELHO 90 GRAUS, PVC, SOLDÁVEL, DN 25MM, X 3/4\u0094 INSTALADO EM RAMAL DE DISTRIBUIÇÃO DE ÁGUA - FORNECIMENTO E INSTALAÇÃO. AF_12/2014","UN",7.98]
[89413,"JOELHO 90 GRAUS, PVC, SOLDÁVEL, DN 32MM, INSTALADO EM RAMAL DE DISTRIBUIÇÃO DE ÁGUA - FORNECIMENTO E INSTALAÇÃO. AF_12/2014","UN",7.63]
[89414,"JOELHO 45 GRAUS, PVC, SOLDÁVEL, DN 32MM, INSTALADO EM RAMAL DE DISTRIBUIÇÃO DE ÁGUA - FORNECIMENTO E INSTALAÇÃO. AF_12/2014","UN",10.029999999999999]
[89415,"CURVA 90 GRAUS, PVC, SOLDÁVEL, DN 32MM, INSTALADO EM RAMAL DE DISTRIBUIÇÃO DE ÁGUA - FORNECIMENTO E INSTALAÇÃO. AF_12/2014","UN",13]
[89416,"CURVA 45 GRAUS, PVC, SOLDÁVEL, DN 32MM, INSTALADO EM RAMAL DE DISTRIBUIÇÃO DE ÁGUA - FORNECIMENTO E INSTALAÇÃO. AF_12/2014","UN",9.5299999999999994]
[89417,"LUVA, PVC, SOLDÁVEL, DN 20MM, INSTALADO EM RAMAL DE DISTRIBUIÇÃO DE ÁGUA - FORNECIMENTO E INSTALAÇÃO. AF_12/2014","UN",3.37]
[89418,"LUVA DE CORRER, PVC, SOLDÁVEL, DN 20MM, INSTALADO EM RAMAL DE DISTRIBUIÇÃO DE ÁGUA - FORNECIMENTO E INSTALAÇÃO. AF_12/2014","UN",11.27]
[89419,"LUVA DE REDUÇÃO, PVC, SOLDÁVEL, DN 25MM X 20MM, INSTALADO EM RAMAL DE DISTRIBUIÇÃO DE ÁGUA - FORNECIMENTO E INSTALAÇÃO. AF_12/2014","UN",4.08]
[89420,"LUVA COM BUCHA DE LATÃO, PVC, SOLDÁVEL, DN 20MM X 1/2\u0094, INSTALADO EM RAMAL DE DISTRIBUIÇÃO DE ÁGUA - FORNECIMENTO E INSTALAÇÃO. AF_12/2014","UN",8.3699999999999992]
[89421,"UNIÃO, PVC, SOLDÁVEL, DN 20MM, INSTALADO EM RAMAL DE DISTRIBUIÇÃO DE ÁGUA - FORNECIMENTO E INSTALAÇÃO. AF_12/2014","UN",10.96]
[89422,"ADAPTADOR CURTO COM BOLSA E ROSCA PARA REGISTRO, PVC, SOLDÁVEL, DN 20MM X 1/2\u0094, INSTALADO EM RAMAL DE DISTRIBUIÇÃO DE ÁGUA - FORNECIMENTO E INSTALAÇÃO. AF_12/2014","UN",3.45]
[89423,"CURVA DE TRANSPOSIÇÃO, PVC, SOLDÁVEL, DN 20MM, INSTALADO EM RAMAL DE DISTRIBUIÇÃO DE ÁGUA   FORNECIMENTO E INSTALAÇÃO. AF_12/2014","UN",7.71]
[89424,"LUVA, PVC, SOLDÁVEL, DN 25MM, INSTALADO EM RAMAL DE DISTRIBUIÇÃO DE ÁGUA - FORNECIMENTO E INSTALAÇÃO. AF_12/2014","UN",4]
[89425,"LUVA DE CORRER, PVC, SOLDÁVEL, DN 25MM, INSTALADO EM RAMAL DE DISTRIBUIÇÃO DE ÁGUA - FORNECIMENTO E INSTALAÇÃO. AF_12/2014","UN",14.53]
[89426,"LUVA DE REDUÇÃO, PVC, SOLDÁVEL, DN 32MM X 25MM, INSTALADO EM RAMAL DE DISTRIBUIÇÃO DE ÁGUA - FORNECIMENTO E INSTALAÇÃO. AF_12/2014","UN",7.23]
[89427,"LUVA COM BUCHA DE LATÃO, PVC, SOLDÁVEL, DN 25MM X 3/4\u0094, INSTALADO EM RAMAL DE DISTRIBUIÇÃO DE ÁGUA - FORNECIMENTO E INSTALAÇÃO. AF_12/2014","UN",10.66]
[89428,"UNIÃO, PVC, SOLDÁVEL, DN 25MM, INSTALADO EM RAMAL DE DISTRIBUIÇÃO DE ÁGUA - FORNECIMENTO E INSTALAÇÃO. AF_12/2014","UN",13.07]
[89429,"ADAPTADOR CURTO COM BOLSA E ROSCA PARA REGISTRO, PVC, SOLDÁVEL, DN 25MM X 3/4\u0094, INSTALADO EM RAMAL DE DISTRIBUIÇÃO DE ÁGUA - FORNECIMENTO E INSTALAÇÃO. AF_12/2014","UN",4.0999999999999996]
[89430,"CURVA DE TRANSPOSIÇÃO, PVC, SOLDÁVEL, DN 25MM, INSTALADO EM RAMAL DE DISTRIBUIÇÃO DE ÁGUA   FORNECIMENTO E INSTALAÇÃO. AF_12/2014","UN",10.83]
[89431,"LUVA, PVC, SOLDÁVEL, DN 32MM, INSTALADO EM RAMAL DE DISTRIBUIÇÃO DE ÁGUA - FORNECIMENTO E INSTALAÇÃO. AF_12/2014","UN",5.97]
[89432,"LUVA DE CORRER, PVC, SOLDÁVEL, DN 32MM, INSTALADO EM RAMAL DE DISTRIBUIÇÃO DE ÁGUA   FORNECIMENTO E INSTALAÇÃO. AF_12/2014","UN",31.11]
[89433,"LUVA DE REDUÇÃO, PVC, SOLDÁVEL, DN 40MM X 32MM, INSTALADO EM RAMAL DE DISTRIBUIÇÃO DE ÁGUA - FORNECIMENTO E INSTALAÇÃO. AF_12/2014","UN",8.81]
[89434,"LUVA SOLDÁVEL E COM ROSCA, PVC, SOLDÁVEL, DN 32MM X 1\u0094, INSTALADO EM RAMAL DE DISTRIBUIÇÃO DE ÁGUA - FORNECIMENTO E INSTALAÇÃO. AF_12/2014","UN",9.7899999999999991]
[89435,"UNIÃO, PVC, SOLDÁVEL, DN 32MM, INSTALADO EM RAMAL DE DISTRIBUIÇÃO DE ÁGUA - FORNECIMENTO E INSTALAÇÃO. AF_12/2014","UN",20.149999999999999]
[89436,"ADAPTADOR CURTO COM BOLSA E ROSCA PARA REGISTRO, PVC, SOLDÁVEL, DN 32MM X 1\u0094, INSTALADO EM RAMAL DE DISTRIBUIÇÃO DE ÁGUA - FORNECIMENTO E INSTALAÇÃO. AF_12/2014","UN",5.85]
[89437,"CURVA DE TRANSPOSIÇÃO, PVC, SOLDÁVEL, DN 32MM, INSTALADO EM RAMAL DE DISTRIBUIÇÃO DE ÁGUA   FORNECIMENTO E INSTALAÇÃO. AF_12/2014","UN",24.48]
[89438,"TE, PVC, SOLDÁVEL, DN 20MM, INSTALADO EM RAMAL DE DISTRIBUIÇÃO DE ÁGUA - FORNECIMENTO E INSTALAÇÃO. AF_12/2014","UN",6]
[89439,"TÊ SOLDÁVEL E COM ROSCA NA BOLSA CENTRAL, PVC, SOLDÁVEL, DN 20MM X 1/2\u0094, INSTALADO EM RAMAL DE DISTRIBUIÇÃO DE ÁGUA - FORNECIMENTO E INSTALAÇÃO. AF_12/2014","UN",8.26]
[89440,"TE, PVC, SOLDÁVEL, DN 25MM, INSTALADO EM RAMAL DE DISTRIBUIÇÃO DE ÁGUA - FORNECIMENTO E INSTALAÇÃO. AF_12/2014","UN",7.26]
[89441,"TÊ COM BUCHA DE LATÃO NA BOLSA CENTRAL, PVC, SOLDÁVEL, DN 25MM X 1/2\u0094, INSTALADO EM RAMAL DE DISTRIBUIÇÃO DE ÁGUA - FORNECIMENTO E INSTALAÇÃO. AF_12/2014","UN",15.7]
[89442,"TÊ DE REDUÇÃO, PVC, SOLDÁVEL, DN 25MM X 20MM, INSTALADO EM RAMAL DE DISTRIBUIÇÃO DE ÁGUA - FORNECIMENTO E INSTALAÇÃO. AF_12/2014","UN",9.51]
[89443,"TE, PVC, SOLDÁVEL, DN 32MM, INSTALADO EM RAMAL DE DISTRIBUIÇÃO DE ÁGUA - FORNECIMENTO E INSTALAÇÃO. AF_12/2014","UN",11.8]
[89444,"TÊ COM BUCHA DE LATÃO NA BOLSA CENTRAL, PVC, SOLDÁVEL, DN 32MM X 3/4\u0094, INSTALADO EM RAMAL DE DISTRIBUIÇÃO DE ÁGUA - FORNECIMENTO E INSTALAÇÃO. AF_12/2014","UN",26.12]
[89445,"TÊ DE REDUÇÃO, PVC, SOLDÁVEL, DN 32MM X 25MM, INSTALADO EM RAMAL DE DISTRIBUIÇÃO DE ÁGUA - FORNECIMENTO E INSTALAÇÃO. AF_12/2014","UN",14.03]
[89481,"JOELHO 90 GRAUS, PVC, SOLDÁVEL, DN 25MM, INSTALADO EM PRUMADA DE ÁGUA - FORNECIMENTO E INSTALAÇÃO. AF_12/2014","UN",3.91]
[89485,"JOELHO 45 GRAUS, PVC, SOLDÁVEL, DN 25MM, INSTALADO EM PRUMADA DE ÁGUA - FORNECIMENTO E INSTALAÇÃO. AF_12/2014","UN",4.76]
[89489,"CURVA 90 GRAUS, PVC, SOLDÁVEL, DN 25MM, INSTALADO EM PRUMADA DE ÁGUA - FORNECIMENTO E INSTALAÇÃO. AF_12/2014","UN",6.52]
[89490,"CURVA 45 GRAUS, PVC, SOLDÁVEL, DN 25MM, INSTALADO EM PRUMADA DE ÁGUA - FORNECIMENTO E INSTALAÇÃO. AF_12/2014","UN",5.74]
[89492,"JOELHO 90 GRAUS, PVC, SOLDÁVEL, DN 32MM, INSTALADO EM PRUMADA DE ÁGUA - FORNECIMENTO E INSTALAÇÃO. AF_12/2014","UN",6.31]
[89493,"JOELHO 45 GRAUS, PVC, SOLDÁVEL, DN 32MM, INSTALADO EM PRUMADA DE ÁGUA - FORNECIMENTO E INSTALAÇÃO. AF_12/2014","UN",8.7100000000000009]
[89494,"CURVA 90 GRAUS, PVC, SOLDÁVEL, DN 32MM, INSTALADO EM PRUMADA DE ÁGUA - FORNECIMENTO E INSTALAÇÃO. AF_12/2014","UN",11.68]
[89496,"CURVA 45 GRAUS, PVC, SOLDÁVEL, DN 32MM, INSTALADO EM PRUMADA DE ÁGUA - FORNECIMENTO E INSTALAÇÃO. AF_12/2014","UN",8.2100000000000009]
[89497,"JOELHO 90 GRAUS, PVC, SOLDÁVEL, DN 40MM, INSTALADO EM PRUMADA DE ÁGUA - FORNECIMENTO E INSTALAÇÃO. AF_12/2014","UN",10.6]
[89498,"JOELHO 45 GRAUS, PVC, SOLDÁVEL, DN 40MM, INSTALADO EM PRUMADA DE ÁGUA - FORNECIMENTO E INSTALAÇÃO. AF_12/2014","UN",11.7]
[89499,"CURVA 90 GRAUS, PVC, SOLDÁVEL, DN 40MM, INSTALADO EM PRUMADA DE ÁGUA - FORNECIMENTO E INSTALAÇÃO. AF_12/2014","UN",18.68]
[89500,"CURVA 45 GRAUS, PVC, SOLDÁVEL, DN 40MM, INSTALADO EM PRUMADA DE ÁGUA - FORNECIMENTO E INSTALAÇÃO. AF_12/2014","UN",11.91]
[89501,"JOELHO 90 GRAUS, PVC, SOLDÁVEL, DN 50MM, INSTALADO EM PRUMADA DE ÁGUA - FORNECIMENTO E INSTALAÇÃO. AF_12/2014","UN",12.57]
[89502,"JOELHO 45 GRAUS, PVC, SOLDÁVEL, DN 50MM, INSTALADO EM PRUMADA DE ÁGUA - FORNECIMENTO E INSTALAÇÃO. AF_12/2014","UN",14.55]
[89503,"CURVA 90 GRAUS, PVC, SOLDÁVEL, DN 50MM, INSTALADO EM PRUMADA DE ÁGUA - FORNECIMENTO E INSTALAÇÃO. AF_12/2014","UN",23.2]
[89504,"CURVA 45 GRAUS, PVC, SOLDÁVEL, DN 50MM, INSTALADO EM PRUMADA DE ÁGUA - FORNECIMENTO E INSTALAÇÃO. AF_12/2014","UN",20.07]
[89505,"JOELHO 90 GRAUS, PVC, SOLDÁVEL, DN 60MM, INSTALADO EM PRUMADA DE ÁGUA - FORNECIMENTO E INSTALAÇÃO. AF_12/2014","UN",35.03]
[89506,"JOELHO 45 GRAUS, PVC, SOLDÁVEL, DN 60MM, INSTALADO EM PRUMADA DE ÁGUA - FORNECIMENTO E INSTALAÇÃO. AF_12/2014","UN",39.75]
[89507,"CURVA 90 GRAUS, PVC, SOLDÁVEL, DN 60MM, INSTALADO EM PRUMADA DE ÁGUA - FORNECIMENTO E INSTALAÇÃO. AF_12/2014","UN",49.59]
[89510,"CURVA 45 GRAUS, PVC, SOLDÁVEL, DN 60MM, INSTALADO EM PRUMADA DE ÁGUA - FORNECIMENTO E INSTALAÇÃO. AF_12/2014","UN",31.54]
[89513,"JOELHO 90 GRAUS, PVC, SOLDÁVEL, DN 75MM, INSTALADO EM PRUMADA DE ÁGUA - FORNECIMENTO E INSTALAÇÃO. AF_12/2014","UN",113.18]
[89514,"JOELHO 90 GRAUS, PVC, SERIE R, ÁGUA PLUVIAL, DN 40 MM, JUNTA SOLDÁVEL, FORNECIDO E INSTALADO EM RAMAL DE ENCAMINHAMENTO. AF_12/2014","UN",9.81]
[89515,"JOELHO 45 GRAUS, PVC, SOLDÁVEL, DN 75MM, INSTALADO EM PRUMADA DE ÁGUA - FORNECIMENTO E INSTALAÇÃO. AF_12/2014","UN",84.4]
[89516,"JOELHO 45 GRAUS, PVC, SERIE R, ÁGUA PLUVIAL, DN 40 MM, JUNTA SOLDÁVEL, FORNECIDO E INSTALADO EM RAMAL DE ENCAMINHAMENTO. AF_12/2014","UN",8.35]
[89517,"CURVA 90 GRAUS, PVC, SOLDÁVEL, DN 75MM, INSTALADO EM PRUMADA DE ÁGUA - FORNECIMENTO E INSTALAÇÃO. AF_12/2014","UN",70.400000000000006]
[89518,"JOELHO 90 GRAUS, PVC, SERIE R, ÁGUA PLUVIAL, DN 50 MM, JUNTA ELÁSTICA, FORNECIDO E INSTALADO EM RAMAL DE ENCAMINHAMENTO. AF_12/2014","UN",14.03]
[89519,"CURVA 45 GRAUS, PVC, SOLDÁVEL, DN 75MM, INSTALADO EM PRUMADA DE ÁGUA - FORNECIMENTO E INSTALAÇÃO. AF_12/2014","UN",46.24]
[89520,"JOELHO 45 GRAUS, PVC, SERIE R, ÁGUA PLUVIAL, DN 50 MM, JUNTA ELÁSTICA, FORNECIDO E INSTALADO EM RAMAL DE ENCAMINHAMENTO. AF_12/2014","UN",12.11]
[89521,"JOELHO 90 GRAUS, PVC, SOLDÁVEL, DN 85MM, INSTALADO EM PRUMADA DE ÁGUA - FORNECIMENTO E INSTALAÇÃO. AF_12/2014","UN",133.5]
[89522,"JOELHO 90 GRAUS, PVC, SERIE R, ÁGUA PLUVIAL, DN 75 MM, JUNTA ELÁSTICA, FORNECIDO E INSTALADO EM RAMAL DE ENCAMINHAMENTO. AF_12/2014","UN",28.91]
[89523,"JOELHO 45 GRAUS, PVC, SOLDÁVEL, DN 85MM, INSTALADO EM PRUMADA DE ÁGUA - FORNECIMENTO E INSTALAÇÃO. AF_12/2014","UN",99.62]
[89524,"JOELHO 45 GRAUS, PVC, SERIE R, ÁGUA PLUVIAL, DN 75 MM, JUNTA ELÁSTICA, FORNECIDO E INSTALADO EM RAMAL DE ENCAMINHAMENTO. AF_12/2014","UN",25.24]
[89525,"CURVA 90 GRAUS, PVC, SOLDÁVEL, DN 85MM, INSTALADO EM PRUMADA DE ÁGUA - FORNECIMENTO E INSTALAÇÃO. AF_12/2014","UN",97.9]
[89526,"CURVA 87 GRAUS E 30 MINUTOS, PVC, SERIE R, ÁGUA PLUVIAL, DN 75 MM, JUNTA ELÁSTICA, FORNECIDO E INSTALADO EM RAMAL DE ENCAMINHAMENTO. AF_12/2014","UN",38.61]
[89527,"CURVA 45 GRAUS, PVC, SOLDÁVEL, DN 85MM, INSTALADO EM PRUMADA DE ÁGUA - FORNECIMENTO E INSTALAÇÃO. AF_12/2014","UN",74.13]
[89528,"LUVA, PVC, SOLDÁVEL, DN 25MM, INSTALADO EM PRUMADA DE ÁGUA - FORNECIMENTO E INSTALAÇÃO. AF_12/2014","UN",3.22]
[89529,"JOELHO 90 GRAUS, PVC, SERIE R, ÁGUA PLUVIAL, DN 100 MM, JUNTA ELÁSTICA, FORNECIDO E INSTALADO EM RAMAL DE ENCAMINHAMENTO. AF_12/2014","UN",43.47]
[89530,"LUVA DE CORRER, PVC, SOLDÁVEL, DN 25MM, INSTALADO EM PRUMADA DE ÁGUA - FORNECIMENTO E INSTALAÇÃO. AF_12/2014","UN",13.75]
[89531,"JOELHO 45 GRAUS, PVC, SERIE R, ÁGUA PLUVIAL, DN 100 MM, JUNTA ELÁSTICA, FORNECIDO E INSTALADO EM RAMAL DE ENCAMINHAMENTO. AF_12/2014","UN",34.54]
[89532,"LUVA DE REDUÇÃO, PVC, SOLDÁVEL, DN 32MM X 25MM, INSTALADO EM PRUMADA DE ÁGUA - FORNECIMENTO E INSTALAÇÃO. AF_12/2014","UN",6.45]
[89533,"JOELHO 45 GRAUS PARA PÉ DE COLUNA, PVC, SERIE R, ÁGUA PLUVIAL, DN 100 MM, JUNTA ELÁSTICA, FORNECIDO E INSTALADO EM RAMAL DE ENCAMINHAMENTO. AF_12/2014","UN",34.54]
[89534,"LUVA SOLDÁVEL E COM ROSCA, PVC, SOLDÁVEL, DN 25MM X 3/4\u0094, INSTALADO EM PRUMADA DE ÁGUA - FORNECIMENTO E INSTALAÇÃO. AF_12/2014","UN",4.16]
[89535,"CURVA 87 GRAUS E 30 MINUTOS, PVC, SERIE R, ÁGUA PLUVIAL, DN 100 MM, JUNTA ELÁSTICA, FORNECIDO E INSTALADO EM RAMAL DE ENCAMINHAMENTO. AF_12/2014","UN",57.47]
[89536,"UNIÃO, PVC, SOLDÁVEL, DN 25MM, INSTALADO EM PRUMADA DE ÁGUA - FORNECIMENTO E INSTALAÇÃO. AF_12/2014","UN",12.29]
[89538,"ADAPTADOR CURTO COM BOLSA E ROSCA PARA REGISTRO, PVC, SOLDÁVEL, DN 25MM X 3/4\u0094, INSTALADO EM PRUMADA DE ÁGUA - FORNECIMENTO E INSTALAÇÃO. AF_12/2014","UN",3.32]
[89540,"CURVA DE TRANSPOSIÇÃO, PVC, SOLDÁVEL, DN 25MM, INSTALADO EM PRUMADA DE ÁGUA  - FORNECIMENTO E INSTALAÇÃO. AF_12/2014","UN",10.050000000000001]
[89541,"LUVA, PVC, SOLDÁVEL, DN 32MM, INSTALADO EM PRUMADA DE ÁGUA - FORNECIMENTO E INSTALAÇÃO. AF_12/2014","UN",5.0999999999999996]
[89542,"LUVA DE CORRER, PVC, SOLDÁVEL, DN 32MM, INSTALADO EM PRUMADA DE ÁGUA - FORNECIMENTO E INSTALAÇÃO. AF_12/2014","UN",30.24]
[89544,"LUVA SIMPLES, PVC, SERIE R, ÁGUA PLUVIAL, DN 40 MM, JUNTA SOLDÁVEL, FORNECIDO E INSTALADO EM RAMAL DE ENCAMINHAMENTO. AF_12/2014","UN",8.67]
[89545,"LUVA SIMPLES, PVC, SERIE R, ÁGUA PLUVIAL, DN 50 MM, JUNTA ELÁSTICA, FORNECIDO E INSTALADO EM RAMAL DE ENCAMINHAMENTO. AF_12/2014","UN",12.85]
[89546,"BUCHA DE REDUÇÃO LONGA, PVC, SERIE R, ÁGUA PLUVIAL, DN 50 X 40 MM, JUNTA ELÁSTICA, FORNECIDO E INSTALADO EM RAMAL DE ENCAMINHAMENTO. AF_12/2014","UN",10.92]
[89547,"LUVA SIMPLES, PVC, SERIE R, ÁGUA PLUVIAL, DN 75 MM, JUNTA ELÁSTICA, FORNECIDO E INSTALADO EM RAMAL DE ENCAMINHAMENTO. AF_12/2014","UN",19.010000000000002]
[89548,"LUVA DE CORRER, PVC, SERIE R, ÁGUA PLUVIAL, DN 75 MM, JUNTA ELÁSTICA, FORNECIDO E INSTALADO EM RAMAL DE ENCAMINHAMENTO. AF_12/2014","UN",20.84]
[89549,"REDUÇÃO EXCÊNTRICA, PVC, SERIE R, ÁGUA PLUVIAL, DN 75 X 50 MM, JUNTA ELÁSTICA, FORNECIDO E INSTALADO EM RAMAL DE ENCAMINHAMENTO. AF_12/2014","UN",14.12]
[89550,"TÊ DE INSPEÇÃO, PVC, SERIE R, ÁGUA PLUVIAL, DN 75 MM, JUNTA ELÁSTICA, FORNECIDO E INSTALADO EM RAMAL DE ENCAMINHAMENTO. AF_12/2014","UN",39.049999999999997]
[89551,"LUVA SOLDÁVEL E COM ROSCA, PVC, SOLDÁVEL, DN 32MM X 1\u0094, INSTALADO EM PRUMADA DE ÁGUA - FORNECIMENTO E INSTALAÇÃO. AF_12/2014","UN",8.92]
[89552,"UNIÃO, PVC, SOLDÁVEL, DN 32MM, INSTALADO EM PRUMADA DE ÁGUA - FORNECIMENTO E INSTALAÇÃO. AF_12/2014","UN",19.28]
[89553,"ADAPTADOR CURTO COM BOLSA E ROSCA PARA REGISTRO, PVC, SOLDÁVEL, DN 32MM X 1\u0094, INSTALADO EM PRUMADA DE ÁGUA - FORNECIMENTO E INSTALAÇÃO. AF_12/2014","UN",4.9800000000000004]
[89554,"LUVA SIMPLES, PVC, SERIE R, ÁGUA PLUVIAL, DN 100 MM, JUNTA ELÁSTICA, FORNECIDO E INSTALADO EM RAMAL DE ENCAMINHAMENTO. AF_12/2014","UN",23.36]
[89555,"CURVA DE TRANSPOSIÇÃO, PVC, SOLDÁVEL, DN 32MM, INSTALADO EM PRUMADA DE ÁGUA   FORNECIMENTO E INSTALAÇÃO. AF_12/2014","UN",23.61]
[89556,"LUVA DE CORRER, PVC, SERIE R, ÁGUA PLUVIAL, DN 100 MM, JUNTA ELÁSTICA, FORNECIDO E INSTALADO EM RAMAL DE ENCAMINHAMENTO. AF_12/2014","UN",35.85]
[89557,"REDUÇÃO EXCÊNTRICA, PVC, SERIE R, ÁGUA PLUVIAL, DN 100 X 75 MM, JUNTA ELÁSTICA, FORNECIDO E INSTALADO EM RAMAL DE ENCAMINHAMENTO. AF_12/2014","UN",27.65]
[89558,"LUVA, PVC, SOLDÁVEL, DN 40MM, INSTALADO EM PRUMADA DE ÁGUA - FORNECIMENTO E INSTALAÇÃO. AF_12/2014","UN",8.0500000000000007]
[89559,"TÊ DE INSPEÇÃO, PVC, SERIE R, ÁGUA PLUVIAL, DN 100 MM, JUNTA ELÁSTICA, FORNECIDO E INSTALADO EM RAMAL DE ENCAMINHAMENTO. AF_12/2014","UN",65.62]
[89561,"JUNÇÃO SIMPLES, PVC, SERIE R, ÁGUA PLUVIAL, DN 40 MM, JUNTA SOLDÁVEL, FORNECIDO E INSTALADO EM RAMAL DE ENCAMINHAMENTO. AF_12/2014","UN",12.45]
[89562,"LUVA DE REDUÇÃO, PVC, SOLDÁVEL, DN 40MM X 32MM, INSTALADO EM PRUMADA DE ÁGUA - FORNECIMENTO E INSTALAÇÃO. AF_12/2014","UN",8.66]
[89563,"JUNÇÃO SIMPLES, PVC, SERIE R, ÁGUA PLUVIAL, DN 50 MM, JUNTA ELÁSTICA, FORNECIDO E INSTALADO EM RAMAL DE ENCAMINHAMENTO. AF_12/2014","UN",20.54]
[89564,"LUVA COM ROSCA, PVC, SOLDÁVEL, DN 40MM X 1.1/4\u0094, INSTALADO EM PRUMADA DE ÁGUA - FORNECIMENTO E INSTALAÇÃO. AF_12/2014","UN",16.87]
[89565,"JUNÇÃO SIMPLES, PVC, SERIE R, ÁGUA PLUVIAL, DN 75 X 75 MM, JUNTA ELÁSTICA, FORNECIDO E INSTALADO EM RAMAL DE ENCAMINHAMENTO. AF_12/2014","UN",52.84]
[89566,"TÊ, PVC, SERIE R, ÁGUA PLUVIAL, DN 75 MM, JUNTA ELÁSTICA, FORNECIDO E INSTALADO EM RAMAL DE ENCAMINHAMENTO. AF_12/2014","UN",44.93]
[89567,"JUNÇÃO SIMPLES, PVC, SERIE R, ÁGUA PLUVIAL, DN 100 X 100 MM, JUNTA ELÁSTICA, FORNECIDO E INSTALADO EM RAMAL DE ENCAMINHAMENTO. AF_12/2014","UN",79.349999999999994]
[89568,"UNIÃO, PVC, SOLDÁVEL, DN 40MM, INSTALADO EM PRUMADA DE ÁGUA - FORNECIMENTO E INSTALAÇÃO. AF_12/2014","UN",35.49]
[89569,"JUNÇÃO SIMPLES, PVC, SERIE R, ÁGUA PLUVIAL, DN 100 X 75 MM, JUNTA ELÁSTICA, FORNECIDO E INSTALADO EM RAMAL DE ENCAMINHAMENTO. AF_12/2014","UN",74.819999999999993]
[89570,"ADAPTADOR CURTO COM BOLSA E ROSCA PARA REGISTRO, PVC, SOLDÁVEL, DN 40MM X 1.1/2\u0094, INSTALADO EM PRUMADA DE ÁGUA - FORNECIMENTO E INSTALAÇÃO. AF_12/2014","UN",11.54]
[89571,"TÊ, PVC, SERIE R, ÁGUA PLUVIAL, DN 100 X 100 MM, JUNTA ELÁSTICA, FORNECIDO E INSTALADO EM RAMAL DE ENCAMINHAMENTO. AF_12/2014","UN",72.41]
[89572,"ADAPTADOR CURTO COM BOLSA E ROSCA PARA REGISTRO, PVC, SOLDÁVEL, DN 40MM X 1.1/4\u0094, INSTALADO EM PRUMADA DE ÁGUA - FORNECIMENTO E INSTALAÇÃO. AF_12/2014","UN",7.55]
[89573,"TÊ, PVC, SERIE R, ÁGUA PLUVIAL, DN 100 X 75 MM, JUNTA ELÁSTICA, FORNECIDO E INSTALADO EM RAMAL DE ENCAMINHAMENTO. AF_12/2014","UN",65.42]
[89574,"JUNÇÃO DUPLA, PVC, SERIE R, ÁGUA PLUVIAL, DN 100 X 100 X 100 MM, JUNTA ELÁSTICA, FORNECIDO E INSTALADO EM RAMAL DE ENCAMINHAMENTO. AF_12/2014","UN",131.01]
[89575,"LUVA, PVC, SOLDÁVEL, DN 50MM, INSTALADO EM PRUMADA DE ÁGUA - FORNECIMENTO E INSTALAÇÃO. AF_12/2014","UN",10.07]
[89577,"LUVA DE CORRER, PVC, SOLDÁVEL, DN 50MM, INSTALADO EM PRUMADA DE ÁGUA - FORNECIMENTO E INSTALAÇÃO. AF_12/2014","UN",35.909999999999997]
[89579,"LUVA DE REDUÇÃO, PVC, SOLDÁVEL, DN 50MM X 25MM, INSTALADO EM PRUMADA DE ÁGUA   FORNECIMENTO E INSTALAÇÃO. AF_12/2014","UN",10.36]
[89581,"JOELHO 90 GRAUS, PVC, SERIE R, ÁGUA PLUVIAL, DN 75 MM, JUNTA ELÁSTICA, FORNECIDO E INSTALADO EM CONDUTORES VERTICAIS DE ÁGUAS PLUVIAIS. AF_12/2014","UN",27.38]
[89582,"JOELHO 45 GRAUS, PVC, SERIE R, ÁGUA PLUVIAL, DN 75 MM, JUNTA ELÁSTICA, FORNECIDO E INSTALADO EM CONDUTORES VERTICAIS DE ÁGUAS PLUVIAIS. AF_12/2014","UN",23.71]
[89583,"CURVA 87 GRAUS E 30 MINUTOS, PVC, SERIE R, ÁGUA PLUVIAL, DN 75 MM, JUNTA ELÁSTICA, FORNECIDO E INSTALADO EM CONDUTORES VERTICAIS DE ÁGUAS PLUVIAIS. AF_12/2014","UN",37.08]
[89584,"JOELHO 90 GRAUS, PVC, SERIE R, ÁGUA PLUVIAL, DN 100 MM, JUNTA ELÁSTICA, FORNECIDO E INSTALADO EM CONDUTORES VERTICAIS DE ÁGUAS PLUVIAIS. AF_12/2014","UN",41.96]
[89585,"JOELHO 45 GRAUS, PVC, SERIE R, ÁGUA PLUVIAL, DN 100 MM, JUNTA ELÁSTICA, FORNECIDO E INSTALADO EM CONDUTORES VERTICAIS DE ÁGUAS PLUVIAIS. AF_12/2014","UN",33.03]
[89586,"JOELHO 45 GRAUS PARA PÉ DE COLUNA, PVC, SERIE R, ÁGUA PLUVIAL, DN 100 MM, JUNTA ELÁSTICA, FORNECIDO E INSTALADO EM CONDUTORES VERTICAIS DE ÁGUAS PLUVIAIS. AF_12/2014","UN",33.03]
[89587,"CURVA 87 GRAUS E 30 MINUTOS, PVC, SERIE R, ÁGUA PLUVIAL, DN 100 MM, JUNTA ELÁSTICA, FORNECIDO E INSTALADO EM CONDUTORES VERTICAIS DE ÁGUAS PLUVIAIS. AF_12/2014","UN",55.96]
[89590,"JOELHO 90 GRAUS, PVC, SERIE R, ÁGUA PLUVIAL, DN 150 MM, JUNTA ELÁSTICA, FORNECIDO E INSTALADO EM CONDUTORES VERTICAIS DE ÁGUAS PLUVIAIS. AF_12/2014","UN",133.85]
[89591,"JOELHO 45 GRAUS, PVC, SERIE R, ÁGUA PLUVIAL, DN 150 MM, JUNTA ELÁSTICA, FORNECIDO E INSTALADO EM CONDUTORES VERTICAIS DE ÁGUAS PLUVIAIS. AF_12/2014","UN",108.21]
[89592,"CURVA 87 GRAUS E 30 MINUTOS, PVC, SERIE R, ÁGUA PLUVIAL, DN 150 MM, JUNTA ELÁSTICA, FORNECIDO E INSTALADO EM CONDUTORES VERTICAIS DE ÁGUAS PLUVIAIS. AF_12/2014","UN",182.77]
[89593,"LUVA COM ROSCA, PVC, SOLDÁVEL, DN 50MM X 1.1/2\u0094, INSTALADO EM PRUMADA DE ÁGUA - FORNECIMENTO E INSTALAÇÃO. AF_12/2014","UN",32.340000000000003]
[89594,"UNIÃO, PVC, SOLDÁVEL, DN 50MM, INSTALADO EM PRUMADA DE ÁGUA - FORNECIMENTO E INSTALAÇÃO. AF_12/2014","UN",39.380000000000003]
[89595,"ADAPTADOR CURTO COM BOLSA E ROSCA PARA REGISTRO, PVC, SOLDÁVEL, DN 50MM X 1.1/4\u0094, INSTALADO EM PRUMADA DE ÁGUA - FORNECIMENTO E INSTALAÇÃO. AF_12/2014","UN",14]
[89596,"ADAPTADOR CURTO COM BOLSA E ROSCA PARA REGISTRO, PVC, SOLDÁVEL, DN 50MM X 1.1/2\u0094, INSTALADO EM PRUMADA DE ÁGUA - FORNECIMENTO E INSTALAÇÃO. AF_12/2014","UN",9.86]
[89597,"LUVA, PVC, SOLDÁVEL, DN 60MM, INSTALADO EM PRUMADA DE ÁGUA - FORNECIMENTO E INSTALAÇÃO. AF_12/2014","UN",19.559999999999999]
[89598,"LUVA DE CORRER, PVC, SOLDÁVEL, DN 60MM, INSTALADO EM PRUMADA DE ÁGUA   FORNECIMENTO E INSTALAÇÃO. AF_12/2014","UN",54.57]
[89599,"LUVA SIMPLES, PVC, SERIE R, ÁGUA PLUVIAL, DN 75 MM, JUNTA ELÁSTICA, FORNECIDO E INSTALADO EM CONDUTORES VERTICAIS DE ÁGUAS PLUVIAIS. AF_12/2014","UN",17.87]
[89600,"LUVA DE CORRER, PVC, SERIE R, ÁGUA PLUVIAL, DN 75 MM, JUNTA ELÁSTICA, FORNECIDO E INSTALADO EM CONDUTORES VERTICAIS DE ÁGUAS PLUVIAIS. AF_12/2014","UN",19.7]
[89605,"LUVA DE REDUÇÃO, PVC, SOLDÁVEL, DN 60MM X 50MM, INSTALADO EM PRUMADA DE ÁGUA - FORNECIMENTO E INSTALAÇÃO. AF_12/2014","UN",19.05]
[89609,"UNIÃO, PVC, SOLDÁVEL, DN 60MM, INSTALADO EM PRUMADA DE ÁGUA - FORNECIMENTO E INSTALAÇÃO. AF_12/2014","UN",92.89]
[89610,"ADAPTADOR CURTO COM BOLSA E ROSCA PARA REGISTRO, PVC, SOLDÁVEL, DN 60MM X 2\u0094, INSTALADO EM PRUMADA DE ÁGUA - FORNECIMENTO E INSTALAÇÃO. AF_12/2014","UN",19.579999999999998]
[89611,"LUVA, PVC, SOLDÁVEL, DN 75MM, INSTALADO EM PRUMADA DE ÁGUA - FORNECIMENTO E INSTALAÇÃO. AF_12/2014","UN",32.270000000000003]
[89612,"UNIÃO, PVC, SOLDÁVEL, DN 75MM, INSTALADO EM PRUMADA DE ÁGUA - FORNECIMENTO E INSTALAÇÃO. AF_12/2014","UN",183.95]
[89613,"ADAPTADOR CURTO COM BOLSA E ROSCA PARA REGISTRO, PVC, SOLDÁVEL, DN 75MM X 2.1/2\u0094, INSTALADO EM PRUMADA DE ÁGUA - FORNECIMENTO E INSTALAÇÃO. AF_12/2014","UN",28.47]
[89614,"LUVA, PVC, SOLDÁVEL, DN 85MM, INSTALADO EM PRUMADA DE ÁGUA - FORNECIMENTO E INSTALAÇÃO. AF_12/2014","UN",63.58]
[89615,"UNIÃO, PVC, SOLDÁVEL, DN 85MM, INSTALADO EM PRUMADA DE ÁGUA - FORNECIMENTO E INSTALAÇÃO. AF_12/2014","UN",279.32]
[89616,"ADAPTADOR CURTO COM BOLSA E ROSCA PARA REGISTRO, PVC, SOLDÁVEL, DN 85MM X 3\u0094, INSTALADO EM PRUMADA DE ÁGUA - FORNECIMENTO E INSTALAÇÃO. AF_12/2014","UN",42.29]
[89617,"TE, PVC, SOLDÁVEL, DN 25MM, INSTALADO EM PRUMADA DE ÁGUA - FORNECIMENTO E INSTALAÇÃO. AF_12/2014","UN",5.69]
[89618,"TÊ COM BUCHA DE LATÃO NA BOLSA CENTRAL, PVC, SOLDÁVEL, DN 25MM X 1/2\u0094, INSTALADO EM PRUMADA DE ÁGUA - FORNECIMENTO E INSTALAÇÃO. AF_12/2014","UN",14.13]
[89619,"TÊ DE REDUÇÃO, PVC, SOLDÁVEL, DN 25MM X 20MM, INSTALADO EM PRUMADA DE ÁGUA - FORNECIMENTO E INSTALAÇÃO. AF_12/2014","UN",7.94]
[89620,"TE, PVC, SOLDÁVEL, DN 32MM, INSTALADO EM PRUMADA DE ÁGUA - FORNECIMENTO E INSTALAÇÃO. AF_12/2014","UN",10.039999999999999]
[89621,"TÊ COM BUCHA DE LATÃO NA BOLSA CENTRAL, PVC, SOLDÁVEL, DN 32MM X 3/4\u0094, INSTALADO EM PRUMADA DE ÁGUA - FORNECIMENTO E INSTALAÇÃO. AF_12/2014","UN",24.36]
[89622,"TÊ DE REDUÇÃO, PVC, SOLDÁVEL, DN 32MM X 25MM, INSTALADO EM PRUMADA DE ÁGUA - FORNECIMENTO E INSTALAÇÃO. AF_12/2014","UN",12.27]
[89623,"TE, PVC, SOLDÁVEL, DN 40MM, INSTALADO EM PRUMADA DE ÁGUA - FORNECIMENTO E INSTALAÇÃO. AF_12/2014","UN",16.78]
[89624,"TÊ DE REDUÇÃO, PVC, SOLDÁVEL, DN 40MM X 32MM, INSTALADO EM PRUMADA DE ÁGUA - FORNECIMENTO E INSTALAÇÃO. AF_12/2014","UN",17.91]
[89625,"TE, PVC, SOLDÁVEL, DN 50MM, INSTALADO EM PRUMADA DE ÁGUA - FORNECIMENTO E INSTALAÇÃO. AF_12/2014","UN",20.010000000000002]
[89626,"TÊ DE REDUÇÃO, PVC, SOLDÁVEL, DN 50MM X 40MM, INSTALADO EM PRUMADA DE ÁGUA - FORNECIMENTO E INSTALAÇÃO. AF_12/2014","UN",28.7]
[89627,"TÊ DE REDUÇÃO, PVC, SOLDÁVEL, DN 50MM X 25MM, INSTALADO EM PRUMADA DE ÁGUA - FORNECIMENTO E INSTALAÇÃO. AF_12/2014","UN",18.71]
[89628,"TE, PVC, SOLDÁVEL, DN 60MM, INSTALADO EM PRUMADA DE ÁGUA - FORNECIMENTO E INSTALAÇÃO. AF_12/2014","UN",44.5]
[89629,"TE, PVC, SOLDÁVEL, DN 75MM, INSTALADO EM PRUMADA DE ÁGUA - FORNECIMENTO E INSTALAÇÃO. AF_12/2014","UN",82.81]
[89630,"TE DE REDUÇÃO, PVC, SOLDÁVEL, DN 75MM X 50MM, INSTALADO EM PRUMADA DE ÁGUA - FORNECIMENTO E INSTALAÇÃO. AF_12/2014","UN",70.98]
[89631,"TE, PVC, SOLDÁVEL, DN 85MM, INSTALADO EM PRUMADA DE ÁGUA - FORNECIMENTO E INSTALAÇÃO. AF_12/2014","UN",128.13]
[89632,"TE DE REDUÇÃO, PVC, SOLDÁVEL, DN 85MM X 60MM, INSTALADO EM PRUMADA DE ÁGUA - FORNECIMENTO E INSTALAÇÃO. AF_12/2014","UN",103.91]
[89637,"JOELHO 90 GRAUS, CPVC, SOLDÁVEL, DN 15MM, INSTALADO EM RAMAL OU SUB-RAMAL DE ÁGUA - FORNECIMENTO E INSTALAÇÃO. AF_12/2014","UN",7.74]
[89638,"JOELHO 45 GRAUS, CPVC, SOLDÁVEL, DN 15MM, INSTALADO EM RAMAL OU SUB-RAMAL DE ÁGUA - FORNECIMENTO E INSTALAÇÃO. AF_12/2014","UN",8.6300000000000008]
[89639,"CURVA 90 GRAUS, CPVC, SOLDÁVEL, DN 15MM, INSTALADO EM RAMAL OU SUB-RAMAL DE ÁGUA - FORNECIMENTO E INSTALAÇÃO. AF_12/2014","UN",8.9700000000000006]
[89640,"JOELHO DE TRANSIÇÃO, 90 GRAUS, CPVC, SOLDÁVEL, DN 15MM X 1/2\", INSTALADO EM RAMAL OU SUB-RAMAL DE ÁGUA - FORNECIMENTO E INSTALAÇÃO. AF_12/2014","UN",14.28]
[89641,"JOELHO 90 GRAUS, CPVC, SOLDÁVEL, DN 22MM, INSTALADO EM RAMAL OU SUB-RAMAL DE ÁGUA - FORNECIMENTO E INSTALAÇÃO. AF_12/2014","UN",10.9]
[89642,"JOELHO 45 GRAUS, CPVC, SOLDÁVEL, DN 22MM, INSTALADO EM RAMAL OU SUB-RAMAL DE ÁGUA - FORNECIMENTO E INSTALAÇÃO. AF_12/2014","UN",12.6]
[89643,"CURVA 90 GRAUS, CPVC, SOLDÁVEL, DN 22MM, INSTALADO EM RAMAL OU SUB-RAMAL DE ÁGUA - FORNECIMENTO E INSTALAÇÃO. AF_12/2014","UN",13.17]
[89644,"JOELHO DE TRANSIÇÃO, 90 GRAUS, CPVC, SOLDÁVEL, DN 22MM X 1/2\", INSTALADO EM RAMAL OU SUB-RAMAL DE ÁGUA - FORNECIMENTO E INSTALAÇÃO. AF_12/2014","UN",21.25]
[89645,"JOELHO DE TRANSIÇÃO, 90 GRAUS, CPVC, SOLDÁVEL, DN 22MM X 3/4\", INSTALADO EM RAMAL OU SUB-RAMAL DE ÁGUA - FORNECIMENTO E INSTALAÇÃO. AF_12/2014","UN",23.79]
[89646,"JOELHO 90 GRAUS, CPVC, SOLDÁVEL, DN 28MM, INSTALADO EM RAMAL OU SUB-RAMAL DE ÁGUA - FORNECIMENTO E INSTALAÇÃO. AF_12/2014","UN",17.079999999999998]
[89647,"JOELHO 45 GRAUS, CPVC, SOLDÁVEL, DN 28MM, INSTALADO EM RAMAL OU SUB-RAMAL DE ÁGUA \u0096 FORNECIMENTO E INSTALAÇÃO. AF_12/2014","UN",16.68]
[89648,"CURVA 90 GRAUS, CPVC, SOLDÁVEL, DN 28MM, INSTALADO EM RAMAL OU SUB-RAMAL DE ÁGUA \u0096 FORNECIMENTO E INSTALAÇÃO. AF_12/2014","UN",18.510000000000002]
[89649,"JOELHO 90 GRAUS, CPVC, SOLDÁVEL, DN 35MM, INSTALADO EM RAMAL OU SUB-RAMAL DE ÁGUA \u0096 FORNECIMENTO E INSTALAÇÃO. AF_12/2014","UN",25.35]
[89650,"JOELHO 45 GRAUS, CPVC, SOLDÁVEL, DN 35MM, INSTALADO EM RAMAL OU SUB-RAMAL DE ÁGUA \u0096 FORNECIMENTO E INSTALAÇÃO. AF_12/2014","UN",25.35]
[89651,"LUVA, CPVC, SOLDÁVEL, DN 15MM, INSTALADO EM RAMAL OU SUB-RAMAL DE ÁGUA - FORNECIMENTO E INSTALAÇÃO. AF_12/2014","UN",5.26]
[89652,"LUVA DE CORRER, CPVC, SOLDÁVEL, DN 15MM, INSTALADO EM RAMAL OU SUB-RAMAL DE ÁGUA \u0096 FORNECIMENTO E INSTALAÇÃO. AF_12/2014","UN",9.17]
[89653,"LUVA DE TRANSIÇÃO, CPVC, SOLDÁVEL, DN15MM X 1/2\", INSTALADO EM RAMAL OU SUB-RAMAL DE ÁGUA - FORNECIMENTO E INSTALAÇÃO. AF_12/2014","UN",15.19]
[89654,"UNIÃO, CPVC, SOLDÁVEL, DN15MM, INSTALADO EM RAMAL OU SUB-RAMAL DE ÁGUA \u0096 FORNECIMENTO E INSTALAÇÃO. AF_12/2014","UN",14.8]
[89655,"CONECTOR, CPVC, SOLDÁVEL, DN 15MM X 1/2\u0094, INSTALADO EM RAMAL OU SUB-RAMAL DE ÁGUA \u0096 FORNECIMENTO E INSTALAÇÃO. AF_12/2014","UN",22.16]
[89656,"ADAPTADOR, CPVC, SOLDÁVEL, DN15MM, INSTALADO EM RAMAL OU SUB-RAMAL DE ÁGUA \u0096 FORNECIMENTO E INSTALAÇÃO. AF_12/2014","UN",9.7899999999999991]
[89657,"CURVA DE TRANSPOSIÇÃO, CPVC, SOLDÁVEL, DN15MM, INSTALADO EM RAMAL OU SUB-RAMAL DE ÁGUA \u0096 FORNECIMENTO E INSTALAÇÃO. AF_12/2014","UN",9.99]
[89658,"LUVA, CPVC, SOLDÁVEL, DN 22MM, INSTALADO EM RAMAL OU SUB-RAMAL DE ÁGUA \u0096 FORNECIMENTO E INSTALAÇÃO. AF_12/2014","UN",7.21]
[89659,"LUVA DE CORRER, CPVC, SOLDÁVEL, DN 22MM, INSTALADO EM RAMAL OU SUB-RAMAL DE ÁGUA \u0096 FORNECIMENTO E INSTALAÇÃO. AF_12/2014","UN",13.21]
[89660,"LUVA DE TRANSIÇÃO, CPVC, SOLDÁVEL, DN22MM X 25MM, INSTALADO EM RAMAL OU SUB-RAMAL DE ÁGUA - FORNECIMENTO E INSTALAÇÃO. AF_12/2014","UN",6.69]
[89661,"UNIÃO, CPVC, SOLDÁVEL, DN22MM, INSTALADO EM RAMAL OU SUB-RAMAL DE ÁGUA \u0096 FORNECIMENTO E INSTALAÇÃO. AF_12/2014","UN",17.77]
[89662,"CONECTOR, CPVC, SOLDÁVEL, DN 22MM X 1/2\u0094, INSTALADO EM RAMAL OU SUB-RAMAL DE ÁGUA \u0096 FORNECIMENTO E INSTALAÇÃO. AF_12/2014","UN",27.53]
[89663,"ADAPTADOR, CPVC, SOLDÁVEL, DN22MM, INSTALADO EM RAMAL OU SUB-RAMAL DE ÁGUA \u0096 FORNECIMENTO E INSTALAÇÃO. AF_12/2014","UN",11.18]
[89664,"CURVA DE TRANSPOSIÇÃO, CPVC, SOLDÁVEL, DN22MM, INSTALADO EM RAMAL OU SUB-RAMAL DE ÁGUA \u0096 FORNECIMENTO E INSTALAÇÃO. AF_12/2014","UN",13.21]
[89665,"REDUÇÃO EXCÊNTRICA, PVC, SERIE R, ÁGUA PLUVIAL, DN 75 X 50 MM, JUNTA ELÁSTICA, FORNECIDO E INSTALADO EM CONDUTORES VERTICAIS DE ÁGUAS PLUVIAIS. AF_12/2014","UN",12.98]
[89666,"BUCHA DE REDUÇÃO, CPVC, SOLDÁVEL, DN22MM X 15MM, INSTALADO EM RAMAL OU SUB-RAMAL DE ÁGUA \u0096 FORNECIMENTO E INSTALAÇÃO. AF_12/2014","UN",5.8]
[89667,"TÊ DE INSPEÇÃO, PVC, SERIE R, ÁGUA PLUVIAL, DN 75 MM, JUNTA ELÁSTICA, FORNECIDO E INSTALADO EM CONDUTORES VERTICAIS DE ÁGUAS PLUVIAIS. AF_12/2014","UN",37.909999999999997]
[89668,"CONECTOR, CPVC, SOLDÁVEL, DN22MM X 3/4\", INSTALADO EM RAMAL OU SUB-RAMAL DE ÁGUA - FORNECIMENTO E INSTALAÇÃO. AF_12/2014","UN",26.09]
[89669,"LUVA SIMPLES, PVC, SERIE R, ÁGUA PLUVIAL, DN 100 MM, JUNTA ELÁSTICA, FORNECIDO E INSTALADO EM CONDUTORES VERTICAIS DE ÁGUAS PLUVIAIS. AF_12/2014","UN",22.41]
[89670,"LUVA, CPVC, SOLDÁVEL, DN 28MM, INSTALADO EM RAMAL OU SUB-RAMAL DE ÁGUA \u0096 FORNECIMENTO E INSTALAÇÃO. AF_12/2014","UN",10.78]
[89671,"LUVA DE CORRER, PVC, SERIE R, ÁGUA PLUVIAL, DN 100 MM, JUNTA ELÁSTICA, FORNECIDO E INSTALADO EM CONDUTORES VERTICAIS DE ÁGUAS PLUVIAIS. AF_12/2014","UN",34.9]
[89672,"LUVA DE CORRER, CPVC, SOLDÁVEL, DN 28MM, INSTALADO EM RAMAL OU SUB-RAMAL DE ÁGUA \u0096 FORNECIMENTO E INSTALAÇÃO. AF_12/2014","UN",17.64]
[89673,"REDUÇÃO EXCÊNTRICA, PVC, SERIE R, ÁGUA PLUVIAL, DN 100 X 75 MM, JUNTA ELÁSTICA, FORNECIDO E INSTALADO EM CONDUTORES VERTICAIS DE ÁGUAS PLUVIAIS. AF_12/2014","UN",26.7]
[89674,"UNIÃO, CPVC, SOLDÁVEL, DN28MM, INSTALADO EM RAMAL OU SUB-RAMAL DE ÁGUA \u0096 FORNECIMENTO E INSTALAÇÃO. AF_12/2014","UN",26.38]
[89675,"TÊ DE INSPEÇÃO, PVC, SERIE R, ÁGUA PLUVIAL, DN 100 MM, JUNTA ELÁSTICA, FORNECIDO E INSTALADO EM CONDUTORES VERTICAIS DE ÁGUAS PLUVIAIS. AF_12/2014","UN",64.67]
[89676,"CONECTOR, CPVC, SOLDÁVEL, DN 28MM X 1\u0094, INSTALADO EM RAMAL OU SUB-RAMAL DE ÁGUA \u0096 FORNECIMENTO E INSTALAÇÃO. AF_12/2014","UN",40.65]
[89677,"LUVA SIMPLES, PVC, SERIE R, ÁGUA PLUVIAL, DN 150 MM, JUNTA ELÁSTICA, FORNECIDO E INSTALADO EM CONDUTORES VERTICAIS DE ÁGUAS PLUVIAIS. AF_12/2014","UN",64.75]
[89678,"BUCHA DE REDUÇÃO, CPVC, SOLDÁVEL, DN28MM X 22MM, INSTALADO EM RAMAL OU SUB-RAMAL DE ÁGUA \u0096 FORNECIMENTO E INSTALAÇÃO. AF_12/2014","UN",7.73]
[89679,"LUVA DE CORRER, PVC, SERIE R, ÁGUA PLUVIAL, DN 150 MM, JUNTA ELÁSTICA, FORNECIDO E INSTALADO EM CONDUTORES VERTICAIS DE ÁGUAS PLUVIAIS. AF_12/2014","UN",109.33]
[89680,"LUVA, CPVC, SOLDÁVEL, DN 35MM, INSTALADO EM RAMAL OU SUB-RAMAL DE ÁGUA \u0096 FORNECIMENTO E INSTALAÇÃO. AF_12/2014","UN",17.100000000000001]
[89681,"REDUÇÃO EXCÊNTRICA, PVC, SERIE R, ÁGUA PLUVIAL, DN 150 X 100 MM, JUNTA ELÁSTICA, FORNECIDO E INSTALADO EM CONDUTORES VERTICAIS DE ÁGUAS PLUVIAIS. AF_12/2014","UN",72.64]
[89682,"LUVA DE CORRER, CPVC, SOLDÁVEL, DN 35MM, INSTALADO EM RAMAL OU SUB-RAMAL DE ÁGUA \u0096 FORNECIMENTO E INSTALAÇÃO. AF_12/2014","UN",27.36]
[89684,"UNIÃO, CPVC, SOLDÁVEL, DN35MM, INSTALADO EM RAMAL OU SUB-RAMAL DE ÁGUA \u0096 FORNECIMENTO E INSTALAÇÃO. AF_12/2014","UN",38.36]
[89685,"JUNÇÃO SIMPLES, PVC, SERIE R, ÁGUA PLUVIAL, DN 75 X 75 MM, JUNTA ELÁSTICA, FORNECIDO E INSTALADO EM CONDUTORES VERTICAIS DE ÁGUAS PLUVIAIS. AF_12/2014","UN",50.75]
[89686,"CONECTOR, CPVC, SOLDÁVEL, DN 35MM X 1 1/4\u0094, INSTALADO EM RAMAL OU SUB-RAMAL DE ÁGUA \u0096 FORNECIMENTO E INSTALAÇÃO. AF_12/2014","UN",147.16999999999999]
[89687,"TÊ, PVC, SERIE R, ÁGUA PLUVIAL, DN 75 X 75 MM, JUNTA ELÁSTICA, FORNECIDO E INSTALADO EM CONDUTORES VERTICAIS DE ÁGUAS PLUVIAIS. AF_12/2014","UN",42.84]
[89689,"BUCHA DE REDUÇÃO, CPVC, SOLDÁVEL, DN35MM X 28MM, INSTALADO EM RAMAL OU SUB-RAMAL DE ÁGUA \u0096 FORNECIMENTO E INSTALAÇÃO. AF_12/2014","UN",29.56]
[89690,"JUNÇÃO SIMPLES, PVC, SERIE R, ÁGUA PLUVIAL, DN 100 X 100 MM, JUNTA ELÁSTICA, FORNECIDO E INSTALADO EM CONDUTORES VERTICAIS DE ÁGUAS PLUVIAIS. AF_12/2014","UN",77.27]
[89691,"TE, CPVC, SOLDÁVEL, DN 15MM, INSTALADO EM RAMAL OU SUB-RAMAL DE ÁGUA - FORNECIMENTO E INSTALAÇÃO. AF_12/2014","UN",9.92]
[89692,"JUNÇÃO SIMPLES, PVC, SERIE R, ÁGUA PLUVIAL, DN 100 X 75 MM, JUNTA ELÁSTICA, FORNECIDO E INSTALADO EM CONDUTORES VERTICAIS DE ÁGUAS PLUVIAIS. AF_12/2014","UN",72.739999999999995]
[89693,"TÊ, PVC, SERIE R, ÁGUA PLUVIAL, DN 100 X 100 MM, JUNTA ELÁSTICA, FORNECIDO E INSTALADO EM CONDUTORES VERTICAIS DE ÁGUAS PLUVIAIS. AF_12/2014","UN",70.33]
[89694,"TE DE TRANSIÇÃO, CPVC, SOLDÁVEL, DN 15MM X 1/2\u0094, INSTALADO EM RAMAL OU SUB-RAMAL DE ÁGUA \u0096 FORNECIMENTO E INSTALAÇÃO. AF_12/2014","UN",16.63]
[89695,"TÊ MISTURADOR, CPVC, SOLDÁVEL, DN15MM, INSTALADO EM RAMAL OU SUB-RAMAL DE ÁGUA \u0096 FORNECIMENTO E INSTALAÇÃO. AF_12/2014","UN",15.37]
[89696,"TÊ, PVC, SERIE R, ÁGUA PLUVIAL, DN 100 X 75 MM, JUNTA ELÁSTICA, FORNECIDO E INSTALADO EM CONDUTORES VERTICAIS DE ÁGUAS PLUVIAIS. AF_12/2014","UN",63.34]
[89697,"TE, CPVC, SOLDÁVEL, DN 22MM, INSTALADO EM RAMAL OU SUB-RAMAL DE ÁGUA - FORNECIMENTO E INSTALAÇÃO. AF_12/2014","UN",12.22]
[89698,"JUNÇÃO SIMPLES, PVC, SERIE R, ÁGUA PLUVIAL, DN 150 X 150 MM, JUNTA ELÁSTICA, FORNECIDO E INSTALADO EM CONDUTORES VERTICAIS DE ÁGUAS PLUVIAIS. AF_12/2014","UN",228.59]
[89699,"JUNÇÃO SIMPLES, PVC, SERIE R, ÁGUA PLUVIAL, DN 150 X 100 MM, JUNTA ELÁSTICA, FORNECIDO E INSTALADO EM CONDUTORES VERTICAIS DE ÁGUAS PLUVIAIS. AF_12/2014","UN",197.99]
[89700,"TE DE TRANSIÇÃO, CPVC, SOLDÁVEL, DN 22MM X 1/2\u0094, INSTALADO EM RAMAL OU SUB-RAMAL DE ÁGUA \u0096 FORNECIMENTO E INSTALAÇÃO. AF_12/2014","UN",17.97]
[89701,"TÊ, PVC, SERIE R, ÁGUA PLUVIAL, DN 150 X 150 MM, JUNTA ELÁSTICA, FORNECIDO E INSTALADO EM CONDUTORES VERTICAIS DE ÁGUAS PLUVIAIS. AF_12/2014","UN",174.19]
[89702,"TÊ MISTURADOR, CPVC, SOLDÁVEL, DN22MM, INSTALADO EM RAMAL OU SUB-RAMAL DE ÁGUA \u0096 FORNECIMENTO E INSTALAÇÃO. AF_12/2014","UN",17.97]
[89703,"TE MISTURADOR DE TRANSIÇÃO, CPVC, SOLDÁVEL, DN 22MM X 3/4\", INSTALADO EM RAMAL OU SUB-RAMAL DE ÁGUA - FORNECIMENTO E INSTALAÇÃO. AF_12/2014","UN",41.3]
[89704,"TÊ, PVC, SERIE R, ÁGUA PLUVIAL, DN 150 X 100 MM, JUNTA ELÁSTICA, FORNECIDO E INSTALADO EM CONDUTORES VERTICAIS DE ÁGUAS PLUVIAIS. AF_12/2014","UN",120]
[89705,"TÊ, CPVC, SOLDÁVEL, DN28MM, INSTALADO EM RAMAL OU SUB-RAMAL DE ÁGUA   FORNECIMENTO E INSTALAÇÃO. AF_12/2014","UN",20.22]
[89706,"TÊ, CPVC, SOLDÁVEL, DN35MM, INSTALADO EM RAMAL OU SUB-RAMAL DE ÁGUA \u0096 FORNECIMENTO E INSTALAÇÃO. AF_12/2014","UN",45.1]
[89718,"TUBO, CPVC, SOLDÁVEL, DN 35MM, INSTALADO EM RAMAL DE DISTRIBUIÇÃO DE ÁGUA   FORNECIMENTO E INSTALAÇÃO. AF_12/2014","M",39.14]
[89719,"JOELHO 90 GRAUS, CPVC, SOLDÁVEL, DN 22MM, INSTALADO EM RAMAL DE DISTRIBUIÇÃO DE ÁGUA   FORNECIMENTO E INSTALAÇÃO. AF_12/2014","UN",8.77]
[89720,"JOELHO 45 GRAUS, CPVC, SOLDÁVEL, DN 22MM, INSTALADO EM RAMAL DE DISTRIBUIÇÃO DE ÁGUA   FORNECIMENTO E INSTALAÇÃO. AF_12/2014","UN",10.47]
[89721,"CURVA 90 GRAUS, CPVC, SOLDÁVEL, DN 22MM, INSTALADO EM RAMAL DE DISTRIBUIÇÃO DE ÁGUA - FORNECIMENTO E INSTALAÇÃO. AF_12/2014","UN",11.04]
[89722,"JOELHO DE TRANSIÇÃO, 90 GRAUS, CPVC, SOLDÁVEL, DN 22MM X 1/2\", INSTALADO EM RAMAL DE ALIMENTAÇAÕ DE ÁGUA - FORNECIMENTO E INSTALAÇÃO. AF_12/2014","UN",19.12]
[89723,"JOELHO 90 GRAUS, CPVC, SOLDÁVEL, DN 28MM, INSTALADO EM RAMAL DE DISTRIBUIÇÃO DE ÁGUA   FORNECIMENTO E INSTALAÇÃO. AF_12/2014","UN",14.62]
[89724,"JOELHO 90 GRAUS, PVC, SERIE NORMAL, ESGOTO PREDIAL, DN 40 MM, JUNTA SOLDÁVEL, FORNECIDO E INSTALADO EM RAMAL DE DESCARGA OU RAMAL DE ESGOTO SANITÁRIO. AF_12/2014","UN",9.2100000000000009]
[89725,"JOELHO 45 GRAUS, CPVC, SOLDÁVEL, DN 28MM, INSTALADO EM RAMAL DE DISTRIBUIÇÃO DE ÁGUA   FORNECIMENTO E INSTALAÇÃO. AF_12/2014","UN",14.22]
[89726,"JOELHO 45 GRAUS, PVC, SERIE NORMAL, ESGOTO PREDIAL, DN 40 MM, JUNTA SOLDÁVEL, FORNECIDO E INSTALADO EM RAMAL DE DESCARGA OU RAMAL DE ESGOTO SANITÁRIO. AF_12/2014","UN",6.32]
[89727,"CURVA 90 GRAUS, CPVC, SOLDÁVEL, DN 28MM, INSTALADO EM RAMAL DE DISTRIBUIÇÃO DE ÁGUA   FORNECIMENTO E INSTALAÇÃO. AF_12/2014","UN",16.05]
[89728,"CURVA CURTA 90 GRAUS, PVC, SERIE NORMAL, ESGOTO PREDIAL, DN 40 MM, JUNTA SOLDÁVEL, FORNECIDO E INSTALADO EM RAMAL DE DESCARGA OU RAMAL DE ESGOTO SANITÁRIO. AF_12/2014","UN",9.93]
[89729,"JOELHO 90 GRAUS, CPVC, SOLDÁVEL, DN 35MM, INSTALADO EM RAMAL DE DISTRIBUIÇÃO DE ÁGUA   FORNECIMENTO E INSTALAÇÃO. AF_12/2014","UN",22.44]
[89730,"CURVA LONGA 90 GRAUS, PVC, SERIE NORMAL, ESGOTO PREDIAL, DN 40 MM, JUNTA SOLDÁVEL, FORNECIDO E INSTALADO EM RAMAL DE DESCARGA OU RAMAL DE ESGOTO SANITÁRIO. AF_12/2014","UN",10.87]
[89731,"JOELHO 90 GRAUS, PVC, SERIE NORMAL, ESGOTO PREDIAL, DN 50 MM, JUNTA ELÁSTICA, FORNECIDO E INSTALADO EM RAMAL DE DESCARGA OU RAMAL DE ESGOTO SANITÁRIO. AF_12/2014","UN",9.66]
[89732,"JOELHO 45 GRAUS, PVC, SERIE NORMAL, ESGOTO PREDIAL, DN 50 MM, JUNTA ELÁSTICA, FORNECIDO E INSTALADO EM RAMAL DE DESCARGA OU RAMAL DE ESGOTO SANITÁRIO. AF_12/2014","UN",10.34]
[89733,"CURVA CURTA 90 GRAUS, PVC, SERIE NORMAL, ESGOTO PREDIAL, DN 50 MM, JUNTA ELÁSTICA, FORNECIDO E INSTALADO EM RAMAL DE DESCARGA OU RAMAL DE ESGOTO SANITÁRIO. AF_12/2014","UN",17.71]
[89734,"JOELHO 45 GRAUS, CPVC, SOLDÁVEL, DN 35MM, INSTALADO EM RAMAL DE DISTRIBUIÇÃO DE ÁGUA   FORNECIMENTO E INSTALAÇÃO. AF_12/2014","UN",22.44]
[89735,"CURVA LONGA 90 GRAUS, PVC, SERIE NORMAL, ESGOTO PREDIAL, DN 50 MM, JUNTA ELÁSTICA, FORNECIDO E INSTALADO EM RAMAL DE DESCARGA OU RAMAL DE ESGOTO SANITÁRIO. AF_12/2014","UN",18.84]
[89736,"LUVA, CPVC, SOLDÁVEL, DN 22MM, INSTALADO EM RAMAL DE DISTRIBUIÇÃO DE ÁGUA   FORNECIMENTO E INSTALAÇÃO. AF_12/2014","UN",5.8]
[89737,"JOELHO 90 GRAUS, PVC, SERIE NORMAL, ESGOTO PREDIAL, DN 75 MM, JUNTA ELÁSTICA, FORNECIDO E INSTALADO EM RAMAL DE DESCARGA OU RAMAL DE ESGOTO SANITÁRIO. AF_12/2014","UN",17.23]
[89738,"LUVA DE CORRER, CPVC, SOLDÁVEL, DN 22MM, INSTALADO EM RAMAL DE DISTRIBUIÇÃO DE ÁGUA   FORNECIMENTO E INSTALAÇÃO. AF_12/2014","UN",11.8]
[89739,"JOELHO 45 GRAUS, PVC, SERIE NORMAL, ESGOTO PREDIAL, DN 75 MM, JUNTA ELÁSTICA, FORNECIDO E INSTALADO EM RAMAL DE DESCARGA OU RAMAL DE ESGOTO SANITÁRIO. AF_12/2014","UN",18.2]
[89740,"LUVA DE TRANSIÇÃO, CPVC, SOLDÁVEL, DN 22MM X 25MM, INSTALADO EM RAMAL DE DISTRIBUIÇÃO DE ÁGUA   FORNECIMENTO E INSTALAÇÃO. AF_12/2014","UN",5.28]
[89741,"UNIÃO, CPVC, SOLDÁVEL, DN 22MM, INSTALADO EM RAMAL DE DISTRIBUIÇÃO DE ÁGUA   FORNECIMENTO E INSTALAÇÃO. AF_12/2014","UN",16.36]
[89742,"CURVA CURTA 90 GRAUS, PVC, SERIE NORMAL, ESGOTO PREDIAL, DN 75 MM, JUNTA ELÁSTICA, FORNECIDO E INSTALADO EM RAMAL DE DESCARGA OU RAMAL DE ESGOTO SANITÁRIO. AF_12/2014","UN",31.19]
[89743,"CURVA LONGA 90 GRAUS, PVC, SERIE NORMAL, ESGOTO PREDIAL, DN 75 MM, JUNTA ELÁSTICA, FORNECIDO E INSTALADO EM RAMAL DE DESCARGA OU RAMAL DE ESGOTO SANITÁRIO. AF_12/2014","UN",45.19]
[89744,"JOELHO 90 GRAUS, PVC, SERIE NORMAL, ESGOTO PREDIAL, DN 100 MM, JUNTA ELÁSTICA, FORNECIDO E INSTALADO EM RAMAL DE DESCARGA OU RAMAL DE ESGOTO SANITÁRIO. AF_12/2014","UN",22.36]
[89745,"CONECTOR, CPVC, SOLDÁVEL, DN 22MM X 1/2 , INSTALADO EM RAMAL DE DISTRIBUIÇÃO DE ÁGUA   FORNECIMENTO E INSTALAÇÃO. AF_12/2014","UN",26.12]
[89746,"JOELHO 45 GRAUS, PVC, SERIE NORMAL, ESGOTO PREDIAL, DN 100 MM, JUNTA ELÁSTICA, FORNECIDO E INSTALADO EM RAMAL DE DESCARGA OU RAMAL DE ESGOTO SANITÁRIO. AF_12/2014","UN",22.3]
[89747,"ADAPTADOR, CPVC, SOLDÁVEL, DN 22MM, INSTALADO EM RAMAL DE DISTRIBUIÇÃO DE ÁGUA   FORNECIMENTO E INSTALAÇÃO. AF_12/2014","UN",9.77]
[89748,"CURVA CURTA 90 GRAUS, PVC, SERIE NORMAL, ESGOTO PREDIAL, DN 100 MM, JUNTA ELÁSTICA, FORNECIDO E INSTALADO EM RAMAL DE DESCARGA OU RAMAL DE ESGOTO SANITÁRIO. AF_12/2014","UN",37.549999999999997]
[89749,"CURVA DE TRANSPOSIÇÃO, CPVC, SOLDÁVEL, DN 22MM, INSTALADO EM RAMAL DE DISTRIBUIÇÃO DE ÁGUA   FORNECIMENTO E INSTALAÇÃO. AF_12/2014","UN",11.8]
[89750,"CURVA LONGA 90 GRAUS, PVC, SERIE NORMAL, ESGOTO PREDIAL, DN 100 MM, JUNTA ELÁSTICA, FORNECIDO E INSTALADO EM RAMAL DE DESCARGA OU RAMAL DE ESGOTO SANITÁRIO. AF_12/2014","UN",64.489999999999995]
[89751,"BUCHA DE REDUÇÃO, CPVC, SOLDÁVEL, DN 22MM X 15MM, INSTALADO EM RAMAL DE DISTRIBUIÇÃO DE ÁGUA   FORNECIMENTO E INSTALAÇÃO. AF_12/2014","UN",4.3899999999999997]
[89752,"LUVA SIMPLES, PVC, SERIE NORMAL, ESGOTO PREDIAL, DN 40 MM, JUNTA SOLDÁVEL, FORNECIDO E INSTALADO EM RAMAL DE DESCARGA OU RAMAL DE ESGOTO SANITÁRIO. AF_12/2014","UN",5.47]
[89753,"LUVA SIMPLES, PVC, SERIE NORMAL, ESGOTO PREDIAL, DN 50 MM, JUNTA ELÁSTICA, FORNECIDO E INSTALADO EM RAMAL DE DESCARGA OU RAMAL DE ESGOTO SANITÁRIO. AF_12/2014","UN",8.17]
[89754,"LUVA DE CORRER, PVC, SERIE NORMAL, ESGOTO PREDIAL, DN 50 MM, JUNTA ELÁSTICA, FORNECIDO E INSTALADO EM RAMAL DE DESCARGA OU RAMAL DE ESGOTO SANITÁRIO. AF_12/2014","UN",16.350000000000001]
[89755,"LUVA, CPVC, SOLDÁVEL, DN 28MM, INSTALADO EM RAMAL DE DISTRIBUIÇÃO DE ÁGUA   FORNECIMENTO E INSTALAÇÃO. AF_12/2014","UN",9.15]
[89756,"LUVA DE CORRER, CPVC, SOLDÁVEL, DN 28MM, INSTALADO EM RAMAL DE DISTRIBUIÇÃO DE ÁGUA   FORNECIMENTO E INSTALAÇÃO. AF_12/2014","UN",16.010000000000002]
[89757,"UNIÃO, CPVC, SOLDÁVEL, DN 28MM, INSTALADO EM RAMAL DE DISTRIBUIÇÃO DE ÁGUA   FORNECIMENTO E INSTALAÇÃO. AF_12/2014","UN",24.75]
[89758,"CONECTOR, CPVC, SOLDÁVEL, DN 28MM X 1 , INSTALADO EM RAMAL DE DISTRIBUIÇÃO DE ÁGUA   FORNECIMENTO E INSTALAÇÃO. AF_12/2014","UN",39.020000000000003]
[89759,"BUCHA DE REDUÇÃO, CPVC, SOLDÁVEL, DN 28MM X 22MM, INSTALADO EM RAMAL DE DISTRIBUIÇÃO DE ÁGUA - FORNECIMENTO E INSTALAÇÃO. AF_12/2014","UN",6.1]
[89760,"LUVA, CPVC, SOLDÁVEL, DN 35MM, INSTALADO EM RAMAL DE DISTRIBUIÇÃO DE ÁGUA - FORNECIMENTO E INSTALAÇÃO. AF_12/2014","UN",15.17]
[89761,"LUVA DE CORRER, CPVC, SOLDÁVEL, DN 35MM, INSTALADO EM RAMAL DE DISTRIBUIÇÃO DE ÁGUA - FORNECIMENTO E INSTALAÇÃO. AF_12/2014","UN",25.43]
[89762,"UNIÃO, CPVC, SOLDÁVEL, DN35MM, INSTALADO EM RAMAL DE DISTRIBUIÇÃO DE ÁGUA - FORNECIMENTO E INSTALAÇÃO. AF_12/2014","UN",36.43]
[89763,"CONECTOR, CPVC, SOLDÁVEL, DN 35MM X 1 1/4 , INSTALADO EM RAMAL DE DISTRIBUIÇÃO DE ÁGUA - FORNECIMENTO E INSTALAÇÃO. AF_12/2014","UN",145.24]
[89764,"BUCHA DE REDUÇÃO, CPVC, SOLDÁVEL, DN35MM X 28MM, INSTALADO EM RAMAL DE DISTRIBUIÇÃO DE ÁGUA - FORNECIMENTO E INSTALAÇÃO. AF_12/2014","UN",27.63]
[89765,"TE, CPVC, SOLDÁVEL, DN 22MM, INSTALADO EM RAMAL DE DISTRIBUIÇÃO DE ÁGUA - FORNECIMENTO E INSTALAÇÃO. AF_12/2014","UN",11.23]
[89766,"TE DE TRANSIÇÃO, CPVC, SOLDÁVEL, DN 22MM X 1/2 , INSTALADO EM RAMAL DE DISTRIBUIÇÃO DE ÁGUA   FORNECIMENTO E INSTALAÇÃO. AF_12/2014","UN",16.98]
[89767,"TÊ MISTURADOR, CPVC, SOLDÁVEL, DN 22MM, INSTALADO EM RAMAL DE DISTRIBUIÇÃO DE ÁGUA - FORNECIMENTO E INSTALAÇÃO. AF_12/2014","UN",16.98]
[89768,"TÊ, CPVC, SOLDÁVEL, DN 28MM, INSTALADO EM RAMAL DE DISTRIBUIÇÃO DE ÁGUA - FORNECIMENTO E INSTALAÇÃO. AF_12/2014","UN",16.920000000000002]
[89769,"TÊ, CPVC, SOLDÁVEL, DN35MM, INSTALADO EM RAMAL DE DISTRIBUIÇÃO DE ÁGUA - FORNECIMENTO E INSTALAÇÃO. AF_12/2014","UN",41.2]
[89772,"TUBO, CPVC, SOLDÁVEL, DN 54MM, INSTALADO EM PRUMADA DE ÁGUA \u0096 FORNECIMENTO E INSTALAÇÃO. AF_12/2014","M",71.53]
[89774,"LUVA SIMPLES, PVC, SERIE NORMAL, ESGOTO PREDIAL, DN 75 MM, JUNTA ELÁSTICA, FORNECIDO E INSTALADO EM RAMAL DE DESCARGA OU RAMAL DE ESGOTO SANITÁRIO. AF_12/2014","UN",13.76]
[89776,"LUVA DE CORRER, PVC, SERIE NORMAL, ESGOTO PREDIAL, DN 75 MM, JUNTA ELÁSTICA, FORNECIDO E INSTALADO EM RAMAL DE DESCARGA OU RAMAL DE ESGOTO SANITÁRIO. AF_12/2014","UN",20.079999999999998]
[89777,"JOELHO 90 GRAUS, CPVC, SOLDÁVEL, DN 35MM, INSTALADO EM PRUMADA DE ÁGUA \u0096 FORNECIMENTO E INSTALAÇÃO. AF_12/2014","UN",21.1]
[89778,"LUVA SIMPLES, PVC, SERIE NORMAL, ESGOTO PREDIAL, DN 100 MM, JUNTA ELÁSTICA, FORNECIDO E INSTALADO EM RAMAL DE DESCARGA OU RAMAL DE ESGOTO SANITÁRIO. AF_12/2014","UN",17.13]
[89779,"LUVA DE CORRER, PVC, SERIE NORMAL, ESGOTO PREDIAL, DN 100 MM, JUNTA ELÁSTICA, FORNECIDO E INSTALADO EM RAMAL DE DESCARGA OU RAMAL DE ESGOTO SANITÁRIO. AF_12/2014","UN",28.84]
[89780,"JOELHO 45 GRAUS, CPVC, SOLDÁVEL, DN 35MM, INSTALADO EM PRUMADA DE ÁGUA - FORNECIMENTO E INSTALAÇÃO. AF_12/2014","UN",21.1]
[89781,"JOELHO 90 GRAUS, CPVC, SOLDÁVEL, DN 42MM, INSTALADO EM PRUMADA DE ÁGUA \u0096 FORNECIMENTO E INSTALAÇÃO. AF_12/2014","UN",31.68]
[89782,"TE, PVC, SERIE NORMAL, ESGOTO PREDIAL, DN 40 X 40 MM, JUNTA SOLDÁVEL, FORNECIDO E INSTALADO EM RAMAL DE DESCARGA OU RAMAL DE ESGOTO SANITÁRIO. AF_12/2014","UN",10.77]
[89783,"JUNÇÃO SIMPLES, PVC, SERIE NORMAL, ESGOTO PREDIAL, DN 40 MM, JUNTA SOLDÁVEL, FORNECIDO E INSTALADO EM RAMAL DE DESCARGA OU RAMAL DE ESGOTO SANITÁRIO. AF_12/2014","UN",11.07]
[89784,"TE, PVC, SERIE NORMAL, ESGOTO PREDIAL, DN 50 X 50 MM, JUNTA ELÁSTICA, FORNECIDO E INSTALADO EM RAMAL DE DESCARGA OU RAMAL DE ESGOTO SANITÁRIO. AF_12/2014","UN",18.2]
[89785,"JUNÇÃO SIMPLES, PVC, SERIE NORMAL, ESGOTO PREDIAL, DN 50 X 50 MM, JUNTA ELÁSTICA, FORNECIDO E INSTALADO EM RAMAL DE DESCARGA OU RAMAL DE ESGOTO SANITÁRIO. AF_12/2014","UN",20.149999999999999]
[89786,"TE, PVC, SERIE NORMAL, ESGOTO PREDIAL, DN 75 X 75 MM, JUNTA ELÁSTICA, FORNECIDO E INSTALADO EM RAMAL DE DESCARGA OU RAMAL DE ESGOTO SANITÁRIO. AF_12/2014","UN",30.75]
[89787,"JOELHO 45 GRAUS, CPVC, SOLDÁVEL, DN 42MM, INSTALADO EM PRUMADA DE ÁGUA \u0096 FORNECIMENTO E INSTALAÇÃO. AF_12/2014","UN",31.68]
[89788,"JOELHO 90 GRAUS, CPVC, SOLDÁVEL, DN 54MM, INSTALADO EM PRUMADA DE ÁGUA \u0096 FORNECIMENTO E INSTALAÇÃO. AF_12/2014","UN",62.68]
[89789,"JOELHO 45 GRAUS, CPVC, SOLDÁVEL, DN 54MM, INSTALADO EM PRUMADA DE ÁGUA \u0096 FORNECIMENTO E INSTALAÇÃO. AF_12/2014","UN",63.69]
[89790,"JOELHO 90 GRAUS, CPVC, SOLDÁVEL, DN 73MM, INSTALADO EM PRUMADA DE ÁGUA \u0096 FORNECIMENTO E INSTALAÇÃO. AF_12/2014","UN",156.53]
[89791,"JOELHO 45 GRAUS, CPVC, SOLDÁVEL, DN 73MM, INSTALADO EM PRUMADA DE ÁGUA \u0096 FORNECIMENTO E INSTALAÇÃO. AF_12/2014","UN",160.24]
[89792,"JOELHO 90 GRAUS, CPVC, SOLDÁVEL, DN 89MM, INSTALADO EM PRUMADA DE ÁGUA \u0096 FORNECIMENTO E INSTALAÇÃO. AF_12/2014","UN",183.55]
[89793,"JOELHO 45 GRAUS, CPVC, SOLDÁVEL, DN 89MM, INSTALADO EM PRUMADA DE ÁGUA \u0096 FORNECIMENTO E INSTALAÇÃO. AF_12/2014","UN",188.56]
[89794,"LUVA, CPVC, SOLDÁVEL, DN 35MM, INSTALADO EM PRUMADA DE ÁGUA \u0096 FORNECIMENTO E INSTALAÇÃO. AF_12/2014","UN",14.29]
[89795,"JUNÇÃO SIMPLES, PVC, SERIE NORMAL, ESGOTO PREDIAL, DN 75 X 75 MM, JUNTA ELÁSTICA, FORNECIDO E INSTALADO EM RAMAL DE DESCARGA OU RAMAL DE ESGOTO SANITÁRIO. AF_12/2014","UN",33.42]
[89796,"TE, PVC, SERIE NORMAL, ESGOTO PREDIAL, DN 100 X 100 MM, JUNTA ELÁSTICA, FORNECIDO E INSTALADO EM RAMAL DE DESCARGA OU RAMAL DE ESGOTO SANITÁRIO. AF_12/2014","UN",37.549999999999997]
[89797,"JUNÇÃO SIMPLES, PVC, SERIE NORMAL, ESGOTO PREDIAL, DN 100 X 100 MM, JUNTA ELÁSTICA, FORNECIDO E INSTALADO EM RAMAL DE DESCARGA OU RAMAL DE ESGOTO SANITÁRIO. AF_12/2014","UN",43.83]
[89801,"JOELHO 90 GRAUS, PVC, SERIE NORMAL, ESGOTO PREDIAL, DN 50 MM, JUNTA ELÁSTICA, FORNECIDO E INSTALADO EM PRUMADA DE ESGOTO SANITÁRIO OU VENTILAÇÃO. AF_12/2014","UN",6.25]
[89802,"JOELHO 45 GRAUS, PVC, SERIE NORMAL, ESGOTO PREDIAL, DN 50 MM, JUNTA ELÁSTICA, FORNECIDO E INSTALADO EM PRUMADA DE ESGOTO SANITÁRIO OU VENTILAÇÃO. AF_12/2014","UN",6.93]
[89803,"CURVA CURTA 90 GRAUS, PVC, SERIE NORMAL, ESGOTO PREDIAL, DN 50 MM, JUNTA ELÁSTICA, FORNECIDO E INSTALADO EM PRUMADA DE ESGOTO SANITÁRIO OU VENTILAÇÃO. AF_12/2014","UN",14.3]
[89804,"CURVA LONGA 90 GRAUS, PVC, SERIE NORMAL, ESGOTO PREDIAL, DN 50 MM, JUNTA ELÁSTICA, FORNECIDO E INSTALADO EM PRUMADA DE ESGOTO SANITÁRIO OU VENTILAÇÃO. AF_12/2014","UN",15.43]
[89805,"JOELHO 90 GRAUS, PVC, SERIE NORMAL, ESGOTO PREDIAL, DN 75 MM, JUNTA ELÁSTICA, FORNECIDO E INSTALADO EM PRUMADA DE ESGOTO SANITÁRIO OU VENTILAÇÃO. AF_12/2014","UN",13.05]
[89806,"JOELHO 45 GRAUS, PVC, SERIE NORMAL, ESGOTO PREDIAL, DN 75 MM, JUNTA ELÁSTICA, FORNECIDO E INSTALADO EM PRUMADA DE ESGOTO SANITÁRIO OU VENTILAÇÃO. AF_12/2014","UN",14.02]
[89807,"CURVA CURTA 90 GRAUS, PVC, SERIE NORMAL, ESGOTO PREDIAL, DN 75 MM, JUNTA ELÁSTICA, FORNECIDO E INSTALADO EM PRUMADA DE ESGOTO SANITÁRIO OU VENTILAÇÃO. AF_12/2014","UN",27.01]
[89808,"CURVA LONGA 90 GRAUS, PVC, SERIE NORMAL, ESGOTO PREDIAL, DN 75 MM, JUNTA ELÁSTICA, FORNECIDO E INSTALADO EM PRUMADA DE ESGOTO SANITÁRIO OU VENTILAÇÃO. AF_12/2014","UN",41.01]
[89809,"JOELHO 90 GRAUS, PVC, SERIE NORMAL, ESGOTO PREDIAL, DN 100 MM, JUNTA ELÁSTICA, FORNECIDO E INSTALADO EM PRUMADA DE ESGOTO SANITÁRIO OU VENTILAÇÃO. AF_12/2014","UN",17.420000000000002]
[89810,"JOELHO 45 GRAUS, PVC, SERIE NORMAL, ESGOTO PREDIAL, DN 100 MM, JUNTA ELÁSTICA, FORNECIDO E INSTALADO EM PRUMADA DE ESGOTO SANITÁRIO OU VENTILAÇÃO. AF_12/2014","UN",17.36]
[89811,"CURVA CURTA 90 GRAUS, PVC, SERIE NORMAL, ESGOTO PREDIAL, DN 100 MM, JUNTA ELÁSTICA, FORNECIDO E INSTALADO EM PRUMADA DE ESGOTO SANITÁRIO OU VENTILAÇÃO. AF_12/2014","UN",32.61]
[89812,"CURVA LONGA 90 GRAUS, PVC, SERIE NORMAL, ESGOTO PREDIAL, DN 100 MM, JUNTA ELÁSTICA, FORNECIDO E INSTALADO EM PRUMADA DE ESGOTO SANITÁRIO OU VENTILAÇÃO. AF_12/2014","UN",59.55]
[89813,"LUVA SIMPLES, PVC, SERIE NORMAL, ESGOTO PREDIAL, DN 50 MM, JUNTA ELÁSTICA, FORNECIDO E INSTALADO EM PRUMADA DE ESGOTO SANITÁRIO OU VENTILAÇÃO. AF_12/2014","UN",6.27]
[89814,"LUVA DE CORRER, PVC, SERIE NORMAL, ESGOTO PREDIAL, DN 50 MM, JUNTA ELÁSTICA, FORNECIDO E INSTALADO EM PRUMADA DE ESGOTO SANITÁRIO OU VENTILAÇÃO. AF_12/2014","UN",14.45]
[89815,"LUVA DE CORRER, CPVC, SOLDÁVEL, DN 35MM, INSTALADO EM PRUMADA DE ÁGUA \u0096 FORNECIMENTO E INSTALAÇÃO. AF_12/2014","UN",24.55]
[89816,"UNIÃO, CPVC, SOLDÁVEL, DN35MM, INSTALADO EM PRUMADA DE ÁGUA \u0096 FORNECIMENTO E INSTALAÇÃO. AF_12/2014","UN",35.549999999999997]
[89817,"LUVA SIMPLES, PVC, SERIE NORMAL, ESGOTO PREDIAL, DN 75 MM, JUNTA ELÁSTICA, FORNECIDO E INSTALADO EM PRUMADA DE ESGOTO SANITÁRIO OU VENTILAÇÃO. AF_12/2014","UN",11.1]
[89818,"CONECTOR, CPVC, SOLDÁVEL, DN 35MM X 1 1/4\u0094, INSTALADO EM PRUMADA DE ÁGUA \u0096 FORNECIMENTO E INSTALAÇÃO. AF_12/2014","UN",144.36000000000001]
[89819,"LUVA DE CORRER, PVC, SERIE NORMAL, ESGOTO PREDIAL, DN 75 MM, JUNTA ELÁSTICA, FORNECIDO E INSTALADO EM PRUMADA DE ESGOTO SANITÁRIO OU VENTILAÇÃO. AF_12/2014","UN",17.420000000000002]
[89820,"BUCHA DE REDUÇÃO, CPVC, SOLDÁVEL, DN35MM X 28MM, INSTALADO EM PRUMADA DE ÁGUA \u0096 FORNECIMENTO E INSTALAÇÃO. AF_12/2014","UN",26.75]
[89821,"LUVA SIMPLES, PVC, SERIE NORMAL, ESGOTO PREDIAL, DN 100 MM, JUNTA ELÁSTICA, FORNECIDO E INSTALADO EM PRUMADA DE ESGOTO SANITÁRIO OU VENTILAÇÃO. AF_12/2014","UN",13.71]
[89822,"LUVA, CPVC, SOLDÁVEL, DN 42MM, INSTALADO EM PRUMADA DE ÁGUA \u0096 FORNECIMENTO E INSTALAÇÃO. AF_12/2014","UN",18.86]
[89823,"LUVA DE CORRER, PVC, SERIE NORMAL, ESGOTO PREDIAL, DN 100 MM, JUNTA ELÁSTICA, FORNECIDO E INSTALADO EM PRUMADA DE ESGOTO SANITÁRIO OU VENTILAÇÃO. AF_12/2014","UN",25.42]
[89824,"LUVA DE CORRER, CPVC, SOLDÁVEL, DN 42MM, INSTALADO EM PRUMADA DE ÁGUA \u0096 FORNECIMENTO E INSTALAÇÃO. AF_12/2014","UN",33.479999999999997]
[89825,"TE, PVC, SERIE NORMAL, ESGOTO PREDIAL, DN 50 X 50 MM, JUNTA ELÁSTICA, FORNECIDO E INSTALADO EM PRUMADA DE ESGOTO SANITÁRIO OU VENTILAÇÃO. AF_12/2014","UN",14.02]
[89826,"LUVA DE TRANSIÇÃO, CPVC, SOLDÁVEL, DN42MM X 1.1/2\u0094, INSTALADO EM PRUMADA DE ÁGUA \u0096 FORNECIMENTO E INSTALAÇÃO. AF_12/2014","UN",147.27000000000001]
[89827,"JUNÇÃO SIMPLES, PVC, SERIE NORMAL, ESGOTO PREDIAL, DN 50 X 50 MM, JUNTA ELÁSTICA, FORNECIDO E INSTALADO EM PRUMADA DE ESGOTO SANITÁRIO OU VENTILAÇÃO. AF_12/2014","UN",15.97]
[89828,"UNIÃO, CPVC, SOLDÁVEL, DN42MM, INSTALADO EM PRUMADA DE ÁGUA \u0096 FORNECIMENTO E INSTALAÇÃO. AF_12/2014","UN",51.52]
[89829,"TE, PVC, SERIE NORMAL, ESGOTO PREDIAL, DN 75 X 75 MM, JUNTA ELÁSTICA, FORNECIDO E INSTALADO EM PRUMADA DE ESGOTO SANITÁRIO OU VENTILAÇÃO. AF_12/2014","UN",25.43]
[89830,"JUNÇÃO SIMPLES, PVC, SERIE NORMAL, ESGOTO PREDIAL, DN 75 X 75 MM, JUNTA ELÁSTICA, FORNECIDO E INSTALADO EM PRUMADA DE ESGOTO SANITÁRIO OU VENTILAÇÃO. AF_12/2014","UN",28.1]
[89831,"CONECTOR, CPVC, SOLDÁVEL, DN 42MM X 1.1/2\u0094, INSTALADO EM PRUMADA DE ÁGUA \u0096 FORNECIMENTO E INSTALAÇÃO. AF_12/2014","UN",176.28]
[89832,"BUCHA DE REDUÇÃO, CPVC, SOLDÁVEL, DN 42MM X 22MM, INSTALADO EM RAMAL DE DISTRIBUIÇÃO DE ÁGUA - FORNECIMENTO E INSTALAÇÃO. AF_12/2014","UN",35.14]
[89833,"TE, PVC, SERIE NORMAL, ESGOTO PREDIAL, DN 100 X 100 MM, JUNTA ELÁSTICA, FORNECIDO E INSTALADO EM PRUMADA DE ESGOTO SANITÁRIO OU VENTILAÇÃO. AF_12/2014","UN",31.11]
[89834,"JUNÇÃO SIMPLES, PVC, SERIE NORMAL, ESGOTO PREDIAL, DN 100 X 100 MM, JUNTA ELÁSTICA, FORNECIDO E INSTALADO EM PRUMADA DE ESGOTO SANITÁRIO OU VENTILAÇÃO. AF_12/2014","UN",37.39]
[89835,"LUVA, CPVC, SOLDÁVEL, DN 54MM, INSTALADO EM PRUMADA DE ÁGUA \u0096 FORNECIMENTO E INSTALAÇÃO. AF_12/2014","UN",34.36]
[89836,"LUVA DE TRANSIÇÃO, CPVC, SOLDÁVEL, DN 54MM X 2\u0094, INSTALADO EM PRUMADA DE ÁGUA \u0096 FORNECIMENTO E INSTALAÇÃO. AF_12/2014","UN",238.31]
[89837,"UNIÃO, CPVC, SOLDÁVEL, DN 54MM, INSTALADO EM PRUMADA DE ÁGUA \u0096 FORNECIMENTO E INSTALAÇÃO. AF_12/2014","UN",118.05]
[89838,"LUVA, CPVC, SOLDÁVEL, DN 73MM, INSTALADO EM PRUMADA DE ÁGUA \u0096 FORNECIMENTO E INSTALAÇÃO. AF_12/2014","UN",128.81]
[89839,"UNIÃO, CPVC, SOLDÁVEL, DN 73MM, INSTALADO EM PRUMADA DE ÁGUA \u0096 FORNECIMENTO E INSTALAÇÃO. AF_12/2014","UN",171.02]
[89840,"LUVA, CPVC, SOLDÁVEL, DN 89MM, INSTALADO EM PRUMADA DE ÁGUA \u0096 FORNECIMENTO E INSTALAÇÃO. AF_12/2014","UN",147.66]
[89841,"UNIÃO, CPVC, SOLDÁVEL, DN 89MM, INSTALADO EM PRUMADA DE ÁGUA \u0096 FORNECIMENTO E INSTALAÇÃO. AF_12/2014","UN",251.05]
[89842,"TÊ, CPVC, SOLDÁVEL, DN 35MM, INSTALADO EM PRUMADA DE ÁGUA \u0096 FORNECIMENTO E INSTALAÇÃO. AF_12/2014","UN",39.44]
[89844,"TE, CPVC, SOLDÁVEL, DN  42MM, INSTALADO EM PRUMADA DE ÁGUA \u0096 FORNECIMENTO E INSTALAÇÃO. AF_12/2014","UN",50.38]
[89845,"TÊ, CPVC, SOLDÁVEL, DN 54 MM, INSTALADO EM PRUMADA DE ÁGUA \u0096 FORNECIMENTO E INSTALAÇÃO. AF_12/2014","UN",78.73]
[89846,"TÊ, CPVC, SOLDÁVEL, DN 73MM, INSTALADO EM PRUMADA DE ÁGUA \u0096 FORNECIMENTO E INSTALAÇÃO. AF_12/2014","UN",178.99]
[89847,"TÊ, CPVC, SOLDÁVEL, DN 89MM, INSTALADO EM PRUMADA DE ÁGUA \u0096 FORNECIMENTO E INSTALAÇÃO. AF_12/2014","UN",219.4]
[89850,"JOELHO 90 GRAUS, PVC, SERIE NORMAL, ESGOTO PREDIAL, DN 100 MM, JUNTA ELÁSTICA, FORNECIDO E INSTALADO EM SUBCOLETOR AÉREO DE ESGOTO SANITÁRIO. AF_12/2014","UN",21.97]
[89851,"JOELHO 45 GRAUS, PVC, SERIE NORMAL, ESGOTO PREDIAL, DN 100 MM, JUNTA ELÁSTICA, FORNECIDO E INSTALADO EM SUBCOLETOR AÉREO DE ESGOTO SANITÁRIO. AF_12/2014","UN",21.91]
[89852,"CURVA CURTA 90 GRAUS, PVC, SERIE NORMAL, ESGOTO PREDIAL, DN 100 MM, JUNTA ELÁSTICA, FORNECIDO E INSTALADO EM SUBCOLETOR AÉREO DE ESGOTO SANITÁRIO. AF_12/2014","UN",37.159999999999997]
[89853,"CURVA LONGA 90 GRAUS, PVC, SERIE NORMAL, ESGOTO PREDIAL, DN 100 MM, JUNTA ELÁSTICA, FORNECIDO E INSTALADO EM SUBCOLETOR AÉREO DE ESGOTO SANITÁRIO. AF_12/2014","UN",64.099999999999994]
[89854,"JOELHO 90 GRAUS, PVC, SERIE NORMAL, ESGOTO PREDIAL, DN 150 MM, JUNTA ELÁSTICA, FORNECIDO E INSTALADO EM SUBCOLETOR AÉREO DE ESGOTO SANITÁRIO. AF_12/2014","UN",80.34]
[89855,"JOELHO 45 GRAUS, PVC, SERIE NORMAL, ESGOTO PREDIAL, DN 150 MM, JUNTA ELÁSTICA, FORNECIDO E INSTALADO EM SUBCOLETOR AÉREO DE ESGOTO SANITÁRIO. AF_12/2014","UN",85.76]
[89856,"LUVA SIMPLES, PVC, SERIE NORMAL, ESGOTO PREDIAL, DN 100 MM, JUNTA ELÁSTICA, FORNECIDO E INSTALADO EM SUBCOLETOR AÉREO DE ESGOTO SANITÁRIO. AF_12/2014","UN",16.75]
[89857,"LUVA DE CORRER, PVC, SERIE NORMAL, ESGOTO PREDIAL, DN 100 MM, JUNTA ELÁSTICA, FORNECIDO E INSTALADO EM SUBCOLETOR AÉREO DE ESGOTO SANITÁRIO. AF_12/2014","UN",28.46]
[89859,"LUVA DE CORRER, PVC, SERIE NORMAL, ESGOTO PREDIAL, DN 150 MM, JUNTA ELÁSTICA, FORNECIDO E INSTALADO EM SUBCOLETOR AÉREO DE ESGOTO SANITÁRIO. AF_12/2014","UN",79.209999999999994]
[89860,"TE, PVC, SERIE NORMAL, ESGOTO PREDIAL, DN 100 X 100 MM, JUNTA ELÁSTICA, FORNECIDO E INSTALADO EM SUBCOLETOR AÉREO DE ESGOTO SANITÁRIO. AF_12/2014","UN",37.18]
[89861,"JUNÇÃO SIMPLES, PVC, SERIE NORMAL, ESGOTO PREDIAL, DN 100 X 100 MM, JUNTA ELÁSTICA, FORNECIDO E INSTALADO EM SUBCOLETOR AÉREO DE ESGOTO SANITÁRIO. AF_12/2014","UN",43.46]
[89862,"TE, PVC, SERIE NORMAL, ESGOTO PREDIAL, DN 150 X 150 MM, JUNTA ELÁSTICA, FORNECIDO E INSTALADO EM SUBCOLETOR AÉREO DE ESGOTO SANITÁRIO. AF_12/2014","UN",81.94]
[89863,"JUNÇÃO SIMPLES, PVC, SERIE NORMAL, ESGOTO PREDIAL, DN 150 X 150 MM, JUNTA ELÁSTICA, FORNECIDO E INSTALADO EM SUBCOLETOR AÉREO DE ESGOTO SANITÁRIO. AF_12/2014","UN",186.79]
[89866,"JOELHO 90 GRAUS, PVC, SOLDÁVEL, DN 25MM, INSTALADO EM DRENO DE AR-CONDICIONADO - FORNECIMENTO E INSTALAÇÃO. AF_12/2014","UN",4.3099999999999996]
[89867,"JOELHO 45 GRAUS, PVC, SOLDÁVEL, DN 25MM, INSTALADO EM DRENO DE AR-CONDICIONADO - FORNECIMENTO E INSTALAÇÃO. AF_12/2014","UN",5.16]
[89868,"LUVA, PVC, SOLDÁVEL, DN 25MM, INSTALADO EM DRENO DE AR-CONDICIONADO - FORNECIMENTO E INSTALAÇÃO. AF_12/2014","UN",3.23]
[89869,"TE, PVC, SOLDÁVEL, DN 25MM, INSTALADO EM DRENO DE AR-CONDICIONADO - FORNECIMENTO E INSTALAÇÃO. AF_12/2014","UN",6.84]
[89979,"LUVA COM BUCHA DE LATÃO, PVC, SOLDÁVEL, DN 32MM X 1 , INSTALADO EM RAMAL OU SUB-RAMAL DE ÁGUA   FORNECIMENTO E INSTALAÇÃO. AF_12/2014","UN",26.22]
[89980,"LUVA COM BUCHA DE LATÃO, PVC, SOLDÁVEL, DN 25MM X 3/4\u0094, INSTALADO EM PRUMADA DE ÁGUA - FORNECIMENTO E INSTALAÇÃO. AF_12/2014","UN",9.8800000000000008]
[89981,"LUVA SOLDÁVEL E COM BUCHA DE LATÃO, PVC, SOLDÁVEL, DN 32MM X 1 , INSTALADO EM PRUMADA DE ÁGUA   FORNECIMENTO E INSTALAÇÃO. AF_12/2014","UN",23.47]
[90373,"JOELHO 90 GRAUS COM BUCHA DE LATÃO, PVC, SOLDÁVEL, DN 25MM, X 1/2\u0094 INSTALADO EM RAMAL OU SUB-RAMAL DE ÁGUA - FORNECIMENTO E INSTALAÇÃO. AF_12/2014","UN",13.41]
[90374,"TÊ COM BUCHA DE LATÃO NA BOLSA CENTRAL, PVC, SOLDÁVEL, DN 25MM X 3/4\u0094, INSTALADO EM RAMAL OU SUB-RAMAL DE ÁGUA - FORNECIMENTO E INSTALAÇÃO. AF_03/2015","UN",21.25]
[90375,"BUCHA DE REDUÇÃO, PVC, SOLDÁVEL, DN 40MM X 32MM, INSTALADO EM RAMAL OU SUB-RAMAL DE ÁGUA - FORNECIMENTO E INSTALAÇÃO. AF_03/2015","UN",7.89]
[92287,"COTOVELO EM COBRE, DN 22 MM, 90 GRAUS, SEM ANEL DE SOLDA, INSTALADO EM PRUMADA   FORNECIMENTO E INSTALAÇÃO. AF_12/2015","UN",13.26]
[92288,"COTOVELO EM COBRE, DN 28 MM, 90 GRAUS, SEM ANEL DE SOLDA, INSTALADO EM PRUMADA \u0096 FORNECIMENTO E INSTALAÇÃO. AF_12/2015","UN",20.350000000000001]
[92289,"COTOVELO EM COBRE, DN 35 MM, 90 GRAUS, SEM ANEL DE SOLDA, INSTALADO EM PRUMADA \u0096 FORNECIMENTO E INSTALAÇÃO. AF_12/2015","UN",35.46]
[92290,"COTOVELO EM COBRE, DN 42 MM, 90 GRAUS, SEM ANEL DE SOLDA, INSTALADO EM PRUMADA \u0096 FORNECIMENTO E INSTALAÇÃO. AF_12/2015","UN",53.67]
[92291,"COTOVELO EM COBRE, DN 54 MM, 90 GRAUS, SEM ANEL DE SOLDA, INSTALADO EM PRUMADA \u0096 FORNECIMENTO E INSTALAÇÃO. AF_12/2015","UN",82.06]
[92292,"COTOVELO EM COBRE, DN 66 MM, 90 GRAUS, SEM ANEL DE SOLDA, INSTALADO EM PRUMADA \u0096 FORNECIMENTO E INSTALAÇÃO. AF_12/2015","UN",254.94]
[92293,"LUVA EM COBRE, DN 22 MM, SEM ANEL DE SOLDA, INSTALADO EM PRUMADA \u0096 FORNECIMENTO E INSTALAÇÃO. AF_12/2015","UN",7.66]
[92294,"LUVA EM COBRE, DN 28 MM, SEM ANEL DE SOLDA, INSTALADO EM PRUMADA \u0096 FORNECIMENTO E INSTALAÇÃO. AF_12/2015","UN",12.52]
[92295,"LUVA EM COBRE, DN 35 MM, SEM ANEL DE SOLDA, INSTALADO EM PRUMADA \u0096 FORNECIMENTO E INSTALAÇÃO. AF_12/2015","UN",23.1]
[92296,"LUVA EM COBRE, DN 42 MM, SEM ANEL DE SOLDA, INSTALADO EM PRUMADA \u0096 FORNECIMENTO E INSTALAÇÃO. AF_12/2015","UN",30.7]
[92297,"LUVA EM COBRE, DN 54 MM, SEM ANEL DE SOLDA, INSTALADO EM PRUMADA \u0096 FORNECIMENTO E INSTALAÇÃO. AF_12/2015","UN",47.33]
[92298,"LUVA EM COBRE, DN 66 MM, SEM ANEL DE SOLDA, INSTALADO EM PRUMADA \u0096 FORNECIMENTO E INSTALAÇÃO. AF_12/2015","UN",132.09]
[92299,"TE EM COBRE, DN 22 MM, SEM ANEL DE SOLDA, INSTALADO EM PRUMADA \u0096 FORNECIMENTO E INSTALAÇÃO. AF_12/2015","UN",17.5]
[92300,"TE EM COBRE, DN 28 MM, SEM ANEL DE SOLDA, INSTALADO EM PRUMADA \u0096 FORNECIMENTO E INSTALAÇÃO. AF_12/2015","UN",25.96]
[92301,"TE EM COBRE, DN 35 MM, SEM ANEL DE SOLDA, INSTALADO EM PRUMADA \u0096 FORNECIMENTO E INSTALAÇÃO. AF_12/2015","UN",50.41]
[92302,"TE EM COBRE, DN 42 MM, SEM ANEL DE SOLDA, INSTALADO EM PRUMADA \u0096 FORNECIMENTO E INSTALAÇÃO. AF_12/2015","UN",66.63]
[92303,"TE EM COBRE, DN 54 MM, SEM ANEL DE SOLDA, INSTALADO EM PRUMADA \u0096 FORNECIMENTO E INSTALAÇÃO. AF_12/2015","UN",121.54]
[92304,"TE EM COBRE, DN 66 MM, SEM ANEL DE SOLDA, INSTALADO EM PRUMADA \u0096 FORNECIMENTO E INSTALAÇÃO. AF_12/2015","UN",314.70999999999998]
[92311,"COTOVELO EM COBRE, DN 15 MM, 90 GRAUS, SEM ANEL DE SOLDA, INSTALADO EM RAMAL DE DISTRIBUIÇÃO \u0096 FORNECIMENTO E INSTALAÇÃO. AF_12/2015","UN",9.67]
[92312,"COTOVELO EM COBRE, DN 22 MM, 90 GRAUS, SEM ANEL DE SOLDA, INSTALADO EM RAMAL DE DISTRIBUIÇÃO \u0096 FORNECIMENTO E INSTALAÇÃO. AF_12/2015","UN",15.62]
[92313,"COTOVELO EM COBRE, DN 28 MM, 90 GRAUS, SEM ANEL DE SOLDA, INSTALADO EM RAMAL DE DISTRIBUIÇÃO \u0096 FORNECIMENTO E INSTALAÇÃO. AF_12/2015","UN",22.71]
[92314,"LUVA EM COBRE, DN 15 MM, SEM ANEL DE SOLDA, INSTALADO EM RAMAL DE DISTRIBUIÇÃO \u0096 FORNECIMENTO E INSTALAÇÃO. AF_12/2015","UN",6.29]
[92315,"LUVA EM COBRE, DN 22 MM, SEM ANEL DE SOLDA, INSTALADO EM RAMAL DE DISTRIBUIÇÃO \u0096 FORNECIMENTO E INSTALAÇÃO. AF_12/2015","UN",9.25]
[92316,"LUVA EM COBRE, DN 28 MM, SEM ANEL DE SOLDA, INSTALADO EM RAMAL DE DISTRIBUIÇÃO \u0096 FORNECIMENTO E INSTALAÇÃO. AF_12/2015","UN",14.11]
[92317,"TE EM COBRE, DN 15 MM, SEM ANEL DE SOLDA, INSTALADO EM RAMAL DE DISTRIBUIÇÃO \u0096 FORNECIMENTO E INSTALAÇÃO. AF_12/2015","UN",13.15]
[92318,"TE EM COBRE, DN 22 MM, SEM ANEL DE SOLDA, INSTALADO EM RAMAL DE DISTRIBUIÇÃO \u0096 FORNECIMENTO E INSTALAÇÃO. AF_12/2015","UN",20.67]
[92319,"TE EM COBRE, DN 28 MM, SEM ANEL DE SOLDA, INSTALADO EM RAMAL DE DISTRIBUIÇÃO \u0096 FORNECIMENTO E INSTALAÇÃO. AF_12/2015","UN",29.12]
[92326,"COTOVELO EM COBRE, DN 15 MM, 90 GRAUS, SEM ANEL DE SOLDA, INSTALADO EM RAMAL E SUB-RAMAL \u0096 FORNECIMENTO E INSTALAÇÃO. AF_12/2015","UN",11.09]
[92327,"COTOVELO EM COBRE, DN 22 MM, 90 GRAUS, SEM ANEL DE SOLDA, INSTALADO EM RAMAL E SUB-RAMAL \u0096 FORNECIMENTO E INSTALAÇÃO. AF_12/2015","UN",17.82]
[92328,"COTOVELO EM COBRE, DN 28 MM, 90 GRAUS, SEM ANEL DE SOLDA, INSTALADO EM RAMAL E SUB-RAMAL \u0096 FORNECIMENTO E INSTALAÇÃO. AF_12/2015","UN",26.61]
[92329,"LUVA EM COBRE, DN 15 MM, SEM ANEL DE SOLDA, INSTALADO EM RAMAL E SUB-RAMAL \u0096 FORNECIMENTO E INSTALAÇÃO. AF_12/2015","UN",6.45]
[92330,"LUVA EM COBRE, DN 22 MM, SEM ANEL DE SOLDA, INSTALADO EM RAMAL E SUB-RAMAL \u0096 FORNECIMENTO E INSTALAÇÃO. AF_12/2015","UN",10.7]
[92331,"LUVA EM COBRE, DN 28 MM, SEM ANEL DE SOLDA, INSTALADO EM RAMAL E SUB-RAMAL \u0096 FORNECIMENTO E INSTALAÇÃO. AF_12/2015","UN",16.72]
[92332,"TE EM COBRE, DN 15 MM, SEM ANEL DE SOLDA, INSTALADO EM RAMAL E SUB-RAMAL \u0096 FORNECIMENTO E INSTALAÇÃO. AF_12/2015","UN",13.39]
[92333,"TE EM COBRE, DN 22 MM, SEM ANEL DE SOLDA, INSTALADO EM RAMAL E SUB-RAMAL \u0096 FORNECIMENTO E INSTALAÇÃO. AF_12/2015","UN",23.56]
[92334,"TE EM COBRE, DN 28 MM, SEM ANEL DE SOLDA, INSTALADO EM RAMAL E SUB-RAMAL \u0096 FORNECIMENTO E INSTALAÇÃO. AF_12/2015","UN",34.299999999999997]
[92344,"NIPLE, EM FERRO GALVANIZADO, DN 50 (2\"), CONEXÃO ROSQUEADA, INSTALADO EM PRUMADAS - FORNECIMENTO E INSTALAÇÃO. AF_10/2020","UN",50.89]
[92345,"LUVA, EM FERRO GALVANIZADO, DN 50 (2\"), CONEXÃO ROSQUEADA, INSTALADO EM PRUMADAS - FORNECIMENTO E INSTALAÇÃO. AF_10/2020","UN",50.87]
[92346,"NIPLE, EM FERRO GALVANIZADO, DN 65 (2 1/2\"), CONEXÃO ROSQUEADA, INSTALADO EM PRUMADAS - FORNECIMENTO E INSTALAÇÃO. AF_10/2020","UN",66.92]
[92347,"LUVA, EM FERRO GALVANIZADO, DN 65 (2 1/2\"), CONEXÃO ROSQUEADA, INSTALADO EM PRUMADAS - FORNECIMENTO E INSTALAÇÃO. AF_10/2020","UN",74.510000000000005]
[92348,"NIPLE, EM FERRO GALVANIZADO, DN 80 (3\"), CONEXÃO ROSQUEADA, INSTALADO EM PRUMADAS - FORNECIMENTO E INSTALAÇÃO. AF_10/2020","UN",94.06]
[92349,"LUVA, EM FERRO GALVANIZADO, DN 80 (3\"), CONEXÃO ROSQUEADA, INSTALADO EM PRUMADAS - FORNECIMENTO E INSTALAÇÃO. AF_10/2020","UN",100.81]
[92350,"JOELHO 45 GRAUS, EM FERRO GALVANIZADO, DN 50 (2\"), CONEXÃO ROSQUEADA, INSTALADO EM PRUMADAS - FORNECIMENTO E INSTALAÇÃO. AF_10/2020","UN",75.680000000000007]
[92351,"JOELHO 90 GRAUS, EM FERRO GALVANIZADO, DN 50 (2\"), CONEXÃO ROSQUEADA, INSTALADO EM PRUMADAS - FORNECIMENTO E INSTALAÇÃO. AF_10/2020","UN",73.989999999999995]
[92352,"JOELHO 45 GRAUS, EM FERRO GALVANIZADO, DN 65 (2 1/2\"), CONEXÃO ROSQUEADA, INSTALADO EM PRUMADAS - FORNECIMENTO E INSTALAÇÃO. AF_10/2020","UN",114.95]
[92353,"JOELHO 90 GRAUS, EM FERRO GALVANIZADO, DN 65 (2 1/2\"), CONEXÃO ROSQUEADA, INSTALADO EM PRUMADAS - FORNECIMENTO E INSTALAÇÃO. AF_10/2020","UN",107.52]
[92354,"JOELHO 45 GRAUS, EM FERRO GALVANIZADO, DN 80 (3\"), CONEXÃO ROSQUEADA, INSTALADO EM PRUMADAS - FORNECIMENTO E INSTALAÇÃO. AF_10/2020","UN",152.69]
[92355,"JOELHO 90 GRAUS, EM FERRO GALVANIZADO, DN 80 (3\"), CONEXÃO ROSQUEADA, INSTALADO EM PRUMADAS - FORNECIMENTO E INSTALAÇÃO. AF_10/2020","UN",138.37]
[92356,"TÊ, EM FERRO GALVANIZADO, DN 50 (2\"), CONEXÃO ROSQUEADA, INSTALADO EM PRUMADAS - FORNECIMENTO E INSTALAÇÃO. AF_10/2020","UN",98.62]
[92357,"TÊ, EM FERRO GALVANIZADO, DN 65 (2 1/2\"), CONEXÃO ROSQUEADA, INSTALADO EM PRUMADAS - FORNECIMENTO E INSTALAÇÃO. AF_10/2020","UN",147.12]
[92358,"TÊ, EM FERRO GALVANIZADO, DN 80 (3\"), CONEXÃO ROSQUEADA, INSTALADO EM PRUMADAS - FORNECIMENTO E INSTALAÇÃO. AF_10/2020","UN",183.14]
[92369,"NIPLE, EM FERRO GALVANIZADO, DN 25 (1\"), CONEXÃO ROSQUEADA, INSTALADO EM REDE DE ALIMENTAÇÃO PARA HIDRANTE - FORNECIMENTO E INSTALAÇÃO. AF_10/2020","UN",27.34]
[92370,"LUVA, EM FERRO GALVANIZADO, DN 25 (1\"), CONEXÃO ROSQUEADA, INSTALADO EM REDE DE ALIMENTAÇÃO PARA HIDRANTE - FORNECIMENTO E INSTALAÇÃO. AF_10/2020","UN",28.71]
[92371,"NIPLE, EM FERRO GALVANIZADO, DN 32 (1 1/4\"), CONEXÃO ROSQUEADA, INSTALADO EM REDE DE ALIMENTAÇÃO PARA HIDRANTE - FORNECIMENTO E INSTALAÇÃO. AF_10/2020","UN",33.090000000000003]
[92372,"LUVA, EM FERRO GALVANIZADO, DN 32 (1 1/4\"), CONEXÃO ROSQUEADA, INSTALADO EM REDE DE ALIMENTAÇÃO PARA HIDRANTE - FORNECIMENTO E INSTALAÇÃO. AF_10/2020","UN",34.369999999999997]
[92373,"NIPLE, EM FERRO GALVANIZADO, DN 40 (1 1/2\"), CONEXÃO ROSQUEADA, INSTALADO EM REDE DE ALIMENTAÇÃO PARA HIDRANTE - FORNECIMENTO E INSTALAÇÃO. AF_10/2020","UN",39.130000000000003]
[92374,"LUVA, EM FERRO GALVANIZADO, DN 40 (1 1/2\"), CONEXÃO ROSQUEADA, INSTALADO EM REDE DE ALIMENTAÇÃO PARA HIDRANTE - FORNECIMENTO E INSTALAÇÃO. AF_10/2020","UN",39.380000000000003]
[92375,"NIPLE, EM FERRO GALVANIZADO, DN 50 (2\"), CONEXÃO ROSQUEADA, INSTALADO EM REDE DE ALIMENTAÇÃO PARA HIDRANTE - FORNECIMENTO E INSTALAÇÃO. AF_10/2020","UN",50.86]
[92376,"LUVA, EM FERRO GALVANIZADO, DN 50 (2\"), CONEXÃO ROSQUEADA, INSTALADO EM REDE DE ALIMENTAÇÃO PARA HIDRANTE - FORNECIMENTO E INSTALAÇÃO. AF_10/2020","UN",50.84]
[92377,"NIPLE, EM FERRO GALVANIZADO, DN 65 (2 1/2\"), CONEXÃO ROSQUEADA, INSTALADO EM REDE DE ALIMENTAÇÃO PARA HIDRANTE - FORNECIMENTO E INSTALAÇÃO. AF_10/2020","UN",68.209999999999994]
[92378,"LUVA, EM FERRO GALVANIZADO, DN 65 (2 1/2\"), CONEXÃO ROSQUEADA, INSTALADO EM REDE DE ALIMENTAÇÃO PARA HIDRANTE - FORNECIMENTO E INSTALAÇÃO. AF_10/2020","UN",75.8]
[92379,"NIPLE, EM FERRO GALVANIZADO, DN 80 (3\"), CONEXÃO ROSQUEADA, INSTALADO EM REDE DE ALIMENTAÇÃO PARA HIDRANTE - FORNECIMENTO E INSTALAÇÃO. AF_10/2020","UN",96.71]
[92380,"LUVA, EM FERRO GALVANIZADO, DN 80 (3\"), CONEXÃO ROSQUEADA, INSTALADO EM REDE DE ALIMENTAÇÃO PARA HIDRANTE - FORNECIMENTO E INSTALAÇÃO. AF_10/2020","UN",103.46]
[92381,"JOELHO 45 GRAUS, EM FERRO GALVANIZADO, DN 25 (1\"), CONEXÃO ROSQUEADA, INSTALADO EM REDE DE ALIMENTAÇÃO PARA HIDRANTE - FORNECIMENTO E INSTALAÇÃO. AF_10/2020","UN",41.41]
[92382,"JOELHO 90 GRAUS, EM FERRO GALVANIZADO, DN 25 (1\"), CONEXÃO ROSQUEADA, INSTALADO EM REDE DE ALIMENTAÇÃO PARA HIDRANTE - FORNECIMENTO E INSTALAÇÃO. AF_10/2020","UN",39.6]
[92383,"JOELHO 45 GRAUS, EM FERRO GALVANIZADO, DN 32 (1 1/4\"), CONEXÃO ROSQUEADA, INSTALADO EM REDE DE ALIMENTAÇÃO PARA HIDRANTE - FORNECIMENTO E INSTALAÇÃO. AF_10/2020","UN",52.24]
[92384,"JOELHO 90 GRAUS, EM FERRO GALVANIZADO, DN 32 (1 1/4\"), CONEXÃO ROSQUEADA, INSTALADO EM REDE DE ALIMENTAÇÃO PARA HIDRANTE - FORNECIMENTO E INSTALAÇÃO. AF_10/2020","UN",48.64]
[92385,"JOELHO 45 GRAUS, EM FERRO GALVANIZADO, DN 40 (1 1/2\"), CONEXÃO ROSQUEADA, INSTALADO EM REDE DE ALIMENTAÇÃO PARA HIDRANTE - FORNECIMENTO E INSTALAÇÃO. AF_10/2020","UN",59.92]
[92386,"JOELHO 90 GRAUS, EM FERRO GALVANIZADO, DN 40 (1 1/2\"), CONEXÃO ROSQUEADA, INSTALADO EM REDE DE ALIMENTAÇÃO PARA HIDRANTE - FORNECIMENTO E INSTALAÇÃO. AF_10/2020","UN",57.43]
[92387,"JOELHO 45 GRAUS, EM FERRO GALVANIZADO, DN 50 (2\"), CONEXÃO ROSQUEADA, INSTALADO EM REDE DE ALIMENTAÇÃO PARA HIDRANTE - FORNECIMENTO E INSTALAÇÃO. AF_10/2020","UN",75.599999999999994]
[92388,"JOELHO 90 GRAUS, EM FERRO GALVANIZADO, DN 50 (2\"), CONEXÃO ROSQUEADA, INSTALADO EM REDE DE ALIMENTAÇÃO PARA HIDRANTE - FORNECIMENTO E INSTALAÇÃO. AF_10/2020","UN",73.91]
[92389,"JOELHO 45 GRAUS, EM FERRO GALVANIZADO, DN 65 (2 1/2\"), CONEXÃO ROSQUEADA, INSTALADO EM REDE DE ALIMENTAÇÃO PARA HIDRANTE - FORNECIMENTO E INSTALAÇÃO. AF_10/2020","UN",116.92]
[92390,"JOELHO 90 GRAUS